{"text_format":"1","workbook":"xlsx","n_sheets":27,"sheets":["readme","DropData","Directions","Sample Inputs","Input data","Calculations with Rule"," Benefits Summary Rule","Calculations No-Rule"," Benefits Summary No-Rule","Schedule Fleet 3+","ER C8 FLT3","ER C7 FLT3","ER C6 FLT3","Schedule Fleet 2","ER C8 FLT2","ER C7 FLT2","ER C6 FLT2","Schedule Fleet 1","ER C8 FLT1","ER C7 FLT1","ER C6 FLT1","ER Electric","ER Hybrid","ER LNGCNG","C8 norule","C7 norule","C6 norule"],"not_rendered":{"charts":0,"images":0,"macros":1,"external_links":0,"defined_names":34,"comments":1,"pivot_tables":0},"unopened":[],"bounds":{"document_bytes":16777216,"sheet_cells":100000,"rows_first":2000,"rows_last":500,"rows_between":2000,"halvings":7,"cell_chars":16384,"cell_head_chars":4096},"cells_cut":0,"cells_raw":0,"read":"whole","date_system":"1900"}

{"sheet":"readme","index":0,"n_rows":53,"n_cols":2,"rows_kept":33,"cut":true,"hidden":true,"merged":[],"bounds":{"rows_first":15,"rows_last":3,"rows_between":15,"halvings":7}}
["Date:","2013-07-29"]
[]
["Prepared by:","ARB/ J. Gruszecki; L. Carrari; M. Ginty; D. Ghosh; A. Mangat"]
[]
["Background:","Truck project emission reduction calculations for the Year 4, 2013 Prop. 1B Guidelines "]
[]
["File Location:","S:\\$1B Bond\\Emissions Estimates\\Calculators\\2013 Calculators\\Trucks\\Current Version of Truck Calculator"]
[]
["1. Emission Rates from the Truck & Bus Rule were obtained from:"]
[]
["\"The Truck and Bus Regulation, The Drayage Truck Regulation and The Tractor-Trailer Greenhouse Gas "]
["Regulation Amendments, Background Materials on Air Emissions, Health Impacts, and Economic Impacts\""]
["AB1085 documentation"]
["http://www.arb.ca.gov/msprog/onrdiesel/ab1085compliance.htm"]
[]
["http://www.arb.ca.gov/msprog/onrdiesel/1085/truck%20and%20bus%20rule_ei_1112_2010_viewlink_fixed.zip"]
["(See \"Emission Rates\" tab)"]
["S:\\$1B Bond\\Emissions Estimates\\Calculators\\2013 Calculators\\Trucks\\Documentation - Policy,Decisions, Status, etc"]
["   We used \"T7 Tractor\" emission factors for Class 8 trucks because the GVWR of T7 Tractor (HHDD GVWR 30,001-60,000 lbs) is what we would typically see in a Class 8 truck."]
["   Class 7 and Class 6 trucks share the same emission factors since EMFAC groups them both as medium-heavy-duty trucks."]
["     \"Power plant emission estimates for 1B   95 CC   5 SC model\""]
["     Provided to Prop 1B staff on June 29, 2013 by Dave Mehl (Energy Section, ARB)"]
["     Electric truck emission factors (NOx, PM 2.5, and CO2) were obtained by averaging the “Low Load” and “High Load” factors for “Consumption.\" PM2.5 was  converted to PM10 by dividing by 0.92, the established factor provided to the Program by PTSD."]
[]
["        1. usable charge 300 kwh "]
[]
["        5. distance 150 miles class 7&8"]
[]
["2. Rule Assumptions and schedules from \"The Truck and Bus Regulation\""]
["     http://www.arb.ca.gov/regact/2010/truckbus10/truckbus10.htm"]
["     - For Class 7 or 8 small fleets (1 to 3 trucks), the Calculator assumes that the small fleet compliance option is in effect, rather than the engine model year schedule.  "]
["     - For Class 7 or 8 large fleets (4 or more trucks), the Calculator assumes that the phase-in option is in effect, rather than the engine model year schedule.  "]
["     - For Class 6 trucks, the Calculator uses the engine model year schedule because there are no small fleet or phase-in options available."]

{"sheet":"DropData","index":1,"n_rows":247,"n_cols":12,"rows_kept":33,"cut":true,"hidden":true,"merged":[],"bounds":{"rows_first":15,"rows_last":3,"rows_between":15,"halvings":7}}
["Data used for all drop-down menus in \"Input Data\" tab"]
[]
["NOTE:","yes / no options","projectoption","GVWR2006","GVWR1995","NewTruckEngine","FirstYearOP","dyear","Fuel","dutycycle","%calop","trkop2"]
[null,"Yes","Replacement","33,001 +","33,001 +","Used: 2010+",null,1972,"Diesel","MHD",0.9,0.75]
[null,"No","Repower","26,001-33,000","26,001-33,000","New: 2013+",2014,1973,"LNG/CNG","HHD",1,0.8]
[null,null,"2-for-1 Replace","19,501-26,000",null,"New: 2013+ MHD",2015,1974,"Hybrid","N/A",null,0.9]
[null,"No "," ",null,null,"New: 2013+ HHD",2016,1975,"Electric",null,null,1]
[null,"Yes",null,null,null,null,2017,1976,"Electric w/ AB-118"]
[null,null,"projectoption","weight class",null,null,2018,1977]
[null,"Fleet trucks number","Replacement",8,null,null,2019,1978]
[null,"1 Truck","Repower",7,"filter1truck","filter",2020,1979]
[null,"2 Trucks",null,6,"None","None",2021,1980]
[null,"3+ Trucks",null,null,"Level 3 PM","Level 1 PM",2022,1981]
[null,"fltnum",null,null,"Level 3 PM + Mark I NOx","Level 2 PM",2023,1982]
[null,null,null,null,null,"Level 3 PM",null,1983]
[null,null,null,null,null,"Level 3 PM + Mark I NOx",null,1984]
[null,null,null,null,null,null,null,2000]
[null,"New: 2013+ MHD","Used: 2010+","Used: 2010+","New: 2013+ MHD","New: 2013+ MHD","New: 2013+ HHD","New: 2013+",null,{"$f":"IF('Calculations with Rule'!M7=\"New: 2013+\",\"2013\",IF('Calculations with Rule'!M7=\"New: 2013+ MHD\",\"2013\",IF('Calculations with Rule'!M7=\"New: 2013+ HHD\",\"2013\",IF('Calculations with Rule'!M7=\"Used: 2010+\",\"2012\",null))))","v":{"$error":"#NAME?"}}]
[null,null,null,null,null,null,null,null,null,{"$f":"IF('Calculations with Rule'!M33=\"New: 2013+\",\"2013\",IF('Calculations with Rule'!M33=\"New: 2013+ MHD\",\"2013\",IF('Calculations with Rule'!M33=\"New: 2013+ HHD\",\"2013\",IF('Calculations with Rule'!M33=\"Used: 2010+\",\"2012\",null))))","v":{"$error":"#NAME?"}}]
[null,null,null,null,null,null,null,null,null,{"$f":"IF('Calculations with Rule'!M39=\"New: 2013+\",\"2013\",IF('Calculations with Rule'!M39=\"New: 2013+ MHD\",\"2013\",IF('Calculations with Rule'!M39=\"New: 2013+ HHD\",\"2013\",IF('Calculations with Rule'!M39=\"Used: 2010+\",\"2012\",null))))","v":{"$error":"#NAME?"}}]
[null,null,null,null,null,null,null,null,null,{"$f":"IF('Calculations with Rule'!M54=\"New: 2013+\",\"2013\",IF('Calculations with Rule'!M54=\"New: 2013+ MHD\",\"2013\",IF('Calculations with Rule'!M54=\"New: 2013+ HHD\",\"2013\",IF('Calculations with Rule'!M54=\"Used: 2010+\",\"2012\",null))))","v":{"$error":"#NAME?"}}]
[null,null,null,null,null,null,null,null,null,{"$f":"IF('Calculations with Rule'!M70=\"New: 2013+\",\"2013\",IF('Calculations with Rule'!M70=\"New: 2013+ MHD\",\"2013\",IF('Calculations with Rule'!M70=\"New: 2013+ HHD\",\"2013\",IF('Calculations with Rule'!M70=\"Used: 2010+\",\"2012\",null))))","v":{"$error":"#NAME?"}}]
[null,null,null,null,null,null,null,null,null,{"$f":"IF('Calculations with Rule'!M82=\"New: 2013+\",\"2013\",IF('Calculations with Rule'!M82=\"New: 2013+ MHD\",\"2013\",IF('Calculations with Rule'!M82=\"New: 2013+ HHD\",\"2013\",IF('Calculations with Rule'!M82=\"Used: 2010+\",\"2012\",null))))","v":{"$error":"#NAME?"}}]
[null,null,null,null,null,null,null,null,null,{"$f":"IF('Calculations with Rule'!M102=\"New: 2013+\",\"2013\",IF('Calculations with Rule'!M102=\"New: 2013+ MHD\",\"2013\",IF('Calculations with Rule'!M102=\"New: 2013+ HHD\",\"2013\",IF('Calculations with Rule'!M102=\"Used: 2010+\",\"2012\",null))))","v":{"$error":"#NAME?"}}]
[null,null,null,null,null,null,null,null,null,{"$f":"IF('Calculations with Rule'!M117=\"New: 2013+\",\"2013\",IF('Calculations with Rule'!M117=\"New: 2013+ MHD\",\"2013\",IF('Calculations with Rule'!M117=\"New: 2013+ HHD\",\"2013\",IF('Calculations with Rule'!M117=\"Used: 2010+\",\"2012\",null))))","v":{"$error":"#NAME?"}}]
[null,null,null,null,null,null,null,null,null,{"$f":"IF('Calculations with Rule'!M132=\"New: 2013+\",\"2013\",IF('Calculations with Rule'!M132=\"New: 2013+ MHD\",\"2013\",IF('Calculations with Rule'!M132=\"New: 2013+ HHD\",\"2013\",IF('Calculations with Rule'!M132=\"Used: 2010+\",\"2012\",null))))","v":{"$error":"#NAME?"}}]
[null,null,null,null,null,null,null,null,null,{"$f":"IF('Calculations with Rule'!M147=\"New: 2013+\",\"2013\",IF('Calculations with Rule'!M147=\"New: 2013+ MHD\",\"2013\",IF('Calculations with Rule'!M147=\"New: 2013+ HHD\",\"2013\",IF('Calculations with Rule'!M147=\"Used: 2010+\",\"2012\",null))))","v":{"$error":"#NAME?"}}]
[null,null,null,null,null,null,null,null,null,{"$f":"IF('Calculations with Rule'!M164=\"New: 2013+\",\"2013\",IF('Calculations with Rule'!M164=\"New: 2013+ MHD\",\"2013\",IF('Calculations with Rule'!M164=\"New: 2013+ HHD\",\"2013\",IF('Calculations with Rule'!M164=\"Used: 2010+\",\"2012\",null))))","v":{"$error":"#NAME?"}}]
[null,null,null,null,null,null,null,null,null,{"$f":"IF('Calculations with Rule'!M179=\"New: 2013+\",\"2013\",IF('Calculations with Rule'!M179=\"New: 2013+ MHD\",\"2013\",IF('Calculations with Rule'!M179=\"New: 2013+ HHD\",\"2013\",IF('Calculations with Rule'!M179=\"Used: 2010+\",\"2012\",null))))","v":{"$error":"#NAME?"}}]
[null,null,null,null,null,null,null,null,null,{"$f":"IF('Calculations with Rule'!M196=\"New: 2013+\",\"2013\",IF('Calculations with Rule'!M196=\"New: 2013+ MHD\",\"2013\",IF('Calculations with Rule'!M196=\"New: 2013+ HHD\",\"2013\",IF('Calculations with Rule'!M196=\"Used: 2010+\",\"2012\",null))))","v":{"$error":"#NAME?"}}]
[null,null,null,null,null,null,null,null,null,{"$f":"IF('Calculations with Rule'!M205=\"New: 2013+\",\"2013\",IF('Calculations with Rule'!M205=\"New: 2013+ MHD\",\"2013\",IF('Calculations with Rule'!M205=\"New: 2013+ HHD\",\"2013\",IF('Calculations with Rule'!M205=\"Used: 2010+\",\"2012\",null))))","v":{"$error":"#NAME?"}}]
[null,null,null,null,null,null,null,null,null,{"$f":"IF('Calculations with Rule'!M206=\"New: 2013+\",\"2013\",IF('Calculations with Rule'!M206=\"New: 2013+ MHD\",\"2013\",IF('Calculations with Rule'!M206=\"New: 2013+ HHD\",\"2013\",IF('Calculations with Rule'!M206=\"Used: 2010+\",\"2012\",null))))","v":{"$error":"#NAME?"}}]
[null,null,null,null,null,null,null,null,null,{"$f":"IF('Calculations with Rule'!#REF!=\"New: 2013+\",\"2013\",IF('Calculations with Rule'!#REF!=\"New: 2013+ MHD\",\"2013\",IF('Calculations with Rule'!#REF!=\"New: 2013+ HHD\",\"2013\",IF('Calculations with Rule'!#REF!=\"Used: 2010+\",\"2012\",null))))","v":{"$error":"#REF!"}}]

{"sheet":"Directions","index":2,"n_rows":88,"n_cols":3,"rows_kept":33,"cut":true,"hidden":false,"merged":[[21,0,24,0],[25,0,32,0],[33,0,37,0],[38,0,40,0],[51,0,51,1],[41,0,48,0]],"bounds":{"rows_first":15,"rows_last":3,"rows_between":15,"halvings":7}}
["Heavy Duty Truck Emissions Benefit Calculator (for Drayage and Other Heavy Duty Trucks)"]
[]
["This calculator allows a user to input information about an eligible Class 6, 7 or 8 heavy-duty truck (GVWR 19,501 lbs. or greater) and "]
["estimate the emissions benefits of a proposed project funded under the Proposition 1B Goods Movement Emission Reduction Program."]
["Included below are background information and instructions describing how to complete the necessary input data."]
[]
["Methodology:"]
[]
["Emission benefits for each project are calculated using the annual vehicle miles travelled in California (CA VMT), engine specific "]
["emission rates for particulate matter (PM) and Nitrous Oxides (NOx), and the availability of emission benefits over and above the requirements of "]
["the Statewide Truck and Bus Rule."]
["To estimate the emission benefits of the proposed project, the baseline emissions from the original truck(s) and the proposed, new project emissions"]
["are calculated and the difference between the two is the benefit of that project.  See example below:"]
[]
["Emissions (lbs/year) = Emission Rate (g/mile)*California Vehicle Miles Travelled (VMT miles/year)*1lb/453.6 grams"]
["Directions:"]
["All fields indicated in Red require user input.  Ones indicated in blue are calculated and do not require user input."]
["EXISTING TRUCK INFORMATION","Engine Model Year","Enter the engine model year of the existing truck engine to be replaced or repowered.  The engine model year is most often one year older than the truck chassis model year."]
[null,"Engine Duty Cycle Cert","Select \"HHD\" if the existing truck has a heavy-heavy-duty engine (Class 7 or Class 8). Select \"MHD\" if the existing truck has a medium-heavy-duty engine (Class 6, Class 7, or Class 8)."]
[null,"% CA Operation","Prop1B now offers the option to allow new trucks funded with Prop 1B grants to operate 90% of their annual miles in California.  This is where users opt for this choice if selected by the applicant.  The options are either 100% or 90%."]
[null,"AB 118 HVIP Funding?","If the new truck will utilize an electric engine, enter \"Yes\" if the project will receive funding from ARB's AB-118 Hybrid Voucher Incentive Program (HVIP).  Otherwise, enter \"No.\"  If the new engine is not electric, the default  entry is \"No.\""]
[null,"Annual VMT","Enter the annual vehicle miles travelled of the second truck to be replaced. Include miles travelled inside and outside of California."]
[]
["Benefits Summary","This tab contains a summary of the PM and NOX emissions benefits by project ID.  It also provides the CE for each project.  Also provided is a summary of the total for all the projects input into the Input Data tab. If a user has multiple trucks of the same model year and wants to estimate the emission benefits, they can enter the number of trucks in the \"Qty\" column rather than enter each truck individually."]
["Final Calculationsclass7","This tab provides the final reductions in PM and NOx when the replaced truck is a Clas 7 truck"]
[" Baseline Cals Drayage Class 7","This tab provides the actuaL PM and NOx emission for the old truck when it is a Class 7drayage."]
["HYBRID_Class8","This tab provides the actual PM and NOx emission for a new (or repowered) truck when it is a Class 8 hybrid."]
["3-Way-TruckFinal","This tab provides the actual PM and NOx  emission reductions for Truck B in a 3-way transaction"]
["3-Way-Truck7to7drayage","This tab provides the actual PM and NOx  emission reductions for Truck B in a 3-way transaction when both trucks are Class 7 drayage trucks"]
["2-truckbaselineclass7","This tab provides the actual PM and NOx  emission reductions for the 2nd truck in a 2-1 option when old truck is class 7"]
["2-truckbaselinedrayageclass8","This tab provides the actual PM and NOx  emission reductions for the 2nd truck in a 2-1 option when old truck is class 8 and drayage"]
["ER Diesel","This tab provides the Calendar/Model Year specific emission rates for  medium heavy and heavy heavy duty diesel trucks being replaced or retrofitted through this program.  It also has emission factors by age for replacement truck (based on certified NOx level)."]
["Valid Entries","Contains various entries to assist in checks for the calculator.  There is no specific need to understand this tab for a user.  Only programmers of the calculator need to use entries in this tab."]

{"sheet":"Sample Inputs","index":3,"n_rows":17,"n_cols":31,"rows_kept":17,"cut":false,"hidden":false,"merged":[[5,0,5,3],[5,4,5,10],[5,12,5,17],[5,18,5,20],[5,21,5,29]]}
["Sample Projects and Inputs "]
["This tab contains sample project descriptions with the correct inputs based on the information available. "]
["The calculator has been designed to make available only the options allowed under the 2013 Guidelines of Prop 1B"]
[]
[]
["Project Details",null,null,null,"Existing Truck Information ",null,null,null,null,null,null,"make hidden","New Truck Information",null,null,null,null,null,"Financial Information",null,null,"2-for 1 Replacement: 2nd Truck Info. (if applicable)"]
["Project Name","Number of Trucks in Fleet?","1st year of operation","Equipment Project Option","Engine Model Year","Filter (DPF) Currently Installed?","Mfg. GVWR","Weight Class","Engine Duty Cycle Cert","Annual VMT","% CA Operation","make hidden","Weight Class","make hidden","New Engine Details","% CA Operation","CA VMT","Fuel Type","Funding Requested ($)","Maximum Allowed Funding ($)","AB-118 HVIP Funding?","2 Trucks Replaced by 1?","Engine Model Year of 2nd Truck","Filter (DPF) Installed on 2nd Truck?","Mfg. GVWR","Weight Class of 2nd Truck","Annual VMT of 2nd Truck ","% CA Operation 2nd Truck","CA VMT Trucks","2-for 1 Replacement Status","Completed Entry?"]
["project 1","1 Truck",2014,"Replacement",1994,"None","33,001 +",{"$f":"IF($G8=\"33,001 +\",\"Class_8\",IF($G8=\"26,001-33,000\",\"Class_7\",IF($G8=\"19,501-26,000\",\"Class_6\",\"\")))","v":"Class_8"},"HHD",40000,1,"Replacement_8","Class_8","Replacement8HHD","New: 2013+",1,40000,"Diesel","50,000","50,000","No","No",null,null,null,"",null,null,0,"N/A","Complete"]
["project 2","2 Trucks",2014,"Replacement",2006,"None","19,501-26,000",{"$f":"IF($G9=\"33,001 +\",\"Class_8\",IF($G9=\"26,001-33,000\",\"Class_7\",IF($G9=\"19,501-26,000\",\"Class_6\",\"\")))","v":"Class_6"},"MHD",40000,0.9,"Replacement_7","Class_6","Replacement7MHD","New: 2013+",1,36000,"Electric",25000,25000,"No","No",null,null,null,"",null,null,0,"N/A","Complete"]
["project 3","3+ Trucks",2014,"Replacement",1996,"Level 3 PM","19,501-26,000",{"$f":"IF($G10=\"33,001 +\",\"Class_8\",IF($G10=\"26,001-33,000\",\"Class_7\",IF($G10=\"19,501-26,000\",\"Class_6\",\"\")))","v":"Class_6"},"MHD",40000,0.75,{"$f":"IF($D10=\"Replacement\",IF($H10=\"Class_6\",\"Replacement_6\",IF($H10=\"Class_7\",\"Replacement_7\",IF($H10=\"Class_8\",\"Replacement_8\",null))),IF($D10=\"Repower\",IF($H10=\"Class_6\",\"Repower_6\",IF($H10=\"Class_7\",\"Repower_7\",IF($H10=\"Class_8\",\"Repower_8\",null))),IF($D10=\"2-for-1 Replace\",IF($M10=\"Class_6\",\"Replacement_6\",IF($M10=\"Class_7\",\"Replacement_7\",IF($M10=\"Class_8\",\"Replacement_8\",null))))))","v":"Replacement_6"},"Class_6",{"$f":"IF($D10=\"Replacement\",IF($H10=\"Class_6\",\"Replacement6\",IF($H10=\"Class_7\",IF($I10=\"MHD\",\"Replacement7MHD\",\"Replacement7HHD\"),IF($H10=\"Class_8\",IF($I10=\"HHD\",\"Replacement8HHD\",\"Replacement8MHD\")))),IF($L10=\"Repower_8\",\"Repo8\",IF($L10=\"Repower_7\",\"Repo7\",IF($L10=\"Repower_6\",\"Repo6\",IF($D10=\"2-for-1 Replace\",\"Norestr\",)))))","v":"Replacement6"},"New: 2013+",0.9,{"$f":"IF(V10=\"No\",MIN(IF((J10*K10)<20000,0,J10*K10),IF((J10*P10)<20000,0,J10*P10)),IF(MIN(AA10*AB10,AA10*P10)+MIN(J10*K10,J10*P10)>19999,MIN(J10*K10,J10*P10),0))","v":30000},"Diesel","25,000",{"$f":"IF($D10=\"2-for-1 Replace\",IF(OR($M10=\"Class_6\",$AG10=\"Class_6\"),\"25,000\",IF(OR($M10=\"Class_7\",$AG10=\"Class_7\"),\"35,000\",IF(OR($M10=\"Class_8\",$AG10=\"Class_8\"),IF($O10=\"New: 2013+\",\"50,000\",\"40,000\")))),IF($L10=\"Replacement_8\",IF($M10=\"Class_7\",\"35,000\",IF($O10=\"New: 2013+\",\"50,000\",IF($O10=\"Used: 2010+\",\"40,000\"))),IF($L10=\"Replacement_7\",\"35,000\",IF($L10=\"Replacement_6\",\"25,000\",IF($L10=\"Repower_8\",\"20,000\",IF($L10=\"Repower_7\",IF($O10=\"New: 2013+ MHD\",\"10,000\",IF($O10=\"New: 2013+ HHD\",\"20,000\")),IF($L10=\"Repower_6\",\"10,000\",\"0\")))))))","v":"25,000"},{"$f":"IF($R10=\"Electric w/ AB-118\",\"Yes\",\"No\")","v":"No"},{"$f":"IF($D10=\"2-for-1 Replace\",\"Yes\",\"No\")","v":"No"},null,null,null,{"$f":"IF($Y10=\"33,001 +\",\"Class_8\",IF($Y10=\"26,001-33,000\",\"Class_7\",IF($Y10=\"19,501-26,000\",\"Class_6\",IF($Y10=\"\",\"\"))))","v":""},null,null,{"$f":"IF(MIN(AA10*AB10,AA10*P10)+Q10>19999,MIN(AA10*AB10,AA10*P10),0)","v":0},{"$f":"IF($V10=\"Yes\",IF(COUNTA($W10:$AC10)=7,\"Complete\",\"Incomplete\"),\"N/A\")","v":"N/A"},{"$f":"IF($D10=\"2-for-1 Replace\",IF(OR(COUNTA(A10:AC10)=29,COUNTA(A10:AC10)=30),\"Complete\",\"Incomplete\"),IF(OR($D10=\"Replacement\",$D10=\"Repower\"),IF(COUNTA(A10:T10)=20,\"Complete\",\"Incomplete\"),\"Incomplete\"))","v":"Complete"}]
["project 4","1 Truck",2014,"Replacement",1994,"None","33,001 +",{"$f":"IF($G11=\"33,001 +\",\"Class_8\",IF($G11=\"26,001-33,000\",\"Class_7\",IF($G11=\"19,501-26,000\",\"Class_6\",\"\")))","v":"Class_8"},"HHD",40000,1,"Repower_8","Class_8","Repo8","New: 2013+",1,40000,"Diesel",50000,50000,"No","No",null,null,null,"",null,null,0,"N/A","Complete"]
["project 5","1 Truck",2015,"Repower",2006,"None","33,001 +",{"$f":"IF($G12=\"33,001 +\",\"Class_8\",IF($G12=\"26,001-33,000\",\"Class_7\",IF($G12=\"19,501-26,000\",\"Class_6\",\"\")))","v":"Class_8"},"MHD",40000,0.95,"Repower_8","Class_8","Repo8","New: 2013+ HHD",1,38000,"Diesel","20,000","20,000","No","No",null,null,null,"",null,null,0,"N/A","Complete"]
["project 6","2 Trucks",2014,"Repower",2006,"Level 3 PM","26,001-33,000",{"$f":"IF($G13=\"33,001 +\",\"Class_8\",IF($G13=\"26,001-33,000\",\"Class_7\",IF($G13=\"19,501-26,000\",\"Class_6\",\"\")))","v":"Class_7"},"HHD",40000,0.8,{"$f":"IF($D13=\"Replacement\",IF($H13=\"Class_6\",\"Replacement_6\",IF($H13=\"Class_7\",\"Replacement_7\",IF($H13=\"Class_8\",\"Replacement_8\",null))),IF($D13=\"Repower\",IF($H13=\"Class_6\",\"Repower_6\",IF($H13=\"Class_7\",\"Repower_7\",IF($H13=\"Class_8\",\"Repower_8\",null))),IF($D13=\"2-for-1 Replace\",IF($M13=\"Class_6\",\"Replacement_6\",IF($M13=\"Class_7\",\"Replacement_7\",IF($M13=\"Class_8\",\"Replacement_8\",null))))))","v":"Repower_7"},"Class_7",{"$f":"IF($D13=\"Replacement\",IF($H13=\"Class_6\",\"Replacement6\",IF($H13=\"Class_7\",IF($I13=\"MHD\",\"Replacement7MHD\",\"Replacement7HHD\"),IF($H13=\"Class_8\",IF($I13=\"HHD\",\"Replacement8HHD\",\"Replacement8MHD\")))),IF($L13=\"Repower_8\",\"Repo8\",IF($L13=\"Repower_7\",\"Repo7\",IF($L13=\"Repower_6\",\"Repo6\",IF($D13=\"2-for-1 Replace\",\"Norestr\",)))))","v":"Repo7"},"New: 2013+ HHD",0.9,{"$f":"IF(V13=\"No\",MIN(IF((J13*K13)<20000,0,J13*K13),IF((J13*P13)<20000,0,J13*P13)),IF(MIN(AA13*AB13,AA13*P13)+MIN(J13*K13,J13*P13)>19999,MIN(J13*K13,J13*P13),0))","v":32000},"Diesel","20,000",{"$f":"IF($D13=\"2-for-1 Replace\",IF(OR($M13=\"Class_6\",$AG13=\"Class_6\"),\"25,000\",IF(OR($M13=\"Class_7\",$AG13=\"Class_7\"),\"35,000\",IF(OR($M13=\"Class_8\",$AG13=\"Class_8\"),IF($O13=\"New: 2013+\",\"50,000\",\"40,000\")))),IF($L13=\"Replacement_8\",IF($M13=\"Class_7\",\"35,000\",IF($O13=\"New: 2013+\",\"50,000\",IF($O13=\"Used: 2010+\",\"40,000\"))),IF($L13=\"Replacement_7\",\"35,000\",IF($L13=\"Replacement_6\",\"25,000\",IF($L13=\"Repower_8\",\"20,000\",IF($L13=\"Repower_7\",IF($O13=\"New: 2013+ MHD\",\"10,000\",IF($O13=\"New: 2013+ HHD\",\"20,000\")),IF($L13=\"Repower_6\",\"10,000\",\"0\")))))))","v":"20,000"},{"$f":"IF($R13=\"Electric w/ AB-118\",\"Yes\",\"No\")","v":"No"},{"$f":"IF($D13=\"2-for-1 Replace\",\"Yes\",\"No\")","v":"No"},null,null,null,{"$f":"IF($Y13=\"33,001 +\",\"Class_8\",IF($Y13=\"26,001-33,000\",\"Class_7\",IF($Y13=\"19,501-26,000\",\"Class_6\",IF($Y13=\"\",\"\"))))","v":""},null,null,{"$f":"IF(MIN(AA13*AB13,AA13*P13)+Q13>19999,MIN(AA13*AB13,AA13*P13),0)","v":0},{"$f":"IF($V13=\"Yes\",IF(COUNTA($W13:$AC13)=7,\"Complete\",\"Incomplete\"),\"N/A\")","v":"N/A"},{"$f":"IF($D13=\"2-for-1 Replace\",IF(OR(COUNTA(A13:AC13)=29,COUNTA(A13:AC13)=30),\"Complete\",\"Incomplete\"),IF(OR($D13=\"Replacement\",$D13=\"Repower\"),IF(COUNTA(A13:T13)=20,\"Complete\",\"Incomplete\"),\"Incomplete\"))","v":"Complete"}]
["project 7","3+ Trucks",2015,"2-for-1 Replace",2005,"None","19,501-26,000",{"$f":"IF($G14=\"33,001 +\",\"Class_8\",IF($G14=\"26,001-33,000\",\"Class_7\",IF($G14=\"19,501-26,000\",\"Class_6\",\"\")))","v":"Class_6"},"MHD",40000,0.75,{"$f":"IF($D14=\"Replacement\",IF($H14=\"Class_6\",\"Replacement_6\",IF($H14=\"Class_7\",\"Replacement_7\",IF($H14=\"Class_8\",\"Replacement_8\",null))),IF($D14=\"Repower\",IF($H14=\"Class_6\",\"Repower_6\",IF($H14=\"Class_7\",\"Repower_7\",IF($H14=\"Class_8\",\"Repower_8\",null))),IF($D14=\"2-for-1 Replace\",IF($M14=\"Class_6\",\"Replacement_6\",IF($M14=\"Class_7\",\"Replacement_7\",IF($M14=\"Class_8\",\"Replacement_8\",null))))))","v":"Replacement_6"},"Class_6",{"$f":"IF($D14=\"Replacement\",IF($H14=\"Class_6\",\"Replacement6\",IF($H14=\"Class_7\",IF($I14=\"MHD\",\"Replacement7MHD\",\"Replacement7HHD\"),IF($H14=\"Class_8\",IF($I14=\"HHD\",\"Replacement8HHD\",\"Replacement8MHD\")))),IF($L14=\"Repower_8\",\"Repo8\",IF($L14=\"Repower_7\",\"Repo7\",IF($L14=\"Repower_6\",\"Repo6\",IF($D14=\"2-for-1 Replace\",\"Norestr\",)))))","v":"Norestr"},"New: 2013+",1,{"$f":"IF(V14=\"No\",MIN(IF((J14*K14)<20000,0,J14*K14),IF((J14*P14)<20000,0,J14*P14)),IF(MIN(AA14*AB14,AA14*P14)+MIN(J14*K14,J14*P14)>19999,MIN(J14*K14,J14*P14),0))","v":30000},"Diesel",25000,{"$f":"IF($D14=\"2-for-1 Replace\",IF(OR($M14=\"Class_6\",$AG14=\"Class_6\"),\"25,000\",IF(OR($M14=\"Class_7\",$AG14=\"Class_7\"),\"35,000\",IF(OR($M14=\"Class_8\",$AG14=\"Class_8\"),IF($O14=\"New: 2013+\",\"50,000\",\"40,000\")))),IF($L14=\"Replacement_8\",IF($M14=\"Class_7\",\"35,000\",IF($O14=\"New: 2013+\",\"50,000\",IF($O14=\"Used: 2010+\",\"40,000\"))),IF($L14=\"Replacement_7\",\"35,000\",IF($L14=\"Replacement_6\",\"25,000\",IF($L14=\"Repower_8\",\"20,000\",IF($L14=\"Repower_7\",IF($O14=\"New: 2013+ MHD\",\"10,000\",IF($O14=\"New: 2013+ HHD\",\"20,000\")),IF($L14=\"Repower_6\",\"10,000\",\"0\")))))))","v":"25,000"},{"$f":"IF($R14=\"Electric w/ AB-118\",\"Yes\",\"No\")","v":"No"},{"$f":"IF($D14=\"2-for-1 Replace\",\"Yes\",\"No\")","v":"Yes"},1998,"Level 3 PM","26,001-33,000",{"$f":"IF($Y14=\"33,001 +\",\"Class_8\",IF($Y14=\"26,001-33,000\",\"Class_7\",IF($Y14=\"19,501-26,000\",\"Class_6\",IF($Y14=\"\",\"\"))))","v":"Class_7"},20000,0.9,{"$f":"IF(MIN(AA14*AB14,AA14*P14)+Q14>19999,MIN(AA14*AB14,AA14*P14),0)","v":18000},{"$f":"IF($V14=\"Yes\",IF(COUNTA($W14:$AC14)=7,\"Complete\",\"Incomplete\"),\"N/A\")","v":"Complete"},{"$f":"IF($D14=\"2-for-1 Replace\",IF(OR(COUNTA(A14:AC14)=29,COUNTA(A14:AC14)=30),\"Complete\",\"Incomplete\"),IF(OR($D14=\"Replacement\",$D14=\"Repower\"),IF(COUNTA(A14:T14)=20,\"Complete\",\"Incomplete\"),\"Incomplete\"))","v":"Complete"}]
["project 8","2 Trucks",2015,"2-for-1 Replace",2004,"Level 3 PM","33,001 +",{"$f":"IF($G15=\"33,001 +\",\"Class_8\",IF($G15=\"26,001-33,000\",\"Class_7\",IF($G15=\"19,501-26,000\",\"Class_6\",\"\")))","v":"Class_8"},"HHD",20000,0.95,{"$f":"IF($D15=\"Replacement\",IF($H15=\"Class_6\",\"Replacement_6\",IF($H15=\"Class_7\",\"Replacement_7\",IF($H15=\"Class_8\",\"Replacement_8\",null))),IF($D15=\"Repower\",IF($H15=\"Class_6\",\"Repower_6\",IF($H15=\"Class_7\",\"Repower_7\",IF($H15=\"Class_8\",\"Repower_8\",null))),IF($D15=\"2-for-1 Replace\",IF($M15=\"Class_6\",\"Replacement_6\",IF($M15=\"Class_7\",\"Replacement_7\",IF($M15=\"Class_8\",\"Replacement_8\",null))))))","v":"Replacement_8"},"Class_8",{"$f":"IF($D15=\"Replacement\",IF($H15=\"Class_6\",\"Replacement6\",IF($H15=\"Class_7\",IF($I15=\"MHD\",\"Replacement7MHD\",\"Replacement7HHD\"),IF($H15=\"Class_8\",IF($I15=\"HHD\",\"Replacement8HHD\",\"Replacement8MHD\")))),IF($L15=\"Repower_8\",\"Repo8\",IF($L15=\"Repower_7\",\"Repo7\",IF($L15=\"Repower_6\",\"Repo6\",IF($D15=\"2-for-1 Replace\",\"Norestr\",)))))","v":"Norestr"},"Used: 2010+",1,{"$f":"IF(V15=\"No\",MIN(IF((J15*K15)<20000,0,J15*K15),IF((J15*P15)<20000,0,J15*P15)),IF(MIN(AA15*AB15,AA15*P15)+MIN(J15*K15,J15*P15)>19999,MIN(J15*K15,J15*P15),0))","v":19000},"Diesel","40,000",{"$f":"IF($D15=\"2-for-1 Replace\",IF(OR($M15=\"Class_6\",$AG15=\"Class_6\"),\"25,000\",IF(OR($M15=\"Class_7\",$AG15=\"Class_7\"),\"35,000\",IF(OR($M15=\"Class_8\",$AG15=\"Class_8\"),IF($O15=\"New: 2013+\",\"50,000\",\"40,000\")))),IF($L15=\"Replacement_8\",IF($M15=\"Class_7\",\"35,000\",IF($O15=\"New: 2013+\",\"50,000\",IF($O15=\"Used: 2010+\",\"40,000\"))),IF($L15=\"Replacement_7\",\"35,000\",IF($L15=\"Replacement_6\",\"25,000\",IF($L15=\"Repower_8\",\"20,000\",IF($L15=\"Repower_7\",IF($O15=\"New: 2013+ MHD\",\"10,000\",IF($O15=\"New: 2013+ HHD\",\"20,000\")),IF($L15=\"Repower_6\",\"10,000\",\"0\")))))))","v":"40,000"},{"$f":"IF($R15=\"Electric w/ AB-118\",\"Yes\",\"No\")","v":"No"},{"$f":"IF($D15=\"2-for-1 Replace\",\"Yes\",\"No\")","v":"Yes"},2004,"None","26,001-33,000",{"$f":"IF($Y15=\"33,001 +\",\"Class_8\",IF($Y15=\"26,001-33,000\",\"Class_7\",IF($Y15=\"19,501-26,000\",\"Class_6\",IF($Y15=\"\",\"\"))))","v":"Class_7"},20000,1,{"$f":"IF(MIN(AA15*AB15,AA15*P15)+Q15>19999,MIN(AA15*AB15,AA15*P15),0)","v":20000},{"$f":"IF($V15=\"Yes\",IF(COUNTA($W15:$AC15)=7,\"Complete\",\"Incomplete\"),\"N/A\")","v":"Complete"},{"$f":"IF($D15=\"2-for-1 Replace\",IF(OR(COUNTA(A15:AC15)=29,COUNTA(A15:AC15)=30),\"Complete\",\"Incomplete\"),IF(OR($D15=\"Replacement\",$D15=\"Repower\"),IF(COUNTA(A15:T15)=20,\"Complete\",\"Incomplete\"),\"Incomplete\"))","v":"Complete"}]
["project 9","3+ Trucks",2014,"2-for-1 Replace",2002,"None","26,001-33,000",{"$f":"IF($G16=\"33,001 +\",\"Class_8\",IF($G16=\"26,001-33,000\",\"Class_7\",IF($G16=\"19,501-26,000\",\"Class_6\",\"\")))","v":"Class_7"},"HHD",20000,1,{"$f":"IF($D16=\"Replacement\",IF($H16=\"Class_6\",\"Replacement_6\",IF($H16=\"Class_7\",\"Replacement_7\",IF($H16=\"Class_8\",\"Replacement_8\",null))),IF($D16=\"Repower\",IF($H16=\"Class_6\",\"Repower_6\",IF($H16=\"Class_7\",\"Repower_7\",IF($H16=\"Class_8\",\"Repower_8\",null))),IF($D16=\"2-for-1 Replace\",IF($M16=\"Class_6\",\"Replacement_6\",IF($M16=\"Class_7\",\"Replacement_7\",IF($M16=\"Class_8\",\"Replacement_8\",null))))))","v":"Replacement_6"},"Class_6",{"$f":"IF($D16=\"Replacement\",IF($H16=\"Class_6\",\"Replacement6\",IF($H16=\"Class_7\",IF($I16=\"MHD\",\"Replacement7MHD\",\"Replacement7HHD\"),IF($H16=\"Class_8\",IF($I16=\"HHD\",\"Replacement8HHD\",\"Replacement8MHD\")))),IF($L16=\"Repower_8\",\"Repo8\",IF($L16=\"Repower_7\",\"Repo7\",IF($L16=\"Repower_6\",\"Repo6\",IF($D16=\"2-for-1 Replace\",\"Norestr\",)))))","v":"Norestr"},"New: 2013+",0.9,{"$f":"IF(V16=\"No\",MIN(IF((J16*K16)<20000,0,J16*K16),IF((J16*P16)<20000,0,J16*P16)),IF(MIN(AA16*AB16,AA16*P16)+MIN(J16*K16,J16*P16)>19999,MIN(J16*K16,J16*P16),0))","v":18000},"Electric w/ AB-118",25000,{"$f":"IF($D16=\"2-for-1 Replace\",IF(OR($M16=\"Class_6\",$AG16=\"Class_6\"),\"25,000\",IF(OR($M16=\"Class_7\",$AG16=\"Class_7\"),\"35,000\",IF(OR($M16=\"Class_8\",$AG16=\"Class_8\"),IF($O16=\"New: 2013+\",\"50,000\",\"40,000\")))),IF($L16=\"Replacement_8\",IF($M16=\"Class_7\",\"35,000\",IF($O16=\"New: 2013+\",\"50,000\",IF($O16=\"Used: 2010+\",\"40,000\"))),IF($L16=\"Replacement_7\",\"35,000\",IF($L16=\"Replacement_6\",\"25,000\",IF($L16=\"Repower_8\",\"20,000\",IF($L16=\"Repower_7\",IF($O16=\"New: 2013+ MHD\",\"10,000\",IF($O16=\"New: 2013+ HHD\",\"20,000\")),IF($L16=\"Repower_6\",\"10,000\",\"0\")))))))","v":"25,000"},{"$f":"IF($R16=\"Electric w/ AB-118\",\"Yes\",\"No\")","v":"Yes"},{"$f":"IF($D16=\"2-for-1 Replace\",\"Yes\",\"No\")","v":"Yes"},2004,"None","19,501-26,000",{"$f":"IF($Y16=\"33,001 +\",\"Class_8\",IF($Y16=\"26,001-33,000\",\"Class_7\",IF($Y16=\"19,501-26,000\",\"Class_6\",IF($Y16=\"\",\"\"))))","v":"Class_6"},20000,1,{"$f":"IF(MIN(AA16*AB16,AA16*P16)+Q16>19999,MIN(AA16*AB16,AA16*P16),0)","v":18000},{"$f":"IF($V16=\"Yes\",IF(COUNTA($W16:$AC16)=7,\"Complete\",\"Incomplete\"),\"N/A\")","v":"Complete"},{"$f":"IF($D16=\"2-for-1 Replace\",IF(OR(COUNTA(A16:AC16)=29,COUNTA(A16:AC16)=30),\"Complete\",\"Incomplete\"),IF(OR($D16=\"Replacement\",$D16=\"Repower\"),IF(COUNTA(A16:T16)=20,\"Complete\",\"Incomplete\"),\"Incomplete\"))","v":"Complete"}]
["project 10","3+ Trucks",2014,"2-for-1 Replace",1998,"Level 3 PM","26,001-33,000",{"$f":"IF($G17=\"33,001 +\",\"Class_8\",IF($G17=\"26,001-33,000\",\"Class_7\",IF($G17=\"19,501-26,000\",\"Class_6\",\"\")))","v":"Class_7"},"MHD",20000,1,{"$f":"IF($D17=\"Replacement\",IF($H17=\"Class_6\",\"Replacement_6\",IF($H17=\"Class_7\",\"Replacement_7\",IF($H17=\"Class_8\",\"Replacement_8\",null))),IF($D17=\"Repower\",IF($H17=\"Class_6\",\"Repower_6\",IF($H17=\"Class_7\",\"Repower_7\",IF($H17=\"Class_8\",\"Repower_8\",null))),IF($D17=\"2-for-1 Replace\",IF($M17=\"Class_6\",\"Replacement_6\",IF($M17=\"Class_7\",\"Replacement_7\",IF($M17=\"Class_8\",\"Replacement_8\",null))))))","v":"Replacement_8"},"Class_8",{"$f":"IF($D17=\"Replacement\",IF($H17=\"Class_6\",\"Replacement6\",IF($H17=\"Class_7\",IF($I17=\"MHD\",\"Replacement7MHD\",\"Replacement7HHD\"),IF($H17=\"Class_8\",IF($I17=\"HHD\",\"Replacement8HHD\",\"Replacement8MHD\")))),IF($L17=\"Repower_8\",\"Repo8\",IF($L17=\"Repower_7\",\"Repo7\",IF($L17=\"Repower_6\",\"Repo6\",IF($D17=\"2-for-1 Replace\",\"Norestr\",)))))","v":"Norestr"},"Used: 2010+",1,{"$f":"IF(V17=\"No\",MIN(IF((J17*K17)<20000,0,J17*K17),IF((J17*P17)<20000,0,J17*P17)),IF(MIN(AA17*AB17,AA17*P17)+MIN(J17*K17,J17*P17)>19999,MIN(J17*K17,J17*P17),0))","v":20000},"Diesel",40000,{"$f":"IF($D17=\"2-for-1 Replace\",IF(OR($M17=\"Class_6\",$AG17=\"Class_6\"),\"25,000\",IF(OR($M17=\"Class_7\",$AG17=\"Class_7\"),\"35,000\",IF(OR($M17=\"Class_8\",$AG17=\"Class_8\"),IF($O17=\"New: 2013+\",\"50,000\",\"40,000\")))),IF($L17=\"Replacement_8\",IF($M17=\"Class_7\",\"35,000\",IF($O17=\"New: 2013+\",\"50,000\",IF($O17=\"Used: 2010+\",\"40,000\"))),IF($L17=\"Replacement_7\",\"35,000\",IF($L17=\"Replacement_6\",\"25,000\",IF($L17=\"Repower_8\",\"20,000\",IF($L17=\"Repower_7\",IF($O17=\"New: 2013+ MHD\",\"10,000\",IF($O17=\"New: 2013+ HHD\",\"20,000\")),IF($L17=\"Repower_6\",\"10,000\",\"0\")))))))","v":"40,000"},{"$f":"IF($R17=\"Electric w/ AB-118\",\"Yes\",\"No\")","v":"No"},{"$f":"IF($D17=\"2-for-1 Replace\",\"Yes\",\"No\")","v":"Yes"},1999,"None","26,001-33,000",{"$f":"IF($Y17=\"33,001 +\",\"Class_8\",IF($Y17=\"26,001-33,000\",\"Class_7\",IF($Y17=\"19,501-26,000\",\"Class_6\",IF($Y17=\"\",\"\"))))","v":"Class_7"},20000,1,{"$f":"IF(MIN(AA17*AB17,AA17*P17)+Q17>19999,MIN(AA17*AB17,AA17*P17),0)","v":20000},{"$f":"IF($V17=\"Yes\",IF(COUNTA($W17:$AC17)=7,\"Complete\",\"Incomplete\"),\"N/A\")","v":"Complete"},{"$f":"IF($D17=\"2-for-1 Replace\",IF(OR(COUNTA(A17:AC17)=29,COUNTA(A17:AC17)=30),\"Complete\",\"Incomplete\"),IF(OR($D17=\"Replacement\",$D17=\"Repower\"),IF(COUNTA(A17:T17)=20,\"Complete\",\"Incomplete\"),\"Incomplete\"))","v":"Complete"}]

{"sheet":"Input data","index":4,"n_rows":204,"n_cols":42,"rows_kept":33,"cut":true,"hidden":false,"merged":[[2,19,2,27],[2,0,2,3],[2,16,2,18],[2,4,2,10],[2,11,2,15]],"bounds":{"rows_first":15,"rows_last":3,"rows_between":15,"halvings":7}}
["Input Data for Equipment Projects"]
[]
["Project Details",null,null,null,"Existing Truck Information ",null,null,null,null,null,null,"New Truck Information",null,null,null,null,"Financial Information",null,null,"2-for 1 Replacement: 2nd Truck Info. (if applicable)",null,null,null,null,null,null,null,null,null,null,null,null,null,null,null,null,"make hidden"]
["Project Name","Number of Trucks in Fleet?","1st year of operation","Equipment Project Option","Engine Model Year","Filter (DPF) Currently Installed?","Mfg. GVWR","Weight Class","Engine Duty Cycle Cert","Annual VMT","% CA Operation","Weight Class","New Engine Details","% CA Operation","CA VMT","Fuel Type","Funding Requested ($)","Maximum Allowed Funding ($)","AB-118 HVIP Funding?","2 Trucks Replaced by 1?","Engine Model Year of 2nd Truck","Filter (DPF) Installed on 2nd Truck?","Mfg. GVWR","Weight Class of 2nd Truck","Annual VMT of 2nd Truck ","% CA Operation 2nd Truck","CA VMT 2nd Truck","2-for 1 Replacement Status","Completed Entry?",null,"HIDDEN","hidden* search mod. REPOW7 ExistingTRK","hidden* search mod. REPOW7 NEWTRK - CL7HHD","CL7HHD>CL8 ExistingTRK","hidden* search modification field NEWTRK","make hidden","make hidden"]
["project 1",null,null,null,null,null,null,{"$f":"IF($G5=\"33,001 +\",\"Class_8\",IF($G5=\"26,001-33,000\",\"Class_7\",IF($G5=\"19,501-26,000\",\"Class_6\",\"\")))","v":""},null,null,null,null,null,null,{"$f":"IF(H5=\"Class_6\",IF(T5=\"No\",MIN(IF((J5*K5)<10000,0,J5*K5),IF((J5*N5)<10000,0,J5*N5)),IF(MIN(Y5*Z5,Y5*N5)+MIN(J5*K5,J5*N5)>9999,MIN(J5*K5,J5*N5),0)),IF(T5=\"No\",MIN(IF((J5*K5)<20000,0,J5*K5),IF((J5*N5)<20000,0,J5*N5)),IF(MIN(Y5*Z5,Y5*N5)+MIN(J5*K5,J5*N5)>19999,MIN(J5*K5,J5*N5),0)))","v":0},null,0,{"$f":"IF($D5=\"2-for-1 Replace\",IF(OR($L5=\"Class_6\",$AE5=\"Class_6\"),\"25,000\",IF(OR($L5=\"Class_7\",$AE5=\"Class_7\"),\"35,000\",IF(OR($L5=\"Class_8\",$AE5=\"Class_8\"),IF($M5=\"New: 2013+\",\"50,000\",\"40,000\")))),IF($AK5=\"Replacement_8\",IF($L5=\"Class_7\",\"35,000\",IF($M5=\"New: 2013+\",\"50,000\",IF($M5=\"Used: 2010+\",\"40,000\"))),IF($AK5=\"Replacement_7\",\"35,000\",IF($AK5=\"Replacement_6\",\"25,000\",IF($AK5=\"Repower_8\",\"20,000\",IF($AK5=\"Repower_7\",IF($M5=\"New: 2013+ MHD\",\"10,000\",IF($M5=\"New: 2013+ HHD\",\"20,000\")),IF($AK5=\"Repower_6\",\"10,000\",\"0\")))))))","v":"0"},{"$f":"IF($P5=\"Electric w/ AB-118\",\"Yes\",\"No\")","v":"No"},{"$f":"IF($D5=\"2-for-1 Replace\",\"Yes\",\"No\")","v":"No"},null,null,null,{"$f":"IF($W5=\"33,001 +\",\"Class_8\",IF($W5=\"26,001-33,000\",\"Class_7\",IF($W5=\"19,501-26,000\",\"Class_6\",IF($W5=\"\",\"\"))))","v":""},null,null,{"$f":"IF(AND(H5=\"Class_6\",X5=\"Class_6\"),IF(MIN(Y5*Z5,Y5*N5)+O5>9999,MIN(Y5*Z5,Y5*N5),0),IF(MIN(Y5*Z5,Y5*N5)+O5>19999,MIN(Y5*Z5,Y5*N5),0))","v":0},{"$f":"IF($T5=\"Yes\",IF(COUNTA($U5:$AA5)=7,\"Complete\",\"Incomplete\"),\"N/A\")","v":"N/A"},{"$f":"IF($D5=\"2-for-1 Replace\",IF(OR(COUNTA(A5:AA5)=27,COUNTA(A5:AA5)=29),\"Complete\",\"Incomplete\"),IF(OR($D5=\"Replacement\",$D5=\"Repower\"),IF(COUNTA(A5:Q5)=17,\"Complete\",\"Incomplete\"),\"Incomplete\"))","v":"Incomplete"},null,{"$f":"IF(OR($H5=\"Class_8\",$X5=\"Class_8\"),\"Class_8\",IF(OR($H5=\"Class_7\",$X5=\"Class_7\"),\"Class_7\",IF(OR($H5=\"Class_6\",$X5=\"Class_6\"),\"Class_6\")))","v":false},{"$f":"IF($D5=\"Repower\",IF($H5=\"Class_7\",IF($I5=\"HHD\",\"CL7HHD\",\"gas\")))","v":false},{"$f":"IF($D5=\"Repower\",IF($H5=\"Class_7\",IF($M5=\"New: 2013+ HHD\",\"CL7HHD\",\"gas\")))","v":false},{"$f":"IF($D5=\"Replacement\",IF($H5=\"Class_7\",IF($I5=\"HHD\",IF($L5=\"Class_8\",\"CL7to8\",\"passgas\"))))","v":false},null,{"$f":"IF($D5=\"2-for-1 Replace\",\"Norestr\",IF($D5=\"Replacement\",IF($H5=\"Class_6\",\"Replacement6\",IF($H5=\"Class_7\",IF($I5=\"MHD\",\"Replacement7MHD\",\"Replacement7HHD\"),IF($H5=\"Class_8\",IF($I5=\"HHD\",\"Replacement8HHD\",\"Replacement8MHD\")))),IF($AK5=\"Repower_8\",\"Repo8\",IF($AK5=\"Repower_7\",\"Repo7\",IF($AK5=\"Repower_6\",\"Repo6\",)))))","v":0},{"$f":"IF($D5=\"Replacement\",IF($H5=\"Class_6\",\"Replacement_6\",IF($H5=\"Class_7\",\"Replacement_7\",IF($H5=\"Class_8\",\"Replacement_8\",null))),IF($D5=\"Repower\",IF($H5=\"Class_6\",\"Repower_6\",IF($H5=\"Class_7\",\"Repower_7\",IF($H5=\"Class_8\",\"Repower_8\",null))),IF($D5=\"2-for-1 Replace\",IF($L5=\"Class_6\",\"Replacement_6\",IF($L5=\"Class_7\",\"Replacement_7\",IF($L5=\"Class_8\",\"Replacement_8\",null))))))","v":false}]
["project 2",null,null,null,null,null,null,{"$f":"IF($G6=\"33,001 +\",\"Class_8\",IF($G6=\"26,001-33,000\",\"Class_7\",IF($G6=\"19,501-26,000\",\"Class_6\",\"\")))","v":""},null,null,null,null,null,null,{"$f":"IF(H6=\"Class_6\",IF(T6=\"No\",MIN(IF((J6*K6)<10000,0,J6*K6),IF((J6*N6)<10000,0,J6*N6)),IF(MIN(Y6*Z6,Y6*N6)+MIN(J6*K6,J6*N6)>9999,MIN(J6*K6,J6*N6),0)),IF(T6=\"No\",MIN(IF((J6*K6)<20000,0,J6*K6),IF((J6*N6)<20000,0,J6*N6)),IF(MIN(Y6*Z6,Y6*N6)+MIN(J6*K6,J6*N6)>19999,MIN(J6*K6,J6*N6),0)))","v":0},null,null,{"$f":"IF($D6=\"2-for-1 Replace\",IF(OR($L6=\"Class_6\",$AE6=\"Class_6\"),\"25,000\",IF(OR($L6=\"Class_7\",$AE6=\"Class_7\"),\"35,000\",IF(OR($L6=\"Class_8\",$AE6=\"Class_8\"),IF($M6=\"New: 2013+\",\"50,000\",\"40,000\")))),IF($AK6=\"Replacement_8\",IF($L6=\"Class_7\",\"35,000\",IF($M6=\"New: 2013+\",\"50,000\",IF($M6=\"Used: 2010+\",\"40,000\"))),IF($AK6=\"Replacement_7\",\"35,000\",IF($AK6=\"Replacement_6\",\"25,000\",IF($AK6=\"Repower_8\",\"20,000\",IF($AK6=\"Repower_7\",IF($M6=\"New: 2013+ MHD\",\"10,000\",IF($M6=\"New: 2013+ HHD\",\"20,000\")),IF($AK6=\"Repower_6\",\"10,000\",\"0\")))))))","v":"0"},{"$f":"IF($P6=\"Electric w/ AB-118\",\"Yes\",\"No\")","v":"No"},"No",null,null,null,{"$f":"IF($W6=\"33,001 +\",\"Class_8\",IF($W6=\"26,001-33,000\",\"Class_7\",IF($W6=\"19,501-26,000\",\"Class_6\",IF($W6=\"\",\"\"))))","v":""},null,null,{"$f":"IF(MIN(Y6*Z6,Y6*N6)+O6>19999,MIN(Y6*Z6,Y6*N6),0)","v":0},{"$f":"IF($T6=\"Yes\",IF(COUNTA($U6:$AA6)=7,\"Complete\",\"Incomplete\"),\"N/A\")","v":"N/A"},{"$f":"IF($D6=\"2-for-1 Replace\",IF(OR(COUNTA(A6:AA6)=27,COUNTA(A6:AA6)=29),\"Complete\",\"Incomplete\"),IF(OR($D6=\"Replacement\",$D6=\"Repower\"),IF(COUNTA(A6:Q6)=17,\"Complete\",\"Incomplete\"),\"Incomplete\"))","v":"Incomplete"},null,{"$f":"IF(OR($H6=\"Class_8\",$X6=\"Class_8\"),\"Class_8\",IF(OR($H6=\"Class_7\",$X6=\"Class_7\"),\"Class_7\",IF(OR($H6=\"Class_6\",$X6=\"Class_6\"),\"Class_6\")))","v":false},{"$f":"IF($D6=\"Repower\",IF($H6=\"Class_7\",IF($I6=\"HHD\",\"CL7HHD\",\"gas\")))","v":false},{"$f":"IF($D6=\"Repower\",IF($H6=\"Class_7\",IF($M6=\"New: 2013+ HHD\",\"CL7HHD\",\"gas\")))","v":false},false,null,{"$f":"IF($D6=\"2-for-1 Replace\",\"Norestr\",IF($D6=\"Replacement\",IF($H6=\"Class_6\",\"Replacement6\",IF($H6=\"Class_7\",IF($I6=\"MHD\",\"Replacement7MHD\",\"Replacement7HHD\"),IF($H6=\"Class_8\",IF($I6=\"HHD\",\"Replacement8HHD\",\"Replacement8MHD\")))),IF($AK6=\"Repower_8\",\"Repo8\",IF($AK6=\"Repower_7\",\"Repo7\",IF($AK6=\"Repower_6\",\"Repo6\",)))))","v":0},{"$f":"IF($D6=\"Replacement\",IF($H6=\"Class_6\",\"Replacement_6\",IF($H6=\"Class_7\",\"Replacement_7\",IF($H6=\"Class_8\",\"Replacement_8\",null))),IF($D6=\"Repower\",IF($H6=\"Class_6\",\"Repower_6\",IF($H6=\"Class_7\",\"Repower_7\",IF($H6=\"Class_8\",\"Repower_8\",null))),IF($D6=\"2-for-1 Replace\",IF($L6=\"Class_6\",\"Replacement_6\",IF($L6=\"Class_7\",\"Replacement_7\",IF($L6=\"Class_8\",\"Replacement_8\",null))))))","v":false}]
["project 3",null,null,null,null,null,null,{"$f":"IF($G7=\"33,001 +\",\"Class_8\",IF($G7=\"26,001-33,000\",\"Class_7\",IF($G7=\"19,501-26,000\",\"Class_6\",\"\")))","v":""},null,null,null,null,null,null,{"$f":"IF(H7=\"Class_6\",IF(T7=\"No\",MIN(IF((J7*K7)<10000,0,J7*K7),IF((J7*N7)<10000,0,J7*N7)),IF(MIN(Y7*Z7,Y7*N7)+MIN(J7*K7,J7*N7)>9999,MIN(J7*K7,J7*N7),0)),IF(T7=\"No\",MIN(IF((J7*K7)<20000,0,J7*K7),IF((J7*N7)<20000,0,J7*N7)),IF(MIN(Y7*Z7,Y7*N7)+MIN(J7*K7,J7*N7)>19999,MIN(J7*K7,J7*N7),0)))","v":0},null,null,{"$f":"IF($D7=\"2-for-1 Replace\",IF(OR($L7=\"Class_6\",$AE7=\"Class_6\"),\"25,000\",IF(OR($L7=\"Class_7\",$AE7=\"Class_7\"),\"35,000\",IF(OR($L7=\"Class_8\",$AE7=\"Class_8\"),IF($M7=\"New: 2013+\",\"50,000\",\"40,000\")))),IF($AK7=\"Replacement_8\",IF($L7=\"Class_7\",\"35,000\",IF($M7=\"New: 2013+\",\"50,000\",IF($M7=\"Used: 2010+\",\"40,000\"))),IF($AK7=\"Replacement_7\",\"35,000\",IF($AK7=\"Replacement_6\",\"25,000\",IF($AK7=\"Repower_8\",\"20,000\",IF($AK7=\"Repower_7\",IF($M7=\"New: 2013+ MHD\",\"10,000\",IF($M7=\"New: 2013+ HHD\",\"20,000\")),IF($AK7=\"Repower_6\",\"10,000\",\"0\")))))))","v":"0"},"No","No",null,null,null,{"$f":"IF($W7=\"33,001 +\",\"Class_8\",IF($W7=\"26,001-33,000\",\"Class_7\",IF($W7=\"19,501-26,000\",\"Class_6\",IF($W7=\"\",\"\"))))","v":""},null,null,0,{"$f":"IF($T7=\"Yes\",IF(COUNTA($U7:$AA7)=7,\"Complete\",\"Incomplete\"),\"N/A\")","v":"N/A"},{"$f":"IF($D7=\"2-for-1 Replace\",IF(OR(COUNTA(A7:AA7)=27,COUNTA(A7:AA7)=29),\"Complete\",\"Incomplete\"),IF(OR($D7=\"Replacement\",$D7=\"Repower\"),IF(COUNTA(A7:Q7)=17,\"Complete\",\"Incomplete\"),\"Incomplete\"))","v":"Incomplete"},null,{"$f":"IF(OR($H7=\"Class_8\",$X7=\"Class_8\"),\"Class_8\",IF(OR($H7=\"Class_7\",$X7=\"Class_7\"),\"Class_7\",IF(OR($H7=\"Class_6\",$X7=\"Class_6\"),\"Class_6\")))","v":false},false,{"$f":"IF($D7=\"Repower\",IF($H7=\"Class_7\",IF($M7=\"New: 2013+ HHD\",\"CL7HHD\",\"gas\")))","v":false},false,null,{"$f":"IF($D7=\"2-for-1 Replace\",\"Norestr\",IF($D7=\"Replacement\",IF($H7=\"Class_6\",\"Replacement6\",IF($H7=\"Class_7\",IF($I7=\"MHD\",\"Replacement7MHD\",\"Replacement7HHD\"),IF($H7=\"Class_8\",IF($I7=\"HHD\",\"Replacement8HHD\",\"Replacement8MHD\")))),IF($AK7=\"Repower_8\",\"Repo8\",IF($AK7=\"Repower_7\",\"Repo7\",IF($AK7=\"Repower_6\",\"Repo6\",)))))","v":0},{"$f":"IF($D7=\"Replacement\",IF($H7=\"Class_6\",\"Replacement_6\",IF($H7=\"Class_7\",\"Replacement_7\",IF($H7=\"Class_8\",\"Replacement_8\",null))),IF($D7=\"Repower\",IF($H7=\"Class_6\",\"Repower_6\",IF($H7=\"Class_7\",\"Repower_7\",IF($H7=\"Class_8\",\"Repower_8\",null))),IF($D7=\"2-for-1 Replace\",IF($L7=\"Class_6\",\"Replacement_6\",IF($L7=\"Class_7\",\"Replacement_7\",IF($L7=\"Class_8\",\"Replacement_8\",null))))))","v":false}]
["project 4",null,null,null,null,null,null,{"$f":"IF($G8=\"33,001 +\",\"Class_8\",IF($G8=\"26,001-33,000\",\"Class_7\",IF($G8=\"19,501-26,000\",\"Class_6\",\"\")))","v":""},null,null,null,null,null,null,{"$f":"IF(H8=\"Class_6\",IF(T8=\"No\",MIN(IF((J8*K8)<10000,0,J8*K8),IF((J8*N8)<10000,0,J8*N8)),IF(MIN(Y8*Z8,Y8*N8)+MIN(J8*K8,J8*N8)>9999,MIN(J8*K8,J8*N8),0)),IF(T8=\"No\",MIN(IF((J8*K8)<20000,0,J8*K8),IF((J8*N8)<20000,0,J8*N8)),IF(MIN(Y8*Z8,Y8*N8)+MIN(J8*K8,J8*N8)>19999,MIN(J8*K8,J8*N8),0)))","v":0},null,null,{"$f":"IF($D8=\"2-for-1 Replace\",IF(OR($L8=\"Class_6\",$AE8=\"Class_6\"),\"25,000\",IF(OR($L8=\"Class_7\",$AE8=\"Class_7\"),\"35,000\",IF(OR($L8=\"Class_8\",$AE8=\"Class_8\"),IF($M8=\"New: 2013+\",\"50,000\",\"40,000\")))),IF($AK8=\"Replacement_8\",IF($L8=\"Class_7\",\"35,000\",IF($M8=\"New: 2013+\",\"50,000\",IF($M8=\"Used: 2010+\",\"40,000\"))),IF($AK8=\"Replacement_7\",\"35,000\",IF($AK8=\"Replacement_6\",\"25,000\",IF($AK8=\"Repower_8\",\"20,000\",IF($AK8=\"Repower_7\",IF($M8=\"New: 2013+ MHD\",\"10,000\",IF($M8=\"New: 2013+ HHD\",\"20,000\")),IF($AK8=\"Repower_6\",\"10,000\",\"0\")))))))","v":"0"},"No","No",null,null,null,{"$f":"IF($W8=\"33,001 +\",\"Class_8\",IF($W8=\"26,001-33,000\",\"Class_7\",IF($W8=\"19,501-26,000\",\"Class_6\",IF($W8=\"\",\"\"))))","v":""},null,null,0,{"$f":"IF($T8=\"Yes\",IF(COUNTA($U8:$AA8)=7,\"Complete\",\"Incomplete\"),\"N/A\")","v":"N/A"},{"$f":"IF($D8=\"2-for-1 Replace\",IF(OR(COUNTA(A8:AA8)=27,COUNTA(A8:AA8)=29),\"Complete\",\"Incomplete\"),IF(OR($D8=\"Replacement\",$D8=\"Repower\"),IF(COUNTA(A8:Q8)=17,\"Complete\",\"Incomplete\"),\"Incomplete\"))","v":"Incomplete"},null,{"$f":"IF(OR($H8=\"Class_8\",$X8=\"Class_8\"),\"Class_8\",IF(OR($H8=\"Class_7\",$X8=\"Class_7\"),\"Class_7\",IF(OR($H8=\"Class_6\",$X8=\"Class_6\"),\"Class_6\")))","v":false},false,{"$f":"IF($D8=\"Repower\",IF($H8=\"Class_7\",IF($M8=\"New: 2013+ HHD\",\"CL7HHD\",\"gas\")))","v":false},false,null,{"$f":"IF($D8=\"2-for-1 Replace\",\"Norestr\",IF($D8=\"Replacement\",IF($H8=\"Class_6\",\"Replacement6\",IF($H8=\"Class_7\",IF($I8=\"MHD\",\"Replacement7MHD\",\"Replacement7HHD\"),IF($H8=\"Class_8\",IF($I8=\"HHD\",\"Replacement8HHD\",\"Replacement8MHD\")))),IF($AK8=\"Repower_8\",\"Repo8\",IF($AK8=\"Repower_7\",\"Repo7\",IF($AK8=\"Repower_6\",\"Repo6\",)))))","v":0},{"$f":"IF($D8=\"Replacement\",IF($H8=\"Class_6\",\"Replacement_6\",IF($H8=\"Class_7\",\"Replacement_7\",IF($H8=\"Class_8\",\"Replacement_8\",null))),IF($D8=\"Repower\",IF($H8=\"Class_6\",\"Repower_6\",IF($H8=\"Class_7\",\"Repower_7\",IF($H8=\"Class_8\",\"Repower_8\",null))),IF($D8=\"2-for-1 Replace\",IF($L8=\"Class_6\",\"Replacement_6\",IF($L8=\"Class_7\",\"Replacement_7\",IF($L8=\"Class_8\",\"Replacement_8\",null))))))","v":false}]
["project 5",null,null,null,null,null,null,{"$f":"IF($G9=\"33,001 +\",\"Class_8\",IF($G9=\"26,001-33,000\",\"Class_7\",IF($G9=\"19,501-26,000\",\"Class_6\",\"\")))","v":""},null,null,null,null,null,null,{"$f":"IF(H9=\"Class_6\",IF(T9=\"No\",MIN(IF((J9*K9)<10000,0,J9*K9),IF((J9*N9)<10000,0,J9*N9)),IF(MIN(Y9*Z9,Y9*N9)+MIN(J9*K9,J9*N9)>9999,MIN(J9*K9,J9*N9),0)),IF(T9=\"No\",MIN(IF((J9*K9)<20000,0,J9*K9),IF((J9*N9)<20000,0,J9*N9)),IF(MIN(Y9*Z9,Y9*N9)+MIN(J9*K9,J9*N9)>19999,MIN(J9*K9,J9*N9),0)))","v":0},null,null,{"$f":"IF($D9=\"2-for-1 Replace\",IF(OR($L9=\"Class_6\",$AE9=\"Class_6\"),\"25,000\",IF(OR($L9=\"Class_7\",$AE9=\"Class_7\"),\"35,000\",IF(OR($L9=\"Class_8\",$AE9=\"Class_8\"),IF($M9=\"New: 2013+\",\"50,000\",\"40,000\")))),IF($AK9=\"Replacement_8\",IF($L9=\"Class_7\",\"35,000\",IF($M9=\"New: 2013+\",\"50,000\",IF($M9=\"Used: 2010+\",\"40,000\"))),IF($AK9=\"Replacement_7\",\"35,000\",IF($AK9=\"Replacement_6\",\"25,000\",IF($AK9=\"Repower_8\",\"20,000\",IF($AK9=\"Repower_7\",IF($M9=\"New: 2013+ MHD\",\"10,000\",IF($M9=\"New: 2013+ HHD\",\"20,000\")),IF($AK9=\"Repower_6\",\"10,000\",\"0\")))))))","v":"0"},"No","No",null,null,null,{"$f":"IF($W9=\"33,001 +\",\"Class_8\",IF($W9=\"26,001-33,000\",\"Class_7\",IF($W9=\"19,501-26,000\",\"Class_6\",IF($W9=\"\",\"\"))))","v":""},null,null,0,{"$f":"IF($T9=\"Yes\",IF(COUNTA($U9:$AA9)=7,\"Complete\",\"Incomplete\"),\"N/A\")","v":"N/A"},{"$f":"IF($D9=\"2-for-1 Replace\",IF(OR(COUNTA(A9:AA9)=27,COUNTA(A9:AA9)=29),\"Complete\",\"Incomplete\"),IF(OR($D9=\"Replacement\",$D9=\"Repower\"),IF(COUNTA(A9:Q9)=17,\"Complete\",\"Incomplete\"),\"Incomplete\"))","v":"Incomplete"},null,{"$f":"IF(OR($H9=\"Class_8\",$X9=\"Class_8\"),\"Class_8\",IF(OR($H9=\"Class_7\",$X9=\"Class_7\"),\"Class_7\",IF(OR($H9=\"Class_6\",$X9=\"Class_6\"),\"Class_6\")))","v":false},false,{"$f":"IF($D9=\"Repower\",IF($H9=\"Class_7\",IF($M9=\"New: 2013+ HHD\",\"CL7HHD\",\"gas\")))","v":false},false,null,{"$f":"IF($D9=\"2-for-1 Replace\",\"Norestr\",IF($D9=\"Replacement\",IF($H9=\"Class_6\",\"Replacement6\",IF($H9=\"Class_7\",IF($I9=\"MHD\",\"Replacement7MHD\",\"Replacement7HHD\"),IF($H9=\"Class_8\",IF($I9=\"HHD\",\"Replacement8HHD\",\"Replacement8MHD\")))),IF($AK9=\"Repower_8\",\"Repo8\",IF($AK9=\"Repower_7\",\"Repo7\",IF($AK9=\"Repower_6\",\"Repo6\",)))))","v":0},{"$f":"IF($D9=\"Replacement\",IF($H9=\"Class_6\",\"Replacement_6\",IF($H9=\"Class_7\",\"Replacement_7\",IF($H9=\"Class_8\",\"Replacement_8\",null))),IF($D9=\"Repower\",IF($H9=\"Class_6\",\"Repower_6\",IF($H9=\"Class_7\",\"Repower_7\",IF($H9=\"Class_8\",\"Repower_8\",null))),IF($D9=\"2-for-1 Replace\",IF($L9=\"Class_6\",\"Replacement_6\",IF($L9=\"Class_7\",\"Replacement_7\",IF($L9=\"Class_8\",\"Replacement_8\",null))))))","v":false}]
["project 6",null,null,null,null,null,null,{"$f":"IF($G10=\"33,001 +\",\"Class_8\",IF($G10=\"26,001-33,000\",\"Class_7\",IF($G10=\"19,501-26,000\",\"Class_6\",\"\")))","v":""},null,null,null,null,null,null,{"$f":"IF(H10=\"Class_6\",IF(T10=\"No\",MIN(IF((J10*K10)<10000,0,J10*K10),IF((J10*N10)<10000,0,J10*N10)),IF(MIN(Y10*Z10,Y10*N10)+MIN(J10*K10,J10*N10)>9999,MIN(J10*K10,J10*N10),0)),IF(T10=\"No\",MIN(IF((J10*K10)<20000,0,J10*K10),IF((J10*N10)<20000,0,J10*N10)),IF(MIN(Y10*Z10,Y10*N10)+MIN(J10*K10,J10*N10)>19999,MIN(J10*K10,J10*N10),0)))","v":0},null,null,{"$f":"IF($D10=\"2-for-1 Replace\",IF(OR($L10=\"Class_6\",$AE10=\"Class_6\"),\"25,000\",IF(OR($L10=\"Class_7\",$AE10=\"Class_7\"),\"35,000\",IF(OR($L10=\"Class_8\",$AE10=\"Class_8\"),IF($M10=\"New: 2013+\",\"50,000\",\"40,000\")))),IF($AK10=\"Replacement_8\",IF($L10=\"Class_7\",\"35,000\",IF($M10=\"New: 2013+\",\"50,000\",IF($M10=\"Used: 2010+\",\"40,000\"))),IF($AK10=\"Replacement_7\",\"35,000\",IF($AK10=\"Replacement_6\",\"25,000\",IF($AK10=\"Repower_8\",\"20,000\",IF($AK10=\"Repower_7\",IF($M10=\"New: 2013+ MHD\",\"10,000\",IF($M10=\"New: 2013+ HHD\",\"20,000\")),IF($AK10=\"Repower_6\",\"10,000\",\"0\")))))))","v":"0"},"No","No",null,null,null,{"$f":"IF($W10=\"33,001 +\",\"Class_8\",IF($W10=\"26,001-33,000\",\"Class_7\",IF($W10=\"19,501-26,000\",\"Class_6\",IF($W10=\"\",\"\"))))","v":""},null,null,0,{"$f":"IF($T10=\"Yes\",IF(COUNTA($U10:$AA10)=7,\"Complete\",\"Incomplete\"),\"N/A\")","v":"N/A"},{"$f":"IF($D10=\"2-for-1 Replace\",IF(OR(COUNTA(A10:AA10)=27,COUNTA(A10:AA10)=29),\"Complete\",\"Incomplete\"),IF(OR($D10=\"Replacement\",$D10=\"Repower\"),IF(COUNTA(A10:Q10)=17,\"Complete\",\"Incomplete\"),\"Incomplete\"))","v":"Incomplete"},null,{"$f":"IF(OR($H10=\"Class_8\",$X10=\"Class_8\"),\"Class_8\",IF(OR($H10=\"Class_7\",$X10=\"Class_7\"),\"Class_7\",IF(OR($H10=\"Class_6\",$X10=\"Class_6\"),\"Class_6\")))","v":false},false,{"$f":"IF($D10=\"Repower\",IF($H10=\"Class_7\",IF($M10=\"New: 2013+ HHD\",\"CL7HHD\",\"gas\")))","v":false},false,null,{"$f":"IF($D10=\"2-for-1 Replace\",\"Norestr\",IF($D10=\"Replacement\",IF($H10=\"Class_6\",\"Replacement6\",IF($H10=\"Class_7\",IF($I10=\"MHD\",\"Replacement7MHD\",\"Replacement7HHD\"),IF($H10=\"Class_8\",IF($I10=\"HHD\",\"Replacement8HHD\",\"Replacement8MHD\")))),IF($AK10=\"Repower_8\",\"Repo8\",IF($AK10=\"Repower_7\",\"Repo7\",IF($AK10=\"Repower_6\",\"Repo6\",)))))","v":0},{"$f":"IF($D10=\"Replacement\",IF($H10=\"Class_6\",\"Replacement_6\",IF($H10=\"Class_7\",\"Replacement_7\",IF($H10=\"Class_8\",\"Replacement_8\",null))),IF($D10=\"Repower\",IF($H10=\"Class_6\",\"Repower_6\",IF($H10=\"Class_7\",\"Repower_7\",IF($H10=\"Class_8\",\"Repower_8\",null))),IF($D10=\"2-for-1 Replace\",IF($L10=\"Class_6\",\"Replacement_6\",IF($L10=\"Class_7\",\"Replacement_7\",IF($L10=\"Class_8\",\"Replacement_8\",null))))))","v":false}]
["project 7",null,null,null,null,null,null,{"$f":"IF($G11=\"33,001 +\",\"Class_8\",IF($G11=\"26,001-33,000\",\"Class_7\",IF($G11=\"19,501-26,000\",\"Class_6\",\"\")))","v":""},null,null,null,null,null,null,{"$f":"IF(H11=\"Class_6\",IF(T11=\"No\",MIN(IF((J11*K11)<10000,0,J11*K11),IF((J11*N11)<10000,0,J11*N11)),IF(MIN(Y11*Z11,Y11*N11)+MIN(J11*K11,J11*N11)>9999,MIN(J11*K11,J11*N11),0)),IF(T11=\"No\",MIN(IF((J11*K11)<20000,0,J11*K11),IF((J11*N11)<20000,0,J11*N11)),IF(MIN(Y11*Z11,Y11*N11)+MIN(J11*K11,J11*N11)>19999,MIN(J11*K11,J11*N11),0)))","v":0},null,null,{"$f":"IF($D11=\"2-for-1 Replace\",IF(OR($L11=\"Class_6\",$AE11=\"Class_6\"),\"25,000\",IF(OR($L11=\"Class_7\",$AE11=\"Class_7\"),\"35,000\",IF(OR($L11=\"Class_8\",$AE11=\"Class_8\"),IF($M11=\"New: 2013+\",\"50,000\",\"40,000\")))),IF($AK11=\"Replacement_8\",IF($L11=\"Class_7\",\"35,000\",IF($M11=\"New: 2013+\",\"50,000\",IF($M11=\"Used: 2010+\",\"40,000\"))),IF($AK11=\"Replacement_7\",\"35,000\",IF($AK11=\"Replacement_6\",\"25,000\",IF($AK11=\"Repower_8\",\"20,000\",IF($AK11=\"Repower_7\",IF($M11=\"New: 2013+ MHD\",\"10,000\",IF($M11=\"New: 2013+ HHD\",\"20,000\")),IF($AK11=\"Repower_6\",\"10,000\",\"0\")))))))","v":"0"},"No",{"$f":"IF($D11=\"2-for-1 Replace\",\"Yes\",\"No\")","v":"No"},null,null,null,{"$f":"IF($W11=\"33,001 +\",\"Class_8\",IF($W11=\"26,001-33,000\",\"Class_7\",IF($W11=\"19,501-26,000\",\"Class_6\",IF($W11=\"\",\"\"))))","v":""},null,null,0,{"$f":"IF($T11=\"Yes\",IF(COUNTA($U11:$AA11)=7,\"Complete\",\"Incomplete\"),\"N/A\")","v":"N/A"},{"$f":"IF($D11=\"2-for-1 Replace\",IF(OR(COUNTA(A11:AA11)=27,COUNTA(A11:AA11)=29),\"Complete\",\"Incomplete\"),IF(OR($D11=\"Replacement\",$D11=\"Repower\"),IF(COUNTA(A11:Q11)=17,\"Complete\",\"Incomplete\"),\"Incomplete\"))","v":"Incomplete"},null,{"$f":"IF(OR($H11=\"Class_8\",$X11=\"Class_8\"),\"Class_8\",IF(OR($H11=\"Class_7\",$X11=\"Class_7\"),\"Class_7\",IF(OR($H11=\"Class_6\",$X11=\"Class_6\"),\"Class_6\")))","v":false},false,{"$f":"IF($D11=\"Repower\",IF($H11=\"Class_7\",IF($M11=\"New: 2013+ HHD\",\"CL7HHD\",\"gas\")))","v":false},false,null,{"$f":"IF($D11=\"2-for-1 Replace\",\"Norestr\",IF($D11=\"Replacement\",IF($H11=\"Class_6\",\"Replacement6\",IF($H11=\"Class_7\",IF($I11=\"MHD\",\"Replacement7MHD\",\"Replacement7HHD\"),IF($H11=\"Class_8\",IF($I11=\"HHD\",\"Replacement8HHD\",\"Replacement8MHD\")))),IF($AK11=\"Repower_8\",\"Repo8\",IF($AK11=\"Repower_7\",\"Repo7\",IF($AK11=\"Repower_6\",\"Repo6\",)))))","v":0},{"$f":"IF($D11=\"Replacement\",IF($H11=\"Class_6\",\"Replacement_6\",IF($H11=\"Class_7\",\"Replacement_7\",IF($H11=\"Class_8\",\"Replacement_8\",null))),IF($D11=\"Repower\",IF($H11=\"Class_6\",\"Repower_6\",IF($H11=\"Class_7\",\"Repower_7\",IF($H11=\"Class_8\",\"Repower_8\",null))),IF($D11=\"2-for-1 Replace\",IF($L11=\"Class_6\",\"Replacement_6\",IF($L11=\"Class_7\",\"Replacement_7\",IF($L11=\"Class_8\",\"Replacement_8\",null))))))","v":false}]
["project 8",null,null,null,null,null,null,{"$f":"IF($G12=\"33,001 +\",\"Class_8\",IF($G12=\"26,001-33,000\",\"Class_7\",IF($G12=\"19,501-26,000\",\"Class_6\",\"\")))","v":""},null,null,null,null,null,null,{"$f":"IF(H12=\"Class_6\",IF(T12=\"No\",MIN(IF((J12*K12)<10000,0,J12*K12),IF((J12*N12)<10000,0,J12*N12)),IF(MIN(Y12*Z12,Y12*N12)+MIN(J12*K12,J12*N12)>9999,MIN(J12*K12,J12*N12),0)),IF(T12=\"No\",MIN(IF((J12*K12)<20000,0,J12*K12),IF((J12*N12)<20000,0,J12*N12)),IF(MIN(Y12*Z12,Y12*N12)+MIN(J12*K12,J12*N12)>19999,MIN(J12*K12,J12*N12),0)))","v":0},null,null,{"$f":"IF($D12=\"2-for-1 Replace\",IF(OR($L12=\"Class_6\",$AE12=\"Class_6\"),\"25,000\",IF(OR($L12=\"Class_7\",$AE12=\"Class_7\"),\"35,000\",IF(OR($L12=\"Class_8\",$AE12=\"Class_8\"),IF($M12=\"New: 2013+\",\"50,000\",\"40,000\")))),IF($AK12=\"Replacement_8\",IF($L12=\"Class_7\",\"35,000\",IF($M12=\"New: 2013+\",\"50,000\",IF($M12=\"Used: 2010+\",\"40,000\"))),IF($AK12=\"Replacement_7\",\"35,000\",IF($AK12=\"Replacement_6\",\"25,000\",IF($AK12=\"Repower_8\",\"20,000\",IF($AK12=\"Repower_7\",IF($M12=\"New: 2013+ MHD\",\"10,000\",IF($M12=\"New: 2013+ HHD\",\"20,000\")),IF($AK12=\"Repower_6\",\"10,000\",\"0\")))))))","v":"0"},"No","No",null,null,null,{"$f":"IF($W12=\"33,001 +\",\"Class_8\",IF($W12=\"26,001-33,000\",\"Class_7\",IF($W12=\"19,501-26,000\",\"Class_6\",IF($W12=\"\",\"\"))))","v":""},null,null,0,{"$f":"IF($T12=\"Yes\",IF(COUNTA($U12:$AA12)=7,\"Complete\",\"Incomplete\"),\"N/A\")","v":"N/A"},{"$f":"IF($D12=\"2-for-1 Replace\",IF(OR(COUNTA(A12:AA12)=27,COUNTA(A12:AA12)=29),\"Complete\",\"Incomplete\"),IF(OR($D12=\"Replacement\",$D12=\"Repower\"),IF(COUNTA(A12:Q12)=17,\"Complete\",\"Incomplete\"),\"Incomplete\"))","v":"Incomplete"},null,{"$f":"IF(OR($H12=\"Class_8\",$X12=\"Class_8\"),\"Class_8\",IF(OR($H12=\"Class_7\",$X12=\"Class_7\"),\"Class_7\",IF(OR($H12=\"Class_6\",$X12=\"Class_6\"),\"Class_6\")))","v":false},false,{"$f":"IF($D12=\"Repower\",IF($H12=\"Class_7\",IF($M12=\"New: 2013+ HHD\",\"CL7HHD\",\"gas\")))","v":false},false,null,{"$f":"IF($D12=\"2-for-1 Replace\",\"Norestr\",IF($D12=\"Replacement\",IF($H12=\"Class_6\",\"Replacement6\",IF($H12=\"Class_7\",IF($I12=\"MHD\",\"Replacement7MHD\",\"Replacement7HHD\"),IF($H12=\"Class_8\",IF($I12=\"HHD\",\"Replacement8HHD\",\"Replacement8MHD\")))),IF($AK12=\"Repower_8\",\"Repo8\",IF($AK12=\"Repower_7\",\"Repo7\",IF($AK12=\"Repower_6\",\"Repo6\",)))))","v":0},{"$f":"IF($D12=\"Replacement\",IF($H12=\"Class_6\",\"Replacement_6\",IF($H12=\"Class_7\",\"Replacement_7\",IF($H12=\"Class_8\",\"Replacement_8\",null))),IF($D12=\"Repower\",IF($H12=\"Class_6\",\"Repower_6\",IF($H12=\"Class_7\",\"Repower_7\",IF($H12=\"Class_8\",\"Repower_8\",null))),IF($D12=\"2-for-1 Replace\",IF($L12=\"Class_6\",\"Replacement_6\",IF($L12=\"Class_7\",\"Replacement_7\",IF($L12=\"Class_8\",\"Replacement_8\",null))))))","v":false}]
["project 9",null,null,null,null,null,null,{"$f":"IF($G13=\"33,001 +\",\"Class_8\",IF($G13=\"26,001-33,000\",\"Class_7\",IF($G13=\"19,501-26,000\",\"Class_6\",\"\")))","v":""},null,null,null,null,null,null,{"$f":"IF(H13=\"Class_6\",IF(T13=\"No\",MIN(IF((J13*K13)<10000,0,J13*K13),IF((J13*N13)<10000,0,J13*N13)),IF(MIN(Y13*Z13,Y13*N13)+MIN(J13*K13,J13*N13)>9999,MIN(J13*K13,J13*N13),0)),IF(T13=\"No\",MIN(IF((J13*K13)<20000,0,J13*K13),IF((J13*N13)<20000,0,J13*N13)),IF(MIN(Y13*Z13,Y13*N13)+MIN(J13*K13,J13*N13)>19999,MIN(J13*K13,J13*N13),0)))","v":0},null,null,{"$f":"IF($D13=\"2-for-1 Replace\",IF(OR($L13=\"Class_6\",$AE13=\"Class_6\"),\"25,000\",IF(OR($L13=\"Class_7\",$AE13=\"Class_7\"),\"35,000\",IF(OR($L13=\"Class_8\",$AE13=\"Class_8\"),IF($M13=\"New: 2013+\",\"50,000\",\"40,000\")))),IF($AK13=\"Replacement_8\",IF($L13=\"Class_7\",\"35,000\",IF($M13=\"New: 2013+\",\"50,000\",IF($M13=\"Used: 2010+\",\"40,000\"))),IF($AK13=\"Replacement_7\",\"35,000\",IF($AK13=\"Replacement_6\",\"25,000\",IF($AK13=\"Repower_8\",\"20,000\",IF($AK13=\"Repower_7\",IF($M13=\"New: 2013+ MHD\",\"10,000\",IF($M13=\"New: 2013+ HHD\",\"20,000\")),IF($AK13=\"Repower_6\",\"10,000\",\"0\")))))))","v":"0"},"No","No",null,null,null,{"$f":"IF($W13=\"33,001 +\",\"Class_8\",IF($W13=\"26,001-33,000\",\"Class_7\",IF($W13=\"19,501-26,000\",\"Class_6\",IF($W13=\"\",\"\"))))","v":""},null,null,0,{"$f":"IF($T13=\"Yes\",IF(COUNTA($U13:$AA13)=7,\"Complete\",\"Incomplete\"),\"N/A\")","v":"N/A"},{"$f":"IF($D13=\"2-for-1 Replace\",IF(OR(COUNTA(A13:AA13)=27,COUNTA(A13:AA13)=29),\"Complete\",\"Incomplete\"),IF(OR($D13=\"Replacement\",$D13=\"Repower\"),IF(COUNTA(A13:Q13)=17,\"Complete\",\"Incomplete\"),\"Incomplete\"))","v":"Incomplete"},null,{"$f":"IF(OR($H13=\"Class_8\",$X13=\"Class_8\"),\"Class_8\",IF(OR($H13=\"Class_7\",$X13=\"Class_7\"),\"Class_7\",IF(OR($H13=\"Class_6\",$X13=\"Class_6\"),\"Class_6\")))","v":false},false,{"$f":"IF($D13=\"Repower\",IF($H13=\"Class_7\",IF($M13=\"New: 2013+ HHD\",\"CL7HHD\",\"gas\")))","v":false},false,null,{"$f":"IF($D13=\"2-for-1 Replace\",\"Norestr\",IF($D13=\"Replacement\",IF($H13=\"Class_6\",\"Replacement6\",IF($H13=\"Class_7\",IF($I13=\"MHD\",\"Replacement7MHD\",\"Replacement7HHD\"),IF($H13=\"Class_8\",IF($I13=\"HHD\",\"Replacement8HHD\",\"Replacement8MHD\")))),IF($AK13=\"Repower_8\",\"Repo8\",IF($AK13=\"Repower_7\",\"Repo7\",IF($AK13=\"Repower_6\",\"Repo6\",)))))","v":0},{"$f":"IF($D13=\"Replacement\",IF($H13=\"Class_6\",\"Replacement_6\",IF($H13=\"Class_7\",\"Replacement_7\",IF($H13=\"Class_8\",\"Replacement_8\",null))),IF($D13=\"Repower\",IF($H13=\"Class_6\",\"Repower_6\",IF($H13=\"Class_7\",\"Repower_7\",IF($H13=\"Class_8\",\"Repower_8\",null))),IF($D13=\"2-for-1 Replace\",IF($L13=\"Class_6\",\"Replacement_6\",IF($L13=\"Class_7\",\"Replacement_7\",IF($L13=\"Class_8\",\"Replacement_8\",null))))))","v":false},null,null,null,null," "]
["project 10",null,null,null,null,null,null,{"$f":"IF($G14=\"33,001 +\",\"Class_8\",IF($G14=\"26,001-33,000\",\"Class_7\",IF($G14=\"19,501-26,000\",\"Class_6\",\"\")))","v":""},null,null,null,null,null,null,{"$f":"IF(H14=\"Class_6\",IF(T14=\"No\",MIN(IF((J14*K14)<10000,0,J14*K14),IF((J14*N14)<10000,0,J14*N14)),IF(MIN(Y14*Z14,Y14*N14)+MIN(J14*K14,J14*N14)>9999,MIN(J14*K14,J14*N14),0)),IF(T14=\"No\",MIN(IF((J14*K14)<20000,0,J14*K14),IF((J14*N14)<20000,0,J14*N14)),IF(MIN(Y14*Z14,Y14*N14)+MIN(J14*K14,J14*N14)>19999,MIN(J14*K14,J14*N14),0)))","v":0},null,null,{"$f":"IF($D14=\"2-for-1 Replace\",IF(OR($L14=\"Class_6\",$AE14=\"Class_6\"),\"25,000\",IF(OR($L14=\"Class_7\",$AE14=\"Class_7\"),\"35,000\",IF(OR($L14=\"Class_8\",$AE14=\"Class_8\"),IF($M14=\"New: 2013+\",\"50,000\",\"40,000\")))),IF($AK14=\"Replacement_8\",IF($L14=\"Class_7\",\"35,000\",IF($M14=\"New: 2013+\",\"50,000\",IF($M14=\"Used: 2010+\",\"40,000\"))),IF($AK14=\"Replacement_7\",\"35,000\",IF($AK14=\"Replacement_6\",\"25,000\",IF($AK14=\"Repower_8\",\"20,000\",IF($AK14=\"Repower_7\",IF($M14=\"New: 2013+ MHD\",\"10,000\",IF($M14=\"New: 2013+ HHD\",\"20,000\")),IF($AK14=\"Repower_6\",\"10,000\",\"0\")))))))","v":"0"},"No","No",null,null,null,{"$f":"IF($W14=\"33,001 +\",\"Class_8\",IF($W14=\"26,001-33,000\",\"Class_7\",IF($W14=\"19,501-26,000\",\"Class_6\",IF($W14=\"\",\"\"))))","v":""},null,null,0,{"$f":"IF($T14=\"Yes\",IF(COUNTA($U14:$AA14)=7,\"Complete\",\"Incomplete\"),\"N/A\")","v":"N/A"},{"$f":"IF($D14=\"2-for-1 Replace\",IF(OR(COUNTA(A14:AA14)=27,COUNTA(A14:AA14)=29),\"Complete\",\"Incomplete\"),IF(OR($D14=\"Replacement\",$D14=\"Repower\"),IF(COUNTA(A14:Q14)=17,\"Complete\",\"Incomplete\"),\"Incomplete\"))","v":"Incomplete"},null,{"$f":"IF(OR($H14=\"Class_8\",$X14=\"Class_8\"),\"Class_8\",IF(OR($H14=\"Class_7\",$X14=\"Class_7\"),\"Class_7\",IF(OR($H14=\"Class_6\",$X14=\"Class_6\"),\"Class_6\")))","v":false},false,{"$f":"IF($D14=\"Repower\",IF($H14=\"Class_7\",IF($M14=\"New: 2013+ HHD\",\"CL7HHD\",\"gas\")))","v":false},false,null,{"$f":"IF($D14=\"2-for-1 Replace\",\"Norestr\",IF($D14=\"Replacement\",IF($H14=\"Class_6\",\"Replacement6\",IF($H14=\"Class_7\",IF($I14=\"MHD\",\"Replacement7MHD\",\"Replacement7HHD\"),IF($H14=\"Class_8\",IF($I14=\"HHD\",\"Replacement8HHD\",\"Replacement8MHD\")))),IF($AK14=\"Repower_8\",\"Repo8\",IF($AK14=\"Repower_7\",\"Repo7\",IF($AK14=\"Repower_6\",\"Repo6\",)))))","v":0},{"$f":"IF($D14=\"Replacement\",IF($H14=\"Class_6\",\"Replacement_6\",IF($H14=\"Class_7\",\"Replacement_7\",IF($H14=\"Class_8\",\"Replacement_8\",null))),IF($D14=\"Repower\",IF($H14=\"Class_6\",\"Repower_6\",IF($H14=\"Class_7\",\"Repower_7\",IF($H14=\"Class_8\",\"Repower_8\",null))),IF($D14=\"2-for-1 Replace\",IF($L14=\"Class_6\",\"Replacement_6\",IF($L14=\"Class_7\",\"Replacement_7\",IF($L14=\"Class_8\",\"Replacement_8\",null))))))","v":false}]
["project 11",null,null,null,null,null,null,{"$f":"IF($G15=\"33,001 +\",\"Class_8\",IF($G15=\"26,001-33,000\",\"Class_7\",IF($G15=\"19,501-26,000\",\"Class_6\",\"\")))","v":""},null,null,null,null,null,null,{"$f":"IF(H15=\"Class_6\",IF(T15=\"No\",MIN(IF((J15*K15)<10000,0,J15*K15),IF((J15*N15)<10000,0,J15*N15)),IF(MIN(Y15*Z15,Y15*N15)+MIN(J15*K15,J15*N15)>9999,MIN(J15*K15,J15*N15),0)),IF(T15=\"No\",MIN(IF((J15*K15)<20000,0,J15*K15),IF((J15*N15)<20000,0,J15*N15)),IF(MIN(Y15*Z15,Y15*N15)+MIN(J15*K15,J15*N15)>19999,MIN(J15*K15,J15*N15),0)))","v":0},null,null,{"$f":"IF($D15=\"2-for-1 Replace\",IF(OR($L15=\"Class_6\",$AE15=\"Class_6\"),\"25,000\",IF(OR($L15=\"Class_7\",$AE15=\"Class_7\"),\"35,000\",IF(OR($L15=\"Class_8\",$AE15=\"Class_8\"),IF($M15=\"New: 2013+\",\"50,000\",\"40,000\")))),IF($AK15=\"Replacement_8\",IF($L15=\"Class_7\",\"35,000\",IF($M15=\"New: 2013+\",\"50,000\",IF($M15=\"Used: 2010+\",\"40,000\"))),IF($AK15=\"Replacement_7\",\"35,000\",IF($AK15=\"Replacement_6\",\"25,000\",IF($AK15=\"Repower_8\",\"20,000\",IF($AK15=\"Repower_7\",IF($M15=\"New: 2013+ MHD\",\"10,000\",IF($M15=\"New: 2013+ HHD\",\"20,000\")),IF($AK15=\"Repower_6\",\"10,000\",\"0\")))))))","v":"0"},"No","No",null,null,null,{"$f":"IF($W15=\"33,001 +\",\"Class_8\",IF($W15=\"26,001-33,000\",\"Class_7\",IF($W15=\"19,501-26,000\",\"Class_6\",IF($W15=\"\",\"\"))))","v":""},null,null,0,{"$f":"IF($T15=\"Yes\",IF(COUNTA($U15:$AA15)=7,\"Complete\",\"Incomplete\"),\"N/A\")","v":"N/A"},{"$f":"IF($D15=\"2-for-1 Replace\",IF(OR(COUNTA(A15:AA15)=27,COUNTA(A15:AA15)=29),\"Complete\",\"Incomplete\"),IF(OR($D15=\"Replacement\",$D15=\"Repower\"),IF(COUNTA(A15:Q15)=17,\"Complete\",\"Incomplete\"),\"Incomplete\"))","v":"Incomplete"},null,{"$f":"IF(OR($H15=\"Class_8\",$X15=\"Class_8\"),\"Class_8\",IF(OR($H15=\"Class_7\",$X15=\"Class_7\"),\"Class_7\",IF(OR($H15=\"Class_6\",$X15=\"Class_6\"),\"Class_6\")))","v":false},false,{"$f":"IF($D15=\"Repower\",IF($H15=\"Class_7\",IF($M15=\"New: 2013+ HHD\",\"CL7HHD\",\"gas\")))","v":false},false,null,{"$f":"IF($D15=\"2-for-1 Replace\",\"Norestr\",IF($D15=\"Replacement\",IF($H15=\"Class_6\",\"Replacement6\",IF($H15=\"Class_7\",IF($I15=\"MHD\",\"Replacement7MHD\",\"Replacement7HHD\"),IF($H15=\"Class_8\",IF($I15=\"HHD\",\"Replacement8HHD\",\"Replacement8MHD\")))),IF($AK15=\"Repower_8\",\"Repo8\",IF($AK15=\"Repower_7\",\"Repo7\",IF($AK15=\"Repower_6\",\"Repo6\",)))))","v":0},{"$f":"IF($D15=\"Replacement\",IF($H15=\"Class_6\",\"Replacement_6\",IF($H15=\"Class_7\",\"Replacement_7\",IF($H15=\"Class_8\",\"Replacement_8\",null))),IF($D15=\"Repower\",IF($H15=\"Class_6\",\"Repower_6\",IF($H15=\"Class_7\",\"Repower_7\",IF($H15=\"Class_8\",\"Repower_8\",null))),IF($D15=\"2-for-1 Replace\",IF($L15=\"Class_6\",\"Replacement_6\",IF($L15=\"Class_7\",\"Replacement_7\",IF($L15=\"Class_8\",\"Replacement_8\",null))))))","v":false}]
["project 21",null,null,null,null,null,null,{"$f":"IF($G25=\"33,001 +\",\"Class_8\",IF($G25=\"26,001-33,000\",\"Class_7\",IF($G25=\"19,501-26,000\",\"Class_6\",\"\")))","v":""},null,null,null,null,null,null,{"$f":"IF(H25=\"Class_6\",IF(T25=\"No\",MIN(IF((J25*K25)<10000,0,J25*K25),IF((J25*N25)<10000,0,J25*N25)),IF(MIN(Y25*Z25,Y25*N25)+MIN(J25*K25,J25*N25)>9999,MIN(J25*K25,J25*N25),0)),IF(T25=\"No\",MIN(IF((J25*K25)<20000,0,J25*K25),IF((J25*N25)<20000,0,J25*N25)),IF(MIN(Y25*Z25,Y25*N25)+MIN(J25*K25,J25*N25)>19999,MIN(J25*K25,J25*N25),0)))","v":0},null,null,{"$f":"IF($D25=\"2-for-1 Replace\",IF(OR($L25=\"Class_6\",$AE25=\"Class_6\"),\"25,000\",IF(OR($L25=\"Class_7\",$AE25=\"Class_7\"),\"35,000\",IF(OR($L25=\"Class_8\",$AE25=\"Class_8\"),IF($M25=\"New: 2013+\",\"50,000\",\"40,000\")))),IF($AK25=\"Replacement_8\",IF($L25=\"Class_7\",\"35,000\",IF($M25=\"New: 2013+\",\"50,000\",IF($M25=\"Used: 2010+\",\"40,000\"))),IF($AK25=\"Replacement_7\",\"35,000\",IF($AK25=\"Replacement_6\",\"25,000\",IF($AK25=\"Repower_8\",\"20,000\",IF($AK25=\"Repower_7\",IF($M25=\"New: 2013+ MHD\",\"10,000\",IF($M25=\"New: 2013+ HHD\",\"20,000\")),IF($AK25=\"Repower_6\",\"10,000\",\"0\")))))))","v":"0"},"No","No",null,null,null,{"$f":"IF($W25=\"33,001 +\",\"Class_8\",IF($W25=\"26,001-33,000\",\"Class_7\",IF($W25=\"19,501-26,000\",\"Class_6\",IF($W25=\"\",\"\"))))","v":""},null,null,0,{"$f":"IF($T25=\"Yes\",IF(COUNTA($U25:$AA25)=7,\"Complete\",\"Incomplete\"),\"N/A\")","v":"N/A"},{"$f":"IF($D25=\"2-for-1 Replace\",IF(OR(COUNTA(A25:AA25)=27,COUNTA(A25:AA25)=29),\"Complete\",\"Incomplete\"),IF(OR($D25=\"Replacement\",$D25=\"Repower\"),IF(COUNTA(A25:Q25)=17,\"Complete\",\"Incomplete\"),\"Incomplete\"))","v":"Incomplete"},null,{"$f":"IF(OR($H25=\"Class_8\",$X25=\"Class_8\"),\"Class_8\",IF(OR($H25=\"Class_7\",$X25=\"Class_7\"),\"Class_7\",IF(OR($H25=\"Class_6\",$X25=\"Class_6\"),\"Class_6\")))","v":false},false,{"$f":"IF($D25=\"Repower\",IF($H25=\"Class_7\",IF($M25=\"New: 2013+ HHD\",\"CL7HHD\",\"gas\")))","v":false},false,null,{"$f":"IF($D25=\"2-for-1 Replace\",\"Norestr\",IF($D25=\"Replacement\",IF($H25=\"Class_6\",\"Replacement6\",IF($H25=\"Class_7\",IF($I25=\"MHD\",\"Replacement7MHD\",\"Replacement7HHD\"),IF($H25=\"Class_8\",IF($I25=\"HHD\",\"Replacement8HHD\",\"Replacement8MHD\")))),IF($AK25=\"Repower_8\",\"Repo8\",IF($AK25=\"Repower_7\",\"Repo7\",IF($AK25=\"Repower_6\",\"Repo6\",)))))","v":0},{"$f":"IF($D25=\"Replacement\",IF($H25=\"Class_6\",\"Replacement_6\",IF($H25=\"Class_7\",\"Replacement_7\",IF($H25=\"Class_8\",\"Replacement_8\",null))),IF($D25=\"Repower\",IF($H25=\"Class_6\",\"Repower_6\",IF($H25=\"Class_7\",\"Repower_7\",IF($H25=\"Class_8\",\"Repower_8\",null))),IF($D25=\"2-for-1 Replace\",IF($L25=\"Class_6\",\"Replacement_6\",IF($L25=\"Class_7\",\"Replacement_7\",IF($L25=\"Class_8\",\"Replacement_8\",null))))))","v":false}]
["project 34",null,null,null,null,null,null,{"$f":"IF($G38=\"33,001 +\",\"Class_8\",IF($G38=\"26,001-33,000\",\"Class_7\",IF($G38=\"19,501-26,000\",\"Class_6\",\"\")))","v":""},null,null,null,null,null,null,{"$f":"IF(H38=\"Class_6\",IF(T38=\"No\",MIN(IF((J38*K38)<10000,0,J38*K38),IF((J38*N38)<10000,0,J38*N38)),IF(MIN(Y38*Z38,Y38*N38)+MIN(J38*K38,J38*N38)>9999,MIN(J38*K38,J38*N38),0)),IF(T38=\"No\",MIN(IF((J38*K38)<20000,0,J38*K38),IF((J38*N38)<20000,0,J38*N38)),IF(MIN(Y38*Z38,Y38*N38)+MIN(J38*K38,J38*N38)>19999,MIN(J38*K38,J38*N38),0)))","v":0},null,null,{"$f":"IF($D38=\"2-for-1 Replace\",IF(OR($L38=\"Class_6\",$AE38=\"Class_6\"),\"25,000\",IF(OR($L38=\"Class_7\",$AE38=\"Class_7\"),\"35,000\",IF(OR($L38=\"Class_8\",$AE38=\"Class_8\"),IF($M38=\"New: 2013+\",\"50,000\",\"40,000\")))),IF($AK38=\"Replacement_8\",IF($L38=\"Class_7\",\"35,000\",IF($M38=\"New: 2013+\",\"50,000\",IF($M38=\"Used: 2010+\",\"40,000\"))),IF($AK38=\"Replacement_7\",\"35,000\",IF($AK38=\"Replacement_6\",\"25,000\",IF($AK38=\"Repower_8\",\"20,000\",IF($AK38=\"Repower_7\",IF($M38=\"New: 2013+ MHD\",\"10,000\",IF($M38=\"New: 2013+ HHD\",\"20,000\")),IF($AK38=\"Repower_6\",\"10,000\",\"0\")))))))","v":"0"},"No","No",null,null,null,{"$f":"IF($W38=\"33,001 +\",\"Class_8\",IF($W38=\"26,001-33,000\",\"Class_7\",IF($W38=\"19,501-26,000\",\"Class_6\",IF($W38=\"\",\"\"))))","v":""},null,null,0,{"$f":"IF($T38=\"Yes\",IF(COUNTA($U38:$AA38)=7,\"Complete\",\"Incomplete\"),\"N/A\")","v":"N/A"},{"$f":"IF($D38=\"2-for-1 Replace\",IF(OR(COUNTA(A38:AA38)=27,COUNTA(A38:AA38)=29),\"Complete\",\"Incomplete\"),IF(OR($D38=\"Replacement\",$D38=\"Repower\"),IF(COUNTA(A38:Q38)=17,\"Complete\",\"Incomplete\"),\"Incomplete\"))","v":"Incomplete"},null,{"$f":"IF(OR($H38=\"Class_8\",$X38=\"Class_8\"),\"Class_8\",IF(OR($H38=\"Class_7\",$X38=\"Class_7\"),\"Class_7\",IF(OR($H38=\"Class_6\",$X38=\"Class_6\"),\"Class_6\")))","v":false},false,{"$f":"IF($D38=\"Repower\",IF($H38=\"Class_7\",IF($M38=\"New: 2013+ HHD\",\"CL7HHD\",\"gas\")))","v":false},false,null,{"$f":"IF($D38=\"2-for-1 Replace\",\"Norestr\",IF($D38=\"Replacement\",IF($H38=\"Class_6\",\"Replacement6\",IF($H38=\"Class_7\",IF($I38=\"MHD\",\"Replacement7MHD\",\"Replacement7HHD\"),IF($H38=\"Class_8\",IF($I38=\"HHD\",\"Replacement8HHD\",\"Replacement8MHD\")))),IF($AK38=\"Repower_8\",\"Repo8\",IF($AK38=\"Repower_7\",\"Repo7\",IF($AK38=\"Repower_6\",\"Repo6\",)))))","v":0},{"$f":"IF($D38=\"Replacement\",IF($H38=\"Class_6\",\"Replacement_6\",IF($H38=\"Class_7\",\"Replacement_7\",IF($H38=\"Class_8\",\"Replacement_8\",null))),IF($D38=\"Repower\",IF($H38=\"Class_6\",\"Repower_6\",IF($H38=\"Class_7\",\"Repower_7\",IF($H38=\"Class_8\",\"Repower_8\",null))),IF($D38=\"2-for-1 Replace\",IF($L38=\"Class_6\",\"Replacement_6\",IF($L38=\"Class_7\",\"Replacement_7\",IF($L38=\"Class_8\",\"Replacement_8\",null))))))","v":false}]
["project 41",null,null,null,null,null,null,{"$f":"IF($G45=\"33,001 +\",\"Class_8\",IF($G45=\"26,001-33,000\",\"Class_7\",IF($G45=\"19,501-26,000\",\"Class_6\",\"\")))","v":""},null,null,null,null,null,null,{"$f":"IF(H45=\"Class_6\",IF(T45=\"No\",MIN(IF((J45*K45)<10000,0,J45*K45),IF((J45*N45)<10000,0,J45*N45)),IF(MIN(Y45*Z45,Y45*N45)+MIN(J45*K45,J45*N45)>9999,MIN(J45*K45,J45*N45),0)),IF(T45=\"No\",MIN(IF((J45*K45)<20000,0,J45*K45),IF((J45*N45)<20000,0,J45*N45)),IF(MIN(Y45*Z45,Y45*N45)+MIN(J45*K45,J45*N45)>19999,MIN(J45*K45,J45*N45),0)))","v":0},null,null,{"$f":"IF($D45=\"2-for-1 Replace\",IF(OR($L45=\"Class_6\",$AE45=\"Class_6\"),\"25,000\",IF(OR($L45=\"Class_7\",$AE45=\"Class_7\"),\"35,000\",IF(OR($L45=\"Class_8\",$AE45=\"Class_8\"),IF($M45=\"New: 2013+\",\"50,000\",\"40,000\")))),IF($AK45=\"Replacement_8\",IF($L45=\"Class_7\",\"35,000\",IF($M45=\"New: 2013+\",\"50,000\",IF($M45=\"Used: 2010+\",\"40,000\"))),IF($AK45=\"Replacement_7\",\"35,000\",IF($AK45=\"Replacement_6\",\"25,000\",IF($AK45=\"Repower_8\",\"20,000\",IF($AK45=\"Repower_7\",IF($M45=\"New: 2013+ MHD\",\"10,000\",IF($M45=\"New: 2013+ HHD\",\"20,000\")),IF($AK45=\"Repower_6\",\"10,000\",\"0\")))))))","v":"0"},"No","No",null,null,null,{"$f":"IF($W45=\"33,001 +\",\"Class_8\",IF($W45=\"26,001-33,000\",\"Class_7\",IF($W45=\"19,501-26,000\",\"Class_6\",IF($W45=\"\",\"\"))))","v":""},null,null,0,{"$f":"IF($T45=\"Yes\",IF(COUNTA($U45:$AA45)=7,\"Complete\",\"Incomplete\"),\"N/A\")","v":"N/A"},{"$f":"IF($D45=\"2-for-1 Replace\",IF(OR(COUNTA(A45:AA45)=27,COUNTA(A45:AA45)=29),\"Complete\",\"Incomplete\"),IF(OR($D45=\"Replacement\",$D45=\"Repower\"),IF(COUNTA(A45:Q45)=17,\"Complete\",\"Incomplete\"),\"Incomplete\"))","v":"Incomplete"},null,{"$f":"IF(OR($H45=\"Class_8\",$X45=\"Class_8\"),\"Class_8\",IF(OR($H45=\"Class_7\",$X45=\"Class_7\"),\"Class_7\",IF(OR($H45=\"Class_6\",$X45=\"Class_6\"),\"Class_6\")))","v":false},false,{"$f":"IF($D45=\"Repower\",IF($H45=\"Class_7\",IF($M45=\"New: 2013+ HHD\",\"CL7HHD\",\"gas\")))","v":false},false,null,{"$f":"IF($D45=\"2-for-1 Replace\",\"Norestr\",IF($D45=\"Replacement\",IF($H45=\"Class_6\",\"Replacement6\",IF($H45=\"Class_7\",IF($I45=\"MHD\",\"Replacement7MHD\",\"Replacement7HHD\"),IF($H45=\"Class_8\",IF($I45=\"HHD\",\"Replacement8HHD\",\"Replacement8MHD\")))),IF($AK45=\"Repower_8\",\"Repo8\",IF($AK45=\"Repower_7\",\"Repo7\",IF($AK45=\"Repower_6\",\"Repo6\",)))))","v":0},{"$f":"IF($D45=\"Replacement\",IF($H45=\"Class_6\",\"Replacement_6\",IF($H45=\"Class_7\",\"Replacement_7\",IF($H45=\"Class_8\",\"Replacement_8\",null))),IF($D45=\"Repower\",IF($H45=\"Class_6\",\"Repower_6\",IF($H45=\"Class_7\",\"Repower_7\",IF($H45=\"Class_8\",\"Repower_8\",null))),IF($D45=\"2-for-1 Replace\",IF($L45=\"Class_6\",\"Replacement_6\",IF($L45=\"Class_7\",\"Replacement_7\",IF($L45=\"Class_8\",\"Replacement_8\",null))))))","v":false}]
["project 57",null,null,null,null,null,null,{"$f":"IF($G61=\"33,001 +\",\"Class_8\",IF($G61=\"26,001-33,000\",\"Class_7\",IF($G61=\"19,501-26,000\",\"Class_6\",\"\")))","v":""},null,null,null,null,null,null,{"$f":"IF(H61=\"Class_6\",IF(T61=\"No\",MIN(IF((J61*K61)<10000,0,J61*K61),IF((J61*N61)<10000,0,J61*N61)),IF(MIN(Y61*Z61,Y61*N61)+MIN(J61*K61,J61*N61)>9999,MIN(J61*K61,J61*N61),0)),IF(T61=\"No\",MIN(IF((J61*K61)<20000,0,J61*K61),IF((J61*N61)<20000,0,J61*N61)),IF(MIN(Y61*Z61,Y61*N61)+MIN(J61*K61,J61*N61)>19999,MIN(J61*K61,J61*N61),0)))","v":0},null,null,{"$f":"IF($D61=\"2-for-1 Replace\",IF(OR($L61=\"Class_6\",$AE61=\"Class_6\"),\"25,000\",IF(OR($L61=\"Class_7\",$AE61=\"Class_7\"),\"35,000\",IF(OR($L61=\"Class_8\",$AE61=\"Class_8\"),IF($M61=\"New: 2013+\",\"50,000\",\"40,000\")))),IF($AK61=\"Replacement_8\",IF($L61=\"Class_7\",\"35,000\",IF($M61=\"New: 2013+\",\"50,000\",IF($M61=\"Used: 2010+\",\"40,000\"))),IF($AK61=\"Replacement_7\",\"35,000\",IF($AK61=\"Replacement_6\",\"25,000\",IF($AK61=\"Repower_8\",\"20,000\",IF($AK61=\"Repower_7\",IF($M61=\"New: 2013+ MHD\",\"10,000\",IF($M61=\"New: 2013+ HHD\",\"20,000\")),IF($AK61=\"Repower_6\",\"10,000\",\"0\")))))))","v":"0"},"No","No",null,null,null,{"$f":"IF($W61=\"33,001 +\",\"Class_8\",IF($W61=\"26,001-33,000\",\"Class_7\",IF($W61=\"19,501-26,000\",\"Class_6\",IF($W61=\"\",\"\"))))","v":""},null,null,0,{"$f":"IF($T61=\"Yes\",IF(COUNTA($U61:$AA61)=7,\"Complete\",\"Incomplete\"),\"N/A\")","v":"N/A"},{"$f":"IF($D61=\"2-for-1 Replace\",IF(OR(COUNTA(A61:AA61)=27,COUNTA(A61:AA61)=29),\"Complete\",\"Incomplete\"),IF(OR($D61=\"Replacement\",$D61=\"Repower\"),IF(COUNTA(A61:Q61)=17,\"Complete\",\"Incomplete\"),\"Incomplete\"))","v":"Incomplete"},null,{"$f":"IF(OR($H61=\"Class_8\",$X61=\"Class_8\"),\"Class_8\",IF(OR($H61=\"Class_7\",$X61=\"Class_7\"),\"Class_7\",IF(OR($H61=\"Class_6\",$X61=\"Class_6\"),\"Class_6\")))","v":false},false,{"$f":"IF($D61=\"Repower\",IF($H61=\"Class_7\",IF($M61=\"New: 2013+ HHD\",\"CL7HHD\",\"gas\")))","v":false},false,null,{"$f":"IF($D61=\"2-for-1 Replace\",\"Norestr\",IF($D61=\"Replacement\",IF($H61=\"Class_6\",\"Replacement6\",IF($H61=\"Class_7\",IF($I61=\"MHD\",\"Replacement7MHD\",\"Replacement7HHD\"),IF($H61=\"Class_8\",IF($I61=\"HHD\",\"Replacement8HHD\",\"Replacement8MHD\")))),IF($AK61=\"Repower_8\",\"Repo8\",IF($AK61=\"Repower_7\",\"Repo7\",IF($AK61=\"Repower_6\",\"Repo6\",)))))","v":0},{"$f":"IF($D61=\"Replacement\",IF($H61=\"Class_6\",\"Replacement_6\",IF($H61=\"Class_7\",\"Replacement_7\",IF($H61=\"Class_8\",\"Replacement_8\",null))),IF($D61=\"Repower\",IF($H61=\"Class_6\",\"Repower_6\",IF($H61=\"Class_7\",\"Repower_7\",IF($H61=\"Class_8\",\"Repower_8\",null))),IF($D61=\"2-for-1 Replace\",IF($L61=\"Class_6\",\"Replacement_6\",IF($L61=\"Class_7\",\"Replacement_7\",IF($L61=\"Class_8\",\"Replacement_8\",null))))))","v":false}]
["project 63",null,null,null,null,null,null,{"$f":"IF($G67=\"33,001 +\",\"Class_8\",IF($G67=\"26,001-33,000\",\"Class_7\",IF($G67=\"19,501-26,000\",\"Class_6\",\"\")))","v":""},null,null,null,null,null,null,{"$f":"IF(H67=\"Class_6\",IF(T67=\"No\",MIN(IF((J67*K67)<10000,0,J67*K67),IF((J67*N67)<10000,0,J67*N67)),IF(MIN(Y67*Z67,Y67*N67)+MIN(J67*K67,J67*N67)>9999,MIN(J67*K67,J67*N67),0)),IF(T67=\"No\",MIN(IF((J67*K67)<20000,0,J67*K67),IF((J67*N67)<20000,0,J67*N67)),IF(MIN(Y67*Z67,Y67*N67)+MIN(J67*K67,J67*N67)>19999,MIN(J67*K67,J67*N67),0)))","v":0},null,null,{"$f":"IF($D67=\"2-for-1 Replace\",IF(OR($L67=\"Class_6\",$AE67=\"Class_6\"),\"25,000\",IF(OR($L67=\"Class_7\",$AE67=\"Class_7\"),\"35,000\",IF(OR($L67=\"Class_8\",$AE67=\"Class_8\"),IF($M67=\"New: 2013+\",\"50,000\",\"40,000\")))),IF($AK67=\"Replacement_8\",IF($L67=\"Class_7\",\"35,000\",IF($M67=\"New: 2013+\",\"50,000\",IF($M67=\"Used: 2010+\",\"40,000\"))),IF($AK67=\"Replacement_7\",\"35,000\",IF($AK67=\"Replacement_6\",\"25,000\",IF($AK67=\"Repower_8\",\"20,000\",IF($AK67=\"Repower_7\",IF($M67=\"New: 2013+ MHD\",\"10,000\",IF($M67=\"New: 2013+ HHD\",\"20,000\")),IF($AK67=\"Repower_6\",\"10,000\",\"0\")))))))","v":"0"},"No","No",null,null,null,{"$f":"IF($W67=\"33,001 +\",\"Class_8\",IF($W67=\"26,001-33,000\",\"Class_7\",IF($W67=\"19,501-26,000\",\"Class_6\",IF($W67=\"\",\"\"))))","v":""},null,null,0,{"$f":"IF($T67=\"Yes\",IF(COUNTA($U67:$AA67)=7,\"Complete\",\"Incomplete\"),\"N/A\")","v":"N/A"},{"$f":"IF($D67=\"2-for-1 Replace\",IF(OR(COUNTA(A67:AA67)=27,COUNTA(A67:AA67)=29),\"Complete\",\"Incomplete\"),IF(OR($D67=\"Replacement\",$D67=\"Repower\"),IF(COUNTA(A67:Q67)=17,\"Complete\",\"Incomplete\"),\"Incomplete\"))","v":"Incomplete"},null,{"$f":"IF(OR($H67=\"Class_8\",$X67=\"Class_8\"),\"Class_8\",IF(OR($H67=\"Class_7\",$X67=\"Class_7\"),\"Class_7\",IF(OR($H67=\"Class_6\",$X67=\"Class_6\"),\"Class_6\")))","v":false},false,{"$f":"IF($D67=\"Repower\",IF($H67=\"Class_7\",IF($M67=\"New: 2013+ HHD\",\"CL7HHD\",\"gas\")))","v":false},false,null,{"$f":"IF($D67=\"2-for-1 Replace\",\"Norestr\",IF($D67=\"Replacement\",IF($H67=\"Class_6\",\"Replacement6\",IF($H67=\"Class_7\",IF($I67=\"MHD\",\"Replacement7MHD\",\"Replacement7HHD\"),IF($H67=\"Class_8\",IF($I67=\"HHD\",\"Replacement8HHD\",\"Replacement8MHD\")))),IF($AK67=\"Repower_8\",\"Repo8\",IF($AK67=\"Repower_7\",\"Repo7\",IF($AK67=\"Repower_6\",\"Repo6\",)))))","v":0},{"$f":"IF($D67=\"Replacement\",IF($H67=\"Class_6\",\"Replacement_6\",IF($H67=\"Class_7\",\"Replacement_7\",IF($H67=\"Class_8\",\"Replacement_8\",null))),IF($D67=\"Repower\",IF($H67=\"Class_6\",\"Repower_6\",IF($H67=\"Class_7\",\"Repower_7\",IF($H67=\"Class_8\",\"Repower_8\",null))),IF($D67=\"2-for-1 Replace\",IF($L67=\"Class_6\",\"Replacement_6\",IF($L67=\"Class_7\",\"Replacement_7\",IF($L67=\"Class_8\",\"Replacement_8\",null))))))","v":false}]
["project 76",null,null,null,null,null,null,{"$f":"IF($G80=\"33,001 +\",\"Class_8\",IF($G80=\"26,001-33,000\",\"Class_7\",IF($G80=\"19,501-26,000\",\"Class_6\",\"\")))","v":""},null,null,null,null,null,null,{"$f":"IF(H80=\"Class_6\",IF(T80=\"No\",MIN(IF((J80*K80)<10000,0,J80*K80),IF((J80*N80)<10000,0,J80*N80)),IF(MIN(Y80*Z80,Y80*N80)+MIN(J80*K80,J80*N80)>9999,MIN(J80*K80,J80*N80),0)),IF(T80=\"No\",MIN(IF((J80*K80)<20000,0,J80*K80),IF((J80*N80)<20000,0,J80*N80)),IF(MIN(Y80*Z80,Y80*N80)+MIN(J80*K80,J80*N80)>19999,MIN(J80*K80,J80*N80),0)))","v":0},null,null,{"$f":"IF($D80=\"2-for-1 Replace\",IF(OR($L80=\"Class_6\",$AE80=\"Class_6\"),\"25,000\",IF(OR($L80=\"Class_7\",$AE80=\"Class_7\"),\"35,000\",IF(OR($L80=\"Class_8\",$AE80=\"Class_8\"),IF($M80=\"New: 2013+\",\"50,000\",\"40,000\")))),IF($AK80=\"Replacement_8\",IF($L80=\"Class_7\",\"35,000\",IF($M80=\"New: 2013+\",\"50,000\",IF($M80=\"Used: 2010+\",\"40,000\"))),IF($AK80=\"Replacement_7\",\"35,000\",IF($AK80=\"Replacement_6\",\"25,000\",IF($AK80=\"Repower_8\",\"20,000\",IF($AK80=\"Repower_7\",IF($M80=\"New: 2013+ MHD\",\"10,000\",IF($M80=\"New: 2013+ HHD\",\"20,000\")),IF($AK80=\"Repower_6\",\"10,000\",\"0\")))))))","v":"0"},"No","No",null,null,null,{"$f":"IF($W80=\"33,001 +\",\"Class_8\",IF($W80=\"26,001-33,000\",\"Class_7\",IF($W80=\"19,501-26,000\",\"Class_6\",IF($W80=\"\",\"\"))))","v":""},null,null,0,{"$f":"IF($T80=\"Yes\",IF(COUNTA($U80:$AA80)=7,\"Complete\",\"Incomplete\"),\"N/A\")","v":"N/A"},{"$f":"IF($D80=\"2-for-1 Replace\",IF(OR(COUNTA(A80:AA80)=27,COUNTA(A80:AA80)=29),\"Complete\",\"Incomplete\"),IF(OR($D80=\"Replacement\",$D80=\"Repower\"),IF(COUNTA(A80:Q80)=17,\"Complete\",\"Incomplete\"),\"Incomplete\"))","v":"Incomplete"},null,{"$f":"IF(OR($H80=\"Class_8\",$X80=\"Class_8\"),\"Class_8\",IF(OR($H80=\"Class_7\",$X80=\"Class_7\"),\"Class_7\",IF(OR($H80=\"Class_6\",$X80=\"Class_6\"),\"Class_6\")))","v":false},false,{"$f":"IF($D80=\"Repower\",IF($H80=\"Class_7\",IF($M80=\"New: 2013+ HHD\",\"CL7HHD\",\"gas\")))","v":false},false,null,{"$f":"IF($D80=\"2-for-1 Replace\",\"Norestr\",IF($D80=\"Replacement\",IF($H80=\"Class_6\",\"Replacement6\",IF($H80=\"Class_7\",IF($I80=\"MHD\",\"Replacement7MHD\",\"Replacement7HHD\"),IF($H80=\"Class_8\",IF($I80=\"HHD\",\"Replacement8HHD\",\"Replacement8MHD\")))),IF($AK80=\"Repower_8\",\"Repo8\",IF($AK80=\"Repower_7\",\"Repo7\",IF($AK80=\"Repower_6\",\"Repo6\",)))))","v":0},{"$f":"IF($D80=\"Replacement\",IF($H80=\"Class_6\",\"Replacement_6\",IF($H80=\"Class_7\",\"Replacement_7\",IF($H80=\"Class_8\",\"Replacement_8\",null))),IF($D80=\"Repower\",IF($H80=\"Class_6\",\"Repower_6\",IF($H80=\"Class_7\",\"Repower_7\",IF($H80=\"Class_8\",\"Repower_8\",null))),IF($D80=\"2-for-1 Replace\",IF($L80=\"Class_6\",\"Replacement_6\",IF($L80=\"Class_7\",\"Replacement_7\",IF($L80=\"Class_8\",\"Replacement_8\",null))))))","v":false}]
["project 89",null,null,null,null,null,null,{"$f":"IF($G93=\"33,001 +\",\"Class_8\",IF($G93=\"26,001-33,000\",\"Class_7\",IF($G93=\"19,501-26,000\",\"Class_6\",\"\")))","v":""},null,null,null,null,null,null,{"$f":"IF(H93=\"Class_6\",IF(T93=\"No\",MIN(IF((J93*K93)<10000,0,J93*K93),IF((J93*N93)<10000,0,J93*N93)),IF(MIN(Y93*Z93,Y93*N93)+MIN(J93*K93,J93*N93)>9999,MIN(J93*K93,J93*N93),0)),IF(T93=\"No\",MIN(IF((J93*K93)<20000,0,J93*K93),IF((J93*N93)<20000,0,J93*N93)),IF(MIN(Y93*Z93,Y93*N93)+MIN(J93*K93,J93*N93)>19999,MIN(J93*K93,J93*N93),0)))","v":0},null,null,{"$f":"IF($D93=\"2-for-1 Replace\",IF(OR($L93=\"Class_6\",$AE93=\"Class_6\"),\"25,000\",IF(OR($L93=\"Class_7\",$AE93=\"Class_7\"),\"35,000\",IF(OR($L93=\"Class_8\",$AE93=\"Class_8\"),IF($M93=\"New: 2013+\",\"50,000\",\"40,000\")))),IF($AK93=\"Replacement_8\",IF($L93=\"Class_7\",\"35,000\",IF($M93=\"New: 2013+\",\"50,000\",IF($M93=\"Used: 2010+\",\"40,000\"))),IF($AK93=\"Replacement_7\",\"35,000\",IF($AK93=\"Replacement_6\",\"25,000\",IF($AK93=\"Repower_8\",\"20,000\",IF($AK93=\"Repower_7\",IF($M93=\"New: 2013+ MHD\",\"10,000\",IF($M93=\"New: 2013+ HHD\",\"20,000\")),IF($AK93=\"Repower_6\",\"10,000\",\"0\")))))))","v":"0"},"No","No",null,null,null,{"$f":"IF($W93=\"33,001 +\",\"Class_8\",IF($W93=\"26,001-33,000\",\"Class_7\",IF($W93=\"19,501-26,000\",\"Class_6\",IF($W93=\"\",\"\"))))","v":""},null,null,0,{"$f":"IF($T93=\"Yes\",IF(COUNTA($U93:$AA93)=7,\"Complete\",\"Incomplete\"),\"N/A\")","v":"N/A"},{"$f":"IF($D93=\"2-for-1 Replace\",IF(OR(COUNTA(A93:AA93)=27,COUNTA(A93:AA93)=29),\"Complete\",\"Incomplete\"),IF(OR($D93=\"Replacement\",$D93=\"Repower\"),IF(COUNTA(A93:Q93)=17,\"Complete\",\"Incomplete\"),\"Incomplete\"))","v":"Incomplete"},null,{"$f":"IF(OR($H93=\"Class_8\",$X93=\"Class_8\"),\"Class_8\",IF(OR($H93=\"Class_7\",$X93=\"Class_7\"),\"Class_7\",IF(OR($H93=\"Class_6\",$X93=\"Class_6\"),\"Class_6\")))","v":false},false,{"$f":"IF($D93=\"Repower\",IF($H93=\"Class_7\",IF($M93=\"New: 2013+ HHD\",\"CL7HHD\",\"gas\")))","v":false},false,null,{"$f":"IF($D93=\"2-for-1 Replace\",\"Norestr\",IF($D93=\"Replacement\",IF($H93=\"Class_6\",\"Replacement6\",IF($H93=\"Class_7\",IF($I93=\"MHD\",\"Replacement7MHD\",\"Replacement7HHD\"),IF($H93=\"Class_8\",IF($I93=\"HHD\",\"Replacement8HHD\",\"Replacement8MHD\")))),IF($AK93=\"Repower_8\",\"Repo8\",IF($AK93=\"Repower_7\",\"Repo7\",IF($AK93=\"Repower_6\",\"Repo6\",)))))","v":0},{"$f":"IF($D93=\"Replacement\",IF($H93=\"Class_6\",\"Replacement_6\",IF($H93=\"Class_7\",\"Replacement_7\",IF($H93=\"Class_8\",\"Replacement_8\",null))),IF($D93=\"Repower\",IF($H93=\"Class_6\",\"Repower_6\",IF($H93=\"Class_7\",\"Repower_7\",IF($H93=\"Class_8\",\"Repower_8\",null))),IF($D93=\"2-for-1 Replace\",IF($L93=\"Class_6\",\"Replacement_6\",IF($L93=\"Class_7\",\"Replacement_7\",IF($L93=\"Class_8\",\"Replacement_8\",null))))))","v":false}]
["project 104",null,null,null,null,null,null,{"$f":"IF($G108=\"33,001 +\",\"Class_8\",IF($G108=\"26,001-33,000\",\"Class_7\",IF($G108=\"19,501-26,000\",\"Class_6\",\"\")))","v":""},null,null,null,null,null,null,{"$f":"IF(H108=\"Class_6\",IF(T108=\"No\",MIN(IF((J108*K108)<10000,0,J108*K108),IF((J108*N108)<10000,0,J108*N108)),IF(MIN(Y108*Z108,Y108*N108)+MIN(J108*K108,J108*N108)>9999,MIN(J108*K108,J108*N108),0)),IF(T108=\"No\",MIN(IF((J108*K108)<20000,0,J108*K108),IF((J108*N108)<20000,0,J108*N108)),IF(MIN(Y108*Z108,Y108*N108)+MIN(J108*K108,J108*N108)>19999,MIN(J108*K108,J108*N108),0)))","v":0},null,null,{"$f":"IF($D108=\"2-for-1 Replace\",IF(OR($L108=\"Class_6\",$AE108=\"Class_6\"),\"25,000\",IF(OR($L108=\"Class_7\",$AE108=\"Class_7\"),\"35,000\",IF(OR($L108=\"Class_8\",$AE108=\"Class_8\"),IF($M108=\"New: 2013+\",\"50,000\",\"40,000\")))),IF($AK108=\"Replacement_8\",IF($L108=\"Class_7\",\"35,000\",IF($M108=\"New: 2013+\",\"50,000\",IF($M108=\"Used: 2010+\",\"40,000\"))),IF($AK108=\"Replacement_7\",\"35,000\",IF($AK108=\"Replacement_6\",\"25,000\",IF($AK108=\"Repower_8\",\"20,000\",IF($AK108=\"Repower_7\",IF($M108=\"New: 2013+ MHD\",\"10,000\",IF($M108=\"New: 2013+ HHD\",\"20,000\")),IF($AK108=\"Repower_6\",\"10,000\",\"0\")))))))","v":"0"},"No","No",null,null,null,{"$f":"IF($W108=\"33,001 +\",\"Class_8\",IF($W108=\"26,001-33,000\",\"Class_7\",IF($W108=\"19,501-26,000\",\"Class_6\",IF($W108=\"\",\"\"))))","v":""},null,null,0,{"$f":"IF($T108=\"Yes\",IF(COUNTA($U108:$AA108)=7,\"Complete\",\"Incomplete\"),\"N/A\")","v":"N/A"},{"$f":"IF($D108=\"2-for-1 Replace\",IF(OR(COUNTA(A108:AA108)=27,COUNTA(A108:AA108)=29),\"Complete\",\"Incomplete\"),IF(OR($D108=\"Replacement\",$D108=\"Repower\"),IF(COUNTA(A108:Q108)=17,\"Complete\",\"Incomplete\"),\"Incomplete\"))","v":"Incomplete"},null,{"$f":"IF(OR($H108=\"Class_8\",$X108=\"Class_8\"),\"Class_8\",IF(OR($H108=\"Class_7\",$X108=\"Class_7\"),\"Class_7\",IF(OR($H108=\"Class_6\",$X108=\"Class_6\"),\"Class_6\")))","v":false},false,{"$f":"IF($D108=\"Repower\",IF($H108=\"Class_7\",IF($M108=\"New: 2013+ HHD\",\"CL7HHD\",\"gas\")))","v":false},false,null,{"$f":"IF($D108=\"2-for-1 Replace\",\"Norestr\",IF($D108=\"Replacement\",IF($H108=\"Class_6\",\"Replacement6\",IF($H108=\"Class_7\",IF($I108=\"MHD\",\"Replacement7MHD\",\"Replacement7HHD\"),IF($H108=\"Class_8\",IF($I108=\"HHD\",\"Replacement8HHD\",\"Replacement8MHD\")))),IF($AK108=\"Repower_8\",\"Repo8\",IF($AK108=\"Repower_7\",\"Repo7\",IF($AK108=\"Repower_6\",\"Repo6\",)))))","v":0},{"$f":"IF($D108=\"Replacement\",IF($H108=\"Class_6\",\"Replacement_6\",IF($H108=\"Class_7\",\"Replacement_7\",IF($H108=\"Class_8\",\"Replacement_8\",null))),IF($D108=\"Repower\",IF($H108=\"Class_6\",\"Repower_6\",IF($H108=\"Class_7\",\"Repower_7\",IF($H108=\"Class_8\",\"Repower_8\",null))),IF($D108=\"2-for-1 Replace\",IF($L108=\"Class_6\",\"Replacement_6\",IF($L108=\"Class_7\",\"Replacement_7\",IF($L108=\"Class_8\",\"Replacement_8\",null))))))","v":false}]
["project 112",null,null,null,null,null,null,{"$f":"IF($G116=\"33,001 +\",\"Class_8\",IF($G116=\"26,001-33,000\",\"Class_7\",IF($G116=\"19,501-26,000\",\"Class_6\",\"\")))","v":""},null,null,null,null,null,null,{"$f":"IF(H116=\"Class_6\",IF(T116=\"No\",MIN(IF((J116*K116)<10000,0,J116*K116),IF((J116*N116)<10000,0,J116*N116)),IF(MIN(Y116*Z116,Y116*N116)+MIN(J116*K116,J116*N116)>9999,MIN(J116*K116,J116*N116),0)),IF(T116=\"No\",MIN(IF((J116*K116)<20000,0,J116*K116),IF((J116*N116)<20000,0,J116*N116)),IF(MIN(Y116*Z116,Y116*N116)+MIN(J116*K116,J116*N116)>19999,MIN(J116*K116,J116*N116),0)))","v":0},null,null,{"$f":"IF($D116=\"2-for-1 Replace\",IF(OR($L116=\"Class_6\",$AE116=\"Class_6\"),\"25,000\",IF(OR($L116=\"Class_7\",$AE116=\"Class_7\"),\"35,000\",IF(OR($L116=\"Class_8\",$AE116=\"Class_8\"),IF($M116=\"New: 2013+\",\"50,000\",\"40,000\")))),IF($AK116=\"Replacement_8\",IF($L116=\"Class_7\",\"35,000\",IF($M116=\"New: 2013+\",\"50,000\",IF($M116=\"Used: 2010+\",\"40,000\"))),IF($AK116=\"Replacement_7\",\"35,000\",IF($AK116=\"Replacement_6\",\"25,000\",IF($AK116=\"Repower_8\",\"20,000\",IF($AK116=\"Repower_7\",IF($M116=\"New: 2013+ MHD\",\"10,000\",IF($M116=\"New: 2013+ HHD\",\"20,000\")),IF($AK116=\"Repower_6\",\"10,000\",\"0\")))))))","v":"0"},"No","No",null,null,null,{"$f":"IF($W116=\"33,001 +\",\"Class_8\",IF($W116=\"26,001-33,000\",\"Class_7\",IF($W116=\"19,501-26,000\",\"Class_6\",IF($W116=\"\",\"\"))))","v":""},null,null,0,{"$f":"IF($T116=\"Yes\",IF(COUNTA($U116:$AA116)=7,\"Complete\",\"Incomplete\"),\"N/A\")","v":"N/A"},{"$f":"IF($D116=\"2-for-1 Replace\",IF(OR(COUNTA(A116:AA116)=27,COUNTA(A116:AA116)=29),\"Complete\",\"Incomplete\"),IF(OR($D116=\"Replacement\",$D116=\"Repower\"),IF(COUNTA(A116:Q116)=17,\"Complete\",\"Incomplete\"),\"Incomplete\"))","v":"Incomplete"},null,{"$f":"IF(OR($H116=\"Class_8\",$X116=\"Class_8\"),\"Class_8\",IF(OR($H116=\"Class_7\",$X116=\"Class_7\"),\"Class_7\",IF(OR($H116=\"Class_6\",$X116=\"Class_6\"),\"Class_6\")))","v":false},false,{"$f":"IF($D116=\"Repower\",IF($H116=\"Class_7\",IF($M116=\"New: 2013+ HHD\",\"CL7HHD\",\"gas\")))","v":false},false,null,{"$f":"IF($D116=\"2-for-1 Replace\",\"Norestr\",IF($D116=\"Replacement\",IF($H116=\"Class_6\",\"Replacement6\",IF($H116=\"Class_7\",IF($I116=\"MHD\",\"Replacement7MHD\",\"Replacement7HHD\"),IF($H116=\"Class_8\",IF($I116=\"HHD\",\"Replacement8HHD\",\"Replacement8MHD\")))),IF($AK116=\"Repower_8\",\"Repo8\",IF($AK116=\"Repower_7\",\"Repo7\",IF($AK116=\"Repower_6\",\"Repo6\",)))))","v":0},{"$f":"IF($D116=\"Replacement\",IF($H116=\"Class_6\",\"Replacement_6\",IF($H116=\"Class_7\",\"Replacement_7\",IF($H116=\"Class_8\",\"Replacement_8\",null))),IF($D116=\"Repower\",IF($H116=\"Class_6\",\"Repower_6\",IF($H116=\"Class_7\",\"Repower_7\",IF($H116=\"Class_8\",\"Repower_8\",null))),IF($D116=\"2-for-1 Replace\",IF($L116=\"Class_6\",\"Replacement_6\",IF($L116=\"Class_7\",\"Replacement_7\",IF($L116=\"Class_8\",\"Replacement_8\",null))))))","v":false}]
["project 126",null,null,null,null,null,null,{"$f":"IF($G130=\"33,001 +\",\"Class_8\",IF($G130=\"26,001-33,000\",\"Class_7\",IF($G130=\"19,501-26,000\",\"Class_6\",\"\")))","v":""},null,null,null,null,null,null,{"$f":"IF(H130=\"Class_6\",IF(T130=\"No\",MIN(IF((J130*K130)<10000,0,J130*K130),IF((J130*N130)<10000,0,J130*N130)),IF(MIN(Y130*Z130,Y130*N130)+MIN(J130*K130,J130*N130)>9999,MIN(J130*K130,J130*N130),0)),IF(T130=\"No\",MIN(IF((J130*K130)<20000,0,J130*K130),IF((J130*N130)<20000,0,J130*N130)),IF(MIN(Y130*Z130,Y130*N130)+MIN(J130*K130,J130*N130)>19999,MIN(J130*K130,J130*N130),0)))","v":0},null,null,{"$f":"IF($D130=\"2-for-1 Replace\",IF(OR($L130=\"Class_6\",$AE130=\"Class_6\"),\"25,000\",IF(OR($L130=\"Class_7\",$AE130=\"Class_7\"),\"35,000\",IF(OR($L130=\"Class_8\",$AE130=\"Class_8\"),IF($M130=\"New: 2013+\",\"50,000\",\"40,000\")))),IF($AK130=\"Replacement_8\",IF($L130=\"Class_7\",\"35,000\",IF($M130=\"New: 2013+\",\"50,000\",IF($M130=\"Used: 2010+\",\"40,000\"))),IF($AK130=\"Replacement_7\",\"35,000\",IF($AK130=\"Replacement_6\",\"25,000\",IF($AK130=\"Repower_8\",\"20,000\",IF($AK130=\"Repower_7\",IF($M130=\"New: 2013+ MHD\",\"10,000\",IF($M130=\"New: 2013+ HHD\",\"20,000\")),IF($AK130=\"Repower_6\",\"10,000\",\"0\")))))))","v":"0"},"No","No",null,null,null,{"$f":"IF($W130=\"33,001 +\",\"Class_8\",IF($W130=\"26,001-33,000\",\"Class_7\",IF($W130=\"19,501-26,000\",\"Class_6\",IF($W130=\"\",\"\"))))","v":""},null,null,0,{"$f":"IF($T130=\"Yes\",IF(COUNTA($U130:$AA130)=7,\"Complete\",\"Incomplete\"),\"N/A\")","v":"N/A"},{"$f":"IF($D130=\"2-for-1 Replace\",IF(OR(COUNTA(A130:AA130)=27,COUNTA(A130:AA130)=29),\"Complete\",\"Incomplete\"),IF(OR($D130=\"Replacement\",$D130=\"Repower\"),IF(COUNTA(A130:Q130)=17,\"Complete\",\"Incomplete\"),\"Incomplete\"))","v":"Incomplete"},null,{"$f":"IF(OR($H130=\"Class_8\",$X130=\"Class_8\"),\"Class_8\",IF(OR($H130=\"Class_7\",$X130=\"Class_7\"),\"Class_7\",IF(OR($H130=\"Class_6\",$X130=\"Class_6\"),\"Class_6\")))","v":false},false,{"$f":"IF($D130=\"Repower\",IF($H130=\"Class_7\",IF($M130=\"New: 2013+ HHD\",\"CL7HHD\",\"gas\")))","v":false},false,null,{"$f":"IF($D130=\"2-for-1 Replace\",\"Norestr\",IF($D130=\"Replacement\",IF($H130=\"Class_6\",\"Replacement6\",IF($H130=\"Class_7\",IF($I130=\"MHD\",\"Replacement7MHD\",\"Replacement7HHD\"),IF($H130=\"Class_8\",IF($I130=\"HHD\",\"Replacement8HHD\",\"Replacement8MHD\")))),IF($AK130=\"Repower_8\",\"Repo8\",IF($AK130=\"Repower_7\",\"Repo7\",IF($AK130=\"Repower_6\",\"Repo6\",)))))","v":0},{"$f":"IF($D130=\"Replacement\",IF($H130=\"Class_6\",\"Replacement_6\",IF($H130=\"Class_7\",\"Replacement_7\",IF($H130=\"Class_8\",\"Replacement_8\",null))),IF($D130=\"Repower\",IF($H130=\"Class_6\",\"Repower_6\",IF($H130=\"Class_7\",\"Repower_7\",IF($H130=\"Class_8\",\"Repower_8\",null))),IF($D130=\"2-for-1 Replace\",IF($L130=\"Class_6\",\"Replacement_6\",IF($L130=\"Class_7\",\"Replacement_7\",IF($L130=\"Class_8\",\"Replacement_8\",null))))))","v":false}]
["project 143",null,null,null,null,null,null,{"$f":"IF($G147=\"33,001 +\",\"Class_8\",IF($G147=\"26,001-33,000\",\"Class_7\",IF($G147=\"19,501-26,000\",\"Class_6\",\"\")))","v":""},null,null,null,null,null,null,{"$f":"IF(H147=\"Class_6\",IF(T147=\"No\",MIN(IF((J147*K147)<10000,0,J147*K147),IF((J147*N147)<10000,0,J147*N147)),IF(MIN(Y147*Z147,Y147*N147)+MIN(J147*K147,J147*N147)>9999,MIN(J147*K147,J147*N147),0)),IF(T147=\"No\",MIN(IF((J147*K147)<20000,0,J147*K147),IF((J147*N147)<20000,0,J147*N147)),IF(MIN(Y147*Z147,Y147*N147)+MIN(J147*K147,J147*N147)>19999,MIN(J147*K147,J147*N147),0)))","v":0},null,null,{"$f":"IF($D147=\"2-for-1 Replace\",IF(OR($L147=\"Class_6\",$AE147=\"Class_6\"),\"25,000\",IF(OR($L147=\"Class_7\",$AE147=\"Class_7\"),\"35,000\",IF(OR($L147=\"Class_8\",$AE147=\"Class_8\"),IF($M147=\"New: 2013+\",\"50,000\",\"40,000\")))),IF($AK147=\"Replacement_8\",IF($L147=\"Class_7\",\"35,000\",IF($M147=\"New: 2013+\",\"50,000\",IF($M147=\"Used: 2010+\",\"40,000\"))),IF($AK147=\"Replacement_7\",\"35,000\",IF($AK147=\"Replacement_6\",\"25,000\",IF($AK147=\"Repower_8\",\"20,000\",IF($AK147=\"Repower_7\",IF($M147=\"New: 2013+ MHD\",\"10,000\",IF($M147=\"New: 2013+ HHD\",\"20,000\")),IF($AK147=\"Repower_6\",\"10,000\",\"0\")))))))","v":"0"},"No","No",null,null,null,{"$f":"IF($W147=\"33,001 +\",\"Class_8\",IF($W147=\"26,001-33,000\",\"Class_7\",IF($W147=\"19,501-26,000\",\"Class_6\",IF($W147=\"\",\"\"))))","v":""},null,null,0,{"$f":"IF($T147=\"Yes\",IF(COUNTA($U147:$AA147)=7,\"Complete\",\"Incomplete\"),\"N/A\")","v":"N/A"},{"$f":"IF($D147=\"2-for-1 Replace\",IF(OR(COUNTA(A147:AA147)=27,COUNTA(A147:AA147)=29),\"Complete\",\"Incomplete\"),IF(OR($D147=\"Replacement\",$D147=\"Repower\"),IF(COUNTA(A147:Q147)=17,\"Complete\",\"Incomplete\"),\"Incomplete\"))","v":"Incomplete"},null,{"$f":"IF(OR($H147=\"Class_8\",$X147=\"Class_8\"),\"Class_8\",IF(OR($H147=\"Class_7\",$X147=\"Class_7\"),\"Class_7\",IF(OR($H147=\"Class_6\",$X147=\"Class_6\"),\"Class_6\")))","v":false},false,{"$f":"IF($D147=\"Repower\",IF($H147=\"Class_7\",IF($M147=\"New: 2013+ HHD\",\"CL7HHD\",\"gas\")))","v":false},false,null,{"$f":"IF($D147=\"2-for-1 Replace\",\"Norestr\",IF($D147=\"Replacement\",IF($H147=\"Class_6\",\"Replacement6\",IF($H147=\"Class_7\",IF($I147=\"MHD\",\"Replacement7MHD\",\"Replacement7HHD\"),IF($H147=\"Class_8\",IF($I147=\"HHD\",\"Replacement8HHD\",\"Replacement8MHD\")))),IF($AK147=\"Repower_8\",\"Repo8\",IF($AK147=\"Repower_7\",\"Repo7\",IF($AK147=\"Repower_6\",\"Repo6\",)))))","v":0},{"$f":"IF($D147=\"Replacement\",IF($H147=\"Class_6\",\"Replacement_6\",IF($H147=\"Class_7\",\"Replacement_7\",IF($H147=\"Class_8\",\"Replacement_8\",null))),IF($D147=\"Repower\",IF($H147=\"Class_6\",\"Repower_6\",IF($H147=\"Class_7\",\"Repower_7\",IF($H147=\"Class_8\",\"Repower_8\",null))),IF($D147=\"2-for-1 Replace\",IF($L147=\"Class_6\",\"Replacement_6\",IF($L147=\"Class_7\",\"Replacement_7\",IF($L147=\"Class_8\",\"Replacement_8\",null))))))","v":false}]
["project 156",null,null,null,null,null,null,{"$f":"IF($G160=\"33,001 +\",\"Class_8\",IF($G160=\"26,001-33,000\",\"Class_7\",IF($G160=\"19,501-26,000\",\"Class_6\",\"\")))","v":""},null,null,null,null,null,null,{"$f":"IF(H160=\"Class_6\",IF(T160=\"No\",MIN(IF((J160*K160)<10000,0,J160*K160),IF((J160*N160)<10000,0,J160*N160)),IF(MIN(Y160*Z160,Y160*N160)+MIN(J160*K160,J160*N160)>9999,MIN(J160*K160,J160*N160),0)),IF(T160=\"No\",MIN(IF((J160*K160)<20000,0,J160*K160),IF((J160*N160)<20000,0,J160*N160)),IF(MIN(Y160*Z160,Y160*N160)+MIN(J160*K160,J160*N160)>19999,MIN(J160*K160,J160*N160),0)))","v":0},null,null,{"$f":"IF($D160=\"2-for-1 Replace\",IF(OR($L160=\"Class_6\",$AE160=\"Class_6\"),\"25,000\",IF(OR($L160=\"Class_7\",$AE160=\"Class_7\"),\"35,000\",IF(OR($L160=\"Class_8\",$AE160=\"Class_8\"),IF($M160=\"New: 2013+\",\"50,000\",\"40,000\")))),IF($AK160=\"Replacement_8\",IF($L160=\"Class_7\",\"35,000\",IF($M160=\"New: 2013+\",\"50,000\",IF($M160=\"Used: 2010+\",\"40,000\"))),IF($AK160=\"Replacement_7\",\"35,000\",IF($AK160=\"Replacement_6\",\"25,000\",IF($AK160=\"Repower_8\",\"20,000\",IF($AK160=\"Repower_7\",IF($M160=\"New: 2013+ MHD\",\"10,000\",IF($M160=\"New: 2013+ HHD\",\"20,000\")),IF($AK160=\"Repower_6\",\"10,000\",\"0\")))))))","v":"0"},"No","No",null,null,null,{"$f":"IF($W160=\"33,001 +\",\"Class_8\",IF($W160=\"26,001-33,000\",\"Class_7\",IF($W160=\"19,501-26,000\",\"Class_6\",IF($W160=\"\",\"\"))))","v":""},null,null,0,{"$f":"IF($T160=\"Yes\",IF(COUNTA($U160:$AA160)=7,\"Complete\",\"Incomplete\"),\"N/A\")","v":"N/A"},{"$f":"IF($D160=\"2-for-1 Replace\",IF(OR(COUNTA(A160:AA160)=27,COUNTA(A160:AA160)=29),\"Complete\",\"Incomplete\"),IF(OR($D160=\"Replacement\",$D160=\"Repower\"),IF(COUNTA(A160:Q160)=17,\"Complete\",\"Incomplete\"),\"Incomplete\"))","v":"Incomplete"},null,{"$f":"IF(OR($H160=\"Class_8\",$X160=\"Class_8\"),\"Class_8\",IF(OR($H160=\"Class_7\",$X160=\"Class_7\"),\"Class_7\",IF(OR($H160=\"Class_6\",$X160=\"Class_6\"),\"Class_6\")))","v":false},false,{"$f":"IF($D160=\"Repower\",IF($H160=\"Class_7\",IF($M160=\"New: 2013+ HHD\",\"CL7HHD\",\"gas\")))","v":false},false,null,{"$f":"IF($D160=\"2-for-1 Replace\",\"Norestr\",IF($D160=\"Replacement\",IF($H160=\"Class_6\",\"Replacement6\",IF($H160=\"Class_7\",IF($I160=\"MHD\",\"Replacement7MHD\",\"Replacement7HHD\"),IF($H160=\"Class_8\",IF($I160=\"HHD\",\"Replacement8HHD\",\"Replacement8MHD\")))),IF($AK160=\"Repower_8\",\"Repo8\",IF($AK160=\"Repower_7\",\"Repo7\",IF($AK160=\"Repower_6\",\"Repo6\",)))))","v":0},{"$f":"IF($D160=\"Replacement\",IF($H160=\"Class_6\",\"Replacement_6\",IF($H160=\"Class_7\",\"Replacement_7\",IF($H160=\"Class_8\",\"Replacement_8\",null))),IF($D160=\"Repower\",IF($H160=\"Class_6\",\"Repower_6\",IF($H160=\"Class_7\",\"Repower_7\",IF($H160=\"Class_8\",\"Repower_8\",null))),IF($D160=\"2-for-1 Replace\",IF($L160=\"Class_6\",\"Replacement_6\",IF($L160=\"Class_7\",\"Replacement_7\",IF($L160=\"Class_8\",\"Replacement_8\",null))))))","v":false}]
["project 167",null,null,null,null,null,null,{"$f":"IF($G171=\"33,001 +\",\"Class_8\",IF($G171=\"26,001-33,000\",\"Class_7\",IF($G171=\"19,501-26,000\",\"Class_6\",\"\")))","v":""},null,null,null,null,null,null,{"$f":"IF(H171=\"Class_6\",IF(T171=\"No\",MIN(IF((J171*K171)<10000,0,J171*K171),IF((J171*N171)<10000,0,J171*N171)),IF(MIN(Y171*Z171,Y171*N171)+MIN(J171*K171,J171*N171)>9999,MIN(J171*K171,J171*N171),0)),IF(T171=\"No\",MIN(IF((J171*K171)<20000,0,J171*K171),IF((J171*N171)<20000,0,J171*N171)),IF(MIN(Y171*Z171,Y171*N171)+MIN(J171*K171,J171*N171)>19999,MIN(J171*K171,J171*N171),0)))","v":0},null,null,{"$f":"IF($D171=\"2-for-1 Replace\",IF(OR($L171=\"Class_6\",$AE171=\"Class_6\"),\"25,000\",IF(OR($L171=\"Class_7\",$AE171=\"Class_7\"),\"35,000\",IF(OR($L171=\"Class_8\",$AE171=\"Class_8\"),IF($M171=\"New: 2013+\",\"50,000\",\"40,000\")))),IF($AK171=\"Replacement_8\",IF($L171=\"Class_7\",\"35,000\",IF($M171=\"New: 2013+\",\"50,000\",IF($M171=\"Used: 2010+\",\"40,000\"))),IF($AK171=\"Replacement_7\",\"35,000\",IF($AK171=\"Replacement_6\",\"25,000\",IF($AK171=\"Repower_8\",\"20,000\",IF($AK171=\"Repower_7\",IF($M171=\"New: 2013+ MHD\",\"10,000\",IF($M171=\"New: 2013+ HHD\",\"20,000\")),IF($AK171=\"Repower_6\",\"10,000\",\"0\")))))))","v":"0"},"No","No",null,null,null,{"$f":"IF($W171=\"33,001 +\",\"Class_8\",IF($W171=\"26,001-33,000\",\"Class_7\",IF($W171=\"19,501-26,000\",\"Class_6\",IF($W171=\"\",\"\"))))","v":""},null,null,0,{"$f":"IF($T171=\"Yes\",IF(COUNTA($U171:$AA171)=7,\"Complete\",\"Incomplete\"),\"N/A\")","v":"N/A"},{"$f":"IF($D171=\"2-for-1 Replace\",IF(OR(COUNTA(A171:AA171)=27,COUNTA(A171:AA171)=29),\"Complete\",\"Incomplete\"),IF(OR($D171=\"Replacement\",$D171=\"Repower\"),IF(COUNTA(A171:Q171)=17,\"Complete\",\"Incomplete\"),\"Incomplete\"))","v":"Incomplete"},null,{"$f":"IF(OR($H171=\"Class_8\",$X171=\"Class_8\"),\"Class_8\",IF(OR($H171=\"Class_7\",$X171=\"Class_7\"),\"Class_7\",IF(OR($H171=\"Class_6\",$X171=\"Class_6\"),\"Class_6\")))","v":false},false,{"$f":"IF($D171=\"Repower\",IF($H171=\"Class_7\",IF($M171=\"New: 2013+ HHD\",\"CL7HHD\",\"gas\")))","v":false},false,null,{"$f":"IF($D171=\"2-for-1 Replace\",\"Norestr\",IF($D171=\"Replacement\",IF($H171=\"Class_6\",\"Replacement6\",IF($H171=\"Class_7\",IF($I171=\"MHD\",\"Replacement7MHD\",\"Replacement7HHD\"),IF($H171=\"Class_8\",IF($I171=\"HHD\",\"Replacement8HHD\",\"Replacement8MHD\")))),IF($AK171=\"Repower_8\",\"Repo8\",IF($AK171=\"Repower_7\",\"Repo7\",IF($AK171=\"Repower_6\",\"Repo6\",)))))","v":0},{"$f":"IF($D171=\"Replacement\",IF($H171=\"Class_6\",\"Replacement_6\",IF($H171=\"Class_7\",\"Replacement_7\",IF($H171=\"Class_8\",\"Replacement_8\",null))),IF($D171=\"Repower\",IF($H171=\"Class_6\",\"Repower_6\",IF($H171=\"Class_7\",\"Repower_7\",IF($H171=\"Class_8\",\"Repower_8\",null))),IF($D171=\"2-for-1 Replace\",IF($L171=\"Class_6\",\"Replacement_6\",IF($L171=\"Class_7\",\"Replacement_7\",IF($L171=\"Class_8\",\"Replacement_8\",null))))))","v":false}]
["project 175",null,null,null,null,null,null,{"$f":"IF($G179=\"33,001 +\",\"Class_8\",IF($G179=\"26,001-33,000\",\"Class_7\",IF($G179=\"19,501-26,000\",\"Class_6\",\"\")))","v":""},null,null,null,null,null,null,{"$f":"IF(H179=\"Class_6\",IF(T179=\"No\",MIN(IF((J179*K179)<10000,0,J179*K179),IF((J179*N179)<10000,0,J179*N179)),IF(MIN(Y179*Z179,Y179*N179)+MIN(J179*K179,J179*N179)>9999,MIN(J179*K179,J179*N179),0)),IF(T179=\"No\",MIN(IF((J179*K179)<20000,0,J179*K179),IF((J179*N179)<20000,0,J179*N179)),IF(MIN(Y179*Z179,Y179*N179)+MIN(J179*K179,J179*N179)>19999,MIN(J179*K179,J179*N179),0)))","v":0},null,null,{"$f":"IF($D179=\"2-for-1 Replace\",IF(OR($L179=\"Class_6\",$AE179=\"Class_6\"),\"25,000\",IF(OR($L179=\"Class_7\",$AE179=\"Class_7\"),\"35,000\",IF(OR($L179=\"Class_8\",$AE179=\"Class_8\"),IF($M179=\"New: 2013+\",\"50,000\",\"40,000\")))),IF($AK179=\"Replacement_8\",IF($L179=\"Class_7\",\"35,000\",IF($M179=\"New: 2013+\",\"50,000\",IF($M179=\"Used: 2010+\",\"40,000\"))),IF($AK179=\"Replacement_7\",\"35,000\",IF($AK179=\"Replacement_6\",\"25,000\",IF($AK179=\"Repower_8\",\"20,000\",IF($AK179=\"Repower_7\",IF($M179=\"New: 2013+ MHD\",\"10,000\",IF($M179=\"New: 2013+ HHD\",\"20,000\")),IF($AK179=\"Repower_6\",\"10,000\",\"0\")))))))","v":"0"},"No","No",null,null,null,{"$f":"IF($W179=\"33,001 +\",\"Class_8\",IF($W179=\"26,001-33,000\",\"Class_7\",IF($W179=\"19,501-26,000\",\"Class_6\",IF($W179=\"\",\"\"))))","v":""},null,null,0,{"$f":"IF($T179=\"Yes\",IF(COUNTA($U179:$AA179)=7,\"Complete\",\"Incomplete\"),\"N/A\")","v":"N/A"},{"$f":"IF($D179=\"2-for-1 Replace\",IF(OR(COUNTA(A179:AA179)=27,COUNTA(A179:AA179)=29),\"Complete\",\"Incomplete\"),IF(OR($D179=\"Replacement\",$D179=\"Repower\"),IF(COUNTA(A179:Q179)=17,\"Complete\",\"Incomplete\"),\"Incomplete\"))","v":"Incomplete"},null,{"$f":"IF(OR($H179=\"Class_8\",$X179=\"Class_8\"),\"Class_8\",IF(OR($H179=\"Class_7\",$X179=\"Class_7\"),\"Class_7\",IF(OR($H179=\"Class_6\",$X179=\"Class_6\"),\"Class_6\")))","v":false},false,{"$f":"IF($D179=\"Repower\",IF($H179=\"Class_7\",IF($M179=\"New: 2013+ HHD\",\"CL7HHD\",\"gas\")))","v":false},false,null,{"$f":"IF($D179=\"2-for-1 Replace\",\"Norestr\",IF($D179=\"Replacement\",IF($H179=\"Class_6\",\"Replacement6\",IF($H179=\"Class_7\",IF($I179=\"MHD\",\"Replacement7MHD\",\"Replacement7HHD\"),IF($H179=\"Class_8\",IF($I179=\"HHD\",\"Replacement8HHD\",\"Replacement8MHD\")))),IF($AK179=\"Repower_8\",\"Repo8\",IF($AK179=\"Repower_7\",\"Repo7\",IF($AK179=\"Repower_6\",\"Repo6\",)))))","v":0},{"$f":"IF($D179=\"Replacement\",IF($H179=\"Class_6\",\"Replacement_6\",IF($H179=\"Class_7\",\"Replacement_7\",IF($H179=\"Class_8\",\"Replacement_8\",null))),IF($D179=\"Repower\",IF($H179=\"Class_6\",\"Repower_6\",IF($H179=\"Class_7\",\"Repower_7\",IF($H179=\"Class_8\",\"Repower_8\",null))),IF($D179=\"2-for-1 Replace\",IF($L179=\"Class_6\",\"Replacement_6\",IF($L179=\"Class_7\",\"Replacement_7\",IF($L179=\"Class_8\",\"Replacement_8\",null))))))","v":false}]
["project 189",null,null,null,null,null,null,{"$f":"IF($G193=\"33,001 +\",\"Class_8\",IF($G193=\"26,001-33,000\",\"Class_7\",IF($G193=\"19,501-26,000\",\"Class_6\",\"\")))","v":""},null,null,null,null,null,null,{"$f":"IF(H193=\"Class_6\",IF(T193=\"No\",MIN(IF((J193*K193)<10000,0,J193*K193),IF((J193*N193)<10000,0,J193*N193)),IF(MIN(Y193*Z193,Y193*N193)+MIN(J193*K193,J193*N193)>9999,MIN(J193*K193,J193*N193),0)),IF(T193=\"No\",MIN(IF((J193*K193)<20000,0,J193*K193),IF((J193*N193)<20000,0,J193*N193)),IF(MIN(Y193*Z193,Y193*N193)+MIN(J193*K193,J193*N193)>19999,MIN(J193*K193,J193*N193),0)))","v":0},null,null,{"$f":"IF($D193=\"2-for-1 Replace\",IF(OR($L193=\"Class_6\",$AE193=\"Class_6\"),\"25,000\",IF(OR($L193=\"Class_7\",$AE193=\"Class_7\"),\"35,000\",IF(OR($L193=\"Class_8\",$AE193=\"Class_8\"),IF($M193=\"New: 2013+\",\"50,000\",\"40,000\")))),IF($AK193=\"Replacement_8\",IF($L193=\"Class_7\",\"35,000\",IF($M193=\"New: 2013+\",\"50,000\",IF($M193=\"Used: 2010+\",\"40,000\"))),IF($AK193=\"Replacement_7\",\"35,000\",IF($AK193=\"Replacement_6\",\"25,000\",IF($AK193=\"Repower_8\",\"20,000\",IF($AK193=\"Repower_7\",IF($M193=\"New: 2013+ MHD\",\"10,000\",IF($M193=\"New: 2013+ HHD\",\"20,000\")),IF($AK193=\"Repower_6\",\"10,000\",\"0\")))))))","v":"0"},"No","No",null,null,null,{"$f":"IF($W193=\"33,001 +\",\"Class_8\",IF($W193=\"26,001-33,000\",\"Class_7\",IF($W193=\"19,501-26,000\",\"Class_6\",IF($W193=\"\",\"\"))))","v":""},null,null,0,{"$f":"IF($T193=\"Yes\",IF(COUNTA($U193:$AA193)=7,\"Complete\",\"Incomplete\"),\"N/A\")","v":"N/A"},{"$f":"IF($D193=\"2-for-1 Replace\",IF(OR(COUNTA(A193:AA193)=27,COUNTA(A193:AA193)=29),\"Complete\",\"Incomplete\"),IF(OR($D193=\"Replacement\",$D193=\"Repower\"),IF(COUNTA(A193:Q193)=17,\"Complete\",\"Incomplete\"),\"Incomplete\"))","v":"Incomplete"},null,{"$f":"IF(OR($H193=\"Class_8\",$X193=\"Class_8\"),\"Class_8\",IF(OR($H193=\"Class_7\",$X193=\"Class_7\"),\"Class_7\",IF(OR($H193=\"Class_6\",$X193=\"Class_6\"),\"Class_6\")))","v":false},false,{"$f":"IF($D193=\"Repower\",IF($H193=\"Class_7\",IF($M193=\"New: 2013+ HHD\",\"CL7HHD\",\"gas\")))","v":false},false,null,{"$f":"IF($D193=\"2-for-1 Replace\",\"Norestr\",IF($D193=\"Replacement\",IF($H193=\"Class_6\",\"Replacement6\",IF($H193=\"Class_7\",IF($I193=\"MHD\",\"Replacement7MHD\",\"Replacement7HHD\"),IF($H193=\"Class_8\",IF($I193=\"HHD\",\"Replacement8HHD\",\"Replacement8MHD\")))),IF($AK193=\"Repower_8\",\"Repo8\",IF($AK193=\"Repower_7\",\"Repo7\",IF($AK193=\"Repower_6\",\"Repo6\",)))))","v":0},{"$f":"IF($D193=\"Replacement\",IF($H193=\"Class_6\",\"Replacement_6\",IF($H193=\"Class_7\",\"Replacement_7\",IF($H193=\"Class_8\",\"Replacement_8\",null))),IF($D193=\"Repower\",IF($H193=\"Class_6\",\"Repower_6\",IF($H193=\"Class_7\",\"Repower_7\",IF($H193=\"Class_8\",\"Repower_8\",null))),IF($D193=\"2-for-1 Replace\",IF($L193=\"Class_6\",\"Replacement_6\",IF($L193=\"Class_7\",\"Replacement_7\",IF($L193=\"Class_8\",\"Replacement_8\",null))))))","v":false}]
["project 198",null,null,null,null,null,null,{"$f":"IF($G202=\"33,001 +\",\"Class_8\",IF($G202=\"26,001-33,000\",\"Class_7\",IF($G202=\"19,501-26,000\",\"Class_6\",\"\")))","v":""},null,null,null,null,null,null,{"$f":"IF(H202=\"Class_6\",IF(T202=\"No\",MIN(IF((J202*K202)<10000,0,J202*K202),IF((J202*N202)<10000,0,J202*N202)),IF(MIN(Y202*Z202,Y202*N202)+MIN(J202*K202,J202*N202)>9999,MIN(J202*K202,J202*N202),0)),IF(T202=\"No\",MIN(IF((J202*K202)<20000,0,J202*K202),IF((J202*N202)<20000,0,J202*N202)),IF(MIN(Y202*Z202,Y202*N202)+MIN(J202*K202,J202*N202)>19999,MIN(J202*K202,J202*N202),0)))","v":0},null,null,{"$f":"IF($D202=\"2-for-1 Replace\",IF(OR($L202=\"Class_6\",$AE202=\"Class_6\"),\"25,000\",IF(OR($L202=\"Class_7\",$AE202=\"Class_7\"),\"35,000\",IF(OR($L202=\"Class_8\",$AE202=\"Class_8\"),IF($M202=\"New: 2013+\",\"50,000\",\"40,000\")))),IF($AK202=\"Replacement_8\",IF($L202=\"Class_7\",\"35,000\",IF($M202=\"New: 2013+\",\"50,000\",IF($M202=\"Used: 2010+\",\"40,000\"))),IF($AK202=\"Replacement_7\",\"35,000\",IF($AK202=\"Replacement_6\",\"25,000\",IF($AK202=\"Repower_8\",\"20,000\",IF($AK202=\"Repower_7\",IF($M202=\"New: 2013+ MHD\",\"10,000\",IF($M202=\"New: 2013+ HHD\",\"20,000\")),IF($AK202=\"Repower_6\",\"10,000\",\"0\")))))))","v":"0"},"No","No",null,null,null,{"$f":"IF($W202=\"33,001 +\",\"Class_8\",IF($W202=\"26,001-33,000\",\"Class_7\",IF($W202=\"19,501-26,000\",\"Class_6\",IF($W202=\"\",\"\"))))","v":""},null,null,0,{"$f":"IF($T202=\"Yes\",IF(COUNTA($U202:$AA202)=7,\"Complete\",\"Incomplete\"),\"N/A\")","v":"N/A"},{"$f":"IF($D202=\"2-for-1 Replace\",IF(OR(COUNTA(A202:AA202)=27,COUNTA(A202:AA202)=29),\"Complete\",\"Incomplete\"),IF(OR($D202=\"Replacement\",$D202=\"Repower\"),IF(COUNTA(A202:Q202)=17,\"Complete\",\"Incomplete\"),\"Incomplete\"))","v":"Incomplete"},null,{"$f":"IF(OR($H202=\"Class_8\",$X202=\"Class_8\"),\"Class_8\",IF(OR($H202=\"Class_7\",$X202=\"Class_7\"),\"Class_7\",IF(OR($H202=\"Class_6\",$X202=\"Class_6\"),\"Class_6\")))","v":false},false,{"$f":"IF($D202=\"Repower\",IF($H202=\"Class_7\",IF($M202=\"New: 2013+ HHD\",\"CL7HHD\",\"gas\")))","v":false},false,null,{"$f":"IF($D202=\"2-for-1 Replace\",\"Norestr\",IF($D202=\"Replacement\",IF($H202=\"Class_6\",\"Replacement6\",IF($H202=\"Class_7\",IF($I202=\"MHD\",\"Replacement7MHD\",\"Replacement7HHD\"),IF($H202=\"Class_8\",IF($I202=\"HHD\",\"Replacement8HHD\",\"Replacement8MHD\")))),IF($AK202=\"Repower_8\",\"Repo8\",IF($AK202=\"Repower_7\",\"Repo7\",IF($AK202=\"Repower_6\",\"Repo6\",)))))","v":0},{"$f":"IF($D202=\"Replacement\",IF($H202=\"Class_6\",\"Replacement_6\",IF($H202=\"Class_7\",\"Replacement_7\",IF($H202=\"Class_8\",\"Replacement_8\",null))),IF($D202=\"Repower\",IF($H202=\"Class_6\",\"Repower_6\",IF($H202=\"Class_7\",\"Repower_7\",IF($H202=\"Class_8\",\"Repower_8\",null))),IF($D202=\"2-for-1 Replace\",IF($L202=\"Class_6\",\"Replacement_6\",IF($L202=\"Class_7\",\"Replacement_7\",IF($L202=\"Class_8\",\"Replacement_8\",null))))))","v":false}]
["project 199",null,null,null,null,null,null,{"$f":"IF($G203=\"33,001 +\",\"Class_8\",IF($G203=\"26,001-33,000\",\"Class_7\",IF($G203=\"19,501-26,000\",\"Class_6\",\"\")))","v":""},null,null,null,null,null,null,{"$f":"IF(H203=\"Class_6\",IF(T203=\"No\",MIN(IF((J203*K203)<10000,0,J203*K203),IF((J203*N203)<10000,0,J203*N203)),IF(MIN(Y203*Z203,Y203*N203)+MIN(J203*K203,J203*N203)>9999,MIN(J203*K203,J203*N203),0)),IF(T203=\"No\",MIN(IF((J203*K203)<20000,0,J203*K203),IF((J203*N203)<20000,0,J203*N203)),IF(MIN(Y203*Z203,Y203*N203)+MIN(J203*K203,J203*N203)>19999,MIN(J203*K203,J203*N203),0)))","v":0},null,null,{"$f":"IF($D203=\"2-for-1 Replace\",IF(OR($L203=\"Class_6\",$AE203=\"Class_6\"),\"25,000\",IF(OR($L203=\"Class_7\",$AE203=\"Class_7\"),\"35,000\",IF(OR($L203=\"Class_8\",$AE203=\"Class_8\"),IF($M203=\"New: 2013+\",\"50,000\",\"40,000\")))),IF($AK203=\"Replacement_8\",IF($L203=\"Class_7\",\"35,000\",IF($M203=\"New: 2013+\",\"50,000\",IF($M203=\"Used: 2010+\",\"40,000\"))),IF($AK203=\"Replacement_7\",\"35,000\",IF($AK203=\"Replacement_6\",\"25,000\",IF($AK203=\"Repower_8\",\"20,000\",IF($AK203=\"Repower_7\",IF($M203=\"New: 2013+ MHD\",\"10,000\",IF($M203=\"New: 2013+ HHD\",\"20,000\")),IF($AK203=\"Repower_6\",\"10,000\",\"0\")))))))","v":"0"},"No","No",null,null,null,{"$f":"IF($W203=\"33,001 +\",\"Class_8\",IF($W203=\"26,001-33,000\",\"Class_7\",IF($W203=\"19,501-26,000\",\"Class_6\",IF($W203=\"\",\"\"))))","v":""},null,null,0,{"$f":"IF($T203=\"Yes\",IF(COUNTA($U203:$AA203)=7,\"Complete\",\"Incomplete\"),\"N/A\")","v":"N/A"},{"$f":"IF($D203=\"2-for-1 Replace\",IF(OR(COUNTA(A203:AA203)=27,COUNTA(A203:AA203)=29),\"Complete\",\"Incomplete\"),IF(OR($D203=\"Replacement\",$D203=\"Repower\"),IF(COUNTA(A203:Q203)=17,\"Complete\",\"Incomplete\"),\"Incomplete\"))","v":"Incomplete"},null,{"$f":"IF(OR($H203=\"Class_8\",$X203=\"Class_8\"),\"Class_8\",IF(OR($H203=\"Class_7\",$X203=\"Class_7\"),\"Class_7\",IF(OR($H203=\"Class_6\",$X203=\"Class_6\"),\"Class_6\")))","v":false},false,{"$f":"IF($D203=\"Repower\",IF($H203=\"Class_7\",IF($M203=\"New: 2013+ HHD\",\"CL7HHD\",\"gas\")))","v":false},false,null,{"$f":"IF($D203=\"2-for-1 Replace\",\"Norestr\",IF($D203=\"Replacement\",IF($H203=\"Class_6\",\"Replacement6\",IF($H203=\"Class_7\",IF($I203=\"MHD\",\"Replacement7MHD\",\"Replacement7HHD\"),IF($H203=\"Class_8\",IF($I203=\"HHD\",\"Replacement8HHD\",\"Replacement8MHD\")))),IF($AK203=\"Repower_8\",\"Repo8\",IF($AK203=\"Repower_7\",\"Repo7\",IF($AK203=\"Repower_6\",\"Repo6\",)))))","v":0},{"$f":"IF($D203=\"Replacement\",IF($H203=\"Class_6\",\"Replacement_6\",IF($H203=\"Class_7\",\"Replacement_7\",IF($H203=\"Class_8\",\"Replacement_8\",null))),IF($D203=\"Repower\",IF($H203=\"Class_6\",\"Repower_6\",IF($H203=\"Class_7\",\"Repower_7\",IF($H203=\"Class_8\",\"Repower_8\",null))),IF($D203=\"2-for-1 Replace\",IF($L203=\"Class_6\",\"Replacement_6\",IF($L203=\"Class_7\",\"Replacement_7\",IF($L203=\"Class_8\",\"Replacement_8\",null))))))","v":false}]
["project 200",null,null,null,null,null,null,{"$f":"IF($G204=\"33,001 +\",\"Class_8\",IF($G204=\"26,001-33,000\",\"Class_7\",IF($G204=\"19,501-26,000\",\"Class_6\",\"\")))","v":""},null,null,null,null,null,null,{"$f":"IF(H204=\"Class_6\",IF(T204=\"No\",MIN(IF((J204*K204)<10000,0,J204*K204),IF((J204*N204)<10000,0,J204*N204)),IF(MIN(Y204*Z204,Y204*N204)+MIN(J204*K204,J204*N204)>9999,MIN(J204*K204,J204*N204),0)),IF(T204=\"No\",MIN(IF((J204*K204)<20000,0,J204*K204),IF((J204*N204)<20000,0,J204*N204)),IF(MIN(Y204*Z204,Y204*N204)+MIN(J204*K204,J204*N204)>19999,MIN(J204*K204,J204*N204),0)))","v":0},null,null,{"$f":"IF($D204=\"2-for-1 Replace\",IF(OR($L204=\"Class_6\",$AE204=\"Class_6\"),\"25,000\",IF(OR($L204=\"Class_7\",$AE204=\"Class_7\"),\"35,000\",IF(OR($L204=\"Class_8\",$AE204=\"Class_8\"),IF($M204=\"New: 2013+\",\"50,000\",\"40,000\")))),IF($AK204=\"Replacement_8\",IF($L204=\"Class_7\",\"35,000\",IF($M204=\"New: 2013+\",\"50,000\",IF($M204=\"Used: 2010+\",\"40,000\"))),IF($AK204=\"Replacement_7\",\"35,000\",IF($AK204=\"Replacement_6\",\"25,000\",IF($AK204=\"Repower_8\",\"20,000\",IF($AK204=\"Repower_7\",IF($M204=\"New: 2013+ MHD\",\"10,000\",IF($M204=\"New: 2013+ HHD\",\"20,000\")),IF($AK204=\"Repower_6\",\"10,000\",\"0\")))))))","v":"0"},"No","No",null,null,null,{"$f":"IF($W204=\"33,001 +\",\"Class_8\",IF($W204=\"26,001-33,000\",\"Class_7\",IF($W204=\"19,501-26,000\",\"Class_6\",IF($W204=\"\",\"\"))))","v":""},null,null,0,{"$f":"IF($T204=\"Yes\",IF(COUNTA($U204:$AA204)=7,\"Complete\",\"Incomplete\"),\"N/A\")","v":"N/A"},{"$f":"IF($D204=\"2-for-1 Replace\",IF(OR(COUNTA(A204:AA204)=27,COUNTA(A204:AA204)=29),\"Complete\",\"Incomplete\"),IF(OR($D204=\"Replacement\",$D204=\"Repower\"),IF(COUNTA(A204:Q204)=17,\"Complete\",\"Incomplete\"),\"Incomplete\"))","v":"Incomplete"},null,{"$f":"IF(OR($H204=\"Class_8\",$X204=\"Class_8\"),\"Class_8\",IF(OR($H204=\"Class_7\",$X204=\"Class_7\"),\"Class_7\",IF(OR($H204=\"Class_6\",$X204=\"Class_6\"),\"Class_6\")))","v":false},false,{"$f":"IF($D204=\"Repower\",IF($H204=\"Class_7\",IF($M204=\"New: 2013+ HHD\",\"CL7HHD\",\"gas\")))","v":false},false,null,{"$f":"IF($D204=\"2-for-1 Replace\",\"Norestr\",IF($D204=\"Replacement\",IF($H204=\"Class_6\",\"Replacement6\",IF($H204=\"Class_7\",IF($I204=\"MHD\",\"Replacement7MHD\",\"Replacement7HHD\"),IF($H204=\"Class_8\",IF($I204=\"HHD\",\"Replacement8HHD\",\"Replacement8MHD\")))),IF($AK204=\"Repower_8\",\"Repo8\",IF($AK204=\"Repower_7\",\"Repo7\",IF($AK204=\"Repower_6\",\"Repo6\",)))))","v":0},{"$f":"IF($D204=\"Replacement\",IF($H204=\"Class_6\",\"Replacement_6\",IF($H204=\"Class_7\",\"Replacement_7\",IF($H204=\"Class_8\",\"Replacement_8\",null))),IF($D204=\"Repower\",IF($H204=\"Class_6\",\"Repower_6\",IF($H204=\"Class_7\",\"Repower_7\",IF($H204=\"Class_8\",\"Repower_8\",null))),IF($D204=\"2-for-1 Replace\",IF($L204=\"Class_6\",\"Replacement_6\",IF($L204=\"Class_7\",\"Replacement_7\",IF($L204=\"Class_8\",\"Replacement_8\",null))))))","v":false}]

{"sheet":"Calculations with Rule","index":5,"n_rows":206,"n_cols":151,"rows_kept":33,"cut":true,"hidden":true,"merged":[[4,37,4,41],[4,42,4,46],[4,52,4,56],[4,47,4,51],[4,81,4,85],[4,76,4,80],[4,115,4,119],[4,130,4,134],[4,125,4,129],[4,144,4,146],[4,96,4,101],[4,102,4,104],[4,105,4,107],[4,108,4,110],[4,138,4,140],[4,141,4,143],[2,18,3,20],[2,21,3,28],[2,4,4,10],[2,12,4,17],[2,0,4,3],[2,76,3,114],[2,115,3,150],[2,37,3,75],[4,18,4,20],[2,29,4,36],[4,63,4,65],[4,66,4,68],[4,69,4,71],[4,57,4,62],[4,147,4,149],[4,72,4,74],[4,111,4,113],[4,135,4,137],[4,91,4,95],[4,86,4,90],[4,120,4,124]],"bounds":{"rows_first":15,"rows_last":3,"rows_between":15,"halvings":7}}
["Emission Benefit Calculations for Equipment Projects (w/ T&B Rule)"]
[]
["Project Details",null,null,null,"Existing Truck Information ",null,null,null,null,null,null,null,"New Truck Information",null,null,null,null,null,"Financial Info",null,null,"2-for 1 Replacement: 2nd Truck Info. (if applicable)",null,null,null,null,null,null,null,"Hidden Holdies",null,null,null,null,null,null,null," PM10 EMISSIONS CALCULATIONS                                                                                                                                                    PM10 EMISSIONS CALCULATIONS",null,null,null,null,null,null,null,null,null,null,null,null,null,null,null,null,null,null,null,null,null,null,null,null,null,null,null,null,null,null,null,null,null,null,null,null,null,null," NOx EMISSIONS CALCULATIONS                                                                                                                                                    NOx EMISSIONS CALCULATIONS",null,null,null,null,null,null,null,null,null,null,null,null,null,null,null,null,null,null,null,null,null,null,null,null,null,null,null,null,null,null,null,null,null,null,null,null,null,null," CO2 EMISSIONS CALCULATIONS                                                                                                                                                    CO2 EMISSIONS CALCULATIONS"]
[]
[null,null,null,null,null,null,null,null,null,null,null,null,null,null,null,null,null,null,null,null,null,null,null,null,null,null,null,null,null,null,null,null,null,null,null,null,null,"PM 10 Emissions baseline old truck ",null,null,null,null,"PM 10 Emission Rates old truck",null,null,null,null,"PM 10 Emissions new truck ",null,null,null,null,"PM 10 Emission Rates new truck",null,null,null,null,"PM10 - Year 1",null,null,null,null,null,"PM10 - Year 2",null,null,"PM10 - Year 3",null,null,"PM10 - Year 4",null,null,"PM10 - Year 5",null,null,"PM10 TOTAL","NOx Emissions old truck ",null,null,null,null,"NOx Emission Rates old truck ",null,null,null,null,"NOx Emissions new truck ",null,null,null,null,"NOx Emission Rates new truck ",null,null,null,null,"NOx - Year 1",null,null,null,null,null,"NOx - Year 2",null,null,"NOx - Year 3",null,null,"NOx - Year 4",null,null,"NOx - Year 5",null,null,"NOx Total","CO2 Emissions baseline old truck ",null,null,null,null,"CO2 Emission Rates baseline old truck ",null,null,null,null,"CO2 Emissions baseline new truck",null,null,null,null,"CO2 Emission Rates baseline new truck ",null,null,null,null,"CO2 - Year 1",null,null,"CO2 - Year 2",null,null,"CO2 - Year 3",null,null,"CO2 - Year 4",null,null,"CO2 - Year 5",null,null,"CO2 Total"]
["Project Name","Number of Trucks in Fleet?","1st year of operation","Equipment Project Option","Engine Model Year","Filter (DPF) Currently Installed?","Mfg. GVWR","Weight Class","Engine Duty Cycle Cert","Annual VMT","% CA Operation",null,"New Engine Details",null,"Weight Class","% CA Operation","CA VMT","Fuel Type","Funding Requested ($)",{"$f":"'Input data'!R4","v":"Maximum Allowed Funding ($)"},"AB-118 HVIP Funding?","2 Trucks Replaced by 1?","Engine Model Year of 2nd Truck","Filter (DPF) Installed on 2nd Truck?","Mfg. GVWR","Weight Class of 2nd Truck","Annual VMT of 2nd Truck ","% CA Operation 2nd Truck","CA VMT 2nd Truck","HIDDEN HOLD","HIDDEN HOLD","HIDDEN HOLD","Hidden for input page only",{"$f":"'Input data'!AF4","v":"hidden* search mod. REPOW7 ExistingTRK"},{"$f":"'Input data'!AG4","v":"hidden* search mod. REPOW7 NEWTRK - CL7HHD"},{"$f":"'Input data'!AH4","v":"CL7HHD>CL8 ExistingTRK"},{"$f":"'Input data'!AI4","v":"hidden* search modification field NEWTRK"},"Year 1 (lbs)","Year 2 (lbs)","Year 3 (lbs)","Year 4 (lbs)","Year 5 (lbs)","old-PMtestYr1 (g/mi)","old-PMtestYr2 (g/mi)","old-PMtestYr3 (g/mi)","old-PMtestYr4 (g/mi)","old-PMtestYr5 (g/mi)","Year 1 (lbs)","Year 2 (lbs)","Year 3 (lbs)","Year 4 (lbs)","Year 5 (lbs)","New-PMtestYr1 (g/mi)","New-PMtestYr2 (g/mi)","New-PMtestYr3 (g/mi)","New-PMtestYr4 (g/mi)","New-PMtestYr5 (g/mi)","truck 1 HIDDEN 1yr-benf","Truck 1 PM10 Emissions benefits year 1 (lbs)","truck 2 HIDDEN 1styrbenf"," PT1-Additional PM10 benefits for 2nd truck"," Additional PM10 benefits for 2nd truck","Total PM10 benefits year 1 (lbs)  ","PM10 Emissions benefits year 2 (lbs)"," Additional PM10 benefits for 2nd truck","Total PM10 benefits year 2 (lbs)  ","PM10 Emissions benefits year 3 (lbs)"," Additional PM10 benefits for 2nd truck","Total PM10 benefits year 3 (lbs)  ","PM10 Emissions benefits year 4 (lbs)"," Additional PM10 benefits for 2nd truck","Total PM10 benefits year 4 (lbs)  ","PM10 Emissions benefits year 5 (lbs)"," Additional PM10 benefits for 2nd truck","Total PM10 benefits year 5 (lbs)  ","Total PM10 benefits year  (lbs)  ","Year 1 (lbs)","Year 2 (lbs)","Year 3 (lbs)","Year 4 (lbs)","Year 5 (lbs)","old-NOxtestYr1 (g/mi)","old-NOxtestYr2 (g/mi)","old-NOxtestYr3 (g/mi)","old-NOxtestYr4 (g/mi)","old-NOxtestYr5 (g/mi)","Year 1 (lbs)","Year 2 (lbs)","Year 3 (lbs)","Year 4 (lbs)","Year 5 (lbs)","new-NOxtestYr1 (g/mi)","new-NOxtestYr2 (g/mi)","new-NOxtestYr3 (g/mi)","new-NOxtestYr4 (g/mi)","new-NOxtestYr5 (g/mi)","1 trk HIDDEN","NOx Emissions benefits 1 year (lbs)","2 trk HIDDEN","NOx benefits 2nd truck","NOx benefits 2nd truck","Total NOx benefits year 1 (lbs) ","NOx Emissions benefits 2 year (lbs)"," Additional NOx benefits 2nd truck","Total NOx benefits year 2 (lbs) ","NOx Emissions benefits 3 year (lbs)"," Additional NOx benefits 2nd truck","Total NOx benefits year 3 (lbs) ","NOx Emissions benefits 4 year (lbs)"," Additional NOx benefits 2nd truck","Total NOx benefits year 4 (lbs) ","NOx Emissions benefits 5 year (lbs)"," Additional NOx benefits 2nd truck","Total NOx benefits year 5 (lbs) ","Total NOx benefits (lbs) ","Year 1 (lbs)","Year 2 (lbs)","Year 3 (lbs)","Year 4 (lbs)","Year 5 (lbs)","old-CO2testYr1 (g/mi)","old-CO2testYr2 (g/mi)","old-CO2testYr3 (g/mi)","old-CO2testYr4 (g/mi)","old-CO2testYr5 (g/mi)","Year 1 (lbs)","Year 2 (lbs)","Year 3 (lbs)","Year 4 (lbs)","Year 5 (lbs)","new-CO2testYr1 (g/mi)","new-CO2testYr2 (g/mi)","new-CO2testYr3 (g/mi)","new-CO2testYr4 (g/mi)","new-CO2testYr5 (g/mi)","CO2 Emissions benefits 1 year (lbs)"," Additional CO2 benefits 2nd truck","Total CO2 benefits year 1 (lbs) ","CO2 Emissions benefits 2 year (lbs)"," Additional CO2 benefits 2nd truck","Total CO2 benefits year 2 (lbs) ","CO2 Emissions benefits 3 year (lbs)"," Additional CO2 benefits 2nd truck","Total CO2 benefits year 3 (lbs) ","CO2 Emissions benefits 4 year (lbs)"," Additional CO2 benefits 2nd truck","Total CO2 benefits year 4 (lbs) ","CO2 Emissions benefits 5 year (lbs)"," Additional CO2 benefits 2nd truck","Total CO2 benefits year 5 (lbs) ","Total CO2 benefits (lbs) "]
[{"$f":"'Input data'!A5","v":"project 1"},{"$f":"'Input data'!B5","v":0},{"$f":"'Input data'!C5","v":0},{"$f":"'Input data'!D5","v":0},{"$f":"'Input data'!E5","v":0},{"$f":"'Input data'!F5","v":0},{"$f":"'Input data'!G5","v":0},{"$f":"'Input data'!H5","v":""},{"$f":"'Input data'!I5","v":0},{"$f":"'Input data'!J5","v":0},{"$f":"'Input data'!K5","v":0},{"$f":"'Input data'!AK5","v":false},{"$f":"'Input data'!M5","v":0},{"$f":"'Input data'!AJ5","v":0},{"$f":"'Input data'!L5","v":0},{"$f":"'Input data'!N5","v":0},{"$f":"'Input data'!O5","v":0},{"$f":"'Input data'!P5","v":0},{"$f":"'Input data'!Q5","v":0},{"$f":"'Input data'!R5","v":"0"},{"$f":"'Input data'!$S5","v":"No"},{"$f":"'Input data'!T5","v":"No"},{"$f":"'Input data'!U5","v":0},{"$f":"'Input data'!V5","v":0},{"$f":"'Input data'!W5","v":0},{"$f":"'Input data'!X5","v":""},{"$f":"'Input data'!Y5","v":0},{"$f":"'Input data'!Z5","v":0},{"$f":"'Input data'!AA5","v":0},null,null,{"$f":"'Input data'!AD5","v":0},{"$f":"'Input data'!AE5","v":false},{"$f":"'Input data'!AF5","v":false},{"$f":"'Input data'!AG5","v":false},{"$f":"'Input data'!AH5","v":false},null,{"$f":"IF($B7=\"3+ Trucks\",IF(OR($H7=\"Class_8\",$N7=\"Replacement8HHD\",$AH7=\"CL7HHD\",$AJ7=\"CL7to8\"),INDEX('ER C8 FLT3'!$A$4:$J$640,MATCH($E7&$C7,'ER C8 FLT3'!$A$4:$A$640&'ER C8 FLT3'!$B$4:$B$640,1),8)*IF(OR($H7=\"Class_8\",$N7=\"Replacement8HHD\",$AH7=\"CL7HHD\",$AJ7=\"CL7to8\"),INDEX('ER C8 FLT3'!$A$4:$J$640,MATCH($E7&$C7,'ER C8 FLT3'!$A$4:$A$640&'ER C8 FLT3'!$B$4:$B$640,1),9)),IF($H7=\"Class_7\",INDEX('ER C7 FLT3'!$A$4:$J$640,MATCH($E7&$C7,'ER C7 FLT3'!$A$4:$A$640&'ER C7 FLT3'!$B$4:$B$640,1),8)*IF($H7=\"Class_7\",INDEX('ER C7 FLT3'!$A$4:$J$640,MATCH($E7&$C7,'ER C7 FLT3'!$A$4:$A$640&'ER C7 FLT3'!$B$4:$B$640,1),9)),\nIF($H7=\"Class_6\",INDEX('ER C6 FLT3'!$A$4:$J$640,MATCH($E7&$C7,'ER C6 FLT3'!$A$4:$A$640&'ER C6 FLT3'!$B$4:$B$640,1),8)*IF($H7=\"Class_6\",INDEX('ER C6 FLT3'!$A$4:$L$640,MATCH($E7&$C7,'ER C6 FLT3'!$A$4:$A$640&'ER C6 FLT3'!$B$4:$B$640,1),9))))),IF($B7=\"2 Trucks\",IF(OR($H7=\"Class_8\",$N7=\"Replacement8HHD\",$AH7=\"CL7HHD\",$AJ7=\"CL7to8\"),INDEX('ER C8 FLT2'!$A$4:$J$640,MATCH($E7&$C7,'ER C8 FLT2'!$A$4:$A$640&'ER C8 FLT2'!$B$4:$B$640,1),8)*IF(OR($H7=\"Class_8\",$N7=\"Replacement8HHD\",$AH7=\"CL7HHD\",$AJ7=\"CL7to8\"),INDEX('ER C8 FLT2'!$A$4:$J$640,MATCH($E7&$C7,'ER C8 FLT2'!$A$4:$A$640&'ER C8 FLT2'!$B$4:$B$640,1),9)),IF($H7=\"Class_7\",INDEX('ER C7 FLT2'!$A$4:$J$640,MATCH($E7&$C7,'ER C7 FLT2'!$A$4:$A$640&'ER C7 FLT2'!$B$4:$B$640,1),8)*IF($H7=\"Class_7\",INDEX('ER C7 FLT2'!$A$4:$J$640,MATCH($E7&$C7,'ER C7 FLT2'!$A$4:$A$640&'ER C7 FLT2'!$B$4:$B$640,1),9)),IF($H7=\"Class_6\",INDEX('ER C6 FLT2'!$A$4:$J$640,MATCH($E7&$C7,'ER C6 FLT2'!$A$4:$A$640&'ER C6 FLT2'!$B$4:$B$640,1),8)*IF($H7=\"Class_6\",INDEX('ER C6 FLT2'!$A$4:$J$640,MATCH($E7&$C7,'ER C6 FLT2'!$A$4:$A$640&'ER C6 FLT2'!$B$4:$B$640,1),9))))),IF($B7=\"1 Truck\",\nIF(OR($H7=\"Class_8\",$N7=\"Replacement8HHD\",$AH7=\"CL7HHD\",$AJ7=\"CL7to8\"),INDEX('ER C8 FLT1'!$A$4:$J$640,MATCH($E7&$C7,'ER C8 FLT1'!$A$4:$A$640&'ER C8 FLT1'!$B$4:$B$640,1),8)*IF(OR($H7=\"Class_8\",$N7=\"Replacement8HHD\",$AH7=\"CL7HHD\",$AJ7=\"CL7to8\"),INDEX('ER C8 FLT1'!$A$4:$J$640,MATCH($E7&$C7,'ER C8 FLT1'!$A$4:$A$640&'ER C8 FLT1'!$B$4:$B$640,1),9)),IF($H7=\"Class_7\",INDEX('ER C7 FLT1'!$A$4:$J$640,MATCH($E7&$C7,'ER C7 FLT1'!$A$4:$A$640&'ER C7 FLT1'!$B$4:$B$640,1),8)*IF($H7=\"Class_7\",INDEX('ER C7 FLT1'!$A$4:$J$640,MATCH($E7&$C7,'ER C7 FLT1'!$A$4:$A$640&'ER C7 FLT1'!$B$4:$B$640,1),9)),\nIF($H7=\"Class_6\",INDEX('ER C6 FLT1'!$A$4:$J$640,MATCH($E7&$C7,'ER C6 FLT1'!$A$4:$A$640&'ER C6 FLT1'!$B$4:$B$640,1),8)*IF($H7=\"Class_6\",INDEX('ER C6 FLT1'!$A$4:$J$640,MATCH($E7&$C7,'ER C6 FLT1'!$A$4:$A$640&'ER C6 FLT1'!$B$4:$B$640,1),9))))))))*IF($F7=\"Level 1 PM\",0.75,IF($F7=\"Level 2 PM\",0.5,IF($F7=\"Level 3 PM\",0,IF($F7=\"Level 3 PM + Mark I NOx\",0,1))))*($Q7/453.6)","v":0},{"$f":"IF($B7=\"3+ Trucks\",IF(OR($H7=\"Class_8\",$N7=\"Replacement8HHD\",$AH7=\"CL7HHD\",$AJ7=\"CL7to8\"),INDEX('ER C8 FLT3'!$A$4:$J$640,MATCH($E7&$C7,'ER C8 FLT3'!$A$4:$A$640&'ER C8 FLT3'!$B$4:$B$640-1,1),8)*IF(OR($H7=\"Class_8\",$N7=\"Replacement8HHD\",$AH7=\"CL7HHD\",$AJ7=\"CL7to8\"),INDEX('ER C8 FLT3'!$A$4:$J$640,MATCH($E7&$C7,'ER C8 FLT3'!$A$4:$A$640&'ER C8 FLT3'!$B$4:$B$640-1,1),9)),IF($H7=\"Class_7\",INDEX('ER C7 FLT3'!$A$4:$J$640,MATCH($E7&$C7,'ER C7 FLT3'!$A$4:$A$640&'ER C7 FLT3'!$B$4:$B$640-1,1),8)*IF($H7=\"Class_7\",INDEX('ER C7 FLT3'!$A$4:$J$640,MATCH($E7&$C7,'ER C7 FLT3'!$A$4:$A$640&'ER C7 FLT3'!$B$4:$B$640-1,1),9)),\nIF($H7=\"Class_6\",INDEX('ER C6 FLT3'!$A$4:$J$640,MATCH($E7&$C7,'ER C6 FLT3'!$A$4:$A$640&'ER C6 FLT3'!$B$4:$B$640-1,1),8)*IF($H7=\"Class_6\",INDEX('ER C6 FLT3'!$A$4:$L$640,MATCH($E7&$C7,'ER C6 FLT3'!$A$4:$A$640&'ER C6 FLT3'!$B$4:$B$640-1,1),9))))),IF($B7=\"2 Trucks\",IF(OR($H7=\"Class_8\",$N7=\"Replacement8HHD\",$AH7=\"CL7HHD\",$AJ7=\"CL7to8\"),INDEX('ER C8 FLT2'!$A$4:$J$640,MATCH($E7&$C7,'ER C8 FLT2'!$A$4:$A$640&'ER C8 FLT2'!$B$4:$B$640-1,1),8)*IF(OR($H7=\"Class_8\",$N7=\"Replacement8HHD\",$AH7=\"CL7HHD\",$AJ7=\"CL7to8\"),INDEX('ER C8 FLT2'!$A$4:$J$640,MATCH($E7&$C7,'ER C8 FLT2'!$A$4:$A$640&'ER C8 FLT2'!$B$4:$B$640-1,1),9)),IF($H7=\"Class_7\",INDEX('ER C7 FLT2'!$A$4:$J$640,MATCH($E7&$C7,'ER C7 FLT2'!$A$4:$A$640&'ER C7 FLT2'!$B$4:$B$640-1,1),8)*IF($H7=\"Class_7\",INDEX('ER C7 FLT2'!$A$4:$J$640,MATCH($E7&$C7,'ER C7 FLT2'!$A$4:$A$640&'ER C7 FLT2'!$B$4:$B$640-1,1),9)),IF($H7=\"Class_6\",INDEX('ER C6 FLT2'!$A$4:$J$640,MATCH($E7&$C7,'ER C6 FLT2'!$A$4:$A$640&'ER C6 FLT2'!$B$4:$B$640-1,1),8)*IF($H7=\"Class_6\",INDEX('ER C6 FLT2'!$A$4:$J$640,MATCH($E7&$C7,'ER C6 FLT2'!$A$4:$A$640&'ER C6 FLT2'!$B$4:$B$640-1,1),9))))),IF($B7=\"1 Truck\",\nIF(OR($H7=\"Class_8\",$N7=\"Replacement8HHD\",$AH7=\"CL7HHD\",$AJ7=\"CL7to8\"),INDEX('ER C8 FLT1'!$A$4:$J$640,MATCH($E7&$C7,'ER C8 FLT1'!$A$4:$A$640&'ER C8 FLT1'!$B$4:$B$640-1,1),8)*IF(OR($H7=\"Class_8\",$N7=\"Replacement8HHD\",$AH7=\"CL7HHD\",$AJ7=\"CL7to8\"),INDEX('ER C8 FLT1'!$A$4:$J$640,MATCH($E7&$C7,'ER C8 FLT1'!$A$4:$A$640&'ER C8 FLT1'!$B$4:$B$640-1,1),9)),IF($H7=\"Class_7\",INDEX('ER C7 FLT1'!$A$4:$J$640,MATCH($E7&$C7,'ER C7 FLT1'!$A$4:$A$640&'ER C7 FLT1'!$B$4:$B$640-1,1),8)*IF($H7=\"Class_7\",INDEX('ER C7 FLT1'!$A$4:$J$640,MATCH($E7&$C7,'ER C7 FLT1'!$A$4:$A$640&'ER C7 FLT1'!$B$4:$B$640-1,1),9)),\nIF($H7=\"Class_6\",INDEX('ER C6 FLT1'!$A$4:$J$640,MATCH($E7&$C7,'ER C6 FLT1'!$A$4:$A$640&'ER C6 FLT1'!$B$4:$B$640-1,1),8)*IF($H7=\"Class_6\",INDEX('ER C6 FLT1'!$A$4:$J$640,MATCH($E7&$C7,'ER C6 FLT1'!$A$4:$A$640&'ER C6 FLT1'!$B$4:$B$640-1,1),9))))))))*IF($F7=\"Level 1 PM\",0.75,IF($F7=\"Level 2 PM\",0.5,IF($F7=\"Level 3 PM\",0,IF($F7=\"Level 3 PM + Mark I NOx\",0,1))))*($Q7/453.6)","v":0},{"$f":"IF($B7=\"3+ Trucks\",IF(OR($H7=\"Class_8\",$N7=\"Replacement8HHD\",$AH7=\"CL7HHD\",$AJ7=\"CL7to8\"),INDEX('ER C8 FLT3'!$A$4:$J$640,MATCH($E7&$C7,'ER C8 FLT3'!$A$4:$A$640&'ER C8 FLT3'!$B$4:$B$640-2,1),8)*IF(OR($H7=\"Class_8\",$N7=\"Replacement8HHD\",$AH7=\"CL7HHD\",$AJ7=\"CL7to8\"),INDEX('ER C8 FLT3'!$A$4:$J$640,MATCH($E7&$C7,'ER C8 FLT3'!$A$4:$A$640&'ER C8 FLT3'!$B$4:$B$640-2,1),9)),IF($H7=\"Class_7\",INDEX('ER C7 FLT3'!$A$4:$J$640,MATCH($E7&$C7,'ER C7 FLT3'!$A$4:$A$640&'ER C7 FLT3'!$B$4:$B$640-2,1),8)*IF($H7=\"Class_7\",INDEX('ER C7 FLT3'!$A$4:$J$640,MATCH($E7&$C7,'ER C7 FLT3'!$A$4:$A$640&'ER C7 FLT3'!$B$4:$B$640-2,1),9)),\nIF($H7=\"Class_6\",INDEX('ER C6 FLT3'!$A$4:$J$640,MATCH($E7&$C7,'ER C6 FLT3'!$A$4:$A$640&'ER C6 FLT3'!$B$4:$B$640-2,1),8)*IF($H7=\"Class_6\",INDEX('ER C6 FLT3'!$A$4:$L$640,MATCH($E7&$C7,'ER C6 FLT3'!$A$4:$A$640&'ER C6 FLT3'!$B$4:$B$640-2,1),9))))),IF($B7=\"2 Trucks\",IF(OR($H7=\"Class_8\",$N7=\"Replacement8HHD\",$AH7=\"CL7HHD\",$AJ7=\"CL7to8\"),INDEX('ER C8 FLT2'!$A$4:$J$640,MATCH($E7&$C7,'ER C8 FLT2'!$A$4:$A$640&'ER C8 FLT2'!$B$4:$B$640-2,1),8)*IF(OR($H7=\"Class_8\",$N7=\"Replacement8HHD\",$AH7=\"CL7HHD\",$AJ7=\"CL7to8\"),INDEX('ER C8 FLT2'!$A$4:$J$640,MATCH($E7&$C7,'ER C8 FLT2'!$A$4:$A$640&'ER C8 FLT2'!$B$4:$B$640-2,1),9)),IF($H7=\"Class_7\",INDEX('ER C7 FLT2'!$A$4:$J$640,MATCH($E7&$C7,'ER C7 FLT2'!$A$4:$A$640&'ER C7 FLT2'!$B$4:$B$640-2,1),8)*IF($H7=\"Class_7\",INDEX('ER C7 FLT2'!$A$4:$J$640,MATCH($E7&$C7,'ER C7 FLT2'!$A$4:$A$640&'ER C7 FLT2'!$B$4:$B$640-2,1),9)),IF($H7=\"Class_6\",INDEX('ER C6 FLT2'!$A$4:$J$640,MATCH($E7&$C7,'ER C6 FLT2'!$A$4:$A$640&'ER C6 FLT2'!$B$4:$B$640-2,1),8)*IF($H7=\"Class_6\",INDEX('ER C6 FLT2'!$A$4:$J$640,MATCH($E7&$C7,'ER C6 FLT2'!$A$4:$A$640&'ER C6 FLT2'!$B$4:$B$640-2,1),9))))),IF($B7=\"1 Truck\",\nIF(OR($H7=\"Class_8\",$N7=\"Replacement8HHD\",$AH7=\"CL7HHD\",$AJ7=\"CL7to8\"),INDEX('ER C8 FLT1'!$A$4:$J$640,MATCH($E7&$C7,'ER C8 FLT1'!$A$4:$A$640&'ER C8 FLT1'!$B$4:$B$640-2,1),8)*IF(OR($H7=\"Class_8\",$N7=\"Replacement8HHD\",$AH7=\"CL7HHD\",$AJ7=\"CL7to8\"),INDEX('ER C8 FLT1'!$A$4:$J$640,MATCH($E7&$C7,'ER C8 FLT1'!$A$4:$A$640&'ER C8 FLT1'!$B$4:$B$640-2,1),9)),IF($H7=\"Class_7\",INDEX('ER C7 FLT1'!$A$4:$J$640,MATCH($E7&$C7,'ER C7 FLT1'!$A$4:$A$640&'ER C7 FLT1'!$B$4:$B$640-2,1),8)*IF($H7=\"Class_7\",INDEX('ER C7 FLT1'!$A$4:$J$640,MATCH($E7&$C7,'ER C7 FLT1'!$A$4:$A$640&'ER C7 FLT1'!$B$4:$B$640-2,1),9)),\nIF($H7=\"Class_6\",INDEX('ER C6 FLT1'!$A$4:$J$640,MATCH($E7&$C7,'ER C6 FLT1'!$A$4:$A$640&'ER C6 FLT1'!$B$4:$B$640-2,1),8)*IF($H7=\"Class_6\",INDEX('ER C6 FLT1'!$A$4:$J$640,MATCH($E7&$C7,'ER C6 FLT1'!$A$4:$A$640&'ER C6 FLT1'!$B$4:$B$640-2,1),9))))))))*IF($F7=\"Level 1 PM\",0.75,IF($F7=\"Level 2 PM\",0.5,IF($F7=\"Level 3 PM\",0,IF($F7=\"Level 3 PM + Mark I NOx\",0,1))))*($Q7/453.6)","v":0},{"$f":"IF($B7=\"3+ Trucks\",IF(OR($H7=\"Class_8\",$N7=\"Replacement8HHD\",$AH7=\"CL7HHD\",$AJ7=\"CL7to8\"),INDEX('ER C8 FLT3'!$A$4:$J$640,MATCH($E7&$C7,'ER C8 FLT3'!$A$4:$A$640&'ER C8 FLT3'!$B$4:$B$640-3,1),8)*IF(OR($H7=\"Class_8\",$N7=\"Replacement8HHD\",$AH7=\"CL7HHD\",$AJ7=\"CL7to8\"),INDEX('ER C8 FLT3'!$A$4:$J$640,MATCH($E7&$C7,'ER C8 FLT3'!$A$4:$A$640&'ER C8 FLT3'!$B$4:$B$640-3,1),9)),IF($H7=\"Class_7\",INDEX('ER C7 FLT3'!$A$4:$J$640,MATCH($E7&$C7,'ER C7 FLT3'!$A$4:$A$640&'ER C7 FLT3'!$B$4:$B$640-3,1),8)*IF($H7=\"Class_7\",INDEX('ER C7 FLT3'!$A$4:$J$640,MATCH($E7&$C7,'ER C7 FLT3'!$A$4:$A$640&'ER C7 FLT3'!$B$4:$B$640-3,1),9)),\nIF($H7=\"Class_6\",INDEX('ER C6 FLT3'!$A$4:$J$640,MATCH($E7&$C7,'ER C6 FLT3'!$A$4:$A$640&'ER C6 FLT3'!$B$4:$B$640-3,1),8)*IF($H7=\"Class_6\",INDEX('ER C6 FLT3'!$A$4:$L$640,MATCH($E7&$C7,'ER C6 FLT3'!$A$4:$A$640&'ER C6 FLT3'!$B$4:$B$640-3,1),9))))),IF($B7=\"2 Trucks\",IF(OR($H7=\"Class_8\",$N7=\"Replacement8HHD\",$AH7=\"CL7HHD\",$AJ7=\"CL7to8\"),INDEX('ER C8 FLT2'!$A$4:$J$640,MATCH($E7&$C7,'ER C8 FLT2'!$A$4:$A$640&'ER C8 FLT2'!$B$4:$B$640-3,1),8)*IF(OR($H7=\"Class_8\",$N7=\"Replacement8HHD\",$AH7=\"CL7HHD\",$AJ7=\"CL7to8\"),INDEX('ER C8 FLT2'!$A$4:$J$640,MATCH($E7&$C7,'ER C8 FLT2'!$A$4:$A$640&'ER C8 FLT2'!$B$4:$B$640-3,1),9)),IF($H7=\"Class_7\",INDEX('ER C7 FLT2'!$A$4:$J$640,MATCH($E7&$C7,'ER C7 FLT2'!$A$4:$A$640&'ER C7 FLT2'!$B$4:$B$640-3,1),8)*IF($H7=\"Class_7\",INDEX('ER C7 FLT2'!$A$4:$J$640,MATCH($E7&$C7,'ER C7 FLT2'!$A$4:$A$640&'ER C7 FLT2'!$B$4:$B$640-3,1),9)),IF($H7=\"Class_6\",INDEX('ER C6 FLT2'!$A$4:$J$640,MATCH($E7&$C7,'ER C6 FLT2'!$A$4:$A$640&'ER C6 FLT2'!$B$4:$B$640-3,1),8)*IF($H7=\"Class_6\",INDEX('ER C6 FLT2'!$A$4:$J$640,MATCH($E7&$C7,'ER C6 FLT2'!$A$4:$A$640&'ER C6 FLT2'!$B$4:$B$640-3,1),9))))),IF($B7=\"1 Truck\",\nIF(OR($H7=\"Class_8\",$N7=\"Replacement8HHD\",$AH7=\"CL7HHD\",$AJ7=\"CL7to8\"),INDEX('ER C8 FLT1'!$A$4:$J$640,MATCH($E7&$C7,'ER C8 FLT1'!$A$4:$A$640&'ER C8 FLT1'!$B$4:$B$640-3,1),8)*IF(OR($H7=\"Class_8\",$N7=\"Replacement8HHD\",$AH7=\"CL7HHD\",$AJ7=\"CL7to8\"),INDEX('ER C8 FLT1'!$A$4:$J$640,MATCH($E7&$C7,'ER C8 FLT1'!$A$4:$A$640&'ER C8 FLT1'!$B$4:$B$640-3,1),9)),IF($H7=\"Class_7\",INDEX('ER C7 FLT1'!$A$4:$J$640,MATCH($E7&$C7,'ER C7 FLT1'!$A$4:$A$640&'ER C7 FLT1'!$B$4:$B$640-3,1),8)*IF($H7=\"Class_7\",INDEX('ER C7 FLT1'!$A$4:$J$640,MATCH($E7&$C7,'ER C7 FLT1'!$A$4:$A$640&'ER C7 FLT1'!$B$4:$B$640-3,1),9)),\nIF($H7=\"Class_6\",INDEX('ER C6 FLT1'!$A$4:$J$640,MATCH($E7&$C7,'ER C6 FLT1'!$A$4:$A$640&'ER C6 FLT1'!$B$4:$B$640-3,1),8)*IF($H7=\"Class_6\",INDEX('ER C6 FLT1'!$A$4:$J$640,MATCH($E7&$C7,'ER C6 FLT1'!$A$4:$A$640&'ER C6 FLT1'!$B$4:$B$640-3,1),9))))))))*IF($F7=\"Level 1 PM\",0.75,IF($F7=\"Level 2 PM\",0.5,IF($F7=\"Level 3 PM\",0,IF($F7=\"Level 3 PM + Mark I NOx\",0,1))))*($Q7/453.6)","v":0},{"$f":"IF($B7=\"3+ Trucks\",IF(OR($H7=\"Class_8\",$N7=\"Replacement8HHD\",$AH7=\"CL7HHD\",$AJ7=\"CL7to8\"),INDEX('ER C8 FLT3'!$A$4:$J$640,MATCH($E7&$C7,'ER C8 FLT3'!$A$4:$A$640&'ER C8 FLT3'!$B$4:$B$640-4,1),8)*IF(OR($H7=\"Class_8\",$N7=\"Replacement8HHD\",$AH7=\"CL7HHD\",$AJ7=\"CL7to8\"),INDEX('ER C8 FLT3'!$A$4:$J$640,MATCH($E7&$C7,'ER C8 FLT3'!$A$4:$A$640&'ER C8 FLT3'!$B$4:$B$640-4,1),9)),IF($H7=\"Class_7\",INDEX('ER C7 FLT3'!$A$4:$J$640,MATCH($E7&$C7,'ER C7 FLT3'!$A$4:$A$640&'ER C7 FLT3'!$B$4:$B$640-4,1),8)*IF($H7=\"Class_7\",INDEX('ER C7 FLT3'!$A$4:$J$640,MATCH($E7&$C7,'ER C7 FLT3'!$A$4:$A$640&'ER C7 FLT3'!$B$4:$B$640-4,1),9)),\nIF($H7=\"Class_6\",INDEX('ER C6 FLT3'!$A$4:$J$640,MATCH($E7&$C7,'ER C6 FLT3'!$A$4:$A$640&'ER C6 FLT3'!$B$4:$B$640-4,1),8)*IF($H7=\"Class_6\",INDEX('ER C6 FLT3'!$A$4:$L$640,MATCH($E7&$C7,'ER C6 FLT3'!$A$4:$A$640&'ER C6 FLT3'!$B$4:$B$640-4,1),9))))),IF($B7=\"2 Trucks\",IF(OR($H7=\"Class_8\",$N7=\"Replacement8HHD\",$AH7=\"CL7HHD\",$AJ7=\"CL7to8\"),INDEX('ER C8 FLT2'!$A$4:$J$640,MATCH($E7&$C7,'ER C8 FLT2'!$A$4:$A$640&'ER C8 FLT2'!$B$4:$B$640-4,1),8)*IF(OR($H7=\"Class_8\",$N7=\"Replacement8HHD\",$AH7=\"CL7HHD\",$AJ7=\"CL7to8\"),INDEX('ER C8 FLT2'!$A$4:$J$640,MATCH($E7&$C7,'ER C8 FLT2'!$A$4:$A$640&'ER C8 FLT2'!$B$4:$B$640-4,1),9)),IF($H7=\"Class_7\",INDEX('ER C7 FLT2'!$A$4:$J$640,MATCH($E7&$C7,'ER C7 FLT2'!$A$4:$A$640&'ER C7 FLT2'!$B$4:$B$640-4,1),8)*IF($H7=\"Class_7\",INDEX('ER C7 FLT2'!$A$4:$J$640,MATCH($E7&$C7,'ER C7 FLT2'!$A$4:$A$640&'ER C7 FLT2'!$B$4:$B$640-4,1),9)),IF($H7=\"Class_6\",INDEX('ER C6 FLT2'!$A$4:$J$640,MATCH($E7&$C7,'ER C6 FLT2'!$A$4:$A$640&'ER C6 FLT2'!$B$4:$B$640-4,1),8)*IF($H7=\"Class_6\",INDEX('ER C6 FLT2'!$A$4:$J$640,MATCH($E7&$C7,'ER C6 FLT2'!$A$4:$A$640&'ER C6 FLT2'!$B$4:$B$640-4,1),9))))),IF($B7=\"1 Truck\",\nIF(OR($H7=\"Class_8\",$N7=\"Replacement8HHD\",$AH7=\"CL7HHD\",$AJ7=\"CL7to8\"),INDEX('ER C8 FLT1'!$A$4:$J$640,MATCH($E7&$C7,'ER C8 FLT1'!$A$4:$A$640&'ER C8 FLT1'!$B$4:$B$640-4,1),8)*IF(OR($H7=\"Class_8\",$N7=\"Replacement8HHD\",$AH7=\"CL7HHD\",$AJ7=\"CL7to8\"),INDEX('ER C8 FLT1'!$A$4:$J$640,MATCH($E7&$C7,'ER C8 FLT1'!$A$4:$A$640&'ER C8 FLT1'!$B$4:$B$640-4,1),9)),IF($H7=\"Class_7\",INDEX('ER C7 FLT1'!$A$4:$J$640,MATCH($E7&$C7,'ER C7 FLT1'!$A$4:$A$640&'ER C7 FLT1'!$B$4:$B$640-4,1),8)*IF($H7=\"Class_7\",INDEX('ER C7 FLT1'!$A$4:$J$640,MATCH($E7&$C7,'ER C7 FLT1'!$A$4:$A$640&'ER C7 FLT1'!$B$4:$B$640-4,1),9)),\nIF($H7=\"Class_6\",INDEX('ER C6 FLT1'!$A$4:$J$640,MATCH($E7&$C7,'ER C6 FLT1'!$A$4:$A$640&'ER C6 FLT1'!$B$4:$B$640-4,1),8)*IF($H7=\"Class_6\",INDEX('ER C6 FLT1'!$A$4:$J$640,MATCH($E7&$C7,'ER C6 FLT1'!$A$4:$A$640&'ER C6 FLT1'!$B$4:$B$640-4,1),9))))))))*IF($F7=\"Level 1 PM\",0.75,IF($F7=\"Level 2 PM\",0.5,IF($F7=\"Level 3 PM\",0,IF($F7=\"Level 3 PM + Mark I NOx\",0,1))))*($Q7/453.6)","v":0},{"$f":"IF($B7=\"3+ Trucks\",IF(OR($H7=\"Class_8\",$N7=\"Replacement8HHD\",$AH7=\"CL7HHD\",$AJ7=\"CL7to8\"),INDEX('ER C8 FLT3'!$A$4:$J$640,MATCH($E7&$C7,'ER C8 FLT3'!$A$4:$A$640&'ER C8 FLT3'!$B$4:$B$640,1),8),IF($H7=\"Class_7\",INDEX('ER C7 FLT3'!$A$4:$J$640,MATCH($E7&$C7,'ER C7 FLT3'!$A$4:$A$640&'ER C7 FLT3'!$B$4:$B$640,1),8),IF($H7=\"Class_6\",INDEX('ER C6 FLT3'!$A$4:$J$640,MATCH($E7&$C7,'ER C6 FLT3'!$A$4:$A$640&'ER C6 FLT3'!$B$4:$B$640,1),8)))),IF($B7=\"2 Trucks\",IF(OR($H7=\"Class_8\",$N7=\"Replacement8HHD\",$AH7=\"CL7HHD\",$AJ7=\"CL7to8\"),INDEX('ER C8 FLT2'!$A$4:$J$640,MATCH($E7&$C7,'ER C8 FLT2'!$A$4:$A$640&'ER C8 FLT2'!$B$4:$B$640,1),8),IF($H7=\"Class_7\",INDEX('ER C7 FLT2'!$A$4:$J$640,MATCH($E7&$C7,'ER C7 FLT2'!$A$4:$A$640&'ER C7 FLT2'!$B$4:$B$640,1),8),IF($H7=\"Class_6\",INDEX('ER C6 FLT2'!$A$4:$J$640,MATCH($E7&$C7,'ER C6 FLT2'!$A$4:$A$640&'ER C6 FLT2'!$B$4:$B$640,1),8)))),IF($B7=\"1 Truck\",IF(OR($H7=\"Class_8\",$N7=\"Replacement8HHD\",$AH7=\"CL7HHD\",$AJ7=\"CL7to8\"),INDEX('ER C8 FLT1'!$A$4:$J$640,MATCH($E7&$C7,'ER C8 FLT1'!$A$4:$A$640&'ER C8 FLT1'!$B$4:$B$640,1),8),IF($H7=\"Class_7\",INDEX('ER C7 FLT1'!$A$4:$J$640,MATCH($E7&$C7,'ER C7 FLT1'!$A$4:$A$640&'ER C7 FLT1'!$B$4:$B$640,1),8),IF($H7=\"Class_6\",INDEX('ER C6 FLT1'!$A$4:$J$640,MATCH($E7&$C7,'ER C6 FLT1'!$A$4:$A$640&'ER C6 FLT1'!$B$4:$B$640,1),8)))))))","v":false},{"$f":"IF($B7=\"3+ Trucks\",IF(OR($H7=\"Class_8\",$N7=\"Replacement8HHD\",$AH7=\"CL7HHD\",$AJ7=\"CL7to8\"),INDEX('ER C8 FLT3'!$A$4:$J$640,MATCH($E7&$C7,'ER C8 FLT3'!$A$4:$A$640&'ER C8 FLT3'!$B$4:$B$640-1,1),8),IF($H7=\"Class_7\",INDEX('ER C7 FLT3'!$A$4:$J$640,MATCH($E7&$C7,'ER C7 FLT3'!$A$4:$A$640&'ER C7 FLT3'!$B$4:$B$640-1,1),8),IF($H7=\"Class_6\",INDEX('ER C6 FLT3'!$A$4:$J$640,MATCH($E7&$C7,'ER C6 FLT3'!$A$4:$A$640&'ER C6 FLT3'!$B$4:$B$640-1,1),8)))),IF($B7=\"2 Trucks\",IF(OR($H7=\"Class_8\",$N7=\"Replacement8HHD\",$AH7=\"CL7HHD\",$AJ7=\"CL7to8\"),INDEX('ER C8 FLT2'!$A$4:$J$640,MATCH($E7&$C7,'ER C8 FLT2'!$A$4:$A$640&'ER C8 FLT2'!$B$4:$B$640-1,1),8),IF($H7=\"Class_7\",INDEX('ER C7 FLT2'!$A$4:$J$640,MATCH($E7&$C7,'ER C7 FLT2'!$A$4:$A$640&'ER C7 FLT2'!$B$4:$B$640-1,1),8),IF($H7=\"Class_6\",INDEX('ER C6 FLT2'!$A$4:$J$640,MATCH($E7&$C7,'ER C6 FLT2'!$A$4:$A$640&'ER C6 FLT2'!$B$4:$B$640-1,1),8)))),IF($B7=\"1 Truck\",IF(OR($H7=\"Class_8\",$N7=\"Replacement8HHD\",$AH7=\"CL7HHD\",$AJ7=\"CL7to8\"),INDEX('ER C8 FLT1'!$A$4:$J$640,MATCH($E7&$C7,'ER C8 FLT1'!$A$4:$A$640&'ER C8 FLT1'!$B$4:$B$640-1,1),8),IF($H7=\"Class_7\",INDEX('ER C7 FLT1'!$A$4:$J$640,MATCH($E7&$C7,'ER C7 FLT1'!$A$4:$A$640&'ER C7 FLT1'!$B$4:$B$640-1,1),8),IF($H7=\"Class_6\",INDEX('ER C6 FLT1'!$A$4:$J$640,MATCH($E7&$C7,'ER C6 FLT1'!$A$4:$A$640&'ER C6 FLT1'!$B$4:$B$640-1,1),8)))))))","v":false},{"$f":"IF($B7=\"3+ Trucks\",IF(OR($H7=\"Class_8\",$N7=\"Replacement8HHD\",$AH7=\"CL7HHD\",$AJ7=\"CL7to8\"),INDEX('ER C8 FLT3'!$A$4:$J$640,MATCH($E7&$C7,'ER C8 FLT3'!$A$4:$A$640&'ER C8 FLT3'!$B$4:$B$640-2,1),8),IF($H7=\"Class_7\",INDEX('ER C7 FLT3'!$A$4:$J$640,MATCH($E7&$C7,'ER C7 FLT3'!$A$4:$A$640&'ER C7 FLT3'!$B$4:$B$640-2,1),8),IF($H7=\"Class_6\",INDEX('ER C6 FLT3'!$A$4:$J$640,MATCH($E7&$C7,'ER C6 FLT3'!$A$4:$A$640&'ER C6 FLT3'!$B$4:$B$640-2,1),8)))),IF($B7=\"2 Trucks\",IF(OR($H7=\"Class_8\",$N7=\"Replacement8HHD\",$AH7=\"CL7HHD\",$AJ7=\"CL7to8\"),INDEX('ER C8 FLT2'!$A$4:$J$640,MATCH($E7&$C7,'ER C8 FLT2'!$A$4:$A$640&'ER C8 FLT2'!$B$4:$B$640-2,1),8),IF($H7=\"Class_7\",INDEX('ER C7 FLT2'!$A$4:$J$640,MATCH($E7&$C7,'ER C7 FLT2'!$A$4:$A$640&'ER C7 FLT2'!$B$4:$B$640-2,1),8),IF($H7=\"Class_6\",INDEX('ER C6 FLT2'!$A$4:$J$640,MATCH($E7&$C7,'ER C6 FLT2'!$A$4:$A$640&'ER C6 FLT2'!$B$4:$B$640-2,1),8)))),IF($B7=\"1 Truck\",IF(OR($H7=\"Class_8\",$N7=\"Replacement8HHD\",$AH7=\"CL7HHD\",$AJ7=\"CL7to8\"),INDEX('ER C8 FLT1'!$A$4:$J$640,MATCH($E7&$C7,'ER C8 FLT1'!$A$4:$A$640&'ER C8 FLT1'!$B$4:$B$640-2,1),8),IF($H7=\"Class_7\",INDEX('ER C7 FLT1'!$A$4:$J$640,MATCH($E7&$C7,'ER C7 FLT1'!$A$4:$A$640&'ER C7 FLT1'!$B$4:$B$640-2,1),8),IF($H7=\"Class_6\",INDEX('ER C6 FLT1'!$A$4:$J$640,MATCH($E7&$C7,'ER C6 FLT1'!$A$4:$A$640&'ER C6 FLT1'!$B$4:$B$640-2,1),8)))))))","v":false},{"$f":"IF($B7=\"3+ Trucks\",IF(OR($H7=\"Class_8\",$N7=\"Replacement8HHD\",$AH7=\"CL7HHD\",$AJ7=\"CL7to8\"),INDEX('ER C8 FLT3'!$A$4:$J$640,MATCH($E7&$C7,'ER C8 FLT3'!$A$4:$A$640&'ER C8 FLT3'!$B$4:$B$640-3,1),8),IF($H7=\"Class_7\",INDEX('ER C7 FLT3'!$A$4:$J$640,MATCH($E7&$C7,'ER C7 FLT3'!$A$4:$A$640&'ER C7 FLT3'!$B$4:$B$640-3,1),8),IF($H7=\"Class_6\",INDEX('ER C6 FLT3'!$A$4:$J$640,MATCH($E7&$C7,'ER C6 FLT3'!$A$4:$A$640&'ER C6 FLT3'!$B$4:$B$640-3,1),8)))),IF($B7=\"2 Trucks\",IF(OR($H7=\"Class_8\",$N7=\"Replacement8HHD\",$AH7=\"CL7HHD\",$AJ7=\"CL7to8\"),INDEX('ER C8 FLT2'!$A$4:$J$640,MATCH($E7&$C7,'ER C8 FLT2'!$A$4:$A$640&'ER C8 FLT2'!$B$4:$B$640-3,1),8),IF($H7=\"Class_7\",INDEX('ER C7 FLT2'!$A$4:$J$640,MATCH($E7&$C7,'ER C7 FLT2'!$A$4:$A$640&'ER C7 FLT2'!$B$4:$B$640-3,1),8),IF($H7=\"Class_6\",INDEX('ER C6 FLT2'!$A$4:$J$640,MATCH($E7&$C7,'ER C6 FLT2'!$A$4:$A$640&'ER C6 FLT2'!$B$4:$B$640-3,1),8)))),IF($B7=\"1 Truck\",IF(OR($H7=\"Class_8\",$N7=\"Replacement8HHD\",$AH7=\"CL7HHD\",$AJ7=\"CL7to8\"),INDEX('ER C8 FLT1'!$A$4:$J$640,MATCH($E7&$C7,'ER C8 FLT1'!$A$4:$A$640&'ER C8 FLT1'!$B$4:$B$640-3,1),8),IF($H7=\"Class_7\",INDEX('ER C7 FLT1'!$A$4:$J$640,MATCH($E7&$C7,'ER C7 FLT1'!$A$4:$A$640&'ER C7 FLT1'!$B$4:$B$640-3,1),8),IF($H7=\"Class_6\",INDEX('ER C6 FLT1'!$A$4:$J$640,MATCH($E7&$C7,'ER C6 FLT1'!$A$4:$A$640&'ER C6 FLT1'!$B$4:$B$640-3,1),8)))))))","v":false},{"$f":"IF($B7=\"3+ Trucks\",IF(OR($H7=\"Class_8\",$N7=\"Replacement8HHD\",$AH7=\"CL7HHD\",$AJ7=\"CL7to8\"),INDEX('ER C8 FLT3'!$A$4:$J$640,MATCH($E7&$C7,'ER C8 FLT3'!$A$4:$A$640&'ER C8 FLT3'!$B$4:$B$640-4,1),8),IF($H7=\"Class_7\",INDEX('ER C7 FLT3'!$A$4:$J$640,MATCH($E7&$C7,'ER C7 FLT3'!$A$4:$A$640&'ER C7 FLT3'!$B$4:$B$640-4,1),8),IF($H7=\"Class_6\",INDEX('ER C6 FLT3'!$A$4:$J$640,MATCH($E7&$C7,'ER C6 FLT3'!$A$4:$A$640&'ER C6 FLT3'!$B$4:$B$640-4,1),8)))),IF($B7=\"2 Trucks\",IF(OR($H7=\"Class_8\",$N7=\"Replacement8HHD\",$AH7=\"CL7HHD\",$AJ7=\"CL7to8\"),INDEX('ER C8 FLT2'!$A$4:$J$640,MATCH($E7&$C7,'ER C8 FLT2'!$A$4:$A$640&'ER C8 FLT2'!$B$4:$B$640-4,1),8),IF($H7=\"Class_7\",INDEX('ER C7 FLT2'!$A$4:$J$640,MATCH($E7&$C7,'ER C7 FLT2'!$A$4:$A$640&'ER C7 FLT2'!$B$4:$B$640-4,1),8),IF($H7=\"Class_6\",INDEX('ER C6 FLT2'!$A$4:$J$640,MATCH($E7&$C7,'ER C6 FLT2'!$A$4:$A$640&'ER C6 FLT2'!$B$4:$B$640-4,1),8)))),IF($B7=\"1 Truck\",IF(OR($H7=\"Class_8\",$N7=\"Replacement8HHD\",$AH7=\"CL7HHD\",$AJ7=\"CL7to8\"),INDEX('ER C8 FLT1'!$A$4:$J$640,MATCH($E7&$C7,'ER C8 FLT1'!$A$4:$A$640&'ER C8 FLT1'!$B$4:$B$640-4,1),8),IF($H7=\"Class_7\",INDEX('ER C7 FLT1'!$A$4:$J$640,MATCH($E7&$C7,'ER C7 FLT1'!$A$4:$A$640&'ER C7 FLT1'!$B$4:$B$640-4,1),8),IF($H7=\"Class_6\",INDEX('ER C6 FLT1'!$A$4:$J$640,MATCH($E7&$C7,'ER C6 FLT1'!$A$4:$A$640&'ER C6 FLT1'!$B$4:$B$640-4,1),8)))))))","v":false},{"$f":"IF(OR($R7=\"Diesel\",$R7=\"LNG/CNG\",$R7=\"Hybrid\",$R7=\"Electric w/ AB-118\"),IF($B7=\"3+ Trucks\",IF(OR($O7=\"Class_8\",$N7=\"Replacement8HHD\",$AI7=\"CL7HHD\"),INDEX('ER C8 FLT3'!$A$4:$J$640,MATCH(DropData!$J47&$C7,'ER C8 FLT3'!$A$4:$A$640&'ER C8 FLT3'!$B$4:$B$640,1),8)*IF(OR($O7=\"Class_8\",$N7=\"Replacement8HHD\",$AI7=\"CL7HHD\"),INDEX('ER C8 FLT3'!$A$4:$J$640,MATCH(DropData!$J47&$C7,'ER C8 FLT3'!$A$4:$A$640&'ER C8 FLT3'!$B$4:$B$640,1),9)),IF($O7=\"Class_7\",INDEX('ER C7 FLT3'!$A$4:$J$640,MATCH(DropData!$J47&$C7,'ER C7 FLT3'!$A$4:$A$640&'ER C7 FLT3'!$B$4:$B$640,1),8)*IF($O7=\"Class_7\",INDEX('ER C7 FLT3'!$A$4:$J$640,MATCH(DropData!$J47&$C7,'ER C7 FLT3'!$A$4:$A$640&'ER C7 FLT3'!$B$4:$B$640,1),9)),\nIF($O7=\"Class_6\",INDEX('ER C6 FLT3'!$A$4:$J$640,MATCH(DropData!$J47&$C7,'ER C6 FLT3'!$A$4:$A$640&'ER C6 FLT3'!$B$4:$B$640,1),8)*IF($O7=\"Class_6\",INDEX('ER C6 FLT3'!$A$4:$J$640,MATCH(DropData!$J47&$C7,'ER C6 FLT3'!$A$4:$A$640&'ER C6 FLT3'!$B$4:$B$640,1),9))))),IF($B7=\"2 Trucks\",IF(OR($O7=\"Class_8\",$N7=\"Replacement8HHD\",$AI7=\"CL7HHD\"),INDEX('ER C8 FLT2'!$A$4:$J$640,MATCH(DropData!$J47&$C7,'ER C8 FLT2'!$A$4:$A$640&'ER C8 FLT2'!$B$4:$B$640,1),8)*IF(OR($O7=\"Class_8\",$N7=\"Replacement8HHD\",$AI7=\"CL7HHD\"),INDEX('ER C8 FLT2'!$A$4:$J$640,MATCH(DropData!$J47&$C7,'ER C8 FLT2'!$A$4:$A$640&'ER C8 FLT2'!$B$4:$B$640,1),9)),IF($O7=\"Class_7\",INDEX('ER C7 FLT2'!$A$4:$J$640,MATCH(DropData!$J47&$C7,'ER C7 FLT2'!$A$4:$A$640&'ER C7 FLT2'!$B$4:$B$640,1),8)*IF($O7=\"Class_7\",INDEX('ER C7 FLT2'!$A$4:$J$640,MATCH(DropData!$J47&$C7,'ER C7 FLT2'!$A$4:$A$640&'ER C7 FLT2'!$B$4:$B$640,1),9)),IF($O7=\"Class_6\",INDEX('ER C6 FLT2'!$A$4:$J$640,MATCH(DropData!$J47&$C7,'ER C6 FLT2'!$A$4:$A$640&'ER C6 FLT2'!$B$4:$B$640,1),8)*IF($O7=\"Class_6\",INDEX('ER C6 FLT2'!$A$4:$J$640,MATCH(DropData!$J47&$C7,'ER C6 FLT2'!$A$4:$A$640&'ER C6 FLT2'!$B$4:$B$640,1),9))))),IF($B7=\"1 Truck\",\nIF(OR($O7=\"Class_8\",$N7=\"Replacement8HHD\",$AI7=\"CL7HHD\"),INDEX('ER C8 FLT1'!$A$4:$J$640,MATCH(DropData!$J47&$C7,'ER C8 FLT1'!$A$4:$A$640&'ER C8 FLT1'!$B$4:$B$640,1),8)*IF(OR($O7=\"Class_8\",$N7=\"Replacement8HHD\",$AI7=\"CL7HHD\"),INDEX('ER C8 FLT1'!$A$4:$J$640,MATCH(DropData!$J47&$C7,'ER C8 FLT1'!$A$4:$A$640&'ER C8 FLT1'!$B$4:$B$640,1),9)),IF($O7=\"Class_7\",INDEX('ER C7 FLT1'!$A$4:$J$640,MATCH(DropData!$J47&$C7,'ER C7 FLT1'!$A$4:$A$640&'ER C7 FLT1'!$B$4:$B$640,1),8)*IF($O7=\"Class_7\",INDEX('ER C7 FLT1'!$A$4:$J$640,MATCH(DropData!$J47&$C7,'ER C7 FLT1'!$A$4:$A$640&'ER C7 FLT1'!$B$4:$B$640,1),9)),\nIF($O7=\"Class_6\",INDEX('ER C6 FLT1'!$A$4:$J$640,MATCH(DropData!$J47&$C7,'ER C6 FLT1'!$A$4:$A$640&'ER C6 FLT1'!$B$4:$B$640,1),8)*IF($O7=\"Class_6\",INDEX('ER C6 FLT1'!$A$4:$J$640,MATCH(DropData!$J47&$C7,'ER C6 FLT1'!$A$4:$A$640&'ER C6 FLT1'!$B$4:$B$640,1),9)))))))),IF($R7=\"Electric\",INDEX('ER Electric'!$A$6:$E$44,MATCH($C7&$O7,'ER Electric'!$A$6:$A$44&'ER Electric'!$B$6:$B$44,1),3),))*(($Q7+$AC7)/453.6)","v":0},{"$f":"IF(OR($R7=\"Diesel\",$R7=\"LNG/CNG\",$R7=\"Hybrid\",$R7=\"Electric w/ AB-118\"),IF($B7=\"3+ Trucks\",IF(OR($O7=\"Class_8\",$N7=\"Replacement8HHD\",$AI7=\"CL7HHD\"),INDEX('ER C8 FLT3'!$A$4:$J$640,MATCH(DropData!$J47&$C7,'ER C8 FLT3'!$A$4:$A$640&'ER C8 FLT3'!$B$4:$B$640-1,1),8)*IF(OR($O7=\"Class_8\",$N7=\"Replacement8HHD\",$AI7=\"CL7HHD\"),INDEX('ER C8 FLT3'!$A$4:$J$640,MATCH(DropData!$J47&$C7,'ER C8 FLT3'!$A$4:$A$640&'ER C8 FLT3'!$B$4:$B$640-1,1),9)),IF($O7=\"Class_7\",INDEX('ER C7 FLT3'!$A$4:$J$640,MATCH(DropData!$J47&$C7,'ER C7 FLT3'!$A$4:$A$640&'ER C7 FLT3'!$B$4:$B$640-1,1),8)*IF($O7=\"Class_7\",INDEX('ER C7 FLT3'!$A$4:$J$640,MATCH(DropData!$J47&$C7,'ER C7 FLT3'!$A$4:$A$640&'ER C7 FLT3'!$B$4:$B$640-1,1),9)),\nIF($O7=\"Class_6\",INDEX('ER C6 FLT3'!$A$4:$J$640,MATCH(DropData!$J47&$C7,'ER C6 FLT3'!$A$4:$A$640&'ER C6 FLT3'!$B$4:$B$640-1,1),8)*IF($O7=\"Class_6\",INDEX('ER C6 FLT3'!$A$4:$J$640,MATCH(DropData!$J47&$C7,'ER C6 FLT3'!$A$4:$A$640&'ER C6 FLT3'!$B$4:$B$640-1,1),9))))),IF($B7=\"2 Trucks\",IF(OR($O7=\"Class_8\",$N7=\"Replacement8HHD\",$AI7=\"CL7HHD\"),INDEX('ER C8 FLT2'!$A$4:$J$640,MATCH(DropData!$J47&$C7,'ER C8 FLT2'!$A$4:$A$640&'ER C8 FLT2'!$B$4:$B$640-1,1),8)*IF(OR($O7=\"Class_8\",$N7=\"Replacement8HHD\",$AI7=\"CL7HHD\"),INDEX('ER C8 FLT2'!$A$4:$J$640,MATCH(DropData!$J47&$C7,'ER C8 FLT2'!$A$4:$A$640&'ER C8 FLT2'!$B$4:$B$640-1,1),9)),IF($O7=\"Class_7\",INDEX('ER C7 FLT2'!$A$4:$J$640,MATCH(DropData!$J47&$C7,'ER C7 FLT2'!$A$4:$A$640&'ER C7 FLT2'!$B$4:$B$640-1,1),8)*IF($O7=\"Class_7\",INDEX('ER C7 FLT2'!$A$4:$J$640,MATCH(DropData!$J47&$C7,'ER C7 FLT2'!$A$4:$A$640&'ER C7 FLT2'!$B$4:$B$640-1,1),9)),IF($O7=\"Class_6\",INDEX('ER C6 FLT2'!$A$4:$J$640,MATCH(DropData!$J47&$C7,'ER C6 FLT2'!$A$4:$A$640&'ER C6 FLT2'!$B$4:$B$640-1,1),8)*IF($O7=\"Class_6\",INDEX('ER C6 FLT2'!$A$4:$J$640,MATCH(DropData!$J47&$C7,'ER C6 FLT2'!$A$4:$A$640&'ER C6 FLT2'!$B$4:$B$640-1,1),9))))),IF($B7=\"1 Truck\",\nIF(OR($O7=\"Class_8\",$N7=\"Replacement8HHD\",$AI7=\"CL7HHD\"),INDEX('ER C8 FLT1'!$A$4:$J$640,MATCH(DropData!$J47&$C7,'ER C8 FLT1'!$A$4:$A$640&'ER C8 FLT1'!$B$4:$B$640-1,1),8)*IF(OR($O7=\"Class_8\",$N7=\"Replacement8HHD\",$AI7=\"CL7HHD\"),INDEX('ER C8 FLT1'!$A$4:$J$640,MATCH(DropData!$J47&$C7,'ER C8 FLT1'!$A$4:$A$640&'ER C8 FLT1'!$B$4:$B$640-1,1),9)),IF($O7=\"Class_7\",INDEX('ER C7 FLT1'!$A$4:$J$640,MATCH(DropData!$J47&$C7,'ER C7 FLT1'!$A$4:$A$640&'ER C7 FLT1'!$B$4:$B$640-1,1),8)*IF($O7=\"Class_7\",INDEX('ER C7 FLT1'!$A$4:$J$640,MATCH(DropData!$J47&$C7,'ER C7 FLT1'!$A$4:$A$640&'ER C7 FLT1'!$B$4:$B$640-1,1),9)),\nIF($O7=\"Class_6\",INDEX('ER C6 FLT1'!$A$4:$J$640,MATCH(DropData!$J47&$C7,'ER C6 FLT1'!$A$4:$A$640&'ER C6 FLT1'!$B$4:$B$640-1,1),8)*IF($O7=\"Class_6\",INDEX('ER C6 FLT1'!$A$4:$J$640,MATCH(DropData!$J47&$C7,'ER C6 FLT1'!$A$4:$A$640&'ER C6 FLT1'!$B$4:$B$640-1,1),9)))))))),IF($R7=\"Electric\",OFFSET(INDEX('ER Electric'!$A$6:$E$44,MATCH($C7&$O7,'ER Electric'!$A$6:$A$44&'ER Electric'!$B$6:$B$44,1),3),3,0),))*(($Q7+$AC7)/453.6)","v":0},{"$f":"IF(OR($R7=\"Diesel\",$R7=\"LNG/CNG\",$R7=\"Hybrid\",$R7=\"Electric w/ AB-118\"),IF($B7=\"3+ Trucks\",IF(OR($O7=\"Class_8\",$N7=\"Replacement8HHD\",$AI7=\"CL7HHD\"),INDEX('ER C8 FLT3'!$A$4:$J$640,MATCH(DropData!$J47&$C7,'ER C8 FLT3'!$A$4:$A$640&'ER C8 FLT3'!$B$4:$B$640-2,1),8)*IF(OR($O7=\"Class_8\",$N7=\"Replacement8HHD\",$AI7=\"CL7HHD\"),INDEX('ER C8 FLT3'!$A$4:$J$640,MATCH(DropData!$J47&$C7,'ER C8 FLT3'!$A$4:$A$640&'ER C8 FLT3'!$B$4:$B$640-2,1),9)),IF($O7=\"Class_7\",INDEX('ER C7 FLT3'!$A$4:$J$640,MATCH(DropData!$J47&$C7,'ER C7 FLT3'!$A$4:$A$640&'ER C7 FLT3'!$B$4:$B$640-2,1),8)*IF($O7=\"Class_7\",INDEX('ER C7 FLT3'!$A$4:$J$640,MATCH(DropData!$J47&$C7,'ER C7 FLT3'!$A$4:$A$640&'ER C7 FLT3'!$B$4:$B$640-2,1),9)),\nIF($O7=\"Class_6\",INDEX('ER C6 FLT3'!$A$4:$J$640,MATCH(DropData!$J47&$C7,'ER C6 FLT3'!$A$4:$A$640&'ER C6 FLT3'!$B$4:$B$640-2,1),8)*IF($O7=\"Class_6\",INDEX('ER C6 FLT3'!$A$4:$J$640,MATCH(DropData!$J47&$C7,'ER C6 FLT3'!$A$4:$A$640&'ER C6 FLT3'!$B$4:$B$640-2,1),9))))),IF($B7=\"2 Trucks\",IF(OR($O7=\"Class_8\",$N7=\"Replacement8HHD\",$AI7=\"CL7HHD\"),INDEX('ER C8 FLT2'!$A$4:$J$640,MATCH(DropData!$J47&$C7,'ER C8 FLT2'!$A$4:$A$640&'ER C8 FLT2'!$B$4:$B$640-2,1),8)*IF(OR($O7=\"Class_8\",$N7=\"Replacement8HHD\",$AI7=\"CL7HHD\"),INDEX('ER C8 FLT2'!$A$4:$J$640,MATCH(DropData!$J47&$C7,'ER C8 FLT2'!$A$4:$A$640&'ER C8 FLT2'!$B$4:$B$640-2,1),9)),IF($O7=\"Class_7\",INDEX('ER C7 FLT2'!$A$4:$J$640,MATCH(DropData!$J47&$C7,'ER C7 FLT2'!$A$4:$A$640&'ER C7 FLT2'!$B$4:$B$640-2,1),8)*IF($O7=\"Class_7\",INDEX('ER C7 FLT2'!$A$4:$J$640,MATCH(DropData!$J47&$C7,'ER C7 FLT2'!$A$4:$A$640&'ER C7 FLT2'!$B$4:$B$640-2,1),9)),IF($O7=\"Class_6\",INDEX('ER C6 FLT2'!$A$4:$J$640,MATCH(DropData!$J47&$C7,'ER C6 FLT2'!$A$4:$A$640&'ER C6 FLT2'!$B$4:$B$640-2,1),8)*IF($O7=\"Class_6\",INDEX('ER C6 FLT2'!$A$4:$J$640,MATCH(DropData!$J47&$C7,'ER C6 FLT2'!$A$4:$A$640&'ER C6 FLT2'!$B$4:$B$640-2,1),9))))),IF($B7=\"1 Truck\",\nIF(OR($O7=\"Class_8\",$N7=\"Replacement8HHD\",$AI7=\"CL7HHD\"),INDEX('ER C8 FLT1'!$A$4:$J$640,MATCH(DropData!$J47&$C7,'ER C8 FLT1'!$A$4:$A$640&'ER C8 FLT1'!$B$4:$B$640-2,1),8)*IF(OR($O7=\"Class_8\",$N7=\"Replacement8HHD\",$AI7=\"CL7HHD\"),INDEX('ER C8 FLT1'!$A$4:$J$640,MATCH(DropData!$J47&$C7,'ER C8 FLT1'!$A$4:$A$640&'ER C8 FLT1'!$B$4:$B$640-2,1),9)),IF($O7=\"Class_7\",INDEX('ER C7 FLT1'!$A$4:$J$640,MATCH(DropData!$J47&$C7,'ER C7 FLT1'!$A$4:$A$640&'ER C7 FLT1'!$B$4:$B$640-2,1),8)*IF($O7=\"Class_7\",INDEX('ER C7 FLT1'!$A$4:$J$640,MATCH(DropData!$J47&$C7,'ER C7 FLT1'!$A$4:$A$640&'ER C7 FLT1'!$B$4:$B$640-2,1),9)),\nIF($O7=\"Class_6\",INDEX('ER C6 FLT1'!$A$4:$J$640,MATCH(DropData!$J47&$C7,'ER C6 FLT1'!$A$4:$A$640&'ER C6 FLT1'!$B$4:$B$640-2,1),8)*IF($O7=\"Class_6\",INDEX('ER C6 FLT1'!$A$4:$J$640,MATCH(DropData!$J47&$C7,'ER C6 FLT1'!$A$4:$A$640&'ER C6 FLT1'!$B$4:$B$640-2,1),9)))))))),IF($R7=\"Electric\",OFFSET(INDEX('ER Electric'!$A$6:$E$44,MATCH($C7&$O7,'ER Electric'!$A$6:$A$44&'ER Electric'!$B$6:$B$44,1),3),6,0),))*(($Q7+$AC7)/453.6)","v":0},{"$f":"IF(OR($R7=\"Diesel\",$R7=\"LNG/CNG\",$R7=\"Hybrid\",$R7=\"Electric w/ AB-118\"),IF($B7=\"3+ Trucks\",IF(OR($O7=\"Class_8\",$N7=\"Replacement8HHD\",$AI7=\"CL7HHD\"),INDEX('ER C8 FLT3'!$A$4:$J$640,MATCH(DropData!$J47&$C7,'ER C8 FLT3'!$A$4:$A$640&'ER C8 FLT3'!$B$4:$B$640-3,1),8)*IF(OR($O7=\"Class_8\",$N7=\"Replacement8HHD\",$AI7=\"CL7HHD\"),INDEX('ER C8 FLT3'!$A$4:$J$640,MATCH(DropData!$J47&$C7,'ER C8 FLT3'!$A$4:$A$640&'ER C8 FLT3'!$B$4:$B$640-3,1),9)),IF($O7=\"Class_7\",INDEX('ER C7 FLT3'!$A$4:$J$640,MATCH(DropData!$J47&$C7,'ER C7 FLT3'!$A$4:$A$640&'ER C7 FLT3'!$B$4:$B$640-3,1),8)*IF($O7=\"Class_7\",INDEX('ER C7 FLT3'!$A$4:$J$640,MATCH(DropData!$J47&$C7,'ER C7 FLT3'!$A$4:$A$640&'ER C7 FLT3'!$B$4:$B$640-3,1),9)),\nIF($O7=\"Class_6\",INDEX('ER C6 FLT3'!$A$4:$J$640,MATCH(DropData!$J47&$C7,'ER C6 FLT3'!$A$4:$A$640&'ER C6 FLT3'!$B$4:$B$640-3,1),8)*IF($O7=\"Class_6\",INDEX('ER C6 FLT3'!$A$4:$J$640,MATCH(DropData!$J47&$C7,'ER C6 FLT3'!$A$4:$A$640&'ER C6 FLT3'!$B$4:$B$640-3,1),9))))),IF($B7=\"2 Trucks\",IF(OR($O7=\"Class_8\",$N7=\"Replacement8HHD\",$AI7=\"CL7HHD\"),INDEX('ER C8 FLT2'!$A$4:$J$640,MATCH(DropData!$J47&$C7,'ER C8 FLT2'!$A$4:$A$640&'ER C8 FLT2'!$B$4:$B$640-3,1),8)*IF(OR($O7=\"Class_8\",$N7=\"Replacement8HHD\",$AI7=\"CL7HHD\"),INDEX('ER C8 FLT2'!$A$4:$J$640,MATCH(DropData!$J47&$C7,'ER C8 FLT2'!$A$4:$A$640&'ER C8 FLT2'!$B$4:$B$640-3,1),9)),IF($O7=\"Class_7\",INDEX('ER C7 FLT2'!$A$4:$J$640,MATCH(DropData!$J47&$C7,'ER C7 FLT2'!$A$4:$A$640&'ER C7 FLT2'!$B$4:$B$640-3,1),8)*IF($O7=\"Class_7\",INDEX('ER C7 FLT2'!$A$4:$J$640,MATCH(DropData!$J47&$C7,'ER C7 FLT2'!$A$4:$A$640&'ER C7 FLT2'!$B$4:$B$640-3,1),9)),IF($O7=\"Class_6\",INDEX('ER C6 FLT2'!$A$4:$J$640,MATCH(DropData!$J47&$C7,'ER C6 FLT2'!$A$4:$A$640&'ER C6 FLT2'!$B$4:$B$640-3,1),8)*IF($O7=\"Class_6\",INDEX('ER C6 FLT2'!$A$4:$J$640,MATCH(DropData!$J47&$C7,'ER C6 FLT2'!$A$4:$A$640&'ER C6 FLT2'!$B$4:$B$640-3,1),9))))),IF($B7=\"1 Truck\",\nIF(OR($O7=\"Class_8\",$N7=\"Replacement8HHD\",$AI7=\"CL7HHD\"),INDEX('ER C8 FLT1'!$A$4:$J$640,MATCH(DropData!$J47&$C7,'ER C8 FLT1'!$A$4:$A$640&'ER C8 FLT1'!$B$4:$B$640-3,1),8)*IF(OR($O7=\"Class_8\",$N7=\"Replacement8HHD\",$AI7=\"CL7HHD\"),INDEX('ER C8 FLT1'!$A$4:$J$640,MATCH(DropData!$J47&$C7,'ER C8 FLT1'!$A$4:$A$640&'ER C8 FLT1'!$B$4:$B$640-3,1),9)),IF($O7=\"Class_7\",INDEX('ER C7 FLT1'!$A$4:$J$640,MATCH(DropData!$J47&$C7,'ER C7 FLT1'!$A$4:$A$640&'ER C7 FLT1'!$B$4:$B$640-3,1),8)*IF($O7=\"Class_7\",INDEX('ER C7 FLT1'!$A$4:$J$640,MATCH(DropData!$J47&$C7,'ER C7 FLT1'!$A$4:$A$640&'ER C7 FLT1'!$B$4:$B$640-3,1),9)),\nIF($O7=\"Class_6\",INDEX('ER C6 FLT1'!$A$4:$J$640,MATCH(DropData!$J47&$C7,'ER C6 FLT1'!$A$4:$A$640&'ER C6 FLT1'!$B$4:$B$640-3,1),8)*IF($O7=\"Class_6\",INDEX('ER C6 FLT1'!$A$4:$J$640,MATCH(DropData!$J47&$C7,'ER C6 FLT1'!$A$4:$A$640&'ER C6 FLT1'!$B$4:$B$640-3,1),9)))))))),IF($R7=\"Electric\",OFFSET(INDEX('ER Electric'!$A$6:$E$44,MATCH($C7&$O7,'ER Electric'!$A$6:$A$44&'ER Electric'!$B$6:$B$44,1),3),9,0)))*(($Q7+$AC7)/453.6)","v":0},{"$f":"IF(OR($R7=\"Diesel\",$R7=\"LNG/CNG\",$R7=\"Hybrid\",$R7=\"Electric w/ AB-118\"),IF($B7=\"3+ Trucks\",IF(OR($O7=\"Class_8\",$N7=\"Replacement8HHD\",$AI7=\"CL7HHD\"),INDEX('ER C8 FLT3'!$A$4:$J$640,MATCH(DropData!$J47&$C7,'ER C8 FLT3'!$A$4:$A$640&'ER C8 FLT3'!$B$4:$B$640-4,1),8)*IF(OR($O7=\"Class_8\",$N7=\"Replacement8HHD\",$AI7=\"CL7HHD\"),INDEX('ER C8 FLT3'!$A$4:$J$640,MATCH(DropData!$J47&$C7,'ER C8 FLT3'!$A$4:$A$640&'ER C8 FLT3'!$B$4:$B$640-4,1),9)),IF($O7=\"Class_7\",INDEX('ER C7 FLT3'!$A$4:$J$640,MATCH(DropData!$J47&$C7,'ER C7 FLT3'!$A$4:$A$640&'ER C7 FLT3'!$B$4:$B$640-4,1),8)*IF($O7=\"Class_7\",INDEX('ER C7 FLT3'!$A$4:$J$640,MATCH(DropData!$J47&$C7,'ER C7 FLT3'!$A$4:$A$640&'ER C7 FLT3'!$B$4:$B$640-4,1),9)),\nIF($O7=\"Class_6\",INDEX('ER C6 FLT3'!$A$4:$J$640,MATCH(DropData!$J47&$C7,'ER C6 FLT3'!$A$4:$A$640&'ER C6 FLT3'!$B$4:$B$640-4,1),8)*IF($O7=\"Class_6\",INDEX('ER C6 FLT3'!$A$4:$J$640,MATCH(DropData!$J47&$C7,'ER C6 FLT3'!$A$4:$A$640&'ER C6 FLT3'!$B$4:$B$640-4,1),9))))),IF($B7=\"2 Trucks\",IF(OR($O7=\"Class_8\",$N7=\"Replacement8HHD\",$AI7=\"CL7HHD\"),INDEX('ER C8 FLT2'!$A$4:$J$640,MATCH(DropData!$J47&$C7,'ER C8 FLT2'!$A$4:$A$640&'ER C8 FLT2'!$B$4:$B$640-4,1),8)*IF(OR($O7=\"Class_8\",$N7=\"Replacement8HHD\",$AI7=\"CL7HHD\"),INDEX('ER C8 FLT2'!$A$4:$J$640,MATCH(DropData!$J47&$C7,'ER C8 FLT2'!$A$4:$A$640&'ER C8 FLT2'!$B$4:$B$640-4,1),9)),IF($O7=\"Class_7\",INDEX('ER C7 FLT2'!$A$4:$J$640,MATCH(DropData!$J47&$C7,'ER C7 FLT2'!$A$4:$A$640&'ER C7 FLT2'!$B$4:$B$640-4,1),8)*IF($O7=\"Class_7\",INDEX('ER C7 FLT2'!$A$4:$J$640,MATCH(DropData!$J47&$C7,'ER C7 FLT2'!$A$4:$A$640&'ER C7 FLT2'!$B$4:$B$640-4,1),9)),IF($O7=\"Class_6\",INDEX('ER C6 FLT2'!$A$4:$J$640,MATCH(DropData!$J47&$C7,'ER C6 FLT2'!$A$4:$A$640&'ER C6 FLT2'!$B$4:$B$640-4,1),8)*IF($O7=\"Class_6\",INDEX('ER C6 FLT2'!$A$4:$J$640,MATCH(DropData!$J47&$C7,'ER C6 FLT2'!$A$4:$A$640&'ER C6 FLT2'!$B$4:$B$640-4,1),9))))),IF($B7=\"1 Truck\",\nIF(OR($O7=\"Class_8\",$N7=\"Replacement8HHD\",$AI7=\"CL7HHD\"),INDEX('ER C8 FLT1'!$A$4:$J$640,MATCH(DropData!$J47&$C7,'ER C8 FLT1'!$A$4:$A$640&'ER C8 FLT1'!$B$4:$B$640-4,1),8)*IF(OR($O7=\"Class_8\",$N7=\"Replacement8HHD\",$AI7=\"CL7HHD\"),INDEX('ER C8 FLT1'!$A$4:$J$640,MATCH(DropData!$J47&$C7,'ER C8 FLT1'!$A$4:$A$640&'ER C8 FLT1'!$B$4:$B$640-4,1),9)),IF($O7=\"Class_7\",INDEX('ER C7 FLT1'!$A$4:$J$640,MATCH(DropData!$J47&$C7,'ER C7 FLT1'!$A$4:$A$640&'ER C7 FLT1'!$B$4:$B$640-4,1),8)*IF($O7=\"Class_7\",INDEX('ER C7 FLT1'!$A$4:$J$640,MATCH(DropData!$J47&$C7,'ER C7 FLT1'!$A$4:$A$640&'ER C7 FLT1'!$B$4:$B$640-4,1),9)),\nIF($O7=\"Class_6\",INDEX('ER C6 FLT1'!$A$4:$J$640,MATCH(DropData!$J47&$C7,'ER C6 FLT1'!$A$4:$A$640&'ER C6 FLT1'!$B$4:$B$640-4,1),8)*IF($O7=\"Class_6\",INDEX('ER C6 FLT1'!$A$4:$J$640,MATCH(DropData!$J47&$C7,'ER C6 FLT1'!$A$4:$A$640&'ER C6 FLT1'!$B$4:$B$640-4,1),9)))))))),IF($R7=\"Electric\",OFFSET(INDEX('ER Electric'!$A$6:$E$44,MATCH($C7&$O7,'ER Electric'!$A$6:$A$44&'ER Electric'!$B$6:$B$44,1),3),12,0),))*(($Q7+$AC7)/453.6)","v":0},{"$f":"IF(OR($R7=\"Diesel\",$R7=\"LNG/CNG\",$R7=\"Hybrid\",$R7=\"Electric w/ AB-118\"),IF($B7=\"3+ Trucks\",IF(OR($O7=\"Class_8\",$N7=\"Replacement8HHD\",$AI7=\"CL7HHD\"),INDEX('ER C8 FLT3'!$A$4:$J$640,MATCH(DropData!$J47&$C7,'ER C8 FLT3'!$A$4:$A$640&'ER C8 FLT3'!$B$4:$B$640,1),8)*IF(OR($O7=\"Class_8\",$N7=\"Replacement8HHD\",$AI7=\"CL7HHD\"),INDEX('ER C8 FLT3'!$A$4:$J$640,MATCH(DropData!$J47&$C7,'ER C8 FLT3'!$A$4:$A$640&'ER C8 FLT3'!$B$4:$B$640,1),9)),IF($O7=\"Class_7\",INDEX('ER C7 FLT3'!$A$4:$J$640,MATCH(DropData!$J47&$C7,'ER C7 FLT3'!$A$4:$A$640&'ER C7 FLT3'!$B$4:$B$640,1),8)*IF($O7=\"Class_7\",INDEX('ER C7 FLT3'!$A$4:$J$640,MATCH(DropData!$J47&$C7,'ER C7 FLT3'!$A$4:$A$640&'ER C7 FLT3'!$B$4:$B$640,1),9)),\nIF($O7=\"Class_6\",INDEX('ER C6 FLT3'!$A$4:$J$640,MATCH(DropData!$J47&$C7,'ER C6 FLT3'!$A$4:$A$640&'ER C6 FLT3'!$B$4:$B$640,1),8)*IF($O7=\"Class_6\",INDEX('ER C6 FLT3'!$A$4:$J$640,MATCH(DropData!$J47&$C7,'ER C6 FLT3'!$A$4:$A$640&'ER C6 FLT3'!$B$4:$B$640,1),9))))),IF($B7=\"2 Trucks\",IF(OR($O7=\"Class_8\",$N7=\"Replacement8HHD\",$AI7=\"CL7HHD\"),INDEX('ER C8 FLT2'!$A$4:$J$640,MATCH(DropData!$J47&$C7,'ER C8 FLT2'!$A$4:$A$640&'ER C8 FLT2'!$B$4:$B$640,1),8)*IF(OR($O7=\"Class_8\",$N7=\"Replacement8HHD\",$AI7=\"CL7HHD\"),INDEX('ER C8 FLT2'!$A$4:$J$640,MATCH(DropData!$J47&$C7,'ER C8 FLT2'!$A$4:$A$640&'ER C8 FLT2'!$B$4:$B$640,1),9)),IF($O7=\"Class_7\",INDEX('ER C7 FLT2'!$A$4:$J$640,MATCH(DropData!$J47&$C7,'ER C7 FLT2'!$A$4:$A$640&'ER C7 FLT2'!$B$4:$B$640,1),8)*IF($O7=\"Class_7\",INDEX('ER C7 FLT2'!$A$4:$J$640,MATCH(DropData!$J47&$C7,'ER C7 FLT2'!$A$4:$A$640&'ER C7 FLT2'!$B$4:$B$640,1),9)),IF($O7=\"Class_6\",INDEX('ER C6 FLT2'!$A$4:$J$640,MATCH(DropData!$J47&$C7,'ER C6 FLT2'!$A$4:$A$640&'ER C6 FLT2'!$B$4:$B$640,1),8)*IF($O7=\"Class_6\",INDEX('ER C6 FLT2'!$A$4:$J$640,MATCH(DropData!$J47&$C7,'ER C6 FLT2'!$A$4:$A$640&'ER C6 FLT2'!$B$4:$B$640,1),9))))),IF($B7=\"1 Truck\",\nIF(OR($O7=\"Class_8\",$N7=\"Replacement8HHD\",$AI7=\"CL7HHD\"),INDEX('ER C8 FLT1'!$A$4:$J$640,MATCH(DropData!$J47&$C7,'ER C8 FLT1'!$A$4:$A$640&'ER C8 FLT1'!$B$4:$B$640,1),8)*IF(OR($O7=\"Class_8\",$N7=\"Replacement8HHD\",$AI7=\"CL7HHD\"),INDEX('ER C8 FLT1'!$A$4:$J$640,MATCH(DropData!$J47&$C7,'ER C8 FLT1'!$A$4:$A$640&'ER C8 FLT1'!$B$4:$B$640,1),9)),IF($O7=\"Class_7\",INDEX('ER C7 FLT1'!$A$4:$J$640,MATCH(DropData!$J47&$C7,'ER C7 FLT1'!$A$4:$A$640&'ER C7 FLT1'!$B$4:$B$640,1),8)*IF($O7=\"Class_7\",INDEX('ER C7 FLT1'!$A$4:$J$640,MATCH(DropData!$J47&$C7,'ER C7 FLT1'!$A$4:$A$640&'ER C7 FLT1'!$B$4:$B$640,1),9)),IF($O7=\"Class_6\",INDEX('ER C6 FLT1'!$A$4:$J$640,MATCH(DropData!$J47&$C7,'ER C6 FLT1'!$A$4:$A$640&'ER C6 FLT1'!$B$4:$B$640,1),8)*IF($O7=\"Class_6\",INDEX('ER C6 FLT1'!$A$4:$J$640,MATCH(DropData!$J47&$C7,'ER C6 FLT1'!$A$4:$A$640&'ER C6 FLT1'!$B$4:$B$640,1),9)))))))),IF($R7=\"Electric\",INDEX('ER Electric'!$A$6:$E$44,MATCH($C7&$O7,'ER Electric'!$A$6:$A$44&'ER Electric'!$B$6:$B$44,1),3),))","v":0},{"$f":"IF(OR($R7=\"Diesel\",$R7=\"LNG/CNG\",$R7=\"Hybrid\",$R7=\"Electric w/ AB-118\"),IF($B7=\"3+ Trucks\",IF(OR($O7=\"Class_8\",$N7=\"Replacement8HHD\",$AI7=\"CL7HHD\"),INDEX('ER C8 FLT3'!$A$4:$J$640,MATCH(DropData!$J47&$C7,'ER C8 FLT3'!$A$4:$A$640&'ER C8 FLT3'!$B$4:$B$640-1,1),8)*IF(OR($O7=\"Class_8\",$N7=\"Replacement8HHD\",$AI7=\"CL7HHD\"),INDEX('ER C8 FLT3'!$A$4:$J$640,MATCH(DropData!$J47&$C7,'ER C8 FLT3'!$A$4:$A$640&'ER C8 FLT3'!$B$4:$B$640-1,1),9)),IF($O7=\"Class_7\",INDEX('ER C7 FLT3'!$A$4:$J$640,MATCH(DropData!$J47&$C7,'ER C7 FLT3'!$A$4:$A$640&'ER C7 FLT3'!$B$4:$B$640-1,1),8)*IF($O7=\"Class_7\",INDEX('ER C7 FLT3'!$A$4:$J$640,MATCH(DropData!$J47&$C7,'ER C7 FLT3'!$A$4:$A$640&'ER C7 FLT3'!$B$4:$B$640-1,1),9)),IF($O7=\"Class_6\",INDEX('ER C6 FLT3'!$A$4:$J$640,MATCH(DropData!$J47&$C7,'ER C6 FLT3'!$A$4:$A$640&'ER C6 FLT3'!$B$4:$B$640-1,1),8)*IF($O7=\"Class_6\",INDEX('ER C6 FLT3'!$A$4:$J$640,MATCH(DropData!$J47&$C7,'ER C6 FLT3'!$A$4:$A$640&'ER C6 FLT3'!$B$4:$B$640-1,1),9))))),IF($B7=\"2 Trucks\",IF(OR($O7=\"Class_8\",$N7=\"Replacement8HHD\",$AI7=\"CL7HHD\"),INDEX('ER C8 FLT2'!$A$4:$J$640,MATCH(DropData!$J47&$C7,'ER C8 FLT2'!$A$4:$A$640&'ER C8 FLT2'!$B$4:$B$640-1,1),8)*IF(OR($O7=\"Class_8\",$N7=\"Replacement8HHD\",$AI7=\"CL7HHD\"),INDEX('ER C8 FLT2'!$A$4:$J$640,MATCH(DropData!$J47&$C7,'ER C8 FLT2'!$A$4:$A$640&'ER C8 FLT2'!$B$4:$B$640-1,1),9)),IF($O7=\"Class_7\",INDEX('ER C7 FLT2'!$A$4:$J$640,MATCH(DropData!$J47&$C7,'ER C7 FLT2'!$A$4:$A$640&'ER C7 FLT2'!$B$4:$B$640-1,1),8)*IF($O7=\"Class_7\",INDEX('ER C7 FLT2'!$A$4:$J$640,MATCH(DropData!$J47&$C7,'ER C7 FLT2'!$A$4:$A$640&'ER C7 FLT2'!$B$4:$B$640-1,1),9)),IF($O7=\"Class_6\",INDEX('ER C6 FLT2'!$A$4:$J$640,MATCH(DropData!$J47&$C7,'ER C6 FLT2'!$A$4:$A$640&'ER C6 FLT2'!$B$4:$B$640-1,1),8)*IF($O7=\"Class_6\",INDEX('ER C6 FLT2'!$A$4:$J$640,MATCH(DropData!$J47&$C7,'ER C6 FLT2'!$A$4:$A$640&'ER C6 FLT2'!$B$4:$B$640-1,1),9))))),IF($B7=\"1 Truck\",IF(OR($O7=\"Class_8\",$N7=\"Replacement8HHD\",$AI7=\"CL7HHD\"),INDEX('ER C8 FLT1'!$A$4:$J$640,MATCH(DropData!$J47&$C7,'ER C8 FLT1'!$A$4:$A$640&'ER C8 FLT1'!$B$4:$B$640-1,1),8)*IF(OR($O7=\"Class_8\",$N7=\"Replacement8HHD\",$AI7=\"CL7HHD\"),INDEX('ER C8 FLT1'!$A$4:$J$640,MATCH(DropData!$J47&$C7,'ER C8 FLT1'!$A$4:$A$640&'ER C8 FLT1'!$B$4:$B$640-1,1),9)),IF($O7=\"Class_7\",INDEX('ER C7 FLT1'!$A$4:$J$640,MATCH(DropData!$J47&$C7,'ER C7 FLT1'!$A$4:$A$640&'ER C7 FLT1'!$B$4:$B$640-1,1),8)*IF($O7=\"Class_7\",INDEX('ER C7 FLT1'!$A$4:$J$640,MATCH(DropData!$J47&$C7,'ER C7 FLT1'!$A$4:$A$640&'ER C7 FLT1'!$B$4:$B$640-1,1),9)),IF($O7=\"Class_6\",INDEX('ER C6 FLT1'!$A$4:$J$640,MATCH(DropData!$J47&$C7,'ER C6 FLT1'!$A$4:$A$640&'ER C6 FLT1'!$B$4:$B$640-1,1),8)*IF($O7=\"Class_6\",INDEX('ER C6 FLT1'!$A$4:$J$640,MATCH(DropData!$J47&$C7,'ER C6 FLT1'!$A$4:$A$640&'ER C6 FLT1'!$B$4:$B$640-1,1),9)))))))),IF($R7=\"Electric\",OFFSET(INDEX('ER Electric'!$A$6:$E$44,MATCH($C7&$O7,'ER Electric'!$A$6:$A$44&'ER Electric'!$B$6:$B$44,1),3),3,0),))","v":0},{"$f":"IF(OR($R7=\"Diesel\",$R7=\"LNG/CNG\",$R7=\"Hybrid\",$R7=\"Electric w/ AB-118\"),IF($B7=\"3+ Trucks\",IF(OR($O7=\"Class_8\",$N7=\"Replacement8HHD\",$AI7=\"CL7HHD\"),INDEX('ER C8 FLT3'!$A$4:$J$640,MATCH(DropData!$J47&$C7,'ER C8 FLT3'!$A$4:$A$640&'ER C8 FLT3'!$B$4:$B$640-2,1),8)*IF(OR($O7=\"Class_8\",$N7=\"Replacement8HHD\",$AI7=\"CL7HHD\"),INDEX('ER C8 FLT3'!$A$4:$J$640,MATCH(DropData!$J47&$C7,'ER C8 FLT3'!$A$4:$A$640&'ER C8 FLT3'!$B$4:$B$640-2,1),9)),IF($O7=\"Class_7\",INDEX('ER C7 FLT3'!$A$4:$J$640,MATCH(DropData!$J47&$C7,'ER C7 FLT3'!$A$4:$A$640&'ER C7 FLT3'!$B$4:$B$640-2,1),8)*IF($O7=\"Class_7\",INDEX('ER C7 FLT3'!$A$4:$J$640,MATCH(DropData!$J47&$C7,'ER C7 FLT3'!$A$4:$A$640&'ER C7 FLT3'!$B$4:$B$640-2,1),9)),IF($O7=\"Class_6\",INDEX('ER C6 FLT3'!$A$4:$J$640,MATCH(DropData!$J47&$C7,'ER C6 FLT3'!$A$4:$A$640&'ER C6 FLT3'!$B$4:$B$640-2,1),8)*IF($O7=\"Class_6\",INDEX('ER C6 FLT3'!$A$4:$J$640,MATCH(DropData!$J47&$C7,'ER C6 FLT3'!$A$4:$A$640&'ER C6 FLT3'!$B$4:$B$640-2,1),9))))),IF($B7=\"2 Trucks\",IF(OR($O7=\"Class_8\",$N7=\"Replacement8HHD\",$AI7=\"CL7HHD\"),INDEX('ER C8 FLT2'!$A$4:$J$640,MATCH(DropData!$J47&$C7,'ER C8 FLT2'!$A$4:$A$640&'ER C8 FLT2'!$B$4:$B$640-2,1),8)*IF(OR($O7=\"Class_8\",$N7=\"Replacement8HHD\",$AI7=\"CL7HHD\"),INDEX('ER C8 FLT2'!$A$4:$J$640,MATCH(DropData!$J47&$C7,'ER C8 FLT2'!$A$4:$A$640&'ER C8 FLT2'!$B$4:$B$640-2,1),9)),IF($O7=\"Class_7\",INDEX('ER C7 FLT2'!$A$4:$J$640,MATCH(DropData!$J47&$C7,'ER C7 FLT2'!$A$4:$A$640&'ER C7 FLT2'!$B$4:$B$640-2,1),8)*IF($O7=\"Class_7\",INDEX('ER C7 FLT2'!$A$4:$J$640,MATCH(DropData!$J47&$C7,'ER C7 FLT2'!$A$4:$A$640&'ER C7 FLT2'!$B$4:$B$640-2,1),9)),IF($O7=\"Class_6\",INDEX('ER C6 FLT2'!$A$4:$J$640,MATCH(DropData!$J47&$C7,'ER C6 FLT2'!$A$4:$A$640&'ER C6 FLT2'!$B$4:$B$640-2,1),8)*IF($O7=\"Class_6\",INDEX('ER C6 FLT2'!$A$4:$J$640,MATCH(DropData!$J47&$C7,'ER C6 FLT2'!$A$4:$A$640&'ER C6 FLT2'!$B$4:$B$640-2,1),9))))),IF($B7=\"1 Truck\",IF(OR($O7=\"Class_8\",$N7=\"Replacement8HHD\",$AI7=\"CL7HHD\"),INDEX('ER C8 FLT1'!$A$4:$J$640,MATCH(DropData!$J47&$C7,'ER C8 FLT1'!$A$4:$A$640&'ER C8 FLT1'!$B$4:$B$640-2,1),8)*IF(OR($O7=\"Class_8\",$N7=\"Replacement8HHD\",$AI7=\"CL7HHD\"),INDEX('ER C8 FLT1'!$A$4:$J$640,MATCH(DropData!$J47&$C7,'ER C8 FLT1'!$A$4:$A$640&'ER C8 FLT1'!$B$4:$B$640-2,1),9)),IF($O7=\"Class_7\",INDEX('ER C7 FLT1'!$A$4:$J$640,MATCH(DropData!$J47&$C7,'ER C7 FLT1'!$A$4:$A$640&'ER C7 FLT1'!$B$4:$B$640-2,1),8)*IF($O7=\"Class_7\",INDEX('ER C7 FLT1'!$A$4:$J$640,MATCH(DropData!$J47&$C7,'ER C7 FLT1'!$A$4:$A$640&'ER C7 FLT1'!$B$4:$B$640-2,1),9)),IF($O7=\"Class_6\",INDEX('ER C6 FLT1'!$A$4:$J$640,MATCH(DropData!$J47&$C7,'ER C6 FLT1'!$A$4:$A$640&'ER C6 FLT1'!$B$4:$B$640-2,1),8)*IF($O7=\"Class_6\",INDEX('ER C6 FLT1'!$A$4:$J$640,MATCH(DropData!$J47&$C7,'ER C6 FLT1'!$A$4:$A$640&'ER C6 FLT1'!$B$4:$B$640-2,1),9)))))))),IF($R7=\"Electric\",OFFSET(INDEX('ER Electric'!$A$6:$E$44,MATCH($C7&$O7,'ER Electric'!$A$6:$A$44&'ER Electric'!$B$6:$B$44,1),3),6,0),))","v":0},{"$f":"IF(OR($R7=\"Diesel\",$R7=\"LNG/CNG\",$R7=\"Hybrid\",$R7=\"Electric w/ AB-118\"),IF($B7=\"3+ Trucks\",IF(OR($O7=\"Class_8\",$N7=\"Replacement8HHD\",$AI7=\"CL7HHD\"),INDEX('ER C8 FLT3'!$A$4:$J$640,MATCH(DropData!$J47&$C7,'ER C8 FLT3'!$A$4:$A$640&'ER C8 FLT3'!$B$4:$B$640-3,1),8)*IF(OR($O7=\"Class_8\",$N7=\"Replacement8HHD\",$AI7=\"CL7HHD\"),INDEX('ER C8 FLT3'!$A$4:$J$640,MATCH(DropData!$J47&$C7,'ER C8 FLT3'!$A$4:$A$640&'ER C8 FLT3'!$B$4:$B$640-3,1),9)),IF($O7=\"Class_7\",INDEX('ER C7 FLT3'!$A$4:$J$640,MATCH(DropData!$J47&$C7,'ER C7 FLT3'!$A$4:$A$640&'ER C7 FLT3'!$B$4:$B$640-3,1),8)*IF($O7=\"Class_7\",INDEX('ER C7 FLT3'!$A$4:$J$640,MATCH(DropData!$J47&$C7,'ER C7 FLT3'!$A$4:$A$640&'ER C7 FLT3'!$B$4:$B$640-3,1),9)),IF($O7=\"Class_6\",INDEX('ER C6 FLT3'!$A$4:$J$640,MATCH(DropData!$J47&$C7,'ER C6 FLT3'!$A$4:$A$640&'ER C6 FLT3'!$B$4:$B$640-3,1),8)*IF($O7=\"Class_6\",INDEX('ER C6 FLT3'!$A$4:$J$640,MATCH(DropData!$J47&$C7,'ER C6 FLT3'!$A$4:$A$640&'ER C6 FLT3'!$B$4:$B$640-3,1),9))))),IF($B7=\"2 Trucks\",IF(OR($O7=\"Class_8\",$N7=\"Replacement8HHD\",$AI7=\"CL7HHD\"),INDEX('ER C8 FLT2'!$A$4:$J$640,MATCH(DropData!$J47&$C7,'ER C8 FLT2'!$A$4:$A$640&'ER C8 FLT2'!$B$4:$B$640-3,1),8)*IF(OR($O7=\"Class_8\",$N7=\"Replacement8HHD\",$AI7=\"CL7HHD\"),INDEX('ER C8 FLT2'!$A$4:$J$640,MATCH(DropData!$J47&$C7,'ER C8 FLT2'!$A$4:$A$640&'ER C8 FLT2'!$B$4:$B$640-3,1),9)),IF($O7=\"Class_7\",INDEX('ER C7 FLT2'!$A$4:$J$640,MATCH(DropData!$J47&$C7,'ER C7 FLT2'!$A$4:$A$640&'ER C7 FLT2'!$B$4:$B$640-3,1),8)*IF($O7=\"Class_7\",INDEX('ER C7 FLT2'!$A$4:$J$640,MATCH(DropData!$J47&$C7,'ER C7 FLT2'!$A$4:$A$640&'ER C7 FLT2'!$B$4:$B$640-3,1),9)),IF($O7=\"Class_6\",INDEX('ER C6 FLT2'!$A$4:$J$640,MATCH(DropData!$J47&$C7,'ER C6 FLT2'!$A$4:$A$640&'ER C6 FLT2'!$B$4:$B$640-3,1),8)*IF($O7=\"Class_6\",INDEX('ER C6 FLT2'!$A$4:$J$640,MATCH(DropData!$J47&$C7,'ER C6 FLT2'!$A$4:$A$640&'ER C6 FLT2'!$B$4:$B$640-3,1),9))))),IF($B7=\"1 Truck\",IF(OR($O7=\"Class_8\",$N7=\"Replacement8HHD\",$AI7=\"CL7HHD\"),INDEX('ER C8 FLT1'!$A$4:$J$640,MATCH(DropData!$J47&$C7,'ER C8 FLT1'!$A$4:$A$640&'ER C8 FLT1'!$B$4:$B$640-3,1),8)*IF(OR($O7=\"Class_8\",$N7=\"Replacement8HHD\",$AI7=\"CL7HHD\"),INDEX('ER C8 FLT1'!$A$4:$J$640,MATCH(DropData!$J47&$C7,'ER C8 FLT1'!$A$4:$A$640&'ER C8 FLT1'!$B$4:$B$640-3,1),9)),IF($O7=\"Class_7\",INDEX('ER C7 FLT1'!$A$4:$J$640,MATCH(DropData!$J47&$C7,'ER C7 FLT1'!$A$4:$A$640&'ER C7 FLT1'!$B$4:$B$640-3,1),8)*IF($O7=\"Class_7\",INDEX('ER C7 FLT1'!$A$4:$J$640,MATCH(DropData!$J47&$C7,'ER C7 FLT1'!$A$4:$A$640&'ER C7 FLT1'!$B$4:$B$640-3,1),9)),IF($O7=\"Class_6\",INDEX('ER C6 FLT1'!$A$4:$J$640,MATCH(DropData!$J47&$C7,'ER C6 FLT1'!$A$4:$A$640&'ER C6 FLT1'!$B$4:$B$640-3,1),8)*IF($O7=\"Class_6\",INDEX('ER C6 FLT1'!$A$4:$J$640,MATCH(DropData!$J47&$C7,'ER C6 FLT1'!$A$4:$A$640&'ER C6 FLT1'!$B$4:$B$640-3,1),9)))))))),IF($R7=\"Electric\",OFFSET(INDEX('ER Electric'!$A$6:$E$44,MATCH($C7&$O7,'ER Electric'!$A$6:$A$44&'ER Electric'!$B$6:$B$44,1),3),9,0),))","v":0},{"$f":"IF(OR($R7=\"Diesel\",$R7=\"LNG/CNG\",$R7=\"Hybrid\",$R7=\"Electric w/ AB-118\"),IF($B7=\"3+ Trucks\",IF(OR($O7=\"Class_8\",$N7=\"Replacement8HHD\",$AI7=\"CL7HHD\"),INDEX('ER C8 FLT3'!$A$4:$J$640,MATCH(DropData!$J47&$C7,'ER C8 FLT3'!$A$4:$A$640&'ER C8 FLT3'!$B$4:$B$640-4,1),8)*IF(OR($O7=\"Class_8\",$N7=\"Replacement8HHD\",$AI7=\"CL7HHD\"),INDEX('ER C8 FLT3'!$A$4:$J$640,MATCH(DropData!$J47&$C7,'ER C8 FLT3'!$A$4:$A$640&'ER C8 FLT3'!$B$4:$B$640-4,1),9)),IF($O7=\"Class_7\",INDEX('ER C7 FLT3'!$A$4:$J$640,MATCH(DropData!$J47&$C7,'ER C7 FLT3'!$A$4:$A$640&'ER C7 FLT3'!$B$4:$B$640-4,1),8)*IF($O7=\"Class_7\",INDEX('ER C7 FLT3'!$A$4:$J$640,MATCH(DropData!$J47&$C7,'ER C7 FLT3'!$A$4:$A$640&'ER C7 FLT3'!$B$4:$B$640-4,1),9)),IF($O7=\"Class_6\",INDEX('ER C6 FLT3'!$A$4:$J$640,MATCH(DropData!$J47&$C7,'ER C6 FLT3'!$A$4:$A$640&'ER C6 FLT3'!$B$4:$B$640-4,1),8)*IF($O7=\"Class_6\",INDEX('ER C6 FLT3'!$A$4:$J$640,MATCH(DropData!$J47&$C7,'ER C6 FLT3'!$A$4:$A$640&'ER C6 FLT3'!$B$4:$B$640-4,1),9))))),IF($B7=\"2 Trucks\",IF(OR($O7=\"Class_8\",$N7=\"Replacement8HHD\",$AI7=\"CL7HHD\"),INDEX('ER C8 FLT2'!$A$4:$J$640,MATCH(DropData!$J47&$C7,'ER C8 FLT2'!$A$4:$A$640&'ER C8 FLT2'!$B$4:$B$640-4,1),8)*IF(OR($O7=\"Class_8\",$N7=\"Replacement8HHD\",$AI7=\"CL7HHD\"),INDEX('ER C8 FLT2'!$A$4:$J$640,MATCH(DropData!$J47&$C7,'ER C8 FLT2'!$A$4:$A$640&'ER C8 FLT2'!$B$4:$B$640-4,1),9)),IF($O7=\"Class_7\",INDEX('ER C7 FLT2'!$A$4:$J$640,MATCH(DropData!$J47&$C7,'ER C7 FLT2'!$A$4:$A$640&'ER C7 FLT2'!$B$4:$B$640-4,1),8)*IF($O7=\"Class_7\",INDEX('ER C7 FLT2'!$A$4:$J$640,MATCH(DropData!$J47&$C7,'ER C7 FLT2'!$A$4:$A$640&'ER C7 FLT2'!$B$4:$B$640-4,1),9)),IF($O7=\"Class_6\",INDEX('ER C6 FLT2'!$A$4:$J$640,MATCH(DropData!$J47&$C7,'ER C6 FLT2'!$A$4:$A$640&'ER C6 FLT2'!$B$4:$B$640-4,1),8)*IF($O7=\"Class_6\",INDEX('ER C6 FLT2'!$A$4:$J$640,MATCH(DropData!$J47&$C7,'ER C6 FLT2'!$A$4:$A$640&'ER C6 FLT2'!$B$4:$B$640-4,1),9))))),IF($B7=\"1 Truck\",IF(OR($O7=\"Class_8\",$N7=\"Replacement8HHD\",$AI7=\"CL7HHD\"),INDEX('ER C8 FLT1'!$A$4:$J$640,MATCH(DropData!$J47&$C7,'ER C8 FLT1'!$A$4:$A$640&'ER C8 FLT1'!$B$4:$B$640-4,1),8)*IF(OR($O7=\"Class_8\",$N7=\"Replacement8HHD\",$AI7=\"CL7HHD\"),INDEX('ER C8 FLT1'!$A$4:$J$640,MATCH(DropData!$J47&$C7,'ER C8 FLT1'!$A$4:$A$640&'ER C8 FLT1'!$B$4:$B$640-4,1),9)),IF($O7=\"Class_7\",INDEX('ER C7 FLT1'!$A$4:$J$640,MATCH(DropData!$J47&$C7,'ER C7 FLT1'!$A$4:$A$640&'ER C7 FLT1'!$B$4:$B$640-4,1),8)*IF($O7=\"Class_7\",INDEX('ER C7 FLT1'!$A$4:$J$640,MATCH(DropData!$J47&$C7,'ER C7 FLT1'!$A$4:$A$640&'ER C7 FLT1'!$B$4:$B$640-4,1),9)),IF($O7=\"Class_6\",INDEX('ER C6 FLT1'!$A$4:$J$640,MATCH(DropData!$J47&$C7,'ER C6 FLT1'!$A$4:$A$640&'ER C6 FLT1'!$B$4:$B$640-4,1),8)*IF($O7=\"Class_6\",INDEX('ER C6 FLT1'!$A$4:$J$640,MATCH(DropData!$J47&$C7,'ER C6 FLT1'!$A$4:$A$640&'ER C6 FLT1'!$B$4:$B$640-4,1),9)))))))),IF($R7=\"Electric\",OFFSET(INDEX('ER Electric'!$A$6:$E$44,MATCH($C7&$O7,'ER Electric'!$A$6:$A$44&'ER Electric'!$B$6:$B$44,1),3),12,0),))","v":0},{"$f":"IF($C7<2015,1,2)","v":1},{"$f":"MAX(0,(AL7-AV7)/BF7)","v":0},{"$f":"IF($C7<2015,1,2)","v":1},{"$f":"IFERROR(IF($B7=\"3+ Trucks\",IF($Z7=\"Class_8\",INDEX('ER C8 FLT3'!$A$4:$J$640,MATCH($W7&$C7,'ER C8 FLT3'!$A$4:$A$640&'ER C8 FLT3'!$B$4:$B$640,1),8)*IF($Z7=\"Class_8\",INDEX('ER C8 FLT3'!$A$4:$J$640,MATCH($W7&$C7,'ER C8 FLT3'!$A$4:$A$640&'ER C8 FLT3'!$B$4:$B$640,1),9)),IF($Z7=\"Class_7\",INDEX('ER C7 FLT3'!$A$4:$J$640,MATCH($W7&$C7,'ER C7 FLT3'!$A$4:$A$640&'ER C7 FLT3'!$B$4:$B$640,1),8)*IF($Z7=\"Class_7\",INDEX('ER C7 FLT3'!$A$4:$J$640,MATCH($W7&$C7,'ER C7 FLT3'!$A$4:$A$640&'ER C7 FLT3'!$B$4:$B$640,1),9)),\nIF($Z7=\"Class_6\",INDEX('ER C6 FLT3'!$A$4:$J$640,MATCH($W7&$C7,'ER C6 FLT3'!$A$4:$A$640&'ER C6 FLT3'!$B$4:$B$640,1),8)*IF($Z7=\"Class_6\",INDEX('ER C6 FLT3'!$A$4:$L$640,MATCH($W7&$C7,'ER C6 FLT3'!$A$4:$A$640&'ER C6 FLT3'!$B$4:$B$640,1),9))))),IF($B7=\"2 Trucks\",IF($Z7=\"Class_8\",INDEX('ER C8 FLT2'!$A$4:$J$640,MATCH($W7&$C7,'ER C8 FLT2'!$A$4:$A$640&'ER C8 FLT2'!$B$4:$B$640,1),8)*IF($Z7=\"Class_8\",INDEX('ER C8 FLT2'!$A$4:$J$640,MATCH($W7&$C7,'ER C8 FLT2'!$A$4:$A$640&'ER C8 FLT2'!$B$4:$B$640,1),9)),IF($Z7=\"Class_7\",INDEX('ER C7 FLT2'!$A$4:$J$640,MATCH($W7&$C7,'ER C7 FLT2'!$A$4:$A$640&'ER C7 FLT2'!$B$4:$B$640,1),8)*IF($Z7=\"Class_7\",INDEX('ER C7 FLT2'!$A$4:$J$640,MATCH($W7&$C7,'ER C7 FLT2'!$A$4:$A$640&'ER C7 FLT2'!$B$4:$B$640,1),9)),IF($Z7=\"Class_6\",INDEX('ER C6 FLT2'!$A$4:$J$640,MATCH($W7&$C7,'ER C6 FLT2'!$A$4:$A$640&'ER C6 FLT2'!$B$4:$B$640,1),8)*IF($Z7=\"Class_6\",INDEX('ER C6 FLT2'!$A$4:$J$640,MATCH($W7&$C7,'ER C6 FLT2'!$A$4:$A$640&'ER C6 FLT2'!$B$4:$B$640,1),9))))),IF($B7=\"1 Truck\",\nIF($Z7=\"Class_8\",INDEX('ER C8 FLT1'!$A$4:$J$640,MATCH($W7&$C7,'ER C8 FLT1'!$A$4:$A$640&'ER C8 FLT1'!$B$4:$B$640,1),8)*IF($Z7=\"Class_8\",INDEX('ER C8 FLT1'!$A$4:$J$640,MATCH($W7&$C7,'ER C8 FLT1'!$A$4:$A$640&'ER C8 FLT1'!$B$4:$B$640,1),9)),IF($Z7=\"Class_7\",INDEX('ER C7 FLT1'!$A$4:$J$640,MATCH($W7&$C7,'ER C7 FLT1'!$A$4:$A$640&'ER C7 FLT1'!$B$4:$B$640,1),8)*IF($Z7=\"Class_7\",INDEX('ER C7 FLT1'!$A$4:$J$640,MATCH($W7&$C7,'ER C7 FLT1'!$A$4:$A$640&'ER C7 FLT1'!$B$4:$B$640,1),9)),\nIF($Z7=\"Class_6\",INDEX('ER C6 FLT1'!$A$4:$J$640,MATCH($W7&$C7,'ER C6 FLT1'!$A$4:$A$640&'ER C6 FLT1'!$B$4:$B$640,1),8)*IF($Z7=\"Class_6\",INDEX('ER C6 FLT1'!$A$4:$J$640,MATCH($W7&$C7,'ER C6 FLT1'!$A$4:$A$640&'ER C6 FLT1'!$B$4:$B$640,1),9))))))))*IF($X7=\"Level 1 PM\",0.75,IF($X7=\"Level 2 PM\",0.5,IF($X7=\"Level 3 PM\",0,IF($X7=\"Level 3 PM + Mark I NOx\",0,1))))*($AC7/453.6)-IF(BG7=0,AV7,0),\"0.00\")","v":0},{"$f":"IFERROR(MAX(0,BI7/BH7),\"0.00\")","v":0},{"$f":"IFERROR(MAX(0,BG7+BJ7),\"0.00\")","v":0},{"$f":"MAX(0,AM7-AW7)","v":0},{"$f":"IF($B7=\"3+ Trucks\",IF($Z7=\"Class_8\",INDEX('ER C8 FLT3'!$A$4:$J$640,MATCH($W7&$C7,'ER C8 FLT3'!$A$4:$A$640&'ER C8 FLT3'!$B$4:$B$640-1,1),8)*IF($Z7=\"Class_8\",INDEX('ER C8 FLT3'!$A$4:$J$640,MATCH($W7&$C7,'ER C8 FLT3'!$A$4:$A$640&'ER C8 FLT3'!$B$4:$B$640-1,1),9)),IF($Z7=\"Class_7\",INDEX('ER C7 FLT3'!$A$4:$J$640,MATCH($W7&$C7,'ER C7 FLT3'!$A$4:$A$640&'ER C7 FLT3'!$B$4:$B$640-1,1),8)*IF($Z7=\"Class_7\",INDEX('ER C7 FLT3'!$A$4:$J$640,MATCH($W7&$C7,'ER C7 FLT3'!$A$4:$A$640&'ER C7 FLT3'!$B$4:$B$640-1,1),9)),\nIF($Z7=\"Class_6\",INDEX('ER C6 FLT3'!$A$4:$J$640,MATCH($W7&$C7,'ER C6 FLT3'!$A$4:$A$640&'ER C6 FLT3'!$B$4:$B$640-1,1),8)*IF($Z7=\"Class_6\",INDEX('ER C6 FLT3'!$A$4:$L$640,MATCH($W7&$C7,'ER C6 FLT3'!$A$4:$A$640&'ER C6 FLT3'!$B$4:$B$640-1,1),9))))),IF($B7=\"2 Trucks\",IF($Z7=\"Class_8\",INDEX('ER C8 FLT2'!$A$4:$J$640,MATCH($W7&$C7,'ER C8 FLT2'!$A$4:$A$640&'ER C8 FLT2'!$B$4:$B$640-1,1),8)*IF($Z7=\"Class_8\",INDEX('ER C8 FLT2'!$A$4:$J$640,MATCH($W7&$C7,'ER C8 FLT2'!$A$4:$A$640&'ER C8 FLT2'!$B$4:$B$640-1,1),9)),IF($Z7=\"Class_7\",INDEX('ER C7 FLT2'!$A$4:$J$640,MATCH($W7&$C7,'ER C7 FLT2'!$A$4:$A$640&'ER C7 FLT2'!$B$4:$B$640-1,1),8)*IF($Z7=\"Class_7\",INDEX('ER C7 FLT2'!$A$4:$J$640,MATCH($W7&$C7,'ER C7 FLT2'!$A$4:$A$640&'ER C7 FLT2'!$B$4:$B$640-1,1),9)),IF($Z7=\"Class_6\",INDEX('ER C6 FLT2'!$A$4:$J$640,MATCH($W7&$C7,'ER C6 FLT2'!$A$4:$A$640&'ER C6 FLT2'!$B$4:$B$640-1,1),8)*IF($Z7=\"Class_6\",INDEX('ER C6 FLT2'!$A$4:$J$640,MATCH($W7&$C7,'ER C6 FLT2'!$A$4:$A$640&'ER C6 FLT2'!$B$4:$B$640-1,1),9))))),IF($B7=\"1 Truck\",\nIF($Z7=\"Class_8\",INDEX('ER C8 FLT1'!$A$4:$J$640,MATCH($W7&$C7,'ER C8 FLT1'!$A$4:$A$640&'ER C8 FLT1'!$B$4:$B$640-1,1),8)*IF($Z7=\"Class_8\",INDEX('ER C8 FLT1'!$A$4:$J$640,MATCH($W7&$C7,'ER C8 FLT1'!$A$4:$A$640&'ER C8 FLT1'!$B$4:$B$640-1,1),9)),IF($Z7=\"Class_7\",INDEX('ER C7 FLT1'!$A$4:$J$640,MATCH($W7&$C7,'ER C7 FLT1'!$A$4:$A$640&'ER C7 FLT1'!$B$4:$B$640-1,1),8)*IF($Z7=\"Class_7\",INDEX('ER C7 FLT1'!$A$4:$J$640,MATCH($W7&$C7,'ER C7 FLT1'!$A$4:$A$640&'ER C7 FLT1'!$B$4:$B$640-1,1),9)),\nIF($Z7=\"Class_6\",INDEX('ER C6 FLT1'!$A$4:$J$640,MATCH($W7&$C7,'ER C6 FLT1'!$A$4:$A$640&'ER C6 FLT1'!$B$4:$B$640-1,1),8)*IF($Z7=\"Class_6\",INDEX('ER C6 FLT1'!$A$4:$J$640,MATCH($W7&$C7,'ER C6 FLT1'!$A$4:$A$640&'ER C6 FLT1'!$B$4:$B$640-1,1),9))))))))*IF($X7=\"Level 1 PM\",0.75,IF($X7=\"Level 2 PM\",0.5,IF($X7=\"Level 3 PM\",0,IF($X7=\"Level 3 PM + Mark I NOx\",0,1))))*($AC7/453.6)-IF(BL7=0,AW7,0)","v":0},{"$f":"MAX(0,BL7+BM7)","v":0},{"$f":"MAX(0,AN7-AX7)","v":0},{"$f":"IF($B7=\"3+ Trucks\",IF($Z7=\"Class_8\",INDEX('ER C8 FLT3'!$A$4:$J$640,MATCH($W7&$C7,'ER C8 FLT3'!$A$4:$A$640&'ER C8 FLT3'!$B$4:$B$640-2,1),8)*IF($Z7=\"Class_8\",INDEX('ER C8 FLT3'!$A$4:$J$640,MATCH($W7&$C7,'ER C8 FLT3'!$A$4:$A$640&'ER C8 FLT3'!$B$4:$B$640-2,1),9)),IF($Z7=\"Class_7\",INDEX('ER C7 FLT3'!$A$4:$J$640,MATCH($W7&$C7,'ER C7 FLT3'!$A$4:$A$640&'ER C7 FLT3'!$B$4:$B$640-2,1),8)*IF($Z7=\"Class_7\",INDEX('ER C7 FLT3'!$A$4:$J$640,MATCH($W7&$C7,'ER C7 FLT3'!$A$4:$A$640&'ER C7 FLT3'!$B$4:$B$640-2,1),9)),\nIF($Z7=\"Class_6\",INDEX('ER C6 FLT3'!$A$4:$J$640,MATCH($W7&$C7,'ER C6 FLT3'!$A$4:$A$640&'ER C6 FLT3'!$B$4:$B$640-2,1),8)*IF($Z7=\"Class_6\",INDEX('ER C6 FLT3'!$A$4:$L$640,MATCH($W7&$C7,'ER C6 FLT3'!$A$4:$A$640&'ER C6 FLT3'!$B$4:$B$640-2,1),9))))),IF($B7=\"2 Trucks\",IF($Z7=\"Class_8\",INDEX('ER C8 FLT2'!$A$4:$J$640,MATCH($W7&$C7,'ER C8 FLT2'!$A$4:$A$640&'ER C8 FLT2'!$B$4:$B$640-2,1),8)*IF($Z7=\"Class_8\",INDEX('ER C8 FLT2'!$A$4:$J$640,MATCH($W7&$C7,'ER C8 FLT2'!$A$4:$A$640&'ER C8 FLT2'!$B$4:$B$640-2,1),9)),IF($Z7=\"Class_7\",INDEX('ER C7 FLT2'!$A$4:$J$640,MATCH($W7&$C7,'ER C7 FLT2'!$A$4:$A$640&'ER C7 FLT2'!$B$4:$B$640-2,1),8)*IF($Z7=\"Class_7\",INDEX('ER C7 FLT2'!$A$4:$J$640,MATCH($W7&$C7,'ER C7 FLT2'!$A$4:$A$640&'ER C7 FLT2'!$B$4:$B$640-2,1),9)),IF($Z7=\"Class_6\",INDEX('ER C6 FLT2'!$A$4:$J$640,MATCH($W7&$C7,'ER C6 FLT2'!$A$4:$A$640&'ER C6 FLT2'!$B$4:$B$640-2,1),8)*IF($Z7=\"Class_6\",INDEX('ER C6 FLT2'!$A$4:$J$640,MATCH($W7&$C7,'ER C6 FLT2'!$A$4:$A$640&'ER C6 FLT2'!$B$4:$B$640-2,1),9))))),IF($B7=\"1 Truck\",\nIF($Z7=\"Class_8\",INDEX('ER C8 FLT1'!$A$4:$J$640,MATCH($W7&$C7,'ER C8 FLT1'!$A$4:$A$640&'ER C8 FLT1'!$B$4:$B$640-2,1),8)*IF($Z7=\"Class_8\",INDEX('ER C8 FLT1'!$A$4:$J$640,MATCH($W7&$C7,'ER C8 FLT1'!$A$4:$A$640&'ER C8 FLT1'!$B$4:$B$640-2,1),9)),IF($Z7=\"Class_7\",INDEX('ER C7 FLT1'!$A$4:$J$640,MATCH($W7&$C7,'ER C7 FLT1'!$A$4:$A$640&'ER C7 FLT1'!$B$4:$B$640-2,1),8)*IF($Z7=\"Class_7\",INDEX('ER C7 FLT1'!$A$4:$J$640,MATCH($W7&$C7,'ER C7 FLT1'!$A$4:$A$640&'ER C7 FLT1'!$B$4:$B$640-2,1),9)),\nIF($Z7=\"Class_6\",INDEX('ER C6 FLT1'!$A$4:$J$640,MATCH($W7&$C7,'ER C6 FLT1'!$A$4:$A$640&'ER C6 FLT1'!$B$4:$B$640-2,1),8)*IF($Z7=\"Class_6\",INDEX('ER C6 FLT1'!$A$4:$J$640,MATCH($W7&$C7,'ER C6 FLT1'!$A$4:$A$640&'ER C6 FLT1'!$B$4:$B$640-2,1),9))))))))*IF($X7=\"Level 1 PM\",0.75,IF($X7=\"Level 2 PM\",0.5,IF($X7=\"Level 3 PM\",0,IF($X7=\"Level 3 PM + Mark I NOx\",0,1))))*($AC7/453.6)-IF(BO7=0,AX7,0)","v":0},{"$f":"MAX(0,BO7+BP7)","v":0},{"$f":"MAX(0,AO7-AY7)","v":0},{"$f":"IF($B7=\"3+ Trucks\",IF($Z7=\"Class_8\",INDEX('ER C8 FLT3'!$A$4:$J$640,MATCH($W7&$C7,'ER C8 FLT3'!$A$4:$A$640&'ER C8 FLT3'!$B$4:$B$640-3,1),8)*IF($Z7=\"Class_8\",INDEX('ER C8 FLT3'!$A$4:$J$640,MATCH($W7&$C7,'ER C8 FLT3'!$A$4:$A$640&'ER C8 FLT3'!$B$4:$B$640-3,1),9)),IF($Z7=\"Class_7\",INDEX('ER C7 FLT3'!$A$4:$J$640,MATCH($W7&$C7,'ER C7 FLT3'!$A$4:$A$640&'ER C7 FLT3'!$B$4:$B$640-3,1),8)*IF($Z7=\"Class_7\",INDEX('ER C7 FLT3'!$A$4:$J$640,MATCH($W7&$C7,'ER C7 FLT3'!$A$4:$A$640&'ER C7 FLT3'!$B$4:$B$640-3,1),9)),\nIF($Z7=\"Class_6\",INDEX('ER C6 FLT3'!$A$4:$J$640,MATCH($W7&$C7,'ER C6 FLT3'!$A$4:$A$640&'ER C6 FLT3'!$B$4:$B$640-3,1),8)*IF($Z7=\"Class_6\",INDEX('ER C6 FLT3'!$A$4:$L$640,MATCH($W7&$C7,'ER C6 FLT3'!$A$4:$A$640&'ER C6 FLT3'!$B$4:$B$640-3,1),9))))),IF($B7=\"2 Trucks\",IF($Z7=\"Class_8\",INDEX('ER C8 FLT2'!$A$4:$J$640,MATCH($W7&$C7,'ER C8 FLT2'!$A$4:$A$640&'ER C8 FLT2'!$B$4:$B$640-3,1),8)*IF($Z7=\"Class_8\",INDEX('ER C8 FLT2'!$A$4:$J$640,MATCH($W7&$C7,'ER C8 FLT2'!$A$4:$A$640&'ER C8 FLT2'!$B$4:$B$640-3,1),9)),IF($Z7=\"Class_7\",INDEX('ER C7 FLT2'!$A$4:$J$640,MATCH($W7&$C7,'ER C7 FLT2'!$A$4:$A$640&'ER C7 FLT2'!$B$4:$B$640-3,1),8)*IF($Z7=\"Class_7\",INDEX('ER C7 FLT2'!$A$4:$J$640,MATCH($W7&$C7,'ER C7 FLT2'!$A$4:$A$640&'ER C7 FLT2'!$B$4:$B$640-3,1),9)),IF($Z7=\"Class_6\",INDEX('ER C6 FLT2'!$A$4:$J$640,MATCH($W7&$C7,'ER C6 FLT2'!$A$4:$A$640&'ER C6 FLT2'!$B$4:$B$640-3,1),8)*IF($Z7=\"Class_6\",INDEX('ER C6 FLT2'!$A$4:$J$640,MATCH($W7&$C7,'ER C6 FLT2'!$A$4:$A$640&'ER C6 FLT2'!$B$4:$B$640-3,1),9))))),IF($B7=\"1 Truck\",\nIF($Z7=\"Class_8\",INDEX('ER C8 FLT1'!$A$4:$J$640,MATCH($W7&$C7,'ER C8 FLT1'!$A$4:$A$640&'ER C8 FLT1'!$B$4:$B$640-3,1),8)*IF($Z7=\"Class_8\",INDEX('ER C8 FLT1'!$A$4:$J$640,MATCH($W7&$C7,'ER C8 FLT1'!$A$4:$A$640&'ER C8 FLT1'!$B$4:$B$640-3,1),9)),IF($Z7=\"Class_7\",INDEX('ER C7 FLT1'!$A$4:$J$640,MATCH($W7&$C7,'ER C7 FLT1'!$A$4:$A$640&'ER C7 FLT1'!$B$4:$B$640-3,1),8)*IF($Z7=\"Class_7\",INDEX('ER C7 FLT1'!$A$4:$J$640,MATCH($W7&$C7,'ER C7 FLT1'!$A$4:$A$640&'ER C7 FLT1'!$B$4:$B$640-3,1),9)),\nIF($Z7=\"Class_6\",INDEX('ER C6 FLT1'!$A$4:$J$640,MATCH($W7&$C7,'ER C6 FLT1'!$A$4:$A$640&'ER C6 FLT1'!$B$4:$B$640-3,1),8)*IF($Z7=\"Class_6\",INDEX('ER C6 FLT1'!$A$4:$J$640,MATCH($W7&$C7,'ER C6 FLT1'!$A$4:$A$640&'ER C6 FLT1'!$B$4:$B$640-3,1),9))))))))*IF($X7=\"Level 1 PM\",0.75,IF($X7=\"Level 2 PM\",0.5,IF($X7=\"Level 3 PM\",0,IF($X7=\"Level 3 PM + Mark I NOx\",0,1))))*($AC7/453.6)-IF(BR7=0,AY7,0)","v":0},{"$f":"MAX(0,BR7+BS7)","v":0},{"$f":"MAX(0,AP7-AZ7)","v":0},{"$f":"IF($B7=\"3+ Trucks\",IF($Z7=\"Class_8\",INDEX('ER C8 FLT3'!$A$4:$J$640,MATCH($W7&$C7,'ER C8 FLT3'!$A$4:$A$640&'ER C8 FLT3'!$B$4:$B$640-4,1),8)*IF($Z7=\"Class_8\",INDEX('ER C8 FLT3'!$A$4:$J$640,MATCH($W7&$C7,'ER C8 FLT3'!$A$4:$A$640&'ER C8 FLT3'!$B$4:$B$640-4,1),9)),IF($Z7=\"Class_7\",INDEX('ER C7 FLT3'!$A$4:$J$640,MATCH($W7&$C7,'ER C7 FLT3'!$A$4:$A$640&'ER C7 FLT3'!$B$4:$B$640-4,1),8)*IF($Z7=\"Class_7\",INDEX('ER C7 FLT3'!$A$4:$J$640,MATCH($W7&$C7,'ER C7 FLT3'!$A$4:$A$640&'ER C7 FLT3'!$B$4:$B$640-4,1),9)),\nIF($Z7=\"Class_6\",INDEX('ER C6 FLT3'!$A$4:$J$640,MATCH($W7&$C7,'ER C6 FLT3'!$A$4:$A$640&'ER C6 FLT3'!$B$4:$B$640-4,1),8)*IF($Z7=\"Class_6\",INDEX('ER C6 FLT3'!$A$4:$L$640,MATCH($W7&$C7,'ER C6 FLT3'!$A$4:$A$640&'ER C6 FLT3'!$B$4:$B$640-4,1),9))))),IF($B7=\"2 Trucks\",IF($Z7=\"Class_8\",INDEX('ER C8 FLT2'!$A$4:$J$640,MATCH($W7&$C7,'ER C8 FLT2'!$A$4:$A$640&'ER C8 FLT2'!$B$4:$B$640-4,1),8)*IF($Z7=\"Class_8\",INDEX('ER C8 FLT2'!$A$4:$J$640,MATCH($W7&$C7,'ER C8 FLT2'!$A$4:$A$640&'ER C8 FLT2'!$B$4:$B$640-4,1),9)),IF($Z7=\"Class_7\",INDEX('ER C7 FLT2'!$A$4:$J$640,MATCH($W7&$C7,'ER C7 FLT2'!$A$4:$A$640&'ER C7 FLT2'!$B$4:$B$640-4,1),8)*IF($Z7=\"Class_7\",INDEX('ER C7 FLT2'!$A$4:$J$640,MATCH($W7&$C7,'ER C7 FLT2'!$A$4:$A$640&'ER C7 FLT2'!$B$4:$B$640-4,1),9)),IF($Z7=\"Class_6\",INDEX('ER C6 FLT2'!$A$4:$J$640,MATCH($W7&$C7,'ER C6 FLT2'!$A$4:$A$640&'ER C6 FLT2'!$B$4:$B$640-4,1),8)*IF($Z7=\"Class_6\",INDEX('ER C6 FLT2'!$A$4:$J$640,MATCH($W7&$C7,'ER C6 FLT2'!$A$4:$A$640&'ER C6 FLT2'!$B$4:$B$640-4,1),9))))),IF($B7=\"1 Truck\",\nIF($Z7=\"Class_8\",INDEX('ER C8 FLT1'!$A$4:$J$640,MATCH($W7&$C7,'ER C8 FLT1'!$A$4:$A$640&'ER C8 FLT1'!$B$4:$B$640-4,1),8)*IF($Z7=\"Class_8\",INDEX('ER C8 FLT1'!$A$4:$J$640,MATCH($W7&$C7,'ER C8 FLT1'!$A$4:$A$640&'ER C8 FLT1'!$B$4:$B$640-4,1),9)),IF($Z7=\"Class_7\",INDEX('ER C7 FLT1'!$A$4:$J$640,MATCH($W7&$C7,'ER C7 FLT1'!$A$4:$A$640&'ER C7 FLT1'!$B$4:$B$640-4,1),8)*IF($Z7=\"Class_7\",INDEX('ER C7 FLT1'!$A$4:$J$640,MATCH($W7&$C7,'ER C7 FLT1'!$A$4:$A$640&'ER C7 FLT1'!$B$4:$B$640-4,1),9)),\nIF($Z7=\"Class_6\",INDEX('ER C6 FLT1'!$A$4:$J$640,MATCH($W7&$C7,'ER C6 FLT1'!$A$4:$A$640&'ER C6 FLT1'!$B$4:$B$640-4,1),8)*IF($Z7=\"Class_6\",INDEX('ER C6 FLT1'!$A$4:$J$640,MATCH($W7&$C7,'ER C6 FLT1'!$A$4:$A$640&'ER C6 FLT1'!$B$4:$B$640-4,1),9))))))))*IF($X7=\"Level 1 PM\",0.75,IF($X7=\"Level 2 PM\",0.5,IF($X7=\"Level 3 PM\",0,IF($X7=\"Level 3 PM + Mark I NOx\",0,1))))*($AC7/453.6)-IF(BU7=0,AZ7,0)","v":0},{"$f":"MAX(0,BU7+BV7)","v":0},{"$f":"(MAX(0,BK7+BN7+BQ7+BT7+BW7))","v":0},{"$f":"IF($B7=\"3+ Trucks\",IF(OR($H7=\"Class_8\",$N7=\"Replacement8HHD\",$AH7=\"CL7HHD\",$AJ7=\"CL7to8\"),INDEX('ER C8 FLT3'!$A$4:$J$640,MATCH($E7&$C7,'ER C8 FLT3'!$A$4:$A$640&'ER C8 FLT3'!$B$4:$B$640,1),5)*IF(OR($H7=\"Class_8\",$N7=\"Replacement8HHD\",$AH7=\"CL7HHD\",$AJ7=\"CL7to8\"),INDEX('ER C8 FLT3'!$A$4:$J$640,MATCH($E7&$C7,'ER C8 FLT3'!$A$4:$A$640&'ER C8 FLT3'!$B$4:$B$640,1),7)),IF($H7=\"Class_7\",INDEX('ER C7 FLT3'!$A$4:$J$640,MATCH($E7&$C7,'ER C7 FLT3'!$A$4:$A$640&'ER C7 FLT3'!$B$4:$B$640,1),5)*IF($H7=\"Class_7\",INDEX('ER C7 FLT3'!$A$4:$J$640,MATCH($E7&$C7,'ER C7 FLT3'!$A$4:$A$640&'ER C7 FLT3'!$B$4:$B$640,1),7)),\nIF($H7=\"Class_6\",INDEX('ER C6 FLT3'!$A$4:$J$640,MATCH($E7&$C7,'ER C6 FLT3'!$A$4:$A$640&'ER C6 FLT3'!$B$4:$B$640,1),5)*IF($H7=\"Class_6\",INDEX('ER C6 FLT3'!$A$4:$L$640,MATCH($E7&$C7,'ER C6 FLT3'!$A$4:$A$640&'ER C6 FLT3'!$B$4:$B$640,1),7))))),IF($B7=\"2 Trucks\",IF(OR($H7=\"Class_8\",$N7=\"Replacement8HHD\",$AH7=\"CL7HHD\",$AJ7=\"CL7to8\"),INDEX('ER C8 FLT2'!$A$4:$J$640,MATCH($E7&$C7,'ER C8 FLT2'!$A$4:$A$640&'ER C8 FLT2'!$B$4:$B$640,1),5)*IF(OR($H7=\"Class_8\",$N7=\"Replacement8HHD\",$AH7=\"CL7HHD\",$AJ7=\"CL7to8\"),INDEX('ER C8 FLT2'!$A$4:$J$640,MATCH($E7&$C7,'ER C8 FLT2'!$A$4:$A$640&'ER C8 FLT2'!$B$4:$B$640,1),7)),IF($H7=\"Class_7\",INDEX('ER C7 FLT2'!$A$4:$J$640,MATCH($E7&$C7,'ER C7 FLT2'!$A$4:$A$640&'ER C7 FLT2'!$B$4:$B$640,1),5)*IF($H7=\"Class_7\",INDEX('ER C7 FLT2'!$A$4:$J$640,MATCH($E7&$C7,'ER C7 FLT2'!$A$4:$A$640&'ER C7 FLT2'!$B$4:$B$640,1),7)),IF($H7=\"Class_6\",INDEX('ER C6 FLT2'!$A$4:$J$640,MATCH($E7&$C7,'ER C6 FLT2'!$A$4:$A$640&'ER C6 FLT2'!$B$4:$B$640,1),5)*IF($H7=\"Class_6\",INDEX('ER C6 FLT2'!$A$4:$J$640,MATCH($E7&$C7,'ER C6 FLT2'!$A$4:$A$640&'ER C6 FLT2'!$B$4:$B$640,1),7))))),IF($B7=\"1 Truck\",\nIF(OR($H7=\"Class_8\",$N7=\"Replacement8HHD\",$AH7=\"CL7HHD\",$AJ7=\"CL7to8\"),INDEX('ER C8 FLT1'!$A$4:$J$640,MATCH($E7&$C7,'ER C8 FLT1'!$A$4:$A$640&'ER C8 FLT1'!$B$4:$B$640,1),5)*IF(OR($H7=\"Class_8\",$N7=\"Replacement8HHD\",$AH7=\"CL7HHD\",$AJ7=\"CL7to8\"),INDEX('ER C8 FLT1'!$A$4:$J$640,MATCH($E7&$C7,'ER C8 FLT1'!$A$4:$A$640&'ER C8 FLT1'!$B$4:$B$640,1),7)),IF($H7=\"Class_7\",INDEX('ER C7 FLT1'!$A$4:$J$640,MATCH($E7&$C7,'ER C7 FLT1'!$A$4:$A$640&'ER C7 FLT1'!$B$4:$B$640,1),5)*IF($H7=\"Class_7\",INDEX('ER C7 FLT1'!$A$4:$J$640,MATCH($E7&$C7,'ER C7 FLT1'!$A$4:$A$640&'ER C7 FLT1'!$B$4:$B$640,1),7)),\nIF($H7=\"Class_6\",INDEX('ER C6 FLT1'!$A$4:$J$640,MATCH($E7&$C7,'ER C6 FLT1'!$A$4:$A$640&'ER C6 FLT1'!$B$4:$B$640,1),5)*IF($H7=\"Class_6\",INDEX('ER C6 FLT1'!$A$4:$J$640,MATCH($E7&$C7,'ER C6 FLT1'!$A$4:$A$640&'ER C6 FLT1'!$B$4:$B$640,1),7))))))))*IF($F7=\"Level 1 PM + Mark I NOx\",0.75,1)*($Q7/453.6)","v":0},{"$f":"IF($B7=\"3+ Trucks\",IF(OR($H7=\"Class_8\",$N7=\"Replacement8HHD\",$AH7=\"CL7HHD\",$AJ7=\"CL7to8\"),INDEX('ER C8 FLT3'!$A$4:$J$640,MATCH($E7&$C7,'ER C8 FLT3'!$A$4:$A$640&'ER C8 FLT3'!$B$4:$B$640-1,1),5)*IF(OR($H7=\"Class_8\",$N7=\"Replacement8HHD\",$AH7=\"CL7HHD\",$AJ7=\"CL7to8\"),INDEX('ER C8 FLT3'!$A$4:$J$640,MATCH($E7&$C7,'ER C8 FLT3'!$A$4:$A$640&'ER C8 FLT3'!$B$4:$B$640-1,1),7)),IF($H7=\"Class_7\",INDEX('ER C7 FLT3'!$A$4:$J$640,MATCH($E7&$C7,'ER C7 FLT3'!$A$4:$A$640&'ER C7 FLT3'!$B$4:$B$640-1,1),5)*IF($H7=\"Class_7\",INDEX('ER C7 FLT3'!$A$4:$J$640,MATCH($E7&$C7,'ER C7 FLT3'!$A$4:$A$640&'ER C7 FLT3'!$B$4:$B$640-1,1),7)),\nIF($H7=\"Class_6\",INDEX('ER C6 FLT3'!$A$4:$J$640,MATCH($E7&$C7,'ER C6 FLT3'!$A$4:$A$640&'ER C6 FLT3'!$B$4:$B$640-1,1),5)*IF($H7=\"Class_6\",INDEX('ER C6 FLT3'!$A$4:$L$640,MATCH($E7&$C7,'ER C6 FLT3'!$A$4:$A$640&'ER C6 FLT3'!$B$4:$B$640-1,1),7))))),IF($B7=\"2 Trucks\",IF(OR($H7=\"Class_8\",$N7=\"Replacement8HHD\",$AH7=\"CL7HHD\",$AJ7=\"CL7to8\"),INDEX('ER C8 FLT2'!$A$4:$J$640,MATCH($E7&$C7,'ER C8 FLT2'!$A$4:$A$640&'ER C8 FLT2'!$B$4:$B$640-1,1),5)*IF(OR($H7=\"Class_8\",$N7=\"Replacement8HHD\",$AH7=\"CL7HHD\",$AJ7=\"CL7to8\"),INDEX('ER C8 FLT2'!$A$4:$J$640,MATCH($E7&$C7,'ER C8 FLT2'!$A$4:$A$640&'ER C8 FLT2'!$B$4:$B$640-1,1),7)),IF($H7=\"Class_7\",INDEX('ER C7 FLT2'!$A$4:$J$640,MATCH($E7&$C7,'ER C7 FLT2'!$A$4:$A$640&'ER C7 FLT2'!$B$4:$B$640-1,1),5)*IF($H7=\"Class_7\",INDEX('ER C7 FLT2'!$A$4:$J$640,MATCH($E7&$C7,'ER C7 FLT2'!$A$4:$A$640&'ER C7 FLT2'!$B$4:$B$640-1,1),7)),IF($H7=\"Class_6\",INDEX('ER C6 FLT2'!$A$4:$J$640,MATCH($E7&$C7,'ER C6 FLT2'!$A$4:$A$640&'ER C6 FLT2'!$B$4:$B$640-1,1),5)*IF($H7=\"Class_6\",INDEX('ER C6 FLT2'!$A$4:$J$640,MATCH($E7&$C7,'ER C6 FLT2'!$A$4:$A$640&'ER C6 FLT2'!$B$4:$B$640-1,1),7))))),IF($B7=\"1 Truck\",\nIF(OR($H7=\"Class_8\",$N7=\"Replacement8HHD\",$AH7=\"CL7HHD\",$AJ7=\"CL7to8\"),INDEX('ER C8 FLT1'!$A$4:$J$640,MATCH($E7&$C7,'ER C8 FLT1'!$A$4:$A$640&'ER C8 FLT1'!$B$4:$B$640-1,1),5)*IF(OR($H7=\"Class_8\",$N7=\"Replacement8HHD\",$AH7=\"CL7HHD\",$AJ7=\"CL7to8\"),INDEX('ER C8 FLT1'!$A$4:$J$640,MATCH($E7&$C7,'ER C8 FLT1'!$A$4:$A$640&'ER C8 FLT1'!$B$4:$B$640-1,1),7)),IF($H7=\"Class_7\",INDEX('ER C7 FLT1'!$A$4:$J$640,MATCH($E7&$C7,'ER C7 FLT1'!$A$4:$A$640&'ER C7 FLT1'!$B$4:$B$640-1,1),5)*IF($H7=\"Class_7\",INDEX('ER C7 FLT1'!$A$4:$J$640,MATCH($E7&$C7,'ER C7 FLT1'!$A$4:$A$640&'ER C7 FLT1'!$B$4:$B$640-1,1),7)),\nIF($H7=\"Class_6\",INDEX('ER C6 FLT1'!$A$4:$J$640,MATCH($E7&$C7,'ER C6 FLT1'!$A$4:$A$640&'ER C6 FLT1'!$B$4:$B$640-1,1),5)*IF($H7=\"Class_6\",INDEX('ER C6 FLT1'!$A$4:$J$640,MATCH($E7&$C7,'ER C6 FLT1'!$A$4:$A$640&'ER C6 FLT1'!$B$4:$B$640-1,1),7))))))))*IF($F7=\"Level 1 PM + Mark I NOx\",0.75,1)*($Q7/453.6)","v":0},{"$f":"IF($B7=\"3+ Trucks\",IF(OR($H7=\"Class_8\",$N7=\"Replacement8HHD\",$AH7=\"CL7HHD\",$AJ7=\"CL7to8\"),INDEX('ER C8 FLT3'!$A$4:$J$640,MATCH($E7&$C7,'ER C8 FLT3'!$A$4:$A$640&'ER C8 FLT3'!$B$4:$B$640-2,1),5)*IF(OR($H7=\"Class_8\",$N7=\"Replacement8HHD\",$AH7=\"CL7HHD\",$AJ7=\"CL7to8\"),INDEX('ER C8 FLT3'!$A$4:$J$640,MATCH($E7&$C7,'ER C8 FLT3'!$A$4:$A$640&'ER C8 FLT3'!$B$4:$B$640-2,1),7)),IF($H7=\"Class_7\",INDEX('ER C7 FLT3'!$A$4:$J$640,MATCH($E7&$C7,'ER C7 FLT3'!$A$4:$A$640&'ER C7 FLT3'!$B$4:$B$640-2,1),5)*IF($H7=\"Class_7\",INDEX('ER C7 FLT3'!$A$4:$J$640,MATCH($E7&$C7,'ER C7 FLT3'!$A$4:$A$640&'ER C7 FLT3'!$B$4:$B$640-2,1),7)),\nIF($H7=\"Class_6\",INDEX('ER C6 FLT3'!$A$4:$J$640,MATCH($E7&$C7,'ER C6 FLT3'!$A$4:$A$640&'ER C6 FLT3'!$B$4:$B$640-2,1),5)*IF($H7=\"Class_6\",INDEX('ER C6 FLT3'!$A$4:$L$640,MATCH($E7&$C7,'ER C6 FLT3'!$A$4:$A$640&'ER C6 FLT3'!$B$4:$B$640-2,1),7))))),IF($B7=\"2 Trucks\",IF(OR($H7=\"Class_8\",$N7=\"Replacement8HHD\",$AH7=\"CL7HHD\",$AJ7=\"CL7to8\"),INDEX('ER C8 FLT2'!$A$4:$J$640,MATCH($E7&$C7,'ER C8 FLT2'!$A$4:$A$640&'ER C8 FLT2'!$B$4:$B$640-2,1),5)*IF(OR($H7=\"Class_8\",$N7=\"Replacement8HHD\",$AH7=\"CL7HHD\",$AJ7=\"CL7to8\"),INDEX('ER C8 FLT2'!$A$4:$J$640,MATCH($E7&$C7,'ER C8 FLT2'!$A$4:$A$640&'ER C8 FLT2'!$B$4:$B$640-2,1),7)),IF($H7=\"Class_7\",INDEX('ER C7 FLT2'!$A$4:$J$640,MATCH($E7&$C7,'ER C7 FLT2'!$A$4:$A$640&'ER C7 FLT2'!$B$4:$B$640-2,1),5)*IF($H7=\"Class_7\",INDEX('ER C7 FLT2'!$A$4:$J$640,MATCH($E7&$C7,'ER C7 FLT2'!$A$4:$A$640&'ER C7 FLT2'!$B$4:$B$640-2,1),7)),IF($H7=\"Class_6\",INDEX('ER C6 FLT2'!$A$4:$J$640,MATCH($E7&$C7,'ER C6 FLT2'!$A$4:$A$640&'ER C6 FLT2'!$B$4:$B$640-2,1),5)*IF($H7=\"Class_6\",INDEX('ER C6 FLT2'!$A$4:$J$640,MATCH($E7&$C7,'ER C6 FLT2'!$A$4:$A$640&'ER C6 FLT2'!$B$4:$B$640-2,1),7))))),IF($B7=\"1 Truck\",\nIF(OR($H7=\"Class_8\",$N7=\"Replacement8HHD\",$AH7=\"CL7HHD\",$AJ7=\"CL7to8\"),INDEX('ER C8 FLT1'!$A$4:$J$640,MATCH($E7&$C7,'ER C8 FLT1'!$A$4:$A$640&'ER C8 FLT1'!$B$4:$B$640-2,1),5)*IF(OR($H7=\"Class_8\",$N7=\"Replacement8HHD\",$AH7=\"CL7HHD\",$AJ7=\"CL7to8\"),INDEX('ER C8 FLT1'!$A$4:$J$640,MATCH($E7&$C7,'ER C8 FLT1'!$A$4:$A$640&'ER C8 FLT1'!$B$4:$B$640-2,1),7)),IF($H7=\"Class_7\",INDEX('ER C7 FLT1'!$A$4:$J$640,MATCH($E7&$C7,'ER C7 FLT1'!$A$4:$A$640&'ER C7 FLT1'!$B$4:$B$640-2,1),5)*IF($H7=\"Class_7\",INDEX('ER C7 FLT1'!$A$4:$J$640,MATCH($E7&$C7,'ER C7 FLT1'!$A$4:$A$640&'ER C7 FLT1'!$B$4:$B$640-2,1),7)),\nIF($H7=\"Class_6\",INDEX('ER C6 FLT1'!$A$4:$J$640,MATCH($E7&$C7,'ER C6 FLT1'!$A$4:$A$640&'ER C6 FLT1'!$B$4:$B$640-2,1),5)*IF($H7=\"Class_6\",INDEX('ER C6 FLT1'!$A$4:$J$640,MATCH($E7&$C7,'ER C6 FLT1'!$A$4:$A$640&'ER C6 FLT1'!$B$4:$B$640-2,1),7))))))))*IF($F7=\"Level 1 PM + Mark I NOx\",0.75,1)*($Q7/453.6)","v":0},{"$f":"IF($B7=\"3+ Trucks\",IF(OR($H7=\"Class_8\",$N7=\"Replacement8HHD\",$AH7=\"CL7HHD\",$AJ7=\"CL7to8\"),INDEX('ER C8 FLT3'!$A$4:$J$640,MATCH($E7&$C7,'ER C8 FLT3'!$A$4:$A$640&'ER C8 FLT3'!$B$4:$B$640-3,1),5)*IF(OR($H7=\"Class_8\",$N7=\"Replacement8HHD\",$AH7=\"CL7HHD\",$AJ7=\"CL7to8\"),INDEX('ER C8 FLT3'!$A$4:$J$640,MATCH($E7&$C7,'ER C8 FLT3'!$A$4:$A$640&'ER C8 FLT3'!$B$4:$B$640-3,1),7)),IF($H7=\"Class_7\",INDEX('ER C7 FLT3'!$A$4:$J$640,MATCH($E7&$C7,'ER C7 FLT3'!$A$4:$A$640&'ER C7 FLT3'!$B$4:$B$640-3,1),5)*IF($H7=\"Class_7\",INDEX('ER C7 FLT3'!$A$4:$J$640,MATCH($E7&$C7,'ER C7 FLT3'!$A$4:$A$640&'ER C7 FLT3'!$B$4:$B$640-3,1),7)),\nIF($H7=\"Class_6\",INDEX('ER C6 FLT3'!$A$4:$J$640,MATCH($E7&$C7,'ER C6 FLT3'!$A$4:$A$640&'ER C6 FLT3'!$B$4:$B$640-3,1),5)*IF($H7=\"Class_6\",INDEX('ER C6 FLT3'!$A$4:$L$640,MATCH($E7&$C7,'ER C6 FLT3'!$A$4:$A$640&'ER C6 FLT3'!$B$4:$B$640-3,1),7))))),IF($B7=\"2 Trucks\",IF(OR($H7=\"Class_8\",$N7=\"Replacement8HHD\",$AH7=\"CL7HHD\",$AJ7=\"CL7to8\"),INDEX('ER C8 FLT2'!$A$4:$J$640,MATCH($E7&$C7,'ER C8 FLT2'!$A$4:$A$640&'ER C8 FLT2'!$B$4:$B$640-3,1),5)*IF(OR($H7=\"Class_8\",$N7=\"Replacement8HHD\",$AH7=\"CL7HHD\",$AJ7=\"CL7to8\"),INDEX('ER C8 FLT2'!$A$4:$J$640,MATCH($E7&$C7,'ER C8 FLT2'!$A$4:$A$640&'ER C8 FLT2'!$B$4:$B$640-3,1),7)),IF($H7=\"Class_7\",INDEX('ER C7 FLT2'!$A$4:$J$640,MATCH($E7&$C7,'ER C7 FLT2'!$A$4:$A$640&'ER C7 FLT2'!$B$4:$B$640-3,1),5)*IF($H7=\"Class_7\",INDEX('ER C7 FLT2'!$A$4:$J$640,MATCH($E7&$C7,'ER C7 FLT2'!$A$4:$A$640&'ER C7 FLT2'!$B$4:$B$640-3,1),7)),IF($H7=\"Class_6\",INDEX('ER C6 FLT2'!$A$4:$J$640,MATCH($E7&$C7,'ER C6 FLT2'!$A$4:$A$640&'ER C6 FLT2'!$B$4:$B$640-3,1),5)*IF($H7=\"Class_6\",INDEX('ER C6 FLT2'!$A$4:$J$640,MATCH($E7&$C7,'ER C6 FLT2'!$A$4:$A$640&'ER C6 FLT2'!$B$4:$B$640-3,1),7))))),IF($B7=\"1 Truck\",\nIF(OR($H7=\"Class_8\",$N7=\"Replacement8HHD\",$AH7=\"CL7HHD\",$AJ7=\"CL7to8\"),INDEX('ER C8 FLT1'!$A$4:$J$640,MATCH($E7&$C7,'ER C8 FLT1'!$A$4:$A$640&'ER C8 FLT1'!$B$4:$B$640-3,1),5)*IF(OR($H7=\"Class_8\",$N7=\"Replacement8HHD\",$AH7=\"CL7HHD\",$AJ7=\"CL7to8\"),INDEX('ER C8 FLT1'!$A$4:$J$640,MATCH($E7&$C7,'ER C8 FLT1'!$A$4:$A$640&'ER C8 FLT1'!$B$4:$B$640-3,1),7)),IF($H7=\"Class_7\",INDEX('ER C7 FLT1'!$A$4:$J$640,MATCH($E7&$C7,'ER C7 FLT1'!$A$4:$A$640&'ER C7 FLT1'!$B$4:$B$640-3,1),5)*IF($H7=\"Class_7\",INDEX('ER C7 FLT1'!$A$4:$J$640,MATCH($E7&$C7,'ER C7 FLT1'!$A$4:$A$640&'ER C7 FLT1'!$B$4:$B$640-3,1),7)),\nIF($H7=\"Class_6\",INDEX('ER C6 FLT1'!$A$4:$J$640,MATCH($E7&$C7,'ER C6 FLT1'!$A$4:$A$640&'ER C6 FLT1'!$B$4:$B$640-3,1),5)*IF($H7=\"Class_6\",INDEX('ER C6 FLT1'!$A$4:$J$640,MATCH($E7&$C7,'ER C6 FLT1'!$A$4:$A$640&'ER C6 FLT1'!$B$4:$B$640-3,1),7))))))))*IF($F7=\"Level 1 PM + Mark I NOx\",0.75,1)*($Q7/453.6)","v":0},{"$f":"IF($B7=\"3+ Trucks\",IF(OR($H7=\"Class_8\",$N7=\"Replacement8HHD\",$AH7=\"CL7HHD\",$AJ7=\"CL7to8\"),INDEX('ER C8 FLT3'!$A$4:$J$640,MATCH($E7&$C7,'ER C8 FLT3'!$A$4:$A$640&'ER C8 FLT3'!$B$4:$B$640-4,1),5)*IF(OR($H7=\"Class_8\",$N7=\"Replacement8HHD\",$AH7=\"CL7HHD\",$AJ7=\"CL7to8\"),INDEX('ER C8 FLT3'!$A$4:$J$640,MATCH($E7&$C7,'ER C8 FLT3'!$A$4:$A$640&'ER C8 FLT3'!$B$4:$B$640-4,1),7)),IF($H7=\"Class_7\",INDEX('ER C7 FLT3'!$A$4:$J$640,MATCH($E7&$C7,'ER C7 FLT3'!$A$4:$A$640&'ER C7 FLT3'!$B$4:$B$640-4,1),5)*IF($H7=\"Class_7\",INDEX('ER C7 FLT3'!$A$4:$J$640,MATCH($E7&$C7,'ER C7 FLT3'!$A$4:$A$640&'ER C7 FLT3'!$B$4:$B$640-4,1),7)),\nIF($H7=\"Class_6\",INDEX('ER C6 FLT3'!$A$4:$J$640,MATCH($E7&$C7,'ER C6 FLT3'!$A$4:$A$640&'ER C6 FLT3'!$B$4:$B$640-4,1),5)*IF($H7=\"Class_6\",INDEX('ER C6 FLT3'!$A$4:$L$640,MATCH($E7&$C7,'ER C6 FLT3'!$A$4:$A$640&'ER C6 FLT3'!$B$4:$B$640-4,1),7))))),IF($B7=\"2 Trucks\",IF(OR($H7=\"Class_8\",$N7=\"Replacement8HHD\",$AH7=\"CL7HHD\",$AJ7=\"CL7to8\"),INDEX('ER C8 FLT2'!$A$4:$J$640,MATCH($E7&$C7,'ER C8 FLT2'!$A$4:$A$640&'ER C8 FLT2'!$B$4:$B$640-4,1),5)*IF(OR($H7=\"Class_8\",$N7=\"Replacement8HHD\",$AH7=\"CL7HHD\",$AJ7=\"CL7to8\"),INDEX('ER C8 FLT2'!$A$4:$J$640,MATCH($E7&$C7,'ER C8 FLT2'!$A$4:$A$640&'ER C8 FLT2'!$B$4:$B$640-4,1),7)),IF($H7=\"Class_7\",INDEX('ER C7 FLT2'!$A$4:$J$640,MATCH($E7&$C7,'ER C7 FLT2'!$A$4:$A$640&'ER C7 FLT2'!$B$4:$B$640-4,1),5)*IF($H7=\"Class_7\",INDEX('ER C7 FLT2'!$A$4:$J$640,MATCH($E7&$C7,'ER C7 FLT2'!$A$4:$A$640&'ER C7 FLT2'!$B$4:$B$640-4,1),7)),IF($H7=\"Class_6\",INDEX('ER C6 FLT2'!$A$4:$J$640,MATCH($E7&$C7,'ER C6 FLT2'!$A$4:$A$640&'ER C6 FLT2'!$B$4:$B$640-4,1),5)*IF($H7=\"Class_6\",INDEX('ER C6 FLT2'!$A$4:$J$640,MATCH($E7&$C7,'ER C6 FLT2'!$A$4:$A$640&'ER C6 FLT2'!$B$4:$B$640-4,1),7))))),IF($B7=\"1 Truck\",\nIF(OR($H7=\"Class_8\",$N7=\"Replacement8HHD\",$AH7=\"CL7HHD\",$AJ7=\"CL7to8\"),INDEX('ER C8 FLT1'!$A$4:$J$640,MATCH($E7&$C7,'ER C8 FLT1'!$A$4:$A$640&'ER C8 FLT1'!$B$4:$B$640-4,1),5)*IF(OR($H7=\"Class_8\",$N7=\"Replacement8HHD\",$AH7=\"CL7HHD\",$AJ7=\"CL7to8\"),INDEX('ER C8 FLT1'!$A$4:$J$640,MATCH($E7&$C7,'ER C8 FLT1'!$A$4:$A$640&'ER C8 FLT1'!$B$4:$B$640-4,1),7)),IF($H7=\"Class_7\",INDEX('ER C7 FLT1'!$A$4:$J$640,MATCH($E7&$C7,'ER C7 FLT1'!$A$4:$A$640&'ER C7 FLT1'!$B$4:$B$640-4,1),5)*IF($H7=\"Class_7\",INDEX('ER C7 FLT1'!$A$4:$J$640,MATCH($E7&$C7,'ER C7 FLT1'!$A$4:$A$640&'ER C7 FLT1'!$B$4:$B$640-4,1),7)),\nIF($H7=\"Class_6\",INDEX('ER C6 FLT1'!$A$4:$J$640,MATCH($E7&$C7,'ER C6 FLT1'!$A$4:$A$640&'ER C6 FLT1'!$B$4:$B$640-4,1),5)*IF($H7=\"Class_6\",INDEX('ER C6 FLT1'!$A$4:$J$640,MATCH($E7&$C7,'ER C6 FLT1'!$A$4:$A$640&'ER C6 FLT1'!$B$4:$B$640-4,1),7))))))))*IF($F7=\"Level 1 PM + Mark I NOx\",0.75,1)*($Q7/453.6)","v":0},{"$f":"IF($B7=\"3+ Trucks\",IF(OR($H7=\"Class_8\",$N7=\"Replacement8HHD\",$AH7=\"CL7HHD\",$AJ7=\"CL7to8\"),INDEX('ER C8 FLT3'!$A$4:$J$640,MATCH($E7&$C7,'ER C8 FLT3'!$A$4:$A$640&'ER C8 FLT3'!$B$4:$B$640,1),5),IF($H7=\"Class_7\",INDEX('ER C7 FLT3'!$A$4:$J$640,MATCH($E7&$C7,'ER C7 FLT3'!$A$4:$A$640&'ER C7 FLT3'!$B$4:$B$640,1),5),IF($H7=\"Class_6\",INDEX('ER C6 FLT3'!$A$4:$J$640,MATCH($E7&$C7,'ER C6 FLT3'!$A$4:$A$640&'ER C6 FLT3'!$B$4:$B$640,1),5)))),IF($B7=\"2 Trucks\",IF(OR($H7=\"Class_8\",$N7=\"Replacement8HHD\",$AH7=\"CL7HHD\",$AJ7=\"CL7to8\"),INDEX('ER C8 FLT2'!$A$4:$J$640,MATCH($E7&$C7,'ER C8 FLT2'!$A$4:$A$640&'ER C8 FLT2'!$B$4:$B$640,1),5),IF($H7=\"Class_7\",INDEX('ER C7 FLT2'!$A$4:$J$640,MATCH($E7&$C7,'ER C7 FLT2'!$A$4:$A$640&'ER C7 FLT2'!$B$4:$B$640,1),5),IF($H7=\"Class_6\",INDEX('ER C6 FLT2'!$A$4:$J$640,MATCH($E7&$C7,'ER C6 FLT2'!$A$4:$A$640&'ER C6 FLT2'!$B$4:$B$640,1),5)))),IF($B7=\"1 Truck\",IF(OR($H7=\"Class_8\",$N7=\"Replacement8HHD\",$AH7=\"CL7HHD\",$AJ7=\"CL7to8\"),INDEX('ER C8 FLT1'!$A$4:$J$640,MATCH($E7&$C7,'ER C8 FLT1'!$A$4:$A$640&'ER C8 FLT1'!$B$4:$B$640,1),5),IF($H7=\"Class_7\",INDEX('ER C7 FLT1'!$A$4:$J$640,MATCH($E7&$C7,'ER C7 FLT1'!$A$4:$A$640&'ER C7 FLT1'!$B$4:$B$640,1),5),IF($H7=\"Class_6\",INDEX('ER C6 FLT1'!$A$4:$J$640,MATCH($E7&$C7,'ER C6 FLT1'!$A$4:$A$640&'ER C6 FLT1'!$B$4:$B$640,1),5)))))))","v":false},{"$f":"IF($B7=\"3+ Trucks\",IF(OR($H7=\"Class_8\",$N7=\"Replacement8HHD\",$AH7=\"CL7HHD\",$AJ7=\"CL7to8\"),INDEX('ER C8 FLT3'!$A$4:$J$640,MATCH($E7&$C7,'ER C8 FLT3'!$A$4:$A$640&'ER C8 FLT3'!$B$4:$B$640-1,1),5),IF($H7=\"Class_7\",INDEX('ER C7 FLT3'!$A$4:$J$640,MATCH($E7&$C7,'ER C7 FLT3'!$A$4:$A$640&'ER C7 FLT3'!$B$4:$B$640-1,1),5),IF($H7=\"Class_6\",INDEX('ER C6 FLT3'!$A$4:$J$640,MATCH($E7&$C7,'ER C6 FLT3'!$A$4:$A$640&'ER C6 FLT3'!$B$4:$B$640-1,1),5)))),IF($B7=\"2 Trucks\",IF(OR($H7=\"Class_8\",$N7=\"Replacement8HHD\",$AH7=\"CL7HHD\",$AJ7=\"CL7to8\"),INDEX('ER C8 FLT2'!$A$4:$J$640,MATCH($E7&$C7,'ER C8 FLT2'!$A$4:$A$640&'ER C8 FLT2'!$B$4:$B$640-1,1),5),IF($H7=\"Class_7\",INDEX('ER C7 FLT2'!$A$4:$J$640,MATCH($E7&$C7,'ER C7 FLT2'!$A$4:$A$640&'ER C7 FLT2'!$B$4:$B$640-1,1),5),IF($H7=\"Class_6\",INDEX('ER C6 FLT2'!$A$4:$J$640,MATCH($E7&$C7,'ER C6 FLT2'!$A$4:$A$640&'ER C6 FLT2'!$B$4:$B$640-1,1),5)))),IF($B7=\"1 Truck\",IF(OR($H7=\"Class_8\",$N7=\"Replacement8HHD\",$AH7=\"CL7HHD\",$AJ7=\"CL7to8\"),INDEX('ER C8 FLT1'!$A$4:$J$640,MATCH($E7&$C7,'ER C8 FLT1'!$A$4:$A$640&'ER C8 FLT1'!$B$4:$B$640-1,1),5),IF($H7=\"Class_7\",INDEX('ER C7 FLT1'!$A$4:$J$640,MATCH($E7&$C7,'ER C7 FLT1'!$A$4:$A$640&'ER C7 FLT1'!$B$4:$B$640-1,1),5),IF($H7=\"Class_6\",INDEX('ER C6 FLT1'!$A$4:$J$640,MATCH($E7&$C7,'ER C6 FLT1'!$A$4:$A$640&'ER C6 FLT1'!$B$4:$B$640-1,1),5)))))))","v":false},{"$f":"IF($B7=\"3+ Trucks\",IF(OR($H7=\"Class_8\",$N7=\"Replacement8HHD\",$AH7=\"CL7HHD\",$AJ7=\"CL7to8\"),INDEX('ER C8 FLT3'!$A$4:$J$640,MATCH($E7&$C7,'ER C8 FLT3'!$A$4:$A$640&'ER C8 FLT3'!$B$4:$B$640-2,1),5),IF($H7=\"Class_7\",INDEX('ER C7 FLT3'!$A$4:$J$640,MATCH($E7&$C7,'ER C7 FLT3'!$A$4:$A$640&'ER C7 FLT3'!$B$4:$B$640-2,1),5),IF($H7=\"Class_6\",INDEX('ER C6 FLT3'!$A$4:$J$640,MATCH($E7&$C7,'ER C6 FLT3'!$A$4:$A$640&'ER C6 FLT3'!$B$4:$B$640-2,1),5)))),IF($B7=\"2 Trucks\",IF(OR($H7=\"Class_8\",$N7=\"Replacement8HHD\",$AH7=\"CL7HHD\",$AJ7=\"CL7to8\"),INDEX('ER C8 FLT2'!$A$4:$J$640,MATCH($E7&$C7,'ER C8 FLT2'!$A$4:$A$640&'ER C8 FLT2'!$B$4:$B$640-2,1),5),IF($H7=\"Class_7\",INDEX('ER C7 FLT2'!$A$4:$J$640,MATCH($E7&$C7,'ER C7 FLT2'!$A$4:$A$640&'ER C7 FLT2'!$B$4:$B$640-2,1),5),IF($H7=\"Class_6\",INDEX('ER C6 FLT2'!$A$4:$J$640,MATCH($E7&$C7,'ER C6 FLT2'!$A$4:$A$640&'ER C6 FLT2'!$B$4:$B$640-2,1),5)))),IF($B7=\"1 Truck\",IF(OR($H7=\"Class_8\",$N7=\"Replacement8HHD\",$AH7=\"CL7HHD\",$AJ7=\"CL7to8\"),INDEX('ER C8 FLT1'!$A$4:$J$640,MATCH($E7&$C7,'ER C8 FLT1'!$A$4:$A$640&'ER C8 FLT1'!$B$4:$B$640-2,1),5),IF($H7=\"Class_7\",INDEX('ER C7 FLT1'!$A$4:$J$640,MATCH($E7&$C7,'ER C7 FLT1'!$A$4:$A$640&'ER C7 FLT1'!$B$4:$B$640-2,1),5),IF($H7=\"Class_6\",INDEX('ER C6 FLT1'!$A$4:$J$640,MATCH($E7&$C7,'ER C6 FLT1'!$A$4:$A$640&'ER C6 FLT1'!$B$4:$B$640-2,1),5)))))))","v":false},{"$f":"IF($B7=\"3+ Trucks\",IF(OR($H7=\"Class_8\",$N7=\"Replacement8HHD\",$AH7=\"CL7HHD\",$AJ7=\"CL7to8\"),INDEX('ER C8 FLT3'!$A$4:$J$640,MATCH($E7&$C7,'ER C8 FLT3'!$A$4:$A$640&'ER C8 FLT3'!$B$4:$B$640-3,1),5),IF($H7=\"Class_7\",INDEX('ER C7 FLT3'!$A$4:$J$640,MATCH($E7&$C7,'ER C7 FLT3'!$A$4:$A$640&'ER C7 FLT3'!$B$4:$B$640-3,1),5),IF($H7=\"Class_6\",INDEX('ER C6 FLT3'!$A$4:$J$640,MATCH($E7&$C7,'ER C6 FLT3'!$A$4:$A$640&'ER C6 FLT3'!$B$4:$B$640-3,1),5)))),IF($B7=\"2 Trucks\",IF(OR($H7=\"Class_8\",$N7=\"Replacement8HHD\",$AH7=\"CL7HHD\",$AJ7=\"CL7to8\"),INDEX('ER C8 FLT2'!$A$4:$J$640,MATCH($E7&$C7,'ER C8 FLT2'!$A$4:$A$640&'ER C8 FLT2'!$B$4:$B$640-3,1),5),IF($H7=\"Class_7\",INDEX('ER C7 FLT2'!$A$4:$J$640,MATCH($E7&$C7,'ER C7 FLT2'!$A$4:$A$640&'ER C7 FLT2'!$B$4:$B$640-3,1),5),IF($H7=\"Class_6\",INDEX('ER C6 FLT2'!$A$4:$J$640,MATCH($E7&$C7,'ER C6 FLT2'!$A$4:$A$640&'ER C6 FLT2'!$B$4:$B$640-3,1),5)))),IF($B7=\"1 Truck\",IF(OR($H7=\"Class_8\",$N7=\"Replacement8HHD\",$AH7=\"CL7HHD\",$AJ7=\"CL7to8\"),INDEX('ER C8 FLT1'!$A$4:$J$640,MATCH($E7&$C7,'ER C8 FLT1'!$A$4:$A$640&'ER C8 FLT1'!$B$4:$B$640-3,1),5),IF($H7=\"Class_7\",INDEX('ER C7 FLT1'!$A$4:$J$640,MATCH($E7&$C7,'ER C7 FLT1'!$A$4:$A$640&'ER C7 FLT1'!$B$4:$B$640-3,1),5),IF($H7=\"Class_6\",INDEX('ER C6 FLT1'!$A$4:$J$640,MATCH($E7&$C7,'ER C6 FLT1'!$A$4:$A$640&'ER C6 FLT1'!$B$4:$B$640-3,1),5)))))))","v":false},{"$f":"IF($B7=\"3+ Trucks\",IF(OR($H7=\"Class_8\",$N7=\"Replacement8HHD\",$AH7=\"CL7HHD\",$AJ7=\"CL7to8\"),INDEX('ER C8 FLT3'!$A$4:$J$640,MATCH($E7&$C7,'ER C8 FLT3'!$A$4:$A$640&'ER C8 FLT3'!$B$4:$B$640-4,1),5),IF($H7=\"Class_7\",INDEX('ER C7 FLT3'!$A$4:$J$640,MATCH($E7&$C7,'ER C7 FLT3'!$A$4:$A$640&'ER C7 FLT3'!$B$4:$B$640-4,1),5),IF($H7=\"Class_6\",INDEX('ER C6 FLT3'!$A$4:$J$640,MATCH($E7&$C7,'ER C6 FLT3'!$A$4:$A$640&'ER C6 FLT3'!$B$4:$B$640-4,1),5)))),IF($B7=\"2 Trucks\",IF(OR($H7=\"Class_8\",$N7=\"Replacement8HHD\",$AH7=\"CL7HHD\",$AJ7=\"CL7to8\"),INDEX('ER C8 FLT2'!$A$4:$J$640,MATCH($E7&$C7,'ER C8 FLT2'!$A$4:$A$640&'ER C8 FLT2'!$B$4:$B$640-4,1),5),IF($H7=\"Class_7\",INDEX('ER C7 FLT2'!$A$4:$J$640,MATCH($E7&$C7,'ER C7 FLT2'!$A$4:$A$640&'ER C7 FLT2'!$B$4:$B$640-4,1),5),IF($H7=\"Class_6\",INDEX('ER C6 FLT2'!$A$4:$J$640,MATCH($E7&$C7,'ER C6 FLT2'!$A$4:$A$640&'ER C6 FLT2'!$B$4:$B$640-4,1),5)))),IF($B7=\"1 Truck\",IF(OR($H7=\"Class_8\",$N7=\"Replacement8HHD\",$AH7=\"CL7HHD\",$AJ7=\"CL7to8\"),INDEX('ER C8 FLT1'!$A$4:$J$640,MATCH($E7&$C7,'ER C8 FLT1'!$A$4:$A$640&'ER C8 FLT1'!$B$4:$B$640-4,1),5),IF($H7=\"Class_7\",INDEX('ER C7 FLT1'!$A$4:$J$640,MATCH($E7&$C7,'ER C7 FLT1'!$A$4:$A$640&'ER C7 FLT1'!$B$4:$B$640-4,1),5),IF($H7=\"Class_6\",INDEX('ER C6 FLT1'!$A$4:$J$640,MATCH($E7&$C7,'ER C6 FLT1'!$A$4:$A$640&'ER C6 FLT1'!$B$4:$B$640-4,1),5)))))))","v":false},{"$f":"IF(OR($R7=\"Diesel\",$R7=\"LNG/CNG\",$R7=\"Hybrid\",$R7=\"Electric w/ AB-118\"),IF($B7=\"3+ Trucks\",IF(OR($O7=\"Class_8\",$N7=\"Replacement8HHD\",$AI7=\"CL7HHD\"),INDEX('ER C8 FLT3'!$A$4:$J$640,MATCH(DropData!$J47&$C7,'ER C8 FLT3'!$A$4:$A$640&'ER C8 FLT3'!$B$4:$B$640,1),5)*IF(OR($O7=\"Class_8\",$N7=\"Replacement8HHD\",$AI7=\"CL7HHD\"),INDEX('ER C8 FLT3'!$A$4:$J$640,MATCH(DropData!$J47&$C7,'ER C8 FLT3'!$A$4:$A$640&'ER C8 FLT3'!$B$4:$B$640,1),7)),IF($O7=\"Class_7\",INDEX('ER C7 FLT3'!$A$4:$J$640,MATCH(DropData!$J47&$C7,'ER C7 FLT3'!$A$4:$A$640&'ER C7 FLT3'!$B$4:$B$640,1),5)*IF($O7=\"Class_7\",INDEX('ER C7 FLT3'!$A$4:$J$640,MATCH(DropData!$J47&$C7,'ER C7 FLT3'!$A$4:$A$640&'ER C7 FLT3'!$B$4:$B$640,1),7)),IF($O7=\"Class_6\",INDEX('ER C6 FLT3'!$A$4:$J$640,MATCH(DropData!$J47&$C7,'ER C6 FLT3'!$A$4:$A$640&'ER C6 FLT3'!$B$4:$B$640,1),5)*IF($O7=\"Class_6\",INDEX('ER C6 FLT3'!$A$4:$J$640,MATCH(DropData!$J47&$C7,'ER C6 FLT3'!$A$4:$A$640&'ER C6 FLT3'!$B$4:$B$640,1),7))))),IF($B7=\"2 Trucks\",IF(OR($O7=\"Class_8\",$N7=\"Replacement8HHD\",$AI7=\"CL7HHD\"),INDEX('ER C8 FLT2'!$A$4:$J$640,MATCH(DropData!$J47&$C7,'ER C8 FLT2'!$A$4:$A$640&'ER C8 FLT2'!$B$4:$B$640,1),5)*IF(OR($O7=\"Class_8\",$N7=\"Replacement8HHD\",$AI7=\"CL7HHD\"),INDEX('ER C8 FLT2'!$A$4:$J$640,MATCH(DropData!$J47&$C7,'ER C8 FLT2'!$A$4:$A$640&'ER C8 FLT2'!$B$4:$B$640,1),7)),IF($O7=\"Class_7\",INDEX('ER C7 FLT2'!$A$4:$J$640,MATCH(DropData!$J47&$C7,'ER C7 FLT2'!$A$4:$A$640&'ER C7 FLT2'!$B$4:$B$640,1),5)*IF($O7=\"Class_7\",INDEX('ER C7 FLT2'!$A$4:$J$640,MATCH(DropData!$J47&$C7,'ER C7 FLT2'!$A$4:$A$640&'ER C7 FLT2'!$B$4:$B$640,1),7)),IF($O7=\"Class_6\",INDEX('ER C6 FLT2'!$A$4:$J$640,MATCH(DropData!$J47&$C7,'ER C6 FLT2'!$A$4:$A$640&'ER C6 FLT2'!$B$4:$B$640,1),5)*IF($O7=\"Class_6\",INDEX('ER C6 FLT2'!$A$4:$J$640,MATCH(DropData!$J47&$C7,'ER C6 FLT2'!$A$4:$A$640&'ER C6 FLT2'!$B$4:$B$640,1),7))))),IF($B7=\"1 Truck\",IF(OR($O7=\"Class_8\",$N7=\"Replacement8HHD\",$AI7=\"CL7HHD\"),INDEX('ER C8 FLT1'!$A$4:$J$640,MATCH(DropData!$J47&$C7,'ER C8 FLT1'!$A$4:$A$640&'ER C8 FLT1'!$B$4:$B$640,1),5)*IF(OR($O7=\"Class_8\",$N7=\"Replacement8HHD\",$AI7=\"CL7HHD\"),INDEX('ER C8 FLT1'!$A$4:$J$640,MATCH(DropData!$J47&$C7,'ER C8 FLT1'!$A$4:$A$640&'ER C8 FLT1'!$B$4:$B$640,1),7)),IF($O7=\"Class_7\",INDEX('ER C7 FLT1'!$A$4:$J$640,MATCH(DropData!$J47&$C7,'ER C7 FLT1'!$A$4:$A$640&'ER C7 FLT1'!$B$4:$B$640,1),5)*IF($O7=\"Class_7\",INDEX('ER C7 FLT1'!$A$4:$J$640,MATCH(DropData!$J47&$C7,'ER C7 FLT1'!$A$4:$A$640&'ER C7 FLT1'!$B$4:$B$640,1),7)),IF($O7=\"Class_6\",INDEX('ER C6 FLT1'!$A$4:$J$640,MATCH(DropData!$J47&$C7,'ER C6 FLT1'!$A$4:$A$640&'ER C6 FLT1'!$B$4:$B$640,1),5)*IF($O7=\"Class_6\",INDEX('ER C6 FLT1'!$A$4:$J$640,MATCH(DropData!$J47&$C7,'ER C6 FLT1'!$A$4:$A$640&'ER C6 FLT1'!$B$4:$B$640,1),7)))))))),IF($R7=\"Electric\",INDEX('ER Electric'!$A$6:$E$44,MATCH($C7&$O7,'ER Electric'!$A$6:$A$44&'ER Electric'!$B$6:$B$44,1),4)))*(($Q7+$AC7)/453.6)","v":0},{"$f":"IF(OR($R7=\"Diesel\",$R7=\"LNG/CNG\",$R7=\"Hybrid\",$R7=\"Electric w/ AB-118\"),IF($B7=\"3+ Trucks\",IF(OR($O7=\"Class_8\",$N7=\"Replacement8HHD\",$AI7=\"CL7HHD\"),INDEX('ER C8 FLT3'!$A$4:$J$640,MATCH(DropData!$J47&$C7,'ER C8 FLT3'!$A$4:$A$640&'ER C8 FLT3'!$B$4:$B$640-1,1),5)*IF(OR($O7=\"Class_8\",$N7=\"Replacement8HHD\",$AI7=\"CL7HHD\"),INDEX('ER C8 FLT3'!$A$4:$J$640,MATCH(DropData!$J47&$C7,'ER C8 FLT3'!$A$4:$A$640&'ER C8 FLT3'!$B$4:$B$640-1,1),7)),IF($O7=\"Class_7\",INDEX('ER C7 FLT3'!$A$4:$J$640,MATCH(DropData!$J47&$C7,'ER C7 FLT3'!$A$4:$A$640&'ER C7 FLT3'!$B$4:$B$640-1,1),5)*IF($O7=\"Class_7\",INDEX('ER C7 FLT3'!$A$4:$J$640,MATCH(DropData!$J47&$C7,'ER C7 FLT3'!$A$4:$A$640&'ER C7 FLT3'!$B$4:$B$640-1,1),7)),IF($O7=\"Class_6\",INDEX('ER C6 FLT3'!$A$4:$J$640,MATCH(DropData!$J47&$C7,'ER C6 FLT3'!$A$4:$A$640&'ER C6 FLT3'!$B$4:$B$640-1,1),5)*IF($O7=\"Class_6\",INDEX('ER C6 FLT3'!$A$4:$J$640,MATCH(DropData!$J47&$C7,'ER C6 FLT3'!$A$4:$A$640&'ER C6 FLT3'!$B$4:$B$640-1,1),7))))),IF($B7=\"2 Trucks\",IF(OR($O7=\"Class_8\",$N7=\"Replacement8HHD\",$AI7=\"CL7HHD\"),INDEX('ER C8 FLT2'!$A$4:$J$640,MATCH(DropData!$J47&$C7,'ER C8 FLT2'!$A$4:$A$640&'ER C8 FLT2'!$B$4:$B$640-1,1),5)*IF(OR($O7=\"Class_8\",$N7=\"Replacement8HHD\",$AI7=\"CL7HHD\"),INDEX('ER C8 FLT2'!$A$4:$J$640,MATCH(DropData!$J47&$C7,'ER C8 FLT2'!$A$4:$A$640&'ER C8 FLT2'!$B$4:$B$640-1,1),7)),IF($O7=\"Class_7\",INDEX('ER C7 FLT2'!$A$4:$J$640,MATCH(DropData!$J47&$C7,'ER C7 FLT2'!$A$4:$A$640&'ER C7 FLT2'!$B$4:$B$640-1,1),5)*IF($O7=\"Class_7\",INDEX('ER C7 FLT2'!$A$4:$J$640,MATCH(DropData!$J47&$C7,'ER C7 FLT2'!$A$4:$A$640&'ER C7 FLT2'!$B$4:$B$640-1,1),7)),IF($O7=\"Class_6\",INDEX('ER C6 FLT2'!$A$4:$J$640,MATCH(DropData!$J47&$C7,'ER C6 FLT2'!$A$4:$A$640&'ER C6 FLT2'!$B$4:$B$640-1,1),5)*IF($O7=\"Class_6\",INDEX('ER C6 FLT2'!$A$4:$J$640,MATCH(DropData!$J47&$C7,'ER C6 FLT2'!$A$4:$A$640&'ER C6 FLT2'!$B$4:$B$640-1,1),7))))),IF($B7=\"1 Truck\",IF(OR($O7=\"Class_8\",$N7=\"Replacement8HHD\",$AI7=\"CL7HHD\"),INDEX('ER C8 FLT1'!$A$4:$J$640,MATCH(DropData!$J47&$C7,'ER C8 FLT1'!$A$4:$A$640&'ER C8 FLT1'!$B$4:$B$640-1,1),5)*IF(OR($O7=\"Class_8\",$N7=\"Replacement8HHD\",$AI7=\"CL7HHD\"),INDEX('ER C8 FLT1'!$A$4:$J$640,MATCH(DropData!$J47&$C7,'ER C8 FLT1'!$A$4:$A$640&'ER C8 FLT1'!$B$4:$B$640-1,1),7)),IF($O7=\"Class_7\",INDEX('ER C7 FLT1'!$A$4:$J$640,MATCH(DropData!$J47&$C7,'ER C7 FLT1'!$A$4:$A$640&'ER C7 FLT1'!$B$4:$B$640-1,1),5)*IF($O7=\"Class_7\",INDEX('ER C7 FLT1'!$A$4:$J$640,MATCH(DropData!$J47&$C7,'ER C7 FLT1'!$A$4:$A$640&'ER C7 FLT1'!$B$4:$B$640-1,1),7)),IF($O7=\"Class_6\",INDEX('ER C6 FLT1'!$A$4:$J$640,MATCH(DropData!$J47&$C7,'ER C6 FLT1'!$A$4:$A$640&'ER C6 FLT1'!$B$4:$B$640-1,1),5)*IF($O7=\"Class_6\",INDEX('ER C6 FLT1'!$A$4:$J$640,MATCH(DropData!$J47&$C7,'ER C6 FLT1'!$A$4:$A$640&'ER C6 FLT1'!$B$4:$B$640-1,1),7)))))))),IF($R7=\"Electric\",OFFSET(INDEX('ER Electric'!$A$6:$E$44,MATCH($C7&$O7,'ER Electric'!$A$6:$A$44&'ER Electric'!$B$6:$B$44,1),4),3,0)))*(($Q7+$AC7)/453.6)","v":0},{"$f":"IF(OR($R7=\"Diesel\",$R7=\"LNG/CNG\",$R7=\"Hybrid\",$R7=\"Electric w/ AB-118\"),IF($B7=\"3+ Trucks\",IF(OR($O7=\"Class_8\",$N7=\"Replacement8HHD\",$AI7=\"CL7HHD\"),INDEX('ER C8 FLT3'!$A$4:$J$640,MATCH(DropData!$J47&$C7,'ER C8 FLT3'!$A$4:$A$640&'ER C8 FLT3'!$B$4:$B$640-2,1),5)*IF(OR($O7=\"Class_8\",$N7=\"Replacement8HHD\",$AI7=\"CL7HHD\"),INDEX('ER C8 FLT3'!$A$4:$J$640,MATCH(DropData!$J47&$C7,'ER C8 FLT3'!$A$4:$A$640&'ER C8 FLT3'!$B$4:$B$640-2,1),7)),IF($O7=\"Class_7\",INDEX('ER C7 FLT3'!$A$4:$J$640,MATCH(DropData!$J47&$C7,'ER C7 FLT3'!$A$4:$A$640&'ER C7 FLT3'!$B$4:$B$640-2,1),5)*IF($O7=\"Class_7\",INDEX('ER C7 FLT3'!$A$4:$J$640,MATCH(DropData!$J47&$C7,'ER C7 FLT3'!$A$4:$A$640&'ER C7 FLT3'!$B$4:$B$640-2,1),7)),IF($O7=\"Class_6\",INDEX('ER C6 FLT3'!$A$4:$J$640,MATCH(DropData!$J47&$C7,'ER C6 FLT3'!$A$4:$A$640&'ER C6 FLT3'!$B$4:$B$640-2,1),5)*IF($O7=\"Class_6\",INDEX('ER C6 FLT3'!$A$4:$J$640,MATCH(DropData!$J47&$C7,'ER C6 FLT3'!$A$4:$A$640&'ER C6 FLT3'!$B$4:$B$640-2,1),7))))),IF($B7=\"2 Trucks\",IF(OR($O7=\"Class_8\",$N7=\"Replacement8HHD\",$AI7=\"CL7HHD\"),INDEX('ER C8 FLT2'!$A$4:$J$640,MATCH(DropData!$J47&$C7,'ER C8 FLT2'!$A$4:$A$640&'ER C8 FLT2'!$B$4:$B$640-2,1),5)*IF(OR($O7=\"Class_8\",$N7=\"Replacement8HHD\",$AI7=\"CL7HHD\"),INDEX('ER C8 FLT2'!$A$4:$J$640,MATCH(DropData!$J47&$C7,'ER C8 FLT2'!$A$4:$A$640&'ER C8 FLT2'!$B$4:$B$640-2,1),7)),IF($O7=\"Class_7\",INDEX('ER C7 FLT2'!$A$4:$J$640,MATCH(DropData!$J47&$C7,'ER C7 FLT2'!$A$4:$A$640&'ER C7 FLT2'!$B$4:$B$640-2,1),5)*IF($O7=\"Class_7\",INDEX('ER C7 FLT2'!$A$4:$J$640,MATCH(DropData!$J47&$C7,'ER C7 FLT2'!$A$4:$A$640&'ER C7 FLT2'!$B$4:$B$640-2,1),7)),IF($O7=\"Class_6\",INDEX('ER C6 FLT2'!$A$4:$J$640,MATCH(DropData!$J47&$C7,'ER C6 FLT2'!$A$4:$A$640&'ER C6 FLT2'!$B$4:$B$640-2,1),5)*IF($O7=\"Class_6\",INDEX('ER C6 FLT2'!$A$4:$J$640,MATCH(DropData!$J47&$C7,'ER C6 FLT2'!$A$4:$A$640&'ER C6 FLT2'!$B$4:$B$640-2,1),7))))),IF($B7=\"1 Truck\",IF(OR($O7=\"Class_8\",$N7=\"Replacement8HHD\",$AI7=\"CL7HHD\"),INDEX('ER C8 FLT1'!$A$4:$J$640,MATCH(DropData!$J47&$C7,'ER C8 FLT1'!$A$4:$A$640&'ER C8 FLT1'!$B$4:$B$640-2,1),5)*IF(OR($O7=\"Class_8\",$N7=\"Replacement8HHD\",$AI7=\"CL7HHD\"),INDEX('ER C8 FLT1'!$A$4:$J$640,MATCH(DropData!$J47&$C7,'ER C8 FLT1'!$A$4:$A$640&'ER C8 FLT1'!$B$4:$B$640-2,1),7)),IF($O7=\"Class_7\",INDEX('ER C7 FLT1'!$A$4:$J$640,MATCH(DropData!$J47&$C7,'ER C7 FLT1'!$A$4:$A$640&'ER C7 FLT1'!$B$4:$B$640-2,1),5)*IF($O7=\"Class_7\",INDEX('ER C7 FLT1'!$A$4:$J$640,MATCH(DropData!$J47&$C7,'ER C7 FLT1'!$A$4:$A$640&'ER C7 FLT1'!$B$4:$B$640-2,1),7)),IF($O7=\"Class_6\",INDEX('ER C6 FLT1'!$A$4:$J$640,MATCH(DropData!$J47&$C7,'ER C6 FLT1'!$A$4:$A$640&'ER C6 FLT1'!$B$4:$B$640-2,1),5)*IF($O7=\"Class_6\",INDEX('ER C6 FLT1'!$A$4:$J$640,MATCH(DropData!$J47&$C7,'ER C6 FLT1'!$A$4:$A$640&'ER C6 FLT1'!$B$4:$B$640-2,1),7)))))))),IF($R7=\"Electric\",OFFSET(INDEX('ER Electric'!$A$6:$E$44,MATCH($C7&$O7,'ER Electric'!$A$6:$A$44&'ER Electric'!$B$6:$B$44,1),4),6,0)))*(($Q7+$AC7)/453.6)","v":0},{"$f":"IF(OR($R7=\"Diesel\",$R7=\"LNG/CNG\",$R7=\"Hybrid\",$R7=\"Electric w/ AB-118\"),IF($B7=\"3+ Trucks\",IF(OR($O7=\"Class_8\",$N7=\"Replacement8HHD\",$AI7=\"CL7HHD\"),INDEX('ER C8 FLT3'!$A$4:$J$640,MATCH(DropData!$J47&$C7,'ER C8 FLT3'!$A$4:$A$640&'ER C8 FLT3'!$B$4:$B$640-3,1),5)*IF(OR($O7=\"Class_8\",$N7=\"Replacement8HHD\",$AI7=\"CL7HHD\"),INDEX('ER C8 FLT3'!$A$4:$J$640,MATCH(DropData!$J47&$C7,'ER C8 FLT3'!$A$4:$A$640&'ER C8 FLT3'!$B$4:$B$640-3,1),7)),IF($O7=\"Class_7\",INDEX('ER C7 FLT3'!$A$4:$J$640,MATCH(DropData!$J47&$C7,'ER C7 FLT3'!$A$4:$A$640&'ER C7 FLT3'!$B$4:$B$640-3,1),5)*IF($O7=\"Class_7\",INDEX('ER C7 FLT3'!$A$4:$J$640,MATCH(DropData!$J47&$C7,'ER C7 FLT3'!$A$4:$A$640&'ER C7 FLT3'!$B$4:$B$640-3,1),7)),IF($O7=\"Class_6\",INDEX('ER C6 FLT3'!$A$4:$J$640,MATCH(DropData!$J47&$C7,'ER C6 FLT3'!$A$4:$A$640&'ER C6 FLT3'!$B$4:$B$640-3,1),5)*IF($O7=\"Class_6\",INDEX('ER C6 FLT3'!$A$4:$J$640,MATCH(DropData!$J47&$C7,'ER C6 FLT3'!$A$4:$A$640&'ER C6 FLT3'!$B$4:$B$640-3,1),7))))),IF($B7=\"2 Trucks\",IF(OR($O7=\"Class_8\",$N7=\"Replacement8HHD\",$AI7=\"CL7HHD\"),INDEX('ER C8 FLT2'!$A$4:$J$640,MATCH(DropData!$J47&$C7,'ER C8 FLT2'!$A$4:$A$640&'ER C8 FLT2'!$B$4:$B$640-3,1),5)*IF(OR($O7=\"Class_8\",$N7=\"Replacement8HHD\",$AI7=\"CL7HHD\"),INDEX('ER C8 FLT2'!$A$4:$J$640,MATCH(DropData!$J47&$C7,'ER C8 FLT2'!$A$4:$A$640&'ER C8 FLT2'!$B$4:$B$640-3,1),7)),IF($O7=\"Class_7\",INDEX('ER C7 FLT2'!$A$4:$J$640,MATCH(DropData!$J47&$C7,'ER C7 FLT2'!$A$4:$A$640&'ER C7 FLT2'!$B$4:$B$640-3,1),5)*IF($O7=\"Class_7\",INDEX('ER C7 FLT2'!$A$4:$J$640,MATCH(DropData!$J47&$C7,'ER C7 FLT2'!$A$4:$A$640&'ER C7 FLT2'!$B$4:$B$640-3,1),7)),IF($O7=\"Class_6\",INDEX('ER C6 FLT2'!$A$4:$J$640,MATCH(DropData!$J47&$C7,'ER C6 FLT2'!$A$4:$A$640&'ER C6 FLT2'!$B$4:$B$640-3,1),5)*IF($O7=\"Class_6\",INDEX('ER C6 FLT2'!$A$4:$J$640,MATCH(DropData!$J47&$C7,'ER C6 FLT2'!$A$4:$A$640&'ER C6 FLT2'!$B$4:$B$640-3,1),7))))),IF($B7=\"1 Truck\",IF(OR($O7=\"Class_8\",$N7=\"Replacement8HHD\",$AI7=\"CL7HHD\"),INDEX('ER C8 FLT1'!$A$4:$J$640,MATCH(DropData!$J47&$C7,'ER C8 FLT1'!$A$4:$A$640&'ER C8 FLT1'!$B$4:$B$640-3,1),5)*IF(OR($O7=\"Class_8\",$N7=\"Replacement8HHD\",$AI7=\"CL7HHD\"),INDEX('ER C8 FLT1'!$A$4:$J$640,MATCH(DropData!$J47&$C7,'ER C8 FLT1'!$A$4:$A$640&'ER C8 FLT1'!$B$4:$B$640-3,1),7)),IF($O7=\"Class_7\",INDEX('ER C7 FLT1'!$A$4:$J$640,MATCH(DropData!$J47&$C7,'ER C7 FLT1'!$A$4:$A$640&'ER C7 FLT1'!$B$4:$B$640-3,1),5)*IF($O7=\"Class_7\",INDEX('ER C7 FLT1'!$A$4:$J$640,MATCH(DropData!$J47&$C7,'ER C7 FLT1'!$A$4:$A$640&'ER C7 FLT1'!$B$4:$B$640-3,1),7)),IF($O7=\"Class_6\",INDEX('ER C6 FLT1'!$A$4:$J$640,MATCH(DropData!$J47&$C7,'ER C6 FLT1'!$A$4:$A$640&'ER C6 FLT1'!$B$4:$B$640-3,1),5)*IF($O7=\"Class_6\",INDEX('ER C6 FLT1'!$A$4:$J$640,MATCH(DropData!$J47&$C7,'ER C6 FLT1'!$A$4:$A$640&'ER C6 FLT1'!$B$4:$B$640-3,1),7)))))))),IF($R7=\"Electric\",OFFSET(INDEX('ER Electric'!$A$6:$E$44,MATCH($C7&$O7,'ER Electric'!$A$6:$A$44&'ER Electric'!$B$6:$B$44,1),4),9,0)))*(($Q7+$AC7)/453.6)","v":0},{"$f":"IF(OR($R7=\"Diesel\",$R7=\"LNG/CNG\",$R7=\"Hybrid\",$R7=\"Electric w/ AB-118\"),IF($B7=\"3+ Trucks\",IF(OR($O7=\"Class_8\",$N7=\"Replacement8HHD\",$AI7=\"CL7HHD\"),INDEX('ER C8 FLT3'!$A$4:$J$640,MATCH(DropData!$J47&$C7,'ER C8 FLT3'!$A$4:$A$640&'ER C8 FLT3'!$B$4:$B$640-4,1),5)*IF(OR($O7=\"Class_8\",$N7=\"Replacement8HHD\",$AI7=\"CL7HHD\"),INDEX('ER C8 FLT3'!$A$4:$J$640,MATCH(DropData!$J47&$C7,'ER C8 FLT3'!$A$4:$A$640&'ER C8 FLT3'!$B$4:$B$640-4,1),7)),IF($O7=\"Class_7\",INDEX('ER C7 FLT3'!$A$4:$J$640,MATCH(DropData!$J47&$C7,'ER C7 FLT3'!$A$4:$A$640&'ER C7 FLT3'!$B$4:$B$640-4,1),5)*IF($O7=\"Class_7\",INDEX('ER C7 FLT3'!$A$4:$J$640,MATCH(DropData!$J47&$C7,'ER C7 FLT3'!$A$4:$A$640&'ER C7 FLT3'!$B$4:$B$640-4,1),7)),IF($O7=\"Class_6\",INDEX('ER C6 FLT3'!$A$4:$J$640,MATCH(DropData!$J47&$C7,'ER C6 FLT3'!$A$4:$A$640&'ER C6 FLT3'!$B$4:$B$640-4,1),5)*IF($O7=\"Class_6\",INDEX('ER C6 FLT3'!$A$4:$J$640,MATCH(DropData!$J47&$C7,'ER C6 FLT3'!$A$4:$A$640&'ER C6 FLT3'!$B$4:$B$640-4,1),7))))),IF($B7=\"2 Trucks\",IF(OR($O7=\"Class_8\",$N7=\"Replacement8HHD\",$AI7=\"CL7HHD\"),INDEX('ER C8 FLT2'!$A$4:$J$640,MATCH(DropData!$J47&$C7,'ER C8 FLT2'!$A$4:$A$640&'ER C8 FLT2'!$B$4:$B$640-4,1),5)*IF(OR($O7=\"Class_8\",$N7=\"Replacement8HHD\",$AI7=\"CL7HHD\"),INDEX('ER C8 FLT2'!$A$4:$J$640,MATCH(DropData!$J47&$C7,'ER C8 FLT2'!$A$4:$A$640&'ER C8 FLT2'!$B$4:$B$640-4,1),7)),IF($O7=\"Class_7\",INDEX('ER C7 FLT2'!$A$4:$J$640,MATCH(DropData!$J47&$C7,'ER C7 FLT2'!$A$4:$A$640&'ER C7 FLT2'!$B$4:$B$640-4,1),5)*IF($O7=\"Class_7\",INDEX('ER C7 FLT2'!$A$4:$J$640,MATCH(DropData!$J47&$C7,'ER C7 FLT2'!$A$4:$A$640&'ER C7 FLT2'!$B$4:$B$640-4,1),7)),IF($O7=\"Class_6\",INDEX('ER C6 FLT2'!$A$4:$J$640,MATCH(DropData!$J47&$C7,'ER C6 FLT2'!$A$4:$A$640&'ER C6 FLT2'!$B$4:$B$640-4,1),5)*IF($O7=\"Class_6\",INDEX('ER C6 FLT2'!$A$4:$J$640,MATCH(DropData!$J47&$C7,'ER C6 FLT2'!$A$4:$A$640&'ER C6 FLT2'!$B$4:$B$640-4,1),7))))),IF($B7=\"1 Truck\",IF(OR($O7=\"Class_8\",$N7=\"Replacement8HHD\",$AI7=\"CL7HHD\"),INDEX('ER C8 FLT1'!$A$4:$J$640,MATCH(DropData!$J47&$C7,'ER C8 FLT1'!$A$4:$A$640&'ER C8 FLT1'!$B$4:$B$640-4,1),5)*IF(OR($O7=\"Class_8\",$N7=\"Replacement8HHD\",$AI7=\"CL7HHD\"),INDEX('ER C8 FLT1'!$A$4:$J$640,MATCH(DropData!$J47&$C7,'ER C8 FLT1'!$A$4:$A$640&'ER C8 FLT1'!$B$4:$B$640-4,1),7)),IF($O7=\"Class_7\",INDEX('ER C7 FLT1'!$A$4:$J$640,MATCH(DropData!$J47&$C7,'ER C7 FLT1'!$A$4:$A$640&'ER C7 FLT1'!$B$4:$B$640-4,1),5)*IF($O7=\"Class_7\",INDEX('ER C7 FLT1'!$A$4:$J$640,MATCH(DropData!$J47&$C7,'ER C7 FLT1'!$A$4:$A$640&'ER C7 FLT1'!$B$4:$B$640-4,1),7)),IF($O7=\"Class_6\",INDEX('ER C6 FLT1'!$A$4:$J$640,MATCH(DropData!$J47&$C7,'ER C6 FLT1'!$A$4:$A$640&'ER C6 FLT1'!$B$4:$B$640-4,1),5)*IF($O7=\"Class_6\",INDEX('ER C6 FLT1'!$A$4:$J$640,MATCH(DropData!$J47&$C7,'ER C6 FLT1'!$A$4:$A$640&'ER C6 FLT1'!$B$4:$B$640-4,1),7)))))))),IF($R7=\"Electric\",OFFSET(INDEX('ER Electric'!$A$6:$E$44,MATCH($C7&$O7,'ER Electric'!$A$6:$A$44&'ER Electric'!$B$6:$B$44,1),4),12,0)))*(($Q7+$AC7)/453.6)","v":0},{"$f":"IF(OR($R7=\"Diesel\",$R7=\"LNG/CNG\",$R7=\"Hybrid\",$R7=\"Electric w/ AB-118\"),IF($B7=\"3+ Trucks\",IF(OR($O7=\"Class_8\",$N7=\"Replacement8HHD\",$AI7=\"CL7HHD\"),INDEX('ER C8 FLT3'!$A$4:$J$640,MATCH(DropData!$J47&$C7,'ER C8 FLT3'!$A$4:$A$640&'ER C8 FLT3'!$B$4:$B$640,1),5)*IF(OR($O7=\"Class_8\",$N7=\"Replacement8HHD\",$AI7=\"CL7HHD\"),INDEX('ER C8 FLT3'!$A$4:$J$640,MATCH(DropData!$J47&$C7,'ER C8 FLT3'!$A$4:$A$640&'ER C8 FLT3'!$B$4:$B$640,1),7)),IF($O7=\"Class_7\",INDEX('ER C7 FLT3'!$A$4:$J$640,MATCH(DropData!$J47&$C7,'ER C7 FLT3'!$A$4:$A$640&'ER C7 FLT3'!$B$4:$B$640,1),5)*IF($O7=\"Class_7\",INDEX('ER C7 FLT3'!$A$4:$J$640,MATCH(DropData!$J47&$C7,'ER C7 FLT3'!$A$4:$A$640&'ER C7 FLT3'!$B$4:$B$640,1),7)),IF($O7=\"Class_6\",INDEX('ER C6 FLT3'!$A$4:$J$640,MATCH(DropData!$J47&$C7,'ER C6 FLT3'!$A$4:$A$640&'ER C6 FLT3'!$B$4:$B$640,1),5)*IF($O7=\"Class_6\",INDEX('ER C6 FLT3'!$A$4:$J$640,MATCH(DropData!$J47&$C7,'ER C6 FLT3'!$A$4:$A$640&'ER C6 FLT3'!$B$4:$B$640,1),7))))),IF($B7=\"2 Trucks\",IF(OR($O7=\"Class_8\",$N7=\"Replacement8HHD\",$AI7=\"CL7HHD\"),INDEX('ER C8 FLT2'!$A$4:$J$640,MATCH(DropData!$J47&$C7,'ER C8 FLT2'!$A$4:$A$640&'ER C8 FLT2'!$B$4:$B$640,1),5)*IF(OR($O7=\"Class_8\",$N7=\"Replacement8HHD\",$AI7=\"CL7HHD\"),INDEX('ER C8 FLT2'!$A$4:$J$640,MATCH(DropData!$J47&$C7,'ER C8 FLT2'!$A$4:$A$640&'ER C8 FLT2'!$B$4:$B$640,1),7)),IF($O7=\"Class_7\",INDEX('ER C7 FLT2'!$A$4:$J$640,MATCH(DropData!$J47&$C7,'ER C7 FLT2'!$A$4:$A$640&'ER C7 FLT2'!$B$4:$B$640,1),5)*IF($O7=\"Class_7\",INDEX('ER C7 FLT2'!$A$4:$J$640,MATCH(DropData!$J47&$C7,'ER C7 FLT2'!$A$4:$A$640&'ER C7 FLT2'!$B$4:$B$640,1),7)),IF($O7=\"Class_6\",INDEX('ER C6 FLT2'!$A$4:$J$640,MATCH(DropData!$J47&$C7,'ER C6 FLT2'!$A$4:$A$640&'ER C6 FLT2'!$B$4:$B$640,1),5)*IF($O7=\"Class_6\",INDEX('ER C6 FLT2'!$A$4:$J$640,MATCH(DropData!$J47&$C7,'ER C6 FLT2'!$A$4:$A$640&'ER C6 FLT2'!$B$4:$B$640,1),7))))),IF($B7=\"1 Truck\",IF(OR($O7=\"Class_8\",$N7=\"Replacement8HHD\",$AI7=\"CL7HHD\"),INDEX('ER C8 FLT1'!$A$4:$J$640,MATCH(DropData!$J47&$C7,'ER C8 FLT1'!$A$4:$A$640&'ER C8 FLT1'!$B$4:$B$640,1),5)*IF(OR($O7=\"Class_8\",$N7=\"Replacement8HHD\",$AI7=\"CL7HHD\"),INDEX('ER C8 FLT1'!$A$4:$J$640,MATCH(DropData!$J47&$C7,'ER C8 FLT1'!$A$4:$A$640&'ER C8 FLT1'!$B$4:$B$640,1),7)),IF($O7=\"Class_7\",INDEX('ER C7 FLT1'!$A$4:$J$640,MATCH(DropData!$J47&$C7,'ER C7 FLT1'!$A$4:$A$640&'ER C7 FLT1'!$B$4:$B$640,1),5)*IF($O7=\"Class_7\",INDEX('ER C7 FLT1'!$A$4:$J$640,MATCH(DropData!$J47&$C7,'ER C7 FLT1'!$A$4:$A$640&'ER C7 FLT1'!$B$4:$B$640,1),7)),IF($O7=\"Class_6\",INDEX('ER C6 FLT1'!$A$4:$J$640,MATCH(DropData!$J47&$C7,'ER C6 FLT1'!$A$4:$A$640&'ER C6 FLT1'!$B$4:$B$640,1),5)*IF($O7=\"Class_6\",INDEX('ER C6 FLT1'!$A$4:$J$640,MATCH(DropData!$J47&$C7,'ER C6 FLT1'!$A$4:$A$640&'ER C6 FLT1'!$B$4:$B$640,1),7)))))))),IF($R7=\"Electric\",INDEX('ER Electric'!$A$6:$E$44,MATCH($C7&$O7,'ER Electric'!$A$6:$A$44&'ER Electric'!$B$6:$B$44,1),4)))","v":false},{"$f":"IF(OR($R7=\"Diesel\",$R7=\"LNG/CNG\",$R7=\"Hybrid\",$R7=\"Electric w/ AB-118\"),IF($B7=\"3+ Trucks\",IF(OR($O7=\"Class_8\",$N7=\"Replacement8HHD\",$AI7=\"CL7HHD\"),INDEX('ER C8 FLT3'!$A$4:$J$640,MATCH(DropData!$J47&$C7,'ER C8 FLT3'!$A$4:$A$640&'ER C8 FLT3'!$B$4:$B$640-1,1),5)*IF(OR($O7=\"Class_8\",$N7=\"Replacement8HHD\",$AI7=\"CL7HHD\"),INDEX('ER C8 FLT3'!$A$4:$J$640,MATCH(DropData!$J47&$C7,'ER C8 FLT3'!$A$4:$A$640&'ER C8 FLT3'!$B$4:$B$640-1,1),7)),IF($O7=\"Class_7\",INDEX('ER C7 FLT3'!$A$4:$J$640,MATCH(DropData!$J47&$C7,'ER C7 FLT3'!$A$4:$A$640&'ER C7 FLT3'!$B$4:$B$640-1,1),5)*IF($O7=\"Class_7\",INDEX('ER C7 FLT3'!$A$4:$J$640,MATCH(DropData!$J47&$C7,'ER C7 FLT3'!$A$4:$A$640&'ER C7 FLT3'!$B$4:$B$640-1,1),7)),IF($O7=\"Class_6\",INDEX('ER C6 FLT3'!$A$4:$J$640,MATCH(DropData!$J47&$C7,'ER C6 FLT3'!$A$4:$A$640&'ER C6 FLT3'!$B$4:$B$640-1,1),5)*IF($O7=\"Class_6\",INDEX('ER C6 FLT3'!$A$4:$J$640,MATCH(DropData!$J47&$C7,'ER C6 FLT3'!$A$4:$A$640&'ER C6 FLT3'!$B$4:$B$640-1,1),7))))),IF($B7=\"2 Trucks\",IF(OR($O7=\"Class_8\",$N7=\"Replacement8HHD\",$AI7=\"CL7HHD\"),INDEX('ER C8 FLT2'!$A$4:$J$640,MATCH(DropData!$J47&$C7,'ER C8 FLT2'!$A$4:$A$640&'ER C8 FLT2'!$B$4:$B$640-1,1),5)*IF(OR($O7=\"Class_8\",$N7=\"Replacement8HHD\",$AI7=\"CL7HHD\"),INDEX('ER C8 FLT2'!$A$4:$J$640,MATCH(DropData!$J47&$C7,'ER C8 FLT2'!$A$4:$A$640&'ER C8 FLT2'!$B$4:$B$640-1,1),7)),IF($O7=\"Class_7\",INDEX('ER C7 FLT2'!$A$4:$J$640,MATCH(DropData!$J47&$C7,'ER C7 FLT2'!$A$4:$A$640&'ER C7 FLT2'!$B$4:$B$640-1,1),5)*IF($O7=\"Class_7\",INDEX('ER C7 FLT2'!$A$4:$J$640,MATCH(DropData!$J47&$C7,'ER C7 FLT2'!$A$4:$A$640&'ER C7 FLT2'!$B$4:$B$640-1,1),7)),IF($O7=\"Class_6\",INDEX('ER C6 FLT2'!$A$4:$J$640,MATCH(DropData!$J47&$C7,'ER C6 FLT2'!$A$4:$A$640&'ER C6 FLT2'!$B$4:$B$640-1,1),5)*IF($O7=\"Class_6\",INDEX('ER C6 FLT2'!$A$4:$J$640,MATCH(DropData!$J47&$C7,'ER C6 FLT2'!$A$4:$A$640&'ER C6 FLT2'!$B$4:$B$640-1,1),7))))),IF($B7=\"1 Truck\",IF(OR($O7=\"Class_8\",$N7=\"Replacement8HHD\",$AI7=\"CL7HHD\"),INDEX('ER C8 FLT1'!$A$4:$J$640,MATCH(DropData!$J47&$C7,'ER C8 FLT1'!$A$4:$A$640&'ER C8 FLT1'!$B$4:$B$640-1,1),5)*IF(OR($O7=\"Class_8\",$N7=\"Replacement8HHD\",$AI7=\"CL7HHD\"),INDEX('ER C8 FLT1'!$A$4:$J$640,MATCH(DropData!$J47&$C7,'ER C8 FLT1'!$A$4:$A$640&'ER C8 FLT1'!$B$4:$B$640-1,1),7)),IF($O7=\"Class_7\",INDEX('ER C7 FLT1'!$A$4:$J$640,MATCH(DropData!$J47&$C7,'ER C7 FLT1'!$A$4:$A$640&'ER C7 FLT1'!$B$4:$B$640-1,1),5)*IF($O7=\"Class_7\",INDEX('ER C7 FLT1'!$A$4:$J$640,MATCH(DropData!$J47&$C7,'ER C7 FLT1'!$A$4:$A$640&'ER C7 FLT1'!$B$4:$B$640-1,1),7)),IF($O7=\"Class_6\",INDEX('ER C6 FLT1'!$A$4:$J$640,MATCH(DropData!$J47&$C7,'ER C6 FLT1'!$A$4:$A$640&'ER C6 FLT1'!$B$4:$B$640-1,1),5)*IF($O7=\"Class_6\",INDEX('ER C6 FLT1'!$A$4:$J$640,MATCH(DropData!$J47&$C7,'ER C6 FLT1'!$A$4:$A$640&'ER C6 FLT1'!$B$4:$B$640-1,1),7)))))))),IF($R7=\"Electric\",OFFSET(INDEX('ER Electric'!$A$6:$E$44,MATCH($C7&$O7,'ER Electric'!$A$6:$A$44&'ER Electric'!$B$6:$B$44,1),4),3,0)))","v":false},{"$f":"IF(OR($R7=\"Diesel\",$R7=\"LNG/CNG\",$R7=\"Hybrid\",$R7=\"Electric w/ AB-118\"),IF($B7=\"3+ Trucks\",IF(OR($O7=\"Class_8\",$N7=\"Replacement8HHD\",$AI7=\"CL7HHD\"),INDEX('ER C8 FLT3'!$A$4:$J$640,MATCH(DropData!$J47&$C7,'ER C8 FLT3'!$A$4:$A$640&'ER C8 FLT3'!$B$4:$B$640-2,1),5)*IF(OR($O7=\"Class_8\",$N7=\"Replacement8HHD\",$AI7=\"CL7HHD\"),INDEX('ER C8 FLT3'!$A$4:$J$640,MATCH(DropData!$J47&$C7,'ER C8 FLT3'!$A$4:$A$640&'ER C8 FLT3'!$B$4:$B$640-2,1),7)),IF($O7=\"Class_7\",INDEX('ER C7 FLT3'!$A$4:$J$640,MATCH(DropData!$J47&$C7,'ER C7 FLT3'!$A$4:$A$640&'ER C7 FLT3'!$B$4:$B$640-2,1),5)*IF($O7=\"Class_7\",INDEX('ER C7 FLT3'!$A$4:$J$640,MATCH(DropData!$J47&$C7,'ER C7 FLT3'!$A$4:$A$640&'ER C7 FLT3'!$B$4:$B$640-2,1),7)),IF($O7=\"Class_6\",INDEX('ER C6 FLT3'!$A$4:$J$640,MATCH(DropData!$J47&$C7,'ER C6 FLT3'!$A$4:$A$640&'ER C6 FLT3'!$B$4:$B$640-2,1),5)*IF($O7=\"Class_6\",INDEX('ER C6 FLT3'!$A$4:$J$640,MATCH(DropData!$J47&$C7,'ER C6 FLT3'!$A$4:$A$640&'ER C6 FLT3'!$B$4:$B$640-2,1),7))))),IF($B7=\"2 Trucks\",IF(OR($O7=\"Class_8\",$N7=\"Replacement8HHD\",$AI7=\"CL7HHD\"),INDEX('ER C8 FLT2'!$A$4:$J$640,MATCH(DropData!$J47&$C7,'ER C8 FLT2'!$A$4:$A$640&'ER C8 FLT2'!$B$4:$B$640-2,1),5)*IF(OR($O7=\"Class_8\",$N7=\"Replacement8HHD\",$AI7=\"CL7HHD\"),INDEX('ER C8 FLT2'!$A$4:$J$640,MATCH(DropData!$J47&$C7,'ER C8 FLT2'!$A$4:$A$640&'ER C8 FLT2'!$B$4:$B$640-2,1),7)),IF($O7=\"Class_7\",INDEX('ER C7 FLT2'!$A$4:$J$640,MATCH(DropData!$J47&$C7,'ER C7 FLT2'!$A$4:$A$640&'ER C7 FLT2'!$B$4:$B$640-2,1),5)*IF($O7=\"Class_7\",INDEX('ER C7 FLT2'!$A$4:$J$640,MATCH(DropData!$J47&$C7,'ER C7 FLT2'!$A$4:$A$640&'ER C7 FLT2'!$B$4:$B$640-2,1),7)),IF($O7=\"Class_6\",INDEX('ER C6 FLT2'!$A$4:$J$640,MATCH(DropData!$J47&$C7,'ER C6 FLT2'!$A$4:$A$640&'ER C6 FLT2'!$B$4:$B$640-2,1),5)*IF($O7=\"Class_6\",INDEX('ER C6 FLT2'!$A$4:$J$640,MATCH(DropData!$J47&$C7,'ER C6 FLT2'!$A$4:$A$640&'ER C6 FLT2'!$B$4:$B$640-2,1),7))))),IF($B7=\"1 Truck\",IF(OR($O7=\"Class_8\",$N7=\"Replacement8HHD\",$AI7=\"CL7HHD\"),INDEX('ER C8 FLT1'!$A$4:$J$640,MATCH(DropData!$J47&$C7,'ER C8 FLT1'!$A$4:$A$640&'ER C8 FLT1'!$B$4:$B$640-2,1),5)*IF(OR($O7=\"Class_8\",$N7=\"Replacement8HHD\",$AI7=\"CL7HHD\"),INDEX('ER C8 FLT1'!$A$4:$J$640,MATCH(DropData!$J47&$C7,'ER C8 FLT1'!$A$4:$A$640&'ER C8 FLT1'!$B$4:$B$640-2,1),7)),IF($O7=\"Class_7\",INDEX('ER C7 FLT1'!$A$4:$J$640,MATCH(DropData!$J47&$C7,'ER C7 FLT1'!$A$4:$A$640&'ER C7 FLT1'!$B$4:$B$640-2,1),5)*IF($O7=\"Class_7\",INDEX('ER C7 FLT1'!$A$4:$J$640,MATCH(DropData!$J47&$C7,'ER C7 FLT1'!$A$4:$A$640&'ER C7 FLT1'!$B$4:$B$640-2,1),7)),IF($O7=\"Class_6\",INDEX('ER C6 FLT1'!$A$4:$J$640,MATCH(DropData!$J47&$C7,'ER C6 FLT1'!$A$4:$A$640&'ER C6 FLT1'!$B$4:$B$640-2,1),5)*IF($O7=\"Class_6\",INDEX('ER C6 FLT1'!$A$4:$J$640,MATCH(DropData!$J47&$C7,'ER C6 FLT1'!$A$4:$A$640&'ER C6 FLT1'!$B$4:$B$640-2,1),7)))))))),IF($R7=\"Electric\",OFFSET(INDEX('ER Electric'!$A$6:$E$44,MATCH($C7&$O7,'ER Electric'!$A$6:$A$44&'ER Electric'!$B$6:$B$44,1),4),6,0)))","v":false},{"$f":"IF(OR($R7=\"Diesel\",$R7=\"LNG/CNG\",$R7=\"Hybrid\",$R7=\"Electric w/ AB-118\"),IF($B7=\"3+ Trucks\",IF(OR($O7=\"Class_8\",$N7=\"Replacement8HHD\",$AI7=\"CL7HHD\"),INDEX('ER C8 FLT3'!$A$4:$J$640,MATCH(DropData!$J47&$C7,'ER C8 FLT3'!$A$4:$A$640&'ER C8 FLT3'!$B$4:$B$640-3,1),5)*IF(OR($O7=\"Class_8\",$N7=\"Replacement8HHD\",$AI7=\"CL7HHD\"),INDEX('ER C8 FLT3'!$A$4:$J$640,MATCH(DropData!$J47&$C7,'ER C8 FLT3'!$A$4:$A$640&'ER C8 FLT3'!$B$4:$B$640-3,1),7)),IF($O7=\"Class_7\",INDEX('ER C7 FLT3'!$A$4:$J$640,MATCH(DropData!$J47&$C7,'ER C7 FLT3'!$A$4:$A$640&'ER C7 FLT3'!$B$4:$B$640-3,1),5)*IF($O7=\"Class_7\",INDEX('ER C7 FLT3'!$A$4:$J$640,MATCH(DropData!$J47&$C7,'ER C7 FLT3'!$A$4:$A$640&'ER C7 FLT3'!$B$4:$B$640-3,1),7)),IF($O7=\"Class_6\",INDEX('ER C6 FLT3'!$A$4:$J$640,MATCH(DropData!$J47&$C7,'ER C6 FLT3'!$A$4:$A$640&'ER C6 FLT3'!$B$4:$B$640-3,1),5)*IF($O7=\"Class_6\",INDEX('ER C6 FLT3'!$A$4:$J$640,MATCH(DropData!$J47&$C7,'ER C6 FLT3'!$A$4:$A$640&'ER C6 FLT3'!$B$4:$B$640-3,1),7))))),IF($B7=\"2 Trucks\",IF(OR($O7=\"Class_8\",$N7=\"Replacement8HHD\",$AI7=\"CL7HHD\"),INDEX('ER C8 FLT2'!$A$4:$J$640,MATCH(DropData!$J47&$C7,'ER C8 FLT2'!$A$4:$A$640&'ER C8 FLT2'!$B$4:$B$640-3,1),5)*IF(OR($O7=\"Class_8\",$N7=\"Replacement8HHD\",$AI7=\"CL7HHD\"),INDEX('ER C8 FLT2'!$A$4:$J$640,MATCH(DropData!$J47&$C7,'ER C8 FLT2'!$A$4:$A$640&'ER C8 FLT2'!$B$4:$B$640-3,1),7)),IF($O7=\"Class_7\",INDEX('ER C7 FLT2'!$A$4:$J$640,MATCH(DropData!$J47&$C7,'ER C7 FLT2'!$A$4:$A$640&'ER C7 FLT2'!$B$4:$B$640-3,1),5)*IF($O7=\"Class_7\",INDEX('ER C7 FLT2'!$A$4:$J$640,MATCH(DropData!$J47&$C7,'ER C7 FLT2'!$A$4:$A$640&'ER C7 FLT2'!$B$4:$B$640-3,1),7)),IF($O7=\"Class_6\",INDEX('ER C6 FLT2'!$A$4:$J$640,MATCH(DropData!$J47&$C7,'ER C6 FLT2'!$A$4:$A$640&'ER C6 FLT2'!$B$4:$B$640-3,1),5)*IF($O7=\"Class_6\",INDEX('ER C6 FLT2'!$A$4:$J$640,MATCH(DropData!$J47&$C7,'ER C6 FLT2'!$A$4:$A$640&'ER C6 FLT2'!$B$4:$B$640-3,1),7))))),IF($B7=\"1 Truck\",IF(OR($O7=\"Class_8\",$N7=\"Replacement8HHD\",$AI7=\"CL7HHD\"),INDEX('ER C8 FLT1'!$A$4:$J$640,MATCH(DropData!$J47&$C7,'ER C8 FLT1'!$A$4:$A$640&'ER C8 FLT1'!$B$4:$B$640-3,1),5)*IF(OR($O7=\"Class_8\",$N7=\"Replacement8HHD\",$AI7=\"CL7HHD\"),INDEX('ER C8 FLT1'!$A$4:$J$640,MATCH(DropData!$J47&$C7,'ER C8 FLT1'!$A$4:$A$640&'ER C8 FLT1'!$B$4:$B$640-3,1),7)),IF($O7=\"Class_7\",INDEX('ER C7 FLT1'!$A$4:$J$640,MATCH(DropData!$J47&$C7,'ER C7 FLT1'!$A$4:$A$640&'ER C7 FLT1'!$B$4:$B$640-3,1),5)*IF($O7=\"Class_7\",INDEX('ER C7 FLT1'!$A$4:$J$640,MATCH(DropData!$J47&$C7,'ER C7 FLT1'!$A$4:$A$640&'ER C7 FLT1'!$B$4:$B$640-3,1),7)),IF($O7=\"Class_6\",INDEX('ER C6 FLT1'!$A$4:$J$640,MATCH(DropData!$J47&$C7,'ER C6 FLT1'!$A$4:$A$640&'ER C6 FLT1'!$B$4:$B$640-3,1),5)*IF($O7=\"Class_6\",INDEX('ER C6 FLT1'!$A$4:$J$640,MATCH(DropData!$J47&$C7,'ER C6 FLT1'!$A$4:$A$640&'ER C6 FLT1'!$B$4:$B$640-3,1),7)))))))),IF($R7=\"Electric\",OFFSET(INDEX('ER Electric'!$A$6:$E$44,MATCH($C7&$O7,'ER Electric'!$A$6:$A$44&'ER Electric'!$B$6:$B$44,1),4),9,0)))","v":false},{"$f":"IF(OR($R7=\"Diesel\",$R7=\"LNG/CNG\",$R7=\"Hybrid\",$R7=\"Electric w/ AB-118\"),IF($B7=\"3+ Trucks\",IF(OR($O7=\"Class_8\",$N7=\"Replacement8HHD\",$AI7=\"CL7HHD\"),INDEX('ER C8 FLT3'!$A$4:$J$640,MATCH(DropData!$J47&$C7,'ER C8 FLT3'!$A$4:$A$640&'ER C8 FLT3'!$B$4:$B$640-4,1),5)*IF(OR($O7=\"Class_8\",$N7=\"Replacement8HHD\",$AI7=\"CL7HHD\"),INDEX('ER C8 FLT3'!$A$4:$J$640,MATCH(DropData!$J47&$C7,'ER C8 FLT3'!$A$4:$A$640&'ER C8 FLT3'!$B$4:$B$640-4,1),7)),IF($O7=\"Class_7\",INDEX('ER C7 FLT3'!$A$4:$J$640,MATCH(DropData!$J47&$C7,'ER C7 FLT3'!$A$4:$A$640&'ER C7 FLT3'!$B$4:$B$640-4,1),5)*IF($O7=\"Class_7\",INDEX('ER C7 FLT3'!$A$4:$J$640,MATCH(DropData!$J47&$C7,'ER C7 FLT3'!$A$4:$A$640&'ER C7 FLT3'!$B$4:$B$640-4,1),7)),IF($O7=\"Class_6\",INDEX('ER C6 FLT3'!$A$4:$J$640,MATCH(DropData!$J47&$C7,'ER C6 FLT3'!$A$4:$A$640&'ER C6 FLT3'!$B$4:$B$640-4,1),5)*IF($O7=\"Class_6\",INDEX('ER C6 FLT3'!$A$4:$J$640,MATCH(DropData!$J47&$C7,'ER C6 FLT3'!$A$4:$A$640&'ER C6 FLT3'!$B$4:$B$640-4,1),7))))),IF($B7=\"2 Trucks\",IF(OR($O7=\"Class_8\",$N7=\"Replacement8HHD\",$AI7=\"CL7HHD\"),INDEX('ER C8 FLT2'!$A$4:$J$640,MATCH(DropData!$J47&$C7,'ER C8 FLT2'!$A$4:$A$640&'ER C8 FLT2'!$B$4:$B$640-4,1),5)*IF(OR($O7=\"Class_8\",$N7=\"Replacement8HHD\",$AI7=\"CL7HHD\"),INDEX('ER C8 FLT2'!$A$4:$J$640,MATCH(DropData!$J47&$C7,'ER C8 FLT2'!$A$4:$A$640&'ER C8 FLT2'!$B$4:$B$640-4,1),7)),IF($O7=\"Class_7\",INDEX('ER C7 FLT2'!$A$4:$J$640,MATCH(DropData!$J47&$C7,'ER C7 FLT2'!$A$4:$A$640&'ER C7 FLT2'!$B$4:$B$640-4,1),5)*IF($O7=\"Class_7\",INDEX('ER C7 FLT2'!$A$4:$J$640,MATCH(DropData!$J47&$C7,'ER C7 FLT2'!$A$4:$A$640&'ER C7 FLT2'!$B$4:$B$640-4,1),7)),IF($O7=\"Class_6\",INDEX('ER C6 FLT2'!$A$4:$J$640,MATCH(DropData!$J47&$C7,'ER C6 FLT2'!$A$4:$A$640&'ER C6 FLT2'!$B$4:$B$640-4,1),5)*IF($O7=\"Class_6\",INDEX('ER C6 FLT2'!$A$4:$J$640,MATCH(DropData!$J47&$C7,'ER C6 FLT2'!$A$4:$A$640&'ER C6 FLT2'!$B$4:$B$640-4,1),7))))),IF($B7=\"1 Truck\",IF(OR($O7=\"Class_8\",$N7=\"Replacement8HHD\",$AI7=\"CL7HHD\"),INDEX('ER C8 FLT1'!$A$4:$J$640,MATCH(DropData!$J47&$C7,'ER C8 FLT1'!$A$4:$A$640&'ER C8 FLT1'!$B$4:$B$640-4,1),5)*IF(OR($O7=\"Class_8\",$N7=\"Replacement8HHD\",$AI7=\"CL7HHD\"),INDEX('ER C8 FLT1'!$A$4:$J$640,MATCH(DropData!$J47&$C7,'ER C8 FLT1'!$A$4:$A$640&'ER C8 FLT1'!$B$4:$B$640-4,1),7)),IF($O7=\"Class_7\",INDEX('ER C7 FLT1'!$A$4:$J$640,MATCH(DropData!$J47&$C7,'ER C7 FLT1'!$A$4:$A$640&'ER C7 FLT1'!$B$4:$B$640-4,1),5)*IF($O7=\"Class_7\",INDEX('ER C7 FLT1'!$A$4:$J$640,MATCH(DropData!$J47&$C7,'ER C7 FLT1'!$A$4:$A$640&'ER C7 FLT1'!$B$4:$B$640-4,1),7)),IF($O7=\"Class_6\",INDEX('ER C6 FLT1'!$A$4:$J$640,MATCH(DropData!$J47&$C7,'ER C6 FLT1'!$A$4:$A$640&'ER C6 FLT1'!$B$4:$B$640-4,1),5)*IF($O7=\"Class_6\",INDEX('ER C6 FLT1'!$A$4:$J$640,MATCH(DropData!$J47&$C7,'ER C6 FLT1'!$A$4:$A$640&'ER C6 FLT1'!$B$4:$B$640-4,1),7)))))))),IF($R7=\"Electric\",OFFSET(INDEX('ER Electric'!$A$6:$E$44,MATCH($C7&$O7,'ER Electric'!$A$6:$A$44&'ER Electric'!$B$6:$B$44,1),4),12,0)))","v":false},{"$f":"IF($C7<2015,1,2)","v":1},{"$f":"MAX(0,(BY7-CI7)/CS7)","v":0},{"$f":"IF($C7<2015,1,2)","v":1},{"$f":"IFERROR(MAX(0,IF($B7=\"3+ Trucks\",IF($Z7=\"Class_8\",INDEX('ER C8 FLT3'!$A$4:$J$640,MATCH($W7&$C7,'ER C8 FLT3'!$A$4:$A$640&'ER C8 FLT3'!$B$4:$B$640,1),5)*IF($Z7=\"Class_8\",INDEX('ER C8 FLT3'!$A$4:$J$640,MATCH($W7&$C7,'ER C8 FLT3'!$A$4:$A$640&'ER C8 FLT3'!$B$4:$B$640,1),7)),IF($Z7=\"Class_7\",INDEX('ER C7 FLT3'!$A$4:$J$640,MATCH($W7&$C7,'ER C7 FLT3'!$A$4:$A$640&'ER C7 FLT3'!$B$4:$B$640,1),5)*IF($Z7=\"Class_7\",INDEX('ER C7 FLT3'!$A$4:$J$640,MATCH($W7&$C7,'ER C7 FLT3'!$A$4:$A$640&'ER C7 FLT3'!$B$4:$B$640,1),7)),\nIF($Z7=\"Class_6\",INDEX('ER C6 FLT3'!$A$4:$J$640,MATCH($W7&$C7,'ER C6 FLT3'!$A$4:$A$640&'ER C6 FLT3'!$B$4:$B$640,1),5)*IF($Z7=\"Class_6\",INDEX('ER C6 FLT3'!$A$4:$L$640,MATCH($W7&$C7,'ER C6 FLT3'!$A$4:$A$640&'ER C6 FLT3'!$B$4:$B$640,1),7))))),IF($B7=\"2 Trucks\",IF($Z7=\"Class_8\",INDEX('ER C8 FLT2'!$A$4:$J$640,MATCH($W7&$C7,'ER C8 FLT2'!$A$4:$A$640&'ER C8 FLT2'!$B$4:$B$640,1),5)*IF($Z7=\"Class_8\",INDEX('ER C8 FLT2'!$A$4:$J$640,MATCH($W7&$C7,'ER C8 FLT2'!$A$4:$A$640&'ER C8 FLT2'!$B$4:$B$640,1),7)),IF($Z7=\"Class_7\",INDEX('ER C7 FLT2'!$A$4:$J$640,MATCH($W7&$C7,'ER C7 FLT2'!$A$4:$A$640&'ER C7 FLT2'!$B$4:$B$640,1),5)*IF($Z7=\"Class_7\",INDEX('ER C7 FLT2'!$A$4:$J$640,MATCH($W7&$C7,'ER C7 FLT2'!$A$4:$A$640&'ER C7 FLT2'!$B$4:$B$640,1),7)),IF($Z7=\"Class_6\",INDEX('ER C6 FLT2'!$A$4:$J$640,MATCH($W7&$C7,'ER C6 FLT2'!$A$4:$A$640&'ER C6 FLT2'!$B$4:$B$640,1),5)*IF($Z7=\"Class_6\",INDEX('ER C6 FLT2'!$A$4:$J$640,MATCH($W7&$C7,'ER C6 FLT2'!$A$4:$A$640&'ER C6 FLT2'!$B$4:$B$640,1),7))))),IF($B7=\"1 Truck\",\nIF($Z7=\"Class_8\",INDEX('ER C8 FLT1'!$A$4:$J$640,MATCH($W7&$C7,'ER C8 FLT1'!$A$4:$A$640&'ER C8 FLT1'!$B$4:$B$640,1),5)*IF($Z7=\"Class_8\",INDEX('ER C8 FLT1'!$A$4:$J$640,MATCH($W7&$C7,'ER C8 FLT1'!$A$4:$A$640&'ER C8 FLT1'!$B$4:$B$640,1),7)),IF($Z7=\"Class_7\",INDEX('ER C7 FLT1'!$A$4:$J$640,MATCH($W7&$C7,'ER C7 FLT1'!$A$4:$A$640&'ER C7 FLT1'!$B$4:$B$640,1),5)*IF($Z7=\"Class_7\",INDEX('ER C7 FLT1'!$A$4:$J$640,MATCH($W7&$C7,'ER C7 FLT1'!$A$4:$A$640&'ER C7 FLT1'!$B$4:$B$640,1),7)),IF($Z7=\"Class_6\",INDEX('ER C6 FLT1'!$A$4:$J$640,MATCH($W7&$C7,'ER C6 FLT1'!$A$4:$A$640&'ER C6 FLT1'!$B$4:$B$640,1),5)*IF($Z7=\"Class_6\",INDEX('ER C6 FLT1'!$A$4:$J$640,MATCH($W7&$C7,'ER C6 FLT1'!$A$4:$A$640&'ER C6 FLT1'!$B$4:$B$640,1),7)))))))))*IF($X7=\"Level 3 PM + Mark I NOx\",0.75,1)*($AC7/453.6)-IF(CT7=0,CI7,0),\"0.00\")","v":0},{"$f":"IFERROR(MAX(0,CV7/CU7),\"0.00\")","v":0},{"$f":"IFERROR((CT7+CW7),\"0.00\")","v":0},{"$f":"MAX(0,BZ7-CJ7)","v":0},{"$f":"IF($B7=\"3+ Trucks\",IF($Z7=\"Class_8\",INDEX('ER C8 FLT3'!$A$4:$J$640,MATCH($W7&$C7,'ER C8 FLT3'!$A$4:$A$640&'ER C8 FLT3'!$B$4:$B$640-1,1),5)*IF($Z7=\"Class_8\",INDEX('ER C8 FLT3'!$A$4:$J$640,MATCH($W7&$C7,'ER C8 FLT3'!$A$4:$A$640&'ER C8 FLT3'!$B$4:$B$640-1,1),7)),IF($Z7=\"Class_7\",INDEX('ER C7 FLT3'!$A$4:$J$640,MATCH($W7&$C7,'ER C7 FLT3'!$A$4:$A$640&'ER C7 FLT3'!$B$4:$B$640-1,1),5)*IF($Z7=\"Class_7\",INDEX('ER C7 FLT3'!$A$4:$J$640,MATCH($W7&$C7,'ER C7 FLT3'!$A$4:$A$640&'ER C7 FLT3'!$B$4:$B$640-1,1),7)),\nIF($Z7=\"Class_6\",INDEX('ER C6 FLT3'!$A$4:$J$640,MATCH($W7&$C7,'ER C6 FLT3'!$A$4:$A$640&'ER C6 FLT3'!$B$4:$B$640-1,1),5)*IF($Z7=\"Class_6\",INDEX('ER C6 FLT3'!$A$4:$L$640,MATCH($W7&$C7,'ER C6 FLT3'!$A$4:$A$640&'ER C6 FLT3'!$B$4:$B$640-1,1),7))))),IF($B7=\"2 Trucks\",IF($Z7=\"Class_8\",INDEX('ER C8 FLT2'!$A$4:$J$640,MATCH($W7&$C7,'ER C8 FLT2'!$A$4:$A$640&'ER C8 FLT2'!$B$4:$B$640-1,1),5)*IF($Z7=\"Class_8\",INDEX('ER C8 FLT2'!$A$4:$J$640,MATCH($W7&$C7,'ER C8 FLT2'!$A$4:$A$640&'ER C8 FLT2'!$B$4:$B$640-1,1),7)),IF($Z7=\"Class_7\",INDEX('ER C7 FLT2'!$A$4:$J$640,MATCH($W7&$C7,'ER C7 FLT2'!$A$4:$A$640&'ER C7 FLT2'!$B$4:$B$640-1,1),5)*IF($Z7=\"Class_7\",INDEX('ER C7 FLT2'!$A$4:$J$640,MATCH($W7&$C7,'ER C7 FLT2'!$A$4:$A$640&'ER C7 FLT2'!$B$4:$B$640-1,1),7)),IF($Z7=\"Class_6\",INDEX('ER C6 FLT2'!$A$4:$J$640,MATCH($W7&$C7,'ER C6 FLT2'!$A$4:$A$640&'ER C6 FLT2'!$B$4:$B$640-1,1),5)*IF($Z7=\"Class_6\",INDEX('ER C6 FLT2'!$A$4:$J$640,MATCH($W7&$C7,'ER C6 FLT2'!$A$4:$A$640&'ER C6 FLT2'!$B$4:$B$640-1,1),7))))),IF($B7=\"1 Truck\",\nIF($Z7=\"Class_8\",INDEX('ER C8 FLT1'!$A$4:$J$640,MATCH($W7&$C7,'ER C8 FLT1'!$A$4:$A$640&'ER C8 FLT1'!$B$4:$B$640-1,1),5)*IF($Z7=\"Class_8\",INDEX('ER C8 FLT1'!$A$4:$J$640,MATCH($W7&$C7,'ER C8 FLT1'!$A$4:$A$640&'ER C8 FLT1'!$B$4:$B$640-1,1),7)),IF($Z7=\"Class_7\",INDEX('ER C7 FLT1'!$A$4:$J$640,MATCH($W7&$C7,'ER C7 FLT1'!$A$4:$A$640&'ER C7 FLT1'!$B$4:$B$640-1,1),5)*IF($Z7=\"Class_7\",INDEX('ER C7 FLT1'!$A$4:$J$640,MATCH($W7&$C7,'ER C7 FLT1'!$A$4:$A$640&'ER C7 FLT1'!$B$4:$B$640-1,1),7)),\nIF($Z7=\"Class_6\",INDEX('ER C6 FLT1'!$A$4:$J$640,MATCH($W7&$C7,'ER C6 FLT1'!$A$4:$A$640&'ER C6 FLT1'!$B$4:$B$640-1,1),5)*IF($Z7=\"Class_6\",INDEX('ER C6 FLT1'!$A$4:$J$640,MATCH($W7&$C7,'ER C6 FLT1'!$A$4:$A$640&'ER C6 FLT1'!$B$4:$B$640-1,1),7))))))))*IF($X7=\"Level 3 PM + Mark I NOx\",0.75,1)*($AC7/453.6)-IF(CY7=0,CJ7,0)","v":0},{"$f":"MAX(0,CY7+CZ7)","v":0},{"$f":"MAX(0,CA7-CK7)","v":0},{"$f":"IF($B7=\"3+ Trucks\",IF($Z7=\"Class_8\",INDEX('ER C8 FLT3'!$A$4:$J$640,MATCH($W7&$C7,'ER C8 FLT3'!$A$4:$A$640&'ER C8 FLT3'!$B$4:$B$640-2,1),5)*IF($Z7=\"Class_8\",INDEX('ER C8 FLT3'!$A$4:$J$640,MATCH($W7&$C7,'ER C8 FLT3'!$A$4:$A$640&'ER C8 FLT3'!$B$4:$B$640-2,1),7)),IF($Z7=\"Class_7\",INDEX('ER C7 FLT3'!$A$4:$J$640,MATCH($W7&$C7,'ER C7 FLT3'!$A$4:$A$640&'ER C7 FLT3'!$B$4:$B$640-2,1),5)*IF($Z7=\"Class_7\",INDEX('ER C7 FLT3'!$A$4:$J$640,MATCH($W7&$C7,'ER C7 FLT3'!$A$4:$A$640&'ER C7 FLT3'!$B$4:$B$640-2,1),7)),\nIF($Z7=\"Class_6\",INDEX('ER C6 FLT3'!$A$4:$J$640,MATCH($W7&$C7,'ER C6 FLT3'!$A$4:$A$640&'ER C6 FLT3'!$B$4:$B$640-2,1),5)*IF($Z7=\"Class_6\",INDEX('ER C6 FLT3'!$A$4:$L$640,MATCH($W7&$C7,'ER C6 FLT3'!$A$4:$A$640&'ER C6 FLT3'!$B$4:$B$640-2,1),7))))),IF($B7=\"2 Trucks\",IF($Z7=\"Class_8\",INDEX('ER C8 FLT2'!$A$4:$J$640,MATCH($W7&$C7,'ER C8 FLT2'!$A$4:$A$640&'ER C8 FLT2'!$B$4:$B$640-2,1),5)*IF($Z7=\"Class_8\",INDEX('ER C8 FLT2'!$A$4:$J$640,MATCH($W7&$C7,'ER C8 FLT2'!$A$4:$A$640&'ER C8 FLT2'!$B$4:$B$640-2,1),7)),IF($Z7=\"Class_7\",INDEX('ER C7 FLT2'!$A$4:$J$640,MATCH($W7&$C7,'ER C7 FLT2'!$A$4:$A$640&'ER C7 FLT2'!$B$4:$B$640-2,1),5)*IF($Z7=\"Class_7\",INDEX('ER C7 FLT2'!$A$4:$J$640,MATCH($W7&$C7,'ER C7 FLT2'!$A$4:$A$640&'ER C7 FLT2'!$B$4:$B$640-2,1),7)),IF($Z7=\"Class_6\",INDEX('ER C6 FLT2'!$A$4:$J$640,MATCH($W7&$C7,'ER C6 FLT2'!$A$4:$A$640&'ER C6 FLT2'!$B$4:$B$640-2,1),5)*IF($Z7=\"Class_6\",INDEX('ER C6 FLT2'!$A$4:$J$640,MATCH($W7&$C7,'ER C6 FLT2'!$A$4:$A$640&'ER C6 FLT2'!$B$4:$B$640-2,1),7))))),IF($B7=\"1 Truck\",\nIF($Z7=\"Class_8\",INDEX('ER C8 FLT1'!$A$4:$J$640,MATCH($W7&$C7,'ER C8 FLT1'!$A$4:$A$640&'ER C8 FLT1'!$B$4:$B$640-2,1),5)*IF($Z7=\"Class_8\",INDEX('ER C8 FLT1'!$A$4:$J$640,MATCH($W7&$C7,'ER C8 FLT1'!$A$4:$A$640&'ER C8 FLT1'!$B$4:$B$640-2,1),7)),IF($Z7=\"Class_7\",INDEX('ER C7 FLT1'!$A$4:$J$640,MATCH($W7&$C7,'ER C7 FLT1'!$A$4:$A$640&'ER C7 FLT1'!$B$4:$B$640-2,1),5)*IF($Z7=\"Class_7\",INDEX('ER C7 FLT1'!$A$4:$J$640,MATCH($W7&$C7,'ER C7 FLT1'!$A$4:$A$640&'ER C7 FLT1'!$B$4:$B$640-2,1),7)),\nIF($Z7=\"Class_6\",INDEX('ER C6 FLT1'!$A$4:$J$640,MATCH($W7&$C7,'ER C6 FLT1'!$A$4:$A$640&'ER C6 FLT1'!$B$4:$B$640-2,1),5)*IF($Z7=\"Class_6\",INDEX('ER C6 FLT1'!$A$4:$J$640,MATCH($W7&$C7,'ER C6 FLT1'!$A$4:$A$640&'ER C6 FLT1'!$B$4:$B$640-2,1),7))))))))*IF($X7=\"Level 3 PM + Mark I NOx\",0.75,1)*($AC7/453.6)-IF(DB7=0,CK7,0)","v":0},{"$f":"MAX(0,DB7+DC7)","v":0},{"$f":"MAX(0,CB7-CL7)","v":0},{"$f":"IF($B7=\"3+ Trucks\",IF($Z7=\"Class_8\",INDEX('ER C8 FLT3'!$A$4:$J$640,MATCH($W7&$C7,'ER C8 FLT3'!$A$4:$A$640&'ER C8 FLT3'!$B$4:$B$640-3,1),5)*IF($Z7=\"Class_8\",INDEX('ER C8 FLT3'!$A$4:$J$640,MATCH($W7&$C7,'ER C8 FLT3'!$A$4:$A$640&'ER C8 FLT3'!$B$4:$B$640-3,1),7)),IF($Z7=\"Class_7\",INDEX('ER C7 FLT3'!$A$4:$J$640,MATCH($W7&$C7,'ER C7 FLT3'!$A$4:$A$640&'ER C7 FLT3'!$B$4:$B$640-3,1),5)*IF($Z7=\"Class_7\",INDEX('ER C7 FLT3'!$A$4:$J$640,MATCH($W7&$C7,'ER C7 FLT3'!$A$4:$A$640&'ER C7 FLT3'!$B$4:$B$640-3,1),7)),\nIF($Z7=\"Class_6\",INDEX('ER C6 FLT3'!$A$4:$J$640,MATCH($W7&$C7,'ER C6 FLT3'!$A$4:$A$640&'ER C6 FLT3'!$B$4:$B$640-3,1),5)*IF($Z7=\"Class_6\",INDEX('ER C6 FLT3'!$A$4:$L$640,MATCH($W7&$C7,'ER C6 FLT3'!$A$4:$A$640&'ER C6 FLT3'!$B$4:$B$640-3,1),7))))),IF($B7=\"2 Trucks\",IF($Z7=\"Class_8\",INDEX('ER C8 FLT2'!$A$4:$J$640,MATCH($W7&$C7,'ER C8 FLT2'!$A$4:$A$640&'ER C8 FLT2'!$B$4:$B$640-3,1),5)*IF($Z7=\"Class_8\",INDEX('ER C8 FLT2'!$A$4:$J$640,MATCH($W7&$C7,'ER C8 FLT2'!$A$4:$A$640&'ER C8 FLT2'!$B$4:$B$640-3,1),7)),IF($Z7=\"Class_7\",INDEX('ER C7 FLT2'!$A$4:$J$640,MATCH($W7&$C7,'ER C7 FLT2'!$A$4:$A$640&'ER C7 FLT2'!$B$4:$B$640-3,1),5)*IF($Z7=\"Class_7\",INDEX('ER C7 FLT2'!$A$4:$J$640,MATCH($W7&$C7,'ER C7 FLT2'!$A$4:$A$640&'ER C7 FLT2'!$B$4:$B$640-3,1),7)),IF($Z7=\"Class_6\",INDEX('ER C6 FLT2'!$A$4:$J$640,MATCH($W7&$C7,'ER C6 FLT2'!$A$4:$A$640&'ER C6 FLT2'!$B$4:$B$640-3,1),5)*IF($Z7=\"Class_6\",INDEX('ER C6 FLT2'!$A$4:$J$640,MATCH($W7&$C7,'ER C6 FLT2'!$A$4:$A$640&'ER C6 FLT2'!$B$4:$B$640-3,1),7))))),IF($B7=\"1 Truck\",\nIF($Z7=\"Class_8\",INDEX('ER C8 FLT1'!$A$4:$J$640,MATCH($W7&$C7,'ER C8 FLT1'!$A$4:$A$640&'ER C8 FLT1'!$B$4:$B$640-3,1),5)*IF($Z7=\"Class_8\",INDEX('ER C8 FLT1'!$A$4:$J$640,MATCH($W7&$C7,'ER C8 FLT1'!$A$4:$A$640&'ER C8 FLT1'!$B$4:$B$640-3,1),7)),IF($Z7=\"Class_7\",INDEX('ER C7 FLT1'!$A$4:$J$640,MATCH($W7&$C7,'ER C7 FLT1'!$A$4:$A$640&'ER C7 FLT1'!$B$4:$B$640-3,1),5)*IF($Z7=\"Class_7\",INDEX('ER C7 FLT1'!$A$4:$J$640,MATCH($W7&$C7,'ER C7 FLT1'!$A$4:$A$640&'ER C7 FLT1'!$B$4:$B$640-3,1),7)),\nIF($Z7=\"Class_6\",INDEX('ER C6 FLT1'!$A$4:$J$640,MATCH($W7&$C7,'ER C6 FLT1'!$A$4:$A$640&'ER C6 FLT1'!$B$4:$B$640-3,1),5)*IF($Z7=\"Class_6\",INDEX('ER C6 FLT1'!$A$4:$J$640,MATCH($W7&$C7,'ER C6 FLT1'!$A$4:$A$640&'ER C6 FLT1'!$B$4:$B$640-3,1),7))))))))*IF($X7=\"Level 3 PM + Mark I NOx\",0.75,1)*($AC7/453.6)-IF(DE7=0,CL7,0)","v":0},{"$f":"MAX(0,DE7+DF7)","v":0},{"$f":"MAX(0,CC7-CM7)","v":0},{"$f":"IF($B7=\"3+ Trucks\",IF($Z7=\"Class_8\",INDEX('ER C8 FLT3'!$A$4:$J$640,MATCH($W7&$C7,'ER C8 FLT3'!$A$4:$A$640&'ER C8 FLT3'!$B$4:$B$640-4,1),5)*IF($Z7=\"Class_8\",INDEX('ER C8 FLT3'!$A$4:$J$640,MATCH($W7&$C7,'ER C8 FLT3'!$A$4:$A$640&'ER C8 FLT3'!$B$4:$B$640-4,1),7)),IF($Z7=\"Class_7\",INDEX('ER C7 FLT3'!$A$4:$J$640,MATCH($W7&$C7,'ER C7 FLT3'!$A$4:$A$640&'ER C7 FLT3'!$B$4:$B$640-4,1),5)*IF($Z7=\"Class_7\",INDEX('ER C7 FLT3'!$A$4:$J$640,MATCH($W7&$C7,'ER C7 FLT3'!$A$4:$A$640&'ER C7 FLT3'!$B$4:$B$640-4,1),7)),\nIF($Z7=\"Class_6\",INDEX('ER C6 FLT3'!$A$4:$J$640,MATCH($W7&$C7,'ER C6 FLT3'!$A$4:$A$640&'ER C6 FLT3'!$B$4:$B$640-4,1),5)*IF($Z7=\"Class_6\",INDEX('ER C6 FLT3'!$A$4:$L$640,MATCH($W7&$C7,'ER C6 FLT3'!$A$4:$A$640&'ER C6 FLT3'!$B$4:$B$640-4,1),7))))),IF($B7=\"2 Trucks\",IF($Z7=\"Class_8\",INDEX('ER C8 FLT2'!$A$4:$J$640,MATCH($W7&$C7,'ER C8 FLT2'!$A$4:$A$640&'ER C8 FLT2'!$B$4:$B$640-4,1),5)*IF($Z7=\"Class_8\",INDEX('ER C8 FLT2'!$A$4:$J$640,MATCH($W7&$C7,'ER C8 FLT2'!$A$4:$A$640&'ER C8 FLT2'!$B$4:$B$640-4,1),7)),IF($Z7=\"Class_7\",INDEX('ER C7 FLT2'!$A$4:$J$640,MATCH($W7&$C7,'ER C7 FLT2'!$A$4:$A$640&'ER C7 FLT2'!$B$4:$B$640-4,1),5)*IF($Z7=\"Class_7\",INDEX('ER C7 FLT2'!$A$4:$J$640,MATCH($W7&$C7,'ER C7 FLT2'!$A$4:$A$640&'ER C7 FLT2'!$B$4:$B$640-4,1),7)),IF($Z7=\"Class_6\",INDEX('ER C6 FLT2'!$A$4:$J$640,MATCH($W7&$C7,'ER C6 FLT2'!$A$4:$A$640&'ER C6 FLT2'!$B$4:$B$640-4,1),5)*IF($Z7=\"Class_6\",INDEX('ER C6 FLT2'!$A$4:$J$640,MATCH($W7&$C7,'ER C6 FLT2'!$A$4:$A$640&'ER C6 FLT2'!$B$4:$B$640-4,1),7))))),IF($B7=\"1 Truck\",\nIF($Z7=\"Class_8\",INDEX('ER C8 FLT1'!$A$4:$J$640,MATCH($W7&$C7,'ER C8 FLT1'!$A$4:$A$640&'ER C8 FLT1'!$B$4:$B$640-4,1),5)*IF($Z7=\"Class_8\",INDEX('ER C8 FLT1'!$A$4:$J$640,MATCH($W7&$C7,'ER C8 FLT1'!$A$4:$A$640&'ER C8 FLT1'!$B$4:$B$640-4,1),7)),IF($Z7=\"Class_7\",INDEX('ER C7 FLT1'!$A$4:$J$640,MATCH($W7&$C7,'ER C7 FLT1'!$A$4:$A$640&'ER C7 FLT1'!$B$4:$B$640-4,1),5)*IF($Z7=\"Class_7\",INDEX('ER C7 FLT1'!$A$4:$J$640,MATCH($W7&$C7,'ER C7 FLT1'!$A$4:$A$640&'ER C7 FLT1'!$B$4:$B$640-4,1),7)),\nIF($Z7=\"Class_6\",INDEX('ER C6 FLT1'!$A$4:$J$640,MATCH($W7&$C7,'ER C6 FLT1'!$A$4:$A$640&'ER C6 FLT1'!$B$4:$B$640-4,1),5)*IF($Z7=\"Class_6\",INDEX('ER C6 FLT1'!$A$4:$J$640,MATCH($W7&$C7,'ER C6 FLT1'!$A$4:$A$640&'ER C6 FLT1'!$B$4:$B$640-4,1),7))))))))*IF($X7=\"Level 3 PM + Mark I NOx\",0.75,1)*($AC7/453.6)-IF(DH7=0,CM7,0)","v":0},{"$f":"MAX(0,DH7+DI7)","v":0},{"$f":"MAX(0,CX7+DA7+DD7+DG7+DJ7)","v":0},{"$f":"IF($B7=\"3+ Trucks\",IF(OR($H7=\"Class_8\",$N7=\"Replacement8HHD\",$AH7=\"CL7HHD\",$AJ7=\"CL7to8\"),INDEX('ER C8 FLT3'!$A$4:$J$640,MATCH($E7&$C7,'ER C8 FLT3'!$A$4:$A$640&'ER C8 FLT3'!$B$4:$B$640,1),10),IF($H7=\"Class_7\",INDEX('ER C7 FLT3'!$A$4:$J$640,MATCH($E7&$C7,'ER C7 FLT3'!$A$4:$A$640&'ER C7 FLT3'!$B$4:$B$640,1),10),IF($H7=\"Class_6\",INDEX('ER C6 FLT3'!$A$4:$J$640,MATCH($E7&$C7,'ER C6 FLT3'!$A$4:$A$640&'ER C6 FLT3'!$B$4:$B$640,1),10)))),IF($B7=\"2 Trucks\",IF(OR($H7=\"Class_8\",$N7=\"Replacement8HHD\",$AH7=\"CL7HHD\",$AJ7=\"CL7to8\"),INDEX('ER C8 FLT2'!$A$4:$J$640,MATCH($E7&$C7,'ER C8 FLT2'!$A$4:$A$640&'ER C8 FLT2'!$B$4:$B$640,1),10),IF($H7=\"Class_7\",INDEX('ER C7 FLT2'!$A$4:$J$640,MATCH($E7&$C7,'ER C7 FLT2'!$A$4:$A$640&'ER C7 FLT2'!$B$4:$B$640,1),10),IF($H7=\"Class_6\",INDEX('ER C6 FLT2'!$A$4:$J$640,MATCH($E7&$C7,'ER C6 FLT2'!$A$4:$A$640&'ER C6 FLT2'!$B$4:$B$640,1),10)))),IF($B7=\"1 Truck\",\nIF(OR($H7=\"Class_8\",$N7=\"Replacement8HHD\",$AH7=\"CL7HHD\",$AJ7=\"CL7to8\"),INDEX('ER C8 FLT1'!$A$4:$J$640,MATCH($E7&$C7,'ER C8 FLT1'!$A$4:$A$640&'ER C8 FLT1'!$B$4:$B$640,1),10),IF($H7=\"Class_7\",INDEX('ER C7 FLT1'!$A$4:$J$640,MATCH($E7&$C7,'ER C7 FLT1'!$A$4:$A$640&'ER C7 FLT1'!$B$4:$B$640,1),10),\nIF($H7=\"Class_6\",INDEX('ER C6 FLT1'!$A$4:$J$640,MATCH($E7&$C7,'ER C6 FLT1'!$A$4:$A$640&'ER C6 FLT1'!$B$4:$B$640,1),10)))))))*($Q7/453.6)","v":0},{"$f":"IF($B7=\"3+ Trucks\",IF(OR($H7=\"Class_8\",$N7=\"Replacement8HHD\",$AH7=\"CL7HHD\",$AJ7=\"CL7to8\"),INDEX('ER C8 FLT3'!$A$4:$J$640,MATCH($E7&$C7,'ER C8 FLT3'!$A$4:$A$640&'ER C8 FLT3'!$B$4:$B$640-1,1),10),IF($H7=\"Class_7\",INDEX('ER C7 FLT3'!$A$4:$J$640,MATCH($E7&$C7,'ER C7 FLT3'!$A$4:$A$640&'ER C7 FLT3'!$B$4:$B$640-1,1),10),IF($H7=\"Class_6\",INDEX('ER C6 FLT3'!$A$4:$J$640,MATCH($E7&$C7,'ER C6 FLT3'!$A$4:$A$640&'ER C6 FLT3'!$B$4:$B$640-1,1),10)))),IF($B7=\"2 Trucks\",IF(OR($H7=\"Class_8\",$N7=\"Replacement8HHD\",$AH7=\"CL7HHD\",$AJ7=\"CL7to8\"),INDEX('ER C8 FLT2'!$A$4:$J$640,MATCH($E7&$C7,'ER C8 FLT2'!$A$4:$A$640&'ER C8 FLT2'!$B$4:$B$640-1,1),10),IF($H7=\"Class_7\",INDEX('ER C7 FLT2'!$A$4:$J$640,MATCH($E7&$C7,'ER C7 FLT2'!$A$4:$A$640&'ER C7 FLT2'!$B$4:$B$640-1,1),10),IF($H7=\"Class_6\",INDEX('ER C6 FLT2'!$A$4:$J$640,MATCH($E7&$C7,'ER C6 FLT2'!$A$4:$A$640&'ER C6 FLT2'!$B$4:$B$640-1,1),10)))),IF($B7=\"1 Truck\",\nIF(OR($H7=\"Class_8\",$N7=\"Replacement8HHD\",$AH7=\"CL7HHD\",$AJ7=\"CL7to8\"),INDEX('ER C8 FLT1'!$A$4:$J$640,MATCH($E7&$C7,'ER C8 FLT1'!$A$4:$A$640&'ER C8 FLT1'!$B$4:$B$640-1,1),10),IF($H7=\"Class_7\",INDEX('ER C7 FLT1'!$A$4:$J$640,MATCH($E7&$C7,'ER C7 FLT1'!$A$4:$A$640&'ER C7 FLT1'!$B$4:$B$640-1,1),10),\nIF($H7=\"Class_6\",INDEX('ER C6 FLT1'!$A$4:$J$640,MATCH($E7&$C7,'ER C6 FLT1'!$A$4:$A$640&'ER C6 FLT1'!$B$4:$B$640-1,1),10)))))))*($Q7/453.6)","v":0},{"$f":"IF($B7=\"3+ Trucks\",IF(OR($H7=\"Class_8\",$N7=\"Replacement8HHD\",$AH7=\"CL7HHD\",$AJ7=\"CL7to8\"),INDEX('ER C8 FLT3'!$A$4:$J$640,MATCH($E7&$C7,'ER C8 FLT3'!$A$4:$A$640&'ER C8 FLT3'!$B$4:$B$640-2,1),10),IF($H7=\"Class_7\",INDEX('ER C7 FLT3'!$A$4:$J$640,MATCH($E7&$C7,'ER C7 FLT3'!$A$4:$A$640&'ER C7 FLT3'!$B$4:$B$640-2,1),10),IF($H7=\"Class_6\",INDEX('ER C6 FLT3'!$A$4:$J$640,MATCH($E7&$C7,'ER C6 FLT3'!$A$4:$A$640&'ER C6 FLT3'!$B$4:$B$640-2,1),10)))),IF($B7=\"2 Trucks\",IF(OR($H7=\"Class_8\",$N7=\"Replacement8HHD\",$AH7=\"CL7HHD\",$AJ7=\"CL7to8\"),INDEX('ER C8 FLT2'!$A$4:$J$640,MATCH($E7&$C7,'ER C8 FLT2'!$A$4:$A$640&'ER C8 FLT2'!$B$4:$B$640-2,1),10),IF($H7=\"Class_7\",INDEX('ER C7 FLT2'!$A$4:$J$640,MATCH($E7&$C7,'ER C7 FLT2'!$A$4:$A$640&'ER C7 FLT2'!$B$4:$B$640-2,1),10),IF($H7=\"Class_6\",INDEX('ER C6 FLT2'!$A$4:$J$640,MATCH($E7&$C7,'ER C6 FLT2'!$A$4:$A$640&'ER C6 FLT2'!$B$4:$B$640-2,1),10)))),IF($B7=\"1 Truck\",\nIF(OR($H7=\"Class_8\",$N7=\"Replacement8HHD\",$AH7=\"CL7HHD\",$AJ7=\"CL7to8\"),INDEX('ER C8 FLT1'!$A$4:$J$640,MATCH($E7&$C7,'ER C8 FLT1'!$A$4:$A$640&'ER C8 FLT1'!$B$4:$B$640-2,1),10),IF($H7=\"Class_7\",INDEX('ER C7 FLT1'!$A$4:$J$640,MATCH($E7&$C7,'ER C7 FLT1'!$A$4:$A$640&'ER C7 FLT1'!$B$4:$B$640-2,1),10),\nIF($H7=\"Class_6\",INDEX('ER C6 FLT1'!$A$4:$J$640,MATCH($E7&$C7,'ER C6 FLT1'!$A$4:$A$640&'ER C6 FLT1'!$B$4:$B$640-2,1),10)))))))*($Q7/453.6)","v":0},{"$f":"IF($B7=\"3+ Trucks\",IF(OR($H7=\"Class_8\",$N7=\"Replacement8HHD\",$AH7=\"CL7HHD\",$AJ7=\"CL7to8\"),INDEX('ER C8 FLT3'!$A$4:$J$640,MATCH($E7&$C7,'ER C8 FLT3'!$A$4:$A$640&'ER C8 FLT3'!$B$4:$B$640-3,1),10),IF($H7=\"Class_7\",INDEX('ER C7 FLT3'!$A$4:$J$640,MATCH($E7&$C7,'ER C7 FLT3'!$A$4:$A$640&'ER C7 FLT3'!$B$4:$B$640-3,1),10),IF($H7=\"Class_6\",INDEX('ER C6 FLT3'!$A$4:$J$640,MATCH($E7&$C7,'ER C6 FLT3'!$A$4:$A$640&'ER C6 FLT3'!$B$4:$B$640-3,1),10)))),IF($B7=\"2 Trucks\",IF(OR($H7=\"Class_8\",$N7=\"Replacement8HHD\",$AH7=\"CL7HHD\",$AJ7=\"CL7to8\"),INDEX('ER C8 FLT2'!$A$4:$J$640,MATCH($E7&$C7,'ER C8 FLT2'!$A$4:$A$640&'ER C8 FLT2'!$B$4:$B$640-3,1),10),IF($H7=\"Class_7\",INDEX('ER C7 FLT2'!$A$4:$J$640,MATCH($E7&$C7,'ER C7 FLT2'!$A$4:$A$640&'ER C7 FLT2'!$B$4:$B$640-3,1),10),IF($H7=\"Class_6\",INDEX('ER C6 FLT2'!$A$4:$J$640,MATCH($E7&$C7,'ER C6 FLT2'!$A$4:$A$640&'ER C6 FLT2'!$B$4:$B$640-3,1),10)))),IF($B7=\"1 Truck\",\nIF(OR($H7=\"Class_8\",$N7=\"Replacement8HHD\",$AH7=\"CL7HHD\",$AJ7=\"CL7to8\"),INDEX('ER C8 FLT1'!$A$4:$J$640,MATCH($E7&$C7,'ER C8 FLT1'!$A$4:$A$640&'ER C8 FLT1'!$B$4:$B$640-3,1),10),IF($H7=\"Class_7\",INDEX('ER C7 FLT1'!$A$4:$J$640,MATCH($E7&$C7,'ER C7 FLT1'!$A$4:$A$640&'ER C7 FLT1'!$B$4:$B$640-3,1),10),\nIF($H7=\"Class_6\",INDEX('ER C6 FLT1'!$A$4:$J$640,MATCH($E7&$C7,'ER C6 FLT1'!$A$4:$A$640&'ER C6 FLT1'!$B$4:$B$640-3,1),10)))))))*($Q7/453.6)","v":0},{"$f":"IF($B7=\"3+ Trucks\",IF(OR($H7=\"Class_8\",$N7=\"Replacement8HHD\",$AH7=\"CL7HHD\",$AJ7=\"CL7to8\"),INDEX('ER C8 FLT3'!$A$4:$J$640,MATCH($E7&$C7,'ER C8 FLT3'!$A$4:$A$640&'ER C8 FLT3'!$B$4:$B$640-4,1),10),IF($H7=\"Class_7\",INDEX('ER C7 FLT3'!$A$4:$J$640,MATCH($E7&$C7,'ER C7 FLT3'!$A$4:$A$640&'ER C7 FLT3'!$B$4:$B$640-4,1),10),IF($H7=\"Class_6\",INDEX('ER C6 FLT3'!$A$4:$J$640,MATCH($E7&$C7,'ER C6 FLT3'!$A$4:$A$640&'ER C6 FLT3'!$B$4:$B$640-4,1),10)))),IF($B7=\"2 Trucks\",IF(OR($H7=\"Class_8\",$N7=\"Replacement8HHD\",$AH7=\"CL7HHD\",$AJ7=\"CL7to8\"),INDEX('ER C8 FLT2'!$A$4:$J$640,MATCH($E7&$C7,'ER C8 FLT2'!$A$4:$A$640&'ER C8 FLT2'!$B$4:$B$640-4,1),10),IF($H7=\"Class_7\",INDEX('ER C7 FLT2'!$A$4:$J$640,MATCH($E7&$C7,'ER C7 FLT2'!$A$4:$A$640&'ER C7 FLT2'!$B$4:$B$640-4,1),10),IF($H7=\"Class_6\",INDEX('ER C6 FLT2'!$A$4:$J$640,MATCH($E7&$C7,'ER C6 FLT2'!$A$4:$A$640&'ER C6 FLT2'!$B$4:$B$640-4,1),10)))),IF($B7=\"1 Truck\",\nIF(OR($H7=\"Class_8\",$N7=\"Replacement8HHD\",$AH7=\"CL7HHD\",$AJ7=\"CL7to8\"),INDEX('ER C8 FLT1'!$A$4:$J$640,MATCH($E7&$C7,'ER C8 FLT1'!$A$4:$A$640&'ER C8 FLT1'!$B$4:$B$640-4,1),10),IF($H7=\"Class_7\",INDEX('ER C7 FLT1'!$A$4:$J$640,MATCH($E7&$C7,'ER C7 FLT1'!$A$4:$A$640&'ER C7 FLT1'!$B$4:$B$640-4,1),10),\nIF($H7=\"Class_6\",INDEX('ER C6 FLT1'!$A$4:$J$640,MATCH($E7&$C7,'ER C6 FLT1'!$A$4:$A$640&'ER C6 FLT1'!$B$4:$B$640-4,1),10)))))))*($Q7/453.6)","v":0},{"$f":"IF($B7=\"3+ Trucks\",IF(OR($H7=\"Class_8\",$N7=\"Replacement8HHD\",$AH7=\"CL7HHD\",$AJ7=\"CL7to8\"),INDEX('ER C8 FLT3'!$A$4:$J$640,MATCH($E7&$C7,'ER C8 FLT3'!$A$4:$A$640&'ER C8 FLT3'!$B$4:$B$640,1),10),IF($H7=\"Class_7\",INDEX('ER C7 FLT3'!$A$4:$J$640,MATCH($E7&$C7,'ER C7 FLT3'!$A$4:$A$640&'ER C7 FLT3'!$B$4:$B$640,1),10),IF($H7=\"Class_6\",INDEX('ER C6 FLT3'!$A$4:$J$640,MATCH($E7&$C7,'ER C6 FLT3'!$A$4:$A$640&'ER C6 FLT3'!$B$4:$B$640,1),10)))),IF($B7=\"2 Trucks\",IF(OR($H7=\"Class_8\",$N7=\"Replacement8HHD\",$AH7=\"CL7HHD\",$AJ7=\"CL7to8\"),INDEX('ER C8 FLT2'!$A$4:$J$640,MATCH($E7&$C7,'ER C8 FLT2'!$A$4:$A$640&'ER C8 FLT2'!$B$4:$B$640,1),10),IF($H7=\"Class_7\",INDEX('ER C7 FLT2'!$A$4:$J$640,MATCH($E7&$C7,'ER C7 FLT2'!$A$4:$A$640&'ER C7 FLT2'!$B$4:$B$640,1),10),IF($H7=\"Class_6\",INDEX('ER C6 FLT2'!$A$4:$J$640,MATCH($E7&$C7,'ER C6 FLT2'!$A$4:$A$640&'ER C6 FLT2'!$B$4:$B$640,1),10)))),IF($B7=\"1 Truck\",\nIF(OR($H7=\"Class_8\",$N7=\"Replacement8HHD\",$AH7=\"CL7HHD\",$AJ7=\"CL7to8\"),INDEX('ER C8 FLT1'!$A$4:$J$640,MATCH($E7&$C7,'ER C8 FLT1'!$A$4:$A$640&'ER C8 FLT1'!$B$4:$B$640,1),10),IF($H7=\"Class_7\",INDEX('ER C7 FLT1'!$A$4:$J$640,MATCH($E7&$C7,'ER C7 FLT1'!$A$4:$A$640&'ER C7 FLT1'!$B$4:$B$640,1),10),IF($H7=\"Class_6\",INDEX('ER C6 FLT1'!$A$4:$J$640,MATCH($E7&$C7,'ER C6 FLT1'!$A$4:$A$640&'ER C6 FLT1'!$B$4:$B$640,1),10)))))))","v":false},{"$f":"IF($B7=\"3+ Trucks\",IF(OR($H7=\"Class_8\",$N7=\"Replacement8HHD\",$AH7=\"CL7HHD\",$AJ7=\"CL7to8\"),INDEX('ER C8 FLT3'!$A$4:$J$640,MATCH($E7&$C7,'ER C8 FLT3'!$A$4:$A$640&'ER C8 FLT3'!$B$4:$B$640-1,1),10),IF($H7=\"Class_7\",INDEX('ER C7 FLT3'!$A$4:$J$640,MATCH($E7&$C7,'ER C7 FLT3'!$A$4:$A$640&'ER C7 FLT3'!$B$4:$B$640-1,1),10),IF($H7=\"Class_6\",INDEX('ER C6 FLT3'!$A$4:$J$640,MATCH($E7&$C7,'ER C6 FLT3'!$A$4:$A$640&'ER C6 FLT3'!$B$4:$B$640-1,1),10)))),IF($B7=\"2 Trucks\",IF(OR($H7=\"Class_8\",$N7=\"Replacement8HHD\",$AH7=\"CL7HHD\",$AJ7=\"CL7to8\"),INDEX('ER C8 FLT2'!$A$4:$J$640,MATCH($E7&$C7,'ER C8 FLT2'!$A$4:$A$640&'ER C8 FLT2'!$B$4:$B$640-1,1),10),IF($H7=\"Class_7\",INDEX('ER C7 FLT2'!$A$4:$J$640,MATCH($E7&$C7,'ER C7 FLT2'!$A$4:$A$640&'ER C7 FLT2'!$B$4:$B$640-1,1),10),IF($H7=\"Class_6\",INDEX('ER C6 FLT2'!$A$4:$J$640,MATCH($E7&$C7,'ER C6 FLT2'!$A$4:$A$640&'ER C6 FLT2'!$B$4:$B$640-1,1),10)))),IF($B7=\"1 Truck\",\nIF(OR($H7=\"Class_8\",$N7=\"Replacement8HHD\",$AH7=\"CL7HHD\",$AJ7=\"CL7to8\"),INDEX('ER C8 FLT1'!$A$4:$J$640,MATCH($E7&$C7,'ER C8 FLT1'!$A$4:$A$640&'ER C8 FLT1'!$B$4:$B$640-1,1),10),IF($H7=\"Class_7\",INDEX('ER C7 FLT1'!$A$4:$J$640,MATCH($E7&$C7,'ER C7 FLT1'!$A$4:$A$640&'ER C7 FLT1'!$B$4:$B$640-1,1),10),IF($H7=\"Class_6\",INDEX('ER C6 FLT1'!$A$4:$J$640,MATCH($E7&$C7,'ER C6 FLT1'!$A$4:$A$640&'ER C6 FLT1'!$B$4:$B$640-1,1),10)))))))","v":false},{"$f":"IF($B7=\"3+ Trucks\",IF(OR($H7=\"Class_8\",$N7=\"Replacement8HHD\",$AH7=\"CL7HHD\",$AJ7=\"CL7to8\"),INDEX('ER C8 FLT3'!$A$4:$J$640,MATCH($E7&$C7,'ER C8 FLT3'!$A$4:$A$640&'ER C8 FLT3'!$B$4:$B$640-2,1),10),IF($H7=\"Class_7\",INDEX('ER C7 FLT3'!$A$4:$J$640,MATCH($E7&$C7,'ER C7 FLT3'!$A$4:$A$640&'ER C7 FLT3'!$B$4:$B$640-2,1),10),IF($H7=\"Class_6\",INDEX('ER C6 FLT3'!$A$4:$J$640,MATCH($E7&$C7,'ER C6 FLT3'!$A$4:$A$640&'ER C6 FLT3'!$B$4:$B$640-2,1),10)))),IF($B7=\"2 Trucks\",IF(OR($H7=\"Class_8\",$N7=\"Replacement8HHD\",$AH7=\"CL7HHD\",$AJ7=\"CL7to8\"),INDEX('ER C8 FLT2'!$A$4:$J$640,MATCH($E7&$C7,'ER C8 FLT2'!$A$4:$A$640&'ER C8 FLT2'!$B$4:$B$640-2,1),10),IF($H7=\"Class_7\",INDEX('ER C7 FLT2'!$A$4:$J$640,MATCH($E7&$C7,'ER C7 FLT2'!$A$4:$A$640&'ER C7 FLT2'!$B$4:$B$640-2,1),10),IF($H7=\"Class_6\",INDEX('ER C6 FLT2'!$A$4:$J$640,MATCH($E7&$C7,'ER C6 FLT2'!$A$4:$A$640&'ER C6 FLT2'!$B$4:$B$640-2,1),10)))),IF($B7=\"1 Truck\",\nIF(OR($H7=\"Class_8\",$N7=\"Replacement8HHD\",$AH7=\"CL7HHD\",$AJ7=\"CL7to8\"),INDEX('ER C8 FLT1'!$A$4:$J$640,MATCH($E7&$C7,'ER C8 FLT1'!$A$4:$A$640&'ER C8 FLT1'!$B$4:$B$640-2,1),10),IF($H7=\"Class_7\",INDEX('ER C7 FLT1'!$A$4:$J$640,MATCH($E7&$C7,'ER C7 FLT1'!$A$4:$A$640&'ER C7 FLT1'!$B$4:$B$640-2,1),10),IF($H7=\"Class_6\",INDEX('ER C6 FLT1'!$A$4:$J$640,MATCH($E7&$C7,'ER C6 FLT1'!$A$4:$A$640&'ER C6 FLT1'!$B$4:$B$640-2,1),10)))))))","v":false},{"$f":"IF($B7=\"3+ Trucks\",IF(OR($H7=\"Class_8\",$N7=\"Replacement8HHD\",$AH7=\"CL7HHD\",$AJ7=\"CL7to8\"),INDEX('ER C8 FLT3'!$A$4:$J$640,MATCH($E7&$C7,'ER C8 FLT3'!$A$4:$A$640&'ER C8 FLT3'!$B$4:$B$640-3,1),10),IF($H7=\"Class_7\",INDEX('ER C7 FLT3'!$A$4:$J$640,MATCH($E7&$C7,'ER C7 FLT3'!$A$4:$A$640&'ER C7 FLT3'!$B$4:$B$640-3,1),10),IF($H7=\"Class_6\",INDEX('ER C6 FLT3'!$A$4:$J$640,MATCH($E7&$C7,'ER C6 FLT3'!$A$4:$A$640&'ER C6 FLT3'!$B$4:$B$640-3,1),10)))),IF($B7=\"2 Trucks\",IF(OR($H7=\"Class_8\",$N7=\"Replacement8HHD\",$AH7=\"CL7HHD\",$AJ7=\"CL7to8\"),INDEX('ER C8 FLT2'!$A$4:$J$640,MATCH($E7&$C7,'ER C8 FLT2'!$A$4:$A$640&'ER C8 FLT2'!$B$4:$B$640-3,1),10),IF($H7=\"Class_7\",INDEX('ER C7 FLT2'!$A$4:$J$640,MATCH($E7&$C7,'ER C7 FLT2'!$A$4:$A$640&'ER C7 FLT2'!$B$4:$B$640-3,1),10),IF($H7=\"Class_6\",INDEX('ER C6 FLT2'!$A$4:$J$640,MATCH($E7&$C7,'ER C6 FLT2'!$A$4:$A$640&'ER C6 FLT2'!$B$4:$B$640-3,1),10)))),IF($B7=\"1 Truck\",\nIF(OR($H7=\"Class_8\",$N7=\"Replacement8HHD\",$AH7=\"CL7HHD\",$AJ7=\"CL7to8\"),INDEX('ER C8 FLT1'!$A$4:$J$640,MATCH($E7&$C7,'ER C8 FLT1'!$A$4:$A$640&'ER C8 FLT1'!$B$4:$B$640-3,1),10),IF($H7=\"Class_7\",INDEX('ER C7 FLT1'!$A$4:$J$640,MATCH($E7&$C7,'ER C7 FLT1'!$A$4:$A$640&'ER C7 FLT1'!$B$4:$B$640-3,1),10),IF($H7=\"Class_6\",INDEX('ER C6 FLT1'!$A$4:$J$640,MATCH($E7&$C7,'ER C6 FLT1'!$A$4:$A$640&'ER C6 FLT1'!$B$4:$B$640-3,1),10)))))))","v":false},{"$f":"IF($B7=\"3+ Trucks\",IF(OR($H7=\"Class_8\",$N7=\"Replacement8HHD\",$AH7=\"CL7HHD\",$AJ7=\"CL7to8\"),INDEX('ER C8 FLT3'!$A$4:$J$640,MATCH($E7&$C7,'ER C8 FLT3'!$A$4:$A$640&'ER C8 FLT3'!$B$4:$B$640-4,1),10),IF($H7=\"Class_7\",INDEX('ER C7 FLT3'!$A$4:$J$640,MATCH($E7&$C7,'ER C7 FLT3'!$A$4:$A$640&'ER C7 FLT3'!$B$4:$B$640-4,1),10),IF($H7=\"Class_6\",INDEX('ER C6 FLT3'!$A$4:$J$640,MATCH($E7&$C7,'ER C6 FLT3'!$A$4:$A$640&'ER C6 FLT3'!$B$4:$B$640-4,1),10)))),IF($B7=\"2 Trucks\",IF(OR($H7=\"Class_8\",$N7=\"Replacement8HHD\",$AH7=\"CL7HHD\",$AJ7=\"CL7to8\"),INDEX('ER C8 FLT2'!$A$4:$J$640,MATCH($E7&$C7,'ER C8 FLT2'!$A$4:$A$640&'ER C8 FLT2'!$B$4:$B$640-4,1),10),IF($H7=\"Class_7\",INDEX('ER C7 FLT2'!$A$4:$J$640,MATCH($E7&$C7,'ER C7 FLT2'!$A$4:$A$640&'ER C7 FLT2'!$B$4:$B$640-4,1),10),IF($H7=\"Class_6\",INDEX('ER C6 FLT2'!$A$4:$J$640,MATCH($E7&$C7,'ER C6 FLT2'!$A$4:$A$640&'ER C6 FLT2'!$B$4:$B$640-4,1),10)))),IF($B7=\"1 Truck\",\nIF(OR($H7=\"Class_8\",$N7=\"Replacement8HHD\",$AH7=\"CL7HHD\",$AJ7=\"CL7to8\"),INDEX('ER C8 FLT1'!$A$4:$J$640,MATCH($E7&$C7,'ER C8 FLT1'!$A$4:$A$640&'ER C8 FLT1'!$B$4:$B$640-4,1),10),IF($H7=\"Class_7\",INDEX('ER C7 FLT1'!$A$4:$J$640,MATCH($E7&$C7,'ER C7 FLT1'!$A$4:$A$640&'ER C7 FLT1'!$B$4:$B$640-4,1),10),IF($H7=\"Class_6\",INDEX('ER C6 FLT1'!$A$4:$J$640,MATCH($E7&$C7,'ER C6 FLT1'!$A$4:$A$640&'ER C6 FLT1'!$B$4:$B$640-4,1),10)))))))","v":false},{"$f":"IF(OR($R7=\"Diesel\",$R7=\"LNG/CNG\",$R7=\"Hybrid\",$R7=\"Electric w/ AB-118\"),IF($B7=\"3+ Trucks\",IF(OR($O7=\"Class_8\",$N7=\"Replacement8HHD\",$AI7=\"CL7HHD\"),INDEX('ER C8 FLT3'!$A$4:$J$640,MATCH(DropData!$J47&$C7,'ER C8 FLT3'!$A$4:$A$640&'ER C8 FLT3'!$B$4:$B$640,1),10),IF($O7=\"Class_7\",INDEX('ER C7 FLT3'!$A$4:$J$640,MATCH(DropData!$J47&$C7,'ER C7 FLT3'!$A$4:$A$640&'ER C7 FLT3'!$B$4:$B$640,1),10),IF($O7=\"Class_6\",INDEX('ER C6 FLT3'!$A$4:$J$640,MATCH(DropData!$J47&$C7,'ER C6 FLT3'!$A$4:$A$640&'ER C6 FLT3'!$B$4:$B$640,1),10)))),IF($B7=\"2 Trucks\",IF(OR($O7=\"Class_8\",$N7=\"Replacement8HHD\",$AI7=\"CL7HHD\"),INDEX('ER C8 FLT2'!$A$4:$J$640,MATCH(DropData!$J47&$C7,'ER C8 FLT2'!$A$4:$A$640&'ER C8 FLT2'!$B$4:$B$640,1),10),IF($O7=\"Class_7\",INDEX('ER C7 FLT2'!$A$4:$J$640,MATCH(DropData!$J47&$C7,'ER C7 FLT2'!$A$4:$A$640&'ER C7 FLT2'!$B$4:$B$640,1),10),IF($O7=\"Class_6\",INDEX('ER C6 FLT2'!$A$4:$J$640,MATCH(DropData!$J47&$C7,'ER C6 FLT2'!$A$4:$A$640&'ER C6 FLT2'!$B$4:$B$640,1),10)))),IF($B7=\"1 Truck\",IF(OR($O7=\"Class_8\",$N7=\"Replacement8HHD\",$AI7=\"CL7HHD\"),INDEX('ER C8 FLT1'!$A$4:$J$640,MATCH(DropData!$J47&$C7,'ER C8 FLT1'!$A$4:$A$640&'ER C8 FLT1'!$B$4:$B$640,1),10),IF($O7=\"Class_7\",INDEX('ER C7 FLT1'!$A$4:$J$640,MATCH(DropData!$J47&$C7,'ER C7 FLT1'!$A$4:$A$640&'ER C7 FLT1'!$B$4:$B$640,1),10),IF($O7=\"Class_6\",INDEX('ER C6 FLT1'!$A$4:$J$640,MATCH(DropData!$J47&$C7,'ER C6 FLT1'!$A$4:$A$640&'ER C6 FLT1'!$B$4:$B$640,1),10))))))),IF($R7=\"Electric\",INDEX('ER Electric'!$A$6:$E$44,MATCH($C7&$O7,'ER Electric'!$A$6:$A$44&'ER Electric'!$B$6:$B$44,1),5)))*(($Q7+$AC7)/453.6)","v":0},{"$f":"IF(OR($R7=\"Diesel\",$R7=\"LNG/CNG\",$R7=\"Hybrid\",$R7=\"Electric w/ AB-118\"),IF($B7=\"3+ Trucks\",IF(OR($O7=\"Class_8\",$N7=\"Replacement8HHD\",$AI7=\"CL7HHD\"),INDEX('ER C8 FLT3'!$A$4:$J$640,MATCH(DropData!$J47&$C7,'ER C8 FLT3'!$A$4:$A$640&'ER C8 FLT3'!$B$4:$B$640-1,1),10),IF($O7=\"Class_7\",INDEX('ER C7 FLT3'!$A$4:$J$640,MATCH(DropData!$J47&$C7,'ER C7 FLT3'!$A$4:$A$640&'ER C7 FLT3'!$B$4:$B$640-1,1),10),IF($O7=\"Class_6\",INDEX('ER C6 FLT3'!$A$4:$J$640,MATCH(DropData!$J47&$C7,'ER C6 FLT3'!$A$4:$A$640&'ER C6 FLT3'!$B$4:$B$640-1,1),10)))),IF($B7=\"2 Trucks\",IF(OR($O7=\"Class_8\",$N7=\"Replacement8HHD\",$AI7=\"CL7HHD\"),INDEX('ER C8 FLT2'!$A$4:$J$640,MATCH(DropData!$J47&$C7,'ER C8 FLT2'!$A$4:$A$640&'ER C8 FLT2'!$B$4:$B$640-1,1),10),IF($O7=\"Class_7\",INDEX('ER C7 FLT2'!$A$4:$J$640,MATCH(DropData!$J47&$C7,'ER C7 FLT2'!$A$4:$A$640&'ER C7 FLT2'!$B$4:$B$640-1,1),10),IF($O7=\"Class_6\",INDEX('ER C6 FLT2'!$A$4:$J$640,MATCH(DropData!$J47&$C7,'ER C6 FLT2'!$A$4:$A$640&'ER C6 FLT2'!$B$4:$B$640-1,1),10)))),IF($B7=\"1 Truck\",IF(OR($O7=\"Class_8\",$N7=\"Replacement8HHD\",$AI7=\"CL7HHD\"),INDEX('ER C8 FLT1'!$A$4:$J$640,MATCH(DropData!$J47&$C7,'ER C8 FLT1'!$A$4:$A$640&'ER C8 FLT1'!$B$4:$B$640-1,1),10),IF($O7=\"Class_7\",INDEX('ER C7 FLT1'!$A$4:$J$640,MATCH(DropData!$J47&$C7,'ER C7 FLT1'!$A$4:$A$640&'ER C7 FLT1'!$B$4:$B$640-1,1),10),IF($O7=\"Class_6\",INDEX('ER C6 FLT1'!$A$4:$J$640,MATCH(DropData!$J47&$C7,'ER C6 FLT1'!$A$4:$A$640&'ER C6 FLT1'!$B$4:$B$640-1,1),10))))))),IF($R7=\"Electric\",OFFSET(INDEX('ER Electric'!$A$6:$E$44,MATCH($C7&$O7,'ER Electric'!$A$6:$A$44&'ER Electric'!$B$6:$B$44,1),5),3,0)))*(($Q7+$AC7)/453.6)","v":0},{"$f":"IF(OR($R7=\"Diesel\",$R7=\"LNG/CNG\",$R7=\"Hybrid\",$R7=\"Electric w/ AB-118\"),IF($B7=\"3+ Trucks\",IF(OR($O7=\"Class_8\",$N7=\"Replacement8HHD\",$AI7=\"CL7HHD\"),INDEX('ER C8 FLT3'!$A$4:$J$640,MATCH(DropData!$J47&$C7,'ER C8 FLT3'!$A$4:$A$640&'ER C8 FLT3'!$B$4:$B$640-2,1),10),IF($O7=\"Class_7\",INDEX('ER C7 FLT3'!$A$4:$J$640,MATCH(DropData!$J47&$C7,'ER C7 FLT3'!$A$4:$A$640&'ER C7 FLT3'!$B$4:$B$640-2,1),10),IF($O7=\"Class_6\",INDEX('ER C6 FLT3'!$A$4:$J$640,MATCH(DropData!$J47&$C7,'ER C6 FLT3'!$A$4:$A$640&'ER C6 FLT3'!$B$4:$B$640-2,1),10)))),IF($B7=\"2 Trucks\",IF(OR($O7=\"Class_8\",$N7=\"Replacement8HHD\",$AI7=\"CL7HHD\"),INDEX('ER C8 FLT2'!$A$4:$J$640,MATCH(DropData!$J47&$C7,'ER C8 FLT2'!$A$4:$A$640&'ER C8 FLT2'!$B$4:$B$640-2,1),10),IF($O7=\"Class_7\",INDEX('ER C7 FLT2'!$A$4:$J$640,MATCH(DropData!$J47&$C7,'ER C7 FLT2'!$A$4:$A$640&'ER C7 FLT2'!$B$4:$B$640-2,1),10),IF($O7=\"Class_6\",INDEX('ER C6 FLT2'!$A$4:$J$640,MATCH(DropData!$J47&$C7,'ER C6 FLT2'!$A$4:$A$640&'ER C6 FLT2'!$B$4:$B$640-2,1),10)))),IF($B7=\"1 Truck\",IF(OR($O7=\"Class_8\",$N7=\"Replacement8HHD\",$AI7=\"CL7HHD\"),INDEX('ER C8 FLT1'!$A$4:$J$640,MATCH(DropData!$J47&$C7,'ER C8 FLT1'!$A$4:$A$640&'ER C8 FLT1'!$B$4:$B$640-2,1),10),IF($O7=\"Class_7\",INDEX('ER C7 FLT1'!$A$4:$J$640,MATCH(DropData!$J47&$C7,'ER C7 FLT1'!$A$4:$A$640&'ER C7 FLT1'!$B$4:$B$640-2,1),10),IF($O7=\"Class_6\",INDEX('ER C6 FLT1'!$A$4:$J$640,MATCH(DropData!$J47&$C7,'ER C6 FLT1'!$A$4:$A$640&'ER C6 FLT1'!$B$4:$B$640-2,1),10))))))),IF($R7=\"Electric\",OFFSET(INDEX('ER Electric'!$A$6:$E$44,MATCH($C7&$O7,'ER Electric'!$A$6:$A$44&'ER Electric'!$B$6:$B$44,1),5),6,0)))*(($Q7+$AC7)/453.6)","v":0},{"$f":"IF(OR($R7=\"Diesel\",$R7=\"LNG/CNG\",$R7=\"Hybrid\",$R7=\"Electric w/ AB-118\"),IF($B7=\"3+ Trucks\",IF(OR($O7=\"Class_8\",$N7=\"Replacement8HHD\",$AI7=\"CL7HHD\"),INDEX('ER C8 FLT3'!$A$4:$J$640,MATCH(DropData!$J47&$C7,'ER C8 FLT3'!$A$4:$A$640&'ER C8 FLT3'!$B$4:$B$640-3,1),10),IF($O7=\"Class_7\",INDEX('ER C7 FLT3'!$A$4:$J$640,MATCH(DropData!$J47&$C7,'ER C7 FLT3'!$A$4:$A$640&'ER C7 FLT3'!$B$4:$B$640-3,1),10),IF($O7=\"Class_6\",INDEX('ER C6 FLT3'!$A$4:$J$640,MATCH(DropData!$J47&$C7,'ER C6 FLT3'!$A$4:$A$640&'ER C6 FLT3'!$B$4:$B$640-3,1),10)))),IF($B7=\"2 Trucks\",IF(OR($O7=\"Class_8\",$N7=\"Replacement8HHD\",$AI7=\"CL7HHD\"),INDEX('ER C8 FLT2'!$A$4:$J$640,MATCH(DropData!$J47&$C7,'ER C8 FLT2'!$A$4:$A$640&'ER C8 FLT2'!$B$4:$B$640-3,1),10),IF($O7=\"Class_7\",INDEX('ER C7 FLT2'!$A$4:$J$640,MATCH(DropData!$J47&$C7,'ER C7 FLT2'!$A$4:$A$640&'ER C7 FLT2'!$B$4:$B$640-3,1),10),IF($O7=\"Class_6\",INDEX('ER C6 FLT2'!$A$4:$J$640,MATCH(DropData!$J47&$C7,'ER C6 FLT2'!$A$4:$A$640&'ER C6 FLT2'!$B$4:$B$640-3,1),10)))),IF($B7=\"1 Truck\",IF(OR($O7=\"Class_8\",$N7=\"Replacement8HHD\",$AI7=\"CL7HHD\"),INDEX('ER C8 FLT1'!$A$4:$J$640,MATCH(DropData!$J47&$C7,'ER C8 FLT1'!$A$4:$A$640&'ER C8 FLT1'!$B$4:$B$640-3,1),10),IF($O7=\"Class_7\",INDEX('ER C7 FLT1'!$A$4:$J$640,MATCH(DropData!$J47&$C7,'ER C7 FLT1'!$A$4:$A$640&'ER C7 FLT1'!$B$4:$B$640-3,1),10),IF($O7=\"Class_6\",INDEX('ER C6 FLT1'!$A$4:$J$640,MATCH(DropData!$J47&$C7,'ER C6 FLT1'!$A$4:$A$640&'ER C6 FLT1'!$B$4:$B$640-3,1),10))))))),IF($R7=\"Electric\",OFFSET(INDEX('ER Electric'!$A$6:$E$44,MATCH($C7&$O7,'ER Electric'!$A$6:$A$44&'ER Electric'!$B$6:$B$44,1),5),9,0)))*(($Q7+$AC7)/453.6)","v":0},{"$f":"IF(OR($R7=\"Diesel\",$R7=\"LNG/CNG\",$R7=\"Hybrid\",$R7=\"Electric w/ AB-118\"),IF($B7=\"3+ Trucks\",IF(OR($O7=\"Class_8\",$N7=\"Replacement8HHD\",$AI7=\"CL7HHD\"),INDEX('ER C8 FLT3'!$A$4:$J$640,MATCH(DropData!$J47&$C7,'ER C8 FLT3'!$A$4:$A$640&'ER C8 FLT3'!$B$4:$B$640-4,1),10),IF($O7=\"Class_7\",INDEX('ER C7 FLT3'!$A$4:$J$640,MATCH(DropData!$J47&$C7,'ER C7 FLT3'!$A$4:$A$640&'ER C7 FLT3'!$B$4:$B$640-4,1),10),IF($O7=\"Class_6\",INDEX('ER C6 FLT3'!$A$4:$J$640,MATCH(DropData!$J47&$C7,'ER C6 FLT3'!$A$4:$A$640&'ER C6 FLT3'!$B$4:$B$640-4,1),10)))),IF($B7=\"2 Trucks\",IF(OR($O7=\"Class_8\",$N7=\"Replacement8HHD\",$AI7=\"CL7HHD\"),INDEX('ER C8 FLT2'!$A$4:$J$640,MATCH(DropData!$J47&$C7,'ER C8 FLT2'!$A$4:$A$640&'ER C8 FLT2'!$B$4:$B$640-4,1),10),IF($O7=\"Class_7\",INDEX('ER C7 FLT2'!$A$4:$J$640,MATCH(DropData!$J47&$C7,'ER C7 FLT2'!$A$4:$A$640&'ER C7 FLT2'!$B$4:$B$640-4,1),10),IF($O7=\"Class_6\",INDEX('ER C6 FLT2'!$A$4:$J$640,MATCH(DropData!$J47&$C7,'ER C6 FLT2'!$A$4:$A$640&'ER C6 FLT2'!$B$4:$B$640-4,1),10)))),IF($B7=\"1 Truck\",IF(OR($O7=\"Class_8\",$N7=\"Replacement8HHD\",$AI7=\"CL7HHD\"),INDEX('ER C8 FLT1'!$A$4:$J$640,MATCH(DropData!$J47&$C7,'ER C8 FLT1'!$A$4:$A$640&'ER C8 FLT1'!$B$4:$B$640-4,1),10),IF($O7=\"Class_7\",INDEX('ER C7 FLT1'!$A$4:$J$640,MATCH(DropData!$J47&$C7,'ER C7 FLT1'!$A$4:$A$640&'ER C7 FLT1'!$B$4:$B$640-4,1),10),IF($O7=\"Class_6\",INDEX('ER C6 FLT1'!$A$4:$J$640,MATCH(DropData!$J47&$C7,'ER C6 FLT1'!$A$4:$A$640&'ER C6 FLT1'!$B$4:$B$640-4,1),10))))))),IF($R7=\"Electric\",OFFSET(INDEX('ER Electric'!$A$6:$E$44,MATCH($C7&$O7,'ER Electric'!$A$6:$A$44&'ER Electric'!$B$6:$B$44,1),5),12,0)))*(($Q7+$AC7)/453.6)","v":0},{"$f":"IF(OR($R7=\"Diesel\",$R7=\"LNG/CNG\",$R7=\"Hybrid\",$R7=\"Electric w/ AB-118\"),IF($B7=\"3+ Trucks\",IF(OR($O7=\"Class_8\",$N7=\"Replacement8HHD\",$AI7=\"CL7HHD\"),INDEX('ER C8 FLT3'!$A$4:$J$640,MATCH(DropData!$J47&$C7,'ER C8 FLT3'!$A$4:$A$640&'ER C8 FLT3'!$B$4:$B$640,1),10),IF($O7=\"Class_7\",INDEX('ER C7 FLT3'!$A$4:$J$640,MATCH(DropData!$J47&$C7,'ER C7 FLT3'!$A$4:$A$640&'ER C7 FLT3'!$B$4:$B$640,1),10),IF($O7=\"Class_6\",INDEX('ER C6 FLT3'!$A$4:$J$640,MATCH(DropData!$J47&$C7,'ER C6 FLT3'!$A$4:$A$640&'ER C6 FLT3'!$B$4:$B$640,1),10)))),IF($B7=\"2 Trucks\",IF(OR($O7=\"Class_8\",$N7=\"Replacement8HHD\",$AI7=\"CL7HHD\"),INDEX('ER C8 FLT2'!$A$4:$J$640,MATCH(DropData!$J47&$C7,'ER C8 FLT2'!$A$4:$A$640&'ER C8 FLT2'!$B$4:$B$640,1),10),IF($O7=\"Class_7\",INDEX('ER C7 FLT2'!$A$4:$J$640,MATCH(DropData!$J47&$C7,'ER C7 FLT2'!$A$4:$A$640&'ER C7 FLT2'!$B$4:$B$640,1),10),IF($O7=\"Class_6\",INDEX('ER C6 FLT2'!$A$4:$J$640,MATCH(DropData!$J47&$C7,'ER C6 FLT2'!$A$4:$A$640&'ER C6 FLT2'!$B$4:$B$640,1),10)))),IF($B7=\"1 Truck\",IF(OR($O7=\"Class_8\",$N7=\"Replacement8HHD\",$AI7=\"CL7HHD\"),INDEX('ER C8 FLT1'!$A$4:$J$640,MATCH(DropData!$J47&$C7,'ER C8 FLT1'!$A$4:$A$640&'ER C8 FLT1'!$B$4:$B$640,1),10),IF($O7=\"Class_7\",INDEX('ER C7 FLT1'!$A$4:$J$640,MATCH(DropData!$J47&$C7,'ER C7 FLT1'!$A$4:$A$640&'ER C7 FLT1'!$B$4:$B$640,1),10),IF($O7=\"Class_6\",INDEX('ER C6 FLT1'!$A$4:$J$640,MATCH(DropData!$J47&$C7,'ER C6 FLT1'!$A$4:$A$640&'ER C6 FLT1'!$B$4:$B$640,1),10))))))),IF($R7=\"Electric\",INDEX('ER Electric'!$A$6:$E$44,MATCH($C7&$O7,'ER Electric'!$A$6:$A$44&'ER Electric'!$B$6:$B$44,1),5)))","v":false},{"$f":"IF(OR($R7=\"Diesel\",$R7=\"LNG/CNG\",$R7=\"Hybrid\",$R7=\"Electric w/ AB-118\"),IF($B7=\"3+ Trucks\",IF(OR($O7=\"Class_8\",$N7=\"Replacement8HHD\",$AI7=\"CL7HHD\"),INDEX('ER C8 FLT3'!$A$4:$J$640,MATCH(DropData!$J47&$C7,'ER C8 FLT3'!$A$4:$A$640&'ER C8 FLT3'!$B$4:$B$640-1,1),10),IF($O7=\"Class_7\",INDEX('ER C7 FLT3'!$A$4:$J$640,MATCH(DropData!$J47&$C7,'ER C7 FLT3'!$A$4:$A$640&'ER C7 FLT3'!$B$4:$B$640-1,1),10),IF($O7=\"Class_6\",INDEX('ER C6 FLT3'!$A$4:$J$640,MATCH(DropData!$J47&$C7,'ER C6 FLT3'!$A$4:$A$640&'ER C6 FLT3'!$B$4:$B$640-1,1),10)))),IF($B7=\"2 Trucks\",IF(OR($O7=\"Class_8\",$N7=\"Replacement8HHD\",$AI7=\"CL7HHD\"),INDEX('ER C8 FLT2'!$A$4:$J$640,MATCH(DropData!$J47&$C7,'ER C8 FLT2'!$A$4:$A$640&'ER C8 FLT2'!$B$4:$B$640-1,1),10),IF($O7=\"Class_7\",INDEX('ER C7 FLT2'!$A$4:$J$640,MATCH(DropData!$J47&$C7,'ER C7 FLT2'!$A$4:$A$640&'ER C7 FLT2'!$B$4:$B$640-1,1),10),IF($O7=\"Class_6\",INDEX('ER C6 FLT2'!$A$4:$J$640,MATCH(DropData!$J47&$C7,'ER C6 FLT2'!$A$4:$A$640&'ER C6 FLT2'!$B$4:$B$640-1,1),10)))),IF($B7=\"1 Truck\",IF(OR($O7=\"Class_8\",$N7=\"Replacement8HHD\",$AI7=\"CL7HHD\"),INDEX('ER C8 FLT1'!$A$4:$J$640,MATCH(DropData!$J47&$C7,'ER C8 FLT1'!$A$4:$A$640&'ER C8 FLT1'!$B$4:$B$640-1,1),10),IF($O7=\"Class_7\",INDEX('ER C7 FLT1'!$A$4:$J$640,MATCH(DropData!$J47&$C7,'ER C7 FLT1'!$A$4:$A$640&'ER C7 FLT1'!$B$4:$B$640-1,1),10),IF($O7=\"Class_6\",INDEX('ER C6 FLT1'!$A$4:$J$640,MATCH(DropData!$J47&$C7,'ER C6 FLT1'!$A$4:$A$640&'ER C6 FLT1'!$B$4:$B$640-1,1),10))))))),IF($R7=\"Electric\",OFFSET(INDEX('ER Electric'!$A$6:$E$44,MATCH($C7&$O7,'ER Electric'!$A$6:$A$44&'ER Electric'!$B$6:$B$44,1),5),3,0)))","v":false},{"$f":"IF(OR($R7=\"Diesel\",$R7=\"LNG/CNG\",$R7=\"Hybrid\",$R7=\"Electric w/ AB-118\"),IF($B7=\"3+ Trucks\",IF(OR($O7=\"Class_8\",$N7=\"Replacement8HHD\",$AI7=\"CL7HHD\"),INDEX('ER C8 FLT3'!$A$4:$J$640,MATCH(DropData!$J47&$C7,'ER C8 FLT3'!$A$4:$A$640&'ER C8 FLT3'!$B$4:$B$640-2,1),10),IF($O7=\"Class_7\",INDEX('ER C7 FLT3'!$A$4:$J$640,MATCH(DropData!$J47&$C7,'ER C7 FLT3'!$A$4:$A$640&'ER C7 FLT3'!$B$4:$B$640-2,1),10),IF($O7=\"Class_6\",INDEX('ER C6 FLT3'!$A$4:$J$640,MATCH(DropData!$J47&$C7,'ER C6 FLT3'!$A$4:$A$640&'ER C6 FLT3'!$B$4:$B$640-2,1),10)))),IF($B7=\"2 Trucks\",IF(OR($O7=\"Class_8\",$N7=\"Replacement8HHD\",$AI7=\"CL7HHD\"),INDEX('ER C8 FLT2'!$A$4:$J$640,MATCH(DropData!$J47&$C7,'ER C8 FLT2'!$A$4:$A$640&'ER C8 FLT2'!$B$4:$B$640-2,1),10),IF($O7=\"Class_7\",INDEX('ER C7 FLT2'!$A$4:$J$640,MATCH(DropData!$J47&$C7,'ER C7 FLT2'!$A$4:$A$640&'ER C7 FLT2'!$B$4:$B$640-2,1),10),IF($O7=\"Class_6\",INDEX('ER C6 FLT2'!$A$4:$J$640,MATCH(DropData!$J47&$C7,'ER C6 FLT2'!$A$4:$A$640&'ER C6 FLT2'!$B$4:$B$640-2,1),10)))),IF($B7=\"1 Truck\",IF(OR($O7=\"Class_8\",$N7=\"Replacement8HHD\",$AI7=\"CL7HHD\"),INDEX('ER C8 FLT1'!$A$4:$J$640,MATCH(DropData!$J47&$C7,'ER C8 FLT1'!$A$4:$A$640&'ER C8 FLT1'!$B$4:$B$640-2,1),10),IF($O7=\"Class_7\",INDEX('ER C7 FLT1'!$A$4:$J$640,MATCH(DropData!$J47&$C7,'ER C7 FLT1'!$A$4:$A$640&'ER C7 FLT1'!$B$4:$B$640-2,1),10),IF($O7=\"Class_6\",INDEX('ER C6 FLT1'!$A$4:$J$640,MATCH(DropData!$J47&$C7,'ER C6 FLT1'!$A$4:$A$640&'ER C6 FLT1'!$B$4:$B$640-2,1),10))))))),IF($R7=\"Electric\",OFFSET(INDEX('ER Electric'!$A$6:$E$44,MATCH($C7&$O7,'ER Electric'!$A$6:$A$44&'ER Electric'!$B$6:$B$44,1),5),6,0)))","v":false},{"$f":"IF(OR($R7=\"Diesel\",$R7=\"LNG/CNG\",$R7=\"Hybrid\",$R7=\"Electric w/ AB-118\"),IF($B7=\"3+ Trucks\",IF(OR($O7=\"Class_8\",$N7=\"Replacement8HHD\",$AI7=\"CL7HHD\"),INDEX('ER C8 FLT3'!$A$4:$J$640,MATCH(DropData!$J47&$C7,'ER C8 FLT3'!$A$4:$A$640&'ER C8 FLT3'!$B$4:$B$640-3,1),10),IF($O7=\"Class_7\",INDEX('ER C7 FLT3'!$A$4:$J$640,MATCH(DropData!$J47&$C7,'ER C7 FLT3'!$A$4:$A$640&'ER C7 FLT3'!$B$4:$B$640-3,1),10),IF($O7=\"Class_6\",INDEX('ER C6 FLT3'!$A$4:$J$640,MATCH(DropData!$J47&$C7,'ER C6 FLT3'!$A$4:$A$640&'ER C6 FLT3'!$B$4:$B$640-3,1),10)))),IF($B7=\"2 Trucks\",IF(OR($O7=\"Class_8\",$N7=\"Replacement8HHD\",$AI7=\"CL7HHD\"),INDEX('ER C8 FLT2'!$A$4:$J$640,MATCH(DropData!$J47&$C7,'ER C8 FLT2'!$A$4:$A$640&'ER C8 FLT2'!$B$4:$B$640-3,1),10),IF($O7=\"Class_7\",INDEX('ER C7 FLT2'!$A$4:$J$640,MATCH(DropData!$J47&$C7,'ER C7 FLT2'!$A$4:$A$640&'ER C7 FLT2'!$B$4:$B$640-3,1),10),IF($O7=\"Class_6\",INDEX('ER C6 FLT2'!$A$4:$J$640,MATCH(DropData!$J47&$C7,'ER C6 FLT2'!$A$4:$A$640&'ER C6 FLT2'!$B$4:$B$640-3,1),10)))),IF($B7=\"1 Truck\",IF(OR($O7=\"Class_8\",$N7=\"Replacement8HHD\",$AI7=\"CL7HHD\"),INDEX('ER C8 FLT1'!$A$4:$J$640,MATCH(DropData!$J47&$C7,'ER C8 FLT1'!$A$4:$A$640&'ER C8 FLT1'!$B$4:$B$640-3,1),10),IF($O7=\"Class_7\",INDEX('ER C7 FLT1'!$A$4:$J$640,MATCH(DropData!$J47&$C7,'ER C7 FLT1'!$A$4:$A$640&'ER C7 FLT1'!$B$4:$B$640-3,1),10),IF($O7=\"Class_6\",INDEX('ER C6 FLT1'!$A$4:$J$640,MATCH(DropData!$J47&$C7,'ER C6 FLT1'!$A$4:$A$640&'ER C6 FLT1'!$B$4:$B$640-3,1),10))))))),IF($R7=\"Electric\",OFFSET(INDEX('ER Electric'!$A$6:$E$44,MATCH($C7&$O7,'ER Electric'!$A$6:$A$44&'ER Electric'!$B$6:$B$44,1),5),9,0)))","v":false},{"$f":"IF(OR($R7=\"Diesel\",$R7=\"LNG/CNG\",$R7=\"Hybrid\",$R7=\"Electric w/ AB-118\"),IF($B7=\"3+ Trucks\",IF(OR($O7=\"Class_8\",$N7=\"Replacement8HHD\",$AI7=\"CL7HHD\"),INDEX('ER C8 FLT3'!$A$4:$J$640,MATCH(DropData!$J47&$C7,'ER C8 FLT3'!$A$4:$A$640&'ER C8 FLT3'!$B$4:$B$640-4,1),10),IF($O7=\"Class_7\",INDEX('ER C7 FLT3'!$A$4:$J$640,MATCH(DropData!$J47&$C7,'ER C7 FLT3'!$A$4:$A$640&'ER C7 FLT3'!$B$4:$B$640-4,1),10),IF($O7=\"Class_6\",INDEX('ER C6 FLT3'!$A$4:$J$640,MATCH(DropData!$J47&$C7,'ER C6 FLT3'!$A$4:$A$640&'ER C6 FLT3'!$B$4:$B$640-4,1),10)))),IF($B7=\"2 Trucks\",IF(OR($O7=\"Class_8\",$N7=\"Replacement8HHD\",$AI7=\"CL7HHD\"),INDEX('ER C8 FLT2'!$A$4:$J$640,MATCH(DropData!$J47&$C7,'ER C8 FLT2'!$A$4:$A$640&'ER C8 FLT2'!$B$4:$B$640-4,1),10),IF($O7=\"Class_7\",INDEX('ER C7 FLT2'!$A$4:$J$640,MATCH(DropData!$J47&$C7,'ER C7 FLT2'!$A$4:$A$640&'ER C7 FLT2'!$B$4:$B$640-4,1),10),IF($O7=\"Class_6\",INDEX('ER C6 FLT2'!$A$4:$J$640,MATCH(DropData!$J47&$C7,'ER C6 FLT2'!$A$4:$A$640&'ER C6 FLT2'!$B$4:$B$640-4,1),10)))),IF($B7=\"1 Truck\",IF(OR($O7=\"Class_8\",$N7=\"Replacement8HHD\",$AI7=\"CL7HHD\"),INDEX('ER C8 FLT1'!$A$4:$J$640,MATCH(DropData!$J47&$C7,'ER C8 FLT1'!$A$4:$A$640&'ER C8 FLT1'!$B$4:$B$640-4,1),10),IF($O7=\"Class_7\",INDEX('ER C7 FLT1'!$A$4:$J$640,MATCH(DropData!$J47&$C7,'ER C7 FLT1'!$A$4:$A$640&'ER C7 FLT1'!$B$4:$B$640-4,1),10),IF($O7=\"Class_6\",INDEX('ER C6 FLT1'!$A$4:$J$640,MATCH(DropData!$J47&$C7,'ER C6 FLT1'!$A$4:$A$640&'ER C6 FLT1'!$B$4:$B$640-4,1),10))))))),IF($R7=\"Electric\",OFFSET(INDEX('ER Electric'!$A$6:$E$44,MATCH($C7&$O7,'ER Electric'!$A$6:$A$44&'ER Electric'!$B$6:$B$44,1),5),12,0)))","v":false},{"$f":"MAX(0,DL7-DV7)","v":0},{"$f":"IF($B7=\"3+ Trucks\",IF($Z7=\"Class_8\",INDEX('ER C8 FLT3'!$A$4:$J$640,MATCH($W7&$C7,'ER C8 FLT3'!$A$4:$A$640&'ER C8 FLT3'!$B$4:$B$640,1),10),IF($Z7=\"Class_7\",INDEX('ER C7 FLT3'!$A$4:$J$640,MATCH($W7&$C7,'ER C7 FLT3'!$A$4:$A$640&'ER C7 FLT3'!$B$4:$B$640,1),10),IF($Z7=\"Class_6\",INDEX('ER C6 FLT3'!$A$4:$J$640,MATCH($W7&$C7,'ER C6 FLT3'!$A$4:$A$640&'ER C6 FLT3'!$B$4:$B$640,1),10)))),IF($B7=\"2 Trucks\",IF($Z7=\"Class_8\",INDEX('ER C8 FLT2'!$A$4:$J$640,MATCH($W7&$C7,'ER C8 FLT2'!$A$4:$A$640&'ER C8 FLT2'!$B$4:$B$640,1),10),IF($Z7=\"Class_7\",INDEX('ER C7 FLT2'!$A$4:$J$640,MATCH($W7&$C7,'ER C7 FLT2'!$A$4:$A$640&'ER C7 FLT2'!$B$4:$B$640,1),10),IF($Z7=\"Class_6\",INDEX('ER C6 FLT2'!$A$4:$J$640,MATCH($W7&$C7,'ER C6 FLT2'!$A$4:$A$640&'ER C6 FLT2'!$B$4:$B$640,1),10)))),IF($B7=\"1 Truck\",IF($Z7=\"Class_8\",INDEX('ER C8 FLT1'!$A$4:$J$640,MATCH($W7&$C7,'ER C8 FLT1'!$A$4:$A$640&'ER C8 FLT1'!$B$4:$B$640,1),10),IF($Z7=\"Class_7\",INDEX('ER C7 FLT1'!$A$4:$J$640,MATCH($W7&$C7,'ER C7 FLT1'!$A$4:$A$640&'ER C7 FLT1'!$B$4:$B$640,1),10)*IF($Z7=\"Class_7\",INDEX('ER C7 FLT1'!$A$4:$J$640,MATCH($W7&$C7,'ER C7 FLT1'!$A$4:$A$640&'ER C7 FLT1'!$B$4:$B$640,1),10)),IF($Z7=\"Class_6\",INDEX('ER C6 FLT1'!$A$4:$J$640,MATCH($W7&$C7,'ER C6 FLT1'!$A$4:$A$640&'ER C6 FLT1'!$B$4:$B$640,1),10)*IF($Z7=\"Class_6\",INDEX('ER C6 FLT1'!$A$4:$J$640,MATCH($W7&$C7,'ER C6 FLT1'!$A$4:$A$640&'ER C6 FLT1'!$B$4:$B$640,1),10))))))))*($AC7/453.6)","v":0},{"$f":"(EF7+EG7)/2","v":0},{"$f":"MAX(0,DM7-DW7)","v":0},{"$f":"IF($B7=\"3+ Trucks\",IF($Z7=\"Class_8\",INDEX('ER C8 FLT3'!$A$4:$J$640,MATCH($W7&$C7,'ER C8 FLT3'!$A$4:$A$640&'ER C8 FLT3'!$B$4:$B$640-1,1),10),IF($Z7=\"Class_7\",INDEX('ER C7 FLT3'!$A$4:$J$640,MATCH($W7&$C7,'ER C7 FLT3'!$A$4:$A$640&'ER C7 FLT3'!$B$4:$B$640-1,1),10),IF($Z7=\"Class_6\",INDEX('ER C6 FLT3'!$A$4:$J$640,MATCH($W7&$C7,'ER C6 FLT3'!$A$4:$A$640&'ER C6 FLT3'!$B$4:$B$640-1,1),10)))),IF($B7=\"2 Trucks\",IF($Z7=\"Class_8\",INDEX('ER C8 FLT2'!$A$4:$J$640,MATCH($W7&$C7,'ER C8 FLT2'!$A$4:$A$640&'ER C8 FLT2'!$B$4:$B$640-1,1),10),IF($Z7=\"Class_7\",INDEX('ER C7 FLT2'!$A$4:$J$640,MATCH($W7&$C7,'ER C7 FLT2'!$A$4:$A$640&'ER C7 FLT2'!$B$4:$B$640-1,1),10),IF($Z7=\"Class_6\",INDEX('ER C6 FLT2'!$A$4:$J$640,MATCH($W7&$C7,'ER C6 FLT2'!$A$4:$A$640&'ER C6 FLT2'!$B$4:$B$640-1,1),10)))),IF($B7=\"1 Truck\",IF($Z7=\"Class_8\",INDEX('ER C8 FLT1'!$A$4:$J$640,MATCH($W7&$C7,'ER C8 FLT1'!$A$4:$A$640&'ER C8 FLT1'!$B$4:$B$640-1,1),10),IF($Z7=\"Class_7\",INDEX('ER C7 FLT1'!$A$4:$J$640,MATCH($W7&$C7,'ER C7 FLT1'!$A$4:$A$640&'ER C7 FLT1'!$B$4:$B$640-1,1),10)*IF($Z7=\"Class_7\",INDEX('ER C7 FLT1'!$A$4:$J$640,MATCH($W7&$C7,'ER C7 FLT1'!$A$4:$A$640&'ER C7 FLT1'!$B$4:$B$640-1,1),10)),IF($Z7=\"Class_6\",INDEX('ER C6 FLT1'!$A$4:$J$640,MATCH($W7&$C7,'ER C6 FLT1'!$A$4:$A$640&'ER C6 FLT1'!$B$4:$B$640-1,1),10)*IF($Z7=\"Class_6\",INDEX('ER C6 FLT1'!$A$4:$J$640,MATCH($W7&$C7,'ER C6 FLT1'!$A$4:$A$640&'ER C6 FLT1'!$B$4:$B$640-1,1),10))))))))*($AC7/453.6)","v":0},{"$f":"EI7+EJ7","v":0},{"$f":"MAX(0,DN7-DX7)","v":0},{"$f":"IF($B7=\"3+ Trucks\",IF($Z7=\"Class_8\",INDEX('ER C8 FLT3'!$A$4:$J$640,MATCH($W7&$C7,'ER C8 FLT3'!$A$4:$A$640&'ER C8 FLT3'!$B$4:$B$640-2,1),10),IF($Z7=\"Class_7\",INDEX('ER C7 FLT3'!$A$4:$J$640,MATCH($W7&$C7,'ER C7 FLT3'!$A$4:$A$640&'ER C7 FLT3'!$B$4:$B$640-2,1),10),IF($Z7=\"Class_6\",INDEX('ER C6 FLT3'!$A$4:$J$640,MATCH($W7&$C7,'ER C6 FLT3'!$A$4:$A$640&'ER C6 FLT3'!$B$4:$B$640-2,1),10)))),IF($B7=\"2 Trucks\",IF($Z7=\"Class_8\",INDEX('ER C8 FLT2'!$A$4:$J$640,MATCH($W7&$C7,'ER C8 FLT2'!$A$4:$A$640&'ER C8 FLT2'!$B$4:$B$640-2,1),10),IF($Z7=\"Class_7\",INDEX('ER C7 FLT2'!$A$4:$J$640,MATCH($W7&$C7,'ER C7 FLT2'!$A$4:$A$640&'ER C7 FLT2'!$B$4:$B$640-2,1),10),IF($Z7=\"Class_6\",INDEX('ER C6 FLT2'!$A$4:$J$640,MATCH($W7&$C7,'ER C6 FLT2'!$A$4:$A$640&'ER C6 FLT2'!$B$4:$B$640-2,1),10)))),IF($B7=\"1 Truck\",IF($Z7=\"Class_8\",INDEX('ER C8 FLT1'!$A$4:$J$640,MATCH($W7&$C7,'ER C8 FLT1'!$A$4:$A$640&'ER C8 FLT1'!$B$4:$B$640-2,1),10),IF($Z7=\"Class_7\",INDEX('ER C7 FLT1'!$A$4:$J$640,MATCH($W7&$C7,'ER C7 FLT1'!$A$4:$A$640&'ER C7 FLT1'!$B$4:$B$640-2,1),10)*IF($Z7=\"Class_7\",INDEX('ER C7 FLT1'!$A$4:$J$640,MATCH($W7&$C7,'ER C7 FLT1'!$A$4:$A$640&'ER C7 FLT1'!$B$4:$B$640-2,1),10)),IF($Z7=\"Class_6\",INDEX('ER C6 FLT1'!$A$4:$J$640,MATCH($W7&$C7,'ER C6 FLT1'!$A$4:$A$640&'ER C6 FLT1'!$B$4:$B$640-2,1),10)*IF($Z7=\"Class_6\",INDEX('ER C6 FLT1'!$A$4:$J$640,MATCH($W7&$C7,'ER C6 FLT1'!$A$4:$A$640&'ER C6 FLT1'!$B$4:$B$640-2,1),10))))))))*($AC7/453.6)","v":0},{"$f":"EL7+EM7","v":0},{"$f":"MAX(0,DO7-DY7)","v":0},{"$f":"IF($B7=\"3+ Trucks\",IF($Z7=\"Class_8\",INDEX('ER C8 FLT3'!$A$4:$J$640,MATCH($W7&$C7,'ER C8 FLT3'!$A$4:$A$640&'ER C8 FLT3'!$B$4:$B$640-3,1),10),IF($Z7=\"Class_7\",INDEX('ER C7 FLT3'!$A$4:$J$640,MATCH($W7&$C7,'ER C7 FLT3'!$A$4:$A$640&'ER C7 FLT3'!$B$4:$B$640-3,1),10),IF($Z7=\"Class_6\",INDEX('ER C6 FLT3'!$A$4:$J$640,MATCH($W7&$C7,'ER C6 FLT3'!$A$4:$A$640&'ER C6 FLT3'!$B$4:$B$640-3,1),10)))),IF($B7=\"2 Trucks\",IF($Z7=\"Class_8\",INDEX('ER C8 FLT2'!$A$4:$J$640,MATCH($W7&$C7,'ER C8 FLT2'!$A$4:$A$640&'ER C8 FLT2'!$B$4:$B$640-3,1),10),IF($Z7=\"Class_7\",INDEX('ER C7 FLT2'!$A$4:$J$640,MATCH($W7&$C7,'ER C7 FLT2'!$A$4:$A$640&'ER C7 FLT2'!$B$4:$B$640-3,1),10),IF($Z7=\"Class_6\",INDEX('ER C6 FLT2'!$A$4:$J$640,MATCH($W7&$C7,'ER C6 FLT2'!$A$4:$A$640&'ER C6 FLT2'!$B$4:$B$640-3,1),10)))),IF($B7=\"1 Truck\",IF($Z7=\"Class_8\",INDEX('ER C8 FLT1'!$A$4:$J$640,MATCH($W7&$C7,'ER C8 FLT1'!$A$4:$A$640&'ER C8 FLT1'!$B$4:$B$640-3,1),10),IF($Z7=\"Class_7\",INDEX('ER C7 FLT1'!$A$4:$J$640,MATCH($W7&$C7,'ER C7 FLT1'!$A$4:$A$640&'ER C7 FLT1'!$B$4:$B$640-3,1),10)*IF($Z7=\"Class_7\",INDEX('ER C7 FLT1'!$A$4:$J$640,MATCH($W7&$C7,'ER C7 FLT1'!$A$4:$A$640&'ER C7 FLT1'!$B$4:$B$640-3,1),10)),IF($Z7=\"Class_6\",INDEX('ER C6 FLT1'!$A$4:$J$640,MATCH($W7&$C7,'ER C6 FLT1'!$A$4:$A$640&'ER C6 FLT1'!$B$4:$B$640-3,1),10)*IF($Z7=\"Class_6\",INDEX('ER C6 FLT1'!$A$4:$J$640,MATCH($W7&$C7,'ER C6 FLT1'!$A$4:$A$640&'ER C6 FLT1'!$B$4:$B$640-3,1),10))))))))*($AC7/453.6)","v":0},{"$f":"EO7+EP7","v":0},{"$f":"MAX(0,DP7-DZ7)","v":0},{"$f":"IF($B7=\"3+ Trucks\",IF($Z7=\"Class_8\",INDEX('ER C8 FLT3'!$A$4:$J$640,MATCH($W7&$C7,'ER C8 FLT3'!$A$4:$A$640&'ER C8 FLT3'!$B$4:$B$640-4,1),10),IF($Z7=\"Class_7\",INDEX('ER C7 FLT3'!$A$4:$J$640,MATCH($W7&$C7,'ER C7 FLT3'!$A$4:$A$640&'ER C7 FLT3'!$B$4:$B$640-4,1),10),IF($Z7=\"Class_6\",INDEX('ER C6 FLT3'!$A$4:$J$640,MATCH($W7&$C7,'ER C6 FLT3'!$A$4:$A$640&'ER C6 FLT3'!$B$4:$B$640-4,1),10)))),IF($B7=\"2 Trucks\",IF($Z7=\"Class_8\",INDEX('ER C8 FLT2'!$A$4:$J$640,MATCH($W7&$C7,'ER C8 FLT2'!$A$4:$A$640&'ER C8 FLT2'!$B$4:$B$640-4,1),10),IF($Z7=\"Class_7\",INDEX('ER C7 FLT2'!$A$4:$J$640,MATCH($W7&$C7,'ER C7 FLT2'!$A$4:$A$640&'ER C7 FLT2'!$B$4:$B$640-4,1),10),IF($Z7=\"Class_6\",INDEX('ER C6 FLT2'!$A$4:$J$640,MATCH($W7&$C7,'ER C6 FLT2'!$A$4:$A$640&'ER C6 FLT2'!$B$4:$B$640-4,1),10)))),IF($B7=\"1 Truck\",IF($Z7=\"Class_8\",INDEX('ER C8 FLT1'!$A$4:$J$640,MATCH($W7&$C7,'ER C8 FLT1'!$A$4:$A$640&'ER C8 FLT1'!$B$4:$B$640-4,1),10),IF($Z7=\"Class_7\",INDEX('ER C7 FLT1'!$A$4:$J$640,MATCH($W7&$C7,'ER C7 FLT1'!$A$4:$A$640&'ER C7 FLT1'!$B$4:$B$640-4,1),10)*IF($Z7=\"Class_7\",INDEX('ER C7 FLT1'!$A$4:$J$640,MATCH($W7&$C7,'ER C7 FLT1'!$A$4:$A$640&'ER C7 FLT1'!$B$4:$B$640-4,1),10)),IF($Z7=\"Class_6\",INDEX('ER C6 FLT1'!$A$4:$J$640,MATCH($W7&$C7,'ER C6 FLT1'!$A$4:$A$640&'ER C6 FLT1'!$B$4:$B$640-4,1),10)*IF($Z7=\"Class_6\",INDEX('ER C6 FLT1'!$A$4:$J$640,MATCH($W7&$C7,'ER C6 FLT1'!$A$4:$A$640&'ER C6 FLT1'!$B$4:$B$640-4,1),10))))))))*($AC7/453.6)","v":0},{"$f":"ER7+ES7","v":0},{"$f":"MAX(0,EH7+EK7+EN7+EQ7+ET7)","v":0}]
[{"$f":"'Input data'!A6","v":"project 2"},{"$f":"'Input data'!B6","v":0},{"$f":"'Input data'!C6","v":0},{"$f":"'Input data'!D6","v":0},{"$f":"'Input data'!E6","v":0},{"$f":"'Input data'!F6","v":0},{"$f":"'Input data'!G6","v":0},{"$f":"'Input data'!H6","v":""},{"$f":"'Input data'!I6","v":0},{"$f":"'Input data'!J6","v":0},{"$f":"'Input data'!K6","v":0},{"$f":"'Input data'!AK6","v":false},{"$f":"'Input data'!M6","v":0},{"$f":"'Input data'!AJ6","v":0},{"$f":"'Input data'!L6","v":0},{"$f":"'Input data'!N6","v":0},{"$f":"'Input data'!O6","v":0},{"$f":"'Input data'!P6","v":0},{"$f":"'Input data'!Q6","v":0},{"$f":"'Input data'!R6","v":"0"},{"$f":"'Input data'!$S6","v":"No"},{"$f":"'Input data'!T6","v":"No"},{"$f":"'Input data'!U6","v":0},{"$f":"'Input data'!V6","v":0},{"$f":"'Input data'!W6","v":0},{"$f":"'Input data'!X6","v":""},{"$f":"'Input data'!Y6","v":0},{"$f":"'Input data'!Z6","v":0},{"$f":"'Input data'!AA6","v":0},null,null,{"$f":"'Input data'!AD6","v":0},{"$f":"'Input data'!AE6","v":false},{"$f":"'Input data'!AF6","v":false},{"$f":"'Input data'!AG6","v":false},{"$f":"'Input data'!AH6","v":false},null,{"$f":"IF($B8=\"3+ Trucks\",IF(OR($H8=\"Class_8\",$N8=\"Replacement8HHD\",$AH8=\"CL7HHD\",$AJ8=\"CL7to8\"),INDEX('ER C8 FLT3'!$A$4:$J$640,MATCH($E8&$C8,'ER C8 FLT3'!$A$4:$A$640&'ER C8 FLT3'!$B$4:$B$640,1),8)*IF(OR($H8=\"Class_8\",$N8=\"Replacement8HHD\",$AH8=\"CL7HHD\",$AJ8=\"CL7to8\"),INDEX('ER C8 FLT3'!$A$4:$J$640,MATCH($E8&$C8,'ER C8 FLT3'!$A$4:$A$640&'ER C8 FLT3'!$B$4:$B$640,1),9)),IF($H8=\"Class_7\",INDEX('ER C7 FLT3'!$A$4:$J$640,MATCH($E8&$C8,'ER C7 FLT3'!$A$4:$A$640&'ER C7 FLT3'!$B$4:$B$640,1),8)*IF($H8=\"Class_7\",INDEX('ER C7 FLT3'!$A$4:$J$640,MATCH($E8&$C8,'ER C7 FLT3'!$A$4:$A$640&'ER C7 FLT3'!$B$4:$B$640,1),9)),\nIF($H8=\"Class_6\",INDEX('ER C6 FLT3'!$A$4:$J$640,MATCH($E8&$C8,'ER C6 FLT3'!$A$4:$A$640&'ER C6 FLT3'!$B$4:$B$640,1),8)*IF($H8=\"Class_6\",INDEX('ER C6 FLT3'!$A$4:$L$640,MATCH($E8&$C8,'ER C6 FLT3'!$A$4:$A$640&'ER C6 FLT3'!$B$4:$B$640,1),9))))),IF($B8=\"2 Trucks\",IF(OR($H8=\"Class_8\",$N8=\"Replacement8HHD\",$AH8=\"CL7HHD\",$AJ8=\"CL7to8\"),INDEX('ER C8 FLT2'!$A$4:$J$640,MATCH($E8&$C8,'ER C8 FLT2'!$A$4:$A$640&'ER C8 FLT2'!$B$4:$B$640,1),8)*IF(OR($H8=\"Class_8\",$N8=\"Replacement8HHD\",$AH8=\"CL7HHD\",$AJ8=\"CL7to8\"),INDEX('ER C8 FLT2'!$A$4:$J$640,MATCH($E8&$C8,'ER C8 FLT2'!$A$4:$A$640&'ER C8 FLT2'!$B$4:$B$640,1),9)),IF($H8=\"Class_7\",INDEX('ER C7 FLT2'!$A$4:$J$640,MATCH($E8&$C8,'ER C7 FLT2'!$A$4:$A$640&'ER C7 FLT2'!$B$4:$B$640,1),8)*IF($H8=\"Class_7\",INDEX('ER C7 FLT2'!$A$4:$J$640,MATCH($E8&$C8,'ER C7 FLT2'!$A$4:$A$640&'ER C7 FLT2'!$B$4:$B$640,1),9)),IF($H8=\"Class_6\",INDEX('ER C6 FLT2'!$A$4:$J$640,MATCH($E8&$C8,'ER C6 FLT2'!$A$4:$A$640&'ER C6 FLT2'!$B$4:$B$640,1),8)*IF($H8=\"Class_6\",INDEX('ER C6 FLT2'!$A$4:$J$640,MATCH($E8&$C8,'ER C6 FLT2'!$A$4:$A$640&'ER C6 FLT2'!$B$4:$B$640,1),9))))),IF($B8=\"1 Truck\",\nIF(OR($H8=\"Class_8\",$N8=\"Replacement8HHD\",$AH8=\"CL7HHD\",$AJ8=\"CL7to8\"),INDEX('ER C8 FLT1'!$A$4:$J$640,MATCH($E8&$C8,'ER C8 FLT1'!$A$4:$A$640&'ER C8 FLT1'!$B$4:$B$640,1),8)*IF(OR($H8=\"Class_8\",$N8=\"Replacement8HHD\",$AH8=\"CL7HHD\",$AJ8=\"CL7to8\"),INDEX('ER C8 FLT1'!$A$4:$J$640,MATCH($E8&$C8,'ER C8 FLT1'!$A$4:$A$640&'ER C8 FLT1'!$B$4:$B$640,1),9)),IF($H8=\"Class_7\",INDEX('ER C7 FLT1'!$A$4:$J$640,MATCH($E8&$C8,'ER C7 FLT1'!$A$4:$A$640&'ER C7 FLT1'!$B$4:$B$640,1),8)*IF($H8=\"Class_7\",INDEX('ER C7 FLT1'!$A$4:$J$640,MATCH($E8&$C8,'ER C7 FLT1'!$A$4:$A$640&'ER C7 FLT1'!$B$4:$B$640,1),9)),\nIF($H8=\"Class_6\",INDEX('ER C6 FLT1'!$A$4:$J$640,MATCH($E8&$C8,'ER C6 FLT1'!$A$4:$A$640&'ER C6 FLT1'!$B$4:$B$640,1),8)*IF($H8=\"Class_6\",INDEX('ER C6 FLT1'!$A$4:$J$640,MATCH($E8&$C8,'ER C6 FLT1'!$A$4:$A$640&'ER C6 FLT1'!$B$4:$B$640,1),9))))))))*IF($F8=\"Level 1 PM\",0.75,IF($F8=\"Level 2 PM\",0.5,IF($F8=\"Level 3 PM\",0,IF($F8=\"Level 3 PM + Mark I NOx\",0,1))))*($Q8/453.6)","v":0},{"$f":"IF($B8=\"3+ Trucks\",IF(OR($H8=\"Class_8\",$N8=\"Replacement8HHD\",$AH8=\"CL7HHD\",$AJ8=\"CL7to8\"),INDEX('ER C8 FLT3'!$A$4:$J$640,MATCH($E8&$C8,'ER C8 FLT3'!$A$4:$A$640&'ER C8 FLT3'!$B$4:$B$640-1,1),8)*IF(OR($H8=\"Class_8\",$N8=\"Replacement8HHD\",$AH8=\"CL7HHD\",$AJ8=\"CL7to8\"),INDEX('ER C8 FLT3'!$A$4:$J$640,MATCH($E8&$C8,'ER C8 FLT3'!$A$4:$A$640&'ER C8 FLT3'!$B$4:$B$640-1,1),9)),IF($H8=\"Class_7\",INDEX('ER C7 FLT3'!$A$4:$J$640,MATCH($E8&$C8,'ER C7 FLT3'!$A$4:$A$640&'ER C7 FLT3'!$B$4:$B$640-1,1),8)*IF($H8=\"Class_7\",INDEX('ER C7 FLT3'!$A$4:$J$640,MATCH($E8&$C8,'ER C7 FLT3'!$A$4:$A$640&'ER C7 FLT3'!$B$4:$B$640-1,1),9)),\nIF($H8=\"Class_6\",INDEX('ER C6 FLT3'!$A$4:$J$640,MATCH($E8&$C8,'ER C6 FLT3'!$A$4:$A$640&'ER C6 FLT3'!$B$4:$B$640-1,1),8)*IF($H8=\"Class_6\",INDEX('ER C6 FLT3'!$A$4:$L$640,MATCH($E8&$C8,'ER C6 FLT3'!$A$4:$A$640&'ER C6 FLT3'!$B$4:$B$640-1,1),9))))),IF($B8=\"2 Trucks\",IF(OR($H8=\"Class_8\",$N8=\"Replacement8HHD\",$AH8=\"CL7HHD\",$AJ8=\"CL7to8\"),INDEX('ER C8 FLT2'!$A$4:$J$640,MATCH($E8&$C8,'ER C8 FLT2'!$A$4:$A$640&'ER C8 FLT2'!$B$4:$B$640-1,1),8)*IF(OR($H8=\"Class_8\",$N8=\"Replacement8HHD\",$AH8=\"CL7HHD\",$AJ8=\"CL7to8\"),INDEX('ER C8 FLT2'!$A$4:$J$640,MATCH($E8&$C8,'ER C8 FLT2'!$A$4:$A$640&'ER C8 FLT2'!$B$4:$B$640-1,1),9)),IF($H8=\"Class_7\",INDEX('ER C7 FLT2'!$A$4:$J$640,MATCH($E8&$C8,'ER C7 FLT2'!$A$4:$A$640&'ER C7 FLT2'!$B$4:$B$640-1,1),8)*IF($H8=\"Class_7\",INDEX('ER C7 FLT2'!$A$4:$J$640,MATCH($E8&$C8,'ER C7 FLT2'!$A$4:$A$640&'ER C7 FLT2'!$B$4:$B$640-1,1),9)),IF($H8=\"Class_6\",INDEX('ER C6 FLT2'!$A$4:$J$640,MATCH($E8&$C8,'ER C6 FLT2'!$A$4:$A$640&'ER C6 FLT2'!$B$4:$B$640-1,1),8)*IF($H8=\"Class_6\",INDEX('ER C6 FLT2'!$A$4:$J$640,MATCH($E8&$C8,'ER C6 FLT2'!$A$4:$A$640&'ER C6 FLT2'!$B$4:$B$640-1,1),9))))),IF($B8=\"1 Truck\",\nIF(OR($H8=\"Class_8\",$N8=\"Replacement8HHD\",$AH8=\"CL7HHD\",$AJ8=\"CL7to8\"),INDEX('ER C8 FLT1'!$A$4:$J$640,MATCH($E8&$C8,'ER C8 FLT1'!$A$4:$A$640&'ER C8 FLT1'!$B$4:$B$640-1,1),8)*IF(OR($H8=\"Class_8\",$N8=\"Replacement8HHD\",$AH8=\"CL7HHD\",$AJ8=\"CL7to8\"),INDEX('ER C8 FLT1'!$A$4:$J$640,MATCH($E8&$C8,'ER C8 FLT1'!$A$4:$A$640&'ER C8 FLT1'!$B$4:$B$640-1,1),9)),IF($H8=\"Class_7\",INDEX('ER C7 FLT1'!$A$4:$J$640,MATCH($E8&$C8,'ER C7 FLT1'!$A$4:$A$640&'ER C7 FLT1'!$B$4:$B$640-1,1),8)*IF($H8=\"Class_7\",INDEX('ER C7 FLT1'!$A$4:$J$640,MATCH($E8&$C8,'ER C7 FLT1'!$A$4:$A$640&'ER C7 FLT1'!$B$4:$B$640-1,1),9)),\nIF($H8=\"Class_6\",INDEX('ER C6 FLT1'!$A$4:$J$640,MATCH($E8&$C8,'ER C6 FLT1'!$A$4:$A$640&'ER C6 FLT1'!$B$4:$B$640-1,1),8)*IF($H8=\"Class_6\",INDEX('ER C6 FLT1'!$A$4:$J$640,MATCH($E8&$C8,'ER C6 FLT1'!$A$4:$A$640&'ER C6 FLT1'!$B$4:$B$640-1,1),9))))))))*IF($F8=\"Level 1 PM\",0.75,IF($F8=\"Level 2 PM\",0.5,IF($F8=\"Level 3 PM\",0,IF($F8=\"Level 3 PM + Mark I NOx\",0,1))))*($Q8/453.6)","v":0},{"$f":"IF($B8=\"3+ Trucks\",IF(OR($H8=\"Class_8\",$N8=\"Replacement8HHD\",$AH8=\"CL7HHD\",$AJ8=\"CL7to8\"),INDEX('ER C8 FLT3'!$A$4:$J$640,MATCH($E8&$C8,'ER C8 FLT3'!$A$4:$A$640&'ER C8 FLT3'!$B$4:$B$640-2,1),8)*IF(OR($H8=\"Class_8\",$N8=\"Replacement8HHD\",$AH8=\"CL7HHD\",$AJ8=\"CL7to8\"),INDEX('ER C8 FLT3'!$A$4:$J$640,MATCH($E8&$C8,'ER C8 FLT3'!$A$4:$A$640&'ER C8 FLT3'!$B$4:$B$640-2,1),9)),IF($H8=\"Class_7\",INDEX('ER C7 FLT3'!$A$4:$J$640,MATCH($E8&$C8,'ER C7 FLT3'!$A$4:$A$640&'ER C7 FLT3'!$B$4:$B$640-2,1),8)*IF($H8=\"Class_7\",INDEX('ER C7 FLT3'!$A$4:$J$640,MATCH($E8&$C8,'ER C7 FLT3'!$A$4:$A$640&'ER C7 FLT3'!$B$4:$B$640-2,1),9)),\nIF($H8=\"Class_6\",INDEX('ER C6 FLT3'!$A$4:$J$640,MATCH($E8&$C8,'ER C6 FLT3'!$A$4:$A$640&'ER C6 FLT3'!$B$4:$B$640-2,1),8)*IF($H8=\"Class_6\",INDEX('ER C6 FLT3'!$A$4:$L$640,MATCH($E8&$C8,'ER C6 FLT3'!$A$4:$A$640&'ER C6 FLT3'!$B$4:$B$640-2,1),9))))),IF($B8=\"2 Trucks\",IF(OR($H8=\"Class_8\",$N8=\"Replacement8HHD\",$AH8=\"CL7HHD\",$AJ8=\"CL7to8\"),INDEX('ER C8 FLT2'!$A$4:$J$640,MATCH($E8&$C8,'ER C8 FLT2'!$A$4:$A$640&'ER C8 FLT2'!$B$4:$B$640-2,1),8)*IF(OR($H8=\"Class_8\",$N8=\"Replacement8HHD\",$AH8=\"CL7HHD\",$AJ8=\"CL7to8\"),INDEX('ER C8 FLT2'!$A$4:$J$640,MATCH($E8&$C8,'ER C8 FLT2'!$A$4:$A$640&'ER C8 FLT2'!$B$4:$B$640-2,1),9)),IF($H8=\"Class_7\",INDEX('ER C7 FLT2'!$A$4:$J$640,MATCH($E8&$C8,'ER C7 FLT2'!$A$4:$A$640&'ER C7 FLT2'!$B$4:$B$640-2,1),8)*IF($H8=\"Class_7\",INDEX('ER C7 FLT2'!$A$4:$J$640,MATCH($E8&$C8,'ER C7 FLT2'!$A$4:$A$640&'ER C7 FLT2'!$B$4:$B$640-2,1),9)),IF($H8=\"Class_6\",INDEX('ER C6 FLT2'!$A$4:$J$640,MATCH($E8&$C8,'ER C6 FLT2'!$A$4:$A$640&'ER C6 FLT2'!$B$4:$B$640-2,1),8)*IF($H8=\"Class_6\",INDEX('ER C6 FLT2'!$A$4:$J$640,MATCH($E8&$C8,'ER C6 FLT2'!$A$4:$A$640&'ER C6 FLT2'!$B$4:$B$640-2,1),9))))),IF($B8=\"1 Truck\",\nIF(OR($H8=\"Class_8\",$N8=\"Replacement8HHD\",$AH8=\"CL7HHD\",$AJ8=\"CL7to8\"),INDEX('ER C8 FLT1'!$A$4:$J$640,MATCH($E8&$C8,'ER C8 FLT1'!$A$4:$A$640&'ER C8 FLT1'!$B$4:$B$640-2,1),8)*IF(OR($H8=\"Class_8\",$N8=\"Replacement8HHD\",$AH8=\"CL7HHD\",$AJ8=\"CL7to8\"),INDEX('ER C8 FLT1'!$A$4:$J$640,MATCH($E8&$C8,'ER C8 FLT1'!$A$4:$A$640&'ER C8 FLT1'!$B$4:$B$640-2,1),9)),IF($H8=\"Class_7\",INDEX('ER C7 FLT1'!$A$4:$J$640,MATCH($E8&$C8,'ER C7 FLT1'!$A$4:$A$640&'ER C7 FLT1'!$B$4:$B$640-2,1),8)*IF($H8=\"Class_7\",INDEX('ER C7 FLT1'!$A$4:$J$640,MATCH($E8&$C8,'ER C7 FLT1'!$A$4:$A$640&'ER C7 FLT1'!$B$4:$B$640-2,1),9)),\nIF($H8=\"Class_6\",INDEX('ER C6 FLT1'!$A$4:$J$640,MATCH($E8&$C8,'ER C6 FLT1'!$A$4:$A$640&'ER C6 FLT1'!$B$4:$B$640-2,1),8)*IF($H8=\"Class_6\",INDEX('ER C6 FLT1'!$A$4:$J$640,MATCH($E8&$C8,'ER C6 FLT1'!$A$4:$A$640&'ER C6 FLT1'!$B$4:$B$640-2,1),9))))))))*IF($F8=\"Level 1 PM\",0.75,IF($F8=\"Level 2 PM\",0.5,IF($F8=\"Level 3 PM\",0,IF($F8=\"Level 3 PM + Mark I NOx\",0,1))))*($Q8/453.6)","v":0},{"$f":"IF($B8=\"3+ Trucks\",IF(OR($H8=\"Class_8\",$N8=\"Replacement8HHD\",$AH8=\"CL7HHD\",$AJ8=\"CL7to8\"),INDEX('ER C8 FLT3'!$A$4:$J$640,MATCH($E8&$C8,'ER C8 FLT3'!$A$4:$A$640&'ER C8 FLT3'!$B$4:$B$640-3,1),8)*IF(OR($H8=\"Class_8\",$N8=\"Replacement8HHD\",$AH8=\"CL7HHD\",$AJ8=\"CL7to8\"),INDEX('ER C8 FLT3'!$A$4:$J$640,MATCH($E8&$C8,'ER C8 FLT3'!$A$4:$A$640&'ER C8 FLT3'!$B$4:$B$640-3,1),9)),IF($H8=\"Class_7\",INDEX('ER C7 FLT3'!$A$4:$J$640,MATCH($E8&$C8,'ER C7 FLT3'!$A$4:$A$640&'ER C7 FLT3'!$B$4:$B$640-3,1),8)*IF($H8=\"Class_7\",INDEX('ER C7 FLT3'!$A$4:$J$640,MATCH($E8&$C8,'ER C7 FLT3'!$A$4:$A$640&'ER C7 FLT3'!$B$4:$B$640-3,1),9)),\nIF($H8=\"Class_6\",INDEX('ER C6 FLT3'!$A$4:$J$640,MATCH($E8&$C8,'ER C6 FLT3'!$A$4:$A$640&'ER C6 FLT3'!$B$4:$B$640-3,1),8)*IF($H8=\"Class_6\",INDEX('ER C6 FLT3'!$A$4:$L$640,MATCH($E8&$C8,'ER C6 FLT3'!$A$4:$A$640&'ER C6 FLT3'!$B$4:$B$640-3,1),9))))),IF($B8=\"2 Trucks\",IF(OR($H8=\"Class_8\",$N8=\"Replacement8HHD\",$AH8=\"CL7HHD\",$AJ8=\"CL7to8\"),INDEX('ER C8 FLT2'!$A$4:$J$640,MATCH($E8&$C8,'ER C8 FLT2'!$A$4:$A$640&'ER C8 FLT2'!$B$4:$B$640-3,1),8)*IF(OR($H8=\"Class_8\",$N8=\"Replacement8HHD\",$AH8=\"CL7HHD\",$AJ8=\"CL7to8\"),INDEX('ER C8 FLT2'!$A$4:$J$640,MATCH($E8&$C8,'ER C8 FLT2'!$A$4:$A$640&'ER C8 FLT2'!$B$4:$B$640-3,1),9)),IF($H8=\"Class_7\",INDEX('ER C7 FLT2'!$A$4:$J$640,MATCH($E8&$C8,'ER C7 FLT2'!$A$4:$A$640&'ER C7 FLT2'!$B$4:$B$640-3,1),8)*IF($H8=\"Class_7\",INDEX('ER C7 FLT2'!$A$4:$J$640,MATCH($E8&$C8,'ER C7 FLT2'!$A$4:$A$640&'ER C7 FLT2'!$B$4:$B$640-3,1),9)),IF($H8=\"Class_6\",INDEX('ER C6 FLT2'!$A$4:$J$640,MATCH($E8&$C8,'ER C6 FLT2'!$A$4:$A$640&'ER C6 FLT2'!$B$4:$B$640-3,1),8)*IF($H8=\"Class_6\",INDEX('ER C6 FLT2'!$A$4:$J$640,MATCH($E8&$C8,'ER C6 FLT2'!$A$4:$A$640&'ER C6 FLT2'!$B$4:$B$640-3,1),9))))),IF($B8=\"1 Truck\",\nIF(OR($H8=\"Class_8\",$N8=\"Replacement8HHD\",$AH8=\"CL7HHD\",$AJ8=\"CL7to8\"),INDEX('ER C8 FLT1'!$A$4:$J$640,MATCH($E8&$C8,'ER C8 FLT1'!$A$4:$A$640&'ER C8 FLT1'!$B$4:$B$640-3,1),8)*IF(OR($H8=\"Class_8\",$N8=\"Replacement8HHD\",$AH8=\"CL7HHD\",$AJ8=\"CL7to8\"),INDEX('ER C8 FLT1'!$A$4:$J$640,MATCH($E8&$C8,'ER C8 FLT1'!$A$4:$A$640&'ER C8 FLT1'!$B$4:$B$640-3,1),9)),IF($H8=\"Class_7\",INDEX('ER C7 FLT1'!$A$4:$J$640,MATCH($E8&$C8,'ER C7 FLT1'!$A$4:$A$640&'ER C7 FLT1'!$B$4:$B$640-3,1),8)*IF($H8=\"Class_7\",INDEX('ER C7 FLT1'!$A$4:$J$640,MATCH($E8&$C8,'ER C7 FLT1'!$A$4:$A$640&'ER C7 FLT1'!$B$4:$B$640-3,1),9)),\nIF($H8=\"Class_6\",INDEX('ER C6 FLT1'!$A$4:$J$640,MATCH($E8&$C8,'ER C6 FLT1'!$A$4:$A$640&'ER C6 FLT1'!$B$4:$B$640-3,1),8)*IF($H8=\"Class_6\",INDEX('ER C6 FLT1'!$A$4:$J$640,MATCH($E8&$C8,'ER C6 FLT1'!$A$4:$A$640&'ER C6 FLT1'!$B$4:$B$640-3,1),9))))))))*IF($F8=\"Level 1 PM\",0.75,IF($F8=\"Level 2 PM\",0.5,IF($F8=\"Level 3 PM\",0,IF($F8=\"Level 3 PM + Mark I NOx\",0,1))))*($Q8/453.6)","v":0},{"$f":"IF($B8=\"3+ Trucks\",IF(OR($H8=\"Class_8\",$N8=\"Replacement8HHD\",$AH8=\"CL7HHD\",$AJ8=\"CL7to8\"),INDEX('ER C8 FLT3'!$A$4:$J$640,MATCH($E8&$C8,'ER C8 FLT3'!$A$4:$A$640&'ER C8 FLT3'!$B$4:$B$640-4,1),8)*IF(OR($H8=\"Class_8\",$N8=\"Replacement8HHD\",$AH8=\"CL7HHD\",$AJ8=\"CL7to8\"),INDEX('ER C8 FLT3'!$A$4:$J$640,MATCH($E8&$C8,'ER C8 FLT3'!$A$4:$A$640&'ER C8 FLT3'!$B$4:$B$640-4,1),9)),IF($H8=\"Class_7\",INDEX('ER C7 FLT3'!$A$4:$J$640,MATCH($E8&$C8,'ER C7 FLT3'!$A$4:$A$640&'ER C7 FLT3'!$B$4:$B$640-4,1),8)*IF($H8=\"Class_7\",INDEX('ER C7 FLT3'!$A$4:$J$640,MATCH($E8&$C8,'ER C7 FLT3'!$A$4:$A$640&'ER C7 FLT3'!$B$4:$B$640-4,1),9)),\nIF($H8=\"Class_6\",INDEX('ER C6 FLT3'!$A$4:$J$640,MATCH($E8&$C8,'ER C6 FLT3'!$A$4:$A$640&'ER C6 FLT3'!$B$4:$B$640-4,1),8)*IF($H8=\"Class_6\",INDEX('ER C6 FLT3'!$A$4:$L$640,MATCH($E8&$C8,'ER C6 FLT3'!$A$4:$A$640&'ER C6 FLT3'!$B$4:$B$640-4,1),9))))),IF($B8=\"2 Trucks\",IF(OR($H8=\"Class_8\",$N8=\"Replacement8HHD\",$AH8=\"CL7HHD\",$AJ8=\"CL7to8\"),INDEX('ER C8 FLT2'!$A$4:$J$640,MATCH($E8&$C8,'ER C8 FLT2'!$A$4:$A$640&'ER C8 FLT2'!$B$4:$B$640-4,1),8)*IF(OR($H8=\"Class_8\",$N8=\"Replacement8HHD\",$AH8=\"CL7HHD\",$AJ8=\"CL7to8\"),INDEX('ER C8 FLT2'!$A$4:$J$640,MATCH($E8&$C8,'ER C8 FLT2'!$A$4:$A$640&'ER C8 FLT2'!$B$4:$B$640-4,1),9)),IF($H8=\"Class_7\",INDEX('ER C7 FLT2'!$A$4:$J$640,MATCH($E8&$C8,'ER C7 FLT2'!$A$4:$A$640&'ER C7 FLT2'!$B$4:$B$640-4,1),8)*IF($H8=\"Class_7\",INDEX('ER C7 FLT2'!$A$4:$J$640,MATCH($E8&$C8,'ER C7 FLT2'!$A$4:$A$640&'ER C7 FLT2'!$B$4:$B$640-4,1),9)),IF($H8=\"Class_6\",INDEX('ER C6 FLT2'!$A$4:$J$640,MATCH($E8&$C8,'ER C6 FLT2'!$A$4:$A$640&'ER C6 FLT2'!$B$4:$B$640-4,1),8)*IF($H8=\"Class_6\",INDEX('ER C6 FLT2'!$A$4:$J$640,MATCH($E8&$C8,'ER C6 FLT2'!$A$4:$A$640&'ER C6 FLT2'!$B$4:$B$640-4,1),9))))),IF($B8=\"1 Truck\",\nIF(OR($H8=\"Class_8\",$N8=\"Replacement8HHD\",$AH8=\"CL7HHD\",$AJ8=\"CL7to8\"),INDEX('ER C8 FLT1'!$A$4:$J$640,MATCH($E8&$C8,'ER C8 FLT1'!$A$4:$A$640&'ER C8 FLT1'!$B$4:$B$640-4,1),8)*IF(OR($H8=\"Class_8\",$N8=\"Replacement8HHD\",$AH8=\"CL7HHD\",$AJ8=\"CL7to8\"),INDEX('ER C8 FLT1'!$A$4:$J$640,MATCH($E8&$C8,'ER C8 FLT1'!$A$4:$A$640&'ER C8 FLT1'!$B$4:$B$640-4,1),9)),IF($H8=\"Class_7\",INDEX('ER C7 FLT1'!$A$4:$J$640,MATCH($E8&$C8,'ER C7 FLT1'!$A$4:$A$640&'ER C7 FLT1'!$B$4:$B$640-4,1),8)*IF($H8=\"Class_7\",INDEX('ER C7 FLT1'!$A$4:$J$640,MATCH($E8&$C8,'ER C7 FLT1'!$A$4:$A$640&'ER C7 FLT1'!$B$4:$B$640-4,1),9)),\nIF($H8=\"Class_6\",INDEX('ER C6 FLT1'!$A$4:$J$640,MATCH($E8&$C8,'ER C6 FLT1'!$A$4:$A$640&'ER C6 FLT1'!$B$4:$B$640-4,1),8)*IF($H8=\"Class_6\",INDEX('ER C6 FLT1'!$A$4:$J$640,MATCH($E8&$C8,'ER C6 FLT1'!$A$4:$A$640&'ER C6 FLT1'!$B$4:$B$640-4,1),9))))))))*IF($F8=\"Level 1 PM\",0.75,IF($F8=\"Level 2 PM\",0.5,IF($F8=\"Level 3 PM\",0,IF($F8=\"Level 3 PM + Mark I NOx\",0,1))))*($Q8/453.6)","v":0},{"$f":"IF($B8=\"3+ Trucks\",IF(OR($H8=\"Class_8\",$N8=\"Replacement8HHD\",$AH8=\"CL7HHD\",$AJ8=\"CL7to8\"),INDEX('ER C8 FLT3'!$A$4:$J$640,MATCH($E8&$C8,'ER C8 FLT3'!$A$4:$A$640&'ER C8 FLT3'!$B$4:$B$640,1),8),IF($H8=\"Class_7\",INDEX('ER C7 FLT3'!$A$4:$J$640,MATCH($E8&$C8,'ER C7 FLT3'!$A$4:$A$640&'ER C7 FLT3'!$B$4:$B$640,1),8),IF($H8=\"Class_6\",INDEX('ER C6 FLT3'!$A$4:$J$640,MATCH($E8&$C8,'ER C6 FLT3'!$A$4:$A$640&'ER C6 FLT3'!$B$4:$B$640,1),8)))),IF($B8=\"2 Trucks\",IF(OR($H8=\"Class_8\",$N8=\"Replacement8HHD\",$AH8=\"CL7HHD\",$AJ8=\"CL7to8\"),INDEX('ER C8 FLT2'!$A$4:$J$640,MATCH($E8&$C8,'ER C8 FLT2'!$A$4:$A$640&'ER C8 FLT2'!$B$4:$B$640,1),8),IF($H8=\"Class_7\",INDEX('ER C7 FLT2'!$A$4:$J$640,MATCH($E8&$C8,'ER C7 FLT2'!$A$4:$A$640&'ER C7 FLT2'!$B$4:$B$640,1),8),IF($H8=\"Class_6\",INDEX('ER C6 FLT2'!$A$4:$J$640,MATCH($E8&$C8,'ER C6 FLT2'!$A$4:$A$640&'ER C6 FLT2'!$B$4:$B$640,1),8)))),IF($B8=\"1 Truck\",IF(OR($H8=\"Class_8\",$N8=\"Replacement8HHD\",$AH8=\"CL7HHD\",$AJ8=\"CL7to8\"),INDEX('ER C8 FLT1'!$A$4:$J$640,MATCH($E8&$C8,'ER C8 FLT1'!$A$4:$A$640&'ER C8 FLT1'!$B$4:$B$640,1),8),IF($H8=\"Class_7\",INDEX('ER C7 FLT1'!$A$4:$J$640,MATCH($E8&$C8,'ER C7 FLT1'!$A$4:$A$640&'ER C7 FLT1'!$B$4:$B$640,1),8),IF($H8=\"Class_6\",INDEX('ER C6 FLT1'!$A$4:$J$640,MATCH($E8&$C8,'ER C6 FLT1'!$A$4:$A$640&'ER C6 FLT1'!$B$4:$B$640,1),8)))))))","v":false},{"$f":"IF($B8=\"3+ Trucks\",IF(OR($H8=\"Class_8\",$N8=\"Replacement8HHD\",$AH8=\"CL7HHD\",$AJ8=\"CL7to8\"),INDEX('ER C8 FLT3'!$A$4:$J$640,MATCH($E8&$C8,'ER C8 FLT3'!$A$4:$A$640&'ER C8 FLT3'!$B$4:$B$640-1,1),8),IF($H8=\"Class_7\",INDEX('ER C7 FLT3'!$A$4:$J$640,MATCH($E8&$C8,'ER C7 FLT3'!$A$4:$A$640&'ER C7 FLT3'!$B$4:$B$640-1,1),8),IF($H8=\"Class_6\",INDEX('ER C6 FLT3'!$A$4:$J$640,MATCH($E8&$C8,'ER C6 FLT3'!$A$4:$A$640&'ER C6 FLT3'!$B$4:$B$640-1,1),8)))),IF($B8=\"2 Trucks\",IF(OR($H8=\"Class_8\",$N8=\"Replacement8HHD\",$AH8=\"CL7HHD\",$AJ8=\"CL7to8\"),INDEX('ER C8 FLT2'!$A$4:$J$640,MATCH($E8&$C8,'ER C8 FLT2'!$A$4:$A$640&'ER C8 FLT2'!$B$4:$B$640-1,1),8),IF($H8=\"Class_7\",INDEX('ER C7 FLT2'!$A$4:$J$640,MATCH($E8&$C8,'ER C7 FLT2'!$A$4:$A$640&'ER C7 FLT2'!$B$4:$B$640-1,1),8),IF($H8=\"Class_6\",INDEX('ER C6 FLT2'!$A$4:$J$640,MATCH($E8&$C8,'ER C6 FLT2'!$A$4:$A$640&'ER C6 FLT2'!$B$4:$B$640-1,1),8)))),IF($B8=\"1 Truck\",IF(OR($H8=\"Class_8\",$N8=\"Replacement8HHD\",$AH8=\"CL7HHD\",$AJ8=\"CL7to8\"),INDEX('ER C8 FLT1'!$A$4:$J$640,MATCH($E8&$C8,'ER C8 FLT1'!$A$4:$A$640&'ER C8 FLT1'!$B$4:$B$640-1,1),8),IF($H8=\"Class_7\",INDEX('ER C7 FLT1'!$A$4:$J$640,MATCH($E8&$C8,'ER C7 FLT1'!$A$4:$A$640&'ER C7 FLT1'!$B$4:$B$640-1,1),8),IF($H8=\"Class_6\",INDEX('ER C6 FLT1'!$A$4:$J$640,MATCH($E8&$C8,'ER C6 FLT1'!$A$4:$A$640&'ER C6 FLT1'!$B$4:$B$640-1,1),8)))))))","v":false},{"$f":"IF($B8=\"3+ Trucks\",IF(OR($H8=\"Class_8\",$N8=\"Replacement8HHD\",$AH8=\"CL7HHD\",$AJ8=\"CL7to8\"),INDEX('ER C8 FLT3'!$A$4:$J$640,MATCH($E8&$C8,'ER C8 FLT3'!$A$4:$A$640&'ER C8 FLT3'!$B$4:$B$640-2,1),8),IF($H8=\"Class_7\",INDEX('ER C7 FLT3'!$A$4:$J$640,MATCH($E8&$C8,'ER C7 FLT3'!$A$4:$A$640&'ER C7 FLT3'!$B$4:$B$640-2,1),8),IF($H8=\"Class_6\",INDEX('ER C6 FLT3'!$A$4:$J$640,MATCH($E8&$C8,'ER C6 FLT3'!$A$4:$A$640&'ER C6 FLT3'!$B$4:$B$640-2,1),8)))),IF($B8=\"2 Trucks\",IF(OR($H8=\"Class_8\",$N8=\"Replacement8HHD\",$AH8=\"CL7HHD\",$AJ8=\"CL7to8\"),INDEX('ER C8 FLT2'!$A$4:$J$640,MATCH($E8&$C8,'ER C8 FLT2'!$A$4:$A$640&'ER C8 FLT2'!$B$4:$B$640-2,1),8),IF($H8=\"Class_7\",INDEX('ER C7 FLT2'!$A$4:$J$640,MATCH($E8&$C8,'ER C7 FLT2'!$A$4:$A$640&'ER C7 FLT2'!$B$4:$B$640-2,1),8),IF($H8=\"Class_6\",INDEX('ER C6 FLT2'!$A$4:$J$640,MATCH($E8&$C8,'ER C6 FLT2'!$A$4:$A$640&'ER C6 FLT2'!$B$4:$B$640-2,1),8)))),IF($B8=\"1 Truck\",IF(OR($H8=\"Class_8\",$N8=\"Replacement8HHD\",$AH8=\"CL7HHD\",$AJ8=\"CL7to8\"),INDEX('ER C8 FLT1'!$A$4:$J$640,MATCH($E8&$C8,'ER C8 FLT1'!$A$4:$A$640&'ER C8 FLT1'!$B$4:$B$640-2,1),8),IF($H8=\"Class_7\",INDEX('ER C7 FLT1'!$A$4:$J$640,MATCH($E8&$C8,'ER C7 FLT1'!$A$4:$A$640&'ER C7 FLT1'!$B$4:$B$640-2,1),8),IF($H8=\"Class_6\",INDEX('ER C6 FLT1'!$A$4:$J$640,MATCH($E8&$C8,'ER C6 FLT1'!$A$4:$A$640&'ER C6 FLT1'!$B$4:$B$640-2,1),8)))))))","v":false},{"$f":"IF($B8=\"3+ Trucks\",IF(OR($H8=\"Class_8\",$N8=\"Replacement8HHD\",$AH8=\"CL7HHD\",$AJ8=\"CL7to8\"),INDEX('ER C8 FLT3'!$A$4:$J$640,MATCH($E8&$C8,'ER C8 FLT3'!$A$4:$A$640&'ER C8 FLT3'!$B$4:$B$640-3,1),8),IF($H8=\"Class_7\",INDEX('ER C7 FLT3'!$A$4:$J$640,MATCH($E8&$C8,'ER C7 FLT3'!$A$4:$A$640&'ER C7 FLT3'!$B$4:$B$640-3,1),8),IF($H8=\"Class_6\",INDEX('ER C6 FLT3'!$A$4:$J$640,MATCH($E8&$C8,'ER C6 FLT3'!$A$4:$A$640&'ER C6 FLT3'!$B$4:$B$640-3,1),8)))),IF($B8=\"2 Trucks\",IF(OR($H8=\"Class_8\",$N8=\"Replacement8HHD\",$AH8=\"CL7HHD\",$AJ8=\"CL7to8\"),INDEX('ER C8 FLT2'!$A$4:$J$640,MATCH($E8&$C8,'ER C8 FLT2'!$A$4:$A$640&'ER C8 FLT2'!$B$4:$B$640-3,1),8),IF($H8=\"Class_7\",INDEX('ER C7 FLT2'!$A$4:$J$640,MATCH($E8&$C8,'ER C7 FLT2'!$A$4:$A$640&'ER C7 FLT2'!$B$4:$B$640-3,1),8),IF($H8=\"Class_6\",INDEX('ER C6 FLT2'!$A$4:$J$640,MATCH($E8&$C8,'ER C6 FLT2'!$A$4:$A$640&'ER C6 FLT2'!$B$4:$B$640-3,1),8)))),IF($B8=\"1 Truck\",IF(OR($H8=\"Class_8\",$N8=\"Replacement8HHD\",$AH8=\"CL7HHD\",$AJ8=\"CL7to8\"),INDEX('ER C8 FLT1'!$A$4:$J$640,MATCH($E8&$C8,'ER C8 FLT1'!$A$4:$A$640&'ER C8 FLT1'!$B$4:$B$640-3,1),8),IF($H8=\"Class_7\",INDEX('ER C7 FLT1'!$A$4:$J$640,MATCH($E8&$C8,'ER C7 FLT1'!$A$4:$A$640&'ER C7 FLT1'!$B$4:$B$640-3,1),8),IF($H8=\"Class_6\",INDEX('ER C6 FLT1'!$A$4:$J$640,MATCH($E8&$C8,'ER C6 FLT1'!$A$4:$A$640&'ER C6 FLT1'!$B$4:$B$640-3,1),8)))))))","v":false},{"$f":"IF($B8=\"3+ Trucks\",IF(OR($H8=\"Class_8\",$N8=\"Replacement8HHD\",$AH8=\"CL7HHD\",$AJ8=\"CL7to8\"),INDEX('ER C8 FLT3'!$A$4:$J$640,MATCH($E8&$C8,'ER C8 FLT3'!$A$4:$A$640&'ER C8 FLT3'!$B$4:$B$640-4,1),8),IF($H8=\"Class_7\",INDEX('ER C7 FLT3'!$A$4:$J$640,MATCH($E8&$C8,'ER C7 FLT3'!$A$4:$A$640&'ER C7 FLT3'!$B$4:$B$640-4,1),8),IF($H8=\"Class_6\",INDEX('ER C6 FLT3'!$A$4:$J$640,MATCH($E8&$C8,'ER C6 FLT3'!$A$4:$A$640&'ER C6 FLT3'!$B$4:$B$640-4,1),8)))),IF($B8=\"2 Trucks\",IF(OR($H8=\"Class_8\",$N8=\"Replacement8HHD\",$AH8=\"CL7HHD\",$AJ8=\"CL7to8\"),INDEX('ER C8 FLT2'!$A$4:$J$640,MATCH($E8&$C8,'ER C8 FLT2'!$A$4:$A$640&'ER C8 FLT2'!$B$4:$B$640-4,1),8),IF($H8=\"Class_7\",INDEX('ER C7 FLT2'!$A$4:$J$640,MATCH($E8&$C8,'ER C7 FLT2'!$A$4:$A$640&'ER C7 FLT2'!$B$4:$B$640-4,1),8),IF($H8=\"Class_6\",INDEX('ER C6 FLT2'!$A$4:$J$640,MATCH($E8&$C8,'ER C6 FLT2'!$A$4:$A$640&'ER C6 FLT2'!$B$4:$B$640-4,1),8)))),IF($B8=\"1 Truck\",IF(OR($H8=\"Class_8\",$N8=\"Replacement8HHD\",$AH8=\"CL7HHD\",$AJ8=\"CL7to8\"),INDEX('ER C8 FLT1'!$A$4:$J$640,MATCH($E8&$C8,'ER C8 FLT1'!$A$4:$A$640&'ER C8 FLT1'!$B$4:$B$640-4,1),8),IF($H8=\"Class_7\",INDEX('ER C7 FLT1'!$A$4:$J$640,MATCH($E8&$C8,'ER C7 FLT1'!$A$4:$A$640&'ER C7 FLT1'!$B$4:$B$640-4,1),8),IF($H8=\"Class_6\",INDEX('ER C6 FLT1'!$A$4:$J$640,MATCH($E8&$C8,'ER C6 FLT1'!$A$4:$A$640&'ER C6 FLT1'!$B$4:$B$640-4,1),8)))))))","v":false},{"$f":"IF(OR($R8=\"Diesel\",$R8=\"LNG/CNG\",$R8=\"Hybrid\",$R8=\"Electric w/ AB-118\"),IF($B8=\"3+ Trucks\",IF(OR($O8=\"Class_8\",$N8=\"Replacement8HHD\",$AI8=\"CL7HHD\"),INDEX('ER C8 FLT3'!$A$4:$J$640,MATCH(DropData!$J48&$C8,'ER C8 FLT3'!$A$4:$A$640&'ER C8 FLT3'!$B$4:$B$640,1),8)*IF(OR($O8=\"Class_8\",$N8=\"Replacement8HHD\",$AI8=\"CL7HHD\"),INDEX('ER C8 FLT3'!$A$4:$J$640,MATCH(DropData!$J48&$C8,'ER C8 FLT3'!$A$4:$A$640&'ER C8 FLT3'!$B$4:$B$640,1),9)),IF($O8=\"Class_7\",INDEX('ER C7 FLT3'!$A$4:$J$640,MATCH(DropData!$J48&$C8,'ER C7 FLT3'!$A$4:$A$640&'ER C7 FLT3'!$B$4:$B$640,1),8)*IF($O8=\"Class_7\",INDEX('ER C7 FLT3'!$A$4:$J$640,MATCH(DropData!$J48&$C8,'ER C7 FLT3'!$A$4:$A$640&'ER C7 FLT3'!$B$4:$B$640,1),9)),\nIF($O8=\"Class_6\",INDEX('ER C6 FLT3'!$A$4:$J$640,MATCH(DropData!$J48&$C8,'ER C6 FLT3'!$A$4:$A$640&'ER C6 FLT3'!$B$4:$B$640,1),8)*IF($O8=\"Class_6\",INDEX('ER C6 FLT3'!$A$4:$J$640,MATCH(DropData!$J48&$C8,'ER C6 FLT3'!$A$4:$A$640&'ER C6 FLT3'!$B$4:$B$640,1),9))))),IF($B8=\"2 Trucks\",IF(OR($O8=\"Class_8\",$N8=\"Replacement8HHD\",$AI8=\"CL7HHD\"),INDEX('ER C8 FLT2'!$A$4:$J$640,MATCH(DropData!$J48&$C8,'ER C8 FLT2'!$A$4:$A$640&'ER C8 FLT2'!$B$4:$B$640,1),8)*IF(OR($O8=\"Class_8\",$N8=\"Replacement8HHD\",$AI8=\"CL7HHD\"),INDEX('ER C8 FLT2'!$A$4:$J$640,MATCH(DropData!$J48&$C8,'ER C8 FLT2'!$A$4:$A$640&'ER C8 FLT2'!$B$4:$B$640,1),9)),IF($O8=\"Class_7\",INDEX('ER C7 FLT2'!$A$4:$J$640,MATCH(DropData!$J48&$C8,'ER C7 FLT2'!$A$4:$A$640&'ER C7 FLT2'!$B$4:$B$640,1),8)*IF($O8=\"Class_7\",INDEX('ER C7 FLT2'!$A$4:$J$640,MATCH(DropData!$J48&$C8,'ER C7 FLT2'!$A$4:$A$640&'ER C7 FLT2'!$B$4:$B$640,1),9)),IF($O8=\"Class_6\",INDEX('ER C6 FLT2'!$A$4:$J$640,MATCH(DropData!$J48&$C8,'ER C6 FLT2'!$A$4:$A$640&'ER C6 FLT2'!$B$4:$B$640,1),8)*IF($O8=\"Class_6\",INDEX('ER C6 FLT2'!$A$4:$J$640,MATCH(DropData!$J48&$C8,'ER C6 FLT2'!$A$4:$A$640&'ER C6 FLT2'!$B$4:$B$640,1),9))))),IF($B8=\"1 Truck\",\nIF(OR($O8=\"Class_8\",$N8=\"Replacement8HHD\",$AI8=\"CL7HHD\"),INDEX('ER C8 FLT1'!$A$4:$J$640,MATCH(DropData!$J48&$C8,'ER C8 FLT1'!$A$4:$A$640&'ER C8 FLT1'!$B$4:$B$640,1),8)*IF(OR($O8=\"Class_8\",$N8=\"Replacement8HHD\",$AI8=\"CL7HHD\"),INDEX('ER C8 FLT1'!$A$4:$J$640,MATCH(DropData!$J48&$C8,'ER C8 FLT1'!$A$4:$A$640&'ER C8 FLT1'!$B$4:$B$640,1),9)),IF($O8=\"Class_7\",INDEX('ER C7 FLT1'!$A$4:$J$640,MATCH(DropData!$J48&$C8,'ER C7 FLT1'!$A$4:$A$640&'ER C7 FLT1'!$B$4:$B$640,1),8)*IF($O8=\"Class_7\",INDEX('ER C7 FLT1'!$A$4:$J$640,MATCH(DropData!$J48&$C8,'ER C7 FLT1'!$A$4:$A$640&'ER C7 FLT1'!$B$4:$B$640,1),9)),\nIF($O8=\"Class_6\",INDEX('ER C6 FLT1'!$A$4:$J$640,MATCH(DropData!$J48&$C8,'ER C6 FLT1'!$A$4:$A$640&'ER C6 FLT1'!$B$4:$B$640,1),8)*IF($O8=\"Class_6\",INDEX('ER C6 FLT1'!$A$4:$J$640,MATCH(DropData!$J48&$C8,'ER C6 FLT1'!$A$4:$A$640&'ER C6 FLT1'!$B$4:$B$640,1),9)))))))),IF($R8=\"Electric\",INDEX('ER Electric'!$A$6:$E$44,MATCH($C8&$O8,'ER Electric'!$A$6:$A$44&'ER Electric'!$B$6:$B$44,1),3),))*(($Q8+$AC8)/453.6)","v":0},{"$f":"IF(OR($R8=\"Diesel\",$R8=\"LNG/CNG\",$R8=\"Hybrid\",$R8=\"Electric w/ AB-118\"),IF($B8=\"3+ Trucks\",IF(OR($O8=\"Class_8\",$N8=\"Replacement8HHD\",$AI8=\"CL7HHD\"),INDEX('ER C8 FLT3'!$A$4:$J$640,MATCH(DropData!$J48&$C8,'ER C8 FLT3'!$A$4:$A$640&'ER C8 FLT3'!$B$4:$B$640-1,1),8)*IF(OR($O8=\"Class_8\",$N8=\"Replacement8HHD\",$AI8=\"CL7HHD\"),INDEX('ER C8 FLT3'!$A$4:$J$640,MATCH(DropData!$J48&$C8,'ER C8 FLT3'!$A$4:$A$640&'ER C8 FLT3'!$B$4:$B$640-1,1),9)),IF($O8=\"Class_7\",INDEX('ER C7 FLT3'!$A$4:$J$640,MATCH(DropData!$J48&$C8,'ER C7 FLT3'!$A$4:$A$640&'ER C7 FLT3'!$B$4:$B$640-1,1),8)*IF($O8=\"Class_7\",INDEX('ER C7 FLT3'!$A$4:$J$640,MATCH(DropData!$J48&$C8,'ER C7 FLT3'!$A$4:$A$640&'ER C7 FLT3'!$B$4:$B$640-1,1),9)),\nIF($O8=\"Class_6\",INDEX('ER C6 FLT3'!$A$4:$J$640,MATCH(DropData!$J48&$C8,'ER C6 FLT3'!$A$4:$A$640&'ER C6 FLT3'!$B$4:$B$640-1,1),8)*IF($O8=\"Class_6\",INDEX('ER C6 FLT3'!$A$4:$J$640,MATCH(DropData!$J48&$C8,'ER C6 FLT3'!$A$4:$A$640&'ER C6 FLT3'!$B$4:$B$640-1,1),9))))),IF($B8=\"2 Trucks\",IF(OR($O8=\"Class_8\",$N8=\"Replacement8HHD\",$AI8=\"CL7HHD\"),INDEX('ER C8 FLT2'!$A$4:$J$640,MATCH(DropData!$J48&$C8,'ER C8 FLT2'!$A$4:$A$640&'ER C8 FLT2'!$B$4:$B$640-1,1),8)*IF(OR($O8=\"Class_8\",$N8=\"Replacement8HHD\",$AI8=\"CL7HHD\"),INDEX('ER C8 FLT2'!$A$4:$J$640,MATCH(DropData!$J48&$C8,'ER C8 FLT2'!$A$4:$A$640&'ER C8 FLT2'!$B$4:$B$640-1,1),9)),IF($O8=\"Class_7\",INDEX('ER C7 FLT2'!$A$4:$J$640,MATCH(DropData!$J48&$C8,'ER C7 FLT2'!$A$4:$A$640&'ER C7 FLT2'!$B$4:$B$640-1,1),8)*IF($O8=\"Class_7\",INDEX('ER C7 FLT2'!$A$4:$J$640,MATCH(DropData!$J48&$C8,'ER C7 FLT2'!$A$4:$A$640&'ER C7 FLT2'!$B$4:$B$640-1,1),9)),IF($O8=\"Class_6\",INDEX('ER C6 FLT2'!$A$4:$J$640,MATCH(DropData!$J48&$C8,'ER C6 FLT2'!$A$4:$A$640&'ER C6 FLT2'!$B$4:$B$640-1,1),8)*IF($O8=\"Class_6\",INDEX('ER C6 FLT2'!$A$4:$J$640,MATCH(DropData!$J48&$C8,'ER C6 FLT2'!$A$4:$A$640&'ER C6 FLT2'!$B$4:$B$640-1,1),9))))),IF($B8=\"1 Truck\",\nIF(OR($O8=\"Class_8\",$N8=\"Replacement8HHD\",$AI8=\"CL7HHD\"),INDEX('ER C8 FLT1'!$A$4:$J$640,MATCH(DropData!$J48&$C8,'ER C8 FLT1'!$A$4:$A$640&'ER C8 FLT1'!$B$4:$B$640-1,1),8)*IF(OR($O8=\"Class_8\",$N8=\"Replacement8HHD\",$AI8=\"CL7HHD\"),INDEX('ER C8 FLT1'!$A$4:$J$640,MATCH(DropData!$J48&$C8,'ER C8 FLT1'!$A$4:$A$640&'ER C8 FLT1'!$B$4:$B$640-1,1),9)),IF($O8=\"Class_7\",INDEX('ER C7 FLT1'!$A$4:$J$640,MATCH(DropData!$J48&$C8,'ER C7 FLT1'!$A$4:$A$640&'ER C7 FLT1'!$B$4:$B$640-1,1),8)*IF($O8=\"Class_7\",INDEX('ER C7 FLT1'!$A$4:$J$640,MATCH(DropData!$J48&$C8,'ER C7 FLT1'!$A$4:$A$640&'ER C7 FLT1'!$B$4:$B$640-1,1),9)),\nIF($O8=\"Class_6\",INDEX('ER C6 FLT1'!$A$4:$J$640,MATCH(DropData!$J48&$C8,'ER C6 FLT1'!$A$4:$A$640&'ER C6 FLT1'!$B$4:$B$640-1,1),8)*IF($O8=\"Class_6\",INDEX('ER C6 FLT1'!$A$4:$J$640,MATCH(DropData!$J48&$C8,'ER C6 FLT1'!$A$4:$A$640&'ER C6 FLT1'!$B$4:$B$640-1,1),9)))))))),IF($R8=\"Electric\",OFFSET(INDEX('ER Electric'!$A$6:$E$44,MATCH($C8&$O8,'ER Electric'!$A$6:$A$44&'ER Electric'!$B$6:$B$44,1),3),3,0),))*(($Q8+$AC8)/453.6)","v":0},{"$f":"IF(OR($R8=\"Diesel\",$R8=\"LNG/CNG\",$R8=\"Hybrid\",$R8=\"Electric w/ AB-118\"),IF($B8=\"3+ Trucks\",IF(OR($O8=\"Class_8\",$N8=\"Replacement8HHD\",$AI8=\"CL7HHD\"),INDEX('ER C8 FLT3'!$A$4:$J$640,MATCH(DropData!$J48&$C8,'ER C8 FLT3'!$A$4:$A$640&'ER C8 FLT3'!$B$4:$B$640-2,1),8)*IF(OR($O8=\"Class_8\",$N8=\"Replacement8HHD\",$AI8=\"CL7HHD\"),INDEX('ER C8 FLT3'!$A$4:$J$640,MATCH(DropData!$J48&$C8,'ER C8 FLT3'!$A$4:$A$640&'ER C8 FLT3'!$B$4:$B$640-2,1),9)),IF($O8=\"Class_7\",INDEX('ER C7 FLT3'!$A$4:$J$640,MATCH(DropData!$J48&$C8,'ER C7 FLT3'!$A$4:$A$640&'ER C7 FLT3'!$B$4:$B$640-2,1),8)*IF($O8=\"Class_7\",INDEX('ER C7 FLT3'!$A$4:$J$640,MATCH(DropData!$J48&$C8,'ER C7 FLT3'!$A$4:$A$640&'ER C7 FLT3'!$B$4:$B$640-2,1),9)),\nIF($O8=\"Class_6\",INDEX('ER C6 FLT3'!$A$4:$J$640,MATCH(DropData!$J48&$C8,'ER C6 FLT3'!$A$4:$A$640&'ER C6 FLT3'!$B$4:$B$640-2,1),8)*IF($O8=\"Class_6\",INDEX('ER C6 FLT3'!$A$4:$J$640,MATCH(DropData!$J48&$C8,'ER C6 FLT3'!$A$4:$A$640&'ER C6 FLT3'!$B$4:$B$640-2,1),9))))),IF($B8=\"2 Trucks\",IF(OR($O8=\"Class_8\",$N8=\"Replacement8HHD\",$AI8=\"CL7HHD\"),INDEX('ER C8 FLT2'!$A$4:$J$640,MATCH(DropData!$J48&$C8,'ER C8 FLT2'!$A$4:$A$640&'ER C8 FLT2'!$B$4:$B$640-2,1),8)*IF(OR($O8=\"Class_8\",$N8=\"Replacement8HHD\",$AI8=\"CL7HHD\"),INDEX('ER C8 FLT2'!$A$4:$J$640,MATCH(DropData!$J48&$C8,'ER C8 FLT2'!$A$4:$A$640&'ER C8 FLT2'!$B$4:$B$640-2,1),9)),IF($O8=\"Class_7\",INDEX('ER C7 FLT2'!$A$4:$J$640,MATCH(DropData!$J48&$C8,'ER C7 FLT2'!$A$4:$A$640&'ER C7 FLT2'!$B$4:$B$640-2,1),8)*IF($O8=\"Class_7\",INDEX('ER C7 FLT2'!$A$4:$J$640,MATCH(DropData!$J48&$C8,'ER C7 FLT2'!$A$4:$A$640&'ER C7 FLT2'!$B$4:$B$640-2,1),9)),IF($O8=\"Class_6\",INDEX('ER C6 FLT2'!$A$4:$J$640,MATCH(DropData!$J48&$C8,'ER C6 FLT2'!$A$4:$A$640&'ER C6 FLT2'!$B$4:$B$640-2,1),8)*IF($O8=\"Class_6\",INDEX('ER C6 FLT2'!$A$4:$J$640,MATCH(DropData!$J48&$C8,'ER C6 FLT2'!$A$4:$A$640&'ER C6 FLT2'!$B$4:$B$640-2,1),9))))),IF($B8=\"1 Truck\",\nIF(OR($O8=\"Class_8\",$N8=\"Replacement8HHD\",$AI8=\"CL7HHD\"),INDEX('ER C8 FLT1'!$A$4:$J$640,MATCH(DropData!$J48&$C8,'ER C8 FLT1'!$A$4:$A$640&'ER C8 FLT1'!$B$4:$B$640-2,1),8)*IF(OR($O8=\"Class_8\",$N8=\"Replacement8HHD\",$AI8=\"CL7HHD\"),INDEX('ER C8 FLT1'!$A$4:$J$640,MATCH(DropData!$J48&$C8,'ER C8 FLT1'!$A$4:$A$640&'ER C8 FLT1'!$B$4:$B$640-2,1),9)),IF($O8=\"Class_7\",INDEX('ER C7 FLT1'!$A$4:$J$640,MATCH(DropData!$J48&$C8,'ER C7 FLT1'!$A$4:$A$640&'ER C7 FLT1'!$B$4:$B$640-2,1),8)*IF($O8=\"Class_7\",INDEX('ER C7 FLT1'!$A$4:$J$640,MATCH(DropData!$J48&$C8,'ER C7 FLT1'!$A$4:$A$640&'ER C7 FLT1'!$B$4:$B$640-2,1),9)),\nIF($O8=\"Class_6\",INDEX('ER C6 FLT1'!$A$4:$J$640,MATCH(DropData!$J48&$C8,'ER C6 FLT1'!$A$4:$A$640&'ER C6 FLT1'!$B$4:$B$640-2,1),8)*IF($O8=\"Class_6\",INDEX('ER C6 FLT1'!$A$4:$J$640,MATCH(DropData!$J48&$C8,'ER C6 FLT1'!$A$4:$A$640&'ER C6 FLT1'!$B$4:$B$640-2,1),9)))))))),IF($R8=\"Electric\",OFFSET(INDEX('ER Electric'!$A$6:$E$44,MATCH($C8&$O8,'ER Electric'!$A$6:$A$44&'ER Electric'!$B$6:$B$44,1),3),6,0),))*(($Q8+$AC8)/453.6)","v":0},{"$f":"IF(OR($R8=\"Diesel\",$R8=\"LNG/CNG\",$R8=\"Hybrid\",$R8=\"Electric w/ AB-118\"),IF($B8=\"3+ Trucks\",IF(OR($O8=\"Class_8\",$N8=\"Replacement8HHD\",$AI8=\"CL7HHD\"),INDEX('ER C8 FLT3'!$A$4:$J$640,MATCH(DropData!$J48&$C8,'ER C8 FLT3'!$A$4:$A$640&'ER C8 FLT3'!$B$4:$B$640-3,1),8)*IF(OR($O8=\"Class_8\",$N8=\"Replacement8HHD\",$AI8=\"CL7HHD\"),INDEX('ER C8 FLT3'!$A$4:$J$640,MATCH(DropData!$J48&$C8,'ER C8 FLT3'!$A$4:$A$640&'ER C8 FLT3'!$B$4:$B$640-3,1),9)),IF($O8=\"Class_7\",INDEX('ER C7 FLT3'!$A$4:$J$640,MATCH(DropData!$J48&$C8,'ER C7 FLT3'!$A$4:$A$640&'ER C7 FLT3'!$B$4:$B$640-3,1),8)*IF($O8=\"Class_7\",INDEX('ER C7 FLT3'!$A$4:$J$640,MATCH(DropData!$J48&$C8,'ER C7 FLT3'!$A$4:$A$640&'ER C7 FLT3'!$B$4:$B$640-3,1),9)),\nIF($O8=\"Class_6\",INDEX('ER C6 FLT3'!$A$4:$J$640,MATCH(DropData!$J48&$C8,'ER C6 FLT3'!$A$4:$A$640&'ER C6 FLT3'!$B$4:$B$640-3,1),8)*IF($O8=\"Class_6\",INDEX('ER C6 FLT3'!$A$4:$J$640,MATCH(DropData!$J48&$C8,'ER C6 FLT3'!$A$4:$A$640&'ER C6 FLT3'!$B$4:$B$640-3,1),9))))),IF($B8=\"2 Trucks\",IF(OR($O8=\"Class_8\",$N8=\"Replacement8HHD\",$AI8=\"CL7HHD\"),INDEX('ER C8 FLT2'!$A$4:$J$640,MATCH(DropData!$J48&$C8,'ER C8 FLT2'!$A$4:$A$640&'ER C8 FLT2'!$B$4:$B$640-3,1),8)*IF(OR($O8=\"Class_8\",$N8=\"Replacement8HHD\",$AI8=\"CL7HHD\"),INDEX('ER C8 FLT2'!$A$4:$J$640,MATCH(DropData!$J48&$C8,'ER C8 FLT2'!$A$4:$A$640&'ER C8 FLT2'!$B$4:$B$640-3,1),9)),IF($O8=\"Class_7\",INDEX('ER C7 FLT2'!$A$4:$J$640,MATCH(DropData!$J48&$C8,'ER C7 FLT2'!$A$4:$A$640&'ER C7 FLT2'!$B$4:$B$640-3,1),8)*IF($O8=\"Class_7\",INDEX('ER C7 FLT2'!$A$4:$J$640,MATCH(DropData!$J48&$C8,'ER C7 FLT2'!$A$4:$A$640&'ER C7 FLT2'!$B$4:$B$640-3,1),9)),IF($O8=\"Class_6\",INDEX('ER C6 FLT2'!$A$4:$J$640,MATCH(DropData!$J48&$C8,'ER C6 FLT2'!$A$4:$A$640&'ER C6 FLT2'!$B$4:$B$640-3,1),8)*IF($O8=\"Class_6\",INDEX('ER C6 FLT2'!$A$4:$J$640,MATCH(DropData!$J48&$C8,'ER C6 FLT2'!$A$4:$A$640&'ER C6 FLT2'!$B$4:$B$640-3,1),9))))),IF($B8=\"1 Truck\",\nIF(OR($O8=\"Class_8\",$N8=\"Replacement8HHD\",$AI8=\"CL7HHD\"),INDEX('ER C8 FLT1'!$A$4:$J$640,MATCH(DropData!$J48&$C8,'ER C8 FLT1'!$A$4:$A$640&'ER C8 FLT1'!$B$4:$B$640-3,1),8)*IF(OR($O8=\"Class_8\",$N8=\"Replacement8HHD\",$AI8=\"CL7HHD\"),INDEX('ER C8 FLT1'!$A$4:$J$640,MATCH(DropData!$J48&$C8,'ER C8 FLT1'!$A$4:$A$640&'ER C8 FLT1'!$B$4:$B$640-3,1),9)),IF($O8=\"Class_7\",INDEX('ER C7 FLT1'!$A$4:$J$640,MATCH(DropData!$J48&$C8,'ER C7 FLT1'!$A$4:$A$640&'ER C7 FLT1'!$B$4:$B$640-3,1),8)*IF($O8=\"Class_7\",INDEX('ER C7 FLT1'!$A$4:$J$640,MATCH(DropData!$J48&$C8,'ER C7 FLT1'!$A$4:$A$640&'ER C7 FLT1'!$B$4:$B$640-3,1),9)),\nIF($O8=\"Class_6\",INDEX('ER C6 FLT1'!$A$4:$J$640,MATCH(DropData!$J48&$C8,'ER C6 FLT1'!$A$4:$A$640&'ER C6 FLT1'!$B$4:$B$640-3,1),8)*IF($O8=\"Class_6\",INDEX('ER C6 FLT1'!$A$4:$J$640,MATCH(DropData!$J48&$C8,'ER C6 FLT1'!$A$4:$A$640&'ER C6 FLT1'!$B$4:$B$640-3,1),9)))))))),IF($R8=\"Electric\",OFFSET(INDEX('ER Electric'!$A$6:$E$44,MATCH($C8&$O8,'ER Electric'!$A$6:$A$44&'ER Electric'!$B$6:$B$44,1),3),9,0)))*(($Q8+$AC8)/453.6)","v":0},{"$f":"IF(OR($R8=\"Diesel\",$R8=\"LNG/CNG\",$R8=\"Hybrid\",$R8=\"Electric w/ AB-118\"),IF($B8=\"3+ Trucks\",IF(OR($O8=\"Class_8\",$N8=\"Replacement8HHD\",$AI8=\"CL7HHD\"),INDEX('ER C8 FLT3'!$A$4:$J$640,MATCH(DropData!$J48&$C8,'ER C8 FLT3'!$A$4:$A$640&'ER C8 FLT3'!$B$4:$B$640-4,1),8)*IF(OR($O8=\"Class_8\",$N8=\"Replacement8HHD\",$AI8=\"CL7HHD\"),INDEX('ER C8 FLT3'!$A$4:$J$640,MATCH(DropData!$J48&$C8,'ER C8 FLT3'!$A$4:$A$640&'ER C8 FLT3'!$B$4:$B$640-4,1),9)),IF($O8=\"Class_7\",INDEX('ER C7 FLT3'!$A$4:$J$640,MATCH(DropData!$J48&$C8,'ER C7 FLT3'!$A$4:$A$640&'ER C7 FLT3'!$B$4:$B$640-4,1),8)*IF($O8=\"Class_7\",INDEX('ER C7 FLT3'!$A$4:$J$640,MATCH(DropData!$J48&$C8,'ER C7 FLT3'!$A$4:$A$640&'ER C7 FLT3'!$B$4:$B$640-4,1),9)),\nIF($O8=\"Class_6\",INDEX('ER C6 FLT3'!$A$4:$J$640,MATCH(DropData!$J48&$C8,'ER C6 FLT3'!$A$4:$A$640&'ER C6 FLT3'!$B$4:$B$640-4,1),8)*IF($O8=\"Class_6\",INDEX('ER C6 FLT3'!$A$4:$J$640,MATCH(DropData!$J48&$C8,'ER C6 FLT3'!$A$4:$A$640&'ER C6 FLT3'!$B$4:$B$640-4,1),9))))),IF($B8=\"2 Trucks\",IF(OR($O8=\"Class_8\",$N8=\"Replacement8HHD\",$AI8=\"CL7HHD\"),INDEX('ER C8 FLT2'!$A$4:$J$640,MATCH(DropData!$J48&$C8,'ER C8 FLT2'!$A$4:$A$640&'ER C8 FLT2'!$B$4:$B$640-4,1),8)*IF(OR($O8=\"Class_8\",$N8=\"Replacement8HHD\",$AI8=\"CL7HHD\"),INDEX('ER C8 FLT2'!$A$4:$J$640,MATCH(DropData!$J48&$C8,'ER C8 FLT2'!$A$4:$A$640&'ER C8 FLT2'!$B$4:$B$640-4,1),9)),IF($O8=\"Class_7\",INDEX('ER C7 FLT2'!$A$4:$J$640,MATCH(DropData!$J48&$C8,'ER C7 FLT2'!$A$4:$A$640&'ER C7 FLT2'!$B$4:$B$640-4,1),8)*IF($O8=\"Class_7\",INDEX('ER C7 FLT2'!$A$4:$J$640,MATCH(DropData!$J48&$C8,'ER C7 FLT2'!$A$4:$A$640&'ER C7 FLT2'!$B$4:$B$640-4,1),9)),IF($O8=\"Class_6\",INDEX('ER C6 FLT2'!$A$4:$J$640,MATCH(DropData!$J48&$C8,'ER C6 FLT2'!$A$4:$A$640&'ER C6 FLT2'!$B$4:$B$640-4,1),8)*IF($O8=\"Class_6\",INDEX('ER C6 FLT2'!$A$4:$J$640,MATCH(DropData!$J48&$C8,'ER C6 FLT2'!$A$4:$A$640&'ER C6 FLT2'!$B$4:$B$640-4,1),9))))),IF($B8=\"1 Truck\",\nIF(OR($O8=\"Class_8\",$N8=\"Replacement8HHD\",$AI8=\"CL7HHD\"),INDEX('ER C8 FLT1'!$A$4:$J$640,MATCH(DropData!$J48&$C8,'ER C8 FLT1'!$A$4:$A$640&'ER C8 FLT1'!$B$4:$B$640-4,1),8)*IF(OR($O8=\"Class_8\",$N8=\"Replacement8HHD\",$AI8=\"CL7HHD\"),INDEX('ER C8 FLT1'!$A$4:$J$640,MATCH(DropData!$J48&$C8,'ER C8 FLT1'!$A$4:$A$640&'ER C8 FLT1'!$B$4:$B$640-4,1),9)),IF($O8=\"Class_7\",INDEX('ER C7 FLT1'!$A$4:$J$640,MATCH(DropData!$J48&$C8,'ER C7 FLT1'!$A$4:$A$640&'ER C7 FLT1'!$B$4:$B$640-4,1),8)*IF($O8=\"Class_7\",INDEX('ER C7 FLT1'!$A$4:$J$640,MATCH(DropData!$J48&$C8,'ER C7 FLT1'!$A$4:$A$640&'ER C7 FLT1'!$B$4:$B$640-4,1),9)),\nIF($O8=\"Class_6\",INDEX('ER C6 FLT1'!$A$4:$J$640,MATCH(DropData!$J48&$C8,'ER C6 FLT1'!$A$4:$A$640&'ER C6 FLT1'!$B$4:$B$640-4,1),8)*IF($O8=\"Class_6\",INDEX('ER C6 FLT1'!$A$4:$J$640,MATCH(DropData!$J48&$C8,'ER C6 FLT1'!$A$4:$A$640&'ER C6 FLT1'!$B$4:$B$640-4,1),9)))))))),IF($R8=\"Electric\",OFFSET(INDEX('ER Electric'!$A$6:$E$44,MATCH($C8&$O8,'ER Electric'!$A$6:$A$44&'ER Electric'!$B$6:$B$44,1),3),12,0),))*(($Q8+$AC8)/453.6)","v":0},{"$f":"IF(OR($R8=\"Diesel\",$R8=\"LNG/CNG\",$R8=\"Hybrid\",$R8=\"Electric w/ AB-118\"),IF($B8=\"3+ Trucks\",IF(OR($O8=\"Class_8\",$N8=\"Replacement8HHD\",$AI8=\"CL7HHD\"),INDEX('ER C8 FLT3'!$A$4:$J$640,MATCH(DropData!$J48&$C8,'ER C8 FLT3'!$A$4:$A$640&'ER C8 FLT3'!$B$4:$B$640,1),8)*IF(OR($O8=\"Class_8\",$N8=\"Replacement8HHD\",$AI8=\"CL7HHD\"),INDEX('ER C8 FLT3'!$A$4:$J$640,MATCH(DropData!$J48&$C8,'ER C8 FLT3'!$A$4:$A$640&'ER C8 FLT3'!$B$4:$B$640,1),9)),IF($O8=\"Class_7\",INDEX('ER C7 FLT3'!$A$4:$J$640,MATCH(DropData!$J48&$C8,'ER C7 FLT3'!$A$4:$A$640&'ER C7 FLT3'!$B$4:$B$640,1),8)*IF($O8=\"Class_7\",INDEX('ER C7 FLT3'!$A$4:$J$640,MATCH(DropData!$J48&$C8,'ER C7 FLT3'!$A$4:$A$640&'ER C7 FLT3'!$B$4:$B$640,1),9)),\nIF($O8=\"Class_6\",INDEX('ER C6 FLT3'!$A$4:$J$640,MATCH(DropData!$J48&$C8,'ER C6 FLT3'!$A$4:$A$640&'ER C6 FLT3'!$B$4:$B$640,1),8)*IF($O8=\"Class_6\",INDEX('ER C6 FLT3'!$A$4:$J$640,MATCH(DropData!$J48&$C8,'ER C6 FLT3'!$A$4:$A$640&'ER C6 FLT3'!$B$4:$B$640,1),9))))),IF($B8=\"2 Trucks\",IF(OR($O8=\"Class_8\",$N8=\"Replacement8HHD\",$AI8=\"CL7HHD\"),INDEX('ER C8 FLT2'!$A$4:$J$640,MATCH(DropData!$J48&$C8,'ER C8 FLT2'!$A$4:$A$640&'ER C8 FLT2'!$B$4:$B$640,1),8)*IF(OR($O8=\"Class_8\",$N8=\"Replacement8HHD\",$AI8=\"CL7HHD\"),INDEX('ER C8 FLT2'!$A$4:$J$640,MATCH(DropData!$J48&$C8,'ER C8 FLT2'!$A$4:$A$640&'ER C8 FLT2'!$B$4:$B$640,1),9)),IF($O8=\"Class_7\",INDEX('ER C7 FLT2'!$A$4:$J$640,MATCH(DropData!$J48&$C8,'ER C7 FLT2'!$A$4:$A$640&'ER C7 FLT2'!$B$4:$B$640,1),8)*IF($O8=\"Class_7\",INDEX('ER C7 FLT2'!$A$4:$J$640,MATCH(DropData!$J48&$C8,'ER C7 FLT2'!$A$4:$A$640&'ER C7 FLT2'!$B$4:$B$640,1),9)),IF($O8=\"Class_6\",INDEX('ER C6 FLT2'!$A$4:$J$640,MATCH(DropData!$J48&$C8,'ER C6 FLT2'!$A$4:$A$640&'ER C6 FLT2'!$B$4:$B$640,1),8)*IF($O8=\"Class_6\",INDEX('ER C6 FLT2'!$A$4:$J$640,MATCH(DropData!$J48&$C8,'ER C6 FLT2'!$A$4:$A$640&'ER C6 FLT2'!$B$4:$B$640,1),9))))),IF($B8=\"1 Truck\",\nIF(OR($O8=\"Class_8\",$N8=\"Replacement8HHD\",$AI8=\"CL7HHD\"),INDEX('ER C8 FLT1'!$A$4:$J$640,MATCH(DropData!$J48&$C8,'ER C8 FLT1'!$A$4:$A$640&'ER C8 FLT1'!$B$4:$B$640,1),8)*IF(OR($O8=\"Class_8\",$N8=\"Replacement8HHD\",$AI8=\"CL7HHD\"),INDEX('ER C8 FLT1'!$A$4:$J$640,MATCH(DropData!$J48&$C8,'ER C8 FLT1'!$A$4:$A$640&'ER C8 FLT1'!$B$4:$B$640,1),9)),IF($O8=\"Class_7\",INDEX('ER C7 FLT1'!$A$4:$J$640,MATCH(DropData!$J48&$C8,'ER C7 FLT1'!$A$4:$A$640&'ER C7 FLT1'!$B$4:$B$640,1),8)*IF($O8=\"Class_7\",INDEX('ER C7 FLT1'!$A$4:$J$640,MATCH(DropData!$J48&$C8,'ER C7 FLT1'!$A$4:$A$640&'ER C7 FLT1'!$B$4:$B$640,1),9)),IF($O8=\"Class_6\",INDEX('ER C6 FLT1'!$A$4:$J$640,MATCH(DropData!$J48&$C8,'ER C6 FLT1'!$A$4:$A$640&'ER C6 FLT1'!$B$4:$B$640,1),8)*IF($O8=\"Class_6\",INDEX('ER C6 FLT1'!$A$4:$J$640,MATCH(DropData!$J48&$C8,'ER C6 FLT1'!$A$4:$A$640&'ER C6 FLT1'!$B$4:$B$640,1),9)))))))),IF($R8=\"Electric\",INDEX('ER Electric'!$A$6:$E$44,MATCH($C8&$O8,'ER Electric'!$A$6:$A$44&'ER Electric'!$B$6:$B$44,1),3),))","v":0},{"$f":"IF(OR($R8=\"Diesel\",$R8=\"LNG/CNG\",$R8=\"Hybrid\",$R8=\"Electric w/ AB-118\"),IF($B8=\"3+ Trucks\",IF(OR($O8=\"Class_8\",$N8=\"Replacement8HHD\",$AI8=\"CL7HHD\"),INDEX('ER C8 FLT3'!$A$4:$J$640,MATCH(DropData!$J48&$C8,'ER C8 FLT3'!$A$4:$A$640&'ER C8 FLT3'!$B$4:$B$640-1,1),8)*IF(OR($O8=\"Class_8\",$N8=\"Replacement8HHD\",$AI8=\"CL7HHD\"),INDEX('ER C8 FLT3'!$A$4:$J$640,MATCH(DropData!$J48&$C8,'ER C8 FLT3'!$A$4:$A$640&'ER C8 FLT3'!$B$4:$B$640-1,1),9)),IF($O8=\"Class_7\",INDEX('ER C7 FLT3'!$A$4:$J$640,MATCH(DropData!$J48&$C8,'ER C7 FLT3'!$A$4:$A$640&'ER C7 FLT3'!$B$4:$B$640-1,1),8)*IF($O8=\"Class_7\",INDEX('ER C7 FLT3'!$A$4:$J$640,MATCH(DropData!$J48&$C8,'ER C7 FLT3'!$A$4:$A$640&'ER C7 FLT3'!$B$4:$B$640-1,1),9)),IF($O8=\"Class_6\",INDEX('ER C6 FLT3'!$A$4:$J$640,MATCH(DropData!$J48&$C8,'ER C6 FLT3'!$A$4:$A$640&'ER C6 FLT3'!$B$4:$B$640-1,1),8)*IF($O8=\"Class_6\",INDEX('ER C6 FLT3'!$A$4:$J$640,MATCH(DropData!$J48&$C8,'ER C6 FLT3'!$A$4:$A$640&'ER C6 FLT3'!$B$4:$B$640-1,1),9))))),IF($B8=\"2 Trucks\",IF(OR($O8=\"Class_8\",$N8=\"Replacement8HHD\",$AI8=\"CL7HHD\"),INDEX('ER C8 FLT2'!$A$4:$J$640,MATCH(DropData!$J48&$C8,'ER C8 FLT2'!$A$4:$A$640&'ER C8 FLT2'!$B$4:$B$640-1,1),8)*IF(OR($O8=\"Class_8\",$N8=\"Replacement8HHD\",$AI8=\"CL7HHD\"),INDEX('ER C8 FLT2'!$A$4:$J$640,MATCH(DropData!$J48&$C8,'ER C8 FLT2'!$A$4:$A$640&'ER C8 FLT2'!$B$4:$B$640-1,1),9)),IF($O8=\"Class_7\",INDEX('ER C7 FLT2'!$A$4:$J$640,MATCH(DropData!$J48&$C8,'ER C7 FLT2'!$A$4:$A$640&'ER C7 FLT2'!$B$4:$B$640-1,1),8)*IF($O8=\"Class_7\",INDEX('ER C7 FLT2'!$A$4:$J$640,MATCH(DropData!$J48&$C8,'ER C7 FLT2'!$A$4:$A$640&'ER C7 FLT2'!$B$4:$B$640-1,1),9)),IF($O8=\"Class_6\",INDEX('ER C6 FLT2'!$A$4:$J$640,MATCH(DropData!$J48&$C8,'ER C6 FLT2'!$A$4:$A$640&'ER C6 FLT2'!$B$4:$B$640-1,1),8)*IF($O8=\"Class_6\",INDEX('ER C6 FLT2'!$A$4:$J$640,MATCH(DropData!$J48&$C8,'ER C6 FLT2'!$A$4:$A$640&'ER C6 FLT2'!$B$4:$B$640-1,1),9))))),IF($B8=\"1 Truck\",IF(OR($O8=\"Class_8\",$N8=\"Replacement8HHD\",$AI8=\"CL7HHD\"),INDEX('ER C8 FLT1'!$A$4:$J$640,MATCH(DropData!$J48&$C8,'ER C8 FLT1'!$A$4:$A$640&'ER C8 FLT1'!$B$4:$B$640-1,1),8)*IF(OR($O8=\"Class_8\",$N8=\"Replacement8HHD\",$AI8=\"CL7HHD\"),INDEX('ER C8 FLT1'!$A$4:$J$640,MATCH(DropData!$J48&$C8,'ER C8 FLT1'!$A$4:$A$640&'ER C8 FLT1'!$B$4:$B$640-1,1),9)),IF($O8=\"Class_7\",INDEX('ER C7 FLT1'!$A$4:$J$640,MATCH(DropData!$J48&$C8,'ER C7 FLT1'!$A$4:$A$640&'ER C7 FLT1'!$B$4:$B$640-1,1),8)*IF($O8=\"Class_7\",INDEX('ER C7 FLT1'!$A$4:$J$640,MATCH(DropData!$J48&$C8,'ER C7 FLT1'!$A$4:$A$640&'ER C7 FLT1'!$B$4:$B$640-1,1),9)),IF($O8=\"Class_6\",INDEX('ER C6 FLT1'!$A$4:$J$640,MATCH(DropData!$J48&$C8,'ER C6 FLT1'!$A$4:$A$640&'ER C6 FLT1'!$B$4:$B$640-1,1),8)*IF($O8=\"Class_6\",INDEX('ER C6 FLT1'!$A$4:$J$640,MATCH(DropData!$J48&$C8,'ER C6 FLT1'!$A$4:$A$640&'ER C6 FLT1'!$B$4:$B$640-1,1),9)))))))),IF($R8=\"Electric\",OFFSET(INDEX('ER Electric'!$A$6:$E$44,MATCH($C8&$O8,'ER Electric'!$A$6:$A$44&'ER Electric'!$B$6:$B$44,1),3),3,0),))","v":0},{"$f":"IF(OR($R8=\"Diesel\",$R8=\"LNG/CNG\",$R8=\"Hybrid\",$R8=\"Electric w/ AB-118\"),IF($B8=\"3+ Trucks\",IF(OR($O8=\"Class_8\",$N8=\"Replacement8HHD\",$AI8=\"CL7HHD\"),INDEX('ER C8 FLT3'!$A$4:$J$640,MATCH(DropData!$J48&$C8,'ER C8 FLT3'!$A$4:$A$640&'ER C8 FLT3'!$B$4:$B$640-2,1),8)*IF(OR($O8=\"Class_8\",$N8=\"Replacement8HHD\",$AI8=\"CL7HHD\"),INDEX('ER C8 FLT3'!$A$4:$J$640,MATCH(DropData!$J48&$C8,'ER C8 FLT3'!$A$4:$A$640&'ER C8 FLT3'!$B$4:$B$640-2,1),9)),IF($O8=\"Class_7\",INDEX('ER C7 FLT3'!$A$4:$J$640,MATCH(DropData!$J48&$C8,'ER C7 FLT3'!$A$4:$A$640&'ER C7 FLT3'!$B$4:$B$640-2,1),8)*IF($O8=\"Class_7\",INDEX('ER C7 FLT3'!$A$4:$J$640,MATCH(DropData!$J48&$C8,'ER C7 FLT3'!$A$4:$A$640&'ER C7 FLT3'!$B$4:$B$640-2,1),9)),IF($O8=\"Class_6\",INDEX('ER C6 FLT3'!$A$4:$J$640,MATCH(DropData!$J48&$C8,'ER C6 FLT3'!$A$4:$A$640&'ER C6 FLT3'!$B$4:$B$640-2,1),8)*IF($O8=\"Class_6\",INDEX('ER C6 FLT3'!$A$4:$J$640,MATCH(DropData!$J48&$C8,'ER C6 FLT3'!$A$4:$A$640&'ER C6 FLT3'!$B$4:$B$640-2,1),9))))),IF($B8=\"2 Trucks\",IF(OR($O8=\"Class_8\",$N8=\"Replacement8HHD\",$AI8=\"CL7HHD\"),INDEX('ER C8 FLT2'!$A$4:$J$640,MATCH(DropData!$J48&$C8,'ER C8 FLT2'!$A$4:$A$640&'ER C8 FLT2'!$B$4:$B$640-2,1),8)*IF(OR($O8=\"Class_8\",$N8=\"Replacement8HHD\",$AI8=\"CL7HHD\"),INDEX('ER C8 FLT2'!$A$4:$J$640,MATCH(DropData!$J48&$C8,'ER C8 FLT2'!$A$4:$A$640&'ER C8 FLT2'!$B$4:$B$640-2,1),9)),IF($O8=\"Class_7\",INDEX('ER C7 FLT2'!$A$4:$J$640,MATCH(DropData!$J48&$C8,'ER C7 FLT2'!$A$4:$A$640&'ER C7 FLT2'!$B$4:$B$640-2,1),8)*IF($O8=\"Class_7\",INDEX('ER C7 FLT2'!$A$4:$J$640,MATCH(DropData!$J48&$C8,'ER C7 FLT2'!$A$4:$A$640&'ER C7 FLT2'!$B$4:$B$640-2,1),9)),IF($O8=\"Class_6\",INDEX('ER C6 FLT2'!$A$4:$J$640,MATCH(DropData!$J48&$C8,'ER C6 FLT2'!$A$4:$A$640&'ER C6 FLT2'!$B$4:$B$640-2,1),8)*IF($O8=\"Class_6\",INDEX('ER C6 FLT2'!$A$4:$J$640,MATCH(DropData!$J48&$C8,'ER C6 FLT2'!$A$4:$A$640&'ER C6 FLT2'!$B$4:$B$640-2,1),9))))),IF($B8=\"1 Truck\",IF(OR($O8=\"Class_8\",$N8=\"Replacement8HHD\",$AI8=\"CL7HHD\"),INDEX('ER C8 FLT1'!$A$4:$J$640,MATCH(DropData!$J48&$C8,'ER C8 FLT1'!$A$4:$A$640&'ER C8 FLT1'!$B$4:$B$640-2,1),8)*IF(OR($O8=\"Class_8\",$N8=\"Replacement8HHD\",$AI8=\"CL7HHD\"),INDEX('ER C8 FLT1'!$A$4:$J$640,MATCH(DropData!$J48&$C8,'ER C8 FLT1'!$A$4:$A$640&'ER C8 FLT1'!$B$4:$B$640-2,1),9)),IF($O8=\"Class_7\",INDEX('ER C7 FLT1'!$A$4:$J$640,MATCH(DropData!$J48&$C8,'ER C7 FLT1'!$A$4:$A$640&'ER C7 FLT1'!$B$4:$B$640-2,1),8)*IF($O8=\"Class_7\",INDEX('ER C7 FLT1'!$A$4:$J$640,MATCH(DropData!$J48&$C8,'ER C7 FLT1'!$A$4:$A$640&'ER C7 FLT1'!$B$4:$B$640-2,1),9)),IF($O8=\"Class_6\",INDEX('ER C6 FLT1'!$A$4:$J$640,MATCH(DropData!$J48&$C8,'ER C6 FLT1'!$A$4:$A$640&'ER C6 FLT1'!$B$4:$B$640-2,1),8)*IF($O8=\"Class_6\",INDEX('ER C6 FLT1'!$A$4:$J$640,MATCH(DropData!$J48&$C8,'ER C6 FLT1'!$A$4:$A$640&'ER C6 FLT1'!$B$4:$B$640-2,1),9)))))))),IF($R8=\"Electric\",OFFSET(INDEX('ER Electric'!$A$6:$E$44,MATCH($C8&$O8,'ER Electric'!$A$6:$A$44&'ER Electric'!$B$6:$B$44,1),3),6,0),))","v":0},{"$f":"IF(OR($R8=\"Diesel\",$R8=\"LNG/CNG\",$R8=\"Hybrid\",$R8=\"Electric w/ AB-118\"),IF($B8=\"3+ Trucks\",IF(OR($O8=\"Class_8\",$N8=\"Replacement8HHD\",$AI8=\"CL7HHD\"),INDEX('ER C8 FLT3'!$A$4:$J$640,MATCH(DropData!$J48&$C8,'ER C8 FLT3'!$A$4:$A$640&'ER C8 FLT3'!$B$4:$B$640-3,1),8)*IF(OR($O8=\"Class_8\",$N8=\"Replacement8HHD\",$AI8=\"CL7HHD\"),INDEX('ER C8 FLT3'!$A$4:$J$640,MATCH(DropData!$J48&$C8,'ER C8 FLT3'!$A$4:$A$640&'ER C8 FLT3'!$B$4:$B$640-3,1),9)),IF($O8=\"Class_7\",INDEX('ER C7 FLT3'!$A$4:$J$640,MATCH(DropData!$J48&$C8,'ER C7 FLT3'!$A$4:$A$640&'ER C7 FLT3'!$B$4:$B$640-3,1),8)*IF($O8=\"Class_7\",INDEX('ER C7 FLT3'!$A$4:$J$640,MATCH(DropData!$J48&$C8,'ER C7 FLT3'!$A$4:$A$640&'ER C7 FLT3'!$B$4:$B$640-3,1),9)),IF($O8=\"Class_6\",INDEX('ER C6 FLT3'!$A$4:$J$640,MATCH(DropData!$J48&$C8,'ER C6 FLT3'!$A$4:$A$640&'ER C6 FLT3'!$B$4:$B$640-3,1),8)*IF($O8=\"Class_6\",INDEX('ER C6 FLT3'!$A$4:$J$640,MATCH(DropData!$J48&$C8,'ER C6 FLT3'!$A$4:$A$640&'ER C6 FLT3'!$B$4:$B$640-3,1),9))))),IF($B8=\"2 Trucks\",IF(OR($O8=\"Class_8\",$N8=\"Replacement8HHD\",$AI8=\"CL7HHD\"),INDEX('ER C8 FLT2'!$A$4:$J$640,MATCH(DropData!$J48&$C8,'ER C8 FLT2'!$A$4:$A$640&'ER C8 FLT2'!$B$4:$B$640-3,1),8)*IF(OR($O8=\"Class_8\",$N8=\"Replacement8HHD\",$AI8=\"CL7HHD\"),INDEX('ER C8 FLT2'!$A$4:$J$640,MATCH(DropData!$J48&$C8,'ER C8 FLT2'!$A$4:$A$640&'ER C8 FLT2'!$B$4:$B$640-3,1),9)),IF($O8=\"Class_7\",INDEX('ER C7 FLT2'!$A$4:$J$640,MATCH(DropData!$J48&$C8,'ER C7 FLT2'!$A$4:$A$640&'ER C7 FLT2'!$B$4:$B$640-3,1),8)*IF($O8=\"Class_7\",INDEX('ER C7 FLT2'!$A$4:$J$640,MATCH(DropData!$J48&$C8,'ER C7 FLT2'!$A$4:$A$640&'ER C7 FLT2'!$B$4:$B$640-3,1),9)),IF($O8=\"Class_6\",INDEX('ER C6 FLT2'!$A$4:$J$640,MATCH(DropData!$J48&$C8,'ER C6 FLT2'!$A$4:$A$640&'ER C6 FLT2'!$B$4:$B$640-3,1),8)*IF($O8=\"Class_6\",INDEX('ER C6 FLT2'!$A$4:$J$640,MATCH(DropData!$J48&$C8,'ER C6 FLT2'!$A$4:$A$640&'ER C6 FLT2'!$B$4:$B$640-3,1),9))))),IF($B8=\"1 Truck\",IF(OR($O8=\"Class_8\",$N8=\"Replacement8HHD\",$AI8=\"CL7HHD\"),INDEX('ER C8 FLT1'!$A$4:$J$640,MATCH(DropData!$J48&$C8,'ER C8 FLT1'!$A$4:$A$640&'ER C8 FLT1'!$B$4:$B$640-3,1),8)*IF(OR($O8=\"Class_8\",$N8=\"Replacement8HHD\",$AI8=\"CL7HHD\"),INDEX('ER C8 FLT1'!$A$4:$J$640,MATCH(DropData!$J48&$C8,'ER C8 FLT1'!$A$4:$A$640&'ER C8 FLT1'!$B$4:$B$640-3,1),9)),IF($O8=\"Class_7\",INDEX('ER C7 FLT1'!$A$4:$J$640,MATCH(DropData!$J48&$C8,'ER C7 FLT1'!$A$4:$A$640&'ER C7 FLT1'!$B$4:$B$640-3,1),8)*IF($O8=\"Class_7\",INDEX('ER C7 FLT1'!$A$4:$J$640,MATCH(DropData!$J48&$C8,'ER C7 FLT1'!$A$4:$A$640&'ER C7 FLT1'!$B$4:$B$640-3,1),9)),IF($O8=\"Class_6\",INDEX('ER C6 FLT1'!$A$4:$J$640,MATCH(DropData!$J48&$C8,'ER C6 FLT1'!$A$4:$A$640&'ER C6 FLT1'!$B$4:$B$640-3,1),8)*IF($O8=\"Class_6\",INDEX('ER C6 FLT1'!$A$4:$J$640,MATCH(DropData!$J48&$C8,'ER C6 FLT1'!$A$4:$A$640&'ER C6 FLT1'!$B$4:$B$640-3,1),9)))))))),IF($R8=\"Electric\",OFFSET(INDEX('ER Electric'!$A$6:$E$44,MATCH($C8&$O8,'ER Electric'!$A$6:$A$44&'ER Electric'!$B$6:$B$44,1),3),9,0),))","v":0},{"$f":"IF(OR($R8=\"Diesel\",$R8=\"LNG/CNG\",$R8=\"Hybrid\",$R8=\"Electric w/ AB-118\"),IF($B8=\"3+ Trucks\",IF(OR($O8=\"Class_8\",$N8=\"Replacement8HHD\",$AI8=\"CL7HHD\"),INDEX('ER C8 FLT3'!$A$4:$J$640,MATCH(DropData!$J48&$C8,'ER C8 FLT3'!$A$4:$A$640&'ER C8 FLT3'!$B$4:$B$640-4,1),8)*IF(OR($O8=\"Class_8\",$N8=\"Replacement8HHD\",$AI8=\"CL7HHD\"),INDEX('ER C8 FLT3'!$A$4:$J$640,MATCH(DropData!$J48&$C8,'ER C8 FLT3'!$A$4:$A$640&'ER C8 FLT3'!$B$4:$B$640-4,1),9)),IF($O8=\"Class_7\",INDEX('ER C7 FLT3'!$A$4:$J$640,MATCH(DropData!$J48&$C8,'ER C7 FLT3'!$A$4:$A$640&'ER C7 FLT3'!$B$4:$B$640-4,1),8)*IF($O8=\"Class_7\",INDEX('ER C7 FLT3'!$A$4:$J$640,MATCH(DropData!$J48&$C8,'ER C7 FLT3'!$A$4:$A$640&'ER C7 FLT3'!$B$4:$B$640-4,1),9)),IF($O8=\"Class_6\",INDEX('ER C6 FLT3'!$A$4:$J$640,MATCH(DropData!$J48&$C8,'ER C6 FLT3'!$A$4:$A$640&'ER C6 FLT3'!$B$4:$B$640-4,1),8)*IF($O8=\"Class_6\",INDEX('ER C6 FLT3'!$A$4:$J$640,MATCH(DropData!$J48&$C8,'ER C6 FLT3'!$A$4:$A$640&'ER C6 FLT3'!$B$4:$B$640-4,1),9))))),IF($B8=\"2 Trucks\",IF(OR($O8=\"Class_8\",$N8=\"Replacement8HHD\",$AI8=\"CL7HHD\"),INDEX('ER C8 FLT2'!$A$4:$J$640,MATCH(DropData!$J48&$C8,'ER C8 FLT2'!$A$4:$A$640&'ER C8 FLT2'!$B$4:$B$640-4,1),8)*IF(OR($O8=\"Class_8\",$N8=\"Replacement8HHD\",$AI8=\"CL7HHD\"),INDEX('ER C8 FLT2'!$A$4:$J$640,MATCH(DropData!$J48&$C8,'ER C8 FLT2'!$A$4:$A$640&'ER C8 FLT2'!$B$4:$B$640-4,1),9)),IF($O8=\"Class_7\",INDEX('ER C7 FLT2'!$A$4:$J$640,MATCH(DropData!$J48&$C8,'ER C7 FLT2'!$A$4:$A$640&'ER C7 FLT2'!$B$4:$B$640-4,1),8)*IF($O8=\"Class_7\",INDEX('ER C7 FLT2'!$A$4:$J$640,MATCH(DropData!$J48&$C8,'ER C7 FLT2'!$A$4:$A$640&'ER C7 FLT2'!$B$4:$B$640-4,1),9)),IF($O8=\"Class_6\",INDEX('ER C6 FLT2'!$A$4:$J$640,MATCH(DropData!$J48&$C8,'ER C6 FLT2'!$A$4:$A$640&'ER C6 FLT2'!$B$4:$B$640-4,1),8)*IF($O8=\"Class_6\",INDEX('ER C6 FLT2'!$A$4:$J$640,MATCH(DropData!$J48&$C8,'ER C6 FLT2'!$A$4:$A$640&'ER C6 FLT2'!$B$4:$B$640-4,1),9))))),IF($B8=\"1 Truck\",IF(OR($O8=\"Class_8\",$N8=\"Replacement8HHD\",$AI8=\"CL7HHD\"),INDEX('ER C8 FLT1'!$A$4:$J$640,MATCH(DropData!$J48&$C8,'ER C8 FLT1'!$A$4:$A$640&'ER C8 FLT1'!$B$4:$B$640-4,1),8)*IF(OR($O8=\"Class_8\",$N8=\"Replacement8HHD\",$AI8=\"CL7HHD\"),INDEX('ER C8 FLT1'!$A$4:$J$640,MATCH(DropData!$J48&$C8,'ER C8 FLT1'!$A$4:$A$640&'ER C8 FLT1'!$B$4:$B$640-4,1),9)),IF($O8=\"Class_7\",INDEX('ER C7 FLT1'!$A$4:$J$640,MATCH(DropData!$J48&$C8,'ER C7 FLT1'!$A$4:$A$640&'ER C7 FLT1'!$B$4:$B$640-4,1),8)*IF($O8=\"Class_7\",INDEX('ER C7 FLT1'!$A$4:$J$640,MATCH(DropData!$J48&$C8,'ER C7 FLT1'!$A$4:$A$640&'ER C7 FLT1'!$B$4:$B$640-4,1),9)),IF($O8=\"Class_6\",INDEX('ER C6 FLT1'!$A$4:$J$640,MATCH(DropData!$J48&$C8,'ER C6 FLT1'!$A$4:$A$640&'ER C6 FLT1'!$B$4:$B$640-4,1),8)*IF($O8=\"Class_6\",INDEX('ER C6 FLT1'!$A$4:$J$640,MATCH(DropData!$J48&$C8,'ER C6 FLT1'!$A$4:$A$640&'ER C6 FLT1'!$B$4:$B$640-4,1),9)))))))),IF($R8=\"Electric\",OFFSET(INDEX('ER Electric'!$A$6:$E$44,MATCH($C8&$O8,'ER Electric'!$A$6:$A$44&'ER Electric'!$B$6:$B$44,1),3),12,0),))","v":0},{"$f":"IF($C8<2015,1,2)","v":1},{"$f":"MAX(0,(AL8-AV8)/BF8)","v":0},{"$f":"IF($C8<2015,1,2)","v":1},{"$f":"IFERROR(IF($B8=\"3+ Trucks\",IF($Z8=\"Class_8\",INDEX('ER C8 FLT3'!$A$4:$J$640,MATCH($W8&$C8,'ER C8 FLT3'!$A$4:$A$640&'ER C8 FLT3'!$B$4:$B$640,1),8)*IF($Z8=\"Class_8\",INDEX('ER C8 FLT3'!$A$4:$J$640,MATCH($W8&$C8,'ER C8 FLT3'!$A$4:$A$640&'ER C8 FLT3'!$B$4:$B$640,1),9)),IF($Z8=\"Class_7\",INDEX('ER C7 FLT3'!$A$4:$J$640,MATCH($W8&$C8,'ER C7 FLT3'!$A$4:$A$640&'ER C7 FLT3'!$B$4:$B$640,1),8)*IF($Z8=\"Class_7\",INDEX('ER C7 FLT3'!$A$4:$J$640,MATCH($W8&$C8,'ER C7 FLT3'!$A$4:$A$640&'ER C7 FLT3'!$B$4:$B$640,1),9)),\nIF($Z8=\"Class_6\",INDEX('ER C6 FLT3'!$A$4:$J$640,MATCH($W8&$C8,'ER C6 FLT3'!$A$4:$A$640&'ER C6 FLT3'!$B$4:$B$640,1),8)*IF($Z8=\"Class_6\",INDEX('ER C6 FLT3'!$A$4:$L$640,MATCH($W8&$C8,'ER C6 FLT3'!$A$4:$A$640&'ER C6 FLT3'!$B$4:$B$640,1),9))))),IF($B8=\"2 Trucks\",IF($Z8=\"Class_8\",INDEX('ER C8 FLT2'!$A$4:$J$640,MATCH($W8&$C8,'ER C8 FLT2'!$A$4:$A$640&'ER C8 FLT2'!$B$4:$B$640,1),8)*IF($Z8=\"Class_8\",INDEX('ER C8 FLT2'!$A$4:$J$640,MATCH($W8&$C8,'ER C8 FLT2'!$A$4:$A$640&'ER C8 FLT2'!$B$4:$B$640,1),9)),IF($Z8=\"Class_7\",INDEX('ER C7 FLT2'!$A$4:$J$640,MATCH($W8&$C8,'ER C7 FLT2'!$A$4:$A$640&'ER C7 FLT2'!$B$4:$B$640,1),8)*IF($Z8=\"Class_7\",INDEX('ER C7 FLT2'!$A$4:$J$640,MATCH($W8&$C8,'ER C7 FLT2'!$A$4:$A$640&'ER C7 FLT2'!$B$4:$B$640,1),9)),IF($Z8=\"Class_6\",INDEX('ER C6 FLT2'!$A$4:$J$640,MATCH($W8&$C8,'ER C6 FLT2'!$A$4:$A$640&'ER C6 FLT2'!$B$4:$B$640,1),8)*IF($Z8=\"Class_6\",INDEX('ER C6 FLT2'!$A$4:$J$640,MATCH($W8&$C8,'ER C6 FLT2'!$A$4:$A$640&'ER C6 FLT2'!$B$4:$B$640,1),9))))),IF($B8=\"1 Truck\",\nIF($Z8=\"Class_8\",INDEX('ER C8 FLT1'!$A$4:$J$640,MATCH($W8&$C8,'ER C8 FLT1'!$A$4:$A$640&'ER C8 FLT1'!$B$4:$B$640,1),8)*IF($Z8=\"Class_8\",INDEX('ER C8 FLT1'!$A$4:$J$640,MATCH($W8&$C8,'ER C8 FLT1'!$A$4:$A$640&'ER C8 FLT1'!$B$4:$B$640,1),9)),IF($Z8=\"Class_7\",INDEX('ER C7 FLT1'!$A$4:$J$640,MATCH($W8&$C8,'ER C7 FLT1'!$A$4:$A$640&'ER C7 FLT1'!$B$4:$B$640,1),8)*IF($Z8=\"Class_7\",INDEX('ER C7 FLT1'!$A$4:$J$640,MATCH($W8&$C8,'ER C7 FLT1'!$A$4:$A$640&'ER C7 FLT1'!$B$4:$B$640,1),9)),\nIF($Z8=\"Class_6\",INDEX('ER C6 FLT1'!$A$4:$J$640,MATCH($W8&$C8,'ER C6 FLT1'!$A$4:$A$640&'ER C6 FLT1'!$B$4:$B$640,1),8)*IF($Z8=\"Class_6\",INDEX('ER C6 FLT1'!$A$4:$J$640,MATCH($W8&$C8,'ER C6 FLT1'!$A$4:$A$640&'ER C6 FLT1'!$B$4:$B$640,1),9))))))))*IF($X8=\"Level 1 PM\",0.75,IF($X8=\"Level 2 PM\",0.5,IF($X8=\"Level 3 PM\",0,IF($X8=\"Level 3 PM + Mark I NOx\",0,1))))*($AC8/453.6)-IF(BG8=0,AV8,0),\"0.00\")","v":0},{"$f":"IFERROR(MAX(0,BI8/BH8),\"0.00\")","v":0},{"$f":"IFERROR(MAX(0,BG8+BJ8),\"0.00\")","v":0},{"$f":"MAX(0,AM8-AW8)","v":0},{"$f":"IF($B8=\"3+ Trucks\",IF($Z8=\"Class_8\",INDEX('ER C8 FLT3'!$A$4:$J$640,MATCH($W8&$C8,'ER C8 FLT3'!$A$4:$A$640&'ER C8 FLT3'!$B$4:$B$640-1,1),8)*IF($Z8=\"Class_8\",INDEX('ER C8 FLT3'!$A$4:$J$640,MATCH($W8&$C8,'ER C8 FLT3'!$A$4:$A$640&'ER C8 FLT3'!$B$4:$B$640-1,1),9)),IF($Z8=\"Class_7\",INDEX('ER C7 FLT3'!$A$4:$J$640,MATCH($W8&$C8,'ER C7 FLT3'!$A$4:$A$640&'ER C7 FLT3'!$B$4:$B$640-1,1),8)*IF($Z8=\"Class_7\",INDEX('ER C7 FLT3'!$A$4:$J$640,MATCH($W8&$C8,'ER C7 FLT3'!$A$4:$A$640&'ER C7 FLT3'!$B$4:$B$640-1,1),9)),\nIF($Z8=\"Class_6\",INDEX('ER C6 FLT3'!$A$4:$J$640,MATCH($W8&$C8,'ER C6 FLT3'!$A$4:$A$640&'ER C6 FLT3'!$B$4:$B$640-1,1),8)*IF($Z8=\"Class_6\",INDEX('ER C6 FLT3'!$A$4:$L$640,MATCH($W8&$C8,'ER C6 FLT3'!$A$4:$A$640&'ER C6 FLT3'!$B$4:$B$640-1,1),9))))),IF($B8=\"2 Trucks\",IF($Z8=\"Class_8\",INDEX('ER C8 FLT2'!$A$4:$J$640,MATCH($W8&$C8,'ER C8 FLT2'!$A$4:$A$640&'ER C8 FLT2'!$B$4:$B$640-1,1),8)*IF($Z8=\"Class_8\",INDEX('ER C8 FLT2'!$A$4:$J$640,MATCH($W8&$C8,'ER C8 FLT2'!$A$4:$A$640&'ER C8 FLT2'!$B$4:$B$640-1,1),9)),IF($Z8=\"Class_7\",INDEX('ER C7 FLT2'!$A$4:$J$640,MATCH($W8&$C8,'ER C7 FLT2'!$A$4:$A$640&'ER C7 FLT2'!$B$4:$B$640-1,1),8)*IF($Z8=\"Class_7\",INDEX('ER C7 FLT2'!$A$4:$J$640,MATCH($W8&$C8,'ER C7 FLT2'!$A$4:$A$640&'ER C7 FLT2'!$B$4:$B$640-1,1),9)),IF($Z8=\"Class_6\",INDEX('ER C6 FLT2'!$A$4:$J$640,MATCH($W8&$C8,'ER C6 FLT2'!$A$4:$A$640&'ER C6 FLT2'!$B$4:$B$640-1,1),8)*IF($Z8=\"Class_6\",INDEX('ER C6 FLT2'!$A$4:$J$640,MATCH($W8&$C8,'ER C6 FLT2'!$A$4:$A$640&'ER C6 FLT2'!$B$4:$B$640-1,1),9))))),IF($B8=\"1 Truck\",\nIF($Z8=\"Class_8\",INDEX('ER C8 FLT1'!$A$4:$J$640,MATCH($W8&$C8,'ER C8 FLT1'!$A$4:$A$640&'ER C8 FLT1'!$B$4:$B$640-1,1),8)*IF($Z8=\"Class_8\",INDEX('ER C8 FLT1'!$A$4:$J$640,MATCH($W8&$C8,'ER C8 FLT1'!$A$4:$A$640&'ER C8 FLT1'!$B$4:$B$640-1,1),9)),IF($Z8=\"Class_7\",INDEX('ER C7 FLT1'!$A$4:$J$640,MATCH($W8&$C8,'ER C7 FLT1'!$A$4:$A$640&'ER C7 FLT1'!$B$4:$B$640-1,1),8)*IF($Z8=\"Class_7\",INDEX('ER C7 FLT1'!$A$4:$J$640,MATCH($W8&$C8,'ER C7 FLT1'!$A$4:$A$640&'ER C7 FLT1'!$B$4:$B$640-1,1),9)),\nIF($Z8=\"Class_6\",INDEX('ER C6 FLT1'!$A$4:$J$640,MATCH($W8&$C8,'ER C6 FLT1'!$A$4:$A$640&'ER C6 FLT1'!$B$4:$B$640-1,1),8)*IF($Z8=\"Class_6\",INDEX('ER C6 FLT1'!$A$4:$J$640,MATCH($W8&$C8,'ER C6 FLT1'!$A$4:$A$640&'ER C6 FLT1'!$B$4:$B$640-1,1),9))))))))*IF($X8=\"Level 1 PM\",0.75,IF($X8=\"Level 2 PM\",0.5,IF($X8=\"Level 3 PM\",0,IF($X8=\"Level 3 PM + Mark I NOx\",0,1))))*($AC8/453.6)-IF(BL8=0,AW8,0)","v":0},0,0,{"$f":"IF($B8=\"3+ Trucks\",IF($Z8=\"Class_8\",INDEX('ER C8 FLT3'!$A$4:$J$640,MATCH($W8&$C8,'ER C8 FLT3'!$A$4:$A$640&'ER C8 FLT3'!$B$4:$B$640-2,1),8)*IF($Z8=\"Class_8\",INDEX('ER C8 FLT3'!$A$4:$J$640,MATCH($W8&$C8,'ER C8 FLT3'!$A$4:$A$640&'ER C8 FLT3'!$B$4:$B$640-2,1),9)),IF($Z8=\"Class_7\",INDEX('ER C7 FLT3'!$A$4:$J$640,MATCH($W8&$C8,'ER C7 FLT3'!$A$4:$A$640&'ER C7 FLT3'!$B$4:$B$640-2,1),8)*IF($Z8=\"Class_7\",INDEX('ER C7 FLT3'!$A$4:$J$640,MATCH($W8&$C8,'ER C7 FLT3'!$A$4:$A$640&'ER C7 FLT3'!$B$4:$B$640-2,1),9)),\nIF($Z8=\"Class_6\",INDEX('ER C6 FLT3'!$A$4:$J$640,MATCH($W8&$C8,'ER C6 FLT3'!$A$4:$A$640&'ER C6 FLT3'!$B$4:$B$640-2,1),8)*IF($Z8=\"Class_6\",INDEX('ER C6 FLT3'!$A$4:$L$640,MATCH($W8&$C8,'ER C6 FLT3'!$A$4:$A$640&'ER C6 FLT3'!$B$4:$B$640-2,1),9))))),IF($B8=\"2 Trucks\",IF($Z8=\"Class_8\",INDEX('ER C8 FLT2'!$A$4:$J$640,MATCH($W8&$C8,'ER C8 FLT2'!$A$4:$A$640&'ER C8 FLT2'!$B$4:$B$640-2,1),8)*IF($Z8=\"Class_8\",INDEX('ER C8 FLT2'!$A$4:$J$640,MATCH($W8&$C8,'ER C8 FLT2'!$A$4:$A$640&'ER C8 FLT2'!$B$4:$B$640-2,1),9)),IF($Z8=\"Class_7\",INDEX('ER C7 FLT2'!$A$4:$J$640,MATCH($W8&$C8,'ER C7 FLT2'!$A$4:$A$640&'ER C7 FLT2'!$B$4:$B$640-2,1),8)*IF($Z8=\"Class_7\",INDEX('ER C7 FLT2'!$A$4:$J$640,MATCH($W8&$C8,'ER C7 FLT2'!$A$4:$A$640&'ER C7 FLT2'!$B$4:$B$640-2,1),9)),IF($Z8=\"Class_6\",INDEX('ER C6 FLT2'!$A$4:$J$640,MATCH($W8&$C8,'ER C6 FLT2'!$A$4:$A$640&'ER C6 FLT2'!$B$4:$B$640-2,1),8)*IF($Z8=\"Class_6\",INDEX('ER C6 FLT2'!$A$4:$J$640,MATCH($W8&$C8,'ER C6 FLT2'!$A$4:$A$640&'ER C6 FLT2'!$B$4:$B$640-2,1),9))))),IF($B8=\"1 Truck\",\nIF($Z8=\"Class_8\",INDEX('ER C8 FLT1'!$A$4:$J$640,MATCH($W8&$C8,'ER C8 FLT1'!$A$4:$A$640&'ER C8 FLT1'!$B$4:$B$640-2,1),8)*IF($Z8=\"Class_8\",INDEX('ER C8 FLT1'!$A$4:$J$640,MATCH($W8&$C8,'ER C8 FLT1'!$A$4:$A$640&'ER C8 FLT1'!$B$4:$B$640-2,1),9)),IF($Z8=\"Class_7\",INDEX('ER C7 FLT1'!$A$4:$J$640,MATCH($W8&$C8,'ER C7 FLT1'!$A$4:$A$640&'ER C7 FLT1'!$B$4:$B$640-2,1),8)*IF($Z8=\"Class_7\",INDEX('ER C7 FLT1'!$A$4:$J$640,MATCH($W8&$C8,'ER C7 FLT1'!$A$4:$A$640&'ER C7 FLT1'!$B$4:$B$640-2,1),9)),\nIF($Z8=\"Class_6\",INDEX('ER C6 FLT1'!$A$4:$J$640,MATCH($W8&$C8,'ER C6 FLT1'!$A$4:$A$640&'ER C6 FLT1'!$B$4:$B$640-2,1),8)*IF($Z8=\"Class_6\",INDEX('ER C6 FLT1'!$A$4:$J$640,MATCH($W8&$C8,'ER C6 FLT1'!$A$4:$A$640&'ER C6 FLT1'!$B$4:$B$640-2,1),9))))))))*IF($X8=\"Level 1 PM\",0.75,IF($X8=\"Level 2 PM\",0.5,IF($X8=\"Level 3 PM\",0,IF($X8=\"Level 3 PM + Mark I NOx\",0,1))))*($AC8/453.6)-IF(BO8=0,AX8,0)","v":0},{"$f":"MAX(0,BO8+BP8)","v":0},0,{"$f":"IF($B8=\"3+ Trucks\",IF($Z8=\"Class_8\",INDEX('ER C8 FLT3'!$A$4:$J$640,MATCH($W8&$C8,'ER C8 FLT3'!$A$4:$A$640&'ER C8 FLT3'!$B$4:$B$640-3,1),8)*IF($Z8=\"Class_8\",INDEX('ER C8 FLT3'!$A$4:$J$640,MATCH($W8&$C8,'ER C8 FLT3'!$A$4:$A$640&'ER C8 FLT3'!$B$4:$B$640-3,1),9)),IF($Z8=\"Class_7\",INDEX('ER C7 FLT3'!$A$4:$J$640,MATCH($W8&$C8,'ER C7 FLT3'!$A$4:$A$640&'ER C7 FLT3'!$B$4:$B$640-3,1),8)*IF($Z8=\"Class_7\",INDEX('ER C7 FLT3'!$A$4:$J$640,MATCH($W8&$C8,'ER C7 FLT3'!$A$4:$A$640&'ER C7 FLT3'!$B$4:$B$640-3,1),9)),\nIF($Z8=\"Class_6\",INDEX('ER C6 FLT3'!$A$4:$J$640,MATCH($W8&$C8,'ER C6 FLT3'!$A$4:$A$640&'ER C6 FLT3'!$B$4:$B$640-3,1),8)*IF($Z8=\"Class_6\",INDEX('ER C6 FLT3'!$A$4:$L$640,MATCH($W8&$C8,'ER C6 FLT3'!$A$4:$A$640&'ER C6 FLT3'!$B$4:$B$640-3,1),9))))),IF($B8=\"2 Trucks\",IF($Z8=\"Class_8\",INDEX('ER C8 FLT2'!$A$4:$J$640,MATCH($W8&$C8,'ER C8 FLT2'!$A$4:$A$640&'ER C8 FLT2'!$B$4:$B$640-3,1),8)*IF($Z8=\"Class_8\",INDEX('ER C8 FLT2'!$A$4:$J$640,MATCH($W8&$C8,'ER C8 FLT2'!$A$4:$A$640&'ER C8 FLT2'!$B$4:$B$640-3,1),9)),IF($Z8=\"Class_7\",INDEX('ER C7 FLT2'!$A$4:$J$640,MATCH($W8&$C8,'ER C7 FLT2'!$A$4:$A$640&'ER C7 FLT2'!$B$4:$B$640-3,1),8)*IF($Z8=\"Class_7\",INDEX('ER C7 FLT2'!$A$4:$J$640,MATCH($W8&$C8,'ER C7 FLT2'!$A$4:$A$640&'ER C7 FLT2'!$B$4:$B$640-3,1),9)),IF($Z8=\"Class_6\",INDEX('ER C6 FLT2'!$A$4:$J$640,MATCH($W8&$C8,'ER C6 FLT2'!$A$4:$A$640&'ER C6 FLT2'!$B$4:$B$640-3,1),8)*IF($Z8=\"Class_6\",INDEX('ER C6 FLT2'!$A$4:$J$640,MATCH($W8&$C8,'ER C6 FLT2'!$A$4:$A$640&'ER C6 FLT2'!$B$4:$B$640-3,1),9))))),IF($B8=\"1 Truck\",\nIF($Z8=\"Class_8\",INDEX('ER C8 FLT1'!$A$4:$J$640,MATCH($W8&$C8,'ER C8 FLT1'!$A$4:$A$640&'ER C8 FLT1'!$B$4:$B$640-3,1),8)*IF($Z8=\"Class_8\",INDEX('ER C8 FLT1'!$A$4:$J$640,MATCH($W8&$C8,'ER C8 FLT1'!$A$4:$A$640&'ER C8 FLT1'!$B$4:$B$640-3,1),9)),IF($Z8=\"Class_7\",INDEX('ER C7 FLT1'!$A$4:$J$640,MATCH($W8&$C8,'ER C7 FLT1'!$A$4:$A$640&'ER C7 FLT1'!$B$4:$B$640-3,1),8)*IF($Z8=\"Class_7\",INDEX('ER C7 FLT1'!$A$4:$J$640,MATCH($W8&$C8,'ER C7 FLT1'!$A$4:$A$640&'ER C7 FLT1'!$B$4:$B$640-3,1),9)),\nIF($Z8=\"Class_6\",INDEX('ER C6 FLT1'!$A$4:$J$640,MATCH($W8&$C8,'ER C6 FLT1'!$A$4:$A$640&'ER C6 FLT1'!$B$4:$B$640-3,1),8)*IF($Z8=\"Class_6\",INDEX('ER C6 FLT1'!$A$4:$J$640,MATCH($W8&$C8,'ER C6 FLT1'!$A$4:$A$640&'ER C6 FLT1'!$B$4:$B$640-3,1),9))))))))*IF($X8=\"Level 1 PM\",0.75,IF($X8=\"Level 2 PM\",0.5,IF($X8=\"Level 3 PM\",0,IF($X8=\"Level 3 PM + Mark I NOx\",0,1))))*($AC8/453.6)-IF(BR8=0,AY8,0)","v":0},{"$f":"MAX(0,BR8+BS8)","v":0},0,{"$f":"IF($B8=\"3+ Trucks\",IF($Z8=\"Class_8\",INDEX('ER C8 FLT3'!$A$4:$J$640,MATCH($W8&$C8,'ER C8 FLT3'!$A$4:$A$640&'ER C8 FLT3'!$B$4:$B$640-4,1),8)*IF($Z8=\"Class_8\",INDEX('ER C8 FLT3'!$A$4:$J$640,MATCH($W8&$C8,'ER C8 FLT3'!$A$4:$A$640&'ER C8 FLT3'!$B$4:$B$640-4,1),9)),IF($Z8=\"Class_7\",INDEX('ER C7 FLT3'!$A$4:$J$640,MATCH($W8&$C8,'ER C7 FLT3'!$A$4:$A$640&'ER C7 FLT3'!$B$4:$B$640-4,1),8)*IF($Z8=\"Class_7\",INDEX('ER C7 FLT3'!$A$4:$J$640,MATCH($W8&$C8,'ER C7 FLT3'!$A$4:$A$640&'ER C7 FLT3'!$B$4:$B$640-4,1),9)),\nIF($Z8=\"Class_6\",INDEX('ER C6 FLT3'!$A$4:$J$640,MATCH($W8&$C8,'ER C6 FLT3'!$A$4:$A$640&'ER C6 FLT3'!$B$4:$B$640-4,1),8)*IF($Z8=\"Class_6\",INDEX('ER C6 FLT3'!$A$4:$L$640,MATCH($W8&$C8,'ER C6 FLT3'!$A$4:$A$640&'ER C6 FLT3'!$B$4:$B$640-4,1),9))))),IF($B8=\"2 Trucks\",IF($Z8=\"Class_8\",INDEX('ER C8 FLT2'!$A$4:$J$640,MATCH($W8&$C8,'ER C8 FLT2'!$A$4:$A$640&'ER C8 FLT2'!$B$4:$B$640-4,1),8)*IF($Z8=\"Class_8\",INDEX('ER C8 FLT2'!$A$4:$J$640,MATCH($W8&$C8,'ER C8 FLT2'!$A$4:$A$640&'ER C8 FLT2'!$B$4:$B$640-4,1),9)),IF($Z8=\"Class_7\",INDEX('ER C7 FLT2'!$A$4:$J$640,MATCH($W8&$C8,'ER C7 FLT2'!$A$4:$A$640&'ER C7 FLT2'!$B$4:$B$640-4,1),8)*IF($Z8=\"Class_7\",INDEX('ER C7 FLT2'!$A$4:$J$640,MATCH($W8&$C8,'ER C7 FLT2'!$A$4:$A$640&'ER C7 FLT2'!$B$4:$B$640-4,1),9)),IF($Z8=\"Class_6\",INDEX('ER C6 FLT2'!$A$4:$J$640,MATCH($W8&$C8,'ER C6 FLT2'!$A$4:$A$640&'ER C6 FLT2'!$B$4:$B$640-4,1),8)*IF($Z8=\"Class_6\",INDEX('ER C6 FLT2'!$A$4:$J$640,MATCH($W8&$C8,'ER C6 FLT2'!$A$4:$A$640&'ER C6 FLT2'!$B$4:$B$640-4,1),9))))),IF($B8=\"1 Truck\",\nIF($Z8=\"Class_8\",INDEX('ER C8 FLT1'!$A$4:$J$640,MATCH($W8&$C8,'ER C8 FLT1'!$A$4:$A$640&'ER C8 FLT1'!$B$4:$B$640-4,1),8)*IF($Z8=\"Class_8\",INDEX('ER C8 FLT1'!$A$4:$J$640,MATCH($W8&$C8,'ER C8 FLT1'!$A$4:$A$640&'ER C8 FLT1'!$B$4:$B$640-4,1),9)),IF($Z8=\"Class_7\",INDEX('ER C7 FLT1'!$A$4:$J$640,MATCH($W8&$C8,'ER C7 FLT1'!$A$4:$A$640&'ER C7 FLT1'!$B$4:$B$640-4,1),8)*IF($Z8=\"Class_7\",INDEX('ER C7 FLT1'!$A$4:$J$640,MATCH($W8&$C8,'ER C7 FLT1'!$A$4:$A$640&'ER C7 FLT1'!$B$4:$B$640-4,1),9)),\nIF($Z8=\"Class_6\",INDEX('ER C6 FLT1'!$A$4:$J$640,MATCH($W8&$C8,'ER C6 FLT1'!$A$4:$A$640&'ER C6 FLT1'!$B$4:$B$640-4,1),8)*IF($Z8=\"Class_6\",INDEX('ER C6 FLT1'!$A$4:$J$640,MATCH($W8&$C8,'ER C6 FLT1'!$A$4:$A$640&'ER C6 FLT1'!$B$4:$B$640-4,1),9))))))))*IF($X8=\"Level 1 PM\",0.75,IF($X8=\"Level 2 PM\",0.5,IF($X8=\"Level 3 PM\",0,IF($X8=\"Level 3 PM + Mark I NOx\",0,1))))*($AC8/453.6)-IF(BU8=0,AZ8,0)","v":0},{"$f":"MAX(0,BU8+BV8)","v":0},{"$f":"(MAX(0,BK8+BN8+BQ8+BT8+BW8))","v":0},{"$f":"IF($B8=\"3+ Trucks\",IF(OR($H8=\"Class_8\",$N8=\"Replacement8HHD\",$AH8=\"CL7HHD\",$AJ8=\"CL7to8\"),INDEX('ER C8 FLT3'!$A$4:$J$640,MATCH($E8&$C8,'ER C8 FLT3'!$A$4:$A$640&'ER C8 FLT3'!$B$4:$B$640,1),5)*IF(OR($H8=\"Class_8\",$N8=\"Replacement8HHD\",$AH8=\"CL7HHD\",$AJ8=\"CL7to8\"),INDEX('ER C8 FLT3'!$A$4:$J$640,MATCH($E8&$C8,'ER C8 FLT3'!$A$4:$A$640&'ER C8 FLT3'!$B$4:$B$640,1),7)),IF($H8=\"Class_7\",INDEX('ER C7 FLT3'!$A$4:$J$640,MATCH($E8&$C8,'ER C7 FLT3'!$A$4:$A$640&'ER C7 FLT3'!$B$4:$B$640,1),5)*IF($H8=\"Class_7\",INDEX('ER C7 FLT3'!$A$4:$J$640,MATCH($E8&$C8,'ER C7 FLT3'!$A$4:$A$640&'ER C7 FLT3'!$B$4:$B$640,1),7)),\nIF($H8=\"Class_6\",INDEX('ER C6 FLT3'!$A$4:$J$640,MATCH($E8&$C8,'ER C6 FLT3'!$A$4:$A$640&'ER C6 FLT3'!$B$4:$B$640,1),5)*IF($H8=\"Class_6\",INDEX('ER C6 FLT3'!$A$4:$L$640,MATCH($E8&$C8,'ER C6 FLT3'!$A$4:$A$640&'ER C6 FLT3'!$B$4:$B$640,1),7))))),IF($B8=\"2 Trucks\",IF(OR($H8=\"Class_8\",$N8=\"Replacement8HHD\",$AH8=\"CL7HHD\",$AJ8=\"CL7to8\"),INDEX('ER C8 FLT2'!$A$4:$J$640,MATCH($E8&$C8,'ER C8 FLT2'!$A$4:$A$640&'ER C8 FLT2'!$B$4:$B$640,1),5)*IF(OR($H8=\"Class_8\",$N8=\"Replacement8HHD\",$AH8=\"CL7HHD\",$AJ8=\"CL7to8\"),INDEX('ER C8 FLT2'!$A$4:$J$640,MATCH($E8&$C8,'ER C8 FLT2'!$A$4:$A$640&'ER C8 FLT2'!$B$4:$B$640,1),7)),IF($H8=\"Class_7\",INDEX('ER C7 FLT2'!$A$4:$J$640,MATCH($E8&$C8,'ER C7 FLT2'!$A$4:$A$640&'ER C7 FLT2'!$B$4:$B$640,1),5)*IF($H8=\"Class_7\",INDEX('ER C7 FLT2'!$A$4:$J$640,MATCH($E8&$C8,'ER C7 FLT2'!$A$4:$A$640&'ER C7 FLT2'!$B$4:$B$640,1),7)),IF($H8=\"Class_6\",INDEX('ER C6 FLT2'!$A$4:$J$640,MATCH($E8&$C8,'ER C6 FLT2'!$A$4:$A$640&'ER C6 FLT2'!$B$4:$B$640,1),5)*IF($H8=\"Class_6\",INDEX('ER C6 FLT2'!$A$4:$J$640,MATCH($E8&$C8,'ER C6 FLT2'!$A$4:$A$640&'ER C6 FLT2'!$B$4:$B$640,1),7))))),IF($B8=\"1 Truck\",\nIF(OR($H8=\"Class_8\",$N8=\"Replacement8HHD\",$AH8=\"CL7HHD\",$AJ8=\"CL7to8\"),INDEX('ER C8 FLT1'!$A$4:$J$640,MATCH($E8&$C8,'ER C8 FLT1'!$A$4:$A$640&'ER C8 FLT1'!$B$4:$B$640,1),5)*IF(OR($H8=\"Class_8\",$N8=\"Replacement8HHD\",$AH8=\"CL7HHD\",$AJ8=\"CL7to8\"),INDEX('ER C8 FLT1'!$A$4:$J$640,MATCH($E8&$C8,'ER C8 FLT1'!$A$4:$A$640&'ER C8 FLT1'!$B$4:$B$640,1),7)),IF($H8=\"Class_7\",INDEX('ER C7 FLT1'!$A$4:$J$640,MATCH($E8&$C8,'ER C7 FLT1'!$A$4:$A$640&'ER C7 FLT1'!$B$4:$B$640,1),5)*IF($H8=\"Class_7\",INDEX('ER C7 FLT1'!$A$4:$J$640,MATCH($E8&$C8,'ER C7 FLT1'!$A$4:$A$640&'ER C7 FLT1'!$B$4:$B$640,1),7)),\nIF($H8=\"Class_6\",INDEX('ER C6 FLT1'!$A$4:$J$640,MATCH($E8&$C8,'ER C6 FLT1'!$A$4:$A$640&'ER C6 FLT1'!$B$4:$B$640,1),5)*IF($H8=\"Class_6\",INDEX('ER C6 FLT1'!$A$4:$J$640,MATCH($E8&$C8,'ER C6 FLT1'!$A$4:$A$640&'ER C6 FLT1'!$B$4:$B$640,1),7))))))))*IF($F8=\"Level 1 PM + Mark I NOx\",0.75,1)*($Q8/453.6)","v":0},{"$f":"IF($B8=\"3+ Trucks\",IF(OR($H8=\"Class_8\",$N8=\"Replacement8HHD\",$AH8=\"CL7HHD\",$AJ8=\"CL7to8\"),INDEX('ER C8 FLT3'!$A$4:$J$640,MATCH($E8&$C8,'ER C8 FLT3'!$A$4:$A$640&'ER C8 FLT3'!$B$4:$B$640-1,1),5)*IF(OR($H8=\"Class_8\",$N8=\"Replacement8HHD\",$AH8=\"CL7HHD\",$AJ8=\"CL7to8\"),INDEX('ER C8 FLT3'!$A$4:$J$640,MATCH($E8&$C8,'ER C8 FLT3'!$A$4:$A$640&'ER C8 FLT3'!$B$4:$B$640-1,1),7)),IF($H8=\"Class_7\",INDEX('ER C7 FLT3'!$A$4:$J$640,MATCH($E8&$C8,'ER C7 FLT3'!$A$4:$A$640&'ER C7 FLT3'!$B$4:$B$640-1,1),5)*IF($H8=\"Class_7\",INDEX('ER C7 FLT3'!$A$4:$J$640,MATCH($E8&$C8,'ER C7 FLT3'!$A$4:$A$640&'ER C7 FLT3'!$B$4:$B$640-1,1),7)),\nIF($H8=\"Class_6\",INDEX('ER C6 FLT3'!$A$4:$J$640,MATCH($E8&$C8,'ER C6 FLT3'!$A$4:$A$640&'ER C6 FLT3'!$B$4:$B$640-1,1),5)*IF($H8=\"Class_6\",INDEX('ER C6 FLT3'!$A$4:$L$640,MATCH($E8&$C8,'ER C6 FLT3'!$A$4:$A$640&'ER C6 FLT3'!$B$4:$B$640-1,1),7))))),IF($B8=\"2 Trucks\",IF(OR($H8=\"Class_8\",$N8=\"Replacement8HHD\",$AH8=\"CL7HHD\",$AJ8=\"CL7to8\"),INDEX('ER C8 FLT2'!$A$4:$J$640,MATCH($E8&$C8,'ER C8 FLT2'!$A$4:$A$640&'ER C8 FLT2'!$B$4:$B$640-1,1),5)*IF(OR($H8=\"Class_8\",$N8=\"Replacement8HHD\",$AH8=\"CL7HHD\",$AJ8=\"CL7to8\"),INDEX('ER C8 FLT2'!$A$4:$J$640,MATCH($E8&$C8,'ER C8 FLT2'!$A$4:$A$640&'ER C8 FLT2'!$B$4:$B$640-1,1),7)),IF($H8=\"Class_7\",INDEX('ER C7 FLT2'!$A$4:$J$640,MATCH($E8&$C8,'ER C7 FLT2'!$A$4:$A$640&'ER C7 FLT2'!$B$4:$B$640-1,1),5)*IF($H8=\"Class_7\",INDEX('ER C7 FLT2'!$A$4:$J$640,MATCH($E8&$C8,'ER C7 FLT2'!$A$4:$A$640&'ER C7 FLT2'!$B$4:$B$640-1,1),7)),IF($H8=\"Class_6\",INDEX('ER C6 FLT2'!$A$4:$J$640,MATCH($E8&$C8,'ER C6 FLT2'!$A$4:$A$640&'ER C6 FLT2'!$B$4:$B$640-1,1),5)*IF($H8=\"Class_6\",INDEX('ER C6 FLT2'!$A$4:$J$640,MATCH($E8&$C8,'ER C6 FLT2'!$A$4:$A$640&'ER C6 FLT2'!$B$4:$B$640-1,1),7))))),IF($B8=\"1 Truck\",\nIF(OR($H8=\"Class_8\",$N8=\"Replacement8HHD\",$AH8=\"CL7HHD\",$AJ8=\"CL7to8\"),INDEX('ER C8 FLT1'!$A$4:$J$640,MATCH($E8&$C8,'ER C8 FLT1'!$A$4:$A$640&'ER C8 FLT1'!$B$4:$B$640-1,1),5)*IF(OR($H8=\"Class_8\",$N8=\"Replacement8HHD\",$AH8=\"CL7HHD\",$AJ8=\"CL7to8\"),INDEX('ER C8 FLT1'!$A$4:$J$640,MATCH($E8&$C8,'ER C8 FLT1'!$A$4:$A$640&'ER C8 FLT1'!$B$4:$B$640-1,1),7)),IF($H8=\"Class_7\",INDEX('ER C7 FLT1'!$A$4:$J$640,MATCH($E8&$C8,'ER C7 FLT1'!$A$4:$A$640&'ER C7 FLT1'!$B$4:$B$640-1,1),5)*IF($H8=\"Class_7\",INDEX('ER C7 FLT1'!$A$4:$J$640,MATCH($E8&$C8,'ER C7 FLT1'!$A$4:$A$640&'ER C7 FLT1'!$B$4:$B$640-1,1),7)),\nIF($H8=\"Class_6\",INDEX('ER C6 FLT1'!$A$4:$J$640,MATCH($E8&$C8,'ER C6 FLT1'!$A$4:$A$640&'ER C6 FLT1'!$B$4:$B$640-1,1),5)*IF($H8=\"Class_6\",INDEX('ER C6 FLT1'!$A$4:$J$640,MATCH($E8&$C8,'ER C6 FLT1'!$A$4:$A$640&'ER C6 FLT1'!$B$4:$B$640-1,1),7))))))))*IF($F8=\"Level 1 PM + Mark I NOx\",0.75,1)*($Q8/453.6)","v":0},{"$f":"IF($B8=\"3+ Trucks\",IF(OR($H8=\"Class_8\",$N8=\"Replacement8HHD\",$AH8=\"CL7HHD\",$AJ8=\"CL7to8\"),INDEX('ER C8 FLT3'!$A$4:$J$640,MATCH($E8&$C8,'ER C8 FLT3'!$A$4:$A$640&'ER C8 FLT3'!$B$4:$B$640-2,1),5)*IF(OR($H8=\"Class_8\",$N8=\"Replacement8HHD\",$AH8=\"CL7HHD\",$AJ8=\"CL7to8\"),INDEX('ER C8 FLT3'!$A$4:$J$640,MATCH($E8&$C8,'ER C8 FLT3'!$A$4:$A$640&'ER C8 FLT3'!$B$4:$B$640-2,1),7)),IF($H8=\"Class_7\",INDEX('ER C7 FLT3'!$A$4:$J$640,MATCH($E8&$C8,'ER C7 FLT3'!$A$4:$A$640&'ER C7 FLT3'!$B$4:$B$640-2,1),5)*IF($H8=\"Class_7\",INDEX('ER C7 FLT3'!$A$4:$J$640,MATCH($E8&$C8,'ER C7 FLT3'!$A$4:$A$640&'ER C7 FLT3'!$B$4:$B$640-2,1),7)),\nIF($H8=\"Class_6\",INDEX('ER C6 FLT3'!$A$4:$J$640,MATCH($E8&$C8,'ER C6 FLT3'!$A$4:$A$640&'ER C6 FLT3'!$B$4:$B$640-2,1),5)*IF($H8=\"Class_6\",INDEX('ER C6 FLT3'!$A$4:$L$640,MATCH($E8&$C8,'ER C6 FLT3'!$A$4:$A$640&'ER C6 FLT3'!$B$4:$B$640-2,1),7))))),IF($B8=\"2 Trucks\",IF(OR($H8=\"Class_8\",$N8=\"Replacement8HHD\",$AH8=\"CL7HHD\",$AJ8=\"CL7to8\"),INDEX('ER C8 FLT2'!$A$4:$J$640,MATCH($E8&$C8,'ER C8 FLT2'!$A$4:$A$640&'ER C8 FLT2'!$B$4:$B$640-2,1),5)*IF(OR($H8=\"Class_8\",$N8=\"Replacement8HHD\",$AH8=\"CL7HHD\",$AJ8=\"CL7to8\"),INDEX('ER C8 FLT2'!$A$4:$J$640,MATCH($E8&$C8,'ER C8 FLT2'!$A$4:$A$640&'ER C8 FLT2'!$B$4:$B$640-2,1),7)),IF($H8=\"Class_7\",INDEX('ER C7 FLT2'!$A$4:$J$640,MATCH($E8&$C8,'ER C7 FLT2'!$A$4:$A$640&'ER C7 FLT2'!$B$4:$B$640-2,1),5)*IF($H8=\"Class_7\",INDEX('ER C7 FLT2'!$A$4:$J$640,MATCH($E8&$C8,'ER C7 FLT2'!$A$4:$A$640&'ER C7 FLT2'!$B$4:$B$640-2,1),7)),IF($H8=\"Class_6\",INDEX('ER C6 FLT2'!$A$4:$J$640,MATCH($E8&$C8,'ER C6 FLT2'!$A$4:$A$640&'ER C6 FLT2'!$B$4:$B$640-2,1),5)*IF($H8=\"Class_6\",INDEX('ER C6 FLT2'!$A$4:$J$640,MATCH($E8&$C8,'ER C6 FLT2'!$A$4:$A$640&'ER C6 FLT2'!$B$4:$B$640-2,1),7))))),IF($B8=\"1 Truck\",\nIF(OR($H8=\"Class_8\",$N8=\"Replacement8HHD\",$AH8=\"CL7HHD\",$AJ8=\"CL7to8\"),INDEX('ER C8 FLT1'!$A$4:$J$640,MATCH($E8&$C8,'ER C8 FLT1'!$A$4:$A$640&'ER C8 FLT1'!$B$4:$B$640-2,1),5)*IF(OR($H8=\"Class_8\",$N8=\"Replacement8HHD\",$AH8=\"CL7HHD\",$AJ8=\"CL7to8\"),INDEX('ER C8 FLT1'!$A$4:$J$640,MATCH($E8&$C8,'ER C8 FLT1'!$A$4:$A$640&'ER C8 FLT1'!$B$4:$B$640-2,1),7)),IF($H8=\"Class_7\",INDEX('ER C7 FLT1'!$A$4:$J$640,MATCH($E8&$C8,'ER C7 FLT1'!$A$4:$A$640&'ER C7 FLT1'!$B$4:$B$640-2,1),5)*IF($H8=\"Class_7\",INDEX('ER C7 FLT1'!$A$4:$J$640,MATCH($E8&$C8,'ER C7 FLT1'!$A$4:$A$640&'ER C7 FLT1'!$B$4:$B$640-2,1),7)),\nIF($H8=\"Class_6\",INDEX('ER C6 FLT1'!$A$4:$J$640,MATCH($E8&$C8,'ER C6 FLT1'!$A$4:$A$640&'ER C6 FLT1'!$B$4:$B$640-2,1),5)*IF($H8=\"Class_6\",INDEX('ER C6 FLT1'!$A$4:$J$640,MATCH($E8&$C8,'ER C6 FLT1'!$A$4:$A$640&'ER C6 FLT1'!$B$4:$B$640-2,1),7))))))))*IF($F8=\"Level 1 PM + Mark I NOx\",0.75,1)*($Q8/453.6)","v":0},{"$f":"IF($B8=\"3+ Trucks\",IF(OR($H8=\"Class_8\",$N8=\"Replacement8HHD\",$AH8=\"CL7HHD\",$AJ8=\"CL7to8\"),INDEX('ER C8 FLT3'!$A$4:$J$640,MATCH($E8&$C8,'ER C8 FLT3'!$A$4:$A$640&'ER C8 FLT3'!$B$4:$B$640-3,1),5)*IF(OR($H8=\"Class_8\",$N8=\"Replacement8HHD\",$AH8=\"CL7HHD\",$AJ8=\"CL7to8\"),INDEX('ER C8 FLT3'!$A$4:$J$640,MATCH($E8&$C8,'ER C8 FLT3'!$A$4:$A$640&'ER C8 FLT3'!$B$4:$B$640-3,1),7)),IF($H8=\"Class_7\",INDEX('ER C7 FLT3'!$A$4:$J$640,MATCH($E8&$C8,'ER C7 FLT3'!$A$4:$A$640&'ER C7 FLT3'!$B$4:$B$640-3,1),5)*IF($H8=\"Class_7\",INDEX('ER C7 FLT3'!$A$4:$J$640,MATCH($E8&$C8,'ER C7 FLT3'!$A$4:$A$640&'ER C7 FLT3'!$B$4:$B$640-3,1),7)),\nIF($H8=\"Class_6\",INDEX('ER C6 FLT3'!$A$4:$J$640,MATCH($E8&$C8,'ER C6 FLT3'!$A$4:$A$640&'ER C6 FLT3'!$B$4:$B$640-3,1),5)*IF($H8=\"Class_6\",INDEX('ER C6 FLT3'!$A$4:$L$640,MATCH($E8&$C8,'ER C6 FLT3'!$A$4:$A$640&'ER C6 FLT3'!$B$4:$B$640-3,1),7))))),IF($B8=\"2 Trucks\",IF(OR($H8=\"Class_8\",$N8=\"Replacement8HHD\",$AH8=\"CL7HHD\",$AJ8=\"CL7to8\"),INDEX('ER C8 FLT2'!$A$4:$J$640,MATCH($E8&$C8,'ER C8 FLT2'!$A$4:$A$640&'ER C8 FLT2'!$B$4:$B$640-3,1),5)*IF(OR($H8=\"Class_8\",$N8=\"Replacement8HHD\",$AH8=\"CL7HHD\",$AJ8=\"CL7to8\"),INDEX('ER C8 FLT2'!$A$4:$J$640,MATCH($E8&$C8,'ER C8 FLT2'!$A$4:$A$640&'ER C8 FLT2'!$B$4:$B$640-3,1),7)),IF($H8=\"Class_7\",INDEX('ER C7 FLT2'!$A$4:$J$640,MATCH($E8&$C8,'ER C7 FLT2'!$A$4:$A$640&'ER C7 FLT2'!$B$4:$B$640-3,1),5)*IF($H8=\"Class_7\",INDEX('ER C7 FLT2'!$A$4:$J$640,MATCH($E8&$C8,'ER C7 FLT2'!$A$4:$A$640&'ER C7 FLT2'!$B$4:$B$640-3,1),7)),IF($H8=\"Class_6\",INDEX('ER C6 FLT2'!$A$4:$J$640,MATCH($E8&$C8,'ER C6 FLT2'!$A$4:$A$640&'ER C6 FLT2'!$B$4:$B$640-3,1),5)*IF($H8=\"Class_6\",INDEX('ER C6 FLT2'!$A$4:$J$640,MATCH($E8&$C8,'ER C6 FLT2'!$A$4:$A$640&'ER C6 FLT2'!$B$4:$B$640-3,1),7))))),IF($B8=\"1 Truck\",\nIF(OR($H8=\"Class_8\",$N8=\"Replacement8HHD\",$AH8=\"CL7HHD\",$AJ8=\"CL7to8\"),INDEX('ER C8 FLT1'!$A$4:$J$640,MATCH($E8&$C8,'ER C8 FLT1'!$A$4:$A$640&'ER C8 FLT1'!$B$4:$B$640-3,1),5)*IF(OR($H8=\"Class_8\",$N8=\"Replacement8HHD\",$AH8=\"CL7HHD\",$AJ8=\"CL7to8\"),INDEX('ER C8 FLT1'!$A$4:$J$640,MATCH($E8&$C8,'ER C8 FLT1'!$A$4:$A$640&'ER C8 FLT1'!$B$4:$B$640-3,1),7)),IF($H8=\"Class_7\",INDEX('ER C7 FLT1'!$A$4:$J$640,MATCH($E8&$C8,'ER C7 FLT1'!$A$4:$A$640&'ER C7 FLT1'!$B$4:$B$640-3,1),5)*IF($H8=\"Class_7\",INDEX('ER C7 FLT1'!$A$4:$J$640,MATCH($E8&$C8,'ER C7 FLT1'!$A$4:$A$640&'ER C7 FLT1'!$B$4:$B$640-3,1),7)),\nIF($H8=\"Class_6\",INDEX('ER C6 FLT1'!$A$4:$J$640,MATCH($E8&$C8,'ER C6 FLT1'!$A$4:$A$640&'ER C6 FLT1'!$B$4:$B$640-3,1),5)*IF($H8=\"Class_6\",INDEX('ER C6 FLT1'!$A$4:$J$640,MATCH($E8&$C8,'ER C6 FLT1'!$A$4:$A$640&'ER C6 FLT1'!$B$4:$B$640-3,1),7))))))))*IF($F8=\"Level 1 PM + Mark I NOx\",0.75,1)*($Q8/453.6)","v":0},{"$f":"IF($B8=\"3+ Trucks\",IF(OR($H8=\"Class_8\",$N8=\"Replacement8HHD\",$AH8=\"CL7HHD\",$AJ8=\"CL7to8\"),INDEX('ER C8 FLT3'!$A$4:$J$640,MATCH($E8&$C8,'ER C8 FLT3'!$A$4:$A$640&'ER C8 FLT3'!$B$4:$B$640-4,1),5)*IF(OR($H8=\"Class_8\",$N8=\"Replacement8HHD\",$AH8=\"CL7HHD\",$AJ8=\"CL7to8\"),INDEX('ER C8 FLT3'!$A$4:$J$640,MATCH($E8&$C8,'ER C8 FLT3'!$A$4:$A$640&'ER C8 FLT3'!$B$4:$B$640-4,1),7)),IF($H8=\"Class_7\",INDEX('ER C7 FLT3'!$A$4:$J$640,MATCH($E8&$C8,'ER C7 FLT3'!$A$4:$A$640&'ER C7 FLT3'!$B$4:$B$640-4,1),5)*IF($H8=\"Class_7\",INDEX('ER C7 FLT3'!$A$4:$J$640,MATCH($E8&$C8,'ER C7 FLT3'!$A$4:$A$640&'ER C7 FLT3'!$B$4:$B$640-4,1),7)),\nIF($H8=\"Class_6\",INDEX('ER C6 FLT3'!$A$4:$J$640,MATCH($E8&$C8,'ER C6 FLT3'!$A$4:$A$640&'ER C6 FLT3'!$B$4:$B$640-4,1),5)*IF($H8=\"Class_6\",INDEX('ER C6 FLT3'!$A$4:$L$640,MATCH($E8&$C8,'ER C6 FLT3'!$A$4:$A$640&'ER C6 FLT3'!$B$4:$B$640-4,1),7))))),IF($B8=\"2 Trucks\",IF(OR($H8=\"Class_8\",$N8=\"Replacement8HHD\",$AH8=\"CL7HHD\",$AJ8=\"CL7to8\"),INDEX('ER C8 FLT2'!$A$4:$J$640,MATCH($E8&$C8,'ER C8 FLT2'!$A$4:$A$640&'ER C8 FLT2'!$B$4:$B$640-4,1),5)*IF(OR($H8=\"Class_8\",$N8=\"Replacement8HHD\",$AH8=\"CL7HHD\",$AJ8=\"CL7to8\"),INDEX('ER C8 FLT2'!$A$4:$J$640,MATCH($E8&$C8,'ER C8 FLT2'!$A$4:$A$640&'ER C8 FLT2'!$B$4:$B$640-4,1),7)),IF($H8=\"Class_7\",INDEX('ER C7 FLT2'!$A$4:$J$640,MATCH($E8&$C8,'ER C7 FLT2'!$A$4:$A$640&'ER C7 FLT2'!$B$4:$B$640-4,1),5)*IF($H8=\"Class_7\",INDEX('ER C7 FLT2'!$A$4:$J$640,MATCH($E8&$C8,'ER C7 FLT2'!$A$4:$A$640&'ER C7 FLT2'!$B$4:$B$640-4,1),7)),IF($H8=\"Class_6\",INDEX('ER C6 FLT2'!$A$4:$J$640,MATCH($E8&$C8,'ER C6 FLT2'!$A$4:$A$640&'ER C6 FLT2'!$B$4:$B$640-4,1),5)*IF($H8=\"Class_6\",INDEX('ER C6 FLT2'!$A$4:$J$640,MATCH($E8&$C8,'ER C6 FLT2'!$A$4:$A$640&'ER C6 FLT2'!$B$4:$B$640-4,1),7))))),IF($B8=\"1 Truck\",\nIF(OR($H8=\"Class_8\",$N8=\"Replacement8HHD\",$AH8=\"CL7HHD\",$AJ8=\"CL7to8\"),INDEX('ER C8 FLT1'!$A$4:$J$640,MATCH($E8&$C8,'ER C8 FLT1'!$A$4:$A$640&'ER C8 FLT1'!$B$4:$B$640-4,1),5)*IF(OR($H8=\"Class_8\",$N8=\"Replacement8HHD\",$AH8=\"CL7HHD\",$AJ8=\"CL7to8\"),INDEX('ER C8 FLT1'!$A$4:$J$640,MATCH($E8&$C8,'ER C8 FLT1'!$A$4:$A$640&'ER C8 FLT1'!$B$4:$B$640-4,1),7)),IF($H8=\"Class_7\",INDEX('ER C7 FLT1'!$A$4:$J$640,MATCH($E8&$C8,'ER C7 FLT1'!$A$4:$A$640&'ER C7 FLT1'!$B$4:$B$640-4,1),5)*IF($H8=\"Class_7\",INDEX('ER C7 FLT1'!$A$4:$J$640,MATCH($E8&$C8,'ER C7 FLT1'!$A$4:$A$640&'ER C7 FLT1'!$B$4:$B$640-4,1),7)),\nIF($H8=\"Class_6\",INDEX('ER C6 FLT1'!$A$4:$J$640,MATCH($E8&$C8,'ER C6 FLT1'!$A$4:$A$640&'ER C6 FLT1'!$B$4:$B$640-4,1),5)*IF($H8=\"Class_6\",INDEX('ER C6 FLT1'!$A$4:$J$640,MATCH($E8&$C8,'ER C6 FLT1'!$A$4:$A$640&'ER C6 FLT1'!$B$4:$B$640-4,1),7))))))))*IF($F8=\"Level 1 PM + Mark I NOx\",0.75,1)*($Q8/453.6)","v":0},{"$f":"IF($B8=\"3+ Trucks\",IF(OR($H8=\"Class_8\",$N8=\"Replacement8HHD\",$AH8=\"CL7HHD\",$AJ8=\"CL7to8\"),INDEX('ER C8 FLT3'!$A$4:$J$640,MATCH($E8&$C8,'ER C8 FLT3'!$A$4:$A$640&'ER C8 FLT3'!$B$4:$B$640,1),5),IF($H8=\"Class_7\",INDEX('ER C7 FLT3'!$A$4:$J$640,MATCH($E8&$C8,'ER C7 FLT3'!$A$4:$A$640&'ER C7 FLT3'!$B$4:$B$640,1),5),IF($H8=\"Class_6\",INDEX('ER C6 FLT3'!$A$4:$J$640,MATCH($E8&$C8,'ER C6 FLT3'!$A$4:$A$640&'ER C6 FLT3'!$B$4:$B$640,1),5)))),IF($B8=\"2 Trucks\",IF(OR($H8=\"Class_8\",$N8=\"Replacement8HHD\",$AH8=\"CL7HHD\",$AJ8=\"CL7to8\"),INDEX('ER C8 FLT2'!$A$4:$J$640,MATCH($E8&$C8,'ER C8 FLT2'!$A$4:$A$640&'ER C8 FLT2'!$B$4:$B$640,1),5),IF($H8=\"Class_7\",INDEX('ER C7 FLT2'!$A$4:$J$640,MATCH($E8&$C8,'ER C7 FLT2'!$A$4:$A$640&'ER C7 FLT2'!$B$4:$B$640,1),5),IF($H8=\"Class_6\",INDEX('ER C6 FLT2'!$A$4:$J$640,MATCH($E8&$C8,'ER C6 FLT2'!$A$4:$A$640&'ER C6 FLT2'!$B$4:$B$640,1),5)))),IF($B8=\"1 Truck\",IF(OR($H8=\"Class_8\",$N8=\"Replacement8HHD\",$AH8=\"CL7HHD\",$AJ8=\"CL7to8\"),INDEX('ER C8 FLT1'!$A$4:$J$640,MATCH($E8&$C8,'ER C8 FLT1'!$A$4:$A$640&'ER C8 FLT1'!$B$4:$B$640,1),5),IF($H8=\"Class_7\",INDEX('ER C7 FLT1'!$A$4:$J$640,MATCH($E8&$C8,'ER C7 FLT1'!$A$4:$A$640&'ER C7 FLT1'!$B$4:$B$640,1),5),IF($H8=\"Class_6\",INDEX('ER C6 FLT1'!$A$4:$J$640,MATCH($E8&$C8,'ER C6 FLT1'!$A$4:$A$640&'ER C6 FLT1'!$B$4:$B$640,1),5)))))))","v":false},{"$f":"IF($B8=\"3+ Trucks\",IF(OR($H8=\"Class_8\",$N8=\"Replacement8HHD\",$AH8=\"CL7HHD\",$AJ8=\"CL7to8\"),INDEX('ER C8 FLT3'!$A$4:$J$640,MATCH($E8&$C8,'ER C8 FLT3'!$A$4:$A$640&'ER C8 FLT3'!$B$4:$B$640-1,1),5),IF($H8=\"Class_7\",INDEX('ER C7 FLT3'!$A$4:$J$640,MATCH($E8&$C8,'ER C7 FLT3'!$A$4:$A$640&'ER C7 FLT3'!$B$4:$B$640-1,1),5),IF($H8=\"Class_6\",INDEX('ER C6 FLT3'!$A$4:$J$640,MATCH($E8&$C8,'ER C6 FLT3'!$A$4:$A$640&'ER C6 FLT3'!$B$4:$B$640-1,1),5)))),IF($B8=\"2 Trucks\",IF(OR($H8=\"Class_8\",$N8=\"Replacement8HHD\",$AH8=\"CL7HHD\",$AJ8=\"CL7to8\"),INDEX('ER C8 FLT2'!$A$4:$J$640,MATCH($E8&$C8,'ER C8 FLT2'!$A$4:$A$640&'ER C8 FLT2'!$B$4:$B$640-1,1),5),IF($H8=\"Class_7\",INDEX('ER C7 FLT2'!$A$4:$J$640,MATCH($E8&$C8,'ER C7 FLT2'!$A$4:$A$640&'ER C7 FLT2'!$B$4:$B$640-1,1),5),IF($H8=\"Class_6\",INDEX('ER C6 FLT2'!$A$4:$J$640,MATCH($E8&$C8,'ER C6 FLT2'!$A$4:$A$640&'ER C6 FLT2'!$B$4:$B$640-1,1),5)))),IF($B8=\"1 Truck\",IF(OR($H8=\"Class_8\",$N8=\"Replacement8HHD\",$AH8=\"CL7HHD\",$AJ8=\"CL7to8\"),INDEX('ER C8 FLT1'!$A$4:$J$640,MATCH($E8&$C8,'ER C8 FLT1'!$A$4:$A$640&'ER C8 FLT1'!$B$4:$B$640-1,1),5),IF($H8=\"Class_7\",INDEX('ER C7 FLT1'!$A$4:$J$640,MATCH($E8&$C8,'ER C7 FLT1'!$A$4:$A$640&'ER C7 FLT1'!$B$4:$B$640-1,1),5),IF($H8=\"Class_6\",INDEX('ER C6 FLT1'!$A$4:$J$640,MATCH($E8&$C8,'ER C6 FLT1'!$A$4:$A$640&'ER C6 FLT1'!$B$4:$B$640-1,1),5)))))))","v":false},{"$f":"IF($B8=\"3+ Trucks\",IF(OR($H8=\"Class_8\",$N8=\"Replacement8HHD\",$AH8=\"CL7HHD\",$AJ8=\"CL7to8\"),INDEX('ER C8 FLT3'!$A$4:$J$640,MATCH($E8&$C8,'ER C8 FLT3'!$A$4:$A$640&'ER C8 FLT3'!$B$4:$B$640-2,1),5),IF($H8=\"Class_7\",INDEX('ER C7 FLT3'!$A$4:$J$640,MATCH($E8&$C8,'ER C7 FLT3'!$A$4:$A$640&'ER C7 FLT3'!$B$4:$B$640-2,1),5),IF($H8=\"Class_6\",INDEX('ER C6 FLT3'!$A$4:$J$640,MATCH($E8&$C8,'ER C6 FLT3'!$A$4:$A$640&'ER C6 FLT3'!$B$4:$B$640-2,1),5)))),IF($B8=\"2 Trucks\",IF(OR($H8=\"Class_8\",$N8=\"Replacement8HHD\",$AH8=\"CL7HHD\",$AJ8=\"CL7to8\"),INDEX('ER C8 FLT2'!$A$4:$J$640,MATCH($E8&$C8,'ER C8 FLT2'!$A$4:$A$640&'ER C8 FLT2'!$B$4:$B$640-2,1),5),IF($H8=\"Class_7\",INDEX('ER C7 FLT2'!$A$4:$J$640,MATCH($E8&$C8,'ER C7 FLT2'!$A$4:$A$640&'ER C7 FLT2'!$B$4:$B$640-2,1),5),IF($H8=\"Class_6\",INDEX('ER C6 FLT2'!$A$4:$J$640,MATCH($E8&$C8,'ER C6 FLT2'!$A$4:$A$640&'ER C6 FLT2'!$B$4:$B$640-2,1),5)))),IF($B8=\"1 Truck\",IF(OR($H8=\"Class_8\",$N8=\"Replacement8HHD\",$AH8=\"CL7HHD\",$AJ8=\"CL7to8\"),INDEX('ER C8 FLT1'!$A$4:$J$640,MATCH($E8&$C8,'ER C8 FLT1'!$A$4:$A$640&'ER C8 FLT1'!$B$4:$B$640-2,1),5),IF($H8=\"Class_7\",INDEX('ER C7 FLT1'!$A$4:$J$640,MATCH($E8&$C8,'ER C7 FLT1'!$A$4:$A$640&'ER C7 FLT1'!$B$4:$B$640-2,1),5),IF($H8=\"Class_6\",INDEX('ER C6 FLT1'!$A$4:$J$640,MATCH($E8&$C8,'ER C6 FLT1'!$A$4:$A$640&'ER C6 FLT1'!$B$4:$B$640-2,1),5)))))))","v":false},{"$f":"IF($B8=\"3+ Trucks\",IF(OR($H8=\"Class_8\",$N8=\"Replacement8HHD\",$AH8=\"CL7HHD\",$AJ8=\"CL7to8\"),INDEX('ER C8 FLT3'!$A$4:$J$640,MATCH($E8&$C8,'ER C8 FLT3'!$A$4:$A$640&'ER C8 FLT3'!$B$4:$B$640-3,1),5),IF($H8=\"Class_7\",INDEX('ER C7 FLT3'!$A$4:$J$640,MATCH($E8&$C8,'ER C7 FLT3'!$A$4:$A$640&'ER C7 FLT3'!$B$4:$B$640-3,1),5),IF($H8=\"Class_6\",INDEX('ER C6 FLT3'!$A$4:$J$640,MATCH($E8&$C8,'ER C6 FLT3'!$A$4:$A$640&'ER C6 FLT3'!$B$4:$B$640-3,1),5)))),IF($B8=\"2 Trucks\",IF(OR($H8=\"Class_8\",$N8=\"Replacement8HHD\",$AH8=\"CL7HHD\",$AJ8=\"CL7to8\"),INDEX('ER C8 FLT2'!$A$4:$J$640,MATCH($E8&$C8,'ER C8 FLT2'!$A$4:$A$640&'ER C8 FLT2'!$B$4:$B$640-3,1),5),IF($H8=\"Class_7\",INDEX('ER C7 FLT2'!$A$4:$J$640,MATCH($E8&$C8,'ER C7 FLT2'!$A$4:$A$640&'ER C7 FLT2'!$B$4:$B$640-3,1),5),IF($H8=\"Class_6\",INDEX('ER C6 FLT2'!$A$4:$J$640,MATCH($E8&$C8,'ER C6 FLT2'!$A$4:$A$640&'ER C6 FLT2'!$B$4:$B$640-3,1),5)))),IF($B8=\"1 Truck\",IF(OR($H8=\"Class_8\",$N8=\"Replacement8HHD\",$AH8=\"CL7HHD\",$AJ8=\"CL7to8\"),INDEX('ER C8 FLT1'!$A$4:$J$640,MATCH($E8&$C8,'ER C8 FLT1'!$A$4:$A$640&'ER C8 FLT1'!$B$4:$B$640-3,1),5),IF($H8=\"Class_7\",INDEX('ER C7 FLT1'!$A$4:$J$640,MATCH($E8&$C8,'ER C7 FLT1'!$A$4:$A$640&'ER C7 FLT1'!$B$4:$B$640-3,1),5),IF($H8=\"Class_6\",INDEX('ER C6 FLT1'!$A$4:$J$640,MATCH($E8&$C8,'ER C6 FLT1'!$A$4:$A$640&'ER C6 FLT1'!$B$4:$B$640-3,1),5)))))))","v":false},{"$f":"IF($B8=\"3+ Trucks\",IF(OR($H8=\"Class_8\",$N8=\"Replacement8HHD\",$AH8=\"CL7HHD\",$AJ8=\"CL7to8\"),INDEX('ER C8 FLT3'!$A$4:$J$640,MATCH($E8&$C8,'ER C8 FLT3'!$A$4:$A$640&'ER C8 FLT3'!$B$4:$B$640-4,1),5),IF($H8=\"Class_7\",INDEX('ER C7 FLT3'!$A$4:$J$640,MATCH($E8&$C8,'ER C7 FLT3'!$A$4:$A$640&'ER C7 FLT3'!$B$4:$B$640-4,1),5),IF($H8=\"Class_6\",INDEX('ER C6 FLT3'!$A$4:$J$640,MATCH($E8&$C8,'ER C6 FLT3'!$A$4:$A$640&'ER C6 FLT3'!$B$4:$B$640-4,1),5)))),IF($B8=\"2 Trucks\",IF(OR($H8=\"Class_8\",$N8=\"Replacement8HHD\",$AH8=\"CL7HHD\",$AJ8=\"CL7to8\"),INDEX('ER C8 FLT2'!$A$4:$J$640,MATCH($E8&$C8,'ER C8 FLT2'!$A$4:$A$640&'ER C8 FLT2'!$B$4:$B$640-4,1),5),IF($H8=\"Class_7\",INDEX('ER C7 FLT2'!$A$4:$J$640,MATCH($E8&$C8,'ER C7 FLT2'!$A$4:$A$640&'ER C7 FLT2'!$B$4:$B$640-4,1),5),IF($H8=\"Class_6\",INDEX('ER C6 FLT2'!$A$4:$J$640,MATCH($E8&$C8,'ER C6 FLT2'!$A$4:$A$640&'ER C6 FLT2'!$B$4:$B$640-4,1),5)))),IF($B8=\"1 Truck\",IF(OR($H8=\"Class_8\",$N8=\"Replacement8HHD\",$AH8=\"CL7HHD\",$AJ8=\"CL7to8\"),INDEX('ER C8 FLT1'!$A$4:$J$640,MATCH($E8&$C8,'ER C8 FLT1'!$A$4:$A$640&'ER C8 FLT1'!$B$4:$B$640-4,1),5),IF($H8=\"Class_7\",INDEX('ER C7 FLT1'!$A$4:$J$640,MATCH($E8&$C8,'ER C7 FLT1'!$A$4:$A$640&'ER C7 FLT1'!$B$4:$B$640-4,1),5),IF($H8=\"Class_6\",INDEX('ER C6 FLT1'!$A$4:$J$640,MATCH($E8&$C8,'ER C6 FLT1'!$A$4:$A$640&'ER C6 FLT1'!$B$4:$B$640-4,1),5)))))))","v":false},{"$f":"IF(OR($R8=\"Diesel\",$R8=\"LNG/CNG\",$R8=\"Hybrid\",$R8=\"Electric w/ AB-118\"),IF($B8=\"3+ Trucks\",IF(OR($O8=\"Class_8\",$N8=\"Replacement8HHD\",$AI8=\"CL7HHD\"),INDEX('ER C8 FLT3'!$A$4:$J$640,MATCH(DropData!$J48&$C8,'ER C8 FLT3'!$A$4:$A$640&'ER C8 FLT3'!$B$4:$B$640,1),5)*IF(OR($O8=\"Class_8\",$N8=\"Replacement8HHD\",$AI8=\"CL7HHD\"),INDEX('ER C8 FLT3'!$A$4:$J$640,MATCH(DropData!$J48&$C8,'ER C8 FLT3'!$A$4:$A$640&'ER C8 FLT3'!$B$4:$B$640,1),7)),IF($O8=\"Class_7\",INDEX('ER C7 FLT3'!$A$4:$J$640,MATCH(DropData!$J48&$C8,'ER C7 FLT3'!$A$4:$A$640&'ER C7 FLT3'!$B$4:$B$640,1),5)*IF($O8=\"Class_7\",INDEX('ER C7 FLT3'!$A$4:$J$640,MATCH(DropData!$J48&$C8,'ER C7 FLT3'!$A$4:$A$640&'ER C7 FLT3'!$B$4:$B$640,1),7)),IF($O8=\"Class_6\",INDEX('ER C6 FLT3'!$A$4:$J$640,MATCH(DropData!$J48&$C8,'ER C6 FLT3'!$A$4:$A$640&'ER C6 FLT3'!$B$4:$B$640,1),5)*IF($O8=\"Class_6\",INDEX('ER C6 FLT3'!$A$4:$J$640,MATCH(DropData!$J48&$C8,'ER C6 FLT3'!$A$4:$A$640&'ER C6 FLT3'!$B$4:$B$640,1),7))))),IF($B8=\"2 Trucks\",IF(OR($O8=\"Class_8\",$N8=\"Replacement8HHD\",$AI8=\"CL7HHD\"),INDEX('ER C8 FLT2'!$A$4:$J$640,MATCH(DropData!$J48&$C8,'ER C8 FLT2'!$A$4:$A$640&'ER C8 FLT2'!$B$4:$B$640,1),5)*IF(OR($O8=\"Class_8\",$N8=\"Replacement8HHD\",$AI8=\"CL7HHD\"),INDEX('ER C8 FLT2'!$A$4:$J$640,MATCH(DropData!$J48&$C8,'ER C8 FLT2'!$A$4:$A$640&'ER C8 FLT2'!$B$4:$B$640,1),7)),IF($O8=\"Class_7\",INDEX('ER C7 FLT2'!$A$4:$J$640,MATCH(DropData!$J48&$C8,'ER C7 FLT2'!$A$4:$A$640&'ER C7 FLT2'!$B$4:$B$640,1),5)*IF($O8=\"Class_7\",INDEX('ER C7 FLT2'!$A$4:$J$640,MATCH(DropData!$J48&$C8,'ER C7 FLT2'!$A$4:$A$640&'ER C7 FLT2'!$B$4:$B$640,1),7)),IF($O8=\"Class_6\",INDEX('ER C6 FLT2'!$A$4:$J$640,MATCH(DropData!$J48&$C8,'ER C6 FLT2'!$A$4:$A$640&'ER C6 FLT2'!$B$4:$B$640,1),5)*IF($O8=\"Class_6\",INDEX('ER C6 FLT2'!$A$4:$J$640,MATCH(DropData!$J48&$C8,'ER C6 FLT2'!$A$4:$A$640&'ER C6 FLT2'!$B$4:$B$640,1),7))))),IF($B8=\"1 Truck\",IF(OR($O8=\"Class_8\",$N8=\"Replacement8HHD\",$AI8=\"CL7HHD\"),INDEX('ER C8 FLT1'!$A$4:$J$640,MATCH(DropData!$J48&$C8,'ER C8 FLT1'!$A$4:$A$640&'ER C8 FLT1'!$B$4:$B$640,1),5)*IF(OR($O8=\"Class_8\",$N8=\"Replacement8HHD\",$AI8=\"CL7HHD\"),INDEX('ER C8 FLT1'!$A$4:$J$640,MATCH(DropData!$J48&$C8,'ER C8 FLT1'!$A$4:$A$640&'ER C8 FLT1'!$B$4:$B$640,1),7)),IF($O8=\"Class_7\",INDEX('ER C7 FLT1'!$A$4:$J$640,MATCH(DropData!$J48&$C8,'ER C7 FLT1'!$A$4:$A$640&'ER C7 FLT1'!$B$4:$B$640,1),5)*IF($O8=\"Class_7\",INDEX('ER C7 FLT1'!$A$4:$J$640,MATCH(DropData!$J48&$C8,'ER C7 FLT1'!$A$4:$A$640&'ER C7 FLT1'!$B$4:$B$640,1),7)),IF($O8=\"Class_6\",INDEX('ER C6 FLT1'!$A$4:$J$640,MATCH(DropData!$J48&$C8,'ER C6 FLT1'!$A$4:$A$640&'ER C6 FLT1'!$B$4:$B$640,1),5)*IF($O8=\"Class_6\",INDEX('ER C6 FLT1'!$A$4:$J$640,MATCH(DropData!$J48&$C8,'ER C6 FLT1'!$A$4:$A$640&'ER C6 FLT1'!$B$4:$B$640,1),7)))))))),IF($R8=\"Electric\",INDEX('ER Electric'!$A$6:$E$44,MATCH($C8&$O8,'ER Electric'!$A$6:$A$44&'ER Electric'!$B$6:$B$44,1),4)))*(($Q8+$AC8)/453.6)","v":0},{"$f":"IF(OR($R8=\"Diesel\",$R8=\"LNG/CNG\",$R8=\"Hybrid\",$R8=\"Electric w/ AB-118\"),IF($B8=\"3+ Trucks\",IF(OR($O8=\"Class_8\",$N8=\"Replacement8HHD\",$AI8=\"CL7HHD\"),INDEX('ER C8 FLT3'!$A$4:$J$640,MATCH(DropData!$J48&$C8,'ER C8 FLT3'!$A$4:$A$640&'ER C8 FLT3'!$B$4:$B$640-1,1),5)*IF(OR($O8=\"Class_8\",$N8=\"Replacement8HHD\",$AI8=\"CL7HHD\"),INDEX('ER C8 FLT3'!$A$4:$J$640,MATCH(DropData!$J48&$C8,'ER C8 FLT3'!$A$4:$A$640&'ER C8 FLT3'!$B$4:$B$640-1,1),7)),IF($O8=\"Class_7\",INDEX('ER C7 FLT3'!$A$4:$J$640,MATCH(DropData!$J48&$C8,'ER C7 FLT3'!$A$4:$A$640&'ER C7 FLT3'!$B$4:$B$640-1,1),5)*IF($O8=\"Class_7\",INDEX('ER C7 FLT3'!$A$4:$J$640,MATCH(DropData!$J48&$C8,'ER C7 FLT3'!$A$4:$A$640&'ER C7 FLT3'!$B$4:$B$640-1,1),7)),IF($O8=\"Class_6\",INDEX('ER C6 FLT3'!$A$4:$J$640,MATCH(DropData!$J48&$C8,'ER C6 FLT3'!$A$4:$A$640&'ER C6 FLT3'!$B$4:$B$640-1,1),5)*IF($O8=\"Class_6\",INDEX('ER C6 FLT3'!$A$4:$J$640,MATCH(DropData!$J48&$C8,'ER C6 FLT3'!$A$4:$A$640&'ER C6 FLT3'!$B$4:$B$640-1,1),7))))),IF($B8=\"2 Trucks\",IF(OR($O8=\"Class_8\",$N8=\"Replacement8HHD\",$AI8=\"CL7HHD\"),INDEX('ER C8 FLT2'!$A$4:$J$640,MATCH(DropData!$J48&$C8,'ER C8 FLT2'!$A$4:$A$640&'ER C8 FLT2'!$B$4:$B$640-1,1),5)*IF(OR($O8=\"Class_8\",$N8=\"Replacement8HHD\",$AI8=\"CL7HHD\"),INDEX('ER C8 FLT2'!$A$4:$J$640,MATCH(DropData!$J48&$C8,'ER C8 FLT2'!$A$4:$A$640&'ER C8 FLT2'!$B$4:$B$640-1,1),7)),IF($O8=\"Class_7\",INDEX('ER C7 FLT2'!$A$4:$J$640,MATCH(DropData!$J48&$C8,'ER C7 FLT2'!$A$4:$A$640&'ER C7 FLT2'!$B$4:$B$640-1,1),5)*IF($O8=\"Class_7\",INDEX('ER C7 FLT2'!$A$4:$J$640,MATCH(DropData!$J48&$C8,'ER C7 FLT2'!$A$4:$A$640&'ER C7 FLT2'!$B$4:$B$640-1,1),7)),IF($O8=\"Class_6\",INDEX('ER C6 FLT2'!$A$4:$J$640,MATCH(DropData!$J48&$C8,'ER C6 FLT2'!$A$4:$A$640&'ER C6 FLT2'!$B$4:$B$640-1,1),5)*IF($O8=\"Class_6\",INDEX('ER C6 FLT2'!$A$4:$J$640,MATCH(DropData!$J48&$C8,'ER C6 FLT2'!$A$4:$A$640&'ER C6 FLT2'!$B$4:$B$640-1,1),7))))),IF($B8=\"1 Truck\",IF(OR($O8=\"Class_8\",$N8=\"Replacement8HHD\",$AI8=\"CL7HHD\"),INDEX('ER C8 FLT1'!$A$4:$J$640,MATCH(DropData!$J48&$C8,'ER C8 FLT1'!$A$4:$A$640&'ER C8 FLT1'!$B$4:$B$640-1,1),5)*IF(OR($O8=\"Class_8\",$N8=\"Replacement8HHD\",$AI8=\"CL7HHD\"),INDEX('ER C8 FLT1'!$A$4:$J$640,MATCH(DropData!$J48&$C8,'ER C8 FLT1'!$A$4:$A$640&'ER C8 FLT1'!$B$4:$B$640-1,1),7)),IF($O8=\"Class_7\",INDEX('ER C7 FLT1'!$A$4:$J$640,MATCH(DropData!$J48&$C8,'ER C7 FLT1'!$A$4:$A$640&'ER C7 FLT1'!$B$4:$B$640-1,1),5)*IF($O8=\"Class_7\",INDEX('ER C7 FLT1'!$A$4:$J$640,MATCH(DropData!$J48&$C8,'ER C7 FLT1'!$A$4:$A$640&'ER C7 FLT1'!$B$4:$B$640-1,1),7)),IF($O8=\"Class_6\",INDEX('ER C6 FLT1'!$A$4:$J$640,MATCH(DropData!$J48&$C8,'ER C6 FLT1'!$A$4:$A$640&'ER C6 FLT1'!$B$4:$B$640-1,1),5)*IF($O8=\"Class_6\",INDEX('ER C6 FLT1'!$A$4:$J$640,MATCH(DropData!$J48&$C8,'ER C6 FLT1'!$A$4:$A$640&'ER C6 FLT1'!$B$4:$B$640-1,1),7)))))))),IF($R8=\"Electric\",OFFSET(INDEX('ER Electric'!$A$6:$E$44,MATCH($C8&$O8,'ER Electric'!$A$6:$A$44&'ER Electric'!$B$6:$B$44,1),4),3,0)))*(($Q8+$AC8)/453.6)","v":0},{"$f":"IF(OR($R8=\"Diesel\",$R8=\"LNG/CNG\",$R8=\"Hybrid\",$R8=\"Electric w/ AB-118\"),IF($B8=\"3+ Trucks\",IF(OR($O8=\"Class_8\",$N8=\"Replacement8HHD\",$AI8=\"CL7HHD\"),INDEX('ER C8 FLT3'!$A$4:$J$640,MATCH(DropData!$J48&$C8,'ER C8 FLT3'!$A$4:$A$640&'ER C8 FLT3'!$B$4:$B$640-2,1),5)*IF(OR($O8=\"Class_8\",$N8=\"Replacement8HHD\",$AI8=\"CL7HHD\"),INDEX('ER C8 FLT3'!$A$4:$J$640,MATCH(DropData!$J48&$C8,'ER C8 FLT3'!$A$4:$A$640&'ER C8 FLT3'!$B$4:$B$640-2,1),7)),IF($O8=\"Class_7\",INDEX('ER C7 FLT3'!$A$4:$J$640,MATCH(DropData!$J48&$C8,'ER C7 FLT3'!$A$4:$A$640&'ER C7 FLT3'!$B$4:$B$640-2,1),5)*IF($O8=\"Class_7\",INDEX('ER C7 FLT3'!$A$4:$J$640,MATCH(DropData!$J48&$C8,'ER C7 FLT3'!$A$4:$A$640&'ER C7 FLT3'!$B$4:$B$640-2,1),7)),IF($O8=\"Class_6\",INDEX('ER C6 FLT3'!$A$4:$J$640,MATCH(DropData!$J48&$C8,'ER C6 FLT3'!$A$4:$A$640&'ER C6 FLT3'!$B$4:$B$640-2,1),5)*IF($O8=\"Class_6\",INDEX('ER C6 FLT3'!$A$4:$J$640,MATCH(DropData!$J48&$C8,'ER C6 FLT3'!$A$4:$A$640&'ER C6 FLT3'!$B$4:$B$640-2,1),7))))),IF($B8=\"2 Trucks\",IF(OR($O8=\"Class_8\",$N8=\"Replacement8HHD\",$AI8=\"CL7HHD\"),INDEX('ER C8 FLT2'!$A$4:$J$640,MATCH(DropData!$J48&$C8,'ER C8 FLT2'!$A$4:$A$640&'ER C8 FLT2'!$B$4:$B$640-2,1),5)*IF(OR($O8=\"Class_8\",$N8=\"Replacement8HHD\",$AI8=\"CL7HHD\"),INDEX('ER C8 FLT2'!$A$4:$J$640,MATCH(DropData!$J48&$C8,'ER C8 FLT2'!$A$4:$A$640&'ER C8 FLT2'!$B$4:$B$640-2,1),7)),IF($O8=\"Class_7\",INDEX('ER C7 FLT2'!$A$4:$J$640,MATCH(DropData!$J48&$C8,'ER C7 FLT2'!$A$4:$A$640&'ER C7 FLT2'!$B$4:$B$640-2,1),5)*IF($O8=\"Class_7\",INDEX('ER C7 FLT2'!$A$4:$J$640,MATCH(DropData!$J48&$C8,'ER C7 FLT2'!$A$4:$A$640&'ER C7 FLT2'!$B$4:$B$640-2,1),7)),IF($O8=\"Class_6\",INDEX('ER C6 FLT2'!$A$4:$J$640,MATCH(DropData!$J48&$C8,'ER C6 FLT2'!$A$4:$A$640&'ER C6 FLT2'!$B$4:$B$640-2,1),5)*IF($O8=\"Class_6\",INDEX('ER C6 FLT2'!$A$4:$J$640,MATCH(DropData!$J48&$C8,'ER C6 FLT2'!$A$4:$A$640&'ER C6 FLT2'!$B$4:$B$640-2,1),7))))),IF($B8=\"1 Truck\",IF(OR($O8=\"Class_8\",$N8=\"Replacement8HHD\",$AI8=\"CL7HHD\"),INDEX('ER C8 FLT1'!$A$4:$J$640,MATCH(DropData!$J48&$C8,'ER C8 FLT1'!$A$4:$A$640&'ER C8 FLT1'!$B$4:$B$640-2,1),5)*IF(OR($O8=\"Class_8\",$N8=\"Replacement8HHD\",$AI8=\"CL7HHD\"),INDEX('ER C8 FLT1'!$A$4:$J$640,MATCH(DropData!$J48&$C8,'ER C8 FLT1'!$A$4:$A$640&'ER C8 FLT1'!$B$4:$B$640-2,1),7)),IF($O8=\"Class_7\",INDEX('ER C7 FLT1'!$A$4:$J$640,MATCH(DropData!$J48&$C8,'ER C7 FLT1'!$A$4:$A$640&'ER C7 FLT1'!$B$4:$B$640-2,1),5)*IF($O8=\"Class_7\",INDEX('ER C7 FLT1'!$A$4:$J$640,MATCH(DropData!$J48&$C8,'ER C7 FLT1'!$A$4:$A$640&'ER C7 FLT1'!$B$4:$B$640-2,1),7)),IF($O8=\"Class_6\",INDEX('ER C6 FLT1'!$A$4:$J$640,MATCH(DropData!$J48&$C8,'ER C6 FLT1'!$A$4:$A$640&'ER C6 FLT1'!$B$4:$B$640-2,1),5)*IF($O8=\"Class_6\",INDEX('ER C6 FLT1'!$A$4:$J$640,MATCH(DropData!$J48&$C8,'ER C6 FLT1'!$A$4:$A$640&'ER C6 FLT1'!$B$4:$B$640-2,1),7)))))))),IF($R8=\"Electric\",OFFSET(INDEX('ER Electric'!$A$6:$E$44,MATCH($C8&$O8,'ER Electric'!$A$6:$A$44&'ER Electric'!$B$6:$B$44,1),4),6,0)))*(($Q8+$AC8)/453.6)","v":0},{"$f":"IF(OR($R8=\"Diesel\",$R8=\"LNG/CNG\",$R8=\"Hybrid\",$R8=\"Electric w/ AB-118\"),IF($B8=\"3+ Trucks\",IF(OR($O8=\"Class_8\",$N8=\"Replacement8HHD\",$AI8=\"CL7HHD\"),INDEX('ER C8 FLT3'!$A$4:$J$640,MATCH(DropData!$J48&$C8,'ER C8 FLT3'!$A$4:$A$640&'ER C8 FLT3'!$B$4:$B$640-3,1),5)*IF(OR($O8=\"Class_8\",$N8=\"Replacement8HHD\",$AI8=\"CL7HHD\"),INDEX('ER C8 FLT3'!$A$4:$J$640,MATCH(DropData!$J48&$C8,'ER C8 FLT3'!$A$4:$A$640&'ER C8 FLT3'!$B$4:$B$640-3,1),7)),IF($O8=\"Class_7\",INDEX('ER C7 FLT3'!$A$4:$J$640,MATCH(DropData!$J48&$C8,'ER C7 FLT3'!$A$4:$A$640&'ER C7 FLT3'!$B$4:$B$640-3,1),5)*IF($O8=\"Class_7\",INDEX('ER C7 FLT3'!$A$4:$J$640,MATCH(DropData!$J48&$C8,'ER C7 FLT3'!$A$4:$A$640&'ER C7 FLT3'!$B$4:$B$640-3,1),7)),IF($O8=\"Class_6\",INDEX('ER C6 FLT3'!$A$4:$J$640,MATCH(DropData!$J48&$C8,'ER C6 FLT3'!$A$4:$A$640&'ER C6 FLT3'!$B$4:$B$640-3,1),5)*IF($O8=\"Class_6\",INDEX('ER C6 FLT3'!$A$4:$J$640,MATCH(DropData!$J48&$C8,'ER C6 FLT3'!$A$4:$A$640&'ER C6 FLT3'!$B$4:$B$640-3,1),7))))),IF($B8=\"2 Trucks\",IF(OR($O8=\"Class_8\",$N8=\"Replacement8HHD\",$AI8=\"CL7HHD\"),INDEX('ER C8 FLT2'!$A$4:$J$640,MATCH(DropData!$J48&$C8,'ER C8 FLT2'!$A$4:$A$640&'ER C8 FLT2'!$B$4:$B$640-3,1),5)*IF(OR($O8=\"Class_8\",$N8=\"Replacement8HHD\",$AI8=\"CL7HHD\"),INDEX('ER C8 FLT2'!$A$4:$J$640,MATCH(DropData!$J48&$C8,'ER C8 FLT2'!$A$4:$A$640&'ER C8 FLT2'!$B$4:$B$640-3,1),7)),IF($O8=\"Class_7\",INDEX('ER C7 FLT2'!$A$4:$J$640,MATCH(DropData!$J48&$C8,'ER C7 FLT2'!$A$4:$A$640&'ER C7 FLT2'!$B$4:$B$640-3,1),5)*IF($O8=\"Class_7\",INDEX('ER C7 FLT2'!$A$4:$J$640,MATCH(DropData!$J48&$C8,'ER C7 FLT2'!$A$4:$A$640&'ER C7 FLT2'!$B$4:$B$640-3,1),7)),IF($O8=\"Class_6\",INDEX('ER C6 FLT2'!$A$4:$J$640,MATCH(DropData!$J48&$C8,'ER C6 FLT2'!$A$4:$A$640&'ER C6 FLT2'!$B$4:$B$640-3,1),5)*IF($O8=\"Class_6\",INDEX('ER C6 FLT2'!$A$4:$J$640,MATCH(DropData!$J48&$C8,'ER C6 FLT2'!$A$4:$A$640&'ER C6 FLT2'!$B$4:$B$640-3,1),7))))),IF($B8=\"1 Truck\",IF(OR($O8=\"Class_8\",$N8=\"Replacement8HHD\",$AI8=\"CL7HHD\"),INDEX('ER C8 FLT1'!$A$4:$J$640,MATCH(DropData!$J48&$C8,'ER C8 FLT1'!$A$4:$A$640&'ER C8 FLT1'!$B$4:$B$640-3,1),5)*IF(OR($O8=\"Class_8\",$N8=\"Replacement8HHD\",$AI8=\"CL7HHD\"),INDEX('ER C8 FLT1'!$A$4:$J$640,MATCH(DropData!$J48&$C8,'ER C8 FLT1'!$A$4:$A$640&'ER C8 FLT1'!$B$4:$B$640-3,1),7)),IF($O8=\"Class_7\",INDEX('ER C7 FLT1'!$A$4:$J$640,MATCH(DropData!$J48&$C8,'ER C7 FLT1'!$A$4:$A$640&'ER C7 FLT1'!$B$4:$B$640-3,1),5)*IF($O8=\"Class_7\",INDEX('ER C7 FLT1'!$A$4:$J$640,MATCH(DropData!$J48&$C8,'ER C7 FLT1'!$A$4:$A$640&'ER C7 FLT1'!$B$4:$B$640-3,1),7)),IF($O8=\"Class_6\",INDEX('ER C6 FLT1'!$A$4:$J$640,MATCH(DropData!$J48&$C8,'ER C6 FLT1'!$A$4:$A$640&'ER C6 FLT1'!$B$4:$B$640-3,1),5)*IF($O8=\"Class_6\",INDEX('ER C6 FLT1'!$A$4:$J$640,MATCH(DropData!$J48&$C8,'ER C6 FLT1'!$A$4:$A$640&'ER C6 FLT1'!$B$4:$B$640-3,1),7)))))))),IF($R8=\"Electric\",OFFSET(INDEX('ER Electric'!$A$6:$E$44,MATCH($C8&$O8,'ER Electric'!$A$6:$A$44&'ER Electric'!$B$6:$B$44,1),4),9,0)))*(($Q8+$AC8)/453.6)","v":0},{"$f":"IF(OR($R8=\"Diesel\",$R8=\"LNG/CNG\",$R8=\"Hybrid\",$R8=\"Electric w/ AB-118\"),IF($B8=\"3+ Trucks\",IF(OR($O8=\"Class_8\",$N8=\"Replacement8HHD\",$AI8=\"CL7HHD\"),INDEX('ER C8 FLT3'!$A$4:$J$640,MATCH(DropData!$J48&$C8,'ER C8 FLT3'!$A$4:$A$640&'ER C8 FLT3'!$B$4:$B$640-4,1),5)*IF(OR($O8=\"Class_8\",$N8=\"Replacement8HHD\",$AI8=\"CL7HHD\"),INDEX('ER C8 FLT3'!$A$4:$J$640,MATCH(DropData!$J48&$C8,'ER C8 FLT3'!$A$4:$A$640&'ER C8 FLT3'!$B$4:$B$640-4,1),7)),IF($O8=\"Class_7\",INDEX('ER C7 FLT3'!$A$4:$J$640,MATCH(DropData!$J48&$C8,'ER C7 FLT3'!$A$4:$A$640&'ER C7 FLT3'!$B$4:$B$640-4,1),5)*IF($O8=\"Class_7\",INDEX('ER C7 FLT3'!$A$4:$J$640,MATCH(DropData!$J48&$C8,'ER C7 FLT3'!$A$4:$A$640&'ER C7 FLT3'!$B$4:$B$640-4,1),7)),IF($O8=\"Class_6\",INDEX('ER C6 FLT3'!$A$4:$J$640,MATCH(DropData!$J48&$C8,'ER C6 FLT3'!$A$4:$A$640&'ER C6 FLT3'!$B$4:$B$640-4,1),5)*IF($O8=\"Class_6\",INDEX('ER C6 FLT3'!$A$4:$J$640,MATCH(DropData!$J48&$C8,'ER C6 FLT3'!$A$4:$A$640&'ER C6 FLT3'!$B$4:$B$640-4,1),7))))),IF($B8=\"2 Trucks\",IF(OR($O8=\"Class_8\",$N8=\"Replacement8HHD\",$AI8=\"CL7HHD\"),INDEX('ER C8 FLT2'!$A$4:$J$640,MATCH(DropData!$J48&$C8,'ER C8 FLT2'!$A$4:$A$640&'ER C8 FLT2'!$B$4:$B$640-4,1),5)*IF(OR($O8=\"Class_8\",$N8=\"Replacement8HHD\",$AI8=\"CL7HHD\"),INDEX('ER C8 FLT2'!$A$4:$J$640,MATCH(DropData!$J48&$C8,'ER C8 FLT2'!$A$4:$A$640&'ER C8 FLT2'!$B$4:$B$640-4,1),7)),IF($O8=\"Class_7\",INDEX('ER C7 FLT2'!$A$4:$J$640,MATCH(DropData!$J48&$C8,'ER C7 FLT2'!$A$4:$A$640&'ER C7 FLT2'!$B$4:$B$640-4,1),5)*IF($O8=\"Class_7\",INDEX('ER C7 FLT2'!$A$4:$J$640,MATCH(DropData!$J48&$C8,'ER C7 FLT2'!$A$4:$A$640&'ER C7 FLT2'!$B$4:$B$640-4,1),7)),IF($O8=\"Class_6\",INDEX('ER C6 FLT2'!$A$4:$J$640,MATCH(DropData!$J48&$C8,'ER C6 FLT2'!$A$4:$A$640&'ER C6 FLT2'!$B$4:$B$640-4,1),5)*IF($O8=\"Class_6\",INDEX('ER C6 FLT2'!$A$4:$J$640,MATCH(DropData!$J48&$C8,'ER C6 FLT2'!$A$4:$A$640&'ER C6 FLT2'!$B$4:$B$640-4,1),7))))),IF($B8=\"1 Truck\",IF(OR($O8=\"Class_8\",$N8=\"Replacement8HHD\",$AI8=\"CL7HHD\"),INDEX('ER C8 FLT1'!$A$4:$J$640,MATCH(DropData!$J48&$C8,'ER C8 FLT1'!$A$4:$A$640&'ER C8 FLT1'!$B$4:$B$640-4,1),5)*IF(OR($O8=\"Class_8\",$N8=\"Replacement8HHD\",$AI8=\"CL7HHD\"),INDEX('ER C8 FLT1'!$A$4:$J$640,MATCH(DropData!$J48&$C8,'ER C8 FLT1'!$A$4:$A$640&'ER C8 FLT1'!$B$4:$B$640-4,1),7)),IF($O8=\"Class_7\",INDEX('ER C7 FLT1'!$A$4:$J$640,MATCH(DropData!$J48&$C8,'ER C7 FLT1'!$A$4:$A$640&'ER C7 FLT1'!$B$4:$B$640-4,1),5)*IF($O8=\"Class_7\",INDEX('ER C7 FLT1'!$A$4:$J$640,MATCH(DropData!$J48&$C8,'ER C7 FLT1'!$A$4:$A$640&'ER C7 FLT1'!$B$4:$B$640-4,1),7)),IF($O8=\"Class_6\",INDEX('ER C6 FLT1'!$A$4:$J$640,MATCH(DropData!$J48&$C8,'ER C6 FLT1'!$A$4:$A$640&'ER C6 FLT1'!$B$4:$B$640-4,1),5)*IF($O8=\"Class_6\",INDEX('ER C6 FLT1'!$A$4:$J$640,MATCH(DropData!$J48&$C8,'ER C6 FLT1'!$A$4:$A$640&'ER C6 FLT1'!$B$4:$B$640-4,1),7)))))))),IF($R8=\"Electric\",OFFSET(INDEX('ER Electric'!$A$6:$E$44,MATCH($C8&$O8,'ER Electric'!$A$6:$A$44&'ER Electric'!$B$6:$B$44,1),4),12,0)))*(($Q8+$AC8)/453.6)","v":0},{"$f":"IF(OR($R8=\"Diesel\",$R8=\"LNG/CNG\",$R8=\"Hybrid\",$R8=\"Electric w/ AB-118\"),IF($B8=\"3+ Trucks\",IF(OR($O8=\"Class_8\",$N8=\"Replacement8HHD\",$AI8=\"CL7HHD\"),INDEX('ER C8 FLT3'!$A$4:$J$640,MATCH(DropData!$J48&$C8,'ER C8 FLT3'!$A$4:$A$640&'ER C8 FLT3'!$B$4:$B$640,1),5)*IF(OR($O8=\"Class_8\",$N8=\"Replacement8HHD\",$AI8=\"CL7HHD\"),INDEX('ER C8 FLT3'!$A$4:$J$640,MATCH(DropData!$J48&$C8,'ER C8 FLT3'!$A$4:$A$640&'ER C8 FLT3'!$B$4:$B$640,1),7)),IF($O8=\"Class_7\",INDEX('ER C7 FLT3'!$A$4:$J$640,MATCH(DropData!$J48&$C8,'ER C7 FLT3'!$A$4:$A$640&'ER C7 FLT3'!$B$4:$B$640,1),5)*IF($O8=\"Class_7\",INDEX('ER C7 FLT3'!$A$4:$J$640,MATCH(DropData!$J48&$C8,'ER C7 FLT3'!$A$4:$A$640&'ER C7 FLT3'!$B$4:$B$640,1),7)),IF($O8=\"Class_6\",INDEX('ER C6 FLT3'!$A$4:$J$640,MATCH(DropData!$J48&$C8,'ER C6 FLT3'!$A$4:$A$640&'ER C6 FLT3'!$B$4:$B$640,1),5)*IF($O8=\"Class_6\",INDEX('ER C6 FLT3'!$A$4:$J$640,MATCH(DropData!$J48&$C8,'ER C6 FLT3'!$A$4:$A$640&'ER C6 FLT3'!$B$4:$B$640,1),7))))),IF($B8=\"2 Trucks\",IF(OR($O8=\"Class_8\",$N8=\"Replacement8HHD\",$AI8=\"CL7HHD\"),INDEX('ER C8 FLT2'!$A$4:$J$640,MATCH(DropData!$J48&$C8,'ER C8 FLT2'!$A$4:$A$640&'ER C8 FLT2'!$B$4:$B$640,1),5)*IF(OR($O8=\"Class_8\",$N8=\"Replacement8HHD\",$AI8=\"CL7HHD\"),INDEX('ER C8 FLT2'!$A$4:$J$640,MATCH(DropData!$J48&$C8,'ER C8 FLT2'!$A$4:$A$640&'ER C8 FLT2'!$B$4:$B$640,1),7)),IF($O8=\"Class_7\",INDEX('ER C7 FLT2'!$A$4:$J$640,MATCH(DropData!$J48&$C8,'ER C7 FLT2'!$A$4:$A$640&'ER C7 FLT2'!$B$4:$B$640,1),5)*IF($O8=\"Class_7\",INDEX('ER C7 FLT2'!$A$4:$J$640,MATCH(DropData!$J48&$C8,'ER C7 FLT2'!$A$4:$A$640&'ER C7 FLT2'!$B$4:$B$640,1),7)),IF($O8=\"Class_6\",INDEX('ER C6 FLT2'!$A$4:$J$640,MATCH(DropData!$J48&$C8,'ER C6 FLT2'!$A$4:$A$640&'ER C6 FLT2'!$B$4:$B$640,1),5)*IF($O8=\"Class_6\",INDEX('ER C6 FLT2'!$A$4:$J$640,MATCH(DropData!$J48&$C8,'ER C6 FLT2'!$A$4:$A$640&'ER C6 FLT2'!$B$4:$B$640,1),7))))),IF($B8=\"1 Truck\",IF(OR($O8=\"Class_8\",$N8=\"Replacement8HHD\",$AI8=\"CL7HHD\"),INDEX('ER C8 FLT1'!$A$4:$J$640,MATCH(DropData!$J48&$C8,'ER C8 FLT1'!$A$4:$A$640&'ER C8 FLT1'!$B$4:$B$640,1),5)*IF(OR($O8=\"Class_8\",$N8=\"Replacement8HHD\",$AI8=\"CL7HHD\"),INDEX('ER C8 FLT1'!$A$4:$J$640,MATCH(DropData!$J48&$C8,'ER C8 FLT1'!$A$4:$A$640&'ER C8 FLT1'!$B$4:$B$640,1),7)),IF($O8=\"Class_7\",INDEX('ER C7 FLT1'!$A$4:$J$640,MATCH(DropData!$J48&$C8,'ER C7 FLT1'!$A$4:$A$640&'ER C7 FLT1'!$B$4:$B$640,1),5)*IF($O8=\"Class_7\",INDEX('ER C7 FLT1'!$A$4:$J$640,MATCH(DropData!$J48&$C8,'ER C7 FLT1'!$A$4:$A$640&'ER C7 FLT1'!$B$4:$B$640,1),7)),IF($O8=\"Class_6\",INDEX('ER C6 FLT1'!$A$4:$J$640,MATCH(DropData!$J48&$C8,'ER C6 FLT1'!$A$4:$A$640&'ER C6 FLT1'!$B$4:$B$640,1),5)*IF($O8=\"Class_6\",INDEX('ER C6 FLT1'!$A$4:$J$640,MATCH(DropData!$J48&$C8,'ER C6 FLT1'!$A$4:$A$640&'ER C6 FLT1'!$B$4:$B$640,1),7)))))))),IF($R8=\"Electric\",INDEX('ER Electric'!$A$6:$E$44,MATCH($C8&$O8,'ER Electric'!$A$6:$A$44&'ER Electric'!$B$6:$B$44,1),4)))","v":false},{"$f":"IF(OR($R8=\"Diesel\",$R8=\"LNG/CNG\",$R8=\"Hybrid\",$R8=\"Electric w/ AB-118\"),IF($B8=\"3+ Trucks\",IF(OR($O8=\"Class_8\",$N8=\"Replacement8HHD\",$AI8=\"CL7HHD\"),INDEX('ER C8 FLT3'!$A$4:$J$640,MATCH(DropData!$J48&$C8,'ER C8 FLT3'!$A$4:$A$640&'ER C8 FLT3'!$B$4:$B$640-1,1),5)*IF(OR($O8=\"Class_8\",$N8=\"Replacement8HHD\",$AI8=\"CL7HHD\"),INDEX('ER C8 FLT3'!$A$4:$J$640,MATCH(DropData!$J48&$C8,'ER C8 FLT3'!$A$4:$A$640&'ER C8 FLT3'!$B$4:$B$640-1,1),7)),IF($O8=\"Class_7\",INDEX('ER C7 FLT3'!$A$4:$J$640,MATCH(DropData!$J48&$C8,'ER C7 FLT3'!$A$4:$A$640&'ER C7 FLT3'!$B$4:$B$640-1,1),5)*IF($O8=\"Class_7\",INDEX('ER C7 FLT3'!$A$4:$J$640,MATCH(DropData!$J48&$C8,'ER C7 FLT3'!$A$4:$A$640&'ER C7 FLT3'!$B$4:$B$640-1,1),7)),IF($O8=\"Class_6\",INDEX('ER C6 FLT3'!$A$4:$J$640,MATCH(DropData!$J48&$C8,'ER C6 FLT3'!$A$4:$A$640&'ER C6 FLT3'!$B$4:$B$640-1,1),5)*IF($O8=\"Class_6\",INDEX('ER C6 FLT3'!$A$4:$J$640,MATCH(DropData!$J48&$C8,'ER C6 FLT3'!$A$4:$A$640&'ER C6 FLT3'!$B$4:$B$640-1,1),7))))),IF($B8=\"2 Trucks\",IF(OR($O8=\"Class_8\",$N8=\"Replacement8HHD\",$AI8=\"CL7HHD\"),INDEX('ER C8 FLT2'!$A$4:$J$640,MATCH(DropData!$J48&$C8,'ER C8 FLT2'!$A$4:$A$640&'ER C8 FLT2'!$B$4:$B$640-1,1),5)*IF(OR($O8=\"Class_8\",$N8=\"Replacement8HHD\",$AI8=\"CL7HHD\"),INDEX('ER C8 FLT2'!$A$4:$J$640,MATCH(DropData!$J48&$C8,'ER C8 FLT2'!$A$4:$A$640&'ER C8 FLT2'!$B$4:$B$640-1,1),7)),IF($O8=\"Class_7\",INDEX('ER C7 FLT2'!$A$4:$J$640,MATCH(DropData!$J48&$C8,'ER C7 FLT2'!$A$4:$A$640&'ER C7 FLT2'!$B$4:$B$640-1,1),5)*IF($O8=\"Class_7\",INDEX('ER C7 FLT2'!$A$4:$J$640,MATCH(DropData!$J48&$C8,'ER C7 FLT2'!$A$4:$A$640&'ER C7 FLT2'!$B$4:$B$640-1,1),7)),IF($O8=\"Class_6\",INDEX('ER C6 FLT2'!$A$4:$J$640,MATCH(DropData!$J48&$C8,'ER C6 FLT2'!$A$4:$A$640&'ER C6 FLT2'!$B$4:$B$640-1,1),5)*IF($O8=\"Class_6\",INDEX('ER C6 FLT2'!$A$4:$J$640,MATCH(DropData!$J48&$C8,'ER C6 FLT2'!$A$4:$A$640&'ER C6 FLT2'!$B$4:$B$640-1,1),7))))),IF($B8=\"1 Truck\",IF(OR($O8=\"Class_8\",$N8=\"Replacement8HHD\",$AI8=\"CL7HHD\"),INDEX('ER C8 FLT1'!$A$4:$J$640,MATCH(DropData!$J48&$C8,'ER C8 FLT1'!$A$4:$A$640&'ER C8 FLT1'!$B$4:$B$640-1,1),5)*IF(OR($O8=\"Class_8\",$N8=\"Replacement8HHD\",$AI8=\"CL7HHD\"),INDEX('ER C8 FLT1'!$A$4:$J$640,MATCH(DropData!$J48&$C8,'ER C8 FLT1'!$A$4:$A$640&'ER C8 FLT1'!$B$4:$B$640-1,1),7)),IF($O8=\"Class_7\",INDEX('ER C7 FLT1'!$A$4:$J$640,MATCH(DropData!$J48&$C8,'ER C7 FLT1'!$A$4:$A$640&'ER C7 FLT1'!$B$4:$B$640-1,1),5)*IF($O8=\"Class_7\",INDEX('ER C7 FLT1'!$A$4:$J$640,MATCH(DropData!$J48&$C8,'ER C7 FLT1'!$A$4:$A$640&'ER C7 FLT1'!$B$4:$B$640-1,1),7)),IF($O8=\"Class_6\",INDEX('ER C6 FLT1'!$A$4:$J$640,MATCH(DropData!$J48&$C8,'ER C6 FLT1'!$A$4:$A$640&'ER C6 FLT1'!$B$4:$B$640-1,1),5)*IF($O8=\"Class_6\",INDEX('ER C6 FLT1'!$A$4:$J$640,MATCH(DropData!$J48&$C8,'ER C6 FLT1'!$A$4:$A$640&'ER C6 FLT1'!$B$4:$B$640-1,1),7)))))))),IF($R8=\"Electric\",OFFSET(INDEX('ER Electric'!$A$6:$E$44,MATCH($C8&$O8,'ER Electric'!$A$6:$A$44&'ER Electric'!$B$6:$B$44,1),4),3,0)))","v":false},{"$f":"IF(OR($R8=\"Diesel\",$R8=\"LNG/CNG\",$R8=\"Hybrid\",$R8=\"Electric w/ AB-118\"),IF($B8=\"3+ Trucks\",IF(OR($O8=\"Class_8\",$N8=\"Replacement8HHD\",$AI8=\"CL7HHD\"),INDEX('ER C8 FLT3'!$A$4:$J$640,MATCH(DropData!$J48&$C8,'ER C8 FLT3'!$A$4:$A$640&'ER C8 FLT3'!$B$4:$B$640-2,1),5)*IF(OR($O8=\"Class_8\",$N8=\"Replacement8HHD\",$AI8=\"CL7HHD\"),INDEX('ER C8 FLT3'!$A$4:$J$640,MATCH(DropData!$J48&$C8,'ER C8 FLT3'!$A$4:$A$640&'ER C8 FLT3'!$B$4:$B$640-2,1),7)),IF($O8=\"Class_7\",INDEX('ER C7 FLT3'!$A$4:$J$640,MATCH(DropData!$J48&$C8,'ER C7 FLT3'!$A$4:$A$640&'ER C7 FLT3'!$B$4:$B$640-2,1),5)*IF($O8=\"Class_7\",INDEX('ER C7 FLT3'!$A$4:$J$640,MATCH(DropData!$J48&$C8,'ER C7 FLT3'!$A$4:$A$640&'ER C7 FLT3'!$B$4:$B$640-2,1),7)),IF($O8=\"Class_6\",INDEX('ER C6 FLT3'!$A$4:$J$640,MATCH(DropData!$J48&$C8,'ER C6 FLT3'!$A$4:$A$640&'ER C6 FLT3'!$B$4:$B$640-2,1),5)*IF($O8=\"Class_6\",INDEX('ER C6 FLT3'!$A$4:$J$640,MATCH(DropData!$J48&$C8,'ER C6 FLT3'!$A$4:$A$640&'ER C6 FLT3'!$B$4:$B$640-2,1),7))))),IF($B8=\"2 Trucks\",IF(OR($O8=\"Class_8\",$N8=\"Replacement8HHD\",$AI8=\"CL7HHD\"),INDEX('ER C8 FLT2'!$A$4:$J$640,MATCH(DropData!$J48&$C8,'ER C8 FLT2'!$A$4:$A$640&'ER C8 FLT2'!$B$4:$B$640-2,1),5)*IF(OR($O8=\"Class_8\",$N8=\"Replacement8HHD\",$AI8=\"CL7HHD\"),INDEX('ER C8 FLT2'!$A$4:$J$640,MATCH(DropData!$J48&$C8,'ER C8 FLT2'!$A$4:$A$640&'ER C8 FLT2'!$B$4:$B$640-2,1),7)),IF($O8=\"Class_7\",INDEX('ER C7 FLT2'!$A$4:$J$640,MATCH(DropData!$J48&$C8,'ER C7 FLT2'!$A$4:$A$640&'ER C7 FLT2'!$B$4:$B$640-2,1),5)*IF($O8=\"Class_7\",INDEX('ER C7 FLT2'!$A$4:$J$640,MATCH(DropData!$J48&$C8,'ER C7 FLT2'!$A$4:$A$640&'ER C7 FLT2'!$B$4:$B$640-2,1),7)),IF($O8=\"Class_6\",INDEX('ER C6 FLT2'!$A$4:$J$640,MATCH(DropData!$J48&$C8,'ER C6 FLT2'!$A$4:$A$640&'ER C6 FLT2'!$B$4:$B$640-2,1),5)*IF($O8=\"Class_6\",INDEX('ER C6 FLT2'!$A$4:$J$640,MATCH(DropData!$J48&$C8,'ER C6 FLT2'!$A$4:$A$640&'ER C6 FLT2'!$B$4:$B$640-2,1),7))))),IF($B8=\"1 Truck\",IF(OR($O8=\"Class_8\",$N8=\"Replacement8HHD\",$AI8=\"CL7HHD\"),INDEX('ER C8 FLT1'!$A$4:$J$640,MATCH(DropData!$J48&$C8,'ER C8 FLT1'!$A$4:$A$640&'ER C8 FLT1'!$B$4:$B$640-2,1),5)*IF(OR($O8=\"Class_8\",$N8=\"Replacement8HHD\",$AI8=\"CL7HHD\"),INDEX('ER C8 FLT1'!$A$4:$J$640,MATCH(DropData!$J48&$C8,'ER C8 FLT1'!$A$4:$A$640&'ER C8 FLT1'!$B$4:$B$640-2,1),7)),IF($O8=\"Class_7\",INDEX('ER C7 FLT1'!$A$4:$J$640,MATCH(DropData!$J48&$C8,'ER C7 FLT1'!$A$4:$A$640&'ER C7 FLT1'!$B$4:$B$640-2,1),5)*IF($O8=\"Class_7\",INDEX('ER C7 FLT1'!$A$4:$J$640,MATCH(DropData!$J48&$C8,'ER C7 FLT1'!$A$4:$A$640&'ER C7 FLT1'!$B$4:$B$640-2,1),7)),IF($O8=\"Class_6\",INDEX('ER C6 FLT1'!$A$4:$J$640,MATCH(DropData!$J48&$C8,'ER C6 FLT1'!$A$4:$A$640&'ER C6 FLT1'!$B$4:$B$640-2,1),5)*IF($O8=\"Class_6\",INDEX('ER C6 FLT1'!$A$4:$J$640,MATCH(DropData!$J48&$C8,'ER C6 FLT1'!$A$4:$A$640&'ER C6 FLT1'!$B$4:$B$640-2,1),7)))))))),IF($R8=\"Electric\",OFFSET(INDEX('ER Electric'!$A$6:$E$44,MATCH($C8&$O8,'ER Electric'!$A$6:$A$44&'ER Electric'!$B$6:$B$44,1),4),6,0)))","v":false},{"$f":"IF(OR($R8=\"Diesel\",$R8=\"LNG/CNG\",$R8=\"Hybrid\",$R8=\"Electric w/ AB-118\"),IF($B8=\"3+ Trucks\",IF(OR($O8=\"Class_8\",$N8=\"Replacement8HHD\",$AI8=\"CL7HHD\"),INDEX('ER C8 FLT3'!$A$4:$J$640,MATCH(DropData!$J48&$C8,'ER C8 FLT3'!$A$4:$A$640&'ER C8 FLT3'!$B$4:$B$640-3,1),5)*IF(OR($O8=\"Class_8\",$N8=\"Replacement8HHD\",$AI8=\"CL7HHD\"),INDEX('ER C8 FLT3'!$A$4:$J$640,MATCH(DropData!$J48&$C8,'ER C8 FLT3'!$A$4:$A$640&'ER C8 FLT3'!$B$4:$B$640-3,1),7)),IF($O8=\"Class_7\",INDEX('ER C7 FLT3'!$A$4:$J$640,MATCH(DropData!$J48&$C8,'ER C7 FLT3'!$A$4:$A$640&'ER C7 FLT3'!$B$4:$B$640-3,1),5)*IF($O8=\"Class_7\",INDEX('ER C7 FLT3'!$A$4:$J$640,MATCH(DropData!$J48&$C8,'ER C7 FLT3'!$A$4:$A$640&'ER C7 FLT3'!$B$4:$B$640-3,1),7)),IF($O8=\"Class_6\",INDEX('ER C6 FLT3'!$A$4:$J$640,MATCH(DropData!$J48&$C8,'ER C6 FLT3'!$A$4:$A$640&'ER C6 FLT3'!$B$4:$B$640-3,1),5)*IF($O8=\"Class_6\",INDEX('ER C6 FLT3'!$A$4:$J$640,MATCH(DropData!$J48&$C8,'ER C6 FLT3'!$A$4:$A$640&'ER C6 FLT3'!$B$4:$B$640-3,1),7))))),IF($B8=\"2 Trucks\",IF(OR($O8=\"Class_8\",$N8=\"Replacement8HHD\",$AI8=\"CL7HHD\"),INDEX('ER C8 FLT2'!$A$4:$J$640,MATCH(DropData!$J48&$C8,'ER C8 FLT2'!$A$4:$A$640&'ER C8 FLT2'!$B$4:$B$640-3,1),5)*IF(OR($O8=\"Class_8\",$N8=\"Replacement8HHD\",$AI8=\"CL7HHD\"),INDEX('ER C8 FLT2'!$A$4:$J$640,MATCH(DropData!$J48&$C8,'ER C8 FLT2'!$A$4:$A$640&'ER C8 FLT2'!$B$4:$B$640-3,1),7)),IF($O8=\"Class_7\",INDEX('ER C7 FLT2'!$A$4:$J$640,MATCH(DropData!$J48&$C8,'ER C7 FLT2'!$A$4:$A$640&'ER C7 FLT2'!$B$4:$B$640-3,1),5)*IF($O8=\"Class_7\",INDEX('ER C7 FLT2'!$A$4:$J$640,MATCH(DropData!$J48&$C8,'ER C7 FLT2'!$A$4:$A$640&'ER C7 FLT2'!$B$4:$B$640-3,1),7)),IF($O8=\"Class_6\",INDEX('ER C6 FLT2'!$A$4:$J$640,MATCH(DropData!$J48&$C8,'ER C6 FLT2'!$A$4:$A$640&'ER C6 FLT2'!$B$4:$B$640-3,1),5)*IF($O8=\"Class_6\",INDEX('ER C6 FLT2'!$A$4:$J$640,MATCH(DropData!$J48&$C8,'ER C6 FLT2'!$A$4:$A$640&'ER C6 FLT2'!$B$4:$B$640-3,1),7))))),IF($B8=\"1 Truck\",IF(OR($O8=\"Class_8\",$N8=\"Replacement8HHD\",$AI8=\"CL7HHD\"),INDEX('ER C8 FLT1'!$A$4:$J$640,MATCH(DropData!$J48&$C8,'ER C8 FLT1'!$A$4:$A$640&'ER C8 FLT1'!$B$4:$B$640-3,1),5)*IF(OR($O8=\"Class_8\",$N8=\"Replacement8HHD\",$AI8=\"CL7HHD\"),INDEX('ER C8 FLT1'!$A$4:$J$640,MATCH(DropData!$J48&$C8,'ER C8 FLT1'!$A$4:$A$640&'ER C8 FLT1'!$B$4:$B$640-3,1),7)),IF($O8=\"Class_7\",INDEX('ER C7 FLT1'!$A$4:$J$640,MATCH(DropData!$J48&$C8,'ER C7 FLT1'!$A$4:$A$640&'ER C7 FLT1'!$B$4:$B$640-3,1),5)*IF($O8=\"Class_7\",INDEX('ER C7 FLT1'!$A$4:$J$640,MATCH(DropData!$J48&$C8,'ER C7 FLT1'!$A$4:$A$640&'ER C7 FLT1'!$B$4:$B$640-3,1),7)),IF($O8=\"Class_6\",INDEX('ER C6 FLT1'!$A$4:$J$640,MATCH(DropData!$J48&$C8,'ER C6 FLT1'!$A$4:$A$640&'ER C6 FLT1'!$B$4:$B$640-3,1),5)*IF($O8=\"Class_6\",INDEX('ER C6 FLT1'!$A$4:$J$640,MATCH(DropData!$J48&$C8,'ER C6 FLT1'!$A$4:$A$640&'ER C6 FLT1'!$B$4:$B$640-3,1),7)))))))),IF($R8=\"Electric\",OFFSET(INDEX('ER Electric'!$A$6:$E$44,MATCH($C8&$O8,'ER Electric'!$A$6:$A$44&'ER Electric'!$B$6:$B$44,1),4),9,0)))","v":false},{"$f":"IF(OR($R8=\"Diesel\",$R8=\"LNG/CNG\",$R8=\"Hybrid\",$R8=\"Electric w/ AB-118\"),IF($B8=\"3+ Trucks\",IF(OR($O8=\"Class_8\",$N8=\"Replacement8HHD\",$AI8=\"CL7HHD\"),INDEX('ER C8 FLT3'!$A$4:$J$640,MATCH(DropData!$J48&$C8,'ER C8 FLT3'!$A$4:$A$640&'ER C8 FLT3'!$B$4:$B$640-4,1),5)*IF(OR($O8=\"Class_8\",$N8=\"Replacement8HHD\",$AI8=\"CL7HHD\"),INDEX('ER C8 FLT3'!$A$4:$J$640,MATCH(DropData!$J48&$C8,'ER C8 FLT3'!$A$4:$A$640&'ER C8 FLT3'!$B$4:$B$640-4,1),7)),IF($O8=\"Class_7\",INDEX('ER C7 FLT3'!$A$4:$J$640,MATCH(DropData!$J48&$C8,'ER C7 FLT3'!$A$4:$A$640&'ER C7 FLT3'!$B$4:$B$640-4,1),5)*IF($O8=\"Class_7\",INDEX('ER C7 FLT3'!$A$4:$J$640,MATCH(DropData!$J48&$C8,'ER C7 FLT3'!$A$4:$A$640&'ER C7 FLT3'!$B$4:$B$640-4,1),7)),IF($O8=\"Class_6\",INDEX('ER C6 FLT3'!$A$4:$J$640,MATCH(DropData!$J48&$C8,'ER C6 FLT3'!$A$4:$A$640&'ER C6 FLT3'!$B$4:$B$640-4,1),5)*IF($O8=\"Class_6\",INDEX('ER C6 FLT3'!$A$4:$J$640,MATCH(DropData!$J48&$C8,'ER C6 FLT3'!$A$4:$A$640&'ER C6 FLT3'!$B$4:$B$640-4,1),7))))),IF($B8=\"2 Trucks\",IF(OR($O8=\"Class_8\",$N8=\"Replacement8HHD\",$AI8=\"CL7HHD\"),INDEX('ER C8 FLT2'!$A$4:$J$640,MATCH(DropData!$J48&$C8,'ER C8 FLT2'!$A$4:$A$640&'ER C8 FLT2'!$B$4:$B$640-4,1),5)*IF(OR($O8=\"Class_8\",$N8=\"Replacement8HHD\",$AI8=\"CL7HHD\"),INDEX('ER C8 FLT2'!$A$4:$J$640,MATCH(DropData!$J48&$C8,'ER C8 FLT2'!$A$4:$A$640&'ER C8 FLT2'!$B$4:$B$640-4,1),7)),IF($O8=\"Class_7\",INDEX('ER C7 FLT2'!$A$4:$J$640,MATCH(DropData!$J48&$C8,'ER C7 FLT2'!$A$4:$A$640&'ER C7 FLT2'!$B$4:$B$640-4,1),5)*IF($O8=\"Class_7\",INDEX('ER C7 FLT2'!$A$4:$J$640,MATCH(DropData!$J48&$C8,'ER C7 FLT2'!$A$4:$A$640&'ER C7 FLT2'!$B$4:$B$640-4,1),7)),IF($O8=\"Class_6\",INDEX('ER C6 FLT2'!$A$4:$J$640,MATCH(DropData!$J48&$C8,'ER C6 FLT2'!$A$4:$A$640&'ER C6 FLT2'!$B$4:$B$640-4,1),5)*IF($O8=\"Class_6\",INDEX('ER C6 FLT2'!$A$4:$J$640,MATCH(DropData!$J48&$C8,'ER C6 FLT2'!$A$4:$A$640&'ER C6 FLT2'!$B$4:$B$640-4,1),7))))),IF($B8=\"1 Truck\",IF(OR($O8=\"Class_8\",$N8=\"Replacement8HHD\",$AI8=\"CL7HHD\"),INDEX('ER C8 FLT1'!$A$4:$J$640,MATCH(DropData!$J48&$C8,'ER C8 FLT1'!$A$4:$A$640&'ER C8 FLT1'!$B$4:$B$640-4,1),5)*IF(OR($O8=\"Class_8\",$N8=\"Replacement8HHD\",$AI8=\"CL7HHD\"),INDEX('ER C8 FLT1'!$A$4:$J$640,MATCH(DropData!$J48&$C8,'ER C8 FLT1'!$A$4:$A$640&'ER C8 FLT1'!$B$4:$B$640-4,1),7)),IF($O8=\"Class_7\",INDEX('ER C7 FLT1'!$A$4:$J$640,MATCH(DropData!$J48&$C8,'ER C7 FLT1'!$A$4:$A$640&'ER C7 FLT1'!$B$4:$B$640-4,1),5)*IF($O8=\"Class_7\",INDEX('ER C7 FLT1'!$A$4:$J$640,MATCH(DropData!$J48&$C8,'ER C7 FLT1'!$A$4:$A$640&'ER C7 FLT1'!$B$4:$B$640-4,1),7)),IF($O8=\"Class_6\",INDEX('ER C6 FLT1'!$A$4:$J$640,MATCH(DropData!$J48&$C8,'ER C6 FLT1'!$A$4:$A$640&'ER C6 FLT1'!$B$4:$B$640-4,1),5)*IF($O8=\"Class_6\",INDEX('ER C6 FLT1'!$A$4:$J$640,MATCH(DropData!$J48&$C8,'ER C6 FLT1'!$A$4:$A$640&'ER C6 FLT1'!$B$4:$B$640-4,1),7)))))))),IF($R8=\"Electric\",OFFSET(INDEX('ER Electric'!$A$6:$E$44,MATCH($C8&$O8,'ER Electric'!$A$6:$A$44&'ER Electric'!$B$6:$B$44,1),4),12,0)))","v":false},{"$f":"IF($C8<2015,1,2)","v":1},{"$f":"MAX(0,(BY8-CI8)/CS8)","v":0},{"$f":"IF($C8<2015,1,2)","v":1},{"$f":"IFERROR(MAX(0,IF($B8=\"3+ Trucks\",IF($Z8=\"Class_8\",INDEX('ER C8 FLT3'!$A$4:$J$640,MATCH($W8&$C8,'ER C8 FLT3'!$A$4:$A$640&'ER C8 FLT3'!$B$4:$B$640,1),5)*IF($Z8=\"Class_8\",INDEX('ER C8 FLT3'!$A$4:$J$640,MATCH($W8&$C8,'ER C8 FLT3'!$A$4:$A$640&'ER C8 FLT3'!$B$4:$B$640,1),7)),IF($Z8=\"Class_7\",INDEX('ER C7 FLT3'!$A$4:$J$640,MATCH($W8&$C8,'ER C7 FLT3'!$A$4:$A$640&'ER C7 FLT3'!$B$4:$B$640,1),5)*IF($Z8=\"Class_7\",INDEX('ER C7 FLT3'!$A$4:$J$640,MATCH($W8&$C8,'ER C7 FLT3'!$A$4:$A$640&'ER C7 FLT3'!$B$4:$B$640,1),7)),\nIF($Z8=\"Class_6\",INDEX('ER C6 FLT3'!$A$4:$J$640,MATCH($W8&$C8,'ER C6 FLT3'!$A$4:$A$640&'ER C6 FLT3'!$B$4:$B$640,1),5)*IF($Z8=\"Class_6\",INDEX('ER C6 FLT3'!$A$4:$L$640,MATCH($W8&$C8,'ER C6 FLT3'!$A$4:$A$640&'ER C6 FLT3'!$B$4:$B$640,1),7))))),IF($B8=\"2 Trucks\",IF($Z8=\"Class_8\",INDEX('ER C8 FLT2'!$A$4:$J$640,MATCH($W8&$C8,'ER C8 FLT2'!$A$4:$A$640&'ER C8 FLT2'!$B$4:$B$640,1),5)*IF($Z8=\"Class_8\",INDEX('ER C8 FLT2'!$A$4:$J$640,MATCH($W8&$C8,'ER C8 FLT2'!$A$4:$A$640&'ER C8 FLT2'!$B$4:$B$640,1),7)),IF($Z8=\"Class_7\",INDEX('ER C7 FLT2'!$A$4:$J$640,MATCH($W8&$C8,'ER C7 FLT2'!$A$4:$A$640&'ER C7 FLT2'!$B$4:$B$640,1),5)*IF($Z8=\"Class_7\",INDEX('ER C7 FLT2'!$A$4:$J$640,MATCH($W8&$C8,'ER C7 FLT2'!$A$4:$A$640&'ER C7 FLT2'!$B$4:$B$640,1),7)),IF($Z8=\"Class_6\",INDEX('ER C6 FLT2'!$A$4:$J$640,MATCH($W8&$C8,'ER C6 FLT2'!$A$4:$A$640&'ER C6 FLT2'!$B$4:$B$640,1),5)*IF($Z8=\"Class_6\",INDEX('ER C6 FLT2'!$A$4:$J$640,MATCH($W8&$C8,'ER C6 FLT2'!$A$4:$A$640&'ER C6 FLT2'!$B$4:$B$640,1),7))))),IF($B8=\"1 Truck\",\nIF($Z8=\"Class_8\",INDEX('ER C8 FLT1'!$A$4:$J$640,MATCH($W8&$C8,'ER C8 FLT1'!$A$4:$A$640&'ER C8 FLT1'!$B$4:$B$640,1),5)*IF($Z8=\"Class_8\",INDEX('ER C8 FLT1'!$A$4:$J$640,MATCH($W8&$C8,'ER C8 FLT1'!$A$4:$A$640&'ER C8 FLT1'!$B$4:$B$640,1),7)),IF($Z8=\"Class_7\",INDEX('ER C7 FLT1'!$A$4:$J$640,MATCH($W8&$C8,'ER C7 FLT1'!$A$4:$A$640&'ER C7 FLT1'!$B$4:$B$640,1),5)*IF($Z8=\"Class_7\",INDEX('ER C7 FLT1'!$A$4:$J$640,MATCH($W8&$C8,'ER C7 FLT1'!$A$4:$A$640&'ER C7 FLT1'!$B$4:$B$640,1),7)),IF($Z8=\"Class_6\",INDEX('ER C6 FLT1'!$A$4:$J$640,MATCH($W8&$C8,'ER C6 FLT1'!$A$4:$A$640&'ER C6 FLT1'!$B$4:$B$640,1),5)*IF($Z8=\"Class_6\",INDEX('ER C6 FLT1'!$A$4:$J$640,MATCH($W8&$C8,'ER C6 FLT1'!$A$4:$A$640&'ER C6 FLT1'!$B$4:$B$640,1),7)))))))))*IF($X8=\"Level 3 PM + Mark I NOx\",0.75,1)*($AC8/453.6)-IF(CT8=0,CI8,0),\"0.00\")","v":0},{"$f":"IFERROR(MAX(0,CV8/CU8),\"0.00\")","v":0},{"$f":"IFERROR((CT8+CW8),\"0.00\")","v":0},0,{"$f":"IF($B8=\"3+ Trucks\",IF($Z8=\"Class_8\",INDEX('ER C8 FLT3'!$A$4:$J$640,MATCH($W8&$C8,'ER C8 FLT3'!$A$4:$A$640&'ER C8 FLT3'!$B$4:$B$640-1,1),5)*IF($Z8=\"Class_8\",INDEX('ER C8 FLT3'!$A$4:$J$640,MATCH($W8&$C8,'ER C8 FLT3'!$A$4:$A$640&'ER C8 FLT3'!$B$4:$B$640-1,1),7)),IF($Z8=\"Class_7\",INDEX('ER C7 FLT3'!$A$4:$J$640,MATCH($W8&$C8,'ER C7 FLT3'!$A$4:$A$640&'ER C7 FLT3'!$B$4:$B$640-1,1),5)*IF($Z8=\"Class_7\",INDEX('ER C7 FLT3'!$A$4:$J$640,MATCH($W8&$C8,'ER C7 FLT3'!$A$4:$A$640&'ER C7 FLT3'!$B$4:$B$640-1,1),7)),\nIF($Z8=\"Class_6\",INDEX('ER C6 FLT3'!$A$4:$J$640,MATCH($W8&$C8,'ER C6 FLT3'!$A$4:$A$640&'ER C6 FLT3'!$B$4:$B$640-1,1),5)*IF($Z8=\"Class_6\",INDEX('ER C6 FLT3'!$A$4:$L$640,MATCH($W8&$C8,'ER C6 FLT3'!$A$4:$A$640&'ER C6 FLT3'!$B$4:$B$640-1,1),7))))),IF($B8=\"2 Trucks\",IF($Z8=\"Class_8\",INDEX('ER C8 FLT2'!$A$4:$J$640,MATCH($W8&$C8,'ER C8 FLT2'!$A$4:$A$640&'ER C8 FLT2'!$B$4:$B$640-1,1),5)*IF($Z8=\"Class_8\",INDEX('ER C8 FLT2'!$A$4:$J$640,MATCH($W8&$C8,'ER C8 FLT2'!$A$4:$A$640&'ER C8 FLT2'!$B$4:$B$640-1,1),7)),IF($Z8=\"Class_7\",INDEX('ER C7 FLT2'!$A$4:$J$640,MATCH($W8&$C8,'ER C7 FLT2'!$A$4:$A$640&'ER C7 FLT2'!$B$4:$B$640-1,1),5)*IF($Z8=\"Class_7\",INDEX('ER C7 FLT2'!$A$4:$J$640,MATCH($W8&$C8,'ER C7 FLT2'!$A$4:$A$640&'ER C7 FLT2'!$B$4:$B$640-1,1),7)),IF($Z8=\"Class_6\",INDEX('ER C6 FLT2'!$A$4:$J$640,MATCH($W8&$C8,'ER C6 FLT2'!$A$4:$A$640&'ER C6 FLT2'!$B$4:$B$640-1,1),5)*IF($Z8=\"Class_6\",INDEX('ER C6 FLT2'!$A$4:$J$640,MATCH($W8&$C8,'ER C6 FLT2'!$A$4:$A$640&'ER C6 FLT2'!$B$4:$B$640-1,1),7))))),IF($B8=\"1 Truck\",\nIF($Z8=\"Class_8\",INDEX('ER C8 FLT1'!$A$4:$J$640,MATCH($W8&$C8,'ER C8 FLT1'!$A$4:$A$640&'ER C8 FLT1'!$B$4:$B$640-1,1),5)*IF($Z8=\"Class_8\",INDEX('ER C8 FLT1'!$A$4:$J$640,MATCH($W8&$C8,'ER C8 FLT1'!$A$4:$A$640&'ER C8 FLT1'!$B$4:$B$640-1,1),7)),IF($Z8=\"Class_7\",INDEX('ER C7 FLT1'!$A$4:$J$640,MATCH($W8&$C8,'ER C7 FLT1'!$A$4:$A$640&'ER C7 FLT1'!$B$4:$B$640-1,1),5)*IF($Z8=\"Class_7\",INDEX('ER C7 FLT1'!$A$4:$J$640,MATCH($W8&$C8,'ER C7 FLT1'!$A$4:$A$640&'ER C7 FLT1'!$B$4:$B$640-1,1),7)),\nIF($Z8=\"Class_6\",INDEX('ER C6 FLT1'!$A$4:$J$640,MATCH($W8&$C8,'ER C6 FLT1'!$A$4:$A$640&'ER C6 FLT1'!$B$4:$B$640-1,1),5)*IF($Z8=\"Class_6\",INDEX('ER C6 FLT1'!$A$4:$J$640,MATCH($W8&$C8,'ER C6 FLT1'!$A$4:$A$640&'ER C6 FLT1'!$B$4:$B$640-1,1),7))))))))*IF($X8=\"Level 3 PM + Mark I NOx\",0.75,1)*($AC8/453.6)-IF(CY8=0,CJ8,0)","v":0},{"$f":"MAX(0,CY8+CZ8)","v":0},0,{"$f":"IF($B8=\"3+ Trucks\",IF($Z8=\"Class_8\",INDEX('ER C8 FLT3'!$A$4:$J$640,MATCH($W8&$C8,'ER C8 FLT3'!$A$4:$A$640&'ER C8 FLT3'!$B$4:$B$640-2,1),5)*IF($Z8=\"Class_8\",INDEX('ER C8 FLT3'!$A$4:$J$640,MATCH($W8&$C8,'ER C8 FLT3'!$A$4:$A$640&'ER C8 FLT3'!$B$4:$B$640-2,1),7)),IF($Z8=\"Class_7\",INDEX('ER C7 FLT3'!$A$4:$J$640,MATCH($W8&$C8,'ER C7 FLT3'!$A$4:$A$640&'ER C7 FLT3'!$B$4:$B$640-2,1),5)*IF($Z8=\"Class_7\",INDEX('ER C7 FLT3'!$A$4:$J$640,MATCH($W8&$C8,'ER C7 FLT3'!$A$4:$A$640&'ER C7 FLT3'!$B$4:$B$640-2,1),7)),\nIF($Z8=\"Class_6\",INDEX('ER C6 FLT3'!$A$4:$J$640,MATCH($W8&$C8,'ER C6 FLT3'!$A$4:$A$640&'ER C6 FLT3'!$B$4:$B$640-2,1),5)*IF($Z8=\"Class_6\",INDEX('ER C6 FLT3'!$A$4:$L$640,MATCH($W8&$C8,'ER C6 FLT3'!$A$4:$A$640&'ER C6 FLT3'!$B$4:$B$640-2,1),7))))),IF($B8=\"2 Trucks\",IF($Z8=\"Class_8\",INDEX('ER C8 FLT2'!$A$4:$J$640,MATCH($W8&$C8,'ER C8 FLT2'!$A$4:$A$640&'ER C8 FLT2'!$B$4:$B$640-2,1),5)*IF($Z8=\"Class_8\",INDEX('ER C8 FLT2'!$A$4:$J$640,MATCH($W8&$C8,'ER C8 FLT2'!$A$4:$A$640&'ER C8 FLT2'!$B$4:$B$640-2,1),7)),IF($Z8=\"Class_7\",INDEX('ER C7 FLT2'!$A$4:$J$640,MATCH($W8&$C8,'ER C7 FLT2'!$A$4:$A$640&'ER C7 FLT2'!$B$4:$B$640-2,1),5)*IF($Z8=\"Class_7\",INDEX('ER C7 FLT2'!$A$4:$J$640,MATCH($W8&$C8,'ER C7 FLT2'!$A$4:$A$640&'ER C7 FLT2'!$B$4:$B$640-2,1),7)),IF($Z8=\"Class_6\",INDEX('ER C6 FLT2'!$A$4:$J$640,MATCH($W8&$C8,'ER C6 FLT2'!$A$4:$A$640&'ER C6 FLT2'!$B$4:$B$640-2,1),5)*IF($Z8=\"Class_6\",INDEX('ER C6 FLT2'!$A$4:$J$640,MATCH($W8&$C8,'ER C6 FLT2'!$A$4:$A$640&'ER C6 FLT2'!$B$4:$B$640-2,1),7))))),IF($B8=\"1 Truck\",\nIF($Z8=\"Class_8\",INDEX('ER C8 FLT1'!$A$4:$J$640,MATCH($W8&$C8,'ER C8 FLT1'!$A$4:$A$640&'ER C8 FLT1'!$B$4:$B$640-2,1),5)*IF($Z8=\"Class_8\",INDEX('ER C8 FLT1'!$A$4:$J$640,MATCH($W8&$C8,'ER C8 FLT1'!$A$4:$A$640&'ER C8 FLT1'!$B$4:$B$640-2,1),7)),IF($Z8=\"Class_7\",INDEX('ER C7 FLT1'!$A$4:$J$640,MATCH($W8&$C8,'ER C7 FLT1'!$A$4:$A$640&'ER C7 FLT1'!$B$4:$B$640-2,1),5)*IF($Z8=\"Class_7\",INDEX('ER C7 FLT1'!$A$4:$J$640,MATCH($W8&$C8,'ER C7 FLT1'!$A$4:$A$640&'ER C7 FLT1'!$B$4:$B$640-2,1),7)),\nIF($Z8=\"Class_6\",INDEX('ER C6 FLT1'!$A$4:$J$640,MATCH($W8&$C8,'ER C6 FLT1'!$A$4:$A$640&'ER C6 FLT1'!$B$4:$B$640-2,1),5)*IF($Z8=\"Class_6\",INDEX('ER C6 FLT1'!$A$4:$J$640,MATCH($W8&$C8,'ER C6 FLT1'!$A$4:$A$640&'ER C6 FLT1'!$B$4:$B$640-2,1),7))))))))*IF($X8=\"Level 3 PM + Mark I NOx\",0.75,1)*($AC8/453.6)-IF(DB8=0,CK8,0)","v":0},{"$f":"MAX(0,DB8+DC8)","v":0},0,{"$f":"IF($B8=\"3+ Trucks\",IF($Z8=\"Class_8\",INDEX('ER C8 FLT3'!$A$4:$J$640,MATCH($W8&$C8,'ER C8 FLT3'!$A$4:$A$640&'ER C8 FLT3'!$B$4:$B$640-3,1),5)*IF($Z8=\"Class_8\",INDEX('ER C8 FLT3'!$A$4:$J$640,MATCH($W8&$C8,'ER C8 FLT3'!$A$4:$A$640&'ER C8 FLT3'!$B$4:$B$640-3,1),7)),IF($Z8=\"Class_7\",INDEX('ER C7 FLT3'!$A$4:$J$640,MATCH($W8&$C8,'ER C7 FLT3'!$A$4:$A$640&'ER C7 FLT3'!$B$4:$B$640-3,1),5)*IF($Z8=\"Class_7\",INDEX('ER C7 FLT3'!$A$4:$J$640,MATCH($W8&$C8,'ER C7 FLT3'!$A$4:$A$640&'ER C7 FLT3'!$B$4:$B$640-3,1),7)),\nIF($Z8=\"Class_6\",INDEX('ER C6 FLT3'!$A$4:$J$640,MATCH($W8&$C8,'ER C6 FLT3'!$A$4:$A$640&'ER C6 FLT3'!$B$4:$B$640-3,1),5)*IF($Z8=\"Class_6\",INDEX('ER C6 FLT3'!$A$4:$L$640,MATCH($W8&$C8,'ER C6 FLT3'!$A$4:$A$640&'ER C6 FLT3'!$B$4:$B$640-3,1),7))))),IF($B8=\"2 Trucks\",IF($Z8=\"Class_8\",INDEX('ER C8 FLT2'!$A$4:$J$640,MATCH($W8&$C8,'ER C8 FLT2'!$A$4:$A$640&'ER C8 FLT2'!$B$4:$B$640-3,1),5)*IF($Z8=\"Class_8\",INDEX('ER C8 FLT2'!$A$4:$J$640,MATCH($W8&$C8,'ER C8 FLT2'!$A$4:$A$640&'ER C8 FLT2'!$B$4:$B$640-3,1),7)),IF($Z8=\"Class_7\",INDEX('ER C7 FLT2'!$A$4:$J$640,MATCH($W8&$C8,'ER C7 FLT2'!$A$4:$A$640&'ER C7 FLT2'!$B$4:$B$640-3,1),5)*IF($Z8=\"Class_7\",INDEX('ER C7 FLT2'!$A$4:$J$640,MATCH($W8&$C8,'ER C7 FLT2'!$A$4:$A$640&'ER C7 FLT2'!$B$4:$B$640-3,1),7)),IF($Z8=\"Class_6\",INDEX('ER C6 FLT2'!$A$4:$J$640,MATCH($W8&$C8,'ER C6 FLT2'!$A$4:$A$640&'ER C6 FLT2'!$B$4:$B$640-3,1),5)*IF($Z8=\"Class_6\",INDEX('ER C6 FLT2'!$A$4:$J$640,MATCH($W8&$C8,'ER C6 FLT2'!$A$4:$A$640&'ER C6 FLT2'!$B$4:$B$640-3,1),7))))),IF($B8=\"1 Truck\",\nIF($Z8=\"Class_8\",INDEX('ER C8 FLT1'!$A$4:$J$640,MATCH($W8&$C8,'ER C8 FLT1'!$A$4:$A$640&'ER C8 FLT1'!$B$4:$B$640-3,1),5)*IF($Z8=\"Class_8\",INDEX('ER C8 FLT1'!$A$4:$J$640,MATCH($W8&$C8,'ER C8 FLT1'!$A$4:$A$640&'ER C8 FLT1'!$B$4:$B$640-3,1),7)),IF($Z8=\"Class_7\",INDEX('ER C7 FLT1'!$A$4:$J$640,MATCH($W8&$C8,'ER C7 FLT1'!$A$4:$A$640&'ER C7 FLT1'!$B$4:$B$640-3,1),5)*IF($Z8=\"Class_7\",INDEX('ER C7 FLT1'!$A$4:$J$640,MATCH($W8&$C8,'ER C7 FLT1'!$A$4:$A$640&'ER C7 FLT1'!$B$4:$B$640-3,1),7)),\nIF($Z8=\"Class_6\",INDEX('ER C6 FLT1'!$A$4:$J$640,MATCH($W8&$C8,'ER C6 FLT1'!$A$4:$A$640&'ER C6 FLT1'!$B$4:$B$640-3,1),5)*IF($Z8=\"Class_6\",INDEX('ER C6 FLT1'!$A$4:$J$640,MATCH($W8&$C8,'ER C6 FLT1'!$A$4:$A$640&'ER C6 FLT1'!$B$4:$B$640-3,1),7))))))))*IF($X8=\"Level 3 PM + Mark I NOx\",0.75,1)*($AC8/453.6)-IF(DE8=0,CL8,0)","v":0},{"$f":"MAX(0,DE8+DF8)","v":0},0,{"$f":"IF($B8=\"3+ Trucks\",IF($Z8=\"Class_8\",INDEX('ER C8 FLT3'!$A$4:$J$640,MATCH($W8&$C8,'ER C8 FLT3'!$A$4:$A$640&'ER C8 FLT3'!$B$4:$B$640-4,1),5)*IF($Z8=\"Class_8\",INDEX('ER C8 FLT3'!$A$4:$J$640,MATCH($W8&$C8,'ER C8 FLT3'!$A$4:$A$640&'ER C8 FLT3'!$B$4:$B$640-4,1),7)),IF($Z8=\"Class_7\",INDEX('ER C7 FLT3'!$A$4:$J$640,MATCH($W8&$C8,'ER C7 FLT3'!$A$4:$A$640&'ER C7 FLT3'!$B$4:$B$640-4,1),5)*IF($Z8=\"Class_7\",INDEX('ER C7 FLT3'!$A$4:$J$640,MATCH($W8&$C8,'ER C7 FLT3'!$A$4:$A$640&'ER C7 FLT3'!$B$4:$B$640-4,1),7)),\nIF($Z8=\"Class_6\",INDEX('ER C6 FLT3'!$A$4:$J$640,MATCH($W8&$C8,'ER C6 FLT3'!$A$4:$A$640&'ER C6 FLT3'!$B$4:$B$640-4,1),5)*IF($Z8=\"Class_6\",INDEX('ER C6 FLT3'!$A$4:$L$640,MATCH($W8&$C8,'ER C6 FLT3'!$A$4:$A$640&'ER C6 FLT3'!$B$4:$B$640-4,1),7))))),IF($B8=\"2 Trucks\",IF($Z8=\"Class_8\",INDEX('ER C8 FLT2'!$A$4:$J$640,MATCH($W8&$C8,'ER C8 FLT2'!$A$4:$A$640&'ER C8 FLT2'!$B$4:$B$640-4,1),5)*IF($Z8=\"Class_8\",INDEX('ER C8 FLT2'!$A$4:$J$640,MATCH($W8&$C8,'ER C8 FLT2'!$A$4:$A$640&'ER C8 FLT2'!$B$4:$B$640-4,1),7)),IF($Z8=\"Class_7\",INDEX('ER C7 FLT2'!$A$4:$J$640,MATCH($W8&$C8,'ER C7 FLT2'!$A$4:$A$640&'ER C7 FLT2'!$B$4:$B$640-4,1),5)*IF($Z8=\"Class_7\",INDEX('ER C7 FLT2'!$A$4:$J$640,MATCH($W8&$C8,'ER C7 FLT2'!$A$4:$A$640&'ER C7 FLT2'!$B$4:$B$640-4,1),7)),IF($Z8=\"Class_6\",INDEX('ER C6 FLT2'!$A$4:$J$640,MATCH($W8&$C8,'ER C6 FLT2'!$A$4:$A$640&'ER C6 FLT2'!$B$4:$B$640-4,1),5)*IF($Z8=\"Class_6\",INDEX('ER C6 FLT2'!$A$4:$J$640,MATCH($W8&$C8,'ER C6 FLT2'!$A$4:$A$640&'ER C6 FLT2'!$B$4:$B$640-4,1),7))))),IF($B8=\"1 Truck\",\nIF($Z8=\"Class_8\",INDEX('ER C8 FLT1'!$A$4:$J$640,MATCH($W8&$C8,'ER C8 FLT1'!$A$4:$A$640&'ER C8 FLT1'!$B$4:$B$640-4,1),5)*IF($Z8=\"Class_8\",INDEX('ER C8 FLT1'!$A$4:$J$640,MATCH($W8&$C8,'ER C8 FLT1'!$A$4:$A$640&'ER C8 FLT1'!$B$4:$B$640-4,1),7)),IF($Z8=\"Class_7\",INDEX('ER C7 FLT1'!$A$4:$J$640,MATCH($W8&$C8,'ER C7 FLT1'!$A$4:$A$640&'ER C7 FLT1'!$B$4:$B$640-4,1),5)*IF($Z8=\"Class_7\",INDEX('ER C7 FLT1'!$A$4:$J$640,MATCH($W8&$C8,'ER C7 FLT1'!$A$4:$A$640&'ER C7 FLT1'!$B$4:$B$640-4,1),7)),\nIF($Z8=\"Class_6\",INDEX('ER C6 FLT1'!$A$4:$J$640,MATCH($W8&$C8,'ER C6 FLT1'!$A$4:$A$640&'ER C6 FLT1'!$B$4:$B$640-4,1),5)*IF($Z8=\"Class_6\",INDEX('ER C6 FLT1'!$A$4:$J$640,MATCH($W8&$C8,'ER C6 FLT1'!$A$4:$A$640&'ER C6 FLT1'!$B$4:$B$640-4,1),7))))))))*IF($X8=\"Level 3 PM + Mark I NOx\",0.75,1)*($AC8/453.6)-IF(DH8=0,CM8,0)","v":0},{"$f":"MAX(0,DH8+DI8)","v":0},{"$f":"MAX(0,CX8+DA8+DD8+DG8+DJ8)","v":0},{"$f":"IF($B8=\"3+ Trucks\",IF(OR($H8=\"Class_8\",$N8=\"Replacement8HHD\",$AH8=\"CL7HHD\",$AJ8=\"CL7to8\"),INDEX('ER C8 FLT3'!$A$4:$J$640,MATCH($E8&$C8,'ER C8 FLT3'!$A$4:$A$640&'ER C8 FLT3'!$B$4:$B$640,1),10),IF($H8=\"Class_7\",INDEX('ER C7 FLT3'!$A$4:$J$640,MATCH($E8&$C8,'ER C7 FLT3'!$A$4:$A$640&'ER C7 FLT3'!$B$4:$B$640,1),10),IF($H8=\"Class_6\",INDEX('ER C6 FLT3'!$A$4:$J$640,MATCH($E8&$C8,'ER C6 FLT3'!$A$4:$A$640&'ER C6 FLT3'!$B$4:$B$640,1),10)))),IF($B8=\"2 Trucks\",IF(OR($H8=\"Class_8\",$N8=\"Replacement8HHD\",$AH8=\"CL7HHD\",$AJ8=\"CL7to8\"),INDEX('ER C8 FLT2'!$A$4:$J$640,MATCH($E8&$C8,'ER C8 FLT2'!$A$4:$A$640&'ER C8 FLT2'!$B$4:$B$640,1),10),IF($H8=\"Class_7\",INDEX('ER C7 FLT2'!$A$4:$J$640,MATCH($E8&$C8,'ER C7 FLT2'!$A$4:$A$640&'ER C7 FLT2'!$B$4:$B$640,1),10),IF($H8=\"Class_6\",INDEX('ER C6 FLT2'!$A$4:$J$640,MATCH($E8&$C8,'ER C6 FLT2'!$A$4:$A$640&'ER C6 FLT2'!$B$4:$B$640,1),10)))),IF($B8=\"1 Truck\",\nIF(OR($H8=\"Class_8\",$N8=\"Replacement8HHD\",$AH8=\"CL7HHD\",$AJ8=\"CL7to8\"),INDEX('ER C8 FLT1'!$A$4:$J$640,MATCH($E8&$C8,'ER C8 FLT1'!$A$4:$A$640&'ER C8 FLT1'!$B$4:$B$640,1),10),IF($H8=\"Class_7\",INDEX('ER C7 FLT1'!$A$4:$J$640,MATCH($E8&$C8,'ER C7 FLT1'!$A$4:$A$640&'ER C7 FLT1'!$B$4:$B$640,1),10),\nIF($H8=\"Class_6\",INDEX('ER C6 FLT1'!$A$4:$J$640,MATCH($E8&$C8,'ER C6 FLT1'!$A$4:$A$640&'ER C6 FLT1'!$B$4:$B$640,1),10)))))))*($Q8/453.6)","v":0},{"$f":"IF($B8=\"3+ Trucks\",IF(OR($H8=\"Class_8\",$N8=\"Replacement8HHD\",$AH8=\"CL7HHD\",$AJ8=\"CL7to8\"),INDEX('ER C8 FLT3'!$A$4:$J$640,MATCH($E8&$C8,'ER C8 FLT3'!$A$4:$A$640&'ER C8 FLT3'!$B$4:$B$640-1,1),10),IF($H8=\"Class_7\",INDEX('ER C7 FLT3'!$A$4:$J$640,MATCH($E8&$C8,'ER C7 FLT3'!$A$4:$A$640&'ER C7 FLT3'!$B$4:$B$640-1,1),10),IF($H8=\"Class_6\",INDEX('ER C6 FLT3'!$A$4:$J$640,MATCH($E8&$C8,'ER C6 FLT3'!$A$4:$A$640&'ER C6 FLT3'!$B$4:$B$640-1,1),10)))),IF($B8=\"2 Trucks\",IF(OR($H8=\"Class_8\",$N8=\"Replacement8HHD\",$AH8=\"CL7HHD\",$AJ8=\"CL7to8\"),INDEX('ER C8 FLT2'!$A$4:$J$640,MATCH($E8&$C8,'ER C8 FLT2'!$A$4:$A$640&'ER C8 FLT2'!$B$4:$B$640-1,1),10),IF($H8=\"Class_7\",INDEX('ER C7 FLT2'!$A$4:$J$640,MATCH($E8&$C8,'ER C7 FLT2'!$A$4:$A$640&'ER C7 FLT2'!$B$4:$B$640-1,1),10),IF($H8=\"Class_6\",INDEX('ER C6 FLT2'!$A$4:$J$640,MATCH($E8&$C8,'ER C6 FLT2'!$A$4:$A$640&'ER C6 FLT2'!$B$4:$B$640-1,1),10)))),IF($B8=\"1 Truck\",\nIF(OR($H8=\"Class_8\",$N8=\"Replacement8HHD\",$AH8=\"CL7HHD\",$AJ8=\"CL7to8\"),INDEX('ER C8 FLT1'!$A$4:$J$640,MATCH($E8&$C8,'ER C8 FLT1'!$A$4:$A$640&'ER C8 FLT1'!$B$4:$B$640-1,1),10),IF($H8=\"Class_7\",INDEX('ER C7 FLT1'!$A$4:$J$640,MATCH($E8&$C8,'ER C7 FLT1'!$A$4:$A$640&'ER C7 FLT1'!$B$4:$B$640-1,1),10),\nIF($H8=\"Class_6\",INDEX('ER C6 FLT1'!$A$4:$J$640,MATCH($E8&$C8,'ER C6 FLT1'!$A$4:$A$640&'ER C6 FLT1'!$B$4:$B$640-1,1),10)))))))*($Q8/453.6)","v":0},{"$f":"IF($B8=\"3+ Trucks\",IF(OR($H8=\"Class_8\",$N8=\"Replacement8HHD\",$AH8=\"CL7HHD\",$AJ8=\"CL7to8\"),INDEX('ER C8 FLT3'!$A$4:$J$640,MATCH($E8&$C8,'ER C8 FLT3'!$A$4:$A$640&'ER C8 FLT3'!$B$4:$B$640-2,1),10),IF($H8=\"Class_7\",INDEX('ER C7 FLT3'!$A$4:$J$640,MATCH($E8&$C8,'ER C7 FLT3'!$A$4:$A$640&'ER C7 FLT3'!$B$4:$B$640-2,1),10),IF($H8=\"Class_6\",INDEX('ER C6 FLT3'!$A$4:$J$640,MATCH($E8&$C8,'ER C6 FLT3'!$A$4:$A$640&'ER C6 FLT3'!$B$4:$B$640-2,1),10)))),IF($B8=\"2 Trucks\",IF(OR($H8=\"Class_8\",$N8=\"Replacement8HHD\",$AH8=\"CL7HHD\",$AJ8=\"CL7to8\"),INDEX('ER C8 FLT2'!$A$4:$J$640,MATCH($E8&$C8,'ER C8 FLT2'!$A$4:$A$640&'ER C8 FLT2'!$B$4:$B$640-2,1),10),IF($H8=\"Class_7\",INDEX('ER C7 FLT2'!$A$4:$J$640,MATCH($E8&$C8,'ER C7 FLT2'!$A$4:$A$640&'ER C7 FLT2'!$B$4:$B$640-2,1),10),IF($H8=\"Class_6\",INDEX('ER C6 FLT2'!$A$4:$J$640,MATCH($E8&$C8,'ER C6 FLT2'!$A$4:$A$640&'ER C6 FLT2'!$B$4:$B$640-2,1),10)))),IF($B8=\"1 Truck\",\nIF(OR($H8=\"Class_8\",$N8=\"Replacement8HHD\",$AH8=\"CL7HHD\",$AJ8=\"CL7to8\"),INDEX('ER C8 FLT1'!$A$4:$J$640,MATCH($E8&$C8,'ER C8 FLT1'!$A$4:$A$640&'ER C8 FLT1'!$B$4:$B$640-2,1),10),IF($H8=\"Class_7\",INDEX('ER C7 FLT1'!$A$4:$J$640,MATCH($E8&$C8,'ER C7 FLT1'!$A$4:$A$640&'ER C7 FLT1'!$B$4:$B$640-2,1),10),\nIF($H8=\"Class_6\",INDEX('ER C6 FLT1'!$A$4:$J$640,MATCH($E8&$C8,'ER C6 FLT1'!$A$4:$A$640&'ER C6 FLT1'!$B$4:$B$640-2,1),10)))))))*($Q8/453.6)","v":0},{"$f":"IF($B8=\"3+ Trucks\",IF(OR($H8=\"Class_8\",$N8=\"Replacement8HHD\",$AH8=\"CL7HHD\",$AJ8=\"CL7to8\"),INDEX('ER C8 FLT3'!$A$4:$J$640,MATCH($E8&$C8,'ER C8 FLT3'!$A$4:$A$640&'ER C8 FLT3'!$B$4:$B$640-3,1),10),IF($H8=\"Class_7\",INDEX('ER C7 FLT3'!$A$4:$J$640,MATCH($E8&$C8,'ER C7 FLT3'!$A$4:$A$640&'ER C7 FLT3'!$B$4:$B$640-3,1),10),IF($H8=\"Class_6\",INDEX('ER C6 FLT3'!$A$4:$J$640,MATCH($E8&$C8,'ER C6 FLT3'!$A$4:$A$640&'ER C6 FLT3'!$B$4:$B$640-3,1),10)))),IF($B8=\"2 Trucks\",IF(OR($H8=\"Class_8\",$N8=\"Replacement8HHD\",$AH8=\"CL7HHD\",$AJ8=\"CL7to8\"),INDEX('ER C8 FLT2'!$A$4:$J$640,MATCH($E8&$C8,'ER C8 FLT2'!$A$4:$A$640&'ER C8 FLT2'!$B$4:$B$640-3,1),10),IF($H8=\"Class_7\",INDEX('ER C7 FLT2'!$A$4:$J$640,MATCH($E8&$C8,'ER C7 FLT2'!$A$4:$A$640&'ER C7 FLT2'!$B$4:$B$640-3,1),10),IF($H8=\"Class_6\",INDEX('ER C6 FLT2'!$A$4:$J$640,MATCH($E8&$C8,'ER C6 FLT2'!$A$4:$A$640&'ER C6 FLT2'!$B$4:$B$640-3,1),10)))),IF($B8=\"1 Truck\",\nIF(OR($H8=\"Class_8\",$N8=\"Replacement8HHD\",$AH8=\"CL7HHD\",$AJ8=\"CL7to8\"),INDEX('ER C8 FLT1'!$A$4:$J$640,MATCH($E8&$C8,'ER C8 FLT1'!$A$4:$A$640&'ER C8 FLT1'!$B$4:$B$640-3,1),10),IF($H8=\"Class_7\",INDEX('ER C7 FLT1'!$A$4:$J$640,MATCH($E8&$C8,'ER C7 FLT1'!$A$4:$A$640&'ER C7 FLT1'!$B$4:$B$640-3,1),10),\nIF($H8=\"Class_6\",INDEX('ER C6 FLT1'!$A$4:$J$640,MATCH($E8&$C8,'ER C6 FLT1'!$A$4:$A$640&'ER C6 FLT1'!$B$4:$B$640-3,1),10)))))))*($Q8/453.6)","v":0},{"$f":"IF($B8=\"3+ Trucks\",IF(OR($H8=\"Class_8\",$N8=\"Replacement8HHD\",$AH8=\"CL7HHD\",$AJ8=\"CL7to8\"),INDEX('ER C8 FLT3'!$A$4:$J$640,MATCH($E8&$C8,'ER C8 FLT3'!$A$4:$A$640&'ER C8 FLT3'!$B$4:$B$640-4,1),10),IF($H8=\"Class_7\",INDEX('ER C7 FLT3'!$A$4:$J$640,MATCH($E8&$C8,'ER C7 FLT3'!$A$4:$A$640&'ER C7 FLT3'!$B$4:$B$640-4,1),10),IF($H8=\"Class_6\",INDEX('ER C6 FLT3'!$A$4:$J$640,MATCH($E8&$C8,'ER C6 FLT3'!$A$4:$A$640&'ER C6 FLT3'!$B$4:$B$640-4,1),10)))),IF($B8=\"2 Trucks\",IF(OR($H8=\"Class_8\",$N8=\"Replacement8HHD\",$AH8=\"CL7HHD\",$AJ8=\"CL7to8\"),INDEX('ER C8 FLT2'!$A$4:$J$640,MATCH($E8&$C8,'ER C8 FLT2'!$A$4:$A$640&'ER C8 FLT2'!$B$4:$B$640-4,1),10),IF($H8=\"Class_7\",INDEX('ER C7 FLT2'!$A$4:$J$640,MATCH($E8&$C8,'ER C7 FLT2'!$A$4:$A$640&'ER C7 FLT2'!$B$4:$B$640-4,1),10),IF($H8=\"Class_6\",INDEX('ER C6 FLT2'!$A$4:$J$640,MATCH($E8&$C8,'ER C6 FLT2'!$A$4:$A$640&'ER C6 FLT2'!$B$4:$B$640-4,1),10)))),IF($B8=\"1 Truck\",\nIF(OR($H8=\"Class_8\",$N8=\"Replacement8HHD\",$AH8=\"CL7HHD\",$AJ8=\"CL7to8\"),INDEX('ER C8 FLT1'!$A$4:$J$640,MATCH($E8&$C8,'ER C8 FLT1'!$A$4:$A$640&'ER C8 FLT1'!$B$4:$B$640-4,1),10),IF($H8=\"Class_7\",INDEX('ER C7 FLT1'!$A$4:$J$640,MATCH($E8&$C8,'ER C7 FLT1'!$A$4:$A$640&'ER C7 FLT1'!$B$4:$B$640-4,1),10),\nIF($H8=\"Class_6\",INDEX('ER C6 FLT1'!$A$4:$J$640,MATCH($E8&$C8,'ER C6 FLT1'!$A$4:$A$640&'ER C6 FLT1'!$B$4:$B$640-4,1),10)))))))*($Q8/453.6)","v":0},{"$f":"IF($B8=\"3+ Trucks\",IF(OR($H8=\"Class_8\",$N8=\"Replacement8HHD\",$AH8=\"CL7HHD\",$AJ8=\"CL7to8\"),INDEX('ER C8 FLT3'!$A$4:$J$640,MATCH($E8&$C8,'ER C8 FLT3'!$A$4:$A$640&'ER C8 FLT3'!$B$4:$B$640,1),10),IF($H8=\"Class_7\",INDEX('ER C7 FLT3'!$A$4:$J$640,MATCH($E8&$C8,'ER C7 FLT3'!$A$4:$A$640&'ER C7 FLT3'!$B$4:$B$640,1),10),IF($H8=\"Class_6\",INDEX('ER C6 FLT3'!$A$4:$J$640,MATCH($E8&$C8,'ER C6 FLT3'!$A$4:$A$640&'ER C6 FLT3'!$B$4:$B$640,1),10)))),IF($B8=\"2 Trucks\",IF(OR($H8=\"Class_8\",$N8=\"Replacement8HHD\",$AH8=\"CL7HHD\",$AJ8=\"CL7to8\"),INDEX('ER C8 FLT2'!$A$4:$J$640,MATCH($E8&$C8,'ER C8 FLT2'!$A$4:$A$640&'ER C8 FLT2'!$B$4:$B$640,1),10),IF($H8=\"Class_7\",INDEX('ER C7 FLT2'!$A$4:$J$640,MATCH($E8&$C8,'ER C7 FLT2'!$A$4:$A$640&'ER C7 FLT2'!$B$4:$B$640,1),10),IF($H8=\"Class_6\",INDEX('ER C6 FLT2'!$A$4:$J$640,MATCH($E8&$C8,'ER C6 FLT2'!$A$4:$A$640&'ER C6 FLT2'!$B$4:$B$640,1),10)))),IF($B8=\"1 Truck\",\nIF(OR($H8=\"Class_8\",$N8=\"Replacement8HHD\",$AH8=\"CL7HHD\",$AJ8=\"CL7to8\"),INDEX('ER C8 FLT1'!$A$4:$J$640,MATCH($E8&$C8,'ER C8 FLT1'!$A$4:$A$640&'ER C8 FLT1'!$B$4:$B$640,1),10),IF($H8=\"Class_7\",INDEX('ER C7 FLT1'!$A$4:$J$640,MATCH($E8&$C8,'ER C7 FLT1'!$A$4:$A$640&'ER C7 FLT1'!$B$4:$B$640,1),10),IF($H8=\"Class_6\",INDEX('ER C6 FLT1'!$A$4:$J$640,MATCH($E8&$C8,'ER C6 FLT1'!$A$4:$A$640&'ER C6 FLT1'!$B$4:$B$640,1),10)))))))","v":false},{"$f":"IF($B8=\"3+ Trucks\",IF(OR($H8=\"Class_8\",$N8=\"Replacement8HHD\",$AH8=\"CL7HHD\",$AJ8=\"CL7to8\"),INDEX('ER C8 FLT3'!$A$4:$J$640,MATCH($E8&$C8,'ER C8 FLT3'!$A$4:$A$640&'ER C8 FLT3'!$B$4:$B$640-1,1),10),IF($H8=\"Class_7\",INDEX('ER C7 FLT3'!$A$4:$J$640,MATCH($E8&$C8,'ER C7 FLT3'!$A$4:$A$640&'ER C7 FLT3'!$B$4:$B$640-1,1),10),IF($H8=\"Class_6\",INDEX('ER C6 FLT3'!$A$4:$J$640,MATCH($E8&$C8,'ER C6 FLT3'!$A$4:$A$640&'ER C6 FLT3'!$B$4:$B$640-1,1),10)))),IF($B8=\"2 Trucks\",IF(OR($H8=\"Class_8\",$N8=\"Replacement8HHD\",$AH8=\"CL7HHD\",$AJ8=\"CL7to8\"),INDEX('ER C8 FLT2'!$A$4:$J$640,MATCH($E8&$C8,'ER C8 FLT2'!$A$4:$A$640&'ER C8 FLT2'!$B$4:$B$640-1,1),10),IF($H8=\"Class_7\",INDEX('ER C7 FLT2'!$A$4:$J$640,MATCH($E8&$C8,'ER C7 FLT2'!$A$4:$A$640&'ER C7 FLT2'!$B$4:$B$640-1,1),10),IF($H8=\"Class_6\",INDEX('ER C6 FLT2'!$A$4:$J$640,MATCH($E8&$C8,'ER C6 FLT2'!$A$4:$A$640&'ER C6 FLT2'!$B$4:$B$640-1,1),10)))),IF($B8=\"1 Truck\",\nIF(OR($H8=\"Class_8\",$N8=\"Replacement8HHD\",$AH8=\"CL7HHD\",$AJ8=\"CL7to8\"),INDEX('ER C8 FLT1'!$A$4:$J$640,MATCH($E8&$C8,'ER C8 FLT1'!$A$4:$A$640&'ER C8 FLT1'!$B$4:$B$640-1,1),10),IF($H8=\"Class_7\",INDEX('ER C7 FLT1'!$A$4:$J$640,MATCH($E8&$C8,'ER C7 FLT1'!$A$4:$A$640&'ER C7 FLT1'!$B$4:$B$640-1,1),10),IF($H8=\"Class_6\",INDEX('ER C6 FLT1'!$A$4:$J$640,MATCH($E8&$C8,'ER C6 FLT1'!$A$4:$A$640&'ER C6 FLT1'!$B$4:$B$640-1,1),10)))))))","v":false},{"$f":"IF($B8=\"3+ Trucks\",IF(OR($H8=\"Class_8\",$N8=\"Replacement8HHD\",$AH8=\"CL7HHD\",$AJ8=\"CL7to8\"),INDEX('ER C8 FLT3'!$A$4:$J$640,MATCH($E8&$C8,'ER C8 FLT3'!$A$4:$A$640&'ER C8 FLT3'!$B$4:$B$640-2,1),10),IF($H8=\"Class_7\",INDEX('ER C7 FLT3'!$A$4:$J$640,MATCH($E8&$C8,'ER C7 FLT3'!$A$4:$A$640&'ER C7 FLT3'!$B$4:$B$640-2,1),10),IF($H8=\"Class_6\",INDEX('ER C6 FLT3'!$A$4:$J$640,MATCH($E8&$C8,'ER C6 FLT3'!$A$4:$A$640&'ER C6 FLT3'!$B$4:$B$640-2,1),10)))),IF($B8=\"2 Trucks\",IF(OR($H8=\"Class_8\",$N8=\"Replacement8HHD\",$AH8=\"CL7HHD\",$AJ8=\"CL7to8\"),INDEX('ER C8 FLT2'!$A$4:$J$640,MATCH($E8&$C8,'ER C8 FLT2'!$A$4:$A$640&'ER C8 FLT2'!$B$4:$B$640-2,1),10),IF($H8=\"Class_7\",INDEX('ER C7 FLT2'!$A$4:$J$640,MATCH($E8&$C8,'ER C7 FLT2'!$A$4:$A$640&'ER C7 FLT2'!$B$4:$B$640-2,1),10),IF($H8=\"Class_6\",INDEX('ER C6 FLT2'!$A$4:$J$640,MATCH($E8&$C8,'ER C6 FLT2'!$A$4:$A$640&'ER C6 FLT2'!$B$4:$B$640-2,1),10)))),IF($B8=\"1 Truck\",\nIF(OR($H8=\"Class_8\",$N8=\"Replacement8HHD\",$AH8=\"CL7HHD\",$AJ8=\"CL7to8\"),INDEX('ER C8 FLT1'!$A$4:$J$640,MATCH($E8&$C8,'ER C8 FLT1'!$A$4:$A$640&'ER C8 FLT1'!$B$4:$B$640-2,1),10),IF($H8=\"Class_7\",INDEX('ER C7 FLT1'!$A$4:$J$640,MATCH($E8&$C8,'ER C7 FLT1'!$A$4:$A$640&'ER C7 FLT1'!$B$4:$B$640-2,1),10),IF($H8=\"Class_6\",INDEX('ER C6 FLT1'!$A$4:$J$640,MATCH($E8&$C8,'ER C6 FLT1'!$A$4:$A$640&'ER C6 FLT1'!$B$4:$B$640-2,1),10)))))))","v":false},{"$f":"IF($B8=\"3+ Trucks\",IF(OR($H8=\"Class_8\",$N8=\"Replacement8HHD\",$AH8=\"CL7HHD\",$AJ8=\"CL7to8\"),INDEX('ER C8 FLT3'!$A$4:$J$640,MATCH($E8&$C8,'ER C8 FLT3'!$A$4:$A$640&'ER C8 FLT3'!$B$4:$B$640-3,1),10),IF($H8=\"Class_7\",INDEX('ER C7 FLT3'!$A$4:$J$640,MATCH($E8&$C8,'ER C7 FLT3'!$A$4:$A$640&'ER C7 FLT3'!$B$4:$B$640-3,1),10),IF($H8=\"Class_6\",INDEX('ER C6 FLT3'!$A$4:$J$640,MATCH($E8&$C8,'ER C6 FLT3'!$A$4:$A$640&'ER C6 FLT3'!$B$4:$B$640-3,1),10)))),IF($B8=\"2 Trucks\",IF(OR($H8=\"Class_8\",$N8=\"Replacement8HHD\",$AH8=\"CL7HHD\",$AJ8=\"CL7to8\"),INDEX('ER C8 FLT2'!$A$4:$J$640,MATCH($E8&$C8,'ER C8 FLT2'!$A$4:$A$640&'ER C8 FLT2'!$B$4:$B$640-3,1),10),IF($H8=\"Class_7\",INDEX('ER C7 FLT2'!$A$4:$J$640,MATCH($E8&$C8,'ER C7 FLT2'!$A$4:$A$640&'ER C7 FLT2'!$B$4:$B$640-3,1),10),IF($H8=\"Class_6\",INDEX('ER C6 FLT2'!$A$4:$J$640,MATCH($E8&$C8,'ER C6 FLT2'!$A$4:$A$640&'ER C6 FLT2'!$B$4:$B$640-3,1),10)))),IF($B8=\"1 Truck\",\nIF(OR($H8=\"Class_8\",$N8=\"Replacement8HHD\",$AH8=\"CL7HHD\",$AJ8=\"CL7to8\"),INDEX('ER C8 FLT1'!$A$4:$J$640,MATCH($E8&$C8,'ER C8 FLT1'!$A$4:$A$640&'ER C8 FLT1'!$B$4:$B$640-3,1),10),IF($H8=\"Class_7\",INDEX('ER C7 FLT1'!$A$4:$J$640,MATCH($E8&$C8,'ER C7 FLT1'!$A$4:$A$640&'ER C7 FLT1'!$B$4:$B$640-3,1),10),IF($H8=\"Class_6\",INDEX('ER C6 FLT1'!$A$4:$J$640,MATCH($E8&$C8,'ER C6 FLT1'!$A$4:$A$640&'ER C6 FLT1'!$B$4:$B$640-3,1),10)))))))","v":false},{"$f":"IF($B8=\"3+ Trucks\",IF(OR($H8=\"Class_8\",$N8=\"Replacement8HHD\",$AH8=\"CL7HHD\",$AJ8=\"CL7to8\"),INDEX('ER C8 FLT3'!$A$4:$J$640,MATCH($E8&$C8,'ER C8 FLT3'!$A$4:$A$640&'ER C8 FLT3'!$B$4:$B$640-4,1),10),IF($H8=\"Class_7\",INDEX('ER C7 FLT3'!$A$4:$J$640,MATCH($E8&$C8,'ER C7 FLT3'!$A$4:$A$640&'ER C7 FLT3'!$B$4:$B$640-4,1),10),IF($H8=\"Class_6\",INDEX('ER C6 FLT3'!$A$4:$J$640,MATCH($E8&$C8,'ER C6 FLT3'!$A$4:$A$640&'ER C6 FLT3'!$B$4:$B$640-4,1),10)))),IF($B8=\"2 Trucks\",IF(OR($H8=\"Class_8\",$N8=\"Replacement8HHD\",$AH8=\"CL7HHD\",$AJ8=\"CL7to8\"),INDEX('ER C8 FLT2'!$A$4:$J$640,MATCH($E8&$C8,'ER C8 FLT2'!$A$4:$A$640&'ER C8 FLT2'!$B$4:$B$640-4,1),10),IF($H8=\"Class_7\",INDEX('ER C7 FLT2'!$A$4:$J$640,MATCH($E8&$C8,'ER C7 FLT2'!$A$4:$A$640&'ER C7 FLT2'!$B$4:$B$640-4,1),10),IF($H8=\"Class_6\",INDEX('ER C6 FLT2'!$A$4:$J$640,MATCH($E8&$C8,'ER C6 FLT2'!$A$4:$A$640&'ER C6 FLT2'!$B$4:$B$640-4,1),10)))),IF($B8=\"1 Truck\",\nIF(OR($H8=\"Class_8\",$N8=\"Replacement8HHD\",$AH8=\"CL7HHD\",$AJ8=\"CL7to8\"),INDEX('ER C8 FLT1'!$A$4:$J$640,MATCH($E8&$C8,'ER C8 FLT1'!$A$4:$A$640&'ER C8 FLT1'!$B$4:$B$640-4,1),10),IF($H8=\"Class_7\",INDEX('ER C7 FLT1'!$A$4:$J$640,MATCH($E8&$C8,'ER C7 FLT1'!$A$4:$A$640&'ER C7 FLT1'!$B$4:$B$640-4,1),10),IF($H8=\"Class_6\",INDEX('ER C6 FLT1'!$A$4:$J$640,MATCH($E8&$C8,'ER C6 FLT1'!$A$4:$A$640&'ER C6 FLT1'!$B$4:$B$640-4,1),10)))))))","v":false},{"$f":"IF(OR($R8=\"Diesel\",$R8=\"LNG/CNG\",$R8=\"Hybrid\",$R8=\"Electric w/ AB-118\"),IF($B8=\"3+ Trucks\",IF(OR($O8=\"Class_8\",$N8=\"Replacement8HHD\",$AI8=\"CL7HHD\"),INDEX('ER C8 FLT3'!$A$4:$J$640,MATCH(DropData!$J48&$C8,'ER C8 FLT3'!$A$4:$A$640&'ER C8 FLT3'!$B$4:$B$640,1),10),IF($O8=\"Class_7\",INDEX('ER C7 FLT3'!$A$4:$J$640,MATCH(DropData!$J48&$C8,'ER C7 FLT3'!$A$4:$A$640&'ER C7 FLT3'!$B$4:$B$640,1),10),IF($O8=\"Class_6\",INDEX('ER C6 FLT3'!$A$4:$J$640,MATCH(DropData!$J48&$C8,'ER C6 FLT3'!$A$4:$A$640&'ER C6 FLT3'!$B$4:$B$640,1),10)))),IF($B8=\"2 Trucks\",IF(OR($O8=\"Class_8\",$N8=\"Replacement8HHD\",$AI8=\"CL7HHD\"),INDEX('ER C8 FLT2'!$A$4:$J$640,MATCH(DropData!$J48&$C8,'ER C8 FLT2'!$A$4:$A$640&'ER C8 FLT2'!$B$4:$B$640,1),10),IF($O8=\"Class_7\",INDEX('ER C7 FLT2'!$A$4:$J$640,MATCH(DropData!$J48&$C8,'ER C7 FLT2'!$A$4:$A$640&'ER C7 FLT2'!$B$4:$B$640,1),10),IF($O8=\"Class_6\",INDEX('ER C6 FLT2'!$A$4:$J$640,MATCH(DropData!$J48&$C8,'ER C6 FLT2'!$A$4:$A$640&'ER C6 FLT2'!$B$4:$B$640,1),10)))),IF($B8=\"1 Truck\",IF(OR($O8=\"Class_8\",$N8=\"Replacement8HHD\",$AI8=\"CL7HHD\"),INDEX('ER C8 FLT1'!$A$4:$J$640,MATCH(DropData!$J48&$C8,'ER C8 FLT1'!$A$4:$A$640&'ER C8 FLT1'!$B$4:$B$640,1),10),IF($O8=\"Class_7\",INDEX('ER C7 FLT1'!$A$4:$J$640,MATCH(DropData!$J48&$C8,'ER C7 FLT1'!$A$4:$A$640&'ER C7 FLT1'!$B$4:$B$640,1),10),IF($O8=\"Class_6\",INDEX('ER C6 FLT1'!$A$4:$J$640,MATCH(DropData!$J48&$C8,'ER C6 FLT1'!$A$4:$A$640&'ER C6 FLT1'!$B$4:$B$640,1),10))))))),IF($R8=\"Electric\",INDEX('ER Electric'!$A$6:$E$44,MATCH($C8&$O8,'ER Electric'!$A$6:$A$44&'ER Electric'!$B$6:$B$44,1),5)))*(($Q8+$AC8)/453.6)","v":0},{"$f":"IF(OR($R8=\"Diesel\",$R8=\"LNG/CNG\",$R8=\"Hybrid\",$R8=\"Electric w/ AB-118\"),IF($B8=\"3+ Trucks\",IF(OR($O8=\"Class_8\",$N8=\"Replacement8HHD\",$AI8=\"CL7HHD\"),INDEX('ER C8 FLT3'!$A$4:$J$640,MATCH(DropData!$J48&$C8,'ER C8 FLT3'!$A$4:$A$640&'ER C8 FLT3'!$B$4:$B$640-1,1),10),IF($O8=\"Class_7\",INDEX('ER C7 FLT3'!$A$4:$J$640,MATCH(DropData!$J48&$C8,'ER C7 FLT3'!$A$4:$A$640&'ER C7 FLT3'!$B$4:$B$640-1,1),10),IF($O8=\"Class_6\",INDEX('ER C6 FLT3'!$A$4:$J$640,MATCH(DropData!$J48&$C8,'ER C6 FLT3'!$A$4:$A$640&'ER C6 FLT3'!$B$4:$B$640-1,1),10)))),IF($B8=\"2 Trucks\",IF(OR($O8=\"Class_8\",$N8=\"Replacement8HHD\",$AI8=\"CL7HHD\"),INDEX('ER C8 FLT2'!$A$4:$J$640,MATCH(DropData!$J48&$C8,'ER C8 FLT2'!$A$4:$A$640&'ER C8 FLT2'!$B$4:$B$640-1,1),10),IF($O8=\"Class_7\",INDEX('ER C7 FLT2'!$A$4:$J$640,MATCH(DropData!$J48&$C8,'ER C7 FLT2'!$A$4:$A$640&'ER C7 FLT2'!$B$4:$B$640-1,1),10),IF($O8=\"Class_6\",INDEX('ER C6 FLT2'!$A$4:$J$640,MATCH(DropData!$J48&$C8,'ER C6 FLT2'!$A$4:$A$640&'ER C6 FLT2'!$B$4:$B$640-1,1),10)))),IF($B8=\"1 Truck\",IF(OR($O8=\"Class_8\",$N8=\"Replacement8HHD\",$AI8=\"CL7HHD\"),INDEX('ER C8 FLT1'!$A$4:$J$640,MATCH(DropData!$J48&$C8,'ER C8 FLT1'!$A$4:$A$640&'ER C8 FLT1'!$B$4:$B$640-1,1),10),IF($O8=\"Class_7\",INDEX('ER C7 FLT1'!$A$4:$J$640,MATCH(DropData!$J48&$C8,'ER C7 FLT1'!$A$4:$A$640&'ER C7 FLT1'!$B$4:$B$640-1,1),10),IF($O8=\"Class_6\",INDEX('ER C6 FLT1'!$A$4:$J$640,MATCH(DropData!$J48&$C8,'ER C6 FLT1'!$A$4:$A$640&'ER C6 FLT1'!$B$4:$B$640-1,1),10))))))),IF($R8=\"Electric\",OFFSET(INDEX('ER Electric'!$A$6:$E$44,MATCH($C8&$O8,'ER Electric'!$A$6:$A$44&'ER Electric'!$B$6:$B$44,1),5),3,0)))*(($Q8+$AC8)/453.6)","v":0},{"$f":"IF(OR($R8=\"Diesel\",$R8=\"LNG/CNG\",$R8=\"Hybrid\",$R8=\"Electric w/ AB-118\"),IF($B8=\"3+ Trucks\",IF(OR($O8=\"Class_8\",$N8=\"Replacement8HHD\",$AI8=\"CL7HHD\"),INDEX('ER C8 FLT3'!$A$4:$J$640,MATCH(DropData!$J48&$C8,'ER C8 FLT3'!$A$4:$A$640&'ER C8 FLT3'!$B$4:$B$640-2,1),10),IF($O8=\"Class_7\",INDEX('ER C7 FLT3'!$A$4:$J$640,MATCH(DropData!$J48&$C8,'ER C7 FLT3'!$A$4:$A$640&'ER C7 FLT3'!$B$4:$B$640-2,1),10),IF($O8=\"Class_6\",INDEX('ER C6 FLT3'!$A$4:$J$640,MATCH(DropData!$J48&$C8,'ER C6 FLT3'!$A$4:$A$640&'ER C6 FLT3'!$B$4:$B$640-2,1),10)))),IF($B8=\"2 Trucks\",IF(OR($O8=\"Class_8\",$N8=\"Replacement8HHD\",$AI8=\"CL7HHD\"),INDEX('ER C8 FLT2'!$A$4:$J$640,MATCH(DropData!$J48&$C8,'ER C8 FLT2'!$A$4:$A$640&'ER C8 FLT2'!$B$4:$B$640-2,1),10),IF($O8=\"Class_7\",INDEX('ER C7 FLT2'!$A$4:$J$640,MATCH(DropData!$J48&$C8,'ER C7 FLT2'!$A$4:$A$640&'ER C7 FLT2'!$B$4:$B$640-2,1),10),IF($O8=\"Class_6\",INDEX('ER C6 FLT2'!$A$4:$J$640,MATCH(DropData!$J48&$C8,'ER C6 FLT2'!$A$4:$A$640&'ER C6 FLT2'!$B$4:$B$640-2,1),10)))),IF($B8=\"1 Truck\",IF(OR($O8=\"Class_8\",$N8=\"Replacement8HHD\",$AI8=\"CL7HHD\"),INDEX('ER C8 FLT1'!$A$4:$J$640,MATCH(DropData!$J48&$C8,'ER C8 FLT1'!$A$4:$A$640&'ER C8 FLT1'!$B$4:$B$640-2,1),10),IF($O8=\"Class_7\",INDEX('ER C7 FLT1'!$A$4:$J$640,MATCH(DropData!$J48&$C8,'ER C7 FLT1'!$A$4:$A$640&'ER C7 FLT1'!$B$4:$B$640-2,1),10),IF($O8=\"Class_6\",INDEX('ER C6 FLT1'!$A$4:$J$640,MATCH(DropData!$J48&$C8,'ER C6 FLT1'!$A$4:$A$640&'ER C6 FLT1'!$B$4:$B$640-2,1),10))))))),IF($R8=\"Electric\",OFFSET(INDEX('ER Electric'!$A$6:$E$44,MATCH($C8&$O8,'ER Electric'!$A$6:$A$44&'ER Electric'!$B$6:$B$44,1),5),6,0)))*(($Q8+$AC8)/453.6)","v":0},{"$f":"IF(OR($R8=\"Diesel\",$R8=\"LNG/CNG\",$R8=\"Hybrid\",$R8=\"Electric w/ AB-118\"),IF($B8=\"3+ Trucks\",IF(OR($O8=\"Class_8\",$N8=\"Replacement8HHD\",$AI8=\"CL7HHD\"),INDEX('ER C8 FLT3'!$A$4:$J$640,MATCH(DropData!$J48&$C8,'ER C8 FLT3'!$A$4:$A$640&'ER C8 FLT3'!$B$4:$B$640-3,1),10),IF($O8=\"Class_7\",INDEX('ER C7 FLT3'!$A$4:$J$640,MATCH(DropData!$J48&$C8,'ER C7 FLT3'!$A$4:$A$640&'ER C7 FLT3'!$B$4:$B$640-3,1),10),IF($O8=\"Class_6\",INDEX('ER C6 FLT3'!$A$4:$J$640,MATCH(DropData!$J48&$C8,'ER C6 FLT3'!$A$4:$A$640&'ER C6 FLT3'!$B$4:$B$640-3,1),10)))),IF($B8=\"2 Trucks\",IF(OR($O8=\"Class_8\",$N8=\"Replacement8HHD\",$AI8=\"CL7HHD\"),INDEX('ER C8 FLT2'!$A$4:$J$640,MATCH(DropData!$J48&$C8,'ER C8 FLT2'!$A$4:$A$640&'ER C8 FLT2'!$B$4:$B$640-3,1),10),IF($O8=\"Class_7\",INDEX('ER C7 FLT2'!$A$4:$J$640,MATCH(DropData!$J48&$C8,'ER C7 FLT2'!$A$4:$A$640&'ER C7 FLT2'!$B$4:$B$640-3,1),10),IF($O8=\"Class_6\",INDEX('ER C6 FLT2'!$A$4:$J$640,MATCH(DropData!$J48&$C8,'ER C6 FLT2'!$A$4:$A$640&'ER C6 FLT2'!$B$4:$B$640-3,1),10)))),IF($B8=\"1 Truck\",IF(OR($O8=\"Class_8\",$N8=\"Replacement8HHD\",$AI8=\"CL7HHD\"),INDEX('ER C8 FLT1'!$A$4:$J$640,MATCH(DropData!$J48&$C8,'ER C8 FLT1'!$A$4:$A$640&'ER C8 FLT1'!$B$4:$B$640-3,1),10),IF($O8=\"Class_7\",INDEX('ER C7 FLT1'!$A$4:$J$640,MATCH(DropData!$J48&$C8,'ER C7 FLT1'!$A$4:$A$640&'ER C7 FLT1'!$B$4:$B$640-3,1),10),IF($O8=\"Class_6\",INDEX('ER C6 FLT1'!$A$4:$J$640,MATCH(DropData!$J48&$C8,'ER C6 FLT1'!$A$4:$A$640&'ER C6 FLT1'!$B$4:$B$640-3,1),10))))))),IF($R8=\"Electric\",OFFSET(INDEX('ER Electric'!$A$6:$E$44,MATCH($C8&$O8,'ER Electric'!$A$6:$A$44&'ER Electric'!$B$6:$B$44,1),5),9,0)))*(($Q8+$AC8)/453.6)","v":0},{"$f":"IF(OR($R8=\"Diesel\",$R8=\"LNG/CNG\",$R8=\"Hybrid\",$R8=\"Electric w/ AB-118\"),IF($B8=\"3+ Trucks\",IF(OR($O8=\"Class_8\",$N8=\"Replacement8HHD\",$AI8=\"CL7HHD\"),INDEX('ER C8 FLT3'!$A$4:$J$640,MATCH(DropData!$J48&$C8,'ER C8 FLT3'!$A$4:$A$640&'ER C8 FLT3'!$B$4:$B$640-4,1),10),IF($O8=\"Class_7\",INDEX('ER C7 FLT3'!$A$4:$J$640,MATCH(DropData!$J48&$C8,'ER C7 FLT3'!$A$4:$A$640&'ER C7 FLT3'!$B$4:$B$640-4,1),10),IF($O8=\"Class_6\",INDEX('ER C6 FLT3'!$A$4:$J$640,MATCH(DropData!$J48&$C8,'ER C6 FLT3'!$A$4:$A$640&'ER C6 FLT3'!$B$4:$B$640-4,1),10)))),IF($B8=\"2 Trucks\",IF(OR($O8=\"Class_8\",$N8=\"Replacement8HHD\",$AI8=\"CL7HHD\"),INDEX('ER C8 FLT2'!$A$4:$J$640,MATCH(DropData!$J48&$C8,'ER C8 FLT2'!$A$4:$A$640&'ER C8 FLT2'!$B$4:$B$640-4,1),10),IF($O8=\"Class_7\",INDEX('ER C7 FLT2'!$A$4:$J$640,MATCH(DropData!$J48&$C8,'ER C7 FLT2'!$A$4:$A$640&'ER C7 FLT2'!$B$4:$B$640-4,1),10),IF($O8=\"Class_6\",INDEX('ER C6 FLT2'!$A$4:$J$640,MATCH(DropData!$J48&$C8,'ER C6 FLT2'!$A$4:$A$640&'ER C6 FLT2'!$B$4:$B$640-4,1),10)))),IF($B8=\"1 Truck\",IF(OR($O8=\"Class_8\",$N8=\"Replacement8HHD\",$AI8=\"CL7HHD\"),INDEX('ER C8 FLT1'!$A$4:$J$640,MATCH(DropData!$J48&$C8,'ER C8 FLT1'!$A$4:$A$640&'ER C8 FLT1'!$B$4:$B$640-4,1),10),IF($O8=\"Class_7\",INDEX('ER C7 FLT1'!$A$4:$J$640,MATCH(DropData!$J48&$C8,'ER C7 FLT1'!$A$4:$A$640&'ER C7 FLT1'!$B$4:$B$640-4,1),10),IF($O8=\"Class_6\",INDEX('ER C6 FLT1'!$A$4:$J$640,MATCH(DropData!$J48&$C8,'ER C6 FLT1'!$A$4:$A$640&'ER C6 FLT1'!$B$4:$B$640-4,1),10))))))),IF($R8=\"Electric\",OFFSET(INDEX('ER Electric'!$A$6:$E$44,MATCH($C8&$O8,'ER Electric'!$A$6:$A$44&'ER Electric'!$B$6:$B$44,1),5),12,0)))*(($Q8+$AC8)/453.6)","v":0},{"$f":"IF(OR($R8=\"Diesel\",$R8=\"LNG/CNG\",$R8=\"Hybrid\",$R8=\"Electric w/ AB-118\"),IF($B8=\"3+ Trucks\",IF(OR($O8=\"Class_8\",$N8=\"Replacement8HHD\",$AI8=\"CL7HHD\"),INDEX('ER C8 FLT3'!$A$4:$J$640,MATCH(DropData!$J48&$C8,'ER C8 FLT3'!$A$4:$A$640&'ER C8 FLT3'!$B$4:$B$640,1),10),IF($O8=\"Class_7\",INDEX('ER C7 FLT3'!$A$4:$J$640,MATCH(DropData!$J48&$C8,'ER C7 FLT3'!$A$4:$A$640&'ER C7 FLT3'!$B$4:$B$640,1),10),IF($O8=\"Class_6\",INDEX('ER C6 FLT3'!$A$4:$J$640,MATCH(DropData!$J48&$C8,'ER C6 FLT3'!$A$4:$A$640&'ER C6 FLT3'!$B$4:$B$640,1),10)))),IF($B8=\"2 Trucks\",IF(OR($O8=\"Class_8\",$N8=\"Replacement8HHD\",$AI8=\"CL7HHD\"),INDEX('ER C8 FLT2'!$A$4:$J$640,MATCH(DropData!$J48&$C8,'ER C8 FLT2'!$A$4:$A$640&'ER C8 FLT2'!$B$4:$B$640,1),10),IF($O8=\"Class_7\",INDEX('ER C7 FLT2'!$A$4:$J$640,MATCH(DropData!$J48&$C8,'ER C7 FLT2'!$A$4:$A$640&'ER C7 FLT2'!$B$4:$B$640,1),10),IF($O8=\"Class_6\",INDEX('ER C6 FLT2'!$A$4:$J$640,MATCH(DropData!$J48&$C8,'ER C6 FLT2'!$A$4:$A$640&'ER C6 FLT2'!$B$4:$B$640,1),10)))),IF($B8=\"1 Truck\",IF(OR($O8=\"Class_8\",$N8=\"Replacement8HHD\",$AI8=\"CL7HHD\"),INDEX('ER C8 FLT1'!$A$4:$J$640,MATCH(DropData!$J48&$C8,'ER C8 FLT1'!$A$4:$A$640&'ER C8 FLT1'!$B$4:$B$640,1),10),IF($O8=\"Class_7\",INDEX('ER C7 FLT1'!$A$4:$J$640,MATCH(DropData!$J48&$C8,'ER C7 FLT1'!$A$4:$A$640&'ER C7 FLT1'!$B$4:$B$640,1),10),IF($O8=\"Class_6\",INDEX('ER C6 FLT1'!$A$4:$J$640,MATCH(DropData!$J48&$C8,'ER C6 FLT1'!$A$4:$A$640&'ER C6 FLT1'!$B$4:$B$640,1),10))))))),IF($R8=\"Electric\",INDEX('ER Electric'!$A$6:$E$44,MATCH($C8&$O8,'ER Electric'!$A$6:$A$44&'ER Electric'!$B$6:$B$44,1),5)))","v":false},{"$f":"IF(OR($R8=\"Diesel\",$R8=\"LNG/CNG\",$R8=\"Hybrid\",$R8=\"Electric w/ AB-118\"),IF($B8=\"3+ Trucks\",IF(OR($O8=\"Class_8\",$N8=\"Replacement8HHD\",$AI8=\"CL7HHD\"),INDEX('ER C8 FLT3'!$A$4:$J$640,MATCH(DropData!$J48&$C8,'ER C8 FLT3'!$A$4:$A$640&'ER C8 FLT3'!$B$4:$B$640-1,1),10),IF($O8=\"Class_7\",INDEX('ER C7 FLT3'!$A$4:$J$640,MATCH(DropData!$J48&$C8,'ER C7 FLT3'!$A$4:$A$640&'ER C7 FLT3'!$B$4:$B$640-1,1),10),IF($O8=\"Class_6\",INDEX('ER C6 FLT3'!$A$4:$J$640,MATCH(DropData!$J48&$C8,'ER C6 FLT3'!$A$4:$A$640&'ER C6 FLT3'!$B$4:$B$640-1,1),10)))),IF($B8=\"2 Trucks\",IF(OR($O8=\"Class_8\",$N8=\"Replacement8HHD\",$AI8=\"CL7HHD\"),INDEX('ER C8 FLT2'!$A$4:$J$640,MATCH(DropData!$J48&$C8,'ER C8 FLT2'!$A$4:$A$640&'ER C8 FLT2'!$B$4:$B$640-1,1),10),IF($O8=\"Class_7\",INDEX('ER C7 FLT2'!$A$4:$J$640,MATCH(DropData!$J48&$C8,'ER C7 FLT2'!$A$4:$A$640&'ER C7 FLT2'!$B$4:$B$640-1,1),10),IF($O8=\"Class_6\",INDEX('ER C6 FLT2'!$A$4:$J$640,MATCH(DropData!$J48&$C8,'ER C6 FLT2'!$A$4:$A$640&'ER C6 FLT2'!$B$4:$B$640-1,1),10)))),IF($B8=\"1 Truck\",IF(OR($O8=\"Class_8\",$N8=\"Replacement8HHD\",$AI8=\"CL7HHD\"),INDEX('ER C8 FLT1'!$A$4:$J$640,MATCH(DropData!$J48&$C8,'ER C8 FLT1'!$A$4:$A$640&'ER C8 FLT1'!$B$4:$B$640-1,1),10),IF($O8=\"Class_7\",INDEX('ER C7 FLT1'!$A$4:$J$640,MATCH(DropData!$J48&$C8,'ER C7 FLT1'!$A$4:$A$640&'ER C7 FLT1'!$B$4:$B$640-1,1),10),IF($O8=\"Class_6\",INDEX('ER C6 FLT1'!$A$4:$J$640,MATCH(DropData!$J48&$C8,'ER C6 FLT1'!$A$4:$A$640&'ER C6 FLT1'!$B$4:$B$640-1,1),10))))))),IF($R8=\"Electric\",OFFSET(INDEX('ER Electric'!$A$6:$E$44,MATCH($C8&$O8,'ER Electric'!$A$6:$A$44&'ER Electric'!$B$6:$B$44,1),5),3,0)))","v":false},{"$f":"IF(OR($R8=\"Diesel\",$R8=\"LNG/CNG\",$R8=\"Hybrid\",$R8=\"Electric w/ AB-118\"),IF($B8=\"3+ Trucks\",IF(OR($O8=\"Class_8\",$N8=\"Replacement8HHD\",$AI8=\"CL7HHD\"),INDEX('ER C8 FLT3'!$A$4:$J$640,MATCH(DropData!$J48&$C8,'ER C8 FLT3'!$A$4:$A$640&'ER C8 FLT3'!$B$4:$B$640-2,1),10),IF($O8=\"Class_7\",INDEX('ER C7 FLT3'!$A$4:$J$640,MATCH(DropData!$J48&$C8,'ER C7 FLT3'!$A$4:$A$640&'ER C7 FLT3'!$B$4:$B$640-2,1),10),IF($O8=\"Class_6\",INDEX('ER C6 FLT3'!$A$4:$J$640,MATCH(DropData!$J48&$C8,'ER C6 FLT3'!$A$4:$A$640&'ER C6 FLT3'!$B$4:$B$640-2,1),10)))),IF($B8=\"2 Trucks\",IF(OR($O8=\"Class_8\",$N8=\"Replacement8HHD\",$AI8=\"CL7HHD\"),INDEX('ER C8 FLT2'!$A$4:$J$640,MATCH(DropData!$J48&$C8,'ER C8 FLT2'!$A$4:$A$640&'ER C8 FLT2'!$B$4:$B$640-2,1),10),IF($O8=\"Class_7\",INDEX('ER C7 FLT2'!$A$4:$J$640,MATCH(DropData!$J48&$C8,'ER C7 FLT2'!$A$4:$A$640&'ER C7 FLT2'!$B$4:$B$640-2,1),10),IF($O8=\"Class_6\",INDEX('ER C6 FLT2'!$A$4:$J$640,MATCH(DropData!$J48&$C8,'ER C6 FLT2'!$A$4:$A$640&'ER C6 FLT2'!$B$4:$B$640-2,1),10)))),IF($B8=\"1 Truck\",IF(OR($O8=\"Class_8\",$N8=\"Replacement8HHD\",$AI8=\"CL7HHD\"),INDEX('ER C8 FLT1'!$A$4:$J$640,MATCH(DropData!$J48&$C8,'ER C8 FLT1'!$A$4:$A$640&'ER C8 FLT1'!$B$4:$B$640-2,1),10),IF($O8=\"Class_7\",INDEX('ER C7 FLT1'!$A$4:$J$640,MATCH(DropData!$J48&$C8,'ER C7 FLT1'!$A$4:$A$640&'ER C7 FLT1'!$B$4:$B$640-2,1),10),IF($O8=\"Class_6\",INDEX('ER C6 FLT1'!$A$4:$J$640,MATCH(DropData!$J48&$C8,'ER C6 FLT1'!$A$4:$A$640&'ER C6 FLT1'!$B$4:$B$640-2,1),10))))))),IF($R8=\"Electric\",OFFSET(INDEX('ER Electric'!$A$6:$E$44,MATCH($C8&$O8,'ER Electric'!$A$6:$A$44&'ER Electric'!$B$6:$B$44,1),5),6,0)))","v":false},{"$f":"IF(OR($R8=\"Diesel\",$R8=\"LNG/CNG\",$R8=\"Hybrid\",$R8=\"Electric w/ AB-118\"),IF($B8=\"3+ Trucks\",IF(OR($O8=\"Class_8\",$N8=\"Replacement8HHD\",$AI8=\"CL7HHD\"),INDEX('ER C8 FLT3'!$A$4:$J$640,MATCH(DropData!$J48&$C8,'ER C8 FLT3'!$A$4:$A$640&'ER C8 FLT3'!$B$4:$B$640-3,1),10),IF($O8=\"Class_7\",INDEX('ER C7 FLT3'!$A$4:$J$640,MATCH(DropData!$J48&$C8,'ER C7 FLT3'!$A$4:$A$640&'ER C7 FLT3'!$B$4:$B$640-3,1),10),IF($O8=\"Class_6\",INDEX('ER C6 FLT3'!$A$4:$J$640,MATCH(DropData!$J48&$C8,'ER C6 FLT3'!$A$4:$A$640&'ER C6 FLT3'!$B$4:$B$640-3,1),10)))),IF($B8=\"2 Trucks\",IF(OR($O8=\"Class_8\",$N8=\"Replacement8HHD\",$AI8=\"CL7HHD\"),INDEX('ER C8 FLT2'!$A$4:$J$640,MATCH(DropData!$J48&$C8,'ER C8 FLT2'!$A$4:$A$640&'ER C8 FLT2'!$B$4:$B$640-3,1),10),IF($O8=\"Class_7\",INDEX('ER C7 FLT2'!$A$4:$J$640,MATCH(DropData!$J48&$C8,'ER C7 FLT2'!$A$4:$A$640&'ER C7 FLT2'!$B$4:$B$640-3,1),10),IF($O8=\"Class_6\",INDEX('ER C6 FLT2'!$A$4:$J$640,MATCH(DropData!$J48&$C8,'ER C6 FLT2'!$A$4:$A$640&'ER C6 FLT2'!$B$4:$B$640-3,1),10)))),IF($B8=\"1 Truck\",IF(OR($O8=\"Class_8\",$N8=\"Replacement8HHD\",$AI8=\"CL7HHD\"),INDEX('ER C8 FLT1'!$A$4:$J$640,MATCH(DropData!$J48&$C8,'ER C8 FLT1'!$A$4:$A$640&'ER C8 FLT1'!$B$4:$B$640-3,1),10),IF($O8=\"Class_7\",INDEX('ER C7 FLT1'!$A$4:$J$640,MATCH(DropData!$J48&$C8,'ER C7 FLT1'!$A$4:$A$640&'ER C7 FLT1'!$B$4:$B$640-3,1),10),IF($O8=\"Class_6\",INDEX('ER C6 FLT1'!$A$4:$J$640,MATCH(DropData!$J48&$C8,'ER C6 FLT1'!$A$4:$A$640&'ER C6 FLT1'!$B$4:$B$640-3,1),10))))))),IF($R8=\"Electric\",OFFSET(INDEX('ER Electric'!$A$6:$E$44,MATCH($C8&$O8,'ER Electric'!$A$6:$A$44&'ER Electric'!$B$6:$B$44,1),5),9,0)))","v":false},{"$f":"IF(OR($R8=\"Diesel\",$R8=\"LNG/CNG\",$R8=\"Hybrid\",$R8=\"Electric w/ AB-118\"),IF($B8=\"3+ Trucks\",IF(OR($O8=\"Class_8\",$N8=\"Replacement8HHD\",$AI8=\"CL7HHD\"),INDEX('ER C8 FLT3'!$A$4:$J$640,MATCH(DropData!$J48&$C8,'ER C8 FLT3'!$A$4:$A$640&'ER C8 FLT3'!$B$4:$B$640-4,1),10),IF($O8=\"Class_7\",INDEX('ER C7 FLT3'!$A$4:$J$640,MATCH(DropData!$J48&$C8,'ER C7 FLT3'!$A$4:$A$640&'ER C7 FLT3'!$B$4:$B$640-4,1),10),IF($O8=\"Class_6\",INDEX('ER C6 FLT3'!$A$4:$J$640,MATCH(DropData!$J48&$C8,'ER C6 FLT3'!$A$4:$A$640&'ER C6 FLT3'!$B$4:$B$640-4,1),10)))),IF($B8=\"2 Trucks\",IF(OR($O8=\"Class_8\",$N8=\"Replacement8HHD\",$AI8=\"CL7HHD\"),INDEX('ER C8 FLT2'!$A$4:$J$640,MATCH(DropData!$J48&$C8,'ER C8 FLT2'!$A$4:$A$640&'ER C8 FLT2'!$B$4:$B$640-4,1),10),IF($O8=\"Class_7\",INDEX('ER C7 FLT2'!$A$4:$J$640,MATCH(DropData!$J48&$C8,'ER C7 FLT2'!$A$4:$A$640&'ER C7 FLT2'!$B$4:$B$640-4,1),10),IF($O8=\"Class_6\",INDEX('ER C6 FLT2'!$A$4:$J$640,MATCH(DropData!$J48&$C8,'ER C6 FLT2'!$A$4:$A$640&'ER C6 FLT2'!$B$4:$B$640-4,1),10)))),IF($B8=\"1 Truck\",IF(OR($O8=\"Class_8\",$N8=\"Replacement8HHD\",$AI8=\"CL7HHD\"),INDEX('ER C8 FLT1'!$A$4:$J$640,MATCH(DropData!$J48&$C8,'ER C8 FLT1'!$A$4:$A$640&'ER C8 FLT1'!$B$4:$B$640-4,1),10),IF($O8=\"Class_7\",INDEX('ER C7 FLT1'!$A$4:$J$640,MATCH(DropData!$J48&$C8,'ER C7 FLT1'!$A$4:$A$640&'ER C7 FLT1'!$B$4:$B$640-4,1),10),IF($O8=\"Class_6\",INDEX('ER C6 FLT1'!$A$4:$J$640,MATCH(DropData!$J48&$C8,'ER C6 FLT1'!$A$4:$A$640&'ER C6 FLT1'!$B$4:$B$640-4,1),10))))))),IF($R8=\"Electric\",OFFSET(INDEX('ER Electric'!$A$6:$E$44,MATCH($C8&$O8,'ER Electric'!$A$6:$A$44&'ER Electric'!$B$6:$B$44,1),5),12,0)))","v":false},0,{"$f":"IF($B8=\"3+ Trucks\",IF($Z8=\"Class_8\",INDEX('ER C8 FLT3'!$A$4:$J$640,MATCH($W8&$C8,'ER C8 FLT3'!$A$4:$A$640&'ER C8 FLT3'!$B$4:$B$640,1),10),IF($Z8=\"Class_7\",INDEX('ER C7 FLT3'!$A$4:$J$640,MATCH($W8&$C8,'ER C7 FLT3'!$A$4:$A$640&'ER C7 FLT3'!$B$4:$B$640,1),10),IF($Z8=\"Class_6\",INDEX('ER C6 FLT3'!$A$4:$J$640,MATCH($W8&$C8,'ER C6 FLT3'!$A$4:$A$640&'ER C6 FLT3'!$B$4:$B$640,1),10)))),IF($B8=\"2 Trucks\",IF($Z8=\"Class_8\",INDEX('ER C8 FLT2'!$A$4:$J$640,MATCH($W8&$C8,'ER C8 FLT2'!$A$4:$A$640&'ER C8 FLT2'!$B$4:$B$640,1),10),IF($Z8=\"Class_7\",INDEX('ER C7 FLT2'!$A$4:$J$640,MATCH($W8&$C8,'ER C7 FLT2'!$A$4:$A$640&'ER C7 FLT2'!$B$4:$B$640,1),10),IF($Z8=\"Class_6\",INDEX('ER C6 FLT2'!$A$4:$J$640,MATCH($W8&$C8,'ER C6 FLT2'!$A$4:$A$640&'ER C6 FLT2'!$B$4:$B$640,1),10)))),IF($B8=\"1 Truck\",IF($Z8=\"Class_8\",INDEX('ER C8 FLT1'!$A$4:$J$640,MATCH($W8&$C8,'ER C8 FLT1'!$A$4:$A$640&'ER C8 FLT1'!$B$4:$B$640,1),10),IF($Z8=\"Class_7\",INDEX('ER C7 FLT1'!$A$4:$J$640,MATCH($W8&$C8,'ER C7 FLT1'!$A$4:$A$640&'ER C7 FLT1'!$B$4:$B$640,1),10)*IF($Z8=\"Class_7\",INDEX('ER C7 FLT1'!$A$4:$J$640,MATCH($W8&$C8,'ER C7 FLT1'!$A$4:$A$640&'ER C7 FLT1'!$B$4:$B$640,1),10)),IF($Z8=\"Class_6\",INDEX('ER C6 FLT1'!$A$4:$J$640,MATCH($W8&$C8,'ER C6 FLT1'!$A$4:$A$640&'ER C6 FLT1'!$B$4:$B$640,1),10)*IF($Z8=\"Class_6\",INDEX('ER C6 FLT1'!$A$4:$J$640,MATCH($W8&$C8,'ER C6 FLT1'!$A$4:$A$640&'ER C6 FLT1'!$B$4:$B$640,1),10))))))))*($AC8/453.6)","v":0},{"$f":"(EF8+EG8)/2","v":0},0,{"$f":"IF($B8=\"3+ Trucks\",IF($Z8=\"Class_8\",INDEX('ER C8 FLT3'!$A$4:$J$640,MATCH($W8&$C8,'ER C8 FLT3'!$A$4:$A$640&'ER C8 FLT3'!$B$4:$B$640-1,1),10),IF($Z8=\"Class_7\",INDEX('ER C7 FLT3'!$A$4:$J$640,MATCH($W8&$C8,'ER C7 FLT3'!$A$4:$A$640&'ER C7 FLT3'!$B$4:$B$640-1,1),10),IF($Z8=\"Class_6\",INDEX('ER C6 FLT3'!$A$4:$J$640,MATCH($W8&$C8,'ER C6 FLT3'!$A$4:$A$640&'ER C6 FLT3'!$B$4:$B$640-1,1),10)))),IF($B8=\"2 Trucks\",IF($Z8=\"Class_8\",INDEX('ER C8 FLT2'!$A$4:$J$640,MATCH($W8&$C8,'ER C8 FLT2'!$A$4:$A$640&'ER C8 FLT2'!$B$4:$B$640-1,1),10),IF($Z8=\"Class_7\",INDEX('ER C7 FLT2'!$A$4:$J$640,MATCH($W8&$C8,'ER C7 FLT2'!$A$4:$A$640&'ER C7 FLT2'!$B$4:$B$640-1,1),10),IF($Z8=\"Class_6\",INDEX('ER C6 FLT2'!$A$4:$J$640,MATCH($W8&$C8,'ER C6 FLT2'!$A$4:$A$640&'ER C6 FLT2'!$B$4:$B$640-1,1),10)))),IF($B8=\"1 Truck\",IF($Z8=\"Class_8\",INDEX('ER C8 FLT1'!$A$4:$J$640,MATCH($W8&$C8,'ER C8 FLT1'!$A$4:$A$640&'ER C8 FLT1'!$B$4:$B$640-1,1),10),IF($Z8=\"Class_7\",INDEX('ER C7 FLT1'!$A$4:$J$640,MATCH($W8&$C8,'ER C7 FLT1'!$A$4:$A$640&'ER C7 FLT1'!$B$4:$B$640-1,1),10)*IF($Z8=\"Class_7\",INDEX('ER C7 FLT1'!$A$4:$J$640,MATCH($W8&$C8,'ER C7 FLT1'!$A$4:$A$640&'ER C7 FLT1'!$B$4:$B$640-1,1),10)),IF($Z8=\"Class_6\",INDEX('ER C6 FLT1'!$A$4:$J$640,MATCH($W8&$C8,'ER C6 FLT1'!$A$4:$A$640&'ER C6 FLT1'!$B$4:$B$640-1,1),10)*IF($Z8=\"Class_6\",INDEX('ER C6 FLT1'!$A$4:$J$640,MATCH($W8&$C8,'ER C6 FLT1'!$A$4:$A$640&'ER C6 FLT1'!$B$4:$B$640-1,1),10))))))))*($AC8/453.6)","v":0},{"$f":"EI8+EJ8","v":0},0,{"$f":"IF($B8=\"3+ Trucks\",IF($Z8=\"Class_8\",INDEX('ER C8 FLT3'!$A$4:$J$640,MATCH($W8&$C8,'ER C8 FLT3'!$A$4:$A$640&'ER C8 FLT3'!$B$4:$B$640-2,1),10),IF($Z8=\"Class_7\",INDEX('ER C7 FLT3'!$A$4:$J$640,MATCH($W8&$C8,'ER C7 FLT3'!$A$4:$A$640&'ER C7 FLT3'!$B$4:$B$640-2,1),10),IF($Z8=\"Class_6\",INDEX('ER C6 FLT3'!$A$4:$J$640,MATCH($W8&$C8,'ER C6 FLT3'!$A$4:$A$640&'ER C6 FLT3'!$B$4:$B$640-2,1),10)))),IF($B8=\"2 Trucks\",IF($Z8=\"Class_8\",INDEX('ER C8 FLT2'!$A$4:$J$640,MATCH($W8&$C8,'ER C8 FLT2'!$A$4:$A$640&'ER C8 FLT2'!$B$4:$B$640-2,1),10),IF($Z8=\"Class_7\",INDEX('ER C7 FLT2'!$A$4:$J$640,MATCH($W8&$C8,'ER C7 FLT2'!$A$4:$A$640&'ER C7 FLT2'!$B$4:$B$640-2,1),10),IF($Z8=\"Class_6\",INDEX('ER C6 FLT2'!$A$4:$J$640,MATCH($W8&$C8,'ER C6 FLT2'!$A$4:$A$640&'ER C6 FLT2'!$B$4:$B$640-2,1),10)))),IF($B8=\"1 Truck\",IF($Z8=\"Class_8\",INDEX('ER C8 FLT1'!$A$4:$J$640,MATCH($W8&$C8,'ER C8 FLT1'!$A$4:$A$640&'ER C8 FLT1'!$B$4:$B$640-2,1),10),IF($Z8=\"Class_7\",INDEX('ER C7 FLT1'!$A$4:$J$640,MATCH($W8&$C8,'ER C7 FLT1'!$A$4:$A$640&'ER C7 FLT1'!$B$4:$B$640-2,1),10)*IF($Z8=\"Class_7\",INDEX('ER C7 FLT1'!$A$4:$J$640,MATCH($W8&$C8,'ER C7 FLT1'!$A$4:$A$640&'ER C7 FLT1'!$B$4:$B$640-2,1),10)),IF($Z8=\"Class_6\",INDEX('ER C6 FLT1'!$A$4:$J$640,MATCH($W8&$C8,'ER C6 FLT1'!$A$4:$A$640&'ER C6 FLT1'!$B$4:$B$640-2,1),10)*IF($Z8=\"Class_6\",INDEX('ER C6 FLT1'!$A$4:$J$640,MATCH($W8&$C8,'ER C6 FLT1'!$A$4:$A$640&'ER C6 FLT1'!$B$4:$B$640-2,1),10))))))))*($AC8/453.6)","v":0},{"$f":"EL8+EM8","v":0},0,{"$f":"IF($B8=\"3+ Trucks\",IF($Z8=\"Class_8\",INDEX('ER C8 FLT3'!$A$4:$J$640,MATCH($W8&$C8,'ER C8 FLT3'!$A$4:$A$640&'ER C8 FLT3'!$B$4:$B$640-3,1),10),IF($Z8=\"Class_7\",INDEX('ER C7 FLT3'!$A$4:$J$640,MATCH($W8&$C8,'ER C7 FLT3'!$A$4:$A$640&'ER C7 FLT3'!$B$4:$B$640-3,1),10),IF($Z8=\"Class_6\",INDEX('ER C6 FLT3'!$A$4:$J$640,MATCH($W8&$C8,'ER C6 FLT3'!$A$4:$A$640&'ER C6 FLT3'!$B$4:$B$640-3,1),10)))),IF($B8=\"2 Trucks\",IF($Z8=\"Class_8\",INDEX('ER C8 FLT2'!$A$4:$J$640,MATCH($W8&$C8,'ER C8 FLT2'!$A$4:$A$640&'ER C8 FLT2'!$B$4:$B$640-3,1),10),IF($Z8=\"Class_7\",INDEX('ER C7 FLT2'!$A$4:$J$640,MATCH($W8&$C8,'ER C7 FLT2'!$A$4:$A$640&'ER C7 FLT2'!$B$4:$B$640-3,1),10),IF($Z8=\"Class_6\",INDEX('ER C6 FLT2'!$A$4:$J$640,MATCH($W8&$C8,'ER C6 FLT2'!$A$4:$A$640&'ER C6 FLT2'!$B$4:$B$640-3,1),10)))),IF($B8=\"1 Truck\",IF($Z8=\"Class_8\",INDEX('ER C8 FLT1'!$A$4:$J$640,MATCH($W8&$C8,'ER C8 FLT1'!$A$4:$A$640&'ER C8 FLT1'!$B$4:$B$640-3,1),10),IF($Z8=\"Class_7\",INDEX('ER C7 FLT1'!$A$4:$J$640,MATCH($W8&$C8,'ER C7 FLT1'!$A$4:$A$640&'ER C7 FLT1'!$B$4:$B$640-3,1),10)*IF($Z8=\"Class_7\",INDEX('ER C7 FLT1'!$A$4:$J$640,MATCH($W8&$C8,'ER C7 FLT1'!$A$4:$A$640&'ER C7 FLT1'!$B$4:$B$640-3,1),10)),IF($Z8=\"Class_6\",INDEX('ER C6 FLT1'!$A$4:$J$640,MATCH($W8&$C8,'ER C6 FLT1'!$A$4:$A$640&'ER C6 FLT1'!$B$4:$B$640-3,1),10)*IF($Z8=\"Class_6\",INDEX('ER C6 FLT1'!$A$4:$J$640,MATCH($W8&$C8,'ER C6 FLT1'!$A$4:$A$640&'ER C6 FLT1'!$B$4:$B$640-3,1),10))))))))*($AC8/453.6)","v":0},{"$f":"EO8+EP8","v":0},0,{"$f":"IF($B8=\"3+ Trucks\",IF($Z8=\"Class_8\",INDEX('ER C8 FLT3'!$A$4:$J$640,MATCH($W8&$C8,'ER C8 FLT3'!$A$4:$A$640&'ER C8 FLT3'!$B$4:$B$640-4,1),10),IF($Z8=\"Class_7\",INDEX('ER C7 FLT3'!$A$4:$J$640,MATCH($W8&$C8,'ER C7 FLT3'!$A$4:$A$640&'ER C7 FLT3'!$B$4:$B$640-4,1),10),IF($Z8=\"Class_6\",INDEX('ER C6 FLT3'!$A$4:$J$640,MATCH($W8&$C8,'ER C6 FLT3'!$A$4:$A$640&'ER C6 FLT3'!$B$4:$B$640-4,1),10)))),IF($B8=\"2 Trucks\",IF($Z8=\"Class_8\",INDEX('ER C8 FLT2'!$A$4:$J$640,MATCH($W8&$C8,'ER C8 FLT2'!$A$4:$A$640&'ER C8 FLT2'!$B$4:$B$640-4,1),10),IF($Z8=\"Class_7\",INDEX('ER C7 FLT2'!$A$4:$J$640,MATCH($W8&$C8,'ER C7 FLT2'!$A$4:$A$640&'ER C7 FLT2'!$B$4:$B$640-4,1),10),IF($Z8=\"Class_6\",INDEX('ER C6 FLT2'!$A$4:$J$640,MATCH($W8&$C8,'ER C6 FLT2'!$A$4:$A$640&'ER C6 FLT2'!$B$4:$B$640-4,1),10)))),IF($B8=\"1 Truck\",IF($Z8=\"Class_8\",INDEX('ER C8 FLT1'!$A$4:$J$640,MATCH($W8&$C8,'ER C8 FLT1'!$A$4:$A$640&'ER C8 FLT1'!$B$4:$B$640-4,1),10),IF($Z8=\"Class_7\",INDEX('ER C7 FLT1'!$A$4:$J$640,MATCH($W8&$C8,'ER C7 FLT1'!$A$4:$A$640&'ER C7 FLT1'!$B$4:$B$640-4,1),10)*IF($Z8=\"Class_7\",INDEX('ER C7 FLT1'!$A$4:$J$640,MATCH($W8&$C8,'ER C7 FLT1'!$A$4:$A$640&'ER C7 FLT1'!$B$4:$B$640-4,1),10)),IF($Z8=\"Class_6\",INDEX('ER C6 FLT1'!$A$4:$J$640,MATCH($W8&$C8,'ER C6 FLT1'!$A$4:$A$640&'ER C6 FLT1'!$B$4:$B$640-4,1),10)*IF($Z8=\"Class_6\",INDEX('ER C6 FLT1'!$A$4:$J$640,MATCH($W8&$C8,'ER C6 FLT1'!$A$4:$A$640&'ER C6 FLT1'!$B$4:$B$640-4,1),10))))))))*($AC8/453.6)","v":0},{"$f":"ER8+ES8","v":0},{"$f":"MAX(0,EH8+EK8+EN8+EQ8+ET8)","v":0}]
[{"$f":"'Input data'!A7","v":"project 3"},{"$f":"'Input data'!B7","v":0},{"$f":"'Input data'!C7","v":0},{"$f":"'Input data'!D7","v":0},{"$f":"'Input data'!E7","v":0},{"$f":"'Input data'!F7","v":0},{"$f":"'Input data'!G7","v":0},{"$f":"'Input data'!H7","v":""},{"$f":"'Input data'!I7","v":0},{"$f":"'Input data'!J7","v":0},{"$f":"'Input data'!K7","v":0},{"$f":"'Input data'!AK7","v":false},{"$f":"'Input data'!M7","v":0},{"$f":"'Input data'!AJ7","v":0},{"$f":"'Input data'!L7","v":0},{"$f":"'Input data'!N7","v":0},{"$f":"'Input data'!O7","v":0},{"$f":"'Input data'!P7","v":0},{"$f":"'Input data'!Q7","v":0},{"$f":"'Input data'!R7","v":"0"},{"$f":"'Input data'!$S7","v":"No"},{"$f":"'Input data'!T7","v":"No"},{"$f":"'Input data'!U7","v":0},{"$f":"'Input data'!V7","v":0},{"$f":"'Input data'!W7","v":0},{"$f":"'Input data'!X7","v":""},{"$f":"'Input data'!Y7","v":0},{"$f":"'Input data'!Z7","v":0},{"$f":"'Input data'!AA7","v":0},null,null,{"$f":"'Input data'!AD7","v":0},{"$f":"'Input data'!AE7","v":false},{"$f":"'Input data'!AF7","v":false},{"$f":"'Input data'!AG7","v":false},{"$f":"'Input data'!AH7","v":false},null,{"$f":"IF($B9=\"3+ Trucks\",IF(OR($H9=\"Class_8\",$N9=\"Replacement8HHD\",$AH9=\"CL7HHD\",$AJ9=\"CL7to8\"),INDEX('ER C8 FLT3'!$A$4:$J$640,MATCH($E9&$C9,'ER C8 FLT3'!$A$4:$A$640&'ER C8 FLT3'!$B$4:$B$640,1),8)*IF(OR($H9=\"Class_8\",$N9=\"Replacement8HHD\",$AH9=\"CL7HHD\",$AJ9=\"CL7to8\"),INDEX('ER C8 FLT3'!$A$4:$J$640,MATCH($E9&$C9,'ER C8 FLT3'!$A$4:$A$640&'ER C8 FLT3'!$B$4:$B$640,1),9)),IF($H9=\"Class_7\",INDEX('ER C7 FLT3'!$A$4:$J$640,MATCH($E9&$C9,'ER C7 FLT3'!$A$4:$A$640&'ER C7 FLT3'!$B$4:$B$640,1),8)*IF($H9=\"Class_7\",INDEX('ER C7 FLT3'!$A$4:$J$640,MATCH($E9&$C9,'ER C7 FLT3'!$A$4:$A$640&'ER C7 FLT3'!$B$4:$B$640,1),9)),\nIF($H9=\"Class_6\",INDEX('ER C6 FLT3'!$A$4:$J$640,MATCH($E9&$C9,'ER C6 FLT3'!$A$4:$A$640&'ER C6 FLT3'!$B$4:$B$640,1),8)*IF($H9=\"Class_6\",INDEX('ER C6 FLT3'!$A$4:$L$640,MATCH($E9&$C9,'ER C6 FLT3'!$A$4:$A$640&'ER C6 FLT3'!$B$4:$B$640,1),9))))),IF($B9=\"2 Trucks\",IF(OR($H9=\"Class_8\",$N9=\"Replacement8HHD\",$AH9=\"CL7HHD\",$AJ9=\"CL7to8\"),INDEX('ER C8 FLT2'!$A$4:$J$640,MATCH($E9&$C9,'ER C8 FLT2'!$A$4:$A$640&'ER C8 FLT2'!$B$4:$B$640,1),8)*IF(OR($H9=\"Class_8\",$N9=\"Replacement8HHD\",$AH9=\"CL7HHD\",$AJ9=\"CL7to8\"),INDEX('ER C8 FLT2'!$A$4:$J$640,MATCH($E9&$C9,'ER C8 FLT2'!$A$4:$A$640&'ER C8 FLT2'!$B$4:$B$640,1),9)),IF($H9=\"Class_7\",INDEX('ER C7 FLT2'!$A$4:$J$640,MATCH($E9&$C9,'ER C7 FLT2'!$A$4:$A$640&'ER C7 FLT2'!$B$4:$B$640,1),8)*IF($H9=\"Class_7\",INDEX('ER C7 FLT2'!$A$4:$J$640,MATCH($E9&$C9,'ER C7 FLT2'!$A$4:$A$640&'ER C7 FLT2'!$B$4:$B$640,1),9)),IF($H9=\"Class_6\",INDEX('ER C6 FLT2'!$A$4:$J$640,MATCH($E9&$C9,'ER C6 FLT2'!$A$4:$A$640&'ER C6 FLT2'!$B$4:$B$640,1),8)*IF($H9=\"Class_6\",INDEX('ER C6 FLT2'!$A$4:$J$640,MATCH($E9&$C9,'ER C6 FLT2'!$A$4:$A$640&'ER C6 FLT2'!$B$4:$B$640,1),9))))),IF($B9=\"1 Truck\",\nIF(OR($H9=\"Class_8\",$N9=\"Replacement8HHD\",$AH9=\"CL7HHD\",$AJ9=\"CL7to8\"),INDEX('ER C8 FLT1'!$A$4:$J$640,MATCH($E9&$C9,'ER C8 FLT1'!$A$4:$A$640&'ER C8 FLT1'!$B$4:$B$640,1),8)*IF(OR($H9=\"Class_8\",$N9=\"Replacement8HHD\",$AH9=\"CL7HHD\",$AJ9=\"CL7to8\"),INDEX('ER C8 FLT1'!$A$4:$J$640,MATCH($E9&$C9,'ER C8 FLT1'!$A$4:$A$640&'ER C8 FLT1'!$B$4:$B$640,1),9)),IF($H9=\"Class_7\",INDEX('ER C7 FLT1'!$A$4:$J$640,MATCH($E9&$C9,'ER C7 FLT1'!$A$4:$A$640&'ER C7 FLT1'!$B$4:$B$640,1),8)*IF($H9=\"Class_7\",INDEX('ER C7 FLT1'!$A$4:$J$640,MATCH($E9&$C9,'ER C7 FLT1'!$A$4:$A$640&'ER C7 FLT1'!$B$4:$B$640,1),9)),\nIF($H9=\"Class_6\",INDEX('ER C6 FLT1'!$A$4:$J$640,MATCH($E9&$C9,'ER C6 FLT1'!$A$4:$A$640&'ER C6 FLT1'!$B$4:$B$640,1),8)*IF($H9=\"Class_6\",INDEX('ER C6 FLT1'!$A$4:$J$640,MATCH($E9&$C9,'ER C6 FLT1'!$A$4:$A$640&'ER C6 FLT1'!$B$4:$B$640,1),9))))))))*IF($F9=\"Level 1 PM\",0.75,IF($F9=\"Level 2 PM\",0.5,IF($F9=\"Level 3 PM\",0,IF($F9=\"Level 3 PM + Mark I NOx\",0,1))))*($Q9/453.6)","v":0},{"$f":"IF($B9=\"3+ Trucks\",IF(OR($H9=\"Class_8\",$N9=\"Replacement8HHD\",$AH9=\"CL7HHD\",$AJ9=\"CL7to8\"),INDEX('ER C8 FLT3'!$A$4:$J$640,MATCH($E9&$C9,'ER C8 FLT3'!$A$4:$A$640&'ER C8 FLT3'!$B$4:$B$640-1,1),8)*IF(OR($H9=\"Class_8\",$N9=\"Replacement8HHD\",$AH9=\"CL7HHD\",$AJ9=\"CL7to8\"),INDEX('ER C8 FLT3'!$A$4:$J$640,MATCH($E9&$C9,'ER C8 FLT3'!$A$4:$A$640&'ER C8 FLT3'!$B$4:$B$640-1,1),9)),IF($H9=\"Class_7\",INDEX('ER C7 FLT3'!$A$4:$J$640,MATCH($E9&$C9,'ER C7 FLT3'!$A$4:$A$640&'ER C7 FLT3'!$B$4:$B$640-1,1),8)*IF($H9=\"Class_7\",INDEX('ER C7 FLT3'!$A$4:$J$640,MATCH($E9&$C9,'ER C7 FLT3'!$A$4:$A$640&'ER C7 FLT3'!$B$4:$B$640-1,1),9)),\nIF($H9=\"Class_6\",INDEX('ER C6 FLT3'!$A$4:$J$640,MATCH($E9&$C9,'ER C6 FLT3'!$A$4:$A$640&'ER C6 FLT3'!$B$4:$B$640-1,1),8)*IF($H9=\"Class_6\",INDEX('ER C6 FLT3'!$A$4:$L$640,MATCH($E9&$C9,'ER C6 FLT3'!$A$4:$A$640&'ER C6 FLT3'!$B$4:$B$640-1,1),9))))),IF($B9=\"2 Trucks\",IF(OR($H9=\"Class_8\",$N9=\"Replacement8HHD\",$AH9=\"CL7HHD\",$AJ9=\"CL7to8\"),INDEX('ER C8 FLT2'!$A$4:$J$640,MATCH($E9&$C9,'ER C8 FLT2'!$A$4:$A$640&'ER C8 FLT2'!$B$4:$B$640-1,1),8)*IF(OR($H9=\"Class_8\",$N9=\"Replacement8HHD\",$AH9=\"CL7HHD\",$AJ9=\"CL7to8\"),INDEX('ER C8 FLT2'!$A$4:$J$640,MATCH($E9&$C9,'ER C8 FLT2'!$A$4:$A$640&'ER C8 FLT2'!$B$4:$B$640-1,1),9)),IF($H9=\"Class_7\",INDEX('ER C7 FLT2'!$A$4:$J$640,MATCH($E9&$C9,'ER C7 FLT2'!$A$4:$A$640&'ER C7 FLT2'!$B$4:$B$640-1,1),8)*IF($H9=\"Class_7\",INDEX('ER C7 FLT2'!$A$4:$J$640,MATCH($E9&$C9,'ER C7 FLT2'!$A$4:$A$640&'ER C7 FLT2'!$B$4:$B$640-1,1),9)),IF($H9=\"Class_6\",INDEX('ER C6 FLT2'!$A$4:$J$640,MATCH($E9&$C9,'ER C6 FLT2'!$A$4:$A$640&'ER C6 FLT2'!$B$4:$B$640-1,1),8)*IF($H9=\"Class_6\",INDEX('ER C6 FLT2'!$A$4:$J$640,MATCH($E9&$C9,'ER C6 FLT2'!$A$4:$A$640&'ER C6 FLT2'!$B$4:$B$640-1,1),9))))),IF($B9=\"1 Truck\",\nIF(OR($H9=\"Class_8\",$N9=\"Replacement8HHD\",$AH9=\"CL7HHD\",$AJ9=\"CL7to8\"),INDEX('ER C8 FLT1'!$A$4:$J$640,MATCH($E9&$C9,'ER C8 FLT1'!$A$4:$A$640&'ER C8 FLT1'!$B$4:$B$640-1,1),8)*IF(OR($H9=\"Class_8\",$N9=\"Replacement8HHD\",$AH9=\"CL7HHD\",$AJ9=\"CL7to8\"),INDEX('ER C8 FLT1'!$A$4:$J$640,MATCH($E9&$C9,'ER C8 FLT1'!$A$4:$A$640&'ER C8 FLT1'!$B$4:$B$640-1,1),9)),IF($H9=\"Class_7\",INDEX('ER C7 FLT1'!$A$4:$J$640,MATCH($E9&$C9,'ER C7 FLT1'!$A$4:$A$640&'ER C7 FLT1'!$B$4:$B$640-1,1),8)*IF($H9=\"Class_7\",INDEX('ER C7 FLT1'!$A$4:$J$640,MATCH($E9&$C9,'ER C7 FLT1'!$A$4:$A$640&'ER C7 FLT1'!$B$4:$B$640-1,1),9)),\nIF($H9=\"Class_6\",INDEX('ER C6 FLT1'!$A$4:$J$640,MATCH($E9&$C9,'ER C6 FLT1'!$A$4:$A$640&'ER C6 FLT1'!$B$4:$B$640-1,1),8)*IF($H9=\"Class_6\",INDEX('ER C6 FLT1'!$A$4:$J$640,MATCH($E9&$C9,'ER C6 FLT1'!$A$4:$A$640&'ER C6 FLT1'!$B$4:$B$640-1,1),9))))))))*IF($F9=\"Level 1 PM\",0.75,IF($F9=\"Level 2 PM\",0.5,IF($F9=\"Level 3 PM\",0,IF($F9=\"Level 3 PM + Mark I NOx\",0,1))))*($Q9/453.6)","v":0},{"$f":"IF($B9=\"3+ Trucks\",IF(OR($H9=\"Class_8\",$N9=\"Replacement8HHD\",$AH9=\"CL7HHD\",$AJ9=\"CL7to8\"),INDEX('ER C8 FLT3'!$A$4:$J$640,MATCH($E9&$C9,'ER C8 FLT3'!$A$4:$A$640&'ER C8 FLT3'!$B$4:$B$640-2,1),8)*IF(OR($H9=\"Class_8\",$N9=\"Replacement8HHD\",$AH9=\"CL7HHD\",$AJ9=\"CL7to8\"),INDEX('ER C8 FLT3'!$A$4:$J$640,MATCH($E9&$C9,'ER C8 FLT3'!$A$4:$A$640&'ER C8 FLT3'!$B$4:$B$640-2,1),9)),IF($H9=\"Class_7\",INDEX('ER C7 FLT3'!$A$4:$J$640,MATCH($E9&$C9,'ER C7 FLT3'!$A$4:$A$640&'ER C7 FLT3'!$B$4:$B$640-2,1),8)*IF($H9=\"Class_7\",INDEX('ER C7 FLT3'!$A$4:$J$640,MATCH($E9&$C9,'ER C7 FLT3'!$A$4:$A$640&'ER C7 FLT3'!$B$4:$B$640-2,1),9)),\nIF($H9=\"Class_6\",INDEX('ER C6 FLT3'!$A$4:$J$640,MATCH($E9&$C9,'ER C6 FLT3'!$A$4:$A$640&'ER C6 FLT3'!$B$4:$B$640-2,1),8)*IF($H9=\"Class_6\",INDEX('ER C6 FLT3'!$A$4:$L$640,MATCH($E9&$C9,'ER C6 FLT3'!$A$4:$A$640&'ER C6 FLT3'!$B$4:$B$640-2,1),9))))),IF($B9=\"2 Trucks\",IF(OR($H9=\"Class_8\",$N9=\"Replacement8HHD\",$AH9=\"CL7HHD\",$AJ9=\"CL7to8\"),INDEX('ER C8 FLT2'!$A$4:$J$640,MATCH($E9&$C9,'ER C8 FLT2'!$A$4:$A$640&'ER C8 FLT2'!$B$4:$B$640-2,1),8)*IF(OR($H9=\"Class_8\",$N9=\"Replacement8HHD\",$AH9=\"CL7HHD\",$AJ9=\"CL7to8\"),INDEX('ER C8 FLT2'!$A$4:$J$640,MATCH($E9&$C9,'ER C8 FLT2'!$A$4:$A$640&'ER C8 FLT2'!$B$4:$B$640-2,1),9)),IF($H9=\"Class_7\",INDEX('ER C7 FLT2'!$A$4:$J$640,MATCH($E9&$C9,'ER C7 FLT2'!$A$4:$A$640&'ER C7 FLT2'!$B$4:$B$640-2,1),8)*IF($H9=\"Class_7\",INDEX('ER C7 FLT2'!$A$4:$J$640,MATCH($E9&$C9,'ER C7 FLT2'!$A$4:$A$640&'ER C7 FLT2'!$B$4:$B$640-2,1),9)),IF($H9=\"Class_6\",INDEX('ER C6 FLT2'!$A$4:$J$640,MATCH($E9&$C9,'ER C6 FLT2'!$A$4:$A$640&'ER C6 FLT2'!$B$4:$B$640-2,1),8)*IF($H9=\"Class_6\",INDEX('ER C6 FLT2'!$A$4:$J$640,MATCH($E9&$C9,'ER C6 FLT2'!$A$4:$A$640&'ER C6 FLT2'!$B$4:$B$640-2,1),9))))),IF($B9=\"1 Truck\",\nIF(OR($H9=\"Class_8\",$N9=\"Replacement8HHD\",$AH9=\"CL7HHD\",$AJ9=\"CL7to8\"),INDEX('ER C8 FLT1'!$A$4:$J$640,MATCH($E9&$C9,'ER C8 FLT1'!$A$4:$A$640&'ER C8 FLT1'!$B$4:$B$640-2,1),8)*IF(OR($H9=\"Class_8\",$N9=\"Replacement8HHD\",$AH9=\"CL7HHD\",$AJ9=\"CL7to8\"),INDEX('ER C8 FLT1'!$A$4:$J$640,MATCH($E9&$C9,'ER C8 FLT1'!$A$4:$A$640&'ER C8 FLT1'!$B$4:$B$640-2,1),9)),IF($H9=\"Class_7\",INDEX('ER C7 FLT1'!$A$4:$J$640,MATCH($E9&$C9,'ER C7 FLT1'!$A$4:$A$640&'ER C7 FLT1'!$B$4:$B$640-2,1),8)*IF($H9=\"Class_7\",INDEX('ER C7 FLT1'!$A$4:$J$640,MATCH($E9&$C9,'ER C7 FLT1'!$A$4:$A$640&'ER C7 FLT1'!$B$4:$B$640-2,1),9)),\nIF($H9=\"Class_6\",INDEX('ER C6 FLT1'!$A$4:$J$640,MATCH($E9&$C9,'ER C6 FLT1'!$A$4:$A$640&'ER C6 FLT1'!$B$4:$B$640-2,1),8)*IF($H9=\"Class_6\",INDEX('ER C6 FLT1'!$A$4:$J$640,MATCH($E9&$C9,'ER C6 FLT1'!$A$4:$A$640&'ER C6 FLT1'!$B$4:$B$640-2,1),9))))))))*IF($F9=\"Level 1 PM\",0.75,IF($F9=\"Level 2 PM\",0.5,IF($F9=\"Level 3 PM\",0,IF($F9=\"Level 3 PM + Mark I NOx\",0,1))))*($Q9/453.6)","v":0},{"$f":"IF($B9=\"3+ Trucks\",IF(OR($H9=\"Class_8\",$N9=\"Replacement8HHD\",$AH9=\"CL7HHD\",$AJ9=\"CL7to8\"),INDEX('ER C8 FLT3'!$A$4:$J$640,MATCH($E9&$C9,'ER C8 FLT3'!$A$4:$A$640&'ER C8 FLT3'!$B$4:$B$640-3,1),8)*IF(OR($H9=\"Class_8\",$N9=\"Replacement8HHD\",$AH9=\"CL7HHD\",$AJ9=\"CL7to8\"),INDEX('ER C8 FLT3'!$A$4:$J$640,MATCH($E9&$C9,'ER C8 FLT3'!$A$4:$A$640&'ER C8 FLT3'!$B$4:$B$640-3,1),9)),IF($H9=\"Class_7\",INDEX('ER C7 FLT3'!$A$4:$J$640,MATCH($E9&$C9,'ER C7 FLT3'!$A$4:$A$640&'ER C7 FLT3'!$B$4:$B$640-3,1),8)*IF($H9=\"Class_7\",INDEX('ER C7 FLT3'!$A$4:$J$640,MATCH($E9&$C9,'ER C7 FLT3'!$A$4:$A$640&'ER C7 FLT3'!$B$4:$B$640-3,1),9)),\nIF($H9=\"Class_6\",INDEX('ER C6 FLT3'!$A$4:$J$640,MATCH($E9&$C9,'ER C6 FLT3'!$A$4:$A$640&'ER C6 FLT3'!$B$4:$B$640-3,1),8)*IF($H9=\"Class_6\",INDEX('ER C6 FLT3'!$A$4:$L$640,MATCH($E9&$C9,'ER C6 FLT3'!$A$4:$A$640&'ER C6 FLT3'!$B$4:$B$640-3,1),9))))),IF($B9=\"2 Trucks\",IF(OR($H9=\"Class_8\",$N9=\"Replacement8HHD\",$AH9=\"CL7HHD\",$AJ9=\"CL7to8\"),INDEX('ER C8 FLT2'!$A$4:$J$640,MATCH($E9&$C9,'ER C8 FLT2'!$A$4:$A$640&'ER C8 FLT2'!$B$4:$B$640-3,1),8)*IF(OR($H9=\"Class_8\",$N9=\"Replacement8HHD\",$AH9=\"CL7HHD\",$AJ9=\"CL7to8\"),INDEX('ER C8 FLT2'!$A$4:$J$640,MATCH($E9&$C9,'ER C8 FLT2'!$A$4:$A$640&'ER C8 FLT2'!$B$4:$B$640-3,1),9)),IF($H9=\"Class_7\",INDEX('ER C7 FLT2'!$A$4:$J$640,MATCH($E9&$C9,'ER C7 FLT2'!$A$4:$A$640&'ER C7 FLT2'!$B$4:$B$640-3,1),8)*IF($H9=\"Class_7\",INDEX('ER C7 FLT2'!$A$4:$J$640,MATCH($E9&$C9,'ER C7 FLT2'!$A$4:$A$640&'ER C7 FLT2'!$B$4:$B$640-3,1),9)),IF($H9=\"Class_6\",INDEX('ER C6 FLT2'!$A$4:$J$640,MATCH($E9&$C9,'ER C6 FLT2'!$A$4:$A$640&'ER C6 FLT2'!$B$4:$B$640-3,1),8)*IF($H9=\"Class_6\",INDEX('ER C6 FLT2'!$A$4:$J$640,MATCH($E9&$C9,'ER C6 FLT2'!$A$4:$A$640&'ER C6 FLT2'!$B$4:$B$640-3,1),9))))),IF($B9=\"1 Truck\",\nIF(OR($H9=\"Class_8\",$N9=\"Replacement8HHD\",$AH9=\"CL7HHD\",$AJ9=\"CL7to8\"),INDEX('ER C8 FLT1'!$A$4:$J$640,MATCH($E9&$C9,'ER C8 FLT1'!$A$4:$A$640&'ER C8 FLT1'!$B$4:$B$640-3,1),8)*IF(OR($H9=\"Class_8\",$N9=\"Replacement8HHD\",$AH9=\"CL7HHD\",$AJ9=\"CL7to8\"),INDEX('ER C8 FLT1'!$A$4:$J$640,MATCH($E9&$C9,'ER C8 FLT1'!$A$4:$A$640&'ER C8 FLT1'!$B$4:$B$640-3,1),9)),IF($H9=\"Class_7\",INDEX('ER C7 FLT1'!$A$4:$J$640,MATCH($E9&$C9,'ER C7 FLT1'!$A$4:$A$640&'ER C7 FLT1'!$B$4:$B$640-3,1),8)*IF($H9=\"Class_7\",INDEX('ER C7 FLT1'!$A$4:$J$640,MATCH($E9&$C9,'ER C7 FLT1'!$A$4:$A$640&'ER C7 FLT1'!$B$4:$B$640-3,1),9)),\nIF($H9=\"Class_6\",INDEX('ER C6 FLT1'!$A$4:$J$640,MATCH($E9&$C9,'ER C6 FLT1'!$A$4:$A$640&'ER C6 FLT1'!$B$4:$B$640-3,1),8)*IF($H9=\"Class_6\",INDEX('ER C6 FLT1'!$A$4:$J$640,MATCH($E9&$C9,'ER C6 FLT1'!$A$4:$A$640&'ER C6 FLT1'!$B$4:$B$640-3,1),9))))))))*IF($F9=\"Level 1 PM\",0.75,IF($F9=\"Level 2 PM\",0.5,IF($F9=\"Level 3 PM\",0,IF($F9=\"Level 3 PM + Mark I NOx\",0,1))))*($Q9/453.6)","v":0},{"$f":"IF($B9=\"3+ Trucks\",IF(OR($H9=\"Class_8\",$N9=\"Replacement8HHD\",$AH9=\"CL7HHD\",$AJ9=\"CL7to8\"),INDEX('ER C8 FLT3'!$A$4:$J$640,MATCH($E9&$C9,'ER C8 FLT3'!$A$4:$A$640&'ER C8 FLT3'!$B$4:$B$640-4,1),8)*IF(OR($H9=\"Class_8\",$N9=\"Replacement8HHD\",$AH9=\"CL7HHD\",$AJ9=\"CL7to8\"),INDEX('ER C8 FLT3'!$A$4:$J$640,MATCH($E9&$C9,'ER C8 FLT3'!$A$4:$A$640&'ER C8 FLT3'!$B$4:$B$640-4,1),9)),IF($H9=\"Class_7\",INDEX('ER C7 FLT3'!$A$4:$J$640,MATCH($E9&$C9,'ER C7 FLT3'!$A$4:$A$640&'ER C7 FLT3'!$B$4:$B$640-4,1),8)*IF($H9=\"Class_7\",INDEX('ER C7 FLT3'!$A$4:$J$640,MATCH($E9&$C9,'ER C7 FLT3'!$A$4:$A$640&'ER C7 FLT3'!$B$4:$B$640-4,1),9)),\nIF($H9=\"Class_6\",INDEX('ER C6 FLT3'!$A$4:$J$640,MATCH($E9&$C9,'ER C6 FLT3'!$A$4:$A$640&'ER C6 FLT3'!$B$4:$B$640-4,1),8)*IF($H9=\"Class_6\",INDEX('ER C6 FLT3'!$A$4:$L$640,MATCH($E9&$C9,'ER C6 FLT3'!$A$4:$A$640&'ER C6 FLT3'!$B$4:$B$640-4,1),9))))),IF($B9=\"2 Trucks\",IF(OR($H9=\"Class_8\",$N9=\"Replacement8HHD\",$AH9=\"CL7HHD\",$AJ9=\"CL7to8\"),INDEX('ER C8 FLT2'!$A$4:$J$640,MATCH($E9&$C9,'ER C8 FLT2'!$A$4:$A$640&'ER C8 FLT2'!$B$4:$B$640-4,1),8)*IF(OR($H9=\"Class_8\",$N9=\"Replacement8HHD\",$AH9=\"CL7HHD\",$AJ9=\"CL7to8\"),INDEX('ER C8 FLT2'!$A$4:$J$640,MATCH($E9&$C9,'ER C8 FLT2'!$A$4:$A$640&'ER C8 FLT2'!$B$4:$B$640-4,1),9)),IF($H9=\"Class_7\",INDEX('ER C7 FLT2'!$A$4:$J$640,MATCH($E9&$C9,'ER C7 FLT2'!$A$4:$A$640&'ER C7 FLT2'!$B$4:$B$640-4,1),8)*IF($H9=\"Class_7\",INDEX('ER C7 FLT2'!$A$4:$J$640,MATCH($E9&$C9,'ER C7 FLT2'!$A$4:$A$640&'ER C7 FLT2'!$B$4:$B$640-4,1),9)),IF($H9=\"Class_6\",INDEX('ER C6 FLT2'!$A$4:$J$640,MATCH($E9&$C9,'ER C6 FLT2'!$A$4:$A$640&'ER C6 FLT2'!$B$4:$B$640-4,1),8)*IF($H9=\"Class_6\",INDEX('ER C6 FLT2'!$A$4:$J$640,MATCH($E9&$C9,'ER C6 FLT2'!$A$4:$A$640&'ER C6 FLT2'!$B$4:$B$640-4,1),9))))),IF($B9=\"1 Truck\",\nIF(OR($H9=\"Class_8\",$N9=\"Replacement8HHD\",$AH9=\"CL7HHD\",$AJ9=\"CL7to8\"),INDEX('ER C8 FLT1'!$A$4:$J$640,MATCH($E9&$C9,'ER C8 FLT1'!$A$4:$A$640&'ER C8 FLT1'!$B$4:$B$640-4,1),8)*IF(OR($H9=\"Class_8\",$N9=\"Replacement8HHD\",$AH9=\"CL7HHD\",$AJ9=\"CL7to8\"),INDEX('ER C8 FLT1'!$A$4:$J$640,MATCH($E9&$C9,'ER C8 FLT1'!$A$4:$A$640&'ER C8 FLT1'!$B$4:$B$640-4,1),9)),IF($H9=\"Class_7\",INDEX('ER C7 FLT1'!$A$4:$J$640,MATCH($E9&$C9,'ER C7 FLT1'!$A$4:$A$640&'ER C7 FLT1'!$B$4:$B$640-4,1),8)*IF($H9=\"Class_7\",INDEX('ER C7 FLT1'!$A$4:$J$640,MATCH($E9&$C9,'ER C7 FLT1'!$A$4:$A$640&'ER C7 FLT1'!$B$4:$B$640-4,1),9)),\nIF($H9=\"Class_6\",INDEX('ER C6 FLT1'!$A$4:$J$640,MATCH($E9&$C9,'ER C6 FLT1'!$A$4:$A$640&'ER C6 FLT1'!$B$4:$B$640-4,1),8)*IF($H9=\"Class_6\",INDEX('ER C6 FLT1'!$A$4:$J$640,MATCH($E9&$C9,'ER C6 FLT1'!$A$4:$A$640&'ER C6 FLT1'!$B$4:$B$640-4,1),9))))))))*IF($F9=\"Level 1 PM\",0.75,IF($F9=\"Level 2 PM\",0.5,IF($F9=\"Level 3 PM\",0,IF($F9=\"Level 3 PM + Mark I NOx\",0,1))))*($Q9/453.6)","v":0},{"$f":"IF($B9=\"3+ Trucks\",IF(OR($H9=\"Class_8\",$N9=\"Replacement8HHD\",$AH9=\"CL7HHD\",$AJ9=\"CL7to8\"),INDEX('ER C8 FLT3'!$A$4:$J$640,MATCH($E9&$C9,'ER C8 FLT3'!$A$4:$A$640&'ER C8 FLT3'!$B$4:$B$640,1),8),IF($H9=\"Class_7\",INDEX('ER C7 FLT3'!$A$4:$J$640,MATCH($E9&$C9,'ER C7 FLT3'!$A$4:$A$640&'ER C7 FLT3'!$B$4:$B$640,1),8),IF($H9=\"Class_6\",INDEX('ER C6 FLT3'!$A$4:$J$640,MATCH($E9&$C9,'ER C6 FLT3'!$A$4:$A$640&'ER C6 FLT3'!$B$4:$B$640,1),8)))),IF($B9=\"2 Trucks\",IF(OR($H9=\"Class_8\",$N9=\"Replacement8HHD\",$AH9=\"CL7HHD\",$AJ9=\"CL7to8\"),INDEX('ER C8 FLT2'!$A$4:$J$640,MATCH($E9&$C9,'ER C8 FLT2'!$A$4:$A$640&'ER C8 FLT2'!$B$4:$B$640,1),8),IF($H9=\"Class_7\",INDEX('ER C7 FLT2'!$A$4:$J$640,MATCH($E9&$C9,'ER C7 FLT2'!$A$4:$A$640&'ER C7 FLT2'!$B$4:$B$640,1),8),IF($H9=\"Class_6\",INDEX('ER C6 FLT2'!$A$4:$J$640,MATCH($E9&$C9,'ER C6 FLT2'!$A$4:$A$640&'ER C6 FLT2'!$B$4:$B$640,1),8)))),IF($B9=\"1 Truck\",IF(OR($H9=\"Class_8\",$N9=\"Replacement8HHD\",$AH9=\"CL7HHD\",$AJ9=\"CL7to8\"),INDEX('ER C8 FLT1'!$A$4:$J$640,MATCH($E9&$C9,'ER C8 FLT1'!$A$4:$A$640&'ER C8 FLT1'!$B$4:$B$640,1),8),IF($H9=\"Class_7\",INDEX('ER C7 FLT1'!$A$4:$J$640,MATCH($E9&$C9,'ER C7 FLT1'!$A$4:$A$640&'ER C7 FLT1'!$B$4:$B$640,1),8),IF($H9=\"Class_6\",INDEX('ER C6 FLT1'!$A$4:$J$640,MATCH($E9&$C9,'ER C6 FLT1'!$A$4:$A$640&'ER C6 FLT1'!$B$4:$B$640,1),8)))))))","v":false},{"$f":"IF($B9=\"3+ Trucks\",IF(OR($H9=\"Class_8\",$N9=\"Replacement8HHD\",$AH9=\"CL7HHD\",$AJ9=\"CL7to8\"),INDEX('ER C8 FLT3'!$A$4:$J$640,MATCH($E9&$C9,'ER C8 FLT3'!$A$4:$A$640&'ER C8 FLT3'!$B$4:$B$640-1,1),8),IF($H9=\"Class_7\",INDEX('ER C7 FLT3'!$A$4:$J$640,MATCH($E9&$C9,'ER C7 FLT3'!$A$4:$A$640&'ER C7 FLT3'!$B$4:$B$640-1,1),8),IF($H9=\"Class_6\",INDEX('ER C6 FLT3'!$A$4:$J$640,MATCH($E9&$C9,'ER C6 FLT3'!$A$4:$A$640&'ER C6 FLT3'!$B$4:$B$640-1,1),8)))),IF($B9=\"2 Trucks\",IF(OR($H9=\"Class_8\",$N9=\"Replacement8HHD\",$AH9=\"CL7HHD\",$AJ9=\"CL7to8\"),INDEX('ER C8 FLT2'!$A$4:$J$640,MATCH($E9&$C9,'ER C8 FLT2'!$A$4:$A$640&'ER C8 FLT2'!$B$4:$B$640-1,1),8),IF($H9=\"Class_7\",INDEX('ER C7 FLT2'!$A$4:$J$640,MATCH($E9&$C9,'ER C7 FLT2'!$A$4:$A$640&'ER C7 FLT2'!$B$4:$B$640-1,1),8),IF($H9=\"Class_6\",INDEX('ER C6 FLT2'!$A$4:$J$640,MATCH($E9&$C9,'ER C6 FLT2'!$A$4:$A$640&'ER C6 FLT2'!$B$4:$B$640-1,1),8)))),IF($B9=\"1 Truck\",IF(OR($H9=\"Class_8\",$N9=\"Replacement8HHD\",$AH9=\"CL7HHD\",$AJ9=\"CL7to8\"),INDEX('ER C8 FLT1'!$A$4:$J$640,MATCH($E9&$C9,'ER C8 FLT1'!$A$4:$A$640&'ER C8 FLT1'!$B$4:$B$640-1,1),8),IF($H9=\"Class_7\",INDEX('ER C7 FLT1'!$A$4:$J$640,MATCH($E9&$C9,'ER C7 FLT1'!$A$4:$A$640&'ER C7 FLT1'!$B$4:$B$640-1,1),8),IF($H9=\"Class_6\",INDEX('ER C6 FLT1'!$A$4:$J$640,MATCH($E9&$C9,'ER C6 FLT1'!$A$4:$A$640&'ER C6 FLT1'!$B$4:$B$640-1,1),8)))))))","v":false},{"$f":"IF($B9=\"3+ Trucks\",IF(OR($H9=\"Class_8\",$N9=\"Replacement8HHD\",$AH9=\"CL7HHD\",$AJ9=\"CL7to8\"),INDEX('ER C8 FLT3'!$A$4:$J$640,MATCH($E9&$C9,'ER C8 FLT3'!$A$4:$A$640&'ER C8 FLT3'!$B$4:$B$640-2,1),8),IF($H9=\"Class_7\",INDEX('ER C7 FLT3'!$A$4:$J$640,MATCH($E9&$C9,'ER C7 FLT3'!$A$4:$A$640&'ER C7 FLT3'!$B$4:$B$640-2,1),8),IF($H9=\"Class_6\",INDEX('ER C6 FLT3'!$A$4:$J$640,MATCH($E9&$C9,'ER C6 FLT3'!$A$4:$A$640&'ER C6 FLT3'!$B$4:$B$640-2,1),8)))),IF($B9=\"2 Trucks\",IF(OR($H9=\"Class_8\",$N9=\"Replacement8HHD\",$AH9=\"CL7HHD\",$AJ9=\"CL7to8\"),INDEX('ER C8 FLT2'!$A$4:$J$640,MATCH($E9&$C9,'ER C8 FLT2'!$A$4:$A$640&'ER C8 FLT2'!$B$4:$B$640-2,1),8),IF($H9=\"Class_7\",INDEX('ER C7 FLT2'!$A$4:$J$640,MATCH($E9&$C9,'ER C7 FLT2'!$A$4:$A$640&'ER C7 FLT2'!$B$4:$B$640-2,1),8),IF($H9=\"Class_6\",INDEX('ER C6 FLT2'!$A$4:$J$640,MATCH($E9&$C9,'ER C6 FLT2'!$A$4:$A$640&'ER C6 FLT2'!$B$4:$B$640-2,1),8)))),IF($B9=\"1 Truck\",IF(OR($H9=\"Class_8\",$N9=\"Replacement8HHD\",$AH9=\"CL7HHD\",$AJ9=\"CL7to8\"),INDEX('ER C8 FLT1'!$A$4:$J$640,MATCH($E9&$C9,'ER C8 FLT1'!$A$4:$A$640&'ER C8 FLT1'!$B$4:$B$640-2,1),8),IF($H9=\"Class_7\",INDEX('ER C7 FLT1'!$A$4:$J$640,MATCH($E9&$C9,'ER C7 FLT1'!$A$4:$A$640&'ER C7 FLT1'!$B$4:$B$640-2,1),8),IF($H9=\"Class_6\",INDEX('ER C6 FLT1'!$A$4:$J$640,MATCH($E9&$C9,'ER C6 FLT1'!$A$4:$A$640&'ER C6 FLT1'!$B$4:$B$640-2,1),8)))))))","v":false},{"$f":"IF($B9=\"3+ Trucks\",IF(OR($H9=\"Class_8\",$N9=\"Replacement8HHD\",$AH9=\"CL7HHD\",$AJ9=\"CL7to8\"),INDEX('ER C8 FLT3'!$A$4:$J$640,MATCH($E9&$C9,'ER C8 FLT3'!$A$4:$A$640&'ER C8 FLT3'!$B$4:$B$640-3,1),8),IF($H9=\"Class_7\",INDEX('ER C7 FLT3'!$A$4:$J$640,MATCH($E9&$C9,'ER C7 FLT3'!$A$4:$A$640&'ER C7 FLT3'!$B$4:$B$640-3,1),8),IF($H9=\"Class_6\",INDEX('ER C6 FLT3'!$A$4:$J$640,MATCH($E9&$C9,'ER C6 FLT3'!$A$4:$A$640&'ER C6 FLT3'!$B$4:$B$640-3,1),8)))),IF($B9=\"2 Trucks\",IF(OR($H9=\"Class_8\",$N9=\"Replacement8HHD\",$AH9=\"CL7HHD\",$AJ9=\"CL7to8\"),INDEX('ER C8 FLT2'!$A$4:$J$640,MATCH($E9&$C9,'ER C8 FLT2'!$A$4:$A$640&'ER C8 FLT2'!$B$4:$B$640-3,1),8),IF($H9=\"Class_7\",INDEX('ER C7 FLT2'!$A$4:$J$640,MATCH($E9&$C9,'ER C7 FLT2'!$A$4:$A$640&'ER C7 FLT2'!$B$4:$B$640-3,1),8),IF($H9=\"Class_6\",INDEX('ER C6 FLT2'!$A$4:$J$640,MATCH($E9&$C9,'ER C6 FLT2'!$A$4:$A$640&'ER C6 FLT2'!$B$4:$B$640-3,1),8)))),IF($B9=\"1 Truck\",IF(OR($H9=\"Class_8\",$N9=\"Replacement8HHD\",$AH9=\"CL7HHD\",$AJ9=\"CL7to8\"),INDEX('ER C8 FLT1'!$A$4:$J$640,MATCH($E9&$C9,'ER C8 FLT1'!$A$4:$A$640&'ER C8 FLT1'!$B$4:$B$640-3,1),8),IF($H9=\"Class_7\",INDEX('ER C7 FLT1'!$A$4:$J$640,MATCH($E9&$C9,'ER C7 FLT1'!$A$4:$A$640&'ER C7 FLT1'!$B$4:$B$640-3,1),8),IF($H9=\"Class_6\",INDEX('ER C6 FLT1'!$A$4:$J$640,MATCH($E9&$C9,'ER C6 FLT1'!$A$4:$A$640&'ER C6 FLT1'!$B$4:$B$640-3,1),8)))))))","v":false},{"$f":"IF($B9=\"3+ Trucks\",IF(OR($H9=\"Class_8\",$N9=\"Replacement8HHD\",$AH9=\"CL7HHD\",$AJ9=\"CL7to8\"),INDEX('ER C8 FLT3'!$A$4:$J$640,MATCH($E9&$C9,'ER C8 FLT3'!$A$4:$A$640&'ER C8 FLT3'!$B$4:$B$640-4,1),8),IF($H9=\"Class_7\",INDEX('ER C7 FLT3'!$A$4:$J$640,MATCH($E9&$C9,'ER C7 FLT3'!$A$4:$A$640&'ER C7 FLT3'!$B$4:$B$640-4,1),8),IF($H9=\"Class_6\",INDEX('ER C6 FLT3'!$A$4:$J$640,MATCH($E9&$C9,'ER C6 FLT3'!$A$4:$A$640&'ER C6 FLT3'!$B$4:$B$640-4,1),8)))),IF($B9=\"2 Trucks\",IF(OR($H9=\"Class_8\",$N9=\"Replacement8HHD\",$AH9=\"CL7HHD\",$AJ9=\"CL7to8\"),INDEX('ER C8 FLT2'!$A$4:$J$640,MATCH($E9&$C9,'ER C8 FLT2'!$A$4:$A$640&'ER C8 FLT2'!$B$4:$B$640-4,1),8),IF($H9=\"Class_7\",INDEX('ER C7 FLT2'!$A$4:$J$640,MATCH($E9&$C9,'ER C7 FLT2'!$A$4:$A$640&'ER C7 FLT2'!$B$4:$B$640-4,1),8),IF($H9=\"Class_6\",INDEX('ER C6 FLT2'!$A$4:$J$640,MATCH($E9&$C9,'ER C6 FLT2'!$A$4:$A$640&'ER C6 FLT2'!$B$4:$B$640-4,1),8)))),IF($B9=\"1 Truck\",IF(OR($H9=\"Class_8\",$N9=\"Replacement8HHD\",$AH9=\"CL7HHD\",$AJ9=\"CL7to8\"),INDEX('ER C8 FLT1'!$A$4:$J$640,MATCH($E9&$C9,'ER C8 FLT1'!$A$4:$A$640&'ER C8 FLT1'!$B$4:$B$640-4,1),8),IF($H9=\"Class_7\",INDEX('ER C7 FLT1'!$A$4:$J$640,MATCH($E9&$C9,'ER C7 FLT1'!$A$4:$A$640&'ER C7 FLT1'!$B$4:$B$640-4,1),8),IF($H9=\"Class_6\",INDEX('ER C6 FLT1'!$A$4:$J$640,MATCH($E9&$C9,'ER C6 FLT1'!$A$4:$A$640&'ER C6 FLT1'!$B$4:$B$640-4,1),8)))))))","v":false},{"$f":"IF(OR($R9=\"Diesel\",$R9=\"LNG/CNG\",$R9=\"Hybrid\",$R9=\"Electric w/ AB-118\"),IF($B9=\"3+ Trucks\",IF(OR($O9=\"Class_8\",$N9=\"Replacement8HHD\",$AI9=\"CL7HHD\"),INDEX('ER C8 FLT3'!$A$4:$J$640,MATCH(DropData!$J49&$C9,'ER C8 FLT3'!$A$4:$A$640&'ER C8 FLT3'!$B$4:$B$640,1),8)*IF(OR($O9=\"Class_8\",$N9=\"Replacement8HHD\",$AI9=\"CL7HHD\"),INDEX('ER C8 FLT3'!$A$4:$J$640,MATCH(DropData!$J49&$C9,'ER C8 FLT3'!$A$4:$A$640&'ER C8 FLT3'!$B$4:$B$640,1),9)),IF($O9=\"Class_7\",INDEX('ER C7 FLT3'!$A$4:$J$640,MATCH(DropData!$J49&$C9,'ER C7 FLT3'!$A$4:$A$640&'ER C7 FLT3'!$B$4:$B$640,1),8)*IF($O9=\"Class_7\",INDEX('ER C7 FLT3'!$A$4:$J$640,MATCH(DropData!$J49&$C9,'ER C7 FLT3'!$A$4:$A$640&'ER C7 FLT3'!$B$4:$B$640,1),9)),\nIF($O9=\"Class_6\",INDEX('ER C6 FLT3'!$A$4:$J$640,MATCH(DropData!$J49&$C9,'ER C6 FLT3'!$A$4:$A$640&'ER C6 FLT3'!$B$4:$B$640,1),8)*IF($O9=\"Class_6\",INDEX('ER C6 FLT3'!$A$4:$J$640,MATCH(DropData!$J49&$C9,'ER C6 FLT3'!$A$4:$A$640&'ER C6 FLT3'!$B$4:$B$640,1),9))))),IF($B9=\"2 Trucks\",IF(OR($O9=\"Class_8\",$N9=\"Replacement8HHD\",$AI9=\"CL7HHD\"),INDEX('ER C8 FLT2'!$A$4:$J$640,MATCH(DropData!$J49&$C9,'ER C8 FLT2'!$A$4:$A$640&'ER C8 FLT2'!$B$4:$B$640,1),8)*IF(OR($O9=\"Class_8\",$N9=\"Replacement8HHD\",$AI9=\"CL7HHD\"),INDEX('ER C8 FLT2'!$A$4:$J$640,MATCH(DropData!$J49&$C9,'ER C8 FLT2'!$A$4:$A$640&'ER C8 FLT2'!$B$4:$B$640,1),9)),IF($O9=\"Class_7\",INDEX('ER C7 FLT2'!$A$4:$J$640,MATCH(DropData!$J49&$C9,'ER C7 FLT2'!$A$4:$A$640&'ER C7 FLT2'!$B$4:$B$640,1),8)*IF($O9=\"Class_7\",INDEX('ER C7 FLT2'!$A$4:$J$640,MATCH(DropData!$J49&$C9,'ER C7 FLT2'!$A$4:$A$640&'ER C7 FLT2'!$B$4:$B$640,1),9)),IF($O9=\"Class_6\",INDEX('ER C6 FLT2'!$A$4:$J$640,MATCH(DropData!$J49&$C9,'ER C6 FLT2'!$A$4:$A$640&'ER C6 FLT2'!$B$4:$B$640,1),8)*IF($O9=\"Class_6\",INDEX('ER C6 FLT2'!$A$4:$J$640,MATCH(DropData!$J49&$C9,'ER C6 FLT2'!$A$4:$A$640&'ER C6 FLT2'!$B$4:$B$640,1),9))))),IF($B9=\"1 Truck\",\nIF(OR($O9=\"Class_8\",$N9=\"Replacement8HHD\",$AI9=\"CL7HHD\"),INDEX('ER C8 FLT1'!$A$4:$J$640,MATCH(DropData!$J49&$C9,'ER C8 FLT1'!$A$4:$A$640&'ER C8 FLT1'!$B$4:$B$640,1),8)*IF(OR($O9=\"Class_8\",$N9=\"Replacement8HHD\",$AI9=\"CL7HHD\"),INDEX('ER C8 FLT1'!$A$4:$J$640,MATCH(DropData!$J49&$C9,'ER C8 FLT1'!$A$4:$A$640&'ER C8 FLT1'!$B$4:$B$640,1),9)),IF($O9=\"Class_7\",INDEX('ER C7 FLT1'!$A$4:$J$640,MATCH(DropData!$J49&$C9,'ER C7 FLT1'!$A$4:$A$640&'ER C7 FLT1'!$B$4:$B$640,1),8)*IF($O9=\"Class_7\",INDEX('ER C7 FLT1'!$A$4:$J$640,MATCH(DropData!$J49&$C9,'ER C7 FLT1'!$A$4:$A$640&'ER C7 FLT1'!$B$4:$B$640,1),9)),\nIF($O9=\"Class_6\",INDEX('ER C6 FLT1'!$A$4:$J$640,MATCH(DropData!$J49&$C9,'ER C6 FLT1'!$A$4:$A$640&'ER C6 FLT1'!$B$4:$B$640,1),8)*IF($O9=\"Class_6\",INDEX('ER C6 FLT1'!$A$4:$J$640,MATCH(DropData!$J49&$C9,'ER C6 FLT1'!$A$4:$A$640&'ER C6 FLT1'!$B$4:$B$640,1),9)))))))),IF($R9=\"Electric\",INDEX('ER Electric'!$A$6:$E$44,MATCH($C9&$O9,'ER Electric'!$A$6:$A$44&'ER Electric'!$B$6:$B$44,1),3),))*(($Q9+$AC9)/453.6)","v":0},{"$f":"IF(OR($R9=\"Diesel\",$R9=\"LNG/CNG\",$R9=\"Hybrid\",$R9=\"Electric w/ AB-118\"),IF($B9=\"3+ Trucks\",IF(OR($O9=\"Class_8\",$N9=\"Replacement8HHD\",$AI9=\"CL7HHD\"),INDEX('ER C8 FLT3'!$A$4:$J$640,MATCH(DropData!$J49&$C9,'ER C8 FLT3'!$A$4:$A$640&'ER C8 FLT3'!$B$4:$B$640-1,1),8)*IF(OR($O9=\"Class_8\",$N9=\"Replacement8HHD\",$AI9=\"CL7HHD\"),INDEX('ER C8 FLT3'!$A$4:$J$640,MATCH(DropData!$J49&$C9,'ER C8 FLT3'!$A$4:$A$640&'ER C8 FLT3'!$B$4:$B$640-1,1),9)),IF($O9=\"Class_7\",INDEX('ER C7 FLT3'!$A$4:$J$640,MATCH(DropData!$J49&$C9,'ER C7 FLT3'!$A$4:$A$640&'ER C7 FLT3'!$B$4:$B$640-1,1),8)*IF($O9=\"Class_7\",INDEX('ER C7 FLT3'!$A$4:$J$640,MATCH(DropData!$J49&$C9,'ER C7 FLT3'!$A$4:$A$640&'ER C7 FLT3'!$B$4:$B$640-1,1),9)),\nIF($O9=\"Class_6\",INDEX('ER C6 FLT3'!$A$4:$J$640,MATCH(DropData!$J49&$C9,'ER C6 FLT3'!$A$4:$A$640&'ER C6 FLT3'!$B$4:$B$640-1,1),8)*IF($O9=\"Class_6\",INDEX('ER C6 FLT3'!$A$4:$J$640,MATCH(DropData!$J49&$C9,'ER C6 FLT3'!$A$4:$A$640&'ER C6 FLT3'!$B$4:$B$640-1,1),9))))),IF($B9=\"2 Trucks\",IF(OR($O9=\"Class_8\",$N9=\"Replacement8HHD\",$AI9=\"CL7HHD\"),INDEX('ER C8 FLT2'!$A$4:$J$640,MATCH(DropData!$J49&$C9,'ER C8 FLT2'!$A$4:$A$640&'ER C8 FLT2'!$B$4:$B$640-1,1),8)*IF(OR($O9=\"Class_8\",$N9=\"Replacement8HHD\",$AI9=\"CL7HHD\"),INDEX('ER C8 FLT2'!$A$4:$J$640,MATCH(DropData!$J49&$C9,'ER C8 FLT2'!$A$4:$A$640&'ER C8 FLT2'!$B$4:$B$640-1,1),9)),IF($O9=\"Class_7\",INDEX('ER C7 FLT2'!$A$4:$J$640,MATCH(DropData!$J49&$C9,'ER C7 FLT2'!$A$4:$A$640&'ER C7 FLT2'!$B$4:$B$640-1,1),8)*IF($O9=\"Class_7\",INDEX('ER C7 FLT2'!$A$4:$J$640,MATCH(DropData!$J49&$C9,'ER C7 FLT2'!$A$4:$A$640&'ER C7 FLT2'!$B$4:$B$640-1,1),9)),IF($O9=\"Class_6\",INDEX('ER C6 FLT2'!$A$4:$J$640,MATCH(DropData!$J49&$C9,'ER C6 FLT2'!$A$4:$A$640&'ER C6 FLT2'!$B$4:$B$640-1,1),8)*IF($O9=\"Class_6\",INDEX('ER C6 FLT2'!$A$4:$J$640,MATCH(DropData!$J49&$C9,'ER C6 FLT2'!$A$4:$A$640&'ER C6 FLT2'!$B$4:$B$640-1,1),9))))),IF($B9=\"1 Truck\",\nIF(OR($O9=\"Class_8\",$N9=\"Replacement8HHD\",$AI9=\"CL7HHD\"),INDEX('ER C8 FLT1'!$A$4:$J$640,MATCH(DropData!$J49&$C9,'ER C8 FLT1'!$A$4:$A$640&'ER C8 FLT1'!$B$4:$B$640-1,1),8)*IF(OR($O9=\"Class_8\",$N9=\"Replacement8HHD\",$AI9=\"CL7HHD\"),INDEX('ER C8 FLT1'!$A$4:$J$640,MATCH(DropData!$J49&$C9,'ER C8 FLT1'!$A$4:$A$640&'ER C8 FLT1'!$B$4:$B$640-1,1),9)),IF($O9=\"Class_7\",INDEX('ER C7 FLT1'!$A$4:$J$640,MATCH(DropData!$J49&$C9,'ER C7 FLT1'!$A$4:$A$640&'ER C7 FLT1'!$B$4:$B$640-1,1),8)*IF($O9=\"Class_7\",INDEX('ER C7 FLT1'!$A$4:$J$640,MATCH(DropData!$J49&$C9,'ER C7 FLT1'!$A$4:$A$640&'ER C7 FLT1'!$B$4:$B$640-1,1),9)),\nIF($O9=\"Class_6\",INDEX('ER C6 FLT1'!$A$4:$J$640,MATCH(DropData!$J49&$C9,'ER C6 FLT1'!$A$4:$A$640&'ER C6 FLT1'!$B$4:$B$640-1,1),8)*IF($O9=\"Class_6\",INDEX('ER C6 FLT1'!$A$4:$J$640,MATCH(DropData!$J49&$C9,'ER C6 FLT1'!$A$4:$A$640&'ER C6 FLT1'!$B$4:$B$640-1,1),9)))))))),IF($R9=\"Electric\",OFFSET(INDEX('ER Electric'!$A$6:$E$44,MATCH($C9&$O9,'ER Electric'!$A$6:$A$44&'ER Electric'!$B$6:$B$44,1),3),3,0),))*(($Q9+$AC9)/453.6)","v":0},{"$f":"IF(OR($R9=\"Diesel\",$R9=\"LNG/CNG\",$R9=\"Hybrid\",$R9=\"Electric w/ AB-118\"),IF($B9=\"3+ Trucks\",IF(OR($O9=\"Class_8\",$N9=\"Replacement8HHD\",$AI9=\"CL7HHD\"),INDEX('ER C8 FLT3'!$A$4:$J$640,MATCH(DropData!$J49&$C9,'ER C8 FLT3'!$A$4:$A$640&'ER C8 FLT3'!$B$4:$B$640-2,1),8)*IF(OR($O9=\"Class_8\",$N9=\"Replacement8HHD\",$AI9=\"CL7HHD\"),INDEX('ER C8 FLT3'!$A$4:$J$640,MATCH(DropData!$J49&$C9,'ER C8 FLT3'!$A$4:$A$640&'ER C8 FLT3'!$B$4:$B$640-2,1),9)),IF($O9=\"Class_7\",INDEX('ER C7 FLT3'!$A$4:$J$640,MATCH(DropData!$J49&$C9,'ER C7 FLT3'!$A$4:$A$640&'ER C7 FLT3'!$B$4:$B$640-2,1),8)*IF($O9=\"Class_7\",INDEX('ER C7 FLT3'!$A$4:$J$640,MATCH(DropData!$J49&$C9,'ER C7 FLT3'!$A$4:$A$640&'ER C7 FLT3'!$B$4:$B$640-2,1),9)),\nIF($O9=\"Class_6\",INDEX('ER C6 FLT3'!$A$4:$J$640,MATCH(DropData!$J49&$C9,'ER C6 FLT3'!$A$4:$A$640&'ER C6 FLT3'!$B$4:$B$640-2,1),8)*IF($O9=\"Class_6\",INDEX('ER C6 FLT3'!$A$4:$J$640,MATCH(DropData!$J49&$C9,'ER C6 FLT3'!$A$4:$A$640&'ER C6 FLT3'!$B$4:$B$640-2,1),9))))),IF($B9=\"2 Trucks\",IF(OR($O9=\"Class_8\",$N9=\"Replacement8HHD\",$AI9=\"CL7HHD\"),INDEX('ER C8 FLT2'!$A$4:$J$640,MATCH(DropData!$J49&$C9,'ER C8 FLT2'!$A$4:$A$640&'ER C8 FLT2'!$B$4:$B$640-2,1),8)*IF(OR($O9=\"Class_8\",$N9=\"Replacement8HHD\",$AI9=\"CL7HHD\"),INDEX('ER C8 FLT2'!$A$4:$J$640,MATCH(DropData!$J49&$C9,'ER C8 FLT2'!$A$4:$A$640&'ER C8 FLT2'!$B$4:$B$640-2,1),9)),IF($O9=\"Class_7\",INDEX('ER C7 FLT2'!$A$4:$J$640,MATCH(DropData!$J49&$C9,'ER C7 FLT2'!$A$4:$A$640&'ER C7 FLT2'!$B$4:$B$640-2,1),8)*IF($O9=\"Class_7\",INDEX('ER C7 FLT2'!$A$4:$J$640,MATCH(DropData!$J49&$C9,'ER C7 FLT2'!$A$4:$A$640&'ER C7 FLT2'!$B$4:$B$640-2,1),9)),IF($O9=\"Class_6\",INDEX('ER C6 FLT2'!$A$4:$J$640,MATCH(DropData!$J49&$C9,'ER C6 FLT2'!$A$4:$A$640&'ER C6 FLT2'!$B$4:$B$640-2,1),8)*IF($O9=\"Class_6\",INDEX('ER C6 FLT2'!$A$4:$J$640,MATCH(DropData!$J49&$C9,'ER C6 FLT2'!$A$4:$A$640&'ER C6 FLT2'!$B$4:$B$640-2,1),9))))),IF($B9=\"1 Truck\",\nIF(OR($O9=\"Class_8\",$N9=\"Replacement8HHD\",$AI9=\"CL7HHD\"),INDEX('ER C8 FLT1'!$A$4:$J$640,MATCH(DropData!$J49&$C9,'ER C8 FLT1'!$A$4:$A$640&'ER C8 FLT1'!$B$4:$B$640-2,1),8)*IF(OR($O9=\"Class_8\",$N9=\"Replacement8HHD\",$AI9=\"CL7HHD\"),INDEX('ER C8 FLT1'!$A$4:$J$640,MATCH(DropData!$J49&$C9,'ER C8 FLT1'!$A$4:$A$640&'ER C8 FLT1'!$B$4:$B$640-2,1),9)),IF($O9=\"Class_7\",INDEX('ER C7 FLT1'!$A$4:$J$640,MATCH(DropData!$J49&$C9,'ER C7 FLT1'!$A$4:$A$640&'ER C7 FLT1'!$B$4:$B$640-2,1),8)*IF($O9=\"Class_7\",INDEX('ER C7 FLT1'!$A$4:$J$640,MATCH(DropData!$J49&$C9,'ER C7 FLT1'!$A$4:$A$640&'ER C7 FLT1'!$B$4:$B$640-2,1),9)),\nIF($O9=\"Class_6\",INDEX('ER C6 FLT1'!$A$4:$J$640,MATCH(DropData!$J49&$C9,'ER C6 FLT1'!$A$4:$A$640&'ER C6 FLT1'!$B$4:$B$640-2,1),8)*IF($O9=\"Class_6\",INDEX('ER C6 FLT1'!$A$4:$J$640,MATCH(DropData!$J49&$C9,'ER C6 FLT1'!$A$4:$A$640&'ER C6 FLT1'!$B$4:$B$640-2,1),9)))))))),IF($R9=\"Electric\",OFFSET(INDEX('ER Electric'!$A$6:$E$44,MATCH($C9&$O9,'ER Electric'!$A$6:$A$44&'ER Electric'!$B$6:$B$44,1),3),6,0),))*(($Q9+$AC9)/453.6)","v":0},{"$f":"IF(OR($R9=\"Diesel\",$R9=\"LNG/CNG\",$R9=\"Hybrid\",$R9=\"Electric w/ AB-118\"),IF($B9=\"3+ Trucks\",IF(OR($O9=\"Class_8\",$N9=\"Replacement8HHD\",$AI9=\"CL7HHD\"),INDEX('ER C8 FLT3'!$A$4:$J$640,MATCH(DropData!$J49&$C9,'ER C8 FLT3'!$A$4:$A$640&'ER C8 FLT3'!$B$4:$B$640-3,1),8)*IF(OR($O9=\"Class_8\",$N9=\"Replacement8HHD\",$AI9=\"CL7HHD\"),INDEX('ER C8 FLT3'!$A$4:$J$640,MATCH(DropData!$J49&$C9,'ER C8 FLT3'!$A$4:$A$640&'ER C8 FLT3'!$B$4:$B$640-3,1),9)),IF($O9=\"Class_7\",INDEX('ER C7 FLT3'!$A$4:$J$640,MATCH(DropData!$J49&$C9,'ER C7 FLT3'!$A$4:$A$640&'ER C7 FLT3'!$B$4:$B$640-3,1),8)*IF($O9=\"Class_7\",INDEX('ER C7 FLT3'!$A$4:$J$640,MATCH(DropData!$J49&$C9,'ER C7 FLT3'!$A$4:$A$640&'ER C7 FLT3'!$B$4:$B$640-3,1),9)),\nIF($O9=\"Class_6\",INDEX('ER C6 FLT3'!$A$4:$J$640,MATCH(DropData!$J49&$C9,'ER C6 FLT3'!$A$4:$A$640&'ER C6 FLT3'!$B$4:$B$640-3,1),8)*IF($O9=\"Class_6\",INDEX('ER C6 FLT3'!$A$4:$J$640,MATCH(DropData!$J49&$C9,'ER C6 FLT3'!$A$4:$A$640&'ER C6 FLT3'!$B$4:$B$640-3,1),9))))),IF($B9=\"2 Trucks\",IF(OR($O9=\"Class_8\",$N9=\"Replacement8HHD\",$AI9=\"CL7HHD\"),INDEX('ER C8 FLT2'!$A$4:$J$640,MATCH(DropData!$J49&$C9,'ER C8 FLT2'!$A$4:$A$640&'ER C8 FLT2'!$B$4:$B$640-3,1),8)*IF(OR($O9=\"Class_8\",$N9=\"Replacement8HHD\",$AI9=\"CL7HHD\"),INDEX('ER C8 FLT2'!$A$4:$J$640,MATCH(DropData!$J49&$C9,'ER C8 FLT2'!$A$4:$A$640&'ER C8 FLT2'!$B$4:$B$640-3,1),9)),IF($O9=\"Class_7\",INDEX('ER C7 FLT2'!$A$4:$J$640,MATCH(DropData!$J49&$C9,'ER C7 FLT2'!$A$4:$A$640&'ER C7 FLT2'!$B$4:$B$640-3,1),8)*IF($O9=\"Class_7\",INDEX('ER C7 FLT2'!$A$4:$J$640,MATCH(DropData!$J49&$C9,'ER C7 FLT2'!$A$4:$A$640&'ER C7 FLT2'!$B$4:$B$640-3,1),9)),IF($O9=\"Class_6\",INDEX('ER C6 FLT2'!$A$4:$J$640,MATCH(DropData!$J49&$C9,'ER C6 FLT2'!$A$4:$A$640&'ER C6 FLT2'!$B$4:$B$640-3,1),8)*IF($O9=\"Class_6\",INDEX('ER C6 FLT2'!$A$4:$J$640,MATCH(DropData!$J49&$C9,'ER C6 FLT2'!$A$4:$A$640&'ER C6 FLT2'!$B$4:$B$640-3,1),9))))),IF($B9=\"1 Truck\",\nIF(OR($O9=\"Class_8\",$N9=\"Replacement8HHD\",$AI9=\"CL7HHD\"),INDEX('ER C8 FLT1'!$A$4:$J$640,MATCH(DropData!$J49&$C9,'ER C8 FLT1'!$A$4:$A$640&'ER C8 FLT1'!$B$4:$B$640-3,1),8)*IF(OR($O9=\"Class_8\",$N9=\"Replacement8HHD\",$AI9=\"CL7HHD\"),INDEX('ER C8 FLT1'!$A$4:$J$640,MATCH(DropData!$J49&$C9,'ER C8 FLT1'!$A$4:$A$640&'ER C8 FLT1'!$B$4:$B$640-3,1),9)),IF($O9=\"Class_7\",INDEX('ER C7 FLT1'!$A$4:$J$640,MATCH(DropData!$J49&$C9,'ER C7 FLT1'!$A$4:$A$640&'ER C7 FLT1'!$B$4:$B$640-3,1),8)*IF($O9=\"Class_7\",INDEX('ER C7 FLT1'!$A$4:$J$640,MATCH(DropData!$J49&$C9,'ER C7 FLT1'!$A$4:$A$640&'ER C7 FLT1'!$B$4:$B$640-3,1),9)),\nIF($O9=\"Class_6\",INDEX('ER C6 FLT1'!$A$4:$J$640,MATCH(DropData!$J49&$C9,'ER C6 FLT1'!$A$4:$A$640&'ER C6 FLT1'!$B$4:$B$640-3,1),8)*IF($O9=\"Class_6\",INDEX('ER C6 FLT1'!$A$4:$J$640,MATCH(DropData!$J49&$C9,'ER C6 FLT1'!$A$4:$A$640&'ER C6 FLT1'!$B$4:$B$640-3,1),9)))))))),IF($R9=\"Electric\",OFFSET(INDEX('ER Electric'!$A$6:$E$44,MATCH($C9&$O9,'ER Electric'!$A$6:$A$44&'ER Electric'!$B$6:$B$44,1),3),9,0)))*(($Q9+$AC9)/453.6)","v":0},{"$f":"IF(OR($R9=\"Diesel\",$R9=\"LNG/CNG\",$R9=\"Hybrid\",$R9=\"Electric w/ AB-118\"),IF($B9=\"3+ Trucks\",IF(OR($O9=\"Class_8\",$N9=\"Replacement8HHD\",$AI9=\"CL7HHD\"),INDEX('ER C8 FLT3'!$A$4:$J$640,MATCH(DropData!$J49&$C9,'ER C8 FLT3'!$A$4:$A$640&'ER C8 FLT3'!$B$4:$B$640-4,1),8)*IF(OR($O9=\"Class_8\",$N9=\"Replacement8HHD\",$AI9=\"CL7HHD\"),INDEX('ER C8 FLT3'!$A$4:$J$640,MATCH(DropData!$J49&$C9,'ER C8 FLT3'!$A$4:$A$640&'ER C8 FLT3'!$B$4:$B$640-4,1),9)),IF($O9=\"Class_7\",INDEX('ER C7 FLT3'!$A$4:$J$640,MATCH(DropData!$J49&$C9,'ER C7 FLT3'!$A$4:$A$640&'ER C7 FLT3'!$B$4:$B$640-4,1),8)*IF($O9=\"Class_7\",INDEX('ER C7 FLT3'!$A$4:$J$640,MATCH(DropData!$J49&$C9,'ER C7 FLT3'!$A$4:$A$640&'ER C7 FLT3'!$B$4:$B$640-4,1),9)),\nIF($O9=\"Class_6\",INDEX('ER C6 FLT3'!$A$4:$J$640,MATCH(DropData!$J49&$C9,'ER C6 FLT3'!$A$4:$A$640&'ER C6 FLT3'!$B$4:$B$640-4,1),8)*IF($O9=\"Class_6\",INDEX('ER C6 FLT3'!$A$4:$J$640,MATCH(DropData!$J49&$C9,'ER C6 FLT3'!$A$4:$A$640&'ER C6 FLT3'!$B$4:$B$640-4,1),9))))),IF($B9=\"2 Trucks\",IF(OR($O9=\"Class_8\",$N9=\"Replacement8HHD\",$AI9=\"CL7HHD\"),INDEX('ER C8 FLT2'!$A$4:$J$640,MATCH(DropData!$J49&$C9,'ER C8 FLT2'!$A$4:$A$640&'ER C8 FLT2'!$B$4:$B$640-4,1),8)*IF(OR($O9=\"Class_8\",$N9=\"Replacement8HHD\",$AI9=\"CL7HHD\"),INDEX('ER C8 FLT2'!$A$4:$J$640,MATCH(DropData!$J49&$C9,'ER C8 FLT2'!$A$4:$A$640&'ER C8 FLT2'!$B$4:$B$640-4,1),9)),IF($O9=\"Class_7\",INDEX('ER C7 FLT2'!$A$4:$J$640,MATCH(DropData!$J49&$C9,'ER C7 FLT2'!$A$4:$A$640&'ER C7 FLT2'!$B$4:$B$640-4,1),8)*IF($O9=\"Class_7\",INDEX('ER C7 FLT2'!$A$4:$J$640,MATCH(DropData!$J49&$C9,'ER C7 FLT2'!$A$4:$A$640&'ER C7 FLT2'!$B$4:$B$640-4,1),9)),IF($O9=\"Class_6\",INDEX('ER C6 FLT2'!$A$4:$J$640,MATCH(DropData!$J49&$C9,'ER C6 FLT2'!$A$4:$A$640&'ER C6 FLT2'!$B$4:$B$640-4,1),8)*IF($O9=\"Class_6\",INDEX('ER C6 FLT2'!$A$4:$J$640,MATCH(DropData!$J49&$C9,'ER C6 FLT2'!$A$4:$A$640&'ER C6 FLT2'!$B$4:$B$640-4,1),9))))),IF($B9=\"1 Truck\",\nIF(OR($O9=\"Class_8\",$N9=\"Replacement8HHD\",$AI9=\"CL7HHD\"),INDEX('ER C8 FLT1'!$A$4:$J$640,MATCH(DropData!$J49&$C9,'ER C8 FLT1'!$A$4:$A$640&'ER C8 FLT1'!$B$4:$B$640-4,1),8)*IF(OR($O9=\"Class_8\",$N9=\"Replacement8HHD\",$AI9=\"CL7HHD\"),INDEX('ER C8 FLT1'!$A$4:$J$640,MATCH(DropData!$J49&$C9,'ER C8 FLT1'!$A$4:$A$640&'ER C8 FLT1'!$B$4:$B$640-4,1),9)),IF($O9=\"Class_7\",INDEX('ER C7 FLT1'!$A$4:$J$640,MATCH(DropData!$J49&$C9,'ER C7 FLT1'!$A$4:$A$640&'ER C7 FLT1'!$B$4:$B$640-4,1),8)*IF($O9=\"Class_7\",INDEX('ER C7 FLT1'!$A$4:$J$640,MATCH(DropData!$J49&$C9,'ER C7 FLT1'!$A$4:$A$640&'ER C7 FLT1'!$B$4:$B$640-4,1),9)),\nIF($O9=\"Class_6\",INDEX('ER C6 FLT1'!$A$4:$J$640,MATCH(DropData!$J49&$C9,'ER C6 FLT1'!$A$4:$A$640&'ER C6 FLT1'!$B$4:$B$640-4,1),8)*IF($O9=\"Class_6\",INDEX('ER C6 FLT1'!$A$4:$J$640,MATCH(DropData!$J49&$C9,'ER C6 FLT1'!$A$4:$A$640&'ER C6 FLT1'!$B$4:$B$640-4,1),9)))))))),IF($R9=\"Electric\",OFFSET(INDEX('ER Electric'!$A$6:$E$44,MATCH($C9&$O9,'ER Electric'!$A$6:$A$44&'ER Electric'!$B$6:$B$44,1),3),12,0),))*(($Q9+$AC9)/453.6)","v":0},{"$f":"IF(OR($R9=\"Diesel\",$R9=\"LNG/CNG\",$R9=\"Hybrid\",$R9=\"Electric w/ AB-118\"),IF($B9=\"3+ Trucks\",IF(OR($O9=\"Class_8\",$N9=\"Replacement8HHD\",$AI9=\"CL7HHD\"),INDEX('ER C8 FLT3'!$A$4:$J$640,MATCH(DropData!$J49&$C9,'ER C8 FLT3'!$A$4:$A$640&'ER C8 FLT3'!$B$4:$B$640,1),8)*IF(OR($O9=\"Class_8\",$N9=\"Replacement8HHD\",$AI9=\"CL7HHD\"),INDEX('ER C8 FLT3'!$A$4:$J$640,MATCH(DropData!$J49&$C9,'ER C8 FLT3'!$A$4:$A$640&'ER C8 FLT3'!$B$4:$B$640,1),9)),IF($O9=\"Class_7\",INDEX('ER C7 FLT3'!$A$4:$J$640,MATCH(DropData!$J49&$C9,'ER C7 FLT3'!$A$4:$A$640&'ER C7 FLT3'!$B$4:$B$640,1),8)*IF($O9=\"Class_7\",INDEX('ER C7 FLT3'!$A$4:$J$640,MATCH(DropData!$J49&$C9,'ER C7 FLT3'!$A$4:$A$640&'ER C7 FLT3'!$B$4:$B$640,1),9)),\nIF($O9=\"Class_6\",INDEX('ER C6 FLT3'!$A$4:$J$640,MATCH(DropData!$J49&$C9,'ER C6 FLT3'!$A$4:$A$640&'ER C6 FLT3'!$B$4:$B$640,1),8)*IF($O9=\"Class_6\",INDEX('ER C6 FLT3'!$A$4:$J$640,MATCH(DropData!$J49&$C9,'ER C6 FLT3'!$A$4:$A$640&'ER C6 FLT3'!$B$4:$B$640,1),9))))),IF($B9=\"2 Trucks\",IF(OR($O9=\"Class_8\",$N9=\"Replacement8HHD\",$AI9=\"CL7HHD\"),INDEX('ER C8 FLT2'!$A$4:$J$640,MATCH(DropData!$J49&$C9,'ER C8 FLT2'!$A$4:$A$640&'ER C8 FLT2'!$B$4:$B$640,1),8)*IF(OR($O9=\"Class_8\",$N9=\"Replacement8HHD\",$AI9=\"CL7HHD\"),INDEX('ER C8 FLT2'!$A$4:$J$640,MATCH(DropData!$J49&$C9,'ER C8 FLT2'!$A$4:$A$640&'ER C8 FLT2'!$B$4:$B$640,1),9)),IF($O9=\"Class_7\",INDEX('ER C7 FLT2'!$A$4:$J$640,MATCH(DropData!$J49&$C9,'ER C7 FLT2'!$A$4:$A$640&'ER C7 FLT2'!$B$4:$B$640,1),8)*IF($O9=\"Class_7\",INDEX('ER C7 FLT2'!$A$4:$J$640,MATCH(DropData!$J49&$C9,'ER C7 FLT2'!$A$4:$A$640&'ER C7 FLT2'!$B$4:$B$640,1),9)),IF($O9=\"Class_6\",INDEX('ER C6 FLT2'!$A$4:$J$640,MATCH(DropData!$J49&$C9,'ER C6 FLT2'!$A$4:$A$640&'ER C6 FLT2'!$B$4:$B$640,1),8)*IF($O9=\"Class_6\",INDEX('ER C6 FLT2'!$A$4:$J$640,MATCH(DropData!$J49&$C9,'ER C6 FLT2'!$A$4:$A$640&'ER C6 FLT2'!$B$4:$B$640,1),9))))),IF($B9=\"1 Truck\",\nIF(OR($O9=\"Class_8\",$N9=\"Replacement8HHD\",$AI9=\"CL7HHD\"),INDEX('ER C8 FLT1'!$A$4:$J$640,MATCH(DropData!$J49&$C9,'ER C8 FLT1'!$A$4:$A$640&'ER C8 FLT1'!$B$4:$B$640,1),8)*IF(OR($O9=\"Class_8\",$N9=\"Replacement8HHD\",$AI9=\"CL7HHD\"),INDEX('ER C8 FLT1'!$A$4:$J$640,MATCH(DropData!$J49&$C9,'ER C8 FLT1'!$A$4:$A$640&'ER C8 FLT1'!$B$4:$B$640,1),9)),IF($O9=\"Class_7\",INDEX('ER C7 FLT1'!$A$4:$J$640,MATCH(DropData!$J49&$C9,'ER C7 FLT1'!$A$4:$A$640&'ER C7 FLT1'!$B$4:$B$640,1),8)*IF($O9=\"Class_7\",INDEX('ER C7 FLT1'!$A$4:$J$640,MATCH(DropData!$J49&$C9,'ER C7 FLT1'!$A$4:$A$640&'ER C7 FLT1'!$B$4:$B$640,1),9)),IF($O9=\"Class_6\",INDEX('ER C6 FLT1'!$A$4:$J$640,MATCH(DropData!$J49&$C9,'ER C6 FLT1'!$A$4:$A$640&'ER C6 FLT1'!$B$4:$B$640,1),8)*IF($O9=\"Class_6\",INDEX('ER C6 FLT1'!$A$4:$J$640,MATCH(DropData!$J49&$C9,'ER C6 FLT1'!$A$4:$A$640&'ER C6 FLT1'!$B$4:$B$640,1),9)))))))),IF($R9=\"Electric\",INDEX('ER Electric'!$A$6:$E$44,MATCH($C9&$O9,'ER Electric'!$A$6:$A$44&'ER Electric'!$B$6:$B$44,1),3),))","v":0},{"$f":"IF(OR($R9=\"Diesel\",$R9=\"LNG/CNG\",$R9=\"Hybrid\",$R9=\"Electric w/ AB-118\"),IF($B9=\"3+ Trucks\",IF(OR($O9=\"Class_8\",$N9=\"Replacement8HHD\",$AI9=\"CL7HHD\"),INDEX('ER C8 FLT3'!$A$4:$J$640,MATCH(DropData!$J49&$C9,'ER C8 FLT3'!$A$4:$A$640&'ER C8 FLT3'!$B$4:$B$640-1,1),8)*IF(OR($O9=\"Class_8\",$N9=\"Replacement8HHD\",$AI9=\"CL7HHD\"),INDEX('ER C8 FLT3'!$A$4:$J$640,MATCH(DropData!$J49&$C9,'ER C8 FLT3'!$A$4:$A$640&'ER C8 FLT3'!$B$4:$B$640-1,1),9)),IF($O9=\"Class_7\",INDEX('ER C7 FLT3'!$A$4:$J$640,MATCH(DropData!$J49&$C9,'ER C7 FLT3'!$A$4:$A$640&'ER C7 FLT3'!$B$4:$B$640-1,1),8)*IF($O9=\"Class_7\",INDEX('ER C7 FLT3'!$A$4:$J$640,MATCH(DropData!$J49&$C9,'ER C7 FLT3'!$A$4:$A$640&'ER C7 FLT3'!$B$4:$B$640-1,1),9)),IF($O9=\"Class_6\",INDEX('ER C6 FLT3'!$A$4:$J$640,MATCH(DropData!$J49&$C9,'ER C6 FLT3'!$A$4:$A$640&'ER C6 FLT3'!$B$4:$B$640-1,1),8)*IF($O9=\"Class_6\",INDEX('ER C6 FLT3'!$A$4:$J$640,MATCH(DropData!$J49&$C9,'ER C6 FLT3'!$A$4:$A$640&'ER C6 FLT3'!$B$4:$B$640-1,1),9))))),IF($B9=\"2 Trucks\",IF(OR($O9=\"Class_8\",$N9=\"Replacement8HHD\",$AI9=\"CL7HHD\"),INDEX('ER C8 FLT2'!$A$4:$J$640,MATCH(DropData!$J49&$C9,'ER C8 FLT2'!$A$4:$A$640&'ER C8 FLT2'!$B$4:$B$640-1,1),8)*IF(OR($O9=\"Class_8\",$N9=\"Replacement8HHD\",$AI9=\"CL7HHD\"),INDEX('ER C8 FLT2'!$A$4:$J$640,MATCH(DropData!$J49&$C9,'ER C8 FLT2'!$A$4:$A$640&'ER C8 FLT2'!$B$4:$B$640-1,1),9)),IF($O9=\"Class_7\",INDEX('ER C7 FLT2'!$A$4:$J$640,MATCH(DropData!$J49&$C9,'ER C7 FLT2'!$A$4:$A$640&'ER C7 FLT2'!$B$4:$B$640-1,1),8)*IF($O9=\"Class_7\",INDEX('ER C7 FLT2'!$A$4:$J$640,MATCH(DropData!$J49&$C9,'ER C7 FLT2'!$A$4:$A$640&'ER C7 FLT2'!$B$4:$B$640-1,1),9)),IF($O9=\"Class_6\",INDEX('ER C6 FLT2'!$A$4:$J$640,MATCH(DropData!$J49&$C9,'ER C6 FLT2'!$A$4:$A$640&'ER C6 FLT2'!$B$4:$B$640-1,1),8)*IF($O9=\"Class_6\",INDEX('ER C6 FLT2'!$A$4:$J$640,MATCH(DropData!$J49&$C9,'ER C6 FLT2'!$A$4:$A$640&'ER C6 FLT2'!$B$4:$B$640-1,1),9))))),IF($B9=\"1 Truck\",IF(OR($O9=\"Class_8\",$N9=\"Replacement8HHD\",$AI9=\"CL7HHD\"),INDEX('ER C8 FLT1'!$A$4:$J$640,MATCH(DropData!$J49&$C9,'ER C8 FLT1'!$A$4:$A$640&'ER C8 FLT1'!$B$4:$B$640-1,1),8)*IF(OR($O9=\"Class_8\",$N9=\"Replacement8HHD\",$AI9=\"CL7HHD\"),INDEX('ER C8 FLT1'!$A$4:$J$640,MATCH(DropData!$J49&$C9,'ER C8 FLT1'!$A$4:$A$640&'ER C8 FLT1'!$B$4:$B$640-1,1),9)),IF($O9=\"Class_7\",INDEX('ER C7 FLT1'!$A$4:$J$640,MATCH(DropData!$J49&$C9,'ER C7 FLT1'!$A$4:$A$640&'ER C7 FLT1'!$B$4:$B$640-1,1),8)*IF($O9=\"Class_7\",INDEX('ER C7 FLT1'!$A$4:$J$640,MATCH(DropData!$J49&$C9,'ER C7 FLT1'!$A$4:$A$640&'ER C7 FLT1'!$B$4:$B$640-1,1),9)),IF($O9=\"Class_6\",INDEX('ER C6 FLT1'!$A$4:$J$640,MATCH(DropData!$J49&$C9,'ER C6 FLT1'!$A$4:$A$640&'ER C6 FLT1'!$B$4:$B$640-1,1),8)*IF($O9=\"Class_6\",INDEX('ER C6 FLT1'!$A$4:$J$640,MATCH(DropData!$J49&$C9,'ER C6 FLT1'!$A$4:$A$640&'ER C6 FLT1'!$B$4:$B$640-1,1),9)))))))),IF($R9=\"Electric\",OFFSET(INDEX('ER Electric'!$A$6:$E$44,MATCH($C9&$O9,'ER Electric'!$A$6:$A$44&'ER Electric'!$B$6:$B$44,1),3),3,0),))","v":0},{"$f":"IF(OR($R9=\"Diesel\",$R9=\"LNG/CNG\",$R9=\"Hybrid\",$R9=\"Electric w/ AB-118\"),IF($B9=\"3+ Trucks\",IF(OR($O9=\"Class_8\",$N9=\"Replacement8HHD\",$AI9=\"CL7HHD\"),INDEX('ER C8 FLT3'!$A$4:$J$640,MATCH(DropData!$J49&$C9,'ER C8 FLT3'!$A$4:$A$640&'ER C8 FLT3'!$B$4:$B$640-2,1),8)*IF(OR($O9=\"Class_8\",$N9=\"Replacement8HHD\",$AI9=\"CL7HHD\"),INDEX('ER C8 FLT3'!$A$4:$J$640,MATCH(DropData!$J49&$C9,'ER C8 FLT3'!$A$4:$A$640&'ER C8 FLT3'!$B$4:$B$640-2,1),9)),IF($O9=\"Class_7\",INDEX('ER C7 FLT3'!$A$4:$J$640,MATCH(DropData!$J49&$C9,'ER C7 FLT3'!$A$4:$A$640&'ER C7 FLT3'!$B$4:$B$640-2,1),8)*IF($O9=\"Class_7\",INDEX('ER C7 FLT3'!$A$4:$J$640,MATCH(DropData!$J49&$C9,'ER C7 FLT3'!$A$4:$A$640&'ER C7 FLT3'!$B$4:$B$640-2,1),9)),IF($O9=\"Class_6\",INDEX('ER C6 FLT3'!$A$4:$J$640,MATCH(DropData!$J49&$C9,'ER C6 FLT3'!$A$4:$A$640&'ER C6 FLT3'!$B$4:$B$640-2,1),8)*IF($O9=\"Class_6\",INDEX('ER C6 FLT3'!$A$4:$J$640,MATCH(DropData!$J49&$C9,'ER C6 FLT3'!$A$4:$A$640&'ER C6 FLT3'!$B$4:$B$640-2,1),9))))),IF($B9=\"2 Trucks\",IF(OR($O9=\"Class_8\",$N9=\"Replacement8HHD\",$AI9=\"CL7HHD\"),INDEX('ER C8 FLT2'!$A$4:$J$640,MATCH(DropData!$J49&$C9,'ER C8 FLT2'!$A$4:$A$640&'ER C8 FLT2'!$B$4:$B$640-2,1),8)*IF(OR($O9=\"Class_8\",$N9=\"Replacement8HHD\",$AI9=\"CL7HHD\"),INDEX('ER C8 FLT2'!$A$4:$J$640,MATCH(DropData!$J49&$C9,'ER C8 FLT2'!$A$4:$A$640&'ER C8 FLT2'!$B$4:$B$640-2,1),9)),IF($O9=\"Class_7\",INDEX('ER C7 FLT2'!$A$4:$J$640,MATCH(DropData!$J49&$C9,'ER C7 FLT2'!$A$4:$A$640&'ER C7 FLT2'!$B$4:$B$640-2,1),8)*IF($O9=\"Class_7\",INDEX('ER C7 FLT2'!$A$4:$J$640,MATCH(DropData!$J49&$C9,'ER C7 FLT2'!$A$4:$A$640&'ER C7 FLT2'!$B$4:$B$640-2,1),9)),IF($O9=\"Class_6\",INDEX('ER C6 FLT2'!$A$4:$J$640,MATCH(DropData!$J49&$C9,'ER C6 FLT2'!$A$4:$A$640&'ER C6 FLT2'!$B$4:$B$640-2,1),8)*IF($O9=\"Class_6\",INDEX('ER C6 FLT2'!$A$4:$J$640,MATCH(DropData!$J49&$C9,'ER C6 FLT2'!$A$4:$A$640&'ER C6 FLT2'!$B$4:$B$640-2,1),9))))),IF($B9=\"1 Truck\",IF(OR($O9=\"Class_8\",$N9=\"Replacement8HHD\",$AI9=\"CL7HHD\"),INDEX('ER C8 FLT1'!$A$4:$J$640,MATCH(DropData!$J49&$C9,'ER C8 FLT1'!$A$4:$A$640&'ER C8 FLT1'!$B$4:$B$640-2,1),8)*IF(OR($O9=\"Class_8\",$N9=\"Replacement8HHD\",$AI9=\"CL7HHD\"),INDEX('ER C8 FLT1'!$A$4:$J$640,MATCH(DropData!$J49&$C9,'ER C8 FLT1'!$A$4:$A$640&'ER C8 FLT1'!$B$4:$B$640-2,1),9)),IF($O9=\"Class_7\",INDEX('ER C7 FLT1'!$A$4:$J$640,MATCH(DropData!$J49&$C9,'ER C7 FLT1'!$A$4:$A$640&'ER C7 FLT1'!$B$4:$B$640-2,1),8)*IF($O9=\"Class_7\",INDEX('ER C7 FLT1'!$A$4:$J$640,MATCH(DropData!$J49&$C9,'ER C7 FLT1'!$A$4:$A$640&'ER C7 FLT1'!$B$4:$B$640-2,1),9)),IF($O9=\"Class_6\",INDEX('ER C6 FLT1'!$A$4:$J$640,MATCH(DropData!$J49&$C9,'ER C6 FLT1'!$A$4:$A$640&'ER C6 FLT1'!$B$4:$B$640-2,1),8)*IF($O9=\"Class_6\",INDEX('ER C6 FLT1'!$A$4:$J$640,MATCH(DropData!$J49&$C9,'ER C6 FLT1'!$A$4:$A$640&'ER C6 FLT1'!$B$4:$B$640-2,1),9)))))))),IF($R9=\"Electric\",OFFSET(INDEX('ER Electric'!$A$6:$E$44,MATCH($C9&$O9,'ER Electric'!$A$6:$A$44&'ER Electric'!$B$6:$B$44,1),3),6,0),))","v":0},{"$f":"IF(OR($R9=\"Diesel\",$R9=\"LNG/CNG\",$R9=\"Hybrid\",$R9=\"Electric w/ AB-118\"),IF($B9=\"3+ Trucks\",IF(OR($O9=\"Class_8\",$N9=\"Replacement8HHD\",$AI9=\"CL7HHD\"),INDEX('ER C8 FLT3'!$A$4:$J$640,MATCH(DropData!$J49&$C9,'ER C8 FLT3'!$A$4:$A$640&'ER C8 FLT3'!$B$4:$B$640-3,1),8)*IF(OR($O9=\"Class_8\",$N9=\"Replacement8HHD\",$AI9=\"CL7HHD\"),INDEX('ER C8 FLT3'!$A$4:$J$640,MATCH(DropData!$J49&$C9,'ER C8 FLT3'!$A$4:$A$640&'ER C8 FLT3'!$B$4:$B$640-3,1),9)),IF($O9=\"Class_7\",INDEX('ER C7 FLT3'!$A$4:$J$640,MATCH(DropData!$J49&$C9,'ER C7 FLT3'!$A$4:$A$640&'ER C7 FLT3'!$B$4:$B$640-3,1),8)*IF($O9=\"Class_7\",INDEX('ER C7 FLT3'!$A$4:$J$640,MATCH(DropData!$J49&$C9,'ER C7 FLT3'!$A$4:$A$640&'ER C7 FLT3'!$B$4:$B$640-3,1),9)),IF($O9=\"Class_6\",INDEX('ER C6 FLT3'!$A$4:$J$640,MATCH(DropData!$J49&$C9,'ER C6 FLT3'!$A$4:$A$640&'ER C6 FLT3'!$B$4:$B$640-3,1),8)*IF($O9=\"Class_6\",INDEX('ER C6 FLT3'!$A$4:$J$640,MATCH(DropData!$J49&$C9,'ER C6 FLT3'!$A$4:$A$640&'ER C6 FLT3'!$B$4:$B$640-3,1),9))))),IF($B9=\"2 Trucks\",IF(OR($O9=\"Class_8\",$N9=\"Replacement8HHD\",$AI9=\"CL7HHD\"),INDEX('ER C8 FLT2'!$A$4:$J$640,MATCH(DropData!$J49&$C9,'ER C8 FLT2'!$A$4:$A$640&'ER C8 FLT2'!$B$4:$B$640-3,1),8)*IF(OR($O9=\"Class_8\",$N9=\"Replacement8HHD\",$AI9=\"CL7HHD\"),INDEX('ER C8 FLT2'!$A$4:$J$640,MATCH(DropData!$J49&$C9,'ER C8 FLT2'!$A$4:$A$640&'ER C8 FLT2'!$B$4:$B$640-3,1),9)),IF($O9=\"Class_7\",INDEX('ER C7 FLT2'!$A$4:$J$640,MATCH(DropData!$J49&$C9,'ER C7 FLT2'!$A$4:$A$640&'ER C7 FLT2'!$B$4:$B$640-3,1),8)*IF($O9=\"Class_7\",INDEX('ER C7 FLT2'!$A$4:$J$640,MATCH(DropData!$J49&$C9,'ER C7 FLT2'!$A$4:$A$640&'ER C7 FLT2'!$B$4:$B$640-3,1),9)),IF($O9=\"Class_6\",INDEX('ER C6 FLT2'!$A$4:$J$640,MATCH(DropData!$J49&$C9,'ER C6 FLT2'!$A$4:$A$640&'ER C6 FLT2'!$B$4:$B$640-3,1),8)*IF($O9=\"Class_6\",INDEX('ER C6 FLT2'!$A$4:$J$640,MATCH(DropData!$J49&$C9,'ER C6 FLT2'!$A$4:$A$640&'ER C6 FLT2'!$B$4:$B$640-3,1),9))))),IF($B9=\"1 Truck\",IF(OR($O9=\"Class_8\",$N9=\"Replacement8HHD\",$AI9=\"CL7HHD\"),INDEX('ER C8 FLT1'!$A$4:$J$640,MATCH(DropData!$J49&$C9,'ER C8 FLT1'!$A$4:$A$640&'ER C8 FLT1'!$B$4:$B$640-3,1),8)*IF(OR($O9=\"Class_8\",$N9=\"Replacement8HHD\",$AI9=\"CL7HHD\"),INDEX('ER C8 FLT1'!$A$4:$J$640,MATCH(DropData!$J49&$C9,'ER C8 FLT1'!$A$4:$A$640&'ER C8 FLT1'!$B$4:$B$640-3,1),9)),IF($O9=\"Class_7\",INDEX('ER C7 FLT1'!$A$4:$J$640,MATCH(DropData!$J49&$C9,'ER C7 FLT1'!$A$4:$A$640&'ER C7 FLT1'!$B$4:$B$640-3,1),8)*IF($O9=\"Class_7\",INDEX('ER C7 FLT1'!$A$4:$J$640,MATCH(DropData!$J49&$C9,'ER C7 FLT1'!$A$4:$A$640&'ER C7 FLT1'!$B$4:$B$640-3,1),9)),IF($O9=\"Class_6\",INDEX('ER C6 FLT1'!$A$4:$J$640,MATCH(DropData!$J49&$C9,'ER C6 FLT1'!$A$4:$A$640&'ER C6 FLT1'!$B$4:$B$640-3,1),8)*IF($O9=\"Class_6\",INDEX('ER C6 FLT1'!$A$4:$J$640,MATCH(DropData!$J49&$C9,'ER C6 FLT1'!$A$4:$A$640&'ER C6 FLT1'!$B$4:$B$640-3,1),9)))))))),IF($R9=\"Electric\",OFFSET(INDEX('ER Electric'!$A$6:$E$44,MATCH($C9&$O9,'ER Electric'!$A$6:$A$44&'ER Electric'!$B$6:$B$44,1),3),9,0),))","v":0},{"$f":"IF(OR($R9=\"Diesel\",$R9=\"LNG/CNG\",$R9=\"Hybrid\",$R9=\"Electric w/ AB-118\"),IF($B9=\"3+ Trucks\",IF(OR($O9=\"Class_8\",$N9=\"Replacement8HHD\",$AI9=\"CL7HHD\"),INDEX('ER C8 FLT3'!$A$4:$J$640,MATCH(DropData!$J49&$C9,'ER C8 FLT3'!$A$4:$A$640&'ER C8 FLT3'!$B$4:$B$640-4,1),8)*IF(OR($O9=\"Class_8\",$N9=\"Replacement8HHD\",$AI9=\"CL7HHD\"),INDEX('ER C8 FLT3'!$A$4:$J$640,MATCH(DropData!$J49&$C9,'ER C8 FLT3'!$A$4:$A$640&'ER C8 FLT3'!$B$4:$B$640-4,1),9)),IF($O9=\"Class_7\",INDEX('ER C7 FLT3'!$A$4:$J$640,MATCH(DropData!$J49&$C9,'ER C7 FLT3'!$A$4:$A$640&'ER C7 FLT3'!$B$4:$B$640-4,1),8)*IF($O9=\"Class_7\",INDEX('ER C7 FLT3'!$A$4:$J$640,MATCH(DropData!$J49&$C9,'ER C7 FLT3'!$A$4:$A$640&'ER C7 FLT3'!$B$4:$B$640-4,1),9)),IF($O9=\"Class_6\",INDEX('ER C6 FLT3'!$A$4:$J$640,MATCH(DropData!$J49&$C9,'ER C6 FLT3'!$A$4:$A$640&'ER C6 FLT3'!$B$4:$B$640-4,1),8)*IF($O9=\"Class_6\",INDEX('ER C6 FLT3'!$A$4:$J$640,MATCH(DropData!$J49&$C9,'ER C6 FLT3'!$A$4:$A$640&'ER C6 FLT3'!$B$4:$B$640-4,1),9))))),IF($B9=\"2 Trucks\",IF(OR($O9=\"Class_8\",$N9=\"Replacement8HHD\",$AI9=\"CL7HHD\"),INDEX('ER C8 FLT2'!$A$4:$J$640,MATCH(DropData!$J49&$C9,'ER C8 FLT2'!$A$4:$A$640&'ER C8 FLT2'!$B$4:$B$640-4,1),8)*IF(OR($O9=\"Class_8\",$N9=\"Replacement8HHD\",$AI9=\"CL7HHD\"),INDEX('ER C8 FLT2'!$A$4:$J$640,MATCH(DropData!$J49&$C9,'ER C8 FLT2'!$A$4:$A$640&'ER C8 FLT2'!$B$4:$B$640-4,1),9)),IF($O9=\"Class_7\",INDEX('ER C7 FLT2'!$A$4:$J$640,MATCH(DropData!$J49&$C9,'ER C7 FLT2'!$A$4:$A$640&'ER C7 FLT2'!$B$4:$B$640-4,1),8)*IF($O9=\"Class_7\",INDEX('ER C7 FLT2'!$A$4:$J$640,MATCH(DropData!$J49&$C9,'ER C7 FLT2'!$A$4:$A$640&'ER C7 FLT2'!$B$4:$B$640-4,1),9)),IF($O9=\"Class_6\",INDEX('ER C6 FLT2'!$A$4:$J$640,MATCH(DropData!$J49&$C9,'ER C6 FLT2'!$A$4:$A$640&'ER C6 FLT2'!$B$4:$B$640-4,1),8)*IF($O9=\"Class_6\",INDEX('ER C6 FLT2'!$A$4:$J$640,MATCH(DropData!$J49&$C9,'ER C6 FLT2'!$A$4:$A$640&'ER C6 FLT2'!$B$4:$B$640-4,1),9))))),IF($B9=\"1 Truck\",IF(OR($O9=\"Class_8\",$N9=\"Replacement8HHD\",$AI9=\"CL7HHD\"),INDEX('ER C8 FLT1'!$A$4:$J$640,MATCH(DropData!$J49&$C9,'ER C8 FLT1'!$A$4:$A$640&'ER C8 FLT1'!$B$4:$B$640-4,1),8)*IF(OR($O9=\"Class_8\",$N9=\"Replacement8HHD\",$AI9=\"CL7HHD\"),INDEX('ER C8 FLT1'!$A$4:$J$640,MATCH(DropData!$J49&$C9,'ER C8 FLT1'!$A$4:$A$640&'ER C8 FLT1'!$B$4:$B$640-4,1),9)),IF($O9=\"Class_7\",INDEX('ER C7 FLT1'!$A$4:$J$640,MATCH(DropData!$J49&$C9,'ER C7 FLT1'!$A$4:$A$640&'ER C7 FLT1'!$B$4:$B$640-4,1),8)*IF($O9=\"Class_7\",INDEX('ER C7 FLT1'!$A$4:$J$640,MATCH(DropData!$J49&$C9,'ER C7 FLT1'!$A$4:$A$640&'ER C7 FLT1'!$B$4:$B$640-4,1),9)),IF($O9=\"Class_6\",INDEX('ER C6 FLT1'!$A$4:$J$640,MATCH(DropData!$J49&$C9,'ER C6 FLT1'!$A$4:$A$640&'ER C6 FLT1'!$B$4:$B$640-4,1),8)*IF($O9=\"Class_6\",INDEX('ER C6 FLT1'!$A$4:$J$640,MATCH(DropData!$J49&$C9,'ER C6 FLT1'!$A$4:$A$640&'ER C6 FLT1'!$B$4:$B$640-4,1),9)))))))),IF($R9=\"Electric\",OFFSET(INDEX('ER Electric'!$A$6:$E$44,MATCH($C9&$O9,'ER Electric'!$A$6:$A$44&'ER Electric'!$B$6:$B$44,1),3),12,0),))","v":0},{"$f":"IF($C9<2015,1,2)","v":1},0,{"$f":"IF($C9<2015,1,2)","v":1},{"$f":"IFERROR(IF($B9=\"3+ Trucks\",IF($Z9=\"Class_8\",INDEX('ER C8 FLT3'!$A$4:$J$640,MATCH($W9&$C9,'ER C8 FLT3'!$A$4:$A$640&'ER C8 FLT3'!$B$4:$B$640,1),8)*IF($Z9=\"Class_8\",INDEX('ER C8 FLT3'!$A$4:$J$640,MATCH($W9&$C9,'ER C8 FLT3'!$A$4:$A$640&'ER C8 FLT3'!$B$4:$B$640,1),9)),IF($Z9=\"Class_7\",INDEX('ER C7 FLT3'!$A$4:$J$640,MATCH($W9&$C9,'ER C7 FLT3'!$A$4:$A$640&'ER C7 FLT3'!$B$4:$B$640,1),8)*IF($Z9=\"Class_7\",INDEX('ER C7 FLT3'!$A$4:$J$640,MATCH($W9&$C9,'ER C7 FLT3'!$A$4:$A$640&'ER C7 FLT3'!$B$4:$B$640,1),9)),\nIF($Z9=\"Class_6\",INDEX('ER C6 FLT3'!$A$4:$J$640,MATCH($W9&$C9,'ER C6 FLT3'!$A$4:$A$640&'ER C6 FLT3'!$B$4:$B$640,1),8)*IF($Z9=\"Class_6\",INDEX('ER C6 FLT3'!$A$4:$L$640,MATCH($W9&$C9,'ER C6 FLT3'!$A$4:$A$640&'ER C6 FLT3'!$B$4:$B$640,1),9))))),IF($B9=\"2 Trucks\",IF($Z9=\"Class_8\",INDEX('ER C8 FLT2'!$A$4:$J$640,MATCH($W9&$C9,'ER C8 FLT2'!$A$4:$A$640&'ER C8 FLT2'!$B$4:$B$640,1),8)*IF($Z9=\"Class_8\",INDEX('ER C8 FLT2'!$A$4:$J$640,MATCH($W9&$C9,'ER C8 FLT2'!$A$4:$A$640&'ER C8 FLT2'!$B$4:$B$640,1),9)),IF($Z9=\"Class_7\",INDEX('ER C7 FLT2'!$A$4:$J$640,MATCH($W9&$C9,'ER C7 FLT2'!$A$4:$A$640&'ER C7 FLT2'!$B$4:$B$640,1),8)*IF($Z9=\"Class_7\",INDEX('ER C7 FLT2'!$A$4:$J$640,MATCH($W9&$C9,'ER C7 FLT2'!$A$4:$A$640&'ER C7 FLT2'!$B$4:$B$640,1),9)),IF($Z9=\"Class_6\",INDEX('ER C6 FLT2'!$A$4:$J$640,MATCH($W9&$C9,'ER C6 FLT2'!$A$4:$A$640&'ER C6 FLT2'!$B$4:$B$640,1),8)*IF($Z9=\"Class_6\",INDEX('ER C6 FLT2'!$A$4:$J$640,MATCH($W9&$C9,'ER C6 FLT2'!$A$4:$A$640&'ER C6 FLT2'!$B$4:$B$640,1),9))))),IF($B9=\"1 Truck\",\nIF($Z9=\"Class_8\",INDEX('ER C8 FLT1'!$A$4:$J$640,MATCH($W9&$C9,'ER C8 FLT1'!$A$4:$A$640&'ER C8 FLT1'!$B$4:$B$640,1),8)*IF($Z9=\"Class_8\",INDEX('ER C8 FLT1'!$A$4:$J$640,MATCH($W9&$C9,'ER C8 FLT1'!$A$4:$A$640&'ER C8 FLT1'!$B$4:$B$640,1),9)),IF($Z9=\"Class_7\",INDEX('ER C7 FLT1'!$A$4:$J$640,MATCH($W9&$C9,'ER C7 FLT1'!$A$4:$A$640&'ER C7 FLT1'!$B$4:$B$640,1),8)*IF($Z9=\"Class_7\",INDEX('ER C7 FLT1'!$A$4:$J$640,MATCH($W9&$C9,'ER C7 FLT1'!$A$4:$A$640&'ER C7 FLT1'!$B$4:$B$640,1),9)),\nIF($Z9=\"Class_6\",INDEX('ER C6 FLT1'!$A$4:$J$640,MATCH($W9&$C9,'ER C6 FLT1'!$A$4:$A$640&'ER C6 FLT1'!$B$4:$B$640,1),8)*IF($Z9=\"Class_6\",INDEX('ER C6 FLT1'!$A$4:$J$640,MATCH($W9&$C9,'ER C6 FLT1'!$A$4:$A$640&'ER C6 FLT1'!$B$4:$B$640,1),9))))))))*IF($X9=\"Level 1 PM\",0.75,IF($X9=\"Level 2 PM\",0.5,IF($X9=\"Level 3 PM\",0,IF($X9=\"Level 3 PM + Mark I NOx\",0,1))))*($AC9/453.6)-IF(BG9=0,AV9,0),\"0.00\")","v":0},{"$f":"IFERROR(MAX(0,BI9/BH9),\"0.00\")","v":0},{"$f":"IFERROR(MAX(0,BG9+BJ9),\"0.00\")","v":0},0,{"$f":"IF($B9=\"3+ Trucks\",IF($Z9=\"Class_8\",INDEX('ER C8 FLT3'!$A$4:$J$640,MATCH($W9&$C9,'ER C8 FLT3'!$A$4:$A$640&'ER C8 FLT3'!$B$4:$B$640-1,1),8)*IF($Z9=\"Class_8\",INDEX('ER C8 FLT3'!$A$4:$J$640,MATCH($W9&$C9,'ER C8 FLT3'!$A$4:$A$640&'ER C8 FLT3'!$B$4:$B$640-1,1),9)),IF($Z9=\"Class_7\",INDEX('ER C7 FLT3'!$A$4:$J$640,MATCH($W9&$C9,'ER C7 FLT3'!$A$4:$A$640&'ER C7 FLT3'!$B$4:$B$640-1,1),8)*IF($Z9=\"Class_7\",INDEX('ER C7 FLT3'!$A$4:$J$640,MATCH($W9&$C9,'ER C7 FLT3'!$A$4:$A$640&'ER C7 FLT3'!$B$4:$B$640-1,1),9)),\nIF($Z9=\"Class_6\",INDEX('ER C6 FLT3'!$A$4:$J$640,MATCH($W9&$C9,'ER C6 FLT3'!$A$4:$A$640&'ER C6 FLT3'!$B$4:$B$640-1,1),8)*IF($Z9=\"Class_6\",INDEX('ER C6 FLT3'!$A$4:$L$640,MATCH($W9&$C9,'ER C6 FLT3'!$A$4:$A$640&'ER C6 FLT3'!$B$4:$B$640-1,1),9))))),IF($B9=\"2 Trucks\",IF($Z9=\"Class_8\",INDEX('ER C8 FLT2'!$A$4:$J$640,MATCH($W9&$C9,'ER C8 FLT2'!$A$4:$A$640&'ER C8 FLT2'!$B$4:$B$640-1,1),8)*IF($Z9=\"Class_8\",INDEX('ER C8 FLT2'!$A$4:$J$640,MATCH($W9&$C9,'ER C8 FLT2'!$A$4:$A$640&'ER C8 FLT2'!$B$4:$B$640-1,1),9)),IF($Z9=\"Class_7\",INDEX('ER C7 FLT2'!$A$4:$J$640,MATCH($W9&$C9,'ER C7 FLT2'!$A$4:$A$640&'ER C7 FLT2'!$B$4:$B$640-1,1),8)*IF($Z9=\"Class_7\",INDEX('ER C7 FLT2'!$A$4:$J$640,MATCH($W9&$C9,'ER C7 FLT2'!$A$4:$A$640&'ER C7 FLT2'!$B$4:$B$640-1,1),9)),IF($Z9=\"Class_6\",INDEX('ER C6 FLT2'!$A$4:$J$640,MATCH($W9&$C9,'ER C6 FLT2'!$A$4:$A$640&'ER C6 FLT2'!$B$4:$B$640-1,1),8)*IF($Z9=\"Class_6\",INDEX('ER C6 FLT2'!$A$4:$J$640,MATCH($W9&$C9,'ER C6 FLT2'!$A$4:$A$640&'ER C6 FLT2'!$B$4:$B$640-1,1),9))))),IF($B9=\"1 Truck\",\nIF($Z9=\"Class_8\",INDEX('ER C8 FLT1'!$A$4:$J$640,MATCH($W9&$C9,'ER C8 FLT1'!$A$4:$A$640&'ER C8 FLT1'!$B$4:$B$640-1,1),8)*IF($Z9=\"Class_8\",INDEX('ER C8 FLT1'!$A$4:$J$640,MATCH($W9&$C9,'ER C8 FLT1'!$A$4:$A$640&'ER C8 FLT1'!$B$4:$B$640-1,1),9)),IF($Z9=\"Class_7\",INDEX('ER C7 FLT1'!$A$4:$J$640,MATCH($W9&$C9,'ER C7 FLT1'!$A$4:$A$640&'ER C7 FLT1'!$B$4:$B$640-1,1),8)*IF($Z9=\"Class_7\",INDEX('ER C7 FLT1'!$A$4:$J$640,MATCH($W9&$C9,'ER C7 FLT1'!$A$4:$A$640&'ER C7 FLT1'!$B$4:$B$640-1,1),9)),\nIF($Z9=\"Class_6\",INDEX('ER C6 FLT1'!$A$4:$J$640,MATCH($W9&$C9,'ER C6 FLT1'!$A$4:$A$640&'ER C6 FLT1'!$B$4:$B$640-1,1),8)*IF($Z9=\"Class_6\",INDEX('ER C6 FLT1'!$A$4:$J$640,MATCH($W9&$C9,'ER C6 FLT1'!$A$4:$A$640&'ER C6 FLT1'!$B$4:$B$640-1,1),9))))))))*IF($X9=\"Level 1 PM\",0.75,IF($X9=\"Level 2 PM\",0.5,IF($X9=\"Level 3 PM\",0,IF($X9=\"Level 3 PM + Mark I NOx\",0,1))))*($AC9/453.6)-IF(BL9=0,AW9,0)","v":0},0,0,{"$f":"IF($B9=\"3+ Trucks\",IF($Z9=\"Class_8\",INDEX('ER C8 FLT3'!$A$4:$J$640,MATCH($W9&$C9,'ER C8 FLT3'!$A$4:$A$640&'ER C8 FLT3'!$B$4:$B$640-2,1),8)*IF($Z9=\"Class_8\",INDEX('ER C8 FLT3'!$A$4:$J$640,MATCH($W9&$C9,'ER C8 FLT3'!$A$4:$A$640&'ER C8 FLT3'!$B$4:$B$640-2,1),9)),IF($Z9=\"Class_7\",INDEX('ER C7 FLT3'!$A$4:$J$640,MATCH($W9&$C9,'ER C7 FLT3'!$A$4:$A$640&'ER C7 FLT3'!$B$4:$B$640-2,1),8)*IF($Z9=\"Class_7\",INDEX('ER C7 FLT3'!$A$4:$J$640,MATCH($W9&$C9,'ER C7 FLT3'!$A$4:$A$640&'ER C7 FLT3'!$B$4:$B$640-2,1),9)),\nIF($Z9=\"Class_6\",INDEX('ER C6 FLT3'!$A$4:$J$640,MATCH($W9&$C9,'ER C6 FLT3'!$A$4:$A$640&'ER C6 FLT3'!$B$4:$B$640-2,1),8)*IF($Z9=\"Class_6\",INDEX('ER C6 FLT3'!$A$4:$L$640,MATCH($W9&$C9,'ER C6 FLT3'!$A$4:$A$640&'ER C6 FLT3'!$B$4:$B$640-2,1),9))))),IF($B9=\"2 Trucks\",IF($Z9=\"Class_8\",INDEX('ER C8 FLT2'!$A$4:$J$640,MATCH($W9&$C9,'ER C8 FLT2'!$A$4:$A$640&'ER C8 FLT2'!$B$4:$B$640-2,1),8)*IF($Z9=\"Class_8\",INDEX('ER C8 FLT2'!$A$4:$J$640,MATCH($W9&$C9,'ER C8 FLT2'!$A$4:$A$640&'ER C8 FLT2'!$B$4:$B$640-2,1),9)),IF($Z9=\"Class_7\",INDEX('ER C7 FLT2'!$A$4:$J$640,MATCH($W9&$C9,'ER C7 FLT2'!$A$4:$A$640&'ER C7 FLT2'!$B$4:$B$640-2,1),8)*IF($Z9=\"Class_7\",INDEX('ER C7 FLT2'!$A$4:$J$640,MATCH($W9&$C9,'ER C7 FLT2'!$A$4:$A$640&'ER C7 FLT2'!$B$4:$B$640-2,1),9)),IF($Z9=\"Class_6\",INDEX('ER C6 FLT2'!$A$4:$J$640,MATCH($W9&$C9,'ER C6 FLT2'!$A$4:$A$640&'ER C6 FLT2'!$B$4:$B$640-2,1),8)*IF($Z9=\"Class_6\",INDEX('ER C6 FLT2'!$A$4:$J$640,MATCH($W9&$C9,'ER C6 FLT2'!$A$4:$A$640&'ER C6 FLT2'!$B$4:$B$640-2,1),9))))),IF($B9=\"1 Truck\",\nIF($Z9=\"Class_8\",INDEX('ER C8 FLT1'!$A$4:$J$640,MATCH($W9&$C9,'ER C8 FLT1'!$A$4:$A$640&'ER C8 FLT1'!$B$4:$B$640-2,1),8)*IF($Z9=\"Class_8\",INDEX('ER C8 FLT1'!$A$4:$J$640,MATCH($W9&$C9,'ER C8 FLT1'!$A$4:$A$640&'ER C8 FLT1'!$B$4:$B$640-2,1),9)),IF($Z9=\"Class_7\",INDEX('ER C7 FLT1'!$A$4:$J$640,MATCH($W9&$C9,'ER C7 FLT1'!$A$4:$A$640&'ER C7 FLT1'!$B$4:$B$640-2,1),8)*IF($Z9=\"Class_7\",INDEX('ER C7 FLT1'!$A$4:$J$640,MATCH($W9&$C9,'ER C7 FLT1'!$A$4:$A$640&'ER C7 FLT1'!$B$4:$B$640-2,1),9)),\nIF($Z9=\"Class_6\",INDEX('ER C6 FLT1'!$A$4:$J$640,MATCH($W9&$C9,'ER C6 FLT1'!$A$4:$A$640&'ER C6 FLT1'!$B$4:$B$640-2,1),8)*IF($Z9=\"Class_6\",INDEX('ER C6 FLT1'!$A$4:$J$640,MATCH($W9&$C9,'ER C6 FLT1'!$A$4:$A$640&'ER C6 FLT1'!$B$4:$B$640-2,1),9))))))))*IF($X9=\"Level 1 PM\",0.75,IF($X9=\"Level 2 PM\",0.5,IF($X9=\"Level 3 PM\",0,IF($X9=\"Level 3 PM + Mark I NOx\",0,1))))*($AC9/453.6)-IF(BO9=0,AX9,0)","v":0},0,0,{"$f":"IF($B9=\"3+ Trucks\",IF($Z9=\"Class_8\",INDEX('ER C8 FLT3'!$A$4:$J$640,MATCH($W9&$C9,'ER C8 FLT3'!$A$4:$A$640&'ER C8 FLT3'!$B$4:$B$640-3,1),8)*IF($Z9=\"Class_8\",INDEX('ER C8 FLT3'!$A$4:$J$640,MATCH($W9&$C9,'ER C8 FLT3'!$A$4:$A$640&'ER C8 FLT3'!$B$4:$B$640-3,1),9)),IF($Z9=\"Class_7\",INDEX('ER C7 FLT3'!$A$4:$J$640,MATCH($W9&$C9,'ER C7 FLT3'!$A$4:$A$640&'ER C7 FLT3'!$B$4:$B$640-3,1),8)*IF($Z9=\"Class_7\",INDEX('ER C7 FLT3'!$A$4:$J$640,MATCH($W9&$C9,'ER C7 FLT3'!$A$4:$A$640&'ER C7 FLT3'!$B$4:$B$640-3,1),9)),\nIF($Z9=\"Class_6\",INDEX('ER C6 FLT3'!$A$4:$J$640,MATCH($W9&$C9,'ER C6 FLT3'!$A$4:$A$640&'ER C6 FLT3'!$B$4:$B$640-3,1),8)*IF($Z9=\"Class_6\",INDEX('ER C6 FLT3'!$A$4:$L$640,MATCH($W9&$C9,'ER C6 FLT3'!$A$4:$A$640&'ER C6 FLT3'!$B$4:$B$640-3,1),9))))),IF($B9=\"2 Trucks\",IF($Z9=\"Class_8\",INDEX('ER C8 FLT2'!$A$4:$J$640,MATCH($W9&$C9,'ER C8 FLT2'!$A$4:$A$640&'ER C8 FLT2'!$B$4:$B$640-3,1),8)*IF($Z9=\"Class_8\",INDEX('ER C8 FLT2'!$A$4:$J$640,MATCH($W9&$C9,'ER C8 FLT2'!$A$4:$A$640&'ER C8 FLT2'!$B$4:$B$640-3,1),9)),IF($Z9=\"Class_7\",INDEX('ER C7 FLT2'!$A$4:$J$640,MATCH($W9&$C9,'ER C7 FLT2'!$A$4:$A$640&'ER C7 FLT2'!$B$4:$B$640-3,1),8)*IF($Z9=\"Class_7\",INDEX('ER C7 FLT2'!$A$4:$J$640,MATCH($W9&$C9,'ER C7 FLT2'!$A$4:$A$640&'ER C7 FLT2'!$B$4:$B$640-3,1),9)),IF($Z9=\"Class_6\",INDEX('ER C6 FLT2'!$A$4:$J$640,MATCH($W9&$C9,'ER C6 FLT2'!$A$4:$A$640&'ER C6 FLT2'!$B$4:$B$640-3,1),8)*IF($Z9=\"Class_6\",INDEX('ER C6 FLT2'!$A$4:$J$640,MATCH($W9&$C9,'ER C6 FLT2'!$A$4:$A$640&'ER C6 FLT2'!$B$4:$B$640-3,1),9))))),IF($B9=\"1 Truck\",\nIF($Z9=\"Class_8\",INDEX('ER C8 FLT1'!$A$4:$J$640,MATCH($W9&$C9,'ER C8 FLT1'!$A$4:$A$640&'ER C8 FLT1'!$B$4:$B$640-3,1),8)*IF($Z9=\"Class_8\",INDEX('ER C8 FLT1'!$A$4:$J$640,MATCH($W9&$C9,'ER C8 FLT1'!$A$4:$A$640&'ER C8 FLT1'!$B$4:$B$640-3,1),9)),IF($Z9=\"Class_7\",INDEX('ER C7 FLT1'!$A$4:$J$640,MATCH($W9&$C9,'ER C7 FLT1'!$A$4:$A$640&'ER C7 FLT1'!$B$4:$B$640-3,1),8)*IF($Z9=\"Class_7\",INDEX('ER C7 FLT1'!$A$4:$J$640,MATCH($W9&$C9,'ER C7 FLT1'!$A$4:$A$640&'ER C7 FLT1'!$B$4:$B$640-3,1),9)),\nIF($Z9=\"Class_6\",INDEX('ER C6 FLT1'!$A$4:$J$640,MATCH($W9&$C9,'ER C6 FLT1'!$A$4:$A$640&'ER C6 FLT1'!$B$4:$B$640-3,1),8)*IF($Z9=\"Class_6\",INDEX('ER C6 FLT1'!$A$4:$J$640,MATCH($W9&$C9,'ER C6 FLT1'!$A$4:$A$640&'ER C6 FLT1'!$B$4:$B$640-3,1),9))))))))*IF($X9=\"Level 1 PM\",0.75,IF($X9=\"Level 2 PM\",0.5,IF($X9=\"Level 3 PM\",0,IF($X9=\"Level 3 PM + Mark I NOx\",0,1))))*($AC9/453.6)-IF(BR9=0,AY9,0)","v":0},0,0,{"$f":"IF($B9=\"3+ Trucks\",IF($Z9=\"Class_8\",INDEX('ER C8 FLT3'!$A$4:$J$640,MATCH($W9&$C9,'ER C8 FLT3'!$A$4:$A$640&'ER C8 FLT3'!$B$4:$B$640-4,1),8)*IF($Z9=\"Class_8\",INDEX('ER C8 FLT3'!$A$4:$J$640,MATCH($W9&$C9,'ER C8 FLT3'!$A$4:$A$640&'ER C8 FLT3'!$B$4:$B$640-4,1),9)),IF($Z9=\"Class_7\",INDEX('ER C7 FLT3'!$A$4:$J$640,MATCH($W9&$C9,'ER C7 FLT3'!$A$4:$A$640&'ER C7 FLT3'!$B$4:$B$640-4,1),8)*IF($Z9=\"Class_7\",INDEX('ER C7 FLT3'!$A$4:$J$640,MATCH($W9&$C9,'ER C7 FLT3'!$A$4:$A$640&'ER C7 FLT3'!$B$4:$B$640-4,1),9)),\nIF($Z9=\"Class_6\",INDEX('ER C6 FLT3'!$A$4:$J$640,MATCH($W9&$C9,'ER C6 FLT3'!$A$4:$A$640&'ER C6 FLT3'!$B$4:$B$640-4,1),8)*IF($Z9=\"Class_6\",INDEX('ER C6 FLT3'!$A$4:$L$640,MATCH($W9&$C9,'ER C6 FLT3'!$A$4:$A$640&'ER C6 FLT3'!$B$4:$B$640-4,1),9))))),IF($B9=\"2 Trucks\",IF($Z9=\"Class_8\",INDEX('ER C8 FLT2'!$A$4:$J$640,MATCH($W9&$C9,'ER C8 FLT2'!$A$4:$A$640&'ER C8 FLT2'!$B$4:$B$640-4,1),8)*IF($Z9=\"Class_8\",INDEX('ER C8 FLT2'!$A$4:$J$640,MATCH($W9&$C9,'ER C8 FLT2'!$A$4:$A$640&'ER C8 FLT2'!$B$4:$B$640-4,1),9)),IF($Z9=\"Class_7\",INDEX('ER C7 FLT2'!$A$4:$J$640,MATCH($W9&$C9,'ER C7 FLT2'!$A$4:$A$640&'ER C7 FLT2'!$B$4:$B$640-4,1),8)*IF($Z9=\"Class_7\",INDEX('ER C7 FLT2'!$A$4:$J$640,MATCH($W9&$C9,'ER C7 FLT2'!$A$4:$A$640&'ER C7 FLT2'!$B$4:$B$640-4,1),9)),IF($Z9=\"Class_6\",INDEX('ER C6 FLT2'!$A$4:$J$640,MATCH($W9&$C9,'ER C6 FLT2'!$A$4:$A$640&'ER C6 FLT2'!$B$4:$B$640-4,1),8)*IF($Z9=\"Class_6\",INDEX('ER C6 FLT2'!$A$4:$J$640,MATCH($W9&$C9,'ER C6 FLT2'!$A$4:$A$640&'ER C6 FLT2'!$B$4:$B$640-4,1),9))))),IF($B9=\"1 Truck\",\nIF($Z9=\"Class_8\",INDEX('ER C8 FLT1'!$A$4:$J$640,MATCH($W9&$C9,'ER C8 FLT1'!$A$4:$A$640&'ER C8 FLT1'!$B$4:$B$640-4,1),8)*IF($Z9=\"Class_8\",INDEX('ER C8 FLT1'!$A$4:$J$640,MATCH($W9&$C9,'ER C8 FLT1'!$A$4:$A$640&'ER C8 FLT1'!$B$4:$B$640-4,1),9)),IF($Z9=\"Class_7\",INDEX('ER C7 FLT1'!$A$4:$J$640,MATCH($W9&$C9,'ER C7 FLT1'!$A$4:$A$640&'ER C7 FLT1'!$B$4:$B$640-4,1),8)*IF($Z9=\"Class_7\",INDEX('ER C7 FLT1'!$A$4:$J$640,MATCH($W9&$C9,'ER C7 FLT1'!$A$4:$A$640&'ER C7 FLT1'!$B$4:$B$640-4,1),9)),\nIF($Z9=\"Class_6\",INDEX('ER C6 FLT1'!$A$4:$J$640,MATCH($W9&$C9,'ER C6 FLT1'!$A$4:$A$640&'ER C6 FLT1'!$B$4:$B$640-4,1),8)*IF($Z9=\"Class_6\",INDEX('ER C6 FLT1'!$A$4:$J$640,MATCH($W9&$C9,'ER C6 FLT1'!$A$4:$A$640&'ER C6 FLT1'!$B$4:$B$640-4,1),9))))))))*IF($X9=\"Level 1 PM\",0.75,IF($X9=\"Level 2 PM\",0.5,IF($X9=\"Level 3 PM\",0,IF($X9=\"Level 3 PM + Mark I NOx\",0,1))))*($AC9/453.6)-IF(BU9=0,AZ9,0)","v":0},{"$f":"MAX(0,BU9+BV9)","v":0},{"$f":"(MAX(0,BK9+BN9+BQ9+BT9+BW9))","v":0},{"$f":"IF($B9=\"3+ Trucks\",IF(OR($H9=\"Class_8\",$N9=\"Replacement8HHD\",$AH9=\"CL7HHD\",$AJ9=\"CL7to8\"),INDEX('ER C8 FLT3'!$A$4:$J$640,MATCH($E9&$C9,'ER C8 FLT3'!$A$4:$A$640&'ER C8 FLT3'!$B$4:$B$640,1),5)*IF(OR($H9=\"Class_8\",$N9=\"Replacement8HHD\",$AH9=\"CL7HHD\",$AJ9=\"CL7to8\"),INDEX('ER C8 FLT3'!$A$4:$J$640,MATCH($E9&$C9,'ER C8 FLT3'!$A$4:$A$640&'ER C8 FLT3'!$B$4:$B$640,1),7)),IF($H9=\"Class_7\",INDEX('ER C7 FLT3'!$A$4:$J$640,MATCH($E9&$C9,'ER C7 FLT3'!$A$4:$A$640&'ER C7 FLT3'!$B$4:$B$640,1),5)*IF($H9=\"Class_7\",INDEX('ER C7 FLT3'!$A$4:$J$640,MATCH($E9&$C9,'ER C7 FLT3'!$A$4:$A$640&'ER C7 FLT3'!$B$4:$B$640,1),7)),\nIF($H9=\"Class_6\",INDEX('ER C6 FLT3'!$A$4:$J$640,MATCH($E9&$C9,'ER C6 FLT3'!$A$4:$A$640&'ER C6 FLT3'!$B$4:$B$640,1),5)*IF($H9=\"Class_6\",INDEX('ER C6 FLT3'!$A$4:$L$640,MATCH($E9&$C9,'ER C6 FLT3'!$A$4:$A$640&'ER C6 FLT3'!$B$4:$B$640,1),7))))),IF($B9=\"2 Trucks\",IF(OR($H9=\"Class_8\",$N9=\"Replacement8HHD\",$AH9=\"CL7HHD\",$AJ9=\"CL7to8\"),INDEX('ER C8 FLT2'!$A$4:$J$640,MATCH($E9&$C9,'ER C8 FLT2'!$A$4:$A$640&'ER C8 FLT2'!$B$4:$B$640,1),5)*IF(OR($H9=\"Class_8\",$N9=\"Replacement8HHD\",$AH9=\"CL7HHD\",$AJ9=\"CL7to8\"),INDEX('ER C8 FLT2'!$A$4:$J$640,MATCH($E9&$C9,'ER C8 FLT2'!$A$4:$A$640&'ER C8 FLT2'!$B$4:$B$640,1),7)),IF($H9=\"Class_7\",INDEX('ER C7 FLT2'!$A$4:$J$640,MATCH($E9&$C9,'ER C7 FLT2'!$A$4:$A$640&'ER C7 FLT2'!$B$4:$B$640,1),5)*IF($H9=\"Class_7\",INDEX('ER C7 FLT2'!$A$4:$J$640,MATCH($E9&$C9,'ER C7 FLT2'!$A$4:$A$640&'ER C7 FLT2'!$B$4:$B$640,1),7)),IF($H9=\"Class_6\",INDEX('ER C6 FLT2'!$A$4:$J$640,MATCH($E9&$C9,'ER C6 FLT2'!$A$4:$A$640&'ER C6 FLT2'!$B$4:$B$640,1),5)*IF($H9=\"Class_6\",INDEX('ER C6 FLT2'!$A$4:$J$640,MATCH($E9&$C9,'ER C6 FLT2'!$A$4:$A$640&'ER C6 FLT2'!$B$4:$B$640,1),7))))),IF($B9=\"1 Truck\",\nIF(OR($H9=\"Class_8\",$N9=\"Replacement8HHD\",$AH9=\"CL7HHD\",$AJ9=\"CL7to8\"),INDEX('ER C8 FLT1'!$A$4:$J$640,MATCH($E9&$C9,'ER C8 FLT1'!$A$4:$A$640&'ER C8 FLT1'!$B$4:$B$640,1),5)*IF(OR($H9=\"Class_8\",$N9=\"Replacement8HHD\",$AH9=\"CL7HHD\",$AJ9=\"CL7to8\"),INDEX('ER C8 FLT1'!$A$4:$J$640,MATCH($E9&$C9,'ER C8 FLT1'!$A$4:$A$640&'ER C8 FLT1'!$B$4:$B$640,1),7)),IF($H9=\"Class_7\",INDEX('ER C7 FLT1'!$A$4:$J$640,MATCH($E9&$C9,'ER C7 FLT1'!$A$4:$A$640&'ER C7 FLT1'!$B$4:$B$640,1),5)*IF($H9=\"Class_7\",INDEX('ER C7 FLT1'!$A$4:$J$640,MATCH($E9&$C9,'ER C7 FLT1'!$A$4:$A$640&'ER C7 FLT1'!$B$4:$B$640,1),7)),\nIF($H9=\"Class_6\",INDEX('ER C6 FLT1'!$A$4:$J$640,MATCH($E9&$C9,'ER C6 FLT1'!$A$4:$A$640&'ER C6 FLT1'!$B$4:$B$640,1),5)*IF($H9=\"Class_6\",INDEX('ER C6 FLT1'!$A$4:$J$640,MATCH($E9&$C9,'ER C6 FLT1'!$A$4:$A$640&'ER C6 FLT1'!$B$4:$B$640,1),7))))))))*IF($F9=\"Level 1 PM + Mark I NOx\",0.75,1)*($Q9/453.6)","v":0},{"$f":"IF($B9=\"3+ Trucks\",IF(OR($H9=\"Class_8\",$N9=\"Replacement8HHD\",$AH9=\"CL7HHD\",$AJ9=\"CL7to8\"),INDEX('ER C8 FLT3'!$A$4:$J$640,MATCH($E9&$C9,'ER C8 FLT3'!$A$4:$A$640&'ER C8 FLT3'!$B$4:$B$640-1,1),5)*IF(OR($H9=\"Class_8\",$N9=\"Replacement8HHD\",$AH9=\"CL7HHD\",$AJ9=\"CL7to8\"),INDEX('ER C8 FLT3'!$A$4:$J$640,MATCH($E9&$C9,'ER C8 FLT3'!$A$4:$A$640&'ER C8 FLT3'!$B$4:$B$640-1,1),7)),IF($H9=\"Class_7\",INDEX('ER C7 FLT3'!$A$4:$J$640,MATCH($E9&$C9,'ER C7 FLT3'!$A$4:$A$640&'ER C7 FLT3'!$B$4:$B$640-1,1),5)*IF($H9=\"Class_7\",INDEX('ER C7 FLT3'!$A$4:$J$640,MATCH($E9&$C9,'ER C7 FLT3'!$A$4:$A$640&'ER C7 FLT3'!$B$4:$B$640-1,1),7)),\nIF($H9=\"Class_6\",INDEX('ER C6 FLT3'!$A$4:$J$640,MATCH($E9&$C9,'ER C6 FLT3'!$A$4:$A$640&'ER C6 FLT3'!$B$4:$B$640-1,1),5)*IF($H9=\"Class_6\",INDEX('ER C6 FLT3'!$A$4:$L$640,MATCH($E9&$C9,'ER C6 FLT3'!$A$4:$A$640&'ER C6 FLT3'!$B$4:$B$640-1,1),7))))),IF($B9=\"2 Trucks\",IF(OR($H9=\"Class_8\",$N9=\"Replacement8HHD\",$AH9=\"CL7HHD\",$AJ9=\"CL7to8\"),INDEX('ER C8 FLT2'!$A$4:$J$640,MATCH($E9&$C9,'ER C8 FLT2'!$A$4:$A$640&'ER C8 FLT2'!$B$4:$B$640-1,1),5)*IF(OR($H9=\"Class_8\",$N9=\"Replacement8HHD\",$AH9=\"CL7HHD\",$AJ9=\"CL7to8\"),INDEX('ER C8 FLT2'!$A$4:$J$640,MATCH($E9&$C9,'ER C8 FLT2'!$A$4:$A$640&'ER C8 FLT2'!$B$4:$B$640-1,1),7)),IF($H9=\"Class_7\",INDEX('ER C7 FLT2'!$A$4:$J$640,MATCH($E9&$C9,'ER C7 FLT2'!$A$4:$A$640&'ER C7 FLT2'!$B$4:$B$640-1,1),5)*IF($H9=\"Class_7\",INDEX('ER C7 FLT2'!$A$4:$J$640,MATCH($E9&$C9,'ER C7 FLT2'!$A$4:$A$640&'ER C7 FLT2'!$B$4:$B$640-1,1),7)),IF($H9=\"Class_6\",INDEX('ER C6 FLT2'!$A$4:$J$640,MATCH($E9&$C9,'ER C6 FLT2'!$A$4:$A$640&'ER C6 FLT2'!$B$4:$B$640-1,1),5)*IF($H9=\"Class_6\",INDEX('ER C6 FLT2'!$A$4:$J$640,MATCH($E9&$C9,'ER C6 FLT2'!$A$4:$A$640&'ER C6 FLT2'!$B$4:$B$640-1,1),7))))),IF($B9=\"1 Truck\",\nIF(OR($H9=\"Class_8\",$N9=\"Replacement8HHD\",$AH9=\"CL7HHD\",$AJ9=\"CL7to8\"),INDEX('ER C8 FLT1'!$A$4:$J$640,MATCH($E9&$C9,'ER C8 FLT1'!$A$4:$A$640&'ER C8 FLT1'!$B$4:$B$640-1,1),5)*IF(OR($H9=\"Class_8\",$N9=\"Replacement8HHD\",$AH9=\"CL7HHD\",$AJ9=\"CL7to8\"),INDEX('ER C8 FLT1'!$A$4:$J$640,MATCH($E9&$C9,'ER C8 FLT1'!$A$4:$A$640&'ER C8 FLT1'!$B$4:$B$640-1,1),7)),IF($H9=\"Class_7\",INDEX('ER C7 FLT1'!$A$4:$J$640,MATCH($E9&$C9,'ER C7 FLT1'!$A$4:$A$640&'ER C7 FLT1'!$B$4:$B$640-1,1),5)*IF($H9=\"Class_7\",INDEX('ER C7 FLT1'!$A$4:$J$640,MATCH($E9&$C9,'ER C7 FLT1'!$A$4:$A$640&'ER C7 FLT1'!$B$4:$B$640-1,1),7)),\nIF($H9=\"Class_6\",INDEX('ER C6 FLT1'!$A$4:$J$640,MATCH($E9&$C9,'ER C6 FLT1'!$A$4:$A$640&'ER C6 FLT1'!$B$4:$B$640-1,1),5)*IF($H9=\"Class_6\",INDEX('ER C6 FLT1'!$A$4:$J$640,MATCH($E9&$C9,'ER C6 FLT1'!$A$4:$A$640&'ER C6 FLT1'!$B$4:$B$640-1,1),7))))))))*IF($F9=\"Level 1 PM + Mark I NOx\",0.75,1)*($Q9/453.6)","v":0},{"$f":"IF($B9=\"3+ Trucks\",IF(OR($H9=\"Class_8\",$N9=\"Replacement8HHD\",$AH9=\"CL7HHD\",$AJ9=\"CL7to8\"),INDEX('ER C8 FLT3'!$A$4:$J$640,MATCH($E9&$C9,'ER C8 FLT3'!$A$4:$A$640&'ER C8 FLT3'!$B$4:$B$640-2,1),5)*IF(OR($H9=\"Class_8\",$N9=\"Replacement8HHD\",$AH9=\"CL7HHD\",$AJ9=\"CL7to8\"),INDEX('ER C8 FLT3'!$A$4:$J$640,MATCH($E9&$C9,'ER C8 FLT3'!$A$4:$A$640&'ER C8 FLT3'!$B$4:$B$640-2,1),7)),IF($H9=\"Class_7\",INDEX('ER C7 FLT3'!$A$4:$J$640,MATCH($E9&$C9,'ER C7 FLT3'!$A$4:$A$640&'ER C7 FLT3'!$B$4:$B$640-2,1),5)*IF($H9=\"Class_7\",INDEX('ER C7 FLT3'!$A$4:$J$640,MATCH($E9&$C9,'ER C7 FLT3'!$A$4:$A$640&'ER C7 FLT3'!$B$4:$B$640-2,1),7)),\nIF($H9=\"Class_6\",INDEX('ER C6 FLT3'!$A$4:$J$640,MATCH($E9&$C9,'ER C6 FLT3'!$A$4:$A$640&'ER C6 FLT3'!$B$4:$B$640-2,1),5)*IF($H9=\"Class_6\",INDEX('ER C6 FLT3'!$A$4:$L$640,MATCH($E9&$C9,'ER C6 FLT3'!$A$4:$A$640&'ER C6 FLT3'!$B$4:$B$640-2,1),7))))),IF($B9=\"2 Trucks\",IF(OR($H9=\"Class_8\",$N9=\"Replacement8HHD\",$AH9=\"CL7HHD\",$AJ9=\"CL7to8\"),INDEX('ER C8 FLT2'!$A$4:$J$640,MATCH($E9&$C9,'ER C8 FLT2'!$A$4:$A$640&'ER C8 FLT2'!$B$4:$B$640-2,1),5)*IF(OR($H9=\"Class_8\",$N9=\"Replacement8HHD\",$AH9=\"CL7HHD\",$AJ9=\"CL7to8\"),INDEX('ER C8 FLT2'!$A$4:$J$640,MATCH($E9&$C9,'ER C8 FLT2'!$A$4:$A$640&'ER C8 FLT2'!$B$4:$B$640-2,1),7)),IF($H9=\"Class_7\",INDEX('ER C7 FLT2'!$A$4:$J$640,MATCH($E9&$C9,'ER C7 FLT2'!$A$4:$A$640&'ER C7 FLT2'!$B$4:$B$640-2,1),5)*IF($H9=\"Class_7\",INDEX('ER C7 FLT2'!$A$4:$J$640,MATCH($E9&$C9,'ER C7 FLT2'!$A$4:$A$640&'ER C7 FLT2'!$B$4:$B$640-2,1),7)),IF($H9=\"Class_6\",INDEX('ER C6 FLT2'!$A$4:$J$640,MATCH($E9&$C9,'ER C6 FLT2'!$A$4:$A$640&'ER C6 FLT2'!$B$4:$B$640-2,1),5)*IF($H9=\"Class_6\",INDEX('ER C6 FLT2'!$A$4:$J$640,MATCH($E9&$C9,'ER C6 FLT2'!$A$4:$A$640&'ER C6 FLT2'!$B$4:$B$640-2,1),7))))),IF($B9=\"1 Truck\",\nIF(OR($H9=\"Class_8\",$N9=\"Replacement8HHD\",$AH9=\"CL7HHD\",$AJ9=\"CL7to8\"),INDEX('ER C8 FLT1'!$A$4:$J$640,MATCH($E9&$C9,'ER C8 FLT1'!$A$4:$A$640&'ER C8 FLT1'!$B$4:$B$640-2,1),5)*IF(OR($H9=\"Class_8\",$N9=\"Replacement8HHD\",$AH9=\"CL7HHD\",$AJ9=\"CL7to8\"),INDEX('ER C8 FLT1'!$A$4:$J$640,MATCH($E9&$C9,'ER C8 FLT1'!$A$4:$A$640&'ER C8 FLT1'!$B$4:$B$640-2,1),7)),IF($H9=\"Class_7\",INDEX('ER C7 FLT1'!$A$4:$J$640,MATCH($E9&$C9,'ER C7 FLT1'!$A$4:$A$640&'ER C7 FLT1'!$B$4:$B$640-2,1),5)*IF($H9=\"Class_7\",INDEX('ER C7 FLT1'!$A$4:$J$640,MATCH($E9&$C9,'ER C7 FLT1'!$A$4:$A$640&'ER C7 FLT1'!$B$4:$B$640-2,1),7)),\nIF($H9=\"Class_6\",INDEX('ER C6 FLT1'!$A$4:$J$640,MATCH($E9&$C9,'ER C6 FLT1'!$A$4:$A$640&'ER C6 FLT1'!$B$4:$B$640-2,1),5)*IF($H9=\"Class_6\",INDEX('ER C6 FLT1'!$A$4:$J$640,MATCH($E9&$C9,'ER C6 FLT1'!$A$4:$A$640&'ER C6 FLT1'!$B$4:$B$640-2,1),7))))))))*IF($F9=\"Level 1 PM + Mark I NOx\",0.75,1)*($Q9/453.6)","v":0},{"$f":"IF($B9=\"3+ Trucks\",IF(OR($H9=\"Class_8\",$N9=\"Replacement8HHD\",$AH9=\"CL7HHD\",$AJ9=\"CL7to8\"),INDEX('ER C8 FLT3'!$A$4:$J$640,MATCH($E9&$C9,'ER C8 FLT3'!$A$4:$A$640&'ER C8 FLT3'!$B$4:$B$640-3,1),5)*IF(OR($H9=\"Class_8\",$N9=\"Replacement8HHD\",$AH9=\"CL7HHD\",$AJ9=\"CL7to8\"),INDEX('ER C8 FLT3'!$A$4:$J$640,MATCH($E9&$C9,'ER C8 FLT3'!$A$4:$A$640&'ER C8 FLT3'!$B$4:$B$640-3,1),7)),IF($H9=\"Class_7\",INDEX('ER C7 FLT3'!$A$4:$J$640,MATCH($E9&$C9,'ER C7 FLT3'!$A$4:$A$640&'ER C7 FLT3'!$B$4:$B$640-3,1),5)*IF($H9=\"Class_7\",INDEX('ER C7 FLT3'!$A$4:$J$640,MATCH($E9&$C9,'ER C7 FLT3'!$A$4:$A$640&'ER C7 FLT3'!$B$4:$B$640-3,1),7)),\nIF($H9=\"Class_6\",INDEX('ER C6 FLT3'!$A$4:$J$640,MATCH($E9&$C9,'ER C6 FLT3'!$A$4:$A$640&'ER C6 FLT3'!$B$4:$B$640-3,1),5)*IF($H9=\"Class_6\",INDEX('ER C6 FLT3'!$A$4:$L$640,MATCH($E9&$C9,'ER C6 FLT3'!$A$4:$A$640&'ER C6 FLT3'!$B$4:$B$640-3,1),7))))),IF($B9=\"2 Trucks\",IF(OR($H9=\"Class_8\",$N9=\"Replacement8HHD\",$AH9=\"CL7HHD\",$AJ9=\"CL7to8\"),INDEX('ER C8 FLT2'!$A$4:$J$640,MATCH($E9&$C9,'ER C8 FLT2'!$A$4:$A$640&'ER C8 FLT2'!$B$4:$B$640-3,1),5)*IF(OR($H9=\"Class_8\",$N9=\"Replacement8HHD\",$AH9=\"CL7HHD\",$AJ9=\"CL7to8\"),INDEX('ER C8 FLT2'!$A$4:$J$640,MATCH($E9&$C9,'ER C8 FLT2'!$A$4:$A$640&'ER C8 FLT2'!$B$4:$B$640-3,1),7)),IF($H9=\"Class_7\",INDEX('ER C7 FLT2'!$A$4:$J$640,MATCH($E9&$C9,'ER C7 FLT2'!$A$4:$A$640&'ER C7 FLT2'!$B$4:$B$640-3,1),5)*IF($H9=\"Class_7\",INDEX('ER C7 FLT2'!$A$4:$J$640,MATCH($E9&$C9,'ER C7 FLT2'!$A$4:$A$640&'ER C7 FLT2'!$B$4:$B$640-3,1),7)),IF($H9=\"Class_6\",INDEX('ER C6 FLT2'!$A$4:$J$640,MATCH($E9&$C9,'ER C6 FLT2'!$A$4:$A$640&'ER C6 FLT2'!$B$4:$B$640-3,1),5)*IF($H9=\"Class_6\",INDEX('ER C6 FLT2'!$A$4:$J$640,MATCH($E9&$C9,'ER C6 FLT2'!$A$4:$A$640&'ER C6 FLT2'!$B$4:$B$640-3,1),7))))),IF($B9=\"1 Truck\",\nIF(OR($H9=\"Class_8\",$N9=\"Replacement8HHD\",$AH9=\"CL7HHD\",$AJ9=\"CL7to8\"),INDEX('ER C8 FLT1'!$A$4:$J$640,MATCH($E9&$C9,'ER C8 FLT1'!$A$4:$A$640&'ER C8 FLT1'!$B$4:$B$640-3,1),5)*IF(OR($H9=\"Class_8\",$N9=\"Replacement8HHD\",$AH9=\"CL7HHD\",$AJ9=\"CL7to8\"),INDEX('ER C8 FLT1'!$A$4:$J$640,MATCH($E9&$C9,'ER C8 FLT1'!$A$4:$A$640&'ER C8 FLT1'!$B$4:$B$640-3,1),7)),IF($H9=\"Class_7\",INDEX('ER C7 FLT1'!$A$4:$J$640,MATCH($E9&$C9,'ER C7 FLT1'!$A$4:$A$640&'ER C7 FLT1'!$B$4:$B$640-3,1),5)*IF($H9=\"Class_7\",INDEX('ER C7 FLT1'!$A$4:$J$640,MATCH($E9&$C9,'ER C7 FLT1'!$A$4:$A$640&'ER C7 FLT1'!$B$4:$B$640-3,1),7)),\nIF($H9=\"Class_6\",INDEX('ER C6 FLT1'!$A$4:$J$640,MATCH($E9&$C9,'ER C6 FLT1'!$A$4:$A$640&'ER C6 FLT1'!$B$4:$B$640-3,1),5)*IF($H9=\"Class_6\",INDEX('ER C6 FLT1'!$A$4:$J$640,MATCH($E9&$C9,'ER C6 FLT1'!$A$4:$A$640&'ER C6 FLT1'!$B$4:$B$640-3,1),7))))))))*IF($F9=\"Level 1 PM + Mark I NOx\",0.75,1)*($Q9/453.6)","v":0},{"$f":"IF($B9=\"3+ Trucks\",IF(OR($H9=\"Class_8\",$N9=\"Replacement8HHD\",$AH9=\"CL7HHD\",$AJ9=\"CL7to8\"),INDEX('ER C8 FLT3'!$A$4:$J$640,MATCH($E9&$C9,'ER C8 FLT3'!$A$4:$A$640&'ER C8 FLT3'!$B$4:$B$640-4,1),5)*IF(OR($H9=\"Class_8\",$N9=\"Replacement8HHD\",$AH9=\"CL7HHD\",$AJ9=\"CL7to8\"),INDEX('ER C8 FLT3'!$A$4:$J$640,MATCH($E9&$C9,'ER C8 FLT3'!$A$4:$A$640&'ER C8 FLT3'!$B$4:$B$640-4,1),7)),IF($H9=\"Class_7\",INDEX('ER C7 FLT3'!$A$4:$J$640,MATCH($E9&$C9,'ER C7 FLT3'!$A$4:$A$640&'ER C7 FLT3'!$B$4:$B$640-4,1),5)*IF($H9=\"Class_7\",INDEX('ER C7 FLT3'!$A$4:$J$640,MATCH($E9&$C9,'ER C7 FLT3'!$A$4:$A$640&'ER C7 FLT3'!$B$4:$B$640-4,1),7)),\nIF($H9=\"Class_6\",INDEX('ER C6 FLT3'!$A$4:$J$640,MATCH($E9&$C9,'ER C6 FLT3'!$A$4:$A$640&'ER C6 FLT3'!$B$4:$B$640-4,1),5)*IF($H9=\"Class_6\",INDEX('ER C6 FLT3'!$A$4:$L$640,MATCH($E9&$C9,'ER C6 FLT3'!$A$4:$A$640&'ER C6 FLT3'!$B$4:$B$640-4,1),7))))),IF($B9=\"2 Trucks\",IF(OR($H9=\"Class_8\",$N9=\"Replacement8HHD\",$AH9=\"CL7HHD\",$AJ9=\"CL7to8\"),INDEX('ER C8 FLT2'!$A$4:$J$640,MATCH($E9&$C9,'ER C8 FLT2'!$A$4:$A$640&'ER C8 FLT2'!$B$4:$B$640-4,1),5)*IF(OR($H9=\"Class_8\",$N9=\"Replacement8HHD\",$AH9=\"CL7HHD\",$AJ9=\"CL7to8\"),INDEX('ER C8 FLT2'!$A$4:$J$640,MATCH($E9&$C9,'ER C8 FLT2'!$A$4:$A$640&'ER C8 FLT2'!$B$4:$B$640-4,1),7)),IF($H9=\"Class_7\",INDEX('ER C7 FLT2'!$A$4:$J$640,MATCH($E9&$C9,'ER C7 FLT2'!$A$4:$A$640&'ER C7 FLT2'!$B$4:$B$640-4,1),5)*IF($H9=\"Class_7\",INDEX('ER C7 FLT2'!$A$4:$J$640,MATCH($E9&$C9,'ER C7 FLT2'!$A$4:$A$640&'ER C7 FLT2'!$B$4:$B$640-4,1),7)),IF($H9=\"Class_6\",INDEX('ER C6 FLT2'!$A$4:$J$640,MATCH($E9&$C9,'ER C6 FLT2'!$A$4:$A$640&'ER C6 FLT2'!$B$4:$B$640-4,1),5)*IF($H9=\"Class_6\",INDEX('ER C6 FLT2'!$A$4:$J$640,MATCH($E9&$C9,'ER C6 FLT2'!$A$4:$A$640&'ER C6 FLT2'!$B$4:$B$640-4,1),7))))),IF($B9=\"1 Truck\",\nIF(OR($H9=\"Class_8\",$N9=\"Replacement8HHD\",$AH9=\"CL7HHD\",$AJ9=\"CL7to8\"),INDEX('ER C8 FLT1'!$A$4:$J$640,MATCH($E9&$C9,'ER C8 FLT1'!$A$4:$A$640&'ER C8 FLT1'!$B$4:$B$640-4,1),5)*IF(OR($H9=\"Class_8\",$N9=\"Replacement8HHD\",$AH9=\"CL7HHD\",$AJ9=\"CL7to8\"),INDEX('ER C8 FLT1'!$A$4:$J$640,MATCH($E9&$C9,'ER C8 FLT1'!$A$4:$A$640&'ER C8 FLT1'!$B$4:$B$640-4,1),7)),IF($H9=\"Class_7\",INDEX('ER C7 FLT1'!$A$4:$J$640,MATCH($E9&$C9,'ER C7 FLT1'!$A$4:$A$640&'ER C7 FLT1'!$B$4:$B$640-4,1),5)*IF($H9=\"Class_7\",INDEX('ER C7 FLT1'!$A$4:$J$640,MATCH($E9&$C9,'ER C7 FLT1'!$A$4:$A$640&'ER C7 FLT1'!$B$4:$B$640-4,1),7)),\nIF($H9=\"Class_6\",INDEX('ER C6 FLT1'!$A$4:$J$640,MATCH($E9&$C9,'ER C6 FLT1'!$A$4:$A$640&'ER C6 FLT1'!$B$4:$B$640-4,1),5)*IF($H9=\"Class_6\",INDEX('ER C6 FLT1'!$A$4:$J$640,MATCH($E9&$C9,'ER C6 FLT1'!$A$4:$A$640&'ER C6 FLT1'!$B$4:$B$640-4,1),7))))))))*IF($F9=\"Level 1 PM + Mark I NOx\",0.75,1)*($Q9/453.6)","v":0},{"$f":"IF($B9=\"3+ Trucks\",IF(OR($H9=\"Class_8\",$N9=\"Replacement8HHD\",$AH9=\"CL7HHD\",$AJ9=\"CL7to8\"),INDEX('ER C8 FLT3'!$A$4:$J$640,MATCH($E9&$C9,'ER C8 FLT3'!$A$4:$A$640&'ER C8 FLT3'!$B$4:$B$640,1),5),IF($H9=\"Class_7\",INDEX('ER C7 FLT3'!$A$4:$J$640,MATCH($E9&$C9,'ER C7 FLT3'!$A$4:$A$640&'ER C7 FLT3'!$B$4:$B$640,1),5),IF($H9=\"Class_6\",INDEX('ER C6 FLT3'!$A$4:$J$640,MATCH($E9&$C9,'ER C6 FLT3'!$A$4:$A$640&'ER C6 FLT3'!$B$4:$B$640,1),5)))),IF($B9=\"2 Trucks\",IF(OR($H9=\"Class_8\",$N9=\"Replacement8HHD\",$AH9=\"CL7HHD\",$AJ9=\"CL7to8\"),INDEX('ER C8 FLT2'!$A$4:$J$640,MATCH($E9&$C9,'ER C8 FLT2'!$A$4:$A$640&'ER C8 FLT2'!$B$4:$B$640,1),5),IF($H9=\"Class_7\",INDEX('ER C7 FLT2'!$A$4:$J$640,MATCH($E9&$C9,'ER C7 FLT2'!$A$4:$A$640&'ER C7 FLT2'!$B$4:$B$640,1),5),IF($H9=\"Class_6\",INDEX('ER C6 FLT2'!$A$4:$J$640,MATCH($E9&$C9,'ER C6 FLT2'!$A$4:$A$640&'ER C6 FLT2'!$B$4:$B$640,1),5)))),IF($B9=\"1 Truck\",IF(OR($H9=\"Class_8\",$N9=\"Replacement8HHD\",$AH9=\"CL7HHD\",$AJ9=\"CL7to8\"),INDEX('ER C8 FLT1'!$A$4:$J$640,MATCH($E9&$C9,'ER C8 FLT1'!$A$4:$A$640&'ER C8 FLT1'!$B$4:$B$640,1),5),IF($H9=\"Class_7\",INDEX('ER C7 FLT1'!$A$4:$J$640,MATCH($E9&$C9,'ER C7 FLT1'!$A$4:$A$640&'ER C7 FLT1'!$B$4:$B$640,1),5),IF($H9=\"Class_6\",INDEX('ER C6 FLT1'!$A$4:$J$640,MATCH($E9&$C9,'ER C6 FLT1'!$A$4:$A$640&'ER C6 FLT1'!$B$4:$B$640,1),5)))))))","v":false},{"$f":"IF($B9=\"3+ Trucks\",IF(OR($H9=\"Class_8\",$N9=\"Replacement8HHD\",$AH9=\"CL7HHD\",$AJ9=\"CL7to8\"),INDEX('ER C8 FLT3'!$A$4:$J$640,MATCH($E9&$C9,'ER C8 FLT3'!$A$4:$A$640&'ER C8 FLT3'!$B$4:$B$640-1,1),5),IF($H9=\"Class_7\",INDEX('ER C7 FLT3'!$A$4:$J$640,MATCH($E9&$C9,'ER C7 FLT3'!$A$4:$A$640&'ER C7 FLT3'!$B$4:$B$640-1,1),5),IF($H9=\"Class_6\",INDEX('ER C6 FLT3'!$A$4:$J$640,MATCH($E9&$C9,'ER C6 FLT3'!$A$4:$A$640&'ER C6 FLT3'!$B$4:$B$640-1,1),5)))),IF($B9=\"2 Trucks\",IF(OR($H9=\"Class_8\",$N9=\"Replacement8HHD\",$AH9=\"CL7HHD\",$AJ9=\"CL7to8\"),INDEX('ER C8 FLT2'!$A$4:$J$640,MATCH($E9&$C9,'ER C8 FLT2'!$A$4:$A$640&'ER C8 FLT2'!$B$4:$B$640-1,1),5),IF($H9=\"Class_7\",INDEX('ER C7 FLT2'!$A$4:$J$640,MATCH($E9&$C9,'ER C7 FLT2'!$A$4:$A$640&'ER C7 FLT2'!$B$4:$B$640-1,1),5),IF($H9=\"Class_6\",INDEX('ER C6 FLT2'!$A$4:$J$640,MATCH($E9&$C9,'ER C6 FLT2'!$A$4:$A$640&'ER C6 FLT2'!$B$4:$B$640-1,1),5)))),IF($B9=\"1 Truck\",IF(OR($H9=\"Class_8\",$N9=\"Replacement8HHD\",$AH9=\"CL7HHD\",$AJ9=\"CL7to8\"),INDEX('ER C8 FLT1'!$A$4:$J$640,MATCH($E9&$C9,'ER C8 FLT1'!$A$4:$A$640&'ER C8 FLT1'!$B$4:$B$640-1,1),5),IF($H9=\"Class_7\",INDEX('ER C7 FLT1'!$A$4:$J$640,MATCH($E9&$C9,'ER C7 FLT1'!$A$4:$A$640&'ER C7 FLT1'!$B$4:$B$640-1,1),5),IF($H9=\"Class_6\",INDEX('ER C6 FLT1'!$A$4:$J$640,MATCH($E9&$C9,'ER C6 FLT1'!$A$4:$A$640&'ER C6 FLT1'!$B$4:$B$640-1,1),5)))))))","v":false},{"$f":"IF($B9=\"3+ Trucks\",IF(OR($H9=\"Class_8\",$N9=\"Replacement8HHD\",$AH9=\"CL7HHD\",$AJ9=\"CL7to8\"),INDEX('ER C8 FLT3'!$A$4:$J$640,MATCH($E9&$C9,'ER C8 FLT3'!$A$4:$A$640&'ER C8 FLT3'!$B$4:$B$640-2,1),5),IF($H9=\"Class_7\",INDEX('ER C7 FLT3'!$A$4:$J$640,MATCH($E9&$C9,'ER C7 FLT3'!$A$4:$A$640&'ER C7 FLT3'!$B$4:$B$640-2,1),5),IF($H9=\"Class_6\",INDEX('ER C6 FLT3'!$A$4:$J$640,MATCH($E9&$C9,'ER C6 FLT3'!$A$4:$A$640&'ER C6 FLT3'!$B$4:$B$640-2,1),5)))),IF($B9=\"2 Trucks\",IF(OR($H9=\"Class_8\",$N9=\"Replacement8HHD\",$AH9=\"CL7HHD\",$AJ9=\"CL7to8\"),INDEX('ER C8 FLT2'!$A$4:$J$640,MATCH($E9&$C9,'ER C8 FLT2'!$A$4:$A$640&'ER C8 FLT2'!$B$4:$B$640-2,1),5),IF($H9=\"Class_7\",INDEX('ER C7 FLT2'!$A$4:$J$640,MATCH($E9&$C9,'ER C7 FLT2'!$A$4:$A$640&'ER C7 FLT2'!$B$4:$B$640-2,1),5),IF($H9=\"Class_6\",INDEX('ER C6 FLT2'!$A$4:$J$640,MATCH($E9&$C9,'ER C6 FLT2'!$A$4:$A$640&'ER C6 FLT2'!$B$4:$B$640-2,1),5)))),IF($B9=\"1 Truck\",IF(OR($H9=\"Class_8\",$N9=\"Replacement8HHD\",$AH9=\"CL7HHD\",$AJ9=\"CL7to8\"),INDEX('ER C8 FLT1'!$A$4:$J$640,MATCH($E9&$C9,'ER C8 FLT1'!$A$4:$A$640&'ER C8 FLT1'!$B$4:$B$640-2,1),5),IF($H9=\"Class_7\",INDEX('ER C7 FLT1'!$A$4:$J$640,MATCH($E9&$C9,'ER C7 FLT1'!$A$4:$A$640&'ER C7 FLT1'!$B$4:$B$640-2,1),5),IF($H9=\"Class_6\",INDEX('ER C6 FLT1'!$A$4:$J$640,MATCH($E9&$C9,'ER C6 FLT1'!$A$4:$A$640&'ER C6 FLT1'!$B$4:$B$640-2,1),5)))))))","v":false},{"$f":"IF($B9=\"3+ Trucks\",IF(OR($H9=\"Class_8\",$N9=\"Replacement8HHD\",$AH9=\"CL7HHD\",$AJ9=\"CL7to8\"),INDEX('ER C8 FLT3'!$A$4:$J$640,MATCH($E9&$C9,'ER C8 FLT3'!$A$4:$A$640&'ER C8 FLT3'!$B$4:$B$640-3,1),5),IF($H9=\"Class_7\",INDEX('ER C7 FLT3'!$A$4:$J$640,MATCH($E9&$C9,'ER C7 FLT3'!$A$4:$A$640&'ER C7 FLT3'!$B$4:$B$640-3,1),5),IF($H9=\"Class_6\",INDEX('ER C6 FLT3'!$A$4:$J$640,MATCH($E9&$C9,'ER C6 FLT3'!$A$4:$A$640&'ER C6 FLT3'!$B$4:$B$640-3,1),5)))),IF($B9=\"2 Trucks\",IF(OR($H9=\"Class_8\",$N9=\"Replacement8HHD\",$AH9=\"CL7HHD\",$AJ9=\"CL7to8\"),INDEX('ER C8 FLT2'!$A$4:$J$640,MATCH($E9&$C9,'ER C8 FLT2'!$A$4:$A$640&'ER C8 FLT2'!$B$4:$B$640-3,1),5),IF($H9=\"Class_7\",INDEX('ER C7 FLT2'!$A$4:$J$640,MATCH($E9&$C9,'ER C7 FLT2'!$A$4:$A$640&'ER C7 FLT2'!$B$4:$B$640-3,1),5),IF($H9=\"Class_6\",INDEX('ER C6 FLT2'!$A$4:$J$640,MATCH($E9&$C9,'ER C6 FLT2'!$A$4:$A$640&'ER C6 FLT2'!$B$4:$B$640-3,1),5)))),IF($B9=\"1 Truck\",IF(OR($H9=\"Class_8\",$N9=\"Replacement8HHD\",$AH9=\"CL7HHD\",$AJ9=\"CL7to8\"),INDEX('ER C8 FLT1'!$A$4:$J$640,MATCH($E9&$C9,'ER C8 FLT1'!$A$4:$A$640&'ER C8 FLT1'!$B$4:$B$640-3,1),5),IF($H9=\"Class_7\",INDEX('ER C7 FLT1'!$A$4:$J$640,MATCH($E9&$C9,'ER C7 FLT1'!$A$4:$A$640&'ER C7 FLT1'!$B$4:$B$640-3,1),5),IF($H9=\"Class_6\",INDEX('ER C6 FLT1'!$A$4:$J$640,MATCH($E9&$C9,'ER C6 FLT1'!$A$4:$A$640&'ER C6 FLT1'!$B$4:$B$640-3,1),5)))))))","v":false},{"$f":"IF($B9=\"3+ Trucks\",IF(OR($H9=\"Class_8\",$N9=\"Replacement8HHD\",$AH9=\"CL7HHD\",$AJ9=\"CL7to8\"),INDEX('ER C8 FLT3'!$A$4:$J$640,MATCH($E9&$C9,'ER C8 FLT3'!$A$4:$A$640&'ER C8 FLT3'!$B$4:$B$640-4,1),5),IF($H9=\"Class_7\",INDEX('ER C7 FLT3'!$A$4:$J$640,MATCH($E9&$C9,'ER C7 FLT3'!$A$4:$A$640&'ER C7 FLT3'!$B$4:$B$640-4,1),5),IF($H9=\"Class_6\",INDEX('ER C6 FLT3'!$A$4:$J$640,MATCH($E9&$C9,'ER C6 FLT3'!$A$4:$A$640&'ER C6 FLT3'!$B$4:$B$640-4,1),5)))),IF($B9=\"2 Trucks\",IF(OR($H9=\"Class_8\",$N9=\"Replacement8HHD\",$AH9=\"CL7HHD\",$AJ9=\"CL7to8\"),INDEX('ER C8 FLT2'!$A$4:$J$640,MATCH($E9&$C9,'ER C8 FLT2'!$A$4:$A$640&'ER C8 FLT2'!$B$4:$B$640-4,1),5),IF($H9=\"Class_7\",INDEX('ER C7 FLT2'!$A$4:$J$640,MATCH($E9&$C9,'ER C7 FLT2'!$A$4:$A$640&'ER C7 FLT2'!$B$4:$B$640-4,1),5),IF($H9=\"Class_6\",INDEX('ER C6 FLT2'!$A$4:$J$640,MATCH($E9&$C9,'ER C6 FLT2'!$A$4:$A$640&'ER C6 FLT2'!$B$4:$B$640-4,1),5)))),IF($B9=\"1 Truck\",IF(OR($H9=\"Class_8\",$N9=\"Replacement8HHD\",$AH9=\"CL7HHD\",$AJ9=\"CL7to8\"),INDEX('ER C8 FLT1'!$A$4:$J$640,MATCH($E9&$C9,'ER C8 FLT1'!$A$4:$A$640&'ER C8 FLT1'!$B$4:$B$640-4,1),5),IF($H9=\"Class_7\",INDEX('ER C7 FLT1'!$A$4:$J$640,MATCH($E9&$C9,'ER C7 FLT1'!$A$4:$A$640&'ER C7 FLT1'!$B$4:$B$640-4,1),5),IF($H9=\"Class_6\",INDEX('ER C6 FLT1'!$A$4:$J$640,MATCH($E9&$C9,'ER C6 FLT1'!$A$4:$A$640&'ER C6 FLT1'!$B$4:$B$640-4,1),5)))))))","v":false},{"$f":"IF(OR($R9=\"Diesel\",$R9=\"LNG/CNG\",$R9=\"Hybrid\",$R9=\"Electric w/ AB-118\"),IF($B9=\"3+ Trucks\",IF(OR($O9=\"Class_8\",$N9=\"Replacement8HHD\",$AI9=\"CL7HHD\"),INDEX('ER C8 FLT3'!$A$4:$J$640,MATCH(DropData!$J49&$C9,'ER C8 FLT3'!$A$4:$A$640&'ER C8 FLT3'!$B$4:$B$640,1),5)*IF(OR($O9=\"Class_8\",$N9=\"Replacement8HHD\",$AI9=\"CL7HHD\"),INDEX('ER C8 FLT3'!$A$4:$J$640,MATCH(DropData!$J49&$C9,'ER C8 FLT3'!$A$4:$A$640&'ER C8 FLT3'!$B$4:$B$640,1),7)),IF($O9=\"Class_7\",INDEX('ER C7 FLT3'!$A$4:$J$640,MATCH(DropData!$J49&$C9,'ER C7 FLT3'!$A$4:$A$640&'ER C7 FLT3'!$B$4:$B$640,1),5)*IF($O9=\"Class_7\",INDEX('ER C7 FLT3'!$A$4:$J$640,MATCH(DropData!$J49&$C9,'ER C7 FLT3'!$A$4:$A$640&'ER C7 FLT3'!$B$4:$B$640,1),7)),IF($O9=\"Class_6\",INDEX('ER C6 FLT3'!$A$4:$J$640,MATCH(DropData!$J49&$C9,'ER C6 FLT3'!$A$4:$A$640&'ER C6 FLT3'!$B$4:$B$640,1),5)*IF($O9=\"Class_6\",INDEX('ER C6 FLT3'!$A$4:$J$640,MATCH(DropData!$J49&$C9,'ER C6 FLT3'!$A$4:$A$640&'ER C6 FLT3'!$B$4:$B$640,1),7))))),IF($B9=\"2 Trucks\",IF(OR($O9=\"Class_8\",$N9=\"Replacement8HHD\",$AI9=\"CL7HHD\"),INDEX('ER C8 FLT2'!$A$4:$J$640,MATCH(DropData!$J49&$C9,'ER C8 FLT2'!$A$4:$A$640&'ER C8 FLT2'!$B$4:$B$640,1),5)*IF(OR($O9=\"Class_8\",$N9=\"Replacement8HHD\",$AI9=\"CL7HHD\"),INDEX('ER C8 FLT2'!$A$4:$J$640,MATCH(DropData!$J49&$C9,'ER C8 FLT2'!$A$4:$A$640&'ER C8 FLT2'!$B$4:$B$640,1),7)),IF($O9=\"Class_7\",INDEX('ER C7 FLT2'!$A$4:$J$640,MATCH(DropData!$J49&$C9,'ER C7 FLT2'!$A$4:$A$640&'ER C7 FLT2'!$B$4:$B$640,1),5)*IF($O9=\"Class_7\",INDEX('ER C7 FLT2'!$A$4:$J$640,MATCH(DropData!$J49&$C9,'ER C7 FLT2'!$A$4:$A$640&'ER C7 FLT2'!$B$4:$B$640,1),7)),IF($O9=\"Class_6\",INDEX('ER C6 FLT2'!$A$4:$J$640,MATCH(DropData!$J49&$C9,'ER C6 FLT2'!$A$4:$A$640&'ER C6 FLT2'!$B$4:$B$640,1),5)*IF($O9=\"Class_6\",INDEX('ER C6 FLT2'!$A$4:$J$640,MATCH(DropData!$J49&$C9,'ER C6 FLT2'!$A$4:$A$640&'ER C6 FLT2'!$B$4:$B$640,1),7))))),IF($B9=\"1 Truck\",IF(OR($O9=\"Class_8\",$N9=\"Replacement8HHD\",$AI9=\"CL7HHD\"),INDEX('ER C8 FLT1'!$A$4:$J$640,MATCH(DropData!$J49&$C9,'ER C8 FLT1'!$A$4:$A$640&'ER C8 FLT1'!$B$4:$B$640,1),5)*IF(OR($O9=\"Class_8\",$N9=\"Replacement8HHD\",$AI9=\"CL7HHD\"),INDEX('ER C8 FLT1'!$A$4:$J$640,MATCH(DropData!$J49&$C9,'ER C8 FLT1'!$A$4:$A$640&'ER C8 FLT1'!$B$4:$B$640,1),7)),IF($O9=\"Class_7\",INDEX('ER C7 FLT1'!$A$4:$J$640,MATCH(DropData!$J49&$C9,'ER C7 FLT1'!$A$4:$A$640&'ER C7 FLT1'!$B$4:$B$640,1),5)*IF($O9=\"Class_7\",INDEX('ER C7 FLT1'!$A$4:$J$640,MATCH(DropData!$J49&$C9,'ER C7 FLT1'!$A$4:$A$640&'ER C7 FLT1'!$B$4:$B$640,1),7)),IF($O9=\"Class_6\",INDEX('ER C6 FLT1'!$A$4:$J$640,MATCH(DropData!$J49&$C9,'ER C6 FLT1'!$A$4:$A$640&'ER C6 FLT1'!$B$4:$B$640,1),5)*IF($O9=\"Class_6\",INDEX('ER C6 FLT1'!$A$4:$J$640,MATCH(DropData!$J49&$C9,'ER C6 FLT1'!$A$4:$A$640&'ER C6 FLT1'!$B$4:$B$640,1),7)))))))),IF($R9=\"Electric\",INDEX('ER Electric'!$A$6:$E$44,MATCH($C9&$O9,'ER Electric'!$A$6:$A$44&'ER Electric'!$B$6:$B$44,1),4)))*(($Q9+$AC9)/453.6)","v":0},{"$f":"IF(OR($R9=\"Diesel\",$R9=\"LNG/CNG\",$R9=\"Hybrid\",$R9=\"Electric w/ AB-118\"),IF($B9=\"3+ Trucks\",IF(OR($O9=\"Class_8\",$N9=\"Replacement8HHD\",$AI9=\"CL7HHD\"),INDEX('ER C8 FLT3'!$A$4:$J$640,MATCH(DropData!$J49&$C9,'ER C8 FLT3'!$A$4:$A$640&'ER C8 FLT3'!$B$4:$B$640-1,1),5)*IF(OR($O9=\"Class_8\",$N9=\"Replacement8HHD\",$AI9=\"CL7HHD\"),INDEX('ER C8 FLT3'!$A$4:$J$640,MATCH(DropData!$J49&$C9,'ER C8 FLT3'!$A$4:$A$640&'ER C8 FLT3'!$B$4:$B$640-1,1),7)),IF($O9=\"Class_7\",INDEX('ER C7 FLT3'!$A$4:$J$640,MATCH(DropData!$J49&$C9,'ER C7 FLT3'!$A$4:$A$640&'ER C7 FLT3'!$B$4:$B$640-1,1),5)*IF($O9=\"Class_7\",INDEX('ER C7 FLT3'!$A$4:$J$640,MATCH(DropData!$J49&$C9,'ER C7 FLT3'!$A$4:$A$640&'ER C7 FLT3'!$B$4:$B$640-1,1),7)),IF($O9=\"Class_6\",INDEX('ER C6 FLT3'!$A$4:$J$640,MATCH(DropData!$J49&$C9,'ER C6 FLT3'!$A$4:$A$640&'ER C6 FLT3'!$B$4:$B$640-1,1),5)*IF($O9=\"Class_6\",INDEX('ER C6 FLT3'!$A$4:$J$640,MATCH(DropData!$J49&$C9,'ER C6 FLT3'!$A$4:$A$640&'ER C6 FLT3'!$B$4:$B$640-1,1),7))))),IF($B9=\"2 Trucks\",IF(OR($O9=\"Class_8\",$N9=\"Replacement8HHD\",$AI9=\"CL7HHD\"),INDEX('ER C8 FLT2'!$A$4:$J$640,MATCH(DropData!$J49&$C9,'ER C8 FLT2'!$A$4:$A$640&'ER C8 FLT2'!$B$4:$B$640-1,1),5)*IF(OR($O9=\"Class_8\",$N9=\"Replacement8HHD\",$AI9=\"CL7HHD\"),INDEX('ER C8 FLT2'!$A$4:$J$640,MATCH(DropData!$J49&$C9,'ER C8 FLT2'!$A$4:$A$640&'ER C8 FLT2'!$B$4:$B$640-1,1),7)),IF($O9=\"Class_7\",INDEX('ER C7 FLT2'!$A$4:$J$640,MATCH(DropData!$J49&$C9,'ER C7 FLT2'!$A$4:$A$640&'ER C7 FLT2'!$B$4:$B$640-1,1),5)*IF($O9=\"Class_7\",INDEX('ER C7 FLT2'!$A$4:$J$640,MATCH(DropData!$J49&$C9,'ER C7 FLT2'!$A$4:$A$640&'ER C7 FLT2'!$B$4:$B$640-1,1),7)),IF($O9=\"Class_6\",INDEX('ER C6 FLT2'!$A$4:$J$640,MATCH(DropData!$J49&$C9,'ER C6 FLT2'!$A$4:$A$640&'ER C6 FLT2'!$B$4:$B$640-1,1),5)*IF($O9=\"Class_6\",INDEX('ER C6 FLT2'!$A$4:$J$640,MATCH(DropData!$J49&$C9,'ER C6 FLT2'!$A$4:$A$640&'ER C6 FLT2'!$B$4:$B$640-1,1),7))))),IF($B9=\"1 Truck\",IF(OR($O9=\"Class_8\",$N9=\"Replacement8HHD\",$AI9=\"CL7HHD\"),INDEX('ER C8 FLT1'!$A$4:$J$640,MATCH(DropData!$J49&$C9,'ER C8 FLT1'!$A$4:$A$640&'ER C8 FLT1'!$B$4:$B$640-1,1),5)*IF(OR($O9=\"Class_8\",$N9=\"Replacement8HHD\",$AI9=\"CL7HHD\"),INDEX('ER C8 FLT1'!$A$4:$J$640,MATCH(DropData!$J49&$C9,'ER C8 FLT1'!$A$4:$A$640&'ER C8 FLT1'!$B$4:$B$640-1,1),7)),IF($O9=\"Class_7\",INDEX('ER C7 FLT1'!$A$4:$J$640,MATCH(DropData!$J49&$C9,'ER C7 FLT1'!$A$4:$A$640&'ER C7 FLT1'!$B$4:$B$640-1,1),5)*IF($O9=\"Class_7\",INDEX('ER C7 FLT1'!$A$4:$J$640,MATCH(DropData!$J49&$C9,'ER C7 FLT1'!$A$4:$A$640&'ER C7 FLT1'!$B$4:$B$640-1,1),7)),IF($O9=\"Class_6\",INDEX('ER C6 FLT1'!$A$4:$J$640,MATCH(DropData!$J49&$C9,'ER C6 FLT1'!$A$4:$A$640&'ER C6 FLT1'!$B$4:$B$640-1,1),5)*IF($O9=\"Class_6\",INDEX('ER C6 FLT1'!$A$4:$J$640,MATCH(DropData!$J49&$C9,'ER C6 FLT1'!$A$4:$A$640&'ER C6 FLT1'!$B$4:$B$640-1,1),7)))))))),IF($R9=\"Electric\",OFFSET(INDEX('ER Electric'!$A$6:$E$44,MATCH($C9&$O9,'ER Electric'!$A$6:$A$44&'ER Electric'!$B$6:$B$44,1),4),3,0)))*(($Q9+$AC9)/453.6)","v":0},{"$f":"IF(OR($R9=\"Diesel\",$R9=\"LNG/CNG\",$R9=\"Hybrid\",$R9=\"Electric w/ AB-118\"),IF($B9=\"3+ Trucks\",IF(OR($O9=\"Class_8\",$N9=\"Replacement8HHD\",$AI9=\"CL7HHD\"),INDEX('ER C8 FLT3'!$A$4:$J$640,MATCH(DropData!$J49&$C9,'ER C8 FLT3'!$A$4:$A$640&'ER C8 FLT3'!$B$4:$B$640-2,1),5)*IF(OR($O9=\"Class_8\",$N9=\"Replacement8HHD\",$AI9=\"CL7HHD\"),INDEX('ER C8 FLT3'!$A$4:$J$640,MATCH(DropData!$J49&$C9,'ER C8 FLT3'!$A$4:$A$640&'ER C8 FLT3'!$B$4:$B$640-2,1),7)),IF($O9=\"Class_7\",INDEX('ER C7 FLT3'!$A$4:$J$640,MATCH(DropData!$J49&$C9,'ER C7 FLT3'!$A$4:$A$640&'ER C7 FLT3'!$B$4:$B$640-2,1),5)*IF($O9=\"Class_7\",INDEX('ER C7 FLT3'!$A$4:$J$640,MATCH(DropData!$J49&$C9,'ER C7 FLT3'!$A$4:$A$640&'ER C7 FLT3'!$B$4:$B$640-2,1),7)),IF($O9=\"Class_6\",INDEX('ER C6 FLT3'!$A$4:$J$640,MATCH(DropData!$J49&$C9,'ER C6 FLT3'!$A$4:$A$640&'ER C6 FLT3'!$B$4:$B$640-2,1),5)*IF($O9=\"Class_6\",INDEX('ER C6 FLT3'!$A$4:$J$640,MATCH(DropData!$J49&$C9,'ER C6 FLT3'!$A$4:$A$640&'ER C6 FLT3'!$B$4:$B$640-2,1),7))))),IF($B9=\"2 Trucks\",IF(OR($O9=\"Class_8\",$N9=\"Replacement8HHD\",$AI9=\"CL7HHD\"),INDEX('ER C8 FLT2'!$A$4:$J$640,MATCH(DropData!$J49&$C9,'ER C8 FLT2'!$A$4:$A$640&'ER C8 FLT2'!$B$4:$B$640-2,1),5)*IF(OR($O9=\"Class_8\",$N9=\"Replacement8HHD\",$AI9=\"CL7HHD\"),INDEX('ER C8 FLT2'!$A$4:$J$640,MATCH(DropData!$J49&$C9,'ER C8 FLT2'!$A$4:$A$640&'ER C8 FLT2'!$B$4:$B$640-2,1),7)),IF($O9=\"Class_7\",INDEX('ER C7 FLT2'!$A$4:$J$640,MATCH(DropData!$J49&$C9,'ER C7 FLT2'!$A$4:$A$640&'ER C7 FLT2'!$B$4:$B$640-2,1),5)*IF($O9=\"Class_7\",INDEX('ER C7 FLT2'!$A$4:$J$640,MATCH(DropData!$J49&$C9,'ER C7 FLT2'!$A$4:$A$640&'ER C7 FLT2'!$B$4:$B$640-2,1),7)),IF($O9=\"Class_6\",INDEX('ER C6 FLT2'!$A$4:$J$640,MATCH(DropData!$J49&$C9,'ER C6 FLT2'!$A$4:$A$640&'ER C6 FLT2'!$B$4:$B$640-2,1),5)*IF($O9=\"Class_6\",INDEX('ER C6 FLT2'!$A$4:$J$640,MATCH(DropData!$J49&$C9,'ER C6 FLT2'!$A$4:$A$640&'ER C6 FLT2'!$B$4:$B$640-2,1),7))))),IF($B9=\"1 Truck\",IF(OR($O9=\"Class_8\",$N9=\"Replacement8HHD\",$AI9=\"CL7HHD\"),INDEX('ER C8 FLT1'!$A$4:$J$640,MATCH(DropData!$J49&$C9,'ER C8 FLT1'!$A$4:$A$640&'ER C8 FLT1'!$B$4:$B$640-2,1),5)*IF(OR($O9=\"Class_8\",$N9=\"Replacement8HHD\",$AI9=\"CL7HHD\"),INDEX('ER C8 FLT1'!$A$4:$J$640,MATCH(DropData!$J49&$C9,'ER C8 FLT1'!$A$4:$A$640&'ER C8 FLT1'!$B$4:$B$640-2,1),7)),IF($O9=\"Class_7\",INDEX('ER C7 FLT1'!$A$4:$J$640,MATCH(DropData!$J49&$C9,'ER C7 FLT1'!$A$4:$A$640&'ER C7 FLT1'!$B$4:$B$640-2,1),5)*IF($O9=\"Class_7\",INDEX('ER C7 FLT1'!$A$4:$J$640,MATCH(DropData!$J49&$C9,'ER C7 FLT1'!$A$4:$A$640&'ER C7 FLT1'!$B$4:$B$640-2,1),7)),IF($O9=\"Class_6\",INDEX('ER C6 FLT1'!$A$4:$J$640,MATCH(DropData!$J49&$C9,'ER C6 FLT1'!$A$4:$A$640&'ER C6 FLT1'!$B$4:$B$640-2,1),5)*IF($O9=\"Class_6\",INDEX('ER C6 FLT1'!$A$4:$J$640,MATCH(DropData!$J49&$C9,'ER C6 FLT1'!$A$4:$A$640&'ER C6 FLT1'!$B$4:$B$640-2,1),7)))))))),IF($R9=\"Electric\",OFFSET(INDEX('ER Electric'!$A$6:$E$44,MATCH($C9&$O9,'ER Electric'!$A$6:$A$44&'ER Electric'!$B$6:$B$44,1),4),6,0)))*(($Q9+$AC9)/453.6)","v":0},{"$f":"IF(OR($R9=\"Diesel\",$R9=\"LNG/CNG\",$R9=\"Hybrid\",$R9=\"Electric w/ AB-118\"),IF($B9=\"3+ Trucks\",IF(OR($O9=\"Class_8\",$N9=\"Replacement8HHD\",$AI9=\"CL7HHD\"),INDEX('ER C8 FLT3'!$A$4:$J$640,MATCH(DropData!$J49&$C9,'ER C8 FLT3'!$A$4:$A$640&'ER C8 FLT3'!$B$4:$B$640-3,1),5)*IF(OR($O9=\"Class_8\",$N9=\"Replacement8HHD\",$AI9=\"CL7HHD\"),INDEX('ER C8 FLT3'!$A$4:$J$640,MATCH(DropData!$J49&$C9,'ER C8 FLT3'!$A$4:$A$640&'ER C8 FLT3'!$B$4:$B$640-3,1),7)),IF($O9=\"Class_7\",INDEX('ER C7 FLT3'!$A$4:$J$640,MATCH(DropData!$J49&$C9,'ER C7 FLT3'!$A$4:$A$640&'ER C7 FLT3'!$B$4:$B$640-3,1),5)*IF($O9=\"Class_7\",INDEX('ER C7 FLT3'!$A$4:$J$640,MATCH(DropData!$J49&$C9,'ER C7 FLT3'!$A$4:$A$640&'ER C7 FLT3'!$B$4:$B$640-3,1),7)),IF($O9=\"Class_6\",INDEX('ER C6 FLT3'!$A$4:$J$640,MATCH(DropData!$J49&$C9,'ER C6 FLT3'!$A$4:$A$640&'ER C6 FLT3'!$B$4:$B$640-3,1),5)*IF($O9=\"Class_6\",INDEX('ER C6 FLT3'!$A$4:$J$640,MATCH(DropData!$J49&$C9,'ER C6 FLT3'!$A$4:$A$640&'ER C6 FLT3'!$B$4:$B$640-3,1),7))))),IF($B9=\"2 Trucks\",IF(OR($O9=\"Class_8\",$N9=\"Replacement8HHD\",$AI9=\"CL7HHD\"),INDEX('ER C8 FLT2'!$A$4:$J$640,MATCH(DropData!$J49&$C9,'ER C8 FLT2'!$A$4:$A$640&'ER C8 FLT2'!$B$4:$B$640-3,1),5)*IF(OR($O9=\"Class_8\",$N9=\"Replacement8HHD\",$AI9=\"CL7HHD\"),INDEX('ER C8 FLT2'!$A$4:$J$640,MATCH(DropData!$J49&$C9,'ER C8 FLT2'!$A$4:$A$640&'ER C8 FLT2'!$B$4:$B$640-3,1),7)),IF($O9=\"Class_7\",INDEX('ER C7 FLT2'!$A$4:$J$640,MATCH(DropData!$J49&$C9,'ER C7 FLT2'!$A$4:$A$640&'ER C7 FLT2'!$B$4:$B$640-3,1),5)*IF($O9=\"Class_7\",INDEX('ER C7 FLT2'!$A$4:$J$640,MATCH(DropData!$J49&$C9,'ER C7 FLT2'!$A$4:$A$640&'ER C7 FLT2'!$B$4:$B$640-3,1),7)),IF($O9=\"Class_6\",INDEX('ER C6 FLT2'!$A$4:$J$640,MATCH(DropData!$J49&$C9,'ER C6 FLT2'!$A$4:$A$640&'ER C6 FLT2'!$B$4:$B$640-3,1),5)*IF($O9=\"Class_6\",INDEX('ER C6 FLT2'!$A$4:$J$640,MATCH(DropData!$J49&$C9,'ER C6 FLT2'!$A$4:$A$640&'ER C6 FLT2'!$B$4:$B$640-3,1),7))))),IF($B9=\"1 Truck\",IF(OR($O9=\"Class_8\",$N9=\"Replacement8HHD\",$AI9=\"CL7HHD\"),INDEX('ER C8 FLT1'!$A$4:$J$640,MATCH(DropData!$J49&$C9,'ER C8 FLT1'!$A$4:$A$640&'ER C8 FLT1'!$B$4:$B$640-3,1),5)*IF(OR($O9=\"Class_8\",$N9=\"Replacement8HHD\",$AI9=\"CL7HHD\"),INDEX('ER C8 FLT1'!$A$4:$J$640,MATCH(DropData!$J49&$C9,'ER C8 FLT1'!$A$4:$A$640&'ER C8 FLT1'!$B$4:$B$640-3,1),7)),IF($O9=\"Class_7\",INDEX('ER C7 FLT1'!$A$4:$J$640,MATCH(DropData!$J49&$C9,'ER C7 FLT1'!$A$4:$A$640&'ER C7 FLT1'!$B$4:$B$640-3,1),5)*IF($O9=\"Class_7\",INDEX('ER C7 FLT1'!$A$4:$J$640,MATCH(DropData!$J49&$C9,'ER C7 FLT1'!$A$4:$A$640&'ER C7 FLT1'!$B$4:$B$640-3,1),7)),IF($O9=\"Class_6\",INDEX('ER C6 FLT1'!$A$4:$J$640,MATCH(DropData!$J49&$C9,'ER C6 FLT1'!$A$4:$A$640&'ER C6 FLT1'!$B$4:$B$640-3,1),5)*IF($O9=\"Class_6\",INDEX('ER C6 FLT1'!$A$4:$J$640,MATCH(DropData!$J49&$C9,'ER C6 FLT1'!$A$4:$A$640&'ER C6 FLT1'!$B$4:$B$640-3,1),7)))))))),IF($R9=\"Electric\",OFFSET(INDEX('ER Electric'!$A$6:$E$44,MATCH($C9&$O9,'ER Electric'!$A$6:$A$44&'ER Electric'!$B$6:$B$44,1),4),9,0)))*(($Q9+$AC9)/453.6)","v":0},{"$f":"IF(OR($R9=\"Diesel\",$R9=\"LNG/CNG\",$R9=\"Hybrid\",$R9=\"Electric w/ AB-118\"),IF($B9=\"3+ Trucks\",IF(OR($O9=\"Class_8\",$N9=\"Replacement8HHD\",$AI9=\"CL7HHD\"),INDEX('ER C8 FLT3'!$A$4:$J$640,MATCH(DropData!$J49&$C9,'ER C8 FLT3'!$A$4:$A$640&'ER C8 FLT3'!$B$4:$B$640-4,1),5)*IF(OR($O9=\"Class_8\",$N9=\"Replacement8HHD\",$AI9=\"CL7HHD\"),INDEX('ER C8 FLT3'!$A$4:$J$640,MATCH(DropData!$J49&$C9,'ER C8 FLT3'!$A$4:$A$640&'ER C8 FLT3'!$B$4:$B$640-4,1),7)),IF($O9=\"Class_7\",INDEX('ER C7 FLT3'!$A$4:$J$640,MATCH(DropData!$J49&$C9,'ER C7 FLT3'!$A$4:$A$640&'ER C7 FLT3'!$B$4:$B$640-4,1),5)*IF($O9=\"Class_7\",INDEX('ER C7 FLT3'!$A$4:$J$640,MATCH(DropData!$J49&$C9,'ER C7 FLT3'!$A$4:$A$640&'ER C7 FLT3'!$B$4:$B$640-4,1),7)),IF($O9=\"Class_6\",INDEX('ER C6 FLT3'!$A$4:$J$640,MATCH(DropData!$J49&$C9,'ER C6 FLT3'!$A$4:$A$640&'ER C6 FLT3'!$B$4:$B$640-4,1),5)*IF($O9=\"Class_6\",INDEX('ER C6 FLT3'!$A$4:$J$640,MATCH(DropData!$J49&$C9,'ER C6 FLT3'!$A$4:$A$640&'ER C6 FLT3'!$B$4:$B$640-4,1),7))))),IF($B9=\"2 Trucks\",IF(OR($O9=\"Class_8\",$N9=\"Replacement8HHD\",$AI9=\"CL7HHD\"),INDEX('ER C8 FLT2'!$A$4:$J$640,MATCH(DropData!$J49&$C9,'ER C8 FLT2'!$A$4:$A$640&'ER C8 FLT2'!$B$4:$B$640-4,1),5)*IF(OR($O9=\"Class_8\",$N9=\"Replacement8HHD\",$AI9=\"CL7HHD\"),INDEX('ER C8 FLT2'!$A$4:$J$640,MATCH(DropData!$J49&$C9,'ER C8 FLT2'!$A$4:$A$640&'ER C8 FLT2'!$B$4:$B$640-4,1),7)),IF($O9=\"Class_7\",INDEX('ER C7 FLT2'!$A$4:$J$640,MATCH(DropData!$J49&$C9,'ER C7 FLT2'!$A$4:$A$640&'ER C7 FLT2'!$B$4:$B$640-4,1),5)*IF($O9=\"Class_7\",INDEX('ER C7 FLT2'!$A$4:$J$640,MATCH(DropData!$J49&$C9,'ER C7 FLT2'!$A$4:$A$640&'ER C7 FLT2'!$B$4:$B$640-4,1),7)),IF($O9=\"Class_6\",INDEX('ER C6 FLT2'!$A$4:$J$640,MATCH(DropData!$J49&$C9,'ER C6 FLT2'!$A$4:$A$640&'ER C6 FLT2'!$B$4:$B$640-4,1),5)*IF($O9=\"Class_6\",INDEX('ER C6 FLT2'!$A$4:$J$640,MATCH(DropData!$J49&$C9,'ER C6 FLT2'!$A$4:$A$640&'ER C6 FLT2'!$B$4:$B$640-4,1),7))))),IF($B9=\"1 Truck\",IF(OR($O9=\"Class_8\",$N9=\"Replacement8HHD\",$AI9=\"CL7HHD\"),INDEX('ER C8 FLT1'!$A$4:$J$640,MATCH(DropData!$J49&$C9,'ER C8 FLT1'!$A$4:$A$640&'ER C8 FLT1'!$B$4:$B$640-4,1),5)*IF(OR($O9=\"Class_8\",$N9=\"Replacement8HHD\",$AI9=\"CL7HHD\"),INDEX('ER C8 FLT1'!$A$4:$J$640,MATCH(DropData!$J49&$C9,'ER C8 FLT1'!$A$4:$A$640&'ER C8 FLT1'!$B$4:$B$640-4,1),7)),IF($O9=\"Class_7\",INDEX('ER C7 FLT1'!$A$4:$J$640,MATCH(DropData!$J49&$C9,'ER C7 FLT1'!$A$4:$A$640&'ER C7 FLT1'!$B$4:$B$640-4,1),5)*IF($O9=\"Class_7\",INDEX('ER C7 FLT1'!$A$4:$J$640,MATCH(DropData!$J49&$C9,'ER C7 FLT1'!$A$4:$A$640&'ER C7 FLT1'!$B$4:$B$640-4,1),7)),IF($O9=\"Class_6\",INDEX('ER C6 FLT1'!$A$4:$J$640,MATCH(DropData!$J49&$C9,'ER C6 FLT1'!$A$4:$A$640&'ER C6 FLT1'!$B$4:$B$640-4,1),5)*IF($O9=\"Class_6\",INDEX('ER C6 FLT1'!$A$4:$J$640,MATCH(DropData!$J49&$C9,'ER C6 FLT1'!$A$4:$A$640&'ER C6 FLT1'!$B$4:$B$640-4,1),7)))))))),IF($R9=\"Electric\",OFFSET(INDEX('ER Electric'!$A$6:$E$44,MATCH($C9&$O9,'ER Electric'!$A$6:$A$44&'ER Electric'!$B$6:$B$44,1),4),12,0)))*(($Q9+$AC9)/453.6)","v":0},{"$f":"IF(OR($R9=\"Diesel\",$R9=\"LNG/CNG\",$R9=\"Hybrid\",$R9=\"Electric w/ AB-118\"),IF($B9=\"3+ Trucks\",IF(OR($O9=\"Class_8\",$N9=\"Replacement8HHD\",$AI9=\"CL7HHD\"),INDEX('ER C8 FLT3'!$A$4:$J$640,MATCH(DropData!$J49&$C9,'ER C8 FLT3'!$A$4:$A$640&'ER C8 FLT3'!$B$4:$B$640,1),5)*IF(OR($O9=\"Class_8\",$N9=\"Replacement8HHD\",$AI9=\"CL7HHD\"),INDEX('ER C8 FLT3'!$A$4:$J$640,MATCH(DropData!$J49&$C9,'ER C8 FLT3'!$A$4:$A$640&'ER C8 FLT3'!$B$4:$B$640,1),7)),IF($O9=\"Class_7\",INDEX('ER C7 FLT3'!$A$4:$J$640,MATCH(DropData!$J49&$C9,'ER C7 FLT3'!$A$4:$A$640&'ER C7 FLT3'!$B$4:$B$640,1),5)*IF($O9=\"Class_7\",INDEX('ER C7 FLT3'!$A$4:$J$640,MATCH(DropData!$J49&$C9,'ER C7 FLT3'!$A$4:$A$640&'ER C7 FLT3'!$B$4:$B$640,1),7)),IF($O9=\"Class_6\",INDEX('ER C6 FLT3'!$A$4:$J$640,MATCH(DropData!$J49&$C9,'ER C6 FLT3'!$A$4:$A$640&'ER C6 FLT3'!$B$4:$B$640,1),5)*IF($O9=\"Class_6\",INDEX('ER C6 FLT3'!$A$4:$J$640,MATCH(DropData!$J49&$C9,'ER C6 FLT3'!$A$4:$A$640&'ER C6 FLT3'!$B$4:$B$640,1),7))))),IF($B9=\"2 Trucks\",IF(OR($O9=\"Class_8\",$N9=\"Replacement8HHD\",$AI9=\"CL7HHD\"),INDEX('ER C8 FLT2'!$A$4:$J$640,MATCH(DropData!$J49&$C9,'ER C8 FLT2'!$A$4:$A$640&'ER C8 FLT2'!$B$4:$B$640,1),5)*IF(OR($O9=\"Class_8\",$N9=\"Replacement8HHD\",$AI9=\"CL7HHD\"),INDEX('ER C8 FLT2'!$A$4:$J$640,MATCH(DropData!$J49&$C9,'ER C8 FLT2'!$A$4:$A$640&'ER C8 FLT2'!$B$4:$B$640,1),7)),IF($O9=\"Class_7\",INDEX('ER C7 FLT2'!$A$4:$J$640,MATCH(DropData!$J49&$C9,'ER C7 FLT2'!$A$4:$A$640&'ER C7 FLT2'!$B$4:$B$640,1),5)*IF($O9=\"Class_7\",INDEX('ER C7 FLT2'!$A$4:$J$640,MATCH(DropData!$J49&$C9,'ER C7 FLT2'!$A$4:$A$640&'ER C7 FLT2'!$B$4:$B$640,1),7)),IF($O9=\"Class_6\",INDEX('ER C6 FLT2'!$A$4:$J$640,MATCH(DropData!$J49&$C9,'ER C6 FLT2'!$A$4:$A$640&'ER C6 FLT2'!$B$4:$B$640,1),5)*IF($O9=\"Class_6\",INDEX('ER C6 FLT2'!$A$4:$J$640,MATCH(DropData!$J49&$C9,'ER C6 FLT2'!$A$4:$A$640&'ER C6 FLT2'!$B$4:$B$640,1),7))))),IF($B9=\"1 Truck\",IF(OR($O9=\"Class_8\",$N9=\"Replacement8HHD\",$AI9=\"CL7HHD\"),INDEX('ER C8 FLT1'!$A$4:$J$640,MATCH(DropData!$J49&$C9,'ER C8 FLT1'!$A$4:$A$640&'ER C8 FLT1'!$B$4:$B$640,1),5)*IF(OR($O9=\"Class_8\",$N9=\"Replacement8HHD\",$AI9=\"CL7HHD\"),INDEX('ER C8 FLT1'!$A$4:$J$640,MATCH(DropData!$J49&$C9,'ER C8 FLT1'!$A$4:$A$640&'ER C8 FLT1'!$B$4:$B$640,1),7)),IF($O9=\"Class_7\",INDEX('ER C7 FLT1'!$A$4:$J$640,MATCH(DropData!$J49&$C9,'ER C7 FLT1'!$A$4:$A$640&'ER C7 FLT1'!$B$4:$B$640,1),5)*IF($O9=\"Class_7\",INDEX('ER C7 FLT1'!$A$4:$J$640,MATCH(DropData!$J49&$C9,'ER C7 FLT1'!$A$4:$A$640&'ER C7 FLT1'!$B$4:$B$640,1),7)),IF($O9=\"Class_6\",INDEX('ER C6 FLT1'!$A$4:$J$640,MATCH(DropData!$J49&$C9,'ER C6 FLT1'!$A$4:$A$640&'ER C6 FLT1'!$B$4:$B$640,1),5)*IF($O9=\"Class_6\",INDEX('ER C6 FLT1'!$A$4:$J$640,MATCH(DropData!$J49&$C9,'ER C6 FLT1'!$A$4:$A$640&'ER C6 FLT1'!$B$4:$B$640,1),7)))))))),IF($R9=\"Electric\",INDEX('ER Electric'!$A$6:$E$44,MATCH($C9&$O9,'ER Electric'!$A$6:$A$44&'ER Electric'!$B$6:$B$44,1),4)))","v":false},{"$f":"IF(OR($R9=\"Diesel\",$R9=\"LNG/CNG\",$R9=\"Hybrid\",$R9=\"Electric w/ AB-118\"),IF($B9=\"3+ Trucks\",IF(OR($O9=\"Class_8\",$N9=\"Replacement8HHD\",$AI9=\"CL7HHD\"),INDEX('ER C8 FLT3'!$A$4:$J$640,MATCH(DropData!$J49&$C9,'ER C8 FLT3'!$A$4:$A$640&'ER C8 FLT3'!$B$4:$B$640-1,1),5)*IF(OR($O9=\"Class_8\",$N9=\"Replacement8HHD\",$AI9=\"CL7HHD\"),INDEX('ER C8 FLT3'!$A$4:$J$640,MATCH(DropData!$J49&$C9,'ER C8 FLT3'!$A$4:$A$640&'ER C8 FLT3'!$B$4:$B$640-1,1),7)),IF($O9=\"Class_7\",INDEX('ER C7 FLT3'!$A$4:$J$640,MATCH(DropData!$J49&$C9,'ER C7 FLT3'!$A$4:$A$640&'ER C7 FLT3'!$B$4:$B$640-1,1),5)*IF($O9=\"Class_7\",INDEX('ER C7 FLT3'!$A$4:$J$640,MATCH(DropData!$J49&$C9,'ER C7 FLT3'!$A$4:$A$640&'ER C7 FLT3'!$B$4:$B$640-1,1),7)),IF($O9=\"Class_6\",INDEX('ER C6 FLT3'!$A$4:$J$640,MATCH(DropData!$J49&$C9,'ER C6 FLT3'!$A$4:$A$640&'ER C6 FLT3'!$B$4:$B$640-1,1),5)*IF($O9=\"Class_6\",INDEX('ER C6 FLT3'!$A$4:$J$640,MATCH(DropData!$J49&$C9,'ER C6 FLT3'!$A$4:$A$640&'ER C6 FLT3'!$B$4:$B$640-1,1),7))))),IF($B9=\"2 Trucks\",IF(OR($O9=\"Class_8\",$N9=\"Replacement8HHD\",$AI9=\"CL7HHD\"),INDEX('ER C8 FLT2'!$A$4:$J$640,MATCH(DropData!$J49&$C9,'ER C8 FLT2'!$A$4:$A$640&'ER C8 FLT2'!$B$4:$B$640-1,1),5)*IF(OR($O9=\"Class_8\",$N9=\"Replacement8HHD\",$AI9=\"CL7HHD\"),INDEX('ER C8 FLT2'!$A$4:$J$640,MATCH(DropData!$J49&$C9,'ER C8 FLT2'!$A$4:$A$640&'ER C8 FLT2'!$B$4:$B$640-1,1),7)),IF($O9=\"Class_7\",INDEX('ER C7 FLT2'!$A$4:$J$640,MATCH(DropData!$J49&$C9,'ER C7 FLT2'!$A$4:$A$640&'ER C7 FLT2'!$B$4:$B$640-1,1),5)*IF($O9=\"Class_7\",INDEX('ER C7 FLT2'!$A$4:$J$640,MATCH(DropData!$J49&$C9,'ER C7 FLT2'!$A$4:$A$640&'ER C7 FLT2'!$B$4:$B$640-1,1),7)),IF($O9=\"Class_6\",INDEX('ER C6 FLT2'!$A$4:$J$640,MATCH(DropData!$J49&$C9,'ER C6 FLT2'!$A$4:$A$640&'ER C6 FLT2'!$B$4:$B$640-1,1),5)*IF($O9=\"Class_6\",INDEX('ER C6 FLT2'!$A$4:$J$640,MATCH(DropData!$J49&$C9,'ER C6 FLT2'!$A$4:$A$640&'ER C6 FLT2'!$B$4:$B$640-1,1),7))))),IF($B9=\"1 Truck\",IF(OR($O9=\"Class_8\",$N9=\"Replacement8HHD\",$AI9=\"CL7HHD\"),INDEX('ER C8 FLT1'!$A$4:$J$640,MATCH(DropData!$J49&$C9,'ER C8 FLT1'!$A$4:$A$640&'ER C8 FLT1'!$B$4:$B$640-1,1),5)*IF(OR($O9=\"Class_8\",$N9=\"Replacement8HHD\",$AI9=\"CL7HHD\"),INDEX('ER C8 FLT1'!$A$4:$J$640,MATCH(DropData!$J49&$C9,'ER C8 FLT1'!$A$4:$A$640&'ER C8 FLT1'!$B$4:$B$640-1,1),7)),IF($O9=\"Class_7\",INDEX('ER C7 FLT1'!$A$4:$J$640,MATCH(DropData!$J49&$C9,'ER C7 FLT1'!$A$4:$A$640&'ER C7 FLT1'!$B$4:$B$640-1,1),5)*IF($O9=\"Class_7\",INDEX('ER C7 FLT1'!$A$4:$J$640,MATCH(DropData!$J49&$C9,'ER C7 FLT1'!$A$4:$A$640&'ER C7 FLT1'!$B$4:$B$640-1,1),7)),IF($O9=\"Class_6\",INDEX('ER C6 FLT1'!$A$4:$J$640,MATCH(DropData!$J49&$C9,'ER C6 FLT1'!$A$4:$A$640&'ER C6 FLT1'!$B$4:$B$640-1,1),5)*IF($O9=\"Class_6\",INDEX('ER C6 FLT1'!$A$4:$J$640,MATCH(DropData!$J49&$C9,'ER C6 FLT1'!$A$4:$A$640&'ER C6 FLT1'!$B$4:$B$640-1,1),7)))))))),IF($R9=\"Electric\",OFFSET(INDEX('ER Electric'!$A$6:$E$44,MATCH($C9&$O9,'ER Electric'!$A$6:$A$44&'ER Electric'!$B$6:$B$44,1),4),3,0)))","v":false},{"$f":"IF(OR($R9=\"Diesel\",$R9=\"LNG/CNG\",$R9=\"Hybrid\",$R9=\"Electric w/ AB-118\"),IF($B9=\"3+ Trucks\",IF(OR($O9=\"Class_8\",$N9=\"Replacement8HHD\",$AI9=\"CL7HHD\"),INDEX('ER C8 FLT3'!$A$4:$J$640,MATCH(DropData!$J49&$C9,'ER C8 FLT3'!$A$4:$A$640&'ER C8 FLT3'!$B$4:$B$640-2,1),5)*IF(OR($O9=\"Class_8\",$N9=\"Replacement8HHD\",$AI9=\"CL7HHD\"),INDEX('ER C8 FLT3'!$A$4:$J$640,MATCH(DropData!$J49&$C9,'ER C8 FLT3'!$A$4:$A$640&'ER C8 FLT3'!$B$4:$B$640-2,1),7)),IF($O9=\"Class_7\",INDEX('ER C7 FLT3'!$A$4:$J$640,MATCH(DropData!$J49&$C9,'ER C7 FLT3'!$A$4:$A$640&'ER C7 FLT3'!$B$4:$B$640-2,1),5)*IF($O9=\"Class_7\",INDEX('ER C7 FLT3'!$A$4:$J$640,MATCH(DropData!$J49&$C9,'ER C7 FLT3'!$A$4:$A$640&'ER C7 FLT3'!$B$4:$B$640-2,1),7)),IF($O9=\"Class_6\",INDEX('ER C6 FLT3'!$A$4:$J$640,MATCH(DropData!$J49&$C9,'ER C6 FLT3'!$A$4:$A$640&'ER C6 FLT3'!$B$4:$B$640-2,1),5)*IF($O9=\"Class_6\",INDEX('ER C6 FLT3'!$A$4:$J$640,MATCH(DropData!$J49&$C9,'ER C6 FLT3'!$A$4:$A$640&'ER C6 FLT3'!$B$4:$B$640-2,1),7))))),IF($B9=\"2 Trucks\",IF(OR($O9=\"Class_8\",$N9=\"Replacement8HHD\",$AI9=\"CL7HHD\"),INDEX('ER C8 FLT2'!$A$4:$J$640,MATCH(DropData!$J49&$C9,'ER C8 FLT2'!$A$4:$A$640&'ER C8 FLT2'!$B$4:$B$640-2,1),5)*IF(OR($O9=\"Class_8\",$N9=\"Replacement8HHD\",$AI9=\"CL7HHD\"),INDEX('ER C8 FLT2'!$A$4:$J$640,MATCH(DropData!$J49&$C9,'ER C8 FLT2'!$A$4:$A$640&'ER C8 FLT2'!$B$4:$B$640-2,1),7)),IF($O9=\"Class_7\",INDEX('ER C7 FLT2'!$A$4:$J$640,MATCH(DropData!$J49&$C9,'ER C7 FLT2'!$A$4:$A$640&'ER C7 FLT2'!$B$4:$B$640-2,1),5)*IF($O9=\"Class_7\",INDEX('ER C7 FLT2'!$A$4:$J$640,MATCH(DropData!$J49&$C9,'ER C7 FLT2'!$A$4:$A$640&'ER C7 FLT2'!$B$4:$B$640-2,1),7)),IF($O9=\"Class_6\",INDEX('ER C6 FLT2'!$A$4:$J$640,MATCH(DropData!$J49&$C9,'ER C6 FLT2'!$A$4:$A$640&'ER C6 FLT2'!$B$4:$B$640-2,1),5)*IF($O9=\"Class_6\",INDEX('ER C6 FLT2'!$A$4:$J$640,MATCH(DropData!$J49&$C9,'ER C6 FLT2'!$A$4:$A$640&'ER C6 FLT2'!$B$4:$B$640-2,1),7))))),IF($B9=\"1 Truck\",IF(OR($O9=\"Class_8\",$N9=\"Replacement8HHD\",$AI9=\"CL7HHD\"),INDEX('ER C8 FLT1'!$A$4:$J$640,MATCH(DropData!$J49&$C9,'ER C8 FLT1'!$A$4:$A$640&'ER C8 FLT1'!$B$4:$B$640-2,1),5)*IF(OR($O9=\"Class_8\",$N9=\"Replacement8HHD\",$AI9=\"CL7HHD\"),INDEX('ER C8 FLT1'!$A$4:$J$640,MATCH(DropData!$J49&$C9,'ER C8 FLT1'!$A$4:$A$640&'ER C8 FLT1'!$B$4:$B$640-2,1),7)),IF($O9=\"Class_7\",INDEX('ER C7 FLT1'!$A$4:$J$640,MATCH(DropData!$J49&$C9,'ER C7 FLT1'!$A$4:$A$640&'ER C7 FLT1'!$B$4:$B$640-2,1),5)*IF($O9=\"Class_7\",INDEX('ER C7 FLT1'!$A$4:$J$640,MATCH(DropData!$J49&$C9,'ER C7 FLT1'!$A$4:$A$640&'ER C7 FLT1'!$B$4:$B$640-2,1),7)),IF($O9=\"Class_6\",INDEX('ER C6 FLT1'!$A$4:$J$640,MATCH(DropData!$J49&$C9,'ER C6 FLT1'!$A$4:$A$640&'ER C6 FLT1'!$B$4:$B$640-2,1),5)*IF($O9=\"Class_6\",INDEX('ER C6 FLT1'!$A$4:$J$640,MATCH(DropData!$J49&$C9,'ER C6 FLT1'!$A$4:$A$640&'ER C6 FLT1'!$B$4:$B$640-2,1),7)))))))),IF($R9=\"Electric\",OFFSET(INDEX('ER Electric'!$A$6:$E$44,MATCH($C9&$O9,'ER Electric'!$A$6:$A$44&'ER Electric'!$B$6:$B$44,1),4),6,0)))","v":false},{"$f":"IF(OR($R9=\"Diesel\",$R9=\"LNG/CNG\",$R9=\"Hybrid\",$R9=\"Electric w/ AB-118\"),IF($B9=\"3+ Trucks\",IF(OR($O9=\"Class_8\",$N9=\"Replacement8HHD\",$AI9=\"CL7HHD\"),INDEX('ER C8 FLT3'!$A$4:$J$640,MATCH(DropData!$J49&$C9,'ER C8 FLT3'!$A$4:$A$640&'ER C8 FLT3'!$B$4:$B$640-3,1),5)*IF(OR($O9=\"Class_8\",$N9=\"Replacement8HHD\",$AI9=\"CL7HHD\"),INDEX('ER C8 FLT3'!$A$4:$J$640,MATCH(DropData!$J49&$C9,'ER C8 FLT3'!$A$4:$A$640&'ER C8 FLT3'!$B$4:$B$640-3,1),7)),IF($O9=\"Class_7\",INDEX('ER C7 FLT3'!$A$4:$J$640,MATCH(DropData!$J49&$C9,'ER C7 FLT3'!$A$4:$A$640&'ER C7 FLT3'!$B$4:$B$640-3,1),5)*IF($O9=\"Class_7\",INDEX('ER C7 FLT3'!$A$4:$J$640,MATCH(DropData!$J49&$C9,'ER C7 FLT3'!$A$4:$A$640&'ER C7 FLT3'!$B$4:$B$640-3,1),7)),IF($O9=\"Class_6\",INDEX('ER C6 FLT3'!$A$4:$J$640,MATCH(DropData!$J49&$C9,'ER C6 FLT3'!$A$4:$A$640&'ER C6 FLT3'!$B$4:$B$640-3,1),5)*IF($O9=\"Class_6\",INDEX('ER C6 FLT3'!$A$4:$J$640,MATCH(DropData!$J49&$C9,'ER C6 FLT3'!$A$4:$A$640&'ER C6 FLT3'!$B$4:$B$640-3,1),7))))),IF($B9=\"2 Trucks\",IF(OR($O9=\"Class_8\",$N9=\"Replacement8HHD\",$AI9=\"CL7HHD\"),INDEX('ER C8 FLT2'!$A$4:$J$640,MATCH(DropData!$J49&$C9,'ER C8 FLT2'!$A$4:$A$640&'ER C8 FLT2'!$B$4:$B$640-3,1),5)*IF(OR($O9=\"Class_8\",$N9=\"Replacement8HHD\",$AI9=\"CL7HHD\"),INDEX('ER C8 FLT2'!$A$4:$J$640,MATCH(DropData!$J49&$C9,'ER C8 FLT2'!$A$4:$A$640&'ER C8 FLT2'!$B$4:$B$640-3,1),7)),IF($O9=\"Class_7\",INDEX('ER C7 FLT2'!$A$4:$J$640,MATCH(DropData!$J49&$C9,'ER C7 FLT2'!$A$4:$A$640&'ER C7 FLT2'!$B$4:$B$640-3,1),5)*IF($O9=\"Class_7\",INDEX('ER C7 FLT2'!$A$4:$J$640,MATCH(DropData!$J49&$C9,'ER C7 FLT2'!$A$4:$A$640&'ER C7 FLT2'!$B$4:$B$640-3,1),7)),IF($O9=\"Class_6\",INDEX('ER C6 FLT2'!$A$4:$J$640,MATCH(DropData!$J49&$C9,'ER C6 FLT2'!$A$4:$A$640&'ER C6 FLT2'!$B$4:$B$640-3,1),5)*IF($O9=\"Class_6\",INDEX('ER C6 FLT2'!$A$4:$J$640,MATCH(DropData!$J49&$C9,'ER C6 FLT2'!$A$4:$A$640&'ER C6 FLT2'!$B$4:$B$640-3,1),7))))),IF($B9=\"1 Truck\",IF(OR($O9=\"Class_8\",$N9=\"Replacement8HHD\",$AI9=\"CL7HHD\"),INDEX('ER C8 FLT1'!$A$4:$J$640,MATCH(DropData!$J49&$C9,'ER C8 FLT1'!$A$4:$A$640&'ER C8 FLT1'!$B$4:$B$640-3,1),5)*IF(OR($O9=\"Class_8\",$N9=\"Replacement8HHD\",$AI9=\"CL7HHD\"),INDEX('ER C8 FLT1'!$A$4:$J$640,MATCH(DropData!$J49&$C9,'ER C8 FLT1'!$A$4:$A$640&'ER C8 FLT1'!$B$4:$B$640-3,1),7)),IF($O9=\"Class_7\",INDEX('ER C7 FLT1'!$A$4:$J$640,MATCH(DropData!$J49&$C9,'ER C7 FLT1'!$A$4:$A$640&'ER C7 FLT1'!$B$4:$B$640-3,1),5)*IF($O9=\"Class_7\",INDEX('ER C7 FLT1'!$A$4:$J$640,MATCH(DropData!$J49&$C9,'ER C7 FLT1'!$A$4:$A$640&'ER C7 FLT1'!$B$4:$B$640-3,1),7)),IF($O9=\"Class_6\",INDEX('ER C6 FLT1'!$A$4:$J$640,MATCH(DropData!$J49&$C9,'ER C6 FLT1'!$A$4:$A$640&'ER C6 FLT1'!$B$4:$B$640-3,1),5)*IF($O9=\"Class_6\",INDEX('ER C6 FLT1'!$A$4:$J$640,MATCH(DropData!$J49&$C9,'ER C6 FLT1'!$A$4:$A$640&'ER C6 FLT1'!$B$4:$B$640-3,1),7)))))))),IF($R9=\"Electric\",OFFSET(INDEX('ER Electric'!$A$6:$E$44,MATCH($C9&$O9,'ER Electric'!$A$6:$A$44&'ER Electric'!$B$6:$B$44,1),4),9,0)))","v":false},{"$f":"IF(OR($R9=\"Diesel\",$R9=\"LNG/CNG\",$R9=\"Hybrid\",$R9=\"Electric w/ AB-118\"),IF($B9=\"3+ Trucks\",IF(OR($O9=\"Class_8\",$N9=\"Replacement8HHD\",$AI9=\"CL7HHD\"),INDEX('ER C8 FLT3'!$A$4:$J$640,MATCH(DropData!$J49&$C9,'ER C8 FLT3'!$A$4:$A$640&'ER C8 FLT3'!$B$4:$B$640-4,1),5)*IF(OR($O9=\"Class_8\",$N9=\"Replacement8HHD\",$AI9=\"CL7HHD\"),INDEX('ER C8 FLT3'!$A$4:$J$640,MATCH(DropData!$J49&$C9,'ER C8 FLT3'!$A$4:$A$640&'ER C8 FLT3'!$B$4:$B$640-4,1),7)),IF($O9=\"Class_7\",INDEX('ER C7 FLT3'!$A$4:$J$640,MATCH(DropData!$J49&$C9,'ER C7 FLT3'!$A$4:$A$640&'ER C7 FLT3'!$B$4:$B$640-4,1),5)*IF($O9=\"Class_7\",INDEX('ER C7 FLT3'!$A$4:$J$640,MATCH(DropData!$J49&$C9,'ER C7 FLT3'!$A$4:$A$640&'ER C7 FLT3'!$B$4:$B$640-4,1),7)),IF($O9=\"Class_6\",INDEX('ER C6 FLT3'!$A$4:$J$640,MATCH(DropData!$J49&$C9,'ER C6 FLT3'!$A$4:$A$640&'ER C6 FLT3'!$B$4:$B$640-4,1),5)*IF($O9=\"Class_6\",INDEX('ER C6 FLT3'!$A$4:$J$640,MATCH(DropData!$J49&$C9,'ER C6 FLT3'!$A$4:$A$640&'ER C6 FLT3'!$B$4:$B$640-4,1),7))))),IF($B9=\"2 Trucks\",IF(OR($O9=\"Class_8\",$N9=\"Replacement8HHD\",$AI9=\"CL7HHD\"),INDEX('ER C8 FLT2'!$A$4:$J$640,MATCH(DropData!$J49&$C9,'ER C8 FLT2'!$A$4:$A$640&'ER C8 FLT2'!$B$4:$B$640-4,1),5)*IF(OR($O9=\"Class_8\",$N9=\"Replacement8HHD\",$AI9=\"CL7HHD\"),INDEX('ER C8 FLT2'!$A$4:$J$640,MATCH(DropData!$J49&$C9,'ER C8 FLT2'!$A$4:$A$640&'ER C8 FLT2'!$B$4:$B$640-4,1),7)),IF($O9=\"Class_7\",INDEX('ER C7 FLT2'!$A$4:$J$640,MATCH(DropData!$J49&$C9,'ER C7 FLT2'!$A$4:$A$640&'ER C7 FLT2'!$B$4:$B$640-4,1),5)*IF($O9=\"Class_7\",INDEX('ER C7 FLT2'!$A$4:$J$640,MATCH(DropData!$J49&$C9,'ER C7 FLT2'!$A$4:$A$640&'ER C7 FLT2'!$B$4:$B$640-4,1),7)),IF($O9=\"Class_6\",INDEX('ER C6 FLT2'!$A$4:$J$640,MATCH(DropData!$J49&$C9,'ER C6 FLT2'!$A$4:$A$640&'ER C6 FLT2'!$B$4:$B$640-4,1),5)*IF($O9=\"Class_6\",INDEX('ER C6 FLT2'!$A$4:$J$640,MATCH(DropData!$J49&$C9,'ER C6 FLT2'!$A$4:$A$640&'ER C6 FLT2'!$B$4:$B$640-4,1),7))))),IF($B9=\"1 Truck\",IF(OR($O9=\"Class_8\",$N9=\"Replacement8HHD\",$AI9=\"CL7HHD\"),INDEX('ER C8 FLT1'!$A$4:$J$640,MATCH(DropData!$J49&$C9,'ER C8 FLT1'!$A$4:$A$640&'ER C8 FLT1'!$B$4:$B$640-4,1),5)*IF(OR($O9=\"Class_8\",$N9=\"Replacement8HHD\",$AI9=\"CL7HHD\"),INDEX('ER C8 FLT1'!$A$4:$J$640,MATCH(DropData!$J49&$C9,'ER C8 FLT1'!$A$4:$A$640&'ER C8 FLT1'!$B$4:$B$640-4,1),7)),IF($O9=\"Class_7\",INDEX('ER C7 FLT1'!$A$4:$J$640,MATCH(DropData!$J49&$C9,'ER C7 FLT1'!$A$4:$A$640&'ER C7 FLT1'!$B$4:$B$640-4,1),5)*IF($O9=\"Class_7\",INDEX('ER C7 FLT1'!$A$4:$J$640,MATCH(DropData!$J49&$C9,'ER C7 FLT1'!$A$4:$A$640&'ER C7 FLT1'!$B$4:$B$640-4,1),7)),IF($O9=\"Class_6\",INDEX('ER C6 FLT1'!$A$4:$J$640,MATCH(DropData!$J49&$C9,'ER C6 FLT1'!$A$4:$A$640&'ER C6 FLT1'!$B$4:$B$640-4,1),5)*IF($O9=\"Class_6\",INDEX('ER C6 FLT1'!$A$4:$J$640,MATCH(DropData!$J49&$C9,'ER C6 FLT1'!$A$4:$A$640&'ER C6 FLT1'!$B$4:$B$640-4,1),7)))))))),IF($R9=\"Electric\",OFFSET(INDEX('ER Electric'!$A$6:$E$44,MATCH($C9&$O9,'ER Electric'!$A$6:$A$44&'ER Electric'!$B$6:$B$44,1),4),12,0)))","v":false},{"$f":"IF($C9<2015,1,2)","v":1},0,{"$f":"IF($C9<2015,1,2)","v":1},{"$f":"IFERROR(MAX(0,IF($B9=\"3+ Trucks\",IF($Z9=\"Class_8\",INDEX('ER C8 FLT3'!$A$4:$J$640,MATCH($W9&$C9,'ER C8 FLT3'!$A$4:$A$640&'ER C8 FLT3'!$B$4:$B$640,1),5)*IF($Z9=\"Class_8\",INDEX('ER C8 FLT3'!$A$4:$J$640,MATCH($W9&$C9,'ER C8 FLT3'!$A$4:$A$640&'ER C8 FLT3'!$B$4:$B$640,1),7)),IF($Z9=\"Class_7\",INDEX('ER C7 FLT3'!$A$4:$J$640,MATCH($W9&$C9,'ER C7 FLT3'!$A$4:$A$640&'ER C7 FLT3'!$B$4:$B$640,1),5)*IF($Z9=\"Class_7\",INDEX('ER C7 FLT3'!$A$4:$J$640,MATCH($W9&$C9,'ER C7 FLT3'!$A$4:$A$640&'ER C7 FLT3'!$B$4:$B$640,1),7)),\nIF($Z9=\"Class_6\",INDEX('ER C6 FLT3'!$A$4:$J$640,MATCH($W9&$C9,'ER C6 FLT3'!$A$4:$A$640&'ER C6 FLT3'!$B$4:$B$640,1),5)*IF($Z9=\"Class_6\",INDEX('ER C6 FLT3'!$A$4:$L$640,MATCH($W9&$C9,'ER C6 FLT3'!$A$4:$A$640&'ER C6 FLT3'!$B$4:$B$640,1),7))))),IF($B9=\"2 Trucks\",IF($Z9=\"Class_8\",INDEX('ER C8 FLT2'!$A$4:$J$640,MATCH($W9&$C9,'ER C8 FLT2'!$A$4:$A$640&'ER C8 FLT2'!$B$4:$B$640,1),5)*IF($Z9=\"Class_8\",INDEX('ER C8 FLT2'!$A$4:$J$640,MATCH($W9&$C9,'ER C8 FLT2'!$A$4:$A$640&'ER C8 FLT2'!$B$4:$B$640,1),7)),IF($Z9=\"Class_7\",INDEX('ER C7 FLT2'!$A$4:$J$640,MATCH($W9&$C9,'ER C7 FLT2'!$A$4:$A$640&'ER C7 FLT2'!$B$4:$B$640,1),5)*IF($Z9=\"Class_7\",INDEX('ER C7 FLT2'!$A$4:$J$640,MATCH($W9&$C9,'ER C7 FLT2'!$A$4:$A$640&'ER C7 FLT2'!$B$4:$B$640,1),7)),IF($Z9=\"Class_6\",INDEX('ER C6 FLT2'!$A$4:$J$640,MATCH($W9&$C9,'ER C6 FLT2'!$A$4:$A$640&'ER C6 FLT2'!$B$4:$B$640,1),5)*IF($Z9=\"Class_6\",INDEX('ER C6 FLT2'!$A$4:$J$640,MATCH($W9&$C9,'ER C6 FLT2'!$A$4:$A$640&'ER C6 FLT2'!$B$4:$B$640,1),7))))),IF($B9=\"1 Truck\",\nIF($Z9=\"Class_8\",INDEX('ER C8 FLT1'!$A$4:$J$640,MATCH($W9&$C9,'ER C8 FLT1'!$A$4:$A$640&'ER C8 FLT1'!$B$4:$B$640,1),5)*IF($Z9=\"Class_8\",INDEX('ER C8 FLT1'!$A$4:$J$640,MATCH($W9&$C9,'ER C8 FLT1'!$A$4:$A$640&'ER C8 FLT1'!$B$4:$B$640,1),7)),IF($Z9=\"Class_7\",INDEX('ER C7 FLT1'!$A$4:$J$640,MATCH($W9&$C9,'ER C7 FLT1'!$A$4:$A$640&'ER C7 FLT1'!$B$4:$B$640,1),5)*IF($Z9=\"Class_7\",INDEX('ER C7 FLT1'!$A$4:$J$640,MATCH($W9&$C9,'ER C7 FLT1'!$A$4:$A$640&'ER C7 FLT1'!$B$4:$B$640,1),7)),IF($Z9=\"Class_6\",INDEX('ER C6 FLT1'!$A$4:$J$640,MATCH($W9&$C9,'ER C6 FLT1'!$A$4:$A$640&'ER C6 FLT1'!$B$4:$B$640,1),5)*IF($Z9=\"Class_6\",INDEX('ER C6 FLT1'!$A$4:$J$640,MATCH($W9&$C9,'ER C6 FLT1'!$A$4:$A$640&'ER C6 FLT1'!$B$4:$B$640,1),7)))))))))*IF($X9=\"Level 3 PM + Mark I NOx\",0.75,1)*($AC9/453.6)-IF(CT9=0,CI9,0),\"0.00\")","v":0},{"$f":"IFERROR(MAX(0,CV9/CU9),\"0.00\")","v":0},{"$f":"IFERROR((CT9+CW9),\"0.00\")","v":0},0,{"$f":"IF($B9=\"3+ Trucks\",IF($Z9=\"Class_8\",INDEX('ER C8 FLT3'!$A$4:$J$640,MATCH($W9&$C9,'ER C8 FLT3'!$A$4:$A$640&'ER C8 FLT3'!$B$4:$B$640-1,1),5)*IF($Z9=\"Class_8\",INDEX('ER C8 FLT3'!$A$4:$J$640,MATCH($W9&$C9,'ER C8 FLT3'!$A$4:$A$640&'ER C8 FLT3'!$B$4:$B$640-1,1),7)),IF($Z9=\"Class_7\",INDEX('ER C7 FLT3'!$A$4:$J$640,MATCH($W9&$C9,'ER C7 FLT3'!$A$4:$A$640&'ER C7 FLT3'!$B$4:$B$640-1,1),5)*IF($Z9=\"Class_7\",INDEX('ER C7 FLT3'!$A$4:$J$640,MATCH($W9&$C9,'ER C7 FLT3'!$A$4:$A$640&'ER C7 FLT3'!$B$4:$B$640-1,1),7)),\nIF($Z9=\"Class_6\",INDEX('ER C6 FLT3'!$A$4:$J$640,MATCH($W9&$C9,'ER C6 FLT3'!$A$4:$A$640&'ER C6 FLT3'!$B$4:$B$640-1,1),5)*IF($Z9=\"Class_6\",INDEX('ER C6 FLT3'!$A$4:$L$640,MATCH($W9&$C9,'ER C6 FLT3'!$A$4:$A$640&'ER C6 FLT3'!$B$4:$B$640-1,1),7))))),IF($B9=\"2 Trucks\",IF($Z9=\"Class_8\",INDEX('ER C8 FLT2'!$A$4:$J$640,MATCH($W9&$C9,'ER C8 FLT2'!$A$4:$A$640&'ER C8 FLT2'!$B$4:$B$640-1,1),5)*IF($Z9=\"Class_8\",INDEX('ER C8 FLT2'!$A$4:$J$640,MATCH($W9&$C9,'ER C8 FLT2'!$A$4:$A$640&'ER C8 FLT2'!$B$4:$B$640-1,1),7)),IF($Z9=\"Class_7\",INDEX('ER C7 FLT2'!$A$4:$J$640,MATCH($W9&$C9,'ER C7 FLT2'!$A$4:$A$640&'ER C7 FLT2'!$B$4:$B$640-1,1),5)*IF($Z9=\"Class_7\",INDEX('ER C7 FLT2'!$A$4:$J$640,MATCH($W9&$C9,'ER C7 FLT2'!$A$4:$A$640&'ER C7 FLT2'!$B$4:$B$640-1,1),7)),IF($Z9=\"Class_6\",INDEX('ER C6 FLT2'!$A$4:$J$640,MATCH($W9&$C9,'ER C6 FLT2'!$A$4:$A$640&'ER C6 FLT2'!$B$4:$B$640-1,1),5)*IF($Z9=\"Class_6\",INDEX('ER C6 FLT2'!$A$4:$J$640,MATCH($W9&$C9,'ER C6 FLT2'!$A$4:$A$640&'ER C6 FLT2'!$B$4:$B$640-1,1),7))))),IF($B9=\"1 Truck\",\nIF($Z9=\"Class_8\",INDEX('ER C8 FLT1'!$A$4:$J$640,MATCH($W9&$C9,'ER C8 FLT1'!$A$4:$A$640&'ER C8 FLT1'!$B$4:$B$640-1,1),5)*IF($Z9=\"Class_8\",INDEX('ER C8 FLT1'!$A$4:$J$640,MATCH($W9&$C9,'ER C8 FLT1'!$A$4:$A$640&'ER C8 FLT1'!$B$4:$B$640-1,1),7)),IF($Z9=\"Class_7\",INDEX('ER C7 FLT1'!$A$4:$J$640,MATCH($W9&$C9,'ER C7 FLT1'!$A$4:$A$640&'ER C7 FLT1'!$B$4:$B$640-1,1),5)*IF($Z9=\"Class_7\",INDEX('ER C7 FLT1'!$A$4:$J$640,MATCH($W9&$C9,'ER C7 FLT1'!$A$4:$A$640&'ER C7 FLT1'!$B$4:$B$640-1,1),7)),\nIF($Z9=\"Class_6\",INDEX('ER C6 FLT1'!$A$4:$J$640,MATCH($W9&$C9,'ER C6 FLT1'!$A$4:$A$640&'ER C6 FLT1'!$B$4:$B$640-1,1),5)*IF($Z9=\"Class_6\",INDEX('ER C6 FLT1'!$A$4:$J$640,MATCH($W9&$C9,'ER C6 FLT1'!$A$4:$A$640&'ER C6 FLT1'!$B$4:$B$640-1,1),7))))))))*IF($X9=\"Level 3 PM + Mark I NOx\",0.75,1)*($AC9/453.6)-IF(CY9=0,CJ9,0)","v":0},{"$f":"MAX(0,CY9+CZ9)","v":0},0,{"$f":"IF($B9=\"3+ Trucks\",IF($Z9=\"Class_8\",INDEX('ER C8 FLT3'!$A$4:$J$640,MATCH($W9&$C9,'ER C8 FLT3'!$A$4:$A$640&'ER C8 FLT3'!$B$4:$B$640-2,1),5)*IF($Z9=\"Class_8\",INDEX('ER C8 FLT3'!$A$4:$J$640,MATCH($W9&$C9,'ER C8 FLT3'!$A$4:$A$640&'ER C8 FLT3'!$B$4:$B$640-2,1),7)),IF($Z9=\"Class_7\",INDEX('ER C7 FLT3'!$A$4:$J$640,MATCH($W9&$C9,'ER C7 FLT3'!$A$4:$A$640&'ER C7 FLT3'!$B$4:$B$640-2,1),5)*IF($Z9=\"Class_7\",INDEX('ER C7 FLT3'!$A$4:$J$640,MATCH($W9&$C9,'ER C7 FLT3'!$A$4:$A$640&'ER C7 FLT3'!$B$4:$B$640-2,1),7)),\nIF($Z9=\"Class_6\",INDEX('ER C6 FLT3'!$A$4:$J$640,MATCH($W9&$C9,'ER C6 FLT3'!$A$4:$A$640&'ER C6 FLT3'!$B$4:$B$640-2,1),5)*IF($Z9=\"Class_6\",INDEX('ER C6 FLT3'!$A$4:$L$640,MATCH($W9&$C9,'ER C6 FLT3'!$A$4:$A$640&'ER C6 FLT3'!$B$4:$B$640-2,1),7))))),IF($B9=\"2 Trucks\",IF($Z9=\"Class_8\",INDEX('ER C8 FLT2'!$A$4:$J$640,MATCH($W9&$C9,'ER C8 FLT2'!$A$4:$A$640&'ER C8 FLT2'!$B$4:$B$640-2,1),5)*IF($Z9=\"Class_8\",INDEX('ER C8 FLT2'!$A$4:$J$640,MATCH($W9&$C9,'ER C8 FLT2'!$A$4:$A$640&'ER C8 FLT2'!$B$4:$B$640-2,1),7)),IF($Z9=\"Class_7\",INDEX('ER C7 FLT2'!$A$4:$J$640,MATCH($W9&$C9,'ER C7 FLT2'!$A$4:$A$640&'ER C7 FLT2'!$B$4:$B$640-2,1),5)*IF($Z9=\"Class_7\",INDEX('ER C7 FLT2'!$A$4:$J$640,MATCH($W9&$C9,'ER C7 FLT2'!$A$4:$A$640&'ER C7 FLT2'!$B$4:$B$640-2,1),7)),IF($Z9=\"Class_6\",INDEX('ER C6 FLT2'!$A$4:$J$640,MATCH($W9&$C9,'ER C6 FLT2'!$A$4:$A$640&'ER C6 FLT2'!$B$4:$B$640-2,1),5)*IF($Z9=\"Class_6\",INDEX('ER C6 FLT2'!$A$4:$J$640,MATCH($W9&$C9,'ER C6 FLT2'!$A$4:$A$640&'ER C6 FLT2'!$B$4:$B$640-2,1),7))))),IF($B9=\"1 Truck\",\nIF($Z9=\"Class_8\",INDEX('ER C8 FLT1'!$A$4:$J$640,MATCH($W9&$C9,'ER C8 FLT1'!$A$4:$A$640&'ER C8 FLT1'!$B$4:$B$640-2,1),5)*IF($Z9=\"Class_8\",INDEX('ER C8 FLT1'!$A$4:$J$640,MATCH($W9&$C9,'ER C8 FLT1'!$A$4:$A$640&'ER C8 FLT1'!$B$4:$B$640-2,1),7)),IF($Z9=\"Class_7\",INDEX('ER C7 FLT1'!$A$4:$J$640,MATCH($W9&$C9,'ER C7 FLT1'!$A$4:$A$640&'ER C7 FLT1'!$B$4:$B$640-2,1),5)*IF($Z9=\"Class_7\",INDEX('ER C7 FLT1'!$A$4:$J$640,MATCH($W9&$C9,'ER C7 FLT1'!$A$4:$A$640&'ER C7 FLT1'!$B$4:$B$640-2,1),7)),\nIF($Z9=\"Class_6\",INDEX('ER C6 FLT1'!$A$4:$J$640,MATCH($W9&$C9,'ER C6 FLT1'!$A$4:$A$640&'ER C6 FLT1'!$B$4:$B$640-2,1),5)*IF($Z9=\"Class_6\",INDEX('ER C6 FLT1'!$A$4:$J$640,MATCH($W9&$C9,'ER C6 FLT1'!$A$4:$A$640&'ER C6 FLT1'!$B$4:$B$640-2,1),7))))))))*IF($X9=\"Level 3 PM + Mark I NOx\",0.75,1)*($AC9/453.6)-IF(DB9=0,CK9,0)","v":0},{"$f":"MAX(0,DB9+DC9)","v":0},0,{"$f":"IF($B9=\"3+ Trucks\",IF($Z9=\"Class_8\",INDEX('ER C8 FLT3'!$A$4:$J$640,MATCH($W9&$C9,'ER C8 FLT3'!$A$4:$A$640&'ER C8 FLT3'!$B$4:$B$640-3,1),5)*IF($Z9=\"Class_8\",INDEX('ER C8 FLT3'!$A$4:$J$640,MATCH($W9&$C9,'ER C8 FLT3'!$A$4:$A$640&'ER C8 FLT3'!$B$4:$B$640-3,1),7)),IF($Z9=\"Class_7\",INDEX('ER C7 FLT3'!$A$4:$J$640,MATCH($W9&$C9,'ER C7 FLT3'!$A$4:$A$640&'ER C7 FLT3'!$B$4:$B$640-3,1),5)*IF($Z9=\"Class_7\",INDEX('ER C7 FLT3'!$A$4:$J$640,MATCH($W9&$C9,'ER C7 FLT3'!$A$4:$A$640&'ER C7 FLT3'!$B$4:$B$640-3,1),7)),\nIF($Z9=\"Class_6\",INDEX('ER C6 FLT3'!$A$4:$J$640,MATCH($W9&$C9,'ER C6 FLT3'!$A$4:$A$640&'ER C6 FLT3'!$B$4:$B$640-3,1),5)*IF($Z9=\"Class_6\",INDEX('ER C6 FLT3'!$A$4:$L$640,MATCH($W9&$C9,'ER C6 FLT3'!$A$4:$A$640&'ER C6 FLT3'!$B$4:$B$640-3,1),7))))),IF($B9=\"2 Trucks\",IF($Z9=\"Class_8\",INDEX('ER C8 FLT2'!$A$4:$J$640,MATCH($W9&$C9,'ER C8 FLT2'!$A$4:$A$640&'ER C8 FLT2'!$B$4:$B$640-3,1),5)*IF($Z9=\"Class_8\",INDEX('ER C8 FLT2'!$A$4:$J$640,MATCH($W9&$C9,'ER C8 FLT2'!$A$4:$A$640&'ER C8 FLT2'!$B$4:$B$640-3,1),7)),IF($Z9=\"Class_7\",INDEX('ER C7 FLT2'!$A$4:$J$640,MATCH($W9&$C9,'ER C7 FLT2'!$A$4:$A$640&'ER C7 FLT2'!$B$4:$B$640-3,1),5)*IF($Z9=\"Class_7\",INDEX('ER C7 FLT2'!$A$4:$J$640,MATCH($W9&$C9,'ER C7 FLT2'!$A$4:$A$640&'ER C7 FLT2'!$B$4:$B$640-3,1),7)),IF($Z9=\"Class_6\",INDEX('ER C6 FLT2'!$A$4:$J$640,MATCH($W9&$C9,'ER C6 FLT2'!$A$4:$A$640&'ER C6 FLT2'!$B$4:$B$640-3,1),5)*IF($Z9=\"Class_6\",INDEX('ER C6 FLT2'!$A$4:$J$640,MATCH($W9&$C9,'ER C6 FLT2'!$A$4:$A$640&'ER C6 FLT2'!$B$4:$B$640-3,1),7))))),IF($B9=\"1 Truck\",\nIF($Z9=\"Class_8\",INDEX('ER C8 FLT1'!$A$4:$J$640,MATCH($W9&$C9,'ER C8 FLT1'!$A$4:$A$640&'ER C8 FLT1'!$B$4:$B$640-3,1),5)*IF($Z9=\"Class_8\",INDEX('ER C8 FLT1'!$A$4:$J$640,MATCH($W9&$C9,'ER C8 FLT1'!$A$4:$A$640&'ER C8 FLT1'!$B$4:$B$640-3,1),7)),IF($Z9=\"Class_7\",INDEX('ER C7 FLT1'!$A$4:$J$640,MATCH($W9&$C9,'ER C7 FLT1'!$A$4:$A$640&'ER C7 FLT1'!$B$4:$B$640-3,1),5)*IF($Z9=\"Class_7\",INDEX('ER C7 FLT1'!$A$4:$J$640,MATCH($W9&$C9,'ER C7 FLT1'!$A$4:$A$640&'ER C7 FLT1'!$B$4:$B$640-3,1),7)),\nIF($Z9=\"Class_6\",INDEX('ER C6 FLT1'!$A$4:$J$640,MATCH($W9&$C9,'ER C6 FLT1'!$A$4:$A$640&'ER C6 FLT1'!$B$4:$B$640-3,1),5)*IF($Z9=\"Class_6\",INDEX('ER C6 FLT1'!$A$4:$J$640,MATCH($W9&$C9,'ER C6 FLT1'!$A$4:$A$640&'ER C6 FLT1'!$B$4:$B$640-3,1),7))))))))*IF($X9=\"Level 3 PM + Mark I NOx\",0.75,1)*($AC9/453.6)-IF(DE9=0,CL9,0)","v":0},{"$f":"MAX(0,DE9+DF9)","v":0},0,{"$f":"IF($B9=\"3+ Trucks\",IF($Z9=\"Class_8\",INDEX('ER C8 FLT3'!$A$4:$J$640,MATCH($W9&$C9,'ER C8 FLT3'!$A$4:$A$640&'ER C8 FLT3'!$B$4:$B$640-4,1),5)*IF($Z9=\"Class_8\",INDEX('ER C8 FLT3'!$A$4:$J$640,MATCH($W9&$C9,'ER C8 FLT3'!$A$4:$A$640&'ER C8 FLT3'!$B$4:$B$640-4,1),7)),IF($Z9=\"Class_7\",INDEX('ER C7 FLT3'!$A$4:$J$640,MATCH($W9&$C9,'ER C7 FLT3'!$A$4:$A$640&'ER C7 FLT3'!$B$4:$B$640-4,1),5)*IF($Z9=\"Class_7\",INDEX('ER C7 FLT3'!$A$4:$J$640,MATCH($W9&$C9,'ER C7 FLT3'!$A$4:$A$640&'ER C7 FLT3'!$B$4:$B$640-4,1),7)),\nIF($Z9=\"Class_6\",INDEX('ER C6 FLT3'!$A$4:$J$640,MATCH($W9&$C9,'ER C6 FLT3'!$A$4:$A$640&'ER C6 FLT3'!$B$4:$B$640-4,1),5)*IF($Z9=\"Class_6\",INDEX('ER C6 FLT3'!$A$4:$L$640,MATCH($W9&$C9,'ER C6 FLT3'!$A$4:$A$640&'ER C6 FLT3'!$B$4:$B$640-4,1),7))))),IF($B9=\"2 Trucks\",IF($Z9=\"Class_8\",INDEX('ER C8 FLT2'!$A$4:$J$640,MATCH($W9&$C9,'ER C8 FLT2'!$A$4:$A$640&'ER C8 FLT2'!$B$4:$B$640-4,1),5)*IF($Z9=\"Class_8\",INDEX('ER C8 FLT2'!$A$4:$J$640,MATCH($W9&$C9,'ER C8 FLT2'!$A$4:$A$640&'ER C8 FLT2'!$B$4:$B$640-4,1),7)),IF($Z9=\"Class_7\",INDEX('ER C7 FLT2'!$A$4:$J$640,MATCH($W9&$C9,'ER C7 FLT2'!$A$4:$A$640&'ER C7 FLT2'!$B$4:$B$640-4,1),5)*IF($Z9=\"Class_7\",INDEX('ER C7 FLT2'!$A$4:$J$640,MATCH($W9&$C9,'ER C7 FLT2'!$A$4:$A$640&'ER C7 FLT2'!$B$4:$B$640-4,1),7)),IF($Z9=\"Class_6\",INDEX('ER C6 FLT2'!$A$4:$J$640,MATCH($W9&$C9,'ER C6 FLT2'!$A$4:$A$640&'ER C6 FLT2'!$B$4:$B$640-4,1),5)*IF($Z9=\"Class_6\",INDEX('ER C6 FLT2'!$A$4:$J$640,MATCH($W9&$C9,'ER C6 FLT2'!$A$4:$A$640&'ER C6 FLT2'!$B$4:$B$640-4,1),7))))),IF($B9=\"1 Truck\",\nIF($Z9=\"Class_8\",INDEX('ER C8 FLT1'!$A$4:$J$640,MATCH($W9&$C9,'ER C8 FLT1'!$A$4:$A$640&'ER C8 FLT1'!$B$4:$B$640-4,1),5)*IF($Z9=\"Class_8\",INDEX('ER C8 FLT1'!$A$4:$J$640,MATCH($W9&$C9,'ER C8 FLT1'!$A$4:$A$640&'ER C8 FLT1'!$B$4:$B$640-4,1),7)),IF($Z9=\"Class_7\",INDEX('ER C7 FLT1'!$A$4:$J$640,MATCH($W9&$C9,'ER C7 FLT1'!$A$4:$A$640&'ER C7 FLT1'!$B$4:$B$640-4,1),5)*IF($Z9=\"Class_7\",INDEX('ER C7 FLT1'!$A$4:$J$640,MATCH($W9&$C9,'ER C7 FLT1'!$A$4:$A$640&'ER C7 FLT1'!$B$4:$B$640-4,1),7)),\nIF($Z9=\"Class_6\",INDEX('ER C6 FLT1'!$A$4:$J$640,MATCH($W9&$C9,'ER C6 FLT1'!$A$4:$A$640&'ER C6 FLT1'!$B$4:$B$640-4,1),5)*IF($Z9=\"Class_6\",INDEX('ER C6 FLT1'!$A$4:$J$640,MATCH($W9&$C9,'ER C6 FLT1'!$A$4:$A$640&'ER C6 FLT1'!$B$4:$B$640-4,1),7))))))))*IF($X9=\"Level 3 PM + Mark I NOx\",0.75,1)*($AC9/453.6)-IF(DH9=0,CM9,0)","v":0},{"$f":"MAX(0,DH9+DI9)","v":0},{"$f":"MAX(0,CX9+DA9+DD9+DG9+DJ9)","v":0},{"$f":"IF($B9=\"3+ Trucks\",IF(OR($H9=\"Class_8\",$N9=\"Replacement8HHD\",$AH9=\"CL7HHD\",$AJ9=\"CL7to8\"),INDEX('ER C8 FLT3'!$A$4:$J$640,MATCH($E9&$C9,'ER C8 FLT3'!$A$4:$A$640&'ER C8 FLT3'!$B$4:$B$640,1),10),IF($H9=\"Class_7\",INDEX('ER C7 FLT3'!$A$4:$J$640,MATCH($E9&$C9,'ER C7 FLT3'!$A$4:$A$640&'ER C7 FLT3'!$B$4:$B$640,1),10),IF($H9=\"Class_6\",INDEX('ER C6 FLT3'!$A$4:$J$640,MATCH($E9&$C9,'ER C6 FLT3'!$A$4:$A$640&'ER C6 FLT3'!$B$4:$B$640,1),10)))),IF($B9=\"2 Trucks\",IF(OR($H9=\"Class_8\",$N9=\"Replacement8HHD\",$AH9=\"CL7HHD\",$AJ9=\"CL7to8\"),INDEX('ER C8 FLT2'!$A$4:$J$640,MATCH($E9&$C9,'ER C8 FLT2'!$A$4:$A$640&'ER C8 FLT2'!$B$4:$B$640,1),10),IF($H9=\"Class_7\",INDEX('ER C7 FLT2'!$A$4:$J$640,MATCH($E9&$C9,'ER C7 FLT2'!$A$4:$A$640&'ER C7 FLT2'!$B$4:$B$640,1),10),IF($H9=\"Class_6\",INDEX('ER C6 FLT2'!$A$4:$J$640,MATCH($E9&$C9,'ER C6 FLT2'!$A$4:$A$640&'ER C6 FLT2'!$B$4:$B$640,1),10)))),IF($B9=\"1 Truck\",\nIF(OR($H9=\"Class_8\",$N9=\"Replacement8HHD\",$AH9=\"CL7HHD\",$AJ9=\"CL7to8\"),INDEX('ER C8 FLT1'!$A$4:$J$640,MATCH($E9&$C9,'ER C8 FLT1'!$A$4:$A$640&'ER C8 FLT1'!$B$4:$B$640,1),10),IF($H9=\"Class_7\",INDEX('ER C7 FLT1'!$A$4:$J$640,MATCH($E9&$C9,'ER C7 FLT1'!$A$4:$A$640&'ER C7 FLT1'!$B$4:$B$640,1),10),\nIF($H9=\"Class_6\",INDEX('ER C6 FLT1'!$A$4:$J$640,MATCH($E9&$C9,'ER C6 FLT1'!$A$4:$A$640&'ER C6 FLT1'!$B$4:$B$640,1),10)))))))*($Q9/453.6)","v":0},{"$f":"IF($B9=\"3+ Trucks\",IF(OR($H9=\"Class_8\",$N9=\"Replacement8HHD\",$AH9=\"CL7HHD\",$AJ9=\"CL7to8\"),INDEX('ER C8 FLT3'!$A$4:$J$640,MATCH($E9&$C9,'ER C8 FLT3'!$A$4:$A$640&'ER C8 FLT3'!$B$4:$B$640-1,1),10),IF($H9=\"Class_7\",INDEX('ER C7 FLT3'!$A$4:$J$640,MATCH($E9&$C9,'ER C7 FLT3'!$A$4:$A$640&'ER C7 FLT3'!$B$4:$B$640-1,1),10),IF($H9=\"Class_6\",INDEX('ER C6 FLT3'!$A$4:$J$640,MATCH($E9&$C9,'ER C6 FLT3'!$A$4:$A$640&'ER C6 FLT3'!$B$4:$B$640-1,1),10)))),IF($B9=\"2 Trucks\",IF(OR($H9=\"Class_8\",$N9=\"Replacement8HHD\",$AH9=\"CL7HHD\",$AJ9=\"CL7to8\"),INDEX('ER C8 FLT2'!$A$4:$J$640,MATCH($E9&$C9,'ER C8 FLT2'!$A$4:$A$640&'ER C8 FLT2'!$B$4:$B$640-1,1),10),IF($H9=\"Class_7\",INDEX('ER C7 FLT2'!$A$4:$J$640,MATCH($E9&$C9,'ER C7 FLT2'!$A$4:$A$640&'ER C7 FLT2'!$B$4:$B$640-1,1),10),IF($H9=\"Class_6\",INDEX('ER C6 FLT2'!$A$4:$J$640,MATCH($E9&$C9,'ER C6 FLT2'!$A$4:$A$640&'ER C6 FLT2'!$B$4:$B$640-1,1),10)))),IF($B9=\"1 Truck\",\nIF(OR($H9=\"Class_8\",$N9=\"Replacement8HHD\",$AH9=\"CL7HHD\",$AJ9=\"CL7to8\"),INDEX('ER C8 FLT1'!$A$4:$J$640,MATCH($E9&$C9,'ER C8 FLT1'!$A$4:$A$640&'ER C8 FLT1'!$B$4:$B$640-1,1),10),IF($H9=\"Class_7\",INDEX('ER C7 FLT1'!$A$4:$J$640,MATCH($E9&$C9,'ER C7 FLT1'!$A$4:$A$640&'ER C7 FLT1'!$B$4:$B$640-1,1),10),\nIF($H9=\"Class_6\",INDEX('ER C6 FLT1'!$A$4:$J$640,MATCH($E9&$C9,'ER C6 FLT1'!$A$4:$A$640&'ER C6 FLT1'!$B$4:$B$640-1,1),10)))))))*($Q9/453.6)","v":0},{"$f":"IF($B9=\"3+ Trucks\",IF(OR($H9=\"Class_8\",$N9=\"Replacement8HHD\",$AH9=\"CL7HHD\",$AJ9=\"CL7to8\"),INDEX('ER C8 FLT3'!$A$4:$J$640,MATCH($E9&$C9,'ER C8 FLT3'!$A$4:$A$640&'ER C8 FLT3'!$B$4:$B$640-2,1),10),IF($H9=\"Class_7\",INDEX('ER C7 FLT3'!$A$4:$J$640,MATCH($E9&$C9,'ER C7 FLT3'!$A$4:$A$640&'ER C7 FLT3'!$B$4:$B$640-2,1),10),IF($H9=\"Class_6\",INDEX('ER C6 FLT3'!$A$4:$J$640,MATCH($E9&$C9,'ER C6 FLT3'!$A$4:$A$640&'ER C6 FLT3'!$B$4:$B$640-2,1),10)))),IF($B9=\"2 Trucks\",IF(OR($H9=\"Class_8\",$N9=\"Replacement8HHD\",$AH9=\"CL7HHD\",$AJ9=\"CL7to8\"),INDEX('ER C8 FLT2'!$A$4:$J$640,MATCH($E9&$C9,'ER C8 FLT2'!$A$4:$A$640&'ER C8 FLT2'!$B$4:$B$640-2,1),10),IF($H9=\"Class_7\",INDEX('ER C7 FLT2'!$A$4:$J$640,MATCH($E9&$C9,'ER C7 FLT2'!$A$4:$A$640&'ER C7 FLT2'!$B$4:$B$640-2,1),10),IF($H9=\"Class_6\",INDEX('ER C6 FLT2'!$A$4:$J$640,MATCH($E9&$C9,'ER C6 FLT2'!$A$4:$A$640&'ER C6 FLT2'!$B$4:$B$640-2,1),10)))),IF($B9=\"1 Truck\",\nIF(OR($H9=\"Class_8\",$N9=\"Replacement8HHD\",$AH9=\"CL7HHD\",$AJ9=\"CL7to8\"),INDEX('ER C8 FLT1'!$A$4:$J$640,MATCH($E9&$C9,'ER C8 FLT1'!$A$4:$A$640&'ER C8 FLT1'!$B$4:$B$640-2,1),10),IF($H9=\"Class_7\",INDEX('ER C7 FLT1'!$A$4:$J$640,MATCH($E9&$C9,'ER C7 FLT1'!$A$4:$A$640&'ER C7 FLT1'!$B$4:$B$640-2,1),10),\nIF($H9=\"Class_6\",INDEX('ER C6 FLT1'!$A$4:$J$640,MATCH($E9&$C9,'ER C6 FLT1'!$A$4:$A$640&'ER C6 FLT1'!$B$4:$B$640-2,1),10)))))))*($Q9/453.6)","v":0},{"$f":"IF($B9=\"3+ Trucks\",IF(OR($H9=\"Class_8\",$N9=\"Replacement8HHD\",$AH9=\"CL7HHD\",$AJ9=\"CL7to8\"),INDEX('ER C8 FLT3'!$A$4:$J$640,MATCH($E9&$C9,'ER C8 FLT3'!$A$4:$A$640&'ER C8 FLT3'!$B$4:$B$640-3,1),10),IF($H9=\"Class_7\",INDEX('ER C7 FLT3'!$A$4:$J$640,MATCH($E9&$C9,'ER C7 FLT3'!$A$4:$A$640&'ER C7 FLT3'!$B$4:$B$640-3,1),10),IF($H9=\"Class_6\",INDEX('ER C6 FLT3'!$A$4:$J$640,MATCH($E9&$C9,'ER C6 FLT3'!$A$4:$A$640&'ER C6 FLT3'!$B$4:$B$640-3,1),10)))),IF($B9=\"2 Trucks\",IF(OR($H9=\"Class_8\",$N9=\"Replacement8HHD\",$AH9=\"CL7HHD\",$AJ9=\"CL7to8\"),INDEX('ER C8 FLT2'!$A$4:$J$640,MATCH($E9&$C9,'ER C8 FLT2'!$A$4:$A$640&'ER C8 FLT2'!$B$4:$B$640-3,1),10),IF($H9=\"Class_7\",INDEX('ER C7 FLT2'!$A$4:$J$640,MATCH($E9&$C9,'ER C7 FLT2'!$A$4:$A$640&'ER C7 FLT2'!$B$4:$B$640-3,1),10),IF($H9=\"Class_6\",INDEX('ER C6 FLT2'!$A$4:$J$640,MATCH($E9&$C9,'ER C6 FLT2'!$A$4:$A$640&'ER C6 FLT2'!$B$4:$B$640-3,1),10)))),IF($B9=\"1 Truck\",\nIF(OR($H9=\"Class_8\",$N9=\"Replacement8HHD\",$AH9=\"CL7HHD\",$AJ9=\"CL7to8\"),INDEX('ER C8 FLT1'!$A$4:$J$640,MATCH($E9&$C9,'ER C8 FLT1'!$A$4:$A$640&'ER C8 FLT1'!$B$4:$B$640-3,1),10),IF($H9=\"Class_7\",INDEX('ER C7 FLT1'!$A$4:$J$640,MATCH($E9&$C9,'ER C7 FLT1'!$A$4:$A$640&'ER C7 FLT1'!$B$4:$B$640-3,1),10),\nIF($H9=\"Class_6\",INDEX('ER C6 FLT1'!$A$4:$J$640,MATCH($E9&$C9,'ER C6 FLT1'!$A$4:$A$640&'ER C6 FLT1'!$B$4:$B$640-3,1),10)))))))*($Q9/453.6)","v":0},{"$f":"IF($B9=\"3+ Trucks\",IF(OR($H9=\"Class_8\",$N9=\"Replacement8HHD\",$AH9=\"CL7HHD\",$AJ9=\"CL7to8\"),INDEX('ER C8 FLT3'!$A$4:$J$640,MATCH($E9&$C9,'ER C8 FLT3'!$A$4:$A$640&'ER C8 FLT3'!$B$4:$B$640-4,1),10),IF($H9=\"Class_7\",INDEX('ER C7 FLT3'!$A$4:$J$640,MATCH($E9&$C9,'ER C7 FLT3'!$A$4:$A$640&'ER C7 FLT3'!$B$4:$B$640-4,1),10),IF($H9=\"Class_6\",INDEX('ER C6 FLT3'!$A$4:$J$640,MATCH($E9&$C9,'ER C6 FLT3'!$A$4:$A$640&'ER C6 FLT3'!$B$4:$B$640-4,1),10)))),IF($B9=\"2 Trucks\",IF(OR($H9=\"Class_8\",$N9=\"Replacement8HHD\",$AH9=\"CL7HHD\",$AJ9=\"CL7to8\"),INDEX('ER C8 FLT2'!$A$4:$J$640,MATCH($E9&$C9,'ER C8 FLT2'!$A$4:$A$640&'ER C8 FLT2'!$B$4:$B$640-4,1),10),IF($H9=\"Class_7\",INDEX('ER C7 FLT2'!$A$4:$J$640,MATCH($E9&$C9,'ER C7 FLT2'!$A$4:$A$640&'ER C7 FLT2'!$B$4:$B$640-4,1),10),IF($H9=\"Class_6\",INDEX('ER C6 FLT2'!$A$4:$J$640,MATCH($E9&$C9,'ER C6 FLT2'!$A$4:$A$640&'ER C6 FLT2'!$B$4:$B$640-4,1),10)))),IF($B9=\"1 Truck\",\nIF(OR($H9=\"Class_8\",$N9=\"Replacement8HHD\",$AH9=\"CL7HHD\",$AJ9=\"CL7to8\"),INDEX('ER C8 FLT1'!$A$4:$J$640,MATCH($E9&$C9,'ER C8 FLT1'!$A$4:$A$640&'ER C8 FLT1'!$B$4:$B$640-4,1),10),IF($H9=\"Class_7\",INDEX('ER C7 FLT1'!$A$4:$J$640,MATCH($E9&$C9,'ER C7 FLT1'!$A$4:$A$640&'ER C7 FLT1'!$B$4:$B$640-4,1),10),\nIF($H9=\"Class_6\",INDEX('ER C6 FLT1'!$A$4:$J$640,MATCH($E9&$C9,'ER C6 FLT1'!$A$4:$A$640&'ER C6 FLT1'!$B$4:$B$640-4,1),10)))))))*($Q9/453.6)","v":0},{"$f":"IF($B9=\"3+ Trucks\",IF(OR($H9=\"Class_8\",$N9=\"Replacement8HHD\",$AH9=\"CL7HHD\",$AJ9=\"CL7to8\"),INDEX('ER C8 FLT3'!$A$4:$J$640,MATCH($E9&$C9,'ER C8 FLT3'!$A$4:$A$640&'ER C8 FLT3'!$B$4:$B$640,1),10),IF($H9=\"Class_7\",INDEX('ER C7 FLT3'!$A$4:$J$640,MATCH($E9&$C9,'ER C7 FLT3'!$A$4:$A$640&'ER C7 FLT3'!$B$4:$B$640,1),10),IF($H9=\"Class_6\",INDEX('ER C6 FLT3'!$A$4:$J$640,MATCH($E9&$C9,'ER C6 FLT3'!$A$4:$A$640&'ER C6 FLT3'!$B$4:$B$640,1),10)))),IF($B9=\"2 Trucks\",IF(OR($H9=\"Class_8\",$N9=\"Replacement8HHD\",$AH9=\"CL7HHD\",$AJ9=\"CL7to8\"),INDEX('ER C8 FLT2'!$A$4:$J$640,MATCH($E9&$C9,'ER C8 FLT2'!$A$4:$A$640&'ER C8 FLT2'!$B$4:$B$640,1),10),IF($H9=\"Class_7\",INDEX('ER C7 FLT2'!$A$4:$J$640,MATCH($E9&$C9,'ER C7 FLT2'!$A$4:$A$640&'ER C7 FLT2'!$B$4:$B$640,1),10),IF($H9=\"Class_6\",INDEX('ER C6 FLT2'!$A$4:$J$640,MATCH($E9&$C9,'ER C6 FLT2'!$A$4:$A$640&'ER C6 FLT2'!$B$4:$B$640,1),10)))),IF($B9=\"1 Truck\",\nIF(OR($H9=\"Class_8\",$N9=\"Replacement8HHD\",$AH9=\"CL7HHD\",$AJ9=\"CL7to8\"),INDEX('ER C8 FLT1'!$A$4:$J$640,MATCH($E9&$C9,'ER C8 FLT1'!$A$4:$A$640&'ER C8 FLT1'!$B$4:$B$640,1),10),IF($H9=\"Class_7\",INDEX('ER C7 FLT1'!$A$4:$J$640,MATCH($E9&$C9,'ER C7 FLT1'!$A$4:$A$640&'ER C7 FLT1'!$B$4:$B$640,1),10),IF($H9=\"Class_6\",INDEX('ER C6 FLT1'!$A$4:$J$640,MATCH($E9&$C9,'ER C6 FLT1'!$A$4:$A$640&'ER C6 FLT1'!$B$4:$B$640,1),10)))))))","v":false},{"$f":"IF($B9=\"3+ Trucks\",IF(OR($H9=\"Class_8\",$N9=\"Replacement8HHD\",$AH9=\"CL7HHD\",$AJ9=\"CL7to8\"),INDEX('ER C8 FLT3'!$A$4:$J$640,MATCH($E9&$C9,'ER C8 FLT3'!$A$4:$A$640&'ER C8 FLT3'!$B$4:$B$640-1,1),10),IF($H9=\"Class_7\",INDEX('ER C7 FLT3'!$A$4:$J$640,MATCH($E9&$C9,'ER C7 FLT3'!$A$4:$A$640&'ER C7 FLT3'!$B$4:$B$640-1,1),10),IF($H9=\"Class_6\",INDEX('ER C6 FLT3'!$A$4:$J$640,MATCH($E9&$C9,'ER C6 FLT3'!$A$4:$A$640&'ER C6 FLT3'!$B$4:$B$640-1,1),10)))),IF($B9=\"2 Trucks\",IF(OR($H9=\"Class_8\",$N9=\"Replacement8HHD\",$AH9=\"CL7HHD\",$AJ9=\"CL7to8\"),INDEX('ER C8 FLT2'!$A$4:$J$640,MATCH($E9&$C9,'ER C8 FLT2'!$A$4:$A$640&'ER C8 FLT2'!$B$4:$B$640-1,1),10),IF($H9=\"Class_7\",INDEX('ER C7 FLT2'!$A$4:$J$640,MATCH($E9&$C9,'ER C7 FLT2'!$A$4:$A$640&'ER C7 FLT2'!$B$4:$B$640-1,1),10),IF($H9=\"Class_6\",INDEX('ER C6 FLT2'!$A$4:$J$640,MATCH($E9&$C9,'ER C6 FLT2'!$A$4:$A$640&'ER C6 FLT2'!$B$4:$B$640-1,1),10)))),IF($B9=\"1 Truck\",\nIF(OR($H9=\"Class_8\",$N9=\"Replacement8HHD\",$AH9=\"CL7HHD\",$AJ9=\"CL7to8\"),INDEX('ER C8 FLT1'!$A$4:$J$640,MATCH($E9&$C9,'ER C8 FLT1'!$A$4:$A$640&'ER C8 FLT1'!$B$4:$B$640-1,1),10),IF($H9=\"Class_7\",INDEX('ER C7 FLT1'!$A$4:$J$640,MATCH($E9&$C9,'ER C7 FLT1'!$A$4:$A$640&'ER C7 FLT1'!$B$4:$B$640-1,1),10),IF($H9=\"Class_6\",INDEX('ER C6 FLT1'!$A$4:$J$640,MATCH($E9&$C9,'ER C6 FLT1'!$A$4:$A$640&'ER C6 FLT1'!$B$4:$B$640-1,1),10)))))))","v":false},{"$f":"IF($B9=\"3+ Trucks\",IF(OR($H9=\"Class_8\",$N9=\"Replacement8HHD\",$AH9=\"CL7HHD\",$AJ9=\"CL7to8\"),INDEX('ER C8 FLT3'!$A$4:$J$640,MATCH($E9&$C9,'ER C8 FLT3'!$A$4:$A$640&'ER C8 FLT3'!$B$4:$B$640-2,1),10),IF($H9=\"Class_7\",INDEX('ER C7 FLT3'!$A$4:$J$640,MATCH($E9&$C9,'ER C7 FLT3'!$A$4:$A$640&'ER C7 FLT3'!$B$4:$B$640-2,1),10),IF($H9=\"Class_6\",INDEX('ER C6 FLT3'!$A$4:$J$640,MATCH($E9&$C9,'ER C6 FLT3'!$A$4:$A$640&'ER C6 FLT3'!$B$4:$B$640-2,1),10)))),IF($B9=\"2 Trucks\",IF(OR($H9=\"Class_8\",$N9=\"Replacement8HHD\",$AH9=\"CL7HHD\",$AJ9=\"CL7to8\"),INDEX('ER C8 FLT2'!$A$4:$J$640,MATCH($E9&$C9,'ER C8 FLT2'!$A$4:$A$640&'ER C8 FLT2'!$B$4:$B$640-2,1),10),IF($H9=\"Class_7\",INDEX('ER C7 FLT2'!$A$4:$J$640,MATCH($E9&$C9,'ER C7 FLT2'!$A$4:$A$640&'ER C7 FLT2'!$B$4:$B$640-2,1),10),IF($H9=\"Class_6\",INDEX('ER C6 FLT2'!$A$4:$J$640,MATCH($E9&$C9,'ER C6 FLT2'!$A$4:$A$640&'ER C6 FLT2'!$B$4:$B$640-2,1),10)))),IF($B9=\"1 Truck\",\nIF(OR($H9=\"Class_8\",$N9=\"Replacement8HHD\",$AH9=\"CL7HHD\",$AJ9=\"CL7to8\"),INDEX('ER C8 FLT1'!$A$4:$J$640,MATCH($E9&$C9,'ER C8 FLT1'!$A$4:$A$640&'ER C8 FLT1'!$B$4:$B$640-2,1),10),IF($H9=\"Class_7\",INDEX('ER C7 FLT1'!$A$4:$J$640,MATCH($E9&$C9,'ER C7 FLT1'!$A$4:$A$640&'ER C7 FLT1'!$B$4:$B$640-2,1),10),IF($H9=\"Class_6\",INDEX('ER C6 FLT1'!$A$4:$J$640,MATCH($E9&$C9,'ER C6 FLT1'!$A$4:$A$640&'ER C6 FLT1'!$B$4:$B$640-2,1),10)))))))","v":false},{"$f":"IF($B9=\"3+ Trucks\",IF(OR($H9=\"Class_8\",$N9=\"Replacement8HHD\",$AH9=\"CL7HHD\",$AJ9=\"CL7to8\"),INDEX('ER C8 FLT3'!$A$4:$J$640,MATCH($E9&$C9,'ER C8 FLT3'!$A$4:$A$640&'ER C8 FLT3'!$B$4:$B$640-3,1),10),IF($H9=\"Class_7\",INDEX('ER C7 FLT3'!$A$4:$J$640,MATCH($E9&$C9,'ER C7 FLT3'!$A$4:$A$640&'ER C7 FLT3'!$B$4:$B$640-3,1),10),IF($H9=\"Class_6\",INDEX('ER C6 FLT3'!$A$4:$J$640,MATCH($E9&$C9,'ER C6 FLT3'!$A$4:$A$640&'ER C6 FLT3'!$B$4:$B$640-3,1),10)))),IF($B9=\"2 Trucks\",IF(OR($H9=\"Class_8\",$N9=\"Replacement8HHD\",$AH9=\"CL7HHD\",$AJ9=\"CL7to8\"),INDEX('ER C8 FLT2'!$A$4:$J$640,MATCH($E9&$C9,'ER C8 FLT2'!$A$4:$A$640&'ER C8 FLT2'!$B$4:$B$640-3,1),10),IF($H9=\"Class_7\",INDEX('ER C7 FLT2'!$A$4:$J$640,MATCH($E9&$C9,'ER C7 FLT2'!$A$4:$A$640&'ER C7 FLT2'!$B$4:$B$640-3,1),10),IF($H9=\"Class_6\",INDEX('ER C6 FLT2'!$A$4:$J$640,MATCH($E9&$C9,'ER C6 FLT2'!$A$4:$A$640&'ER C6 FLT2'!$B$4:$B$640-3,1),10)))),IF($B9=\"1 Truck\",\nIF(OR($H9=\"Class_8\",$N9=\"Replacement8HHD\",$AH9=\"CL7HHD\",$AJ9=\"CL7to8\"),INDEX('ER C8 FLT1'!$A$4:$J$640,MATCH($E9&$C9,'ER C8 FLT1'!$A$4:$A$640&'ER C8 FLT1'!$B$4:$B$640-3,1),10),IF($H9=\"Class_7\",INDEX('ER C7 FLT1'!$A$4:$J$640,MATCH($E9&$C9,'ER C7 FLT1'!$A$4:$A$640&'ER C7 FLT1'!$B$4:$B$640-3,1),10),IF($H9=\"Class_6\",INDEX('ER C6 FLT1'!$A$4:$J$640,MATCH($E9&$C9,'ER C6 FLT1'!$A$4:$A$640&'ER C6 FLT1'!$B$4:$B$640-3,1),10)))))))","v":false},{"$f":"IF($B9=\"3+ Trucks\",IF(OR($H9=\"Class_8\",$N9=\"Replacement8HHD\",$AH9=\"CL7HHD\",$AJ9=\"CL7to8\"),INDEX('ER C8 FLT3'!$A$4:$J$640,MATCH($E9&$C9,'ER C8 FLT3'!$A$4:$A$640&'ER C8 FLT3'!$B$4:$B$640-4,1),10),IF($H9=\"Class_7\",INDEX('ER C7 FLT3'!$A$4:$J$640,MATCH($E9&$C9,'ER C7 FLT3'!$A$4:$A$640&'ER C7 FLT3'!$B$4:$B$640-4,1),10),IF($H9=\"Class_6\",INDEX('ER C6 FLT3'!$A$4:$J$640,MATCH($E9&$C9,'ER C6 FLT3'!$A$4:$A$640&'ER C6 FLT3'!$B$4:$B$640-4,1),10)))),IF($B9=\"2 Trucks\",IF(OR($H9=\"Class_8\",$N9=\"Replacement8HHD\",$AH9=\"CL7HHD\",$AJ9=\"CL7to8\"),INDEX('ER C8 FLT2'!$A$4:$J$640,MATCH($E9&$C9,'ER C8 FLT2'!$A$4:$A$640&'ER C8 FLT2'!$B$4:$B$640-4,1),10),IF($H9=\"Class_7\",INDEX('ER C7 FLT2'!$A$4:$J$640,MATCH($E9&$C9,'ER C7 FLT2'!$A$4:$A$640&'ER C7 FLT2'!$B$4:$B$640-4,1),10),IF($H9=\"Class_6\",INDEX('ER C6 FLT2'!$A$4:$J$640,MATCH($E9&$C9,'ER C6 FLT2'!$A$4:$A$640&'ER C6 FLT2'!$B$4:$B$640-4,1),10)))),IF($B9=\"1 Truck\",\nIF(OR($H9=\"Class_8\",$N9=\"Replacement8HHD\",$AH9=\"CL7HHD\",$AJ9=\"CL7to8\"),INDEX('ER C8 FLT1'!$A$4:$J$640,MATCH($E9&$C9,'ER C8 FLT1'!$A$4:$A$640&'ER C8 FLT1'!$B$4:$B$640-4,1),10),IF($H9=\"Class_7\",INDEX('ER C7 FLT1'!$A$4:$J$640,MATCH($E9&$C9,'ER C7 FLT1'!$A$4:$A$640&'ER C7 FLT1'!$B$4:$B$640-4,1),10),IF($H9=\"Class_6\",INDEX('ER C6 FLT1'!$A$4:$J$640,MATCH($E9&$C9,'ER C6 FLT1'!$A$4:$A$640&'ER C6 FLT1'!$B$4:$B$640-4,1),10)))))))","v":false},{"$f":"IF(OR($R9=\"Diesel\",$R9=\"LNG/CNG\",$R9=\"Hybrid\",$R9=\"Electric w/ AB-118\"),IF($B9=\"3+ Trucks\",IF(OR($O9=\"Class_8\",$N9=\"Replacement8HHD\",$AI9=\"CL7HHD\"),INDEX('ER C8 FLT3'!$A$4:$J$640,MATCH(DropData!$J49&$C9,'ER C8 FLT3'!$A$4:$A$640&'ER C8 FLT3'!$B$4:$B$640,1),10),IF($O9=\"Class_7\",INDEX('ER C7 FLT3'!$A$4:$J$640,MATCH(DropData!$J49&$C9,'ER C7 FLT3'!$A$4:$A$640&'ER C7 FLT3'!$B$4:$B$640,1),10),IF($O9=\"Class_6\",INDEX('ER C6 FLT3'!$A$4:$J$640,MATCH(DropData!$J49&$C9,'ER C6 FLT3'!$A$4:$A$640&'ER C6 FLT3'!$B$4:$B$640,1),10)))),IF($B9=\"2 Trucks\",IF(OR($O9=\"Class_8\",$N9=\"Replacement8HHD\",$AI9=\"CL7HHD\"),INDEX('ER C8 FLT2'!$A$4:$J$640,MATCH(DropData!$J49&$C9,'ER C8 FLT2'!$A$4:$A$640&'ER C8 FLT2'!$B$4:$B$640,1),10),IF($O9=\"Class_7\",INDEX('ER C7 FLT2'!$A$4:$J$640,MATCH(DropData!$J49&$C9,'ER C7 FLT2'!$A$4:$A$640&'ER C7 FLT2'!$B$4:$B$640,1),10),IF($O9=\"Class_6\",INDEX('ER C6 FLT2'!$A$4:$J$640,MATCH(DropData!$J49&$C9,'ER C6 FLT2'!$A$4:$A$640&'ER C6 FLT2'!$B$4:$B$640,1),10)))),IF($B9=\"1 Truck\",IF(OR($O9=\"Class_8\",$N9=\"Replacement8HHD\",$AI9=\"CL7HHD\"),INDEX('ER C8 FLT1'!$A$4:$J$640,MATCH(DropData!$J49&$C9,'ER C8 FLT1'!$A$4:$A$640&'ER C8 FLT1'!$B$4:$B$640,1),10),IF($O9=\"Class_7\",INDEX('ER C7 FLT1'!$A$4:$J$640,MATCH(DropData!$J49&$C9,'ER C7 FLT1'!$A$4:$A$640&'ER C7 FLT1'!$B$4:$B$640,1),10),IF($O9=\"Class_6\",INDEX('ER C6 FLT1'!$A$4:$J$640,MATCH(DropData!$J49&$C9,'ER C6 FLT1'!$A$4:$A$640&'ER C6 FLT1'!$B$4:$B$640,1),10))))))),IF($R9=\"Electric\",INDEX('ER Electric'!$A$6:$E$44,MATCH($C9&$O9,'ER Electric'!$A$6:$A$44&'ER Electric'!$B$6:$B$44,1),5)))*(($Q9+$AC9)/453.6)","v":0},{"$f":"IF(OR($R9=\"Diesel\",$R9=\"LNG/CNG\",$R9=\"Hybrid\",$R9=\"Electric w/ AB-118\"),IF($B9=\"3+ Trucks\",IF(OR($O9=\"Class_8\",$N9=\"Replacement8HHD\",$AI9=\"CL7HHD\"),INDEX('ER C8 FLT3'!$A$4:$J$640,MATCH(DropData!$J49&$C9,'ER C8 FLT3'!$A$4:$A$640&'ER C8 FLT3'!$B$4:$B$640-1,1),10),IF($O9=\"Class_7\",INDEX('ER C7 FLT3'!$A$4:$J$640,MATCH(DropData!$J49&$C9,'ER C7 FLT3'!$A$4:$A$640&'ER C7 FLT3'!$B$4:$B$640-1,1),10),IF($O9=\"Class_6\",INDEX('ER C6 FLT3'!$A$4:$J$640,MATCH(DropData!$J49&$C9,'ER C6 FLT3'!$A$4:$A$640&'ER C6 FLT3'!$B$4:$B$640-1,1),10)))),IF($B9=\"2 Trucks\",IF(OR($O9=\"Class_8\",$N9=\"Replacement8HHD\",$AI9=\"CL7HHD\"),INDEX('ER C8 FLT2'!$A$4:$J$640,MATCH(DropData!$J49&$C9,'ER C8 FLT2'!$A$4:$A$640&'ER C8 FLT2'!$B$4:$B$640-1,1),10),IF($O9=\"Class_7\",INDEX('ER C7 FLT2'!$A$4:$J$640,MATCH(DropData!$J49&$C9,'ER C7 FLT2'!$A$4:$A$640&'ER C7 FLT2'!$B$4:$B$640-1,1),10),IF($O9=\"Class_6\",INDEX('ER C6 FLT2'!$A$4:$J$640,MATCH(DropData!$J49&$C9,'ER C6 FLT2'!$A$4:$A$640&'ER C6 FLT2'!$B$4:$B$640-1,1),10)))),IF($B9=\"1 Truck\",IF(OR($O9=\"Class_8\",$N9=\"Replacement8HHD\",$AI9=\"CL7HHD\"),INDEX('ER C8 FLT1'!$A$4:$J$640,MATCH(DropData!$J49&$C9,'ER C8 FLT1'!$A$4:$A$640&'ER C8 FLT1'!$B$4:$B$640-1,1),10),IF($O9=\"Class_7\",INDEX('ER C7 FLT1'!$A$4:$J$640,MATCH(DropData!$J49&$C9,'ER C7 FLT1'!$A$4:$A$640&'ER C7 FLT1'!$B$4:$B$640-1,1),10),IF($O9=\"Class_6\",INDEX('ER C6 FLT1'!$A$4:$J$640,MATCH(DropData!$J49&$C9,'ER C6 FLT1'!$A$4:$A$640&'ER C6 FLT1'!$B$4:$B$640-1,1),10))))))),IF($R9=\"Electric\",OFFSET(INDEX('ER Electric'!$A$6:$E$44,MATCH($C9&$O9,'ER Electric'!$A$6:$A$44&'ER Electric'!$B$6:$B$44,1),5),3,0)))*(($Q9+$AC9)/453.6)","v":0},{"$f":"IF(OR($R9=\"Diesel\",$R9=\"LNG/CNG\",$R9=\"Hybrid\",$R9=\"Electric w/ AB-118\"),IF($B9=\"3+ Trucks\",IF(OR($O9=\"Class_8\",$N9=\"Replacement8HHD\",$AI9=\"CL7HHD\"),INDEX('ER C8 FLT3'!$A$4:$J$640,MATCH(DropData!$J49&$C9,'ER C8 FLT3'!$A$4:$A$640&'ER C8 FLT3'!$B$4:$B$640-2,1),10),IF($O9=\"Class_7\",INDEX('ER C7 FLT3'!$A$4:$J$640,MATCH(DropData!$J49&$C9,'ER C7 FLT3'!$A$4:$A$640&'ER C7 FLT3'!$B$4:$B$640-2,1),10),IF($O9=\"Class_6\",INDEX('ER C6 FLT3'!$A$4:$J$640,MATCH(DropData!$J49&$C9,'ER C6 FLT3'!$A$4:$A$640&'ER C6 FLT3'!$B$4:$B$640-2,1),10)))),IF($B9=\"2 Trucks\",IF(OR($O9=\"Class_8\",$N9=\"Replacement8HHD\",$AI9=\"CL7HHD\"),INDEX('ER C8 FLT2'!$A$4:$J$640,MATCH(DropData!$J49&$C9,'ER C8 FLT2'!$A$4:$A$640&'ER C8 FLT2'!$B$4:$B$640-2,1),10),IF($O9=\"Class_7\",INDEX('ER C7 FLT2'!$A$4:$J$640,MATCH(DropData!$J49&$C9,'ER C7 FLT2'!$A$4:$A$640&'ER C7 FLT2'!$B$4:$B$640-2,1),10),IF($O9=\"Class_6\",INDEX('ER C6 FLT2'!$A$4:$J$640,MATCH(DropData!$J49&$C9,'ER C6 FLT2'!$A$4:$A$640&'ER C6 FLT2'!$B$4:$B$640-2,1),10)))),IF($B9=\"1 Truck\",IF(OR($O9=\"Class_8\",$N9=\"Replacement8HHD\",$AI9=\"CL7HHD\"),INDEX('ER C8 FLT1'!$A$4:$J$640,MATCH(DropData!$J49&$C9,'ER C8 FLT1'!$A$4:$A$640&'ER C8 FLT1'!$B$4:$B$640-2,1),10),IF($O9=\"Class_7\",INDEX('ER C7 FLT1'!$A$4:$J$640,MATCH(DropData!$J49&$C9,'ER C7 FLT1'!$A$4:$A$640&'ER C7 FLT1'!$B$4:$B$640-2,1),10),IF($O9=\"Class_6\",INDEX('ER C6 FLT1'!$A$4:$J$640,MATCH(DropData!$J49&$C9,'ER C6 FLT1'!$A$4:$A$640&'ER C6 FLT1'!$B$4:$B$640-2,1),10))))))),IF($R9=\"Electric\",OFFSET(INDEX('ER Electric'!$A$6:$E$44,MATCH($C9&$O9,'ER Electric'!$A$6:$A$44&'ER Electric'!$B$6:$B$44,1),5),6,0)))*(($Q9+$AC9)/453.6)","v":0},{"$f":"IF(OR($R9=\"Diesel\",$R9=\"LNG/CNG\",$R9=\"Hybrid\",$R9=\"Electric w/ AB-118\"),IF($B9=\"3+ Trucks\",IF(OR($O9=\"Class_8\",$N9=\"Replacement8HHD\",$AI9=\"CL7HHD\"),INDEX('ER C8 FLT3'!$A$4:$J$640,MATCH(DropData!$J49&$C9,'ER C8 FLT3'!$A$4:$A$640&'ER C8 FLT3'!$B$4:$B$640-3,1),10),IF($O9=\"Class_7\",INDEX('ER C7 FLT3'!$A$4:$J$640,MATCH(DropData!$J49&$C9,'ER C7 FLT3'!$A$4:$A$640&'ER C7 FLT3'!$B$4:$B$640-3,1),10),IF($O9=\"Class_6\",INDEX('ER C6 FLT3'!$A$4:$J$640,MATCH(DropData!$J49&$C9,'ER C6 FLT3'!$A$4:$A$640&'ER C6 FLT3'!$B$4:$B$640-3,1),10)))),IF($B9=\"2 Trucks\",IF(OR($O9=\"Class_8\",$N9=\"Replacement8HHD\",$AI9=\"CL7HHD\"),INDEX('ER C8 FLT2'!$A$4:$J$640,MATCH(DropData!$J49&$C9,'ER C8 FLT2'!$A$4:$A$640&'ER C8 FLT2'!$B$4:$B$640-3,1),10),IF($O9=\"Class_7\",INDEX('ER C7 FLT2'!$A$4:$J$640,MATCH(DropData!$J49&$C9,'ER C7 FLT2'!$A$4:$A$640&'ER C7 FLT2'!$B$4:$B$640-3,1),10),IF($O9=\"Class_6\",INDEX('ER C6 FLT2'!$A$4:$J$640,MATCH(DropData!$J49&$C9,'ER C6 FLT2'!$A$4:$A$640&'ER C6 FLT2'!$B$4:$B$640-3,1),10)))),IF($B9=\"1 Truck\",IF(OR($O9=\"Class_8\",$N9=\"Replacement8HHD\",$AI9=\"CL7HHD\"),INDEX('ER C8 FLT1'!$A$4:$J$640,MATCH(DropData!$J49&$C9,'ER C8 FLT1'!$A$4:$A$640&'ER C8 FLT1'!$B$4:$B$640-3,1),10),IF($O9=\"Class_7\",INDEX('ER C7 FLT1'!$A$4:$J$640,MATCH(DropData!$J49&$C9,'ER C7 FLT1'!$A$4:$A$640&'ER C7 FLT1'!$B$4:$B$640-3,1),10),IF($O9=\"Class_6\",INDEX('ER C6 FLT1'!$A$4:$J$640,MATCH(DropData!$J49&$C9,'ER C6 FLT1'!$A$4:$A$640&'ER C6 FLT1'!$B$4:$B$640-3,1),10))))))),IF($R9=\"Electric\",OFFSET(INDEX('ER Electric'!$A$6:$E$44,MATCH($C9&$O9,'ER Electric'!$A$6:$A$44&'ER Electric'!$B$6:$B$44,1),5),9,0)))*(($Q9+$AC9)/453.6)","v":0},{"$f":"IF(OR($R9=\"Diesel\",$R9=\"LNG/CNG\",$R9=\"Hybrid\",$R9=\"Electric w/ AB-118\"),IF($B9=\"3+ Trucks\",IF(OR($O9=\"Class_8\",$N9=\"Replacement8HHD\",$AI9=\"CL7HHD\"),INDEX('ER C8 FLT3'!$A$4:$J$640,MATCH(DropData!$J49&$C9,'ER C8 FLT3'!$A$4:$A$640&'ER C8 FLT3'!$B$4:$B$640-4,1),10),IF($O9=\"Class_7\",INDEX('ER C7 FLT3'!$A$4:$J$640,MATCH(DropData!$J49&$C9,'ER C7 FLT3'!$A$4:$A$640&'ER C7 FLT3'!$B$4:$B$640-4,1),10),IF($O9=\"Class_6\",INDEX('ER C6 FLT3'!$A$4:$J$640,MATCH(DropData!$J49&$C9,'ER C6 FLT3'!$A$4:$A$640&'ER C6 FLT3'!$B$4:$B$640-4,1),10)))),IF($B9=\"2 Trucks\",IF(OR($O9=\"Class_8\",$N9=\"Replacement8HHD\",$AI9=\"CL7HHD\"),INDEX('ER C8 FLT2'!$A$4:$J$640,MATCH(DropData!$J49&$C9,'ER C8 FLT2'!$A$4:$A$640&'ER C8 FLT2'!$B$4:$B$640-4,1),10),IF($O9=\"Class_7\",INDEX('ER C7 FLT2'!$A$4:$J$640,MATCH(DropData!$J49&$C9,'ER C7 FLT2'!$A$4:$A$640&'ER C7 FLT2'!$B$4:$B$640-4,1),10),IF($O9=\"Class_6\",INDEX('ER C6 FLT2'!$A$4:$J$640,MATCH(DropData!$J49&$C9,'ER C6 FLT2'!$A$4:$A$640&'ER C6 FLT2'!$B$4:$B$640-4,1),10)))),IF($B9=\"1 Truck\",IF(OR($O9=\"Class_8\",$N9=\"Replacement8HHD\",$AI9=\"CL7HHD\"),INDEX('ER C8 FLT1'!$A$4:$J$640,MATCH(DropData!$J49&$C9,'ER C8 FLT1'!$A$4:$A$640&'ER C8 FLT1'!$B$4:$B$640-4,1),10),IF($O9=\"Class_7\",INDEX('ER C7 FLT1'!$A$4:$J$640,MATCH(DropData!$J49&$C9,'ER C7 FLT1'!$A$4:$A$640&'ER C7 FLT1'!$B$4:$B$640-4,1),10),IF($O9=\"Class_6\",INDEX('ER C6 FLT1'!$A$4:$J$640,MATCH(DropData!$J49&$C9,'ER C6 FLT1'!$A$4:$A$640&'ER C6 FLT1'!$B$4:$B$640-4,1),10))))))),IF($R9=\"Electric\",OFFSET(INDEX('ER Electric'!$A$6:$E$44,MATCH($C9&$O9,'ER Electric'!$A$6:$A$44&'ER Electric'!$B$6:$B$44,1),5),12,0)))*(($Q9+$AC9)/453.6)","v":0},{"$f":"IF(OR($R9=\"Diesel\",$R9=\"LNG/CNG\",$R9=\"Hybrid\",$R9=\"Electric w/ AB-118\"),IF($B9=\"3+ Trucks\",IF(OR($O9=\"Class_8\",$N9=\"Replacement8HHD\",$AI9=\"CL7HHD\"),INDEX('ER C8 FLT3'!$A$4:$J$640,MATCH(DropData!$J49&$C9,'ER C8 FLT3'!$A$4:$A$640&'ER C8 FLT3'!$B$4:$B$640,1),10),IF($O9=\"Class_7\",INDEX('ER C7 FLT3'!$A$4:$J$640,MATCH(DropData!$J49&$C9,'ER C7 FLT3'!$A$4:$A$640&'ER C7 FLT3'!$B$4:$B$640,1),10),IF($O9=\"Class_6\",INDEX('ER C6 FLT3'!$A$4:$J$640,MATCH(DropData!$J49&$C9,'ER C6 FLT3'!$A$4:$A$640&'ER C6 FLT3'!$B$4:$B$640,1),10)))),IF($B9=\"2 Trucks\",IF(OR($O9=\"Class_8\",$N9=\"Replacement8HHD\",$AI9=\"CL7HHD\"),INDEX('ER C8 FLT2'!$A$4:$J$640,MATCH(DropData!$J49&$C9,'ER C8 FLT2'!$A$4:$A$640&'ER C8 FLT2'!$B$4:$B$640,1),10),IF($O9=\"Class_7\",INDEX('ER C7 FLT2'!$A$4:$J$640,MATCH(DropData!$J49&$C9,'ER C7 FLT2'!$A$4:$A$640&'ER C7 FLT2'!$B$4:$B$640,1),10),IF($O9=\"Class_6\",INDEX('ER C6 FLT2'!$A$4:$J$640,MATCH(DropData!$J49&$C9,'ER C6 FLT2'!$A$4:$A$640&'ER C6 FLT2'!$B$4:$B$640,1),10)))),IF($B9=\"1 Truck\",IF(OR($O9=\"Class_8\",$N9=\"Replacement8HHD\",$AI9=\"CL7HHD\"),INDEX('ER C8 FLT1'!$A$4:$J$640,MATCH(DropData!$J49&$C9,'ER C8 FLT1'!$A$4:$A$640&'ER C8 FLT1'!$B$4:$B$640,1),10),IF($O9=\"Class_7\",INDEX('ER C7 FLT1'!$A$4:$J$640,MATCH(DropData!$J49&$C9,'ER C7 FLT1'!$A$4:$A$640&'ER C7 FLT1'!$B$4:$B$640,1),10),IF($O9=\"Class_6\",INDEX('ER C6 FLT1'!$A$4:$J$640,MATCH(DropData!$J49&$C9,'ER C6 FLT1'!$A$4:$A$640&'ER C6 FLT1'!$B$4:$B$640,1),10))))))),IF($R9=\"Electric\",INDEX('ER Electric'!$A$6:$E$44,MATCH($C9&$O9,'ER Electric'!$A$6:$A$44&'ER Electric'!$B$6:$B$44,1),5)))","v":false},{"$f":"IF(OR($R9=\"Diesel\",$R9=\"LNG/CNG\",$R9=\"Hybrid\",$R9=\"Electric w/ AB-118\"),IF($B9=\"3+ Trucks\",IF(OR($O9=\"Class_8\",$N9=\"Replacement8HHD\",$AI9=\"CL7HHD\"),INDEX('ER C8 FLT3'!$A$4:$J$640,MATCH(DropData!$J49&$C9,'ER C8 FLT3'!$A$4:$A$640&'ER C8 FLT3'!$B$4:$B$640-1,1),10),IF($O9=\"Class_7\",INDEX('ER C7 FLT3'!$A$4:$J$640,MATCH(DropData!$J49&$C9,'ER C7 FLT3'!$A$4:$A$640&'ER C7 FLT3'!$B$4:$B$640-1,1),10),IF($O9=\"Class_6\",INDEX('ER C6 FLT3'!$A$4:$J$640,MATCH(DropData!$J49&$C9,'ER C6 FLT3'!$A$4:$A$640&'ER C6 FLT3'!$B$4:$B$640-1,1),10)))),IF($B9=\"2 Trucks\",IF(OR($O9=\"Class_8\",$N9=\"Replacement8HHD\",$AI9=\"CL7HHD\"),INDEX('ER C8 FLT2'!$A$4:$J$640,MATCH(DropData!$J49&$C9,'ER C8 FLT2'!$A$4:$A$640&'ER C8 FLT2'!$B$4:$B$640-1,1),10),IF($O9=\"Class_7\",INDEX('ER C7 FLT2'!$A$4:$J$640,MATCH(DropData!$J49&$C9,'ER C7 FLT2'!$A$4:$A$640&'ER C7 FLT2'!$B$4:$B$640-1,1),10),IF($O9=\"Class_6\",INDEX('ER C6 FLT2'!$A$4:$J$640,MATCH(DropData!$J49&$C9,'ER C6 FLT2'!$A$4:$A$640&'ER C6 FLT2'!$B$4:$B$640-1,1),10)))),IF($B9=\"1 Truck\",IF(OR($O9=\"Class_8\",$N9=\"Replacement8HHD\",$AI9=\"CL7HHD\"),INDEX('ER C8 FLT1'!$A$4:$J$640,MATCH(DropData!$J49&$C9,'ER C8 FLT1'!$A$4:$A$640&'ER C8 FLT1'!$B$4:$B$640-1,1),10),IF($O9=\"Class_7\",INDEX('ER C7 FLT1'!$A$4:$J$640,MATCH(DropData!$J49&$C9,'ER C7 FLT1'!$A$4:$A$640&'ER C7 FLT1'!$B$4:$B$640-1,1),10),IF($O9=\"Class_6\",INDEX('ER C6 FLT1'!$A$4:$J$640,MATCH(DropData!$J49&$C9,'ER C6 FLT1'!$A$4:$A$640&'ER C6 FLT1'!$B$4:$B$640-1,1),10))))))),IF($R9=\"Electric\",OFFSET(INDEX('ER Electric'!$A$6:$E$44,MATCH($C9&$O9,'ER Electric'!$A$6:$A$44&'ER Electric'!$B$6:$B$44,1),5),3,0)))","v":false},{"$f":"IF(OR($R9=\"Diesel\",$R9=\"LNG/CNG\",$R9=\"Hybrid\",$R9=\"Electric w/ AB-118\"),IF($B9=\"3+ Trucks\",IF(OR($O9=\"Class_8\",$N9=\"Replacement8HHD\",$AI9=\"CL7HHD\"),INDEX('ER C8 FLT3'!$A$4:$J$640,MATCH(DropData!$J49&$C9,'ER C8 FLT3'!$A$4:$A$640&'ER C8 FLT3'!$B$4:$B$640-2,1),10),IF($O9=\"Class_7\",INDEX('ER C7 FLT3'!$A$4:$J$640,MATCH(DropData!$J49&$C9,'ER C7 FLT3'!$A$4:$A$640&'ER C7 FLT3'!$B$4:$B$640-2,1),10),IF($O9=\"Class_6\",INDEX('ER C6 FLT3'!$A$4:$J$640,MATCH(DropData!$J49&$C9,'ER C6 FLT3'!$A$4:$A$640&'ER C6 FLT3'!$B$4:$B$640-2,1),10)))),IF($B9=\"2 Trucks\",IF(OR($O9=\"Class_8\",$N9=\"Replacement8HHD\",$AI9=\"CL7HHD\"),INDEX('ER C8 FLT2'!$A$4:$J$640,MATCH(DropData!$J49&$C9,'ER C8 FLT2'!$A$4:$A$640&'ER C8 FLT2'!$B$4:$B$640-2,1),10),IF($O9=\"Class_7\",INDEX('ER C7 FLT2'!$A$4:$J$640,MATCH(DropData!$J49&$C9,'ER C7 FLT2'!$A$4:$A$640&'ER C7 FLT2'!$B$4:$B$640-2,1),10),IF($O9=\"Class_6\",INDEX('ER C6 FLT2'!$A$4:$J$640,MATCH(DropData!$J49&$C9,'ER C6 FLT2'!$A$4:$A$640&'ER C6 FLT2'!$B$4:$B$640-2,1),10)))),IF($B9=\"1 Truck\",IF(OR($O9=\"Class_8\",$N9=\"Replacement8HHD\",$AI9=\"CL7HHD\"),INDEX('ER C8 FLT1'!$A$4:$J$640,MATCH(DropData!$J49&$C9,'ER C8 FLT1'!$A$4:$A$640&'ER C8 FLT1'!$B$4:$B$640-2,1),10),IF($O9=\"Class_7\",INDEX('ER C7 FLT1'!$A$4:$J$640,MATCH(DropData!$J49&$C9,'ER C7 FLT1'!$A$4:$A$640&'ER C7 FLT1'!$B$4:$B$640-2,1),10),IF($O9=\"Class_6\",INDEX('ER C6 FLT1'!$A$4:$J$640,MATCH(DropData!$J49&$C9,'ER C6 FLT1'!$A$4:$A$640&'ER C6 FLT1'!$B$4:$B$640-2,1),10))))))),IF($R9=\"Electric\",OFFSET(INDEX('ER Electric'!$A$6:$E$44,MATCH($C9&$O9,'ER Electric'!$A$6:$A$44&'ER Electric'!$B$6:$B$44,1),5),6,0)))","v":false},{"$f":"IF(OR($R9=\"Diesel\",$R9=\"LNG/CNG\",$R9=\"Hybrid\",$R9=\"Electric w/ AB-118\"),IF($B9=\"3+ Trucks\",IF(OR($O9=\"Class_8\",$N9=\"Replacement8HHD\",$AI9=\"CL7HHD\"),INDEX('ER C8 FLT3'!$A$4:$J$640,MATCH(DropData!$J49&$C9,'ER C8 FLT3'!$A$4:$A$640&'ER C8 FLT3'!$B$4:$B$640-3,1),10),IF($O9=\"Class_7\",INDEX('ER C7 FLT3'!$A$4:$J$640,MATCH(DropData!$J49&$C9,'ER C7 FLT3'!$A$4:$A$640&'ER C7 FLT3'!$B$4:$B$640-3,1),10),IF($O9=\"Class_6\",INDEX('ER C6 FLT3'!$A$4:$J$640,MATCH(DropData!$J49&$C9,'ER C6 FLT3'!$A$4:$A$640&'ER C6 FLT3'!$B$4:$B$640-3,1),10)))),IF($B9=\"2 Trucks\",IF(OR($O9=\"Class_8\",$N9=\"Replacement8HHD\",$AI9=\"CL7HHD\"),INDEX('ER C8 FLT2'!$A$4:$J$640,MATCH(DropData!$J49&$C9,'ER C8 FLT2'!$A$4:$A$640&'ER C8 FLT2'!$B$4:$B$640-3,1),10),IF($O9=\"Class_7\",INDEX('ER C7 FLT2'!$A$4:$J$640,MATCH(DropData!$J49&$C9,'ER C7 FLT2'!$A$4:$A$640&'ER C7 FLT2'!$B$4:$B$640-3,1),10),IF($O9=\"Class_6\",INDEX('ER C6 FLT2'!$A$4:$J$640,MATCH(DropData!$J49&$C9,'ER C6 FLT2'!$A$4:$A$640&'ER C6 FLT2'!$B$4:$B$640-3,1),10)))),IF($B9=\"1 Truck\",IF(OR($O9=\"Class_8\",$N9=\"Replacement8HHD\",$AI9=\"CL7HHD\"),INDEX('ER C8 FLT1'!$A$4:$J$640,MATCH(DropData!$J49&$C9,'ER C8 FLT1'!$A$4:$A$640&'ER C8 FLT1'!$B$4:$B$640-3,1),10),IF($O9=\"Class_7\",INDEX('ER C7 FLT1'!$A$4:$J$640,MATCH(DropData!$J49&$C9,'ER C7 FLT1'!$A$4:$A$640&'ER C7 FLT1'!$B$4:$B$640-3,1),10),IF($O9=\"Class_6\",INDEX('ER C6 FLT1'!$A$4:$J$640,MATCH(DropData!$J49&$C9,'ER C6 FLT1'!$A$4:$A$640&'ER C6 FLT1'!$B$4:$B$640-3,1),10))))))),IF($R9=\"Electric\",OFFSET(INDEX('ER Electric'!$A$6:$E$44,MATCH($C9&$O9,'ER Electric'!$A$6:$A$44&'ER Electric'!$B$6:$B$44,1),5),9,0)))","v":false},{"$f":"IF(OR($R9=\"Diesel\",$R9=\"LNG/CNG\",$R9=\"Hybrid\",$R9=\"Electric w/ AB-118\"),IF($B9=\"3+ Trucks\",IF(OR($O9=\"Class_8\",$N9=\"Replacement8HHD\",$AI9=\"CL7HHD\"),INDEX('ER C8 FLT3'!$A$4:$J$640,MATCH(DropData!$J49&$C9,'ER C8 FLT3'!$A$4:$A$640&'ER C8 FLT3'!$B$4:$B$640-4,1),10),IF($O9=\"Class_7\",INDEX('ER C7 FLT3'!$A$4:$J$640,MATCH(DropData!$J49&$C9,'ER C7 FLT3'!$A$4:$A$640&'ER C7 FLT3'!$B$4:$B$640-4,1),10),IF($O9=\"Class_6\",INDEX('ER C6 FLT3'!$A$4:$J$640,MATCH(DropData!$J49&$C9,'ER C6 FLT3'!$A$4:$A$640&'ER C6 FLT3'!$B$4:$B$640-4,1),10)))),IF($B9=\"2 Trucks\",IF(OR($O9=\"Class_8\",$N9=\"Replacement8HHD\",$AI9=\"CL7HHD\"),INDEX('ER C8 FLT2'!$A$4:$J$640,MATCH(DropData!$J49&$C9,'ER C8 FLT2'!$A$4:$A$640&'ER C8 FLT2'!$B$4:$B$640-4,1),10),IF($O9=\"Class_7\",INDEX('ER C7 FLT2'!$A$4:$J$640,MATCH(DropData!$J49&$C9,'ER C7 FLT2'!$A$4:$A$640&'ER C7 FLT2'!$B$4:$B$640-4,1),10),IF($O9=\"Class_6\",INDEX('ER C6 FLT2'!$A$4:$J$640,MATCH(DropData!$J49&$C9,'ER C6 FLT2'!$A$4:$A$640&'ER C6 FLT2'!$B$4:$B$640-4,1),10)))),IF($B9=\"1 Truck\",IF(OR($O9=\"Class_8\",$N9=\"Replacement8HHD\",$AI9=\"CL7HHD\"),INDEX('ER C8 FLT1'!$A$4:$J$640,MATCH(DropData!$J49&$C9,'ER C8 FLT1'!$A$4:$A$640&'ER C8 FLT1'!$B$4:$B$640-4,1),10),IF($O9=\"Class_7\",INDEX('ER C7 FLT1'!$A$4:$J$640,MATCH(DropData!$J49&$C9,'ER C7 FLT1'!$A$4:$A$640&'ER C7 FLT1'!$B$4:$B$640-4,1),10),IF($O9=\"Class_6\",INDEX('ER C6 FLT1'!$A$4:$J$640,MATCH(DropData!$J49&$C9,'ER C6 FLT1'!$A$4:$A$640&'ER C6 FLT1'!$B$4:$B$640-4,1),10))))))),IF($R9=\"Electric\",OFFSET(INDEX('ER Electric'!$A$6:$E$44,MATCH($C9&$O9,'ER Electric'!$A$6:$A$44&'ER Electric'!$B$6:$B$44,1),5),12,0)))","v":false},0,{"$f":"IF($B9=\"3+ Trucks\",IF($Z9=\"Class_8\",INDEX('ER C8 FLT3'!$A$4:$J$640,MATCH($W9&$C9,'ER C8 FLT3'!$A$4:$A$640&'ER C8 FLT3'!$B$4:$B$640,1),10),IF($Z9=\"Class_7\",INDEX('ER C7 FLT3'!$A$4:$J$640,MATCH($W9&$C9,'ER C7 FLT3'!$A$4:$A$640&'ER C7 FLT3'!$B$4:$B$640,1),10),IF($Z9=\"Class_6\",INDEX('ER C6 FLT3'!$A$4:$J$640,MATCH($W9&$C9,'ER C6 FLT3'!$A$4:$A$640&'ER C6 FLT3'!$B$4:$B$640,1),10)))),IF($B9=\"2 Trucks\",IF($Z9=\"Class_8\",INDEX('ER C8 FLT2'!$A$4:$J$640,MATCH($W9&$C9,'ER C8 FLT2'!$A$4:$A$640&'ER C8 FLT2'!$B$4:$B$640,1),10),IF($Z9=\"Class_7\",INDEX('ER C7 FLT2'!$A$4:$J$640,MATCH($W9&$C9,'ER C7 FLT2'!$A$4:$A$640&'ER C7 FLT2'!$B$4:$B$640,1),10),IF($Z9=\"Class_6\",INDEX('ER C6 FLT2'!$A$4:$J$640,MATCH($W9&$C9,'ER C6 FLT2'!$A$4:$A$640&'ER C6 FLT2'!$B$4:$B$640,1),10)))),IF($B9=\"1 Truck\",IF($Z9=\"Class_8\",INDEX('ER C8 FLT1'!$A$4:$J$640,MATCH($W9&$C9,'ER C8 FLT1'!$A$4:$A$640&'ER C8 FLT1'!$B$4:$B$640,1),10),IF($Z9=\"Class_7\",INDEX('ER C7 FLT1'!$A$4:$J$640,MATCH($W9&$C9,'ER C7 FLT1'!$A$4:$A$640&'ER C7 FLT1'!$B$4:$B$640,1),10)*IF($Z9=\"Class_7\",INDEX('ER C7 FLT1'!$A$4:$J$640,MATCH($W9&$C9,'ER C7 FLT1'!$A$4:$A$640&'ER C7 FLT1'!$B$4:$B$640,1),10)),IF($Z9=\"Class_6\",INDEX('ER C6 FLT1'!$A$4:$J$640,MATCH($W9&$C9,'ER C6 FLT1'!$A$4:$A$640&'ER C6 FLT1'!$B$4:$B$640,1),10)*IF($Z9=\"Class_6\",INDEX('ER C6 FLT1'!$A$4:$J$640,MATCH($W9&$C9,'ER C6 FLT1'!$A$4:$A$640&'ER C6 FLT1'!$B$4:$B$640,1),10))))))))*($AC9/453.6)","v":0},0,0,{"$f":"IF($B9=\"3+ Trucks\",IF($Z9=\"Class_8\",INDEX('ER C8 FLT3'!$A$4:$J$640,MATCH($W9&$C9,'ER C8 FLT3'!$A$4:$A$640&'ER C8 FLT3'!$B$4:$B$640-1,1),10),IF($Z9=\"Class_7\",INDEX('ER C7 FLT3'!$A$4:$J$640,MATCH($W9&$C9,'ER C7 FLT3'!$A$4:$A$640&'ER C7 FLT3'!$B$4:$B$640-1,1),10),IF($Z9=\"Class_6\",INDEX('ER C6 FLT3'!$A$4:$J$640,MATCH($W9&$C9,'ER C6 FLT3'!$A$4:$A$640&'ER C6 FLT3'!$B$4:$B$640-1,1),10)))),IF($B9=\"2 Trucks\",IF($Z9=\"Class_8\",INDEX('ER C8 FLT2'!$A$4:$J$640,MATCH($W9&$C9,'ER C8 FLT2'!$A$4:$A$640&'ER C8 FLT2'!$B$4:$B$640-1,1),10),IF($Z9=\"Class_7\",INDEX('ER C7 FLT2'!$A$4:$J$640,MATCH($W9&$C9,'ER C7 FLT2'!$A$4:$A$640&'ER C7 FLT2'!$B$4:$B$640-1,1),10),IF($Z9=\"Class_6\",INDEX('ER C6 FLT2'!$A$4:$J$640,MATCH($W9&$C9,'ER C6 FLT2'!$A$4:$A$640&'ER C6 FLT2'!$B$4:$B$640-1,1),10)))),IF($B9=\"1 Truck\",IF($Z9=\"Class_8\",INDEX('ER C8 FLT1'!$A$4:$J$640,MATCH($W9&$C9,'ER C8 FLT1'!$A$4:$A$640&'ER C8 FLT1'!$B$4:$B$640-1,1),10),IF($Z9=\"Class_7\",INDEX('ER C7 FLT1'!$A$4:$J$640,MATCH($W9&$C9,'ER C7 FLT1'!$A$4:$A$640&'ER C7 FLT1'!$B$4:$B$640-1,1),10)*IF($Z9=\"Class_7\",INDEX('ER C7 FLT1'!$A$4:$J$640,MATCH($W9&$C9,'ER C7 FLT1'!$A$4:$A$640&'ER C7 FLT1'!$B$4:$B$640-1,1),10)),IF($Z9=\"Class_6\",INDEX('ER C6 FLT1'!$A$4:$J$640,MATCH($W9&$C9,'ER C6 FLT1'!$A$4:$A$640&'ER C6 FLT1'!$B$4:$B$640-1,1),10)*IF($Z9=\"Class_6\",INDEX('ER C6 FLT1'!$A$4:$J$640,MATCH($W9&$C9,'ER C6 FLT1'!$A$4:$A$640&'ER C6 FLT1'!$B$4:$B$640-1,1),10))))))))*($AC9/453.6)","v":0},0,0,{"$f":"IF($B9=\"3+ Trucks\",IF($Z9=\"Class_8\",INDEX('ER C8 FLT3'!$A$4:$J$640,MATCH($W9&$C9,'ER C8 FLT3'!$A$4:$A$640&'ER C8 FLT3'!$B$4:$B$640-2,1),10),IF($Z9=\"Class_7\",INDEX('ER C7 FLT3'!$A$4:$J$640,MATCH($W9&$C9,'ER C7 FLT3'!$A$4:$A$640&'ER C7 FLT3'!$B$4:$B$640-2,1),10),IF($Z9=\"Class_6\",INDEX('ER C6 FLT3'!$A$4:$J$640,MATCH($W9&$C9,'ER C6 FLT3'!$A$4:$A$640&'ER C6 FLT3'!$B$4:$B$640-2,1),10)))),IF($B9=\"2 Trucks\",IF($Z9=\"Class_8\",INDEX('ER C8 FLT2'!$A$4:$J$640,MATCH($W9&$C9,'ER C8 FLT2'!$A$4:$A$640&'ER C8 FLT2'!$B$4:$B$640-2,1),10),IF($Z9=\"Class_7\",INDEX('ER C7 FLT2'!$A$4:$J$640,MATCH($W9&$C9,'ER C7 FLT2'!$A$4:$A$640&'ER C7 FLT2'!$B$4:$B$640-2,1),10),IF($Z9=\"Class_6\",INDEX('ER C6 FLT2'!$A$4:$J$640,MATCH($W9&$C9,'ER C6 FLT2'!$A$4:$A$640&'ER C6 FLT2'!$B$4:$B$640-2,1),10)))),IF($B9=\"1 Truck\",IF($Z9=\"Class_8\",INDEX('ER C8 FLT1'!$A$4:$J$640,MATCH($W9&$C9,'ER C8 FLT1'!$A$4:$A$640&'ER C8 FLT1'!$B$4:$B$640-2,1),10),IF($Z9=\"Class_7\",INDEX('ER C7 FLT1'!$A$4:$J$640,MATCH($W9&$C9,'ER C7 FLT1'!$A$4:$A$640&'ER C7 FLT1'!$B$4:$B$640-2,1),10)*IF($Z9=\"Class_7\",INDEX('ER C7 FLT1'!$A$4:$J$640,MATCH($W9&$C9,'ER C7 FLT1'!$A$4:$A$640&'ER C7 FLT1'!$B$4:$B$640-2,1),10)),IF($Z9=\"Class_6\",INDEX('ER C6 FLT1'!$A$4:$J$640,MATCH($W9&$C9,'ER C6 FLT1'!$A$4:$A$640&'ER C6 FLT1'!$B$4:$B$640-2,1),10)*IF($Z9=\"Class_6\",INDEX('ER C6 FLT1'!$A$4:$J$640,MATCH($W9&$C9,'ER C6 FLT1'!$A$4:$A$640&'ER C6 FLT1'!$B$4:$B$640-2,1),10))))))))*($AC9/453.6)","v":0},0,0,{"$f":"IF($B9=\"3+ Trucks\",IF($Z9=\"Class_8\",INDEX('ER C8 FLT3'!$A$4:$J$640,MATCH($W9&$C9,'ER C8 FLT3'!$A$4:$A$640&'ER C8 FLT3'!$B$4:$B$640-3,1),10),IF($Z9=\"Class_7\",INDEX('ER C7 FLT3'!$A$4:$J$640,MATCH($W9&$C9,'ER C7 FLT3'!$A$4:$A$640&'ER C7 FLT3'!$B$4:$B$640-3,1),10),IF($Z9=\"Class_6\",INDEX('ER C6 FLT3'!$A$4:$J$640,MATCH($W9&$C9,'ER C6 FLT3'!$A$4:$A$640&'ER C6 FLT3'!$B$4:$B$640-3,1),10)))),IF($B9=\"2 Trucks\",IF($Z9=\"Class_8\",INDEX('ER C8 FLT2'!$A$4:$J$640,MATCH($W9&$C9,'ER C8 FLT2'!$A$4:$A$640&'ER C8 FLT2'!$B$4:$B$640-3,1),10),IF($Z9=\"Class_7\",INDEX('ER C7 FLT2'!$A$4:$J$640,MATCH($W9&$C9,'ER C7 FLT2'!$A$4:$A$640&'ER C7 FLT2'!$B$4:$B$640-3,1),10),IF($Z9=\"Class_6\",INDEX('ER C6 FLT2'!$A$4:$J$640,MATCH($W9&$C9,'ER C6 FLT2'!$A$4:$A$640&'ER C6 FLT2'!$B$4:$B$640-3,1),10)))),IF($B9=\"1 Truck\",IF($Z9=\"Class_8\",INDEX('ER C8 FLT1'!$A$4:$J$640,MATCH($W9&$C9,'ER C8 FLT1'!$A$4:$A$640&'ER C8 FLT1'!$B$4:$B$640-3,1),10),IF($Z9=\"Class_7\",INDEX('ER C7 FLT1'!$A$4:$J$640,MATCH($W9&$C9,'ER C7 FLT1'!$A$4:$A$640&'ER C7 FLT1'!$B$4:$B$640-3,1),10)*IF($Z9=\"Class_7\",INDEX('ER C7 FLT1'!$A$4:$J$640,MATCH($W9&$C9,'ER C7 FLT1'!$A$4:$A$640&'ER C7 FLT1'!$B$4:$B$640-3,1),10)),IF($Z9=\"Class_6\",INDEX('ER C6 FLT1'!$A$4:$J$640,MATCH($W9&$C9,'ER C6 FLT1'!$A$4:$A$640&'ER C6 FLT1'!$B$4:$B$640-3,1),10)*IF($Z9=\"Class_6\",INDEX('ER C6 FLT1'!$A$4:$J$640,MATCH($W9&$C9,'ER C6 FLT1'!$A$4:$A$640&'ER C6 FLT1'!$B$4:$B$640-3,1),10))))))))*($AC9/453.6)","v":0},0,0,{"$f":"IF($B9=\"3+ Trucks\",IF($Z9=\"Class_8\",INDEX('ER C8 FLT3'!$A$4:$J$640,MATCH($W9&$C9,'ER C8 FLT3'!$A$4:$A$640&'ER C8 FLT3'!$B$4:$B$640-4,1),10),IF($Z9=\"Class_7\",INDEX('ER C7 FLT3'!$A$4:$J$640,MATCH($W9&$C9,'ER C7 FLT3'!$A$4:$A$640&'ER C7 FLT3'!$B$4:$B$640-4,1),10),IF($Z9=\"Class_6\",INDEX('ER C6 FLT3'!$A$4:$J$640,MATCH($W9&$C9,'ER C6 FLT3'!$A$4:$A$640&'ER C6 FLT3'!$B$4:$B$640-4,1),10)))),IF($B9=\"2 Trucks\",IF($Z9=\"Class_8\",INDEX('ER C8 FLT2'!$A$4:$J$640,MATCH($W9&$C9,'ER C8 FLT2'!$A$4:$A$640&'ER C8 FLT2'!$B$4:$B$640-4,1),10),IF($Z9=\"Class_7\",INDEX('ER C7 FLT2'!$A$4:$J$640,MATCH($W9&$C9,'ER C7 FLT2'!$A$4:$A$640&'ER C7 FLT2'!$B$4:$B$640-4,1),10),IF($Z9=\"Class_6\",INDEX('ER C6 FLT2'!$A$4:$J$640,MATCH($W9&$C9,'ER C6 FLT2'!$A$4:$A$640&'ER C6 FLT2'!$B$4:$B$640-4,1),10)))),IF($B9=\"1 Truck\",IF($Z9=\"Class_8\",INDEX('ER C8 FLT1'!$A$4:$J$640,MATCH($W9&$C9,'ER C8 FLT1'!$A$4:$A$640&'ER C8 FLT1'!$B$4:$B$640-4,1),10),IF($Z9=\"Class_7\",INDEX('ER C7 FLT1'!$A$4:$J$640,MATCH($W9&$C9,'ER C7 FLT1'!$A$4:$A$640&'ER C7 FLT1'!$B$4:$B$640-4,1),10)*IF($Z9=\"Class_7\",INDEX('ER C7 FLT1'!$A$4:$J$640,MATCH($W9&$C9,'ER C7 FLT1'!$A$4:$A$640&'ER C7 FLT1'!$B$4:$B$640-4,1),10)),IF($Z9=\"Class_6\",INDEX('ER C6 FLT1'!$A$4:$J$640,MATCH($W9&$C9,'ER C6 FLT1'!$A$4:$A$640&'ER C6 FLT1'!$B$4:$B$640-4,1),10)*IF($Z9=\"Class_6\",INDEX('ER C6 FLT1'!$A$4:$J$640,MATCH($W9&$C9,'ER C6 FLT1'!$A$4:$A$640&'ER C6 FLT1'!$B$4:$B$640-4,1),10))))))))*($AC9/453.6)","v":0},0,0]
[{"$f":"'Input data'!A8","v":"project 4"},{"$f":"'Input data'!B8","v":0},{"$f":"'Input data'!C8","v":0},{"$f":"'Input data'!D8","v":0},{"$f":"'Input data'!E8","v":0},{"$f":"'Input data'!F8","v":0},{"$f":"'Input data'!G8","v":0},{"$f":"'Input data'!H8","v":""},{"$f":"'Input data'!I8","v":0},{"$f":"'Input data'!J8","v":0},{"$f":"'Input data'!K8","v":0},{"$f":"'Input data'!AK8","v":false},{"$f":"'Input data'!M8","v":0},{"$f":"'Input data'!AJ8","v":0},{"$f":"'Input data'!L8","v":0},{"$f":"'Input data'!N8","v":0},{"$f":"'Input data'!O8","v":0},{"$f":"'Input data'!P8","v":0},{"$f":"'Input data'!Q8","v":0},{"$f":"'Input data'!R8","v":"0"},{"$f":"'Input data'!$S8","v":"No"},{"$f":"'Input data'!T8","v":"No"},{"$f":"'Input data'!U8","v":0},{"$f":"'Input data'!V8","v":0},{"$f":"'Input data'!W8","v":0},{"$f":"'Input data'!X8","v":""},{"$f":"'Input data'!Y8","v":0},{"$f":"'Input data'!Z8","v":0},{"$f":"'Input data'!AA8","v":0},null,null,{"$f":"'Input data'!AD8","v":0},{"$f":"'Input data'!AE8","v":false},{"$f":"'Input data'!AF8","v":false},{"$f":"'Input data'!AG8","v":false},{"$f":"'Input data'!AH8","v":false},null,{"$f":"IF($B10=\"3+ Trucks\",IF(OR($H10=\"Class_8\",$N10=\"Replacement8HHD\",$AH10=\"CL7HHD\",$AJ10=\"CL7to8\"),INDEX('ER C8 FLT3'!$A$4:$J$640,MATCH($E10&$C10,'ER C8 FLT3'!$A$4:$A$640&'ER C8 FLT3'!$B$4:$B$640,1),8)*IF(OR($H10=\"Class_8\",$N10=\"Replacement8HHD\",$AH10=\"CL7HHD\",$AJ10=\"CL7to8\"),INDEX('ER C8 FLT3'!$A$4:$J$640,MATCH($E10&$C10,'ER C8 FLT3'!$A$4:$A$640&'ER C8 FLT3'!$B$4:$B$640,1),9)),IF($H10=\"Class_7\",INDEX('ER C7 FLT3'!$A$4:$J$640,MATCH($E10&$C10,'ER C7 FLT3'!$A$4:$A$640&'ER C7 FLT3'!$B$4:$B$640,1),8)*IF($H10=\"Class_7\",INDEX('ER C7 FLT3'!$A$4:$J$640,MATCH($E10&$C10,'ER C7 FLT3'!$A$4:$A$640&'ER C7 FLT3'!$B$4:$B$640,1),9)),\nIF($H10=\"Class_6\",INDEX('ER C6 FLT3'!$A$4:$J$640,MATCH($E10&$C10,'ER C6 FLT3'!$A$4:$A$640&'ER C6 FLT3'!$B$4:$B$640,1),8)*IF($H10=\"Class_6\",INDEX('ER C6 FLT3'!$A$4:$L$640,MATCH($E10&$C10,'ER C6 FLT3'!$A$4:$A$640&'ER C6 FLT3'!$B$4:$B$640,1),9))))),IF($B10=\"2 Trucks\",IF(OR($H10=\"Class_8\",$N10=\"Replacement8HHD\",$AH10=\"CL7HHD\",$AJ10=\"CL7to8\"),INDEX('ER C8 FLT2'!$A$4:$J$640,MATCH($E10&$C10,'ER C8 FLT2'!$A$4:$A$640&'ER C8 FLT2'!$B$4:$B$640,1),8)*IF(OR($H10=\"Class_8\",$N10=\"Replacement8HHD\",$AH10=\"CL7HHD\",$AJ10=\"CL7to8\"),INDEX('ER C8 FLT2'!$A$4:$J$640,MATCH($E10&$C10,'ER C8 FLT2'!$A$4:$A$640&'ER C8 FLT2'!$B$4:$B$640,1),9)),IF($H10=\"Class_7\",INDEX('ER C7 FLT2'!$A$4:$J$640,MATCH($E10&$C10,'ER C7 FLT2'!$A$4:$A$640&'ER C7 FLT2'!$B$4:$B$640,1),8)*IF($H10=\"Class_7\",INDEX('ER C7 FLT2'!$A$4:$J$640,MATCH($E10&$C10,'ER C7 FLT2'!$A$4:$A$640&'ER C7 FLT2'!$B$4:$B$640,1),9)),IF($H10=\"Class_6\",INDEX('ER C6 FLT2'!$A$4:$J$640,MATCH($E10&$C10,'ER C6 FLT2'!$A$4:$A$640&'ER C6 FLT2'!$B$4:$B$640,1),8)*IF($H10=\"Class_6\",INDEX('ER C6 FLT2'!$A$4:$J$640,MATCH($E10&$C10,'ER C6 FLT2'!$A$4:$A$640&'ER C6 FLT2'!$B$4:$B$640,1),9))))),IF($B10=\"1 Truck\",\nIF(OR($H10=\"Class_8\",$N10=\"Replacement8HHD\",$AH10=\"CL7HHD\",$AJ10=\"CL7to8\"),INDEX('ER C8 FLT1'!$A$4:$J$640,MATCH($E10&$C10,'ER C8 FLT1'!$A$4:$A$640&'ER C8 FLT1'!$B$4:$B$640,1),8)*IF(OR($H10=\"Class_8\",$N10=\"Replacement8HHD\",$AH10=\"CL7HHD\",$AJ10=\"CL7to8\"),INDEX('ER C8 FLT1'!$A$4:$J$640,MATCH($E10&$C10,'ER C8 FLT1'!$A$4:$A$640&'ER C8 FLT1'!$B$4:$B$640,1),9)),IF($H10=\"Class_7\",INDEX('ER C7 FLT1'!$A$4:$J$640,MATCH($E10&$C10,'ER C7 FLT1'!$A$4:$A$640&'ER C7 FLT1'!$B$4:$B$640,1),8)*IF($H10=\"Class_7\",INDEX('ER C7 FLT1'!$A$4:$J$640,MATCH($E10&$C10,'ER C7 FLT1'!$A$4:$A$640&'ER C7 FLT1'!$B$4:$B$640,1),9)),\nIF($H10=\"Class_6\",INDEX('ER C6 FLT1'!$A$4:$J$640,MATCH($E10&$C10,'ER C6 FLT1'!$A$4:$A$640&'ER C6 FLT1'!$B$4:$B$640,1),8)*IF($H10=\"Class_6\",INDEX('ER C6 FLT1'!$A$4:$J$640,MATCH($E10&$C10,'ER C6 FLT1'!$A$4:$A$640&'ER C6 FLT1'!$B$4:$B$640,1),9))))))))*IF($F10=\"Level 1 PM\",0.75,IF($F10=\"Level 2 PM\",0.5,IF($F10=\"Level 3 PM\",0,IF($F10=\"Level 3 PM + Mark I NOx\",0,1))))*($Q10/453.6)","v":0},{"$f":"IF($B10=\"3+ Trucks\",IF(OR($H10=\"Class_8\",$N10=\"Replacement8HHD\",$AH10=\"CL7HHD\",$AJ10=\"CL7to8\"),INDEX('ER C8 FLT3'!$A$4:$J$640,MATCH($E10&$C10,'ER C8 FLT3'!$A$4:$A$640&'ER C8 FLT3'!$B$4:$B$640-1,1),8)*IF(OR($H10=\"Class_8\",$N10=\"Replacement8HHD\",$AH10=\"CL7HHD\",$AJ10=\"CL7to8\"),INDEX('ER C8 FLT3'!$A$4:$J$640,MATCH($E10&$C10,'ER C8 FLT3'!$A$4:$A$640&'ER C8 FLT3'!$B$4:$B$640-1,1),9)),IF($H10=\"Class_7\",INDEX('ER C7 FLT3'!$A$4:$J$640,MATCH($E10&$C10,'ER C7 FLT3'!$A$4:$A$640&'ER C7 FLT3'!$B$4:$B$640-1,1),8)*IF($H10=\"Class_7\",INDEX('ER C7 FLT3'!$A$4:$J$640,MATCH($E10&$C10,'ER C7 FLT3'!$A$4:$A$640&'ER C7 FLT3'!$B$4:$B$640-1,1),9)),\nIF($H10=\"Class_6\",INDEX('ER C6 FLT3'!$A$4:$J$640,MATCH($E10&$C10,'ER C6 FLT3'!$A$4:$A$640&'ER C6 FLT3'!$B$4:$B$640-1,1),8)*IF($H10=\"Class_6\",INDEX('ER C6 FLT3'!$A$4:$L$640,MATCH($E10&$C10,'ER C6 FLT3'!$A$4:$A$640&'ER C6 FLT3'!$B$4:$B$640-1,1),9))))),IF($B10=\"2 Trucks\",IF(OR($H10=\"Class_8\",$N10=\"Replacement8HHD\",$AH10=\"CL7HHD\",$AJ10=\"CL7to8\"),INDEX('ER C8 FLT2'!$A$4:$J$640,MATCH($E10&$C10,'ER C8 FLT2'!$A$4:$A$640&'ER C8 FLT2'!$B$4:$B$640-1,1),8)*IF(OR($H10=\"Class_8\",$N10=\"Replacement8HHD\",$AH10=\"CL7HHD\",$AJ10=\"CL7to8\"),INDEX('ER C8 FLT2'!$A$4:$J$640,MATCH($E10&$C10,'ER C8 FLT2'!$A$4:$A$640&'ER C8 FLT2'!$B$4:$B$640-1,1),9)),IF($H10=\"Class_7\",INDEX('ER C7 FLT2'!$A$4:$J$640,MATCH($E10&$C10,'ER C7 FLT2'!$A$4:$A$640&'ER C7 FLT2'!$B$4:$B$640-1,1),8)*IF($H10=\"Class_7\",INDEX('ER C7 FLT2'!$A$4:$J$640,MATCH($E10&$C10,'ER C7 FLT2'!$A$4:$A$640&'ER C7 FLT2'!$B$4:$B$640-1,1),9)),IF($H10=\"Class_6\",INDEX('ER C6 FLT2'!$A$4:$J$640,MATCH($E10&$C10,'ER C6 FLT2'!$A$4:$A$640&'ER C6 FLT2'!$B$4:$B$640-1,1),8)*IF($H10=\"Class_6\",INDEX('ER C6 FLT2'!$A$4:$J$640,MATCH($E10&$C10,'ER C6 FLT2'!$A$4:$A$640&'ER C6 FLT2'!$B$4:$B$640-1,1),9))))),IF($B10=\"1 Truck\",\nIF(OR($H10=\"Class_8\",$N10=\"Replacement8HHD\",$AH10=\"CL7HHD\",$AJ10=\"CL7to8\"),INDEX('ER C8 FLT1'!$A$4:$J$640,MATCH($E10&$C10,'ER C8 FLT1'!$A$4:$A$640&'ER C8 FLT1'!$B$4:$B$640-1,1),8)*IF(OR($H10=\"Class_8\",$N10=\"Replacement8HHD\",$AH10=\"CL7HHD\",$AJ10=\"CL7to8\"),INDEX('ER C8 FLT1'!$A$4:$J$640,MATCH($E10&$C10,'ER C8 FLT1'!$A$4:$A$640&'ER C8 FLT1'!$B$4:$B$640-1,1),9)),IF($H10=\"Class_7\",INDEX('ER C7 FLT1'!$A$4:$J$640,MATCH($E10&$C10,'ER C7 FLT1'!$A$4:$A$640&'ER C7 FLT1'!$B$4:$B$640-1,1),8)*IF($H10=\"Class_7\",INDEX('ER C7 FLT1'!$A$4:$J$640,MATCH($E10&$C10,'ER C7 FLT1'!$A$4:$A$640&'ER C7 FLT1'!$B$4:$B$640-1,1),9)),\nIF($H10=\"Class_6\",INDEX('ER C6 FLT1'!$A$4:$J$640,MATCH($E10&$C10,'ER C6 FLT1'!$A$4:$A$640&'ER C6 FLT1'!$B$4:$B$640-1,1),8)*IF($H10=\"Class_6\",INDEX('ER C6 FLT1'!$A$4:$J$640,MATCH($E10&$C10,'ER C6 FLT1'!$A$4:$A$640&'ER C6 FLT1'!$B$4:$B$640-1,1),9))))))))*IF($F10=\"Level 1 PM\",0.75,IF($F10=\"Level 2 PM\",0.5,IF($F10=\"Level 3 PM\",0,IF($F10=\"Level 3 PM + Mark I NOx\",0,1))))*($Q10/453.6)","v":0},{"$f":"IF($B10=\"3+ Trucks\",IF(OR($H10=\"Class_8\",$N10=\"Replacement8HHD\",$AH10=\"CL7HHD\",$AJ10=\"CL7to8\"),INDEX('ER C8 FLT3'!$A$4:$J$640,MATCH($E10&$C10,'ER C8 FLT3'!$A$4:$A$640&'ER C8 FLT3'!$B$4:$B$640-2,1),8)*IF(OR($H10=\"Class_8\",$N10=\"Replacement8HHD\",$AH10=\"CL7HHD\",$AJ10=\"CL7to8\"),INDEX('ER C8 FLT3'!$A$4:$J$640,MATCH($E10&$C10,'ER C8 FLT3'!$A$4:$A$640&'ER C8 FLT3'!$B$4:$B$640-2,1),9)),IF($H10=\"Class_7\",INDEX('ER C7 FLT3'!$A$4:$J$640,MATCH($E10&$C10,'ER C7 FLT3'!$A$4:$A$640&'ER C7 FLT3'!$B$4:$B$640-2,1),8)*IF($H10=\"Class_7\",INDEX('ER C7 FLT3'!$A$4:$J$640,MATCH($E10&$C10,'ER C7 FLT3'!$A$4:$A$640&'ER C7 FLT3'!$B$4:$B$640-2,1),9)),\nIF($H10=\"Class_6\",INDEX('ER C6 FLT3'!$A$4:$J$640,MATCH($E10&$C10,'ER C6 FLT3'!$A$4:$A$640&'ER C6 FLT3'!$B$4:$B$640-2,1),8)*IF($H10=\"Class_6\",INDEX('ER C6 FLT3'!$A$4:$L$640,MATCH($E10&$C10,'ER C6 FLT3'!$A$4:$A$640&'ER C6 FLT3'!$B$4:$B$640-2,1),9))))),IF($B10=\"2 Trucks\",IF(OR($H10=\"Class_8\",$N10=\"Replacement8HHD\",$AH10=\"CL7HHD\",$AJ10=\"CL7to8\"),INDEX('ER C8 FLT2'!$A$4:$J$640,MATCH($E10&$C10,'ER C8 FLT2'!$A$4:$A$640&'ER C8 FLT2'!$B$4:$B$640-2,1),8)*IF(OR($H10=\"Class_8\",$N10=\"Replacement8HHD\",$AH10=\"CL7HHD\",$AJ10=\"CL7to8\"),INDEX('ER C8 FLT2'!$A$4:$J$640,MATCH($E10&$C10,'ER C8 FLT2'!$A$4:$A$640&'ER C8 FLT2'!$B$4:$B$640-2,1),9)),IF($H10=\"Class_7\",INDEX('ER C7 FLT2'!$A$4:$J$640,MATCH($E10&$C10,'ER C7 FLT2'!$A$4:$A$640&'ER C7 FLT2'!$B$4:$B$640-2,1),8)*IF($H10=\"Class_7\",INDEX('ER C7 FLT2'!$A$4:$J$640,MATCH($E10&$C10,'ER C7 FLT2'!$A$4:$A$640&'ER C7 FLT2'!$B$4:$B$640-2,1),9)),IF($H10=\"Class_6\",INDEX('ER C6 FLT2'!$A$4:$J$640,MATCH($E10&$C10,'ER C6 FLT2'!$A$4:$A$640&'ER C6 FLT2'!$B$4:$B$640-2,1),8)*IF($H10=\"Class_6\",INDEX('ER C6 FLT2'!$A$4:$J$640,MATCH($E10&$C10,'ER C6 FLT2'!$A$4:$A$640&'ER C6 FLT2'!$B$4:$B$640-2,1),9))))),IF($B10=\"1 Truck\",\nIF(OR($H10=\"Class_8\",$N10=\"Replacement8HHD\",$AH10=\"CL7HHD\",$AJ10=\"CL7to8\"),INDEX('ER C8 FLT1'!$A$4:$J$640,MATCH($E10&$C10,'ER C8 FLT1'!$A$4:$A$640&'ER C8 FLT1'!$B$4:$B$640-2,1),8)*IF(OR($H10=\"Class_8\",$N10=\"Replacement8HHD\",$AH10=\"CL7HHD\",$AJ10=\"CL7to8\"),INDEX('ER C8 FLT1'!$A$4:$J$640,MATCH($E10&$C10,'ER C8 FLT1'!$A$4:$A$640&'ER C8 FLT1'!$B$4:$B$640-2,1),9)),IF($H10=\"Class_7\",INDEX('ER C7 FLT1'!$A$4:$J$640,MATCH($E10&$C10,'ER C7 FLT1'!$A$4:$A$640&'ER C7 FLT1'!$B$4:$B$640-2,1),8)*IF($H10=\"Class_7\",INDEX('ER C7 FLT1'!$A$4:$J$640,MATCH($E10&$C10,'ER C7 FLT1'!$A$4:$A$640&'ER C7 FLT1'!$B$4:$B$640-2,1),9)),\nIF($H10=\"Class_6\",INDEX('ER C6 FLT1'!$A$4:$J$640,MATCH($E10&$C10,'ER C6 FLT1'!$A$4:$A$640&'ER C6 FLT1'!$B$4:$B$640-2,1),8)*IF($H10=\"Class_6\",INDEX('ER C6 FLT1'!$A$4:$J$640,MATCH($E10&$C10,'ER C6 FLT1'!$A$4:$A$640&'ER C6 FLT1'!$B$4:$B$640-2,1),9))))))))*IF($F10=\"Level 1 PM\",0.75,IF($F10=\"Level 2 PM\",0.5,IF($F10=\"Level 3 PM\",0,IF($F10=\"Level 3 PM + Mark I NOx\",0,1))))*($Q10/453.6)","v":0},{"$f":"IF($B10=\"3+ Trucks\",IF(OR($H10=\"Class_8\",$N10=\"Replacement8HHD\",$AH10=\"CL7HHD\",$AJ10=\"CL7to8\"),INDEX('ER C8 FLT3'!$A$4:$J$640,MATCH($E10&$C10,'ER C8 FLT3'!$A$4:$A$640&'ER C8 FLT3'!$B$4:$B$640-3,1),8)*IF(OR($H10=\"Class_8\",$N10=\"Replacement8HHD\",$AH10=\"CL7HHD\",$AJ10=\"CL7to8\"),INDEX('ER C8 FLT3'!$A$4:$J$640,MATCH($E10&$C10,'ER C8 FLT3'!$A$4:$A$640&'ER C8 FLT3'!$B$4:$B$640-3,1),9)),IF($H10=\"Class_7\",INDEX('ER C7 FLT3'!$A$4:$J$640,MATCH($E10&$C10,'ER C7 FLT3'!$A$4:$A$640&'ER C7 FLT3'!$B$4:$B$640-3,1),8)*IF($H10=\"Class_7\",INDEX('ER C7 FLT3'!$A$4:$J$640,MATCH($E10&$C10,'ER C7 FLT3'!$A$4:$A$640&'ER C7 FLT3'!$B$4:$B$640-3,1),9)),\nIF($H10=\"Class_6\",INDEX('ER C6 FLT3'!$A$4:$J$640,MATCH($E10&$C10,'ER C6 FLT3'!$A$4:$A$640&'ER C6 FLT3'!$B$4:$B$640-3,1),8)*IF($H10=\"Class_6\",INDEX('ER C6 FLT3'!$A$4:$L$640,MATCH($E10&$C10,'ER C6 FLT3'!$A$4:$A$640&'ER C6 FLT3'!$B$4:$B$640-3,1),9))))),IF($B10=\"2 Trucks\",IF(OR($H10=\"Class_8\",$N10=\"Replacement8HHD\",$AH10=\"CL7HHD\",$AJ10=\"CL7to8\"),INDEX('ER C8 FLT2'!$A$4:$J$640,MATCH($E10&$C10,'ER C8 FLT2'!$A$4:$A$640&'ER C8 FLT2'!$B$4:$B$640-3,1),8)*IF(OR($H10=\"Class_8\",$N10=\"Replacement8HHD\",$AH10=\"CL7HHD\",$AJ10=\"CL7to8\"),INDEX('ER C8 FLT2'!$A$4:$J$640,MATCH($E10&$C10,'ER C8 FLT2'!$A$4:$A$640&'ER C8 FLT2'!$B$4:$B$640-3,1),9)),IF($H10=\"Class_7\",INDEX('ER C7 FLT2'!$A$4:$J$640,MATCH($E10&$C10,'ER C7 FLT2'!$A$4:$A$640&'ER C7 FLT2'!$B$4:$B$640-3,1),8)*IF($H10=\"Class_7\",INDEX('ER C7 FLT2'!$A$4:$J$640,MATCH($E10&$C10,'ER C7 FLT2'!$A$4:$A$640&'ER C7 FLT2'!$B$4:$B$640-3,1),9)),IF($H10=\"Class_6\",INDEX('ER C6 FLT2'!$A$4:$J$640,MATCH($E10&$C10,'ER C6 FLT2'!$A$4:$A$640&'ER C6 FLT2'!$B$4:$B$640-3,1),8)*IF($H10=\"Class_6\",INDEX('ER C6 FLT2'!$A$4:$J$640,MATCH($E10&$C10,'ER C6 FLT2'!$A$4:$A$640&'ER C6 FLT2'!$B$4:$B$640-3,1),9))))),IF($B10=\"1 Truck\",\nIF(OR($H10=\"Class_8\",$N10=\"Replacement8HHD\",$AH10=\"CL7HHD\",$AJ10=\"CL7to8\"),INDEX('ER C8 FLT1'!$A$4:$J$640,MATCH($E10&$C10,'ER C8 FLT1'!$A$4:$A$640&'ER C8 FLT1'!$B$4:$B$640-3,1),8)*IF(OR($H10=\"Class_8\",$N10=\"Replacement8HHD\",$AH10=\"CL7HHD\",$AJ10=\"CL7to8\"),INDEX('ER C8 FLT1'!$A$4:$J$640,MATCH($E10&$C10,'ER C8 FLT1'!$A$4:$A$640&'ER C8 FLT1'!$B$4:$B$640-3,1),9)),IF($H10=\"Class_7\",INDEX('ER C7 FLT1'!$A$4:$J$640,MATCH($E10&$C10,'ER C7 FLT1'!$A$4:$A$640&'ER C7 FLT1'!$B$4:$B$640-3,1),8)*IF($H10=\"Class_7\",INDEX('ER C7 FLT1'!$A$4:$J$640,MATCH($E10&$C10,'ER C7 FLT1'!$A$4:$A$640&'ER C7 FLT1'!$B$4:$B$640-3,1),9)),\nIF($H10=\"Class_6\",INDEX('ER C6 FLT1'!$A$4:$J$640,MATCH($E10&$C10,'ER C6 FLT1'!$A$4:$A$640&'ER C6 FLT1'!$B$4:$B$640-3,1),8)*IF($H10=\"Class_6\",INDEX('ER C6 FLT1'!$A$4:$J$640,MATCH($E10&$C10,'ER C6 FLT1'!$A$4:$A$640&'ER C6 FLT1'!$B$4:$B$640-3,1),9))))))))*IF($F10=\"Level 1 PM\",0.75,IF($F10=\"Level 2 PM\",0.5,IF($F10=\"Level 3 PM\",0,IF($F10=\"Level 3 PM + Mark I NOx\",0,1))))*($Q10/453.6)","v":0},{"$f":"IF($B10=\"3+ Trucks\",IF(OR($H10=\"Class_8\",$N10=\"Replacement8HHD\",$AH10=\"CL7HHD\",$AJ10=\"CL7to8\"),INDEX('ER C8 FLT3'!$A$4:$J$640,MATCH($E10&$C10,'ER C8 FLT3'!$A$4:$A$640&'ER C8 FLT3'!$B$4:$B$640-4,1),8)*IF(OR($H10=\"Class_8\",$N10=\"Replacement8HHD\",$AH10=\"CL7HHD\",$AJ10=\"CL7to8\"),INDEX('ER C8 FLT3'!$A$4:$J$640,MATCH($E10&$C10,'ER C8 FLT3'!$A$4:$A$640&'ER C8 FLT3'!$B$4:$B$640-4,1),9)),IF($H10=\"Class_7\",INDEX('ER C7 FLT3'!$A$4:$J$640,MATCH($E10&$C10,'ER C7 FLT3'!$A$4:$A$640&'ER C7 FLT3'!$B$4:$B$640-4,1),8)*IF($H10=\"Class_7\",INDEX('ER C7 FLT3'!$A$4:$J$640,MATCH($E10&$C10,'ER C7 FLT3'!$A$4:$A$640&'ER C7 FLT3'!$B$4:$B$640-4,1),9)),\nIF($H10=\"Class_6\",INDEX('ER C6 FLT3'!$A$4:$J$640,MATCH($E10&$C10,'ER C6 FLT3'!$A$4:$A$640&'ER C6 FLT3'!$B$4:$B$640-4,1),8)*IF($H10=\"Class_6\",INDEX('ER C6 FLT3'!$A$4:$L$640,MATCH($E10&$C10,'ER C6 FLT3'!$A$4:$A$640&'ER C6 FLT3'!$B$4:$B$640-4,1),9))))),IF($B10=\"2 Trucks\",IF(OR($H10=\"Class_8\",$N10=\"Replacement8HHD\",$AH10=\"CL7HHD\",$AJ10=\"CL7to8\"),INDEX('ER C8 FLT2'!$A$4:$J$640,MATCH($E10&$C10,'ER C8 FLT2'!$A$4:$A$640&'ER C8 FLT2'!$B$4:$B$640-4,1),8)*IF(OR($H10=\"Class_8\",$N10=\"Replacement8HHD\",$AH10=\"CL7HHD\",$AJ10=\"CL7to8\"),INDEX('ER C8 FLT2'!$A$4:$J$640,MATCH($E10&$C10,'ER C8 FLT2'!$A$4:$A$640&'ER C8 FLT2'!$B$4:$B$640-4,1),9)),IF($H10=\"Class_7\",INDEX('ER C7 FLT2'!$A$4:$J$640,MATCH($E10&$C10,'ER C7 FLT2'!$A$4:$A$640&'ER C7 FLT2'!$B$4:$B$640-4,1),8)*IF($H10=\"Class_7\",INDEX('ER C7 FLT2'!$A$4:$J$640,MATCH($E10&$C10,'ER C7 FLT2'!$A$4:$A$640&'ER C7 FLT2'!$B$4:$B$640-4,1),9)),IF($H10=\"Class_6\",INDEX('ER C6 FLT2'!$A$4:$J$640,MATCH($E10&$C10,'ER C6 FLT2'!$A$4:$A$640&'ER C6 FLT2'!$B$4:$B$640-4,1),8)*IF($H10=\"Class_6\",INDEX('ER C6 FLT2'!$A$4:$J$640,MATCH($E10&$C10,'ER C6 FLT2'!$A$4:$A$640&'ER C6 FLT2'!$B$4:$B$640-4,1),9))))),IF($B10=\"1 Truck\",\nIF(OR($H10=\"Class_8\",$N10=\"Replacement8HHD\",$AH10=\"CL7HHD\",$AJ10=\"CL7to8\"),INDEX('ER C8 FLT1'!$A$4:$J$640,MATCH($E10&$C10,'ER C8 FLT1'!$A$4:$A$640&'ER C8 FLT1'!$B$4:$B$640-4,1),8)*IF(OR($H10=\"Class_8\",$N10=\"Replacement8HHD\",$AH10=\"CL7HHD\",$AJ10=\"CL7to8\"),INDEX('ER C8 FLT1'!$A$4:$J$640,MATCH($E10&$C10,'ER C8 FLT1'!$A$4:$A$640&'ER C8 FLT1'!$B$4:$B$640-4,1),9)),IF($H10=\"Class_7\",INDEX('ER C7 FLT1'!$A$4:$J$640,MATCH($E10&$C10,'ER C7 FLT1'!$A$4:$A$640&'ER C7 FLT1'!$B$4:$B$640-4,1),8)*IF($H10=\"Class_7\",INDEX('ER C7 FLT1'!$A$4:$J$640,MATCH($E10&$C10,'ER C7 FLT1'!$A$4:$A$640&'ER C7 FLT1'!$B$4:$B$640-4,1),9)),\nIF($H10=\"Class_6\",INDEX('ER C6 FLT1'!$A$4:$J$640,MATCH($E10&$C10,'ER C6 FLT1'!$A$4:$A$640&'ER C6 FLT1'!$B$4:$B$640-4,1),8)*IF($H10=\"Class_6\",INDEX('ER C6 FLT1'!$A$4:$J$640,MATCH($E10&$C10,'ER C6 FLT1'!$A$4:$A$640&'ER C6 FLT1'!$B$4:$B$640-4,1),9))))))))*IF($F10=\"Level 1 PM\",0.75,IF($F10=\"Level 2 PM\",0.5,IF($F10=\"Level 3 PM\",0,IF($F10=\"Level 3 PM + Mark I NOx\",0,1))))*($Q10/453.6)","v":0},{"$f":"IF($B10=\"3+ Trucks\",IF(OR($H10=\"Class_8\",$N10=\"Replacement8HHD\",$AH10=\"CL7HHD\",$AJ10=\"CL7to8\"),INDEX('ER C8 FLT3'!$A$4:$J$640,MATCH($E10&$C10,'ER C8 FLT3'!$A$4:$A$640&'ER C8 FLT3'!$B$4:$B$640,1),8),IF($H10=\"Class_7\",INDEX('ER C7 FLT3'!$A$4:$J$640,MATCH($E10&$C10,'ER C7 FLT3'!$A$4:$A$640&'ER C7 FLT3'!$B$4:$B$640,1),8),IF($H10=\"Class_6\",INDEX('ER C6 FLT3'!$A$4:$J$640,MATCH($E10&$C10,'ER C6 FLT3'!$A$4:$A$640&'ER C6 FLT3'!$B$4:$B$640,1),8)))),IF($B10=\"2 Trucks\",IF(OR($H10=\"Class_8\",$N10=\"Replacement8HHD\",$AH10=\"CL7HHD\",$AJ10=\"CL7to8\"),INDEX('ER C8 FLT2'!$A$4:$J$640,MATCH($E10&$C10,'ER C8 FLT2'!$A$4:$A$640&'ER C8 FLT2'!$B$4:$B$640,1),8),IF($H10=\"Class_7\",INDEX('ER C7 FLT2'!$A$4:$J$640,MATCH($E10&$C10,'ER C7 FLT2'!$A$4:$A$640&'ER C7 FLT2'!$B$4:$B$640,1),8),IF($H10=\"Class_6\",INDEX('ER C6 FLT2'!$A$4:$J$640,MATCH($E10&$C10,'ER C6 FLT2'!$A$4:$A$640&'ER C6 FLT2'!$B$4:$B$640,1),8)))),IF($B10=\"1 Truck\",IF(OR($H10=\"Class_8\",$N10=\"Replacement8HHD\",$AH10=\"CL7HHD\",$AJ10=\"CL7to8\"),INDEX('ER C8 FLT1'!$A$4:$J$640,MATCH($E10&$C10,'ER C8 FLT1'!$A$4:$A$640&'ER C8 FLT1'!$B$4:$B$640,1),8),IF($H10=\"Class_7\",INDEX('ER C7 FLT1'!$A$4:$J$640,MATCH($E10&$C10,'ER C7 FLT1'!$A$4:$A$640&'ER C7 FLT1'!$B$4:$B$640,1),8),IF($H10=\"Class_6\",INDEX('ER C6 FLT1'!$A$4:$J$640,MATCH($E10&$C10,'ER C6 FLT1'!$A$4:$A$640&'ER C6 FLT1'!$B$4:$B$640,1),8)))))))","v":false},{"$f":"IF($B10=\"3+ Trucks\",IF(OR($H10=\"Class_8\",$N10=\"Replacement8HHD\",$AH10=\"CL7HHD\",$AJ10=\"CL7to8\"),INDEX('ER C8 FLT3'!$A$4:$J$640,MATCH($E10&$C10,'ER C8 FLT3'!$A$4:$A$640&'ER C8 FLT3'!$B$4:$B$640-1,1),8),IF($H10=\"Class_7\",INDEX('ER C7 FLT3'!$A$4:$J$640,MATCH($E10&$C10,'ER C7 FLT3'!$A$4:$A$640&'ER C7 FLT3'!$B$4:$B$640-1,1),8),IF($H10=\"Class_6\",INDEX('ER C6 FLT3'!$A$4:$J$640,MATCH($E10&$C10,'ER C6 FLT3'!$A$4:$A$640&'ER C6 FLT3'!$B$4:$B$640-1,1),8)))),IF($B10=\"2 Trucks\",IF(OR($H10=\"Class_8\",$N10=\"Replacement8HHD\",$AH10=\"CL7HHD\",$AJ10=\"CL7to8\"),INDEX('ER C8 FLT2'!$A$4:$J$640,MATCH($E10&$C10,'ER C8 FLT2'!$A$4:$A$640&'ER C8 FLT2'!$B$4:$B$640-1,1),8),IF($H10=\"Class_7\",INDEX('ER C7 FLT2'!$A$4:$J$640,MATCH($E10&$C10,'ER C7 FLT2'!$A$4:$A$640&'ER C7 FLT2'!$B$4:$B$640-1,1),8),IF($H10=\"Class_6\",INDEX('ER C6 FLT2'!$A$4:$J$640,MATCH($E10&$C10,'ER C6 FLT2'!$A$4:$A$640&'ER C6 FLT2'!$B$4:$B$640-1,1),8)))),IF($B10=\"1 Truck\",IF(OR($H10=\"Class_8\",$N10=\"Replacement8HHD\",$AH10=\"CL7HHD\",$AJ10=\"CL7to8\"),INDEX('ER C8 FLT1'!$A$4:$J$640,MATCH($E10&$C10,'ER C8 FLT1'!$A$4:$A$640&'ER C8 FLT1'!$B$4:$B$640-1,1),8),IF($H10=\"Class_7\",INDEX('ER C7 FLT1'!$A$4:$J$640,MATCH($E10&$C10,'ER C7 FLT1'!$A$4:$A$640&'ER C7 FLT1'!$B$4:$B$640-1,1),8),IF($H10=\"Class_6\",INDEX('ER C6 FLT1'!$A$4:$J$640,MATCH($E10&$C10,'ER C6 FLT1'!$A$4:$A$640&'ER C6 FLT1'!$B$4:$B$640-1,1),8)))))))","v":false},{"$f":"IF($B10=\"3+ Trucks\",IF(OR($H10=\"Class_8\",$N10=\"Replacement8HHD\",$AH10=\"CL7HHD\",$AJ10=\"CL7to8\"),INDEX('ER C8 FLT3'!$A$4:$J$640,MATCH($E10&$C10,'ER C8 FLT3'!$A$4:$A$640&'ER C8 FLT3'!$B$4:$B$640-2,1),8),IF($H10=\"Class_7\",INDEX('ER C7 FLT3'!$A$4:$J$640,MATCH($E10&$C10,'ER C7 FLT3'!$A$4:$A$640&'ER C7 FLT3'!$B$4:$B$640-2,1),8),IF($H10=\"Class_6\",INDEX('ER C6 FLT3'!$A$4:$J$640,MATCH($E10&$C10,'ER C6 FLT3'!$A$4:$A$640&'ER C6 FLT3'!$B$4:$B$640-2,1),8)))),IF($B10=\"2 Trucks\",IF(OR($H10=\"Class_8\",$N10=\"Replacement8HHD\",$AH10=\"CL7HHD\",$AJ10=\"CL7to8\"),INDEX('ER C8 FLT2'!$A$4:$J$640,MATCH($E10&$C10,'ER C8 FLT2'!$A$4:$A$640&'ER C8 FLT2'!$B$4:$B$640-2,1),8),IF($H10=\"Class_7\",INDEX('ER C7 FLT2'!$A$4:$J$640,MATCH($E10&$C10,'ER C7 FLT2'!$A$4:$A$640&'ER C7 FLT2'!$B$4:$B$640-2,1),8),IF($H10=\"Class_6\",INDEX('ER C6 FLT2'!$A$4:$J$640,MATCH($E10&$C10,'ER C6 FLT2'!$A$4:$A$640&'ER C6 FLT2'!$B$4:$B$640-2,1),8)))),IF($B10=\"1 Truck\",IF(OR($H10=\"Class_8\",$N10=\"Replacement8HHD\",$AH10=\"CL7HHD\",$AJ10=\"CL7to8\"),INDEX('ER C8 FLT1'!$A$4:$J$640,MATCH($E10&$C10,'ER C8 FLT1'!$A$4:$A$640&'ER C8 FLT1'!$B$4:$B$640-2,1),8),IF($H10=\"Class_7\",INDEX('ER C7 FLT1'!$A$4:$J$640,MATCH($E10&$C10,'ER C7 FLT1'!$A$4:$A$640&'ER C7 FLT1'!$B$4:$B$640-2,1),8),IF($H10=\"Class_6\",INDEX('ER C6 FLT1'!$A$4:$J$640,MATCH($E10&$C10,'ER C6 FLT1'!$A$4:$A$640&'ER C6 FLT1'!$B$4:$B$640-2,1),8)))))))","v":false},{"$f":"IF($B10=\"3+ Trucks\",IF(OR($H10=\"Class_8\",$N10=\"Replacement8HHD\",$AH10=\"CL7HHD\",$AJ10=\"CL7to8\"),INDEX('ER C8 FLT3'!$A$4:$J$640,MATCH($E10&$C10,'ER C8 FLT3'!$A$4:$A$640&'ER C8 FLT3'!$B$4:$B$640-3,1),8),IF($H10=\"Class_7\",INDEX('ER C7 FLT3'!$A$4:$J$640,MATCH($E10&$C10,'ER C7 FLT3'!$A$4:$A$640&'ER C7 FLT3'!$B$4:$B$640-3,1),8),IF($H10=\"Class_6\",INDEX('ER C6 FLT3'!$A$4:$J$640,MATCH($E10&$C10,'ER C6 FLT3'!$A$4:$A$640&'ER C6 FLT3'!$B$4:$B$640-3,1),8)))),IF($B10=\"2 Trucks\",IF(OR($H10=\"Class_8\",$N10=\"Replacement8HHD\",$AH10=\"CL7HHD\",$AJ10=\"CL7to8\"),INDEX('ER C8 FLT2'!$A$4:$J$640,MATCH($E10&$C10,'ER C8 FLT2'!$A$4:$A$640&'ER C8 FLT2'!$B$4:$B$640-3,1),8),IF($H10=\"Class_7\",INDEX('ER C7 FLT2'!$A$4:$J$640,MATCH($E10&$C10,'ER C7 FLT2'!$A$4:$A$640&'ER C7 FLT2'!$B$4:$B$640-3,1),8),IF($H10=\"Class_6\",INDEX('ER C6 FLT2'!$A$4:$J$640,MATCH($E10&$C10,'ER C6 FLT2'!$A$4:$A$640&'ER C6 FLT2'!$B$4:$B$640-3,1),8)))),IF($B10=\"1 Truck\",IF(OR($H10=\"Class_8\",$N10=\"Replacement8HHD\",$AH10=\"CL7HHD\",$AJ10=\"CL7to8\"),INDEX('ER C8 FLT1'!$A$4:$J$640,MATCH($E10&$C10,'ER C8 FLT1'!$A$4:$A$640&'ER C8 FLT1'!$B$4:$B$640-3,1),8),IF($H10=\"Class_7\",INDEX('ER C7 FLT1'!$A$4:$J$640,MATCH($E10&$C10,'ER C7 FLT1'!$A$4:$A$640&'ER C7 FLT1'!$B$4:$B$640-3,1),8),IF($H10=\"Class_6\",INDEX('ER C6 FLT1'!$A$4:$J$640,MATCH($E10&$C10,'ER C6 FLT1'!$A$4:$A$640&'ER C6 FLT1'!$B$4:$B$640-3,1),8)))))))","v":false},{"$f":"IF($B10=\"3+ Trucks\",IF(OR($H10=\"Class_8\",$N10=\"Replacement8HHD\",$AH10=\"CL7HHD\",$AJ10=\"CL7to8\"),INDEX('ER C8 FLT3'!$A$4:$J$640,MATCH($E10&$C10,'ER C8 FLT3'!$A$4:$A$640&'ER C8 FLT3'!$B$4:$B$640-4,1),8),IF($H10=\"Class_7\",INDEX('ER C7 FLT3'!$A$4:$J$640,MATCH($E10&$C10,'ER C7 FLT3'!$A$4:$A$640&'ER C7 FLT3'!$B$4:$B$640-4,1),8),IF($H10=\"Class_6\",INDEX('ER C6 FLT3'!$A$4:$J$640,MATCH($E10&$C10,'ER C6 FLT3'!$A$4:$A$640&'ER C6 FLT3'!$B$4:$B$640-4,1),8)))),IF($B10=\"2 Trucks\",IF(OR($H10=\"Class_8\",$N10=\"Replacement8HHD\",$AH10=\"CL7HHD\",$AJ10=\"CL7to8\"),INDEX('ER C8 FLT2'!$A$4:$J$640,MATCH($E10&$C10,'ER C8 FLT2'!$A$4:$A$640&'ER C8 FLT2'!$B$4:$B$640-4,1),8),IF($H10=\"Class_7\",INDEX('ER C7 FLT2'!$A$4:$J$640,MATCH($E10&$C10,'ER C7 FLT2'!$A$4:$A$640&'ER C7 FLT2'!$B$4:$B$640-4,1),8),IF($H10=\"Class_6\",INDEX('ER C6 FLT2'!$A$4:$J$640,MATCH($E10&$C10,'ER C6 FLT2'!$A$4:$A$640&'ER C6 FLT2'!$B$4:$B$640-4,1),8)))),IF($B10=\"1 Truck\",IF(OR($H10=\"Class_8\",$N10=\"Replacement8HHD\",$AH10=\"CL7HHD\",$AJ10=\"CL7to8\"),INDEX('ER C8 FLT1'!$A$4:$J$640,MATCH($E10&$C10,'ER C8 FLT1'!$A$4:$A$640&'ER C8 FLT1'!$B$4:$B$640-4,1),8),IF($H10=\"Class_7\",INDEX('ER C7 FLT1'!$A$4:$J$640,MATCH($E10&$C10,'ER C7 FLT1'!$A$4:$A$640&'ER C7 FLT1'!$B$4:$B$640-4,1),8),IF($H10=\"Class_6\",INDEX('ER C6 FLT1'!$A$4:$J$640,MATCH($E10&$C10,'ER C6 FLT1'!$A$4:$A$640&'ER C6 FLT1'!$B$4:$B$640-4,1),8)))))))","v":false},{"$f":"IF(OR($R10=\"Diesel\",$R10=\"LNG/CNG\",$R10=\"Hybrid\",$R10=\"Electric w/ AB-118\"),IF($B10=\"3+ Trucks\",IF(OR($O10=\"Class_8\",$N10=\"Replacement8HHD\",$AI10=\"CL7HHD\"),INDEX('ER C8 FLT3'!$A$4:$J$640,MATCH(DropData!$J50&$C10,'ER C8 FLT3'!$A$4:$A$640&'ER C8 FLT3'!$B$4:$B$640,1),8)*IF(OR($O10=\"Class_8\",$N10=\"Replacement8HHD\",$AI10=\"CL7HHD\"),INDEX('ER C8 FLT3'!$A$4:$J$640,MATCH(DropData!$J50&$C10,'ER C8 FLT3'!$A$4:$A$640&'ER C8 FLT3'!$B$4:$B$640,1),9)),IF($O10=\"Class_7\",INDEX('ER C7 FLT3'!$A$4:$J$640,MATCH(DropData!$J50&$C10,'ER C7 FLT3'!$A$4:$A$640&'ER C7 FLT3'!$B$4:$B$640,1),8)*IF($O10=\"Class_7\",INDEX('ER C7 FLT3'!$A$4:$J$640,MATCH(DropData!$J50&$C10,'ER C7 FLT3'!$A$4:$A$640&'ER C7 FLT3'!$B$4:$B$640,1),9)),\nIF($O10=\"Class_6\",INDEX('ER C6 FLT3'!$A$4:$J$640,MATCH(DropData!$J50&$C10,'ER C6 FLT3'!$A$4:$A$640&'ER C6 FLT3'!$B$4:$B$640,1),8)*IF($O10=\"Class_6\",INDEX('ER C6 FLT3'!$A$4:$J$640,MATCH(DropData!$J50&$C10,'ER C6 FLT3'!$A$4:$A$640&'ER C6 FLT3'!$B$4:$B$640,1),9))))),IF($B10=\"2 Trucks\",IF(OR($O10=\"Class_8\",$N10=\"Replacement8HHD\",$AI10=\"CL7HHD\"),INDEX('ER C8 FLT2'!$A$4:$J$640,MATCH(DropData!$J50&$C10,'ER C8 FLT2'!$A$4:$A$640&'ER C8 FLT2'!$B$4:$B$640,1),8)*IF(OR($O10=\"Class_8\",$N10=\"Replacement8HHD\",$AI10=\"CL7HHD\"),INDEX('ER C8 FLT2'!$A$4:$J$640,MATCH(DropData!$J50&$C10,'ER C8 FLT2'!$A$4:$A$640&'ER C8 FLT2'!$B$4:$B$640,1),9)),IF($O10=\"Class_7\",INDEX('ER C7 FLT2'!$A$4:$J$640,MATCH(DropData!$J50&$C10,'ER C7 FLT2'!$A$4:$A$640&'ER C7 FLT2'!$B$4:$B$640,1),8)*IF($O10=\"Class_7\",INDEX('ER C7 FLT2'!$A$4:$J$640,MATCH(DropData!$J50&$C10,'ER C7 FLT2'!$A$4:$A$640&'ER C7 FLT2'!$B$4:$B$640,1),9)),IF($O10=\"Class_6\",INDEX('ER C6 FLT2'!$A$4:$J$640,MATCH(DropData!$J50&$C10,'ER C6 FLT2'!$A$4:$A$640&'ER C6 FLT2'!$B$4:$B$640,1),8)*IF($O10=\"Class_6\",INDEX('ER C6 FLT2'!$A$4:$J$640,MATCH(DropData!$J50&$C10,'ER C6 FLT2'!$A$4:$A$640&'ER C6 FLT2'!$B$4:$B$640,1),9))))),IF($B10=\"1 Truck\",\nIF(OR($O10=\"Class_8\",$N10=\"Replacement8HHD\",$AI10=\"CL7HHD\"),INDEX('ER C8 FLT1'!$A$4:$J$640,MATCH(DropData!$J50&$C10,'ER C8 FLT1'!$A$4:$A$640&'ER C8 FLT1'!$B$4:$B$640,1),8)*IF(OR($O10=\"Class_8\",$N10=\"Replacement8HHD\",$AI10=\"CL7HHD\"),INDEX('ER C8 FLT1'!$A$4:$J$640,MATCH(DropData!$J50&$C10,'ER C8 FLT1'!$A$4:$A$640&'ER C8 FLT1'!$B$4:$B$640,1),9)),IF($O10=\"Class_7\",INDEX('ER C7 FLT1'!$A$4:$J$640,MATCH(DropData!$J50&$C10,'ER C7 FLT1'!$A$4:$A$640&'ER C7 FLT1'!$B$4:$B$640,1),8)*IF($O10=\"Class_7\",INDEX('ER C7 FLT1'!$A$4:$J$640,MATCH(DropData!$J50&$C10,'ER C7 FLT1'!$A$4:$A$640&'ER C7 FLT1'!$B$4:$B$640,1),9)),\nIF($O10=\"Class_6\",INDEX('ER C6 FLT1'!$A$4:$J$640,MATCH(DropData!$J50&$C10,'ER C6 FLT1'!$A$4:$A$640&'ER C6 FLT1'!$B$4:$B$640,1),8)*IF($O10=\"Class_6\",INDEX('ER C6 FLT1'!$A$4:$J$640,MATCH(DropData!$J50&$C10,'ER C6 FLT1'!$A$4:$A$640&'ER C6 FLT1'!$B$4:$B$640,1),9)))))))),IF($R10=\"Electric\",INDEX('ER Electric'!$A$6:$E$44,MATCH($C10&$O10,'ER Electric'!$A$6:$A$44&'ER Electric'!$B$6:$B$44,1),3),))*(($Q10+$AC10)/453.6)","v":0},{"$f":"IF(OR($R10=\"Diesel\",$R10=\"LNG/CNG\",$R10=\"Hybrid\",$R10=\"Electric w/ AB-118\"),IF($B10=\"3+ Trucks\",IF(OR($O10=\"Class_8\",$N10=\"Replacement8HHD\",$AI10=\"CL7HHD\"),INDEX('ER C8 FLT3'!$A$4:$J$640,MATCH(DropData!$J50&$C10,'ER C8 FLT3'!$A$4:$A$640&'ER C8 FLT3'!$B$4:$B$640-1,1),8)*IF(OR($O10=\"Class_8\",$N10=\"Replacement8HHD\",$AI10=\"CL7HHD\"),INDEX('ER C8 FLT3'!$A$4:$J$640,MATCH(DropData!$J50&$C10,'ER C8 FLT3'!$A$4:$A$640&'ER C8 FLT3'!$B$4:$B$640-1,1),9)),IF($O10=\"Class_7\",INDEX('ER C7 FLT3'!$A$4:$J$640,MATCH(DropData!$J50&$C10,'ER C7 FLT3'!$A$4:$A$640&'ER C7 FLT3'!$B$4:$B$640-1,1),8)*IF($O10=\"Class_7\",INDEX('ER C7 FLT3'!$A$4:$J$640,MATCH(DropData!$J50&$C10,'ER C7 FLT3'!$A$4:$A$640&'ER C7 FLT3'!$B$4:$B$640-1,1),9)),\nIF($O10=\"Class_6\",INDEX('ER C6 FLT3'!$A$4:$J$640,MATCH(DropData!$J50&$C10,'ER C6 FLT3'!$A$4:$A$640&'ER C6 FLT3'!$B$4:$B$640-1,1),8)*IF($O10=\"Class_6\",INDEX('ER C6 FLT3'!$A$4:$J$640,MATCH(DropData!$J50&$C10,'ER C6 FLT3'!$A$4:$A$640&'ER C6 FLT3'!$B$4:$B$640-1,1),9))))),IF($B10=\"2 Trucks\",IF(OR($O10=\"Class_8\",$N10=\"Replacement8HHD\",$AI10=\"CL7HHD\"),INDEX('ER C8 FLT2'!$A$4:$J$640,MATCH(DropData!$J50&$C10,'ER C8 FLT2'!$A$4:$A$640&'ER C8 FLT2'!$B$4:$B$640-1,1),8)*IF(OR($O10=\"Class_8\",$N10=\"Replacement8HHD\",$AI10=\"CL7HHD\"),INDEX('ER C8 FLT2'!$A$4:$J$640,MATCH(DropData!$J50&$C10,'ER C8 FLT2'!$A$4:$A$640&'ER C8 FLT2'!$B$4:$B$640-1,1),9)),IF($O10=\"Class_7\",INDEX('ER C7 FLT2'!$A$4:$J$640,MATCH(DropData!$J50&$C10,'ER C7 FLT2'!$A$4:$A$640&'ER C7 FLT2'!$B$4:$B$640-1,1),8)*IF($O10=\"Class_7\",INDEX('ER C7 FLT2'!$A$4:$J$640,MATCH(DropData!$J50&$C10,'ER C7 FLT2'!$A$4:$A$640&'ER C7 FLT2'!$B$4:$B$640-1,1),9)),IF($O10=\"Class_6\",INDEX('ER C6 FLT2'!$A$4:$J$640,MATCH(DropData!$J50&$C10,'ER C6 FLT2'!$A$4:$A$640&'ER C6 FLT2'!$B$4:$B$640-1,1),8)*IF($O10=\"Class_6\",INDEX('ER C6 FLT2'!$A$4:$J$640,MATCH(DropData!$J50&$C10,'ER C6 FLT2'!$A$4:$A$640&'ER C6 FLT2'!$B$4:$B$640-1,1),9))))),IF($B10=\"1 Truck\",\nIF(OR($O10=\"Class_8\",$N10=\"Replacement8HHD\",$AI10=\"CL7HHD\"),INDEX('ER C8 FLT1'!$A$4:$J$640,MATCH(DropData!$J50&$C10,'ER C8 FLT1'!$A$4:$A$640&'ER C8 FLT1'!$B$4:$B$640-1,1),8)*IF(OR($O10=\"Class_8\",$N10=\"Replacement8HHD\",$AI10=\"CL7HHD\"),INDEX('ER C8 FLT1'!$A$4:$J$640,MATCH(DropData!$J50&$C10,'ER C8 FLT1'!$A$4:$A$640&'ER C8 FLT1'!$B$4:$B$640-1,1),9)),IF($O10=\"Class_7\",INDEX('ER C7 FLT1'!$A$4:$J$640,MATCH(DropData!$J50&$C10,'ER C7 FLT1'!$A$4:$A$640&'ER C7 FLT1'!$B$4:$B$640-1,1),8)*IF($O10=\"Class_7\",INDEX('ER C7 FLT1'!$A$4:$J$640,MATCH(DropData!$J50&$C10,'ER C7 FLT1'!$A$4:$A$640&'ER C7 FLT1'!$B$4:$B$640-1,1),9)),\nIF($O10=\"Class_6\",INDEX('ER C6 FLT1'!$A$4:$J$640,MATCH(DropData!$J50&$C10,'ER C6 FLT1'!$A$4:$A$640&'ER C6 FLT1'!$B$4:$B$640-1,1),8)*IF($O10=\"Class_6\",INDEX('ER C6 FLT1'!$A$4:$J$640,MATCH(DropData!$J50&$C10,'ER C6 FLT1'!$A$4:$A$640&'ER C6 FLT1'!$B$4:$B$640-1,1),9)))))))),IF($R10=\"Electric\",OFFSET(INDEX('ER Electric'!$A$6:$E$44,MATCH($C10&$O10,'ER Electric'!$A$6:$A$44&'ER Electric'!$B$6:$B$44,1),3),3,0),))*(($Q10+$AC10)/453.6)","v":0},{"$f":"IF(OR($R10=\"Diesel\",$R10=\"LNG/CNG\",$R10=\"Hybrid\",$R10=\"Electric w/ AB-118\"),IF($B10=\"3+ Trucks\",IF(OR($O10=\"Class_8\",$N10=\"Replacement8HHD\",$AI10=\"CL7HHD\"),INDEX('ER C8 FLT3'!$A$4:$J$640,MATCH(DropData!$J50&$C10,'ER C8 FLT3'!$A$4:$A$640&'ER C8 FLT3'!$B$4:$B$640-2,1),8)*IF(OR($O10=\"Class_8\",$N10=\"Replacement8HHD\",$AI10=\"CL7HHD\"),INDEX('ER C8 FLT3'!$A$4:$J$640,MATCH(DropData!$J50&$C10,'ER C8 FLT3'!$A$4:$A$640&'ER C8 FLT3'!$B$4:$B$640-2,1),9)),IF($O10=\"Class_7\",INDEX('ER C7 FLT3'!$A$4:$J$640,MATCH(DropData!$J50&$C10,'ER C7 FLT3'!$A$4:$A$640&'ER C7 FLT3'!$B$4:$B$640-2,1),8)*IF($O10=\"Class_7\",INDEX('ER C7 FLT3'!$A$4:$J$640,MATCH(DropData!$J50&$C10,'ER C7 FLT3'!$A$4:$A$640&'ER C7 FLT3'!$B$4:$B$640-2,1),9)),\nIF($O10=\"Class_6\",INDEX('ER C6 FLT3'!$A$4:$J$640,MATCH(DropData!$J50&$C10,'ER C6 FLT3'!$A$4:$A$640&'ER C6 FLT3'!$B$4:$B$640-2,1),8)*IF($O10=\"Class_6\",INDEX('ER C6 FLT3'!$A$4:$J$640,MATCH(DropData!$J50&$C10,'ER C6 FLT3'!$A$4:$A$640&'ER C6 FLT3'!$B$4:$B$640-2,1),9))))),IF($B10=\"2 Trucks\",IF(OR($O10=\"Class_8\",$N10=\"Replacement8HHD\",$AI10=\"CL7HHD\"),INDEX('ER C8 FLT2'!$A$4:$J$640,MATCH(DropData!$J50&$C10,'ER C8 FLT2'!$A$4:$A$640&'ER C8 FLT2'!$B$4:$B$640-2,1),8)*IF(OR($O10=\"Class_8\",$N10=\"Replacement8HHD\",$AI10=\"CL7HHD\"),INDEX('ER C8 FLT2'!$A$4:$J$640,MATCH(DropData!$J50&$C10,'ER C8 FLT2'!$A$4:$A$640&'ER C8 FLT2'!$B$4:$B$640-2,1),9)),IF($O10=\"Class_7\",INDEX('ER C7 FLT2'!$A$4:$J$640,MATCH(DropData!$J50&$C10,'ER C7 FLT2'!$A$4:$A$640&'ER C7 FLT2'!$B$4:$B$640-2,1),8)*IF($O10=\"Class_7\",INDEX('ER C7 FLT2'!$A$4:$J$640,MATCH(DropData!$J50&$C10,'ER C7 FLT2'!$A$4:$A$640&'ER C7 FLT2'!$B$4:$B$640-2,1),9)),IF($O10=\"Class_6\",INDEX('ER C6 FLT2'!$A$4:$J$640,MATCH(DropData!$J50&$C10,'ER C6 FLT2'!$A$4:$A$640&'ER C6 FLT2'!$B$4:$B$640-2,1),8)*IF($O10=\"Class_6\",INDEX('ER C6 FLT2'!$A$4:$J$640,MATCH(DropData!$J50&$C10,'ER C6 FLT2'!$A$4:$A$640&'ER C6 FLT2'!$B$4:$B$640-2,1),9))))),IF($B10=\"1 Truck\",\nIF(OR($O10=\"Class_8\",$N10=\"Replacement8HHD\",$AI10=\"CL7HHD\"),INDEX('ER C8 FLT1'!$A$4:$J$640,MATCH(DropData!$J50&$C10,'ER C8 FLT1'!$A$4:$A$640&'ER C8 FLT1'!$B$4:$B$640-2,1),8)*IF(OR($O10=\"Class_8\",$N10=\"Replacement8HHD\",$AI10=\"CL7HHD\"),INDEX('ER C8 FLT1'!$A$4:$J$640,MATCH(DropData!$J50&$C10,'ER C8 FLT1'!$A$4:$A$640&'ER C8 FLT1'!$B$4:$B$640-2,1),9)),IF($O10=\"Class_7\",INDEX('ER C7 FLT1'!$A$4:$J$640,MATCH(DropData!$J50&$C10,'ER C7 FLT1'!$A$4:$A$640&'ER C7 FLT1'!$B$4:$B$640-2,1),8)*IF($O10=\"Class_7\",INDEX('ER C7 FLT1'!$A$4:$J$640,MATCH(DropData!$J50&$C10,'ER C7 FLT1'!$A$4:$A$640&'ER C7 FLT1'!$B$4:$B$640-2,1),9)),\nIF($O10=\"Class_6\",INDEX('ER C6 FLT1'!$A$4:$J$640,MATCH(DropData!$J50&$C10,'ER C6 FLT1'!$A$4:$A$640&'ER C6 FLT1'!$B$4:$B$640-2,1),8)*IF($O10=\"Class_6\",INDEX('ER C6 FLT1'!$A$4:$J$640,MATCH(DropData!$J50&$C10,'ER C6 FLT1'!$A$4:$A$640&'ER C6 FLT1'!$B$4:$B$640-2,1),9)))))))),IF($R10=\"Electric\",OFFSET(INDEX('ER Electric'!$A$6:$E$44,MATCH($C10&$O10,'ER Electric'!$A$6:$A$44&'ER Electric'!$B$6:$B$44,1),3),6,0),))*(($Q10+$AC10)/453.6)","v":0},{"$f":"IF(OR($R10=\"Diesel\",$R10=\"LNG/CNG\",$R10=\"Hybrid\",$R10=\"Electric w/ AB-118\"),IF($B10=\"3+ Trucks\",IF(OR($O10=\"Class_8\",$N10=\"Replacement8HHD\",$AI10=\"CL7HHD\"),INDEX('ER C8 FLT3'!$A$4:$J$640,MATCH(DropData!$J50&$C10,'ER C8 FLT3'!$A$4:$A$640&'ER C8 FLT3'!$B$4:$B$640-3,1),8)*IF(OR($O10=\"Class_8\",$N10=\"Replacement8HHD\",$AI10=\"CL7HHD\"),INDEX('ER C8 FLT3'!$A$4:$J$640,MATCH(DropData!$J50&$C10,'ER C8 FLT3'!$A$4:$A$640&'ER C8 FLT3'!$B$4:$B$640-3,1),9)),IF($O10=\"Class_7\",INDEX('ER C7 FLT3'!$A$4:$J$640,MATCH(DropData!$J50&$C10,'ER C7 FLT3'!$A$4:$A$640&'ER C7 FLT3'!$B$4:$B$640-3,1),8)*IF($O10=\"Class_7\",INDEX('ER C7 FLT3'!$A$4:$J$640,MATCH(DropData!$J50&$C10,'ER C7 FLT3'!$A$4:$A$640&'ER C7 FLT3'!$B$4:$B$640-3,1),9)),\nIF($O10=\"Class_6\",INDEX('ER C6 FLT3'!$A$4:$J$640,MATCH(DropData!$J50&$C10,'ER C6 FLT3'!$A$4:$A$640&'ER C6 FLT3'!$B$4:$B$640-3,1),8)*IF($O10=\"Class_6\",INDEX('ER C6 FLT3'!$A$4:$J$640,MATCH(DropData!$J50&$C10,'ER C6 FLT3'!$A$4:$A$640&'ER C6 FLT3'!$B$4:$B$640-3,1),9))))),IF($B10=\"2 Trucks\",IF(OR($O10=\"Class_8\",$N10=\"Replacement8HHD\",$AI10=\"CL7HHD\"),INDEX('ER C8 FLT2'!$A$4:$J$640,MATCH(DropData!$J50&$C10,'ER C8 FLT2'!$A$4:$A$640&'ER C8 FLT2'!$B$4:$B$640-3,1),8)*IF(OR($O10=\"Class_8\",$N10=\"Replacement8HHD\",$AI10=\"CL7HHD\"),INDEX('ER C8 FLT2'!$A$4:$J$640,MATCH(DropData!$J50&$C10,'ER C8 FLT2'!$A$4:$A$640&'ER C8 FLT2'!$B$4:$B$640-3,1),9)),IF($O10=\"Class_7\",INDEX('ER C7 FLT2'!$A$4:$J$640,MATCH(DropData!$J50&$C10,'ER C7 FLT2'!$A$4:$A$640&'ER C7 FLT2'!$B$4:$B$640-3,1),8)*IF($O10=\"Class_7\",INDEX('ER C7 FLT2'!$A$4:$J$640,MATCH(DropData!$J50&$C10,'ER C7 FLT2'!$A$4:$A$640&'ER C7 FLT2'!$B$4:$B$640-3,1),9)),IF($O10=\"Class_6\",INDEX('ER C6 FLT2'!$A$4:$J$640,MATCH(DropData!$J50&$C10,'ER C6 FLT2'!$A$4:$A$640&'ER C6 FLT2'!$B$4:$B$640-3,1),8)*IF($O10=\"Class_6\",INDEX('ER C6 FLT2'!$A$4:$J$640,MATCH(DropData!$J50&$C10,'ER C6 FLT2'!$A$4:$A$640&'ER C6 FLT2'!$B$4:$B$640-3,1),9))))),IF($B10=\"1 Truck\",\nIF(OR($O10=\"Class_8\",$N10=\"Replacement8HHD\",$AI10=\"CL7HHD\"),INDEX('ER C8 FLT1'!$A$4:$J$640,MATCH(DropData!$J50&$C10,'ER C8 FLT1'!$A$4:$A$640&'ER C8 FLT1'!$B$4:$B$640-3,1),8)*IF(OR($O10=\"Class_8\",$N10=\"Replacement8HHD\",$AI10=\"CL7HHD\"),INDEX('ER C8 FLT1'!$A$4:$J$640,MATCH(DropData!$J50&$C10,'ER C8 FLT1'!$A$4:$A$640&'ER C8 FLT1'!$B$4:$B$640-3,1),9)),IF($O10=\"Class_7\",INDEX('ER C7 FLT1'!$A$4:$J$640,MATCH(DropData!$J50&$C10,'ER C7 FLT1'!$A$4:$A$640&'ER C7 FLT1'!$B$4:$B$640-3,1),8)*IF($O10=\"Class_7\",INDEX('ER C7 FLT1'!$A$4:$J$640,MATCH(DropData!$J50&$C10,'ER C7 FLT1'!$A$4:$A$640&'ER C7 FLT1'!$B$4:$B$640-3,1),9)),\nIF($O10=\"Class_6\",INDEX('ER C6 FLT1'!$A$4:$J$640,MATCH(DropData!$J50&$C10,'ER C6 FLT1'!$A$4:$A$640&'ER C6 FLT1'!$B$4:$B$640-3,1),8)*IF($O10=\"Class_6\",INDEX('ER C6 FLT1'!$A$4:$J$640,MATCH(DropData!$J50&$C10,'ER C6 FLT1'!$A$4:$A$640&'ER C6 FLT1'!$B$4:$B$640-3,1),9)))))))),IF($R10=\"Electric\",OFFSET(INDEX('ER Electric'!$A$6:$E$44,MATCH($C10&$O10,'ER Electric'!$A$6:$A$44&'ER Electric'!$B$6:$B$44,1),3),9,0)))*(($Q10+$AC10)/453.6)","v":0},{"$f":"IF(OR($R10=\"Diesel\",$R10=\"LNG/CNG\",$R10=\"Hybrid\",$R10=\"Electric w/ AB-118\"),IF($B10=\"3+ Trucks\",IF(OR($O10=\"Class_8\",$N10=\"Replacement8HHD\",$AI10=\"CL7HHD\"),INDEX('ER C8 FLT3'!$A$4:$J$640,MATCH(DropData!$J50&$C10,'ER C8 FLT3'!$A$4:$A$640&'ER C8 FLT3'!$B$4:$B$640-4,1),8)*IF(OR($O10=\"Class_8\",$N10=\"Replacement8HHD\",$AI10=\"CL7HHD\"),INDEX('ER C8 FLT3'!$A$4:$J$640,MATCH(DropData!$J50&$C10,'ER C8 FLT3'!$A$4:$A$640&'ER C8 FLT3'!$B$4:$B$640-4,1),9)),IF($O10=\"Class_7\",INDEX('ER C7 FLT3'!$A$4:$J$640,MATCH(DropData!$J50&$C10,'ER C7 FLT3'!$A$4:$A$640&'ER C7 FLT3'!$B$4:$B$640-4,1),8)*IF($O10=\"Class_7\",INDEX('ER C7 FLT3'!$A$4:$J$640,MATCH(DropData!$J50&$C10,'ER C7 FLT3'!$A$4:$A$640&'ER C7 FLT3'!$B$4:$B$640-4,1),9)),\nIF($O10=\"Class_6\",INDEX('ER C6 FLT3'!$A$4:$J$640,MATCH(DropData!$J50&$C10,'ER C6 FLT3'!$A$4:$A$640&'ER C6 FLT3'!$B$4:$B$640-4,1),8)*IF($O10=\"Class_6\",INDEX('ER C6 FLT3'!$A$4:$J$640,MATCH(DropData!$J50&$C10,'ER C6 FLT3'!$A$4:$A$640&'ER C6 FLT3'!$B$4:$B$640-4,1),9))))),IF($B10=\"2 Trucks\",IF(OR($O10=\"Class_8\",$N10=\"Replacement8HHD\",$AI10=\"CL7HHD\"),INDEX('ER C8 FLT2'!$A$4:$J$640,MATCH(DropData!$J50&$C10,'ER C8 FLT2'!$A$4:$A$640&'ER C8 FLT2'!$B$4:$B$640-4,1),8)*IF(OR($O10=\"Class_8\",$N10=\"Replacement8HHD\",$AI10=\"CL7HHD\"),INDEX('ER C8 FLT2'!$A$4:$J$640,MATCH(DropData!$J50&$C10,'ER C8 FLT2'!$A$4:$A$640&'ER C8 FLT2'!$B$4:$B$640-4,1),9)),IF($O10=\"Class_7\",INDEX('ER C7 FLT2'!$A$4:$J$640,MATCH(DropData!$J50&$C10,'ER C7 FLT2'!$A$4:$A$640&'ER C7 FLT2'!$B$4:$B$640-4,1),8)*IF($O10=\"Class_7\",INDEX('ER C7 FLT2'!$A$4:$J$640,MATCH(DropData!$J50&$C10,'ER C7 FLT2'!$A$4:$A$640&'ER C7 FLT2'!$B$4:$B$640-4,1),9)),IF($O10=\"Class_6\",INDEX('ER C6 FLT2'!$A$4:$J$640,MATCH(DropData!$J50&$C10,'ER C6 FLT2'!$A$4:$A$640&'ER C6 FLT2'!$B$4:$B$640-4,1),8)*IF($O10=\"Class_6\",INDEX('ER C6 FLT2'!$A$4:$J$640,MATCH(DropData!$J50&$C10,'ER C6 FLT2'!$A$4:$A$640&'ER C6 FLT2'!$B$4:$B$640-4,1),9))))),IF($B10=\"1 Truck\",\nIF(OR($O10=\"Class_8\",$N10=\"Replacement8HHD\",$AI10=\"CL7HHD\"),INDEX('ER C8 FLT1'!$A$4:$J$640,MATCH(DropData!$J50&$C10,'ER C8 FLT1'!$A$4:$A$640&'ER C8 FLT1'!$B$4:$B$640-4,1),8)*IF(OR($O10=\"Class_8\",$N10=\"Replacement8HHD\",$AI10=\"CL7HHD\"),INDEX('ER C8 FLT1'!$A$4:$J$640,MATCH(DropData!$J50&$C10,'ER C8 FLT1'!$A$4:$A$640&'ER C8 FLT1'!$B$4:$B$640-4,1),9)),IF($O10=\"Class_7\",INDEX('ER C7 FLT1'!$A$4:$J$640,MATCH(DropData!$J50&$C10,'ER C7 FLT1'!$A$4:$A$640&'ER C7 FLT1'!$B$4:$B$640-4,1),8)*IF($O10=\"Class_7\",INDEX('ER C7 FLT1'!$A$4:$J$640,MATCH(DropData!$J50&$C10,'ER C7 FLT1'!$A$4:$A$640&'ER C7 FLT1'!$B$4:$B$640-4,1),9)),\nIF($O10=\"Class_6\",INDEX('ER C6 FLT1'!$A$4:$J$640,MATCH(DropData!$J50&$C10,'ER C6 FLT1'!$A$4:$A$640&'ER C6 FLT1'!$B$4:$B$640-4,1),8)*IF($O10=\"Class_6\",INDEX('ER C6 FLT1'!$A$4:$J$640,MATCH(DropData!$J50&$C10,'ER C6 FLT1'!$A$4:$A$640&'ER C6 FLT1'!$B$4:$B$640-4,1),9)))))))),IF($R10=\"Electric\",OFFSET(INDEX('ER Electric'!$A$6:$E$44,MATCH($C10&$O10,'ER Electric'!$A$6:$A$44&'ER Electric'!$B$6:$B$44,1),3),12,0),))*(($Q10+$AC10)/453.6)","v":0},{"$f":"IF(OR($R10=\"Diesel\",$R10=\"LNG/CNG\",$R10=\"Hybrid\",$R10=\"Electric w/ AB-118\"),IF($B10=\"3+ Trucks\",IF(OR($O10=\"Class_8\",$N10=\"Replacement8HHD\",$AI10=\"CL7HHD\"),INDEX('ER C8 FLT3'!$A$4:$J$640,MATCH(DropData!$J50&$C10,'ER C8 FLT3'!$A$4:$A$640&'ER C8 FLT3'!$B$4:$B$640,1),8)*IF(OR($O10=\"Class_8\",$N10=\"Replacement8HHD\",$AI10=\"CL7HHD\"),INDEX('ER C8 FLT3'!$A$4:$J$640,MATCH(DropData!$J50&$C10,'ER C8 FLT3'!$A$4:$A$640&'ER C8 FLT3'!$B$4:$B$640,1),9)),IF($O10=\"Class_7\",INDEX('ER C7 FLT3'!$A$4:$J$640,MATCH(DropData!$J50&$C10,'ER C7 FLT3'!$A$4:$A$640&'ER C7 FLT3'!$B$4:$B$640,1),8)*IF($O10=\"Class_7\",INDEX('ER C7 FLT3'!$A$4:$J$640,MATCH(DropData!$J50&$C10,'ER C7 FLT3'!$A$4:$A$640&'ER C7 FLT3'!$B$4:$B$640,1),9)),\nIF($O10=\"Class_6\",INDEX('ER C6 FLT3'!$A$4:$J$640,MATCH(DropData!$J50&$C10,'ER C6 FLT3'!$A$4:$A$640&'ER C6 FLT3'!$B$4:$B$640,1),8)*IF($O10=\"Class_6\",INDEX('ER C6 FLT3'!$A$4:$J$640,MATCH(DropData!$J50&$C10,'ER C6 FLT3'!$A$4:$A$640&'ER C6 FLT3'!$B$4:$B$640,1),9))))),IF($B10=\"2 Trucks\",IF(OR($O10=\"Class_8\",$N10=\"Replacement8HHD\",$AI10=\"CL7HHD\"),INDEX('ER C8 FLT2'!$A$4:$J$640,MATCH(DropData!$J50&$C10,'ER C8 FLT2'!$A$4:$A$640&'ER C8 FLT2'!$B$4:$B$640,1),8)*IF(OR($O10=\"Class_8\",$N10=\"Replacement8HHD\",$AI10=\"CL7HHD\"),INDEX('ER C8 FLT2'!$A$4:$J$640,MATCH(DropData!$J50&$C10,'ER C8 FLT2'!$A$4:$A$640&'ER C8 FLT2'!$B$4:$B$640,1),9)),IF($O10=\"Class_7\",INDEX('ER C7 FLT2'!$A$4:$J$640,MATCH(DropData!$J50&$C10,'ER C7 FLT2'!$A$4:$A$640&'ER C7 FLT2'!$B$4:$B$640,1),8)*IF($O10=\"Class_7\",INDEX('ER C7 FLT2'!$A$4:$J$640,MATCH(DropData!$J50&$C10,'ER C7 FLT2'!$A$4:$A$640&'ER C7 FLT2'!$B$4:$B$640,1),9)),IF($O10=\"Class_6\",INDEX('ER C6 FLT2'!$A$4:$J$640,MATCH(DropData!$J50&$C10,'ER C6 FLT2'!$A$4:$A$640&'ER C6 FLT2'!$B$4:$B$640,1),8)*IF($O10=\"Class_6\",INDEX('ER C6 FLT2'!$A$4:$J$640,MATCH(DropData!$J50&$C10,'ER C6 FLT2'!$A$4:$A$640&'ER C6 FLT2'!$B$4:$B$640,1),9))))),IF($B10=\"1 Truck\",\nIF(OR($O10=\"Class_8\",$N10=\"Replacement8HHD\",$AI10=\"CL7HHD\"),INDEX('ER C8 FLT1'!$A$4:$J$640,MATCH(DropData!$J50&$C10,'ER C8 FLT1'!$A$4:$A$640&'ER C8 FLT1'!$B$4:$B$640,1),8)*IF(OR($O10=\"Class_8\",$N10=\"Replacement8HHD\",$AI10=\"CL7HHD\"),INDEX('ER C8 FLT1'!$A$4:$J$640,MATCH(DropData!$J50&$C10,'ER C8 FLT1'!$A$4:$A$640&'ER C8 FLT1'!$B$4:$B$640,1),9)),IF($O10=\"Class_7\",INDEX('ER C7 FLT1'!$A$4:$J$640,MATCH(DropData!$J50&$C10,'ER C7 FLT1'!$A$4:$A$640&'ER C7 FLT1'!$B$4:$B$640,1),8)*IF($O10=\"Class_7\",INDEX('ER C7 FLT1'!$A$4:$J$640,MATCH(DropData!$J50&$C10,'ER C7 FLT1'!$A$4:$A$640&'ER C7 FLT1'!$B$4:$B$640,1),9)),IF($O10=\"Class_6\",INDEX('ER C6 FLT1'!$A$4:$J$640,MATCH(DropData!$J50&$C10,'ER C6 FLT1'!$A$4:$A$640&'ER C6 FLT1'!$B$4:$B$640,1),8)*IF($O10=\"Class_6\",INDEX('ER C6 FLT1'!$A$4:$J$640,MATCH(DropData!$J50&$C10,'ER C6 FLT1'!$A$4:$A$640&'ER C6 FLT1'!$B$4:$B$640,1),9)))))))),IF($R10=\"Electric\",INDEX('ER Electric'!$A$6:$E$44,MATCH($C10&$O10,'ER Electric'!$A$6:$A$44&'ER Electric'!$B$6:$B$44,1),3),))","v":0},{"$f":"IF(OR($R10=\"Diesel\",$R10=\"LNG/CNG\",$R10=\"Hybrid\",$R10=\"Electric w/ AB-118\"),IF($B10=\"3+ Trucks\",IF(OR($O10=\"Class_8\",$N10=\"Replacement8HHD\",$AI10=\"CL7HHD\"),INDEX('ER C8 FLT3'!$A$4:$J$640,MATCH(DropData!$J50&$C10,'ER C8 FLT3'!$A$4:$A$640&'ER C8 FLT3'!$B$4:$B$640-1,1),8)*IF(OR($O10=\"Class_8\",$N10=\"Replacement8HHD\",$AI10=\"CL7HHD\"),INDEX('ER C8 FLT3'!$A$4:$J$640,MATCH(DropData!$J50&$C10,'ER C8 FLT3'!$A$4:$A$640&'ER C8 FLT3'!$B$4:$B$640-1,1),9)),IF($O10=\"Class_7\",INDEX('ER C7 FLT3'!$A$4:$J$640,MATCH(DropData!$J50&$C10,'ER C7 FLT3'!$A$4:$A$640&'ER C7 FLT3'!$B$4:$B$640-1,1),8)*IF($O10=\"Class_7\",INDEX('ER C7 FLT3'!$A$4:$J$640,MATCH(DropData!$J50&$C10,'ER C7 FLT3'!$A$4:$A$640&'ER C7 FLT3'!$B$4:$B$640-1,1),9)),IF($O10=\"Class_6\",INDEX('ER C6 FLT3'!$A$4:$J$640,MATCH(DropData!$J50&$C10,'ER C6 FLT3'!$A$4:$A$640&'ER C6 FLT3'!$B$4:$B$640-1,1),8)*IF($O10=\"Class_6\",INDEX('ER C6 FLT3'!$A$4:$J$640,MATCH(DropData!$J50&$C10,'ER C6 FLT3'!$A$4:$A$640&'ER C6 FLT3'!$B$4:$B$640-1,1),9))))),IF($B10=\"2 Trucks\",IF(OR($O10=\"Class_8\",$N10=\"Replacement8HHD\",$AI10=\"CL7HHD\"),INDEX('ER C8 FLT2'!$A$4:$J$640,MATCH(DropData!$J50&$C10,'ER C8 FLT2'!$A$4:$A$640&'ER C8 FLT2'!$B$4:$B$640-1,1),8)*IF(OR($O10=\"Class_8\",$N10=\"Replacement8HHD\",$AI10=\"CL7HHD\"),INDEX('ER C8 FLT2'!$A$4:$J$640,MATCH(DropData!$J50&$C10,'ER C8 FLT2'!$A$4:$A$640&'ER C8 FLT2'!$B$4:$B$640-1,1),9)),IF($O10=\"Class_7\",INDEX('ER C7 FLT2'!$A$4:$J$640,MATCH(DropData!$J50&$C10,'ER C7 FLT2'!$A$4:$A$640&'ER C7 FLT2'!$B$4:$B$640-1,1),8)*IF($O10=\"Class_7\",INDEX('ER C7 FLT2'!$A$4:$J$640,MATCH(DropData!$J50&$C10,'ER C7 FLT2'!$A$4:$A$640&'ER C7 FLT2'!$B$4:$B$640-1,1),9)),IF($O10=\"Class_6\",INDEX('ER C6 FLT2'!$A$4:$J$640,MATCH(DropData!$J50&$C10,'ER C6 FLT2'!$A$4:$A$640&'ER C6 FLT2'!$B$4:$B$640-1,1),8)*IF($O10=\"Class_6\",INDEX('ER C6 FLT2'!$A$4:$J$640,MATCH(DropData!$J50&$C10,'ER C6 FLT2'!$A$4:$A$640&'ER C6 FLT2'!$B$4:$B$640-1,1),9))))),IF($B10=\"1 Truck\",IF(OR($O10=\"Class_8\",$N10=\"Replacement8HHD\",$AI10=\"CL7HHD\"),INDEX('ER C8 FLT1'!$A$4:$J$640,MATCH(DropData!$J50&$C10,'ER C8 FLT1'!$A$4:$A$640&'ER C8 FLT1'!$B$4:$B$640-1,1),8)*IF(OR($O10=\"Class_8\",$N10=\"Replacement8HHD\",$AI10=\"CL7HHD\"),INDEX('ER C8 FLT1'!$A$4:$J$640,MATCH(DropData!$J50&$C10,'ER C8 FLT1'!$A$4:$A$640&'ER C8 FLT1'!$B$4:$B$640-1,1),9)),IF($O10=\"Class_7\",INDEX('ER C7 FLT1'!$A$4:$J$640,MATCH(DropData!$J50&$C10,'ER C7 FLT1'!$A$4:$A$640&'ER C7 FLT1'!$B$4:$B$640-1,1),8)*IF($O10=\"Class_7\",INDEX('ER C7 FLT1'!$A$4:$J$640,MATCH(DropData!$J50&$C10,'ER C7 FLT1'!$A$4:$A$640&'ER C7 FLT1'!$B$4:$B$640-1,1),9)),IF($O10=\"Class_6\",INDEX('ER C6 FLT1'!$A$4:$J$640,MATCH(DropData!$J50&$C10,'ER C6 FLT1'!$A$4:$A$640&'ER C6 FLT1'!$B$4:$B$640-1,1),8)*IF($O10=\"Class_6\",INDEX('ER C6 FLT1'!$A$4:$J$640,MATCH(DropData!$J50&$C10,'ER C6 FLT1'!$A$4:$A$640&'ER C6 FLT1'!$B$4:$B$640-1,1),9)))))))),IF($R10=\"Electric\",OFFSET(INDEX('ER Electric'!$A$6:$E$44,MATCH($C10&$O10,'ER Electric'!$A$6:$A$44&'ER Electric'!$B$6:$B$44,1),3),3,0),))","v":0},{"$f":"IF(OR($R10=\"Diesel\",$R10=\"LNG/CNG\",$R10=\"Hybrid\",$R10=\"Electric w/ AB-118\"),IF($B10=\"3+ Trucks\",IF(OR($O10=\"Class_8\",$N10=\"Replacement8HHD\",$AI10=\"CL7HHD\"),INDEX('ER C8 FLT3'!$A$4:$J$640,MATCH(DropData!$J50&$C10,'ER C8 FLT3'!$A$4:$A$640&'ER C8 FLT3'!$B$4:$B$640-2,1),8)*IF(OR($O10=\"Class_8\",$N10=\"Replacement8HHD\",$AI10=\"CL7HHD\"),INDEX('ER C8 FLT3'!$A$4:$J$640,MATCH(DropData!$J50&$C10,'ER C8 FLT3'!$A$4:$A$640&'ER C8 FLT3'!$B$4:$B$640-2,1),9)),IF($O10=\"Class_7\",INDEX('ER C7 FLT3'!$A$4:$J$640,MATCH(DropData!$J50&$C10,'ER C7 FLT3'!$A$4:$A$640&'ER C7 FLT3'!$B$4:$B$640-2,1),8)*IF($O10=\"Class_7\",INDEX('ER C7 FLT3'!$A$4:$J$640,MATCH(DropData!$J50&$C10,'ER C7 FLT3'!$A$4:$A$640&'ER C7 FLT3'!$B$4:$B$640-2,1),9)),IF($O10=\"Class_6\",INDEX('ER C6 FLT3'!$A$4:$J$640,MATCH(DropData!$J50&$C10,'ER C6 FLT3'!$A$4:$A$640&'ER C6 FLT3'!$B$4:$B$640-2,1),8)*IF($O10=\"Class_6\",INDEX('ER C6 FLT3'!$A$4:$J$640,MATCH(DropData!$J50&$C10,'ER C6 FLT3'!$A$4:$A$640&'ER C6 FLT3'!$B$4:$B$640-2,1),9))))),IF($B10=\"2 Trucks\",IF(OR($O10=\"Class_8\",$N10=\"Replacement8HHD\",$AI10=\"CL7HHD\"),INDEX('ER C8 FLT2'!$A$4:$J$640,MATCH(DropData!$J50&$C10,'ER C8 FLT2'!$A$4:$A$640&'ER C8 FLT2'!$B$4:$B$640-2,1),8)*IF(OR($O10=\"Class_8\",$N10=\"Replacement8HHD\",$AI10=\"CL7HHD\"),INDEX('ER C8 FLT2'!$A$4:$J$640,MATCH(DropData!$J50&$C10,'ER C8 FLT2'!$A$4:$A$640&'ER C8 FLT2'!$B$4:$B$640-2,1),9)),IF($O10=\"Class_7\",INDEX('ER C7 FLT2'!$A$4:$J$640,MATCH(DropData!$J50&$C10,'ER C7 FLT2'!$A$4:$A$640&'ER C7 FLT2'!$B$4:$B$640-2,1),8)*IF($O10=\"Class_7\",INDEX('ER C7 FLT2'!$A$4:$J$640,MATCH(DropData!$J50&$C10,'ER C7 FLT2'!$A$4:$A$640&'ER C7 FLT2'!$B$4:$B$640-2,1),9)),IF($O10=\"Class_6\",INDEX('ER C6 FLT2'!$A$4:$J$640,MATCH(DropData!$J50&$C10,'ER C6 FLT2'!$A$4:$A$640&'ER C6 FLT2'!$B$4:$B$640-2,1),8)*IF($O10=\"Class_6\",INDEX('ER C6 FLT2'!$A$4:$J$640,MATCH(DropData!$J50&$C10,'ER C6 FLT2'!$A$4:$A$640&'ER C6 FLT2'!$B$4:$B$640-2,1),9))))),IF($B10=\"1 Truck\",IF(OR($O10=\"Class_8\",$N10=\"Replacement8HHD\",$AI10=\"CL7HHD\"),INDEX('ER C8 FLT1'!$A$4:$J$640,MATCH(DropData!$J50&$C10,'ER C8 FLT1'!$A$4:$A$640&'ER C8 FLT1'!$B$4:$B$640-2,1),8)*IF(OR($O10=\"Class_8\",$N10=\"Replacement8HHD\",$AI10=\"CL7HHD\"),INDEX('ER C8 FLT1'!$A$4:$J$640,MATCH(DropData!$J50&$C10,'ER C8 FLT1'!$A$4:$A$640&'ER C8 FLT1'!$B$4:$B$640-2,1),9)),IF($O10=\"Class_7\",INDEX('ER C7 FLT1'!$A$4:$J$640,MATCH(DropData!$J50&$C10,'ER C7 FLT1'!$A$4:$A$640&'ER C7 FLT1'!$B$4:$B$640-2,1),8)*IF($O10=\"Class_7\",INDEX('ER C7 FLT1'!$A$4:$J$640,MATCH(DropData!$J50&$C10,'ER C7 FLT1'!$A$4:$A$640&'ER C7 FLT1'!$B$4:$B$640-2,1),9)),IF($O10=\"Class_6\",INDEX('ER C6 FLT1'!$A$4:$J$640,MATCH(DropData!$J50&$C10,'ER C6 FLT1'!$A$4:$A$640&'ER C6 FLT1'!$B$4:$B$640-2,1),8)*IF($O10=\"Class_6\",INDEX('ER C6 FLT1'!$A$4:$J$640,MATCH(DropData!$J50&$C10,'ER C6 FLT1'!$A$4:$A$640&'ER C6 FLT1'!$B$4:$B$640-2,1),9)))))))),IF($R10=\"Electric\",OFFSET(INDEX('ER Electric'!$A$6:$E$44,MATCH($C10&$O10,'ER Electric'!$A$6:$A$44&'ER Electric'!$B$6:$B$44,1),3),6,0),))","v":0},{"$f":"IF(OR($R10=\"Diesel\",$R10=\"LNG/CNG\",$R10=\"Hybrid\",$R10=\"Electric w/ AB-118\"),IF($B10=\"3+ Trucks\",IF(OR($O10=\"Class_8\",$N10=\"Replacement8HHD\",$AI10=\"CL7HHD\"),INDEX('ER C8 FLT3'!$A$4:$J$640,MATCH(DropData!$J50&$C10,'ER C8 FLT3'!$A$4:$A$640&'ER C8 FLT3'!$B$4:$B$640-3,1),8)*IF(OR($O10=\"Class_8\",$N10=\"Replacement8HHD\",$AI10=\"CL7HHD\"),INDEX('ER C8 FLT3'!$A$4:$J$640,MATCH(DropData!$J50&$C10,'ER C8 FLT3'!$A$4:$A$640&'ER C8 FLT3'!$B$4:$B$640-3,1),9)),IF($O10=\"Class_7\",INDEX('ER C7 FLT3'!$A$4:$J$640,MATCH(DropData!$J50&$C10,'ER C7 FLT3'!$A$4:$A$640&'ER C7 FLT3'!$B$4:$B$640-3,1),8)*IF($O10=\"Class_7\",INDEX('ER C7 FLT3'!$A$4:$J$640,MATCH(DropData!$J50&$C10,'ER C7 FLT3'!$A$4:$A$640&'ER C7 FLT3'!$B$4:$B$640-3,1),9)),IF($O10=\"Class_6\",INDEX('ER C6 FLT3'!$A$4:$J$640,MATCH(DropData!$J50&$C10,'ER C6 FLT3'!$A$4:$A$640&'ER C6 FLT3'!$B$4:$B$640-3,1),8)*IF($O10=\"Class_6\",INDEX('ER C6 FLT3'!$A$4:$J$640,MATCH(DropData!$J50&$C10,'ER C6 FLT3'!$A$4:$A$640&'ER C6 FLT3'!$B$4:$B$640-3,1),9))))),IF($B10=\"2 Trucks\",IF(OR($O10=\"Class_8\",$N10=\"Replacement8HHD\",$AI10=\"CL7HHD\"),INDEX('ER C8 FLT2'!$A$4:$J$640,MATCH(DropData!$J50&$C10,'ER C8 FLT2'!$A$4:$A$640&'ER C8 FLT2'!$B$4:$B$640-3,1),8)*IF(OR($O10=\"Class_8\",$N10=\"Replacement8HHD\",$AI10=\"CL7HHD\"),INDEX('ER C8 FLT2'!$A$4:$J$640,MATCH(DropData!$J50&$C10,'ER C8 FLT2'!$A$4:$A$640&'ER C8 FLT2'!$B$4:$B$640-3,1),9)),IF($O10=\"Class_7\",INDEX('ER C7 FLT2'!$A$4:$J$640,MATCH(DropData!$J50&$C10,'ER C7 FLT2'!$A$4:$A$640&'ER C7 FLT2'!$B$4:$B$640-3,1),8)*IF($O10=\"Class_7\",INDEX('ER C7 FLT2'!$A$4:$J$640,MATCH(DropData!$J50&$C10,'ER C7 FLT2'!$A$4:$A$640&'ER C7 FLT2'!$B$4:$B$640-3,1),9)),IF($O10=\"Class_6\",INDEX('ER C6 FLT2'!$A$4:$J$640,MATCH(DropData!$J50&$C10,'ER C6 FLT2'!$A$4:$A$640&'ER C6 FLT2'!$B$4:$B$640-3,1),8)*IF($O10=\"Class_6\",INDEX('ER C6 FLT2'!$A$4:$J$640,MATCH(DropData!$J50&$C10,'ER C6 FLT2'!$A$4:$A$640&'ER C6 FLT2'!$B$4:$B$640-3,1),9))))),IF($B10=\"1 Truck\",IF(OR($O10=\"Class_8\",$N10=\"Replacement8HHD\",$AI10=\"CL7HHD\"),INDEX('ER C8 FLT1'!$A$4:$J$640,MATCH(DropData!$J50&$C10,'ER C8 FLT1'!$A$4:$A$640&'ER C8 FLT1'!$B$4:$B$640-3,1),8)*IF(OR($O10=\"Class_8\",$N10=\"Replacement8HHD\",$AI10=\"CL7HHD\"),INDEX('ER C8 FLT1'!$A$4:$J$640,MATCH(DropData!$J50&$C10,'ER C8 FLT1'!$A$4:$A$640&'ER C8 FLT1'!$B$4:$B$640-3,1),9)),IF($O10=\"Class_7\",INDEX('ER C7 FLT1'!$A$4:$J$640,MATCH(DropData!$J50&$C10,'ER C7 FLT1'!$A$4:$A$640&'ER C7 FLT1'!$B$4:$B$640-3,1),8)*IF($O10=\"Class_7\",INDEX('ER C7 FLT1'!$A$4:$J$640,MATCH(DropData!$J50&$C10,'ER C7 FLT1'!$A$4:$A$640&'ER C7 FLT1'!$B$4:$B$640-3,1),9)),IF($O10=\"Class_6\",INDEX('ER C6 FLT1'!$A$4:$J$640,MATCH(DropData!$J50&$C10,'ER C6 FLT1'!$A$4:$A$640&'ER C6 FLT1'!$B$4:$B$640-3,1),8)*IF($O10=\"Class_6\",INDEX('ER C6 FLT1'!$A$4:$J$640,MATCH(DropData!$J50&$C10,'ER C6 FLT1'!$A$4:$A$640&'ER C6 FLT1'!$B$4:$B$640-3,1),9)))))))),IF($R10=\"Electric\",OFFSET(INDEX('ER Electric'!$A$6:$E$44,MATCH($C10&$O10,'ER Electric'!$A$6:$A$44&'ER Electric'!$B$6:$B$44,1),3),9,0),))","v":0},{"$f":"IF(OR($R10=\"Diesel\",$R10=\"LNG/CNG\",$R10=\"Hybrid\",$R10=\"Electric w/ AB-118\"),IF($B10=\"3+ Trucks\",IF(OR($O10=\"Class_8\",$N10=\"Replacement8HHD\",$AI10=\"CL7HHD\"),INDEX('ER C8 FLT3'!$A$4:$J$640,MATCH(DropData!$J50&$C10,'ER C8 FLT3'!$A$4:$A$640&'ER C8 FLT3'!$B$4:$B$640-4,1),8)*IF(OR($O10=\"Class_8\",$N10=\"Replacement8HHD\",$AI10=\"CL7HHD\"),INDEX('ER C8 FLT3'!$A$4:$J$640,MATCH(DropData!$J50&$C10,'ER C8 FLT3'!$A$4:$A$640&'ER C8 FLT3'!$B$4:$B$640-4,1),9)),IF($O10=\"Class_7\",INDEX('ER C7 FLT3'!$A$4:$J$640,MATCH(DropData!$J50&$C10,'ER C7 FLT3'!$A$4:$A$640&'ER C7 FLT3'!$B$4:$B$640-4,1),8)*IF($O10=\"Class_7\",INDEX('ER C7 FLT3'!$A$4:$J$640,MATCH(DropData!$J50&$C10,'ER C7 FLT3'!$A$4:$A$640&'ER C7 FLT3'!$B$4:$B$640-4,1),9)),IF($O10=\"Class_6\",INDEX('ER C6 FLT3'!$A$4:$J$640,MATCH(DropData!$J50&$C10,'ER C6 FLT3'!$A$4:$A$640&'ER C6 FLT3'!$B$4:$B$640-4,1),8)*IF($O10=\"Class_6\",INDEX('ER C6 FLT3'!$A$4:$J$640,MATCH(DropData!$J50&$C10,'ER C6 FLT3'!$A$4:$A$640&'ER C6 FLT3'!$B$4:$B$640-4,1),9))))),IF($B10=\"2 Trucks\",IF(OR($O10=\"Class_8\",$N10=\"Replacement8HHD\",$AI10=\"CL7HHD\"),INDEX('ER C8 FLT2'!$A$4:$J$640,MATCH(DropData!$J50&$C10,'ER C8 FLT2'!$A$4:$A$640&'ER C8 FLT2'!$B$4:$B$640-4,1),8)*IF(OR($O10=\"Class_8\",$N10=\"Replacement8HHD\",$AI10=\"CL7HHD\"),INDEX('ER C8 FLT2'!$A$4:$J$640,MATCH(DropData!$J50&$C10,'ER C8 FLT2'!$A$4:$A$640&'ER C8 FLT2'!$B$4:$B$640-4,1),9)),IF($O10=\"Class_7\",INDEX('ER C7 FLT2'!$A$4:$J$640,MATCH(DropData!$J50&$C10,'ER C7 FLT2'!$A$4:$A$640&'ER C7 FLT2'!$B$4:$B$640-4,1),8)*IF($O10=\"Class_7\",INDEX('ER C7 FLT2'!$A$4:$J$640,MATCH(DropData!$J50&$C10,'ER C7 FLT2'!$A$4:$A$640&'ER C7 FLT2'!$B$4:$B$640-4,1),9)),IF($O10=\"Class_6\",INDEX('ER C6 FLT2'!$A$4:$J$640,MATCH(DropData!$J50&$C10,'ER C6 FLT2'!$A$4:$A$640&'ER C6 FLT2'!$B$4:$B$640-4,1),8)*IF($O10=\"Class_6\",INDEX('ER C6 FLT2'!$A$4:$J$640,MATCH(DropData!$J50&$C10,'ER C6 FLT2'!$A$4:$A$640&'ER C6 FLT2'!$B$4:$B$640-4,1),9))))),IF($B10=\"1 Truck\",IF(OR($O10=\"Class_8\",$N10=\"Replacement8HHD\",$AI10=\"CL7HHD\"),INDEX('ER C8 FLT1'!$A$4:$J$640,MATCH(DropData!$J50&$C10,'ER C8 FLT1'!$A$4:$A$640&'ER C8 FLT1'!$B$4:$B$640-4,1),8)*IF(OR($O10=\"Class_8\",$N10=\"Replacement8HHD\",$AI10=\"CL7HHD\"),INDEX('ER C8 FLT1'!$A$4:$J$640,MATCH(DropData!$J50&$C10,'ER C8 FLT1'!$A$4:$A$640&'ER C8 FLT1'!$B$4:$B$640-4,1),9)),IF($O10=\"Class_7\",INDEX('ER C7 FLT1'!$A$4:$J$640,MATCH(DropData!$J50&$C10,'ER C7 FLT1'!$A$4:$A$640&'ER C7 FLT1'!$B$4:$B$640-4,1),8)*IF($O10=\"Class_7\",INDEX('ER C7 FLT1'!$A$4:$J$640,MATCH(DropData!$J50&$C10,'ER C7 FLT1'!$A$4:$A$640&'ER C7 FLT1'!$B$4:$B$640-4,1),9)),IF($O10=\"Class_6\",INDEX('ER C6 FLT1'!$A$4:$J$640,MATCH(DropData!$J50&$C10,'ER C6 FLT1'!$A$4:$A$640&'ER C6 FLT1'!$B$4:$B$640-4,1),8)*IF($O10=\"Class_6\",INDEX('ER C6 FLT1'!$A$4:$J$640,MATCH(DropData!$J50&$C10,'ER C6 FLT1'!$A$4:$A$640&'ER C6 FLT1'!$B$4:$B$640-4,1),9)))))))),IF($R10=\"Electric\",OFFSET(INDEX('ER Electric'!$A$6:$E$44,MATCH($C10&$O10,'ER Electric'!$A$6:$A$44&'ER Electric'!$B$6:$B$44,1),3),12,0),))","v":0},{"$f":"IF($C10<2015,1,2)","v":1},0,{"$f":"IF($C10<2015,1,2)","v":1},{"$f":"IFERROR(IF($B10=\"3+ Trucks\",IF($Z10=\"Class_8\",INDEX('ER C8 FLT3'!$A$4:$J$640,MATCH($W10&$C10,'ER C8 FLT3'!$A$4:$A$640&'ER C8 FLT3'!$B$4:$B$640,1),8)*IF($Z10=\"Class_8\",INDEX('ER C8 FLT3'!$A$4:$J$640,MATCH($W10&$C10,'ER C8 FLT3'!$A$4:$A$640&'ER C8 FLT3'!$B$4:$B$640,1),9)),IF($Z10=\"Class_7\",INDEX('ER C7 FLT3'!$A$4:$J$640,MATCH($W10&$C10,'ER C7 FLT3'!$A$4:$A$640&'ER C7 FLT3'!$B$4:$B$640,1),8)*IF($Z10=\"Class_7\",INDEX('ER C7 FLT3'!$A$4:$J$640,MATCH($W10&$C10,'ER C7 FLT3'!$A$4:$A$640&'ER C7 FLT3'!$B$4:$B$640,1),9)),\nIF($Z10=\"Class_6\",INDEX('ER C6 FLT3'!$A$4:$J$640,MATCH($W10&$C10,'ER C6 FLT3'!$A$4:$A$640&'ER C6 FLT3'!$B$4:$B$640,1),8)*IF($Z10=\"Class_6\",INDEX('ER C6 FLT3'!$A$4:$L$640,MATCH($W10&$C10,'ER C6 FLT3'!$A$4:$A$640&'ER C6 FLT3'!$B$4:$B$640,1),9))))),IF($B10=\"2 Trucks\",IF($Z10=\"Class_8\",INDEX('ER C8 FLT2'!$A$4:$J$640,MATCH($W10&$C10,'ER C8 FLT2'!$A$4:$A$640&'ER C8 FLT2'!$B$4:$B$640,1),8)*IF($Z10=\"Class_8\",INDEX('ER C8 FLT2'!$A$4:$J$640,MATCH($W10&$C10,'ER C8 FLT2'!$A$4:$A$640&'ER C8 FLT2'!$B$4:$B$640,1),9)),IF($Z10=\"Class_7\",INDEX('ER C7 FLT2'!$A$4:$J$640,MATCH($W10&$C10,'ER C7 FLT2'!$A$4:$A$640&'ER C7 FLT2'!$B$4:$B$640,1),8)*IF($Z10=\"Class_7\",INDEX('ER C7 FLT2'!$A$4:$J$640,MATCH($W10&$C10,'ER C7 FLT2'!$A$4:$A$640&'ER C7 FLT2'!$B$4:$B$640,1),9)),IF($Z10=\"Class_6\",INDEX('ER C6 FLT2'!$A$4:$J$640,MATCH($W10&$C10,'ER C6 FLT2'!$A$4:$A$640&'ER C6 FLT2'!$B$4:$B$640,1),8)*IF($Z10=\"Class_6\",INDEX('ER C6 FLT2'!$A$4:$J$640,MATCH($W10&$C10,'ER C6 FLT2'!$A$4:$A$640&'ER C6 FLT2'!$B$4:$B$640,1),9))))),IF($B10=\"1 Truck\",\nIF($Z10=\"Class_8\",INDEX('ER C8 FLT1'!$A$4:$J$640,MATCH($W10&$C10,'ER C8 FLT1'!$A$4:$A$640&'ER C8 FLT1'!$B$4:$B$640,1),8)*IF($Z10=\"Class_8\",INDEX('ER C8 FLT1'!$A$4:$J$640,MATCH($W10&$C10,'ER C8 FLT1'!$A$4:$A$640&'ER C8 FLT1'!$B$4:$B$640,1),9)),IF($Z10=\"Class_7\",INDEX('ER C7 FLT1'!$A$4:$J$640,MATCH($W10&$C10,'ER C7 FLT1'!$A$4:$A$640&'ER C7 FLT1'!$B$4:$B$640,1),8)*IF($Z10=\"Class_7\",INDEX('ER C7 FLT1'!$A$4:$J$640,MATCH($W10&$C10,'ER C7 FLT1'!$A$4:$A$640&'ER C7 FLT1'!$B$4:$B$640,1),9)),\nIF($Z10=\"Class_6\",INDEX('ER C6 FLT1'!$A$4:$J$640,MATCH($W10&$C10,'ER C6 FLT1'!$A$4:$A$640&'ER C6 FLT1'!$B$4:$B$640,1),8)*IF($Z10=\"Class_6\",INDEX('ER C6 FLT1'!$A$4:$J$640,MATCH($W10&$C10,'ER C6 FLT1'!$A$4:$A$640&'ER C6 FLT1'!$B$4:$B$640,1),9))))))))*IF($X10=\"Level 1 PM\",0.75,IF($X10=\"Level 2 PM\",0.5,IF($X10=\"Level 3 PM\",0,IF($X10=\"Level 3 PM + Mark I NOx\",0,1))))*($AC10/453.6)-IF(BG10=0,AV10,0),\"0.00\")","v":0},{"$f":"IFERROR(MAX(0,BI10/BH10),\"0.00\")","v":0},{"$f":"IFERROR(MAX(0,BG10+BJ10),\"0.00\")","v":0},0,{"$f":"IF($B10=\"3+ Trucks\",IF($Z10=\"Class_8\",INDEX('ER C8 FLT3'!$A$4:$J$640,MATCH($W10&$C10,'ER C8 FLT3'!$A$4:$A$640&'ER C8 FLT3'!$B$4:$B$640-1,1),8)*IF($Z10=\"Class_8\",INDEX('ER C8 FLT3'!$A$4:$J$640,MATCH($W10&$C10,'ER C8 FLT3'!$A$4:$A$640&'ER C8 FLT3'!$B$4:$B$640-1,1),9)),IF($Z10=\"Class_7\",INDEX('ER C7 FLT3'!$A$4:$J$640,MATCH($W10&$C10,'ER C7 FLT3'!$A$4:$A$640&'ER C7 FLT3'!$B$4:$B$640-1,1),8)*IF($Z10=\"Class_7\",INDEX('ER C7 FLT3'!$A$4:$J$640,MATCH($W10&$C10,'ER C7 FLT3'!$A$4:$A$640&'ER C7 FLT3'!$B$4:$B$640-1,1),9)),\nIF($Z10=\"Class_6\",INDEX('ER C6 FLT3'!$A$4:$J$640,MATCH($W10&$C10,'ER C6 FLT3'!$A$4:$A$640&'ER C6 FLT3'!$B$4:$B$640-1,1),8)*IF($Z10=\"Class_6\",INDEX('ER C6 FLT3'!$A$4:$L$640,MATCH($W10&$C10,'ER C6 FLT3'!$A$4:$A$640&'ER C6 FLT3'!$B$4:$B$640-1,1),9))))),IF($B10=\"2 Trucks\",IF($Z10=\"Class_8\",INDEX('ER C8 FLT2'!$A$4:$J$640,MATCH($W10&$C10,'ER C8 FLT2'!$A$4:$A$640&'ER C8 FLT2'!$B$4:$B$640-1,1),8)*IF($Z10=\"Class_8\",INDEX('ER C8 FLT2'!$A$4:$J$640,MATCH($W10&$C10,'ER C8 FLT2'!$A$4:$A$640&'ER C8 FLT2'!$B$4:$B$640-1,1),9)),IF($Z10=\"Class_7\",INDEX('ER C7 FLT2'!$A$4:$J$640,MATCH($W10&$C10,'ER C7 FLT2'!$A$4:$A$640&'ER C7 FLT2'!$B$4:$B$640-1,1),8)*IF($Z10=\"Class_7\",INDEX('ER C7 FLT2'!$A$4:$J$640,MATCH($W10&$C10,'ER C7 FLT2'!$A$4:$A$640&'ER C7 FLT2'!$B$4:$B$640-1,1),9)),IF($Z10=\"Class_6\",INDEX('ER C6 FLT2'!$A$4:$J$640,MATCH($W10&$C10,'ER C6 FLT2'!$A$4:$A$640&'ER C6 FLT2'!$B$4:$B$640-1,1),8)*IF($Z10=\"Class_6\",INDEX('ER C6 FLT2'!$A$4:$J$640,MATCH($W10&$C10,'ER C6 FLT2'!$A$4:$A$640&'ER C6 FLT2'!$B$4:$B$640-1,1),9))))),IF($B10=\"1 Truck\",\nIF($Z10=\"Class_8\",INDEX('ER C8 FLT1'!$A$4:$J$640,MATCH($W10&$C10,'ER C8 FLT1'!$A$4:$A$640&'ER C8 FLT1'!$B$4:$B$640-1,1),8)*IF($Z10=\"Class_8\",INDEX('ER C8 FLT1'!$A$4:$J$640,MATCH($W10&$C10,'ER C8 FLT1'!$A$4:$A$640&'ER C8 FLT1'!$B$4:$B$640-1,1),9)),IF($Z10=\"Class_7\",INDEX('ER C7 FLT1'!$A$4:$J$640,MATCH($W10&$C10,'ER C7 FLT1'!$A$4:$A$640&'ER C7 FLT1'!$B$4:$B$640-1,1),8)*IF($Z10=\"Class_7\",INDEX('ER C7 FLT1'!$A$4:$J$640,MATCH($W10&$C10,'ER C7 FLT1'!$A$4:$A$640&'ER C7 FLT1'!$B$4:$B$640-1,1),9)),\nIF($Z10=\"Class_6\",INDEX('ER C6 FLT1'!$A$4:$J$640,MATCH($W10&$C10,'ER C6 FLT1'!$A$4:$A$640&'ER C6 FLT1'!$B$4:$B$640-1,1),8)*IF($Z10=\"Class_6\",INDEX('ER C6 FLT1'!$A$4:$J$640,MATCH($W10&$C10,'ER C6 FLT1'!$A$4:$A$640&'ER C6 FLT1'!$B$4:$B$640-1,1),9))))))))*IF($X10=\"Level 1 PM\",0.75,IF($X10=\"Level 2 PM\",0.5,IF($X10=\"Level 3 PM\",0,IF($X10=\"Level 3 PM + Mark I NOx\",0,1))))*($AC10/453.6)-IF(BL10=0,AW10,0)","v":0},0,0,{"$f":"IF($B10=\"3+ Trucks\",IF($Z10=\"Class_8\",INDEX('ER C8 FLT3'!$A$4:$J$640,MATCH($W10&$C10,'ER C8 FLT3'!$A$4:$A$640&'ER C8 FLT3'!$B$4:$B$640-2,1),8)*IF($Z10=\"Class_8\",INDEX('ER C8 FLT3'!$A$4:$J$640,MATCH($W10&$C10,'ER C8 FLT3'!$A$4:$A$640&'ER C8 FLT3'!$B$4:$B$640-2,1),9)),IF($Z10=\"Class_7\",INDEX('ER C7 FLT3'!$A$4:$J$640,MATCH($W10&$C10,'ER C7 FLT3'!$A$4:$A$640&'ER C7 FLT3'!$B$4:$B$640-2,1),8)*IF($Z10=\"Class_7\",INDEX('ER C7 FLT3'!$A$4:$J$640,MATCH($W10&$C10,'ER C7 FLT3'!$A$4:$A$640&'ER C7 FLT3'!$B$4:$B$640-2,1),9)),\nIF($Z10=\"Class_6\",INDEX('ER C6 FLT3'!$A$4:$J$640,MATCH($W10&$C10,'ER C6 FLT3'!$A$4:$A$640&'ER C6 FLT3'!$B$4:$B$640-2,1),8)*IF($Z10=\"Class_6\",INDEX('ER C6 FLT3'!$A$4:$L$640,MATCH($W10&$C10,'ER C6 FLT3'!$A$4:$A$640&'ER C6 FLT3'!$B$4:$B$640-2,1),9))))),IF($B10=\"2 Trucks\",IF($Z10=\"Class_8\",INDEX('ER C8 FLT2'!$A$4:$J$640,MATCH($W10&$C10,'ER C8 FLT2'!$A$4:$A$640&'ER C8 FLT2'!$B$4:$B$640-2,1),8)*IF($Z10=\"Class_8\",INDEX('ER C8 FLT2'!$A$4:$J$640,MATCH($W10&$C10,'ER C8 FLT2'!$A$4:$A$640&'ER C8 FLT2'!$B$4:$B$640-2,1),9)),IF($Z10=\"Class_7\",INDEX('ER C7 FLT2'!$A$4:$J$640,MATCH($W10&$C10,'ER C7 FLT2'!$A$4:$A$640&'ER C7 FLT2'!$B$4:$B$640-2,1),8)*IF($Z10=\"Class_7\",INDEX('ER C7 FLT2'!$A$4:$J$640,MATCH($W10&$C10,'ER C7 FLT2'!$A$4:$A$640&'ER C7 FLT2'!$B$4:$B$640-2,1),9)),IF($Z10=\"Class_6\",INDEX('ER C6 FLT2'!$A$4:$J$640,MATCH($W10&$C10,'ER C6 FLT2'!$A$4:$A$640&'ER C6 FLT2'!$B$4:$B$640-2,1),8)*IF($Z10=\"Class_6\",INDEX('ER C6 FLT2'!$A$4:$J$640,MATCH($W10&$C10,'ER C6 FLT2'!$A$4:$A$640&'ER C6 FLT2'!$B$4:$B$640-2,1),9))))),IF($B10=\"1 Truck\",\nIF($Z10=\"Class_8\",INDEX('ER C8 FLT1'!$A$4:$J$640,MATCH($W10&$C10,'ER C8 FLT1'!$A$4:$A$640&'ER C8 FLT1'!$B$4:$B$640-2,1),8)*IF($Z10=\"Class_8\",INDEX('ER C8 FLT1'!$A$4:$J$640,MATCH($W10&$C10,'ER C8 FLT1'!$A$4:$A$640&'ER C8 FLT1'!$B$4:$B$640-2,1),9)),IF($Z10=\"Class_7\",INDEX('ER C7 FLT1'!$A$4:$J$640,MATCH($W10&$C10,'ER C7 FLT1'!$A$4:$A$640&'ER C7 FLT1'!$B$4:$B$640-2,1),8)*IF($Z10=\"Class_7\",INDEX('ER C7 FLT1'!$A$4:$J$640,MATCH($W10&$C10,'ER C7 FLT1'!$A$4:$A$640&'ER C7 FLT1'!$B$4:$B$640-2,1),9)),\nIF($Z10=\"Class_6\",INDEX('ER C6 FLT1'!$A$4:$J$640,MATCH($W10&$C10,'ER C6 FLT1'!$A$4:$A$640&'ER C6 FLT1'!$B$4:$B$640-2,1),8)*IF($Z10=\"Class_6\",INDEX('ER C6 FLT1'!$A$4:$J$640,MATCH($W10&$C10,'ER C6 FLT1'!$A$4:$A$640&'ER C6 FLT1'!$B$4:$B$640-2,1),9))))))))*IF($X10=\"Level 1 PM\",0.75,IF($X10=\"Level 2 PM\",0.5,IF($X10=\"Level 3 PM\",0,IF($X10=\"Level 3 PM + Mark I NOx\",0,1))))*($AC10/453.6)-IF(BO10=0,AX10,0)","v":0},0,0,{"$f":"IF($B10=\"3+ Trucks\",IF($Z10=\"Class_8\",INDEX('ER C8 FLT3'!$A$4:$J$640,MATCH($W10&$C10,'ER C8 FLT3'!$A$4:$A$640&'ER C8 FLT3'!$B$4:$B$640-3,1),8)*IF($Z10=\"Class_8\",INDEX('ER C8 FLT3'!$A$4:$J$640,MATCH($W10&$C10,'ER C8 FLT3'!$A$4:$A$640&'ER C8 FLT3'!$B$4:$B$640-3,1),9)),IF($Z10=\"Class_7\",INDEX('ER C7 FLT3'!$A$4:$J$640,MATCH($W10&$C10,'ER C7 FLT3'!$A$4:$A$640&'ER C7 FLT3'!$B$4:$B$640-3,1),8)*IF($Z10=\"Class_7\",INDEX('ER C7 FLT3'!$A$4:$J$640,MATCH($W10&$C10,'ER C7 FLT3'!$A$4:$A$640&'ER C7 FLT3'!$B$4:$B$640-3,1),9)),\nIF($Z10=\"Class_6\",INDEX('ER C6 FLT3'!$A$4:$J$640,MATCH($W10&$C10,'ER C6 FLT3'!$A$4:$A$640&'ER C6 FLT3'!$B$4:$B$640-3,1),8)*IF($Z10=\"Class_6\",INDEX('ER C6 FLT3'!$A$4:$L$640,MATCH($W10&$C10,'ER C6 FLT3'!$A$4:$A$640&'ER C6 FLT3'!$B$4:$B$640-3,1),9))))),IF($B10=\"2 Trucks\",IF($Z10=\"Class_8\",INDEX('ER C8 FLT2'!$A$4:$J$640,MATCH($W10&$C10,'ER C8 FLT2'!$A$4:$A$640&'ER C8 FLT2'!$B$4:$B$640-3,1),8)*IF($Z10=\"Class_8\",INDEX('ER C8 FLT2'!$A$4:$J$640,MATCH($W10&$C10,'ER C8 FLT2'!$A$4:$A$640&'ER C8 FLT2'!$B$4:$B$640-3,1),9)),IF($Z10=\"Class_7\",INDEX('ER C7 FLT2'!$A$4:$J$640,MATCH($W10&$C10,'ER C7 FLT2'!$A$4:$A$640&'ER C7 FLT2'!$B$4:$B$640-3,1),8)*IF($Z10=\"Class_7\",INDEX('ER C7 FLT2'!$A$4:$J$640,MATCH($W10&$C10,'ER C7 FLT2'!$A$4:$A$640&'ER C7 FLT2'!$B$4:$B$640-3,1),9)),IF($Z10=\"Class_6\",INDEX('ER C6 FLT2'!$A$4:$J$640,MATCH($W10&$C10,'ER C6 FLT2'!$A$4:$A$640&'ER C6 FLT2'!$B$4:$B$640-3,1),8)*IF($Z10=\"Class_6\",INDEX('ER C6 FLT2'!$A$4:$J$640,MATCH($W10&$C10,'ER C6 FLT2'!$A$4:$A$640&'ER C6 FLT2'!$B$4:$B$640-3,1),9))))),IF($B10=\"1 Truck\",\nIF($Z10=\"Class_8\",INDEX('ER C8 FLT1'!$A$4:$J$640,MATCH($W10&$C10,'ER C8 FLT1'!$A$4:$A$640&'ER C8 FLT1'!$B$4:$B$640-3,1),8)*IF($Z10=\"Class_8\",INDEX('ER C8 FLT1'!$A$4:$J$640,MATCH($W10&$C10,'ER C8 FLT1'!$A$4:$A$640&'ER C8 FLT1'!$B$4:$B$640-3,1),9)),IF($Z10=\"Class_7\",INDEX('ER C7 FLT1'!$A$4:$J$640,MATCH($W10&$C10,'ER C7 FLT1'!$A$4:$A$640&'ER C7 FLT1'!$B$4:$B$640-3,1),8)*IF($Z10=\"Class_7\",INDEX('ER C7 FLT1'!$A$4:$J$640,MATCH($W10&$C10,'ER C7 FLT1'!$A$4:$A$640&'ER C7 FLT1'!$B$4:$B$640-3,1),9)),\nIF($Z10=\"Class_6\",INDEX('ER C6 FLT1'!$A$4:$J$640,MATCH($W10&$C10,'ER C6 FLT1'!$A$4:$A$640&'ER C6 FLT1'!$B$4:$B$640-3,1),8)*IF($Z10=\"Class_6\",INDEX('ER C6 FLT1'!$A$4:$J$640,MATCH($W10&$C10,'ER C6 FLT1'!$A$4:$A$640&'ER C6 FLT1'!$B$4:$B$640-3,1),9))))))))*IF($X10=\"Level 1 PM\",0.75,IF($X10=\"Level 2 PM\",0.5,IF($X10=\"Level 3 PM\",0,IF($X10=\"Level 3 PM + Mark I NOx\",0,1))))*($AC10/453.6)-IF(BR10=0,AY10,0)","v":0},0,0,{"$f":"IF($B10=\"3+ Trucks\",IF($Z10=\"Class_8\",INDEX('ER C8 FLT3'!$A$4:$J$640,MATCH($W10&$C10,'ER C8 FLT3'!$A$4:$A$640&'ER C8 FLT3'!$B$4:$B$640-4,1),8)*IF($Z10=\"Class_8\",INDEX('ER C8 FLT3'!$A$4:$J$640,MATCH($W10&$C10,'ER C8 FLT3'!$A$4:$A$640&'ER C8 FLT3'!$B$4:$B$640-4,1),9)),IF($Z10=\"Class_7\",INDEX('ER C7 FLT3'!$A$4:$J$640,MATCH($W10&$C10,'ER C7 FLT3'!$A$4:$A$640&'ER C7 FLT3'!$B$4:$B$640-4,1),8)*IF($Z10=\"Class_7\",INDEX('ER C7 FLT3'!$A$4:$J$640,MATCH($W10&$C10,'ER C7 FLT3'!$A$4:$A$640&'ER C7 FLT3'!$B$4:$B$640-4,1),9)),\nIF($Z10=\"Class_6\",INDEX('ER C6 FLT3'!$A$4:$J$640,MATCH($W10&$C10,'ER C6 FLT3'!$A$4:$A$640&'ER C6 FLT3'!$B$4:$B$640-4,1),8)*IF($Z10=\"Class_6\",INDEX('ER C6 FLT3'!$A$4:$L$640,MATCH($W10&$C10,'ER C6 FLT3'!$A$4:$A$640&'ER C6 FLT3'!$B$4:$B$640-4,1),9))))),IF($B10=\"2 Trucks\",IF($Z10=\"Class_8\",INDEX('ER C8 FLT2'!$A$4:$J$640,MATCH($W10&$C10,'ER C8 FLT2'!$A$4:$A$640&'ER C8 FLT2'!$B$4:$B$640-4,1),8)*IF($Z10=\"Class_8\",INDEX('ER C8 FLT2'!$A$4:$J$640,MATCH($W10&$C10,'ER C8 FLT2'!$A$4:$A$640&'ER C8 FLT2'!$B$4:$B$640-4,1),9)),IF($Z10=\"Class_7\",INDEX('ER C7 FLT2'!$A$4:$J$640,MATCH($W10&$C10,'ER C7 FLT2'!$A$4:$A$640&'ER C7 FLT2'!$B$4:$B$640-4,1),8)*IF($Z10=\"Class_7\",INDEX('ER C7 FLT2'!$A$4:$J$640,MATCH($W10&$C10,'ER C7 FLT2'!$A$4:$A$640&'ER C7 FLT2'!$B$4:$B$640-4,1),9)),IF($Z10=\"Class_6\",INDEX('ER C6 FLT2'!$A$4:$J$640,MATCH($W10&$C10,'ER C6 FLT2'!$A$4:$A$640&'ER C6 FLT2'!$B$4:$B$640-4,1),8)*IF($Z10=\"Class_6\",INDEX('ER C6 FLT2'!$A$4:$J$640,MATCH($W10&$C10,'ER C6 FLT2'!$A$4:$A$640&'ER C6 FLT2'!$B$4:$B$640-4,1),9))))),IF($B10=\"1 Truck\",\nIF($Z10=\"Class_8\",INDEX('ER C8 FLT1'!$A$4:$J$640,MATCH($W10&$C10,'ER C8 FLT1'!$A$4:$A$640&'ER C8 FLT1'!$B$4:$B$640-4,1),8)*IF($Z10=\"Class_8\",INDEX('ER C8 FLT1'!$A$4:$J$640,MATCH($W10&$C10,'ER C8 FLT1'!$A$4:$A$640&'ER C8 FLT1'!$B$4:$B$640-4,1),9)),IF($Z10=\"Class_7\",INDEX('ER C7 FLT1'!$A$4:$J$640,MATCH($W10&$C10,'ER C7 FLT1'!$A$4:$A$640&'ER C7 FLT1'!$B$4:$B$640-4,1),8)*IF($Z10=\"Class_7\",INDEX('ER C7 FLT1'!$A$4:$J$640,MATCH($W10&$C10,'ER C7 FLT1'!$A$4:$A$640&'ER C7 FLT1'!$B$4:$B$640-4,1),9)),\nIF($Z10=\"Class_6\",INDEX('ER C6 FLT1'!$A$4:$J$640,MATCH($W10&$C10,'ER C6 FLT1'!$A$4:$A$640&'ER C6 FLT1'!$B$4:$B$640-4,1),8)*IF($Z10=\"Class_6\",INDEX('ER C6 FLT1'!$A$4:$J$640,MATCH($W10&$C10,'ER C6 FLT1'!$A$4:$A$640&'ER C6 FLT1'!$B$4:$B$640-4,1),9))))))))*IF($X10=\"Level 1 PM\",0.75,IF($X10=\"Level 2 PM\",0.5,IF($X10=\"Level 3 PM\",0,IF($X10=\"Level 3 PM + Mark I NOx\",0,1))))*($AC10/453.6)-IF(BU10=0,AZ10,0)","v":0},{"$f":"MAX(0,BU10+BV10)","v":0},{"$f":"(MAX(0,BK10+BN10+BQ10+BT10+BW10))","v":0},{"$f":"IF($B10=\"3+ Trucks\",IF(OR($H10=\"Class_8\",$N10=\"Replacement8HHD\",$AH10=\"CL7HHD\",$AJ10=\"CL7to8\"),INDEX('ER C8 FLT3'!$A$4:$J$640,MATCH($E10&$C10,'ER C8 FLT3'!$A$4:$A$640&'ER C8 FLT3'!$B$4:$B$640,1),5)*IF(OR($H10=\"Class_8\",$N10=\"Replacement8HHD\",$AH10=\"CL7HHD\",$AJ10=\"CL7to8\"),INDEX('ER C8 FLT3'!$A$4:$J$640,MATCH($E10&$C10,'ER C8 FLT3'!$A$4:$A$640&'ER C8 FLT3'!$B$4:$B$640,1),7)),IF($H10=\"Class_7\",INDEX('ER C7 FLT3'!$A$4:$J$640,MATCH($E10&$C10,'ER C7 FLT3'!$A$4:$A$640&'ER C7 FLT3'!$B$4:$B$640,1),5)*IF($H10=\"Class_7\",INDEX('ER C7 FLT3'!$A$4:$J$640,MATCH($E10&$C10,'ER C7 FLT3'!$A$4:$A$640&'ER C7 FLT3'!$B$4:$B$640,1),7)),\nIF($H10=\"Class_6\",INDEX('ER C6 FLT3'!$A$4:$J$640,MATCH($E10&$C10,'ER C6 FLT3'!$A$4:$A$640&'ER C6 FLT3'!$B$4:$B$640,1),5)*IF($H10=\"Class_6\",INDEX('ER C6 FLT3'!$A$4:$L$640,MATCH($E10&$C10,'ER C6 FLT3'!$A$4:$A$640&'ER C6 FLT3'!$B$4:$B$640,1),7))))),IF($B10=\"2 Trucks\",IF(OR($H10=\"Class_8\",$N10=\"Replacement8HHD\",$AH10=\"CL7HHD\",$AJ10=\"CL7to8\"),INDEX('ER C8 FLT2'!$A$4:$J$640,MATCH($E10&$C10,'ER C8 FLT2'!$A$4:$A$640&'ER C8 FLT2'!$B$4:$B$640,1),5)*IF(OR($H10=\"Class_8\",$N10=\"Replacement8HHD\",$AH10=\"CL7HHD\",$AJ10=\"CL7to8\"),INDEX('ER C8 FLT2'!$A$4:$J$640,MATCH($E10&$C10,'ER C8 FLT2'!$A$4:$A$640&'ER C8 FLT2'!$B$4:$B$640,1),7)),IF($H10=\"Class_7\",INDEX('ER C7 FLT2'!$A$4:$J$640,MATCH($E10&$C10,'ER C7 FLT2'!$A$4:$A$640&'ER C7 FLT2'!$B$4:$B$640,1),5)*IF($H10=\"Class_7\",INDEX('ER C7 FLT2'!$A$4:$J$640,MATCH($E10&$C10,'ER C7 FLT2'!$A$4:$A$640&'ER C7 FLT2'!$B$4:$B$640,1),7)),IF($H10=\"Class_6\",INDEX('ER C6 FLT2'!$A$4:$J$640,MATCH($E10&$C10,'ER C6 FLT2'!$A$4:$A$640&'ER C6 FLT2'!$B$4:$B$640,1),5)*IF($H10=\"Class_6\",INDEX('ER C6 FLT2'!$A$4:$J$640,MATCH($E10&$C10,'ER C6 FLT2'!$A$4:$A$640&'ER C6 FLT2'!$B$4:$B$640,1),7))))),IF($B10=\"1 Truck\",\nIF(OR($H10=\"Class_8\",$N10=\"Replacement8HHD\",$AH10=\"CL7HHD\",$AJ10=\"CL7to8\"),INDEX('ER C8 FLT1'!$A$4:$J$640,MATCH($E10&$C10,'ER C8 FLT1'!$A$4:$A$640&'ER C8 FLT1'!$B$4:$B$640,1),5)*IF(OR($H10=\"Class_8\",$N10=\"Replacement8HHD\",$AH10=\"CL7HHD\",$AJ10=\"CL7to8\"),INDEX('ER C8 FLT1'!$A$4:$J$640,MATCH($E10&$C10,'ER C8 FLT1'!$A$4:$A$640&'ER C8 FLT1'!$B$4:$B$640,1),7)),IF($H10=\"Class_7\",INDEX('ER C7 FLT1'!$A$4:$J$640,MATCH($E10&$C10,'ER C7 FLT1'!$A$4:$A$640&'ER C7 FLT1'!$B$4:$B$640,1),5)*IF($H10=\"Class_7\",INDEX('ER C7 FLT1'!$A$4:$J$640,MATCH($E10&$C10,'ER C7 FLT1'!$A$4:$A$640&'ER C7 FLT1'!$B$4:$B$640,1),7)),\nIF($H10=\"Class_6\",INDEX('ER C6 FLT1'!$A$4:$J$640,MATCH($E10&$C10,'ER C6 FLT1'!$A$4:$A$640&'ER C6 FLT1'!$B$4:$B$640,1),5)*IF($H10=\"Class_6\",INDEX('ER C6 FLT1'!$A$4:$J$640,MATCH($E10&$C10,'ER C6 FLT1'!$A$4:$A$640&'ER C6 FLT1'!$B$4:$B$640,1),7))))))))*IF($F10=\"Level 1 PM + Mark I NOx\",0.75,1)*($Q10/453.6)","v":0},{"$f":"IF($B10=\"3+ Trucks\",IF(OR($H10=\"Class_8\",$N10=\"Replacement8HHD\",$AH10=\"CL7HHD\",$AJ10=\"CL7to8\"),INDEX('ER C8 FLT3'!$A$4:$J$640,MATCH($E10&$C10,'ER C8 FLT3'!$A$4:$A$640&'ER C8 FLT3'!$B$4:$B$640-1,1),5)*IF(OR($H10=\"Class_8\",$N10=\"Replacement8HHD\",$AH10=\"CL7HHD\",$AJ10=\"CL7to8\"),INDEX('ER C8 FLT3'!$A$4:$J$640,MATCH($E10&$C10,'ER C8 FLT3'!$A$4:$A$640&'ER C8 FLT3'!$B$4:$B$640-1,1),7)),IF($H10=\"Class_7\",INDEX('ER C7 FLT3'!$A$4:$J$640,MATCH($E10&$C10,'ER C7 FLT3'!$A$4:$A$640&'ER C7 FLT3'!$B$4:$B$640-1,1),5)*IF($H10=\"Class_7\",INDEX('ER C7 FLT3'!$A$4:$J$640,MATCH($E10&$C10,'ER C7 FLT3'!$A$4:$A$640&'ER C7 FLT3'!$B$4:$B$640-1,1),7)),\nIF($H10=\"Class_6\",INDEX('ER C6 FLT3'!$A$4:$J$640,MATCH($E10&$C10,'ER C6 FLT3'!$A$4:$A$640&'ER C6 FLT3'!$B$4:$B$640-1,1),5)*IF($H10=\"Class_6\",INDEX('ER C6 FLT3'!$A$4:$L$640,MATCH($E10&$C10,'ER C6 FLT3'!$A$4:$A$640&'ER C6 FLT3'!$B$4:$B$640-1,1),7))))),IF($B10=\"2 Trucks\",IF(OR($H10=\"Class_8\",$N10=\"Replacement8HHD\",$AH10=\"CL7HHD\",$AJ10=\"CL7to8\"),INDEX('ER C8 FLT2'!$A$4:$J$640,MATCH($E10&$C10,'ER C8 FLT2'!$A$4:$A$640&'ER C8 FLT2'!$B$4:$B$640-1,1),5)*IF(OR($H10=\"Class_8\",$N10=\"Replacement8HHD\",$AH10=\"CL7HHD\",$AJ10=\"CL7to8\"),INDEX('ER C8 FLT2'!$A$4:$J$640,MATCH($E10&$C10,'ER C8 FLT2'!$A$4:$A$640&'ER C8 FLT2'!$B$4:$B$640-1,1),7)),IF($H10=\"Class_7\",INDEX('ER C7 FLT2'!$A$4:$J$640,MATCH($E10&$C10,'ER C7 FLT2'!$A$4:$A$640&'ER C7 FLT2'!$B$4:$B$640-1,1),5)*IF($H10=\"Class_7\",INDEX('ER C7 FLT2'!$A$4:$J$640,MATCH($E10&$C10,'ER C7 FLT2'!$A$4:$A$640&'ER C7 FLT2'!$B$4:$B$640-1,1),7)),IF($H10=\"Class_6\",INDEX('ER C6 FLT2'!$A$4:$J$640,MATCH($E10&$C10,'ER C6 FLT2'!$A$4:$A$640&'ER C6 FLT2'!$B$4:$B$640-1,1),5)*IF($H10=\"Class_6\",INDEX('ER C6 FLT2'!$A$4:$J$640,MATCH($E10&$C10,'ER C6 FLT2'!$A$4:$A$640&'ER C6 FLT2'!$B$4:$B$640-1,1),7))))),IF($B10=\"1 Truck\",\nIF(OR($H10=\"Class_8\",$N10=\"Replacement8HHD\",$AH10=\"CL7HHD\",$AJ10=\"CL7to8\"),INDEX('ER C8 FLT1'!$A$4:$J$640,MATCH($E10&$C10,'ER C8 FLT1'!$A$4:$A$640&'ER C8 FLT1'!$B$4:$B$640-1,1),5)*IF(OR($H10=\"Class_8\",$N10=\"Replacement8HHD\",$AH10=\"CL7HHD\",$AJ10=\"CL7to8\"),INDEX('ER C8 FLT1'!$A$4:$J$640,MATCH($E10&$C10,'ER C8 FLT1'!$A$4:$A$640&'ER C8 FLT1'!$B$4:$B$640-1,1),7)),IF($H10=\"Class_7\",INDEX('ER C7 FLT1'!$A$4:$J$640,MATCH($E10&$C10,'ER C7 FLT1'!$A$4:$A$640&'ER C7 FLT1'!$B$4:$B$640-1,1),5)*IF($H10=\"Class_7\",INDEX('ER C7 FLT1'!$A$4:$J$640,MATCH($E10&$C10,'ER C7 FLT1'!$A$4:$A$640&'ER C7 FLT1'!$B$4:$B$640-1,1),7)),\nIF($H10=\"Class_6\",INDEX('ER C6 FLT1'!$A$4:$J$640,MATCH($E10&$C10,'ER C6 FLT1'!$A$4:$A$640&'ER C6 FLT1'!$B$4:$B$640-1,1),5)*IF($H10=\"Class_6\",INDEX('ER C6 FLT1'!$A$4:$J$640,MATCH($E10&$C10,'ER C6 FLT1'!$A$4:$A$640&'ER C6 FLT1'!$B$4:$B$640-1,1),7))))))))*IF($F10=\"Level 1 PM + Mark I NOx\",0.75,1)*($Q10/453.6)","v":0},{"$f":"IF($B10=\"3+ Trucks\",IF(OR($H10=\"Class_8\",$N10=\"Replacement8HHD\",$AH10=\"CL7HHD\",$AJ10=\"CL7to8\"),INDEX('ER C8 FLT3'!$A$4:$J$640,MATCH($E10&$C10,'ER C8 FLT3'!$A$4:$A$640&'ER C8 FLT3'!$B$4:$B$640-2,1),5)*IF(OR($H10=\"Class_8\",$N10=\"Replacement8HHD\",$AH10=\"CL7HHD\",$AJ10=\"CL7to8\"),INDEX('ER C8 FLT3'!$A$4:$J$640,MATCH($E10&$C10,'ER C8 FLT3'!$A$4:$A$640&'ER C8 FLT3'!$B$4:$B$640-2,1),7)),IF($H10=\"Class_7\",INDEX('ER C7 FLT3'!$A$4:$J$640,MATCH($E10&$C10,'ER C7 FLT3'!$A$4:$A$640&'ER C7 FLT3'!$B$4:$B$640-2,1),5)*IF($H10=\"Class_7\",INDEX('ER C7 FLT3'!$A$4:$J$640,MATCH($E10&$C10,'ER C7 FLT3'!$A$4:$A$640&'ER C7 FLT3'!$B$4:$B$640-2,1),7)),\nIF($H10=\"Class_6\",INDEX('ER C6 FLT3'!$A$4:$J$640,MATCH($E10&$C10,'ER C6 FLT3'!$A$4:$A$640&'ER C6 FLT3'!$B$4:$B$640-2,1),5)*IF($H10=\"Class_6\",INDEX('ER C6 FLT3'!$A$4:$L$640,MATCH($E10&$C10,'ER C6 FLT3'!$A$4:$A$640&'ER C6 FLT3'!$B$4:$B$640-2,1),7))))),IF($B10=\"2 Trucks\",IF(OR($H10=\"Class_8\",$N10=\"Replacement8HHD\",$AH10=\"CL7HHD\",$AJ10=\"CL7to8\"),INDEX('ER C8 FLT2'!$A$4:$J$640,MATCH($E10&$C10,'ER C8 FLT2'!$A$4:$A$640&'ER C8 FLT2'!$B$4:$B$640-2,1),5)*IF(OR($H10=\"Class_8\",$N10=\"Replacement8HHD\",$AH10=\"CL7HHD\",$AJ10=\"CL7to8\"),INDEX('ER C8 FLT2'!$A$4:$J$640,MATCH($E10&$C10,'ER C8 FLT2'!$A$4:$A$640&'ER C8 FLT2'!$B$4:$B$640-2,1),7)),IF($H10=\"Class_7\",INDEX('ER C7 FLT2'!$A$4:$J$640,MATCH($E10&$C10,'ER C7 FLT2'!$A$4:$A$640&'ER C7 FLT2'!$B$4:$B$640-2,1),5)*IF($H10=\"Class_7\",INDEX('ER C7 FLT2'!$A$4:$J$640,MATCH($E10&$C10,'ER C7 FLT2'!$A$4:$A$640&'ER C7 FLT2'!$B$4:$B$640-2,1),7)),IF($H10=\"Class_6\",INDEX('ER C6 FLT2'!$A$4:$J$640,MATCH($E10&$C10,'ER C6 FLT2'!$A$4:$A$640&'ER C6 FLT2'!$B$4:$B$640-2,1),5)*IF($H10=\"Class_6\",INDEX('ER C6 FLT2'!$A$4:$J$640,MATCH($E10&$C10,'ER C6 FLT2'!$A$4:$A$640&'ER C6 FLT2'!$B$4:$B$640-2,1),7))))),IF($B10=\"1 Truck\",\nIF(OR($H10=\"Class_8\",$N10=\"Replacement8HHD\",$AH10=\"CL7HHD\",$AJ10=\"CL7to8\"),INDEX('ER C8 FLT1'!$A$4:$J$640,MATCH($E10&$C10,'ER C8 FLT1'!$A$4:$A$640&'ER C8 FLT1'!$B$4:$B$640-2,1),5)*IF(OR($H10=\"Class_8\",$N10=\"Replacement8HHD\",$AH10=\"CL7HHD\",$AJ10=\"CL7to8\"),INDEX('ER C8 FLT1'!$A$4:$J$640,MATCH($E10&$C10,'ER C8 FLT1'!$A$4:$A$640&'ER C8 FLT1'!$B$4:$B$640-2,1),7)),IF($H10=\"Class_7\",INDEX('ER C7 FLT1'!$A$4:$J$640,MATCH($E10&$C10,'ER C7 FLT1'!$A$4:$A$640&'ER C7 FLT1'!$B$4:$B$640-2,1),5)*IF($H10=\"Class_7\",INDEX('ER C7 FLT1'!$A$4:$J$640,MATCH($E10&$C10,'ER C7 FLT1'!$A$4:$A$640&'ER C7 FLT1'!$B$4:$B$640-2,1),7)),\nIF($H10=\"Class_6\",INDEX('ER C6 FLT1'!$A$4:$J$640,MATCH($E10&$C10,'ER C6 FLT1'!$A$4:$A$640&'ER C6 FLT1'!$B$4:$B$640-2,1),5)*IF($H10=\"Class_6\",INDEX('ER C6 FLT1'!$A$4:$J$640,MATCH($E10&$C10,'ER C6 FLT1'!$A$4:$A$640&'ER C6 FLT1'!$B$4:$B$640-2,1),7))))))))*IF($F10=\"Level 1 PM + Mark I NOx\",0.75,1)*($Q10/453.6)","v":0},{"$f":"IF($B10=\"3+ Trucks\",IF(OR($H10=\"Class_8\",$N10=\"Replacement8HHD\",$AH10=\"CL7HHD\",$AJ10=\"CL7to8\"),INDEX('ER C8 FLT3'!$A$4:$J$640,MATCH($E10&$C10,'ER C8 FLT3'!$A$4:$A$640&'ER C8 FLT3'!$B$4:$B$640-3,1),5)*IF(OR($H10=\"Class_8\",$N10=\"Replacement8HHD\",$AH10=\"CL7HHD\",$AJ10=\"CL7to8\"),INDEX('ER C8 FLT3'!$A$4:$J$640,MATCH($E10&$C10,'ER C8 FLT3'!$A$4:$A$640&'ER C8 FLT3'!$B$4:$B$640-3,1),7)),IF($H10=\"Class_7\",INDEX('ER C7 FLT3'!$A$4:$J$640,MATCH($E10&$C10,'ER C7 FLT3'!$A$4:$A$640&'ER C7 FLT3'!$B$4:$B$640-3,1),5)*IF($H10=\"Class_7\",INDEX('ER C7 FLT3'!$A$4:$J$640,MATCH($E10&$C10,'ER C7 FLT3'!$A$4:$A$640&'ER C7 FLT3'!$B$4:$B$640-3,1),7)),\nIF($H10=\"Class_6\",INDEX('ER C6 FLT3'!$A$4:$J$640,MATCH($E10&$C10,'ER C6 FLT3'!$A$4:$A$640&'ER C6 FLT3'!$B$4:$B$640-3,1),5)*IF($H10=\"Class_6\",INDEX('ER C6 FLT3'!$A$4:$L$640,MATCH($E10&$C10,'ER C6 FLT3'!$A$4:$A$640&'ER C6 FLT3'!$B$4:$B$640-3,1),7))))),IF($B10=\"2 Trucks\",IF(OR($H10=\"Class_8\",$N10=\"Replacement8HHD\",$AH10=\"CL7HHD\",$AJ10=\"CL7to8\"),INDEX('ER C8 FLT2'!$A$4:$J$640,MATCH($E10&$C10,'ER C8 FLT2'!$A$4:$A$640&'ER C8 FLT2'!$B$4:$B$640-3,1),5)*IF(OR($H10=\"Class_8\",$N10=\"Replacement8HHD\",$AH10=\"CL7HHD\",$AJ10=\"CL7to8\"),INDEX('ER C8 FLT2'!$A$4:$J$640,MATCH($E10&$C10,'ER C8 FLT2'!$A$4:$A$640&'ER C8 FLT2'!$B$4:$B$640-3,1),7)),IF($H10=\"Class_7\",INDEX('ER C7 FLT2'!$A$4:$J$640,MATCH($E10&$C10,'ER C7 FLT2'!$A$4:$A$640&'ER C7 FLT2'!$B$4:$B$640-3,1),5)*IF($H10=\"Class_7\",INDEX('ER C7 FLT2'!$A$4:$J$640,MATCH($E10&$C10,'ER C7 FLT2'!$A$4:$A$640&'ER C7 FLT2'!$B$4:$B$640-3,1),7)),IF($H10=\"Class_6\",INDEX('ER C6 FLT2'!$A$4:$J$640,MATCH($E10&$C10,'ER C6 FLT2'!$A$4:$A$640&'ER C6 FLT2'!$B$4:$B$640-3,1),5)*IF($H10=\"Class_6\",INDEX('ER C6 FLT2'!$A$4:$J$640,MATCH($E10&$C10,'ER C6 FLT2'!$A$4:$A$640&'ER C6 FLT2'!$B$4:$B$640-3,1),7))))),IF($B10=\"1 Truck\",\nIF(OR($H10=\"Class_8\",$N10=\"Replacement8HHD\",$AH10=\"CL7HHD\",$AJ10=\"CL7to8\"),INDEX('ER C8 FLT1'!$A$4:$J$640,MATCH($E10&$C10,'ER C8 FLT1'!$A$4:$A$640&'ER C8 FLT1'!$B$4:$B$640-3,1),5)*IF(OR($H10=\"Class_8\",$N10=\"Replacement8HHD\",$AH10=\"CL7HHD\",$AJ10=\"CL7to8\"),INDEX('ER C8 FLT1'!$A$4:$J$640,MATCH($E10&$C10,'ER C8 FLT1'!$A$4:$A$640&'ER C8 FLT1'!$B$4:$B$640-3,1),7)),IF($H10=\"Class_7\",INDEX('ER C7 FLT1'!$A$4:$J$640,MATCH($E10&$C10,'ER C7 FLT1'!$A$4:$A$640&'ER C7 FLT1'!$B$4:$B$640-3,1),5)*IF($H10=\"Class_7\",INDEX('ER C7 FLT1'!$A$4:$J$640,MATCH($E10&$C10,'ER C7 FLT1'!$A$4:$A$640&'ER C7 FLT1'!$B$4:$B$640-3,1),7)),\nIF($H10=\"Class_6\",INDEX('ER C6 FLT1'!$A$4:$J$640,MATCH($E10&$C10,'ER C6 FLT1'!$A$4:$A$640&'ER C6 FLT1'!$B$4:$B$640-3,1),5)*IF($H10=\"Class_6\",INDEX('ER C6 FLT1'!$A$4:$J$640,MATCH($E10&$C10,'ER C6 FLT1'!$A$4:$A$640&'ER C6 FLT1'!$B$4:$B$640-3,1),7))))))))*IF($F10=\"Level 1 PM + Mark I NOx\",0.75,1)*($Q10/453.6)","v":0},{"$f":"IF($B10=\"3+ Trucks\",IF(OR($H10=\"Class_8\",$N10=\"Replacement8HHD\",$AH10=\"CL7HHD\",$AJ10=\"CL7to8\"),INDEX('ER C8 FLT3'!$A$4:$J$640,MATCH($E10&$C10,'ER C8 FLT3'!$A$4:$A$640&'ER C8 FLT3'!$B$4:$B$640-4,1),5)*IF(OR($H10=\"Class_8\",$N10=\"Replacement8HHD\",$AH10=\"CL7HHD\",$AJ10=\"CL7to8\"),INDEX('ER C8 FLT3'!$A$4:$J$640,MATCH($E10&$C10,'ER C8 FLT3'!$A$4:$A$640&'ER C8 FLT3'!$B$4:$B$640-4,1),7)),IF($H10=\"Class_7\",INDEX('ER C7 FLT3'!$A$4:$J$640,MATCH($E10&$C10,'ER C7 FLT3'!$A$4:$A$640&'ER C7 FLT3'!$B$4:$B$640-4,1),5)*IF($H10=\"Class_7\",INDEX('ER C7 FLT3'!$A$4:$J$640,MATCH($E10&$C10,'ER C7 FLT3'!$A$4:$A$640&'ER C7 FLT3'!$B$4:$B$640-4,1),7)),\nIF($H10=\"Class_6\",INDEX('ER C6 FLT3'!$A$4:$J$640,MATCH($E10&$C10,'ER C6 FLT3'!$A$4:$A$640&'ER C6 FLT3'!$B$4:$B$640-4,1),5)*IF($H10=\"Class_6\",INDEX('ER C6 FLT3'!$A$4:$L$640,MATCH($E10&$C10,'ER C6 FLT3'!$A$4:$A$640&'ER C6 FLT3'!$B$4:$B$640-4,1),7))))),IF($B10=\"2 Trucks\",IF(OR($H10=\"Class_8\",$N10=\"Replacement8HHD\",$AH10=\"CL7HHD\",$AJ10=\"CL7to8\"),INDEX('ER C8 FLT2'!$A$4:$J$640,MATCH($E10&$C10,'ER C8 FLT2'!$A$4:$A$640&'ER C8 FLT2'!$B$4:$B$640-4,1),5)*IF(OR($H10=\"Class_8\",$N10=\"Replacement8HHD\",$AH10=\"CL7HHD\",$AJ10=\"CL7to8\"),INDEX('ER C8 FLT2'!$A$4:$J$640,MATCH($E10&$C10,'ER C8 FLT2'!$A$4:$A$640&'ER C8 FLT2'!$B$4:$B$640-4,1),7)),IF($H10=\"Class_7\",INDEX('ER C7 FLT2'!$A$4:$J$640,MATCH($E10&$C10,'ER C7 FLT2'!$A$4:$A$640&'ER C7 FLT2'!$B$4:$B$640-4,1),5)*IF($H10=\"Class_7\",INDEX('ER C7 FLT2'!$A$4:$J$640,MATCH($E10&$C10,'ER C7 FLT2'!$A$4:$A$640&'ER C7 FLT2'!$B$4:$B$640-4,1),7)),IF($H10=\"Class_6\",INDEX('ER C6 FLT2'!$A$4:$J$640,MATCH($E10&$C10,'ER C6 FLT2'!$A$4:$A$640&'ER C6 FLT2'!$B$4:$B$640-4,1),5)*IF($H10=\"Class_6\",INDEX('ER C6 FLT2'!$A$4:$J$640,MATCH($E10&$C10,'ER C6 FLT2'!$A$4:$A$640&'ER C6 FLT2'!$B$4:$B$640-4,1),7))))),IF($B10=\"1 Truck\",\nIF(OR($H10=\"Class_8\",$N10=\"Replacement8HHD\",$AH10=\"CL7HHD\",$AJ10=\"CL7to8\"),INDEX('ER C8 FLT1'!$A$4:$J$640,MATCH($E10&$C10,'ER C8 FLT1'!$A$4:$A$640&'ER C8 FLT1'!$B$4:$B$640-4,1),5)*IF(OR($H10=\"Class_8\",$N10=\"Replacement8HHD\",$AH10=\"CL7HHD\",$AJ10=\"CL7to8\"),INDEX('ER C8 FLT1'!$A$4:$J$640,MATCH($E10&$C10,'ER C8 FLT1'!$A$4:$A$640&'ER C8 FLT1'!$B$4:$B$640-4,1),7)),IF($H10=\"Class_7\",INDEX('ER C7 FLT1'!$A$4:$J$640,MATCH($E10&$C10,'ER C7 FLT1'!$A$4:$A$640&'ER C7 FLT1'!$B$4:$B$640-4,1),5)*IF($H10=\"Class_7\",INDEX('ER C7 FLT1'!$A$4:$J$640,MATCH($E10&$C10,'ER C7 FLT1'!$A$4:$A$640&'ER C7 FLT1'!$B$4:$B$640-4,1),7)),\nIF($H10=\"Class_6\",INDEX('ER C6 FLT1'!$A$4:$J$640,MATCH($E10&$C10,'ER C6 FLT1'!$A$4:$A$640&'ER C6 FLT1'!$B$4:$B$640-4,1),5)*IF($H10=\"Class_6\",INDEX('ER C6 FLT1'!$A$4:$J$640,MATCH($E10&$C10,'ER C6 FLT1'!$A$4:$A$640&'ER C6 FLT1'!$B$4:$B$640-4,1),7))))))))*IF($F10=\"Level 1 PM + Mark I NOx\",0.75,1)*($Q10/453.6)","v":0},{"$f":"IF($B10=\"3+ Trucks\",IF(OR($H10=\"Class_8\",$N10=\"Replacement8HHD\",$AH10=\"CL7HHD\",$AJ10=\"CL7to8\"),INDEX('ER C8 FLT3'!$A$4:$J$640,MATCH($E10&$C10,'ER C8 FLT3'!$A$4:$A$640&'ER C8 FLT3'!$B$4:$B$640,1),5),IF($H10=\"Class_7\",INDEX('ER C7 FLT3'!$A$4:$J$640,MATCH($E10&$C10,'ER C7 FLT3'!$A$4:$A$640&'ER C7 FLT3'!$B$4:$B$640,1),5),IF($H10=\"Class_6\",INDEX('ER C6 FLT3'!$A$4:$J$640,MATCH($E10&$C10,'ER C6 FLT3'!$A$4:$A$640&'ER C6 FLT3'!$B$4:$B$640,1),5)))),IF($B10=\"2 Trucks\",IF(OR($H10=\"Class_8\",$N10=\"Replacement8HHD\",$AH10=\"CL7HHD\",$AJ10=\"CL7to8\"),INDEX('ER C8 FLT2'!$A$4:$J$640,MATCH($E10&$C10,'ER C8 FLT2'!$A$4:$A$640&'ER C8 FLT2'!$B$4:$B$640,1),5),IF($H10=\"Class_7\",INDEX('ER C7 FLT2'!$A$4:$J$640,MATCH($E10&$C10,'ER C7 FLT2'!$A$4:$A$640&'ER C7 FLT2'!$B$4:$B$640,1),5),IF($H10=\"Class_6\",INDEX('ER C6 FLT2'!$A$4:$J$640,MATCH($E10&$C10,'ER C6 FLT2'!$A$4:$A$640&'ER C6 FLT2'!$B$4:$B$640,1),5)))),IF($B10=\"1 Truck\",IF(OR($H10=\"Class_8\",$N10=\"Replacement8HHD\",$AH10=\"CL7HHD\",$AJ10=\"CL7to8\"),INDEX('ER C8 FLT1'!$A$4:$J$640,MATCH($E10&$C10,'ER C8 FLT1'!$A$4:$A$640&'ER C8 FLT1'!$B$4:$B$640,1),5),IF($H10=\"Class_7\",INDEX('ER C7 FLT1'!$A$4:$J$640,MATCH($E10&$C10,'ER C7 FLT1'!$A$4:$A$640&'ER C7 FLT1'!$B$4:$B$640,1),5),IF($H10=\"Class_6\",INDEX('ER C6 FLT1'!$A$4:$J$640,MATCH($E10&$C10,'ER C6 FLT1'!$A$4:$A$640&'ER C6 FLT1'!$B$4:$B$640,1),5)))))))","v":false},{"$f":"IF($B10=\"3+ Trucks\",IF(OR($H10=\"Class_8\",$N10=\"Replacement8HHD\",$AH10=\"CL7HHD\",$AJ10=\"CL7to8\"),INDEX('ER C8 FLT3'!$A$4:$J$640,MATCH($E10&$C10,'ER C8 FLT3'!$A$4:$A$640&'ER C8 FLT3'!$B$4:$B$640-1,1),5),IF($H10=\"Class_7\",INDEX('ER C7 FLT3'!$A$4:$J$640,MATCH($E10&$C10,'ER C7 FLT3'!$A$4:$A$640&'ER C7 FLT3'!$B$4:$B$640-1,1),5),IF($H10=\"Class_6\",INDEX('ER C6 FLT3'!$A$4:$J$640,MATCH($E10&$C10,'ER C6 FLT3'!$A$4:$A$640&'ER C6 FLT3'!$B$4:$B$640-1,1),5)))),IF($B10=\"2 Trucks\",IF(OR($H10=\"Class_8\",$N10=\"Replacement8HHD\",$AH10=\"CL7HHD\",$AJ10=\"CL7to8\"),INDEX('ER C8 FLT2'!$A$4:$J$640,MATCH($E10&$C10,'ER C8 FLT2'!$A$4:$A$640&'ER C8 FLT2'!$B$4:$B$640-1,1),5),IF($H10=\"Class_7\",INDEX('ER C7 FLT2'!$A$4:$J$640,MATCH($E10&$C10,'ER C7 FLT2'!$A$4:$A$640&'ER C7 FLT2'!$B$4:$B$640-1,1),5),IF($H10=\"Class_6\",INDEX('ER C6 FLT2'!$A$4:$J$640,MATCH($E10&$C10,'ER C6 FLT2'!$A$4:$A$640&'ER C6 FLT2'!$B$4:$B$640-1,1),5)))),IF($B10=\"1 Truck\",IF(OR($H10=\"Class_8\",$N10=\"Replacement8HHD\",$AH10=\"CL7HHD\",$AJ10=\"CL7to8\"),INDEX('ER C8 FLT1'!$A$4:$J$640,MATCH($E10&$C10,'ER C8 FLT1'!$A$4:$A$640&'ER C8 FLT1'!$B$4:$B$640-1,1),5),IF($H10=\"Class_7\",INDEX('ER C7 FLT1'!$A$4:$J$640,MATCH($E10&$C10,'ER C7 FLT1'!$A$4:$A$640&'ER C7 FLT1'!$B$4:$B$640-1,1),5),IF($H10=\"Class_6\",INDEX('ER C6 FLT1'!$A$4:$J$640,MATCH($E10&$C10,'ER C6 FLT1'!$A$4:$A$640&'ER C6 FLT1'!$B$4:$B$640-1,1),5)))))))","v":false},{"$f":"IF($B10=\"3+ Trucks\",IF(OR($H10=\"Class_8\",$N10=\"Replacement8HHD\",$AH10=\"CL7HHD\",$AJ10=\"CL7to8\"),INDEX('ER C8 FLT3'!$A$4:$J$640,MATCH($E10&$C10,'ER C8 FLT3'!$A$4:$A$640&'ER C8 FLT3'!$B$4:$B$640-2,1),5),IF($H10=\"Class_7\",INDEX('ER C7 FLT3'!$A$4:$J$640,MATCH($E10&$C10,'ER C7 FLT3'!$A$4:$A$640&'ER C7 FLT3'!$B$4:$B$640-2,1),5),IF($H10=\"Class_6\",INDEX('ER C6 FLT3'!$A$4:$J$640,MATCH($E10&$C10,'ER C6 FLT3'!$A$4:$A$640&'ER C6 FLT3'!$B$4:$B$640-2,1),5)))),IF($B10=\"2 Trucks\",IF(OR($H10=\"Class_8\",$N10=\"Replacement8HHD\",$AH10=\"CL7HHD\",$AJ10=\"CL7to8\"),INDEX('ER C8 FLT2'!$A$4:$J$640,MATCH($E10&$C10,'ER C8 FLT2'!$A$4:$A$640&'ER C8 FLT2'!$B$4:$B$640-2,1),5),IF($H10=\"Class_7\",INDEX('ER C7 FLT2'!$A$4:$J$640,MATCH($E10&$C10,'ER C7 FLT2'!$A$4:$A$640&'ER C7 FLT2'!$B$4:$B$640-2,1),5),IF($H10=\"Class_6\",INDEX('ER C6 FLT2'!$A$4:$J$640,MATCH($E10&$C10,'ER C6 FLT2'!$A$4:$A$640&'ER C6 FLT2'!$B$4:$B$640-2,1),5)))),IF($B10=\"1 Truck\",IF(OR($H10=\"Class_8\",$N10=\"Replacement8HHD\",$AH10=\"CL7HHD\",$AJ10=\"CL7to8\"),INDEX('ER C8 FLT1'!$A$4:$J$640,MATCH($E10&$C10,'ER C8 FLT1'!$A$4:$A$640&'ER C8 FLT1'!$B$4:$B$640-2,1),5),IF($H10=\"Class_7\",INDEX('ER C7 FLT1'!$A$4:$J$640,MATCH($E10&$C10,'ER C7 FLT1'!$A$4:$A$640&'ER C7 FLT1'!$B$4:$B$640-2,1),5),IF($H10=\"Class_6\",INDEX('ER C6 FLT1'!$A$4:$J$640,MATCH($E10&$C10,'ER C6 FLT1'!$A$4:$A$640&'ER C6 FLT1'!$B$4:$B$640-2,1),5)))))))","v":false},{"$f":"IF($B10=\"3+ Trucks\",IF(OR($H10=\"Class_8\",$N10=\"Replacement8HHD\",$AH10=\"CL7HHD\",$AJ10=\"CL7to8\"),INDEX('ER C8 FLT3'!$A$4:$J$640,MATCH($E10&$C10,'ER C8 FLT3'!$A$4:$A$640&'ER C8 FLT3'!$B$4:$B$640-3,1),5),IF($H10=\"Class_7\",INDEX('ER C7 FLT3'!$A$4:$J$640,MATCH($E10&$C10,'ER C7 FLT3'!$A$4:$A$640&'ER C7 FLT3'!$B$4:$B$640-3,1),5),IF($H10=\"Class_6\",INDEX('ER C6 FLT3'!$A$4:$J$640,MATCH($E10&$C10,'ER C6 FLT3'!$A$4:$A$640&'ER C6 FLT3'!$B$4:$B$640-3,1),5)))),IF($B10=\"2 Trucks\",IF(OR($H10=\"Class_8\",$N10=\"Replacement8HHD\",$AH10=\"CL7HHD\",$AJ10=\"CL7to8\"),INDEX('ER C8 FLT2'!$A$4:$J$640,MATCH($E10&$C10,'ER C8 FLT2'!$A$4:$A$640&'ER C8 FLT2'!$B$4:$B$640-3,1),5),IF($H10=\"Class_7\",INDEX('ER C7 FLT2'!$A$4:$J$640,MATCH($E10&$C10,'ER C7 FLT2'!$A$4:$A$640&'ER C7 FLT2'!$B$4:$B$640-3,1),5),IF($H10=\"Class_6\",INDEX('ER C6 FLT2'!$A$4:$J$640,MATCH($E10&$C10,'ER C6 FLT2'!$A$4:$A$640&'ER C6 FLT2'!$B$4:$B$640-3,1),5)))),IF($B10=\"1 Truck\",IF(OR($H10=\"Class_8\",$N10=\"Replacement8HHD\",$AH10=\"CL7HHD\",$AJ10=\"CL7to8\"),INDEX('ER C8 FLT1'!$A$4:$J$640,MATCH($E10&$C10,'ER C8 FLT1'!$A$4:$A$640&'ER C8 FLT1'!$B$4:$B$640-3,1),5),IF($H10=\"Class_7\",INDEX('ER C7 FLT1'!$A$4:$J$640,MATCH($E10&$C10,'ER C7 FLT1'!$A$4:$A$640&'ER C7 FLT1'!$B$4:$B$640-3,1),5),IF($H10=\"Class_6\",INDEX('ER C6 FLT1'!$A$4:$J$640,MATCH($E10&$C10,'ER C6 FLT1'!$A$4:$A$640&'ER C6 FLT1'!$B$4:$B$640-3,1),5)))))))","v":false},{"$f":"IF($B10=\"3+ Trucks\",IF(OR($H10=\"Class_8\",$N10=\"Replacement8HHD\",$AH10=\"CL7HHD\",$AJ10=\"CL7to8\"),INDEX('ER C8 FLT3'!$A$4:$J$640,MATCH($E10&$C10,'ER C8 FLT3'!$A$4:$A$640&'ER C8 FLT3'!$B$4:$B$640-4,1),5),IF($H10=\"Class_7\",INDEX('ER C7 FLT3'!$A$4:$J$640,MATCH($E10&$C10,'ER C7 FLT3'!$A$4:$A$640&'ER C7 FLT3'!$B$4:$B$640-4,1),5),IF($H10=\"Class_6\",INDEX('ER C6 FLT3'!$A$4:$J$640,MATCH($E10&$C10,'ER C6 FLT3'!$A$4:$A$640&'ER C6 FLT3'!$B$4:$B$640-4,1),5)))),IF($B10=\"2 Trucks\",IF(OR($H10=\"Class_8\",$N10=\"Replacement8HHD\",$AH10=\"CL7HHD\",$AJ10=\"CL7to8\"),INDEX('ER C8 FLT2'!$A$4:$J$640,MATCH($E10&$C10,'ER C8 FLT2'!$A$4:$A$640&'ER C8 FLT2'!$B$4:$B$640-4,1),5),IF($H10=\"Class_7\",INDEX('ER C7 FLT2'!$A$4:$J$640,MATCH($E10&$C10,'ER C7 FLT2'!$A$4:$A$640&'ER C7 FLT2'!$B$4:$B$640-4,1),5),IF($H10=\"Class_6\",INDEX('ER C6 FLT2'!$A$4:$J$640,MATCH($E10&$C10,'ER C6 FLT2'!$A$4:$A$640&'ER C6 FLT2'!$B$4:$B$640-4,1),5)))),IF($B10=\"1 Truck\",IF(OR($H10=\"Class_8\",$N10=\"Replacement8HHD\",$AH10=\"CL7HHD\",$AJ10=\"CL7to8\"),INDEX('ER C8 FLT1'!$A$4:$J$640,MATCH($E10&$C10,'ER C8 FLT1'!$A$4:$A$640&'ER C8 FLT1'!$B$4:$B$640-4,1),5),IF($H10=\"Class_7\",INDEX('ER C7 FLT1'!$A$4:$J$640,MATCH($E10&$C10,'ER C7 FLT1'!$A$4:$A$640&'ER C7 FLT1'!$B$4:$B$640-4,1),5),IF($H10=\"Class_6\",INDEX('ER C6 FLT1'!$A$4:$J$640,MATCH($E10&$C10,'ER C6 FLT1'!$A$4:$A$640&'ER C6 FLT1'!$B$4:$B$640-4,1),5)))))))","v":false},{"$f":"IF(OR($R10=\"Diesel\",$R10=\"LNG/CNG\",$R10=\"Hybrid\",$R10=\"Electric w/ AB-118\"),IF($B10=\"3+ Trucks\",IF(OR($O10=\"Class_8\",$N10=\"Replacement8HHD\",$AI10=\"CL7HHD\"),INDEX('ER C8 FLT3'!$A$4:$J$640,MATCH(DropData!$J50&$C10,'ER C8 FLT3'!$A$4:$A$640&'ER C8 FLT3'!$B$4:$B$640,1),5)*IF(OR($O10=\"Class_8\",$N10=\"Replacement8HHD\",$AI10=\"CL7HHD\"),INDEX('ER C8 FLT3'!$A$4:$J$640,MATCH(DropData!$J50&$C10,'ER C8 FLT3'!$A$4:$A$640&'ER C8 FLT3'!$B$4:$B$640,1),7)),IF($O10=\"Class_7\",INDEX('ER C7 FLT3'!$A$4:$J$640,MATCH(DropData!$J50&$C10,'ER C7 FLT3'!$A$4:$A$640&'ER C7 FLT3'!$B$4:$B$640,1),5)*IF($O10=\"Class_7\",INDEX('ER C7 FLT3'!$A$4:$J$640,MATCH(DropData!$J50&$C10,'ER C7 FLT3'!$A$4:$A$640&'ER C7 FLT3'!$B$4:$B$640,1),7)),IF($O10=\"Class_6\",INDEX('ER C6 FLT3'!$A$4:$J$640,MATCH(DropData!$J50&$C10,'ER C6 FLT3'!$A$4:$A$640&'ER C6 FLT3'!$B$4:$B$640,1),5)*IF($O10=\"Class_6\",INDEX('ER C6 FLT3'!$A$4:$J$640,MATCH(DropData!$J50&$C10,'ER C6 FLT3'!$A$4:$A$640&'ER C6 FLT3'!$B$4:$B$640,1),7))))),IF($B10=\"2 Trucks\",IF(OR($O10=\"Class_8\",$N10=\"Replacement8HHD\",$AI10=\"CL7HHD\"),INDEX('ER C8 FLT2'!$A$4:$J$640,MATCH(DropData!$J50&$C10,'ER C8 FLT2'!$A$4:$A$640&'ER C8 FLT2'!$B$4:$B$640,1),5)*IF(OR($O10=\"Class_8\",$N10=\"Replacement8HHD\",$AI10=\"CL7HHD\"),INDEX('ER C8 FLT2'!$A$4:$J$640,MATCH(DropData!$J50&$C10,'ER C8 FLT2'!$A$4:$A$640&'ER C8 FLT2'!$B$4:$B$640,1),7)),IF($O10=\"Class_7\",INDEX('ER C7 FLT2'!$A$4:$J$640,MATCH(DropData!$J50&$C10,'ER C7 FLT2'!$A$4:$A$640&'ER C7 FLT2'!$B$4:$B$640,1),5)*IF($O10=\"Class_7\",INDEX('ER C7 FLT2'!$A$4:$J$640,MATCH(DropData!$J50&$C10,'ER C7 FLT2'!$A$4:$A$640&'ER C7 FLT2'!$B$4:$B$640,1),7)),IF($O10=\"Class_6\",INDEX('ER C6 FLT2'!$A$4:$J$640,MATCH(DropData!$J50&$C10,'ER C6 FLT2'!$A$4:$A$640&'ER C6 FLT2'!$B$4:$B$640,1),5)*IF($O10=\"Class_6\",INDEX('ER C6 FLT2'!$A$4:$J$640,MATCH(DropData!$J50&$C10,'ER C6 FLT2'!$A$4:$A$640&'ER C6 FLT2'!$B$4:$B$640,1),7))))),IF($B10=\"1 Truck\",IF(OR($O10=\"Class_8\",$N10=\"Replacement8HHD\",$AI10=\"CL7HHD\"),INDEX('ER C8 FLT1'!$A$4:$J$640,MATCH(DropData!$J50&$C10,'ER C8 FLT1'!$A$4:$A$640&'ER C8 FLT1'!$B$4:$B$640,1),5)*IF(OR($O10=\"Class_8\",$N10=\"Replacement8HHD\",$AI10=\"CL7HHD\"),INDEX('ER C8 FLT1'!$A$4:$J$640,MATCH(DropData!$J50&$C10,'ER C8 FLT1'!$A$4:$A$640&'ER C8 FLT1'!$B$4:$B$640,1),7)),IF($O10=\"Class_7\",INDEX('ER C7 FLT1'!$A$4:$J$640,MATCH(DropData!$J50&$C10,'ER C7 FLT1'!$A$4:$A$640&'ER C7 FLT1'!$B$4:$B$640,1),5)*IF($O10=\"Class_7\",INDEX('ER C7 FLT1'!$A$4:$J$640,MATCH(DropData!$J50&$C10,'ER C7 FLT1'!$A$4:$A$640&'ER C7 FLT1'!$B$4:$B$640,1),7)),IF($O10=\"Class_6\",INDEX('ER C6 FLT1'!$A$4:$J$640,MATCH(DropData!$J50&$C10,'ER C6 FLT1'!$A$4:$A$640&'ER C6 FLT1'!$B$4:$B$640,1),5)*IF($O10=\"Class_6\",INDEX('ER C6 FLT1'!$A$4:$J$640,MATCH(DropData!$J50&$C10,'ER C6 FLT1'!$A$4:$A$640&'ER C6 FLT1'!$B$4:$B$640,1),7)))))))),IF($R10=\"Electric\",INDEX('ER Electric'!$A$6:$E$44,MATCH($C10&$O10,'ER Electric'!$A$6:$A$44&'ER Electric'!$B$6:$B$44,1),4)))*(($Q10+$AC10)/453.6)","v":0},{"$f":"IF(OR($R10=\"Diesel\",$R10=\"LNG/CNG\",$R10=\"Hybrid\",$R10=\"Electric w/ AB-118\"),IF($B10=\"3+ Trucks\",IF(OR($O10=\"Class_8\",$N10=\"Replacement8HHD\",$AI10=\"CL7HHD\"),INDEX('ER C8 FLT3'!$A$4:$J$640,MATCH(DropData!$J50&$C10,'ER C8 FLT3'!$A$4:$A$640&'ER C8 FLT3'!$B$4:$B$640-1,1),5)*IF(OR($O10=\"Class_8\",$N10=\"Replacement8HHD\",$AI10=\"CL7HHD\"),INDEX('ER C8 FLT3'!$A$4:$J$640,MATCH(DropData!$J50&$C10,'ER C8 FLT3'!$A$4:$A$640&'ER C8 FLT3'!$B$4:$B$640-1,1),7)),IF($O10=\"Class_7\",INDEX('ER C7 FLT3'!$A$4:$J$640,MATCH(DropData!$J50&$C10,'ER C7 FLT3'!$A$4:$A$640&'ER C7 FLT3'!$B$4:$B$640-1,1),5)*IF($O10=\"Class_7\",INDEX('ER C7 FLT3'!$A$4:$J$640,MATCH(DropData!$J50&$C10,'ER C7 FLT3'!$A$4:$A$640&'ER C7 FLT3'!$B$4:$B$640-1,1),7)),IF($O10=\"Class_6\",INDEX('ER C6 FLT3'!$A$4:$J$640,MATCH(DropData!$J50&$C10,'ER C6 FLT3'!$A$4:$A$640&'ER C6 FLT3'!$B$4:$B$640-1,1),5)*IF($O10=\"Class_6\",INDEX('ER C6 FLT3'!$A$4:$J$640,MATCH(DropData!$J50&$C10,'ER C6 FLT3'!$A$4:$A$640&'ER C6 FLT3'!$B$4:$B$640-1,1),7))))),IF($B10=\"2 Trucks\",IF(OR($O10=\"Class_8\",$N10=\"Replacement8HHD\",$AI10=\"CL7HHD\"),INDEX('ER C8 FLT2'!$A$4:$J$640,MATCH(DropData!$J50&$C10,'ER C8 FLT2'!$A$4:$A$640&'ER C8 FLT2'!$B$4:$B$640-1,1),5)*IF(OR($O10=\"Class_8\",$N10=\"Replacement8HHD\",$AI10=\"CL7HHD\"),INDEX('ER C8 FLT2'!$A$4:$J$640,MATCH(DropData!$J50&$C10,'ER C8 FLT2'!$A$4:$A$640&'ER C8 FLT2'!$B$4:$B$640-1,1),7)),IF($O10=\"Class_7\",INDEX('ER C7 FLT2'!$A$4:$J$640,MATCH(DropData!$J50&$C10,'ER C7 FLT2'!$A$4:$A$640&'ER C7 FLT2'!$B$4:$B$640-1,1),5)*IF($O10=\"Class_7\",INDEX('ER C7 FLT2'!$A$4:$J$640,MATCH(DropData!$J50&$C10,'ER C7 FLT2'!$A$4:$A$640&'ER C7 FLT2'!$B$4:$B$640-1,1),7)),IF($O10=\"Class_6\",INDEX('ER C6 FLT2'!$A$4:$J$640,MATCH(DropData!$J50&$C10,'ER C6 FLT2'!$A$4:$A$640&'ER C6 FLT2'!$B$4:$B$640-1,1),5)*IF($O10=\"Class_6\",INDEX('ER C6 FLT2'!$A$4:$J$640,MATCH(DropData!$J50&$C10,'ER C6 FLT2'!$A$4:$A$640&'ER C6 FLT2'!$B$4:$B$640-1,1),7))))),IF($B10=\"1 Truck\",IF(OR($O10=\"Class_8\",$N10=\"Replacement8HHD\",$AI10=\"CL7HHD\"),INDEX('ER C8 FLT1'!$A$4:$J$640,MATCH(DropData!$J50&$C10,'ER C8 FLT1'!$A$4:$A$640&'ER C8 FLT1'!$B$4:$B$640-1,1),5)*IF(OR($O10=\"Class_8\",$N10=\"Replacement8HHD\",$AI10=\"CL7HHD\"),INDEX('ER C8 FLT1'!$A$4:$J$640,MATCH(DropData!$J50&$C10,'ER C8 FLT1'!$A$4:$A$640&'ER C8 FLT1'!$B$4:$B$640-1,1),7)),IF($O10=\"Class_7\",INDEX('ER C7 FLT1'!$A$4:$J$640,MATCH(DropData!$J50&$C10,'ER C7 FLT1'!$A$4:$A$640&'ER C7 FLT1'!$B$4:$B$640-1,1),5)*IF($O10=\"Class_7\",INDEX('ER C7 FLT1'!$A$4:$J$640,MATCH(DropData!$J50&$C10,'ER C7 FLT1'!$A$4:$A$640&'ER C7 FLT1'!$B$4:$B$640-1,1),7)),IF($O10=\"Class_6\",INDEX('ER C6 FLT1'!$A$4:$J$640,MATCH(DropData!$J50&$C10,'ER C6 FLT1'!$A$4:$A$640&'ER C6 FLT1'!$B$4:$B$640-1,1),5)*IF($O10=\"Class_6\",INDEX('ER C6 FLT1'!$A$4:$J$640,MATCH(DropData!$J50&$C10,'ER C6 FLT1'!$A$4:$A$640&'ER C6 FLT1'!$B$4:$B$640-1,1),7)))))))),IF($R10=\"Electric\",OFFSET(INDEX('ER Electric'!$A$6:$E$44,MATCH($C10&$O10,'ER Electric'!$A$6:$A$44&'ER Electric'!$B$6:$B$44,1),4),3,0)))*(($Q10+$AC10)/453.6)","v":0},{"$f":"IF(OR($R10=\"Diesel\",$R10=\"LNG/CNG\",$R10=\"Hybrid\",$R10=\"Electric w/ AB-118\"),IF($B10=\"3+ Trucks\",IF(OR($O10=\"Class_8\",$N10=\"Replacement8HHD\",$AI10=\"CL7HHD\"),INDEX('ER C8 FLT3'!$A$4:$J$640,MATCH(DropData!$J50&$C10,'ER C8 FLT3'!$A$4:$A$640&'ER C8 FLT3'!$B$4:$B$640-2,1),5)*IF(OR($O10=\"Class_8\",$N10=\"Replacement8HHD\",$AI10=\"CL7HHD\"),INDEX('ER C8 FLT3'!$A$4:$J$640,MATCH(DropData!$J50&$C10,'ER C8 FLT3'!$A$4:$A$640&'ER C8 FLT3'!$B$4:$B$640-2,1),7)),IF($O10=\"Class_7\",INDEX('ER C7 FLT3'!$A$4:$J$640,MATCH(DropData!$J50&$C10,'ER C7 FLT3'!$A$4:$A$640&'ER C7 FLT3'!$B$4:$B$640-2,1),5)*IF($O10=\"Class_7\",INDEX('ER C7 FLT3'!$A$4:$J$640,MATCH(DropData!$J50&$C10,'ER C7 FLT3'!$A$4:$A$640&'ER C7 FLT3'!$B$4:$B$640-2,1),7)),IF($O10=\"Class_6\",INDEX('ER C6 FLT3'!$A$4:$J$640,MATCH(DropData!$J50&$C10,'ER C6 FLT3'!$A$4:$A$640&'ER C6 FLT3'!$B$4:$B$640-2,1),5)*IF($O10=\"Class_6\",INDEX('ER C6 FLT3'!$A$4:$J$640,MATCH(DropData!$J50&$C10,'ER C6 FLT3'!$A$4:$A$640&'ER C6 FLT3'!$B$4:$B$640-2,1),7))))),IF($B10=\"2 Trucks\",IF(OR($O10=\"Class_8\",$N10=\"Replacement8HHD\",$AI10=\"CL7HHD\"),INDEX('ER C8 FLT2'!$A$4:$J$640,MATCH(DropData!$J50&$C10,'ER C8 FLT2'!$A$4:$A$640&'ER C8 FLT2'!$B$4:$B$640-2,1),5)*IF(OR($O10=\"Class_8\",$N10=\"Replacement8HHD\",$AI10=\"CL7HHD\"),INDEX('ER C8 FLT2'!$A$4:$J$640,MATCH(DropData!$J50&$C10,'ER C8 FLT2'!$A$4:$A$640&'ER C8 FLT2'!$B$4:$B$640-2,1),7)),IF($O10=\"Class_7\",INDEX('ER C7 FLT2'!$A$4:$J$640,MATCH(DropData!$J50&$C10,'ER C7 FLT2'!$A$4:$A$640&'ER C7 FLT2'!$B$4:$B$640-2,1),5)*IF($O10=\"Class_7\",INDEX('ER C7 FLT2'!$A$4:$J$640,MATCH(DropData!$J50&$C10,'ER C7 FLT2'!$A$4:$A$640&'ER C7 FLT2'!$B$4:$B$640-2,1),7)),IF($O10=\"Class_6\",INDEX('ER C6 FLT2'!$A$4:$J$640,MATCH(DropData!$J50&$C10,'ER C6 FLT2'!$A$4:$A$640&'ER C6 FLT2'!$B$4:$B$640-2,1),5)*IF($O10=\"Class_6\",INDEX('ER C6 FLT2'!$A$4:$J$640,MATCH(DropData!$J50&$C10,'ER C6 FLT2'!$A$4:$A$640&'ER C6 FLT2'!$B$4:$B$640-2,1),7))))),IF($B10=\"1 Truck\",IF(OR($O10=\"Class_8\",$N10=\"Replacement8HHD\",$AI10=\"CL7HHD\"),INDEX('ER C8 FLT1'!$A$4:$J$640,MATCH(DropData!$J50&$C10,'ER C8 FLT1'!$A$4:$A$640&'ER C8 FLT1'!$B$4:$B$640-2,1),5)*IF(OR($O10=\"Class_8\",$N10=\"Replacement8HHD\",$AI10=\"CL7HHD\"),INDEX('ER C8 FLT1'!$A$4:$J$640,MATCH(DropData!$J50&$C10,'ER C8 FLT1'!$A$4:$A$640&'ER C8 FLT1'!$B$4:$B$640-2,1),7)),IF($O10=\"Class_7\",INDEX('ER C7 FLT1'!$A$4:$J$640,MATCH(DropData!$J50&$C10,'ER C7 FLT1'!$A$4:$A$640&'ER C7 FLT1'!$B$4:$B$640-2,1),5)*IF($O10=\"Class_7\",INDEX('ER C7 FLT1'!$A$4:$J$640,MATCH(DropData!$J50&$C10,'ER C7 FLT1'!$A$4:$A$640&'ER C7 FLT1'!$B$4:$B$640-2,1),7)),IF($O10=\"Class_6\",INDEX('ER C6 FLT1'!$A$4:$J$640,MATCH(DropData!$J50&$C10,'ER C6 FLT1'!$A$4:$A$640&'ER C6 FLT1'!$B$4:$B$640-2,1),5)*IF($O10=\"Class_6\",INDEX('ER C6 FLT1'!$A$4:$J$640,MATCH(DropData!$J50&$C10,'ER C6 FLT1'!$A$4:$A$640&'ER C6 FLT1'!$B$4:$B$640-2,1),7)))))))),IF($R10=\"Electric\",OFFSET(INDEX('ER Electric'!$A$6:$E$44,MATCH($C10&$O10,'ER Electric'!$A$6:$A$44&'ER Electric'!$B$6:$B$44,1),4),6,0)))*(($Q10+$AC10)/453.6)","v":0},{"$f":"IF(OR($R10=\"Diesel\",$R10=\"LNG/CNG\",$R10=\"Hybrid\",$R10=\"Electric w/ AB-118\"),IF($B10=\"3+ Trucks\",IF(OR($O10=\"Class_8\",$N10=\"Replacement8HHD\",$AI10=\"CL7HHD\"),INDEX('ER C8 FLT3'!$A$4:$J$640,MATCH(DropData!$J50&$C10,'ER C8 FLT3'!$A$4:$A$640&'ER C8 FLT3'!$B$4:$B$640-3,1),5)*IF(OR($O10=\"Class_8\",$N10=\"Replacement8HHD\",$AI10=\"CL7HHD\"),INDEX('ER C8 FLT3'!$A$4:$J$640,MATCH(DropData!$J50&$C10,'ER C8 FLT3'!$A$4:$A$640&'ER C8 FLT3'!$B$4:$B$640-3,1),7)),IF($O10=\"Class_7\",INDEX('ER C7 FLT3'!$A$4:$J$640,MATCH(DropData!$J50&$C10,'ER C7 FLT3'!$A$4:$A$640&'ER C7 FLT3'!$B$4:$B$640-3,1),5)*IF($O10=\"Class_7\",INDEX('ER C7 FLT3'!$A$4:$J$640,MATCH(DropData!$J50&$C10,'ER C7 FLT3'!$A$4:$A$640&'ER C7 FLT3'!$B$4:$B$640-3,1),7)),IF($O10=\"Class_6\",INDEX('ER C6 FLT3'!$A$4:$J$640,MATCH(DropData!$J50&$C10,'ER C6 FLT3'!$A$4:$A$640&'ER C6 FLT3'!$B$4:$B$640-3,1),5)*IF($O10=\"Class_6\",INDEX('ER C6 FLT3'!$A$4:$J$640,MATCH(DropData!$J50&$C10,'ER C6 FLT3'!$A$4:$A$640&'ER C6 FLT3'!$B$4:$B$640-3,1),7))))),IF($B10=\"2 Trucks\",IF(OR($O10=\"Class_8\",$N10=\"Replacement8HHD\",$AI10=\"CL7HHD\"),INDEX('ER C8 FLT2'!$A$4:$J$640,MATCH(DropData!$J50&$C10,'ER C8 FLT2'!$A$4:$A$640&'ER C8 FLT2'!$B$4:$B$640-3,1),5)*IF(OR($O10=\"Class_8\",$N10=\"Replacement8HHD\",$AI10=\"CL7HHD\"),INDEX('ER C8 FLT2'!$A$4:$J$640,MATCH(DropData!$J50&$C10,'ER C8 FLT2'!$A$4:$A$640&'ER C8 FLT2'!$B$4:$B$640-3,1),7)),IF($O10=\"Class_7\",INDEX('ER C7 FLT2'!$A$4:$J$640,MATCH(DropData!$J50&$C10,'ER C7 FLT2'!$A$4:$A$640&'ER C7 FLT2'!$B$4:$B$640-3,1),5)*IF($O10=\"Class_7\",INDEX('ER C7 FLT2'!$A$4:$J$640,MATCH(DropData!$J50&$C10,'ER C7 FLT2'!$A$4:$A$640&'ER C7 FLT2'!$B$4:$B$640-3,1),7)),IF($O10=\"Class_6\",INDEX('ER C6 FLT2'!$A$4:$J$640,MATCH(DropData!$J50&$C10,'ER C6 FLT2'!$A$4:$A$640&'ER C6 FLT2'!$B$4:$B$640-3,1),5)*IF($O10=\"Class_6\",INDEX('ER C6 FLT2'!$A$4:$J$640,MATCH(DropData!$J50&$C10,'ER C6 FLT2'!$A$4:$A$640&'ER C6 FLT2'!$B$4:$B$640-3,1),7))))),IF($B10=\"1 Truck\",IF(OR($O10=\"Class_8\",$N10=\"Replacement8HHD\",$AI10=\"CL7HHD\"),INDEX('ER C8 FLT1'!$A$4:$J$640,MATCH(DropData!$J50&$C10,'ER C8 FLT1'!$A$4:$A$640&'ER C8 FLT1'!$B$4:$B$640-3,1),5)*IF(OR($O10=\"Class_8\",$N10=\"Replacement8HHD\",$AI10=\"CL7HHD\"),INDEX('ER C8 FLT1'!$A$4:$J$640,MATCH(DropData!$J50&$C10,'ER C8 FLT1'!$A$4:$A$640&'ER C8 FLT1'!$B$4:$B$640-3,1),7)),IF($O10=\"Class_7\",INDEX('ER C7 FLT1'!$A$4:$J$640,MATCH(DropData!$J50&$C10,'ER C7 FLT1'!$A$4:$A$640&'ER C7 FLT1'!$B$4:$B$640-3,1),5)*IF($O10=\"Class_7\",INDEX('ER C7 FLT1'!$A$4:$J$640,MATCH(DropData!$J50&$C10,'ER C7 FLT1'!$A$4:$A$640&'ER C7 FLT1'!$B$4:$B$640-3,1),7)),IF($O10=\"Class_6\",INDEX('ER C6 FLT1'!$A$4:$J$640,MATCH(DropData!$J50&$C10,'ER C6 FLT1'!$A$4:$A$640&'ER C6 FLT1'!$B$4:$B$640-3,1),5)*IF($O10=\"Class_6\",INDEX('ER C6 FLT1'!$A$4:$J$640,MATCH(DropData!$J50&$C10,'ER C6 FLT1'!$A$4:$A$640&'ER C6 FLT1'!$B$4:$B$640-3,1),7)))))))),IF($R10=\"Electric\",OFFSET(INDEX('ER Electric'!$A$6:$E$44,MATCH($C10&$O10,'ER Electric'!$A$6:$A$44&'ER Electric'!$B$6:$B$44,1),4),9,0)))*(($Q10+$AC10)/453.6)","v":0},{"$f":"IF(OR($R10=\"Diesel\",$R10=\"LNG/CNG\",$R10=\"Hybrid\",$R10=\"Electric w/ AB-118\"),IF($B10=\"3+ Trucks\",IF(OR($O10=\"Class_8\",$N10=\"Replacement8HHD\",$AI10=\"CL7HHD\"),INDEX('ER C8 FLT3'!$A$4:$J$640,MATCH(DropData!$J50&$C10,'ER C8 FLT3'!$A$4:$A$640&'ER C8 FLT3'!$B$4:$B$640-4,1),5)*IF(OR($O10=\"Class_8\",$N10=\"Replacement8HHD\",$AI10=\"CL7HHD\"),INDEX('ER C8 FLT3'!$A$4:$J$640,MATCH(DropData!$J50&$C10,'ER C8 FLT3'!$A$4:$A$640&'ER C8 FLT3'!$B$4:$B$640-4,1),7)),IF($O10=\"Class_7\",INDEX('ER C7 FLT3'!$A$4:$J$640,MATCH(DropData!$J50&$C10,'ER C7 FLT3'!$A$4:$A$640&'ER C7 FLT3'!$B$4:$B$640-4,1),5)*IF($O10=\"Class_7\",INDEX('ER C7 FLT3'!$A$4:$J$640,MATCH(DropData!$J50&$C10,'ER C7 FLT3'!$A$4:$A$640&'ER C7 FLT3'!$B$4:$B$640-4,1),7)),IF($O10=\"Class_6\",INDEX('ER C6 FLT3'!$A$4:$J$640,MATCH(DropData!$J50&$C10,'ER C6 FLT3'!$A$4:$A$640&'ER C6 FLT3'!$B$4:$B$640-4,1),5)*IF($O10=\"Class_6\",INDEX('ER C6 FLT3'!$A$4:$J$640,MATCH(DropData!$J50&$C10,'ER C6 FLT3'!$A$4:$A$640&'ER C6 FLT3'!$B$4:$B$640-4,1),7))))),IF($B10=\"2 Trucks\",IF(OR($O10=\"Class_8\",$N10=\"Replacement8HHD\",$AI10=\"CL7HHD\"),INDEX('ER C8 FLT2'!$A$4:$J$640,MATCH(DropData!$J50&$C10,'ER C8 FLT2'!$A$4:$A$640&'ER C8 FLT2'!$B$4:$B$640-4,1),5)*IF(OR($O10=\"Class_8\",$N10=\"Replacement8HHD\",$AI10=\"CL7HHD\"),INDEX('ER C8 FLT2'!$A$4:$J$640,MATCH(DropData!$J50&$C10,'ER C8 FLT2'!$A$4:$A$640&'ER C8 FLT2'!$B$4:$B$640-4,1),7)),IF($O10=\"Class_7\",INDEX('ER C7 FLT2'!$A$4:$J$640,MATCH(DropData!$J50&$C10,'ER C7 FLT2'!$A$4:$A$640&'ER C7 FLT2'!$B$4:$B$640-4,1),5)*IF($O10=\"Class_7\",INDEX('ER C7 FLT2'!$A$4:$J$640,MATCH(DropData!$J50&$C10,'ER C7 FLT2'!$A$4:$A$640&'ER C7 FLT2'!$B$4:$B$640-4,1),7)),IF($O10=\"Class_6\",INDEX('ER C6 FLT2'!$A$4:$J$640,MATCH(DropData!$J50&$C10,'ER C6 FLT2'!$A$4:$A$640&'ER C6 FLT2'!$B$4:$B$640-4,1),5)*IF($O10=\"Class_6\",INDEX('ER C6 FLT2'!$A$4:$J$640,MATCH(DropData!$J50&$C10,'ER C6 FLT2'!$A$4:$A$640&'ER C6 FLT2'!$B$4:$B$640-4,1),7))))),IF($B10=\"1 Truck\",IF(OR($O10=\"Class_8\",$N10=\"Replacement8HHD\",$AI10=\"CL7HHD\"),INDEX('ER C8 FLT1'!$A$4:$J$640,MATCH(DropData!$J50&$C10,'ER C8 FLT1'!$A$4:$A$640&'ER C8 FLT1'!$B$4:$B$640-4,1),5)*IF(OR($O10=\"Class_8\",$N10=\"Replacement8HHD\",$AI10=\"CL7HHD\"),INDEX('ER C8 FLT1'!$A$4:$J$640,MATCH(DropData!$J50&$C10,'ER C8 FLT1'!$A$4:$A$640&'ER C8 FLT1'!$B$4:$B$640-4,1),7)),IF($O10=\"Class_7\",INDEX('ER C7 FLT1'!$A$4:$J$640,MATCH(DropData!$J50&$C10,'ER C7 FLT1'!$A$4:$A$640&'ER C7 FLT1'!$B$4:$B$640-4,1),5)*IF($O10=\"Class_7\",INDEX('ER C7 FLT1'!$A$4:$J$640,MATCH(DropData!$J50&$C10,'ER C7 FLT1'!$A$4:$A$640&'ER C7 FLT1'!$B$4:$B$640-4,1),7)),IF($O10=\"Class_6\",INDEX('ER C6 FLT1'!$A$4:$J$640,MATCH(DropData!$J50&$C10,'ER C6 FLT1'!$A$4:$A$640&'ER C6 FLT1'!$B$4:$B$640-4,1),5)*IF($O10=\"Class_6\",INDEX('ER C6 FLT1'!$A$4:$J$640,MATCH(DropData!$J50&$C10,'ER C6 FLT1'!$A$4:$A$640&'ER C6 FLT1'!$B$4:$B$640-4,1),7)))))))),IF($R10=\"Electric\",OFFSET(INDEX('ER Electric'!$A$6:$E$44,MATCH($C10&$O10,'ER Electric'!$A$6:$A$44&'ER Electric'!$B$6:$B$44,1),4),12,0)))*(($Q10+$AC10)/453.6)","v":0},{"$f":"IF(OR($R10=\"Diesel\",$R10=\"LNG/CNG\",$R10=\"Hybrid\",$R10=\"Electric w/ AB-118\"),IF($B10=\"3+ Trucks\",IF(OR($O10=\"Class_8\",$N10=\"Replacement8HHD\",$AI10=\"CL7HHD\"),INDEX('ER C8 FLT3'!$A$4:$J$640,MATCH(DropData!$J50&$C10,'ER C8 FLT3'!$A$4:$A$640&'ER C8 FLT3'!$B$4:$B$640,1),5)*IF(OR($O10=\"Class_8\",$N10=\"Replacement8HHD\",$AI10=\"CL7HHD\"),INDEX('ER C8 FLT3'!$A$4:$J$640,MATCH(DropData!$J50&$C10,'ER C8 FLT3'!$A$4:$A$640&'ER C8 FLT3'!$B$4:$B$640,1),7)),IF($O10=\"Class_7\",INDEX('ER C7 FLT3'!$A$4:$J$640,MATCH(DropData!$J50&$C10,'ER C7 FLT3'!$A$4:$A$640&'ER C7 FLT3'!$B$4:$B$640,1),5)*IF($O10=\"Class_7\",INDEX('ER C7 FLT3'!$A$4:$J$640,MATCH(DropData!$J50&$C10,'ER C7 FLT3'!$A$4:$A$640&'ER C7 FLT3'!$B$4:$B$640,1),7)),IF($O10=\"Class_6\",INDEX('ER C6 FLT3'!$A$4:$J$640,MATCH(DropData!$J50&$C10,'ER C6 FLT3'!$A$4:$A$640&'ER C6 FLT3'!$B$4:$B$640,1),5)*IF($O10=\"Class_6\",INDEX('ER C6 FLT3'!$A$4:$J$640,MATCH(DropData!$J50&$C10,'ER C6 FLT3'!$A$4:$A$640&'ER C6 FLT3'!$B$4:$B$640,1),7))))),IF($B10=\"2 Trucks\",IF(OR($O10=\"Class_8\",$N10=\"Replacement8HHD\",$AI10=\"CL7HHD\"),INDEX('ER C8 FLT2'!$A$4:$J$640,MATCH(DropData!$J50&$C10,'ER C8 FLT2'!$A$4:$A$640&'ER C8 FLT2'!$B$4:$B$640,1),5)*IF(OR($O10=\"Class_8\",$N10=\"Replacement8HHD\",$AI10=\"CL7HHD\"),INDEX('ER C8 FLT2'!$A$4:$J$640,MATCH(DropData!$J50&$C10,'ER C8 FLT2'!$A$4:$A$640&'ER C8 FLT2'!$B$4:$B$640,1),7)),IF($O10=\"Class_7\",INDEX('ER C7 FLT2'!$A$4:$J$640,MATCH(DropData!$J50&$C10,'ER C7 FLT2'!$A$4:$A$640&'ER C7 FLT2'!$B$4:$B$640,1),5)*IF($O10=\"Class_7\",INDEX('ER C7 FLT2'!$A$4:$J$640,MATCH(DropData!$J50&$C10,'ER C7 FLT2'!$A$4:$A$640&'ER C7 FLT2'!$B$4:$B$640,1),7)),IF($O10=\"Class_6\",INDEX('ER C6 FLT2'!$A$4:$J$640,MATCH(DropData!$J50&$C10,'ER C6 FLT2'!$A$4:$A$640&'ER C6 FLT2'!$B$4:$B$640,1),5)*IF($O10=\"Class_6\",INDEX('ER C6 FLT2'!$A$4:$J$640,MATCH(DropData!$J50&$C10,'ER C6 FLT2'!$A$4:$A$640&'ER C6 FLT2'!$B$4:$B$640,1),7))))),IF($B10=\"1 Truck\",IF(OR($O10=\"Class_8\",$N10=\"Replacement8HHD\",$AI10=\"CL7HHD\"),INDEX('ER C8 FLT1'!$A$4:$J$640,MATCH(DropData!$J50&$C10,'ER C8 FLT1'!$A$4:$A$640&'ER C8 FLT1'!$B$4:$B$640,1),5)*IF(OR($O10=\"Class_8\",$N10=\"Replacement8HHD\",$AI10=\"CL7HHD\"),INDEX('ER C8 FLT1'!$A$4:$J$640,MATCH(DropData!$J50&$C10,'ER C8 FLT1'!$A$4:$A$640&'ER C8 FLT1'!$B$4:$B$640,1),7)),IF($O10=\"Class_7\",INDEX('ER C7 FLT1'!$A$4:$J$640,MATCH(DropData!$J50&$C10,'ER C7 FLT1'!$A$4:$A$640&'ER C7 FLT1'!$B$4:$B$640,1),5)*IF($O10=\"Class_7\",INDEX('ER C7 FLT1'!$A$4:$J$640,MATCH(DropData!$J50&$C10,'ER C7 FLT1'!$A$4:$A$640&'ER C7 FLT1'!$B$4:$B$640,1),7)),IF($O10=\"Class_6\",INDEX('ER C6 FLT1'!$A$4:$J$640,MATCH(DropData!$J50&$C10,'ER C6 FLT1'!$A$4:$A$640&'ER C6 FLT1'!$B$4:$B$640,1),5)*IF($O10=\"Class_6\",INDEX('ER C6 FLT1'!$A$4:$J$640,MATCH(DropData!$J50&$C10,'ER C6 FLT1'!$A$4:$A$640&'ER C6 FLT1'!$B$4:$B$640,1),7)))))))),IF($R10=\"Electric\",INDEX('ER Electric'!$A$6:$E$44,MATCH($C10&$O10,'ER Electric'!$A$6:$A$44&'ER Electric'!$B$6:$B$44,1),4)))","v":false},{"$f":"IF(OR($R10=\"Diesel\",$R10=\"LNG/CNG\",$R10=\"Hybrid\",$R10=\"Electric w/ AB-118\"),IF($B10=\"3+ Trucks\",IF(OR($O10=\"Class_8\",$N10=\"Replacement8HHD\",$AI10=\"CL7HHD\"),INDEX('ER C8 FLT3'!$A$4:$J$640,MATCH(DropData!$J50&$C10,'ER C8 FLT3'!$A$4:$A$640&'ER C8 FLT3'!$B$4:$B$640-1,1),5)*IF(OR($O10=\"Class_8\",$N10=\"Replacement8HHD\",$AI10=\"CL7HHD\"),INDEX('ER C8 FLT3'!$A$4:$J$640,MATCH(DropData!$J50&$C10,'ER C8 FLT3'!$A$4:$A$640&'ER C8 FLT3'!$B$4:$B$640-1,1),7)),IF($O10=\"Class_7\",INDEX('ER C7 FLT3'!$A$4:$J$640,MATCH(DropData!$J50&$C10,'ER C7 FLT3'!$A$4:$A$640&'ER C7 FLT3'!$B$4:$B$640-1,1),5)*IF($O10=\"Class_7\",INDEX('ER C7 FLT3'!$A$4:$J$640,MATCH(DropData!$J50&$C10,'ER C7 FLT3'!$A$4:$A$640&'ER C7 FLT3'!$B$4:$B$640-1,1),7)),IF($O10=\"Class_6\",INDEX('ER C6 FLT3'!$A$4:$J$640,MATCH(DropData!$J50&$C10,'ER C6 FLT3'!$A$4:$A$640&'ER C6 FLT3'!$B$4:$B$640-1,1),5)*IF($O10=\"Class_6\",INDEX('ER C6 FLT3'!$A$4:$J$640,MATCH(DropData!$J50&$C10,'ER C6 FLT3'!$A$4:$A$640&'ER C6 FLT3'!$B$4:$B$640-1,1),7))))),IF($B10=\"2 Trucks\",IF(OR($O10=\"Class_8\",$N10=\"Replacement8HHD\",$AI10=\"CL7HHD\"),INDEX('ER C8 FLT2'!$A$4:$J$640,MATCH(DropData!$J50&$C10,'ER C8 FLT2'!$A$4:$A$640&'ER C8 FLT2'!$B$4:$B$640-1,1),5)*IF(OR($O10=\"Class_8\",$N10=\"Replacement8HHD\",$AI10=\"CL7HHD\"),INDEX('ER C8 FLT2'!$A$4:$J$640,MATCH(DropData!$J50&$C10,'ER C8 FLT2'!$A$4:$A$640&'ER C8 FLT2'!$B$4:$B$640-1,1),7)),IF($O10=\"Class_7\",INDEX('ER C7 FLT2'!$A$4:$J$640,MATCH(DropData!$J50&$C10,'ER C7 FLT2'!$A$4:$A$640&'ER C7 FLT2'!$B$4:$B$640-1,1),5)*IF($O10=\"Class_7\",INDEX('ER C7 FLT2'!$A$4:$J$640,MATCH(DropData!$J50&$C10,'ER C7 FLT2'!$A$4:$A$640&'ER C7 FLT2'!$B$4:$B$640-1,1),7)),IF($O10=\"Class_6\",INDEX('ER C6 FLT2'!$A$4:$J$640,MATCH(DropData!$J50&$C10,'ER C6 FLT2'!$A$4:$A$640&'ER C6 FLT2'!$B$4:$B$640-1,1),5)*IF($O10=\"Class_6\",INDEX('ER C6 FLT2'!$A$4:$J$640,MATCH(DropData!$J50&$C10,'ER C6 FLT2'!$A$4:$A$640&'ER C6 FLT2'!$B$4:$B$640-1,1),7))))),IF($B10=\"1 Truck\",IF(OR($O10=\"Class_8\",$N10=\"Replacement8HHD\",$AI10=\"CL7HHD\"),INDEX('ER C8 FLT1'!$A$4:$J$640,MATCH(DropData!$J50&$C10,'ER C8 FLT1'!$A$4:$A$640&'ER C8 FLT1'!$B$4:$B$640-1,1),5)*IF(OR($O10=\"Class_8\",$N10=\"Replacement8HHD\",$AI10=\"CL7HHD\"),INDEX('ER C8 FLT1'!$A$4:$J$640,MATCH(DropData!$J50&$C10,'ER C8 FLT1'!$A$4:$A$640&'ER C8 FLT1'!$B$4:$B$640-1,1),7)),IF($O10=\"Class_7\",INDEX('ER C7 FLT1'!$A$4:$J$640,MATCH(DropData!$J50&$C10,'ER C7 FLT1'!$A$4:$A$640&'ER C7 FLT1'!$B$4:$B$640-1,1),5)*IF($O10=\"Class_7\",INDEX('ER C7 FLT1'!$A$4:$J$640,MATCH(DropData!$J50&$C10,'ER C7 FLT1'!$A$4:$A$640&'ER C7 FLT1'!$B$4:$B$640-1,1),7)),IF($O10=\"Class_6\",INDEX('ER C6 FLT1'!$A$4:$J$640,MATCH(DropData!$J50&$C10,'ER C6 FLT1'!$A$4:$A$640&'ER C6 FLT1'!$B$4:$B$640-1,1),5)*IF($O10=\"Class_6\",INDEX('ER C6 FLT1'!$A$4:$J$640,MATCH(DropData!$J50&$C10,'ER C6 FLT1'!$A$4:$A$640&'ER C6 FLT1'!$B$4:$B$640-1,1),7)))))))),IF($R10=\"Electric\",OFFSET(INDEX('ER Electric'!$A$6:$E$44,MATCH($C10&$O10,'ER Electric'!$A$6:$A$44&'ER Electric'!$B$6:$B$44,1),4),3,0)))","v":false},{"$f":"IF(OR($R10=\"Diesel\",$R10=\"LNG/CNG\",$R10=\"Hybrid\",$R10=\"Electric w/ AB-118\"),IF($B10=\"3+ Trucks\",IF(OR($O10=\"Class_8\",$N10=\"Replacement8HHD\",$AI10=\"CL7HHD\"),INDEX('ER C8 FLT3'!$A$4:$J$640,MATCH(DropData!$J50&$C10,'ER C8 FLT3'!$A$4:$A$640&'ER C8 FLT3'!$B$4:$B$640-2,1),5)*IF(OR($O10=\"Class_8\",$N10=\"Replacement8HHD\",$AI10=\"CL7HHD\"),INDEX('ER C8 FLT3'!$A$4:$J$640,MATCH(DropData!$J50&$C10,'ER C8 FLT3'!$A$4:$A$640&'ER C8 FLT3'!$B$4:$B$640-2,1),7)),IF($O10=\"Class_7\",INDEX('ER C7 FLT3'!$A$4:$J$640,MATCH(DropData!$J50&$C10,'ER C7 FLT3'!$A$4:$A$640&'ER C7 FLT3'!$B$4:$B$640-2,1),5)*IF($O10=\"Class_7\",INDEX('ER C7 FLT3'!$A$4:$J$640,MATCH(DropData!$J50&$C10,'ER C7 FLT3'!$A$4:$A$640&'ER C7 FLT3'!$B$4:$B$640-2,1),7)),IF($O10=\"Class_6\",INDEX('ER C6 FLT3'!$A$4:$J$640,MATCH(DropData!$J50&$C10,'ER C6 FLT3'!$A$4:$A$640&'ER C6 FLT3'!$B$4:$B$640-2,1),5)*IF($O10=\"Class_6\",INDEX('ER C6 FLT3'!$A$4:$J$640,MATCH(DropData!$J50&$C10,'ER C6 FLT3'!$A$4:$A$640&'ER C6 FLT3'!$B$4:$B$640-2,1),7))))),IF($B10=\"2 Trucks\",IF(OR($O10=\"Class_8\",$N10=\"Replacement8HHD\",$AI10=\"CL7HHD\"),INDEX('ER C8 FLT2'!$A$4:$J$640,MATCH(DropData!$J50&$C10,'ER C8 FLT2'!$A$4:$A$640&'ER C8 FLT2'!$B$4:$B$640-2,1),5)*IF(OR($O10=\"Class_8\",$N10=\"Replacement8HHD\",$AI10=\"CL7HHD\"),INDEX('ER C8 FLT2'!$A$4:$J$640,MATCH(DropData!$J50&$C10,'ER C8 FLT2'!$A$4:$A$640&'ER C8 FLT2'!$B$4:$B$640-2,1),7)),IF($O10=\"Class_7\",INDEX('ER C7 FLT2'!$A$4:$J$640,MATCH(DropData!$J50&$C10,'ER C7 FLT2'!$A$4:$A$640&'ER C7 FLT2'!$B$4:$B$640-2,1),5)*IF($O10=\"Class_7\",INDEX('ER C7 FLT2'!$A$4:$J$640,MATCH(DropData!$J50&$C10,'ER C7 FLT2'!$A$4:$A$640&'ER C7 FLT2'!$B$4:$B$640-2,1),7)),IF($O10=\"Class_6\",INDEX('ER C6 FLT2'!$A$4:$J$640,MATCH(DropData!$J50&$C10,'ER C6 FLT2'!$A$4:$A$640&'ER C6 FLT2'!$B$4:$B$640-2,1),5)*IF($O10=\"Class_6\",INDEX('ER C6 FLT2'!$A$4:$J$640,MATCH(DropData!$J50&$C10,'ER C6 FLT2'!$A$4:$A$640&'ER C6 FLT2'!$B$4:$B$640-2,1),7))))),IF($B10=\"1 Truck\",IF(OR($O10=\"Class_8\",$N10=\"Replacement8HHD\",$AI10=\"CL7HHD\"),INDEX('ER C8 FLT1'!$A$4:$J$640,MATCH(DropData!$J50&$C10,'ER C8 FLT1'!$A$4:$A$640&'ER C8 FLT1'!$B$4:$B$640-2,1),5)*IF(OR($O10=\"Class_8\",$N10=\"Replacement8HHD\",$AI10=\"CL7HHD\"),INDEX('ER C8 FLT1'!$A$4:$J$640,MATCH(DropData!$J50&$C10,'ER C8 FLT1'!$A$4:$A$640&'ER C8 FLT1'!$B$4:$B$640-2,1),7)),IF($O10=\"Class_7\",INDEX('ER C7 FLT1'!$A$4:$J$640,MATCH(DropData!$J50&$C10,'ER C7 FLT1'!$A$4:$A$640&'ER C7 FLT1'!$B$4:$B$640-2,1),5)*IF($O10=\"Class_7\",INDEX('ER C7 FLT1'!$A$4:$J$640,MATCH(DropData!$J50&$C10,'ER C7 FLT1'!$A$4:$A$640&'ER C7 FLT1'!$B$4:$B$640-2,1),7)),IF($O10=\"Class_6\",INDEX('ER C6 FLT1'!$A$4:$J$640,MATCH(DropData!$J50&$C10,'ER C6 FLT1'!$A$4:$A$640&'ER C6 FLT1'!$B$4:$B$640-2,1),5)*IF($O10=\"Class_6\",INDEX('ER C6 FLT1'!$A$4:$J$640,MATCH(DropData!$J50&$C10,'ER C6 FLT1'!$A$4:$A$640&'ER C6 FLT1'!$B$4:$B$640-2,1),7)))))))),IF($R10=\"Electric\",OFFSET(INDEX('ER Electric'!$A$6:$E$44,MATCH($C10&$O10,'ER Electric'!$A$6:$A$44&'ER Electric'!$B$6:$B$44,1),4),6,0)))","v":false},{"$f":"IF(OR($R10=\"Diesel\",$R10=\"LNG/CNG\",$R10=\"Hybrid\",$R10=\"Electric w/ AB-118\"),IF($B10=\"3+ Trucks\",IF(OR($O10=\"Class_8\",$N10=\"Replacement8HHD\",$AI10=\"CL7HHD\"),INDEX('ER C8 FLT3'!$A$4:$J$640,MATCH(DropData!$J50&$C10,'ER C8 FLT3'!$A$4:$A$640&'ER C8 FLT3'!$B$4:$B$640-3,1),5)*IF(OR($O10=\"Class_8\",$N10=\"Replacement8HHD\",$AI10=\"CL7HHD\"),INDEX('ER C8 FLT3'!$A$4:$J$640,MATCH(DropData!$J50&$C10,'ER C8 FLT3'!$A$4:$A$640&'ER C8 FLT3'!$B$4:$B$640-3,1),7)),IF($O10=\"Class_7\",INDEX('ER C7 FLT3'!$A$4:$J$640,MATCH(DropData!$J50&$C10,'ER C7 FLT3'!$A$4:$A$640&'ER C7 FLT3'!$B$4:$B$640-3,1),5)*IF($O10=\"Class_7\",INDEX('ER C7 FLT3'!$A$4:$J$640,MATCH(DropData!$J50&$C10,'ER C7 FLT3'!$A$4:$A$640&'ER C7 FLT3'!$B$4:$B$640-3,1),7)),IF($O10=\"Class_6\",INDEX('ER C6 FLT3'!$A$4:$J$640,MATCH(DropData!$J50&$C10,'ER C6 FLT3'!$A$4:$A$640&'ER C6 FLT3'!$B$4:$B$640-3,1),5)*IF($O10=\"Class_6\",INDEX('ER C6 FLT3'!$A$4:$J$640,MATCH(DropData!$J50&$C10,'ER C6 FLT3'!$A$4:$A$640&'ER C6 FLT3'!$B$4:$B$640-3,1),7))))),IF($B10=\"2 Trucks\",IF(OR($O10=\"Class_8\",$N10=\"Replacement8HHD\",$AI10=\"CL7HHD\"),INDEX('ER C8 FLT2'!$A$4:$J$640,MATCH(DropData!$J50&$C10,'ER C8 FLT2'!$A$4:$A$640&'ER C8 FLT2'!$B$4:$B$640-3,1),5)*IF(OR($O10=\"Class_8\",$N10=\"Replacement8HHD\",$AI10=\"CL7HHD\"),INDEX('ER C8 FLT2'!$A$4:$J$640,MATCH(DropData!$J50&$C10,'ER C8 FLT2'!$A$4:$A$640&'ER C8 FLT2'!$B$4:$B$640-3,1),7)),IF($O10=\"Class_7\",INDEX('ER C7 FLT2'!$A$4:$J$640,MATCH(DropData!$J50&$C10,'ER C7 FLT2'!$A$4:$A$640&'ER C7 FLT2'!$B$4:$B$640-3,1),5)*IF($O10=\"Class_7\",INDEX('ER C7 FLT2'!$A$4:$J$640,MATCH(DropData!$J50&$C10,'ER C7 FLT2'!$A$4:$A$640&'ER C7 FLT2'!$B$4:$B$640-3,1),7)),IF($O10=\"Class_6\",INDEX('ER C6 FLT2'!$A$4:$J$640,MATCH(DropData!$J50&$C10,'ER C6 FLT2'!$A$4:$A$640&'ER C6 FLT2'!$B$4:$B$640-3,1),5)*IF($O10=\"Class_6\",INDEX('ER C6 FLT2'!$A$4:$J$640,MATCH(DropData!$J50&$C10,'ER C6 FLT2'!$A$4:$A$640&'ER C6 FLT2'!$B$4:$B$640-3,1),7))))),IF($B10=\"1 Truck\",IF(OR($O10=\"Class_8\",$N10=\"Replacement8HHD\",$AI10=\"CL7HHD\"),INDEX('ER C8 FLT1'!$A$4:$J$640,MATCH(DropData!$J50&$C10,'ER C8 FLT1'!$A$4:$A$640&'ER C8 FLT1'!$B$4:$B$640-3,1),5)*IF(OR($O10=\"Class_8\",$N10=\"Replacement8HHD\",$AI10=\"CL7HHD\"),INDEX('ER C8 FLT1'!$A$4:$J$640,MATCH(DropData!$J50&$C10,'ER C8 FLT1'!$A$4:$A$640&'ER C8 FLT1'!$B$4:$B$640-3,1),7)),IF($O10=\"Class_7\",INDEX('ER C7 FLT1'!$A$4:$J$640,MATCH(DropData!$J50&$C10,'ER C7 FLT1'!$A$4:$A$640&'ER C7 FLT1'!$B$4:$B$640-3,1),5)*IF($O10=\"Class_7\",INDEX('ER C7 FLT1'!$A$4:$J$640,MATCH(DropData!$J50&$C10,'ER C7 FLT1'!$A$4:$A$640&'ER C7 FLT1'!$B$4:$B$640-3,1),7)),IF($O10=\"Class_6\",INDEX('ER C6 FLT1'!$A$4:$J$640,MATCH(DropData!$J50&$C10,'ER C6 FLT1'!$A$4:$A$640&'ER C6 FLT1'!$B$4:$B$640-3,1),5)*IF($O10=\"Class_6\",INDEX('ER C6 FLT1'!$A$4:$J$640,MATCH(DropData!$J50&$C10,'ER C6 FLT1'!$A$4:$A$640&'ER C6 FLT1'!$B$4:$B$640-3,1),7)))))))),IF($R10=\"Electric\",OFFSET(INDEX('ER Electric'!$A$6:$E$44,MATCH($C10&$O10,'ER Electric'!$A$6:$A$44&'ER Electric'!$B$6:$B$44,1),4),9,0)))","v":false},{"$f":"IF(OR($R10=\"Diesel\",$R10=\"LNG/CNG\",$R10=\"Hybrid\",$R10=\"Electric w/ AB-118\"),IF($B10=\"3+ Trucks\",IF(OR($O10=\"Class_8\",$N10=\"Replacement8HHD\",$AI10=\"CL7HHD\"),INDEX('ER C8 FLT3'!$A$4:$J$640,MATCH(DropData!$J50&$C10,'ER C8 FLT3'!$A$4:$A$640&'ER C8 FLT3'!$B$4:$B$640-4,1),5)*IF(OR($O10=\"Class_8\",$N10=\"Replacement8HHD\",$AI10=\"CL7HHD\"),INDEX('ER C8 FLT3'!$A$4:$J$640,MATCH(DropData!$J50&$C10,'ER C8 FLT3'!$A$4:$A$640&'ER C8 FLT3'!$B$4:$B$640-4,1),7)),IF($O10=\"Class_7\",INDEX('ER C7 FLT3'!$A$4:$J$640,MATCH(DropData!$J50&$C10,'ER C7 FLT3'!$A$4:$A$640&'ER C7 FLT3'!$B$4:$B$640-4,1),5)*IF($O10=\"Class_7\",INDEX('ER C7 FLT3'!$A$4:$J$640,MATCH(DropData!$J50&$C10,'ER C7 FLT3'!$A$4:$A$640&'ER C7 FLT3'!$B$4:$B$640-4,1),7)),IF($O10=\"Class_6\",INDEX('ER C6 FLT3'!$A$4:$J$640,MATCH(DropData!$J50&$C10,'ER C6 FLT3'!$A$4:$A$640&'ER C6 FLT3'!$B$4:$B$640-4,1),5)*IF($O10=\"Class_6\",INDEX('ER C6 FLT3'!$A$4:$J$640,MATCH(DropData!$J50&$C10,'ER C6 FLT3'!$A$4:$A$640&'ER C6 FLT3'!$B$4:$B$640-4,1),7))))),IF($B10=\"2 Trucks\",IF(OR($O10=\"Class_8\",$N10=\"Replacement8HHD\",$AI10=\"CL7HHD\"),INDEX('ER C8 FLT2'!$A$4:$J$640,MATCH(DropData!$J50&$C10,'ER C8 FLT2'!$A$4:$A$640&'ER C8 FLT2'!$B$4:$B$640-4,1),5)*IF(OR($O10=\"Class_8\",$N10=\"Replacement8HHD\",$AI10=\"CL7HHD\"),INDEX('ER C8 FLT2'!$A$4:$J$640,MATCH(DropData!$J50&$C10,'ER C8 FLT2'!$A$4:$A$640&'ER C8 FLT2'!$B$4:$B$640-4,1),7)),IF($O10=\"Class_7\",INDEX('ER C7 FLT2'!$A$4:$J$640,MATCH(DropData!$J50&$C10,'ER C7 FLT2'!$A$4:$A$640&'ER C7 FLT2'!$B$4:$B$640-4,1),5)*IF($O10=\"Class_7\",INDEX('ER C7 FLT2'!$A$4:$J$640,MATCH(DropData!$J50&$C10,'ER C7 FLT2'!$A$4:$A$640&'ER C7 FLT2'!$B$4:$B$640-4,1),7)),IF($O10=\"Class_6\",INDEX('ER C6 FLT2'!$A$4:$J$640,MATCH(DropData!$J50&$C10,'ER C6 FLT2'!$A$4:$A$640&'ER C6 FLT2'!$B$4:$B$640-4,1),5)*IF($O10=\"Class_6\",INDEX('ER C6 FLT2'!$A$4:$J$640,MATCH(DropData!$J50&$C10,'ER C6 FLT2'!$A$4:$A$640&'ER C6 FLT2'!$B$4:$B$640-4,1),7))))),IF($B10=\"1 Truck\",IF(OR($O10=\"Class_8\",$N10=\"Replacement8HHD\",$AI10=\"CL7HHD\"),INDEX('ER C8 FLT1'!$A$4:$J$640,MATCH(DropData!$J50&$C10,'ER C8 FLT1'!$A$4:$A$640&'ER C8 FLT1'!$B$4:$B$640-4,1),5)*IF(OR($O10=\"Class_8\",$N10=\"Replacement8HHD\",$AI10=\"CL7HHD\"),INDEX('ER C8 FLT1'!$A$4:$J$640,MATCH(DropData!$J50&$C10,'ER C8 FLT1'!$A$4:$A$640&'ER C8 FLT1'!$B$4:$B$640-4,1),7)),IF($O10=\"Class_7\",INDEX('ER C7 FLT1'!$A$4:$J$640,MATCH(DropData!$J50&$C10,'ER C7 FLT1'!$A$4:$A$640&'ER C7 FLT1'!$B$4:$B$640-4,1),5)*IF($O10=\"Class_7\",INDEX('ER C7 FLT1'!$A$4:$J$640,MATCH(DropData!$J50&$C10,'ER C7 FLT1'!$A$4:$A$640&'ER C7 FLT1'!$B$4:$B$640-4,1),7)),IF($O10=\"Class_6\",INDEX('ER C6 FLT1'!$A$4:$J$640,MATCH(DropData!$J50&$C10,'ER C6 FLT1'!$A$4:$A$640&'ER C6 FLT1'!$B$4:$B$640-4,1),5)*IF($O10=\"Class_6\",INDEX('ER C6 FLT1'!$A$4:$J$640,MATCH(DropData!$J50&$C10,'ER C6 FLT1'!$A$4:$A$640&'ER C6 FLT1'!$B$4:$B$640-4,1),7)))))))),IF($R10=\"Electric\",OFFSET(INDEX('ER Electric'!$A$6:$E$44,MATCH($C10&$O10,'ER Electric'!$A$6:$A$44&'ER Electric'!$B$6:$B$44,1),4),12,0)))","v":false},{"$f":"IF($C10<2015,1,2)","v":1},0,{"$f":"IF($C10<2015,1,2)","v":1},{"$f":"IFERROR(MAX(0,IF($B10=\"3+ Trucks\",IF($Z10=\"Class_8\",INDEX('ER C8 FLT3'!$A$4:$J$640,MATCH($W10&$C10,'ER C8 FLT3'!$A$4:$A$640&'ER C8 FLT3'!$B$4:$B$640,1),5)*IF($Z10=\"Class_8\",INDEX('ER C8 FLT3'!$A$4:$J$640,MATCH($W10&$C10,'ER C8 FLT3'!$A$4:$A$640&'ER C8 FLT3'!$B$4:$B$640,1),7)),IF($Z10=\"Class_7\",INDEX('ER C7 FLT3'!$A$4:$J$640,MATCH($W10&$C10,'ER C7 FLT3'!$A$4:$A$640&'ER C7 FLT3'!$B$4:$B$640,1),5)*IF($Z10=\"Class_7\",INDEX('ER C7 FLT3'!$A$4:$J$640,MATCH($W10&$C10,'ER C7 FLT3'!$A$4:$A$640&'ER C7 FLT3'!$B$4:$B$640,1),7)),\nIF($Z10=\"Class_6\",INDEX('ER C6 FLT3'!$A$4:$J$640,MATCH($W10&$C10,'ER C6 FLT3'!$A$4:$A$640&'ER C6 FLT3'!$B$4:$B$640,1),5)*IF($Z10=\"Class_6\",INDEX('ER C6 FLT3'!$A$4:$L$640,MATCH($W10&$C10,'ER C6 FLT3'!$A$4:$A$640&'ER C6 FLT3'!$B$4:$B$640,1),7))))),IF($B10=\"2 Trucks\",IF($Z10=\"Class_8\",INDEX('ER C8 FLT2'!$A$4:$J$640,MATCH($W10&$C10,'ER C8 FLT2'!$A$4:$A$640&'ER C8 FLT2'!$B$4:$B$640,1),5)*IF($Z10=\"Class_8\",INDEX('ER C8 FLT2'!$A$4:$J$640,MATCH($W10&$C10,'ER C8 FLT2'!$A$4:$A$640&'ER C8 FLT2'!$B$4:$B$640,1),7)),IF($Z10=\"Class_7\",INDEX('ER C7 FLT2'!$A$4:$J$640,MATCH($W10&$C10,'ER C7 FLT2'!$A$4:$A$640&'ER C7 FLT2'!$B$4:$B$640,1),5)*IF($Z10=\"Class_7\",INDEX('ER C7 FLT2'!$A$4:$J$640,MATCH($W10&$C10,'ER C7 FLT2'!$A$4:$A$640&'ER C7 FLT2'!$B$4:$B$640,1),7)),IF($Z10=\"Class_6\",INDEX('ER C6 FLT2'!$A$4:$J$640,MATCH($W10&$C10,'ER C6 FLT2'!$A$4:$A$640&'ER C6 FLT2'!$B$4:$B$640,1),5)*IF($Z10=\"Class_6\",INDEX('ER C6 FLT2'!$A$4:$J$640,MATCH($W10&$C10,'ER C6 FLT2'!$A$4:$A$640&'ER C6 FLT2'!$B$4:$B$640,1),7))))),IF($B10=\"1 Truck\",\nIF($Z10=\"Class_8\",INDEX('ER C8 FLT1'!$A$4:$J$640,MATCH($W10&$C10,'ER C8 FLT1'!$A$4:$A$640&'ER C8 FLT1'!$B$4:$B$640,1),5)*IF($Z10=\"Class_8\",INDEX('ER C8 FLT1'!$A$4:$J$640,MATCH($W10&$C10,'ER C8 FLT1'!$A$4:$A$640&'ER C8 FLT1'!$B$4:$B$640,1),7)),IF($Z10=\"Class_7\",INDEX('ER C7 FLT1'!$A$4:$J$640,MATCH($W10&$C10,'ER C7 FLT1'!$A$4:$A$640&'ER C7 FLT1'!$B$4:$B$640,1),5)*IF($Z10=\"Class_7\",INDEX('ER C7 FLT1'!$A$4:$J$640,MATCH($W10&$C10,'ER C7 FLT1'!$A$4:$A$640&'ER C7 FLT1'!$B$4:$B$640,1),7)),IF($Z10=\"Class_6\",INDEX('ER C6 FLT1'!$A$4:$J$640,MATCH($W10&$C10,'ER C6 FLT1'!$A$4:$A$640&'ER C6 FLT1'!$B$4:$B$640,1),5)*IF($Z10=\"Class_6\",INDEX('ER C6 FLT1'!$A$4:$J$640,MATCH($W10&$C10,'ER C6 FLT1'!$A$4:$A$640&'ER C6 FLT1'!$B$4:$B$640,1),7)))))))))*IF($X10=\"Level 3 PM + Mark I NOx\",0.75,1)*($AC10/453.6)-IF(CT10=0,CI10,0),\"0.00\")","v":0},{"$f":"IFERROR(MAX(0,CV10/CU10),\"0.00\")","v":0},{"$f":"IFERROR((CT10+CW10),\"0.00\")","v":0},0,{"$f":"IF($B10=\"3+ Trucks\",IF($Z10=\"Class_8\",INDEX('ER C8 FLT3'!$A$4:$J$640,MATCH($W10&$C10,'ER C8 FLT3'!$A$4:$A$640&'ER C8 FLT3'!$B$4:$B$640-1,1),5)*IF($Z10=\"Class_8\",INDEX('ER C8 FLT3'!$A$4:$J$640,MATCH($W10&$C10,'ER C8 FLT3'!$A$4:$A$640&'ER C8 FLT3'!$B$4:$B$640-1,1),7)),IF($Z10=\"Class_7\",INDEX('ER C7 FLT3'!$A$4:$J$640,MATCH($W10&$C10,'ER C7 FLT3'!$A$4:$A$640&'ER C7 FLT3'!$B$4:$B$640-1,1),5)*IF($Z10=\"Class_7\",INDEX('ER C7 FLT3'!$A$4:$J$640,MATCH($W10&$C10,'ER C7 FLT3'!$A$4:$A$640&'ER C7 FLT3'!$B$4:$B$640-1,1),7)),\nIF($Z10=\"Class_6\",INDEX('ER C6 FLT3'!$A$4:$J$640,MATCH($W10&$C10,'ER C6 FLT3'!$A$4:$A$640&'ER C6 FLT3'!$B$4:$B$640-1,1),5)*IF($Z10=\"Class_6\",INDEX('ER C6 FLT3'!$A$4:$L$640,MATCH($W10&$C10,'ER C6 FLT3'!$A$4:$A$640&'ER C6 FLT3'!$B$4:$B$640-1,1),7))))),IF($B10=\"2 Trucks\",IF($Z10=\"Class_8\",INDEX('ER C8 FLT2'!$A$4:$J$640,MATCH($W10&$C10,'ER C8 FLT2'!$A$4:$A$640&'ER C8 FLT2'!$B$4:$B$640-1,1),5)*IF($Z10=\"Class_8\",INDEX('ER C8 FLT2'!$A$4:$J$640,MATCH($W10&$C10,'ER C8 FLT2'!$A$4:$A$640&'ER C8 FLT2'!$B$4:$B$640-1,1),7)),IF($Z10=\"Class_7\",INDEX('ER C7 FLT2'!$A$4:$J$640,MATCH($W10&$C10,'ER C7 FLT2'!$A$4:$A$640&'ER C7 FLT2'!$B$4:$B$640-1,1),5)*IF($Z10=\"Class_7\",INDEX('ER C7 FLT2'!$A$4:$J$640,MATCH($W10&$C10,'ER C7 FLT2'!$A$4:$A$640&'ER C7 FLT2'!$B$4:$B$640-1,1),7)),IF($Z10=\"Class_6\",INDEX('ER C6 FLT2'!$A$4:$J$640,MATCH($W10&$C10,'ER C6 FLT2'!$A$4:$A$640&'ER C6 FLT2'!$B$4:$B$640-1,1),5)*IF($Z10=\"Class_6\",INDEX('ER C6 FLT2'!$A$4:$J$640,MATCH($W10&$C10,'ER C6 FLT2'!$A$4:$A$640&'ER C6 FLT2'!$B$4:$B$640-1,1),7))))),IF($B10=\"1 Truck\",\nIF($Z10=\"Class_8\",INDEX('ER C8 FLT1'!$A$4:$J$640,MATCH($W10&$C10,'ER C8 FLT1'!$A$4:$A$640&'ER C8 FLT1'!$B$4:$B$640-1,1),5)*IF($Z10=\"Class_8\",INDEX('ER C8 FLT1'!$A$4:$J$640,MATCH($W10&$C10,'ER C8 FLT1'!$A$4:$A$640&'ER C8 FLT1'!$B$4:$B$640-1,1),7)),IF($Z10=\"Class_7\",INDEX('ER C7 FLT1'!$A$4:$J$640,MATCH($W10&$C10,'ER C7 FLT1'!$A$4:$A$640&'ER C7 FLT1'!$B$4:$B$640-1,1),5)*IF($Z10=\"Class_7\",INDEX('ER C7 FLT1'!$A$4:$J$640,MATCH($W10&$C10,'ER C7 FLT1'!$A$4:$A$640&'ER C7 FLT1'!$B$4:$B$640-1,1),7)),\nIF($Z10=\"Class_6\",INDEX('ER C6 FLT1'!$A$4:$J$640,MATCH($W10&$C10,'ER C6 FLT1'!$A$4:$A$640&'ER C6 FLT1'!$B$4:$B$640-1,1),5)*IF($Z10=\"Class_6\",INDEX('ER C6 FLT1'!$A$4:$J$640,MATCH($W10&$C10,'ER C6 FLT1'!$A$4:$A$640&'ER C6 FLT1'!$B$4:$B$640-1,1),7))))))))*IF($X10=\"Level 3 PM + Mark I NOx\",0.75,1)*($AC10/453.6)-IF(CY10=0,CJ10,0)","v":0},{"$f":"MAX(0,CY10+CZ10)","v":0},0,{"$f":"IF($B10=\"3+ Trucks\",IF($Z10=\"Class_8\",INDEX('ER C8 FLT3'!$A$4:$J$640,MATCH($W10&$C10,'ER C8 FLT3'!$A$4:$A$640&'ER C8 FLT3'!$B$4:$B$640-2,1),5)*IF($Z10=\"Class_8\",INDEX('ER C8 FLT3'!$A$4:$J$640,MATCH($W10&$C10,'ER C8 FLT3'!$A$4:$A$640&'ER C8 FLT3'!$B$4:$B$640-2,1),7)),IF($Z10=\"Class_7\",INDEX('ER C7 FLT3'!$A$4:$J$640,MATCH($W10&$C10,'ER C7 FLT3'!$A$4:$A$640&'ER C7 FLT3'!$B$4:$B$640-2,1),5)*IF($Z10=\"Class_7\",INDEX('ER C7 FLT3'!$A$4:$J$640,MATCH($W10&$C10,'ER C7 FLT3'!$A$4:$A$640&'ER C7 FLT3'!$B$4:$B$640-2,1),7)),\nIF($Z10=\"Class_6\",INDEX('ER C6 FLT3'!$A$4:$J$640,MATCH($W10&$C10,'ER C6 FLT3'!$A$4:$A$640&'ER C6 FLT3'!$B$4:$B$640-2,1),5)*IF($Z10=\"Class_6\",INDEX('ER C6 FLT3'!$A$4:$L$640,MATCH($W10&$C10,'ER C6 FLT3'!$A$4:$A$640&'ER C6 FLT3'!$B$4:$B$640-2,1),7))))),IF($B10=\"2 Trucks\",IF($Z10=\"Class_8\",INDEX('ER C8 FLT2'!$A$4:$J$640,MATCH($W10&$C10,'ER C8 FLT2'!$A$4:$A$640&'ER C8 FLT2'!$B$4:$B$640-2,1),5)*IF($Z10=\"Class_8\",INDEX('ER C8 FLT2'!$A$4:$J$640,MATCH($W10&$C10,'ER C8 FLT2'!$A$4:$A$640&'ER C8 FLT2'!$B$4:$B$640-2,1),7)),IF($Z10=\"Class_7\",INDEX('ER C7 FLT2'!$A$4:$J$640,MATCH($W10&$C10,'ER C7 FLT2'!$A$4:$A$640&'ER C7 FLT2'!$B$4:$B$640-2,1),5)*IF($Z10=\"Class_7\",INDEX('ER C7 FLT2'!$A$4:$J$640,MATCH($W10&$C10,'ER C7 FLT2'!$A$4:$A$640&'ER C7 FLT2'!$B$4:$B$640-2,1),7)),IF($Z10=\"Class_6\",INDEX('ER C6 FLT2'!$A$4:$J$640,MATCH($W10&$C10,'ER C6 FLT2'!$A$4:$A$640&'ER C6 FLT2'!$B$4:$B$640-2,1),5)*IF($Z10=\"Class_6\",INDEX('ER C6 FLT2'!$A$4:$J$640,MATCH($W10&$C10,'ER C6 FLT2'!$A$4:$A$640&'ER C6 FLT2'!$B$4:$B$640-2,1),7))))),IF($B10=\"1 Truck\",\nIF($Z10=\"Class_8\",INDEX('ER C8 FLT1'!$A$4:$J$640,MATCH($W10&$C10,'ER C8 FLT1'!$A$4:$A$640&'ER C8 FLT1'!$B$4:$B$640-2,1),5)*IF($Z10=\"Class_8\",INDEX('ER C8 FLT1'!$A$4:$J$640,MATCH($W10&$C10,'ER C8 FLT1'!$A$4:$A$640&'ER C8 FLT1'!$B$4:$B$640-2,1),7)),IF($Z10=\"Class_7\",INDEX('ER C7 FLT1'!$A$4:$J$640,MATCH($W10&$C10,'ER C7 FLT1'!$A$4:$A$640&'ER C7 FLT1'!$B$4:$B$640-2,1),5)*IF($Z10=\"Class_7\",INDEX('ER C7 FLT1'!$A$4:$J$640,MATCH($W10&$C10,'ER C7 FLT1'!$A$4:$A$640&'ER C7 FLT1'!$B$4:$B$640-2,1),7)),\nIF($Z10=\"Class_6\",INDEX('ER C6 FLT1'!$A$4:$J$640,MATCH($W10&$C10,'ER C6 FLT1'!$A$4:$A$640&'ER C6 FLT1'!$B$4:$B$640-2,1),5)*IF($Z10=\"Class_6\",INDEX('ER C6 FLT1'!$A$4:$J$640,MATCH($W10&$C10,'ER C6 FLT1'!$A$4:$A$640&'ER C6 FLT1'!$B$4:$B$640-2,1),7))))))))*IF($X10=\"Level 3 PM + Mark I NOx\",0.75,1)*($AC10/453.6)-IF(DB10=0,CK10,0)","v":0},{"$f":"MAX(0,DB10+DC10)","v":0},0,{"$f":"IF($B10=\"3+ Trucks\",IF($Z10=\"Class_8\",INDEX('ER C8 FLT3'!$A$4:$J$640,MATCH($W10&$C10,'ER C8 FLT3'!$A$4:$A$640&'ER C8 FLT3'!$B$4:$B$640-3,1),5)*IF($Z10=\"Class_8\",INDEX('ER C8 FLT3'!$A$4:$J$640,MATCH($W10&$C10,'ER C8 FLT3'!$A$4:$A$640&'ER C8 FLT3'!$B$4:$B$640-3,1),7)),IF($Z10=\"Class_7\",INDEX('ER C7 FLT3'!$A$4:$J$640,MATCH($W10&$C10,'ER C7 FLT3'!$A$4:$A$640&'ER C7 FLT3'!$B$4:$B$640-3,1),5)*IF($Z10=\"Class_7\",INDEX('ER C7 FLT3'!$A$4:$J$640,MATCH($W10&$C10,'ER C7 FLT3'!$A$4:$A$640&'ER C7 FLT3'!$B$4:$B$640-3,1),7)),\nIF($Z10=\"Class_6\",INDEX('ER C6 FLT3'!$A$4:$J$640,MATCH($W10&$C10,'ER C6 FLT3'!$A$4:$A$640&'ER C6 FLT3'!$B$4:$B$640-3,1),5)*IF($Z10=\"Class_6\",INDEX('ER C6 FLT3'!$A$4:$L$640,MATCH($W10&$C10,'ER C6 FLT3'!$A$4:$A$640&'ER C6 FLT3'!$B$4:$B$640-3,1),7))))),IF($B10=\"2 Trucks\",IF($Z10=\"Class_8\",INDEX('ER C8 FLT2'!$A$4:$J$640,MATCH($W10&$C10,'ER C8 FLT2'!$A$4:$A$640&'ER C8 FLT2'!$B$4:$B$640-3,1),5)*IF($Z10=\"Class_8\",INDEX('ER C8 FLT2'!$A$4:$J$640,MATCH($W10&$C10,'ER C8 FLT2'!$A$4:$A$640&'ER C8 FLT2'!$B$4:$B$640-3,1),7)),IF($Z10=\"Class_7\",INDEX('ER C7 FLT2'!$A$4:$J$640,MATCH($W10&$C10,'ER C7 FLT2'!$A$4:$A$640&'ER C7 FLT2'!$B$4:$B$640-3,1),5)*IF($Z10=\"Class_7\",INDEX('ER C7 FLT2'!$A$4:$J$640,MATCH($W10&$C10,'ER C7 FLT2'!$A$4:$A$640&'ER C7 FLT2'!$B$4:$B$640-3,1),7)),IF($Z10=\"Class_6\",INDEX('ER C6 FLT2'!$A$4:$J$640,MATCH($W10&$C10,'ER C6 FLT2'!$A$4:$A$640&'ER C6 FLT2'!$B$4:$B$640-3,1),5)*IF($Z10=\"Class_6\",INDEX('ER C6 FLT2'!$A$4:$J$640,MATCH($W10&$C10,'ER C6 FLT2'!$A$4:$A$640&'ER C6 FLT2'!$B$4:$B$640-3,1),7))))),IF($B10=\"1 Truck\",\nIF($Z10=\"Class_8\",INDEX('ER C8 FLT1'!$A$4:$J$640,MATCH($W10&$C10,'ER C8 FLT1'!$A$4:$A$640&'ER C8 FLT1'!$B$4:$B$640-3,1),5)*IF($Z10=\"Class_8\",INDEX('ER C8 FLT1'!$A$4:$J$640,MATCH($W10&$C10,'ER C8 FLT1'!$A$4:$A$640&'ER C8 FLT1'!$B$4:$B$640-3,1),7)),IF($Z10=\"Class_7\",INDEX('ER C7 FLT1'!$A$4:$J$640,MATCH($W10&$C10,'ER C7 FLT1'!$A$4:$A$640&'ER C7 FLT1'!$B$4:$B$640-3,1),5)*IF($Z10=\"Class_7\",INDEX('ER C7 FLT1'!$A$4:$J$640,MATCH($W10&$C10,'ER C7 FLT1'!$A$4:$A$640&'ER C7 FLT1'!$B$4:$B$640-3,1),7)),\nIF($Z10=\"Class_6\",INDEX('ER C6 FLT1'!$A$4:$J$640,MATCH($W10&$C10,'ER C6 FLT1'!$A$4:$A$640&'ER C6 FLT1'!$B$4:$B$640-3,1),5)*IF($Z10=\"Class_6\",INDEX('ER C6 FLT1'!$A$4:$J$640,MATCH($W10&$C10,'ER C6 FLT1'!$A$4:$A$640&'ER C6 FLT1'!$B$4:$B$640-3,1),7))))))))*IF($X10=\"Level 3 PM + Mark I NOx\",0.75,1)*($AC10/453.6)-IF(DE10=0,CL10,0)","v":0},{"$f":"MAX(0,DE10+DF10)","v":0},0,{"$f":"IF($B10=\"3+ Trucks\",IF($Z10=\"Class_8\",INDEX('ER C8 FLT3'!$A$4:$J$640,MATCH($W10&$C10,'ER C8 FLT3'!$A$4:$A$640&'ER C8 FLT3'!$B$4:$B$640-4,1),5)*IF($Z10=\"Class_8\",INDEX('ER C8 FLT3'!$A$4:$J$640,MATCH($W10&$C10,'ER C8 FLT3'!$A$4:$A$640&'ER C8 FLT3'!$B$4:$B$640-4,1),7)),IF($Z10=\"Class_7\",INDEX('ER C7 FLT3'!$A$4:$J$640,MATCH($W10&$C10,'ER C7 FLT3'!$A$4:$A$640&'ER C7 FLT3'!$B$4:$B$640-4,1),5)*IF($Z10=\"Class_7\",INDEX('ER C7 FLT3'!$A$4:$J$640,MATCH($W10&$C10,'ER C7 FLT3'!$A$4:$A$640&'ER C7 FLT3'!$B$4:$B$640-4,1),7)),\nIF($Z10=\"Class_6\",INDEX('ER C6 FLT3'!$A$4:$J$640,MATCH($W10&$C10,'ER C6 FLT3'!$A$4:$A$640&'ER C6 FLT3'!$B$4:$B$640-4,1),5)*IF($Z10=\"Class_6\",INDEX('ER C6 FLT3'!$A$4:$L$640,MATCH($W10&$C10,'ER C6 FLT3'!$A$4:$A$640&'ER C6 FLT3'!$B$4:$B$640-4,1),7))))),IF($B10=\"2 Trucks\",IF($Z10=\"Class_8\",INDEX('ER C8 FLT2'!$A$4:$J$640,MATCH($W10&$C10,'ER C8 FLT2'!$A$4:$A$640&'ER C8 FLT2'!$B$4:$B$640-4,1),5)*IF($Z10=\"Class_8\",INDEX('ER C8 FLT2'!$A$4:$J$640,MATCH($W10&$C10,'ER C8 FLT2'!$A$4:$A$640&'ER C8 FLT2'!$B$4:$B$640-4,1),7)),IF($Z10=\"Class_7\",INDEX('ER C7 FLT2'!$A$4:$J$640,MATCH($W10&$C10,'ER C7 FLT2'!$A$4:$A$640&'ER C7 FLT2'!$B$4:$B$640-4,1),5)*IF($Z10=\"Class_7\",INDEX('ER C7 FLT2'!$A$4:$J$640,MATCH($W10&$C10,'ER C7 FLT2'!$A$4:$A$640&'ER C7 FLT2'!$B$4:$B$640-4,1),7)),IF($Z10=\"Class_6\",INDEX('ER C6 FLT2'!$A$4:$J$640,MATCH($W10&$C10,'ER C6 FLT2'!$A$4:$A$640&'ER C6 FLT2'!$B$4:$B$640-4,1),5)*IF($Z10=\"Class_6\",INDEX('ER C6 FLT2'!$A$4:$J$640,MATCH($W10&$C10,'ER C6 FLT2'!$A$4:$A$640&'ER C6 FLT2'!$B$4:$B$640-4,1),7))))),IF($B10=\"1 Truck\",\nIF($Z10=\"Class_8\",INDEX('ER C8 FLT1'!$A$4:$J$640,MATCH($W10&$C10,'ER C8 FLT1'!$A$4:$A$640&'ER C8 FLT1'!$B$4:$B$640-4,1),5)*IF($Z10=\"Class_8\",INDEX('ER C8 FLT1'!$A$4:$J$640,MATCH($W10&$C10,'ER C8 FLT1'!$A$4:$A$640&'ER C8 FLT1'!$B$4:$B$640-4,1),7)),IF($Z10=\"Class_7\",INDEX('ER C7 FLT1'!$A$4:$J$640,MATCH($W10&$C10,'ER C7 FLT1'!$A$4:$A$640&'ER C7 FLT1'!$B$4:$B$640-4,1),5)*IF($Z10=\"Class_7\",INDEX('ER C7 FLT1'!$A$4:$J$640,MATCH($W10&$C10,'ER C7 FLT1'!$A$4:$A$640&'ER C7 FLT1'!$B$4:$B$640-4,1),7)),\nIF($Z10=\"Class_6\",INDEX('ER C6 FLT1'!$A$4:$J$640,MATCH($W10&$C10,'ER C6 FLT1'!$A$4:$A$640&'ER C6 FLT1'!$B$4:$B$640-4,1),5)*IF($Z10=\"Class_6\",INDEX('ER C6 FLT1'!$A$4:$J$640,MATCH($W10&$C10,'ER C6 FLT1'!$A$4:$A$640&'ER C6 FLT1'!$B$4:$B$640-4,1),7))))))))*IF($X10=\"Level 3 PM + Mark I NOx\",0.75,1)*($AC10/453.6)-IF(DH10=0,CM10,0)","v":0},{"$f":"MAX(0,DH10+DI10)","v":0},{"$f":"MAX(0,CX10+DA10+DD10+DG10+DJ10)","v":0},{"$f":"IF($B10=\"3+ Trucks\",IF(OR($H10=\"Class_8\",$N10=\"Replacement8HHD\",$AH10=\"CL7HHD\",$AJ10=\"CL7to8\"),INDEX('ER C8 FLT3'!$A$4:$J$640,MATCH($E10&$C10,'ER C8 FLT3'!$A$4:$A$640&'ER C8 FLT3'!$B$4:$B$640,1),10),IF($H10=\"Class_7\",INDEX('ER C7 FLT3'!$A$4:$J$640,MATCH($E10&$C10,'ER C7 FLT3'!$A$4:$A$640&'ER C7 FLT3'!$B$4:$B$640,1),10),IF($H10=\"Class_6\",INDEX('ER C6 FLT3'!$A$4:$J$640,MATCH($E10&$C10,'ER C6 FLT3'!$A$4:$A$640&'ER C6 FLT3'!$B$4:$B$640,1),10)))),IF($B10=\"2 Trucks\",IF(OR($H10=\"Class_8\",$N10=\"Replacement8HHD\",$AH10=\"CL7HHD\",$AJ10=\"CL7to8\"),INDEX('ER C8 FLT2'!$A$4:$J$640,MATCH($E10&$C10,'ER C8 FLT2'!$A$4:$A$640&'ER C8 FLT2'!$B$4:$B$640,1),10),IF($H10=\"Class_7\",INDEX('ER C7 FLT2'!$A$4:$J$640,MATCH($E10&$C10,'ER C7 FLT2'!$A$4:$A$640&'ER C7 FLT2'!$B$4:$B$640,1),10),IF($H10=\"Class_6\",INDEX('ER C6 FLT2'!$A$4:$J$640,MATCH($E10&$C10,'ER C6 FLT2'!$A$4:$A$640&'ER C6 FLT2'!$B$4:$B$640,1),10)))),IF($B10=\"1 Truck\",\nIF(OR($H10=\"Class_8\",$N10=\"Replacement8HHD\",$AH10=\"CL7HHD\",$AJ10=\"CL7to8\"),INDEX('ER C8 FLT1'!$A$4:$J$640,MATCH($E10&$C10,'ER C8 FLT1'!$A$4:$A$640&'ER C8 FLT1'!$B$4:$B$640,1),10),IF($H10=\"Class_7\",INDEX('ER C7 FLT1'!$A$4:$J$640,MATCH($E10&$C10,'ER C7 FLT1'!$A$4:$A$640&'ER C7 FLT1'!$B$4:$B$640,1),10),\nIF($H10=\"Class_6\",INDEX('ER C6 FLT1'!$A$4:$J$640,MATCH($E10&$C10,'ER C6 FLT1'!$A$4:$A$640&'ER C6 FLT1'!$B$4:$B$640,1),10)))))))*($Q10/453.6)","v":0},{"$f":"IF($B10=\"3+ Trucks\",IF(OR($H10=\"Class_8\",$N10=\"Replacement8HHD\",$AH10=\"CL7HHD\",$AJ10=\"CL7to8\"),INDEX('ER C8 FLT3'!$A$4:$J$640,MATCH($E10&$C10,'ER C8 FLT3'!$A$4:$A$640&'ER C8 FLT3'!$B$4:$B$640-1,1),10),IF($H10=\"Class_7\",INDEX('ER C7 FLT3'!$A$4:$J$640,MATCH($E10&$C10,'ER C7 FLT3'!$A$4:$A$640&'ER C7 FLT3'!$B$4:$B$640-1,1),10),IF($H10=\"Class_6\",INDEX('ER C6 FLT3'!$A$4:$J$640,MATCH($E10&$C10,'ER C6 FLT3'!$A$4:$A$640&'ER C6 FLT3'!$B$4:$B$640-1,1),10)))),IF($B10=\"2 Trucks\",IF(OR($H10=\"Class_8\",$N10=\"Replacement8HHD\",$AH10=\"CL7HHD\",$AJ10=\"CL7to8\"),INDEX('ER C8 FLT2'!$A$4:$J$640,MATCH($E10&$C10,'ER C8 FLT2'!$A$4:$A$640&'ER C8 FLT2'!$B$4:$B$640-1,1),10),IF($H10=\"Class_7\",INDEX('ER C7 FLT2'!$A$4:$J$640,MATCH($E10&$C10,'ER C7 FLT2'!$A$4:$A$640&'ER C7 FLT2'!$B$4:$B$640-1,1),10),IF($H10=\"Class_6\",INDEX('ER C6 FLT2'!$A$4:$J$640,MATCH($E10&$C10,'ER C6 FLT2'!$A$4:$A$640&'ER C6 FLT2'!$B$4:$B$640-1,1),10)))),IF($B10=\"1 Truck\",\nIF(OR($H10=\"Class_8\",$N10=\"Replacement8HHD\",$AH10=\"CL7HHD\",$AJ10=\"CL7to8\"),INDEX('ER C8 FLT1'!$A$4:$J$640,MATCH($E10&$C10,'ER C8 FLT1'!$A$4:$A$640&'ER C8 FLT1'!$B$4:$B$640-1,1),10),IF($H10=\"Class_7\",INDEX('ER C7 FLT1'!$A$4:$J$640,MATCH($E10&$C10,'ER C7 FLT1'!$A$4:$A$640&'ER C7 FLT1'!$B$4:$B$640-1,1),10),\nIF($H10=\"Class_6\",INDEX('ER C6 FLT1'!$A$4:$J$640,MATCH($E10&$C10,'ER C6 FLT1'!$A$4:$A$640&'ER C6 FLT1'!$B$4:$B$640-1,1),10)))))))*($Q10/453.6)","v":0},{"$f":"IF($B10=\"3+ Trucks\",IF(OR($H10=\"Class_8\",$N10=\"Replacement8HHD\",$AH10=\"CL7HHD\",$AJ10=\"CL7to8\"),INDEX('ER C8 FLT3'!$A$4:$J$640,MATCH($E10&$C10,'ER C8 FLT3'!$A$4:$A$640&'ER C8 FLT3'!$B$4:$B$640-2,1),10),IF($H10=\"Class_7\",INDEX('ER C7 FLT3'!$A$4:$J$640,MATCH($E10&$C10,'ER C7 FLT3'!$A$4:$A$640&'ER C7 FLT3'!$B$4:$B$640-2,1),10),IF($H10=\"Class_6\",INDEX('ER C6 FLT3'!$A$4:$J$640,MATCH($E10&$C10,'ER C6 FLT3'!$A$4:$A$640&'ER C6 FLT3'!$B$4:$B$640-2,1),10)))),IF($B10=\"2 Trucks\",IF(OR($H10=\"Class_8\",$N10=\"Replacement8HHD\",$AH10=\"CL7HHD\",$AJ10=\"CL7to8\"),INDEX('ER C8 FLT2'!$A$4:$J$640,MATCH($E10&$C10,'ER C8 FLT2'!$A$4:$A$640&'ER C8 FLT2'!$B$4:$B$640-2,1),10),IF($H10=\"Class_7\",INDEX('ER C7 FLT2'!$A$4:$J$640,MATCH($E10&$C10,'ER C7 FLT2'!$A$4:$A$640&'ER C7 FLT2'!$B$4:$B$640-2,1),10),IF($H10=\"Class_6\",INDEX('ER C6 FLT2'!$A$4:$J$640,MATCH($E10&$C10,'ER C6 FLT2'!$A$4:$A$640&'ER C6 FLT2'!$B$4:$B$640-2,1),10)))),IF($B10=\"1 Truck\",\nIF(OR($H10=\"Class_8\",$N10=\"Replacement8HHD\",$AH10=\"CL7HHD\",$AJ10=\"CL7to8\"),INDEX('ER C8 FLT1'!$A$4:$J$640,MATCH($E10&$C10,'ER C8 FLT1'!$A$4:$A$640&'ER C8 FLT1'!$B$4:$B$640-2,1),10),IF($H10=\"Class_7\",INDEX('ER C7 FLT1'!$A$4:$J$640,MATCH($E10&$C10,'ER C7 FLT1'!$A$4:$A$640&'ER C7 FLT1'!$B$4:$B$640-2,1),10),\nIF($H10=\"Class_6\",INDEX('ER C6 FLT1'!$A$4:$J$640,MATCH($E10&$C10,'ER C6 FLT1'!$A$4:$A$640&'ER C6 FLT1'!$B$4:$B$640-2,1),10)))))))*($Q10/453.6)","v":0},{"$f":"IF($B10=\"3+ Trucks\",IF(OR($H10=\"Class_8\",$N10=\"Replacement8HHD\",$AH10=\"CL7HHD\",$AJ10=\"CL7to8\"),INDEX('ER C8 FLT3'!$A$4:$J$640,MATCH($E10&$C10,'ER C8 FLT3'!$A$4:$A$640&'ER C8 FLT3'!$B$4:$B$640-3,1),10),IF($H10=\"Class_7\",INDEX('ER C7 FLT3'!$A$4:$J$640,MATCH($E10&$C10,'ER C7 FLT3'!$A$4:$A$640&'ER C7 FLT3'!$B$4:$B$640-3,1),10),IF($H10=\"Class_6\",INDEX('ER C6 FLT3'!$A$4:$J$640,MATCH($E10&$C10,'ER C6 FLT3'!$A$4:$A$640&'ER C6 FLT3'!$B$4:$B$640-3,1),10)))),IF($B10=\"2 Trucks\",IF(OR($H10=\"Class_8\",$N10=\"Replacement8HHD\",$AH10=\"CL7HHD\",$AJ10=\"CL7to8\"),INDEX('ER C8 FLT2'!$A$4:$J$640,MATCH($E10&$C10,'ER C8 FLT2'!$A$4:$A$640&'ER C8 FLT2'!$B$4:$B$640-3,1),10),IF($H10=\"Class_7\",INDEX('ER C7 FLT2'!$A$4:$J$640,MATCH($E10&$C10,'ER C7 FLT2'!$A$4:$A$640&'ER C7 FLT2'!$B$4:$B$640-3,1),10),IF($H10=\"Class_6\",INDEX('ER C6 FLT2'!$A$4:$J$640,MATCH($E10&$C10,'ER C6 FLT2'!$A$4:$A$640&'ER C6 FLT2'!$B$4:$B$640-3,1),10)))),IF($B10=\"1 Truck\",\nIF(OR($H10=\"Class_8\",$N10=\"Replacement8HHD\",$AH10=\"CL7HHD\",$AJ10=\"CL7to8\"),INDEX('ER C8 FLT1'!$A$4:$J$640,MATCH($E10&$C10,'ER C8 FLT1'!$A$4:$A$640&'ER C8 FLT1'!$B$4:$B$640-3,1),10),IF($H10=\"Class_7\",INDEX('ER C7 FLT1'!$A$4:$J$640,MATCH($E10&$C10,'ER C7 FLT1'!$A$4:$A$640&'ER C7 FLT1'!$B$4:$B$640-3,1),10),\nIF($H10=\"Class_6\",INDEX('ER C6 FLT1'!$A$4:$J$640,MATCH($E10&$C10,'ER C6 FLT1'!$A$4:$A$640&'ER C6 FLT1'!$B$4:$B$640-3,1),10)))))))*($Q10/453.6)","v":0},{"$f":"IF($B10=\"3+ Trucks\",IF(OR($H10=\"Class_8\",$N10=\"Replacement8HHD\",$AH10=\"CL7HHD\",$AJ10=\"CL7to8\"),INDEX('ER C8 FLT3'!$A$4:$J$640,MATCH($E10&$C10,'ER C8 FLT3'!$A$4:$A$640&'ER C8 FLT3'!$B$4:$B$640-4,1),10),IF($H10=\"Class_7\",INDEX('ER C7 FLT3'!$A$4:$J$640,MATCH($E10&$C10,'ER C7 FLT3'!$A$4:$A$640&'ER C7 FLT3'!$B$4:$B$640-4,1),10),IF($H10=\"Class_6\",INDEX('ER C6 FLT3'!$A$4:$J$640,MATCH($E10&$C10,'ER C6 FLT3'!$A$4:$A$640&'ER C6 FLT3'!$B$4:$B$640-4,1),10)))),IF($B10=\"2 Trucks\",IF(OR($H10=\"Class_8\",$N10=\"Replacement8HHD\",$AH10=\"CL7HHD\",$AJ10=\"CL7to8\"),INDEX('ER C8 FLT2'!$A$4:$J$640,MATCH($E10&$C10,'ER C8 FLT2'!$A$4:$A$640&'ER C8 FLT2'!$B$4:$B$640-4,1),10),IF($H10=\"Class_7\",INDEX('ER C7 FLT2'!$A$4:$J$640,MATCH($E10&$C10,'ER C7 FLT2'!$A$4:$A$640&'ER C7 FLT2'!$B$4:$B$640-4,1),10),IF($H10=\"Class_6\",INDEX('ER C6 FLT2'!$A$4:$J$640,MATCH($E10&$C10,'ER C6 FLT2'!$A$4:$A$640&'ER C6 FLT2'!$B$4:$B$640-4,1),10)))),IF($B10=\"1 Truck\",\nIF(OR($H10=\"Class_8\",$N10=\"Replacement8HHD\",$AH10=\"CL7HHD\",$AJ10=\"CL7to8\"),INDEX('ER C8 FLT1'!$A$4:$J$640,MATCH($E10&$C10,'ER C8 FLT1'!$A$4:$A$640&'ER C8 FLT1'!$B$4:$B$640-4,1),10),IF($H10=\"Class_7\",INDEX('ER C7 FLT1'!$A$4:$J$640,MATCH($E10&$C10,'ER C7 FLT1'!$A$4:$A$640&'ER C7 FLT1'!$B$4:$B$640-4,1),10),\nIF($H10=\"Class_6\",INDEX('ER C6 FLT1'!$A$4:$J$640,MATCH($E10&$C10,'ER C6 FLT1'!$A$4:$A$640&'ER C6 FLT1'!$B$4:$B$640-4,1),10)))))))*($Q10/453.6)","v":0},{"$f":"IF($B10=\"3+ Trucks\",IF(OR($H10=\"Class_8\",$N10=\"Replacement8HHD\",$AH10=\"CL7HHD\",$AJ10=\"CL7to8\"),INDEX('ER C8 FLT3'!$A$4:$J$640,MATCH($E10&$C10,'ER C8 FLT3'!$A$4:$A$640&'ER C8 FLT3'!$B$4:$B$640,1),10),IF($H10=\"Class_7\",INDEX('ER C7 FLT3'!$A$4:$J$640,MATCH($E10&$C10,'ER C7 FLT3'!$A$4:$A$640&'ER C7 FLT3'!$B$4:$B$640,1),10),IF($H10=\"Class_6\",INDEX('ER C6 FLT3'!$A$4:$J$640,MATCH($E10&$C10,'ER C6 FLT3'!$A$4:$A$640&'ER C6 FLT3'!$B$4:$B$640,1),10)))),IF($B10=\"2 Trucks\",IF(OR($H10=\"Class_8\",$N10=\"Replacement8HHD\",$AH10=\"CL7HHD\",$AJ10=\"CL7to8\"),INDEX('ER C8 FLT2'!$A$4:$J$640,MATCH($E10&$C10,'ER C8 FLT2'!$A$4:$A$640&'ER C8 FLT2'!$B$4:$B$640,1),10),IF($H10=\"Class_7\",INDEX('ER C7 FLT2'!$A$4:$J$640,MATCH($E10&$C10,'ER C7 FLT2'!$A$4:$A$640&'ER C7 FLT2'!$B$4:$B$640,1),10),IF($H10=\"Class_6\",INDEX('ER C6 FLT2'!$A$4:$J$640,MATCH($E10&$C10,'ER C6 FLT2'!$A$4:$A$640&'ER C6 FLT2'!$B$4:$B$640,1),10)))),IF($B10=\"1 Truck\",\nIF(OR($H10=\"Class_8\",$N10=\"Replacement8HHD\",$AH10=\"CL7HHD\",$AJ10=\"CL7to8\"),INDEX('ER C8 FLT1'!$A$4:$J$640,MATCH($E10&$C10,'ER C8 FLT1'!$A$4:$A$640&'ER C8 FLT1'!$B$4:$B$640,1),10),IF($H10=\"Class_7\",INDEX('ER C7 FLT1'!$A$4:$J$640,MATCH($E10&$C10,'ER C7 FLT1'!$A$4:$A$640&'ER C7 FLT1'!$B$4:$B$640,1),10),IF($H10=\"Class_6\",INDEX('ER C6 FLT1'!$A$4:$J$640,MATCH($E10&$C10,'ER C6 FLT1'!$A$4:$A$640&'ER C6 FLT1'!$B$4:$B$640,1),10)))))))","v":false},{"$f":"IF($B10=\"3+ Trucks\",IF(OR($H10=\"Class_8\",$N10=\"Replacement8HHD\",$AH10=\"CL7HHD\",$AJ10=\"CL7to8\"),INDEX('ER C8 FLT3'!$A$4:$J$640,MATCH($E10&$C10,'ER C8 FLT3'!$A$4:$A$640&'ER C8 FLT3'!$B$4:$B$640-1,1),10),IF($H10=\"Class_7\",INDEX('ER C7 FLT3'!$A$4:$J$640,MATCH($E10&$C10,'ER C7 FLT3'!$A$4:$A$640&'ER C7 FLT3'!$B$4:$B$640-1,1),10),IF($H10=\"Class_6\",INDEX('ER C6 FLT3'!$A$4:$J$640,MATCH($E10&$C10,'ER C6 FLT3'!$A$4:$A$640&'ER C6 FLT3'!$B$4:$B$640-1,1),10)))),IF($B10=\"2 Trucks\",IF(OR($H10=\"Class_8\",$N10=\"Replacement8HHD\",$AH10=\"CL7HHD\",$AJ10=\"CL7to8\"),INDEX('ER C8 FLT2'!$A$4:$J$640,MATCH($E10&$C10,'ER C8 FLT2'!$A$4:$A$640&'ER C8 FLT2'!$B$4:$B$640-1,1),10),IF($H10=\"Class_7\",INDEX('ER C7 FLT2'!$A$4:$J$640,MATCH($E10&$C10,'ER C7 FLT2'!$A$4:$A$640&'ER C7 FLT2'!$B$4:$B$640-1,1),10),IF($H10=\"Class_6\",INDEX('ER C6 FLT2'!$A$4:$J$640,MATCH($E10&$C10,'ER C6 FLT2'!$A$4:$A$640&'ER C6 FLT2'!$B$4:$B$640-1,1),10)))),IF($B10=\"1 Truck\",\nIF(OR($H10=\"Class_8\",$N10=\"Replacement8HHD\",$AH10=\"CL7HHD\",$AJ10=\"CL7to8\"),INDEX('ER C8 FLT1'!$A$4:$J$640,MATCH($E10&$C10,'ER C8 FLT1'!$A$4:$A$640&'ER C8 FLT1'!$B$4:$B$640-1,1),10),IF($H10=\"Class_7\",INDEX('ER C7 FLT1'!$A$4:$J$640,MATCH($E10&$C10,'ER C7 FLT1'!$A$4:$A$640&'ER C7 FLT1'!$B$4:$B$640-1,1),10),IF($H10=\"Class_6\",INDEX('ER C6 FLT1'!$A$4:$J$640,MATCH($E10&$C10,'ER C6 FLT1'!$A$4:$A$640&'ER C6 FLT1'!$B$4:$B$640-1,1),10)))))))","v":false},{"$f":"IF($B10=\"3+ Trucks\",IF(OR($H10=\"Class_8\",$N10=\"Replacement8HHD\",$AH10=\"CL7HHD\",$AJ10=\"CL7to8\"),INDEX('ER C8 FLT3'!$A$4:$J$640,MATCH($E10&$C10,'ER C8 FLT3'!$A$4:$A$640&'ER C8 FLT3'!$B$4:$B$640-2,1),10),IF($H10=\"Class_7\",INDEX('ER C7 FLT3'!$A$4:$J$640,MATCH($E10&$C10,'ER C7 FLT3'!$A$4:$A$640&'ER C7 FLT3'!$B$4:$B$640-2,1),10),IF($H10=\"Class_6\",INDEX('ER C6 FLT3'!$A$4:$J$640,MATCH($E10&$C10,'ER C6 FLT3'!$A$4:$A$640&'ER C6 FLT3'!$B$4:$B$640-2,1),10)))),IF($B10=\"2 Trucks\",IF(OR($H10=\"Class_8\",$N10=\"Replacement8HHD\",$AH10=\"CL7HHD\",$AJ10=\"CL7to8\"),INDEX('ER C8 FLT2'!$A$4:$J$640,MATCH($E10&$C10,'ER C8 FLT2'!$A$4:$A$640&'ER C8 FLT2'!$B$4:$B$640-2,1),10),IF($H10=\"Class_7\",INDEX('ER C7 FLT2'!$A$4:$J$640,MATCH($E10&$C10,'ER C7 FLT2'!$A$4:$A$640&'ER C7 FLT2'!$B$4:$B$640-2,1),10),IF($H10=\"Class_6\",INDEX('ER C6 FLT2'!$A$4:$J$640,MATCH($E10&$C10,'ER C6 FLT2'!$A$4:$A$640&'ER C6 FLT2'!$B$4:$B$640-2,1),10)))),IF($B10=\"1 Truck\",\nIF(OR($H10=\"Class_8\",$N10=\"Replacement8HHD\",$AH10=\"CL7HHD\",$AJ10=\"CL7to8\"),INDEX('ER C8 FLT1'!$A$4:$J$640,MATCH($E10&$C10,'ER C8 FLT1'!$A$4:$A$640&'ER C8 FLT1'!$B$4:$B$640-2,1),10),IF($H10=\"Class_7\",INDEX('ER C7 FLT1'!$A$4:$J$640,MATCH($E10&$C10,'ER C7 FLT1'!$A$4:$A$640&'ER C7 FLT1'!$B$4:$B$640-2,1),10),IF($H10=\"Class_6\",INDEX('ER C6 FLT1'!$A$4:$J$640,MATCH($E10&$C10,'ER C6 FLT1'!$A$4:$A$640&'ER C6 FLT1'!$B$4:$B$640-2,1),10)))))))","v":false},{"$f":"IF($B10=\"3+ Trucks\",IF(OR($H10=\"Class_8\",$N10=\"Replacement8HHD\",$AH10=\"CL7HHD\",$AJ10=\"CL7to8\"),INDEX('ER C8 FLT3'!$A$4:$J$640,MATCH($E10&$C10,'ER C8 FLT3'!$A$4:$A$640&'ER C8 FLT3'!$B$4:$B$640-3,1),10),IF($H10=\"Class_7\",INDEX('ER C7 FLT3'!$A$4:$J$640,MATCH($E10&$C10,'ER C7 FLT3'!$A$4:$A$640&'ER C7 FLT3'!$B$4:$B$640-3,1),10),IF($H10=\"Class_6\",INDEX('ER C6 FLT3'!$A$4:$J$640,MATCH($E10&$C10,'ER C6 FLT3'!$A$4:$A$640&'ER C6 FLT3'!$B$4:$B$640-3,1),10)))),IF($B10=\"2 Trucks\",IF(OR($H10=\"Class_8\",$N10=\"Replacement8HHD\",$AH10=\"CL7HHD\",$AJ10=\"CL7to8\"),INDEX('ER C8 FLT2'!$A$4:$J$640,MATCH($E10&$C10,'ER C8 FLT2'!$A$4:$A$640&'ER C8 FLT2'!$B$4:$B$640-3,1),10),IF($H10=\"Class_7\",INDEX('ER C7 FLT2'!$A$4:$J$640,MATCH($E10&$C10,'ER C7 FLT2'!$A$4:$A$640&'ER C7 FLT2'!$B$4:$B$640-3,1),10),IF($H10=\"Class_6\",INDEX('ER C6 FLT2'!$A$4:$J$640,MATCH($E10&$C10,'ER C6 FLT2'!$A$4:$A$640&'ER C6 FLT2'!$B$4:$B$640-3,1),10)))),IF($B10=\"1 Truck\",\nIF(OR($H10=\"Class_8\",$N10=\"Replacement8HHD\",$AH10=\"CL7HHD\",$AJ10=\"CL7to8\"),INDEX('ER C8 FLT1'!$A$4:$J$640,MATCH($E10&$C10,'ER C8 FLT1'!$A$4:$A$640&'ER C8 FLT1'!$B$4:$B$640-3,1),10),IF($H10=\"Class_7\",INDEX('ER C7 FLT1'!$A$4:$J$640,MATCH($E10&$C10,'ER C7 FLT1'!$A$4:$A$640&'ER C7 FLT1'!$B$4:$B$640-3,1),10),IF($H10=\"Class_6\",INDEX('ER C6 FLT1'!$A$4:$J$640,MATCH($E10&$C10,'ER C6 FLT1'!$A$4:$A$640&'ER C6 FLT1'!$B$4:$B$640-3,1),10)))))))","v":false},{"$f":"IF($B10=\"3+ Trucks\",IF(OR($H10=\"Class_8\",$N10=\"Replacement8HHD\",$AH10=\"CL7HHD\",$AJ10=\"CL7to8\"),INDEX('ER C8 FLT3'!$A$4:$J$640,MATCH($E10&$C10,'ER C8 FLT3'!$A$4:$A$640&'ER C8 FLT3'!$B$4:$B$640-4,1),10),IF($H10=\"Class_7\",INDEX('ER C7 FLT3'!$A$4:$J$640,MATCH($E10&$C10,'ER C7 FLT3'!$A$4:$A$640&'ER C7 FLT3'!$B$4:$B$640-4,1),10),IF($H10=\"Class_6\",INDEX('ER C6 FLT3'!$A$4:$J$640,MATCH($E10&$C10,'ER C6 FLT3'!$A$4:$A$640&'ER C6 FLT3'!$B$4:$B$640-4,1),10)))),IF($B10=\"2 Trucks\",IF(OR($H10=\"Class_8\",$N10=\"Replacement8HHD\",$AH10=\"CL7HHD\",$AJ10=\"CL7to8\"),INDEX('ER C8 FLT2'!$A$4:$J$640,MATCH($E10&$C10,'ER C8 FLT2'!$A$4:$A$640&'ER C8 FLT2'!$B$4:$B$640-4,1),10),IF($H10=\"Class_7\",INDEX('ER C7 FLT2'!$A$4:$J$640,MATCH($E10&$C10,'ER C7 FLT2'!$A$4:$A$640&'ER C7 FLT2'!$B$4:$B$640-4,1),10),IF($H10=\"Class_6\",INDEX('ER C6 FLT2'!$A$4:$J$640,MATCH($E10&$C10,'ER C6 FLT2'!$A$4:$A$640&'ER C6 FLT2'!$B$4:$B$640-4,1),10)))),IF($B10=\"1 Truck\",\nIF(OR($H10=\"Class_8\",$N10=\"Replacement8HHD\",$AH10=\"CL7HHD\",$AJ10=\"CL7to8\"),INDEX('ER C8 FLT1'!$A$4:$J$640,MATCH($E10&$C10,'ER C8 FLT1'!$A$4:$A$640&'ER C8 FLT1'!$B$4:$B$640-4,1),10),IF($H10=\"Class_7\",INDEX('ER C7 FLT1'!$A$4:$J$640,MATCH($E10&$C10,'ER C7 FLT1'!$A$4:$A$640&'ER C7 FLT1'!$B$4:$B$640-4,1),10),IF($H10=\"Class_6\",INDEX('ER C6 FLT1'!$A$4:$J$640,MATCH($E10&$C10,'ER C6 FLT1'!$A$4:$A$640&'ER C6 FLT1'!$B$4:$B$640-4,1),10)))))))","v":false},{"$f":"IF(OR($R10=\"Diesel\",$R10=\"LNG/CNG\",$R10=\"Hybrid\",$R10=\"Electric w/ AB-118\"),IF($B10=\"3+ Trucks\",IF(OR($O10=\"Class_8\",$N10=\"Replacement8HHD\",$AI10=\"CL7HHD\"),INDEX('ER C8 FLT3'!$A$4:$J$640,MATCH(DropData!$J50&$C10,'ER C8 FLT3'!$A$4:$A$640&'ER C8 FLT3'!$B$4:$B$640,1),10),IF($O10=\"Class_7\",INDEX('ER C7 FLT3'!$A$4:$J$640,MATCH(DropData!$J50&$C10,'ER C7 FLT3'!$A$4:$A$640&'ER C7 FLT3'!$B$4:$B$640,1),10),IF($O10=\"Class_6\",INDEX('ER C6 FLT3'!$A$4:$J$640,MATCH(DropData!$J50&$C10,'ER C6 FLT3'!$A$4:$A$640&'ER C6 FLT3'!$B$4:$B$640,1),10)))),IF($B10=\"2 Trucks\",IF(OR($O10=\"Class_8\",$N10=\"Replacement8HHD\",$AI10=\"CL7HHD\"),INDEX('ER C8 FLT2'!$A$4:$J$640,MATCH(DropData!$J50&$C10,'ER C8 FLT2'!$A$4:$A$640&'ER C8 FLT2'!$B$4:$B$640,1),10),IF($O10=\"Class_7\",INDEX('ER C7 FLT2'!$A$4:$J$640,MATCH(DropData!$J50&$C10,'ER C7 FLT2'!$A$4:$A$640&'ER C7 FLT2'!$B$4:$B$640,1),10),IF($O10=\"Class_6\",INDEX('ER C6 FLT2'!$A$4:$J$640,MATCH(DropData!$J50&$C10,'ER C6 FLT2'!$A$4:$A$640&'ER C6 FLT2'!$B$4:$B$640,1),10)))),IF($B10=\"1 Truck\",IF(OR($O10=\"Class_8\",$N10=\"Replacement8HHD\",$AI10=\"CL7HHD\"),INDEX('ER C8 FLT1'!$A$4:$J$640,MATCH(DropData!$J50&$C10,'ER C8 FLT1'!$A$4:$A$640&'ER C8 FLT1'!$B$4:$B$640,1),10),IF($O10=\"Class_7\",INDEX('ER C7 FLT1'!$A$4:$J$640,MATCH(DropData!$J50&$C10,'ER C7 FLT1'!$A$4:$A$640&'ER C7 FLT1'!$B$4:$B$640,1),10),IF($O10=\"Class_6\",INDEX('ER C6 FLT1'!$A$4:$J$640,MATCH(DropData!$J50&$C10,'ER C6 FLT1'!$A$4:$A$640&'ER C6 FLT1'!$B$4:$B$640,1),10))))))),IF($R10=\"Electric\",INDEX('ER Electric'!$A$6:$E$44,MATCH($C10&$O10,'ER Electric'!$A$6:$A$44&'ER Electric'!$B$6:$B$44,1),5)))*(($Q10+$AC10)/453.6)","v":0},{"$f":"IF(OR($R10=\"Diesel\",$R10=\"LNG/CNG\",$R10=\"Hybrid\",$R10=\"Electric w/ AB-118\"),IF($B10=\"3+ Trucks\",IF(OR($O10=\"Class_8\",$N10=\"Replacement8HHD\",$AI10=\"CL7HHD\"),INDEX('ER C8 FLT3'!$A$4:$J$640,MATCH(DropData!$J50&$C10,'ER C8 FLT3'!$A$4:$A$640&'ER C8 FLT3'!$B$4:$B$640-1,1),10),IF($O10=\"Class_7\",INDEX('ER C7 FLT3'!$A$4:$J$640,MATCH(DropData!$J50&$C10,'ER C7 FLT3'!$A$4:$A$640&'ER C7 FLT3'!$B$4:$B$640-1,1),10),IF($O10=\"Class_6\",INDEX('ER C6 FLT3'!$A$4:$J$640,MATCH(DropData!$J50&$C10,'ER C6 FLT3'!$A$4:$A$640&'ER C6 FLT3'!$B$4:$B$640-1,1),10)))),IF($B10=\"2 Trucks\",IF(OR($O10=\"Class_8\",$N10=\"Replacement8HHD\",$AI10=\"CL7HHD\"),INDEX('ER C8 FLT2'!$A$4:$J$640,MATCH(DropData!$J50&$C10,'ER C8 FLT2'!$A$4:$A$640&'ER C8 FLT2'!$B$4:$B$640-1,1),10),IF($O10=\"Class_7\",INDEX('ER C7 FLT2'!$A$4:$J$640,MATCH(DropData!$J50&$C10,'ER C7 FLT2'!$A$4:$A$640&'ER C7 FLT2'!$B$4:$B$640-1,1),10),IF($O10=\"Class_6\",INDEX('ER C6 FLT2'!$A$4:$J$640,MATCH(DropData!$J50&$C10,'ER C6 FLT2'!$A$4:$A$640&'ER C6 FLT2'!$B$4:$B$640-1,1),10)))),IF($B10=\"1 Truck\",IF(OR($O10=\"Class_8\",$N10=\"Replacement8HHD\",$AI10=\"CL7HHD\"),INDEX('ER C8 FLT1'!$A$4:$J$640,MATCH(DropData!$J50&$C10,'ER C8 FLT1'!$A$4:$A$640&'ER C8 FLT1'!$B$4:$B$640-1,1),10),IF($O10=\"Class_7\",INDEX('ER C7 FLT1'!$A$4:$J$640,MATCH(DropData!$J50&$C10,'ER C7 FLT1'!$A$4:$A$640&'ER C7 FLT1'!$B$4:$B$640-1,1),10),IF($O10=\"Class_6\",INDEX('ER C6 FLT1'!$A$4:$J$640,MATCH(DropData!$J50&$C10,'ER C6 FLT1'!$A$4:$A$640&'ER C6 FLT1'!$B$4:$B$640-1,1),10))))))),IF($R10=\"Electric\",OFFSET(INDEX('ER Electric'!$A$6:$E$44,MATCH($C10&$O10,'ER Electric'!$A$6:$A$44&'ER Electric'!$B$6:$B$44,1),5),3,0)))*(($Q10+$AC10)/453.6)","v":0},{"$f":"IF(OR($R10=\"Diesel\",$R10=\"LNG/CNG\",$R10=\"Hybrid\",$R10=\"Electric w/ AB-118\"),IF($B10=\"3+ Trucks\",IF(OR($O10=\"Class_8\",$N10=\"Replacement8HHD\",$AI10=\"CL7HHD\"),INDEX('ER C8 FLT3'!$A$4:$J$640,MATCH(DropData!$J50&$C10,'ER C8 FLT3'!$A$4:$A$640&'ER C8 FLT3'!$B$4:$B$640-2,1),10),IF($O10=\"Class_7\",INDEX('ER C7 FLT3'!$A$4:$J$640,MATCH(DropData!$J50&$C10,'ER C7 FLT3'!$A$4:$A$640&'ER C7 FLT3'!$B$4:$B$640-2,1),10),IF($O10=\"Class_6\",INDEX('ER C6 FLT3'!$A$4:$J$640,MATCH(DropData!$J50&$C10,'ER C6 FLT3'!$A$4:$A$640&'ER C6 FLT3'!$B$4:$B$640-2,1),10)))),IF($B10=\"2 Trucks\",IF(OR($O10=\"Class_8\",$N10=\"Replacement8HHD\",$AI10=\"CL7HHD\"),INDEX('ER C8 FLT2'!$A$4:$J$640,MATCH(DropData!$J50&$C10,'ER C8 FLT2'!$A$4:$A$640&'ER C8 FLT2'!$B$4:$B$640-2,1),10),IF($O10=\"Class_7\",INDEX('ER C7 FLT2'!$A$4:$J$640,MATCH(DropData!$J50&$C10,'ER C7 FLT2'!$A$4:$A$640&'ER C7 FLT2'!$B$4:$B$640-2,1),10),IF($O10=\"Class_6\",INDEX('ER C6 FLT2'!$A$4:$J$640,MATCH(DropData!$J50&$C10,'ER C6 FLT2'!$A$4:$A$640&'ER C6 FLT2'!$B$4:$B$640-2,1),10)))),IF($B10=\"1 Truck\",IF(OR($O10=\"Class_8\",$N10=\"Replacement8HHD\",$AI10=\"CL7HHD\"),INDEX('ER C8 FLT1'!$A$4:$J$640,MATCH(DropData!$J50&$C10,'ER C8 FLT1'!$A$4:$A$640&'ER C8 FLT1'!$B$4:$B$640-2,1),10),IF($O10=\"Class_7\",INDEX('ER C7 FLT1'!$A$4:$J$640,MATCH(DropData!$J50&$C10,'ER C7 FLT1'!$A$4:$A$640&'ER C7 FLT1'!$B$4:$B$640-2,1),10),IF($O10=\"Class_6\",INDEX('ER C6 FLT1'!$A$4:$J$640,MATCH(DropData!$J50&$C10,'ER C6 FLT1'!$A$4:$A$640&'ER C6 FLT1'!$B$4:$B$640-2,1),10))))))),IF($R10=\"Electric\",OFFSET(INDEX('ER Electric'!$A$6:$E$44,MATCH($C10&$O10,'ER Electric'!$A$6:$A$44&'ER Electric'!$B$6:$B$44,1),5),6,0)))*(($Q10+$AC10)/453.6)","v":0},{"$f":"IF(OR($R10=\"Diesel\",$R10=\"LNG/CNG\",$R10=\"Hybrid\",$R10=\"Electric w/ AB-118\"),IF($B10=\"3+ Trucks\",IF(OR($O10=\"Class_8\",$N10=\"Replacement8HHD\",$AI10=\"CL7HHD\"),INDEX('ER C8 FLT3'!$A$4:$J$640,MATCH(DropData!$J50&$C10,'ER C8 FLT3'!$A$4:$A$640&'ER C8 FLT3'!$B$4:$B$640-3,1),10),IF($O10=\"Class_7\",INDEX('ER C7 FLT3'!$A$4:$J$640,MATCH(DropData!$J50&$C10,'ER C7 FLT3'!$A$4:$A$640&'ER C7 FLT3'!$B$4:$B$640-3,1),10),IF($O10=\"Class_6\",INDEX('ER C6 FLT3'!$A$4:$J$640,MATCH(DropData!$J50&$C10,'ER C6 FLT3'!$A$4:$A$640&'ER C6 FLT3'!$B$4:$B$640-3,1),10)))),IF($B10=\"2 Trucks\",IF(OR($O10=\"Class_8\",$N10=\"Replacement8HHD\",$AI10=\"CL7HHD\"),INDEX('ER C8 FLT2'!$A$4:$J$640,MATCH(DropData!$J50&$C10,'ER C8 FLT2'!$A$4:$A$640&'ER C8 FLT2'!$B$4:$B$640-3,1),10),IF($O10=\"Class_7\",INDEX('ER C7 FLT2'!$A$4:$J$640,MATCH(DropData!$J50&$C10,'ER C7 FLT2'!$A$4:$A$640&'ER C7 FLT2'!$B$4:$B$640-3,1),10),IF($O10=\"Class_6\",INDEX('ER C6 FLT2'!$A$4:$J$640,MATCH(DropData!$J50&$C10,'ER C6 FLT2'!$A$4:$A$640&'ER C6 FLT2'!$B$4:$B$640-3,1),10)))),IF($B10=\"1 Truck\",IF(OR($O10=\"Class_8\",$N10=\"Replacement8HHD\",$AI10=\"CL7HHD\"),INDEX('ER C8 FLT1'!$A$4:$J$640,MATCH(DropData!$J50&$C10,'ER C8 FLT1'!$A$4:$A$640&'ER C8 FLT1'!$B$4:$B$640-3,1),10),IF($O10=\"Class_7\",INDEX('ER C7 FLT1'!$A$4:$J$640,MATCH(DropData!$J50&$C10,'ER C7 FLT1'!$A$4:$A$640&'ER C7 FLT1'!$B$4:$B$640-3,1),10),IF($O10=\"Class_6\",INDEX('ER C6 FLT1'!$A$4:$J$640,MATCH(DropData!$J50&$C10,'ER C6 FLT1'!$A$4:$A$640&'ER C6 FLT1'!$B$4:$B$640-3,1),10))))))),IF($R10=\"Electric\",OFFSET(INDEX('ER Electric'!$A$6:$E$44,MATCH($C10&$O10,'ER Electric'!$A$6:$A$44&'ER Electric'!$B$6:$B$44,1),5),9,0)))*(($Q10+$AC10)/453.6)","v":0},{"$f":"IF(OR($R10=\"Diesel\",$R10=\"LNG/CNG\",$R10=\"Hybrid\",$R10=\"Electric w/ AB-118\"),IF($B10=\"3+ Trucks\",IF(OR($O10=\"Class_8\",$N10=\"Replacement8HHD\",$AI10=\"CL7HHD\"),INDEX('ER C8 FLT3'!$A$4:$J$640,MATCH(DropData!$J50&$C10,'ER C8 FLT3'!$A$4:$A$640&'ER C8 FLT3'!$B$4:$B$640-4,1),10),IF($O10=\"Class_7\",INDEX('ER C7 FLT3'!$A$4:$J$640,MATCH(DropData!$J50&$C10,'ER C7 FLT3'!$A$4:$A$640&'ER C7 FLT3'!$B$4:$B$640-4,1),10),IF($O10=\"Class_6\",INDEX('ER C6 FLT3'!$A$4:$J$640,MATCH(DropData!$J50&$C10,'ER C6 FLT3'!$A$4:$A$640&'ER C6 FLT3'!$B$4:$B$640-4,1),10)))),IF($B10=\"2 Trucks\",IF(OR($O10=\"Class_8\",$N10=\"Replacement8HHD\",$AI10=\"CL7HHD\"),INDEX('ER C8 FLT2'!$A$4:$J$640,MATCH(DropData!$J50&$C10,'ER C8 FLT2'!$A$4:$A$640&'ER C8 FLT2'!$B$4:$B$640-4,1),10),IF($O10=\"Class_7\",INDEX('ER C7 FLT2'!$A$4:$J$640,MATCH(DropData!$J50&$C10,'ER C7 FLT2'!$A$4:$A$640&'ER C7 FLT2'!$B$4:$B$640-4,1),10),IF($O10=\"Class_6\",INDEX('ER C6 FLT2'!$A$4:$J$640,MATCH(DropData!$J50&$C10,'ER C6 FLT2'!$A$4:$A$640&'ER C6 FLT2'!$B$4:$B$640-4,1),10)))),IF($B10=\"1 Truck\",IF(OR($O10=\"Class_8\",$N10=\"Replacement8HHD\",$AI10=\"CL7HHD\"),INDEX('ER C8 FLT1'!$A$4:$J$640,MATCH(DropData!$J50&$C10,'ER C8 FLT1'!$A$4:$A$640&'ER C8 FLT1'!$B$4:$B$640-4,1),10),IF($O10=\"Class_7\",INDEX('ER C7 FLT1'!$A$4:$J$640,MATCH(DropData!$J50&$C10,'ER C7 FLT1'!$A$4:$A$640&'ER C7 FLT1'!$B$4:$B$640-4,1),10),IF($O10=\"Class_6\",INDEX('ER C6 FLT1'!$A$4:$J$640,MATCH(DropData!$J50&$C10,'ER C6 FLT1'!$A$4:$A$640&'ER C6 FLT1'!$B$4:$B$640-4,1),10))))))),IF($R10=\"Electric\",OFFSET(INDEX('ER Electric'!$A$6:$E$44,MATCH($C10&$O10,'ER Electric'!$A$6:$A$44&'ER Electric'!$B$6:$B$44,1),5),12,0)))*(($Q10+$AC10)/453.6)","v":0},{"$f":"IF(OR($R10=\"Diesel\",$R10=\"LNG/CNG\",$R10=\"Hybrid\",$R10=\"Electric w/ AB-118\"),IF($B10=\"3+ Trucks\",IF(OR($O10=\"Class_8\",$N10=\"Replacement8HHD\",$AI10=\"CL7HHD\"),INDEX('ER C8 FLT3'!$A$4:$J$640,MATCH(DropData!$J50&$C10,'ER C8 FLT3'!$A$4:$A$640&'ER C8 FLT3'!$B$4:$B$640,1),10),IF($O10=\"Class_7\",INDEX('ER C7 FLT3'!$A$4:$J$640,MATCH(DropData!$J50&$C10,'ER C7 FLT3'!$A$4:$A$640&'ER C7 FLT3'!$B$4:$B$640,1),10),IF($O10=\"Class_6\",INDEX('ER C6 FLT3'!$A$4:$J$640,MATCH(DropData!$J50&$C10,'ER C6 FLT3'!$A$4:$A$640&'ER C6 FLT3'!$B$4:$B$640,1),10)))),IF($B10=\"2 Trucks\",IF(OR($O10=\"Class_8\",$N10=\"Replacement8HHD\",$AI10=\"CL7HHD\"),INDEX('ER C8 FLT2'!$A$4:$J$640,MATCH(DropData!$J50&$C10,'ER C8 FLT2'!$A$4:$A$640&'ER C8 FLT2'!$B$4:$B$640,1),10),IF($O10=\"Class_7\",INDEX('ER C7 FLT2'!$A$4:$J$640,MATCH(DropData!$J50&$C10,'ER C7 FLT2'!$A$4:$A$640&'ER C7 FLT2'!$B$4:$B$640,1),10),IF($O10=\"Class_6\",INDEX('ER C6 FLT2'!$A$4:$J$640,MATCH(DropData!$J50&$C10,'ER C6 FLT2'!$A$4:$A$640&'ER C6 FLT2'!$B$4:$B$640,1),10)))),IF($B10=\"1 Truck\",IF(OR($O10=\"Class_8\",$N10=\"Replacement8HHD\",$AI10=\"CL7HHD\"),INDEX('ER C8 FLT1'!$A$4:$J$640,MATCH(DropData!$J50&$C10,'ER C8 FLT1'!$A$4:$A$640&'ER C8 FLT1'!$B$4:$B$640,1),10),IF($O10=\"Class_7\",INDEX('ER C7 FLT1'!$A$4:$J$640,MATCH(DropData!$J50&$C10,'ER C7 FLT1'!$A$4:$A$640&'ER C7 FLT1'!$B$4:$B$640,1),10),IF($O10=\"Class_6\",INDEX('ER C6 FLT1'!$A$4:$J$640,MATCH(DropData!$J50&$C10,'ER C6 FLT1'!$A$4:$A$640&'ER C6 FLT1'!$B$4:$B$640,1),10))))))),IF($R10=\"Electric\",INDEX('ER Electric'!$A$6:$E$44,MATCH($C10&$O10,'ER Electric'!$A$6:$A$44&'ER Electric'!$B$6:$B$44,1),5)))","v":false},{"$f":"IF(OR($R10=\"Diesel\",$R10=\"LNG/CNG\",$R10=\"Hybrid\",$R10=\"Electric w/ AB-118\"),IF($B10=\"3+ Trucks\",IF(OR($O10=\"Class_8\",$N10=\"Replacement8HHD\",$AI10=\"CL7HHD\"),INDEX('ER C8 FLT3'!$A$4:$J$640,MATCH(DropData!$J50&$C10,'ER C8 FLT3'!$A$4:$A$640&'ER C8 FLT3'!$B$4:$B$640-1,1),10),IF($O10=\"Class_7\",INDEX('ER C7 FLT3'!$A$4:$J$640,MATCH(DropData!$J50&$C10,'ER C7 FLT3'!$A$4:$A$640&'ER C7 FLT3'!$B$4:$B$640-1,1),10),IF($O10=\"Class_6\",INDEX('ER C6 FLT3'!$A$4:$J$640,MATCH(DropData!$J50&$C10,'ER C6 FLT3'!$A$4:$A$640&'ER C6 FLT3'!$B$4:$B$640-1,1),10)))),IF($B10=\"2 Trucks\",IF(OR($O10=\"Class_8\",$N10=\"Replacement8HHD\",$AI10=\"CL7HHD\"),INDEX('ER C8 FLT2'!$A$4:$J$640,MATCH(DropData!$J50&$C10,'ER C8 FLT2'!$A$4:$A$640&'ER C8 FLT2'!$B$4:$B$640-1,1),10),IF($O10=\"Class_7\",INDEX('ER C7 FLT2'!$A$4:$J$640,MATCH(DropData!$J50&$C10,'ER C7 FLT2'!$A$4:$A$640&'ER C7 FLT2'!$B$4:$B$640-1,1),10),IF($O10=\"Class_6\",INDEX('ER C6 FLT2'!$A$4:$J$640,MATCH(DropData!$J50&$C10,'ER C6 FLT2'!$A$4:$A$640&'ER C6 FLT2'!$B$4:$B$640-1,1),10)))),IF($B10=\"1 Truck\",IF(OR($O10=\"Class_8\",$N10=\"Replacement8HHD\",$AI10=\"CL7HHD\"),INDEX('ER C8 FLT1'!$A$4:$J$640,MATCH(DropData!$J50&$C10,'ER C8 FLT1'!$A$4:$A$640&'ER C8 FLT1'!$B$4:$B$640-1,1),10),IF($O10=\"Class_7\",INDEX('ER C7 FLT1'!$A$4:$J$640,MATCH(DropData!$J50&$C10,'ER C7 FLT1'!$A$4:$A$640&'ER C7 FLT1'!$B$4:$B$640-1,1),10),IF($O10=\"Class_6\",INDEX('ER C6 FLT1'!$A$4:$J$640,MATCH(DropData!$J50&$C10,'ER C6 FLT1'!$A$4:$A$640&'ER C6 FLT1'!$B$4:$B$640-1,1),10))))))),IF($R10=\"Electric\",OFFSET(INDEX('ER Electric'!$A$6:$E$44,MATCH($C10&$O10,'ER Electric'!$A$6:$A$44&'ER Electric'!$B$6:$B$44,1),5),3,0)))","v":false},{"$f":"IF(OR($R10=\"Diesel\",$R10=\"LNG/CNG\",$R10=\"Hybrid\",$R10=\"Electric w/ AB-118\"),IF($B10=\"3+ Trucks\",IF(OR($O10=\"Class_8\",$N10=\"Replacement8HHD\",$AI10=\"CL7HHD\"),INDEX('ER C8 FLT3'!$A$4:$J$640,MATCH(DropData!$J50&$C10,'ER C8 FLT3'!$A$4:$A$640&'ER C8 FLT3'!$B$4:$B$640-2,1),10),IF($O10=\"Class_7\",INDEX('ER C7 FLT3'!$A$4:$J$640,MATCH(DropData!$J50&$C10,'ER C7 FLT3'!$A$4:$A$640&'ER C7 FLT3'!$B$4:$B$640-2,1),10),IF($O10=\"Class_6\",INDEX('ER C6 FLT3'!$A$4:$J$640,MATCH(DropData!$J50&$C10,'ER C6 FLT3'!$A$4:$A$640&'ER C6 FLT3'!$B$4:$B$640-2,1),10)))),IF($B10=\"2 Trucks\",IF(OR($O10=\"Class_8\",$N10=\"Replacement8HHD\",$AI10=\"CL7HHD\"),INDEX('ER C8 FLT2'!$A$4:$J$640,MATCH(DropData!$J50&$C10,'ER C8 FLT2'!$A$4:$A$640&'ER C8 FLT2'!$B$4:$B$640-2,1),10),IF($O10=\"Class_7\",INDEX('ER C7 FLT2'!$A$4:$J$640,MATCH(DropData!$J50&$C10,'ER C7 FLT2'!$A$4:$A$640&'ER C7 FLT2'!$B$4:$B$640-2,1),10),IF($O10=\"Class_6\",INDEX('ER C6 FLT2'!$A$4:$J$640,MATCH(DropData!$J50&$C10,'ER C6 FLT2'!$A$4:$A$640&'ER C6 FLT2'!$B$4:$B$640-2,1),10)))),IF($B10=\"1 Truck\",IF(OR($O10=\"Class_8\",$N10=\"Replacement8HHD\",$AI10=\"CL7HHD\"),INDEX('ER C8 FLT1'!$A$4:$J$640,MATCH(DropData!$J50&$C10,'ER C8 FLT1'!$A$4:$A$640&'ER C8 FLT1'!$B$4:$B$640-2,1),10),IF($O10=\"Class_7\",INDEX('ER C7 FLT1'!$A$4:$J$640,MATCH(DropData!$J50&$C10,'ER C7 FLT1'!$A$4:$A$640&'ER C7 FLT1'!$B$4:$B$640-2,1),10),IF($O10=\"Class_6\",INDEX('ER C6 FLT1'!$A$4:$J$640,MATCH(DropData!$J50&$C10,'ER C6 FLT1'!$A$4:$A$640&'ER C6 FLT1'!$B$4:$B$640-2,1),10))))))),IF($R10=\"Electric\",OFFSET(INDEX('ER Electric'!$A$6:$E$44,MATCH($C10&$O10,'ER Electric'!$A$6:$A$44&'ER Electric'!$B$6:$B$44,1),5),6,0)))","v":false},{"$f":"IF(OR($R10=\"Diesel\",$R10=\"LNG/CNG\",$R10=\"Hybrid\",$R10=\"Electric w/ AB-118\"),IF($B10=\"3+ Trucks\",IF(OR($O10=\"Class_8\",$N10=\"Replacement8HHD\",$AI10=\"CL7HHD\"),INDEX('ER C8 FLT3'!$A$4:$J$640,MATCH(DropData!$J50&$C10,'ER C8 FLT3'!$A$4:$A$640&'ER C8 FLT3'!$B$4:$B$640-3,1),10),IF($O10=\"Class_7\",INDEX('ER C7 FLT3'!$A$4:$J$640,MATCH(DropData!$J50&$C10,'ER C7 FLT3'!$A$4:$A$640&'ER C7 FLT3'!$B$4:$B$640-3,1),10),IF($O10=\"Class_6\",INDEX('ER C6 FLT3'!$A$4:$J$640,MATCH(DropData!$J50&$C10,'ER C6 FLT3'!$A$4:$A$640&'ER C6 FLT3'!$B$4:$B$640-3,1),10)))),IF($B10=\"2 Trucks\",IF(OR($O10=\"Class_8\",$N10=\"Replacement8HHD\",$AI10=\"CL7HHD\"),INDEX('ER C8 FLT2'!$A$4:$J$640,MATCH(DropData!$J50&$C10,'ER C8 FLT2'!$A$4:$A$640&'ER C8 FLT2'!$B$4:$B$640-3,1),10),IF($O10=\"Class_7\",INDEX('ER C7 FLT2'!$A$4:$J$640,MATCH(DropData!$J50&$C10,'ER C7 FLT2'!$A$4:$A$640&'ER C7 FLT2'!$B$4:$B$640-3,1),10),IF($O10=\"Class_6\",INDEX('ER C6 FLT2'!$A$4:$J$640,MATCH(DropData!$J50&$C10,'ER C6 FLT2'!$A$4:$A$640&'ER C6 FLT2'!$B$4:$B$640-3,1),10)))),IF($B10=\"1 Truck\",IF(OR($O10=\"Class_8\",$N10=\"Replacement8HHD\",$AI10=\"CL7HHD\"),INDEX('ER C8 FLT1'!$A$4:$J$640,MATCH(DropData!$J50&$C10,'ER C8 FLT1'!$A$4:$A$640&'ER C8 FLT1'!$B$4:$B$640-3,1),10),IF($O10=\"Class_7\",INDEX('ER C7 FLT1'!$A$4:$J$640,MATCH(DropData!$J50&$C10,'ER C7 FLT1'!$A$4:$A$640&'ER C7 FLT1'!$B$4:$B$640-3,1),10),IF($O10=\"Class_6\",INDEX('ER C6 FLT1'!$A$4:$J$640,MATCH(DropData!$J50&$C10,'ER C6 FLT1'!$A$4:$A$640&'ER C6 FLT1'!$B$4:$B$640-3,1),10))))))),IF($R10=\"Electric\",OFFSET(INDEX('ER Electric'!$A$6:$E$44,MATCH($C10&$O10,'ER Electric'!$A$6:$A$44&'ER Electric'!$B$6:$B$44,1),5),9,0)))","v":false},{"$f":"IF(OR($R10=\"Diesel\",$R10=\"LNG/CNG\",$R10=\"Hybrid\",$R10=\"Electric w/ AB-118\"),IF($B10=\"3+ Trucks\",IF(OR($O10=\"Class_8\",$N10=\"Replacement8HHD\",$AI10=\"CL7HHD\"),INDEX('ER C8 FLT3'!$A$4:$J$640,MATCH(DropData!$J50&$C10,'ER C8 FLT3'!$A$4:$A$640&'ER C8 FLT3'!$B$4:$B$640-4,1),10),IF($O10=\"Class_7\",INDEX('ER C7 FLT3'!$A$4:$J$640,MATCH(DropData!$J50&$C10,'ER C7 FLT3'!$A$4:$A$640&'ER C7 FLT3'!$B$4:$B$640-4,1),10),IF($O10=\"Class_6\",INDEX('ER C6 FLT3'!$A$4:$J$640,MATCH(DropData!$J50&$C10,'ER C6 FLT3'!$A$4:$A$640&'ER C6 FLT3'!$B$4:$B$640-4,1),10)))),IF($B10=\"2 Trucks\",IF(OR($O10=\"Class_8\",$N10=\"Replacement8HHD\",$AI10=\"CL7HHD\"),INDEX('ER C8 FLT2'!$A$4:$J$640,MATCH(DropData!$J50&$C10,'ER C8 FLT2'!$A$4:$A$640&'ER C8 FLT2'!$B$4:$B$640-4,1),10),IF($O10=\"Class_7\",INDEX('ER C7 FLT2'!$A$4:$J$640,MATCH(DropData!$J50&$C10,'ER C7 FLT2'!$A$4:$A$640&'ER C7 FLT2'!$B$4:$B$640-4,1),10),IF($O10=\"Class_6\",INDEX('ER C6 FLT2'!$A$4:$J$640,MATCH(DropData!$J50&$C10,'ER C6 FLT2'!$A$4:$A$640&'ER C6 FLT2'!$B$4:$B$640-4,1),10)))),IF($B10=\"1 Truck\",IF(OR($O10=\"Class_8\",$N10=\"Replacement8HHD\",$AI10=\"CL7HHD\"),INDEX('ER C8 FLT1'!$A$4:$J$640,MATCH(DropData!$J50&$C10,'ER C8 FLT1'!$A$4:$A$640&'ER C8 FLT1'!$B$4:$B$640-4,1),10),IF($O10=\"Class_7\",INDEX('ER C7 FLT1'!$A$4:$J$640,MATCH(DropData!$J50&$C10,'ER C7 FLT1'!$A$4:$A$640&'ER C7 FLT1'!$B$4:$B$640-4,1),10),IF($O10=\"Class_6\",INDEX('ER C6 FLT1'!$A$4:$J$640,MATCH(DropData!$J50&$C10,'ER C6 FLT1'!$A$4:$A$640&'ER C6 FLT1'!$B$4:$B$640-4,1),10))))))),IF($R10=\"Electric\",OFFSET(INDEX('ER Electric'!$A$6:$E$44,MATCH($C10&$O10,'ER Electric'!$A$6:$A$44&'ER Electric'!$B$6:$B$44,1),5),12,0)))","v":false},0,{"$f":"IF($B10=\"3+ Trucks\",IF($Z10=\"Class_8\",INDEX('ER C8 FLT3'!$A$4:$J$640,MATCH($W10&$C10,'ER C8 FLT3'!$A$4:$A$640&'ER C8 FLT3'!$B$4:$B$640,1),10),IF($Z10=\"Class_7\",INDEX('ER C7 FLT3'!$A$4:$J$640,MATCH($W10&$C10,'ER C7 FLT3'!$A$4:$A$640&'ER C7 FLT3'!$B$4:$B$640,1),10),IF($Z10=\"Class_6\",INDEX('ER C6 FLT3'!$A$4:$J$640,MATCH($W10&$C10,'ER C6 FLT3'!$A$4:$A$640&'ER C6 FLT3'!$B$4:$B$640,1),10)))),IF($B10=\"2 Trucks\",IF($Z10=\"Class_8\",INDEX('ER C8 FLT2'!$A$4:$J$640,MATCH($W10&$C10,'ER C8 FLT2'!$A$4:$A$640&'ER C8 FLT2'!$B$4:$B$640,1),10),IF($Z10=\"Class_7\",INDEX('ER C7 FLT2'!$A$4:$J$640,MATCH($W10&$C10,'ER C7 FLT2'!$A$4:$A$640&'ER C7 FLT2'!$B$4:$B$640,1),10),IF($Z10=\"Class_6\",INDEX('ER C6 FLT2'!$A$4:$J$640,MATCH($W10&$C10,'ER C6 FLT2'!$A$4:$A$640&'ER C6 FLT2'!$B$4:$B$640,1),10)))),IF($B10=\"1 Truck\",IF($Z10=\"Class_8\",INDEX('ER C8 FLT1'!$A$4:$J$640,MATCH($W10&$C10,'ER C8 FLT1'!$A$4:$A$640&'ER C8 FLT1'!$B$4:$B$640,1),10),IF($Z10=\"Class_7\",INDEX('ER C7 FLT1'!$A$4:$J$640,MATCH($W10&$C10,'ER C7 FLT1'!$A$4:$A$640&'ER C7 FLT1'!$B$4:$B$640,1),10)*IF($Z10=\"Class_7\",INDEX('ER C7 FLT1'!$A$4:$J$640,MATCH($W10&$C10,'ER C7 FLT1'!$A$4:$A$640&'ER C7 FLT1'!$B$4:$B$640,1),10)),IF($Z10=\"Class_6\",INDEX('ER C6 FLT1'!$A$4:$J$640,MATCH($W10&$C10,'ER C6 FLT1'!$A$4:$A$640&'ER C6 FLT1'!$B$4:$B$640,1),10)*IF($Z10=\"Class_6\",INDEX('ER C6 FLT1'!$A$4:$J$640,MATCH($W10&$C10,'ER C6 FLT1'!$A$4:$A$640&'ER C6 FLT1'!$B$4:$B$640,1),10))))))))*($AC10/453.6)","v":0},0,0,{"$f":"IF($B10=\"3+ Trucks\",IF($Z10=\"Class_8\",INDEX('ER C8 FLT3'!$A$4:$J$640,MATCH($W10&$C10,'ER C8 FLT3'!$A$4:$A$640&'ER C8 FLT3'!$B$4:$B$640-1,1),10),IF($Z10=\"Class_7\",INDEX('ER C7 FLT3'!$A$4:$J$640,MATCH($W10&$C10,'ER C7 FLT3'!$A$4:$A$640&'ER C7 FLT3'!$B$4:$B$640-1,1),10),IF($Z10=\"Class_6\",INDEX('ER C6 FLT3'!$A$4:$J$640,MATCH($W10&$C10,'ER C6 FLT3'!$A$4:$A$640&'ER C6 FLT3'!$B$4:$B$640-1,1),10)))),IF($B10=\"2 Trucks\",IF($Z10=\"Class_8\",INDEX('ER C8 FLT2'!$A$4:$J$640,MATCH($W10&$C10,'ER C8 FLT2'!$A$4:$A$640&'ER C8 FLT2'!$B$4:$B$640-1,1),10),IF($Z10=\"Class_7\",INDEX('ER C7 FLT2'!$A$4:$J$640,MATCH($W10&$C10,'ER C7 FLT2'!$A$4:$A$640&'ER C7 FLT2'!$B$4:$B$640-1,1),10),IF($Z10=\"Class_6\",INDEX('ER C6 FLT2'!$A$4:$J$640,MATCH($W10&$C10,'ER C6 FLT2'!$A$4:$A$640&'ER C6 FLT2'!$B$4:$B$640-1,1),10)))),IF($B10=\"1 Truck\",IF($Z10=\"Class_8\",INDEX('ER C8 FLT1'!$A$4:$J$640,MATCH($W10&$C10,'ER C8 FLT1'!$A$4:$A$640&'ER C8 FLT1'!$B$4:$B$640-1,1),10),IF($Z10=\"Class_7\",INDEX('ER C7 FLT1'!$A$4:$J$640,MATCH($W10&$C10,'ER C7 FLT1'!$A$4:$A$640&'ER C7 FLT1'!$B$4:$B$640-1,1),10)*IF($Z10=\"Class_7\",INDEX('ER C7 FLT1'!$A$4:$J$640,MATCH($W10&$C10,'ER C7 FLT1'!$A$4:$A$640&'ER C7 FLT1'!$B$4:$B$640-1,1),10)),IF($Z10=\"Class_6\",INDEX('ER C6 FLT1'!$A$4:$J$640,MATCH($W10&$C10,'ER C6 FLT1'!$A$4:$A$640&'ER C6 FLT1'!$B$4:$B$640-1,1),10)*IF($Z10=\"Class_6\",INDEX('ER C6 FLT1'!$A$4:$J$640,MATCH($W10&$C10,'ER C6 FLT1'!$A$4:$A$640&'ER C6 FLT1'!$B$4:$B$640-1,1),10))))))))*($AC10/453.6)","v":0},0,0,{"$f":"IF($B10=\"3+ Trucks\",IF($Z10=\"Class_8\",INDEX('ER C8 FLT3'!$A$4:$J$640,MATCH($W10&$C10,'ER C8 FLT3'!$A$4:$A$640&'ER C8 FLT3'!$B$4:$B$640-2,1),10),IF($Z10=\"Class_7\",INDEX('ER C7 FLT3'!$A$4:$J$640,MATCH($W10&$C10,'ER C7 FLT3'!$A$4:$A$640&'ER C7 FLT3'!$B$4:$B$640-2,1),10),IF($Z10=\"Class_6\",INDEX('ER C6 FLT3'!$A$4:$J$640,MATCH($W10&$C10,'ER C6 FLT3'!$A$4:$A$640&'ER C6 FLT3'!$B$4:$B$640-2,1),10)))),IF($B10=\"2 Trucks\",IF($Z10=\"Class_8\",INDEX('ER C8 FLT2'!$A$4:$J$640,MATCH($W10&$C10,'ER C8 FLT2'!$A$4:$A$640&'ER C8 FLT2'!$B$4:$B$640-2,1),10),IF($Z10=\"Class_7\",INDEX('ER C7 FLT2'!$A$4:$J$640,MATCH($W10&$C10,'ER C7 FLT2'!$A$4:$A$640&'ER C7 FLT2'!$B$4:$B$640-2,1),10),IF($Z10=\"Class_6\",INDEX('ER C6 FLT2'!$A$4:$J$640,MATCH($W10&$C10,'ER C6 FLT2'!$A$4:$A$640&'ER C6 FLT2'!$B$4:$B$640-2,1),10)))),IF($B10=\"1 Truck\",IF($Z10=\"Class_8\",INDEX('ER C8 FLT1'!$A$4:$J$640,MATCH($W10&$C10,'ER C8 FLT1'!$A$4:$A$640&'ER C8 FLT1'!$B$4:$B$640-2,1),10),IF($Z10=\"Class_7\",INDEX('ER C7 FLT1'!$A$4:$J$640,MATCH($W10&$C10,'ER C7 FLT1'!$A$4:$A$640&'ER C7 FLT1'!$B$4:$B$640-2,1),10)*IF($Z10=\"Class_7\",INDEX('ER C7 FLT1'!$A$4:$J$640,MATCH($W10&$C10,'ER C7 FLT1'!$A$4:$A$640&'ER C7 FLT1'!$B$4:$B$640-2,1),10)),IF($Z10=\"Class_6\",INDEX('ER C6 FLT1'!$A$4:$J$640,MATCH($W10&$C10,'ER C6 FLT1'!$A$4:$A$640&'ER C6 FLT1'!$B$4:$B$640-2,1),10)*IF($Z10=\"Class_6\",INDEX('ER C6 FLT1'!$A$4:$J$640,MATCH($W10&$C10,'ER C6 FLT1'!$A$4:$A$640&'ER C6 FLT1'!$B$4:$B$640-2,1),10))))))))*($AC10/453.6)","v":0},0,0,{"$f":"IF($B10=\"3+ Trucks\",IF($Z10=\"Class_8\",INDEX('ER C8 FLT3'!$A$4:$J$640,MATCH($W10&$C10,'ER C8 FLT3'!$A$4:$A$640&'ER C8 FLT3'!$B$4:$B$640-3,1),10),IF($Z10=\"Class_7\",INDEX('ER C7 FLT3'!$A$4:$J$640,MATCH($W10&$C10,'ER C7 FLT3'!$A$4:$A$640&'ER C7 FLT3'!$B$4:$B$640-3,1),10),IF($Z10=\"Class_6\",INDEX('ER C6 FLT3'!$A$4:$J$640,MATCH($W10&$C10,'ER C6 FLT3'!$A$4:$A$640&'ER C6 FLT3'!$B$4:$B$640-3,1),10)))),IF($B10=\"2 Trucks\",IF($Z10=\"Class_8\",INDEX('ER C8 FLT2'!$A$4:$J$640,MATCH($W10&$C10,'ER C8 FLT2'!$A$4:$A$640&'ER C8 FLT2'!$B$4:$B$640-3,1),10),IF($Z10=\"Class_7\",INDEX('ER C7 FLT2'!$A$4:$J$640,MATCH($W10&$C10,'ER C7 FLT2'!$A$4:$A$640&'ER C7 FLT2'!$B$4:$B$640-3,1),10),IF($Z10=\"Class_6\",INDEX('ER C6 FLT2'!$A$4:$J$640,MATCH($W10&$C10,'ER C6 FLT2'!$A$4:$A$640&'ER C6 FLT2'!$B$4:$B$640-3,1),10)))),IF($B10=\"1 Truck\",IF($Z10=\"Class_8\",INDEX('ER C8 FLT1'!$A$4:$J$640,MATCH($W10&$C10,'ER C8 FLT1'!$A$4:$A$640&'ER C8 FLT1'!$B$4:$B$640-3,1),10),IF($Z10=\"Class_7\",INDEX('ER C7 FLT1'!$A$4:$J$640,MATCH($W10&$C10,'ER C7 FLT1'!$A$4:$A$640&'ER C7 FLT1'!$B$4:$B$640-3,1),10)*IF($Z10=\"Class_7\",INDEX('ER C7 FLT1'!$A$4:$J$640,MATCH($W10&$C10,'ER C7 FLT1'!$A$4:$A$640&'ER C7 FLT1'!$B$4:$B$640-3,1),10)),IF($Z10=\"Class_6\",INDEX('ER C6 FLT1'!$A$4:$J$640,MATCH($W10&$C10,'ER C6 FLT1'!$A$4:$A$640&'ER C6 FLT1'!$B$4:$B$640-3,1),10)*IF($Z10=\"Class_6\",INDEX('ER C6 FLT1'!$A$4:$J$640,MATCH($W10&$C10,'ER C6 FLT1'!$A$4:$A$640&'ER C6 FLT1'!$B$4:$B$640-3,1),10))))))))*($AC10/453.6)","v":0},0,0,{"$f":"IF($B10=\"3+ Trucks\",IF($Z10=\"Class_8\",INDEX('ER C8 FLT3'!$A$4:$J$640,MATCH($W10&$C10,'ER C8 FLT3'!$A$4:$A$640&'ER C8 FLT3'!$B$4:$B$640-4,1),10),IF($Z10=\"Class_7\",INDEX('ER C7 FLT3'!$A$4:$J$640,MATCH($W10&$C10,'ER C7 FLT3'!$A$4:$A$640&'ER C7 FLT3'!$B$4:$B$640-4,1),10),IF($Z10=\"Class_6\",INDEX('ER C6 FLT3'!$A$4:$J$640,MATCH($W10&$C10,'ER C6 FLT3'!$A$4:$A$640&'ER C6 FLT3'!$B$4:$B$640-4,1),10)))),IF($B10=\"2 Trucks\",IF($Z10=\"Class_8\",INDEX('ER C8 FLT2'!$A$4:$J$640,MATCH($W10&$C10,'ER C8 FLT2'!$A$4:$A$640&'ER C8 FLT2'!$B$4:$B$640-4,1),10),IF($Z10=\"Class_7\",INDEX('ER C7 FLT2'!$A$4:$J$640,MATCH($W10&$C10,'ER C7 FLT2'!$A$4:$A$640&'ER C7 FLT2'!$B$4:$B$640-4,1),10),IF($Z10=\"Class_6\",INDEX('ER C6 FLT2'!$A$4:$J$640,MATCH($W10&$C10,'ER C6 FLT2'!$A$4:$A$640&'ER C6 FLT2'!$B$4:$B$640-4,1),10)))),IF($B10=\"1 Truck\",IF($Z10=\"Class_8\",INDEX('ER C8 FLT1'!$A$4:$J$640,MATCH($W10&$C10,'ER C8 FLT1'!$A$4:$A$640&'ER C8 FLT1'!$B$4:$B$640-4,1),10),IF($Z10=\"Class_7\",INDEX('ER C7 FLT1'!$A$4:$J$640,MATCH($W10&$C10,'ER C7 FLT1'!$A$4:$A$640&'ER C7 FLT1'!$B$4:$B$640-4,1),10)*IF($Z10=\"Class_7\",INDEX('ER C7 FLT1'!$A$4:$J$640,MATCH($W10&$C10,'ER C7 FLT1'!$A$4:$A$640&'ER C7 FLT1'!$B$4:$B$640-4,1),10)),IF($Z10=\"Class_6\",INDEX('ER C6 FLT1'!$A$4:$J$640,MATCH($W10&$C10,'ER C6 FLT1'!$A$4:$A$640&'ER C6 FLT1'!$B$4:$B$640-4,1),10)*IF($Z10=\"Class_6\",INDEX('ER C6 FLT1'!$A$4:$J$640,MATCH($W10&$C10,'ER C6 FLT1'!$A$4:$A$640&'ER C6 FLT1'!$B$4:$B$640-4,1),10))))))))*($AC10/453.6)","v":0},0,0]
[{"$f":"'Input data'!A9","v":"project 5"},{"$f":"'Input data'!B9","v":0},{"$f":"'Input data'!C9","v":0},{"$f":"'Input data'!D9","v":0},{"$f":"'Input data'!E9","v":0},{"$f":"'Input data'!F9","v":0},{"$f":"'Input data'!G9","v":0},{"$f":"'Input data'!H9","v":""},{"$f":"'Input data'!I9","v":0},{"$f":"'Input data'!J9","v":0},{"$f":"'Input data'!K9","v":0},{"$f":"'Input data'!AK9","v":false},{"$f":"'Input data'!M9","v":0},{"$f":"'Input data'!AJ9","v":0},{"$f":"'Input data'!L9","v":0},{"$f":"'Input data'!N9","v":0},{"$f":"'Input data'!O9","v":0},{"$f":"'Input data'!P9","v":0},{"$f":"'Input data'!Q9","v":0},{"$f":"'Input data'!R9","v":"0"},{"$f":"'Input data'!$S9","v":"No"},{"$f":"'Input data'!T9","v":"No"},{"$f":"'Input data'!U9","v":0},{"$f":"'Input data'!V9","v":0},{"$f":"'Input data'!W9","v":0},{"$f":"'Input data'!X9","v":""},{"$f":"'Input data'!Y9","v":0},{"$f":"'Input data'!Z9","v":0},{"$f":"'Input data'!AA9","v":0},null,null,{"$f":"'Input data'!AD9","v":0},{"$f":"'Input data'!AE9","v":false},{"$f":"'Input data'!AF9","v":false},{"$f":"'Input data'!AG9","v":false},{"$f":"'Input data'!AH9","v":false},null,{"$f":"IF($B11=\"3+ Trucks\",IF(OR($H11=\"Class_8\",$N11=\"Replacement8HHD\",$AH11=\"CL7HHD\",$AJ11=\"CL7to8\"),INDEX('ER C8 FLT3'!$A$4:$J$640,MATCH($E11&$C11,'ER C8 FLT3'!$A$4:$A$640&'ER C8 FLT3'!$B$4:$B$640,1),8)*IF(OR($H11=\"Class_8\",$N11=\"Replacement8HHD\",$AH11=\"CL7HHD\",$AJ11=\"CL7to8\"),INDEX('ER C8 FLT3'!$A$4:$J$640,MATCH($E11&$C11,'ER C8 FLT3'!$A$4:$A$640&'ER C8 FLT3'!$B$4:$B$640,1),9)),IF($H11=\"Class_7\",INDEX('ER C7 FLT3'!$A$4:$J$640,MATCH($E11&$C11,'ER C7 FLT3'!$A$4:$A$640&'ER C7 FLT3'!$B$4:$B$640,1),8)*IF($H11=\"Class_7\",INDEX('ER C7 FLT3'!$A$4:$J$640,MATCH($E11&$C11,'ER C7 FLT3'!$A$4:$A$640&'ER C7 FLT3'!$B$4:$B$640,1),9)),\nIF($H11=\"Class_6\",INDEX('ER C6 FLT3'!$A$4:$J$640,MATCH($E11&$C11,'ER C6 FLT3'!$A$4:$A$640&'ER C6 FLT3'!$B$4:$B$640,1),8)*IF($H11=\"Class_6\",INDEX('ER C6 FLT3'!$A$4:$L$640,MATCH($E11&$C11,'ER C6 FLT3'!$A$4:$A$640&'ER C6 FLT3'!$B$4:$B$640,1),9))))),IF($B11=\"2 Trucks\",IF(OR($H11=\"Class_8\",$N11=\"Replacement8HHD\",$AH11=\"CL7HHD\",$AJ11=\"CL7to8\"),INDEX('ER C8 FLT2'!$A$4:$J$640,MATCH($E11&$C11,'ER C8 FLT2'!$A$4:$A$640&'ER C8 FLT2'!$B$4:$B$640,1),8)*IF(OR($H11=\"Class_8\",$N11=\"Replacement8HHD\",$AH11=\"CL7HHD\",$AJ11=\"CL7to8\"),INDEX('ER C8 FLT2'!$A$4:$J$640,MATCH($E11&$C11,'ER C8 FLT2'!$A$4:$A$640&'ER C8 FLT2'!$B$4:$B$640,1),9)),IF($H11=\"Class_7\",INDEX('ER C7 FLT2'!$A$4:$J$640,MATCH($E11&$C11,'ER C7 FLT2'!$A$4:$A$640&'ER C7 FLT2'!$B$4:$B$640,1),8)*IF($H11=\"Class_7\",INDEX('ER C7 FLT2'!$A$4:$J$640,MATCH($E11&$C11,'ER C7 FLT2'!$A$4:$A$640&'ER C7 FLT2'!$B$4:$B$640,1),9)),IF($H11=\"Class_6\",INDEX('ER C6 FLT2'!$A$4:$J$640,MATCH($E11&$C11,'ER C6 FLT2'!$A$4:$A$640&'ER C6 FLT2'!$B$4:$B$640,1),8)*IF($H11=\"Class_6\",INDEX('ER C6 FLT2'!$A$4:$J$640,MATCH($E11&$C11,'ER C6 FLT2'!$A$4:$A$640&'ER C6 FLT2'!$B$4:$B$640,1),9))))),IF($B11=\"1 Truck\",\nIF(OR($H11=\"Class_8\",$N11=\"Replacement8HHD\",$AH11=\"CL7HHD\",$AJ11=\"CL7to8\"),INDEX('ER C8 FLT1'!$A$4:$J$640,MATCH($E11&$C11,'ER C8 FLT1'!$A$4:$A$640&'ER C8 FLT1'!$B$4:$B$640,1),8)*IF(OR($H11=\"Class_8\",$N11=\"Replacement8HHD\",$AH11=\"CL7HHD\",$AJ11=\"CL7to8\"),INDEX('ER C8 FLT1'!$A$4:$J$640,MATCH($E11&$C11,'ER C8 FLT1'!$A$4:$A$640&'ER C8 FLT1'!$B$4:$B$640,1),9)),IF($H11=\"Class_7\",INDEX('ER C7 FLT1'!$A$4:$J$640,MATCH($E11&$C11,'ER C7 FLT1'!$A$4:$A$640&'ER C7 FLT1'!$B$4:$B$640,1),8)*IF($H11=\"Class_7\",INDEX('ER C7 FLT1'!$A$4:$J$640,MATCH($E11&$C11,'ER C7 FLT1'!$A$4:$A$640&'ER C7 FLT1'!$B$4:$B$640,1),9)),\nIF($H11=\"Class_6\",INDEX('ER C6 FLT1'!$A$4:$J$640,MATCH($E11&$C11,'ER C6 FLT1'!$A$4:$A$640&'ER C6 FLT1'!$B$4:$B$640,1),8)*IF($H11=\"Class_6\",INDEX('ER C6 FLT1'!$A$4:$J$640,MATCH($E11&$C11,'ER C6 FLT1'!$A$4:$A$640&'ER C6 FLT1'!$B$4:$B$640,1),9))))))))*IF($F11=\"Level 1 PM\",0.75,IF($F11=\"Level 2 PM\",0.5,IF($F11=\"Level 3 PM\",0,IF($F11=\"Level 3 PM + Mark I NOx\",0,1))))*($Q11/453.6)","v":0},{"$f":"IF($B11=\"3+ Trucks\",IF(OR($H11=\"Class_8\",$N11=\"Replacement8HHD\",$AH11=\"CL7HHD\",$AJ11=\"CL7to8\"),INDEX('ER C8 FLT3'!$A$4:$J$640,MATCH($E11&$C11,'ER C8 FLT3'!$A$4:$A$640&'ER C8 FLT3'!$B$4:$B$640-1,1),8)*IF(OR($H11=\"Class_8\",$N11=\"Replacement8HHD\",$AH11=\"CL7HHD\",$AJ11=\"CL7to8\"),INDEX('ER C8 FLT3'!$A$4:$J$640,MATCH($E11&$C11,'ER C8 FLT3'!$A$4:$A$640&'ER C8 FLT3'!$B$4:$B$640-1,1),9)),IF($H11=\"Class_7\",INDEX('ER C7 FLT3'!$A$4:$J$640,MATCH($E11&$C11,'ER C7 FLT3'!$A$4:$A$640&'ER C7 FLT3'!$B$4:$B$640-1,1),8)*IF($H11=\"Class_7\",INDEX('ER C7 FLT3'!$A$4:$J$640,MATCH($E11&$C11,'ER C7 FLT3'!$A$4:$A$640&'ER C7 FLT3'!$B$4:$B$640-1,1),9)),\nIF($H11=\"Class_6\",INDEX('ER C6 FLT3'!$A$4:$J$640,MATCH($E11&$C11,'ER C6 FLT3'!$A$4:$A$640&'ER C6 FLT3'!$B$4:$B$640-1,1),8)*IF($H11=\"Class_6\",INDEX('ER C6 FLT3'!$A$4:$L$640,MATCH($E11&$C11,'ER C6 FLT3'!$A$4:$A$640&'ER C6 FLT3'!$B$4:$B$640-1,1),9))))),IF($B11=\"2 Trucks\",IF(OR($H11=\"Class_8\",$N11=\"Replacement8HHD\",$AH11=\"CL7HHD\",$AJ11=\"CL7to8\"),INDEX('ER C8 FLT2'!$A$4:$J$640,MATCH($E11&$C11,'ER C8 FLT2'!$A$4:$A$640&'ER C8 FLT2'!$B$4:$B$640-1,1),8)*IF(OR($H11=\"Class_8\",$N11=\"Replacement8HHD\",$AH11=\"CL7HHD\",$AJ11=\"CL7to8\"),INDEX('ER C8 FLT2'!$A$4:$J$640,MATCH($E11&$C11,'ER C8 FLT2'!$A$4:$A$640&'ER C8 FLT2'!$B$4:$B$640-1,1),9)),IF($H11=\"Class_7\",INDEX('ER C7 FLT2'!$A$4:$J$640,MATCH($E11&$C11,'ER C7 FLT2'!$A$4:$A$640&'ER C7 FLT2'!$B$4:$B$640-1,1),8)*IF($H11=\"Class_7\",INDEX('ER C7 FLT2'!$A$4:$J$640,MATCH($E11&$C11,'ER C7 FLT2'!$A$4:$A$640&'ER C7 FLT2'!$B$4:$B$640-1,1),9)),IF($H11=\"Class_6\",INDEX('ER C6 FLT2'!$A$4:$J$640,MATCH($E11&$C11,'ER C6 FLT2'!$A$4:$A$640&'ER C6 FLT2'!$B$4:$B$640-1,1),8)*IF($H11=\"Class_6\",INDEX('ER C6 FLT2'!$A$4:$J$640,MATCH($E11&$C11,'ER C6 FLT2'!$A$4:$A$640&'ER C6 FLT2'!$B$4:$B$640-1,1),9))))),IF($B11=\"1 Truck\",\nIF(OR($H11=\"Class_8\",$N11=\"Replacement8HHD\",$AH11=\"CL7HHD\",$AJ11=\"CL7to8\"),INDEX('ER C8 FLT1'!$A$4:$J$640,MATCH($E11&$C11,'ER C8 FLT1'!$A$4:$A$640&'ER C8 FLT1'!$B$4:$B$640-1,1),8)*IF(OR($H11=\"Class_8\",$N11=\"Replacement8HHD\",$AH11=\"CL7HHD\",$AJ11=\"CL7to8\"),INDEX('ER C8 FLT1'!$A$4:$J$640,MATCH($E11&$C11,'ER C8 FLT1'!$A$4:$A$640&'ER C8 FLT1'!$B$4:$B$640-1,1),9)),IF($H11=\"Class_7\",INDEX('ER C7 FLT1'!$A$4:$J$640,MATCH($E11&$C11,'ER C7 FLT1'!$A$4:$A$640&'ER C7 FLT1'!$B$4:$B$640-1,1),8)*IF($H11=\"Class_7\",INDEX('ER C7 FLT1'!$A$4:$J$640,MATCH($E11&$C11,'ER C7 FLT1'!$A$4:$A$640&'ER C7 FLT1'!$B$4:$B$640-1,1),9)),\nIF($H11=\"Class_6\",INDEX('ER C6 FLT1'!$A$4:$J$640,MATCH($E11&$C11,'ER C6 FLT1'!$A$4:$A$640&'ER C6 FLT1'!$B$4:$B$640-1,1),8)*IF($H11=\"Class_6\",INDEX('ER C6 FLT1'!$A$4:$J$640,MATCH($E11&$C11,'ER C6 FLT1'!$A$4:$A$640&'ER C6 FLT1'!$B$4:$B$640-1,1),9))))))))*IF($F11=\"Level 1 PM\",0.75,IF($F11=\"Level 2 PM\",0.5,IF($F11=\"Level 3 PM\",0,IF($F11=\"Level 3 PM + Mark I NOx\",0,1))))*($Q11/453.6)","v":0},{"$f":"IF($B11=\"3+ Trucks\",IF(OR($H11=\"Class_8\",$N11=\"Replacement8HHD\",$AH11=\"CL7HHD\",$AJ11=\"CL7to8\"),INDEX('ER C8 FLT3'!$A$4:$J$640,MATCH($E11&$C11,'ER C8 FLT3'!$A$4:$A$640&'ER C8 FLT3'!$B$4:$B$640-2,1),8)*IF(OR($H11=\"Class_8\",$N11=\"Replacement8HHD\",$AH11=\"CL7HHD\",$AJ11=\"CL7to8\"),INDEX('ER C8 FLT3'!$A$4:$J$640,MATCH($E11&$C11,'ER C8 FLT3'!$A$4:$A$640&'ER C8 FLT3'!$B$4:$B$640-2,1),9)),IF($H11=\"Class_7\",INDEX('ER C7 FLT3'!$A$4:$J$640,MATCH($E11&$C11,'ER C7 FLT3'!$A$4:$A$640&'ER C7 FLT3'!$B$4:$B$640-2,1),8)*IF($H11=\"Class_7\",INDEX('ER C7 FLT3'!$A$4:$J$640,MATCH($E11&$C11,'ER C7 FLT3'!$A$4:$A$640&'ER C7 FLT3'!$B$4:$B$640-2,1),9)),\nIF($H11=\"Class_6\",INDEX('ER C6 FLT3'!$A$4:$J$640,MATCH($E11&$C11,'ER C6 FLT3'!$A$4:$A$640&'ER C6 FLT3'!$B$4:$B$640-2,1),8)*IF($H11=\"Class_6\",INDEX('ER C6 FLT3'!$A$4:$L$640,MATCH($E11&$C11,'ER C6 FLT3'!$A$4:$A$640&'ER C6 FLT3'!$B$4:$B$640-2,1),9))))),IF($B11=\"2 Trucks\",IF(OR($H11=\"Class_8\",$N11=\"Replacement8HHD\",$AH11=\"CL7HHD\",$AJ11=\"CL7to8\"),INDEX('ER C8 FLT2'!$A$4:$J$640,MATCH($E11&$C11,'ER C8 FLT2'!$A$4:$A$640&'ER C8 FLT2'!$B$4:$B$640-2,1),8)*IF(OR($H11=\"Class_8\",$N11=\"Replacement8HHD\",$AH11=\"CL7HHD\",$AJ11=\"CL7to8\"),INDEX('ER C8 FLT2'!$A$4:$J$640,MATCH($E11&$C11,'ER C8 FLT2'!$A$4:$A$640&'ER C8 FLT2'!$B$4:$B$640-2,1),9)),IF($H11=\"Class_7\",INDEX('ER C7 FLT2'!$A$4:$J$640,MATCH($E11&$C11,'ER C7 FLT2'!$A$4:$A$640&'ER C7 FLT2'!$B$4:$B$640-2,1),8)*IF($H11=\"Class_7\",INDEX('ER C7 FLT2'!$A$4:$J$640,MATCH($E11&$C11,'ER C7 FLT2'!$A$4:$A$640&'ER C7 FLT2'!$B$4:$B$640-2,1),9)),IF($H11=\"Class_6\",INDEX('ER C6 FLT2'!$A$4:$J$640,MATCH($E11&$C11,'ER C6 FLT2'!$A$4:$A$640&'ER C6 FLT2'!$B$4:$B$640-2,1),8)*IF($H11=\"Class_6\",INDEX('ER C6 FLT2'!$A$4:$J$640,MATCH($E11&$C11,'ER C6 FLT2'!$A$4:$A$640&'ER C6 FLT2'!$B$4:$B$640-2,1),9))))),IF($B11=\"1 Truck\",\nIF(OR($H11=\"Class_8\",$N11=\"Replacement8HHD\",$AH11=\"CL7HHD\",$AJ11=\"CL7to8\"),INDEX('ER C8 FLT1'!$A$4:$J$640,MATCH($E11&$C11,'ER C8 FLT1'!$A$4:$A$640&'ER C8 FLT1'!$B$4:$B$640-2,1),8)*IF(OR($H11=\"Class_8\",$N11=\"Replacement8HHD\",$AH11=\"CL7HHD\",$AJ11=\"CL7to8\"),INDEX('ER C8 FLT1'!$A$4:$J$640,MATCH($E11&$C11,'ER C8 FLT1'!$A$4:$A$640&'ER C8 FLT1'!$B$4:$B$640-2,1),9)),IF($H11=\"Class_7\",INDEX('ER C7 FLT1'!$A$4:$J$640,MATCH($E11&$C11,'ER C7 FLT1'!$A$4:$A$640&'ER C7 FLT1'!$B$4:$B$640-2,1),8)*IF($H11=\"Class_7\",INDEX('ER C7 FLT1'!$A$4:$J$640,MATCH($E11&$C11,'ER C7 FLT1'!$A$4:$A$640&'ER C7 FLT1'!$B$4:$B$640-2,1),9)),\nIF($H11=\"Class_6\",INDEX('ER C6 FLT1'!$A$4:$J$640,MATCH($E11&$C11,'ER C6 FLT1'!$A$4:$A$640&'ER C6 FLT1'!$B$4:$B$640-2,1),8)*IF($H11=\"Class_6\",INDEX('ER C6 FLT1'!$A$4:$J$640,MATCH($E11&$C11,'ER C6 FLT1'!$A$4:$A$640&'ER C6 FLT1'!$B$4:$B$640-2,1),9))))))))*IF($F11=\"Level 1 PM\",0.75,IF($F11=\"Level 2 PM\",0.5,IF($F11=\"Level 3 PM\",0,IF($F11=\"Level 3 PM + Mark I NOx\",0,1))))*($Q11/453.6)","v":0},{"$f":"IF($B11=\"3+ Trucks\",IF(OR($H11=\"Class_8\",$N11=\"Replacement8HHD\",$AH11=\"CL7HHD\",$AJ11=\"CL7to8\"),INDEX('ER C8 FLT3'!$A$4:$J$640,MATCH($E11&$C11,'ER C8 FLT3'!$A$4:$A$640&'ER C8 FLT3'!$B$4:$B$640-3,1),8)*IF(OR($H11=\"Class_8\",$N11=\"Replacement8HHD\",$AH11=\"CL7HHD\",$AJ11=\"CL7to8\"),INDEX('ER C8 FLT3'!$A$4:$J$640,MATCH($E11&$C11,'ER C8 FLT3'!$A$4:$A$640&'ER C8 FLT3'!$B$4:$B$640-3,1),9)),IF($H11=\"Class_7\",INDEX('ER C7 FLT3'!$A$4:$J$640,MATCH($E11&$C11,'ER C7 FLT3'!$A$4:$A$640&'ER C7 FLT3'!$B$4:$B$640-3,1),8)*IF($H11=\"Class_7\",INDEX('ER C7 FLT3'!$A$4:$J$640,MATCH($E11&$C11,'ER C7 FLT3'!$A$4:$A$640&'ER C7 FLT3'!$B$4:$B$640-3,1),9)),\nIF($H11=\"Class_6\",INDEX('ER C6 FLT3'!$A$4:$J$640,MATCH($E11&$C11,'ER C6 FLT3'!$A$4:$A$640&'ER C6 FLT3'!$B$4:$B$640-3,1),8)*IF($H11=\"Class_6\",INDEX('ER C6 FLT3'!$A$4:$L$640,MATCH($E11&$C11,'ER C6 FLT3'!$A$4:$A$640&'ER C6 FLT3'!$B$4:$B$640-3,1),9))))),IF($B11=\"2 Trucks\",IF(OR($H11=\"Class_8\",$N11=\"Replacement8HHD\",$AH11=\"CL7HHD\",$AJ11=\"CL7to8\"),INDEX('ER C8 FLT2'!$A$4:$J$640,MATCH($E11&$C11,'ER C8 FLT2'!$A$4:$A$640&'ER C8 FLT2'!$B$4:$B$640-3,1),8)*IF(OR($H11=\"Class_8\",$N11=\"Replacement8HHD\",$AH11=\"CL7HHD\",$AJ11=\"CL7to8\"),INDEX('ER C8 FLT2'!$A$4:$J$640,MATCH($E11&$C11,'ER C8 FLT2'!$A$4:$A$640&'ER C8 FLT2'!$B$4:$B$640-3,1),9)),IF($H11=\"Class_7\",INDEX('ER C7 FLT2'!$A$4:$J$640,MATCH($E11&$C11,'ER C7 FLT2'!$A$4:$A$640&'ER C7 FLT2'!$B$4:$B$640-3,1),8)*IF($H11=\"Class_7\",INDEX('ER C7 FLT2'!$A$4:$J$640,MATCH($E11&$C11,'ER C7 FLT2'!$A$4:$A$640&'ER C7 FLT2'!$B$4:$B$640-3,1),9)),IF($H11=\"Class_6\",INDEX('ER C6 FLT2'!$A$4:$J$640,MATCH($E11&$C11,'ER C6 FLT2'!$A$4:$A$640&'ER C6 FLT2'!$B$4:$B$640-3,1),8)*IF($H11=\"Class_6\",INDEX('ER C6 FLT2'!$A$4:$J$640,MATCH($E11&$C11,'ER C6 FLT2'!$A$4:$A$640&'ER C6 FLT2'!$B$4:$B$640-3,1),9))))),IF($B11=\"1 Truck\",\nIF(OR($H11=\"Class_8\",$N11=\"Replacement8HHD\",$AH11=\"CL7HHD\",$AJ11=\"CL7to8\"),INDEX('ER C8 FLT1'!$A$4:$J$640,MATCH($E11&$C11,'ER C8 FLT1'!$A$4:$A$640&'ER C8 FLT1'!$B$4:$B$640-3,1),8)*IF(OR($H11=\"Class_8\",$N11=\"Replacement8HHD\",$AH11=\"CL7HHD\",$AJ11=\"CL7to8\"),INDEX('ER C8 FLT1'!$A$4:$J$640,MATCH($E11&$C11,'ER C8 FLT1'!$A$4:$A$640&'ER C8 FLT1'!$B$4:$B$640-3,1),9)),IF($H11=\"Class_7\",INDEX('ER C7 FLT1'!$A$4:$J$640,MATCH($E11&$C11,'ER C7 FLT1'!$A$4:$A$640&'ER C7 FLT1'!$B$4:$B$640-3,1),8)*IF($H11=\"Class_7\",INDEX('ER C7 FLT1'!$A$4:$J$640,MATCH($E11&$C11,'ER C7 FLT1'!$A$4:$A$640&'ER C7 FLT1'!$B$4:$B$640-3,1),9)),\nIF($H11=\"Class_6\",INDEX('ER C6 FLT1'!$A$4:$J$640,MATCH($E11&$C11,'ER C6 FLT1'!$A$4:$A$640&'ER C6 FLT1'!$B$4:$B$640-3,1),8)*IF($H11=\"Class_6\",INDEX('ER C6 FLT1'!$A$4:$J$640,MATCH($E11&$C11,'ER C6 FLT1'!$A$4:$A$640&'ER C6 FLT1'!$B$4:$B$640-3,1),9))))))))*IF($F11=\"Level 1 PM\",0.75,IF($F11=\"Level 2 PM\",0.5,IF($F11=\"Level 3 PM\",0,IF($F11=\"Level 3 PM + Mark I NOx\",0,1))))*($Q11/453.6)","v":0},{"$f":"IF($B11=\"3+ Trucks\",IF(OR($H11=\"Class_8\",$N11=\"Replacement8HHD\",$AH11=\"CL7HHD\",$AJ11=\"CL7to8\"),INDEX('ER C8 FLT3'!$A$4:$J$640,MATCH($E11&$C11,'ER C8 FLT3'!$A$4:$A$640&'ER C8 FLT3'!$B$4:$B$640-4,1),8)*IF(OR($H11=\"Class_8\",$N11=\"Replacement8HHD\",$AH11=\"CL7HHD\",$AJ11=\"CL7to8\"),INDEX('ER C8 FLT3'!$A$4:$J$640,MATCH($E11&$C11,'ER C8 FLT3'!$A$4:$A$640&'ER C8 FLT3'!$B$4:$B$640-4,1),9)),IF($H11=\"Class_7\",INDEX('ER C7 FLT3'!$A$4:$J$640,MATCH($E11&$C11,'ER C7 FLT3'!$A$4:$A$640&'ER C7 FLT3'!$B$4:$B$640-4,1),8)*IF($H11=\"Class_7\",INDEX('ER C7 FLT3'!$A$4:$J$640,MATCH($E11&$C11,'ER C7 FLT3'!$A$4:$A$640&'ER C7 FLT3'!$B$4:$B$640-4,1),9)),\nIF($H11=\"Class_6\",INDEX('ER C6 FLT3'!$A$4:$J$640,MATCH($E11&$C11,'ER C6 FLT3'!$A$4:$A$640&'ER C6 FLT3'!$B$4:$B$640-4,1),8)*IF($H11=\"Class_6\",INDEX('ER C6 FLT3'!$A$4:$L$640,MATCH($E11&$C11,'ER C6 FLT3'!$A$4:$A$640&'ER C6 FLT3'!$B$4:$B$640-4,1),9))))),IF($B11=\"2 Trucks\",IF(OR($H11=\"Class_8\",$N11=\"Replacement8HHD\",$AH11=\"CL7HHD\",$AJ11=\"CL7to8\"),INDEX('ER C8 FLT2'!$A$4:$J$640,MATCH($E11&$C11,'ER C8 FLT2'!$A$4:$A$640&'ER C8 FLT2'!$B$4:$B$640-4,1),8)*IF(OR($H11=\"Class_8\",$N11=\"Replacement8HHD\",$AH11=\"CL7HHD\",$AJ11=\"CL7to8\"),INDEX('ER C8 FLT2'!$A$4:$J$640,MATCH($E11&$C11,'ER C8 FLT2'!$A$4:$A$640&'ER C8 FLT2'!$B$4:$B$640-4,1),9)),IF($H11=\"Class_7\",INDEX('ER C7 FLT2'!$A$4:$J$640,MATCH($E11&$C11,'ER C7 FLT2'!$A$4:$A$640&'ER C7 FLT2'!$B$4:$B$640-4,1),8)*IF($H11=\"Class_7\",INDEX('ER C7 FLT2'!$A$4:$J$640,MATCH($E11&$C11,'ER C7 FLT2'!$A$4:$A$640&'ER C7 FLT2'!$B$4:$B$640-4,1),9)),IF($H11=\"Class_6\",INDEX('ER C6 FLT2'!$A$4:$J$640,MATCH($E11&$C11,'ER C6 FLT2'!$A$4:$A$640&'ER C6 FLT2'!$B$4:$B$640-4,1),8)*IF($H11=\"Class_6\",INDEX('ER C6 FLT2'!$A$4:$J$640,MATCH($E11&$C11,'ER C6 FLT2'!$A$4:$A$640&'ER C6 FLT2'!$B$4:$B$640-4,1),9))))),IF($B11=\"1 Truck\",\nIF(OR($H11=\"Class_8\",$N11=\"Replacement8HHD\",$AH11=\"CL7HHD\",$AJ11=\"CL7to8\"),INDEX('ER C8 FLT1'!$A$4:$J$640,MATCH($E11&$C11,'ER C8 FLT1'!$A$4:$A$640&'ER C8 FLT1'!$B$4:$B$640-4,1),8)*IF(OR($H11=\"Class_8\",$N11=\"Replacement8HHD\",$AH11=\"CL7HHD\",$AJ11=\"CL7to8\"),INDEX('ER C8 FLT1'!$A$4:$J$640,MATCH($E11&$C11,'ER C8 FLT1'!$A$4:$A$640&'ER C8 FLT1'!$B$4:$B$640-4,1),9)),IF($H11=\"Class_7\",INDEX('ER C7 FLT1'!$A$4:$J$640,MATCH($E11&$C11,'ER C7 FLT1'!$A$4:$A$640&'ER C7 FLT1'!$B$4:$B$640-4,1),8)*IF($H11=\"Class_7\",INDEX('ER C7 FLT1'!$A$4:$J$640,MATCH($E11&$C11,'ER C7 FLT1'!$A$4:$A$640&'ER C7 FLT1'!$B$4:$B$640-4,1),9)),\nIF($H11=\"Class_6\",INDEX('ER C6 FLT1'!$A$4:$J$640,MATCH($E11&$C11,'ER C6 FLT1'!$A$4:$A$640&'ER C6 FLT1'!$B$4:$B$640-4,1),8)*IF($H11=\"Class_6\",INDEX('ER C6 FLT1'!$A$4:$J$640,MATCH($E11&$C11,'ER C6 FLT1'!$A$4:$A$640&'ER C6 FLT1'!$B$4:$B$640-4,1),9))))))))*IF($F11=\"Level 1 PM\",0.75,IF($F11=\"Level 2 PM\",0.5,IF($F11=\"Level 3 PM\",0,IF($F11=\"Level 3 PM + Mark I NOx\",0,1))))*($Q11/453.6)","v":0},{"$f":"IF($B11=\"3+ Trucks\",IF(OR($H11=\"Class_8\",$N11=\"Replacement8HHD\",$AH11=\"CL7HHD\",$AJ11=\"CL7to8\"),INDEX('ER C8 FLT3'!$A$4:$J$640,MATCH($E11&$C11,'ER C8 FLT3'!$A$4:$A$640&'ER C8 FLT3'!$B$4:$B$640,1),8),IF($H11=\"Class_7\",INDEX('ER C7 FLT3'!$A$4:$J$640,MATCH($E11&$C11,'ER C7 FLT3'!$A$4:$A$640&'ER C7 FLT3'!$B$4:$B$640,1),8),IF($H11=\"Class_6\",INDEX('ER C6 FLT3'!$A$4:$J$640,MATCH($E11&$C11,'ER C6 FLT3'!$A$4:$A$640&'ER C6 FLT3'!$B$4:$B$640,1),8)))),IF($B11=\"2 Trucks\",IF(OR($H11=\"Class_8\",$N11=\"Replacement8HHD\",$AH11=\"CL7HHD\",$AJ11=\"CL7to8\"),INDEX('ER C8 FLT2'!$A$4:$J$640,MATCH($E11&$C11,'ER C8 FLT2'!$A$4:$A$640&'ER C8 FLT2'!$B$4:$B$640,1),8),IF($H11=\"Class_7\",INDEX('ER C7 FLT2'!$A$4:$J$640,MATCH($E11&$C11,'ER C7 FLT2'!$A$4:$A$640&'ER C7 FLT2'!$B$4:$B$640,1),8),IF($H11=\"Class_6\",INDEX('ER C6 FLT2'!$A$4:$J$640,MATCH($E11&$C11,'ER C6 FLT2'!$A$4:$A$640&'ER C6 FLT2'!$B$4:$B$640,1),8)))),IF($B11=\"1 Truck\",IF(OR($H11=\"Class_8\",$N11=\"Replacement8HHD\",$AH11=\"CL7HHD\",$AJ11=\"CL7to8\"),INDEX('ER C8 FLT1'!$A$4:$J$640,MATCH($E11&$C11,'ER C8 FLT1'!$A$4:$A$640&'ER C8 FLT1'!$B$4:$B$640,1),8),IF($H11=\"Class_7\",INDEX('ER C7 FLT1'!$A$4:$J$640,MATCH($E11&$C11,'ER C7 FLT1'!$A$4:$A$640&'ER C7 FLT1'!$B$4:$B$640,1),8),IF($H11=\"Class_6\",INDEX('ER C6 FLT1'!$A$4:$J$640,MATCH($E11&$C11,'ER C6 FLT1'!$A$4:$A$640&'ER C6 FLT1'!$B$4:$B$640,1),8)))))))","v":false},{"$f":"IF($B11=\"3+ Trucks\",IF(OR($H11=\"Class_8\",$N11=\"Replacement8HHD\",$AH11=\"CL7HHD\",$AJ11=\"CL7to8\"),INDEX('ER C8 FLT3'!$A$4:$J$640,MATCH($E11&$C11,'ER C8 FLT3'!$A$4:$A$640&'ER C8 FLT3'!$B$4:$B$640-1,1),8),IF($H11=\"Class_7\",INDEX('ER C7 FLT3'!$A$4:$J$640,MATCH($E11&$C11,'ER C7 FLT3'!$A$4:$A$640&'ER C7 FLT3'!$B$4:$B$640-1,1),8),IF($H11=\"Class_6\",INDEX('ER C6 FLT3'!$A$4:$J$640,MATCH($E11&$C11,'ER C6 FLT3'!$A$4:$A$640&'ER C6 FLT3'!$B$4:$B$640-1,1),8)))),IF($B11=\"2 Trucks\",IF(OR($H11=\"Class_8\",$N11=\"Replacement8HHD\",$AH11=\"CL7HHD\",$AJ11=\"CL7to8\"),INDEX('ER C8 FLT2'!$A$4:$J$640,MATCH($E11&$C11,'ER C8 FLT2'!$A$4:$A$640&'ER C8 FLT2'!$B$4:$B$640-1,1),8),IF($H11=\"Class_7\",INDEX('ER C7 FLT2'!$A$4:$J$640,MATCH($E11&$C11,'ER C7 FLT2'!$A$4:$A$640&'ER C7 FLT2'!$B$4:$B$640-1,1),8),IF($H11=\"Class_6\",INDEX('ER C6 FLT2'!$A$4:$J$640,MATCH($E11&$C11,'ER C6 FLT2'!$A$4:$A$640&'ER C6 FLT2'!$B$4:$B$640-1,1),8)))),IF($B11=\"1 Truck\",IF(OR($H11=\"Class_8\",$N11=\"Replacement8HHD\",$AH11=\"CL7HHD\",$AJ11=\"CL7to8\"),INDEX('ER C8 FLT1'!$A$4:$J$640,MATCH($E11&$C11,'ER C8 FLT1'!$A$4:$A$640&'ER C8 FLT1'!$B$4:$B$640-1,1),8),IF($H11=\"Class_7\",INDEX('ER C7 FLT1'!$A$4:$J$640,MATCH($E11&$C11,'ER C7 FLT1'!$A$4:$A$640&'ER C7 FLT1'!$B$4:$B$640-1,1),8),IF($H11=\"Class_6\",INDEX('ER C6 FLT1'!$A$4:$J$640,MATCH($E11&$C11,'ER C6 FLT1'!$A$4:$A$640&'ER C6 FLT1'!$B$4:$B$640-1,1),8)))))))","v":false},{"$f":"IF($B11=\"3+ Trucks\",IF(OR($H11=\"Class_8\",$N11=\"Replacement8HHD\",$AH11=\"CL7HHD\",$AJ11=\"CL7to8\"),INDEX('ER C8 FLT3'!$A$4:$J$640,MATCH($E11&$C11,'ER C8 FLT3'!$A$4:$A$640&'ER C8 FLT3'!$B$4:$B$640-2,1),8),IF($H11=\"Class_7\",INDEX('ER C7 FLT3'!$A$4:$J$640,MATCH($E11&$C11,'ER C7 FLT3'!$A$4:$A$640&'ER C7 FLT3'!$B$4:$B$640-2,1),8),IF($H11=\"Class_6\",INDEX('ER C6 FLT3'!$A$4:$J$640,MATCH($E11&$C11,'ER C6 FLT3'!$A$4:$A$640&'ER C6 FLT3'!$B$4:$B$640-2,1),8)))),IF($B11=\"2 Trucks\",IF(OR($H11=\"Class_8\",$N11=\"Replacement8HHD\",$AH11=\"CL7HHD\",$AJ11=\"CL7to8\"),INDEX('ER C8 FLT2'!$A$4:$J$640,MATCH($E11&$C11,'ER C8 FLT2'!$A$4:$A$640&'ER C8 FLT2'!$B$4:$B$640-2,1),8),IF($H11=\"Class_7\",INDEX('ER C7 FLT2'!$A$4:$J$640,MATCH($E11&$C11,'ER C7 FLT2'!$A$4:$A$640&'ER C7 FLT2'!$B$4:$B$640-2,1),8),IF($H11=\"Class_6\",INDEX('ER C6 FLT2'!$A$4:$J$640,MATCH($E11&$C11,'ER C6 FLT2'!$A$4:$A$640&'ER C6 FLT2'!$B$4:$B$640-2,1),8)))),IF($B11=\"1 Truck\",IF(OR($H11=\"Class_8\",$N11=\"Replacement8HHD\",$AH11=\"CL7HHD\",$AJ11=\"CL7to8\"),INDEX('ER C8 FLT1'!$A$4:$J$640,MATCH($E11&$C11,'ER C8 FLT1'!$A$4:$A$640&'ER C8 FLT1'!$B$4:$B$640-2,1),8),IF($H11=\"Class_7\",INDEX('ER C7 FLT1'!$A$4:$J$640,MATCH($E11&$C11,'ER C7 FLT1'!$A$4:$A$640&'ER C7 FLT1'!$B$4:$B$640-2,1),8),IF($H11=\"Class_6\",INDEX('ER C6 FLT1'!$A$4:$J$640,MATCH($E11&$C11,'ER C6 FLT1'!$A$4:$A$640&'ER C6 FLT1'!$B$4:$B$640-2,1),8)))))))","v":false},{"$f":"IF($B11=\"3+ Trucks\",IF(OR($H11=\"Class_8\",$N11=\"Replacement8HHD\",$AH11=\"CL7HHD\",$AJ11=\"CL7to8\"),INDEX('ER C8 FLT3'!$A$4:$J$640,MATCH($E11&$C11,'ER C8 FLT3'!$A$4:$A$640&'ER C8 FLT3'!$B$4:$B$640-3,1),8),IF($H11=\"Class_7\",INDEX('ER C7 FLT3'!$A$4:$J$640,MATCH($E11&$C11,'ER C7 FLT3'!$A$4:$A$640&'ER C7 FLT3'!$B$4:$B$640-3,1),8),IF($H11=\"Class_6\",INDEX('ER C6 FLT3'!$A$4:$J$640,MATCH($E11&$C11,'ER C6 FLT3'!$A$4:$A$640&'ER C6 FLT3'!$B$4:$B$640-3,1),8)))),IF($B11=\"2 Trucks\",IF(OR($H11=\"Class_8\",$N11=\"Replacement8HHD\",$AH11=\"CL7HHD\",$AJ11=\"CL7to8\"),INDEX('ER C8 FLT2'!$A$4:$J$640,MATCH($E11&$C11,'ER C8 FLT2'!$A$4:$A$640&'ER C8 FLT2'!$B$4:$B$640-3,1),8),IF($H11=\"Class_7\",INDEX('ER C7 FLT2'!$A$4:$J$640,MATCH($E11&$C11,'ER C7 FLT2'!$A$4:$A$640&'ER C7 FLT2'!$B$4:$B$640-3,1),8),IF($H11=\"Class_6\",INDEX('ER C6 FLT2'!$A$4:$J$640,MATCH($E11&$C11,'ER C6 FLT2'!$A$4:$A$640&'ER C6 FLT2'!$B$4:$B$640-3,1),8)))),IF($B11=\"1 Truck\",IF(OR($H11=\"Class_8\",$N11=\"Replacement8HHD\",$AH11=\"CL7HHD\",$AJ11=\"CL7to8\"),INDEX('ER C8 FLT1'!$A$4:$J$640,MATCH($E11&$C11,'ER C8 FLT1'!$A$4:$A$640&'ER C8 FLT1'!$B$4:$B$640-3,1),8),IF($H11=\"Class_7\",INDEX('ER C7 FLT1'!$A$4:$J$640,MATCH($E11&$C11,'ER C7 FLT1'!$A$4:$A$640&'ER C7 FLT1'!$B$4:$B$640-3,1),8),IF($H11=\"Class_6\",INDEX('ER C6 FLT1'!$A$4:$J$640,MATCH($E11&$C11,'ER C6 FLT1'!$A$4:$A$640&'ER C6 FLT1'!$B$4:$B$640-3,1),8)))))))","v":false},{"$f":"IF($B11=\"3+ Trucks\",IF(OR($H11=\"Class_8\",$N11=\"Replacement8HHD\",$AH11=\"CL7HHD\",$AJ11=\"CL7to8\"),INDEX('ER C8 FLT3'!$A$4:$J$640,MATCH($E11&$C11,'ER C8 FLT3'!$A$4:$A$640&'ER C8 FLT3'!$B$4:$B$640-4,1),8),IF($H11=\"Class_7\",INDEX('ER C7 FLT3'!$A$4:$J$640,MATCH($E11&$C11,'ER C7 FLT3'!$A$4:$A$640&'ER C7 FLT3'!$B$4:$B$640-4,1),8),IF($H11=\"Class_6\",INDEX('ER C6 FLT3'!$A$4:$J$640,MATCH($E11&$C11,'ER C6 FLT3'!$A$4:$A$640&'ER C6 FLT3'!$B$4:$B$640-4,1),8)))),IF($B11=\"2 Trucks\",IF(OR($H11=\"Class_8\",$N11=\"Replacement8HHD\",$AH11=\"CL7HHD\",$AJ11=\"CL7to8\"),INDEX('ER C8 FLT2'!$A$4:$J$640,MATCH($E11&$C11,'ER C8 FLT2'!$A$4:$A$640&'ER C8 FLT2'!$B$4:$B$640-4,1),8),IF($H11=\"Class_7\",INDEX('ER C7 FLT2'!$A$4:$J$640,MATCH($E11&$C11,'ER C7 FLT2'!$A$4:$A$640&'ER C7 FLT2'!$B$4:$B$640-4,1),8),IF($H11=\"Class_6\",INDEX('ER C6 FLT2'!$A$4:$J$640,MATCH($E11&$C11,'ER C6 FLT2'!$A$4:$A$640&'ER C6 FLT2'!$B$4:$B$640-4,1),8)))),IF($B11=\"1 Truck\",IF(OR($H11=\"Class_8\",$N11=\"Replacement8HHD\",$AH11=\"CL7HHD\",$AJ11=\"CL7to8\"),INDEX('ER C8 FLT1'!$A$4:$J$640,MATCH($E11&$C11,'ER C8 FLT1'!$A$4:$A$640&'ER C8 FLT1'!$B$4:$B$640-4,1),8),IF($H11=\"Class_7\",INDEX('ER C7 FLT1'!$A$4:$J$640,MATCH($E11&$C11,'ER C7 FLT1'!$A$4:$A$640&'ER C7 FLT1'!$B$4:$B$640-4,1),8),IF($H11=\"Class_6\",INDEX('ER C6 FLT1'!$A$4:$J$640,MATCH($E11&$C11,'ER C6 FLT1'!$A$4:$A$640&'ER C6 FLT1'!$B$4:$B$640-4,1),8)))))))","v":false},{"$f":"IF(OR($R11=\"Diesel\",$R11=\"LNG/CNG\",$R11=\"Hybrid\",$R11=\"Electric w/ AB-118\"),IF($B11=\"3+ Trucks\",IF(OR($O11=\"Class_8\",$N11=\"Replacement8HHD\",$AI11=\"CL7HHD\"),INDEX('ER C8 FLT3'!$A$4:$J$640,MATCH(DropData!$J51&$C11,'ER C8 FLT3'!$A$4:$A$640&'ER C8 FLT3'!$B$4:$B$640,1),8)*IF(OR($O11=\"Class_8\",$N11=\"Replacement8HHD\",$AI11=\"CL7HHD\"),INDEX('ER C8 FLT3'!$A$4:$J$640,MATCH(DropData!$J51&$C11,'ER C8 FLT3'!$A$4:$A$640&'ER C8 FLT3'!$B$4:$B$640,1),9)),IF($O11=\"Class_7\",INDEX('ER C7 FLT3'!$A$4:$J$640,MATCH(DropData!$J51&$C11,'ER C7 FLT3'!$A$4:$A$640&'ER C7 FLT3'!$B$4:$B$640,1),8)*IF($O11=\"Class_7\",INDEX('ER C7 FLT3'!$A$4:$J$640,MATCH(DropData!$J51&$C11,'ER C7 FLT3'!$A$4:$A$640&'ER C7 FLT3'!$B$4:$B$640,1),9)),\nIF($O11=\"Class_6\",INDEX('ER C6 FLT3'!$A$4:$J$640,MATCH(DropData!$J51&$C11,'ER C6 FLT3'!$A$4:$A$640&'ER C6 FLT3'!$B$4:$B$640,1),8)*IF($O11=\"Class_6\",INDEX('ER C6 FLT3'!$A$4:$J$640,MATCH(DropData!$J51&$C11,'ER C6 FLT3'!$A$4:$A$640&'ER C6 FLT3'!$B$4:$B$640,1),9))))),IF($B11=\"2 Trucks\",IF(OR($O11=\"Class_8\",$N11=\"Replacement8HHD\",$AI11=\"CL7HHD\"),INDEX('ER C8 FLT2'!$A$4:$J$640,MATCH(DropData!$J51&$C11,'ER C8 FLT2'!$A$4:$A$640&'ER C8 FLT2'!$B$4:$B$640,1),8)*IF(OR($O11=\"Class_8\",$N11=\"Replacement8HHD\",$AI11=\"CL7HHD\"),INDEX('ER C8 FLT2'!$A$4:$J$640,MATCH(DropData!$J51&$C11,'ER C8 FLT2'!$A$4:$A$640&'ER C8 FLT2'!$B$4:$B$640,1),9)),IF($O11=\"Class_7\",INDEX('ER C7 FLT2'!$A$4:$J$640,MATCH(DropData!$J51&$C11,'ER C7 FLT2'!$A$4:$A$640&'ER C7 FLT2'!$B$4:$B$640,1),8)*IF($O11=\"Class_7\",INDEX('ER C7 FLT2'!$A$4:$J$640,MATCH(DropData!$J51&$C11,'ER C7 FLT2'!$A$4:$A$640&'ER C7 FLT2'!$B$4:$B$640,1),9)),IF($O11=\"Class_6\",INDEX('ER C6 FLT2'!$A$4:$J$640,MATCH(DropData!$J51&$C11,'ER C6 FLT2'!$A$4:$A$640&'ER C6 FLT2'!$B$4:$B$640,1),8)*IF($O11=\"Class_6\",INDEX('ER C6 FLT2'!$A$4:$J$640,MATCH(DropData!$J51&$C11,'ER C6 FLT2'!$A$4:$A$640&'ER C6 FLT2'!$B$4:$B$640,1),9))))),IF($B11=\"1 Truck\",\nIF(OR($O11=\"Class_8\",$N11=\"Replacement8HHD\",$AI11=\"CL7HHD\"),INDEX('ER C8 FLT1'!$A$4:$J$640,MATCH(DropData!$J51&$C11,'ER C8 FLT1'!$A$4:$A$640&'ER C8 FLT1'!$B$4:$B$640,1),8)*IF(OR($O11=\"Class_8\",$N11=\"Replacement8HHD\",$AI11=\"CL7HHD\"),INDEX('ER C8 FLT1'!$A$4:$J$640,MATCH(DropData!$J51&$C11,'ER C8 FLT1'!$A$4:$A$640&'ER C8 FLT1'!$B$4:$B$640,1),9)),IF($O11=\"Class_7\",INDEX('ER C7 FLT1'!$A$4:$J$640,MATCH(DropData!$J51&$C11,'ER C7 FLT1'!$A$4:$A$640&'ER C7 FLT1'!$B$4:$B$640,1),8)*IF($O11=\"Class_7\",INDEX('ER C7 FLT1'!$A$4:$J$640,MATCH(DropData!$J51&$C11,'ER C7 FLT1'!$A$4:$A$640&'ER C7 FLT1'!$B$4:$B$640,1),9)),\nIF($O11=\"Class_6\",INDEX('ER C6 FLT1'!$A$4:$J$640,MATCH(DropData!$J51&$C11,'ER C6 FLT1'!$A$4:$A$640&'ER C6 FLT1'!$B$4:$B$640,1),8)*IF($O11=\"Class_6\",INDEX('ER C6 FLT1'!$A$4:$J$640,MATCH(DropData!$J51&$C11,'ER C6 FLT1'!$A$4:$A$640&'ER C6 FLT1'!$B$4:$B$640,1),9)))))))),IF($R11=\"Electric\",INDEX('ER Electric'!$A$6:$E$44,MATCH($C11&$O11,'ER Electric'!$A$6:$A$44&'ER Electric'!$B$6:$B$44,1),3),))*(($Q11+$AC11)/453.6)","v":0},{"$f":"IF(OR($R11=\"Diesel\",$R11=\"LNG/CNG\",$R11=\"Hybrid\",$R11=\"Electric w/ AB-118\"),IF($B11=\"3+ Trucks\",IF(OR($O11=\"Class_8\",$N11=\"Replacement8HHD\",$AI11=\"CL7HHD\"),INDEX('ER C8 FLT3'!$A$4:$J$640,MATCH(DropData!$J51&$C11,'ER C8 FLT3'!$A$4:$A$640&'ER C8 FLT3'!$B$4:$B$640-1,1),8)*IF(OR($O11=\"Class_8\",$N11=\"Replacement8HHD\",$AI11=\"CL7HHD\"),INDEX('ER C8 FLT3'!$A$4:$J$640,MATCH(DropData!$J51&$C11,'ER C8 FLT3'!$A$4:$A$640&'ER C8 FLT3'!$B$4:$B$640-1,1),9)),IF($O11=\"Class_7\",INDEX('ER C7 FLT3'!$A$4:$J$640,MATCH(DropData!$J51&$C11,'ER C7 FLT3'!$A$4:$A$640&'ER C7 FLT3'!$B$4:$B$640-1,1),8)*IF($O11=\"Class_7\",INDEX('ER C7 FLT3'!$A$4:$J$640,MATCH(DropData!$J51&$C11,'ER C7 FLT3'!$A$4:$A$640&'ER C7 FLT3'!$B$4:$B$640-1,1),9)),\nIF($O11=\"Class_6\",INDEX('ER C6 FLT3'!$A$4:$J$640,MATCH(DropData!$J51&$C11,'ER C6 FLT3'!$A$4:$A$640&'ER C6 FLT3'!$B$4:$B$640-1,1),8)*IF($O11=\"Class_6\",INDEX('ER C6 FLT3'!$A$4:$J$640,MATCH(DropData!$J51&$C11,'ER C6 FLT3'!$A$4:$A$640&'ER C6 FLT3'!$B$4:$B$640-1,1),9))))),IF($B11=\"2 Trucks\",IF(OR($O11=\"Class_8\",$N11=\"Replacement8HHD\",$AI11=\"CL7HHD\"),INDEX('ER C8 FLT2'!$A$4:$J$640,MATCH(DropData!$J51&$C11,'ER C8 FLT2'!$A$4:$A$640&'ER C8 FLT2'!$B$4:$B$640-1,1),8)*IF(OR($O11=\"Class_8\",$N11=\"Replacement8HHD\",$AI11=\"CL7HHD\"),INDEX('ER C8 FLT2'!$A$4:$J$640,MATCH(DropData!$J51&$C11,'ER C8 FLT2'!$A$4:$A$640&'ER C8 FLT2'!$B$4:$B$640-1,1),9)),IF($O11=\"Class_7\",INDEX('ER C7 FLT2'!$A$4:$J$640,MATCH(DropData!$J51&$C11,'ER C7 FLT2'!$A$4:$A$640&'ER C7 FLT2'!$B$4:$B$640-1,1),8)*IF($O11=\"Class_7\",INDEX('ER C7 FLT2'!$A$4:$J$640,MATCH(DropData!$J51&$C11,'ER C7 FLT2'!$A$4:$A$640&'ER C7 FLT2'!$B$4:$B$640-1,1),9)),IF($O11=\"Class_6\",INDEX('ER C6 FLT2'!$A$4:$J$640,MATCH(DropData!$J51&$C11,'ER C6 FLT2'!$A$4:$A$640&'ER C6 FLT2'!$B$4:$B$640-1,1),8)*IF($O11=\"Class_6\",INDEX('ER C6 FLT2'!$A$4:$J$640,MATCH(DropData!$J51&$C11,'ER C6 FLT2'!$A$4:$A$640&'ER C6 FLT2'!$B$4:$B$640-1,1),9))))),IF($B11=\"1 Truck\",\nIF(OR($O11=\"Class_8\",$N11=\"Replacement8HHD\",$AI11=\"CL7HHD\"),INDEX('ER C8 FLT1'!$A$4:$J$640,MATCH(DropData!$J51&$C11,'ER C8 FLT1'!$A$4:$A$640&'ER C8 FLT1'!$B$4:$B$640-1,1),8)*IF(OR($O11=\"Class_8\",$N11=\"Replacement8HHD\",$AI11=\"CL7HHD\"),INDEX('ER C8 FLT1'!$A$4:$J$640,MATCH(DropData!$J51&$C11,'ER C8 FLT1'!$A$4:$A$640&'ER C8 FLT1'!$B$4:$B$640-1,1),9)),IF($O11=\"Class_7\",INDEX('ER C7 FLT1'!$A$4:$J$640,MATCH(DropData!$J51&$C11,'ER C7 FLT1'!$A$4:$A$640&'ER C7 FLT1'!$B$4:$B$640-1,1),8)*IF($O11=\"Class_7\",INDEX('ER C7 FLT1'!$A$4:$J$640,MATCH(DropData!$J51&$C11,'ER C7 FLT1'!$A$4:$A$640&'ER C7 FLT1'!$B$4:$B$640-1,1),9)),\nIF($O11=\"Class_6\",INDEX('ER C6 FLT1'!$A$4:$J$640,MATCH(DropData!$J51&$C11,'ER C6 FLT1'!$A$4:$A$640&'ER C6 FLT1'!$B$4:$B$640-1,1),8)*IF($O11=\"Class_6\",INDEX('ER C6 FLT1'!$A$4:$J$640,MATCH(DropData!$J51&$C11,'ER C6 FLT1'!$A$4:$A$640&'ER C6 FLT1'!$B$4:$B$640-1,1),9)))))))),IF($R11=\"Electric\",OFFSET(INDEX('ER Electric'!$A$6:$E$44,MATCH($C11&$O11,'ER Electric'!$A$6:$A$44&'ER Electric'!$B$6:$B$44,1),3),3,0),))*(($Q11+$AC11)/453.6)","v":0},{"$f":"IF(OR($R11=\"Diesel\",$R11=\"LNG/CNG\",$R11=\"Hybrid\",$R11=\"Electric w/ AB-118\"),IF($B11=\"3+ Trucks\",IF(OR($O11=\"Class_8\",$N11=\"Replacement8HHD\",$AI11=\"CL7HHD\"),INDEX('ER C8 FLT3'!$A$4:$J$640,MATCH(DropData!$J51&$C11,'ER C8 FLT3'!$A$4:$A$640&'ER C8 FLT3'!$B$4:$B$640-2,1),8)*IF(OR($O11=\"Class_8\",$N11=\"Replacement8HHD\",$AI11=\"CL7HHD\"),INDEX('ER C8 FLT3'!$A$4:$J$640,MATCH(DropData!$J51&$C11,'ER C8 FLT3'!$A$4:$A$640&'ER C8 FLT3'!$B$4:$B$640-2,1),9)),IF($O11=\"Class_7\",INDEX('ER C7 FLT3'!$A$4:$J$640,MATCH(DropData!$J51&$C11,'ER C7 FLT3'!$A$4:$A$640&'ER C7 FLT3'!$B$4:$B$640-2,1),8)*IF($O11=\"Class_7\",INDEX('ER C7 FLT3'!$A$4:$J$640,MATCH(DropData!$J51&$C11,'ER C7 FLT3'!$A$4:$A$640&'ER C7 FLT3'!$B$4:$B$640-2,1),9)),\nIF($O11=\"Class_6\",INDEX('ER C6 FLT3'!$A$4:$J$640,MATCH(DropData!$J51&$C11,'ER C6 FLT3'!$A$4:$A$640&'ER C6 FLT3'!$B$4:$B$640-2,1),8)*IF($O11=\"Class_6\",INDEX('ER C6 FLT3'!$A$4:$J$640,MATCH(DropData!$J51&$C11,'ER C6 FLT3'!$A$4:$A$640&'ER C6 FLT3'!$B$4:$B$640-2,1),9))))),IF($B11=\"2 Trucks\",IF(OR($O11=\"Class_8\",$N11=\"Replacement8HHD\",$AI11=\"CL7HHD\"),INDEX('ER C8 FLT2'!$A$4:$J$640,MATCH(DropData!$J51&$C11,'ER C8 FLT2'!$A$4:$A$640&'ER C8 FLT2'!$B$4:$B$640-2,1),8)*IF(OR($O11=\"Class_8\",$N11=\"Replacement8HHD\",$AI11=\"CL7HHD\"),INDEX('ER C8 FLT2'!$A$4:$J$640,MATCH(DropData!$J51&$C11,'ER C8 FLT2'!$A$4:$A$640&'ER C8 FLT2'!$B$4:$B$640-2,1),9)),IF($O11=\"Class_7\",INDEX('ER C7 FLT2'!$A$4:$J$640,MATCH(DropData!$J51&$C11,'ER C7 FLT2'!$A$4:$A$640&'ER C7 FLT2'!$B$4:$B$640-2,1),8)*IF($O11=\"Class_7\",INDEX('ER C7 FLT2'!$A$4:$J$640,MATCH(DropData!$J51&$C11,'ER C7 FLT2'!$A$4:$A$640&'ER C7 FLT2'!$B$4:$B$640-2,1),9)),IF($O11=\"Class_6\",INDEX('ER C6 FLT2'!$A$4:$J$640,MATCH(DropData!$J51&$C11,'ER C6 FLT2'!$A$4:$A$640&'ER C6 FLT2'!$B$4:$B$640-2,1),8)*IF($O11=\"Class_6\",INDEX('ER C6 FLT2'!$A$4:$J$640,MATCH(DropData!$J51&$C11,'ER C6 FLT2'!$A$4:$A$640&'ER C6 FLT2'!$B$4:$B$640-2,1),9))))),IF($B11=\"1 Truck\",\nIF(OR($O11=\"Class_8\",$N11=\"Replacement8HHD\",$AI11=\"CL7HHD\"),INDEX('ER C8 FLT1'!$A$4:$J$640,MATCH(DropData!$J51&$C11,'ER C8 FLT1'!$A$4:$A$640&'ER C8 FLT1'!$B$4:$B$640-2,1),8)*IF(OR($O11=\"Class_8\",$N11=\"Replacement8HHD\",$AI11=\"CL7HHD\"),INDEX('ER C8 FLT1'!$A$4:$J$640,MATCH(DropData!$J51&$C11,'ER C8 FLT1'!$A$4:$A$640&'ER C8 FLT1'!$B$4:$B$640-2,1),9)),IF($O11=\"Class_7\",INDEX('ER C7 FLT1'!$A$4:$J$640,MATCH(DropData!$J51&$C11,'ER C7 FLT1'!$A$4:$A$640&'ER C7 FLT1'!$B$4:$B$640-2,1),8)*IF($O11=\"Class_7\",INDEX('ER C7 FLT1'!$A$4:$J$640,MATCH(DropData!$J51&$C11,'ER C7 FLT1'!$A$4:$A$640&'ER C7 FLT1'!$B$4:$B$640-2,1),9)),\nIF($O11=\"Class_6\",INDEX('ER C6 FLT1'!$A$4:$J$640,MATCH(DropData!$J51&$C11,'ER C6 FLT1'!$A$4:$A$640&'ER C6 FLT1'!$B$4:$B$640-2,1),8)*IF($O11=\"Class_6\",INDEX('ER C6 FLT1'!$A$4:$J$640,MATCH(DropData!$J51&$C11,'ER C6 FLT1'!$A$4:$A$640&'ER C6 FLT1'!$B$4:$B$640-2,1),9)))))))),IF($R11=\"Electric\",OFFSET(INDEX('ER Electric'!$A$6:$E$44,MATCH($C11&$O11,'ER Electric'!$A$6:$A$44&'ER Electric'!$B$6:$B$44,1),3),6,0),))*(($Q11+$AC11)/453.6)","v":0},{"$f":"IF(OR($R11=\"Diesel\",$R11=\"LNG/CNG\",$R11=\"Hybrid\",$R11=\"Electric w/ AB-118\"),IF($B11=\"3+ Trucks\",IF(OR($O11=\"Class_8\",$N11=\"Replacement8HHD\",$AI11=\"CL7HHD\"),INDEX('ER C8 FLT3'!$A$4:$J$640,MATCH(DropData!$J51&$C11,'ER C8 FLT3'!$A$4:$A$640&'ER C8 FLT3'!$B$4:$B$640-3,1),8)*IF(OR($O11=\"Class_8\",$N11=\"Replacement8HHD\",$AI11=\"CL7HHD\"),INDEX('ER C8 FLT3'!$A$4:$J$640,MATCH(DropData!$J51&$C11,'ER C8 FLT3'!$A$4:$A$640&'ER C8 FLT3'!$B$4:$B$640-3,1),9)),IF($O11=\"Class_7\",INDEX('ER C7 FLT3'!$A$4:$J$640,MATCH(DropData!$J51&$C11,'ER C7 FLT3'!$A$4:$A$640&'ER C7 FLT3'!$B$4:$B$640-3,1),8)*IF($O11=\"Class_7\",INDEX('ER C7 FLT3'!$A$4:$J$640,MATCH(DropData!$J51&$C11,'ER C7 FLT3'!$A$4:$A$640&'ER C7 FLT3'!$B$4:$B$640-3,1),9)),\nIF($O11=\"Class_6\",INDEX('ER C6 FLT3'!$A$4:$J$640,MATCH(DropData!$J51&$C11,'ER C6 FLT3'!$A$4:$A$640&'ER C6 FLT3'!$B$4:$B$640-3,1),8)*IF($O11=\"Class_6\",INDEX('ER C6 FLT3'!$A$4:$J$640,MATCH(DropData!$J51&$C11,'ER C6 FLT3'!$A$4:$A$640&'ER C6 FLT3'!$B$4:$B$640-3,1),9))))),IF($B11=\"2 Trucks\",IF(OR($O11=\"Class_8\",$N11=\"Replacement8HHD\",$AI11=\"CL7HHD\"),INDEX('ER C8 FLT2'!$A$4:$J$640,MATCH(DropData!$J51&$C11,'ER C8 FLT2'!$A$4:$A$640&'ER C8 FLT2'!$B$4:$B$640-3,1),8)*IF(OR($O11=\"Class_8\",$N11=\"Replacement8HHD\",$AI11=\"CL7HHD\"),INDEX('ER C8 FLT2'!$A$4:$J$640,MATCH(DropData!$J51&$C11,'ER C8 FLT2'!$A$4:$A$640&'ER C8 FLT2'!$B$4:$B$640-3,1),9)),IF($O11=\"Class_7\",INDEX('ER C7 FLT2'!$A$4:$J$640,MATCH(DropData!$J51&$C11,'ER C7 FLT2'!$A$4:$A$640&'ER C7 FLT2'!$B$4:$B$640-3,1),8)*IF($O11=\"Class_7\",INDEX('ER C7 FLT2'!$A$4:$J$640,MATCH(DropData!$J51&$C11,'ER C7 FLT2'!$A$4:$A$640&'ER C7 FLT2'!$B$4:$B$640-3,1),9)),IF($O11=\"Class_6\",INDEX('ER C6 FLT2'!$A$4:$J$640,MATCH(DropData!$J51&$C11,'ER C6 FLT2'!$A$4:$A$640&'ER C6 FLT2'!$B$4:$B$640-3,1),8)*IF($O11=\"Class_6\",INDEX('ER C6 FLT2'!$A$4:$J$640,MATCH(DropData!$J51&$C11,'ER C6 FLT2'!$A$4:$A$640&'ER C6 FLT2'!$B$4:$B$640-3,1),9))))),IF($B11=\"1 Truck\",\nIF(OR($O11=\"Class_8\",$N11=\"Replacement8HHD\",$AI11=\"CL7HHD\"),INDEX('ER C8 FLT1'!$A$4:$J$640,MATCH(DropData!$J51&$C11,'ER C8 FLT1'!$A$4:$A$640&'ER C8 FLT1'!$B$4:$B$640-3,1),8)*IF(OR($O11=\"Class_8\",$N11=\"Replacement8HHD\",$AI11=\"CL7HHD\"),INDEX('ER C8 FLT1'!$A$4:$J$640,MATCH(DropData!$J51&$C11,'ER C8 FLT1'!$A$4:$A$640&'ER C8 FLT1'!$B$4:$B$640-3,1),9)),IF($O11=\"Class_7\",INDEX('ER C7 FLT1'!$A$4:$J$640,MATCH(DropData!$J51&$C11,'ER C7 FLT1'!$A$4:$A$640&'ER C7 FLT1'!$B$4:$B$640-3,1),8)*IF($O11=\"Class_7\",INDEX('ER C7 FLT1'!$A$4:$J$640,MATCH(DropData!$J51&$C11,'ER C7 FLT1'!$A$4:$A$640&'ER C7 FLT1'!$B$4:$B$640-3,1),9)),\nIF($O11=\"Class_6\",INDEX('ER C6 FLT1'!$A$4:$J$640,MATCH(DropData!$J51&$C11,'ER C6 FLT1'!$A$4:$A$640&'ER C6 FLT1'!$B$4:$B$640-3,1),8)*IF($O11=\"Class_6\",INDEX('ER C6 FLT1'!$A$4:$J$640,MATCH(DropData!$J51&$C11,'ER C6 FLT1'!$A$4:$A$640&'ER C6 FLT1'!$B$4:$B$640-3,1),9)))))))),IF($R11=\"Electric\",OFFSET(INDEX('ER Electric'!$A$6:$E$44,MATCH($C11&$O11,'ER Electric'!$A$6:$A$44&'ER Electric'!$B$6:$B$44,1),3),9,0)))*(($Q11+$AC11)/453.6)","v":0},{"$f":"IF(OR($R11=\"Diesel\",$R11=\"LNG/CNG\",$R11=\"Hybrid\",$R11=\"Electric w/ AB-118\"),IF($B11=\"3+ Trucks\",IF(OR($O11=\"Class_8\",$N11=\"Replacement8HHD\",$AI11=\"CL7HHD\"),INDEX('ER C8 FLT3'!$A$4:$J$640,MATCH(DropData!$J51&$C11,'ER C8 FLT3'!$A$4:$A$640&'ER C8 FLT3'!$B$4:$B$640-4,1),8)*IF(OR($O11=\"Class_8\",$N11=\"Replacement8HHD\",$AI11=\"CL7HHD\"),INDEX('ER C8 FLT3'!$A$4:$J$640,MATCH(DropData!$J51&$C11,'ER C8 FLT3'!$A$4:$A$640&'ER C8 FLT3'!$B$4:$B$640-4,1),9)),IF($O11=\"Class_7\",INDEX('ER C7 FLT3'!$A$4:$J$640,MATCH(DropData!$J51&$C11,'ER C7 FLT3'!$A$4:$A$640&'ER C7 FLT3'!$B$4:$B$640-4,1),8)*IF($O11=\"Class_7\",INDEX('ER C7 FLT3'!$A$4:$J$640,MATCH(DropData!$J51&$C11,'ER C7 FLT3'!$A$4:$A$640&'ER C7 FLT3'!$B$4:$B$640-4,1),9)),\nIF($O11=\"Class_6\",INDEX('ER C6 FLT3'!$A$4:$J$640,MATCH(DropData!$J51&$C11,'ER C6 FLT3'!$A$4:$A$640&'ER C6 FLT3'!$B$4:$B$640-4,1),8)*IF($O11=\"Class_6\",INDEX('ER C6 FLT3'!$A$4:$J$640,MATCH(DropData!$J51&$C11,'ER C6 FLT3'!$A$4:$A$640&'ER C6 FLT3'!$B$4:$B$640-4,1),9))))),IF($B11=\"2 Trucks\",IF(OR($O11=\"Class_8\",$N11=\"Replacement8HHD\",$AI11=\"CL7HHD\"),INDEX('ER C8 FLT2'!$A$4:$J$640,MATCH(DropData!$J51&$C11,'ER C8 FLT2'!$A$4:$A$640&'ER C8 FLT2'!$B$4:$B$640-4,1),8)*IF(OR($O11=\"Class_8\",$N11=\"Replacement8HHD\",$AI11=\"CL7HHD\"),INDEX('ER C8 FLT2'!$A$4:$J$640,MATCH(DropData!$J51&$C11,'ER C8 FLT2'!$A$4:$A$640&'ER C8 FLT2'!$B$4:$B$640-4,1),9)),IF($O11=\"Class_7\",INDEX('ER C7 FLT2'!$A$4:$J$640,MATCH(DropData!$J51&$C11,'ER C7 FLT2'!$A$4:$A$640&'ER C7 FLT2'!$B$4:$B$640-4,1),8)*IF($O11=\"Class_7\",INDEX('ER C7 FLT2'!$A$4:$J$640,MATCH(DropData!$J51&$C11,'ER C7 FLT2'!$A$4:$A$640&'ER C7 FLT2'!$B$4:$B$640-4,1),9)),IF($O11=\"Class_6\",INDEX('ER C6 FLT2'!$A$4:$J$640,MATCH(DropData!$J51&$C11,'ER C6 FLT2'!$A$4:$A$640&'ER C6 FLT2'!$B$4:$B$640-4,1),8)*IF($O11=\"Class_6\",INDEX('ER C6 FLT2'!$A$4:$J$640,MATCH(DropData!$J51&$C11,'ER C6 FLT2'!$A$4:$A$640&'ER C6 FLT2'!$B$4:$B$640-4,1),9))))),IF($B11=\"1 Truck\",\nIF(OR($O11=\"Class_8\",$N11=\"Replacement8HHD\",$AI11=\"CL7HHD\"),INDEX('ER C8 FLT1'!$A$4:$J$640,MATCH(DropData!$J51&$C11,'ER C8 FLT1'!$A$4:$A$640&'ER C8 FLT1'!$B$4:$B$640-4,1),8)*IF(OR($O11=\"Class_8\",$N11=\"Replacement8HHD\",$AI11=\"CL7HHD\"),INDEX('ER C8 FLT1'!$A$4:$J$640,MATCH(DropData!$J51&$C11,'ER C8 FLT1'!$A$4:$A$640&'ER C8 FLT1'!$B$4:$B$640-4,1),9)),IF($O11=\"Class_7\",INDEX('ER C7 FLT1'!$A$4:$J$640,MATCH(DropData!$J51&$C11,'ER C7 FLT1'!$A$4:$A$640&'ER C7 FLT1'!$B$4:$B$640-4,1),8)*IF($O11=\"Class_7\",INDEX('ER C7 FLT1'!$A$4:$J$640,MATCH(DropData!$J51&$C11,'ER C7 FLT1'!$A$4:$A$640&'ER C7 FLT1'!$B$4:$B$640-4,1),9)),\nIF($O11=\"Class_6\",INDEX('ER C6 FLT1'!$A$4:$J$640,MATCH(DropData!$J51&$C11,'ER C6 FLT1'!$A$4:$A$640&'ER C6 FLT1'!$B$4:$B$640-4,1),8)*IF($O11=\"Class_6\",INDEX('ER C6 FLT1'!$A$4:$J$640,MATCH(DropData!$J51&$C11,'ER C6 FLT1'!$A$4:$A$640&'ER C6 FLT1'!$B$4:$B$640-4,1),9)))))))),IF($R11=\"Electric\",OFFSET(INDEX('ER Electric'!$A$6:$E$44,MATCH($C11&$O11,'ER Electric'!$A$6:$A$44&'ER Electric'!$B$6:$B$44,1),3),12,0),))*(($Q11+$AC11)/453.6)","v":0},{"$f":"IF(OR($R11=\"Diesel\",$R11=\"LNG/CNG\",$R11=\"Hybrid\",$R11=\"Electric w/ AB-118\"),IF($B11=\"3+ Trucks\",IF(OR($O11=\"Class_8\",$N11=\"Replacement8HHD\",$AI11=\"CL7HHD\"),INDEX('ER C8 FLT3'!$A$4:$J$640,MATCH(DropData!$J51&$C11,'ER C8 FLT3'!$A$4:$A$640&'ER C8 FLT3'!$B$4:$B$640,1),8)*IF(OR($O11=\"Class_8\",$N11=\"Replacement8HHD\",$AI11=\"CL7HHD\"),INDEX('ER C8 FLT3'!$A$4:$J$640,MATCH(DropData!$J51&$C11,'ER C8 FLT3'!$A$4:$A$640&'ER C8 FLT3'!$B$4:$B$640,1),9)),IF($O11=\"Class_7\",INDEX('ER C7 FLT3'!$A$4:$J$640,MATCH(DropData!$J51&$C11,'ER C7 FLT3'!$A$4:$A$640&'ER C7 FLT3'!$B$4:$B$640,1),8)*IF($O11=\"Class_7\",INDEX('ER C7 FLT3'!$A$4:$J$640,MATCH(DropData!$J51&$C11,'ER C7 FLT3'!$A$4:$A$640&'ER C7 FLT3'!$B$4:$B$640,1),9)),\nIF($O11=\"Class_6\",INDEX('ER C6 FLT3'!$A$4:$J$640,MATCH(DropData!$J51&$C11,'ER C6 FLT3'!$A$4:$A$640&'ER C6 FLT3'!$B$4:$B$640,1),8)*IF($O11=\"Class_6\",INDEX('ER C6 FLT3'!$A$4:$J$640,MATCH(DropData!$J51&$C11,'ER C6 FLT3'!$A$4:$A$640&'ER C6 FLT3'!$B$4:$B$640,1),9))))),IF($B11=\"2 Trucks\",IF(OR($O11=\"Class_8\",$N11=\"Replacement8HHD\",$AI11=\"CL7HHD\"),INDEX('ER C8 FLT2'!$A$4:$J$640,MATCH(DropData!$J51&$C11,'ER C8 FLT2'!$A$4:$A$640&'ER C8 FLT2'!$B$4:$B$640,1),8)*IF(OR($O11=\"Class_8\",$N11=\"Replacement8HHD\",$AI11=\"CL7HHD\"),INDEX('ER C8 FLT2'!$A$4:$J$640,MATCH(DropData!$J51&$C11,'ER C8 FLT2'!$A$4:$A$640&'ER C8 FLT2'!$B$4:$B$640,1),9)),IF($O11=\"Class_7\",INDEX('ER C7 FLT2'!$A$4:$J$640,MATCH(DropData!$J51&$C11,'ER C7 FLT2'!$A$4:$A$640&'ER C7 FLT2'!$B$4:$B$640,1),8)*IF($O11=\"Class_7\",INDEX('ER C7 FLT2'!$A$4:$J$640,MATCH(DropData!$J51&$C11,'ER C7 FLT2'!$A$4:$A$640&'ER C7 FLT2'!$B$4:$B$640,1),9)),IF($O11=\"Class_6\",INDEX('ER C6 FLT2'!$A$4:$J$640,MATCH(DropData!$J51&$C11,'ER C6 FLT2'!$A$4:$A$640&'ER C6 FLT2'!$B$4:$B$640,1),8)*IF($O11=\"Class_6\",INDEX('ER C6 FLT2'!$A$4:$J$640,MATCH(DropData!$J51&$C11,'ER C6 FLT2'!$A$4:$A$640&'ER C6 FLT2'!$B$4:$B$640,1),9))))),IF($B11=\"1 Truck\",\nIF(OR($O11=\"Class_8\",$N11=\"Replacement8HHD\",$AI11=\"CL7HHD\"),INDEX('ER C8 FLT1'!$A$4:$J$640,MATCH(DropData!$J51&$C11,'ER C8 FLT1'!$A$4:$A$640&'ER C8 FLT1'!$B$4:$B$640,1),8)*IF(OR($O11=\"Class_8\",$N11=\"Replacement8HHD\",$AI11=\"CL7HHD\"),INDEX('ER C8 FLT1'!$A$4:$J$640,MATCH(DropData!$J51&$C11,'ER C8 FLT1'!$A$4:$A$640&'ER C8 FLT1'!$B$4:$B$640,1),9)),IF($O11=\"Class_7\",INDEX('ER C7 FLT1'!$A$4:$J$640,MATCH(DropData!$J51&$C11,'ER C7 FLT1'!$A$4:$A$640&'ER C7 FLT1'!$B$4:$B$640,1),8)*IF($O11=\"Class_7\",INDEX('ER C7 FLT1'!$A$4:$J$640,MATCH(DropData!$J51&$C11,'ER C7 FLT1'!$A$4:$A$640&'ER C7 FLT1'!$B$4:$B$640,1),9)),IF($O11=\"Class_6\",INDEX('ER C6 FLT1'!$A$4:$J$640,MATCH(DropData!$J51&$C11,'ER C6 FLT1'!$A$4:$A$640&'ER C6 FLT1'!$B$4:$B$640,1),8)*IF($O11=\"Class_6\",INDEX('ER C6 FLT1'!$A$4:$J$640,MATCH(DropData!$J51&$C11,'ER C6 FLT1'!$A$4:$A$640&'ER C6 FLT1'!$B$4:$B$640,1),9)))))))),IF($R11=\"Electric\",INDEX('ER Electric'!$A$6:$E$44,MATCH($C11&$O11,'ER Electric'!$A$6:$A$44&'ER Electric'!$B$6:$B$44,1),3),))","v":0},{"$f":"IF(OR($R11=\"Diesel\",$R11=\"LNG/CNG\",$R11=\"Hybrid\",$R11=\"Electric w/ AB-118\"),IF($B11=\"3+ Trucks\",IF(OR($O11=\"Class_8\",$N11=\"Replacement8HHD\",$AI11=\"CL7HHD\"),INDEX('ER C8 FLT3'!$A$4:$J$640,MATCH(DropData!$J51&$C11,'ER C8 FLT3'!$A$4:$A$640&'ER C8 FLT3'!$B$4:$B$640-1,1),8)*IF(OR($O11=\"Class_8\",$N11=\"Replacement8HHD\",$AI11=\"CL7HHD\"),INDEX('ER C8 FLT3'!$A$4:$J$640,MATCH(DropData!$J51&$C11,'ER C8 FLT3'!$A$4:$A$640&'ER C8 FLT3'!$B$4:$B$640-1,1),9)),IF($O11=\"Class_7\",INDEX('ER C7 FLT3'!$A$4:$J$640,MATCH(DropData!$J51&$C11,'ER C7 FLT3'!$A$4:$A$640&'ER C7 FLT3'!$B$4:$B$640-1,1),8)*IF($O11=\"Class_7\",INDEX('ER C7 FLT3'!$A$4:$J$640,MATCH(DropData!$J51&$C11,'ER C7 FLT3'!$A$4:$A$640&'ER C7 FLT3'!$B$4:$B$640-1,1),9)),IF($O11=\"Class_6\",INDEX('ER C6 FLT3'!$A$4:$J$640,MATCH(DropData!$J51&$C11,'ER C6 FLT3'!$A$4:$A$640&'ER C6 FLT3'!$B$4:$B$640-1,1),8)*IF($O11=\"Class_6\",INDEX('ER C6 FLT3'!$A$4:$J$640,MATCH(DropData!$J51&$C11,'ER C6 FLT3'!$A$4:$A$640&'ER C6 FLT3'!$B$4:$B$640-1,1),9))))),IF($B11=\"2 Trucks\",IF(OR($O11=\"Class_8\",$N11=\"Replacement8HHD\",$AI11=\"CL7HHD\"),INDEX('ER C8 FLT2'!$A$4:$J$640,MATCH(DropData!$J51&$C11,'ER C8 FLT2'!$A$4:$A$640&'ER C8 FLT2'!$B$4:$B$640-1,1),8)*IF(OR($O11=\"Class_8\",$N11=\"Replacement8HHD\",$AI11=\"CL7HHD\"),INDEX('ER C8 FLT2'!$A$4:$J$640,MATCH(DropData!$J51&$C11,'ER C8 FLT2'!$A$4:$A$640&'ER C8 FLT2'!$B$4:$B$640-1,1),9)),IF($O11=\"Class_7\",INDEX('ER C7 FLT2'!$A$4:$J$640,MATCH(DropData!$J51&$C11,'ER C7 FLT2'!$A$4:$A$640&'ER C7 FLT2'!$B$4:$B$640-1,1),8)*IF($O11=\"Class_7\",INDEX('ER C7 FLT2'!$A$4:$J$640,MATCH(DropData!$J51&$C11,'ER C7 FLT2'!$A$4:$A$640&'ER C7 FLT2'!$B$4:$B$640-1,1),9)),IF($O11=\"Class_6\",INDEX('ER C6 FLT2'!$A$4:$J$640,MATCH(DropData!$J51&$C11,'ER C6 FLT2'!$A$4:$A$640&'ER C6 FLT2'!$B$4:$B$640-1,1),8)*IF($O11=\"Class_6\",INDEX('ER C6 FLT2'!$A$4:$J$640,MATCH(DropData!$J51&$C11,'ER C6 FLT2'!$A$4:$A$640&'ER C6 FLT2'!$B$4:$B$640-1,1),9))))),IF($B11=\"1 Truck\",IF(OR($O11=\"Class_8\",$N11=\"Replacement8HHD\",$AI11=\"CL7HHD\"),INDEX('ER C8 FLT1'!$A$4:$J$640,MATCH(DropData!$J51&$C11,'ER C8 FLT1'!$A$4:$A$640&'ER C8 FLT1'!$B$4:$B$640-1,1),8)*IF(OR($O11=\"Class_8\",$N11=\"Replacement8HHD\",$AI11=\"CL7HHD\"),INDEX('ER C8 FLT1'!$A$4:$J$640,MATCH(DropData!$J51&$C11,'ER C8 FLT1'!$A$4:$A$640&'ER C8 FLT1'!$B$4:$B$640-1,1),9)),IF($O11=\"Class_7\",INDEX('ER C7 FLT1'!$A$4:$J$640,MATCH(DropData!$J51&$C11,'ER C7 FLT1'!$A$4:$A$640&'ER C7 FLT1'!$B$4:$B$640-1,1),8)*IF($O11=\"Class_7\",INDEX('ER C7 FLT1'!$A$4:$J$640,MATCH(DropData!$J51&$C11,'ER C7 FLT1'!$A$4:$A$640&'ER C7 FLT1'!$B$4:$B$640-1,1),9)),IF($O11=\"Class_6\",INDEX('ER C6 FLT1'!$A$4:$J$640,MATCH(DropData!$J51&$C11,'ER C6 FLT1'!$A$4:$A$640&'ER C6 FLT1'!$B$4:$B$640-1,1),8)*IF($O11=\"Class_6\",INDEX('ER C6 FLT1'!$A$4:$J$640,MATCH(DropData!$J51&$C11,'ER C6 FLT1'!$A$4:$A$640&'ER C6 FLT1'!$B$4:$B$640-1,1),9)))))))),IF($R11=\"Electric\",OFFSET(INDEX('ER Electric'!$A$6:$E$44,MATCH($C11&$O11,'ER Electric'!$A$6:$A$44&'ER Electric'!$B$6:$B$44,1),3),3,0),))","v":0},{"$f":"IF(OR($R11=\"Diesel\",$R11=\"LNG/CNG\",$R11=\"Hybrid\",$R11=\"Electric w/ AB-118\"),IF($B11=\"3+ Trucks\",IF(OR($O11=\"Class_8\",$N11=\"Replacement8HHD\",$AI11=\"CL7HHD\"),INDEX('ER C8 FLT3'!$A$4:$J$640,MATCH(DropData!$J51&$C11,'ER C8 FLT3'!$A$4:$A$640&'ER C8 FLT3'!$B$4:$B$640-2,1),8)*IF(OR($O11=\"Class_8\",$N11=\"Replacement8HHD\",$AI11=\"CL7HHD\"),INDEX('ER C8 FLT3'!$A$4:$J$640,MATCH(DropData!$J51&$C11,'ER C8 FLT3'!$A$4:$A$640&'ER C8 FLT3'!$B$4:$B$640-2,1),9)),IF($O11=\"Class_7\",INDEX('ER C7 FLT3'!$A$4:$J$640,MATCH(DropData!$J51&$C11,'ER C7 FLT3'!$A$4:$A$640&'ER C7 FLT3'!$B$4:$B$640-2,1),8)*IF($O11=\"Class_7\",INDEX('ER C7 FLT3'!$A$4:$J$640,MATCH(DropData!$J51&$C11,'ER C7 FLT3'!$A$4:$A$640&'ER C7 FLT3'!$B$4:$B$640-2,1),9)),IF($O11=\"Class_6\",INDEX('ER C6 FLT3'!$A$4:$J$640,MATCH(DropData!$J51&$C11,'ER C6 FLT3'!$A$4:$A$640&'ER C6 FLT3'!$B$4:$B$640-2,1),8)*IF($O11=\"Class_6\",INDEX('ER C6 FLT3'!$A$4:$J$640,MATCH(DropData!$J51&$C11,'ER C6 FLT3'!$A$4:$A$640&'ER C6 FLT3'!$B$4:$B$640-2,1),9))))),IF($B11=\"2 Trucks\",IF(OR($O11=\"Class_8\",$N11=\"Replacement8HHD\",$AI11=\"CL7HHD\"),INDEX('ER C8 FLT2'!$A$4:$J$640,MATCH(DropData!$J51&$C11,'ER C8 FLT2'!$A$4:$A$640&'ER C8 FLT2'!$B$4:$B$640-2,1),8)*IF(OR($O11=\"Class_8\",$N11=\"Replacement8HHD\",$AI11=\"CL7HHD\"),INDEX('ER C8 FLT2'!$A$4:$J$640,MATCH(DropData!$J51&$C11,'ER C8 FLT2'!$A$4:$A$640&'ER C8 FLT2'!$B$4:$B$640-2,1),9)),IF($O11=\"Class_7\",INDEX('ER C7 FLT2'!$A$4:$J$640,MATCH(DropData!$J51&$C11,'ER C7 FLT2'!$A$4:$A$640&'ER C7 FLT2'!$B$4:$B$640-2,1),8)*IF($O11=\"Class_7\",INDEX('ER C7 FLT2'!$A$4:$J$640,MATCH(DropData!$J51&$C11,'ER C7 FLT2'!$A$4:$A$640&'ER C7 FLT2'!$B$4:$B$640-2,1),9)),IF($O11=\"Class_6\",INDEX('ER C6 FLT2'!$A$4:$J$640,MATCH(DropData!$J51&$C11,'ER C6 FLT2'!$A$4:$A$640&'ER C6 FLT2'!$B$4:$B$640-2,1),8)*IF($O11=\"Class_6\",INDEX('ER C6 FLT2'!$A$4:$J$640,MATCH(DropData!$J51&$C11,'ER C6 FLT2'!$A$4:$A$640&'ER C6 FLT2'!$B$4:$B$640-2,1),9))))),IF($B11=\"1 Truck\",IF(OR($O11=\"Class_8\",$N11=\"Replacement8HHD\",$AI11=\"CL7HHD\"),INDEX('ER C8 FLT1'!$A$4:$J$640,MATCH(DropData!$J51&$C11,'ER C8 FLT1'!$A$4:$A$640&'ER C8 FLT1'!$B$4:$B$640-2,1),8)*IF(OR($O11=\"Class_8\",$N11=\"Replacement8HHD\",$AI11=\"CL7HHD\"),INDEX('ER C8 FLT1'!$A$4:$J$640,MATCH(DropData!$J51&$C11,'ER C8 FLT1'!$A$4:$A$640&'ER C8 FLT1'!$B$4:$B$640-2,1),9)),IF($O11=\"Class_7\",INDEX('ER C7 FLT1'!$A$4:$J$640,MATCH(DropData!$J51&$C11,'ER C7 FLT1'!$A$4:$A$640&'ER C7 FLT1'!$B$4:$B$640-2,1),8)*IF($O11=\"Class_7\",INDEX('ER C7 FLT1'!$A$4:$J$640,MATCH(DropData!$J51&$C11,'ER C7 FLT1'!$A$4:$A$640&'ER C7 FLT1'!$B$4:$B$640-2,1),9)),IF($O11=\"Class_6\",INDEX('ER C6 FLT1'!$A$4:$J$640,MATCH(DropData!$J51&$C11,'ER C6 FLT1'!$A$4:$A$640&'ER C6 FLT1'!$B$4:$B$640-2,1),8)*IF($O11=\"Class_6\",INDEX('ER C6 FLT1'!$A$4:$J$640,MATCH(DropData!$J51&$C11,'ER C6 FLT1'!$A$4:$A$640&'ER C6 FLT1'!$B$4:$B$640-2,1),9)))))))),IF($R11=\"Electric\",OFFSET(INDEX('ER Electric'!$A$6:$E$44,MATCH($C11&$O11,'ER Electric'!$A$6:$A$44&'ER Electric'!$B$6:$B$44,1),3),6,0),))","v":0},{"$f":"IF(OR($R11=\"Diesel\",$R11=\"LNG/CNG\",$R11=\"Hybrid\",$R11=\"Electric w/ AB-118\"),IF($B11=\"3+ Trucks\",IF(OR($O11=\"Class_8\",$N11=\"Replacement8HHD\",$AI11=\"CL7HHD\"),INDEX('ER C8 FLT3'!$A$4:$J$640,MATCH(DropData!$J51&$C11,'ER C8 FLT3'!$A$4:$A$640&'ER C8 FLT3'!$B$4:$B$640-3,1),8)*IF(OR($O11=\"Class_8\",$N11=\"Replacement8HHD\",$AI11=\"CL7HHD\"),INDEX('ER C8 FLT3'!$A$4:$J$640,MATCH(DropData!$J51&$C11,'ER C8 FLT3'!$A$4:$A$640&'ER C8 FLT3'!$B$4:$B$640-3,1),9)),IF($O11=\"Class_7\",INDEX('ER C7 FLT3'!$A$4:$J$640,MATCH(DropData!$J51&$C11,'ER C7 FLT3'!$A$4:$A$640&'ER C7 FLT3'!$B$4:$B$640-3,1),8)*IF($O11=\"Class_7\",INDEX('ER C7 FLT3'!$A$4:$J$640,MATCH(DropData!$J51&$C11,'ER C7 FLT3'!$A$4:$A$640&'ER C7 FLT3'!$B$4:$B$640-3,1),9)),IF($O11=\"Class_6\",INDEX('ER C6 FLT3'!$A$4:$J$640,MATCH(DropData!$J51&$C11,'ER C6 FLT3'!$A$4:$A$640&'ER C6 FLT3'!$B$4:$B$640-3,1),8)*IF($O11=\"Class_6\",INDEX('ER C6 FLT3'!$A$4:$J$640,MATCH(DropData!$J51&$C11,'ER C6 FLT3'!$A$4:$A$640&'ER C6 FLT3'!$B$4:$B$640-3,1),9))))),IF($B11=\"2 Trucks\",IF(OR($O11=\"Class_8\",$N11=\"Replacement8HHD\",$AI11=\"CL7HHD\"),INDEX('ER C8 FLT2'!$A$4:$J$640,MATCH(DropData!$J51&$C11,'ER C8 FLT2'!$A$4:$A$640&'ER C8 FLT2'!$B$4:$B$640-3,1),8)*IF(OR($O11=\"Class_8\",$N11=\"Replacement8HHD\",$AI11=\"CL7HHD\"),INDEX('ER C8 FLT2'!$A$4:$J$640,MATCH(DropData!$J51&$C11,'ER C8 FLT2'!$A$4:$A$640&'ER C8 FLT2'!$B$4:$B$640-3,1),9)),IF($O11=\"Class_7\",INDEX('ER C7 FLT2'!$A$4:$J$640,MATCH(DropData!$J51&$C11,'ER C7 FLT2'!$A$4:$A$640&'ER C7 FLT2'!$B$4:$B$640-3,1),8)*IF($O11=\"Class_7\",INDEX('ER C7 FLT2'!$A$4:$J$640,MATCH(DropData!$J51&$C11,'ER C7 FLT2'!$A$4:$A$640&'ER C7 FLT2'!$B$4:$B$640-3,1),9)),IF($O11=\"Class_6\",INDEX('ER C6 FLT2'!$A$4:$J$640,MATCH(DropData!$J51&$C11,'ER C6 FLT2'!$A$4:$A$640&'ER C6 FLT2'!$B$4:$B$640-3,1),8)*IF($O11=\"Class_6\",INDEX('ER C6 FLT2'!$A$4:$J$640,MATCH(DropData!$J51&$C11,'ER C6 FLT2'!$A$4:$A$640&'ER C6 FLT2'!$B$4:$B$640-3,1),9))))),IF($B11=\"1 Truck\",IF(OR($O11=\"Class_8\",$N11=\"Replacement8HHD\",$AI11=\"CL7HHD\"),INDEX('ER C8 FLT1'!$A$4:$J$640,MATCH(DropData!$J51&$C11,'ER C8 FLT1'!$A$4:$A$640&'ER C8 FLT1'!$B$4:$B$640-3,1),8)*IF(OR($O11=\"Class_8\",$N11=\"Replacement8HHD\",$AI11=\"CL7HHD\"),INDEX('ER C8 FLT1'!$A$4:$J$640,MATCH(DropData!$J51&$C11,'ER C8 FLT1'!$A$4:$A$640&'ER C8 FLT1'!$B$4:$B$640-3,1),9)),IF($O11=\"Class_7\",INDEX('ER C7 FLT1'!$A$4:$J$640,MATCH(DropData!$J51&$C11,'ER C7 FLT1'!$A$4:$A$640&'ER C7 FLT1'!$B$4:$B$640-3,1),8)*IF($O11=\"Class_7\",INDEX('ER C7 FLT1'!$A$4:$J$640,MATCH(DropData!$J51&$C11,'ER C7 FLT1'!$A$4:$A$640&'ER C7 FLT1'!$B$4:$B$640-3,1),9)),IF($O11=\"Class_6\",INDEX('ER C6 FLT1'!$A$4:$J$640,MATCH(DropData!$J51&$C11,'ER C6 FLT1'!$A$4:$A$640&'ER C6 FLT1'!$B$4:$B$640-3,1),8)*IF($O11=\"Class_6\",INDEX('ER C6 FLT1'!$A$4:$J$640,MATCH(DropData!$J51&$C11,'ER C6 FLT1'!$A$4:$A$640&'ER C6 FLT1'!$B$4:$B$640-3,1),9)))))))),IF($R11=\"Electric\",OFFSET(INDEX('ER Electric'!$A$6:$E$44,MATCH($C11&$O11,'ER Electric'!$A$6:$A$44&'ER Electric'!$B$6:$B$44,1),3),9,0),))","v":0},{"$f":"IF(OR($R11=\"Diesel\",$R11=\"LNG/CNG\",$R11=\"Hybrid\",$R11=\"Electric w/ AB-118\"),IF($B11=\"3+ Trucks\",IF(OR($O11=\"Class_8\",$N11=\"Replacement8HHD\",$AI11=\"CL7HHD\"),INDEX('ER C8 FLT3'!$A$4:$J$640,MATCH(DropData!$J51&$C11,'ER C8 FLT3'!$A$4:$A$640&'ER C8 FLT3'!$B$4:$B$640-4,1),8)*IF(OR($O11=\"Class_8\",$N11=\"Replacement8HHD\",$AI11=\"CL7HHD\"),INDEX('ER C8 FLT3'!$A$4:$J$640,MATCH(DropData!$J51&$C11,'ER C8 FLT3'!$A$4:$A$640&'ER C8 FLT3'!$B$4:$B$640-4,1),9)),IF($O11=\"Class_7\",INDEX('ER C7 FLT3'!$A$4:$J$640,MATCH(DropData!$J51&$C11,'ER C7 FLT3'!$A$4:$A$640&'ER C7 FLT3'!$B$4:$B$640-4,1),8)*IF($O11=\"Class_7\",INDEX('ER C7 FLT3'!$A$4:$J$640,MATCH(DropData!$J51&$C11,'ER C7 FLT3'!$A$4:$A$640&'ER C7 FLT3'!$B$4:$B$640-4,1),9)),IF($O11=\"Class_6\",INDEX('ER C6 FLT3'!$A$4:$J$640,MATCH(DropData!$J51&$C11,'ER C6 FLT3'!$A$4:$A$640&'ER C6 FLT3'!$B$4:$B$640-4,1),8)*IF($O11=\"Class_6\",INDEX('ER C6 FLT3'!$A$4:$J$640,MATCH(DropData!$J51&$C11,'ER C6 FLT3'!$A$4:$A$640&'ER C6 FLT3'!$B$4:$B$640-4,1),9))))),IF($B11=\"2 Trucks\",IF(OR($O11=\"Class_8\",$N11=\"Replacement8HHD\",$AI11=\"CL7HHD\"),INDEX('ER C8 FLT2'!$A$4:$J$640,MATCH(DropData!$J51&$C11,'ER C8 FLT2'!$A$4:$A$640&'ER C8 FLT2'!$B$4:$B$640-4,1),8)*IF(OR($O11=\"Class_8\",$N11=\"Replacement8HHD\",$AI11=\"CL7HHD\"),INDEX('ER C8 FLT2'!$A$4:$J$640,MATCH(DropData!$J51&$C11,'ER C8 FLT2'!$A$4:$A$640&'ER C8 FLT2'!$B$4:$B$640-4,1),9)),IF($O11=\"Class_7\",INDEX('ER C7 FLT2'!$A$4:$J$640,MATCH(DropData!$J51&$C11,'ER C7 FLT2'!$A$4:$A$640&'ER C7 FLT2'!$B$4:$B$640-4,1),8)*IF($O11=\"Class_7\",INDEX('ER C7 FLT2'!$A$4:$J$640,MATCH(DropData!$J51&$C11,'ER C7 FLT2'!$A$4:$A$640&'ER C7 FLT2'!$B$4:$B$640-4,1),9)),IF($O11=\"Class_6\",INDEX('ER C6 FLT2'!$A$4:$J$640,MATCH(DropData!$J51&$C11,'ER C6 FLT2'!$A$4:$A$640&'ER C6 FLT2'!$B$4:$B$640-4,1),8)*IF($O11=\"Class_6\",INDEX('ER C6 FLT2'!$A$4:$J$640,MATCH(DropData!$J51&$C11,'ER C6 FLT2'!$A$4:$A$640&'ER C6 FLT2'!$B$4:$B$640-4,1),9))))),IF($B11=\"1 Truck\",IF(OR($O11=\"Class_8\",$N11=\"Replacement8HHD\",$AI11=\"CL7HHD\"),INDEX('ER C8 FLT1'!$A$4:$J$640,MATCH(DropData!$J51&$C11,'ER C8 FLT1'!$A$4:$A$640&'ER C8 FLT1'!$B$4:$B$640-4,1),8)*IF(OR($O11=\"Class_8\",$N11=\"Replacement8HHD\",$AI11=\"CL7HHD\"),INDEX('ER C8 FLT1'!$A$4:$J$640,MATCH(DropData!$J51&$C11,'ER C8 FLT1'!$A$4:$A$640&'ER C8 FLT1'!$B$4:$B$640-4,1),9)),IF($O11=\"Class_7\",INDEX('ER C7 FLT1'!$A$4:$J$640,MATCH(DropData!$J51&$C11,'ER C7 FLT1'!$A$4:$A$640&'ER C7 FLT1'!$B$4:$B$640-4,1),8)*IF($O11=\"Class_7\",INDEX('ER C7 FLT1'!$A$4:$J$640,MATCH(DropData!$J51&$C11,'ER C7 FLT1'!$A$4:$A$640&'ER C7 FLT1'!$B$4:$B$640-4,1),9)),IF($O11=\"Class_6\",INDEX('ER C6 FLT1'!$A$4:$J$640,MATCH(DropData!$J51&$C11,'ER C6 FLT1'!$A$4:$A$640&'ER C6 FLT1'!$B$4:$B$640-4,1),8)*IF($O11=\"Class_6\",INDEX('ER C6 FLT1'!$A$4:$J$640,MATCH(DropData!$J51&$C11,'ER C6 FLT1'!$A$4:$A$640&'ER C6 FLT1'!$B$4:$B$640-4,1),9)))))))),IF($R11=\"Electric\",OFFSET(INDEX('ER Electric'!$A$6:$E$44,MATCH($C11&$O11,'ER Electric'!$A$6:$A$44&'ER Electric'!$B$6:$B$44,1),3),12,0),))","v":0},{"$f":"IF($C11<2015,1,2)","v":1},0,{"$f":"IF($C11<2015,1,2)","v":1},{"$f":"IFERROR(IF($B11=\"3+ Trucks\",IF($Z11=\"Class_8\",INDEX('ER C8 FLT3'!$A$4:$J$640,MATCH($W11&$C11,'ER C8 FLT3'!$A$4:$A$640&'ER C8 FLT3'!$B$4:$B$640,1),8)*IF($Z11=\"Class_8\",INDEX('ER C8 FLT3'!$A$4:$J$640,MATCH($W11&$C11,'ER C8 FLT3'!$A$4:$A$640&'ER C8 FLT3'!$B$4:$B$640,1),9)),IF($Z11=\"Class_7\",INDEX('ER C7 FLT3'!$A$4:$J$640,MATCH($W11&$C11,'ER C7 FLT3'!$A$4:$A$640&'ER C7 FLT3'!$B$4:$B$640,1),8)*IF($Z11=\"Class_7\",INDEX('ER C7 FLT3'!$A$4:$J$640,MATCH($W11&$C11,'ER C7 FLT3'!$A$4:$A$640&'ER C7 FLT3'!$B$4:$B$640,1),9)),\nIF($Z11=\"Class_6\",INDEX('ER C6 FLT3'!$A$4:$J$640,MATCH($W11&$C11,'ER C6 FLT3'!$A$4:$A$640&'ER C6 FLT3'!$B$4:$B$640,1),8)*IF($Z11=\"Class_6\",INDEX('ER C6 FLT3'!$A$4:$L$640,MATCH($W11&$C11,'ER C6 FLT3'!$A$4:$A$640&'ER C6 FLT3'!$B$4:$B$640,1),9))))),IF($B11=\"2 Trucks\",IF($Z11=\"Class_8\",INDEX('ER C8 FLT2'!$A$4:$J$640,MATCH($W11&$C11,'ER C8 FLT2'!$A$4:$A$640&'ER C8 FLT2'!$B$4:$B$640,1),8)*IF($Z11=\"Class_8\",INDEX('ER C8 FLT2'!$A$4:$J$640,MATCH($W11&$C11,'ER C8 FLT2'!$A$4:$A$640&'ER C8 FLT2'!$B$4:$B$640,1),9)),IF($Z11=\"Class_7\",INDEX('ER C7 FLT2'!$A$4:$J$640,MATCH($W11&$C11,'ER C7 FLT2'!$A$4:$A$640&'ER C7 FLT2'!$B$4:$B$640,1),8)*IF($Z11=\"Class_7\",INDEX('ER C7 FLT2'!$A$4:$J$640,MATCH($W11&$C11,'ER C7 FLT2'!$A$4:$A$640&'ER C7 FLT2'!$B$4:$B$640,1),9)),IF($Z11=\"Class_6\",INDEX('ER C6 FLT2'!$A$4:$J$640,MATCH($W11&$C11,'ER C6 FLT2'!$A$4:$A$640&'ER C6 FLT2'!$B$4:$B$640,1),8)*IF($Z11=\"Class_6\",INDEX('ER C6 FLT2'!$A$4:$J$640,MATCH($W11&$C11,'ER C6 FLT2'!$A$4:$A$640&'ER C6 FLT2'!$B$4:$B$640,1),9))))),IF($B11=\"1 Truck\",\nIF($Z11=\"Class_8\",INDEX('ER C8 FLT1'!$A$4:$J$640,MATCH($W11&$C11,'ER C8 FLT1'!$A$4:$A$640&'ER C8 FLT1'!$B$4:$B$640,1),8)*IF($Z11=\"Class_8\",INDEX('ER C8 FLT1'!$A$4:$J$640,MATCH($W11&$C11,'ER C8 FLT1'!$A$4:$A$640&'ER C8 FLT1'!$B$4:$B$640,1),9)),IF($Z11=\"Class_7\",INDEX('ER C7 FLT1'!$A$4:$J$640,MATCH($W11&$C11,'ER C7 FLT1'!$A$4:$A$640&'ER C7 FLT1'!$B$4:$B$640,1),8)*IF($Z11=\"Class_7\",INDEX('ER C7 FLT1'!$A$4:$J$640,MATCH($W11&$C11,'ER C7 FLT1'!$A$4:$A$640&'ER C7 FLT1'!$B$4:$B$640,1),9)),\nIF($Z11=\"Class_6\",INDEX('ER C6 FLT1'!$A$4:$J$640,MATCH($W11&$C11,'ER C6 FLT1'!$A$4:$A$640&'ER C6 FLT1'!$B$4:$B$640,1),8)*IF($Z11=\"Class_6\",INDEX('ER C6 FLT1'!$A$4:$J$640,MATCH($W11&$C11,'ER C6 FLT1'!$A$4:$A$640&'ER C6 FLT1'!$B$4:$B$640,1),9))))))))*IF($X11=\"Level 1 PM\",0.75,IF($X11=\"Level 2 PM\",0.5,IF($X11=\"Level 3 PM\",0,IF($X11=\"Level 3 PM + Mark I NOx\",0,1))))*($AC11/453.6)-IF(BG11=0,AV11,0),\"0.00\")","v":0},{"$f":"IFERROR(MAX(0,BI11/BH11),\"0.00\")","v":0},{"$f":"IFERROR(MAX(0,BG11+BJ11),\"0.00\")","v":0},0,{"$f":"IF($B11=\"3+ Trucks\",IF($Z11=\"Class_8\",INDEX('ER C8 FLT3'!$A$4:$J$640,MATCH($W11&$C11,'ER C8 FLT3'!$A$4:$A$640&'ER C8 FLT3'!$B$4:$B$640-1,1),8)*IF($Z11=\"Class_8\",INDEX('ER C8 FLT3'!$A$4:$J$640,MATCH($W11&$C11,'ER C8 FLT3'!$A$4:$A$640&'ER C8 FLT3'!$B$4:$B$640-1,1),9)),IF($Z11=\"Class_7\",INDEX('ER C7 FLT3'!$A$4:$J$640,MATCH($W11&$C11,'ER C7 FLT3'!$A$4:$A$640&'ER C7 FLT3'!$B$4:$B$640-1,1),8)*IF($Z11=\"Class_7\",INDEX('ER C7 FLT3'!$A$4:$J$640,MATCH($W11&$C11,'ER C7 FLT3'!$A$4:$A$640&'ER C7 FLT3'!$B$4:$B$640-1,1),9)),\nIF($Z11=\"Class_6\",INDEX('ER C6 FLT3'!$A$4:$J$640,MATCH($W11&$C11,'ER C6 FLT3'!$A$4:$A$640&'ER C6 FLT3'!$B$4:$B$640-1,1),8)*IF($Z11=\"Class_6\",INDEX('ER C6 FLT3'!$A$4:$L$640,MATCH($W11&$C11,'ER C6 FLT3'!$A$4:$A$640&'ER C6 FLT3'!$B$4:$B$640-1,1),9))))),IF($B11=\"2 Trucks\",IF($Z11=\"Class_8\",INDEX('ER C8 FLT2'!$A$4:$J$640,MATCH($W11&$C11,'ER C8 FLT2'!$A$4:$A$640&'ER C8 FLT2'!$B$4:$B$640-1,1),8)*IF($Z11=\"Class_8\",INDEX('ER C8 FLT2'!$A$4:$J$640,MATCH($W11&$C11,'ER C8 FLT2'!$A$4:$A$640&'ER C8 FLT2'!$B$4:$B$640-1,1),9)),IF($Z11=\"Class_7\",INDEX('ER C7 FLT2'!$A$4:$J$640,MATCH($W11&$C11,'ER C7 FLT2'!$A$4:$A$640&'ER C7 FLT2'!$B$4:$B$640-1,1),8)*IF($Z11=\"Class_7\",INDEX('ER C7 FLT2'!$A$4:$J$640,MATCH($W11&$C11,'ER C7 FLT2'!$A$4:$A$640&'ER C7 FLT2'!$B$4:$B$640-1,1),9)),IF($Z11=\"Class_6\",INDEX('ER C6 FLT2'!$A$4:$J$640,MATCH($W11&$C11,'ER C6 FLT2'!$A$4:$A$640&'ER C6 FLT2'!$B$4:$B$640-1,1),8)*IF($Z11=\"Class_6\",INDEX('ER C6 FLT2'!$A$4:$J$640,MATCH($W11&$C11,'ER C6 FLT2'!$A$4:$A$640&'ER C6 FLT2'!$B$4:$B$640-1,1),9))))),IF($B11=\"1 Truck\",\nIF($Z11=\"Class_8\",INDEX('ER C8 FLT1'!$A$4:$J$640,MATCH($W11&$C11,'ER C8 FLT1'!$A$4:$A$640&'ER C8 FLT1'!$B$4:$B$640-1,1),8)*IF($Z11=\"Class_8\",INDEX('ER C8 FLT1'!$A$4:$J$640,MATCH($W11&$C11,'ER C8 FLT1'!$A$4:$A$640&'ER C8 FLT1'!$B$4:$B$640-1,1),9)),IF($Z11=\"Class_7\",INDEX('ER C7 FLT1'!$A$4:$J$640,MATCH($W11&$C11,'ER C7 FLT1'!$A$4:$A$640&'ER C7 FLT1'!$B$4:$B$640-1,1),8)*IF($Z11=\"Class_7\",INDEX('ER C7 FLT1'!$A$4:$J$640,MATCH($W11&$C11,'ER C7 FLT1'!$A$4:$A$640&'ER C7 FLT1'!$B$4:$B$640-1,1),9)),\nIF($Z11=\"Class_6\",INDEX('ER C6 FLT1'!$A$4:$J$640,MATCH($W11&$C11,'ER C6 FLT1'!$A$4:$A$640&'ER C6 FLT1'!$B$4:$B$640-1,1),8)*IF($Z11=\"Class_6\",INDEX('ER C6 FLT1'!$A$4:$J$640,MATCH($W11&$C11,'ER C6 FLT1'!$A$4:$A$640&'ER C6 FLT1'!$B$4:$B$640-1,1),9))))))))*IF($X11=\"Level 1 PM\",0.75,IF($X11=\"Level 2 PM\",0.5,IF($X11=\"Level 3 PM\",0,IF($X11=\"Level 3 PM + Mark I NOx\",0,1))))*($AC11/453.6)-IF(BL11=0,AW11,0)","v":0},0,0,{"$f":"IF($B11=\"3+ Trucks\",IF($Z11=\"Class_8\",INDEX('ER C8 FLT3'!$A$4:$J$640,MATCH($W11&$C11,'ER C8 FLT3'!$A$4:$A$640&'ER C8 FLT3'!$B$4:$B$640-2,1),8)*IF($Z11=\"Class_8\",INDEX('ER C8 FLT3'!$A$4:$J$640,MATCH($W11&$C11,'ER C8 FLT3'!$A$4:$A$640&'ER C8 FLT3'!$B$4:$B$640-2,1),9)),IF($Z11=\"Class_7\",INDEX('ER C7 FLT3'!$A$4:$J$640,MATCH($W11&$C11,'ER C7 FLT3'!$A$4:$A$640&'ER C7 FLT3'!$B$4:$B$640-2,1),8)*IF($Z11=\"Class_7\",INDEX('ER C7 FLT3'!$A$4:$J$640,MATCH($W11&$C11,'ER C7 FLT3'!$A$4:$A$640&'ER C7 FLT3'!$B$4:$B$640-2,1),9)),\nIF($Z11=\"Class_6\",INDEX('ER C6 FLT3'!$A$4:$J$640,MATCH($W11&$C11,'ER C6 FLT3'!$A$4:$A$640&'ER C6 FLT3'!$B$4:$B$640-2,1),8)*IF($Z11=\"Class_6\",INDEX('ER C6 FLT3'!$A$4:$L$640,MATCH($W11&$C11,'ER C6 FLT3'!$A$4:$A$640&'ER C6 FLT3'!$B$4:$B$640-2,1),9))))),IF($B11=\"2 Trucks\",IF($Z11=\"Class_8\",INDEX('ER C8 FLT2'!$A$4:$J$640,MATCH($W11&$C11,'ER C8 FLT2'!$A$4:$A$640&'ER C8 FLT2'!$B$4:$B$640-2,1),8)*IF($Z11=\"Class_8\",INDEX('ER C8 FLT2'!$A$4:$J$640,MATCH($W11&$C11,'ER C8 FLT2'!$A$4:$A$640&'ER C8 FLT2'!$B$4:$B$640-2,1),9)),IF($Z11=\"Class_7\",INDEX('ER C7 FLT2'!$A$4:$J$640,MATCH($W11&$C11,'ER C7 FLT2'!$A$4:$A$640&'ER C7 FLT2'!$B$4:$B$640-2,1),8)*IF($Z11=\"Class_7\",INDEX('ER C7 FLT2'!$A$4:$J$640,MATCH($W11&$C11,'ER C7 FLT2'!$A$4:$A$640&'ER C7 FLT2'!$B$4:$B$640-2,1),9)),IF($Z11=\"Class_6\",INDEX('ER C6 FLT2'!$A$4:$J$640,MATCH($W11&$C11,'ER C6 FLT2'!$A$4:$A$640&'ER C6 FLT2'!$B$4:$B$640-2,1),8)*IF($Z11=\"Class_6\",INDEX('ER C6 FLT2'!$A$4:$J$640,MATCH($W11&$C11,'ER C6 FLT2'!$A$4:$A$640&'ER C6 FLT2'!$B$4:$B$640-2,1),9))))),IF($B11=\"1 Truck\",\nIF($Z11=\"Class_8\",INDEX('ER C8 FLT1'!$A$4:$J$640,MATCH($W11&$C11,'ER C8 FLT1'!$A$4:$A$640&'ER C8 FLT1'!$B$4:$B$640-2,1),8)*IF($Z11=\"Class_8\",INDEX('ER C8 FLT1'!$A$4:$J$640,MATCH($W11&$C11,'ER C8 FLT1'!$A$4:$A$640&'ER C8 FLT1'!$B$4:$B$640-2,1),9)),IF($Z11=\"Class_7\",INDEX('ER C7 FLT1'!$A$4:$J$640,MATCH($W11&$C11,'ER C7 FLT1'!$A$4:$A$640&'ER C7 FLT1'!$B$4:$B$640-2,1),8)*IF($Z11=\"Class_7\",INDEX('ER C7 FLT1'!$A$4:$J$640,MATCH($W11&$C11,'ER C7 FLT1'!$A$4:$A$640&'ER C7 FLT1'!$B$4:$B$640-2,1),9)),\nIF($Z11=\"Class_6\",INDEX('ER C6 FLT1'!$A$4:$J$640,MATCH($W11&$C11,'ER C6 FLT1'!$A$4:$A$640&'ER C6 FLT1'!$B$4:$B$640-2,1),8)*IF($Z11=\"Class_6\",INDEX('ER C6 FLT1'!$A$4:$J$640,MATCH($W11&$C11,'ER C6 FLT1'!$A$4:$A$640&'ER C6 FLT1'!$B$4:$B$640-2,1),9))))))))*IF($X11=\"Level 1 PM\",0.75,IF($X11=\"Level 2 PM\",0.5,IF($X11=\"Level 3 PM\",0,IF($X11=\"Level 3 PM + Mark I NOx\",0,1))))*($AC11/453.6)-IF(BO11=0,AX11,0)","v":0},0,0,{"$f":"IF($B11=\"3+ Trucks\",IF($Z11=\"Class_8\",INDEX('ER C8 FLT3'!$A$4:$J$640,MATCH($W11&$C11,'ER C8 FLT3'!$A$4:$A$640&'ER C8 FLT3'!$B$4:$B$640-3,1),8)*IF($Z11=\"Class_8\",INDEX('ER C8 FLT3'!$A$4:$J$640,MATCH($W11&$C11,'ER C8 FLT3'!$A$4:$A$640&'ER C8 FLT3'!$B$4:$B$640-3,1),9)),IF($Z11=\"Class_7\",INDEX('ER C7 FLT3'!$A$4:$J$640,MATCH($W11&$C11,'ER C7 FLT3'!$A$4:$A$640&'ER C7 FLT3'!$B$4:$B$640-3,1),8)*IF($Z11=\"Class_7\",INDEX('ER C7 FLT3'!$A$4:$J$640,MATCH($W11&$C11,'ER C7 FLT3'!$A$4:$A$640&'ER C7 FLT3'!$B$4:$B$640-3,1),9)),\nIF($Z11=\"Class_6\",INDEX('ER C6 FLT3'!$A$4:$J$640,MATCH($W11&$C11,'ER C6 FLT3'!$A$4:$A$640&'ER C6 FLT3'!$B$4:$B$640-3,1),8)*IF($Z11=\"Class_6\",INDEX('ER C6 FLT3'!$A$4:$L$640,MATCH($W11&$C11,'ER C6 FLT3'!$A$4:$A$640&'ER C6 FLT3'!$B$4:$B$640-3,1),9))))),IF($B11=\"2 Trucks\",IF($Z11=\"Class_8\",INDEX('ER C8 FLT2'!$A$4:$J$640,MATCH($W11&$C11,'ER C8 FLT2'!$A$4:$A$640&'ER C8 FLT2'!$B$4:$B$640-3,1),8)*IF($Z11=\"Class_8\",INDEX('ER C8 FLT2'!$A$4:$J$640,MATCH($W11&$C11,'ER C8 FLT2'!$A$4:$A$640&'ER C8 FLT2'!$B$4:$B$640-3,1),9)),IF($Z11=\"Class_7\",INDEX('ER C7 FLT2'!$A$4:$J$640,MATCH($W11&$C11,'ER C7 FLT2'!$A$4:$A$640&'ER C7 FLT2'!$B$4:$B$640-3,1),8)*IF($Z11=\"Class_7\",INDEX('ER C7 FLT2'!$A$4:$J$640,MATCH($W11&$C11,'ER C7 FLT2'!$A$4:$A$640&'ER C7 FLT2'!$B$4:$B$640-3,1),9)),IF($Z11=\"Class_6\",INDEX('ER C6 FLT2'!$A$4:$J$640,MATCH($W11&$C11,'ER C6 FLT2'!$A$4:$A$640&'ER C6 FLT2'!$B$4:$B$640-3,1),8)*IF($Z11=\"Class_6\",INDEX('ER C6 FLT2'!$A$4:$J$640,MATCH($W11&$C11,'ER C6 FLT2'!$A$4:$A$640&'ER C6 FLT2'!$B$4:$B$640-3,1),9))))),IF($B11=\"1 Truck\",\nIF($Z11=\"Class_8\",INDEX('ER C8 FLT1'!$A$4:$J$640,MATCH($W11&$C11,'ER C8 FLT1'!$A$4:$A$640&'ER C8 FLT1'!$B$4:$B$640-3,1),8)*IF($Z11=\"Class_8\",INDEX('ER C8 FLT1'!$A$4:$J$640,MATCH($W11&$C11,'ER C8 FLT1'!$A$4:$A$640&'ER C8 FLT1'!$B$4:$B$640-3,1),9)),IF($Z11=\"Class_7\",INDEX('ER C7 FLT1'!$A$4:$J$640,MATCH($W11&$C11,'ER C7 FLT1'!$A$4:$A$640&'ER C7 FLT1'!$B$4:$B$640-3,1),8)*IF($Z11=\"Class_7\",INDEX('ER C7 FLT1'!$A$4:$J$640,MATCH($W11&$C11,'ER C7 FLT1'!$A$4:$A$640&'ER C7 FLT1'!$B$4:$B$640-3,1),9)),\nIF($Z11=\"Class_6\",INDEX('ER C6 FLT1'!$A$4:$J$640,MATCH($W11&$C11,'ER C6 FLT1'!$A$4:$A$640&'ER C6 FLT1'!$B$4:$B$640-3,1),8)*IF($Z11=\"Class_6\",INDEX('ER C6 FLT1'!$A$4:$J$640,MATCH($W11&$C11,'ER C6 FLT1'!$A$4:$A$640&'ER C6 FLT1'!$B$4:$B$640-3,1),9))))))))*IF($X11=\"Level 1 PM\",0.75,IF($X11=\"Level 2 PM\",0.5,IF($X11=\"Level 3 PM\",0,IF($X11=\"Level 3 PM + Mark I NOx\",0,1))))*($AC11/453.6)-IF(BR11=0,AY11,0)","v":0},0,0,{"$f":"IF($B11=\"3+ Trucks\",IF($Z11=\"Class_8\",INDEX('ER C8 FLT3'!$A$4:$J$640,MATCH($W11&$C11,'ER C8 FLT3'!$A$4:$A$640&'ER C8 FLT3'!$B$4:$B$640-4,1),8)*IF($Z11=\"Class_8\",INDEX('ER C8 FLT3'!$A$4:$J$640,MATCH($W11&$C11,'ER C8 FLT3'!$A$4:$A$640&'ER C8 FLT3'!$B$4:$B$640-4,1),9)),IF($Z11=\"Class_7\",INDEX('ER C7 FLT3'!$A$4:$J$640,MATCH($W11&$C11,'ER C7 FLT3'!$A$4:$A$640&'ER C7 FLT3'!$B$4:$B$640-4,1),8)*IF($Z11=\"Class_7\",INDEX('ER C7 FLT3'!$A$4:$J$640,MATCH($W11&$C11,'ER C7 FLT3'!$A$4:$A$640&'ER C7 FLT3'!$B$4:$B$640-4,1),9)),\nIF($Z11=\"Class_6\",INDEX('ER C6 FLT3'!$A$4:$J$640,MATCH($W11&$C11,'ER C6 FLT3'!$A$4:$A$640&'ER C6 FLT3'!$B$4:$B$640-4,1),8)*IF($Z11=\"Class_6\",INDEX('ER C6 FLT3'!$A$4:$L$640,MATCH($W11&$C11,'ER C6 FLT3'!$A$4:$A$640&'ER C6 FLT3'!$B$4:$B$640-4,1),9))))),IF($B11=\"2 Trucks\",IF($Z11=\"Class_8\",INDEX('ER C8 FLT2'!$A$4:$J$640,MATCH($W11&$C11,'ER C8 FLT2'!$A$4:$A$640&'ER C8 FLT2'!$B$4:$B$640-4,1),8)*IF($Z11=\"Class_8\",INDEX('ER C8 FLT2'!$A$4:$J$640,MATCH($W11&$C11,'ER C8 FLT2'!$A$4:$A$640&'ER C8 FLT2'!$B$4:$B$640-4,1),9)),IF($Z11=\"Class_7\",INDEX('ER C7 FLT2'!$A$4:$J$640,MATCH($W11&$C11,'ER C7 FLT2'!$A$4:$A$640&'ER C7 FLT2'!$B$4:$B$640-4,1),8)*IF($Z11=\"Class_7\",INDEX('ER C7 FLT2'!$A$4:$J$640,MATCH($W11&$C11,'ER C7 FLT2'!$A$4:$A$640&'ER C7 FLT2'!$B$4:$B$640-4,1),9)),IF($Z11=\"Class_6\",INDEX('ER C6 FLT2'!$A$4:$J$640,MATCH($W11&$C11,'ER C6 FLT2'!$A$4:$A$640&'ER C6 FLT2'!$B$4:$B$640-4,1),8)*IF($Z11=\"Class_6\",INDEX('ER C6 FLT2'!$A$4:$J$640,MATCH($W11&$C11,'ER C6 FLT2'!$A$4:$A$640&'ER C6 FLT2'!$B$4:$B$640-4,1),9))))),IF($B11=\"1 Truck\",\nIF($Z11=\"Class_8\",INDEX('ER C8 FLT1'!$A$4:$J$640,MATCH($W11&$C11,'ER C8 FLT1'!$A$4:$A$640&'ER C8 FLT1'!$B$4:$B$640-4,1),8)*IF($Z11=\"Class_8\",INDEX('ER C8 FLT1'!$A$4:$J$640,MATCH($W11&$C11,'ER C8 FLT1'!$A$4:$A$640&'ER C8 FLT1'!$B$4:$B$640-4,1),9)),IF($Z11=\"Class_7\",INDEX('ER C7 FLT1'!$A$4:$J$640,MATCH($W11&$C11,'ER C7 FLT1'!$A$4:$A$640&'ER C7 FLT1'!$B$4:$B$640-4,1),8)*IF($Z11=\"Class_7\",INDEX('ER C7 FLT1'!$A$4:$J$640,MATCH($W11&$C11,'ER C7 FLT1'!$A$4:$A$640&'ER C7 FLT1'!$B$4:$B$640-4,1),9)),\nIF($Z11=\"Class_6\",INDEX('ER C6 FLT1'!$A$4:$J$640,MATCH($W11&$C11,'ER C6 FLT1'!$A$4:$A$640&'ER C6 FLT1'!$B$4:$B$640-4,1),8)*IF($Z11=\"Class_6\",INDEX('ER C6 FLT1'!$A$4:$J$640,MATCH($W11&$C11,'ER C6 FLT1'!$A$4:$A$640&'ER C6 FLT1'!$B$4:$B$640-4,1),9))))))))*IF($X11=\"Level 1 PM\",0.75,IF($X11=\"Level 2 PM\",0.5,IF($X11=\"Level 3 PM\",0,IF($X11=\"Level 3 PM + Mark I NOx\",0,1))))*($AC11/453.6)-IF(BU11=0,AZ11,0)","v":0},{"$f":"MAX(0,BU11+BV11)","v":0},{"$f":"(MAX(0,BK11+BN11+BQ11+BT11+BW11))","v":0},{"$f":"IF($B11=\"3+ Trucks\",IF(OR($H11=\"Class_8\",$N11=\"Replacement8HHD\",$AH11=\"CL7HHD\",$AJ11=\"CL7to8\"),INDEX('ER C8 FLT3'!$A$4:$J$640,MATCH($E11&$C11,'ER C8 FLT3'!$A$4:$A$640&'ER C8 FLT3'!$B$4:$B$640,1),5)*IF(OR($H11=\"Class_8\",$N11=\"Replacement8HHD\",$AH11=\"CL7HHD\",$AJ11=\"CL7to8\"),INDEX('ER C8 FLT3'!$A$4:$J$640,MATCH($E11&$C11,'ER C8 FLT3'!$A$4:$A$640&'ER C8 FLT3'!$B$4:$B$640,1),7)),IF($H11=\"Class_7\",INDEX('ER C7 FLT3'!$A$4:$J$640,MATCH($E11&$C11,'ER C7 FLT3'!$A$4:$A$640&'ER C7 FLT3'!$B$4:$B$640,1),5)*IF($H11=\"Class_7\",INDEX('ER C7 FLT3'!$A$4:$J$640,MATCH($E11&$C11,'ER C7 FLT3'!$A$4:$A$640&'ER C7 FLT3'!$B$4:$B$640,1),7)),\nIF($H11=\"Class_6\",INDEX('ER C6 FLT3'!$A$4:$J$640,MATCH($E11&$C11,'ER C6 FLT3'!$A$4:$A$640&'ER C6 FLT3'!$B$4:$B$640,1),5)*IF($H11=\"Class_6\",INDEX('ER C6 FLT3'!$A$4:$L$640,MATCH($E11&$C11,'ER C6 FLT3'!$A$4:$A$640&'ER C6 FLT3'!$B$4:$B$640,1),7))))),IF($B11=\"2 Trucks\",IF(OR($H11=\"Class_8\",$N11=\"Replacement8HHD\",$AH11=\"CL7HHD\",$AJ11=\"CL7to8\"),INDEX('ER C8 FLT2'!$A$4:$J$640,MATCH($E11&$C11,'ER C8 FLT2'!$A$4:$A$640&'ER C8 FLT2'!$B$4:$B$640,1),5)*IF(OR($H11=\"Class_8\",$N11=\"Replacement8HHD\",$AH11=\"CL7HHD\",$AJ11=\"CL7to8\"),INDEX('ER C8 FLT2'!$A$4:$J$640,MATCH($E11&$C11,'ER C8 FLT2'!$A$4:$A$640&'ER C8 FLT2'!$B$4:$B$640,1),7)),IF($H11=\"Class_7\",INDEX('ER C7 FLT2'!$A$4:$J$640,MATCH($E11&$C11,'ER C7 FLT2'!$A$4:$A$640&'ER C7 FLT2'!$B$4:$B$640,1),5)*IF($H11=\"Class_7\",INDEX('ER C7 FLT2'!$A$4:$J$640,MATCH($E11&$C11,'ER C7 FLT2'!$A$4:$A$640&'ER C7 FLT2'!$B$4:$B$640,1),7)),IF($H11=\"Class_6\",INDEX('ER C6 FLT2'!$A$4:$J$640,MATCH($E11&$C11,'ER C6 FLT2'!$A$4:$A$640&'ER C6 FLT2'!$B$4:$B$640,1),5)*IF($H11=\"Class_6\",INDEX('ER C6 FLT2'!$A$4:$J$640,MATCH($E11&$C11,'ER C6 FLT2'!$A$4:$A$640&'ER C6 FLT2'!$B$4:$B$640,1),7))))),IF($B11=\"1 Truck\",\nIF(OR($H11=\"Class_8\",$N11=\"Replacement8HHD\",$AH11=\"CL7HHD\",$AJ11=\"CL7to8\"),INDEX('ER C8 FLT1'!$A$4:$J$640,MATCH($E11&$C11,'ER C8 FLT1'!$A$4:$A$640&'ER C8 FLT1'!$B$4:$B$640,1),5)*IF(OR($H11=\"Class_8\",$N11=\"Replacement8HHD\",$AH11=\"CL7HHD\",$AJ11=\"CL7to8\"),INDEX('ER C8 FLT1'!$A$4:$J$640,MATCH($E11&$C11,'ER C8 FLT1'!$A$4:$A$640&'ER C8 FLT1'!$B$4:$B$640,1),7)),IF($H11=\"Class_7\",INDEX('ER C7 FLT1'!$A$4:$J$640,MATCH($E11&$C11,'ER C7 FLT1'!$A$4:$A$640&'ER C7 FLT1'!$B$4:$B$640,1),5)*IF($H11=\"Class_7\",INDEX('ER C7 FLT1'!$A$4:$J$640,MATCH($E11&$C11,'ER C7 FLT1'!$A$4:$A$640&'ER C7 FLT1'!$B$4:$B$640,1),7)),\nIF($H11=\"Class_6\",INDEX('ER C6 FLT1'!$A$4:$J$640,MATCH($E11&$C11,'ER C6 FLT1'!$A$4:$A$640&'ER C6 FLT1'!$B$4:$B$640,1),5)*IF($H11=\"Class_6\",INDEX('ER C6 FLT1'!$A$4:$J$640,MATCH($E11&$C11,'ER C6 FLT1'!$A$4:$A$640&'ER C6 FLT1'!$B$4:$B$640,1),7))))))))*IF($F11=\"Level 1 PM + Mark I NOx\",0.75,1)*($Q11/453.6)","v":0},{"$f":"IF($B11=\"3+ Trucks\",IF(OR($H11=\"Class_8\",$N11=\"Replacement8HHD\",$AH11=\"CL7HHD\",$AJ11=\"CL7to8\"),INDEX('ER C8 FLT3'!$A$4:$J$640,MATCH($E11&$C11,'ER C8 FLT3'!$A$4:$A$640&'ER C8 FLT3'!$B$4:$B$640-1,1),5)*IF(OR($H11=\"Class_8\",$N11=\"Replacement8HHD\",$AH11=\"CL7HHD\",$AJ11=\"CL7to8\"),INDEX('ER C8 FLT3'!$A$4:$J$640,MATCH($E11&$C11,'ER C8 FLT3'!$A$4:$A$640&'ER C8 FLT3'!$B$4:$B$640-1,1),7)),IF($H11=\"Class_7\",INDEX('ER C7 FLT3'!$A$4:$J$640,MATCH($E11&$C11,'ER C7 FLT3'!$A$4:$A$640&'ER C7 FLT3'!$B$4:$B$640-1,1),5)*IF($H11=\"Class_7\",INDEX('ER C7 FLT3'!$A$4:$J$640,MATCH($E11&$C11,'ER C7 FLT3'!$A$4:$A$640&'ER C7 FLT3'!$B$4:$B$640-1,1),7)),\nIF($H11=\"Class_6\",INDEX('ER C6 FLT3'!$A$4:$J$640,MATCH($E11&$C11,'ER C6 FLT3'!$A$4:$A$640&'ER C6 FLT3'!$B$4:$B$640-1,1),5)*IF($H11=\"Class_6\",INDEX('ER C6 FLT3'!$A$4:$L$640,MATCH($E11&$C11,'ER C6 FLT3'!$A$4:$A$640&'ER C6 FLT3'!$B$4:$B$640-1,1),7))))),IF($B11=\"2 Trucks\",IF(OR($H11=\"Class_8\",$N11=\"Replacement8HHD\",$AH11=\"CL7HHD\",$AJ11=\"CL7to8\"),INDEX('ER C8 FLT2'!$A$4:$J$640,MATCH($E11&$C11,'ER C8 FLT2'!$A$4:$A$640&'ER C8 FLT2'!$B$4:$B$640-1,1),5)*IF(OR($H11=\"Class_8\",$N11=\"Replacement8HHD\",$AH11=\"CL7HHD\",$AJ11=\"CL7to8\"),INDEX('ER C8 FLT2'!$A$4:$J$640,MATCH($E11&$C11,'ER C8 FLT2'!$A$4:$A$640&'ER C8 FLT2'!$B$4:$B$640-1,1),7)),IF($H11=\"Class_7\",INDEX('ER C7 FLT2'!$A$4:$J$640,MATCH($E11&$C11,'ER C7 FLT2'!$A$4:$A$640&'ER C7 FLT2'!$B$4:$B$640-1,1),5)*IF($H11=\"Class_7\",INDEX('ER C7 FLT2'!$A$4:$J$640,MATCH($E11&$C11,'ER C7 FLT2'!$A$4:$A$640&'ER C7 FLT2'!$B$4:$B$640-1,1),7)),IF($H11=\"Class_6\",INDEX('ER C6 FLT2'!$A$4:$J$640,MATCH($E11&$C11,'ER C6 FLT2'!$A$4:$A$640&'ER C6 FLT2'!$B$4:$B$640-1,1),5)*IF($H11=\"Class_6\",INDEX('ER C6 FLT2'!$A$4:$J$640,MATCH($E11&$C11,'ER C6 FLT2'!$A$4:$A$640&'ER C6 FLT2'!$B$4:$B$640-1,1),7))))),IF($B11=\"1 Truck\",\nIF(OR($H11=\"Class_8\",$N11=\"Replacement8HHD\",$AH11=\"CL7HHD\",$AJ11=\"CL7to8\"),INDEX('ER C8 FLT1'!$A$4:$J$640,MATCH($E11&$C11,'ER C8 FLT1'!$A$4:$A$640&'ER C8 FLT1'!$B$4:$B$640-1,1),5)*IF(OR($H11=\"Class_8\",$N11=\"Replacement8HHD\",$AH11=\"CL7HHD\",$AJ11=\"CL7to8\"),INDEX('ER C8 FLT1'!$A$4:$J$640,MATCH($E11&$C11,'ER C8 FLT1'!$A$4:$A$640&'ER C8 FLT1'!$B$4:$B$640-1,1),7)),IF($H11=\"Class_7\",INDEX('ER C7 FLT1'!$A$4:$J$640,MATCH($E11&$C11,'ER C7 FLT1'!$A$4:$A$640&'ER C7 FLT1'!$B$4:$B$640-1,1),5)*IF($H11=\"Class_7\",INDEX('ER C7 FLT1'!$A$4:$J$640,MATCH($E11&$C11,'ER C7 FLT1'!$A$4:$A$640&'ER C7 FLT1'!$B$4:$B$640-1,1),7)),\nIF($H11=\"Class_6\",INDEX('ER C6 FLT1'!$A$4:$J$640,MATCH($E11&$C11,'ER C6 FLT1'!$A$4:$A$640&'ER C6 FLT1'!$B$4:$B$640-1,1),5)*IF($H11=\"Class_6\",INDEX('ER C6 FLT1'!$A$4:$J$640,MATCH($E11&$C11,'ER C6 FLT1'!$A$4:$A$640&'ER C6 FLT1'!$B$4:$B$640-1,1),7))))))))*IF($F11=\"Level 1 PM + Mark I NOx\",0.75,1)*($Q11/453.6)","v":0},{"$f":"IF($B11=\"3+ Trucks\",IF(OR($H11=\"Class_8\",$N11=\"Replacement8HHD\",$AH11=\"CL7HHD\",$AJ11=\"CL7to8\"),INDEX('ER C8 FLT3'!$A$4:$J$640,MATCH($E11&$C11,'ER C8 FLT3'!$A$4:$A$640&'ER C8 FLT3'!$B$4:$B$640-2,1),5)*IF(OR($H11=\"Class_8\",$N11=\"Replacement8HHD\",$AH11=\"CL7HHD\",$AJ11=\"CL7to8\"),INDEX('ER C8 FLT3'!$A$4:$J$640,MATCH($E11&$C11,'ER C8 FLT3'!$A$4:$A$640&'ER C8 FLT3'!$B$4:$B$640-2,1),7)),IF($H11=\"Class_7\",INDEX('ER C7 FLT3'!$A$4:$J$640,MATCH($E11&$C11,'ER C7 FLT3'!$A$4:$A$640&'ER C7 FLT3'!$B$4:$B$640-2,1),5)*IF($H11=\"Class_7\",INDEX('ER C7 FLT3'!$A$4:$J$640,MATCH($E11&$C11,'ER C7 FLT3'!$A$4:$A$640&'ER C7 FLT3'!$B$4:$B$640-2,1),7)),\nIF($H11=\"Class_6\",INDEX('ER C6 FLT3'!$A$4:$J$640,MATCH($E11&$C11,'ER C6 FLT3'!$A$4:$A$640&'ER C6 FLT3'!$B$4:$B$640-2,1),5)*IF($H11=\"Class_6\",INDEX('ER C6 FLT3'!$A$4:$L$640,MATCH($E11&$C11,'ER C6 FLT3'!$A$4:$A$640&'ER C6 FLT3'!$B$4:$B$640-2,1),7))))),IF($B11=\"2 Trucks\",IF(OR($H11=\"Class_8\",$N11=\"Replacement8HHD\",$AH11=\"CL7HHD\",$AJ11=\"CL7to8\"),INDEX('ER C8 FLT2'!$A$4:$J$640,MATCH($E11&$C11,'ER C8 FLT2'!$A$4:$A$640&'ER C8 FLT2'!$B$4:$B$640-2,1),5)*IF(OR($H11=\"Class_8\",$N11=\"Replacement8HHD\",$AH11=\"CL7HHD\",$AJ11=\"CL7to8\"),INDEX('ER C8 FLT2'!$A$4:$J$640,MATCH($E11&$C11,'ER C8 FLT2'!$A$4:$A$640&'ER C8 FLT2'!$B$4:$B$640-2,1),7)),IF($H11=\"Class_7\",INDEX('ER C7 FLT2'!$A$4:$J$640,MATCH($E11&$C11,'ER C7 FLT2'!$A$4:$A$640&'ER C7 FLT2'!$B$4:$B$640-2,1),5)*IF($H11=\"Class_7\",INDEX('ER C7 FLT2'!$A$4:$J$640,MATCH($E11&$C11,'ER C7 FLT2'!$A$4:$A$640&'ER C7 FLT2'!$B$4:$B$640-2,1),7)),IF($H11=\"Class_6\",INDEX('ER C6 FLT2'!$A$4:$J$640,MATCH($E11&$C11,'ER C6 FLT2'!$A$4:$A$640&'ER C6 FLT2'!$B$4:$B$640-2,1),5)*IF($H11=\"Class_6\",INDEX('ER C6 FLT2'!$A$4:$J$640,MATCH($E11&$C11,'ER C6 FLT2'!$A$4:$A$640&'ER C6 FLT2'!$B$4:$B$640-2,1),7))))),IF($B11=\"1 Truck\",\nIF(OR($H11=\"Class_8\",$N11=\"Replacement8HHD\",$AH11=\"CL7HHD\",$AJ11=\"CL7to8\"),INDEX('ER C8 FLT1'!$A$4:$J$640,MATCH($E11&$C11,'ER C8 FLT1'!$A$4:$A$640&'ER C8 FLT1'!$B$4:$B$640-2,1),5)*IF(OR($H11=\"Class_8\",$N11=\"Replacement8HHD\",$AH11=\"CL7HHD\",$AJ11=\"CL7to8\"),INDEX('ER C8 FLT1'!$A$4:$J$640,MATCH($E11&$C11,'ER C8 FLT1'!$A$4:$A$640&'ER C8 FLT1'!$B$4:$B$640-2,1),7)),IF($H11=\"Class_7\",INDEX('ER C7 FLT1'!$A$4:$J$640,MATCH($E11&$C11,'ER C7 FLT1'!$A$4:$A$640&'ER C7 FLT1'!$B$4:$B$640-2,1),5)*IF($H11=\"Class_7\",INDEX('ER C7 FLT1'!$A$4:$J$640,MATCH($E11&$C11,'ER C7 FLT1'!$A$4:$A$640&'ER C7 FLT1'!$B$4:$B$640-2,1),7)),\nIF($H11=\"Class_6\",INDEX('ER C6 FLT1'!$A$4:$J$640,MATCH($E11&$C11,'ER C6 FLT1'!$A$4:$A$640&'ER C6 FLT1'!$B$4:$B$640-2,1),5)*IF($H11=\"Class_6\",INDEX('ER C6 FLT1'!$A$4:$J$640,MATCH($E11&$C11,'ER C6 FLT1'!$A$4:$A$640&'ER C6 FLT1'!$B$4:$B$640-2,1),7))))))))*IF($F11=\"Level 1 PM + Mark I NOx\",0.75,1)*($Q11/453.6)","v":0},{"$f":"IF($B11=\"3+ Trucks\",IF(OR($H11=\"Class_8\",$N11=\"Replacement8HHD\",$AH11=\"CL7HHD\",$AJ11=\"CL7to8\"),INDEX('ER C8 FLT3'!$A$4:$J$640,MATCH($E11&$C11,'ER C8 FLT3'!$A$4:$A$640&'ER C8 FLT3'!$B$4:$B$640-3,1),5)*IF(OR($H11=\"Class_8\",$N11=\"Replacement8HHD\",$AH11=\"CL7HHD\",$AJ11=\"CL7to8\"),INDEX('ER C8 FLT3'!$A$4:$J$640,MATCH($E11&$C11,'ER C8 FLT3'!$A$4:$A$640&'ER C8 FLT3'!$B$4:$B$640-3,1),7)),IF($H11=\"Class_7\",INDEX('ER C7 FLT3'!$A$4:$J$640,MATCH($E11&$C11,'ER C7 FLT3'!$A$4:$A$640&'ER C7 FLT3'!$B$4:$B$640-3,1),5)*IF($H11=\"Class_7\",INDEX('ER C7 FLT3'!$A$4:$J$640,MATCH($E11&$C11,'ER C7 FLT3'!$A$4:$A$640&'ER C7 FLT3'!$B$4:$B$640-3,1),7)),\nIF($H11=\"Class_6\",INDEX('ER C6 FLT3'!$A$4:$J$640,MATCH($E11&$C11,'ER C6 FLT3'!$A$4:$A$640&'ER C6 FLT3'!$B$4:$B$640-3,1),5)*IF($H11=\"Class_6\",INDEX('ER C6 FLT3'!$A$4:$L$640,MATCH($E11&$C11,'ER C6 FLT3'!$A$4:$A$640&'ER C6 FLT3'!$B$4:$B$640-3,1),7))))),IF($B11=\"2 Trucks\",IF(OR($H11=\"Class_8\",$N11=\"Replacement8HHD\",$AH11=\"CL7HHD\",$AJ11=\"CL7to8\"),INDEX('ER C8 FLT2'!$A$4:$J$640,MATCH($E11&$C11,'ER C8 FLT2'!$A$4:$A$640&'ER C8 FLT2'!$B$4:$B$640-3,1),5)*IF(OR($H11=\"Class_8\",$N11=\"Replacement8HHD\",$AH11=\"CL7HHD\",$AJ11=\"CL7to8\"),INDEX('ER C8 FLT2'!$A$4:$J$640,MATCH($E11&$C11,'ER C8 FLT2'!$A$4:$A$640&'ER C8 FLT2'!$B$4:$B$640-3,1),7)),IF($H11=\"Class_7\",INDEX('ER C7 FLT2'!$A$4:$J$640,MATCH($E11&$C11,'ER C7 FLT2'!$A$4:$A$640&'ER C7 FLT2'!$B$4:$B$640-3,1),5)*IF($H11=\"Class_7\",INDEX('ER C7 FLT2'!$A$4:$J$640,MATCH($E11&$C11,'ER C7 FLT2'!$A$4:$A$640&'ER C7 FLT2'!$B$4:$B$640-3,1),7)),IF($H11=\"Class_6\",INDEX('ER C6 FLT2'!$A$4:$J$640,MATCH($E11&$C11,'ER C6 FLT2'!$A$4:$A$640&'ER C6 FLT2'!$B$4:$B$640-3,1),5)*IF($H11=\"Class_6\",INDEX('ER C6 FLT2'!$A$4:$J$640,MATCH($E11&$C11,'ER C6 FLT2'!$A$4:$A$640&'ER C6 FLT2'!$B$4:$B$640-3,1),7))))),IF($B11=\"1 Truck\",\nIF(OR($H11=\"Class_8\",$N11=\"Replacement8HHD\",$AH11=\"CL7HHD\",$AJ11=\"CL7to8\"),INDEX('ER C8 FLT1'!$A$4:$J$640,MATCH($E11&$C11,'ER C8 FLT1'!$A$4:$A$640&'ER C8 FLT1'!$B$4:$B$640-3,1),5)*IF(OR($H11=\"Class_8\",$N11=\"Replacement8HHD\",$AH11=\"CL7HHD\",$AJ11=\"CL7to8\"),INDEX('ER C8 FLT1'!$A$4:$J$640,MATCH($E11&$C11,'ER C8 FLT1'!$A$4:$A$640&'ER C8 FLT1'!$B$4:$B$640-3,1),7)),IF($H11=\"Class_7\",INDEX('ER C7 FLT1'!$A$4:$J$640,MATCH($E11&$C11,'ER C7 FLT1'!$A$4:$A$640&'ER C7 FLT1'!$B$4:$B$640-3,1),5)*IF($H11=\"Class_7\",INDEX('ER C7 FLT1'!$A$4:$J$640,MATCH($E11&$C11,'ER C7 FLT1'!$A$4:$A$640&'ER C7 FLT1'!$B$4:$B$640-3,1),7)),\nIF($H11=\"Class_6\",INDEX('ER C6 FLT1'!$A$4:$J$640,MATCH($E11&$C11,'ER C6 FLT1'!$A$4:$A$640&'ER C6 FLT1'!$B$4:$B$640-3,1),5)*IF($H11=\"Class_6\",INDEX('ER C6 FLT1'!$A$4:$J$640,MATCH($E11&$C11,'ER C6 FLT1'!$A$4:$A$640&'ER C6 FLT1'!$B$4:$B$640-3,1),7))))))))*IF($F11=\"Level 1 PM + Mark I NOx\",0.75,1)*($Q11/453.6)","v":0},{"$f":"IF($B11=\"3+ Trucks\",IF(OR($H11=\"Class_8\",$N11=\"Replacement8HHD\",$AH11=\"CL7HHD\",$AJ11=\"CL7to8\"),INDEX('ER C8 FLT3'!$A$4:$J$640,MATCH($E11&$C11,'ER C8 FLT3'!$A$4:$A$640&'ER C8 FLT3'!$B$4:$B$640-4,1),5)*IF(OR($H11=\"Class_8\",$N11=\"Replacement8HHD\",$AH11=\"CL7HHD\",$AJ11=\"CL7to8\"),INDEX('ER C8 FLT3'!$A$4:$J$640,MATCH($E11&$C11,'ER C8 FLT3'!$A$4:$A$640&'ER C8 FLT3'!$B$4:$B$640-4,1),7)),IF($H11=\"Class_7\",INDEX('ER C7 FLT3'!$A$4:$J$640,MATCH($E11&$C11,'ER C7 FLT3'!$A$4:$A$640&'ER C7 FLT3'!$B$4:$B$640-4,1),5)*IF($H11=\"Class_7\",INDEX('ER C7 FLT3'!$A$4:$J$640,MATCH($E11&$C11,'ER C7 FLT3'!$A$4:$A$640&'ER C7 FLT3'!$B$4:$B$640-4,1),7)),\nIF($H11=\"Class_6\",INDEX('ER C6 FLT3'!$A$4:$J$640,MATCH($E11&$C11,'ER C6 FLT3'!$A$4:$A$640&'ER C6 FLT3'!$B$4:$B$640-4,1),5)*IF($H11=\"Class_6\",INDEX('ER C6 FLT3'!$A$4:$L$640,MATCH($E11&$C11,'ER C6 FLT3'!$A$4:$A$640&'ER C6 FLT3'!$B$4:$B$640-4,1),7))))),IF($B11=\"2 Trucks\",IF(OR($H11=\"Class_8\",$N11=\"Replacement8HHD\",$AH11=\"CL7HHD\",$AJ11=\"CL7to8\"),INDEX('ER C8 FLT2'!$A$4:$J$640,MATCH($E11&$C11,'ER C8 FLT2'!$A$4:$A$640&'ER C8 FLT2'!$B$4:$B$640-4,1),5)*IF(OR($H11=\"Class_8\",$N11=\"Replacement8HHD\",$AH11=\"CL7HHD\",$AJ11=\"CL7to8\"),INDEX('ER C8 FLT2'!$A$4:$J$640,MATCH($E11&$C11,'ER C8 FLT2'!$A$4:$A$640&'ER C8 FLT2'!$B$4:$B$640-4,1),7)),IF($H11=\"Class_7\",INDEX('ER C7 FLT2'!$A$4:$J$640,MATCH($E11&$C11,'ER C7 FLT2'!$A$4:$A$640&'ER C7 FLT2'!$B$4:$B$640-4,1),5)*IF($H11=\"Class_7\",INDEX('ER C7 FLT2'!$A$4:$J$640,MATCH($E11&$C11,'ER C7 FLT2'!$A$4:$A$640&'ER C7 FLT2'!$B$4:$B$640-4,1),7)),IF($H11=\"Class_6\",INDEX('ER C6 FLT2'!$A$4:$J$640,MATCH($E11&$C11,'ER C6 FLT2'!$A$4:$A$640&'ER C6 FLT2'!$B$4:$B$640-4,1),5)*IF($H11=\"Class_6\",INDEX('ER C6 FLT2'!$A$4:$J$640,MATCH($E11&$C11,'ER C6 FLT2'!$A$4:$A$640&'ER C6 FLT2'!$B$4:$B$640-4,1),7))))),IF($B11=\"1 Truck\",\nIF(OR($H11=\"Class_8\",$N11=\"Replacement8HHD\",$AH11=\"CL7HHD\",$AJ11=\"CL7to8\"),INDEX('ER C8 FLT1'!$A$4:$J$640,MATCH($E11&$C11,'ER C8 FLT1'!$A$4:$A$640&'ER C8 FLT1'!$B$4:$B$640-4,1),5)*IF(OR($H11=\"Class_8\",$N11=\"Replacement8HHD\",$AH11=\"CL7HHD\",$AJ11=\"CL7to8\"),INDEX('ER C8 FLT1'!$A$4:$J$640,MATCH($E11&$C11,'ER C8 FLT1'!$A$4:$A$640&'ER C8 FLT1'!$B$4:$B$640-4,1),7)),IF($H11=\"Class_7\",INDEX('ER C7 FLT1'!$A$4:$J$640,MATCH($E11&$C11,'ER C7 FLT1'!$A$4:$A$640&'ER C7 FLT1'!$B$4:$B$640-4,1),5)*IF($H11=\"Class_7\",INDEX('ER C7 FLT1'!$A$4:$J$640,MATCH($E11&$C11,'ER C7 FLT1'!$A$4:$A$640&'ER C7 FLT1'!$B$4:$B$640-4,1),7)),\nIF($H11=\"Class_6\",INDEX('ER C6 FLT1'!$A$4:$J$640,MATCH($E11&$C11,'ER C6 FLT1'!$A$4:$A$640&'ER C6 FLT1'!$B$4:$B$640-4,1),5)*IF($H11=\"Class_6\",INDEX('ER C6 FLT1'!$A$4:$J$640,MATCH($E11&$C11,'ER C6 FLT1'!$A$4:$A$640&'ER C6 FLT1'!$B$4:$B$640-4,1),7))))))))*IF($F11=\"Level 1 PM + Mark I NOx\",0.75,1)*($Q11/453.6)","v":0},{"$f":"IF($B11=\"3+ Trucks\",IF(OR($H11=\"Class_8\",$N11=\"Replacement8HHD\",$AH11=\"CL7HHD\",$AJ11=\"CL7to8\"),INDEX('ER C8 FLT3'!$A$4:$J$640,MATCH($E11&$C11,'ER C8 FLT3'!$A$4:$A$640&'ER C8 FLT3'!$B$4:$B$640,1),5),IF($H11=\"Class_7\",INDEX('ER C7 FLT3'!$A$4:$J$640,MATCH($E11&$C11,'ER C7 FLT3'!$A$4:$A$640&'ER C7 FLT3'!$B$4:$B$640,1),5),IF($H11=\"Class_6\",INDEX('ER C6 FLT3'!$A$4:$J$640,MATCH($E11&$C11,'ER C6 FLT3'!$A$4:$A$640&'ER C6 FLT3'!$B$4:$B$640,1),5)))),IF($B11=\"2 Trucks\",IF(OR($H11=\"Class_8\",$N11=\"Replacement8HHD\",$AH11=\"CL7HHD\",$AJ11=\"CL7to8\"),INDEX('ER C8 FLT2'!$A$4:$J$640,MATCH($E11&$C11,'ER C8 FLT2'!$A$4:$A$640&'ER C8 FLT2'!$B$4:$B$640,1),5),IF($H11=\"Class_7\",INDEX('ER C7 FLT2'!$A$4:$J$640,MATCH($E11&$C11,'ER C7 FLT2'!$A$4:$A$640&'ER C7 FLT2'!$B$4:$B$640,1),5),IF($H11=\"Class_6\",INDEX('ER C6 FLT2'!$A$4:$J$640,MATCH($E11&$C11,'ER C6 FLT2'!$A$4:$A$640&'ER C6 FLT2'!$B$4:$B$640,1),5)))),IF($B11=\"1 Truck\",IF(OR($H11=\"Class_8\",$N11=\"Replacement8HHD\",$AH11=\"CL7HHD\",$AJ11=\"CL7to8\"),INDEX('ER C8 FLT1'!$A$4:$J$640,MATCH($E11&$C11,'ER C8 FLT1'!$A$4:$A$640&'ER C8 FLT1'!$B$4:$B$640,1),5),IF($H11=\"Class_7\",INDEX('ER C7 FLT1'!$A$4:$J$640,MATCH($E11&$C11,'ER C7 FLT1'!$A$4:$A$640&'ER C7 FLT1'!$B$4:$B$640,1),5),IF($H11=\"Class_6\",INDEX('ER C6 FLT1'!$A$4:$J$640,MATCH($E11&$C11,'ER C6 FLT1'!$A$4:$A$640&'ER C6 FLT1'!$B$4:$B$640,1),5)))))))","v":false},{"$f":"IF($B11=\"3+ Trucks\",IF(OR($H11=\"Class_8\",$N11=\"Replacement8HHD\",$AH11=\"CL7HHD\",$AJ11=\"CL7to8\"),INDEX('ER C8 FLT3'!$A$4:$J$640,MATCH($E11&$C11,'ER C8 FLT3'!$A$4:$A$640&'ER C8 FLT3'!$B$4:$B$640-1,1),5),IF($H11=\"Class_7\",INDEX('ER C7 FLT3'!$A$4:$J$640,MATCH($E11&$C11,'ER C7 FLT3'!$A$4:$A$640&'ER C7 FLT3'!$B$4:$B$640-1,1),5),IF($H11=\"Class_6\",INDEX('ER C6 FLT3'!$A$4:$J$640,MATCH($E11&$C11,'ER C6 FLT3'!$A$4:$A$640&'ER C6 FLT3'!$B$4:$B$640-1,1),5)))),IF($B11=\"2 Trucks\",IF(OR($H11=\"Class_8\",$N11=\"Replacement8HHD\",$AH11=\"CL7HHD\",$AJ11=\"CL7to8\"),INDEX('ER C8 FLT2'!$A$4:$J$640,MATCH($E11&$C11,'ER C8 FLT2'!$A$4:$A$640&'ER C8 FLT2'!$B$4:$B$640-1,1),5),IF($H11=\"Class_7\",INDEX('ER C7 FLT2'!$A$4:$J$640,MATCH($E11&$C11,'ER C7 FLT2'!$A$4:$A$640&'ER C7 FLT2'!$B$4:$B$640-1,1),5),IF($H11=\"Class_6\",INDEX('ER C6 FLT2'!$A$4:$J$640,MATCH($E11&$C11,'ER C6 FLT2'!$A$4:$A$640&'ER C6 FLT2'!$B$4:$B$640-1,1),5)))),IF($B11=\"1 Truck\",IF(OR($H11=\"Class_8\",$N11=\"Replacement8HHD\",$AH11=\"CL7HHD\",$AJ11=\"CL7to8\"),INDEX('ER C8 FLT1'!$A$4:$J$640,MATCH($E11&$C11,'ER C8 FLT1'!$A$4:$A$640&'ER C8 FLT1'!$B$4:$B$640-1,1),5),IF($H11=\"Class_7\",INDEX('ER C7 FLT1'!$A$4:$J$640,MATCH($E11&$C11,'ER C7 FLT1'!$A$4:$A$640&'ER C7 FLT1'!$B$4:$B$640-1,1),5),IF($H11=\"Class_6\",INDEX('ER C6 FLT1'!$A$4:$J$640,MATCH($E11&$C11,'ER C6 FLT1'!$A$4:$A$640&'ER C6 FLT1'!$B$4:$B$640-1,1),5)))))))","v":false},{"$f":"IF($B11=\"3+ Trucks\",IF(OR($H11=\"Class_8\",$N11=\"Replacement8HHD\",$AH11=\"CL7HHD\",$AJ11=\"CL7to8\"),INDEX('ER C8 FLT3'!$A$4:$J$640,MATCH($E11&$C11,'ER C8 FLT3'!$A$4:$A$640&'ER C8 FLT3'!$B$4:$B$640-2,1),5),IF($H11=\"Class_7\",INDEX('ER C7 FLT3'!$A$4:$J$640,MATCH($E11&$C11,'ER C7 FLT3'!$A$4:$A$640&'ER C7 FLT3'!$B$4:$B$640-2,1),5),IF($H11=\"Class_6\",INDEX('ER C6 FLT3'!$A$4:$J$640,MATCH($E11&$C11,'ER C6 FLT3'!$A$4:$A$640&'ER C6 FLT3'!$B$4:$B$640-2,1),5)))),IF($B11=\"2 Trucks\",IF(OR($H11=\"Class_8\",$N11=\"Replacement8HHD\",$AH11=\"CL7HHD\",$AJ11=\"CL7to8\"),INDEX('ER C8 FLT2'!$A$4:$J$640,MATCH($E11&$C11,'ER C8 FLT2'!$A$4:$A$640&'ER C8 FLT2'!$B$4:$B$640-2,1),5),IF($H11=\"Class_7\",INDEX('ER C7 FLT2'!$A$4:$J$640,MATCH($E11&$C11,'ER C7 FLT2'!$A$4:$A$640&'ER C7 FLT2'!$B$4:$B$640-2,1),5),IF($H11=\"Class_6\",INDEX('ER C6 FLT2'!$A$4:$J$640,MATCH($E11&$C11,'ER C6 FLT2'!$A$4:$A$640&'ER C6 FLT2'!$B$4:$B$640-2,1),5)))),IF($B11=\"1 Truck\",IF(OR($H11=\"Class_8\",$N11=\"Replacement8HHD\",$AH11=\"CL7HHD\",$AJ11=\"CL7to8\"),INDEX('ER C8 FLT1'!$A$4:$J$640,MATCH($E11&$C11,'ER C8 FLT1'!$A$4:$A$640&'ER C8 FLT1'!$B$4:$B$640-2,1),5),IF($H11=\"Class_7\",INDEX('ER C7 FLT1'!$A$4:$J$640,MATCH($E11&$C11,'ER C7 FLT1'!$A$4:$A$640&'ER C7 FLT1'!$B$4:$B$640-2,1),5),IF($H11=\"Class_6\",INDEX('ER C6 FLT1'!$A$4:$J$640,MATCH($E11&$C11,'ER C6 FLT1'!$A$4:$A$640&'ER C6 FLT1'!$B$4:$B$640-2,1),5)))))))","v":false},{"$f":"IF($B11=\"3+ Trucks\",IF(OR($H11=\"Class_8\",$N11=\"Replacement8HHD\",$AH11=\"CL7HHD\",$AJ11=\"CL7to8\"),INDEX('ER C8 FLT3'!$A$4:$J$640,MATCH($E11&$C11,'ER C8 FLT3'!$A$4:$A$640&'ER C8 FLT3'!$B$4:$B$640-3,1),5),IF($H11=\"Class_7\",INDEX('ER C7 FLT3'!$A$4:$J$640,MATCH($E11&$C11,'ER C7 FLT3'!$A$4:$A$640&'ER C7 FLT3'!$B$4:$B$640-3,1),5),IF($H11=\"Class_6\",INDEX('ER C6 FLT3'!$A$4:$J$640,MATCH($E11&$C11,'ER C6 FLT3'!$A$4:$A$640&'ER C6 FLT3'!$B$4:$B$640-3,1),5)))),IF($B11=\"2 Trucks\",IF(OR($H11=\"Class_8\",$N11=\"Replacement8HHD\",$AH11=\"CL7HHD\",$AJ11=\"CL7to8\"),INDEX('ER C8 FLT2'!$A$4:$J$640,MATCH($E11&$C11,'ER C8 FLT2'!$A$4:$A$640&'ER C8 FLT2'!$B$4:$B$640-3,1),5),IF($H11=\"Class_7\",INDEX('ER C7 FLT2'!$A$4:$J$640,MATCH($E11&$C11,'ER C7 FLT2'!$A$4:$A$640&'ER C7 FLT2'!$B$4:$B$640-3,1),5),IF($H11=\"Class_6\",INDEX('ER C6 FLT2'!$A$4:$J$640,MATCH($E11&$C11,'ER C6 FLT2'!$A$4:$A$640&'ER C6 FLT2'!$B$4:$B$640-3,1),5)))),IF($B11=\"1 Truck\",IF(OR($H11=\"Class_8\",$N11=\"Replacement8HHD\",$AH11=\"CL7HHD\",$AJ11=\"CL7to8\"),INDEX('ER C8 FLT1'!$A$4:$J$640,MATCH($E11&$C11,'ER C8 FLT1'!$A$4:$A$640&'ER C8 FLT1'!$B$4:$B$640-3,1),5),IF($H11=\"Class_7\",INDEX('ER C7 FLT1'!$A$4:$J$640,MATCH($E11&$C11,'ER C7 FLT1'!$A$4:$A$640&'ER C7 FLT1'!$B$4:$B$640-3,1),5),IF($H11=\"Class_6\",INDEX('ER C6 FLT1'!$A$4:$J$640,MATCH($E11&$C11,'ER C6 FLT1'!$A$4:$A$640&'ER C6 FLT1'!$B$4:$B$640-3,1),5)))))))","v":false},{"$f":"IF($B11=\"3+ Trucks\",IF(OR($H11=\"Class_8\",$N11=\"Replacement8HHD\",$AH11=\"CL7HHD\",$AJ11=\"CL7to8\"),INDEX('ER C8 FLT3'!$A$4:$J$640,MATCH($E11&$C11,'ER C8 FLT3'!$A$4:$A$640&'ER C8 FLT3'!$B$4:$B$640-4,1),5),IF($H11=\"Class_7\",INDEX('ER C7 FLT3'!$A$4:$J$640,MATCH($E11&$C11,'ER C7 FLT3'!$A$4:$A$640&'ER C7 FLT3'!$B$4:$B$640-4,1),5),IF($H11=\"Class_6\",INDEX('ER C6 FLT3'!$A$4:$J$640,MATCH($E11&$C11,'ER C6 FLT3'!$A$4:$A$640&'ER C6 FLT3'!$B$4:$B$640-4,1),5)))),IF($B11=\"2 Trucks\",IF(OR($H11=\"Class_8\",$N11=\"Replacement8HHD\",$AH11=\"CL7HHD\",$AJ11=\"CL7to8\"),INDEX('ER C8 FLT2'!$A$4:$J$640,MATCH($E11&$C11,'ER C8 FLT2'!$A$4:$A$640&'ER C8 FLT2'!$B$4:$B$640-4,1),5),IF($H11=\"Class_7\",INDEX('ER C7 FLT2'!$A$4:$J$640,MATCH($E11&$C11,'ER C7 FLT2'!$A$4:$A$640&'ER C7 FLT2'!$B$4:$B$640-4,1),5),IF($H11=\"Class_6\",INDEX('ER C6 FLT2'!$A$4:$J$640,MATCH($E11&$C11,'ER C6 FLT2'!$A$4:$A$640&'ER C6 FLT2'!$B$4:$B$640-4,1),5)))),IF($B11=\"1 Truck\",IF(OR($H11=\"Class_8\",$N11=\"Replacement8HHD\",$AH11=\"CL7HHD\",$AJ11=\"CL7to8\"),INDEX('ER C8 FLT1'!$A$4:$J$640,MATCH($E11&$C11,'ER C8 FLT1'!$A$4:$A$640&'ER C8 FLT1'!$B$4:$B$640-4,1),5),IF($H11=\"Class_7\",INDEX('ER C7 FLT1'!$A$4:$J$640,MATCH($E11&$C11,'ER C7 FLT1'!$A$4:$A$640&'ER C7 FLT1'!$B$4:$B$640-4,1),5),IF($H11=\"Class_6\",INDEX('ER C6 FLT1'!$A$4:$J$640,MATCH($E11&$C11,'ER C6 FLT1'!$A$4:$A$640&'ER C6 FLT1'!$B$4:$B$640-4,1),5)))))))","v":false},{"$f":"IF(OR($R11=\"Diesel\",$R11=\"LNG/CNG\",$R11=\"Hybrid\",$R11=\"Electric w/ AB-118\"),IF($B11=\"3+ Trucks\",IF(OR($O11=\"Class_8\",$N11=\"Replacement8HHD\",$AI11=\"CL7HHD\"),INDEX('ER C8 FLT3'!$A$4:$J$640,MATCH(DropData!$J51&$C11,'ER C8 FLT3'!$A$4:$A$640&'ER C8 FLT3'!$B$4:$B$640,1),5)*IF(OR($O11=\"Class_8\",$N11=\"Replacement8HHD\",$AI11=\"CL7HHD\"),INDEX('ER C8 FLT3'!$A$4:$J$640,MATCH(DropData!$J51&$C11,'ER C8 FLT3'!$A$4:$A$640&'ER C8 FLT3'!$B$4:$B$640,1),7)),IF($O11=\"Class_7\",INDEX('ER C7 FLT3'!$A$4:$J$640,MATCH(DropData!$J51&$C11,'ER C7 FLT3'!$A$4:$A$640&'ER C7 FLT3'!$B$4:$B$640,1),5)*IF($O11=\"Class_7\",INDEX('ER C7 FLT3'!$A$4:$J$640,MATCH(DropData!$J51&$C11,'ER C7 FLT3'!$A$4:$A$640&'ER C7 FLT3'!$B$4:$B$640,1),7)),IF($O11=\"Class_6\",INDEX('ER C6 FLT3'!$A$4:$J$640,MATCH(DropData!$J51&$C11,'ER C6 FLT3'!$A$4:$A$640&'ER C6 FLT3'!$B$4:$B$640,1),5)*IF($O11=\"Class_6\",INDEX('ER C6 FLT3'!$A$4:$J$640,MATCH(DropData!$J51&$C11,'ER C6 FLT3'!$A$4:$A$640&'ER C6 FLT3'!$B$4:$B$640,1),7))))),IF($B11=\"2 Trucks\",IF(OR($O11=\"Class_8\",$N11=\"Replacement8HHD\",$AI11=\"CL7HHD\"),INDEX('ER C8 FLT2'!$A$4:$J$640,MATCH(DropData!$J51&$C11,'ER C8 FLT2'!$A$4:$A$640&'ER C8 FLT2'!$B$4:$B$640,1),5)*IF(OR($O11=\"Class_8\",$N11=\"Replacement8HHD\",$AI11=\"CL7HHD\"),INDEX('ER C8 FLT2'!$A$4:$J$640,MATCH(DropData!$J51&$C11,'ER C8 FLT2'!$A$4:$A$640&'ER C8 FLT2'!$B$4:$B$640,1),7)),IF($O11=\"Class_7\",INDEX('ER C7 FLT2'!$A$4:$J$640,MATCH(DropData!$J51&$C11,'ER C7 FLT2'!$A$4:$A$640&'ER C7 FLT2'!$B$4:$B$640,1),5)*IF($O11=\"Class_7\",INDEX('ER C7 FLT2'!$A$4:$J$640,MATCH(DropData!$J51&$C11,'ER C7 FLT2'!$A$4:$A$640&'ER C7 FLT2'!$B$4:$B$640,1),7)),IF($O11=\"Class_6\",INDEX('ER C6 FLT2'!$A$4:$J$640,MATCH(DropData!$J51&$C11,'ER C6 FLT2'!$A$4:$A$640&'ER C6 FLT2'!$B$4:$B$640,1),5)*IF($O11=\"Class_6\",INDEX('ER C6 FLT2'!$A$4:$J$640,MATCH(DropData!$J51&$C11,'ER C6 FLT2'!$A$4:$A$640&'ER C6 FLT2'!$B$4:$B$640,1),7))))),IF($B11=\"1 Truck\",IF(OR($O11=\"Class_8\",$N11=\"Replacement8HHD\",$AI11=\"CL7HHD\"),INDEX('ER C8 FLT1'!$A$4:$J$640,MATCH(DropData!$J51&$C11,'ER C8 FLT1'!$A$4:$A$640&'ER C8 FLT1'!$B$4:$B$640,1),5)*IF(OR($O11=\"Class_8\",$N11=\"Replacement8HHD\",$AI11=\"CL7HHD\"),INDEX('ER C8 FLT1'!$A$4:$J$640,MATCH(DropData!$J51&$C11,'ER C8 FLT1'!$A$4:$A$640&'ER C8 FLT1'!$B$4:$B$640,1),7)),IF($O11=\"Class_7\",INDEX('ER C7 FLT1'!$A$4:$J$640,MATCH(DropData!$J51&$C11,'ER C7 FLT1'!$A$4:$A$640&'ER C7 FLT1'!$B$4:$B$640,1),5)*IF($O11=\"Class_7\",INDEX('ER C7 FLT1'!$A$4:$J$640,MATCH(DropData!$J51&$C11,'ER C7 FLT1'!$A$4:$A$640&'ER C7 FLT1'!$B$4:$B$640,1),7)),IF($O11=\"Class_6\",INDEX('ER C6 FLT1'!$A$4:$J$640,MATCH(DropData!$J51&$C11,'ER C6 FLT1'!$A$4:$A$640&'ER C6 FLT1'!$B$4:$B$640,1),5)*IF($O11=\"Class_6\",INDEX('ER C6 FLT1'!$A$4:$J$640,MATCH(DropData!$J51&$C11,'ER C6 FLT1'!$A$4:$A$640&'ER C6 FLT1'!$B$4:$B$640,1),7)))))))),IF($R11=\"Electric\",INDEX('ER Electric'!$A$6:$E$44,MATCH($C11&$O11,'ER Electric'!$A$6:$A$44&'ER Electric'!$B$6:$B$44,1),4)))*(($Q11+$AC11)/453.6)","v":0},{"$f":"IF(OR($R11=\"Diesel\",$R11=\"LNG/CNG\",$R11=\"Hybrid\",$R11=\"Electric w/ AB-118\"),IF($B11=\"3+ Trucks\",IF(OR($O11=\"Class_8\",$N11=\"Replacement8HHD\",$AI11=\"CL7HHD\"),INDEX('ER C8 FLT3'!$A$4:$J$640,MATCH(DropData!$J51&$C11,'ER C8 FLT3'!$A$4:$A$640&'ER C8 FLT3'!$B$4:$B$640-1,1),5)*IF(OR($O11=\"Class_8\",$N11=\"Replacement8HHD\",$AI11=\"CL7HHD\"),INDEX('ER C8 FLT3'!$A$4:$J$640,MATCH(DropData!$J51&$C11,'ER C8 FLT3'!$A$4:$A$640&'ER C8 FLT3'!$B$4:$B$640-1,1),7)),IF($O11=\"Class_7\",INDEX('ER C7 FLT3'!$A$4:$J$640,MATCH(DropData!$J51&$C11,'ER C7 FLT3'!$A$4:$A$640&'ER C7 FLT3'!$B$4:$B$640-1,1),5)*IF($O11=\"Class_7\",INDEX('ER C7 FLT3'!$A$4:$J$640,MATCH(DropData!$J51&$C11,'ER C7 FLT3'!$A$4:$A$640&'ER C7 FLT3'!$B$4:$B$640-1,1),7)),IF($O11=\"Class_6\",INDEX('ER C6 FLT3'!$A$4:$J$640,MATCH(DropData!$J51&$C11,'ER C6 FLT3'!$A$4:$A$640&'ER C6 FLT3'!$B$4:$B$640-1,1),5)*IF($O11=\"Class_6\",INDEX('ER C6 FLT3'!$A$4:$J$640,MATCH(DropData!$J51&$C11,'ER C6 FLT3'!$A$4:$A$640&'ER C6 FLT3'!$B$4:$B$640-1,1),7))))),IF($B11=\"2 Trucks\",IF(OR($O11=\"Class_8\",$N11=\"Replacement8HHD\",$AI11=\"CL7HHD\"),INDEX('ER C8 FLT2'!$A$4:$J$640,MATCH(DropData!$J51&$C11,'ER C8 FLT2'!$A$4:$A$640&'ER C8 FLT2'!$B$4:$B$640-1,1),5)*IF(OR($O11=\"Class_8\",$N11=\"Replacement8HHD\",$AI11=\"CL7HHD\"),INDEX('ER C8 FLT2'!$A$4:$J$640,MATCH(DropData!$J51&$C11,'ER C8 FLT2'!$A$4:$A$640&'ER C8 FLT2'!$B$4:$B$640-1,1),7)),IF($O11=\"Class_7\",INDEX('ER C7 FLT2'!$A$4:$J$640,MATCH(DropData!$J51&$C11,'ER C7 FLT2'!$A$4:$A$640&'ER C7 FLT2'!$B$4:$B$640-1,1),5)*IF($O11=\"Class_7\",INDEX('ER C7 FLT2'!$A$4:$J$640,MATCH(DropData!$J51&$C11,'ER C7 FLT2'!$A$4:$A$640&'ER C7 FLT2'!$B$4:$B$640-1,1),7)),IF($O11=\"Class_6\",INDEX('ER C6 FLT2'!$A$4:$J$640,MATCH(DropData!$J51&$C11,'ER C6 FLT2'!$A$4:$A$640&'ER C6 FLT2'!$B$4:$B$640-1,1),5)*IF($O11=\"Class_6\",INDEX('ER C6 FLT2'!$A$4:$J$640,MATCH(DropData!$J51&$C11,'ER C6 FLT2'!$A$4:$A$640&'ER C6 FLT2'!$B$4:$B$640-1,1),7))))),IF($B11=\"1 Truck\",IF(OR($O11=\"Class_8\",$N11=\"Replacement8HHD\",$AI11=\"CL7HHD\"),INDEX('ER C8 FLT1'!$A$4:$J$640,MATCH(DropData!$J51&$C11,'ER C8 FLT1'!$A$4:$A$640&'ER C8 FLT1'!$B$4:$B$640-1,1),5)*IF(OR($O11=\"Class_8\",$N11=\"Replacement8HHD\",$AI11=\"CL7HHD\"),INDEX('ER C8 FLT1'!$A$4:$J$640,MATCH(DropData!$J51&$C11,'ER C8 FLT1'!$A$4:$A$640&'ER C8 FLT1'!$B$4:$B$640-1,1),7)),IF($O11=\"Class_7\",INDEX('ER C7 FLT1'!$A$4:$J$640,MATCH(DropData!$J51&$C11,'ER C7 FLT1'!$A$4:$A$640&'ER C7 FLT1'!$B$4:$B$640-1,1),5)*IF($O11=\"Class_7\",INDEX('ER C7 FLT1'!$A$4:$J$640,MATCH(DropData!$J51&$C11,'ER C7 FLT1'!$A$4:$A$640&'ER C7 FLT1'!$B$4:$B$640-1,1),7)),IF($O11=\"Class_6\",INDEX('ER C6 FLT1'!$A$4:$J$640,MATCH(DropData!$J51&$C11,'ER C6 FLT1'!$A$4:$A$640&'ER C6 FLT1'!$B$4:$B$640-1,1),5)*IF($O11=\"Class_6\",INDEX('ER C6 FLT1'!$A$4:$J$640,MATCH(DropData!$J51&$C11,'ER C6 FLT1'!$A$4:$A$640&'ER C6 FLT1'!$B$4:$B$640-1,1),7)))))))),IF($R11=\"Electric\",OFFSET(INDEX('ER Electric'!$A$6:$E$44,MATCH($C11&$O11,'ER Electric'!$A$6:$A$44&'ER Electric'!$B$6:$B$44,1),4),3,0)))*(($Q11+$AC11)/453.6)","v":0},{"$f":"IF(OR($R11=\"Diesel\",$R11=\"LNG/CNG\",$R11=\"Hybrid\",$R11=\"Electric w/ AB-118\"),IF($B11=\"3+ Trucks\",IF(OR($O11=\"Class_8\",$N11=\"Replacement8HHD\",$AI11=\"CL7HHD\"),INDEX('ER C8 FLT3'!$A$4:$J$640,MATCH(DropData!$J51&$C11,'ER C8 FLT3'!$A$4:$A$640&'ER C8 FLT3'!$B$4:$B$640-2,1),5)*IF(OR($O11=\"Class_8\",$N11=\"Replacement8HHD\",$AI11=\"CL7HHD\"),INDEX('ER C8 FLT3'!$A$4:$J$640,MATCH(DropData!$J51&$C11,'ER C8 FLT3'!$A$4:$A$640&'ER C8 FLT3'!$B$4:$B$640-2,1),7)),IF($O11=\"Class_7\",INDEX('ER C7 FLT3'!$A$4:$J$640,MATCH(DropData!$J51&$C11,'ER C7 FLT3'!$A$4:$A$640&'ER C7 FLT3'!$B$4:$B$640-2,1),5)*IF($O11=\"Class_7\",INDEX('ER C7 FLT3'!$A$4:$J$640,MATCH(DropData!$J51&$C11,'ER C7 FLT3'!$A$4:$A$640&'ER C7 FLT3'!$B$4:$B$640-2,1),7)),IF($O11=\"Class_6\",INDEX('ER C6 FLT3'!$A$4:$J$640,MATCH(DropData!$J51&$C11,'ER C6 FLT3'!$A$4:$A$640&'ER C6 FLT3'!$B$4:$B$640-2,1),5)*IF($O11=\"Class_6\",INDEX('ER C6 FLT3'!$A$4:$J$640,MATCH(DropData!$J51&$C11,'ER C6 FLT3'!$A$4:$A$640&'ER C6 FLT3'!$B$4:$B$640-2,1),7))))),IF($B11=\"2 Trucks\",IF(OR($O11=\"Class_8\",$N11=\"Replacement8HHD\",$AI11=\"CL7HHD\"),INDEX('ER C8 FLT2'!$A$4:$J$640,MATCH(DropData!$J51&$C11,'ER C8 FLT2'!$A$4:$A$640&'ER C8 FLT2'!$B$4:$B$640-2,1),5)*IF(OR($O11=\"Class_8\",$N11=\"Replacement8HHD\",$AI11=\"CL7HHD\"),INDEX('ER C8 FLT2'!$A$4:$J$640,MATCH(DropData!$J51&$C11,'ER C8 FLT2'!$A$4:$A$640&'ER C8 FLT2'!$B$4:$B$640-2,1),7)),IF($O11=\"Class_7\",INDEX('ER C7 FLT2'!$A$4:$J$640,MATCH(DropData!$J51&$C11,'ER C7 FLT2'!$A$4:$A$640&'ER C7 FLT2'!$B$4:$B$640-2,1),5)*IF($O11=\"Class_7\",INDEX('ER C7 FLT2'!$A$4:$J$640,MATCH(DropData!$J51&$C11,'ER C7 FLT2'!$A$4:$A$640&'ER C7 FLT2'!$B$4:$B$640-2,1),7)),IF($O11=\"Class_6\",INDEX('ER C6 FLT2'!$A$4:$J$640,MATCH(DropData!$J51&$C11,'ER C6 FLT2'!$A$4:$A$640&'ER C6 FLT2'!$B$4:$B$640-2,1),5)*IF($O11=\"Class_6\",INDEX('ER C6 FLT2'!$A$4:$J$640,MATCH(DropData!$J51&$C11,'ER C6 FLT2'!$A$4:$A$640&'ER C6 FLT2'!$B$4:$B$640-2,1),7))))),IF($B11=\"1 Truck\",IF(OR($O11=\"Class_8\",$N11=\"Replacement8HHD\",$AI11=\"CL7HHD\"),INDEX('ER C8 FLT1'!$A$4:$J$640,MATCH(DropData!$J51&$C11,'ER C8 FLT1'!$A$4:$A$640&'ER C8 FLT1'!$B$4:$B$640-2,1),5)*IF(OR($O11=\"Class_8\",$N11=\"Replacement8HHD\",$AI11=\"CL7HHD\"),INDEX('ER C8 FLT1'!$A$4:$J$640,MATCH(DropData!$J51&$C11,'ER C8 FLT1'!$A$4:$A$640&'ER C8 FLT1'!$B$4:$B$640-2,1),7)),IF($O11=\"Class_7\",INDEX('ER C7 FLT1'!$A$4:$J$640,MATCH(DropData!$J51&$C11,'ER C7 FLT1'!$A$4:$A$640&'ER C7 FLT1'!$B$4:$B$640-2,1),5)*IF($O11=\"Class_7\",INDEX('ER C7 FLT1'!$A$4:$J$640,MATCH(DropData!$J51&$C11,'ER C7 FLT1'!$A$4:$A$640&'ER C7 FLT1'!$B$4:$B$640-2,1),7)),IF($O11=\"Class_6\",INDEX('ER C6 FLT1'!$A$4:$J$640,MATCH(DropData!$J51&$C11,'ER C6 FLT1'!$A$4:$A$640&'ER C6 FLT1'!$B$4:$B$640-2,1),5)*IF($O11=\"Class_6\",INDEX('ER C6 FLT1'!$A$4:$J$640,MATCH(DropData!$J51&$C11,'ER C6 FLT1'!$A$4:$A$640&'ER C6 FLT1'!$B$4:$B$640-2,1),7)))))))),IF($R11=\"Electric\",OFFSET(INDEX('ER Electric'!$A$6:$E$44,MATCH($C11&$O11,'ER Electric'!$A$6:$A$44&'ER Electric'!$B$6:$B$44,1),4),6,0)))*(($Q11+$AC11)/453.6)","v":0},{"$f":"IF(OR($R11=\"Diesel\",$R11=\"LNG/CNG\",$R11=\"Hybrid\",$R11=\"Electric w/ AB-118\"),IF($B11=\"3+ Trucks\",IF(OR($O11=\"Class_8\",$N11=\"Replacement8HHD\",$AI11=\"CL7HHD\"),INDEX('ER C8 FLT3'!$A$4:$J$640,MATCH(DropData!$J51&$C11,'ER C8 FLT3'!$A$4:$A$640&'ER C8 FLT3'!$B$4:$B$640-3,1),5)*IF(OR($O11=\"Class_8\",$N11=\"Replacement8HHD\",$AI11=\"CL7HHD\"),INDEX('ER C8 FLT3'!$A$4:$J$640,MATCH(DropData!$J51&$C11,'ER C8 FLT3'!$A$4:$A$640&'ER C8 FLT3'!$B$4:$B$640-3,1),7)),IF($O11=\"Class_7\",INDEX('ER C7 FLT3'!$A$4:$J$640,MATCH(DropData!$J51&$C11,'ER C7 FLT3'!$A$4:$A$640&'ER C7 FLT3'!$B$4:$B$640-3,1),5)*IF($O11=\"Class_7\",INDEX('ER C7 FLT3'!$A$4:$J$640,MATCH(DropData!$J51&$C11,'ER C7 FLT3'!$A$4:$A$640&'ER C7 FLT3'!$B$4:$B$640-3,1),7)),IF($O11=\"Class_6\",INDEX('ER C6 FLT3'!$A$4:$J$640,MATCH(DropData!$J51&$C11,'ER C6 FLT3'!$A$4:$A$640&'ER C6 FLT3'!$B$4:$B$640-3,1),5)*IF($O11=\"Class_6\",INDEX('ER C6 FLT3'!$A$4:$J$640,MATCH(DropData!$J51&$C11,'ER C6 FLT3'!$A$4:$A$640&'ER C6 FLT3'!$B$4:$B$640-3,1),7))))),IF($B11=\"2 Trucks\",IF(OR($O11=\"Class_8\",$N11=\"Replacement8HHD\",$AI11=\"CL7HHD\"),INDEX('ER C8 FLT2'!$A$4:$J$640,MATCH(DropData!$J51&$C11,'ER C8 FLT2'!$A$4:$A$640&'ER C8 FLT2'!$B$4:$B$640-3,1),5)*IF(OR($O11=\"Class_8\",$N11=\"Replacement8HHD\",$AI11=\"CL7HHD\"),INDEX('ER C8 FLT2'!$A$4:$J$640,MATCH(DropData!$J51&$C11,'ER C8 FLT2'!$A$4:$A$640&'ER C8 FLT2'!$B$4:$B$640-3,1),7)),IF($O11=\"Class_7\",INDEX('ER C7 FLT2'!$A$4:$J$640,MATCH(DropData!$J51&$C11,'ER C7 FLT2'!$A$4:$A$640&'ER C7 FLT2'!$B$4:$B$640-3,1),5)*IF($O11=\"Class_7\",INDEX('ER C7 FLT2'!$A$4:$J$640,MATCH(DropData!$J51&$C11,'ER C7 FLT2'!$A$4:$A$640&'ER C7 FLT2'!$B$4:$B$640-3,1),7)),IF($O11=\"Class_6\",INDEX('ER C6 FLT2'!$A$4:$J$640,MATCH(DropData!$J51&$C11,'ER C6 FLT2'!$A$4:$A$640&'ER C6 FLT2'!$B$4:$B$640-3,1),5)*IF($O11=\"Class_6\",INDEX('ER C6 FLT2'!$A$4:$J$640,MATCH(DropData!$J51&$C11,'ER C6 FLT2'!$A$4:$A$640&'ER C6 FLT2'!$B$4:$B$640-3,1),7))))),IF($B11=\"1 Truck\",IF(OR($O11=\"Class_8\",$N11=\"Replacement8HHD\",$AI11=\"CL7HHD\"),INDEX('ER C8 FLT1'!$A$4:$J$640,MATCH(DropData!$J51&$C11,'ER C8 FLT1'!$A$4:$A$640&'ER C8 FLT1'!$B$4:$B$640-3,1),5)*IF(OR($O11=\"Class_8\",$N11=\"Replacement8HHD\",$AI11=\"CL7HHD\"),INDEX('ER C8 FLT1'!$A$4:$J$640,MATCH(DropData!$J51&$C11,'ER C8 FLT1'!$A$4:$A$640&'ER C8 FLT1'!$B$4:$B$640-3,1),7)),IF($O11=\"Class_7\",INDEX('ER C7 FLT1'!$A$4:$J$640,MATCH(DropData!$J51&$C11,'ER C7 FLT1'!$A$4:$A$640&'ER C7 FLT1'!$B$4:$B$640-3,1),5)*IF($O11=\"Class_7\",INDEX('ER C7 FLT1'!$A$4:$J$640,MATCH(DropData!$J51&$C11,'ER C7 FLT1'!$A$4:$A$640&'ER C7 FLT1'!$B$4:$B$640-3,1),7)),IF($O11=\"Class_6\",INDEX('ER C6 FLT1'!$A$4:$J$640,MATCH(DropData!$J51&$C11,'ER C6 FLT1'!$A$4:$A$640&'ER C6 FLT1'!$B$4:$B$640-3,1),5)*IF($O11=\"Class_6\",INDEX('ER C6 FLT1'!$A$4:$J$640,MATCH(DropData!$J51&$C11,'ER C6 FLT1'!$A$4:$A$640&'ER C6 FLT1'!$B$4:$B$640-3,1),7)))))))),IF($R11=\"Electric\",OFFSET(INDEX('ER Electric'!$A$6:$E$44,MATCH($C11&$O11,'ER Electric'!$A$6:$A$44&'ER Electric'!$B$6:$B$44,1),4),9,0)))*(($Q11+$AC11)/453.6)","v":0},{"$f":"IF(OR($R11=\"Diesel\",$R11=\"LNG/CNG\",$R11=\"Hybrid\",$R11=\"Electric w/ AB-118\"),IF($B11=\"3+ Trucks\",IF(OR($O11=\"Class_8\",$N11=\"Replacement8HHD\",$AI11=\"CL7HHD\"),INDEX('ER C8 FLT3'!$A$4:$J$640,MATCH(DropData!$J51&$C11,'ER C8 FLT3'!$A$4:$A$640&'ER C8 FLT3'!$B$4:$B$640-4,1),5)*IF(OR($O11=\"Class_8\",$N11=\"Replacement8HHD\",$AI11=\"CL7HHD\"),INDEX('ER C8 FLT3'!$A$4:$J$640,MATCH(DropData!$J51&$C11,'ER C8 FLT3'!$A$4:$A$640&'ER C8 FLT3'!$B$4:$B$640-4,1),7)),IF($O11=\"Class_7\",INDEX('ER C7 FLT3'!$A$4:$J$640,MATCH(DropData!$J51&$C11,'ER C7 FLT3'!$A$4:$A$640&'ER C7 FLT3'!$B$4:$B$640-4,1),5)*IF($O11=\"Class_7\",INDEX('ER C7 FLT3'!$A$4:$J$640,MATCH(DropData!$J51&$C11,'ER C7 FLT3'!$A$4:$A$640&'ER C7 FLT3'!$B$4:$B$640-4,1),7)),IF($O11=\"Class_6\",INDEX('ER C6 FLT3'!$A$4:$J$640,MATCH(DropData!$J51&$C11,'ER C6 FLT3'!$A$4:$A$640&'ER C6 FLT3'!$B$4:$B$640-4,1),5)*IF($O11=\"Class_6\",INDEX('ER C6 FLT3'!$A$4:$J$640,MATCH(DropData!$J51&$C11,'ER C6 FLT3'!$A$4:$A$640&'ER C6 FLT3'!$B$4:$B$640-4,1),7))))),IF($B11=\"2 Trucks\",IF(OR($O11=\"Class_8\",$N11=\"Replacement8HHD\",$AI11=\"CL7HHD\"),INDEX('ER C8 FLT2'!$A$4:$J$640,MATCH(DropData!$J51&$C11,'ER C8 FLT2'!$A$4:$A$640&'ER C8 FLT2'!$B$4:$B$640-4,1),5)*IF(OR($O11=\"Class_8\",$N11=\"Replacement8HHD\",$AI11=\"CL7HHD\"),INDEX('ER C8 FLT2'!$A$4:$J$640,MATCH(DropData!$J51&$C11,'ER C8 FLT2'!$A$4:$A$640&'ER C8 FLT2'!$B$4:$B$640-4,1),7)),IF($O11=\"Class_7\",INDEX('ER C7 FLT2'!$A$4:$J$640,MATCH(DropData!$J51&$C11,'ER C7 FLT2'!$A$4:$A$640&'ER C7 FLT2'!$B$4:$B$640-4,1),5)*IF($O11=\"Class_7\",INDEX('ER C7 FLT2'!$A$4:$J$640,MATCH(DropData!$J51&$C11,'ER C7 FLT2'!$A$4:$A$640&'ER C7 FLT2'!$B$4:$B$640-4,1),7)),IF($O11=\"Class_6\",INDEX('ER C6 FLT2'!$A$4:$J$640,MATCH(DropData!$J51&$C11,'ER C6 FLT2'!$A$4:$A$640&'ER C6 FLT2'!$B$4:$B$640-4,1),5)*IF($O11=\"Class_6\",INDEX('ER C6 FLT2'!$A$4:$J$640,MATCH(DropData!$J51&$C11,'ER C6 FLT2'!$A$4:$A$640&'ER C6 FLT2'!$B$4:$B$640-4,1),7))))),IF($B11=\"1 Truck\",IF(OR($O11=\"Class_8\",$N11=\"Replacement8HHD\",$AI11=\"CL7HHD\"),INDEX('ER C8 FLT1'!$A$4:$J$640,MATCH(DropData!$J51&$C11,'ER C8 FLT1'!$A$4:$A$640&'ER C8 FLT1'!$B$4:$B$640-4,1),5)*IF(OR($O11=\"Class_8\",$N11=\"Replacement8HHD\",$AI11=\"CL7HHD\"),INDEX('ER C8 FLT1'!$A$4:$J$640,MATCH(DropData!$J51&$C11,'ER C8 FLT1'!$A$4:$A$640&'ER C8 FLT1'!$B$4:$B$640-4,1),7)),IF($O11=\"Class_7\",INDEX('ER C7 FLT1'!$A$4:$J$640,MATCH(DropData!$J51&$C11,'ER C7 FLT1'!$A$4:$A$640&'ER C7 FLT1'!$B$4:$B$640-4,1),5)*IF($O11=\"Class_7\",INDEX('ER C7 FLT1'!$A$4:$J$640,MATCH(DropData!$J51&$C11,'ER C7 FLT1'!$A$4:$A$640&'ER C7 FLT1'!$B$4:$B$640-4,1),7)),IF($O11=\"Class_6\",INDEX('ER C6 FLT1'!$A$4:$J$640,MATCH(DropData!$J51&$C11,'ER C6 FLT1'!$A$4:$A$640&'ER C6 FLT1'!$B$4:$B$640-4,1),5)*IF($O11=\"Class_6\",INDEX('ER C6 FLT1'!$A$4:$J$640,MATCH(DropData!$J51&$C11,'ER C6 FLT1'!$A$4:$A$640&'ER C6 FLT1'!$B$4:$B$640-4,1),7)))))))),IF($R11=\"Electric\",OFFSET(INDEX('ER Electric'!$A$6:$E$44,MATCH($C11&$O11,'ER Electric'!$A$6:$A$44&'ER Electric'!$B$6:$B$44,1),4),12,0)))*(($Q11+$AC11)/453.6)","v":0},{"$f":"IF(OR($R11=\"Diesel\",$R11=\"LNG/CNG\",$R11=\"Hybrid\",$R11=\"Electric w/ AB-118\"),IF($B11=\"3+ Trucks\",IF(OR($O11=\"Class_8\",$N11=\"Replacement8HHD\",$AI11=\"CL7HHD\"),INDEX('ER C8 FLT3'!$A$4:$J$640,MATCH(DropData!$J51&$C11,'ER C8 FLT3'!$A$4:$A$640&'ER C8 FLT3'!$B$4:$B$640,1),5)*IF(OR($O11=\"Class_8\",$N11=\"Replacement8HHD\",$AI11=\"CL7HHD\"),INDEX('ER C8 FLT3'!$A$4:$J$640,MATCH(DropData!$J51&$C11,'ER C8 FLT3'!$A$4:$A$640&'ER C8 FLT3'!$B$4:$B$640,1),7)),IF($O11=\"Class_7\",INDEX('ER C7 FLT3'!$A$4:$J$640,MATCH(DropData!$J51&$C11,'ER C7 FLT3'!$A$4:$A$640&'ER C7 FLT3'!$B$4:$B$640,1),5)*IF($O11=\"Class_7\",INDEX('ER C7 FLT3'!$A$4:$J$640,MATCH(DropData!$J51&$C11,'ER C7 FLT3'!$A$4:$A$640&'ER C7 FLT3'!$B$4:$B$640,1),7)),IF($O11=\"Class_6\",INDEX('ER C6 FLT3'!$A$4:$J$640,MATCH(DropData!$J51&$C11,'ER C6 FLT3'!$A$4:$A$640&'ER C6 FLT3'!$B$4:$B$640,1),5)*IF($O11=\"Class_6\",INDEX('ER C6 FLT3'!$A$4:$J$640,MATCH(DropData!$J51&$C11,'ER C6 FLT3'!$A$4:$A$640&'ER C6 FLT3'!$B$4:$B$640,1),7))))),IF($B11=\"2 Trucks\",IF(OR($O11=\"Class_8\",$N11=\"Replacement8HHD\",$AI11=\"CL7HHD\"),INDEX('ER C8 FLT2'!$A$4:$J$640,MATCH(DropData!$J51&$C11,'ER C8 FLT2'!$A$4:$A$640&'ER C8 FLT2'!$B$4:$B$640,1),5)*IF(OR($O11=\"Class_8\",$N11=\"Replacement8HHD\",$AI11=\"CL7HHD\"),INDEX('ER C8 FLT2'!$A$4:$J$640,MATCH(DropData!$J51&$C11,'ER C8 FLT2'!$A$4:$A$640&'ER C8 FLT2'!$B$4:$B$640,1),7)),IF($O11=\"Class_7\",INDEX('ER C7 FLT2'!$A$4:$J$640,MATCH(DropData!$J51&$C11,'ER C7 FLT2'!$A$4:$A$640&'ER C7 FLT2'!$B$4:$B$640,1),5)*IF($O11=\"Class_7\",INDEX('ER C7 FLT2'!$A$4:$J$640,MATCH(DropData!$J51&$C11,'ER C7 FLT2'!$A$4:$A$640&'ER C7 FLT2'!$B$4:$B$640,1),7)),IF($O11=\"Class_6\",INDEX('ER C6 FLT2'!$A$4:$J$640,MATCH(DropData!$J51&$C11,'ER C6 FLT2'!$A$4:$A$640&'ER C6 FLT2'!$B$4:$B$640,1),5)*IF($O11=\"Class_6\",INDEX('ER C6 FLT2'!$A$4:$J$640,MATCH(DropData!$J51&$C11,'ER C6 FLT2'!$A$4:$A$640&'ER C6 FLT2'!$B$4:$B$640,1),7))))),IF($B11=\"1 Truck\",IF(OR($O11=\"Class_8\",$N11=\"Replacement8HHD\",$AI11=\"CL7HHD\"),INDEX('ER C8 FLT1'!$A$4:$J$640,MATCH(DropData!$J51&$C11,'ER C8 FLT1'!$A$4:$A$640&'ER C8 FLT1'!$B$4:$B$640,1),5)*IF(OR($O11=\"Class_8\",$N11=\"Replacement8HHD\",$AI11=\"CL7HHD\"),INDEX('ER C8 FLT1'!$A$4:$J$640,MATCH(DropData!$J51&$C11,'ER C8 FLT1'!$A$4:$A$640&'ER C8 FLT1'!$B$4:$B$640,1),7)),IF($O11=\"Class_7\",INDEX('ER C7 FLT1'!$A$4:$J$640,MATCH(DropData!$J51&$C11,'ER C7 FLT1'!$A$4:$A$640&'ER C7 FLT1'!$B$4:$B$640,1),5)*IF($O11=\"Class_7\",INDEX('ER C7 FLT1'!$A$4:$J$640,MATCH(DropData!$J51&$C11,'ER C7 FLT1'!$A$4:$A$640&'ER C7 FLT1'!$B$4:$B$640,1),7)),IF($O11=\"Class_6\",INDEX('ER C6 FLT1'!$A$4:$J$640,MATCH(DropData!$J51&$C11,'ER C6 FLT1'!$A$4:$A$640&'ER C6 FLT1'!$B$4:$B$640,1),5)*IF($O11=\"Class_6\",INDEX('ER C6 FLT1'!$A$4:$J$640,MATCH(DropData!$J51&$C11,'ER C6 FLT1'!$A$4:$A$640&'ER C6 FLT1'!$B$4:$B$640,1),7)))))))),IF($R11=\"Electric\",INDEX('ER Electric'!$A$6:$E$44,MATCH($C11&$O11,'ER Electric'!$A$6:$A$44&'ER Electric'!$B$6:$B$44,1),4)))","v":false},{"$f":"IF(OR($R11=\"Diesel\",$R11=\"LNG/CNG\",$R11=\"Hybrid\",$R11=\"Electric w/ AB-118\"),IF($B11=\"3+ Trucks\",IF(OR($O11=\"Class_8\",$N11=\"Replacement8HHD\",$AI11=\"CL7HHD\"),INDEX('ER C8 FLT3'!$A$4:$J$640,MATCH(DropData!$J51&$C11,'ER C8 FLT3'!$A$4:$A$640&'ER C8 FLT3'!$B$4:$B$640-1,1),5)*IF(OR($O11=\"Class_8\",$N11=\"Replacement8HHD\",$AI11=\"CL7HHD\"),INDEX('ER C8 FLT3'!$A$4:$J$640,MATCH(DropData!$J51&$C11,'ER C8 FLT3'!$A$4:$A$640&'ER C8 FLT3'!$B$4:$B$640-1,1),7)),IF($O11=\"Class_7\",INDEX('ER C7 FLT3'!$A$4:$J$640,MATCH(DropData!$J51&$C11,'ER C7 FLT3'!$A$4:$A$640&'ER C7 FLT3'!$B$4:$B$640-1,1),5)*IF($O11=\"Class_7\",INDEX('ER C7 FLT3'!$A$4:$J$640,MATCH(DropData!$J51&$C11,'ER C7 FLT3'!$A$4:$A$640&'ER C7 FLT3'!$B$4:$B$640-1,1),7)),IF($O11=\"Class_6\",INDEX('ER C6 FLT3'!$A$4:$J$640,MATCH(DropData!$J51&$C11,'ER C6 FLT3'!$A$4:$A$640&'ER C6 FLT3'!$B$4:$B$640-1,1),5)*IF($O11=\"Class_6\",INDEX('ER C6 FLT3'!$A$4:$J$640,MATCH(DropData!$J51&$C11,'ER C6 FLT3'!$A$4:$A$640&'ER C6 FLT3'!$B$4:$B$640-1,1),7))))),IF($B11=\"2 Trucks\",IF(OR($O11=\"Class_8\",$N11=\"Replacement8HHD\",$AI11=\"CL7HHD\"),INDEX('ER C8 FLT2'!$A$4:$J$640,MATCH(DropData!$J51&$C11,'ER C8 FLT2'!$A$4:$A$640&'ER C8 FLT2'!$B$4:$B$640-1,1),5)*IF(OR($O11=\"Class_8\",$N11=\"Replacement8HHD\",$AI11=\"CL7HHD\"),INDEX('ER C8 FLT2'!$A$4:$J$640,MATCH(DropData!$J51&$C11,'ER C8 FLT2'!$A$4:$A$640&'ER C8 FLT2'!$B$4:$B$640-1,1),7)),IF($O11=\"Class_7\",INDEX('ER C7 FLT2'!$A$4:$J$640,MATCH(DropData!$J51&$C11,'ER C7 FLT2'!$A$4:$A$640&'ER C7 FLT2'!$B$4:$B$640-1,1),5)*IF($O11=\"Class_7\",INDEX('ER C7 FLT2'!$A$4:$J$640,MATCH(DropData!$J51&$C11,'ER C7 FLT2'!$A$4:$A$640&'ER C7 FLT2'!$B$4:$B$640-1,1),7)),IF($O11=\"Class_6\",INDEX('ER C6 FLT2'!$A$4:$J$640,MATCH(DropData!$J51&$C11,'ER C6 FLT2'!$A$4:$A$640&'ER C6 FLT2'!$B$4:$B$640-1,1),5)*IF($O11=\"Class_6\",INDEX('ER C6 FLT2'!$A$4:$J$640,MATCH(DropData!$J51&$C11,'ER C6 FLT2'!$A$4:$A$640&'ER C6 FLT2'!$B$4:$B$640-1,1),7))))),IF($B11=\"1 Truck\",IF(OR($O11=\"Class_8\",$N11=\"Replacement8HHD\",$AI11=\"CL7HHD\"),INDEX('ER C8 FLT1'!$A$4:$J$640,MATCH(DropData!$J51&$C11,'ER C8 FLT1'!$A$4:$A$640&'ER C8 FLT1'!$B$4:$B$640-1,1),5)*IF(OR($O11=\"Class_8\",$N11=\"Replacement8HHD\",$AI11=\"CL7HHD\"),INDEX('ER C8 FLT1'!$A$4:$J$640,MATCH(DropData!$J51&$C11,'ER C8 FLT1'!$A$4:$A$640&'ER C8 FLT1'!$B$4:$B$640-1,1),7)),IF($O11=\"Class_7\",INDEX('ER C7 FLT1'!$A$4:$J$640,MATCH(DropData!$J51&$C11,'ER C7 FLT1'!$A$4:$A$640&'ER C7 FLT1'!$B$4:$B$640-1,1),5)*IF($O11=\"Class_7\",INDEX('ER C7 FLT1'!$A$4:$J$640,MATCH(DropData!$J51&$C11,'ER C7 FLT1'!$A$4:$A$640&'ER C7 FLT1'!$B$4:$B$640-1,1),7)),IF($O11=\"Class_6\",INDEX('ER C6 FLT1'!$A$4:$J$640,MATCH(DropData!$J51&$C11,'ER C6 FLT1'!$A$4:$A$640&'ER C6 FLT1'!$B$4:$B$640-1,1),5)*IF($O11=\"Class_6\",INDEX('ER C6 FLT1'!$A$4:$J$640,MATCH(DropData!$J51&$C11,'ER C6 FLT1'!$A$4:$A$640&'ER C6 FLT1'!$B$4:$B$640-1,1),7)))))))),IF($R11=\"Electric\",OFFSET(INDEX('ER Electric'!$A$6:$E$44,MATCH($C11&$O11,'ER Electric'!$A$6:$A$44&'ER Electric'!$B$6:$B$44,1),4),3,0)))","v":false},{"$f":"IF(OR($R11=\"Diesel\",$R11=\"LNG/CNG\",$R11=\"Hybrid\",$R11=\"Electric w/ AB-118\"),IF($B11=\"3+ Trucks\",IF(OR($O11=\"Class_8\",$N11=\"Replacement8HHD\",$AI11=\"CL7HHD\"),INDEX('ER C8 FLT3'!$A$4:$J$640,MATCH(DropData!$J51&$C11,'ER C8 FLT3'!$A$4:$A$640&'ER C8 FLT3'!$B$4:$B$640-2,1),5)*IF(OR($O11=\"Class_8\",$N11=\"Replacement8HHD\",$AI11=\"CL7HHD\"),INDEX('ER C8 FLT3'!$A$4:$J$640,MATCH(DropData!$J51&$C11,'ER C8 FLT3'!$A$4:$A$640&'ER C8 FLT3'!$B$4:$B$640-2,1),7)),IF($O11=\"Class_7\",INDEX('ER C7 FLT3'!$A$4:$J$640,MATCH(DropData!$J51&$C11,'ER C7 FLT3'!$A$4:$A$640&'ER C7 FLT3'!$B$4:$B$640-2,1),5)*IF($O11=\"Class_7\",INDEX('ER C7 FLT3'!$A$4:$J$640,MATCH(DropData!$J51&$C11,'ER C7 FLT3'!$A$4:$A$640&'ER C7 FLT3'!$B$4:$B$640-2,1),7)),IF($O11=\"Class_6\",INDEX('ER C6 FLT3'!$A$4:$J$640,MATCH(DropData!$J51&$C11,'ER C6 FLT3'!$A$4:$A$640&'ER C6 FLT3'!$B$4:$B$640-2,1),5)*IF($O11=\"Class_6\",INDEX('ER C6 FLT3'!$A$4:$J$640,MATCH(DropData!$J51&$C11,'ER C6 FLT3'!$A$4:$A$640&'ER C6 FLT3'!$B$4:$B$640-2,1),7))))),IF($B11=\"2 Trucks\",IF(OR($O11=\"Class_8\",$N11=\"Replacement8HHD\",$AI11=\"CL7HHD\"),INDEX('ER C8 FLT2'!$A$4:$J$640,MATCH(DropData!$J51&$C11,'ER C8 FLT2'!$A$4:$A$640&'ER C8 FLT2'!$B$4:$B$640-2,1),5)*IF(OR($O11=\"Class_8\",$N11=\"Replacement8HHD\",$AI11=\"CL7HHD\"),INDEX('ER C8 FLT2'!$A$4:$J$640,MATCH(DropData!$J51&$C11,'ER C8 FLT2'!$A$4:$A$640&'ER C8 FLT2'!$B$4:$B$640-2,1),7)),IF($O11=\"Class_7\",INDEX('ER C7 FLT2'!$A$4:$J$640,MATCH(DropData!$J51&$C11,'ER C7 FLT2'!$A$4:$A$640&'ER C7 FLT2'!$B$4:$B$640-2,1),5)*IF($O11=\"Class_7\",INDEX('ER C7 FLT2'!$A$4:$J$640,MATCH(DropData!$J51&$C11,'ER C7 FLT2'!$A$4:$A$640&'ER C7 FLT2'!$B$4:$B$640-2,1),7)),IF($O11=\"Class_6\",INDEX('ER C6 FLT2'!$A$4:$J$640,MATCH(DropData!$J51&$C11,'ER C6 FLT2'!$A$4:$A$640&'ER C6 FLT2'!$B$4:$B$640-2,1),5)*IF($O11=\"Class_6\",INDEX('ER C6 FLT2'!$A$4:$J$640,MATCH(DropData!$J51&$C11,'ER C6 FLT2'!$A$4:$A$640&'ER C6 FLT2'!$B$4:$B$640-2,1),7))))),IF($B11=\"1 Truck\",IF(OR($O11=\"Class_8\",$N11=\"Replacement8HHD\",$AI11=\"CL7HHD\"),INDEX('ER C8 FLT1'!$A$4:$J$640,MATCH(DropData!$J51&$C11,'ER C8 FLT1'!$A$4:$A$640&'ER C8 FLT1'!$B$4:$B$640-2,1),5)*IF(OR($O11=\"Class_8\",$N11=\"Replacement8HHD\",$AI11=\"CL7HHD\"),INDEX('ER C8 FLT1'!$A$4:$J$640,MATCH(DropData!$J51&$C11,'ER C8 FLT1'!$A$4:$A$640&'ER C8 FLT1'!$B$4:$B$640-2,1),7)),IF($O11=\"Class_7\",INDEX('ER C7 FLT1'!$A$4:$J$640,MATCH(DropData!$J51&$C11,'ER C7 FLT1'!$A$4:$A$640&'ER C7 FLT1'!$B$4:$B$640-2,1),5)*IF($O11=\"Class_7\",INDEX('ER C7 FLT1'!$A$4:$J$640,MATCH(DropData!$J51&$C11,'ER C7 FLT1'!$A$4:$A$640&'ER C7 FLT1'!$B$4:$B$640-2,1),7)),IF($O11=\"Class_6\",INDEX('ER C6 FLT1'!$A$4:$J$640,MATCH(DropData!$J51&$C11,'ER C6 FLT1'!$A$4:$A$640&'ER C6 FLT1'!$B$4:$B$640-2,1),5)*IF($O11=\"Class_6\",INDEX('ER C6 FLT1'!$A$4:$J$640,MATCH(DropData!$J51&$C11,'ER C6 FLT1'!$A$4:$A$640&'ER C6 FLT1'!$B$4:$B$640-2,1),7)))))))),IF($R11=\"Electric\",OFFSET(INDEX('ER Electric'!$A$6:$E$44,MATCH($C11&$O11,'ER Electric'!$A$6:$A$44&'ER Electric'!$B$6:$B$44,1),4),6,0)))","v":false},{"$f":"IF(OR($R11=\"Diesel\",$R11=\"LNG/CNG\",$R11=\"Hybrid\",$R11=\"Electric w/ AB-118\"),IF($B11=\"3+ Trucks\",IF(OR($O11=\"Class_8\",$N11=\"Replacement8HHD\",$AI11=\"CL7HHD\"),INDEX('ER C8 FLT3'!$A$4:$J$640,MATCH(DropData!$J51&$C11,'ER C8 FLT3'!$A$4:$A$640&'ER C8 FLT3'!$B$4:$B$640-3,1),5)*IF(OR($O11=\"Class_8\",$N11=\"Replacement8HHD\",$AI11=\"CL7HHD\"),INDEX('ER C8 FLT3'!$A$4:$J$640,MATCH(DropData!$J51&$C11,'ER C8 FLT3'!$A$4:$A$640&'ER C8 FLT3'!$B$4:$B$640-3,1),7)),IF($O11=\"Class_7\",INDEX('ER C7 FLT3'!$A$4:$J$640,MATCH(DropData!$J51&$C11,'ER C7 FLT3'!$A$4:$A$640&'ER C7 FLT3'!$B$4:$B$640-3,1),5)*IF($O11=\"Class_7\",INDEX('ER C7 FLT3'!$A$4:$J$640,MATCH(DropData!$J51&$C11,'ER C7 FLT3'!$A$4:$A$640&'ER C7 FLT3'!$B$4:$B$640-3,1),7)),IF($O11=\"Class_6\",INDEX('ER C6 FLT3'!$A$4:$J$640,MATCH(DropData!$J51&$C11,'ER C6 FLT3'!$A$4:$A$640&'ER C6 FLT3'!$B$4:$B$640-3,1),5)*IF($O11=\"Class_6\",INDEX('ER C6 FLT3'!$A$4:$J$640,MATCH(DropData!$J51&$C11,'ER C6 FLT3'!$A$4:$A$640&'ER C6 FLT3'!$B$4:$B$640-3,1),7))))),IF($B11=\"2 Trucks\",IF(OR($O11=\"Class_8\",$N11=\"Replacement8HHD\",$AI11=\"CL7HHD\"),INDEX('ER C8 FLT2'!$A$4:$J$640,MATCH(DropData!$J51&$C11,'ER C8 FLT2'!$A$4:$A$640&'ER C8 FLT2'!$B$4:$B$640-3,1),5)*IF(OR($O11=\"Class_8\",$N11=\"Replacement8HHD\",$AI11=\"CL7HHD\"),INDEX('ER C8 FLT2'!$A$4:$J$640,MATCH(DropData!$J51&$C11,'ER C8 FLT2'!$A$4:$A$640&'ER C8 FLT2'!$B$4:$B$640-3,1),7)),IF($O11=\"Class_7\",INDEX('ER C7 FLT2'!$A$4:$J$640,MATCH(DropData!$J51&$C11,'ER C7 FLT2'!$A$4:$A$640&'ER C7 FLT2'!$B$4:$B$640-3,1),5)*IF($O11=\"Class_7\",INDEX('ER C7 FLT2'!$A$4:$J$640,MATCH(DropData!$J51&$C11,'ER C7 FLT2'!$A$4:$A$640&'ER C7 FLT2'!$B$4:$B$640-3,1),7)),IF($O11=\"Class_6\",INDEX('ER C6 FLT2'!$A$4:$J$640,MATCH(DropData!$J51&$C11,'ER C6 FLT2'!$A$4:$A$640&'ER C6 FLT2'!$B$4:$B$640-3,1),5)*IF($O11=\"Class_6\",INDEX('ER C6 FLT2'!$A$4:$J$640,MATCH(DropData!$J51&$C11,'ER C6 FLT2'!$A$4:$A$640&'ER C6 FLT2'!$B$4:$B$640-3,1),7))))),IF($B11=\"1 Truck\",IF(OR($O11=\"Class_8\",$N11=\"Replacement8HHD\",$AI11=\"CL7HHD\"),INDEX('ER C8 FLT1'!$A$4:$J$640,MATCH(DropData!$J51&$C11,'ER C8 FLT1'!$A$4:$A$640&'ER C8 FLT1'!$B$4:$B$640-3,1),5)*IF(OR($O11=\"Class_8\",$N11=\"Replacement8HHD\",$AI11=\"CL7HHD\"),INDEX('ER C8 FLT1'!$A$4:$J$640,MATCH(DropData!$J51&$C11,'ER C8 FLT1'!$A$4:$A$640&'ER C8 FLT1'!$B$4:$B$640-3,1),7)),IF($O11=\"Class_7\",INDEX('ER C7 FLT1'!$A$4:$J$640,MATCH(DropData!$J51&$C11,'ER C7 FLT1'!$A$4:$A$640&'ER C7 FLT1'!$B$4:$B$640-3,1),5)*IF($O11=\"Class_7\",INDEX('ER C7 FLT1'!$A$4:$J$640,MATCH(DropData!$J51&$C11,'ER C7 FLT1'!$A$4:$A$640&'ER C7 FLT1'!$B$4:$B$640-3,1),7)),IF($O11=\"Class_6\",INDEX('ER C6 FLT1'!$A$4:$J$640,MATCH(DropData!$J51&$C11,'ER C6 FLT1'!$A$4:$A$640&'ER C6 FLT1'!$B$4:$B$640-3,1),5)*IF($O11=\"Class_6\",INDEX('ER C6 FLT1'!$A$4:$J$640,MATCH(DropData!$J51&$C11,'ER C6 FLT1'!$A$4:$A$640&'ER C6 FLT1'!$B$4:$B$640-3,1),7)))))))),IF($R11=\"Electric\",OFFSET(INDEX('ER Electric'!$A$6:$E$44,MATCH($C11&$O11,'ER Electric'!$A$6:$A$44&'ER Electric'!$B$6:$B$44,1),4),9,0)))","v":false},{"$f":"IF(OR($R11=\"Diesel\",$R11=\"LNG/CNG\",$R11=\"Hybrid\",$R11=\"Electric w/ AB-118\"),IF($B11=\"3+ Trucks\",IF(OR($O11=\"Class_8\",$N11=\"Replacement8HHD\",$AI11=\"CL7HHD\"),INDEX('ER C8 FLT3'!$A$4:$J$640,MATCH(DropData!$J51&$C11,'ER C8 FLT3'!$A$4:$A$640&'ER C8 FLT3'!$B$4:$B$640-4,1),5)*IF(OR($O11=\"Class_8\",$N11=\"Replacement8HHD\",$AI11=\"CL7HHD\"),INDEX('ER C8 FLT3'!$A$4:$J$640,MATCH(DropData!$J51&$C11,'ER C8 FLT3'!$A$4:$A$640&'ER C8 FLT3'!$B$4:$B$640-4,1),7)),IF($O11=\"Class_7\",INDEX('ER C7 FLT3'!$A$4:$J$640,MATCH(DropData!$J51&$C11,'ER C7 FLT3'!$A$4:$A$640&'ER C7 FLT3'!$B$4:$B$640-4,1),5)*IF($O11=\"Class_7\",INDEX('ER C7 FLT3'!$A$4:$J$640,MATCH(DropData!$J51&$C11,'ER C7 FLT3'!$A$4:$A$640&'ER C7 FLT3'!$B$4:$B$640-4,1),7)),IF($O11=\"Class_6\",INDEX('ER C6 FLT3'!$A$4:$J$640,MATCH(DropData!$J51&$C11,'ER C6 FLT3'!$A$4:$A$640&'ER C6 FLT3'!$B$4:$B$640-4,1),5)*IF($O11=\"Class_6\",INDEX('ER C6 FLT3'!$A$4:$J$640,MATCH(DropData!$J51&$C11,'ER C6 FLT3'!$A$4:$A$640&'ER C6 FLT3'!$B$4:$B$640-4,1),7))))),IF($B11=\"2 Trucks\",IF(OR($O11=\"Class_8\",$N11=\"Replacement8HHD\",$AI11=\"CL7HHD\"),INDEX('ER C8 FLT2'!$A$4:$J$640,MATCH(DropData!$J51&$C11,'ER C8 FLT2'!$A$4:$A$640&'ER C8 FLT2'!$B$4:$B$640-4,1),5)*IF(OR($O11=\"Class_8\",$N11=\"Replacement8HHD\",$AI11=\"CL7HHD\"),INDEX('ER C8 FLT2'!$A$4:$J$640,MATCH(DropData!$J51&$C11,'ER C8 FLT2'!$A$4:$A$640&'ER C8 FLT2'!$B$4:$B$640-4,1),7)),IF($O11=\"Class_7\",INDEX('ER C7 FLT2'!$A$4:$J$640,MATCH(DropData!$J51&$C11,'ER C7 FLT2'!$A$4:$A$640&'ER C7 FLT2'!$B$4:$B$640-4,1),5)*IF($O11=\"Class_7\",INDEX('ER C7 FLT2'!$A$4:$J$640,MATCH(DropData!$J51&$C11,'ER C7 FLT2'!$A$4:$A$640&'ER C7 FLT2'!$B$4:$B$640-4,1),7)),IF($O11=\"Class_6\",INDEX('ER C6 FLT2'!$A$4:$J$640,MATCH(DropData!$J51&$C11,'ER C6 FLT2'!$A$4:$A$640&'ER C6 FLT2'!$B$4:$B$640-4,1),5)*IF($O11=\"Class_6\",INDEX('ER C6 FLT2'!$A$4:$J$640,MATCH(DropData!$J51&$C11,'ER C6 FLT2'!$A$4:$A$640&'ER C6 FLT2'!$B$4:$B$640-4,1),7))))),IF($B11=\"1 Truck\",IF(OR($O11=\"Class_8\",$N11=\"Replacement8HHD\",$AI11=\"CL7HHD\"),INDEX('ER C8 FLT1'!$A$4:$J$640,MATCH(DropData!$J51&$C11,'ER C8 FLT1'!$A$4:$A$640&'ER C8 FLT1'!$B$4:$B$640-4,1),5)*IF(OR($O11=\"Class_8\",$N11=\"Replacement8HHD\",$AI11=\"CL7HHD\"),INDEX('ER C8 FLT1'!$A$4:$J$640,MATCH(DropData!$J51&$C11,'ER C8 FLT1'!$A$4:$A$640&'ER C8 FLT1'!$B$4:$B$640-4,1),7)),IF($O11=\"Class_7\",INDEX('ER C7 FLT1'!$A$4:$J$640,MATCH(DropData!$J51&$C11,'ER C7 FLT1'!$A$4:$A$640&'ER C7 FLT1'!$B$4:$B$640-4,1),5)*IF($O11=\"Class_7\",INDEX('ER C7 FLT1'!$A$4:$J$640,MATCH(DropData!$J51&$C11,'ER C7 FLT1'!$A$4:$A$640&'ER C7 FLT1'!$B$4:$B$640-4,1),7)),IF($O11=\"Class_6\",INDEX('ER C6 FLT1'!$A$4:$J$640,MATCH(DropData!$J51&$C11,'ER C6 FLT1'!$A$4:$A$640&'ER C6 FLT1'!$B$4:$B$640-4,1),5)*IF($O11=\"Class_6\",INDEX('ER C6 FLT1'!$A$4:$J$640,MATCH(DropData!$J51&$C11,'ER C6 FLT1'!$A$4:$A$640&'ER C6 FLT1'!$B$4:$B$640-4,1),7)))))))),IF($R11=\"Electric\",OFFSET(INDEX('ER Electric'!$A$6:$E$44,MATCH($C11&$O11,'ER Electric'!$A$6:$A$44&'ER Electric'!$B$6:$B$44,1),4),12,0)))","v":false},{"$f":"IF($C11<2015,1,2)","v":1},0,{"$f":"IF($C11<2015,1,2)","v":1},{"$f":"IFERROR(MAX(0,IF($B11=\"3+ Trucks\",IF($Z11=\"Class_8\",INDEX('ER C8 FLT3'!$A$4:$J$640,MATCH($W11&$C11,'ER C8 FLT3'!$A$4:$A$640&'ER C8 FLT3'!$B$4:$B$640,1),5)*IF($Z11=\"Class_8\",INDEX('ER C8 FLT3'!$A$4:$J$640,MATCH($W11&$C11,'ER C8 FLT3'!$A$4:$A$640&'ER C8 FLT3'!$B$4:$B$640,1),7)),IF($Z11=\"Class_7\",INDEX('ER C7 FLT3'!$A$4:$J$640,MATCH($W11&$C11,'ER C7 FLT3'!$A$4:$A$640&'ER C7 FLT3'!$B$4:$B$640,1),5)*IF($Z11=\"Class_7\",INDEX('ER C7 FLT3'!$A$4:$J$640,MATCH($W11&$C11,'ER C7 FLT3'!$A$4:$A$640&'ER C7 FLT3'!$B$4:$B$640,1),7)),\nIF($Z11=\"Class_6\",INDEX('ER C6 FLT3'!$A$4:$J$640,MATCH($W11&$C11,'ER C6 FLT3'!$A$4:$A$640&'ER C6 FLT3'!$B$4:$B$640,1),5)*IF($Z11=\"Class_6\",INDEX('ER C6 FLT3'!$A$4:$L$640,MATCH($W11&$C11,'ER C6 FLT3'!$A$4:$A$640&'ER C6 FLT3'!$B$4:$B$640,1),7))))),IF($B11=\"2 Trucks\",IF($Z11=\"Class_8\",INDEX('ER C8 FLT2'!$A$4:$J$640,MATCH($W11&$C11,'ER C8 FLT2'!$A$4:$A$640&'ER C8 FLT2'!$B$4:$B$640,1),5)*IF($Z11=\"Class_8\",INDEX('ER C8 FLT2'!$A$4:$J$640,MATCH($W11&$C11,'ER C8 FLT2'!$A$4:$A$640&'ER C8 FLT2'!$B$4:$B$640,1),7)),IF($Z11=\"Class_7\",INDEX('ER C7 FLT2'!$A$4:$J$640,MATCH($W11&$C11,'ER C7 FLT2'!$A$4:$A$640&'ER C7 FLT2'!$B$4:$B$640,1),5)*IF($Z11=\"Class_7\",INDEX('ER C7 FLT2'!$A$4:$J$640,MATCH($W11&$C11,'ER C7 FLT2'!$A$4:$A$640&'ER C7 FLT2'!$B$4:$B$640,1),7)),IF($Z11=\"Class_6\",INDEX('ER C6 FLT2'!$A$4:$J$640,MATCH($W11&$C11,'ER C6 FLT2'!$A$4:$A$640&'ER C6 FLT2'!$B$4:$B$640,1),5)*IF($Z11=\"Class_6\",INDEX('ER C6 FLT2'!$A$4:$J$640,MATCH($W11&$C11,'ER C6 FLT2'!$A$4:$A$640&'ER C6 FLT2'!$B$4:$B$640,1),7))))),IF($B11=\"1 Truck\",\nIF($Z11=\"Class_8\",INDEX('ER C8 FLT1'!$A$4:$J$640,MATCH($W11&$C11,'ER C8 FLT1'!$A$4:$A$640&'ER C8 FLT1'!$B$4:$B$640,1),5)*IF($Z11=\"Class_8\",INDEX('ER C8 FLT1'!$A$4:$J$640,MATCH($W11&$C11,'ER C8 FLT1'!$A$4:$A$640&'ER C8 FLT1'!$B$4:$B$640,1),7)),IF($Z11=\"Class_7\",INDEX('ER C7 FLT1'!$A$4:$J$640,MATCH($W11&$C11,'ER C7 FLT1'!$A$4:$A$640&'ER C7 FLT1'!$B$4:$B$640,1),5)*IF($Z11=\"Class_7\",INDEX('ER C7 FLT1'!$A$4:$J$640,MATCH($W11&$C11,'ER C7 FLT1'!$A$4:$A$640&'ER C7 FLT1'!$B$4:$B$640,1),7)),IF($Z11=\"Class_6\",INDEX('ER C6 FLT1'!$A$4:$J$640,MATCH($W11&$C11,'ER C6 FLT1'!$A$4:$A$640&'ER C6 FLT1'!$B$4:$B$640,1),5)*IF($Z11=\"Class_6\",INDEX('ER C6 FLT1'!$A$4:$J$640,MATCH($W11&$C11,'ER C6 FLT1'!$A$4:$A$640&'ER C6 FLT1'!$B$4:$B$640,1),7)))))))))*IF($X11=\"Level 3 PM + Mark I NOx\",0.75,1)*($AC11/453.6)-IF(CT11=0,CI11,0),\"0.00\")","v":0},{"$f":"IFERROR(MAX(0,CV11/CU11),\"0.00\")","v":0},{"$f":"IFERROR((CT11+CW11),\"0.00\")","v":0},0,{"$f":"IF($B11=\"3+ Trucks\",IF($Z11=\"Class_8\",INDEX('ER C8 FLT3'!$A$4:$J$640,MATCH($W11&$C11,'ER C8 FLT3'!$A$4:$A$640&'ER C8 FLT3'!$B$4:$B$640-1,1),5)*IF($Z11=\"Class_8\",INDEX('ER C8 FLT3'!$A$4:$J$640,MATCH($W11&$C11,'ER C8 FLT3'!$A$4:$A$640&'ER C8 FLT3'!$B$4:$B$640-1,1),7)),IF($Z11=\"Class_7\",INDEX('ER C7 FLT3'!$A$4:$J$640,MATCH($W11&$C11,'ER C7 FLT3'!$A$4:$A$640&'ER C7 FLT3'!$B$4:$B$640-1,1),5)*IF($Z11=\"Class_7\",INDEX('ER C7 FLT3'!$A$4:$J$640,MATCH($W11&$C11,'ER C7 FLT3'!$A$4:$A$640&'ER C7 FLT3'!$B$4:$B$640-1,1),7)),\nIF($Z11=\"Class_6\",INDEX('ER C6 FLT3'!$A$4:$J$640,MATCH($W11&$C11,'ER C6 FLT3'!$A$4:$A$640&'ER C6 FLT3'!$B$4:$B$640-1,1),5)*IF($Z11=\"Class_6\",INDEX('ER C6 FLT3'!$A$4:$L$640,MATCH($W11&$C11,'ER C6 FLT3'!$A$4:$A$640&'ER C6 FLT3'!$B$4:$B$640-1,1),7))))),IF($B11=\"2 Trucks\",IF($Z11=\"Class_8\",INDEX('ER C8 FLT2'!$A$4:$J$640,MATCH($W11&$C11,'ER C8 FLT2'!$A$4:$A$640&'ER C8 FLT2'!$B$4:$B$640-1,1),5)*IF($Z11=\"Class_8\",INDEX('ER C8 FLT2'!$A$4:$J$640,MATCH($W11&$C11,'ER C8 FLT2'!$A$4:$A$640&'ER C8 FLT2'!$B$4:$B$640-1,1),7)),IF($Z11=\"Class_7\",INDEX('ER C7 FLT2'!$A$4:$J$640,MATCH($W11&$C11,'ER C7 FLT2'!$A$4:$A$640&'ER C7 FLT2'!$B$4:$B$640-1,1),5)*IF($Z11=\"Class_7\",INDEX('ER C7 FLT2'!$A$4:$J$640,MATCH($W11&$C11,'ER C7 FLT2'!$A$4:$A$640&'ER C7 FLT2'!$B$4:$B$640-1,1),7)),IF($Z11=\"Class_6\",INDEX('ER C6 FLT2'!$A$4:$J$640,MATCH($W11&$C11,'ER C6 FLT2'!$A$4:$A$640&'ER C6 FLT2'!$B$4:$B$640-1,1),5)*IF($Z11=\"Class_6\",INDEX('ER C6 FLT2'!$A$4:$J$640,MATCH($W11&$C11,'ER C6 FLT2'!$A$4:$A$640&'ER C6 FLT2'!$B$4:$B$640-1,1),7))))),IF($B11=\"1 Truck\",\nIF($Z11=\"Class_8\",INDEX('ER C8 FLT1'!$A$4:$J$640,MATCH($W11&$C11,'ER C8 FLT1'!$A$4:$A$640&'ER C8 FLT1'!$B$4:$B$640-1,1),5)*IF($Z11=\"Class_8\",INDEX('ER C8 FLT1'!$A$4:$J$640,MATCH($W11&$C11,'ER C8 FLT1'!$A$4:$A$640&'ER C8 FLT1'!$B$4:$B$640-1,1),7)),IF($Z11=\"Class_7\",INDEX('ER C7 FLT1'!$A$4:$J$640,MATCH($W11&$C11,'ER C7 FLT1'!$A$4:$A$640&'ER C7 FLT1'!$B$4:$B$640-1,1),5)*IF($Z11=\"Class_7\",INDEX('ER C7 FLT1'!$A$4:$J$640,MATCH($W11&$C11,'ER C7 FLT1'!$A$4:$A$640&'ER C7 FLT1'!$B$4:$B$640-1,1),7)),\nIF($Z11=\"Class_6\",INDEX('ER C6 FLT1'!$A$4:$J$640,MATCH($W11&$C11,'ER C6 FLT1'!$A$4:$A$640&'ER C6 FLT1'!$B$4:$B$640-1,1),5)*IF($Z11=\"Class_6\",INDEX('ER C6 FLT1'!$A$4:$J$640,MATCH($W11&$C11,'ER C6 FLT1'!$A$4:$A$640&'ER C6 FLT1'!$B$4:$B$640-1,1),7))))))))*IF($X11=\"Level 3 PM + Mark I NOx\",0.75,1)*($AC11/453.6)-IF(CY11=0,CJ11,0)","v":0},{"$f":"MAX(0,CY11+CZ11)","v":0},0,{"$f":"IF($B11=\"3+ Trucks\",IF($Z11=\"Class_8\",INDEX('ER C8 FLT3'!$A$4:$J$640,MATCH($W11&$C11,'ER C8 FLT3'!$A$4:$A$640&'ER C8 FLT3'!$B$4:$B$640-2,1),5)*IF($Z11=\"Class_8\",INDEX('ER C8 FLT3'!$A$4:$J$640,MATCH($W11&$C11,'ER C8 FLT3'!$A$4:$A$640&'ER C8 FLT3'!$B$4:$B$640-2,1),7)),IF($Z11=\"Class_7\",INDEX('ER C7 FLT3'!$A$4:$J$640,MATCH($W11&$C11,'ER C7 FLT3'!$A$4:$A$640&'ER C7 FLT3'!$B$4:$B$640-2,1),5)*IF($Z11=\"Class_7\",INDEX('ER C7 FLT3'!$A$4:$J$640,MATCH($W11&$C11,'ER C7 FLT3'!$A$4:$A$640&'ER C7 FLT3'!$B$4:$B$640-2,1),7)),\nIF($Z11=\"Class_6\",INDEX('ER C6 FLT3'!$A$4:$J$640,MATCH($W11&$C11,'ER C6 FLT3'!$A$4:$A$640&'ER C6 FLT3'!$B$4:$B$640-2,1),5)*IF($Z11=\"Class_6\",INDEX('ER C6 FLT3'!$A$4:$L$640,MATCH($W11&$C11,'ER C6 FLT3'!$A$4:$A$640&'ER C6 FLT3'!$B$4:$B$640-2,1),7))))),IF($B11=\"2 Trucks\",IF($Z11=\"Class_8\",INDEX('ER C8 FLT2'!$A$4:$J$640,MATCH($W11&$C11,'ER C8 FLT2'!$A$4:$A$640&'ER C8 FLT2'!$B$4:$B$640-2,1),5)*IF($Z11=\"Class_8\",INDEX('ER C8 FLT2'!$A$4:$J$640,MATCH($W11&$C11,'ER C8 FLT2'!$A$4:$A$640&'ER C8 FLT2'!$B$4:$B$640-2,1),7)),IF($Z11=\"Class_7\",INDEX('ER C7 FLT2'!$A$4:$J$640,MATCH($W11&$C11,'ER C7 FLT2'!$A$4:$A$640&'ER C7 FLT2'!$B$4:$B$640-2,1),5)*IF($Z11=\"Class_7\",INDEX('ER C7 FLT2'!$A$4:$J$640,MATCH($W11&$C11,'ER C7 FLT2'!$A$4:$A$640&'ER C7 FLT2'!$B$4:$B$640-2,1),7)),IF($Z11=\"Class_6\",INDEX('ER C6 FLT2'!$A$4:$J$640,MATCH($W11&$C11,'ER C6 FLT2'!$A$4:$A$640&'ER C6 FLT2'!$B$4:$B$640-2,1),5)*IF($Z11=\"Class_6\",INDEX('ER C6 FLT2'!$A$4:$J$640,MATCH($W11&$C11,'ER C6 FLT2'!$A$4:$A$640&'ER C6 FLT2'!$B$4:$B$640-2,1),7))))),IF($B11=\"1 Truck\",\nIF($Z11=\"Class_8\",INDEX('ER C8 FLT1'!$A$4:$J$640,MATCH($W11&$C11,'ER C8 FLT1'!$A$4:$A$640&'ER C8 FLT1'!$B$4:$B$640-2,1),5)*IF($Z11=\"Class_8\",INDEX('ER C8 FLT1'!$A$4:$J$640,MATCH($W11&$C11,'ER C8 FLT1'!$A$4:$A$640&'ER C8 FLT1'!$B$4:$B$640-2,1),7)),IF($Z11=\"Class_7\",INDEX('ER C7 FLT1'!$A$4:$J$640,MATCH($W11&$C11,'ER C7 FLT1'!$A$4:$A$640&'ER C7 FLT1'!$B$4:$B$640-2,1),5)*IF($Z11=\"Class_7\",INDEX('ER C7 FLT1'!$A$4:$J$640,MATCH($W11&$C11,'ER C7 FLT1'!$A$4:$A$640&'ER C7 FLT1'!$B$4:$B$640-2,1),7)),\nIF($Z11=\"Class_6\",INDEX('ER C6 FLT1'!$A$4:$J$640,MATCH($W11&$C11,'ER C6 FLT1'!$A$4:$A$640&'ER C6 FLT1'!$B$4:$B$640-2,1),5)*IF($Z11=\"Class_6\",INDEX('ER C6 FLT1'!$A$4:$J$640,MATCH($W11&$C11,'ER C6 FLT1'!$A$4:$A$640&'ER C6 FLT1'!$B$4:$B$640-2,1),7))))))))*IF($X11=\"Level 3 PM + Mark I NOx\",0.75,1)*($AC11/453.6)-IF(DB11=0,CK11,0)","v":0},{"$f":"MAX(0,DB11+DC11)","v":0},0,{"$f":"IF($B11=\"3+ Trucks\",IF($Z11=\"Class_8\",INDEX('ER C8 FLT3'!$A$4:$J$640,MATCH($W11&$C11,'ER C8 FLT3'!$A$4:$A$640&'ER C8 FLT3'!$B$4:$B$640-3,1),5)*IF($Z11=\"Class_8\",INDEX('ER C8 FLT3'!$A$4:$J$640,MATCH($W11&$C11,'ER C8 FLT3'!$A$4:$A$640&'ER C8 FLT3'!$B$4:$B$640-3,1),7)),IF($Z11=\"Class_7\",INDEX('ER C7 FLT3'!$A$4:$J$640,MATCH($W11&$C11,'ER C7 FLT3'!$A$4:$A$640&'ER C7 FLT3'!$B$4:$B$640-3,1),5)*IF($Z11=\"Class_7\",INDEX('ER C7 FLT3'!$A$4:$J$640,MATCH($W11&$C11,'ER C7 FLT3'!$A$4:$A$640&'ER C7 FLT3'!$B$4:$B$640-3,1),7)),\nIF($Z11=\"Class_6\",INDEX('ER C6 FLT3'!$A$4:$J$640,MATCH($W11&$C11,'ER C6 FLT3'!$A$4:$A$640&'ER C6 FLT3'!$B$4:$B$640-3,1),5)*IF($Z11=\"Class_6\",INDEX('ER C6 FLT3'!$A$4:$L$640,MATCH($W11&$C11,'ER C6 FLT3'!$A$4:$A$640&'ER C6 FLT3'!$B$4:$B$640-3,1),7))))),IF($B11=\"2 Trucks\",IF($Z11=\"Class_8\",INDEX('ER C8 FLT2'!$A$4:$J$640,MATCH($W11&$C11,'ER C8 FLT2'!$A$4:$A$640&'ER C8 FLT2'!$B$4:$B$640-3,1),5)*IF($Z11=\"Class_8\",INDEX('ER C8 FLT2'!$A$4:$J$640,MATCH($W11&$C11,'ER C8 FLT2'!$A$4:$A$640&'ER C8 FLT2'!$B$4:$B$640-3,1),7)),IF($Z11=\"Class_7\",INDEX('ER C7 FLT2'!$A$4:$J$640,MATCH($W11&$C11,'ER C7 FLT2'!$A$4:$A$640&'ER C7 FLT2'!$B$4:$B$640-3,1),5)*IF($Z11=\"Class_7\",INDEX('ER C7 FLT2'!$A$4:$J$640,MATCH($W11&$C11,'ER C7 FLT2'!$A$4:$A$640&'ER C7 FLT2'!$B$4:$B$640-3,1),7)),IF($Z11=\"Class_6\",INDEX('ER C6 FLT2'!$A$4:$J$640,MATCH($W11&$C11,'ER C6 FLT2'!$A$4:$A$640&'ER C6 FLT2'!$B$4:$B$640-3,1),5)*IF($Z11=\"Class_6\",INDEX('ER C6 FLT2'!$A$4:$J$640,MATCH($W11&$C11,'ER C6 FLT2'!$A$4:$A$640&'ER C6 FLT2'!$B$4:$B$640-3,1),7))))),IF($B11=\"1 Truck\",\nIF($Z11=\"Class_8\",INDEX('ER C8 FLT1'!$A$4:$J$640,MATCH($W11&$C11,'ER C8 FLT1'!$A$4:$A$640&'ER C8 FLT1'!$B$4:$B$640-3,1),5)*IF($Z11=\"Class_8\",INDEX('ER C8 FLT1'!$A$4:$J$640,MATCH($W11&$C11,'ER C8 FLT1'!$A$4:$A$640&'ER C8 FLT1'!$B$4:$B$640-3,1),7)),IF($Z11=\"Class_7\",INDEX('ER C7 FLT1'!$A$4:$J$640,MATCH($W11&$C11,'ER C7 FLT1'!$A$4:$A$640&'ER C7 FLT1'!$B$4:$B$640-3,1),5)*IF($Z11=\"Class_7\",INDEX('ER C7 FLT1'!$A$4:$J$640,MATCH($W11&$C11,'ER C7 FLT1'!$A$4:$A$640&'ER C7 FLT1'!$B$4:$B$640-3,1),7)),\nIF($Z11=\"Class_6\",INDEX('ER C6 FLT1'!$A$4:$J$640,MATCH($W11&$C11,'ER C6 FLT1'!$A$4:$A$640&'ER C6 FLT1'!$B$4:$B$640-3,1),5)*IF($Z11=\"Class_6\",INDEX('ER C6 FLT1'!$A$4:$J$640,MATCH($W11&$C11,'ER C6 FLT1'!$A$4:$A$640&'ER C6 FLT1'!$B$4:$B$640-3,1),7))))))))*IF($X11=\"Level 3 PM + Mark I NOx\",0.75,1)*($AC11/453.6)-IF(DE11=0,CL11,0)","v":0},{"$f":"MAX(0,DE11+DF11)","v":0},0,{"$f":"IF($B11=\"3+ Trucks\",IF($Z11=\"Class_8\",INDEX('ER C8 FLT3'!$A$4:$J$640,MATCH($W11&$C11,'ER C8 FLT3'!$A$4:$A$640&'ER C8 FLT3'!$B$4:$B$640-4,1),5)*IF($Z11=\"Class_8\",INDEX('ER C8 FLT3'!$A$4:$J$640,MATCH($W11&$C11,'ER C8 FLT3'!$A$4:$A$640&'ER C8 FLT3'!$B$4:$B$640-4,1),7)),IF($Z11=\"Class_7\",INDEX('ER C7 FLT3'!$A$4:$J$640,MATCH($W11&$C11,'ER C7 FLT3'!$A$4:$A$640&'ER C7 FLT3'!$B$4:$B$640-4,1),5)*IF($Z11=\"Class_7\",INDEX('ER C7 FLT3'!$A$4:$J$640,MATCH($W11&$C11,'ER C7 FLT3'!$A$4:$A$640&'ER C7 FLT3'!$B$4:$B$640-4,1),7)),\nIF($Z11=\"Class_6\",INDEX('ER C6 FLT3'!$A$4:$J$640,MATCH($W11&$C11,'ER C6 FLT3'!$A$4:$A$640&'ER C6 FLT3'!$B$4:$B$640-4,1),5)*IF($Z11=\"Class_6\",INDEX('ER C6 FLT3'!$A$4:$L$640,MATCH($W11&$C11,'ER C6 FLT3'!$A$4:$A$640&'ER C6 FLT3'!$B$4:$B$640-4,1),7))))),IF($B11=\"2 Trucks\",IF($Z11=\"Class_8\",INDEX('ER C8 FLT2'!$A$4:$J$640,MATCH($W11&$C11,'ER C8 FLT2'!$A$4:$A$640&'ER C8 FLT2'!$B$4:$B$640-4,1),5)*IF($Z11=\"Class_8\",INDEX('ER C8 FLT2'!$A$4:$J$640,MATCH($W11&$C11,'ER C8 FLT2'!$A$4:$A$640&'ER C8 FLT2'!$B$4:$B$640-4,1),7)),IF($Z11=\"Class_7\",INDEX('ER C7 FLT2'!$A$4:$J$640,MATCH($W11&$C11,'ER C7 FLT2'!$A$4:$A$640&'ER C7 FLT2'!$B$4:$B$640-4,1),5)*IF($Z11=\"Class_7\",INDEX('ER C7 FLT2'!$A$4:$J$640,MATCH($W11&$C11,'ER C7 FLT2'!$A$4:$A$640&'ER C7 FLT2'!$B$4:$B$640-4,1),7)),IF($Z11=\"Class_6\",INDEX('ER C6 FLT2'!$A$4:$J$640,MATCH($W11&$C11,'ER C6 FLT2'!$A$4:$A$640&'ER C6 FLT2'!$B$4:$B$640-4,1),5)*IF($Z11=\"Class_6\",INDEX('ER C6 FLT2'!$A$4:$J$640,MATCH($W11&$C11,'ER C6 FLT2'!$A$4:$A$640&'ER C6 FLT2'!$B$4:$B$640-4,1),7))))),IF($B11=\"1 Truck\",\nIF($Z11=\"Class_8\",INDEX('ER C8 FLT1'!$A$4:$J$640,MATCH($W11&$C11,'ER C8 FLT1'!$A$4:$A$640&'ER C8 FLT1'!$B$4:$B$640-4,1),5)*IF($Z11=\"Class_8\",INDEX('ER C8 FLT1'!$A$4:$J$640,MATCH($W11&$C11,'ER C8 FLT1'!$A$4:$A$640&'ER C8 FLT1'!$B$4:$B$640-4,1),7)),IF($Z11=\"Class_7\",INDEX('ER C7 FLT1'!$A$4:$J$640,MATCH($W11&$C11,'ER C7 FLT1'!$A$4:$A$640&'ER C7 FLT1'!$B$4:$B$640-4,1),5)*IF($Z11=\"Class_7\",INDEX('ER C7 FLT1'!$A$4:$J$640,MATCH($W11&$C11,'ER C7 FLT1'!$A$4:$A$640&'ER C7 FLT1'!$B$4:$B$640-4,1),7)),\nIF($Z11=\"Class_6\",INDEX('ER C6 FLT1'!$A$4:$J$640,MATCH($W11&$C11,'ER C6 FLT1'!$A$4:$A$640&'ER C6 FLT1'!$B$4:$B$640-4,1),5)*IF($Z11=\"Class_6\",INDEX('ER C6 FLT1'!$A$4:$J$640,MATCH($W11&$C11,'ER C6 FLT1'!$A$4:$A$640&'ER C6 FLT1'!$B$4:$B$640-4,1),7))))))))*IF($X11=\"Level 3 PM + Mark I NOx\",0.75,1)*($AC11/453.6)-IF(DH11=0,CM11,0)","v":0},{"$f":"MAX(0,DH11+DI11)","v":0},{"$f":"MAX(0,CX11+DA11+DD11+DG11+DJ11)","v":0},{"$f":"IF($B11=\"3+ Trucks\",IF(OR($H11=\"Class_8\",$N11=\"Replacement8HHD\",$AH11=\"CL7HHD\",$AJ11=\"CL7to8\"),INDEX('ER C8 FLT3'!$A$4:$J$640,MATCH($E11&$C11,'ER C8 FLT3'!$A$4:$A$640&'ER C8 FLT3'!$B$4:$B$640,1),10),IF($H11=\"Class_7\",INDEX('ER C7 FLT3'!$A$4:$J$640,MATCH($E11&$C11,'ER C7 FLT3'!$A$4:$A$640&'ER C7 FLT3'!$B$4:$B$640,1),10),IF($H11=\"Class_6\",INDEX('ER C6 FLT3'!$A$4:$J$640,MATCH($E11&$C11,'ER C6 FLT3'!$A$4:$A$640&'ER C6 FLT3'!$B$4:$B$640,1),10)))),IF($B11=\"2 Trucks\",IF(OR($H11=\"Class_8\",$N11=\"Replacement8HHD\",$AH11=\"CL7HHD\",$AJ11=\"CL7to8\"),INDEX('ER C8 FLT2'!$A$4:$J$640,MATCH($E11&$C11,'ER C8 FLT2'!$A$4:$A$640&'ER C8 FLT2'!$B$4:$B$640,1),10),IF($H11=\"Class_7\",INDEX('ER C7 FLT2'!$A$4:$J$640,MATCH($E11&$C11,'ER C7 FLT2'!$A$4:$A$640&'ER C7 FLT2'!$B$4:$B$640,1),10),IF($H11=\"Class_6\",INDEX('ER C6 FLT2'!$A$4:$J$640,MATCH($E11&$C11,'ER C6 FLT2'!$A$4:$A$640&'ER C6 FLT2'!$B$4:$B$640,1),10)))),IF($B11=\"1 Truck\",\nIF(OR($H11=\"Class_8\",$N11=\"Replacement8HHD\",$AH11=\"CL7HHD\",$AJ11=\"CL7to8\"),INDEX('ER C8 FLT1'!$A$4:$J$640,MATCH($E11&$C11,'ER C8 FLT1'!$A$4:$A$640&'ER C8 FLT1'!$B$4:$B$640,1),10),IF($H11=\"Class_7\",INDEX('ER C7 FLT1'!$A$4:$J$640,MATCH($E11&$C11,'ER C7 FLT1'!$A$4:$A$640&'ER C7 FLT1'!$B$4:$B$640,1),10),\nIF($H11=\"Class_6\",INDEX('ER C6 FLT1'!$A$4:$J$640,MATCH($E11&$C11,'ER C6 FLT1'!$A$4:$A$640&'ER C6 FLT1'!$B$4:$B$640,1),10)))))))*($Q11/453.6)","v":0},{"$f":"IF($B11=\"3+ Trucks\",IF(OR($H11=\"Class_8\",$N11=\"Replacement8HHD\",$AH11=\"CL7HHD\",$AJ11=\"CL7to8\"),INDEX('ER C8 FLT3'!$A$4:$J$640,MATCH($E11&$C11,'ER C8 FLT3'!$A$4:$A$640&'ER C8 FLT3'!$B$4:$B$640-1,1),10),IF($H11=\"Class_7\",INDEX('ER C7 FLT3'!$A$4:$J$640,MATCH($E11&$C11,'ER C7 FLT3'!$A$4:$A$640&'ER C7 FLT3'!$B$4:$B$640-1,1),10),IF($H11=\"Class_6\",INDEX('ER C6 FLT3'!$A$4:$J$640,MATCH($E11&$C11,'ER C6 FLT3'!$A$4:$A$640&'ER C6 FLT3'!$B$4:$B$640-1,1),10)))),IF($B11=\"2 Trucks\",IF(OR($H11=\"Class_8\",$N11=\"Replacement8HHD\",$AH11=\"CL7HHD\",$AJ11=\"CL7to8\"),INDEX('ER C8 FLT2'!$A$4:$J$640,MATCH($E11&$C11,'ER C8 FLT2'!$A$4:$A$640&'ER C8 FLT2'!$B$4:$B$640-1,1),10),IF($H11=\"Class_7\",INDEX('ER C7 FLT2'!$A$4:$J$640,MATCH($E11&$C11,'ER C7 FLT2'!$A$4:$A$640&'ER C7 FLT2'!$B$4:$B$640-1,1),10),IF($H11=\"Class_6\",INDEX('ER C6 FLT2'!$A$4:$J$640,MATCH($E11&$C11,'ER C6 FLT2'!$A$4:$A$640&'ER C6 FLT2'!$B$4:$B$640-1,1),10)))),IF($B11=\"1 Truck\",\nIF(OR($H11=\"Class_8\",$N11=\"Replacement8HHD\",$AH11=\"CL7HHD\",$AJ11=\"CL7to8\"),INDEX('ER C8 FLT1'!$A$4:$J$640,MATCH($E11&$C11,'ER C8 FLT1'!$A$4:$A$640&'ER C8 FLT1'!$B$4:$B$640-1,1),10),IF($H11=\"Class_7\",INDEX('ER C7 FLT1'!$A$4:$J$640,MATCH($E11&$C11,'ER C7 FLT1'!$A$4:$A$640&'ER C7 FLT1'!$B$4:$B$640-1,1),10),\nIF($H11=\"Class_6\",INDEX('ER C6 FLT1'!$A$4:$J$640,MATCH($E11&$C11,'ER C6 FLT1'!$A$4:$A$640&'ER C6 FLT1'!$B$4:$B$640-1,1),10)))))))*($Q11/453.6)","v":0},{"$f":"IF($B11=\"3+ Trucks\",IF(OR($H11=\"Class_8\",$N11=\"Replacement8HHD\",$AH11=\"CL7HHD\",$AJ11=\"CL7to8\"),INDEX('ER C8 FLT3'!$A$4:$J$640,MATCH($E11&$C11,'ER C8 FLT3'!$A$4:$A$640&'ER C8 FLT3'!$B$4:$B$640-2,1),10),IF($H11=\"Class_7\",INDEX('ER C7 FLT3'!$A$4:$J$640,MATCH($E11&$C11,'ER C7 FLT3'!$A$4:$A$640&'ER C7 FLT3'!$B$4:$B$640-2,1),10),IF($H11=\"Class_6\",INDEX('ER C6 FLT3'!$A$4:$J$640,MATCH($E11&$C11,'ER C6 FLT3'!$A$4:$A$640&'ER C6 FLT3'!$B$4:$B$640-2,1),10)))),IF($B11=\"2 Trucks\",IF(OR($H11=\"Class_8\",$N11=\"Replacement8HHD\",$AH11=\"CL7HHD\",$AJ11=\"CL7to8\"),INDEX('ER C8 FLT2'!$A$4:$J$640,MATCH($E11&$C11,'ER C8 FLT2'!$A$4:$A$640&'ER C8 FLT2'!$B$4:$B$640-2,1),10),IF($H11=\"Class_7\",INDEX('ER C7 FLT2'!$A$4:$J$640,MATCH($E11&$C11,'ER C7 FLT2'!$A$4:$A$640&'ER C7 FLT2'!$B$4:$B$640-2,1),10),IF($H11=\"Class_6\",INDEX('ER C6 FLT2'!$A$4:$J$640,MATCH($E11&$C11,'ER C6 FLT2'!$A$4:$A$640&'ER C6 FLT2'!$B$4:$B$640-2,1),10)))),IF($B11=\"1 Truck\",\nIF(OR($H11=\"Class_8\",$N11=\"Replacement8HHD\",$AH11=\"CL7HHD\",$AJ11=\"CL7to8\"),INDEX('ER C8 FLT1'!$A$4:$J$640,MATCH($E11&$C11,'ER C8 FLT1'!$A$4:$A$640&'ER C8 FLT1'!$B$4:$B$640-2,1),10),IF($H11=\"Class_7\",INDEX('ER C7 FLT1'!$A$4:$J$640,MATCH($E11&$C11,'ER C7 FLT1'!$A$4:$A$640&'ER C7 FLT1'!$B$4:$B$640-2,1),10),\nIF($H11=\"Class_6\",INDEX('ER C6 FLT1'!$A$4:$J$640,MATCH($E11&$C11,'ER C6 FLT1'!$A$4:$A$640&'ER C6 FLT1'!$B$4:$B$640-2,1),10)))))))*($Q11/453.6)","v":0},{"$f":"IF($B11=\"3+ Trucks\",IF(OR($H11=\"Class_8\",$N11=\"Replacement8HHD\",$AH11=\"CL7HHD\",$AJ11=\"CL7to8\"),INDEX('ER C8 FLT3'!$A$4:$J$640,MATCH($E11&$C11,'ER C8 FLT3'!$A$4:$A$640&'ER C8 FLT3'!$B$4:$B$640-3,1),10),IF($H11=\"Class_7\",INDEX('ER C7 FLT3'!$A$4:$J$640,MATCH($E11&$C11,'ER C7 FLT3'!$A$4:$A$640&'ER C7 FLT3'!$B$4:$B$640-3,1),10),IF($H11=\"Class_6\",INDEX('ER C6 FLT3'!$A$4:$J$640,MATCH($E11&$C11,'ER C6 FLT3'!$A$4:$A$640&'ER C6 FLT3'!$B$4:$B$640-3,1),10)))),IF($B11=\"2 Trucks\",IF(OR($H11=\"Class_8\",$N11=\"Replacement8HHD\",$AH11=\"CL7HHD\",$AJ11=\"CL7to8\"),INDEX('ER C8 FLT2'!$A$4:$J$640,MATCH($E11&$C11,'ER C8 FLT2'!$A$4:$A$640&'ER C8 FLT2'!$B$4:$B$640-3,1),10),IF($H11=\"Class_7\",INDEX('ER C7 FLT2'!$A$4:$J$640,MATCH($E11&$C11,'ER C7 FLT2'!$A$4:$A$640&'ER C7 FLT2'!$B$4:$B$640-3,1),10),IF($H11=\"Class_6\",INDEX('ER C6 FLT2'!$A$4:$J$640,MATCH($E11&$C11,'ER C6 FLT2'!$A$4:$A$640&'ER C6 FLT2'!$B$4:$B$640-3,1),10)))),IF($B11=\"1 Truck\",\nIF(OR($H11=\"Class_8\",$N11=\"Replacement8HHD\",$AH11=\"CL7HHD\",$AJ11=\"CL7to8\"),INDEX('ER C8 FLT1'!$A$4:$J$640,MATCH($E11&$C11,'ER C8 FLT1'!$A$4:$A$640&'ER C8 FLT1'!$B$4:$B$640-3,1),10),IF($H11=\"Class_7\",INDEX('ER C7 FLT1'!$A$4:$J$640,MATCH($E11&$C11,'ER C7 FLT1'!$A$4:$A$640&'ER C7 FLT1'!$B$4:$B$640-3,1),10),\nIF($H11=\"Class_6\",INDEX('ER C6 FLT1'!$A$4:$J$640,MATCH($E11&$C11,'ER C6 FLT1'!$A$4:$A$640&'ER C6 FLT1'!$B$4:$B$640-3,1),10)))))))*($Q11/453.6)","v":0},{"$f":"IF($B11=\"3+ Trucks\",IF(OR($H11=\"Class_8\",$N11=\"Replacement8HHD\",$AH11=\"CL7HHD\",$AJ11=\"CL7to8\"),INDEX('ER C8 FLT3'!$A$4:$J$640,MATCH($E11&$C11,'ER C8 FLT3'!$A$4:$A$640&'ER C8 FLT3'!$B$4:$B$640-4,1),10),IF($H11=\"Class_7\",INDEX('ER C7 FLT3'!$A$4:$J$640,MATCH($E11&$C11,'ER C7 FLT3'!$A$4:$A$640&'ER C7 FLT3'!$B$4:$B$640-4,1),10),IF($H11=\"Class_6\",INDEX('ER C6 FLT3'!$A$4:$J$640,MATCH($E11&$C11,'ER C6 FLT3'!$A$4:$A$640&'ER C6 FLT3'!$B$4:$B$640-4,1),10)))),IF($B11=\"2 Trucks\",IF(OR($H11=\"Class_8\",$N11=\"Replacement8HHD\",$AH11=\"CL7HHD\",$AJ11=\"CL7to8\"),INDEX('ER C8 FLT2'!$A$4:$J$640,MATCH($E11&$C11,'ER C8 FLT2'!$A$4:$A$640&'ER C8 FLT2'!$B$4:$B$640-4,1),10),IF($H11=\"Class_7\",INDEX('ER C7 FLT2'!$A$4:$J$640,MATCH($E11&$C11,'ER C7 FLT2'!$A$4:$A$640&'ER C7 FLT2'!$B$4:$B$640-4,1),10),IF($H11=\"Class_6\",INDEX('ER C6 FLT2'!$A$4:$J$640,MATCH($E11&$C11,'ER C6 FLT2'!$A$4:$A$640&'ER C6 FLT2'!$B$4:$B$640-4,1),10)))),IF($B11=\"1 Truck\",\nIF(OR($H11=\"Class_8\",$N11=\"Replacement8HHD\",$AH11=\"CL7HHD\",$AJ11=\"CL7to8\"),INDEX('ER C8 FLT1'!$A$4:$J$640,MATCH($E11&$C11,'ER C8 FLT1'!$A$4:$A$640&'ER C8 FLT1'!$B$4:$B$640-4,1),10),IF($H11=\"Class_7\",INDEX('ER C7 FLT1'!$A$4:$J$640,MATCH($E11&$C11,'ER C7 FLT1'!$A$4:$A$640&'ER C7 FLT1'!$B$4:$B$640-4,1),10),\nIF($H11=\"Class_6\",INDEX('ER C6 FLT1'!$A$4:$J$640,MATCH($E11&$C11,'ER C6 FLT1'!$A$4:$A$640&'ER C6 FLT1'!$B$4:$B$640-4,1),10)))))))*($Q11/453.6)","v":0},{"$f":"IF($B11=\"3+ Trucks\",IF(OR($H11=\"Class_8\",$N11=\"Replacement8HHD\",$AH11=\"CL7HHD\",$AJ11=\"CL7to8\"),INDEX('ER C8 FLT3'!$A$4:$J$640,MATCH($E11&$C11,'ER C8 FLT3'!$A$4:$A$640&'ER C8 FLT3'!$B$4:$B$640,1),10),IF($H11=\"Class_7\",INDEX('ER C7 FLT3'!$A$4:$J$640,MATCH($E11&$C11,'ER C7 FLT3'!$A$4:$A$640&'ER C7 FLT3'!$B$4:$B$640,1),10),IF($H11=\"Class_6\",INDEX('ER C6 FLT3'!$A$4:$J$640,MATCH($E11&$C11,'ER C6 FLT3'!$A$4:$A$640&'ER C6 FLT3'!$B$4:$B$640,1),10)))),IF($B11=\"2 Trucks\",IF(OR($H11=\"Class_8\",$N11=\"Replacement8HHD\",$AH11=\"CL7HHD\",$AJ11=\"CL7to8\"),INDEX('ER C8 FLT2'!$A$4:$J$640,MATCH($E11&$C11,'ER C8 FLT2'!$A$4:$A$640&'ER C8 FLT2'!$B$4:$B$640,1),10),IF($H11=\"Class_7\",INDEX('ER C7 FLT2'!$A$4:$J$640,MATCH($E11&$C11,'ER C7 FLT2'!$A$4:$A$640&'ER C7 FLT2'!$B$4:$B$640,1),10),IF($H11=\"Class_6\",INDEX('ER C6 FLT2'!$A$4:$J$640,MATCH($E11&$C11,'ER C6 FLT2'!$A$4:$A$640&'ER C6 FLT2'!$B$4:$B$640,1),10)))),IF($B11=\"1 Truck\",\nIF(OR($H11=\"Class_8\",$N11=\"Replacement8HHD\",$AH11=\"CL7HHD\",$AJ11=\"CL7to8\"),INDEX('ER C8 FLT1'!$A$4:$J$640,MATCH($E11&$C11,'ER C8 FLT1'!$A$4:$A$640&'ER C8 FLT1'!$B$4:$B$640,1),10),IF($H11=\"Class_7\",INDEX('ER C7 FLT1'!$A$4:$J$640,MATCH($E11&$C11,'ER C7 FLT1'!$A$4:$A$640&'ER C7 FLT1'!$B$4:$B$640,1),10),IF($H11=\"Class_6\",INDEX('ER C6 FLT1'!$A$4:$J$640,MATCH($E11&$C11,'ER C6 FLT1'!$A$4:$A$640&'ER C6 FLT1'!$B$4:$B$640,1),10)))))))","v":false},{"$f":"IF($B11=\"3+ Trucks\",IF(OR($H11=\"Class_8\",$N11=\"Replacement8HHD\",$AH11=\"CL7HHD\",$AJ11=\"CL7to8\"),INDEX('ER C8 FLT3'!$A$4:$J$640,MATCH($E11&$C11,'ER C8 FLT3'!$A$4:$A$640&'ER C8 FLT3'!$B$4:$B$640-1,1),10),IF($H11=\"Class_7\",INDEX('ER C7 FLT3'!$A$4:$J$640,MATCH($E11&$C11,'ER C7 FLT3'!$A$4:$A$640&'ER C7 FLT3'!$B$4:$B$640-1,1),10),IF($H11=\"Class_6\",INDEX('ER C6 FLT3'!$A$4:$J$640,MATCH($E11&$C11,'ER C6 FLT3'!$A$4:$A$640&'ER C6 FLT3'!$B$4:$B$640-1,1),10)))),IF($B11=\"2 Trucks\",IF(OR($H11=\"Class_8\",$N11=\"Replacement8HHD\",$AH11=\"CL7HHD\",$AJ11=\"CL7to8\"),INDEX('ER C8 FLT2'!$A$4:$J$640,MATCH($E11&$C11,'ER C8 FLT2'!$A$4:$A$640&'ER C8 FLT2'!$B$4:$B$640-1,1),10),IF($H11=\"Class_7\",INDEX('ER C7 FLT2'!$A$4:$J$640,MATCH($E11&$C11,'ER C7 FLT2'!$A$4:$A$640&'ER C7 FLT2'!$B$4:$B$640-1,1),10),IF($H11=\"Class_6\",INDEX('ER C6 FLT2'!$A$4:$J$640,MATCH($E11&$C11,'ER C6 FLT2'!$A$4:$A$640&'ER C6 FLT2'!$B$4:$B$640-1,1),10)))),IF($B11=\"1 Truck\",\nIF(OR($H11=\"Class_8\",$N11=\"Replacement8HHD\",$AH11=\"CL7HHD\",$AJ11=\"CL7to8\"),INDEX('ER C8 FLT1'!$A$4:$J$640,MATCH($E11&$C11,'ER C8 FLT1'!$A$4:$A$640&'ER C8 FLT1'!$B$4:$B$640-1,1),10),IF($H11=\"Class_7\",INDEX('ER C7 FLT1'!$A$4:$J$640,MATCH($E11&$C11,'ER C7 FLT1'!$A$4:$A$640&'ER C7 FLT1'!$B$4:$B$640-1,1),10),IF($H11=\"Class_6\",INDEX('ER C6 FLT1'!$A$4:$J$640,MATCH($E11&$C11,'ER C6 FLT1'!$A$4:$A$640&'ER C6 FLT1'!$B$4:$B$640-1,1),10)))))))","v":false},{"$f":"IF($B11=\"3+ Trucks\",IF(OR($H11=\"Class_8\",$N11=\"Replacement8HHD\",$AH11=\"CL7HHD\",$AJ11=\"CL7to8\"),INDEX('ER C8 FLT3'!$A$4:$J$640,MATCH($E11&$C11,'ER C8 FLT3'!$A$4:$A$640&'ER C8 FLT3'!$B$4:$B$640-2,1),10),IF($H11=\"Class_7\",INDEX('ER C7 FLT3'!$A$4:$J$640,MATCH($E11&$C11,'ER C7 FLT3'!$A$4:$A$640&'ER C7 FLT3'!$B$4:$B$640-2,1),10),IF($H11=\"Class_6\",INDEX('ER C6 FLT3'!$A$4:$J$640,MATCH($E11&$C11,'ER C6 FLT3'!$A$4:$A$640&'ER C6 FLT3'!$B$4:$B$640-2,1),10)))),IF($B11=\"2 Trucks\",IF(OR($H11=\"Class_8\",$N11=\"Replacement8HHD\",$AH11=\"CL7HHD\",$AJ11=\"CL7to8\"),INDEX('ER C8 FLT2'!$A$4:$J$640,MATCH($E11&$C11,'ER C8 FLT2'!$A$4:$A$640&'ER C8 FLT2'!$B$4:$B$640-2,1),10),IF($H11=\"Class_7\",INDEX('ER C7 FLT2'!$A$4:$J$640,MATCH($E11&$C11,'ER C7 FLT2'!$A$4:$A$640&'ER C7 FLT2'!$B$4:$B$640-2,1),10),IF($H11=\"Class_6\",INDEX('ER C6 FLT2'!$A$4:$J$640,MATCH($E11&$C11,'ER C6 FLT2'!$A$4:$A$640&'ER C6 FLT2'!$B$4:$B$640-2,1),10)))),IF($B11=\"1 Truck\",\nIF(OR($H11=\"Class_8\",$N11=\"Replacement8HHD\",$AH11=\"CL7HHD\",$AJ11=\"CL7to8\"),INDEX('ER C8 FLT1'!$A$4:$J$640,MATCH($E11&$C11,'ER C8 FLT1'!$A$4:$A$640&'ER C8 FLT1'!$B$4:$B$640-2,1),10),IF($H11=\"Class_7\",INDEX('ER C7 FLT1'!$A$4:$J$640,MATCH($E11&$C11,'ER C7 FLT1'!$A$4:$A$640&'ER C7 FLT1'!$B$4:$B$640-2,1),10),IF($H11=\"Class_6\",INDEX('ER C6 FLT1'!$A$4:$J$640,MATCH($E11&$C11,'ER C6 FLT1'!$A$4:$A$640&'ER C6 FLT1'!$B$4:$B$640-2,1),10)))))))","v":false},{"$f":"IF($B11=\"3+ Trucks\",IF(OR($H11=\"Class_8\",$N11=\"Replacement8HHD\",$AH11=\"CL7HHD\",$AJ11=\"CL7to8\"),INDEX('ER C8 FLT3'!$A$4:$J$640,MATCH($E11&$C11,'ER C8 FLT3'!$A$4:$A$640&'ER C8 FLT3'!$B$4:$B$640-3,1),10),IF($H11=\"Class_7\",INDEX('ER C7 FLT3'!$A$4:$J$640,MATCH($E11&$C11,'ER C7 FLT3'!$A$4:$A$640&'ER C7 FLT3'!$B$4:$B$640-3,1),10),IF($H11=\"Class_6\",INDEX('ER C6 FLT3'!$A$4:$J$640,MATCH($E11&$C11,'ER C6 FLT3'!$A$4:$A$640&'ER C6 FLT3'!$B$4:$B$640-3,1),10)))),IF($B11=\"2 Trucks\",IF(OR($H11=\"Class_8\",$N11=\"Replacement8HHD\",$AH11=\"CL7HHD\",$AJ11=\"CL7to8\"),INDEX('ER C8 FLT2'!$A$4:$J$640,MATCH($E11&$C11,'ER C8 FLT2'!$A$4:$A$640&'ER C8 FLT2'!$B$4:$B$640-3,1),10),IF($H11=\"Class_7\",INDEX('ER C7 FLT2'!$A$4:$J$640,MATCH($E11&$C11,'ER C7 FLT2'!$A$4:$A$640&'ER C7 FLT2'!$B$4:$B$640-3,1),10),IF($H11=\"Class_6\",INDEX('ER C6 FLT2'!$A$4:$J$640,MATCH($E11&$C11,'ER C6 FLT2'!$A$4:$A$640&'ER C6 FLT2'!$B$4:$B$640-3,1),10)))),IF($B11=\"1 Truck\",\nIF(OR($H11=\"Class_8\",$N11=\"Replacement8HHD\",$AH11=\"CL7HHD\",$AJ11=\"CL7to8\"),INDEX('ER C8 FLT1'!$A$4:$J$640,MATCH($E11&$C11,'ER C8 FLT1'!$A$4:$A$640&'ER C8 FLT1'!$B$4:$B$640-3,1),10),IF($H11=\"Class_7\",INDEX('ER C7 FLT1'!$A$4:$J$640,MATCH($E11&$C11,'ER C7 FLT1'!$A$4:$A$640&'ER C7 FLT1'!$B$4:$B$640-3,1),10),IF($H11=\"Class_6\",INDEX('ER C6 FLT1'!$A$4:$J$640,MATCH($E11&$C11,'ER C6 FLT1'!$A$4:$A$640&'ER C6 FLT1'!$B$4:$B$640-3,1),10)))))))","v":false},{"$f":"IF($B11=\"3+ Trucks\",IF(OR($H11=\"Class_8\",$N11=\"Replacement8HHD\",$AH11=\"CL7HHD\",$AJ11=\"CL7to8\"),INDEX('ER C8 FLT3'!$A$4:$J$640,MATCH($E11&$C11,'ER C8 FLT3'!$A$4:$A$640&'ER C8 FLT3'!$B$4:$B$640-4,1),10),IF($H11=\"Class_7\",INDEX('ER C7 FLT3'!$A$4:$J$640,MATCH($E11&$C11,'ER C7 FLT3'!$A$4:$A$640&'ER C7 FLT3'!$B$4:$B$640-4,1),10),IF($H11=\"Class_6\",INDEX('ER C6 FLT3'!$A$4:$J$640,MATCH($E11&$C11,'ER C6 FLT3'!$A$4:$A$640&'ER C6 FLT3'!$B$4:$B$640-4,1),10)))),IF($B11=\"2 Trucks\",IF(OR($H11=\"Class_8\",$N11=\"Replacement8HHD\",$AH11=\"CL7HHD\",$AJ11=\"CL7to8\"),INDEX('ER C8 FLT2'!$A$4:$J$640,MATCH($E11&$C11,'ER C8 FLT2'!$A$4:$A$640&'ER C8 FLT2'!$B$4:$B$640-4,1),10),IF($H11=\"Class_7\",INDEX('ER C7 FLT2'!$A$4:$J$640,MATCH($E11&$C11,'ER C7 FLT2'!$A$4:$A$640&'ER C7 FLT2'!$B$4:$B$640-4,1),10),IF($H11=\"Class_6\",INDEX('ER C6 FLT2'!$A$4:$J$640,MATCH($E11&$C11,'ER C6 FLT2'!$A$4:$A$640&'ER C6 FLT2'!$B$4:$B$640-4,1),10)))),IF($B11=\"1 Truck\",\nIF(OR($H11=\"Class_8\",$N11=\"Replacement8HHD\",$AH11=\"CL7HHD\",$AJ11=\"CL7to8\"),INDEX('ER C8 FLT1'!$A$4:$J$640,MATCH($E11&$C11,'ER C8 FLT1'!$A$4:$A$640&'ER C8 FLT1'!$B$4:$B$640-4,1),10),IF($H11=\"Class_7\",INDEX('ER C7 FLT1'!$A$4:$J$640,MATCH($E11&$C11,'ER C7 FLT1'!$A$4:$A$640&'ER C7 FLT1'!$B$4:$B$640-4,1),10),IF($H11=\"Class_6\",INDEX('ER C6 FLT1'!$A$4:$J$640,MATCH($E11&$C11,'ER C6 FLT1'!$A$4:$A$640&'ER C6 FLT1'!$B$4:$B$640-4,1),10)))))))","v":false},{"$f":"IF(OR($R11=\"Diesel\",$R11=\"LNG/CNG\",$R11=\"Hybrid\",$R11=\"Electric w/ AB-118\"),IF($B11=\"3+ Trucks\",IF(OR($O11=\"Class_8\",$N11=\"Replacement8HHD\",$AI11=\"CL7HHD\"),INDEX('ER C8 FLT3'!$A$4:$J$640,MATCH(DropData!$J51&$C11,'ER C8 FLT3'!$A$4:$A$640&'ER C8 FLT3'!$B$4:$B$640,1),10),IF($O11=\"Class_7\",INDEX('ER C7 FLT3'!$A$4:$J$640,MATCH(DropData!$J51&$C11,'ER C7 FLT3'!$A$4:$A$640&'ER C7 FLT3'!$B$4:$B$640,1),10),IF($O11=\"Class_6\",INDEX('ER C6 FLT3'!$A$4:$J$640,MATCH(DropData!$J51&$C11,'ER C6 FLT3'!$A$4:$A$640&'ER C6 FLT3'!$B$4:$B$640,1),10)))),IF($B11=\"2 Trucks\",IF(OR($O11=\"Class_8\",$N11=\"Replacement8HHD\",$AI11=\"CL7HHD\"),INDEX('ER C8 FLT2'!$A$4:$J$640,MATCH(DropData!$J51&$C11,'ER C8 FLT2'!$A$4:$A$640&'ER C8 FLT2'!$B$4:$B$640,1),10),IF($O11=\"Class_7\",INDEX('ER C7 FLT2'!$A$4:$J$640,MATCH(DropData!$J51&$C11,'ER C7 FLT2'!$A$4:$A$640&'ER C7 FLT2'!$B$4:$B$640,1),10),IF($O11=\"Class_6\",INDEX('ER C6 FLT2'!$A$4:$J$640,MATCH(DropData!$J51&$C11,'ER C6 FLT2'!$A$4:$A$640&'ER C6 FLT2'!$B$4:$B$640,1),10)))),IF($B11=\"1 Truck\",IF(OR($O11=\"Class_8\",$N11=\"Replacement8HHD\",$AI11=\"CL7HHD\"),INDEX('ER C8 FLT1'!$A$4:$J$640,MATCH(DropData!$J51&$C11,'ER C8 FLT1'!$A$4:$A$640&'ER C8 FLT1'!$B$4:$B$640,1),10),IF($O11=\"Class_7\",INDEX('ER C7 FLT1'!$A$4:$J$640,MATCH(DropData!$J51&$C11,'ER C7 FLT1'!$A$4:$A$640&'ER C7 FLT1'!$B$4:$B$640,1),10),IF($O11=\"Class_6\",INDEX('ER C6 FLT1'!$A$4:$J$640,MATCH(DropData!$J51&$C11,'ER C6 FLT1'!$A$4:$A$640&'ER C6 FLT1'!$B$4:$B$640,1),10))))))),IF($R11=\"Electric\",INDEX('ER Electric'!$A$6:$E$44,MATCH($C11&$O11,'ER Electric'!$A$6:$A$44&'ER Electric'!$B$6:$B$44,1),5)))*(($Q11+$AC11)/453.6)","v":0},{"$f":"IF(OR($R11=\"Diesel\",$R11=\"LNG/CNG\",$R11=\"Hybrid\",$R11=\"Electric w/ AB-118\"),IF($B11=\"3+ Trucks\",IF(OR($O11=\"Class_8\",$N11=\"Replacement8HHD\",$AI11=\"CL7HHD\"),INDEX('ER C8 FLT3'!$A$4:$J$640,MATCH(DropData!$J51&$C11,'ER C8 FLT3'!$A$4:$A$640&'ER C8 FLT3'!$B$4:$B$640-1,1),10),IF($O11=\"Class_7\",INDEX('ER C7 FLT3'!$A$4:$J$640,MATCH(DropData!$J51&$C11,'ER C7 FLT3'!$A$4:$A$640&'ER C7 FLT3'!$B$4:$B$640-1,1),10),IF($O11=\"Class_6\",INDEX('ER C6 FLT3'!$A$4:$J$640,MATCH(DropData!$J51&$C11,'ER C6 FLT3'!$A$4:$A$640&'ER C6 FLT3'!$B$4:$B$640-1,1),10)))),IF($B11=\"2 Trucks\",IF(OR($O11=\"Class_8\",$N11=\"Replacement8HHD\",$AI11=\"CL7HHD\"),INDEX('ER C8 FLT2'!$A$4:$J$640,MATCH(DropData!$J51&$C11,'ER C8 FLT2'!$A$4:$A$640&'ER C8 FLT2'!$B$4:$B$640-1,1),10),IF($O11=\"Class_7\",INDEX('ER C7 FLT2'!$A$4:$J$640,MATCH(DropData!$J51&$C11,'ER C7 FLT2'!$A$4:$A$640&'ER C7 FLT2'!$B$4:$B$640-1,1),10),IF($O11=\"Class_6\",INDEX('ER C6 FLT2'!$A$4:$J$640,MATCH(DropData!$J51&$C11,'ER C6 FLT2'!$A$4:$A$640&'ER C6 FLT2'!$B$4:$B$640-1,1),10)))),IF($B11=\"1 Truck\",IF(OR($O11=\"Class_8\",$N11=\"Replacement8HHD\",$AI11=\"CL7HHD\"),INDEX('ER C8 FLT1'!$A$4:$J$640,MATCH(DropData!$J51&$C11,'ER C8 FLT1'!$A$4:$A$640&'ER C8 FLT1'!$B$4:$B$640-1,1),10),IF($O11=\"Class_7\",INDEX('ER C7 FLT1'!$A$4:$J$640,MATCH(DropData!$J51&$C11,'ER C7 FLT1'!$A$4:$A$640&'ER C7 FLT1'!$B$4:$B$640-1,1),10),IF($O11=\"Class_6\",INDEX('ER C6 FLT1'!$A$4:$J$640,MATCH(DropData!$J51&$C11,'ER C6 FLT1'!$A$4:$A$640&'ER C6 FLT1'!$B$4:$B$640-1,1),10))))))),IF($R11=\"Electric\",OFFSET(INDEX('ER Electric'!$A$6:$E$44,MATCH($C11&$O11,'ER Electric'!$A$6:$A$44&'ER Electric'!$B$6:$B$44,1),5),3,0)))*(($Q11+$AC11)/453.6)","v":0},{"$f":"IF(OR($R11=\"Diesel\",$R11=\"LNG/CNG\",$R11=\"Hybrid\",$R11=\"Electric w/ AB-118\"),IF($B11=\"3+ Trucks\",IF(OR($O11=\"Class_8\",$N11=\"Replacement8HHD\",$AI11=\"CL7HHD\"),INDEX('ER C8 FLT3'!$A$4:$J$640,MATCH(DropData!$J51&$C11,'ER C8 FLT3'!$A$4:$A$640&'ER C8 FLT3'!$B$4:$B$640-2,1),10),IF($O11=\"Class_7\",INDEX('ER C7 FLT3'!$A$4:$J$640,MATCH(DropData!$J51&$C11,'ER C7 FLT3'!$A$4:$A$640&'ER C7 FLT3'!$B$4:$B$640-2,1),10),IF($O11=\"Class_6\",INDEX('ER C6 FLT3'!$A$4:$J$640,MATCH(DropData!$J51&$C11,'ER C6 FLT3'!$A$4:$A$640&'ER C6 FLT3'!$B$4:$B$640-2,1),10)))),IF($B11=\"2 Trucks\",IF(OR($O11=\"Class_8\",$N11=\"Replacement8HHD\",$AI11=\"CL7HHD\"),INDEX('ER C8 FLT2'!$A$4:$J$640,MATCH(DropData!$J51&$C11,'ER C8 FLT2'!$A$4:$A$640&'ER C8 FLT2'!$B$4:$B$640-2,1),10),IF($O11=\"Class_7\",INDEX('ER C7 FLT2'!$A$4:$J$640,MATCH(DropData!$J51&$C11,'ER C7 FLT2'!$A$4:$A$640&'ER C7 FLT2'!$B$4:$B$640-2,1),10),IF($O11=\"Class_6\",INDEX('ER C6 FLT2'!$A$4:$J$640,MATCH(DropData!$J51&$C11,'ER C6 FLT2'!$A$4:$A$640&'ER C6 FLT2'!$B$4:$B$640-2,1),10)))),IF($B11=\"1 Truck\",IF(OR($O11=\"Class_8\",$N11=\"Replacement8HHD\",$AI11=\"CL7HHD\"),INDEX('ER C8 FLT1'!$A$4:$J$640,MATCH(DropData!$J51&$C11,'ER C8 FLT1'!$A$4:$A$640&'ER C8 FLT1'!$B$4:$B$640-2,1),10),IF($O11=\"Class_7\",INDEX('ER C7 FLT1'!$A$4:$J$640,MATCH(DropData!$J51&$C11,'ER C7 FLT1'!$A$4:$A$640&'ER C7 FLT1'!$B$4:$B$640-2,1),10),IF($O11=\"Class_6\",INDEX('ER C6 FLT1'!$A$4:$J$640,MATCH(DropData!$J51&$C11,'ER C6 FLT1'!$A$4:$A$640&'ER C6 FLT1'!$B$4:$B$640-2,1),10))))))),IF($R11=\"Electric\",OFFSET(INDEX('ER Electric'!$A$6:$E$44,MATCH($C11&$O11,'ER Electric'!$A$6:$A$44&'ER Electric'!$B$6:$B$44,1),5),6,0)))*(($Q11+$AC11)/453.6)","v":0},{"$f":"IF(OR($R11=\"Diesel\",$R11=\"LNG/CNG\",$R11=\"Hybrid\",$R11=\"Electric w/ AB-118\"),IF($B11=\"3+ Trucks\",IF(OR($O11=\"Class_8\",$N11=\"Replacement8HHD\",$AI11=\"CL7HHD\"),INDEX('ER C8 FLT3'!$A$4:$J$640,MATCH(DropData!$J51&$C11,'ER C8 FLT3'!$A$4:$A$640&'ER C8 FLT3'!$B$4:$B$640-3,1),10),IF($O11=\"Class_7\",INDEX('ER C7 FLT3'!$A$4:$J$640,MATCH(DropData!$J51&$C11,'ER C7 FLT3'!$A$4:$A$640&'ER C7 FLT3'!$B$4:$B$640-3,1),10),IF($O11=\"Class_6\",INDEX('ER C6 FLT3'!$A$4:$J$640,MATCH(DropData!$J51&$C11,'ER C6 FLT3'!$A$4:$A$640&'ER C6 FLT3'!$B$4:$B$640-3,1),10)))),IF($B11=\"2 Trucks\",IF(OR($O11=\"Class_8\",$N11=\"Replacement8HHD\",$AI11=\"CL7HHD\"),INDEX('ER C8 FLT2'!$A$4:$J$640,MATCH(DropData!$J51&$C11,'ER C8 FLT2'!$A$4:$A$640&'ER C8 FLT2'!$B$4:$B$640-3,1),10),IF($O11=\"Class_7\",INDEX('ER C7 FLT2'!$A$4:$J$640,MATCH(DropData!$J51&$C11,'ER C7 FLT2'!$A$4:$A$640&'ER C7 FLT2'!$B$4:$B$640-3,1),10),IF($O11=\"Class_6\",INDEX('ER C6 FLT2'!$A$4:$J$640,MATCH(DropData!$J51&$C11,'ER C6 FLT2'!$A$4:$A$640&'ER C6 FLT2'!$B$4:$B$640-3,1),10)))),IF($B11=\"1 Truck\",IF(OR($O11=\"Class_8\",$N11=\"Replacement8HHD\",$AI11=\"CL7HHD\"),INDEX('ER C8 FLT1'!$A$4:$J$640,MATCH(DropData!$J51&$C11,'ER C8 FLT1'!$A$4:$A$640&'ER C8 FLT1'!$B$4:$B$640-3,1),10),IF($O11=\"Class_7\",INDEX('ER C7 FLT1'!$A$4:$J$640,MATCH(DropData!$J51&$C11,'ER C7 FLT1'!$A$4:$A$640&'ER C7 FLT1'!$B$4:$B$640-3,1),10),IF($O11=\"Class_6\",INDEX('ER C6 FLT1'!$A$4:$J$640,MATCH(DropData!$J51&$C11,'ER C6 FLT1'!$A$4:$A$640&'ER C6 FLT1'!$B$4:$B$640-3,1),10))))))),IF($R11=\"Electric\",OFFSET(INDEX('ER Electric'!$A$6:$E$44,MATCH($C11&$O11,'ER Electric'!$A$6:$A$44&'ER Electric'!$B$6:$B$44,1),5),9,0)))*(($Q11+$AC11)/453.6)","v":0},{"$f":"IF(OR($R11=\"Diesel\",$R11=\"LNG/CNG\",$R11=\"Hybrid\",$R11=\"Electric w/ AB-118\"),IF($B11=\"3+ Trucks\",IF(OR($O11=\"Class_8\",$N11=\"Replacement8HHD\",$AI11=\"CL7HHD\"),INDEX('ER C8 FLT3'!$A$4:$J$640,MATCH(DropData!$J51&$C11,'ER C8 FLT3'!$A$4:$A$640&'ER C8 FLT3'!$B$4:$B$640-4,1),10),IF($O11=\"Class_7\",INDEX('ER C7 FLT3'!$A$4:$J$640,MATCH(DropData!$J51&$C11,'ER C7 FLT3'!$A$4:$A$640&'ER C7 FLT3'!$B$4:$B$640-4,1),10),IF($O11=\"Class_6\",INDEX('ER C6 FLT3'!$A$4:$J$640,MATCH(DropData!$J51&$C11,'ER C6 FLT3'!$A$4:$A$640&'ER C6 FLT3'!$B$4:$B$640-4,1),10)))),IF($B11=\"2 Trucks\",IF(OR($O11=\"Class_8\",$N11=\"Replacement8HHD\",$AI11=\"CL7HHD\"),INDEX('ER C8 FLT2'!$A$4:$J$640,MATCH(DropData!$J51&$C11,'ER C8 FLT2'!$A$4:$A$640&'ER C8 FLT2'!$B$4:$B$640-4,1),10),IF($O11=\"Class_7\",INDEX('ER C7 FLT2'!$A$4:$J$640,MATCH(DropData!$J51&$C11,'ER C7 FLT2'!$A$4:$A$640&'ER C7 FLT2'!$B$4:$B$640-4,1),10),IF($O11=\"Class_6\",INDEX('ER C6 FLT2'!$A$4:$J$640,MATCH(DropData!$J51&$C11,'ER C6 FLT2'!$A$4:$A$640&'ER C6 FLT2'!$B$4:$B$640-4,1),10)))),IF($B11=\"1 Truck\",IF(OR($O11=\"Class_8\",$N11=\"Replacement8HHD\",$AI11=\"CL7HHD\"),INDEX('ER C8 FLT1'!$A$4:$J$640,MATCH(DropData!$J51&$C11,'ER C8 FLT1'!$A$4:$A$640&'ER C8 FLT1'!$B$4:$B$640-4,1),10),IF($O11=\"Class_7\",INDEX('ER C7 FLT1'!$A$4:$J$640,MATCH(DropData!$J51&$C11,'ER C7 FLT1'!$A$4:$A$640&'ER C7 FLT1'!$B$4:$B$640-4,1),10),IF($O11=\"Class_6\",INDEX('ER C6 FLT1'!$A$4:$J$640,MATCH(DropData!$J51&$C11,'ER C6 FLT1'!$A$4:$A$640&'ER C6 FLT1'!$B$4:$B$640-4,1),10))))))),IF($R11=\"Electric\",OFFSET(INDEX('ER Electric'!$A$6:$E$44,MATCH($C11&$O11,'ER Electric'!$A$6:$A$44&'ER Electric'!$B$6:$B$44,1),5),12,0)))*(($Q11+$AC11)/453.6)","v":0},{"$f":"IF(OR($R11=\"Diesel\",$R11=\"LNG/CNG\",$R11=\"Hybrid\",$R11=\"Electric w/ AB-118\"),IF($B11=\"3+ Trucks\",IF(OR($O11=\"Class_8\",$N11=\"Replacement8HHD\",$AI11=\"CL7HHD\"),INDEX('ER C8 FLT3'!$A$4:$J$640,MATCH(DropData!$J51&$C11,'ER C8 FLT3'!$A$4:$A$640&'ER C8 FLT3'!$B$4:$B$640,1),10),IF($O11=\"Class_7\",INDEX('ER C7 FLT3'!$A$4:$J$640,MATCH(DropData!$J51&$C11,'ER C7 FLT3'!$A$4:$A$640&'ER C7 FLT3'!$B$4:$B$640,1),10),IF($O11=\"Class_6\",INDEX('ER C6 FLT3'!$A$4:$J$640,MATCH(DropData!$J51&$C11,'ER C6 FLT3'!$A$4:$A$640&'ER C6 FLT3'!$B$4:$B$640,1),10)))),IF($B11=\"2 Trucks\",IF(OR($O11=\"Class_8\",$N11=\"Replacement8HHD\",$AI11=\"CL7HHD\"),INDEX('ER C8 FLT2'!$A$4:$J$640,MATCH(DropData!$J51&$C11,'ER C8 FLT2'!$A$4:$A$640&'ER C8 FLT2'!$B$4:$B$640,1),10),IF($O11=\"Class_7\",INDEX('ER C7 FLT2'!$A$4:$J$640,MATCH(DropData!$J51&$C11,'ER C7 FLT2'!$A$4:$A$640&'ER C7 FLT2'!$B$4:$B$640,1),10),IF($O11=\"Class_6\",INDEX('ER C6 FLT2'!$A$4:$J$640,MATCH(DropData!$J51&$C11,'ER C6 FLT2'!$A$4:$A$640&'ER C6 FLT2'!$B$4:$B$640,1),10)))),IF($B11=\"1 Truck\",IF(OR($O11=\"Class_8\",$N11=\"Replacement8HHD\",$AI11=\"CL7HHD\"),INDEX('ER C8 FLT1'!$A$4:$J$640,MATCH(DropData!$J51&$C11,'ER C8 FLT1'!$A$4:$A$640&'ER C8 FLT1'!$B$4:$B$640,1),10),IF($O11=\"Class_7\",INDEX('ER C7 FLT1'!$A$4:$J$640,MATCH(DropData!$J51&$C11,'ER C7 FLT1'!$A$4:$A$640&'ER C7 FLT1'!$B$4:$B$640,1),10),IF($O11=\"Class_6\",INDEX('ER C6 FLT1'!$A$4:$J$640,MATCH(DropData!$J51&$C11,'ER C6 FLT1'!$A$4:$A$640&'ER C6 FLT1'!$B$4:$B$640,1),10))))))),IF($R11=\"Electric\",INDEX('ER Electric'!$A$6:$E$44,MATCH($C11&$O11,'ER Electric'!$A$6:$A$44&'ER Electric'!$B$6:$B$44,1),5)))","v":false},{"$f":"IF(OR($R11=\"Diesel\",$R11=\"LNG/CNG\",$R11=\"Hybrid\",$R11=\"Electric w/ AB-118\"),IF($B11=\"3+ Trucks\",IF(OR($O11=\"Class_8\",$N11=\"Replacement8HHD\",$AI11=\"CL7HHD\"),INDEX('ER C8 FLT3'!$A$4:$J$640,MATCH(DropData!$J51&$C11,'ER C8 FLT3'!$A$4:$A$640&'ER C8 FLT3'!$B$4:$B$640-1,1),10),IF($O11=\"Class_7\",INDEX('ER C7 FLT3'!$A$4:$J$640,MATCH(DropData!$J51&$C11,'ER C7 FLT3'!$A$4:$A$640&'ER C7 FLT3'!$B$4:$B$640-1,1),10),IF($O11=\"Class_6\",INDEX('ER C6 FLT3'!$A$4:$J$640,MATCH(DropData!$J51&$C11,'ER C6 FLT3'!$A$4:$A$640&'ER C6 FLT3'!$B$4:$B$640-1,1),10)))),IF($B11=\"2 Trucks\",IF(OR($O11=\"Class_8\",$N11=\"Replacement8HHD\",$AI11=\"CL7HHD\"),INDEX('ER C8 FLT2'!$A$4:$J$640,MATCH(DropData!$J51&$C11,'ER C8 FLT2'!$A$4:$A$640&'ER C8 FLT2'!$B$4:$B$640-1,1),10),IF($O11=\"Class_7\",INDEX('ER C7 FLT2'!$A$4:$J$640,MATCH(DropData!$J51&$C11,'ER C7 FLT2'!$A$4:$A$640&'ER C7 FLT2'!$B$4:$B$640-1,1),10),IF($O11=\"Class_6\",INDEX('ER C6 FLT2'!$A$4:$J$640,MATCH(DropData!$J51&$C11,'ER C6 FLT2'!$A$4:$A$640&'ER C6 FLT2'!$B$4:$B$640-1,1),10)))),IF($B11=\"1 Truck\",IF(OR($O11=\"Class_8\",$N11=\"Replacement8HHD\",$AI11=\"CL7HHD\"),INDEX('ER C8 FLT1'!$A$4:$J$640,MATCH(DropData!$J51&$C11,'ER C8 FLT1'!$A$4:$A$640&'ER C8 FLT1'!$B$4:$B$640-1,1),10),IF($O11=\"Class_7\",INDEX('ER C7 FLT1'!$A$4:$J$640,MATCH(DropData!$J51&$C11,'ER C7 FLT1'!$A$4:$A$640&'ER C7 FLT1'!$B$4:$B$640-1,1),10),IF($O11=\"Class_6\",INDEX('ER C6 FLT1'!$A$4:$J$640,MATCH(DropData!$J51&$C11,'ER C6 FLT1'!$A$4:$A$640&'ER C6 FLT1'!$B$4:$B$640-1,1),10))))))),IF($R11=\"Electric\",OFFSET(INDEX('ER Electric'!$A$6:$E$44,MATCH($C11&$O11,'ER Electric'!$A$6:$A$44&'ER Electric'!$B$6:$B$44,1),5),3,0)))","v":false},{"$f":"IF(OR($R11=\"Diesel\",$R11=\"LNG/CNG\",$R11=\"Hybrid\",$R11=\"Electric w/ AB-118\"),IF($B11=\"3+ Trucks\",IF(OR($O11=\"Class_8\",$N11=\"Replacement8HHD\",$AI11=\"CL7HHD\"),INDEX('ER C8 FLT3'!$A$4:$J$640,MATCH(DropData!$J51&$C11,'ER C8 FLT3'!$A$4:$A$640&'ER C8 FLT3'!$B$4:$B$640-2,1),10),IF($O11=\"Class_7\",INDEX('ER C7 FLT3'!$A$4:$J$640,MATCH(DropData!$J51&$C11,'ER C7 FLT3'!$A$4:$A$640&'ER C7 FLT3'!$B$4:$B$640-2,1),10),IF($O11=\"Class_6\",INDEX('ER C6 FLT3'!$A$4:$J$640,MATCH(DropData!$J51&$C11,'ER C6 FLT3'!$A$4:$A$640&'ER C6 FLT3'!$B$4:$B$640-2,1),10)))),IF($B11=\"2 Trucks\",IF(OR($O11=\"Class_8\",$N11=\"Replacement8HHD\",$AI11=\"CL7HHD\"),INDEX('ER C8 FLT2'!$A$4:$J$640,MATCH(DropData!$J51&$C11,'ER C8 FLT2'!$A$4:$A$640&'ER C8 FLT2'!$B$4:$B$640-2,1),10),IF($O11=\"Class_7\",INDEX('ER C7 FLT2'!$A$4:$J$640,MATCH(DropData!$J51&$C11,'ER C7 FLT2'!$A$4:$A$640&'ER C7 FLT2'!$B$4:$B$640-2,1),10),IF($O11=\"Class_6\",INDEX('ER C6 FLT2'!$A$4:$J$640,MATCH(DropData!$J51&$C11,'ER C6 FLT2'!$A$4:$A$640&'ER C6 FLT2'!$B$4:$B$640-2,1),10)))),IF($B11=\"1 Truck\",IF(OR($O11=\"Class_8\",$N11=\"Replacement8HHD\",$AI11=\"CL7HHD\"),INDEX('ER C8 FLT1'!$A$4:$J$640,MATCH(DropData!$J51&$C11,'ER C8 FLT1'!$A$4:$A$640&'ER C8 FLT1'!$B$4:$B$640-2,1),10),IF($O11=\"Class_7\",INDEX('ER C7 FLT1'!$A$4:$J$640,MATCH(DropData!$J51&$C11,'ER C7 FLT1'!$A$4:$A$640&'ER C7 FLT1'!$B$4:$B$640-2,1),10),IF($O11=\"Class_6\",INDEX('ER C6 FLT1'!$A$4:$J$640,MATCH(DropData!$J51&$C11,'ER C6 FLT1'!$A$4:$A$640&'ER C6 FLT1'!$B$4:$B$640-2,1),10))))))),IF($R11=\"Electric\",OFFSET(INDEX('ER Electric'!$A$6:$E$44,MATCH($C11&$O11,'ER Electric'!$A$6:$A$44&'ER Electric'!$B$6:$B$44,1),5),6,0)))","v":false},{"$f":"IF(OR($R11=\"Diesel\",$R11=\"LNG/CNG\",$R11=\"Hybrid\",$R11=\"Electric w/ AB-118\"),IF($B11=\"3+ Trucks\",IF(OR($O11=\"Class_8\",$N11=\"Replacement8HHD\",$AI11=\"CL7HHD\"),INDEX('ER C8 FLT3'!$A$4:$J$640,MATCH(DropData!$J51&$C11,'ER C8 FLT3'!$A$4:$A$640&'ER C8 FLT3'!$B$4:$B$640-3,1),10),IF($O11=\"Class_7\",INDEX('ER C7 FLT3'!$A$4:$J$640,MATCH(DropData!$J51&$C11,'ER C7 FLT3'!$A$4:$A$640&'ER C7 FLT3'!$B$4:$B$640-3,1),10),IF($O11=\"Class_6\",INDEX('ER C6 FLT3'!$A$4:$J$640,MATCH(DropData!$J51&$C11,'ER C6 FLT3'!$A$4:$A$640&'ER C6 FLT3'!$B$4:$B$640-3,1),10)))),IF($B11=\"2 Trucks\",IF(OR($O11=\"Class_8\",$N11=\"Replacement8HHD\",$AI11=\"CL7HHD\"),INDEX('ER C8 FLT2'!$A$4:$J$640,MATCH(DropData!$J51&$C11,'ER C8 FLT2'!$A$4:$A$640&'ER C8 FLT2'!$B$4:$B$640-3,1),10),IF($O11=\"Class_7\",INDEX('ER C7 FLT2'!$A$4:$J$640,MATCH(DropData!$J51&$C11,'ER C7 FLT2'!$A$4:$A$640&'ER C7 FLT2'!$B$4:$B$640-3,1),10),IF($O11=\"Class_6\",INDEX('ER C6 FLT2'!$A$4:$J$640,MATCH(DropData!$J51&$C11,'ER C6 FLT2'!$A$4:$A$640&'ER C6 FLT2'!$B$4:$B$640-3,1),10)))),IF($B11=\"1 Truck\",IF(OR($O11=\"Class_8\",$N11=\"Replacement8HHD\",$AI11=\"CL7HHD\"),INDEX('ER C8 FLT1'!$A$4:$J$640,MATCH(DropData!$J51&$C11,'ER C8 FLT1'!$A$4:$A$640&'ER C8 FLT1'!$B$4:$B$640-3,1),10),IF($O11=\"Class_7\",INDEX('ER C7 FLT1'!$A$4:$J$640,MATCH(DropData!$J51&$C11,'ER C7 FLT1'!$A$4:$A$640&'ER C7 FLT1'!$B$4:$B$640-3,1),10),IF($O11=\"Class_6\",INDEX('ER C6 FLT1'!$A$4:$J$640,MATCH(DropData!$J51&$C11,'ER C6 FLT1'!$A$4:$A$640&'ER C6 FLT1'!$B$4:$B$640-3,1),10))))))),IF($R11=\"Electric\",OFFSET(INDEX('ER Electric'!$A$6:$E$44,MATCH($C11&$O11,'ER Electric'!$A$6:$A$44&'ER Electric'!$B$6:$B$44,1),5),9,0)))","v":false},{"$f":"IF(OR($R11=\"Diesel\",$R11=\"LNG/CNG\",$R11=\"Hybrid\",$R11=\"Electric w/ AB-118\"),IF($B11=\"3+ Trucks\",IF(OR($O11=\"Class_8\",$N11=\"Replacement8HHD\",$AI11=\"CL7HHD\"),INDEX('ER C8 FLT3'!$A$4:$J$640,MATCH(DropData!$J51&$C11,'ER C8 FLT3'!$A$4:$A$640&'ER C8 FLT3'!$B$4:$B$640-4,1),10),IF($O11=\"Class_7\",INDEX('ER C7 FLT3'!$A$4:$J$640,MATCH(DropData!$J51&$C11,'ER C7 FLT3'!$A$4:$A$640&'ER C7 FLT3'!$B$4:$B$640-4,1),10),IF($O11=\"Class_6\",INDEX('ER C6 FLT3'!$A$4:$J$640,MATCH(DropData!$J51&$C11,'ER C6 FLT3'!$A$4:$A$640&'ER C6 FLT3'!$B$4:$B$640-4,1),10)))),IF($B11=\"2 Trucks\",IF(OR($O11=\"Class_8\",$N11=\"Replacement8HHD\",$AI11=\"CL7HHD\"),INDEX('ER C8 FLT2'!$A$4:$J$640,MATCH(DropData!$J51&$C11,'ER C8 FLT2'!$A$4:$A$640&'ER C8 FLT2'!$B$4:$B$640-4,1),10),IF($O11=\"Class_7\",INDEX('ER C7 FLT2'!$A$4:$J$640,MATCH(DropData!$J51&$C11,'ER C7 FLT2'!$A$4:$A$640&'ER C7 FLT2'!$B$4:$B$640-4,1),10),IF($O11=\"Class_6\",INDEX('ER C6 FLT2'!$A$4:$J$640,MATCH(DropData!$J51&$C11,'ER C6 FLT2'!$A$4:$A$640&'ER C6 FLT2'!$B$4:$B$640-4,1),10)))),IF($B11=\"1 Truck\",IF(OR($O11=\"Class_8\",$N11=\"Replacement8HHD\",$AI11=\"CL7HHD\"),INDEX('ER C8 FLT1'!$A$4:$J$640,MATCH(DropData!$J51&$C11,'ER C8 FLT1'!$A$4:$A$640&'ER C8 FLT1'!$B$4:$B$640-4,1),10),IF($O11=\"Class_7\",INDEX('ER C7 FLT1'!$A$4:$J$640,MATCH(DropData!$J51&$C11,'ER C7 FLT1'!$A$4:$A$640&'ER C7 FLT1'!$B$4:$B$640-4,1),10),IF($O11=\"Class_6\",INDEX('ER C6 FLT1'!$A$4:$J$640,MATCH(DropData!$J51&$C11,'ER C6 FLT1'!$A$4:$A$640&'ER C6 FLT1'!$B$4:$B$640-4,1),10))))))),IF($R11=\"Electric\",OFFSET(INDEX('ER Electric'!$A$6:$E$44,MATCH($C11&$O11,'ER Electric'!$A$6:$A$44&'ER Electric'!$B$6:$B$44,1),5),12,0)))","v":false},0,{"$f":"IF($B11=\"3+ Trucks\",IF($Z11=\"Class_8\",INDEX('ER C8 FLT3'!$A$4:$J$640,MATCH($W11&$C11,'ER C8 FLT3'!$A$4:$A$640&'ER C8 FLT3'!$B$4:$B$640,1),10),IF($Z11=\"Class_7\",INDEX('ER C7 FLT3'!$A$4:$J$640,MATCH($W11&$C11,'ER C7 FLT3'!$A$4:$A$640&'ER C7 FLT3'!$B$4:$B$640,1),10),IF($Z11=\"Class_6\",INDEX('ER C6 FLT3'!$A$4:$J$640,MATCH($W11&$C11,'ER C6 FLT3'!$A$4:$A$640&'ER C6 FLT3'!$B$4:$B$640,1),10)))),IF($B11=\"2 Trucks\",IF($Z11=\"Class_8\",INDEX('ER C8 FLT2'!$A$4:$J$640,MATCH($W11&$C11,'ER C8 FLT2'!$A$4:$A$640&'ER C8 FLT2'!$B$4:$B$640,1),10),IF($Z11=\"Class_7\",INDEX('ER C7 FLT2'!$A$4:$J$640,MATCH($W11&$C11,'ER C7 FLT2'!$A$4:$A$640&'ER C7 FLT2'!$B$4:$B$640,1),10),IF($Z11=\"Class_6\",INDEX('ER C6 FLT2'!$A$4:$J$640,MATCH($W11&$C11,'ER C6 FLT2'!$A$4:$A$640&'ER C6 FLT2'!$B$4:$B$640,1),10)))),IF($B11=\"1 Truck\",IF($Z11=\"Class_8\",INDEX('ER C8 FLT1'!$A$4:$J$640,MATCH($W11&$C11,'ER C8 FLT1'!$A$4:$A$640&'ER C8 FLT1'!$B$4:$B$640,1),10),IF($Z11=\"Class_7\",INDEX('ER C7 FLT1'!$A$4:$J$640,MATCH($W11&$C11,'ER C7 FLT1'!$A$4:$A$640&'ER C7 FLT1'!$B$4:$B$640,1),10)*IF($Z11=\"Class_7\",INDEX('ER C7 FLT1'!$A$4:$J$640,MATCH($W11&$C11,'ER C7 FLT1'!$A$4:$A$640&'ER C7 FLT1'!$B$4:$B$640,1),10)),IF($Z11=\"Class_6\",INDEX('ER C6 FLT1'!$A$4:$J$640,MATCH($W11&$C11,'ER C6 FLT1'!$A$4:$A$640&'ER C6 FLT1'!$B$4:$B$640,1),10)*IF($Z11=\"Class_6\",INDEX('ER C6 FLT1'!$A$4:$J$640,MATCH($W11&$C11,'ER C6 FLT1'!$A$4:$A$640&'ER C6 FLT1'!$B$4:$B$640,1),10))))))))*($AC11/453.6)","v":0},0,0,{"$f":"IF($B11=\"3+ Trucks\",IF($Z11=\"Class_8\",INDEX('ER C8 FLT3'!$A$4:$J$640,MATCH($W11&$C11,'ER C8 FLT3'!$A$4:$A$640&'ER C8 FLT3'!$B$4:$B$640-1,1),10),IF($Z11=\"Class_7\",INDEX('ER C7 FLT3'!$A$4:$J$640,MATCH($W11&$C11,'ER C7 FLT3'!$A$4:$A$640&'ER C7 FLT3'!$B$4:$B$640-1,1),10),IF($Z11=\"Class_6\",INDEX('ER C6 FLT3'!$A$4:$J$640,MATCH($W11&$C11,'ER C6 FLT3'!$A$4:$A$640&'ER C6 FLT3'!$B$4:$B$640-1,1),10)))),IF($B11=\"2 Trucks\",IF($Z11=\"Class_8\",INDEX('ER C8 FLT2'!$A$4:$J$640,MATCH($W11&$C11,'ER C8 FLT2'!$A$4:$A$640&'ER C8 FLT2'!$B$4:$B$640-1,1),10),IF($Z11=\"Class_7\",INDEX('ER C7 FLT2'!$A$4:$J$640,MATCH($W11&$C11,'ER C7 FLT2'!$A$4:$A$640&'ER C7 FLT2'!$B$4:$B$640-1,1),10),IF($Z11=\"Class_6\",INDEX('ER C6 FLT2'!$A$4:$J$640,MATCH($W11&$C11,'ER C6 FLT2'!$A$4:$A$640&'ER C6 FLT2'!$B$4:$B$640-1,1),10)))),IF($B11=\"1 Truck\",IF($Z11=\"Class_8\",INDEX('ER C8 FLT1'!$A$4:$J$640,MATCH($W11&$C11,'ER C8 FLT1'!$A$4:$A$640&'ER C8 FLT1'!$B$4:$B$640-1,1),10),IF($Z11=\"Class_7\",INDEX('ER C7 FLT1'!$A$4:$J$640,MATCH($W11&$C11,'ER C7 FLT1'!$A$4:$A$640&'ER C7 FLT1'!$B$4:$B$640-1,1),10)*IF($Z11=\"Class_7\",INDEX('ER C7 FLT1'!$A$4:$J$640,MATCH($W11&$C11,'ER C7 FLT1'!$A$4:$A$640&'ER C7 FLT1'!$B$4:$B$640-1,1),10)),IF($Z11=\"Class_6\",INDEX('ER C6 FLT1'!$A$4:$J$640,MATCH($W11&$C11,'ER C6 FLT1'!$A$4:$A$640&'ER C6 FLT1'!$B$4:$B$640-1,1),10)*IF($Z11=\"Class_6\",INDEX('ER C6 FLT1'!$A$4:$J$640,MATCH($W11&$C11,'ER C6 FLT1'!$A$4:$A$640&'ER C6 FLT1'!$B$4:$B$640-1,1),10))))))))*($AC11/453.6)","v":0},0,0,{"$f":"IF($B11=\"3+ Trucks\",IF($Z11=\"Class_8\",INDEX('ER C8 FLT3'!$A$4:$J$640,MATCH($W11&$C11,'ER C8 FLT3'!$A$4:$A$640&'ER C8 FLT3'!$B$4:$B$640-2,1),10),IF($Z11=\"Class_7\",INDEX('ER C7 FLT3'!$A$4:$J$640,MATCH($W11&$C11,'ER C7 FLT3'!$A$4:$A$640&'ER C7 FLT3'!$B$4:$B$640-2,1),10),IF($Z11=\"Class_6\",INDEX('ER C6 FLT3'!$A$4:$J$640,MATCH($W11&$C11,'ER C6 FLT3'!$A$4:$A$640&'ER C6 FLT3'!$B$4:$B$640-2,1),10)))),IF($B11=\"2 Trucks\",IF($Z11=\"Class_8\",INDEX('ER C8 FLT2'!$A$4:$J$640,MATCH($W11&$C11,'ER C8 FLT2'!$A$4:$A$640&'ER C8 FLT2'!$B$4:$B$640-2,1),10),IF($Z11=\"Class_7\",INDEX('ER C7 FLT2'!$A$4:$J$640,MATCH($W11&$C11,'ER C7 FLT2'!$A$4:$A$640&'ER C7 FLT2'!$B$4:$B$640-2,1),10),IF($Z11=\"Class_6\",INDEX('ER C6 FLT2'!$A$4:$J$640,MATCH($W11&$C11,'ER C6 FLT2'!$A$4:$A$640&'ER C6 FLT2'!$B$4:$B$640-2,1),10)))),IF($B11=\"1 Truck\",IF($Z11=\"Class_8\",INDEX('ER C8 FLT1'!$A$4:$J$640,MATCH($W11&$C11,'ER C8 FLT1'!$A$4:$A$640&'ER C8 FLT1'!$B$4:$B$640-2,1),10),IF($Z11=\"Class_7\",INDEX('ER C7 FLT1'!$A$4:$J$640,MATCH($W11&$C11,'ER C7 FLT1'!$A$4:$A$640&'ER C7 FLT1'!$B$4:$B$640-2,1),10)*IF($Z11=\"Class_7\",INDEX('ER C7 FLT1'!$A$4:$J$640,MATCH($W11&$C11,'ER C7 FLT1'!$A$4:$A$640&'ER C7 FLT1'!$B$4:$B$640-2,1),10)),IF($Z11=\"Class_6\",INDEX('ER C6 FLT1'!$A$4:$J$640,MATCH($W11&$C11,'ER C6 FLT1'!$A$4:$A$640&'ER C6 FLT1'!$B$4:$B$640-2,1),10)*IF($Z11=\"Class_6\",INDEX('ER C6 FLT1'!$A$4:$J$640,MATCH($W11&$C11,'ER C6 FLT1'!$A$4:$A$640&'ER C6 FLT1'!$B$4:$B$640-2,1),10))))))))*($AC11/453.6)","v":0},0,0,{"$f":"IF($B11=\"3+ Trucks\",IF($Z11=\"Class_8\",INDEX('ER C8 FLT3'!$A$4:$J$640,MATCH($W11&$C11,'ER C8 FLT3'!$A$4:$A$640&'ER C8 FLT3'!$B$4:$B$640-3,1),10),IF($Z11=\"Class_7\",INDEX('ER C7 FLT3'!$A$4:$J$640,MATCH($W11&$C11,'ER C7 FLT3'!$A$4:$A$640&'ER C7 FLT3'!$B$4:$B$640-3,1),10),IF($Z11=\"Class_6\",INDEX('ER C6 FLT3'!$A$4:$J$640,MATCH($W11&$C11,'ER C6 FLT3'!$A$4:$A$640&'ER C6 FLT3'!$B$4:$B$640-3,1),10)))),IF($B11=\"2 Trucks\",IF($Z11=\"Class_8\",INDEX('ER C8 FLT2'!$A$4:$J$640,MATCH($W11&$C11,'ER C8 FLT2'!$A$4:$A$640&'ER C8 FLT2'!$B$4:$B$640-3,1),10),IF($Z11=\"Class_7\",INDEX('ER C7 FLT2'!$A$4:$J$640,MATCH($W11&$C11,'ER C7 FLT2'!$A$4:$A$640&'ER C7 FLT2'!$B$4:$B$640-3,1),10),IF($Z11=\"Class_6\",INDEX('ER C6 FLT2'!$A$4:$J$640,MATCH($W11&$C11,'ER C6 FLT2'!$A$4:$A$640&'ER C6 FLT2'!$B$4:$B$640-3,1),10)))),IF($B11=\"1 Truck\",IF($Z11=\"Class_8\",INDEX('ER C8 FLT1'!$A$4:$J$640,MATCH($W11&$C11,'ER C8 FLT1'!$A$4:$A$640&'ER C8 FLT1'!$B$4:$B$640-3,1),10),IF($Z11=\"Class_7\",INDEX('ER C7 FLT1'!$A$4:$J$640,MATCH($W11&$C11,'ER C7 FLT1'!$A$4:$A$640&'ER C7 FLT1'!$B$4:$B$640-3,1),10)*IF($Z11=\"Class_7\",INDEX('ER C7 FLT1'!$A$4:$J$640,MATCH($W11&$C11,'ER C7 FLT1'!$A$4:$A$640&'ER C7 FLT1'!$B$4:$B$640-3,1),10)),IF($Z11=\"Class_6\",INDEX('ER C6 FLT1'!$A$4:$J$640,MATCH($W11&$C11,'ER C6 FLT1'!$A$4:$A$640&'ER C6 FLT1'!$B$4:$B$640-3,1),10)*IF($Z11=\"Class_6\",INDEX('ER C6 FLT1'!$A$4:$J$640,MATCH($W11&$C11,'ER C6 FLT1'!$A$4:$A$640&'ER C6 FLT1'!$B$4:$B$640-3,1),10))))))))*($AC11/453.6)","v":0},0,0,{"$f":"IF($B11=\"3+ Trucks\",IF($Z11=\"Class_8\",INDEX('ER C8 FLT3'!$A$4:$J$640,MATCH($W11&$C11,'ER C8 FLT3'!$A$4:$A$640&'ER C8 FLT3'!$B$4:$B$640-4,1),10),IF($Z11=\"Class_7\",INDEX('ER C7 FLT3'!$A$4:$J$640,MATCH($W11&$C11,'ER C7 FLT3'!$A$4:$A$640&'ER C7 FLT3'!$B$4:$B$640-4,1),10),IF($Z11=\"Class_6\",INDEX('ER C6 FLT3'!$A$4:$J$640,MATCH($W11&$C11,'ER C6 FLT3'!$A$4:$A$640&'ER C6 FLT3'!$B$4:$B$640-4,1),10)))),IF($B11=\"2 Trucks\",IF($Z11=\"Class_8\",INDEX('ER C8 FLT2'!$A$4:$J$640,MATCH($W11&$C11,'ER C8 FLT2'!$A$4:$A$640&'ER C8 FLT2'!$B$4:$B$640-4,1),10),IF($Z11=\"Class_7\",INDEX('ER C7 FLT2'!$A$4:$J$640,MATCH($W11&$C11,'ER C7 FLT2'!$A$4:$A$640&'ER C7 FLT2'!$B$4:$B$640-4,1),10),IF($Z11=\"Class_6\",INDEX('ER C6 FLT2'!$A$4:$J$640,MATCH($W11&$C11,'ER C6 FLT2'!$A$4:$A$640&'ER C6 FLT2'!$B$4:$B$640-4,1),10)))),IF($B11=\"1 Truck\",IF($Z11=\"Class_8\",INDEX('ER C8 FLT1'!$A$4:$J$640,MATCH($W11&$C11,'ER C8 FLT1'!$A$4:$A$640&'ER C8 FLT1'!$B$4:$B$640-4,1),10),IF($Z11=\"Class_7\",INDEX('ER C7 FLT1'!$A$4:$J$640,MATCH($W11&$C11,'ER C7 FLT1'!$A$4:$A$640&'ER C7 FLT1'!$B$4:$B$640-4,1),10)*IF($Z11=\"Class_7\",INDEX('ER C7 FLT1'!$A$4:$J$640,MATCH($W11&$C11,'ER C7 FLT1'!$A$4:$A$640&'ER C7 FLT1'!$B$4:$B$640-4,1),10)),IF($Z11=\"Class_6\",INDEX('ER C6 FLT1'!$A$4:$J$640,MATCH($W11&$C11,'ER C6 FLT1'!$A$4:$A$640&'ER C6 FLT1'!$B$4:$B$640-4,1),10)*IF($Z11=\"Class_6\",INDEX('ER C6 FLT1'!$A$4:$J$640,MATCH($W11&$C11,'ER C6 FLT1'!$A$4:$A$640&'ER C6 FLT1'!$B$4:$B$640-4,1),10))))))))*($AC11/453.6)","v":0},0,0]
[{"$f":"'Input data'!A10","v":"project 6"},{"$f":"'Input data'!B10","v":0},{"$f":"'Input data'!C10","v":0},{"$f":"'Input data'!D10","v":0},{"$f":"'Input data'!E10","v":0},{"$f":"'Input data'!F10","v":0},{"$f":"'Input data'!G10","v":0},{"$f":"'Input data'!H10","v":""},{"$f":"'Input data'!I10","v":0},{"$f":"'Input data'!J10","v":0},{"$f":"'Input data'!K10","v":0},{"$f":"'Input data'!AK10","v":false},{"$f":"'Input data'!M10","v":0},{"$f":"'Input data'!AJ10","v":0},{"$f":"'Input data'!L10","v":0},{"$f":"'Input data'!N10","v":0},{"$f":"'Input data'!O10","v":0},{"$f":"'Input data'!P10","v":0},{"$f":"'Input data'!Q10","v":0},{"$f":"'Input data'!R10","v":"0"},{"$f":"'Input data'!$S10","v":"No"},{"$f":"'Input data'!T10","v":"No"},{"$f":"'Input data'!U10","v":0},{"$f":"'Input data'!V10","v":0},{"$f":"'Input data'!W10","v":0},{"$f":"'Input data'!X10","v":""},{"$f":"'Input data'!Y10","v":0},{"$f":"'Input data'!Z10","v":0},{"$f":"'Input data'!AA10","v":0},null,null,{"$f":"'Input data'!AD10","v":0},{"$f":"'Input data'!AE10","v":false},{"$f":"'Input data'!AF10","v":false},{"$f":"'Input data'!AG10","v":false},{"$f":"'Input data'!AH10","v":false},null,{"$f":"IF($B12=\"3+ Trucks\",IF(OR($H12=\"Class_8\",$N12=\"Replacement8HHD\",$AH12=\"CL7HHD\",$AJ12=\"CL7to8\"),INDEX('ER C8 FLT3'!$A$4:$J$640,MATCH($E12&$C12,'ER C8 FLT3'!$A$4:$A$640&'ER C8 FLT3'!$B$4:$B$640,1),8)*IF(OR($H12=\"Class_8\",$N12=\"Replacement8HHD\",$AH12=\"CL7HHD\",$AJ12=\"CL7to8\"),INDEX('ER C8 FLT3'!$A$4:$J$640,MATCH($E12&$C12,'ER C8 FLT3'!$A$4:$A$640&'ER C8 FLT3'!$B$4:$B$640,1),9)),IF($H12=\"Class_7\",INDEX('ER C7 FLT3'!$A$4:$J$640,MATCH($E12&$C12,'ER C7 FLT3'!$A$4:$A$640&'ER C7 FLT3'!$B$4:$B$640,1),8)*IF($H12=\"Class_7\",INDEX('ER C7 FLT3'!$A$4:$J$640,MATCH($E12&$C12,'ER C7 FLT3'!$A$4:$A$640&'ER C7 FLT3'!$B$4:$B$640,1),9)),\nIF($H12=\"Class_6\",INDEX('ER C6 FLT3'!$A$4:$J$640,MATCH($E12&$C12,'ER C6 FLT3'!$A$4:$A$640&'ER C6 FLT3'!$B$4:$B$640,1),8)*IF($H12=\"Class_6\",INDEX('ER C6 FLT3'!$A$4:$L$640,MATCH($E12&$C12,'ER C6 FLT3'!$A$4:$A$640&'ER C6 FLT3'!$B$4:$B$640,1),9))))),IF($B12=\"2 Trucks\",IF(OR($H12=\"Class_8\",$N12=\"Replacement8HHD\",$AH12=\"CL7HHD\",$AJ12=\"CL7to8\"),INDEX('ER C8 FLT2'!$A$4:$J$640,MATCH($E12&$C12,'ER C8 FLT2'!$A$4:$A$640&'ER C8 FLT2'!$B$4:$B$640,1),8)*IF(OR($H12=\"Class_8\",$N12=\"Replacement8HHD\",$AH12=\"CL7HHD\",$AJ12=\"CL7to8\"),INDEX('ER C8 FLT2'!$A$4:$J$640,MATCH($E12&$C12,'ER C8 FLT2'!$A$4:$A$640&'ER C8 FLT2'!$B$4:$B$640,1),9)),IF($H12=\"Class_7\",INDEX('ER C7 FLT2'!$A$4:$J$640,MATCH($E12&$C12,'ER C7 FLT2'!$A$4:$A$640&'ER C7 FLT2'!$B$4:$B$640,1),8)*IF($H12=\"Class_7\",INDEX('ER C7 FLT2'!$A$4:$J$640,MATCH($E12&$C12,'ER C7 FLT2'!$A$4:$A$640&'ER C7 FLT2'!$B$4:$B$640,1),9)),IF($H12=\"Class_6\",INDEX('ER C6 FLT2'!$A$4:$J$640,MATCH($E12&$C12,'ER C6 FLT2'!$A$4:$A$640&'ER C6 FLT2'!$B$4:$B$640,1),8)*IF($H12=\"Class_6\",INDEX('ER C6 FLT2'!$A$4:$J$640,MATCH($E12&$C12,'ER C6 FLT2'!$A$4:$A$640&'ER C6 FLT2'!$B$4:$B$640,1),9))))),IF($B12=\"1 Truck\",\nIF(OR($H12=\"Class_8\",$N12=\"Replacement8HHD\",$AH12=\"CL7HHD\",$AJ12=\"CL7to8\"),INDEX('ER C8 FLT1'!$A$4:$J$640,MATCH($E12&$C12,'ER C8 FLT1'!$A$4:$A$640&'ER C8 FLT1'!$B$4:$B$640,1),8)*IF(OR($H12=\"Class_8\",$N12=\"Replacement8HHD\",$AH12=\"CL7HHD\",$AJ12=\"CL7to8\"),INDEX('ER C8 FLT1'!$A$4:$J$640,MATCH($E12&$C12,'ER C8 FLT1'!$A$4:$A$640&'ER C8 FLT1'!$B$4:$B$640,1),9)),IF($H12=\"Class_7\",INDEX('ER C7 FLT1'!$A$4:$J$640,MATCH($E12&$C12,'ER C7 FLT1'!$A$4:$A$640&'ER C7 FLT1'!$B$4:$B$640,1),8)*IF($H12=\"Class_7\",INDEX('ER C7 FLT1'!$A$4:$J$640,MATCH($E12&$C12,'ER C7 FLT1'!$A$4:$A$640&'ER C7 FLT1'!$B$4:$B$640,1),9)),\nIF($H12=\"Class_6\",INDEX('ER C6 FLT1'!$A$4:$J$640,MATCH($E12&$C12,'ER C6 FLT1'!$A$4:$A$640&'ER C6 FLT1'!$B$4:$B$640,1),8)*IF($H12=\"Class_6\",INDEX('ER C6 FLT1'!$A$4:$J$640,MATCH($E12&$C12,'ER C6 FLT1'!$A$4:$A$640&'ER C6 FLT1'!$B$4:$B$640,1),9))))))))*IF($F12=\"Level 1 PM\",0.75,IF($F12=\"Level 2 PM\",0.5,IF($F12=\"Level 3 PM\",0,IF($F12=\"Level 3 PM + Mark I NOx\",0,1))))*($Q12/453.6)","v":0},{"$f":"IF($B12=\"3+ Trucks\",IF(OR($H12=\"Class_8\",$N12=\"Replacement8HHD\",$AH12=\"CL7HHD\",$AJ12=\"CL7to8\"),INDEX('ER C8 FLT3'!$A$4:$J$640,MATCH($E12&$C12,'ER C8 FLT3'!$A$4:$A$640&'ER C8 FLT3'!$B$4:$B$640-1,1),8)*IF(OR($H12=\"Class_8\",$N12=\"Replacement8HHD\",$AH12=\"CL7HHD\",$AJ12=\"CL7to8\"),INDEX('ER C8 FLT3'!$A$4:$J$640,MATCH($E12&$C12,'ER C8 FLT3'!$A$4:$A$640&'ER C8 FLT3'!$B$4:$B$640-1,1),9)),IF($H12=\"Class_7\",INDEX('ER C7 FLT3'!$A$4:$J$640,MATCH($E12&$C12,'ER C7 FLT3'!$A$4:$A$640&'ER C7 FLT3'!$B$4:$B$640-1,1),8)*IF($H12=\"Class_7\",INDEX('ER C7 FLT3'!$A$4:$J$640,MATCH($E12&$C12,'ER C7 FLT3'!$A$4:$A$640&'ER C7 FLT3'!$B$4:$B$640-1,1),9)),\nIF($H12=\"Class_6\",INDEX('ER C6 FLT3'!$A$4:$J$640,MATCH($E12&$C12,'ER C6 FLT3'!$A$4:$A$640&'ER C6 FLT3'!$B$4:$B$640-1,1),8)*IF($H12=\"Class_6\",INDEX('ER C6 FLT3'!$A$4:$L$640,MATCH($E12&$C12,'ER C6 FLT3'!$A$4:$A$640&'ER C6 FLT3'!$B$4:$B$640-1,1),9))))),IF($B12=\"2 Trucks\",IF(OR($H12=\"Class_8\",$N12=\"Replacement8HHD\",$AH12=\"CL7HHD\",$AJ12=\"CL7to8\"),INDEX('ER C8 FLT2'!$A$4:$J$640,MATCH($E12&$C12,'ER C8 FLT2'!$A$4:$A$640&'ER C8 FLT2'!$B$4:$B$640-1,1),8)*IF(OR($H12=\"Class_8\",$N12=\"Replacement8HHD\",$AH12=\"CL7HHD\",$AJ12=\"CL7to8\"),INDEX('ER C8 FLT2'!$A$4:$J$640,MATCH($E12&$C12,'ER C8 FLT2'!$A$4:$A$640&'ER C8 FLT2'!$B$4:$B$640-1,1),9)),IF($H12=\"Class_7\",INDEX('ER C7 FLT2'!$A$4:$J$640,MATCH($E12&$C12,'ER C7 FLT2'!$A$4:$A$640&'ER C7 FLT2'!$B$4:$B$640-1,1),8)*IF($H12=\"Class_7\",INDEX('ER C7 FLT2'!$A$4:$J$640,MATCH($E12&$C12,'ER C7 FLT2'!$A$4:$A$640&'ER C7 FLT2'!$B$4:$B$640-1,1),9)),IF($H12=\"Class_6\",INDEX('ER C6 FLT2'!$A$4:$J$640,MATCH($E12&$C12,'ER C6 FLT2'!$A$4:$A$640&'ER C6 FLT2'!$B$4:$B$640-1,1),8)*IF($H12=\"Class_6\",INDEX('ER C6 FLT2'!$A$4:$J$640,MATCH($E12&$C12,'ER C6 FLT2'!$A$4:$A$640&'ER C6 FLT2'!$B$4:$B$640-1,1),9))))),IF($B12=\"1 Truck\",\nIF(OR($H12=\"Class_8\",$N12=\"Replacement8HHD\",$AH12=\"CL7HHD\",$AJ12=\"CL7to8\"),INDEX('ER C8 FLT1'!$A$4:$J$640,MATCH($E12&$C12,'ER C8 FLT1'!$A$4:$A$640&'ER C8 FLT1'!$B$4:$B$640-1,1),8)*IF(OR($H12=\"Class_8\",$N12=\"Replacement8HHD\",$AH12=\"CL7HHD\",$AJ12=\"CL7to8\"),INDEX('ER C8 FLT1'!$A$4:$J$640,MATCH($E12&$C12,'ER C8 FLT1'!$A$4:$A$640&'ER C8 FLT1'!$B$4:$B$640-1,1),9)),IF($H12=\"Class_7\",INDEX('ER C7 FLT1'!$A$4:$J$640,MATCH($E12&$C12,'ER C7 FLT1'!$A$4:$A$640&'ER C7 FLT1'!$B$4:$B$640-1,1),8)*IF($H12=\"Class_7\",INDEX('ER C7 FLT1'!$A$4:$J$640,MATCH($E12&$C12,'ER C7 FLT1'!$A$4:$A$640&'ER C7 FLT1'!$B$4:$B$640-1,1),9)),\nIF($H12=\"Class_6\",INDEX('ER C6 FLT1'!$A$4:$J$640,MATCH($E12&$C12,'ER C6 FLT1'!$A$4:$A$640&'ER C6 FLT1'!$B$4:$B$640-1,1),8)*IF($H12=\"Class_6\",INDEX('ER C6 FLT1'!$A$4:$J$640,MATCH($E12&$C12,'ER C6 FLT1'!$A$4:$A$640&'ER C6 FLT1'!$B$4:$B$640-1,1),9))))))))*IF($F12=\"Level 1 PM\",0.75,IF($F12=\"Level 2 PM\",0.5,IF($F12=\"Level 3 PM\",0,IF($F12=\"Level 3 PM + Mark I NOx\",0,1))))*($Q12/453.6)","v":0},{"$f":"IF($B12=\"3+ Trucks\",IF(OR($H12=\"Class_8\",$N12=\"Replacement8HHD\",$AH12=\"CL7HHD\",$AJ12=\"CL7to8\"),INDEX('ER C8 FLT3'!$A$4:$J$640,MATCH($E12&$C12,'ER C8 FLT3'!$A$4:$A$640&'ER C8 FLT3'!$B$4:$B$640-2,1),8)*IF(OR($H12=\"Class_8\",$N12=\"Replacement8HHD\",$AH12=\"CL7HHD\",$AJ12=\"CL7to8\"),INDEX('ER C8 FLT3'!$A$4:$J$640,MATCH($E12&$C12,'ER C8 FLT3'!$A$4:$A$640&'ER C8 FLT3'!$B$4:$B$640-2,1),9)),IF($H12=\"Class_7\",INDEX('ER C7 FLT3'!$A$4:$J$640,MATCH($E12&$C12,'ER C7 FLT3'!$A$4:$A$640&'ER C7 FLT3'!$B$4:$B$640-2,1),8)*IF($H12=\"Class_7\",INDEX('ER C7 FLT3'!$A$4:$J$640,MATCH($E12&$C12,'ER C7 FLT3'!$A$4:$A$640&'ER C7 FLT3'!$B$4:$B$640-2,1),9)),\nIF($H12=\"Class_6\",INDEX('ER C6 FLT3'!$A$4:$J$640,MATCH($E12&$C12,'ER C6 FLT3'!$A$4:$A$640&'ER C6 FLT3'!$B$4:$B$640-2,1),8)*IF($H12=\"Class_6\",INDEX('ER C6 FLT3'!$A$4:$L$640,MATCH($E12&$C12,'ER C6 FLT3'!$A$4:$A$640&'ER C6 FLT3'!$B$4:$B$640-2,1),9))))),IF($B12=\"2 Trucks\",IF(OR($H12=\"Class_8\",$N12=\"Replacement8HHD\",$AH12=\"CL7HHD\",$AJ12=\"CL7to8\"),INDEX('ER C8 FLT2'!$A$4:$J$640,MATCH($E12&$C12,'ER C8 FLT2'!$A$4:$A$640&'ER C8 FLT2'!$B$4:$B$640-2,1),8)*IF(OR($H12=\"Class_8\",$N12=\"Replacement8HHD\",$AH12=\"CL7HHD\",$AJ12=\"CL7to8\"),INDEX('ER C8 FLT2'!$A$4:$J$640,MATCH($E12&$C12,'ER C8 FLT2'!$A$4:$A$640&'ER C8 FLT2'!$B$4:$B$640-2,1),9)),IF($H12=\"Class_7\",INDEX('ER C7 FLT2'!$A$4:$J$640,MATCH($E12&$C12,'ER C7 FLT2'!$A$4:$A$640&'ER C7 FLT2'!$B$4:$B$640-2,1),8)*IF($H12=\"Class_7\",INDEX('ER C7 FLT2'!$A$4:$J$640,MATCH($E12&$C12,'ER C7 FLT2'!$A$4:$A$640&'ER C7 FLT2'!$B$4:$B$640-2,1),9)),IF($H12=\"Class_6\",INDEX('ER C6 FLT2'!$A$4:$J$640,MATCH($E12&$C12,'ER C6 FLT2'!$A$4:$A$640&'ER C6 FLT2'!$B$4:$B$640-2,1),8)*IF($H12=\"Class_6\",INDEX('ER C6 FLT2'!$A$4:$J$640,MATCH($E12&$C12,'ER C6 FLT2'!$A$4:$A$640&'ER C6 FLT2'!$B$4:$B$640-2,1),9))))),IF($B12=\"1 Truck\",\nIF(OR($H12=\"Class_8\",$N12=\"Replacement8HHD\",$AH12=\"CL7HHD\",$AJ12=\"CL7to8\"),INDEX('ER C8 FLT1'!$A$4:$J$640,MATCH($E12&$C12,'ER C8 FLT1'!$A$4:$A$640&'ER C8 FLT1'!$B$4:$B$640-2,1),8)*IF(OR($H12=\"Class_8\",$N12=\"Replacement8HHD\",$AH12=\"CL7HHD\",$AJ12=\"CL7to8\"),INDEX('ER C8 FLT1'!$A$4:$J$640,MATCH($E12&$C12,'ER C8 FLT1'!$A$4:$A$640&'ER C8 FLT1'!$B$4:$B$640-2,1),9)),IF($H12=\"Class_7\",INDEX('ER C7 FLT1'!$A$4:$J$640,MATCH($E12&$C12,'ER C7 FLT1'!$A$4:$A$640&'ER C7 FLT1'!$B$4:$B$640-2,1),8)*IF($H12=\"Class_7\",INDEX('ER C7 FLT1'!$A$4:$J$640,MATCH($E12&$C12,'ER C7 FLT1'!$A$4:$A$640&'ER C7 FLT1'!$B$4:$B$640-2,1),9)),\nIF($H12=\"Class_6\",INDEX('ER C6 FLT1'!$A$4:$J$640,MATCH($E12&$C12,'ER C6 FLT1'!$A$4:$A$640&'ER C6 FLT1'!$B$4:$B$640-2,1),8)*IF($H12=\"Class_6\",INDEX('ER C6 FLT1'!$A$4:$J$640,MATCH($E12&$C12,'ER C6 FLT1'!$A$4:$A$640&'ER C6 FLT1'!$B$4:$B$640-2,1),9))))))))*IF($F12=\"Level 1 PM\",0.75,IF($F12=\"Level 2 PM\",0.5,IF($F12=\"Level 3 PM\",0,IF($F12=\"Level 3 PM + Mark I NOx\",0,1))))*($Q12/453.6)","v":0},{"$f":"IF($B12=\"3+ Trucks\",IF(OR($H12=\"Class_8\",$N12=\"Replacement8HHD\",$AH12=\"CL7HHD\",$AJ12=\"CL7to8\"),INDEX('ER C8 FLT3'!$A$4:$J$640,MATCH($E12&$C12,'ER C8 FLT3'!$A$4:$A$640&'ER C8 FLT3'!$B$4:$B$640-3,1),8)*IF(OR($H12=\"Class_8\",$N12=\"Replacement8HHD\",$AH12=\"CL7HHD\",$AJ12=\"CL7to8\"),INDEX('ER C8 FLT3'!$A$4:$J$640,MATCH($E12&$C12,'ER C8 FLT3'!$A$4:$A$640&'ER C8 FLT3'!$B$4:$B$640-3,1),9)),IF($H12=\"Class_7\",INDEX('ER C7 FLT3'!$A$4:$J$640,MATCH($E12&$C12,'ER C7 FLT3'!$A$4:$A$640&'ER C7 FLT3'!$B$4:$B$640-3,1),8)*IF($H12=\"Class_7\",INDEX('ER C7 FLT3'!$A$4:$J$640,MATCH($E12&$C12,'ER C7 FLT3'!$A$4:$A$640&'ER C7 FLT3'!$B$4:$B$640-3,1),9)),\nIF($H12=\"Class_6\",INDEX('ER C6 FLT3'!$A$4:$J$640,MATCH($E12&$C12,'ER C6 FLT3'!$A$4:$A$640&'ER C6 FLT3'!$B$4:$B$640-3,1),8)*IF($H12=\"Class_6\",INDEX('ER C6 FLT3'!$A$4:$L$640,MATCH($E12&$C12,'ER C6 FLT3'!$A$4:$A$640&'ER C6 FLT3'!$B$4:$B$640-3,1),9))))),IF($B12=\"2 Trucks\",IF(OR($H12=\"Class_8\",$N12=\"Replacement8HHD\",$AH12=\"CL7HHD\",$AJ12=\"CL7to8\"),INDEX('ER C8 FLT2'!$A$4:$J$640,MATCH($E12&$C12,'ER C8 FLT2'!$A$4:$A$640&'ER C8 FLT2'!$B$4:$B$640-3,1),8)*IF(OR($H12=\"Class_8\",$N12=\"Replacement8HHD\",$AH12=\"CL7HHD\",$AJ12=\"CL7to8\"),INDEX('ER C8 FLT2'!$A$4:$J$640,MATCH($E12&$C12,'ER C8 FLT2'!$A$4:$A$640&'ER C8 FLT2'!$B$4:$B$640-3,1),9)),IF($H12=\"Class_7\",INDEX('ER C7 FLT2'!$A$4:$J$640,MATCH($E12&$C12,'ER C7 FLT2'!$A$4:$A$640&'ER C7 FLT2'!$B$4:$B$640-3,1),8)*IF($H12=\"Class_7\",INDEX('ER C7 FLT2'!$A$4:$J$640,MATCH($E12&$C12,'ER C7 FLT2'!$A$4:$A$640&'ER C7 FLT2'!$B$4:$B$640-3,1),9)),IF($H12=\"Class_6\",INDEX('ER C6 FLT2'!$A$4:$J$640,MATCH($E12&$C12,'ER C6 FLT2'!$A$4:$A$640&'ER C6 FLT2'!$B$4:$B$640-3,1),8)*IF($H12=\"Class_6\",INDEX('ER C6 FLT2'!$A$4:$J$640,MATCH($E12&$C12,'ER C6 FLT2'!$A$4:$A$640&'ER C6 FLT2'!$B$4:$B$640-3,1),9))))),IF($B12=\"1 Truck\",\nIF(OR($H12=\"Class_8\",$N12=\"Replacement8HHD\",$AH12=\"CL7HHD\",$AJ12=\"CL7to8\"),INDEX('ER C8 FLT1'!$A$4:$J$640,MATCH($E12&$C12,'ER C8 FLT1'!$A$4:$A$640&'ER C8 FLT1'!$B$4:$B$640-3,1),8)*IF(OR($H12=\"Class_8\",$N12=\"Replacement8HHD\",$AH12=\"CL7HHD\",$AJ12=\"CL7to8\"),INDEX('ER C8 FLT1'!$A$4:$J$640,MATCH($E12&$C12,'ER C8 FLT1'!$A$4:$A$640&'ER C8 FLT1'!$B$4:$B$640-3,1),9)),IF($H12=\"Class_7\",INDEX('ER C7 FLT1'!$A$4:$J$640,MATCH($E12&$C12,'ER C7 FLT1'!$A$4:$A$640&'ER C7 FLT1'!$B$4:$B$640-3,1),8)*IF($H12=\"Class_7\",INDEX('ER C7 FLT1'!$A$4:$J$640,MATCH($E12&$C12,'ER C7 FLT1'!$A$4:$A$640&'ER C7 FLT1'!$B$4:$B$640-3,1),9)),\nIF($H12=\"Class_6\",INDEX('ER C6 FLT1'!$A$4:$J$640,MATCH($E12&$C12,'ER C6 FLT1'!$A$4:$A$640&'ER C6 FLT1'!$B$4:$B$640-3,1),8)*IF($H12=\"Class_6\",INDEX('ER C6 FLT1'!$A$4:$J$640,MATCH($E12&$C12,'ER C6 FLT1'!$A$4:$A$640&'ER C6 FLT1'!$B$4:$B$640-3,1),9))))))))*IF($F12=\"Level 1 PM\",0.75,IF($F12=\"Level 2 PM\",0.5,IF($F12=\"Level 3 PM\",0,IF($F12=\"Level 3 PM + Mark I NOx\",0,1))))*($Q12/453.6)","v":0},{"$f":"IF($B12=\"3+ Trucks\",IF(OR($H12=\"Class_8\",$N12=\"Replacement8HHD\",$AH12=\"CL7HHD\",$AJ12=\"CL7to8\"),INDEX('ER C8 FLT3'!$A$4:$J$640,MATCH($E12&$C12,'ER C8 FLT3'!$A$4:$A$640&'ER C8 FLT3'!$B$4:$B$640-4,1),8)*IF(OR($H12=\"Class_8\",$N12=\"Replacement8HHD\",$AH12=\"CL7HHD\",$AJ12=\"CL7to8\"),INDEX('ER C8 FLT3'!$A$4:$J$640,MATCH($E12&$C12,'ER C8 FLT3'!$A$4:$A$640&'ER C8 FLT3'!$B$4:$B$640-4,1),9)),IF($H12=\"Class_7\",INDEX('ER C7 FLT3'!$A$4:$J$640,MATCH($E12&$C12,'ER C7 FLT3'!$A$4:$A$640&'ER C7 FLT3'!$B$4:$B$640-4,1),8)*IF($H12=\"Class_7\",INDEX('ER C7 FLT3'!$A$4:$J$640,MATCH($E12&$C12,'ER C7 FLT3'!$A$4:$A$640&'ER C7 FLT3'!$B$4:$B$640-4,1),9)),\nIF($H12=\"Class_6\",INDEX('ER C6 FLT3'!$A$4:$J$640,MATCH($E12&$C12,'ER C6 FLT3'!$A$4:$A$640&'ER C6 FLT3'!$B$4:$B$640-4,1),8)*IF($H12=\"Class_6\",INDEX('ER C6 FLT3'!$A$4:$L$640,MATCH($E12&$C12,'ER C6 FLT3'!$A$4:$A$640&'ER C6 FLT3'!$B$4:$B$640-4,1),9))))),IF($B12=\"2 Trucks\",IF(OR($H12=\"Class_8\",$N12=\"Replacement8HHD\",$AH12=\"CL7HHD\",$AJ12=\"CL7to8\"),INDEX('ER C8 FLT2'!$A$4:$J$640,MATCH($E12&$C12,'ER C8 FLT2'!$A$4:$A$640&'ER C8 FLT2'!$B$4:$B$640-4,1),8)*IF(OR($H12=\"Class_8\",$N12=\"Replacement8HHD\",$AH12=\"CL7HHD\",$AJ12=\"CL7to8\"),INDEX('ER C8 FLT2'!$A$4:$J$640,MATCH($E12&$C12,'ER C8 FLT2'!$A$4:$A$640&'ER C8 FLT2'!$B$4:$B$640-4,1),9)),IF($H12=\"Class_7\",INDEX('ER C7 FLT2'!$A$4:$J$640,MATCH($E12&$C12,'ER C7 FLT2'!$A$4:$A$640&'ER C7 FLT2'!$B$4:$B$640-4,1),8)*IF($H12=\"Class_7\",INDEX('ER C7 FLT2'!$A$4:$J$640,MATCH($E12&$C12,'ER C7 FLT2'!$A$4:$A$640&'ER C7 FLT2'!$B$4:$B$640-4,1),9)),IF($H12=\"Class_6\",INDEX('ER C6 FLT2'!$A$4:$J$640,MATCH($E12&$C12,'ER C6 FLT2'!$A$4:$A$640&'ER C6 FLT2'!$B$4:$B$640-4,1),8)*IF($H12=\"Class_6\",INDEX('ER C6 FLT2'!$A$4:$J$640,MATCH($E12&$C12,'ER C6 FLT2'!$A$4:$A$640&'ER C6 FLT2'!$B$4:$B$640-4,1),9))))),IF($B12=\"1 Truck\",\nIF(OR($H12=\"Class_8\",$N12=\"Replacement8HHD\",$AH12=\"CL7HHD\",$AJ12=\"CL7to8\"),INDEX('ER C8 FLT1'!$A$4:$J$640,MATCH($E12&$C12,'ER C8 FLT1'!$A$4:$A$640&'ER C8 FLT1'!$B$4:$B$640-4,1),8)*IF(OR($H12=\"Class_8\",$N12=\"Replacement8HHD\",$AH12=\"CL7HHD\",$AJ12=\"CL7to8\"),INDEX('ER C8 FLT1'!$A$4:$J$640,MATCH($E12&$C12,'ER C8 FLT1'!$A$4:$A$640&'ER C8 FLT1'!$B$4:$B$640-4,1),9)),IF($H12=\"Class_7\",INDEX('ER C7 FLT1'!$A$4:$J$640,MATCH($E12&$C12,'ER C7 FLT1'!$A$4:$A$640&'ER C7 FLT1'!$B$4:$B$640-4,1),8)*IF($H12=\"Class_7\",INDEX('ER C7 FLT1'!$A$4:$J$640,MATCH($E12&$C12,'ER C7 FLT1'!$A$4:$A$640&'ER C7 FLT1'!$B$4:$B$640-4,1),9)),\nIF($H12=\"Class_6\",INDEX('ER C6 FLT1'!$A$4:$J$640,MATCH($E12&$C12,'ER C6 FLT1'!$A$4:$A$640&'ER C6 FLT1'!$B$4:$B$640-4,1),8)*IF($H12=\"Class_6\",INDEX('ER C6 FLT1'!$A$4:$J$640,MATCH($E12&$C12,'ER C6 FLT1'!$A$4:$A$640&'ER C6 FLT1'!$B$4:$B$640-4,1),9))))))))*IF($F12=\"Level 1 PM\",0.75,IF($F12=\"Level 2 PM\",0.5,IF($F12=\"Level 3 PM\",0,IF($F12=\"Level 3 PM + Mark I NOx\",0,1))))*($Q12/453.6)","v":0},{"$f":"IF($B12=\"3+ Trucks\",IF(OR($H12=\"Class_8\",$N12=\"Replacement8HHD\",$AH12=\"CL7HHD\",$AJ12=\"CL7to8\"),INDEX('ER C8 FLT3'!$A$4:$J$640,MATCH($E12&$C12,'ER C8 FLT3'!$A$4:$A$640&'ER C8 FLT3'!$B$4:$B$640,1),8),IF($H12=\"Class_7\",INDEX('ER C7 FLT3'!$A$4:$J$640,MATCH($E12&$C12,'ER C7 FLT3'!$A$4:$A$640&'ER C7 FLT3'!$B$4:$B$640,1),8),IF($H12=\"Class_6\",INDEX('ER C6 FLT3'!$A$4:$J$640,MATCH($E12&$C12,'ER C6 FLT3'!$A$4:$A$640&'ER C6 FLT3'!$B$4:$B$640,1),8)))),IF($B12=\"2 Trucks\",IF(OR($H12=\"Class_8\",$N12=\"Replacement8HHD\",$AH12=\"CL7HHD\",$AJ12=\"CL7to8\"),INDEX('ER C8 FLT2'!$A$4:$J$640,MATCH($E12&$C12,'ER C8 FLT2'!$A$4:$A$640&'ER C8 FLT2'!$B$4:$B$640,1),8),IF($H12=\"Class_7\",INDEX('ER C7 FLT2'!$A$4:$J$640,MATCH($E12&$C12,'ER C7 FLT2'!$A$4:$A$640&'ER C7 FLT2'!$B$4:$B$640,1),8),IF($H12=\"Class_6\",INDEX('ER C6 FLT2'!$A$4:$J$640,MATCH($E12&$C12,'ER C6 FLT2'!$A$4:$A$640&'ER C6 FLT2'!$B$4:$B$640,1),8)))),IF($B12=\"1 Truck\",IF(OR($H12=\"Class_8\",$N12=\"Replacement8HHD\",$AH12=\"CL7HHD\",$AJ12=\"CL7to8\"),INDEX('ER C8 FLT1'!$A$4:$J$640,MATCH($E12&$C12,'ER C8 FLT1'!$A$4:$A$640&'ER C8 FLT1'!$B$4:$B$640,1),8),IF($H12=\"Class_7\",INDEX('ER C7 FLT1'!$A$4:$J$640,MATCH($E12&$C12,'ER C7 FLT1'!$A$4:$A$640&'ER C7 FLT1'!$B$4:$B$640,1),8),IF($H12=\"Class_6\",INDEX('ER C6 FLT1'!$A$4:$J$640,MATCH($E12&$C12,'ER C6 FLT1'!$A$4:$A$640&'ER C6 FLT1'!$B$4:$B$640,1),8)))))))","v":false},{"$f":"IF($B12=\"3+ Trucks\",IF(OR($H12=\"Class_8\",$N12=\"Replacement8HHD\",$AH12=\"CL7HHD\",$AJ12=\"CL7to8\"),INDEX('ER C8 FLT3'!$A$4:$J$640,MATCH($E12&$C12,'ER C8 FLT3'!$A$4:$A$640&'ER C8 FLT3'!$B$4:$B$640-1,1),8),IF($H12=\"Class_7\",INDEX('ER C7 FLT3'!$A$4:$J$640,MATCH($E12&$C12,'ER C7 FLT3'!$A$4:$A$640&'ER C7 FLT3'!$B$4:$B$640-1,1),8),IF($H12=\"Class_6\",INDEX('ER C6 FLT3'!$A$4:$J$640,MATCH($E12&$C12,'ER C6 FLT3'!$A$4:$A$640&'ER C6 FLT3'!$B$4:$B$640-1,1),8)))),IF($B12=\"2 Trucks\",IF(OR($H12=\"Class_8\",$N12=\"Replacement8HHD\",$AH12=\"CL7HHD\",$AJ12=\"CL7to8\"),INDEX('ER C8 FLT2'!$A$4:$J$640,MATCH($E12&$C12,'ER C8 FLT2'!$A$4:$A$640&'ER C8 FLT2'!$B$4:$B$640-1,1),8),IF($H12=\"Class_7\",INDEX('ER C7 FLT2'!$A$4:$J$640,MATCH($E12&$C12,'ER C7 FLT2'!$A$4:$A$640&'ER C7 FLT2'!$B$4:$B$640-1,1),8),IF($H12=\"Class_6\",INDEX('ER C6 FLT2'!$A$4:$J$640,MATCH($E12&$C12,'ER C6 FLT2'!$A$4:$A$640&'ER C6 FLT2'!$B$4:$B$640-1,1),8)))),IF($B12=\"1 Truck\",IF(OR($H12=\"Class_8\",$N12=\"Replacement8HHD\",$AH12=\"CL7HHD\",$AJ12=\"CL7to8\"),INDEX('ER C8 FLT1'!$A$4:$J$640,MATCH($E12&$C12,'ER C8 FLT1'!$A$4:$A$640&'ER C8 FLT1'!$B$4:$B$640-1,1),8),IF($H12=\"Class_7\",INDEX('ER C7 FLT1'!$A$4:$J$640,MATCH($E12&$C12,'ER C7 FLT1'!$A$4:$A$640&'ER C7 FLT1'!$B$4:$B$640-1,1),8),IF($H12=\"Class_6\",INDEX('ER C6 FLT1'!$A$4:$J$640,MATCH($E12&$C12,'ER C6 FLT1'!$A$4:$A$640&'ER C6 FLT1'!$B$4:$B$640-1,1),8)))))))","v":false},{"$f":"IF($B12=\"3+ Trucks\",IF(OR($H12=\"Class_8\",$N12=\"Replacement8HHD\",$AH12=\"CL7HHD\",$AJ12=\"CL7to8\"),INDEX('ER C8 FLT3'!$A$4:$J$640,MATCH($E12&$C12,'ER C8 FLT3'!$A$4:$A$640&'ER C8 FLT3'!$B$4:$B$640-2,1),8),IF($H12=\"Class_7\",INDEX('ER C7 FLT3'!$A$4:$J$640,MATCH($E12&$C12,'ER C7 FLT3'!$A$4:$A$640&'ER C7 FLT3'!$B$4:$B$640-2,1),8),IF($H12=\"Class_6\",INDEX('ER C6 FLT3'!$A$4:$J$640,MATCH($E12&$C12,'ER C6 FLT3'!$A$4:$A$640&'ER C6 FLT3'!$B$4:$B$640-2,1),8)))),IF($B12=\"2 Trucks\",IF(OR($H12=\"Class_8\",$N12=\"Replacement8HHD\",$AH12=\"CL7HHD\",$AJ12=\"CL7to8\"),INDEX('ER C8 FLT2'!$A$4:$J$640,MATCH($E12&$C12,'ER C8 FLT2'!$A$4:$A$640&'ER C8 FLT2'!$B$4:$B$640-2,1),8),IF($H12=\"Class_7\",INDEX('ER C7 FLT2'!$A$4:$J$640,MATCH($E12&$C12,'ER C7 FLT2'!$A$4:$A$640&'ER C7 FLT2'!$B$4:$B$640-2,1),8),IF($H12=\"Class_6\",INDEX('ER C6 FLT2'!$A$4:$J$640,MATCH($E12&$C12,'ER C6 FLT2'!$A$4:$A$640&'ER C6 FLT2'!$B$4:$B$640-2,1),8)))),IF($B12=\"1 Truck\",IF(OR($H12=\"Class_8\",$N12=\"Replacement8HHD\",$AH12=\"CL7HHD\",$AJ12=\"CL7to8\"),INDEX('ER C8 FLT1'!$A$4:$J$640,MATCH($E12&$C12,'ER C8 FLT1'!$A$4:$A$640&'ER C8 FLT1'!$B$4:$B$640-2,1),8),IF($H12=\"Class_7\",INDEX('ER C7 FLT1'!$A$4:$J$640,MATCH($E12&$C12,'ER C7 FLT1'!$A$4:$A$640&'ER C7 FLT1'!$B$4:$B$640-2,1),8),IF($H12=\"Class_6\",INDEX('ER C6 FLT1'!$A$4:$J$640,MATCH($E12&$C12,'ER C6 FLT1'!$A$4:$A$640&'ER C6 FLT1'!$B$4:$B$640-2,1),8)))))))","v":false},{"$f":"IF($B12=\"3+ Trucks\",IF(OR($H12=\"Class_8\",$N12=\"Replacement8HHD\",$AH12=\"CL7HHD\",$AJ12=\"CL7to8\"),INDEX('ER C8 FLT3'!$A$4:$J$640,MATCH($E12&$C12,'ER C8 FLT3'!$A$4:$A$640&'ER C8 FLT3'!$B$4:$B$640-3,1),8),IF($H12=\"Class_7\",INDEX('ER C7 FLT3'!$A$4:$J$640,MATCH($E12&$C12,'ER C7 FLT3'!$A$4:$A$640&'ER C7 FLT3'!$B$4:$B$640-3,1),8),IF($H12=\"Class_6\",INDEX('ER C6 FLT3'!$A$4:$J$640,MATCH($E12&$C12,'ER C6 FLT3'!$A$4:$A$640&'ER C6 FLT3'!$B$4:$B$640-3,1),8)))),IF($B12=\"2 Trucks\",IF(OR($H12=\"Class_8\",$N12=\"Replacement8HHD\",$AH12=\"CL7HHD\",$AJ12=\"CL7to8\"),INDEX('ER C8 FLT2'!$A$4:$J$640,MATCH($E12&$C12,'ER C8 FLT2'!$A$4:$A$640&'ER C8 FLT2'!$B$4:$B$640-3,1),8),IF($H12=\"Class_7\",INDEX('ER C7 FLT2'!$A$4:$J$640,MATCH($E12&$C12,'ER C7 FLT2'!$A$4:$A$640&'ER C7 FLT2'!$B$4:$B$640-3,1),8),IF($H12=\"Class_6\",INDEX('ER C6 FLT2'!$A$4:$J$640,MATCH($E12&$C12,'ER C6 FLT2'!$A$4:$A$640&'ER C6 FLT2'!$B$4:$B$640-3,1),8)))),IF($B12=\"1 Truck\",IF(OR($H12=\"Class_8\",$N12=\"Replacement8HHD\",$AH12=\"CL7HHD\",$AJ12=\"CL7to8\"),INDEX('ER C8 FLT1'!$A$4:$J$640,MATCH($E12&$C12,'ER C8 FLT1'!$A$4:$A$640&'ER C8 FLT1'!$B$4:$B$640-3,1),8),IF($H12=\"Class_7\",INDEX('ER C7 FLT1'!$A$4:$J$640,MATCH($E12&$C12,'ER C7 FLT1'!$A$4:$A$640&'ER C7 FLT1'!$B$4:$B$640-3,1),8),IF($H12=\"Class_6\",INDEX('ER C6 FLT1'!$A$4:$J$640,MATCH($E12&$C12,'ER C6 FLT1'!$A$4:$A$640&'ER C6 FLT1'!$B$4:$B$640-3,1),8)))))))","v":false},{"$f":"IF($B12=\"3+ Trucks\",IF(OR($H12=\"Class_8\",$N12=\"Replacement8HHD\",$AH12=\"CL7HHD\",$AJ12=\"CL7to8\"),INDEX('ER C8 FLT3'!$A$4:$J$640,MATCH($E12&$C12,'ER C8 FLT3'!$A$4:$A$640&'ER C8 FLT3'!$B$4:$B$640-4,1),8),IF($H12=\"Class_7\",INDEX('ER C7 FLT3'!$A$4:$J$640,MATCH($E12&$C12,'ER C7 FLT3'!$A$4:$A$640&'ER C7 FLT3'!$B$4:$B$640-4,1),8),IF($H12=\"Class_6\",INDEX('ER C6 FLT3'!$A$4:$J$640,MATCH($E12&$C12,'ER C6 FLT3'!$A$4:$A$640&'ER C6 FLT3'!$B$4:$B$640-4,1),8)))),IF($B12=\"2 Trucks\",IF(OR($H12=\"Class_8\",$N12=\"Replacement8HHD\",$AH12=\"CL7HHD\",$AJ12=\"CL7to8\"),INDEX('ER C8 FLT2'!$A$4:$J$640,MATCH($E12&$C12,'ER C8 FLT2'!$A$4:$A$640&'ER C8 FLT2'!$B$4:$B$640-4,1),8),IF($H12=\"Class_7\",INDEX('ER C7 FLT2'!$A$4:$J$640,MATCH($E12&$C12,'ER C7 FLT2'!$A$4:$A$640&'ER C7 FLT2'!$B$4:$B$640-4,1),8),IF($H12=\"Class_6\",INDEX('ER C6 FLT2'!$A$4:$J$640,MATCH($E12&$C12,'ER C6 FLT2'!$A$4:$A$640&'ER C6 FLT2'!$B$4:$B$640-4,1),8)))),IF($B12=\"1 Truck\",IF(OR($H12=\"Class_8\",$N12=\"Replacement8HHD\",$AH12=\"CL7HHD\",$AJ12=\"CL7to8\"),INDEX('ER C8 FLT1'!$A$4:$J$640,MATCH($E12&$C12,'ER C8 FLT1'!$A$4:$A$640&'ER C8 FLT1'!$B$4:$B$640-4,1),8),IF($H12=\"Class_7\",INDEX('ER C7 FLT1'!$A$4:$J$640,MATCH($E12&$C12,'ER C7 FLT1'!$A$4:$A$640&'ER C7 FLT1'!$B$4:$B$640-4,1),8),IF($H12=\"Class_6\",INDEX('ER C6 FLT1'!$A$4:$J$640,MATCH($E12&$C12,'ER C6 FLT1'!$A$4:$A$640&'ER C6 FLT1'!$B$4:$B$640-4,1),8)))))))","v":false},{"$f":"IF(OR($R12=\"Diesel\",$R12=\"LNG/CNG\",$R12=\"Hybrid\",$R12=\"Electric w/ AB-118\"),IF($B12=\"3+ Trucks\",IF(OR($O12=\"Class_8\",$N12=\"Replacement8HHD\",$AI12=\"CL7HHD\"),INDEX('ER C8 FLT3'!$A$4:$J$640,MATCH(DropData!$J52&$C12,'ER C8 FLT3'!$A$4:$A$640&'ER C8 FLT3'!$B$4:$B$640,1),8)*IF(OR($O12=\"Class_8\",$N12=\"Replacement8HHD\",$AI12=\"CL7HHD\"),INDEX('ER C8 FLT3'!$A$4:$J$640,MATCH(DropData!$J52&$C12,'ER C8 FLT3'!$A$4:$A$640&'ER C8 FLT3'!$B$4:$B$640,1),9)),IF($O12=\"Class_7\",INDEX('ER C7 FLT3'!$A$4:$J$640,MATCH(DropData!$J52&$C12,'ER C7 FLT3'!$A$4:$A$640&'ER C7 FLT3'!$B$4:$B$640,1),8)*IF($O12=\"Class_7\",INDEX('ER C7 FLT3'!$A$4:$J$640,MATCH(DropData!$J52&$C12,'ER C7 FLT3'!$A$4:$A$640&'ER C7 FLT3'!$B$4:$B$640,1),9)),\nIF($O12=\"Class_6\",INDEX('ER C6 FLT3'!$A$4:$J$640,MATCH(DropData!$J52&$C12,'ER C6 FLT3'!$A$4:$A$640&'ER C6 FLT3'!$B$4:$B$640,1),8)*IF($O12=\"Class_6\",INDEX('ER C6 FLT3'!$A$4:$J$640,MATCH(DropData!$J52&$C12,'ER C6 FLT3'!$A$4:$A$640&'ER C6 FLT3'!$B$4:$B$640,1),9))))),IF($B12=\"2 Trucks\",IF(OR($O12=\"Class_8\",$N12=\"Replacement8HHD\",$AI12=\"CL7HHD\"),INDEX('ER C8 FLT2'!$A$4:$J$640,MATCH(DropData!$J52&$C12,'ER C8 FLT2'!$A$4:$A$640&'ER C8 FLT2'!$B$4:$B$640,1),8)*IF(OR($O12=\"Class_8\",$N12=\"Replacement8HHD\",$AI12=\"CL7HHD\"),INDEX('ER C8 FLT2'!$A$4:$J$640,MATCH(DropData!$J52&$C12,'ER C8 FLT2'!$A$4:$A$640&'ER C8 FLT2'!$B$4:$B$640,1),9)),IF($O12=\"Class_7\",INDEX('ER C7 FLT2'!$A$4:$J$640,MATCH(DropData!$J52&$C12,'ER C7 FLT2'!$A$4:$A$640&'ER C7 FLT2'!$B$4:$B$640,1),8)*IF($O12=\"Class_7\",INDEX('ER C7 FLT2'!$A$4:$J$640,MATCH(DropData!$J52&$C12,'ER C7 FLT2'!$A$4:$A$640&'ER C7 FLT2'!$B$4:$B$640,1),9)),IF($O12=\"Class_6\",INDEX('ER C6 FLT2'!$A$4:$J$640,MATCH(DropData!$J52&$C12,'ER C6 FLT2'!$A$4:$A$640&'ER C6 FLT2'!$B$4:$B$640,1),8)*IF($O12=\"Class_6\",INDEX('ER C6 FLT2'!$A$4:$J$640,MATCH(DropData!$J52&$C12,'ER C6 FLT2'!$A$4:$A$640&'ER C6 FLT2'!$B$4:$B$640,1),9))))),IF($B12=\"1 Truck\",\nIF(OR($O12=\"Class_8\",$N12=\"Replacement8HHD\",$AI12=\"CL7HHD\"),INDEX('ER C8 FLT1'!$A$4:$J$640,MATCH(DropData!$J52&$C12,'ER C8 FLT1'!$A$4:$A$640&'ER C8 FLT1'!$B$4:$B$640,1),8)*IF(OR($O12=\"Class_8\",$N12=\"Replacement8HHD\",$AI12=\"CL7HHD\"),INDEX('ER C8 FLT1'!$A$4:$J$640,MATCH(DropData!$J52&$C12,'ER C8 FLT1'!$A$4:$A$640&'ER C8 FLT1'!$B$4:$B$640,1),9)),IF($O12=\"Class_7\",INDEX('ER C7 FLT1'!$A$4:$J$640,MATCH(DropData!$J52&$C12,'ER C7 FLT1'!$A$4:$A$640&'ER C7 FLT1'!$B$4:$B$640,1),8)*IF($O12=\"Class_7\",INDEX('ER C7 FLT1'!$A$4:$J$640,MATCH(DropData!$J52&$C12,'ER C7 FLT1'!$A$4:$A$640&'ER C7 FLT1'!$B$4:$B$640,1),9)),\nIF($O12=\"Class_6\",INDEX('ER C6 FLT1'!$A$4:$J$640,MATCH(DropData!$J52&$C12,'ER C6 FLT1'!$A$4:$A$640&'ER C6 FLT1'!$B$4:$B$640,1),8)*IF($O12=\"Class_6\",INDEX('ER C6 FLT1'!$A$4:$J$640,MATCH(DropData!$J52&$C12,'ER C6 FLT1'!$A$4:$A$640&'ER C6 FLT1'!$B$4:$B$640,1),9)))))))),IF($R12=\"Electric\",INDEX('ER Electric'!$A$6:$E$44,MATCH($C12&$O12,'ER Electric'!$A$6:$A$44&'ER Electric'!$B$6:$B$44,1),3),))*(($Q12+$AC12)/453.6)","v":0},{"$f":"IF(OR($R12=\"Diesel\",$R12=\"LNG/CNG\",$R12=\"Hybrid\",$R12=\"Electric w/ AB-118\"),IF($B12=\"3+ Trucks\",IF(OR($O12=\"Class_8\",$N12=\"Replacement8HHD\",$AI12=\"CL7HHD\"),INDEX('ER C8 FLT3'!$A$4:$J$640,MATCH(DropData!$J52&$C12,'ER C8 FLT3'!$A$4:$A$640&'ER C8 FLT3'!$B$4:$B$640-1,1),8)*IF(OR($O12=\"Class_8\",$N12=\"Replacement8HHD\",$AI12=\"CL7HHD\"),INDEX('ER C8 FLT3'!$A$4:$J$640,MATCH(DropData!$J52&$C12,'ER C8 FLT3'!$A$4:$A$640&'ER C8 FLT3'!$B$4:$B$640-1,1),9)),IF($O12=\"Class_7\",INDEX('ER C7 FLT3'!$A$4:$J$640,MATCH(DropData!$J52&$C12,'ER C7 FLT3'!$A$4:$A$640&'ER C7 FLT3'!$B$4:$B$640-1,1),8)*IF($O12=\"Class_7\",INDEX('ER C7 FLT3'!$A$4:$J$640,MATCH(DropData!$J52&$C12,'ER C7 FLT3'!$A$4:$A$640&'ER C7 FLT3'!$B$4:$B$640-1,1),9)),\nIF($O12=\"Class_6\",INDEX('ER C6 FLT3'!$A$4:$J$640,MATCH(DropData!$J52&$C12,'ER C6 FLT3'!$A$4:$A$640&'ER C6 FLT3'!$B$4:$B$640-1,1),8)*IF($O12=\"Class_6\",INDEX('ER C6 FLT3'!$A$4:$J$640,MATCH(DropData!$J52&$C12,'ER C6 FLT3'!$A$4:$A$640&'ER C6 FLT3'!$B$4:$B$640-1,1),9))))),IF($B12=\"2 Trucks\",IF(OR($O12=\"Class_8\",$N12=\"Replacement8HHD\",$AI12=\"CL7HHD\"),INDEX('ER C8 FLT2'!$A$4:$J$640,MATCH(DropData!$J52&$C12,'ER C8 FLT2'!$A$4:$A$640&'ER C8 FLT2'!$B$4:$B$640-1,1),8)*IF(OR($O12=\"Class_8\",$N12=\"Replacement8HHD\",$AI12=\"CL7HHD\"),INDEX('ER C8 FLT2'!$A$4:$J$640,MATCH(DropData!$J52&$C12,'ER C8 FLT2'!$A$4:$A$640&'ER C8 FLT2'!$B$4:$B$640-1,1),9)),IF($O12=\"Class_7\",INDEX('ER C7 FLT2'!$A$4:$J$640,MATCH(DropData!$J52&$C12,'ER C7 FLT2'!$A$4:$A$640&'ER C7 FLT2'!$B$4:$B$640-1,1),8)*IF($O12=\"Class_7\",INDEX('ER C7 FLT2'!$A$4:$J$640,MATCH(DropData!$J52&$C12,'ER C7 FLT2'!$A$4:$A$640&'ER C7 FLT2'!$B$4:$B$640-1,1),9)),IF($O12=\"Class_6\",INDEX('ER C6 FLT2'!$A$4:$J$640,MATCH(DropData!$J52&$C12,'ER C6 FLT2'!$A$4:$A$640&'ER C6 FLT2'!$B$4:$B$640-1,1),8)*IF($O12=\"Class_6\",INDEX('ER C6 FLT2'!$A$4:$J$640,MATCH(DropData!$J52&$C12,'ER C6 FLT2'!$A$4:$A$640&'ER C6 FLT2'!$B$4:$B$640-1,1),9))))),IF($B12=\"1 Truck\",\nIF(OR($O12=\"Class_8\",$N12=\"Replacement8HHD\",$AI12=\"CL7HHD\"),INDEX('ER C8 FLT1'!$A$4:$J$640,MATCH(DropData!$J52&$C12,'ER C8 FLT1'!$A$4:$A$640&'ER C8 FLT1'!$B$4:$B$640-1,1),8)*IF(OR($O12=\"Class_8\",$N12=\"Replacement8HHD\",$AI12=\"CL7HHD\"),INDEX('ER C8 FLT1'!$A$4:$J$640,MATCH(DropData!$J52&$C12,'ER C8 FLT1'!$A$4:$A$640&'ER C8 FLT1'!$B$4:$B$640-1,1),9)),IF($O12=\"Class_7\",INDEX('ER C7 FLT1'!$A$4:$J$640,MATCH(DropData!$J52&$C12,'ER C7 FLT1'!$A$4:$A$640&'ER C7 FLT1'!$B$4:$B$640-1,1),8)*IF($O12=\"Class_7\",INDEX('ER C7 FLT1'!$A$4:$J$640,MATCH(DropData!$J52&$C12,'ER C7 FLT1'!$A$4:$A$640&'ER C7 FLT1'!$B$4:$B$640-1,1),9)),\nIF($O12=\"Class_6\",INDEX('ER C6 FLT1'!$A$4:$J$640,MATCH(DropData!$J52&$C12,'ER C6 FLT1'!$A$4:$A$640&'ER C6 FLT1'!$B$4:$B$640-1,1),8)*IF($O12=\"Class_6\",INDEX('ER C6 FLT1'!$A$4:$J$640,MATCH(DropData!$J52&$C12,'ER C6 FLT1'!$A$4:$A$640&'ER C6 FLT1'!$B$4:$B$640-1,1),9)))))))),IF($R12=\"Electric\",OFFSET(INDEX('ER Electric'!$A$6:$E$44,MATCH($C12&$O12,'ER Electric'!$A$6:$A$44&'ER Electric'!$B$6:$B$44,1),3),3,0),))*(($Q12+$AC12)/453.6)","v":0},{"$f":"IF(OR($R12=\"Diesel\",$R12=\"LNG/CNG\",$R12=\"Hybrid\",$R12=\"Electric w/ AB-118\"),IF($B12=\"3+ Trucks\",IF(OR($O12=\"Class_8\",$N12=\"Replacement8HHD\",$AI12=\"CL7HHD\"),INDEX('ER C8 FLT3'!$A$4:$J$640,MATCH(DropData!$J52&$C12,'ER C8 FLT3'!$A$4:$A$640&'ER C8 FLT3'!$B$4:$B$640-2,1),8)*IF(OR($O12=\"Class_8\",$N12=\"Replacement8HHD\",$AI12=\"CL7HHD\"),INDEX('ER C8 FLT3'!$A$4:$J$640,MATCH(DropData!$J52&$C12,'ER C8 FLT3'!$A$4:$A$640&'ER C8 FLT3'!$B$4:$B$640-2,1),9)),IF($O12=\"Class_7\",INDEX('ER C7 FLT3'!$A$4:$J$640,MATCH(DropData!$J52&$C12,'ER C7 FLT3'!$A$4:$A$640&'ER C7 FLT3'!$B$4:$B$640-2,1),8)*IF($O12=\"Class_7\",INDEX('ER C7 FLT3'!$A$4:$J$640,MATCH(DropData!$J52&$C12,'ER C7 FLT3'!$A$4:$A$640&'ER C7 FLT3'!$B$4:$B$640-2,1),9)),\nIF($O12=\"Class_6\",INDEX('ER C6 FLT3'!$A$4:$J$640,MATCH(DropData!$J52&$C12,'ER C6 FLT3'!$A$4:$A$640&'ER C6 FLT3'!$B$4:$B$640-2,1),8)*IF($O12=\"Class_6\",INDEX('ER C6 FLT3'!$A$4:$J$640,MATCH(DropData!$J52&$C12,'ER C6 FLT3'!$A$4:$A$640&'ER C6 FLT3'!$B$4:$B$640-2,1),9))))),IF($B12=\"2 Trucks\",IF(OR($O12=\"Class_8\",$N12=\"Replacement8HHD\",$AI12=\"CL7HHD\"),INDEX('ER C8 FLT2'!$A$4:$J$640,MATCH(DropData!$J52&$C12,'ER C8 FLT2'!$A$4:$A$640&'ER C8 FLT2'!$B$4:$B$640-2,1),8)*IF(OR($O12=\"Class_8\",$N12=\"Replacement8HHD\",$AI12=\"CL7HHD\"),INDEX('ER C8 FLT2'!$A$4:$J$640,MATCH(DropData!$J52&$C12,'ER C8 FLT2'!$A$4:$A$640&'ER C8 FLT2'!$B$4:$B$640-2,1),9)),IF($O12=\"Class_7\",INDEX('ER C7 FLT2'!$A$4:$J$640,MATCH(DropData!$J52&$C12,'ER C7 FLT2'!$A$4:$A$640&'ER C7 FLT2'!$B$4:$B$640-2,1),8)*IF($O12=\"Class_7\",INDEX('ER C7 FLT2'!$A$4:$J$640,MATCH(DropData!$J52&$C12,'ER C7 FLT2'!$A$4:$A$640&'ER C7 FLT2'!$B$4:$B$640-2,1),9)),IF($O12=\"Class_6\",INDEX('ER C6 FLT2'!$A$4:$J$640,MATCH(DropData!$J52&$C12,'ER C6 FLT2'!$A$4:$A$640&'ER C6 FLT2'!$B$4:$B$640-2,1),8)*IF($O12=\"Class_6\",INDEX('ER C6 FLT2'!$A$4:$J$640,MATCH(DropData!$J52&$C12,'ER C6 FLT2'!$A$4:$A$640&'ER C6 FLT2'!$B$4:$B$640-2,1),9))))),IF($B12=\"1 Truck\",\nIF(OR($O12=\"Class_8\",$N12=\"Replacement8HHD\",$AI12=\"CL7HHD\"),INDEX('ER C8 FLT1'!$A$4:$J$640,MATCH(DropData!$J52&$C12,'ER C8 FLT1'!$A$4:$A$640&'ER C8 FLT1'!$B$4:$B$640-2,1),8)*IF(OR($O12=\"Class_8\",$N12=\"Replacement8HHD\",$AI12=\"CL7HHD\"),INDEX('ER C8 FLT1'!$A$4:$J$640,MATCH(DropData!$J52&$C12,'ER C8 FLT1'!$A$4:$A$640&'ER C8 FLT1'!$B$4:$B$640-2,1),9)),IF($O12=\"Class_7\",INDEX('ER C7 FLT1'!$A$4:$J$640,MATCH(DropData!$J52&$C12,'ER C7 FLT1'!$A$4:$A$640&'ER C7 FLT1'!$B$4:$B$640-2,1),8)*IF($O12=\"Class_7\",INDEX('ER C7 FLT1'!$A$4:$J$640,MATCH(DropData!$J52&$C12,'ER C7 FLT1'!$A$4:$A$640&'ER C7 FLT1'!$B$4:$B$640-2,1),9)),\nIF($O12=\"Class_6\",INDEX('ER C6 FLT1'!$A$4:$J$640,MATCH(DropData!$J52&$C12,'ER C6 FLT1'!$A$4:$A$640&'ER C6 FLT1'!$B$4:$B$640-2,1),8)*IF($O12=\"Class_6\",INDEX('ER C6 FLT1'!$A$4:$J$640,MATCH(DropData!$J52&$C12,'ER C6 FLT1'!$A$4:$A$640&'ER C6 FLT1'!$B$4:$B$640-2,1),9)))))))),IF($R12=\"Electric\",OFFSET(INDEX('ER Electric'!$A$6:$E$44,MATCH($C12&$O12,'ER Electric'!$A$6:$A$44&'ER Electric'!$B$6:$B$44,1),3),6,0),))*(($Q12+$AC12)/453.6)","v":0},{"$f":"IF(OR($R12=\"Diesel\",$R12=\"LNG/CNG\",$R12=\"Hybrid\",$R12=\"Electric w/ AB-118\"),IF($B12=\"3+ Trucks\",IF(OR($O12=\"Class_8\",$N12=\"Replacement8HHD\",$AI12=\"CL7HHD\"),INDEX('ER C8 FLT3'!$A$4:$J$640,MATCH(DropData!$J52&$C12,'ER C8 FLT3'!$A$4:$A$640&'ER C8 FLT3'!$B$4:$B$640-3,1),8)*IF(OR($O12=\"Class_8\",$N12=\"Replacement8HHD\",$AI12=\"CL7HHD\"),INDEX('ER C8 FLT3'!$A$4:$J$640,MATCH(DropData!$J52&$C12,'ER C8 FLT3'!$A$4:$A$640&'ER C8 FLT3'!$B$4:$B$640-3,1),9)),IF($O12=\"Class_7\",INDEX('ER C7 FLT3'!$A$4:$J$640,MATCH(DropData!$J52&$C12,'ER C7 FLT3'!$A$4:$A$640&'ER C7 FLT3'!$B$4:$B$640-3,1),8)*IF($O12=\"Class_7\",INDEX('ER C7 FLT3'!$A$4:$J$640,MATCH(DropData!$J52&$C12,'ER C7 FLT3'!$A$4:$A$640&'ER C7 FLT3'!$B$4:$B$640-3,1),9)),\nIF($O12=\"Class_6\",INDEX('ER C6 FLT3'!$A$4:$J$640,MATCH(DropData!$J52&$C12,'ER C6 FLT3'!$A$4:$A$640&'ER C6 FLT3'!$B$4:$B$640-3,1),8)*IF($O12=\"Class_6\",INDEX('ER C6 FLT3'!$A$4:$J$640,MATCH(DropData!$J52&$C12,'ER C6 FLT3'!$A$4:$A$640&'ER C6 FLT3'!$B$4:$B$640-3,1),9))))),IF($B12=\"2 Trucks\",IF(OR($O12=\"Class_8\",$N12=\"Replacement8HHD\",$AI12=\"CL7HHD\"),INDEX('ER C8 FLT2'!$A$4:$J$640,MATCH(DropData!$J52&$C12,'ER C8 FLT2'!$A$4:$A$640&'ER C8 FLT2'!$B$4:$B$640-3,1),8)*IF(OR($O12=\"Class_8\",$N12=\"Replacement8HHD\",$AI12=\"CL7HHD\"),INDEX('ER C8 FLT2'!$A$4:$J$640,MATCH(DropData!$J52&$C12,'ER C8 FLT2'!$A$4:$A$640&'ER C8 FLT2'!$B$4:$B$640-3,1),9)),IF($O12=\"Class_7\",INDEX('ER C7 FLT2'!$A$4:$J$640,MATCH(DropData!$J52&$C12,'ER C7 FLT2'!$A$4:$A$640&'ER C7 FLT2'!$B$4:$B$640-3,1),8)*IF($O12=\"Class_7\",INDEX('ER C7 FLT2'!$A$4:$J$640,MATCH(DropData!$J52&$C12,'ER C7 FLT2'!$A$4:$A$640&'ER C7 FLT2'!$B$4:$B$640-3,1),9)),IF($O12=\"Class_6\",INDEX('ER C6 FLT2'!$A$4:$J$640,MATCH(DropData!$J52&$C12,'ER C6 FLT2'!$A$4:$A$640&'ER C6 FLT2'!$B$4:$B$640-3,1),8)*IF($O12=\"Class_6\",INDEX('ER C6 FLT2'!$A$4:$J$640,MATCH(DropData!$J52&$C12,'ER C6 FLT2'!$A$4:$A$640&'ER C6 FLT2'!$B$4:$B$640-3,1),9))))),IF($B12=\"1 Truck\",\nIF(OR($O12=\"Class_8\",$N12=\"Replacement8HHD\",$AI12=\"CL7HHD\"),INDEX('ER C8 FLT1'!$A$4:$J$640,MATCH(DropData!$J52&$C12,'ER C8 FLT1'!$A$4:$A$640&'ER C8 FLT1'!$B$4:$B$640-3,1),8)*IF(OR($O12=\"Class_8\",$N12=\"Replacement8HHD\",$AI12=\"CL7HHD\"),INDEX('ER C8 FLT1'!$A$4:$J$640,MATCH(DropData!$J52&$C12,'ER C8 FLT1'!$A$4:$A$640&'ER C8 FLT1'!$B$4:$B$640-3,1),9)),IF($O12=\"Class_7\",INDEX('ER C7 FLT1'!$A$4:$J$640,MATCH(DropData!$J52&$C12,'ER C7 FLT1'!$A$4:$A$640&'ER C7 FLT1'!$B$4:$B$640-3,1),8)*IF($O12=\"Class_7\",INDEX('ER C7 FLT1'!$A$4:$J$640,MATCH(DropData!$J52&$C12,'ER C7 FLT1'!$A$4:$A$640&'ER C7 FLT1'!$B$4:$B$640-3,1),9)),\nIF($O12=\"Class_6\",INDEX('ER C6 FLT1'!$A$4:$J$640,MATCH(DropData!$J52&$C12,'ER C6 FLT1'!$A$4:$A$640&'ER C6 FLT1'!$B$4:$B$640-3,1),8)*IF($O12=\"Class_6\",INDEX('ER C6 FLT1'!$A$4:$J$640,MATCH(DropData!$J52&$C12,'ER C6 FLT1'!$A$4:$A$640&'ER C6 FLT1'!$B$4:$B$640-3,1),9)))))))),IF($R12=\"Electric\",OFFSET(INDEX('ER Electric'!$A$6:$E$44,MATCH($C12&$O12,'ER Electric'!$A$6:$A$44&'ER Electric'!$B$6:$B$44,1),3),9,0)))*(($Q12+$AC12)/453.6)","v":0},{"$f":"IF(OR($R12=\"Diesel\",$R12=\"LNG/CNG\",$R12=\"Hybrid\",$R12=\"Electric w/ AB-118\"),IF($B12=\"3+ Trucks\",IF(OR($O12=\"Class_8\",$N12=\"Replacement8HHD\",$AI12=\"CL7HHD\"),INDEX('ER C8 FLT3'!$A$4:$J$640,MATCH(DropData!$J52&$C12,'ER C8 FLT3'!$A$4:$A$640&'ER C8 FLT3'!$B$4:$B$640-4,1),8)*IF(OR($O12=\"Class_8\",$N12=\"Replacement8HHD\",$AI12=\"CL7HHD\"),INDEX('ER C8 FLT3'!$A$4:$J$640,MATCH(DropData!$J52&$C12,'ER C8 FLT3'!$A$4:$A$640&'ER C8 FLT3'!$B$4:$B$640-4,1),9)),IF($O12=\"Class_7\",INDEX('ER C7 FLT3'!$A$4:$J$640,MATCH(DropData!$J52&$C12,'ER C7 FLT3'!$A$4:$A$640&'ER C7 FLT3'!$B$4:$B$640-4,1),8)*IF($O12=\"Class_7\",INDEX('ER C7 FLT3'!$A$4:$J$640,MATCH(DropData!$J52&$C12,'ER C7 FLT3'!$A$4:$A$640&'ER C7 FLT3'!$B$4:$B$640-4,1),9)),\nIF($O12=\"Class_6\",INDEX('ER C6 FLT3'!$A$4:$J$640,MATCH(DropData!$J52&$C12,'ER C6 FLT3'!$A$4:$A$640&'ER C6 FLT3'!$B$4:$B$640-4,1),8)*IF($O12=\"Class_6\",INDEX('ER C6 FLT3'!$A$4:$J$640,MATCH(DropData!$J52&$C12,'ER C6 FLT3'!$A$4:$A$640&'ER C6 FLT3'!$B$4:$B$640-4,1),9))))),IF($B12=\"2 Trucks\",IF(OR($O12=\"Class_8\",$N12=\"Replacement8HHD\",$AI12=\"CL7HHD\"),INDEX('ER C8 FLT2'!$A$4:$J$640,MATCH(DropData!$J52&$C12,'ER C8 FLT2'!$A$4:$A$640&'ER C8 FLT2'!$B$4:$B$640-4,1),8)*IF(OR($O12=\"Class_8\",$N12=\"Replacement8HHD\",$AI12=\"CL7HHD\"),INDEX('ER C8 FLT2'!$A$4:$J$640,MATCH(DropData!$J52&$C12,'ER C8 FLT2'!$A$4:$A$640&'ER C8 FLT2'!$B$4:$B$640-4,1),9)),IF($O12=\"Class_7\",INDEX('ER C7 FLT2'!$A$4:$J$640,MATCH(DropData!$J52&$C12,'ER C7 FLT2'!$A$4:$A$640&'ER C7 FLT2'!$B$4:$B$640-4,1),8)*IF($O12=\"Class_7\",INDEX('ER C7 FLT2'!$A$4:$J$640,MATCH(DropData!$J52&$C12,'ER C7 FLT2'!$A$4:$A$640&'ER C7 FLT2'!$B$4:$B$640-4,1),9)),IF($O12=\"Class_6\",INDEX('ER C6 FLT2'!$A$4:$J$640,MATCH(DropData!$J52&$C12,'ER C6 FLT2'!$A$4:$A$640&'ER C6 FLT2'!$B$4:$B$640-4,1),8)*IF($O12=\"Class_6\",INDEX('ER C6 FLT2'!$A$4:$J$640,MATCH(DropData!$J52&$C12,'ER C6 FLT2'!$A$4:$A$640&'ER C6 FLT2'!$B$4:$B$640-4,1),9))))),IF($B12=\"1 Truck\",\nIF(OR($O12=\"Class_8\",$N12=\"Replacement8HHD\",$AI12=\"CL7HHD\"),INDEX('ER C8 FLT1'!$A$4:$J$640,MATCH(DropData!$J52&$C12,'ER C8 FLT1'!$A$4:$A$640&'ER C8 FLT1'!$B$4:$B$640-4,1),8)*IF(OR($O12=\"Class_8\",$N12=\"Replacement8HHD\",$AI12=\"CL7HHD\"),INDEX('ER C8 FLT1'!$A$4:$J$640,MATCH(DropData!$J52&$C12,'ER C8 FLT1'!$A$4:$A$640&'ER C8 FLT1'!$B$4:$B$640-4,1),9)),IF($O12=\"Class_7\",INDEX('ER C7 FLT1'!$A$4:$J$640,MATCH(DropData!$J52&$C12,'ER C7 FLT1'!$A$4:$A$640&'ER C7 FLT1'!$B$4:$B$640-4,1),8)*IF($O12=\"Class_7\",INDEX('ER C7 FLT1'!$A$4:$J$640,MATCH(DropData!$J52&$C12,'ER C7 FLT1'!$A$4:$A$640&'ER C7 FLT1'!$B$4:$B$640-4,1),9)),\nIF($O12=\"Class_6\",INDEX('ER C6 FLT1'!$A$4:$J$640,MATCH(DropData!$J52&$C12,'ER C6 FLT1'!$A$4:$A$640&'ER C6 FLT1'!$B$4:$B$640-4,1),8)*IF($O12=\"Class_6\",INDEX('ER C6 FLT1'!$A$4:$J$640,MATCH(DropData!$J52&$C12,'ER C6 FLT1'!$A$4:$A$640&'ER C6 FLT1'!$B$4:$B$640-4,1),9)))))))),IF($R12=\"Electric\",OFFSET(INDEX('ER Electric'!$A$6:$E$44,MATCH($C12&$O12,'ER Electric'!$A$6:$A$44&'ER Electric'!$B$6:$B$44,1),3),12,0),))*(($Q12+$AC12)/453.6)","v":0},{"$f":"IF(OR($R12=\"Diesel\",$R12=\"LNG/CNG\",$R12=\"Hybrid\",$R12=\"Electric w/ AB-118\"),IF($B12=\"3+ Trucks\",IF(OR($O12=\"Class_8\",$N12=\"Replacement8HHD\",$AI12=\"CL7HHD\"),INDEX('ER C8 FLT3'!$A$4:$J$640,MATCH(DropData!$J52&$C12,'ER C8 FLT3'!$A$4:$A$640&'ER C8 FLT3'!$B$4:$B$640,1),8)*IF(OR($O12=\"Class_8\",$N12=\"Replacement8HHD\",$AI12=\"CL7HHD\"),INDEX('ER C8 FLT3'!$A$4:$J$640,MATCH(DropData!$J52&$C12,'ER C8 FLT3'!$A$4:$A$640&'ER C8 FLT3'!$B$4:$B$640,1),9)),IF($O12=\"Class_7\",INDEX('ER C7 FLT3'!$A$4:$J$640,MATCH(DropData!$J52&$C12,'ER C7 FLT3'!$A$4:$A$640&'ER C7 FLT3'!$B$4:$B$640,1),8)*IF($O12=\"Class_7\",INDEX('ER C7 FLT3'!$A$4:$J$640,MATCH(DropData!$J52&$C12,'ER C7 FLT3'!$A$4:$A$640&'ER C7 FLT3'!$B$4:$B$640,1),9)),\nIF($O12=\"Class_6\",INDEX('ER C6 FLT3'!$A$4:$J$640,MATCH(DropData!$J52&$C12,'ER C6 FLT3'!$A$4:$A$640&'ER C6 FLT3'!$B$4:$B$640,1),8)*IF($O12=\"Class_6\",INDEX('ER C6 FLT3'!$A$4:$J$640,MATCH(DropData!$J52&$C12,'ER C6 FLT3'!$A$4:$A$640&'ER C6 FLT3'!$B$4:$B$640,1),9))))),IF($B12=\"2 Trucks\",IF(OR($O12=\"Class_8\",$N12=\"Replacement8HHD\",$AI12=\"CL7HHD\"),INDEX('ER C8 FLT2'!$A$4:$J$640,MATCH(DropData!$J52&$C12,'ER C8 FLT2'!$A$4:$A$640&'ER C8 FLT2'!$B$4:$B$640,1),8)*IF(OR($O12=\"Class_8\",$N12=\"Replacement8HHD\",$AI12=\"CL7HHD\"),INDEX('ER C8 FLT2'!$A$4:$J$640,MATCH(DropData!$J52&$C12,'ER C8 FLT2'!$A$4:$A$640&'ER C8 FLT2'!$B$4:$B$640,1),9)),IF($O12=\"Class_7\",INDEX('ER C7 FLT2'!$A$4:$J$640,MATCH(DropData!$J52&$C12,'ER C7 FLT2'!$A$4:$A$640&'ER C7 FLT2'!$B$4:$B$640,1),8)*IF($O12=\"Class_7\",INDEX('ER C7 FLT2'!$A$4:$J$640,MATCH(DropData!$J52&$C12,'ER C7 FLT2'!$A$4:$A$640&'ER C7 FLT2'!$B$4:$B$640,1),9)),IF($O12=\"Class_6\",INDEX('ER C6 FLT2'!$A$4:$J$640,MATCH(DropData!$J52&$C12,'ER C6 FLT2'!$A$4:$A$640&'ER C6 FLT2'!$B$4:$B$640,1),8)*IF($O12=\"Class_6\",INDEX('ER C6 FLT2'!$A$4:$J$640,MATCH(DropData!$J52&$C12,'ER C6 FLT2'!$A$4:$A$640&'ER C6 FLT2'!$B$4:$B$640,1),9))))),IF($B12=\"1 Truck\",\nIF(OR($O12=\"Class_8\",$N12=\"Replacement8HHD\",$AI12=\"CL7HHD\"),INDEX('ER C8 FLT1'!$A$4:$J$640,MATCH(DropData!$J52&$C12,'ER C8 FLT1'!$A$4:$A$640&'ER C8 FLT1'!$B$4:$B$640,1),8)*IF(OR($O12=\"Class_8\",$N12=\"Replacement8HHD\",$AI12=\"CL7HHD\"),INDEX('ER C8 FLT1'!$A$4:$J$640,MATCH(DropData!$J52&$C12,'ER C8 FLT1'!$A$4:$A$640&'ER C8 FLT1'!$B$4:$B$640,1),9)),IF($O12=\"Class_7\",INDEX('ER C7 FLT1'!$A$4:$J$640,MATCH(DropData!$J52&$C12,'ER C7 FLT1'!$A$4:$A$640&'ER C7 FLT1'!$B$4:$B$640,1),8)*IF($O12=\"Class_7\",INDEX('ER C7 FLT1'!$A$4:$J$640,MATCH(DropData!$J52&$C12,'ER C7 FLT1'!$A$4:$A$640&'ER C7 FLT1'!$B$4:$B$640,1),9)),IF($O12=\"Class_6\",INDEX('ER C6 FLT1'!$A$4:$J$640,MATCH(DropData!$J52&$C12,'ER C6 FLT1'!$A$4:$A$640&'ER C6 FLT1'!$B$4:$B$640,1),8)*IF($O12=\"Class_6\",INDEX('ER C6 FLT1'!$A$4:$J$640,MATCH(DropData!$J52&$C12,'ER C6 FLT1'!$A$4:$A$640&'ER C6 FLT1'!$B$4:$B$640,1),9)))))))),IF($R12=\"Electric\",INDEX('ER Electric'!$A$6:$E$44,MATCH($C12&$O12,'ER Electric'!$A$6:$A$44&'ER Electric'!$B$6:$B$44,1),3),))","v":0},{"$f":"IF(OR($R12=\"Diesel\",$R12=\"LNG/CNG\",$R12=\"Hybrid\",$R12=\"Electric w/ AB-118\"),IF($B12=\"3+ Trucks\",IF(OR($O12=\"Class_8\",$N12=\"Replacement8HHD\",$AI12=\"CL7HHD\"),INDEX('ER C8 FLT3'!$A$4:$J$640,MATCH(DropData!$J52&$C12,'ER C8 FLT3'!$A$4:$A$640&'ER C8 FLT3'!$B$4:$B$640-1,1),8)*IF(OR($O12=\"Class_8\",$N12=\"Replacement8HHD\",$AI12=\"CL7HHD\"),INDEX('ER C8 FLT3'!$A$4:$J$640,MATCH(DropData!$J52&$C12,'ER C8 FLT3'!$A$4:$A$640&'ER C8 FLT3'!$B$4:$B$640-1,1),9)),IF($O12=\"Class_7\",INDEX('ER C7 FLT3'!$A$4:$J$640,MATCH(DropData!$J52&$C12,'ER C7 FLT3'!$A$4:$A$640&'ER C7 FLT3'!$B$4:$B$640-1,1),8)*IF($O12=\"Class_7\",INDEX('ER C7 FLT3'!$A$4:$J$640,MATCH(DropData!$J52&$C12,'ER C7 FLT3'!$A$4:$A$640&'ER C7 FLT3'!$B$4:$B$640-1,1),9)),IF($O12=\"Class_6\",INDEX('ER C6 FLT3'!$A$4:$J$640,MATCH(DropData!$J52&$C12,'ER C6 FLT3'!$A$4:$A$640&'ER C6 FLT3'!$B$4:$B$640-1,1),8)*IF($O12=\"Class_6\",INDEX('ER C6 FLT3'!$A$4:$J$640,MATCH(DropData!$J52&$C12,'ER C6 FLT3'!$A$4:$A$640&'ER C6 FLT3'!$B$4:$B$640-1,1),9))))),IF($B12=\"2 Trucks\",IF(OR($O12=\"Class_8\",$N12=\"Replacement8HHD\",$AI12=\"CL7HHD\"),INDEX('ER C8 FLT2'!$A$4:$J$640,MATCH(DropData!$J52&$C12,'ER C8 FLT2'!$A$4:$A$640&'ER C8 FLT2'!$B$4:$B$640-1,1),8)*IF(OR($O12=\"Class_8\",$N12=\"Replacement8HHD\",$AI12=\"CL7HHD\"),INDEX('ER C8 FLT2'!$A$4:$J$640,MATCH(DropData!$J52&$C12,'ER C8 FLT2'!$A$4:$A$640&'ER C8 FLT2'!$B$4:$B$640-1,1),9)),IF($O12=\"Class_7\",INDEX('ER C7 FLT2'!$A$4:$J$640,MATCH(DropData!$J52&$C12,'ER C7 FLT2'!$A$4:$A$640&'ER C7 FLT2'!$B$4:$B$640-1,1),8)*IF($O12=\"Class_7\",INDEX('ER C7 FLT2'!$A$4:$J$640,MATCH(DropData!$J52&$C12,'ER C7 FLT2'!$A$4:$A$640&'ER C7 FLT2'!$B$4:$B$640-1,1),9)),IF($O12=\"Class_6\",INDEX('ER C6 FLT2'!$A$4:$J$640,MATCH(DropData!$J52&$C12,'ER C6 FLT2'!$A$4:$A$640&'ER C6 FLT2'!$B$4:$B$640-1,1),8)*IF($O12=\"Class_6\",INDEX('ER C6 FLT2'!$A$4:$J$640,MATCH(DropData!$J52&$C12,'ER C6 FLT2'!$A$4:$A$640&'ER C6 FLT2'!$B$4:$B$640-1,1),9))))),IF($B12=\"1 Truck\",IF(OR($O12=\"Class_8\",$N12=\"Replacement8HHD\",$AI12=\"CL7HHD\"),INDEX('ER C8 FLT1'!$A$4:$J$640,MATCH(DropData!$J52&$C12,'ER C8 FLT1'!$A$4:$A$640&'ER C8 FLT1'!$B$4:$B$640-1,1),8)*IF(OR($O12=\"Class_8\",$N12=\"Replacement8HHD\",$AI12=\"CL7HHD\"),INDEX('ER C8 FLT1'!$A$4:$J$640,MATCH(DropData!$J52&$C12,'ER C8 FLT1'!$A$4:$A$640&'ER C8 FLT1'!$B$4:$B$640-1,1),9)),IF($O12=\"Class_7\",INDEX('ER C7 FLT1'!$A$4:$J$640,MATCH(DropData!$J52&$C12,'ER C7 FLT1'!$A$4:$A$640&'ER C7 FLT1'!$B$4:$B$640-1,1),8)*IF($O12=\"Class_7\",INDEX('ER C7 FLT1'!$A$4:$J$640,MATCH(DropData!$J52&$C12,'ER C7 FLT1'!$A$4:$A$640&'ER C7 FLT1'!$B$4:$B$640-1,1),9)),IF($O12=\"Class_6\",INDEX('ER C6 FLT1'!$A$4:$J$640,MATCH(DropData!$J52&$C12,'ER C6 FLT1'!$A$4:$A$640&'ER C6 FLT1'!$B$4:$B$640-1,1),8)*IF($O12=\"Class_6\",INDEX('ER C6 FLT1'!$A$4:$J$640,MATCH(DropData!$J52&$C12,'ER C6 FLT1'!$A$4:$A$640&'ER C6 FLT1'!$B$4:$B$640-1,1),9)))))))),IF($R12=\"Electric\",OFFSET(INDEX('ER Electric'!$A$6:$E$44,MATCH($C12&$O12,'ER Electric'!$A$6:$A$44&'ER Electric'!$B$6:$B$44,1),3),3,0),))","v":0},{"$f":"IF(OR($R12=\"Diesel\",$R12=\"LNG/CNG\",$R12=\"Hybrid\",$R12=\"Electric w/ AB-118\"),IF($B12=\"3+ Trucks\",IF(OR($O12=\"Class_8\",$N12=\"Replacement8HHD\",$AI12=\"CL7HHD\"),INDEX('ER C8 FLT3'!$A$4:$J$640,MATCH(DropData!$J52&$C12,'ER C8 FLT3'!$A$4:$A$640&'ER C8 FLT3'!$B$4:$B$640-2,1),8)*IF(OR($O12=\"Class_8\",$N12=\"Replacement8HHD\",$AI12=\"CL7HHD\"),INDEX('ER C8 FLT3'!$A$4:$J$640,MATCH(DropData!$J52&$C12,'ER C8 FLT3'!$A$4:$A$640&'ER C8 FLT3'!$B$4:$B$640-2,1),9)),IF($O12=\"Class_7\",INDEX('ER C7 FLT3'!$A$4:$J$640,MATCH(DropData!$J52&$C12,'ER C7 FLT3'!$A$4:$A$640&'ER C7 FLT3'!$B$4:$B$640-2,1),8)*IF($O12=\"Class_7\",INDEX('ER C7 FLT3'!$A$4:$J$640,MATCH(DropData!$J52&$C12,'ER C7 FLT3'!$A$4:$A$640&'ER C7 FLT3'!$B$4:$B$640-2,1),9)),IF($O12=\"Class_6\",INDEX('ER C6 FLT3'!$A$4:$J$640,MATCH(DropData!$J52&$C12,'ER C6 FLT3'!$A$4:$A$640&'ER C6 FLT3'!$B$4:$B$640-2,1),8)*IF($O12=\"Class_6\",INDEX('ER C6 FLT3'!$A$4:$J$640,MATCH(DropData!$J52&$C12,'ER C6 FLT3'!$A$4:$A$640&'ER C6 FLT3'!$B$4:$B$640-2,1),9))))),IF($B12=\"2 Trucks\",IF(OR($O12=\"Class_8\",$N12=\"Replacement8HHD\",$AI12=\"CL7HHD\"),INDEX('ER C8 FLT2'!$A$4:$J$640,MATCH(DropData!$J52&$C12,'ER C8 FLT2'!$A$4:$A$640&'ER C8 FLT2'!$B$4:$B$640-2,1),8)*IF(OR($O12=\"Class_8\",$N12=\"Replacement8HHD\",$AI12=\"CL7HHD\"),INDEX('ER C8 FLT2'!$A$4:$J$640,MATCH(DropData!$J52&$C12,'ER C8 FLT2'!$A$4:$A$640&'ER C8 FLT2'!$B$4:$B$640-2,1),9)),IF($O12=\"Class_7\",INDEX('ER C7 FLT2'!$A$4:$J$640,MATCH(DropData!$J52&$C12,'ER C7 FLT2'!$A$4:$A$640&'ER C7 FLT2'!$B$4:$B$640-2,1),8)*IF($O12=\"Class_7\",INDEX('ER C7 FLT2'!$A$4:$J$640,MATCH(DropData!$J52&$C12,'ER C7 FLT2'!$A$4:$A$640&'ER C7 FLT2'!$B$4:$B$640-2,1),9)),IF($O12=\"Class_6\",INDEX('ER C6 FLT2'!$A$4:$J$640,MATCH(DropData!$J52&$C12,'ER C6 FLT2'!$A$4:$A$640&'ER C6 FLT2'!$B$4:$B$640-2,1),8)*IF($O12=\"Class_6\",INDEX('ER C6 FLT2'!$A$4:$J$640,MATCH(DropData!$J52&$C12,'ER C6 FLT2'!$A$4:$A$640&'ER C6 FLT2'!$B$4:$B$640-2,1),9))))),IF($B12=\"1 Truck\",IF(OR($O12=\"Class_8\",$N12=\"Replacement8HHD\",$AI12=\"CL7HHD\"),INDEX('ER C8 FLT1'!$A$4:$J$640,MATCH(DropData!$J52&$C12,'ER C8 FLT1'!$A$4:$A$640&'ER C8 FLT1'!$B$4:$B$640-2,1),8)*IF(OR($O12=\"Class_8\",$N12=\"Replacement8HHD\",$AI12=\"CL7HHD\"),INDEX('ER C8 FLT1'!$A$4:$J$640,MATCH(DropData!$J52&$C12,'ER C8 FLT1'!$A$4:$A$640&'ER C8 FLT1'!$B$4:$B$640-2,1),9)),IF($O12=\"Class_7\",INDEX('ER C7 FLT1'!$A$4:$J$640,MATCH(DropData!$J52&$C12,'ER C7 FLT1'!$A$4:$A$640&'ER C7 FLT1'!$B$4:$B$640-2,1),8)*IF($O12=\"Class_7\",INDEX('ER C7 FLT1'!$A$4:$J$640,MATCH(DropData!$J52&$C12,'ER C7 FLT1'!$A$4:$A$640&'ER C7 FLT1'!$B$4:$B$640-2,1),9)),IF($O12=\"Class_6\",INDEX('ER C6 FLT1'!$A$4:$J$640,MATCH(DropData!$J52&$C12,'ER C6 FLT1'!$A$4:$A$640&'ER C6 FLT1'!$B$4:$B$640-2,1),8)*IF($O12=\"Class_6\",INDEX('ER C6 FLT1'!$A$4:$J$640,MATCH(DropData!$J52&$C12,'ER C6 FLT1'!$A$4:$A$640&'ER C6 FLT1'!$B$4:$B$640-2,1),9)))))))),IF($R12=\"Electric\",OFFSET(INDEX('ER Electric'!$A$6:$E$44,MATCH($C12&$O12,'ER Electric'!$A$6:$A$44&'ER Electric'!$B$6:$B$44,1),3),6,0),))","v":0},{"$f":"IF(OR($R12=\"Diesel\",$R12=\"LNG/CNG\",$R12=\"Hybrid\",$R12=\"Electric w/ AB-118\"),IF($B12=\"3+ Trucks\",IF(OR($O12=\"Class_8\",$N12=\"Replacement8HHD\",$AI12=\"CL7HHD\"),INDEX('ER C8 FLT3'!$A$4:$J$640,MATCH(DropData!$J52&$C12,'ER C8 FLT3'!$A$4:$A$640&'ER C8 FLT3'!$B$4:$B$640-3,1),8)*IF(OR($O12=\"Class_8\",$N12=\"Replacement8HHD\",$AI12=\"CL7HHD\"),INDEX('ER C8 FLT3'!$A$4:$J$640,MATCH(DropData!$J52&$C12,'ER C8 FLT3'!$A$4:$A$640&'ER C8 FLT3'!$B$4:$B$640-3,1),9)),IF($O12=\"Class_7\",INDEX('ER C7 FLT3'!$A$4:$J$640,MATCH(DropData!$J52&$C12,'ER C7 FLT3'!$A$4:$A$640&'ER C7 FLT3'!$B$4:$B$640-3,1),8)*IF($O12=\"Class_7\",INDEX('ER C7 FLT3'!$A$4:$J$640,MATCH(DropData!$J52&$C12,'ER C7 FLT3'!$A$4:$A$640&'ER C7 FLT3'!$B$4:$B$640-3,1),9)),IF($O12=\"Class_6\",INDEX('ER C6 FLT3'!$A$4:$J$640,MATCH(DropData!$J52&$C12,'ER C6 FLT3'!$A$4:$A$640&'ER C6 FLT3'!$B$4:$B$640-3,1),8)*IF($O12=\"Class_6\",INDEX('ER C6 FLT3'!$A$4:$J$640,MATCH(DropData!$J52&$C12,'ER C6 FLT3'!$A$4:$A$640&'ER C6 FLT3'!$B$4:$B$640-3,1),9))))),IF($B12=\"2 Trucks\",IF(OR($O12=\"Class_8\",$N12=\"Replacement8HHD\",$AI12=\"CL7HHD\"),INDEX('ER C8 FLT2'!$A$4:$J$640,MATCH(DropData!$J52&$C12,'ER C8 FLT2'!$A$4:$A$640&'ER C8 FLT2'!$B$4:$B$640-3,1),8)*IF(OR($O12=\"Class_8\",$N12=\"Replacement8HHD\",$AI12=\"CL7HHD\"),INDEX('ER C8 FLT2'!$A$4:$J$640,MATCH(DropData!$J52&$C12,'ER C8 FLT2'!$A$4:$A$640&'ER C8 FLT2'!$B$4:$B$640-3,1),9)),IF($O12=\"Class_7\",INDEX('ER C7 FLT2'!$A$4:$J$640,MATCH(DropData!$J52&$C12,'ER C7 FLT2'!$A$4:$A$640&'ER C7 FLT2'!$B$4:$B$640-3,1),8)*IF($O12=\"Class_7\",INDEX('ER C7 FLT2'!$A$4:$J$640,MATCH(DropData!$J52&$C12,'ER C7 FLT2'!$A$4:$A$640&'ER C7 FLT2'!$B$4:$B$640-3,1),9)),IF($O12=\"Class_6\",INDEX('ER C6 FLT2'!$A$4:$J$640,MATCH(DropData!$J52&$C12,'ER C6 FLT2'!$A$4:$A$640&'ER C6 FLT2'!$B$4:$B$640-3,1),8)*IF($O12=\"Class_6\",INDEX('ER C6 FLT2'!$A$4:$J$640,MATCH(DropData!$J52&$C12,'ER C6 FLT2'!$A$4:$A$640&'ER C6 FLT2'!$B$4:$B$640-3,1),9))))),IF($B12=\"1 Truck\",IF(OR($O12=\"Class_8\",$N12=\"Replacement8HHD\",$AI12=\"CL7HHD\"),INDEX('ER C8 FLT1'!$A$4:$J$640,MATCH(DropData!$J52&$C12,'ER C8 FLT1'!$A$4:$A$640&'ER C8 FLT1'!$B$4:$B$640-3,1),8)*IF(OR($O12=\"Class_8\",$N12=\"Replacement8HHD\",$AI12=\"CL7HHD\"),INDEX('ER C8 FLT1'!$A$4:$J$640,MATCH(DropData!$J52&$C12,'ER C8 FLT1'!$A$4:$A$640&'ER C8 FLT1'!$B$4:$B$640-3,1),9)),IF($O12=\"Class_7\",INDEX('ER C7 FLT1'!$A$4:$J$640,MATCH(DropData!$J52&$C12,'ER C7 FLT1'!$A$4:$A$640&'ER C7 FLT1'!$B$4:$B$640-3,1),8)*IF($O12=\"Class_7\",INDEX('ER C7 FLT1'!$A$4:$J$640,MATCH(DropData!$J52&$C12,'ER C7 FLT1'!$A$4:$A$640&'ER C7 FLT1'!$B$4:$B$640-3,1),9)),IF($O12=\"Class_6\",INDEX('ER C6 FLT1'!$A$4:$J$640,MATCH(DropData!$J52&$C12,'ER C6 FLT1'!$A$4:$A$640&'ER C6 FLT1'!$B$4:$B$640-3,1),8)*IF($O12=\"Class_6\",INDEX('ER C6 FLT1'!$A$4:$J$640,MATCH(DropData!$J52&$C12,'ER C6 FLT1'!$A$4:$A$640&'ER C6 FLT1'!$B$4:$B$640-3,1),9)))))))),IF($R12=\"Electric\",OFFSET(INDEX('ER Electric'!$A$6:$E$44,MATCH($C12&$O12,'ER Electric'!$A$6:$A$44&'ER Electric'!$B$6:$B$44,1),3),9,0),))","v":0},{"$f":"IF(OR($R12=\"Diesel\",$R12=\"LNG/CNG\",$R12=\"Hybrid\",$R12=\"Electric w/ AB-118\"),IF($B12=\"3+ Trucks\",IF(OR($O12=\"Class_8\",$N12=\"Replacement8HHD\",$AI12=\"CL7HHD\"),INDEX('ER C8 FLT3'!$A$4:$J$640,MATCH(DropData!$J52&$C12,'ER C8 FLT3'!$A$4:$A$640&'ER C8 FLT3'!$B$4:$B$640-4,1),8)*IF(OR($O12=\"Class_8\",$N12=\"Replacement8HHD\",$AI12=\"CL7HHD\"),INDEX('ER C8 FLT3'!$A$4:$J$640,MATCH(DropData!$J52&$C12,'ER C8 FLT3'!$A$4:$A$640&'ER C8 FLT3'!$B$4:$B$640-4,1),9)),IF($O12=\"Class_7\",INDEX('ER C7 FLT3'!$A$4:$J$640,MATCH(DropData!$J52&$C12,'ER C7 FLT3'!$A$4:$A$640&'ER C7 FLT3'!$B$4:$B$640-4,1),8)*IF($O12=\"Class_7\",INDEX('ER C7 FLT3'!$A$4:$J$640,MATCH(DropData!$J52&$C12,'ER C7 FLT3'!$A$4:$A$640&'ER C7 FLT3'!$B$4:$B$640-4,1),9)),IF($O12=\"Class_6\",INDEX('ER C6 FLT3'!$A$4:$J$640,MATCH(DropData!$J52&$C12,'ER C6 FLT3'!$A$4:$A$640&'ER C6 FLT3'!$B$4:$B$640-4,1),8)*IF($O12=\"Class_6\",INDEX('ER C6 FLT3'!$A$4:$J$640,MATCH(DropData!$J52&$C12,'ER C6 FLT3'!$A$4:$A$640&'ER C6 FLT3'!$B$4:$B$640-4,1),9))))),IF($B12=\"2 Trucks\",IF(OR($O12=\"Class_8\",$N12=\"Replacement8HHD\",$AI12=\"CL7HHD\"),INDEX('ER C8 FLT2'!$A$4:$J$640,MATCH(DropData!$J52&$C12,'ER C8 FLT2'!$A$4:$A$640&'ER C8 FLT2'!$B$4:$B$640-4,1),8)*IF(OR($O12=\"Class_8\",$N12=\"Replacement8HHD\",$AI12=\"CL7HHD\"),INDEX('ER C8 FLT2'!$A$4:$J$640,MATCH(DropData!$J52&$C12,'ER C8 FLT2'!$A$4:$A$640&'ER C8 FLT2'!$B$4:$B$640-4,1),9)),IF($O12=\"Class_7\",INDEX('ER C7 FLT2'!$A$4:$J$640,MATCH(DropData!$J52&$C12,'ER C7 FLT2'!$A$4:$A$640&'ER C7 FLT2'!$B$4:$B$640-4,1),8)*IF($O12=\"Class_7\",INDEX('ER C7 FLT2'!$A$4:$J$640,MATCH(DropData!$J52&$C12,'ER C7 FLT2'!$A$4:$A$640&'ER C7 FLT2'!$B$4:$B$640-4,1),9)),IF($O12=\"Class_6\",INDEX('ER C6 FLT2'!$A$4:$J$640,MATCH(DropData!$J52&$C12,'ER C6 FLT2'!$A$4:$A$640&'ER C6 FLT2'!$B$4:$B$640-4,1),8)*IF($O12=\"Class_6\",INDEX('ER C6 FLT2'!$A$4:$J$640,MATCH(DropData!$J52&$C12,'ER C6 FLT2'!$A$4:$A$640&'ER C6 FLT2'!$B$4:$B$640-4,1),9))))),IF($B12=\"1 Truck\",IF(OR($O12=\"Class_8\",$N12=\"Replacement8HHD\",$AI12=\"CL7HHD\"),INDEX('ER C8 FLT1'!$A$4:$J$640,MATCH(DropData!$J52&$C12,'ER C8 FLT1'!$A$4:$A$640&'ER C8 FLT1'!$B$4:$B$640-4,1),8)*IF(OR($O12=\"Class_8\",$N12=\"Replacement8HHD\",$AI12=\"CL7HHD\"),INDEX('ER C8 FLT1'!$A$4:$J$640,MATCH(DropData!$J52&$C12,'ER C8 FLT1'!$A$4:$A$640&'ER C8 FLT1'!$B$4:$B$640-4,1),9)),IF($O12=\"Class_7\",INDEX('ER C7 FLT1'!$A$4:$J$640,MATCH(DropData!$J52&$C12,'ER C7 FLT1'!$A$4:$A$640&'ER C7 FLT1'!$B$4:$B$640-4,1),8)*IF($O12=\"Class_7\",INDEX('ER C7 FLT1'!$A$4:$J$640,MATCH(DropData!$J52&$C12,'ER C7 FLT1'!$A$4:$A$640&'ER C7 FLT1'!$B$4:$B$640-4,1),9)),IF($O12=\"Class_6\",INDEX('ER C6 FLT1'!$A$4:$J$640,MATCH(DropData!$J52&$C12,'ER C6 FLT1'!$A$4:$A$640&'ER C6 FLT1'!$B$4:$B$640-4,1),8)*IF($O12=\"Class_6\",INDEX('ER C6 FLT1'!$A$4:$J$640,MATCH(DropData!$J52&$C12,'ER C6 FLT1'!$A$4:$A$640&'ER C6 FLT1'!$B$4:$B$640-4,1),9)))))))),IF($R12=\"Electric\",OFFSET(INDEX('ER Electric'!$A$6:$E$44,MATCH($C12&$O12,'ER Electric'!$A$6:$A$44&'ER Electric'!$B$6:$B$44,1),3),12,0),))","v":0},{"$f":"IF($C12<2015,1,2)","v":1},0,{"$f":"IF($C12<2015,1,2)","v":1},{"$f":"IFERROR(IF($B12=\"3+ Trucks\",IF($Z12=\"Class_8\",INDEX('ER C8 FLT3'!$A$4:$J$640,MATCH($W12&$C12,'ER C8 FLT3'!$A$4:$A$640&'ER C8 FLT3'!$B$4:$B$640,1),8)*IF($Z12=\"Class_8\",INDEX('ER C8 FLT3'!$A$4:$J$640,MATCH($W12&$C12,'ER C8 FLT3'!$A$4:$A$640&'ER C8 FLT3'!$B$4:$B$640,1),9)),IF($Z12=\"Class_7\",INDEX('ER C7 FLT3'!$A$4:$J$640,MATCH($W12&$C12,'ER C7 FLT3'!$A$4:$A$640&'ER C7 FLT3'!$B$4:$B$640,1),8)*IF($Z12=\"Class_7\",INDEX('ER C7 FLT3'!$A$4:$J$640,MATCH($W12&$C12,'ER C7 FLT3'!$A$4:$A$640&'ER C7 FLT3'!$B$4:$B$640,1),9)),\nIF($Z12=\"Class_6\",INDEX('ER C6 FLT3'!$A$4:$J$640,MATCH($W12&$C12,'ER C6 FLT3'!$A$4:$A$640&'ER C6 FLT3'!$B$4:$B$640,1),8)*IF($Z12=\"Class_6\",INDEX('ER C6 FLT3'!$A$4:$L$640,MATCH($W12&$C12,'ER C6 FLT3'!$A$4:$A$640&'ER C6 FLT3'!$B$4:$B$640,1),9))))),IF($B12=\"2 Trucks\",IF($Z12=\"Class_8\",INDEX('ER C8 FLT2'!$A$4:$J$640,MATCH($W12&$C12,'ER C8 FLT2'!$A$4:$A$640&'ER C8 FLT2'!$B$4:$B$640,1),8)*IF($Z12=\"Class_8\",INDEX('ER C8 FLT2'!$A$4:$J$640,MATCH($W12&$C12,'ER C8 FLT2'!$A$4:$A$640&'ER C8 FLT2'!$B$4:$B$640,1),9)),IF($Z12=\"Class_7\",INDEX('ER C7 FLT2'!$A$4:$J$640,MATCH($W12&$C12,'ER C7 FLT2'!$A$4:$A$640&'ER C7 FLT2'!$B$4:$B$640,1),8)*IF($Z12=\"Class_7\",INDEX('ER C7 FLT2'!$A$4:$J$640,MATCH($W12&$C12,'ER C7 FLT2'!$A$4:$A$640&'ER C7 FLT2'!$B$4:$B$640,1),9)),IF($Z12=\"Class_6\",INDEX('ER C6 FLT2'!$A$4:$J$640,MATCH($W12&$C12,'ER C6 FLT2'!$A$4:$A$640&'ER C6 FLT2'!$B$4:$B$640,1),8)*IF($Z12=\"Class_6\",INDEX('ER C6 FLT2'!$A$4:$J$640,MATCH($W12&$C12,'ER C6 FLT2'!$A$4:$A$640&'ER C6 FLT2'!$B$4:$B$640,1),9))))),IF($B12=\"1 Truck\",\nIF($Z12=\"Class_8\",INDEX('ER C8 FLT1'!$A$4:$J$640,MATCH($W12&$C12,'ER C8 FLT1'!$A$4:$A$640&'ER C8 FLT1'!$B$4:$B$640,1),8)*IF($Z12=\"Class_8\",INDEX('ER C8 FLT1'!$A$4:$J$640,MATCH($W12&$C12,'ER C8 FLT1'!$A$4:$A$640&'ER C8 FLT1'!$B$4:$B$640,1),9)),IF($Z12=\"Class_7\",INDEX('ER C7 FLT1'!$A$4:$J$640,MATCH($W12&$C12,'ER C7 FLT1'!$A$4:$A$640&'ER C7 FLT1'!$B$4:$B$640,1),8)*IF($Z12=\"Class_7\",INDEX('ER C7 FLT1'!$A$4:$J$640,MATCH($W12&$C12,'ER C7 FLT1'!$A$4:$A$640&'ER C7 FLT1'!$B$4:$B$640,1),9)),\nIF($Z12=\"Class_6\",INDEX('ER C6 FLT1'!$A$4:$J$640,MATCH($W12&$C12,'ER C6 FLT1'!$A$4:$A$640&'ER C6 FLT1'!$B$4:$B$640,1),8)*IF($Z12=\"Class_6\",INDEX('ER C6 FLT1'!$A$4:$J$640,MATCH($W12&$C12,'ER C6 FLT1'!$A$4:$A$640&'ER C6 FLT1'!$B$4:$B$640,1),9))))))))*IF($X12=\"Level 1 PM\",0.75,IF($X12=\"Level 2 PM\",0.5,IF($X12=\"Level 3 PM\",0,IF($X12=\"Level 3 PM + Mark I NOx\",0,1))))*($AC12/453.6)-IF(BG12=0,AV12,0),\"0.00\")","v":0},{"$f":"IFERROR(MAX(0,BI12/BH12),\"0.00\")","v":0},{"$f":"IFERROR(MAX(0,BG12+BJ12),\"0.00\")","v":0},0,{"$f":"IF($B12=\"3+ Trucks\",IF($Z12=\"Class_8\",INDEX('ER C8 FLT3'!$A$4:$J$640,MATCH($W12&$C12,'ER C8 FLT3'!$A$4:$A$640&'ER C8 FLT3'!$B$4:$B$640-1,1),8)*IF($Z12=\"Class_8\",INDEX('ER C8 FLT3'!$A$4:$J$640,MATCH($W12&$C12,'ER C8 FLT3'!$A$4:$A$640&'ER C8 FLT3'!$B$4:$B$640-1,1),9)),IF($Z12=\"Class_7\",INDEX('ER C7 FLT3'!$A$4:$J$640,MATCH($W12&$C12,'ER C7 FLT3'!$A$4:$A$640&'ER C7 FLT3'!$B$4:$B$640-1,1),8)*IF($Z12=\"Class_7\",INDEX('ER C7 FLT3'!$A$4:$J$640,MATCH($W12&$C12,'ER C7 FLT3'!$A$4:$A$640&'ER C7 FLT3'!$B$4:$B$640-1,1),9)),\nIF($Z12=\"Class_6\",INDEX('ER C6 FLT3'!$A$4:$J$640,MATCH($W12&$C12,'ER C6 FLT3'!$A$4:$A$640&'ER C6 FLT3'!$B$4:$B$640-1,1),8)*IF($Z12=\"Class_6\",INDEX('ER C6 FLT3'!$A$4:$L$640,MATCH($W12&$C12,'ER C6 FLT3'!$A$4:$A$640&'ER C6 FLT3'!$B$4:$B$640-1,1),9))))),IF($B12=\"2 Trucks\",IF($Z12=\"Class_8\",INDEX('ER C8 FLT2'!$A$4:$J$640,MATCH($W12&$C12,'ER C8 FLT2'!$A$4:$A$640&'ER C8 FLT2'!$B$4:$B$640-1,1),8)*IF($Z12=\"Class_8\",INDEX('ER C8 FLT2'!$A$4:$J$640,MATCH($W12&$C12,'ER C8 FLT2'!$A$4:$A$640&'ER C8 FLT2'!$B$4:$B$640-1,1),9)),IF($Z12=\"Class_7\",INDEX('ER C7 FLT2'!$A$4:$J$640,MATCH($W12&$C12,'ER C7 FLT2'!$A$4:$A$640&'ER C7 FLT2'!$B$4:$B$640-1,1),8)*IF($Z12=\"Class_7\",INDEX('ER C7 FLT2'!$A$4:$J$640,MATCH($W12&$C12,'ER C7 FLT2'!$A$4:$A$640&'ER C7 FLT2'!$B$4:$B$640-1,1),9)),IF($Z12=\"Class_6\",INDEX('ER C6 FLT2'!$A$4:$J$640,MATCH($W12&$C12,'ER C6 FLT2'!$A$4:$A$640&'ER C6 FLT2'!$B$4:$B$640-1,1),8)*IF($Z12=\"Class_6\",INDEX('ER C6 FLT2'!$A$4:$J$640,MATCH($W12&$C12,'ER C6 FLT2'!$A$4:$A$640&'ER C6 FLT2'!$B$4:$B$640-1,1),9))))),IF($B12=\"1 Truck\",\nIF($Z12=\"Class_8\",INDEX('ER C8 FLT1'!$A$4:$J$640,MATCH($W12&$C12,'ER C8 FLT1'!$A$4:$A$640&'ER C8 FLT1'!$B$4:$B$640-1,1),8)*IF($Z12=\"Class_8\",INDEX('ER C8 FLT1'!$A$4:$J$640,MATCH($W12&$C12,'ER C8 FLT1'!$A$4:$A$640&'ER C8 FLT1'!$B$4:$B$640-1,1),9)),IF($Z12=\"Class_7\",INDEX('ER C7 FLT1'!$A$4:$J$640,MATCH($W12&$C12,'ER C7 FLT1'!$A$4:$A$640&'ER C7 FLT1'!$B$4:$B$640-1,1),8)*IF($Z12=\"Class_7\",INDEX('ER C7 FLT1'!$A$4:$J$640,MATCH($W12&$C12,'ER C7 FLT1'!$A$4:$A$640&'ER C7 FLT1'!$B$4:$B$640-1,1),9)),\nIF($Z12=\"Class_6\",INDEX('ER C6 FLT1'!$A$4:$J$640,MATCH($W12&$C12,'ER C6 FLT1'!$A$4:$A$640&'ER C6 FLT1'!$B$4:$B$640-1,1),8)*IF($Z12=\"Class_6\",INDEX('ER C6 FLT1'!$A$4:$J$640,MATCH($W12&$C12,'ER C6 FLT1'!$A$4:$A$640&'ER C6 FLT1'!$B$4:$B$640-1,1),9))))))))*IF($X12=\"Level 1 PM\",0.75,IF($X12=\"Level 2 PM\",0.5,IF($X12=\"Level 3 PM\",0,IF($X12=\"Level 3 PM + Mark I NOx\",0,1))))*($AC12/453.6)-IF(BL12=0,AW12,0)","v":0},0,0,{"$f":"IF($B12=\"3+ Trucks\",IF($Z12=\"Class_8\",INDEX('ER C8 FLT3'!$A$4:$J$640,MATCH($W12&$C12,'ER C8 FLT3'!$A$4:$A$640&'ER C8 FLT3'!$B$4:$B$640-2,1),8)*IF($Z12=\"Class_8\",INDEX('ER C8 FLT3'!$A$4:$J$640,MATCH($W12&$C12,'ER C8 FLT3'!$A$4:$A$640&'ER C8 FLT3'!$B$4:$B$640-2,1),9)),IF($Z12=\"Class_7\",INDEX('ER C7 FLT3'!$A$4:$J$640,MATCH($W12&$C12,'ER C7 FLT3'!$A$4:$A$640&'ER C7 FLT3'!$B$4:$B$640-2,1),8)*IF($Z12=\"Class_7\",INDEX('ER C7 FLT3'!$A$4:$J$640,MATCH($W12&$C12,'ER C7 FLT3'!$A$4:$A$640&'ER C7 FLT3'!$B$4:$B$640-2,1),9)),\nIF($Z12=\"Class_6\",INDEX('ER C6 FLT3'!$A$4:$J$640,MATCH($W12&$C12,'ER C6 FLT3'!$A$4:$A$640&'ER C6 FLT3'!$B$4:$B$640-2,1),8)*IF($Z12=\"Class_6\",INDEX('ER C6 FLT3'!$A$4:$L$640,MATCH($W12&$C12,'ER C6 FLT3'!$A$4:$A$640&'ER C6 FLT3'!$B$4:$B$640-2,1),9))))),IF($B12=\"2 Trucks\",IF($Z12=\"Class_8\",INDEX('ER C8 FLT2'!$A$4:$J$640,MATCH($W12&$C12,'ER C8 FLT2'!$A$4:$A$640&'ER C8 FLT2'!$B$4:$B$640-2,1),8)*IF($Z12=\"Class_8\",INDEX('ER C8 FLT2'!$A$4:$J$640,MATCH($W12&$C12,'ER C8 FLT2'!$A$4:$A$640&'ER C8 FLT2'!$B$4:$B$640-2,1),9)),IF($Z12=\"Class_7\",INDEX('ER C7 FLT2'!$A$4:$J$640,MATCH($W12&$C12,'ER C7 FLT2'!$A$4:$A$640&'ER C7 FLT2'!$B$4:$B$640-2,1),8)*IF($Z12=\"Class_7\",INDEX('ER C7 FLT2'!$A$4:$J$640,MATCH($W12&$C12,'ER C7 FLT2'!$A$4:$A$640&'ER C7 FLT2'!$B$4:$B$640-2,1),9)),IF($Z12=\"Class_6\",INDEX('ER C6 FLT2'!$A$4:$J$640,MATCH($W12&$C12,'ER C6 FLT2'!$A$4:$A$640&'ER C6 FLT2'!$B$4:$B$640-2,1),8)*IF($Z12=\"Class_6\",INDEX('ER C6 FLT2'!$A$4:$J$640,MATCH($W12&$C12,'ER C6 FLT2'!$A$4:$A$640&'ER C6 FLT2'!$B$4:$B$640-2,1),9))))),IF($B12=\"1 Truck\",\nIF($Z12=\"Class_8\",INDEX('ER C8 FLT1'!$A$4:$J$640,MATCH($W12&$C12,'ER C8 FLT1'!$A$4:$A$640&'ER C8 FLT1'!$B$4:$B$640-2,1),8)*IF($Z12=\"Class_8\",INDEX('ER C8 FLT1'!$A$4:$J$640,MATCH($W12&$C12,'ER C8 FLT1'!$A$4:$A$640&'ER C8 FLT1'!$B$4:$B$640-2,1),9)),IF($Z12=\"Class_7\",INDEX('ER C7 FLT1'!$A$4:$J$640,MATCH($W12&$C12,'ER C7 FLT1'!$A$4:$A$640&'ER C7 FLT1'!$B$4:$B$640-2,1),8)*IF($Z12=\"Class_7\",INDEX('ER C7 FLT1'!$A$4:$J$640,MATCH($W12&$C12,'ER C7 FLT1'!$A$4:$A$640&'ER C7 FLT1'!$B$4:$B$640-2,1),9)),\nIF($Z12=\"Class_6\",INDEX('ER C6 FLT1'!$A$4:$J$640,MATCH($W12&$C12,'ER C6 FLT1'!$A$4:$A$640&'ER C6 FLT1'!$B$4:$B$640-2,1),8)*IF($Z12=\"Class_6\",INDEX('ER C6 FLT1'!$A$4:$J$640,MATCH($W12&$C12,'ER C6 FLT1'!$A$4:$A$640&'ER C6 FLT1'!$B$4:$B$640-2,1),9))))))))*IF($X12=\"Level 1 PM\",0.75,IF($X12=\"Level 2 PM\",0.5,IF($X12=\"Level 3 PM\",0,IF($X12=\"Level 3 PM + Mark I NOx\",0,1))))*($AC12/453.6)-IF(BO12=0,AX12,0)","v":0},0,0,{"$f":"IF($B12=\"3+ Trucks\",IF($Z12=\"Class_8\",INDEX('ER C8 FLT3'!$A$4:$J$640,MATCH($W12&$C12,'ER C8 FLT3'!$A$4:$A$640&'ER C8 FLT3'!$B$4:$B$640-3,1),8)*IF($Z12=\"Class_8\",INDEX('ER C8 FLT3'!$A$4:$J$640,MATCH($W12&$C12,'ER C8 FLT3'!$A$4:$A$640&'ER C8 FLT3'!$B$4:$B$640-3,1),9)),IF($Z12=\"Class_7\",INDEX('ER C7 FLT3'!$A$4:$J$640,MATCH($W12&$C12,'ER C7 FLT3'!$A$4:$A$640&'ER C7 FLT3'!$B$4:$B$640-3,1),8)*IF($Z12=\"Class_7\",INDEX('ER C7 FLT3'!$A$4:$J$640,MATCH($W12&$C12,'ER C7 FLT3'!$A$4:$A$640&'ER C7 FLT3'!$B$4:$B$640-3,1),9)),\nIF($Z12=\"Class_6\",INDEX('ER C6 FLT3'!$A$4:$J$640,MATCH($W12&$C12,'ER C6 FLT3'!$A$4:$A$640&'ER C6 FLT3'!$B$4:$B$640-3,1),8)*IF($Z12=\"Class_6\",INDEX('ER C6 FLT3'!$A$4:$L$640,MATCH($W12&$C12,'ER C6 FLT3'!$A$4:$A$640&'ER C6 FLT3'!$B$4:$B$640-3,1),9))))),IF($B12=\"2 Trucks\",IF($Z12=\"Class_8\",INDEX('ER C8 FLT2'!$A$4:$J$640,MATCH($W12&$C12,'ER C8 FLT2'!$A$4:$A$640&'ER C8 FLT2'!$B$4:$B$640-3,1),8)*IF($Z12=\"Class_8\",INDEX('ER C8 FLT2'!$A$4:$J$640,MATCH($W12&$C12,'ER C8 FLT2'!$A$4:$A$640&'ER C8 FLT2'!$B$4:$B$640-3,1),9)),IF($Z12=\"Class_7\",INDEX('ER C7 FLT2'!$A$4:$J$640,MATCH($W12&$C12,'ER C7 FLT2'!$A$4:$A$640&'ER C7 FLT2'!$B$4:$B$640-3,1),8)*IF($Z12=\"Class_7\",INDEX('ER C7 FLT2'!$A$4:$J$640,MATCH($W12&$C12,'ER C7 FLT2'!$A$4:$A$640&'ER C7 FLT2'!$B$4:$B$640-3,1),9)),IF($Z12=\"Class_6\",INDEX('ER C6 FLT2'!$A$4:$J$640,MATCH($W12&$C12,'ER C6 FLT2'!$A$4:$A$640&'ER C6 FLT2'!$B$4:$B$640-3,1),8)*IF($Z12=\"Class_6\",INDEX('ER C6 FLT2'!$A$4:$J$640,MATCH($W12&$C12,'ER C6 FLT2'!$A$4:$A$640&'ER C6 FLT2'!$B$4:$B$640-3,1),9))))),IF($B12=\"1 Truck\",\nIF($Z12=\"Class_8\",INDEX('ER C8 FLT1'!$A$4:$J$640,MATCH($W12&$C12,'ER C8 FLT1'!$A$4:$A$640&'ER C8 FLT1'!$B$4:$B$640-3,1),8)*IF($Z12=\"Class_8\",INDEX('ER C8 FLT1'!$A$4:$J$640,MATCH($W12&$C12,'ER C8 FLT1'!$A$4:$A$640&'ER C8 FLT1'!$B$4:$B$640-3,1),9)),IF($Z12=\"Class_7\",INDEX('ER C7 FLT1'!$A$4:$J$640,MATCH($W12&$C12,'ER C7 FLT1'!$A$4:$A$640&'ER C7 FLT1'!$B$4:$B$640-3,1),8)*IF($Z12=\"Class_7\",INDEX('ER C7 FLT1'!$A$4:$J$640,MATCH($W12&$C12,'ER C7 FLT1'!$A$4:$A$640&'ER C7 FLT1'!$B$4:$B$640-3,1),9)),\nIF($Z12=\"Class_6\",INDEX('ER C6 FLT1'!$A$4:$J$640,MATCH($W12&$C12,'ER C6 FLT1'!$A$4:$A$640&'ER C6 FLT1'!$B$4:$B$640-3,1),8)*IF($Z12=\"Class_6\",INDEX('ER C6 FLT1'!$A$4:$J$640,MATCH($W12&$C12,'ER C6 FLT1'!$A$4:$A$640&'ER C6 FLT1'!$B$4:$B$640-3,1),9))))))))*IF($X12=\"Level 1 PM\",0.75,IF($X12=\"Level 2 PM\",0.5,IF($X12=\"Level 3 PM\",0,IF($X12=\"Level 3 PM + Mark I NOx\",0,1))))*($AC12/453.6)-IF(BR12=0,AY12,0)","v":0},0,0,{"$f":"IF($B12=\"3+ Trucks\",IF($Z12=\"Class_8\",INDEX('ER C8 FLT3'!$A$4:$J$640,MATCH($W12&$C12,'ER C8 FLT3'!$A$4:$A$640&'ER C8 FLT3'!$B$4:$B$640-4,1),8)*IF($Z12=\"Class_8\",INDEX('ER C8 FLT3'!$A$4:$J$640,MATCH($W12&$C12,'ER C8 FLT3'!$A$4:$A$640&'ER C8 FLT3'!$B$4:$B$640-4,1),9)),IF($Z12=\"Class_7\",INDEX('ER C7 FLT3'!$A$4:$J$640,MATCH($W12&$C12,'ER C7 FLT3'!$A$4:$A$640&'ER C7 FLT3'!$B$4:$B$640-4,1),8)*IF($Z12=\"Class_7\",INDEX('ER C7 FLT3'!$A$4:$J$640,MATCH($W12&$C12,'ER C7 FLT3'!$A$4:$A$640&'ER C7 FLT3'!$B$4:$B$640-4,1),9)),\nIF($Z12=\"Class_6\",INDEX('ER C6 FLT3'!$A$4:$J$640,MATCH($W12&$C12,'ER C6 FLT3'!$A$4:$A$640&'ER C6 FLT3'!$B$4:$B$640-4,1),8)*IF($Z12=\"Class_6\",INDEX('ER C6 FLT3'!$A$4:$L$640,MATCH($W12&$C12,'ER C6 FLT3'!$A$4:$A$640&'ER C6 FLT3'!$B$4:$B$640-4,1),9))))),IF($B12=\"2 Trucks\",IF($Z12=\"Class_8\",INDEX('ER C8 FLT2'!$A$4:$J$640,MATCH($W12&$C12,'ER C8 FLT2'!$A$4:$A$640&'ER C8 FLT2'!$B$4:$B$640-4,1),8)*IF($Z12=\"Class_8\",INDEX('ER C8 FLT2'!$A$4:$J$640,MATCH($W12&$C12,'ER C8 FLT2'!$A$4:$A$640&'ER C8 FLT2'!$B$4:$B$640-4,1),9)),IF($Z12=\"Class_7\",INDEX('ER C7 FLT2'!$A$4:$J$640,MATCH($W12&$C12,'ER C7 FLT2'!$A$4:$A$640&'ER C7 FLT2'!$B$4:$B$640-4,1),8)*IF($Z12=\"Class_7\",INDEX('ER C7 FLT2'!$A$4:$J$640,MATCH($W12&$C12,'ER C7 FLT2'!$A$4:$A$640&'ER C7 FLT2'!$B$4:$B$640-4,1),9)),IF($Z12=\"Class_6\",INDEX('ER C6 FLT2'!$A$4:$J$640,MATCH($W12&$C12,'ER C6 FLT2'!$A$4:$A$640&'ER C6 FLT2'!$B$4:$B$640-4,1),8)*IF($Z12=\"Class_6\",INDEX('ER C6 FLT2'!$A$4:$J$640,MATCH($W12&$C12,'ER C6 FLT2'!$A$4:$A$640&'ER C6 FLT2'!$B$4:$B$640-4,1),9))))),IF($B12=\"1 Truck\",\nIF($Z12=\"Class_8\",INDEX('ER C8 FLT1'!$A$4:$J$640,MATCH($W12&$C12,'ER C8 FLT1'!$A$4:$A$640&'ER C8 FLT1'!$B$4:$B$640-4,1),8)*IF($Z12=\"Class_8\",INDEX('ER C8 FLT1'!$A$4:$J$640,MATCH($W12&$C12,'ER C8 FLT1'!$A$4:$A$640&'ER C8 FLT1'!$B$4:$B$640-4,1),9)),IF($Z12=\"Class_7\",INDEX('ER C7 FLT1'!$A$4:$J$640,MATCH($W12&$C12,'ER C7 FLT1'!$A$4:$A$640&'ER C7 FLT1'!$B$4:$B$640-4,1),8)*IF($Z12=\"Class_7\",INDEX('ER C7 FLT1'!$A$4:$J$640,MATCH($W12&$C12,'ER C7 FLT1'!$A$4:$A$640&'ER C7 FLT1'!$B$4:$B$640-4,1),9)),\nIF($Z12=\"Class_6\",INDEX('ER C6 FLT1'!$A$4:$J$640,MATCH($W12&$C12,'ER C6 FLT1'!$A$4:$A$640&'ER C6 FLT1'!$B$4:$B$640-4,1),8)*IF($Z12=\"Class_6\",INDEX('ER C6 FLT1'!$A$4:$J$640,MATCH($W12&$C12,'ER C6 FLT1'!$A$4:$A$640&'ER C6 FLT1'!$B$4:$B$640-4,1),9))))))))*IF($X12=\"Level 1 PM\",0.75,IF($X12=\"Level 2 PM\",0.5,IF($X12=\"Level 3 PM\",0,IF($X12=\"Level 3 PM + Mark I NOx\",0,1))))*($AC12/453.6)-IF(BU12=0,AZ12,0)","v":0},{"$f":"MAX(0,BU12+BV12)","v":0},{"$f":"(MAX(0,BK12+BN12+BQ12+BT12+BW12))","v":0},{"$f":"IF($B12=\"3+ Trucks\",IF(OR($H12=\"Class_8\",$N12=\"Replacement8HHD\",$AH12=\"CL7HHD\",$AJ12=\"CL7to8\"),INDEX('ER C8 FLT3'!$A$4:$J$640,MATCH($E12&$C12,'ER C8 FLT3'!$A$4:$A$640&'ER C8 FLT3'!$B$4:$B$640,1),5)*IF(OR($H12=\"Class_8\",$N12=\"Replacement8HHD\",$AH12=\"CL7HHD\",$AJ12=\"CL7to8\"),INDEX('ER C8 FLT3'!$A$4:$J$640,MATCH($E12&$C12,'ER C8 FLT3'!$A$4:$A$640&'ER C8 FLT3'!$B$4:$B$640,1),7)),IF($H12=\"Class_7\",INDEX('ER C7 FLT3'!$A$4:$J$640,MATCH($E12&$C12,'ER C7 FLT3'!$A$4:$A$640&'ER C7 FLT3'!$B$4:$B$640,1),5)*IF($H12=\"Class_7\",INDEX('ER C7 FLT3'!$A$4:$J$640,MATCH($E12&$C12,'ER C7 FLT3'!$A$4:$A$640&'ER C7 FLT3'!$B$4:$B$640,1),7)),\nIF($H12=\"Class_6\",INDEX('ER C6 FLT3'!$A$4:$J$640,MATCH($E12&$C12,'ER C6 FLT3'!$A$4:$A$640&'ER C6 FLT3'!$B$4:$B$640,1),5)*IF($H12=\"Class_6\",INDEX('ER C6 FLT3'!$A$4:$L$640,MATCH($E12&$C12,'ER C6 FLT3'!$A$4:$A$640&'ER C6 FLT3'!$B$4:$B$640,1),7))))),IF($B12=\"2 Trucks\",IF(OR($H12=\"Class_8\",$N12=\"Replacement8HHD\",$AH12=\"CL7HHD\",$AJ12=\"CL7to8\"),INDEX('ER C8 FLT2'!$A$4:$J$640,MATCH($E12&$C12,'ER C8 FLT2'!$A$4:$A$640&'ER C8 FLT2'!$B$4:$B$640,1),5)*IF(OR($H12=\"Class_8\",$N12=\"Replacement8HHD\",$AH12=\"CL7HHD\",$AJ12=\"CL7to8\"),INDEX('ER C8 FLT2'!$A$4:$J$640,MATCH($E12&$C12,'ER C8 FLT2'!$A$4:$A$640&'ER C8 FLT2'!$B$4:$B$640,1),7)),IF($H12=\"Class_7\",INDEX('ER C7 FLT2'!$A$4:$J$640,MATCH($E12&$C12,'ER C7 FLT2'!$A$4:$A$640&'ER C7 FLT2'!$B$4:$B$640,1),5)*IF($H12=\"Class_7\",INDEX('ER C7 FLT2'!$A$4:$J$640,MATCH($E12&$C12,'ER C7 FLT2'!$A$4:$A$640&'ER C7 FLT2'!$B$4:$B$640,1),7)),IF($H12=\"Class_6\",INDEX('ER C6 FLT2'!$A$4:$J$640,MATCH($E12&$C12,'ER C6 FLT2'!$A$4:$A$640&'ER C6 FLT2'!$B$4:$B$640,1),5)*IF($H12=\"Class_6\",INDEX('ER C6 FLT2'!$A$4:$J$640,MATCH($E12&$C12,'ER C6 FLT2'!$A$4:$A$640&'ER C6 FLT2'!$B$4:$B$640,1),7))))),IF($B12=\"1 Truck\",\nIF(OR($H12=\"Class_8\",$N12=\"Replacement8HHD\",$AH12=\"CL7HHD\",$AJ12=\"CL7to8\"),INDEX('ER C8 FLT1'!$A$4:$J$640,MATCH($E12&$C12,'ER C8 FLT1'!$A$4:$A$640&'ER C8 FLT1'!$B$4:$B$640,1),5)*IF(OR($H12=\"Class_8\",$N12=\"Replacement8HHD\",$AH12=\"CL7HHD\",$AJ12=\"CL7to8\"),INDEX('ER C8 FLT1'!$A$4:$J$640,MATCH($E12&$C12,'ER C8 FLT1'!$A$4:$A$640&'ER C8 FLT1'!$B$4:$B$640,1),7)),IF($H12=\"Class_7\",INDEX('ER C7 FLT1'!$A$4:$J$640,MATCH($E12&$C12,'ER C7 FLT1'!$A$4:$A$640&'ER C7 FLT1'!$B$4:$B$640,1),5)*IF($H12=\"Class_7\",INDEX('ER C7 FLT1'!$A$4:$J$640,MATCH($E12&$C12,'ER C7 FLT1'!$A$4:$A$640&'ER C7 FLT1'!$B$4:$B$640,1),7)),\nIF($H12=\"Class_6\",INDEX('ER C6 FLT1'!$A$4:$J$640,MATCH($E12&$C12,'ER C6 FLT1'!$A$4:$A$640&'ER C6 FLT1'!$B$4:$B$640,1),5)*IF($H12=\"Class_6\",INDEX('ER C6 FLT1'!$A$4:$J$640,MATCH($E12&$C12,'ER C6 FLT1'!$A$4:$A$640&'ER C6 FLT1'!$B$4:$B$640,1),7))))))))*IF($F12=\"Level 1 PM + Mark I NOx\",0.75,1)*($Q12/453.6)","v":0},{"$f":"IF($B12=\"3+ Trucks\",IF(OR($H12=\"Class_8\",$N12=\"Replacement8HHD\",$AH12=\"CL7HHD\",$AJ12=\"CL7to8\"),INDEX('ER C8 FLT3'!$A$4:$J$640,MATCH($E12&$C12,'ER C8 FLT3'!$A$4:$A$640&'ER C8 FLT3'!$B$4:$B$640-1,1),5)*IF(OR($H12=\"Class_8\",$N12=\"Replacement8HHD\",$AH12=\"CL7HHD\",$AJ12=\"CL7to8\"),INDEX('ER C8 FLT3'!$A$4:$J$640,MATCH($E12&$C12,'ER C8 FLT3'!$A$4:$A$640&'ER C8 FLT3'!$B$4:$B$640-1,1),7)),IF($H12=\"Class_7\",INDEX('ER C7 FLT3'!$A$4:$J$640,MATCH($E12&$C12,'ER C7 FLT3'!$A$4:$A$640&'ER C7 FLT3'!$B$4:$B$640-1,1),5)*IF($H12=\"Class_7\",INDEX('ER C7 FLT3'!$A$4:$J$640,MATCH($E12&$C12,'ER C7 FLT3'!$A$4:$A$640&'ER C7 FLT3'!$B$4:$B$640-1,1),7)),\nIF($H12=\"Class_6\",INDEX('ER C6 FLT3'!$A$4:$J$640,MATCH($E12&$C12,'ER C6 FLT3'!$A$4:$A$640&'ER C6 FLT3'!$B$4:$B$640-1,1),5)*IF($H12=\"Class_6\",INDEX('ER C6 FLT3'!$A$4:$L$640,MATCH($E12&$C12,'ER C6 FLT3'!$A$4:$A$640&'ER C6 FLT3'!$B$4:$B$640-1,1),7))))),IF($B12=\"2 Trucks\",IF(OR($H12=\"Class_8\",$N12=\"Replacement8HHD\",$AH12=\"CL7HHD\",$AJ12=\"CL7to8\"),INDEX('ER C8 FLT2'!$A$4:$J$640,MATCH($E12&$C12,'ER C8 FLT2'!$A$4:$A$640&'ER C8 FLT2'!$B$4:$B$640-1,1),5)*IF(OR($H12=\"Class_8\",$N12=\"Replacement8HHD\",$AH12=\"CL7HHD\",$AJ12=\"CL7to8\"),INDEX('ER C8 FLT2'!$A$4:$J$640,MATCH($E12&$C12,'ER C8 FLT2'!$A$4:$A$640&'ER C8 FLT2'!$B$4:$B$640-1,1),7)),IF($H12=\"Class_7\",INDEX('ER C7 FLT2'!$A$4:$J$640,MATCH($E12&$C12,'ER C7 FLT2'!$A$4:$A$640&'ER C7 FLT2'!$B$4:$B$640-1,1),5)*IF($H12=\"Class_7\",INDEX('ER C7 FLT2'!$A$4:$J$640,MATCH($E12&$C12,'ER C7 FLT2'!$A$4:$A$640&'ER C7 FLT2'!$B$4:$B$640-1,1),7)),IF($H12=\"Class_6\",INDEX('ER C6 FLT2'!$A$4:$J$640,MATCH($E12&$C12,'ER C6 FLT2'!$A$4:$A$640&'ER C6 FLT2'!$B$4:$B$640-1,1),5)*IF($H12=\"Class_6\",INDEX('ER C6 FLT2'!$A$4:$J$640,MATCH($E12&$C12,'ER C6 FLT2'!$A$4:$A$640&'ER C6 FLT2'!$B$4:$B$640-1,1),7))))),IF($B12=\"1 Truck\",\nIF(OR($H12=\"Class_8\",$N12=\"Replacement8HHD\",$AH12=\"CL7HHD\",$AJ12=\"CL7to8\"),INDEX('ER C8 FLT1'!$A$4:$J$640,MATCH($E12&$C12,'ER C8 FLT1'!$A$4:$A$640&'ER C8 FLT1'!$B$4:$B$640-1,1),5)*IF(OR($H12=\"Class_8\",$N12=\"Replacement8HHD\",$AH12=\"CL7HHD\",$AJ12=\"CL7to8\"),INDEX('ER C8 FLT1'!$A$4:$J$640,MATCH($E12&$C12,'ER C8 FLT1'!$A$4:$A$640&'ER C8 FLT1'!$B$4:$B$640-1,1),7)),IF($H12=\"Class_7\",INDEX('ER C7 FLT1'!$A$4:$J$640,MATCH($E12&$C12,'ER C7 FLT1'!$A$4:$A$640&'ER C7 FLT1'!$B$4:$B$640-1,1),5)*IF($H12=\"Class_7\",INDEX('ER C7 FLT1'!$A$4:$J$640,MATCH($E12&$C12,'ER C7 FLT1'!$A$4:$A$640&'ER C7 FLT1'!$B$4:$B$640-1,1),7)),\nIF($H12=\"Class_6\",INDEX('ER C6 FLT1'!$A$4:$J$640,MATCH($E12&$C12,'ER C6 FLT1'!$A$4:$A$640&'ER C6 FLT1'!$B$4:$B$640-1,1),5)*IF($H12=\"Class_6\",INDEX('ER C6 FLT1'!$A$4:$J$640,MATCH($E12&$C12,'ER C6 FLT1'!$A$4:$A$640&'ER C6 FLT1'!$B$4:$B$640-1,1),7))))))))*IF($F12=\"Level 1 PM + Mark I NOx\",0.75,1)*($Q12/453.6)","v":0},{"$f":"IF($B12=\"3+ Trucks\",IF(OR($H12=\"Class_8\",$N12=\"Replacement8HHD\",$AH12=\"CL7HHD\",$AJ12=\"CL7to8\"),INDEX('ER C8 FLT3'!$A$4:$J$640,MATCH($E12&$C12,'ER C8 FLT3'!$A$4:$A$640&'ER C8 FLT3'!$B$4:$B$640-2,1),5)*IF(OR($H12=\"Class_8\",$N12=\"Replacement8HHD\",$AH12=\"CL7HHD\",$AJ12=\"CL7to8\"),INDEX('ER C8 FLT3'!$A$4:$J$640,MATCH($E12&$C12,'ER C8 FLT3'!$A$4:$A$640&'ER C8 FLT3'!$B$4:$B$640-2,1),7)),IF($H12=\"Class_7\",INDEX('ER C7 FLT3'!$A$4:$J$640,MATCH($E12&$C12,'ER C7 FLT3'!$A$4:$A$640&'ER C7 FLT3'!$B$4:$B$640-2,1),5)*IF($H12=\"Class_7\",INDEX('ER C7 FLT3'!$A$4:$J$640,MATCH($E12&$C12,'ER C7 FLT3'!$A$4:$A$640&'ER C7 FLT3'!$B$4:$B$640-2,1),7)),\nIF($H12=\"Class_6\",INDEX('ER C6 FLT3'!$A$4:$J$640,MATCH($E12&$C12,'ER C6 FLT3'!$A$4:$A$640&'ER C6 FLT3'!$B$4:$B$640-2,1),5)*IF($H12=\"Class_6\",INDEX('ER C6 FLT3'!$A$4:$L$640,MATCH($E12&$C12,'ER C6 FLT3'!$A$4:$A$640&'ER C6 FLT3'!$B$4:$B$640-2,1),7))))),IF($B12=\"2 Trucks\",IF(OR($H12=\"Class_8\",$N12=\"Replacement8HHD\",$AH12=\"CL7HHD\",$AJ12=\"CL7to8\"),INDEX('ER C8 FLT2'!$A$4:$J$640,MATCH($E12&$C12,'ER C8 FLT2'!$A$4:$A$640&'ER C8 FLT2'!$B$4:$B$640-2,1),5)*IF(OR($H12=\"Class_8\",$N12=\"Replacement8HHD\",$AH12=\"CL7HHD\",$AJ12=\"CL7to8\"),INDEX('ER C8 FLT2'!$A$4:$J$640,MATCH($E12&$C12,'ER C8 FLT2'!$A$4:$A$640&'ER C8 FLT2'!$B$4:$B$640-2,1),7)),IF($H12=\"Class_7\",INDEX('ER C7 FLT2'!$A$4:$J$640,MATCH($E12&$C12,'ER C7 FLT2'!$A$4:$A$640&'ER C7 FLT2'!$B$4:$B$640-2,1),5)*IF($H12=\"Class_7\",INDEX('ER C7 FLT2'!$A$4:$J$640,MATCH($E12&$C12,'ER C7 FLT2'!$A$4:$A$640&'ER C7 FLT2'!$B$4:$B$640-2,1),7)),IF($H12=\"Class_6\",INDEX('ER C6 FLT2'!$A$4:$J$640,MATCH($E12&$C12,'ER C6 FLT2'!$A$4:$A$640&'ER C6 FLT2'!$B$4:$B$640-2,1),5)*IF($H12=\"Class_6\",INDEX('ER C6 FLT2'!$A$4:$J$640,MATCH($E12&$C12,'ER C6 FLT2'!$A$4:$A$640&'ER C6 FLT2'!$B$4:$B$640-2,1),7))))),IF($B12=\"1 Truck\",\nIF(OR($H12=\"Class_8\",$N12=\"Replacement8HHD\",$AH12=\"CL7HHD\",$AJ12=\"CL7to8\"),INDEX('ER C8 FLT1'!$A$4:$J$640,MATCH($E12&$C12,'ER C8 FLT1'!$A$4:$A$640&'ER C8 FLT1'!$B$4:$B$640-2,1),5)*IF(OR($H12=\"Class_8\",$N12=\"Replacement8HHD\",$AH12=\"CL7HHD\",$AJ12=\"CL7to8\"),INDEX('ER C8 FLT1'!$A$4:$J$640,MATCH($E12&$C12,'ER C8 FLT1'!$A$4:$A$640&'ER C8 FLT1'!$B$4:$B$640-2,1),7)),IF($H12=\"Class_7\",INDEX('ER C7 FLT1'!$A$4:$J$640,MATCH($E12&$C12,'ER C7 FLT1'!$A$4:$A$640&'ER C7 FLT1'!$B$4:$B$640-2,1),5)*IF($H12=\"Class_7\",INDEX('ER C7 FLT1'!$A$4:$J$640,MATCH($E12&$C12,'ER C7 FLT1'!$A$4:$A$640&'ER C7 FLT1'!$B$4:$B$640-2,1),7)),\nIF($H12=\"Class_6\",INDEX('ER C6 FLT1'!$A$4:$J$640,MATCH($E12&$C12,'ER C6 FLT1'!$A$4:$A$640&'ER C6 FLT1'!$B$4:$B$640-2,1),5)*IF($H12=\"Class_6\",INDEX('ER C6 FLT1'!$A$4:$J$640,MATCH($E12&$C12,'ER C6 FLT1'!$A$4:$A$640&'ER C6 FLT1'!$B$4:$B$640-2,1),7))))))))*IF($F12=\"Level 1 PM + Mark I NOx\",0.75,1)*($Q12/453.6)","v":0},{"$f":"IF($B12=\"3+ Trucks\",IF(OR($H12=\"Class_8\",$N12=\"Replacement8HHD\",$AH12=\"CL7HHD\",$AJ12=\"CL7to8\"),INDEX('ER C8 FLT3'!$A$4:$J$640,MATCH($E12&$C12,'ER C8 FLT3'!$A$4:$A$640&'ER C8 FLT3'!$B$4:$B$640-3,1),5)*IF(OR($H12=\"Class_8\",$N12=\"Replacement8HHD\",$AH12=\"CL7HHD\",$AJ12=\"CL7to8\"),INDEX('ER C8 FLT3'!$A$4:$J$640,MATCH($E12&$C12,'ER C8 FLT3'!$A$4:$A$640&'ER C8 FLT3'!$B$4:$B$640-3,1),7)),IF($H12=\"Class_7\",INDEX('ER C7 FLT3'!$A$4:$J$640,MATCH($E12&$C12,'ER C7 FLT3'!$A$4:$A$640&'ER C7 FLT3'!$B$4:$B$640-3,1),5)*IF($H12=\"Class_7\",INDEX('ER C7 FLT3'!$A$4:$J$640,MATCH($E12&$C12,'ER C7 FLT3'!$A$4:$A$640&'ER C7 FLT3'!$B$4:$B$640-3,1),7)),\nIF($H12=\"Class_6\",INDEX('ER C6 FLT3'!$A$4:$J$640,MATCH($E12&$C12,'ER C6 FLT3'!$A$4:$A$640&'ER C6 FLT3'!$B$4:$B$640-3,1),5)*IF($H12=\"Class_6\",INDEX('ER C6 FLT3'!$A$4:$L$640,MATCH($E12&$C12,'ER C6 FLT3'!$A$4:$A$640&'ER C6 FLT3'!$B$4:$B$640-3,1),7))))),IF($B12=\"2 Trucks\",IF(OR($H12=\"Class_8\",$N12=\"Replacement8HHD\",$AH12=\"CL7HHD\",$AJ12=\"CL7to8\"),INDEX('ER C8 FLT2'!$A$4:$J$640,MATCH($E12&$C12,'ER C8 FLT2'!$A$4:$A$640&'ER C8 FLT2'!$B$4:$B$640-3,1),5)*IF(OR($H12=\"Class_8\",$N12=\"Replacement8HHD\",$AH12=\"CL7HHD\",$AJ12=\"CL7to8\"),INDEX('ER C8 FLT2'!$A$4:$J$640,MATCH($E12&$C12,'ER C8 FLT2'!$A$4:$A$640&'ER C8 FLT2'!$B$4:$B$640-3,1),7)),IF($H12=\"Class_7\",INDEX('ER C7 FLT2'!$A$4:$J$640,MATCH($E12&$C12,'ER C7 FLT2'!$A$4:$A$640&'ER C7 FLT2'!$B$4:$B$640-3,1),5)*IF($H12=\"Class_7\",INDEX('ER C7 FLT2'!$A$4:$J$640,MATCH($E12&$C12,'ER C7 FLT2'!$A$4:$A$640&'ER C7 FLT2'!$B$4:$B$640-3,1),7)),IF($H12=\"Class_6\",INDEX('ER C6 FLT2'!$A$4:$J$640,MATCH($E12&$C12,'ER C6 FLT2'!$A$4:$A$640&'ER C6 FLT2'!$B$4:$B$640-3,1),5)*IF($H12=\"Class_6\",INDEX('ER C6 FLT2'!$A$4:$J$640,MATCH($E12&$C12,'ER C6 FLT2'!$A$4:$A$640&'ER C6 FLT2'!$B$4:$B$640-3,1),7))))),IF($B12=\"1 Truck\",\nIF(OR($H12=\"Class_8\",$N12=\"Replacement8HHD\",$AH12=\"CL7HHD\",$AJ12=\"CL7to8\"),INDEX('ER C8 FLT1'!$A$4:$J$640,MATCH($E12&$C12,'ER C8 FLT1'!$A$4:$A$640&'ER C8 FLT1'!$B$4:$B$640-3,1),5)*IF(OR($H12=\"Class_8\",$N12=\"Replacement8HHD\",$AH12=\"CL7HHD\",$AJ12=\"CL7to8\"),INDEX('ER C8 FLT1'!$A$4:$J$640,MATCH($E12&$C12,'ER C8 FLT1'!$A$4:$A$640&'ER C8 FLT1'!$B$4:$B$640-3,1),7)),IF($H12=\"Class_7\",INDEX('ER C7 FLT1'!$A$4:$J$640,MATCH($E12&$C12,'ER C7 FLT1'!$A$4:$A$640&'ER C7 FLT1'!$B$4:$B$640-3,1),5)*IF($H12=\"Class_7\",INDEX('ER C7 FLT1'!$A$4:$J$640,MATCH($E12&$C12,'ER C7 FLT1'!$A$4:$A$640&'ER C7 FLT1'!$B$4:$B$640-3,1),7)),\nIF($H12=\"Class_6\",INDEX('ER C6 FLT1'!$A$4:$J$640,MATCH($E12&$C12,'ER C6 FLT1'!$A$4:$A$640&'ER C6 FLT1'!$B$4:$B$640-3,1),5)*IF($H12=\"Class_6\",INDEX('ER C6 FLT1'!$A$4:$J$640,MATCH($E12&$C12,'ER C6 FLT1'!$A$4:$A$640&'ER C6 FLT1'!$B$4:$B$640-3,1),7))))))))*IF($F12=\"Level 1 PM + Mark I NOx\",0.75,1)*($Q12/453.6)","v":0},{"$f":"IF($B12=\"3+ Trucks\",IF(OR($H12=\"Class_8\",$N12=\"Replacement8HHD\",$AH12=\"CL7HHD\",$AJ12=\"CL7to8\"),INDEX('ER C8 FLT3'!$A$4:$J$640,MATCH($E12&$C12,'ER C8 FLT3'!$A$4:$A$640&'ER C8 FLT3'!$B$4:$B$640-4,1),5)*IF(OR($H12=\"Class_8\",$N12=\"Replacement8HHD\",$AH12=\"CL7HHD\",$AJ12=\"CL7to8\"),INDEX('ER C8 FLT3'!$A$4:$J$640,MATCH($E12&$C12,'ER C8 FLT3'!$A$4:$A$640&'ER C8 FLT3'!$B$4:$B$640-4,1),7)),IF($H12=\"Class_7\",INDEX('ER C7 FLT3'!$A$4:$J$640,MATCH($E12&$C12,'ER C7 FLT3'!$A$4:$A$640&'ER C7 FLT3'!$B$4:$B$640-4,1),5)*IF($H12=\"Class_7\",INDEX('ER C7 FLT3'!$A$4:$J$640,MATCH($E12&$C12,'ER C7 FLT3'!$A$4:$A$640&'ER C7 FLT3'!$B$4:$B$640-4,1),7)),\nIF($H12=\"Class_6\",INDEX('ER C6 FLT3'!$A$4:$J$640,MATCH($E12&$C12,'ER C6 FLT3'!$A$4:$A$640&'ER C6 FLT3'!$B$4:$B$640-4,1),5)*IF($H12=\"Class_6\",INDEX('ER C6 FLT3'!$A$4:$L$640,MATCH($E12&$C12,'ER C6 FLT3'!$A$4:$A$640&'ER C6 FLT3'!$B$4:$B$640-4,1),7))))),IF($B12=\"2 Trucks\",IF(OR($H12=\"Class_8\",$N12=\"Replacement8HHD\",$AH12=\"CL7HHD\",$AJ12=\"CL7to8\"),INDEX('ER C8 FLT2'!$A$4:$J$640,MATCH($E12&$C12,'ER C8 FLT2'!$A$4:$A$640&'ER C8 FLT2'!$B$4:$B$640-4,1),5)*IF(OR($H12=\"Class_8\",$N12=\"Replacement8HHD\",$AH12=\"CL7HHD\",$AJ12=\"CL7to8\"),INDEX('ER C8 FLT2'!$A$4:$J$640,MATCH($E12&$C12,'ER C8 FLT2'!$A$4:$A$640&'ER C8 FLT2'!$B$4:$B$640-4,1),7)),IF($H12=\"Class_7\",INDEX('ER C7 FLT2'!$A$4:$J$640,MATCH($E12&$C12,'ER C7 FLT2'!$A$4:$A$640&'ER C7 FLT2'!$B$4:$B$640-4,1),5)*IF($H12=\"Class_7\",INDEX('ER C7 FLT2'!$A$4:$J$640,MATCH($E12&$C12,'ER C7 FLT2'!$A$4:$A$640&'ER C7 FLT2'!$B$4:$B$640-4,1),7)),IF($H12=\"Class_6\",INDEX('ER C6 FLT2'!$A$4:$J$640,MATCH($E12&$C12,'ER C6 FLT2'!$A$4:$A$640&'ER C6 FLT2'!$B$4:$B$640-4,1),5)*IF($H12=\"Class_6\",INDEX('ER C6 FLT2'!$A$4:$J$640,MATCH($E12&$C12,'ER C6 FLT2'!$A$4:$A$640&'ER C6 FLT2'!$B$4:$B$640-4,1),7))))),IF($B12=\"1 Truck\",\nIF(OR($H12=\"Class_8\",$N12=\"Replacement8HHD\",$AH12=\"CL7HHD\",$AJ12=\"CL7to8\"),INDEX('ER C8 FLT1'!$A$4:$J$640,MATCH($E12&$C12,'ER C8 FLT1'!$A$4:$A$640&'ER C8 FLT1'!$B$4:$B$640-4,1),5)*IF(OR($H12=\"Class_8\",$N12=\"Replacement8HHD\",$AH12=\"CL7HHD\",$AJ12=\"CL7to8\"),INDEX('ER C8 FLT1'!$A$4:$J$640,MATCH($E12&$C12,'ER C8 FLT1'!$A$4:$A$640&'ER C8 FLT1'!$B$4:$B$640-4,1),7)),IF($H12=\"Class_7\",INDEX('ER C7 FLT1'!$A$4:$J$640,MATCH($E12&$C12,'ER C7 FLT1'!$A$4:$A$640&'ER C7 FLT1'!$B$4:$B$640-4,1),5)*IF($H12=\"Class_7\",INDEX('ER C7 FLT1'!$A$4:$J$640,MATCH($E12&$C12,'ER C7 FLT1'!$A$4:$A$640&'ER C7 FLT1'!$B$4:$B$640-4,1),7)),\nIF($H12=\"Class_6\",INDEX('ER C6 FLT1'!$A$4:$J$640,MATCH($E12&$C12,'ER C6 FLT1'!$A$4:$A$640&'ER C6 FLT1'!$B$4:$B$640-4,1),5)*IF($H12=\"Class_6\",INDEX('ER C6 FLT1'!$A$4:$J$640,MATCH($E12&$C12,'ER C6 FLT1'!$A$4:$A$640&'ER C6 FLT1'!$B$4:$B$640-4,1),7))))))))*IF($F12=\"Level 1 PM + Mark I NOx\",0.75,1)*($Q12/453.6)","v":0},{"$f":"IF($B12=\"3+ Trucks\",IF(OR($H12=\"Class_8\",$N12=\"Replacement8HHD\",$AH12=\"CL7HHD\",$AJ12=\"CL7to8\"),INDEX('ER C8 FLT3'!$A$4:$J$640,MATCH($E12&$C12,'ER C8 FLT3'!$A$4:$A$640&'ER C8 FLT3'!$B$4:$B$640,1),5),IF($H12=\"Class_7\",INDEX('ER C7 FLT3'!$A$4:$J$640,MATCH($E12&$C12,'ER C7 FLT3'!$A$4:$A$640&'ER C7 FLT3'!$B$4:$B$640,1),5),IF($H12=\"Class_6\",INDEX('ER C6 FLT3'!$A$4:$J$640,MATCH($E12&$C12,'ER C6 FLT3'!$A$4:$A$640&'ER C6 FLT3'!$B$4:$B$640,1),5)))),IF($B12=\"2 Trucks\",IF(OR($H12=\"Class_8\",$N12=\"Replacement8HHD\",$AH12=\"CL7HHD\",$AJ12=\"CL7to8\"),INDEX('ER C8 FLT2'!$A$4:$J$640,MATCH($E12&$C12,'ER C8 FLT2'!$A$4:$A$640&'ER C8 FLT2'!$B$4:$B$640,1),5),IF($H12=\"Class_7\",INDEX('ER C7 FLT2'!$A$4:$J$640,MATCH($E12&$C12,'ER C7 FLT2'!$A$4:$A$640&'ER C7 FLT2'!$B$4:$B$640,1),5),IF($H12=\"Class_6\",INDEX('ER C6 FLT2'!$A$4:$J$640,MATCH($E12&$C12,'ER C6 FLT2'!$A$4:$A$640&'ER C6 FLT2'!$B$4:$B$640,1),5)))),IF($B12=\"1 Truck\",IF(OR($H12=\"Class_8\",$N12=\"Replacement8HHD\",$AH12=\"CL7HHD\",$AJ12=\"CL7to8\"),INDEX('ER C8 FLT1'!$A$4:$J$640,MATCH($E12&$C12,'ER C8 FLT1'!$A$4:$A$640&'ER C8 FLT1'!$B$4:$B$640,1),5),IF($H12=\"Class_7\",INDEX('ER C7 FLT1'!$A$4:$J$640,MATCH($E12&$C12,'ER C7 FLT1'!$A$4:$A$640&'ER C7 FLT1'!$B$4:$B$640,1),5),IF($H12=\"Class_6\",INDEX('ER C6 FLT1'!$A$4:$J$640,MATCH($E12&$C12,'ER C6 FLT1'!$A$4:$A$640&'ER C6 FLT1'!$B$4:$B$640,1),5)))))))","v":false},{"$f":"IF($B12=\"3+ Trucks\",IF(OR($H12=\"Class_8\",$N12=\"Replacement8HHD\",$AH12=\"CL7HHD\",$AJ12=\"CL7to8\"),INDEX('ER C8 FLT3'!$A$4:$J$640,MATCH($E12&$C12,'ER C8 FLT3'!$A$4:$A$640&'ER C8 FLT3'!$B$4:$B$640-1,1),5),IF($H12=\"Class_7\",INDEX('ER C7 FLT3'!$A$4:$J$640,MATCH($E12&$C12,'ER C7 FLT3'!$A$4:$A$640&'ER C7 FLT3'!$B$4:$B$640-1,1),5),IF($H12=\"Class_6\",INDEX('ER C6 FLT3'!$A$4:$J$640,MATCH($E12&$C12,'ER C6 FLT3'!$A$4:$A$640&'ER C6 FLT3'!$B$4:$B$640-1,1),5)))),IF($B12=\"2 Trucks\",IF(OR($H12=\"Class_8\",$N12=\"Replacement8HHD\",$AH12=\"CL7HHD\",$AJ12=\"CL7to8\"),INDEX('ER C8 FLT2'!$A$4:$J$640,MATCH($E12&$C12,'ER C8 FLT2'!$A$4:$A$640&'ER C8 FLT2'!$B$4:$B$640-1,1),5),IF($H12=\"Class_7\",INDEX('ER C7 FLT2'!$A$4:$J$640,MATCH($E12&$C12,'ER C7 FLT2'!$A$4:$A$640&'ER C7 FLT2'!$B$4:$B$640-1,1),5),IF($H12=\"Class_6\",INDEX('ER C6 FLT2'!$A$4:$J$640,MATCH($E12&$C12,'ER C6 FLT2'!$A$4:$A$640&'ER C6 FLT2'!$B$4:$B$640-1,1),5)))),IF($B12=\"1 Truck\",IF(OR($H12=\"Class_8\",$N12=\"Replacement8HHD\",$AH12=\"CL7HHD\",$AJ12=\"CL7to8\"),INDEX('ER C8 FLT1'!$A$4:$J$640,MATCH($E12&$C12,'ER C8 FLT1'!$A$4:$A$640&'ER C8 FLT1'!$B$4:$B$640-1,1),5),IF($H12=\"Class_7\",INDEX('ER C7 FLT1'!$A$4:$J$640,MATCH($E12&$C12,'ER C7 FLT1'!$A$4:$A$640&'ER C7 FLT1'!$B$4:$B$640-1,1),5),IF($H12=\"Class_6\",INDEX('ER C6 FLT1'!$A$4:$J$640,MATCH($E12&$C12,'ER C6 FLT1'!$A$4:$A$640&'ER C6 FLT1'!$B$4:$B$640-1,1),5)))))))","v":false},{"$f":"IF($B12=\"3+ Trucks\",IF(OR($H12=\"Class_8\",$N12=\"Replacement8HHD\",$AH12=\"CL7HHD\",$AJ12=\"CL7to8\"),INDEX('ER C8 FLT3'!$A$4:$J$640,MATCH($E12&$C12,'ER C8 FLT3'!$A$4:$A$640&'ER C8 FLT3'!$B$4:$B$640-2,1),5),IF($H12=\"Class_7\",INDEX('ER C7 FLT3'!$A$4:$J$640,MATCH($E12&$C12,'ER C7 FLT3'!$A$4:$A$640&'ER C7 FLT3'!$B$4:$B$640-2,1),5),IF($H12=\"Class_6\",INDEX('ER C6 FLT3'!$A$4:$J$640,MATCH($E12&$C12,'ER C6 FLT3'!$A$4:$A$640&'ER C6 FLT3'!$B$4:$B$640-2,1),5)))),IF($B12=\"2 Trucks\",IF(OR($H12=\"Class_8\",$N12=\"Replacement8HHD\",$AH12=\"CL7HHD\",$AJ12=\"CL7to8\"),INDEX('ER C8 FLT2'!$A$4:$J$640,MATCH($E12&$C12,'ER C8 FLT2'!$A$4:$A$640&'ER C8 FLT2'!$B$4:$B$640-2,1),5),IF($H12=\"Class_7\",INDEX('ER C7 FLT2'!$A$4:$J$640,MATCH($E12&$C12,'ER C7 FLT2'!$A$4:$A$640&'ER C7 FLT2'!$B$4:$B$640-2,1),5),IF($H12=\"Class_6\",INDEX('ER C6 FLT2'!$A$4:$J$640,MATCH($E12&$C12,'ER C6 FLT2'!$A$4:$A$640&'ER C6 FLT2'!$B$4:$B$640-2,1),5)))),IF($B12=\"1 Truck\",IF(OR($H12=\"Class_8\",$N12=\"Replacement8HHD\",$AH12=\"CL7HHD\",$AJ12=\"CL7to8\"),INDEX('ER C8 FLT1'!$A$4:$J$640,MATCH($E12&$C12,'ER C8 FLT1'!$A$4:$A$640&'ER C8 FLT1'!$B$4:$B$640-2,1),5),IF($H12=\"Class_7\",INDEX('ER C7 FLT1'!$A$4:$J$640,MATCH($E12&$C12,'ER C7 FLT1'!$A$4:$A$640&'ER C7 FLT1'!$B$4:$B$640-2,1),5),IF($H12=\"Class_6\",INDEX('ER C6 FLT1'!$A$4:$J$640,MATCH($E12&$C12,'ER C6 FLT1'!$A$4:$A$640&'ER C6 FLT1'!$B$4:$B$640-2,1),5)))))))","v":false},{"$f":"IF($B12=\"3+ Trucks\",IF(OR($H12=\"Class_8\",$N12=\"Replacement8HHD\",$AH12=\"CL7HHD\",$AJ12=\"CL7to8\"),INDEX('ER C8 FLT3'!$A$4:$J$640,MATCH($E12&$C12,'ER C8 FLT3'!$A$4:$A$640&'ER C8 FLT3'!$B$4:$B$640-3,1),5),IF($H12=\"Class_7\",INDEX('ER C7 FLT3'!$A$4:$J$640,MATCH($E12&$C12,'ER C7 FLT3'!$A$4:$A$640&'ER C7 FLT3'!$B$4:$B$640-3,1),5),IF($H12=\"Class_6\",INDEX('ER C6 FLT3'!$A$4:$J$640,MATCH($E12&$C12,'ER C6 FLT3'!$A$4:$A$640&'ER C6 FLT3'!$B$4:$B$640-3,1),5)))),IF($B12=\"2 Trucks\",IF(OR($H12=\"Class_8\",$N12=\"Replacement8HHD\",$AH12=\"CL7HHD\",$AJ12=\"CL7to8\"),INDEX('ER C8 FLT2'!$A$4:$J$640,MATCH($E12&$C12,'ER C8 FLT2'!$A$4:$A$640&'ER C8 FLT2'!$B$4:$B$640-3,1),5),IF($H12=\"Class_7\",INDEX('ER C7 FLT2'!$A$4:$J$640,MATCH($E12&$C12,'ER C7 FLT2'!$A$4:$A$640&'ER C7 FLT2'!$B$4:$B$640-3,1),5),IF($H12=\"Class_6\",INDEX('ER C6 FLT2'!$A$4:$J$640,MATCH($E12&$C12,'ER C6 FLT2'!$A$4:$A$640&'ER C6 FLT2'!$B$4:$B$640-3,1),5)))),IF($B12=\"1 Truck\",IF(OR($H12=\"Class_8\",$N12=\"Replacement8HHD\",$AH12=\"CL7HHD\",$AJ12=\"CL7to8\"),INDEX('ER C8 FLT1'!$A$4:$J$640,MATCH($E12&$C12,'ER C8 FLT1'!$A$4:$A$640&'ER C8 FLT1'!$B$4:$B$640-3,1),5),IF($H12=\"Class_7\",INDEX('ER C7 FLT1'!$A$4:$J$640,MATCH($E12&$C12,'ER C7 FLT1'!$A$4:$A$640&'ER C7 FLT1'!$B$4:$B$640-3,1),5),IF($H12=\"Class_6\",INDEX('ER C6 FLT1'!$A$4:$J$640,MATCH($E12&$C12,'ER C6 FLT1'!$A$4:$A$640&'ER C6 FLT1'!$B$4:$B$640-3,1),5)))))))","v":false},{"$f":"IF($B12=\"3+ Trucks\",IF(OR($H12=\"Class_8\",$N12=\"Replacement8HHD\",$AH12=\"CL7HHD\",$AJ12=\"CL7to8\"),INDEX('ER C8 FLT3'!$A$4:$J$640,MATCH($E12&$C12,'ER C8 FLT3'!$A$4:$A$640&'ER C8 FLT3'!$B$4:$B$640-4,1),5),IF($H12=\"Class_7\",INDEX('ER C7 FLT3'!$A$4:$J$640,MATCH($E12&$C12,'ER C7 FLT3'!$A$4:$A$640&'ER C7 FLT3'!$B$4:$B$640-4,1),5),IF($H12=\"Class_6\",INDEX('ER C6 FLT3'!$A$4:$J$640,MATCH($E12&$C12,'ER C6 FLT3'!$A$4:$A$640&'ER C6 FLT3'!$B$4:$B$640-4,1),5)))),IF($B12=\"2 Trucks\",IF(OR($H12=\"Class_8\",$N12=\"Replacement8HHD\",$AH12=\"CL7HHD\",$AJ12=\"CL7to8\"),INDEX('ER C8 FLT2'!$A$4:$J$640,MATCH($E12&$C12,'ER C8 FLT2'!$A$4:$A$640&'ER C8 FLT2'!$B$4:$B$640-4,1),5),IF($H12=\"Class_7\",INDEX('ER C7 FLT2'!$A$4:$J$640,MATCH($E12&$C12,'ER C7 FLT2'!$A$4:$A$640&'ER C7 FLT2'!$B$4:$B$640-4,1),5),IF($H12=\"Class_6\",INDEX('ER C6 FLT2'!$A$4:$J$640,MATCH($E12&$C12,'ER C6 FLT2'!$A$4:$A$640&'ER C6 FLT2'!$B$4:$B$640-4,1),5)))),IF($B12=\"1 Truck\",IF(OR($H12=\"Class_8\",$N12=\"Replacement8HHD\",$AH12=\"CL7HHD\",$AJ12=\"CL7to8\"),INDEX('ER C8 FLT1'!$A$4:$J$640,MATCH($E12&$C12,'ER C8 FLT1'!$A$4:$A$640&'ER C8 FLT1'!$B$4:$B$640-4,1),5),IF($H12=\"Class_7\",INDEX('ER C7 FLT1'!$A$4:$J$640,MATCH($E12&$C12,'ER C7 FLT1'!$A$4:$A$640&'ER C7 FLT1'!$B$4:$B$640-4,1),5),IF($H12=\"Class_6\",INDEX('ER C6 FLT1'!$A$4:$J$640,MATCH($E12&$C12,'ER C6 FLT1'!$A$4:$A$640&'ER C6 FLT1'!$B$4:$B$640-4,1),5)))))))","v":false},{"$f":"IF(OR($R12=\"Diesel\",$R12=\"LNG/CNG\",$R12=\"Hybrid\",$R12=\"Electric w/ AB-118\"),IF($B12=\"3+ Trucks\",IF(OR($O12=\"Class_8\",$N12=\"Replacement8HHD\",$AI12=\"CL7HHD\"),INDEX('ER C8 FLT3'!$A$4:$J$640,MATCH(DropData!$J52&$C12,'ER C8 FLT3'!$A$4:$A$640&'ER C8 FLT3'!$B$4:$B$640,1),5)*IF(OR($O12=\"Class_8\",$N12=\"Replacement8HHD\",$AI12=\"CL7HHD\"),INDEX('ER C8 FLT3'!$A$4:$J$640,MATCH(DropData!$J52&$C12,'ER C8 FLT3'!$A$4:$A$640&'ER C8 FLT3'!$B$4:$B$640,1),7)),IF($O12=\"Class_7\",INDEX('ER C7 FLT3'!$A$4:$J$640,MATCH(DropData!$J52&$C12,'ER C7 FLT3'!$A$4:$A$640&'ER C7 FLT3'!$B$4:$B$640,1),5)*IF($O12=\"Class_7\",INDEX('ER C7 FLT3'!$A$4:$J$640,MATCH(DropData!$J52&$C12,'ER C7 FLT3'!$A$4:$A$640&'ER C7 FLT3'!$B$4:$B$640,1),7)),IF($O12=\"Class_6\",INDEX('ER C6 FLT3'!$A$4:$J$640,MATCH(DropData!$J52&$C12,'ER C6 FLT3'!$A$4:$A$640&'ER C6 FLT3'!$B$4:$B$640,1),5)*IF($O12=\"Class_6\",INDEX('ER C6 FLT3'!$A$4:$J$640,MATCH(DropData!$J52&$C12,'ER C6 FLT3'!$A$4:$A$640&'ER C6 FLT3'!$B$4:$B$640,1),7))))),IF($B12=\"2 Trucks\",IF(OR($O12=\"Class_8\",$N12=\"Replacement8HHD\",$AI12=\"CL7HHD\"),INDEX('ER C8 FLT2'!$A$4:$J$640,MATCH(DropData!$J52&$C12,'ER C8 FLT2'!$A$4:$A$640&'ER C8 FLT2'!$B$4:$B$640,1),5)*IF(OR($O12=\"Class_8\",$N12=\"Replacement8HHD\",$AI12=\"CL7HHD\"),INDEX('ER C8 FLT2'!$A$4:$J$640,MATCH(DropData!$J52&$C12,'ER C8 FLT2'!$A$4:$A$640&'ER C8 FLT2'!$B$4:$B$640,1),7)),IF($O12=\"Class_7\",INDEX('ER C7 FLT2'!$A$4:$J$640,MATCH(DropData!$J52&$C12,'ER C7 FLT2'!$A$4:$A$640&'ER C7 FLT2'!$B$4:$B$640,1),5)*IF($O12=\"Class_7\",INDEX('ER C7 FLT2'!$A$4:$J$640,MATCH(DropData!$J52&$C12,'ER C7 FLT2'!$A$4:$A$640&'ER C7 FLT2'!$B$4:$B$640,1),7)),IF($O12=\"Class_6\",INDEX('ER C6 FLT2'!$A$4:$J$640,MATCH(DropData!$J52&$C12,'ER C6 FLT2'!$A$4:$A$640&'ER C6 FLT2'!$B$4:$B$640,1),5)*IF($O12=\"Class_6\",INDEX('ER C6 FLT2'!$A$4:$J$640,MATCH(DropData!$J52&$C12,'ER C6 FLT2'!$A$4:$A$640&'ER C6 FLT2'!$B$4:$B$640,1),7))))),IF($B12=\"1 Truck\",IF(OR($O12=\"Class_8\",$N12=\"Replacement8HHD\",$AI12=\"CL7HHD\"),INDEX('ER C8 FLT1'!$A$4:$J$640,MATCH(DropData!$J52&$C12,'ER C8 FLT1'!$A$4:$A$640&'ER C8 FLT1'!$B$4:$B$640,1),5)*IF(OR($O12=\"Class_8\",$N12=\"Replacement8HHD\",$AI12=\"CL7HHD\"),INDEX('ER C8 FLT1'!$A$4:$J$640,MATCH(DropData!$J52&$C12,'ER C8 FLT1'!$A$4:$A$640&'ER C8 FLT1'!$B$4:$B$640,1),7)),IF($O12=\"Class_7\",INDEX('ER C7 FLT1'!$A$4:$J$640,MATCH(DropData!$J52&$C12,'ER C7 FLT1'!$A$4:$A$640&'ER C7 FLT1'!$B$4:$B$640,1),5)*IF($O12=\"Class_7\",INDEX('ER C7 FLT1'!$A$4:$J$640,MATCH(DropData!$J52&$C12,'ER C7 FLT1'!$A$4:$A$640&'ER C7 FLT1'!$B$4:$B$640,1),7)),IF($O12=\"Class_6\",INDEX('ER C6 FLT1'!$A$4:$J$640,MATCH(DropData!$J52&$C12,'ER C6 FLT1'!$A$4:$A$640&'ER C6 FLT1'!$B$4:$B$640,1),5)*IF($O12=\"Class_6\",INDEX('ER C6 FLT1'!$A$4:$J$640,MATCH(DropData!$J52&$C12,'ER C6 FLT1'!$A$4:$A$640&'ER C6 FLT1'!$B$4:$B$640,1),7)))))))),IF($R12=\"Electric\",INDEX('ER Electric'!$A$6:$E$44,MATCH($C12&$O12,'ER Electric'!$A$6:$A$44&'ER Electric'!$B$6:$B$44,1),4)))*(($Q12+$AC12)/453.6)","v":0},{"$f":"IF(OR($R12=\"Diesel\",$R12=\"LNG/CNG\",$R12=\"Hybrid\",$R12=\"Electric w/ AB-118\"),IF($B12=\"3+ Trucks\",IF(OR($O12=\"Class_8\",$N12=\"Replacement8HHD\",$AI12=\"CL7HHD\"),INDEX('ER C8 FLT3'!$A$4:$J$640,MATCH(DropData!$J52&$C12,'ER C8 FLT3'!$A$4:$A$640&'ER C8 FLT3'!$B$4:$B$640-1,1),5)*IF(OR($O12=\"Class_8\",$N12=\"Replacement8HHD\",$AI12=\"CL7HHD\"),INDEX('ER C8 FLT3'!$A$4:$J$640,MATCH(DropData!$J52&$C12,'ER C8 FLT3'!$A$4:$A$640&'ER C8 FLT3'!$B$4:$B$640-1,1),7)),IF($O12=\"Class_7\",INDEX('ER C7 FLT3'!$A$4:$J$640,MATCH(DropData!$J52&$C12,'ER C7 FLT3'!$A$4:$A$640&'ER C7 FLT3'!$B$4:$B$640-1,1),5)*IF($O12=\"Class_7\",INDEX('ER C7 FLT3'!$A$4:$J$640,MATCH(DropData!$J52&$C12,'ER C7 FLT3'!$A$4:$A$640&'ER C7 FLT3'!$B$4:$B$640-1,1),7)),IF($O12=\"Class_6\",INDEX('ER C6 FLT3'!$A$4:$J$640,MATCH(DropData!$J52&$C12,'ER C6 FLT3'!$A$4:$A$640&'ER C6 FLT3'!$B$4:$B$640-1,1),5)*IF($O12=\"Class_6\",INDEX('ER C6 FLT3'!$A$4:$J$640,MATCH(DropData!$J52&$C12,'ER C6 FLT3'!$A$4:$A$640&'ER C6 FLT3'!$B$4:$B$640-1,1),7))))),IF($B12=\"2 Trucks\",IF(OR($O12=\"Class_8\",$N12=\"Replacement8HHD\",$AI12=\"CL7HHD\"),INDEX('ER C8 FLT2'!$A$4:$J$640,MATCH(DropData!$J52&$C12,'ER C8 FLT2'!$A$4:$A$640&'ER C8 FLT2'!$B$4:$B$640-1,1),5)*IF(OR($O12=\"Class_8\",$N12=\"Replacement8HHD\",$AI12=\"CL7HHD\"),INDEX('ER C8 FLT2'!$A$4:$J$640,MATCH(DropData!$J52&$C12,'ER C8 FLT2'!$A$4:$A$640&'ER C8 FLT2'!$B$4:$B$640-1,1),7)),IF($O12=\"Class_7\",INDEX('ER C7 FLT2'!$A$4:$J$640,MATCH(DropData!$J52&$C12,'ER C7 FLT2'!$A$4:$A$640&'ER C7 FLT2'!$B$4:$B$640-1,1),5)*IF($O12=\"Class_7\",INDEX('ER C7 FLT2'!$A$4:$J$640,MATCH(DropData!$J52&$C12,'ER C7 FLT2'!$A$4:$A$640&'ER C7 FLT2'!$B$4:$B$640-1,1),7)),IF($O12=\"Class_6\",INDEX('ER C6 FLT2'!$A$4:$J$640,MATCH(DropData!$J52&$C12,'ER C6 FLT2'!$A$4:$A$640&'ER C6 FLT2'!$B$4:$B$640-1,1),5)*IF($O12=\"Class_6\",INDEX('ER C6 FLT2'!$A$4:$J$640,MATCH(DropData!$J52&$C12,'ER C6 FLT2'!$A$4:$A$640&'ER C6 FLT2'!$B$4:$B$640-1,1),7))))),IF($B12=\"1 Truck\",IF(OR($O12=\"Class_8\",$N12=\"Replacement8HHD\",$AI12=\"CL7HHD\"),INDEX('ER C8 FLT1'!$A$4:$J$640,MATCH(DropData!$J52&$C12,'ER C8 FLT1'!$A$4:$A$640&'ER C8 FLT1'!$B$4:$B$640-1,1),5)*IF(OR($O12=\"Class_8\",$N12=\"Replacement8HHD\",$AI12=\"CL7HHD\"),INDEX('ER C8 FLT1'!$A$4:$J$640,MATCH(DropData!$J52&$C12,'ER C8 FLT1'!$A$4:$A$640&'ER C8 FLT1'!$B$4:$B$640-1,1),7)),IF($O12=\"Class_7\",INDEX('ER C7 FLT1'!$A$4:$J$640,MATCH(DropData!$J52&$C12,'ER C7 FLT1'!$A$4:$A$640&'ER C7 FLT1'!$B$4:$B$640-1,1),5)*IF($O12=\"Class_7\",INDEX('ER C7 FLT1'!$A$4:$J$640,MATCH(DropData!$J52&$C12,'ER C7 FLT1'!$A$4:$A$640&'ER C7 FLT1'!$B$4:$B$640-1,1),7)),IF($O12=\"Class_6\",INDEX('ER C6 FLT1'!$A$4:$J$640,MATCH(DropData!$J52&$C12,'ER C6 FLT1'!$A$4:$A$640&'ER C6 FLT1'!$B$4:$B$640-1,1),5)*IF($O12=\"Class_6\",INDEX('ER C6 FLT1'!$A$4:$J$640,MATCH(DropData!$J52&$C12,'ER C6 FLT1'!$A$4:$A$640&'ER C6 FLT1'!$B$4:$B$640-1,1),7)))))))),IF($R12=\"Electric\",OFFSET(INDEX('ER Electric'!$A$6:$E$44,MATCH($C12&$O12,'ER Electric'!$A$6:$A$44&'ER Electric'!$B$6:$B$44,1),4),3,0)))*(($Q12+$AC12)/453.6)","v":0},{"$f":"IF(OR($R12=\"Diesel\",$R12=\"LNG/CNG\",$R12=\"Hybrid\",$R12=\"Electric w/ AB-118\"),IF($B12=\"3+ Trucks\",IF(OR($O12=\"Class_8\",$N12=\"Replacement8HHD\",$AI12=\"CL7HHD\"),INDEX('ER C8 FLT3'!$A$4:$J$640,MATCH(DropData!$J52&$C12,'ER C8 FLT3'!$A$4:$A$640&'ER C8 FLT3'!$B$4:$B$640-2,1),5)*IF(OR($O12=\"Class_8\",$N12=\"Replacement8HHD\",$AI12=\"CL7HHD\"),INDEX('ER C8 FLT3'!$A$4:$J$640,MATCH(DropData!$J52&$C12,'ER C8 FLT3'!$A$4:$A$640&'ER C8 FLT3'!$B$4:$B$640-2,1),7)),IF($O12=\"Class_7\",INDEX('ER C7 FLT3'!$A$4:$J$640,MATCH(DropData!$J52&$C12,'ER C7 FLT3'!$A$4:$A$640&'ER C7 FLT3'!$B$4:$B$640-2,1),5)*IF($O12=\"Class_7\",INDEX('ER C7 FLT3'!$A$4:$J$640,MATCH(DropData!$J52&$C12,'ER C7 FLT3'!$A$4:$A$640&'ER C7 FLT3'!$B$4:$B$640-2,1),7)),IF($O12=\"Class_6\",INDEX('ER C6 FLT3'!$A$4:$J$640,MATCH(DropData!$J52&$C12,'ER C6 FLT3'!$A$4:$A$640&'ER C6 FLT3'!$B$4:$B$640-2,1),5)*IF($O12=\"Class_6\",INDEX('ER C6 FLT3'!$A$4:$J$640,MATCH(DropData!$J52&$C12,'ER C6 FLT3'!$A$4:$A$640&'ER C6 FLT3'!$B$4:$B$640-2,1),7))))),IF($B12=\"2 Trucks\",IF(OR($O12=\"Class_8\",$N12=\"Replacement8HHD\",$AI12=\"CL7HHD\"),INDEX('ER C8 FLT2'!$A$4:$J$640,MATCH(DropData!$J52&$C12,'ER C8 FLT2'!$A$4:$A$640&'ER C8 FLT2'!$B$4:$B$640-2,1),5)*IF(OR($O12=\"Class_8\",$N12=\"Replacement8HHD\",$AI12=\"CL7HHD\"),INDEX('ER C8 FLT2'!$A$4:$J$640,MATCH(DropData!$J52&$C12,'ER C8 FLT2'!$A$4:$A$640&'ER C8 FLT2'!$B$4:$B$640-2,1),7)),IF($O12=\"Class_7\",INDEX('ER C7 FLT2'!$A$4:$J$640,MATCH(DropData!$J52&$C12,'ER C7 FLT2'!$A$4:$A$640&'ER C7 FLT2'!$B$4:$B$640-2,1),5)*IF($O12=\"Class_7\",INDEX('ER C7 FLT2'!$A$4:$J$640,MATCH(DropData!$J52&$C12,'ER C7 FLT2'!$A$4:$A$640&'ER C7 FLT2'!$B$4:$B$640-2,1),7)),IF($O12=\"Class_6\",INDEX('ER C6 FLT2'!$A$4:$J$640,MATCH(DropData!$J52&$C12,'ER C6 FLT2'!$A$4:$A$640&'ER C6 FLT2'!$B$4:$B$640-2,1),5)*IF($O12=\"Class_6\",INDEX('ER C6 FLT2'!$A$4:$J$640,MATCH(DropData!$J52&$C12,'ER C6 FLT2'!$A$4:$A$640&'ER C6 FLT2'!$B$4:$B$640-2,1),7))))),IF($B12=\"1 Truck\",IF(OR($O12=\"Class_8\",$N12=\"Replacement8HHD\",$AI12=\"CL7HHD\"),INDEX('ER C8 FLT1'!$A$4:$J$640,MATCH(DropData!$J52&$C12,'ER C8 FLT1'!$A$4:$A$640&'ER C8 FLT1'!$B$4:$B$640-2,1),5)*IF(OR($O12=\"Class_8\",$N12=\"Replacement8HHD\",$AI12=\"CL7HHD\"),INDEX('ER C8 FLT1'!$A$4:$J$640,MATCH(DropData!$J52&$C12,'ER C8 FLT1'!$A$4:$A$640&'ER C8 FLT1'!$B$4:$B$640-2,1),7)),IF($O12=\"Class_7\",INDEX('ER C7 FLT1'!$A$4:$J$640,MATCH(DropData!$J52&$C12,'ER C7 FLT1'!$A$4:$A$640&'ER C7 FLT1'!$B$4:$B$640-2,1),5)*IF($O12=\"Class_7\",INDEX('ER C7 FLT1'!$A$4:$J$640,MATCH(DropData!$J52&$C12,'ER C7 FLT1'!$A$4:$A$640&'ER C7 FLT1'!$B$4:$B$640-2,1),7)),IF($O12=\"Class_6\",INDEX('ER C6 FLT1'!$A$4:$J$640,MATCH(DropData!$J52&$C12,'ER C6 FLT1'!$A$4:$A$640&'ER C6 FLT1'!$B$4:$B$640-2,1),5)*IF($O12=\"Class_6\",INDEX('ER C6 FLT1'!$A$4:$J$640,MATCH(DropData!$J52&$C12,'ER C6 FLT1'!$A$4:$A$640&'ER C6 FLT1'!$B$4:$B$640-2,1),7)))))))),IF($R12=\"Electric\",OFFSET(INDEX('ER Electric'!$A$6:$E$44,MATCH($C12&$O12,'ER Electric'!$A$6:$A$44&'ER Electric'!$B$6:$B$44,1),4),6,0)))*(($Q12+$AC12)/453.6)","v":0},{"$f":"IF(OR($R12=\"Diesel\",$R12=\"LNG/CNG\",$R12=\"Hybrid\",$R12=\"Electric w/ AB-118\"),IF($B12=\"3+ Trucks\",IF(OR($O12=\"Class_8\",$N12=\"Replacement8HHD\",$AI12=\"CL7HHD\"),INDEX('ER C8 FLT3'!$A$4:$J$640,MATCH(DropData!$J52&$C12,'ER C8 FLT3'!$A$4:$A$640&'ER C8 FLT3'!$B$4:$B$640-3,1),5)*IF(OR($O12=\"Class_8\",$N12=\"Replacement8HHD\",$AI12=\"CL7HHD\"),INDEX('ER C8 FLT3'!$A$4:$J$640,MATCH(DropData!$J52&$C12,'ER C8 FLT3'!$A$4:$A$640&'ER C8 FLT3'!$B$4:$B$640-3,1),7)),IF($O12=\"Class_7\",INDEX('ER C7 FLT3'!$A$4:$J$640,MATCH(DropData!$J52&$C12,'ER C7 FLT3'!$A$4:$A$640&'ER C7 FLT3'!$B$4:$B$640-3,1),5)*IF($O12=\"Class_7\",INDEX('ER C7 FLT3'!$A$4:$J$640,MATCH(DropData!$J52&$C12,'ER C7 FLT3'!$A$4:$A$640&'ER C7 FLT3'!$B$4:$B$640-3,1),7)),IF($O12=\"Class_6\",INDEX('ER C6 FLT3'!$A$4:$J$640,MATCH(DropData!$J52&$C12,'ER C6 FLT3'!$A$4:$A$640&'ER C6 FLT3'!$B$4:$B$640-3,1),5)*IF($O12=\"Class_6\",INDEX('ER C6 FLT3'!$A$4:$J$640,MATCH(DropData!$J52&$C12,'ER C6 FLT3'!$A$4:$A$640&'ER C6 FLT3'!$B$4:$B$640-3,1),7))))),IF($B12=\"2 Trucks\",IF(OR($O12=\"Class_8\",$N12=\"Replacement8HHD\",$AI12=\"CL7HHD\"),INDEX('ER C8 FLT2'!$A$4:$J$640,MATCH(DropData!$J52&$C12,'ER C8 FLT2'!$A$4:$A$640&'ER C8 FLT2'!$B$4:$B$640-3,1),5)*IF(OR($O12=\"Class_8\",$N12=\"Replacement8HHD\",$AI12=\"CL7HHD\"),INDEX('ER C8 FLT2'!$A$4:$J$640,MATCH(DropData!$J52&$C12,'ER C8 FLT2'!$A$4:$A$640&'ER C8 FLT2'!$B$4:$B$640-3,1),7)),IF($O12=\"Class_7\",INDEX('ER C7 FLT2'!$A$4:$J$640,MATCH(DropData!$J52&$C12,'ER C7 FLT2'!$A$4:$A$640&'ER C7 FLT2'!$B$4:$B$640-3,1),5)*IF($O12=\"Class_7\",INDEX('ER C7 FLT2'!$A$4:$J$640,MATCH(DropData!$J52&$C12,'ER C7 FLT2'!$A$4:$A$640&'ER C7 FLT2'!$B$4:$B$640-3,1),7)),IF($O12=\"Class_6\",INDEX('ER C6 FLT2'!$A$4:$J$640,MATCH(DropData!$J52&$C12,'ER C6 FLT2'!$A$4:$A$640&'ER C6 FLT2'!$B$4:$B$640-3,1),5)*IF($O12=\"Class_6\",INDEX('ER C6 FLT2'!$A$4:$J$640,MATCH(DropData!$J52&$C12,'ER C6 FLT2'!$A$4:$A$640&'ER C6 FLT2'!$B$4:$B$640-3,1),7))))),IF($B12=\"1 Truck\",IF(OR($O12=\"Class_8\",$N12=\"Replacement8HHD\",$AI12=\"CL7HHD\"),INDEX('ER C8 FLT1'!$A$4:$J$640,MATCH(DropData!$J52&$C12,'ER C8 FLT1'!$A$4:$A$640&'ER C8 FLT1'!$B$4:$B$640-3,1),5)*IF(OR($O12=\"Class_8\",$N12=\"Replacement8HHD\",$AI12=\"CL7HHD\"),INDEX('ER C8 FLT1'!$A$4:$J$640,MATCH(DropData!$J52&$C12,'ER C8 FLT1'!$A$4:$A$640&'ER C8 FLT1'!$B$4:$B$640-3,1),7)),IF($O12=\"Class_7\",INDEX('ER C7 FLT1'!$A$4:$J$640,MATCH(DropData!$J52&$C12,'ER C7 FLT1'!$A$4:$A$640&'ER C7 FLT1'!$B$4:$B$640-3,1),5)*IF($O12=\"Class_7\",INDEX('ER C7 FLT1'!$A$4:$J$640,MATCH(DropData!$J52&$C12,'ER C7 FLT1'!$A$4:$A$640&'ER C7 FLT1'!$B$4:$B$640-3,1),7)),IF($O12=\"Class_6\",INDEX('ER C6 FLT1'!$A$4:$J$640,MATCH(DropData!$J52&$C12,'ER C6 FLT1'!$A$4:$A$640&'ER C6 FLT1'!$B$4:$B$640-3,1),5)*IF($O12=\"Class_6\",INDEX('ER C6 FLT1'!$A$4:$J$640,MATCH(DropData!$J52&$C12,'ER C6 FLT1'!$A$4:$A$640&'ER C6 FLT1'!$B$4:$B$640-3,1),7)))))))),IF($R12=\"Electric\",OFFSET(INDEX('ER Electric'!$A$6:$E$44,MATCH($C12&$O12,'ER Electric'!$A$6:$A$44&'ER Electric'!$B$6:$B$44,1),4),9,0)))*(($Q12+$AC12)/453.6)","v":0},{"$f":"IF(OR($R12=\"Diesel\",$R12=\"LNG/CNG\",$R12=\"Hybrid\",$R12=\"Electric w/ AB-118\"),IF($B12=\"3+ Trucks\",IF(OR($O12=\"Class_8\",$N12=\"Replacement8HHD\",$AI12=\"CL7HHD\"),INDEX('ER C8 FLT3'!$A$4:$J$640,MATCH(DropData!$J52&$C12,'ER C8 FLT3'!$A$4:$A$640&'ER C8 FLT3'!$B$4:$B$640-4,1),5)*IF(OR($O12=\"Class_8\",$N12=\"Replacement8HHD\",$AI12=\"CL7HHD\"),INDEX('ER C8 FLT3'!$A$4:$J$640,MATCH(DropData!$J52&$C12,'ER C8 FLT3'!$A$4:$A$640&'ER C8 FLT3'!$B$4:$B$640-4,1),7)),IF($O12=\"Class_7\",INDEX('ER C7 FLT3'!$A$4:$J$640,MATCH(DropData!$J52&$C12,'ER C7 FLT3'!$A$4:$A$640&'ER C7 FLT3'!$B$4:$B$640-4,1),5)*IF($O12=\"Class_7\",INDEX('ER C7 FLT3'!$A$4:$J$640,MATCH(DropData!$J52&$C12,'ER C7 FLT3'!$A$4:$A$640&'ER C7 FLT3'!$B$4:$B$640-4,1),7)),IF($O12=\"Class_6\",INDEX('ER C6 FLT3'!$A$4:$J$640,MATCH(DropData!$J52&$C12,'ER C6 FLT3'!$A$4:$A$640&'ER C6 FLT3'!$B$4:$B$640-4,1),5)*IF($O12=\"Class_6\",INDEX('ER C6 FLT3'!$A$4:$J$640,MATCH(DropData!$J52&$C12,'ER C6 FLT3'!$A$4:$A$640&'ER C6 FLT3'!$B$4:$B$640-4,1),7))))),IF($B12=\"2 Trucks\",IF(OR($O12=\"Class_8\",$N12=\"Replacement8HHD\",$AI12=\"CL7HHD\"),INDEX('ER C8 FLT2'!$A$4:$J$640,MATCH(DropData!$J52&$C12,'ER C8 FLT2'!$A$4:$A$640&'ER C8 FLT2'!$B$4:$B$640-4,1),5)*IF(OR($O12=\"Class_8\",$N12=\"Replacement8HHD\",$AI12=\"CL7HHD\"),INDEX('ER C8 FLT2'!$A$4:$J$640,MATCH(DropData!$J52&$C12,'ER C8 FLT2'!$A$4:$A$640&'ER C8 FLT2'!$B$4:$B$640-4,1),7)),IF($O12=\"Class_7\",INDEX('ER C7 FLT2'!$A$4:$J$640,MATCH(DropData!$J52&$C12,'ER C7 FLT2'!$A$4:$A$640&'ER C7 FLT2'!$B$4:$B$640-4,1),5)*IF($O12=\"Class_7\",INDEX('ER C7 FLT2'!$A$4:$J$640,MATCH(DropData!$J52&$C12,'ER C7 FLT2'!$A$4:$A$640&'ER C7 FLT2'!$B$4:$B$640-4,1),7)),IF($O12=\"Class_6\",INDEX('ER C6 FLT2'!$A$4:$J$640,MATCH(DropData!$J52&$C12,'ER C6 FLT2'!$A$4:$A$640&'ER C6 FLT2'!$B$4:$B$640-4,1),5)*IF($O12=\"Class_6\",INDEX('ER C6 FLT2'!$A$4:$J$640,MATCH(DropData!$J52&$C12,'ER C6 FLT2'!$A$4:$A$640&'ER C6 FLT2'!$B$4:$B$640-4,1),7))))),IF($B12=\"1 Truck\",IF(OR($O12=\"Class_8\",$N12=\"Replacement8HHD\",$AI12=\"CL7HHD\"),INDEX('ER C8 FLT1'!$A$4:$J$640,MATCH(DropData!$J52&$C12,'ER C8 FLT1'!$A$4:$A$640&'ER C8 FLT1'!$B$4:$B$640-4,1),5)*IF(OR($O12=\"Class_8\",$N12=\"Replacement8HHD\",$AI12=\"CL7HHD\"),INDEX('ER C8 FLT1'!$A$4:$J$640,MATCH(DropData!$J52&$C12,'ER C8 FLT1'!$A$4:$A$640&'ER C8 FLT1'!$B$4:$B$640-4,1),7)),IF($O12=\"Class_7\",INDEX('ER C7 FLT1'!$A$4:$J$640,MATCH(DropData!$J52&$C12,'ER C7 FLT1'!$A$4:$A$640&'ER C7 FLT1'!$B$4:$B$640-4,1),5)*IF($O12=\"Class_7\",INDEX('ER C7 FLT1'!$A$4:$J$640,MATCH(DropData!$J52&$C12,'ER C7 FLT1'!$A$4:$A$640&'ER C7 FLT1'!$B$4:$B$640-4,1),7)),IF($O12=\"Class_6\",INDEX('ER C6 FLT1'!$A$4:$J$640,MATCH(DropData!$J52&$C12,'ER C6 FLT1'!$A$4:$A$640&'ER C6 FLT1'!$B$4:$B$640-4,1),5)*IF($O12=\"Class_6\",INDEX('ER C6 FLT1'!$A$4:$J$640,MATCH(DropData!$J52&$C12,'ER C6 FLT1'!$A$4:$A$640&'ER C6 FLT1'!$B$4:$B$640-4,1),7)))))))),IF($R12=\"Electric\",OFFSET(INDEX('ER Electric'!$A$6:$E$44,MATCH($C12&$O12,'ER Electric'!$A$6:$A$44&'ER Electric'!$B$6:$B$44,1),4),12,0)))*(($Q12+$AC12)/453.6)","v":0},{"$f":"IF(OR($R12=\"Diesel\",$R12=\"LNG/CNG\",$R12=\"Hybrid\",$R12=\"Electric w/ AB-118\"),IF($B12=\"3+ Trucks\",IF(OR($O12=\"Class_8\",$N12=\"Replacement8HHD\",$AI12=\"CL7HHD\"),INDEX('ER C8 FLT3'!$A$4:$J$640,MATCH(DropData!$J52&$C12,'ER C8 FLT3'!$A$4:$A$640&'ER C8 FLT3'!$B$4:$B$640,1),5)*IF(OR($O12=\"Class_8\",$N12=\"Replacement8HHD\",$AI12=\"CL7HHD\"),INDEX('ER C8 FLT3'!$A$4:$J$640,MATCH(DropData!$J52&$C12,'ER C8 FLT3'!$A$4:$A$640&'ER C8 FLT3'!$B$4:$B$640,1),7)),IF($O12=\"Class_7\",INDEX('ER C7 FLT3'!$A$4:$J$640,MATCH(DropData!$J52&$C12,'ER C7 FLT3'!$A$4:$A$640&'ER C7 FLT3'!$B$4:$B$640,1),5)*IF($O12=\"Class_7\",INDEX('ER C7 FLT3'!$A$4:$J$640,MATCH(DropData!$J52&$C12,'ER C7 FLT3'!$A$4:$A$640&'ER C7 FLT3'!$B$4:$B$640,1),7)),IF($O12=\"Class_6\",INDEX('ER C6 FLT3'!$A$4:$J$640,MATCH(DropData!$J52&$C12,'ER C6 FLT3'!$A$4:$A$640&'ER C6 FLT3'!$B$4:$B$640,1),5)*IF($O12=\"Class_6\",INDEX('ER C6 FLT3'!$A$4:$J$640,MATCH(DropData!$J52&$C12,'ER C6 FLT3'!$A$4:$A$640&'ER C6 FLT3'!$B$4:$B$640,1),7))))),IF($B12=\"2 Trucks\",IF(OR($O12=\"Class_8\",$N12=\"Replacement8HHD\",$AI12=\"CL7HHD\"),INDEX('ER C8 FLT2'!$A$4:$J$640,MATCH(DropData!$J52&$C12,'ER C8 FLT2'!$A$4:$A$640&'ER C8 FLT2'!$B$4:$B$640,1),5)*IF(OR($O12=\"Class_8\",$N12=\"Replacement8HHD\",$AI12=\"CL7HHD\"),INDEX('ER C8 FLT2'!$A$4:$J$640,MATCH(DropData!$J52&$C12,'ER C8 FLT2'!$A$4:$A$640&'ER C8 FLT2'!$B$4:$B$640,1),7)),IF($O12=\"Class_7\",INDEX('ER C7 FLT2'!$A$4:$J$640,MATCH(DropData!$J52&$C12,'ER C7 FLT2'!$A$4:$A$640&'ER C7 FLT2'!$B$4:$B$640,1),5)*IF($O12=\"Class_7\",INDEX('ER C7 FLT2'!$A$4:$J$640,MATCH(DropData!$J52&$C12,'ER C7 FLT2'!$A$4:$A$640&'ER C7 FLT2'!$B$4:$B$640,1),7)),IF($O12=\"Class_6\",INDEX('ER C6 FLT2'!$A$4:$J$640,MATCH(DropData!$J52&$C12,'ER C6 FLT2'!$A$4:$A$640&'ER C6 FLT2'!$B$4:$B$640,1),5)*IF($O12=\"Class_6\",INDEX('ER C6 FLT2'!$A$4:$J$640,MATCH(DropData!$J52&$C12,'ER C6 FLT2'!$A$4:$A$640&'ER C6 FLT2'!$B$4:$B$640,1),7))))),IF($B12=\"1 Truck\",IF(OR($O12=\"Class_8\",$N12=\"Replacement8HHD\",$AI12=\"CL7HHD\"),INDEX('ER C8 FLT1'!$A$4:$J$640,MATCH(DropData!$J52&$C12,'ER C8 FLT1'!$A$4:$A$640&'ER C8 FLT1'!$B$4:$B$640,1),5)*IF(OR($O12=\"Class_8\",$N12=\"Replacement8HHD\",$AI12=\"CL7HHD\"),INDEX('ER C8 FLT1'!$A$4:$J$640,MATCH(DropData!$J52&$C12,'ER C8 FLT1'!$A$4:$A$640&'ER C8 FLT1'!$B$4:$B$640,1),7)),IF($O12=\"Class_7\",INDEX('ER C7 FLT1'!$A$4:$J$640,MATCH(DropData!$J52&$C12,'ER C7 FLT1'!$A$4:$A$640&'ER C7 FLT1'!$B$4:$B$640,1),5)*IF($O12=\"Class_7\",INDEX('ER C7 FLT1'!$A$4:$J$640,MATCH(DropData!$J52&$C12,'ER C7 FLT1'!$A$4:$A$640&'ER C7 FLT1'!$B$4:$B$640,1),7)),IF($O12=\"Class_6\",INDEX('ER C6 FLT1'!$A$4:$J$640,MATCH(DropData!$J52&$C12,'ER C6 FLT1'!$A$4:$A$640&'ER C6 FLT1'!$B$4:$B$640,1),5)*IF($O12=\"Class_6\",INDEX('ER C6 FLT1'!$A$4:$J$640,MATCH(DropData!$J52&$C12,'ER C6 FLT1'!$A$4:$A$640&'ER C6 FLT1'!$B$4:$B$640,1),7)))))))),IF($R12=\"Electric\",INDEX('ER Electric'!$A$6:$E$44,MATCH($C12&$O12,'ER Electric'!$A$6:$A$44&'ER Electric'!$B$6:$B$44,1),4)))","v":false},{"$f":"IF(OR($R12=\"Diesel\",$R12=\"LNG/CNG\",$R12=\"Hybrid\",$R12=\"Electric w/ AB-118\"),IF($B12=\"3+ Trucks\",IF(OR($O12=\"Class_8\",$N12=\"Replacement8HHD\",$AI12=\"CL7HHD\"),INDEX('ER C8 FLT3'!$A$4:$J$640,MATCH(DropData!$J52&$C12,'ER C8 FLT3'!$A$4:$A$640&'ER C8 FLT3'!$B$4:$B$640-1,1),5)*IF(OR($O12=\"Class_8\",$N12=\"Replacement8HHD\",$AI12=\"CL7HHD\"),INDEX('ER C8 FLT3'!$A$4:$J$640,MATCH(DropData!$J52&$C12,'ER C8 FLT3'!$A$4:$A$640&'ER C8 FLT3'!$B$4:$B$640-1,1),7)),IF($O12=\"Class_7\",INDEX('ER C7 FLT3'!$A$4:$J$640,MATCH(DropData!$J52&$C12,'ER C7 FLT3'!$A$4:$A$640&'ER C7 FLT3'!$B$4:$B$640-1,1),5)*IF($O12=\"Class_7\",INDEX('ER C7 FLT3'!$A$4:$J$640,MATCH(DropData!$J52&$C12,'ER C7 FLT3'!$A$4:$A$640&'ER C7 FLT3'!$B$4:$B$640-1,1),7)),IF($O12=\"Class_6\",INDEX('ER C6 FLT3'!$A$4:$J$640,MATCH(DropData!$J52&$C12,'ER C6 FLT3'!$A$4:$A$640&'ER C6 FLT3'!$B$4:$B$640-1,1),5)*IF($O12=\"Class_6\",INDEX('ER C6 FLT3'!$A$4:$J$640,MATCH(DropData!$J52&$C12,'ER C6 FLT3'!$A$4:$A$640&'ER C6 FLT3'!$B$4:$B$640-1,1),7))))),IF($B12=\"2 Trucks\",IF(OR($O12=\"Class_8\",$N12=\"Replacement8HHD\",$AI12=\"CL7HHD\"),INDEX('ER C8 FLT2'!$A$4:$J$640,MATCH(DropData!$J52&$C12,'ER C8 FLT2'!$A$4:$A$640&'ER C8 FLT2'!$B$4:$B$640-1,1),5)*IF(OR($O12=\"Class_8\",$N12=\"Replacement8HHD\",$AI12=\"CL7HHD\"),INDEX('ER C8 FLT2'!$A$4:$J$640,MATCH(DropData!$J52&$C12,'ER C8 FLT2'!$A$4:$A$640&'ER C8 FLT2'!$B$4:$B$640-1,1),7)),IF($O12=\"Class_7\",INDEX('ER C7 FLT2'!$A$4:$J$640,MATCH(DropData!$J52&$C12,'ER C7 FLT2'!$A$4:$A$640&'ER C7 FLT2'!$B$4:$B$640-1,1),5)*IF($O12=\"Class_7\",INDEX('ER C7 FLT2'!$A$4:$J$640,MATCH(DropData!$J52&$C12,'ER C7 FLT2'!$A$4:$A$640&'ER C7 FLT2'!$B$4:$B$640-1,1),7)),IF($O12=\"Class_6\",INDEX('ER C6 FLT2'!$A$4:$J$640,MATCH(DropData!$J52&$C12,'ER C6 FLT2'!$A$4:$A$640&'ER C6 FLT2'!$B$4:$B$640-1,1),5)*IF($O12=\"Class_6\",INDEX('ER C6 FLT2'!$A$4:$J$640,MATCH(DropData!$J52&$C12,'ER C6 FLT2'!$A$4:$A$640&'ER C6 FLT2'!$B$4:$B$640-1,1),7))))),IF($B12=\"1 Truck\",IF(OR($O12=\"Class_8\",$N12=\"Replacement8HHD\",$AI12=\"CL7HHD\"),INDEX('ER C8 FLT1'!$A$4:$J$640,MATCH(DropData!$J52&$C12,'ER C8 FLT1'!$A$4:$A$640&'ER C8 FLT1'!$B$4:$B$640-1,1),5)*IF(OR($O12=\"Class_8\",$N12=\"Replacement8HHD\",$AI12=\"CL7HHD\"),INDEX('ER C8 FLT1'!$A$4:$J$640,MATCH(DropData!$J52&$C12,'ER C8 FLT1'!$A$4:$A$640&'ER C8 FLT1'!$B$4:$B$640-1,1),7)),IF($O12=\"Class_7\",INDEX('ER C7 FLT1'!$A$4:$J$640,MATCH(DropData!$J52&$C12,'ER C7 FLT1'!$A$4:$A$640&'ER C7 FLT1'!$B$4:$B$640-1,1),5)*IF($O12=\"Class_7\",INDEX('ER C7 FLT1'!$A$4:$J$640,MATCH(DropData!$J52&$C12,'ER C7 FLT1'!$A$4:$A$640&'ER C7 FLT1'!$B$4:$B$640-1,1),7)),IF($O12=\"Class_6\",INDEX('ER C6 FLT1'!$A$4:$J$640,MATCH(DropData!$J52&$C12,'ER C6 FLT1'!$A$4:$A$640&'ER C6 FLT1'!$B$4:$B$640-1,1),5)*IF($O12=\"Class_6\",INDEX('ER C6 FLT1'!$A$4:$J$640,MATCH(DropData!$J52&$C12,'ER C6 FLT1'!$A$4:$A$640&'ER C6 FLT1'!$B$4:$B$640-1,1),7)))))))),IF($R12=\"Electric\",OFFSET(INDEX('ER Electric'!$A$6:$E$44,MATCH($C12&$O12,'ER Electric'!$A$6:$A$44&'ER Electric'!$B$6:$B$44,1),4),3,0)))","v":false},{"$f":"IF(OR($R12=\"Diesel\",$R12=\"LNG/CNG\",$R12=\"Hybrid\",$R12=\"Electric w/ AB-118\"),IF($B12=\"3+ Trucks\",IF(OR($O12=\"Class_8\",$N12=\"Replacement8HHD\",$AI12=\"CL7HHD\"),INDEX('ER C8 FLT3'!$A$4:$J$640,MATCH(DropData!$J52&$C12,'ER C8 FLT3'!$A$4:$A$640&'ER C8 FLT3'!$B$4:$B$640-2,1),5)*IF(OR($O12=\"Class_8\",$N12=\"Replacement8HHD\",$AI12=\"CL7HHD\"),INDEX('ER C8 FLT3'!$A$4:$J$640,MATCH(DropData!$J52&$C12,'ER C8 FLT3'!$A$4:$A$640&'ER C8 FLT3'!$B$4:$B$640-2,1),7)),IF($O12=\"Class_7\",INDEX('ER C7 FLT3'!$A$4:$J$640,MATCH(DropData!$J52&$C12,'ER C7 FLT3'!$A$4:$A$640&'ER C7 FLT3'!$B$4:$B$640-2,1),5)*IF($O12=\"Class_7\",INDEX('ER C7 FLT3'!$A$4:$J$640,MATCH(DropData!$J52&$C12,'ER C7 FLT3'!$A$4:$A$640&'ER C7 FLT3'!$B$4:$B$640-2,1),7)),IF($O12=\"Class_6\",INDEX('ER C6 FLT3'!$A$4:$J$640,MATCH(DropData!$J52&$C12,'ER C6 FLT3'!$A$4:$A$640&'ER C6 FLT3'!$B$4:$B$640-2,1),5)*IF($O12=\"Class_6\",INDEX('ER C6 FLT3'!$A$4:$J$640,MATCH(DropData!$J52&$C12,'ER C6 FLT3'!$A$4:$A$640&'ER C6 FLT3'!$B$4:$B$640-2,1),7))))),IF($B12=\"2 Trucks\",IF(OR($O12=\"Class_8\",$N12=\"Replacement8HHD\",$AI12=\"CL7HHD\"),INDEX('ER C8 FLT2'!$A$4:$J$640,MATCH(DropData!$J52&$C12,'ER C8 FLT2'!$A$4:$A$640&'ER C8 FLT2'!$B$4:$B$640-2,1),5)*IF(OR($O12=\"Class_8\",$N12=\"Replacement8HHD\",$AI12=\"CL7HHD\"),INDEX('ER C8 FLT2'!$A$4:$J$640,MATCH(DropData!$J52&$C12,'ER C8 FLT2'!$A$4:$A$640&'ER C8 FLT2'!$B$4:$B$640-2,1),7)),IF($O12=\"Class_7\",INDEX('ER C7 FLT2'!$A$4:$J$640,MATCH(DropData!$J52&$C12,'ER C7 FLT2'!$A$4:$A$640&'ER C7 FLT2'!$B$4:$B$640-2,1),5)*IF($O12=\"Class_7\",INDEX('ER C7 FLT2'!$A$4:$J$640,MATCH(DropData!$J52&$C12,'ER C7 FLT2'!$A$4:$A$640&'ER C7 FLT2'!$B$4:$B$640-2,1),7)),IF($O12=\"Class_6\",INDEX('ER C6 FLT2'!$A$4:$J$640,MATCH(DropData!$J52&$C12,'ER C6 FLT2'!$A$4:$A$640&'ER C6 FLT2'!$B$4:$B$640-2,1),5)*IF($O12=\"Class_6\",INDEX('ER C6 FLT2'!$A$4:$J$640,MATCH(DropData!$J52&$C12,'ER C6 FLT2'!$A$4:$A$640&'ER C6 FLT2'!$B$4:$B$640-2,1),7))))),IF($B12=\"1 Truck\",IF(OR($O12=\"Class_8\",$N12=\"Replacement8HHD\",$AI12=\"CL7HHD\"),INDEX('ER C8 FLT1'!$A$4:$J$640,MATCH(DropData!$J52&$C12,'ER C8 FLT1'!$A$4:$A$640&'ER C8 FLT1'!$B$4:$B$640-2,1),5)*IF(OR($O12=\"Class_8\",$N12=\"Replacement8HHD\",$AI12=\"CL7HHD\"),INDEX('ER C8 FLT1'!$A$4:$J$640,MATCH(DropData!$J52&$C12,'ER C8 FLT1'!$A$4:$A$640&'ER C8 FLT1'!$B$4:$B$640-2,1),7)),IF($O12=\"Class_7\",INDEX('ER C7 FLT1'!$A$4:$J$640,MATCH(DropData!$J52&$C12,'ER C7 FLT1'!$A$4:$A$640&'ER C7 FLT1'!$B$4:$B$640-2,1),5)*IF($O12=\"Class_7\",INDEX('ER C7 FLT1'!$A$4:$J$640,MATCH(DropData!$J52&$C12,'ER C7 FLT1'!$A$4:$A$640&'ER C7 FLT1'!$B$4:$B$640-2,1),7)),IF($O12=\"Class_6\",INDEX('ER C6 FLT1'!$A$4:$J$640,MATCH(DropData!$J52&$C12,'ER C6 FLT1'!$A$4:$A$640&'ER C6 FLT1'!$B$4:$B$640-2,1),5)*IF($O12=\"Class_6\",INDEX('ER C6 FLT1'!$A$4:$J$640,MATCH(DropData!$J52&$C12,'ER C6 FLT1'!$A$4:$A$640&'ER C6 FLT1'!$B$4:$B$640-2,1),7)))))))),IF($R12=\"Electric\",OFFSET(INDEX('ER Electric'!$A$6:$E$44,MATCH($C12&$O12,'ER Electric'!$A$6:$A$44&'ER Electric'!$B$6:$B$44,1),4),6,0)))","v":false},{"$f":"IF(OR($R12=\"Diesel\",$R12=\"LNG/CNG\",$R12=\"Hybrid\",$R12=\"Electric w/ AB-118\"),IF($B12=\"3+ Trucks\",IF(OR($O12=\"Class_8\",$N12=\"Replacement8HHD\",$AI12=\"CL7HHD\"),INDEX('ER C8 FLT3'!$A$4:$J$640,MATCH(DropData!$J52&$C12,'ER C8 FLT3'!$A$4:$A$640&'ER C8 FLT3'!$B$4:$B$640-3,1),5)*IF(OR($O12=\"Class_8\",$N12=\"Replacement8HHD\",$AI12=\"CL7HHD\"),INDEX('ER C8 FLT3'!$A$4:$J$640,MATCH(DropData!$J52&$C12,'ER C8 FLT3'!$A$4:$A$640&'ER C8 FLT3'!$B$4:$B$640-3,1),7)),IF($O12=\"Class_7\",INDEX('ER C7 FLT3'!$A$4:$J$640,MATCH(DropData!$J52&$C12,'ER C7 FLT3'!$A$4:$A$640&'ER C7 FLT3'!$B$4:$B$640-3,1),5)*IF($O12=\"Class_7\",INDEX('ER C7 FLT3'!$A$4:$J$640,MATCH(DropData!$J52&$C12,'ER C7 FLT3'!$A$4:$A$640&'ER C7 FLT3'!$B$4:$B$640-3,1),7)),IF($O12=\"Class_6\",INDEX('ER C6 FLT3'!$A$4:$J$640,MATCH(DropData!$J52&$C12,'ER C6 FLT3'!$A$4:$A$640&'ER C6 FLT3'!$B$4:$B$640-3,1),5)*IF($O12=\"Class_6\",INDEX('ER C6 FLT3'!$A$4:$J$640,MATCH(DropData!$J52&$C12,'ER C6 FLT3'!$A$4:$A$640&'ER C6 FLT3'!$B$4:$B$640-3,1),7))))),IF($B12=\"2 Trucks\",IF(OR($O12=\"Class_8\",$N12=\"Replacement8HHD\",$AI12=\"CL7HHD\"),INDEX('ER C8 FLT2'!$A$4:$J$640,MATCH(DropData!$J52&$C12,'ER C8 FLT2'!$A$4:$A$640&'ER C8 FLT2'!$B$4:$B$640-3,1),5)*IF(OR($O12=\"Class_8\",$N12=\"Replacement8HHD\",$AI12=\"CL7HHD\"),INDEX('ER C8 FLT2'!$A$4:$J$640,MATCH(DropData!$J52&$C12,'ER C8 FLT2'!$A$4:$A$640&'ER C8 FLT2'!$B$4:$B$640-3,1),7)),IF($O12=\"Class_7\",INDEX('ER C7 FLT2'!$A$4:$J$640,MATCH(DropData!$J52&$C12,'ER C7 FLT2'!$A$4:$A$640&'ER C7 FLT2'!$B$4:$B$640-3,1),5)*IF($O12=\"Class_7\",INDEX('ER C7 FLT2'!$A$4:$J$640,MATCH(DropData!$J52&$C12,'ER C7 FLT2'!$A$4:$A$640&'ER C7 FLT2'!$B$4:$B$640-3,1),7)),IF($O12=\"Class_6\",INDEX('ER C6 FLT2'!$A$4:$J$640,MATCH(DropData!$J52&$C12,'ER C6 FLT2'!$A$4:$A$640&'ER C6 FLT2'!$B$4:$B$640-3,1),5)*IF($O12=\"Class_6\",INDEX('ER C6 FLT2'!$A$4:$J$640,MATCH(DropData!$J52&$C12,'ER C6 FLT2'!$A$4:$A$640&'ER C6 FLT2'!$B$4:$B$640-3,1),7))))),IF($B12=\"1 Truck\",IF(OR($O12=\"Class_8\",$N12=\"Replacement8HHD\",$AI12=\"CL7HHD\"),INDEX('ER C8 FLT1'!$A$4:$J$640,MATCH(DropData!$J52&$C12,'ER C8 FLT1'!$A$4:$A$640&'ER C8 FLT1'!$B$4:$B$640-3,1),5)*IF(OR($O12=\"Class_8\",$N12=\"Replacement8HHD\",$AI12=\"CL7HHD\"),INDEX('ER C8 FLT1'!$A$4:$J$640,MATCH(DropData!$J52&$C12,'ER C8 FLT1'!$A$4:$A$640&'ER C8 FLT1'!$B$4:$B$640-3,1),7)),IF($O12=\"Class_7\",INDEX('ER C7 FLT1'!$A$4:$J$640,MATCH(DropData!$J52&$C12,'ER C7 FLT1'!$A$4:$A$640&'ER C7 FLT1'!$B$4:$B$640-3,1),5)*IF($O12=\"Class_7\",INDEX('ER C7 FLT1'!$A$4:$J$640,MATCH(DropData!$J52&$C12,'ER C7 FLT1'!$A$4:$A$640&'ER C7 FLT1'!$B$4:$B$640-3,1),7)),IF($O12=\"Class_6\",INDEX('ER C6 FLT1'!$A$4:$J$640,MATCH(DropData!$J52&$C12,'ER C6 FLT1'!$A$4:$A$640&'ER C6 FLT1'!$B$4:$B$640-3,1),5)*IF($O12=\"Class_6\",INDEX('ER C6 FLT1'!$A$4:$J$640,MATCH(DropData!$J52&$C12,'ER C6 FLT1'!$A$4:$A$640&'ER C6 FLT1'!$B$4:$B$640-3,1),7)))))))),IF($R12=\"Electric\",OFFSET(INDEX('ER Electric'!$A$6:$E$44,MATCH($C12&$O12,'ER Electric'!$A$6:$A$44&'ER Electric'!$B$6:$B$44,1),4),9,0)))","v":false},{"$f":"IF(OR($R12=\"Diesel\",$R12=\"LNG/CNG\",$R12=\"Hybrid\",$R12=\"Electric w/ AB-118\"),IF($B12=\"3+ Trucks\",IF(OR($O12=\"Class_8\",$N12=\"Replacement8HHD\",$AI12=\"CL7HHD\"),INDEX('ER C8 FLT3'!$A$4:$J$640,MATCH(DropData!$J52&$C12,'ER C8 FLT3'!$A$4:$A$640&'ER C8 FLT3'!$B$4:$B$640-4,1),5)*IF(OR($O12=\"Class_8\",$N12=\"Replacement8HHD\",$AI12=\"CL7HHD\"),INDEX('ER C8 FLT3'!$A$4:$J$640,MATCH(DropData!$J52&$C12,'ER C8 FLT3'!$A$4:$A$640&'ER C8 FLT3'!$B$4:$B$640-4,1),7)),IF($O12=\"Class_7\",INDEX('ER C7 FLT3'!$A$4:$J$640,MATCH(DropData!$J52&$C12,'ER C7 FLT3'!$A$4:$A$640&'ER C7 FLT3'!$B$4:$B$640-4,1),5)*IF($O12=\"Class_7\",INDEX('ER C7 FLT3'!$A$4:$J$640,MATCH(DropData!$J52&$C12,'ER C7 FLT3'!$A$4:$A$640&'ER C7 FLT3'!$B$4:$B$640-4,1),7)),IF($O12=\"Class_6\",INDEX('ER C6 FLT3'!$A$4:$J$640,MATCH(DropData!$J52&$C12,'ER C6 FLT3'!$A$4:$A$640&'ER C6 FLT3'!$B$4:$B$640-4,1),5)*IF($O12=\"Class_6\",INDEX('ER C6 FLT3'!$A$4:$J$640,MATCH(DropData!$J52&$C12,'ER C6 FLT3'!$A$4:$A$640&'ER C6 FLT3'!$B$4:$B$640-4,1),7))))),IF($B12=\"2 Trucks\",IF(OR($O12=\"Class_8\",$N12=\"Replacement8HHD\",$AI12=\"CL7HHD\"),INDEX('ER C8 FLT2'!$A$4:$J$640,MATCH(DropData!$J52&$C12,'ER C8 FLT2'!$A$4:$A$640&'ER C8 FLT2'!$B$4:$B$640-4,1),5)*IF(OR($O12=\"Class_8\",$N12=\"Replacement8HHD\",$AI12=\"CL7HHD\"),INDEX('ER C8 FLT2'!$A$4:$J$640,MATCH(DropData!$J52&$C12,'ER C8 FLT2'!$A$4:$A$640&'ER C8 FLT2'!$B$4:$B$640-4,1),7)),IF($O12=\"Class_7\",INDEX('ER C7 FLT2'!$A$4:$J$640,MATCH(DropData!$J52&$C12,'ER C7 FLT2'!$A$4:$A$640&'ER C7 FLT2'!$B$4:$B$640-4,1),5)*IF($O12=\"Class_7\",INDEX('ER C7 FLT2'!$A$4:$J$640,MATCH(DropData!$J52&$C12,'ER C7 FLT2'!$A$4:$A$640&'ER C7 FLT2'!$B$4:$B$640-4,1),7)),IF($O12=\"Class_6\",INDEX('ER C6 FLT2'!$A$4:$J$640,MATCH(DropData!$J52&$C12,'ER C6 FLT2'!$A$4:$A$640&'ER C6 FLT2'!$B$4:$B$640-4,1),5)*IF($O12=\"Class_6\",INDEX('ER C6 FLT2'!$A$4:$J$640,MATCH(DropData!$J52&$C12,'ER C6 FLT2'!$A$4:$A$640&'ER C6 FLT2'!$B$4:$B$640-4,1),7))))),IF($B12=\"1 Truck\",IF(OR($O12=\"Class_8\",$N12=\"Replacement8HHD\",$AI12=\"CL7HHD\"),INDEX('ER C8 FLT1'!$A$4:$J$640,MATCH(DropData!$J52&$C12,'ER C8 FLT1'!$A$4:$A$640&'ER C8 FLT1'!$B$4:$B$640-4,1),5)*IF(OR($O12=\"Class_8\",$N12=\"Replacement8HHD\",$AI12=\"CL7HHD\"),INDEX('ER C8 FLT1'!$A$4:$J$640,MATCH(DropData!$J52&$C12,'ER C8 FLT1'!$A$4:$A$640&'ER C8 FLT1'!$B$4:$B$640-4,1),7)),IF($O12=\"Class_7\",INDEX('ER C7 FLT1'!$A$4:$J$640,MATCH(DropData!$J52&$C12,'ER C7 FLT1'!$A$4:$A$640&'ER C7 FLT1'!$B$4:$B$640-4,1),5)*IF($O12=\"Class_7\",INDEX('ER C7 FLT1'!$A$4:$J$640,MATCH(DropData!$J52&$C12,'ER C7 FLT1'!$A$4:$A$640&'ER C7 FLT1'!$B$4:$B$640-4,1),7)),IF($O12=\"Class_6\",INDEX('ER C6 FLT1'!$A$4:$J$640,MATCH(DropData!$J52&$C12,'ER C6 FLT1'!$A$4:$A$640&'ER C6 FLT1'!$B$4:$B$640-4,1),5)*IF($O12=\"Class_6\",INDEX('ER C6 FLT1'!$A$4:$J$640,MATCH(DropData!$J52&$C12,'ER C6 FLT1'!$A$4:$A$640&'ER C6 FLT1'!$B$4:$B$640-4,1),7)))))))),IF($R12=\"Electric\",OFFSET(INDEX('ER Electric'!$A$6:$E$44,MATCH($C12&$O12,'ER Electric'!$A$6:$A$44&'ER Electric'!$B$6:$B$44,1),4),12,0)))","v":false},{"$f":"IF($C12<2015,1,2)","v":1},0,{"$f":"IF($C12<2015,1,2)","v":1},{"$f":"IFERROR(MAX(0,IF($B12=\"3+ Trucks\",IF($Z12=\"Class_8\",INDEX('ER C8 FLT3'!$A$4:$J$640,MATCH($W12&$C12,'ER C8 FLT3'!$A$4:$A$640&'ER C8 FLT3'!$B$4:$B$640,1),5)*IF($Z12=\"Class_8\",INDEX('ER C8 FLT3'!$A$4:$J$640,MATCH($W12&$C12,'ER C8 FLT3'!$A$4:$A$640&'ER C8 FLT3'!$B$4:$B$640,1),7)),IF($Z12=\"Class_7\",INDEX('ER C7 FLT3'!$A$4:$J$640,MATCH($W12&$C12,'ER C7 FLT3'!$A$4:$A$640&'ER C7 FLT3'!$B$4:$B$640,1),5)*IF($Z12=\"Class_7\",INDEX('ER C7 FLT3'!$A$4:$J$640,MATCH($W12&$C12,'ER C7 FLT3'!$A$4:$A$640&'ER C7 FLT3'!$B$4:$B$640,1),7)),\nIF($Z12=\"Class_6\",INDEX('ER C6 FLT3'!$A$4:$J$640,MATCH($W12&$C12,'ER C6 FLT3'!$A$4:$A$640&'ER C6 FLT3'!$B$4:$B$640,1),5)*IF($Z12=\"Class_6\",INDEX('ER C6 FLT3'!$A$4:$L$640,MATCH($W12&$C12,'ER C6 FLT3'!$A$4:$A$640&'ER C6 FLT3'!$B$4:$B$640,1),7))))),IF($B12=\"2 Trucks\",IF($Z12=\"Class_8\",INDEX('ER C8 FLT2'!$A$4:$J$640,MATCH($W12&$C12,'ER C8 FLT2'!$A$4:$A$640&'ER C8 FLT2'!$B$4:$B$640,1),5)*IF($Z12=\"Class_8\",INDEX('ER C8 FLT2'!$A$4:$J$640,MATCH($W12&$C12,'ER C8 FLT2'!$A$4:$A$640&'ER C8 FLT2'!$B$4:$B$640,1),7)),IF($Z12=\"Class_7\",INDEX('ER C7 FLT2'!$A$4:$J$640,MATCH($W12&$C12,'ER C7 FLT2'!$A$4:$A$640&'ER C7 FLT2'!$B$4:$B$640,1),5)*IF($Z12=\"Class_7\",INDEX('ER C7 FLT2'!$A$4:$J$640,MATCH($W12&$C12,'ER C7 FLT2'!$A$4:$A$640&'ER C7 FLT2'!$B$4:$B$640,1),7)),IF($Z12=\"Class_6\",INDEX('ER C6 FLT2'!$A$4:$J$640,MATCH($W12&$C12,'ER C6 FLT2'!$A$4:$A$640&'ER C6 FLT2'!$B$4:$B$640,1),5)*IF($Z12=\"Class_6\",INDEX('ER C6 FLT2'!$A$4:$J$640,MATCH($W12&$C12,'ER C6 FLT2'!$A$4:$A$640&'ER C6 FLT2'!$B$4:$B$640,1),7))))),IF($B12=\"1 Truck\",\nIF($Z12=\"Class_8\",INDEX('ER C8 FLT1'!$A$4:$J$640,MATCH($W12&$C12,'ER C8 FLT1'!$A$4:$A$640&'ER C8 FLT1'!$B$4:$B$640,1),5)*IF($Z12=\"Class_8\",INDEX('ER C8 FLT1'!$A$4:$J$640,MATCH($W12&$C12,'ER C8 FLT1'!$A$4:$A$640&'ER C8 FLT1'!$B$4:$B$640,1),7)),IF($Z12=\"Class_7\",INDEX('ER C7 FLT1'!$A$4:$J$640,MATCH($W12&$C12,'ER C7 FLT1'!$A$4:$A$640&'ER C7 FLT1'!$B$4:$B$640,1),5)*IF($Z12=\"Class_7\",INDEX('ER C7 FLT1'!$A$4:$J$640,MATCH($W12&$C12,'ER C7 FLT1'!$A$4:$A$640&'ER C7 FLT1'!$B$4:$B$640,1),7)),IF($Z12=\"Class_6\",INDEX('ER C6 FLT1'!$A$4:$J$640,MATCH($W12&$C12,'ER C6 FLT1'!$A$4:$A$640&'ER C6 FLT1'!$B$4:$B$640,1),5)*IF($Z12=\"Class_6\",INDEX('ER C6 FLT1'!$A$4:$J$640,MATCH($W12&$C12,'ER C6 FLT1'!$A$4:$A$640&'ER C6 FLT1'!$B$4:$B$640,1),7)))))))))*IF($X12=\"Level 3 PM + Mark I NOx\",0.75,1)*($AC12/453.6)-IF(CT12=0,CI12,0),\"0.00\")","v":0},{"$f":"IFERROR(MAX(0,CV12/CU12),\"0.00\")","v":0},{"$f":"IFERROR((CT12+CW12),\"0.00\")","v":0},0,{"$f":"IF($B12=\"3+ Trucks\",IF($Z12=\"Class_8\",INDEX('ER C8 FLT3'!$A$4:$J$640,MATCH($W12&$C12,'ER C8 FLT3'!$A$4:$A$640&'ER C8 FLT3'!$B$4:$B$640-1,1),5)*IF($Z12=\"Class_8\",INDEX('ER C8 FLT3'!$A$4:$J$640,MATCH($W12&$C12,'ER C8 FLT3'!$A$4:$A$640&'ER C8 FLT3'!$B$4:$B$640-1,1),7)),IF($Z12=\"Class_7\",INDEX('ER C7 FLT3'!$A$4:$J$640,MATCH($W12&$C12,'ER C7 FLT3'!$A$4:$A$640&'ER C7 FLT3'!$B$4:$B$640-1,1),5)*IF($Z12=\"Class_7\",INDEX('ER C7 FLT3'!$A$4:$J$640,MATCH($W12&$C12,'ER C7 FLT3'!$A$4:$A$640&'ER C7 FLT3'!$B$4:$B$640-1,1),7)),\nIF($Z12=\"Class_6\",INDEX('ER C6 FLT3'!$A$4:$J$640,MATCH($W12&$C12,'ER C6 FLT3'!$A$4:$A$640&'ER C6 FLT3'!$B$4:$B$640-1,1),5)*IF($Z12=\"Class_6\",INDEX('ER C6 FLT3'!$A$4:$L$640,MATCH($W12&$C12,'ER C6 FLT3'!$A$4:$A$640&'ER C6 FLT3'!$B$4:$B$640-1,1),7))))),IF($B12=\"2 Trucks\",IF($Z12=\"Class_8\",INDEX('ER C8 FLT2'!$A$4:$J$640,MATCH($W12&$C12,'ER C8 FLT2'!$A$4:$A$640&'ER C8 FLT2'!$B$4:$B$640-1,1),5)*IF($Z12=\"Class_8\",INDEX('ER C8 FLT2'!$A$4:$J$640,MATCH($W12&$C12,'ER C8 FLT2'!$A$4:$A$640&'ER C8 FLT2'!$B$4:$B$640-1,1),7)),IF($Z12=\"Class_7\",INDEX('ER C7 FLT2'!$A$4:$J$640,MATCH($W12&$C12,'ER C7 FLT2'!$A$4:$A$640&'ER C7 FLT2'!$B$4:$B$640-1,1),5)*IF($Z12=\"Class_7\",INDEX('ER C7 FLT2'!$A$4:$J$640,MATCH($W12&$C12,'ER C7 FLT2'!$A$4:$A$640&'ER C7 FLT2'!$B$4:$B$640-1,1),7)),IF($Z12=\"Class_6\",INDEX('ER C6 FLT2'!$A$4:$J$640,MATCH($W12&$C12,'ER C6 FLT2'!$A$4:$A$640&'ER C6 FLT2'!$B$4:$B$640-1,1),5)*IF($Z12=\"Class_6\",INDEX('ER C6 FLT2'!$A$4:$J$640,MATCH($W12&$C12,'ER C6 FLT2'!$A$4:$A$640&'ER C6 FLT2'!$B$4:$B$640-1,1),7))))),IF($B12=\"1 Truck\",\nIF($Z12=\"Class_8\",INDEX('ER C8 FLT1'!$A$4:$J$640,MATCH($W12&$C12,'ER C8 FLT1'!$A$4:$A$640&'ER C8 FLT1'!$B$4:$B$640-1,1),5)*IF($Z12=\"Class_8\",INDEX('ER C8 FLT1'!$A$4:$J$640,MATCH($W12&$C12,'ER C8 FLT1'!$A$4:$A$640&'ER C8 FLT1'!$B$4:$B$640-1,1),7)),IF($Z12=\"Class_7\",INDEX('ER C7 FLT1'!$A$4:$J$640,MATCH($W12&$C12,'ER C7 FLT1'!$A$4:$A$640&'ER C7 FLT1'!$B$4:$B$640-1,1),5)*IF($Z12=\"Class_7\",INDEX('ER C7 FLT1'!$A$4:$J$640,MATCH($W12&$C12,'ER C7 FLT1'!$A$4:$A$640&'ER C7 FLT1'!$B$4:$B$640-1,1),7)),\nIF($Z12=\"Class_6\",INDEX('ER C6 FLT1'!$A$4:$J$640,MATCH($W12&$C12,'ER C6 FLT1'!$A$4:$A$640&'ER C6 FLT1'!$B$4:$B$640-1,1),5)*IF($Z12=\"Class_6\",INDEX('ER C6 FLT1'!$A$4:$J$640,MATCH($W12&$C12,'ER C6 FLT1'!$A$4:$A$640&'ER C6 FLT1'!$B$4:$B$640-1,1),7))))))))*IF($X12=\"Level 3 PM + Mark I NOx\",0.75,1)*($AC12/453.6)-IF(CY12=0,CJ12,0)","v":0},{"$f":"MAX(0,CY12+CZ12)","v":0},0,{"$f":"IF($B12=\"3+ Trucks\",IF($Z12=\"Class_8\",INDEX('ER C8 FLT3'!$A$4:$J$640,MATCH($W12&$C12,'ER C8 FLT3'!$A$4:$A$640&'ER C8 FLT3'!$B$4:$B$640-2,1),5)*IF($Z12=\"Class_8\",INDEX('ER C8 FLT3'!$A$4:$J$640,MATCH($W12&$C12,'ER C8 FLT3'!$A$4:$A$640&'ER C8 FLT3'!$B$4:$B$640-2,1),7)),IF($Z12=\"Class_7\",INDEX('ER C7 FLT3'!$A$4:$J$640,MATCH($W12&$C12,'ER C7 FLT3'!$A$4:$A$640&'ER C7 FLT3'!$B$4:$B$640-2,1),5)*IF($Z12=\"Class_7\",INDEX('ER C7 FLT3'!$A$4:$J$640,MATCH($W12&$C12,'ER C7 FLT3'!$A$4:$A$640&'ER C7 FLT3'!$B$4:$B$640-2,1),7)),\nIF($Z12=\"Class_6\",INDEX('ER C6 FLT3'!$A$4:$J$640,MATCH($W12&$C12,'ER C6 FLT3'!$A$4:$A$640&'ER C6 FLT3'!$B$4:$B$640-2,1),5)*IF($Z12=\"Class_6\",INDEX('ER C6 FLT3'!$A$4:$L$640,MATCH($W12&$C12,'ER C6 FLT3'!$A$4:$A$640&'ER C6 FLT3'!$B$4:$B$640-2,1),7))))),IF($B12=\"2 Trucks\",IF($Z12=\"Class_8\",INDEX('ER C8 FLT2'!$A$4:$J$640,MATCH($W12&$C12,'ER C8 FLT2'!$A$4:$A$640&'ER C8 FLT2'!$B$4:$B$640-2,1),5)*IF($Z12=\"Class_8\",INDEX('ER C8 FLT2'!$A$4:$J$640,MATCH($W12&$C12,'ER C8 FLT2'!$A$4:$A$640&'ER C8 FLT2'!$B$4:$B$640-2,1),7)),IF($Z12=\"Class_7\",INDEX('ER C7 FLT2'!$A$4:$J$640,MATCH($W12&$C12,'ER C7 FLT2'!$A$4:$A$640&'ER C7 FLT2'!$B$4:$B$640-2,1),5)*IF($Z12=\"Class_7\",INDEX('ER C7 FLT2'!$A$4:$J$640,MATCH($W12&$C12,'ER C7 FLT2'!$A$4:$A$640&'ER C7 FLT2'!$B$4:$B$640-2,1),7)),IF($Z12=\"Class_6\",INDEX('ER C6 FLT2'!$A$4:$J$640,MATCH($W12&$C12,'ER C6 FLT2'!$A$4:$A$640&'ER C6 FLT2'!$B$4:$B$640-2,1),5)*IF($Z12=\"Class_6\",INDEX('ER C6 FLT2'!$A$4:$J$640,MATCH($W12&$C12,'ER C6 FLT2'!$A$4:$A$640&'ER C6 FLT2'!$B$4:$B$640-2,1),7))))),IF($B12=\"1 Truck\",\nIF($Z12=\"Class_8\",INDEX('ER C8 FLT1'!$A$4:$J$640,MATCH($W12&$C12,'ER C8 FLT1'!$A$4:$A$640&'ER C8 FLT1'!$B$4:$B$640-2,1),5)*IF($Z12=\"Class_8\",INDEX('ER C8 FLT1'!$A$4:$J$640,MATCH($W12&$C12,'ER C8 FLT1'!$A$4:$A$640&'ER C8 FLT1'!$B$4:$B$640-2,1),7)),IF($Z12=\"Class_7\",INDEX('ER C7 FLT1'!$A$4:$J$640,MATCH($W12&$C12,'ER C7 FLT1'!$A$4:$A$640&'ER C7 FLT1'!$B$4:$B$640-2,1),5)*IF($Z12=\"Class_7\",INDEX('ER C7 FLT1'!$A$4:$J$640,MATCH($W12&$C12,'ER C7 FLT1'!$A$4:$A$640&'ER C7 FLT1'!$B$4:$B$640-2,1),7)),\nIF($Z12=\"Class_6\",INDEX('ER C6 FLT1'!$A$4:$J$640,MATCH($W12&$C12,'ER C6 FLT1'!$A$4:$A$640&'ER C6 FLT1'!$B$4:$B$640-2,1),5)*IF($Z12=\"Class_6\",INDEX('ER C6 FLT1'!$A$4:$J$640,MATCH($W12&$C12,'ER C6 FLT1'!$A$4:$A$640&'ER C6 FLT1'!$B$4:$B$640-2,1),7))))))))*IF($X12=\"Level 3 PM + Mark I NOx\",0.75,1)*($AC12/453.6)-IF(DB12=0,CK12,0)","v":0},{"$f":"MAX(0,DB12+DC12)","v":0},0,{"$f":"IF($B12=\"3+ Trucks\",IF($Z12=\"Class_8\",INDEX('ER C8 FLT3'!$A$4:$J$640,MATCH($W12&$C12,'ER C8 FLT3'!$A$4:$A$640&'ER C8 FLT3'!$B$4:$B$640-3,1),5)*IF($Z12=\"Class_8\",INDEX('ER C8 FLT3'!$A$4:$J$640,MATCH($W12&$C12,'ER C8 FLT3'!$A$4:$A$640&'ER C8 FLT3'!$B$4:$B$640-3,1),7)),IF($Z12=\"Class_7\",INDEX('ER C7 FLT3'!$A$4:$J$640,MATCH($W12&$C12,'ER C7 FLT3'!$A$4:$A$640&'ER C7 FLT3'!$B$4:$B$640-3,1),5)*IF($Z12=\"Class_7\",INDEX('ER C7 FLT3'!$A$4:$J$640,MATCH($W12&$C12,'ER C7 FLT3'!$A$4:$A$640&'ER C7 FLT3'!$B$4:$B$640-3,1),7)),\nIF($Z12=\"Class_6\",INDEX('ER C6 FLT3'!$A$4:$J$640,MATCH($W12&$C12,'ER C6 FLT3'!$A$4:$A$640&'ER C6 FLT3'!$B$4:$B$640-3,1),5)*IF($Z12=\"Class_6\",INDEX('ER C6 FLT3'!$A$4:$L$640,MATCH($W12&$C12,'ER C6 FLT3'!$A$4:$A$640&'ER C6 FLT3'!$B$4:$B$640-3,1),7))))),IF($B12=\"2 Trucks\",IF($Z12=\"Class_8\",INDEX('ER C8 FLT2'!$A$4:$J$640,MATCH($W12&$C12,'ER C8 FLT2'!$A$4:$A$640&'ER C8 FLT2'!$B$4:$B$640-3,1),5)*IF($Z12=\"Class_8\",INDEX('ER C8 FLT2'!$A$4:$J$640,MATCH($W12&$C12,'ER C8 FLT2'!$A$4:$A$640&'ER C8 FLT2'!$B$4:$B$640-3,1),7)),IF($Z12=\"Class_7\",INDEX('ER C7 FLT2'!$A$4:$J$640,MATCH($W12&$C12,'ER C7 FLT2'!$A$4:$A$640&'ER C7 FLT2'!$B$4:$B$640-3,1),5)*IF($Z12=\"Class_7\",INDEX('ER C7 FLT2'!$A$4:$J$640,MATCH($W12&$C12,'ER C7 FLT2'!$A$4:$A$640&'ER C7 FLT2'!$B$4:$B$640-3,1),7)),IF($Z12=\"Class_6\",INDEX('ER C6 FLT2'!$A$4:$J$640,MATCH($W12&$C12,'ER C6 FLT2'!$A$4:$A$640&'ER C6 FLT2'!$B$4:$B$640-3,1),5)*IF($Z12=\"Class_6\",INDEX('ER C6 FLT2'!$A$4:$J$640,MATCH($W12&$C12,'ER C6 FLT2'!$A$4:$A$640&'ER C6 FLT2'!$B$4:$B$640-3,1),7))))),IF($B12=\"1 Truck\",\nIF($Z12=\"Class_8\",INDEX('ER C8 FLT1'!$A$4:$J$640,MATCH($W12&$C12,'ER C8 FLT1'!$A$4:$A$640&'ER C8 FLT1'!$B$4:$B$640-3,1),5)*IF($Z12=\"Class_8\",INDEX('ER C8 FLT1'!$A$4:$J$640,MATCH($W12&$C12,'ER C8 FLT1'!$A$4:$A$640&'ER C8 FLT1'!$B$4:$B$640-3,1),7)),IF($Z12=\"Class_7\",INDEX('ER C7 FLT1'!$A$4:$J$640,MATCH($W12&$C12,'ER C7 FLT1'!$A$4:$A$640&'ER C7 FLT1'!$B$4:$B$640-3,1),5)*IF($Z12=\"Class_7\",INDEX('ER C7 FLT1'!$A$4:$J$640,MATCH($W12&$C12,'ER C7 FLT1'!$A$4:$A$640&'ER C7 FLT1'!$B$4:$B$640-3,1),7)),\nIF($Z12=\"Class_6\",INDEX('ER C6 FLT1'!$A$4:$J$640,MATCH($W12&$C12,'ER C6 FLT1'!$A$4:$A$640&'ER C6 FLT1'!$B$4:$B$640-3,1),5)*IF($Z12=\"Class_6\",INDEX('ER C6 FLT1'!$A$4:$J$640,MATCH($W12&$C12,'ER C6 FLT1'!$A$4:$A$640&'ER C6 FLT1'!$B$4:$B$640-3,1),7))))))))*IF($X12=\"Level 3 PM + Mark I NOx\",0.75,1)*($AC12/453.6)-IF(DE12=0,CL12,0)","v":0},{"$f":"MAX(0,DE12+DF12)","v":0},0,{"$f":"IF($B12=\"3+ Trucks\",IF($Z12=\"Class_8\",INDEX('ER C8 FLT3'!$A$4:$J$640,MATCH($W12&$C12,'ER C8 FLT3'!$A$4:$A$640&'ER C8 FLT3'!$B$4:$B$640-4,1),5)*IF($Z12=\"Class_8\",INDEX('ER C8 FLT3'!$A$4:$J$640,MATCH($W12&$C12,'ER C8 FLT3'!$A$4:$A$640&'ER C8 FLT3'!$B$4:$B$640-4,1),7)),IF($Z12=\"Class_7\",INDEX('ER C7 FLT3'!$A$4:$J$640,MATCH($W12&$C12,'ER C7 FLT3'!$A$4:$A$640&'ER C7 FLT3'!$B$4:$B$640-4,1),5)*IF($Z12=\"Class_7\",INDEX('ER C7 FLT3'!$A$4:$J$640,MATCH($W12&$C12,'ER C7 FLT3'!$A$4:$A$640&'ER C7 FLT3'!$B$4:$B$640-4,1),7)),\nIF($Z12=\"Class_6\",INDEX('ER C6 FLT3'!$A$4:$J$640,MATCH($W12&$C12,'ER C6 FLT3'!$A$4:$A$640&'ER C6 FLT3'!$B$4:$B$640-4,1),5)*IF($Z12=\"Class_6\",INDEX('ER C6 FLT3'!$A$4:$L$640,MATCH($W12&$C12,'ER C6 FLT3'!$A$4:$A$640&'ER C6 FLT3'!$B$4:$B$640-4,1),7))))),IF($B12=\"2 Trucks\",IF($Z12=\"Class_8\",INDEX('ER C8 FLT2'!$A$4:$J$640,MATCH($W12&$C12,'ER C8 FLT2'!$A$4:$A$640&'ER C8 FLT2'!$B$4:$B$640-4,1),5)*IF($Z12=\"Class_8\",INDEX('ER C8 FLT2'!$A$4:$J$640,MATCH($W12&$C12,'ER C8 FLT2'!$A$4:$A$640&'ER C8 FLT2'!$B$4:$B$640-4,1),7)),IF($Z12=\"Class_7\",INDEX('ER C7 FLT2'!$A$4:$J$640,MATCH($W12&$C12,'ER C7 FLT2'!$A$4:$A$640&'ER C7 FLT2'!$B$4:$B$640-4,1),5)*IF($Z12=\"Class_7\",INDEX('ER C7 FLT2'!$A$4:$J$640,MATCH($W12&$C12,'ER C7 FLT2'!$A$4:$A$640&'ER C7 FLT2'!$B$4:$B$640-4,1),7)),IF($Z12=\"Class_6\",INDEX('ER C6 FLT2'!$A$4:$J$640,MATCH($W12&$C12,'ER C6 FLT2'!$A$4:$A$640&'ER C6 FLT2'!$B$4:$B$640-4,1),5)*IF($Z12=\"Class_6\",INDEX('ER C6 FLT2'!$A$4:$J$640,MATCH($W12&$C12,'ER C6 FLT2'!$A$4:$A$640&'ER C6 FLT2'!$B$4:$B$640-4,1),7))))),IF($B12=\"1 Truck\",\nIF($Z12=\"Class_8\",INDEX('ER C8 FLT1'!$A$4:$J$640,MATCH($W12&$C12,'ER C8 FLT1'!$A$4:$A$640&'ER C8 FLT1'!$B$4:$B$640-4,1),5)*IF($Z12=\"Class_8\",INDEX('ER C8 FLT1'!$A$4:$J$640,MATCH($W12&$C12,'ER C8 FLT1'!$A$4:$A$640&'ER C8 FLT1'!$B$4:$B$640-4,1),7)),IF($Z12=\"Class_7\",INDEX('ER C7 FLT1'!$A$4:$J$640,MATCH($W12&$C12,'ER C7 FLT1'!$A$4:$A$640&'ER C7 FLT1'!$B$4:$B$640-4,1),5)*IF($Z12=\"Class_7\",INDEX('ER C7 FLT1'!$A$4:$J$640,MATCH($W12&$C12,'ER C7 FLT1'!$A$4:$A$640&'ER C7 FLT1'!$B$4:$B$640-4,1),7)),\nIF($Z12=\"Class_6\",INDEX('ER C6 FLT1'!$A$4:$J$640,MATCH($W12&$C12,'ER C6 FLT1'!$A$4:$A$640&'ER C6 FLT1'!$B$4:$B$640-4,1),5)*IF($Z12=\"Class_6\",INDEX('ER C6 FLT1'!$A$4:$J$640,MATCH($W12&$C12,'ER C6 FLT1'!$A$4:$A$640&'ER C6 FLT1'!$B$4:$B$640-4,1),7))))))))*IF($X12=\"Level 3 PM + Mark I NOx\",0.75,1)*($AC12/453.6)-IF(DH12=0,CM12,0)","v":0},{"$f":"MAX(0,DH12+DI12)","v":0},{"$f":"MAX(0,CX12+DA12+DD12+DG12+DJ12)","v":0},{"$f":"IF($B12=\"3+ Trucks\",IF(OR($H12=\"Class_8\",$N12=\"Replacement8HHD\",$AH12=\"CL7HHD\",$AJ12=\"CL7to8\"),INDEX('ER C8 FLT3'!$A$4:$J$640,MATCH($E12&$C12,'ER C8 FLT3'!$A$4:$A$640&'ER C8 FLT3'!$B$4:$B$640,1),10),IF($H12=\"Class_7\",INDEX('ER C7 FLT3'!$A$4:$J$640,MATCH($E12&$C12,'ER C7 FLT3'!$A$4:$A$640&'ER C7 FLT3'!$B$4:$B$640,1),10),IF($H12=\"Class_6\",INDEX('ER C6 FLT3'!$A$4:$J$640,MATCH($E12&$C12,'ER C6 FLT3'!$A$4:$A$640&'ER C6 FLT3'!$B$4:$B$640,1),10)))),IF($B12=\"2 Trucks\",IF(OR($H12=\"Class_8\",$N12=\"Replacement8HHD\",$AH12=\"CL7HHD\",$AJ12=\"CL7to8\"),INDEX('ER C8 FLT2'!$A$4:$J$640,MATCH($E12&$C12,'ER C8 FLT2'!$A$4:$A$640&'ER C8 FLT2'!$B$4:$B$640,1),10),IF($H12=\"Class_7\",INDEX('ER C7 FLT2'!$A$4:$J$640,MATCH($E12&$C12,'ER C7 FLT2'!$A$4:$A$640&'ER C7 FLT2'!$B$4:$B$640,1),10),IF($H12=\"Class_6\",INDEX('ER C6 FLT2'!$A$4:$J$640,MATCH($E12&$C12,'ER C6 FLT2'!$A$4:$A$640&'ER C6 FLT2'!$B$4:$B$640,1),10)))),IF($B12=\"1 Truck\",\nIF(OR($H12=\"Class_8\",$N12=\"Replacement8HHD\",$AH12=\"CL7HHD\",$AJ12=\"CL7to8\"),INDEX('ER C8 FLT1'!$A$4:$J$640,MATCH($E12&$C12,'ER C8 FLT1'!$A$4:$A$640&'ER C8 FLT1'!$B$4:$B$640,1),10),IF($H12=\"Class_7\",INDEX('ER C7 FLT1'!$A$4:$J$640,MATCH($E12&$C12,'ER C7 FLT1'!$A$4:$A$640&'ER C7 FLT1'!$B$4:$B$640,1),10),\nIF($H12=\"Class_6\",INDEX('ER C6 FLT1'!$A$4:$J$640,MATCH($E12&$C12,'ER C6 FLT1'!$A$4:$A$640&'ER C6 FLT1'!$B$4:$B$640,1),10)))))))*($Q12/453.6)","v":0},{"$f":"IF($B12=\"3+ Trucks\",IF(OR($H12=\"Class_8\",$N12=\"Replacement8HHD\",$AH12=\"CL7HHD\",$AJ12=\"CL7to8\"),INDEX('ER C8 FLT3'!$A$4:$J$640,MATCH($E12&$C12,'ER C8 FLT3'!$A$4:$A$640&'ER C8 FLT3'!$B$4:$B$640-1,1),10),IF($H12=\"Class_7\",INDEX('ER C7 FLT3'!$A$4:$J$640,MATCH($E12&$C12,'ER C7 FLT3'!$A$4:$A$640&'ER C7 FLT3'!$B$4:$B$640-1,1),10),IF($H12=\"Class_6\",INDEX('ER C6 FLT3'!$A$4:$J$640,MATCH($E12&$C12,'ER C6 FLT3'!$A$4:$A$640&'ER C6 FLT3'!$B$4:$B$640-1,1),10)))),IF($B12=\"2 Trucks\",IF(OR($H12=\"Class_8\",$N12=\"Replacement8HHD\",$AH12=\"CL7HHD\",$AJ12=\"CL7to8\"),INDEX('ER C8 FLT2'!$A$4:$J$640,MATCH($E12&$C12,'ER C8 FLT2'!$A$4:$A$640&'ER C8 FLT2'!$B$4:$B$640-1,1),10),IF($H12=\"Class_7\",INDEX('ER C7 FLT2'!$A$4:$J$640,MATCH($E12&$C12,'ER C7 FLT2'!$A$4:$A$640&'ER C7 FLT2'!$B$4:$B$640-1,1),10),IF($H12=\"Class_6\",INDEX('ER C6 FLT2'!$A$4:$J$640,MATCH($E12&$C12,'ER C6 FLT2'!$A$4:$A$640&'ER C6 FLT2'!$B$4:$B$640-1,1),10)))),IF($B12=\"1 Truck\",\nIF(OR($H12=\"Class_8\",$N12=\"Replacement8HHD\",$AH12=\"CL7HHD\",$AJ12=\"CL7to8\"),INDEX('ER C8 FLT1'!$A$4:$J$640,MATCH($E12&$C12,'ER C8 FLT1'!$A$4:$A$640&'ER C8 FLT1'!$B$4:$B$640-1,1),10),IF($H12=\"Class_7\",INDEX('ER C7 FLT1'!$A$4:$J$640,MATCH($E12&$C12,'ER C7 FLT1'!$A$4:$A$640&'ER C7 FLT1'!$B$4:$B$640-1,1),10),\nIF($H12=\"Class_6\",INDEX('ER C6 FLT1'!$A$4:$J$640,MATCH($E12&$C12,'ER C6 FLT1'!$A$4:$A$640&'ER C6 FLT1'!$B$4:$B$640-1,1),10)))))))*($Q12/453.6)","v":0},{"$f":"IF($B12=\"3+ Trucks\",IF(OR($H12=\"Class_8\",$N12=\"Replacement8HHD\",$AH12=\"CL7HHD\",$AJ12=\"CL7to8\"),INDEX('ER C8 FLT3'!$A$4:$J$640,MATCH($E12&$C12,'ER C8 FLT3'!$A$4:$A$640&'ER C8 FLT3'!$B$4:$B$640-2,1),10),IF($H12=\"Class_7\",INDEX('ER C7 FLT3'!$A$4:$J$640,MATCH($E12&$C12,'ER C7 FLT3'!$A$4:$A$640&'ER C7 FLT3'!$B$4:$B$640-2,1),10),IF($H12=\"Class_6\",INDEX('ER C6 FLT3'!$A$4:$J$640,MATCH($E12&$C12,'ER C6 FLT3'!$A$4:$A$640&'ER C6 FLT3'!$B$4:$B$640-2,1),10)))),IF($B12=\"2 Trucks\",IF(OR($H12=\"Class_8\",$N12=\"Replacement8HHD\",$AH12=\"CL7HHD\",$AJ12=\"CL7to8\"),INDEX('ER C8 FLT2'!$A$4:$J$640,MATCH($E12&$C12,'ER C8 FLT2'!$A$4:$A$640&'ER C8 FLT2'!$B$4:$B$640-2,1),10),IF($H12=\"Class_7\",INDEX('ER C7 FLT2'!$A$4:$J$640,MATCH($E12&$C12,'ER C7 FLT2'!$A$4:$A$640&'ER C7 FLT2'!$B$4:$B$640-2,1),10),IF($H12=\"Class_6\",INDEX('ER C6 FLT2'!$A$4:$J$640,MATCH($E12&$C12,'ER C6 FLT2'!$A$4:$A$640&'ER C6 FLT2'!$B$4:$B$640-2,1),10)))),IF($B12=\"1 Truck\",\nIF(OR($H12=\"Class_8\",$N12=\"Replacement8HHD\",$AH12=\"CL7HHD\",$AJ12=\"CL7to8\"),INDEX('ER C8 FLT1'!$A$4:$J$640,MATCH($E12&$C12,'ER C8 FLT1'!$A$4:$A$640&'ER C8 FLT1'!$B$4:$B$640-2,1),10),IF($H12=\"Class_7\",INDEX('ER C7 FLT1'!$A$4:$J$640,MATCH($E12&$C12,'ER C7 FLT1'!$A$4:$A$640&'ER C7 FLT1'!$B$4:$B$640-2,1),10),\nIF($H12=\"Class_6\",INDEX('ER C6 FLT1'!$A$4:$J$640,MATCH($E12&$C12,'ER C6 FLT1'!$A$4:$A$640&'ER C6 FLT1'!$B$4:$B$640-2,1),10)))))))*($Q12/453.6)","v":0},{"$f":"IF($B12=\"3+ Trucks\",IF(OR($H12=\"Class_8\",$N12=\"Replacement8HHD\",$AH12=\"CL7HHD\",$AJ12=\"CL7to8\"),INDEX('ER C8 FLT3'!$A$4:$J$640,MATCH($E12&$C12,'ER C8 FLT3'!$A$4:$A$640&'ER C8 FLT3'!$B$4:$B$640-3,1),10),IF($H12=\"Class_7\",INDEX('ER C7 FLT3'!$A$4:$J$640,MATCH($E12&$C12,'ER C7 FLT3'!$A$4:$A$640&'ER C7 FLT3'!$B$4:$B$640-3,1),10),IF($H12=\"Class_6\",INDEX('ER C6 FLT3'!$A$4:$J$640,MATCH($E12&$C12,'ER C6 FLT3'!$A$4:$A$640&'ER C6 FLT3'!$B$4:$B$640-3,1),10)))),IF($B12=\"2 Trucks\",IF(OR($H12=\"Class_8\",$N12=\"Replacement8HHD\",$AH12=\"CL7HHD\",$AJ12=\"CL7to8\"),INDEX('ER C8 FLT2'!$A$4:$J$640,MATCH($E12&$C12,'ER C8 FLT2'!$A$4:$A$640&'ER C8 FLT2'!$B$4:$B$640-3,1),10),IF($H12=\"Class_7\",INDEX('ER C7 FLT2'!$A$4:$J$640,MATCH($E12&$C12,'ER C7 FLT2'!$A$4:$A$640&'ER C7 FLT2'!$B$4:$B$640-3,1),10),IF($H12=\"Class_6\",INDEX('ER C6 FLT2'!$A$4:$J$640,MATCH($E12&$C12,'ER C6 FLT2'!$A$4:$A$640&'ER C6 FLT2'!$B$4:$B$640-3,1),10)))),IF($B12=\"1 Truck\",\nIF(OR($H12=\"Class_8\",$N12=\"Replacement8HHD\",$AH12=\"CL7HHD\",$AJ12=\"CL7to8\"),INDEX('ER C8 FLT1'!$A$4:$J$640,MATCH($E12&$C12,'ER C8 FLT1'!$A$4:$A$640&'ER C8 FLT1'!$B$4:$B$640-3,1),10),IF($H12=\"Class_7\",INDEX('ER C7 FLT1'!$A$4:$J$640,MATCH($E12&$C12,'ER C7 FLT1'!$A$4:$A$640&'ER C7 FLT1'!$B$4:$B$640-3,1),10),\nIF($H12=\"Class_6\",INDEX('ER C6 FLT1'!$A$4:$J$640,MATCH($E12&$C12,'ER C6 FLT1'!$A$4:$A$640&'ER C6 FLT1'!$B$4:$B$640-3,1),10)))))))*($Q12/453.6)","v":0},{"$f":"IF($B12=\"3+ Trucks\",IF(OR($H12=\"Class_8\",$N12=\"Replacement8HHD\",$AH12=\"CL7HHD\",$AJ12=\"CL7to8\"),INDEX('ER C8 FLT3'!$A$4:$J$640,MATCH($E12&$C12,'ER C8 FLT3'!$A$4:$A$640&'ER C8 FLT3'!$B$4:$B$640-4,1),10),IF($H12=\"Class_7\",INDEX('ER C7 FLT3'!$A$4:$J$640,MATCH($E12&$C12,'ER C7 FLT3'!$A$4:$A$640&'ER C7 FLT3'!$B$4:$B$640-4,1),10),IF($H12=\"Class_6\",INDEX('ER C6 FLT3'!$A$4:$J$640,MATCH($E12&$C12,'ER C6 FLT3'!$A$4:$A$640&'ER C6 FLT3'!$B$4:$B$640-4,1),10)))),IF($B12=\"2 Trucks\",IF(OR($H12=\"Class_8\",$N12=\"Replacement8HHD\",$AH12=\"CL7HHD\",$AJ12=\"CL7to8\"),INDEX('ER C8 FLT2'!$A$4:$J$640,MATCH($E12&$C12,'ER C8 FLT2'!$A$4:$A$640&'ER C8 FLT2'!$B$4:$B$640-4,1),10),IF($H12=\"Class_7\",INDEX('ER C7 FLT2'!$A$4:$J$640,MATCH($E12&$C12,'ER C7 FLT2'!$A$4:$A$640&'ER C7 FLT2'!$B$4:$B$640-4,1),10),IF($H12=\"Class_6\",INDEX('ER C6 FLT2'!$A$4:$J$640,MATCH($E12&$C12,'ER C6 FLT2'!$A$4:$A$640&'ER C6 FLT2'!$B$4:$B$640-4,1),10)))),IF($B12=\"1 Truck\",\nIF(OR($H12=\"Class_8\",$N12=\"Replacement8HHD\",$AH12=\"CL7HHD\",$AJ12=\"CL7to8\"),INDEX('ER C8 FLT1'!$A$4:$J$640,MATCH($E12&$C12,'ER C8 FLT1'!$A$4:$A$640&'ER C8 FLT1'!$B$4:$B$640-4,1),10),IF($H12=\"Class_7\",INDEX('ER C7 FLT1'!$A$4:$J$640,MATCH($E12&$C12,'ER C7 FLT1'!$A$4:$A$640&'ER C7 FLT1'!$B$4:$B$640-4,1),10),\nIF($H12=\"Class_6\",INDEX('ER C6 FLT1'!$A$4:$J$640,MATCH($E12&$C12,'ER C6 FLT1'!$A$4:$A$640&'ER C6 FLT1'!$B$4:$B$640-4,1),10)))))))*($Q12/453.6)","v":0},{"$f":"IF($B12=\"3+ Trucks\",IF(OR($H12=\"Class_8\",$N12=\"Replacement8HHD\",$AH12=\"CL7HHD\",$AJ12=\"CL7to8\"),INDEX('ER C8 FLT3'!$A$4:$J$640,MATCH($E12&$C12,'ER C8 FLT3'!$A$4:$A$640&'ER C8 FLT3'!$B$4:$B$640,1),10),IF($H12=\"Class_7\",INDEX('ER C7 FLT3'!$A$4:$J$640,MATCH($E12&$C12,'ER C7 FLT3'!$A$4:$A$640&'ER C7 FLT3'!$B$4:$B$640,1),10),IF($H12=\"Class_6\",INDEX('ER C6 FLT3'!$A$4:$J$640,MATCH($E12&$C12,'ER C6 FLT3'!$A$4:$A$640&'ER C6 FLT3'!$B$4:$B$640,1),10)))),IF($B12=\"2 Trucks\",IF(OR($H12=\"Class_8\",$N12=\"Replacement8HHD\",$AH12=\"CL7HHD\",$AJ12=\"CL7to8\"),INDEX('ER C8 FLT2'!$A$4:$J$640,MATCH($E12&$C12,'ER C8 FLT2'!$A$4:$A$640&'ER C8 FLT2'!$B$4:$B$640,1),10),IF($H12=\"Class_7\",INDEX('ER C7 FLT2'!$A$4:$J$640,MATCH($E12&$C12,'ER C7 FLT2'!$A$4:$A$640&'ER C7 FLT2'!$B$4:$B$640,1),10),IF($H12=\"Class_6\",INDEX('ER C6 FLT2'!$A$4:$J$640,MATCH($E12&$C12,'ER C6 FLT2'!$A$4:$A$640&'ER C6 FLT2'!$B$4:$B$640,1),10)))),IF($B12=\"1 Truck\",\nIF(OR($H12=\"Class_8\",$N12=\"Replacement8HHD\",$AH12=\"CL7HHD\",$AJ12=\"CL7to8\"),INDEX('ER C8 FLT1'!$A$4:$J$640,MATCH($E12&$C12,'ER C8 FLT1'!$A$4:$A$640&'ER C8 FLT1'!$B$4:$B$640,1),10),IF($H12=\"Class_7\",INDEX('ER C7 FLT1'!$A$4:$J$640,MATCH($E12&$C12,'ER C7 FLT1'!$A$4:$A$640&'ER C7 FLT1'!$B$4:$B$640,1),10),IF($H12=\"Class_6\",INDEX('ER C6 FLT1'!$A$4:$J$640,MATCH($E12&$C12,'ER C6 FLT1'!$A$4:$A$640&'ER C6 FLT1'!$B$4:$B$640,1),10)))))))","v":false},{"$f":"IF($B12=\"3+ Trucks\",IF(OR($H12=\"Class_8\",$N12=\"Replacement8HHD\",$AH12=\"CL7HHD\",$AJ12=\"CL7to8\"),INDEX('ER C8 FLT3'!$A$4:$J$640,MATCH($E12&$C12,'ER C8 FLT3'!$A$4:$A$640&'ER C8 FLT3'!$B$4:$B$640-1,1),10),IF($H12=\"Class_7\",INDEX('ER C7 FLT3'!$A$4:$J$640,MATCH($E12&$C12,'ER C7 FLT3'!$A$4:$A$640&'ER C7 FLT3'!$B$4:$B$640-1,1),10),IF($H12=\"Class_6\",INDEX('ER C6 FLT3'!$A$4:$J$640,MATCH($E12&$C12,'ER C6 FLT3'!$A$4:$A$640&'ER C6 FLT3'!$B$4:$B$640-1,1),10)))),IF($B12=\"2 Trucks\",IF(OR($H12=\"Class_8\",$N12=\"Replacement8HHD\",$AH12=\"CL7HHD\",$AJ12=\"CL7to8\"),INDEX('ER C8 FLT2'!$A$4:$J$640,MATCH($E12&$C12,'ER C8 FLT2'!$A$4:$A$640&'ER C8 FLT2'!$B$4:$B$640-1,1),10),IF($H12=\"Class_7\",INDEX('ER C7 FLT2'!$A$4:$J$640,MATCH($E12&$C12,'ER C7 FLT2'!$A$4:$A$640&'ER C7 FLT2'!$B$4:$B$640-1,1),10),IF($H12=\"Class_6\",INDEX('ER C6 FLT2'!$A$4:$J$640,MATCH($E12&$C12,'ER C6 FLT2'!$A$4:$A$640&'ER C6 FLT2'!$B$4:$B$640-1,1),10)))),IF($B12=\"1 Truck\",\nIF(OR($H12=\"Class_8\",$N12=\"Replacement8HHD\",$AH12=\"CL7HHD\",$AJ12=\"CL7to8\"),INDEX('ER C8 FLT1'!$A$4:$J$640,MATCH($E12&$C12,'ER C8 FLT1'!$A$4:$A$640&'ER C8 FLT1'!$B$4:$B$640-1,1),10),IF($H12=\"Class_7\",INDEX('ER C7 FLT1'!$A$4:$J$640,MATCH($E12&$C12,'ER C7 FLT1'!$A$4:$A$640&'ER C7 FLT1'!$B$4:$B$640-1,1),10),IF($H12=\"Class_6\",INDEX('ER C6 FLT1'!$A$4:$J$640,MATCH($E12&$C12,'ER C6 FLT1'!$A$4:$A$640&'ER C6 FLT1'!$B$4:$B$640-1,1),10)))))))","v":false},{"$f":"IF($B12=\"3+ Trucks\",IF(OR($H12=\"Class_8\",$N12=\"Replacement8HHD\",$AH12=\"CL7HHD\",$AJ12=\"CL7to8\"),INDEX('ER C8 FLT3'!$A$4:$J$640,MATCH($E12&$C12,'ER C8 FLT3'!$A$4:$A$640&'ER C8 FLT3'!$B$4:$B$640-2,1),10),IF($H12=\"Class_7\",INDEX('ER C7 FLT3'!$A$4:$J$640,MATCH($E12&$C12,'ER C7 FLT3'!$A$4:$A$640&'ER C7 FLT3'!$B$4:$B$640-2,1),10),IF($H12=\"Class_6\",INDEX('ER C6 FLT3'!$A$4:$J$640,MATCH($E12&$C12,'ER C6 FLT3'!$A$4:$A$640&'ER C6 FLT3'!$B$4:$B$640-2,1),10)))),IF($B12=\"2 Trucks\",IF(OR($H12=\"Class_8\",$N12=\"Replacement8HHD\",$AH12=\"CL7HHD\",$AJ12=\"CL7to8\"),INDEX('ER C8 FLT2'!$A$4:$J$640,MATCH($E12&$C12,'ER C8 FLT2'!$A$4:$A$640&'ER C8 FLT2'!$B$4:$B$640-2,1),10),IF($H12=\"Class_7\",INDEX('ER C7 FLT2'!$A$4:$J$640,MATCH($E12&$C12,'ER C7 FLT2'!$A$4:$A$640&'ER C7 FLT2'!$B$4:$B$640-2,1),10),IF($H12=\"Class_6\",INDEX('ER C6 FLT2'!$A$4:$J$640,MATCH($E12&$C12,'ER C6 FLT2'!$A$4:$A$640&'ER C6 FLT2'!$B$4:$B$640-2,1),10)))),IF($B12=\"1 Truck\",\nIF(OR($H12=\"Class_8\",$N12=\"Replacement8HHD\",$AH12=\"CL7HHD\",$AJ12=\"CL7to8\"),INDEX('ER C8 FLT1'!$A$4:$J$640,MATCH($E12&$C12,'ER C8 FLT1'!$A$4:$A$640&'ER C8 FLT1'!$B$4:$B$640-2,1),10),IF($H12=\"Class_7\",INDEX('ER C7 FLT1'!$A$4:$J$640,MATCH($E12&$C12,'ER C7 FLT1'!$A$4:$A$640&'ER C7 FLT1'!$B$4:$B$640-2,1),10),IF($H12=\"Class_6\",INDEX('ER C6 FLT1'!$A$4:$J$640,MATCH($E12&$C12,'ER C6 FLT1'!$A$4:$A$640&'ER C6 FLT1'!$B$4:$B$640-2,1),10)))))))","v":false},{"$f":"IF($B12=\"3+ Trucks\",IF(OR($H12=\"Class_8\",$N12=\"Replacement8HHD\",$AH12=\"CL7HHD\",$AJ12=\"CL7to8\"),INDEX('ER C8 FLT3'!$A$4:$J$640,MATCH($E12&$C12,'ER C8 FLT3'!$A$4:$A$640&'ER C8 FLT3'!$B$4:$B$640-3,1),10),IF($H12=\"Class_7\",INDEX('ER C7 FLT3'!$A$4:$J$640,MATCH($E12&$C12,'ER C7 FLT3'!$A$4:$A$640&'ER C7 FLT3'!$B$4:$B$640-3,1),10),IF($H12=\"Class_6\",INDEX('ER C6 FLT3'!$A$4:$J$640,MATCH($E12&$C12,'ER C6 FLT3'!$A$4:$A$640&'ER C6 FLT3'!$B$4:$B$640-3,1),10)))),IF($B12=\"2 Trucks\",IF(OR($H12=\"Class_8\",$N12=\"Replacement8HHD\",$AH12=\"CL7HHD\",$AJ12=\"CL7to8\"),INDEX('ER C8 FLT2'!$A$4:$J$640,MATCH($E12&$C12,'ER C8 FLT2'!$A$4:$A$640&'ER C8 FLT2'!$B$4:$B$640-3,1),10),IF($H12=\"Class_7\",INDEX('ER C7 FLT2'!$A$4:$J$640,MATCH($E12&$C12,'ER C7 FLT2'!$A$4:$A$640&'ER C7 FLT2'!$B$4:$B$640-3,1),10),IF($H12=\"Class_6\",INDEX('ER C6 FLT2'!$A$4:$J$640,MATCH($E12&$C12,'ER C6 FLT2'!$A$4:$A$640&'ER C6 FLT2'!$B$4:$B$640-3,1),10)))),IF($B12=\"1 Truck\",\nIF(OR($H12=\"Class_8\",$N12=\"Replacement8HHD\",$AH12=\"CL7HHD\",$AJ12=\"CL7to8\"),INDEX('ER C8 FLT1'!$A$4:$J$640,MATCH($E12&$C12,'ER C8 FLT1'!$A$4:$A$640&'ER C8 FLT1'!$B$4:$B$640-3,1),10),IF($H12=\"Class_7\",INDEX('ER C7 FLT1'!$A$4:$J$640,MATCH($E12&$C12,'ER C7 FLT1'!$A$4:$A$640&'ER C7 FLT1'!$B$4:$B$640-3,1),10),IF($H12=\"Class_6\",INDEX('ER C6 FLT1'!$A$4:$J$640,MATCH($E12&$C12,'ER C6 FLT1'!$A$4:$A$640&'ER C6 FLT1'!$B$4:$B$640-3,1),10)))))))","v":false},{"$f":"IF($B12=\"3+ Trucks\",IF(OR($H12=\"Class_8\",$N12=\"Replacement8HHD\",$AH12=\"CL7HHD\",$AJ12=\"CL7to8\"),INDEX('ER C8 FLT3'!$A$4:$J$640,MATCH($E12&$C12,'ER C8 FLT3'!$A$4:$A$640&'ER C8 FLT3'!$B$4:$B$640-4,1),10),IF($H12=\"Class_7\",INDEX('ER C7 FLT3'!$A$4:$J$640,MATCH($E12&$C12,'ER C7 FLT3'!$A$4:$A$640&'ER C7 FLT3'!$B$4:$B$640-4,1),10),IF($H12=\"Class_6\",INDEX('ER C6 FLT3'!$A$4:$J$640,MATCH($E12&$C12,'ER C6 FLT3'!$A$4:$A$640&'ER C6 FLT3'!$B$4:$B$640-4,1),10)))),IF($B12=\"2 Trucks\",IF(OR($H12=\"Class_8\",$N12=\"Replacement8HHD\",$AH12=\"CL7HHD\",$AJ12=\"CL7to8\"),INDEX('ER C8 FLT2'!$A$4:$J$640,MATCH($E12&$C12,'ER C8 FLT2'!$A$4:$A$640&'ER C8 FLT2'!$B$4:$B$640-4,1),10),IF($H12=\"Class_7\",INDEX('ER C7 FLT2'!$A$4:$J$640,MATCH($E12&$C12,'ER C7 FLT2'!$A$4:$A$640&'ER C7 FLT2'!$B$4:$B$640-4,1),10),IF($H12=\"Class_6\",INDEX('ER C6 FLT2'!$A$4:$J$640,MATCH($E12&$C12,'ER C6 FLT2'!$A$4:$A$640&'ER C6 FLT2'!$B$4:$B$640-4,1),10)))),IF($B12=\"1 Truck\",\nIF(OR($H12=\"Class_8\",$N12=\"Replacement8HHD\",$AH12=\"CL7HHD\",$AJ12=\"CL7to8\"),INDEX('ER C8 FLT1'!$A$4:$J$640,MATCH($E12&$C12,'ER C8 FLT1'!$A$4:$A$640&'ER C8 FLT1'!$B$4:$B$640-4,1),10),IF($H12=\"Class_7\",INDEX('ER C7 FLT1'!$A$4:$J$640,MATCH($E12&$C12,'ER C7 FLT1'!$A$4:$A$640&'ER C7 FLT1'!$B$4:$B$640-4,1),10),IF($H12=\"Class_6\",INDEX('ER C6 FLT1'!$A$4:$J$640,MATCH($E12&$C12,'ER C6 FLT1'!$A$4:$A$640&'ER C6 FLT1'!$B$4:$B$640-4,1),10)))))))","v":false},{"$f":"IF(OR($R12=\"Diesel\",$R12=\"LNG/CNG\",$R12=\"Hybrid\",$R12=\"Electric w/ AB-118\"),IF($B12=\"3+ Trucks\",IF(OR($O12=\"Class_8\",$N12=\"Replacement8HHD\",$AI12=\"CL7HHD\"),INDEX('ER C8 FLT3'!$A$4:$J$640,MATCH(DropData!$J52&$C12,'ER C8 FLT3'!$A$4:$A$640&'ER C8 FLT3'!$B$4:$B$640,1),10),IF($O12=\"Class_7\",INDEX('ER C7 FLT3'!$A$4:$J$640,MATCH(DropData!$J52&$C12,'ER C7 FLT3'!$A$4:$A$640&'ER C7 FLT3'!$B$4:$B$640,1),10),IF($O12=\"Class_6\",INDEX('ER C6 FLT3'!$A$4:$J$640,MATCH(DropData!$J52&$C12,'ER C6 FLT3'!$A$4:$A$640&'ER C6 FLT3'!$B$4:$B$640,1),10)))),IF($B12=\"2 Trucks\",IF(OR($O12=\"Class_8\",$N12=\"Replacement8HHD\",$AI12=\"CL7HHD\"),INDEX('ER C8 FLT2'!$A$4:$J$640,MATCH(DropData!$J52&$C12,'ER C8 FLT2'!$A$4:$A$640&'ER C8 FLT2'!$B$4:$B$640,1),10),IF($O12=\"Class_7\",INDEX('ER C7 FLT2'!$A$4:$J$640,MATCH(DropData!$J52&$C12,'ER C7 FLT2'!$A$4:$A$640&'ER C7 FLT2'!$B$4:$B$640,1),10),IF($O12=\"Class_6\",INDEX('ER C6 FLT2'!$A$4:$J$640,MATCH(DropData!$J52&$C12,'ER C6 FLT2'!$A$4:$A$640&'ER C6 FLT2'!$B$4:$B$640,1),10)))),IF($B12=\"1 Truck\",IF(OR($O12=\"Class_8\",$N12=\"Replacement8HHD\",$AI12=\"CL7HHD\"),INDEX('ER C8 FLT1'!$A$4:$J$640,MATCH(DropData!$J52&$C12,'ER C8 FLT1'!$A$4:$A$640&'ER C8 FLT1'!$B$4:$B$640,1),10),IF($O12=\"Class_7\",INDEX('ER C7 FLT1'!$A$4:$J$640,MATCH(DropData!$J52&$C12,'ER C7 FLT1'!$A$4:$A$640&'ER C7 FLT1'!$B$4:$B$640,1),10),IF($O12=\"Class_6\",INDEX('ER C6 FLT1'!$A$4:$J$640,MATCH(DropData!$J52&$C12,'ER C6 FLT1'!$A$4:$A$640&'ER C6 FLT1'!$B$4:$B$640,1),10))))))),IF($R12=\"Electric\",INDEX('ER Electric'!$A$6:$E$44,MATCH($C12&$O12,'ER Electric'!$A$6:$A$44&'ER Electric'!$B$6:$B$44,1),5)))*(($Q12+$AC12)/453.6)","v":0},{"$f":"IF(OR($R12=\"Diesel\",$R12=\"LNG/CNG\",$R12=\"Hybrid\",$R12=\"Electric w/ AB-118\"),IF($B12=\"3+ Trucks\",IF(OR($O12=\"Class_8\",$N12=\"Replacement8HHD\",$AI12=\"CL7HHD\"),INDEX('ER C8 FLT3'!$A$4:$J$640,MATCH(DropData!$J52&$C12,'ER C8 FLT3'!$A$4:$A$640&'ER C8 FLT3'!$B$4:$B$640-1,1),10),IF($O12=\"Class_7\",INDEX('ER C7 FLT3'!$A$4:$J$640,MATCH(DropData!$J52&$C12,'ER C7 FLT3'!$A$4:$A$640&'ER C7 FLT3'!$B$4:$B$640-1,1),10),IF($O12=\"Class_6\",INDEX('ER C6 FLT3'!$A$4:$J$640,MATCH(DropData!$J52&$C12,'ER C6 FLT3'!$A$4:$A$640&'ER C6 FLT3'!$B$4:$B$640-1,1),10)))),IF($B12=\"2 Trucks\",IF(OR($O12=\"Class_8\",$N12=\"Replacement8HHD\",$AI12=\"CL7HHD\"),INDEX('ER C8 FLT2'!$A$4:$J$640,MATCH(DropData!$J52&$C12,'ER C8 FLT2'!$A$4:$A$640&'ER C8 FLT2'!$B$4:$B$640-1,1),10),IF($O12=\"Class_7\",INDEX('ER C7 FLT2'!$A$4:$J$640,MATCH(DropData!$J52&$C12,'ER C7 FLT2'!$A$4:$A$640&'ER C7 FLT2'!$B$4:$B$640-1,1),10),IF($O12=\"Class_6\",INDEX('ER C6 FLT2'!$A$4:$J$640,MATCH(DropData!$J52&$C12,'ER C6 FLT2'!$A$4:$A$640&'ER C6 FLT2'!$B$4:$B$640-1,1),10)))),IF($B12=\"1 Truck\",IF(OR($O12=\"Class_8\",$N12=\"Replacement8HHD\",$AI12=\"CL7HHD\"),INDEX('ER C8 FLT1'!$A$4:$J$640,MATCH(DropData!$J52&$C12,'ER C8 FLT1'!$A$4:$A$640&'ER C8 FLT1'!$B$4:$B$640-1,1),10),IF($O12=\"Class_7\",INDEX('ER C7 FLT1'!$A$4:$J$640,MATCH(DropData!$J52&$C12,'ER C7 FLT1'!$A$4:$A$640&'ER C7 FLT1'!$B$4:$B$640-1,1),10),IF($O12=\"Class_6\",INDEX('ER C6 FLT1'!$A$4:$J$640,MATCH(DropData!$J52&$C12,'ER C6 FLT1'!$A$4:$A$640&'ER C6 FLT1'!$B$4:$B$640-1,1),10))))))),IF($R12=\"Electric\",OFFSET(INDEX('ER Electric'!$A$6:$E$44,MATCH($C12&$O12,'ER Electric'!$A$6:$A$44&'ER Electric'!$B$6:$B$44,1),5),3,0)))*(($Q12+$AC12)/453.6)","v":0},{"$f":"IF(OR($R12=\"Diesel\",$R12=\"LNG/CNG\",$R12=\"Hybrid\",$R12=\"Electric w/ AB-118\"),IF($B12=\"3+ Trucks\",IF(OR($O12=\"Class_8\",$N12=\"Replacement8HHD\",$AI12=\"CL7HHD\"),INDEX('ER C8 FLT3'!$A$4:$J$640,MATCH(DropData!$J52&$C12,'ER C8 FLT3'!$A$4:$A$640&'ER C8 FLT3'!$B$4:$B$640-2,1),10),IF($O12=\"Class_7\",INDEX('ER C7 FLT3'!$A$4:$J$640,MATCH(DropData!$J52&$C12,'ER C7 FLT3'!$A$4:$A$640&'ER C7 FLT3'!$B$4:$B$640-2,1),10),IF($O12=\"Class_6\",INDEX('ER C6 FLT3'!$A$4:$J$640,MATCH(DropData!$J52&$C12,'ER C6 FLT3'!$A$4:$A$640&'ER C6 FLT3'!$B$4:$B$640-2,1),10)))),IF($B12=\"2 Trucks\",IF(OR($O12=\"Class_8\",$N12=\"Replacement8HHD\",$AI12=\"CL7HHD\"),INDEX('ER C8 FLT2'!$A$4:$J$640,MATCH(DropData!$J52&$C12,'ER C8 FLT2'!$A$4:$A$640&'ER C8 FLT2'!$B$4:$B$640-2,1),10),IF($O12=\"Class_7\",INDEX('ER C7 FLT2'!$A$4:$J$640,MATCH(DropData!$J52&$C12,'ER C7 FLT2'!$A$4:$A$640&'ER C7 FLT2'!$B$4:$B$640-2,1),10),IF($O12=\"Class_6\",INDEX('ER C6 FLT2'!$A$4:$J$640,MATCH(DropData!$J52&$C12,'ER C6 FLT2'!$A$4:$A$640&'ER C6 FLT2'!$B$4:$B$640-2,1),10)))),IF($B12=\"1 Truck\",IF(OR($O12=\"Class_8\",$N12=\"Replacement8HHD\",$AI12=\"CL7HHD\"),INDEX('ER C8 FLT1'!$A$4:$J$640,MATCH(DropData!$J52&$C12,'ER C8 FLT1'!$A$4:$A$640&'ER C8 FLT1'!$B$4:$B$640-2,1),10),IF($O12=\"Class_7\",INDEX('ER C7 FLT1'!$A$4:$J$640,MATCH(DropData!$J52&$C12,'ER C7 FLT1'!$A$4:$A$640&'ER C7 FLT1'!$B$4:$B$640-2,1),10),IF($O12=\"Class_6\",INDEX('ER C6 FLT1'!$A$4:$J$640,MATCH(DropData!$J52&$C12,'ER C6 FLT1'!$A$4:$A$640&'ER C6 FLT1'!$B$4:$B$640-2,1),10))))))),IF($R12=\"Electric\",OFFSET(INDEX('ER Electric'!$A$6:$E$44,MATCH($C12&$O12,'ER Electric'!$A$6:$A$44&'ER Electric'!$B$6:$B$44,1),5),6,0)))*(($Q12+$AC12)/453.6)","v":0},{"$f":"IF(OR($R12=\"Diesel\",$R12=\"LNG/CNG\",$R12=\"Hybrid\",$R12=\"Electric w/ AB-118\"),IF($B12=\"3+ Trucks\",IF(OR($O12=\"Class_8\",$N12=\"Replacement8HHD\",$AI12=\"CL7HHD\"),INDEX('ER C8 FLT3'!$A$4:$J$640,MATCH(DropData!$J52&$C12,'ER C8 FLT3'!$A$4:$A$640&'ER C8 FLT3'!$B$4:$B$640-3,1),10),IF($O12=\"Class_7\",INDEX('ER C7 FLT3'!$A$4:$J$640,MATCH(DropData!$J52&$C12,'ER C7 FLT3'!$A$4:$A$640&'ER C7 FLT3'!$B$4:$B$640-3,1),10),IF($O12=\"Class_6\",INDEX('ER C6 FLT3'!$A$4:$J$640,MATCH(DropData!$J52&$C12,'ER C6 FLT3'!$A$4:$A$640&'ER C6 FLT3'!$B$4:$B$640-3,1),10)))),IF($B12=\"2 Trucks\",IF(OR($O12=\"Class_8\",$N12=\"Replacement8HHD\",$AI12=\"CL7HHD\"),INDEX('ER C8 FLT2'!$A$4:$J$640,MATCH(DropData!$J52&$C12,'ER C8 FLT2'!$A$4:$A$640&'ER C8 FLT2'!$B$4:$B$640-3,1),10),IF($O12=\"Class_7\",INDEX('ER C7 FLT2'!$A$4:$J$640,MATCH(DropData!$J52&$C12,'ER C7 FLT2'!$A$4:$A$640&'ER C7 FLT2'!$B$4:$B$640-3,1),10),IF($O12=\"Class_6\",INDEX('ER C6 FLT2'!$A$4:$J$640,MATCH(DropData!$J52&$C12,'ER C6 FLT2'!$A$4:$A$640&'ER C6 FLT2'!$B$4:$B$640-3,1),10)))),IF($B12=\"1 Truck\",IF(OR($O12=\"Class_8\",$N12=\"Replacement8HHD\",$AI12=\"CL7HHD\"),INDEX('ER C8 FLT1'!$A$4:$J$640,MATCH(DropData!$J52&$C12,'ER C8 FLT1'!$A$4:$A$640&'ER C8 FLT1'!$B$4:$B$640-3,1),10),IF($O12=\"Class_7\",INDEX('ER C7 FLT1'!$A$4:$J$640,MATCH(DropData!$J52&$C12,'ER C7 FLT1'!$A$4:$A$640&'ER C7 FLT1'!$B$4:$B$640-3,1),10),IF($O12=\"Class_6\",INDEX('ER C6 FLT1'!$A$4:$J$640,MATCH(DropData!$J52&$C12,'ER C6 FLT1'!$A$4:$A$640&'ER C6 FLT1'!$B$4:$B$640-3,1),10))))))),IF($R12=\"Electric\",OFFSET(INDEX('ER Electric'!$A$6:$E$44,MATCH($C12&$O12,'ER Electric'!$A$6:$A$44&'ER Electric'!$B$6:$B$44,1),5),9,0)))*(($Q12+$AC12)/453.6)","v":0},{"$f":"IF(OR($R12=\"Diesel\",$R12=\"LNG/CNG\",$R12=\"Hybrid\",$R12=\"Electric w/ AB-118\"),IF($B12=\"3+ Trucks\",IF(OR($O12=\"Class_8\",$N12=\"Replacement8HHD\",$AI12=\"CL7HHD\"),INDEX('ER C8 FLT3'!$A$4:$J$640,MATCH(DropData!$J52&$C12,'ER C8 FLT3'!$A$4:$A$640&'ER C8 FLT3'!$B$4:$B$640-4,1),10),IF($O12=\"Class_7\",INDEX('ER C7 FLT3'!$A$4:$J$640,MATCH(DropData!$J52&$C12,'ER C7 FLT3'!$A$4:$A$640&'ER C7 FLT3'!$B$4:$B$640-4,1),10),IF($O12=\"Class_6\",INDEX('ER C6 FLT3'!$A$4:$J$640,MATCH(DropData!$J52&$C12,'ER C6 FLT3'!$A$4:$A$640&'ER C6 FLT3'!$B$4:$B$640-4,1),10)))),IF($B12=\"2 Trucks\",IF(OR($O12=\"Class_8\",$N12=\"Replacement8HHD\",$AI12=\"CL7HHD\"),INDEX('ER C8 FLT2'!$A$4:$J$640,MATCH(DropData!$J52&$C12,'ER C8 FLT2'!$A$4:$A$640&'ER C8 FLT2'!$B$4:$B$640-4,1),10),IF($O12=\"Class_7\",INDEX('ER C7 FLT2'!$A$4:$J$640,MATCH(DropData!$J52&$C12,'ER C7 FLT2'!$A$4:$A$640&'ER C7 FLT2'!$B$4:$B$640-4,1),10),IF($O12=\"Class_6\",INDEX('ER C6 FLT2'!$A$4:$J$640,MATCH(DropData!$J52&$C12,'ER C6 FLT2'!$A$4:$A$640&'ER C6 FLT2'!$B$4:$B$640-4,1),10)))),IF($B12=\"1 Truck\",IF(OR($O12=\"Class_8\",$N12=\"Replacement8HHD\",$AI12=\"CL7HHD\"),INDEX('ER C8 FLT1'!$A$4:$J$640,MATCH(DropData!$J52&$C12,'ER C8 FLT1'!$A$4:$A$640&'ER C8 FLT1'!$B$4:$B$640-4,1),10),IF($O12=\"Class_7\",INDEX('ER C7 FLT1'!$A$4:$J$640,MATCH(DropData!$J52&$C12,'ER C7 FLT1'!$A$4:$A$640&'ER C7 FLT1'!$B$4:$B$640-4,1),10),IF($O12=\"Class_6\",INDEX('ER C6 FLT1'!$A$4:$J$640,MATCH(DropData!$J52&$C12,'ER C6 FLT1'!$A$4:$A$640&'ER C6 FLT1'!$B$4:$B$640-4,1),10))))))),IF($R12=\"Electric\",OFFSET(INDEX('ER Electric'!$A$6:$E$44,MATCH($C12&$O12,'ER Electric'!$A$6:$A$44&'ER Electric'!$B$6:$B$44,1),5),12,0)))*(($Q12+$AC12)/453.6)","v":0},{"$f":"IF(OR($R12=\"Diesel\",$R12=\"LNG/CNG\",$R12=\"Hybrid\",$R12=\"Electric w/ AB-118\"),IF($B12=\"3+ Trucks\",IF(OR($O12=\"Class_8\",$N12=\"Replacement8HHD\",$AI12=\"CL7HHD\"),INDEX('ER C8 FLT3'!$A$4:$J$640,MATCH(DropData!$J52&$C12,'ER C8 FLT3'!$A$4:$A$640&'ER C8 FLT3'!$B$4:$B$640,1),10),IF($O12=\"Class_7\",INDEX('ER C7 FLT3'!$A$4:$J$640,MATCH(DropData!$J52&$C12,'ER C7 FLT3'!$A$4:$A$640&'ER C7 FLT3'!$B$4:$B$640,1),10),IF($O12=\"Class_6\",INDEX('ER C6 FLT3'!$A$4:$J$640,MATCH(DropData!$J52&$C12,'ER C6 FLT3'!$A$4:$A$640&'ER C6 FLT3'!$B$4:$B$640,1),10)))),IF($B12=\"2 Trucks\",IF(OR($O12=\"Class_8\",$N12=\"Replacement8HHD\",$AI12=\"CL7HHD\"),INDEX('ER C8 FLT2'!$A$4:$J$640,MATCH(DropData!$J52&$C12,'ER C8 FLT2'!$A$4:$A$640&'ER C8 FLT2'!$B$4:$B$640,1),10),IF($O12=\"Class_7\",INDEX('ER C7 FLT2'!$A$4:$J$640,MATCH(DropData!$J52&$C12,'ER C7 FLT2'!$A$4:$A$640&'ER C7 FLT2'!$B$4:$B$640,1),10),IF($O12=\"Class_6\",INDEX('ER C6 FLT2'!$A$4:$J$640,MATCH(DropData!$J52&$C12,'ER C6 FLT2'!$A$4:$A$640&'ER C6 FLT2'!$B$4:$B$640,1),10)))),IF($B12=\"1 Truck\",IF(OR($O12=\"Class_8\",$N12=\"Replacement8HHD\",$AI12=\"CL7HHD\"),INDEX('ER C8 FLT1'!$A$4:$J$640,MATCH(DropData!$J52&$C12,'ER C8 FLT1'!$A$4:$A$640&'ER C8 FLT1'!$B$4:$B$640,1),10),IF($O12=\"Class_7\",INDEX('ER C7 FLT1'!$A$4:$J$640,MATCH(DropData!$J52&$C12,'ER C7 FLT1'!$A$4:$A$640&'ER C7 FLT1'!$B$4:$B$640,1),10),IF($O12=\"Class_6\",INDEX('ER C6 FLT1'!$A$4:$J$640,MATCH(DropData!$J52&$C12,'ER C6 FLT1'!$A$4:$A$640&'ER C6 FLT1'!$B$4:$B$640,1),10))))))),IF($R12=\"Electric\",INDEX('ER Electric'!$A$6:$E$44,MATCH($C12&$O12,'ER Electric'!$A$6:$A$44&'ER Electric'!$B$6:$B$44,1),5)))","v":false},{"$f":"IF(OR($R12=\"Diesel\",$R12=\"LNG/CNG\",$R12=\"Hybrid\",$R12=\"Electric w/ AB-118\"),IF($B12=\"3+ Trucks\",IF(OR($O12=\"Class_8\",$N12=\"Replacement8HHD\",$AI12=\"CL7HHD\"),INDEX('ER C8 FLT3'!$A$4:$J$640,MATCH(DropData!$J52&$C12,'ER C8 FLT3'!$A$4:$A$640&'ER C8 FLT3'!$B$4:$B$640-1,1),10),IF($O12=\"Class_7\",INDEX('ER C7 FLT3'!$A$4:$J$640,MATCH(DropData!$J52&$C12,'ER C7 FLT3'!$A$4:$A$640&'ER C7 FLT3'!$B$4:$B$640-1,1),10),IF($O12=\"Class_6\",INDEX('ER C6 FLT3'!$A$4:$J$640,MATCH(DropData!$J52&$C12,'ER C6 FLT3'!$A$4:$A$640&'ER C6 FLT3'!$B$4:$B$640-1,1),10)))),IF($B12=\"2 Trucks\",IF(OR($O12=\"Class_8\",$N12=\"Replacement8HHD\",$AI12=\"CL7HHD\"),INDEX('ER C8 FLT2'!$A$4:$J$640,MATCH(DropData!$J52&$C12,'ER C8 FLT2'!$A$4:$A$640&'ER C8 FLT2'!$B$4:$B$640-1,1),10),IF($O12=\"Class_7\",INDEX('ER C7 FLT2'!$A$4:$J$640,MATCH(DropData!$J52&$C12,'ER C7 FLT2'!$A$4:$A$640&'ER C7 FLT2'!$B$4:$B$640-1,1),10),IF($O12=\"Class_6\",INDEX('ER C6 FLT2'!$A$4:$J$640,MATCH(DropData!$J52&$C12,'ER C6 FLT2'!$A$4:$A$640&'ER C6 FLT2'!$B$4:$B$640-1,1),10)))),IF($B12=\"1 Truck\",IF(OR($O12=\"Class_8\",$N12=\"Replacement8HHD\",$AI12=\"CL7HHD\"),INDEX('ER C8 FLT1'!$A$4:$J$640,MATCH(DropData!$J52&$C12,'ER C8 FLT1'!$A$4:$A$640&'ER C8 FLT1'!$B$4:$B$640-1,1),10),IF($O12=\"Class_7\",INDEX('ER C7 FLT1'!$A$4:$J$640,MATCH(DropData!$J52&$C12,'ER C7 FLT1'!$A$4:$A$640&'ER C7 FLT1'!$B$4:$B$640-1,1),10),IF($O12=\"Class_6\",INDEX('ER C6 FLT1'!$A$4:$J$640,MATCH(DropData!$J52&$C12,'ER C6 FLT1'!$A$4:$A$640&'ER C6 FLT1'!$B$4:$B$640-1,1),10))))))),IF($R12=\"Electric\",OFFSET(INDEX('ER Electric'!$A$6:$E$44,MATCH($C12&$O12,'ER Electric'!$A$6:$A$44&'ER Electric'!$B$6:$B$44,1),5),3,0)))","v":false},{"$f":"IF(OR($R12=\"Diesel\",$R12=\"LNG/CNG\",$R12=\"Hybrid\",$R12=\"Electric w/ AB-118\"),IF($B12=\"3+ Trucks\",IF(OR($O12=\"Class_8\",$N12=\"Replacement8HHD\",$AI12=\"CL7HHD\"),INDEX('ER C8 FLT3'!$A$4:$J$640,MATCH(DropData!$J52&$C12,'ER C8 FLT3'!$A$4:$A$640&'ER C8 FLT3'!$B$4:$B$640-2,1),10),IF($O12=\"Class_7\",INDEX('ER C7 FLT3'!$A$4:$J$640,MATCH(DropData!$J52&$C12,'ER C7 FLT3'!$A$4:$A$640&'ER C7 FLT3'!$B$4:$B$640-2,1),10),IF($O12=\"Class_6\",INDEX('ER C6 FLT3'!$A$4:$J$640,MATCH(DropData!$J52&$C12,'ER C6 FLT3'!$A$4:$A$640&'ER C6 FLT3'!$B$4:$B$640-2,1),10)))),IF($B12=\"2 Trucks\",IF(OR($O12=\"Class_8\",$N12=\"Replacement8HHD\",$AI12=\"CL7HHD\"),INDEX('ER C8 FLT2'!$A$4:$J$640,MATCH(DropData!$J52&$C12,'ER C8 FLT2'!$A$4:$A$640&'ER C8 FLT2'!$B$4:$B$640-2,1),10),IF($O12=\"Class_7\",INDEX('ER C7 FLT2'!$A$4:$J$640,MATCH(DropData!$J52&$C12,'ER C7 FLT2'!$A$4:$A$640&'ER C7 FLT2'!$B$4:$B$640-2,1),10),IF($O12=\"Class_6\",INDEX('ER C6 FLT2'!$A$4:$J$640,MATCH(DropData!$J52&$C12,'ER C6 FLT2'!$A$4:$A$640&'ER C6 FLT2'!$B$4:$B$640-2,1),10)))),IF($B12=\"1 Truck\",IF(OR($O12=\"Class_8\",$N12=\"Replacement8HHD\",$AI12=\"CL7HHD\"),INDEX('ER C8 FLT1'!$A$4:$J$640,MATCH(DropData!$J52&$C12,'ER C8 FLT1'!$A$4:$A$640&'ER C8 FLT1'!$B$4:$B$640-2,1),10),IF($O12=\"Class_7\",INDEX('ER C7 FLT1'!$A$4:$J$640,MATCH(DropData!$J52&$C12,'ER C7 FLT1'!$A$4:$A$640&'ER C7 FLT1'!$B$4:$B$640-2,1),10),IF($O12=\"Class_6\",INDEX('ER C6 FLT1'!$A$4:$J$640,MATCH(DropData!$J52&$C12,'ER C6 FLT1'!$A$4:$A$640&'ER C6 FLT1'!$B$4:$B$640-2,1),10))))))),IF($R12=\"Electric\",OFFSET(INDEX('ER Electric'!$A$6:$E$44,MATCH($C12&$O12,'ER Electric'!$A$6:$A$44&'ER Electric'!$B$6:$B$44,1),5),6,0)))","v":false},{"$f":"IF(OR($R12=\"Diesel\",$R12=\"LNG/CNG\",$R12=\"Hybrid\",$R12=\"Electric w/ AB-118\"),IF($B12=\"3+ Trucks\",IF(OR($O12=\"Class_8\",$N12=\"Replacement8HHD\",$AI12=\"CL7HHD\"),INDEX('ER C8 FLT3'!$A$4:$J$640,MATCH(DropData!$J52&$C12,'ER C8 FLT3'!$A$4:$A$640&'ER C8 FLT3'!$B$4:$B$640-3,1),10),IF($O12=\"Class_7\",INDEX('ER C7 FLT3'!$A$4:$J$640,MATCH(DropData!$J52&$C12,'ER C7 FLT3'!$A$4:$A$640&'ER C7 FLT3'!$B$4:$B$640-3,1),10),IF($O12=\"Class_6\",INDEX('ER C6 FLT3'!$A$4:$J$640,MATCH(DropData!$J52&$C12,'ER C6 FLT3'!$A$4:$A$640&'ER C6 FLT3'!$B$4:$B$640-3,1),10)))),IF($B12=\"2 Trucks\",IF(OR($O12=\"Class_8\",$N12=\"Replacement8HHD\",$AI12=\"CL7HHD\"),INDEX('ER C8 FLT2'!$A$4:$J$640,MATCH(DropData!$J52&$C12,'ER C8 FLT2'!$A$4:$A$640&'ER C8 FLT2'!$B$4:$B$640-3,1),10),IF($O12=\"Class_7\",INDEX('ER C7 FLT2'!$A$4:$J$640,MATCH(DropData!$J52&$C12,'ER C7 FLT2'!$A$4:$A$640&'ER C7 FLT2'!$B$4:$B$640-3,1),10),IF($O12=\"Class_6\",INDEX('ER C6 FLT2'!$A$4:$J$640,MATCH(DropData!$J52&$C12,'ER C6 FLT2'!$A$4:$A$640&'ER C6 FLT2'!$B$4:$B$640-3,1),10)))),IF($B12=\"1 Truck\",IF(OR($O12=\"Class_8\",$N12=\"Replacement8HHD\",$AI12=\"CL7HHD\"),INDEX('ER C8 FLT1'!$A$4:$J$640,MATCH(DropData!$J52&$C12,'ER C8 FLT1'!$A$4:$A$640&'ER C8 FLT1'!$B$4:$B$640-3,1),10),IF($O12=\"Class_7\",INDEX('ER C7 FLT1'!$A$4:$J$640,MATCH(DropData!$J52&$C12,'ER C7 FLT1'!$A$4:$A$640&'ER C7 FLT1'!$B$4:$B$640-3,1),10),IF($O12=\"Class_6\",INDEX('ER C6 FLT1'!$A$4:$J$640,MATCH(DropData!$J52&$C12,'ER C6 FLT1'!$A$4:$A$640&'ER C6 FLT1'!$B$4:$B$640-3,1),10))))))),IF($R12=\"Electric\",OFFSET(INDEX('ER Electric'!$A$6:$E$44,MATCH($C12&$O12,'ER Electric'!$A$6:$A$44&'ER Electric'!$B$6:$B$44,1),5),9,0)))","v":false},{"$f":"IF(OR($R12=\"Diesel\",$R12=\"LNG/CNG\",$R12=\"Hybrid\",$R12=\"Electric w/ AB-118\"),IF($B12=\"3+ Trucks\",IF(OR($O12=\"Class_8\",$N12=\"Replacement8HHD\",$AI12=\"CL7HHD\"),INDEX('ER C8 FLT3'!$A$4:$J$640,MATCH(DropData!$J52&$C12,'ER C8 FLT3'!$A$4:$A$640&'ER C8 FLT3'!$B$4:$B$640-4,1),10),IF($O12=\"Class_7\",INDEX('ER C7 FLT3'!$A$4:$J$640,MATCH(DropData!$J52&$C12,'ER C7 FLT3'!$A$4:$A$640&'ER C7 FLT3'!$B$4:$B$640-4,1),10),IF($O12=\"Class_6\",INDEX('ER C6 FLT3'!$A$4:$J$640,MATCH(DropData!$J52&$C12,'ER C6 FLT3'!$A$4:$A$640&'ER C6 FLT3'!$B$4:$B$640-4,1),10)))),IF($B12=\"2 Trucks\",IF(OR($O12=\"Class_8\",$N12=\"Replacement8HHD\",$AI12=\"CL7HHD\"),INDEX('ER C8 FLT2'!$A$4:$J$640,MATCH(DropData!$J52&$C12,'ER C8 FLT2'!$A$4:$A$640&'ER C8 FLT2'!$B$4:$B$640-4,1),10),IF($O12=\"Class_7\",INDEX('ER C7 FLT2'!$A$4:$J$640,MATCH(DropData!$J52&$C12,'ER C7 FLT2'!$A$4:$A$640&'ER C7 FLT2'!$B$4:$B$640-4,1),10),IF($O12=\"Class_6\",INDEX('ER C6 FLT2'!$A$4:$J$640,MATCH(DropData!$J52&$C12,'ER C6 FLT2'!$A$4:$A$640&'ER C6 FLT2'!$B$4:$B$640-4,1),10)))),IF($B12=\"1 Truck\",IF(OR($O12=\"Class_8\",$N12=\"Replacement8HHD\",$AI12=\"CL7HHD\"),INDEX('ER C8 FLT1'!$A$4:$J$640,MATCH(DropData!$J52&$C12,'ER C8 FLT1'!$A$4:$A$640&'ER C8 FLT1'!$B$4:$B$640-4,1),10),IF($O12=\"Class_7\",INDEX('ER C7 FLT1'!$A$4:$J$640,MATCH(DropData!$J52&$C12,'ER C7 FLT1'!$A$4:$A$640&'ER C7 FLT1'!$B$4:$B$640-4,1),10),IF($O12=\"Class_6\",INDEX('ER C6 FLT1'!$A$4:$J$640,MATCH(DropData!$J52&$C12,'ER C6 FLT1'!$A$4:$A$640&'ER C6 FLT1'!$B$4:$B$640-4,1),10))))))),IF($R12=\"Electric\",OFFSET(INDEX('ER Electric'!$A$6:$E$44,MATCH($C12&$O12,'ER Electric'!$A$6:$A$44&'ER Electric'!$B$6:$B$44,1),5),12,0)))","v":false},0,{"$f":"IF($B12=\"3+ Trucks\",IF($Z12=\"Class_8\",INDEX('ER C8 FLT3'!$A$4:$J$640,MATCH($W12&$C12,'ER C8 FLT3'!$A$4:$A$640&'ER C8 FLT3'!$B$4:$B$640,1),10),IF($Z12=\"Class_7\",INDEX('ER C7 FLT3'!$A$4:$J$640,MATCH($W12&$C12,'ER C7 FLT3'!$A$4:$A$640&'ER C7 FLT3'!$B$4:$B$640,1),10),IF($Z12=\"Class_6\",INDEX('ER C6 FLT3'!$A$4:$J$640,MATCH($W12&$C12,'ER C6 FLT3'!$A$4:$A$640&'ER C6 FLT3'!$B$4:$B$640,1),10)))),IF($B12=\"2 Trucks\",IF($Z12=\"Class_8\",INDEX('ER C8 FLT2'!$A$4:$J$640,MATCH($W12&$C12,'ER C8 FLT2'!$A$4:$A$640&'ER C8 FLT2'!$B$4:$B$640,1),10),IF($Z12=\"Class_7\",INDEX('ER C7 FLT2'!$A$4:$J$640,MATCH($W12&$C12,'ER C7 FLT2'!$A$4:$A$640&'ER C7 FLT2'!$B$4:$B$640,1),10),IF($Z12=\"Class_6\",INDEX('ER C6 FLT2'!$A$4:$J$640,MATCH($W12&$C12,'ER C6 FLT2'!$A$4:$A$640&'ER C6 FLT2'!$B$4:$B$640,1),10)))),IF($B12=\"1 Truck\",IF($Z12=\"Class_8\",INDEX('ER C8 FLT1'!$A$4:$J$640,MATCH($W12&$C12,'ER C8 FLT1'!$A$4:$A$640&'ER C8 FLT1'!$B$4:$B$640,1),10),IF($Z12=\"Class_7\",INDEX('ER C7 FLT1'!$A$4:$J$640,MATCH($W12&$C12,'ER C7 FLT1'!$A$4:$A$640&'ER C7 FLT1'!$B$4:$B$640,1),10)*IF($Z12=\"Class_7\",INDEX('ER C7 FLT1'!$A$4:$J$640,MATCH($W12&$C12,'ER C7 FLT1'!$A$4:$A$640&'ER C7 FLT1'!$B$4:$B$640,1),10)),IF($Z12=\"Class_6\",INDEX('ER C6 FLT1'!$A$4:$J$640,MATCH($W12&$C12,'ER C6 FLT1'!$A$4:$A$640&'ER C6 FLT1'!$B$4:$B$640,1),10)*IF($Z12=\"Class_6\",INDEX('ER C6 FLT1'!$A$4:$J$640,MATCH($W12&$C12,'ER C6 FLT1'!$A$4:$A$640&'ER C6 FLT1'!$B$4:$B$640,1),10))))))))*($AC12/453.6)","v":0},0,0,{"$f":"IF($B12=\"3+ Trucks\",IF($Z12=\"Class_8\",INDEX('ER C8 FLT3'!$A$4:$J$640,MATCH($W12&$C12,'ER C8 FLT3'!$A$4:$A$640&'ER C8 FLT3'!$B$4:$B$640-1,1),10),IF($Z12=\"Class_7\",INDEX('ER C7 FLT3'!$A$4:$J$640,MATCH($W12&$C12,'ER C7 FLT3'!$A$4:$A$640&'ER C7 FLT3'!$B$4:$B$640-1,1),10),IF($Z12=\"Class_6\",INDEX('ER C6 FLT3'!$A$4:$J$640,MATCH($W12&$C12,'ER C6 FLT3'!$A$4:$A$640&'ER C6 FLT3'!$B$4:$B$640-1,1),10)))),IF($B12=\"2 Trucks\",IF($Z12=\"Class_8\",INDEX('ER C8 FLT2'!$A$4:$J$640,MATCH($W12&$C12,'ER C8 FLT2'!$A$4:$A$640&'ER C8 FLT2'!$B$4:$B$640-1,1),10),IF($Z12=\"Class_7\",INDEX('ER C7 FLT2'!$A$4:$J$640,MATCH($W12&$C12,'ER C7 FLT2'!$A$4:$A$640&'ER C7 FLT2'!$B$4:$B$640-1,1),10),IF($Z12=\"Class_6\",INDEX('ER C6 FLT2'!$A$4:$J$640,MATCH($W12&$C12,'ER C6 FLT2'!$A$4:$A$640&'ER C6 FLT2'!$B$4:$B$640-1,1),10)))),IF($B12=\"1 Truck\",IF($Z12=\"Class_8\",INDEX('ER C8 FLT1'!$A$4:$J$640,MATCH($W12&$C12,'ER C8 FLT1'!$A$4:$A$640&'ER C8 FLT1'!$B$4:$B$640-1,1),10),IF($Z12=\"Class_7\",INDEX('ER C7 FLT1'!$A$4:$J$640,MATCH($W12&$C12,'ER C7 FLT1'!$A$4:$A$640&'ER C7 FLT1'!$B$4:$B$640-1,1),10)*IF($Z12=\"Class_7\",INDEX('ER C7 FLT1'!$A$4:$J$640,MATCH($W12&$C12,'ER C7 FLT1'!$A$4:$A$640&'ER C7 FLT1'!$B$4:$B$640-1,1),10)),IF($Z12=\"Class_6\",INDEX('ER C6 FLT1'!$A$4:$J$640,MATCH($W12&$C12,'ER C6 FLT1'!$A$4:$A$640&'ER C6 FLT1'!$B$4:$B$640-1,1),10)*IF($Z12=\"Class_6\",INDEX('ER C6 FLT1'!$A$4:$J$640,MATCH($W12&$C12,'ER C6 FLT1'!$A$4:$A$640&'ER C6 FLT1'!$B$4:$B$640-1,1),10))))))))*($AC12/453.6)","v":0},0,0,{"$f":"IF($B12=\"3+ Trucks\",IF($Z12=\"Class_8\",INDEX('ER C8 FLT3'!$A$4:$J$640,MATCH($W12&$C12,'ER C8 FLT3'!$A$4:$A$640&'ER C8 FLT3'!$B$4:$B$640-2,1),10),IF($Z12=\"Class_7\",INDEX('ER C7 FLT3'!$A$4:$J$640,MATCH($W12&$C12,'ER C7 FLT3'!$A$4:$A$640&'ER C7 FLT3'!$B$4:$B$640-2,1),10),IF($Z12=\"Class_6\",INDEX('ER C6 FLT3'!$A$4:$J$640,MATCH($W12&$C12,'ER C6 FLT3'!$A$4:$A$640&'ER C6 FLT3'!$B$4:$B$640-2,1),10)))),IF($B12=\"2 Trucks\",IF($Z12=\"Class_8\",INDEX('ER C8 FLT2'!$A$4:$J$640,MATCH($W12&$C12,'ER C8 FLT2'!$A$4:$A$640&'ER C8 FLT2'!$B$4:$B$640-2,1),10),IF($Z12=\"Class_7\",INDEX('ER C7 FLT2'!$A$4:$J$640,MATCH($W12&$C12,'ER C7 FLT2'!$A$4:$A$640&'ER C7 FLT2'!$B$4:$B$640-2,1),10),IF($Z12=\"Class_6\",INDEX('ER C6 FLT2'!$A$4:$J$640,MATCH($W12&$C12,'ER C6 FLT2'!$A$4:$A$640&'ER C6 FLT2'!$B$4:$B$640-2,1),10)))),IF($B12=\"1 Truck\",IF($Z12=\"Class_8\",INDEX('ER C8 FLT1'!$A$4:$J$640,MATCH($W12&$C12,'ER C8 FLT1'!$A$4:$A$640&'ER C8 FLT1'!$B$4:$B$640-2,1),10),IF($Z12=\"Class_7\",INDEX('ER C7 FLT1'!$A$4:$J$640,MATCH($W12&$C12,'ER C7 FLT1'!$A$4:$A$640&'ER C7 FLT1'!$B$4:$B$640-2,1),10)*IF($Z12=\"Class_7\",INDEX('ER C7 FLT1'!$A$4:$J$640,MATCH($W12&$C12,'ER C7 FLT1'!$A$4:$A$640&'ER C7 FLT1'!$B$4:$B$640-2,1),10)),IF($Z12=\"Class_6\",INDEX('ER C6 FLT1'!$A$4:$J$640,MATCH($W12&$C12,'ER C6 FLT1'!$A$4:$A$640&'ER C6 FLT1'!$B$4:$B$640-2,1),10)*IF($Z12=\"Class_6\",INDEX('ER C6 FLT1'!$A$4:$J$640,MATCH($W12&$C12,'ER C6 FLT1'!$A$4:$A$640&'ER C6 FLT1'!$B$4:$B$640-2,1),10))))))))*($AC12/453.6)","v":0},0,0,{"$f":"IF($B12=\"3+ Trucks\",IF($Z12=\"Class_8\",INDEX('ER C8 FLT3'!$A$4:$J$640,MATCH($W12&$C12,'ER C8 FLT3'!$A$4:$A$640&'ER C8 FLT3'!$B$4:$B$640-3,1),10),IF($Z12=\"Class_7\",INDEX('ER C7 FLT3'!$A$4:$J$640,MATCH($W12&$C12,'ER C7 FLT3'!$A$4:$A$640&'ER C7 FLT3'!$B$4:$B$640-3,1),10),IF($Z12=\"Class_6\",INDEX('ER C6 FLT3'!$A$4:$J$640,MATCH($W12&$C12,'ER C6 FLT3'!$A$4:$A$640&'ER C6 FLT3'!$B$4:$B$640-3,1),10)))),IF($B12=\"2 Trucks\",IF($Z12=\"Class_8\",INDEX('ER C8 FLT2'!$A$4:$J$640,MATCH($W12&$C12,'ER C8 FLT2'!$A$4:$A$640&'ER C8 FLT2'!$B$4:$B$640-3,1),10),IF($Z12=\"Class_7\",INDEX('ER C7 FLT2'!$A$4:$J$640,MATCH($W12&$C12,'ER C7 FLT2'!$A$4:$A$640&'ER C7 FLT2'!$B$4:$B$640-3,1),10),IF($Z12=\"Class_6\",INDEX('ER C6 FLT2'!$A$4:$J$640,MATCH($W12&$C12,'ER C6 FLT2'!$A$4:$A$640&'ER C6 FLT2'!$B$4:$B$640-3,1),10)))),IF($B12=\"1 Truck\",IF($Z12=\"Class_8\",INDEX('ER C8 FLT1'!$A$4:$J$640,MATCH($W12&$C12,'ER C8 FLT1'!$A$4:$A$640&'ER C8 FLT1'!$B$4:$B$640-3,1),10),IF($Z12=\"Class_7\",INDEX('ER C7 FLT1'!$A$4:$J$640,MATCH($W12&$C12,'ER C7 FLT1'!$A$4:$A$640&'ER C7 FLT1'!$B$4:$B$640-3,1),10)*IF($Z12=\"Class_7\",INDEX('ER C7 FLT1'!$A$4:$J$640,MATCH($W12&$C12,'ER C7 FLT1'!$A$4:$A$640&'ER C7 FLT1'!$B$4:$B$640-3,1),10)),IF($Z12=\"Class_6\",INDEX('ER C6 FLT1'!$A$4:$J$640,MATCH($W12&$C12,'ER C6 FLT1'!$A$4:$A$640&'ER C6 FLT1'!$B$4:$B$640-3,1),10)*IF($Z12=\"Class_6\",INDEX('ER C6 FLT1'!$A$4:$J$640,MATCH($W12&$C12,'ER C6 FLT1'!$A$4:$A$640&'ER C6 FLT1'!$B$4:$B$640-3,1),10))))))))*($AC12/453.6)","v":0},0,0,{"$f":"IF($B12=\"3+ Trucks\",IF($Z12=\"Class_8\",INDEX('ER C8 FLT3'!$A$4:$J$640,MATCH($W12&$C12,'ER C8 FLT3'!$A$4:$A$640&'ER C8 FLT3'!$B$4:$B$640-4,1),10),IF($Z12=\"Class_7\",INDEX('ER C7 FLT3'!$A$4:$J$640,MATCH($W12&$C12,'ER C7 FLT3'!$A$4:$A$640&'ER C7 FLT3'!$B$4:$B$640-4,1),10),IF($Z12=\"Class_6\",INDEX('ER C6 FLT3'!$A$4:$J$640,MATCH($W12&$C12,'ER C6 FLT3'!$A$4:$A$640&'ER C6 FLT3'!$B$4:$B$640-4,1),10)))),IF($B12=\"2 Trucks\",IF($Z12=\"Class_8\",INDEX('ER C8 FLT2'!$A$4:$J$640,MATCH($W12&$C12,'ER C8 FLT2'!$A$4:$A$640&'ER C8 FLT2'!$B$4:$B$640-4,1),10),IF($Z12=\"Class_7\",INDEX('ER C7 FLT2'!$A$4:$J$640,MATCH($W12&$C12,'ER C7 FLT2'!$A$4:$A$640&'ER C7 FLT2'!$B$4:$B$640-4,1),10),IF($Z12=\"Class_6\",INDEX('ER C6 FLT2'!$A$4:$J$640,MATCH($W12&$C12,'ER C6 FLT2'!$A$4:$A$640&'ER C6 FLT2'!$B$4:$B$640-4,1),10)))),IF($B12=\"1 Truck\",IF($Z12=\"Class_8\",INDEX('ER C8 FLT1'!$A$4:$J$640,MATCH($W12&$C12,'ER C8 FLT1'!$A$4:$A$640&'ER C8 FLT1'!$B$4:$B$640-4,1),10),IF($Z12=\"Class_7\",INDEX('ER C7 FLT1'!$A$4:$J$640,MATCH($W12&$C12,'ER C7 FLT1'!$A$4:$A$640&'ER C7 FLT1'!$B$4:$B$640-4,1),10)*IF($Z12=\"Class_7\",INDEX('ER C7 FLT1'!$A$4:$J$640,MATCH($W12&$C12,'ER C7 FLT1'!$A$4:$A$640&'ER C7 FLT1'!$B$4:$B$640-4,1),10)),IF($Z12=\"Class_6\",INDEX('ER C6 FLT1'!$A$4:$J$640,MATCH($W12&$C12,'ER C6 FLT1'!$A$4:$A$640&'ER C6 FLT1'!$B$4:$B$640-4,1),10)*IF($Z12=\"Class_6\",INDEX('ER C6 FLT1'!$A$4:$J$640,MATCH($W12&$C12,'ER C6 FLT1'!$A$4:$A$640&'ER C6 FLT1'!$B$4:$B$640-4,1),10))))))))*($AC12/453.6)","v":0},0,0]
[{"$f":"'Input data'!A11","v":"project 7"},{"$f":"'Input data'!B11","v":0},{"$f":"'Input data'!C11","v":0},{"$f":"'Input data'!D11","v":0},{"$f":"'Input data'!E11","v":0},{"$f":"'Input data'!F11","v":0},{"$f":"'Input data'!G11","v":0},{"$f":"'Input data'!H11","v":""},{"$f":"'Input data'!I11","v":0},{"$f":"'Input data'!J11","v":0},{"$f":"'Input data'!K11","v":0},{"$f":"'Input data'!AK11","v":false},{"$f":"'Input data'!M11","v":0},{"$f":"'Input data'!AJ11","v":0},{"$f":"'Input data'!L11","v":0},{"$f":"'Input data'!N11","v":0},{"$f":"'Input data'!O11","v":0},{"$f":"'Input data'!P11","v":0},{"$f":"'Input data'!Q11","v":0},{"$f":"'Input data'!R11","v":"0"},{"$f":"'Input data'!$S11","v":"No"},{"$f":"'Input data'!T11","v":"No"},{"$f":"'Input data'!U11","v":0},{"$f":"'Input data'!V11","v":0},{"$f":"'Input data'!W11","v":0},{"$f":"'Input data'!X11","v":""},{"$f":"'Input data'!Y11","v":0},{"$f":"'Input data'!Z11","v":0},{"$f":"'Input data'!AA11","v":0},null,null,{"$f":"'Input data'!AD11","v":0},{"$f":"'Input data'!AE11","v":false},{"$f":"'Input data'!AF11","v":false},{"$f":"'Input data'!AG11","v":false},{"$f":"'Input data'!AH11","v":false},null,{"$f":"IF($B13=\"3+ Trucks\",IF(OR($H13=\"Class_8\",$N13=\"Replacement8HHD\",$AH13=\"CL7HHD\",$AJ13=\"CL7to8\"),INDEX('ER C8 FLT3'!$A$4:$J$640,MATCH($E13&$C13,'ER C8 FLT3'!$A$4:$A$640&'ER C8 FLT3'!$B$4:$B$640,1),8)*IF(OR($H13=\"Class_8\",$N13=\"Replacement8HHD\",$AH13=\"CL7HHD\",$AJ13=\"CL7to8\"),INDEX('ER C8 FLT3'!$A$4:$J$640,MATCH($E13&$C13,'ER C8 FLT3'!$A$4:$A$640&'ER C8 FLT3'!$B$4:$B$640,1),9)),IF($H13=\"Class_7\",INDEX('ER C7 FLT3'!$A$4:$J$640,MATCH($E13&$C13,'ER C7 FLT3'!$A$4:$A$640&'ER C7 FLT3'!$B$4:$B$640,1),8)*IF($H13=\"Class_7\",INDEX('ER C7 FLT3'!$A$4:$J$640,MATCH($E13&$C13,'ER C7 FLT3'!$A$4:$A$640&'ER C7 FLT3'!$B$4:$B$640,1),9)),\nIF($H13=\"Class_6\",INDEX('ER C6 FLT3'!$A$4:$J$640,MATCH($E13&$C13,'ER C6 FLT3'!$A$4:$A$640&'ER C6 FLT3'!$B$4:$B$640,1),8)*IF($H13=\"Class_6\",INDEX('ER C6 FLT3'!$A$4:$L$640,MATCH($E13&$C13,'ER C6 FLT3'!$A$4:$A$640&'ER C6 FLT3'!$B$4:$B$640,1),9))))),IF($B13=\"2 Trucks\",IF(OR($H13=\"Class_8\",$N13=\"Replacement8HHD\",$AH13=\"CL7HHD\",$AJ13=\"CL7to8\"),INDEX('ER C8 FLT2'!$A$4:$J$640,MATCH($E13&$C13,'ER C8 FLT2'!$A$4:$A$640&'ER C8 FLT2'!$B$4:$B$640,1),8)*IF(OR($H13=\"Class_8\",$N13=\"Replacement8HHD\",$AH13=\"CL7HHD\",$AJ13=\"CL7to8\"),INDEX('ER C8 FLT2'!$A$4:$J$640,MATCH($E13&$C13,'ER C8 FLT2'!$A$4:$A$640&'ER C8 FLT2'!$B$4:$B$640,1),9)),IF($H13=\"Class_7\",INDEX('ER C7 FLT2'!$A$4:$J$640,MATCH($E13&$C13,'ER C7 FLT2'!$A$4:$A$640&'ER C7 FLT2'!$B$4:$B$640,1),8)*IF($H13=\"Class_7\",INDEX('ER C7 FLT2'!$A$4:$J$640,MATCH($E13&$C13,'ER C7 FLT2'!$A$4:$A$640&'ER C7 FLT2'!$B$4:$B$640,1),9)),IF($H13=\"Class_6\",INDEX('ER C6 FLT2'!$A$4:$J$640,MATCH($E13&$C13,'ER C6 FLT2'!$A$4:$A$640&'ER C6 FLT2'!$B$4:$B$640,1),8)*IF($H13=\"Class_6\",INDEX('ER C6 FLT2'!$A$4:$J$640,MATCH($E13&$C13,'ER C6 FLT2'!$A$4:$A$640&'ER C6 FLT2'!$B$4:$B$640,1),9))))),IF($B13=\"1 Truck\",\nIF(OR($H13=\"Class_8\",$N13=\"Replacement8HHD\",$AH13=\"CL7HHD\",$AJ13=\"CL7to8\"),INDEX('ER C8 FLT1'!$A$4:$J$640,MATCH($E13&$C13,'ER C8 FLT1'!$A$4:$A$640&'ER C8 FLT1'!$B$4:$B$640,1),8)*IF(OR($H13=\"Class_8\",$N13=\"Replacement8HHD\",$AH13=\"CL7HHD\",$AJ13=\"CL7to8\"),INDEX('ER C8 FLT1'!$A$4:$J$640,MATCH($E13&$C13,'ER C8 FLT1'!$A$4:$A$640&'ER C8 FLT1'!$B$4:$B$640,1),9)),IF($H13=\"Class_7\",INDEX('ER C7 FLT1'!$A$4:$J$640,MATCH($E13&$C13,'ER C7 FLT1'!$A$4:$A$640&'ER C7 FLT1'!$B$4:$B$640,1),8)*IF($H13=\"Class_7\",INDEX('ER C7 FLT1'!$A$4:$J$640,MATCH($E13&$C13,'ER C7 FLT1'!$A$4:$A$640&'ER C7 FLT1'!$B$4:$B$640,1),9)),\nIF($H13=\"Class_6\",INDEX('ER C6 FLT1'!$A$4:$J$640,MATCH($E13&$C13,'ER C6 FLT1'!$A$4:$A$640&'ER C6 FLT1'!$B$4:$B$640,1),8)*IF($H13=\"Class_6\",INDEX('ER C6 FLT1'!$A$4:$J$640,MATCH($E13&$C13,'ER C6 FLT1'!$A$4:$A$640&'ER C6 FLT1'!$B$4:$B$640,1),9))))))))*IF($F13=\"Level 1 PM\",0.75,IF($F13=\"Level 2 PM\",0.5,IF($F13=\"Level 3 PM\",0,IF($F13=\"Level 3 PM + Mark I NOx\",0,1))))*($Q13/453.6)","v":0},{"$f":"IF($B13=\"3+ Trucks\",IF(OR($H13=\"Class_8\",$N13=\"Replacement8HHD\",$AH13=\"CL7HHD\",$AJ13=\"CL7to8\"),INDEX('ER C8 FLT3'!$A$4:$J$640,MATCH($E13&$C13,'ER C8 FLT3'!$A$4:$A$640&'ER C8 FLT3'!$B$4:$B$640-1,1),8)*IF(OR($H13=\"Class_8\",$N13=\"Replacement8HHD\",$AH13=\"CL7HHD\",$AJ13=\"CL7to8\"),INDEX('ER C8 FLT3'!$A$4:$J$640,MATCH($E13&$C13,'ER C8 FLT3'!$A$4:$A$640&'ER C8 FLT3'!$B$4:$B$640-1,1),9)),IF($H13=\"Class_7\",INDEX('ER C7 FLT3'!$A$4:$J$640,MATCH($E13&$C13,'ER C7 FLT3'!$A$4:$A$640&'ER C7 FLT3'!$B$4:$B$640-1,1),8)*IF($H13=\"Class_7\",INDEX('ER C7 FLT3'!$A$4:$J$640,MATCH($E13&$C13,'ER C7 FLT3'!$A$4:$A$640&'ER C7 FLT3'!$B$4:$B$640-1,1),9)),\nIF($H13=\"Class_6\",INDEX('ER C6 FLT3'!$A$4:$J$640,MATCH($E13&$C13,'ER C6 FLT3'!$A$4:$A$640&'ER C6 FLT3'!$B$4:$B$640-1,1),8)*IF($H13=\"Class_6\",INDEX('ER C6 FLT3'!$A$4:$L$640,MATCH($E13&$C13,'ER C6 FLT3'!$A$4:$A$640&'ER C6 FLT3'!$B$4:$B$640-1,1),9))))),IF($B13=\"2 Trucks\",IF(OR($H13=\"Class_8\",$N13=\"Replacement8HHD\",$AH13=\"CL7HHD\",$AJ13=\"CL7to8\"),INDEX('ER C8 FLT2'!$A$4:$J$640,MATCH($E13&$C13,'ER C8 FLT2'!$A$4:$A$640&'ER C8 FLT2'!$B$4:$B$640-1,1),8)*IF(OR($H13=\"Class_8\",$N13=\"Replacement8HHD\",$AH13=\"CL7HHD\",$AJ13=\"CL7to8\"),INDEX('ER C8 FLT2'!$A$4:$J$640,MATCH($E13&$C13,'ER C8 FLT2'!$A$4:$A$640&'ER C8 FLT2'!$B$4:$B$640-1,1),9)),IF($H13=\"Class_7\",INDEX('ER C7 FLT2'!$A$4:$J$640,MATCH($E13&$C13,'ER C7 FLT2'!$A$4:$A$640&'ER C7 FLT2'!$B$4:$B$640-1,1),8)*IF($H13=\"Class_7\",INDEX('ER C7 FLT2'!$A$4:$J$640,MATCH($E13&$C13,'ER C7 FLT2'!$A$4:$A$640&'ER C7 FLT2'!$B$4:$B$640-1,1),9)),IF($H13=\"Class_6\",INDEX('ER C6 FLT2'!$A$4:$J$640,MATCH($E13&$C13,'ER C6 FLT2'!$A$4:$A$640&'ER C6 FLT2'!$B$4:$B$640-1,1),8)*IF($H13=\"Class_6\",INDEX('ER C6 FLT2'!$A$4:$J$640,MATCH($E13&$C13,'ER C6 FLT2'!$A$4:$A$640&'ER C6 FLT2'!$B$4:$B$640-1,1),9))))),IF($B13=\"1 Truck\",\nIF(OR($H13=\"Class_8\",$N13=\"Replacement8HHD\",$AH13=\"CL7HHD\",$AJ13=\"CL7to8\"),INDEX('ER C8 FLT1'!$A$4:$J$640,MATCH($E13&$C13,'ER C8 FLT1'!$A$4:$A$640&'ER C8 FLT1'!$B$4:$B$640-1,1),8)*IF(OR($H13=\"Class_8\",$N13=\"Replacement8HHD\",$AH13=\"CL7HHD\",$AJ13=\"CL7to8\"),INDEX('ER C8 FLT1'!$A$4:$J$640,MATCH($E13&$C13,'ER C8 FLT1'!$A$4:$A$640&'ER C8 FLT1'!$B$4:$B$640-1,1),9)),IF($H13=\"Class_7\",INDEX('ER C7 FLT1'!$A$4:$J$640,MATCH($E13&$C13,'ER C7 FLT1'!$A$4:$A$640&'ER C7 FLT1'!$B$4:$B$640-1,1),8)*IF($H13=\"Class_7\",INDEX('ER C7 FLT1'!$A$4:$J$640,MATCH($E13&$C13,'ER C7 FLT1'!$A$4:$A$640&'ER C7 FLT1'!$B$4:$B$640-1,1),9)),\nIF($H13=\"Class_6\",INDEX('ER C6 FLT1'!$A$4:$J$640,MATCH($E13&$C13,'ER C6 FLT1'!$A$4:$A$640&'ER C6 FLT1'!$B$4:$B$640-1,1),8)*IF($H13=\"Class_6\",INDEX('ER C6 FLT1'!$A$4:$J$640,MATCH($E13&$C13,'ER C6 FLT1'!$A$4:$A$640&'ER C6 FLT1'!$B$4:$B$640-1,1),9))))))))*IF($F13=\"Level 1 PM\",0.75,IF($F13=\"Level 2 PM\",0.5,IF($F13=\"Level 3 PM\",0,IF($F13=\"Level 3 PM + Mark I NOx\",0,1))))*($Q13/453.6)","v":0},{"$f":"IF($B13=\"3+ Trucks\",IF(OR($H13=\"Class_8\",$N13=\"Replacement8HHD\",$AH13=\"CL7HHD\",$AJ13=\"CL7to8\"),INDEX('ER C8 FLT3'!$A$4:$J$640,MATCH($E13&$C13,'ER C8 FLT3'!$A$4:$A$640&'ER C8 FLT3'!$B$4:$B$640-2,1),8)*IF(OR($H13=\"Class_8\",$N13=\"Replacement8HHD\",$AH13=\"CL7HHD\",$AJ13=\"CL7to8\"),INDEX('ER C8 FLT3'!$A$4:$J$640,MATCH($E13&$C13,'ER C8 FLT3'!$A$4:$A$640&'ER C8 FLT3'!$B$4:$B$640-2,1),9)),IF($H13=\"Class_7\",INDEX('ER C7 FLT3'!$A$4:$J$640,MATCH($E13&$C13,'ER C7 FLT3'!$A$4:$A$640&'ER C7 FLT3'!$B$4:$B$640-2,1),8)*IF($H13=\"Class_7\",INDEX('ER C7 FLT3'!$A$4:$J$640,MATCH($E13&$C13,'ER C7 FLT3'!$A$4:$A$640&'ER C7 FLT3'!$B$4:$B$640-2,1),9)),\nIF($H13=\"Class_6\",INDEX('ER C6 FLT3'!$A$4:$J$640,MATCH($E13&$C13,'ER C6 FLT3'!$A$4:$A$640&'ER C6 FLT3'!$B$4:$B$640-2,1),8)*IF($H13=\"Class_6\",INDEX('ER C6 FLT3'!$A$4:$L$640,MATCH($E13&$C13,'ER C6 FLT3'!$A$4:$A$640&'ER C6 FLT3'!$B$4:$B$640-2,1),9))))),IF($B13=\"2 Trucks\",IF(OR($H13=\"Class_8\",$N13=\"Replacement8HHD\",$AH13=\"CL7HHD\",$AJ13=\"CL7to8\"),INDEX('ER C8 FLT2'!$A$4:$J$640,MATCH($E13&$C13,'ER C8 FLT2'!$A$4:$A$640&'ER C8 FLT2'!$B$4:$B$640-2,1),8)*IF(OR($H13=\"Class_8\",$N13=\"Replacement8HHD\",$AH13=\"CL7HHD\",$AJ13=\"CL7to8\"),INDEX('ER C8 FLT2'!$A$4:$J$640,MATCH($E13&$C13,'ER C8 FLT2'!$A$4:$A$640&'ER C8 FLT2'!$B$4:$B$640-2,1),9)),IF($H13=\"Class_7\",INDEX('ER C7 FLT2'!$A$4:$J$640,MATCH($E13&$C13,'ER C7 FLT2'!$A$4:$A$640&'ER C7 FLT2'!$B$4:$B$640-2,1),8)*IF($H13=\"Class_7\",INDEX('ER C7 FLT2'!$A$4:$J$640,MATCH($E13&$C13,'ER C7 FLT2'!$A$4:$A$640&'ER C7 FLT2'!$B$4:$B$640-2,1),9)),IF($H13=\"Class_6\",INDEX('ER C6 FLT2'!$A$4:$J$640,MATCH($E13&$C13,'ER C6 FLT2'!$A$4:$A$640&'ER C6 FLT2'!$B$4:$B$640-2,1),8)*IF($H13=\"Class_6\",INDEX('ER C6 FLT2'!$A$4:$J$640,MATCH($E13&$C13,'ER C6 FLT2'!$A$4:$A$640&'ER C6 FLT2'!$B$4:$B$640-2,1),9))))),IF($B13=\"1 Truck\",\nIF(OR($H13=\"Class_8\",$N13=\"Replacement8HHD\",$AH13=\"CL7HHD\",$AJ13=\"CL7to8\"),INDEX('ER C8 FLT1'!$A$4:$J$640,MATCH($E13&$C13,'ER C8 FLT1'!$A$4:$A$640&'ER C8 FLT1'!$B$4:$B$640-2,1),8)*IF(OR($H13=\"Class_8\",$N13=\"Replacement8HHD\",$AH13=\"CL7HHD\",$AJ13=\"CL7to8\"),INDEX('ER C8 FLT1'!$A$4:$J$640,MATCH($E13&$C13,'ER C8 FLT1'!$A$4:$A$640&'ER C8 FLT1'!$B$4:$B$640-2,1),9)),IF($H13=\"Class_7\",INDEX('ER C7 FLT1'!$A$4:$J$640,MATCH($E13&$C13,'ER C7 FLT1'!$A$4:$A$640&'ER C7 FLT1'!$B$4:$B$640-2,1),8)*IF($H13=\"Class_7\",INDEX('ER C7 FLT1'!$A$4:$J$640,MATCH($E13&$C13,'ER C7 FLT1'!$A$4:$A$640&'ER C7 FLT1'!$B$4:$B$640-2,1),9)),\nIF($H13=\"Class_6\",INDEX('ER C6 FLT1'!$A$4:$J$640,MATCH($E13&$C13,'ER C6 FLT1'!$A$4:$A$640&'ER C6 FLT1'!$B$4:$B$640-2,1),8)*IF($H13=\"Class_6\",INDEX('ER C6 FLT1'!$A$4:$J$640,MATCH($E13&$C13,'ER C6 FLT1'!$A$4:$A$640&'ER C6 FLT1'!$B$4:$B$640-2,1),9))))))))*IF($F13=\"Level 1 PM\",0.75,IF($F13=\"Level 2 PM\",0.5,IF($F13=\"Level 3 PM\",0,IF($F13=\"Level 3 PM + Mark I NOx\",0,1))))*($Q13/453.6)","v":0},{"$f":"IF($B13=\"3+ Trucks\",IF(OR($H13=\"Class_8\",$N13=\"Replacement8HHD\",$AH13=\"CL7HHD\",$AJ13=\"CL7to8\"),INDEX('ER C8 FLT3'!$A$4:$J$640,MATCH($E13&$C13,'ER C8 FLT3'!$A$4:$A$640&'ER C8 FLT3'!$B$4:$B$640-3,1),8)*IF(OR($H13=\"Class_8\",$N13=\"Replacement8HHD\",$AH13=\"CL7HHD\",$AJ13=\"CL7to8\"),INDEX('ER C8 FLT3'!$A$4:$J$640,MATCH($E13&$C13,'ER C8 FLT3'!$A$4:$A$640&'ER C8 FLT3'!$B$4:$B$640-3,1),9)),IF($H13=\"Class_7\",INDEX('ER C7 FLT3'!$A$4:$J$640,MATCH($E13&$C13,'ER C7 FLT3'!$A$4:$A$640&'ER C7 FLT3'!$B$4:$B$640-3,1),8)*IF($H13=\"Class_7\",INDEX('ER C7 FLT3'!$A$4:$J$640,MATCH($E13&$C13,'ER C7 FLT3'!$A$4:$A$640&'ER C7 FLT3'!$B$4:$B$640-3,1),9)),\nIF($H13=\"Class_6\",INDEX('ER C6 FLT3'!$A$4:$J$640,MATCH($E13&$C13,'ER C6 FLT3'!$A$4:$A$640&'ER C6 FLT3'!$B$4:$B$640-3,1),8)*IF($H13=\"Class_6\",INDEX('ER C6 FLT3'!$A$4:$L$640,MATCH($E13&$C13,'ER C6 FLT3'!$A$4:$A$640&'ER C6 FLT3'!$B$4:$B$640-3,1),9))))),IF($B13=\"2 Trucks\",IF(OR($H13=\"Class_8\",$N13=\"Replacement8HHD\",$AH13=\"CL7HHD\",$AJ13=\"CL7to8\"),INDEX('ER C8 FLT2'!$A$4:$J$640,MATCH($E13&$C13,'ER C8 FLT2'!$A$4:$A$640&'ER C8 FLT2'!$B$4:$B$640-3,1),8)*IF(OR($H13=\"Class_8\",$N13=\"Replacement8HHD\",$AH13=\"CL7HHD\",$AJ13=\"CL7to8\"),INDEX('ER C8 FLT2'!$A$4:$J$640,MATCH($E13&$C13,'ER C8 FLT2'!$A$4:$A$640&'ER C8 FLT2'!$B$4:$B$640-3,1),9)),IF($H13=\"Class_7\",INDEX('ER C7 FLT2'!$A$4:$J$640,MATCH($E13&$C13,'ER C7 FLT2'!$A$4:$A$640&'ER C7 FLT2'!$B$4:$B$640-3,1),8)*IF($H13=\"Class_7\",INDEX('ER C7 FLT2'!$A$4:$J$640,MATCH($E13&$C13,'ER C7 FLT2'!$A$4:$A$640&'ER C7 FLT2'!$B$4:$B$640-3,1),9)),IF($H13=\"Class_6\",INDEX('ER C6 FLT2'!$A$4:$J$640,MATCH($E13&$C13,'ER C6 FLT2'!$A$4:$A$640&'ER C6 FLT2'!$B$4:$B$640-3,1),8)*IF($H13=\"Class_6\",INDEX('ER C6 FLT2'!$A$4:$J$640,MATCH($E13&$C13,'ER C6 FLT2'!$A$4:$A$640&'ER C6 FLT2'!$B$4:$B$640-3,1),9))))),IF($B13=\"1 Truck\",\nIF(OR($H13=\"Class_8\",$N13=\"Replacement8HHD\",$AH13=\"CL7HHD\",$AJ13=\"CL7to8\"),INDEX('ER C8 FLT1'!$A$4:$J$640,MATCH($E13&$C13,'ER C8 FLT1'!$A$4:$A$640&'ER C8 FLT1'!$B$4:$B$640-3,1),8)*IF(OR($H13=\"Class_8\",$N13=\"Replacement8HHD\",$AH13=\"CL7HHD\",$AJ13=\"CL7to8\"),INDEX('ER C8 FLT1'!$A$4:$J$640,MATCH($E13&$C13,'ER C8 FLT1'!$A$4:$A$640&'ER C8 FLT1'!$B$4:$B$640-3,1),9)),IF($H13=\"Class_7\",INDEX('ER C7 FLT1'!$A$4:$J$640,MATCH($E13&$C13,'ER C7 FLT1'!$A$4:$A$640&'ER C7 FLT1'!$B$4:$B$640-3,1),8)*IF($H13=\"Class_7\",INDEX('ER C7 FLT1'!$A$4:$J$640,MATCH($E13&$C13,'ER C7 FLT1'!$A$4:$A$640&'ER C7 FLT1'!$B$4:$B$640-3,1),9)),\nIF($H13=\"Class_6\",INDEX('ER C6 FLT1'!$A$4:$J$640,MATCH($E13&$C13,'ER C6 FLT1'!$A$4:$A$640&'ER C6 FLT1'!$B$4:$B$640-3,1),8)*IF($H13=\"Class_6\",INDEX('ER C6 FLT1'!$A$4:$J$640,MATCH($E13&$C13,'ER C6 FLT1'!$A$4:$A$640&'ER C6 FLT1'!$B$4:$B$640-3,1),9))))))))*IF($F13=\"Level 1 PM\",0.75,IF($F13=\"Level 2 PM\",0.5,IF($F13=\"Level 3 PM\",0,IF($F13=\"Level 3 PM + Mark I NOx\",0,1))))*($Q13/453.6)","v":0},{"$f":"IF($B13=\"3+ Trucks\",IF(OR($H13=\"Class_8\",$N13=\"Replacement8HHD\",$AH13=\"CL7HHD\",$AJ13=\"CL7to8\"),INDEX('ER C8 FLT3'!$A$4:$J$640,MATCH($E13&$C13,'ER C8 FLT3'!$A$4:$A$640&'ER C8 FLT3'!$B$4:$B$640-4,1),8)*IF(OR($H13=\"Class_8\",$N13=\"Replacement8HHD\",$AH13=\"CL7HHD\",$AJ13=\"CL7to8\"),INDEX('ER C8 FLT3'!$A$4:$J$640,MATCH($E13&$C13,'ER C8 FLT3'!$A$4:$A$640&'ER C8 FLT3'!$B$4:$B$640-4,1),9)),IF($H13=\"Class_7\",INDEX('ER C7 FLT3'!$A$4:$J$640,MATCH($E13&$C13,'ER C7 FLT3'!$A$4:$A$640&'ER C7 FLT3'!$B$4:$B$640-4,1),8)*IF($H13=\"Class_7\",INDEX('ER C7 FLT3'!$A$4:$J$640,MATCH($E13&$C13,'ER C7 FLT3'!$A$4:$A$640&'ER C7 FLT3'!$B$4:$B$640-4,1),9)),\nIF($H13=\"Class_6\",INDEX('ER C6 FLT3'!$A$4:$J$640,MATCH($E13&$C13,'ER C6 FLT3'!$A$4:$A$640&'ER C6 FLT3'!$B$4:$B$640-4,1),8)*IF($H13=\"Class_6\",INDEX('ER C6 FLT3'!$A$4:$L$640,MATCH($E13&$C13,'ER C6 FLT3'!$A$4:$A$640&'ER C6 FLT3'!$B$4:$B$640-4,1),9))))),IF($B13=\"2 Trucks\",IF(OR($H13=\"Class_8\",$N13=\"Replacement8HHD\",$AH13=\"CL7HHD\",$AJ13=\"CL7to8\"),INDEX('ER C8 FLT2'!$A$4:$J$640,MATCH($E13&$C13,'ER C8 FLT2'!$A$4:$A$640&'ER C8 FLT2'!$B$4:$B$640-4,1),8)*IF(OR($H13=\"Class_8\",$N13=\"Replacement8HHD\",$AH13=\"CL7HHD\",$AJ13=\"CL7to8\"),INDEX('ER C8 FLT2'!$A$4:$J$640,MATCH($E13&$C13,'ER C8 FLT2'!$A$4:$A$640&'ER C8 FLT2'!$B$4:$B$640-4,1),9)),IF($H13=\"Class_7\",INDEX('ER C7 FLT2'!$A$4:$J$640,MATCH($E13&$C13,'ER C7 FLT2'!$A$4:$A$640&'ER C7 FLT2'!$B$4:$B$640-4,1),8)*IF($H13=\"Class_7\",INDEX('ER C7 FLT2'!$A$4:$J$640,MATCH($E13&$C13,'ER C7 FLT2'!$A$4:$A$640&'ER C7 FLT2'!$B$4:$B$640-4,1),9)),IF($H13=\"Class_6\",INDEX('ER C6 FLT2'!$A$4:$J$640,MATCH($E13&$C13,'ER C6 FLT2'!$A$4:$A$640&'ER C6 FLT2'!$B$4:$B$640-4,1),8)*IF($H13=\"Class_6\",INDEX('ER C6 FLT2'!$A$4:$J$640,MATCH($E13&$C13,'ER C6 FLT2'!$A$4:$A$640&'ER C6 FLT2'!$B$4:$B$640-4,1),9))))),IF($B13=\"1 Truck\",\nIF(OR($H13=\"Class_8\",$N13=\"Replacement8HHD\",$AH13=\"CL7HHD\",$AJ13=\"CL7to8\"),INDEX('ER C8 FLT1'!$A$4:$J$640,MATCH($E13&$C13,'ER C8 FLT1'!$A$4:$A$640&'ER C8 FLT1'!$B$4:$B$640-4,1),8)*IF(OR($H13=\"Class_8\",$N13=\"Replacement8HHD\",$AH13=\"CL7HHD\",$AJ13=\"CL7to8\"),INDEX('ER C8 FLT1'!$A$4:$J$640,MATCH($E13&$C13,'ER C8 FLT1'!$A$4:$A$640&'ER C8 FLT1'!$B$4:$B$640-4,1),9)),IF($H13=\"Class_7\",INDEX('ER C7 FLT1'!$A$4:$J$640,MATCH($E13&$C13,'ER C7 FLT1'!$A$4:$A$640&'ER C7 FLT1'!$B$4:$B$640-4,1),8)*IF($H13=\"Class_7\",INDEX('ER C7 FLT1'!$A$4:$J$640,MATCH($E13&$C13,'ER C7 FLT1'!$A$4:$A$640&'ER C7 FLT1'!$B$4:$B$640-4,1),9)),\nIF($H13=\"Class_6\",INDEX('ER C6 FLT1'!$A$4:$J$640,MATCH($E13&$C13,'ER C6 FLT1'!$A$4:$A$640&'ER C6 FLT1'!$B$4:$B$640-4,1),8)*IF($H13=\"Class_6\",INDEX('ER C6 FLT1'!$A$4:$J$640,MATCH($E13&$C13,'ER C6 FLT1'!$A$4:$A$640&'ER C6 FLT1'!$B$4:$B$640-4,1),9))))))))*IF($F13=\"Level 1 PM\",0.75,IF($F13=\"Level 2 PM\",0.5,IF($F13=\"Level 3 PM\",0,IF($F13=\"Level 3 PM + Mark I NOx\",0,1))))*($Q13/453.6)","v":0},{"$f":"IF($B13=\"3+ Trucks\",IF(OR($H13=\"Class_8\",$N13=\"Replacement8HHD\",$AH13=\"CL7HHD\",$AJ13=\"CL7to8\"),INDEX('ER C8 FLT3'!$A$4:$J$640,MATCH($E13&$C13,'ER C8 FLT3'!$A$4:$A$640&'ER C8 FLT3'!$B$4:$B$640,1),8),IF($H13=\"Class_7\",INDEX('ER C7 FLT3'!$A$4:$J$640,MATCH($E13&$C13,'ER C7 FLT3'!$A$4:$A$640&'ER C7 FLT3'!$B$4:$B$640,1),8),IF($H13=\"Class_6\",INDEX('ER C6 FLT3'!$A$4:$J$640,MATCH($E13&$C13,'ER C6 FLT3'!$A$4:$A$640&'ER C6 FLT3'!$B$4:$B$640,1),8)))),IF($B13=\"2 Trucks\",IF(OR($H13=\"Class_8\",$N13=\"Replacement8HHD\",$AH13=\"CL7HHD\",$AJ13=\"CL7to8\"),INDEX('ER C8 FLT2'!$A$4:$J$640,MATCH($E13&$C13,'ER C8 FLT2'!$A$4:$A$640&'ER C8 FLT2'!$B$4:$B$640,1),8),IF($H13=\"Class_7\",INDEX('ER C7 FLT2'!$A$4:$J$640,MATCH($E13&$C13,'ER C7 FLT2'!$A$4:$A$640&'ER C7 FLT2'!$B$4:$B$640,1),8),IF($H13=\"Class_6\",INDEX('ER C6 FLT2'!$A$4:$J$640,MATCH($E13&$C13,'ER C6 FLT2'!$A$4:$A$640&'ER C6 FLT2'!$B$4:$B$640,1),8)))),IF($B13=\"1 Truck\",IF(OR($H13=\"Class_8\",$N13=\"Replacement8HHD\",$AH13=\"CL7HHD\",$AJ13=\"CL7to8\"),INDEX('ER C8 FLT1'!$A$4:$J$640,MATCH($E13&$C13,'ER C8 FLT1'!$A$4:$A$640&'ER C8 FLT1'!$B$4:$B$640,1),8),IF($H13=\"Class_7\",INDEX('ER C7 FLT1'!$A$4:$J$640,MATCH($E13&$C13,'ER C7 FLT1'!$A$4:$A$640&'ER C7 FLT1'!$B$4:$B$640,1),8),IF($H13=\"Class_6\",INDEX('ER C6 FLT1'!$A$4:$J$640,MATCH($E13&$C13,'ER C6 FLT1'!$A$4:$A$640&'ER C6 FLT1'!$B$4:$B$640,1),8)))))))","v":false},{"$f":"IF($B13=\"3+ Trucks\",IF(OR($H13=\"Class_8\",$N13=\"Replacement8HHD\",$AH13=\"CL7HHD\",$AJ13=\"CL7to8\"),INDEX('ER C8 FLT3'!$A$4:$J$640,MATCH($E13&$C13,'ER C8 FLT3'!$A$4:$A$640&'ER C8 FLT3'!$B$4:$B$640-1,1),8),IF($H13=\"Class_7\",INDEX('ER C7 FLT3'!$A$4:$J$640,MATCH($E13&$C13,'ER C7 FLT3'!$A$4:$A$640&'ER C7 FLT3'!$B$4:$B$640-1,1),8),IF($H13=\"Class_6\",INDEX('ER C6 FLT3'!$A$4:$J$640,MATCH($E13&$C13,'ER C6 FLT3'!$A$4:$A$640&'ER C6 FLT3'!$B$4:$B$640-1,1),8)))),IF($B13=\"2 Trucks\",IF(OR($H13=\"Class_8\",$N13=\"Replacement8HHD\",$AH13=\"CL7HHD\",$AJ13=\"CL7to8\"),INDEX('ER C8 FLT2'!$A$4:$J$640,MATCH($E13&$C13,'ER C8 FLT2'!$A$4:$A$640&'ER C8 FLT2'!$B$4:$B$640-1,1),8),IF($H13=\"Class_7\",INDEX('ER C7 FLT2'!$A$4:$J$640,MATCH($E13&$C13,'ER C7 FLT2'!$A$4:$A$640&'ER C7 FLT2'!$B$4:$B$640-1,1),8),IF($H13=\"Class_6\",INDEX('ER C6 FLT2'!$A$4:$J$640,MATCH($E13&$C13,'ER C6 FLT2'!$A$4:$A$640&'ER C6 FLT2'!$B$4:$B$640-1,1),8)))),IF($B13=\"1 Truck\",IF(OR($H13=\"Class_8\",$N13=\"Replacement8HHD\",$AH13=\"CL7HHD\",$AJ13=\"CL7to8\"),INDEX('ER C8 FLT1'!$A$4:$J$640,MATCH($E13&$C13,'ER C8 FLT1'!$A$4:$A$640&'ER C8 FLT1'!$B$4:$B$640-1,1),8),IF($H13=\"Class_7\",INDEX('ER C7 FLT1'!$A$4:$J$640,MATCH($E13&$C13,'ER C7 FLT1'!$A$4:$A$640&'ER C7 FLT1'!$B$4:$B$640-1,1),8),IF($H13=\"Class_6\",INDEX('ER C6 FLT1'!$A$4:$J$640,MATCH($E13&$C13,'ER C6 FLT1'!$A$4:$A$640&'ER C6 FLT1'!$B$4:$B$640-1,1),8)))))))","v":false},{"$f":"IF($B13=\"3+ Trucks\",IF(OR($H13=\"Class_8\",$N13=\"Replacement8HHD\",$AH13=\"CL7HHD\",$AJ13=\"CL7to8\"),INDEX('ER C8 FLT3'!$A$4:$J$640,MATCH($E13&$C13,'ER C8 FLT3'!$A$4:$A$640&'ER C8 FLT3'!$B$4:$B$640-2,1),8),IF($H13=\"Class_7\",INDEX('ER C7 FLT3'!$A$4:$J$640,MATCH($E13&$C13,'ER C7 FLT3'!$A$4:$A$640&'ER C7 FLT3'!$B$4:$B$640-2,1),8),IF($H13=\"Class_6\",INDEX('ER C6 FLT3'!$A$4:$J$640,MATCH($E13&$C13,'ER C6 FLT3'!$A$4:$A$640&'ER C6 FLT3'!$B$4:$B$640-2,1),8)))),IF($B13=\"2 Trucks\",IF(OR($H13=\"Class_8\",$N13=\"Replacement8HHD\",$AH13=\"CL7HHD\",$AJ13=\"CL7to8\"),INDEX('ER C8 FLT2'!$A$4:$J$640,MATCH($E13&$C13,'ER C8 FLT2'!$A$4:$A$640&'ER C8 FLT2'!$B$4:$B$640-2,1),8),IF($H13=\"Class_7\",INDEX('ER C7 FLT2'!$A$4:$J$640,MATCH($E13&$C13,'ER C7 FLT2'!$A$4:$A$640&'ER C7 FLT2'!$B$4:$B$640-2,1),8),IF($H13=\"Class_6\",INDEX('ER C6 FLT2'!$A$4:$J$640,MATCH($E13&$C13,'ER C6 FLT2'!$A$4:$A$640&'ER C6 FLT2'!$B$4:$B$640-2,1),8)))),IF($B13=\"1 Truck\",IF(OR($H13=\"Class_8\",$N13=\"Replacement8HHD\",$AH13=\"CL7HHD\",$AJ13=\"CL7to8\"),INDEX('ER C8 FLT1'!$A$4:$J$640,MATCH($E13&$C13,'ER C8 FLT1'!$A$4:$A$640&'ER C8 FLT1'!$B$4:$B$640-2,1),8),IF($H13=\"Class_7\",INDEX('ER C7 FLT1'!$A$4:$J$640,MATCH($E13&$C13,'ER C7 FLT1'!$A$4:$A$640&'ER C7 FLT1'!$B$4:$B$640-2,1),8),IF($H13=\"Class_6\",INDEX('ER C6 FLT1'!$A$4:$J$640,MATCH($E13&$C13,'ER C6 FLT1'!$A$4:$A$640&'ER C6 FLT1'!$B$4:$B$640-2,1),8)))))))","v":false},{"$f":"IF($B13=\"3+ Trucks\",IF(OR($H13=\"Class_8\",$N13=\"Replacement8HHD\",$AH13=\"CL7HHD\",$AJ13=\"CL7to8\"),INDEX('ER C8 FLT3'!$A$4:$J$640,MATCH($E13&$C13,'ER C8 FLT3'!$A$4:$A$640&'ER C8 FLT3'!$B$4:$B$640-3,1),8),IF($H13=\"Class_7\",INDEX('ER C7 FLT3'!$A$4:$J$640,MATCH($E13&$C13,'ER C7 FLT3'!$A$4:$A$640&'ER C7 FLT3'!$B$4:$B$640-3,1),8),IF($H13=\"Class_6\",INDEX('ER C6 FLT3'!$A$4:$J$640,MATCH($E13&$C13,'ER C6 FLT3'!$A$4:$A$640&'ER C6 FLT3'!$B$4:$B$640-3,1),8)))),IF($B13=\"2 Trucks\",IF(OR($H13=\"Class_8\",$N13=\"Replacement8HHD\",$AH13=\"CL7HHD\",$AJ13=\"CL7to8\"),INDEX('ER C8 FLT2'!$A$4:$J$640,MATCH($E13&$C13,'ER C8 FLT2'!$A$4:$A$640&'ER C8 FLT2'!$B$4:$B$640-3,1),8),IF($H13=\"Class_7\",INDEX('ER C7 FLT2'!$A$4:$J$640,MATCH($E13&$C13,'ER C7 FLT2'!$A$4:$A$640&'ER C7 FLT2'!$B$4:$B$640-3,1),8),IF($H13=\"Class_6\",INDEX('ER C6 FLT2'!$A$4:$J$640,MATCH($E13&$C13,'ER C6 FLT2'!$A$4:$A$640&'ER C6 FLT2'!$B$4:$B$640-3,1),8)))),IF($B13=\"1 Truck\",IF(OR($H13=\"Class_8\",$N13=\"Replacement8HHD\",$AH13=\"CL7HHD\",$AJ13=\"CL7to8\"),INDEX('ER C8 FLT1'!$A$4:$J$640,MATCH($E13&$C13,'ER C8 FLT1'!$A$4:$A$640&'ER C8 FLT1'!$B$4:$B$640-3,1),8),IF($H13=\"Class_7\",INDEX('ER C7 FLT1'!$A$4:$J$640,MATCH($E13&$C13,'ER C7 FLT1'!$A$4:$A$640&'ER C7 FLT1'!$B$4:$B$640-3,1),8),IF($H13=\"Class_6\",INDEX('ER C6 FLT1'!$A$4:$J$640,MATCH($E13&$C13,'ER C6 FLT1'!$A$4:$A$640&'ER C6 FLT1'!$B$4:$B$640-3,1),8)))))))","v":false},{"$f":"IF($B13=\"3+ Trucks\",IF(OR($H13=\"Class_8\",$N13=\"Replacement8HHD\",$AH13=\"CL7HHD\",$AJ13=\"CL7to8\"),INDEX('ER C8 FLT3'!$A$4:$J$640,MATCH($E13&$C13,'ER C8 FLT3'!$A$4:$A$640&'ER C8 FLT3'!$B$4:$B$640-4,1),8),IF($H13=\"Class_7\",INDEX('ER C7 FLT3'!$A$4:$J$640,MATCH($E13&$C13,'ER C7 FLT3'!$A$4:$A$640&'ER C7 FLT3'!$B$4:$B$640-4,1),8),IF($H13=\"Class_6\",INDEX('ER C6 FLT3'!$A$4:$J$640,MATCH($E13&$C13,'ER C6 FLT3'!$A$4:$A$640&'ER C6 FLT3'!$B$4:$B$640-4,1),8)))),IF($B13=\"2 Trucks\",IF(OR($H13=\"Class_8\",$N13=\"Replacement8HHD\",$AH13=\"CL7HHD\",$AJ13=\"CL7to8\"),INDEX('ER C8 FLT2'!$A$4:$J$640,MATCH($E13&$C13,'ER C8 FLT2'!$A$4:$A$640&'ER C8 FLT2'!$B$4:$B$640-4,1),8),IF($H13=\"Class_7\",INDEX('ER C7 FLT2'!$A$4:$J$640,MATCH($E13&$C13,'ER C7 FLT2'!$A$4:$A$640&'ER C7 FLT2'!$B$4:$B$640-4,1),8),IF($H13=\"Class_6\",INDEX('ER C6 FLT2'!$A$4:$J$640,MATCH($E13&$C13,'ER C6 FLT2'!$A$4:$A$640&'ER C6 FLT2'!$B$4:$B$640-4,1),8)))),IF($B13=\"1 Truck\",IF(OR($H13=\"Class_8\",$N13=\"Replacement8HHD\",$AH13=\"CL7HHD\",$AJ13=\"CL7to8\"),INDEX('ER C8 FLT1'!$A$4:$J$640,MATCH($E13&$C13,'ER C8 FLT1'!$A$4:$A$640&'ER C8 FLT1'!$B$4:$B$640-4,1),8),IF($H13=\"Class_7\",INDEX('ER C7 FLT1'!$A$4:$J$640,MATCH($E13&$C13,'ER C7 FLT1'!$A$4:$A$640&'ER C7 FLT1'!$B$4:$B$640-4,1),8),IF($H13=\"Class_6\",INDEX('ER C6 FLT1'!$A$4:$J$640,MATCH($E13&$C13,'ER C6 FLT1'!$A$4:$A$640&'ER C6 FLT1'!$B$4:$B$640-4,1),8)))))))","v":false},{"$f":"IF(OR($R13=\"Diesel\",$R13=\"LNG/CNG\",$R13=\"Hybrid\",$R13=\"Electric w/ AB-118\"),IF($B13=\"3+ Trucks\",IF(OR($O13=\"Class_8\",$N13=\"Replacement8HHD\",$AI13=\"CL7HHD\"),INDEX('ER C8 FLT3'!$A$4:$J$640,MATCH(DropData!$J53&$C13,'ER C8 FLT3'!$A$4:$A$640&'ER C8 FLT3'!$B$4:$B$640,1),8)*IF(OR($O13=\"Class_8\",$N13=\"Replacement8HHD\",$AI13=\"CL7HHD\"),INDEX('ER C8 FLT3'!$A$4:$J$640,MATCH(DropData!$J53&$C13,'ER C8 FLT3'!$A$4:$A$640&'ER C8 FLT3'!$B$4:$B$640,1),9)),IF($O13=\"Class_7\",INDEX('ER C7 FLT3'!$A$4:$J$640,MATCH(DropData!$J53&$C13,'ER C7 FLT3'!$A$4:$A$640&'ER C7 FLT3'!$B$4:$B$640,1),8)*IF($O13=\"Class_7\",INDEX('ER C7 FLT3'!$A$4:$J$640,MATCH(DropData!$J53&$C13,'ER C7 FLT3'!$A$4:$A$640&'ER C7 FLT3'!$B$4:$B$640,1),9)),\nIF($O13=\"Class_6\",INDEX('ER C6 FLT3'!$A$4:$J$640,MATCH(DropData!$J53&$C13,'ER C6 FLT3'!$A$4:$A$640&'ER C6 FLT3'!$B$4:$B$640,1),8)*IF($O13=\"Class_6\",INDEX('ER C6 FLT3'!$A$4:$J$640,MATCH(DropData!$J53&$C13,'ER C6 FLT3'!$A$4:$A$640&'ER C6 FLT3'!$B$4:$B$640,1),9))))),IF($B13=\"2 Trucks\",IF(OR($O13=\"Class_8\",$N13=\"Replacement8HHD\",$AI13=\"CL7HHD\"),INDEX('ER C8 FLT2'!$A$4:$J$640,MATCH(DropData!$J53&$C13,'ER C8 FLT2'!$A$4:$A$640&'ER C8 FLT2'!$B$4:$B$640,1),8)*IF(OR($O13=\"Class_8\",$N13=\"Replacement8HHD\",$AI13=\"CL7HHD\"),INDEX('ER C8 FLT2'!$A$4:$J$640,MATCH(DropData!$J53&$C13,'ER C8 FLT2'!$A$4:$A$640&'ER C8 FLT2'!$B$4:$B$640,1),9)),IF($O13=\"Class_7\",INDEX('ER C7 FLT2'!$A$4:$J$640,MATCH(DropData!$J53&$C13,'ER C7 FLT2'!$A$4:$A$640&'ER C7 FLT2'!$B$4:$B$640,1),8)*IF($O13=\"Class_7\",INDEX('ER C7 FLT2'!$A$4:$J$640,MATCH(DropData!$J53&$C13,'ER C7 FLT2'!$A$4:$A$640&'ER C7 FLT2'!$B$4:$B$640,1),9)),IF($O13=\"Class_6\",INDEX('ER C6 FLT2'!$A$4:$J$640,MATCH(DropData!$J53&$C13,'ER C6 FLT2'!$A$4:$A$640&'ER C6 FLT2'!$B$4:$B$640,1),8)*IF($O13=\"Class_6\",INDEX('ER C6 FLT2'!$A$4:$J$640,MATCH(DropData!$J53&$C13,'ER C6 FLT2'!$A$4:$A$640&'ER C6 FLT2'!$B$4:$B$640,1),9))))),IF($B13=\"1 Truck\",\nIF(OR($O13=\"Class_8\",$N13=\"Replacement8HHD\",$AI13=\"CL7HHD\"),INDEX('ER C8 FLT1'!$A$4:$J$640,MATCH(DropData!$J53&$C13,'ER C8 FLT1'!$A$4:$A$640&'ER C8 FLT1'!$B$4:$B$640,1),8)*IF(OR($O13=\"Class_8\",$N13=\"Replacement8HHD\",$AI13=\"CL7HHD\"),INDEX('ER C8 FLT1'!$A$4:$J$640,MATCH(DropData!$J53&$C13,'ER C8 FLT1'!$A$4:$A$640&'ER C8 FLT1'!$B$4:$B$640,1),9)),IF($O13=\"Class_7\",INDEX('ER C7 FLT1'!$A$4:$J$640,MATCH(DropData!$J53&$C13,'ER C7 FLT1'!$A$4:$A$640&'ER C7 FLT1'!$B$4:$B$640,1),8)*IF($O13=\"Class_7\",INDEX('ER C7 FLT1'!$A$4:$J$640,MATCH(DropData!$J53&$C13,'ER C7 FLT1'!$A$4:$A$640&'ER C7 FLT1'!$B$4:$B$640,1),9)),\nIF($O13=\"Class_6\",INDEX('ER C6 FLT1'!$A$4:$J$640,MATCH(DropData!$J53&$C13,'ER C6 FLT1'!$A$4:$A$640&'ER C6 FLT1'!$B$4:$B$640,1),8)*IF($O13=\"Class_6\",INDEX('ER C6 FLT1'!$A$4:$J$640,MATCH(DropData!$J53&$C13,'ER C6 FLT1'!$A$4:$A$640&'ER C6 FLT1'!$B$4:$B$640,1),9)))))))),IF($R13=\"Electric\",INDEX('ER Electric'!$A$6:$E$44,MATCH($C13&$O13,'ER Electric'!$A$6:$A$44&'ER Electric'!$B$6:$B$44,1),3),))*(($Q13+$AC13)/453.6)","v":0},{"$f":"IF(OR($R13=\"Diesel\",$R13=\"LNG/CNG\",$R13=\"Hybrid\",$R13=\"Electric w/ AB-118\"),IF($B13=\"3+ Trucks\",IF(OR($O13=\"Class_8\",$N13=\"Replacement8HHD\",$AI13=\"CL7HHD\"),INDEX('ER C8 FLT3'!$A$4:$J$640,MATCH(DropData!$J53&$C13,'ER C8 FLT3'!$A$4:$A$640&'ER C8 FLT3'!$B$4:$B$640-1,1),8)*IF(OR($O13=\"Class_8\",$N13=\"Replacement8HHD\",$AI13=\"CL7HHD\"),INDEX('ER C8 FLT3'!$A$4:$J$640,MATCH(DropData!$J53&$C13,'ER C8 FLT3'!$A$4:$A$640&'ER C8 FLT3'!$B$4:$B$640-1,1),9)),IF($O13=\"Class_7\",INDEX('ER C7 FLT3'!$A$4:$J$640,MATCH(DropData!$J53&$C13,'ER C7 FLT3'!$A$4:$A$640&'ER C7 FLT3'!$B$4:$B$640-1,1),8)*IF($O13=\"Class_7\",INDEX('ER C7 FLT3'!$A$4:$J$640,MATCH(DropData!$J53&$C13,'ER C7 FLT3'!$A$4:$A$640&'ER C7 FLT3'!$B$4:$B$640-1,1),9)),\nIF($O13=\"Class_6\",INDEX('ER C6 FLT3'!$A$4:$J$640,MATCH(DropData!$J53&$C13,'ER C6 FLT3'!$A$4:$A$640&'ER C6 FLT3'!$B$4:$B$640-1,1),8)*IF($O13=\"Class_6\",INDEX('ER C6 FLT3'!$A$4:$J$640,MATCH(DropData!$J53&$C13,'ER C6 FLT3'!$A$4:$A$640&'ER C6 FLT3'!$B$4:$B$640-1,1),9))))),IF($B13=\"2 Trucks\",IF(OR($O13=\"Class_8\",$N13=\"Replacement8HHD\",$AI13=\"CL7HHD\"),INDEX('ER C8 FLT2'!$A$4:$J$640,MATCH(DropData!$J53&$C13,'ER C8 FLT2'!$A$4:$A$640&'ER C8 FLT2'!$B$4:$B$640-1,1),8)*IF(OR($O13=\"Class_8\",$N13=\"Replacement8HHD\",$AI13=\"CL7HHD\"),INDEX('ER C8 FLT2'!$A$4:$J$640,MATCH(DropData!$J53&$C13,'ER C8 FLT2'!$A$4:$A$640&'ER C8 FLT2'!$B$4:$B$640-1,1),9)),IF($O13=\"Class_7\",INDEX('ER C7 FLT2'!$A$4:$J$640,MATCH(DropData!$J53&$C13,'ER C7 FLT2'!$A$4:$A$640&'ER C7 FLT2'!$B$4:$B$640-1,1),8)*IF($O13=\"Class_7\",INDEX('ER C7 FLT2'!$A$4:$J$640,MATCH(DropData!$J53&$C13,'ER C7 FLT2'!$A$4:$A$640&'ER C7 FLT2'!$B$4:$B$640-1,1),9)),IF($O13=\"Class_6\",INDEX('ER C6 FLT2'!$A$4:$J$640,MATCH(DropData!$J53&$C13,'ER C6 FLT2'!$A$4:$A$640&'ER C6 FLT2'!$B$4:$B$640-1,1),8)*IF($O13=\"Class_6\",INDEX('ER C6 FLT2'!$A$4:$J$640,MATCH(DropData!$J53&$C13,'ER C6 FLT2'!$A$4:$A$640&'ER C6 FLT2'!$B$4:$B$640-1,1),9))))),IF($B13=\"1 Truck\",\nIF(OR($O13=\"Class_8\",$N13=\"Replacement8HHD\",$AI13=\"CL7HHD\"),INDEX('ER C8 FLT1'!$A$4:$J$640,MATCH(DropData!$J53&$C13,'ER C8 FLT1'!$A$4:$A$640&'ER C8 FLT1'!$B$4:$B$640-1,1),8)*IF(OR($O13=\"Class_8\",$N13=\"Replacement8HHD\",$AI13=\"CL7HHD\"),INDEX('ER C8 FLT1'!$A$4:$J$640,MATCH(DropData!$J53&$C13,'ER C8 FLT1'!$A$4:$A$640&'ER C8 FLT1'!$B$4:$B$640-1,1),9)),IF($O13=\"Class_7\",INDEX('ER C7 FLT1'!$A$4:$J$640,MATCH(DropData!$J53&$C13,'ER C7 FLT1'!$A$4:$A$640&'ER C7 FLT1'!$B$4:$B$640-1,1),8)*IF($O13=\"Class_7\",INDEX('ER C7 FLT1'!$A$4:$J$640,MATCH(DropData!$J53&$C13,'ER C7 FLT1'!$A$4:$A$640&'ER C7 FLT1'!$B$4:$B$640-1,1),9)),\nIF($O13=\"Class_6\",INDEX('ER C6 FLT1'!$A$4:$J$640,MATCH(DropData!$J53&$C13,'ER C6 FLT1'!$A$4:$A$640&'ER C6 FLT1'!$B$4:$B$640-1,1),8)*IF($O13=\"Class_6\",INDEX('ER C6 FLT1'!$A$4:$J$640,MATCH(DropData!$J53&$C13,'ER C6 FLT1'!$A$4:$A$640&'ER C6 FLT1'!$B$4:$B$640-1,1),9)))))))),IF($R13=\"Electric\",OFFSET(INDEX('ER Electric'!$A$6:$E$44,MATCH($C13&$O13,'ER Electric'!$A$6:$A$44&'ER Electric'!$B$6:$B$44,1),3),3,0),))*(($Q13+$AC13)/453.6)","v":0},{"$f":"IF(OR($R13=\"Diesel\",$R13=\"LNG/CNG\",$R13=\"Hybrid\",$R13=\"Electric w/ AB-118\"),IF($B13=\"3+ Trucks\",IF(OR($O13=\"Class_8\",$N13=\"Replacement8HHD\",$AI13=\"CL7HHD\"),INDEX('ER C8 FLT3'!$A$4:$J$640,MATCH(DropData!$J53&$C13,'ER C8 FLT3'!$A$4:$A$640&'ER C8 FLT3'!$B$4:$B$640-2,1),8)*IF(OR($O13=\"Class_8\",$N13=\"Replacement8HHD\",$AI13=\"CL7HHD\"),INDEX('ER C8 FLT3'!$A$4:$J$640,MATCH(DropData!$J53&$C13,'ER C8 FLT3'!$A$4:$A$640&'ER C8 FLT3'!$B$4:$B$640-2,1),9)),IF($O13=\"Class_7\",INDEX('ER C7 FLT3'!$A$4:$J$640,MATCH(DropData!$J53&$C13,'ER C7 FLT3'!$A$4:$A$640&'ER C7 FLT3'!$B$4:$B$640-2,1),8)*IF($O13=\"Class_7\",INDEX('ER C7 FLT3'!$A$4:$J$640,MATCH(DropData!$J53&$C13,'ER C7 FLT3'!$A$4:$A$640&'ER C7 FLT3'!$B$4:$B$640-2,1),9)),\nIF($O13=\"Class_6\",INDEX('ER C6 FLT3'!$A$4:$J$640,MATCH(DropData!$J53&$C13,'ER C6 FLT3'!$A$4:$A$640&'ER C6 FLT3'!$B$4:$B$640-2,1),8)*IF($O13=\"Class_6\",INDEX('ER C6 FLT3'!$A$4:$J$640,MATCH(DropData!$J53&$C13,'ER C6 FLT3'!$A$4:$A$640&'ER C6 FLT3'!$B$4:$B$640-2,1),9))))),IF($B13=\"2 Trucks\",IF(OR($O13=\"Class_8\",$N13=\"Replacement8HHD\",$AI13=\"CL7HHD\"),INDEX('ER C8 FLT2'!$A$4:$J$640,MATCH(DropData!$J53&$C13,'ER C8 FLT2'!$A$4:$A$640&'ER C8 FLT2'!$B$4:$B$640-2,1),8)*IF(OR($O13=\"Class_8\",$N13=\"Replacement8HHD\",$AI13=\"CL7HHD\"),INDEX('ER C8 FLT2'!$A$4:$J$640,MATCH(DropData!$J53&$C13,'ER C8 FLT2'!$A$4:$A$640&'ER C8 FLT2'!$B$4:$B$640-2,1),9)),IF($O13=\"Class_7\",INDEX('ER C7 FLT2'!$A$4:$J$640,MATCH(DropData!$J53&$C13,'ER C7 FLT2'!$A$4:$A$640&'ER C7 FLT2'!$B$4:$B$640-2,1),8)*IF($O13=\"Class_7\",INDEX('ER C7 FLT2'!$A$4:$J$640,MATCH(DropData!$J53&$C13,'ER C7 FLT2'!$A$4:$A$640&'ER C7 FLT2'!$B$4:$B$640-2,1),9)),IF($O13=\"Class_6\",INDEX('ER C6 FLT2'!$A$4:$J$640,MATCH(DropData!$J53&$C13,'ER C6 FLT2'!$A$4:$A$640&'ER C6 FLT2'!$B$4:$B$640-2,1),8)*IF($O13=\"Class_6\",INDEX('ER C6 FLT2'!$A$4:$J$640,MATCH(DropData!$J53&$C13,'ER C6 FLT2'!$A$4:$A$640&'ER C6 FLT2'!$B$4:$B$640-2,1),9))))),IF($B13=\"1 Truck\",\nIF(OR($O13=\"Class_8\",$N13=\"Replacement8HHD\",$AI13=\"CL7HHD\"),INDEX('ER C8 FLT1'!$A$4:$J$640,MATCH(DropData!$J53&$C13,'ER C8 FLT1'!$A$4:$A$640&'ER C8 FLT1'!$B$4:$B$640-2,1),8)*IF(OR($O13=\"Class_8\",$N13=\"Replacement8HHD\",$AI13=\"CL7HHD\"),INDEX('ER C8 FLT1'!$A$4:$J$640,MATCH(DropData!$J53&$C13,'ER C8 FLT1'!$A$4:$A$640&'ER C8 FLT1'!$B$4:$B$640-2,1),9)),IF($O13=\"Class_7\",INDEX('ER C7 FLT1'!$A$4:$J$640,MATCH(DropData!$J53&$C13,'ER C7 FLT1'!$A$4:$A$640&'ER C7 FLT1'!$B$4:$B$640-2,1),8)*IF($O13=\"Class_7\",INDEX('ER C7 FLT1'!$A$4:$J$640,MATCH(DropData!$J53&$C13,'ER C7 FLT1'!$A$4:$A$640&'ER C7 FLT1'!$B$4:$B$640-2,1),9)),\nIF($O13=\"Class_6\",INDEX('ER C6 FLT1'!$A$4:$J$640,MATCH(DropData!$J53&$C13,'ER C6 FLT1'!$A$4:$A$640&'ER C6 FLT1'!$B$4:$B$640-2,1),8)*IF($O13=\"Class_6\",INDEX('ER C6 FLT1'!$A$4:$J$640,MATCH(DropData!$J53&$C13,'ER C6 FLT1'!$A$4:$A$640&'ER C6 FLT1'!$B$4:$B$640-2,1),9)))))))),IF($R13=\"Electric\",OFFSET(INDEX('ER Electric'!$A$6:$E$44,MATCH($C13&$O13,'ER Electric'!$A$6:$A$44&'ER Electric'!$B$6:$B$44,1),3),6,0),))*(($Q13+$AC13)/453.6)","v":0},{"$f":"IF(OR($R13=\"Diesel\",$R13=\"LNG/CNG\",$R13=\"Hybrid\",$R13=\"Electric w/ AB-118\"),IF($B13=\"3+ Trucks\",IF(OR($O13=\"Class_8\",$N13=\"Replacement8HHD\",$AI13=\"CL7HHD\"),INDEX('ER C8 FLT3'!$A$4:$J$640,MATCH(DropData!$J53&$C13,'ER C8 FLT3'!$A$4:$A$640&'ER C8 FLT3'!$B$4:$B$640-3,1),8)*IF(OR($O13=\"Class_8\",$N13=\"Replacement8HHD\",$AI13=\"CL7HHD\"),INDEX('ER C8 FLT3'!$A$4:$J$640,MATCH(DropData!$J53&$C13,'ER C8 FLT3'!$A$4:$A$640&'ER C8 FLT3'!$B$4:$B$640-3,1),9)),IF($O13=\"Class_7\",INDEX('ER C7 FLT3'!$A$4:$J$640,MATCH(DropData!$J53&$C13,'ER C7 FLT3'!$A$4:$A$640&'ER C7 FLT3'!$B$4:$B$640-3,1),8)*IF($O13=\"Class_7\",INDEX('ER C7 FLT3'!$A$4:$J$640,MATCH(DropData!$J53&$C13,'ER C7 FLT3'!$A$4:$A$640&'ER C7 FLT3'!$B$4:$B$640-3,1),9)),\nIF($O13=\"Class_6\",INDEX('ER C6 FLT3'!$A$4:$J$640,MATCH(DropData!$J53&$C13,'ER C6 FLT3'!$A$4:$A$640&'ER C6 FLT3'!$B$4:$B$640-3,1),8)*IF($O13=\"Class_6\",INDEX('ER C6 FLT3'!$A$4:$J$640,MATCH(DropData!$J53&$C13,'ER C6 FLT3'!$A$4:$A$640&'ER C6 FLT3'!$B$4:$B$640-3,1),9))))),IF($B13=\"2 Trucks\",IF(OR($O13=\"Class_8\",$N13=\"Replacement8HHD\",$AI13=\"CL7HHD\"),INDEX('ER C8 FLT2'!$A$4:$J$640,MATCH(DropData!$J53&$C13,'ER C8 FLT2'!$A$4:$A$640&'ER C8 FLT2'!$B$4:$B$640-3,1),8)*IF(OR($O13=\"Class_8\",$N13=\"Replacement8HHD\",$AI13=\"CL7HHD\"),INDEX('ER C8 FLT2'!$A$4:$J$640,MATCH(DropData!$J53&$C13,'ER C8 FLT2'!$A$4:$A$640&'ER C8 FLT2'!$B$4:$B$640-3,1),9)),IF($O13=\"Class_7\",INDEX('ER C7 FLT2'!$A$4:$J$640,MATCH(DropData!$J53&$C13,'ER C7 FLT2'!$A$4:$A$640&'ER C7 FLT2'!$B$4:$B$640-3,1),8)*IF($O13=\"Class_7\",INDEX('ER C7 FLT2'!$A$4:$J$640,MATCH(DropData!$J53&$C13,'ER C7 FLT2'!$A$4:$A$640&'ER C7 FLT2'!$B$4:$B$640-3,1),9)),IF($O13=\"Class_6\",INDEX('ER C6 FLT2'!$A$4:$J$640,MATCH(DropData!$J53&$C13,'ER C6 FLT2'!$A$4:$A$640&'ER C6 FLT2'!$B$4:$B$640-3,1),8)*IF($O13=\"Class_6\",INDEX('ER C6 FLT2'!$A$4:$J$640,MATCH(DropData!$J53&$C13,'ER C6 FLT2'!$A$4:$A$640&'ER C6 FLT2'!$B$4:$B$640-3,1),9))))),IF($B13=\"1 Truck\",\nIF(OR($O13=\"Class_8\",$N13=\"Replacement8HHD\",$AI13=\"CL7HHD\"),INDEX('ER C8 FLT1'!$A$4:$J$640,MATCH(DropData!$J53&$C13,'ER C8 FLT1'!$A$4:$A$640&'ER C8 FLT1'!$B$4:$B$640-3,1),8)*IF(OR($O13=\"Class_8\",$N13=\"Replacement8HHD\",$AI13=\"CL7HHD\"),INDEX('ER C8 FLT1'!$A$4:$J$640,MATCH(DropData!$J53&$C13,'ER C8 FLT1'!$A$4:$A$640&'ER C8 FLT1'!$B$4:$B$640-3,1),9)),IF($O13=\"Class_7\",INDEX('ER C7 FLT1'!$A$4:$J$640,MATCH(DropData!$J53&$C13,'ER C7 FLT1'!$A$4:$A$640&'ER C7 FLT1'!$B$4:$B$640-3,1),8)*IF($O13=\"Class_7\",INDEX('ER C7 FLT1'!$A$4:$J$640,MATCH(DropData!$J53&$C13,'ER C7 FLT1'!$A$4:$A$640&'ER C7 FLT1'!$B$4:$B$640-3,1),9)),\nIF($O13=\"Class_6\",INDEX('ER C6 FLT1'!$A$4:$J$640,MATCH(DropData!$J53&$C13,'ER C6 FLT1'!$A$4:$A$640&'ER C6 FLT1'!$B$4:$B$640-3,1),8)*IF($O13=\"Class_6\",INDEX('ER C6 FLT1'!$A$4:$J$640,MATCH(DropData!$J53&$C13,'ER C6 FLT1'!$A$4:$A$640&'ER C6 FLT1'!$B$4:$B$640-3,1),9)))))))),IF($R13=\"Electric\",OFFSET(INDEX('ER Electric'!$A$6:$E$44,MATCH($C13&$O13,'ER Electric'!$A$6:$A$44&'ER Electric'!$B$6:$B$44,1),3),9,0)))*(($Q13+$AC13)/453.6)","v":0},{"$f":"IF(OR($R13=\"Diesel\",$R13=\"LNG/CNG\",$R13=\"Hybrid\",$R13=\"Electric w/ AB-118\"),IF($B13=\"3+ Trucks\",IF(OR($O13=\"Class_8\",$N13=\"Replacement8HHD\",$AI13=\"CL7HHD\"),INDEX('ER C8 FLT3'!$A$4:$J$640,MATCH(DropData!$J53&$C13,'ER C8 FLT3'!$A$4:$A$640&'ER C8 FLT3'!$B$4:$B$640-4,1),8)*IF(OR($O13=\"Class_8\",$N13=\"Replacement8HHD\",$AI13=\"CL7HHD\"),INDEX('ER C8 FLT3'!$A$4:$J$640,MATCH(DropData!$J53&$C13,'ER C8 FLT3'!$A$4:$A$640&'ER C8 FLT3'!$B$4:$B$640-4,1),9)),IF($O13=\"Class_7\",INDEX('ER C7 FLT3'!$A$4:$J$640,MATCH(DropData!$J53&$C13,'ER C7 FLT3'!$A$4:$A$640&'ER C7 FLT3'!$B$4:$B$640-4,1),8)*IF($O13=\"Class_7\",INDEX('ER C7 FLT3'!$A$4:$J$640,MATCH(DropData!$J53&$C13,'ER C7 FLT3'!$A$4:$A$640&'ER C7 FLT3'!$B$4:$B$640-4,1),9)),\nIF($O13=\"Class_6\",INDEX('ER C6 FLT3'!$A$4:$J$640,MATCH(DropData!$J53&$C13,'ER C6 FLT3'!$A$4:$A$640&'ER C6 FLT3'!$B$4:$B$640-4,1),8)*IF($O13=\"Class_6\",INDEX('ER C6 FLT3'!$A$4:$J$640,MATCH(DropData!$J53&$C13,'ER C6 FLT3'!$A$4:$A$640&'ER C6 FLT3'!$B$4:$B$640-4,1),9))))),IF($B13=\"2 Trucks\",IF(OR($O13=\"Class_8\",$N13=\"Replacement8HHD\",$AI13=\"CL7HHD\"),INDEX('ER C8 FLT2'!$A$4:$J$640,MATCH(DropData!$J53&$C13,'ER C8 FLT2'!$A$4:$A$640&'ER C8 FLT2'!$B$4:$B$640-4,1),8)*IF(OR($O13=\"Class_8\",$N13=\"Replacement8HHD\",$AI13=\"CL7HHD\"),INDEX('ER C8 FLT2'!$A$4:$J$640,MATCH(DropData!$J53&$C13,'ER C8 FLT2'!$A$4:$A$640&'ER C8 FLT2'!$B$4:$B$640-4,1),9)),IF($O13=\"Class_7\",INDEX('ER C7 FLT2'!$A$4:$J$640,MATCH(DropData!$J53&$C13,'ER C7 FLT2'!$A$4:$A$640&'ER C7 FLT2'!$B$4:$B$640-4,1),8)*IF($O13=\"Class_7\",INDEX('ER C7 FLT2'!$A$4:$J$640,MATCH(DropData!$J53&$C13,'ER C7 FLT2'!$A$4:$A$640&'ER C7 FLT2'!$B$4:$B$640-4,1),9)),IF($O13=\"Class_6\",INDEX('ER C6 FLT2'!$A$4:$J$640,MATCH(DropData!$J53&$C13,'ER C6 FLT2'!$A$4:$A$640&'ER C6 FLT2'!$B$4:$B$640-4,1),8)*IF($O13=\"Class_6\",INDEX('ER C6 FLT2'!$A$4:$J$640,MATCH(DropData!$J53&$C13,'ER C6 FLT2'!$A$4:$A$640&'ER C6 FLT2'!$B$4:$B$640-4,1),9))))),IF($B13=\"1 Truck\",\nIF(OR($O13=\"Class_8\",$N13=\"Replacement8HHD\",$AI13=\"CL7HHD\"),INDEX('ER C8 FLT1'!$A$4:$J$640,MATCH(DropData!$J53&$C13,'ER C8 FLT1'!$A$4:$A$640&'ER C8 FLT1'!$B$4:$B$640-4,1),8)*IF(OR($O13=\"Class_8\",$N13=\"Replacement8HHD\",$AI13=\"CL7HHD\"),INDEX('ER C8 FLT1'!$A$4:$J$640,MATCH(DropData!$J53&$C13,'ER C8 FLT1'!$A$4:$A$640&'ER C8 FLT1'!$B$4:$B$640-4,1),9)),IF($O13=\"Class_7\",INDEX('ER C7 FLT1'!$A$4:$J$640,MATCH(DropData!$J53&$C13,'ER C7 FLT1'!$A$4:$A$640&'ER C7 FLT1'!$B$4:$B$640-4,1),8)*IF($O13=\"Class_7\",INDEX('ER C7 FLT1'!$A$4:$J$640,MATCH(DropData!$J53&$C13,'ER C7 FLT1'!$A$4:$A$640&'ER C7 FLT1'!$B$4:$B$640-4,1),9)),\nIF($O13=\"Class_6\",INDEX('ER C6 FLT1'!$A$4:$J$640,MATCH(DropData!$J53&$C13,'ER C6 FLT1'!$A$4:$A$640&'ER C6 FLT1'!$B$4:$B$640-4,1),8)*IF($O13=\"Class_6\",INDEX('ER C6 FLT1'!$A$4:$J$640,MATCH(DropData!$J53&$C13,'ER C6 FLT1'!$A$4:$A$640&'ER C6 FLT1'!$B$4:$B$640-4,1),9)))))))),IF($R13=\"Electric\",OFFSET(INDEX('ER Electric'!$A$6:$E$44,MATCH($C13&$O13,'ER Electric'!$A$6:$A$44&'ER Electric'!$B$6:$B$44,1),3),12,0),))*(($Q13+$AC13)/453.6)","v":0},{"$f":"IF(OR($R13=\"Diesel\",$R13=\"LNG/CNG\",$R13=\"Hybrid\",$R13=\"Electric w/ AB-118\"),IF($B13=\"3+ Trucks\",IF(OR($O13=\"Class_8\",$N13=\"Replacement8HHD\",$AI13=\"CL7HHD\"),INDEX('ER C8 FLT3'!$A$4:$J$640,MATCH(DropData!$J53&$C13,'ER C8 FLT3'!$A$4:$A$640&'ER C8 FLT3'!$B$4:$B$640,1),8)*IF(OR($O13=\"Class_8\",$N13=\"Replacement8HHD\",$AI13=\"CL7HHD\"),INDEX('ER C8 FLT3'!$A$4:$J$640,MATCH(DropData!$J53&$C13,'ER C8 FLT3'!$A$4:$A$640&'ER C8 FLT3'!$B$4:$B$640,1),9)),IF($O13=\"Class_7\",INDEX('ER C7 FLT3'!$A$4:$J$640,MATCH(DropData!$J53&$C13,'ER C7 FLT3'!$A$4:$A$640&'ER C7 FLT3'!$B$4:$B$640,1),8)*IF($O13=\"Class_7\",INDEX('ER C7 FLT3'!$A$4:$J$640,MATCH(DropData!$J53&$C13,'ER C7 FLT3'!$A$4:$A$640&'ER C7 FLT3'!$B$4:$B$640,1),9)),\nIF($O13=\"Class_6\",INDEX('ER C6 FLT3'!$A$4:$J$640,MATCH(DropData!$J53&$C13,'ER C6 FLT3'!$A$4:$A$640&'ER C6 FLT3'!$B$4:$B$640,1),8)*IF($O13=\"Class_6\",INDEX('ER C6 FLT3'!$A$4:$J$640,MATCH(DropData!$J53&$C13,'ER C6 FLT3'!$A$4:$A$640&'ER C6 FLT3'!$B$4:$B$640,1),9))))),IF($B13=\"2 Trucks\",IF(OR($O13=\"Class_8\",$N13=\"Replacement8HHD\",$AI13=\"CL7HHD\"),INDEX('ER C8 FLT2'!$A$4:$J$640,MATCH(DropData!$J53&$C13,'ER C8 FLT2'!$A$4:$A$640&'ER C8 FLT2'!$B$4:$B$640,1),8)*IF(OR($O13=\"Class_8\",$N13=\"Replacement8HHD\",$AI13=\"CL7HHD\"),INDEX('ER C8 FLT2'!$A$4:$J$640,MATCH(DropData!$J53&$C13,'ER C8 FLT2'!$A$4:$A$640&'ER C8 FLT2'!$B$4:$B$640,1),9)),IF($O13=\"Class_7\",INDEX('ER C7 FLT2'!$A$4:$J$640,MATCH(DropData!$J53&$C13,'ER C7 FLT2'!$A$4:$A$640&'ER C7 FLT2'!$B$4:$B$640,1),8)*IF($O13=\"Class_7\",INDEX('ER C7 FLT2'!$A$4:$J$640,MATCH(DropData!$J53&$C13,'ER C7 FLT2'!$A$4:$A$640&'ER C7 FLT2'!$B$4:$B$640,1),9)),IF($O13=\"Class_6\",INDEX('ER C6 FLT2'!$A$4:$J$640,MATCH(DropData!$J53&$C13,'ER C6 FLT2'!$A$4:$A$640&'ER C6 FLT2'!$B$4:$B$640,1),8)*IF($O13=\"Class_6\",INDEX('ER C6 FLT2'!$A$4:$J$640,MATCH(DropData!$J53&$C13,'ER C6 FLT2'!$A$4:$A$640&'ER C6 FLT2'!$B$4:$B$640,1),9))))),IF($B13=\"1 Truck\",\nIF(OR($O13=\"Class_8\",$N13=\"Replacement8HHD\",$AI13=\"CL7HHD\"),INDEX('ER C8 FLT1'!$A$4:$J$640,MATCH(DropData!$J53&$C13,'ER C8 FLT1'!$A$4:$A$640&'ER C8 FLT1'!$B$4:$B$640,1),8)*IF(OR($O13=\"Class_8\",$N13=\"Replacement8HHD\",$AI13=\"CL7HHD\"),INDEX('ER C8 FLT1'!$A$4:$J$640,MATCH(DropData!$J53&$C13,'ER C8 FLT1'!$A$4:$A$640&'ER C8 FLT1'!$B$4:$B$640,1),9)),IF($O13=\"Class_7\",INDEX('ER C7 FLT1'!$A$4:$J$640,MATCH(DropData!$J53&$C13,'ER C7 FLT1'!$A$4:$A$640&'ER C7 FLT1'!$B$4:$B$640,1),8)*IF($O13=\"Class_7\",INDEX('ER C7 FLT1'!$A$4:$J$640,MATCH(DropData!$J53&$C13,'ER C7 FLT1'!$A$4:$A$640&'ER C7 FLT1'!$B$4:$B$640,1),9)),IF($O13=\"Class_6\",INDEX('ER C6 FLT1'!$A$4:$J$640,MATCH(DropData!$J53&$C13,'ER C6 FLT1'!$A$4:$A$640&'ER C6 FLT1'!$B$4:$B$640,1),8)*IF($O13=\"Class_6\",INDEX('ER C6 FLT1'!$A$4:$J$640,MATCH(DropData!$J53&$C13,'ER C6 FLT1'!$A$4:$A$640&'ER C6 FLT1'!$B$4:$B$640,1),9)))))))),IF($R13=\"Electric\",INDEX('ER Electric'!$A$6:$E$44,MATCH($C13&$O13,'ER Electric'!$A$6:$A$44&'ER Electric'!$B$6:$B$44,1),3),))","v":0},{"$f":"IF(OR($R13=\"Diesel\",$R13=\"LNG/CNG\",$R13=\"Hybrid\",$R13=\"Electric w/ AB-118\"),IF($B13=\"3+ Trucks\",IF(OR($O13=\"Class_8\",$N13=\"Replacement8HHD\",$AI13=\"CL7HHD\"),INDEX('ER C8 FLT3'!$A$4:$J$640,MATCH(DropData!$J53&$C13,'ER C8 FLT3'!$A$4:$A$640&'ER C8 FLT3'!$B$4:$B$640-1,1),8)*IF(OR($O13=\"Class_8\",$N13=\"Replacement8HHD\",$AI13=\"CL7HHD\"),INDEX('ER C8 FLT3'!$A$4:$J$640,MATCH(DropData!$J53&$C13,'ER C8 FLT3'!$A$4:$A$640&'ER C8 FLT3'!$B$4:$B$640-1,1),9)),IF($O13=\"Class_7\",INDEX('ER C7 FLT3'!$A$4:$J$640,MATCH(DropData!$J53&$C13,'ER C7 FLT3'!$A$4:$A$640&'ER C7 FLT3'!$B$4:$B$640-1,1),8)*IF($O13=\"Class_7\",INDEX('ER C7 FLT3'!$A$4:$J$640,MATCH(DropData!$J53&$C13,'ER C7 FLT3'!$A$4:$A$640&'ER C7 FLT3'!$B$4:$B$640-1,1),9)),IF($O13=\"Class_6\",INDEX('ER C6 FLT3'!$A$4:$J$640,MATCH(DropData!$J53&$C13,'ER C6 FLT3'!$A$4:$A$640&'ER C6 FLT3'!$B$4:$B$640-1,1),8)*IF($O13=\"Class_6\",INDEX('ER C6 FLT3'!$A$4:$J$640,MATCH(DropData!$J53&$C13,'ER C6 FLT3'!$A$4:$A$640&'ER C6 FLT3'!$B$4:$B$640-1,1),9))))),IF($B13=\"2 Trucks\",IF(OR($O13=\"Class_8\",$N13=\"Replacement8HHD\",$AI13=\"CL7HHD\"),INDEX('ER C8 FLT2'!$A$4:$J$640,MATCH(DropData!$J53&$C13,'ER C8 FLT2'!$A$4:$A$640&'ER C8 FLT2'!$B$4:$B$640-1,1),8)*IF(OR($O13=\"Class_8\",$N13=\"Replacement8HHD\",$AI13=\"CL7HHD\"),INDEX('ER C8 FLT2'!$A$4:$J$640,MATCH(DropData!$J53&$C13,'ER C8 FLT2'!$A$4:$A$640&'ER C8 FLT2'!$B$4:$B$640-1,1),9)),IF($O13=\"Class_7\",INDEX('ER C7 FLT2'!$A$4:$J$640,MATCH(DropData!$J53&$C13,'ER C7 FLT2'!$A$4:$A$640&'ER C7 FLT2'!$B$4:$B$640-1,1),8)*IF($O13=\"Class_7\",INDEX('ER C7 FLT2'!$A$4:$J$640,MATCH(DropData!$J53&$C13,'ER C7 FLT2'!$A$4:$A$640&'ER C7 FLT2'!$B$4:$B$640-1,1),9)),IF($O13=\"Class_6\",INDEX('ER C6 FLT2'!$A$4:$J$640,MATCH(DropData!$J53&$C13,'ER C6 FLT2'!$A$4:$A$640&'ER C6 FLT2'!$B$4:$B$640-1,1),8)*IF($O13=\"Class_6\",INDEX('ER C6 FLT2'!$A$4:$J$640,MATCH(DropData!$J53&$C13,'ER C6 FLT2'!$A$4:$A$640&'ER C6 FLT2'!$B$4:$B$640-1,1),9))))),IF($B13=\"1 Truck\",IF(OR($O13=\"Class_8\",$N13=\"Replacement8HHD\",$AI13=\"CL7HHD\"),INDEX('ER C8 FLT1'!$A$4:$J$640,MATCH(DropData!$J53&$C13,'ER C8 FLT1'!$A$4:$A$640&'ER C8 FLT1'!$B$4:$B$640-1,1),8)*IF(OR($O13=\"Class_8\",$N13=\"Replacement8HHD\",$AI13=\"CL7HHD\"),INDEX('ER C8 FLT1'!$A$4:$J$640,MATCH(DropData!$J53&$C13,'ER C8 FLT1'!$A$4:$A$640&'ER C8 FLT1'!$B$4:$B$640-1,1),9)),IF($O13=\"Class_7\",INDEX('ER C7 FLT1'!$A$4:$J$640,MATCH(DropData!$J53&$C13,'ER C7 FLT1'!$A$4:$A$640&'ER C7 FLT1'!$B$4:$B$640-1,1),8)*IF($O13=\"Class_7\",INDEX('ER C7 FLT1'!$A$4:$J$640,MATCH(DropData!$J53&$C13,'ER C7 FLT1'!$A$4:$A$640&'ER C7 FLT1'!$B$4:$B$640-1,1),9)),IF($O13=\"Class_6\",INDEX('ER C6 FLT1'!$A$4:$J$640,MATCH(DropData!$J53&$C13,'ER C6 FLT1'!$A$4:$A$640&'ER C6 FLT1'!$B$4:$B$640-1,1),8)*IF($O13=\"Class_6\",INDEX('ER C6 FLT1'!$A$4:$J$640,MATCH(DropData!$J53&$C13,'ER C6 FLT1'!$A$4:$A$640&'ER C6 FLT1'!$B$4:$B$640-1,1),9)))))))),IF($R13=\"Electric\",OFFSET(INDEX('ER Electric'!$A$6:$E$44,MATCH($C13&$O13,'ER Electric'!$A$6:$A$44&'ER Electric'!$B$6:$B$44,1),3),3,0),))","v":0},{"$f":"IF(OR($R13=\"Diesel\",$R13=\"LNG/CNG\",$R13=\"Hybrid\",$R13=\"Electric w/ AB-118\"),IF($B13=\"3+ Trucks\",IF(OR($O13=\"Class_8\",$N13=\"Replacement8HHD\",$AI13=\"CL7HHD\"),INDEX('ER C8 FLT3'!$A$4:$J$640,MATCH(DropData!$J53&$C13,'ER C8 FLT3'!$A$4:$A$640&'ER C8 FLT3'!$B$4:$B$640-2,1),8)*IF(OR($O13=\"Class_8\",$N13=\"Replacement8HHD\",$AI13=\"CL7HHD\"),INDEX('ER C8 FLT3'!$A$4:$J$640,MATCH(DropData!$J53&$C13,'ER C8 FLT3'!$A$4:$A$640&'ER C8 FLT3'!$B$4:$B$640-2,1),9)),IF($O13=\"Class_7\",INDEX('ER C7 FLT3'!$A$4:$J$640,MATCH(DropData!$J53&$C13,'ER C7 FLT3'!$A$4:$A$640&'ER C7 FLT3'!$B$4:$B$640-2,1),8)*IF($O13=\"Class_7\",INDEX('ER C7 FLT3'!$A$4:$J$640,MATCH(DropData!$J53&$C13,'ER C7 FLT3'!$A$4:$A$640&'ER C7 FLT3'!$B$4:$B$640-2,1),9)),IF($O13=\"Class_6\",INDEX('ER C6 FLT3'!$A$4:$J$640,MATCH(DropData!$J53&$C13,'ER C6 FLT3'!$A$4:$A$640&'ER C6 FLT3'!$B$4:$B$640-2,1),8)*IF($O13=\"Class_6\",INDEX('ER C6 FLT3'!$A$4:$J$640,MATCH(DropData!$J53&$C13,'ER C6 FLT3'!$A$4:$A$640&'ER C6 FLT3'!$B$4:$B$640-2,1),9))))),IF($B13=\"2 Trucks\",IF(OR($O13=\"Class_8\",$N13=\"Replacement8HHD\",$AI13=\"CL7HHD\"),INDEX('ER C8 FLT2'!$A$4:$J$640,MATCH(DropData!$J53&$C13,'ER C8 FLT2'!$A$4:$A$640&'ER C8 FLT2'!$B$4:$B$640-2,1),8)*IF(OR($O13=\"Class_8\",$N13=\"Replacement8HHD\",$AI13=\"CL7HHD\"),INDEX('ER C8 FLT2'!$A$4:$J$640,MATCH(DropData!$J53&$C13,'ER C8 FLT2'!$A$4:$A$640&'ER C8 FLT2'!$B$4:$B$640-2,1),9)),IF($O13=\"Class_7\",INDEX('ER C7 FLT2'!$A$4:$J$640,MATCH(DropData!$J53&$C13,'ER C7 FLT2'!$A$4:$A$640&'ER C7 FLT2'!$B$4:$B$640-2,1),8)*IF($O13=\"Class_7\",INDEX('ER C7 FLT2'!$A$4:$J$640,MATCH(DropData!$J53&$C13,'ER C7 FLT2'!$A$4:$A$640&'ER C7 FLT2'!$B$4:$B$640-2,1),9)),IF($O13=\"Class_6\",INDEX('ER C6 FLT2'!$A$4:$J$640,MATCH(DropData!$J53&$C13,'ER C6 FLT2'!$A$4:$A$640&'ER C6 FLT2'!$B$4:$B$640-2,1),8)*IF($O13=\"Class_6\",INDEX('ER C6 FLT2'!$A$4:$J$640,MATCH(DropData!$J53&$C13,'ER C6 FLT2'!$A$4:$A$640&'ER C6 FLT2'!$B$4:$B$640-2,1),9))))),IF($B13=\"1 Truck\",IF(OR($O13=\"Class_8\",$N13=\"Replacement8HHD\",$AI13=\"CL7HHD\"),INDEX('ER C8 FLT1'!$A$4:$J$640,MATCH(DropData!$J53&$C13,'ER C8 FLT1'!$A$4:$A$640&'ER C8 FLT1'!$B$4:$B$640-2,1),8)*IF(OR($O13=\"Class_8\",$N13=\"Replacement8HHD\",$AI13=\"CL7HHD\"),INDEX('ER C8 FLT1'!$A$4:$J$640,MATCH(DropData!$J53&$C13,'ER C8 FLT1'!$A$4:$A$640&'ER C8 FLT1'!$B$4:$B$640-2,1),9)),IF($O13=\"Class_7\",INDEX('ER C7 FLT1'!$A$4:$J$640,MATCH(DropData!$J53&$C13,'ER C7 FLT1'!$A$4:$A$640&'ER C7 FLT1'!$B$4:$B$640-2,1),8)*IF($O13=\"Class_7\",INDEX('ER C7 FLT1'!$A$4:$J$640,MATCH(DropData!$J53&$C13,'ER C7 FLT1'!$A$4:$A$640&'ER C7 FLT1'!$B$4:$B$640-2,1),9)),IF($O13=\"Class_6\",INDEX('ER C6 FLT1'!$A$4:$J$640,MATCH(DropData!$J53&$C13,'ER C6 FLT1'!$A$4:$A$640&'ER C6 FLT1'!$B$4:$B$640-2,1),8)*IF($O13=\"Class_6\",INDEX('ER C6 FLT1'!$A$4:$J$640,MATCH(DropData!$J53&$C13,'ER C6 FLT1'!$A$4:$A$640&'ER C6 FLT1'!$B$4:$B$640-2,1),9)))))))),IF($R13=\"Electric\",OFFSET(INDEX('ER Electric'!$A$6:$E$44,MATCH($C13&$O13,'ER Electric'!$A$6:$A$44&'ER Electric'!$B$6:$B$44,1),3),6,0),))","v":0},{"$f":"IF(OR($R13=\"Diesel\",$R13=\"LNG/CNG\",$R13=\"Hybrid\",$R13=\"Electric w/ AB-118\"),IF($B13=\"3+ Trucks\",IF(OR($O13=\"Class_8\",$N13=\"Replacement8HHD\",$AI13=\"CL7HHD\"),INDEX('ER C8 FLT3'!$A$4:$J$640,MATCH(DropData!$J53&$C13,'ER C8 FLT3'!$A$4:$A$640&'ER C8 FLT3'!$B$4:$B$640-3,1),8)*IF(OR($O13=\"Class_8\",$N13=\"Replacement8HHD\",$AI13=\"CL7HHD\"),INDEX('ER C8 FLT3'!$A$4:$J$640,MATCH(DropData!$J53&$C13,'ER C8 FLT3'!$A$4:$A$640&'ER C8 FLT3'!$B$4:$B$640-3,1),9)),IF($O13=\"Class_7\",INDEX('ER C7 FLT3'!$A$4:$J$640,MATCH(DropData!$J53&$C13,'ER C7 FLT3'!$A$4:$A$640&'ER C7 FLT3'!$B$4:$B$640-3,1),8)*IF($O13=\"Class_7\",INDEX('ER C7 FLT3'!$A$4:$J$640,MATCH(DropData!$J53&$C13,'ER C7 FLT3'!$A$4:$A$640&'ER C7 FLT3'!$B$4:$B$640-3,1),9)),IF($O13=\"Class_6\",INDEX('ER C6 FLT3'!$A$4:$J$640,MATCH(DropData!$J53&$C13,'ER C6 FLT3'!$A$4:$A$640&'ER C6 FLT3'!$B$4:$B$640-3,1),8)*IF($O13=\"Class_6\",INDEX('ER C6 FLT3'!$A$4:$J$640,MATCH(DropData!$J53&$C13,'ER C6 FLT3'!$A$4:$A$640&'ER C6 FLT3'!$B$4:$B$640-3,1),9))))),IF($B13=\"2 Trucks\",IF(OR($O13=\"Class_8\",$N13=\"Replacement8HHD\",$AI13=\"CL7HHD\"),INDEX('ER C8 FLT2'!$A$4:$J$640,MATCH(DropData!$J53&$C13,'ER C8 FLT2'!$A$4:$A$640&'ER C8 FLT2'!$B$4:$B$640-3,1),8)*IF(OR($O13=\"Class_8\",$N13=\"Replacement8HHD\",$AI13=\"CL7HHD\"),INDEX('ER C8 FLT2'!$A$4:$J$640,MATCH(DropData!$J53&$C13,'ER C8 FLT2'!$A$4:$A$640&'ER C8 FLT2'!$B$4:$B$640-3,1),9)),IF($O13=\"Class_7\",INDEX('ER C7 FLT2'!$A$4:$J$640,MATCH(DropData!$J53&$C13,'ER C7 FLT2'!$A$4:$A$640&'ER C7 FLT2'!$B$4:$B$640-3,1),8)*IF($O13=\"Class_7\",INDEX('ER C7 FLT2'!$A$4:$J$640,MATCH(DropData!$J53&$C13,'ER C7 FLT2'!$A$4:$A$640&'ER C7 FLT2'!$B$4:$B$640-3,1),9)),IF($O13=\"Class_6\",INDEX('ER C6 FLT2'!$A$4:$J$640,MATCH(DropData!$J53&$C13,'ER C6 FLT2'!$A$4:$A$640&'ER C6 FLT2'!$B$4:$B$640-3,1),8)*IF($O13=\"Class_6\",INDEX('ER C6 FLT2'!$A$4:$J$640,MATCH(DropData!$J53&$C13,'ER C6 FLT2'!$A$4:$A$640&'ER C6 FLT2'!$B$4:$B$640-3,1),9))))),IF($B13=\"1 Truck\",IF(OR($O13=\"Class_8\",$N13=\"Replacement8HHD\",$AI13=\"CL7HHD\"),INDEX('ER C8 FLT1'!$A$4:$J$640,MATCH(DropData!$J53&$C13,'ER C8 FLT1'!$A$4:$A$640&'ER C8 FLT1'!$B$4:$B$640-3,1),8)*IF(OR($O13=\"Class_8\",$N13=\"Replacement8HHD\",$AI13=\"CL7HHD\"),INDEX('ER C8 FLT1'!$A$4:$J$640,MATCH(DropData!$J53&$C13,'ER C8 FLT1'!$A$4:$A$640&'ER C8 FLT1'!$B$4:$B$640-3,1),9)),IF($O13=\"Class_7\",INDEX('ER C7 FLT1'!$A$4:$J$640,MATCH(DropData!$J53&$C13,'ER C7 FLT1'!$A$4:$A$640&'ER C7 FLT1'!$B$4:$B$640-3,1),8)*IF($O13=\"Class_7\",INDEX('ER C7 FLT1'!$A$4:$J$640,MATCH(DropData!$J53&$C13,'ER C7 FLT1'!$A$4:$A$640&'ER C7 FLT1'!$B$4:$B$640-3,1),9)),IF($O13=\"Class_6\",INDEX('ER C6 FLT1'!$A$4:$J$640,MATCH(DropData!$J53&$C13,'ER C6 FLT1'!$A$4:$A$640&'ER C6 FLT1'!$B$4:$B$640-3,1),8)*IF($O13=\"Class_6\",INDEX('ER C6 FLT1'!$A$4:$J$640,MATCH(DropData!$J53&$C13,'ER C6 FLT1'!$A$4:$A$640&'ER C6 FLT1'!$B$4:$B$640-3,1),9)))))))),IF($R13=\"Electric\",OFFSET(INDEX('ER Electric'!$A$6:$E$44,MATCH($C13&$O13,'ER Electric'!$A$6:$A$44&'ER Electric'!$B$6:$B$44,1),3),9,0),))","v":0},{"$f":"IF(OR($R13=\"Diesel\",$R13=\"LNG/CNG\",$R13=\"Hybrid\",$R13=\"Electric w/ AB-118\"),IF($B13=\"3+ Trucks\",IF(OR($O13=\"Class_8\",$N13=\"Replacement8HHD\",$AI13=\"CL7HHD\"),INDEX('ER C8 FLT3'!$A$4:$J$640,MATCH(DropData!$J53&$C13,'ER C8 FLT3'!$A$4:$A$640&'ER C8 FLT3'!$B$4:$B$640-4,1),8)*IF(OR($O13=\"Class_8\",$N13=\"Replacement8HHD\",$AI13=\"CL7HHD\"),INDEX('ER C8 FLT3'!$A$4:$J$640,MATCH(DropData!$J53&$C13,'ER C8 FLT3'!$A$4:$A$640&'ER C8 FLT3'!$B$4:$B$640-4,1),9)),IF($O13=\"Class_7\",INDEX('ER C7 FLT3'!$A$4:$J$640,MATCH(DropData!$J53&$C13,'ER C7 FLT3'!$A$4:$A$640&'ER C7 FLT3'!$B$4:$B$640-4,1),8)*IF($O13=\"Class_7\",INDEX('ER C7 FLT3'!$A$4:$J$640,MATCH(DropData!$J53&$C13,'ER C7 FLT3'!$A$4:$A$640&'ER C7 FLT3'!$B$4:$B$640-4,1),9)),IF($O13=\"Class_6\",INDEX('ER C6 FLT3'!$A$4:$J$640,MATCH(DropData!$J53&$C13,'ER C6 FLT3'!$A$4:$A$640&'ER C6 FLT3'!$B$4:$B$640-4,1),8)*IF($O13=\"Class_6\",INDEX('ER C6 FLT3'!$A$4:$J$640,MATCH(DropData!$J53&$C13,'ER C6 FLT3'!$A$4:$A$640&'ER C6 FLT3'!$B$4:$B$640-4,1),9))))),IF($B13=\"2 Trucks\",IF(OR($O13=\"Class_8\",$N13=\"Replacement8HHD\",$AI13=\"CL7HHD\"),INDEX('ER C8 FLT2'!$A$4:$J$640,MATCH(DropData!$J53&$C13,'ER C8 FLT2'!$A$4:$A$640&'ER C8 FLT2'!$B$4:$B$640-4,1),8)*IF(OR($O13=\"Class_8\",$N13=\"Replacement8HHD\",$AI13=\"CL7HHD\"),INDEX('ER C8 FLT2'!$A$4:$J$640,MATCH(DropData!$J53&$C13,'ER C8 FLT2'!$A$4:$A$640&'ER C8 FLT2'!$B$4:$B$640-4,1),9)),IF($O13=\"Class_7\",INDEX('ER C7 FLT2'!$A$4:$J$640,MATCH(DropData!$J53&$C13,'ER C7 FLT2'!$A$4:$A$640&'ER C7 FLT2'!$B$4:$B$640-4,1),8)*IF($O13=\"Class_7\",INDEX('ER C7 FLT2'!$A$4:$J$640,MATCH(DropData!$J53&$C13,'ER C7 FLT2'!$A$4:$A$640&'ER C7 FLT2'!$B$4:$B$640-4,1),9)),IF($O13=\"Class_6\",INDEX('ER C6 FLT2'!$A$4:$J$640,MATCH(DropData!$J53&$C13,'ER C6 FLT2'!$A$4:$A$640&'ER C6 FLT2'!$B$4:$B$640-4,1),8)*IF($O13=\"Class_6\",INDEX('ER C6 FLT2'!$A$4:$J$640,MATCH(DropData!$J53&$C13,'ER C6 FLT2'!$A$4:$A$640&'ER C6 FLT2'!$B$4:$B$640-4,1),9))))),IF($B13=\"1 Truck\",IF(OR($O13=\"Class_8\",$N13=\"Replacement8HHD\",$AI13=\"CL7HHD\"),INDEX('ER C8 FLT1'!$A$4:$J$640,MATCH(DropData!$J53&$C13,'ER C8 FLT1'!$A$4:$A$640&'ER C8 FLT1'!$B$4:$B$640-4,1),8)*IF(OR($O13=\"Class_8\",$N13=\"Replacement8HHD\",$AI13=\"CL7HHD\"),INDEX('ER C8 FLT1'!$A$4:$J$640,MATCH(DropData!$J53&$C13,'ER C8 FLT1'!$A$4:$A$640&'ER C8 FLT1'!$B$4:$B$640-4,1),9)),IF($O13=\"Class_7\",INDEX('ER C7 FLT1'!$A$4:$J$640,MATCH(DropData!$J53&$C13,'ER C7 FLT1'!$A$4:$A$640&'ER C7 FLT1'!$B$4:$B$640-4,1),8)*IF($O13=\"Class_7\",INDEX('ER C7 FLT1'!$A$4:$J$640,MATCH(DropData!$J53&$C13,'ER C7 FLT1'!$A$4:$A$640&'ER C7 FLT1'!$B$4:$B$640-4,1),9)),IF($O13=\"Class_6\",INDEX('ER C6 FLT1'!$A$4:$J$640,MATCH(DropData!$J53&$C13,'ER C6 FLT1'!$A$4:$A$640&'ER C6 FLT1'!$B$4:$B$640-4,1),8)*IF($O13=\"Class_6\",INDEX('ER C6 FLT1'!$A$4:$J$640,MATCH(DropData!$J53&$C13,'ER C6 FLT1'!$A$4:$A$640&'ER C6 FLT1'!$B$4:$B$640-4,1),9)))))))),IF($R13=\"Electric\",OFFSET(INDEX('ER Electric'!$A$6:$E$44,MATCH($C13&$O13,'ER Electric'!$A$6:$A$44&'ER Electric'!$B$6:$B$44,1),3),12,0),))","v":0},{"$f":"IF($C13<2015,1,2)","v":1},0,{"$f":"IF($C13<2015,1,2)","v":1},{"$f":"IFERROR(IF($B13=\"3+ Trucks\",IF($Z13=\"Class_8\",INDEX('ER C8 FLT3'!$A$4:$J$640,MATCH($W13&$C13,'ER C8 FLT3'!$A$4:$A$640&'ER C8 FLT3'!$B$4:$B$640,1),8)*IF($Z13=\"Class_8\",INDEX('ER C8 FLT3'!$A$4:$J$640,MATCH($W13&$C13,'ER C8 FLT3'!$A$4:$A$640&'ER C8 FLT3'!$B$4:$B$640,1),9)),IF($Z13=\"Class_7\",INDEX('ER C7 FLT3'!$A$4:$J$640,MATCH($W13&$C13,'ER C7 FLT3'!$A$4:$A$640&'ER C7 FLT3'!$B$4:$B$640,1),8)*IF($Z13=\"Class_7\",INDEX('ER C7 FLT3'!$A$4:$J$640,MATCH($W13&$C13,'ER C7 FLT3'!$A$4:$A$640&'ER C7 FLT3'!$B$4:$B$640,1),9)),\nIF($Z13=\"Class_6\",INDEX('ER C6 FLT3'!$A$4:$J$640,MATCH($W13&$C13,'ER C6 FLT3'!$A$4:$A$640&'ER C6 FLT3'!$B$4:$B$640,1),8)*IF($Z13=\"Class_6\",INDEX('ER C6 FLT3'!$A$4:$L$640,MATCH($W13&$C13,'ER C6 FLT3'!$A$4:$A$640&'ER C6 FLT3'!$B$4:$B$640,1),9))))),IF($B13=\"2 Trucks\",IF($Z13=\"Class_8\",INDEX('ER C8 FLT2'!$A$4:$J$640,MATCH($W13&$C13,'ER C8 FLT2'!$A$4:$A$640&'ER C8 FLT2'!$B$4:$B$640,1),8)*IF($Z13=\"Class_8\",INDEX('ER C8 FLT2'!$A$4:$J$640,MATCH($W13&$C13,'ER C8 FLT2'!$A$4:$A$640&'ER C8 FLT2'!$B$4:$B$640,1),9)),IF($Z13=\"Class_7\",INDEX('ER C7 FLT2'!$A$4:$J$640,MATCH($W13&$C13,'ER C7 FLT2'!$A$4:$A$640&'ER C7 FLT2'!$B$4:$B$640,1),8)*IF($Z13=\"Class_7\",INDEX('ER C7 FLT2'!$A$4:$J$640,MATCH($W13&$C13,'ER C7 FLT2'!$A$4:$A$640&'ER C7 FLT2'!$B$4:$B$640,1),9)),IF($Z13=\"Class_6\",INDEX('ER C6 FLT2'!$A$4:$J$640,MATCH($W13&$C13,'ER C6 FLT2'!$A$4:$A$640&'ER C6 FLT2'!$B$4:$B$640,1),8)*IF($Z13=\"Class_6\",INDEX('ER C6 FLT2'!$A$4:$J$640,MATCH($W13&$C13,'ER C6 FLT2'!$A$4:$A$640&'ER C6 FLT2'!$B$4:$B$640,1),9))))),IF($B13=\"1 Truck\",\nIF($Z13=\"Class_8\",INDEX('ER C8 FLT1'!$A$4:$J$640,MATCH($W13&$C13,'ER C8 FLT1'!$A$4:$A$640&'ER C8 FLT1'!$B$4:$B$640,1),8)*IF($Z13=\"Class_8\",INDEX('ER C8 FLT1'!$A$4:$J$640,MATCH($W13&$C13,'ER C8 FLT1'!$A$4:$A$640&'ER C8 FLT1'!$B$4:$B$640,1),9)),IF($Z13=\"Class_7\",INDEX('ER C7 FLT1'!$A$4:$J$640,MATCH($W13&$C13,'ER C7 FLT1'!$A$4:$A$640&'ER C7 FLT1'!$B$4:$B$640,1),8)*IF($Z13=\"Class_7\",INDEX('ER C7 FLT1'!$A$4:$J$640,MATCH($W13&$C13,'ER C7 FLT1'!$A$4:$A$640&'ER C7 FLT1'!$B$4:$B$640,1),9)),\nIF($Z13=\"Class_6\",INDEX('ER C6 FLT1'!$A$4:$J$640,MATCH($W13&$C13,'ER C6 FLT1'!$A$4:$A$640&'ER C6 FLT1'!$B$4:$B$640,1),8)*IF($Z13=\"Class_6\",INDEX('ER C6 FLT1'!$A$4:$J$640,MATCH($W13&$C13,'ER C6 FLT1'!$A$4:$A$640&'ER C6 FLT1'!$B$4:$B$640,1),9))))))))*IF($X13=\"Level 1 PM\",0.75,IF($X13=\"Level 2 PM\",0.5,IF($X13=\"Level 3 PM\",0,IF($X13=\"Level 3 PM + Mark I NOx\",0,1))))*($AC13/453.6)-IF(BG13=0,AV13,0),\"0.00\")","v":0},{"$f":"IFERROR(MAX(0,BI13/BH13),\"0.00\")","v":0},{"$f":"IFERROR(MAX(0,BG13+BJ13),\"0.00\")","v":0},0,{"$f":"IF($B13=\"3+ Trucks\",IF($Z13=\"Class_8\",INDEX('ER C8 FLT3'!$A$4:$J$640,MATCH($W13&$C13,'ER C8 FLT3'!$A$4:$A$640&'ER C8 FLT3'!$B$4:$B$640-1,1),8)*IF($Z13=\"Class_8\",INDEX('ER C8 FLT3'!$A$4:$J$640,MATCH($W13&$C13,'ER C8 FLT3'!$A$4:$A$640&'ER C8 FLT3'!$B$4:$B$640-1,1),9)),IF($Z13=\"Class_7\",INDEX('ER C7 FLT3'!$A$4:$J$640,MATCH($W13&$C13,'ER C7 FLT3'!$A$4:$A$640&'ER C7 FLT3'!$B$4:$B$640-1,1),8)*IF($Z13=\"Class_7\",INDEX('ER C7 FLT3'!$A$4:$J$640,MATCH($W13&$C13,'ER C7 FLT3'!$A$4:$A$640&'ER C7 FLT3'!$B$4:$B$640-1,1),9)),\nIF($Z13=\"Class_6\",INDEX('ER C6 FLT3'!$A$4:$J$640,MATCH($W13&$C13,'ER C6 FLT3'!$A$4:$A$640&'ER C6 FLT3'!$B$4:$B$640-1,1),8)*IF($Z13=\"Class_6\",INDEX('ER C6 FLT3'!$A$4:$L$640,MATCH($W13&$C13,'ER C6 FLT3'!$A$4:$A$640&'ER C6 FLT3'!$B$4:$B$640-1,1),9))))),IF($B13=\"2 Trucks\",IF($Z13=\"Class_8\",INDEX('ER C8 FLT2'!$A$4:$J$640,MATCH($W13&$C13,'ER C8 FLT2'!$A$4:$A$640&'ER C8 FLT2'!$B$4:$B$640-1,1),8)*IF($Z13=\"Class_8\",INDEX('ER C8 FLT2'!$A$4:$J$640,MATCH($W13&$C13,'ER C8 FLT2'!$A$4:$A$640&'ER C8 FLT2'!$B$4:$B$640-1,1),9)),IF($Z13=\"Class_7\",INDEX('ER C7 FLT2'!$A$4:$J$640,MATCH($W13&$C13,'ER C7 FLT2'!$A$4:$A$640&'ER C7 FLT2'!$B$4:$B$640-1,1),8)*IF($Z13=\"Class_7\",INDEX('ER C7 FLT2'!$A$4:$J$640,MATCH($W13&$C13,'ER C7 FLT2'!$A$4:$A$640&'ER C7 FLT2'!$B$4:$B$640-1,1),9)),IF($Z13=\"Class_6\",INDEX('ER C6 FLT2'!$A$4:$J$640,MATCH($W13&$C13,'ER C6 FLT2'!$A$4:$A$640&'ER C6 FLT2'!$B$4:$B$640-1,1),8)*IF($Z13=\"Class_6\",INDEX('ER C6 FLT2'!$A$4:$J$640,MATCH($W13&$C13,'ER C6 FLT2'!$A$4:$A$640&'ER C6 FLT2'!$B$4:$B$640-1,1),9))))),IF($B13=\"1 Truck\",\nIF($Z13=\"Class_8\",INDEX('ER C8 FLT1'!$A$4:$J$640,MATCH($W13&$C13,'ER C8 FLT1'!$A$4:$A$640&'ER C8 FLT1'!$B$4:$B$640-1,1),8)*IF($Z13=\"Class_8\",INDEX('ER C8 FLT1'!$A$4:$J$640,MATCH($W13&$C13,'ER C8 FLT1'!$A$4:$A$640&'ER C8 FLT1'!$B$4:$B$640-1,1),9)),IF($Z13=\"Class_7\",INDEX('ER C7 FLT1'!$A$4:$J$640,MATCH($W13&$C13,'ER C7 FLT1'!$A$4:$A$640&'ER C7 FLT1'!$B$4:$B$640-1,1),8)*IF($Z13=\"Class_7\",INDEX('ER C7 FLT1'!$A$4:$J$640,MATCH($W13&$C13,'ER C7 FLT1'!$A$4:$A$640&'ER C7 FLT1'!$B$4:$B$640-1,1),9)),\nIF($Z13=\"Class_6\",INDEX('ER C6 FLT1'!$A$4:$J$640,MATCH($W13&$C13,'ER C6 FLT1'!$A$4:$A$640&'ER C6 FLT1'!$B$4:$B$640-1,1),8)*IF($Z13=\"Class_6\",INDEX('ER C6 FLT1'!$A$4:$J$640,MATCH($W13&$C13,'ER C6 FLT1'!$A$4:$A$640&'ER C6 FLT1'!$B$4:$B$640-1,1),9))))))))*IF($X13=\"Level 1 PM\",0.75,IF($X13=\"Level 2 PM\",0.5,IF($X13=\"Level 3 PM\",0,IF($X13=\"Level 3 PM + Mark I NOx\",0,1))))*($AC13/453.6)-IF(BL13=0,AW13,0)","v":0},0,0,{"$f":"IF($B13=\"3+ Trucks\",IF($Z13=\"Class_8\",INDEX('ER C8 FLT3'!$A$4:$J$640,MATCH($W13&$C13,'ER C8 FLT3'!$A$4:$A$640&'ER C8 FLT3'!$B$4:$B$640-2,1),8)*IF($Z13=\"Class_8\",INDEX('ER C8 FLT3'!$A$4:$J$640,MATCH($W13&$C13,'ER C8 FLT3'!$A$4:$A$640&'ER C8 FLT3'!$B$4:$B$640-2,1),9)),IF($Z13=\"Class_7\",INDEX('ER C7 FLT3'!$A$4:$J$640,MATCH($W13&$C13,'ER C7 FLT3'!$A$4:$A$640&'ER C7 FLT3'!$B$4:$B$640-2,1),8)*IF($Z13=\"Class_7\",INDEX('ER C7 FLT3'!$A$4:$J$640,MATCH($W13&$C13,'ER C7 FLT3'!$A$4:$A$640&'ER C7 FLT3'!$B$4:$B$640-2,1),9)),\nIF($Z13=\"Class_6\",INDEX('ER C6 FLT3'!$A$4:$J$640,MATCH($W13&$C13,'ER C6 FLT3'!$A$4:$A$640&'ER C6 FLT3'!$B$4:$B$640-2,1),8)*IF($Z13=\"Class_6\",INDEX('ER C6 FLT3'!$A$4:$L$640,MATCH($W13&$C13,'ER C6 FLT3'!$A$4:$A$640&'ER C6 FLT3'!$B$4:$B$640-2,1),9))))),IF($B13=\"2 Trucks\",IF($Z13=\"Class_8\",INDEX('ER C8 FLT2'!$A$4:$J$640,MATCH($W13&$C13,'ER C8 FLT2'!$A$4:$A$640&'ER C8 FLT2'!$B$4:$B$640-2,1),8)*IF($Z13=\"Class_8\",INDEX('ER C8 FLT2'!$A$4:$J$640,MATCH($W13&$C13,'ER C8 FLT2'!$A$4:$A$640&'ER C8 FLT2'!$B$4:$B$640-2,1),9)),IF($Z13=\"Class_7\",INDEX('ER C7 FLT2'!$A$4:$J$640,MATCH($W13&$C13,'ER C7 FLT2'!$A$4:$A$640&'ER C7 FLT2'!$B$4:$B$640-2,1),8)*IF($Z13=\"Class_7\",INDEX('ER C7 FLT2'!$A$4:$J$640,MATCH($W13&$C13,'ER C7 FLT2'!$A$4:$A$640&'ER C7 FLT2'!$B$4:$B$640-2,1),9)),IF($Z13=\"Class_6\",INDEX('ER C6 FLT2'!$A$4:$J$640,MATCH($W13&$C13,'ER C6 FLT2'!$A$4:$A$640&'ER C6 FLT2'!$B$4:$B$640-2,1),8)*IF($Z13=\"Class_6\",INDEX('ER C6 FLT2'!$A$4:$J$640,MATCH($W13&$C13,'ER C6 FLT2'!$A$4:$A$640&'ER C6 FLT2'!$B$4:$B$640-2,1),9))))),IF($B13=\"1 Truck\",\nIF($Z13=\"Class_8\",INDEX('ER C8 FLT1'!$A$4:$J$640,MATCH($W13&$C13,'ER C8 FLT1'!$A$4:$A$640&'ER C8 FLT1'!$B$4:$B$640-2,1),8)*IF($Z13=\"Class_8\",INDEX('ER C8 FLT1'!$A$4:$J$640,MATCH($W13&$C13,'ER C8 FLT1'!$A$4:$A$640&'ER C8 FLT1'!$B$4:$B$640-2,1),9)),IF($Z13=\"Class_7\",INDEX('ER C7 FLT1'!$A$4:$J$640,MATCH($W13&$C13,'ER C7 FLT1'!$A$4:$A$640&'ER C7 FLT1'!$B$4:$B$640-2,1),8)*IF($Z13=\"Class_7\",INDEX('ER C7 FLT1'!$A$4:$J$640,MATCH($W13&$C13,'ER C7 FLT1'!$A$4:$A$640&'ER C7 FLT1'!$B$4:$B$640-2,1),9)),\nIF($Z13=\"Class_6\",INDEX('ER C6 FLT1'!$A$4:$J$640,MATCH($W13&$C13,'ER C6 FLT1'!$A$4:$A$640&'ER C6 FLT1'!$B$4:$B$640-2,1),8)*IF($Z13=\"Class_6\",INDEX('ER C6 FLT1'!$A$4:$J$640,MATCH($W13&$C13,'ER C6 FLT1'!$A$4:$A$640&'ER C6 FLT1'!$B$4:$B$640-2,1),9))))))))*IF($X13=\"Level 1 PM\",0.75,IF($X13=\"Level 2 PM\",0.5,IF($X13=\"Level 3 PM\",0,IF($X13=\"Level 3 PM + Mark I NOx\",0,1))))*($AC13/453.6)-IF(BO13=0,AX13,0)","v":0},0,0,{"$f":"IF($B13=\"3+ Trucks\",IF($Z13=\"Class_8\",INDEX('ER C8 FLT3'!$A$4:$J$640,MATCH($W13&$C13,'ER C8 FLT3'!$A$4:$A$640&'ER C8 FLT3'!$B$4:$B$640-3,1),8)*IF($Z13=\"Class_8\",INDEX('ER C8 FLT3'!$A$4:$J$640,MATCH($W13&$C13,'ER C8 FLT3'!$A$4:$A$640&'ER C8 FLT3'!$B$4:$B$640-3,1),9)),IF($Z13=\"Class_7\",INDEX('ER C7 FLT3'!$A$4:$J$640,MATCH($W13&$C13,'ER C7 FLT3'!$A$4:$A$640&'ER C7 FLT3'!$B$4:$B$640-3,1),8)*IF($Z13=\"Class_7\",INDEX('ER C7 FLT3'!$A$4:$J$640,MATCH($W13&$C13,'ER C7 FLT3'!$A$4:$A$640&'ER C7 FLT3'!$B$4:$B$640-3,1),9)),\nIF($Z13=\"Class_6\",INDEX('ER C6 FLT3'!$A$4:$J$640,MATCH($W13&$C13,'ER C6 FLT3'!$A$4:$A$640&'ER C6 FLT3'!$B$4:$B$640-3,1),8)*IF($Z13=\"Class_6\",INDEX('ER C6 FLT3'!$A$4:$L$640,MATCH($W13&$C13,'ER C6 FLT3'!$A$4:$A$640&'ER C6 FLT3'!$B$4:$B$640-3,1),9))))),IF($B13=\"2 Trucks\",IF($Z13=\"Class_8\",INDEX('ER C8 FLT2'!$A$4:$J$640,MATCH($W13&$C13,'ER C8 FLT2'!$A$4:$A$640&'ER C8 FLT2'!$B$4:$B$640-3,1),8)*IF($Z13=\"Class_8\",INDEX('ER C8 FLT2'!$A$4:$J$640,MATCH($W13&$C13,'ER C8 FLT2'!$A$4:$A$640&'ER C8 FLT2'!$B$4:$B$640-3,1),9)),IF($Z13=\"Class_7\",INDEX('ER C7 FLT2'!$A$4:$J$640,MATCH($W13&$C13,'ER C7 FLT2'!$A$4:$A$640&'ER C7 FLT2'!$B$4:$B$640-3,1),8)*IF($Z13=\"Class_7\",INDEX('ER C7 FLT2'!$A$4:$J$640,MATCH($W13&$C13,'ER C7 FLT2'!$A$4:$A$640&'ER C7 FLT2'!$B$4:$B$640-3,1),9)),IF($Z13=\"Class_6\",INDEX('ER C6 FLT2'!$A$4:$J$640,MATCH($W13&$C13,'ER C6 FLT2'!$A$4:$A$640&'ER C6 FLT2'!$B$4:$B$640-3,1),8)*IF($Z13=\"Class_6\",INDEX('ER C6 FLT2'!$A$4:$J$640,MATCH($W13&$C13,'ER C6 FLT2'!$A$4:$A$640&'ER C6 FLT2'!$B$4:$B$640-3,1),9))))),IF($B13=\"1 Truck\",\nIF($Z13=\"Class_8\",INDEX('ER C8 FLT1'!$A$4:$J$640,MATCH($W13&$C13,'ER C8 FLT1'!$A$4:$A$640&'ER C8 FLT1'!$B$4:$B$640-3,1),8)*IF($Z13=\"Class_8\",INDEX('ER C8 FLT1'!$A$4:$J$640,MATCH($W13&$C13,'ER C8 FLT1'!$A$4:$A$640&'ER C8 FLT1'!$B$4:$B$640-3,1),9)),IF($Z13=\"Class_7\",INDEX('ER C7 FLT1'!$A$4:$J$640,MATCH($W13&$C13,'ER C7 FLT1'!$A$4:$A$640&'ER C7 FLT1'!$B$4:$B$640-3,1),8)*IF($Z13=\"Class_7\",INDEX('ER C7 FLT1'!$A$4:$J$640,MATCH($W13&$C13,'ER C7 FLT1'!$A$4:$A$640&'ER C7 FLT1'!$B$4:$B$640-3,1),9)),\nIF($Z13=\"Class_6\",INDEX('ER C6 FLT1'!$A$4:$J$640,MATCH($W13&$C13,'ER C6 FLT1'!$A$4:$A$640&'ER C6 FLT1'!$B$4:$B$640-3,1),8)*IF($Z13=\"Class_6\",INDEX('ER C6 FLT1'!$A$4:$J$640,MATCH($W13&$C13,'ER C6 FLT1'!$A$4:$A$640&'ER C6 FLT1'!$B$4:$B$640-3,1),9))))))))*IF($X13=\"Level 1 PM\",0.75,IF($X13=\"Level 2 PM\",0.5,IF($X13=\"Level 3 PM\",0,IF($X13=\"Level 3 PM + Mark I NOx\",0,1))))*($AC13/453.6)-IF(BR13=0,AY13,0)","v":0},0,0,{"$f":"IF($B13=\"3+ Trucks\",IF($Z13=\"Class_8\",INDEX('ER C8 FLT3'!$A$4:$J$640,MATCH($W13&$C13,'ER C8 FLT3'!$A$4:$A$640&'ER C8 FLT3'!$B$4:$B$640-4,1),8)*IF($Z13=\"Class_8\",INDEX('ER C8 FLT3'!$A$4:$J$640,MATCH($W13&$C13,'ER C8 FLT3'!$A$4:$A$640&'ER C8 FLT3'!$B$4:$B$640-4,1),9)),IF($Z13=\"Class_7\",INDEX('ER C7 FLT3'!$A$4:$J$640,MATCH($W13&$C13,'ER C7 FLT3'!$A$4:$A$640&'ER C7 FLT3'!$B$4:$B$640-4,1),8)*IF($Z13=\"Class_7\",INDEX('ER C7 FLT3'!$A$4:$J$640,MATCH($W13&$C13,'ER C7 FLT3'!$A$4:$A$640&'ER C7 FLT3'!$B$4:$B$640-4,1),9)),\nIF($Z13=\"Class_6\",INDEX('ER C6 FLT3'!$A$4:$J$640,MATCH($W13&$C13,'ER C6 FLT3'!$A$4:$A$640&'ER C6 FLT3'!$B$4:$B$640-4,1),8)*IF($Z13=\"Class_6\",INDEX('ER C6 FLT3'!$A$4:$L$640,MATCH($W13&$C13,'ER C6 FLT3'!$A$4:$A$640&'ER C6 FLT3'!$B$4:$B$640-4,1),9))))),IF($B13=\"2 Trucks\",IF($Z13=\"Class_8\",INDEX('ER C8 FLT2'!$A$4:$J$640,MATCH($W13&$C13,'ER C8 FLT2'!$A$4:$A$640&'ER C8 FLT2'!$B$4:$B$640-4,1),8)*IF($Z13=\"Class_8\",INDEX('ER C8 FLT2'!$A$4:$J$640,MATCH($W13&$C13,'ER C8 FLT2'!$A$4:$A$640&'ER C8 FLT2'!$B$4:$B$640-4,1),9)),IF($Z13=\"Class_7\",INDEX('ER C7 FLT2'!$A$4:$J$640,MATCH($W13&$C13,'ER C7 FLT2'!$A$4:$A$640&'ER C7 FLT2'!$B$4:$B$640-4,1),8)*IF($Z13=\"Class_7\",INDEX('ER C7 FLT2'!$A$4:$J$640,MATCH($W13&$C13,'ER C7 FLT2'!$A$4:$A$640&'ER C7 FLT2'!$B$4:$B$640-4,1),9)),IF($Z13=\"Class_6\",INDEX('ER C6 FLT2'!$A$4:$J$640,MATCH($W13&$C13,'ER C6 FLT2'!$A$4:$A$640&'ER C6 FLT2'!$B$4:$B$640-4,1),8)*IF($Z13=\"Class_6\",INDEX('ER C6 FLT2'!$A$4:$J$640,MATCH($W13&$C13,'ER C6 FLT2'!$A$4:$A$640&'ER C6 FLT2'!$B$4:$B$640-4,1),9))))),IF($B13=\"1 Truck\",\nIF($Z13=\"Class_8\",INDEX('ER C8 FLT1'!$A$4:$J$640,MATCH($W13&$C13,'ER C8 FLT1'!$A$4:$A$640&'ER C8 FLT1'!$B$4:$B$640-4,1),8)*IF($Z13=\"Class_8\",INDEX('ER C8 FLT1'!$A$4:$J$640,MATCH($W13&$C13,'ER C8 FLT1'!$A$4:$A$640&'ER C8 FLT1'!$B$4:$B$640-4,1),9)),IF($Z13=\"Class_7\",INDEX('ER C7 FLT1'!$A$4:$J$640,MATCH($W13&$C13,'ER C7 FLT1'!$A$4:$A$640&'ER C7 FLT1'!$B$4:$B$640-4,1),8)*IF($Z13=\"Class_7\",INDEX('ER C7 FLT1'!$A$4:$J$640,MATCH($W13&$C13,'ER C7 FLT1'!$A$4:$A$640&'ER C7 FLT1'!$B$4:$B$640-4,1),9)),\nIF($Z13=\"Class_6\",INDEX('ER C6 FLT1'!$A$4:$J$640,MATCH($W13&$C13,'ER C6 FLT1'!$A$4:$A$640&'ER C6 FLT1'!$B$4:$B$640-4,1),8)*IF($Z13=\"Class_6\",INDEX('ER C6 FLT1'!$A$4:$J$640,MATCH($W13&$C13,'ER C6 FLT1'!$A$4:$A$640&'ER C6 FLT1'!$B$4:$B$640-4,1),9))))))))*IF($X13=\"Level 1 PM\",0.75,IF($X13=\"Level 2 PM\",0.5,IF($X13=\"Level 3 PM\",0,IF($X13=\"Level 3 PM + Mark I NOx\",0,1))))*($AC13/453.6)-IF(BU13=0,AZ13,0)","v":0},{"$f":"MAX(0,BU13+BV13)","v":0},{"$f":"(MAX(0,BK13+BN13+BQ13+BT13+BW13))","v":0},{"$f":"IF($B13=\"3+ Trucks\",IF(OR($H13=\"Class_8\",$N13=\"Replacement8HHD\",$AH13=\"CL7HHD\",$AJ13=\"CL7to8\"),INDEX('ER C8 FLT3'!$A$4:$J$640,MATCH($E13&$C13,'ER C8 FLT3'!$A$4:$A$640&'ER C8 FLT3'!$B$4:$B$640,1),5)*IF(OR($H13=\"Class_8\",$N13=\"Replacement8HHD\",$AH13=\"CL7HHD\",$AJ13=\"CL7to8\"),INDEX('ER C8 FLT3'!$A$4:$J$640,MATCH($E13&$C13,'ER C8 FLT3'!$A$4:$A$640&'ER C8 FLT3'!$B$4:$B$640,1),7)),IF($H13=\"Class_7\",INDEX('ER C7 FLT3'!$A$4:$J$640,MATCH($E13&$C13,'ER C7 FLT3'!$A$4:$A$640&'ER C7 FLT3'!$B$4:$B$640,1),5)*IF($H13=\"Class_7\",INDEX('ER C7 FLT3'!$A$4:$J$640,MATCH($E13&$C13,'ER C7 FLT3'!$A$4:$A$640&'ER C7 FLT3'!$B$4:$B$640,1),7)),\nIF($H13=\"Class_6\",INDEX('ER C6 FLT3'!$A$4:$J$640,MATCH($E13&$C13,'ER C6 FLT3'!$A$4:$A$640&'ER C6 FLT3'!$B$4:$B$640,1),5)*IF($H13=\"Class_6\",INDEX('ER C6 FLT3'!$A$4:$L$640,MATCH($E13&$C13,'ER C6 FLT3'!$A$4:$A$640&'ER C6 FLT3'!$B$4:$B$640,1),7))))),IF($B13=\"2 Trucks\",IF(OR($H13=\"Class_8\",$N13=\"Replacement8HHD\",$AH13=\"CL7HHD\",$AJ13=\"CL7to8\"),INDEX('ER C8 FLT2'!$A$4:$J$640,MATCH($E13&$C13,'ER C8 FLT2'!$A$4:$A$640&'ER C8 FLT2'!$B$4:$B$640,1),5)*IF(OR($H13=\"Class_8\",$N13=\"Replacement8HHD\",$AH13=\"CL7HHD\",$AJ13=\"CL7to8\"),INDEX('ER C8 FLT2'!$A$4:$J$640,MATCH($E13&$C13,'ER C8 FLT2'!$A$4:$A$640&'ER C8 FLT2'!$B$4:$B$640,1),7)),IF($H13=\"Class_7\",INDEX('ER C7 FLT2'!$A$4:$J$640,MATCH($E13&$C13,'ER C7 FLT2'!$A$4:$A$640&'ER C7 FLT2'!$B$4:$B$640,1),5)*IF($H13=\"Class_7\",INDEX('ER C7 FLT2'!$A$4:$J$640,MATCH($E13&$C13,'ER C7 FLT2'!$A$4:$A$640&'ER C7 FLT2'!$B$4:$B$640,1),7)),IF($H13=\"Class_6\",INDEX('ER C6 FLT2'!$A$4:$J$640,MATCH($E13&$C13,'ER C6 FLT2'!$A$4:$A$640&'ER C6 FLT2'!$B$4:$B$640,1),5)*IF($H13=\"Class_6\",INDEX('ER C6 FLT2'!$A$4:$J$640,MATCH($E13&$C13,'ER C6 FLT2'!$A$4:$A$640&'ER C6 FLT2'!$B$4:$B$640,1),7))))),IF($B13=\"1 Truck\",\nIF(OR($H13=\"Class_8\",$N13=\"Replacement8HHD\",$AH13=\"CL7HHD\",$AJ13=\"CL7to8\"),INDEX('ER C8 FLT1'!$A$4:$J$640,MATCH($E13&$C13,'ER C8 FLT1'!$A$4:$A$640&'ER C8 FLT1'!$B$4:$B$640,1),5)*IF(OR($H13=\"Class_8\",$N13=\"Replacement8HHD\",$AH13=\"CL7HHD\",$AJ13=\"CL7to8\"),INDEX('ER C8 FLT1'!$A$4:$J$640,MATCH($E13&$C13,'ER C8 FLT1'!$A$4:$A$640&'ER C8 FLT1'!$B$4:$B$640,1),7)),IF($H13=\"Class_7\",INDEX('ER C7 FLT1'!$A$4:$J$640,MATCH($E13&$C13,'ER C7 FLT1'!$A$4:$A$640&'ER C7 FLT1'!$B$4:$B$640,1),5)*IF($H13=\"Class_7\",INDEX('ER C7 FLT1'!$A$4:$J$640,MATCH($E13&$C13,'ER C7 FLT1'!$A$4:$A$640&'ER C7 FLT1'!$B$4:$B$640,1),7)),\nIF($H13=\"Class_6\",INDEX('ER C6 FLT1'!$A$4:$J$640,MATCH($E13&$C13,'ER C6 FLT1'!$A$4:$A$640&'ER C6 FLT1'!$B$4:$B$640,1),5)*IF($H13=\"Class_6\",INDEX('ER C6 FLT1'!$A$4:$J$640,MATCH($E13&$C13,'ER C6 FLT1'!$A$4:$A$640&'ER C6 FLT1'!$B$4:$B$640,1),7))))))))*IF($F13=\"Level 1 PM + Mark I NOx\",0.75,1)*($Q13/453.6)","v":0},{"$f":"IF($B13=\"3+ Trucks\",IF(OR($H13=\"Class_8\",$N13=\"Replacement8HHD\",$AH13=\"CL7HHD\",$AJ13=\"CL7to8\"),INDEX('ER C8 FLT3'!$A$4:$J$640,MATCH($E13&$C13,'ER C8 FLT3'!$A$4:$A$640&'ER C8 FLT3'!$B$4:$B$640-1,1),5)*IF(OR($H13=\"Class_8\",$N13=\"Replacement8HHD\",$AH13=\"CL7HHD\",$AJ13=\"CL7to8\"),INDEX('ER C8 FLT3'!$A$4:$J$640,MATCH($E13&$C13,'ER C8 FLT3'!$A$4:$A$640&'ER C8 FLT3'!$B$4:$B$640-1,1),7)),IF($H13=\"Class_7\",INDEX('ER C7 FLT3'!$A$4:$J$640,MATCH($E13&$C13,'ER C7 FLT3'!$A$4:$A$640&'ER C7 FLT3'!$B$4:$B$640-1,1),5)*IF($H13=\"Class_7\",INDEX('ER C7 FLT3'!$A$4:$J$640,MATCH($E13&$C13,'ER C7 FLT3'!$A$4:$A$640&'ER C7 FLT3'!$B$4:$B$640-1,1),7)),\nIF($H13=\"Class_6\",INDEX('ER C6 FLT3'!$A$4:$J$640,MATCH($E13&$C13,'ER C6 FLT3'!$A$4:$A$640&'ER C6 FLT3'!$B$4:$B$640-1,1),5)*IF($H13=\"Class_6\",INDEX('ER C6 FLT3'!$A$4:$L$640,MATCH($E13&$C13,'ER C6 FLT3'!$A$4:$A$640&'ER C6 FLT3'!$B$4:$B$640-1,1),7))))),IF($B13=\"2 Trucks\",IF(OR($H13=\"Class_8\",$N13=\"Replacement8HHD\",$AH13=\"CL7HHD\",$AJ13=\"CL7to8\"),INDEX('ER C8 FLT2'!$A$4:$J$640,MATCH($E13&$C13,'ER C8 FLT2'!$A$4:$A$640&'ER C8 FLT2'!$B$4:$B$640-1,1),5)*IF(OR($H13=\"Class_8\",$N13=\"Replacement8HHD\",$AH13=\"CL7HHD\",$AJ13=\"CL7to8\"),INDEX('ER C8 FLT2'!$A$4:$J$640,MATCH($E13&$C13,'ER C8 FLT2'!$A$4:$A$640&'ER C8 FLT2'!$B$4:$B$640-1,1),7)),IF($H13=\"Class_7\",INDEX('ER C7 FLT2'!$A$4:$J$640,MATCH($E13&$C13,'ER C7 FLT2'!$A$4:$A$640&'ER C7 FLT2'!$B$4:$B$640-1,1),5)*IF($H13=\"Class_7\",INDEX('ER C7 FLT2'!$A$4:$J$640,MATCH($E13&$C13,'ER C7 FLT2'!$A$4:$A$640&'ER C7 FLT2'!$B$4:$B$640-1,1),7)),IF($H13=\"Class_6\",INDEX('ER C6 FLT2'!$A$4:$J$640,MATCH($E13&$C13,'ER C6 FLT2'!$A$4:$A$640&'ER C6 FLT2'!$B$4:$B$640-1,1),5)*IF($H13=\"Class_6\",INDEX('ER C6 FLT2'!$A$4:$J$640,MATCH($E13&$C13,'ER C6 FLT2'!$A$4:$A$640&'ER C6 FLT2'!$B$4:$B$640-1,1),7))))),IF($B13=\"1 Truck\",\nIF(OR($H13=\"Class_8\",$N13=\"Replacement8HHD\",$AH13=\"CL7HHD\",$AJ13=\"CL7to8\"),INDEX('ER C8 FLT1'!$A$4:$J$640,MATCH($E13&$C13,'ER C8 FLT1'!$A$4:$A$640&'ER C8 FLT1'!$B$4:$B$640-1,1),5)*IF(OR($H13=\"Class_8\",$N13=\"Replacement8HHD\",$AH13=\"CL7HHD\",$AJ13=\"CL7to8\"),INDEX('ER C8 FLT1'!$A$4:$J$640,MATCH($E13&$C13,'ER C8 FLT1'!$A$4:$A$640&'ER C8 FLT1'!$B$4:$B$640-1,1),7)),IF($H13=\"Class_7\",INDEX('ER C7 FLT1'!$A$4:$J$640,MATCH($E13&$C13,'ER C7 FLT1'!$A$4:$A$640&'ER C7 FLT1'!$B$4:$B$640-1,1),5)*IF($H13=\"Class_7\",INDEX('ER C7 FLT1'!$A$4:$J$640,MATCH($E13&$C13,'ER C7 FLT1'!$A$4:$A$640&'ER C7 FLT1'!$B$4:$B$640-1,1),7)),\nIF($H13=\"Class_6\",INDEX('ER C6 FLT1'!$A$4:$J$640,MATCH($E13&$C13,'ER C6 FLT1'!$A$4:$A$640&'ER C6 FLT1'!$B$4:$B$640-1,1),5)*IF($H13=\"Class_6\",INDEX('ER C6 FLT1'!$A$4:$J$640,MATCH($E13&$C13,'ER C6 FLT1'!$A$4:$A$640&'ER C6 FLT1'!$B$4:$B$640-1,1),7))))))))*IF($F13=\"Level 1 PM + Mark I NOx\",0.75,1)*($Q13/453.6)","v":0},{"$f":"IF($B13=\"3+ Trucks\",IF(OR($H13=\"Class_8\",$N13=\"Replacement8HHD\",$AH13=\"CL7HHD\",$AJ13=\"CL7to8\"),INDEX('ER C8 FLT3'!$A$4:$J$640,MATCH($E13&$C13,'ER C8 FLT3'!$A$4:$A$640&'ER C8 FLT3'!$B$4:$B$640-2,1),5)*IF(OR($H13=\"Class_8\",$N13=\"Replacement8HHD\",$AH13=\"CL7HHD\",$AJ13=\"CL7to8\"),INDEX('ER C8 FLT3'!$A$4:$J$640,MATCH($E13&$C13,'ER C8 FLT3'!$A$4:$A$640&'ER C8 FLT3'!$B$4:$B$640-2,1),7)),IF($H13=\"Class_7\",INDEX('ER C7 FLT3'!$A$4:$J$640,MATCH($E13&$C13,'ER C7 FLT3'!$A$4:$A$640&'ER C7 FLT3'!$B$4:$B$640-2,1),5)*IF($H13=\"Class_7\",INDEX('ER C7 FLT3'!$A$4:$J$640,MATCH($E13&$C13,'ER C7 FLT3'!$A$4:$A$640&'ER C7 FLT3'!$B$4:$B$640-2,1),7)),\nIF($H13=\"Class_6\",INDEX('ER C6 FLT3'!$A$4:$J$640,MATCH($E13&$C13,'ER C6 FLT3'!$A$4:$A$640&'ER C6 FLT3'!$B$4:$B$640-2,1),5)*IF($H13=\"Class_6\",INDEX('ER C6 FLT3'!$A$4:$L$640,MATCH($E13&$C13,'ER C6 FLT3'!$A$4:$A$640&'ER C6 FLT3'!$B$4:$B$640-2,1),7))))),IF($B13=\"2 Trucks\",IF(OR($H13=\"Class_8\",$N13=\"Replacement8HHD\",$AH13=\"CL7HHD\",$AJ13=\"CL7to8\"),INDEX('ER C8 FLT2'!$A$4:$J$640,MATCH($E13&$C13,'ER C8 FLT2'!$A$4:$A$640&'ER C8 FLT2'!$B$4:$B$640-2,1),5)*IF(OR($H13=\"Class_8\",$N13=\"Replacement8HHD\",$AH13=\"CL7HHD\",$AJ13=\"CL7to8\"),INDEX('ER C8 FLT2'!$A$4:$J$640,MATCH($E13&$C13,'ER C8 FLT2'!$A$4:$A$640&'ER C8 FLT2'!$B$4:$B$640-2,1),7)),IF($H13=\"Class_7\",INDEX('ER C7 FLT2'!$A$4:$J$640,MATCH($E13&$C13,'ER C7 FLT2'!$A$4:$A$640&'ER C7 FLT2'!$B$4:$B$640-2,1),5)*IF($H13=\"Class_7\",INDEX('ER C7 FLT2'!$A$4:$J$640,MATCH($E13&$C13,'ER C7 FLT2'!$A$4:$A$640&'ER C7 FLT2'!$B$4:$B$640-2,1),7)),IF($H13=\"Class_6\",INDEX('ER C6 FLT2'!$A$4:$J$640,MATCH($E13&$C13,'ER C6 FLT2'!$A$4:$A$640&'ER C6 FLT2'!$B$4:$B$640-2,1),5)*IF($H13=\"Class_6\",INDEX('ER C6 FLT2'!$A$4:$J$640,MATCH($E13&$C13,'ER C6 FLT2'!$A$4:$A$640&'ER C6 FLT2'!$B$4:$B$640-2,1),7))))),IF($B13=\"1 Truck\",\nIF(OR($H13=\"Class_8\",$N13=\"Replacement8HHD\",$AH13=\"CL7HHD\",$AJ13=\"CL7to8\"),INDEX('ER C8 FLT1'!$A$4:$J$640,MATCH($E13&$C13,'ER C8 FLT1'!$A$4:$A$640&'ER C8 FLT1'!$B$4:$B$640-2,1),5)*IF(OR($H13=\"Class_8\",$N13=\"Replacement8HHD\",$AH13=\"CL7HHD\",$AJ13=\"CL7to8\"),INDEX('ER C8 FLT1'!$A$4:$J$640,MATCH($E13&$C13,'ER C8 FLT1'!$A$4:$A$640&'ER C8 FLT1'!$B$4:$B$640-2,1),7)),IF($H13=\"Class_7\",INDEX('ER C7 FLT1'!$A$4:$J$640,MATCH($E13&$C13,'ER C7 FLT1'!$A$4:$A$640&'ER C7 FLT1'!$B$4:$B$640-2,1),5)*IF($H13=\"Class_7\",INDEX('ER C7 FLT1'!$A$4:$J$640,MATCH($E13&$C13,'ER C7 FLT1'!$A$4:$A$640&'ER C7 FLT1'!$B$4:$B$640-2,1),7)),\nIF($H13=\"Class_6\",INDEX('ER C6 FLT1'!$A$4:$J$640,MATCH($E13&$C13,'ER C6 FLT1'!$A$4:$A$640&'ER C6 FLT1'!$B$4:$B$640-2,1),5)*IF($H13=\"Class_6\",INDEX('ER C6 FLT1'!$A$4:$J$640,MATCH($E13&$C13,'ER C6 FLT1'!$A$4:$A$640&'ER C6 FLT1'!$B$4:$B$640-2,1),7))))))))*IF($F13=\"Level 1 PM + Mark I NOx\",0.75,1)*($Q13/453.6)","v":0},{"$f":"IF($B13=\"3+ Trucks\",IF(OR($H13=\"Class_8\",$N13=\"Replacement8HHD\",$AH13=\"CL7HHD\",$AJ13=\"CL7to8\"),INDEX('ER C8 FLT3'!$A$4:$J$640,MATCH($E13&$C13,'ER C8 FLT3'!$A$4:$A$640&'ER C8 FLT3'!$B$4:$B$640-3,1),5)*IF(OR($H13=\"Class_8\",$N13=\"Replacement8HHD\",$AH13=\"CL7HHD\",$AJ13=\"CL7to8\"),INDEX('ER C8 FLT3'!$A$4:$J$640,MATCH($E13&$C13,'ER C8 FLT3'!$A$4:$A$640&'ER C8 FLT3'!$B$4:$B$640-3,1),7)),IF($H13=\"Class_7\",INDEX('ER C7 FLT3'!$A$4:$J$640,MATCH($E13&$C13,'ER C7 FLT3'!$A$4:$A$640&'ER C7 FLT3'!$B$4:$B$640-3,1),5)*IF($H13=\"Class_7\",INDEX('ER C7 FLT3'!$A$4:$J$640,MATCH($E13&$C13,'ER C7 FLT3'!$A$4:$A$640&'ER C7 FLT3'!$B$4:$B$640-3,1),7)),\nIF($H13=\"Class_6\",INDEX('ER C6 FLT3'!$A$4:$J$640,MATCH($E13&$C13,'ER C6 FLT3'!$A$4:$A$640&'ER C6 FLT3'!$B$4:$B$640-3,1),5)*IF($H13=\"Class_6\",INDEX('ER C6 FLT3'!$A$4:$L$640,MATCH($E13&$C13,'ER C6 FLT3'!$A$4:$A$640&'ER C6 FLT3'!$B$4:$B$640-3,1),7))))),IF($B13=\"2 Trucks\",IF(OR($H13=\"Class_8\",$N13=\"Replacement8HHD\",$AH13=\"CL7HHD\",$AJ13=\"CL7to8\"),INDEX('ER C8 FLT2'!$A$4:$J$640,MATCH($E13&$C13,'ER C8 FLT2'!$A$4:$A$640&'ER C8 FLT2'!$B$4:$B$640-3,1),5)*IF(OR($H13=\"Class_8\",$N13=\"Replacement8HHD\",$AH13=\"CL7HHD\",$AJ13=\"CL7to8\"),INDEX('ER C8 FLT2'!$A$4:$J$640,MATCH($E13&$C13,'ER C8 FLT2'!$A$4:$A$640&'ER C8 FLT2'!$B$4:$B$640-3,1),7)),IF($H13=\"Class_7\",INDEX('ER C7 FLT2'!$A$4:$J$640,MATCH($E13&$C13,'ER C7 FLT2'!$A$4:$A$640&'ER C7 FLT2'!$B$4:$B$640-3,1),5)*IF($H13=\"Class_7\",INDEX('ER C7 FLT2'!$A$4:$J$640,MATCH($E13&$C13,'ER C7 FLT2'!$A$4:$A$640&'ER C7 FLT2'!$B$4:$B$640-3,1),7)),IF($H13=\"Class_6\",INDEX('ER C6 FLT2'!$A$4:$J$640,MATCH($E13&$C13,'ER C6 FLT2'!$A$4:$A$640&'ER C6 FLT2'!$B$4:$B$640-3,1),5)*IF($H13=\"Class_6\",INDEX('ER C6 FLT2'!$A$4:$J$640,MATCH($E13&$C13,'ER C6 FLT2'!$A$4:$A$640&'ER C6 FLT2'!$B$4:$B$640-3,1),7))))),IF($B13=\"1 Truck\",\nIF(OR($H13=\"Class_8\",$N13=\"Replacement8HHD\",$AH13=\"CL7HHD\",$AJ13=\"CL7to8\"),INDEX('ER C8 FLT1'!$A$4:$J$640,MATCH($E13&$C13,'ER C8 FLT1'!$A$4:$A$640&'ER C8 FLT1'!$B$4:$B$640-3,1),5)*IF(OR($H13=\"Class_8\",$N13=\"Replacement8HHD\",$AH13=\"CL7HHD\",$AJ13=\"CL7to8\"),INDEX('ER C8 FLT1'!$A$4:$J$640,MATCH($E13&$C13,'ER C8 FLT1'!$A$4:$A$640&'ER C8 FLT1'!$B$4:$B$640-3,1),7)),IF($H13=\"Class_7\",INDEX('ER C7 FLT1'!$A$4:$J$640,MATCH($E13&$C13,'ER C7 FLT1'!$A$4:$A$640&'ER C7 FLT1'!$B$4:$B$640-3,1),5)*IF($H13=\"Class_7\",INDEX('ER C7 FLT1'!$A$4:$J$640,MATCH($E13&$C13,'ER C7 FLT1'!$A$4:$A$640&'ER C7 FLT1'!$B$4:$B$640-3,1),7)),\nIF($H13=\"Class_6\",INDEX('ER C6 FLT1'!$A$4:$J$640,MATCH($E13&$C13,'ER C6 FLT1'!$A$4:$A$640&'ER C6 FLT1'!$B$4:$B$640-3,1),5)*IF($H13=\"Class_6\",INDEX('ER C6 FLT1'!$A$4:$J$640,MATCH($E13&$C13,'ER C6 FLT1'!$A$4:$A$640&'ER C6 FLT1'!$B$4:$B$640-3,1),7))))))))*IF($F13=\"Level 1 PM + Mark I NOx\",0.75,1)*($Q13/453.6)","v":0},{"$f":"IF($B13=\"3+ Trucks\",IF(OR($H13=\"Class_8\",$N13=\"Replacement8HHD\",$AH13=\"CL7HHD\",$AJ13=\"CL7to8\"),INDEX('ER C8 FLT3'!$A$4:$J$640,MATCH($E13&$C13,'ER C8 FLT3'!$A$4:$A$640&'ER C8 FLT3'!$B$4:$B$640-4,1),5)*IF(OR($H13=\"Class_8\",$N13=\"Replacement8HHD\",$AH13=\"CL7HHD\",$AJ13=\"CL7to8\"),INDEX('ER C8 FLT3'!$A$4:$J$640,MATCH($E13&$C13,'ER C8 FLT3'!$A$4:$A$640&'ER C8 FLT3'!$B$4:$B$640-4,1),7)),IF($H13=\"Class_7\",INDEX('ER C7 FLT3'!$A$4:$J$640,MATCH($E13&$C13,'ER C7 FLT3'!$A$4:$A$640&'ER C7 FLT3'!$B$4:$B$640-4,1),5)*IF($H13=\"Class_7\",INDEX('ER C7 FLT3'!$A$4:$J$640,MATCH($E13&$C13,'ER C7 FLT3'!$A$4:$A$640&'ER C7 FLT3'!$B$4:$B$640-4,1),7)),\nIF($H13=\"Class_6\",INDEX('ER C6 FLT3'!$A$4:$J$640,MATCH($E13&$C13,'ER C6 FLT3'!$A$4:$A$640&'ER C6 FLT3'!$B$4:$B$640-4,1),5)*IF($H13=\"Class_6\",INDEX('ER C6 FLT3'!$A$4:$L$640,MATCH($E13&$C13,'ER C6 FLT3'!$A$4:$A$640&'ER C6 FLT3'!$B$4:$B$640-4,1),7))))),IF($B13=\"2 Trucks\",IF(OR($H13=\"Class_8\",$N13=\"Replacement8HHD\",$AH13=\"CL7HHD\",$AJ13=\"CL7to8\"),INDEX('ER C8 FLT2'!$A$4:$J$640,MATCH($E13&$C13,'ER C8 FLT2'!$A$4:$A$640&'ER C8 FLT2'!$B$4:$B$640-4,1),5)*IF(OR($H13=\"Class_8\",$N13=\"Replacement8HHD\",$AH13=\"CL7HHD\",$AJ13=\"CL7to8\"),INDEX('ER C8 FLT2'!$A$4:$J$640,MATCH($E13&$C13,'ER C8 FLT2'!$A$4:$A$640&'ER C8 FLT2'!$B$4:$B$640-4,1),7)),IF($H13=\"Class_7\",INDEX('ER C7 FLT2'!$A$4:$J$640,MATCH($E13&$C13,'ER C7 FLT2'!$A$4:$A$640&'ER C7 FLT2'!$B$4:$B$640-4,1),5)*IF($H13=\"Class_7\",INDEX('ER C7 FLT2'!$A$4:$J$640,MATCH($E13&$C13,'ER C7 FLT2'!$A$4:$A$640&'ER C7 FLT2'!$B$4:$B$640-4,1),7)),IF($H13=\"Class_6\",INDEX('ER C6 FLT2'!$A$4:$J$640,MATCH($E13&$C13,'ER C6 FLT2'!$A$4:$A$640&'ER C6 FLT2'!$B$4:$B$640-4,1),5)*IF($H13=\"Class_6\",INDEX('ER C6 FLT2'!$A$4:$J$640,MATCH($E13&$C13,'ER C6 FLT2'!$A$4:$A$640&'ER C6 FLT2'!$B$4:$B$640-4,1),7))))),IF($B13=\"1 Truck\",\nIF(OR($H13=\"Class_8\",$N13=\"Replacement8HHD\",$AH13=\"CL7HHD\",$AJ13=\"CL7to8\"),INDEX('ER C8 FLT1'!$A$4:$J$640,MATCH($E13&$C13,'ER C8 FLT1'!$A$4:$A$640&'ER C8 FLT1'!$B$4:$B$640-4,1),5)*IF(OR($H13=\"Class_8\",$N13=\"Replacement8HHD\",$AH13=\"CL7HHD\",$AJ13=\"CL7to8\"),INDEX('ER C8 FLT1'!$A$4:$J$640,MATCH($E13&$C13,'ER C8 FLT1'!$A$4:$A$640&'ER C8 FLT1'!$B$4:$B$640-4,1),7)),IF($H13=\"Class_7\",INDEX('ER C7 FLT1'!$A$4:$J$640,MATCH($E13&$C13,'ER C7 FLT1'!$A$4:$A$640&'ER C7 FLT1'!$B$4:$B$640-4,1),5)*IF($H13=\"Class_7\",INDEX('ER C7 FLT1'!$A$4:$J$640,MATCH($E13&$C13,'ER C7 FLT1'!$A$4:$A$640&'ER C7 FLT1'!$B$4:$B$640-4,1),7)),\nIF($H13=\"Class_6\",INDEX('ER C6 FLT1'!$A$4:$J$640,MATCH($E13&$C13,'ER C6 FLT1'!$A$4:$A$640&'ER C6 FLT1'!$B$4:$B$640-4,1),5)*IF($H13=\"Class_6\",INDEX('ER C6 FLT1'!$A$4:$J$640,MATCH($E13&$C13,'ER C6 FLT1'!$A$4:$A$640&'ER C6 FLT1'!$B$4:$B$640-4,1),7))))))))*IF($F13=\"Level 1 PM + Mark I NOx\",0.75,1)*($Q13/453.6)","v":0},{"$f":"IF($B13=\"3+ Trucks\",IF(OR($H13=\"Class_8\",$N13=\"Replacement8HHD\",$AH13=\"CL7HHD\",$AJ13=\"CL7to8\"),INDEX('ER C8 FLT3'!$A$4:$J$640,MATCH($E13&$C13,'ER C8 FLT3'!$A$4:$A$640&'ER C8 FLT3'!$B$4:$B$640,1),5),IF($H13=\"Class_7\",INDEX('ER C7 FLT3'!$A$4:$J$640,MATCH($E13&$C13,'ER C7 FLT3'!$A$4:$A$640&'ER C7 FLT3'!$B$4:$B$640,1),5),IF($H13=\"Class_6\",INDEX('ER C6 FLT3'!$A$4:$J$640,MATCH($E13&$C13,'ER C6 FLT3'!$A$4:$A$640&'ER C6 FLT3'!$B$4:$B$640,1),5)))),IF($B13=\"2 Trucks\",IF(OR($H13=\"Class_8\",$N13=\"Replacement8HHD\",$AH13=\"CL7HHD\",$AJ13=\"CL7to8\"),INDEX('ER C8 FLT2'!$A$4:$J$640,MATCH($E13&$C13,'ER C8 FLT2'!$A$4:$A$640&'ER C8 FLT2'!$B$4:$B$640,1),5),IF($H13=\"Class_7\",INDEX('ER C7 FLT2'!$A$4:$J$640,MATCH($E13&$C13,'ER C7 FLT2'!$A$4:$A$640&'ER C7 FLT2'!$B$4:$B$640,1),5),IF($H13=\"Class_6\",INDEX('ER C6 FLT2'!$A$4:$J$640,MATCH($E13&$C13,'ER C6 FLT2'!$A$4:$A$640&'ER C6 FLT2'!$B$4:$B$640,1),5)))),IF($B13=\"1 Truck\",IF(OR($H13=\"Class_8\",$N13=\"Replacement8HHD\",$AH13=\"CL7HHD\",$AJ13=\"CL7to8\"),INDEX('ER C8 FLT1'!$A$4:$J$640,MATCH($E13&$C13,'ER C8 FLT1'!$A$4:$A$640&'ER C8 FLT1'!$B$4:$B$640,1),5),IF($H13=\"Class_7\",INDEX('ER C7 FLT1'!$A$4:$J$640,MATCH($E13&$C13,'ER C7 FLT1'!$A$4:$A$640&'ER C7 FLT1'!$B$4:$B$640,1),5),IF($H13=\"Class_6\",INDEX('ER C6 FLT1'!$A$4:$J$640,MATCH($E13&$C13,'ER C6 FLT1'!$A$4:$A$640&'ER C6 FLT1'!$B$4:$B$640,1),5)))))))","v":false},{"$f":"IF($B13=\"3+ Trucks\",IF(OR($H13=\"Class_8\",$N13=\"Replacement8HHD\",$AH13=\"CL7HHD\",$AJ13=\"CL7to8\"),INDEX('ER C8 FLT3'!$A$4:$J$640,MATCH($E13&$C13,'ER C8 FLT3'!$A$4:$A$640&'ER C8 FLT3'!$B$4:$B$640-1,1),5),IF($H13=\"Class_7\",INDEX('ER C7 FLT3'!$A$4:$J$640,MATCH($E13&$C13,'ER C7 FLT3'!$A$4:$A$640&'ER C7 FLT3'!$B$4:$B$640-1,1),5),IF($H13=\"Class_6\",INDEX('ER C6 FLT3'!$A$4:$J$640,MATCH($E13&$C13,'ER C6 FLT3'!$A$4:$A$640&'ER C6 FLT3'!$B$4:$B$640-1,1),5)))),IF($B13=\"2 Trucks\",IF(OR($H13=\"Class_8\",$N13=\"Replacement8HHD\",$AH13=\"CL7HHD\",$AJ13=\"CL7to8\"),INDEX('ER C8 FLT2'!$A$4:$J$640,MATCH($E13&$C13,'ER C8 FLT2'!$A$4:$A$640&'ER C8 FLT2'!$B$4:$B$640-1,1),5),IF($H13=\"Class_7\",INDEX('ER C7 FLT2'!$A$4:$J$640,MATCH($E13&$C13,'ER C7 FLT2'!$A$4:$A$640&'ER C7 FLT2'!$B$4:$B$640-1,1),5),IF($H13=\"Class_6\",INDEX('ER C6 FLT2'!$A$4:$J$640,MATCH($E13&$C13,'ER C6 FLT2'!$A$4:$A$640&'ER C6 FLT2'!$B$4:$B$640-1,1),5)))),IF($B13=\"1 Truck\",IF(OR($H13=\"Class_8\",$N13=\"Replacement8HHD\",$AH13=\"CL7HHD\",$AJ13=\"CL7to8\"),INDEX('ER C8 FLT1'!$A$4:$J$640,MATCH($E13&$C13,'ER C8 FLT1'!$A$4:$A$640&'ER C8 FLT1'!$B$4:$B$640-1,1),5),IF($H13=\"Class_7\",INDEX('ER C7 FLT1'!$A$4:$J$640,MATCH($E13&$C13,'ER C7 FLT1'!$A$4:$A$640&'ER C7 FLT1'!$B$4:$B$640-1,1),5),IF($H13=\"Class_6\",INDEX('ER C6 FLT1'!$A$4:$J$640,MATCH($E13&$C13,'ER C6 FLT1'!$A$4:$A$640&'ER C6 FLT1'!$B$4:$B$640-1,1),5)))))))","v":false},{"$f":"IF($B13=\"3+ Trucks\",IF(OR($H13=\"Class_8\",$N13=\"Replacement8HHD\",$AH13=\"CL7HHD\",$AJ13=\"CL7to8\"),INDEX('ER C8 FLT3'!$A$4:$J$640,MATCH($E13&$C13,'ER C8 FLT3'!$A$4:$A$640&'ER C8 FLT3'!$B$4:$B$640-2,1),5),IF($H13=\"Class_7\",INDEX('ER C7 FLT3'!$A$4:$J$640,MATCH($E13&$C13,'ER C7 FLT3'!$A$4:$A$640&'ER C7 FLT3'!$B$4:$B$640-2,1),5),IF($H13=\"Class_6\",INDEX('ER C6 FLT3'!$A$4:$J$640,MATCH($E13&$C13,'ER C6 FLT3'!$A$4:$A$640&'ER C6 FLT3'!$B$4:$B$640-2,1),5)))),IF($B13=\"2 Trucks\",IF(OR($H13=\"Class_8\",$N13=\"Replacement8HHD\",$AH13=\"CL7HHD\",$AJ13=\"CL7to8\"),INDEX('ER C8 FLT2'!$A$4:$J$640,MATCH($E13&$C13,'ER C8 FLT2'!$A$4:$A$640&'ER C8 FLT2'!$B$4:$B$640-2,1),5),IF($H13=\"Class_7\",INDEX('ER C7 FLT2'!$A$4:$J$640,MATCH($E13&$C13,'ER C7 FLT2'!$A$4:$A$640&'ER C7 FLT2'!$B$4:$B$640-2,1),5),IF($H13=\"Class_6\",INDEX('ER C6 FLT2'!$A$4:$J$640,MATCH($E13&$C13,'ER C6 FLT2'!$A$4:$A$640&'ER C6 FLT2'!$B$4:$B$640-2,1),5)))),IF($B13=\"1 Truck\",IF(OR($H13=\"Class_8\",$N13=\"Replacement8HHD\",$AH13=\"CL7HHD\",$AJ13=\"CL7to8\"),INDEX('ER C8 FLT1'!$A$4:$J$640,MATCH($E13&$C13,'ER C8 FLT1'!$A$4:$A$640&'ER C8 FLT1'!$B$4:$B$640-2,1),5),IF($H13=\"Class_7\",INDEX('ER C7 FLT1'!$A$4:$J$640,MATCH($E13&$C13,'ER C7 FLT1'!$A$4:$A$640&'ER C7 FLT1'!$B$4:$B$640-2,1),5),IF($H13=\"Class_6\",INDEX('ER C6 FLT1'!$A$4:$J$640,MATCH($E13&$C13,'ER C6 FLT1'!$A$4:$A$640&'ER C6 FLT1'!$B$4:$B$640-2,1),5)))))))","v":false},{"$f":"IF($B13=\"3+ Trucks\",IF(OR($H13=\"Class_8\",$N13=\"Replacement8HHD\",$AH13=\"CL7HHD\",$AJ13=\"CL7to8\"),INDEX('ER C8 FLT3'!$A$4:$J$640,MATCH($E13&$C13,'ER C8 FLT3'!$A$4:$A$640&'ER C8 FLT3'!$B$4:$B$640-3,1),5),IF($H13=\"Class_7\",INDEX('ER C7 FLT3'!$A$4:$J$640,MATCH($E13&$C13,'ER C7 FLT3'!$A$4:$A$640&'ER C7 FLT3'!$B$4:$B$640-3,1),5),IF($H13=\"Class_6\",INDEX('ER C6 FLT3'!$A$4:$J$640,MATCH($E13&$C13,'ER C6 FLT3'!$A$4:$A$640&'ER C6 FLT3'!$B$4:$B$640-3,1),5)))),IF($B13=\"2 Trucks\",IF(OR($H13=\"Class_8\",$N13=\"Replacement8HHD\",$AH13=\"CL7HHD\",$AJ13=\"CL7to8\"),INDEX('ER C8 FLT2'!$A$4:$J$640,MATCH($E13&$C13,'ER C8 FLT2'!$A$4:$A$640&'ER C8 FLT2'!$B$4:$B$640-3,1),5),IF($H13=\"Class_7\",INDEX('ER C7 FLT2'!$A$4:$J$640,MATCH($E13&$C13,'ER C7 FLT2'!$A$4:$A$640&'ER C7 FLT2'!$B$4:$B$640-3,1),5),IF($H13=\"Class_6\",INDEX('ER C6 FLT2'!$A$4:$J$640,MATCH($E13&$C13,'ER C6 FLT2'!$A$4:$A$640&'ER C6 FLT2'!$B$4:$B$640-3,1),5)))),IF($B13=\"1 Truck\",IF(OR($H13=\"Class_8\",$N13=\"Replacement8HHD\",$AH13=\"CL7HHD\",$AJ13=\"CL7to8\"),INDEX('ER C8 FLT1'!$A$4:$J$640,MATCH($E13&$C13,'ER C8 FLT1'!$A$4:$A$640&'ER C8 FLT1'!$B$4:$B$640-3,1),5),IF($H13=\"Class_7\",INDEX('ER C7 FLT1'!$A$4:$J$640,MATCH($E13&$C13,'ER C7 FLT1'!$A$4:$A$640&'ER C7 FLT1'!$B$4:$B$640-3,1),5),IF($H13=\"Class_6\",INDEX('ER C6 FLT1'!$A$4:$J$640,MATCH($E13&$C13,'ER C6 FLT1'!$A$4:$A$640&'ER C6 FLT1'!$B$4:$B$640-3,1),5)))))))","v":false},{"$f":"IF($B13=\"3+ Trucks\",IF(OR($H13=\"Class_8\",$N13=\"Replacement8HHD\",$AH13=\"CL7HHD\",$AJ13=\"CL7to8\"),INDEX('ER C8 FLT3'!$A$4:$J$640,MATCH($E13&$C13,'ER C8 FLT3'!$A$4:$A$640&'ER C8 FLT3'!$B$4:$B$640-4,1),5),IF($H13=\"Class_7\",INDEX('ER C7 FLT3'!$A$4:$J$640,MATCH($E13&$C13,'ER C7 FLT3'!$A$4:$A$640&'ER C7 FLT3'!$B$4:$B$640-4,1),5),IF($H13=\"Class_6\",INDEX('ER C6 FLT3'!$A$4:$J$640,MATCH($E13&$C13,'ER C6 FLT3'!$A$4:$A$640&'ER C6 FLT3'!$B$4:$B$640-4,1),5)))),IF($B13=\"2 Trucks\",IF(OR($H13=\"Class_8\",$N13=\"Replacement8HHD\",$AH13=\"CL7HHD\",$AJ13=\"CL7to8\"),INDEX('ER C8 FLT2'!$A$4:$J$640,MATCH($E13&$C13,'ER C8 FLT2'!$A$4:$A$640&'ER C8 FLT2'!$B$4:$B$640-4,1),5),IF($H13=\"Class_7\",INDEX('ER C7 FLT2'!$A$4:$J$640,MATCH($E13&$C13,'ER C7 FLT2'!$A$4:$A$640&'ER C7 FLT2'!$B$4:$B$640-4,1),5),IF($H13=\"Class_6\",INDEX('ER C6 FLT2'!$A$4:$J$640,MATCH($E13&$C13,'ER C6 FLT2'!$A$4:$A$640&'ER C6 FLT2'!$B$4:$B$640-4,1),5)))),IF($B13=\"1 Truck\",IF(OR($H13=\"Class_8\",$N13=\"Replacement8HHD\",$AH13=\"CL7HHD\",$AJ13=\"CL7to8\"),INDEX('ER C8 FLT1'!$A$4:$J$640,MATCH($E13&$C13,'ER C8 FLT1'!$A$4:$A$640&'ER C8 FLT1'!$B$4:$B$640-4,1),5),IF($H13=\"Class_7\",INDEX('ER C7 FLT1'!$A$4:$J$640,MATCH($E13&$C13,'ER C7 FLT1'!$A$4:$A$640&'ER C7 FLT1'!$B$4:$B$640-4,1),5),IF($H13=\"Class_6\",INDEX('ER C6 FLT1'!$A$4:$J$640,MATCH($E13&$C13,'ER C6 FLT1'!$A$4:$A$640&'ER C6 FLT1'!$B$4:$B$640-4,1),5)))))))","v":false},{"$f":"IF(OR($R13=\"Diesel\",$R13=\"LNG/CNG\",$R13=\"Hybrid\",$R13=\"Electric w/ AB-118\"),IF($B13=\"3+ Trucks\",IF(OR($O13=\"Class_8\",$N13=\"Replacement8HHD\",$AI13=\"CL7HHD\"),INDEX('ER C8 FLT3'!$A$4:$J$640,MATCH(DropData!$J53&$C13,'ER C8 FLT3'!$A$4:$A$640&'ER C8 FLT3'!$B$4:$B$640,1),5)*IF(OR($O13=\"Class_8\",$N13=\"Replacement8HHD\",$AI13=\"CL7HHD\"),INDEX('ER C8 FLT3'!$A$4:$J$640,MATCH(DropData!$J53&$C13,'ER C8 FLT3'!$A$4:$A$640&'ER C8 FLT3'!$B$4:$B$640,1),7)),IF($O13=\"Class_7\",INDEX('ER C7 FLT3'!$A$4:$J$640,MATCH(DropData!$J53&$C13,'ER C7 FLT3'!$A$4:$A$640&'ER C7 FLT3'!$B$4:$B$640,1),5)*IF($O13=\"Class_7\",INDEX('ER C7 FLT3'!$A$4:$J$640,MATCH(DropData!$J53&$C13,'ER C7 FLT3'!$A$4:$A$640&'ER C7 FLT3'!$B$4:$B$640,1),7)),IF($O13=\"Class_6\",INDEX('ER C6 FLT3'!$A$4:$J$640,MATCH(DropData!$J53&$C13,'ER C6 FLT3'!$A$4:$A$640&'ER C6 FLT3'!$B$4:$B$640,1),5)*IF($O13=\"Class_6\",INDEX('ER C6 FLT3'!$A$4:$J$640,MATCH(DropData!$J53&$C13,'ER C6 FLT3'!$A$4:$A$640&'ER C6 FLT3'!$B$4:$B$640,1),7))))),IF($B13=\"2 Trucks\",IF(OR($O13=\"Class_8\",$N13=\"Replacement8HHD\",$AI13=\"CL7HHD\"),INDEX('ER C8 FLT2'!$A$4:$J$640,MATCH(DropData!$J53&$C13,'ER C8 FLT2'!$A$4:$A$640&'ER C8 FLT2'!$B$4:$B$640,1),5)*IF(OR($O13=\"Class_8\",$N13=\"Replacement8HHD\",$AI13=\"CL7HHD\"),INDEX('ER C8 FLT2'!$A$4:$J$640,MATCH(DropData!$J53&$C13,'ER C8 FLT2'!$A$4:$A$640&'ER C8 FLT2'!$B$4:$B$640,1),7)),IF($O13=\"Class_7\",INDEX('ER C7 FLT2'!$A$4:$J$640,MATCH(DropData!$J53&$C13,'ER C7 FLT2'!$A$4:$A$640&'ER C7 FLT2'!$B$4:$B$640,1),5)*IF($O13=\"Class_7\",INDEX('ER C7 FLT2'!$A$4:$J$640,MATCH(DropData!$J53&$C13,'ER C7 FLT2'!$A$4:$A$640&'ER C7 FLT2'!$B$4:$B$640,1),7)),IF($O13=\"Class_6\",INDEX('ER C6 FLT2'!$A$4:$J$640,MATCH(DropData!$J53&$C13,'ER C6 FLT2'!$A$4:$A$640&'ER C6 FLT2'!$B$4:$B$640,1),5)*IF($O13=\"Class_6\",INDEX('ER C6 FLT2'!$A$4:$J$640,MATCH(DropData!$J53&$C13,'ER C6 FLT2'!$A$4:$A$640&'ER C6 FLT2'!$B$4:$B$640,1),7))))),IF($B13=\"1 Truck\",IF(OR($O13=\"Class_8\",$N13=\"Replacement8HHD\",$AI13=\"CL7HHD\"),INDEX('ER C8 FLT1'!$A$4:$J$640,MATCH(DropData!$J53&$C13,'ER C8 FLT1'!$A$4:$A$640&'ER C8 FLT1'!$B$4:$B$640,1),5)*IF(OR($O13=\"Class_8\",$N13=\"Replacement8HHD\",$AI13=\"CL7HHD\"),INDEX('ER C8 FLT1'!$A$4:$J$640,MATCH(DropData!$J53&$C13,'ER C8 FLT1'!$A$4:$A$640&'ER C8 FLT1'!$B$4:$B$640,1),7)),IF($O13=\"Class_7\",INDEX('ER C7 FLT1'!$A$4:$J$640,MATCH(DropData!$J53&$C13,'ER C7 FLT1'!$A$4:$A$640&'ER C7 FLT1'!$B$4:$B$640,1),5)*IF($O13=\"Class_7\",INDEX('ER C7 FLT1'!$A$4:$J$640,MATCH(DropData!$J53&$C13,'ER C7 FLT1'!$A$4:$A$640&'ER C7 FLT1'!$B$4:$B$640,1),7)),IF($O13=\"Class_6\",INDEX('ER C6 FLT1'!$A$4:$J$640,MATCH(DropData!$J53&$C13,'ER C6 FLT1'!$A$4:$A$640&'ER C6 FLT1'!$B$4:$B$640,1),5)*IF($O13=\"Class_6\",INDEX('ER C6 FLT1'!$A$4:$J$640,MATCH(DropData!$J53&$C13,'ER C6 FLT1'!$A$4:$A$640&'ER C6 FLT1'!$B$4:$B$640,1),7)))))))),IF($R13=\"Electric\",INDEX('ER Electric'!$A$6:$E$44,MATCH($C13&$O13,'ER Electric'!$A$6:$A$44&'ER Electric'!$B$6:$B$44,1),4)))*(($Q13+$AC13)/453.6)","v":0},{"$f":"IF(OR($R13=\"Diesel\",$R13=\"LNG/CNG\",$R13=\"Hybrid\",$R13=\"Electric w/ AB-118\"),IF($B13=\"3+ Trucks\",IF(OR($O13=\"Class_8\",$N13=\"Replacement8HHD\",$AI13=\"CL7HHD\"),INDEX('ER C8 FLT3'!$A$4:$J$640,MATCH(DropData!$J53&$C13,'ER C8 FLT3'!$A$4:$A$640&'ER C8 FLT3'!$B$4:$B$640-1,1),5)*IF(OR($O13=\"Class_8\",$N13=\"Replacement8HHD\",$AI13=\"CL7HHD\"),INDEX('ER C8 FLT3'!$A$4:$J$640,MATCH(DropData!$J53&$C13,'ER C8 FLT3'!$A$4:$A$640&'ER C8 FLT3'!$B$4:$B$640-1,1),7)),IF($O13=\"Class_7\",INDEX('ER C7 FLT3'!$A$4:$J$640,MATCH(DropData!$J53&$C13,'ER C7 FLT3'!$A$4:$A$640&'ER C7 FLT3'!$B$4:$B$640-1,1),5)*IF($O13=\"Class_7\",INDEX('ER C7 FLT3'!$A$4:$J$640,MATCH(DropData!$J53&$C13,'ER C7 FLT3'!$A$4:$A$640&'ER C7 FLT3'!$B$4:$B$640-1,1),7)),IF($O13=\"Class_6\",INDEX('ER C6 FLT3'!$A$4:$J$640,MATCH(DropData!$J53&$C13,'ER C6 FLT3'!$A$4:$A$640&'ER C6 FLT3'!$B$4:$B$640-1,1),5)*IF($O13=\"Class_6\",INDEX('ER C6 FLT3'!$A$4:$J$640,MATCH(DropData!$J53&$C13,'ER C6 FLT3'!$A$4:$A$640&'ER C6 FLT3'!$B$4:$B$640-1,1),7))))),IF($B13=\"2 Trucks\",IF(OR($O13=\"Class_8\",$N13=\"Replacement8HHD\",$AI13=\"CL7HHD\"),INDEX('ER C8 FLT2'!$A$4:$J$640,MATCH(DropData!$J53&$C13,'ER C8 FLT2'!$A$4:$A$640&'ER C8 FLT2'!$B$4:$B$640-1,1),5)*IF(OR($O13=\"Class_8\",$N13=\"Replacement8HHD\",$AI13=\"CL7HHD\"),INDEX('ER C8 FLT2'!$A$4:$J$640,MATCH(DropData!$J53&$C13,'ER C8 FLT2'!$A$4:$A$640&'ER C8 FLT2'!$B$4:$B$640-1,1),7)),IF($O13=\"Class_7\",INDEX('ER C7 FLT2'!$A$4:$J$640,MATCH(DropData!$J53&$C13,'ER C7 FLT2'!$A$4:$A$640&'ER C7 FLT2'!$B$4:$B$640-1,1),5)*IF($O13=\"Class_7\",INDEX('ER C7 FLT2'!$A$4:$J$640,MATCH(DropData!$J53&$C13,'ER C7 FLT2'!$A$4:$A$640&'ER C7 FLT2'!$B$4:$B$640-1,1),7)),IF($O13=\"Class_6\",INDEX('ER C6 FLT2'!$A$4:$J$640,MATCH(DropData!$J53&$C13,'ER C6 FLT2'!$A$4:$A$640&'ER C6 FLT2'!$B$4:$B$640-1,1),5)*IF($O13=\"Class_6\",INDEX('ER C6 FLT2'!$A$4:$J$640,MATCH(DropData!$J53&$C13,'ER C6 FLT2'!$A$4:$A$640&'ER C6 FLT2'!$B$4:$B$640-1,1),7))))),IF($B13=\"1 Truck\",IF(OR($O13=\"Class_8\",$N13=\"Replacement8HHD\",$AI13=\"CL7HHD\"),INDEX('ER C8 FLT1'!$A$4:$J$640,MATCH(DropData!$J53&$C13,'ER C8 FLT1'!$A$4:$A$640&'ER C8 FLT1'!$B$4:$B$640-1,1),5)*IF(OR($O13=\"Class_8\",$N13=\"Replacement8HHD\",$AI13=\"CL7HHD\"),INDEX('ER C8 FLT1'!$A$4:$J$640,MATCH(DropData!$J53&$C13,'ER C8 FLT1'!$A$4:$A$640&'ER C8 FLT1'!$B$4:$B$640-1,1),7)),IF($O13=\"Class_7\",INDEX('ER C7 FLT1'!$A$4:$J$640,MATCH(DropData!$J53&$C13,'ER C7 FLT1'!$A$4:$A$640&'ER C7 FLT1'!$B$4:$B$640-1,1),5)*IF($O13=\"Class_7\",INDEX('ER C7 FLT1'!$A$4:$J$640,MATCH(DropData!$J53&$C13,'ER C7 FLT1'!$A$4:$A$640&'ER C7 FLT1'!$B$4:$B$640-1,1),7)),IF($O13=\"Class_6\",INDEX('ER C6 FLT1'!$A$4:$J$640,MATCH(DropData!$J53&$C13,'ER C6 FLT1'!$A$4:$A$640&'ER C6 FLT1'!$B$4:$B$640-1,1),5)*IF($O13=\"Class_6\",INDEX('ER C6 FLT1'!$A$4:$J$640,MATCH(DropData!$J53&$C13,'ER C6 FLT1'!$A$4:$A$640&'ER C6 FLT1'!$B$4:$B$640-1,1),7)))))))),IF($R13=\"Electric\",OFFSET(INDEX('ER Electric'!$A$6:$E$44,MATCH($C13&$O13,'ER Electric'!$A$6:$A$44&'ER Electric'!$B$6:$B$44,1),4),3,0)))*(($Q13+$AC13)/453.6)","v":0},{"$f":"IF(OR($R13=\"Diesel\",$R13=\"LNG/CNG\",$R13=\"Hybrid\",$R13=\"Electric w/ AB-118\"),IF($B13=\"3+ Trucks\",IF(OR($O13=\"Class_8\",$N13=\"Replacement8HHD\",$AI13=\"CL7HHD\"),INDEX('ER C8 FLT3'!$A$4:$J$640,MATCH(DropData!$J53&$C13,'ER C8 FLT3'!$A$4:$A$640&'ER C8 FLT3'!$B$4:$B$640-2,1),5)*IF(OR($O13=\"Class_8\",$N13=\"Replacement8HHD\",$AI13=\"CL7HHD\"),INDEX('ER C8 FLT3'!$A$4:$J$640,MATCH(DropData!$J53&$C13,'ER C8 FLT3'!$A$4:$A$640&'ER C8 FLT3'!$B$4:$B$640-2,1),7)),IF($O13=\"Class_7\",INDEX('ER C7 FLT3'!$A$4:$J$640,MATCH(DropData!$J53&$C13,'ER C7 FLT3'!$A$4:$A$640&'ER C7 FLT3'!$B$4:$B$640-2,1),5)*IF($O13=\"Class_7\",INDEX('ER C7 FLT3'!$A$4:$J$640,MATCH(DropData!$J53&$C13,'ER C7 FLT3'!$A$4:$A$640&'ER C7 FLT3'!$B$4:$B$640-2,1),7)),IF($O13=\"Class_6\",INDEX('ER C6 FLT3'!$A$4:$J$640,MATCH(DropData!$J53&$C13,'ER C6 FLT3'!$A$4:$A$640&'ER C6 FLT3'!$B$4:$B$640-2,1),5)*IF($O13=\"Class_6\",INDEX('ER C6 FLT3'!$A$4:$J$640,MATCH(DropData!$J53&$C13,'ER C6 FLT3'!$A$4:$A$640&'ER C6 FLT3'!$B$4:$B$640-2,1),7))))),IF($B13=\"2 Trucks\",IF(OR($O13=\"Class_8\",$N13=\"Replacement8HHD\",$AI13=\"CL7HHD\"),INDEX('ER C8 FLT2'!$A$4:$J$640,MATCH(DropData!$J53&$C13,'ER C8 FLT2'!$A$4:$A$640&'ER C8 FLT2'!$B$4:$B$640-2,1),5)*IF(OR($O13=\"Class_8\",$N13=\"Replacement8HHD\",$AI13=\"CL7HHD\"),INDEX('ER C8 FLT2'!$A$4:$J$640,MATCH(DropData!$J53&$C13,'ER C8 FLT2'!$A$4:$A$640&'ER C8 FLT2'!$B$4:$B$640-2,1),7)),IF($O13=\"Class_7\",INDEX('ER C7 FLT2'!$A$4:$J$640,MATCH(DropData!$J53&$C13,'ER C7 FLT2'!$A$4:$A$640&'ER C7 FLT2'!$B$4:$B$640-2,1),5)*IF($O13=\"Class_7\",INDEX('ER C7 FLT2'!$A$4:$J$640,MATCH(DropData!$J53&$C13,'ER C7 FLT2'!$A$4:$A$640&'ER C7 FLT2'!$B$4:$B$640-2,1),7)),IF($O13=\"Class_6\",INDEX('ER C6 FLT2'!$A$4:$J$640,MATCH(DropData!$J53&$C13,'ER C6 FLT2'!$A$4:$A$640&'ER C6 FLT2'!$B$4:$B$640-2,1),5)*IF($O13=\"Class_6\",INDEX('ER C6 FLT2'!$A$4:$J$640,MATCH(DropData!$J53&$C13,'ER C6 FLT2'!$A$4:$A$640&'ER C6 FLT2'!$B$4:$B$640-2,1),7))))),IF($B13=\"1 Truck\",IF(OR($O13=\"Class_8\",$N13=\"Replacement8HHD\",$AI13=\"CL7HHD\"),INDEX('ER C8 FLT1'!$A$4:$J$640,MATCH(DropData!$J53&$C13,'ER C8 FLT1'!$A$4:$A$640&'ER C8 FLT1'!$B$4:$B$640-2,1),5)*IF(OR($O13=\"Class_8\",$N13=\"Replacement8HHD\",$AI13=\"CL7HHD\"),INDEX('ER C8 FLT1'!$A$4:$J$640,MATCH(DropData!$J53&$C13,'ER C8 FLT1'!$A$4:$A$640&'ER C8 FLT1'!$B$4:$B$640-2,1),7)),IF($O13=\"Class_7\",INDEX('ER C7 FLT1'!$A$4:$J$640,MATCH(DropData!$J53&$C13,'ER C7 FLT1'!$A$4:$A$640&'ER C7 FLT1'!$B$4:$B$640-2,1),5)*IF($O13=\"Class_7\",INDEX('ER C7 FLT1'!$A$4:$J$640,MATCH(DropData!$J53&$C13,'ER C7 FLT1'!$A$4:$A$640&'ER C7 FLT1'!$B$4:$B$640-2,1),7)),IF($O13=\"Class_6\",INDEX('ER C6 FLT1'!$A$4:$J$640,MATCH(DropData!$J53&$C13,'ER C6 FLT1'!$A$4:$A$640&'ER C6 FLT1'!$B$4:$B$640-2,1),5)*IF($O13=\"Class_6\",INDEX('ER C6 FLT1'!$A$4:$J$640,MATCH(DropData!$J53&$C13,'ER C6 FLT1'!$A$4:$A$640&'ER C6 FLT1'!$B$4:$B$640-2,1),7)))))))),IF($R13=\"Electric\",OFFSET(INDEX('ER Electric'!$A$6:$E$44,MATCH($C13&$O13,'ER Electric'!$A$6:$A$44&'ER Electric'!$B$6:$B$44,1),4),6,0)))*(($Q13+$AC13)/453.6)","v":0},{"$f":"IF(OR($R13=\"Diesel\",$R13=\"LNG/CNG\",$R13=\"Hybrid\",$R13=\"Electric w/ AB-118\"),IF($B13=\"3+ Trucks\",IF(OR($O13=\"Class_8\",$N13=\"Replacement8HHD\",$AI13=\"CL7HHD\"),INDEX('ER C8 FLT3'!$A$4:$J$640,MATCH(DropData!$J53&$C13,'ER C8 FLT3'!$A$4:$A$640&'ER C8 FLT3'!$B$4:$B$640-3,1),5)*IF(OR($O13=\"Class_8\",$N13=\"Replacement8HHD\",$AI13=\"CL7HHD\"),INDEX('ER C8 FLT3'!$A$4:$J$640,MATCH(DropData!$J53&$C13,'ER C8 FLT3'!$A$4:$A$640&'ER C8 FLT3'!$B$4:$B$640-3,1),7)),IF($O13=\"Class_7\",INDEX('ER C7 FLT3'!$A$4:$J$640,MATCH(DropData!$J53&$C13,'ER C7 FLT3'!$A$4:$A$640&'ER C7 FLT3'!$B$4:$B$640-3,1),5)*IF($O13=\"Class_7\",INDEX('ER C7 FLT3'!$A$4:$J$640,MATCH(DropData!$J53&$C13,'ER C7 FLT3'!$A$4:$A$640&'ER C7 FLT3'!$B$4:$B$640-3,1),7)),IF($O13=\"Class_6\",INDEX('ER C6 FLT3'!$A$4:$J$640,MATCH(DropData!$J53&$C13,'ER C6 FLT3'!$A$4:$A$640&'ER C6 FLT3'!$B$4:$B$640-3,1),5)*IF($O13=\"Class_6\",INDEX('ER C6 FLT3'!$A$4:$J$640,MATCH(DropData!$J53&$C13,'ER C6 FLT3'!$A$4:$A$640&'ER C6 FLT3'!$B$4:$B$640-3,1),7))))),IF($B13=\"2 Trucks\",IF(OR($O13=\"Class_8\",$N13=\"Replacement8HHD\",$AI13=\"CL7HHD\"),INDEX('ER C8 FLT2'!$A$4:$J$640,MATCH(DropData!$J53&$C13,'ER C8 FLT2'!$A$4:$A$640&'ER C8 FLT2'!$B$4:$B$640-3,1),5)*IF(OR($O13=\"Class_8\",$N13=\"Replacement8HHD\",$AI13=\"CL7HHD\"),INDEX('ER C8 FLT2'!$A$4:$J$640,MATCH(DropData!$J53&$C13,'ER C8 FLT2'!$A$4:$A$640&'ER C8 FLT2'!$B$4:$B$640-3,1),7)),IF($O13=\"Class_7\",INDEX('ER C7 FLT2'!$A$4:$J$640,MATCH(DropData!$J53&$C13,'ER C7 FLT2'!$A$4:$A$640&'ER C7 FLT2'!$B$4:$B$640-3,1),5)*IF($O13=\"Class_7\",INDEX('ER C7 FLT2'!$A$4:$J$640,MATCH(DropData!$J53&$C13,'ER C7 FLT2'!$A$4:$A$640&'ER C7 FLT2'!$B$4:$B$640-3,1),7)),IF($O13=\"Class_6\",INDEX('ER C6 FLT2'!$A$4:$J$640,MATCH(DropData!$J53&$C13,'ER C6 FLT2'!$A$4:$A$640&'ER C6 FLT2'!$B$4:$B$640-3,1),5)*IF($O13=\"Class_6\",INDEX('ER C6 FLT2'!$A$4:$J$640,MATCH(DropData!$J53&$C13,'ER C6 FLT2'!$A$4:$A$640&'ER C6 FLT2'!$B$4:$B$640-3,1),7))))),IF($B13=\"1 Truck\",IF(OR($O13=\"Class_8\",$N13=\"Replacement8HHD\",$AI13=\"CL7HHD\"),INDEX('ER C8 FLT1'!$A$4:$J$640,MATCH(DropData!$J53&$C13,'ER C8 FLT1'!$A$4:$A$640&'ER C8 FLT1'!$B$4:$B$640-3,1),5)*IF(OR($O13=\"Class_8\",$N13=\"Replacement8HHD\",$AI13=\"CL7HHD\"),INDEX('ER C8 FLT1'!$A$4:$J$640,MATCH(DropData!$J53&$C13,'ER C8 FLT1'!$A$4:$A$640&'ER C8 FLT1'!$B$4:$B$640-3,1),7)),IF($O13=\"Class_7\",INDEX('ER C7 FLT1'!$A$4:$J$640,MATCH(DropData!$J53&$C13,'ER C7 FLT1'!$A$4:$A$640&'ER C7 FLT1'!$B$4:$B$640-3,1),5)*IF($O13=\"Class_7\",INDEX('ER C7 FLT1'!$A$4:$J$640,MATCH(DropData!$J53&$C13,'ER C7 FLT1'!$A$4:$A$640&'ER C7 FLT1'!$B$4:$B$640-3,1),7)),IF($O13=\"Class_6\",INDEX('ER C6 FLT1'!$A$4:$J$640,MATCH(DropData!$J53&$C13,'ER C6 FLT1'!$A$4:$A$640&'ER C6 FLT1'!$B$4:$B$640-3,1),5)*IF($O13=\"Class_6\",INDEX('ER C6 FLT1'!$A$4:$J$640,MATCH(DropData!$J53&$C13,'ER C6 FLT1'!$A$4:$A$640&'ER C6 FLT1'!$B$4:$B$640-3,1),7)))))))),IF($R13=\"Electric\",OFFSET(INDEX('ER Electric'!$A$6:$E$44,MATCH($C13&$O13,'ER Electric'!$A$6:$A$44&'ER Electric'!$B$6:$B$44,1),4),9,0)))*(($Q13+$AC13)/453.6)","v":0},{"$f":"IF(OR($R13=\"Diesel\",$R13=\"LNG/CNG\",$R13=\"Hybrid\",$R13=\"Electric w/ AB-118\"),IF($B13=\"3+ Trucks\",IF(OR($O13=\"Class_8\",$N13=\"Replacement8HHD\",$AI13=\"CL7HHD\"),INDEX('ER C8 FLT3'!$A$4:$J$640,MATCH(DropData!$J53&$C13,'ER C8 FLT3'!$A$4:$A$640&'ER C8 FLT3'!$B$4:$B$640-4,1),5)*IF(OR($O13=\"Class_8\",$N13=\"Replacement8HHD\",$AI13=\"CL7HHD\"),INDEX('ER C8 FLT3'!$A$4:$J$640,MATCH(DropData!$J53&$C13,'ER C8 FLT3'!$A$4:$A$640&'ER C8 FLT3'!$B$4:$B$640-4,1),7)),IF($O13=\"Class_7\",INDEX('ER C7 FLT3'!$A$4:$J$640,MATCH(DropData!$J53&$C13,'ER C7 FLT3'!$A$4:$A$640&'ER C7 FLT3'!$B$4:$B$640-4,1),5)*IF($O13=\"Class_7\",INDEX('ER C7 FLT3'!$A$4:$J$640,MATCH(DropData!$J53&$C13,'ER C7 FLT3'!$A$4:$A$640&'ER C7 FLT3'!$B$4:$B$640-4,1),7)),IF($O13=\"Class_6\",INDEX('ER C6 FLT3'!$A$4:$J$640,MATCH(DropData!$J53&$C13,'ER C6 FLT3'!$A$4:$A$640&'ER C6 FLT3'!$B$4:$B$640-4,1),5)*IF($O13=\"Class_6\",INDEX('ER C6 FLT3'!$A$4:$J$640,MATCH(DropData!$J53&$C13,'ER C6 FLT3'!$A$4:$A$640&'ER C6 FLT3'!$B$4:$B$640-4,1),7))))),IF($B13=\"2 Trucks\",IF(OR($O13=\"Class_8\",$N13=\"Replacement8HHD\",$AI13=\"CL7HHD\"),INDEX('ER C8 FLT2'!$A$4:$J$640,MATCH(DropData!$J53&$C13,'ER C8 FLT2'!$A$4:$A$640&'ER C8 FLT2'!$B$4:$B$640-4,1),5)*IF(OR($O13=\"Class_8\",$N13=\"Replacement8HHD\",$AI13=\"CL7HHD\"),INDEX('ER C8 FLT2'!$A$4:$J$640,MATCH(DropData!$J53&$C13,'ER C8 FLT2'!$A$4:$A$640&'ER C8 FLT2'!$B$4:$B$640-4,1),7)),IF($O13=\"Class_7\",INDEX('ER C7 FLT2'!$A$4:$J$640,MATCH(DropData!$J53&$C13,'ER C7 FLT2'!$A$4:$A$640&'ER C7 FLT2'!$B$4:$B$640-4,1),5)*IF($O13=\"Class_7\",INDEX('ER C7 FLT2'!$A$4:$J$640,MATCH(DropData!$J53&$C13,'ER C7 FLT2'!$A$4:$A$640&'ER C7 FLT2'!$B$4:$B$640-4,1),7)),IF($O13=\"Class_6\",INDEX('ER C6 FLT2'!$A$4:$J$640,MATCH(DropData!$J53&$C13,'ER C6 FLT2'!$A$4:$A$640&'ER C6 FLT2'!$B$4:$B$640-4,1),5)*IF($O13=\"Class_6\",INDEX('ER C6 FLT2'!$A$4:$J$640,MATCH(DropData!$J53&$C13,'ER C6 FLT2'!$A$4:$A$640&'ER C6 FLT2'!$B$4:$B$640-4,1),7))))),IF($B13=\"1 Truck\",IF(OR($O13=\"Class_8\",$N13=\"Replacement8HHD\",$AI13=\"CL7HHD\"),INDEX('ER C8 FLT1'!$A$4:$J$640,MATCH(DropData!$J53&$C13,'ER C8 FLT1'!$A$4:$A$640&'ER C8 FLT1'!$B$4:$B$640-4,1),5)*IF(OR($O13=\"Class_8\",$N13=\"Replacement8HHD\",$AI13=\"CL7HHD\"),INDEX('ER C8 FLT1'!$A$4:$J$640,MATCH(DropData!$J53&$C13,'ER C8 FLT1'!$A$4:$A$640&'ER C8 FLT1'!$B$4:$B$640-4,1),7)),IF($O13=\"Class_7\",INDEX('ER C7 FLT1'!$A$4:$J$640,MATCH(DropData!$J53&$C13,'ER C7 FLT1'!$A$4:$A$640&'ER C7 FLT1'!$B$4:$B$640-4,1),5)*IF($O13=\"Class_7\",INDEX('ER C7 FLT1'!$A$4:$J$640,MATCH(DropData!$J53&$C13,'ER C7 FLT1'!$A$4:$A$640&'ER C7 FLT1'!$B$4:$B$640-4,1),7)),IF($O13=\"Class_6\",INDEX('ER C6 FLT1'!$A$4:$J$640,MATCH(DropData!$J53&$C13,'ER C6 FLT1'!$A$4:$A$640&'ER C6 FLT1'!$B$4:$B$640-4,1),5)*IF($O13=\"Class_6\",INDEX('ER C6 FLT1'!$A$4:$J$640,MATCH(DropData!$J53&$C13,'ER C6 FLT1'!$A$4:$A$640&'ER C6 FLT1'!$B$4:$B$640-4,1),7)))))))),IF($R13=\"Electric\",OFFSET(INDEX('ER Electric'!$A$6:$E$44,MATCH($C13&$O13,'ER Electric'!$A$6:$A$44&'ER Electric'!$B$6:$B$44,1),4),12,0)))*(($Q13+$AC13)/453.6)","v":0},{"$f":"IF(OR($R13=\"Diesel\",$R13=\"LNG/CNG\",$R13=\"Hybrid\",$R13=\"Electric w/ AB-118\"),IF($B13=\"3+ Trucks\",IF(OR($O13=\"Class_8\",$N13=\"Replacement8HHD\",$AI13=\"CL7HHD\"),INDEX('ER C8 FLT3'!$A$4:$J$640,MATCH(DropData!$J53&$C13,'ER C8 FLT3'!$A$4:$A$640&'ER C8 FLT3'!$B$4:$B$640,1),5)*IF(OR($O13=\"Class_8\",$N13=\"Replacement8HHD\",$AI13=\"CL7HHD\"),INDEX('ER C8 FLT3'!$A$4:$J$640,MATCH(DropData!$J53&$C13,'ER C8 FLT3'!$A$4:$A$640&'ER C8 FLT3'!$B$4:$B$640,1),7)),IF($O13=\"Class_7\",INDEX('ER C7 FLT3'!$A$4:$J$640,MATCH(DropData!$J53&$C13,'ER C7 FLT3'!$A$4:$A$640&'ER C7 FLT3'!$B$4:$B$640,1),5)*IF($O13=\"Class_7\",INDEX('ER C7 FLT3'!$A$4:$J$640,MATCH(DropData!$J53&$C13,'ER C7 FLT3'!$A$4:$A$640&'ER C7 FLT3'!$B$4:$B$640,1),7)),IF($O13=\"Class_6\",INDEX('ER C6 FLT3'!$A$4:$J$640,MATCH(DropData!$J53&$C13,'ER C6 FLT3'!$A$4:$A$640&'ER C6 FLT3'!$B$4:$B$640,1),5)*IF($O13=\"Class_6\",INDEX('ER C6 FLT3'!$A$4:$J$640,MATCH(DropData!$J53&$C13,'ER C6 FLT3'!$A$4:$A$640&'ER C6 FLT3'!$B$4:$B$640,1),7))))),IF($B13=\"2 Trucks\",IF(OR($O13=\"Class_8\",$N13=\"Replacement8HHD\",$AI13=\"CL7HHD\"),INDEX('ER C8 FLT2'!$A$4:$J$640,MATCH(DropData!$J53&$C13,'ER C8 FLT2'!$A$4:$A$640&'ER C8 FLT2'!$B$4:$B$640,1),5)*IF(OR($O13=\"Class_8\",$N13=\"Replacement8HHD\",$AI13=\"CL7HHD\"),INDEX('ER C8 FLT2'!$A$4:$J$640,MATCH(DropData!$J53&$C13,'ER C8 FLT2'!$A$4:$A$640&'ER C8 FLT2'!$B$4:$B$640,1),7)),IF($O13=\"Class_7\",INDEX('ER C7 FLT2'!$A$4:$J$640,MATCH(DropData!$J53&$C13,'ER C7 FLT2'!$A$4:$A$640&'ER C7 FLT2'!$B$4:$B$640,1),5)*IF($O13=\"Class_7\",INDEX('ER C7 FLT2'!$A$4:$J$640,MATCH(DropData!$J53&$C13,'ER C7 FLT2'!$A$4:$A$640&'ER C7 FLT2'!$B$4:$B$640,1),7)),IF($O13=\"Class_6\",INDEX('ER C6 FLT2'!$A$4:$J$640,MATCH(DropData!$J53&$C13,'ER C6 FLT2'!$A$4:$A$640&'ER C6 FLT2'!$B$4:$B$640,1),5)*IF($O13=\"Class_6\",INDEX('ER C6 FLT2'!$A$4:$J$640,MATCH(DropData!$J53&$C13,'ER C6 FLT2'!$A$4:$A$640&'ER C6 FLT2'!$B$4:$B$640,1),7))))),IF($B13=\"1 Truck\",IF(OR($O13=\"Class_8\",$N13=\"Replacement8HHD\",$AI13=\"CL7HHD\"),INDEX('ER C8 FLT1'!$A$4:$J$640,MATCH(DropData!$J53&$C13,'ER C8 FLT1'!$A$4:$A$640&'ER C8 FLT1'!$B$4:$B$640,1),5)*IF(OR($O13=\"Class_8\",$N13=\"Replacement8HHD\",$AI13=\"CL7HHD\"),INDEX('ER C8 FLT1'!$A$4:$J$640,MATCH(DropData!$J53&$C13,'ER C8 FLT1'!$A$4:$A$640&'ER C8 FLT1'!$B$4:$B$640,1),7)),IF($O13=\"Class_7\",INDEX('ER C7 FLT1'!$A$4:$J$640,MATCH(DropData!$J53&$C13,'ER C7 FLT1'!$A$4:$A$640&'ER C7 FLT1'!$B$4:$B$640,1),5)*IF($O13=\"Class_7\",INDEX('ER C7 FLT1'!$A$4:$J$640,MATCH(DropData!$J53&$C13,'ER C7 FLT1'!$A$4:$A$640&'ER C7 FLT1'!$B$4:$B$640,1),7)),IF($O13=\"Class_6\",INDEX('ER C6 FLT1'!$A$4:$J$640,MATCH(DropData!$J53&$C13,'ER C6 FLT1'!$A$4:$A$640&'ER C6 FLT1'!$B$4:$B$640,1),5)*IF($O13=\"Class_6\",INDEX('ER C6 FLT1'!$A$4:$J$640,MATCH(DropData!$J53&$C13,'ER C6 FLT1'!$A$4:$A$640&'ER C6 FLT1'!$B$4:$B$640,1),7)))))))),IF($R13=\"Electric\",INDEX('ER Electric'!$A$6:$E$44,MATCH($C13&$O13,'ER Electric'!$A$6:$A$44&'ER Electric'!$B$6:$B$44,1),4)))","v":false},{"$f":"IF(OR($R13=\"Diesel\",$R13=\"LNG/CNG\",$R13=\"Hybrid\",$R13=\"Electric w/ AB-118\"),IF($B13=\"3+ Trucks\",IF(OR($O13=\"Class_8\",$N13=\"Replacement8HHD\",$AI13=\"CL7HHD\"),INDEX('ER C8 FLT3'!$A$4:$J$640,MATCH(DropData!$J53&$C13,'ER C8 FLT3'!$A$4:$A$640&'ER C8 FLT3'!$B$4:$B$640-1,1),5)*IF(OR($O13=\"Class_8\",$N13=\"Replacement8HHD\",$AI13=\"CL7HHD\"),INDEX('ER C8 FLT3'!$A$4:$J$640,MATCH(DropData!$J53&$C13,'ER C8 FLT3'!$A$4:$A$640&'ER C8 FLT3'!$B$4:$B$640-1,1),7)),IF($O13=\"Class_7\",INDEX('ER C7 FLT3'!$A$4:$J$640,MATCH(DropData!$J53&$C13,'ER C7 FLT3'!$A$4:$A$640&'ER C7 FLT3'!$B$4:$B$640-1,1),5)*IF($O13=\"Class_7\",INDEX('ER C7 FLT3'!$A$4:$J$640,MATCH(DropData!$J53&$C13,'ER C7 FLT3'!$A$4:$A$640&'ER C7 FLT3'!$B$4:$B$640-1,1),7)),IF($O13=\"Class_6\",INDEX('ER C6 FLT3'!$A$4:$J$640,MATCH(DropData!$J53&$C13,'ER C6 FLT3'!$A$4:$A$640&'ER C6 FLT3'!$B$4:$B$640-1,1),5)*IF($O13=\"Class_6\",INDEX('ER C6 FLT3'!$A$4:$J$640,MATCH(DropData!$J53&$C13,'ER C6 FLT3'!$A$4:$A$640&'ER C6 FLT3'!$B$4:$B$640-1,1),7))))),IF($B13=\"2 Trucks\",IF(OR($O13=\"Class_8\",$N13=\"Replacement8HHD\",$AI13=\"CL7HHD\"),INDEX('ER C8 FLT2'!$A$4:$J$640,MATCH(DropData!$J53&$C13,'ER C8 FLT2'!$A$4:$A$640&'ER C8 FLT2'!$B$4:$B$640-1,1),5)*IF(OR($O13=\"Class_8\",$N13=\"Replacement8HHD\",$AI13=\"CL7HHD\"),INDEX('ER C8 FLT2'!$A$4:$J$640,MATCH(DropData!$J53&$C13,'ER C8 FLT2'!$A$4:$A$640&'ER C8 FLT2'!$B$4:$B$640-1,1),7)),IF($O13=\"Class_7\",INDEX('ER C7 FLT2'!$A$4:$J$640,MATCH(DropData!$J53&$C13,'ER C7 FLT2'!$A$4:$A$640&'ER C7 FLT2'!$B$4:$B$640-1,1),5)*IF($O13=\"Class_7\",INDEX('ER C7 FLT2'!$A$4:$J$640,MATCH(DropData!$J53&$C13,'ER C7 FLT2'!$A$4:$A$640&'ER C7 FLT2'!$B$4:$B$640-1,1),7)),IF($O13=\"Class_6\",INDEX('ER C6 FLT2'!$A$4:$J$640,MATCH(DropData!$J53&$C13,'ER C6 FLT2'!$A$4:$A$640&'ER C6 FLT2'!$B$4:$B$640-1,1),5)*IF($O13=\"Class_6\",INDEX('ER C6 FLT2'!$A$4:$J$640,MATCH(DropData!$J53&$C13,'ER C6 FLT2'!$A$4:$A$640&'ER C6 FLT2'!$B$4:$B$640-1,1),7))))),IF($B13=\"1 Truck\",IF(OR($O13=\"Class_8\",$N13=\"Replacement8HHD\",$AI13=\"CL7HHD\"),INDEX('ER C8 FLT1'!$A$4:$J$640,MATCH(DropData!$J53&$C13,'ER C8 FLT1'!$A$4:$A$640&'ER C8 FLT1'!$B$4:$B$640-1,1),5)*IF(OR($O13=\"Class_8\",$N13=\"Replacement8HHD\",$AI13=\"CL7HHD\"),INDEX('ER C8 FLT1'!$A$4:$J$640,MATCH(DropData!$J53&$C13,'ER C8 FLT1'!$A$4:$A$640&'ER C8 FLT1'!$B$4:$B$640-1,1),7)),IF($O13=\"Class_7\",INDEX('ER C7 FLT1'!$A$4:$J$640,MATCH(DropData!$J53&$C13,'ER C7 FLT1'!$A$4:$A$640&'ER C7 FLT1'!$B$4:$B$640-1,1),5)*IF($O13=\"Class_7\",INDEX('ER C7 FLT1'!$A$4:$J$640,MATCH(DropData!$J53&$C13,'ER C7 FLT1'!$A$4:$A$640&'ER C7 FLT1'!$B$4:$B$640-1,1),7)),IF($O13=\"Class_6\",INDEX('ER C6 FLT1'!$A$4:$J$640,MATCH(DropData!$J53&$C13,'ER C6 FLT1'!$A$4:$A$640&'ER C6 FLT1'!$B$4:$B$640-1,1),5)*IF($O13=\"Class_6\",INDEX('ER C6 FLT1'!$A$4:$J$640,MATCH(DropData!$J53&$C13,'ER C6 FLT1'!$A$4:$A$640&'ER C6 FLT1'!$B$4:$B$640-1,1),7)))))))),IF($R13=\"Electric\",OFFSET(INDEX('ER Electric'!$A$6:$E$44,MATCH($C13&$O13,'ER Electric'!$A$6:$A$44&'ER Electric'!$B$6:$B$44,1),4),3,0)))","v":false},{"$f":"IF(OR($R13=\"Diesel\",$R13=\"LNG/CNG\",$R13=\"Hybrid\",$R13=\"Electric w/ AB-118\"),IF($B13=\"3+ Trucks\",IF(OR($O13=\"Class_8\",$N13=\"Replacement8HHD\",$AI13=\"CL7HHD\"),INDEX('ER C8 FLT3'!$A$4:$J$640,MATCH(DropData!$J53&$C13,'ER C8 FLT3'!$A$4:$A$640&'ER C8 FLT3'!$B$4:$B$640-2,1),5)*IF(OR($O13=\"Class_8\",$N13=\"Replacement8HHD\",$AI13=\"CL7HHD\"),INDEX('ER C8 FLT3'!$A$4:$J$640,MATCH(DropData!$J53&$C13,'ER C8 FLT3'!$A$4:$A$640&'ER C8 FLT3'!$B$4:$B$640-2,1),7)),IF($O13=\"Class_7\",INDEX('ER C7 FLT3'!$A$4:$J$640,MATCH(DropData!$J53&$C13,'ER C7 FLT3'!$A$4:$A$640&'ER C7 FLT3'!$B$4:$B$640-2,1),5)*IF($O13=\"Class_7\",INDEX('ER C7 FLT3'!$A$4:$J$640,MATCH(DropData!$J53&$C13,'ER C7 FLT3'!$A$4:$A$640&'ER C7 FLT3'!$B$4:$B$640-2,1),7)),IF($O13=\"Class_6\",INDEX('ER C6 FLT3'!$A$4:$J$640,MATCH(DropData!$J53&$C13,'ER C6 FLT3'!$A$4:$A$640&'ER C6 FLT3'!$B$4:$B$640-2,1),5)*IF($O13=\"Class_6\",INDEX('ER C6 FLT3'!$A$4:$J$640,MATCH(DropData!$J53&$C13,'ER C6 FLT3'!$A$4:$A$640&'ER C6 FLT3'!$B$4:$B$640-2,1),7))))),IF($B13=\"2 Trucks\",IF(OR($O13=\"Class_8\",$N13=\"Replacement8HHD\",$AI13=\"CL7HHD\"),INDEX('ER C8 FLT2'!$A$4:$J$640,MATCH(DropData!$J53&$C13,'ER C8 FLT2'!$A$4:$A$640&'ER C8 FLT2'!$B$4:$B$640-2,1),5)*IF(OR($O13=\"Class_8\",$N13=\"Replacement8HHD\",$AI13=\"CL7HHD\"),INDEX('ER C8 FLT2'!$A$4:$J$640,MATCH(DropData!$J53&$C13,'ER C8 FLT2'!$A$4:$A$640&'ER C8 FLT2'!$B$4:$B$640-2,1),7)),IF($O13=\"Class_7\",INDEX('ER C7 FLT2'!$A$4:$J$640,MATCH(DropData!$J53&$C13,'ER C7 FLT2'!$A$4:$A$640&'ER C7 FLT2'!$B$4:$B$640-2,1),5)*IF($O13=\"Class_7\",INDEX('ER C7 FLT2'!$A$4:$J$640,MATCH(DropData!$J53&$C13,'ER C7 FLT2'!$A$4:$A$640&'ER C7 FLT2'!$B$4:$B$640-2,1),7)),IF($O13=\"Class_6\",INDEX('ER C6 FLT2'!$A$4:$J$640,MATCH(DropData!$J53&$C13,'ER C6 FLT2'!$A$4:$A$640&'ER C6 FLT2'!$B$4:$B$640-2,1),5)*IF($O13=\"Class_6\",INDEX('ER C6 FLT2'!$A$4:$J$640,MATCH(DropData!$J53&$C13,'ER C6 FLT2'!$A$4:$A$640&'ER C6 FLT2'!$B$4:$B$640-2,1),7))))),IF($B13=\"1 Truck\",IF(OR($O13=\"Class_8\",$N13=\"Replacement8HHD\",$AI13=\"CL7HHD\"),INDEX('ER C8 FLT1'!$A$4:$J$640,MATCH(DropData!$J53&$C13,'ER C8 FLT1'!$A$4:$A$640&'ER C8 FLT1'!$B$4:$B$640-2,1),5)*IF(OR($O13=\"Class_8\",$N13=\"Replacement8HHD\",$AI13=\"CL7HHD\"),INDEX('ER C8 FLT1'!$A$4:$J$640,MATCH(DropData!$J53&$C13,'ER C8 FLT1'!$A$4:$A$640&'ER C8 FLT1'!$B$4:$B$640-2,1),7)),IF($O13=\"Class_7\",INDEX('ER C7 FLT1'!$A$4:$J$640,MATCH(DropData!$J53&$C13,'ER C7 FLT1'!$A$4:$A$640&'ER C7 FLT1'!$B$4:$B$640-2,1),5)*IF($O13=\"Class_7\",INDEX('ER C7 FLT1'!$A$4:$J$640,MATCH(DropData!$J53&$C13,'ER C7 FLT1'!$A$4:$A$640&'ER C7 FLT1'!$B$4:$B$640-2,1),7)),IF($O13=\"Class_6\",INDEX('ER C6 FLT1'!$A$4:$J$640,MATCH(DropData!$J53&$C13,'ER C6 FLT1'!$A$4:$A$640&'ER C6 FLT1'!$B$4:$B$640-2,1),5)*IF($O13=\"Class_6\",INDEX('ER C6 FLT1'!$A$4:$J$640,MATCH(DropData!$J53&$C13,'ER C6 FLT1'!$A$4:$A$640&'ER C6 FLT1'!$B$4:$B$640-2,1),7)))))))),IF($R13=\"Electric\",OFFSET(INDEX('ER Electric'!$A$6:$E$44,MATCH($C13&$O13,'ER Electric'!$A$6:$A$44&'ER Electric'!$B$6:$B$44,1),4),6,0)))","v":false},{"$f":"IF(OR($R13=\"Diesel\",$R13=\"LNG/CNG\",$R13=\"Hybrid\",$R13=\"Electric w/ AB-118\"),IF($B13=\"3+ Trucks\",IF(OR($O13=\"Class_8\",$N13=\"Replacement8HHD\",$AI13=\"CL7HHD\"),INDEX('ER C8 FLT3'!$A$4:$J$640,MATCH(DropData!$J53&$C13,'ER C8 FLT3'!$A$4:$A$640&'ER C8 FLT3'!$B$4:$B$640-3,1),5)*IF(OR($O13=\"Class_8\",$N13=\"Replacement8HHD\",$AI13=\"CL7HHD\"),INDEX('ER C8 FLT3'!$A$4:$J$640,MATCH(DropData!$J53&$C13,'ER C8 FLT3'!$A$4:$A$640&'ER C8 FLT3'!$B$4:$B$640-3,1),7)),IF($O13=\"Class_7\",INDEX('ER C7 FLT3'!$A$4:$J$640,MATCH(DropData!$J53&$C13,'ER C7 FLT3'!$A$4:$A$640&'ER C7 FLT3'!$B$4:$B$640-3,1),5)*IF($O13=\"Class_7\",INDEX('ER C7 FLT3'!$A$4:$J$640,MATCH(DropData!$J53&$C13,'ER C7 FLT3'!$A$4:$A$640&'ER C7 FLT3'!$B$4:$B$640-3,1),7)),IF($O13=\"Class_6\",INDEX('ER C6 FLT3'!$A$4:$J$640,MATCH(DropData!$J53&$C13,'ER C6 FLT3'!$A$4:$A$640&'ER C6 FLT3'!$B$4:$B$640-3,1),5)*IF($O13=\"Class_6\",INDEX('ER C6 FLT3'!$A$4:$J$640,MATCH(DropData!$J53&$C13,'ER C6 FLT3'!$A$4:$A$640&'ER C6 FLT3'!$B$4:$B$640-3,1),7))))),IF($B13=\"2 Trucks\",IF(OR($O13=\"Class_8\",$N13=\"Replacement8HHD\",$AI13=\"CL7HHD\"),INDEX('ER C8 FLT2'!$A$4:$J$640,MATCH(DropData!$J53&$C13,'ER C8 FLT2'!$A$4:$A$640&'ER C8 FLT2'!$B$4:$B$640-3,1),5)*IF(OR($O13=\"Class_8\",$N13=\"Replacement8HHD\",$AI13=\"CL7HHD\"),INDEX('ER C8 FLT2'!$A$4:$J$640,MATCH(DropData!$J53&$C13,'ER C8 FLT2'!$A$4:$A$640&'ER C8 FLT2'!$B$4:$B$640-3,1),7)),IF($O13=\"Class_7\",INDEX('ER C7 FLT2'!$A$4:$J$640,MATCH(DropData!$J53&$C13,'ER C7 FLT2'!$A$4:$A$640&'ER C7 FLT2'!$B$4:$B$640-3,1),5)*IF($O13=\"Class_7\",INDEX('ER C7 FLT2'!$A$4:$J$640,MATCH(DropData!$J53&$C13,'ER C7 FLT2'!$A$4:$A$640&'ER C7 FLT2'!$B$4:$B$640-3,1),7)),IF($O13=\"Class_6\",INDEX('ER C6 FLT2'!$A$4:$J$640,MATCH(DropData!$J53&$C13,'ER C6 FLT2'!$A$4:$A$640&'ER C6 FLT2'!$B$4:$B$640-3,1),5)*IF($O13=\"Class_6\",INDEX('ER C6 FLT2'!$A$4:$J$640,MATCH(DropData!$J53&$C13,'ER C6 FLT2'!$A$4:$A$640&'ER C6 FLT2'!$B$4:$B$640-3,1),7))))),IF($B13=\"1 Truck\",IF(OR($O13=\"Class_8\",$N13=\"Replacement8HHD\",$AI13=\"CL7HHD\"),INDEX('ER C8 FLT1'!$A$4:$J$640,MATCH(DropData!$J53&$C13,'ER C8 FLT1'!$A$4:$A$640&'ER C8 FLT1'!$B$4:$B$640-3,1),5)*IF(OR($O13=\"Class_8\",$N13=\"Replacement8HHD\",$AI13=\"CL7HHD\"),INDEX('ER C8 FLT1'!$A$4:$J$640,MATCH(DropData!$J53&$C13,'ER C8 FLT1'!$A$4:$A$640&'ER C8 FLT1'!$B$4:$B$640-3,1),7)),IF($O13=\"Class_7\",INDEX('ER C7 FLT1'!$A$4:$J$640,MATCH(DropData!$J53&$C13,'ER C7 FLT1'!$A$4:$A$640&'ER C7 FLT1'!$B$4:$B$640-3,1),5)*IF($O13=\"Class_7\",INDEX('ER C7 FLT1'!$A$4:$J$640,MATCH(DropData!$J53&$C13,'ER C7 FLT1'!$A$4:$A$640&'ER C7 FLT1'!$B$4:$B$640-3,1),7)),IF($O13=\"Class_6\",INDEX('ER C6 FLT1'!$A$4:$J$640,MATCH(DropData!$J53&$C13,'ER C6 FLT1'!$A$4:$A$640&'ER C6 FLT1'!$B$4:$B$640-3,1),5)*IF($O13=\"Class_6\",INDEX('ER C6 FLT1'!$A$4:$J$640,MATCH(DropData!$J53&$C13,'ER C6 FLT1'!$A$4:$A$640&'ER C6 FLT1'!$B$4:$B$640-3,1),7)))))))),IF($R13=\"Electric\",OFFSET(INDEX('ER Electric'!$A$6:$E$44,MATCH($C13&$O13,'ER Electric'!$A$6:$A$44&'ER Electric'!$B$6:$B$44,1),4),9,0)))","v":false},{"$f":"IF(OR($R13=\"Diesel\",$R13=\"LNG/CNG\",$R13=\"Hybrid\",$R13=\"Electric w/ AB-118\"),IF($B13=\"3+ Trucks\",IF(OR($O13=\"Class_8\",$N13=\"Replacement8HHD\",$AI13=\"CL7HHD\"),INDEX('ER C8 FLT3'!$A$4:$J$640,MATCH(DropData!$J53&$C13,'ER C8 FLT3'!$A$4:$A$640&'ER C8 FLT3'!$B$4:$B$640-4,1),5)*IF(OR($O13=\"Class_8\",$N13=\"Replacement8HHD\",$AI13=\"CL7HHD\"),INDEX('ER C8 FLT3'!$A$4:$J$640,MATCH(DropData!$J53&$C13,'ER C8 FLT3'!$A$4:$A$640&'ER C8 FLT3'!$B$4:$B$640-4,1),7)),IF($O13=\"Class_7\",INDEX('ER C7 FLT3'!$A$4:$J$640,MATCH(DropData!$J53&$C13,'ER C7 FLT3'!$A$4:$A$640&'ER C7 FLT3'!$B$4:$B$640-4,1),5)*IF($O13=\"Class_7\",INDEX('ER C7 FLT3'!$A$4:$J$640,MATCH(DropData!$J53&$C13,'ER C7 FLT3'!$A$4:$A$640&'ER C7 FLT3'!$B$4:$B$640-4,1),7)),IF($O13=\"Class_6\",INDEX('ER C6 FLT3'!$A$4:$J$640,MATCH(DropData!$J53&$C13,'ER C6 FLT3'!$A$4:$A$640&'ER C6 FLT3'!$B$4:$B$640-4,1),5)*IF($O13=\"Class_6\",INDEX('ER C6 FLT3'!$A$4:$J$640,MATCH(DropData!$J53&$C13,'ER C6 FLT3'!$A$4:$A$640&'ER C6 FLT3'!$B$4:$B$640-4,1),7))))),IF($B13=\"2 Trucks\",IF(OR($O13=\"Class_8\",$N13=\"Replacement8HHD\",$AI13=\"CL7HHD\"),INDEX('ER C8 FLT2'!$A$4:$J$640,MATCH(DropData!$J53&$C13,'ER C8 FLT2'!$A$4:$A$640&'ER C8 FLT2'!$B$4:$B$640-4,1),5)*IF(OR($O13=\"Class_8\",$N13=\"Replacement8HHD\",$AI13=\"CL7HHD\"),INDEX('ER C8 FLT2'!$A$4:$J$640,MATCH(DropData!$J53&$C13,'ER C8 FLT2'!$A$4:$A$640&'ER C8 FLT2'!$B$4:$B$640-4,1),7)),IF($O13=\"Class_7\",INDEX('ER C7 FLT2'!$A$4:$J$640,MATCH(DropData!$J53&$C13,'ER C7 FLT2'!$A$4:$A$640&'ER C7 FLT2'!$B$4:$B$640-4,1),5)*IF($O13=\"Class_7\",INDEX('ER C7 FLT2'!$A$4:$J$640,MATCH(DropData!$J53&$C13,'ER C7 FLT2'!$A$4:$A$640&'ER C7 FLT2'!$B$4:$B$640-4,1),7)),IF($O13=\"Class_6\",INDEX('ER C6 FLT2'!$A$4:$J$640,MATCH(DropData!$J53&$C13,'ER C6 FLT2'!$A$4:$A$640&'ER C6 FLT2'!$B$4:$B$640-4,1),5)*IF($O13=\"Class_6\",INDEX('ER C6 FLT2'!$A$4:$J$640,MATCH(DropData!$J53&$C13,'ER C6 FLT2'!$A$4:$A$640&'ER C6 FLT2'!$B$4:$B$640-4,1),7))))),IF($B13=\"1 Truck\",IF(OR($O13=\"Class_8\",$N13=\"Replacement8HHD\",$AI13=\"CL7HHD\"),INDEX('ER C8 FLT1'!$A$4:$J$640,MATCH(DropData!$J53&$C13,'ER C8 FLT1'!$A$4:$A$640&'ER C8 FLT1'!$B$4:$B$640-4,1),5)*IF(OR($O13=\"Class_8\",$N13=\"Replacement8HHD\",$AI13=\"CL7HHD\"),INDEX('ER C8 FLT1'!$A$4:$J$640,MATCH(DropData!$J53&$C13,'ER C8 FLT1'!$A$4:$A$640&'ER C8 FLT1'!$B$4:$B$640-4,1),7)),IF($O13=\"Class_7\",INDEX('ER C7 FLT1'!$A$4:$J$640,MATCH(DropData!$J53&$C13,'ER C7 FLT1'!$A$4:$A$640&'ER C7 FLT1'!$B$4:$B$640-4,1),5)*IF($O13=\"Class_7\",INDEX('ER C7 FLT1'!$A$4:$J$640,MATCH(DropData!$J53&$C13,'ER C7 FLT1'!$A$4:$A$640&'ER C7 FLT1'!$B$4:$B$640-4,1),7)),IF($O13=\"Class_6\",INDEX('ER C6 FLT1'!$A$4:$J$640,MATCH(DropData!$J53&$C13,'ER C6 FLT1'!$A$4:$A$640&'ER C6 FLT1'!$B$4:$B$640-4,1),5)*IF($O13=\"Class_6\",INDEX('ER C6 FLT1'!$A$4:$J$640,MATCH(DropData!$J53&$C13,'ER C6 FLT1'!$A$4:$A$640&'ER C6 FLT1'!$B$4:$B$640-4,1),7)))))))),IF($R13=\"Electric\",OFFSET(INDEX('ER Electric'!$A$6:$E$44,MATCH($C13&$O13,'ER Electric'!$A$6:$A$44&'ER Electric'!$B$6:$B$44,1),4),12,0)))","v":false},{"$f":"IF($C13<2015,1,2)","v":1},0,{"$f":"IF($C13<2015,1,2)","v":1},{"$f":"IFERROR(MAX(0,IF($B13=\"3+ Trucks\",IF($Z13=\"Class_8\",INDEX('ER C8 FLT3'!$A$4:$J$640,MATCH($W13&$C13,'ER C8 FLT3'!$A$4:$A$640&'ER C8 FLT3'!$B$4:$B$640,1),5)*IF($Z13=\"Class_8\",INDEX('ER C8 FLT3'!$A$4:$J$640,MATCH($W13&$C13,'ER C8 FLT3'!$A$4:$A$640&'ER C8 FLT3'!$B$4:$B$640,1),7)),IF($Z13=\"Class_7\",INDEX('ER C7 FLT3'!$A$4:$J$640,MATCH($W13&$C13,'ER C7 FLT3'!$A$4:$A$640&'ER C7 FLT3'!$B$4:$B$640,1),5)*IF($Z13=\"Class_7\",INDEX('ER C7 FLT3'!$A$4:$J$640,MATCH($W13&$C13,'ER C7 FLT3'!$A$4:$A$640&'ER C7 FLT3'!$B$4:$B$640,1),7)),\nIF($Z13=\"Class_6\",INDEX('ER C6 FLT3'!$A$4:$J$640,MATCH($W13&$C13,'ER C6 FLT3'!$A$4:$A$640&'ER C6 FLT3'!$B$4:$B$640,1),5)*IF($Z13=\"Class_6\",INDEX('ER C6 FLT3'!$A$4:$L$640,MATCH($W13&$C13,'ER C6 FLT3'!$A$4:$A$640&'ER C6 FLT3'!$B$4:$B$640,1),7))))),IF($B13=\"2 Trucks\",IF($Z13=\"Class_8\",INDEX('ER C8 FLT2'!$A$4:$J$640,MATCH($W13&$C13,'ER C8 FLT2'!$A$4:$A$640&'ER C8 FLT2'!$B$4:$B$640,1),5)*IF($Z13=\"Class_8\",INDEX('ER C8 FLT2'!$A$4:$J$640,MATCH($W13&$C13,'ER C8 FLT2'!$A$4:$A$640&'ER C8 FLT2'!$B$4:$B$640,1),7)),IF($Z13=\"Class_7\",INDEX('ER C7 FLT2'!$A$4:$J$640,MATCH($W13&$C13,'ER C7 FLT2'!$A$4:$A$640&'ER C7 FLT2'!$B$4:$B$640,1),5)*IF($Z13=\"Class_7\",INDEX('ER C7 FLT2'!$A$4:$J$640,MATCH($W13&$C13,'ER C7 FLT2'!$A$4:$A$640&'ER C7 FLT2'!$B$4:$B$640,1),7)),IF($Z13=\"Class_6\",INDEX('ER C6 FLT2'!$A$4:$J$640,MATCH($W13&$C13,'ER C6 FLT2'!$A$4:$A$640&'ER C6 FLT2'!$B$4:$B$640,1),5)*IF($Z13=\"Class_6\",INDEX('ER C6 FLT2'!$A$4:$J$640,MATCH($W13&$C13,'ER C6 FLT2'!$A$4:$A$640&'ER C6 FLT2'!$B$4:$B$640,1),7))))),IF($B13=\"1 Truck\",\nIF($Z13=\"Class_8\",INDEX('ER C8 FLT1'!$A$4:$J$640,MATCH($W13&$C13,'ER C8 FLT1'!$A$4:$A$640&'ER C8 FLT1'!$B$4:$B$640,1),5)*IF($Z13=\"Class_8\",INDEX('ER C8 FLT1'!$A$4:$J$640,MATCH($W13&$C13,'ER C8 FLT1'!$A$4:$A$640&'ER C8 FLT1'!$B$4:$B$640,1),7)),IF($Z13=\"Class_7\",INDEX('ER C7 FLT1'!$A$4:$J$640,MATCH($W13&$C13,'ER C7 FLT1'!$A$4:$A$640&'ER C7 FLT1'!$B$4:$B$640,1),5)*IF($Z13=\"Class_7\",INDEX('ER C7 FLT1'!$A$4:$J$640,MATCH($W13&$C13,'ER C7 FLT1'!$A$4:$A$640&'ER C7 FLT1'!$B$4:$B$640,1),7)),IF($Z13=\"Class_6\",INDEX('ER C6 FLT1'!$A$4:$J$640,MATCH($W13&$C13,'ER C6 FLT1'!$A$4:$A$640&'ER C6 FLT1'!$B$4:$B$640,1),5)*IF($Z13=\"Class_6\",INDEX('ER C6 FLT1'!$A$4:$J$640,MATCH($W13&$C13,'ER C6 FLT1'!$A$4:$A$640&'ER C6 FLT1'!$B$4:$B$640,1),7)))))))))*IF($X13=\"Level 3 PM + Mark I NOx\",0.75,1)*($AC13/453.6)-IF(CT13=0,CI13,0),\"0.00\")","v":0},{"$f":"IFERROR(MAX(0,CV13/CU13),\"0.00\")","v":0},{"$f":"IFERROR((CT13+CW13),\"0.00\")","v":0},0,{"$f":"IF($B13=\"3+ Trucks\",IF($Z13=\"Class_8\",INDEX('ER C8 FLT3'!$A$4:$J$640,MATCH($W13&$C13,'ER C8 FLT3'!$A$4:$A$640&'ER C8 FLT3'!$B$4:$B$640-1,1),5)*IF($Z13=\"Class_8\",INDEX('ER C8 FLT3'!$A$4:$J$640,MATCH($W13&$C13,'ER C8 FLT3'!$A$4:$A$640&'ER C8 FLT3'!$B$4:$B$640-1,1),7)),IF($Z13=\"Class_7\",INDEX('ER C7 FLT3'!$A$4:$J$640,MATCH($W13&$C13,'ER C7 FLT3'!$A$4:$A$640&'ER C7 FLT3'!$B$4:$B$640-1,1),5)*IF($Z13=\"Class_7\",INDEX('ER C7 FLT3'!$A$4:$J$640,MATCH($W13&$C13,'ER C7 FLT3'!$A$4:$A$640&'ER C7 FLT3'!$B$4:$B$640-1,1),7)),\nIF($Z13=\"Class_6\",INDEX('ER C6 FLT3'!$A$4:$J$640,MATCH($W13&$C13,'ER C6 FLT3'!$A$4:$A$640&'ER C6 FLT3'!$B$4:$B$640-1,1),5)*IF($Z13=\"Class_6\",INDEX('ER C6 FLT3'!$A$4:$L$640,MATCH($W13&$C13,'ER C6 FLT3'!$A$4:$A$640&'ER C6 FLT3'!$B$4:$B$640-1,1),7))))),IF($B13=\"2 Trucks\",IF($Z13=\"Class_8\",INDEX('ER C8 FLT2'!$A$4:$J$640,MATCH($W13&$C13,'ER C8 FLT2'!$A$4:$A$640&'ER C8 FLT2'!$B$4:$B$640-1,1),5)*IF($Z13=\"Class_8\",INDEX('ER C8 FLT2'!$A$4:$J$640,MATCH($W13&$C13,'ER C8 FLT2'!$A$4:$A$640&'ER C8 FLT2'!$B$4:$B$640-1,1),7)),IF($Z13=\"Class_7\",INDEX('ER C7 FLT2'!$A$4:$J$640,MATCH($W13&$C13,'ER C7 FLT2'!$A$4:$A$640&'ER C7 FLT2'!$B$4:$B$640-1,1),5)*IF($Z13=\"Class_7\",INDEX('ER C7 FLT2'!$A$4:$J$640,MATCH($W13&$C13,'ER C7 FLT2'!$A$4:$A$640&'ER C7 FLT2'!$B$4:$B$640-1,1),7)),IF($Z13=\"Class_6\",INDEX('ER C6 FLT2'!$A$4:$J$640,MATCH($W13&$C13,'ER C6 FLT2'!$A$4:$A$640&'ER C6 FLT2'!$B$4:$B$640-1,1),5)*IF($Z13=\"Class_6\",INDEX('ER C6 FLT2'!$A$4:$J$640,MATCH($W13&$C13,'ER C6 FLT2'!$A$4:$A$640&'ER C6 FLT2'!$B$4:$B$640-1,1),7))))),IF($B13=\"1 Truck\",\nIF($Z13=\"Class_8\",INDEX('ER C8 FLT1'!$A$4:$J$640,MATCH($W13&$C13,'ER C8 FLT1'!$A$4:$A$640&'ER C8 FLT1'!$B$4:$B$640-1,1),5)*IF($Z13=\"Class_8\",INDEX('ER C8 FLT1'!$A$4:$J$640,MATCH($W13&$C13,'ER C8 FLT1'!$A$4:$A$640&'ER C8 FLT1'!$B$4:$B$640-1,1),7)),IF($Z13=\"Class_7\",INDEX('ER C7 FLT1'!$A$4:$J$640,MATCH($W13&$C13,'ER C7 FLT1'!$A$4:$A$640&'ER C7 FLT1'!$B$4:$B$640-1,1),5)*IF($Z13=\"Class_7\",INDEX('ER C7 FLT1'!$A$4:$J$640,MATCH($W13&$C13,'ER C7 FLT1'!$A$4:$A$640&'ER C7 FLT1'!$B$4:$B$640-1,1),7)),\nIF($Z13=\"Class_6\",INDEX('ER C6 FLT1'!$A$4:$J$640,MATCH($W13&$C13,'ER C6 FLT1'!$A$4:$A$640&'ER C6 FLT1'!$B$4:$B$640-1,1),5)*IF($Z13=\"Class_6\",INDEX('ER C6 FLT1'!$A$4:$J$640,MATCH($W13&$C13,'ER C6 FLT1'!$A$4:$A$640&'ER C6 FLT1'!$B$4:$B$640-1,1),7))))))))*IF($X13=\"Level 3 PM + Mark I NOx\",0.75,1)*($AC13/453.6)-IF(CY13=0,CJ13,0)","v":0},{"$f":"MAX(0,CY13+CZ13)","v":0},0,{"$f":"IF($B13=\"3+ Trucks\",IF($Z13=\"Class_8\",INDEX('ER C8 FLT3'!$A$4:$J$640,MATCH($W13&$C13,'ER C8 FLT3'!$A$4:$A$640&'ER C8 FLT3'!$B$4:$B$640-2,1),5)*IF($Z13=\"Class_8\",INDEX('ER C8 FLT3'!$A$4:$J$640,MATCH($W13&$C13,'ER C8 FLT3'!$A$4:$A$640&'ER C8 FLT3'!$B$4:$B$640-2,1),7)),IF($Z13=\"Class_7\",INDEX('ER C7 FLT3'!$A$4:$J$640,MATCH($W13&$C13,'ER C7 FLT3'!$A$4:$A$640&'ER C7 FLT3'!$B$4:$B$640-2,1),5)*IF($Z13=\"Class_7\",INDEX('ER C7 FLT3'!$A$4:$J$640,MATCH($W13&$C13,'ER C7 FLT3'!$A$4:$A$640&'ER C7 FLT3'!$B$4:$B$640-2,1),7)),\nIF($Z13=\"Class_6\",INDEX('ER C6 FLT3'!$A$4:$J$640,MATCH($W13&$C13,'ER C6 FLT3'!$A$4:$A$640&'ER C6 FLT3'!$B$4:$B$640-2,1),5)*IF($Z13=\"Class_6\",INDEX('ER C6 FLT3'!$A$4:$L$640,MATCH($W13&$C13,'ER C6 FLT3'!$A$4:$A$640&'ER C6 FLT3'!$B$4:$B$640-2,1),7))))),IF($B13=\"2 Trucks\",IF($Z13=\"Class_8\",INDEX('ER C8 FLT2'!$A$4:$J$640,MATCH($W13&$C13,'ER C8 FLT2'!$A$4:$A$640&'ER C8 FLT2'!$B$4:$B$640-2,1),5)*IF($Z13=\"Class_8\",INDEX('ER C8 FLT2'!$A$4:$J$640,MATCH($W13&$C13,'ER C8 FLT2'!$A$4:$A$640&'ER C8 FLT2'!$B$4:$B$640-2,1),7)),IF($Z13=\"Class_7\",INDEX('ER C7 FLT2'!$A$4:$J$640,MATCH($W13&$C13,'ER C7 FLT2'!$A$4:$A$640&'ER C7 FLT2'!$B$4:$B$640-2,1),5)*IF($Z13=\"Class_7\",INDEX('ER C7 FLT2'!$A$4:$J$640,MATCH($W13&$C13,'ER C7 FLT2'!$A$4:$A$640&'ER C7 FLT2'!$B$4:$B$640-2,1),7)),IF($Z13=\"Class_6\",INDEX('ER C6 FLT2'!$A$4:$J$640,MATCH($W13&$C13,'ER C6 FLT2'!$A$4:$A$640&'ER C6 FLT2'!$B$4:$B$640-2,1),5)*IF($Z13=\"Class_6\",INDEX('ER C6 FLT2'!$A$4:$J$640,MATCH($W13&$C13,'ER C6 FLT2'!$A$4:$A$640&'ER C6 FLT2'!$B$4:$B$640-2,1),7))))),IF($B13=\"1 Truck\",\nIF($Z13=\"Class_8\",INDEX('ER C8 FLT1'!$A$4:$J$640,MATCH($W13&$C13,'ER C8 FLT1'!$A$4:$A$640&'ER C8 FLT1'!$B$4:$B$640-2,1),5)*IF($Z13=\"Class_8\",INDEX('ER C8 FLT1'!$A$4:$J$640,MATCH($W13&$C13,'ER C8 FLT1'!$A$4:$A$640&'ER C8 FLT1'!$B$4:$B$640-2,1),7)),IF($Z13=\"Class_7\",INDEX('ER C7 FLT1'!$A$4:$J$640,MATCH($W13&$C13,'ER C7 FLT1'!$A$4:$A$640&'ER C7 FLT1'!$B$4:$B$640-2,1),5)*IF($Z13=\"Class_7\",INDEX('ER C7 FLT1'!$A$4:$J$640,MATCH($W13&$C13,'ER C7 FLT1'!$A$4:$A$640&'ER C7 FLT1'!$B$4:$B$640-2,1),7)),\nIF($Z13=\"Class_6\",INDEX('ER C6 FLT1'!$A$4:$J$640,MATCH($W13&$C13,'ER C6 FLT1'!$A$4:$A$640&'ER C6 FLT1'!$B$4:$B$640-2,1),5)*IF($Z13=\"Class_6\",INDEX('ER C6 FLT1'!$A$4:$J$640,MATCH($W13&$C13,'ER C6 FLT1'!$A$4:$A$640&'ER C6 FLT1'!$B$4:$B$640-2,1),7))))))))*IF($X13=\"Level 3 PM + Mark I NOx\",0.75,1)*($AC13/453.6)-IF(DB13=0,CK13,0)","v":0},{"$f":"MAX(0,DB13+DC13)","v":0},0,{"$f":"IF($B13=\"3+ Trucks\",IF($Z13=\"Class_8\",INDEX('ER C8 FLT3'!$A$4:$J$640,MATCH($W13&$C13,'ER C8 FLT3'!$A$4:$A$640&'ER C8 FLT3'!$B$4:$B$640-3,1),5)*IF($Z13=\"Class_8\",INDEX('ER C8 FLT3'!$A$4:$J$640,MATCH($W13&$C13,'ER C8 FLT3'!$A$4:$A$640&'ER C8 FLT3'!$B$4:$B$640-3,1),7)),IF($Z13=\"Class_7\",INDEX('ER C7 FLT3'!$A$4:$J$640,MATCH($W13&$C13,'ER C7 FLT3'!$A$4:$A$640&'ER C7 FLT3'!$B$4:$B$640-3,1),5)*IF($Z13=\"Class_7\",INDEX('ER C7 FLT3'!$A$4:$J$640,MATCH($W13&$C13,'ER C7 FLT3'!$A$4:$A$640&'ER C7 FLT3'!$B$4:$B$640-3,1),7)),\nIF($Z13=\"Class_6\",INDEX('ER C6 FLT3'!$A$4:$J$640,MATCH($W13&$C13,'ER C6 FLT3'!$A$4:$A$640&'ER C6 FLT3'!$B$4:$B$640-3,1),5)*IF($Z13=\"Class_6\",INDEX('ER C6 FLT3'!$A$4:$L$640,MATCH($W13&$C13,'ER C6 FLT3'!$A$4:$A$640&'ER C6 FLT3'!$B$4:$B$640-3,1),7))))),IF($B13=\"2 Trucks\",IF($Z13=\"Class_8\",INDEX('ER C8 FLT2'!$A$4:$J$640,MATCH($W13&$C13,'ER C8 FLT2'!$A$4:$A$640&'ER C8 FLT2'!$B$4:$B$640-3,1),5)*IF($Z13=\"Class_8\",INDEX('ER C8 FLT2'!$A$4:$J$640,MATCH($W13&$C13,'ER C8 FLT2'!$A$4:$A$640&'ER C8 FLT2'!$B$4:$B$640-3,1),7)),IF($Z13=\"Class_7\",INDEX('ER C7 FLT2'!$A$4:$J$640,MATCH($W13&$C13,'ER C7 FLT2'!$A$4:$A$640&'ER C7 FLT2'!$B$4:$B$640-3,1),5)*IF($Z13=\"Class_7\",INDEX('ER C7 FLT2'!$A$4:$J$640,MATCH($W13&$C13,'ER C7 FLT2'!$A$4:$A$640&'ER C7 FLT2'!$B$4:$B$640-3,1),7)),IF($Z13=\"Class_6\",INDEX('ER C6 FLT2'!$A$4:$J$640,MATCH($W13&$C13,'ER C6 FLT2'!$A$4:$A$640&'ER C6 FLT2'!$B$4:$B$640-3,1),5)*IF($Z13=\"Class_6\",INDEX('ER C6 FLT2'!$A$4:$J$640,MATCH($W13&$C13,'ER C6 FLT2'!$A$4:$A$640&'ER C6 FLT2'!$B$4:$B$640-3,1),7))))),IF($B13=\"1 Truck\",\nIF($Z13=\"Class_8\",INDEX('ER C8 FLT1'!$A$4:$J$640,MATCH($W13&$C13,'ER C8 FLT1'!$A$4:$A$640&'ER C8 FLT1'!$B$4:$B$640-3,1),5)*IF($Z13=\"Class_8\",INDEX('ER C8 FLT1'!$A$4:$J$640,MATCH($W13&$C13,'ER C8 FLT1'!$A$4:$A$640&'ER C8 FLT1'!$B$4:$B$640-3,1),7)),IF($Z13=\"Class_7\",INDEX('ER C7 FLT1'!$A$4:$J$640,MATCH($W13&$C13,'ER C7 FLT1'!$A$4:$A$640&'ER C7 FLT1'!$B$4:$B$640-3,1),5)*IF($Z13=\"Class_7\",INDEX('ER C7 FLT1'!$A$4:$J$640,MATCH($W13&$C13,'ER C7 FLT1'!$A$4:$A$640&'ER C7 FLT1'!$B$4:$B$640-3,1),7)),\nIF($Z13=\"Class_6\",INDEX('ER C6 FLT1'!$A$4:$J$640,MATCH($W13&$C13,'ER C6 FLT1'!$A$4:$A$640&'ER C6 FLT1'!$B$4:$B$640-3,1),5)*IF($Z13=\"Class_6\",INDEX('ER C6 FLT1'!$A$4:$J$640,MATCH($W13&$C13,'ER C6 FLT1'!$A$4:$A$640&'ER C6 FLT1'!$B$4:$B$640-3,1),7))))))))*IF($X13=\"Level 3 PM + Mark I NOx\",0.75,1)*($AC13/453.6)-IF(DE13=0,CL13,0)","v":0},{"$f":"MAX(0,DE13+DF13)","v":0},0,{"$f":"IF($B13=\"3+ Trucks\",IF($Z13=\"Class_8\",INDEX('ER C8 FLT3'!$A$4:$J$640,MATCH($W13&$C13,'ER C8 FLT3'!$A$4:$A$640&'ER C8 FLT3'!$B$4:$B$640-4,1),5)*IF($Z13=\"Class_8\",INDEX('ER C8 FLT3'!$A$4:$J$640,MATCH($W13&$C13,'ER C8 FLT3'!$A$4:$A$640&'ER C8 FLT3'!$B$4:$B$640-4,1),7)),IF($Z13=\"Class_7\",INDEX('ER C7 FLT3'!$A$4:$J$640,MATCH($W13&$C13,'ER C7 FLT3'!$A$4:$A$640&'ER C7 FLT3'!$B$4:$B$640-4,1),5)*IF($Z13=\"Class_7\",INDEX('ER C7 FLT3'!$A$4:$J$640,MATCH($W13&$C13,'ER C7 FLT3'!$A$4:$A$640&'ER C7 FLT3'!$B$4:$B$640-4,1),7)),\nIF($Z13=\"Class_6\",INDEX('ER C6 FLT3'!$A$4:$J$640,MATCH($W13&$C13,'ER C6 FLT3'!$A$4:$A$640&'ER C6 FLT3'!$B$4:$B$640-4,1),5)*IF($Z13=\"Class_6\",INDEX('ER C6 FLT3'!$A$4:$L$640,MATCH($W13&$C13,'ER C6 FLT3'!$A$4:$A$640&'ER C6 FLT3'!$B$4:$B$640-4,1),7))))),IF($B13=\"2 Trucks\",IF($Z13=\"Class_8\",INDEX('ER C8 FLT2'!$A$4:$J$640,MATCH($W13&$C13,'ER C8 FLT2'!$A$4:$A$640&'ER C8 FLT2'!$B$4:$B$640-4,1),5)*IF($Z13=\"Class_8\",INDEX('ER C8 FLT2'!$A$4:$J$640,MATCH($W13&$C13,'ER C8 FLT2'!$A$4:$A$640&'ER C8 FLT2'!$B$4:$B$640-4,1),7)),IF($Z13=\"Class_7\",INDEX('ER C7 FLT2'!$A$4:$J$640,MATCH($W13&$C13,'ER C7 FLT2'!$A$4:$A$640&'ER C7 FLT2'!$B$4:$B$640-4,1),5)*IF($Z13=\"Class_7\",INDEX('ER C7 FLT2'!$A$4:$J$640,MATCH($W13&$C13,'ER C7 FLT2'!$A$4:$A$640&'ER C7 FLT2'!$B$4:$B$640-4,1),7)),IF($Z13=\"Class_6\",INDEX('ER C6 FLT2'!$A$4:$J$640,MATCH($W13&$C13,'ER C6 FLT2'!$A$4:$A$640&'ER C6 FLT2'!$B$4:$B$640-4,1),5)*IF($Z13=\"Class_6\",INDEX('ER C6 FLT2'!$A$4:$J$640,MATCH($W13&$C13,'ER C6 FLT2'!$A$4:$A$640&'ER C6 FLT2'!$B$4:$B$640-4,1),7))))),IF($B13=\"1 Truck\",\nIF($Z13=\"Class_8\",INDEX('ER C8 FLT1'!$A$4:$J$640,MATCH($W13&$C13,'ER C8 FLT1'!$A$4:$A$640&'ER C8 FLT1'!$B$4:$B$640-4,1),5)*IF($Z13=\"Class_8\",INDEX('ER C8 FLT1'!$A$4:$J$640,MATCH($W13&$C13,'ER C8 FLT1'!$A$4:$A$640&'ER C8 FLT1'!$B$4:$B$640-4,1),7)),IF($Z13=\"Class_7\",INDEX('ER C7 FLT1'!$A$4:$J$640,MATCH($W13&$C13,'ER C7 FLT1'!$A$4:$A$640&'ER C7 FLT1'!$B$4:$B$640-4,1),5)*IF($Z13=\"Class_7\",INDEX('ER C7 FLT1'!$A$4:$J$640,MATCH($W13&$C13,'ER C7 FLT1'!$A$4:$A$640&'ER C7 FLT1'!$B$4:$B$640-4,1),7)),\nIF($Z13=\"Class_6\",INDEX('ER C6 FLT1'!$A$4:$J$640,MATCH($W13&$C13,'ER C6 FLT1'!$A$4:$A$640&'ER C6 FLT1'!$B$4:$B$640-4,1),5)*IF($Z13=\"Class_6\",INDEX('ER C6 FLT1'!$A$4:$J$640,MATCH($W13&$C13,'ER C6 FLT1'!$A$4:$A$640&'ER C6 FLT1'!$B$4:$B$640-4,1),7))))))))*IF($X13=\"Level 3 PM + Mark I NOx\",0.75,1)*($AC13/453.6)-IF(DH13=0,CM13,0)","v":0},{"$f":"MAX(0,DH13+DI13)","v":0},{"$f":"MAX(0,CX13+DA13+DD13+DG13+DJ13)","v":0},{"$f":"IF($B13=\"3+ Trucks\",IF(OR($H13=\"Class_8\",$N13=\"Replacement8HHD\",$AH13=\"CL7HHD\",$AJ13=\"CL7to8\"),INDEX('ER C8 FLT3'!$A$4:$J$640,MATCH($E13&$C13,'ER C8 FLT3'!$A$4:$A$640&'ER C8 FLT3'!$B$4:$B$640,1),10),IF($H13=\"Class_7\",INDEX('ER C7 FLT3'!$A$4:$J$640,MATCH($E13&$C13,'ER C7 FLT3'!$A$4:$A$640&'ER C7 FLT3'!$B$4:$B$640,1),10),IF($H13=\"Class_6\",INDEX('ER C6 FLT3'!$A$4:$J$640,MATCH($E13&$C13,'ER C6 FLT3'!$A$4:$A$640&'ER C6 FLT3'!$B$4:$B$640,1),10)))),IF($B13=\"2 Trucks\",IF(OR($H13=\"Class_8\",$N13=\"Replacement8HHD\",$AH13=\"CL7HHD\",$AJ13=\"CL7to8\"),INDEX('ER C8 FLT2'!$A$4:$J$640,MATCH($E13&$C13,'ER C8 FLT2'!$A$4:$A$640&'ER C8 FLT2'!$B$4:$B$640,1),10),IF($H13=\"Class_7\",INDEX('ER C7 FLT2'!$A$4:$J$640,MATCH($E13&$C13,'ER C7 FLT2'!$A$4:$A$640&'ER C7 FLT2'!$B$4:$B$640,1),10),IF($H13=\"Class_6\",INDEX('ER C6 FLT2'!$A$4:$J$640,MATCH($E13&$C13,'ER C6 FLT2'!$A$4:$A$640&'ER C6 FLT2'!$B$4:$B$640,1),10)))),IF($B13=\"1 Truck\",\nIF(OR($H13=\"Class_8\",$N13=\"Replacement8HHD\",$AH13=\"CL7HHD\",$AJ13=\"CL7to8\"),INDEX('ER C8 FLT1'!$A$4:$J$640,MATCH($E13&$C13,'ER C8 FLT1'!$A$4:$A$640&'ER C8 FLT1'!$B$4:$B$640,1),10),IF($H13=\"Class_7\",INDEX('ER C7 FLT1'!$A$4:$J$640,MATCH($E13&$C13,'ER C7 FLT1'!$A$4:$A$640&'ER C7 FLT1'!$B$4:$B$640,1),10),\nIF($H13=\"Class_6\",INDEX('ER C6 FLT1'!$A$4:$J$640,MATCH($E13&$C13,'ER C6 FLT1'!$A$4:$A$640&'ER C6 FLT1'!$B$4:$B$640,1),10)))))))*($Q13/453.6)","v":0},{"$f":"IF($B13=\"3+ Trucks\",IF(OR($H13=\"Class_8\",$N13=\"Replacement8HHD\",$AH13=\"CL7HHD\",$AJ13=\"CL7to8\"),INDEX('ER C8 FLT3'!$A$4:$J$640,MATCH($E13&$C13,'ER C8 FLT3'!$A$4:$A$640&'ER C8 FLT3'!$B$4:$B$640-1,1),10),IF($H13=\"Class_7\",INDEX('ER C7 FLT3'!$A$4:$J$640,MATCH($E13&$C13,'ER C7 FLT3'!$A$4:$A$640&'ER C7 FLT3'!$B$4:$B$640-1,1),10),IF($H13=\"Class_6\",INDEX('ER C6 FLT3'!$A$4:$J$640,MATCH($E13&$C13,'ER C6 FLT3'!$A$4:$A$640&'ER C6 FLT3'!$B$4:$B$640-1,1),10)))),IF($B13=\"2 Trucks\",IF(OR($H13=\"Class_8\",$N13=\"Replacement8HHD\",$AH13=\"CL7HHD\",$AJ13=\"CL7to8\"),INDEX('ER C8 FLT2'!$A$4:$J$640,MATCH($E13&$C13,'ER C8 FLT2'!$A$4:$A$640&'ER C8 FLT2'!$B$4:$B$640-1,1),10),IF($H13=\"Class_7\",INDEX('ER C7 FLT2'!$A$4:$J$640,MATCH($E13&$C13,'ER C7 FLT2'!$A$4:$A$640&'ER C7 FLT2'!$B$4:$B$640-1,1),10),IF($H13=\"Class_6\",INDEX('ER C6 FLT2'!$A$4:$J$640,MATCH($E13&$C13,'ER C6 FLT2'!$A$4:$A$640&'ER C6 FLT2'!$B$4:$B$640-1,1),10)))),IF($B13=\"1 Truck\",\nIF(OR($H13=\"Class_8\",$N13=\"Replacement8HHD\",$AH13=\"CL7HHD\",$AJ13=\"CL7to8\"),INDEX('ER C8 FLT1'!$A$4:$J$640,MATCH($E13&$C13,'ER C8 FLT1'!$A$4:$A$640&'ER C8 FLT1'!$B$4:$B$640-1,1),10),IF($H13=\"Class_7\",INDEX('ER C7 FLT1'!$A$4:$J$640,MATCH($E13&$C13,'ER C7 FLT1'!$A$4:$A$640&'ER C7 FLT1'!$B$4:$B$640-1,1),10),\nIF($H13=\"Class_6\",INDEX('ER C6 FLT1'!$A$4:$J$640,MATCH($E13&$C13,'ER C6 FLT1'!$A$4:$A$640&'ER C6 FLT1'!$B$4:$B$640-1,1),10)))))))*($Q13/453.6)","v":0},{"$f":"IF($B13=\"3+ Trucks\",IF(OR($H13=\"Class_8\",$N13=\"Replacement8HHD\",$AH13=\"CL7HHD\",$AJ13=\"CL7to8\"),INDEX('ER C8 FLT3'!$A$4:$J$640,MATCH($E13&$C13,'ER C8 FLT3'!$A$4:$A$640&'ER C8 FLT3'!$B$4:$B$640-2,1),10),IF($H13=\"Class_7\",INDEX('ER C7 FLT3'!$A$4:$J$640,MATCH($E13&$C13,'ER C7 FLT3'!$A$4:$A$640&'ER C7 FLT3'!$B$4:$B$640-2,1),10),IF($H13=\"Class_6\",INDEX('ER C6 FLT3'!$A$4:$J$640,MATCH($E13&$C13,'ER C6 FLT3'!$A$4:$A$640&'ER C6 FLT3'!$B$4:$B$640-2,1),10)))),IF($B13=\"2 Trucks\",IF(OR($H13=\"Class_8\",$N13=\"Replacement8HHD\",$AH13=\"CL7HHD\",$AJ13=\"CL7to8\"),INDEX('ER C8 FLT2'!$A$4:$J$640,MATCH($E13&$C13,'ER C8 FLT2'!$A$4:$A$640&'ER C8 FLT2'!$B$4:$B$640-2,1),10),IF($H13=\"Class_7\",INDEX('ER C7 FLT2'!$A$4:$J$640,MATCH($E13&$C13,'ER C7 FLT2'!$A$4:$A$640&'ER C7 FLT2'!$B$4:$B$640-2,1),10),IF($H13=\"Class_6\",INDEX('ER C6 FLT2'!$A$4:$J$640,MATCH($E13&$C13,'ER C6 FLT2'!$A$4:$A$640&'ER C6 FLT2'!$B$4:$B$640-2,1),10)))),IF($B13=\"1 Truck\",\nIF(OR($H13=\"Class_8\",$N13=\"Replacement8HHD\",$AH13=\"CL7HHD\",$AJ13=\"CL7to8\"),INDEX('ER C8 FLT1'!$A$4:$J$640,MATCH($E13&$C13,'ER C8 FLT1'!$A$4:$A$640&'ER C8 FLT1'!$B$4:$B$640-2,1),10),IF($H13=\"Class_7\",INDEX('ER C7 FLT1'!$A$4:$J$640,MATCH($E13&$C13,'ER C7 FLT1'!$A$4:$A$640&'ER C7 FLT1'!$B$4:$B$640-2,1),10),\nIF($H13=\"Class_6\",INDEX('ER C6 FLT1'!$A$4:$J$640,MATCH($E13&$C13,'ER C6 FLT1'!$A$4:$A$640&'ER C6 FLT1'!$B$4:$B$640-2,1),10)))))))*($Q13/453.6)","v":0},{"$f":"IF($B13=\"3+ Trucks\",IF(OR($H13=\"Class_8\",$N13=\"Replacement8HHD\",$AH13=\"CL7HHD\",$AJ13=\"CL7to8\"),INDEX('ER C8 FLT3'!$A$4:$J$640,MATCH($E13&$C13,'ER C8 FLT3'!$A$4:$A$640&'ER C8 FLT3'!$B$4:$B$640-3,1),10),IF($H13=\"Class_7\",INDEX('ER C7 FLT3'!$A$4:$J$640,MATCH($E13&$C13,'ER C7 FLT3'!$A$4:$A$640&'ER C7 FLT3'!$B$4:$B$640-3,1),10),IF($H13=\"Class_6\",INDEX('ER C6 FLT3'!$A$4:$J$640,MATCH($E13&$C13,'ER C6 FLT3'!$A$4:$A$640&'ER C6 FLT3'!$B$4:$B$640-3,1),10)))),IF($B13=\"2 Trucks\",IF(OR($H13=\"Class_8\",$N13=\"Replacement8HHD\",$AH13=\"CL7HHD\",$AJ13=\"CL7to8\"),INDEX('ER C8 FLT2'!$A$4:$J$640,MATCH($E13&$C13,'ER C8 FLT2'!$A$4:$A$640&'ER C8 FLT2'!$B$4:$B$640-3,1),10),IF($H13=\"Class_7\",INDEX('ER C7 FLT2'!$A$4:$J$640,MATCH($E13&$C13,'ER C7 FLT2'!$A$4:$A$640&'ER C7 FLT2'!$B$4:$B$640-3,1),10),IF($H13=\"Class_6\",INDEX('ER C6 FLT2'!$A$4:$J$640,MATCH($E13&$C13,'ER C6 FLT2'!$A$4:$A$640&'ER C6 FLT2'!$B$4:$B$640-3,1),10)))),IF($B13=\"1 Truck\",\nIF(OR($H13=\"Class_8\",$N13=\"Replacement8HHD\",$AH13=\"CL7HHD\",$AJ13=\"CL7to8\"),INDEX('ER C8 FLT1'!$A$4:$J$640,MATCH($E13&$C13,'ER C8 FLT1'!$A$4:$A$640&'ER C8 FLT1'!$B$4:$B$640-3,1),10),IF($H13=\"Class_7\",INDEX('ER C7 FLT1'!$A$4:$J$640,MATCH($E13&$C13,'ER C7 FLT1'!$A$4:$A$640&'ER C7 FLT1'!$B$4:$B$640-3,1),10),\nIF($H13=\"Class_6\",INDEX('ER C6 FLT1'!$A$4:$J$640,MATCH($E13&$C13,'ER C6 FLT1'!$A$4:$A$640&'ER C6 FLT1'!$B$4:$B$640-3,1),10)))))))*($Q13/453.6)","v":0},{"$f":"IF($B13=\"3+ Trucks\",IF(OR($H13=\"Class_8\",$N13=\"Replacement8HHD\",$AH13=\"CL7HHD\",$AJ13=\"CL7to8\"),INDEX('ER C8 FLT3'!$A$4:$J$640,MATCH($E13&$C13,'ER C8 FLT3'!$A$4:$A$640&'ER C8 FLT3'!$B$4:$B$640-4,1),10),IF($H13=\"Class_7\",INDEX('ER C7 FLT3'!$A$4:$J$640,MATCH($E13&$C13,'ER C7 FLT3'!$A$4:$A$640&'ER C7 FLT3'!$B$4:$B$640-4,1),10),IF($H13=\"Class_6\",INDEX('ER C6 FLT3'!$A$4:$J$640,MATCH($E13&$C13,'ER C6 FLT3'!$A$4:$A$640&'ER C6 FLT3'!$B$4:$B$640-4,1),10)))),IF($B13=\"2 Trucks\",IF(OR($H13=\"Class_8\",$N13=\"Replacement8HHD\",$AH13=\"CL7HHD\",$AJ13=\"CL7to8\"),INDEX('ER C8 FLT2'!$A$4:$J$640,MATCH($E13&$C13,'ER C8 FLT2'!$A$4:$A$640&'ER C8 FLT2'!$B$4:$B$640-4,1),10),IF($H13=\"Class_7\",INDEX('ER C7 FLT2'!$A$4:$J$640,MATCH($E13&$C13,'ER C7 FLT2'!$A$4:$A$640&'ER C7 FLT2'!$B$4:$B$640-4,1),10),IF($H13=\"Class_6\",INDEX('ER C6 FLT2'!$A$4:$J$640,MATCH($E13&$C13,'ER C6 FLT2'!$A$4:$A$640&'ER C6 FLT2'!$B$4:$B$640-4,1),10)))),IF($B13=\"1 Truck\",\nIF(OR($H13=\"Class_8\",$N13=\"Replacement8HHD\",$AH13=\"CL7HHD\",$AJ13=\"CL7to8\"),INDEX('ER C8 FLT1'!$A$4:$J$640,MATCH($E13&$C13,'ER C8 FLT1'!$A$4:$A$640&'ER C8 FLT1'!$B$4:$B$640-4,1),10),IF($H13=\"Class_7\",INDEX('ER C7 FLT1'!$A$4:$J$640,MATCH($E13&$C13,'ER C7 FLT1'!$A$4:$A$640&'ER C7 FLT1'!$B$4:$B$640-4,1),10),\nIF($H13=\"Class_6\",INDEX('ER C6 FLT1'!$A$4:$J$640,MATCH($E13&$C13,'ER C6 FLT1'!$A$4:$A$640&'ER C6 FLT1'!$B$4:$B$640-4,1),10)))))))*($Q13/453.6)","v":0},{"$f":"IF($B13=\"3+ Trucks\",IF(OR($H13=\"Class_8\",$N13=\"Replacement8HHD\",$AH13=\"CL7HHD\",$AJ13=\"CL7to8\"),INDEX('ER C8 FLT3'!$A$4:$J$640,MATCH($E13&$C13,'ER C8 FLT3'!$A$4:$A$640&'ER C8 FLT3'!$B$4:$B$640,1),10),IF($H13=\"Class_7\",INDEX('ER C7 FLT3'!$A$4:$J$640,MATCH($E13&$C13,'ER C7 FLT3'!$A$4:$A$640&'ER C7 FLT3'!$B$4:$B$640,1),10),IF($H13=\"Class_6\",INDEX('ER C6 FLT3'!$A$4:$J$640,MATCH($E13&$C13,'ER C6 FLT3'!$A$4:$A$640&'ER C6 FLT3'!$B$4:$B$640,1),10)))),IF($B13=\"2 Trucks\",IF(OR($H13=\"Class_8\",$N13=\"Replacement8HHD\",$AH13=\"CL7HHD\",$AJ13=\"CL7to8\"),INDEX('ER C8 FLT2'!$A$4:$J$640,MATCH($E13&$C13,'ER C8 FLT2'!$A$4:$A$640&'ER C8 FLT2'!$B$4:$B$640,1),10),IF($H13=\"Class_7\",INDEX('ER C7 FLT2'!$A$4:$J$640,MATCH($E13&$C13,'ER C7 FLT2'!$A$4:$A$640&'ER C7 FLT2'!$B$4:$B$640,1),10),IF($H13=\"Class_6\",INDEX('ER C6 FLT2'!$A$4:$J$640,MATCH($E13&$C13,'ER C6 FLT2'!$A$4:$A$640&'ER C6 FLT2'!$B$4:$B$640,1),10)))),IF($B13=\"1 Truck\",\nIF(OR($H13=\"Class_8\",$N13=\"Replacement8HHD\",$AH13=\"CL7HHD\",$AJ13=\"CL7to8\"),INDEX('ER C8 FLT1'!$A$4:$J$640,MATCH($E13&$C13,'ER C8 FLT1'!$A$4:$A$640&'ER C8 FLT1'!$B$4:$B$640,1),10),IF($H13=\"Class_7\",INDEX('ER C7 FLT1'!$A$4:$J$640,MATCH($E13&$C13,'ER C7 FLT1'!$A$4:$A$640&'ER C7 FLT1'!$B$4:$B$640,1),10),IF($H13=\"Class_6\",INDEX('ER C6 FLT1'!$A$4:$J$640,MATCH($E13&$C13,'ER C6 FLT1'!$A$4:$A$640&'ER C6 FLT1'!$B$4:$B$640,1),10)))))))","v":false},{"$f":"IF($B13=\"3+ Trucks\",IF(OR($H13=\"Class_8\",$N13=\"Replacement8HHD\",$AH13=\"CL7HHD\",$AJ13=\"CL7to8\"),INDEX('ER C8 FLT3'!$A$4:$J$640,MATCH($E13&$C13,'ER C8 FLT3'!$A$4:$A$640&'ER C8 FLT3'!$B$4:$B$640-1,1),10),IF($H13=\"Class_7\",INDEX('ER C7 FLT3'!$A$4:$J$640,MATCH($E13&$C13,'ER C7 FLT3'!$A$4:$A$640&'ER C7 FLT3'!$B$4:$B$640-1,1),10),IF($H13=\"Class_6\",INDEX('ER C6 FLT3'!$A$4:$J$640,MATCH($E13&$C13,'ER C6 FLT3'!$A$4:$A$640&'ER C6 FLT3'!$B$4:$B$640-1,1),10)))),IF($B13=\"2 Trucks\",IF(OR($H13=\"Class_8\",$N13=\"Replacement8HHD\",$AH13=\"CL7HHD\",$AJ13=\"CL7to8\"),INDEX('ER C8 FLT2'!$A$4:$J$640,MATCH($E13&$C13,'ER C8 FLT2'!$A$4:$A$640&'ER C8 FLT2'!$B$4:$B$640-1,1),10),IF($H13=\"Class_7\",INDEX('ER C7 FLT2'!$A$4:$J$640,MATCH($E13&$C13,'ER C7 FLT2'!$A$4:$A$640&'ER C7 FLT2'!$B$4:$B$640-1,1),10),IF($H13=\"Class_6\",INDEX('ER C6 FLT2'!$A$4:$J$640,MATCH($E13&$C13,'ER C6 FLT2'!$A$4:$A$640&'ER C6 FLT2'!$B$4:$B$640-1,1),10)))),IF($B13=\"1 Truck\",\nIF(OR($H13=\"Class_8\",$N13=\"Replacement8HHD\",$AH13=\"CL7HHD\",$AJ13=\"CL7to8\"),INDEX('ER C8 FLT1'!$A$4:$J$640,MATCH($E13&$C13,'ER C8 FLT1'!$A$4:$A$640&'ER C8 FLT1'!$B$4:$B$640-1,1),10),IF($H13=\"Class_7\",INDEX('ER C7 FLT1'!$A$4:$J$640,MATCH($E13&$C13,'ER C7 FLT1'!$A$4:$A$640&'ER C7 FLT1'!$B$4:$B$640-1,1),10),IF($H13=\"Class_6\",INDEX('ER C6 FLT1'!$A$4:$J$640,MATCH($E13&$C13,'ER C6 FLT1'!$A$4:$A$640&'ER C6 FLT1'!$B$4:$B$640-1,1),10)))))))","v":false},{"$f":"IF($B13=\"3+ Trucks\",IF(OR($H13=\"Class_8\",$N13=\"Replacement8HHD\",$AH13=\"CL7HHD\",$AJ13=\"CL7to8\"),INDEX('ER C8 FLT3'!$A$4:$J$640,MATCH($E13&$C13,'ER C8 FLT3'!$A$4:$A$640&'ER C8 FLT3'!$B$4:$B$640-2,1),10),IF($H13=\"Class_7\",INDEX('ER C7 FLT3'!$A$4:$J$640,MATCH($E13&$C13,'ER C7 FLT3'!$A$4:$A$640&'ER C7 FLT3'!$B$4:$B$640-2,1),10),IF($H13=\"Class_6\",INDEX('ER C6 FLT3'!$A$4:$J$640,MATCH($E13&$C13,'ER C6 FLT3'!$A$4:$A$640&'ER C6 FLT3'!$B$4:$B$640-2,1),10)))),IF($B13=\"2 Trucks\",IF(OR($H13=\"Class_8\",$N13=\"Replacement8HHD\",$AH13=\"CL7HHD\",$AJ13=\"CL7to8\"),INDEX('ER C8 FLT2'!$A$4:$J$640,MATCH($E13&$C13,'ER C8 FLT2'!$A$4:$A$640&'ER C8 FLT2'!$B$4:$B$640-2,1),10),IF($H13=\"Class_7\",INDEX('ER C7 FLT2'!$A$4:$J$640,MATCH($E13&$C13,'ER C7 FLT2'!$A$4:$A$640&'ER C7 FLT2'!$B$4:$B$640-2,1),10),IF($H13=\"Class_6\",INDEX('ER C6 FLT2'!$A$4:$J$640,MATCH($E13&$C13,'ER C6 FLT2'!$A$4:$A$640&'ER C6 FLT2'!$B$4:$B$640-2,1),10)))),IF($B13=\"1 Truck\",\nIF(OR($H13=\"Class_8\",$N13=\"Replacement8HHD\",$AH13=\"CL7HHD\",$AJ13=\"CL7to8\"),INDEX('ER C8 FLT1'!$A$4:$J$640,MATCH($E13&$C13,'ER C8 FLT1'!$A$4:$A$640&'ER C8 FLT1'!$B$4:$B$640-2,1),10),IF($H13=\"Class_7\",INDEX('ER C7 FLT1'!$A$4:$J$640,MATCH($E13&$C13,'ER C7 FLT1'!$A$4:$A$640&'ER C7 FLT1'!$B$4:$B$640-2,1),10),IF($H13=\"Class_6\",INDEX('ER C6 FLT1'!$A$4:$J$640,MATCH($E13&$C13,'ER C6 FLT1'!$A$4:$A$640&'ER C6 FLT1'!$B$4:$B$640-2,1),10)))))))","v":false},{"$f":"IF($B13=\"3+ Trucks\",IF(OR($H13=\"Class_8\",$N13=\"Replacement8HHD\",$AH13=\"CL7HHD\",$AJ13=\"CL7to8\"),INDEX('ER C8 FLT3'!$A$4:$J$640,MATCH($E13&$C13,'ER C8 FLT3'!$A$4:$A$640&'ER C8 FLT3'!$B$4:$B$640-3,1),10),IF($H13=\"Class_7\",INDEX('ER C7 FLT3'!$A$4:$J$640,MATCH($E13&$C13,'ER C7 FLT3'!$A$4:$A$640&'ER C7 FLT3'!$B$4:$B$640-3,1),10),IF($H13=\"Class_6\",INDEX('ER C6 FLT3'!$A$4:$J$640,MATCH($E13&$C13,'ER C6 FLT3'!$A$4:$A$640&'ER C6 FLT3'!$B$4:$B$640-3,1),10)))),IF($B13=\"2 Trucks\",IF(OR($H13=\"Class_8\",$N13=\"Replacement8HHD\",$AH13=\"CL7HHD\",$AJ13=\"CL7to8\"),INDEX('ER C8 FLT2'!$A$4:$J$640,MATCH($E13&$C13,'ER C8 FLT2'!$A$4:$A$640&'ER C8 FLT2'!$B$4:$B$640-3,1),10),IF($H13=\"Class_7\",INDEX('ER C7 FLT2'!$A$4:$J$640,MATCH($E13&$C13,'ER C7 FLT2'!$A$4:$A$640&'ER C7 FLT2'!$B$4:$B$640-3,1),10),IF($H13=\"Class_6\",INDEX('ER C6 FLT2'!$A$4:$J$640,MATCH($E13&$C13,'ER C6 FLT2'!$A$4:$A$640&'ER C6 FLT2'!$B$4:$B$640-3,1),10)))),IF($B13=\"1 Truck\",\nIF(OR($H13=\"Class_8\",$N13=\"Replacement8HHD\",$AH13=\"CL7HHD\",$AJ13=\"CL7to8\"),INDEX('ER C8 FLT1'!$A$4:$J$640,MATCH($E13&$C13,'ER C8 FLT1'!$A$4:$A$640&'ER C8 FLT1'!$B$4:$B$640-3,1),10),IF($H13=\"Class_7\",INDEX('ER C7 FLT1'!$A$4:$J$640,MATCH($E13&$C13,'ER C7 FLT1'!$A$4:$A$640&'ER C7 FLT1'!$B$4:$B$640-3,1),10),IF($H13=\"Class_6\",INDEX('ER C6 FLT1'!$A$4:$J$640,MATCH($E13&$C13,'ER C6 FLT1'!$A$4:$A$640&'ER C6 FLT1'!$B$4:$B$640-3,1),10)))))))","v":false},{"$f":"IF($B13=\"3+ Trucks\",IF(OR($H13=\"Class_8\",$N13=\"Replacement8HHD\",$AH13=\"CL7HHD\",$AJ13=\"CL7to8\"),INDEX('ER C8 FLT3'!$A$4:$J$640,MATCH($E13&$C13,'ER C8 FLT3'!$A$4:$A$640&'ER C8 FLT3'!$B$4:$B$640-4,1),10),IF($H13=\"Class_7\",INDEX('ER C7 FLT3'!$A$4:$J$640,MATCH($E13&$C13,'ER C7 FLT3'!$A$4:$A$640&'ER C7 FLT3'!$B$4:$B$640-4,1),10),IF($H13=\"Class_6\",INDEX('ER C6 FLT3'!$A$4:$J$640,MATCH($E13&$C13,'ER C6 FLT3'!$A$4:$A$640&'ER C6 FLT3'!$B$4:$B$640-4,1),10)))),IF($B13=\"2 Trucks\",IF(OR($H13=\"Class_8\",$N13=\"Replacement8HHD\",$AH13=\"CL7HHD\",$AJ13=\"CL7to8\"),INDEX('ER C8 FLT2'!$A$4:$J$640,MATCH($E13&$C13,'ER C8 FLT2'!$A$4:$A$640&'ER C8 FLT2'!$B$4:$B$640-4,1),10),IF($H13=\"Class_7\",INDEX('ER C7 FLT2'!$A$4:$J$640,MATCH($E13&$C13,'ER C7 FLT2'!$A$4:$A$640&'ER C7 FLT2'!$B$4:$B$640-4,1),10),IF($H13=\"Class_6\",INDEX('ER C6 FLT2'!$A$4:$J$640,MATCH($E13&$C13,'ER C6 FLT2'!$A$4:$A$640&'ER C6 FLT2'!$B$4:$B$640-4,1),10)))),IF($B13=\"1 Truck\",\nIF(OR($H13=\"Class_8\",$N13=\"Replacement8HHD\",$AH13=\"CL7HHD\",$AJ13=\"CL7to8\"),INDEX('ER C8 FLT1'!$A$4:$J$640,MATCH($E13&$C13,'ER C8 FLT1'!$A$4:$A$640&'ER C8 FLT1'!$B$4:$B$640-4,1),10),IF($H13=\"Class_7\",INDEX('ER C7 FLT1'!$A$4:$J$640,MATCH($E13&$C13,'ER C7 FLT1'!$A$4:$A$640&'ER C7 FLT1'!$B$4:$B$640-4,1),10),IF($H13=\"Class_6\",INDEX('ER C6 FLT1'!$A$4:$J$640,MATCH($E13&$C13,'ER C6 FLT1'!$A$4:$A$640&'ER C6 FLT1'!$B$4:$B$640-4,1),10)))))))","v":false},{"$f":"IF(OR($R13=\"Diesel\",$R13=\"LNG/CNG\",$R13=\"Hybrid\",$R13=\"Electric w/ AB-118\"),IF($B13=\"3+ Trucks\",IF(OR($O13=\"Class_8\",$N13=\"Replacement8HHD\",$AI13=\"CL7HHD\"),INDEX('ER C8 FLT3'!$A$4:$J$640,MATCH(DropData!$J53&$C13,'ER C8 FLT3'!$A$4:$A$640&'ER C8 FLT3'!$B$4:$B$640,1),10),IF($O13=\"Class_7\",INDEX('ER C7 FLT3'!$A$4:$J$640,MATCH(DropData!$J53&$C13,'ER C7 FLT3'!$A$4:$A$640&'ER C7 FLT3'!$B$4:$B$640,1),10),IF($O13=\"Class_6\",INDEX('ER C6 FLT3'!$A$4:$J$640,MATCH(DropData!$J53&$C13,'ER C6 FLT3'!$A$4:$A$640&'ER C6 FLT3'!$B$4:$B$640,1),10)))),IF($B13=\"2 Trucks\",IF(OR($O13=\"Class_8\",$N13=\"Replacement8HHD\",$AI13=\"CL7HHD\"),INDEX('ER C8 FLT2'!$A$4:$J$640,MATCH(DropData!$J53&$C13,'ER C8 FLT2'!$A$4:$A$640&'ER C8 FLT2'!$B$4:$B$640,1),10),IF($O13=\"Class_7\",INDEX('ER C7 FLT2'!$A$4:$J$640,MATCH(DropData!$J53&$C13,'ER C7 FLT2'!$A$4:$A$640&'ER C7 FLT2'!$B$4:$B$640,1),10),IF($O13=\"Class_6\",INDEX('ER C6 FLT2'!$A$4:$J$640,MATCH(DropData!$J53&$C13,'ER C6 FLT2'!$A$4:$A$640&'ER C6 FLT2'!$B$4:$B$640,1),10)))),IF($B13=\"1 Truck\",IF(OR($O13=\"Class_8\",$N13=\"Replacement8HHD\",$AI13=\"CL7HHD\"),INDEX('ER C8 FLT1'!$A$4:$J$640,MATCH(DropData!$J53&$C13,'ER C8 FLT1'!$A$4:$A$640&'ER C8 FLT1'!$B$4:$B$640,1),10),IF($O13=\"Class_7\",INDEX('ER C7 FLT1'!$A$4:$J$640,MATCH(DropData!$J53&$C13,'ER C7 FLT1'!$A$4:$A$640&'ER C7 FLT1'!$B$4:$B$640,1),10),IF($O13=\"Class_6\",INDEX('ER C6 FLT1'!$A$4:$J$640,MATCH(DropData!$J53&$C13,'ER C6 FLT1'!$A$4:$A$640&'ER C6 FLT1'!$B$4:$B$640,1),10))))))),IF($R13=\"Electric\",INDEX('ER Electric'!$A$6:$E$44,MATCH($C13&$O13,'ER Electric'!$A$6:$A$44&'ER Electric'!$B$6:$B$44,1),5)))*(($Q13+$AC13)/453.6)","v":0},{"$f":"IF(OR($R13=\"Diesel\",$R13=\"LNG/CNG\",$R13=\"Hybrid\",$R13=\"Electric w/ AB-118\"),IF($B13=\"3+ Trucks\",IF(OR($O13=\"Class_8\",$N13=\"Replacement8HHD\",$AI13=\"CL7HHD\"),INDEX('ER C8 FLT3'!$A$4:$J$640,MATCH(DropData!$J53&$C13,'ER C8 FLT3'!$A$4:$A$640&'ER C8 FLT3'!$B$4:$B$640-1,1),10),IF($O13=\"Class_7\",INDEX('ER C7 FLT3'!$A$4:$J$640,MATCH(DropData!$J53&$C13,'ER C7 FLT3'!$A$4:$A$640&'ER C7 FLT3'!$B$4:$B$640-1,1),10),IF($O13=\"Class_6\",INDEX('ER C6 FLT3'!$A$4:$J$640,MATCH(DropData!$J53&$C13,'ER C6 FLT3'!$A$4:$A$640&'ER C6 FLT3'!$B$4:$B$640-1,1),10)))),IF($B13=\"2 Trucks\",IF(OR($O13=\"Class_8\",$N13=\"Replacement8HHD\",$AI13=\"CL7HHD\"),INDEX('ER C8 FLT2'!$A$4:$J$640,MATCH(DropData!$J53&$C13,'ER C8 FLT2'!$A$4:$A$640&'ER C8 FLT2'!$B$4:$B$640-1,1),10),IF($O13=\"Class_7\",INDEX('ER C7 FLT2'!$A$4:$J$640,MATCH(DropData!$J53&$C13,'ER C7 FLT2'!$A$4:$A$640&'ER C7 FLT2'!$B$4:$B$640-1,1),10),IF($O13=\"Class_6\",INDEX('ER C6 FLT2'!$A$4:$J$640,MATCH(DropData!$J53&$C13,'ER C6 FLT2'!$A$4:$A$640&'ER C6 FLT2'!$B$4:$B$640-1,1),10)))),IF($B13=\"1 Truck\",IF(OR($O13=\"Class_8\",$N13=\"Replacement8HHD\",$AI13=\"CL7HHD\"),INDEX('ER C8 FLT1'!$A$4:$J$640,MATCH(DropData!$J53&$C13,'ER C8 FLT1'!$A$4:$A$640&'ER C8 FLT1'!$B$4:$B$640-1,1),10),IF($O13=\"Class_7\",INDEX('ER C7 FLT1'!$A$4:$J$640,MATCH(DropData!$J53&$C13,'ER C7 FLT1'!$A$4:$A$640&'ER C7 FLT1'!$B$4:$B$640-1,1),10),IF($O13=\"Class_6\",INDEX('ER C6 FLT1'!$A$4:$J$640,MATCH(DropData!$J53&$C13,'ER C6 FLT1'!$A$4:$A$640&'ER C6 FLT1'!$B$4:$B$640-1,1),10))))))),IF($R13=\"Electric\",OFFSET(INDEX('ER Electric'!$A$6:$E$44,MATCH($C13&$O13,'ER Electric'!$A$6:$A$44&'ER Electric'!$B$6:$B$44,1),5),3,0)))*(($Q13+$AC13)/453.6)","v":0},{"$f":"IF(OR($R13=\"Diesel\",$R13=\"LNG/CNG\",$R13=\"Hybrid\",$R13=\"Electric w/ AB-118\"),IF($B13=\"3+ Trucks\",IF(OR($O13=\"Class_8\",$N13=\"Replacement8HHD\",$AI13=\"CL7HHD\"),INDEX('ER C8 FLT3'!$A$4:$J$640,MATCH(DropData!$J53&$C13,'ER C8 FLT3'!$A$4:$A$640&'ER C8 FLT3'!$B$4:$B$640-2,1),10),IF($O13=\"Class_7\",INDEX('ER C7 FLT3'!$A$4:$J$640,MATCH(DropData!$J53&$C13,'ER C7 FLT3'!$A$4:$A$640&'ER C7 FLT3'!$B$4:$B$640-2,1),10),IF($O13=\"Class_6\",INDEX('ER C6 FLT3'!$A$4:$J$640,MATCH(DropData!$J53&$C13,'ER C6 FLT3'!$A$4:$A$640&'ER C6 FLT3'!$B$4:$B$640-2,1),10)))),IF($B13=\"2 Trucks\",IF(OR($O13=\"Class_8\",$N13=\"Replacement8HHD\",$AI13=\"CL7HHD\"),INDEX('ER C8 FLT2'!$A$4:$J$640,MATCH(DropData!$J53&$C13,'ER C8 FLT2'!$A$4:$A$640&'ER C8 FLT2'!$B$4:$B$640-2,1),10),IF($O13=\"Class_7\",INDEX('ER C7 FLT2'!$A$4:$J$640,MATCH(DropData!$J53&$C13,'ER C7 FLT2'!$A$4:$A$640&'ER C7 FLT2'!$B$4:$B$640-2,1),10),IF($O13=\"Class_6\",INDEX('ER C6 FLT2'!$A$4:$J$640,MATCH(DropData!$J53&$C13,'ER C6 FLT2'!$A$4:$A$640&'ER C6 FLT2'!$B$4:$B$640-2,1),10)))),IF($B13=\"1 Truck\",IF(OR($O13=\"Class_8\",$N13=\"Replacement8HHD\",$AI13=\"CL7HHD\"),INDEX('ER C8 FLT1'!$A$4:$J$640,MATCH(DropData!$J53&$C13,'ER C8 FLT1'!$A$4:$A$640&'ER C8 FLT1'!$B$4:$B$640-2,1),10),IF($O13=\"Class_7\",INDEX('ER C7 FLT1'!$A$4:$J$640,MATCH(DropData!$J53&$C13,'ER C7 FLT1'!$A$4:$A$640&'ER C7 FLT1'!$B$4:$B$640-2,1),10),IF($O13=\"Class_6\",INDEX('ER C6 FLT1'!$A$4:$J$640,MATCH(DropData!$J53&$C13,'ER C6 FLT1'!$A$4:$A$640&'ER C6 FLT1'!$B$4:$B$640-2,1),10))))))),IF($R13=\"Electric\",OFFSET(INDEX('ER Electric'!$A$6:$E$44,MATCH($C13&$O13,'ER Electric'!$A$6:$A$44&'ER Electric'!$B$6:$B$44,1),5),6,0)))*(($Q13+$AC13)/453.6)","v":0},{"$f":"IF(OR($R13=\"Diesel\",$R13=\"LNG/CNG\",$R13=\"Hybrid\",$R13=\"Electric w/ AB-118\"),IF($B13=\"3+ Trucks\",IF(OR($O13=\"Class_8\",$N13=\"Replacement8HHD\",$AI13=\"CL7HHD\"),INDEX('ER C8 FLT3'!$A$4:$J$640,MATCH(DropData!$J53&$C13,'ER C8 FLT3'!$A$4:$A$640&'ER C8 FLT3'!$B$4:$B$640-3,1),10),IF($O13=\"Class_7\",INDEX('ER C7 FLT3'!$A$4:$J$640,MATCH(DropData!$J53&$C13,'ER C7 FLT3'!$A$4:$A$640&'ER C7 FLT3'!$B$4:$B$640-3,1),10),IF($O13=\"Class_6\",INDEX('ER C6 FLT3'!$A$4:$J$640,MATCH(DropData!$J53&$C13,'ER C6 FLT3'!$A$4:$A$640&'ER C6 FLT3'!$B$4:$B$640-3,1),10)))),IF($B13=\"2 Trucks\",IF(OR($O13=\"Class_8\",$N13=\"Replacement8HHD\",$AI13=\"CL7HHD\"),INDEX('ER C8 FLT2'!$A$4:$J$640,MATCH(DropData!$J53&$C13,'ER C8 FLT2'!$A$4:$A$640&'ER C8 FLT2'!$B$4:$B$640-3,1),10),IF($O13=\"Class_7\",INDEX('ER C7 FLT2'!$A$4:$J$640,MATCH(DropData!$J53&$C13,'ER C7 FLT2'!$A$4:$A$640&'ER C7 FLT2'!$B$4:$B$640-3,1),10),IF($O13=\"Class_6\",INDEX('ER C6 FLT2'!$A$4:$J$640,MATCH(DropData!$J53&$C13,'ER C6 FLT2'!$A$4:$A$640&'ER C6 FLT2'!$B$4:$B$640-3,1),10)))),IF($B13=\"1 Truck\",IF(OR($O13=\"Class_8\",$N13=\"Replacement8HHD\",$AI13=\"CL7HHD\"),INDEX('ER C8 FLT1'!$A$4:$J$640,MATCH(DropData!$J53&$C13,'ER C8 FLT1'!$A$4:$A$640&'ER C8 FLT1'!$B$4:$B$640-3,1),10),IF($O13=\"Class_7\",INDEX('ER C7 FLT1'!$A$4:$J$640,MATCH(DropData!$J53&$C13,'ER C7 FLT1'!$A$4:$A$640&'ER C7 FLT1'!$B$4:$B$640-3,1),10),IF($O13=\"Class_6\",INDEX('ER C6 FLT1'!$A$4:$J$640,MATCH(DropData!$J53&$C13,'ER C6 FLT1'!$A$4:$A$640&'ER C6 FLT1'!$B$4:$B$640-3,1),10))))))),IF($R13=\"Electric\",OFFSET(INDEX('ER Electric'!$A$6:$E$44,MATCH($C13&$O13,'ER Electric'!$A$6:$A$44&'ER Electric'!$B$6:$B$44,1),5),9,0)))*(($Q13+$AC13)/453.6)","v":0},{"$f":"IF(OR($R13=\"Diesel\",$R13=\"LNG/CNG\",$R13=\"Hybrid\",$R13=\"Electric w/ AB-118\"),IF($B13=\"3+ Trucks\",IF(OR($O13=\"Class_8\",$N13=\"Replacement8HHD\",$AI13=\"CL7HHD\"),INDEX('ER C8 FLT3'!$A$4:$J$640,MATCH(DropData!$J53&$C13,'ER C8 FLT3'!$A$4:$A$640&'ER C8 FLT3'!$B$4:$B$640-4,1),10),IF($O13=\"Class_7\",INDEX('ER C7 FLT3'!$A$4:$J$640,MATCH(DropData!$J53&$C13,'ER C7 FLT3'!$A$4:$A$640&'ER C7 FLT3'!$B$4:$B$640-4,1),10),IF($O13=\"Class_6\",INDEX('ER C6 FLT3'!$A$4:$J$640,MATCH(DropData!$J53&$C13,'ER C6 FLT3'!$A$4:$A$640&'ER C6 FLT3'!$B$4:$B$640-4,1),10)))),IF($B13=\"2 Trucks\",IF(OR($O13=\"Class_8\",$N13=\"Replacement8HHD\",$AI13=\"CL7HHD\"),INDEX('ER C8 FLT2'!$A$4:$J$640,MATCH(DropData!$J53&$C13,'ER C8 FLT2'!$A$4:$A$640&'ER C8 FLT2'!$B$4:$B$640-4,1),10),IF($O13=\"Class_7\",INDEX('ER C7 FLT2'!$A$4:$J$640,MATCH(DropData!$J53&$C13,'ER C7 FLT2'!$A$4:$A$640&'ER C7 FLT2'!$B$4:$B$640-4,1),10),IF($O13=\"Class_6\",INDEX('ER C6 FLT2'!$A$4:$J$640,MATCH(DropData!$J53&$C13,'ER C6 FLT2'!$A$4:$A$640&'ER C6 FLT2'!$B$4:$B$640-4,1),10)))),IF($B13=\"1 Truck\",IF(OR($O13=\"Class_8\",$N13=\"Replacement8HHD\",$AI13=\"CL7HHD\"),INDEX('ER C8 FLT1'!$A$4:$J$640,MATCH(DropData!$J53&$C13,'ER C8 FLT1'!$A$4:$A$640&'ER C8 FLT1'!$B$4:$B$640-4,1),10),IF($O13=\"Class_7\",INDEX('ER C7 FLT1'!$A$4:$J$640,MATCH(DropData!$J53&$C13,'ER C7 FLT1'!$A$4:$A$640&'ER C7 FLT1'!$B$4:$B$640-4,1),10),IF($O13=\"Class_6\",INDEX('ER C6 FLT1'!$A$4:$J$640,MATCH(DropData!$J53&$C13,'ER C6 FLT1'!$A$4:$A$640&'ER C6 FLT1'!$B$4:$B$640-4,1),10))))))),IF($R13=\"Electric\",OFFSET(INDEX('ER Electric'!$A$6:$E$44,MATCH($C13&$O13,'ER Electric'!$A$6:$A$44&'ER Electric'!$B$6:$B$44,1),5),12,0)))*(($Q13+$AC13)/453.6)","v":0},{"$f":"IF(OR($R13=\"Diesel\",$R13=\"LNG/CNG\",$R13=\"Hybrid\",$R13=\"Electric w/ AB-118\"),IF($B13=\"3+ Trucks\",IF(OR($O13=\"Class_8\",$N13=\"Replacement8HHD\",$AI13=\"CL7HHD\"),INDEX('ER C8 FLT3'!$A$4:$J$640,MATCH(DropData!$J53&$C13,'ER C8 FLT3'!$A$4:$A$640&'ER C8 FLT3'!$B$4:$B$640,1),10),IF($O13=\"Class_7\",INDEX('ER C7 FLT3'!$A$4:$J$640,MATCH(DropData!$J53&$C13,'ER C7 FLT3'!$A$4:$A$640&'ER C7 FLT3'!$B$4:$B$640,1),10),IF($O13=\"Class_6\",INDEX('ER C6 FLT3'!$A$4:$J$640,MATCH(DropData!$J53&$C13,'ER C6 FLT3'!$A$4:$A$640&'ER C6 FLT3'!$B$4:$B$640,1),10)))),IF($B13=\"2 Trucks\",IF(OR($O13=\"Class_8\",$N13=\"Replacement8HHD\",$AI13=\"CL7HHD\"),INDEX('ER C8 FLT2'!$A$4:$J$640,MATCH(DropData!$J53&$C13,'ER C8 FLT2'!$A$4:$A$640&'ER C8 FLT2'!$B$4:$B$640,1),10),IF($O13=\"Class_7\",INDEX('ER C7 FLT2'!$A$4:$J$640,MATCH(DropData!$J53&$C13,'ER C7 FLT2'!$A$4:$A$640&'ER C7 FLT2'!$B$4:$B$640,1),10),IF($O13=\"Class_6\",INDEX('ER C6 FLT2'!$A$4:$J$640,MATCH(DropData!$J53&$C13,'ER C6 FLT2'!$A$4:$A$640&'ER C6 FLT2'!$B$4:$B$640,1),10)))),IF($B13=\"1 Truck\",IF(OR($O13=\"Class_8\",$N13=\"Replacement8HHD\",$AI13=\"CL7HHD\"),INDEX('ER C8 FLT1'!$A$4:$J$640,MATCH(DropData!$J53&$C13,'ER C8 FLT1'!$A$4:$A$640&'ER C8 FLT1'!$B$4:$B$640,1),10),IF($O13=\"Class_7\",INDEX('ER C7 FLT1'!$A$4:$J$640,MATCH(DropData!$J53&$C13,'ER C7 FLT1'!$A$4:$A$640&'ER C7 FLT1'!$B$4:$B$640,1),10),IF($O13=\"Class_6\",INDEX('ER C6 FLT1'!$A$4:$J$640,MATCH(DropData!$J53&$C13,'ER C6 FLT1'!$A$4:$A$640&'ER C6 FLT1'!$B$4:$B$640,1),10))))))),IF($R13=\"Electric\",INDEX('ER Electric'!$A$6:$E$44,MATCH($C13&$O13,'ER Electric'!$A$6:$A$44&'ER Electric'!$B$6:$B$44,1),5)))","v":false},{"$f":"IF(OR($R13=\"Diesel\",$R13=\"LNG/CNG\",$R13=\"Hybrid\",$R13=\"Electric w/ AB-118\"),IF($B13=\"3+ Trucks\",IF(OR($O13=\"Class_8\",$N13=\"Replacement8HHD\",$AI13=\"CL7HHD\"),INDEX('ER C8 FLT3'!$A$4:$J$640,MATCH(DropData!$J53&$C13,'ER C8 FLT3'!$A$4:$A$640&'ER C8 FLT3'!$B$4:$B$640-1,1),10),IF($O13=\"Class_7\",INDEX('ER C7 FLT3'!$A$4:$J$640,MATCH(DropData!$J53&$C13,'ER C7 FLT3'!$A$4:$A$640&'ER C7 FLT3'!$B$4:$B$640-1,1),10),IF($O13=\"Class_6\",INDEX('ER C6 FLT3'!$A$4:$J$640,MATCH(DropData!$J53&$C13,'ER C6 FLT3'!$A$4:$A$640&'ER C6 FLT3'!$B$4:$B$640-1,1),10)))),IF($B13=\"2 Trucks\",IF(OR($O13=\"Class_8\",$N13=\"Replacement8HHD\",$AI13=\"CL7HHD\"),INDEX('ER C8 FLT2'!$A$4:$J$640,MATCH(DropData!$J53&$C13,'ER C8 FLT2'!$A$4:$A$640&'ER C8 FLT2'!$B$4:$B$640-1,1),10),IF($O13=\"Class_7\",INDEX('ER C7 FLT2'!$A$4:$J$640,MATCH(DropData!$J53&$C13,'ER C7 FLT2'!$A$4:$A$640&'ER C7 FLT2'!$B$4:$B$640-1,1),10),IF($O13=\"Class_6\",INDEX('ER C6 FLT2'!$A$4:$J$640,MATCH(DropData!$J53&$C13,'ER C6 FLT2'!$A$4:$A$640&'ER C6 FLT2'!$B$4:$B$640-1,1),10)))),IF($B13=\"1 Truck\",IF(OR($O13=\"Class_8\",$N13=\"Replacement8HHD\",$AI13=\"CL7HHD\"),INDEX('ER C8 FLT1'!$A$4:$J$640,MATCH(DropData!$J53&$C13,'ER C8 FLT1'!$A$4:$A$640&'ER C8 FLT1'!$B$4:$B$640-1,1),10),IF($O13=\"Class_7\",INDEX('ER C7 FLT1'!$A$4:$J$640,MATCH(DropData!$J53&$C13,'ER C7 FLT1'!$A$4:$A$640&'ER C7 FLT1'!$B$4:$B$640-1,1),10),IF($O13=\"Class_6\",INDEX('ER C6 FLT1'!$A$4:$J$640,MATCH(DropData!$J53&$C13,'ER C6 FLT1'!$A$4:$A$640&'ER C6 FLT1'!$B$4:$B$640-1,1),10))))))),IF($R13=\"Electric\",OFFSET(INDEX('ER Electric'!$A$6:$E$44,MATCH($C13&$O13,'ER Electric'!$A$6:$A$44&'ER Electric'!$B$6:$B$44,1),5),3,0)))","v":false},{"$f":"IF(OR($R13=\"Diesel\",$R13=\"LNG/CNG\",$R13=\"Hybrid\",$R13=\"Electric w/ AB-118\"),IF($B13=\"3+ Trucks\",IF(OR($O13=\"Class_8\",$N13=\"Replacement8HHD\",$AI13=\"CL7HHD\"),INDEX('ER C8 FLT3'!$A$4:$J$640,MATCH(DropData!$J53&$C13,'ER C8 FLT3'!$A$4:$A$640&'ER C8 FLT3'!$B$4:$B$640-2,1),10),IF($O13=\"Class_7\",INDEX('ER C7 FLT3'!$A$4:$J$640,MATCH(DropData!$J53&$C13,'ER C7 FLT3'!$A$4:$A$640&'ER C7 FLT3'!$B$4:$B$640-2,1),10),IF($O13=\"Class_6\",INDEX('ER C6 FLT3'!$A$4:$J$640,MATCH(DropData!$J53&$C13,'ER C6 FLT3'!$A$4:$A$640&'ER C6 FLT3'!$B$4:$B$640-2,1),10)))),IF($B13=\"2 Trucks\",IF(OR($O13=\"Class_8\",$N13=\"Replacement8HHD\",$AI13=\"CL7HHD\"),INDEX('ER C8 FLT2'!$A$4:$J$640,MATCH(DropData!$J53&$C13,'ER C8 FLT2'!$A$4:$A$640&'ER C8 FLT2'!$B$4:$B$640-2,1),10),IF($O13=\"Class_7\",INDEX('ER C7 FLT2'!$A$4:$J$640,MATCH(DropData!$J53&$C13,'ER C7 FLT2'!$A$4:$A$640&'ER C7 FLT2'!$B$4:$B$640-2,1),10),IF($O13=\"Class_6\",INDEX('ER C6 FLT2'!$A$4:$J$640,MATCH(DropData!$J53&$C13,'ER C6 FLT2'!$A$4:$A$640&'ER C6 FLT2'!$B$4:$B$640-2,1),10)))),IF($B13=\"1 Truck\",IF(OR($O13=\"Class_8\",$N13=\"Replacement8HHD\",$AI13=\"CL7HHD\"),INDEX('ER C8 FLT1'!$A$4:$J$640,MATCH(DropData!$J53&$C13,'ER C8 FLT1'!$A$4:$A$640&'ER C8 FLT1'!$B$4:$B$640-2,1),10),IF($O13=\"Class_7\",INDEX('ER C7 FLT1'!$A$4:$J$640,MATCH(DropData!$J53&$C13,'ER C7 FLT1'!$A$4:$A$640&'ER C7 FLT1'!$B$4:$B$640-2,1),10),IF($O13=\"Class_6\",INDEX('ER C6 FLT1'!$A$4:$J$640,MATCH(DropData!$J53&$C13,'ER C6 FLT1'!$A$4:$A$640&'ER C6 FLT1'!$B$4:$B$640-2,1),10))))))),IF($R13=\"Electric\",OFFSET(INDEX('ER Electric'!$A$6:$E$44,MATCH($C13&$O13,'ER Electric'!$A$6:$A$44&'ER Electric'!$B$6:$B$44,1),5),6,0)))","v":false},{"$f":"IF(OR($R13=\"Diesel\",$R13=\"LNG/CNG\",$R13=\"Hybrid\",$R13=\"Electric w/ AB-118\"),IF($B13=\"3+ Trucks\",IF(OR($O13=\"Class_8\",$N13=\"Replacement8HHD\",$AI13=\"CL7HHD\"),INDEX('ER C8 FLT3'!$A$4:$J$640,MATCH(DropData!$J53&$C13,'ER C8 FLT3'!$A$4:$A$640&'ER C8 FLT3'!$B$4:$B$640-3,1),10),IF($O13=\"Class_7\",INDEX('ER C7 FLT3'!$A$4:$J$640,MATCH(DropData!$J53&$C13,'ER C7 FLT3'!$A$4:$A$640&'ER C7 FLT3'!$B$4:$B$640-3,1),10),IF($O13=\"Class_6\",INDEX('ER C6 FLT3'!$A$4:$J$640,MATCH(DropData!$J53&$C13,'ER C6 FLT3'!$A$4:$A$640&'ER C6 FLT3'!$B$4:$B$640-3,1),10)))),IF($B13=\"2 Trucks\",IF(OR($O13=\"Class_8\",$N13=\"Replacement8HHD\",$AI13=\"CL7HHD\"),INDEX('ER C8 FLT2'!$A$4:$J$640,MATCH(DropData!$J53&$C13,'ER C8 FLT2'!$A$4:$A$640&'ER C8 FLT2'!$B$4:$B$640-3,1),10),IF($O13=\"Class_7\",INDEX('ER C7 FLT2'!$A$4:$J$640,MATCH(DropData!$J53&$C13,'ER C7 FLT2'!$A$4:$A$640&'ER C7 FLT2'!$B$4:$B$640-3,1),10),IF($O13=\"Class_6\",INDEX('ER C6 FLT2'!$A$4:$J$640,MATCH(DropData!$J53&$C13,'ER C6 FLT2'!$A$4:$A$640&'ER C6 FLT2'!$B$4:$B$640-3,1),10)))),IF($B13=\"1 Truck\",IF(OR($O13=\"Class_8\",$N13=\"Replacement8HHD\",$AI13=\"CL7HHD\"),INDEX('ER C8 FLT1'!$A$4:$J$640,MATCH(DropData!$J53&$C13,'ER C8 FLT1'!$A$4:$A$640&'ER C8 FLT1'!$B$4:$B$640-3,1),10),IF($O13=\"Class_7\",INDEX('ER C7 FLT1'!$A$4:$J$640,MATCH(DropData!$J53&$C13,'ER C7 FLT1'!$A$4:$A$640&'ER C7 FLT1'!$B$4:$B$640-3,1),10),IF($O13=\"Class_6\",INDEX('ER C6 FLT1'!$A$4:$J$640,MATCH(DropData!$J53&$C13,'ER C6 FLT1'!$A$4:$A$640&'ER C6 FLT1'!$B$4:$B$640-3,1),10))))))),IF($R13=\"Electric\",OFFSET(INDEX('ER Electric'!$A$6:$E$44,MATCH($C13&$O13,'ER Electric'!$A$6:$A$44&'ER Electric'!$B$6:$B$44,1),5),9,0)))","v":false},{"$f":"IF(OR($R13=\"Diesel\",$R13=\"LNG/CNG\",$R13=\"Hybrid\",$R13=\"Electric w/ AB-118\"),IF($B13=\"3+ Trucks\",IF(OR($O13=\"Class_8\",$N13=\"Replacement8HHD\",$AI13=\"CL7HHD\"),INDEX('ER C8 FLT3'!$A$4:$J$640,MATCH(DropData!$J53&$C13,'ER C8 FLT3'!$A$4:$A$640&'ER C8 FLT3'!$B$4:$B$640-4,1),10),IF($O13=\"Class_7\",INDEX('ER C7 FLT3'!$A$4:$J$640,MATCH(DropData!$J53&$C13,'ER C7 FLT3'!$A$4:$A$640&'ER C7 FLT3'!$B$4:$B$640-4,1),10),IF($O13=\"Class_6\",INDEX('ER C6 FLT3'!$A$4:$J$640,MATCH(DropData!$J53&$C13,'ER C6 FLT3'!$A$4:$A$640&'ER C6 FLT3'!$B$4:$B$640-4,1),10)))),IF($B13=\"2 Trucks\",IF(OR($O13=\"Class_8\",$N13=\"Replacement8HHD\",$AI13=\"CL7HHD\"),INDEX('ER C8 FLT2'!$A$4:$J$640,MATCH(DropData!$J53&$C13,'ER C8 FLT2'!$A$4:$A$640&'ER C8 FLT2'!$B$4:$B$640-4,1),10),IF($O13=\"Class_7\",INDEX('ER C7 FLT2'!$A$4:$J$640,MATCH(DropData!$J53&$C13,'ER C7 FLT2'!$A$4:$A$640&'ER C7 FLT2'!$B$4:$B$640-4,1),10),IF($O13=\"Class_6\",INDEX('ER C6 FLT2'!$A$4:$J$640,MATCH(DropData!$J53&$C13,'ER C6 FLT2'!$A$4:$A$640&'ER C6 FLT2'!$B$4:$B$640-4,1),10)))),IF($B13=\"1 Truck\",IF(OR($O13=\"Class_8\",$N13=\"Replacement8HHD\",$AI13=\"CL7HHD\"),INDEX('ER C8 FLT1'!$A$4:$J$640,MATCH(DropData!$J53&$C13,'ER C8 FLT1'!$A$4:$A$640&'ER C8 FLT1'!$B$4:$B$640-4,1),10),IF($O13=\"Class_7\",INDEX('ER C7 FLT1'!$A$4:$J$640,MATCH(DropData!$J53&$C13,'ER C7 FLT1'!$A$4:$A$640&'ER C7 FLT1'!$B$4:$B$640-4,1),10),IF($O13=\"Class_6\",INDEX('ER C6 FLT1'!$A$4:$J$640,MATCH(DropData!$J53&$C13,'ER C6 FLT1'!$A$4:$A$640&'ER C6 FLT1'!$B$4:$B$640-4,1),10))))))),IF($R13=\"Electric\",OFFSET(INDEX('ER Electric'!$A$6:$E$44,MATCH($C13&$O13,'ER Electric'!$A$6:$A$44&'ER Electric'!$B$6:$B$44,1),5),12,0)))","v":false},0,{"$f":"IF($B13=\"3+ Trucks\",IF($Z13=\"Class_8\",INDEX('ER C8 FLT3'!$A$4:$J$640,MATCH($W13&$C13,'ER C8 FLT3'!$A$4:$A$640&'ER C8 FLT3'!$B$4:$B$640,1),10),IF($Z13=\"Class_7\",INDEX('ER C7 FLT3'!$A$4:$J$640,MATCH($W13&$C13,'ER C7 FLT3'!$A$4:$A$640&'ER C7 FLT3'!$B$4:$B$640,1),10),IF($Z13=\"Class_6\",INDEX('ER C6 FLT3'!$A$4:$J$640,MATCH($W13&$C13,'ER C6 FLT3'!$A$4:$A$640&'ER C6 FLT3'!$B$4:$B$640,1),10)))),IF($B13=\"2 Trucks\",IF($Z13=\"Class_8\",INDEX('ER C8 FLT2'!$A$4:$J$640,MATCH($W13&$C13,'ER C8 FLT2'!$A$4:$A$640&'ER C8 FLT2'!$B$4:$B$640,1),10),IF($Z13=\"Class_7\",INDEX('ER C7 FLT2'!$A$4:$J$640,MATCH($W13&$C13,'ER C7 FLT2'!$A$4:$A$640&'ER C7 FLT2'!$B$4:$B$640,1),10),IF($Z13=\"Class_6\",INDEX('ER C6 FLT2'!$A$4:$J$640,MATCH($W13&$C13,'ER C6 FLT2'!$A$4:$A$640&'ER C6 FLT2'!$B$4:$B$640,1),10)))),IF($B13=\"1 Truck\",IF($Z13=\"Class_8\",INDEX('ER C8 FLT1'!$A$4:$J$640,MATCH($W13&$C13,'ER C8 FLT1'!$A$4:$A$640&'ER C8 FLT1'!$B$4:$B$640,1),10),IF($Z13=\"Class_7\",INDEX('ER C7 FLT1'!$A$4:$J$640,MATCH($W13&$C13,'ER C7 FLT1'!$A$4:$A$640&'ER C7 FLT1'!$B$4:$B$640,1),10)*IF($Z13=\"Class_7\",INDEX('ER C7 FLT1'!$A$4:$J$640,MATCH($W13&$C13,'ER C7 FLT1'!$A$4:$A$640&'ER C7 FLT1'!$B$4:$B$640,1),10)),IF($Z13=\"Class_6\",INDEX('ER C6 FLT1'!$A$4:$J$640,MATCH($W13&$C13,'ER C6 FLT1'!$A$4:$A$640&'ER C6 FLT1'!$B$4:$B$640,1),10)*IF($Z13=\"Class_6\",INDEX('ER C6 FLT1'!$A$4:$J$640,MATCH($W13&$C13,'ER C6 FLT1'!$A$4:$A$640&'ER C6 FLT1'!$B$4:$B$640,1),10))))))))*($AC13/453.6)","v":0},0,0,{"$f":"IF($B13=\"3+ Trucks\",IF($Z13=\"Class_8\",INDEX('ER C8 FLT3'!$A$4:$J$640,MATCH($W13&$C13,'ER C8 FLT3'!$A$4:$A$640&'ER C8 FLT3'!$B$4:$B$640-1,1),10),IF($Z13=\"Class_7\",INDEX('ER C7 FLT3'!$A$4:$J$640,MATCH($W13&$C13,'ER C7 FLT3'!$A$4:$A$640&'ER C7 FLT3'!$B$4:$B$640-1,1),10),IF($Z13=\"Class_6\",INDEX('ER C6 FLT3'!$A$4:$J$640,MATCH($W13&$C13,'ER C6 FLT3'!$A$4:$A$640&'ER C6 FLT3'!$B$4:$B$640-1,1),10)))),IF($B13=\"2 Trucks\",IF($Z13=\"Class_8\",INDEX('ER C8 FLT2'!$A$4:$J$640,MATCH($W13&$C13,'ER C8 FLT2'!$A$4:$A$640&'ER C8 FLT2'!$B$4:$B$640-1,1),10),IF($Z13=\"Class_7\",INDEX('ER C7 FLT2'!$A$4:$J$640,MATCH($W13&$C13,'ER C7 FLT2'!$A$4:$A$640&'ER C7 FLT2'!$B$4:$B$640-1,1),10),IF($Z13=\"Class_6\",INDEX('ER C6 FLT2'!$A$4:$J$640,MATCH($W13&$C13,'ER C6 FLT2'!$A$4:$A$640&'ER C6 FLT2'!$B$4:$B$640-1,1),10)))),IF($B13=\"1 Truck\",IF($Z13=\"Class_8\",INDEX('ER C8 FLT1'!$A$4:$J$640,MATCH($W13&$C13,'ER C8 FLT1'!$A$4:$A$640&'ER C8 FLT1'!$B$4:$B$640-1,1),10),IF($Z13=\"Class_7\",INDEX('ER C7 FLT1'!$A$4:$J$640,MATCH($W13&$C13,'ER C7 FLT1'!$A$4:$A$640&'ER C7 FLT1'!$B$4:$B$640-1,1),10)*IF($Z13=\"Class_7\",INDEX('ER C7 FLT1'!$A$4:$J$640,MATCH($W13&$C13,'ER C7 FLT1'!$A$4:$A$640&'ER C7 FLT1'!$B$4:$B$640-1,1),10)),IF($Z13=\"Class_6\",INDEX('ER C6 FLT1'!$A$4:$J$640,MATCH($W13&$C13,'ER C6 FLT1'!$A$4:$A$640&'ER C6 FLT1'!$B$4:$B$640-1,1),10)*IF($Z13=\"Class_6\",INDEX('ER C6 FLT1'!$A$4:$J$640,MATCH($W13&$C13,'ER C6 FLT1'!$A$4:$A$640&'ER C6 FLT1'!$B$4:$B$640-1,1),10))))))))*($AC13/453.6)","v":0},0,0,{"$f":"IF($B13=\"3+ Trucks\",IF($Z13=\"Class_8\",INDEX('ER C8 FLT3'!$A$4:$J$640,MATCH($W13&$C13,'ER C8 FLT3'!$A$4:$A$640&'ER C8 FLT3'!$B$4:$B$640-2,1),10),IF($Z13=\"Class_7\",INDEX('ER C7 FLT3'!$A$4:$J$640,MATCH($W13&$C13,'ER C7 FLT3'!$A$4:$A$640&'ER C7 FLT3'!$B$4:$B$640-2,1),10),IF($Z13=\"Class_6\",INDEX('ER C6 FLT3'!$A$4:$J$640,MATCH($W13&$C13,'ER C6 FLT3'!$A$4:$A$640&'ER C6 FLT3'!$B$4:$B$640-2,1),10)))),IF($B13=\"2 Trucks\",IF($Z13=\"Class_8\",INDEX('ER C8 FLT2'!$A$4:$J$640,MATCH($W13&$C13,'ER C8 FLT2'!$A$4:$A$640&'ER C8 FLT2'!$B$4:$B$640-2,1),10),IF($Z13=\"Class_7\",INDEX('ER C7 FLT2'!$A$4:$J$640,MATCH($W13&$C13,'ER C7 FLT2'!$A$4:$A$640&'ER C7 FLT2'!$B$4:$B$640-2,1),10),IF($Z13=\"Class_6\",INDEX('ER C6 FLT2'!$A$4:$J$640,MATCH($W13&$C13,'ER C6 FLT2'!$A$4:$A$640&'ER C6 FLT2'!$B$4:$B$640-2,1),10)))),IF($B13=\"1 Truck\",IF($Z13=\"Class_8\",INDEX('ER C8 FLT1'!$A$4:$J$640,MATCH($W13&$C13,'ER C8 FLT1'!$A$4:$A$640&'ER C8 FLT1'!$B$4:$B$640-2,1),10),IF($Z13=\"Class_7\",INDEX('ER C7 FLT1'!$A$4:$J$640,MATCH($W13&$C13,'ER C7 FLT1'!$A$4:$A$640&'ER C7 FLT1'!$B$4:$B$640-2,1),10)*IF($Z13=\"Class_7\",INDEX('ER C7 FLT1'!$A$4:$J$640,MATCH($W13&$C13,'ER C7 FLT1'!$A$4:$A$640&'ER C7 FLT1'!$B$4:$B$640-2,1),10)),IF($Z13=\"Class_6\",INDEX('ER C6 FLT1'!$A$4:$J$640,MATCH($W13&$C13,'ER C6 FLT1'!$A$4:$A$640&'ER C6 FLT1'!$B$4:$B$640-2,1),10)*IF($Z13=\"Class_6\",INDEX('ER C6 FLT1'!$A$4:$J$640,MATCH($W13&$C13,'ER C6 FLT1'!$A$4:$A$640&'ER C6 FLT1'!$B$4:$B$640-2,1),10))))))))*($AC13/453.6)","v":0},0,0,{"$f":"IF($B13=\"3+ Trucks\",IF($Z13=\"Class_8\",INDEX('ER C8 FLT3'!$A$4:$J$640,MATCH($W13&$C13,'ER C8 FLT3'!$A$4:$A$640&'ER C8 FLT3'!$B$4:$B$640-3,1),10),IF($Z13=\"Class_7\",INDEX('ER C7 FLT3'!$A$4:$J$640,MATCH($W13&$C13,'ER C7 FLT3'!$A$4:$A$640&'ER C7 FLT3'!$B$4:$B$640-3,1),10),IF($Z13=\"Class_6\",INDEX('ER C6 FLT3'!$A$4:$J$640,MATCH($W13&$C13,'ER C6 FLT3'!$A$4:$A$640&'ER C6 FLT3'!$B$4:$B$640-3,1),10)))),IF($B13=\"2 Trucks\",IF($Z13=\"Class_8\",INDEX('ER C8 FLT2'!$A$4:$J$640,MATCH($W13&$C13,'ER C8 FLT2'!$A$4:$A$640&'ER C8 FLT2'!$B$4:$B$640-3,1),10),IF($Z13=\"Class_7\",INDEX('ER C7 FLT2'!$A$4:$J$640,MATCH($W13&$C13,'ER C7 FLT2'!$A$4:$A$640&'ER C7 FLT2'!$B$4:$B$640-3,1),10),IF($Z13=\"Class_6\",INDEX('ER C6 FLT2'!$A$4:$J$640,MATCH($W13&$C13,'ER C6 FLT2'!$A$4:$A$640&'ER C6 FLT2'!$B$4:$B$640-3,1),10)))),IF($B13=\"1 Truck\",IF($Z13=\"Class_8\",INDEX('ER C8 FLT1'!$A$4:$J$640,MATCH($W13&$C13,'ER C8 FLT1'!$A$4:$A$640&'ER C8 FLT1'!$B$4:$B$640-3,1),10),IF($Z13=\"Class_7\",INDEX('ER C7 FLT1'!$A$4:$J$640,MATCH($W13&$C13,'ER C7 FLT1'!$A$4:$A$640&'ER C7 FLT1'!$B$4:$B$640-3,1),10)*IF($Z13=\"Class_7\",INDEX('ER C7 FLT1'!$A$4:$J$640,MATCH($W13&$C13,'ER C7 FLT1'!$A$4:$A$640&'ER C7 FLT1'!$B$4:$B$640-3,1),10)),IF($Z13=\"Class_6\",INDEX('ER C6 FLT1'!$A$4:$J$640,MATCH($W13&$C13,'ER C6 FLT1'!$A$4:$A$640&'ER C6 FLT1'!$B$4:$B$640-3,1),10)*IF($Z13=\"Class_6\",INDEX('ER C6 FLT1'!$A$4:$J$640,MATCH($W13&$C13,'ER C6 FLT1'!$A$4:$A$640&'ER C6 FLT1'!$B$4:$B$640-3,1),10))))))))*($AC13/453.6)","v":0},0,0,{"$f":"IF($B13=\"3+ Trucks\",IF($Z13=\"Class_8\",INDEX('ER C8 FLT3'!$A$4:$J$640,MATCH($W13&$C13,'ER C8 FLT3'!$A$4:$A$640&'ER C8 FLT3'!$B$4:$B$640-4,1),10),IF($Z13=\"Class_7\",INDEX('ER C7 FLT3'!$A$4:$J$640,MATCH($W13&$C13,'ER C7 FLT3'!$A$4:$A$640&'ER C7 FLT3'!$B$4:$B$640-4,1),10),IF($Z13=\"Class_6\",INDEX('ER C6 FLT3'!$A$4:$J$640,MATCH($W13&$C13,'ER C6 FLT3'!$A$4:$A$640&'ER C6 FLT3'!$B$4:$B$640-4,1),10)))),IF($B13=\"2 Trucks\",IF($Z13=\"Class_8\",INDEX('ER C8 FLT2'!$A$4:$J$640,MATCH($W13&$C13,'ER C8 FLT2'!$A$4:$A$640&'ER C8 FLT2'!$B$4:$B$640-4,1),10),IF($Z13=\"Class_7\",INDEX('ER C7 FLT2'!$A$4:$J$640,MATCH($W13&$C13,'ER C7 FLT2'!$A$4:$A$640&'ER C7 FLT2'!$B$4:$B$640-4,1),10),IF($Z13=\"Class_6\",INDEX('ER C6 FLT2'!$A$4:$J$640,MATCH($W13&$C13,'ER C6 FLT2'!$A$4:$A$640&'ER C6 FLT2'!$B$4:$B$640-4,1),10)))),IF($B13=\"1 Truck\",IF($Z13=\"Class_8\",INDEX('ER C8 FLT1'!$A$4:$J$640,MATCH($W13&$C13,'ER C8 FLT1'!$A$4:$A$640&'ER C8 FLT1'!$B$4:$B$640-4,1),10),IF($Z13=\"Class_7\",INDEX('ER C7 FLT1'!$A$4:$J$640,MATCH($W13&$C13,'ER C7 FLT1'!$A$4:$A$640&'ER C7 FLT1'!$B$4:$B$640-4,1),10)*IF($Z13=\"Class_7\",INDEX('ER C7 FLT1'!$A$4:$J$640,MATCH($W13&$C13,'ER C7 FLT1'!$A$4:$A$640&'ER C7 FLT1'!$B$4:$B$640-4,1),10)),IF($Z13=\"Class_6\",INDEX('ER C6 FLT1'!$A$4:$J$640,MATCH($W13&$C13,'ER C6 FLT1'!$A$4:$A$640&'ER C6 FLT1'!$B$4:$B$640-4,1),10)*IF($Z13=\"Class_6\",INDEX('ER C6 FLT1'!$A$4:$J$640,MATCH($W13&$C13,'ER C6 FLT1'!$A$4:$A$640&'ER C6 FLT1'!$B$4:$B$640-4,1),10))))))))*($AC13/453.6)","v":0},0,0]
[{"$f":"'Input data'!A12","v":"project 8"},{"$f":"'Input data'!B12","v":0},{"$f":"'Input data'!C12","v":0},{"$f":"'Input data'!D12","v":0},{"$f":"'Input data'!E12","v":0},{"$f":"'Input data'!F12","v":0},{"$f":"'Input data'!G12","v":0},{"$f":"'Input data'!H12","v":""},{"$f":"'Input data'!I12","v":0},{"$f":"'Input data'!J12","v":0},{"$f":"'Input data'!K12","v":0},{"$f":"'Input data'!AK12","v":false},{"$f":"'Input data'!M12","v":0},{"$f":"'Input data'!AJ12","v":0},{"$f":"'Input data'!L12","v":0},{"$f":"'Input data'!N12","v":0},{"$f":"'Input data'!O12","v":0},{"$f":"'Input data'!P12","v":0},{"$f":"'Input data'!Q12","v":0},{"$f":"'Input data'!R12","v":"0"},{"$f":"'Input data'!$S12","v":"No"},{"$f":"'Input data'!T12","v":"No"},{"$f":"'Input data'!U12","v":0},{"$f":"'Input data'!V12","v":0},{"$f":"'Input data'!W12","v":0},{"$f":"'Input data'!X12","v":""},{"$f":"'Input data'!Y12","v":0},{"$f":"'Input data'!Z12","v":0},{"$f":"'Input data'!AA12","v":0},null,null,{"$f":"'Input data'!AD12","v":0},{"$f":"'Input data'!AE12","v":false},{"$f":"'Input data'!AF12","v":false},{"$f":"'Input data'!AG12","v":false},{"$f":"'Input data'!AH12","v":false},null,{"$f":"IF($B14=\"3+ Trucks\",IF(OR($H14=\"Class_8\",$N14=\"Replacement8HHD\",$AH14=\"CL7HHD\",$AJ14=\"CL7to8\"),INDEX('ER C8 FLT3'!$A$4:$J$640,MATCH($E14&$C14,'ER C8 FLT3'!$A$4:$A$640&'ER C8 FLT3'!$B$4:$B$640,1),8)*IF(OR($H14=\"Class_8\",$N14=\"Replacement8HHD\",$AH14=\"CL7HHD\",$AJ14=\"CL7to8\"),INDEX('ER C8 FLT3'!$A$4:$J$640,MATCH($E14&$C14,'ER C8 FLT3'!$A$4:$A$640&'ER C8 FLT3'!$B$4:$B$640,1),9)),IF($H14=\"Class_7\",INDEX('ER C7 FLT3'!$A$4:$J$640,MATCH($E14&$C14,'ER C7 FLT3'!$A$4:$A$640&'ER C7 FLT3'!$B$4:$B$640,1),8)*IF($H14=\"Class_7\",INDEX('ER C7 FLT3'!$A$4:$J$640,MATCH($E14&$C14,'ER C7 FLT3'!$A$4:$A$640&'ER C7 FLT3'!$B$4:$B$640,1),9)),\nIF($H14=\"Class_6\",INDEX('ER C6 FLT3'!$A$4:$J$640,MATCH($E14&$C14,'ER C6 FLT3'!$A$4:$A$640&'ER C6 FLT3'!$B$4:$B$640,1),8)*IF($H14=\"Class_6\",INDEX('ER C6 FLT3'!$A$4:$L$640,MATCH($E14&$C14,'ER C6 FLT3'!$A$4:$A$640&'ER C6 FLT3'!$B$4:$B$640,1),9))))),IF($B14=\"2 Trucks\",IF(OR($H14=\"Class_8\",$N14=\"Replacement8HHD\",$AH14=\"CL7HHD\",$AJ14=\"CL7to8\"),INDEX('ER C8 FLT2'!$A$4:$J$640,MATCH($E14&$C14,'ER C8 FLT2'!$A$4:$A$640&'ER C8 FLT2'!$B$4:$B$640,1),8)*IF(OR($H14=\"Class_8\",$N14=\"Replacement8HHD\",$AH14=\"CL7HHD\",$AJ14=\"CL7to8\"),INDEX('ER C8 FLT2'!$A$4:$J$640,MATCH($E14&$C14,'ER C8 FLT2'!$A$4:$A$640&'ER C8 FLT2'!$B$4:$B$640,1),9)),IF($H14=\"Class_7\",INDEX('ER C7 FLT2'!$A$4:$J$640,MATCH($E14&$C14,'ER C7 FLT2'!$A$4:$A$640&'ER C7 FLT2'!$B$4:$B$640,1),8)*IF($H14=\"Class_7\",INDEX('ER C7 FLT2'!$A$4:$J$640,MATCH($E14&$C14,'ER C7 FLT2'!$A$4:$A$640&'ER C7 FLT2'!$B$4:$B$640,1),9)),IF($H14=\"Class_6\",INDEX('ER C6 FLT2'!$A$4:$J$640,MATCH($E14&$C14,'ER C6 FLT2'!$A$4:$A$640&'ER C6 FLT2'!$B$4:$B$640,1),8)*IF($H14=\"Class_6\",INDEX('ER C6 FLT2'!$A$4:$J$640,MATCH($E14&$C14,'ER C6 FLT2'!$A$4:$A$640&'ER C6 FLT2'!$B$4:$B$640,1),9))))),IF($B14=\"1 Truck\",\nIF(OR($H14=\"Class_8\",$N14=\"Replacement8HHD\",$AH14=\"CL7HHD\",$AJ14=\"CL7to8\"),INDEX('ER C8 FLT1'!$A$4:$J$640,MATCH($E14&$C14,'ER C8 FLT1'!$A$4:$A$640&'ER C8 FLT1'!$B$4:$B$640,1),8)*IF(OR($H14=\"Class_8\",$N14=\"Replacement8HHD\",$AH14=\"CL7HHD\",$AJ14=\"CL7to8\"),INDEX('ER C8 FLT1'!$A$4:$J$640,MATCH($E14&$C14,'ER C8 FLT1'!$A$4:$A$640&'ER C8 FLT1'!$B$4:$B$640,1),9)),IF($H14=\"Class_7\",INDEX('ER C7 FLT1'!$A$4:$J$640,MATCH($E14&$C14,'ER C7 FLT1'!$A$4:$A$640&'ER C7 FLT1'!$B$4:$B$640,1),8)*IF($H14=\"Class_7\",INDEX('ER C7 FLT1'!$A$4:$J$640,MATCH($E14&$C14,'ER C7 FLT1'!$A$4:$A$640&'ER C7 FLT1'!$B$4:$B$640,1),9)),\nIF($H14=\"Class_6\",INDEX('ER C6 FLT1'!$A$4:$J$640,MATCH($E14&$C14,'ER C6 FLT1'!$A$4:$A$640&'ER C6 FLT1'!$B$4:$B$640,1),8)*IF($H14=\"Class_6\",INDEX('ER C6 FLT1'!$A$4:$J$640,MATCH($E14&$C14,'ER C6 FLT1'!$A$4:$A$640&'ER C6 FLT1'!$B$4:$B$640,1),9))))))))*IF($F14=\"Level 1 PM\",0.75,IF($F14=\"Level 2 PM\",0.5,IF($F14=\"Level 3 PM\",0,IF($F14=\"Level 3 PM + Mark I NOx\",0,1))))*($Q14/453.6)","v":0},{"$f":"IF($B14=\"3+ Trucks\",IF(OR($H14=\"Class_8\",$N14=\"Replacement8HHD\",$AH14=\"CL7HHD\",$AJ14=\"CL7to8\"),INDEX('ER C8 FLT3'!$A$4:$J$640,MATCH($E14&$C14,'ER C8 FLT3'!$A$4:$A$640&'ER C8 FLT3'!$B$4:$B$640-1,1),8)*IF(OR($H14=\"Class_8\",$N14=\"Replacement8HHD\",$AH14=\"CL7HHD\",$AJ14=\"CL7to8\"),INDEX('ER C8 FLT3'!$A$4:$J$640,MATCH($E14&$C14,'ER C8 FLT3'!$A$4:$A$640&'ER C8 FLT3'!$B$4:$B$640-1,1),9)),IF($H14=\"Class_7\",INDEX('ER C7 FLT3'!$A$4:$J$640,MATCH($E14&$C14,'ER C7 FLT3'!$A$4:$A$640&'ER C7 FLT3'!$B$4:$B$640-1,1),8)*IF($H14=\"Class_7\",INDEX('ER C7 FLT3'!$A$4:$J$640,MATCH($E14&$C14,'ER C7 FLT3'!$A$4:$A$640&'ER C7 FLT3'!$B$4:$B$640-1,1),9)),\nIF($H14=\"Class_6\",INDEX('ER C6 FLT3'!$A$4:$J$640,MATCH($E14&$C14,'ER C6 FLT3'!$A$4:$A$640&'ER C6 FLT3'!$B$4:$B$640-1,1),8)*IF($H14=\"Class_6\",INDEX('ER C6 FLT3'!$A$4:$L$640,MATCH($E14&$C14,'ER C6 FLT3'!$A$4:$A$640&'ER C6 FLT3'!$B$4:$B$640-1,1),9))))),IF($B14=\"2 Trucks\",IF(OR($H14=\"Class_8\",$N14=\"Replacement8HHD\",$AH14=\"CL7HHD\",$AJ14=\"CL7to8\"),INDEX('ER C8 FLT2'!$A$4:$J$640,MATCH($E14&$C14,'ER C8 FLT2'!$A$4:$A$640&'ER C8 FLT2'!$B$4:$B$640-1,1),8)*IF(OR($H14=\"Class_8\",$N14=\"Replacement8HHD\",$AH14=\"CL7HHD\",$AJ14=\"CL7to8\"),INDEX('ER C8 FLT2'!$A$4:$J$640,MATCH($E14&$C14,'ER C8 FLT2'!$A$4:$A$640&'ER C8 FLT2'!$B$4:$B$640-1,1),9)),IF($H14=\"Class_7\",INDEX('ER C7 FLT2'!$A$4:$J$640,MATCH($E14&$C14,'ER C7 FLT2'!$A$4:$A$640&'ER C7 FLT2'!$B$4:$B$640-1,1),8)*IF($H14=\"Class_7\",INDEX('ER C7 FLT2'!$A$4:$J$640,MATCH($E14&$C14,'ER C7 FLT2'!$A$4:$A$640&'ER C7 FLT2'!$B$4:$B$640-1,1),9)),IF($H14=\"Class_6\",INDEX('ER C6 FLT2'!$A$4:$J$640,MATCH($E14&$C14,'ER C6 FLT2'!$A$4:$A$640&'ER C6 FLT2'!$B$4:$B$640-1,1),8)*IF($H14=\"Class_6\",INDEX('ER C6 FLT2'!$A$4:$J$640,MATCH($E14&$C14,'ER C6 FLT2'!$A$4:$A$640&'ER C6 FLT2'!$B$4:$B$640-1,1),9))))),IF($B14=\"1 Truck\",\nIF(OR($H14=\"Class_8\",$N14=\"Replacement8HHD\",$AH14=\"CL7HHD\",$AJ14=\"CL7to8\"),INDEX('ER C8 FLT1'!$A$4:$J$640,MATCH($E14&$C14,'ER C8 FLT1'!$A$4:$A$640&'ER C8 FLT1'!$B$4:$B$640-1,1),8)*IF(OR($H14=\"Class_8\",$N14=\"Replacement8HHD\",$AH14=\"CL7HHD\",$AJ14=\"CL7to8\"),INDEX('ER C8 FLT1'!$A$4:$J$640,MATCH($E14&$C14,'ER C8 FLT1'!$A$4:$A$640&'ER C8 FLT1'!$B$4:$B$640-1,1),9)),IF($H14=\"Class_7\",INDEX('ER C7 FLT1'!$A$4:$J$640,MATCH($E14&$C14,'ER C7 FLT1'!$A$4:$A$640&'ER C7 FLT1'!$B$4:$B$640-1,1),8)*IF($H14=\"Class_7\",INDEX('ER C7 FLT1'!$A$4:$J$640,MATCH($E14&$C14,'ER C7 FLT1'!$A$4:$A$640&'ER C7 FLT1'!$B$4:$B$640-1,1),9)),\nIF($H14=\"Class_6\",INDEX('ER C6 FLT1'!$A$4:$J$640,MATCH($E14&$C14,'ER C6 FLT1'!$A$4:$A$640&'ER C6 FLT1'!$B$4:$B$640-1,1),8)*IF($H14=\"Class_6\",INDEX('ER C6 FLT1'!$A$4:$J$640,MATCH($E14&$C14,'ER C6 FLT1'!$A$4:$A$640&'ER C6 FLT1'!$B$4:$B$640-1,1),9))))))))*IF($F14=\"Level 1 PM\",0.75,IF($F14=\"Level 2 PM\",0.5,IF($F14=\"Level 3 PM\",0,IF($F14=\"Level 3 PM + Mark I NOx\",0,1))))*($Q14/453.6)","v":0},{"$f":"IF($B14=\"3+ Trucks\",IF(OR($H14=\"Class_8\",$N14=\"Replacement8HHD\",$AH14=\"CL7HHD\",$AJ14=\"CL7to8\"),INDEX('ER C8 FLT3'!$A$4:$J$640,MATCH($E14&$C14,'ER C8 FLT3'!$A$4:$A$640&'ER C8 FLT3'!$B$4:$B$640-2,1),8)*IF(OR($H14=\"Class_8\",$N14=\"Replacement8HHD\",$AH14=\"CL7HHD\",$AJ14=\"CL7to8\"),INDEX('ER C8 FLT3'!$A$4:$J$640,MATCH($E14&$C14,'ER C8 FLT3'!$A$4:$A$640&'ER C8 FLT3'!$B$4:$B$640-2,1),9)),IF($H14=\"Class_7\",INDEX('ER C7 FLT3'!$A$4:$J$640,MATCH($E14&$C14,'ER C7 FLT3'!$A$4:$A$640&'ER C7 FLT3'!$B$4:$B$640-2,1),8)*IF($H14=\"Class_7\",INDEX('ER C7 FLT3'!$A$4:$J$640,MATCH($E14&$C14,'ER C7 FLT3'!$A$4:$A$640&'ER C7 FLT3'!$B$4:$B$640-2,1),9)),\nIF($H14=\"Class_6\",INDEX('ER C6 FLT3'!$A$4:$J$640,MATCH($E14&$C14,'ER C6 FLT3'!$A$4:$A$640&'ER C6 FLT3'!$B$4:$B$640-2,1),8)*IF($H14=\"Class_6\",INDEX('ER C6 FLT3'!$A$4:$L$640,MATCH($E14&$C14,'ER C6 FLT3'!$A$4:$A$640&'ER C6 FLT3'!$B$4:$B$640-2,1),9))))),IF($B14=\"2 Trucks\",IF(OR($H14=\"Class_8\",$N14=\"Replacement8HHD\",$AH14=\"CL7HHD\",$AJ14=\"CL7to8\"),INDEX('ER C8 FLT2'!$A$4:$J$640,MATCH($E14&$C14,'ER C8 FLT2'!$A$4:$A$640&'ER C8 FLT2'!$B$4:$B$640-2,1),8)*IF(OR($H14=\"Class_8\",$N14=\"Replacement8HHD\",$AH14=\"CL7HHD\",$AJ14=\"CL7to8\"),INDEX('ER C8 FLT2'!$A$4:$J$640,MATCH($E14&$C14,'ER C8 FLT2'!$A$4:$A$640&'ER C8 FLT2'!$B$4:$B$640-2,1),9)),IF($H14=\"Class_7\",INDEX('ER C7 FLT2'!$A$4:$J$640,MATCH($E14&$C14,'ER C7 FLT2'!$A$4:$A$640&'ER C7 FLT2'!$B$4:$B$640-2,1),8)*IF($H14=\"Class_7\",INDEX('ER C7 FLT2'!$A$4:$J$640,MATCH($E14&$C14,'ER C7 FLT2'!$A$4:$A$640&'ER C7 FLT2'!$B$4:$B$640-2,1),9)),IF($H14=\"Class_6\",INDEX('ER C6 FLT2'!$A$4:$J$640,MATCH($E14&$C14,'ER C6 FLT2'!$A$4:$A$640&'ER C6 FLT2'!$B$4:$B$640-2,1),8)*IF($H14=\"Class_6\",INDEX('ER C6 FLT2'!$A$4:$J$640,MATCH($E14&$C14,'ER C6 FLT2'!$A$4:$A$640&'ER C6 FLT2'!$B$4:$B$640-2,1),9))))),IF($B14=\"1 Truck\",\nIF(OR($H14=\"Class_8\",$N14=\"Replacement8HHD\",$AH14=\"CL7HHD\",$AJ14=\"CL7to8\"),INDEX('ER C8 FLT1'!$A$4:$J$640,MATCH($E14&$C14,'ER C8 FLT1'!$A$4:$A$640&'ER C8 FLT1'!$B$4:$B$640-2,1),8)*IF(OR($H14=\"Class_8\",$N14=\"Replacement8HHD\",$AH14=\"CL7HHD\",$AJ14=\"CL7to8\"),INDEX('ER C8 FLT1'!$A$4:$J$640,MATCH($E14&$C14,'ER C8 FLT1'!$A$4:$A$640&'ER C8 FLT1'!$B$4:$B$640-2,1),9)),IF($H14=\"Class_7\",INDEX('ER C7 FLT1'!$A$4:$J$640,MATCH($E14&$C14,'ER C7 FLT1'!$A$4:$A$640&'ER C7 FLT1'!$B$4:$B$640-2,1),8)*IF($H14=\"Class_7\",INDEX('ER C7 FLT1'!$A$4:$J$640,MATCH($E14&$C14,'ER C7 FLT1'!$A$4:$A$640&'ER C7 FLT1'!$B$4:$B$640-2,1),9)),\nIF($H14=\"Class_6\",INDEX('ER C6 FLT1'!$A$4:$J$640,MATCH($E14&$C14,'ER C6 FLT1'!$A$4:$A$640&'ER C6 FLT1'!$B$4:$B$640-2,1),8)*IF($H14=\"Class_6\",INDEX('ER C6 FLT1'!$A$4:$J$640,MATCH($E14&$C14,'ER C6 FLT1'!$A$4:$A$640&'ER C6 FLT1'!$B$4:$B$640-2,1),9))))))))*IF($F14=\"Level 1 PM\",0.75,IF($F14=\"Level 2 PM\",0.5,IF($F14=\"Level 3 PM\",0,IF($F14=\"Level 3 PM + Mark I NOx\",0,1))))*($Q14/453.6)","v":0},{"$f":"IF($B14=\"3+ Trucks\",IF(OR($H14=\"Class_8\",$N14=\"Replacement8HHD\",$AH14=\"CL7HHD\",$AJ14=\"CL7to8\"),INDEX('ER C8 FLT3'!$A$4:$J$640,MATCH($E14&$C14,'ER C8 FLT3'!$A$4:$A$640&'ER C8 FLT3'!$B$4:$B$640-3,1),8)*IF(OR($H14=\"Class_8\",$N14=\"Replacement8HHD\",$AH14=\"CL7HHD\",$AJ14=\"CL7to8\"),INDEX('ER C8 FLT3'!$A$4:$J$640,MATCH($E14&$C14,'ER C8 FLT3'!$A$4:$A$640&'ER C8 FLT3'!$B$4:$B$640-3,1),9)),IF($H14=\"Class_7\",INDEX('ER C7 FLT3'!$A$4:$J$640,MATCH($E14&$C14,'ER C7 FLT3'!$A$4:$A$640&'ER C7 FLT3'!$B$4:$B$640-3,1),8)*IF($H14=\"Class_7\",INDEX('ER C7 FLT3'!$A$4:$J$640,MATCH($E14&$C14,'ER C7 FLT3'!$A$4:$A$640&'ER C7 FLT3'!$B$4:$B$640-3,1),9)),\nIF($H14=\"Class_6\",INDEX('ER C6 FLT3'!$A$4:$J$640,MATCH($E14&$C14,'ER C6 FLT3'!$A$4:$A$640&'ER C6 FLT3'!$B$4:$B$640-3,1),8)*IF($H14=\"Class_6\",INDEX('ER C6 FLT3'!$A$4:$L$640,MATCH($E14&$C14,'ER C6 FLT3'!$A$4:$A$640&'ER C6 FLT3'!$B$4:$B$640-3,1),9))))),IF($B14=\"2 Trucks\",IF(OR($H14=\"Class_8\",$N14=\"Replacement8HHD\",$AH14=\"CL7HHD\",$AJ14=\"CL7to8\"),INDEX('ER C8 FLT2'!$A$4:$J$640,MATCH($E14&$C14,'ER C8 FLT2'!$A$4:$A$640&'ER C8 FLT2'!$B$4:$B$640-3,1),8)*IF(OR($H14=\"Class_8\",$N14=\"Replacement8HHD\",$AH14=\"CL7HHD\",$AJ14=\"CL7to8\"),INDEX('ER C8 FLT2'!$A$4:$J$640,MATCH($E14&$C14,'ER C8 FLT2'!$A$4:$A$640&'ER C8 FLT2'!$B$4:$B$640-3,1),9)),IF($H14=\"Class_7\",INDEX('ER C7 FLT2'!$A$4:$J$640,MATCH($E14&$C14,'ER C7 FLT2'!$A$4:$A$640&'ER C7 FLT2'!$B$4:$B$640-3,1),8)*IF($H14=\"Class_7\",INDEX('ER C7 FLT2'!$A$4:$J$640,MATCH($E14&$C14,'ER C7 FLT2'!$A$4:$A$640&'ER C7 FLT2'!$B$4:$B$640-3,1),9)),IF($H14=\"Class_6\",INDEX('ER C6 FLT2'!$A$4:$J$640,MATCH($E14&$C14,'ER C6 FLT2'!$A$4:$A$640&'ER C6 FLT2'!$B$4:$B$640-3,1),8)*IF($H14=\"Class_6\",INDEX('ER C6 FLT2'!$A$4:$J$640,MATCH($E14&$C14,'ER C6 FLT2'!$A$4:$A$640&'ER C6 FLT2'!$B$4:$B$640-3,1),9))))),IF($B14=\"1 Truck\",\nIF(OR($H14=\"Class_8\",$N14=\"Replacement8HHD\",$AH14=\"CL7HHD\",$AJ14=\"CL7to8\"),INDEX('ER C8 FLT1'!$A$4:$J$640,MATCH($E14&$C14,'ER C8 FLT1'!$A$4:$A$640&'ER C8 FLT1'!$B$4:$B$640-3,1),8)*IF(OR($H14=\"Class_8\",$N14=\"Replacement8HHD\",$AH14=\"CL7HHD\",$AJ14=\"CL7to8\"),INDEX('ER C8 FLT1'!$A$4:$J$640,MATCH($E14&$C14,'ER C8 FLT1'!$A$4:$A$640&'ER C8 FLT1'!$B$4:$B$640-3,1),9)),IF($H14=\"Class_7\",INDEX('ER C7 FLT1'!$A$4:$J$640,MATCH($E14&$C14,'ER C7 FLT1'!$A$4:$A$640&'ER C7 FLT1'!$B$4:$B$640-3,1),8)*IF($H14=\"Class_7\",INDEX('ER C7 FLT1'!$A$4:$J$640,MATCH($E14&$C14,'ER C7 FLT1'!$A$4:$A$640&'ER C7 FLT1'!$B$4:$B$640-3,1),9)),\nIF($H14=\"Class_6\",INDEX('ER C6 FLT1'!$A$4:$J$640,MATCH($E14&$C14,'ER C6 FLT1'!$A$4:$A$640&'ER C6 FLT1'!$B$4:$B$640-3,1),8)*IF($H14=\"Class_6\",INDEX('ER C6 FLT1'!$A$4:$J$640,MATCH($E14&$C14,'ER C6 FLT1'!$A$4:$A$640&'ER C6 FLT1'!$B$4:$B$640-3,1),9))))))))*IF($F14=\"Level 1 PM\",0.75,IF($F14=\"Level 2 PM\",0.5,IF($F14=\"Level 3 PM\",0,IF($F14=\"Level 3 PM + Mark I NOx\",0,1))))*($Q14/453.6)","v":0},{"$f":"IF($B14=\"3+ Trucks\",IF(OR($H14=\"Class_8\",$N14=\"Replacement8HHD\",$AH14=\"CL7HHD\",$AJ14=\"CL7to8\"),INDEX('ER C8 FLT3'!$A$4:$J$640,MATCH($E14&$C14,'ER C8 FLT3'!$A$4:$A$640&'ER C8 FLT3'!$B$4:$B$640-4,1),8)*IF(OR($H14=\"Class_8\",$N14=\"Replacement8HHD\",$AH14=\"CL7HHD\",$AJ14=\"CL7to8\"),INDEX('ER C8 FLT3'!$A$4:$J$640,MATCH($E14&$C14,'ER C8 FLT3'!$A$4:$A$640&'ER C8 FLT3'!$B$4:$B$640-4,1),9)),IF($H14=\"Class_7\",INDEX('ER C7 FLT3'!$A$4:$J$640,MATCH($E14&$C14,'ER C7 FLT3'!$A$4:$A$640&'ER C7 FLT3'!$B$4:$B$640-4,1),8)*IF($H14=\"Class_7\",INDEX('ER C7 FLT3'!$A$4:$J$640,MATCH($E14&$C14,'ER C7 FLT3'!$A$4:$A$640&'ER C7 FLT3'!$B$4:$B$640-4,1),9)),\nIF($H14=\"Class_6\",INDEX('ER C6 FLT3'!$A$4:$J$640,MATCH($E14&$C14,'ER C6 FLT3'!$A$4:$A$640&'ER C6 FLT3'!$B$4:$B$640-4,1),8)*IF($H14=\"Class_6\",INDEX('ER C6 FLT3'!$A$4:$L$640,MATCH($E14&$C14,'ER C6 FLT3'!$A$4:$A$640&'ER C6 FLT3'!$B$4:$B$640-4,1),9))))),IF($B14=\"2 Trucks\",IF(OR($H14=\"Class_8\",$N14=\"Replacement8HHD\",$AH14=\"CL7HHD\",$AJ14=\"CL7to8\"),INDEX('ER C8 FLT2'!$A$4:$J$640,MATCH($E14&$C14,'ER C8 FLT2'!$A$4:$A$640&'ER C8 FLT2'!$B$4:$B$640-4,1),8)*IF(OR($H14=\"Class_8\",$N14=\"Replacement8HHD\",$AH14=\"CL7HHD\",$AJ14=\"CL7to8\"),INDEX('ER C8 FLT2'!$A$4:$J$640,MATCH($E14&$C14,'ER C8 FLT2'!$A$4:$A$640&'ER C8 FLT2'!$B$4:$B$640-4,1),9)),IF($H14=\"Class_7\",INDEX('ER C7 FLT2'!$A$4:$J$640,MATCH($E14&$C14,'ER C7 FLT2'!$A$4:$A$640&'ER C7 FLT2'!$B$4:$B$640-4,1),8)*IF($H14=\"Class_7\",INDEX('ER C7 FLT2'!$A$4:$J$640,MATCH($E14&$C14,'ER C7 FLT2'!$A$4:$A$640&'ER C7 FLT2'!$B$4:$B$640-4,1),9)),IF($H14=\"Class_6\",INDEX('ER C6 FLT2'!$A$4:$J$640,MATCH($E14&$C14,'ER C6 FLT2'!$A$4:$A$640&'ER C6 FLT2'!$B$4:$B$640-4,1),8)*IF($H14=\"Class_6\",INDEX('ER C6 FLT2'!$A$4:$J$640,MATCH($E14&$C14,'ER C6 FLT2'!$A$4:$A$640&'ER C6 FLT2'!$B$4:$B$640-4,1),9))))),IF($B14=\"1 Truck\",\nIF(OR($H14=\"Class_8\",$N14=\"Replacement8HHD\",$AH14=\"CL7HHD\",$AJ14=\"CL7to8\"),INDEX('ER C8 FLT1'!$A$4:$J$640,MATCH($E14&$C14,'ER C8 FLT1'!$A$4:$A$640&'ER C8 FLT1'!$B$4:$B$640-4,1),8)*IF(OR($H14=\"Class_8\",$N14=\"Replacement8HHD\",$AH14=\"CL7HHD\",$AJ14=\"CL7to8\"),INDEX('ER C8 FLT1'!$A$4:$J$640,MATCH($E14&$C14,'ER C8 FLT1'!$A$4:$A$640&'ER C8 FLT1'!$B$4:$B$640-4,1),9)),IF($H14=\"Class_7\",INDEX('ER C7 FLT1'!$A$4:$J$640,MATCH($E14&$C14,'ER C7 FLT1'!$A$4:$A$640&'ER C7 FLT1'!$B$4:$B$640-4,1),8)*IF($H14=\"Class_7\",INDEX('ER C7 FLT1'!$A$4:$J$640,MATCH($E14&$C14,'ER C7 FLT1'!$A$4:$A$640&'ER C7 FLT1'!$B$4:$B$640-4,1),9)),\nIF($H14=\"Class_6\",INDEX('ER C6 FLT1'!$A$4:$J$640,MATCH($E14&$C14,'ER C6 FLT1'!$A$4:$A$640&'ER C6 FLT1'!$B$4:$B$640-4,1),8)*IF($H14=\"Class_6\",INDEX('ER C6 FLT1'!$A$4:$J$640,MATCH($E14&$C14,'ER C6 FLT1'!$A$4:$A$640&'ER C6 FLT1'!$B$4:$B$640-4,1),9))))))))*IF($F14=\"Level 1 PM\",0.75,IF($F14=\"Level 2 PM\",0.5,IF($F14=\"Level 3 PM\",0,IF($F14=\"Level 3 PM + Mark I NOx\",0,1))))*($Q14/453.6)","v":0},{"$f":"IF($B14=\"3+ Trucks\",IF(OR($H14=\"Class_8\",$N14=\"Replacement8HHD\",$AH14=\"CL7HHD\",$AJ14=\"CL7to8\"),INDEX('ER C8 FLT3'!$A$4:$J$640,MATCH($E14&$C14,'ER C8 FLT3'!$A$4:$A$640&'ER C8 FLT3'!$B$4:$B$640,1),8),IF($H14=\"Class_7\",INDEX('ER C7 FLT3'!$A$4:$J$640,MATCH($E14&$C14,'ER C7 FLT3'!$A$4:$A$640&'ER C7 FLT3'!$B$4:$B$640,1),8),IF($H14=\"Class_6\",INDEX('ER C6 FLT3'!$A$4:$J$640,MATCH($E14&$C14,'ER C6 FLT3'!$A$4:$A$640&'ER C6 FLT3'!$B$4:$B$640,1),8)))),IF($B14=\"2 Trucks\",IF(OR($H14=\"Class_8\",$N14=\"Replacement8HHD\",$AH14=\"CL7HHD\",$AJ14=\"CL7to8\"),INDEX('ER C8 FLT2'!$A$4:$J$640,MATCH($E14&$C14,'ER C8 FLT2'!$A$4:$A$640&'ER C8 FLT2'!$B$4:$B$640,1),8),IF($H14=\"Class_7\",INDEX('ER C7 FLT2'!$A$4:$J$640,MATCH($E14&$C14,'ER C7 FLT2'!$A$4:$A$640&'ER C7 FLT2'!$B$4:$B$640,1),8),IF($H14=\"Class_6\",INDEX('ER C6 FLT2'!$A$4:$J$640,MATCH($E14&$C14,'ER C6 FLT2'!$A$4:$A$640&'ER C6 FLT2'!$B$4:$B$640,1),8)))),IF($B14=\"1 Truck\",IF(OR($H14=\"Class_8\",$N14=\"Replacement8HHD\",$AH14=\"CL7HHD\",$AJ14=\"CL7to8\"),INDEX('ER C8 FLT1'!$A$4:$J$640,MATCH($E14&$C14,'ER C8 FLT1'!$A$4:$A$640&'ER C8 FLT1'!$B$4:$B$640,1),8),IF($H14=\"Class_7\",INDEX('ER C7 FLT1'!$A$4:$J$640,MATCH($E14&$C14,'ER C7 FLT1'!$A$4:$A$640&'ER C7 FLT1'!$B$4:$B$640,1),8),IF($H14=\"Class_6\",INDEX('ER C6 FLT1'!$A$4:$J$640,MATCH($E14&$C14,'ER C6 FLT1'!$A$4:$A$640&'ER C6 FLT1'!$B$4:$B$640,1),8)))))))","v":false},{"$f":"IF($B14=\"3+ Trucks\",IF(OR($H14=\"Class_8\",$N14=\"Replacement8HHD\",$AH14=\"CL7HHD\",$AJ14=\"CL7to8\"),INDEX('ER C8 FLT3'!$A$4:$J$640,MATCH($E14&$C14,'ER C8 FLT3'!$A$4:$A$640&'ER C8 FLT3'!$B$4:$B$640-1,1),8),IF($H14=\"Class_7\",INDEX('ER C7 FLT3'!$A$4:$J$640,MATCH($E14&$C14,'ER C7 FLT3'!$A$4:$A$640&'ER C7 FLT3'!$B$4:$B$640-1,1),8),IF($H14=\"Class_6\",INDEX('ER C6 FLT3'!$A$4:$J$640,MATCH($E14&$C14,'ER C6 FLT3'!$A$4:$A$640&'ER C6 FLT3'!$B$4:$B$640-1,1),8)))),IF($B14=\"2 Trucks\",IF(OR($H14=\"Class_8\",$N14=\"Replacement8HHD\",$AH14=\"CL7HHD\",$AJ14=\"CL7to8\"),INDEX('ER C8 FLT2'!$A$4:$J$640,MATCH($E14&$C14,'ER C8 FLT2'!$A$4:$A$640&'ER C8 FLT2'!$B$4:$B$640-1,1),8),IF($H14=\"Class_7\",INDEX('ER C7 FLT2'!$A$4:$J$640,MATCH($E14&$C14,'ER C7 FLT2'!$A$4:$A$640&'ER C7 FLT2'!$B$4:$B$640-1,1),8),IF($H14=\"Class_6\",INDEX('ER C6 FLT2'!$A$4:$J$640,MATCH($E14&$C14,'ER C6 FLT2'!$A$4:$A$640&'ER C6 FLT2'!$B$4:$B$640-1,1),8)))),IF($B14=\"1 Truck\",IF(OR($H14=\"Class_8\",$N14=\"Replacement8HHD\",$AH14=\"CL7HHD\",$AJ14=\"CL7to8\"),INDEX('ER C8 FLT1'!$A$4:$J$640,MATCH($E14&$C14,'ER C8 FLT1'!$A$4:$A$640&'ER C8 FLT1'!$B$4:$B$640-1,1),8),IF($H14=\"Class_7\",INDEX('ER C7 FLT1'!$A$4:$J$640,MATCH($E14&$C14,'ER C7 FLT1'!$A$4:$A$640&'ER C7 FLT1'!$B$4:$B$640-1,1),8),IF($H14=\"Class_6\",INDEX('ER C6 FLT1'!$A$4:$J$640,MATCH($E14&$C14,'ER C6 FLT1'!$A$4:$A$640&'ER C6 FLT1'!$B$4:$B$640-1,1),8)))))))","v":false},{"$f":"IF($B14=\"3+ Trucks\",IF(OR($H14=\"Class_8\",$N14=\"Replacement8HHD\",$AH14=\"CL7HHD\",$AJ14=\"CL7to8\"),INDEX('ER C8 FLT3'!$A$4:$J$640,MATCH($E14&$C14,'ER C8 FLT3'!$A$4:$A$640&'ER C8 FLT3'!$B$4:$B$640-2,1),8),IF($H14=\"Class_7\",INDEX('ER C7 FLT3'!$A$4:$J$640,MATCH($E14&$C14,'ER C7 FLT3'!$A$4:$A$640&'ER C7 FLT3'!$B$4:$B$640-2,1),8),IF($H14=\"Class_6\",INDEX('ER C6 FLT3'!$A$4:$J$640,MATCH($E14&$C14,'ER C6 FLT3'!$A$4:$A$640&'ER C6 FLT3'!$B$4:$B$640-2,1),8)))),IF($B14=\"2 Trucks\",IF(OR($H14=\"Class_8\",$N14=\"Replacement8HHD\",$AH14=\"CL7HHD\",$AJ14=\"CL7to8\"),INDEX('ER C8 FLT2'!$A$4:$J$640,MATCH($E14&$C14,'ER C8 FLT2'!$A$4:$A$640&'ER C8 FLT2'!$B$4:$B$640-2,1),8),IF($H14=\"Class_7\",INDEX('ER C7 FLT2'!$A$4:$J$640,MATCH($E14&$C14,'ER C7 FLT2'!$A$4:$A$640&'ER C7 FLT2'!$B$4:$B$640-2,1),8),IF($H14=\"Class_6\",INDEX('ER C6 FLT2'!$A$4:$J$640,MATCH($E14&$C14,'ER C6 FLT2'!$A$4:$A$640&'ER C6 FLT2'!$B$4:$B$640-2,1),8)))),IF($B14=\"1 Truck\",IF(OR($H14=\"Class_8\",$N14=\"Replacement8HHD\",$AH14=\"CL7HHD\",$AJ14=\"CL7to8\"),INDEX('ER C8 FLT1'!$A$4:$J$640,MATCH($E14&$C14,'ER C8 FLT1'!$A$4:$A$640&'ER C8 FLT1'!$B$4:$B$640-2,1),8),IF($H14=\"Class_7\",INDEX('ER C7 FLT1'!$A$4:$J$640,MATCH($E14&$C14,'ER C7 FLT1'!$A$4:$A$640&'ER C7 FLT1'!$B$4:$B$640-2,1),8),IF($H14=\"Class_6\",INDEX('ER C6 FLT1'!$A$4:$J$640,MATCH($E14&$C14,'ER C6 FLT1'!$A$4:$A$640&'ER C6 FLT1'!$B$4:$B$640-2,1),8)))))))","v":false},{"$f":"IF($B14=\"3+ Trucks\",IF(OR($H14=\"Class_8\",$N14=\"Replacement8HHD\",$AH14=\"CL7HHD\",$AJ14=\"CL7to8\"),INDEX('ER C8 FLT3'!$A$4:$J$640,MATCH($E14&$C14,'ER C8 FLT3'!$A$4:$A$640&'ER C8 FLT3'!$B$4:$B$640-3,1),8),IF($H14=\"Class_7\",INDEX('ER C7 FLT3'!$A$4:$J$640,MATCH($E14&$C14,'ER C7 FLT3'!$A$4:$A$640&'ER C7 FLT3'!$B$4:$B$640-3,1),8),IF($H14=\"Class_6\",INDEX('ER C6 FLT3'!$A$4:$J$640,MATCH($E14&$C14,'ER C6 FLT3'!$A$4:$A$640&'ER C6 FLT3'!$B$4:$B$640-3,1),8)))),IF($B14=\"2 Trucks\",IF(OR($H14=\"Class_8\",$N14=\"Replacement8HHD\",$AH14=\"CL7HHD\",$AJ14=\"CL7to8\"),INDEX('ER C8 FLT2'!$A$4:$J$640,MATCH($E14&$C14,'ER C8 FLT2'!$A$4:$A$640&'ER C8 FLT2'!$B$4:$B$640-3,1),8),IF($H14=\"Class_7\",INDEX('ER C7 FLT2'!$A$4:$J$640,MATCH($E14&$C14,'ER C7 FLT2'!$A$4:$A$640&'ER C7 FLT2'!$B$4:$B$640-3,1),8),IF($H14=\"Class_6\",INDEX('ER C6 FLT2'!$A$4:$J$640,MATCH($E14&$C14,'ER C6 FLT2'!$A$4:$A$640&'ER C6 FLT2'!$B$4:$B$640-3,1),8)))),IF($B14=\"1 Truck\",IF(OR($H14=\"Class_8\",$N14=\"Replacement8HHD\",$AH14=\"CL7HHD\",$AJ14=\"CL7to8\"),INDEX('ER C8 FLT1'!$A$4:$J$640,MATCH($E14&$C14,'ER C8 FLT1'!$A$4:$A$640&'ER C8 FLT1'!$B$4:$B$640-3,1),8),IF($H14=\"Class_7\",INDEX('ER C7 FLT1'!$A$4:$J$640,MATCH($E14&$C14,'ER C7 FLT1'!$A$4:$A$640&'ER C7 FLT1'!$B$4:$B$640-3,1),8),IF($H14=\"Class_6\",INDEX('ER C6 FLT1'!$A$4:$J$640,MATCH($E14&$C14,'ER C6 FLT1'!$A$4:$A$640&'ER C6 FLT1'!$B$4:$B$640-3,1),8)))))))","v":false},{"$f":"IF($B14=\"3+ Trucks\",IF(OR($H14=\"Class_8\",$N14=\"Replacement8HHD\",$AH14=\"CL7HHD\",$AJ14=\"CL7to8\"),INDEX('ER C8 FLT3'!$A$4:$J$640,MATCH($E14&$C14,'ER C8 FLT3'!$A$4:$A$640&'ER C8 FLT3'!$B$4:$B$640-4,1),8),IF($H14=\"Class_7\",INDEX('ER C7 FLT3'!$A$4:$J$640,MATCH($E14&$C14,'ER C7 FLT3'!$A$4:$A$640&'ER C7 FLT3'!$B$4:$B$640-4,1),8),IF($H14=\"Class_6\",INDEX('ER C6 FLT3'!$A$4:$J$640,MATCH($E14&$C14,'ER C6 FLT3'!$A$4:$A$640&'ER C6 FLT3'!$B$4:$B$640-4,1),8)))),IF($B14=\"2 Trucks\",IF(OR($H14=\"Class_8\",$N14=\"Replacement8HHD\",$AH14=\"CL7HHD\",$AJ14=\"CL7to8\"),INDEX('ER C8 FLT2'!$A$4:$J$640,MATCH($E14&$C14,'ER C8 FLT2'!$A$4:$A$640&'ER C8 FLT2'!$B$4:$B$640-4,1),8),IF($H14=\"Class_7\",INDEX('ER C7 FLT2'!$A$4:$J$640,MATCH($E14&$C14,'ER C7 FLT2'!$A$4:$A$640&'ER C7 FLT2'!$B$4:$B$640-4,1),8),IF($H14=\"Class_6\",INDEX('ER C6 FLT2'!$A$4:$J$640,MATCH($E14&$C14,'ER C6 FLT2'!$A$4:$A$640&'ER C6 FLT2'!$B$4:$B$640-4,1),8)))),IF($B14=\"1 Truck\",IF(OR($H14=\"Class_8\",$N14=\"Replacement8HHD\",$AH14=\"CL7HHD\",$AJ14=\"CL7to8\"),INDEX('ER C8 FLT1'!$A$4:$J$640,MATCH($E14&$C14,'ER C8 FLT1'!$A$4:$A$640&'ER C8 FLT1'!$B$4:$B$640-4,1),8),IF($H14=\"Class_7\",INDEX('ER C7 FLT1'!$A$4:$J$640,MATCH($E14&$C14,'ER C7 FLT1'!$A$4:$A$640&'ER C7 FLT1'!$B$4:$B$640-4,1),8),IF($H14=\"Class_6\",INDEX('ER C6 FLT1'!$A$4:$J$640,MATCH($E14&$C14,'ER C6 FLT1'!$A$4:$A$640&'ER C6 FLT1'!$B$4:$B$640-4,1),8)))))))","v":false},{"$f":"IF(OR($R14=\"Diesel\",$R14=\"LNG/CNG\",$R14=\"Hybrid\",$R14=\"Electric w/ AB-118\"),IF($B14=\"3+ Trucks\",IF(OR($O14=\"Class_8\",$N14=\"Replacement8HHD\",$AI14=\"CL7HHD\"),INDEX('ER C8 FLT3'!$A$4:$J$640,MATCH(DropData!$J54&$C14,'ER C8 FLT3'!$A$4:$A$640&'ER C8 FLT3'!$B$4:$B$640,1),8)*IF(OR($O14=\"Class_8\",$N14=\"Replacement8HHD\",$AI14=\"CL7HHD\"),INDEX('ER C8 FLT3'!$A$4:$J$640,MATCH(DropData!$J54&$C14,'ER C8 FLT3'!$A$4:$A$640&'ER C8 FLT3'!$B$4:$B$640,1),9)),IF($O14=\"Class_7\",INDEX('ER C7 FLT3'!$A$4:$J$640,MATCH(DropData!$J54&$C14,'ER C7 FLT3'!$A$4:$A$640&'ER C7 FLT3'!$B$4:$B$640,1),8)*IF($O14=\"Class_7\",INDEX('ER C7 FLT3'!$A$4:$J$640,MATCH(DropData!$J54&$C14,'ER C7 FLT3'!$A$4:$A$640&'ER C7 FLT3'!$B$4:$B$640,1),9)),\nIF($O14=\"Class_6\",INDEX('ER C6 FLT3'!$A$4:$J$640,MATCH(DropData!$J54&$C14,'ER C6 FLT3'!$A$4:$A$640&'ER C6 FLT3'!$B$4:$B$640,1),8)*IF($O14=\"Class_6\",INDEX('ER C6 FLT3'!$A$4:$J$640,MATCH(DropData!$J54&$C14,'ER C6 FLT3'!$A$4:$A$640&'ER C6 FLT3'!$B$4:$B$640,1),9))))),IF($B14=\"2 Trucks\",IF(OR($O14=\"Class_8\",$N14=\"Replacement8HHD\",$AI14=\"CL7HHD\"),INDEX('ER C8 FLT2'!$A$4:$J$640,MATCH(DropData!$J54&$C14,'ER C8 FLT2'!$A$4:$A$640&'ER C8 FLT2'!$B$4:$B$640,1),8)*IF(OR($O14=\"Class_8\",$N14=\"Replacement8HHD\",$AI14=\"CL7HHD\"),INDEX('ER C8 FLT2'!$A$4:$J$640,MATCH(DropData!$J54&$C14,'ER C8 FLT2'!$A$4:$A$640&'ER C8 FLT2'!$B$4:$B$640,1),9)),IF($O14=\"Class_7\",INDEX('ER C7 FLT2'!$A$4:$J$640,MATCH(DropData!$J54&$C14,'ER C7 FLT2'!$A$4:$A$640&'ER C7 FLT2'!$B$4:$B$640,1),8)*IF($O14=\"Class_7\",INDEX('ER C7 FLT2'!$A$4:$J$640,MATCH(DropData!$J54&$C14,'ER C7 FLT2'!$A$4:$A$640&'ER C7 FLT2'!$B$4:$B$640,1),9)),IF($O14=\"Class_6\",INDEX('ER C6 FLT2'!$A$4:$J$640,MATCH(DropData!$J54&$C14,'ER C6 FLT2'!$A$4:$A$640&'ER C6 FLT2'!$B$4:$B$640,1),8)*IF($O14=\"Class_6\",INDEX('ER C6 FLT2'!$A$4:$J$640,MATCH(DropData!$J54&$C14,'ER C6 FLT2'!$A$4:$A$640&'ER C6 FLT2'!$B$4:$B$640,1),9))))),IF($B14=\"1 Truck\",\nIF(OR($O14=\"Class_8\",$N14=\"Replacement8HHD\",$AI14=\"CL7HHD\"),INDEX('ER C8 FLT1'!$A$4:$J$640,MATCH(DropData!$J54&$C14,'ER C8 FLT1'!$A$4:$A$640&'ER C8 FLT1'!$B$4:$B$640,1),8)*IF(OR($O14=\"Class_8\",$N14=\"Replacement8HHD\",$AI14=\"CL7HHD\"),INDEX('ER C8 FLT1'!$A$4:$J$640,MATCH(DropData!$J54&$C14,'ER C8 FLT1'!$A$4:$A$640&'ER C8 FLT1'!$B$4:$B$640,1),9)),IF($O14=\"Class_7\",INDEX('ER C7 FLT1'!$A$4:$J$640,MATCH(DropData!$J54&$C14,'ER C7 FLT1'!$A$4:$A$640&'ER C7 FLT1'!$B$4:$B$640,1),8)*IF($O14=\"Class_7\",INDEX('ER C7 FLT1'!$A$4:$J$640,MATCH(DropData!$J54&$C14,'ER C7 FLT1'!$A$4:$A$640&'ER C7 FLT1'!$B$4:$B$640,1),9)),\nIF($O14=\"Class_6\",INDEX('ER C6 FLT1'!$A$4:$J$640,MATCH(DropData!$J54&$C14,'ER C6 FLT1'!$A$4:$A$640&'ER C6 FLT1'!$B$4:$B$640,1),8)*IF($O14=\"Class_6\",INDEX('ER C6 FLT1'!$A$4:$J$640,MATCH(DropData!$J54&$C14,'ER C6 FLT1'!$A$4:$A$640&'ER C6 FLT1'!$B$4:$B$640,1),9)))))))),IF($R14=\"Electric\",INDEX('ER Electric'!$A$6:$E$44,MATCH($C14&$O14,'ER Electric'!$A$6:$A$44&'ER Electric'!$B$6:$B$44,1),3),))*(($Q14+$AC14)/453.6)","v":0},{"$f":"IF(OR($R14=\"Diesel\",$R14=\"LNG/CNG\",$R14=\"Hybrid\",$R14=\"Electric w/ AB-118\"),IF($B14=\"3+ Trucks\",IF(OR($O14=\"Class_8\",$N14=\"Replacement8HHD\",$AI14=\"CL7HHD\"),INDEX('ER C8 FLT3'!$A$4:$J$640,MATCH(DropData!$J54&$C14,'ER C8 FLT3'!$A$4:$A$640&'ER C8 FLT3'!$B$4:$B$640-1,1),8)*IF(OR($O14=\"Class_8\",$N14=\"Replacement8HHD\",$AI14=\"CL7HHD\"),INDEX('ER C8 FLT3'!$A$4:$J$640,MATCH(DropData!$J54&$C14,'ER C8 FLT3'!$A$4:$A$640&'ER C8 FLT3'!$B$4:$B$640-1,1),9)),IF($O14=\"Class_7\",INDEX('ER C7 FLT3'!$A$4:$J$640,MATCH(DropData!$J54&$C14,'ER C7 FLT3'!$A$4:$A$640&'ER C7 FLT3'!$B$4:$B$640-1,1),8)*IF($O14=\"Class_7\",INDEX('ER C7 FLT3'!$A$4:$J$640,MATCH(DropData!$J54&$C14,'ER C7 FLT3'!$A$4:$A$640&'ER C7 FLT3'!$B$4:$B$640-1,1),9)),\nIF($O14=\"Class_6\",INDEX('ER C6 FLT3'!$A$4:$J$640,MATCH(DropData!$J54&$C14,'ER C6 FLT3'!$A$4:$A$640&'ER C6 FLT3'!$B$4:$B$640-1,1),8)*IF($O14=\"Class_6\",INDEX('ER C6 FLT3'!$A$4:$J$640,MATCH(DropData!$J54&$C14,'ER C6 FLT3'!$A$4:$A$640&'ER C6 FLT3'!$B$4:$B$640-1,1),9))))),IF($B14=\"2 Trucks\",IF(OR($O14=\"Class_8\",$N14=\"Replacement8HHD\",$AI14=\"CL7HHD\"),INDEX('ER C8 FLT2'!$A$4:$J$640,MATCH(DropData!$J54&$C14,'ER C8 FLT2'!$A$4:$A$640&'ER C8 FLT2'!$B$4:$B$640-1,1),8)*IF(OR($O14=\"Class_8\",$N14=\"Replacement8HHD\",$AI14=\"CL7HHD\"),INDEX('ER C8 FLT2'!$A$4:$J$640,MATCH(DropData!$J54&$C14,'ER C8 FLT2'!$A$4:$A$640&'ER C8 FLT2'!$B$4:$B$640-1,1),9)),IF($O14=\"Class_7\",INDEX('ER C7 FLT2'!$A$4:$J$640,MATCH(DropData!$J54&$C14,'ER C7 FLT2'!$A$4:$A$640&'ER C7 FLT2'!$B$4:$B$640-1,1),8)*IF($O14=\"Class_7\",INDEX('ER C7 FLT2'!$A$4:$J$640,MATCH(DropData!$J54&$C14,'ER C7 FLT2'!$A$4:$A$640&'ER C7 FLT2'!$B$4:$B$640-1,1),9)),IF($O14=\"Class_6\",INDEX('ER C6 FLT2'!$A$4:$J$640,MATCH(DropData!$J54&$C14,'ER C6 FLT2'!$A$4:$A$640&'ER C6 FLT2'!$B$4:$B$640-1,1),8)*IF($O14=\"Class_6\",INDEX('ER C6 FLT2'!$A$4:$J$640,MATCH(DropData!$J54&$C14,'ER C6 FLT2'!$A$4:$A$640&'ER C6 FLT2'!$B$4:$B$640-1,1),9))))),IF($B14=\"1 Truck\",\nIF(OR($O14=\"Class_8\",$N14=\"Replacement8HHD\",$AI14=\"CL7HHD\"),INDEX('ER C8 FLT1'!$A$4:$J$640,MATCH(DropData!$J54&$C14,'ER C8 FLT1'!$A$4:$A$640&'ER C8 FLT1'!$B$4:$B$640-1,1),8)*IF(OR($O14=\"Class_8\",$N14=\"Replacement8HHD\",$AI14=\"CL7HHD\"),INDEX('ER C8 FLT1'!$A$4:$J$640,MATCH(DropData!$J54&$C14,'ER C8 FLT1'!$A$4:$A$640&'ER C8 FLT1'!$B$4:$B$640-1,1),9)),IF($O14=\"Class_7\",INDEX('ER C7 FLT1'!$A$4:$J$640,MATCH(DropData!$J54&$C14,'ER C7 FLT1'!$A$4:$A$640&'ER C7 FLT1'!$B$4:$B$640-1,1),8)*IF($O14=\"Class_7\",INDEX('ER C7 FLT1'!$A$4:$J$640,MATCH(DropData!$J54&$C14,'ER C7 FLT1'!$A$4:$A$640&'ER C7 FLT1'!$B$4:$B$640-1,1),9)),\nIF($O14=\"Class_6\",INDEX('ER C6 FLT1'!$A$4:$J$640,MATCH(DropData!$J54&$C14,'ER C6 FLT1'!$A$4:$A$640&'ER C6 FLT1'!$B$4:$B$640-1,1),8)*IF($O14=\"Class_6\",INDEX('ER C6 FLT1'!$A$4:$J$640,MATCH(DropData!$J54&$C14,'ER C6 FLT1'!$A$4:$A$640&'ER C6 FLT1'!$B$4:$B$640-1,1),9)))))))),IF($R14=\"Electric\",OFFSET(INDEX('ER Electric'!$A$6:$E$44,MATCH($C14&$O14,'ER Electric'!$A$6:$A$44&'ER Electric'!$B$6:$B$44,1),3),3,0),))*(($Q14+$AC14)/453.6)","v":0},{"$f":"IF(OR($R14=\"Diesel\",$R14=\"LNG/CNG\",$R14=\"Hybrid\",$R14=\"Electric w/ AB-118\"),IF($B14=\"3+ Trucks\",IF(OR($O14=\"Class_8\",$N14=\"Replacement8HHD\",$AI14=\"CL7HHD\"),INDEX('ER C8 FLT3'!$A$4:$J$640,MATCH(DropData!$J54&$C14,'ER C8 FLT3'!$A$4:$A$640&'ER C8 FLT3'!$B$4:$B$640-2,1),8)*IF(OR($O14=\"Class_8\",$N14=\"Replacement8HHD\",$AI14=\"CL7HHD\"),INDEX('ER C8 FLT3'!$A$4:$J$640,MATCH(DropData!$J54&$C14,'ER C8 FLT3'!$A$4:$A$640&'ER C8 FLT3'!$B$4:$B$640-2,1),9)),IF($O14=\"Class_7\",INDEX('ER C7 FLT3'!$A$4:$J$640,MATCH(DropData!$J54&$C14,'ER C7 FLT3'!$A$4:$A$640&'ER C7 FLT3'!$B$4:$B$640-2,1),8)*IF($O14=\"Class_7\",INDEX('ER C7 FLT3'!$A$4:$J$640,MATCH(DropData!$J54&$C14,'ER C7 FLT3'!$A$4:$A$640&'ER C7 FLT3'!$B$4:$B$640-2,1),9)),\nIF($O14=\"Class_6\",INDEX('ER C6 FLT3'!$A$4:$J$640,MATCH(DropData!$J54&$C14,'ER C6 FLT3'!$A$4:$A$640&'ER C6 FLT3'!$B$4:$B$640-2,1),8)*IF($O14=\"Class_6\",INDEX('ER C6 FLT3'!$A$4:$J$640,MATCH(DropData!$J54&$C14,'ER C6 FLT3'!$A$4:$A$640&'ER C6 FLT3'!$B$4:$B$640-2,1),9))))),IF($B14=\"2 Trucks\",IF(OR($O14=\"Class_8\",$N14=\"Replacement8HHD\",$AI14=\"CL7HHD\"),INDEX('ER C8 FLT2'!$A$4:$J$640,MATCH(DropData!$J54&$C14,'ER C8 FLT2'!$A$4:$A$640&'ER C8 FLT2'!$B$4:$B$640-2,1),8)*IF(OR($O14=\"Class_8\",$N14=\"Replacement8HHD\",$AI14=\"CL7HHD\"),INDEX('ER C8 FLT2'!$A$4:$J$640,MATCH(DropData!$J54&$C14,'ER C8 FLT2'!$A$4:$A$640&'ER C8 FLT2'!$B$4:$B$640-2,1),9)),IF($O14=\"Class_7\",INDEX('ER C7 FLT2'!$A$4:$J$640,MATCH(DropData!$J54&$C14,'ER C7 FLT2'!$A$4:$A$640&'ER C7 FLT2'!$B$4:$B$640-2,1),8)*IF($O14=\"Class_7\",INDEX('ER C7 FLT2'!$A$4:$J$640,MATCH(DropData!$J54&$C14,'ER C7 FLT2'!$A$4:$A$640&'ER C7 FLT2'!$B$4:$B$640-2,1),9)),IF($O14=\"Class_6\",INDEX('ER C6 FLT2'!$A$4:$J$640,MATCH(DropData!$J54&$C14,'ER C6 FLT2'!$A$4:$A$640&'ER C6 FLT2'!$B$4:$B$640-2,1),8)*IF($O14=\"Class_6\",INDEX('ER C6 FLT2'!$A$4:$J$640,MATCH(DropData!$J54&$C14,'ER C6 FLT2'!$A$4:$A$640&'ER C6 FLT2'!$B$4:$B$640-2,1),9))))),IF($B14=\"1 Truck\",\nIF(OR($O14=\"Class_8\",$N14=\"Replacement8HHD\",$AI14=\"CL7HHD\"),INDEX('ER C8 FLT1'!$A$4:$J$640,MATCH(DropData!$J54&$C14,'ER C8 FLT1'!$A$4:$A$640&'ER C8 FLT1'!$B$4:$B$640-2,1),8)*IF(OR($O14=\"Class_8\",$N14=\"Replacement8HHD\",$AI14=\"CL7HHD\"),INDEX('ER C8 FLT1'!$A$4:$J$640,MATCH(DropData!$J54&$C14,'ER C8 FLT1'!$A$4:$A$640&'ER C8 FLT1'!$B$4:$B$640-2,1),9)),IF($O14=\"Class_7\",INDEX('ER C7 FLT1'!$A$4:$J$640,MATCH(DropData!$J54&$C14,'ER C7 FLT1'!$A$4:$A$640&'ER C7 FLT1'!$B$4:$B$640-2,1),8)*IF($O14=\"Class_7\",INDEX('ER C7 FLT1'!$A$4:$J$640,MATCH(DropData!$J54&$C14,'ER C7 FLT1'!$A$4:$A$640&'ER C7 FLT1'!$B$4:$B$640-2,1),9)),\nIF($O14=\"Class_6\",INDEX('ER C6 FLT1'!$A$4:$J$640,MATCH(DropData!$J54&$C14,'ER C6 FLT1'!$A$4:$A$640&'ER C6 FLT1'!$B$4:$B$640-2,1),8)*IF($O14=\"Class_6\",INDEX('ER C6 FLT1'!$A$4:$J$640,MATCH(DropData!$J54&$C14,'ER C6 FLT1'!$A$4:$A$640&'ER C6 FLT1'!$B$4:$B$640-2,1),9)))))))),IF($R14=\"Electric\",OFFSET(INDEX('ER Electric'!$A$6:$E$44,MATCH($C14&$O14,'ER Electric'!$A$6:$A$44&'ER Electric'!$B$6:$B$44,1),3),6,0),))*(($Q14+$AC14)/453.6)","v":0},{"$f":"IF(OR($R14=\"Diesel\",$R14=\"LNG/CNG\",$R14=\"Hybrid\",$R14=\"Electric w/ AB-118\"),IF($B14=\"3+ Trucks\",IF(OR($O14=\"Class_8\",$N14=\"Replacement8HHD\",$AI14=\"CL7HHD\"),INDEX('ER C8 FLT3'!$A$4:$J$640,MATCH(DropData!$J54&$C14,'ER C8 FLT3'!$A$4:$A$640&'ER C8 FLT3'!$B$4:$B$640-3,1),8)*IF(OR($O14=\"Class_8\",$N14=\"Replacement8HHD\",$AI14=\"CL7HHD\"),INDEX('ER C8 FLT3'!$A$4:$J$640,MATCH(DropData!$J54&$C14,'ER C8 FLT3'!$A$4:$A$640&'ER C8 FLT3'!$B$4:$B$640-3,1),9)),IF($O14=\"Class_7\",INDEX('ER C7 FLT3'!$A$4:$J$640,MATCH(DropData!$J54&$C14,'ER C7 FLT3'!$A$4:$A$640&'ER C7 FLT3'!$B$4:$B$640-3,1),8)*IF($O14=\"Class_7\",INDEX('ER C7 FLT3'!$A$4:$J$640,MATCH(DropData!$J54&$C14,'ER C7 FLT3'!$A$4:$A$640&'ER C7 FLT3'!$B$4:$B$640-3,1),9)),\nIF($O14=\"Class_6\",INDEX('ER C6 FLT3'!$A$4:$J$640,MATCH(DropData!$J54&$C14,'ER C6 FLT3'!$A$4:$A$640&'ER C6 FLT3'!$B$4:$B$640-3,1),8)*IF($O14=\"Class_6\",INDEX('ER C6 FLT3'!$A$4:$J$640,MATCH(DropData!$J54&$C14,'ER C6 FLT3'!$A$4:$A$640&'ER C6 FLT3'!$B$4:$B$640-3,1),9))))),IF($B14=\"2 Trucks\",IF(OR($O14=\"Class_8\",$N14=\"Replacement8HHD\",$AI14=\"CL7HHD\"),INDEX('ER C8 FLT2'!$A$4:$J$640,MATCH(DropData!$J54&$C14,'ER C8 FLT2'!$A$4:$A$640&'ER C8 FLT2'!$B$4:$B$640-3,1),8)*IF(OR($O14=\"Class_8\",$N14=\"Replacement8HHD\",$AI14=\"CL7HHD\"),INDEX('ER C8 FLT2'!$A$4:$J$640,MATCH(DropData!$J54&$C14,'ER C8 FLT2'!$A$4:$A$640&'ER C8 FLT2'!$B$4:$B$640-3,1),9)),IF($O14=\"Class_7\",INDEX('ER C7 FLT2'!$A$4:$J$640,MATCH(DropData!$J54&$C14,'ER C7 FLT2'!$A$4:$A$640&'ER C7 FLT2'!$B$4:$B$640-3,1),8)*IF($O14=\"Class_7\",INDEX('ER C7 FLT2'!$A$4:$J$640,MATCH(DropData!$J54&$C14,'ER C7 FLT2'!$A$4:$A$640&'ER C7 FLT2'!$B$4:$B$640-3,1),9)),IF($O14=\"Class_6\",INDEX('ER C6 FLT2'!$A$4:$J$640,MATCH(DropData!$J54&$C14,'ER C6 FLT2'!$A$4:$A$640&'ER C6 FLT2'!$B$4:$B$640-3,1),8)*IF($O14=\"Class_6\",INDEX('ER C6 FLT2'!$A$4:$J$640,MATCH(DropData!$J54&$C14,'ER C6 FLT2'!$A$4:$A$640&'ER C6 FLT2'!$B$4:$B$640-3,1),9))))),IF($B14=\"1 Truck\",\nIF(OR($O14=\"Class_8\",$N14=\"Replacement8HHD\",$AI14=\"CL7HHD\"),INDEX('ER C8 FLT1'!$A$4:$J$640,MATCH(DropData!$J54&$C14,'ER C8 FLT1'!$A$4:$A$640&'ER C8 FLT1'!$B$4:$B$640-3,1),8)*IF(OR($O14=\"Class_8\",$N14=\"Replacement8HHD\",$AI14=\"CL7HHD\"),INDEX('ER C8 FLT1'!$A$4:$J$640,MATCH(DropData!$J54&$C14,'ER C8 FLT1'!$A$4:$A$640&'ER C8 FLT1'!$B$4:$B$640-3,1),9)),IF($O14=\"Class_7\",INDEX('ER C7 FLT1'!$A$4:$J$640,MATCH(DropData!$J54&$C14,'ER C7 FLT1'!$A$4:$A$640&'ER C7 FLT1'!$B$4:$B$640-3,1),8)*IF($O14=\"Class_7\",INDEX('ER C7 FLT1'!$A$4:$J$640,MATCH(DropData!$J54&$C14,'ER C7 FLT1'!$A$4:$A$640&'ER C7 FLT1'!$B$4:$B$640-3,1),9)),\nIF($O14=\"Class_6\",INDEX('ER C6 FLT1'!$A$4:$J$640,MATCH(DropData!$J54&$C14,'ER C6 FLT1'!$A$4:$A$640&'ER C6 FLT1'!$B$4:$B$640-3,1),8)*IF($O14=\"Class_6\",INDEX('ER C6 FLT1'!$A$4:$J$640,MATCH(DropData!$J54&$C14,'ER C6 FLT1'!$A$4:$A$640&'ER C6 FLT1'!$B$4:$B$640-3,1),9)))))))),IF($R14=\"Electric\",OFFSET(INDEX('ER Electric'!$A$6:$E$44,MATCH($C14&$O14,'ER Electric'!$A$6:$A$44&'ER Electric'!$B$6:$B$44,1),3),9,0)))*(($Q14+$AC14)/453.6)","v":0},{"$f":"IF(OR($R14=\"Diesel\",$R14=\"LNG/CNG\",$R14=\"Hybrid\",$R14=\"Electric w/ AB-118\"),IF($B14=\"3+ Trucks\",IF(OR($O14=\"Class_8\",$N14=\"Replacement8HHD\",$AI14=\"CL7HHD\"),INDEX('ER C8 FLT3'!$A$4:$J$640,MATCH(DropData!$J54&$C14,'ER C8 FLT3'!$A$4:$A$640&'ER C8 FLT3'!$B$4:$B$640-4,1),8)*IF(OR($O14=\"Class_8\",$N14=\"Replacement8HHD\",$AI14=\"CL7HHD\"),INDEX('ER C8 FLT3'!$A$4:$J$640,MATCH(DropData!$J54&$C14,'ER C8 FLT3'!$A$4:$A$640&'ER C8 FLT3'!$B$4:$B$640-4,1),9)),IF($O14=\"Class_7\",INDEX('ER C7 FLT3'!$A$4:$J$640,MATCH(DropData!$J54&$C14,'ER C7 FLT3'!$A$4:$A$640&'ER C7 FLT3'!$B$4:$B$640-4,1),8)*IF($O14=\"Class_7\",INDEX('ER C7 FLT3'!$A$4:$J$640,MATCH(DropData!$J54&$C14,'ER C7 FLT3'!$A$4:$A$640&'ER C7 FLT3'!$B$4:$B$640-4,1),9)),\nIF($O14=\"Class_6\",INDEX('ER C6 FLT3'!$A$4:$J$640,MATCH(DropData!$J54&$C14,'ER C6 FLT3'!$A$4:$A$640&'ER C6 FLT3'!$B$4:$B$640-4,1),8)*IF($O14=\"Class_6\",INDEX('ER C6 FLT3'!$A$4:$J$640,MATCH(DropData!$J54&$C14,'ER C6 FLT3'!$A$4:$A$640&'ER C6 FLT3'!$B$4:$B$640-4,1),9))))),IF($B14=\"2 Trucks\",IF(OR($O14=\"Class_8\",$N14=\"Replacement8HHD\",$AI14=\"CL7HHD\"),INDEX('ER C8 FLT2'!$A$4:$J$640,MATCH(DropData!$J54&$C14,'ER C8 FLT2'!$A$4:$A$640&'ER C8 FLT2'!$B$4:$B$640-4,1),8)*IF(OR($O14=\"Class_8\",$N14=\"Replacement8HHD\",$AI14=\"CL7HHD\"),INDEX('ER C8 FLT2'!$A$4:$J$640,MATCH(DropData!$J54&$C14,'ER C8 FLT2'!$A$4:$A$640&'ER C8 FLT2'!$B$4:$B$640-4,1),9)),IF($O14=\"Class_7\",INDEX('ER C7 FLT2'!$A$4:$J$640,MATCH(DropData!$J54&$C14,'ER C7 FLT2'!$A$4:$A$640&'ER C7 FLT2'!$B$4:$B$640-4,1),8)*IF($O14=\"Class_7\",INDEX('ER C7 FLT2'!$A$4:$J$640,MATCH(DropData!$J54&$C14,'ER C7 FLT2'!$A$4:$A$640&'ER C7 FLT2'!$B$4:$B$640-4,1),9)),IF($O14=\"Class_6\",INDEX('ER C6 FLT2'!$A$4:$J$640,MATCH(DropData!$J54&$C14,'ER C6 FLT2'!$A$4:$A$640&'ER C6 FLT2'!$B$4:$B$640-4,1),8)*IF($O14=\"Class_6\",INDEX('ER C6 FLT2'!$A$4:$J$640,MATCH(DropData!$J54&$C14,'ER C6 FLT2'!$A$4:$A$640&'ER C6 FLT2'!$B$4:$B$640-4,1),9))))),IF($B14=\"1 Truck\",\nIF(OR($O14=\"Class_8\",$N14=\"Replacement8HHD\",$AI14=\"CL7HHD\"),INDEX('ER C8 FLT1'!$A$4:$J$640,MATCH(DropData!$J54&$C14,'ER C8 FLT1'!$A$4:$A$640&'ER C8 FLT1'!$B$4:$B$640-4,1),8)*IF(OR($O14=\"Class_8\",$N14=\"Replacement8HHD\",$AI14=\"CL7HHD\"),INDEX('ER C8 FLT1'!$A$4:$J$640,MATCH(DropData!$J54&$C14,'ER C8 FLT1'!$A$4:$A$640&'ER C8 FLT1'!$B$4:$B$640-4,1),9)),IF($O14=\"Class_7\",INDEX('ER C7 FLT1'!$A$4:$J$640,MATCH(DropData!$J54&$C14,'ER C7 FLT1'!$A$4:$A$640&'ER C7 FLT1'!$B$4:$B$640-4,1),8)*IF($O14=\"Class_7\",INDEX('ER C7 FLT1'!$A$4:$J$640,MATCH(DropData!$J54&$C14,'ER C7 FLT1'!$A$4:$A$640&'ER C7 FLT1'!$B$4:$B$640-4,1),9)),\nIF($O14=\"Class_6\",INDEX('ER C6 FLT1'!$A$4:$J$640,MATCH(DropData!$J54&$C14,'ER C6 FLT1'!$A$4:$A$640&'ER C6 FLT1'!$B$4:$B$640-4,1),8)*IF($O14=\"Class_6\",INDEX('ER C6 FLT1'!$A$4:$J$640,MATCH(DropData!$J54&$C14,'ER C6 FLT1'!$A$4:$A$640&'ER C6 FLT1'!$B$4:$B$640-4,1),9)))))))),IF($R14=\"Electric\",OFFSET(INDEX('ER Electric'!$A$6:$E$44,MATCH($C14&$O14,'ER Electric'!$A$6:$A$44&'ER Electric'!$B$6:$B$44,1),3),12,0),))*(($Q14+$AC14)/453.6)","v":0},{"$f":"IF(OR($R14=\"Diesel\",$R14=\"LNG/CNG\",$R14=\"Hybrid\",$R14=\"Electric w/ AB-118\"),IF($B14=\"3+ Trucks\",IF(OR($O14=\"Class_8\",$N14=\"Replacement8HHD\",$AI14=\"CL7HHD\"),INDEX('ER C8 FLT3'!$A$4:$J$640,MATCH(DropData!$J54&$C14,'ER C8 FLT3'!$A$4:$A$640&'ER C8 FLT3'!$B$4:$B$640,1),8)*IF(OR($O14=\"Class_8\",$N14=\"Replacement8HHD\",$AI14=\"CL7HHD\"),INDEX('ER C8 FLT3'!$A$4:$J$640,MATCH(DropData!$J54&$C14,'ER C8 FLT3'!$A$4:$A$640&'ER C8 FLT3'!$B$4:$B$640,1),9)),IF($O14=\"Class_7\",INDEX('ER C7 FLT3'!$A$4:$J$640,MATCH(DropData!$J54&$C14,'ER C7 FLT3'!$A$4:$A$640&'ER C7 FLT3'!$B$4:$B$640,1),8)*IF($O14=\"Class_7\",INDEX('ER C7 FLT3'!$A$4:$J$640,MATCH(DropData!$J54&$C14,'ER C7 FLT3'!$A$4:$A$640&'ER C7 FLT3'!$B$4:$B$640,1),9)),\nIF($O14=\"Class_6\",INDEX('ER C6 FLT3'!$A$4:$J$640,MATCH(DropData!$J54&$C14,'ER C6 FLT3'!$A$4:$A$640&'ER C6 FLT3'!$B$4:$B$640,1),8)*IF($O14=\"Class_6\",INDEX('ER C6 FLT3'!$A$4:$J$640,MATCH(DropData!$J54&$C14,'ER C6 FLT3'!$A$4:$A$640&'ER C6 FLT3'!$B$4:$B$640,1),9))))),IF($B14=\"2 Trucks\",IF(OR($O14=\"Class_8\",$N14=\"Replacement8HHD\",$AI14=\"CL7HHD\"),INDEX('ER C8 FLT2'!$A$4:$J$640,MATCH(DropData!$J54&$C14,'ER C8 FLT2'!$A$4:$A$640&'ER C8 FLT2'!$B$4:$B$640,1),8)*IF(OR($O14=\"Class_8\",$N14=\"Replacement8HHD\",$AI14=\"CL7HHD\"),INDEX('ER C8 FLT2'!$A$4:$J$640,MATCH(DropData!$J54&$C14,'ER C8 FLT2'!$A$4:$A$640&'ER C8 FLT2'!$B$4:$B$640,1),9)),IF($O14=\"Class_7\",INDEX('ER C7 FLT2'!$A$4:$J$640,MATCH(DropData!$J54&$C14,'ER C7 FLT2'!$A$4:$A$640&'ER C7 FLT2'!$B$4:$B$640,1),8)*IF($O14=\"Class_7\",INDEX('ER C7 FLT2'!$A$4:$J$640,MATCH(DropData!$J54&$C14,'ER C7 FLT2'!$A$4:$A$640&'ER C7 FLT2'!$B$4:$B$640,1),9)),IF($O14=\"Class_6\",INDEX('ER C6 FLT2'!$A$4:$J$640,MATCH(DropData!$J54&$C14,'ER C6 FLT2'!$A$4:$A$640&'ER C6 FLT2'!$B$4:$B$640,1),8)*IF($O14=\"Class_6\",INDEX('ER C6 FLT2'!$A$4:$J$640,MATCH(DropData!$J54&$C14,'ER C6 FLT2'!$A$4:$A$640&'ER C6 FLT2'!$B$4:$B$640,1),9))))),IF($B14=\"1 Truck\",\nIF(OR($O14=\"Class_8\",$N14=\"Replacement8HHD\",$AI14=\"CL7HHD\"),INDEX('ER C8 FLT1'!$A$4:$J$640,MATCH(DropData!$J54&$C14,'ER C8 FLT1'!$A$4:$A$640&'ER C8 FLT1'!$B$4:$B$640,1),8)*IF(OR($O14=\"Class_8\",$N14=\"Replacement8HHD\",$AI14=\"CL7HHD\"),INDEX('ER C8 FLT1'!$A$4:$J$640,MATCH(DropData!$J54&$C14,'ER C8 FLT1'!$A$4:$A$640&'ER C8 FLT1'!$B$4:$B$640,1),9)),IF($O14=\"Class_7\",INDEX('ER C7 FLT1'!$A$4:$J$640,MATCH(DropData!$J54&$C14,'ER C7 FLT1'!$A$4:$A$640&'ER C7 FLT1'!$B$4:$B$640,1),8)*IF($O14=\"Class_7\",INDEX('ER C7 FLT1'!$A$4:$J$640,MATCH(DropData!$J54&$C14,'ER C7 FLT1'!$A$4:$A$640&'ER C7 FLT1'!$B$4:$B$640,1),9)),IF($O14=\"Class_6\",INDEX('ER C6 FLT1'!$A$4:$J$640,MATCH(DropData!$J54&$C14,'ER C6 FLT1'!$A$4:$A$640&'ER C6 FLT1'!$B$4:$B$640,1),8)*IF($O14=\"Class_6\",INDEX('ER C6 FLT1'!$A$4:$J$640,MATCH(DropData!$J54&$C14,'ER C6 FLT1'!$A$4:$A$640&'ER C6 FLT1'!$B$4:$B$640,1),9)))))))),IF($R14=\"Electric\",INDEX('ER Electric'!$A$6:$E$44,MATCH($C14&$O14,'ER Electric'!$A$6:$A$44&'ER Electric'!$B$6:$B$44,1),3),))","v":0},{"$f":"IF(OR($R14=\"Diesel\",$R14=\"LNG/CNG\",$R14=\"Hybrid\",$R14=\"Electric w/ AB-118\"),IF($B14=\"3+ Trucks\",IF(OR($O14=\"Class_8\",$N14=\"Replacement8HHD\",$AI14=\"CL7HHD\"),INDEX('ER C8 FLT3'!$A$4:$J$640,MATCH(DropData!$J54&$C14,'ER C8 FLT3'!$A$4:$A$640&'ER C8 FLT3'!$B$4:$B$640-1,1),8)*IF(OR($O14=\"Class_8\",$N14=\"Replacement8HHD\",$AI14=\"CL7HHD\"),INDEX('ER C8 FLT3'!$A$4:$J$640,MATCH(DropData!$J54&$C14,'ER C8 FLT3'!$A$4:$A$640&'ER C8 FLT3'!$B$4:$B$640-1,1),9)),IF($O14=\"Class_7\",INDEX('ER C7 FLT3'!$A$4:$J$640,MATCH(DropData!$J54&$C14,'ER C7 FLT3'!$A$4:$A$640&'ER C7 FLT3'!$B$4:$B$640-1,1),8)*IF($O14=\"Class_7\",INDEX('ER C7 FLT3'!$A$4:$J$640,MATCH(DropData!$J54&$C14,'ER C7 FLT3'!$A$4:$A$640&'ER C7 FLT3'!$B$4:$B$640-1,1),9)),IF($O14=\"Class_6\",INDEX('ER C6 FLT3'!$A$4:$J$640,MATCH(DropData!$J54&$C14,'ER C6 FLT3'!$A$4:$A$640&'ER C6 FLT3'!$B$4:$B$640-1,1),8)*IF($O14=\"Class_6\",INDEX('ER C6 FLT3'!$A$4:$J$640,MATCH(DropData!$J54&$C14,'ER C6 FLT3'!$A$4:$A$640&'ER C6 FLT3'!$B$4:$B$640-1,1),9))))),IF($B14=\"2 Trucks\",IF(OR($O14=\"Class_8\",$N14=\"Replacement8HHD\",$AI14=\"CL7HHD\"),INDEX('ER C8 FLT2'!$A$4:$J$640,MATCH(DropData!$J54&$C14,'ER C8 FLT2'!$A$4:$A$640&'ER C8 FLT2'!$B$4:$B$640-1,1),8)*IF(OR($O14=\"Class_8\",$N14=\"Replacement8HHD\",$AI14=\"CL7HHD\"),INDEX('ER C8 FLT2'!$A$4:$J$640,MATCH(DropData!$J54&$C14,'ER C8 FLT2'!$A$4:$A$640&'ER C8 FLT2'!$B$4:$B$640-1,1),9)),IF($O14=\"Class_7\",INDEX('ER C7 FLT2'!$A$4:$J$640,MATCH(DropData!$J54&$C14,'ER C7 FLT2'!$A$4:$A$640&'ER C7 FLT2'!$B$4:$B$640-1,1),8)*IF($O14=\"Class_7\",INDEX('ER C7 FLT2'!$A$4:$J$640,MATCH(DropData!$J54&$C14,'ER C7 FLT2'!$A$4:$A$640&'ER C7 FLT2'!$B$4:$B$640-1,1),9)),IF($O14=\"Class_6\",INDEX('ER C6 FLT2'!$A$4:$J$640,MATCH(DropData!$J54&$C14,'ER C6 FLT2'!$A$4:$A$640&'ER C6 FLT2'!$B$4:$B$640-1,1),8)*IF($O14=\"Class_6\",INDEX('ER C6 FLT2'!$A$4:$J$640,MATCH(DropData!$J54&$C14,'ER C6 FLT2'!$A$4:$A$640&'ER C6 FLT2'!$B$4:$B$640-1,1),9))))),IF($B14=\"1 Truck\",IF(OR($O14=\"Class_8\",$N14=\"Replacement8HHD\",$AI14=\"CL7HHD\"),INDEX('ER C8 FLT1'!$A$4:$J$640,MATCH(DropData!$J54&$C14,'ER C8 FLT1'!$A$4:$A$640&'ER C8 FLT1'!$B$4:$B$640-1,1),8)*IF(OR($O14=\"Class_8\",$N14=\"Replacement8HHD\",$AI14=\"CL7HHD\"),INDEX('ER C8 FLT1'!$A$4:$J$640,MATCH(DropData!$J54&$C14,'ER C8 FLT1'!$A$4:$A$640&'ER C8 FLT1'!$B$4:$B$640-1,1),9)),IF($O14=\"Class_7\",INDEX('ER C7 FLT1'!$A$4:$J$640,MATCH(DropData!$J54&$C14,'ER C7 FLT1'!$A$4:$A$640&'ER C7 FLT1'!$B$4:$B$640-1,1),8)*IF($O14=\"Class_7\",INDEX('ER C7 FLT1'!$A$4:$J$640,MATCH(DropData!$J54&$C14,'ER C7 FLT1'!$A$4:$A$640&'ER C7 FLT1'!$B$4:$B$640-1,1),9)),IF($O14=\"Class_6\",INDEX('ER C6 FLT1'!$A$4:$J$640,MATCH(DropData!$J54&$C14,'ER C6 FLT1'!$A$4:$A$640&'ER C6 FLT1'!$B$4:$B$640-1,1),8)*IF($O14=\"Class_6\",INDEX('ER C6 FLT1'!$A$4:$J$640,MATCH(DropData!$J54&$C14,'ER C6 FLT1'!$A$4:$A$640&'ER C6 FLT1'!$B$4:$B$640-1,1),9)))))))),IF($R14=\"Electric\",OFFSET(INDEX('ER Electric'!$A$6:$E$44,MATCH($C14&$O14,'ER Electric'!$A$6:$A$44&'ER Electric'!$B$6:$B$44,1),3),3,0),))","v":0},{"$f":"IF(OR($R14=\"Diesel\",$R14=\"LNG/CNG\",$R14=\"Hybrid\",$R14=\"Electric w/ AB-118\"),IF($B14=\"3+ Trucks\",IF(OR($O14=\"Class_8\",$N14=\"Replacement8HHD\",$AI14=\"CL7HHD\"),INDEX('ER C8 FLT3'!$A$4:$J$640,MATCH(DropData!$J54&$C14,'ER C8 FLT3'!$A$4:$A$640&'ER C8 FLT3'!$B$4:$B$640-2,1),8)*IF(OR($O14=\"Class_8\",$N14=\"Replacement8HHD\",$AI14=\"CL7HHD\"),INDEX('ER C8 FLT3'!$A$4:$J$640,MATCH(DropData!$J54&$C14,'ER C8 FLT3'!$A$4:$A$640&'ER C8 FLT3'!$B$4:$B$640-2,1),9)),IF($O14=\"Class_7\",INDEX('ER C7 FLT3'!$A$4:$J$640,MATCH(DropData!$J54&$C14,'ER C7 FLT3'!$A$4:$A$640&'ER C7 FLT3'!$B$4:$B$640-2,1),8)*IF($O14=\"Class_7\",INDEX('ER C7 FLT3'!$A$4:$J$640,MATCH(DropData!$J54&$C14,'ER C7 FLT3'!$A$4:$A$640&'ER C7 FLT3'!$B$4:$B$640-2,1),9)),IF($O14=\"Class_6\",INDEX('ER C6 FLT3'!$A$4:$J$640,MATCH(DropData!$J54&$C14,'ER C6 FLT3'!$A$4:$A$640&'ER C6 FLT3'!$B$4:$B$640-2,1),8)*IF($O14=\"Class_6\",INDEX('ER C6 FLT3'!$A$4:$J$640,MATCH(DropData!$J54&$C14,'ER C6 FLT3'!$A$4:$A$640&'ER C6 FLT3'!$B$4:$B$640-2,1),9))))),IF($B14=\"2 Trucks\",IF(OR($O14=\"Class_8\",$N14=\"Replacement8HHD\",$AI14=\"CL7HHD\"),INDEX('ER C8 FLT2'!$A$4:$J$640,MATCH(DropData!$J54&$C14,'ER C8 FLT2'!$A$4:$A$640&'ER C8 FLT2'!$B$4:$B$640-2,1),8)*IF(OR($O14=\"Class_8\",$N14=\"Replacement8HHD\",$AI14=\"CL7HHD\"),INDEX('ER C8 FLT2'!$A$4:$J$640,MATCH(DropData!$J54&$C14,'ER C8 FLT2'!$A$4:$A$640&'ER C8 FLT2'!$B$4:$B$640-2,1),9)),IF($O14=\"Class_7\",INDEX('ER C7 FLT2'!$A$4:$J$640,MATCH(DropData!$J54&$C14,'ER C7 FLT2'!$A$4:$A$640&'ER C7 FLT2'!$B$4:$B$640-2,1),8)*IF($O14=\"Class_7\",INDEX('ER C7 FLT2'!$A$4:$J$640,MATCH(DropData!$J54&$C14,'ER C7 FLT2'!$A$4:$A$640&'ER C7 FLT2'!$B$4:$B$640-2,1),9)),IF($O14=\"Class_6\",INDEX('ER C6 FLT2'!$A$4:$J$640,MATCH(DropData!$J54&$C14,'ER C6 FLT2'!$A$4:$A$640&'ER C6 FLT2'!$B$4:$B$640-2,1),8)*IF($O14=\"Class_6\",INDEX('ER C6 FLT2'!$A$4:$J$640,MATCH(DropData!$J54&$C14,'ER C6 FLT2'!$A$4:$A$640&'ER C6 FLT2'!$B$4:$B$640-2,1),9))))),IF($B14=\"1 Truck\",IF(OR($O14=\"Class_8\",$N14=\"Replacement8HHD\",$AI14=\"CL7HHD\"),INDEX('ER C8 FLT1'!$A$4:$J$640,MATCH(DropData!$J54&$C14,'ER C8 FLT1'!$A$4:$A$640&'ER C8 FLT1'!$B$4:$B$640-2,1),8)*IF(OR($O14=\"Class_8\",$N14=\"Replacement8HHD\",$AI14=\"CL7HHD\"),INDEX('ER C8 FLT1'!$A$4:$J$640,MATCH(DropData!$J54&$C14,'ER C8 FLT1'!$A$4:$A$640&'ER C8 FLT1'!$B$4:$B$640-2,1),9)),IF($O14=\"Class_7\",INDEX('ER C7 FLT1'!$A$4:$J$640,MATCH(DropData!$J54&$C14,'ER C7 FLT1'!$A$4:$A$640&'ER C7 FLT1'!$B$4:$B$640-2,1),8)*IF($O14=\"Class_7\",INDEX('ER C7 FLT1'!$A$4:$J$640,MATCH(DropData!$J54&$C14,'ER C7 FLT1'!$A$4:$A$640&'ER C7 FLT1'!$B$4:$B$640-2,1),9)),IF($O14=\"Class_6\",INDEX('ER C6 FLT1'!$A$4:$J$640,MATCH(DropData!$J54&$C14,'ER C6 FLT1'!$A$4:$A$640&'ER C6 FLT1'!$B$4:$B$640-2,1),8)*IF($O14=\"Class_6\",INDEX('ER C6 FLT1'!$A$4:$J$640,MATCH(DropData!$J54&$C14,'ER C6 FLT1'!$A$4:$A$640&'ER C6 FLT1'!$B$4:$B$640-2,1),9)))))))),IF($R14=\"Electric\",OFFSET(INDEX('ER Electric'!$A$6:$E$44,MATCH($C14&$O14,'ER Electric'!$A$6:$A$44&'ER Electric'!$B$6:$B$44,1),3),6,0),))","v":0},{"$f":"IF(OR($R14=\"Diesel\",$R14=\"LNG/CNG\",$R14=\"Hybrid\",$R14=\"Electric w/ AB-118\"),IF($B14=\"3+ Trucks\",IF(OR($O14=\"Class_8\",$N14=\"Replacement8HHD\",$AI14=\"CL7HHD\"),INDEX('ER C8 FLT3'!$A$4:$J$640,MATCH(DropData!$J54&$C14,'ER C8 FLT3'!$A$4:$A$640&'ER C8 FLT3'!$B$4:$B$640-3,1),8)*IF(OR($O14=\"Class_8\",$N14=\"Replacement8HHD\",$AI14=\"CL7HHD\"),INDEX('ER C8 FLT3'!$A$4:$J$640,MATCH(DropData!$J54&$C14,'ER C8 FLT3'!$A$4:$A$640&'ER C8 FLT3'!$B$4:$B$640-3,1),9)),IF($O14=\"Class_7\",INDEX('ER C7 FLT3'!$A$4:$J$640,MATCH(DropData!$J54&$C14,'ER C7 FLT3'!$A$4:$A$640&'ER C7 FLT3'!$B$4:$B$640-3,1),8)*IF($O14=\"Class_7\",INDEX('ER C7 FLT3'!$A$4:$J$640,MATCH(DropData!$J54&$C14,'ER C7 FLT3'!$A$4:$A$640&'ER C7 FLT3'!$B$4:$B$640-3,1),9)),IF($O14=\"Class_6\",INDEX('ER C6 FLT3'!$A$4:$J$640,MATCH(DropData!$J54&$C14,'ER C6 FLT3'!$A$4:$A$640&'ER C6 FLT3'!$B$4:$B$640-3,1),8)*IF($O14=\"Class_6\",INDEX('ER C6 FLT3'!$A$4:$J$640,MATCH(DropData!$J54&$C14,'ER C6 FLT3'!$A$4:$A$640&'ER C6 FLT3'!$B$4:$B$640-3,1),9))))),IF($B14=\"2 Trucks\",IF(OR($O14=\"Class_8\",$N14=\"Replacement8HHD\",$AI14=\"CL7HHD\"),INDEX('ER C8 FLT2'!$A$4:$J$640,MATCH(DropData!$J54&$C14,'ER C8 FLT2'!$A$4:$A$640&'ER C8 FLT2'!$B$4:$B$640-3,1),8)*IF(OR($O14=\"Class_8\",$N14=\"Replacement8HHD\",$AI14=\"CL7HHD\"),INDEX('ER C8 FLT2'!$A$4:$J$640,MATCH(DropData!$J54&$C14,'ER C8 FLT2'!$A$4:$A$640&'ER C8 FLT2'!$B$4:$B$640-3,1),9)),IF($O14=\"Class_7\",INDEX('ER C7 FLT2'!$A$4:$J$640,MATCH(DropData!$J54&$C14,'ER C7 FLT2'!$A$4:$A$640&'ER C7 FLT2'!$B$4:$B$640-3,1),8)*IF($O14=\"Class_7\",INDEX('ER C7 FLT2'!$A$4:$J$640,MATCH(DropData!$J54&$C14,'ER C7 FLT2'!$A$4:$A$640&'ER C7 FLT2'!$B$4:$B$640-3,1),9)),IF($O14=\"Class_6\",INDEX('ER C6 FLT2'!$A$4:$J$640,MATCH(DropData!$J54&$C14,'ER C6 FLT2'!$A$4:$A$640&'ER C6 FLT2'!$B$4:$B$640-3,1),8)*IF($O14=\"Class_6\",INDEX('ER C6 FLT2'!$A$4:$J$640,MATCH(DropData!$J54&$C14,'ER C6 FLT2'!$A$4:$A$640&'ER C6 FLT2'!$B$4:$B$640-3,1),9))))),IF($B14=\"1 Truck\",IF(OR($O14=\"Class_8\",$N14=\"Replacement8HHD\",$AI14=\"CL7HHD\"),INDEX('ER C8 FLT1'!$A$4:$J$640,MATCH(DropData!$J54&$C14,'ER C8 FLT1'!$A$4:$A$640&'ER C8 FLT1'!$B$4:$B$640-3,1),8)*IF(OR($O14=\"Class_8\",$N14=\"Replacement8HHD\",$AI14=\"CL7HHD\"),INDEX('ER C8 FLT1'!$A$4:$J$640,MATCH(DropData!$J54&$C14,'ER C8 FLT1'!$A$4:$A$640&'ER C8 FLT1'!$B$4:$B$640-3,1),9)),IF($O14=\"Class_7\",INDEX('ER C7 FLT1'!$A$4:$J$640,MATCH(DropData!$J54&$C14,'ER C7 FLT1'!$A$4:$A$640&'ER C7 FLT1'!$B$4:$B$640-3,1),8)*IF($O14=\"Class_7\",INDEX('ER C7 FLT1'!$A$4:$J$640,MATCH(DropData!$J54&$C14,'ER C7 FLT1'!$A$4:$A$640&'ER C7 FLT1'!$B$4:$B$640-3,1),9)),IF($O14=\"Class_6\",INDEX('ER C6 FLT1'!$A$4:$J$640,MATCH(DropData!$J54&$C14,'ER C6 FLT1'!$A$4:$A$640&'ER C6 FLT1'!$B$4:$B$640-3,1),8)*IF($O14=\"Class_6\",INDEX('ER C6 FLT1'!$A$4:$J$640,MATCH(DropData!$J54&$C14,'ER C6 FLT1'!$A$4:$A$640&'ER C6 FLT1'!$B$4:$B$640-3,1),9)))))))),IF($R14=\"Electric\",OFFSET(INDEX('ER Electric'!$A$6:$E$44,MATCH($C14&$O14,'ER Electric'!$A$6:$A$44&'ER Electric'!$B$6:$B$44,1),3),9,0),))","v":0},{"$f":"IF(OR($R14=\"Diesel\",$R14=\"LNG/CNG\",$R14=\"Hybrid\",$R14=\"Electric w/ AB-118\"),IF($B14=\"3+ Trucks\",IF(OR($O14=\"Class_8\",$N14=\"Replacement8HHD\",$AI14=\"CL7HHD\"),INDEX('ER C8 FLT3'!$A$4:$J$640,MATCH(DropData!$J54&$C14,'ER C8 FLT3'!$A$4:$A$640&'ER C8 FLT3'!$B$4:$B$640-4,1),8)*IF(OR($O14=\"Class_8\",$N14=\"Replacement8HHD\",$AI14=\"CL7HHD\"),INDEX('ER C8 FLT3'!$A$4:$J$640,MATCH(DropData!$J54&$C14,'ER C8 FLT3'!$A$4:$A$640&'ER C8 FLT3'!$B$4:$B$640-4,1),9)),IF($O14=\"Class_7\",INDEX('ER C7 FLT3'!$A$4:$J$640,MATCH(DropData!$J54&$C14,'ER C7 FLT3'!$A$4:$A$640&'ER C7 FLT3'!$B$4:$B$640-4,1),8)*IF($O14=\"Class_7\",INDEX('ER C7 FLT3'!$A$4:$J$640,MATCH(DropData!$J54&$C14,'ER C7 FLT3'!$A$4:$A$640&'ER C7 FLT3'!$B$4:$B$640-4,1),9)),IF($O14=\"Class_6\",INDEX('ER C6 FLT3'!$A$4:$J$640,MATCH(DropData!$J54&$C14,'ER C6 FLT3'!$A$4:$A$640&'ER C6 FLT3'!$B$4:$B$640-4,1),8)*IF($O14=\"Class_6\",INDEX('ER C6 FLT3'!$A$4:$J$640,MATCH(DropData!$J54&$C14,'ER C6 FLT3'!$A$4:$A$640&'ER C6 FLT3'!$B$4:$B$640-4,1),9))))),IF($B14=\"2 Trucks\",IF(OR($O14=\"Class_8\",$N14=\"Replacement8HHD\",$AI14=\"CL7HHD\"),INDEX('ER C8 FLT2'!$A$4:$J$640,MATCH(DropData!$J54&$C14,'ER C8 FLT2'!$A$4:$A$640&'ER C8 FLT2'!$B$4:$B$640-4,1),8)*IF(OR($O14=\"Class_8\",$N14=\"Replacement8HHD\",$AI14=\"CL7HHD\"),INDEX('ER C8 FLT2'!$A$4:$J$640,MATCH(DropData!$J54&$C14,'ER C8 FLT2'!$A$4:$A$640&'ER C8 FLT2'!$B$4:$B$640-4,1),9)),IF($O14=\"Class_7\",INDEX('ER C7 FLT2'!$A$4:$J$640,MATCH(DropData!$J54&$C14,'ER C7 FLT2'!$A$4:$A$640&'ER C7 FLT2'!$B$4:$B$640-4,1),8)*IF($O14=\"Class_7\",INDEX('ER C7 FLT2'!$A$4:$J$640,MATCH(DropData!$J54&$C14,'ER C7 FLT2'!$A$4:$A$640&'ER C7 FLT2'!$B$4:$B$640-4,1),9)),IF($O14=\"Class_6\",INDEX('ER C6 FLT2'!$A$4:$J$640,MATCH(DropData!$J54&$C14,'ER C6 FLT2'!$A$4:$A$640&'ER C6 FLT2'!$B$4:$B$640-4,1),8)*IF($O14=\"Class_6\",INDEX('ER C6 FLT2'!$A$4:$J$640,MATCH(DropData!$J54&$C14,'ER C6 FLT2'!$A$4:$A$640&'ER C6 FLT2'!$B$4:$B$640-4,1),9))))),IF($B14=\"1 Truck\",IF(OR($O14=\"Class_8\",$N14=\"Replacement8HHD\",$AI14=\"CL7HHD\"),INDEX('ER C8 FLT1'!$A$4:$J$640,MATCH(DropData!$J54&$C14,'ER C8 FLT1'!$A$4:$A$640&'ER C8 FLT1'!$B$4:$B$640-4,1),8)*IF(OR($O14=\"Class_8\",$N14=\"Replacement8HHD\",$AI14=\"CL7HHD\"),INDEX('ER C8 FLT1'!$A$4:$J$640,MATCH(DropData!$J54&$C14,'ER C8 FLT1'!$A$4:$A$640&'ER C8 FLT1'!$B$4:$B$640-4,1),9)),IF($O14=\"Class_7\",INDEX('ER C7 FLT1'!$A$4:$J$640,MATCH(DropData!$J54&$C14,'ER C7 FLT1'!$A$4:$A$640&'ER C7 FLT1'!$B$4:$B$640-4,1),8)*IF($O14=\"Class_7\",INDEX('ER C7 FLT1'!$A$4:$J$640,MATCH(DropData!$J54&$C14,'ER C7 FLT1'!$A$4:$A$640&'ER C7 FLT1'!$B$4:$B$640-4,1),9)),IF($O14=\"Class_6\",INDEX('ER C6 FLT1'!$A$4:$J$640,MATCH(DropData!$J54&$C14,'ER C6 FLT1'!$A$4:$A$640&'ER C6 FLT1'!$B$4:$B$640-4,1),8)*IF($O14=\"Class_6\",INDEX('ER C6 FLT1'!$A$4:$J$640,MATCH(DropData!$J54&$C14,'ER C6 FLT1'!$A$4:$A$640&'ER C6 FLT1'!$B$4:$B$640-4,1),9)))))))),IF($R14=\"Electric\",OFFSET(INDEX('ER Electric'!$A$6:$E$44,MATCH($C14&$O14,'ER Electric'!$A$6:$A$44&'ER Electric'!$B$6:$B$44,1),3),12,0),))","v":0},{"$f":"IF($C14<2015,1,2)","v":1},0,{"$f":"IF($C14<2015,1,2)","v":1},{"$f":"IFERROR(IF($B14=\"3+ Trucks\",IF($Z14=\"Class_8\",INDEX('ER C8 FLT3'!$A$4:$J$640,MATCH($W14&$C14,'ER C8 FLT3'!$A$4:$A$640&'ER C8 FLT3'!$B$4:$B$640,1),8)*IF($Z14=\"Class_8\",INDEX('ER C8 FLT3'!$A$4:$J$640,MATCH($W14&$C14,'ER C8 FLT3'!$A$4:$A$640&'ER C8 FLT3'!$B$4:$B$640,1),9)),IF($Z14=\"Class_7\",INDEX('ER C7 FLT3'!$A$4:$J$640,MATCH($W14&$C14,'ER C7 FLT3'!$A$4:$A$640&'ER C7 FLT3'!$B$4:$B$640,1),8)*IF($Z14=\"Class_7\",INDEX('ER C7 FLT3'!$A$4:$J$640,MATCH($W14&$C14,'ER C7 FLT3'!$A$4:$A$640&'ER C7 FLT3'!$B$4:$B$640,1),9)),\nIF($Z14=\"Class_6\",INDEX('ER C6 FLT3'!$A$4:$J$640,MATCH($W14&$C14,'ER C6 FLT3'!$A$4:$A$640&'ER C6 FLT3'!$B$4:$B$640,1),8)*IF($Z14=\"Class_6\",INDEX('ER C6 FLT3'!$A$4:$L$640,MATCH($W14&$C14,'ER C6 FLT3'!$A$4:$A$640&'ER C6 FLT3'!$B$4:$B$640,1),9))))),IF($B14=\"2 Trucks\",IF($Z14=\"Class_8\",INDEX('ER C8 FLT2'!$A$4:$J$640,MATCH($W14&$C14,'ER C8 FLT2'!$A$4:$A$640&'ER C8 FLT2'!$B$4:$B$640,1),8)*IF($Z14=\"Class_8\",INDEX('ER C8 FLT2'!$A$4:$J$640,MATCH($W14&$C14,'ER C8 FLT2'!$A$4:$A$640&'ER C8 FLT2'!$B$4:$B$640,1),9)),IF($Z14=\"Class_7\",INDEX('ER C7 FLT2'!$A$4:$J$640,MATCH($W14&$C14,'ER C7 FLT2'!$A$4:$A$640&'ER C7 FLT2'!$B$4:$B$640,1),8)*IF($Z14=\"Class_7\",INDEX('ER C7 FLT2'!$A$4:$J$640,MATCH($W14&$C14,'ER C7 FLT2'!$A$4:$A$640&'ER C7 FLT2'!$B$4:$B$640,1),9)),IF($Z14=\"Class_6\",INDEX('ER C6 FLT2'!$A$4:$J$640,MATCH($W14&$C14,'ER C6 FLT2'!$A$4:$A$640&'ER C6 FLT2'!$B$4:$B$640,1),8)*IF($Z14=\"Class_6\",INDEX('ER C6 FLT2'!$A$4:$J$640,MATCH($W14&$C14,'ER C6 FLT2'!$A$4:$A$640&'ER C6 FLT2'!$B$4:$B$640,1),9))))),IF($B14=\"1 Truck\",\nIF($Z14=\"Class_8\",INDEX('ER C8 FLT1'!$A$4:$J$640,MATCH($W14&$C14,'ER C8 FLT1'!$A$4:$A$640&'ER C8 FLT1'!$B$4:$B$640,1),8)*IF($Z14=\"Class_8\",INDEX('ER C8 FLT1'!$A$4:$J$640,MATCH($W14&$C14,'ER C8 FLT1'!$A$4:$A$640&'ER C8 FLT1'!$B$4:$B$640,1),9)),IF($Z14=\"Class_7\",INDEX('ER C7 FLT1'!$A$4:$J$640,MATCH($W14&$C14,'ER C7 FLT1'!$A$4:$A$640&'ER C7 FLT1'!$B$4:$B$640,1),8)*IF($Z14=\"Class_7\",INDEX('ER C7 FLT1'!$A$4:$J$640,MATCH($W14&$C14,'ER C7 FLT1'!$A$4:$A$640&'ER C7 FLT1'!$B$4:$B$640,1),9)),\nIF($Z14=\"Class_6\",INDEX('ER C6 FLT1'!$A$4:$J$640,MATCH($W14&$C14,'ER C6 FLT1'!$A$4:$A$640&'ER C6 FLT1'!$B$4:$B$640,1),8)*IF($Z14=\"Class_6\",INDEX('ER C6 FLT1'!$A$4:$J$640,MATCH($W14&$C14,'ER C6 FLT1'!$A$4:$A$640&'ER C6 FLT1'!$B$4:$B$640,1),9))))))))*IF($X14=\"Level 1 PM\",0.75,IF($X14=\"Level 2 PM\",0.5,IF($X14=\"Level 3 PM\",0,IF($X14=\"Level 3 PM + Mark I NOx\",0,1))))*($AC14/453.6)-IF(BG14=0,AV14,0),\"0.00\")","v":0},{"$f":"IFERROR(MAX(0,BI14/BH14),\"0.00\")","v":0},{"$f":"IFERROR(MAX(0,BG14+BJ14),\"0.00\")","v":0},0,{"$f":"IF($B14=\"3+ Trucks\",IF($Z14=\"Class_8\",INDEX('ER C8 FLT3'!$A$4:$J$640,MATCH($W14&$C14,'ER C8 FLT3'!$A$4:$A$640&'ER C8 FLT3'!$B$4:$B$640-1,1),8)*IF($Z14=\"Class_8\",INDEX('ER C8 FLT3'!$A$4:$J$640,MATCH($W14&$C14,'ER C8 FLT3'!$A$4:$A$640&'ER C8 FLT3'!$B$4:$B$640-1,1),9)),IF($Z14=\"Class_7\",INDEX('ER C7 FLT3'!$A$4:$J$640,MATCH($W14&$C14,'ER C7 FLT3'!$A$4:$A$640&'ER C7 FLT3'!$B$4:$B$640-1,1),8)*IF($Z14=\"Class_7\",INDEX('ER C7 FLT3'!$A$4:$J$640,MATCH($W14&$C14,'ER C7 FLT3'!$A$4:$A$640&'ER C7 FLT3'!$B$4:$B$640-1,1),9)),\nIF($Z14=\"Class_6\",INDEX('ER C6 FLT3'!$A$4:$J$640,MATCH($W14&$C14,'ER C6 FLT3'!$A$4:$A$640&'ER C6 FLT3'!$B$4:$B$640-1,1),8)*IF($Z14=\"Class_6\",INDEX('ER C6 FLT3'!$A$4:$L$640,MATCH($W14&$C14,'ER C6 FLT3'!$A$4:$A$640&'ER C6 FLT3'!$B$4:$B$640-1,1),9))))),IF($B14=\"2 Trucks\",IF($Z14=\"Class_8\",INDEX('ER C8 FLT2'!$A$4:$J$640,MATCH($W14&$C14,'ER C8 FLT2'!$A$4:$A$640&'ER C8 FLT2'!$B$4:$B$640-1,1),8)*IF($Z14=\"Class_8\",INDEX('ER C8 FLT2'!$A$4:$J$640,MATCH($W14&$C14,'ER C8 FLT2'!$A$4:$A$640&'ER C8 FLT2'!$B$4:$B$640-1,1),9)),IF($Z14=\"Class_7\",INDEX('ER C7 FLT2'!$A$4:$J$640,MATCH($W14&$C14,'ER C7 FLT2'!$A$4:$A$640&'ER C7 FLT2'!$B$4:$B$640-1,1),8)*IF($Z14=\"Class_7\",INDEX('ER C7 FLT2'!$A$4:$J$640,MATCH($W14&$C14,'ER C7 FLT2'!$A$4:$A$640&'ER C7 FLT2'!$B$4:$B$640-1,1),9)),IF($Z14=\"Class_6\",INDEX('ER C6 FLT2'!$A$4:$J$640,MATCH($W14&$C14,'ER C6 FLT2'!$A$4:$A$640&'ER C6 FLT2'!$B$4:$B$640-1,1),8)*IF($Z14=\"Class_6\",INDEX('ER C6 FLT2'!$A$4:$J$640,MATCH($W14&$C14,'ER C6 FLT2'!$A$4:$A$640&'ER C6 FLT2'!$B$4:$B$640-1,1),9))))),IF($B14=\"1 Truck\",\nIF($Z14=\"Class_8\",INDEX('ER C8 FLT1'!$A$4:$J$640,MATCH($W14&$C14,'ER C8 FLT1'!$A$4:$A$640&'ER C8 FLT1'!$B$4:$B$640-1,1),8)*IF($Z14=\"Class_8\",INDEX('ER C8 FLT1'!$A$4:$J$640,MATCH($W14&$C14,'ER C8 FLT1'!$A$4:$A$640&'ER C8 FLT1'!$B$4:$B$640-1,1),9)),IF($Z14=\"Class_7\",INDEX('ER C7 FLT1'!$A$4:$J$640,MATCH($W14&$C14,'ER C7 FLT1'!$A$4:$A$640&'ER C7 FLT1'!$B$4:$B$640-1,1),8)*IF($Z14=\"Class_7\",INDEX('ER C7 FLT1'!$A$4:$J$640,MATCH($W14&$C14,'ER C7 FLT1'!$A$4:$A$640&'ER C7 FLT1'!$B$4:$B$640-1,1),9)),\nIF($Z14=\"Class_6\",INDEX('ER C6 FLT1'!$A$4:$J$640,MATCH($W14&$C14,'ER C6 FLT1'!$A$4:$A$640&'ER C6 FLT1'!$B$4:$B$640-1,1),8)*IF($Z14=\"Class_6\",INDEX('ER C6 FLT1'!$A$4:$J$640,MATCH($W14&$C14,'ER C6 FLT1'!$A$4:$A$640&'ER C6 FLT1'!$B$4:$B$640-1,1),9))))))))*IF($X14=\"Level 1 PM\",0.75,IF($X14=\"Level 2 PM\",0.5,IF($X14=\"Level 3 PM\",0,IF($X14=\"Level 3 PM + Mark I NOx\",0,1))))*($AC14/453.6)-IF(BL14=0,AW14,0)","v":0},{"$f":"MAX(0,BL14+BM14)","v":0},0,{"$f":"IF($B14=\"3+ Trucks\",IF($Z14=\"Class_8\",INDEX('ER C8 FLT3'!$A$4:$J$640,MATCH($W14&$C14,'ER C8 FLT3'!$A$4:$A$640&'ER C8 FLT3'!$B$4:$B$640-2,1),8)*IF($Z14=\"Class_8\",INDEX('ER C8 FLT3'!$A$4:$J$640,MATCH($W14&$C14,'ER C8 FLT3'!$A$4:$A$640&'ER C8 FLT3'!$B$4:$B$640-2,1),9)),IF($Z14=\"Class_7\",INDEX('ER C7 FLT3'!$A$4:$J$640,MATCH($W14&$C14,'ER C7 FLT3'!$A$4:$A$640&'ER C7 FLT3'!$B$4:$B$640-2,1),8)*IF($Z14=\"Class_7\",INDEX('ER C7 FLT3'!$A$4:$J$640,MATCH($W14&$C14,'ER C7 FLT3'!$A$4:$A$640&'ER C7 FLT3'!$B$4:$B$640-2,1),9)),\nIF($Z14=\"Class_6\",INDEX('ER C6 FLT3'!$A$4:$J$640,MATCH($W14&$C14,'ER C6 FLT3'!$A$4:$A$640&'ER C6 FLT3'!$B$4:$B$640-2,1),8)*IF($Z14=\"Class_6\",INDEX('ER C6 FLT3'!$A$4:$L$640,MATCH($W14&$C14,'ER C6 FLT3'!$A$4:$A$640&'ER C6 FLT3'!$B$4:$B$640-2,1),9))))),IF($B14=\"2 Trucks\",IF($Z14=\"Class_8\",INDEX('ER C8 FLT2'!$A$4:$J$640,MATCH($W14&$C14,'ER C8 FLT2'!$A$4:$A$640&'ER C8 FLT2'!$B$4:$B$640-2,1),8)*IF($Z14=\"Class_8\",INDEX('ER C8 FLT2'!$A$4:$J$640,MATCH($W14&$C14,'ER C8 FLT2'!$A$4:$A$640&'ER C8 FLT2'!$B$4:$B$640-2,1),9)),IF($Z14=\"Class_7\",INDEX('ER C7 FLT2'!$A$4:$J$640,MATCH($W14&$C14,'ER C7 FLT2'!$A$4:$A$640&'ER C7 FLT2'!$B$4:$B$640-2,1),8)*IF($Z14=\"Class_7\",INDEX('ER C7 FLT2'!$A$4:$J$640,MATCH($W14&$C14,'ER C7 FLT2'!$A$4:$A$640&'ER C7 FLT2'!$B$4:$B$640-2,1),9)),IF($Z14=\"Class_6\",INDEX('ER C6 FLT2'!$A$4:$J$640,MATCH($W14&$C14,'ER C6 FLT2'!$A$4:$A$640&'ER C6 FLT2'!$B$4:$B$640-2,1),8)*IF($Z14=\"Class_6\",INDEX('ER C6 FLT2'!$A$4:$J$640,MATCH($W14&$C14,'ER C6 FLT2'!$A$4:$A$640&'ER C6 FLT2'!$B$4:$B$640-2,1),9))))),IF($B14=\"1 Truck\",\nIF($Z14=\"Class_8\",INDEX('ER C8 FLT1'!$A$4:$J$640,MATCH($W14&$C14,'ER C8 FLT1'!$A$4:$A$640&'ER C8 FLT1'!$B$4:$B$640-2,1),8)*IF($Z14=\"Class_8\",INDEX('ER C8 FLT1'!$A$4:$J$640,MATCH($W14&$C14,'ER C8 FLT1'!$A$4:$A$640&'ER C8 FLT1'!$B$4:$B$640-2,1),9)),IF($Z14=\"Class_7\",INDEX('ER C7 FLT1'!$A$4:$J$640,MATCH($W14&$C14,'ER C7 FLT1'!$A$4:$A$640&'ER C7 FLT1'!$B$4:$B$640-2,1),8)*IF($Z14=\"Class_7\",INDEX('ER C7 FLT1'!$A$4:$J$640,MATCH($W14&$C14,'ER C7 FLT1'!$A$4:$A$640&'ER C7 FLT1'!$B$4:$B$640-2,1),9)),\nIF($Z14=\"Class_6\",INDEX('ER C6 FLT1'!$A$4:$J$640,MATCH($W14&$C14,'ER C6 FLT1'!$A$4:$A$640&'ER C6 FLT1'!$B$4:$B$640-2,1),8)*IF($Z14=\"Class_6\",INDEX('ER C6 FLT1'!$A$4:$J$640,MATCH($W14&$C14,'ER C6 FLT1'!$A$4:$A$640&'ER C6 FLT1'!$B$4:$B$640-2,1),9))))))))*IF($X14=\"Level 1 PM\",0.75,IF($X14=\"Level 2 PM\",0.5,IF($X14=\"Level 3 PM\",0,IF($X14=\"Level 3 PM + Mark I NOx\",0,1))))*($AC14/453.6)-IF(BO14=0,AX14,0)","v":0},0,0,{"$f":"IF($B14=\"3+ Trucks\",IF($Z14=\"Class_8\",INDEX('ER C8 FLT3'!$A$4:$J$640,MATCH($W14&$C14,'ER C8 FLT3'!$A$4:$A$640&'ER C8 FLT3'!$B$4:$B$640-3,1),8)*IF($Z14=\"Class_8\",INDEX('ER C8 FLT3'!$A$4:$J$640,MATCH($W14&$C14,'ER C8 FLT3'!$A$4:$A$640&'ER C8 FLT3'!$B$4:$B$640-3,1),9)),IF($Z14=\"Class_7\",INDEX('ER C7 FLT3'!$A$4:$J$640,MATCH($W14&$C14,'ER C7 FLT3'!$A$4:$A$640&'ER C7 FLT3'!$B$4:$B$640-3,1),8)*IF($Z14=\"Class_7\",INDEX('ER C7 FLT3'!$A$4:$J$640,MATCH($W14&$C14,'ER C7 FLT3'!$A$4:$A$640&'ER C7 FLT3'!$B$4:$B$640-3,1),9)),\nIF($Z14=\"Class_6\",INDEX('ER C6 FLT3'!$A$4:$J$640,MATCH($W14&$C14,'ER C6 FLT3'!$A$4:$A$640&'ER C6 FLT3'!$B$4:$B$640-3,1),8)*IF($Z14=\"Class_6\",INDEX('ER C6 FLT3'!$A$4:$L$640,MATCH($W14&$C14,'ER C6 FLT3'!$A$4:$A$640&'ER C6 FLT3'!$B$4:$B$640-3,1),9))))),IF($B14=\"2 Trucks\",IF($Z14=\"Class_8\",INDEX('ER C8 FLT2'!$A$4:$J$640,MATCH($W14&$C14,'ER C8 FLT2'!$A$4:$A$640&'ER C8 FLT2'!$B$4:$B$640-3,1),8)*IF($Z14=\"Class_8\",INDEX('ER C8 FLT2'!$A$4:$J$640,MATCH($W14&$C14,'ER C8 FLT2'!$A$4:$A$640&'ER C8 FLT2'!$B$4:$B$640-3,1),9)),IF($Z14=\"Class_7\",INDEX('ER C7 FLT2'!$A$4:$J$640,MATCH($W14&$C14,'ER C7 FLT2'!$A$4:$A$640&'ER C7 FLT2'!$B$4:$B$640-3,1),8)*IF($Z14=\"Class_7\",INDEX('ER C7 FLT2'!$A$4:$J$640,MATCH($W14&$C14,'ER C7 FLT2'!$A$4:$A$640&'ER C7 FLT2'!$B$4:$B$640-3,1),9)),IF($Z14=\"Class_6\",INDEX('ER C6 FLT2'!$A$4:$J$640,MATCH($W14&$C14,'ER C6 FLT2'!$A$4:$A$640&'ER C6 FLT2'!$B$4:$B$640-3,1),8)*IF($Z14=\"Class_6\",INDEX('ER C6 FLT2'!$A$4:$J$640,MATCH($W14&$C14,'ER C6 FLT2'!$A$4:$A$640&'ER C6 FLT2'!$B$4:$B$640-3,1),9))))),IF($B14=\"1 Truck\",\nIF($Z14=\"Class_8\",INDEX('ER C8 FLT1'!$A$4:$J$640,MATCH($W14&$C14,'ER C8 FLT1'!$A$4:$A$640&'ER C8 FLT1'!$B$4:$B$640-3,1),8)*IF($Z14=\"Class_8\",INDEX('ER C8 FLT1'!$A$4:$J$640,MATCH($W14&$C14,'ER C8 FLT1'!$A$4:$A$640&'ER C8 FLT1'!$B$4:$B$640-3,1),9)),IF($Z14=\"Class_7\",INDEX('ER C7 FLT1'!$A$4:$J$640,MATCH($W14&$C14,'ER C7 FLT1'!$A$4:$A$640&'ER C7 FLT1'!$B$4:$B$640-3,1),8)*IF($Z14=\"Class_7\",INDEX('ER C7 FLT1'!$A$4:$J$640,MATCH($W14&$C14,'ER C7 FLT1'!$A$4:$A$640&'ER C7 FLT1'!$B$4:$B$640-3,1),9)),\nIF($Z14=\"Class_6\",INDEX('ER C6 FLT1'!$A$4:$J$640,MATCH($W14&$C14,'ER C6 FLT1'!$A$4:$A$640&'ER C6 FLT1'!$B$4:$B$640-3,1),8)*IF($Z14=\"Class_6\",INDEX('ER C6 FLT1'!$A$4:$J$640,MATCH($W14&$C14,'ER C6 FLT1'!$A$4:$A$640&'ER C6 FLT1'!$B$4:$B$640-3,1),9))))))))*IF($X14=\"Level 1 PM\",0.75,IF($X14=\"Level 2 PM\",0.5,IF($X14=\"Level 3 PM\",0,IF($X14=\"Level 3 PM + Mark I NOx\",0,1))))*($AC14/453.6)-IF(BR14=0,AY14,0)","v":0},0,0,{"$f":"IF($B14=\"3+ Trucks\",IF($Z14=\"Class_8\",INDEX('ER C8 FLT3'!$A$4:$J$640,MATCH($W14&$C14,'ER C8 FLT3'!$A$4:$A$640&'ER C8 FLT3'!$B$4:$B$640-4,1),8)*IF($Z14=\"Class_8\",INDEX('ER C8 FLT3'!$A$4:$J$640,MATCH($W14&$C14,'ER C8 FLT3'!$A$4:$A$640&'ER C8 FLT3'!$B$4:$B$640-4,1),9)),IF($Z14=\"Class_7\",INDEX('ER C7 FLT3'!$A$4:$J$640,MATCH($W14&$C14,'ER C7 FLT3'!$A$4:$A$640&'ER C7 FLT3'!$B$4:$B$640-4,1),8)*IF($Z14=\"Class_7\",INDEX('ER C7 FLT3'!$A$4:$J$640,MATCH($W14&$C14,'ER C7 FLT3'!$A$4:$A$640&'ER C7 FLT3'!$B$4:$B$640-4,1),9)),\nIF($Z14=\"Class_6\",INDEX('ER C6 FLT3'!$A$4:$J$640,MATCH($W14&$C14,'ER C6 FLT3'!$A$4:$A$640&'ER C6 FLT3'!$B$4:$B$640-4,1),8)*IF($Z14=\"Class_6\",INDEX('ER C6 FLT3'!$A$4:$L$640,MATCH($W14&$C14,'ER C6 FLT3'!$A$4:$A$640&'ER C6 FLT3'!$B$4:$B$640-4,1),9))))),IF($B14=\"2 Trucks\",IF($Z14=\"Class_8\",INDEX('ER C8 FLT2'!$A$4:$J$640,MATCH($W14&$C14,'ER C8 FLT2'!$A$4:$A$640&'ER C8 FLT2'!$B$4:$B$640-4,1),8)*IF($Z14=\"Class_8\",INDEX('ER C8 FLT2'!$A$4:$J$640,MATCH($W14&$C14,'ER C8 FLT2'!$A$4:$A$640&'ER C8 FLT2'!$B$4:$B$640-4,1),9)),IF($Z14=\"Class_7\",INDEX('ER C7 FLT2'!$A$4:$J$640,MATCH($W14&$C14,'ER C7 FLT2'!$A$4:$A$640&'ER C7 FLT2'!$B$4:$B$640-4,1),8)*IF($Z14=\"Class_7\",INDEX('ER C7 FLT2'!$A$4:$J$640,MATCH($W14&$C14,'ER C7 FLT2'!$A$4:$A$640&'ER C7 FLT2'!$B$4:$B$640-4,1),9)),IF($Z14=\"Class_6\",INDEX('ER C6 FLT2'!$A$4:$J$640,MATCH($W14&$C14,'ER C6 FLT2'!$A$4:$A$640&'ER C6 FLT2'!$B$4:$B$640-4,1),8)*IF($Z14=\"Class_6\",INDEX('ER C6 FLT2'!$A$4:$J$640,MATCH($W14&$C14,'ER C6 FLT2'!$A$4:$A$640&'ER C6 FLT2'!$B$4:$B$640-4,1),9))))),IF($B14=\"1 Truck\",\nIF($Z14=\"Class_8\",INDEX('ER C8 FLT1'!$A$4:$J$640,MATCH($W14&$C14,'ER C8 FLT1'!$A$4:$A$640&'ER C8 FLT1'!$B$4:$B$640-4,1),8)*IF($Z14=\"Class_8\",INDEX('ER C8 FLT1'!$A$4:$J$640,MATCH($W14&$C14,'ER C8 FLT1'!$A$4:$A$640&'ER C8 FLT1'!$B$4:$B$640-4,1),9)),IF($Z14=\"Class_7\",INDEX('ER C7 FLT1'!$A$4:$J$640,MATCH($W14&$C14,'ER C7 FLT1'!$A$4:$A$640&'ER C7 FLT1'!$B$4:$B$640-4,1),8)*IF($Z14=\"Class_7\",INDEX('ER C7 FLT1'!$A$4:$J$640,MATCH($W14&$C14,'ER C7 FLT1'!$A$4:$A$640&'ER C7 FLT1'!$B$4:$B$640-4,1),9)),\nIF($Z14=\"Class_6\",INDEX('ER C6 FLT1'!$A$4:$J$640,MATCH($W14&$C14,'ER C6 FLT1'!$A$4:$A$640&'ER C6 FLT1'!$B$4:$B$640-4,1),8)*IF($Z14=\"Class_6\",INDEX('ER C6 FLT1'!$A$4:$J$640,MATCH($W14&$C14,'ER C6 FLT1'!$A$4:$A$640&'ER C6 FLT1'!$B$4:$B$640-4,1),9))))))))*IF($X14=\"Level 1 PM\",0.75,IF($X14=\"Level 2 PM\",0.5,IF($X14=\"Level 3 PM\",0,IF($X14=\"Level 3 PM + Mark I NOx\",0,1))))*($AC14/453.6)-IF(BU14=0,AZ14,0)","v":0},{"$f":"MAX(0,BU14+BV14)","v":0},{"$f":"(MAX(0,BK14+BN14+BQ14+BT14+BW14))","v":0},{"$f":"IF($B14=\"3+ Trucks\",IF(OR($H14=\"Class_8\",$N14=\"Replacement8HHD\",$AH14=\"CL7HHD\",$AJ14=\"CL7to8\"),INDEX('ER C8 FLT3'!$A$4:$J$640,MATCH($E14&$C14,'ER C8 FLT3'!$A$4:$A$640&'ER C8 FLT3'!$B$4:$B$640,1),5)*IF(OR($H14=\"Class_8\",$N14=\"Replacement8HHD\",$AH14=\"CL7HHD\",$AJ14=\"CL7to8\"),INDEX('ER C8 FLT3'!$A$4:$J$640,MATCH($E14&$C14,'ER C8 FLT3'!$A$4:$A$640&'ER C8 FLT3'!$B$4:$B$640,1),7)),IF($H14=\"Class_7\",INDEX('ER C7 FLT3'!$A$4:$J$640,MATCH($E14&$C14,'ER C7 FLT3'!$A$4:$A$640&'ER C7 FLT3'!$B$4:$B$640,1),5)*IF($H14=\"Class_7\",INDEX('ER C7 FLT3'!$A$4:$J$640,MATCH($E14&$C14,'ER C7 FLT3'!$A$4:$A$640&'ER C7 FLT3'!$B$4:$B$640,1),7)),\nIF($H14=\"Class_6\",INDEX('ER C6 FLT3'!$A$4:$J$640,MATCH($E14&$C14,'ER C6 FLT3'!$A$4:$A$640&'ER C6 FLT3'!$B$4:$B$640,1),5)*IF($H14=\"Class_6\",INDEX('ER C6 FLT3'!$A$4:$L$640,MATCH($E14&$C14,'ER C6 FLT3'!$A$4:$A$640&'ER C6 FLT3'!$B$4:$B$640,1),7))))),IF($B14=\"2 Trucks\",IF(OR($H14=\"Class_8\",$N14=\"Replacement8HHD\",$AH14=\"CL7HHD\",$AJ14=\"CL7to8\"),INDEX('ER C8 FLT2'!$A$4:$J$640,MATCH($E14&$C14,'ER C8 FLT2'!$A$4:$A$640&'ER C8 FLT2'!$B$4:$B$640,1),5)*IF(OR($H14=\"Class_8\",$N14=\"Replacement8HHD\",$AH14=\"CL7HHD\",$AJ14=\"CL7to8\"),INDEX('ER C8 FLT2'!$A$4:$J$640,MATCH($E14&$C14,'ER C8 FLT2'!$A$4:$A$640&'ER C8 FLT2'!$B$4:$B$640,1),7)),IF($H14=\"Class_7\",INDEX('ER C7 FLT2'!$A$4:$J$640,MATCH($E14&$C14,'ER C7 FLT2'!$A$4:$A$640&'ER C7 FLT2'!$B$4:$B$640,1),5)*IF($H14=\"Class_7\",INDEX('ER C7 FLT2'!$A$4:$J$640,MATCH($E14&$C14,'ER C7 FLT2'!$A$4:$A$640&'ER C7 FLT2'!$B$4:$B$640,1),7)),IF($H14=\"Class_6\",INDEX('ER C6 FLT2'!$A$4:$J$640,MATCH($E14&$C14,'ER C6 FLT2'!$A$4:$A$640&'ER C6 FLT2'!$B$4:$B$640,1),5)*IF($H14=\"Class_6\",INDEX('ER C6 FLT2'!$A$4:$J$640,MATCH($E14&$C14,'ER C6 FLT2'!$A$4:$A$640&'ER C6 FLT2'!$B$4:$B$640,1),7))))),IF($B14=\"1 Truck\",\nIF(OR($H14=\"Class_8\",$N14=\"Replacement8HHD\",$AH14=\"CL7HHD\",$AJ14=\"CL7to8\"),INDEX('ER C8 FLT1'!$A$4:$J$640,MATCH($E14&$C14,'ER C8 FLT1'!$A$4:$A$640&'ER C8 FLT1'!$B$4:$B$640,1),5)*IF(OR($H14=\"Class_8\",$N14=\"Replacement8HHD\",$AH14=\"CL7HHD\",$AJ14=\"CL7to8\"),INDEX('ER C8 FLT1'!$A$4:$J$640,MATCH($E14&$C14,'ER C8 FLT1'!$A$4:$A$640&'ER C8 FLT1'!$B$4:$B$640,1),7)),IF($H14=\"Class_7\",INDEX('ER C7 FLT1'!$A$4:$J$640,MATCH($E14&$C14,'ER C7 FLT1'!$A$4:$A$640&'ER C7 FLT1'!$B$4:$B$640,1),5)*IF($H14=\"Class_7\",INDEX('ER C7 FLT1'!$A$4:$J$640,MATCH($E14&$C14,'ER C7 FLT1'!$A$4:$A$640&'ER C7 FLT1'!$B$4:$B$640,1),7)),\nIF($H14=\"Class_6\",INDEX('ER C6 FLT1'!$A$4:$J$640,MATCH($E14&$C14,'ER C6 FLT1'!$A$4:$A$640&'ER C6 FLT1'!$B$4:$B$640,1),5)*IF($H14=\"Class_6\",INDEX('ER C6 FLT1'!$A$4:$J$640,MATCH($E14&$C14,'ER C6 FLT1'!$A$4:$A$640&'ER C6 FLT1'!$B$4:$B$640,1),7))))))))*IF($F14=\"Level 1 PM + Mark I NOx\",0.75,1)*($Q14/453.6)","v":0},{"$f":"IF($B14=\"3+ Trucks\",IF(OR($H14=\"Class_8\",$N14=\"Replacement8HHD\",$AH14=\"CL7HHD\",$AJ14=\"CL7to8\"),INDEX('ER C8 FLT3'!$A$4:$J$640,MATCH($E14&$C14,'ER C8 FLT3'!$A$4:$A$640&'ER C8 FLT3'!$B$4:$B$640-1,1),5)*IF(OR($H14=\"Class_8\",$N14=\"Replacement8HHD\",$AH14=\"CL7HHD\",$AJ14=\"CL7to8\"),INDEX('ER C8 FLT3'!$A$4:$J$640,MATCH($E14&$C14,'ER C8 FLT3'!$A$4:$A$640&'ER C8 FLT3'!$B$4:$B$640-1,1),7)),IF($H14=\"Class_7\",INDEX('ER C7 FLT3'!$A$4:$J$640,MATCH($E14&$C14,'ER C7 FLT3'!$A$4:$A$640&'ER C7 FLT3'!$B$4:$B$640-1,1),5)*IF($H14=\"Class_7\",INDEX('ER C7 FLT3'!$A$4:$J$640,MATCH($E14&$C14,'ER C7 FLT3'!$A$4:$A$640&'ER C7 FLT3'!$B$4:$B$640-1,1),7)),\nIF($H14=\"Class_6\",INDEX('ER C6 FLT3'!$A$4:$J$640,MATCH($E14&$C14,'ER C6 FLT3'!$A$4:$A$640&'ER C6 FLT3'!$B$4:$B$640-1,1),5)*IF($H14=\"Class_6\",INDEX('ER C6 FLT3'!$A$4:$L$640,MATCH($E14&$C14,'ER C6 FLT3'!$A$4:$A$640&'ER C6 FLT3'!$B$4:$B$640-1,1),7))))),IF($B14=\"2 Trucks\",IF(OR($H14=\"Class_8\",$N14=\"Replacement8HHD\",$AH14=\"CL7HHD\",$AJ14=\"CL7to8\"),INDEX('ER C8 FLT2'!$A$4:$J$640,MATCH($E14&$C14,'ER C8 FLT2'!$A$4:$A$640&'ER C8 FLT2'!$B$4:$B$640-1,1),5)*IF(OR($H14=\"Class_8\",$N14=\"Replacement8HHD\",$AH14=\"CL7HHD\",$AJ14=\"CL7to8\"),INDEX('ER C8 FLT2'!$A$4:$J$640,MATCH($E14&$C14,'ER C8 FLT2'!$A$4:$A$640&'ER C8 FLT2'!$B$4:$B$640-1,1),7)),IF($H14=\"Class_7\",INDEX('ER C7 FLT2'!$A$4:$J$640,MATCH($E14&$C14,'ER C7 FLT2'!$A$4:$A$640&'ER C7 FLT2'!$B$4:$B$640-1,1),5)*IF($H14=\"Class_7\",INDEX('ER C7 FLT2'!$A$4:$J$640,MATCH($E14&$C14,'ER C7 FLT2'!$A$4:$A$640&'ER C7 FLT2'!$B$4:$B$640-1,1),7)),IF($H14=\"Class_6\",INDEX('ER C6 FLT2'!$A$4:$J$640,MATCH($E14&$C14,'ER C6 FLT2'!$A$4:$A$640&'ER C6 FLT2'!$B$4:$B$640-1,1),5)*IF($H14=\"Class_6\",INDEX('ER C6 FLT2'!$A$4:$J$640,MATCH($E14&$C14,'ER C6 FLT2'!$A$4:$A$640&'ER C6 FLT2'!$B$4:$B$640-1,1),7))))),IF($B14=\"1 Truck\",\nIF(OR($H14=\"Class_8\",$N14=\"Replacement8HHD\",$AH14=\"CL7HHD\",$AJ14=\"CL7to8\"),INDEX('ER C8 FLT1'!$A$4:$J$640,MATCH($E14&$C14,'ER C8 FLT1'!$A$4:$A$640&'ER C8 FLT1'!$B$4:$B$640-1,1),5)*IF(OR($H14=\"Class_8\",$N14=\"Replacement8HHD\",$AH14=\"CL7HHD\",$AJ14=\"CL7to8\"),INDEX('ER C8 FLT1'!$A$4:$J$640,MATCH($E14&$C14,'ER C8 FLT1'!$A$4:$A$640&'ER C8 FLT1'!$B$4:$B$640-1,1),7)),IF($H14=\"Class_7\",INDEX('ER C7 FLT1'!$A$4:$J$640,MATCH($E14&$C14,'ER C7 FLT1'!$A$4:$A$640&'ER C7 FLT1'!$B$4:$B$640-1,1),5)*IF($H14=\"Class_7\",INDEX('ER C7 FLT1'!$A$4:$J$640,MATCH($E14&$C14,'ER C7 FLT1'!$A$4:$A$640&'ER C7 FLT1'!$B$4:$B$640-1,1),7)),\nIF($H14=\"Class_6\",INDEX('ER C6 FLT1'!$A$4:$J$640,MATCH($E14&$C14,'ER C6 FLT1'!$A$4:$A$640&'ER C6 FLT1'!$B$4:$B$640-1,1),5)*IF($H14=\"Class_6\",INDEX('ER C6 FLT1'!$A$4:$J$640,MATCH($E14&$C14,'ER C6 FLT1'!$A$4:$A$640&'ER C6 FLT1'!$B$4:$B$640-1,1),7))))))))*IF($F14=\"Level 1 PM + Mark I NOx\",0.75,1)*($Q14/453.6)","v":0},{"$f":"IF($B14=\"3+ Trucks\",IF(OR($H14=\"Class_8\",$N14=\"Replacement8HHD\",$AH14=\"CL7HHD\",$AJ14=\"CL7to8\"),INDEX('ER C8 FLT3'!$A$4:$J$640,MATCH($E14&$C14,'ER C8 FLT3'!$A$4:$A$640&'ER C8 FLT3'!$B$4:$B$640-2,1),5)*IF(OR($H14=\"Class_8\",$N14=\"Replacement8HHD\",$AH14=\"CL7HHD\",$AJ14=\"CL7to8\"),INDEX('ER C8 FLT3'!$A$4:$J$640,MATCH($E14&$C14,'ER C8 FLT3'!$A$4:$A$640&'ER C8 FLT3'!$B$4:$B$640-2,1),7)),IF($H14=\"Class_7\",INDEX('ER C7 FLT3'!$A$4:$J$640,MATCH($E14&$C14,'ER C7 FLT3'!$A$4:$A$640&'ER C7 FLT3'!$B$4:$B$640-2,1),5)*IF($H14=\"Class_7\",INDEX('ER C7 FLT3'!$A$4:$J$640,MATCH($E14&$C14,'ER C7 FLT3'!$A$4:$A$640&'ER C7 FLT3'!$B$4:$B$640-2,1),7)),\nIF($H14=\"Class_6\",INDEX('ER C6 FLT3'!$A$4:$J$640,MATCH($E14&$C14,'ER C6 FLT3'!$A$4:$A$640&'ER C6 FLT3'!$B$4:$B$640-2,1),5)*IF($H14=\"Class_6\",INDEX('ER C6 FLT3'!$A$4:$L$640,MATCH($E14&$C14,'ER C6 FLT3'!$A$4:$A$640&'ER C6 FLT3'!$B$4:$B$640-2,1),7))))),IF($B14=\"2 Trucks\",IF(OR($H14=\"Class_8\",$N14=\"Replacement8HHD\",$AH14=\"CL7HHD\",$AJ14=\"CL7to8\"),INDEX('ER C8 FLT2'!$A$4:$J$640,MATCH($E14&$C14,'ER C8 FLT2'!$A$4:$A$640&'ER C8 FLT2'!$B$4:$B$640-2,1),5)*IF(OR($H14=\"Class_8\",$N14=\"Replacement8HHD\",$AH14=\"CL7HHD\",$AJ14=\"CL7to8\"),INDEX('ER C8 FLT2'!$A$4:$J$640,MATCH($E14&$C14,'ER C8 FLT2'!$A$4:$A$640&'ER C8 FLT2'!$B$4:$B$640-2,1),7)),IF($H14=\"Class_7\",INDEX('ER C7 FLT2'!$A$4:$J$640,MATCH($E14&$C14,'ER C7 FLT2'!$A$4:$A$640&'ER C7 FLT2'!$B$4:$B$640-2,1),5)*IF($H14=\"Class_7\",INDEX('ER C7 FLT2'!$A$4:$J$640,MATCH($E14&$C14,'ER C7 FLT2'!$A$4:$A$640&'ER C7 FLT2'!$B$4:$B$640-2,1),7)),IF($H14=\"Class_6\",INDEX('ER C6 FLT2'!$A$4:$J$640,MATCH($E14&$C14,'ER C6 FLT2'!$A$4:$A$640&'ER C6 FLT2'!$B$4:$B$640-2,1),5)*IF($H14=\"Class_6\",INDEX('ER C6 FLT2'!$A$4:$J$640,MATCH($E14&$C14,'ER C6 FLT2'!$A$4:$A$640&'ER C6 FLT2'!$B$4:$B$640-2,1),7))))),IF($B14=\"1 Truck\",\nIF(OR($H14=\"Class_8\",$N14=\"Replacement8HHD\",$AH14=\"CL7HHD\",$AJ14=\"CL7to8\"),INDEX('ER C8 FLT1'!$A$4:$J$640,MATCH($E14&$C14,'ER C8 FLT1'!$A$4:$A$640&'ER C8 FLT1'!$B$4:$B$640-2,1),5)*IF(OR($H14=\"Class_8\",$N14=\"Replacement8HHD\",$AH14=\"CL7HHD\",$AJ14=\"CL7to8\"),INDEX('ER C8 FLT1'!$A$4:$J$640,MATCH($E14&$C14,'ER C8 FLT1'!$A$4:$A$640&'ER C8 FLT1'!$B$4:$B$640-2,1),7)),IF($H14=\"Class_7\",INDEX('ER C7 FLT1'!$A$4:$J$640,MATCH($E14&$C14,'ER C7 FLT1'!$A$4:$A$640&'ER C7 FLT1'!$B$4:$B$640-2,1),5)*IF($H14=\"Class_7\",INDEX('ER C7 FLT1'!$A$4:$J$640,MATCH($E14&$C14,'ER C7 FLT1'!$A$4:$A$640&'ER C7 FLT1'!$B$4:$B$640-2,1),7)),\nIF($H14=\"Class_6\",INDEX('ER C6 FLT1'!$A$4:$J$640,MATCH($E14&$C14,'ER C6 FLT1'!$A$4:$A$640&'ER C6 FLT1'!$B$4:$B$640-2,1),5)*IF($H14=\"Class_6\",INDEX('ER C6 FLT1'!$A$4:$J$640,MATCH($E14&$C14,'ER C6 FLT1'!$A$4:$A$640&'ER C6 FLT1'!$B$4:$B$640-2,1),7))))))))*IF($F14=\"Level 1 PM + Mark I NOx\",0.75,1)*($Q14/453.6)","v":0},{"$f":"IF($B14=\"3+ Trucks\",IF(OR($H14=\"Class_8\",$N14=\"Replacement8HHD\",$AH14=\"CL7HHD\",$AJ14=\"CL7to8\"),INDEX('ER C8 FLT3'!$A$4:$J$640,MATCH($E14&$C14,'ER C8 FLT3'!$A$4:$A$640&'ER C8 FLT3'!$B$4:$B$640-3,1),5)*IF(OR($H14=\"Class_8\",$N14=\"Replacement8HHD\",$AH14=\"CL7HHD\",$AJ14=\"CL7to8\"),INDEX('ER C8 FLT3'!$A$4:$J$640,MATCH($E14&$C14,'ER C8 FLT3'!$A$4:$A$640&'ER C8 FLT3'!$B$4:$B$640-3,1),7)),IF($H14=\"Class_7\",INDEX('ER C7 FLT3'!$A$4:$J$640,MATCH($E14&$C14,'ER C7 FLT3'!$A$4:$A$640&'ER C7 FLT3'!$B$4:$B$640-3,1),5)*IF($H14=\"Class_7\",INDEX('ER C7 FLT3'!$A$4:$J$640,MATCH($E14&$C14,'ER C7 FLT3'!$A$4:$A$640&'ER C7 FLT3'!$B$4:$B$640-3,1),7)),\nIF($H14=\"Class_6\",INDEX('ER C6 FLT3'!$A$4:$J$640,MATCH($E14&$C14,'ER C6 FLT3'!$A$4:$A$640&'ER C6 FLT3'!$B$4:$B$640-3,1),5)*IF($H14=\"Class_6\",INDEX('ER C6 FLT3'!$A$4:$L$640,MATCH($E14&$C14,'ER C6 FLT3'!$A$4:$A$640&'ER C6 FLT3'!$B$4:$B$640-3,1),7))))),IF($B14=\"2 Trucks\",IF(OR($H14=\"Class_8\",$N14=\"Replacement8HHD\",$AH14=\"CL7HHD\",$AJ14=\"CL7to8\"),INDEX('ER C8 FLT2'!$A$4:$J$640,MATCH($E14&$C14,'ER C8 FLT2'!$A$4:$A$640&'ER C8 FLT2'!$B$4:$B$640-3,1),5)*IF(OR($H14=\"Class_8\",$N14=\"Replacement8HHD\",$AH14=\"CL7HHD\",$AJ14=\"CL7to8\"),INDEX('ER C8 FLT2'!$A$4:$J$640,MATCH($E14&$C14,'ER C8 FLT2'!$A$4:$A$640&'ER C8 FLT2'!$B$4:$B$640-3,1),7)),IF($H14=\"Class_7\",INDEX('ER C7 FLT2'!$A$4:$J$640,MATCH($E14&$C14,'ER C7 FLT2'!$A$4:$A$640&'ER C7 FLT2'!$B$4:$B$640-3,1),5)*IF($H14=\"Class_7\",INDEX('ER C7 FLT2'!$A$4:$J$640,MATCH($E14&$C14,'ER C7 FLT2'!$A$4:$A$640&'ER C7 FLT2'!$B$4:$B$640-3,1),7)),IF($H14=\"Class_6\",INDEX('ER C6 FLT2'!$A$4:$J$640,MATCH($E14&$C14,'ER C6 FLT2'!$A$4:$A$640&'ER C6 FLT2'!$B$4:$B$640-3,1),5)*IF($H14=\"Class_6\",INDEX('ER C6 FLT2'!$A$4:$J$640,MATCH($E14&$C14,'ER C6 FLT2'!$A$4:$A$640&'ER C6 FLT2'!$B$4:$B$640-3,1),7))))),IF($B14=\"1 Truck\",\nIF(OR($H14=\"Class_8\",$N14=\"Replacement8HHD\",$AH14=\"CL7HHD\",$AJ14=\"CL7to8\"),INDEX('ER C8 FLT1'!$A$4:$J$640,MATCH($E14&$C14,'ER C8 FLT1'!$A$4:$A$640&'ER C8 FLT1'!$B$4:$B$640-3,1),5)*IF(OR($H14=\"Class_8\",$N14=\"Replacement8HHD\",$AH14=\"CL7HHD\",$AJ14=\"CL7to8\"),INDEX('ER C8 FLT1'!$A$4:$J$640,MATCH($E14&$C14,'ER C8 FLT1'!$A$4:$A$640&'ER C8 FLT1'!$B$4:$B$640-3,1),7)),IF($H14=\"Class_7\",INDEX('ER C7 FLT1'!$A$4:$J$640,MATCH($E14&$C14,'ER C7 FLT1'!$A$4:$A$640&'ER C7 FLT1'!$B$4:$B$640-3,1),5)*IF($H14=\"Class_7\",INDEX('ER C7 FLT1'!$A$4:$J$640,MATCH($E14&$C14,'ER C7 FLT1'!$A$4:$A$640&'ER C7 FLT1'!$B$4:$B$640-3,1),7)),\nIF($H14=\"Class_6\",INDEX('ER C6 FLT1'!$A$4:$J$640,MATCH($E14&$C14,'ER C6 FLT1'!$A$4:$A$640&'ER C6 FLT1'!$B$4:$B$640-3,1),5)*IF($H14=\"Class_6\",INDEX('ER C6 FLT1'!$A$4:$J$640,MATCH($E14&$C14,'ER C6 FLT1'!$A$4:$A$640&'ER C6 FLT1'!$B$4:$B$640-3,1),7))))))))*IF($F14=\"Level 1 PM + Mark I NOx\",0.75,1)*($Q14/453.6)","v":0},{"$f":"IF($B14=\"3+ Trucks\",IF(OR($H14=\"Class_8\",$N14=\"Replacement8HHD\",$AH14=\"CL7HHD\",$AJ14=\"CL7to8\"),INDEX('ER C8 FLT3'!$A$4:$J$640,MATCH($E14&$C14,'ER C8 FLT3'!$A$4:$A$640&'ER C8 FLT3'!$B$4:$B$640-4,1),5)*IF(OR($H14=\"Class_8\",$N14=\"Replacement8HHD\",$AH14=\"CL7HHD\",$AJ14=\"CL7to8\"),INDEX('ER C8 FLT3'!$A$4:$J$640,MATCH($E14&$C14,'ER C8 FLT3'!$A$4:$A$640&'ER C8 FLT3'!$B$4:$B$640-4,1),7)),IF($H14=\"Class_7\",INDEX('ER C7 FLT3'!$A$4:$J$640,MATCH($E14&$C14,'ER C7 FLT3'!$A$4:$A$640&'ER C7 FLT3'!$B$4:$B$640-4,1),5)*IF($H14=\"Class_7\",INDEX('ER C7 FLT3'!$A$4:$J$640,MATCH($E14&$C14,'ER C7 FLT3'!$A$4:$A$640&'ER C7 FLT3'!$B$4:$B$640-4,1),7)),\nIF($H14=\"Class_6\",INDEX('ER C6 FLT3'!$A$4:$J$640,MATCH($E14&$C14,'ER C6 FLT3'!$A$4:$A$640&'ER C6 FLT3'!$B$4:$B$640-4,1),5)*IF($H14=\"Class_6\",INDEX('ER C6 FLT3'!$A$4:$L$640,MATCH($E14&$C14,'ER C6 FLT3'!$A$4:$A$640&'ER C6 FLT3'!$B$4:$B$640-4,1),7))))),IF($B14=\"2 Trucks\",IF(OR($H14=\"Class_8\",$N14=\"Replacement8HHD\",$AH14=\"CL7HHD\",$AJ14=\"CL7to8\"),INDEX('ER C8 FLT2'!$A$4:$J$640,MATCH($E14&$C14,'ER C8 FLT2'!$A$4:$A$640&'ER C8 FLT2'!$B$4:$B$640-4,1),5)*IF(OR($H14=\"Class_8\",$N14=\"Replacement8HHD\",$AH14=\"CL7HHD\",$AJ14=\"CL7to8\"),INDEX('ER C8 FLT2'!$A$4:$J$640,MATCH($E14&$C14,'ER C8 FLT2'!$A$4:$A$640&'ER C8 FLT2'!$B$4:$B$640-4,1),7)),IF($H14=\"Class_7\",INDEX('ER C7 FLT2'!$A$4:$J$640,MATCH($E14&$C14,'ER C7 FLT2'!$A$4:$A$640&'ER C7 FLT2'!$B$4:$B$640-4,1),5)*IF($H14=\"Class_7\",INDEX('ER C7 FLT2'!$A$4:$J$640,MATCH($E14&$C14,'ER C7 FLT2'!$A$4:$A$640&'ER C7 FLT2'!$B$4:$B$640-4,1),7)),IF($H14=\"Class_6\",INDEX('ER C6 FLT2'!$A$4:$J$640,MATCH($E14&$C14,'ER C6 FLT2'!$A$4:$A$640&'ER C6 FLT2'!$B$4:$B$640-4,1),5)*IF($H14=\"Class_6\",INDEX('ER C6 FLT2'!$A$4:$J$640,MATCH($E14&$C14,'ER C6 FLT2'!$A$4:$A$640&'ER C6 FLT2'!$B$4:$B$640-4,1),7))))),IF($B14=\"1 Truck\",\nIF(OR($H14=\"Class_8\",$N14=\"Replacement8HHD\",$AH14=\"CL7HHD\",$AJ14=\"CL7to8\"),INDEX('ER C8 FLT1'!$A$4:$J$640,MATCH($E14&$C14,'ER C8 FLT1'!$A$4:$A$640&'ER C8 FLT1'!$B$4:$B$640-4,1),5)*IF(OR($H14=\"Class_8\",$N14=\"Replacement8HHD\",$AH14=\"CL7HHD\",$AJ14=\"CL7to8\"),INDEX('ER C8 FLT1'!$A$4:$J$640,MATCH($E14&$C14,'ER C8 FLT1'!$A$4:$A$640&'ER C8 FLT1'!$B$4:$B$640-4,1),7)),IF($H14=\"Class_7\",INDEX('ER C7 FLT1'!$A$4:$J$640,MATCH($E14&$C14,'ER C7 FLT1'!$A$4:$A$640&'ER C7 FLT1'!$B$4:$B$640-4,1),5)*IF($H14=\"Class_7\",INDEX('ER C7 FLT1'!$A$4:$J$640,MATCH($E14&$C14,'ER C7 FLT1'!$A$4:$A$640&'ER C7 FLT1'!$B$4:$B$640-4,1),7)),\nIF($H14=\"Class_6\",INDEX('ER C6 FLT1'!$A$4:$J$640,MATCH($E14&$C14,'ER C6 FLT1'!$A$4:$A$640&'ER C6 FLT1'!$B$4:$B$640-4,1),5)*IF($H14=\"Class_6\",INDEX('ER C6 FLT1'!$A$4:$J$640,MATCH($E14&$C14,'ER C6 FLT1'!$A$4:$A$640&'ER C6 FLT1'!$B$4:$B$640-4,1),7))))))))*IF($F14=\"Level 1 PM + Mark I NOx\",0.75,1)*($Q14/453.6)","v":0},{"$f":"IF($B14=\"3+ Trucks\",IF(OR($H14=\"Class_8\",$N14=\"Replacement8HHD\",$AH14=\"CL7HHD\",$AJ14=\"CL7to8\"),INDEX('ER C8 FLT3'!$A$4:$J$640,MATCH($E14&$C14,'ER C8 FLT3'!$A$4:$A$640&'ER C8 FLT3'!$B$4:$B$640,1),5),IF($H14=\"Class_7\",INDEX('ER C7 FLT3'!$A$4:$J$640,MATCH($E14&$C14,'ER C7 FLT3'!$A$4:$A$640&'ER C7 FLT3'!$B$4:$B$640,1),5),IF($H14=\"Class_6\",INDEX('ER C6 FLT3'!$A$4:$J$640,MATCH($E14&$C14,'ER C6 FLT3'!$A$4:$A$640&'ER C6 FLT3'!$B$4:$B$640,1),5)))),IF($B14=\"2 Trucks\",IF(OR($H14=\"Class_8\",$N14=\"Replacement8HHD\",$AH14=\"CL7HHD\",$AJ14=\"CL7to8\"),INDEX('ER C8 FLT2'!$A$4:$J$640,MATCH($E14&$C14,'ER C8 FLT2'!$A$4:$A$640&'ER C8 FLT2'!$B$4:$B$640,1),5),IF($H14=\"Class_7\",INDEX('ER C7 FLT2'!$A$4:$J$640,MATCH($E14&$C14,'ER C7 FLT2'!$A$4:$A$640&'ER C7 FLT2'!$B$4:$B$640,1),5),IF($H14=\"Class_6\",INDEX('ER C6 FLT2'!$A$4:$J$640,MATCH($E14&$C14,'ER C6 FLT2'!$A$4:$A$640&'ER C6 FLT2'!$B$4:$B$640,1),5)))),IF($B14=\"1 Truck\",IF(OR($H14=\"Class_8\",$N14=\"Replacement8HHD\",$AH14=\"CL7HHD\",$AJ14=\"CL7to8\"),INDEX('ER C8 FLT1'!$A$4:$J$640,MATCH($E14&$C14,'ER C8 FLT1'!$A$4:$A$640&'ER C8 FLT1'!$B$4:$B$640,1),5),IF($H14=\"Class_7\",INDEX('ER C7 FLT1'!$A$4:$J$640,MATCH($E14&$C14,'ER C7 FLT1'!$A$4:$A$640&'ER C7 FLT1'!$B$4:$B$640,1),5),IF($H14=\"Class_6\",INDEX('ER C6 FLT1'!$A$4:$J$640,MATCH($E14&$C14,'ER C6 FLT1'!$A$4:$A$640&'ER C6 FLT1'!$B$4:$B$640,1),5)))))))","v":false},{"$f":"IF($B14=\"3+ Trucks\",IF(OR($H14=\"Class_8\",$N14=\"Replacement8HHD\",$AH14=\"CL7HHD\",$AJ14=\"CL7to8\"),INDEX('ER C8 FLT3'!$A$4:$J$640,MATCH($E14&$C14,'ER C8 FLT3'!$A$4:$A$640&'ER C8 FLT3'!$B$4:$B$640-1,1),5),IF($H14=\"Class_7\",INDEX('ER C7 FLT3'!$A$4:$J$640,MATCH($E14&$C14,'ER C7 FLT3'!$A$4:$A$640&'ER C7 FLT3'!$B$4:$B$640-1,1),5),IF($H14=\"Class_6\",INDEX('ER C6 FLT3'!$A$4:$J$640,MATCH($E14&$C14,'ER C6 FLT3'!$A$4:$A$640&'ER C6 FLT3'!$B$4:$B$640-1,1),5)))),IF($B14=\"2 Trucks\",IF(OR($H14=\"Class_8\",$N14=\"Replacement8HHD\",$AH14=\"CL7HHD\",$AJ14=\"CL7to8\"),INDEX('ER C8 FLT2'!$A$4:$J$640,MATCH($E14&$C14,'ER C8 FLT2'!$A$4:$A$640&'ER C8 FLT2'!$B$4:$B$640-1,1),5),IF($H14=\"Class_7\",INDEX('ER C7 FLT2'!$A$4:$J$640,MATCH($E14&$C14,'ER C7 FLT2'!$A$4:$A$640&'ER C7 FLT2'!$B$4:$B$640-1,1),5),IF($H14=\"Class_6\",INDEX('ER C6 FLT2'!$A$4:$J$640,MATCH($E14&$C14,'ER C6 FLT2'!$A$4:$A$640&'ER C6 FLT2'!$B$4:$B$640-1,1),5)))),IF($B14=\"1 Truck\",IF(OR($H14=\"Class_8\",$N14=\"Replacement8HHD\",$AH14=\"CL7HHD\",$AJ14=\"CL7to8\"),INDEX('ER C8 FLT1'!$A$4:$J$640,MATCH($E14&$C14,'ER C8 FLT1'!$A$4:$A$640&'ER C8 FLT1'!$B$4:$B$640-1,1),5),IF($H14=\"Class_7\",INDEX('ER C7 FLT1'!$A$4:$J$640,MATCH($E14&$C14,'ER C7 FLT1'!$A$4:$A$640&'ER C7 FLT1'!$B$4:$B$640-1,1),5),IF($H14=\"Class_6\",INDEX('ER C6 FLT1'!$A$4:$J$640,MATCH($E14&$C14,'ER C6 FLT1'!$A$4:$A$640&'ER C6 FLT1'!$B$4:$B$640-1,1),5)))))))","v":false},{"$f":"IF($B14=\"3+ Trucks\",IF(OR($H14=\"Class_8\",$N14=\"Replacement8HHD\",$AH14=\"CL7HHD\",$AJ14=\"CL7to8\"),INDEX('ER C8 FLT3'!$A$4:$J$640,MATCH($E14&$C14,'ER C8 FLT3'!$A$4:$A$640&'ER C8 FLT3'!$B$4:$B$640-2,1),5),IF($H14=\"Class_7\",INDEX('ER C7 FLT3'!$A$4:$J$640,MATCH($E14&$C14,'ER C7 FLT3'!$A$4:$A$640&'ER C7 FLT3'!$B$4:$B$640-2,1),5),IF($H14=\"Class_6\",INDEX('ER C6 FLT3'!$A$4:$J$640,MATCH($E14&$C14,'ER C6 FLT3'!$A$4:$A$640&'ER C6 FLT3'!$B$4:$B$640-2,1),5)))),IF($B14=\"2 Trucks\",IF(OR($H14=\"Class_8\",$N14=\"Replacement8HHD\",$AH14=\"CL7HHD\",$AJ14=\"CL7to8\"),INDEX('ER C8 FLT2'!$A$4:$J$640,MATCH($E14&$C14,'ER C8 FLT2'!$A$4:$A$640&'ER C8 FLT2'!$B$4:$B$640-2,1),5),IF($H14=\"Class_7\",INDEX('ER C7 FLT2'!$A$4:$J$640,MATCH($E14&$C14,'ER C7 FLT2'!$A$4:$A$640&'ER C7 FLT2'!$B$4:$B$640-2,1),5),IF($H14=\"Class_6\",INDEX('ER C6 FLT2'!$A$4:$J$640,MATCH($E14&$C14,'ER C6 FLT2'!$A$4:$A$640&'ER C6 FLT2'!$B$4:$B$640-2,1),5)))),IF($B14=\"1 Truck\",IF(OR($H14=\"Class_8\",$N14=\"Replacement8HHD\",$AH14=\"CL7HHD\",$AJ14=\"CL7to8\"),INDEX('ER C8 FLT1'!$A$4:$J$640,MATCH($E14&$C14,'ER C8 FLT1'!$A$4:$A$640&'ER C8 FLT1'!$B$4:$B$640-2,1),5),IF($H14=\"Class_7\",INDEX('ER C7 FLT1'!$A$4:$J$640,MATCH($E14&$C14,'ER C7 FLT1'!$A$4:$A$640&'ER C7 FLT1'!$B$4:$B$640-2,1),5),IF($H14=\"Class_6\",INDEX('ER C6 FLT1'!$A$4:$J$640,MATCH($E14&$C14,'ER C6 FLT1'!$A$4:$A$640&'ER C6 FLT1'!$B$4:$B$640-2,1),5)))))))","v":false},{"$f":"IF($B14=\"3+ Trucks\",IF(OR($H14=\"Class_8\",$N14=\"Replacement8HHD\",$AH14=\"CL7HHD\",$AJ14=\"CL7to8\"),INDEX('ER C8 FLT3'!$A$4:$J$640,MATCH($E14&$C14,'ER C8 FLT3'!$A$4:$A$640&'ER C8 FLT3'!$B$4:$B$640-3,1),5),IF($H14=\"Class_7\",INDEX('ER C7 FLT3'!$A$4:$J$640,MATCH($E14&$C14,'ER C7 FLT3'!$A$4:$A$640&'ER C7 FLT3'!$B$4:$B$640-3,1),5),IF($H14=\"Class_6\",INDEX('ER C6 FLT3'!$A$4:$J$640,MATCH($E14&$C14,'ER C6 FLT3'!$A$4:$A$640&'ER C6 FLT3'!$B$4:$B$640-3,1),5)))),IF($B14=\"2 Trucks\",IF(OR($H14=\"Class_8\",$N14=\"Replacement8HHD\",$AH14=\"CL7HHD\",$AJ14=\"CL7to8\"),INDEX('ER C8 FLT2'!$A$4:$J$640,MATCH($E14&$C14,'ER C8 FLT2'!$A$4:$A$640&'ER C8 FLT2'!$B$4:$B$640-3,1),5),IF($H14=\"Class_7\",INDEX('ER C7 FLT2'!$A$4:$J$640,MATCH($E14&$C14,'ER C7 FLT2'!$A$4:$A$640&'ER C7 FLT2'!$B$4:$B$640-3,1),5),IF($H14=\"Class_6\",INDEX('ER C6 FLT2'!$A$4:$J$640,MATCH($E14&$C14,'ER C6 FLT2'!$A$4:$A$640&'ER C6 FLT2'!$B$4:$B$640-3,1),5)))),IF($B14=\"1 Truck\",IF(OR($H14=\"Class_8\",$N14=\"Replacement8HHD\",$AH14=\"CL7HHD\",$AJ14=\"CL7to8\"),INDEX('ER C8 FLT1'!$A$4:$J$640,MATCH($E14&$C14,'ER C8 FLT1'!$A$4:$A$640&'ER C8 FLT1'!$B$4:$B$640-3,1),5),IF($H14=\"Class_7\",INDEX('ER C7 FLT1'!$A$4:$J$640,MATCH($E14&$C14,'ER C7 FLT1'!$A$4:$A$640&'ER C7 FLT1'!$B$4:$B$640-3,1),5),IF($H14=\"Class_6\",INDEX('ER C6 FLT1'!$A$4:$J$640,MATCH($E14&$C14,'ER C6 FLT1'!$A$4:$A$640&'ER C6 FLT1'!$B$4:$B$640-3,1),5)))))))","v":false},{"$f":"IF($B14=\"3+ Trucks\",IF(OR($H14=\"Class_8\",$N14=\"Replacement8HHD\",$AH14=\"CL7HHD\",$AJ14=\"CL7to8\"),INDEX('ER C8 FLT3'!$A$4:$J$640,MATCH($E14&$C14,'ER C8 FLT3'!$A$4:$A$640&'ER C8 FLT3'!$B$4:$B$640-4,1),5),IF($H14=\"Class_7\",INDEX('ER C7 FLT3'!$A$4:$J$640,MATCH($E14&$C14,'ER C7 FLT3'!$A$4:$A$640&'ER C7 FLT3'!$B$4:$B$640-4,1),5),IF($H14=\"Class_6\",INDEX('ER C6 FLT3'!$A$4:$J$640,MATCH($E14&$C14,'ER C6 FLT3'!$A$4:$A$640&'ER C6 FLT3'!$B$4:$B$640-4,1),5)))),IF($B14=\"2 Trucks\",IF(OR($H14=\"Class_8\",$N14=\"Replacement8HHD\",$AH14=\"CL7HHD\",$AJ14=\"CL7to8\"),INDEX('ER C8 FLT2'!$A$4:$J$640,MATCH($E14&$C14,'ER C8 FLT2'!$A$4:$A$640&'ER C8 FLT2'!$B$4:$B$640-4,1),5),IF($H14=\"Class_7\",INDEX('ER C7 FLT2'!$A$4:$J$640,MATCH($E14&$C14,'ER C7 FLT2'!$A$4:$A$640&'ER C7 FLT2'!$B$4:$B$640-4,1),5),IF($H14=\"Class_6\",INDEX('ER C6 FLT2'!$A$4:$J$640,MATCH($E14&$C14,'ER C6 FLT2'!$A$4:$A$640&'ER C6 FLT2'!$B$4:$B$640-4,1),5)))),IF($B14=\"1 Truck\",IF(OR($H14=\"Class_8\",$N14=\"Replacement8HHD\",$AH14=\"CL7HHD\",$AJ14=\"CL7to8\"),INDEX('ER C8 FLT1'!$A$4:$J$640,MATCH($E14&$C14,'ER C8 FLT1'!$A$4:$A$640&'ER C8 FLT1'!$B$4:$B$640-4,1),5),IF($H14=\"Class_7\",INDEX('ER C7 FLT1'!$A$4:$J$640,MATCH($E14&$C14,'ER C7 FLT1'!$A$4:$A$640&'ER C7 FLT1'!$B$4:$B$640-4,1),5),IF($H14=\"Class_6\",INDEX('ER C6 FLT1'!$A$4:$J$640,MATCH($E14&$C14,'ER C6 FLT1'!$A$4:$A$640&'ER C6 FLT1'!$B$4:$B$640-4,1),5)))))))","v":false},{"$f":"IF(OR($R14=\"Diesel\",$R14=\"LNG/CNG\",$R14=\"Hybrid\",$R14=\"Electric w/ AB-118\"),IF($B14=\"3+ Trucks\",IF(OR($O14=\"Class_8\",$N14=\"Replacement8HHD\",$AI14=\"CL7HHD\"),INDEX('ER C8 FLT3'!$A$4:$J$640,MATCH(DropData!$J54&$C14,'ER C8 FLT3'!$A$4:$A$640&'ER C8 FLT3'!$B$4:$B$640,1),5)*IF(OR($O14=\"Class_8\",$N14=\"Replacement8HHD\",$AI14=\"CL7HHD\"),INDEX('ER C8 FLT3'!$A$4:$J$640,MATCH(DropData!$J54&$C14,'ER C8 FLT3'!$A$4:$A$640&'ER C8 FLT3'!$B$4:$B$640,1),7)),IF($O14=\"Class_7\",INDEX('ER C7 FLT3'!$A$4:$J$640,MATCH(DropData!$J54&$C14,'ER C7 FLT3'!$A$4:$A$640&'ER C7 FLT3'!$B$4:$B$640,1),5)*IF($O14=\"Class_7\",INDEX('ER C7 FLT3'!$A$4:$J$640,MATCH(DropData!$J54&$C14,'ER C7 FLT3'!$A$4:$A$640&'ER C7 FLT3'!$B$4:$B$640,1),7)),IF($O14=\"Class_6\",INDEX('ER C6 FLT3'!$A$4:$J$640,MATCH(DropData!$J54&$C14,'ER C6 FLT3'!$A$4:$A$640&'ER C6 FLT3'!$B$4:$B$640,1),5)*IF($O14=\"Class_6\",INDEX('ER C6 FLT3'!$A$4:$J$640,MATCH(DropData!$J54&$C14,'ER C6 FLT3'!$A$4:$A$640&'ER C6 FLT3'!$B$4:$B$640,1),7))))),IF($B14=\"2 Trucks\",IF(OR($O14=\"Class_8\",$N14=\"Replacement8HHD\",$AI14=\"CL7HHD\"),INDEX('ER C8 FLT2'!$A$4:$J$640,MATCH(DropData!$J54&$C14,'ER C8 FLT2'!$A$4:$A$640&'ER C8 FLT2'!$B$4:$B$640,1),5)*IF(OR($O14=\"Class_8\",$N14=\"Replacement8HHD\",$AI14=\"CL7HHD\"),INDEX('ER C8 FLT2'!$A$4:$J$640,MATCH(DropData!$J54&$C14,'ER C8 FLT2'!$A$4:$A$640&'ER C8 FLT2'!$B$4:$B$640,1),7)),IF($O14=\"Class_7\",INDEX('ER C7 FLT2'!$A$4:$J$640,MATCH(DropData!$J54&$C14,'ER C7 FLT2'!$A$4:$A$640&'ER C7 FLT2'!$B$4:$B$640,1),5)*IF($O14=\"Class_7\",INDEX('ER C7 FLT2'!$A$4:$J$640,MATCH(DropData!$J54&$C14,'ER C7 FLT2'!$A$4:$A$640&'ER C7 FLT2'!$B$4:$B$640,1),7)),IF($O14=\"Class_6\",INDEX('ER C6 FLT2'!$A$4:$J$640,MATCH(DropData!$J54&$C14,'ER C6 FLT2'!$A$4:$A$640&'ER C6 FLT2'!$B$4:$B$640,1),5)*IF($O14=\"Class_6\",INDEX('ER C6 FLT2'!$A$4:$J$640,MATCH(DropData!$J54&$C14,'ER C6 FLT2'!$A$4:$A$640&'ER C6 FLT2'!$B$4:$B$640,1),7))))),IF($B14=\"1 Truck\",IF(OR($O14=\"Class_8\",$N14=\"Replacement8HHD\",$AI14=\"CL7HHD\"),INDEX('ER C8 FLT1'!$A$4:$J$640,MATCH(DropData!$J54&$C14,'ER C8 FLT1'!$A$4:$A$640&'ER C8 FLT1'!$B$4:$B$640,1),5)*IF(OR($O14=\"Class_8\",$N14=\"Replacement8HHD\",$AI14=\"CL7HHD\"),INDEX('ER C8 FLT1'!$A$4:$J$640,MATCH(DropData!$J54&$C14,'ER C8 FLT1'!$A$4:$A$640&'ER C8 FLT1'!$B$4:$B$640,1),7)),IF($O14=\"Class_7\",INDEX('ER C7 FLT1'!$A$4:$J$640,MATCH(DropData!$J54&$C14,'ER C7 FLT1'!$A$4:$A$640&'ER C7 FLT1'!$B$4:$B$640,1),5)*IF($O14=\"Class_7\",INDEX('ER C7 FLT1'!$A$4:$J$640,MATCH(DropData!$J54&$C14,'ER C7 FLT1'!$A$4:$A$640&'ER C7 FLT1'!$B$4:$B$640,1),7)),IF($O14=\"Class_6\",INDEX('ER C6 FLT1'!$A$4:$J$640,MATCH(DropData!$J54&$C14,'ER C6 FLT1'!$A$4:$A$640&'ER C6 FLT1'!$B$4:$B$640,1),5)*IF($O14=\"Class_6\",INDEX('ER C6 FLT1'!$A$4:$J$640,MATCH(DropData!$J54&$C14,'ER C6 FLT1'!$A$4:$A$640&'ER C6 FLT1'!$B$4:$B$640,1),7)))))))),IF($R14=\"Electric\",INDEX('ER Electric'!$A$6:$E$44,MATCH($C14&$O14,'ER Electric'!$A$6:$A$44&'ER Electric'!$B$6:$B$44,1),4)))*(($Q14+$AC14)/453.6)","v":0},{"$f":"IF(OR($R14=\"Diesel\",$R14=\"LNG/CNG\",$R14=\"Hybrid\",$R14=\"Electric w/ AB-118\"),IF($B14=\"3+ Trucks\",IF(OR($O14=\"Class_8\",$N14=\"Replacement8HHD\",$AI14=\"CL7HHD\"),INDEX('ER C8 FLT3'!$A$4:$J$640,MATCH(DropData!$J54&$C14,'ER C8 FLT3'!$A$4:$A$640&'ER C8 FLT3'!$B$4:$B$640-1,1),5)*IF(OR($O14=\"Class_8\",$N14=\"Replacement8HHD\",$AI14=\"CL7HHD\"),INDEX('ER C8 FLT3'!$A$4:$J$640,MATCH(DropData!$J54&$C14,'ER C8 FLT3'!$A$4:$A$640&'ER C8 FLT3'!$B$4:$B$640-1,1),7)),IF($O14=\"Class_7\",INDEX('ER C7 FLT3'!$A$4:$J$640,MATCH(DropData!$J54&$C14,'ER C7 FLT3'!$A$4:$A$640&'ER C7 FLT3'!$B$4:$B$640-1,1),5)*IF($O14=\"Class_7\",INDEX('ER C7 FLT3'!$A$4:$J$640,MATCH(DropData!$J54&$C14,'ER C7 FLT3'!$A$4:$A$640&'ER C7 FLT3'!$B$4:$B$640-1,1),7)),IF($O14=\"Class_6\",INDEX('ER C6 FLT3'!$A$4:$J$640,MATCH(DropData!$J54&$C14,'ER C6 FLT3'!$A$4:$A$640&'ER C6 FLT3'!$B$4:$B$640-1,1),5)*IF($O14=\"Class_6\",INDEX('ER C6 FLT3'!$A$4:$J$640,MATCH(DropData!$J54&$C14,'ER C6 FLT3'!$A$4:$A$640&'ER C6 FLT3'!$B$4:$B$640-1,1),7))))),IF($B14=\"2 Trucks\",IF(OR($O14=\"Class_8\",$N14=\"Replacement8HHD\",$AI14=\"CL7HHD\"),INDEX('ER C8 FLT2'!$A$4:$J$640,MATCH(DropData!$J54&$C14,'ER C8 FLT2'!$A$4:$A$640&'ER C8 FLT2'!$B$4:$B$640-1,1),5)*IF(OR($O14=\"Class_8\",$N14=\"Replacement8HHD\",$AI14=\"CL7HHD\"),INDEX('ER C8 FLT2'!$A$4:$J$640,MATCH(DropData!$J54&$C14,'ER C8 FLT2'!$A$4:$A$640&'ER C8 FLT2'!$B$4:$B$640-1,1),7)),IF($O14=\"Class_7\",INDEX('ER C7 FLT2'!$A$4:$J$640,MATCH(DropData!$J54&$C14,'ER C7 FLT2'!$A$4:$A$640&'ER C7 FLT2'!$B$4:$B$640-1,1),5)*IF($O14=\"Class_7\",INDEX('ER C7 FLT2'!$A$4:$J$640,MATCH(DropData!$J54&$C14,'ER C7 FLT2'!$A$4:$A$640&'ER C7 FLT2'!$B$4:$B$640-1,1),7)),IF($O14=\"Class_6\",INDEX('ER C6 FLT2'!$A$4:$J$640,MATCH(DropData!$J54&$C14,'ER C6 FLT2'!$A$4:$A$640&'ER C6 FLT2'!$B$4:$B$640-1,1),5)*IF($O14=\"Class_6\",INDEX('ER C6 FLT2'!$A$4:$J$640,MATCH(DropData!$J54&$C14,'ER C6 FLT2'!$A$4:$A$640&'ER C6 FLT2'!$B$4:$B$640-1,1),7))))),IF($B14=\"1 Truck\",IF(OR($O14=\"Class_8\",$N14=\"Replacement8HHD\",$AI14=\"CL7HHD\"),INDEX('ER C8 FLT1'!$A$4:$J$640,MATCH(DropData!$J54&$C14,'ER C8 FLT1'!$A$4:$A$640&'ER C8 FLT1'!$B$4:$B$640-1,1),5)*IF(OR($O14=\"Class_8\",$N14=\"Replacement8HHD\",$AI14=\"CL7HHD\"),INDEX('ER C8 FLT1'!$A$4:$J$640,MATCH(DropData!$J54&$C14,'ER C8 FLT1'!$A$4:$A$640&'ER C8 FLT1'!$B$4:$B$640-1,1),7)),IF($O14=\"Class_7\",INDEX('ER C7 FLT1'!$A$4:$J$640,MATCH(DropData!$J54&$C14,'ER C7 FLT1'!$A$4:$A$640&'ER C7 FLT1'!$B$4:$B$640-1,1),5)*IF($O14=\"Class_7\",INDEX('ER C7 FLT1'!$A$4:$J$640,MATCH(DropData!$J54&$C14,'ER C7 FLT1'!$A$4:$A$640&'ER C7 FLT1'!$B$4:$B$640-1,1),7)),IF($O14=\"Class_6\",INDEX('ER C6 FLT1'!$A$4:$J$640,MATCH(DropData!$J54&$C14,'ER C6 FLT1'!$A$4:$A$640&'ER C6 FLT1'!$B$4:$B$640-1,1),5)*IF($O14=\"Class_6\",INDEX('ER C6 FLT1'!$A$4:$J$640,MATCH(DropData!$J54&$C14,'ER C6 FLT1'!$A$4:$A$640&'ER C6 FLT1'!$B$4:$B$640-1,1),7)))))))),IF($R14=\"Electric\",OFFSET(INDEX('ER Electric'!$A$6:$E$44,MATCH($C14&$O14,'ER Electric'!$A$6:$A$44&'ER Electric'!$B$6:$B$44,1),4),3,0)))*(($Q14+$AC14)/453.6)","v":0},{"$f":"IF(OR($R14=\"Diesel\",$R14=\"LNG/CNG\",$R14=\"Hybrid\",$R14=\"Electric w/ AB-118\"),IF($B14=\"3+ Trucks\",IF(OR($O14=\"Class_8\",$N14=\"Replacement8HHD\",$AI14=\"CL7HHD\"),INDEX('ER C8 FLT3'!$A$4:$J$640,MATCH(DropData!$J54&$C14,'ER C8 FLT3'!$A$4:$A$640&'ER C8 FLT3'!$B$4:$B$640-2,1),5)*IF(OR($O14=\"Class_8\",$N14=\"Replacement8HHD\",$AI14=\"CL7HHD\"),INDEX('ER C8 FLT3'!$A$4:$J$640,MATCH(DropData!$J54&$C14,'ER C8 FLT3'!$A$4:$A$640&'ER C8 FLT3'!$B$4:$B$640-2,1),7)),IF($O14=\"Class_7\",INDEX('ER C7 FLT3'!$A$4:$J$640,MATCH(DropData!$J54&$C14,'ER C7 FLT3'!$A$4:$A$640&'ER C7 FLT3'!$B$4:$B$640-2,1),5)*IF($O14=\"Class_7\",INDEX('ER C7 FLT3'!$A$4:$J$640,MATCH(DropData!$J54&$C14,'ER C7 FLT3'!$A$4:$A$640&'ER C7 FLT3'!$B$4:$B$640-2,1),7)),IF($O14=\"Class_6\",INDEX('ER C6 FLT3'!$A$4:$J$640,MATCH(DropData!$J54&$C14,'ER C6 FLT3'!$A$4:$A$640&'ER C6 FLT3'!$B$4:$B$640-2,1),5)*IF($O14=\"Class_6\",INDEX('ER C6 FLT3'!$A$4:$J$640,MATCH(DropData!$J54&$C14,'ER C6 FLT3'!$A$4:$A$640&'ER C6 FLT3'!$B$4:$B$640-2,1),7))))),IF($B14=\"2 Trucks\",IF(OR($O14=\"Class_8\",$N14=\"Replacement8HHD\",$AI14=\"CL7HHD\"),INDEX('ER C8 FLT2'!$A$4:$J$640,MATCH(DropData!$J54&$C14,'ER C8 FLT2'!$A$4:$A$640&'ER C8 FLT2'!$B$4:$B$640-2,1),5)*IF(OR($O14=\"Class_8\",$N14=\"Replacement8HHD\",$AI14=\"CL7HHD\"),INDEX('ER C8 FLT2'!$A$4:$J$640,MATCH(DropData!$J54&$C14,'ER C8 FLT2'!$A$4:$A$640&'ER C8 FLT2'!$B$4:$B$640-2,1),7)),IF($O14=\"Class_7\",INDEX('ER C7 FLT2'!$A$4:$J$640,MATCH(DropData!$J54&$C14,'ER C7 FLT2'!$A$4:$A$640&'ER C7 FLT2'!$B$4:$B$640-2,1),5)*IF($O14=\"Class_7\",INDEX('ER C7 FLT2'!$A$4:$J$640,MATCH(DropData!$J54&$C14,'ER C7 FLT2'!$A$4:$A$640&'ER C7 FLT2'!$B$4:$B$640-2,1),7)),IF($O14=\"Class_6\",INDEX('ER C6 FLT2'!$A$4:$J$640,MATCH(DropData!$J54&$C14,'ER C6 FLT2'!$A$4:$A$640&'ER C6 FLT2'!$B$4:$B$640-2,1),5)*IF($O14=\"Class_6\",INDEX('ER C6 FLT2'!$A$4:$J$640,MATCH(DropData!$J54&$C14,'ER C6 FLT2'!$A$4:$A$640&'ER C6 FLT2'!$B$4:$B$640-2,1),7))))),IF($B14=\"1 Truck\",IF(OR($O14=\"Class_8\",$N14=\"Replacement8HHD\",$AI14=\"CL7HHD\"),INDEX('ER C8 FLT1'!$A$4:$J$640,MATCH(DropData!$J54&$C14,'ER C8 FLT1'!$A$4:$A$640&'ER C8 FLT1'!$B$4:$B$640-2,1),5)*IF(OR($O14=\"Class_8\",$N14=\"Replacement8HHD\",$AI14=\"CL7HHD\"),INDEX('ER C8 FLT1'!$A$4:$J$640,MATCH(DropData!$J54&$C14,'ER C8 FLT1'!$A$4:$A$640&'ER C8 FLT1'!$B$4:$B$640-2,1),7)),IF($O14=\"Class_7\",INDEX('ER C7 FLT1'!$A$4:$J$640,MATCH(DropData!$J54&$C14,'ER C7 FLT1'!$A$4:$A$640&'ER C7 FLT1'!$B$4:$B$640-2,1),5)*IF($O14=\"Class_7\",INDEX('ER C7 FLT1'!$A$4:$J$640,MATCH(DropData!$J54&$C14,'ER C7 FLT1'!$A$4:$A$640&'ER C7 FLT1'!$B$4:$B$640-2,1),7)),IF($O14=\"Class_6\",INDEX('ER C6 FLT1'!$A$4:$J$640,MATCH(DropData!$J54&$C14,'ER C6 FLT1'!$A$4:$A$640&'ER C6 FLT1'!$B$4:$B$640-2,1),5)*IF($O14=\"Class_6\",INDEX('ER C6 FLT1'!$A$4:$J$640,MATCH(DropData!$J54&$C14,'ER C6 FLT1'!$A$4:$A$640&'ER C6 FLT1'!$B$4:$B$640-2,1),7)))))))),IF($R14=\"Electric\",OFFSET(INDEX('ER Electric'!$A$6:$E$44,MATCH($C14&$O14,'ER Electric'!$A$6:$A$44&'ER Electric'!$B$6:$B$44,1),4),6,0)))*(($Q14+$AC14)/453.6)","v":0},{"$f":"IF(OR($R14=\"Diesel\",$R14=\"LNG/CNG\",$R14=\"Hybrid\",$R14=\"Electric w/ AB-118\"),IF($B14=\"3+ Trucks\",IF(OR($O14=\"Class_8\",$N14=\"Replacement8HHD\",$AI14=\"CL7HHD\"),INDEX('ER C8 FLT3'!$A$4:$J$640,MATCH(DropData!$J54&$C14,'ER C8 FLT3'!$A$4:$A$640&'ER C8 FLT3'!$B$4:$B$640-3,1),5)*IF(OR($O14=\"Class_8\",$N14=\"Replacement8HHD\",$AI14=\"CL7HHD\"),INDEX('ER C8 FLT3'!$A$4:$J$640,MATCH(DropData!$J54&$C14,'ER C8 FLT3'!$A$4:$A$640&'ER C8 FLT3'!$B$4:$B$640-3,1),7)),IF($O14=\"Class_7\",INDEX('ER C7 FLT3'!$A$4:$J$640,MATCH(DropData!$J54&$C14,'ER C7 FLT3'!$A$4:$A$640&'ER C7 FLT3'!$B$4:$B$640-3,1),5)*IF($O14=\"Class_7\",INDEX('ER C7 FLT3'!$A$4:$J$640,MATCH(DropData!$J54&$C14,'ER C7 FLT3'!$A$4:$A$640&'ER C7 FLT3'!$B$4:$B$640-3,1),7)),IF($O14=\"Class_6\",INDEX('ER C6 FLT3'!$A$4:$J$640,MATCH(DropData!$J54&$C14,'ER C6 FLT3'!$A$4:$A$640&'ER C6 FLT3'!$B$4:$B$640-3,1),5)*IF($O14=\"Class_6\",INDEX('ER C6 FLT3'!$A$4:$J$640,MATCH(DropData!$J54&$C14,'ER C6 FLT3'!$A$4:$A$640&'ER C6 FLT3'!$B$4:$B$640-3,1),7))))),IF($B14=\"2 Trucks\",IF(OR($O14=\"Class_8\",$N14=\"Replacement8HHD\",$AI14=\"CL7HHD\"),INDEX('ER C8 FLT2'!$A$4:$J$640,MATCH(DropData!$J54&$C14,'ER C8 FLT2'!$A$4:$A$640&'ER C8 FLT2'!$B$4:$B$640-3,1),5)*IF(OR($O14=\"Class_8\",$N14=\"Replacement8HHD\",$AI14=\"CL7HHD\"),INDEX('ER C8 FLT2'!$A$4:$J$640,MATCH(DropData!$J54&$C14,'ER C8 FLT2'!$A$4:$A$640&'ER C8 FLT2'!$B$4:$B$640-3,1),7)),IF($O14=\"Class_7\",INDEX('ER C7 FLT2'!$A$4:$J$640,MATCH(DropData!$J54&$C14,'ER C7 FLT2'!$A$4:$A$640&'ER C7 FLT2'!$B$4:$B$640-3,1),5)*IF($O14=\"Class_7\",INDEX('ER C7 FLT2'!$A$4:$J$640,MATCH(DropData!$J54&$C14,'ER C7 FLT2'!$A$4:$A$640&'ER C7 FLT2'!$B$4:$B$640-3,1),7)),IF($O14=\"Class_6\",INDEX('ER C6 FLT2'!$A$4:$J$640,MATCH(DropData!$J54&$C14,'ER C6 FLT2'!$A$4:$A$640&'ER C6 FLT2'!$B$4:$B$640-3,1),5)*IF($O14=\"Class_6\",INDEX('ER C6 FLT2'!$A$4:$J$640,MATCH(DropData!$J54&$C14,'ER C6 FLT2'!$A$4:$A$640&'ER C6 FLT2'!$B$4:$B$640-3,1),7))))),IF($B14=\"1 Truck\",IF(OR($O14=\"Class_8\",$N14=\"Replacement8HHD\",$AI14=\"CL7HHD\"),INDEX('ER C8 FLT1'!$A$4:$J$640,MATCH(DropData!$J54&$C14,'ER C8 FLT1'!$A$4:$A$640&'ER C8 FLT1'!$B$4:$B$640-3,1),5)*IF(OR($O14=\"Class_8\",$N14=\"Replacement8HHD\",$AI14=\"CL7HHD\"),INDEX('ER C8 FLT1'!$A$4:$J$640,MATCH(DropData!$J54&$C14,'ER C8 FLT1'!$A$4:$A$640&'ER C8 FLT1'!$B$4:$B$640-3,1),7)),IF($O14=\"Class_7\",INDEX('ER C7 FLT1'!$A$4:$J$640,MATCH(DropData!$J54&$C14,'ER C7 FLT1'!$A$4:$A$640&'ER C7 FLT1'!$B$4:$B$640-3,1),5)*IF($O14=\"Class_7\",INDEX('ER C7 FLT1'!$A$4:$J$640,MATCH(DropData!$J54&$C14,'ER C7 FLT1'!$A$4:$A$640&'ER C7 FLT1'!$B$4:$B$640-3,1),7)),IF($O14=\"Class_6\",INDEX('ER C6 FLT1'!$A$4:$J$640,MATCH(DropData!$J54&$C14,'ER C6 FLT1'!$A$4:$A$640&'ER C6 FLT1'!$B$4:$B$640-3,1),5)*IF($O14=\"Class_6\",INDEX('ER C6 FLT1'!$A$4:$J$640,MATCH(DropData!$J54&$C14,'ER C6 FLT1'!$A$4:$A$640&'ER C6 FLT1'!$B$4:$B$640-3,1),7)))))))),IF($R14=\"Electric\",OFFSET(INDEX('ER Electric'!$A$6:$E$44,MATCH($C14&$O14,'ER Electric'!$A$6:$A$44&'ER Electric'!$B$6:$B$44,1),4),9,0)))*(($Q14+$AC14)/453.6)","v":0},{"$f":"IF(OR($R14=\"Diesel\",$R14=\"LNG/CNG\",$R14=\"Hybrid\",$R14=\"Electric w/ AB-118\"),IF($B14=\"3+ Trucks\",IF(OR($O14=\"Class_8\",$N14=\"Replacement8HHD\",$AI14=\"CL7HHD\"),INDEX('ER C8 FLT3'!$A$4:$J$640,MATCH(DropData!$J54&$C14,'ER C8 FLT3'!$A$4:$A$640&'ER C8 FLT3'!$B$4:$B$640-4,1),5)*IF(OR($O14=\"Class_8\",$N14=\"Replacement8HHD\",$AI14=\"CL7HHD\"),INDEX('ER C8 FLT3'!$A$4:$J$640,MATCH(DropData!$J54&$C14,'ER C8 FLT3'!$A$4:$A$640&'ER C8 FLT3'!$B$4:$B$640-4,1),7)),IF($O14=\"Class_7\",INDEX('ER C7 FLT3'!$A$4:$J$640,MATCH(DropData!$J54&$C14,'ER C7 FLT3'!$A$4:$A$640&'ER C7 FLT3'!$B$4:$B$640-4,1),5)*IF($O14=\"Class_7\",INDEX('ER C7 FLT3'!$A$4:$J$640,MATCH(DropData!$J54&$C14,'ER C7 FLT3'!$A$4:$A$640&'ER C7 FLT3'!$B$4:$B$640-4,1),7)),IF($O14=\"Class_6\",INDEX('ER C6 FLT3'!$A$4:$J$640,MATCH(DropData!$J54&$C14,'ER C6 FLT3'!$A$4:$A$640&'ER C6 FLT3'!$B$4:$B$640-4,1),5)*IF($O14=\"Class_6\",INDEX('ER C6 FLT3'!$A$4:$J$640,MATCH(DropData!$J54&$C14,'ER C6 FLT3'!$A$4:$A$640&'ER C6 FLT3'!$B$4:$B$640-4,1),7))))),IF($B14=\"2 Trucks\",IF(OR($O14=\"Class_8\",$N14=\"Replacement8HHD\",$AI14=\"CL7HHD\"),INDEX('ER C8 FLT2'!$A$4:$J$640,MATCH(DropData!$J54&$C14,'ER C8 FLT2'!$A$4:$A$640&'ER C8 FLT2'!$B$4:$B$640-4,1),5)*IF(OR($O14=\"Class_8\",$N14=\"Replacement8HHD\",$AI14=\"CL7HHD\"),INDEX('ER C8 FLT2'!$A$4:$J$640,MATCH(DropData!$J54&$C14,'ER C8 FLT2'!$A$4:$A$640&'ER C8 FLT2'!$B$4:$B$640-4,1),7)),IF($O14=\"Class_7\",INDEX('ER C7 FLT2'!$A$4:$J$640,MATCH(DropData!$J54&$C14,'ER C7 FLT2'!$A$4:$A$640&'ER C7 FLT2'!$B$4:$B$640-4,1),5)*IF($O14=\"Class_7\",INDEX('ER C7 FLT2'!$A$4:$J$640,MATCH(DropData!$J54&$C14,'ER C7 FLT2'!$A$4:$A$640&'ER C7 FLT2'!$B$4:$B$640-4,1),7)),IF($O14=\"Class_6\",INDEX('ER C6 FLT2'!$A$4:$J$640,MATCH(DropData!$J54&$C14,'ER C6 FLT2'!$A$4:$A$640&'ER C6 FLT2'!$B$4:$B$640-4,1),5)*IF($O14=\"Class_6\",INDEX('ER C6 FLT2'!$A$4:$J$640,MATCH(DropData!$J54&$C14,'ER C6 FLT2'!$A$4:$A$640&'ER C6 FLT2'!$B$4:$B$640-4,1),7))))),IF($B14=\"1 Truck\",IF(OR($O14=\"Class_8\",$N14=\"Replacement8HHD\",$AI14=\"CL7HHD\"),INDEX('ER C8 FLT1'!$A$4:$J$640,MATCH(DropData!$J54&$C14,'ER C8 FLT1'!$A$4:$A$640&'ER C8 FLT1'!$B$4:$B$640-4,1),5)*IF(OR($O14=\"Class_8\",$N14=\"Replacement8HHD\",$AI14=\"CL7HHD\"),INDEX('ER C8 FLT1'!$A$4:$J$640,MATCH(DropData!$J54&$C14,'ER C8 FLT1'!$A$4:$A$640&'ER C8 FLT1'!$B$4:$B$640-4,1),7)),IF($O14=\"Class_7\",INDEX('ER C7 FLT1'!$A$4:$J$640,MATCH(DropData!$J54&$C14,'ER C7 FLT1'!$A$4:$A$640&'ER C7 FLT1'!$B$4:$B$640-4,1),5)*IF($O14=\"Class_7\",INDEX('ER C7 FLT1'!$A$4:$J$640,MATCH(DropData!$J54&$C14,'ER C7 FLT1'!$A$4:$A$640&'ER C7 FLT1'!$B$4:$B$640-4,1),7)),IF($O14=\"Class_6\",INDEX('ER C6 FLT1'!$A$4:$J$640,MATCH(DropData!$J54&$C14,'ER C6 FLT1'!$A$4:$A$640&'ER C6 FLT1'!$B$4:$B$640-4,1),5)*IF($O14=\"Class_6\",INDEX('ER C6 FLT1'!$A$4:$J$640,MATCH(DropData!$J54&$C14,'ER C6 FLT1'!$A$4:$A$640&'ER C6 FLT1'!$B$4:$B$640-4,1),7)))))))),IF($R14=\"Electric\",OFFSET(INDEX('ER Electric'!$A$6:$E$44,MATCH($C14&$O14,'ER Electric'!$A$6:$A$44&'ER Electric'!$B$6:$B$44,1),4),12,0)))*(($Q14+$AC14)/453.6)","v":0},{"$f":"IF(OR($R14=\"Diesel\",$R14=\"LNG/CNG\",$R14=\"Hybrid\",$R14=\"Electric w/ AB-118\"),IF($B14=\"3+ Trucks\",IF(OR($O14=\"Class_8\",$N14=\"Replacement8HHD\",$AI14=\"CL7HHD\"),INDEX('ER C8 FLT3'!$A$4:$J$640,MATCH(DropData!$J54&$C14,'ER C8 FLT3'!$A$4:$A$640&'ER C8 FLT3'!$B$4:$B$640,1),5)*IF(OR($O14=\"Class_8\",$N14=\"Replacement8HHD\",$AI14=\"CL7HHD\"),INDEX('ER C8 FLT3'!$A$4:$J$640,MATCH(DropData!$J54&$C14,'ER C8 FLT3'!$A$4:$A$640&'ER C8 FLT3'!$B$4:$B$640,1),7)),IF($O14=\"Class_7\",INDEX('ER C7 FLT3'!$A$4:$J$640,MATCH(DropData!$J54&$C14,'ER C7 FLT3'!$A$4:$A$640&'ER C7 FLT3'!$B$4:$B$640,1),5)*IF($O14=\"Class_7\",INDEX('ER C7 FLT3'!$A$4:$J$640,MATCH(DropData!$J54&$C14,'ER C7 FLT3'!$A$4:$A$640&'ER C7 FLT3'!$B$4:$B$640,1),7)),IF($O14=\"Class_6\",INDEX('ER C6 FLT3'!$A$4:$J$640,MATCH(DropData!$J54&$C14,'ER C6 FLT3'!$A$4:$A$640&'ER C6 FLT3'!$B$4:$B$640,1),5)*IF($O14=\"Class_6\",INDEX('ER C6 FLT3'!$A$4:$J$640,MATCH(DropData!$J54&$C14,'ER C6 FLT3'!$A$4:$A$640&'ER C6 FLT3'!$B$4:$B$640,1),7))))),IF($B14=\"2 Trucks\",IF(OR($O14=\"Class_8\",$N14=\"Replacement8HHD\",$AI14=\"CL7HHD\"),INDEX('ER C8 FLT2'!$A$4:$J$640,MATCH(DropData!$J54&$C14,'ER C8 FLT2'!$A$4:$A$640&'ER C8 FLT2'!$B$4:$B$640,1),5)*IF(OR($O14=\"Class_8\",$N14=\"Replacement8HHD\",$AI14=\"CL7HHD\"),INDEX('ER C8 FLT2'!$A$4:$J$640,MATCH(DropData!$J54&$C14,'ER C8 FLT2'!$A$4:$A$640&'ER C8 FLT2'!$B$4:$B$640,1),7)),IF($O14=\"Class_7\",INDEX('ER C7 FLT2'!$A$4:$J$640,MATCH(DropData!$J54&$C14,'ER C7 FLT2'!$A$4:$A$640&'ER C7 FLT2'!$B$4:$B$640,1),5)*IF($O14=\"Class_7\",INDEX('ER C7 FLT2'!$A$4:$J$640,MATCH(DropData!$J54&$C14,'ER C7 FLT2'!$A$4:$A$640&'ER C7 FLT2'!$B$4:$B$640,1),7)),IF($O14=\"Class_6\",INDEX('ER C6 FLT2'!$A$4:$J$640,MATCH(DropData!$J54&$C14,'ER C6 FLT2'!$A$4:$A$640&'ER C6 FLT2'!$B$4:$B$640,1),5)*IF($O14=\"Class_6\",INDEX('ER C6 FLT2'!$A$4:$J$640,MATCH(DropData!$J54&$C14,'ER C6 FLT2'!$A$4:$A$640&'ER C6 FLT2'!$B$4:$B$640,1),7))))),IF($B14=\"1 Truck\",IF(OR($O14=\"Class_8\",$N14=\"Replacement8HHD\",$AI14=\"CL7HHD\"),INDEX('ER C8 FLT1'!$A$4:$J$640,MATCH(DropData!$J54&$C14,'ER C8 FLT1'!$A$4:$A$640&'ER C8 FLT1'!$B$4:$B$640,1),5)*IF(OR($O14=\"Class_8\",$N14=\"Replacement8HHD\",$AI14=\"CL7HHD\"),INDEX('ER C8 FLT1'!$A$4:$J$640,MATCH(DropData!$J54&$C14,'ER C8 FLT1'!$A$4:$A$640&'ER C8 FLT1'!$B$4:$B$640,1),7)),IF($O14=\"Class_7\",INDEX('ER C7 FLT1'!$A$4:$J$640,MATCH(DropData!$J54&$C14,'ER C7 FLT1'!$A$4:$A$640&'ER C7 FLT1'!$B$4:$B$640,1),5)*IF($O14=\"Class_7\",INDEX('ER C7 FLT1'!$A$4:$J$640,MATCH(DropData!$J54&$C14,'ER C7 FLT1'!$A$4:$A$640&'ER C7 FLT1'!$B$4:$B$640,1),7)),IF($O14=\"Class_6\",INDEX('ER C6 FLT1'!$A$4:$J$640,MATCH(DropData!$J54&$C14,'ER C6 FLT1'!$A$4:$A$640&'ER C6 FLT1'!$B$4:$B$640,1),5)*IF($O14=\"Class_6\",INDEX('ER C6 FLT1'!$A$4:$J$640,MATCH(DropData!$J54&$C14,'ER C6 FLT1'!$A$4:$A$640&'ER C6 FLT1'!$B$4:$B$640,1),7)))))))),IF($R14=\"Electric\",INDEX('ER Electric'!$A$6:$E$44,MATCH($C14&$O14,'ER Electric'!$A$6:$A$44&'ER Electric'!$B$6:$B$44,1),4)))","v":false},{"$f":"IF(OR($R14=\"Diesel\",$R14=\"LNG/CNG\",$R14=\"Hybrid\",$R14=\"Electric w/ AB-118\"),IF($B14=\"3+ Trucks\",IF(OR($O14=\"Class_8\",$N14=\"Replacement8HHD\",$AI14=\"CL7HHD\"),INDEX('ER C8 FLT3'!$A$4:$J$640,MATCH(DropData!$J54&$C14,'ER C8 FLT3'!$A$4:$A$640&'ER C8 FLT3'!$B$4:$B$640-1,1),5)*IF(OR($O14=\"Class_8\",$N14=\"Replacement8HHD\",$AI14=\"CL7HHD\"),INDEX('ER C8 FLT3'!$A$4:$J$640,MATCH(DropData!$J54&$C14,'ER C8 FLT3'!$A$4:$A$640&'ER C8 FLT3'!$B$4:$B$640-1,1),7)),IF($O14=\"Class_7\",INDEX('ER C7 FLT3'!$A$4:$J$640,MATCH(DropData!$J54&$C14,'ER C7 FLT3'!$A$4:$A$640&'ER C7 FLT3'!$B$4:$B$640-1,1),5)*IF($O14=\"Class_7\",INDEX('ER C7 FLT3'!$A$4:$J$640,MATCH(DropData!$J54&$C14,'ER C7 FLT3'!$A$4:$A$640&'ER C7 FLT3'!$B$4:$B$640-1,1),7)),IF($O14=\"Class_6\",INDEX('ER C6 FLT3'!$A$4:$J$640,MATCH(DropData!$J54&$C14,'ER C6 FLT3'!$A$4:$A$640&'ER C6 FLT3'!$B$4:$B$640-1,1),5)*IF($O14=\"Class_6\",INDEX('ER C6 FLT3'!$A$4:$J$640,MATCH(DropData!$J54&$C14,'ER C6 FLT3'!$A$4:$A$640&'ER C6 FLT3'!$B$4:$B$640-1,1),7))))),IF($B14=\"2 Trucks\",IF(OR($O14=\"Class_8\",$N14=\"Replacement8HHD\",$AI14=\"CL7HHD\"),INDEX('ER C8 FLT2'!$A$4:$J$640,MATCH(DropData!$J54&$C14,'ER C8 FLT2'!$A$4:$A$640&'ER C8 FLT2'!$B$4:$B$640-1,1),5)*IF(OR($O14=\"Class_8\",$N14=\"Replacement8HHD\",$AI14=\"CL7HHD\"),INDEX('ER C8 FLT2'!$A$4:$J$640,MATCH(DropData!$J54&$C14,'ER C8 FLT2'!$A$4:$A$640&'ER C8 FLT2'!$B$4:$B$640-1,1),7)),IF($O14=\"Class_7\",INDEX('ER C7 FLT2'!$A$4:$J$640,MATCH(DropData!$J54&$C14,'ER C7 FLT2'!$A$4:$A$640&'ER C7 FLT2'!$B$4:$B$640-1,1),5)*IF($O14=\"Class_7\",INDEX('ER C7 FLT2'!$A$4:$J$640,MATCH(DropData!$J54&$C14,'ER C7 FLT2'!$A$4:$A$640&'ER C7 FLT2'!$B$4:$B$640-1,1),7)),IF($O14=\"Class_6\",INDEX('ER C6 FLT2'!$A$4:$J$640,MATCH(DropData!$J54&$C14,'ER C6 FLT2'!$A$4:$A$640&'ER C6 FLT2'!$B$4:$B$640-1,1),5)*IF($O14=\"Class_6\",INDEX('ER C6 FLT2'!$A$4:$J$640,MATCH(DropData!$J54&$C14,'ER C6 FLT2'!$A$4:$A$640&'ER C6 FLT2'!$B$4:$B$640-1,1),7))))),IF($B14=\"1 Truck\",IF(OR($O14=\"Class_8\",$N14=\"Replacement8HHD\",$AI14=\"CL7HHD\"),INDEX('ER C8 FLT1'!$A$4:$J$640,MATCH(DropData!$J54&$C14,'ER C8 FLT1'!$A$4:$A$640&'ER C8 FLT1'!$B$4:$B$640-1,1),5)*IF(OR($O14=\"Class_8\",$N14=\"Replacement8HHD\",$AI14=\"CL7HHD\"),INDEX('ER C8 FLT1'!$A$4:$J$640,MATCH(DropData!$J54&$C14,'ER C8 FLT1'!$A$4:$A$640&'ER C8 FLT1'!$B$4:$B$640-1,1),7)),IF($O14=\"Class_7\",INDEX('ER C7 FLT1'!$A$4:$J$640,MATCH(DropData!$J54&$C14,'ER C7 FLT1'!$A$4:$A$640&'ER C7 FLT1'!$B$4:$B$640-1,1),5)*IF($O14=\"Class_7\",INDEX('ER C7 FLT1'!$A$4:$J$640,MATCH(DropData!$J54&$C14,'ER C7 FLT1'!$A$4:$A$640&'ER C7 FLT1'!$B$4:$B$640-1,1),7)),IF($O14=\"Class_6\",INDEX('ER C6 FLT1'!$A$4:$J$640,MATCH(DropData!$J54&$C14,'ER C6 FLT1'!$A$4:$A$640&'ER C6 FLT1'!$B$4:$B$640-1,1),5)*IF($O14=\"Class_6\",INDEX('ER C6 FLT1'!$A$4:$J$640,MATCH(DropData!$J54&$C14,'ER C6 FLT1'!$A$4:$A$640&'ER C6 FLT1'!$B$4:$B$640-1,1),7)))))))),IF($R14=\"Electric\",OFFSET(INDEX('ER Electric'!$A$6:$E$44,MATCH($C14&$O14,'ER Electric'!$A$6:$A$44&'ER Electric'!$B$6:$B$44,1),4),3,0)))","v":false},{"$f":"IF(OR($R14=\"Diesel\",$R14=\"LNG/CNG\",$R14=\"Hybrid\",$R14=\"Electric w/ AB-118\"),IF($B14=\"3+ Trucks\",IF(OR($O14=\"Class_8\",$N14=\"Replacement8HHD\",$AI14=\"CL7HHD\"),INDEX('ER C8 FLT3'!$A$4:$J$640,MATCH(DropData!$J54&$C14,'ER C8 FLT3'!$A$4:$A$640&'ER C8 FLT3'!$B$4:$B$640-2,1),5)*IF(OR($O14=\"Class_8\",$N14=\"Replacement8HHD\",$AI14=\"CL7HHD\"),INDEX('ER C8 FLT3'!$A$4:$J$640,MATCH(DropData!$J54&$C14,'ER C8 FLT3'!$A$4:$A$640&'ER C8 FLT3'!$B$4:$B$640-2,1),7)),IF($O14=\"Class_7\",INDEX('ER C7 FLT3'!$A$4:$J$640,MATCH(DropData!$J54&$C14,'ER C7 FLT3'!$A$4:$A$640&'ER C7 FLT3'!$B$4:$B$640-2,1),5)*IF($O14=\"Class_7\",INDEX('ER C7 FLT3'!$A$4:$J$640,MATCH(DropData!$J54&$C14,'ER C7 FLT3'!$A$4:$A$640&'ER C7 FLT3'!$B$4:$B$640-2,1),7)),IF($O14=\"Class_6\",INDEX('ER C6 FLT3'!$A$4:$J$640,MATCH(DropData!$J54&$C14,'ER C6 FLT3'!$A$4:$A$640&'ER C6 FLT3'!$B$4:$B$640-2,1),5)*IF($O14=\"Class_6\",INDEX('ER C6 FLT3'!$A$4:$J$640,MATCH(DropData!$J54&$C14,'ER C6 FLT3'!$A$4:$A$640&'ER C6 FLT3'!$B$4:$B$640-2,1),7))))),IF($B14=\"2 Trucks\",IF(OR($O14=\"Class_8\",$N14=\"Replacement8HHD\",$AI14=\"CL7HHD\"),INDEX('ER C8 FLT2'!$A$4:$J$640,MATCH(DropData!$J54&$C14,'ER C8 FLT2'!$A$4:$A$640&'ER C8 FLT2'!$B$4:$B$640-2,1),5)*IF(OR($O14=\"Class_8\",$N14=\"Replacement8HHD\",$AI14=\"CL7HHD\"),INDEX('ER C8 FLT2'!$A$4:$J$640,MATCH(DropData!$J54&$C14,'ER C8 FLT2'!$A$4:$A$640&'ER C8 FLT2'!$B$4:$B$640-2,1),7)),IF($O14=\"Class_7\",INDEX('ER C7 FLT2'!$A$4:$J$640,MATCH(DropData!$J54&$C14,'ER C7 FLT2'!$A$4:$A$640&'ER C7 FLT2'!$B$4:$B$640-2,1),5)*IF($O14=\"Class_7\",INDEX('ER C7 FLT2'!$A$4:$J$640,MATCH(DropData!$J54&$C14,'ER C7 FLT2'!$A$4:$A$640&'ER C7 FLT2'!$B$4:$B$640-2,1),7)),IF($O14=\"Class_6\",INDEX('ER C6 FLT2'!$A$4:$J$640,MATCH(DropData!$J54&$C14,'ER C6 FLT2'!$A$4:$A$640&'ER C6 FLT2'!$B$4:$B$640-2,1),5)*IF($O14=\"Class_6\",INDEX('ER C6 FLT2'!$A$4:$J$640,MATCH(DropData!$J54&$C14,'ER C6 FLT2'!$A$4:$A$640&'ER C6 FLT2'!$B$4:$B$640-2,1),7))))),IF($B14=\"1 Truck\",IF(OR($O14=\"Class_8\",$N14=\"Replacement8HHD\",$AI14=\"CL7HHD\"),INDEX('ER C8 FLT1'!$A$4:$J$640,MATCH(DropData!$J54&$C14,'ER C8 FLT1'!$A$4:$A$640&'ER C8 FLT1'!$B$4:$B$640-2,1),5)*IF(OR($O14=\"Class_8\",$N14=\"Replacement8HHD\",$AI14=\"CL7HHD\"),INDEX('ER C8 FLT1'!$A$4:$J$640,MATCH(DropData!$J54&$C14,'ER C8 FLT1'!$A$4:$A$640&'ER C8 FLT1'!$B$4:$B$640-2,1),7)),IF($O14=\"Class_7\",INDEX('ER C7 FLT1'!$A$4:$J$640,MATCH(DropData!$J54&$C14,'ER C7 FLT1'!$A$4:$A$640&'ER C7 FLT1'!$B$4:$B$640-2,1),5)*IF($O14=\"Class_7\",INDEX('ER C7 FLT1'!$A$4:$J$640,MATCH(DropData!$J54&$C14,'ER C7 FLT1'!$A$4:$A$640&'ER C7 FLT1'!$B$4:$B$640-2,1),7)),IF($O14=\"Class_6\",INDEX('ER C6 FLT1'!$A$4:$J$640,MATCH(DropData!$J54&$C14,'ER C6 FLT1'!$A$4:$A$640&'ER C6 FLT1'!$B$4:$B$640-2,1),5)*IF($O14=\"Class_6\",INDEX('ER C6 FLT1'!$A$4:$J$640,MATCH(DropData!$J54&$C14,'ER C6 FLT1'!$A$4:$A$640&'ER C6 FLT1'!$B$4:$B$640-2,1),7)))))))),IF($R14=\"Electric\",OFFSET(INDEX('ER Electric'!$A$6:$E$44,MATCH($C14&$O14,'ER Electric'!$A$6:$A$44&'ER Electric'!$B$6:$B$44,1),4),6,0)))","v":false},{"$f":"IF(OR($R14=\"Diesel\",$R14=\"LNG/CNG\",$R14=\"Hybrid\",$R14=\"Electric w/ AB-118\"),IF($B14=\"3+ Trucks\",IF(OR($O14=\"Class_8\",$N14=\"Replacement8HHD\",$AI14=\"CL7HHD\"),INDEX('ER C8 FLT3'!$A$4:$J$640,MATCH(DropData!$J54&$C14,'ER C8 FLT3'!$A$4:$A$640&'ER C8 FLT3'!$B$4:$B$640-3,1),5)*IF(OR($O14=\"Class_8\",$N14=\"Replacement8HHD\",$AI14=\"CL7HHD\"),INDEX('ER C8 FLT3'!$A$4:$J$640,MATCH(DropData!$J54&$C14,'ER C8 FLT3'!$A$4:$A$640&'ER C8 FLT3'!$B$4:$B$640-3,1),7)),IF($O14=\"Class_7\",INDEX('ER C7 FLT3'!$A$4:$J$640,MATCH(DropData!$J54&$C14,'ER C7 FLT3'!$A$4:$A$640&'ER C7 FLT3'!$B$4:$B$640-3,1),5)*IF($O14=\"Class_7\",INDEX('ER C7 FLT3'!$A$4:$J$640,MATCH(DropData!$J54&$C14,'ER C7 FLT3'!$A$4:$A$640&'ER C7 FLT3'!$B$4:$B$640-3,1),7)),IF($O14=\"Class_6\",INDEX('ER C6 FLT3'!$A$4:$J$640,MATCH(DropData!$J54&$C14,'ER C6 FLT3'!$A$4:$A$640&'ER C6 FLT3'!$B$4:$B$640-3,1),5)*IF($O14=\"Class_6\",INDEX('ER C6 FLT3'!$A$4:$J$640,MATCH(DropData!$J54&$C14,'ER C6 FLT3'!$A$4:$A$640&'ER C6 FLT3'!$B$4:$B$640-3,1),7))))),IF($B14=\"2 Trucks\",IF(OR($O14=\"Class_8\",$N14=\"Replacement8HHD\",$AI14=\"CL7HHD\"),INDEX('ER C8 FLT2'!$A$4:$J$640,MATCH(DropData!$J54&$C14,'ER C8 FLT2'!$A$4:$A$640&'ER C8 FLT2'!$B$4:$B$640-3,1),5)*IF(OR($O14=\"Class_8\",$N14=\"Replacement8HHD\",$AI14=\"CL7HHD\"),INDEX('ER C8 FLT2'!$A$4:$J$640,MATCH(DropData!$J54&$C14,'ER C8 FLT2'!$A$4:$A$640&'ER C8 FLT2'!$B$4:$B$640-3,1),7)),IF($O14=\"Class_7\",INDEX('ER C7 FLT2'!$A$4:$J$640,MATCH(DropData!$J54&$C14,'ER C7 FLT2'!$A$4:$A$640&'ER C7 FLT2'!$B$4:$B$640-3,1),5)*IF($O14=\"Class_7\",INDEX('ER C7 FLT2'!$A$4:$J$640,MATCH(DropData!$J54&$C14,'ER C7 FLT2'!$A$4:$A$640&'ER C7 FLT2'!$B$4:$B$640-3,1),7)),IF($O14=\"Class_6\",INDEX('ER C6 FLT2'!$A$4:$J$640,MATCH(DropData!$J54&$C14,'ER C6 FLT2'!$A$4:$A$640&'ER C6 FLT2'!$B$4:$B$640-3,1),5)*IF($O14=\"Class_6\",INDEX('ER C6 FLT2'!$A$4:$J$640,MATCH(DropData!$J54&$C14,'ER C6 FLT2'!$A$4:$A$640&'ER C6 FLT2'!$B$4:$B$640-3,1),7))))),IF($B14=\"1 Truck\",IF(OR($O14=\"Class_8\",$N14=\"Replacement8HHD\",$AI14=\"CL7HHD\"),INDEX('ER C8 FLT1'!$A$4:$J$640,MATCH(DropData!$J54&$C14,'ER C8 FLT1'!$A$4:$A$640&'ER C8 FLT1'!$B$4:$B$640-3,1),5)*IF(OR($O14=\"Class_8\",$N14=\"Replacement8HHD\",$AI14=\"CL7HHD\"),INDEX('ER C8 FLT1'!$A$4:$J$640,MATCH(DropData!$J54&$C14,'ER C8 FLT1'!$A$4:$A$640&'ER C8 FLT1'!$B$4:$B$640-3,1),7)),IF($O14=\"Class_7\",INDEX('ER C7 FLT1'!$A$4:$J$640,MATCH(DropData!$J54&$C14,'ER C7 FLT1'!$A$4:$A$640&'ER C7 FLT1'!$B$4:$B$640-3,1),5)*IF($O14=\"Class_7\",INDEX('ER C7 FLT1'!$A$4:$J$640,MATCH(DropData!$J54&$C14,'ER C7 FLT1'!$A$4:$A$640&'ER C7 FLT1'!$B$4:$B$640-3,1),7)),IF($O14=\"Class_6\",INDEX('ER C6 FLT1'!$A$4:$J$640,MATCH(DropData!$J54&$C14,'ER C6 FLT1'!$A$4:$A$640&'ER C6 FLT1'!$B$4:$B$640-3,1),5)*IF($O14=\"Class_6\",INDEX('ER C6 FLT1'!$A$4:$J$640,MATCH(DropData!$J54&$C14,'ER C6 FLT1'!$A$4:$A$640&'ER C6 FLT1'!$B$4:$B$640-3,1),7)))))))),IF($R14=\"Electric\",OFFSET(INDEX('ER Electric'!$A$6:$E$44,MATCH($C14&$O14,'ER Electric'!$A$6:$A$44&'ER Electric'!$B$6:$B$44,1),4),9,0)))","v":false},{"$f":"IF(OR($R14=\"Diesel\",$R14=\"LNG/CNG\",$R14=\"Hybrid\",$R14=\"Electric w/ AB-118\"),IF($B14=\"3+ Trucks\",IF(OR($O14=\"Class_8\",$N14=\"Replacement8HHD\",$AI14=\"CL7HHD\"),INDEX('ER C8 FLT3'!$A$4:$J$640,MATCH(DropData!$J54&$C14,'ER C8 FLT3'!$A$4:$A$640&'ER C8 FLT3'!$B$4:$B$640-4,1),5)*IF(OR($O14=\"Class_8\",$N14=\"Replacement8HHD\",$AI14=\"CL7HHD\"),INDEX('ER C8 FLT3'!$A$4:$J$640,MATCH(DropData!$J54&$C14,'ER C8 FLT3'!$A$4:$A$640&'ER C8 FLT3'!$B$4:$B$640-4,1),7)),IF($O14=\"Class_7\",INDEX('ER C7 FLT3'!$A$4:$J$640,MATCH(DropData!$J54&$C14,'ER C7 FLT3'!$A$4:$A$640&'ER C7 FLT3'!$B$4:$B$640-4,1),5)*IF($O14=\"Class_7\",INDEX('ER C7 FLT3'!$A$4:$J$640,MATCH(DropData!$J54&$C14,'ER C7 FLT3'!$A$4:$A$640&'ER C7 FLT3'!$B$4:$B$640-4,1),7)),IF($O14=\"Class_6\",INDEX('ER C6 FLT3'!$A$4:$J$640,MATCH(DropData!$J54&$C14,'ER C6 FLT3'!$A$4:$A$640&'ER C6 FLT3'!$B$4:$B$640-4,1),5)*IF($O14=\"Class_6\",INDEX('ER C6 FLT3'!$A$4:$J$640,MATCH(DropData!$J54&$C14,'ER C6 FLT3'!$A$4:$A$640&'ER C6 FLT3'!$B$4:$B$640-4,1),7))))),IF($B14=\"2 Trucks\",IF(OR($O14=\"Class_8\",$N14=\"Replacement8HHD\",$AI14=\"CL7HHD\"),INDEX('ER C8 FLT2'!$A$4:$J$640,MATCH(DropData!$J54&$C14,'ER C8 FLT2'!$A$4:$A$640&'ER C8 FLT2'!$B$4:$B$640-4,1),5)*IF(OR($O14=\"Class_8\",$N14=\"Replacement8HHD\",$AI14=\"CL7HHD\"),INDEX('ER C8 FLT2'!$A$4:$J$640,MATCH(DropData!$J54&$C14,'ER C8 FLT2'!$A$4:$A$640&'ER C8 FLT2'!$B$4:$B$640-4,1),7)),IF($O14=\"Class_7\",INDEX('ER C7 FLT2'!$A$4:$J$640,MATCH(DropData!$J54&$C14,'ER C7 FLT2'!$A$4:$A$640&'ER C7 FLT2'!$B$4:$B$640-4,1),5)*IF($O14=\"Class_7\",INDEX('ER C7 FLT2'!$A$4:$J$640,MATCH(DropData!$J54&$C14,'ER C7 FLT2'!$A$4:$A$640&'ER C7 FLT2'!$B$4:$B$640-4,1),7)),IF($O14=\"Class_6\",INDEX('ER C6 FLT2'!$A$4:$J$640,MATCH(DropData!$J54&$C14,'ER C6 FLT2'!$A$4:$A$640&'ER C6 FLT2'!$B$4:$B$640-4,1),5)*IF($O14=\"Class_6\",INDEX('ER C6 FLT2'!$A$4:$J$640,MATCH(DropData!$J54&$C14,'ER C6 FLT2'!$A$4:$A$640&'ER C6 FLT2'!$B$4:$B$640-4,1),7))))),IF($B14=\"1 Truck\",IF(OR($O14=\"Class_8\",$N14=\"Replacement8HHD\",$AI14=\"CL7HHD\"),INDEX('ER C8 FLT1'!$A$4:$J$640,MATCH(DropData!$J54&$C14,'ER C8 FLT1'!$A$4:$A$640&'ER C8 FLT1'!$B$4:$B$640-4,1),5)*IF(OR($O14=\"Class_8\",$N14=\"Replacement8HHD\",$AI14=\"CL7HHD\"),INDEX('ER C8 FLT1'!$A$4:$J$640,MATCH(DropData!$J54&$C14,'ER C8 FLT1'!$A$4:$A$640&'ER C8 FLT1'!$B$4:$B$640-4,1),7)),IF($O14=\"Class_7\",INDEX('ER C7 FLT1'!$A$4:$J$640,MATCH(DropData!$J54&$C14,'ER C7 FLT1'!$A$4:$A$640&'ER C7 FLT1'!$B$4:$B$640-4,1),5)*IF($O14=\"Class_7\",INDEX('ER C7 FLT1'!$A$4:$J$640,MATCH(DropData!$J54&$C14,'ER C7 FLT1'!$A$4:$A$640&'ER C7 FLT1'!$B$4:$B$640-4,1),7)),IF($O14=\"Class_6\",INDEX('ER C6 FLT1'!$A$4:$J$640,MATCH(DropData!$J54&$C14,'ER C6 FLT1'!$A$4:$A$640&'ER C6 FLT1'!$B$4:$B$640-4,1),5)*IF($O14=\"Class_6\",INDEX('ER C6 FLT1'!$A$4:$J$640,MATCH(DropData!$J54&$C14,'ER C6 FLT1'!$A$4:$A$640&'ER C6 FLT1'!$B$4:$B$640-4,1),7)))))))),IF($R14=\"Electric\",OFFSET(INDEX('ER Electric'!$A$6:$E$44,MATCH($C14&$O14,'ER Electric'!$A$6:$A$44&'ER Electric'!$B$6:$B$44,1),4),12,0)))","v":false},{"$f":"IF($C14<2015,1,2)","v":1},0,{"$f":"IF($C14<2015,1,2)","v":1},{"$f":"IFERROR(MAX(0,IF($B14=\"3+ Trucks\",IF($Z14=\"Class_8\",INDEX('ER C8 FLT3'!$A$4:$J$640,MATCH($W14&$C14,'ER C8 FLT3'!$A$4:$A$640&'ER C8 FLT3'!$B$4:$B$640,1),5)*IF($Z14=\"Class_8\",INDEX('ER C8 FLT3'!$A$4:$J$640,MATCH($W14&$C14,'ER C8 FLT3'!$A$4:$A$640&'ER C8 FLT3'!$B$4:$B$640,1),7)),IF($Z14=\"Class_7\",INDEX('ER C7 FLT3'!$A$4:$J$640,MATCH($W14&$C14,'ER C7 FLT3'!$A$4:$A$640&'ER C7 FLT3'!$B$4:$B$640,1),5)*IF($Z14=\"Class_7\",INDEX('ER C7 FLT3'!$A$4:$J$640,MATCH($W14&$C14,'ER C7 FLT3'!$A$4:$A$640&'ER C7 FLT3'!$B$4:$B$640,1),7)),\nIF($Z14=\"Class_6\",INDEX('ER C6 FLT3'!$A$4:$J$640,MATCH($W14&$C14,'ER C6 FLT3'!$A$4:$A$640&'ER C6 FLT3'!$B$4:$B$640,1),5)*IF($Z14=\"Class_6\",INDEX('ER C6 FLT3'!$A$4:$L$640,MATCH($W14&$C14,'ER C6 FLT3'!$A$4:$A$640&'ER C6 FLT3'!$B$4:$B$640,1),7))))),IF($B14=\"2 Trucks\",IF($Z14=\"Class_8\",INDEX('ER C8 FLT2'!$A$4:$J$640,MATCH($W14&$C14,'ER C8 FLT2'!$A$4:$A$640&'ER C8 FLT2'!$B$4:$B$640,1),5)*IF($Z14=\"Class_8\",INDEX('ER C8 FLT2'!$A$4:$J$640,MATCH($W14&$C14,'ER C8 FLT2'!$A$4:$A$640&'ER C8 FLT2'!$B$4:$B$640,1),7)),IF($Z14=\"Class_7\",INDEX('ER C7 FLT2'!$A$4:$J$640,MATCH($W14&$C14,'ER C7 FLT2'!$A$4:$A$640&'ER C7 FLT2'!$B$4:$B$640,1),5)*IF($Z14=\"Class_7\",INDEX('ER C7 FLT2'!$A$4:$J$640,MATCH($W14&$C14,'ER C7 FLT2'!$A$4:$A$640&'ER C7 FLT2'!$B$4:$B$640,1),7)),IF($Z14=\"Class_6\",INDEX('ER C6 FLT2'!$A$4:$J$640,MATCH($W14&$C14,'ER C6 FLT2'!$A$4:$A$640&'ER C6 FLT2'!$B$4:$B$640,1),5)*IF($Z14=\"Class_6\",INDEX('ER C6 FLT2'!$A$4:$J$640,MATCH($W14&$C14,'ER C6 FLT2'!$A$4:$A$640&'ER C6 FLT2'!$B$4:$B$640,1),7))))),IF($B14=\"1 Truck\",\nIF($Z14=\"Class_8\",INDEX('ER C8 FLT1'!$A$4:$J$640,MATCH($W14&$C14,'ER C8 FLT1'!$A$4:$A$640&'ER C8 FLT1'!$B$4:$B$640,1),5)*IF($Z14=\"Class_8\",INDEX('ER C8 FLT1'!$A$4:$J$640,MATCH($W14&$C14,'ER C8 FLT1'!$A$4:$A$640&'ER C8 FLT1'!$B$4:$B$640,1),7)),IF($Z14=\"Class_7\",INDEX('ER C7 FLT1'!$A$4:$J$640,MATCH($W14&$C14,'ER C7 FLT1'!$A$4:$A$640&'ER C7 FLT1'!$B$4:$B$640,1),5)*IF($Z14=\"Class_7\",INDEX('ER C7 FLT1'!$A$4:$J$640,MATCH($W14&$C14,'ER C7 FLT1'!$A$4:$A$640&'ER C7 FLT1'!$B$4:$B$640,1),7)),IF($Z14=\"Class_6\",INDEX('ER C6 FLT1'!$A$4:$J$640,MATCH($W14&$C14,'ER C6 FLT1'!$A$4:$A$640&'ER C6 FLT1'!$B$4:$B$640,1),5)*IF($Z14=\"Class_6\",INDEX('ER C6 FLT1'!$A$4:$J$640,MATCH($W14&$C14,'ER C6 FLT1'!$A$4:$A$640&'ER C6 FLT1'!$B$4:$B$640,1),7)))))))))*IF($X14=\"Level 3 PM + Mark I NOx\",0.75,1)*($AC14/453.6)-IF(CT14=0,CI14,0),\"0.00\")","v":0},{"$f":"IFERROR(MAX(0,CV14/CU14),\"0.00\")","v":0},{"$f":"IFERROR((CT14+CW14),\"0.00\")","v":0},0,{"$f":"IF($B14=\"3+ Trucks\",IF($Z14=\"Class_8\",INDEX('ER C8 FLT3'!$A$4:$J$640,MATCH($W14&$C14,'ER C8 FLT3'!$A$4:$A$640&'ER C8 FLT3'!$B$4:$B$640-1,1),5)*IF($Z14=\"Class_8\",INDEX('ER C8 FLT3'!$A$4:$J$640,MATCH($W14&$C14,'ER C8 FLT3'!$A$4:$A$640&'ER C8 FLT3'!$B$4:$B$640-1,1),7)),IF($Z14=\"Class_7\",INDEX('ER C7 FLT3'!$A$4:$J$640,MATCH($W14&$C14,'ER C7 FLT3'!$A$4:$A$640&'ER C7 FLT3'!$B$4:$B$640-1,1),5)*IF($Z14=\"Class_7\",INDEX('ER C7 FLT3'!$A$4:$J$640,MATCH($W14&$C14,'ER C7 FLT3'!$A$4:$A$640&'ER C7 FLT3'!$B$4:$B$640-1,1),7)),\nIF($Z14=\"Class_6\",INDEX('ER C6 FLT3'!$A$4:$J$640,MATCH($W14&$C14,'ER C6 FLT3'!$A$4:$A$640&'ER C6 FLT3'!$B$4:$B$640-1,1),5)*IF($Z14=\"Class_6\",INDEX('ER C6 FLT3'!$A$4:$L$640,MATCH($W14&$C14,'ER C6 FLT3'!$A$4:$A$640&'ER C6 FLT3'!$B$4:$B$640-1,1),7))))),IF($B14=\"2 Trucks\",IF($Z14=\"Class_8\",INDEX('ER C8 FLT2'!$A$4:$J$640,MATCH($W14&$C14,'ER C8 FLT2'!$A$4:$A$640&'ER C8 FLT2'!$B$4:$B$640-1,1),5)*IF($Z14=\"Class_8\",INDEX('ER C8 FLT2'!$A$4:$J$640,MATCH($W14&$C14,'ER C8 FLT2'!$A$4:$A$640&'ER C8 FLT2'!$B$4:$B$640-1,1),7)),IF($Z14=\"Class_7\",INDEX('ER C7 FLT2'!$A$4:$J$640,MATCH($W14&$C14,'ER C7 FLT2'!$A$4:$A$640&'ER C7 FLT2'!$B$4:$B$640-1,1),5)*IF($Z14=\"Class_7\",INDEX('ER C7 FLT2'!$A$4:$J$640,MATCH($W14&$C14,'ER C7 FLT2'!$A$4:$A$640&'ER C7 FLT2'!$B$4:$B$640-1,1),7)),IF($Z14=\"Class_6\",INDEX('ER C6 FLT2'!$A$4:$J$640,MATCH($W14&$C14,'ER C6 FLT2'!$A$4:$A$640&'ER C6 FLT2'!$B$4:$B$640-1,1),5)*IF($Z14=\"Class_6\",INDEX('ER C6 FLT2'!$A$4:$J$640,MATCH($W14&$C14,'ER C6 FLT2'!$A$4:$A$640&'ER C6 FLT2'!$B$4:$B$640-1,1),7))))),IF($B14=\"1 Truck\",\nIF($Z14=\"Class_8\",INDEX('ER C8 FLT1'!$A$4:$J$640,MATCH($W14&$C14,'ER C8 FLT1'!$A$4:$A$640&'ER C8 FLT1'!$B$4:$B$640-1,1),5)*IF($Z14=\"Class_8\",INDEX('ER C8 FLT1'!$A$4:$J$640,MATCH($W14&$C14,'ER C8 FLT1'!$A$4:$A$640&'ER C8 FLT1'!$B$4:$B$640-1,1),7)),IF($Z14=\"Class_7\",INDEX('ER C7 FLT1'!$A$4:$J$640,MATCH($W14&$C14,'ER C7 FLT1'!$A$4:$A$640&'ER C7 FLT1'!$B$4:$B$640-1,1),5)*IF($Z14=\"Class_7\",INDEX('ER C7 FLT1'!$A$4:$J$640,MATCH($W14&$C14,'ER C7 FLT1'!$A$4:$A$640&'ER C7 FLT1'!$B$4:$B$640-1,1),7)),\nIF($Z14=\"Class_6\",INDEX('ER C6 FLT1'!$A$4:$J$640,MATCH($W14&$C14,'ER C6 FLT1'!$A$4:$A$640&'ER C6 FLT1'!$B$4:$B$640-1,1),5)*IF($Z14=\"Class_6\",INDEX('ER C6 FLT1'!$A$4:$J$640,MATCH($W14&$C14,'ER C6 FLT1'!$A$4:$A$640&'ER C6 FLT1'!$B$4:$B$640-1,1),7))))))))*IF($X14=\"Level 3 PM + Mark I NOx\",0.75,1)*($AC14/453.6)-IF(CY14=0,CJ14,0)","v":0},{"$f":"MAX(0,CY14+CZ14)","v":0},0,{"$f":"IF($B14=\"3+ Trucks\",IF($Z14=\"Class_8\",INDEX('ER C8 FLT3'!$A$4:$J$640,MATCH($W14&$C14,'ER C8 FLT3'!$A$4:$A$640&'ER C8 FLT3'!$B$4:$B$640-2,1),5)*IF($Z14=\"Class_8\",INDEX('ER C8 FLT3'!$A$4:$J$640,MATCH($W14&$C14,'ER C8 FLT3'!$A$4:$A$640&'ER C8 FLT3'!$B$4:$B$640-2,1),7)),IF($Z14=\"Class_7\",INDEX('ER C7 FLT3'!$A$4:$J$640,MATCH($W14&$C14,'ER C7 FLT3'!$A$4:$A$640&'ER C7 FLT3'!$B$4:$B$640-2,1),5)*IF($Z14=\"Class_7\",INDEX('ER C7 FLT3'!$A$4:$J$640,MATCH($W14&$C14,'ER C7 FLT3'!$A$4:$A$640&'ER C7 FLT3'!$B$4:$B$640-2,1),7)),\nIF($Z14=\"Class_6\",INDEX('ER C6 FLT3'!$A$4:$J$640,MATCH($W14&$C14,'ER C6 FLT3'!$A$4:$A$640&'ER C6 FLT3'!$B$4:$B$640-2,1),5)*IF($Z14=\"Class_6\",INDEX('ER C6 FLT3'!$A$4:$L$640,MATCH($W14&$C14,'ER C6 FLT3'!$A$4:$A$640&'ER C6 FLT3'!$B$4:$B$640-2,1),7))))),IF($B14=\"2 Trucks\",IF($Z14=\"Class_8\",INDEX('ER C8 FLT2'!$A$4:$J$640,MATCH($W14&$C14,'ER C8 FLT2'!$A$4:$A$640&'ER C8 FLT2'!$B$4:$B$640-2,1),5)*IF($Z14=\"Class_8\",INDEX('ER C8 FLT2'!$A$4:$J$640,MATCH($W14&$C14,'ER C8 FLT2'!$A$4:$A$640&'ER C8 FLT2'!$B$4:$B$640-2,1),7)),IF($Z14=\"Class_7\",INDEX('ER C7 FLT2'!$A$4:$J$640,MATCH($W14&$C14,'ER C7 FLT2'!$A$4:$A$640&'ER C7 FLT2'!$B$4:$B$640-2,1),5)*IF($Z14=\"Class_7\",INDEX('ER C7 FLT2'!$A$4:$J$640,MATCH($W14&$C14,'ER C7 FLT2'!$A$4:$A$640&'ER C7 FLT2'!$B$4:$B$640-2,1),7)),IF($Z14=\"Class_6\",INDEX('ER C6 FLT2'!$A$4:$J$640,MATCH($W14&$C14,'ER C6 FLT2'!$A$4:$A$640&'ER C6 FLT2'!$B$4:$B$640-2,1),5)*IF($Z14=\"Class_6\",INDEX('ER C6 FLT2'!$A$4:$J$640,MATCH($W14&$C14,'ER C6 FLT2'!$A$4:$A$640&'ER C6 FLT2'!$B$4:$B$640-2,1),7))))),IF($B14=\"1 Truck\",\nIF($Z14=\"Class_8\",INDEX('ER C8 FLT1'!$A$4:$J$640,MATCH($W14&$C14,'ER C8 FLT1'!$A$4:$A$640&'ER C8 FLT1'!$B$4:$B$640-2,1),5)*IF($Z14=\"Class_8\",INDEX('ER C8 FLT1'!$A$4:$J$640,MATCH($W14&$C14,'ER C8 FLT1'!$A$4:$A$640&'ER C8 FLT1'!$B$4:$B$640-2,1),7)),IF($Z14=\"Class_7\",INDEX('ER C7 FLT1'!$A$4:$J$640,MATCH($W14&$C14,'ER C7 FLT1'!$A$4:$A$640&'ER C7 FLT1'!$B$4:$B$640-2,1),5)*IF($Z14=\"Class_7\",INDEX('ER C7 FLT1'!$A$4:$J$640,MATCH($W14&$C14,'ER C7 FLT1'!$A$4:$A$640&'ER C7 FLT1'!$B$4:$B$640-2,1),7)),\nIF($Z14=\"Class_6\",INDEX('ER C6 FLT1'!$A$4:$J$640,MATCH($W14&$C14,'ER C6 FLT1'!$A$4:$A$640&'ER C6 FLT1'!$B$4:$B$640-2,1),5)*IF($Z14=\"Class_6\",INDEX('ER C6 FLT1'!$A$4:$J$640,MATCH($W14&$C14,'ER C6 FLT1'!$A$4:$A$640&'ER C6 FLT1'!$B$4:$B$640-2,1),7))))))))*IF($X14=\"Level 3 PM + Mark I NOx\",0.75,1)*($AC14/453.6)-IF(DB14=0,CK14,0)","v":0},{"$f":"MAX(0,DB14+DC14)","v":0},0,{"$f":"IF($B14=\"3+ Trucks\",IF($Z14=\"Class_8\",INDEX('ER C8 FLT3'!$A$4:$J$640,MATCH($W14&$C14,'ER C8 FLT3'!$A$4:$A$640&'ER C8 FLT3'!$B$4:$B$640-3,1),5)*IF($Z14=\"Class_8\",INDEX('ER C8 FLT3'!$A$4:$J$640,MATCH($W14&$C14,'ER C8 FLT3'!$A$4:$A$640&'ER C8 FLT3'!$B$4:$B$640-3,1),7)),IF($Z14=\"Class_7\",INDEX('ER C7 FLT3'!$A$4:$J$640,MATCH($W14&$C14,'ER C7 FLT3'!$A$4:$A$640&'ER C7 FLT3'!$B$4:$B$640-3,1),5)*IF($Z14=\"Class_7\",INDEX('ER C7 FLT3'!$A$4:$J$640,MATCH($W14&$C14,'ER C7 FLT3'!$A$4:$A$640&'ER C7 FLT3'!$B$4:$B$640-3,1),7)),\nIF($Z14=\"Class_6\",INDEX('ER C6 FLT3'!$A$4:$J$640,MATCH($W14&$C14,'ER C6 FLT3'!$A$4:$A$640&'ER C6 FLT3'!$B$4:$B$640-3,1),5)*IF($Z14=\"Class_6\",INDEX('ER C6 FLT3'!$A$4:$L$640,MATCH($W14&$C14,'ER C6 FLT3'!$A$4:$A$640&'ER C6 FLT3'!$B$4:$B$640-3,1),7))))),IF($B14=\"2 Trucks\",IF($Z14=\"Class_8\",INDEX('ER C8 FLT2'!$A$4:$J$640,MATCH($W14&$C14,'ER C8 FLT2'!$A$4:$A$640&'ER C8 FLT2'!$B$4:$B$640-3,1),5)*IF($Z14=\"Class_8\",INDEX('ER C8 FLT2'!$A$4:$J$640,MATCH($W14&$C14,'ER C8 FLT2'!$A$4:$A$640&'ER C8 FLT2'!$B$4:$B$640-3,1),7)),IF($Z14=\"Class_7\",INDEX('ER C7 FLT2'!$A$4:$J$640,MATCH($W14&$C14,'ER C7 FLT2'!$A$4:$A$640&'ER C7 FLT2'!$B$4:$B$640-3,1),5)*IF($Z14=\"Class_7\",INDEX('ER C7 FLT2'!$A$4:$J$640,MATCH($W14&$C14,'ER C7 FLT2'!$A$4:$A$640&'ER C7 FLT2'!$B$4:$B$640-3,1),7)),IF($Z14=\"Class_6\",INDEX('ER C6 FLT2'!$A$4:$J$640,MATCH($W14&$C14,'ER C6 FLT2'!$A$4:$A$640&'ER C6 FLT2'!$B$4:$B$640-3,1),5)*IF($Z14=\"Class_6\",INDEX('ER C6 FLT2'!$A$4:$J$640,MATCH($W14&$C14,'ER C6 FLT2'!$A$4:$A$640&'ER C6 FLT2'!$B$4:$B$640-3,1),7))))),IF($B14=\"1 Truck\",\nIF($Z14=\"Class_8\",INDEX('ER C8 FLT1'!$A$4:$J$640,MATCH($W14&$C14,'ER C8 FLT1'!$A$4:$A$640&'ER C8 FLT1'!$B$4:$B$640-3,1),5)*IF($Z14=\"Class_8\",INDEX('ER C8 FLT1'!$A$4:$J$640,MATCH($W14&$C14,'ER C8 FLT1'!$A$4:$A$640&'ER C8 FLT1'!$B$4:$B$640-3,1),7)),IF($Z14=\"Class_7\",INDEX('ER C7 FLT1'!$A$4:$J$640,MATCH($W14&$C14,'ER C7 FLT1'!$A$4:$A$640&'ER C7 FLT1'!$B$4:$B$640-3,1),5)*IF($Z14=\"Class_7\",INDEX('ER C7 FLT1'!$A$4:$J$640,MATCH($W14&$C14,'ER C7 FLT1'!$A$4:$A$640&'ER C7 FLT1'!$B$4:$B$640-3,1),7)),\nIF($Z14=\"Class_6\",INDEX('ER C6 FLT1'!$A$4:$J$640,MATCH($W14&$C14,'ER C6 FLT1'!$A$4:$A$640&'ER C6 FLT1'!$B$4:$B$640-3,1),5)*IF($Z14=\"Class_6\",INDEX('ER C6 FLT1'!$A$4:$J$640,MATCH($W14&$C14,'ER C6 FLT1'!$A$4:$A$640&'ER C6 FLT1'!$B$4:$B$640-3,1),7))))))))*IF($X14=\"Level 3 PM + Mark I NOx\",0.75,1)*($AC14/453.6)-IF(DE14=0,CL14,0)","v":0},{"$f":"MAX(0,DE14+DF14)","v":0},0,{"$f":"IF($B14=\"3+ Trucks\",IF($Z14=\"Class_8\",INDEX('ER C8 FLT3'!$A$4:$J$640,MATCH($W14&$C14,'ER C8 FLT3'!$A$4:$A$640&'ER C8 FLT3'!$B$4:$B$640-4,1),5)*IF($Z14=\"Class_8\",INDEX('ER C8 FLT3'!$A$4:$J$640,MATCH($W14&$C14,'ER C8 FLT3'!$A$4:$A$640&'ER C8 FLT3'!$B$4:$B$640-4,1),7)),IF($Z14=\"Class_7\",INDEX('ER C7 FLT3'!$A$4:$J$640,MATCH($W14&$C14,'ER C7 FLT3'!$A$4:$A$640&'ER C7 FLT3'!$B$4:$B$640-4,1),5)*IF($Z14=\"Class_7\",INDEX('ER C7 FLT3'!$A$4:$J$640,MATCH($W14&$C14,'ER C7 FLT3'!$A$4:$A$640&'ER C7 FLT3'!$B$4:$B$640-4,1),7)),\nIF($Z14=\"Class_6\",INDEX('ER C6 FLT3'!$A$4:$J$640,MATCH($W14&$C14,'ER C6 FLT3'!$A$4:$A$640&'ER C6 FLT3'!$B$4:$B$640-4,1),5)*IF($Z14=\"Class_6\",INDEX('ER C6 FLT3'!$A$4:$L$640,MATCH($W14&$C14,'ER C6 FLT3'!$A$4:$A$640&'ER C6 FLT3'!$B$4:$B$640-4,1),7))))),IF($B14=\"2 Trucks\",IF($Z14=\"Class_8\",INDEX('ER C8 FLT2'!$A$4:$J$640,MATCH($W14&$C14,'ER C8 FLT2'!$A$4:$A$640&'ER C8 FLT2'!$B$4:$B$640-4,1),5)*IF($Z14=\"Class_8\",INDEX('ER C8 FLT2'!$A$4:$J$640,MATCH($W14&$C14,'ER C8 FLT2'!$A$4:$A$640&'ER C8 FLT2'!$B$4:$B$640-4,1),7)),IF($Z14=\"Class_7\",INDEX('ER C7 FLT2'!$A$4:$J$640,MATCH($W14&$C14,'ER C7 FLT2'!$A$4:$A$640&'ER C7 FLT2'!$B$4:$B$640-4,1),5)*IF($Z14=\"Class_7\",INDEX('ER C7 FLT2'!$A$4:$J$640,MATCH($W14&$C14,'ER C7 FLT2'!$A$4:$A$640&'ER C7 FLT2'!$B$4:$B$640-4,1),7)),IF($Z14=\"Class_6\",INDEX('ER C6 FLT2'!$A$4:$J$640,MATCH($W14&$C14,'ER C6 FLT2'!$A$4:$A$640&'ER C6 FLT2'!$B$4:$B$640-4,1),5)*IF($Z14=\"Class_6\",INDEX('ER C6 FLT2'!$A$4:$J$640,MATCH($W14&$C14,'ER C6 FLT2'!$A$4:$A$640&'ER C6 FLT2'!$B$4:$B$640-4,1),7))))),IF($B14=\"1 Truck\",\nIF($Z14=\"Class_8\",INDEX('ER C8 FLT1'!$A$4:$J$640,MATCH($W14&$C14,'ER C8 FLT1'!$A$4:$A$640&'ER C8 FLT1'!$B$4:$B$640-4,1),5)*IF($Z14=\"Class_8\",INDEX('ER C8 FLT1'!$A$4:$J$640,MATCH($W14&$C14,'ER C8 FLT1'!$A$4:$A$640&'ER C8 FLT1'!$B$4:$B$640-4,1),7)),IF($Z14=\"Class_7\",INDEX('ER C7 FLT1'!$A$4:$J$640,MATCH($W14&$C14,'ER C7 FLT1'!$A$4:$A$640&'ER C7 FLT1'!$B$4:$B$640-4,1),5)*IF($Z14=\"Class_7\",INDEX('ER C7 FLT1'!$A$4:$J$640,MATCH($W14&$C14,'ER C7 FLT1'!$A$4:$A$640&'ER C7 FLT1'!$B$4:$B$640-4,1),7)),\nIF($Z14=\"Class_6\",INDEX('ER C6 FLT1'!$A$4:$J$640,MATCH($W14&$C14,'ER C6 FLT1'!$A$4:$A$640&'ER C6 FLT1'!$B$4:$B$640-4,1),5)*IF($Z14=\"Class_6\",INDEX('ER C6 FLT1'!$A$4:$J$640,MATCH($W14&$C14,'ER C6 FLT1'!$A$4:$A$640&'ER C6 FLT1'!$B$4:$B$640-4,1),7))))))))*IF($X14=\"Level 3 PM + Mark I NOx\",0.75,1)*($AC14/453.6)-IF(DH14=0,CM14,0)","v":0},{"$f":"MAX(0,DH14+DI14)","v":0},{"$f":"MAX(0,CX14+DA14+DD14+DG14+DJ14)","v":0},{"$f":"IF($B14=\"3+ Trucks\",IF(OR($H14=\"Class_8\",$N14=\"Replacement8HHD\",$AH14=\"CL7HHD\",$AJ14=\"CL7to8\"),INDEX('ER C8 FLT3'!$A$4:$J$640,MATCH($E14&$C14,'ER C8 FLT3'!$A$4:$A$640&'ER C8 FLT3'!$B$4:$B$640,1),10),IF($H14=\"Class_7\",INDEX('ER C7 FLT3'!$A$4:$J$640,MATCH($E14&$C14,'ER C7 FLT3'!$A$4:$A$640&'ER C7 FLT3'!$B$4:$B$640,1),10),IF($H14=\"Class_6\",INDEX('ER C6 FLT3'!$A$4:$J$640,MATCH($E14&$C14,'ER C6 FLT3'!$A$4:$A$640&'ER C6 FLT3'!$B$4:$B$640,1),10)))),IF($B14=\"2 Trucks\",IF(OR($H14=\"Class_8\",$N14=\"Replacement8HHD\",$AH14=\"CL7HHD\",$AJ14=\"CL7to8\"),INDEX('ER C8 FLT2'!$A$4:$J$640,MATCH($E14&$C14,'ER C8 FLT2'!$A$4:$A$640&'ER C8 FLT2'!$B$4:$B$640,1),10),IF($H14=\"Class_7\",INDEX('ER C7 FLT2'!$A$4:$J$640,MATCH($E14&$C14,'ER C7 FLT2'!$A$4:$A$640&'ER C7 FLT2'!$B$4:$B$640,1),10),IF($H14=\"Class_6\",INDEX('ER C6 FLT2'!$A$4:$J$640,MATCH($E14&$C14,'ER C6 FLT2'!$A$4:$A$640&'ER C6 FLT2'!$B$4:$B$640,1),10)))),IF($B14=\"1 Truck\",\nIF(OR($H14=\"Class_8\",$N14=\"Replacement8HHD\",$AH14=\"CL7HHD\",$AJ14=\"CL7to8\"),INDEX('ER C8 FLT1'!$A$4:$J$640,MATCH($E14&$C14,'ER C8 FLT1'!$A$4:$A$640&'ER C8 FLT1'!$B$4:$B$640,1),10),IF($H14=\"Class_7\",INDEX('ER C7 FLT1'!$A$4:$J$640,MATCH($E14&$C14,'ER C7 FLT1'!$A$4:$A$640&'ER C7 FLT1'!$B$4:$B$640,1),10),\nIF($H14=\"Class_6\",INDEX('ER C6 FLT1'!$A$4:$J$640,MATCH($E14&$C14,'ER C6 FLT1'!$A$4:$A$640&'ER C6 FLT1'!$B$4:$B$640,1),10)))))))*($Q14/453.6)","v":0},{"$f":"IF($B14=\"3+ Trucks\",IF(OR($H14=\"Class_8\",$N14=\"Replacement8HHD\",$AH14=\"CL7HHD\",$AJ14=\"CL7to8\"),INDEX('ER C8 FLT3'!$A$4:$J$640,MATCH($E14&$C14,'ER C8 FLT3'!$A$4:$A$640&'ER C8 FLT3'!$B$4:$B$640-1,1),10),IF($H14=\"Class_7\",INDEX('ER C7 FLT3'!$A$4:$J$640,MATCH($E14&$C14,'ER C7 FLT3'!$A$4:$A$640&'ER C7 FLT3'!$B$4:$B$640-1,1),10),IF($H14=\"Class_6\",INDEX('ER C6 FLT3'!$A$4:$J$640,MATCH($E14&$C14,'ER C6 FLT3'!$A$4:$A$640&'ER C6 FLT3'!$B$4:$B$640-1,1),10)))),IF($B14=\"2 Trucks\",IF(OR($H14=\"Class_8\",$N14=\"Replacement8HHD\",$AH14=\"CL7HHD\",$AJ14=\"CL7to8\"),INDEX('ER C8 FLT2'!$A$4:$J$640,MATCH($E14&$C14,'ER C8 FLT2'!$A$4:$A$640&'ER C8 FLT2'!$B$4:$B$640-1,1),10),IF($H14=\"Class_7\",INDEX('ER C7 FLT2'!$A$4:$J$640,MATCH($E14&$C14,'ER C7 FLT2'!$A$4:$A$640&'ER C7 FLT2'!$B$4:$B$640-1,1),10),IF($H14=\"Class_6\",INDEX('ER C6 FLT2'!$A$4:$J$640,MATCH($E14&$C14,'ER C6 FLT2'!$A$4:$A$640&'ER C6 FLT2'!$B$4:$B$640-1,1),10)))),IF($B14=\"1 Truck\",\nIF(OR($H14=\"Class_8\",$N14=\"Replacement8HHD\",$AH14=\"CL7HHD\",$AJ14=\"CL7to8\"),INDEX('ER C8 FLT1'!$A$4:$J$640,MATCH($E14&$C14,'ER C8 FLT1'!$A$4:$A$640&'ER C8 FLT1'!$B$4:$B$640-1,1),10),IF($H14=\"Class_7\",INDEX('ER C7 FLT1'!$A$4:$J$640,MATCH($E14&$C14,'ER C7 FLT1'!$A$4:$A$640&'ER C7 FLT1'!$B$4:$B$640-1,1),10),\nIF($H14=\"Class_6\",INDEX('ER C6 FLT1'!$A$4:$J$640,MATCH($E14&$C14,'ER C6 FLT1'!$A$4:$A$640&'ER C6 FLT1'!$B$4:$B$640-1,1),10)))))))*($Q14/453.6)","v":0},{"$f":"IF($B14=\"3+ Trucks\",IF(OR($H14=\"Class_8\",$N14=\"Replacement8HHD\",$AH14=\"CL7HHD\",$AJ14=\"CL7to8\"),INDEX('ER C8 FLT3'!$A$4:$J$640,MATCH($E14&$C14,'ER C8 FLT3'!$A$4:$A$640&'ER C8 FLT3'!$B$4:$B$640-2,1),10),IF($H14=\"Class_7\",INDEX('ER C7 FLT3'!$A$4:$J$640,MATCH($E14&$C14,'ER C7 FLT3'!$A$4:$A$640&'ER C7 FLT3'!$B$4:$B$640-2,1),10),IF($H14=\"Class_6\",INDEX('ER C6 FLT3'!$A$4:$J$640,MATCH($E14&$C14,'ER C6 FLT3'!$A$4:$A$640&'ER C6 FLT3'!$B$4:$B$640-2,1),10)))),IF($B14=\"2 Trucks\",IF(OR($H14=\"Class_8\",$N14=\"Replacement8HHD\",$AH14=\"CL7HHD\",$AJ14=\"CL7to8\"),INDEX('ER C8 FLT2'!$A$4:$J$640,MATCH($E14&$C14,'ER C8 FLT2'!$A$4:$A$640&'ER C8 FLT2'!$B$4:$B$640-2,1),10),IF($H14=\"Class_7\",INDEX('ER C7 FLT2'!$A$4:$J$640,MATCH($E14&$C14,'ER C7 FLT2'!$A$4:$A$640&'ER C7 FLT2'!$B$4:$B$640-2,1),10),IF($H14=\"Class_6\",INDEX('ER C6 FLT2'!$A$4:$J$640,MATCH($E14&$C14,'ER C6 FLT2'!$A$4:$A$640&'ER C6 FLT2'!$B$4:$B$640-2,1),10)))),IF($B14=\"1 Truck\",\nIF(OR($H14=\"Class_8\",$N14=\"Replacement8HHD\",$AH14=\"CL7HHD\",$AJ14=\"CL7to8\"),INDEX('ER C8 FLT1'!$A$4:$J$640,MATCH($E14&$C14,'ER C8 FLT1'!$A$4:$A$640&'ER C8 FLT1'!$B$4:$B$640-2,1),10),IF($H14=\"Class_7\",INDEX('ER C7 FLT1'!$A$4:$J$640,MATCH($E14&$C14,'ER C7 FLT1'!$A$4:$A$640&'ER C7 FLT1'!$B$4:$B$640-2,1),10),\nIF($H14=\"Class_6\",INDEX('ER C6 FLT1'!$A$4:$J$640,MATCH($E14&$C14,'ER C6 FLT1'!$A$4:$A$640&'ER C6 FLT1'!$B$4:$B$640-2,1),10)))))))*($Q14/453.6)","v":0},{"$f":"IF($B14=\"3+ Trucks\",IF(OR($H14=\"Class_8\",$N14=\"Replacement8HHD\",$AH14=\"CL7HHD\",$AJ14=\"CL7to8\"),INDEX('ER C8 FLT3'!$A$4:$J$640,MATCH($E14&$C14,'ER C8 FLT3'!$A$4:$A$640&'ER C8 FLT3'!$B$4:$B$640-3,1),10),IF($H14=\"Class_7\",INDEX('ER C7 FLT3'!$A$4:$J$640,MATCH($E14&$C14,'ER C7 FLT3'!$A$4:$A$640&'ER C7 FLT3'!$B$4:$B$640-3,1),10),IF($H14=\"Class_6\",INDEX('ER C6 FLT3'!$A$4:$J$640,MATCH($E14&$C14,'ER C6 FLT3'!$A$4:$A$640&'ER C6 FLT3'!$B$4:$B$640-3,1),10)))),IF($B14=\"2 Trucks\",IF(OR($H14=\"Class_8\",$N14=\"Replacement8HHD\",$AH14=\"CL7HHD\",$AJ14=\"CL7to8\"),INDEX('ER C8 FLT2'!$A$4:$J$640,MATCH($E14&$C14,'ER C8 FLT2'!$A$4:$A$640&'ER C8 FLT2'!$B$4:$B$640-3,1),10),IF($H14=\"Class_7\",INDEX('ER C7 FLT2'!$A$4:$J$640,MATCH($E14&$C14,'ER C7 FLT2'!$A$4:$A$640&'ER C7 FLT2'!$B$4:$B$640-3,1),10),IF($H14=\"Class_6\",INDEX('ER C6 FLT2'!$A$4:$J$640,MATCH($E14&$C14,'ER C6 FLT2'!$A$4:$A$640&'ER C6 FLT2'!$B$4:$B$640-3,1),10)))),IF($B14=\"1 Truck\",\nIF(OR($H14=\"Class_8\",$N14=\"Replacement8HHD\",$AH14=\"CL7HHD\",$AJ14=\"CL7to8\"),INDEX('ER C8 FLT1'!$A$4:$J$640,MATCH($E14&$C14,'ER C8 FLT1'!$A$4:$A$640&'ER C8 FLT1'!$B$4:$B$640-3,1),10),IF($H14=\"Class_7\",INDEX('ER C7 FLT1'!$A$4:$J$640,MATCH($E14&$C14,'ER C7 FLT1'!$A$4:$A$640&'ER C7 FLT1'!$B$4:$B$640-3,1),10),\nIF($H14=\"Class_6\",INDEX('ER C6 FLT1'!$A$4:$J$640,MATCH($E14&$C14,'ER C6 FLT1'!$A$4:$A$640&'ER C6 FLT1'!$B$4:$B$640-3,1),10)))))))*($Q14/453.6)","v":0},{"$f":"IF($B14=\"3+ Trucks\",IF(OR($H14=\"Class_8\",$N14=\"Replacement8HHD\",$AH14=\"CL7HHD\",$AJ14=\"CL7to8\"),INDEX('ER C8 FLT3'!$A$4:$J$640,MATCH($E14&$C14,'ER C8 FLT3'!$A$4:$A$640&'ER C8 FLT3'!$B$4:$B$640-4,1),10),IF($H14=\"Class_7\",INDEX('ER C7 FLT3'!$A$4:$J$640,MATCH($E14&$C14,'ER C7 FLT3'!$A$4:$A$640&'ER C7 FLT3'!$B$4:$B$640-4,1),10),IF($H14=\"Class_6\",INDEX('ER C6 FLT3'!$A$4:$J$640,MATCH($E14&$C14,'ER C6 FLT3'!$A$4:$A$640&'ER C6 FLT3'!$B$4:$B$640-4,1),10)))),IF($B14=\"2 Trucks\",IF(OR($H14=\"Class_8\",$N14=\"Replacement8HHD\",$AH14=\"CL7HHD\",$AJ14=\"CL7to8\"),INDEX('ER C8 FLT2'!$A$4:$J$640,MATCH($E14&$C14,'ER C8 FLT2'!$A$4:$A$640&'ER C8 FLT2'!$B$4:$B$640-4,1),10),IF($H14=\"Class_7\",INDEX('ER C7 FLT2'!$A$4:$J$640,MATCH($E14&$C14,'ER C7 FLT2'!$A$4:$A$640&'ER C7 FLT2'!$B$4:$B$640-4,1),10),IF($H14=\"Class_6\",INDEX('ER C6 FLT2'!$A$4:$J$640,MATCH($E14&$C14,'ER C6 FLT2'!$A$4:$A$640&'ER C6 FLT2'!$B$4:$B$640-4,1),10)))),IF($B14=\"1 Truck\",\nIF(OR($H14=\"Class_8\",$N14=\"Replacement8HHD\",$AH14=\"CL7HHD\",$AJ14=\"CL7to8\"),INDEX('ER C8 FLT1'!$A$4:$J$640,MATCH($E14&$C14,'ER C8 FLT1'!$A$4:$A$640&'ER C8 FLT1'!$B$4:$B$640-4,1),10),IF($H14=\"Class_7\",INDEX('ER C7 FLT1'!$A$4:$J$640,MATCH($E14&$C14,'ER C7 FLT1'!$A$4:$A$640&'ER C7 FLT1'!$B$4:$B$640-4,1),10),\nIF($H14=\"Class_6\",INDEX('ER C6 FLT1'!$A$4:$J$640,MATCH($E14&$C14,'ER C6 FLT1'!$A$4:$A$640&'ER C6 FLT1'!$B$4:$B$640-4,1),10)))))))*($Q14/453.6)","v":0},{"$f":"IF($B14=\"3+ Trucks\",IF(OR($H14=\"Class_8\",$N14=\"Replacement8HHD\",$AH14=\"CL7HHD\",$AJ14=\"CL7to8\"),INDEX('ER C8 FLT3'!$A$4:$J$640,MATCH($E14&$C14,'ER C8 FLT3'!$A$4:$A$640&'ER C8 FLT3'!$B$4:$B$640,1),10),IF($H14=\"Class_7\",INDEX('ER C7 FLT3'!$A$4:$J$640,MATCH($E14&$C14,'ER C7 FLT3'!$A$4:$A$640&'ER C7 FLT3'!$B$4:$B$640,1),10),IF($H14=\"Class_6\",INDEX('ER C6 FLT3'!$A$4:$J$640,MATCH($E14&$C14,'ER C6 FLT3'!$A$4:$A$640&'ER C6 FLT3'!$B$4:$B$640,1),10)))),IF($B14=\"2 Trucks\",IF(OR($H14=\"Class_8\",$N14=\"Replacement8HHD\",$AH14=\"CL7HHD\",$AJ14=\"CL7to8\"),INDEX('ER C8 FLT2'!$A$4:$J$640,MATCH($E14&$C14,'ER C8 FLT2'!$A$4:$A$640&'ER C8 FLT2'!$B$4:$B$640,1),10),IF($H14=\"Class_7\",INDEX('ER C7 FLT2'!$A$4:$J$640,MATCH($E14&$C14,'ER C7 FLT2'!$A$4:$A$640&'ER C7 FLT2'!$B$4:$B$640,1),10),IF($H14=\"Class_6\",INDEX('ER C6 FLT2'!$A$4:$J$640,MATCH($E14&$C14,'ER C6 FLT2'!$A$4:$A$640&'ER C6 FLT2'!$B$4:$B$640,1),10)))),IF($B14=\"1 Truck\",\nIF(OR($H14=\"Class_8\",$N14=\"Replacement8HHD\",$AH14=\"CL7HHD\",$AJ14=\"CL7to8\"),INDEX('ER C8 FLT1'!$A$4:$J$640,MATCH($E14&$C14,'ER C8 FLT1'!$A$4:$A$640&'ER C8 FLT1'!$B$4:$B$640,1),10),IF($H14=\"Class_7\",INDEX('ER C7 FLT1'!$A$4:$J$640,MATCH($E14&$C14,'ER C7 FLT1'!$A$4:$A$640&'ER C7 FLT1'!$B$4:$B$640,1),10),IF($H14=\"Class_6\",INDEX('ER C6 FLT1'!$A$4:$J$640,MATCH($E14&$C14,'ER C6 FLT1'!$A$4:$A$640&'ER C6 FLT1'!$B$4:$B$640,1),10)))))))","v":false},{"$f":"IF($B14=\"3+ Trucks\",IF(OR($H14=\"Class_8\",$N14=\"Replacement8HHD\",$AH14=\"CL7HHD\",$AJ14=\"CL7to8\"),INDEX('ER C8 FLT3'!$A$4:$J$640,MATCH($E14&$C14,'ER C8 FLT3'!$A$4:$A$640&'ER C8 FLT3'!$B$4:$B$640-1,1),10),IF($H14=\"Class_7\",INDEX('ER C7 FLT3'!$A$4:$J$640,MATCH($E14&$C14,'ER C7 FLT3'!$A$4:$A$640&'ER C7 FLT3'!$B$4:$B$640-1,1),10),IF($H14=\"Class_6\",INDEX('ER C6 FLT3'!$A$4:$J$640,MATCH($E14&$C14,'ER C6 FLT3'!$A$4:$A$640&'ER C6 FLT3'!$B$4:$B$640-1,1),10)))),IF($B14=\"2 Trucks\",IF(OR($H14=\"Class_8\",$N14=\"Replacement8HHD\",$AH14=\"CL7HHD\",$AJ14=\"CL7to8\"),INDEX('ER C8 FLT2'!$A$4:$J$640,MATCH($E14&$C14,'ER C8 FLT2'!$A$4:$A$640&'ER C8 FLT2'!$B$4:$B$640-1,1),10),IF($H14=\"Class_7\",INDEX('ER C7 FLT2'!$A$4:$J$640,MATCH($E14&$C14,'ER C7 FLT2'!$A$4:$A$640&'ER C7 FLT2'!$B$4:$B$640-1,1),10),IF($H14=\"Class_6\",INDEX('ER C6 FLT2'!$A$4:$J$640,MATCH($E14&$C14,'ER C6 FLT2'!$A$4:$A$640&'ER C6 FLT2'!$B$4:$B$640-1,1),10)))),IF($B14=\"1 Truck\",\nIF(OR($H14=\"Class_8\",$N14=\"Replacement8HHD\",$AH14=\"CL7HHD\",$AJ14=\"CL7to8\"),INDEX('ER C8 FLT1'!$A$4:$J$640,MATCH($E14&$C14,'ER C8 FLT1'!$A$4:$A$640&'ER C8 FLT1'!$B$4:$B$640-1,1),10),IF($H14=\"Class_7\",INDEX('ER C7 FLT1'!$A$4:$J$640,MATCH($E14&$C14,'ER C7 FLT1'!$A$4:$A$640&'ER C7 FLT1'!$B$4:$B$640-1,1),10),IF($H14=\"Class_6\",INDEX('ER C6 FLT1'!$A$4:$J$640,MATCH($E14&$C14,'ER C6 FLT1'!$A$4:$A$640&'ER C6 FLT1'!$B$4:$B$640-1,1),10)))))))","v":false},{"$f":"IF($B14=\"3+ Trucks\",IF(OR($H14=\"Class_8\",$N14=\"Replacement8HHD\",$AH14=\"CL7HHD\",$AJ14=\"CL7to8\"),INDEX('ER C8 FLT3'!$A$4:$J$640,MATCH($E14&$C14,'ER C8 FLT3'!$A$4:$A$640&'ER C8 FLT3'!$B$4:$B$640-2,1),10),IF($H14=\"Class_7\",INDEX('ER C7 FLT3'!$A$4:$J$640,MATCH($E14&$C14,'ER C7 FLT3'!$A$4:$A$640&'ER C7 FLT3'!$B$4:$B$640-2,1),10),IF($H14=\"Class_6\",INDEX('ER C6 FLT3'!$A$4:$J$640,MATCH($E14&$C14,'ER C6 FLT3'!$A$4:$A$640&'ER C6 FLT3'!$B$4:$B$640-2,1),10)))),IF($B14=\"2 Trucks\",IF(OR($H14=\"Class_8\",$N14=\"Replacement8HHD\",$AH14=\"CL7HHD\",$AJ14=\"CL7to8\"),INDEX('ER C8 FLT2'!$A$4:$J$640,MATCH($E14&$C14,'ER C8 FLT2'!$A$4:$A$640&'ER C8 FLT2'!$B$4:$B$640-2,1),10),IF($H14=\"Class_7\",INDEX('ER C7 FLT2'!$A$4:$J$640,MATCH($E14&$C14,'ER C7 FLT2'!$A$4:$A$640&'ER C7 FLT2'!$B$4:$B$640-2,1),10),IF($H14=\"Class_6\",INDEX('ER C6 FLT2'!$A$4:$J$640,MATCH($E14&$C14,'ER C6 FLT2'!$A$4:$A$640&'ER C6 FLT2'!$B$4:$B$640-2,1),10)))),IF($B14=\"1 Truck\",\nIF(OR($H14=\"Class_8\",$N14=\"Replacement8HHD\",$AH14=\"CL7HHD\",$AJ14=\"CL7to8\"),INDEX('ER C8 FLT1'!$A$4:$J$640,MATCH($E14&$C14,'ER C8 FLT1'!$A$4:$A$640&'ER C8 FLT1'!$B$4:$B$640-2,1),10),IF($H14=\"Class_7\",INDEX('ER C7 FLT1'!$A$4:$J$640,MATCH($E14&$C14,'ER C7 FLT1'!$A$4:$A$640&'ER C7 FLT1'!$B$4:$B$640-2,1),10),IF($H14=\"Class_6\",INDEX('ER C6 FLT1'!$A$4:$J$640,MATCH($E14&$C14,'ER C6 FLT1'!$A$4:$A$640&'ER C6 FLT1'!$B$4:$B$640-2,1),10)))))))","v":false},{"$f":"IF($B14=\"3+ Trucks\",IF(OR($H14=\"Class_8\",$N14=\"Replacement8HHD\",$AH14=\"CL7HHD\",$AJ14=\"CL7to8\"),INDEX('ER C8 FLT3'!$A$4:$J$640,MATCH($E14&$C14,'ER C8 FLT3'!$A$4:$A$640&'ER C8 FLT3'!$B$4:$B$640-3,1),10),IF($H14=\"Class_7\",INDEX('ER C7 FLT3'!$A$4:$J$640,MATCH($E14&$C14,'ER C7 FLT3'!$A$4:$A$640&'ER C7 FLT3'!$B$4:$B$640-3,1),10),IF($H14=\"Class_6\",INDEX('ER C6 FLT3'!$A$4:$J$640,MATCH($E14&$C14,'ER C6 FLT3'!$A$4:$A$640&'ER C6 FLT3'!$B$4:$B$640-3,1),10)))),IF($B14=\"2 Trucks\",IF(OR($H14=\"Class_8\",$N14=\"Replacement8HHD\",$AH14=\"CL7HHD\",$AJ14=\"CL7to8\"),INDEX('ER C8 FLT2'!$A$4:$J$640,MATCH($E14&$C14,'ER C8 FLT2'!$A$4:$A$640&'ER C8 FLT2'!$B$4:$B$640-3,1),10),IF($H14=\"Class_7\",INDEX('ER C7 FLT2'!$A$4:$J$640,MATCH($E14&$C14,'ER C7 FLT2'!$A$4:$A$640&'ER C7 FLT2'!$B$4:$B$640-3,1),10),IF($H14=\"Class_6\",INDEX('ER C6 FLT2'!$A$4:$J$640,MATCH($E14&$C14,'ER C6 FLT2'!$A$4:$A$640&'ER C6 FLT2'!$B$4:$B$640-3,1),10)))),IF($B14=\"1 Truck\",\nIF(OR($H14=\"Class_8\",$N14=\"Replacement8HHD\",$AH14=\"CL7HHD\",$AJ14=\"CL7to8\"),INDEX('ER C8 FLT1'!$A$4:$J$640,MATCH($E14&$C14,'ER C8 FLT1'!$A$4:$A$640&'ER C8 FLT1'!$B$4:$B$640-3,1),10),IF($H14=\"Class_7\",INDEX('ER C7 FLT1'!$A$4:$J$640,MATCH($E14&$C14,'ER C7 FLT1'!$A$4:$A$640&'ER C7 FLT1'!$B$4:$B$640-3,1),10),IF($H14=\"Class_6\",INDEX('ER C6 FLT1'!$A$4:$J$640,MATCH($E14&$C14,'ER C6 FLT1'!$A$4:$A$640&'ER C6 FLT1'!$B$4:$B$640-3,1),10)))))))","v":false},{"$f":"IF($B14=\"3+ Trucks\",IF(OR($H14=\"Class_8\",$N14=\"Replacement8HHD\",$AH14=\"CL7HHD\",$AJ14=\"CL7to8\"),INDEX('ER C8 FLT3'!$A$4:$J$640,MATCH($E14&$C14,'ER C8 FLT3'!$A$4:$A$640&'ER C8 FLT3'!$B$4:$B$640-4,1),10),IF($H14=\"Class_7\",INDEX('ER C7 FLT3'!$A$4:$J$640,MATCH($E14&$C14,'ER C7 FLT3'!$A$4:$A$640&'ER C7 FLT3'!$B$4:$B$640-4,1),10),IF($H14=\"Class_6\",INDEX('ER C6 FLT3'!$A$4:$J$640,MATCH($E14&$C14,'ER C6 FLT3'!$A$4:$A$640&'ER C6 FLT3'!$B$4:$B$640-4,1),10)))),IF($B14=\"2 Trucks\",IF(OR($H14=\"Class_8\",$N14=\"Replacement8HHD\",$AH14=\"CL7HHD\",$AJ14=\"CL7to8\"),INDEX('ER C8 FLT2'!$A$4:$J$640,MATCH($E14&$C14,'ER C8 FLT2'!$A$4:$A$640&'ER C8 FLT2'!$B$4:$B$640-4,1),10),IF($H14=\"Class_7\",INDEX('ER C7 FLT2'!$A$4:$J$640,MATCH($E14&$C14,'ER C7 FLT2'!$A$4:$A$640&'ER C7 FLT2'!$B$4:$B$640-4,1),10),IF($H14=\"Class_6\",INDEX('ER C6 FLT2'!$A$4:$J$640,MATCH($E14&$C14,'ER C6 FLT2'!$A$4:$A$640&'ER C6 FLT2'!$B$4:$B$640-4,1),10)))),IF($B14=\"1 Truck\",\nIF(OR($H14=\"Class_8\",$N14=\"Replacement8HHD\",$AH14=\"CL7HHD\",$AJ14=\"CL7to8\"),INDEX('ER C8 FLT1'!$A$4:$J$640,MATCH($E14&$C14,'ER C8 FLT1'!$A$4:$A$640&'ER C8 FLT1'!$B$4:$B$640-4,1),10),IF($H14=\"Class_7\",INDEX('ER C7 FLT1'!$A$4:$J$640,MATCH($E14&$C14,'ER C7 FLT1'!$A$4:$A$640&'ER C7 FLT1'!$B$4:$B$640-4,1),10),IF($H14=\"Class_6\",INDEX('ER C6 FLT1'!$A$4:$J$640,MATCH($E14&$C14,'ER C6 FLT1'!$A$4:$A$640&'ER C6 FLT1'!$B$4:$B$640-4,1),10)))))))","v":false},{"$f":"IF(OR($R14=\"Diesel\",$R14=\"LNG/CNG\",$R14=\"Hybrid\",$R14=\"Electric w/ AB-118\"),IF($B14=\"3+ Trucks\",IF(OR($O14=\"Class_8\",$N14=\"Replacement8HHD\",$AI14=\"CL7HHD\"),INDEX('ER C8 FLT3'!$A$4:$J$640,MATCH(DropData!$J54&$C14,'ER C8 FLT3'!$A$4:$A$640&'ER C8 FLT3'!$B$4:$B$640,1),10),IF($O14=\"Class_7\",INDEX('ER C7 FLT3'!$A$4:$J$640,MATCH(DropData!$J54&$C14,'ER C7 FLT3'!$A$4:$A$640&'ER C7 FLT3'!$B$4:$B$640,1),10),IF($O14=\"Class_6\",INDEX('ER C6 FLT3'!$A$4:$J$640,MATCH(DropData!$J54&$C14,'ER C6 FLT3'!$A$4:$A$640&'ER C6 FLT3'!$B$4:$B$640,1),10)))),IF($B14=\"2 Trucks\",IF(OR($O14=\"Class_8\",$N14=\"Replacement8HHD\",$AI14=\"CL7HHD\"),INDEX('ER C8 FLT2'!$A$4:$J$640,MATCH(DropData!$J54&$C14,'ER C8 FLT2'!$A$4:$A$640&'ER C8 FLT2'!$B$4:$B$640,1),10),IF($O14=\"Class_7\",INDEX('ER C7 FLT2'!$A$4:$J$640,MATCH(DropData!$J54&$C14,'ER C7 FLT2'!$A$4:$A$640&'ER C7 FLT2'!$B$4:$B$640,1),10),IF($O14=\"Class_6\",INDEX('ER C6 FLT2'!$A$4:$J$640,MATCH(DropData!$J54&$C14,'ER C6 FLT2'!$A$4:$A$640&'ER C6 FLT2'!$B$4:$B$640,1),10)))),IF($B14=\"1 Truck\",IF(OR($O14=\"Class_8\",$N14=\"Replacement8HHD\",$AI14=\"CL7HHD\"),INDEX('ER C8 FLT1'!$A$4:$J$640,MATCH(DropData!$J54&$C14,'ER C8 FLT1'!$A$4:$A$640&'ER C8 FLT1'!$B$4:$B$640,1),10),IF($O14=\"Class_7\",INDEX('ER C7 FLT1'!$A$4:$J$640,MATCH(DropData!$J54&$C14,'ER C7 FLT1'!$A$4:$A$640&'ER C7 FLT1'!$B$4:$B$640,1),10),IF($O14=\"Class_6\",INDEX('ER C6 FLT1'!$A$4:$J$640,MATCH(DropData!$J54&$C14,'ER C6 FLT1'!$A$4:$A$640&'ER C6 FLT1'!$B$4:$B$640,1),10))))))),IF($R14=\"Electric\",INDEX('ER Electric'!$A$6:$E$44,MATCH($C14&$O14,'ER Electric'!$A$6:$A$44&'ER Electric'!$B$6:$B$44,1),5)))*(($Q14+$AC14)/453.6)","v":0},{"$f":"IF(OR($R14=\"Diesel\",$R14=\"LNG/CNG\",$R14=\"Hybrid\",$R14=\"Electric w/ AB-118\"),IF($B14=\"3+ Trucks\",IF(OR($O14=\"Class_8\",$N14=\"Replacement8HHD\",$AI14=\"CL7HHD\"),INDEX('ER C8 FLT3'!$A$4:$J$640,MATCH(DropData!$J54&$C14,'ER C8 FLT3'!$A$4:$A$640&'ER C8 FLT3'!$B$4:$B$640-1,1),10),IF($O14=\"Class_7\",INDEX('ER C7 FLT3'!$A$4:$J$640,MATCH(DropData!$J54&$C14,'ER C7 FLT3'!$A$4:$A$640&'ER C7 FLT3'!$B$4:$B$640-1,1),10),IF($O14=\"Class_6\",INDEX('ER C6 FLT3'!$A$4:$J$640,MATCH(DropData!$J54&$C14,'ER C6 FLT3'!$A$4:$A$640&'ER C6 FLT3'!$B$4:$B$640-1,1),10)))),IF($B14=\"2 Trucks\",IF(OR($O14=\"Class_8\",$N14=\"Replacement8HHD\",$AI14=\"CL7HHD\"),INDEX('ER C8 FLT2'!$A$4:$J$640,MATCH(DropData!$J54&$C14,'ER C8 FLT2'!$A$4:$A$640&'ER C8 FLT2'!$B$4:$B$640-1,1),10),IF($O14=\"Class_7\",INDEX('ER C7 FLT2'!$A$4:$J$640,MATCH(DropData!$J54&$C14,'ER C7 FLT2'!$A$4:$A$640&'ER C7 FLT2'!$B$4:$B$640-1,1),10),IF($O14=\"Class_6\",INDEX('ER C6 FLT2'!$A$4:$J$640,MATCH(DropData!$J54&$C14,'ER C6 FLT2'!$A$4:$A$640&'ER C6 FLT2'!$B$4:$B$640-1,1),10)))),IF($B14=\"1 Truck\",IF(OR($O14=\"Class_8\",$N14=\"Replacement8HHD\",$AI14=\"CL7HHD\"),INDEX('ER C8 FLT1'!$A$4:$J$640,MATCH(DropData!$J54&$C14,'ER C8 FLT1'!$A$4:$A$640&'ER C8 FLT1'!$B$4:$B$640-1,1),10),IF($O14=\"Class_7\",INDEX('ER C7 FLT1'!$A$4:$J$640,MATCH(DropData!$J54&$C14,'ER C7 FLT1'!$A$4:$A$640&'ER C7 FLT1'!$B$4:$B$640-1,1),10),IF($O14=\"Class_6\",INDEX('ER C6 FLT1'!$A$4:$J$640,MATCH(DropData!$J54&$C14,'ER C6 FLT1'!$A$4:$A$640&'ER C6 FLT1'!$B$4:$B$640-1,1),10))))))),IF($R14=\"Electric\",OFFSET(INDEX('ER Electric'!$A$6:$E$44,MATCH($C14&$O14,'ER Electric'!$A$6:$A$44&'ER Electric'!$B$6:$B$44,1),5),3,0)))*(($Q14+$AC14)/453.6)","v":0},{"$f":"IF(OR($R14=\"Diesel\",$R14=\"LNG/CNG\",$R14=\"Hybrid\",$R14=\"Electric w/ AB-118\"),IF($B14=\"3+ Trucks\",IF(OR($O14=\"Class_8\",$N14=\"Replacement8HHD\",$AI14=\"CL7HHD\"),INDEX('ER C8 FLT3'!$A$4:$J$640,MATCH(DropData!$J54&$C14,'ER C8 FLT3'!$A$4:$A$640&'ER C8 FLT3'!$B$4:$B$640-2,1),10),IF($O14=\"Class_7\",INDEX('ER C7 FLT3'!$A$4:$J$640,MATCH(DropData!$J54&$C14,'ER C7 FLT3'!$A$4:$A$640&'ER C7 FLT3'!$B$4:$B$640-2,1),10),IF($O14=\"Class_6\",INDEX('ER C6 FLT3'!$A$4:$J$640,MATCH(DropData!$J54&$C14,'ER C6 FLT3'!$A$4:$A$640&'ER C6 FLT3'!$B$4:$B$640-2,1),10)))),IF($B14=\"2 Trucks\",IF(OR($O14=\"Class_8\",$N14=\"Replacement8HHD\",$AI14=\"CL7HHD\"),INDEX('ER C8 FLT2'!$A$4:$J$640,MATCH(DropData!$J54&$C14,'ER C8 FLT2'!$A$4:$A$640&'ER C8 FLT2'!$B$4:$B$640-2,1),10),IF($O14=\"Class_7\",INDEX('ER C7 FLT2'!$A$4:$J$640,MATCH(DropData!$J54&$C14,'ER C7 FLT2'!$A$4:$A$640&'ER C7 FLT2'!$B$4:$B$640-2,1),10),IF($O14=\"Class_6\",INDEX('ER C6 FLT2'!$A$4:$J$640,MATCH(DropData!$J54&$C14,'ER C6 FLT2'!$A$4:$A$640&'ER C6 FLT2'!$B$4:$B$640-2,1),10)))),IF($B14=\"1 Truck\",IF(OR($O14=\"Class_8\",$N14=\"Replacement8HHD\",$AI14=\"CL7HHD\"),INDEX('ER C8 FLT1'!$A$4:$J$640,MATCH(DropData!$J54&$C14,'ER C8 FLT1'!$A$4:$A$640&'ER C8 FLT1'!$B$4:$B$640-2,1),10),IF($O14=\"Class_7\",INDEX('ER C7 FLT1'!$A$4:$J$640,MATCH(DropData!$J54&$C14,'ER C7 FLT1'!$A$4:$A$640&'ER C7 FLT1'!$B$4:$B$640-2,1),10),IF($O14=\"Class_6\",INDEX('ER C6 FLT1'!$A$4:$J$640,MATCH(DropData!$J54&$C14,'ER C6 FLT1'!$A$4:$A$640&'ER C6 FLT1'!$B$4:$B$640-2,1),10))))))),IF($R14=\"Electric\",OFFSET(INDEX('ER Electric'!$A$6:$E$44,MATCH($C14&$O14,'ER Electric'!$A$6:$A$44&'ER Electric'!$B$6:$B$44,1),5),6,0)))*(($Q14+$AC14)/453.6)","v":0},{"$f":"IF(OR($R14=\"Diesel\",$R14=\"LNG/CNG\",$R14=\"Hybrid\",$R14=\"Electric w/ AB-118\"),IF($B14=\"3+ Trucks\",IF(OR($O14=\"Class_8\",$N14=\"Replacement8HHD\",$AI14=\"CL7HHD\"),INDEX('ER C8 FLT3'!$A$4:$J$640,MATCH(DropData!$J54&$C14,'ER C8 FLT3'!$A$4:$A$640&'ER C8 FLT3'!$B$4:$B$640-3,1),10),IF($O14=\"Class_7\",INDEX('ER C7 FLT3'!$A$4:$J$640,MATCH(DropData!$J54&$C14,'ER C7 FLT3'!$A$4:$A$640&'ER C7 FLT3'!$B$4:$B$640-3,1),10),IF($O14=\"Class_6\",INDEX('ER C6 FLT3'!$A$4:$J$640,MATCH(DropData!$J54&$C14,'ER C6 FLT3'!$A$4:$A$640&'ER C6 FLT3'!$B$4:$B$640-3,1),10)))),IF($B14=\"2 Trucks\",IF(OR($O14=\"Class_8\",$N14=\"Replacement8HHD\",$AI14=\"CL7HHD\"),INDEX('ER C8 FLT2'!$A$4:$J$640,MATCH(DropData!$J54&$C14,'ER C8 FLT2'!$A$4:$A$640&'ER C8 FLT2'!$B$4:$B$640-3,1),10),IF($O14=\"Class_7\",INDEX('ER C7 FLT2'!$A$4:$J$640,MATCH(DropData!$J54&$C14,'ER C7 FLT2'!$A$4:$A$640&'ER C7 FLT2'!$B$4:$B$640-3,1),10),IF($O14=\"Class_6\",INDEX('ER C6 FLT2'!$A$4:$J$640,MATCH(DropData!$J54&$C14,'ER C6 FLT2'!$A$4:$A$640&'ER C6 FLT2'!$B$4:$B$640-3,1),10)))),IF($B14=\"1 Truck\",IF(OR($O14=\"Class_8\",$N14=\"Replacement8HHD\",$AI14=\"CL7HHD\"),INDEX('ER C8 FLT1'!$A$4:$J$640,MATCH(DropData!$J54&$C14,'ER C8 FLT1'!$A$4:$A$640&'ER C8 FLT1'!$B$4:$B$640-3,1),10),IF($O14=\"Class_7\",INDEX('ER C7 FLT1'!$A$4:$J$640,MATCH(DropData!$J54&$C14,'ER C7 FLT1'!$A$4:$A$640&'ER C7 FLT1'!$B$4:$B$640-3,1),10),IF($O14=\"Class_6\",INDEX('ER C6 FLT1'!$A$4:$J$640,MATCH(DropData!$J54&$C14,'ER C6 FLT1'!$A$4:$A$640&'ER C6 FLT1'!$B$4:$B$640-3,1),10))))))),IF($R14=\"Electric\",OFFSET(INDEX('ER Electric'!$A$6:$E$44,MATCH($C14&$O14,'ER Electric'!$A$6:$A$44&'ER Electric'!$B$6:$B$44,1),5),9,0)))*(($Q14+$AC14)/453.6)","v":0},{"$f":"IF(OR($R14=\"Diesel\",$R14=\"LNG/CNG\",$R14=\"Hybrid\",$R14=\"Electric w/ AB-118\"),IF($B14=\"3+ Trucks\",IF(OR($O14=\"Class_8\",$N14=\"Replacement8HHD\",$AI14=\"CL7HHD\"),INDEX('ER C8 FLT3'!$A$4:$J$640,MATCH(DropData!$J54&$C14,'ER C8 FLT3'!$A$4:$A$640&'ER C8 FLT3'!$B$4:$B$640-4,1),10),IF($O14=\"Class_7\",INDEX('ER C7 FLT3'!$A$4:$J$640,MATCH(DropData!$J54&$C14,'ER C7 FLT3'!$A$4:$A$640&'ER C7 FLT3'!$B$4:$B$640-4,1),10),IF($O14=\"Class_6\",INDEX('ER C6 FLT3'!$A$4:$J$640,MATCH(DropData!$J54&$C14,'ER C6 FLT3'!$A$4:$A$640&'ER C6 FLT3'!$B$4:$B$640-4,1),10)))),IF($B14=\"2 Trucks\",IF(OR($O14=\"Class_8\",$N14=\"Replacement8HHD\",$AI14=\"CL7HHD\"),INDEX('ER C8 FLT2'!$A$4:$J$640,MATCH(DropData!$J54&$C14,'ER C8 FLT2'!$A$4:$A$640&'ER C8 FLT2'!$B$4:$B$640-4,1),10),IF($O14=\"Class_7\",INDEX('ER C7 FLT2'!$A$4:$J$640,MATCH(DropData!$J54&$C14,'ER C7 FLT2'!$A$4:$A$640&'ER C7 FLT2'!$B$4:$B$640-4,1),10),IF($O14=\"Class_6\",INDEX('ER C6 FLT2'!$A$4:$J$640,MATCH(DropData!$J54&$C14,'ER C6 FLT2'!$A$4:$A$640&'ER C6 FLT2'!$B$4:$B$640-4,1),10)))),IF($B14=\"1 Truck\",IF(OR($O14=\"Class_8\",$N14=\"Replacement8HHD\",$AI14=\"CL7HHD\"),INDEX('ER C8 FLT1'!$A$4:$J$640,MATCH(DropData!$J54&$C14,'ER C8 FLT1'!$A$4:$A$640&'ER C8 FLT1'!$B$4:$B$640-4,1),10),IF($O14=\"Class_7\",INDEX('ER C7 FLT1'!$A$4:$J$640,MATCH(DropData!$J54&$C14,'ER C7 FLT1'!$A$4:$A$640&'ER C7 FLT1'!$B$4:$B$640-4,1),10),IF($O14=\"Class_6\",INDEX('ER C6 FLT1'!$A$4:$J$640,MATCH(DropData!$J54&$C14,'ER C6 FLT1'!$A$4:$A$640&'ER C6 FLT1'!$B$4:$B$640-4,1),10))))))),IF($R14=\"Electric\",OFFSET(INDEX('ER Electric'!$A$6:$E$44,MATCH($C14&$O14,'ER Electric'!$A$6:$A$44&'ER Electric'!$B$6:$B$44,1),5),12,0)))*(($Q14+$AC14)/453.6)","v":0},{"$f":"IF(OR($R14=\"Diesel\",$R14=\"LNG/CNG\",$R14=\"Hybrid\",$R14=\"Electric w/ AB-118\"),IF($B14=\"3+ Trucks\",IF(OR($O14=\"Class_8\",$N14=\"Replacement8HHD\",$AI14=\"CL7HHD\"),INDEX('ER C8 FLT3'!$A$4:$J$640,MATCH(DropData!$J54&$C14,'ER C8 FLT3'!$A$4:$A$640&'ER C8 FLT3'!$B$4:$B$640,1),10),IF($O14=\"Class_7\",INDEX('ER C7 FLT3'!$A$4:$J$640,MATCH(DropData!$J54&$C14,'ER C7 FLT3'!$A$4:$A$640&'ER C7 FLT3'!$B$4:$B$640,1),10),IF($O14=\"Class_6\",INDEX('ER C6 FLT3'!$A$4:$J$640,MATCH(DropData!$J54&$C14,'ER C6 FLT3'!$A$4:$A$640&'ER C6 FLT3'!$B$4:$B$640,1),10)))),IF($B14=\"2 Trucks\",IF(OR($O14=\"Class_8\",$N14=\"Replacement8HHD\",$AI14=\"CL7HHD\"),INDEX('ER C8 FLT2'!$A$4:$J$640,MATCH(DropData!$J54&$C14,'ER C8 FLT2'!$A$4:$A$640&'ER C8 FLT2'!$B$4:$B$640,1),10),IF($O14=\"Class_7\",INDEX('ER C7 FLT2'!$A$4:$J$640,MATCH(DropData!$J54&$C14,'ER C7 FLT2'!$A$4:$A$640&'ER C7 FLT2'!$B$4:$B$640,1),10),IF($O14=\"Class_6\",INDEX('ER C6 FLT2'!$A$4:$J$640,MATCH(DropData!$J54&$C14,'ER C6 FLT2'!$A$4:$A$640&'ER C6 FLT2'!$B$4:$B$640,1),10)))),IF($B14=\"1 Truck\",IF(OR($O14=\"Class_8\",$N14=\"Replacement8HHD\",$AI14=\"CL7HHD\"),INDEX('ER C8 FLT1'!$A$4:$J$640,MATCH(DropData!$J54&$C14,'ER C8 FLT1'!$A$4:$A$640&'ER C8 FLT1'!$B$4:$B$640,1),10),IF($O14=\"Class_7\",INDEX('ER C7 FLT1'!$A$4:$J$640,MATCH(DropData!$J54&$C14,'ER C7 FLT1'!$A$4:$A$640&'ER C7 FLT1'!$B$4:$B$640,1),10),IF($O14=\"Class_6\",INDEX('ER C6 FLT1'!$A$4:$J$640,MATCH(DropData!$J54&$C14,'ER C6 FLT1'!$A$4:$A$640&'ER C6 FLT1'!$B$4:$B$640,1),10))))))),IF($R14=\"Electric\",INDEX('ER Electric'!$A$6:$E$44,MATCH($C14&$O14,'ER Electric'!$A$6:$A$44&'ER Electric'!$B$6:$B$44,1),5)))","v":false},{"$f":"IF(OR($R14=\"Diesel\",$R14=\"LNG/CNG\",$R14=\"Hybrid\",$R14=\"Electric w/ AB-118\"),IF($B14=\"3+ Trucks\",IF(OR($O14=\"Class_8\",$N14=\"Replacement8HHD\",$AI14=\"CL7HHD\"),INDEX('ER C8 FLT3'!$A$4:$J$640,MATCH(DropData!$J54&$C14,'ER C8 FLT3'!$A$4:$A$640&'ER C8 FLT3'!$B$4:$B$640-1,1),10),IF($O14=\"Class_7\",INDEX('ER C7 FLT3'!$A$4:$J$640,MATCH(DropData!$J54&$C14,'ER C7 FLT3'!$A$4:$A$640&'ER C7 FLT3'!$B$4:$B$640-1,1),10),IF($O14=\"Class_6\",INDEX('ER C6 FLT3'!$A$4:$J$640,MATCH(DropData!$J54&$C14,'ER C6 FLT3'!$A$4:$A$640&'ER C6 FLT3'!$B$4:$B$640-1,1),10)))),IF($B14=\"2 Trucks\",IF(OR($O14=\"Class_8\",$N14=\"Replacement8HHD\",$AI14=\"CL7HHD\"),INDEX('ER C8 FLT2'!$A$4:$J$640,MATCH(DropData!$J54&$C14,'ER C8 FLT2'!$A$4:$A$640&'ER C8 FLT2'!$B$4:$B$640-1,1),10),IF($O14=\"Class_7\",INDEX('ER C7 FLT2'!$A$4:$J$640,MATCH(DropData!$J54&$C14,'ER C7 FLT2'!$A$4:$A$640&'ER C7 FLT2'!$B$4:$B$640-1,1),10),IF($O14=\"Class_6\",INDEX('ER C6 FLT2'!$A$4:$J$640,MATCH(DropData!$J54&$C14,'ER C6 FLT2'!$A$4:$A$640&'ER C6 FLT2'!$B$4:$B$640-1,1),10)))),IF($B14=\"1 Truck\",IF(OR($O14=\"Class_8\",$N14=\"Replacement8HHD\",$AI14=\"CL7HHD\"),INDEX('ER C8 FLT1'!$A$4:$J$640,MATCH(DropData!$J54&$C14,'ER C8 FLT1'!$A$4:$A$640&'ER C8 FLT1'!$B$4:$B$640-1,1),10),IF($O14=\"Class_7\",INDEX('ER C7 FLT1'!$A$4:$J$640,MATCH(DropData!$J54&$C14,'ER C7 FLT1'!$A$4:$A$640&'ER C7 FLT1'!$B$4:$B$640-1,1),10),IF($O14=\"Class_6\",INDEX('ER C6 FLT1'!$A$4:$J$640,MATCH(DropData!$J54&$C14,'ER C6 FLT1'!$A$4:$A$640&'ER C6 FLT1'!$B$4:$B$640-1,1),10))))))),IF($R14=\"Electric\",OFFSET(INDEX('ER Electric'!$A$6:$E$44,MATCH($C14&$O14,'ER Electric'!$A$6:$A$44&'ER Electric'!$B$6:$B$44,1),5),3,0)))","v":false},{"$f":"IF(OR($R14=\"Diesel\",$R14=\"LNG/CNG\",$R14=\"Hybrid\",$R14=\"Electric w/ AB-118\"),IF($B14=\"3+ Trucks\",IF(OR($O14=\"Class_8\",$N14=\"Replacement8HHD\",$AI14=\"CL7HHD\"),INDEX('ER C8 FLT3'!$A$4:$J$640,MATCH(DropData!$J54&$C14,'ER C8 FLT3'!$A$4:$A$640&'ER C8 FLT3'!$B$4:$B$640-2,1),10),IF($O14=\"Class_7\",INDEX('ER C7 FLT3'!$A$4:$J$640,MATCH(DropData!$J54&$C14,'ER C7 FLT3'!$A$4:$A$640&'ER C7 FLT3'!$B$4:$B$640-2,1),10),IF($O14=\"Class_6\",INDEX('ER C6 FLT3'!$A$4:$J$640,MATCH(DropData!$J54&$C14,'ER C6 FLT3'!$A$4:$A$640&'ER C6 FLT3'!$B$4:$B$640-2,1),10)))),IF($B14=\"2 Trucks\",IF(OR($O14=\"Class_8\",$N14=\"Replacement8HHD\",$AI14=\"CL7HHD\"),INDEX('ER C8 FLT2'!$A$4:$J$640,MATCH(DropData!$J54&$C14,'ER C8 FLT2'!$A$4:$A$640&'ER C8 FLT2'!$B$4:$B$640-2,1),10),IF($O14=\"Class_7\",INDEX('ER C7 FLT2'!$A$4:$J$640,MATCH(DropData!$J54&$C14,'ER C7 FLT2'!$A$4:$A$640&'ER C7 FLT2'!$B$4:$B$640-2,1),10),IF($O14=\"Class_6\",INDEX('ER C6 FLT2'!$A$4:$J$640,MATCH(DropData!$J54&$C14,'ER C6 FLT2'!$A$4:$A$640&'ER C6 FLT2'!$B$4:$B$640-2,1),10)))),IF($B14=\"1 Truck\",IF(OR($O14=\"Class_8\",$N14=\"Replacement8HHD\",$AI14=\"CL7HHD\"),INDEX('ER C8 FLT1'!$A$4:$J$640,MATCH(DropData!$J54&$C14,'ER C8 FLT1'!$A$4:$A$640&'ER C8 FLT1'!$B$4:$B$640-2,1),10),IF($O14=\"Class_7\",INDEX('ER C7 FLT1'!$A$4:$J$640,MATCH(DropData!$J54&$C14,'ER C7 FLT1'!$A$4:$A$640&'ER C7 FLT1'!$B$4:$B$640-2,1),10),IF($O14=\"Class_6\",INDEX('ER C6 FLT1'!$A$4:$J$640,MATCH(DropData!$J54&$C14,'ER C6 FLT1'!$A$4:$A$640&'ER C6 FLT1'!$B$4:$B$640-2,1),10))))))),IF($R14=\"Electric\",OFFSET(INDEX('ER Electric'!$A$6:$E$44,MATCH($C14&$O14,'ER Electric'!$A$6:$A$44&'ER Electric'!$B$6:$B$44,1),5),6,0)))","v":false},{"$f":"IF(OR($R14=\"Diesel\",$R14=\"LNG/CNG\",$R14=\"Hybrid\",$R14=\"Electric w/ AB-118\"),IF($B14=\"3+ Trucks\",IF(OR($O14=\"Class_8\",$N14=\"Replacement8HHD\",$AI14=\"CL7HHD\"),INDEX('ER C8 FLT3'!$A$4:$J$640,MATCH(DropData!$J54&$C14,'ER C8 FLT3'!$A$4:$A$640&'ER C8 FLT3'!$B$4:$B$640-3,1),10),IF($O14=\"Class_7\",INDEX('ER C7 FLT3'!$A$4:$J$640,MATCH(DropData!$J54&$C14,'ER C7 FLT3'!$A$4:$A$640&'ER C7 FLT3'!$B$4:$B$640-3,1),10),IF($O14=\"Class_6\",INDEX('ER C6 FLT3'!$A$4:$J$640,MATCH(DropData!$J54&$C14,'ER C6 FLT3'!$A$4:$A$640&'ER C6 FLT3'!$B$4:$B$640-3,1),10)))),IF($B14=\"2 Trucks\",IF(OR($O14=\"Class_8\",$N14=\"Replacement8HHD\",$AI14=\"CL7HHD\"),INDEX('ER C8 FLT2'!$A$4:$J$640,MATCH(DropData!$J54&$C14,'ER C8 FLT2'!$A$4:$A$640&'ER C8 FLT2'!$B$4:$B$640-3,1),10),IF($O14=\"Class_7\",INDEX('ER C7 FLT2'!$A$4:$J$640,MATCH(DropData!$J54&$C14,'ER C7 FLT2'!$A$4:$A$640&'ER C7 FLT2'!$B$4:$B$640-3,1),10),IF($O14=\"Class_6\",INDEX('ER C6 FLT2'!$A$4:$J$640,MATCH(DropData!$J54&$C14,'ER C6 FLT2'!$A$4:$A$640&'ER C6 FLT2'!$B$4:$B$640-3,1),10)))),IF($B14=\"1 Truck\",IF(OR($O14=\"Class_8\",$N14=\"Replacement8HHD\",$AI14=\"CL7HHD\"),INDEX('ER C8 FLT1'!$A$4:$J$640,MATCH(DropData!$J54&$C14,'ER C8 FLT1'!$A$4:$A$640&'ER C8 FLT1'!$B$4:$B$640-3,1),10),IF($O14=\"Class_7\",INDEX('ER C7 FLT1'!$A$4:$J$640,MATCH(DropData!$J54&$C14,'ER C7 FLT1'!$A$4:$A$640&'ER C7 FLT1'!$B$4:$B$640-3,1),10),IF($O14=\"Class_6\",INDEX('ER C6 FLT1'!$A$4:$J$640,MATCH(DropData!$J54&$C14,'ER C6 FLT1'!$A$4:$A$640&'ER C6 FLT1'!$B$4:$B$640-3,1),10))))))),IF($R14=\"Electric\",OFFSET(INDEX('ER Electric'!$A$6:$E$44,MATCH($C14&$O14,'ER Electric'!$A$6:$A$44&'ER Electric'!$B$6:$B$44,1),5),9,0)))","v":false},{"$f":"IF(OR($R14=\"Diesel\",$R14=\"LNG/CNG\",$R14=\"Hybrid\",$R14=\"Electric w/ AB-118\"),IF($B14=\"3+ Trucks\",IF(OR($O14=\"Class_8\",$N14=\"Replacement8HHD\",$AI14=\"CL7HHD\"),INDEX('ER C8 FLT3'!$A$4:$J$640,MATCH(DropData!$J54&$C14,'ER C8 FLT3'!$A$4:$A$640&'ER C8 FLT3'!$B$4:$B$640-4,1),10),IF($O14=\"Class_7\",INDEX('ER C7 FLT3'!$A$4:$J$640,MATCH(DropData!$J54&$C14,'ER C7 FLT3'!$A$4:$A$640&'ER C7 FLT3'!$B$4:$B$640-4,1),10),IF($O14=\"Class_6\",INDEX('ER C6 FLT3'!$A$4:$J$640,MATCH(DropData!$J54&$C14,'ER C6 FLT3'!$A$4:$A$640&'ER C6 FLT3'!$B$4:$B$640-4,1),10)))),IF($B14=\"2 Trucks\",IF(OR($O14=\"Class_8\",$N14=\"Replacement8HHD\",$AI14=\"CL7HHD\"),INDEX('ER C8 FLT2'!$A$4:$J$640,MATCH(DropData!$J54&$C14,'ER C8 FLT2'!$A$4:$A$640&'ER C8 FLT2'!$B$4:$B$640-4,1),10),IF($O14=\"Class_7\",INDEX('ER C7 FLT2'!$A$4:$J$640,MATCH(DropData!$J54&$C14,'ER C7 FLT2'!$A$4:$A$640&'ER C7 FLT2'!$B$4:$B$640-4,1),10),IF($O14=\"Class_6\",INDEX('ER C6 FLT2'!$A$4:$J$640,MATCH(DropData!$J54&$C14,'ER C6 FLT2'!$A$4:$A$640&'ER C6 FLT2'!$B$4:$B$640-4,1),10)))),IF($B14=\"1 Truck\",IF(OR($O14=\"Class_8\",$N14=\"Replacement8HHD\",$AI14=\"CL7HHD\"),INDEX('ER C8 FLT1'!$A$4:$J$640,MATCH(DropData!$J54&$C14,'ER C8 FLT1'!$A$4:$A$640&'ER C8 FLT1'!$B$4:$B$640-4,1),10),IF($O14=\"Class_7\",INDEX('ER C7 FLT1'!$A$4:$J$640,MATCH(DropData!$J54&$C14,'ER C7 FLT1'!$A$4:$A$640&'ER C7 FLT1'!$B$4:$B$640-4,1),10),IF($O14=\"Class_6\",INDEX('ER C6 FLT1'!$A$4:$J$640,MATCH(DropData!$J54&$C14,'ER C6 FLT1'!$A$4:$A$640&'ER C6 FLT1'!$B$4:$B$640-4,1),10))))))),IF($R14=\"Electric\",OFFSET(INDEX('ER Electric'!$A$6:$E$44,MATCH($C14&$O14,'ER Electric'!$A$6:$A$44&'ER Electric'!$B$6:$B$44,1),5),12,0)))","v":false},{"$f":"MAX(0,DL14-DV14)","v":0},{"$f":"IF($B14=\"3+ Trucks\",IF($Z14=\"Class_8\",INDEX('ER C8 FLT3'!$A$4:$J$640,MATCH($W14&$C14,'ER C8 FLT3'!$A$4:$A$640&'ER C8 FLT3'!$B$4:$B$640,1),10),IF($Z14=\"Class_7\",INDEX('ER C7 FLT3'!$A$4:$J$640,MATCH($W14&$C14,'ER C7 FLT3'!$A$4:$A$640&'ER C7 FLT3'!$B$4:$B$640,1),10),IF($Z14=\"Class_6\",INDEX('ER C6 FLT3'!$A$4:$J$640,MATCH($W14&$C14,'ER C6 FLT3'!$A$4:$A$640&'ER C6 FLT3'!$B$4:$B$640,1),10)))),IF($B14=\"2 Trucks\",IF($Z14=\"Class_8\",INDEX('ER C8 FLT2'!$A$4:$J$640,MATCH($W14&$C14,'ER C8 FLT2'!$A$4:$A$640&'ER C8 FLT2'!$B$4:$B$640,1),10),IF($Z14=\"Class_7\",INDEX('ER C7 FLT2'!$A$4:$J$640,MATCH($W14&$C14,'ER C7 FLT2'!$A$4:$A$640&'ER C7 FLT2'!$B$4:$B$640,1),10),IF($Z14=\"Class_6\",INDEX('ER C6 FLT2'!$A$4:$J$640,MATCH($W14&$C14,'ER C6 FLT2'!$A$4:$A$640&'ER C6 FLT2'!$B$4:$B$640,1),10)))),IF($B14=\"1 Truck\",IF($Z14=\"Class_8\",INDEX('ER C8 FLT1'!$A$4:$J$640,MATCH($W14&$C14,'ER C8 FLT1'!$A$4:$A$640&'ER C8 FLT1'!$B$4:$B$640,1),10),IF($Z14=\"Class_7\",INDEX('ER C7 FLT1'!$A$4:$J$640,MATCH($W14&$C14,'ER C7 FLT1'!$A$4:$A$640&'ER C7 FLT1'!$B$4:$B$640,1),10)*IF($Z14=\"Class_7\",INDEX('ER C7 FLT1'!$A$4:$J$640,MATCH($W14&$C14,'ER C7 FLT1'!$A$4:$A$640&'ER C7 FLT1'!$B$4:$B$640,1),10)),IF($Z14=\"Class_6\",INDEX('ER C6 FLT1'!$A$4:$J$640,MATCH($W14&$C14,'ER C6 FLT1'!$A$4:$A$640&'ER C6 FLT1'!$B$4:$B$640,1),10)*IF($Z14=\"Class_6\",INDEX('ER C6 FLT1'!$A$4:$J$640,MATCH($W14&$C14,'ER C6 FLT1'!$A$4:$A$640&'ER C6 FLT1'!$B$4:$B$640,1),10))))))))*($AC14/453.6)","v":0},{"$f":"(EF14+EG14)/2","v":0},{"$f":"MAX(0,DM14-DW14)","v":0},{"$f":"IF($B14=\"3+ Trucks\",IF($Z14=\"Class_8\",INDEX('ER C8 FLT3'!$A$4:$J$640,MATCH($W14&$C14,'ER C8 FLT3'!$A$4:$A$640&'ER C8 FLT3'!$B$4:$B$640-1,1),10),IF($Z14=\"Class_7\",INDEX('ER C7 FLT3'!$A$4:$J$640,MATCH($W14&$C14,'ER C7 FLT3'!$A$4:$A$640&'ER C7 FLT3'!$B$4:$B$640-1,1),10),IF($Z14=\"Class_6\",INDEX('ER C6 FLT3'!$A$4:$J$640,MATCH($W14&$C14,'ER C6 FLT3'!$A$4:$A$640&'ER C6 FLT3'!$B$4:$B$640-1,1),10)))),IF($B14=\"2 Trucks\",IF($Z14=\"Class_8\",INDEX('ER C8 FLT2'!$A$4:$J$640,MATCH($W14&$C14,'ER C8 FLT2'!$A$4:$A$640&'ER C8 FLT2'!$B$4:$B$640-1,1),10),IF($Z14=\"Class_7\",INDEX('ER C7 FLT2'!$A$4:$J$640,MATCH($W14&$C14,'ER C7 FLT2'!$A$4:$A$640&'ER C7 FLT2'!$B$4:$B$640-1,1),10),IF($Z14=\"Class_6\",INDEX('ER C6 FLT2'!$A$4:$J$640,MATCH($W14&$C14,'ER C6 FLT2'!$A$4:$A$640&'ER C6 FLT2'!$B$4:$B$640-1,1),10)))),IF($B14=\"1 Truck\",IF($Z14=\"Class_8\",INDEX('ER C8 FLT1'!$A$4:$J$640,MATCH($W14&$C14,'ER C8 FLT1'!$A$4:$A$640&'ER C8 FLT1'!$B$4:$B$640-1,1),10),IF($Z14=\"Class_7\",INDEX('ER C7 FLT1'!$A$4:$J$640,MATCH($W14&$C14,'ER C7 FLT1'!$A$4:$A$640&'ER C7 FLT1'!$B$4:$B$640-1,1),10)*IF($Z14=\"Class_7\",INDEX('ER C7 FLT1'!$A$4:$J$640,MATCH($W14&$C14,'ER C7 FLT1'!$A$4:$A$640&'ER C7 FLT1'!$B$4:$B$640-1,1),10)),IF($Z14=\"Class_6\",INDEX('ER C6 FLT1'!$A$4:$J$640,MATCH($W14&$C14,'ER C6 FLT1'!$A$4:$A$640&'ER C6 FLT1'!$B$4:$B$640-1,1),10)*IF($Z14=\"Class_6\",INDEX('ER C6 FLT1'!$A$4:$J$640,MATCH($W14&$C14,'ER C6 FLT1'!$A$4:$A$640&'ER C6 FLT1'!$B$4:$B$640-1,1),10))))))))*($AC14/453.6)","v":0},{"$f":"EI14+EJ14","v":0},{"$f":"MAX(0,DN14-DX14)","v":0},{"$f":"IF($B14=\"3+ Trucks\",IF($Z14=\"Class_8\",INDEX('ER C8 FLT3'!$A$4:$J$640,MATCH($W14&$C14,'ER C8 FLT3'!$A$4:$A$640&'ER C8 FLT3'!$B$4:$B$640-2,1),10),IF($Z14=\"Class_7\",INDEX('ER C7 FLT3'!$A$4:$J$640,MATCH($W14&$C14,'ER C7 FLT3'!$A$4:$A$640&'ER C7 FLT3'!$B$4:$B$640-2,1),10),IF($Z14=\"Class_6\",INDEX('ER C6 FLT3'!$A$4:$J$640,MATCH($W14&$C14,'ER C6 FLT3'!$A$4:$A$640&'ER C6 FLT3'!$B$4:$B$640-2,1),10)))),IF($B14=\"2 Trucks\",IF($Z14=\"Class_8\",INDEX('ER C8 FLT2'!$A$4:$J$640,MATCH($W14&$C14,'ER C8 FLT2'!$A$4:$A$640&'ER C8 FLT2'!$B$4:$B$640-2,1),10),IF($Z14=\"Class_7\",INDEX('ER C7 FLT2'!$A$4:$J$640,MATCH($W14&$C14,'ER C7 FLT2'!$A$4:$A$640&'ER C7 FLT2'!$B$4:$B$640-2,1),10),IF($Z14=\"Class_6\",INDEX('ER C6 FLT2'!$A$4:$J$640,MATCH($W14&$C14,'ER C6 FLT2'!$A$4:$A$640&'ER C6 FLT2'!$B$4:$B$640-2,1),10)))),IF($B14=\"1 Truck\",IF($Z14=\"Class_8\",INDEX('ER C8 FLT1'!$A$4:$J$640,MATCH($W14&$C14,'ER C8 FLT1'!$A$4:$A$640&'ER C8 FLT1'!$B$4:$B$640-2,1),10),IF($Z14=\"Class_7\",INDEX('ER C7 FLT1'!$A$4:$J$640,MATCH($W14&$C14,'ER C7 FLT1'!$A$4:$A$640&'ER C7 FLT1'!$B$4:$B$640-2,1),10)*IF($Z14=\"Class_7\",INDEX('ER C7 FLT1'!$A$4:$J$640,MATCH($W14&$C14,'ER C7 FLT1'!$A$4:$A$640&'ER C7 FLT1'!$B$4:$B$640-2,1),10)),IF($Z14=\"Class_6\",INDEX('ER C6 FLT1'!$A$4:$J$640,MATCH($W14&$C14,'ER C6 FLT1'!$A$4:$A$640&'ER C6 FLT1'!$B$4:$B$640-2,1),10)*IF($Z14=\"Class_6\",INDEX('ER C6 FLT1'!$A$4:$J$640,MATCH($W14&$C14,'ER C6 FLT1'!$A$4:$A$640&'ER C6 FLT1'!$B$4:$B$640-2,1),10))))))))*($AC14/453.6)","v":0},{"$f":"EL14+EM14","v":0},{"$f":"MAX(0,DO14-DY14)","v":0},{"$f":"IF($B14=\"3+ Trucks\",IF($Z14=\"Class_8\",INDEX('ER C8 FLT3'!$A$4:$J$640,MATCH($W14&$C14,'ER C8 FLT3'!$A$4:$A$640&'ER C8 FLT3'!$B$4:$B$640-3,1),10),IF($Z14=\"Class_7\",INDEX('ER C7 FLT3'!$A$4:$J$640,MATCH($W14&$C14,'ER C7 FLT3'!$A$4:$A$640&'ER C7 FLT3'!$B$4:$B$640-3,1),10),IF($Z14=\"Class_6\",INDEX('ER C6 FLT3'!$A$4:$J$640,MATCH($W14&$C14,'ER C6 FLT3'!$A$4:$A$640&'ER C6 FLT3'!$B$4:$B$640-3,1),10)))),IF($B14=\"2 Trucks\",IF($Z14=\"Class_8\",INDEX('ER C8 FLT2'!$A$4:$J$640,MATCH($W14&$C14,'ER C8 FLT2'!$A$4:$A$640&'ER C8 FLT2'!$B$4:$B$640-3,1),10),IF($Z14=\"Class_7\",INDEX('ER C7 FLT2'!$A$4:$J$640,MATCH($W14&$C14,'ER C7 FLT2'!$A$4:$A$640&'ER C7 FLT2'!$B$4:$B$640-3,1),10),IF($Z14=\"Class_6\",INDEX('ER C6 FLT2'!$A$4:$J$640,MATCH($W14&$C14,'ER C6 FLT2'!$A$4:$A$640&'ER C6 FLT2'!$B$4:$B$640-3,1),10)))),IF($B14=\"1 Truck\",IF($Z14=\"Class_8\",INDEX('ER C8 FLT1'!$A$4:$J$640,MATCH($W14&$C14,'ER C8 FLT1'!$A$4:$A$640&'ER C8 FLT1'!$B$4:$B$640-3,1),10),IF($Z14=\"Class_7\",INDEX('ER C7 FLT1'!$A$4:$J$640,MATCH($W14&$C14,'ER C7 FLT1'!$A$4:$A$640&'ER C7 FLT1'!$B$4:$B$640-3,1),10)*IF($Z14=\"Class_7\",INDEX('ER C7 FLT1'!$A$4:$J$640,MATCH($W14&$C14,'ER C7 FLT1'!$A$4:$A$640&'ER C7 FLT1'!$B$4:$B$640-3,1),10)),IF($Z14=\"Class_6\",INDEX('ER C6 FLT1'!$A$4:$J$640,MATCH($W14&$C14,'ER C6 FLT1'!$A$4:$A$640&'ER C6 FLT1'!$B$4:$B$640-3,1),10)*IF($Z14=\"Class_6\",INDEX('ER C6 FLT1'!$A$4:$J$640,MATCH($W14&$C14,'ER C6 FLT1'!$A$4:$A$640&'ER C6 FLT1'!$B$4:$B$640-3,1),10))))))))*($AC14/453.6)","v":0},{"$f":"EO14+EP14","v":0},{"$f":"MAX(0,DP14-DZ14)","v":0},{"$f":"IF($B14=\"3+ Trucks\",IF($Z14=\"Class_8\",INDEX('ER C8 FLT3'!$A$4:$J$640,MATCH($W14&$C14,'ER C8 FLT3'!$A$4:$A$640&'ER C8 FLT3'!$B$4:$B$640-4,1),10),IF($Z14=\"Class_7\",INDEX('ER C7 FLT3'!$A$4:$J$640,MATCH($W14&$C14,'ER C7 FLT3'!$A$4:$A$640&'ER C7 FLT3'!$B$4:$B$640-4,1),10),IF($Z14=\"Class_6\",INDEX('ER C6 FLT3'!$A$4:$J$640,MATCH($W14&$C14,'ER C6 FLT3'!$A$4:$A$640&'ER C6 FLT3'!$B$4:$B$640-4,1),10)))),IF($B14=\"2 Trucks\",IF($Z14=\"Class_8\",INDEX('ER C8 FLT2'!$A$4:$J$640,MATCH($W14&$C14,'ER C8 FLT2'!$A$4:$A$640&'ER C8 FLT2'!$B$4:$B$640-4,1),10),IF($Z14=\"Class_7\",INDEX('ER C7 FLT2'!$A$4:$J$640,MATCH($W14&$C14,'ER C7 FLT2'!$A$4:$A$640&'ER C7 FLT2'!$B$4:$B$640-4,1),10),IF($Z14=\"Class_6\",INDEX('ER C6 FLT2'!$A$4:$J$640,MATCH($W14&$C14,'ER C6 FLT2'!$A$4:$A$640&'ER C6 FLT2'!$B$4:$B$640-4,1),10)))),IF($B14=\"1 Truck\",IF($Z14=\"Class_8\",INDEX('ER C8 FLT1'!$A$4:$J$640,MATCH($W14&$C14,'ER C8 FLT1'!$A$4:$A$640&'ER C8 FLT1'!$B$4:$B$640-4,1),10),IF($Z14=\"Class_7\",INDEX('ER C7 FLT1'!$A$4:$J$640,MATCH($W14&$C14,'ER C7 FLT1'!$A$4:$A$640&'ER C7 FLT1'!$B$4:$B$640-4,1),10)*IF($Z14=\"Class_7\",INDEX('ER C7 FLT1'!$A$4:$J$640,MATCH($W14&$C14,'ER C7 FLT1'!$A$4:$A$640&'ER C7 FLT1'!$B$4:$B$640-4,1),10)),IF($Z14=\"Class_6\",INDEX('ER C6 FLT1'!$A$4:$J$640,MATCH($W14&$C14,'ER C6 FLT1'!$A$4:$A$640&'ER C6 FLT1'!$B$4:$B$640-4,1),10)*IF($Z14=\"Class_6\",INDEX('ER C6 FLT1'!$A$4:$J$640,MATCH($W14&$C14,'ER C6 FLT1'!$A$4:$A$640&'ER C6 FLT1'!$B$4:$B$640-4,1),10))))))))*($AC14/453.6)","v":0},{"$f":"ER14+ES14","v":0},{"$f":"MAX(0,EH14+EK14+EN14+EQ14+ET14)","v":0}]
[{"$f":"'Input data'!A13","v":"project 9"},{"$f":"'Input data'!B13","v":0},{"$f":"'Input data'!C13","v":0},{"$f":"'Input data'!D13","v":0},{"$f":"'Input data'!E13","v":0},{"$f":"'Input data'!F13","v":0},{"$f":"'Input data'!G13","v":0},{"$f":"'Input data'!H13","v":""},{"$f":"'Input data'!I13","v":0},{"$f":"'Input data'!J13","v":0},{"$f":"'Input data'!K13","v":0},{"$f":"'Input data'!AK13","v":false},{"$f":"'Input data'!M13","v":0},{"$f":"'Input data'!AJ13","v":0},{"$f":"'Input data'!L13","v":0},{"$f":"'Input data'!N13","v":0},{"$f":"'Input data'!O13","v":0},{"$f":"'Input data'!P13","v":0},{"$f":"'Input data'!Q13","v":0},{"$f":"'Input data'!R13","v":"0"},{"$f":"'Input data'!$S13","v":"No"},{"$f":"'Input data'!T13","v":"No"},{"$f":"'Input data'!U13","v":0},{"$f":"'Input data'!V13","v":0},{"$f":"'Input data'!W13","v":0},{"$f":"'Input data'!X13","v":""},{"$f":"'Input data'!Y13","v":0},{"$f":"'Input data'!Z13","v":0},{"$f":"'Input data'!AA13","v":0},null,null,{"$f":"'Input data'!AD13","v":0},{"$f":"'Input data'!AE13","v":false},{"$f":"'Input data'!AF13","v":false},{"$f":"'Input data'!AG13","v":false},{"$f":"'Input data'!AH13","v":false},null,{"$f":"IF($B15=\"3+ Trucks\",IF(OR($H15=\"Class_8\",$N15=\"Replacement8HHD\",$AH15=\"CL7HHD\",$AJ15=\"CL7to8\"),INDEX('ER C8 FLT3'!$A$4:$J$640,MATCH($E15&$C15,'ER C8 FLT3'!$A$4:$A$640&'ER C8 FLT3'!$B$4:$B$640,1),8)*IF(OR($H15=\"Class_8\",$N15=\"Replacement8HHD\",$AH15=\"CL7HHD\",$AJ15=\"CL7to8\"),INDEX('ER C8 FLT3'!$A$4:$J$640,MATCH($E15&$C15,'ER C8 FLT3'!$A$4:$A$640&'ER C8 FLT3'!$B$4:$B$640,1),9)),IF($H15=\"Class_7\",INDEX('ER C7 FLT3'!$A$4:$J$640,MATCH($E15&$C15,'ER C7 FLT3'!$A$4:$A$640&'ER C7 FLT3'!$B$4:$B$640,1),8)*IF($H15=\"Class_7\",INDEX('ER C7 FLT3'!$A$4:$J$640,MATCH($E15&$C15,'ER C7 FLT3'!$A$4:$A$640&'ER C7 FLT3'!$B$4:$B$640,1),9)),\nIF($H15=\"Class_6\",INDEX('ER C6 FLT3'!$A$4:$J$640,MATCH($E15&$C15,'ER C6 FLT3'!$A$4:$A$640&'ER C6 FLT3'!$B$4:$B$640,1),8)*IF($H15=\"Class_6\",INDEX('ER C6 FLT3'!$A$4:$L$640,MATCH($E15&$C15,'ER C6 FLT3'!$A$4:$A$640&'ER C6 FLT3'!$B$4:$B$640,1),9))))),IF($B15=\"2 Trucks\",IF(OR($H15=\"Class_8\",$N15=\"Replacement8HHD\",$AH15=\"CL7HHD\",$AJ15=\"CL7to8\"),INDEX('ER C8 FLT2'!$A$4:$J$640,MATCH($E15&$C15,'ER C8 FLT2'!$A$4:$A$640&'ER C8 FLT2'!$B$4:$B$640,1),8)*IF(OR($H15=\"Class_8\",$N15=\"Replacement8HHD\",$AH15=\"CL7HHD\",$AJ15=\"CL7to8\"),INDEX('ER C8 FLT2'!$A$4:$J$640,MATCH($E15&$C15,'ER C8 FLT2'!$A$4:$A$640&'ER C8 FLT2'!$B$4:$B$640,1),9)),IF($H15=\"Class_7\",INDEX('ER C7 FLT2'!$A$4:$J$640,MATCH($E15&$C15,'ER C7 FLT2'!$A$4:$A$640&'ER C7 FLT2'!$B$4:$B$640,1),8)*IF($H15=\"Class_7\",INDEX('ER C7 FLT2'!$A$4:$J$640,MATCH($E15&$C15,'ER C7 FLT2'!$A$4:$A$640&'ER C7 FLT2'!$B$4:$B$640,1),9)),IF($H15=\"Class_6\",INDEX('ER C6 FLT2'!$A$4:$J$640,MATCH($E15&$C15,'ER C6 FLT2'!$A$4:$A$640&'ER C6 FLT2'!$B$4:$B$640,1),8)*IF($H15=\"Class_6\",INDEX('ER C6 FLT2'!$A$4:$J$640,MATCH($E15&$C15,'ER C6 FLT2'!$A$4:$A$640&'ER C6 FLT2'!$B$4:$B$640,1),9))))),IF($B15=\"1 Truck\",\nIF(OR($H15=\"Class_8\",$N15=\"Replacement8HHD\",$AH15=\"CL7HHD\",$AJ15=\"CL7to8\"),INDEX('ER C8 FLT1'!$A$4:$J$640,MATCH($E15&$C15,'ER C8 FLT1'!$A$4:$A$640&'ER C8 FLT1'!$B$4:$B$640,1),8)*IF(OR($H15=\"Class_8\",$N15=\"Replacement8HHD\",$AH15=\"CL7HHD\",$AJ15=\"CL7to8\"),INDEX('ER C8 FLT1'!$A$4:$J$640,MATCH($E15&$C15,'ER C8 FLT1'!$A$4:$A$640&'ER C8 FLT1'!$B$4:$B$640,1),9)),IF($H15=\"Class_7\",INDEX('ER C7 FLT1'!$A$4:$J$640,MATCH($E15&$C15,'ER C7 FLT1'!$A$4:$A$640&'ER C7 FLT1'!$B$4:$B$640,1),8)*IF($H15=\"Class_7\",INDEX('ER C7 FLT1'!$A$4:$J$640,MATCH($E15&$C15,'ER C7 FLT1'!$A$4:$A$640&'ER C7 FLT1'!$B$4:$B$640,1),9)),\nIF($H15=\"Class_6\",INDEX('ER C6 FLT1'!$A$4:$J$640,MATCH($E15&$C15,'ER C6 FLT1'!$A$4:$A$640&'ER C6 FLT1'!$B$4:$B$640,1),8)*IF($H15=\"Class_6\",INDEX('ER C6 FLT1'!$A$4:$J$640,MATCH($E15&$C15,'ER C6 FLT1'!$A$4:$A$640&'ER C6 FLT1'!$B$4:$B$640,1),9))))))))*IF($F15=\"Level 1 PM\",0.75,IF($F15=\"Level 2 PM\",0.5,IF($F15=\"Level 3 PM\",0,IF($F15=\"Level 3 PM + Mark I NOx\",0,1))))*($Q15/453.6)","v":0},{"$f":"IF($B15=\"3+ Trucks\",IF(OR($H15=\"Class_8\",$N15=\"Replacement8HHD\",$AH15=\"CL7HHD\",$AJ15=\"CL7to8\"),INDEX('ER C8 FLT3'!$A$4:$J$640,MATCH($E15&$C15,'ER C8 FLT3'!$A$4:$A$640&'ER C8 FLT3'!$B$4:$B$640-1,1),8)*IF(OR($H15=\"Class_8\",$N15=\"Replacement8HHD\",$AH15=\"CL7HHD\",$AJ15=\"CL7to8\"),INDEX('ER C8 FLT3'!$A$4:$J$640,MATCH($E15&$C15,'ER C8 FLT3'!$A$4:$A$640&'ER C8 FLT3'!$B$4:$B$640-1,1),9)),IF($H15=\"Class_7\",INDEX('ER C7 FLT3'!$A$4:$J$640,MATCH($E15&$C15,'ER C7 FLT3'!$A$4:$A$640&'ER C7 FLT3'!$B$4:$B$640-1,1),8)*IF($H15=\"Class_7\",INDEX('ER C7 FLT3'!$A$4:$J$640,MATCH($E15&$C15,'ER C7 FLT3'!$A$4:$A$640&'ER C7 FLT3'!$B$4:$B$640-1,1),9)),\nIF($H15=\"Class_6\",INDEX('ER C6 FLT3'!$A$4:$J$640,MATCH($E15&$C15,'ER C6 FLT3'!$A$4:$A$640&'ER C6 FLT3'!$B$4:$B$640-1,1),8)*IF($H15=\"Class_6\",INDEX('ER C6 FLT3'!$A$4:$L$640,MATCH($E15&$C15,'ER C6 FLT3'!$A$4:$A$640&'ER C6 FLT3'!$B$4:$B$640-1,1),9))))),IF($B15=\"2 Trucks\",IF(OR($H15=\"Class_8\",$N15=\"Replacement8HHD\",$AH15=\"CL7HHD\",$AJ15=\"CL7to8\"),INDEX('ER C8 FLT2'!$A$4:$J$640,MATCH($E15&$C15,'ER C8 FLT2'!$A$4:$A$640&'ER C8 FLT2'!$B$4:$B$640-1,1),8)*IF(OR($H15=\"Class_8\",$N15=\"Replacement8HHD\",$AH15=\"CL7HHD\",$AJ15=\"CL7to8\"),INDEX('ER C8 FLT2'!$A$4:$J$640,MATCH($E15&$C15,'ER C8 FLT2'!$A$4:$A$640&'ER C8 FLT2'!$B$4:$B$640-1,1),9)),IF($H15=\"Class_7\",INDEX('ER C7 FLT2'!$A$4:$J$640,MATCH($E15&$C15,'ER C7 FLT2'!$A$4:$A$640&'ER C7 FLT2'!$B$4:$B$640-1,1),8)*IF($H15=\"Class_7\",INDEX('ER C7 FLT2'!$A$4:$J$640,MATCH($E15&$C15,'ER C7 FLT2'!$A$4:$A$640&'ER C7 FLT2'!$B$4:$B$640-1,1),9)),IF($H15=\"Class_6\",INDEX('ER C6 FLT2'!$A$4:$J$640,MATCH($E15&$C15,'ER C6 FLT2'!$A$4:$A$640&'ER C6 FLT2'!$B$4:$B$640-1,1),8)*IF($H15=\"Class_6\",INDEX('ER C6 FLT2'!$A$4:$J$640,MATCH($E15&$C15,'ER C6 FLT2'!$A$4:$A$640&'ER C6 FLT2'!$B$4:$B$640-1,1),9))))),IF($B15=\"1 Truck\",\nIF(OR($H15=\"Class_8\",$N15=\"Replacement8HHD\",$AH15=\"CL7HHD\",$AJ15=\"CL7to8\"),INDEX('ER C8 FLT1'!$A$4:$J$640,MATCH($E15&$C15,'ER C8 FLT1'!$A$4:$A$640&'ER C8 FLT1'!$B$4:$B$640-1,1),8)*IF(OR($H15=\"Class_8\",$N15=\"Replacement8HHD\",$AH15=\"CL7HHD\",$AJ15=\"CL7to8\"),INDEX('ER C8 FLT1'!$A$4:$J$640,MATCH($E15&$C15,'ER C8 FLT1'!$A$4:$A$640&'ER C8 FLT1'!$B$4:$B$640-1,1),9)),IF($H15=\"Class_7\",INDEX('ER C7 FLT1'!$A$4:$J$640,MATCH($E15&$C15,'ER C7 FLT1'!$A$4:$A$640&'ER C7 FLT1'!$B$4:$B$640-1,1),8)*IF($H15=\"Class_7\",INDEX('ER C7 FLT1'!$A$4:$J$640,MATCH($E15&$C15,'ER C7 FLT1'!$A$4:$A$640&'ER C7 FLT1'!$B$4:$B$640-1,1),9)),\nIF($H15=\"Class_6\",INDEX('ER C6 FLT1'!$A$4:$J$640,MATCH($E15&$C15,'ER C6 FLT1'!$A$4:$A$640&'ER C6 FLT1'!$B$4:$B$640-1,1),8)*IF($H15=\"Class_6\",INDEX('ER C6 FLT1'!$A$4:$J$640,MATCH($E15&$C15,'ER C6 FLT1'!$A$4:$A$640&'ER C6 FLT1'!$B$4:$B$640-1,1),9))))))))*IF($F15=\"Level 1 PM\",0.75,IF($F15=\"Level 2 PM\",0.5,IF($F15=\"Level 3 PM\",0,IF($F15=\"Level 3 PM + Mark I NOx\",0,1))))*($Q15/453.6)","v":0},{"$f":"IF($B15=\"3+ Trucks\",IF(OR($H15=\"Class_8\",$N15=\"Replacement8HHD\",$AH15=\"CL7HHD\",$AJ15=\"CL7to8\"),INDEX('ER C8 FLT3'!$A$4:$J$640,MATCH($E15&$C15,'ER C8 FLT3'!$A$4:$A$640&'ER C8 FLT3'!$B$4:$B$640-2,1),8)*IF(OR($H15=\"Class_8\",$N15=\"Replacement8HHD\",$AH15=\"CL7HHD\",$AJ15=\"CL7to8\"),INDEX('ER C8 FLT3'!$A$4:$J$640,MATCH($E15&$C15,'ER C8 FLT3'!$A$4:$A$640&'ER C8 FLT3'!$B$4:$B$640-2,1),9)),IF($H15=\"Class_7\",INDEX('ER C7 FLT3'!$A$4:$J$640,MATCH($E15&$C15,'ER C7 FLT3'!$A$4:$A$640&'ER C7 FLT3'!$B$4:$B$640-2,1),8)*IF($H15=\"Class_7\",INDEX('ER C7 FLT3'!$A$4:$J$640,MATCH($E15&$C15,'ER C7 FLT3'!$A$4:$A$640&'ER C7 FLT3'!$B$4:$B$640-2,1),9)),\nIF($H15=\"Class_6\",INDEX('ER C6 FLT3'!$A$4:$J$640,MATCH($E15&$C15,'ER C6 FLT3'!$A$4:$A$640&'ER C6 FLT3'!$B$4:$B$640-2,1),8)*IF($H15=\"Class_6\",INDEX('ER C6 FLT3'!$A$4:$L$640,MATCH($E15&$C15,'ER C6 FLT3'!$A$4:$A$640&'ER C6 FLT3'!$B$4:$B$640-2,1),9))))),IF($B15=\"2 Trucks\",IF(OR($H15=\"Class_8\",$N15=\"Replacement8HHD\",$AH15=\"CL7HHD\",$AJ15=\"CL7to8\"),INDEX('ER C8 FLT2'!$A$4:$J$640,MATCH($E15&$C15,'ER C8 FLT2'!$A$4:$A$640&'ER C8 FLT2'!$B$4:$B$640-2,1),8)*IF(OR($H15=\"Class_8\",$N15=\"Replacement8HHD\",$AH15=\"CL7HHD\",$AJ15=\"CL7to8\"),INDEX('ER C8 FLT2'!$A$4:$J$640,MATCH($E15&$C15,'ER C8 FLT2'!$A$4:$A$640&'ER C8 FLT2'!$B$4:$B$640-2,1),9)),IF($H15=\"Class_7\",INDEX('ER C7 FLT2'!$A$4:$J$640,MATCH($E15&$C15,'ER C7 FLT2'!$A$4:$A$640&'ER C7 FLT2'!$B$4:$B$640-2,1),8)*IF($H15=\"Class_7\",INDEX('ER C7 FLT2'!$A$4:$J$640,MATCH($E15&$C15,'ER C7 FLT2'!$A$4:$A$640&'ER C7 FLT2'!$B$4:$B$640-2,1),9)),IF($H15=\"Class_6\",INDEX('ER C6 FLT2'!$A$4:$J$640,MATCH($E15&$C15,'ER C6 FLT2'!$A$4:$A$640&'ER C6 FLT2'!$B$4:$B$640-2,1),8)*IF($H15=\"Class_6\",INDEX('ER C6 FLT2'!$A$4:$J$640,MATCH($E15&$C15,'ER C6 FLT2'!$A$4:$A$640&'ER C6 FLT2'!$B$4:$B$640-2,1),9))))),IF($B15=\"1 Truck\",\nIF(OR($H15=\"Class_8\",$N15=\"Replacement8HHD\",$AH15=\"CL7HHD\",$AJ15=\"CL7to8\"),INDEX('ER C8 FLT1'!$A$4:$J$640,MATCH($E15&$C15,'ER C8 FLT1'!$A$4:$A$640&'ER C8 FLT1'!$B$4:$B$640-2,1),8)*IF(OR($H15=\"Class_8\",$N15=\"Replacement8HHD\",$AH15=\"CL7HHD\",$AJ15=\"CL7to8\"),INDEX('ER C8 FLT1'!$A$4:$J$640,MATCH($E15&$C15,'ER C8 FLT1'!$A$4:$A$640&'ER C8 FLT1'!$B$4:$B$640-2,1),9)),IF($H15=\"Class_7\",INDEX('ER C7 FLT1'!$A$4:$J$640,MATCH($E15&$C15,'ER C7 FLT1'!$A$4:$A$640&'ER C7 FLT1'!$B$4:$B$640-2,1),8)*IF($H15=\"Class_7\",INDEX('ER C7 FLT1'!$A$4:$J$640,MATCH($E15&$C15,'ER C7 FLT1'!$A$4:$A$640&'ER C7 FLT1'!$B$4:$B$640-2,1),9)),\nIF($H15=\"Class_6\",INDEX('ER C6 FLT1'!$A$4:$J$640,MATCH($E15&$C15,'ER C6 FLT1'!$A$4:$A$640&'ER C6 FLT1'!$B$4:$B$640-2,1),8)*IF($H15=\"Class_6\",INDEX('ER C6 FLT1'!$A$4:$J$640,MATCH($E15&$C15,'ER C6 FLT1'!$A$4:$A$640&'ER C6 FLT1'!$B$4:$B$640-2,1),9))))))))*IF($F15=\"Level 1 PM\",0.75,IF($F15=\"Level 2 PM\",0.5,IF($F15=\"Level 3 PM\",0,IF($F15=\"Level 3 PM + Mark I NOx\",0,1))))*($Q15/453.6)","v":0},{"$f":"IF($B15=\"3+ Trucks\",IF(OR($H15=\"Class_8\",$N15=\"Replacement8HHD\",$AH15=\"CL7HHD\",$AJ15=\"CL7to8\"),INDEX('ER C8 FLT3'!$A$4:$J$640,MATCH($E15&$C15,'ER C8 FLT3'!$A$4:$A$640&'ER C8 FLT3'!$B$4:$B$640-3,1),8)*IF(OR($H15=\"Class_8\",$N15=\"Replacement8HHD\",$AH15=\"CL7HHD\",$AJ15=\"CL7to8\"),INDEX('ER C8 FLT3'!$A$4:$J$640,MATCH($E15&$C15,'ER C8 FLT3'!$A$4:$A$640&'ER C8 FLT3'!$B$4:$B$640-3,1),9)),IF($H15=\"Class_7\",INDEX('ER C7 FLT3'!$A$4:$J$640,MATCH($E15&$C15,'ER C7 FLT3'!$A$4:$A$640&'ER C7 FLT3'!$B$4:$B$640-3,1),8)*IF($H15=\"Class_7\",INDEX('ER C7 FLT3'!$A$4:$J$640,MATCH($E15&$C15,'ER C7 FLT3'!$A$4:$A$640&'ER C7 FLT3'!$B$4:$B$640-3,1),9)),\nIF($H15=\"Class_6\",INDEX('ER C6 FLT3'!$A$4:$J$640,MATCH($E15&$C15,'ER C6 FLT3'!$A$4:$A$640&'ER C6 FLT3'!$B$4:$B$640-3,1),8)*IF($H15=\"Class_6\",INDEX('ER C6 FLT3'!$A$4:$L$640,MATCH($E15&$C15,'ER C6 FLT3'!$A$4:$A$640&'ER C6 FLT3'!$B$4:$B$640-3,1),9))))),IF($B15=\"2 Trucks\",IF(OR($H15=\"Class_8\",$N15=\"Replacement8HHD\",$AH15=\"CL7HHD\",$AJ15=\"CL7to8\"),INDEX('ER C8 FLT2'!$A$4:$J$640,MATCH($E15&$C15,'ER C8 FLT2'!$A$4:$A$640&'ER C8 FLT2'!$B$4:$B$640-3,1),8)*IF(OR($H15=\"Class_8\",$N15=\"Replacement8HHD\",$AH15=\"CL7HHD\",$AJ15=\"CL7to8\"),INDEX('ER C8 FLT2'!$A$4:$J$640,MATCH($E15&$C15,'ER C8 FLT2'!$A$4:$A$640&'ER C8 FLT2'!$B$4:$B$640-3,1),9)),IF($H15=\"Class_7\",INDEX('ER C7 FLT2'!$A$4:$J$640,MATCH($E15&$C15,'ER C7 FLT2'!$A$4:$A$640&'ER C7 FLT2'!$B$4:$B$640-3,1),8)*IF($H15=\"Class_7\",INDEX('ER C7 FLT2'!$A$4:$J$640,MATCH($E15&$C15,'ER C7 FLT2'!$A$4:$A$640&'ER C7 FLT2'!$B$4:$B$640-3,1),9)),IF($H15=\"Class_6\",INDEX('ER C6 FLT2'!$A$4:$J$640,MATCH($E15&$C15,'ER C6 FLT2'!$A$4:$A$640&'ER C6 FLT2'!$B$4:$B$640-3,1),8)*IF($H15=\"Class_6\",INDEX('ER C6 FLT2'!$A$4:$J$640,MATCH($E15&$C15,'ER C6 FLT2'!$A$4:$A$640&'ER C6 FLT2'!$B$4:$B$640-3,1),9))))),IF($B15=\"1 Truck\",\nIF(OR($H15=\"Class_8\",$N15=\"Replacement8HHD\",$AH15=\"CL7HHD\",$AJ15=\"CL7to8\"),INDEX('ER C8 FLT1'!$A$4:$J$640,MATCH($E15&$C15,'ER C8 FLT1'!$A$4:$A$640&'ER C8 FLT1'!$B$4:$B$640-3,1),8)*IF(OR($H15=\"Class_8\",$N15=\"Replacement8HHD\",$AH15=\"CL7HHD\",$AJ15=\"CL7to8\"),INDEX('ER C8 FLT1'!$A$4:$J$640,MATCH($E15&$C15,'ER C8 FLT1'!$A$4:$A$640&'ER C8 FLT1'!$B$4:$B$640-3,1),9)),IF($H15=\"Class_7\",INDEX('ER C7 FLT1'!$A$4:$J$640,MATCH($E15&$C15,'ER C7 FLT1'!$A$4:$A$640&'ER C7 FLT1'!$B$4:$B$640-3,1),8)*IF($H15=\"Class_7\",INDEX('ER C7 FLT1'!$A$4:$J$640,MATCH($E15&$C15,'ER C7 FLT1'!$A$4:$A$640&'ER C7 FLT1'!$B$4:$B$640-3,1),9)),\nIF($H15=\"Class_6\",INDEX('ER C6 FLT1'!$A$4:$J$640,MATCH($E15&$C15,'ER C6 FLT1'!$A$4:$A$640&'ER C6 FLT1'!$B$4:$B$640-3,1),8)*IF($H15=\"Class_6\",INDEX('ER C6 FLT1'!$A$4:$J$640,MATCH($E15&$C15,'ER C6 FLT1'!$A$4:$A$640&'ER C6 FLT1'!$B$4:$B$640-3,1),9))))))))*IF($F15=\"Level 1 PM\",0.75,IF($F15=\"Level 2 PM\",0.5,IF($F15=\"Level 3 PM\",0,IF($F15=\"Level 3 PM + Mark I NOx\",0,1))))*($Q15/453.6)","v":0},{"$f":"IF($B15=\"3+ Trucks\",IF(OR($H15=\"Class_8\",$N15=\"Replacement8HHD\",$AH15=\"CL7HHD\",$AJ15=\"CL7to8\"),INDEX('ER C8 FLT3'!$A$4:$J$640,MATCH($E15&$C15,'ER C8 FLT3'!$A$4:$A$640&'ER C8 FLT3'!$B$4:$B$640-4,1),8)*IF(OR($H15=\"Class_8\",$N15=\"Replacement8HHD\",$AH15=\"CL7HHD\",$AJ15=\"CL7to8\"),INDEX('ER C8 FLT3'!$A$4:$J$640,MATCH($E15&$C15,'ER C8 FLT3'!$A$4:$A$640&'ER C8 FLT3'!$B$4:$B$640-4,1),9)),IF($H15=\"Class_7\",INDEX('ER C7 FLT3'!$A$4:$J$640,MATCH($E15&$C15,'ER C7 FLT3'!$A$4:$A$640&'ER C7 FLT3'!$B$4:$B$640-4,1),8)*IF($H15=\"Class_7\",INDEX('ER C7 FLT3'!$A$4:$J$640,MATCH($E15&$C15,'ER C7 FLT3'!$A$4:$A$640&'ER C7 FLT3'!$B$4:$B$640-4,1),9)),\nIF($H15=\"Class_6\",INDEX('ER C6 FLT3'!$A$4:$J$640,MATCH($E15&$C15,'ER C6 FLT3'!$A$4:$A$640&'ER C6 FLT3'!$B$4:$B$640-4,1),8)*IF($H15=\"Class_6\",INDEX('ER C6 FLT3'!$A$4:$L$640,MATCH($E15&$C15,'ER C6 FLT3'!$A$4:$A$640&'ER C6 FLT3'!$B$4:$B$640-4,1),9))))),IF($B15=\"2 Trucks\",IF(OR($H15=\"Class_8\",$N15=\"Replacement8HHD\",$AH15=\"CL7HHD\",$AJ15=\"CL7to8\"),INDEX('ER C8 FLT2'!$A$4:$J$640,MATCH($E15&$C15,'ER C8 FLT2'!$A$4:$A$640&'ER C8 FLT2'!$B$4:$B$640-4,1),8)*IF(OR($H15=\"Class_8\",$N15=\"Replacement8HHD\",$AH15=\"CL7HHD\",$AJ15=\"CL7to8\"),INDEX('ER C8 FLT2'!$A$4:$J$640,MATCH($E15&$C15,'ER C8 FLT2'!$A$4:$A$640&'ER C8 FLT2'!$B$4:$B$640-4,1),9)),IF($H15=\"Class_7\",INDEX('ER C7 FLT2'!$A$4:$J$640,MATCH($E15&$C15,'ER C7 FLT2'!$A$4:$A$640&'ER C7 FLT2'!$B$4:$B$640-4,1),8)*IF($H15=\"Class_7\",INDEX('ER C7 FLT2'!$A$4:$J$640,MATCH($E15&$C15,'ER C7 FLT2'!$A$4:$A$640&'ER C7 FLT2'!$B$4:$B$640-4,1),9)),IF($H15=\"Class_6\",INDEX('ER C6 FLT2'!$A$4:$J$640,MATCH($E15&$C15,'ER C6 FLT2'!$A$4:$A$640&'ER C6 FLT2'!$B$4:$B$640-4,1),8)*IF($H15=\"Class_6\",INDEX('ER C6 FLT2'!$A$4:$J$640,MATCH($E15&$C15,'ER C6 FLT2'!$A$4:$A$640&'ER C6 FLT2'!$B$4:$B$640-4,1),9))))),IF($B15=\"1 Truck\",\nIF(OR($H15=\"Class_8\",$N15=\"Replacement8HHD\",$AH15=\"CL7HHD\",$AJ15=\"CL7to8\"),INDEX('ER C8 FLT1'!$A$4:$J$640,MATCH($E15&$C15,'ER C8 FLT1'!$A$4:$A$640&'ER C8 FLT1'!$B$4:$B$640-4,1),8)*IF(OR($H15=\"Class_8\",$N15=\"Replacement8HHD\",$AH15=\"CL7HHD\",$AJ15=\"CL7to8\"),INDEX('ER C8 FLT1'!$A$4:$J$640,MATCH($E15&$C15,'ER C8 FLT1'!$A$4:$A$640&'ER C8 FLT1'!$B$4:$B$640-4,1),9)),IF($H15=\"Class_7\",INDEX('ER C7 FLT1'!$A$4:$J$640,MATCH($E15&$C15,'ER C7 FLT1'!$A$4:$A$640&'ER C7 FLT1'!$B$4:$B$640-4,1),8)*IF($H15=\"Class_7\",INDEX('ER C7 FLT1'!$A$4:$J$640,MATCH($E15&$C15,'ER C7 FLT1'!$A$4:$A$640&'ER C7 FLT1'!$B$4:$B$640-4,1),9)),\nIF($H15=\"Class_6\",INDEX('ER C6 FLT1'!$A$4:$J$640,MATCH($E15&$C15,'ER C6 FLT1'!$A$4:$A$640&'ER C6 FLT1'!$B$4:$B$640-4,1),8)*IF($H15=\"Class_6\",INDEX('ER C6 FLT1'!$A$4:$J$640,MATCH($E15&$C15,'ER C6 FLT1'!$A$4:$A$640&'ER C6 FLT1'!$B$4:$B$640-4,1),9))))))))*IF($F15=\"Level 1 PM\",0.75,IF($F15=\"Level 2 PM\",0.5,IF($F15=\"Level 3 PM\",0,IF($F15=\"Level 3 PM + Mark I NOx\",0,1))))*($Q15/453.6)","v":0},{"$f":"IF($B15=\"3+ Trucks\",IF(OR($H15=\"Class_8\",$N15=\"Replacement8HHD\",$AH15=\"CL7HHD\",$AJ15=\"CL7to8\"),INDEX('ER C8 FLT3'!$A$4:$J$640,MATCH($E15&$C15,'ER C8 FLT3'!$A$4:$A$640&'ER C8 FLT3'!$B$4:$B$640,1),8),IF($H15=\"Class_7\",INDEX('ER C7 FLT3'!$A$4:$J$640,MATCH($E15&$C15,'ER C7 FLT3'!$A$4:$A$640&'ER C7 FLT3'!$B$4:$B$640,1),8),IF($H15=\"Class_6\",INDEX('ER C6 FLT3'!$A$4:$J$640,MATCH($E15&$C15,'ER C6 FLT3'!$A$4:$A$640&'ER C6 FLT3'!$B$4:$B$640,1),8)))),IF($B15=\"2 Trucks\",IF(OR($H15=\"Class_8\",$N15=\"Replacement8HHD\",$AH15=\"CL7HHD\",$AJ15=\"CL7to8\"),INDEX('ER C8 FLT2'!$A$4:$J$640,MATCH($E15&$C15,'ER C8 FLT2'!$A$4:$A$640&'ER C8 FLT2'!$B$4:$B$640,1),8),IF($H15=\"Class_7\",INDEX('ER C7 FLT2'!$A$4:$J$640,MATCH($E15&$C15,'ER C7 FLT2'!$A$4:$A$640&'ER C7 FLT2'!$B$4:$B$640,1),8),IF($H15=\"Class_6\",INDEX('ER C6 FLT2'!$A$4:$J$640,MATCH($E15&$C15,'ER C6 FLT2'!$A$4:$A$640&'ER C6 FLT2'!$B$4:$B$640,1),8)))),IF($B15=\"1 Truck\",IF(OR($H15=\"Class_8\",$N15=\"Replacement8HHD\",$AH15=\"CL7HHD\",$AJ15=\"CL7to8\"),INDEX('ER C8 FLT1'!$A$4:$J$640,MATCH($E15&$C15,'ER C8 FLT1'!$A$4:$A$640&'ER C8 FLT1'!$B$4:$B$640,1),8),IF($H15=\"Class_7\",INDEX('ER C7 FLT1'!$A$4:$J$640,MATCH($E15&$C15,'ER C7 FLT1'!$A$4:$A$640&'ER C7 FLT1'!$B$4:$B$640,1),8),IF($H15=\"Class_6\",INDEX('ER C6 FLT1'!$A$4:$J$640,MATCH($E15&$C15,'ER C6 FLT1'!$A$4:$A$640&'ER C6 FLT1'!$B$4:$B$640,1),8)))))))","v":false},{"$f":"IF($B15=\"3+ Trucks\",IF(OR($H15=\"Class_8\",$N15=\"Replacement8HHD\",$AH15=\"CL7HHD\",$AJ15=\"CL7to8\"),INDEX('ER C8 FLT3'!$A$4:$J$640,MATCH($E15&$C15,'ER C8 FLT3'!$A$4:$A$640&'ER C8 FLT3'!$B$4:$B$640-1,1),8),IF($H15=\"Class_7\",INDEX('ER C7 FLT3'!$A$4:$J$640,MATCH($E15&$C15,'ER C7 FLT3'!$A$4:$A$640&'ER C7 FLT3'!$B$4:$B$640-1,1),8),IF($H15=\"Class_6\",INDEX('ER C6 FLT3'!$A$4:$J$640,MATCH($E15&$C15,'ER C6 FLT3'!$A$4:$A$640&'ER C6 FLT3'!$B$4:$B$640-1,1),8)))),IF($B15=\"2 Trucks\",IF(OR($H15=\"Class_8\",$N15=\"Replacement8HHD\",$AH15=\"CL7HHD\",$AJ15=\"CL7to8\"),INDEX('ER C8 FLT2'!$A$4:$J$640,MATCH($E15&$C15,'ER C8 FLT2'!$A$4:$A$640&'ER C8 FLT2'!$B$4:$B$640-1,1),8),IF($H15=\"Class_7\",INDEX('ER C7 FLT2'!$A$4:$J$640,MATCH($E15&$C15,'ER C7 FLT2'!$A$4:$A$640&'ER C7 FLT2'!$B$4:$B$640-1,1),8),IF($H15=\"Class_6\",INDEX('ER C6 FLT2'!$A$4:$J$640,MATCH($E15&$C15,'ER C6 FLT2'!$A$4:$A$640&'ER C6 FLT2'!$B$4:$B$640-1,1),8)))),IF($B15=\"1 Truck\",IF(OR($H15=\"Class_8\",$N15=\"Replacement8HHD\",$AH15=\"CL7HHD\",$AJ15=\"CL7to8\"),INDEX('ER C8 FLT1'!$A$4:$J$640,MATCH($E15&$C15,'ER C8 FLT1'!$A$4:$A$640&'ER C8 FLT1'!$B$4:$B$640-1,1),8),IF($H15=\"Class_7\",INDEX('ER C7 FLT1'!$A$4:$J$640,MATCH($E15&$C15,'ER C7 FLT1'!$A$4:$A$640&'ER C7 FLT1'!$B$4:$B$640-1,1),8),IF($H15=\"Class_6\",INDEX('ER C6 FLT1'!$A$4:$J$640,MATCH($E15&$C15,'ER C6 FLT1'!$A$4:$A$640&'ER C6 FLT1'!$B$4:$B$640-1,1),8)))))))","v":false},{"$f":"IF($B15=\"3+ Trucks\",IF(OR($H15=\"Class_8\",$N15=\"Replacement8HHD\",$AH15=\"CL7HHD\",$AJ15=\"CL7to8\"),INDEX('ER C8 FLT3'!$A$4:$J$640,MATCH($E15&$C15,'ER C8 FLT3'!$A$4:$A$640&'ER C8 FLT3'!$B$4:$B$640-2,1),8),IF($H15=\"Class_7\",INDEX('ER C7 FLT3'!$A$4:$J$640,MATCH($E15&$C15,'ER C7 FLT3'!$A$4:$A$640&'ER C7 FLT3'!$B$4:$B$640-2,1),8),IF($H15=\"Class_6\",INDEX('ER C6 FLT3'!$A$4:$J$640,MATCH($E15&$C15,'ER C6 FLT3'!$A$4:$A$640&'ER C6 FLT3'!$B$4:$B$640-2,1),8)))),IF($B15=\"2 Trucks\",IF(OR($H15=\"Class_8\",$N15=\"Replacement8HHD\",$AH15=\"CL7HHD\",$AJ15=\"CL7to8\"),INDEX('ER C8 FLT2'!$A$4:$J$640,MATCH($E15&$C15,'ER C8 FLT2'!$A$4:$A$640&'ER C8 FLT2'!$B$4:$B$640-2,1),8),IF($H15=\"Class_7\",INDEX('ER C7 FLT2'!$A$4:$J$640,MATCH($E15&$C15,'ER C7 FLT2'!$A$4:$A$640&'ER C7 FLT2'!$B$4:$B$640-2,1),8),IF($H15=\"Class_6\",INDEX('ER C6 FLT2'!$A$4:$J$640,MATCH($E15&$C15,'ER C6 FLT2'!$A$4:$A$640&'ER C6 FLT2'!$B$4:$B$640-2,1),8)))),IF($B15=\"1 Truck\",IF(OR($H15=\"Class_8\",$N15=\"Replacement8HHD\",$AH15=\"CL7HHD\",$AJ15=\"CL7to8\"),INDEX('ER C8 FLT1'!$A$4:$J$640,MATCH($E15&$C15,'ER C8 FLT1'!$A$4:$A$640&'ER C8 FLT1'!$B$4:$B$640-2,1),8),IF($H15=\"Class_7\",INDEX('ER C7 FLT1'!$A$4:$J$640,MATCH($E15&$C15,'ER C7 FLT1'!$A$4:$A$640&'ER C7 FLT1'!$B$4:$B$640-2,1),8),IF($H15=\"Class_6\",INDEX('ER C6 FLT1'!$A$4:$J$640,MATCH($E15&$C15,'ER C6 FLT1'!$A$4:$A$640&'ER C6 FLT1'!$B$4:$B$640-2,1),8)))))))","v":false},{"$f":"IF($B15=\"3+ Trucks\",IF(OR($H15=\"Class_8\",$N15=\"Replacement8HHD\",$AH15=\"CL7HHD\",$AJ15=\"CL7to8\"),INDEX('ER C8 FLT3'!$A$4:$J$640,MATCH($E15&$C15,'ER C8 FLT3'!$A$4:$A$640&'ER C8 FLT3'!$B$4:$B$640-3,1),8),IF($H15=\"Class_7\",INDEX('ER C7 FLT3'!$A$4:$J$640,MATCH($E15&$C15,'ER C7 FLT3'!$A$4:$A$640&'ER C7 FLT3'!$B$4:$B$640-3,1),8),IF($H15=\"Class_6\",INDEX('ER C6 FLT3'!$A$4:$J$640,MATCH($E15&$C15,'ER C6 FLT3'!$A$4:$A$640&'ER C6 FLT3'!$B$4:$B$640-3,1),8)))),IF($B15=\"2 Trucks\",IF(OR($H15=\"Class_8\",$N15=\"Replacement8HHD\",$AH15=\"CL7HHD\",$AJ15=\"CL7to8\"),INDEX('ER C8 FLT2'!$A$4:$J$640,MATCH($E15&$C15,'ER C8 FLT2'!$A$4:$A$640&'ER C8 FLT2'!$B$4:$B$640-3,1),8),IF($H15=\"Class_7\",INDEX('ER C7 FLT2'!$A$4:$J$640,MATCH($E15&$C15,'ER C7 FLT2'!$A$4:$A$640&'ER C7 FLT2'!$B$4:$B$640-3,1),8),IF($H15=\"Class_6\",INDEX('ER C6 FLT2'!$A$4:$J$640,MATCH($E15&$C15,'ER C6 FLT2'!$A$4:$A$640&'ER C6 FLT2'!$B$4:$B$640-3,1),8)))),IF($B15=\"1 Truck\",IF(OR($H15=\"Class_8\",$N15=\"Replacement8HHD\",$AH15=\"CL7HHD\",$AJ15=\"CL7to8\"),INDEX('ER C8 FLT1'!$A$4:$J$640,MATCH($E15&$C15,'ER C8 FLT1'!$A$4:$A$640&'ER C8 FLT1'!$B$4:$B$640-3,1),8),IF($H15=\"Class_7\",INDEX('ER C7 FLT1'!$A$4:$J$640,MATCH($E15&$C15,'ER C7 FLT1'!$A$4:$A$640&'ER C7 FLT1'!$B$4:$B$640-3,1),8),IF($H15=\"Class_6\",INDEX('ER C6 FLT1'!$A$4:$J$640,MATCH($E15&$C15,'ER C6 FLT1'!$A$4:$A$640&'ER C6 FLT1'!$B$4:$B$640-3,1),8)))))))","v":false},{"$f":"IF($B15=\"3+ Trucks\",IF(OR($H15=\"Class_8\",$N15=\"Replacement8HHD\",$AH15=\"CL7HHD\",$AJ15=\"CL7to8\"),INDEX('ER C8 FLT3'!$A$4:$J$640,MATCH($E15&$C15,'ER C8 FLT3'!$A$4:$A$640&'ER C8 FLT3'!$B$4:$B$640-4,1),8),IF($H15=\"Class_7\",INDEX('ER C7 FLT3'!$A$4:$J$640,MATCH($E15&$C15,'ER C7 FLT3'!$A$4:$A$640&'ER C7 FLT3'!$B$4:$B$640-4,1),8),IF($H15=\"Class_6\",INDEX('ER C6 FLT3'!$A$4:$J$640,MATCH($E15&$C15,'ER C6 FLT3'!$A$4:$A$640&'ER C6 FLT3'!$B$4:$B$640-4,1),8)))),IF($B15=\"2 Trucks\",IF(OR($H15=\"Class_8\",$N15=\"Replacement8HHD\",$AH15=\"CL7HHD\",$AJ15=\"CL7to8\"),INDEX('ER C8 FLT2'!$A$4:$J$640,MATCH($E15&$C15,'ER C8 FLT2'!$A$4:$A$640&'ER C8 FLT2'!$B$4:$B$640-4,1),8),IF($H15=\"Class_7\",INDEX('ER C7 FLT2'!$A$4:$J$640,MATCH($E15&$C15,'ER C7 FLT2'!$A$4:$A$640&'ER C7 FLT2'!$B$4:$B$640-4,1),8),IF($H15=\"Class_6\",INDEX('ER C6 FLT2'!$A$4:$J$640,MATCH($E15&$C15,'ER C6 FLT2'!$A$4:$A$640&'ER C6 FLT2'!$B$4:$B$640-4,1),8)))),IF($B15=\"1 Truck\",IF(OR($H15=\"Class_8\",$N15=\"Replacement8HHD\",$AH15=\"CL7HHD\",$AJ15=\"CL7to8\"),INDEX('ER C8 FLT1'!$A$4:$J$640,MATCH($E15&$C15,'ER C8 FLT1'!$A$4:$A$640&'ER C8 FLT1'!$B$4:$B$640-4,1),8),IF($H15=\"Class_7\",INDEX('ER C7 FLT1'!$A$4:$J$640,MATCH($E15&$C15,'ER C7 FLT1'!$A$4:$A$640&'ER C7 FLT1'!$B$4:$B$640-4,1),8),IF($H15=\"Class_6\",INDEX('ER C6 FLT1'!$A$4:$J$640,MATCH($E15&$C15,'ER C6 FLT1'!$A$4:$A$640&'ER C6 FLT1'!$B$4:$B$640-4,1),8)))))))","v":false},{"$f":"IF(OR($R15=\"Diesel\",$R15=\"LNG/CNG\",$R15=\"Hybrid\",$R15=\"Electric w/ AB-118\"),IF($B15=\"3+ Trucks\",IF(OR($O15=\"Class_8\",$N15=\"Replacement8HHD\",$AI15=\"CL7HHD\"),INDEX('ER C8 FLT3'!$A$4:$J$640,MATCH(DropData!$J55&$C15,'ER C8 FLT3'!$A$4:$A$640&'ER C8 FLT3'!$B$4:$B$640,1),8)*IF(OR($O15=\"Class_8\",$N15=\"Replacement8HHD\",$AI15=\"CL7HHD\"),INDEX('ER C8 FLT3'!$A$4:$J$640,MATCH(DropData!$J55&$C15,'ER C8 FLT3'!$A$4:$A$640&'ER C8 FLT3'!$B$4:$B$640,1),9)),IF($O15=\"Class_7\",INDEX('ER C7 FLT3'!$A$4:$J$640,MATCH(DropData!$J55&$C15,'ER C7 FLT3'!$A$4:$A$640&'ER C7 FLT3'!$B$4:$B$640,1),8)*IF($O15=\"Class_7\",INDEX('ER C7 FLT3'!$A$4:$J$640,MATCH(DropData!$J55&$C15,'ER C7 FLT3'!$A$4:$A$640&'ER C7 FLT3'!$B$4:$B$640,1),9)),\nIF($O15=\"Class_6\",INDEX('ER C6 FLT3'!$A$4:$J$640,MATCH(DropData!$J55&$C15,'ER C6 FLT3'!$A$4:$A$640&'ER C6 FLT3'!$B$4:$B$640,1),8)*IF($O15=\"Class_6\",INDEX('ER C6 FLT3'!$A$4:$J$640,MATCH(DropData!$J55&$C15,'ER C6 FLT3'!$A$4:$A$640&'ER C6 FLT3'!$B$4:$B$640,1),9))))),IF($B15=\"2 Trucks\",IF(OR($O15=\"Class_8\",$N15=\"Replacement8HHD\",$AI15=\"CL7HHD\"),INDEX('ER C8 FLT2'!$A$4:$J$640,MATCH(DropData!$J55&$C15,'ER C8 FLT2'!$A$4:$A$640&'ER C8 FLT2'!$B$4:$B$640,1),8)*IF(OR($O15=\"Class_8\",$N15=\"Replacement8HHD\",$AI15=\"CL7HHD\"),INDEX('ER C8 FLT2'!$A$4:$J$640,MATCH(DropData!$J55&$C15,'ER C8 FLT2'!$A$4:$A$640&'ER C8 FLT2'!$B$4:$B$640,1),9)),IF($O15=\"Class_7\",INDEX('ER C7 FLT2'!$A$4:$J$640,MATCH(DropData!$J55&$C15,'ER C7 FLT2'!$A$4:$A$640&'ER C7 FLT2'!$B$4:$B$640,1),8)*IF($O15=\"Class_7\",INDEX('ER C7 FLT2'!$A$4:$J$640,MATCH(DropData!$J55&$C15,'ER C7 FLT2'!$A$4:$A$640&'ER C7 FLT2'!$B$4:$B$640,1),9)),IF($O15=\"Class_6\",INDEX('ER C6 FLT2'!$A$4:$J$640,MATCH(DropData!$J55&$C15,'ER C6 FLT2'!$A$4:$A$640&'ER C6 FLT2'!$B$4:$B$640,1),8)*IF($O15=\"Class_6\",INDEX('ER C6 FLT2'!$A$4:$J$640,MATCH(DropData!$J55&$C15,'ER C6 FLT2'!$A$4:$A$640&'ER C6 FLT2'!$B$4:$B$640,1),9))))),IF($B15=\"1 Truck\",\nIF(OR($O15=\"Class_8\",$N15=\"Replacement8HHD\",$AI15=\"CL7HHD\"),INDEX('ER C8 FLT1'!$A$4:$J$640,MATCH(DropData!$J55&$C15,'ER C8 FLT1'!$A$4:$A$640&'ER C8 FLT1'!$B$4:$B$640,1),8)*IF(OR($O15=\"Class_8\",$N15=\"Replacement8HHD\",$AI15=\"CL7HHD\"),INDEX('ER C8 FLT1'!$A$4:$J$640,MATCH(DropData!$J55&$C15,'ER C8 FLT1'!$A$4:$A$640&'ER C8 FLT1'!$B$4:$B$640,1),9)),IF($O15=\"Class_7\",INDEX('ER C7 FLT1'!$A$4:$J$640,MATCH(DropData!$J55&$C15,'ER C7 FLT1'!$A$4:$A$640&'ER C7 FLT1'!$B$4:$B$640,1),8)*IF($O15=\"Class_7\",INDEX('ER C7 FLT1'!$A$4:$J$640,MATCH(DropData!$J55&$C15,'ER C7 FLT1'!$A$4:$A$640&'ER C7 FLT1'!$B$4:$B$640,1),9)),\nIF($O15=\"Class_6\",INDEX('ER C6 FLT1'!$A$4:$J$640,MATCH(DropData!$J55&$C15,'ER C6 FLT1'!$A$4:$A$640&'ER C6 FLT1'!$B$4:$B$640,1),8)*IF($O15=\"Class_6\",INDEX('ER C6 FLT1'!$A$4:$J$640,MATCH(DropData!$J55&$C15,'ER C6 FLT1'!$A$4:$A$640&'ER C6 FLT1'!$B$4:$B$640,1),9)))))))),IF($R15=\"Electric\",INDEX('ER Electric'!$A$6:$E$44,MATCH($C15&$O15,'ER Electric'!$A$6:$A$44&'ER Electric'!$B$6:$B$44,1),3),))*(($Q15+$AC15)/453.6)","v":0},{"$f":"IF(OR($R15=\"Diesel\",$R15=\"LNG/CNG\",$R15=\"Hybrid\",$R15=\"Electric w/ AB-118\"),IF($B15=\"3+ Trucks\",IF(OR($O15=\"Class_8\",$N15=\"Replacement8HHD\",$AI15=\"CL7HHD\"),INDEX('ER C8 FLT3'!$A$4:$J$640,MATCH(DropData!$J55&$C15,'ER C8 FLT3'!$A$4:$A$640&'ER C8 FLT3'!$B$4:$B$640-1,1),8)*IF(OR($O15=\"Class_8\",$N15=\"Replacement8HHD\",$AI15=\"CL7HHD\"),INDEX('ER C8 FLT3'!$A$4:$J$640,MATCH(DropData!$J55&$C15,'ER C8 FLT3'!$A$4:$A$640&'ER C8 FLT3'!$B$4:$B$640-1,1),9)),IF($O15=\"Class_7\",INDEX('ER C7 FLT3'!$A$4:$J$640,MATCH(DropData!$J55&$C15,'ER C7 FLT3'!$A$4:$A$640&'ER C7 FLT3'!$B$4:$B$640-1,1),8)*IF($O15=\"Class_7\",INDEX('ER C7 FLT3'!$A$4:$J$640,MATCH(DropData!$J55&$C15,'ER C7 FLT3'!$A$4:$A$640&'ER C7 FLT3'!$B$4:$B$640-1,1),9)),\nIF($O15=\"Class_6\",INDEX('ER C6 FLT3'!$A$4:$J$640,MATCH(DropData!$J55&$C15,'ER C6 FLT3'!$A$4:$A$640&'ER C6 FLT3'!$B$4:$B$640-1,1),8)*IF($O15=\"Class_6\",INDEX('ER C6 FLT3'!$A$4:$J$640,MATCH(DropData!$J55&$C15,'ER C6 FLT3'!$A$4:$A$640&'ER C6 FLT3'!$B$4:$B$640-1,1),9))))),IF($B15=\"2 Trucks\",IF(OR($O15=\"Class_8\",$N15=\"Replacement8HHD\",$AI15=\"CL7HHD\"),INDEX('ER C8 FLT2'!$A$4:$J$640,MATCH(DropData!$J55&$C15,'ER C8 FLT2'!$A$4:$A$640&'ER C8 FLT2'!$B$4:$B$640-1,1),8)*IF(OR($O15=\"Class_8\",$N15=\"Replacement8HHD\",$AI15=\"CL7HHD\"),INDEX('ER C8 FLT2'!$A$4:$J$640,MATCH(DropData!$J55&$C15,'ER C8 FLT2'!$A$4:$A$640&'ER C8 FLT2'!$B$4:$B$640-1,1),9)),IF($O15=\"Class_7\",INDEX('ER C7 FLT2'!$A$4:$J$640,MATCH(DropData!$J55&$C15,'ER C7 FLT2'!$A$4:$A$640&'ER C7 FLT2'!$B$4:$B$640-1,1),8)*IF($O15=\"Class_7\",INDEX('ER C7 FLT2'!$A$4:$J$640,MATCH(DropData!$J55&$C15,'ER C7 FLT2'!$A$4:$A$640&'ER C7 FLT2'!$B$4:$B$640-1,1),9)),IF($O15=\"Class_6\",INDEX('ER C6 FLT2'!$A$4:$J$640,MATCH(DropData!$J55&$C15,'ER C6 FLT2'!$A$4:$A$640&'ER C6 FLT2'!$B$4:$B$640-1,1),8)*IF($O15=\"Class_6\",INDEX('ER C6 FLT2'!$A$4:$J$640,MATCH(DropData!$J55&$C15,'ER C6 FLT2'!$A$4:$A$640&'ER C6 FLT2'!$B$4:$B$640-1,1),9))))),IF($B15=\"1 Truck\",\nIF(OR($O15=\"Class_8\",$N15=\"Replacement8HHD\",$AI15=\"CL7HHD\"),INDEX('ER C8 FLT1'!$A$4:$J$640,MATCH(DropData!$J55&$C15,'ER C8 FLT1'!$A$4:$A$640&'ER C8 FLT1'!$B$4:$B$640-1,1),8)*IF(OR($O15=\"Class_8\",$N15=\"Replacement8HHD\",$AI15=\"CL7HHD\"),INDEX('ER C8 FLT1'!$A$4:$J$640,MATCH(DropData!$J55&$C15,'ER C8 FLT1'!$A$4:$A$640&'ER C8 FLT1'!$B$4:$B$640-1,1),9)),IF($O15=\"Class_7\",INDEX('ER C7 FLT1'!$A$4:$J$640,MATCH(DropData!$J55&$C15,'ER C7 FLT1'!$A$4:$A$640&'ER C7 FLT1'!$B$4:$B$640-1,1),8)*IF($O15=\"Class_7\",INDEX('ER C7 FLT1'!$A$4:$J$640,MATCH(DropData!$J55&$C15,'ER C7 FLT1'!$A$4:$A$640&'ER C7 FLT1'!$B$4:$B$640-1,1),9)),\nIF($O15=\"Class_6\",INDEX('ER C6 FLT1'!$A$4:$J$640,MATCH(DropData!$J55&$C15,'ER C6 FLT1'!$A$4:$A$640&'ER C6 FLT1'!$B$4:$B$640-1,1),8)*IF($O15=\"Class_6\",INDEX('ER C6 FLT1'!$A$4:$J$640,MATCH(DropData!$J55&$C15,'ER C6 FLT1'!$A$4:$A$640&'ER C6 FLT1'!$B$4:$B$640-1,1),9)))))))),IF($R15=\"Electric\",OFFSET(INDEX('ER Electric'!$A$6:$E$44,MATCH($C15&$O15,'ER Electric'!$A$6:$A$44&'ER Electric'!$B$6:$B$44,1),3),3,0),))*(($Q15+$AC15)/453.6)","v":0},{"$f":"IF(OR($R15=\"Diesel\",$R15=\"LNG/CNG\",$R15=\"Hybrid\",$R15=\"Electric w/ AB-118\"),IF($B15=\"3+ Trucks\",IF(OR($O15=\"Class_8\",$N15=\"Replacement8HHD\",$AI15=\"CL7HHD\"),INDEX('ER C8 FLT3'!$A$4:$J$640,MATCH(DropData!$J55&$C15,'ER C8 FLT3'!$A$4:$A$640&'ER C8 FLT3'!$B$4:$B$640-2,1),8)*IF(OR($O15=\"Class_8\",$N15=\"Replacement8HHD\",$AI15=\"CL7HHD\"),INDEX('ER C8 FLT3'!$A$4:$J$640,MATCH(DropData!$J55&$C15,'ER C8 FLT3'!$A$4:$A$640&'ER C8 FLT3'!$B$4:$B$640-2,1),9)),IF($O15=\"Class_7\",INDEX('ER C7 FLT3'!$A$4:$J$640,MATCH(DropData!$J55&$C15,'ER C7 FLT3'!$A$4:$A$640&'ER C7 FLT3'!$B$4:$B$640-2,1),8)*IF($O15=\"Class_7\",INDEX('ER C7 FLT3'!$A$4:$J$640,MATCH(DropData!$J55&$C15,'ER C7 FLT3'!$A$4:$A$640&'ER C7 FLT3'!$B$4:$B$640-2,1),9)),\nIF($O15=\"Class_6\",INDEX('ER C6 FLT3'!$A$4:$J$640,MATCH(DropData!$J55&$C15,'ER C6 FLT3'!$A$4:$A$640&'ER C6 FLT3'!$B$4:$B$640-2,1),8)*IF($O15=\"Class_6\",INDEX('ER C6 FLT3'!$A$4:$J$640,MATCH(DropData!$J55&$C15,'ER C6 FLT3'!$A$4:$A$640&'ER C6 FLT3'!$B$4:$B$640-2,1),9))))),IF($B15=\"2 Trucks\",IF(OR($O15=\"Class_8\",$N15=\"Replacement8HHD\",$AI15=\"CL7HHD\"),INDEX('ER C8 FLT2'!$A$4:$J$640,MATCH(DropData!$J55&$C15,'ER C8 FLT2'!$A$4:$A$640&'ER C8 FLT2'!$B$4:$B$640-2,1),8)*IF(OR($O15=\"Class_8\",$N15=\"Replacement8HHD\",$AI15=\"CL7HHD\"),INDEX('ER C8 FLT2'!$A$4:$J$640,MATCH(DropData!$J55&$C15,'ER C8 FLT2'!$A$4:$A$640&'ER C8 FLT2'!$B$4:$B$640-2,1),9)),IF($O15=\"Class_7\",INDEX('ER C7 FLT2'!$A$4:$J$640,MATCH(DropData!$J55&$C15,'ER C7 FLT2'!$A$4:$A$640&'ER C7 FLT2'!$B$4:$B$640-2,1),8)*IF($O15=\"Class_7\",INDEX('ER C7 FLT2'!$A$4:$J$640,MATCH(DropData!$J55&$C15,'ER C7 FLT2'!$A$4:$A$640&'ER C7 FLT2'!$B$4:$B$640-2,1),9)),IF($O15=\"Class_6\",INDEX('ER C6 FLT2'!$A$4:$J$640,MATCH(DropData!$J55&$C15,'ER C6 FLT2'!$A$4:$A$640&'ER C6 FLT2'!$B$4:$B$640-2,1),8)*IF($O15=\"Class_6\",INDEX('ER C6 FLT2'!$A$4:$J$640,MATCH(DropData!$J55&$C15,'ER C6 FLT2'!$A$4:$A$640&'ER C6 FLT2'!$B$4:$B$640-2,1),9))))),IF($B15=\"1 Truck\",\nIF(OR($O15=\"Class_8\",$N15=\"Replacement8HHD\",$AI15=\"CL7HHD\"),INDEX('ER C8 FLT1'!$A$4:$J$640,MATCH(DropData!$J55&$C15,'ER C8 FLT1'!$A$4:$A$640&'ER C8 FLT1'!$B$4:$B$640-2,1),8)*IF(OR($O15=\"Class_8\",$N15=\"Replacement8HHD\",$AI15=\"CL7HHD\"),INDEX('ER C8 FLT1'!$A$4:$J$640,MATCH(DropData!$J55&$C15,'ER C8 FLT1'!$A$4:$A$640&'ER C8 FLT1'!$B$4:$B$640-2,1),9)),IF($O15=\"Class_7\",INDEX('ER C7 FLT1'!$A$4:$J$640,MATCH(DropData!$J55&$C15,'ER C7 FLT1'!$A$4:$A$640&'ER C7 FLT1'!$B$4:$B$640-2,1),8)*IF($O15=\"Class_7\",INDEX('ER C7 FLT1'!$A$4:$J$640,MATCH(DropData!$J55&$C15,'ER C7 FLT1'!$A$4:$A$640&'ER C7 FLT1'!$B$4:$B$640-2,1),9)),\nIF($O15=\"Class_6\",INDEX('ER C6 FLT1'!$A$4:$J$640,MATCH(DropData!$J55&$C15,'ER C6 FLT1'!$A$4:$A$640&'ER C6 FLT1'!$B$4:$B$640-2,1),8)*IF($O15=\"Class_6\",INDEX('ER C6 FLT1'!$A$4:$J$640,MATCH(DropData!$J55&$C15,'ER C6 FLT1'!$A$4:$A$640&'ER C6 FLT1'!$B$4:$B$640-2,1),9)))))))),IF($R15=\"Electric\",OFFSET(INDEX('ER Electric'!$A$6:$E$44,MATCH($C15&$O15,'ER Electric'!$A$6:$A$44&'ER Electric'!$B$6:$B$44,1),3),6,0),))*(($Q15+$AC15)/453.6)","v":0},{"$f":"IF(OR($R15=\"Diesel\",$R15=\"LNG/CNG\",$R15=\"Hybrid\",$R15=\"Electric w/ AB-118\"),IF($B15=\"3+ Trucks\",IF(OR($O15=\"Class_8\",$N15=\"Replacement8HHD\",$AI15=\"CL7HHD\"),INDEX('ER C8 FLT3'!$A$4:$J$640,MATCH(DropData!$J55&$C15,'ER C8 FLT3'!$A$4:$A$640&'ER C8 FLT3'!$B$4:$B$640-3,1),8)*IF(OR($O15=\"Class_8\",$N15=\"Replacement8HHD\",$AI15=\"CL7HHD\"),INDEX('ER C8 FLT3'!$A$4:$J$640,MATCH(DropData!$J55&$C15,'ER C8 FLT3'!$A$4:$A$640&'ER C8 FLT3'!$B$4:$B$640-3,1),9)),IF($O15=\"Class_7\",INDEX('ER C7 FLT3'!$A$4:$J$640,MATCH(DropData!$J55&$C15,'ER C7 FLT3'!$A$4:$A$640&'ER C7 FLT3'!$B$4:$B$640-3,1),8)*IF($O15=\"Class_7\",INDEX('ER C7 FLT3'!$A$4:$J$640,MATCH(DropData!$J55&$C15,'ER C7 FLT3'!$A$4:$A$640&'ER C7 FLT3'!$B$4:$B$640-3,1),9)),\nIF($O15=\"Class_6\",INDEX('ER C6 FLT3'!$A$4:$J$640,MATCH(DropData!$J55&$C15,'ER C6 FLT3'!$A$4:$A$640&'ER C6 FLT3'!$B$4:$B$640-3,1),8)*IF($O15=\"Class_6\",INDEX('ER C6 FLT3'!$A$4:$J$640,MATCH(DropData!$J55&$C15,'ER C6 FLT3'!$A$4:$A$640&'ER C6 FLT3'!$B$4:$B$640-3,1),9))))),IF($B15=\"2 Trucks\",IF(OR($O15=\"Class_8\",$N15=\"Replacement8HHD\",$AI15=\"CL7HHD\"),INDEX('ER C8 FLT2'!$A$4:$J$640,MATCH(DropData!$J55&$C15,'ER C8 FLT2'!$A$4:$A$640&'ER C8 FLT2'!$B$4:$B$640-3,1),8)*IF(OR($O15=\"Class_8\",$N15=\"Replacement8HHD\",$AI15=\"CL7HHD\"),INDEX('ER C8 FLT2'!$A$4:$J$640,MATCH(DropData!$J55&$C15,'ER C8 FLT2'!$A$4:$A$640&'ER C8 FLT2'!$B$4:$B$640-3,1),9)),IF($O15=\"Class_7\",INDEX('ER C7 FLT2'!$A$4:$J$640,MATCH(DropData!$J55&$C15,'ER C7 FLT2'!$A$4:$A$640&'ER C7 FLT2'!$B$4:$B$640-3,1),8)*IF($O15=\"Class_7\",INDEX('ER C7 FLT2'!$A$4:$J$640,MATCH(DropData!$J55&$C15,'ER C7 FLT2'!$A$4:$A$640&'ER C7 FLT2'!$B$4:$B$640-3,1),9)),IF($O15=\"Class_6\",INDEX('ER C6 FLT2'!$A$4:$J$640,MATCH(DropData!$J55&$C15,'ER C6 FLT2'!$A$4:$A$640&'ER C6 FLT2'!$B$4:$B$640-3,1),8)*IF($O15=\"Class_6\",INDEX('ER C6 FLT2'!$A$4:$J$640,MATCH(DropData!$J55&$C15,'ER C6 FLT2'!$A$4:$A$640&'ER C6 FLT2'!$B$4:$B$640-3,1),9))))),IF($B15=\"1 Truck\",\nIF(OR($O15=\"Class_8\",$N15=\"Replacement8HHD\",$AI15=\"CL7HHD\"),INDEX('ER C8 FLT1'!$A$4:$J$640,MATCH(DropData!$J55&$C15,'ER C8 FLT1'!$A$4:$A$640&'ER C8 FLT1'!$B$4:$B$640-3,1),8)*IF(OR($O15=\"Class_8\",$N15=\"Replacement8HHD\",$AI15=\"CL7HHD\"),INDEX('ER C8 FLT1'!$A$4:$J$640,MATCH(DropData!$J55&$C15,'ER C8 FLT1'!$A$4:$A$640&'ER C8 FLT1'!$B$4:$B$640-3,1),9)),IF($O15=\"Class_7\",INDEX('ER C7 FLT1'!$A$4:$J$640,MATCH(DropData!$J55&$C15,'ER C7 FLT1'!$A$4:$A$640&'ER C7 FLT1'!$B$4:$B$640-3,1),8)*IF($O15=\"Class_7\",INDEX('ER C7 FLT1'!$A$4:$J$640,MATCH(DropData!$J55&$C15,'ER C7 FLT1'!$A$4:$A$640&'ER C7 FLT1'!$B$4:$B$640-3,1),9)),\nIF($O15=\"Class_6\",INDEX('ER C6 FLT1'!$A$4:$J$640,MATCH(DropData!$J55&$C15,'ER C6 FLT1'!$A$4:$A$640&'ER C6 FLT1'!$B$4:$B$640-3,1),8)*IF($O15=\"Class_6\",INDEX('ER C6 FLT1'!$A$4:$J$640,MATCH(DropData!$J55&$C15,'ER C6 FLT1'!$A$4:$A$640&'ER C6 FLT1'!$B$4:$B$640-3,1),9)))))))),IF($R15=\"Electric\",OFFSET(INDEX('ER Electric'!$A$6:$E$44,MATCH($C15&$O15,'ER Electric'!$A$6:$A$44&'ER Electric'!$B$6:$B$44,1),3),9,0)))*(($Q15+$AC15)/453.6)","v":0},{"$f":"IF(OR($R15=\"Diesel\",$R15=\"LNG/CNG\",$R15=\"Hybrid\",$R15=\"Electric w/ AB-118\"),IF($B15=\"3+ Trucks\",IF(OR($O15=\"Class_8\",$N15=\"Replacement8HHD\",$AI15=\"CL7HHD\"),INDEX('ER C8 FLT3'!$A$4:$J$640,MATCH(DropData!$J55&$C15,'ER C8 FLT3'!$A$4:$A$640&'ER C8 FLT3'!$B$4:$B$640-4,1),8)*IF(OR($O15=\"Class_8\",$N15=\"Replacement8HHD\",$AI15=\"CL7HHD\"),INDEX('ER C8 FLT3'!$A$4:$J$640,MATCH(DropData!$J55&$C15,'ER C8 FLT3'!$A$4:$A$640&'ER C8 FLT3'!$B$4:$B$640-4,1),9)),IF($O15=\"Class_7\",INDEX('ER C7 FLT3'!$A$4:$J$640,MATCH(DropData!$J55&$C15,'ER C7 FLT3'!$A$4:$A$640&'ER C7 FLT3'!$B$4:$B$640-4,1),8)*IF($O15=\"Class_7\",INDEX('ER C7 FLT3'!$A$4:$J$640,MATCH(DropData!$J55&$C15,'ER C7 FLT3'!$A$4:$A$640&'ER C7 FLT3'!$B$4:$B$640-4,1),9)),\nIF($O15=\"Class_6\",INDEX('ER C6 FLT3'!$A$4:$J$640,MATCH(DropData!$J55&$C15,'ER C6 FLT3'!$A$4:$A$640&'ER C6 FLT3'!$B$4:$B$640-4,1),8)*IF($O15=\"Class_6\",INDEX('ER C6 FLT3'!$A$4:$J$640,MATCH(DropData!$J55&$C15,'ER C6 FLT3'!$A$4:$A$640&'ER C6 FLT3'!$B$4:$B$640-4,1),9))))),IF($B15=\"2 Trucks\",IF(OR($O15=\"Class_8\",$N15=\"Replacement8HHD\",$AI15=\"CL7HHD\"),INDEX('ER C8 FLT2'!$A$4:$J$640,MATCH(DropData!$J55&$C15,'ER C8 FLT2'!$A$4:$A$640&'ER C8 FLT2'!$B$4:$B$640-4,1),8)*IF(OR($O15=\"Class_8\",$N15=\"Replacement8HHD\",$AI15=\"CL7HHD\"),INDEX('ER C8 FLT2'!$A$4:$J$640,MATCH(DropData!$J55&$C15,'ER C8 FLT2'!$A$4:$A$640&'ER C8 FLT2'!$B$4:$B$640-4,1),9)),IF($O15=\"Class_7\",INDEX('ER C7 FLT2'!$A$4:$J$640,MATCH(DropData!$J55&$C15,'ER C7 FLT2'!$A$4:$A$640&'ER C7 FLT2'!$B$4:$B$640-4,1),8)*IF($O15=\"Class_7\",INDEX('ER C7 FLT2'!$A$4:$J$640,MATCH(DropData!$J55&$C15,'ER C7 FLT2'!$A$4:$A$640&'ER C7 FLT2'!$B$4:$B$640-4,1),9)),IF($O15=\"Class_6\",INDEX('ER C6 FLT2'!$A$4:$J$640,MATCH(DropData!$J55&$C15,'ER C6 FLT2'!$A$4:$A$640&'ER C6 FLT2'!$B$4:$B$640-4,1),8)*IF($O15=\"Class_6\",INDEX('ER C6 FLT2'!$A$4:$J$640,MATCH(DropData!$J55&$C15,'ER C6 FLT2'!$A$4:$A$640&'ER C6 FLT2'!$B$4:$B$640-4,1),9))))),IF($B15=\"1 Truck\",\nIF(OR($O15=\"Class_8\",$N15=\"Replacement8HHD\",$AI15=\"CL7HHD\"),INDEX('ER C8 FLT1'!$A$4:$J$640,MATCH(DropData!$J55&$C15,'ER C8 FLT1'!$A$4:$A$640&'ER C8 FLT1'!$B$4:$B$640-4,1),8)*IF(OR($O15=\"Class_8\",$N15=\"Replacement8HHD\",$AI15=\"CL7HHD\"),INDEX('ER C8 FLT1'!$A$4:$J$640,MATCH(DropData!$J55&$C15,'ER C8 FLT1'!$A$4:$A$640&'ER C8 FLT1'!$B$4:$B$640-4,1),9)),IF($O15=\"Class_7\",INDEX('ER C7 FLT1'!$A$4:$J$640,MATCH(DropData!$J55&$C15,'ER C7 FLT1'!$A$4:$A$640&'ER C7 FLT1'!$B$4:$B$640-4,1),8)*IF($O15=\"Class_7\",INDEX('ER C7 FLT1'!$A$4:$J$640,MATCH(DropData!$J55&$C15,'ER C7 FLT1'!$A$4:$A$640&'ER C7 FLT1'!$B$4:$B$640-4,1),9)),\nIF($O15=\"Class_6\",INDEX('ER C6 FLT1'!$A$4:$J$640,MATCH(DropData!$J55&$C15,'ER C6 FLT1'!$A$4:$A$640&'ER C6 FLT1'!$B$4:$B$640-4,1),8)*IF($O15=\"Class_6\",INDEX('ER C6 FLT1'!$A$4:$J$640,MATCH(DropData!$J55&$C15,'ER C6 FLT1'!$A$4:$A$640&'ER C6 FLT1'!$B$4:$B$640-4,1),9)))))))),IF($R15=\"Electric\",OFFSET(INDEX('ER Electric'!$A$6:$E$44,MATCH($C15&$O15,'ER Electric'!$A$6:$A$44&'ER Electric'!$B$6:$B$44,1),3),12,0),))*(($Q15+$AC15)/453.6)","v":0},{"$f":"IF(OR($R15=\"Diesel\",$R15=\"LNG/CNG\",$R15=\"Hybrid\",$R15=\"Electric w/ AB-118\"),IF($B15=\"3+ Trucks\",IF(OR($O15=\"Class_8\",$N15=\"Replacement8HHD\",$AI15=\"CL7HHD\"),INDEX('ER C8 FLT3'!$A$4:$J$640,MATCH(DropData!$J55&$C15,'ER C8 FLT3'!$A$4:$A$640&'ER C8 FLT3'!$B$4:$B$640,1),8)*IF(OR($O15=\"Class_8\",$N15=\"Replacement8HHD\",$AI15=\"CL7HHD\"),INDEX('ER C8 FLT3'!$A$4:$J$640,MATCH(DropData!$J55&$C15,'ER C8 FLT3'!$A$4:$A$640&'ER C8 FLT3'!$B$4:$B$640,1),9)),IF($O15=\"Class_7\",INDEX('ER C7 FLT3'!$A$4:$J$640,MATCH(DropData!$J55&$C15,'ER C7 FLT3'!$A$4:$A$640&'ER C7 FLT3'!$B$4:$B$640,1),8)*IF($O15=\"Class_7\",INDEX('ER C7 FLT3'!$A$4:$J$640,MATCH(DropData!$J55&$C15,'ER C7 FLT3'!$A$4:$A$640&'ER C7 FLT3'!$B$4:$B$640,1),9)),\nIF($O15=\"Class_6\",INDEX('ER C6 FLT3'!$A$4:$J$640,MATCH(DropData!$J55&$C15,'ER C6 FLT3'!$A$4:$A$640&'ER C6 FLT3'!$B$4:$B$640,1),8)*IF($O15=\"Class_6\",INDEX('ER C6 FLT3'!$A$4:$J$640,MATCH(DropData!$J55&$C15,'ER C6 FLT3'!$A$4:$A$640&'ER C6 FLT3'!$B$4:$B$640,1),9))))),IF($B15=\"2 Trucks\",IF(OR($O15=\"Class_8\",$N15=\"Replacement8HHD\",$AI15=\"CL7HHD\"),INDEX('ER C8 FLT2'!$A$4:$J$640,MATCH(DropData!$J55&$C15,'ER C8 FLT2'!$A$4:$A$640&'ER C8 FLT2'!$B$4:$B$640,1),8)*IF(OR($O15=\"Class_8\",$N15=\"Replacement8HHD\",$AI15=\"CL7HHD\"),INDEX('ER C8 FLT2'!$A$4:$J$640,MATCH(DropData!$J55&$C15,'ER C8 FLT2'!$A$4:$A$640&'ER C8 FLT2'!$B$4:$B$640,1),9)),IF($O15=\"Class_7\",INDEX('ER C7 FLT2'!$A$4:$J$640,MATCH(DropData!$J55&$C15,'ER C7 FLT2'!$A$4:$A$640&'ER C7 FLT2'!$B$4:$B$640,1),8)*IF($O15=\"Class_7\",INDEX('ER C7 FLT2'!$A$4:$J$640,MATCH(DropData!$J55&$C15,'ER C7 FLT2'!$A$4:$A$640&'ER C7 FLT2'!$B$4:$B$640,1),9)),IF($O15=\"Class_6\",INDEX('ER C6 FLT2'!$A$4:$J$640,MATCH(DropData!$J55&$C15,'ER C6 FLT2'!$A$4:$A$640&'ER C6 FLT2'!$B$4:$B$640,1),8)*IF($O15=\"Class_6\",INDEX('ER C6 FLT2'!$A$4:$J$640,MATCH(DropData!$J55&$C15,'ER C6 FLT2'!$A$4:$A$640&'ER C6 FLT2'!$B$4:$B$640,1),9))))),IF($B15=\"1 Truck\",\nIF(OR($O15=\"Class_8\",$N15=\"Replacement8HHD\",$AI15=\"CL7HHD\"),INDEX('ER C8 FLT1'!$A$4:$J$640,MATCH(DropData!$J55&$C15,'ER C8 FLT1'!$A$4:$A$640&'ER C8 FLT1'!$B$4:$B$640,1),8)*IF(OR($O15=\"Class_8\",$N15=\"Replacement8HHD\",$AI15=\"CL7HHD\"),INDEX('ER C8 FLT1'!$A$4:$J$640,MATCH(DropData!$J55&$C15,'ER C8 FLT1'!$A$4:$A$640&'ER C8 FLT1'!$B$4:$B$640,1),9)),IF($O15=\"Class_7\",INDEX('ER C7 FLT1'!$A$4:$J$640,MATCH(DropData!$J55&$C15,'ER C7 FLT1'!$A$4:$A$640&'ER C7 FLT1'!$B$4:$B$640,1),8)*IF($O15=\"Class_7\",INDEX('ER C7 FLT1'!$A$4:$J$640,MATCH(DropData!$J55&$C15,'ER C7 FLT1'!$A$4:$A$640&'ER C7 FLT1'!$B$4:$B$640,1),9)),IF($O15=\"Class_6\",INDEX('ER C6 FLT1'!$A$4:$J$640,MATCH(DropData!$J55&$C15,'ER C6 FLT1'!$A$4:$A$640&'ER C6 FLT1'!$B$4:$B$640,1),8)*IF($O15=\"Class_6\",INDEX('ER C6 FLT1'!$A$4:$J$640,MATCH(DropData!$J55&$C15,'ER C6 FLT1'!$A$4:$A$640&'ER C6 FLT1'!$B$4:$B$640,1),9)))))))),IF($R15=\"Electric\",INDEX('ER Electric'!$A$6:$E$44,MATCH($C15&$O15,'ER Electric'!$A$6:$A$44&'ER Electric'!$B$6:$B$44,1),3),))","v":0},{"$f":"IF(OR($R15=\"Diesel\",$R15=\"LNG/CNG\",$R15=\"Hybrid\",$R15=\"Electric w/ AB-118\"),IF($B15=\"3+ Trucks\",IF(OR($O15=\"Class_8\",$N15=\"Replacement8HHD\",$AI15=\"CL7HHD\"),INDEX('ER C8 FLT3'!$A$4:$J$640,MATCH(DropData!$J55&$C15,'ER C8 FLT3'!$A$4:$A$640&'ER C8 FLT3'!$B$4:$B$640-1,1),8)*IF(OR($O15=\"Class_8\",$N15=\"Replacement8HHD\",$AI15=\"CL7HHD\"),INDEX('ER C8 FLT3'!$A$4:$J$640,MATCH(DropData!$J55&$C15,'ER C8 FLT3'!$A$4:$A$640&'ER C8 FLT3'!$B$4:$B$640-1,1),9)),IF($O15=\"Class_7\",INDEX('ER C7 FLT3'!$A$4:$J$640,MATCH(DropData!$J55&$C15,'ER C7 FLT3'!$A$4:$A$640&'ER C7 FLT3'!$B$4:$B$640-1,1),8)*IF($O15=\"Class_7\",INDEX('ER C7 FLT3'!$A$4:$J$640,MATCH(DropData!$J55&$C15,'ER C7 FLT3'!$A$4:$A$640&'ER C7 FLT3'!$B$4:$B$640-1,1),9)),IF($O15=\"Class_6\",INDEX('ER C6 FLT3'!$A$4:$J$640,MATCH(DropData!$J55&$C15,'ER C6 FLT3'!$A$4:$A$640&'ER C6 FLT3'!$B$4:$B$640-1,1),8)*IF($O15=\"Class_6\",INDEX('ER C6 FLT3'!$A$4:$J$640,MATCH(DropData!$J55&$C15,'ER C6 FLT3'!$A$4:$A$640&'ER C6 FLT3'!$B$4:$B$640-1,1),9))))),IF($B15=\"2 Trucks\",IF(OR($O15=\"Class_8\",$N15=\"Replacement8HHD\",$AI15=\"CL7HHD\"),INDEX('ER C8 FLT2'!$A$4:$J$640,MATCH(DropData!$J55&$C15,'ER C8 FLT2'!$A$4:$A$640&'ER C8 FLT2'!$B$4:$B$640-1,1),8)*IF(OR($O15=\"Class_8\",$N15=\"Replacement8HHD\",$AI15=\"CL7HHD\"),INDEX('ER C8 FLT2'!$A$4:$J$640,MATCH(DropData!$J55&$C15,'ER C8 FLT2'!$A$4:$A$640&'ER C8 FLT2'!$B$4:$B$640-1,1),9)),IF($O15=\"Class_7\",INDEX('ER C7 FLT2'!$A$4:$J$640,MATCH(DropData!$J55&$C15,'ER C7 FLT2'!$A$4:$A$640&'ER C7 FLT2'!$B$4:$B$640-1,1),8)*IF($O15=\"Class_7\",INDEX('ER C7 FLT2'!$A$4:$J$640,MATCH(DropData!$J55&$C15,'ER C7 FLT2'!$A$4:$A$640&'ER C7 FLT2'!$B$4:$B$640-1,1),9)),IF($O15=\"Class_6\",INDEX('ER C6 FLT2'!$A$4:$J$640,MATCH(DropData!$J55&$C15,'ER C6 FLT2'!$A$4:$A$640&'ER C6 FLT2'!$B$4:$B$640-1,1),8)*IF($O15=\"Class_6\",INDEX('ER C6 FLT2'!$A$4:$J$640,MATCH(DropData!$J55&$C15,'ER C6 FLT2'!$A$4:$A$640&'ER C6 FLT2'!$B$4:$B$640-1,1),9))))),IF($B15=\"1 Truck\",IF(OR($O15=\"Class_8\",$N15=\"Replacement8HHD\",$AI15=\"CL7HHD\"),INDEX('ER C8 FLT1'!$A$4:$J$640,MATCH(DropData!$J55&$C15,'ER C8 FLT1'!$A$4:$A$640&'ER C8 FLT1'!$B$4:$B$640-1,1),8)*IF(OR($O15=\"Class_8\",$N15=\"Replacement8HHD\",$AI15=\"CL7HHD\"),INDEX('ER C8 FLT1'!$A$4:$J$640,MATCH(DropData!$J55&$C15,'ER C8 FLT1'!$A$4:$A$640&'ER C8 FLT1'!$B$4:$B$640-1,1),9)),IF($O15=\"Class_7\",INDEX('ER C7 FLT1'!$A$4:$J$640,MATCH(DropData!$J55&$C15,'ER C7 FLT1'!$A$4:$A$640&'ER C7 FLT1'!$B$4:$B$640-1,1),8)*IF($O15=\"Class_7\",INDEX('ER C7 FLT1'!$A$4:$J$640,MATCH(DropData!$J55&$C15,'ER C7 FLT1'!$A$4:$A$640&'ER C7 FLT1'!$B$4:$B$640-1,1),9)),IF($O15=\"Class_6\",INDEX('ER C6 FLT1'!$A$4:$J$640,MATCH(DropData!$J55&$C15,'ER C6 FLT1'!$A$4:$A$640&'ER C6 FLT1'!$B$4:$B$640-1,1),8)*IF($O15=\"Class_6\",INDEX('ER C6 FLT1'!$A$4:$J$640,MATCH(DropData!$J55&$C15,'ER C6 FLT1'!$A$4:$A$640&'ER C6 FLT1'!$B$4:$B$640-1,1),9)))))))),IF($R15=\"Electric\",OFFSET(INDEX('ER Electric'!$A$6:$E$44,MATCH($C15&$O15,'ER Electric'!$A$6:$A$44&'ER Electric'!$B$6:$B$44,1),3),3,0),))","v":0},{"$f":"IF(OR($R15=\"Diesel\",$R15=\"LNG/CNG\",$R15=\"Hybrid\",$R15=\"Electric w/ AB-118\"),IF($B15=\"3+ Trucks\",IF(OR($O15=\"Class_8\",$N15=\"Replacement8HHD\",$AI15=\"CL7HHD\"),INDEX('ER C8 FLT3'!$A$4:$J$640,MATCH(DropData!$J55&$C15,'ER C8 FLT3'!$A$4:$A$640&'ER C8 FLT3'!$B$4:$B$640-2,1),8)*IF(OR($O15=\"Class_8\",$N15=\"Replacement8HHD\",$AI15=\"CL7HHD\"),INDEX('ER C8 FLT3'!$A$4:$J$640,MATCH(DropData!$J55&$C15,'ER C8 FLT3'!$A$4:$A$640&'ER C8 FLT3'!$B$4:$B$640-2,1),9)),IF($O15=\"Class_7\",INDEX('ER C7 FLT3'!$A$4:$J$640,MATCH(DropData!$J55&$C15,'ER C7 FLT3'!$A$4:$A$640&'ER C7 FLT3'!$B$4:$B$640-2,1),8)*IF($O15=\"Class_7\",INDEX('ER C7 FLT3'!$A$4:$J$640,MATCH(DropData!$J55&$C15,'ER C7 FLT3'!$A$4:$A$640&'ER C7 FLT3'!$B$4:$B$640-2,1),9)),IF($O15=\"Class_6\",INDEX('ER C6 FLT3'!$A$4:$J$640,MATCH(DropData!$J55&$C15,'ER C6 FLT3'!$A$4:$A$640&'ER C6 FLT3'!$B$4:$B$640-2,1),8)*IF($O15=\"Class_6\",INDEX('ER C6 FLT3'!$A$4:$J$640,MATCH(DropData!$J55&$C15,'ER C6 FLT3'!$A$4:$A$640&'ER C6 FLT3'!$B$4:$B$640-2,1),9))))),IF($B15=\"2 Trucks\",IF(OR($O15=\"Class_8\",$N15=\"Replacement8HHD\",$AI15=\"CL7HHD\"),INDEX('ER C8 FLT2'!$A$4:$J$640,MATCH(DropData!$J55&$C15,'ER C8 FLT2'!$A$4:$A$640&'ER C8 FLT2'!$B$4:$B$640-2,1),8)*IF(OR($O15=\"Class_8\",$N15=\"Replacement8HHD\",$AI15=\"CL7HHD\"),INDEX('ER C8 FLT2'!$A$4:$J$640,MATCH(DropData!$J55&$C15,'ER C8 FLT2'!$A$4:$A$640&'ER C8 FLT2'!$B$4:$B$640-2,1),9)),IF($O15=\"Class_7\",INDEX('ER C7 FLT2'!$A$4:$J$640,MATCH(DropData!$J55&$C15,'ER C7 FLT2'!$A$4:$A$640&'ER C7 FLT2'!$B$4:$B$640-2,1),8)*IF($O15=\"Class_7\",INDEX('ER C7 FLT2'!$A$4:$J$640,MATCH(DropData!$J55&$C15,'ER C7 FLT2'!$A$4:$A$640&'ER C7 FLT2'!$B$4:$B$640-2,1),9)),IF($O15=\"Class_6\",INDEX('ER C6 FLT2'!$A$4:$J$640,MATCH(DropData!$J55&$C15,'ER C6 FLT2'!$A$4:$A$640&'ER C6 FLT2'!$B$4:$B$640-2,1),8)*IF($O15=\"Class_6\",INDEX('ER C6 FLT2'!$A$4:$J$640,MATCH(DropData!$J55&$C15,'ER C6 FLT2'!$A$4:$A$640&'ER C6 FLT2'!$B$4:$B$640-2,1),9))))),IF($B15=\"1 Truck\",IF(OR($O15=\"Class_8\",$N15=\"Replacement8HHD\",$AI15=\"CL7HHD\"),INDEX('ER C8 FLT1'!$A$4:$J$640,MATCH(DropData!$J55&$C15,'ER C8 FLT1'!$A$4:$A$640&'ER C8 FLT1'!$B$4:$B$640-2,1),8)*IF(OR($O15=\"Class_8\",$N15=\"Replacement8HHD\",$AI15=\"CL7HHD\"),INDEX('ER C8 FLT1'!$A$4:$J$640,MATCH(DropData!$J55&$C15,'ER C8 FLT1'!$A$4:$A$640&'ER C8 FLT1'!$B$4:$B$640-2,1),9)),IF($O15=\"Class_7\",INDEX('ER C7 FLT1'!$A$4:$J$640,MATCH(DropData!$J55&$C15,'ER C7 FLT1'!$A$4:$A$640&'ER C7 FLT1'!$B$4:$B$640-2,1),8)*IF($O15=\"Class_7\",INDEX('ER C7 FLT1'!$A$4:$J$640,MATCH(DropData!$J55&$C15,'ER C7 FLT1'!$A$4:$A$640&'ER C7 FLT1'!$B$4:$B$640-2,1),9)),IF($O15=\"Class_6\",INDEX('ER C6 FLT1'!$A$4:$J$640,MATCH(DropData!$J55&$C15,'ER C6 FLT1'!$A$4:$A$640&'ER C6 FLT1'!$B$4:$B$640-2,1),8)*IF($O15=\"Class_6\",INDEX('ER C6 FLT1'!$A$4:$J$640,MATCH(DropData!$J55&$C15,'ER C6 FLT1'!$A$4:$A$640&'ER C6 FLT1'!$B$4:$B$640-2,1),9)))))))),IF($R15=\"Electric\",OFFSET(INDEX('ER Electric'!$A$6:$E$44,MATCH($C15&$O15,'ER Electric'!$A$6:$A$44&'ER Electric'!$B$6:$B$44,1),3),6,0),))","v":0},{"$f":"IF(OR($R15=\"Diesel\",$R15=\"LNG/CNG\",$R15=\"Hybrid\",$R15=\"Electric w/ AB-118\"),IF($B15=\"3+ Trucks\",IF(OR($O15=\"Class_8\",$N15=\"Replacement8HHD\",$AI15=\"CL7HHD\"),INDEX('ER C8 FLT3'!$A$4:$J$640,MATCH(DropData!$J55&$C15,'ER C8 FLT3'!$A$4:$A$640&'ER C8 FLT3'!$B$4:$B$640-3,1),8)*IF(OR($O15=\"Class_8\",$N15=\"Replacement8HHD\",$AI15=\"CL7HHD\"),INDEX('ER C8 FLT3'!$A$4:$J$640,MATCH(DropData!$J55&$C15,'ER C8 FLT3'!$A$4:$A$640&'ER C8 FLT3'!$B$4:$B$640-3,1),9)),IF($O15=\"Class_7\",INDEX('ER C7 FLT3'!$A$4:$J$640,MATCH(DropData!$J55&$C15,'ER C7 FLT3'!$A$4:$A$640&'ER C7 FLT3'!$B$4:$B$640-3,1),8)*IF($O15=\"Class_7\",INDEX('ER C7 FLT3'!$A$4:$J$640,MATCH(DropData!$J55&$C15,'ER C7 FLT3'!$A$4:$A$640&'ER C7 FLT3'!$B$4:$B$640-3,1),9)),IF($O15=\"Class_6\",INDEX('ER C6 FLT3'!$A$4:$J$640,MATCH(DropData!$J55&$C15,'ER C6 FLT3'!$A$4:$A$640&'ER C6 FLT3'!$B$4:$B$640-3,1),8)*IF($O15=\"Class_6\",INDEX('ER C6 FLT3'!$A$4:$J$640,MATCH(DropData!$J55&$C15,'ER C6 FLT3'!$A$4:$A$640&'ER C6 FLT3'!$B$4:$B$640-3,1),9))))),IF($B15=\"2 Trucks\",IF(OR($O15=\"Class_8\",$N15=\"Replacement8HHD\",$AI15=\"CL7HHD\"),INDEX('ER C8 FLT2'!$A$4:$J$640,MATCH(DropData!$J55&$C15,'ER C8 FLT2'!$A$4:$A$640&'ER C8 FLT2'!$B$4:$B$640-3,1),8)*IF(OR($O15=\"Class_8\",$N15=\"Replacement8HHD\",$AI15=\"CL7HHD\"),INDEX('ER C8 FLT2'!$A$4:$J$640,MATCH(DropData!$J55&$C15,'ER C8 FLT2'!$A$4:$A$640&'ER C8 FLT2'!$B$4:$B$640-3,1),9)),IF($O15=\"Class_7\",INDEX('ER C7 FLT2'!$A$4:$J$640,MATCH(DropData!$J55&$C15,'ER C7 FLT2'!$A$4:$A$640&'ER C7 FLT2'!$B$4:$B$640-3,1),8)*IF($O15=\"Class_7\",INDEX('ER C7 FLT2'!$A$4:$J$640,MATCH(DropData!$J55&$C15,'ER C7 FLT2'!$A$4:$A$640&'ER C7 FLT2'!$B$4:$B$640-3,1),9)),IF($O15=\"Class_6\",INDEX('ER C6 FLT2'!$A$4:$J$640,MATCH(DropData!$J55&$C15,'ER C6 FLT2'!$A$4:$A$640&'ER C6 FLT2'!$B$4:$B$640-3,1),8)*IF($O15=\"Class_6\",INDEX('ER C6 FLT2'!$A$4:$J$640,MATCH(DropData!$J55&$C15,'ER C6 FLT2'!$A$4:$A$640&'ER C6 FLT2'!$B$4:$B$640-3,1),9))))),IF($B15=\"1 Truck\",IF(OR($O15=\"Class_8\",$N15=\"Replacement8HHD\",$AI15=\"CL7HHD\"),INDEX('ER C8 FLT1'!$A$4:$J$640,MATCH(DropData!$J55&$C15,'ER C8 FLT1'!$A$4:$A$640&'ER C8 FLT1'!$B$4:$B$640-3,1),8)*IF(OR($O15=\"Class_8\",$N15=\"Replacement8HHD\",$AI15=\"CL7HHD\"),INDEX('ER C8 FLT1'!$A$4:$J$640,MATCH(DropData!$J55&$C15,'ER C8 FLT1'!$A$4:$A$640&'ER C8 FLT1'!$B$4:$B$640-3,1),9)),IF($O15=\"Class_7\",INDEX('ER C7 FLT1'!$A$4:$J$640,MATCH(DropData!$J55&$C15,'ER C7 FLT1'!$A$4:$A$640&'ER C7 FLT1'!$B$4:$B$640-3,1),8)*IF($O15=\"Class_7\",INDEX('ER C7 FLT1'!$A$4:$J$640,MATCH(DropData!$J55&$C15,'ER C7 FLT1'!$A$4:$A$640&'ER C7 FLT1'!$B$4:$B$640-3,1),9)),IF($O15=\"Class_6\",INDEX('ER C6 FLT1'!$A$4:$J$640,MATCH(DropData!$J55&$C15,'ER C6 FLT1'!$A$4:$A$640&'ER C6 FLT1'!$B$4:$B$640-3,1),8)*IF($O15=\"Class_6\",INDEX('ER C6 FLT1'!$A$4:$J$640,MATCH(DropData!$J55&$C15,'ER C6 FLT1'!$A$4:$A$640&'ER C6 FLT1'!$B$4:$B$640-3,1),9)))))))),IF($R15=\"Electric\",OFFSET(INDEX('ER Electric'!$A$6:$E$44,MATCH($C15&$O15,'ER Electric'!$A$6:$A$44&'ER Electric'!$B$6:$B$44,1),3),9,0),))","v":0},{"$f":"IF(OR($R15=\"Diesel\",$R15=\"LNG/CNG\",$R15=\"Hybrid\",$R15=\"Electric w/ AB-118\"),IF($B15=\"3+ Trucks\",IF(OR($O15=\"Class_8\",$N15=\"Replacement8HHD\",$AI15=\"CL7HHD\"),INDEX('ER C8 FLT3'!$A$4:$J$640,MATCH(DropData!$J55&$C15,'ER C8 FLT3'!$A$4:$A$640&'ER C8 FLT3'!$B$4:$B$640-4,1),8)*IF(OR($O15=\"Class_8\",$N15=\"Replacement8HHD\",$AI15=\"CL7HHD\"),INDEX('ER C8 FLT3'!$A$4:$J$640,MATCH(DropData!$J55&$C15,'ER C8 FLT3'!$A$4:$A$640&'ER C8 FLT3'!$B$4:$B$640-4,1),9)),IF($O15=\"Class_7\",INDEX('ER C7 FLT3'!$A$4:$J$640,MATCH(DropData!$J55&$C15,'ER C7 FLT3'!$A$4:$A$640&'ER C7 FLT3'!$B$4:$B$640-4,1),8)*IF($O15=\"Class_7\",INDEX('ER C7 FLT3'!$A$4:$J$640,MATCH(DropData!$J55&$C15,'ER C7 FLT3'!$A$4:$A$640&'ER C7 FLT3'!$B$4:$B$640-4,1),9)),IF($O15=\"Class_6\",INDEX('ER C6 FLT3'!$A$4:$J$640,MATCH(DropData!$J55&$C15,'ER C6 FLT3'!$A$4:$A$640&'ER C6 FLT3'!$B$4:$B$640-4,1),8)*IF($O15=\"Class_6\",INDEX('ER C6 FLT3'!$A$4:$J$640,MATCH(DropData!$J55&$C15,'ER C6 FLT3'!$A$4:$A$640&'ER C6 FLT3'!$B$4:$B$640-4,1),9))))),IF($B15=\"2 Trucks\",IF(OR($O15=\"Class_8\",$N15=\"Replacement8HHD\",$AI15=\"CL7HHD\"),INDEX('ER C8 FLT2'!$A$4:$J$640,MATCH(DropData!$J55&$C15,'ER C8 FLT2'!$A$4:$A$640&'ER C8 FLT2'!$B$4:$B$640-4,1),8)*IF(OR($O15=\"Class_8\",$N15=\"Replacement8HHD\",$AI15=\"CL7HHD\"),INDEX('ER C8 FLT2'!$A$4:$J$640,MATCH(DropData!$J55&$C15,'ER C8 FLT2'!$A$4:$A$640&'ER C8 FLT2'!$B$4:$B$640-4,1),9)),IF($O15=\"Class_7\",INDEX('ER C7 FLT2'!$A$4:$J$640,MATCH(DropData!$J55&$C15,'ER C7 FLT2'!$A$4:$A$640&'ER C7 FLT2'!$B$4:$B$640-4,1),8)*IF($O15=\"Class_7\",INDEX('ER C7 FLT2'!$A$4:$J$640,MATCH(DropData!$J55&$C15,'ER C7 FLT2'!$A$4:$A$640&'ER C7 FLT2'!$B$4:$B$640-4,1),9)),IF($O15=\"Class_6\",INDEX('ER C6 FLT2'!$A$4:$J$640,MATCH(DropData!$J55&$C15,'ER C6 FLT2'!$A$4:$A$640&'ER C6 FLT2'!$B$4:$B$640-4,1),8)*IF($O15=\"Class_6\",INDEX('ER C6 FLT2'!$A$4:$J$640,MATCH(DropData!$J55&$C15,'ER C6 FLT2'!$A$4:$A$640&'ER C6 FLT2'!$B$4:$B$640-4,1),9))))),IF($B15=\"1 Truck\",IF(OR($O15=\"Class_8\",$N15=\"Replacement8HHD\",$AI15=\"CL7HHD\"),INDEX('ER C8 FLT1'!$A$4:$J$640,MATCH(DropData!$J55&$C15,'ER C8 FLT1'!$A$4:$A$640&'ER C8 FLT1'!$B$4:$B$640-4,1),8)*IF(OR($O15=\"Class_8\",$N15=\"Replacement8HHD\",$AI15=\"CL7HHD\"),INDEX('ER C8 FLT1'!$A$4:$J$640,MATCH(DropData!$J55&$C15,'ER C8 FLT1'!$A$4:$A$640&'ER C8 FLT1'!$B$4:$B$640-4,1),9)),IF($O15=\"Class_7\",INDEX('ER C7 FLT1'!$A$4:$J$640,MATCH(DropData!$J55&$C15,'ER C7 FLT1'!$A$4:$A$640&'ER C7 FLT1'!$B$4:$B$640-4,1),8)*IF($O15=\"Class_7\",INDEX('ER C7 FLT1'!$A$4:$J$640,MATCH(DropData!$J55&$C15,'ER C7 FLT1'!$A$4:$A$640&'ER C7 FLT1'!$B$4:$B$640-4,1),9)),IF($O15=\"Class_6\",INDEX('ER C6 FLT1'!$A$4:$J$640,MATCH(DropData!$J55&$C15,'ER C6 FLT1'!$A$4:$A$640&'ER C6 FLT1'!$B$4:$B$640-4,1),8)*IF($O15=\"Class_6\",INDEX('ER C6 FLT1'!$A$4:$J$640,MATCH(DropData!$J55&$C15,'ER C6 FLT1'!$A$4:$A$640&'ER C6 FLT1'!$B$4:$B$640-4,1),9)))))))),IF($R15=\"Electric\",OFFSET(INDEX('ER Electric'!$A$6:$E$44,MATCH($C15&$O15,'ER Electric'!$A$6:$A$44&'ER Electric'!$B$6:$B$44,1),3),12,0),))","v":0},{"$f":"IF($C15<2015,1,2)","v":1},0,{"$f":"IF($C15<2015,1,2)","v":1},{"$f":"IFERROR(IF($B15=\"3+ Trucks\",IF($Z15=\"Class_8\",INDEX('ER C8 FLT3'!$A$4:$J$640,MATCH($W15&$C15,'ER C8 FLT3'!$A$4:$A$640&'ER C8 FLT3'!$B$4:$B$640,1),8)*IF($Z15=\"Class_8\",INDEX('ER C8 FLT3'!$A$4:$J$640,MATCH($W15&$C15,'ER C8 FLT3'!$A$4:$A$640&'ER C8 FLT3'!$B$4:$B$640,1),9)),IF($Z15=\"Class_7\",INDEX('ER C7 FLT3'!$A$4:$J$640,MATCH($W15&$C15,'ER C7 FLT3'!$A$4:$A$640&'ER C7 FLT3'!$B$4:$B$640,1),8)*IF($Z15=\"Class_7\",INDEX('ER C7 FLT3'!$A$4:$J$640,MATCH($W15&$C15,'ER C7 FLT3'!$A$4:$A$640&'ER C7 FLT3'!$B$4:$B$640,1),9)),\nIF($Z15=\"Class_6\",INDEX('ER C6 FLT3'!$A$4:$J$640,MATCH($W15&$C15,'ER C6 FLT3'!$A$4:$A$640&'ER C6 FLT3'!$B$4:$B$640,1),8)*IF($Z15=\"Class_6\",INDEX('ER C6 FLT3'!$A$4:$L$640,MATCH($W15&$C15,'ER C6 FLT3'!$A$4:$A$640&'ER C6 FLT3'!$B$4:$B$640,1),9))))),IF($B15=\"2 Trucks\",IF($Z15=\"Class_8\",INDEX('ER C8 FLT2'!$A$4:$J$640,MATCH($W15&$C15,'ER C8 FLT2'!$A$4:$A$640&'ER C8 FLT2'!$B$4:$B$640,1),8)*IF($Z15=\"Class_8\",INDEX('ER C8 FLT2'!$A$4:$J$640,MATCH($W15&$C15,'ER C8 FLT2'!$A$4:$A$640&'ER C8 FLT2'!$B$4:$B$640,1),9)),IF($Z15=\"Class_7\",INDEX('ER C7 FLT2'!$A$4:$J$640,MATCH($W15&$C15,'ER C7 FLT2'!$A$4:$A$640&'ER C7 FLT2'!$B$4:$B$640,1),8)*IF($Z15=\"Class_7\",INDEX('ER C7 FLT2'!$A$4:$J$640,MATCH($W15&$C15,'ER C7 FLT2'!$A$4:$A$640&'ER C7 FLT2'!$B$4:$B$640,1),9)),IF($Z15=\"Class_6\",INDEX('ER C6 FLT2'!$A$4:$J$640,MATCH($W15&$C15,'ER C6 FLT2'!$A$4:$A$640&'ER C6 FLT2'!$B$4:$B$640,1),8)*IF($Z15=\"Class_6\",INDEX('ER C6 FLT2'!$A$4:$J$640,MATCH($W15&$C15,'ER C6 FLT2'!$A$4:$A$640&'ER C6 FLT2'!$B$4:$B$640,1),9))))),IF($B15=\"1 Truck\",\nIF($Z15=\"Class_8\",INDEX('ER C8 FLT1'!$A$4:$J$640,MATCH($W15&$C15,'ER C8 FLT1'!$A$4:$A$640&'ER C8 FLT1'!$B$4:$B$640,1),8)*IF($Z15=\"Class_8\",INDEX('ER C8 FLT1'!$A$4:$J$640,MATCH($W15&$C15,'ER C8 FLT1'!$A$4:$A$640&'ER C8 FLT1'!$B$4:$B$640,1),9)),IF($Z15=\"Class_7\",INDEX('ER C7 FLT1'!$A$4:$J$640,MATCH($W15&$C15,'ER C7 FLT1'!$A$4:$A$640&'ER C7 FLT1'!$B$4:$B$640,1),8)*IF($Z15=\"Class_7\",INDEX('ER C7 FLT1'!$A$4:$J$640,MATCH($W15&$C15,'ER C7 FLT1'!$A$4:$A$640&'ER C7 FLT1'!$B$4:$B$640,1),9)),\nIF($Z15=\"Class_6\",INDEX('ER C6 FLT1'!$A$4:$J$640,MATCH($W15&$C15,'ER C6 FLT1'!$A$4:$A$640&'ER C6 FLT1'!$B$4:$B$640,1),8)*IF($Z15=\"Class_6\",INDEX('ER C6 FLT1'!$A$4:$J$640,MATCH($W15&$C15,'ER C6 FLT1'!$A$4:$A$640&'ER C6 FLT1'!$B$4:$B$640,1),9))))))))*IF($X15=\"Level 1 PM\",0.75,IF($X15=\"Level 2 PM\",0.5,IF($X15=\"Level 3 PM\",0,IF($X15=\"Level 3 PM + Mark I NOx\",0,1))))*($AC15/453.6)-IF(BG15=0,AV15,0),\"0.00\")","v":0},{"$f":"IFERROR(MAX(0,BI15/BH15),\"0.00\")","v":0},{"$f":"IFERROR(MAX(0,BG15+BJ15),\"0.00\")","v":0},0,{"$f":"IF($B15=\"3+ Trucks\",IF($Z15=\"Class_8\",INDEX('ER C8 FLT3'!$A$4:$J$640,MATCH($W15&$C15,'ER C8 FLT3'!$A$4:$A$640&'ER C8 FLT3'!$B$4:$B$640-1,1),8)*IF($Z15=\"Class_8\",INDEX('ER C8 FLT3'!$A$4:$J$640,MATCH($W15&$C15,'ER C8 FLT3'!$A$4:$A$640&'ER C8 FLT3'!$B$4:$B$640-1,1),9)),IF($Z15=\"Class_7\",INDEX('ER C7 FLT3'!$A$4:$J$640,MATCH($W15&$C15,'ER C7 FLT3'!$A$4:$A$640&'ER C7 FLT3'!$B$4:$B$640-1,1),8)*IF($Z15=\"Class_7\",INDEX('ER C7 FLT3'!$A$4:$J$640,MATCH($W15&$C15,'ER C7 FLT3'!$A$4:$A$640&'ER C7 FLT3'!$B$4:$B$640-1,1),9)),\nIF($Z15=\"Class_6\",INDEX('ER C6 FLT3'!$A$4:$J$640,MATCH($W15&$C15,'ER C6 FLT3'!$A$4:$A$640&'ER C6 FLT3'!$B$4:$B$640-1,1),8)*IF($Z15=\"Class_6\",INDEX('ER C6 FLT3'!$A$4:$L$640,MATCH($W15&$C15,'ER C6 FLT3'!$A$4:$A$640&'ER C6 FLT3'!$B$4:$B$640-1,1),9))))),IF($B15=\"2 Trucks\",IF($Z15=\"Class_8\",INDEX('ER C8 FLT2'!$A$4:$J$640,MATCH($W15&$C15,'ER C8 FLT2'!$A$4:$A$640&'ER C8 FLT2'!$B$4:$B$640-1,1),8)*IF($Z15=\"Class_8\",INDEX('ER C8 FLT2'!$A$4:$J$640,MATCH($W15&$C15,'ER C8 FLT2'!$A$4:$A$640&'ER C8 FLT2'!$B$4:$B$640-1,1),9)),IF($Z15=\"Class_7\",INDEX('ER C7 FLT2'!$A$4:$J$640,MATCH($W15&$C15,'ER C7 FLT2'!$A$4:$A$640&'ER C7 FLT2'!$B$4:$B$640-1,1),8)*IF($Z15=\"Class_7\",INDEX('ER C7 FLT2'!$A$4:$J$640,MATCH($W15&$C15,'ER C7 FLT2'!$A$4:$A$640&'ER C7 FLT2'!$B$4:$B$640-1,1),9)),IF($Z15=\"Class_6\",INDEX('ER C6 FLT2'!$A$4:$J$640,MATCH($W15&$C15,'ER C6 FLT2'!$A$4:$A$640&'ER C6 FLT2'!$B$4:$B$640-1,1),8)*IF($Z15=\"Class_6\",INDEX('ER C6 FLT2'!$A$4:$J$640,MATCH($W15&$C15,'ER C6 FLT2'!$A$4:$A$640&'ER C6 FLT2'!$B$4:$B$640-1,1),9))))),IF($B15=\"1 Truck\",\nIF($Z15=\"Class_8\",INDEX('ER C8 FLT1'!$A$4:$J$640,MATCH($W15&$C15,'ER C8 FLT1'!$A$4:$A$640&'ER C8 FLT1'!$B$4:$B$640-1,1),8)*IF($Z15=\"Class_8\",INDEX('ER C8 FLT1'!$A$4:$J$640,MATCH($W15&$C15,'ER C8 FLT1'!$A$4:$A$640&'ER C8 FLT1'!$B$4:$B$640-1,1),9)),IF($Z15=\"Class_7\",INDEX('ER C7 FLT1'!$A$4:$J$640,MATCH($W15&$C15,'ER C7 FLT1'!$A$4:$A$640&'ER C7 FLT1'!$B$4:$B$640-1,1),8)*IF($Z15=\"Class_7\",INDEX('ER C7 FLT1'!$A$4:$J$640,MATCH($W15&$C15,'ER C7 FLT1'!$A$4:$A$640&'ER C7 FLT1'!$B$4:$B$640-1,1),9)),\nIF($Z15=\"Class_6\",INDEX('ER C6 FLT1'!$A$4:$J$640,MATCH($W15&$C15,'ER C6 FLT1'!$A$4:$A$640&'ER C6 FLT1'!$B$4:$B$640-1,1),8)*IF($Z15=\"Class_6\",INDEX('ER C6 FLT1'!$A$4:$J$640,MATCH($W15&$C15,'ER C6 FLT1'!$A$4:$A$640&'ER C6 FLT1'!$B$4:$B$640-1,1),9))))))))*IF($X15=\"Level 1 PM\",0.75,IF($X15=\"Level 2 PM\",0.5,IF($X15=\"Level 3 PM\",0,IF($X15=\"Level 3 PM + Mark I NOx\",0,1))))*($AC15/453.6)-IF(BL15=0,AW15,0)","v":0},0,0,{"$f":"IF($B15=\"3+ Trucks\",IF($Z15=\"Class_8\",INDEX('ER C8 FLT3'!$A$4:$J$640,MATCH($W15&$C15,'ER C8 FLT3'!$A$4:$A$640&'ER C8 FLT3'!$B$4:$B$640-2,1),8)*IF($Z15=\"Class_8\",INDEX('ER C8 FLT3'!$A$4:$J$640,MATCH($W15&$C15,'ER C8 FLT3'!$A$4:$A$640&'ER C8 FLT3'!$B$4:$B$640-2,1),9)),IF($Z15=\"Class_7\",INDEX('ER C7 FLT3'!$A$4:$J$640,MATCH($W15&$C15,'ER C7 FLT3'!$A$4:$A$640&'ER C7 FLT3'!$B$4:$B$640-2,1),8)*IF($Z15=\"Class_7\",INDEX('ER C7 FLT3'!$A$4:$J$640,MATCH($W15&$C15,'ER C7 FLT3'!$A$4:$A$640&'ER C7 FLT3'!$B$4:$B$640-2,1),9)),\nIF($Z15=\"Class_6\",INDEX('ER C6 FLT3'!$A$4:$J$640,MATCH($W15&$C15,'ER C6 FLT3'!$A$4:$A$640&'ER C6 FLT3'!$B$4:$B$640-2,1),8)*IF($Z15=\"Class_6\",INDEX('ER C6 FLT3'!$A$4:$L$640,MATCH($W15&$C15,'ER C6 FLT3'!$A$4:$A$640&'ER C6 FLT3'!$B$4:$B$640-2,1),9))))),IF($B15=\"2 Trucks\",IF($Z15=\"Class_8\",INDEX('ER C8 FLT2'!$A$4:$J$640,MATCH($W15&$C15,'ER C8 FLT2'!$A$4:$A$640&'ER C8 FLT2'!$B$4:$B$640-2,1),8)*IF($Z15=\"Class_8\",INDEX('ER C8 FLT2'!$A$4:$J$640,MATCH($W15&$C15,'ER C8 FLT2'!$A$4:$A$640&'ER C8 FLT2'!$B$4:$B$640-2,1),9)),IF($Z15=\"Class_7\",INDEX('ER C7 FLT2'!$A$4:$J$640,MATCH($W15&$C15,'ER C7 FLT2'!$A$4:$A$640&'ER C7 FLT2'!$B$4:$B$640-2,1),8)*IF($Z15=\"Class_7\",INDEX('ER C7 FLT2'!$A$4:$J$640,MATCH($W15&$C15,'ER C7 FLT2'!$A$4:$A$640&'ER C7 FLT2'!$B$4:$B$640-2,1),9)),IF($Z15=\"Class_6\",INDEX('ER C6 FLT2'!$A$4:$J$640,MATCH($W15&$C15,'ER C6 FLT2'!$A$4:$A$640&'ER C6 FLT2'!$B$4:$B$640-2,1),8)*IF($Z15=\"Class_6\",INDEX('ER C6 FLT2'!$A$4:$J$640,MATCH($W15&$C15,'ER C6 FLT2'!$A$4:$A$640&'ER C6 FLT2'!$B$4:$B$640-2,1),9))))),IF($B15=\"1 Truck\",\nIF($Z15=\"Class_8\",INDEX('ER C8 FLT1'!$A$4:$J$640,MATCH($W15&$C15,'ER C8 FLT1'!$A$4:$A$640&'ER C8 FLT1'!$B$4:$B$640-2,1),8)*IF($Z15=\"Class_8\",INDEX('ER C8 FLT1'!$A$4:$J$640,MATCH($W15&$C15,'ER C8 FLT1'!$A$4:$A$640&'ER C8 FLT1'!$B$4:$B$640-2,1),9)),IF($Z15=\"Class_7\",INDEX('ER C7 FLT1'!$A$4:$J$640,MATCH($W15&$C15,'ER C7 FLT1'!$A$4:$A$640&'ER C7 FLT1'!$B$4:$B$640-2,1),8)*IF($Z15=\"Class_7\",INDEX('ER C7 FLT1'!$A$4:$J$640,MATCH($W15&$C15,'ER C7 FLT1'!$A$4:$A$640&'ER C7 FLT1'!$B$4:$B$640-2,1),9)),\nIF($Z15=\"Class_6\",INDEX('ER C6 FLT1'!$A$4:$J$640,MATCH($W15&$C15,'ER C6 FLT1'!$A$4:$A$640&'ER C6 FLT1'!$B$4:$B$640-2,1),8)*IF($Z15=\"Class_6\",INDEX('ER C6 FLT1'!$A$4:$J$640,MATCH($W15&$C15,'ER C6 FLT1'!$A$4:$A$640&'ER C6 FLT1'!$B$4:$B$640-2,1),9))))))))*IF($X15=\"Level 1 PM\",0.75,IF($X15=\"Level 2 PM\",0.5,IF($X15=\"Level 3 PM\",0,IF($X15=\"Level 3 PM + Mark I NOx\",0,1))))*($AC15/453.6)-IF(BO15=0,AX15,0)","v":0},0,0,{"$f":"IF($B15=\"3+ Trucks\",IF($Z15=\"Class_8\",INDEX('ER C8 FLT3'!$A$4:$J$640,MATCH($W15&$C15,'ER C8 FLT3'!$A$4:$A$640&'ER C8 FLT3'!$B$4:$B$640-3,1),8)*IF($Z15=\"Class_8\",INDEX('ER C8 FLT3'!$A$4:$J$640,MATCH($W15&$C15,'ER C8 FLT3'!$A$4:$A$640&'ER C8 FLT3'!$B$4:$B$640-3,1),9)),IF($Z15=\"Class_7\",INDEX('ER C7 FLT3'!$A$4:$J$640,MATCH($W15&$C15,'ER C7 FLT3'!$A$4:$A$640&'ER C7 FLT3'!$B$4:$B$640-3,1),8)*IF($Z15=\"Class_7\",INDEX('ER C7 FLT3'!$A$4:$J$640,MATCH($W15&$C15,'ER C7 FLT3'!$A$4:$A$640&'ER C7 FLT3'!$B$4:$B$640-3,1),9)),\nIF($Z15=\"Class_6\",INDEX('ER C6 FLT3'!$A$4:$J$640,MATCH($W15&$C15,'ER C6 FLT3'!$A$4:$A$640&'ER C6 FLT3'!$B$4:$B$640-3,1),8)*IF($Z15=\"Class_6\",INDEX('ER C6 FLT3'!$A$4:$L$640,MATCH($W15&$C15,'ER C6 FLT3'!$A$4:$A$640&'ER C6 FLT3'!$B$4:$B$640-3,1),9))))),IF($B15=\"2 Trucks\",IF($Z15=\"Class_8\",INDEX('ER C8 FLT2'!$A$4:$J$640,MATCH($W15&$C15,'ER C8 FLT2'!$A$4:$A$640&'ER C8 FLT2'!$B$4:$B$640-3,1),8)*IF($Z15=\"Class_8\",INDEX('ER C8 FLT2'!$A$4:$J$640,MATCH($W15&$C15,'ER C8 FLT2'!$A$4:$A$640&'ER C8 FLT2'!$B$4:$B$640-3,1),9)),IF($Z15=\"Class_7\",INDEX('ER C7 FLT2'!$A$4:$J$640,MATCH($W15&$C15,'ER C7 FLT2'!$A$4:$A$640&'ER C7 FLT2'!$B$4:$B$640-3,1),8)*IF($Z15=\"Class_7\",INDEX('ER C7 FLT2'!$A$4:$J$640,MATCH($W15&$C15,'ER C7 FLT2'!$A$4:$A$640&'ER C7 FLT2'!$B$4:$B$640-3,1),9)),IF($Z15=\"Class_6\",INDEX('ER C6 FLT2'!$A$4:$J$640,MATCH($W15&$C15,'ER C6 FLT2'!$A$4:$A$640&'ER C6 FLT2'!$B$4:$B$640-3,1),8)*IF($Z15=\"Class_6\",INDEX('ER C6 FLT2'!$A$4:$J$640,MATCH($W15&$C15,'ER C6 FLT2'!$A$4:$A$640&'ER C6 FLT2'!$B$4:$B$640-3,1),9))))),IF($B15=\"1 Truck\",\nIF($Z15=\"Class_8\",INDEX('ER C8 FLT1'!$A$4:$J$640,MATCH($W15&$C15,'ER C8 FLT1'!$A$4:$A$640&'ER C8 FLT1'!$B$4:$B$640-3,1),8)*IF($Z15=\"Class_8\",INDEX('ER C8 FLT1'!$A$4:$J$640,MATCH($W15&$C15,'ER C8 FLT1'!$A$4:$A$640&'ER C8 FLT1'!$B$4:$B$640-3,1),9)),IF($Z15=\"Class_7\",INDEX('ER C7 FLT1'!$A$4:$J$640,MATCH($W15&$C15,'ER C7 FLT1'!$A$4:$A$640&'ER C7 FLT1'!$B$4:$B$640-3,1),8)*IF($Z15=\"Class_7\",INDEX('ER C7 FLT1'!$A$4:$J$640,MATCH($W15&$C15,'ER C7 FLT1'!$A$4:$A$640&'ER C7 FLT1'!$B$4:$B$640-3,1),9)),\nIF($Z15=\"Class_6\",INDEX('ER C6 FLT1'!$A$4:$J$640,MATCH($W15&$C15,'ER C6 FLT1'!$A$4:$A$640&'ER C6 FLT1'!$B$4:$B$640-3,1),8)*IF($Z15=\"Class_6\",INDEX('ER C6 FLT1'!$A$4:$J$640,MATCH($W15&$C15,'ER C6 FLT1'!$A$4:$A$640&'ER C6 FLT1'!$B$4:$B$640-3,1),9))))))))*IF($X15=\"Level 1 PM\",0.75,IF($X15=\"Level 2 PM\",0.5,IF($X15=\"Level 3 PM\",0,IF($X15=\"Level 3 PM + Mark I NOx\",0,1))))*($AC15/453.6)-IF(BR15=0,AY15,0)","v":0},0,0,{"$f":"IF($B15=\"3+ Trucks\",IF($Z15=\"Class_8\",INDEX('ER C8 FLT3'!$A$4:$J$640,MATCH($W15&$C15,'ER C8 FLT3'!$A$4:$A$640&'ER C8 FLT3'!$B$4:$B$640-4,1),8)*IF($Z15=\"Class_8\",INDEX('ER C8 FLT3'!$A$4:$J$640,MATCH($W15&$C15,'ER C8 FLT3'!$A$4:$A$640&'ER C8 FLT3'!$B$4:$B$640-4,1),9)),IF($Z15=\"Class_7\",INDEX('ER C7 FLT3'!$A$4:$J$640,MATCH($W15&$C15,'ER C7 FLT3'!$A$4:$A$640&'ER C7 FLT3'!$B$4:$B$640-4,1),8)*IF($Z15=\"Class_7\",INDEX('ER C7 FLT3'!$A$4:$J$640,MATCH($W15&$C15,'ER C7 FLT3'!$A$4:$A$640&'ER C7 FLT3'!$B$4:$B$640-4,1),9)),\nIF($Z15=\"Class_6\",INDEX('ER C6 FLT3'!$A$4:$J$640,MATCH($W15&$C15,'ER C6 FLT3'!$A$4:$A$640&'ER C6 FLT3'!$B$4:$B$640-4,1),8)*IF($Z15=\"Class_6\",INDEX('ER C6 FLT3'!$A$4:$L$640,MATCH($W15&$C15,'ER C6 FLT3'!$A$4:$A$640&'ER C6 FLT3'!$B$4:$B$640-4,1),9))))),IF($B15=\"2 Trucks\",IF($Z15=\"Class_8\",INDEX('ER C8 FLT2'!$A$4:$J$640,MATCH($W15&$C15,'ER C8 FLT2'!$A$4:$A$640&'ER C8 FLT2'!$B$4:$B$640-4,1),8)*IF($Z15=\"Class_8\",INDEX('ER C8 FLT2'!$A$4:$J$640,MATCH($W15&$C15,'ER C8 FLT2'!$A$4:$A$640&'ER C8 FLT2'!$B$4:$B$640-4,1),9)),IF($Z15=\"Class_7\",INDEX('ER C7 FLT2'!$A$4:$J$640,MATCH($W15&$C15,'ER C7 FLT2'!$A$4:$A$640&'ER C7 FLT2'!$B$4:$B$640-4,1),8)*IF($Z15=\"Class_7\",INDEX('ER C7 FLT2'!$A$4:$J$640,MATCH($W15&$C15,'ER C7 FLT2'!$A$4:$A$640&'ER C7 FLT2'!$B$4:$B$640-4,1),9)),IF($Z15=\"Class_6\",INDEX('ER C6 FLT2'!$A$4:$J$640,MATCH($W15&$C15,'ER C6 FLT2'!$A$4:$A$640&'ER C6 FLT2'!$B$4:$B$640-4,1),8)*IF($Z15=\"Class_6\",INDEX('ER C6 FLT2'!$A$4:$J$640,MATCH($W15&$C15,'ER C6 FLT2'!$A$4:$A$640&'ER C6 FLT2'!$B$4:$B$640-4,1),9))))),IF($B15=\"1 Truck\",\nIF($Z15=\"Class_8\",INDEX('ER C8 FLT1'!$A$4:$J$640,MATCH($W15&$C15,'ER C8 FLT1'!$A$4:$A$640&'ER C8 FLT1'!$B$4:$B$640-4,1),8)*IF($Z15=\"Class_8\",INDEX('ER C8 FLT1'!$A$4:$J$640,MATCH($W15&$C15,'ER C8 FLT1'!$A$4:$A$640&'ER C8 FLT1'!$B$4:$B$640-4,1),9)),IF($Z15=\"Class_7\",INDEX('ER C7 FLT1'!$A$4:$J$640,MATCH($W15&$C15,'ER C7 FLT1'!$A$4:$A$640&'ER C7 FLT1'!$B$4:$B$640-4,1),8)*IF($Z15=\"Class_7\",INDEX('ER C7 FLT1'!$A$4:$J$640,MATCH($W15&$C15,'ER C7 FLT1'!$A$4:$A$640&'ER C7 FLT1'!$B$4:$B$640-4,1),9)),\nIF($Z15=\"Class_6\",INDEX('ER C6 FLT1'!$A$4:$J$640,MATCH($W15&$C15,'ER C6 FLT1'!$A$4:$A$640&'ER C6 FLT1'!$B$4:$B$640-4,1),8)*IF($Z15=\"Class_6\",INDEX('ER C6 FLT1'!$A$4:$J$640,MATCH($W15&$C15,'ER C6 FLT1'!$A$4:$A$640&'ER C6 FLT1'!$B$4:$B$640-4,1),9))))))))*IF($X15=\"Level 1 PM\",0.75,IF($X15=\"Level 2 PM\",0.5,IF($X15=\"Level 3 PM\",0,IF($X15=\"Level 3 PM + Mark I NOx\",0,1))))*($AC15/453.6)-IF(BU15=0,AZ15,0)","v":0},{"$f":"MAX(0,BU15+BV15)","v":0},{"$f":"(MAX(0,BK15+BN15+BQ15+BT15+BW15))","v":0},{"$f":"IF($B15=\"3+ Trucks\",IF(OR($H15=\"Class_8\",$N15=\"Replacement8HHD\",$AH15=\"CL7HHD\",$AJ15=\"CL7to8\"),INDEX('ER C8 FLT3'!$A$4:$J$640,MATCH($E15&$C15,'ER C8 FLT3'!$A$4:$A$640&'ER C8 FLT3'!$B$4:$B$640,1),5)*IF(OR($H15=\"Class_8\",$N15=\"Replacement8HHD\",$AH15=\"CL7HHD\",$AJ15=\"CL7to8\"),INDEX('ER C8 FLT3'!$A$4:$J$640,MATCH($E15&$C15,'ER C8 FLT3'!$A$4:$A$640&'ER C8 FLT3'!$B$4:$B$640,1),7)),IF($H15=\"Class_7\",INDEX('ER C7 FLT3'!$A$4:$J$640,MATCH($E15&$C15,'ER C7 FLT3'!$A$4:$A$640&'ER C7 FLT3'!$B$4:$B$640,1),5)*IF($H15=\"Class_7\",INDEX('ER C7 FLT3'!$A$4:$J$640,MATCH($E15&$C15,'ER C7 FLT3'!$A$4:$A$640&'ER C7 FLT3'!$B$4:$B$640,1),7)),\nIF($H15=\"Class_6\",INDEX('ER C6 FLT3'!$A$4:$J$640,MATCH($E15&$C15,'ER C6 FLT3'!$A$4:$A$640&'ER C6 FLT3'!$B$4:$B$640,1),5)*IF($H15=\"Class_6\",INDEX('ER C6 FLT3'!$A$4:$L$640,MATCH($E15&$C15,'ER C6 FLT3'!$A$4:$A$640&'ER C6 FLT3'!$B$4:$B$640,1),7))))),IF($B15=\"2 Trucks\",IF(OR($H15=\"Class_8\",$N15=\"Replacement8HHD\",$AH15=\"CL7HHD\",$AJ15=\"CL7to8\"),INDEX('ER C8 FLT2'!$A$4:$J$640,MATCH($E15&$C15,'ER C8 FLT2'!$A$4:$A$640&'ER C8 FLT2'!$B$4:$B$640,1),5)*IF(OR($H15=\"Class_8\",$N15=\"Replacement8HHD\",$AH15=\"CL7HHD\",$AJ15=\"CL7to8\"),INDEX('ER C8 FLT2'!$A$4:$J$640,MATCH($E15&$C15,'ER C8 FLT2'!$A$4:$A$640&'ER C8 FLT2'!$B$4:$B$640,1),7)),IF($H15=\"Class_7\",INDEX('ER C7 FLT2'!$A$4:$J$640,MATCH($E15&$C15,'ER C7 FLT2'!$A$4:$A$640&'ER C7 FLT2'!$B$4:$B$640,1),5)*IF($H15=\"Class_7\",INDEX('ER C7 FLT2'!$A$4:$J$640,MATCH($E15&$C15,'ER C7 FLT2'!$A$4:$A$640&'ER C7 FLT2'!$B$4:$B$640,1),7)),IF($H15=\"Class_6\",INDEX('ER C6 FLT2'!$A$4:$J$640,MATCH($E15&$C15,'ER C6 FLT2'!$A$4:$A$640&'ER C6 FLT2'!$B$4:$B$640,1),5)*IF($H15=\"Class_6\",INDEX('ER C6 FLT2'!$A$4:$J$640,MATCH($E15&$C15,'ER C6 FLT2'!$A$4:$A$640&'ER C6 FLT2'!$B$4:$B$640,1),7))))),IF($B15=\"1 Truck\",\nIF(OR($H15=\"Class_8\",$N15=\"Replacement8HHD\",$AH15=\"CL7HHD\",$AJ15=\"CL7to8\"),INDEX('ER C8 FLT1'!$A$4:$J$640,MATCH($E15&$C15,'ER C8 FLT1'!$A$4:$A$640&'ER C8 FLT1'!$B$4:$B$640,1),5)*IF(OR($H15=\"Class_8\",$N15=\"Replacement8HHD\",$AH15=\"CL7HHD\",$AJ15=\"CL7to8\"),INDEX('ER C8 FLT1'!$A$4:$J$640,MATCH($E15&$C15,'ER C8 FLT1'!$A$4:$A$640&'ER C8 FLT1'!$B$4:$B$640,1),7)),IF($H15=\"Class_7\",INDEX('ER C7 FLT1'!$A$4:$J$640,MATCH($E15&$C15,'ER C7 FLT1'!$A$4:$A$640&'ER C7 FLT1'!$B$4:$B$640,1),5)*IF($H15=\"Class_7\",INDEX('ER C7 FLT1'!$A$4:$J$640,MATCH($E15&$C15,'ER C7 FLT1'!$A$4:$A$640&'ER C7 FLT1'!$B$4:$B$640,1),7)),\nIF($H15=\"Class_6\",INDEX('ER C6 FLT1'!$A$4:$J$640,MATCH($E15&$C15,'ER C6 FLT1'!$A$4:$A$640&'ER C6 FLT1'!$B$4:$B$640,1),5)*IF($H15=\"Class_6\",INDEX('ER C6 FLT1'!$A$4:$J$640,MATCH($E15&$C15,'ER C6 FLT1'!$A$4:$A$640&'ER C6 FLT1'!$B$4:$B$640,1),7))))))))*IF($F15=\"Level 1 PM + Mark I NOx\",0.75,1)*($Q15/453.6)","v":0},{"$f":"IF($B15=\"3+ Trucks\",IF(OR($H15=\"Class_8\",$N15=\"Replacement8HHD\",$AH15=\"CL7HHD\",$AJ15=\"CL7to8\"),INDEX('ER C8 FLT3'!$A$4:$J$640,MATCH($E15&$C15,'ER C8 FLT3'!$A$4:$A$640&'ER C8 FLT3'!$B$4:$B$640-1,1),5)*IF(OR($H15=\"Class_8\",$N15=\"Replacement8HHD\",$AH15=\"CL7HHD\",$AJ15=\"CL7to8\"),INDEX('ER C8 FLT3'!$A$4:$J$640,MATCH($E15&$C15,'ER C8 FLT3'!$A$4:$A$640&'ER C8 FLT3'!$B$4:$B$640-1,1),7)),IF($H15=\"Class_7\",INDEX('ER C7 FLT3'!$A$4:$J$640,MATCH($E15&$C15,'ER C7 FLT3'!$A$4:$A$640&'ER C7 FLT3'!$B$4:$B$640-1,1),5)*IF($H15=\"Class_7\",INDEX('ER C7 FLT3'!$A$4:$J$640,MATCH($E15&$C15,'ER C7 FLT3'!$A$4:$A$640&'ER C7 FLT3'!$B$4:$B$640-1,1),7)),\nIF($H15=\"Class_6\",INDEX('ER C6 FLT3'!$A$4:$J$640,MATCH($E15&$C15,'ER C6 FLT3'!$A$4:$A$640&'ER C6 FLT3'!$B$4:$B$640-1,1),5)*IF($H15=\"Class_6\",INDEX('ER C6 FLT3'!$A$4:$L$640,MATCH($E15&$C15,'ER C6 FLT3'!$A$4:$A$640&'ER C6 FLT3'!$B$4:$B$640-1,1),7))))),IF($B15=\"2 Trucks\",IF(OR($H15=\"Class_8\",$N15=\"Replacement8HHD\",$AH15=\"CL7HHD\",$AJ15=\"CL7to8\"),INDEX('ER C8 FLT2'!$A$4:$J$640,MATCH($E15&$C15,'ER C8 FLT2'!$A$4:$A$640&'ER C8 FLT2'!$B$4:$B$640-1,1),5)*IF(OR($H15=\"Class_8\",$N15=\"Replacement8HHD\",$AH15=\"CL7HHD\",$AJ15=\"CL7to8\"),INDEX('ER C8 FLT2'!$A$4:$J$640,MATCH($E15&$C15,'ER C8 FLT2'!$A$4:$A$640&'ER C8 FLT2'!$B$4:$B$640-1,1),7)),IF($H15=\"Class_7\",INDEX('ER C7 FLT2'!$A$4:$J$640,MATCH($E15&$C15,'ER C7 FLT2'!$A$4:$A$640&'ER C7 FLT2'!$B$4:$B$640-1,1),5)*IF($H15=\"Class_7\",INDEX('ER C7 FLT2'!$A$4:$J$640,MATCH($E15&$C15,'ER C7 FLT2'!$A$4:$A$640&'ER C7 FLT2'!$B$4:$B$640-1,1),7)),IF($H15=\"Class_6\",INDEX('ER C6 FLT2'!$A$4:$J$640,MATCH($E15&$C15,'ER C6 FLT2'!$A$4:$A$640&'ER C6 FLT2'!$B$4:$B$640-1,1),5)*IF($H15=\"Class_6\",INDEX('ER C6 FLT2'!$A$4:$J$640,MATCH($E15&$C15,'ER C6 FLT2'!$A$4:$A$640&'ER C6 FLT2'!$B$4:$B$640-1,1),7))))),IF($B15=\"1 Truck\",\nIF(OR($H15=\"Class_8\",$N15=\"Replacement8HHD\",$AH15=\"CL7HHD\",$AJ15=\"CL7to8\"),INDEX('ER C8 FLT1'!$A$4:$J$640,MATCH($E15&$C15,'ER C8 FLT1'!$A$4:$A$640&'ER C8 FLT1'!$B$4:$B$640-1,1),5)*IF(OR($H15=\"Class_8\",$N15=\"Replacement8HHD\",$AH15=\"CL7HHD\",$AJ15=\"CL7to8\"),INDEX('ER C8 FLT1'!$A$4:$J$640,MATCH($E15&$C15,'ER C8 FLT1'!$A$4:$A$640&'ER C8 FLT1'!$B$4:$B$640-1,1),7)),IF($H15=\"Class_7\",INDEX('ER C7 FLT1'!$A$4:$J$640,MATCH($E15&$C15,'ER C7 FLT1'!$A$4:$A$640&'ER C7 FLT1'!$B$4:$B$640-1,1),5)*IF($H15=\"Class_7\",INDEX('ER C7 FLT1'!$A$4:$J$640,MATCH($E15&$C15,'ER C7 FLT1'!$A$4:$A$640&'ER C7 FLT1'!$B$4:$B$640-1,1),7)),\nIF($H15=\"Class_6\",INDEX('ER C6 FLT1'!$A$4:$J$640,MATCH($E15&$C15,'ER C6 FLT1'!$A$4:$A$640&'ER C6 FLT1'!$B$4:$B$640-1,1),5)*IF($H15=\"Class_6\",INDEX('ER C6 FLT1'!$A$4:$J$640,MATCH($E15&$C15,'ER C6 FLT1'!$A$4:$A$640&'ER C6 FLT1'!$B$4:$B$640-1,1),7))))))))*IF($F15=\"Level 1 PM + Mark I NOx\",0.75,1)*($Q15/453.6)","v":0},{"$f":"IF($B15=\"3+ Trucks\",IF(OR($H15=\"Class_8\",$N15=\"Replacement8HHD\",$AH15=\"CL7HHD\",$AJ15=\"CL7to8\"),INDEX('ER C8 FLT3'!$A$4:$J$640,MATCH($E15&$C15,'ER C8 FLT3'!$A$4:$A$640&'ER C8 FLT3'!$B$4:$B$640-2,1),5)*IF(OR($H15=\"Class_8\",$N15=\"Replacement8HHD\",$AH15=\"CL7HHD\",$AJ15=\"CL7to8\"),INDEX('ER C8 FLT3'!$A$4:$J$640,MATCH($E15&$C15,'ER C8 FLT3'!$A$4:$A$640&'ER C8 FLT3'!$B$4:$B$640-2,1),7)),IF($H15=\"Class_7\",INDEX('ER C7 FLT3'!$A$4:$J$640,MATCH($E15&$C15,'ER C7 FLT3'!$A$4:$A$640&'ER C7 FLT3'!$B$4:$B$640-2,1),5)*IF($H15=\"Class_7\",INDEX('ER C7 FLT3'!$A$4:$J$640,MATCH($E15&$C15,'ER C7 FLT3'!$A$4:$A$640&'ER C7 FLT3'!$B$4:$B$640-2,1),7)),\nIF($H15=\"Class_6\",INDEX('ER C6 FLT3'!$A$4:$J$640,MATCH($E15&$C15,'ER C6 FLT3'!$A$4:$A$640&'ER C6 FLT3'!$B$4:$B$640-2,1),5)*IF($H15=\"Class_6\",INDEX('ER C6 FLT3'!$A$4:$L$640,MATCH($E15&$C15,'ER C6 FLT3'!$A$4:$A$640&'ER C6 FLT3'!$B$4:$B$640-2,1),7))))),IF($B15=\"2 Trucks\",IF(OR($H15=\"Class_8\",$N15=\"Replacement8HHD\",$AH15=\"CL7HHD\",$AJ15=\"CL7to8\"),INDEX('ER C8 FLT2'!$A$4:$J$640,MATCH($E15&$C15,'ER C8 FLT2'!$A$4:$A$640&'ER C8 FLT2'!$B$4:$B$640-2,1),5)*IF(OR($H15=\"Class_8\",$N15=\"Replacement8HHD\",$AH15=\"CL7HHD\",$AJ15=\"CL7to8\"),INDEX('ER C8 FLT2'!$A$4:$J$640,MATCH($E15&$C15,'ER C8 FLT2'!$A$4:$A$640&'ER C8 FLT2'!$B$4:$B$640-2,1),7)),IF($H15=\"Class_7\",INDEX('ER C7 FLT2'!$A$4:$J$640,MATCH($E15&$C15,'ER C7 FLT2'!$A$4:$A$640&'ER C7 FLT2'!$B$4:$B$640-2,1),5)*IF($H15=\"Class_7\",INDEX('ER C7 FLT2'!$A$4:$J$640,MATCH($E15&$C15,'ER C7 FLT2'!$A$4:$A$640&'ER C7 FLT2'!$B$4:$B$640-2,1),7)),IF($H15=\"Class_6\",INDEX('ER C6 FLT2'!$A$4:$J$640,MATCH($E15&$C15,'ER C6 FLT2'!$A$4:$A$640&'ER C6 FLT2'!$B$4:$B$640-2,1),5)*IF($H15=\"Class_6\",INDEX('ER C6 FLT2'!$A$4:$J$640,MATCH($E15&$C15,'ER C6 FLT2'!$A$4:$A$640&'ER C6 FLT2'!$B$4:$B$640-2,1),7))))),IF($B15=\"1 Truck\",\nIF(OR($H15=\"Class_8\",$N15=\"Replacement8HHD\",$AH15=\"CL7HHD\",$AJ15=\"CL7to8\"),INDEX('ER C8 FLT1'!$A$4:$J$640,MATCH($E15&$C15,'ER C8 FLT1'!$A$4:$A$640&'ER C8 FLT1'!$B$4:$B$640-2,1),5)*IF(OR($H15=\"Class_8\",$N15=\"Replacement8HHD\",$AH15=\"CL7HHD\",$AJ15=\"CL7to8\"),INDEX('ER C8 FLT1'!$A$4:$J$640,MATCH($E15&$C15,'ER C8 FLT1'!$A$4:$A$640&'ER C8 FLT1'!$B$4:$B$640-2,1),7)),IF($H15=\"Class_7\",INDEX('ER C7 FLT1'!$A$4:$J$640,MATCH($E15&$C15,'ER C7 FLT1'!$A$4:$A$640&'ER C7 FLT1'!$B$4:$B$640-2,1),5)*IF($H15=\"Class_7\",INDEX('ER C7 FLT1'!$A$4:$J$640,MATCH($E15&$C15,'ER C7 FLT1'!$A$4:$A$640&'ER C7 FLT1'!$B$4:$B$640-2,1),7)),\nIF($H15=\"Class_6\",INDEX('ER C6 FLT1'!$A$4:$J$640,MATCH($E15&$C15,'ER C6 FLT1'!$A$4:$A$640&'ER C6 FLT1'!$B$4:$B$640-2,1),5)*IF($H15=\"Class_6\",INDEX('ER C6 FLT1'!$A$4:$J$640,MATCH($E15&$C15,'ER C6 FLT1'!$A$4:$A$640&'ER C6 FLT1'!$B$4:$B$640-2,1),7))))))))*IF($F15=\"Level 1 PM + Mark I NOx\",0.75,1)*($Q15/453.6)","v":0},{"$f":"IF($B15=\"3+ Trucks\",IF(OR($H15=\"Class_8\",$N15=\"Replacement8HHD\",$AH15=\"CL7HHD\",$AJ15=\"CL7to8\"),INDEX('ER C8 FLT3'!$A$4:$J$640,MATCH($E15&$C15,'ER C8 FLT3'!$A$4:$A$640&'ER C8 FLT3'!$B$4:$B$640-3,1),5)*IF(OR($H15=\"Class_8\",$N15=\"Replacement8HHD\",$AH15=\"CL7HHD\",$AJ15=\"CL7to8\"),INDEX('ER C8 FLT3'!$A$4:$J$640,MATCH($E15&$C15,'ER C8 FLT3'!$A$4:$A$640&'ER C8 FLT3'!$B$4:$B$640-3,1),7)),IF($H15=\"Class_7\",INDEX('ER C7 FLT3'!$A$4:$J$640,MATCH($E15&$C15,'ER C7 FLT3'!$A$4:$A$640&'ER C7 FLT3'!$B$4:$B$640-3,1),5)*IF($H15=\"Class_7\",INDEX('ER C7 FLT3'!$A$4:$J$640,MATCH($E15&$C15,'ER C7 FLT3'!$A$4:$A$640&'ER C7 FLT3'!$B$4:$B$640-3,1),7)),\nIF($H15=\"Class_6\",INDEX('ER C6 FLT3'!$A$4:$J$640,MATCH($E15&$C15,'ER C6 FLT3'!$A$4:$A$640&'ER C6 FLT3'!$B$4:$B$640-3,1),5)*IF($H15=\"Class_6\",INDEX('ER C6 FLT3'!$A$4:$L$640,MATCH($E15&$C15,'ER C6 FLT3'!$A$4:$A$640&'ER C6 FLT3'!$B$4:$B$640-3,1),7))))),IF($B15=\"2 Trucks\",IF(OR($H15=\"Class_8\",$N15=\"Replacement8HHD\",$AH15=\"CL7HHD\",$AJ15=\"CL7to8\"),INDEX('ER C8 FLT2'!$A$4:$J$640,MATCH($E15&$C15,'ER C8 FLT2'!$A$4:$A$640&'ER C8 FLT2'!$B$4:$B$640-3,1),5)*IF(OR($H15=\"Class_8\",$N15=\"Replacement8HHD\",$AH15=\"CL7HHD\",$AJ15=\"CL7to8\"),INDEX('ER C8 FLT2'!$A$4:$J$640,MATCH($E15&$C15,'ER C8 FLT2'!$A$4:$A$640&'ER C8 FLT2'!$B$4:$B$640-3,1),7)),IF($H15=\"Class_7\",INDEX('ER C7 FLT2'!$A$4:$J$640,MATCH($E15&$C15,'ER C7 FLT2'!$A$4:$A$640&'ER C7 FLT2'!$B$4:$B$640-3,1),5)*IF($H15=\"Class_7\",INDEX('ER C7 FLT2'!$A$4:$J$640,MATCH($E15&$C15,'ER C7 FLT2'!$A$4:$A$640&'ER C7 FLT2'!$B$4:$B$640-3,1),7)),IF($H15=\"Class_6\",INDEX('ER C6 FLT2'!$A$4:$J$640,MATCH($E15&$C15,'ER C6 FLT2'!$A$4:$A$640&'ER C6 FLT2'!$B$4:$B$640-3,1),5)*IF($H15=\"Class_6\",INDEX('ER C6 FLT2'!$A$4:$J$640,MATCH($E15&$C15,'ER C6 FLT2'!$A$4:$A$640&'ER C6 FLT2'!$B$4:$B$640-3,1),7))))),IF($B15=\"1 Truck\",\nIF(OR($H15=\"Class_8\",$N15=\"Replacement8HHD\",$AH15=\"CL7HHD\",$AJ15=\"CL7to8\"),INDEX('ER C8 FLT1'!$A$4:$J$640,MATCH($E15&$C15,'ER C8 FLT1'!$A$4:$A$640&'ER C8 FLT1'!$B$4:$B$640-3,1),5)*IF(OR($H15=\"Class_8\",$N15=\"Replacement8HHD\",$AH15=\"CL7HHD\",$AJ15=\"CL7to8\"),INDEX('ER C8 FLT1'!$A$4:$J$640,MATCH($E15&$C15,'ER C8 FLT1'!$A$4:$A$640&'ER C8 FLT1'!$B$4:$B$640-3,1),7)),IF($H15=\"Class_7\",INDEX('ER C7 FLT1'!$A$4:$J$640,MATCH($E15&$C15,'ER C7 FLT1'!$A$4:$A$640&'ER C7 FLT1'!$B$4:$B$640-3,1),5)*IF($H15=\"Class_7\",INDEX('ER C7 FLT1'!$A$4:$J$640,MATCH($E15&$C15,'ER C7 FLT1'!$A$4:$A$640&'ER C7 FLT1'!$B$4:$B$640-3,1),7)),\nIF($H15=\"Class_6\",INDEX('ER C6 FLT1'!$A$4:$J$640,MATCH($E15&$C15,'ER C6 FLT1'!$A$4:$A$640&'ER C6 FLT1'!$B$4:$B$640-3,1),5)*IF($H15=\"Class_6\",INDEX('ER C6 FLT1'!$A$4:$J$640,MATCH($E15&$C15,'ER C6 FLT1'!$A$4:$A$640&'ER C6 FLT1'!$B$4:$B$640-3,1),7))))))))*IF($F15=\"Level 1 PM + Mark I NOx\",0.75,1)*($Q15/453.6)","v":0},{"$f":"IF($B15=\"3+ Trucks\",IF(OR($H15=\"Class_8\",$N15=\"Replacement8HHD\",$AH15=\"CL7HHD\",$AJ15=\"CL7to8\"),INDEX('ER C8 FLT3'!$A$4:$J$640,MATCH($E15&$C15,'ER C8 FLT3'!$A$4:$A$640&'ER C8 FLT3'!$B$4:$B$640-4,1),5)*IF(OR($H15=\"Class_8\",$N15=\"Replacement8HHD\",$AH15=\"CL7HHD\",$AJ15=\"CL7to8\"),INDEX('ER C8 FLT3'!$A$4:$J$640,MATCH($E15&$C15,'ER C8 FLT3'!$A$4:$A$640&'ER C8 FLT3'!$B$4:$B$640-4,1),7)),IF($H15=\"Class_7\",INDEX('ER C7 FLT3'!$A$4:$J$640,MATCH($E15&$C15,'ER C7 FLT3'!$A$4:$A$640&'ER C7 FLT3'!$B$4:$B$640-4,1),5)*IF($H15=\"Class_7\",INDEX('ER C7 FLT3'!$A$4:$J$640,MATCH($E15&$C15,'ER C7 FLT3'!$A$4:$A$640&'ER C7 FLT3'!$B$4:$B$640-4,1),7)),\nIF($H15=\"Class_6\",INDEX('ER C6 FLT3'!$A$4:$J$640,MATCH($E15&$C15,'ER C6 FLT3'!$A$4:$A$640&'ER C6 FLT3'!$B$4:$B$640-4,1),5)*IF($H15=\"Class_6\",INDEX('ER C6 FLT3'!$A$4:$L$640,MATCH($E15&$C15,'ER C6 FLT3'!$A$4:$A$640&'ER C6 FLT3'!$B$4:$B$640-4,1),7))))),IF($B15=\"2 Trucks\",IF(OR($H15=\"Class_8\",$N15=\"Replacement8HHD\",$AH15=\"CL7HHD\",$AJ15=\"CL7to8\"),INDEX('ER C8 FLT2'!$A$4:$J$640,MATCH($E15&$C15,'ER C8 FLT2'!$A$4:$A$640&'ER C8 FLT2'!$B$4:$B$640-4,1),5)*IF(OR($H15=\"Class_8\",$N15=\"Replacement8HHD\",$AH15=\"CL7HHD\",$AJ15=\"CL7to8\"),INDEX('ER C8 FLT2'!$A$4:$J$640,MATCH($E15&$C15,'ER C8 FLT2'!$A$4:$A$640&'ER C8 FLT2'!$B$4:$B$640-4,1),7)),IF($H15=\"Class_7\",INDEX('ER C7 FLT2'!$A$4:$J$640,MATCH($E15&$C15,'ER C7 FLT2'!$A$4:$A$640&'ER C7 FLT2'!$B$4:$B$640-4,1),5)*IF($H15=\"Class_7\",INDEX('ER C7 FLT2'!$A$4:$J$640,MATCH($E15&$C15,'ER C7 FLT2'!$A$4:$A$640&'ER C7 FLT2'!$B$4:$B$640-4,1),7)),IF($H15=\"Class_6\",INDEX('ER C6 FLT2'!$A$4:$J$640,MATCH($E15&$C15,'ER C6 FLT2'!$A$4:$A$640&'ER C6 FLT2'!$B$4:$B$640-4,1),5)*IF($H15=\"Class_6\",INDEX('ER C6 FLT2'!$A$4:$J$640,MATCH($E15&$C15,'ER C6 FLT2'!$A$4:$A$640&'ER C6 FLT2'!$B$4:$B$640-4,1),7))))),IF($B15=\"1 Truck\",\nIF(OR($H15=\"Class_8\",$N15=\"Replacement8HHD\",$AH15=\"CL7HHD\",$AJ15=\"CL7to8\"),INDEX('ER C8 FLT1'!$A$4:$J$640,MATCH($E15&$C15,'ER C8 FLT1'!$A$4:$A$640&'ER C8 FLT1'!$B$4:$B$640-4,1),5)*IF(OR($H15=\"Class_8\",$N15=\"Replacement8HHD\",$AH15=\"CL7HHD\",$AJ15=\"CL7to8\"),INDEX('ER C8 FLT1'!$A$4:$J$640,MATCH($E15&$C15,'ER C8 FLT1'!$A$4:$A$640&'ER C8 FLT1'!$B$4:$B$640-4,1),7)),IF($H15=\"Class_7\",INDEX('ER C7 FLT1'!$A$4:$J$640,MATCH($E15&$C15,'ER C7 FLT1'!$A$4:$A$640&'ER C7 FLT1'!$B$4:$B$640-4,1),5)*IF($H15=\"Class_7\",INDEX('ER C7 FLT1'!$A$4:$J$640,MATCH($E15&$C15,'ER C7 FLT1'!$A$4:$A$640&'ER C7 FLT1'!$B$4:$B$640-4,1),7)),\nIF($H15=\"Class_6\",INDEX('ER C6 FLT1'!$A$4:$J$640,MATCH($E15&$C15,'ER C6 FLT1'!$A$4:$A$640&'ER C6 FLT1'!$B$4:$B$640-4,1),5)*IF($H15=\"Class_6\",INDEX('ER C6 FLT1'!$A$4:$J$640,MATCH($E15&$C15,'ER C6 FLT1'!$A$4:$A$640&'ER C6 FLT1'!$B$4:$B$640-4,1),7))))))))*IF($F15=\"Level 1 PM + Mark I NOx\",0.75,1)*($Q15/453.6)","v":0},{"$f":"IF($B15=\"3+ Trucks\",IF(OR($H15=\"Class_8\",$N15=\"Replacement8HHD\",$AH15=\"CL7HHD\",$AJ15=\"CL7to8\"),INDEX('ER C8 FLT3'!$A$4:$J$640,MATCH($E15&$C15,'ER C8 FLT3'!$A$4:$A$640&'ER C8 FLT3'!$B$4:$B$640,1),5),IF($H15=\"Class_7\",INDEX('ER C7 FLT3'!$A$4:$J$640,MATCH($E15&$C15,'ER C7 FLT3'!$A$4:$A$640&'ER C7 FLT3'!$B$4:$B$640,1),5),IF($H15=\"Class_6\",INDEX('ER C6 FLT3'!$A$4:$J$640,MATCH($E15&$C15,'ER C6 FLT3'!$A$4:$A$640&'ER C6 FLT3'!$B$4:$B$640,1),5)))),IF($B15=\"2 Trucks\",IF(OR($H15=\"Class_8\",$N15=\"Replacement8HHD\",$AH15=\"CL7HHD\",$AJ15=\"CL7to8\"),INDEX('ER C8 FLT2'!$A$4:$J$640,MATCH($E15&$C15,'ER C8 FLT2'!$A$4:$A$640&'ER C8 FLT2'!$B$4:$B$640,1),5),IF($H15=\"Class_7\",INDEX('ER C7 FLT2'!$A$4:$J$640,MATCH($E15&$C15,'ER C7 FLT2'!$A$4:$A$640&'ER C7 FLT2'!$B$4:$B$640,1),5),IF($H15=\"Class_6\",INDEX('ER C6 FLT2'!$A$4:$J$640,MATCH($E15&$C15,'ER C6 FLT2'!$A$4:$A$640&'ER C6 FLT2'!$B$4:$B$640,1),5)))),IF($B15=\"1 Truck\",IF(OR($H15=\"Class_8\",$N15=\"Replacement8HHD\",$AH15=\"CL7HHD\",$AJ15=\"CL7to8\"),INDEX('ER C8 FLT1'!$A$4:$J$640,MATCH($E15&$C15,'ER C8 FLT1'!$A$4:$A$640&'ER C8 FLT1'!$B$4:$B$640,1),5),IF($H15=\"Class_7\",INDEX('ER C7 FLT1'!$A$4:$J$640,MATCH($E15&$C15,'ER C7 FLT1'!$A$4:$A$640&'ER C7 FLT1'!$B$4:$B$640,1),5),IF($H15=\"Class_6\",INDEX('ER C6 FLT1'!$A$4:$J$640,MATCH($E15&$C15,'ER C6 FLT1'!$A$4:$A$640&'ER C6 FLT1'!$B$4:$B$640,1),5)))))))","v":false},{"$f":"IF($B15=\"3+ Trucks\",IF(OR($H15=\"Class_8\",$N15=\"Replacement8HHD\",$AH15=\"CL7HHD\",$AJ15=\"CL7to8\"),INDEX('ER C8 FLT3'!$A$4:$J$640,MATCH($E15&$C15,'ER C8 FLT3'!$A$4:$A$640&'ER C8 FLT3'!$B$4:$B$640-1,1),5),IF($H15=\"Class_7\",INDEX('ER C7 FLT3'!$A$4:$J$640,MATCH($E15&$C15,'ER C7 FLT3'!$A$4:$A$640&'ER C7 FLT3'!$B$4:$B$640-1,1),5),IF($H15=\"Class_6\",INDEX('ER C6 FLT3'!$A$4:$J$640,MATCH($E15&$C15,'ER C6 FLT3'!$A$4:$A$640&'ER C6 FLT3'!$B$4:$B$640-1,1),5)))),IF($B15=\"2 Trucks\",IF(OR($H15=\"Class_8\",$N15=\"Replacement8HHD\",$AH15=\"CL7HHD\",$AJ15=\"CL7to8\"),INDEX('ER C8 FLT2'!$A$4:$J$640,MATCH($E15&$C15,'ER C8 FLT2'!$A$4:$A$640&'ER C8 FLT2'!$B$4:$B$640-1,1),5),IF($H15=\"Class_7\",INDEX('ER C7 FLT2'!$A$4:$J$640,MATCH($E15&$C15,'ER C7 FLT2'!$A$4:$A$640&'ER C7 FLT2'!$B$4:$B$640-1,1),5),IF($H15=\"Class_6\",INDEX('ER C6 FLT2'!$A$4:$J$640,MATCH($E15&$C15,'ER C6 FLT2'!$A$4:$A$640&'ER C6 FLT2'!$B$4:$B$640-1,1),5)))),IF($B15=\"1 Truck\",IF(OR($H15=\"Class_8\",$N15=\"Replacement8HHD\",$AH15=\"CL7HHD\",$AJ15=\"CL7to8\"),INDEX('ER C8 FLT1'!$A$4:$J$640,MATCH($E15&$C15,'ER C8 FLT1'!$A$4:$A$640&'ER C8 FLT1'!$B$4:$B$640-1,1),5),IF($H15=\"Class_7\",INDEX('ER C7 FLT1'!$A$4:$J$640,MATCH($E15&$C15,'ER C7 FLT1'!$A$4:$A$640&'ER C7 FLT1'!$B$4:$B$640-1,1),5),IF($H15=\"Class_6\",INDEX('ER C6 FLT1'!$A$4:$J$640,MATCH($E15&$C15,'ER C6 FLT1'!$A$4:$A$640&'ER C6 FLT1'!$B$4:$B$640-1,1),5)))))))","v":false},{"$f":"IF($B15=\"3+ Trucks\",IF(OR($H15=\"Class_8\",$N15=\"Replacement8HHD\",$AH15=\"CL7HHD\",$AJ15=\"CL7to8\"),INDEX('ER C8 FLT3'!$A$4:$J$640,MATCH($E15&$C15,'ER C8 FLT3'!$A$4:$A$640&'ER C8 FLT3'!$B$4:$B$640-2,1),5),IF($H15=\"Class_7\",INDEX('ER C7 FLT3'!$A$4:$J$640,MATCH($E15&$C15,'ER C7 FLT3'!$A$4:$A$640&'ER C7 FLT3'!$B$4:$B$640-2,1),5),IF($H15=\"Class_6\",INDEX('ER C6 FLT3'!$A$4:$J$640,MATCH($E15&$C15,'ER C6 FLT3'!$A$4:$A$640&'ER C6 FLT3'!$B$4:$B$640-2,1),5)))),IF($B15=\"2 Trucks\",IF(OR($H15=\"Class_8\",$N15=\"Replacement8HHD\",$AH15=\"CL7HHD\",$AJ15=\"CL7to8\"),INDEX('ER C8 FLT2'!$A$4:$J$640,MATCH($E15&$C15,'ER C8 FLT2'!$A$4:$A$640&'ER C8 FLT2'!$B$4:$B$640-2,1),5),IF($H15=\"Class_7\",INDEX('ER C7 FLT2'!$A$4:$J$640,MATCH($E15&$C15,'ER C7 FLT2'!$A$4:$A$640&'ER C7 FLT2'!$B$4:$B$640-2,1),5),IF($H15=\"Class_6\",INDEX('ER C6 FLT2'!$A$4:$J$640,MATCH($E15&$C15,'ER C6 FLT2'!$A$4:$A$640&'ER C6 FLT2'!$B$4:$B$640-2,1),5)))),IF($B15=\"1 Truck\",IF(OR($H15=\"Class_8\",$N15=\"Replacement8HHD\",$AH15=\"CL7HHD\",$AJ15=\"CL7to8\"),INDEX('ER C8 FLT1'!$A$4:$J$640,MATCH($E15&$C15,'ER C8 FLT1'!$A$4:$A$640&'ER C8 FLT1'!$B$4:$B$640-2,1),5),IF($H15=\"Class_7\",INDEX('ER C7 FLT1'!$A$4:$J$640,MATCH($E15&$C15,'ER C7 FLT1'!$A$4:$A$640&'ER C7 FLT1'!$B$4:$B$640-2,1),5),IF($H15=\"Class_6\",INDEX('ER C6 FLT1'!$A$4:$J$640,MATCH($E15&$C15,'ER C6 FLT1'!$A$4:$A$640&'ER C6 FLT1'!$B$4:$B$640-2,1),5)))))))","v":false},{"$f":"IF($B15=\"3+ Trucks\",IF(OR($H15=\"Class_8\",$N15=\"Replacement8HHD\",$AH15=\"CL7HHD\",$AJ15=\"CL7to8\"),INDEX('ER C8 FLT3'!$A$4:$J$640,MATCH($E15&$C15,'ER C8 FLT3'!$A$4:$A$640&'ER C8 FLT3'!$B$4:$B$640-3,1),5),IF($H15=\"Class_7\",INDEX('ER C7 FLT3'!$A$4:$J$640,MATCH($E15&$C15,'ER C7 FLT3'!$A$4:$A$640&'ER C7 FLT3'!$B$4:$B$640-3,1),5),IF($H15=\"Class_6\",INDEX('ER C6 FLT3'!$A$4:$J$640,MATCH($E15&$C15,'ER C6 FLT3'!$A$4:$A$640&'ER C6 FLT3'!$B$4:$B$640-3,1),5)))),IF($B15=\"2 Trucks\",IF(OR($H15=\"Class_8\",$N15=\"Replacement8HHD\",$AH15=\"CL7HHD\",$AJ15=\"CL7to8\"),INDEX('ER C8 FLT2'!$A$4:$J$640,MATCH($E15&$C15,'ER C8 FLT2'!$A$4:$A$640&'ER C8 FLT2'!$B$4:$B$640-3,1),5),IF($H15=\"Class_7\",INDEX('ER C7 FLT2'!$A$4:$J$640,MATCH($E15&$C15,'ER C7 FLT2'!$A$4:$A$640&'ER C7 FLT2'!$B$4:$B$640-3,1),5),IF($H15=\"Class_6\",INDEX('ER C6 FLT2'!$A$4:$J$640,MATCH($E15&$C15,'ER C6 FLT2'!$A$4:$A$640&'ER C6 FLT2'!$B$4:$B$640-3,1),5)))),IF($B15=\"1 Truck\",IF(OR($H15=\"Class_8\",$N15=\"Replacement8HHD\",$AH15=\"CL7HHD\",$AJ15=\"CL7to8\"),INDEX('ER C8 FLT1'!$A$4:$J$640,MATCH($E15&$C15,'ER C8 FLT1'!$A$4:$A$640&'ER C8 FLT1'!$B$4:$B$640-3,1),5),IF($H15=\"Class_7\",INDEX('ER C7 FLT1'!$A$4:$J$640,MATCH($E15&$C15,'ER C7 FLT1'!$A$4:$A$640&'ER C7 FLT1'!$B$4:$B$640-3,1),5),IF($H15=\"Class_6\",INDEX('ER C6 FLT1'!$A$4:$J$640,MATCH($E15&$C15,'ER C6 FLT1'!$A$4:$A$640&'ER C6 FLT1'!$B$4:$B$640-3,1),5)))))))","v":false},{"$f":"IF($B15=\"3+ Trucks\",IF(OR($H15=\"Class_8\",$N15=\"Replacement8HHD\",$AH15=\"CL7HHD\",$AJ15=\"CL7to8\"),INDEX('ER C8 FLT3'!$A$4:$J$640,MATCH($E15&$C15,'ER C8 FLT3'!$A$4:$A$640&'ER C8 FLT3'!$B$4:$B$640-4,1),5),IF($H15=\"Class_7\",INDEX('ER C7 FLT3'!$A$4:$J$640,MATCH($E15&$C15,'ER C7 FLT3'!$A$4:$A$640&'ER C7 FLT3'!$B$4:$B$640-4,1),5),IF($H15=\"Class_6\",INDEX('ER C6 FLT3'!$A$4:$J$640,MATCH($E15&$C15,'ER C6 FLT3'!$A$4:$A$640&'ER C6 FLT3'!$B$4:$B$640-4,1),5)))),IF($B15=\"2 Trucks\",IF(OR($H15=\"Class_8\",$N15=\"Replacement8HHD\",$AH15=\"CL7HHD\",$AJ15=\"CL7to8\"),INDEX('ER C8 FLT2'!$A$4:$J$640,MATCH($E15&$C15,'ER C8 FLT2'!$A$4:$A$640&'ER C8 FLT2'!$B$4:$B$640-4,1),5),IF($H15=\"Class_7\",INDEX('ER C7 FLT2'!$A$4:$J$640,MATCH($E15&$C15,'ER C7 FLT2'!$A$4:$A$640&'ER C7 FLT2'!$B$4:$B$640-4,1),5),IF($H15=\"Class_6\",INDEX('ER C6 FLT2'!$A$4:$J$640,MATCH($E15&$C15,'ER C6 FLT2'!$A$4:$A$640&'ER C6 FLT2'!$B$4:$B$640-4,1),5)))),IF($B15=\"1 Truck\",IF(OR($H15=\"Class_8\",$N15=\"Replacement8HHD\",$AH15=\"CL7HHD\",$AJ15=\"CL7to8\"),INDEX('ER C8 FLT1'!$A$4:$J$640,MATCH($E15&$C15,'ER C8 FLT1'!$A$4:$A$640&'ER C8 FLT1'!$B$4:$B$640-4,1),5),IF($H15=\"Class_7\",INDEX('ER C7 FLT1'!$A$4:$J$640,MATCH($E15&$C15,'ER C7 FLT1'!$A$4:$A$640&'ER C7 FLT1'!$B$4:$B$640-4,1),5),IF($H15=\"Class_6\",INDEX('ER C6 FLT1'!$A$4:$J$640,MATCH($E15&$C15,'ER C6 FLT1'!$A$4:$A$640&'ER C6 FLT1'!$B$4:$B$640-4,1),5)))))))","v":false},{"$f":"IF(OR($R15=\"Diesel\",$R15=\"LNG/CNG\",$R15=\"Hybrid\",$R15=\"Electric w/ AB-118\"),IF($B15=\"3+ Trucks\",IF(OR($O15=\"Class_8\",$N15=\"Replacement8HHD\",$AI15=\"CL7HHD\"),INDEX('ER C8 FLT3'!$A$4:$J$640,MATCH(DropData!$J55&$C15,'ER C8 FLT3'!$A$4:$A$640&'ER C8 FLT3'!$B$4:$B$640,1),5)*IF(OR($O15=\"Class_8\",$N15=\"Replacement8HHD\",$AI15=\"CL7HHD\"),INDEX('ER C8 FLT3'!$A$4:$J$640,MATCH(DropData!$J55&$C15,'ER C8 FLT3'!$A$4:$A$640&'ER C8 FLT3'!$B$4:$B$640,1),7)),IF($O15=\"Class_7\",INDEX('ER C7 FLT3'!$A$4:$J$640,MATCH(DropData!$J55&$C15,'ER C7 FLT3'!$A$4:$A$640&'ER C7 FLT3'!$B$4:$B$640,1),5)*IF($O15=\"Class_7\",INDEX('ER C7 FLT3'!$A$4:$J$640,MATCH(DropData!$J55&$C15,'ER C7 FLT3'!$A$4:$A$640&'ER C7 FLT3'!$B$4:$B$640,1),7)),IF($O15=\"Class_6\",INDEX('ER C6 FLT3'!$A$4:$J$640,MATCH(DropData!$J55&$C15,'ER C6 FLT3'!$A$4:$A$640&'ER C6 FLT3'!$B$4:$B$640,1),5)*IF($O15=\"Class_6\",INDEX('ER C6 FLT3'!$A$4:$J$640,MATCH(DropData!$J55&$C15,'ER C6 FLT3'!$A$4:$A$640&'ER C6 FLT3'!$B$4:$B$640,1),7))))),IF($B15=\"2 Trucks\",IF(OR($O15=\"Class_8\",$N15=\"Replacement8HHD\",$AI15=\"CL7HHD\"),INDEX('ER C8 FLT2'!$A$4:$J$640,MATCH(DropData!$J55&$C15,'ER C8 FLT2'!$A$4:$A$640&'ER C8 FLT2'!$B$4:$B$640,1),5)*IF(OR($O15=\"Class_8\",$N15=\"Replacement8HHD\",$AI15=\"CL7HHD\"),INDEX('ER C8 FLT2'!$A$4:$J$640,MATCH(DropData!$J55&$C15,'ER C8 FLT2'!$A$4:$A$640&'ER C8 FLT2'!$B$4:$B$640,1),7)),IF($O15=\"Class_7\",INDEX('ER C7 FLT2'!$A$4:$J$640,MATCH(DropData!$J55&$C15,'ER C7 FLT2'!$A$4:$A$640&'ER C7 FLT2'!$B$4:$B$640,1),5)*IF($O15=\"Class_7\",INDEX('ER C7 FLT2'!$A$4:$J$640,MATCH(DropData!$J55&$C15,'ER C7 FLT2'!$A$4:$A$640&'ER C7 FLT2'!$B$4:$B$640,1),7)),IF($O15=\"Class_6\",INDEX('ER C6 FLT2'!$A$4:$J$640,MATCH(DropData!$J55&$C15,'ER C6 FLT2'!$A$4:$A$640&'ER C6 FLT2'!$B$4:$B$640,1),5)*IF($O15=\"Class_6\",INDEX('ER C6 FLT2'!$A$4:$J$640,MATCH(DropData!$J55&$C15,'ER C6 FLT2'!$A$4:$A$640&'ER C6 FLT2'!$B$4:$B$640,1),7))))),IF($B15=\"1 Truck\",IF(OR($O15=\"Class_8\",$N15=\"Replacement8HHD\",$AI15=\"CL7HHD\"),INDEX('ER C8 FLT1'!$A$4:$J$640,MATCH(DropData!$J55&$C15,'ER C8 FLT1'!$A$4:$A$640&'ER C8 FLT1'!$B$4:$B$640,1),5)*IF(OR($O15=\"Class_8\",$N15=\"Replacement8HHD\",$AI15=\"CL7HHD\"),INDEX('ER C8 FLT1'!$A$4:$J$640,MATCH(DropData!$J55&$C15,'ER C8 FLT1'!$A$4:$A$640&'ER C8 FLT1'!$B$4:$B$640,1),7)),IF($O15=\"Class_7\",INDEX('ER C7 FLT1'!$A$4:$J$640,MATCH(DropData!$J55&$C15,'ER C7 FLT1'!$A$4:$A$640&'ER C7 FLT1'!$B$4:$B$640,1),5)*IF($O15=\"Class_7\",INDEX('ER C7 FLT1'!$A$4:$J$640,MATCH(DropData!$J55&$C15,'ER C7 FLT1'!$A$4:$A$640&'ER C7 FLT1'!$B$4:$B$640,1),7)),IF($O15=\"Class_6\",INDEX('ER C6 FLT1'!$A$4:$J$640,MATCH(DropData!$J55&$C15,'ER C6 FLT1'!$A$4:$A$640&'ER C6 FLT1'!$B$4:$B$640,1),5)*IF($O15=\"Class_6\",INDEX('ER C6 FLT1'!$A$4:$J$640,MATCH(DropData!$J55&$C15,'ER C6 FLT1'!$A$4:$A$640&'ER C6 FLT1'!$B$4:$B$640,1),7)))))))),IF($R15=\"Electric\",INDEX('ER Electric'!$A$6:$E$44,MATCH($C15&$O15,'ER Electric'!$A$6:$A$44&'ER Electric'!$B$6:$B$44,1),4)))*(($Q15+$AC15)/453.6)","v":0},{"$f":"IF(OR($R15=\"Diesel\",$R15=\"LNG/CNG\",$R15=\"Hybrid\",$R15=\"Electric w/ AB-118\"),IF($B15=\"3+ Trucks\",IF(OR($O15=\"Class_8\",$N15=\"Replacement8HHD\",$AI15=\"CL7HHD\"),INDEX('ER C8 FLT3'!$A$4:$J$640,MATCH(DropData!$J55&$C15,'ER C8 FLT3'!$A$4:$A$640&'ER C8 FLT3'!$B$4:$B$640-1,1),5)*IF(OR($O15=\"Class_8\",$N15=\"Replacement8HHD\",$AI15=\"CL7HHD\"),INDEX('ER C8 FLT3'!$A$4:$J$640,MATCH(DropData!$J55&$C15,'ER C8 FLT3'!$A$4:$A$640&'ER C8 FLT3'!$B$4:$B$640-1,1),7)),IF($O15=\"Class_7\",INDEX('ER C7 FLT3'!$A$4:$J$640,MATCH(DropData!$J55&$C15,'ER C7 FLT3'!$A$4:$A$640&'ER C7 FLT3'!$B$4:$B$640-1,1),5)*IF($O15=\"Class_7\",INDEX('ER C7 FLT3'!$A$4:$J$640,MATCH(DropData!$J55&$C15,'ER C7 FLT3'!$A$4:$A$640&'ER C7 FLT3'!$B$4:$B$640-1,1),7)),IF($O15=\"Class_6\",INDEX('ER C6 FLT3'!$A$4:$J$640,MATCH(DropData!$J55&$C15,'ER C6 FLT3'!$A$4:$A$640&'ER C6 FLT3'!$B$4:$B$640-1,1),5)*IF($O15=\"Class_6\",INDEX('ER C6 FLT3'!$A$4:$J$640,MATCH(DropData!$J55&$C15,'ER C6 FLT3'!$A$4:$A$640&'ER C6 FLT3'!$B$4:$B$640-1,1),7))))),IF($B15=\"2 Trucks\",IF(OR($O15=\"Class_8\",$N15=\"Replacement8HHD\",$AI15=\"CL7HHD\"),INDEX('ER C8 FLT2'!$A$4:$J$640,MATCH(DropData!$J55&$C15,'ER C8 FLT2'!$A$4:$A$640&'ER C8 FLT2'!$B$4:$B$640-1,1),5)*IF(OR($O15=\"Class_8\",$N15=\"Replacement8HHD\",$AI15=\"CL7HHD\"),INDEX('ER C8 FLT2'!$A$4:$J$640,MATCH(DropData!$J55&$C15,'ER C8 FLT2'!$A$4:$A$640&'ER C8 FLT2'!$B$4:$B$640-1,1),7)),IF($O15=\"Class_7\",INDEX('ER C7 FLT2'!$A$4:$J$640,MATCH(DropData!$J55&$C15,'ER C7 FLT2'!$A$4:$A$640&'ER C7 FLT2'!$B$4:$B$640-1,1),5)*IF($O15=\"Class_7\",INDEX('ER C7 FLT2'!$A$4:$J$640,MATCH(DropData!$J55&$C15,'ER C7 FLT2'!$A$4:$A$640&'ER C7 FLT2'!$B$4:$B$640-1,1),7)),IF($O15=\"Class_6\",INDEX('ER C6 FLT2'!$A$4:$J$640,MATCH(DropData!$J55&$C15,'ER C6 FLT2'!$A$4:$A$640&'ER C6 FLT2'!$B$4:$B$640-1,1),5)*IF($O15=\"Class_6\",INDEX('ER C6 FLT2'!$A$4:$J$640,MATCH(DropData!$J55&$C15,'ER C6 FLT2'!$A$4:$A$640&'ER C6 FLT2'!$B$4:$B$640-1,1),7))))),IF($B15=\"1 Truck\",IF(OR($O15=\"Class_8\",$N15=\"Replacement8HHD\",$AI15=\"CL7HHD\"),INDEX('ER C8 FLT1'!$A$4:$J$640,MATCH(DropData!$J55&$C15,'ER C8 FLT1'!$A$4:$A$640&'ER C8 FLT1'!$B$4:$B$640-1,1),5)*IF(OR($O15=\"Class_8\",$N15=\"Replacement8HHD\",$AI15=\"CL7HHD\"),INDEX('ER C8 FLT1'!$A$4:$J$640,MATCH(DropData!$J55&$C15,'ER C8 FLT1'!$A$4:$A$640&'ER C8 FLT1'!$B$4:$B$640-1,1),7)),IF($O15=\"Class_7\",INDEX('ER C7 FLT1'!$A$4:$J$640,MATCH(DropData!$J55&$C15,'ER C7 FLT1'!$A$4:$A$640&'ER C7 FLT1'!$B$4:$B$640-1,1),5)*IF($O15=\"Class_7\",INDEX('ER C7 FLT1'!$A$4:$J$640,MATCH(DropData!$J55&$C15,'ER C7 FLT1'!$A$4:$A$640&'ER C7 FLT1'!$B$4:$B$640-1,1),7)),IF($O15=\"Class_6\",INDEX('ER C6 FLT1'!$A$4:$J$640,MATCH(DropData!$J55&$C15,'ER C6 FLT1'!$A$4:$A$640&'ER C6 FLT1'!$B$4:$B$640-1,1),5)*IF($O15=\"Class_6\",INDEX('ER C6 FLT1'!$A$4:$J$640,MATCH(DropData!$J55&$C15,'ER C6 FLT1'!$A$4:$A$640&'ER C6 FLT1'!$B$4:$B$640-1,1),7)))))))),IF($R15=\"Electric\",OFFSET(INDEX('ER Electric'!$A$6:$E$44,MATCH($C15&$O15,'ER Electric'!$A$6:$A$44&'ER Electric'!$B$6:$B$44,1),4),3,0)))*(($Q15+$AC15)/453.6)","v":0},{"$f":"IF(OR($R15=\"Diesel\",$R15=\"LNG/CNG\",$R15=\"Hybrid\",$R15=\"Electric w/ AB-118\"),IF($B15=\"3+ Trucks\",IF(OR($O15=\"Class_8\",$N15=\"Replacement8HHD\",$AI15=\"CL7HHD\"),INDEX('ER C8 FLT3'!$A$4:$J$640,MATCH(DropData!$J55&$C15,'ER C8 FLT3'!$A$4:$A$640&'ER C8 FLT3'!$B$4:$B$640-2,1),5)*IF(OR($O15=\"Class_8\",$N15=\"Replacement8HHD\",$AI15=\"CL7HHD\"),INDEX('ER C8 FLT3'!$A$4:$J$640,MATCH(DropData!$J55&$C15,'ER C8 FLT3'!$A$4:$A$640&'ER C8 FLT3'!$B$4:$B$640-2,1),7)),IF($O15=\"Class_7\",INDEX('ER C7 FLT3'!$A$4:$J$640,MATCH(DropData!$J55&$C15,'ER C7 FLT3'!$A$4:$A$640&'ER C7 FLT3'!$B$4:$B$640-2,1),5)*IF($O15=\"Class_7\",INDEX('ER C7 FLT3'!$A$4:$J$640,MATCH(DropData!$J55&$C15,'ER C7 FLT3'!$A$4:$A$640&'ER C7 FLT3'!$B$4:$B$640-2,1),7)),IF($O15=\"Class_6\",INDEX('ER C6 FLT3'!$A$4:$J$640,MATCH(DropData!$J55&$C15,'ER C6 FLT3'!$A$4:$A$640&'ER C6 FLT3'!$B$4:$B$640-2,1),5)*IF($O15=\"Class_6\",INDEX('ER C6 FLT3'!$A$4:$J$640,MATCH(DropData!$J55&$C15,'ER C6 FLT3'!$A$4:$A$640&'ER C6 FLT3'!$B$4:$B$640-2,1),7))))),IF($B15=\"2 Trucks\",IF(OR($O15=\"Class_8\",$N15=\"Replacement8HHD\",$AI15=\"CL7HHD\"),INDEX('ER C8 FLT2'!$A$4:$J$640,MATCH(DropData!$J55&$C15,'ER C8 FLT2'!$A$4:$A$640&'ER C8 FLT2'!$B$4:$B$640-2,1),5)*IF(OR($O15=\"Class_8\",$N15=\"Replacement8HHD\",$AI15=\"CL7HHD\"),INDEX('ER C8 FLT2'!$A$4:$J$640,MATCH(DropData!$J55&$C15,'ER C8 FLT2'!$A$4:$A$640&'ER C8 FLT2'!$B$4:$B$640-2,1),7)),IF($O15=\"Class_7\",INDEX('ER C7 FLT2'!$A$4:$J$640,MATCH(DropData!$J55&$C15,'ER C7 FLT2'!$A$4:$A$640&'ER C7 FLT2'!$B$4:$B$640-2,1),5)*IF($O15=\"Class_7\",INDEX('ER C7 FLT2'!$A$4:$J$640,MATCH(DropData!$J55&$C15,'ER C7 FLT2'!$A$4:$A$640&'ER C7 FLT2'!$B$4:$B$640-2,1),7)),IF($O15=\"Class_6\",INDEX('ER C6 FLT2'!$A$4:$J$640,MATCH(DropData!$J55&$C15,'ER C6 FLT2'!$A$4:$A$640&'ER C6 FLT2'!$B$4:$B$640-2,1),5)*IF($O15=\"Class_6\",INDEX('ER C6 FLT2'!$A$4:$J$640,MATCH(DropData!$J55&$C15,'ER C6 FLT2'!$A$4:$A$640&'ER C6 FLT2'!$B$4:$B$640-2,1),7))))),IF($B15=\"1 Truck\",IF(OR($O15=\"Class_8\",$N15=\"Replacement8HHD\",$AI15=\"CL7HHD\"),INDEX('ER C8 FLT1'!$A$4:$J$640,MATCH(DropData!$J55&$C15,'ER C8 FLT1'!$A$4:$A$640&'ER C8 FLT1'!$B$4:$B$640-2,1),5)*IF(OR($O15=\"Class_8\",$N15=\"Replacement8HHD\",$AI15=\"CL7HHD\"),INDEX('ER C8 FLT1'!$A$4:$J$640,MATCH(DropData!$J55&$C15,'ER C8 FLT1'!$A$4:$A$640&'ER C8 FLT1'!$B$4:$B$640-2,1),7)),IF($O15=\"Class_7\",INDEX('ER C7 FLT1'!$A$4:$J$640,MATCH(DropData!$J55&$C15,'ER C7 FLT1'!$A$4:$A$640&'ER C7 FLT1'!$B$4:$B$640-2,1),5)*IF($O15=\"Class_7\",INDEX('ER C7 FLT1'!$A$4:$J$640,MATCH(DropData!$J55&$C15,'ER C7 FLT1'!$A$4:$A$640&'ER C7 FLT1'!$B$4:$B$640-2,1),7)),IF($O15=\"Class_6\",INDEX('ER C6 FLT1'!$A$4:$J$640,MATCH(DropData!$J55&$C15,'ER C6 FLT1'!$A$4:$A$640&'ER C6 FLT1'!$B$4:$B$640-2,1),5)*IF($O15=\"Class_6\",INDEX('ER C6 FLT1'!$A$4:$J$640,MATCH(DropData!$J55&$C15,'ER C6 FLT1'!$A$4:$A$640&'ER C6 FLT1'!$B$4:$B$640-2,1),7)))))))),IF($R15=\"Electric\",OFFSET(INDEX('ER Electric'!$A$6:$E$44,MATCH($C15&$O15,'ER Electric'!$A$6:$A$44&'ER Electric'!$B$6:$B$44,1),4),6,0)))*(($Q15+$AC15)/453.6)","v":0},{"$f":"IF(OR($R15=\"Diesel\",$R15=\"LNG/CNG\",$R15=\"Hybrid\",$R15=\"Electric w/ AB-118\"),IF($B15=\"3+ Trucks\",IF(OR($O15=\"Class_8\",$N15=\"Replacement8HHD\",$AI15=\"CL7HHD\"),INDEX('ER C8 FLT3'!$A$4:$J$640,MATCH(DropData!$J55&$C15,'ER C8 FLT3'!$A$4:$A$640&'ER C8 FLT3'!$B$4:$B$640-3,1),5)*IF(OR($O15=\"Class_8\",$N15=\"Replacement8HHD\",$AI15=\"CL7HHD\"),INDEX('ER C8 FLT3'!$A$4:$J$640,MATCH(DropData!$J55&$C15,'ER C8 FLT3'!$A$4:$A$640&'ER C8 FLT3'!$B$4:$B$640-3,1),7)),IF($O15=\"Class_7\",INDEX('ER C7 FLT3'!$A$4:$J$640,MATCH(DropData!$J55&$C15,'ER C7 FLT3'!$A$4:$A$640&'ER C7 FLT3'!$B$4:$B$640-3,1),5)*IF($O15=\"Class_7\",INDEX('ER C7 FLT3'!$A$4:$J$640,MATCH(DropData!$J55&$C15,'ER C7 FLT3'!$A$4:$A$640&'ER C7 FLT3'!$B$4:$B$640-3,1),7)),IF($O15=\"Class_6\",INDEX('ER C6 FLT3'!$A$4:$J$640,MATCH(DropData!$J55&$C15,'ER C6 FLT3'!$A$4:$A$640&'ER C6 FLT3'!$B$4:$B$640-3,1),5)*IF($O15=\"Class_6\",INDEX('ER C6 FLT3'!$A$4:$J$640,MATCH(DropData!$J55&$C15,'ER C6 FLT3'!$A$4:$A$640&'ER C6 FLT3'!$B$4:$B$640-3,1),7))))),IF($B15=\"2 Trucks\",IF(OR($O15=\"Class_8\",$N15=\"Replacement8HHD\",$AI15=\"CL7HHD\"),INDEX('ER C8 FLT2'!$A$4:$J$640,MATCH(DropData!$J55&$C15,'ER C8 FLT2'!$A$4:$A$640&'ER C8 FLT2'!$B$4:$B$640-3,1),5)*IF(OR($O15=\"Class_8\",$N15=\"Replacement8HHD\",$AI15=\"CL7HHD\"),INDEX('ER C8 FLT2'!$A$4:$J$640,MATCH(DropData!$J55&$C15,'ER C8 FLT2'!$A$4:$A$640&'ER C8 FLT2'!$B$4:$B$640-3,1),7)),IF($O15=\"Class_7\",INDEX('ER C7 FLT2'!$A$4:$J$640,MATCH(DropData!$J55&$C15,'ER C7 FLT2'!$A$4:$A$640&'ER C7 FLT2'!$B$4:$B$640-3,1),5)*IF($O15=\"Class_7\",INDEX('ER C7 FLT2'!$A$4:$J$640,MATCH(DropData!$J55&$C15,'ER C7 FLT2'!$A$4:$A$640&'ER C7 FLT2'!$B$4:$B$640-3,1),7)),IF($O15=\"Class_6\",INDEX('ER C6 FLT2'!$A$4:$J$640,MATCH(DropData!$J55&$C15,'ER C6 FLT2'!$A$4:$A$640&'ER C6 FLT2'!$B$4:$B$640-3,1),5)*IF($O15=\"Class_6\",INDEX('ER C6 FLT2'!$A$4:$J$640,MATCH(DropData!$J55&$C15,'ER C6 FLT2'!$A$4:$A$640&'ER C6 FLT2'!$B$4:$B$640-3,1),7))))),IF($B15=\"1 Truck\",IF(OR($O15=\"Class_8\",$N15=\"Replacement8HHD\",$AI15=\"CL7HHD\"),INDEX('ER C8 FLT1'!$A$4:$J$640,MATCH(DropData!$J55&$C15,'ER C8 FLT1'!$A$4:$A$640&'ER C8 FLT1'!$B$4:$B$640-3,1),5)*IF(OR($O15=\"Class_8\",$N15=\"Replacement8HHD\",$AI15=\"CL7HHD\"),INDEX('ER C8 FLT1'!$A$4:$J$640,MATCH(DropData!$J55&$C15,'ER C8 FLT1'!$A$4:$A$640&'ER C8 FLT1'!$B$4:$B$640-3,1),7)),IF($O15=\"Class_7\",INDEX('ER C7 FLT1'!$A$4:$J$640,MATCH(DropData!$J55&$C15,'ER C7 FLT1'!$A$4:$A$640&'ER C7 FLT1'!$B$4:$B$640-3,1),5)*IF($O15=\"Class_7\",INDEX('ER C7 FLT1'!$A$4:$J$640,MATCH(DropData!$J55&$C15,'ER C7 FLT1'!$A$4:$A$640&'ER C7 FLT1'!$B$4:$B$640-3,1),7)),IF($O15=\"Class_6\",INDEX('ER C6 FLT1'!$A$4:$J$640,MATCH(DropData!$J55&$C15,'ER C6 FLT1'!$A$4:$A$640&'ER C6 FLT1'!$B$4:$B$640-3,1),5)*IF($O15=\"Class_6\",INDEX('ER C6 FLT1'!$A$4:$J$640,MATCH(DropData!$J55&$C15,'ER C6 FLT1'!$A$4:$A$640&'ER C6 FLT1'!$B$4:$B$640-3,1),7)))))))),IF($R15=\"Electric\",OFFSET(INDEX('ER Electric'!$A$6:$E$44,MATCH($C15&$O15,'ER Electric'!$A$6:$A$44&'ER Electric'!$B$6:$B$44,1),4),9,0)))*(($Q15+$AC15)/453.6)","v":0},{"$f":"IF(OR($R15=\"Diesel\",$R15=\"LNG/CNG\",$R15=\"Hybrid\",$R15=\"Electric w/ AB-118\"),IF($B15=\"3+ Trucks\",IF(OR($O15=\"Class_8\",$N15=\"Replacement8HHD\",$AI15=\"CL7HHD\"),INDEX('ER C8 FLT3'!$A$4:$J$640,MATCH(DropData!$J55&$C15,'ER C8 FLT3'!$A$4:$A$640&'ER C8 FLT3'!$B$4:$B$640-4,1),5)*IF(OR($O15=\"Class_8\",$N15=\"Replacement8HHD\",$AI15=\"CL7HHD\"),INDEX('ER C8 FLT3'!$A$4:$J$640,MATCH(DropData!$J55&$C15,'ER C8 FLT3'!$A$4:$A$640&'ER C8 FLT3'!$B$4:$B$640-4,1),7)),IF($O15=\"Class_7\",INDEX('ER C7 FLT3'!$A$4:$J$640,MATCH(DropData!$J55&$C15,'ER C7 FLT3'!$A$4:$A$640&'ER C7 FLT3'!$B$4:$B$640-4,1),5)*IF($O15=\"Class_7\",INDEX('ER C7 FLT3'!$A$4:$J$640,MATCH(DropData!$J55&$C15,'ER C7 FLT3'!$A$4:$A$640&'ER C7 FLT3'!$B$4:$B$640-4,1),7)),IF($O15=\"Class_6\",INDEX('ER C6 FLT3'!$A$4:$J$640,MATCH(DropData!$J55&$C15,'ER C6 FLT3'!$A$4:$A$640&'ER C6 FLT3'!$B$4:$B$640-4,1),5)*IF($O15=\"Class_6\",INDEX('ER C6 FLT3'!$A$4:$J$640,MATCH(DropData!$J55&$C15,'ER C6 FLT3'!$A$4:$A$640&'ER C6 FLT3'!$B$4:$B$640-4,1),7))))),IF($B15=\"2 Trucks\",IF(OR($O15=\"Class_8\",$N15=\"Replacement8HHD\",$AI15=\"CL7HHD\"),INDEX('ER C8 FLT2'!$A$4:$J$640,MATCH(DropData!$J55&$C15,'ER C8 FLT2'!$A$4:$A$640&'ER C8 FLT2'!$B$4:$B$640-4,1),5)*IF(OR($O15=\"Class_8\",$N15=\"Replacement8HHD\",$AI15=\"CL7HHD\"),INDEX('ER C8 FLT2'!$A$4:$J$640,MATCH(DropData!$J55&$C15,'ER C8 FLT2'!$A$4:$A$640&'ER C8 FLT2'!$B$4:$B$640-4,1),7)),IF($O15=\"Class_7\",INDEX('ER C7 FLT2'!$A$4:$J$640,MATCH(DropData!$J55&$C15,'ER C7 FLT2'!$A$4:$A$640&'ER C7 FLT2'!$B$4:$B$640-4,1),5)*IF($O15=\"Class_7\",INDEX('ER C7 FLT2'!$A$4:$J$640,MATCH(DropData!$J55&$C15,'ER C7 FLT2'!$A$4:$A$640&'ER C7 FLT2'!$B$4:$B$640-4,1),7)),IF($O15=\"Class_6\",INDEX('ER C6 FLT2'!$A$4:$J$640,MATCH(DropData!$J55&$C15,'ER C6 FLT2'!$A$4:$A$640&'ER C6 FLT2'!$B$4:$B$640-4,1),5)*IF($O15=\"Class_6\",INDEX('ER C6 FLT2'!$A$4:$J$640,MATCH(DropData!$J55&$C15,'ER C6 FLT2'!$A$4:$A$640&'ER C6 FLT2'!$B$4:$B$640-4,1),7))))),IF($B15=\"1 Truck\",IF(OR($O15=\"Class_8\",$N15=\"Replacement8HHD\",$AI15=\"CL7HHD\"),INDEX('ER C8 FLT1'!$A$4:$J$640,MATCH(DropData!$J55&$C15,'ER C8 FLT1'!$A$4:$A$640&'ER C8 FLT1'!$B$4:$B$640-4,1),5)*IF(OR($O15=\"Class_8\",$N15=\"Replacement8HHD\",$AI15=\"CL7HHD\"),INDEX('ER C8 FLT1'!$A$4:$J$640,MATCH(DropData!$J55&$C15,'ER C8 FLT1'!$A$4:$A$640&'ER C8 FLT1'!$B$4:$B$640-4,1),7)),IF($O15=\"Class_7\",INDEX('ER C7 FLT1'!$A$4:$J$640,MATCH(DropData!$J55&$C15,'ER C7 FLT1'!$A$4:$A$640&'ER C7 FLT1'!$B$4:$B$640-4,1),5)*IF($O15=\"Class_7\",INDEX('ER C7 FLT1'!$A$4:$J$640,MATCH(DropData!$J55&$C15,'ER C7 FLT1'!$A$4:$A$640&'ER C7 FLT1'!$B$4:$B$640-4,1),7)),IF($O15=\"Class_6\",INDEX('ER C6 FLT1'!$A$4:$J$640,MATCH(DropData!$J55&$C15,'ER C6 FLT1'!$A$4:$A$640&'ER C6 FLT1'!$B$4:$B$640-4,1),5)*IF($O15=\"Class_6\",INDEX('ER C6 FLT1'!$A$4:$J$640,MATCH(DropData!$J55&$C15,'ER C6 FLT1'!$A$4:$A$640&'ER C6 FLT1'!$B$4:$B$640-4,1),7)))))))),IF($R15=\"Electric\",OFFSET(INDEX('ER Electric'!$A$6:$E$44,MATCH($C15&$O15,'ER Electric'!$A$6:$A$44&'ER Electric'!$B$6:$B$44,1),4),12,0)))*(($Q15+$AC15)/453.6)","v":0},{"$f":"IF(OR($R15=\"Diesel\",$R15=\"LNG/CNG\",$R15=\"Hybrid\",$R15=\"Electric w/ AB-118\"),IF($B15=\"3+ Trucks\",IF(OR($O15=\"Class_8\",$N15=\"Replacement8HHD\",$AI15=\"CL7HHD\"),INDEX('ER C8 FLT3'!$A$4:$J$640,MATCH(DropData!$J55&$C15,'ER C8 FLT3'!$A$4:$A$640&'ER C8 FLT3'!$B$4:$B$640,1),5)*IF(OR($O15=\"Class_8\",$N15=\"Replacement8HHD\",$AI15=\"CL7HHD\"),INDEX('ER C8 FLT3'!$A$4:$J$640,MATCH(DropData!$J55&$C15,'ER C8 FLT3'!$A$4:$A$640&'ER C8 FLT3'!$B$4:$B$640,1),7)),IF($O15=\"Class_7\",INDEX('ER C7 FLT3'!$A$4:$J$640,MATCH(DropData!$J55&$C15,'ER C7 FLT3'!$A$4:$A$640&'ER C7 FLT3'!$B$4:$B$640,1),5)*IF($O15=\"Class_7\",INDEX('ER C7 FLT3'!$A$4:$J$640,MATCH(DropData!$J55&$C15,'ER C7 FLT3'!$A$4:$A$640&'ER C7 FLT3'!$B$4:$B$640,1),7)),IF($O15=\"Class_6\",INDEX('ER C6 FLT3'!$A$4:$J$640,MATCH(DropData!$J55&$C15,'ER C6 FLT3'!$A$4:$A$640&'ER C6 FLT3'!$B$4:$B$640,1),5)*IF($O15=\"Class_6\",INDEX('ER C6 FLT3'!$A$4:$J$640,MATCH(DropData!$J55&$C15,'ER C6 FLT3'!$A$4:$A$640&'ER C6 FLT3'!$B$4:$B$640,1),7))))),IF($B15=\"2 Trucks\",IF(OR($O15=\"Class_8\",$N15=\"Replacement8HHD\",$AI15=\"CL7HHD\"),INDEX('ER C8 FLT2'!$A$4:$J$640,MATCH(DropData!$J55&$C15,'ER C8 FLT2'!$A$4:$A$640&'ER C8 FLT2'!$B$4:$B$640,1),5)*IF(OR($O15=\"Class_8\",$N15=\"Replacement8HHD\",$AI15=\"CL7HHD\"),INDEX('ER C8 FLT2'!$A$4:$J$640,MATCH(DropData!$J55&$C15,'ER C8 FLT2'!$A$4:$A$640&'ER C8 FLT2'!$B$4:$B$640,1),7)),IF($O15=\"Class_7\",INDEX('ER C7 FLT2'!$A$4:$J$640,MATCH(DropData!$J55&$C15,'ER C7 FLT2'!$A$4:$A$640&'ER C7 FLT2'!$B$4:$B$640,1),5)*IF($O15=\"Class_7\",INDEX('ER C7 FLT2'!$A$4:$J$640,MATCH(DropData!$J55&$C15,'ER C7 FLT2'!$A$4:$A$640&'ER C7 FLT2'!$B$4:$B$640,1),7)),IF($O15=\"Class_6\",INDEX('ER C6 FLT2'!$A$4:$J$640,MATCH(DropData!$J55&$C15,'ER C6 FLT2'!$A$4:$A$640&'ER C6 FLT2'!$B$4:$B$640,1),5)*IF($O15=\"Class_6\",INDEX('ER C6 FLT2'!$A$4:$J$640,MATCH(DropData!$J55&$C15,'ER C6 FLT2'!$A$4:$A$640&'ER C6 FLT2'!$B$4:$B$640,1),7))))),IF($B15=\"1 Truck\",IF(OR($O15=\"Class_8\",$N15=\"Replacement8HHD\",$AI15=\"CL7HHD\"),INDEX('ER C8 FLT1'!$A$4:$J$640,MATCH(DropData!$J55&$C15,'ER C8 FLT1'!$A$4:$A$640&'ER C8 FLT1'!$B$4:$B$640,1),5)*IF(OR($O15=\"Class_8\",$N15=\"Replacement8HHD\",$AI15=\"CL7HHD\"),INDEX('ER C8 FLT1'!$A$4:$J$640,MATCH(DropData!$J55&$C15,'ER C8 FLT1'!$A$4:$A$640&'ER C8 FLT1'!$B$4:$B$640,1),7)),IF($O15=\"Class_7\",INDEX('ER C7 FLT1'!$A$4:$J$640,MATCH(DropData!$J55&$C15,'ER C7 FLT1'!$A$4:$A$640&'ER C7 FLT1'!$B$4:$B$640,1),5)*IF($O15=\"Class_7\",INDEX('ER C7 FLT1'!$A$4:$J$640,MATCH(DropData!$J55&$C15,'ER C7 FLT1'!$A$4:$A$640&'ER C7 FLT1'!$B$4:$B$640,1),7)),IF($O15=\"Class_6\",INDEX('ER C6 FLT1'!$A$4:$J$640,MATCH(DropData!$J55&$C15,'ER C6 FLT1'!$A$4:$A$640&'ER C6 FLT1'!$B$4:$B$640,1),5)*IF($O15=\"Class_6\",INDEX('ER C6 FLT1'!$A$4:$J$640,MATCH(DropData!$J55&$C15,'ER C6 FLT1'!$A$4:$A$640&'ER C6 FLT1'!$B$4:$B$640,1),7)))))))),IF($R15=\"Electric\",INDEX('ER Electric'!$A$6:$E$44,MATCH($C15&$O15,'ER Electric'!$A$6:$A$44&'ER Electric'!$B$6:$B$44,1),4)))","v":false},{"$f":"IF(OR($R15=\"Diesel\",$R15=\"LNG/CNG\",$R15=\"Hybrid\",$R15=\"Electric w/ AB-118\"),IF($B15=\"3+ Trucks\",IF(OR($O15=\"Class_8\",$N15=\"Replacement8HHD\",$AI15=\"CL7HHD\"),INDEX('ER C8 FLT3'!$A$4:$J$640,MATCH(DropData!$J55&$C15,'ER C8 FLT3'!$A$4:$A$640&'ER C8 FLT3'!$B$4:$B$640-1,1),5)*IF(OR($O15=\"Class_8\",$N15=\"Replacement8HHD\",$AI15=\"CL7HHD\"),INDEX('ER C8 FLT3'!$A$4:$J$640,MATCH(DropData!$J55&$C15,'ER C8 FLT3'!$A$4:$A$640&'ER C8 FLT3'!$B$4:$B$640-1,1),7)),IF($O15=\"Class_7\",INDEX('ER C7 FLT3'!$A$4:$J$640,MATCH(DropData!$J55&$C15,'ER C7 FLT3'!$A$4:$A$640&'ER C7 FLT3'!$B$4:$B$640-1,1),5)*IF($O15=\"Class_7\",INDEX('ER C7 FLT3'!$A$4:$J$640,MATCH(DropData!$J55&$C15,'ER C7 FLT3'!$A$4:$A$640&'ER C7 FLT3'!$B$4:$B$640-1,1),7)),IF($O15=\"Class_6\",INDEX('ER C6 FLT3'!$A$4:$J$640,MATCH(DropData!$J55&$C15,'ER C6 FLT3'!$A$4:$A$640&'ER C6 FLT3'!$B$4:$B$640-1,1),5)*IF($O15=\"Class_6\",INDEX('ER C6 FLT3'!$A$4:$J$640,MATCH(DropData!$J55&$C15,'ER C6 FLT3'!$A$4:$A$640&'ER C6 FLT3'!$B$4:$B$640-1,1),7))))),IF($B15=\"2 Trucks\",IF(OR($O15=\"Class_8\",$N15=\"Replacement8HHD\",$AI15=\"CL7HHD\"),INDEX('ER C8 FLT2'!$A$4:$J$640,MATCH(DropData!$J55&$C15,'ER C8 FLT2'!$A$4:$A$640&'ER C8 FLT2'!$B$4:$B$640-1,1),5)*IF(OR($O15=\"Class_8\",$N15=\"Replacement8HHD\",$AI15=\"CL7HHD\"),INDEX('ER C8 FLT2'!$A$4:$J$640,MATCH(DropData!$J55&$C15,'ER C8 FLT2'!$A$4:$A$640&'ER C8 FLT2'!$B$4:$B$640-1,1),7)),IF($O15=\"Class_7\",INDEX('ER C7 FLT2'!$A$4:$J$640,MATCH(DropData!$J55&$C15,'ER C7 FLT2'!$A$4:$A$640&'ER C7 FLT2'!$B$4:$B$640-1,1),5)*IF($O15=\"Class_7\",INDEX('ER C7 FLT2'!$A$4:$J$640,MATCH(DropData!$J55&$C15,'ER C7 FLT2'!$A$4:$A$640&'ER C7 FLT2'!$B$4:$B$640-1,1),7)),IF($O15=\"Class_6\",INDEX('ER C6 FLT2'!$A$4:$J$640,MATCH(DropData!$J55&$C15,'ER C6 FLT2'!$A$4:$A$640&'ER C6 FLT2'!$B$4:$B$640-1,1),5)*IF($O15=\"Class_6\",INDEX('ER C6 FLT2'!$A$4:$J$640,MATCH(DropData!$J55&$C15,'ER C6 FLT2'!$A$4:$A$640&'ER C6 FLT2'!$B$4:$B$640-1,1),7))))),IF($B15=\"1 Truck\",IF(OR($O15=\"Class_8\",$N15=\"Replacement8HHD\",$AI15=\"CL7HHD\"),INDEX('ER C8 FLT1'!$A$4:$J$640,MATCH(DropData!$J55&$C15,'ER C8 FLT1'!$A$4:$A$640&'ER C8 FLT1'!$B$4:$B$640-1,1),5)*IF(OR($O15=\"Class_8\",$N15=\"Replacement8HHD\",$AI15=\"CL7HHD\"),INDEX('ER C8 FLT1'!$A$4:$J$640,MATCH(DropData!$J55&$C15,'ER C8 FLT1'!$A$4:$A$640&'ER C8 FLT1'!$B$4:$B$640-1,1),7)),IF($O15=\"Class_7\",INDEX('ER C7 FLT1'!$A$4:$J$640,MATCH(DropData!$J55&$C15,'ER C7 FLT1'!$A$4:$A$640&'ER C7 FLT1'!$B$4:$B$640-1,1),5)*IF($O15=\"Class_7\",INDEX('ER C7 FLT1'!$A$4:$J$640,MATCH(DropData!$J55&$C15,'ER C7 FLT1'!$A$4:$A$640&'ER C7 FLT1'!$B$4:$B$640-1,1),7)),IF($O15=\"Class_6\",INDEX('ER C6 FLT1'!$A$4:$J$640,MATCH(DropData!$J55&$C15,'ER C6 FLT1'!$A$4:$A$640&'ER C6 FLT1'!$B$4:$B$640-1,1),5)*IF($O15=\"Class_6\",INDEX('ER C6 FLT1'!$A$4:$J$640,MATCH(DropData!$J55&$C15,'ER C6 FLT1'!$A$4:$A$640&'ER C6 FLT1'!$B$4:$B$640-1,1),7)))))))),IF($R15=\"Electric\",OFFSET(INDEX('ER Electric'!$A$6:$E$44,MATCH($C15&$O15,'ER Electric'!$A$6:$A$44&'ER Electric'!$B$6:$B$44,1),4),3,0)))","v":false},{"$f":"IF(OR($R15=\"Diesel\",$R15=\"LNG/CNG\",$R15=\"Hybrid\",$R15=\"Electric w/ AB-118\"),IF($B15=\"3+ Trucks\",IF(OR($O15=\"Class_8\",$N15=\"Replacement8HHD\",$AI15=\"CL7HHD\"),INDEX('ER C8 FLT3'!$A$4:$J$640,MATCH(DropData!$J55&$C15,'ER C8 FLT3'!$A$4:$A$640&'ER C8 FLT3'!$B$4:$B$640-2,1),5)*IF(OR($O15=\"Class_8\",$N15=\"Replacement8HHD\",$AI15=\"CL7HHD\"),INDEX('ER C8 FLT3'!$A$4:$J$640,MATCH(DropData!$J55&$C15,'ER C8 FLT3'!$A$4:$A$640&'ER C8 FLT3'!$B$4:$B$640-2,1),7)),IF($O15=\"Class_7\",INDEX('ER C7 FLT3'!$A$4:$J$640,MATCH(DropData!$J55&$C15,'ER C7 FLT3'!$A$4:$A$640&'ER C7 FLT3'!$B$4:$B$640-2,1),5)*IF($O15=\"Class_7\",INDEX('ER C7 FLT3'!$A$4:$J$640,MATCH(DropData!$J55&$C15,'ER C7 FLT3'!$A$4:$A$640&'ER C7 FLT3'!$B$4:$B$640-2,1),7)),IF($O15=\"Class_6\",INDEX('ER C6 FLT3'!$A$4:$J$640,MATCH(DropData!$J55&$C15,'ER C6 FLT3'!$A$4:$A$640&'ER C6 FLT3'!$B$4:$B$640-2,1),5)*IF($O15=\"Class_6\",INDEX('ER C6 FLT3'!$A$4:$J$640,MATCH(DropData!$J55&$C15,'ER C6 FLT3'!$A$4:$A$640&'ER C6 FLT3'!$B$4:$B$640-2,1),7))))),IF($B15=\"2 Trucks\",IF(OR($O15=\"Class_8\",$N15=\"Replacement8HHD\",$AI15=\"CL7HHD\"),INDEX('ER C8 FLT2'!$A$4:$J$640,MATCH(DropData!$J55&$C15,'ER C8 FLT2'!$A$4:$A$640&'ER C8 FLT2'!$B$4:$B$640-2,1),5)*IF(OR($O15=\"Class_8\",$N15=\"Replacement8HHD\",$AI15=\"CL7HHD\"),INDEX('ER C8 FLT2'!$A$4:$J$640,MATCH(DropData!$J55&$C15,'ER C8 FLT2'!$A$4:$A$640&'ER C8 FLT2'!$B$4:$B$640-2,1),7)),IF($O15=\"Class_7\",INDEX('ER C7 FLT2'!$A$4:$J$640,MATCH(DropData!$J55&$C15,'ER C7 FLT2'!$A$4:$A$640&'ER C7 FLT2'!$B$4:$B$640-2,1),5)*IF($O15=\"Class_7\",INDEX('ER C7 FLT2'!$A$4:$J$640,MATCH(DropData!$J55&$C15,'ER C7 FLT2'!$A$4:$A$640&'ER C7 FLT2'!$B$4:$B$640-2,1),7)),IF($O15=\"Class_6\",INDEX('ER C6 FLT2'!$A$4:$J$640,MATCH(DropData!$J55&$C15,'ER C6 FLT2'!$A$4:$A$640&'ER C6 FLT2'!$B$4:$B$640-2,1),5)*IF($O15=\"Class_6\",INDEX('ER C6 FLT2'!$A$4:$J$640,MATCH(DropData!$J55&$C15,'ER C6 FLT2'!$A$4:$A$640&'ER C6 FLT2'!$B$4:$B$640-2,1),7))))),IF($B15=\"1 Truck\",IF(OR($O15=\"Class_8\",$N15=\"Replacement8HHD\",$AI15=\"CL7HHD\"),INDEX('ER C8 FLT1'!$A$4:$J$640,MATCH(DropData!$J55&$C15,'ER C8 FLT1'!$A$4:$A$640&'ER C8 FLT1'!$B$4:$B$640-2,1),5)*IF(OR($O15=\"Class_8\",$N15=\"Replacement8HHD\",$AI15=\"CL7HHD\"),INDEX('ER C8 FLT1'!$A$4:$J$640,MATCH(DropData!$J55&$C15,'ER C8 FLT1'!$A$4:$A$640&'ER C8 FLT1'!$B$4:$B$640-2,1),7)),IF($O15=\"Class_7\",INDEX('ER C7 FLT1'!$A$4:$J$640,MATCH(DropData!$J55&$C15,'ER C7 FLT1'!$A$4:$A$640&'ER C7 FLT1'!$B$4:$B$640-2,1),5)*IF($O15=\"Class_7\",INDEX('ER C7 FLT1'!$A$4:$J$640,MATCH(DropData!$J55&$C15,'ER C7 FLT1'!$A$4:$A$640&'ER C7 FLT1'!$B$4:$B$640-2,1),7)),IF($O15=\"Class_6\",INDEX('ER C6 FLT1'!$A$4:$J$640,MATCH(DropData!$J55&$C15,'ER C6 FLT1'!$A$4:$A$640&'ER C6 FLT1'!$B$4:$B$640-2,1),5)*IF($O15=\"Class_6\",INDEX('ER C6 FLT1'!$A$4:$J$640,MATCH(DropData!$J55&$C15,'ER C6 FLT1'!$A$4:$A$640&'ER C6 FLT1'!$B$4:$B$640-2,1),7)))))))),IF($R15=\"Electric\",OFFSET(INDEX('ER Electric'!$A$6:$E$44,MATCH($C15&$O15,'ER Electric'!$A$6:$A$44&'ER Electric'!$B$6:$B$44,1),4),6,0)))","v":false},{"$f":"IF(OR($R15=\"Diesel\",$R15=\"LNG/CNG\",$R15=\"Hybrid\",$R15=\"Electric w/ AB-118\"),IF($B15=\"3+ Trucks\",IF(OR($O15=\"Class_8\",$N15=\"Replacement8HHD\",$AI15=\"CL7HHD\"),INDEX('ER C8 FLT3'!$A$4:$J$640,MATCH(DropData!$J55&$C15,'ER C8 FLT3'!$A$4:$A$640&'ER C8 FLT3'!$B$4:$B$640-3,1),5)*IF(OR($O15=\"Class_8\",$N15=\"Replacement8HHD\",$AI15=\"CL7HHD\"),INDEX('ER C8 FLT3'!$A$4:$J$640,MATCH(DropData!$J55&$C15,'ER C8 FLT3'!$A$4:$A$640&'ER C8 FLT3'!$B$4:$B$640-3,1),7)),IF($O15=\"Class_7\",INDEX('ER C7 FLT3'!$A$4:$J$640,MATCH(DropData!$J55&$C15,'ER C7 FLT3'!$A$4:$A$640&'ER C7 FLT3'!$B$4:$B$640-3,1),5)*IF($O15=\"Class_7\",INDEX('ER C7 FLT3'!$A$4:$J$640,MATCH(DropData!$J55&$C15,'ER C7 FLT3'!$A$4:$A$640&'ER C7 FLT3'!$B$4:$B$640-3,1),7)),IF($O15=\"Class_6\",INDEX('ER C6 FLT3'!$A$4:$J$640,MATCH(DropData!$J55&$C15,'ER C6 FLT3'!$A$4:$A$640&'ER C6 FLT3'!$B$4:$B$640-3,1),5)*IF($O15=\"Class_6\",INDEX('ER C6 FLT3'!$A$4:$J$640,MATCH(DropData!$J55&$C15,'ER C6 FLT3'!$A$4:$A$640&'ER C6 FLT3'!$B$4:$B$640-3,1),7))))),IF($B15=\"2 Trucks\",IF(OR($O15=\"Class_8\",$N15=\"Replacement8HHD\",$AI15=\"CL7HHD\"),INDEX('ER C8 FLT2'!$A$4:$J$640,MATCH(DropData!$J55&$C15,'ER C8 FLT2'!$A$4:$A$640&'ER C8 FLT2'!$B$4:$B$640-3,1),5)*IF(OR($O15=\"Class_8\",$N15=\"Replacement8HHD\",$AI15=\"CL7HHD\"),INDEX('ER C8 FLT2'!$A$4:$J$640,MATCH(DropData!$J55&$C15,'ER C8 FLT2'!$A$4:$A$640&'ER C8 FLT2'!$B$4:$B$640-3,1),7)),IF($O15=\"Class_7\",INDEX('ER C7 FLT2'!$A$4:$J$640,MATCH(DropData!$J55&$C15,'ER C7 FLT2'!$A$4:$A$640&'ER C7 FLT2'!$B$4:$B$640-3,1),5)*IF($O15=\"Class_7\",INDEX('ER C7 FLT2'!$A$4:$J$640,MATCH(DropData!$J55&$C15,'ER C7 FLT2'!$A$4:$A$640&'ER C7 FLT2'!$B$4:$B$640-3,1),7)),IF($O15=\"Class_6\",INDEX('ER C6 FLT2'!$A$4:$J$640,MATCH(DropData!$J55&$C15,'ER C6 FLT2'!$A$4:$A$640&'ER C6 FLT2'!$B$4:$B$640-3,1),5)*IF($O15=\"Class_6\",INDEX('ER C6 FLT2'!$A$4:$J$640,MATCH(DropData!$J55&$C15,'ER C6 FLT2'!$A$4:$A$640&'ER C6 FLT2'!$B$4:$B$640-3,1),7))))),IF($B15=\"1 Truck\",IF(OR($O15=\"Class_8\",$N15=\"Replacement8HHD\",$AI15=\"CL7HHD\"),INDEX('ER C8 FLT1'!$A$4:$J$640,MATCH(DropData!$J55&$C15,'ER C8 FLT1'!$A$4:$A$640&'ER C8 FLT1'!$B$4:$B$640-3,1),5)*IF(OR($O15=\"Class_8\",$N15=\"Replacement8HHD\",$AI15=\"CL7HHD\"),INDEX('ER C8 FLT1'!$A$4:$J$640,MATCH(DropData!$J55&$C15,'ER C8 FLT1'!$A$4:$A$640&'ER C8 FLT1'!$B$4:$B$640-3,1),7)),IF($O15=\"Class_7\",INDEX('ER C7 FLT1'!$A$4:$J$640,MATCH(DropData!$J55&$C15,'ER C7 FLT1'!$A$4:$A$640&'ER C7 FLT1'!$B$4:$B$640-3,1),5)*IF($O15=\"Class_7\",INDEX('ER C7 FLT1'!$A$4:$J$640,MATCH(DropData!$J55&$C15,'ER C7 FLT1'!$A$4:$A$640&'ER C7 FLT1'!$B$4:$B$640-3,1),7)),IF($O15=\"Class_6\",INDEX('ER C6 FLT1'!$A$4:$J$640,MATCH(DropData!$J55&$C15,'ER C6 FLT1'!$A$4:$A$640&'ER C6 FLT1'!$B$4:$B$640-3,1),5)*IF($O15=\"Class_6\",INDEX('ER C6 FLT1'!$A$4:$J$640,MATCH(DropData!$J55&$C15,'ER C6 FLT1'!$A$4:$A$640&'ER C6 FLT1'!$B$4:$B$640-3,1),7)))))))),IF($R15=\"Electric\",OFFSET(INDEX('ER Electric'!$A$6:$E$44,MATCH($C15&$O15,'ER Electric'!$A$6:$A$44&'ER Electric'!$B$6:$B$44,1),4),9,0)))","v":false},{"$f":"IF(OR($R15=\"Diesel\",$R15=\"LNG/CNG\",$R15=\"Hybrid\",$R15=\"Electric w/ AB-118\"),IF($B15=\"3+ Trucks\",IF(OR($O15=\"Class_8\",$N15=\"Replacement8HHD\",$AI15=\"CL7HHD\"),INDEX('ER C8 FLT3'!$A$4:$J$640,MATCH(DropData!$J55&$C15,'ER C8 FLT3'!$A$4:$A$640&'ER C8 FLT3'!$B$4:$B$640-4,1),5)*IF(OR($O15=\"Class_8\",$N15=\"Replacement8HHD\",$AI15=\"CL7HHD\"),INDEX('ER C8 FLT3'!$A$4:$J$640,MATCH(DropData!$J55&$C15,'ER C8 FLT3'!$A$4:$A$640&'ER C8 FLT3'!$B$4:$B$640-4,1),7)),IF($O15=\"Class_7\",INDEX('ER C7 FLT3'!$A$4:$J$640,MATCH(DropData!$J55&$C15,'ER C7 FLT3'!$A$4:$A$640&'ER C7 FLT3'!$B$4:$B$640-4,1),5)*IF($O15=\"Class_7\",INDEX('ER C7 FLT3'!$A$4:$J$640,MATCH(DropData!$J55&$C15,'ER C7 FLT3'!$A$4:$A$640&'ER C7 FLT3'!$B$4:$B$640-4,1),7)),IF($O15=\"Class_6\",INDEX('ER C6 FLT3'!$A$4:$J$640,MATCH(DropData!$J55&$C15,'ER C6 FLT3'!$A$4:$A$640&'ER C6 FLT3'!$B$4:$B$640-4,1),5)*IF($O15=\"Class_6\",INDEX('ER C6 FLT3'!$A$4:$J$640,MATCH(DropData!$J55&$C15,'ER C6 FLT3'!$A$4:$A$640&'ER C6 FLT3'!$B$4:$B$640-4,1),7))))),IF($B15=\"2 Trucks\",IF(OR($O15=\"Class_8\",$N15=\"Replacement8HHD\",$AI15=\"CL7HHD\"),INDEX('ER C8 FLT2'!$A$4:$J$640,MATCH(DropData!$J55&$C15,'ER C8 FLT2'!$A$4:$A$640&'ER C8 FLT2'!$B$4:$B$640-4,1),5)*IF(OR($O15=\"Class_8\",$N15=\"Replacement8HHD\",$AI15=\"CL7HHD\"),INDEX('ER C8 FLT2'!$A$4:$J$640,MATCH(DropData!$J55&$C15,'ER C8 FLT2'!$A$4:$A$640&'ER C8 FLT2'!$B$4:$B$640-4,1),7)),IF($O15=\"Class_7\",INDEX('ER C7 FLT2'!$A$4:$J$640,MATCH(DropData!$J55&$C15,'ER C7 FLT2'!$A$4:$A$640&'ER C7 FLT2'!$B$4:$B$640-4,1),5)*IF($O15=\"Class_7\",INDEX('ER C7 FLT2'!$A$4:$J$640,MATCH(DropData!$J55&$C15,'ER C7 FLT2'!$A$4:$A$640&'ER C7 FLT2'!$B$4:$B$640-4,1),7)),IF($O15=\"Class_6\",INDEX('ER C6 FLT2'!$A$4:$J$640,MATCH(DropData!$J55&$C15,'ER C6 FLT2'!$A$4:$A$640&'ER C6 FLT2'!$B$4:$B$640-4,1),5)*IF($O15=\"Class_6\",INDEX('ER C6 FLT2'!$A$4:$J$640,MATCH(DropData!$J55&$C15,'ER C6 FLT2'!$A$4:$A$640&'ER C6 FLT2'!$B$4:$B$640-4,1),7))))),IF($B15=\"1 Truck\",IF(OR($O15=\"Class_8\",$N15=\"Replacement8HHD\",$AI15=\"CL7HHD\"),INDEX('ER C8 FLT1'!$A$4:$J$640,MATCH(DropData!$J55&$C15,'ER C8 FLT1'!$A$4:$A$640&'ER C8 FLT1'!$B$4:$B$640-4,1),5)*IF(OR($O15=\"Class_8\",$N15=\"Replacement8HHD\",$AI15=\"CL7HHD\"),INDEX('ER C8 FLT1'!$A$4:$J$640,MATCH(DropData!$J55&$C15,'ER C8 FLT1'!$A$4:$A$640&'ER C8 FLT1'!$B$4:$B$640-4,1),7)),IF($O15=\"Class_7\",INDEX('ER C7 FLT1'!$A$4:$J$640,MATCH(DropData!$J55&$C15,'ER C7 FLT1'!$A$4:$A$640&'ER C7 FLT1'!$B$4:$B$640-4,1),5)*IF($O15=\"Class_7\",INDEX('ER C7 FLT1'!$A$4:$J$640,MATCH(DropData!$J55&$C15,'ER C7 FLT1'!$A$4:$A$640&'ER C7 FLT1'!$B$4:$B$640-4,1),7)),IF($O15=\"Class_6\",INDEX('ER C6 FLT1'!$A$4:$J$640,MATCH(DropData!$J55&$C15,'ER C6 FLT1'!$A$4:$A$640&'ER C6 FLT1'!$B$4:$B$640-4,1),5)*IF($O15=\"Class_6\",INDEX('ER C6 FLT1'!$A$4:$J$640,MATCH(DropData!$J55&$C15,'ER C6 FLT1'!$A$4:$A$640&'ER C6 FLT1'!$B$4:$B$640-4,1),7)))))))),IF($R15=\"Electric\",OFFSET(INDEX('ER Electric'!$A$6:$E$44,MATCH($C15&$O15,'ER Electric'!$A$6:$A$44&'ER Electric'!$B$6:$B$44,1),4),12,0)))","v":false},{"$f":"IF($C15<2015,1,2)","v":1},0,{"$f":"IF($C15<2015,1,2)","v":1},{"$f":"IFERROR(MAX(0,IF($B15=\"3+ Trucks\",IF($Z15=\"Class_8\",INDEX('ER C8 FLT3'!$A$4:$J$640,MATCH($W15&$C15,'ER C8 FLT3'!$A$4:$A$640&'ER C8 FLT3'!$B$4:$B$640,1),5)*IF($Z15=\"Class_8\",INDEX('ER C8 FLT3'!$A$4:$J$640,MATCH($W15&$C15,'ER C8 FLT3'!$A$4:$A$640&'ER C8 FLT3'!$B$4:$B$640,1),7)),IF($Z15=\"Class_7\",INDEX('ER C7 FLT3'!$A$4:$J$640,MATCH($W15&$C15,'ER C7 FLT3'!$A$4:$A$640&'ER C7 FLT3'!$B$4:$B$640,1),5)*IF($Z15=\"Class_7\",INDEX('ER C7 FLT3'!$A$4:$J$640,MATCH($W15&$C15,'ER C7 FLT3'!$A$4:$A$640&'ER C7 FLT3'!$B$4:$B$640,1),7)),\nIF($Z15=\"Class_6\",INDEX('ER C6 FLT3'!$A$4:$J$640,MATCH($W15&$C15,'ER C6 FLT3'!$A$4:$A$640&'ER C6 FLT3'!$B$4:$B$640,1),5)*IF($Z15=\"Class_6\",INDEX('ER C6 FLT3'!$A$4:$L$640,MATCH($W15&$C15,'ER C6 FLT3'!$A$4:$A$640&'ER C6 FLT3'!$B$4:$B$640,1),7))))),IF($B15=\"2 Trucks\",IF($Z15=\"Class_8\",INDEX('ER C8 FLT2'!$A$4:$J$640,MATCH($W15&$C15,'ER C8 FLT2'!$A$4:$A$640&'ER C8 FLT2'!$B$4:$B$640,1),5)*IF($Z15=\"Class_8\",INDEX('ER C8 FLT2'!$A$4:$J$640,MATCH($W15&$C15,'ER C8 FLT2'!$A$4:$A$640&'ER C8 FLT2'!$B$4:$B$640,1),7)),IF($Z15=\"Class_7\",INDEX('ER C7 FLT2'!$A$4:$J$640,MATCH($W15&$C15,'ER C7 FLT2'!$A$4:$A$640&'ER C7 FLT2'!$B$4:$B$640,1),5)*IF($Z15=\"Class_7\",INDEX('ER C7 FLT2'!$A$4:$J$640,MATCH($W15&$C15,'ER C7 FLT2'!$A$4:$A$640&'ER C7 FLT2'!$B$4:$B$640,1),7)),IF($Z15=\"Class_6\",INDEX('ER C6 FLT2'!$A$4:$J$640,MATCH($W15&$C15,'ER C6 FLT2'!$A$4:$A$640&'ER C6 FLT2'!$B$4:$B$640,1),5)*IF($Z15=\"Class_6\",INDEX('ER C6 FLT2'!$A$4:$J$640,MATCH($W15&$C15,'ER C6 FLT2'!$A$4:$A$640&'ER C6 FLT2'!$B$4:$B$640,1),7))))),IF($B15=\"1 Truck\",\nIF($Z15=\"Class_8\",INDEX('ER C8 FLT1'!$A$4:$J$640,MATCH($W15&$C15,'ER C8 FLT1'!$A$4:$A$640&'ER C8 FLT1'!$B$4:$B$640,1),5)*IF($Z15=\"Class_8\",INDEX('ER C8 FLT1'!$A$4:$J$640,MATCH($W15&$C15,'ER C8 FLT1'!$A$4:$A$640&'ER C8 FLT1'!$B$4:$B$640,1),7)),IF($Z15=\"Class_7\",INDEX('ER C7 FLT1'!$A$4:$J$640,MATCH($W15&$C15,'ER C7 FLT1'!$A$4:$A$640&'ER C7 FLT1'!$B$4:$B$640,1),5)*IF($Z15=\"Class_7\",INDEX('ER C7 FLT1'!$A$4:$J$640,MATCH($W15&$C15,'ER C7 FLT1'!$A$4:$A$640&'ER C7 FLT1'!$B$4:$B$640,1),7)),IF($Z15=\"Class_6\",INDEX('ER C6 FLT1'!$A$4:$J$640,MATCH($W15&$C15,'ER C6 FLT1'!$A$4:$A$640&'ER C6 FLT1'!$B$4:$B$640,1),5)*IF($Z15=\"Class_6\",INDEX('ER C6 FLT1'!$A$4:$J$640,MATCH($W15&$C15,'ER C6 FLT1'!$A$4:$A$640&'ER C6 FLT1'!$B$4:$B$640,1),7)))))))))*IF($X15=\"Level 3 PM + Mark I NOx\",0.75,1)*($AC15/453.6)-IF(CT15=0,CI15,0),\"0.00\")","v":0},{"$f":"IFERROR(MAX(0,CV15/CU15),\"0.00\")","v":0},{"$f":"IFERROR((CT15+CW15),\"0.00\")","v":0},0,{"$f":"IF($B15=\"3+ Trucks\",IF($Z15=\"Class_8\",INDEX('ER C8 FLT3'!$A$4:$J$640,MATCH($W15&$C15,'ER C8 FLT3'!$A$4:$A$640&'ER C8 FLT3'!$B$4:$B$640-1,1),5)*IF($Z15=\"Class_8\",INDEX('ER C8 FLT3'!$A$4:$J$640,MATCH($W15&$C15,'ER C8 FLT3'!$A$4:$A$640&'ER C8 FLT3'!$B$4:$B$640-1,1),7)),IF($Z15=\"Class_7\",INDEX('ER C7 FLT3'!$A$4:$J$640,MATCH($W15&$C15,'ER C7 FLT3'!$A$4:$A$640&'ER C7 FLT3'!$B$4:$B$640-1,1),5)*IF($Z15=\"Class_7\",INDEX('ER C7 FLT3'!$A$4:$J$640,MATCH($W15&$C15,'ER C7 FLT3'!$A$4:$A$640&'ER C7 FLT3'!$B$4:$B$640-1,1),7)),\nIF($Z15=\"Class_6\",INDEX('ER C6 FLT3'!$A$4:$J$640,MATCH($W15&$C15,'ER C6 FLT3'!$A$4:$A$640&'ER C6 FLT3'!$B$4:$B$640-1,1),5)*IF($Z15=\"Class_6\",INDEX('ER C6 FLT3'!$A$4:$L$640,MATCH($W15&$C15,'ER C6 FLT3'!$A$4:$A$640&'ER C6 FLT3'!$B$4:$B$640-1,1),7))))),IF($B15=\"2 Trucks\",IF($Z15=\"Class_8\",INDEX('ER C8 FLT2'!$A$4:$J$640,MATCH($W15&$C15,'ER C8 FLT2'!$A$4:$A$640&'ER C8 FLT2'!$B$4:$B$640-1,1),5)*IF($Z15=\"Class_8\",INDEX('ER C8 FLT2'!$A$4:$J$640,MATCH($W15&$C15,'ER C8 FLT2'!$A$4:$A$640&'ER C8 FLT2'!$B$4:$B$640-1,1),7)),IF($Z15=\"Class_7\",INDEX('ER C7 FLT2'!$A$4:$J$640,MATCH($W15&$C15,'ER C7 FLT2'!$A$4:$A$640&'ER C7 FLT2'!$B$4:$B$640-1,1),5)*IF($Z15=\"Class_7\",INDEX('ER C7 FLT2'!$A$4:$J$640,MATCH($W15&$C15,'ER C7 FLT2'!$A$4:$A$640&'ER C7 FLT2'!$B$4:$B$640-1,1),7)),IF($Z15=\"Class_6\",INDEX('ER C6 FLT2'!$A$4:$J$640,MATCH($W15&$C15,'ER C6 FLT2'!$A$4:$A$640&'ER C6 FLT2'!$B$4:$B$640-1,1),5)*IF($Z15=\"Class_6\",INDEX('ER C6 FLT2'!$A$4:$J$640,MATCH($W15&$C15,'ER C6 FLT2'!$A$4:$A$640&'ER C6 FLT2'!$B$4:$B$640-1,1),7))))),IF($B15=\"1 Truck\",\nIF($Z15=\"Class_8\",INDEX('ER C8 FLT1'!$A$4:$J$640,MATCH($W15&$C15,'ER C8 FLT1'!$A$4:$A$640&'ER C8 FLT1'!$B$4:$B$640-1,1),5)*IF($Z15=\"Class_8\",INDEX('ER C8 FLT1'!$A$4:$J$640,MATCH($W15&$C15,'ER C8 FLT1'!$A$4:$A$640&'ER C8 FLT1'!$B$4:$B$640-1,1),7)),IF($Z15=\"Class_7\",INDEX('ER C7 FLT1'!$A$4:$J$640,MATCH($W15&$C15,'ER C7 FLT1'!$A$4:$A$640&'ER C7 FLT1'!$B$4:$B$640-1,1),5)*IF($Z15=\"Class_7\",INDEX('ER C7 FLT1'!$A$4:$J$640,MATCH($W15&$C15,'ER C7 FLT1'!$A$4:$A$640&'ER C7 FLT1'!$B$4:$B$640-1,1),7)),\nIF($Z15=\"Class_6\",INDEX('ER C6 FLT1'!$A$4:$J$640,MATCH($W15&$C15,'ER C6 FLT1'!$A$4:$A$640&'ER C6 FLT1'!$B$4:$B$640-1,1),5)*IF($Z15=\"Class_6\",INDEX('ER C6 FLT1'!$A$4:$J$640,MATCH($W15&$C15,'ER C6 FLT1'!$A$4:$A$640&'ER C6 FLT1'!$B$4:$B$640-1,1),7))))))))*IF($X15=\"Level 3 PM + Mark I NOx\",0.75,1)*($AC15/453.6)-IF(CY15=0,CJ15,0)","v":0},{"$f":"MAX(0,CY15+CZ15)","v":0},0,{"$f":"IF($B15=\"3+ Trucks\",IF($Z15=\"Class_8\",INDEX('ER C8 FLT3'!$A$4:$J$640,MATCH($W15&$C15,'ER C8 FLT3'!$A$4:$A$640&'ER C8 FLT3'!$B$4:$B$640-2,1),5)*IF($Z15=\"Class_8\",INDEX('ER C8 FLT3'!$A$4:$J$640,MATCH($W15&$C15,'ER C8 FLT3'!$A$4:$A$640&'ER C8 FLT3'!$B$4:$B$640-2,1),7)),IF($Z15=\"Class_7\",INDEX('ER C7 FLT3'!$A$4:$J$640,MATCH($W15&$C15,'ER C7 FLT3'!$A$4:$A$640&'ER C7 FLT3'!$B$4:$B$640-2,1),5)*IF($Z15=\"Class_7\",INDEX('ER C7 FLT3'!$A$4:$J$640,MATCH($W15&$C15,'ER C7 FLT3'!$A$4:$A$640&'ER C7 FLT3'!$B$4:$B$640-2,1),7)),\nIF($Z15=\"Class_6\",INDEX('ER C6 FLT3'!$A$4:$J$640,MATCH($W15&$C15,'ER C6 FLT3'!$A$4:$A$640&'ER C6 FLT3'!$B$4:$B$640-2,1),5)*IF($Z15=\"Class_6\",INDEX('ER C6 FLT3'!$A$4:$L$640,MATCH($W15&$C15,'ER C6 FLT3'!$A$4:$A$640&'ER C6 FLT3'!$B$4:$B$640-2,1),7))))),IF($B15=\"2 Trucks\",IF($Z15=\"Class_8\",INDEX('ER C8 FLT2'!$A$4:$J$640,MATCH($W15&$C15,'ER C8 FLT2'!$A$4:$A$640&'ER C8 FLT2'!$B$4:$B$640-2,1),5)*IF($Z15=\"Class_8\",INDEX('ER C8 FLT2'!$A$4:$J$640,MATCH($W15&$C15,'ER C8 FLT2'!$A$4:$A$640&'ER C8 FLT2'!$B$4:$B$640-2,1),7)),IF($Z15=\"Class_7\",INDEX('ER C7 FLT2'!$A$4:$J$640,MATCH($W15&$C15,'ER C7 FLT2'!$A$4:$A$640&'ER C7 FLT2'!$B$4:$B$640-2,1),5)*IF($Z15=\"Class_7\",INDEX('ER C7 FLT2'!$A$4:$J$640,MATCH($W15&$C15,'ER C7 FLT2'!$A$4:$A$640&'ER C7 FLT2'!$B$4:$B$640-2,1),7)),IF($Z15=\"Class_6\",INDEX('ER C6 FLT2'!$A$4:$J$640,MATCH($W15&$C15,'ER C6 FLT2'!$A$4:$A$640&'ER C6 FLT2'!$B$4:$B$640-2,1),5)*IF($Z15=\"Class_6\",INDEX('ER C6 FLT2'!$A$4:$J$640,MATCH($W15&$C15,'ER C6 FLT2'!$A$4:$A$640&'ER C6 FLT2'!$B$4:$B$640-2,1),7))))),IF($B15=\"1 Truck\",\nIF($Z15=\"Class_8\",INDEX('ER C8 FLT1'!$A$4:$J$640,MATCH($W15&$C15,'ER C8 FLT1'!$A$4:$A$640&'ER C8 FLT1'!$B$4:$B$640-2,1),5)*IF($Z15=\"Class_8\",INDEX('ER C8 FLT1'!$A$4:$J$640,MATCH($W15&$C15,'ER C8 FLT1'!$A$4:$A$640&'ER C8 FLT1'!$B$4:$B$640-2,1),7)),IF($Z15=\"Class_7\",INDEX('ER C7 FLT1'!$A$4:$J$640,MATCH($W15&$C15,'ER C7 FLT1'!$A$4:$A$640&'ER C7 FLT1'!$B$4:$B$640-2,1),5)*IF($Z15=\"Class_7\",INDEX('ER C7 FLT1'!$A$4:$J$640,MATCH($W15&$C15,'ER C7 FLT1'!$A$4:$A$640&'ER C7 FLT1'!$B$4:$B$640-2,1),7)),\nIF($Z15=\"Class_6\",INDEX('ER C6 FLT1'!$A$4:$J$640,MATCH($W15&$C15,'ER C6 FLT1'!$A$4:$A$640&'ER C6 FLT1'!$B$4:$B$640-2,1),5)*IF($Z15=\"Class_6\",INDEX('ER C6 FLT1'!$A$4:$J$640,MATCH($W15&$C15,'ER C6 FLT1'!$A$4:$A$640&'ER C6 FLT1'!$B$4:$B$640-2,1),7))))))))*IF($X15=\"Level 3 PM + Mark I NOx\",0.75,1)*($AC15/453.6)-IF(DB15=0,CK15,0)","v":0},{"$f":"MAX(0,DB15+DC15)","v":0},0,{"$f":"IF($B15=\"3+ Trucks\",IF($Z15=\"Class_8\",INDEX('ER C8 FLT3'!$A$4:$J$640,MATCH($W15&$C15,'ER C8 FLT3'!$A$4:$A$640&'ER C8 FLT3'!$B$4:$B$640-3,1),5)*IF($Z15=\"Class_8\",INDEX('ER C8 FLT3'!$A$4:$J$640,MATCH($W15&$C15,'ER C8 FLT3'!$A$4:$A$640&'ER C8 FLT3'!$B$4:$B$640-3,1),7)),IF($Z15=\"Class_7\",INDEX('ER C7 FLT3'!$A$4:$J$640,MATCH($W15&$C15,'ER C7 FLT3'!$A$4:$A$640&'ER C7 FLT3'!$B$4:$B$640-3,1),5)*IF($Z15=\"Class_7\",INDEX('ER C7 FLT3'!$A$4:$J$640,MATCH($W15&$C15,'ER C7 FLT3'!$A$4:$A$640&'ER C7 FLT3'!$B$4:$B$640-3,1),7)),\nIF($Z15=\"Class_6\",INDEX('ER C6 FLT3'!$A$4:$J$640,MATCH($W15&$C15,'ER C6 FLT3'!$A$4:$A$640&'ER C6 FLT3'!$B$4:$B$640-3,1),5)*IF($Z15=\"Class_6\",INDEX('ER C6 FLT3'!$A$4:$L$640,MATCH($W15&$C15,'ER C6 FLT3'!$A$4:$A$640&'ER C6 FLT3'!$B$4:$B$640-3,1),7))))),IF($B15=\"2 Trucks\",IF($Z15=\"Class_8\",INDEX('ER C8 FLT2'!$A$4:$J$640,MATCH($W15&$C15,'ER C8 FLT2'!$A$4:$A$640&'ER C8 FLT2'!$B$4:$B$640-3,1),5)*IF($Z15=\"Class_8\",INDEX('ER C8 FLT2'!$A$4:$J$640,MATCH($W15&$C15,'ER C8 FLT2'!$A$4:$A$640&'ER C8 FLT2'!$B$4:$B$640-3,1),7)),IF($Z15=\"Class_7\",INDEX('ER C7 FLT2'!$A$4:$J$640,MATCH($W15&$C15,'ER C7 FLT2'!$A$4:$A$640&'ER C7 FLT2'!$B$4:$B$640-3,1),5)*IF($Z15=\"Class_7\",INDEX('ER C7 FLT2'!$A$4:$J$640,MATCH($W15&$C15,'ER C7 FLT2'!$A$4:$A$640&'ER C7 FLT2'!$B$4:$B$640-3,1),7)),IF($Z15=\"Class_6\",INDEX('ER C6 FLT2'!$A$4:$J$640,MATCH($W15&$C15,'ER C6 FLT2'!$A$4:$A$640&'ER C6 FLT2'!$B$4:$B$640-3,1),5)*IF($Z15=\"Class_6\",INDEX('ER C6 FLT2'!$A$4:$J$640,MATCH($W15&$C15,'ER C6 FLT2'!$A$4:$A$640&'ER C6 FLT2'!$B$4:$B$640-3,1),7))))),IF($B15=\"1 Truck\",\nIF($Z15=\"Class_8\",INDEX('ER C8 FLT1'!$A$4:$J$640,MATCH($W15&$C15,'ER C8 FLT1'!$A$4:$A$640&'ER C8 FLT1'!$B$4:$B$640-3,1),5)*IF($Z15=\"Class_8\",INDEX('ER C8 FLT1'!$A$4:$J$640,MATCH($W15&$C15,'ER C8 FLT1'!$A$4:$A$640&'ER C8 FLT1'!$B$4:$B$640-3,1),7)),IF($Z15=\"Class_7\",INDEX('ER C7 FLT1'!$A$4:$J$640,MATCH($W15&$C15,'ER C7 FLT1'!$A$4:$A$640&'ER C7 FLT1'!$B$4:$B$640-3,1),5)*IF($Z15=\"Class_7\",INDEX('ER C7 FLT1'!$A$4:$J$640,MATCH($W15&$C15,'ER C7 FLT1'!$A$4:$A$640&'ER C7 FLT1'!$B$4:$B$640-3,1),7)),\nIF($Z15=\"Class_6\",INDEX('ER C6 FLT1'!$A$4:$J$640,MATCH($W15&$C15,'ER C6 FLT1'!$A$4:$A$640&'ER C6 FLT1'!$B$4:$B$640-3,1),5)*IF($Z15=\"Class_6\",INDEX('ER C6 FLT1'!$A$4:$J$640,MATCH($W15&$C15,'ER C6 FLT1'!$A$4:$A$640&'ER C6 FLT1'!$B$4:$B$640-3,1),7))))))))*IF($X15=\"Level 3 PM + Mark I NOx\",0.75,1)*($AC15/453.6)-IF(DE15=0,CL15,0)","v":0},{"$f":"MAX(0,DE15+DF15)","v":0},0,{"$f":"IF($B15=\"3+ Trucks\",IF($Z15=\"Class_8\",INDEX('ER C8 FLT3'!$A$4:$J$640,MATCH($W15&$C15,'ER C8 FLT3'!$A$4:$A$640&'ER C8 FLT3'!$B$4:$B$640-4,1),5)*IF($Z15=\"Class_8\",INDEX('ER C8 FLT3'!$A$4:$J$640,MATCH($W15&$C15,'ER C8 FLT3'!$A$4:$A$640&'ER C8 FLT3'!$B$4:$B$640-4,1),7)),IF($Z15=\"Class_7\",INDEX('ER C7 FLT3'!$A$4:$J$640,MATCH($W15&$C15,'ER C7 FLT3'!$A$4:$A$640&'ER C7 FLT3'!$B$4:$B$640-4,1),5)*IF($Z15=\"Class_7\",INDEX('ER C7 FLT3'!$A$4:$J$640,MATCH($W15&$C15,'ER C7 FLT3'!$A$4:$A$640&'ER C7 FLT3'!$B$4:$B$640-4,1),7)),\nIF($Z15=\"Class_6\",INDEX('ER C6 FLT3'!$A$4:$J$640,MATCH($W15&$C15,'ER C6 FLT3'!$A$4:$A$640&'ER C6 FLT3'!$B$4:$B$640-4,1),5)*IF($Z15=\"Class_6\",INDEX('ER C6 FLT3'!$A$4:$L$640,MATCH($W15&$C15,'ER C6 FLT3'!$A$4:$A$640&'ER C6 FLT3'!$B$4:$B$640-4,1),7))))),IF($B15=\"2 Trucks\",IF($Z15=\"Class_8\",INDEX('ER C8 FLT2'!$A$4:$J$640,MATCH($W15&$C15,'ER C8 FLT2'!$A$4:$A$640&'ER C8 FLT2'!$B$4:$B$640-4,1),5)*IF($Z15=\"Class_8\",INDEX('ER C8 FLT2'!$A$4:$J$640,MATCH($W15&$C15,'ER C8 FLT2'!$A$4:$A$640&'ER C8 FLT2'!$B$4:$B$640-4,1),7)),IF($Z15=\"Class_7\",INDEX('ER C7 FLT2'!$A$4:$J$640,MATCH($W15&$C15,'ER C7 FLT2'!$A$4:$A$640&'ER C7 FLT2'!$B$4:$B$640-4,1),5)*IF($Z15=\"Class_7\",INDEX('ER C7 FLT2'!$A$4:$J$640,MATCH($W15&$C15,'ER C7 FLT2'!$A$4:$A$640&'ER C7 FLT2'!$B$4:$B$640-4,1),7)),IF($Z15=\"Class_6\",INDEX('ER C6 FLT2'!$A$4:$J$640,MATCH($W15&$C15,'ER C6 FLT2'!$A$4:$A$640&'ER C6 FLT2'!$B$4:$B$640-4,1),5)*IF($Z15=\"Class_6\",INDEX('ER C6 FLT2'!$A$4:$J$640,MATCH($W15&$C15,'ER C6 FLT2'!$A$4:$A$640&'ER C6 FLT2'!$B$4:$B$640-4,1),7))))),IF($B15=\"1 Truck\",\nIF($Z15=\"Class_8\",INDEX('ER C8 FLT1'!$A$4:$J$640,MATCH($W15&$C15,'ER C8 FLT1'!$A$4:$A$640&'ER C8 FLT1'!$B$4:$B$640-4,1),5)*IF($Z15=\"Class_8\",INDEX('ER C8 FLT1'!$A$4:$J$640,MATCH($W15&$C15,'ER C8 FLT1'!$A$4:$A$640&'ER C8 FLT1'!$B$4:$B$640-4,1),7)),IF($Z15=\"Class_7\",INDEX('ER C7 FLT1'!$A$4:$J$640,MATCH($W15&$C15,'ER C7 FLT1'!$A$4:$A$640&'ER C7 FLT1'!$B$4:$B$640-4,1),5)*IF($Z15=\"Class_7\",INDEX('ER C7 FLT1'!$A$4:$J$640,MATCH($W15&$C15,'ER C7 FLT1'!$A$4:$A$640&'ER C7 FLT1'!$B$4:$B$640-4,1),7)),\nIF($Z15=\"Class_6\",INDEX('ER C6 FLT1'!$A$4:$J$640,MATCH($W15&$C15,'ER C6 FLT1'!$A$4:$A$640&'ER C6 FLT1'!$B$4:$B$640-4,1),5)*IF($Z15=\"Class_6\",INDEX('ER C6 FLT1'!$A$4:$J$640,MATCH($W15&$C15,'ER C6 FLT1'!$A$4:$A$640&'ER C6 FLT1'!$B$4:$B$640-4,1),7))))))))*IF($X15=\"Level 3 PM + Mark I NOx\",0.75,1)*($AC15/453.6)-IF(DH15=0,CM15,0)","v":0},{"$f":"MAX(0,DH15+DI15)","v":0},{"$f":"MAX(0,CX15+DA15+DD15+DG15+DJ15)","v":0},{"$f":"IF($B15=\"3+ Trucks\",IF(OR($H15=\"Class_8\",$N15=\"Replacement8HHD\",$AH15=\"CL7HHD\",$AJ15=\"CL7to8\"),INDEX('ER C8 FLT3'!$A$4:$J$640,MATCH($E15&$C15,'ER C8 FLT3'!$A$4:$A$640&'ER C8 FLT3'!$B$4:$B$640,1),10),IF($H15=\"Class_7\",INDEX('ER C7 FLT3'!$A$4:$J$640,MATCH($E15&$C15,'ER C7 FLT3'!$A$4:$A$640&'ER C7 FLT3'!$B$4:$B$640,1),10),IF($H15=\"Class_6\",INDEX('ER C6 FLT3'!$A$4:$J$640,MATCH($E15&$C15,'ER C6 FLT3'!$A$4:$A$640&'ER C6 FLT3'!$B$4:$B$640,1),10)))),IF($B15=\"2 Trucks\",IF(OR($H15=\"Class_8\",$N15=\"Replacement8HHD\",$AH15=\"CL7HHD\",$AJ15=\"CL7to8\"),INDEX('ER C8 FLT2'!$A$4:$J$640,MATCH($E15&$C15,'ER C8 FLT2'!$A$4:$A$640&'ER C8 FLT2'!$B$4:$B$640,1),10),IF($H15=\"Class_7\",INDEX('ER C7 FLT2'!$A$4:$J$640,MATCH($E15&$C15,'ER C7 FLT2'!$A$4:$A$640&'ER C7 FLT2'!$B$4:$B$640,1),10),IF($H15=\"Class_6\",INDEX('ER C6 FLT2'!$A$4:$J$640,MATCH($E15&$C15,'ER C6 FLT2'!$A$4:$A$640&'ER C6 FLT2'!$B$4:$B$640,1),10)))),IF($B15=\"1 Truck\",\nIF(OR($H15=\"Class_8\",$N15=\"Replacement8HHD\",$AH15=\"CL7HHD\",$AJ15=\"CL7to8\"),INDEX('ER C8 FLT1'!$A$4:$J$640,MATCH($E15&$C15,'ER C8 FLT1'!$A$4:$A$640&'ER C8 FLT1'!$B$4:$B$640,1),10),IF($H15=\"Class_7\",INDEX('ER C7 FLT1'!$A$4:$J$640,MATCH($E15&$C15,'ER C7 FLT1'!$A$4:$A$640&'ER C7 FLT1'!$B$4:$B$640,1),10),\nIF($H15=\"Class_6\",INDEX('ER C6 FLT1'!$A$4:$J$640,MATCH($E15&$C15,'ER C6 FLT1'!$A$4:$A$640&'ER C6 FLT1'!$B$4:$B$640,1),10)))))))*($Q15/453.6)","v":0},{"$f":"IF($B15=\"3+ Trucks\",IF(OR($H15=\"Class_8\",$N15=\"Replacement8HHD\",$AH15=\"CL7HHD\",$AJ15=\"CL7to8\"),INDEX('ER C8 FLT3'!$A$4:$J$640,MATCH($E15&$C15,'ER C8 FLT3'!$A$4:$A$640&'ER C8 FLT3'!$B$4:$B$640-1,1),10),IF($H15=\"Class_7\",INDEX('ER C7 FLT3'!$A$4:$J$640,MATCH($E15&$C15,'ER C7 FLT3'!$A$4:$A$640&'ER C7 FLT3'!$B$4:$B$640-1,1),10),IF($H15=\"Class_6\",INDEX('ER C6 FLT3'!$A$4:$J$640,MATCH($E15&$C15,'ER C6 FLT3'!$A$4:$A$640&'ER C6 FLT3'!$B$4:$B$640-1,1),10)))),IF($B15=\"2 Trucks\",IF(OR($H15=\"Class_8\",$N15=\"Replacement8HHD\",$AH15=\"CL7HHD\",$AJ15=\"CL7to8\"),INDEX('ER C8 FLT2'!$A$4:$J$640,MATCH($E15&$C15,'ER C8 FLT2'!$A$4:$A$640&'ER C8 FLT2'!$B$4:$B$640-1,1),10),IF($H15=\"Class_7\",INDEX('ER C7 FLT2'!$A$4:$J$640,MATCH($E15&$C15,'ER C7 FLT2'!$A$4:$A$640&'ER C7 FLT2'!$B$4:$B$640-1,1),10),IF($H15=\"Class_6\",INDEX('ER C6 FLT2'!$A$4:$J$640,MATCH($E15&$C15,'ER C6 FLT2'!$A$4:$A$640&'ER C6 FLT2'!$B$4:$B$640-1,1),10)))),IF($B15=\"1 Truck\",\nIF(OR($H15=\"Class_8\",$N15=\"Replacement8HHD\",$AH15=\"CL7HHD\",$AJ15=\"CL7to8\"),INDEX('ER C8 FLT1'!$A$4:$J$640,MATCH($E15&$C15,'ER C8 FLT1'!$A$4:$A$640&'ER C8 FLT1'!$B$4:$B$640-1,1),10),IF($H15=\"Class_7\",INDEX('ER C7 FLT1'!$A$4:$J$640,MATCH($E15&$C15,'ER C7 FLT1'!$A$4:$A$640&'ER C7 FLT1'!$B$4:$B$640-1,1),10),\nIF($H15=\"Class_6\",INDEX('ER C6 FLT1'!$A$4:$J$640,MATCH($E15&$C15,'ER C6 FLT1'!$A$4:$A$640&'ER C6 FLT1'!$B$4:$B$640-1,1),10)))))))*($Q15/453.6)","v":0},{"$f":"IF($B15=\"3+ Trucks\",IF(OR($H15=\"Class_8\",$N15=\"Replacement8HHD\",$AH15=\"CL7HHD\",$AJ15=\"CL7to8\"),INDEX('ER C8 FLT3'!$A$4:$J$640,MATCH($E15&$C15,'ER C8 FLT3'!$A$4:$A$640&'ER C8 FLT3'!$B$4:$B$640-2,1),10),IF($H15=\"Class_7\",INDEX('ER C7 FLT3'!$A$4:$J$640,MATCH($E15&$C15,'ER C7 FLT3'!$A$4:$A$640&'ER C7 FLT3'!$B$4:$B$640-2,1),10),IF($H15=\"Class_6\",INDEX('ER C6 FLT3'!$A$4:$J$640,MATCH($E15&$C15,'ER C6 FLT3'!$A$4:$A$640&'ER C6 FLT3'!$B$4:$B$640-2,1),10)))),IF($B15=\"2 Trucks\",IF(OR($H15=\"Class_8\",$N15=\"Replacement8HHD\",$AH15=\"CL7HHD\",$AJ15=\"CL7to8\"),INDEX('ER C8 FLT2'!$A$4:$J$640,MATCH($E15&$C15,'ER C8 FLT2'!$A$4:$A$640&'ER C8 FLT2'!$B$4:$B$640-2,1),10),IF($H15=\"Class_7\",INDEX('ER C7 FLT2'!$A$4:$J$640,MATCH($E15&$C15,'ER C7 FLT2'!$A$4:$A$640&'ER C7 FLT2'!$B$4:$B$640-2,1),10),IF($H15=\"Class_6\",INDEX('ER C6 FLT2'!$A$4:$J$640,MATCH($E15&$C15,'ER C6 FLT2'!$A$4:$A$640&'ER C6 FLT2'!$B$4:$B$640-2,1),10)))),IF($B15=\"1 Truck\",\nIF(OR($H15=\"Class_8\",$N15=\"Replacement8HHD\",$AH15=\"CL7HHD\",$AJ15=\"CL7to8\"),INDEX('ER C8 FLT1'!$A$4:$J$640,MATCH($E15&$C15,'ER C8 FLT1'!$A$4:$A$640&'ER C8 FLT1'!$B$4:$B$640-2,1),10),IF($H15=\"Class_7\",INDEX('ER C7 FLT1'!$A$4:$J$640,MATCH($E15&$C15,'ER C7 FLT1'!$A$4:$A$640&'ER C7 FLT1'!$B$4:$B$640-2,1),10),\nIF($H15=\"Class_6\",INDEX('ER C6 FLT1'!$A$4:$J$640,MATCH($E15&$C15,'ER C6 FLT1'!$A$4:$A$640&'ER C6 FLT1'!$B$4:$B$640-2,1),10)))))))*($Q15/453.6)","v":0},{"$f":"IF($B15=\"3+ Trucks\",IF(OR($H15=\"Class_8\",$N15=\"Replacement8HHD\",$AH15=\"CL7HHD\",$AJ15=\"CL7to8\"),INDEX('ER C8 FLT3'!$A$4:$J$640,MATCH($E15&$C15,'ER C8 FLT3'!$A$4:$A$640&'ER C8 FLT3'!$B$4:$B$640-3,1),10),IF($H15=\"Class_7\",INDEX('ER C7 FLT3'!$A$4:$J$640,MATCH($E15&$C15,'ER C7 FLT3'!$A$4:$A$640&'ER C7 FLT3'!$B$4:$B$640-3,1),10),IF($H15=\"Class_6\",INDEX('ER C6 FLT3'!$A$4:$J$640,MATCH($E15&$C15,'ER C6 FLT3'!$A$4:$A$640&'ER C6 FLT3'!$B$4:$B$640-3,1),10)))),IF($B15=\"2 Trucks\",IF(OR($H15=\"Class_8\",$N15=\"Replacement8HHD\",$AH15=\"CL7HHD\",$AJ15=\"CL7to8\"),INDEX('ER C8 FLT2'!$A$4:$J$640,MATCH($E15&$C15,'ER C8 FLT2'!$A$4:$A$640&'ER C8 FLT2'!$B$4:$B$640-3,1),10),IF($H15=\"Class_7\",INDEX('ER C7 FLT2'!$A$4:$J$640,MATCH($E15&$C15,'ER C7 FLT2'!$A$4:$A$640&'ER C7 FLT2'!$B$4:$B$640-3,1),10),IF($H15=\"Class_6\",INDEX('ER C6 FLT2'!$A$4:$J$640,MATCH($E15&$C15,'ER C6 FLT2'!$A$4:$A$640&'ER C6 FLT2'!$B$4:$B$640-3,1),10)))),IF($B15=\"1 Truck\",\nIF(OR($H15=\"Class_8\",$N15=\"Replacement8HHD\",$AH15=\"CL7HHD\",$AJ15=\"CL7to8\"),INDEX('ER C8 FLT1'!$A$4:$J$640,MATCH($E15&$C15,'ER C8 FLT1'!$A$4:$A$640&'ER C8 FLT1'!$B$4:$B$640-3,1),10),IF($H15=\"Class_7\",INDEX('ER C7 FLT1'!$A$4:$J$640,MATCH($E15&$C15,'ER C7 FLT1'!$A$4:$A$640&'ER C7 FLT1'!$B$4:$B$640-3,1),10),\nIF($H15=\"Class_6\",INDEX('ER C6 FLT1'!$A$4:$J$640,MATCH($E15&$C15,'ER C6 FLT1'!$A$4:$A$640&'ER C6 FLT1'!$B$4:$B$640-3,1),10)))))))*($Q15/453.6)","v":0},{"$f":"IF($B15=\"3+ Trucks\",IF(OR($H15=\"Class_8\",$N15=\"Replacement8HHD\",$AH15=\"CL7HHD\",$AJ15=\"CL7to8\"),INDEX('ER C8 FLT3'!$A$4:$J$640,MATCH($E15&$C15,'ER C8 FLT3'!$A$4:$A$640&'ER C8 FLT3'!$B$4:$B$640-4,1),10),IF($H15=\"Class_7\",INDEX('ER C7 FLT3'!$A$4:$J$640,MATCH($E15&$C15,'ER C7 FLT3'!$A$4:$A$640&'ER C7 FLT3'!$B$4:$B$640-4,1),10),IF($H15=\"Class_6\",INDEX('ER C6 FLT3'!$A$4:$J$640,MATCH($E15&$C15,'ER C6 FLT3'!$A$4:$A$640&'ER C6 FLT3'!$B$4:$B$640-4,1),10)))),IF($B15=\"2 Trucks\",IF(OR($H15=\"Class_8\",$N15=\"Replacement8HHD\",$AH15=\"CL7HHD\",$AJ15=\"CL7to8\"),INDEX('ER C8 FLT2'!$A$4:$J$640,MATCH($E15&$C15,'ER C8 FLT2'!$A$4:$A$640&'ER C8 FLT2'!$B$4:$B$640-4,1),10),IF($H15=\"Class_7\",INDEX('ER C7 FLT2'!$A$4:$J$640,MATCH($E15&$C15,'ER C7 FLT2'!$A$4:$A$640&'ER C7 FLT2'!$B$4:$B$640-4,1),10),IF($H15=\"Class_6\",INDEX('ER C6 FLT2'!$A$4:$J$640,MATCH($E15&$C15,'ER C6 FLT2'!$A$4:$A$640&'ER C6 FLT2'!$B$4:$B$640-4,1),10)))),IF($B15=\"1 Truck\",\nIF(OR($H15=\"Class_8\",$N15=\"Replacement8HHD\",$AH15=\"CL7HHD\",$AJ15=\"CL7to8\"),INDEX('ER C8 FLT1'!$A$4:$J$640,MATCH($E15&$C15,'ER C8 FLT1'!$A$4:$A$640&'ER C8 FLT1'!$B$4:$B$640-4,1),10),IF($H15=\"Class_7\",INDEX('ER C7 FLT1'!$A$4:$J$640,MATCH($E15&$C15,'ER C7 FLT1'!$A$4:$A$640&'ER C7 FLT1'!$B$4:$B$640-4,1),10),\nIF($H15=\"Class_6\",INDEX('ER C6 FLT1'!$A$4:$J$640,MATCH($E15&$C15,'ER C6 FLT1'!$A$4:$A$640&'ER C6 FLT1'!$B$4:$B$640-4,1),10)))))))*($Q15/453.6)","v":0},{"$f":"IF($B15=\"3+ Trucks\",IF(OR($H15=\"Class_8\",$N15=\"Replacement8HHD\",$AH15=\"CL7HHD\",$AJ15=\"CL7to8\"),INDEX('ER C8 FLT3'!$A$4:$J$640,MATCH($E15&$C15,'ER C8 FLT3'!$A$4:$A$640&'ER C8 FLT3'!$B$4:$B$640,1),10),IF($H15=\"Class_7\",INDEX('ER C7 FLT3'!$A$4:$J$640,MATCH($E15&$C15,'ER C7 FLT3'!$A$4:$A$640&'ER C7 FLT3'!$B$4:$B$640,1),10),IF($H15=\"Class_6\",INDEX('ER C6 FLT3'!$A$4:$J$640,MATCH($E15&$C15,'ER C6 FLT3'!$A$4:$A$640&'ER C6 FLT3'!$B$4:$B$640,1),10)))),IF($B15=\"2 Trucks\",IF(OR($H15=\"Class_8\",$N15=\"Replacement8HHD\",$AH15=\"CL7HHD\",$AJ15=\"CL7to8\"),INDEX('ER C8 FLT2'!$A$4:$J$640,MATCH($E15&$C15,'ER C8 FLT2'!$A$4:$A$640&'ER C8 FLT2'!$B$4:$B$640,1),10),IF($H15=\"Class_7\",INDEX('ER C7 FLT2'!$A$4:$J$640,MATCH($E15&$C15,'ER C7 FLT2'!$A$4:$A$640&'ER C7 FLT2'!$B$4:$B$640,1),10),IF($H15=\"Class_6\",INDEX('ER C6 FLT2'!$A$4:$J$640,MATCH($E15&$C15,'ER C6 FLT2'!$A$4:$A$640&'ER C6 FLT2'!$B$4:$B$640,1),10)))),IF($B15=\"1 Truck\",\nIF(OR($H15=\"Class_8\",$N15=\"Replacement8HHD\",$AH15=\"CL7HHD\",$AJ15=\"CL7to8\"),INDEX('ER C8 FLT1'!$A$4:$J$640,MATCH($E15&$C15,'ER C8 FLT1'!$A$4:$A$640&'ER C8 FLT1'!$B$4:$B$640,1),10),IF($H15=\"Class_7\",INDEX('ER C7 FLT1'!$A$4:$J$640,MATCH($E15&$C15,'ER C7 FLT1'!$A$4:$A$640&'ER C7 FLT1'!$B$4:$B$640,1),10),IF($H15=\"Class_6\",INDEX('ER C6 FLT1'!$A$4:$J$640,MATCH($E15&$C15,'ER C6 FLT1'!$A$4:$A$640&'ER C6 FLT1'!$B$4:$B$640,1),10)))))))","v":false},{"$f":"IF($B15=\"3+ Trucks\",IF(OR($H15=\"Class_8\",$N15=\"Replacement8HHD\",$AH15=\"CL7HHD\",$AJ15=\"CL7to8\"),INDEX('ER C8 FLT3'!$A$4:$J$640,MATCH($E15&$C15,'ER C8 FLT3'!$A$4:$A$640&'ER C8 FLT3'!$B$4:$B$640-1,1),10),IF($H15=\"Class_7\",INDEX('ER C7 FLT3'!$A$4:$J$640,MATCH($E15&$C15,'ER C7 FLT3'!$A$4:$A$640&'ER C7 FLT3'!$B$4:$B$640-1,1),10),IF($H15=\"Class_6\",INDEX('ER C6 FLT3'!$A$4:$J$640,MATCH($E15&$C15,'ER C6 FLT3'!$A$4:$A$640&'ER C6 FLT3'!$B$4:$B$640-1,1),10)))),IF($B15=\"2 Trucks\",IF(OR($H15=\"Class_8\",$N15=\"Replacement8HHD\",$AH15=\"CL7HHD\",$AJ15=\"CL7to8\"),INDEX('ER C8 FLT2'!$A$4:$J$640,MATCH($E15&$C15,'ER C8 FLT2'!$A$4:$A$640&'ER C8 FLT2'!$B$4:$B$640-1,1),10),IF($H15=\"Class_7\",INDEX('ER C7 FLT2'!$A$4:$J$640,MATCH($E15&$C15,'ER C7 FLT2'!$A$4:$A$640&'ER C7 FLT2'!$B$4:$B$640-1,1),10),IF($H15=\"Class_6\",INDEX('ER C6 FLT2'!$A$4:$J$640,MATCH($E15&$C15,'ER C6 FLT2'!$A$4:$A$640&'ER C6 FLT2'!$B$4:$B$640-1,1),10)))),IF($B15=\"1 Truck\",\nIF(OR($H15=\"Class_8\",$N15=\"Replacement8HHD\",$AH15=\"CL7HHD\",$AJ15=\"CL7to8\"),INDEX('ER C8 FLT1'!$A$4:$J$640,MATCH($E15&$C15,'ER C8 FLT1'!$A$4:$A$640&'ER C8 FLT1'!$B$4:$B$640-1,1),10),IF($H15=\"Class_7\",INDEX('ER C7 FLT1'!$A$4:$J$640,MATCH($E15&$C15,'ER C7 FLT1'!$A$4:$A$640&'ER C7 FLT1'!$B$4:$B$640-1,1),10),IF($H15=\"Class_6\",INDEX('ER C6 FLT1'!$A$4:$J$640,MATCH($E15&$C15,'ER C6 FLT1'!$A$4:$A$640&'ER C6 FLT1'!$B$4:$B$640-1,1),10)))))))","v":false},{"$f":"IF($B15=\"3+ Trucks\",IF(OR($H15=\"Class_8\",$N15=\"Replacement8HHD\",$AH15=\"CL7HHD\",$AJ15=\"CL7to8\"),INDEX('ER C8 FLT3'!$A$4:$J$640,MATCH($E15&$C15,'ER C8 FLT3'!$A$4:$A$640&'ER C8 FLT3'!$B$4:$B$640-2,1),10),IF($H15=\"Class_7\",INDEX('ER C7 FLT3'!$A$4:$J$640,MATCH($E15&$C15,'ER C7 FLT3'!$A$4:$A$640&'ER C7 FLT3'!$B$4:$B$640-2,1),10),IF($H15=\"Class_6\",INDEX('ER C6 FLT3'!$A$4:$J$640,MATCH($E15&$C15,'ER C6 FLT3'!$A$4:$A$640&'ER C6 FLT3'!$B$4:$B$640-2,1),10)))),IF($B15=\"2 Trucks\",IF(OR($H15=\"Class_8\",$N15=\"Replacement8HHD\",$AH15=\"CL7HHD\",$AJ15=\"CL7to8\"),INDEX('ER C8 FLT2'!$A$4:$J$640,MATCH($E15&$C15,'ER C8 FLT2'!$A$4:$A$640&'ER C8 FLT2'!$B$4:$B$640-2,1),10),IF($H15=\"Class_7\",INDEX('ER C7 FLT2'!$A$4:$J$640,MATCH($E15&$C15,'ER C7 FLT2'!$A$4:$A$640&'ER C7 FLT2'!$B$4:$B$640-2,1),10),IF($H15=\"Class_6\",INDEX('ER C6 FLT2'!$A$4:$J$640,MATCH($E15&$C15,'ER C6 FLT2'!$A$4:$A$640&'ER C6 FLT2'!$B$4:$B$640-2,1),10)))),IF($B15=\"1 Truck\",\nIF(OR($H15=\"Class_8\",$N15=\"Replacement8HHD\",$AH15=\"CL7HHD\",$AJ15=\"CL7to8\"),INDEX('ER C8 FLT1'!$A$4:$J$640,MATCH($E15&$C15,'ER C8 FLT1'!$A$4:$A$640&'ER C8 FLT1'!$B$4:$B$640-2,1),10),IF($H15=\"Class_7\",INDEX('ER C7 FLT1'!$A$4:$J$640,MATCH($E15&$C15,'ER C7 FLT1'!$A$4:$A$640&'ER C7 FLT1'!$B$4:$B$640-2,1),10),IF($H15=\"Class_6\",INDEX('ER C6 FLT1'!$A$4:$J$640,MATCH($E15&$C15,'ER C6 FLT1'!$A$4:$A$640&'ER C6 FLT1'!$B$4:$B$640-2,1),10)))))))","v":false},{"$f":"IF($B15=\"3+ Trucks\",IF(OR($H15=\"Class_8\",$N15=\"Replacement8HHD\",$AH15=\"CL7HHD\",$AJ15=\"CL7to8\"),INDEX('ER C8 FLT3'!$A$4:$J$640,MATCH($E15&$C15,'ER C8 FLT3'!$A$4:$A$640&'ER C8 FLT3'!$B$4:$B$640-3,1),10),IF($H15=\"Class_7\",INDEX('ER C7 FLT3'!$A$4:$J$640,MATCH($E15&$C15,'ER C7 FLT3'!$A$4:$A$640&'ER C7 FLT3'!$B$4:$B$640-3,1),10),IF($H15=\"Class_6\",INDEX('ER C6 FLT3'!$A$4:$J$640,MATCH($E15&$C15,'ER C6 FLT3'!$A$4:$A$640&'ER C6 FLT3'!$B$4:$B$640-3,1),10)))),IF($B15=\"2 Trucks\",IF(OR($H15=\"Class_8\",$N15=\"Replacement8HHD\",$AH15=\"CL7HHD\",$AJ15=\"CL7to8\"),INDEX('ER C8 FLT2'!$A$4:$J$640,MATCH($E15&$C15,'ER C8 FLT2'!$A$4:$A$640&'ER C8 FLT2'!$B$4:$B$640-3,1),10),IF($H15=\"Class_7\",INDEX('ER C7 FLT2'!$A$4:$J$640,MATCH($E15&$C15,'ER C7 FLT2'!$A$4:$A$640&'ER C7 FLT2'!$B$4:$B$640-3,1),10),IF($H15=\"Class_6\",INDEX('ER C6 FLT2'!$A$4:$J$640,MATCH($E15&$C15,'ER C6 FLT2'!$A$4:$A$640&'ER C6 FLT2'!$B$4:$B$640-3,1),10)))),IF($B15=\"1 Truck\",\nIF(OR($H15=\"Class_8\",$N15=\"Replacement8HHD\",$AH15=\"CL7HHD\",$AJ15=\"CL7to8\"),INDEX('ER C8 FLT1'!$A$4:$J$640,MATCH($E15&$C15,'ER C8 FLT1'!$A$4:$A$640&'ER C8 FLT1'!$B$4:$B$640-3,1),10),IF($H15=\"Class_7\",INDEX('ER C7 FLT1'!$A$4:$J$640,MATCH($E15&$C15,'ER C7 FLT1'!$A$4:$A$640&'ER C7 FLT1'!$B$4:$B$640-3,1),10),IF($H15=\"Class_6\",INDEX('ER C6 FLT1'!$A$4:$J$640,MATCH($E15&$C15,'ER C6 FLT1'!$A$4:$A$640&'ER C6 FLT1'!$B$4:$B$640-3,1),10)))))))","v":false},{"$f":"IF($B15=\"3+ Trucks\",IF(OR($H15=\"Class_8\",$N15=\"Replacement8HHD\",$AH15=\"CL7HHD\",$AJ15=\"CL7to8\"),INDEX('ER C8 FLT3'!$A$4:$J$640,MATCH($E15&$C15,'ER C8 FLT3'!$A$4:$A$640&'ER C8 FLT3'!$B$4:$B$640-4,1),10),IF($H15=\"Class_7\",INDEX('ER C7 FLT3'!$A$4:$J$640,MATCH($E15&$C15,'ER C7 FLT3'!$A$4:$A$640&'ER C7 FLT3'!$B$4:$B$640-4,1),10),IF($H15=\"Class_6\",INDEX('ER C6 FLT3'!$A$4:$J$640,MATCH($E15&$C15,'ER C6 FLT3'!$A$4:$A$640&'ER C6 FLT3'!$B$4:$B$640-4,1),10)))),IF($B15=\"2 Trucks\",IF(OR($H15=\"Class_8\",$N15=\"Replacement8HHD\",$AH15=\"CL7HHD\",$AJ15=\"CL7to8\"),INDEX('ER C8 FLT2'!$A$4:$J$640,MATCH($E15&$C15,'ER C8 FLT2'!$A$4:$A$640&'ER C8 FLT2'!$B$4:$B$640-4,1),10),IF($H15=\"Class_7\",INDEX('ER C7 FLT2'!$A$4:$J$640,MATCH($E15&$C15,'ER C7 FLT2'!$A$4:$A$640&'ER C7 FLT2'!$B$4:$B$640-4,1),10),IF($H15=\"Class_6\",INDEX('ER C6 FLT2'!$A$4:$J$640,MATCH($E15&$C15,'ER C6 FLT2'!$A$4:$A$640&'ER C6 FLT2'!$B$4:$B$640-4,1),10)))),IF($B15=\"1 Truck\",\nIF(OR($H15=\"Class_8\",$N15=\"Replacement8HHD\",$AH15=\"CL7HHD\",$AJ15=\"CL7to8\"),INDEX('ER C8 FLT1'!$A$4:$J$640,MATCH($E15&$C15,'ER C8 FLT1'!$A$4:$A$640&'ER C8 FLT1'!$B$4:$B$640-4,1),10),IF($H15=\"Class_7\",INDEX('ER C7 FLT1'!$A$4:$J$640,MATCH($E15&$C15,'ER C7 FLT1'!$A$4:$A$640&'ER C7 FLT1'!$B$4:$B$640-4,1),10),IF($H15=\"Class_6\",INDEX('ER C6 FLT1'!$A$4:$J$640,MATCH($E15&$C15,'ER C6 FLT1'!$A$4:$A$640&'ER C6 FLT1'!$B$4:$B$640-4,1),10)))))))","v":false},{"$f":"IF(OR($R15=\"Diesel\",$R15=\"LNG/CNG\",$R15=\"Hybrid\",$R15=\"Electric w/ AB-118\"),IF($B15=\"3+ Trucks\",IF(OR($O15=\"Class_8\",$N15=\"Replacement8HHD\",$AI15=\"CL7HHD\"),INDEX('ER C8 FLT3'!$A$4:$J$640,MATCH(DropData!$J55&$C15,'ER C8 FLT3'!$A$4:$A$640&'ER C8 FLT3'!$B$4:$B$640,1),10),IF($O15=\"Class_7\",INDEX('ER C7 FLT3'!$A$4:$J$640,MATCH(DropData!$J55&$C15,'ER C7 FLT3'!$A$4:$A$640&'ER C7 FLT3'!$B$4:$B$640,1),10),IF($O15=\"Class_6\",INDEX('ER C6 FLT3'!$A$4:$J$640,MATCH(DropData!$J55&$C15,'ER C6 FLT3'!$A$4:$A$640&'ER C6 FLT3'!$B$4:$B$640,1),10)))),IF($B15=\"2 Trucks\",IF(OR($O15=\"Class_8\",$N15=\"Replacement8HHD\",$AI15=\"CL7HHD\"),INDEX('ER C8 FLT2'!$A$4:$J$640,MATCH(DropData!$J55&$C15,'ER C8 FLT2'!$A$4:$A$640&'ER C8 FLT2'!$B$4:$B$640,1),10),IF($O15=\"Class_7\",INDEX('ER C7 FLT2'!$A$4:$J$640,MATCH(DropData!$J55&$C15,'ER C7 FLT2'!$A$4:$A$640&'ER C7 FLT2'!$B$4:$B$640,1),10),IF($O15=\"Class_6\",INDEX('ER C6 FLT2'!$A$4:$J$640,MATCH(DropData!$J55&$C15,'ER C6 FLT2'!$A$4:$A$640&'ER C6 FLT2'!$B$4:$B$640,1),10)))),IF($B15=\"1 Truck\",IF(OR($O15=\"Class_8\",$N15=\"Replacement8HHD\",$AI15=\"CL7HHD\"),INDEX('ER C8 FLT1'!$A$4:$J$640,MATCH(DropData!$J55&$C15,'ER C8 FLT1'!$A$4:$A$640&'ER C8 FLT1'!$B$4:$B$640,1),10),IF($O15=\"Class_7\",INDEX('ER C7 FLT1'!$A$4:$J$640,MATCH(DropData!$J55&$C15,'ER C7 FLT1'!$A$4:$A$640&'ER C7 FLT1'!$B$4:$B$640,1),10),IF($O15=\"Class_6\",INDEX('ER C6 FLT1'!$A$4:$J$640,MATCH(DropData!$J55&$C15,'ER C6 FLT1'!$A$4:$A$640&'ER C6 FLT1'!$B$4:$B$640,1),10))))))),IF($R15=\"Electric\",INDEX('ER Electric'!$A$6:$E$44,MATCH($C15&$O15,'ER Electric'!$A$6:$A$44&'ER Electric'!$B$6:$B$44,1),5)))*(($Q15+$AC15)/453.6)","v":0},{"$f":"IF(OR($R15=\"Diesel\",$R15=\"LNG/CNG\",$R15=\"Hybrid\",$R15=\"Electric w/ AB-118\"),IF($B15=\"3+ Trucks\",IF(OR($O15=\"Class_8\",$N15=\"Replacement8HHD\",$AI15=\"CL7HHD\"),INDEX('ER C8 FLT3'!$A$4:$J$640,MATCH(DropData!$J55&$C15,'ER C8 FLT3'!$A$4:$A$640&'ER C8 FLT3'!$B$4:$B$640-1,1),10),IF($O15=\"Class_7\",INDEX('ER C7 FLT3'!$A$4:$J$640,MATCH(DropData!$J55&$C15,'ER C7 FLT3'!$A$4:$A$640&'ER C7 FLT3'!$B$4:$B$640-1,1),10),IF($O15=\"Class_6\",INDEX('ER C6 FLT3'!$A$4:$J$640,MATCH(DropData!$J55&$C15,'ER C6 FLT3'!$A$4:$A$640&'ER C6 FLT3'!$B$4:$B$640-1,1),10)))),IF($B15=\"2 Trucks\",IF(OR($O15=\"Class_8\",$N15=\"Replacement8HHD\",$AI15=\"CL7HHD\"),INDEX('ER C8 FLT2'!$A$4:$J$640,MATCH(DropData!$J55&$C15,'ER C8 FLT2'!$A$4:$A$640&'ER C8 FLT2'!$B$4:$B$640-1,1),10),IF($O15=\"Class_7\",INDEX('ER C7 FLT2'!$A$4:$J$640,MATCH(DropData!$J55&$C15,'ER C7 FLT2'!$A$4:$A$640&'ER C7 FLT2'!$B$4:$B$640-1,1),10),IF($O15=\"Class_6\",INDEX('ER C6 FLT2'!$A$4:$J$640,MATCH(DropData!$J55&$C15,'ER C6 FLT2'!$A$4:$A$640&'ER C6 FLT2'!$B$4:$B$640-1,1),10)))),IF($B15=\"1 Truck\",IF(OR($O15=\"Class_8\",$N15=\"Replacement8HHD\",$AI15=\"CL7HHD\"),INDEX('ER C8 FLT1'!$A$4:$J$640,MATCH(DropData!$J55&$C15,'ER C8 FLT1'!$A$4:$A$640&'ER C8 FLT1'!$B$4:$B$640-1,1),10),IF($O15=\"Class_7\",INDEX('ER C7 FLT1'!$A$4:$J$640,MATCH(DropData!$J55&$C15,'ER C7 FLT1'!$A$4:$A$640&'ER C7 FLT1'!$B$4:$B$640-1,1),10),IF($O15=\"Class_6\",INDEX('ER C6 FLT1'!$A$4:$J$640,MATCH(DropData!$J55&$C15,'ER C6 FLT1'!$A$4:$A$640&'ER C6 FLT1'!$B$4:$B$640-1,1),10))))))),IF($R15=\"Electric\",OFFSET(INDEX('ER Electric'!$A$6:$E$44,MATCH($C15&$O15,'ER Electric'!$A$6:$A$44&'ER Electric'!$B$6:$B$44,1),5),3,0)))*(($Q15+$AC15)/453.6)","v":0},{"$f":"IF(OR($R15=\"Diesel\",$R15=\"LNG/CNG\",$R15=\"Hybrid\",$R15=\"Electric w/ AB-118\"),IF($B15=\"3+ Trucks\",IF(OR($O15=\"Class_8\",$N15=\"Replacement8HHD\",$AI15=\"CL7HHD\"),INDEX('ER C8 FLT3'!$A$4:$J$640,MATCH(DropData!$J55&$C15,'ER C8 FLT3'!$A$4:$A$640&'ER C8 FLT3'!$B$4:$B$640-2,1),10),IF($O15=\"Class_7\",INDEX('ER C7 FLT3'!$A$4:$J$640,MATCH(DropData!$J55&$C15,'ER C7 FLT3'!$A$4:$A$640&'ER C7 FLT3'!$B$4:$B$640-2,1),10),IF($O15=\"Class_6\",INDEX('ER C6 FLT3'!$A$4:$J$640,MATCH(DropData!$J55&$C15,'ER C6 FLT3'!$A$4:$A$640&'ER C6 FLT3'!$B$4:$B$640-2,1),10)))),IF($B15=\"2 Trucks\",IF(OR($O15=\"Class_8\",$N15=\"Replacement8HHD\",$AI15=\"CL7HHD\"),INDEX('ER C8 FLT2'!$A$4:$J$640,MATCH(DropData!$J55&$C15,'ER C8 FLT2'!$A$4:$A$640&'ER C8 FLT2'!$B$4:$B$640-2,1),10),IF($O15=\"Class_7\",INDEX('ER C7 FLT2'!$A$4:$J$640,MATCH(DropData!$J55&$C15,'ER C7 FLT2'!$A$4:$A$640&'ER C7 FLT2'!$B$4:$B$640-2,1),10),IF($O15=\"Class_6\",INDEX('ER C6 FLT2'!$A$4:$J$640,MATCH(DropData!$J55&$C15,'ER C6 FLT2'!$A$4:$A$640&'ER C6 FLT2'!$B$4:$B$640-2,1),10)))),IF($B15=\"1 Truck\",IF(OR($O15=\"Class_8\",$N15=\"Replacement8HHD\",$AI15=\"CL7HHD\"),INDEX('ER C8 FLT1'!$A$4:$J$640,MATCH(DropData!$J55&$C15,'ER C8 FLT1'!$A$4:$A$640&'ER C8 FLT1'!$B$4:$B$640-2,1),10),IF($O15=\"Class_7\",INDEX('ER C7 FLT1'!$A$4:$J$640,MATCH(DropData!$J55&$C15,'ER C7 FLT1'!$A$4:$A$640&'ER C7 FLT1'!$B$4:$B$640-2,1),10),IF($O15=\"Class_6\",INDEX('ER C6 FLT1'!$A$4:$J$640,MATCH(DropData!$J55&$C15,'ER C6 FLT1'!$A$4:$A$640&'ER C6 FLT1'!$B$4:$B$640-2,1),10))))))),IF($R15=\"Electric\",OFFSET(INDEX('ER Electric'!$A$6:$E$44,MATCH($C15&$O15,'ER Electric'!$A$6:$A$44&'ER Electric'!$B$6:$B$44,1),5),6,0)))*(($Q15+$AC15)/453.6)","v":0},{"$f":"IF(OR($R15=\"Diesel\",$R15=\"LNG/CNG\",$R15=\"Hybrid\",$R15=\"Electric w/ AB-118\"),IF($B15=\"3+ Trucks\",IF(OR($O15=\"Class_8\",$N15=\"Replacement8HHD\",$AI15=\"CL7HHD\"),INDEX('ER C8 FLT3'!$A$4:$J$640,MATCH(DropData!$J55&$C15,'ER C8 FLT3'!$A$4:$A$640&'ER C8 FLT3'!$B$4:$B$640-3,1),10),IF($O15=\"Class_7\",INDEX('ER C7 FLT3'!$A$4:$J$640,MATCH(DropData!$J55&$C15,'ER C7 FLT3'!$A$4:$A$640&'ER C7 FLT3'!$B$4:$B$640-3,1),10),IF($O15=\"Class_6\",INDEX('ER C6 FLT3'!$A$4:$J$640,MATCH(DropData!$J55&$C15,'ER C6 FLT3'!$A$4:$A$640&'ER C6 FLT3'!$B$4:$B$640-3,1),10)))),IF($B15=\"2 Trucks\",IF(OR($O15=\"Class_8\",$N15=\"Replacement8HHD\",$AI15=\"CL7HHD\"),INDEX('ER C8 FLT2'!$A$4:$J$640,MATCH(DropData!$J55&$C15,'ER C8 FLT2'!$A$4:$A$640&'ER C8 FLT2'!$B$4:$B$640-3,1),10),IF($O15=\"Class_7\",INDEX('ER C7 FLT2'!$A$4:$J$640,MATCH(DropData!$J55&$C15,'ER C7 FLT2'!$A$4:$A$640&'ER C7 FLT2'!$B$4:$B$640-3,1),10),IF($O15=\"Class_6\",INDEX('ER C6 FLT2'!$A$4:$J$640,MATCH(DropData!$J55&$C15,'ER C6 FLT2'!$A$4:$A$640&'ER C6 FLT2'!$B$4:$B$640-3,1),10)))),IF($B15=\"1 Truck\",IF(OR($O15=\"Class_8\",$N15=\"Replacement8HHD\",$AI15=\"CL7HHD\"),INDEX('ER C8 FLT1'!$A$4:$J$640,MATCH(DropData!$J55&$C15,'ER C8 FLT1'!$A$4:$A$640&'ER C8 FLT1'!$B$4:$B$640-3,1),10),IF($O15=\"Class_7\",INDEX('ER C7 FLT1'!$A$4:$J$640,MATCH(DropData!$J55&$C15,'ER C7 FLT1'!$A$4:$A$640&'ER C7 FLT1'!$B$4:$B$640-3,1),10),IF($O15=\"Class_6\",INDEX('ER C6 FLT1'!$A$4:$J$640,MATCH(DropData!$J55&$C15,'ER C6 FLT1'!$A$4:$A$640&'ER C6 FLT1'!$B$4:$B$640-3,1),10))))))),IF($R15=\"Electric\",OFFSET(INDEX('ER Electric'!$A$6:$E$44,MATCH($C15&$O15,'ER Electric'!$A$6:$A$44&'ER Electric'!$B$6:$B$44,1),5),9,0)))*(($Q15+$AC15)/453.6)","v":0},{"$f":"IF(OR($R15=\"Diesel\",$R15=\"LNG/CNG\",$R15=\"Hybrid\",$R15=\"Electric w/ AB-118\"),IF($B15=\"3+ Trucks\",IF(OR($O15=\"Class_8\",$N15=\"Replacement8HHD\",$AI15=\"CL7HHD\"),INDEX('ER C8 FLT3'!$A$4:$J$640,MATCH(DropData!$J55&$C15,'ER C8 FLT3'!$A$4:$A$640&'ER C8 FLT3'!$B$4:$B$640-4,1),10),IF($O15=\"Class_7\",INDEX('ER C7 FLT3'!$A$4:$J$640,MATCH(DropData!$J55&$C15,'ER C7 FLT3'!$A$4:$A$640&'ER C7 FLT3'!$B$4:$B$640-4,1),10),IF($O15=\"Class_6\",INDEX('ER C6 FLT3'!$A$4:$J$640,MATCH(DropData!$J55&$C15,'ER C6 FLT3'!$A$4:$A$640&'ER C6 FLT3'!$B$4:$B$640-4,1),10)))),IF($B15=\"2 Trucks\",IF(OR($O15=\"Class_8\",$N15=\"Replacement8HHD\",$AI15=\"CL7HHD\"),INDEX('ER C8 FLT2'!$A$4:$J$640,MATCH(DropData!$J55&$C15,'ER C8 FLT2'!$A$4:$A$640&'ER C8 FLT2'!$B$4:$B$640-4,1),10),IF($O15=\"Class_7\",INDEX('ER C7 FLT2'!$A$4:$J$640,MATCH(DropData!$J55&$C15,'ER C7 FLT2'!$A$4:$A$640&'ER C7 FLT2'!$B$4:$B$640-4,1),10),IF($O15=\"Class_6\",INDEX('ER C6 FLT2'!$A$4:$J$640,MATCH(DropData!$J55&$C15,'ER C6 FLT2'!$A$4:$A$640&'ER C6 FLT2'!$B$4:$B$640-4,1),10)))),IF($B15=\"1 Truck\",IF(OR($O15=\"Class_8\",$N15=\"Replacement8HHD\",$AI15=\"CL7HHD\"),INDEX('ER C8 FLT1'!$A$4:$J$640,MATCH(DropData!$J55&$C15,'ER C8 FLT1'!$A$4:$A$640&'ER C8 FLT1'!$B$4:$B$640-4,1),10),IF($O15=\"Class_7\",INDEX('ER C7 FLT1'!$A$4:$J$640,MATCH(DropData!$J55&$C15,'ER C7 FLT1'!$A$4:$A$640&'ER C7 FLT1'!$B$4:$B$640-4,1),10),IF($O15=\"Class_6\",INDEX('ER C6 FLT1'!$A$4:$J$640,MATCH(DropData!$J55&$C15,'ER C6 FLT1'!$A$4:$A$640&'ER C6 FLT1'!$B$4:$B$640-4,1),10))))))),IF($R15=\"Electric\",OFFSET(INDEX('ER Electric'!$A$6:$E$44,MATCH($C15&$O15,'ER Electric'!$A$6:$A$44&'ER Electric'!$B$6:$B$44,1),5),12,0)))*(($Q15+$AC15)/453.6)","v":0},{"$f":"IF(OR($R15=\"Diesel\",$R15=\"LNG/CNG\",$R15=\"Hybrid\",$R15=\"Electric w/ AB-118\"),IF($B15=\"3+ Trucks\",IF(OR($O15=\"Class_8\",$N15=\"Replacement8HHD\",$AI15=\"CL7HHD\"),INDEX('ER C8 FLT3'!$A$4:$J$640,MATCH(DropData!$J55&$C15,'ER C8 FLT3'!$A$4:$A$640&'ER C8 FLT3'!$B$4:$B$640,1),10),IF($O15=\"Class_7\",INDEX('ER C7 FLT3'!$A$4:$J$640,MATCH(DropData!$J55&$C15,'ER C7 FLT3'!$A$4:$A$640&'ER C7 FLT3'!$B$4:$B$640,1),10),IF($O15=\"Class_6\",INDEX('ER C6 FLT3'!$A$4:$J$640,MATCH(DropData!$J55&$C15,'ER C6 FLT3'!$A$4:$A$640&'ER C6 FLT3'!$B$4:$B$640,1),10)))),IF($B15=\"2 Trucks\",IF(OR($O15=\"Class_8\",$N15=\"Replacement8HHD\",$AI15=\"CL7HHD\"),INDEX('ER C8 FLT2'!$A$4:$J$640,MATCH(DropData!$J55&$C15,'ER C8 FLT2'!$A$4:$A$640&'ER C8 FLT2'!$B$4:$B$640,1),10),IF($O15=\"Class_7\",INDEX('ER C7 FLT2'!$A$4:$J$640,MATCH(DropData!$J55&$C15,'ER C7 FLT2'!$A$4:$A$640&'ER C7 FLT2'!$B$4:$B$640,1),10),IF($O15=\"Class_6\",INDEX('ER C6 FLT2'!$A$4:$J$640,MATCH(DropData!$J55&$C15,'ER C6 FLT2'!$A$4:$A$640&'ER C6 FLT2'!$B$4:$B$640,1),10)))),IF($B15=\"1 Truck\",IF(OR($O15=\"Class_8\",$N15=\"Replacement8HHD\",$AI15=\"CL7HHD\"),INDEX('ER C8 FLT1'!$A$4:$J$640,MATCH(DropData!$J55&$C15,'ER C8 FLT1'!$A$4:$A$640&'ER C8 FLT1'!$B$4:$B$640,1),10),IF($O15=\"Class_7\",INDEX('ER C7 FLT1'!$A$4:$J$640,MATCH(DropData!$J55&$C15,'ER C7 FLT1'!$A$4:$A$640&'ER C7 FLT1'!$B$4:$B$640,1),10),IF($O15=\"Class_6\",INDEX('ER C6 FLT1'!$A$4:$J$640,MATCH(DropData!$J55&$C15,'ER C6 FLT1'!$A$4:$A$640&'ER C6 FLT1'!$B$4:$B$640,1),10))))))),IF($R15=\"Electric\",INDEX('ER Electric'!$A$6:$E$44,MATCH($C15&$O15,'ER Electric'!$A$6:$A$44&'ER Electric'!$B$6:$B$44,1),5)))","v":false},{"$f":"IF(OR($R15=\"Diesel\",$R15=\"LNG/CNG\",$R15=\"Hybrid\",$R15=\"Electric w/ AB-118\"),IF($B15=\"3+ Trucks\",IF(OR($O15=\"Class_8\",$N15=\"Replacement8HHD\",$AI15=\"CL7HHD\"),INDEX('ER C8 FLT3'!$A$4:$J$640,MATCH(DropData!$J55&$C15,'ER C8 FLT3'!$A$4:$A$640&'ER C8 FLT3'!$B$4:$B$640-1,1),10),IF($O15=\"Class_7\",INDEX('ER C7 FLT3'!$A$4:$J$640,MATCH(DropData!$J55&$C15,'ER C7 FLT3'!$A$4:$A$640&'ER C7 FLT3'!$B$4:$B$640-1,1),10),IF($O15=\"Class_6\",INDEX('ER C6 FLT3'!$A$4:$J$640,MATCH(DropData!$J55&$C15,'ER C6 FLT3'!$A$4:$A$640&'ER C6 FLT3'!$B$4:$B$640-1,1),10)))),IF($B15=\"2 Trucks\",IF(OR($O15=\"Class_8\",$N15=\"Replacement8HHD\",$AI15=\"CL7HHD\"),INDEX('ER C8 FLT2'!$A$4:$J$640,MATCH(DropData!$J55&$C15,'ER C8 FLT2'!$A$4:$A$640&'ER C8 FLT2'!$B$4:$B$640-1,1),10),IF($O15=\"Class_7\",INDEX('ER C7 FLT2'!$A$4:$J$640,MATCH(DropData!$J55&$C15,'ER C7 FLT2'!$A$4:$A$640&'ER C7 FLT2'!$B$4:$B$640-1,1),10),IF($O15=\"Class_6\",INDEX('ER C6 FLT2'!$A$4:$J$640,MATCH(DropData!$J55&$C15,'ER C6 FLT2'!$A$4:$A$640&'ER C6 FLT2'!$B$4:$B$640-1,1),10)))),IF($B15=\"1 Truck\",IF(OR($O15=\"Class_8\",$N15=\"Replacement8HHD\",$AI15=\"CL7HHD\"),INDEX('ER C8 FLT1'!$A$4:$J$640,MATCH(DropData!$J55&$C15,'ER C8 FLT1'!$A$4:$A$640&'ER C8 FLT1'!$B$4:$B$640-1,1),10),IF($O15=\"Class_7\",INDEX('ER C7 FLT1'!$A$4:$J$640,MATCH(DropData!$J55&$C15,'ER C7 FLT1'!$A$4:$A$640&'ER C7 FLT1'!$B$4:$B$640-1,1),10),IF($O15=\"Class_6\",INDEX('ER C6 FLT1'!$A$4:$J$640,MATCH(DropData!$J55&$C15,'ER C6 FLT1'!$A$4:$A$640&'ER C6 FLT1'!$B$4:$B$640-1,1),10))))))),IF($R15=\"Electric\",OFFSET(INDEX('ER Electric'!$A$6:$E$44,MATCH($C15&$O15,'ER Electric'!$A$6:$A$44&'ER Electric'!$B$6:$B$44,1),5),3,0)))","v":false},{"$f":"IF(OR($R15=\"Diesel\",$R15=\"LNG/CNG\",$R15=\"Hybrid\",$R15=\"Electric w/ AB-118\"),IF($B15=\"3+ Trucks\",IF(OR($O15=\"Class_8\",$N15=\"Replacement8HHD\",$AI15=\"CL7HHD\"),INDEX('ER C8 FLT3'!$A$4:$J$640,MATCH(DropData!$J55&$C15,'ER C8 FLT3'!$A$4:$A$640&'ER C8 FLT3'!$B$4:$B$640-2,1),10),IF($O15=\"Class_7\",INDEX('ER C7 FLT3'!$A$4:$J$640,MATCH(DropData!$J55&$C15,'ER C7 FLT3'!$A$4:$A$640&'ER C7 FLT3'!$B$4:$B$640-2,1),10),IF($O15=\"Class_6\",INDEX('ER C6 FLT3'!$A$4:$J$640,MATCH(DropData!$J55&$C15,'ER C6 FLT3'!$A$4:$A$640&'ER C6 FLT3'!$B$4:$B$640-2,1),10)))),IF($B15=\"2 Trucks\",IF(OR($O15=\"Class_8\",$N15=\"Replacement8HHD\",$AI15=\"CL7HHD\"),INDEX('ER C8 FLT2'!$A$4:$J$640,MATCH(DropData!$J55&$C15,'ER C8 FLT2'!$A$4:$A$640&'ER C8 FLT2'!$B$4:$B$640-2,1),10),IF($O15=\"Class_7\",INDEX('ER C7 FLT2'!$A$4:$J$640,MATCH(DropData!$J55&$C15,'ER C7 FLT2'!$A$4:$A$640&'ER C7 FLT2'!$B$4:$B$640-2,1),10),IF($O15=\"Class_6\",INDEX('ER C6 FLT2'!$A$4:$J$640,MATCH(DropData!$J55&$C15,'ER C6 FLT2'!$A$4:$A$640&'ER C6 FLT2'!$B$4:$B$640-2,1),10)))),IF($B15=\"1 Truck\",IF(OR($O15=\"Class_8\",$N15=\"Replacement8HHD\",$AI15=\"CL7HHD\"),INDEX('ER C8 FLT1'!$A$4:$J$640,MATCH(DropData!$J55&$C15,'ER C8 FLT1'!$A$4:$A$640&'ER C8 FLT1'!$B$4:$B$640-2,1),10),IF($O15=\"Class_7\",INDEX('ER C7 FLT1'!$A$4:$J$640,MATCH(DropData!$J55&$C15,'ER C7 FLT1'!$A$4:$A$640&'ER C7 FLT1'!$B$4:$B$640-2,1),10),IF($O15=\"Class_6\",INDEX('ER C6 FLT1'!$A$4:$J$640,MATCH(DropData!$J55&$C15,'ER C6 FLT1'!$A$4:$A$640&'ER C6 FLT1'!$B$4:$B$640-2,1),10))))))),IF($R15=\"Electric\",OFFSET(INDEX('ER Electric'!$A$6:$E$44,MATCH($C15&$O15,'ER Electric'!$A$6:$A$44&'ER Electric'!$B$6:$B$44,1),5),6,0)))","v":false},{"$f":"IF(OR($R15=\"Diesel\",$R15=\"LNG/CNG\",$R15=\"Hybrid\",$R15=\"Electric w/ AB-118\"),IF($B15=\"3+ Trucks\",IF(OR($O15=\"Class_8\",$N15=\"Replacement8HHD\",$AI15=\"CL7HHD\"),INDEX('ER C8 FLT3'!$A$4:$J$640,MATCH(DropData!$J55&$C15,'ER C8 FLT3'!$A$4:$A$640&'ER C8 FLT3'!$B$4:$B$640-3,1),10),IF($O15=\"Class_7\",INDEX('ER C7 FLT3'!$A$4:$J$640,MATCH(DropData!$J55&$C15,'ER C7 FLT3'!$A$4:$A$640&'ER C7 FLT3'!$B$4:$B$640-3,1),10),IF($O15=\"Class_6\",INDEX('ER C6 FLT3'!$A$4:$J$640,MATCH(DropData!$J55&$C15,'ER C6 FLT3'!$A$4:$A$640&'ER C6 FLT3'!$B$4:$B$640-3,1),10)))),IF($B15=\"2 Trucks\",IF(OR($O15=\"Class_8\",$N15=\"Replacement8HHD\",$AI15=\"CL7HHD\"),INDEX('ER C8 FLT2'!$A$4:$J$640,MATCH(DropData!$J55&$C15,'ER C8 FLT2'!$A$4:$A$640&'ER C8 FLT2'!$B$4:$B$640-3,1),10),IF($O15=\"Class_7\",INDEX('ER C7 FLT2'!$A$4:$J$640,MATCH(DropData!$J55&$C15,'ER C7 FLT2'!$A$4:$A$640&'ER C7 FLT2'!$B$4:$B$640-3,1),10),IF($O15=\"Class_6\",INDEX('ER C6 FLT2'!$A$4:$J$640,MATCH(DropData!$J55&$C15,'ER C6 FLT2'!$A$4:$A$640&'ER C6 FLT2'!$B$4:$B$640-3,1),10)))),IF($B15=\"1 Truck\",IF(OR($O15=\"Class_8\",$N15=\"Replacement8HHD\",$AI15=\"CL7HHD\"),INDEX('ER C8 FLT1'!$A$4:$J$640,MATCH(DropData!$J55&$C15,'ER C8 FLT1'!$A$4:$A$640&'ER C8 FLT1'!$B$4:$B$640-3,1),10),IF($O15=\"Class_7\",INDEX('ER C7 FLT1'!$A$4:$J$640,MATCH(DropData!$J55&$C15,'ER C7 FLT1'!$A$4:$A$640&'ER C7 FLT1'!$B$4:$B$640-3,1),10),IF($O15=\"Class_6\",INDEX('ER C6 FLT1'!$A$4:$J$640,MATCH(DropData!$J55&$C15,'ER C6 FLT1'!$A$4:$A$640&'ER C6 FLT1'!$B$4:$B$640-3,1),10))))))),IF($R15=\"Electric\",OFFSET(INDEX('ER Electric'!$A$6:$E$44,MATCH($C15&$O15,'ER Electric'!$A$6:$A$44&'ER Electric'!$B$6:$B$44,1),5),9,0)))","v":false},{"$f":"IF(OR($R15=\"Diesel\",$R15=\"LNG/CNG\",$R15=\"Hybrid\",$R15=\"Electric w/ AB-118\"),IF($B15=\"3+ Trucks\",IF(OR($O15=\"Class_8\",$N15=\"Replacement8HHD\",$AI15=\"CL7HHD\"),INDEX('ER C8 FLT3'!$A$4:$J$640,MATCH(DropData!$J55&$C15,'ER C8 FLT3'!$A$4:$A$640&'ER C8 FLT3'!$B$4:$B$640-4,1),10),IF($O15=\"Class_7\",INDEX('ER C7 FLT3'!$A$4:$J$640,MATCH(DropData!$J55&$C15,'ER C7 FLT3'!$A$4:$A$640&'ER C7 FLT3'!$B$4:$B$640-4,1),10),IF($O15=\"Class_6\",INDEX('ER C6 FLT3'!$A$4:$J$640,MATCH(DropData!$J55&$C15,'ER C6 FLT3'!$A$4:$A$640&'ER C6 FLT3'!$B$4:$B$640-4,1),10)))),IF($B15=\"2 Trucks\",IF(OR($O15=\"Class_8\",$N15=\"Replacement8HHD\",$AI15=\"CL7HHD\"),INDEX('ER C8 FLT2'!$A$4:$J$640,MATCH(DropData!$J55&$C15,'ER C8 FLT2'!$A$4:$A$640&'ER C8 FLT2'!$B$4:$B$640-4,1),10),IF($O15=\"Class_7\",INDEX('ER C7 FLT2'!$A$4:$J$640,MATCH(DropData!$J55&$C15,'ER C7 FLT2'!$A$4:$A$640&'ER C7 FLT2'!$B$4:$B$640-4,1),10),IF($O15=\"Class_6\",INDEX('ER C6 FLT2'!$A$4:$J$640,MATCH(DropData!$J55&$C15,'ER C6 FLT2'!$A$4:$A$640&'ER C6 FLT2'!$B$4:$B$640-4,1),10)))),IF($B15=\"1 Truck\",IF(OR($O15=\"Class_8\",$N15=\"Replacement8HHD\",$AI15=\"CL7HHD\"),INDEX('ER C8 FLT1'!$A$4:$J$640,MATCH(DropData!$J55&$C15,'ER C8 FLT1'!$A$4:$A$640&'ER C8 FLT1'!$B$4:$B$640-4,1),10),IF($O15=\"Class_7\",INDEX('ER C7 FLT1'!$A$4:$J$640,MATCH(DropData!$J55&$C15,'ER C7 FLT1'!$A$4:$A$640&'ER C7 FLT1'!$B$4:$B$640-4,1),10),IF($O15=\"Class_6\",INDEX('ER C6 FLT1'!$A$4:$J$640,MATCH(DropData!$J55&$C15,'ER C6 FLT1'!$A$4:$A$640&'ER C6 FLT1'!$B$4:$B$640-4,1),10))))))),IF($R15=\"Electric\",OFFSET(INDEX('ER Electric'!$A$6:$E$44,MATCH($C15&$O15,'ER Electric'!$A$6:$A$44&'ER Electric'!$B$6:$B$44,1),5),12,0)))","v":false},0,{"$f":"IF($B15=\"3+ Trucks\",IF($Z15=\"Class_8\",INDEX('ER C8 FLT3'!$A$4:$J$640,MATCH($W15&$C15,'ER C8 FLT3'!$A$4:$A$640&'ER C8 FLT3'!$B$4:$B$640,1),10),IF($Z15=\"Class_7\",INDEX('ER C7 FLT3'!$A$4:$J$640,MATCH($W15&$C15,'ER C7 FLT3'!$A$4:$A$640&'ER C7 FLT3'!$B$4:$B$640,1),10),IF($Z15=\"Class_6\",INDEX('ER C6 FLT3'!$A$4:$J$640,MATCH($W15&$C15,'ER C6 FLT3'!$A$4:$A$640&'ER C6 FLT3'!$B$4:$B$640,1),10)))),IF($B15=\"2 Trucks\",IF($Z15=\"Class_8\",INDEX('ER C8 FLT2'!$A$4:$J$640,MATCH($W15&$C15,'ER C8 FLT2'!$A$4:$A$640&'ER C8 FLT2'!$B$4:$B$640,1),10),IF($Z15=\"Class_7\",INDEX('ER C7 FLT2'!$A$4:$J$640,MATCH($W15&$C15,'ER C7 FLT2'!$A$4:$A$640&'ER C7 FLT2'!$B$4:$B$640,1),10),IF($Z15=\"Class_6\",INDEX('ER C6 FLT2'!$A$4:$J$640,MATCH($W15&$C15,'ER C6 FLT2'!$A$4:$A$640&'ER C6 FLT2'!$B$4:$B$640,1),10)))),IF($B15=\"1 Truck\",IF($Z15=\"Class_8\",INDEX('ER C8 FLT1'!$A$4:$J$640,MATCH($W15&$C15,'ER C8 FLT1'!$A$4:$A$640&'ER C8 FLT1'!$B$4:$B$640,1),10),IF($Z15=\"Class_7\",INDEX('ER C7 FLT1'!$A$4:$J$640,MATCH($W15&$C15,'ER C7 FLT1'!$A$4:$A$640&'ER C7 FLT1'!$B$4:$B$640,1),10)*IF($Z15=\"Class_7\",INDEX('ER C7 FLT1'!$A$4:$J$640,MATCH($W15&$C15,'ER C7 FLT1'!$A$4:$A$640&'ER C7 FLT1'!$B$4:$B$640,1),10)),IF($Z15=\"Class_6\",INDEX('ER C6 FLT1'!$A$4:$J$640,MATCH($W15&$C15,'ER C6 FLT1'!$A$4:$A$640&'ER C6 FLT1'!$B$4:$B$640,1),10)*IF($Z15=\"Class_6\",INDEX('ER C6 FLT1'!$A$4:$J$640,MATCH($W15&$C15,'ER C6 FLT1'!$A$4:$A$640&'ER C6 FLT1'!$B$4:$B$640,1),10))))))))*($AC15/453.6)","v":0},0,0,{"$f":"IF($B15=\"3+ Trucks\",IF($Z15=\"Class_8\",INDEX('ER C8 FLT3'!$A$4:$J$640,MATCH($W15&$C15,'ER C8 FLT3'!$A$4:$A$640&'ER C8 FLT3'!$B$4:$B$640-1,1),10),IF($Z15=\"Class_7\",INDEX('ER C7 FLT3'!$A$4:$J$640,MATCH($W15&$C15,'ER C7 FLT3'!$A$4:$A$640&'ER C7 FLT3'!$B$4:$B$640-1,1),10),IF($Z15=\"Class_6\",INDEX('ER C6 FLT3'!$A$4:$J$640,MATCH($W15&$C15,'ER C6 FLT3'!$A$4:$A$640&'ER C6 FLT3'!$B$4:$B$640-1,1),10)))),IF($B15=\"2 Trucks\",IF($Z15=\"Class_8\",INDEX('ER C8 FLT2'!$A$4:$J$640,MATCH($W15&$C15,'ER C8 FLT2'!$A$4:$A$640&'ER C8 FLT2'!$B$4:$B$640-1,1),10),IF($Z15=\"Class_7\",INDEX('ER C7 FLT2'!$A$4:$J$640,MATCH($W15&$C15,'ER C7 FLT2'!$A$4:$A$640&'ER C7 FLT2'!$B$4:$B$640-1,1),10),IF($Z15=\"Class_6\",INDEX('ER C6 FLT2'!$A$4:$J$640,MATCH($W15&$C15,'ER C6 FLT2'!$A$4:$A$640&'ER C6 FLT2'!$B$4:$B$640-1,1),10)))),IF($B15=\"1 Truck\",IF($Z15=\"Class_8\",INDEX('ER C8 FLT1'!$A$4:$J$640,MATCH($W15&$C15,'ER C8 FLT1'!$A$4:$A$640&'ER C8 FLT1'!$B$4:$B$640-1,1),10),IF($Z15=\"Class_7\",INDEX('ER C7 FLT1'!$A$4:$J$640,MATCH($W15&$C15,'ER C7 FLT1'!$A$4:$A$640&'ER C7 FLT1'!$B$4:$B$640-1,1),10)*IF($Z15=\"Class_7\",INDEX('ER C7 FLT1'!$A$4:$J$640,MATCH($W15&$C15,'ER C7 FLT1'!$A$4:$A$640&'ER C7 FLT1'!$B$4:$B$640-1,1),10)),IF($Z15=\"Class_6\",INDEX('ER C6 FLT1'!$A$4:$J$640,MATCH($W15&$C15,'ER C6 FLT1'!$A$4:$A$640&'ER C6 FLT1'!$B$4:$B$640-1,1),10)*IF($Z15=\"Class_6\",INDEX('ER C6 FLT1'!$A$4:$J$640,MATCH($W15&$C15,'ER C6 FLT1'!$A$4:$A$640&'ER C6 FLT1'!$B$4:$B$640-1,1),10))))))))*($AC15/453.6)","v":0},0,0,{"$f":"IF($B15=\"3+ Trucks\",IF($Z15=\"Class_8\",INDEX('ER C8 FLT3'!$A$4:$J$640,MATCH($W15&$C15,'ER C8 FLT3'!$A$4:$A$640&'ER C8 FLT3'!$B$4:$B$640-2,1),10),IF($Z15=\"Class_7\",INDEX('ER C7 FLT3'!$A$4:$J$640,MATCH($W15&$C15,'ER C7 FLT3'!$A$4:$A$640&'ER C7 FLT3'!$B$4:$B$640-2,1),10),IF($Z15=\"Class_6\",INDEX('ER C6 FLT3'!$A$4:$J$640,MATCH($W15&$C15,'ER C6 FLT3'!$A$4:$A$640&'ER C6 FLT3'!$B$4:$B$640-2,1),10)))),IF($B15=\"2 Trucks\",IF($Z15=\"Class_8\",INDEX('ER C8 FLT2'!$A$4:$J$640,MATCH($W15&$C15,'ER C8 FLT2'!$A$4:$A$640&'ER C8 FLT2'!$B$4:$B$640-2,1),10),IF($Z15=\"Class_7\",INDEX('ER C7 FLT2'!$A$4:$J$640,MATCH($W15&$C15,'ER C7 FLT2'!$A$4:$A$640&'ER C7 FLT2'!$B$4:$B$640-2,1),10),IF($Z15=\"Class_6\",INDEX('ER C6 FLT2'!$A$4:$J$640,MATCH($W15&$C15,'ER C6 FLT2'!$A$4:$A$640&'ER C6 FLT2'!$B$4:$B$640-2,1),10)))),IF($B15=\"1 Truck\",IF($Z15=\"Class_8\",INDEX('ER C8 FLT1'!$A$4:$J$640,MATCH($W15&$C15,'ER C8 FLT1'!$A$4:$A$640&'ER C8 FLT1'!$B$4:$B$640-2,1),10),IF($Z15=\"Class_7\",INDEX('ER C7 FLT1'!$A$4:$J$640,MATCH($W15&$C15,'ER C7 FLT1'!$A$4:$A$640&'ER C7 FLT1'!$B$4:$B$640-2,1),10)*IF($Z15=\"Class_7\",INDEX('ER C7 FLT1'!$A$4:$J$640,MATCH($W15&$C15,'ER C7 FLT1'!$A$4:$A$640&'ER C7 FLT1'!$B$4:$B$640-2,1),10)),IF($Z15=\"Class_6\",INDEX('ER C6 FLT1'!$A$4:$J$640,MATCH($W15&$C15,'ER C6 FLT1'!$A$4:$A$640&'ER C6 FLT1'!$B$4:$B$640-2,1),10)*IF($Z15=\"Class_6\",INDEX('ER C6 FLT1'!$A$4:$J$640,MATCH($W15&$C15,'ER C6 FLT1'!$A$4:$A$640&'ER C6 FLT1'!$B$4:$B$640-2,1),10))))))))*($AC15/453.6)","v":0},0,0,{"$f":"IF($B15=\"3+ Trucks\",IF($Z15=\"Class_8\",INDEX('ER C8 FLT3'!$A$4:$J$640,MATCH($W15&$C15,'ER C8 FLT3'!$A$4:$A$640&'ER C8 FLT3'!$B$4:$B$640-3,1),10),IF($Z15=\"Class_7\",INDEX('ER C7 FLT3'!$A$4:$J$640,MATCH($W15&$C15,'ER C7 FLT3'!$A$4:$A$640&'ER C7 FLT3'!$B$4:$B$640-3,1),10),IF($Z15=\"Class_6\",INDEX('ER C6 FLT3'!$A$4:$J$640,MATCH($W15&$C15,'ER C6 FLT3'!$A$4:$A$640&'ER C6 FLT3'!$B$4:$B$640-3,1),10)))),IF($B15=\"2 Trucks\",IF($Z15=\"Class_8\",INDEX('ER C8 FLT2'!$A$4:$J$640,MATCH($W15&$C15,'ER C8 FLT2'!$A$4:$A$640&'ER C8 FLT2'!$B$4:$B$640-3,1),10),IF($Z15=\"Class_7\",INDEX('ER C7 FLT2'!$A$4:$J$640,MATCH($W15&$C15,'ER C7 FLT2'!$A$4:$A$640&'ER C7 FLT2'!$B$4:$B$640-3,1),10),IF($Z15=\"Class_6\",INDEX('ER C6 FLT2'!$A$4:$J$640,MATCH($W15&$C15,'ER C6 FLT2'!$A$4:$A$640&'ER C6 FLT2'!$B$4:$B$640-3,1),10)))),IF($B15=\"1 Truck\",IF($Z15=\"Class_8\",INDEX('ER C8 FLT1'!$A$4:$J$640,MATCH($W15&$C15,'ER C8 FLT1'!$A$4:$A$640&'ER C8 FLT1'!$B$4:$B$640-3,1),10),IF($Z15=\"Class_7\",INDEX('ER C7 FLT1'!$A$4:$J$640,MATCH($W15&$C15,'ER C7 FLT1'!$A$4:$A$640&'ER C7 FLT1'!$B$4:$B$640-3,1),10)*IF($Z15=\"Class_7\",INDEX('ER C7 FLT1'!$A$4:$J$640,MATCH($W15&$C15,'ER C7 FLT1'!$A$4:$A$640&'ER C7 FLT1'!$B$4:$B$640-3,1),10)),IF($Z15=\"Class_6\",INDEX('ER C6 FLT1'!$A$4:$J$640,MATCH($W15&$C15,'ER C6 FLT1'!$A$4:$A$640&'ER C6 FLT1'!$B$4:$B$640-3,1),10)*IF($Z15=\"Class_6\",INDEX('ER C6 FLT1'!$A$4:$J$640,MATCH($W15&$C15,'ER C6 FLT1'!$A$4:$A$640&'ER C6 FLT1'!$B$4:$B$640-3,1),10))))))))*($AC15/453.6)","v":0},0,0,{"$f":"IF($B15=\"3+ Trucks\",IF($Z15=\"Class_8\",INDEX('ER C8 FLT3'!$A$4:$J$640,MATCH($W15&$C15,'ER C8 FLT3'!$A$4:$A$640&'ER C8 FLT3'!$B$4:$B$640-4,1),10),IF($Z15=\"Class_7\",INDEX('ER C7 FLT3'!$A$4:$J$640,MATCH($W15&$C15,'ER C7 FLT3'!$A$4:$A$640&'ER C7 FLT3'!$B$4:$B$640-4,1),10),IF($Z15=\"Class_6\",INDEX('ER C6 FLT3'!$A$4:$J$640,MATCH($W15&$C15,'ER C6 FLT3'!$A$4:$A$640&'ER C6 FLT3'!$B$4:$B$640-4,1),10)))),IF($B15=\"2 Trucks\",IF($Z15=\"Class_8\",INDEX('ER C8 FLT2'!$A$4:$J$640,MATCH($W15&$C15,'ER C8 FLT2'!$A$4:$A$640&'ER C8 FLT2'!$B$4:$B$640-4,1),10),IF($Z15=\"Class_7\",INDEX('ER C7 FLT2'!$A$4:$J$640,MATCH($W15&$C15,'ER C7 FLT2'!$A$4:$A$640&'ER C7 FLT2'!$B$4:$B$640-4,1),10),IF($Z15=\"Class_6\",INDEX('ER C6 FLT2'!$A$4:$J$640,MATCH($W15&$C15,'ER C6 FLT2'!$A$4:$A$640&'ER C6 FLT2'!$B$4:$B$640-4,1),10)))),IF($B15=\"1 Truck\",IF($Z15=\"Class_8\",INDEX('ER C8 FLT1'!$A$4:$J$640,MATCH($W15&$C15,'ER C8 FLT1'!$A$4:$A$640&'ER C8 FLT1'!$B$4:$B$640-4,1),10),IF($Z15=\"Class_7\",INDEX('ER C7 FLT1'!$A$4:$J$640,MATCH($W15&$C15,'ER C7 FLT1'!$A$4:$A$640&'ER C7 FLT1'!$B$4:$B$640-4,1),10)*IF($Z15=\"Class_7\",INDEX('ER C7 FLT1'!$A$4:$J$640,MATCH($W15&$C15,'ER C7 FLT1'!$A$4:$A$640&'ER C7 FLT1'!$B$4:$B$640-4,1),10)),IF($Z15=\"Class_6\",INDEX('ER C6 FLT1'!$A$4:$J$640,MATCH($W15&$C15,'ER C6 FLT1'!$A$4:$A$640&'ER C6 FLT1'!$B$4:$B$640-4,1),10)*IF($Z15=\"Class_6\",INDEX('ER C6 FLT1'!$A$4:$J$640,MATCH($W15&$C15,'ER C6 FLT1'!$A$4:$A$640&'ER C6 FLT1'!$B$4:$B$640-4,1),10))))))))*($AC15/453.6)","v":0},0,0]
[{"$f":"'Input data'!A23","v":"project 19"},{"$f":"'Input data'!B23","v":0},{"$f":"'Input data'!C23","v":0},{"$f":"'Input data'!D23","v":0},{"$f":"'Input data'!E23","v":0},{"$f":"'Input data'!F23","v":0},{"$f":"'Input data'!G23","v":0},{"$f":"'Input data'!H23","v":""},{"$f":"'Input data'!I23","v":0},{"$f":"'Input data'!J23","v":0},{"$f":"'Input data'!K23","v":0},{"$f":"'Input data'!AK23","v":false},{"$f":"'Input data'!M23","v":0},{"$f":"'Input data'!AJ23","v":0},{"$f":"'Input data'!L23","v":0},{"$f":"'Input data'!N23","v":0},{"$f":"'Input data'!O23","v":0},{"$f":"'Input data'!P23","v":0},{"$f":"'Input data'!Q23","v":0},{"$f":"'Input data'!R23","v":"0"},{"$f":"'Input data'!$S23","v":"No"},{"$f":"'Input data'!T23","v":"No"},{"$f":"'Input data'!U23","v":0},{"$f":"'Input data'!V23","v":0},{"$f":"'Input data'!W23","v":0},{"$f":"'Input data'!X23","v":""},{"$f":"'Input data'!Y23","v":0},{"$f":"'Input data'!Z23","v":0},{"$f":"'Input data'!AA23","v":0},null,null,{"$f":"'Input data'!AD23","v":0},{"$f":"'Input data'!AE23","v":false},{"$f":"'Input data'!AF23","v":false},{"$f":"'Input data'!AG23","v":false},{"$f":"'Input data'!AH23","v":false},null,{"$f":"IF($B25=\"3+ Trucks\",IF(OR($H25=\"Class_8\",$N25=\"Replacement8HHD\",$AH25=\"CL7HHD\",$AJ25=\"CL7to8\"),INDEX('ER C8 FLT3'!$A$4:$J$640,MATCH($E25&$C25,'ER C8 FLT3'!$A$4:$A$640&'ER C8 FLT3'!$B$4:$B$640,1),8)*IF(OR($H25=\"Class_8\",$N25=\"Replacement8HHD\",$AH25=\"CL7HHD\",$AJ25=\"CL7to8\"),INDEX('ER C8 FLT3'!$A$4:$J$640,MATCH($E25&$C25,'ER C8 FLT3'!$A$4:$A$640&'ER C8 FLT3'!$B$4:$B$640,1),9)),IF($H25=\"Class_7\",INDEX('ER C7 FLT3'!$A$4:$J$640,MATCH($E25&$C25,'ER C7 FLT3'!$A$4:$A$640&'ER C7 FLT3'!$B$4:$B$640,1),8)*IF($H25=\"Class_7\",INDEX('ER C7 FLT3'!$A$4:$J$640,MATCH($E25&$C25,'ER C7 FLT3'!$A$4:$A$640&'ER C7 FLT3'!$B$4:$B$640,1),9)),\nIF($H25=\"Class_6\",INDEX('ER C6 FLT3'!$A$4:$J$640,MATCH($E25&$C25,'ER C6 FLT3'!$A$4:$A$640&'ER C6 FLT3'!$B$4:$B$640,1),8)*IF($H25=\"Class_6\",INDEX('ER C6 FLT3'!$A$4:$L$640,MATCH($E25&$C25,'ER C6 FLT3'!$A$4:$A$640&'ER C6 FLT3'!$B$4:$B$640,1),9))))),IF($B25=\"2 Trucks\",IF(OR($H25=\"Class_8\",$N25=\"Replacement8HHD\",$AH25=\"CL7HHD\",$AJ25=\"CL7to8\"),INDEX('ER C8 FLT2'!$A$4:$J$640,MATCH($E25&$C25,'ER C8 FLT2'!$A$4:$A$640&'ER C8 FLT2'!$B$4:$B$640,1),8)*IF(OR($H25=\"Class_8\",$N25=\"Replacement8HHD\",$AH25=\"CL7HHD\",$AJ25=\"CL7to8\"),INDEX('ER C8 FLT2'!$A$4:$J$640,MATCH($E25&$C25,'ER C8 FLT2'!$A$4:$A$640&'ER C8 FLT2'!$B$4:$B$640,1),9)),IF($H25=\"Class_7\",INDEX('ER C7 FLT2'!$A$4:$J$640,MATCH($E25&$C25,'ER C7 FLT2'!$A$4:$A$640&'ER C7 FLT2'!$B$4:$B$640,1),8)*IF($H25=\"Class_7\",INDEX('ER C7 FLT2'!$A$4:$J$640,MATCH($E25&$C25,'ER C7 FLT2'!$A$4:$A$640&'ER C7 FLT2'!$B$4:$B$640,1),9)),IF($H25=\"Class_6\",INDEX('ER C6 FLT2'!$A$4:$J$640,MATCH($E25&$C25,'ER C6 FLT2'!$A$4:$A$640&'ER C6 FLT2'!$B$4:$B$640,1),8)*IF($H25=\"Class_6\",INDEX('ER C6 FLT2'!$A$4:$J$640,MATCH($E25&$C25,'ER C6 FLT2'!$A$4:$A$640&'ER C6 FLT2'!$B$4:$B$640,1),9))))),IF($B25=\"1 Truck\",\nIF(OR($H25=\"Class_8\",$N25=\"Replacement8HHD\",$AH25=\"CL7HHD\",$AJ25=\"CL7to8\"),INDEX('ER C8 FLT1'!$A$4:$J$640,MATCH($E25&$C25,'ER C8 FLT1'!$A$4:$A$640&'ER C8 FLT1'!$B$4:$B$640,1),8)*IF(OR($H25=\"Class_8\",$N25=\"Replacement8HHD\",$AH25=\"CL7HHD\",$AJ25=\"CL7to8\"),INDEX('ER C8 FLT1'!$A$4:$J$640,MATCH($E25&$C25,'ER C8 FLT1'!$A$4:$A$640&'ER C8 FLT1'!$B$4:$B$640,1),9)),IF($H25=\"Class_7\",INDEX('ER C7 FLT1'!$A$4:$J$640,MATCH($E25&$C25,'ER C7 FLT1'!$A$4:$A$640&'ER C7 FLT1'!$B$4:$B$640,1),8)*IF($H25=\"Class_7\",INDEX('ER C7 FLT1'!$A$4:$J$640,MATCH($E25&$C25,'ER C7 FLT1'!$A$4:$A$640&'ER C7 FLT1'!$B$4:$B$640,1),9)),\nIF($H25=\"Class_6\",INDEX('ER C6 FLT1'!$A$4:$J$640,MATCH($E25&$C25,'ER C6 FLT1'!$A$4:$A$640&'ER C6 FLT1'!$B$4:$B$640,1),8)*IF($H25=\"Class_6\",INDEX('ER C6 FLT1'!$A$4:$J$640,MATCH($E25&$C25,'ER C6 FLT1'!$A$4:$A$640&'ER C6 FLT1'!$B$4:$B$640,1),9))))))))*IF($F25=\"Level 1 PM\",0.75,IF($F25=\"Level 2 PM\",0.5,IF($F25=\"Level 3 PM\",0,IF($F25=\"Level 3 PM + Mark I NOx\",0,1))))*($Q25/453.6)","v":0},{"$f":"IF($B25=\"3+ Trucks\",IF(OR($H25=\"Class_8\",$N25=\"Replacement8HHD\",$AH25=\"CL7HHD\",$AJ25=\"CL7to8\"),INDEX('ER C8 FLT3'!$A$4:$J$640,MATCH($E25&$C25,'ER C8 FLT3'!$A$4:$A$640&'ER C8 FLT3'!$B$4:$B$640-1,1),8)*IF(OR($H25=\"Class_8\",$N25=\"Replacement8HHD\",$AH25=\"CL7HHD\",$AJ25=\"CL7to8\"),INDEX('ER C8 FLT3'!$A$4:$J$640,MATCH($E25&$C25,'ER C8 FLT3'!$A$4:$A$640&'ER C8 FLT3'!$B$4:$B$640-1,1),9)),IF($H25=\"Class_7\",INDEX('ER C7 FLT3'!$A$4:$J$640,MATCH($E25&$C25,'ER C7 FLT3'!$A$4:$A$640&'ER C7 FLT3'!$B$4:$B$640-1,1),8)*IF($H25=\"Class_7\",INDEX('ER C7 FLT3'!$A$4:$J$640,MATCH($E25&$C25,'ER C7 FLT3'!$A$4:$A$640&'ER C7 FLT3'!$B$4:$B$640-1,1),9)),\nIF($H25=\"Class_6\",INDEX('ER C6 FLT3'!$A$4:$J$640,MATCH($E25&$C25,'ER C6 FLT3'!$A$4:$A$640&'ER C6 FLT3'!$B$4:$B$640-1,1),8)*IF($H25=\"Class_6\",INDEX('ER C6 FLT3'!$A$4:$L$640,MATCH($E25&$C25,'ER C6 FLT3'!$A$4:$A$640&'ER C6 FLT3'!$B$4:$B$640-1,1),9))))),IF($B25=\"2 Trucks\",IF(OR($H25=\"Class_8\",$N25=\"Replacement8HHD\",$AH25=\"CL7HHD\",$AJ25=\"CL7to8\"),INDEX('ER C8 FLT2'!$A$4:$J$640,MATCH($E25&$C25,'ER C8 FLT2'!$A$4:$A$640&'ER C8 FLT2'!$B$4:$B$640-1,1),8)*IF(OR($H25=\"Class_8\",$N25=\"Replacement8HHD\",$AH25=\"CL7HHD\",$AJ25=\"CL7to8\"),INDEX('ER C8 FLT2'!$A$4:$J$640,MATCH($E25&$C25,'ER C8 FLT2'!$A$4:$A$640&'ER C8 FLT2'!$B$4:$B$640-1,1),9)),IF($H25=\"Class_7\",INDEX('ER C7 FLT2'!$A$4:$J$640,MATCH($E25&$C25,'ER C7 FLT2'!$A$4:$A$640&'ER C7 FLT2'!$B$4:$B$640-1,1),8)*IF($H25=\"Class_7\",INDEX('ER C7 FLT2'!$A$4:$J$640,MATCH($E25&$C25,'ER C7 FLT2'!$A$4:$A$640&'ER C7 FLT2'!$B$4:$B$640-1,1),9)),IF($H25=\"Class_6\",INDEX('ER C6 FLT2'!$A$4:$J$640,MATCH($E25&$C25,'ER C6 FLT2'!$A$4:$A$640&'ER C6 FLT2'!$B$4:$B$640-1,1),8)*IF($H25=\"Class_6\",INDEX('ER C6 FLT2'!$A$4:$J$640,MATCH($E25&$C25,'ER C6 FLT2'!$A$4:$A$640&'ER C6 FLT2'!$B$4:$B$640-1,1),9))))),IF($B25=\"1 Truck\",\nIF(OR($H25=\"Class_8\",$N25=\"Replacement8HHD\",$AH25=\"CL7HHD\",$AJ25=\"CL7to8\"),INDEX('ER C8 FLT1'!$A$4:$J$640,MATCH($E25&$C25,'ER C8 FLT1'!$A$4:$A$640&'ER C8 FLT1'!$B$4:$B$640-1,1),8)*IF(OR($H25=\"Class_8\",$N25=\"Replacement8HHD\",$AH25=\"CL7HHD\",$AJ25=\"CL7to8\"),INDEX('ER C8 FLT1'!$A$4:$J$640,MATCH($E25&$C25,'ER C8 FLT1'!$A$4:$A$640&'ER C8 FLT1'!$B$4:$B$640-1,1),9)),IF($H25=\"Class_7\",INDEX('ER C7 FLT1'!$A$4:$J$640,MATCH($E25&$C25,'ER C7 FLT1'!$A$4:$A$640&'ER C7 FLT1'!$B$4:$B$640-1,1),8)*IF($H25=\"Class_7\",INDEX('ER C7 FLT1'!$A$4:$J$640,MATCH($E25&$C25,'ER C7 FLT1'!$A$4:$A$640&'ER C7 FLT1'!$B$4:$B$640-1,1),9)),\nIF($H25=\"Class_6\",INDEX('ER C6 FLT1'!$A$4:$J$640,MATCH($E25&$C25,'ER C6 FLT1'!$A$4:$A$640&'ER C6 FLT1'!$B$4:$B$640-1,1),8)*IF($H25=\"Class_6\",INDEX('ER C6 FLT1'!$A$4:$J$640,MATCH($E25&$C25,'ER C6 FLT1'!$A$4:$A$640&'ER C6 FLT1'!$B$4:$B$640-1,1),9))))))))*IF($F25=\"Level 1 PM\",0.75,IF($F25=\"Level 2 PM\",0.5,IF($F25=\"Level 3 PM\",0,IF($F25=\"Level 3 PM + Mark I NOx\",0,1))))*($Q25/453.6)","v":0},{"$f":"IF($B25=\"3+ Trucks\",IF(OR($H25=\"Class_8\",$N25=\"Replacement8HHD\",$AH25=\"CL7HHD\",$AJ25=\"CL7to8\"),INDEX('ER C8 FLT3'!$A$4:$J$640,MATCH($E25&$C25,'ER C8 FLT3'!$A$4:$A$640&'ER C8 FLT3'!$B$4:$B$640-2,1),8)*IF(OR($H25=\"Class_8\",$N25=\"Replacement8HHD\",$AH25=\"CL7HHD\",$AJ25=\"CL7to8\"),INDEX('ER C8 FLT3'!$A$4:$J$640,MATCH($E25&$C25,'ER C8 FLT3'!$A$4:$A$640&'ER C8 FLT3'!$B$4:$B$640-2,1),9)),IF($H25=\"Class_7\",INDEX('ER C7 FLT3'!$A$4:$J$640,MATCH($E25&$C25,'ER C7 FLT3'!$A$4:$A$640&'ER C7 FLT3'!$B$4:$B$640-2,1),8)*IF($H25=\"Class_7\",INDEX('ER C7 FLT3'!$A$4:$J$640,MATCH($E25&$C25,'ER C7 FLT3'!$A$4:$A$640&'ER C7 FLT3'!$B$4:$B$640-2,1),9)),\nIF($H25=\"Class_6\",INDEX('ER C6 FLT3'!$A$4:$J$640,MATCH($E25&$C25,'ER C6 FLT3'!$A$4:$A$640&'ER C6 FLT3'!$B$4:$B$640-2,1),8)*IF($H25=\"Class_6\",INDEX('ER C6 FLT3'!$A$4:$L$640,MATCH($E25&$C25,'ER C6 FLT3'!$A$4:$A$640&'ER C6 FLT3'!$B$4:$B$640-2,1),9))))),IF($B25=\"2 Trucks\",IF(OR($H25=\"Class_8\",$N25=\"Replacement8HHD\",$AH25=\"CL7HHD\",$AJ25=\"CL7to8\"),INDEX('ER C8 FLT2'!$A$4:$J$640,MATCH($E25&$C25,'ER C8 FLT2'!$A$4:$A$640&'ER C8 FLT2'!$B$4:$B$640-2,1),8)*IF(OR($H25=\"Class_8\",$N25=\"Replacement8HHD\",$AH25=\"CL7HHD\",$AJ25=\"CL7to8\"),INDEX('ER C8 FLT2'!$A$4:$J$640,MATCH($E25&$C25,'ER C8 FLT2'!$A$4:$A$640&'ER C8 FLT2'!$B$4:$B$640-2,1),9)),IF($H25=\"Class_7\",INDEX('ER C7 FLT2'!$A$4:$J$640,MATCH($E25&$C25,'ER C7 FLT2'!$A$4:$A$640&'ER C7 FLT2'!$B$4:$B$640-2,1),8)*IF($H25=\"Class_7\",INDEX('ER C7 FLT2'!$A$4:$J$640,MATCH($E25&$C25,'ER C7 FLT2'!$A$4:$A$640&'ER C7 FLT2'!$B$4:$B$640-2,1),9)),IF($H25=\"Class_6\",INDEX('ER C6 FLT2'!$A$4:$J$640,MATCH($E25&$C25,'ER C6 FLT2'!$A$4:$A$640&'ER C6 FLT2'!$B$4:$B$640-2,1),8)*IF($H25=\"Class_6\",INDEX('ER C6 FLT2'!$A$4:$J$640,MATCH($E25&$C25,'ER C6 FLT2'!$A$4:$A$640&'ER C6 FLT2'!$B$4:$B$640-2,1),9))))),IF($B25=\"1 Truck\",\nIF(OR($H25=\"Class_8\",$N25=\"Replacement8HHD\",$AH25=\"CL7HHD\",$AJ25=\"CL7to8\"),INDEX('ER C8 FLT1'!$A$4:$J$640,MATCH($E25&$C25,'ER C8 FLT1'!$A$4:$A$640&'ER C8 FLT1'!$B$4:$B$640-2,1),8)*IF(OR($H25=\"Class_8\",$N25=\"Replacement8HHD\",$AH25=\"CL7HHD\",$AJ25=\"CL7to8\"),INDEX('ER C8 FLT1'!$A$4:$J$640,MATCH($E25&$C25,'ER C8 FLT1'!$A$4:$A$640&'ER C8 FLT1'!$B$4:$B$640-2,1),9)),IF($H25=\"Class_7\",INDEX('ER C7 FLT1'!$A$4:$J$640,MATCH($E25&$C25,'ER C7 FLT1'!$A$4:$A$640&'ER C7 FLT1'!$B$4:$B$640-2,1),8)*IF($H25=\"Class_7\",INDEX('ER C7 FLT1'!$A$4:$J$640,MATCH($E25&$C25,'ER C7 FLT1'!$A$4:$A$640&'ER C7 FLT1'!$B$4:$B$640-2,1),9)),\nIF($H25=\"Class_6\",INDEX('ER C6 FLT1'!$A$4:$J$640,MATCH($E25&$C25,'ER C6 FLT1'!$A$4:$A$640&'ER C6 FLT1'!$B$4:$B$640-2,1),8)*IF($H25=\"Class_6\",INDEX('ER C6 FLT1'!$A$4:$J$640,MATCH($E25&$C25,'ER C6 FLT1'!$A$4:$A$640&'ER C6 FLT1'!$B$4:$B$640-2,1),9))))))))*IF($F25=\"Level 1 PM\",0.75,IF($F25=\"Level 2 PM\",0.5,IF($F25=\"Level 3 PM\",0,IF($F25=\"Level 3 PM + Mark I NOx\",0,1))))*($Q25/453.6)","v":0},{"$f":"IF($B25=\"3+ Trucks\",IF(OR($H25=\"Class_8\",$N25=\"Replacement8HHD\",$AH25=\"CL7HHD\",$AJ25=\"CL7to8\"),INDEX('ER C8 FLT3'!$A$4:$J$640,MATCH($E25&$C25,'ER C8 FLT3'!$A$4:$A$640&'ER C8 FLT3'!$B$4:$B$640-3,1),8)*IF(OR($H25=\"Class_8\",$N25=\"Replacement8HHD\",$AH25=\"CL7HHD\",$AJ25=\"CL7to8\"),INDEX('ER C8 FLT3'!$A$4:$J$640,MATCH($E25&$C25,'ER C8 FLT3'!$A$4:$A$640&'ER C8 FLT3'!$B$4:$B$640-3,1),9)),IF($H25=\"Class_7\",INDEX('ER C7 FLT3'!$A$4:$J$640,MATCH($E25&$C25,'ER C7 FLT3'!$A$4:$A$640&'ER C7 FLT3'!$B$4:$B$640-3,1),8)*IF($H25=\"Class_7\",INDEX('ER C7 FLT3'!$A$4:$J$640,MATCH($E25&$C25,'ER C7 FLT3'!$A$4:$A$640&'ER C7 FLT3'!$B$4:$B$640-3,1),9)),\nIF($H25=\"Class_6\",INDEX('ER C6 FLT3'!$A$4:$J$640,MATCH($E25&$C25,'ER C6 FLT3'!$A$4:$A$640&'ER C6 FLT3'!$B$4:$B$640-3,1),8)*IF($H25=\"Class_6\",INDEX('ER C6 FLT3'!$A$4:$L$640,MATCH($E25&$C25,'ER C6 FLT3'!$A$4:$A$640&'ER C6 FLT3'!$B$4:$B$640-3,1),9))))),IF($B25=\"2 Trucks\",IF(OR($H25=\"Class_8\",$N25=\"Replacement8HHD\",$AH25=\"CL7HHD\",$AJ25=\"CL7to8\"),INDEX('ER C8 FLT2'!$A$4:$J$640,MATCH($E25&$C25,'ER C8 FLT2'!$A$4:$A$640&'ER C8 FLT2'!$B$4:$B$640-3,1),8)*IF(OR($H25=\"Class_8\",$N25=\"Replacement8HHD\",$AH25=\"CL7HHD\",$AJ25=\"CL7to8\"),INDEX('ER C8 FLT2'!$A$4:$J$640,MATCH($E25&$C25,'ER C8 FLT2'!$A$4:$A$640&'ER C8 FLT2'!$B$4:$B$640-3,1),9)),IF($H25=\"Class_7\",INDEX('ER C7 FLT2'!$A$4:$J$640,MATCH($E25&$C25,'ER C7 FLT2'!$A$4:$A$640&'ER C7 FLT2'!$B$4:$B$640-3,1),8)*IF($H25=\"Class_7\",INDEX('ER C7 FLT2'!$A$4:$J$640,MATCH($E25&$C25,'ER C7 FLT2'!$A$4:$A$640&'ER C7 FLT2'!$B$4:$B$640-3,1),9)),IF($H25=\"Class_6\",INDEX('ER C6 FLT2'!$A$4:$J$640,MATCH($E25&$C25,'ER C6 FLT2'!$A$4:$A$640&'ER C6 FLT2'!$B$4:$B$640-3,1),8)*IF($H25=\"Class_6\",INDEX('ER C6 FLT2'!$A$4:$J$640,MATCH($E25&$C25,'ER C6 FLT2'!$A$4:$A$640&'ER C6 FLT2'!$B$4:$B$640-3,1),9))))),IF($B25=\"1 Truck\",\nIF(OR($H25=\"Class_8\",$N25=\"Replacement8HHD\",$AH25=\"CL7HHD\",$AJ25=\"CL7to8\"),INDEX('ER C8 FLT1'!$A$4:$J$640,MATCH($E25&$C25,'ER C8 FLT1'!$A$4:$A$640&'ER C8 FLT1'!$B$4:$B$640-3,1),8)*IF(OR($H25=\"Class_8\",$N25=\"Replacement8HHD\",$AH25=\"CL7HHD\",$AJ25=\"CL7to8\"),INDEX('ER C8 FLT1'!$A$4:$J$640,MATCH($E25&$C25,'ER C8 FLT1'!$A$4:$A$640&'ER C8 FLT1'!$B$4:$B$640-3,1),9)),IF($H25=\"Class_7\",INDEX('ER C7 FLT1'!$A$4:$J$640,MATCH($E25&$C25,'ER C7 FLT1'!$A$4:$A$640&'ER C7 FLT1'!$B$4:$B$640-3,1),8)*IF($H25=\"Class_7\",INDEX('ER C7 FLT1'!$A$4:$J$640,MATCH($E25&$C25,'ER C7 FLT1'!$A$4:$A$640&'ER C7 FLT1'!$B$4:$B$640-3,1),9)),\nIF($H25=\"Class_6\",INDEX('ER C6 FLT1'!$A$4:$J$640,MATCH($E25&$C25,'ER C6 FLT1'!$A$4:$A$640&'ER C6 FLT1'!$B$4:$B$640-3,1),8)*IF($H25=\"Class_6\",INDEX('ER C6 FLT1'!$A$4:$J$640,MATCH($E25&$C25,'ER C6 FLT1'!$A$4:$A$640&'ER C6 FLT1'!$B$4:$B$640-3,1),9))))))))*IF($F25=\"Level 1 PM\",0.75,IF($F25=\"Level 2 PM\",0.5,IF($F25=\"Level 3 PM\",0,IF($F25=\"Level 3 PM + Mark I NOx\",0,1))))*($Q25/453.6)","v":0},{"$f":"IF($B25=\"3+ Trucks\",IF(OR($H25=\"Class_8\",$N25=\"Replacement8HHD\",$AH25=\"CL7HHD\",$AJ25=\"CL7to8\"),INDEX('ER C8 FLT3'!$A$4:$J$640,MATCH($E25&$C25,'ER C8 FLT3'!$A$4:$A$640&'ER C8 FLT3'!$B$4:$B$640-4,1),8)*IF(OR($H25=\"Class_8\",$N25=\"Replacement8HHD\",$AH25=\"CL7HHD\",$AJ25=\"CL7to8\"),INDEX('ER C8 FLT3'!$A$4:$J$640,MATCH($E25&$C25,'ER C8 FLT3'!$A$4:$A$640&'ER C8 FLT3'!$B$4:$B$640-4,1),9)),IF($H25=\"Class_7\",INDEX('ER C7 FLT3'!$A$4:$J$640,MATCH($E25&$C25,'ER C7 FLT3'!$A$4:$A$640&'ER C7 FLT3'!$B$4:$B$640-4,1),8)*IF($H25=\"Class_7\",INDEX('ER C7 FLT3'!$A$4:$J$640,MATCH($E25&$C25,'ER C7 FLT3'!$A$4:$A$640&'ER C7 FLT3'!$B$4:$B$640-4,1),9)),\nIF($H25=\"Class_6\",INDEX('ER C6 FLT3'!$A$4:$J$640,MATCH($E25&$C25,'ER C6 FLT3'!$A$4:$A$640&'ER C6 FLT3'!$B$4:$B$640-4,1),8)*IF($H25=\"Class_6\",INDEX('ER C6 FLT3'!$A$4:$L$640,MATCH($E25&$C25,'ER C6 FLT3'!$A$4:$A$640&'ER C6 FLT3'!$B$4:$B$640-4,1),9))))),IF($B25=\"2 Trucks\",IF(OR($H25=\"Class_8\",$N25=\"Replacement8HHD\",$AH25=\"CL7HHD\",$AJ25=\"CL7to8\"),INDEX('ER C8 FLT2'!$A$4:$J$640,MATCH($E25&$C25,'ER C8 FLT2'!$A$4:$A$640&'ER C8 FLT2'!$B$4:$B$640-4,1),8)*IF(OR($H25=\"Class_8\",$N25=\"Replacement8HHD\",$AH25=\"CL7HHD\",$AJ25=\"CL7to8\"),INDEX('ER C8 FLT2'!$A$4:$J$640,MATCH($E25&$C25,'ER C8 FLT2'!$A$4:$A$640&'ER C8 FLT2'!$B$4:$B$640-4,1),9)),IF($H25=\"Class_7\",INDEX('ER C7 FLT2'!$A$4:$J$640,MATCH($E25&$C25,'ER C7 FLT2'!$A$4:$A$640&'ER C7 FLT2'!$B$4:$B$640-4,1),8)*IF($H25=\"Class_7\",INDEX('ER C7 FLT2'!$A$4:$J$640,MATCH($E25&$C25,'ER C7 FLT2'!$A$4:$A$640&'ER C7 FLT2'!$B$4:$B$640-4,1),9)),IF($H25=\"Class_6\",INDEX('ER C6 FLT2'!$A$4:$J$640,MATCH($E25&$C25,'ER C6 FLT2'!$A$4:$A$640&'ER C6 FLT2'!$B$4:$B$640-4,1),8)*IF($H25=\"Class_6\",INDEX('ER C6 FLT2'!$A$4:$J$640,MATCH($E25&$C25,'ER C6 FLT2'!$A$4:$A$640&'ER C6 FLT2'!$B$4:$B$640-4,1),9))))),IF($B25=\"1 Truck\",\nIF(OR($H25=\"Class_8\",$N25=\"Replacement8HHD\",$AH25=\"CL7HHD\",$AJ25=\"CL7to8\"),INDEX('ER C8 FLT1'!$A$4:$J$640,MATCH($E25&$C25,'ER C8 FLT1'!$A$4:$A$640&'ER C8 FLT1'!$B$4:$B$640-4,1),8)*IF(OR($H25=\"Class_8\",$N25=\"Replacement8HHD\",$AH25=\"CL7HHD\",$AJ25=\"CL7to8\"),INDEX('ER C8 FLT1'!$A$4:$J$640,MATCH($E25&$C25,'ER C8 FLT1'!$A$4:$A$640&'ER C8 FLT1'!$B$4:$B$640-4,1),9)),IF($H25=\"Class_7\",INDEX('ER C7 FLT1'!$A$4:$J$640,MATCH($E25&$C25,'ER C7 FLT1'!$A$4:$A$640&'ER C7 FLT1'!$B$4:$B$640-4,1),8)*IF($H25=\"Class_7\",INDEX('ER C7 FLT1'!$A$4:$J$640,MATCH($E25&$C25,'ER C7 FLT1'!$A$4:$A$640&'ER C7 FLT1'!$B$4:$B$640-4,1),9)),\nIF($H25=\"Class_6\",INDEX('ER C6 FLT1'!$A$4:$J$640,MATCH($E25&$C25,'ER C6 FLT1'!$A$4:$A$640&'ER C6 FLT1'!$B$4:$B$640-4,1),8)*IF($H25=\"Class_6\",INDEX('ER C6 FLT1'!$A$4:$J$640,MATCH($E25&$C25,'ER C6 FLT1'!$A$4:$A$640&'ER C6 FLT1'!$B$4:$B$640-4,1),9))))))))*IF($F25=\"Level 1 PM\",0.75,IF($F25=\"Level 2 PM\",0.5,IF($F25=\"Level 3 PM\",0,IF($F25=\"Level 3 PM + Mark I NOx\",0,1))))*($Q25/453.6)","v":0},{"$f":"IF($B25=\"3+ Trucks\",IF(OR($H25=\"Class_8\",$N25=\"Replacement8HHD\",$AH25=\"CL7HHD\",$AJ25=\"CL7to8\"),INDEX('ER C8 FLT3'!$A$4:$J$640,MATCH($E25&$C25,'ER C8 FLT3'!$A$4:$A$640&'ER C8 FLT3'!$B$4:$B$640,1),8),IF($H25=\"Class_7\",INDEX('ER C7 FLT3'!$A$4:$J$640,MATCH($E25&$C25,'ER C7 FLT3'!$A$4:$A$640&'ER C7 FLT3'!$B$4:$B$640,1),8),IF($H25=\"Class_6\",INDEX('ER C6 FLT3'!$A$4:$J$640,MATCH($E25&$C25,'ER C6 FLT3'!$A$4:$A$640&'ER C6 FLT3'!$B$4:$B$640,1),8)))),IF($B25=\"2 Trucks\",IF(OR($H25=\"Class_8\",$N25=\"Replacement8HHD\",$AH25=\"CL7HHD\",$AJ25=\"CL7to8\"),INDEX('ER C8 FLT2'!$A$4:$J$640,MATCH($E25&$C25,'ER C8 FLT2'!$A$4:$A$640&'ER C8 FLT2'!$B$4:$B$640,1),8),IF($H25=\"Class_7\",INDEX('ER C7 FLT2'!$A$4:$J$640,MATCH($E25&$C25,'ER C7 FLT2'!$A$4:$A$640&'ER C7 FLT2'!$B$4:$B$640,1),8),IF($H25=\"Class_6\",INDEX('ER C6 FLT2'!$A$4:$J$640,MATCH($E25&$C25,'ER C6 FLT2'!$A$4:$A$640&'ER C6 FLT2'!$B$4:$B$640,1),8)))),IF($B25=\"1 Truck\",IF(OR($H25=\"Class_8\",$N25=\"Replacement8HHD\",$AH25=\"CL7HHD\",$AJ25=\"CL7to8\"),INDEX('ER C8 FLT1'!$A$4:$J$640,MATCH($E25&$C25,'ER C8 FLT1'!$A$4:$A$640&'ER C8 FLT1'!$B$4:$B$640,1),8),IF($H25=\"Class_7\",INDEX('ER C7 FLT1'!$A$4:$J$640,MATCH($E25&$C25,'ER C7 FLT1'!$A$4:$A$640&'ER C7 FLT1'!$B$4:$B$640,1),8),IF($H25=\"Class_6\",INDEX('ER C6 FLT1'!$A$4:$J$640,MATCH($E25&$C25,'ER C6 FLT1'!$A$4:$A$640&'ER C6 FLT1'!$B$4:$B$640,1),8)))))))","v":false},{"$f":"IF($B25=\"3+ Trucks\",IF(OR($H25=\"Class_8\",$N25=\"Replacement8HHD\",$AH25=\"CL7HHD\",$AJ25=\"CL7to8\"),INDEX('ER C8 FLT3'!$A$4:$J$640,MATCH($E25&$C25,'ER C8 FLT3'!$A$4:$A$640&'ER C8 FLT3'!$B$4:$B$640-1,1),8),IF($H25=\"Class_7\",INDEX('ER C7 FLT3'!$A$4:$J$640,MATCH($E25&$C25,'ER C7 FLT3'!$A$4:$A$640&'ER C7 FLT3'!$B$4:$B$640-1,1),8),IF($H25=\"Class_6\",INDEX('ER C6 FLT3'!$A$4:$J$640,MATCH($E25&$C25,'ER C6 FLT3'!$A$4:$A$640&'ER C6 FLT3'!$B$4:$B$640-1,1),8)))),IF($B25=\"2 Trucks\",IF(OR($H25=\"Class_8\",$N25=\"Replacement8HHD\",$AH25=\"CL7HHD\",$AJ25=\"CL7to8\"),INDEX('ER C8 FLT2'!$A$4:$J$640,MATCH($E25&$C25,'ER C8 FLT2'!$A$4:$A$640&'ER C8 FLT2'!$B$4:$B$640-1,1),8),IF($H25=\"Class_7\",INDEX('ER C7 FLT2'!$A$4:$J$640,MATCH($E25&$C25,'ER C7 FLT2'!$A$4:$A$640&'ER C7 FLT2'!$B$4:$B$640-1,1),8),IF($H25=\"Class_6\",INDEX('ER C6 FLT2'!$A$4:$J$640,MATCH($E25&$C25,'ER C6 FLT2'!$A$4:$A$640&'ER C6 FLT2'!$B$4:$B$640-1,1),8)))),IF($B25=\"1 Truck\",IF(OR($H25=\"Class_8\",$N25=\"Replacement8HHD\",$AH25=\"CL7HHD\",$AJ25=\"CL7to8\"),INDEX('ER C8 FLT1'!$A$4:$J$640,MATCH($E25&$C25,'ER C8 FLT1'!$A$4:$A$640&'ER C8 FLT1'!$B$4:$B$640-1,1),8),IF($H25=\"Class_7\",INDEX('ER C7 FLT1'!$A$4:$J$640,MATCH($E25&$C25,'ER C7 FLT1'!$A$4:$A$640&'ER C7 FLT1'!$B$4:$B$640-1,1),8),IF($H25=\"Class_6\",INDEX('ER C6 FLT1'!$A$4:$J$640,MATCH($E25&$C25,'ER C6 FLT1'!$A$4:$A$640&'ER C6 FLT1'!$B$4:$B$640-1,1),8)))))))","v":false},{"$f":"IF($B25=\"3+ Trucks\",IF(OR($H25=\"Class_8\",$N25=\"Replacement8HHD\",$AH25=\"CL7HHD\",$AJ25=\"CL7to8\"),INDEX('ER C8 FLT3'!$A$4:$J$640,MATCH($E25&$C25,'ER C8 FLT3'!$A$4:$A$640&'ER C8 FLT3'!$B$4:$B$640-2,1),8),IF($H25=\"Class_7\",INDEX('ER C7 FLT3'!$A$4:$J$640,MATCH($E25&$C25,'ER C7 FLT3'!$A$4:$A$640&'ER C7 FLT3'!$B$4:$B$640-2,1),8),IF($H25=\"Class_6\",INDEX('ER C6 FLT3'!$A$4:$J$640,MATCH($E25&$C25,'ER C6 FLT3'!$A$4:$A$640&'ER C6 FLT3'!$B$4:$B$640-2,1),8)))),IF($B25=\"2 Trucks\",IF(OR($H25=\"Class_8\",$N25=\"Replacement8HHD\",$AH25=\"CL7HHD\",$AJ25=\"CL7to8\"),INDEX('ER C8 FLT2'!$A$4:$J$640,MATCH($E25&$C25,'ER C8 FLT2'!$A$4:$A$640&'ER C8 FLT2'!$B$4:$B$640-2,1),8),IF($H25=\"Class_7\",INDEX('ER C7 FLT2'!$A$4:$J$640,MATCH($E25&$C25,'ER C7 FLT2'!$A$4:$A$640&'ER C7 FLT2'!$B$4:$B$640-2,1),8),IF($H25=\"Class_6\",INDEX('ER C6 FLT2'!$A$4:$J$640,MATCH($E25&$C25,'ER C6 FLT2'!$A$4:$A$640&'ER C6 FLT2'!$B$4:$B$640-2,1),8)))),IF($B25=\"1 Truck\",IF(OR($H25=\"Class_8\",$N25=\"Replacement8HHD\",$AH25=\"CL7HHD\",$AJ25=\"CL7to8\"),INDEX('ER C8 FLT1'!$A$4:$J$640,MATCH($E25&$C25,'ER C8 FLT1'!$A$4:$A$640&'ER C8 FLT1'!$B$4:$B$640-2,1),8),IF($H25=\"Class_7\",INDEX('ER C7 FLT1'!$A$4:$J$640,MATCH($E25&$C25,'ER C7 FLT1'!$A$4:$A$640&'ER C7 FLT1'!$B$4:$B$640-2,1),8),IF($H25=\"Class_6\",INDEX('ER C6 FLT1'!$A$4:$J$640,MATCH($E25&$C25,'ER C6 FLT1'!$A$4:$A$640&'ER C6 FLT1'!$B$4:$B$640-2,1),8)))))))","v":false},{"$f":"IF($B25=\"3+ Trucks\",IF(OR($H25=\"Class_8\",$N25=\"Replacement8HHD\",$AH25=\"CL7HHD\",$AJ25=\"CL7to8\"),INDEX('ER C8 FLT3'!$A$4:$J$640,MATCH($E25&$C25,'ER C8 FLT3'!$A$4:$A$640&'ER C8 FLT3'!$B$4:$B$640-3,1),8),IF($H25=\"Class_7\",INDEX('ER C7 FLT3'!$A$4:$J$640,MATCH($E25&$C25,'ER C7 FLT3'!$A$4:$A$640&'ER C7 FLT3'!$B$4:$B$640-3,1),8),IF($H25=\"Class_6\",INDEX('ER C6 FLT3'!$A$4:$J$640,MATCH($E25&$C25,'ER C6 FLT3'!$A$4:$A$640&'ER C6 FLT3'!$B$4:$B$640-3,1),8)))),IF($B25=\"2 Trucks\",IF(OR($H25=\"Class_8\",$N25=\"Replacement8HHD\",$AH25=\"CL7HHD\",$AJ25=\"CL7to8\"),INDEX('ER C8 FLT2'!$A$4:$J$640,MATCH($E25&$C25,'ER C8 FLT2'!$A$4:$A$640&'ER C8 FLT2'!$B$4:$B$640-3,1),8),IF($H25=\"Class_7\",INDEX('ER C7 FLT2'!$A$4:$J$640,MATCH($E25&$C25,'ER C7 FLT2'!$A$4:$A$640&'ER C7 FLT2'!$B$4:$B$640-3,1),8),IF($H25=\"Class_6\",INDEX('ER C6 FLT2'!$A$4:$J$640,MATCH($E25&$C25,'ER C6 FLT2'!$A$4:$A$640&'ER C6 FLT2'!$B$4:$B$640-3,1),8)))),IF($B25=\"1 Truck\",IF(OR($H25=\"Class_8\",$N25=\"Replacement8HHD\",$AH25=\"CL7HHD\",$AJ25=\"CL7to8\"),INDEX('ER C8 FLT1'!$A$4:$J$640,MATCH($E25&$C25,'ER C8 FLT1'!$A$4:$A$640&'ER C8 FLT1'!$B$4:$B$640-3,1),8),IF($H25=\"Class_7\",INDEX('ER C7 FLT1'!$A$4:$J$640,MATCH($E25&$C25,'ER C7 FLT1'!$A$4:$A$640&'ER C7 FLT1'!$B$4:$B$640-3,1),8),IF($H25=\"Class_6\",INDEX('ER C6 FLT1'!$A$4:$J$640,MATCH($E25&$C25,'ER C6 FLT1'!$A$4:$A$640&'ER C6 FLT1'!$B$4:$B$640-3,1),8)))))))","v":false},{"$f":"IF($B25=\"3+ Trucks\",IF(OR($H25=\"Class_8\",$N25=\"Replacement8HHD\",$AH25=\"CL7HHD\",$AJ25=\"CL7to8\"),INDEX('ER C8 FLT3'!$A$4:$J$640,MATCH($E25&$C25,'ER C8 FLT3'!$A$4:$A$640&'ER C8 FLT3'!$B$4:$B$640-4,1),8),IF($H25=\"Class_7\",INDEX('ER C7 FLT3'!$A$4:$J$640,MATCH($E25&$C25,'ER C7 FLT3'!$A$4:$A$640&'ER C7 FLT3'!$B$4:$B$640-4,1),8),IF($H25=\"Class_6\",INDEX('ER C6 FLT3'!$A$4:$J$640,MATCH($E25&$C25,'ER C6 FLT3'!$A$4:$A$640&'ER C6 FLT3'!$B$4:$B$640-4,1),8)))),IF($B25=\"2 Trucks\",IF(OR($H25=\"Class_8\",$N25=\"Replacement8HHD\",$AH25=\"CL7HHD\",$AJ25=\"CL7to8\"),INDEX('ER C8 FLT2'!$A$4:$J$640,MATCH($E25&$C25,'ER C8 FLT2'!$A$4:$A$640&'ER C8 FLT2'!$B$4:$B$640-4,1),8),IF($H25=\"Class_7\",INDEX('ER C7 FLT2'!$A$4:$J$640,MATCH($E25&$C25,'ER C7 FLT2'!$A$4:$A$640&'ER C7 FLT2'!$B$4:$B$640-4,1),8),IF($H25=\"Class_6\",INDEX('ER C6 FLT2'!$A$4:$J$640,MATCH($E25&$C25,'ER C6 FLT2'!$A$4:$A$640&'ER C6 FLT2'!$B$4:$B$640-4,1),8)))),IF($B25=\"1 Truck\",IF(OR($H25=\"Class_8\",$N25=\"Replacement8HHD\",$AH25=\"CL7HHD\",$AJ25=\"CL7to8\"),INDEX('ER C8 FLT1'!$A$4:$J$640,MATCH($E25&$C25,'ER C8 FLT1'!$A$4:$A$640&'ER C8 FLT1'!$B$4:$B$640-4,1),8),IF($H25=\"Class_7\",INDEX('ER C7 FLT1'!$A$4:$J$640,MATCH($E25&$C25,'ER C7 FLT1'!$A$4:$A$640&'ER C7 FLT1'!$B$4:$B$640-4,1),8),IF($H25=\"Class_6\",INDEX('ER C6 FLT1'!$A$4:$J$640,MATCH($E25&$C25,'ER C6 FLT1'!$A$4:$A$640&'ER C6 FLT1'!$B$4:$B$640-4,1),8)))))))","v":false},{"$f":"IF(OR($R25=\"Diesel\",$R25=\"LNG/CNG\",$R25=\"Hybrid\",$R25=\"Electric w/ AB-118\"),IF($B25=\"3+ Trucks\",IF(OR($O25=\"Class_8\",$N25=\"Replacement8HHD\",$AI25=\"CL7HHD\"),INDEX('ER C8 FLT3'!$A$4:$J$640,MATCH(DropData!$J65&$C25,'ER C8 FLT3'!$A$4:$A$640&'ER C8 FLT3'!$B$4:$B$640,1),8)*IF(OR($O25=\"Class_8\",$N25=\"Replacement8HHD\",$AI25=\"CL7HHD\"),INDEX('ER C8 FLT3'!$A$4:$J$640,MATCH(DropData!$J65&$C25,'ER C8 FLT3'!$A$4:$A$640&'ER C8 FLT3'!$B$4:$B$640,1),9)),IF($O25=\"Class_7\",INDEX('ER C7 FLT3'!$A$4:$J$640,MATCH(DropData!$J65&$C25,'ER C7 FLT3'!$A$4:$A$640&'ER C7 FLT3'!$B$4:$B$640,1),8)*IF($O25=\"Class_7\",INDEX('ER C7 FLT3'!$A$4:$J$640,MATCH(DropData!$J65&$C25,'ER C7 FLT3'!$A$4:$A$640&'ER C7 FLT3'!$B$4:$B$640,1),9)),\nIF($O25=\"Class_6\",INDEX('ER C6 FLT3'!$A$4:$J$640,MATCH(DropData!$J65&$C25,'ER C6 FLT3'!$A$4:$A$640&'ER C6 FLT3'!$B$4:$B$640,1),8)*IF($O25=\"Class_6\",INDEX('ER C6 FLT3'!$A$4:$J$640,MATCH(DropData!$J65&$C25,'ER C6 FLT3'!$A$4:$A$640&'ER C6 FLT3'!$B$4:$B$640,1),9))))),IF($B25=\"2 Trucks\",IF(OR($O25=\"Class_8\",$N25=\"Replacement8HHD\",$AI25=\"CL7HHD\"),INDEX('ER C8 FLT2'!$A$4:$J$640,MATCH(DropData!$J65&$C25,'ER C8 FLT2'!$A$4:$A$640&'ER C8 FLT2'!$B$4:$B$640,1),8)*IF(OR($O25=\"Class_8\",$N25=\"Replacement8HHD\",$AI25=\"CL7HHD\"),INDEX('ER C8 FLT2'!$A$4:$J$640,MATCH(DropData!$J65&$C25,'ER C8 FLT2'!$A$4:$A$640&'ER C8 FLT2'!$B$4:$B$640,1),9)),IF($O25=\"Class_7\",INDEX('ER C7 FLT2'!$A$4:$J$640,MATCH(DropData!$J65&$C25,'ER C7 FLT2'!$A$4:$A$640&'ER C7 FLT2'!$B$4:$B$640,1),8)*IF($O25=\"Class_7\",INDEX('ER C7 FLT2'!$A$4:$J$640,MATCH(DropData!$J65&$C25,'ER C7 FLT2'!$A$4:$A$640&'ER C7 FLT2'!$B$4:$B$640,1),9)),IF($O25=\"Class_6\",INDEX('ER C6 FLT2'!$A$4:$J$640,MATCH(DropData!$J65&$C25,'ER C6 FLT2'!$A$4:$A$640&'ER C6 FLT2'!$B$4:$B$640,1),8)*IF($O25=\"Class_6\",INDEX('ER C6 FLT2'!$A$4:$J$640,MATCH(DropData!$J65&$C25,'ER C6 FLT2'!$A$4:$A$640&'ER C6 FLT2'!$B$4:$B$640,1),9))))),IF($B25=\"1 Truck\",\nIF(OR($O25=\"Class_8\",$N25=\"Replacement8HHD\",$AI25=\"CL7HHD\"),INDEX('ER C8 FLT1'!$A$4:$J$640,MATCH(DropData!$J65&$C25,'ER C8 FLT1'!$A$4:$A$640&'ER C8 FLT1'!$B$4:$B$640,1),8)*IF(OR($O25=\"Class_8\",$N25=\"Replacement8HHD\",$AI25=\"CL7HHD\"),INDEX('ER C8 FLT1'!$A$4:$J$640,MATCH(DropData!$J65&$C25,'ER C8 FLT1'!$A$4:$A$640&'ER C8 FLT1'!$B$4:$B$640,1),9)),IF($O25=\"Class_7\",INDEX('ER C7 FLT1'!$A$4:$J$640,MATCH(DropData!$J65&$C25,'ER C7 FLT1'!$A$4:$A$640&'ER C7 FLT1'!$B$4:$B$640,1),8)*IF($O25=\"Class_7\",INDEX('ER C7 FLT1'!$A$4:$J$640,MATCH(DropData!$J65&$C25,'ER C7 FLT1'!$A$4:$A$640&'ER C7 FLT1'!$B$4:$B$640,1),9)),\nIF($O25=\"Class_6\",INDEX('ER C6 FLT1'!$A$4:$J$640,MATCH(DropData!$J65&$C25,'ER C6 FLT1'!$A$4:$A$640&'ER C6 FLT1'!$B$4:$B$640,1),8)*IF($O25=\"Class_6\",INDEX('ER C6 FLT1'!$A$4:$J$640,MATCH(DropData!$J65&$C25,'ER C6 FLT1'!$A$4:$A$640&'ER C6 FLT1'!$B$4:$B$640,1),9)))))))),IF($R25=\"Electric\",INDEX('ER Electric'!$A$6:$E$44,MATCH($C25&$O25,'ER Electric'!$A$6:$A$44&'ER Electric'!$B$6:$B$44,1),3),))*(($Q25+$AC25)/453.6)","v":0},{"$f":"IF(OR($R25=\"Diesel\",$R25=\"LNG/CNG\",$R25=\"Hybrid\",$R25=\"Electric w/ AB-118\"),IF($B25=\"3+ Trucks\",IF(OR($O25=\"Class_8\",$N25=\"Replacement8HHD\",$AI25=\"CL7HHD\"),INDEX('ER C8 FLT3'!$A$4:$J$640,MATCH(DropData!$J65&$C25,'ER C8 FLT3'!$A$4:$A$640&'ER C8 FLT3'!$B$4:$B$640-1,1),8)*IF(OR($O25=\"Class_8\",$N25=\"Replacement8HHD\",$AI25=\"CL7HHD\"),INDEX('ER C8 FLT3'!$A$4:$J$640,MATCH(DropData!$J65&$C25,'ER C8 FLT3'!$A$4:$A$640&'ER C8 FLT3'!$B$4:$B$640-1,1),9)),IF($O25=\"Class_7\",INDEX('ER C7 FLT3'!$A$4:$J$640,MATCH(DropData!$J65&$C25,'ER C7 FLT3'!$A$4:$A$640&'ER C7 FLT3'!$B$4:$B$640-1,1),8)*IF($O25=\"Class_7\",INDEX('ER C7 FLT3'!$A$4:$J$640,MATCH(DropData!$J65&$C25,'ER C7 FLT3'!$A$4:$A$640&'ER C7 FLT3'!$B$4:$B$640-1,1),9)),\nIF($O25=\"Class_6\",INDEX('ER C6 FLT3'!$A$4:$J$640,MATCH(DropData!$J65&$C25,'ER C6 FLT3'!$A$4:$A$640&'ER C6 FLT3'!$B$4:$B$640-1,1),8)*IF($O25=\"Class_6\",INDEX('ER C6 FLT3'!$A$4:$J$640,MATCH(DropData!$J65&$C25,'ER C6 FLT3'!$A$4:$A$640&'ER C6 FLT3'!$B$4:$B$640-1,1),9))))),IF($B25=\"2 Trucks\",IF(OR($O25=\"Class_8\",$N25=\"Replacement8HHD\",$AI25=\"CL7HHD\"),INDEX('ER C8 FLT2'!$A$4:$J$640,MATCH(DropData!$J65&$C25,'ER C8 FLT2'!$A$4:$A$640&'ER C8 FLT2'!$B$4:$B$640-1,1),8)*IF(OR($O25=\"Class_8\",$N25=\"Replacement8HHD\",$AI25=\"CL7HHD\"),INDEX('ER C8 FLT2'!$A$4:$J$640,MATCH(DropData!$J65&$C25,'ER C8 FLT2'!$A$4:$A$640&'ER C8 FLT2'!$B$4:$B$640-1,1),9)),IF($O25=\"Class_7\",INDEX('ER C7 FLT2'!$A$4:$J$640,MATCH(DropData!$J65&$C25,'ER C7 FLT2'!$A$4:$A$640&'ER C7 FLT2'!$B$4:$B$640-1,1),8)*IF($O25=\"Class_7\",INDEX('ER C7 FLT2'!$A$4:$J$640,MATCH(DropData!$J65&$C25,'ER C7 FLT2'!$A$4:$A$640&'ER C7 FLT2'!$B$4:$B$640-1,1),9)),IF($O25=\"Class_6\",INDEX('ER C6 FLT2'!$A$4:$J$640,MATCH(DropData!$J65&$C25,'ER C6 FLT2'!$A$4:$A$640&'ER C6 FLT2'!$B$4:$B$640-1,1),8)*IF($O25=\"Class_6\",INDEX('ER C6 FLT2'!$A$4:$J$640,MATCH(DropData!$J65&$C25,'ER C6 FLT2'!$A$4:$A$640&'ER C6 FLT2'!$B$4:$B$640-1,1),9))))),IF($B25=\"1 Truck\",\nIF(OR($O25=\"Class_8\",$N25=\"Replacement8HHD\",$AI25=\"CL7HHD\"),INDEX('ER C8 FLT1'!$A$4:$J$640,MATCH(DropData!$J65&$C25,'ER C8 FLT1'!$A$4:$A$640&'ER C8 FLT1'!$B$4:$B$640-1,1),8)*IF(OR($O25=\"Class_8\",$N25=\"Replacement8HHD\",$AI25=\"CL7HHD\"),INDEX('ER C8 FLT1'!$A$4:$J$640,MATCH(DropData!$J65&$C25,'ER C8 FLT1'!$A$4:$A$640&'ER C8 FLT1'!$B$4:$B$640-1,1),9)),IF($O25=\"Class_7\",INDEX('ER C7 FLT1'!$A$4:$J$640,MATCH(DropData!$J65&$C25,'ER C7 FLT1'!$A$4:$A$640&'ER C7 FLT1'!$B$4:$B$640-1,1),8)*IF($O25=\"Class_7\",INDEX('ER C7 FLT1'!$A$4:$J$640,MATCH(DropData!$J65&$C25,'ER C7 FLT1'!$A$4:$A$640&'ER C7 FLT1'!$B$4:$B$640-1,1),9)),\nIF($O25=\"Class_6\",INDEX('ER C6 FLT1'!$A$4:$J$640,MATCH(DropData!$J65&$C25,'ER C6 FLT1'!$A$4:$A$640&'ER C6 FLT1'!$B$4:$B$640-1,1),8)*IF($O25=\"Class_6\",INDEX('ER C6 FLT1'!$A$4:$J$640,MATCH(DropData!$J65&$C25,'ER C6 FLT1'!$A$4:$A$640&'ER C6 FLT1'!$B$4:$B$640-1,1),9)))))))),IF($R25=\"Electric\",OFFSET(INDEX('ER Electric'!$A$6:$E$44,MATCH($C25&$O25,'ER Electric'!$A$6:$A$44&'ER Electric'!$B$6:$B$44,1),3),3,0),))*(($Q25+$AC25)/453.6)","v":0},{"$f":"IF(OR($R25=\"Diesel\",$R25=\"LNG/CNG\",$R25=\"Hybrid\",$R25=\"Electric w/ AB-118\"),IF($B25=\"3+ Trucks\",IF(OR($O25=\"Class_8\",$N25=\"Replacement8HHD\",$AI25=\"CL7HHD\"),INDEX('ER C8 FLT3'!$A$4:$J$640,MATCH(DropData!$J65&$C25,'ER C8 FLT3'!$A$4:$A$640&'ER C8 FLT3'!$B$4:$B$640-2,1),8)*IF(OR($O25=\"Class_8\",$N25=\"Replacement8HHD\",$AI25=\"CL7HHD\"),INDEX('ER C8 FLT3'!$A$4:$J$640,MATCH(DropData!$J65&$C25,'ER C8 FLT3'!$A$4:$A$640&'ER C8 FLT3'!$B$4:$B$640-2,1),9)),IF($O25=\"Class_7\",INDEX('ER C7 FLT3'!$A$4:$J$640,MATCH(DropData!$J65&$C25,'ER C7 FLT3'!$A$4:$A$640&'ER C7 FLT3'!$B$4:$B$640-2,1),8)*IF($O25=\"Class_7\",INDEX('ER C7 FLT3'!$A$4:$J$640,MATCH(DropData!$J65&$C25,'ER C7 FLT3'!$A$4:$A$640&'ER C7 FLT3'!$B$4:$B$640-2,1),9)),\nIF($O25=\"Class_6\",INDEX('ER C6 FLT3'!$A$4:$J$640,MATCH(DropData!$J65&$C25,'ER C6 FLT3'!$A$4:$A$640&'ER C6 FLT3'!$B$4:$B$640-2,1),8)*IF($O25=\"Class_6\",INDEX('ER C6 FLT3'!$A$4:$J$640,MATCH(DropData!$J65&$C25,'ER C6 FLT3'!$A$4:$A$640&'ER C6 FLT3'!$B$4:$B$640-2,1),9))))),IF($B25=\"2 Trucks\",IF(OR($O25=\"Class_8\",$N25=\"Replacement8HHD\",$AI25=\"CL7HHD\"),INDEX('ER C8 FLT2'!$A$4:$J$640,MATCH(DropData!$J65&$C25,'ER C8 FLT2'!$A$4:$A$640&'ER C8 FLT2'!$B$4:$B$640-2,1),8)*IF(OR($O25=\"Class_8\",$N25=\"Replacement8HHD\",$AI25=\"CL7HHD\"),INDEX('ER C8 FLT2'!$A$4:$J$640,MATCH(DropData!$J65&$C25,'ER C8 FLT2'!$A$4:$A$640&'ER C8 FLT2'!$B$4:$B$640-2,1),9)),IF($O25=\"Class_7\",INDEX('ER C7 FLT2'!$A$4:$J$640,MATCH(DropData!$J65&$C25,'ER C7 FLT2'!$A$4:$A$640&'ER C7 FLT2'!$B$4:$B$640-2,1),8)*IF($O25=\"Class_7\",INDEX('ER C7 FLT2'!$A$4:$J$640,MATCH(DropData!$J65&$C25,'ER C7 FLT2'!$A$4:$A$640&'ER C7 FLT2'!$B$4:$B$640-2,1),9)),IF($O25=\"Class_6\",INDEX('ER C6 FLT2'!$A$4:$J$640,MATCH(DropData!$J65&$C25,'ER C6 FLT2'!$A$4:$A$640&'ER C6 FLT2'!$B$4:$B$640-2,1),8)*IF($O25=\"Class_6\",INDEX('ER C6 FLT2'!$A$4:$J$640,MATCH(DropData!$J65&$C25,'ER C6 FLT2'!$A$4:$A$640&'ER C6 FLT2'!$B$4:$B$640-2,1),9))))),IF($B25=\"1 Truck\",\nIF(OR($O25=\"Class_8\",$N25=\"Replacement8HHD\",$AI25=\"CL7HHD\"),INDEX('ER C8 FLT1'!$A$4:$J$640,MATCH(DropData!$J65&$C25,'ER C8 FLT1'!$A$4:$A$640&'ER C8 FLT1'!$B$4:$B$640-2,1),8)*IF(OR($O25=\"Class_8\",$N25=\"Replacement8HHD\",$AI25=\"CL7HHD\"),INDEX('ER C8 FLT1'!$A$4:$J$640,MATCH(DropData!$J65&$C25,'ER C8 FLT1'!$A$4:$A$640&'ER C8 FLT1'!$B$4:$B$640-2,1),9)),IF($O25=\"Class_7\",INDEX('ER C7 FLT1'!$A$4:$J$640,MATCH(DropData!$J65&$C25,'ER C7 FLT1'!$A$4:$A$640&'ER C7 FLT1'!$B$4:$B$640-2,1),8)*IF($O25=\"Class_7\",INDEX('ER C7 FLT1'!$A$4:$J$640,MATCH(DropData!$J65&$C25,'ER C7 FLT1'!$A$4:$A$640&'ER C7 FLT1'!$B$4:$B$640-2,1),9)),\nIF($O25=\"Class_6\",INDEX('ER C6 FLT1'!$A$4:$J$640,MATCH(DropData!$J65&$C25,'ER C6 FLT1'!$A$4:$A$640&'ER C6 FLT1'!$B$4:$B$640-2,1),8)*IF($O25=\"Class_6\",INDEX('ER C6 FLT1'!$A$4:$J$640,MATCH(DropData!$J65&$C25,'ER C6 FLT1'!$A$4:$A$640&'ER C6 FLT1'!$B$4:$B$640-2,1),9)))))))),IF($R25=\"Electric\",OFFSET(INDEX('ER Electric'!$A$6:$E$44,MATCH($C25&$O25,'ER Electric'!$A$6:$A$44&'ER Electric'!$B$6:$B$44,1),3),6,0),))*(($Q25+$AC25)/453.6)","v":0},{"$f":"IF(OR($R25=\"Diesel\",$R25=\"LNG/CNG\",$R25=\"Hybrid\",$R25=\"Electric w/ AB-118\"),IF($B25=\"3+ Trucks\",IF(OR($O25=\"Class_8\",$N25=\"Replacement8HHD\",$AI25=\"CL7HHD\"),INDEX('ER C8 FLT3'!$A$4:$J$640,MATCH(DropData!$J65&$C25,'ER C8 FLT3'!$A$4:$A$640&'ER C8 FLT3'!$B$4:$B$640-3,1),8)*IF(OR($O25=\"Class_8\",$N25=\"Replacement8HHD\",$AI25=\"CL7HHD\"),INDEX('ER C8 FLT3'!$A$4:$J$640,MATCH(DropData!$J65&$C25,'ER C8 FLT3'!$A$4:$A$640&'ER C8 FLT3'!$B$4:$B$640-3,1),9)),IF($O25=\"Class_7\",INDEX('ER C7 FLT3'!$A$4:$J$640,MATCH(DropData!$J65&$C25,'ER C7 FLT3'!$A$4:$A$640&'ER C7 FLT3'!$B$4:$B$640-3,1),8)*IF($O25=\"Class_7\",INDEX('ER C7 FLT3'!$A$4:$J$640,MATCH(DropData!$J65&$C25,'ER C7 FLT3'!$A$4:$A$640&'ER C7 FLT3'!$B$4:$B$640-3,1),9)),\nIF($O25=\"Class_6\",INDEX('ER C6 FLT3'!$A$4:$J$640,MATCH(DropData!$J65&$C25,'ER C6 FLT3'!$A$4:$A$640&'ER C6 FLT3'!$B$4:$B$640-3,1),8)*IF($O25=\"Class_6\",INDEX('ER C6 FLT3'!$A$4:$J$640,MATCH(DropData!$J65&$C25,'ER C6 FLT3'!$A$4:$A$640&'ER C6 FLT3'!$B$4:$B$640-3,1),9))))),IF($B25=\"2 Trucks\",IF(OR($O25=\"Class_8\",$N25=\"Replacement8HHD\",$AI25=\"CL7HHD\"),INDEX('ER C8 FLT2'!$A$4:$J$640,MATCH(DropData!$J65&$C25,'ER C8 FLT2'!$A$4:$A$640&'ER C8 FLT2'!$B$4:$B$640-3,1),8)*IF(OR($O25=\"Class_8\",$N25=\"Replacement8HHD\",$AI25=\"CL7HHD\"),INDEX('ER C8 FLT2'!$A$4:$J$640,MATCH(DropData!$J65&$C25,'ER C8 FLT2'!$A$4:$A$640&'ER C8 FLT2'!$B$4:$B$640-3,1),9)),IF($O25=\"Class_7\",INDEX('ER C7 FLT2'!$A$4:$J$640,MATCH(DropData!$J65&$C25,'ER C7 FLT2'!$A$4:$A$640&'ER C7 FLT2'!$B$4:$B$640-3,1),8)*IF($O25=\"Class_7\",INDEX('ER C7 FLT2'!$A$4:$J$640,MATCH(DropData!$J65&$C25,'ER C7 FLT2'!$A$4:$A$640&'ER C7 FLT2'!$B$4:$B$640-3,1),9)),IF($O25=\"Class_6\",INDEX('ER C6 FLT2'!$A$4:$J$640,MATCH(DropData!$J65&$C25,'ER C6 FLT2'!$A$4:$A$640&'ER C6 FLT2'!$B$4:$B$640-3,1),8)*IF($O25=\"Class_6\",INDEX('ER C6 FLT2'!$A$4:$J$640,MATCH(DropData!$J65&$C25,'ER C6 FLT2'!$A$4:$A$640&'ER C6 FLT2'!$B$4:$B$640-3,1),9))))),IF($B25=\"1 Truck\",\nIF(OR($O25=\"Class_8\",$N25=\"Replacement8HHD\",$AI25=\"CL7HHD\"),INDEX('ER C8 FLT1'!$A$4:$J$640,MATCH(DropData!$J65&$C25,'ER C8 FLT1'!$A$4:$A$640&'ER C8 FLT1'!$B$4:$B$640-3,1),8)*IF(OR($O25=\"Class_8\",$N25=\"Replacement8HHD\",$AI25=\"CL7HHD\"),INDEX('ER C8 FLT1'!$A$4:$J$640,MATCH(DropData!$J65&$C25,'ER C8 FLT1'!$A$4:$A$640&'ER C8 FLT1'!$B$4:$B$640-3,1),9)),IF($O25=\"Class_7\",INDEX('ER C7 FLT1'!$A$4:$J$640,MATCH(DropData!$J65&$C25,'ER C7 FLT1'!$A$4:$A$640&'ER C7 FLT1'!$B$4:$B$640-3,1),8)*IF($O25=\"Class_7\",INDEX('ER C7 FLT1'!$A$4:$J$640,MATCH(DropData!$J65&$C25,'ER C7 FLT1'!$A$4:$A$640&'ER C7 FLT1'!$B$4:$B$640-3,1),9)),\nIF($O25=\"Class_6\",INDEX('ER C6 FLT1'!$A$4:$J$640,MATCH(DropData!$J65&$C25,'ER C6 FLT1'!$A$4:$A$640&'ER C6 FLT1'!$B$4:$B$640-3,1),8)*IF($O25=\"Class_6\",INDEX('ER C6 FLT1'!$A$4:$J$640,MATCH(DropData!$J65&$C25,'ER C6 FLT1'!$A$4:$A$640&'ER C6 FLT1'!$B$4:$B$640-3,1),9)))))))),IF($R25=\"Electric\",OFFSET(INDEX('ER Electric'!$A$6:$E$44,MATCH($C25&$O25,'ER Electric'!$A$6:$A$44&'ER Electric'!$B$6:$B$44,1),3),9,0)))*(($Q25+$AC25)/453.6)","v":0},{"$f":"IF(OR($R25=\"Diesel\",$R25=\"LNG/CNG\",$R25=\"Hybrid\",$R25=\"Electric w/ AB-118\"),IF($B25=\"3+ Trucks\",IF(OR($O25=\"Class_8\",$N25=\"Replacement8HHD\",$AI25=\"CL7HHD\"),INDEX('ER C8 FLT3'!$A$4:$J$640,MATCH(DropData!$J65&$C25,'ER C8 FLT3'!$A$4:$A$640&'ER C8 FLT3'!$B$4:$B$640-4,1),8)*IF(OR($O25=\"Class_8\",$N25=\"Replacement8HHD\",$AI25=\"CL7HHD\"),INDEX('ER C8 FLT3'!$A$4:$J$640,MATCH(DropData!$J65&$C25,'ER C8 FLT3'!$A$4:$A$640&'ER C8 FLT3'!$B$4:$B$640-4,1),9)),IF($O25=\"Class_7\",INDEX('ER C7 FLT3'!$A$4:$J$640,MATCH(DropData!$J65&$C25,'ER C7 FLT3'!$A$4:$A$640&'ER C7 FLT3'!$B$4:$B$640-4,1),8)*IF($O25=\"Class_7\",INDEX('ER C7 FLT3'!$A$4:$J$640,MATCH(DropData!$J65&$C25,'ER C7 FLT3'!$A$4:$A$640&'ER C7 FLT3'!$B$4:$B$640-4,1),9)),\nIF($O25=\"Class_6\",INDEX('ER C6 FLT3'!$A$4:$J$640,MATCH(DropData!$J65&$C25,'ER C6 FLT3'!$A$4:$A$640&'ER C6 FLT3'!$B$4:$B$640-4,1),8)*IF($O25=\"Class_6\",INDEX('ER C6 FLT3'!$A$4:$J$640,MATCH(DropData!$J65&$C25,'ER C6 FLT3'!$A$4:$A$640&'ER C6 FLT3'!$B$4:$B$640-4,1),9))))),IF($B25=\"2 Trucks\",IF(OR($O25=\"Class_8\",$N25=\"Replacement8HHD\",$AI25=\"CL7HHD\"),INDEX('ER C8 FLT2'!$A$4:$J$640,MATCH(DropData!$J65&$C25,'ER C8 FLT2'!$A$4:$A$640&'ER C8 FLT2'!$B$4:$B$640-4,1),8)*IF(OR($O25=\"Class_8\",$N25=\"Replacement8HHD\",$AI25=\"CL7HHD\"),INDEX('ER C8 FLT2'!$A$4:$J$640,MATCH(DropData!$J65&$C25,'ER C8 FLT2'!$A$4:$A$640&'ER C8 FLT2'!$B$4:$B$640-4,1),9)),IF($O25=\"Class_7\",INDEX('ER C7 FLT2'!$A$4:$J$640,MATCH(DropData!$J65&$C25,'ER C7 FLT2'!$A$4:$A$640&'ER C7 FLT2'!$B$4:$B$640-4,1),8)*IF($O25=\"Class_7\",INDEX('ER C7 FLT2'!$A$4:$J$640,MATCH(DropData!$J65&$C25,'ER C7 FLT2'!$A$4:$A$640&'ER C7 FLT2'!$B$4:$B$640-4,1),9)),IF($O25=\"Class_6\",INDEX('ER C6 FLT2'!$A$4:$J$640,MATCH(DropData!$J65&$C25,'ER C6 FLT2'!$A$4:$A$640&'ER C6 FLT2'!$B$4:$B$640-4,1),8)*IF($O25=\"Class_6\",INDEX('ER C6 FLT2'!$A$4:$J$640,MATCH(DropData!$J65&$C25,'ER C6 FLT2'!$A$4:$A$640&'ER C6 FLT2'!$B$4:$B$640-4,1),9))))),IF($B25=\"1 Truck\",\nIF(OR($O25=\"Class_8\",$N25=\"Replacement8HHD\",$AI25=\"CL7HHD\"),INDEX('ER C8 FLT1'!$A$4:$J$640,MATCH(DropData!$J65&$C25,'ER C8 FLT1'!$A$4:$A$640&'ER C8 FLT1'!$B$4:$B$640-4,1),8)*IF(OR($O25=\"Class_8\",$N25=\"Replacement8HHD\",$AI25=\"CL7HHD\"),INDEX('ER C8 FLT1'!$A$4:$J$640,MATCH(DropData!$J65&$C25,'ER C8 FLT1'!$A$4:$A$640&'ER C8 FLT1'!$B$4:$B$640-4,1),9)),IF($O25=\"Class_7\",INDEX('ER C7 FLT1'!$A$4:$J$640,MATCH(DropData!$J65&$C25,'ER C7 FLT1'!$A$4:$A$640&'ER C7 FLT1'!$B$4:$B$640-4,1),8)*IF($O25=\"Class_7\",INDEX('ER C7 FLT1'!$A$4:$J$640,MATCH(DropData!$J65&$C25,'ER C7 FLT1'!$A$4:$A$640&'ER C7 FLT1'!$B$4:$B$640-4,1),9)),\nIF($O25=\"Class_6\",INDEX('ER C6 FLT1'!$A$4:$J$640,MATCH(DropData!$J65&$C25,'ER C6 FLT1'!$A$4:$A$640&'ER C6 FLT1'!$B$4:$B$640-4,1),8)*IF($O25=\"Class_6\",INDEX('ER C6 FLT1'!$A$4:$J$640,MATCH(DropData!$J65&$C25,'ER C6 FLT1'!$A$4:$A$640&'ER C6 FLT1'!$B$4:$B$640-4,1),9)))))))),IF($R25=\"Electric\",OFFSET(INDEX('ER Electric'!$A$6:$E$44,MATCH($C25&$O25,'ER Electric'!$A$6:$A$44&'ER Electric'!$B$6:$B$44,1),3),12,0),))*(($Q25+$AC25)/453.6)","v":0},{"$f":"IF(OR($R25=\"Diesel\",$R25=\"LNG/CNG\",$R25=\"Hybrid\",$R25=\"Electric w/ AB-118\"),IF($B25=\"3+ Trucks\",IF(OR($O25=\"Class_8\",$N25=\"Replacement8HHD\",$AI25=\"CL7HHD\"),INDEX('ER C8 FLT3'!$A$4:$J$640,MATCH(DropData!$J65&$C25,'ER C8 FLT3'!$A$4:$A$640&'ER C8 FLT3'!$B$4:$B$640,1),8)*IF(OR($O25=\"Class_8\",$N25=\"Replacement8HHD\",$AI25=\"CL7HHD\"),INDEX('ER C8 FLT3'!$A$4:$J$640,MATCH(DropData!$J65&$C25,'ER C8 FLT3'!$A$4:$A$640&'ER C8 FLT3'!$B$4:$B$640,1),9)),IF($O25=\"Class_7\",INDEX('ER C7 FLT3'!$A$4:$J$640,MATCH(DropData!$J65&$C25,'ER C7 FLT3'!$A$4:$A$640&'ER C7 FLT3'!$B$4:$B$640,1),8)*IF($O25=\"Class_7\",INDEX('ER C7 FLT3'!$A$4:$J$640,MATCH(DropData!$J65&$C25,'ER C7 FLT3'!$A$4:$A$640&'ER C7 FLT3'!$B$4:$B$640,1),9)),\nIF($O25=\"Class_6\",INDEX('ER C6 FLT3'!$A$4:$J$640,MATCH(DropData!$J65&$C25,'ER C6 FLT3'!$A$4:$A$640&'ER C6 FLT3'!$B$4:$B$640,1),8)*IF($O25=\"Class_6\",INDEX('ER C6 FLT3'!$A$4:$J$640,MATCH(DropData!$J65&$C25,'ER C6 FLT3'!$A$4:$A$640&'ER C6 FLT3'!$B$4:$B$640,1),9))))),IF($B25=\"2 Trucks\",IF(OR($O25=\"Class_8\",$N25=\"Replacement8HHD\",$AI25=\"CL7HHD\"),INDEX('ER C8 FLT2'!$A$4:$J$640,MATCH(DropData!$J65&$C25,'ER C8 FLT2'!$A$4:$A$640&'ER C8 FLT2'!$B$4:$B$640,1),8)*IF(OR($O25=\"Class_8\",$N25=\"Replacement8HHD\",$AI25=\"CL7HHD\"),INDEX('ER C8 FLT2'!$A$4:$J$640,MATCH(DropData!$J65&$C25,'ER C8 FLT2'!$A$4:$A$640&'ER C8 FLT2'!$B$4:$B$640,1),9)),IF($O25=\"Class_7\",INDEX('ER C7 FLT2'!$A$4:$J$640,MATCH(DropData!$J65&$C25,'ER C7 FLT2'!$A$4:$A$640&'ER C7 FLT2'!$B$4:$B$640,1),8)*IF($O25=\"Class_7\",INDEX('ER C7 FLT2'!$A$4:$J$640,MATCH(DropData!$J65&$C25,'ER C7 FLT2'!$A$4:$A$640&'ER C7 FLT2'!$B$4:$B$640,1),9)),IF($O25=\"Class_6\",INDEX('ER C6 FLT2'!$A$4:$J$640,MATCH(DropData!$J65&$C25,'ER C6 FLT2'!$A$4:$A$640&'ER C6 FLT2'!$B$4:$B$640,1),8)*IF($O25=\"Class_6\",INDEX('ER C6 FLT2'!$A$4:$J$640,MATCH(DropData!$J65&$C25,'ER C6 FLT2'!$A$4:$A$640&'ER C6 FLT2'!$B$4:$B$640,1),9))))),IF($B25=\"1 Truck\",\nIF(OR($O25=\"Class_8\",$N25=\"Replacement8HHD\",$AI25=\"CL7HHD\"),INDEX('ER C8 FLT1'!$A$4:$J$640,MATCH(DropData!$J65&$C25,'ER C8 FLT1'!$A$4:$A$640&'ER C8 FLT1'!$B$4:$B$640,1),8)*IF(OR($O25=\"Class_8\",$N25=\"Replacement8HHD\",$AI25=\"CL7HHD\"),INDEX('ER C8 FLT1'!$A$4:$J$640,MATCH(DropData!$J65&$C25,'ER C8 FLT1'!$A$4:$A$640&'ER C8 FLT1'!$B$4:$B$640,1),9)),IF($O25=\"Class_7\",INDEX('ER C7 FLT1'!$A$4:$J$640,MATCH(DropData!$J65&$C25,'ER C7 FLT1'!$A$4:$A$640&'ER C7 FLT1'!$B$4:$B$640,1),8)*IF($O25=\"Class_7\",INDEX('ER C7 FLT1'!$A$4:$J$640,MATCH(DropData!$J65&$C25,'ER C7 FLT1'!$A$4:$A$640&'ER C7 FLT1'!$B$4:$B$640,1),9)),IF($O25=\"Class_6\",INDEX('ER C6 FLT1'!$A$4:$J$640,MATCH(DropData!$J65&$C25,'ER C6 FLT1'!$A$4:$A$640&'ER C6 FLT1'!$B$4:$B$640,1),8)*IF($O25=\"Class_6\",INDEX('ER C6 FLT1'!$A$4:$J$640,MATCH(DropData!$J65&$C25,'ER C6 FLT1'!$A$4:$A$640&'ER C6 FLT1'!$B$4:$B$640,1),9)))))))),IF($R25=\"Electric\",INDEX('ER Electric'!$A$6:$E$44,MATCH($C25&$O25,'ER Electric'!$A$6:$A$44&'ER Electric'!$B$6:$B$44,1),3),))","v":0},{"$f":"IF(OR($R25=\"Diesel\",$R25=\"LNG/CNG\",$R25=\"Hybrid\",$R25=\"Electric w/ AB-118\"),IF($B25=\"3+ Trucks\",IF(OR($O25=\"Class_8\",$N25=\"Replacement8HHD\",$AI25=\"CL7HHD\"),INDEX('ER C8 FLT3'!$A$4:$J$640,MATCH(DropData!$J65&$C25,'ER C8 FLT3'!$A$4:$A$640&'ER C8 FLT3'!$B$4:$B$640-1,1),8)*IF(OR($O25=\"Class_8\",$N25=\"Replacement8HHD\",$AI25=\"CL7HHD\"),INDEX('ER C8 FLT3'!$A$4:$J$640,MATCH(DropData!$J65&$C25,'ER C8 FLT3'!$A$4:$A$640&'ER C8 FLT3'!$B$4:$B$640-1,1),9)),IF($O25=\"Class_7\",INDEX('ER C7 FLT3'!$A$4:$J$640,MATCH(DropData!$J65&$C25,'ER C7 FLT3'!$A$4:$A$640&'ER C7 FLT3'!$B$4:$B$640-1,1),8)*IF($O25=\"Class_7\",INDEX('ER C7 FLT3'!$A$4:$J$640,MATCH(DropData!$J65&$C25,'ER C7 FLT3'!$A$4:$A$640&'ER C7 FLT3'!$B$4:$B$640-1,1),9)),IF($O25=\"Class_6\",INDEX('ER C6 FLT3'!$A$4:$J$640,MATCH(DropData!$J65&$C25,'ER C6 FLT3'!$A$4:$A$640&'ER C6 FLT3'!$B$4:$B$640-1,1),8)*IF($O25=\"Class_6\",INDEX('ER C6 FLT3'!$A$4:$J$640,MATCH(DropData!$J65&$C25,'ER C6 FLT3'!$A$4:$A$640&'ER C6 FLT3'!$B$4:$B$640-1,1),9))))),IF($B25=\"2 Trucks\",IF(OR($O25=\"Class_8\",$N25=\"Replacement8HHD\",$AI25=\"CL7HHD\"),INDEX('ER C8 FLT2'!$A$4:$J$640,MATCH(DropData!$J65&$C25,'ER C8 FLT2'!$A$4:$A$640&'ER C8 FLT2'!$B$4:$B$640-1,1),8)*IF(OR($O25=\"Class_8\",$N25=\"Replacement8HHD\",$AI25=\"CL7HHD\"),INDEX('ER C8 FLT2'!$A$4:$J$640,MATCH(DropData!$J65&$C25,'ER C8 FLT2'!$A$4:$A$640&'ER C8 FLT2'!$B$4:$B$640-1,1),9)),IF($O25=\"Class_7\",INDEX('ER C7 FLT2'!$A$4:$J$640,MATCH(DropData!$J65&$C25,'ER C7 FLT2'!$A$4:$A$640&'ER C7 FLT2'!$B$4:$B$640-1,1),8)*IF($O25=\"Class_7\",INDEX('ER C7 FLT2'!$A$4:$J$640,MATCH(DropData!$J65&$C25,'ER C7 FLT2'!$A$4:$A$640&'ER C7 FLT2'!$B$4:$B$640-1,1),9)),IF($O25=\"Class_6\",INDEX('ER C6 FLT2'!$A$4:$J$640,MATCH(DropData!$J65&$C25,'ER C6 FLT2'!$A$4:$A$640&'ER C6 FLT2'!$B$4:$B$640-1,1),8)*IF($O25=\"Class_6\",INDEX('ER C6 FLT2'!$A$4:$J$640,MATCH(DropData!$J65&$C25,'ER C6 FLT2'!$A$4:$A$640&'ER C6 FLT2'!$B$4:$B$640-1,1),9))))),IF($B25=\"1 Truck\",IF(OR($O25=\"Class_8\",$N25=\"Replacement8HHD\",$AI25=\"CL7HHD\"),INDEX('ER C8 FLT1'!$A$4:$J$640,MATCH(DropData!$J65&$C25,'ER C8 FLT1'!$A$4:$A$640&'ER C8 FLT1'!$B$4:$B$640-1,1),8)*IF(OR($O25=\"Class_8\",$N25=\"Replacement8HHD\",$AI25=\"CL7HHD\"),INDEX('ER C8 FLT1'!$A$4:$J$640,MATCH(DropData!$J65&$C25,'ER C8 FLT1'!$A$4:$A$640&'ER C8 FLT1'!$B$4:$B$640-1,1),9)),IF($O25=\"Class_7\",INDEX('ER C7 FLT1'!$A$4:$J$640,MATCH(DropData!$J65&$C25,'ER C7 FLT1'!$A$4:$A$640&'ER C7 FLT1'!$B$4:$B$640-1,1),8)*IF($O25=\"Class_7\",INDEX('ER C7 FLT1'!$A$4:$J$640,MATCH(DropData!$J65&$C25,'ER C7 FLT1'!$A$4:$A$640&'ER C7 FLT1'!$B$4:$B$640-1,1),9)),IF($O25=\"Class_6\",INDEX('ER C6 FLT1'!$A$4:$J$640,MATCH(DropData!$J65&$C25,'ER C6 FLT1'!$A$4:$A$640&'ER C6 FLT1'!$B$4:$B$640-1,1),8)*IF($O25=\"Class_6\",INDEX('ER C6 FLT1'!$A$4:$J$640,MATCH(DropData!$J65&$C25,'ER C6 FLT1'!$A$4:$A$640&'ER C6 FLT1'!$B$4:$B$640-1,1),9)))))))),IF($R25=\"Electric\",OFFSET(INDEX('ER Electric'!$A$6:$E$44,MATCH($C25&$O25,'ER Electric'!$A$6:$A$44&'ER Electric'!$B$6:$B$44,1),3),3,0),))","v":0},{"$f":"IF(OR($R25=\"Diesel\",$R25=\"LNG/CNG\",$R25=\"Hybrid\",$R25=\"Electric w/ AB-118\"),IF($B25=\"3+ Trucks\",IF(OR($O25=\"Class_8\",$N25=\"Replacement8HHD\",$AI25=\"CL7HHD\"),INDEX('ER C8 FLT3'!$A$4:$J$640,MATCH(DropData!$J65&$C25,'ER C8 FLT3'!$A$4:$A$640&'ER C8 FLT3'!$B$4:$B$640-2,1),8)*IF(OR($O25=\"Class_8\",$N25=\"Replacement8HHD\",$AI25=\"CL7HHD\"),INDEX('ER C8 FLT3'!$A$4:$J$640,MATCH(DropData!$J65&$C25,'ER C8 FLT3'!$A$4:$A$640&'ER C8 FLT3'!$B$4:$B$640-2,1),9)),IF($O25=\"Class_7\",INDEX('ER C7 FLT3'!$A$4:$J$640,MATCH(DropData!$J65&$C25,'ER C7 FLT3'!$A$4:$A$640&'ER C7 FLT3'!$B$4:$B$640-2,1),8)*IF($O25=\"Class_7\",INDEX('ER C7 FLT3'!$A$4:$J$640,MATCH(DropData!$J65&$C25,'ER C7 FLT3'!$A$4:$A$640&'ER C7 FLT3'!$B$4:$B$640-2,1),9)),IF($O25=\"Class_6\",INDEX('ER C6 FLT3'!$A$4:$J$640,MATCH(DropData!$J65&$C25,'ER C6 FLT3'!$A$4:$A$640&'ER C6 FLT3'!$B$4:$B$640-2,1),8)*IF($O25=\"Class_6\",INDEX('ER C6 FLT3'!$A$4:$J$640,MATCH(DropData!$J65&$C25,'ER C6 FLT3'!$A$4:$A$640&'ER C6 FLT3'!$B$4:$B$640-2,1),9))))),IF($B25=\"2 Trucks\",IF(OR($O25=\"Class_8\",$N25=\"Replacement8HHD\",$AI25=\"CL7HHD\"),INDEX('ER C8 FLT2'!$A$4:$J$640,MATCH(DropData!$J65&$C25,'ER C8 FLT2'!$A$4:$A$640&'ER C8 FLT2'!$B$4:$B$640-2,1),8)*IF(OR($O25=\"Class_8\",$N25=\"Replacement8HHD\",$AI25=\"CL7HHD\"),INDEX('ER C8 FLT2'!$A$4:$J$640,MATCH(DropData!$J65&$C25,'ER C8 FLT2'!$A$4:$A$640&'ER C8 FLT2'!$B$4:$B$640-2,1),9)),IF($O25=\"Class_7\",INDEX('ER C7 FLT2'!$A$4:$J$640,MATCH(DropData!$J65&$C25,'ER C7 FLT2'!$A$4:$A$640&'ER C7 FLT2'!$B$4:$B$640-2,1),8)*IF($O25=\"Class_7\",INDEX('ER C7 FLT2'!$A$4:$J$640,MATCH(DropData!$J65&$C25,'ER C7 FLT2'!$A$4:$A$640&'ER C7 FLT2'!$B$4:$B$640-2,1),9)),IF($O25=\"Class_6\",INDEX('ER C6 FLT2'!$A$4:$J$640,MATCH(DropData!$J65&$C25,'ER C6 FLT2'!$A$4:$A$640&'ER C6 FLT2'!$B$4:$B$640-2,1),8)*IF($O25=\"Class_6\",INDEX('ER C6 FLT2'!$A$4:$J$640,MATCH(DropData!$J65&$C25,'ER C6 FLT2'!$A$4:$A$640&'ER C6 FLT2'!$B$4:$B$640-2,1),9))))),IF($B25=\"1 Truck\",IF(OR($O25=\"Class_8\",$N25=\"Replacement8HHD\",$AI25=\"CL7HHD\"),INDEX('ER C8 FLT1'!$A$4:$J$640,MATCH(DropData!$J65&$C25,'ER C8 FLT1'!$A$4:$A$640&'ER C8 FLT1'!$B$4:$B$640-2,1),8)*IF(OR($O25=\"Class_8\",$N25=\"Replacement8HHD\",$AI25=\"CL7HHD\"),INDEX('ER C8 FLT1'!$A$4:$J$640,MATCH(DropData!$J65&$C25,'ER C8 FLT1'!$A$4:$A$640&'ER C8 FLT1'!$B$4:$B$640-2,1),9)),IF($O25=\"Class_7\",INDEX('ER C7 FLT1'!$A$4:$J$640,MATCH(DropData!$J65&$C25,'ER C7 FLT1'!$A$4:$A$640&'ER C7 FLT1'!$B$4:$B$640-2,1),8)*IF($O25=\"Class_7\",INDEX('ER C7 FLT1'!$A$4:$J$640,MATCH(DropData!$J65&$C25,'ER C7 FLT1'!$A$4:$A$640&'ER C7 FLT1'!$B$4:$B$640-2,1),9)),IF($O25=\"Class_6\",INDEX('ER C6 FLT1'!$A$4:$J$640,MATCH(DropData!$J65&$C25,'ER C6 FLT1'!$A$4:$A$640&'ER C6 FLT1'!$B$4:$B$640-2,1),8)*IF($O25=\"Class_6\",INDEX('ER C6 FLT1'!$A$4:$J$640,MATCH(DropData!$J65&$C25,'ER C6 FLT1'!$A$4:$A$640&'ER C6 FLT1'!$B$4:$B$640-2,1),9)))))))),IF($R25=\"Electric\",OFFSET(INDEX('ER Electric'!$A$6:$E$44,MATCH($C25&$O25,'ER Electric'!$A$6:$A$44&'ER Electric'!$B$6:$B$44,1),3),6,0),))","v":0},{"$f":"IF(OR($R25=\"Diesel\",$R25=\"LNG/CNG\",$R25=\"Hybrid\",$R25=\"Electric w/ AB-118\"),IF($B25=\"3+ Trucks\",IF(OR($O25=\"Class_8\",$N25=\"Replacement8HHD\",$AI25=\"CL7HHD\"),INDEX('ER C8 FLT3'!$A$4:$J$640,MATCH(DropData!$J65&$C25,'ER C8 FLT3'!$A$4:$A$640&'ER C8 FLT3'!$B$4:$B$640-3,1),8)*IF(OR($O25=\"Class_8\",$N25=\"Replacement8HHD\",$AI25=\"CL7HHD\"),INDEX('ER C8 FLT3'!$A$4:$J$640,MATCH(DropData!$J65&$C25,'ER C8 FLT3'!$A$4:$A$640&'ER C8 FLT3'!$B$4:$B$640-3,1),9)),IF($O25=\"Class_7\",INDEX('ER C7 FLT3'!$A$4:$J$640,MATCH(DropData!$J65&$C25,'ER C7 FLT3'!$A$4:$A$640&'ER C7 FLT3'!$B$4:$B$640-3,1),8)*IF($O25=\"Class_7\",INDEX('ER C7 FLT3'!$A$4:$J$640,MATCH(DropData!$J65&$C25,'ER C7 FLT3'!$A$4:$A$640&'ER C7 FLT3'!$B$4:$B$640-3,1),9)),IF($O25=\"Class_6\",INDEX('ER C6 FLT3'!$A$4:$J$640,MATCH(DropData!$J65&$C25,'ER C6 FLT3'!$A$4:$A$640&'ER C6 FLT3'!$B$4:$B$640-3,1),8)*IF($O25=\"Class_6\",INDEX('ER C6 FLT3'!$A$4:$J$640,MATCH(DropData!$J65&$C25,'ER C6 FLT3'!$A$4:$A$640&'ER C6 FLT3'!$B$4:$B$640-3,1),9))))),IF($B25=\"2 Trucks\",IF(OR($O25=\"Class_8\",$N25=\"Replacement8HHD\",$AI25=\"CL7HHD\"),INDEX('ER C8 FLT2'!$A$4:$J$640,MATCH(DropData!$J65&$C25,'ER C8 FLT2'!$A$4:$A$640&'ER C8 FLT2'!$B$4:$B$640-3,1),8)*IF(OR($O25=\"Class_8\",$N25=\"Replacement8HHD\",$AI25=\"CL7HHD\"),INDEX('ER C8 FLT2'!$A$4:$J$640,MATCH(DropData!$J65&$C25,'ER C8 FLT2'!$A$4:$A$640&'ER C8 FLT2'!$B$4:$B$640-3,1),9)),IF($O25=\"Class_7\",INDEX('ER C7 FLT2'!$A$4:$J$640,MATCH(DropData!$J65&$C25,'ER C7 FLT2'!$A$4:$A$640&'ER C7 FLT2'!$B$4:$B$640-3,1),8)*IF($O25=\"Class_7\",INDEX('ER C7 FLT2'!$A$4:$J$640,MATCH(DropData!$J65&$C25,'ER C7 FLT2'!$A$4:$A$640&'ER C7 FLT2'!$B$4:$B$640-3,1),9)),IF($O25=\"Class_6\",INDEX('ER C6 FLT2'!$A$4:$J$640,MATCH(DropData!$J65&$C25,'ER C6 FLT2'!$A$4:$A$640&'ER C6 FLT2'!$B$4:$B$640-3,1),8)*IF($O25=\"Class_6\",INDEX('ER C6 FLT2'!$A$4:$J$640,MATCH(DropData!$J65&$C25,'ER C6 FLT2'!$A$4:$A$640&'ER C6 FLT2'!$B$4:$B$640-3,1),9))))),IF($B25=\"1 Truck\",IF(OR($O25=\"Class_8\",$N25=\"Replacement8HHD\",$AI25=\"CL7HHD\"),INDEX('ER C8 FLT1'!$A$4:$J$640,MATCH(DropData!$J65&$C25,'ER C8 FLT1'!$A$4:$A$640&'ER C8 FLT1'!$B$4:$B$640-3,1),8)*IF(OR($O25=\"Class_8\",$N25=\"Replacement8HHD\",$AI25=\"CL7HHD\"),INDEX('ER C8 FLT1'!$A$4:$J$640,MATCH(DropData!$J65&$C25,'ER C8 FLT1'!$A$4:$A$640&'ER C8 FLT1'!$B$4:$B$640-3,1),9)),IF($O25=\"Class_7\",INDEX('ER C7 FLT1'!$A$4:$J$640,MATCH(DropData!$J65&$C25,'ER C7 FLT1'!$A$4:$A$640&'ER C7 FLT1'!$B$4:$B$640-3,1),8)*IF($O25=\"Class_7\",INDEX('ER C7 FLT1'!$A$4:$J$640,MATCH(DropData!$J65&$C25,'ER C7 FLT1'!$A$4:$A$640&'ER C7 FLT1'!$B$4:$B$640-3,1),9)),IF($O25=\"Class_6\",INDEX('ER C6 FLT1'!$A$4:$J$640,MATCH(DropData!$J65&$C25,'ER C6 FLT1'!$A$4:$A$640&'ER C6 FLT1'!$B$4:$B$640-3,1),8)*IF($O25=\"Class_6\",INDEX('ER C6 FLT1'!$A$4:$J$640,MATCH(DropData!$J65&$C25,'ER C6 FLT1'!$A$4:$A$640&'ER C6 FLT1'!$B$4:$B$640-3,1),9)))))))),IF($R25=\"Electric\",OFFSET(INDEX('ER Electric'!$A$6:$E$44,MATCH($C25&$O25,'ER Electric'!$A$6:$A$44&'ER Electric'!$B$6:$B$44,1),3),9,0),))","v":0},{"$f":"IF(OR($R25=\"Diesel\",$R25=\"LNG/CNG\",$R25=\"Hybrid\",$R25=\"Electric w/ AB-118\"),IF($B25=\"3+ Trucks\",IF(OR($O25=\"Class_8\",$N25=\"Replacement8HHD\",$AI25=\"CL7HHD\"),INDEX('ER C8 FLT3'!$A$4:$J$640,MATCH(DropData!$J65&$C25,'ER C8 FLT3'!$A$4:$A$640&'ER C8 FLT3'!$B$4:$B$640-4,1),8)*IF(OR($O25=\"Class_8\",$N25=\"Replacement8HHD\",$AI25=\"CL7HHD\"),INDEX('ER C8 FLT3'!$A$4:$J$640,MATCH(DropData!$J65&$C25,'ER C8 FLT3'!$A$4:$A$640&'ER C8 FLT3'!$B$4:$B$640-4,1),9)),IF($O25=\"Class_7\",INDEX('ER C7 FLT3'!$A$4:$J$640,MATCH(DropData!$J65&$C25,'ER C7 FLT3'!$A$4:$A$640&'ER C7 FLT3'!$B$4:$B$640-4,1),8)*IF($O25=\"Class_7\",INDEX('ER C7 FLT3'!$A$4:$J$640,MATCH(DropData!$J65&$C25,'ER C7 FLT3'!$A$4:$A$640&'ER C7 FLT3'!$B$4:$B$640-4,1),9)),IF($O25=\"Class_6\",INDEX('ER C6 FLT3'!$A$4:$J$640,MATCH(DropData!$J65&$C25,'ER C6 FLT3'!$A$4:$A$640&'ER C6 FLT3'!$B$4:$B$640-4,1),8)*IF($O25=\"Class_6\",INDEX('ER C6 FLT3'!$A$4:$J$640,MATCH(DropData!$J65&$C25,'ER C6 FLT3'!$A$4:$A$640&'ER C6 FLT3'!$B$4:$B$640-4,1),9))))),IF($B25=\"2 Trucks\",IF(OR($O25=\"Class_8\",$N25=\"Replacement8HHD\",$AI25=\"CL7HHD\"),INDEX('ER C8 FLT2'!$A$4:$J$640,MATCH(DropData!$J65&$C25,'ER C8 FLT2'!$A$4:$A$640&'ER C8 FLT2'!$B$4:$B$640-4,1),8)*IF(OR($O25=\"Class_8\",$N25=\"Replacement8HHD\",$AI25=\"CL7HHD\"),INDEX('ER C8 FLT2'!$A$4:$J$640,MATCH(DropData!$J65&$C25,'ER C8 FLT2'!$A$4:$A$640&'ER C8 FLT2'!$B$4:$B$640-4,1),9)),IF($O25=\"Class_7\",INDEX('ER C7 FLT2'!$A$4:$J$640,MATCH(DropData!$J65&$C25,'ER C7 FLT2'!$A$4:$A$640&'ER C7 FLT2'!$B$4:$B$640-4,1),8)*IF($O25=\"Class_7\",INDEX('ER C7 FLT2'!$A$4:$J$640,MATCH(DropData!$J65&$C25,'ER C7 FLT2'!$A$4:$A$640&'ER C7 FLT2'!$B$4:$B$640-4,1),9)),IF($O25=\"Class_6\",INDEX('ER C6 FLT2'!$A$4:$J$640,MATCH(DropData!$J65&$C25,'ER C6 FLT2'!$A$4:$A$640&'ER C6 FLT2'!$B$4:$B$640-4,1),8)*IF($O25=\"Class_6\",INDEX('ER C6 FLT2'!$A$4:$J$640,MATCH(DropData!$J65&$C25,'ER C6 FLT2'!$A$4:$A$640&'ER C6 FLT2'!$B$4:$B$640-4,1),9))))),IF($B25=\"1 Truck\",IF(OR($O25=\"Class_8\",$N25=\"Replacement8HHD\",$AI25=\"CL7HHD\"),INDEX('ER C8 FLT1'!$A$4:$J$640,MATCH(DropData!$J65&$C25,'ER C8 FLT1'!$A$4:$A$640&'ER C8 FLT1'!$B$4:$B$640-4,1),8)*IF(OR($O25=\"Class_8\",$N25=\"Replacement8HHD\",$AI25=\"CL7HHD\"),INDEX('ER C8 FLT1'!$A$4:$J$640,MATCH(DropData!$J65&$C25,'ER C8 FLT1'!$A$4:$A$640&'ER C8 FLT1'!$B$4:$B$640-4,1),9)),IF($O25=\"Class_7\",INDEX('ER C7 FLT1'!$A$4:$J$640,MATCH(DropData!$J65&$C25,'ER C7 FLT1'!$A$4:$A$640&'ER C7 FLT1'!$B$4:$B$640-4,1),8)*IF($O25=\"Class_7\",INDEX('ER C7 FLT1'!$A$4:$J$640,MATCH(DropData!$J65&$C25,'ER C7 FLT1'!$A$4:$A$640&'ER C7 FLT1'!$B$4:$B$640-4,1),9)),IF($O25=\"Class_6\",INDEX('ER C6 FLT1'!$A$4:$J$640,MATCH(DropData!$J65&$C25,'ER C6 FLT1'!$A$4:$A$640&'ER C6 FLT1'!$B$4:$B$640-4,1),8)*IF($O25=\"Class_6\",INDEX('ER C6 FLT1'!$A$4:$J$640,MATCH(DropData!$J65&$C25,'ER C6 FLT1'!$A$4:$A$640&'ER C6 FLT1'!$B$4:$B$640-4,1),9)))))))),IF($R25=\"Electric\",OFFSET(INDEX('ER Electric'!$A$6:$E$44,MATCH($C25&$O25,'ER Electric'!$A$6:$A$44&'ER Electric'!$B$6:$B$44,1),3),12,0),))","v":0},{"$f":"IF($C25<2015,1,2)","v":1},0,{"$f":"IF($C25<2015,1,2)","v":1},{"$f":"IFERROR(IF($B25=\"3+ Trucks\",IF($Z25=\"Class_8\",INDEX('ER C8 FLT3'!$A$4:$J$640,MATCH($W25&$C25,'ER C8 FLT3'!$A$4:$A$640&'ER C8 FLT3'!$B$4:$B$640,1),8)*IF($Z25=\"Class_8\",INDEX('ER C8 FLT3'!$A$4:$J$640,MATCH($W25&$C25,'ER C8 FLT3'!$A$4:$A$640&'ER C8 FLT3'!$B$4:$B$640,1),9)),IF($Z25=\"Class_7\",INDEX('ER C7 FLT3'!$A$4:$J$640,MATCH($W25&$C25,'ER C7 FLT3'!$A$4:$A$640&'ER C7 FLT3'!$B$4:$B$640,1),8)*IF($Z25=\"Class_7\",INDEX('ER C7 FLT3'!$A$4:$J$640,MATCH($W25&$C25,'ER C7 FLT3'!$A$4:$A$640&'ER C7 FLT3'!$B$4:$B$640,1),9)),\nIF($Z25=\"Class_6\",INDEX('ER C6 FLT3'!$A$4:$J$640,MATCH($W25&$C25,'ER C6 FLT3'!$A$4:$A$640&'ER C6 FLT3'!$B$4:$B$640,1),8)*IF($Z25=\"Class_6\",INDEX('ER C6 FLT3'!$A$4:$L$640,MATCH($W25&$C25,'ER C6 FLT3'!$A$4:$A$640&'ER C6 FLT3'!$B$4:$B$640,1),9))))),IF($B25=\"2 Trucks\",IF($Z25=\"Class_8\",INDEX('ER C8 FLT2'!$A$4:$J$640,MATCH($W25&$C25,'ER C8 FLT2'!$A$4:$A$640&'ER C8 FLT2'!$B$4:$B$640,1),8)*IF($Z25=\"Class_8\",INDEX('ER C8 FLT2'!$A$4:$J$640,MATCH($W25&$C25,'ER C8 FLT2'!$A$4:$A$640&'ER C8 FLT2'!$B$4:$B$640,1),9)),IF($Z25=\"Class_7\",INDEX('ER C7 FLT2'!$A$4:$J$640,MATCH($W25&$C25,'ER C7 FLT2'!$A$4:$A$640&'ER C7 FLT2'!$B$4:$B$640,1),8)*IF($Z25=\"Class_7\",INDEX('ER C7 FLT2'!$A$4:$J$640,MATCH($W25&$C25,'ER C7 FLT2'!$A$4:$A$640&'ER C7 FLT2'!$B$4:$B$640,1),9)),IF($Z25=\"Class_6\",INDEX('ER C6 FLT2'!$A$4:$J$640,MATCH($W25&$C25,'ER C6 FLT2'!$A$4:$A$640&'ER C6 FLT2'!$B$4:$B$640,1),8)*IF($Z25=\"Class_6\",INDEX('ER C6 FLT2'!$A$4:$J$640,MATCH($W25&$C25,'ER C6 FLT2'!$A$4:$A$640&'ER C6 FLT2'!$B$4:$B$640,1),9))))),IF($B25=\"1 Truck\",\nIF($Z25=\"Class_8\",INDEX('ER C8 FLT1'!$A$4:$J$640,MATCH($W25&$C25,'ER C8 FLT1'!$A$4:$A$640&'ER C8 FLT1'!$B$4:$B$640,1),8)*IF($Z25=\"Class_8\",INDEX('ER C8 FLT1'!$A$4:$J$640,MATCH($W25&$C25,'ER C8 FLT1'!$A$4:$A$640&'ER C8 FLT1'!$B$4:$B$640,1),9)),IF($Z25=\"Class_7\",INDEX('ER C7 FLT1'!$A$4:$J$640,MATCH($W25&$C25,'ER C7 FLT1'!$A$4:$A$640&'ER C7 FLT1'!$B$4:$B$640,1),8)*IF($Z25=\"Class_7\",INDEX('ER C7 FLT1'!$A$4:$J$640,MATCH($W25&$C25,'ER C7 FLT1'!$A$4:$A$640&'ER C7 FLT1'!$B$4:$B$640,1),9)),\nIF($Z25=\"Class_6\",INDEX('ER C6 FLT1'!$A$4:$J$640,MATCH($W25&$C25,'ER C6 FLT1'!$A$4:$A$640&'ER C6 FLT1'!$B$4:$B$640,1),8)*IF($Z25=\"Class_6\",INDEX('ER C6 FLT1'!$A$4:$J$640,MATCH($W25&$C25,'ER C6 FLT1'!$A$4:$A$640&'ER C6 FLT1'!$B$4:$B$640,1),9))))))))*IF($X25=\"Level 1 PM\",0.75,IF($X25=\"Level 2 PM\",0.5,IF($X25=\"Level 3 PM\",0,IF($X25=\"Level 3 PM + Mark I NOx\",0,1))))*($AC25/453.6)-IF(BG25=0,AV25,0),\"0.00\")","v":0},{"$f":"IFERROR(MAX(0,BI25/BH25),\"0.00\")","v":0},{"$f":"IFERROR(MAX(0,BG25+BJ25),\"0.00\")","v":0},0,{"$f":"IF($B25=\"3+ Trucks\",IF($Z25=\"Class_8\",INDEX('ER C8 FLT3'!$A$4:$J$640,MATCH($W25&$C25,'ER C8 FLT3'!$A$4:$A$640&'ER C8 FLT3'!$B$4:$B$640-1,1),8)*IF($Z25=\"Class_8\",INDEX('ER C8 FLT3'!$A$4:$J$640,MATCH($W25&$C25,'ER C8 FLT3'!$A$4:$A$640&'ER C8 FLT3'!$B$4:$B$640-1,1),9)),IF($Z25=\"Class_7\",INDEX('ER C7 FLT3'!$A$4:$J$640,MATCH($W25&$C25,'ER C7 FLT3'!$A$4:$A$640&'ER C7 FLT3'!$B$4:$B$640-1,1),8)*IF($Z25=\"Class_7\",INDEX('ER C7 FLT3'!$A$4:$J$640,MATCH($W25&$C25,'ER C7 FLT3'!$A$4:$A$640&'ER C7 FLT3'!$B$4:$B$640-1,1),9)),\nIF($Z25=\"Class_6\",INDEX('ER C6 FLT3'!$A$4:$J$640,MATCH($W25&$C25,'ER C6 FLT3'!$A$4:$A$640&'ER C6 FLT3'!$B$4:$B$640-1,1),8)*IF($Z25=\"Class_6\",INDEX('ER C6 FLT3'!$A$4:$L$640,MATCH($W25&$C25,'ER C6 FLT3'!$A$4:$A$640&'ER C6 FLT3'!$B$4:$B$640-1,1),9))))),IF($B25=\"2 Trucks\",IF($Z25=\"Class_8\",INDEX('ER C8 FLT2'!$A$4:$J$640,MATCH($W25&$C25,'ER C8 FLT2'!$A$4:$A$640&'ER C8 FLT2'!$B$4:$B$640-1,1),8)*IF($Z25=\"Class_8\",INDEX('ER C8 FLT2'!$A$4:$J$640,MATCH($W25&$C25,'ER C8 FLT2'!$A$4:$A$640&'ER C8 FLT2'!$B$4:$B$640-1,1),9)),IF($Z25=\"Class_7\",INDEX('ER C7 FLT2'!$A$4:$J$640,MATCH($W25&$C25,'ER C7 FLT2'!$A$4:$A$640&'ER C7 FLT2'!$B$4:$B$640-1,1),8)*IF($Z25=\"Class_7\",INDEX('ER C7 FLT2'!$A$4:$J$640,MATCH($W25&$C25,'ER C7 FLT2'!$A$4:$A$640&'ER C7 FLT2'!$B$4:$B$640-1,1),9)),IF($Z25=\"Class_6\",INDEX('ER C6 FLT2'!$A$4:$J$640,MATCH($W25&$C25,'ER C6 FLT2'!$A$4:$A$640&'ER C6 FLT2'!$B$4:$B$640-1,1),8)*IF($Z25=\"Class_6\",INDEX('ER C6 FLT2'!$A$4:$J$640,MATCH($W25&$C25,'ER C6 FLT2'!$A$4:$A$640&'ER C6 FLT2'!$B$4:$B$640-1,1),9))))),IF($B25=\"1 Truck\",\nIF($Z25=\"Class_8\",INDEX('ER C8 FLT1'!$A$4:$J$640,MATCH($W25&$C25,'ER C8 FLT1'!$A$4:$A$640&'ER C8 FLT1'!$B$4:$B$640-1,1),8)*IF($Z25=\"Class_8\",INDEX('ER C8 FLT1'!$A$4:$J$640,MATCH($W25&$C25,'ER C8 FLT1'!$A$4:$A$640&'ER C8 FLT1'!$B$4:$B$640-1,1),9)),IF($Z25=\"Class_7\",INDEX('ER C7 FLT1'!$A$4:$J$640,MATCH($W25&$C25,'ER C7 FLT1'!$A$4:$A$640&'ER C7 FLT1'!$B$4:$B$640-1,1),8)*IF($Z25=\"Class_7\",INDEX('ER C7 FLT1'!$A$4:$J$640,MATCH($W25&$C25,'ER C7 FLT1'!$A$4:$A$640&'ER C7 FLT1'!$B$4:$B$640-1,1),9)),\nIF($Z25=\"Class_6\",INDEX('ER C6 FLT1'!$A$4:$J$640,MATCH($W25&$C25,'ER C6 FLT1'!$A$4:$A$640&'ER C6 FLT1'!$B$4:$B$640-1,1),8)*IF($Z25=\"Class_6\",INDEX('ER C6 FLT1'!$A$4:$J$640,MATCH($W25&$C25,'ER C6 FLT1'!$A$4:$A$640&'ER C6 FLT1'!$B$4:$B$640-1,1),9))))))))*IF($X25=\"Level 1 PM\",0.75,IF($X25=\"Level 2 PM\",0.5,IF($X25=\"Level 3 PM\",0,IF($X25=\"Level 3 PM + Mark I NOx\",0,1))))*($AC25/453.6)-IF(BL25=0,AW25,0)","v":0},0,0,{"$f":"IF($B25=\"3+ Trucks\",IF($Z25=\"Class_8\",INDEX('ER C8 FLT3'!$A$4:$J$640,MATCH($W25&$C25,'ER C8 FLT3'!$A$4:$A$640&'ER C8 FLT3'!$B$4:$B$640-2,1),8)*IF($Z25=\"Class_8\",INDEX('ER C8 FLT3'!$A$4:$J$640,MATCH($W25&$C25,'ER C8 FLT3'!$A$4:$A$640&'ER C8 FLT3'!$B$4:$B$640-2,1),9)),IF($Z25=\"Class_7\",INDEX('ER C7 FLT3'!$A$4:$J$640,MATCH($W25&$C25,'ER C7 FLT3'!$A$4:$A$640&'ER C7 FLT3'!$B$4:$B$640-2,1),8)*IF($Z25=\"Class_7\",INDEX('ER C7 FLT3'!$A$4:$J$640,MATCH($W25&$C25,'ER C7 FLT3'!$A$4:$A$640&'ER C7 FLT3'!$B$4:$B$640-2,1),9)),\nIF($Z25=\"Class_6\",INDEX('ER C6 FLT3'!$A$4:$J$640,MATCH($W25&$C25,'ER C6 FLT3'!$A$4:$A$640&'ER C6 FLT3'!$B$4:$B$640-2,1),8)*IF($Z25=\"Class_6\",INDEX('ER C6 FLT3'!$A$4:$L$640,MATCH($W25&$C25,'ER C6 FLT3'!$A$4:$A$640&'ER C6 FLT3'!$B$4:$B$640-2,1),9))))),IF($B25=\"2 Trucks\",IF($Z25=\"Class_8\",INDEX('ER C8 FLT2'!$A$4:$J$640,MATCH($W25&$C25,'ER C8 FLT2'!$A$4:$A$640&'ER C8 FLT2'!$B$4:$B$640-2,1),8)*IF($Z25=\"Class_8\",INDEX('ER C8 FLT2'!$A$4:$J$640,MATCH($W25&$C25,'ER C8 FLT2'!$A$4:$A$640&'ER C8 FLT2'!$B$4:$B$640-2,1),9)),IF($Z25=\"Class_7\",INDEX('ER C7 FLT2'!$A$4:$J$640,MATCH($W25&$C25,'ER C7 FLT2'!$A$4:$A$640&'ER C7 FLT2'!$B$4:$B$640-2,1),8)*IF($Z25=\"Class_7\",INDEX('ER C7 FLT2'!$A$4:$J$640,MATCH($W25&$C25,'ER C7 FLT2'!$A$4:$A$640&'ER C7 FLT2'!$B$4:$B$640-2,1),9)),IF($Z25=\"Class_6\",INDEX('ER C6 FLT2'!$A$4:$J$640,MATCH($W25&$C25,'ER C6 FLT2'!$A$4:$A$640&'ER C6 FLT2'!$B$4:$B$640-2,1),8)*IF($Z25=\"Class_6\",INDEX('ER C6 FLT2'!$A$4:$J$640,MATCH($W25&$C25,'ER C6 FLT2'!$A$4:$A$640&'ER C6 FLT2'!$B$4:$B$640-2,1),9))))),IF($B25=\"1 Truck\",\nIF($Z25=\"Class_8\",INDEX('ER C8 FLT1'!$A$4:$J$640,MATCH($W25&$C25,'ER C8 FLT1'!$A$4:$A$640&'ER C8 FLT1'!$B$4:$B$640-2,1),8)*IF($Z25=\"Class_8\",INDEX('ER C8 FLT1'!$A$4:$J$640,MATCH($W25&$C25,'ER C8 FLT1'!$A$4:$A$640&'ER C8 FLT1'!$B$4:$B$640-2,1),9)),IF($Z25=\"Class_7\",INDEX('ER C7 FLT1'!$A$4:$J$640,MATCH($W25&$C25,'ER C7 FLT1'!$A$4:$A$640&'ER C7 FLT1'!$B$4:$B$640-2,1),8)*IF($Z25=\"Class_7\",INDEX('ER C7 FLT1'!$A$4:$J$640,MATCH($W25&$C25,'ER C7 FLT1'!$A$4:$A$640&'ER C7 FLT1'!$B$4:$B$640-2,1),9)),\nIF($Z25=\"Class_6\",INDEX('ER C6 FLT1'!$A$4:$J$640,MATCH($W25&$C25,'ER C6 FLT1'!$A$4:$A$640&'ER C6 FLT1'!$B$4:$B$640-2,1),8)*IF($Z25=\"Class_6\",INDEX('ER C6 FLT1'!$A$4:$J$640,MATCH($W25&$C25,'ER C6 FLT1'!$A$4:$A$640&'ER C6 FLT1'!$B$4:$B$640-2,1),9))))))))*IF($X25=\"Level 1 PM\",0.75,IF($X25=\"Level 2 PM\",0.5,IF($X25=\"Level 3 PM\",0,IF($X25=\"Level 3 PM + Mark I NOx\",0,1))))*($AC25/453.6)-IF(BO25=0,AX25,0)","v":0},0,0,{"$f":"IF($B25=\"3+ Trucks\",IF($Z25=\"Class_8\",INDEX('ER C8 FLT3'!$A$4:$J$640,MATCH($W25&$C25,'ER C8 FLT3'!$A$4:$A$640&'ER C8 FLT3'!$B$4:$B$640-3,1),8)*IF($Z25=\"Class_8\",INDEX('ER C8 FLT3'!$A$4:$J$640,MATCH($W25&$C25,'ER C8 FLT3'!$A$4:$A$640&'ER C8 FLT3'!$B$4:$B$640-3,1),9)),IF($Z25=\"Class_7\",INDEX('ER C7 FLT3'!$A$4:$J$640,MATCH($W25&$C25,'ER C7 FLT3'!$A$4:$A$640&'ER C7 FLT3'!$B$4:$B$640-3,1),8)*IF($Z25=\"Class_7\",INDEX('ER C7 FLT3'!$A$4:$J$640,MATCH($W25&$C25,'ER C7 FLT3'!$A$4:$A$640&'ER C7 FLT3'!$B$4:$B$640-3,1),9)),\nIF($Z25=\"Class_6\",INDEX('ER C6 FLT3'!$A$4:$J$640,MATCH($W25&$C25,'ER C6 FLT3'!$A$4:$A$640&'ER C6 FLT3'!$B$4:$B$640-3,1),8)*IF($Z25=\"Class_6\",INDEX('ER C6 FLT3'!$A$4:$L$640,MATCH($W25&$C25,'ER C6 FLT3'!$A$4:$A$640&'ER C6 FLT3'!$B$4:$B$640-3,1),9))))),IF($B25=\"2 Trucks\",IF($Z25=\"Class_8\",INDEX('ER C8 FLT2'!$A$4:$J$640,MATCH($W25&$C25,'ER C8 FLT2'!$A$4:$A$640&'ER C8 FLT2'!$B$4:$B$640-3,1),8)*IF($Z25=\"Class_8\",INDEX('ER C8 FLT2'!$A$4:$J$640,MATCH($W25&$C25,'ER C8 FLT2'!$A$4:$A$640&'ER C8 FLT2'!$B$4:$B$640-3,1),9)),IF($Z25=\"Class_7\",INDEX('ER C7 FLT2'!$A$4:$J$640,MATCH($W25&$C25,'ER C7 FLT2'!$A$4:$A$640&'ER C7 FLT2'!$B$4:$B$640-3,1),8)*IF($Z25=\"Class_7\",INDEX('ER C7 FLT2'!$A$4:$J$640,MATCH($W25&$C25,'ER C7 FLT2'!$A$4:$A$640&'ER C7 FLT2'!$B$4:$B$640-3,1),9)),IF($Z25=\"Class_6\",INDEX('ER C6 FLT2'!$A$4:$J$640,MATCH($W25&$C25,'ER C6 FLT2'!$A$4:$A$640&'ER C6 FLT2'!$B$4:$B$640-3,1),8)*IF($Z25=\"Class_6\",INDEX('ER C6 FLT2'!$A$4:$J$640,MATCH($W25&$C25,'ER C6 FLT2'!$A$4:$A$640&'ER C6 FLT2'!$B$4:$B$640-3,1),9))))),IF($B25=\"1 Truck\",\nIF($Z25=\"Class_8\",INDEX('ER C8 FLT1'!$A$4:$J$640,MATCH($W25&$C25,'ER C8 FLT1'!$A$4:$A$640&'ER C8 FLT1'!$B$4:$B$640-3,1),8)*IF($Z25=\"Class_8\",INDEX('ER C8 FLT1'!$A$4:$J$640,MATCH($W25&$C25,'ER C8 FLT1'!$A$4:$A$640&'ER C8 FLT1'!$B$4:$B$640-3,1),9)),IF($Z25=\"Class_7\",INDEX('ER C7 FLT1'!$A$4:$J$640,MATCH($W25&$C25,'ER C7 FLT1'!$A$4:$A$640&'ER C7 FLT1'!$B$4:$B$640-3,1),8)*IF($Z25=\"Class_7\",INDEX('ER C7 FLT1'!$A$4:$J$640,MATCH($W25&$C25,'ER C7 FLT1'!$A$4:$A$640&'ER C7 FLT1'!$B$4:$B$640-3,1),9)),\nIF($Z25=\"Class_6\",INDEX('ER C6 FLT1'!$A$4:$J$640,MATCH($W25&$C25,'ER C6 FLT1'!$A$4:$A$640&'ER C6 FLT1'!$B$4:$B$640-3,1),8)*IF($Z25=\"Class_6\",INDEX('ER C6 FLT1'!$A$4:$J$640,MATCH($W25&$C25,'ER C6 FLT1'!$A$4:$A$640&'ER C6 FLT1'!$B$4:$B$640-3,1),9))))))))*IF($X25=\"Level 1 PM\",0.75,IF($X25=\"Level 2 PM\",0.5,IF($X25=\"Level 3 PM\",0,IF($X25=\"Level 3 PM + Mark I NOx\",0,1))))*($AC25/453.6)-IF(BR25=0,AY25,0)","v":0},0,0,{"$f":"IF($B25=\"3+ Trucks\",IF($Z25=\"Class_8\",INDEX('ER C8 FLT3'!$A$4:$J$640,MATCH($W25&$C25,'ER C8 FLT3'!$A$4:$A$640&'ER C8 FLT3'!$B$4:$B$640-4,1),8)*IF($Z25=\"Class_8\",INDEX('ER C8 FLT3'!$A$4:$J$640,MATCH($W25&$C25,'ER C8 FLT3'!$A$4:$A$640&'ER C8 FLT3'!$B$4:$B$640-4,1),9)),IF($Z25=\"Class_7\",INDEX('ER C7 FLT3'!$A$4:$J$640,MATCH($W25&$C25,'ER C7 FLT3'!$A$4:$A$640&'ER C7 FLT3'!$B$4:$B$640-4,1),8)*IF($Z25=\"Class_7\",INDEX('ER C7 FLT3'!$A$4:$J$640,MATCH($W25&$C25,'ER C7 FLT3'!$A$4:$A$640&'ER C7 FLT3'!$B$4:$B$640-4,1),9)),\nIF($Z25=\"Class_6\",INDEX('ER C6 FLT3'!$A$4:$J$640,MATCH($W25&$C25,'ER C6 FLT3'!$A$4:$A$640&'ER C6 FLT3'!$B$4:$B$640-4,1),8)*IF($Z25=\"Class_6\",INDEX('ER C6 FLT3'!$A$4:$L$640,MATCH($W25&$C25,'ER C6 FLT3'!$A$4:$A$640&'ER C6 FLT3'!$B$4:$B$640-4,1),9))))),IF($B25=\"2 Trucks\",IF($Z25=\"Class_8\",INDEX('ER C8 FLT2'!$A$4:$J$640,MATCH($W25&$C25,'ER C8 FLT2'!$A$4:$A$640&'ER C8 FLT2'!$B$4:$B$640-4,1),8)*IF($Z25=\"Class_8\",INDEX('ER C8 FLT2'!$A$4:$J$640,MATCH($W25&$C25,'ER C8 FLT2'!$A$4:$A$640&'ER C8 FLT2'!$B$4:$B$640-4,1),9)),IF($Z25=\"Class_7\",INDEX('ER C7 FLT2'!$A$4:$J$640,MATCH($W25&$C25,'ER C7 FLT2'!$A$4:$A$640&'ER C7 FLT2'!$B$4:$B$640-4,1),8)*IF($Z25=\"Class_7\",INDEX('ER C7 FLT2'!$A$4:$J$640,MATCH($W25&$C25,'ER C7 FLT2'!$A$4:$A$640&'ER C7 FLT2'!$B$4:$B$640-4,1),9)),IF($Z25=\"Class_6\",INDEX('ER C6 FLT2'!$A$4:$J$640,MATCH($W25&$C25,'ER C6 FLT2'!$A$4:$A$640&'ER C6 FLT2'!$B$4:$B$640-4,1),8)*IF($Z25=\"Class_6\",INDEX('ER C6 FLT2'!$A$4:$J$640,MATCH($W25&$C25,'ER C6 FLT2'!$A$4:$A$640&'ER C6 FLT2'!$B$4:$B$640-4,1),9))))),IF($B25=\"1 Truck\",\nIF($Z25=\"Class_8\",INDEX('ER C8 FLT1'!$A$4:$J$640,MATCH($W25&$C25,'ER C8 FLT1'!$A$4:$A$640&'ER C8 FLT1'!$B$4:$B$640-4,1),8)*IF($Z25=\"Class_8\",INDEX('ER C8 FLT1'!$A$4:$J$640,MATCH($W25&$C25,'ER C8 FLT1'!$A$4:$A$640&'ER C8 FLT1'!$B$4:$B$640-4,1),9)),IF($Z25=\"Class_7\",INDEX('ER C7 FLT1'!$A$4:$J$640,MATCH($W25&$C25,'ER C7 FLT1'!$A$4:$A$640&'ER C7 FLT1'!$B$4:$B$640-4,1),8)*IF($Z25=\"Class_7\",INDEX('ER C7 FLT1'!$A$4:$J$640,MATCH($W25&$C25,'ER C7 FLT1'!$A$4:$A$640&'ER C7 FLT1'!$B$4:$B$640-4,1),9)),\nIF($Z25=\"Class_6\",INDEX('ER C6 FLT1'!$A$4:$J$640,MATCH($W25&$C25,'ER C6 FLT1'!$A$4:$A$640&'ER C6 FLT1'!$B$4:$B$640-4,1),8)*IF($Z25=\"Class_6\",INDEX('ER C6 FLT1'!$A$4:$J$640,MATCH($W25&$C25,'ER C6 FLT1'!$A$4:$A$640&'ER C6 FLT1'!$B$4:$B$640-4,1),9))))))))*IF($X25=\"Level 1 PM\",0.75,IF($X25=\"Level 2 PM\",0.5,IF($X25=\"Level 3 PM\",0,IF($X25=\"Level 3 PM + Mark I NOx\",0,1))))*($AC25/453.6)-IF(BU25=0,AZ25,0)","v":0},{"$f":"MAX(0,BU25+BV25)","v":0},{"$f":"(MAX(0,BK25+BN25+BQ25+BT25+BW25))","v":0},{"$f":"IF($B25=\"3+ Trucks\",IF(OR($H25=\"Class_8\",$N25=\"Replacement8HHD\",$AH25=\"CL7HHD\",$AJ25=\"CL7to8\"),INDEX('ER C8 FLT3'!$A$4:$J$640,MATCH($E25&$C25,'ER C8 FLT3'!$A$4:$A$640&'ER C8 FLT3'!$B$4:$B$640,1),5)*IF(OR($H25=\"Class_8\",$N25=\"Replacement8HHD\",$AH25=\"CL7HHD\",$AJ25=\"CL7to8\"),INDEX('ER C8 FLT3'!$A$4:$J$640,MATCH($E25&$C25,'ER C8 FLT3'!$A$4:$A$640&'ER C8 FLT3'!$B$4:$B$640,1),7)),IF($H25=\"Class_7\",INDEX('ER C7 FLT3'!$A$4:$J$640,MATCH($E25&$C25,'ER C7 FLT3'!$A$4:$A$640&'ER C7 FLT3'!$B$4:$B$640,1),5)*IF($H25=\"Class_7\",INDEX('ER C7 FLT3'!$A$4:$J$640,MATCH($E25&$C25,'ER C7 FLT3'!$A$4:$A$640&'ER C7 FLT3'!$B$4:$B$640,1),7)),\nIF($H25=\"Class_6\",INDEX('ER C6 FLT3'!$A$4:$J$640,MATCH($E25&$C25,'ER C6 FLT3'!$A$4:$A$640&'ER C6 FLT3'!$B$4:$B$640,1),5)*IF($H25=\"Class_6\",INDEX('ER C6 FLT3'!$A$4:$L$640,MATCH($E25&$C25,'ER C6 FLT3'!$A$4:$A$640&'ER C6 FLT3'!$B$4:$B$640,1),7))))),IF($B25=\"2 Trucks\",IF(OR($H25=\"Class_8\",$N25=\"Replacement8HHD\",$AH25=\"CL7HHD\",$AJ25=\"CL7to8\"),INDEX('ER C8 FLT2'!$A$4:$J$640,MATCH($E25&$C25,'ER C8 FLT2'!$A$4:$A$640&'ER C8 FLT2'!$B$4:$B$640,1),5)*IF(OR($H25=\"Class_8\",$N25=\"Replacement8HHD\",$AH25=\"CL7HHD\",$AJ25=\"CL7to8\"),INDEX('ER C8 FLT2'!$A$4:$J$640,MATCH($E25&$C25,'ER C8 FLT2'!$A$4:$A$640&'ER C8 FLT2'!$B$4:$B$640,1),7)),IF($H25=\"Class_7\",INDEX('ER C7 FLT2'!$A$4:$J$640,MATCH($E25&$C25,'ER C7 FLT2'!$A$4:$A$640&'ER C7 FLT2'!$B$4:$B$640,1),5)*IF($H25=\"Class_7\",INDEX('ER C7 FLT2'!$A$4:$J$640,MATCH($E25&$C25,'ER C7 FLT2'!$A$4:$A$640&'ER C7 FLT2'!$B$4:$B$640,1),7)),IF($H25=\"Class_6\",INDEX('ER C6 FLT2'!$A$4:$J$640,MATCH($E25&$C25,'ER C6 FLT2'!$A$4:$A$640&'ER C6 FLT2'!$B$4:$B$640,1),5)*IF($H25=\"Class_6\",INDEX('ER C6 FLT2'!$A$4:$J$640,MATCH($E25&$C25,'ER C6 FLT2'!$A$4:$A$640&'ER C6 FLT2'!$B$4:$B$640,1),7))))),IF($B25=\"1 Truck\",\nIF(OR($H25=\"Class_8\",$N25=\"Replacement8HHD\",$AH25=\"CL7HHD\",$AJ25=\"CL7to8\"),INDEX('ER C8 FLT1'!$A$4:$J$640,MATCH($E25&$C25,'ER C8 FLT1'!$A$4:$A$640&'ER C8 FLT1'!$B$4:$B$640,1),5)*IF(OR($H25=\"Class_8\",$N25=\"Replacement8HHD\",$AH25=\"CL7HHD\",$AJ25=\"CL7to8\"),INDEX('ER C8 FLT1'!$A$4:$J$640,MATCH($E25&$C25,'ER C8 FLT1'!$A$4:$A$640&'ER C8 FLT1'!$B$4:$B$640,1),7)),IF($H25=\"Class_7\",INDEX('ER C7 FLT1'!$A$4:$J$640,MATCH($E25&$C25,'ER C7 FLT1'!$A$4:$A$640&'ER C7 FLT1'!$B$4:$B$640,1),5)*IF($H25=\"Class_7\",INDEX('ER C7 FLT1'!$A$4:$J$640,MATCH($E25&$C25,'ER C7 FLT1'!$A$4:$A$640&'ER C7 FLT1'!$B$4:$B$640,1),7)),\nIF($H25=\"Class_6\",INDEX('ER C6 FLT1'!$A$4:$J$640,MATCH($E25&$C25,'ER C6 FLT1'!$A$4:$A$640&'ER C6 FLT1'!$B$4:$B$640,1),5)*IF($H25=\"Class_6\",INDEX('ER C6 FLT1'!$A$4:$J$640,MATCH($E25&$C25,'ER C6 FLT1'!$A$4:$A$640&'ER C6 FLT1'!$B$4:$B$640,1),7))))))))*IF($F25=\"Level 1 PM + Mark I NOx\",0.75,1)*($Q25/453.6)","v":0},{"$f":"IF($B25=\"3+ Trucks\",IF(OR($H25=\"Class_8\",$N25=\"Replacement8HHD\",$AH25=\"CL7HHD\",$AJ25=\"CL7to8\"),INDEX('ER C8 FLT3'!$A$4:$J$640,MATCH($E25&$C25,'ER C8 FLT3'!$A$4:$A$640&'ER C8 FLT3'!$B$4:$B$640-1,1),5)*IF(OR($H25=\"Class_8\",$N25=\"Replacement8HHD\",$AH25=\"CL7HHD\",$AJ25=\"CL7to8\"),INDEX('ER C8 FLT3'!$A$4:$J$640,MATCH($E25&$C25,'ER C8 FLT3'!$A$4:$A$640&'ER C8 FLT3'!$B$4:$B$640-1,1),7)),IF($H25=\"Class_7\",INDEX('ER C7 FLT3'!$A$4:$J$640,MATCH($E25&$C25,'ER C7 FLT3'!$A$4:$A$640&'ER C7 FLT3'!$B$4:$B$640-1,1),5)*IF($H25=\"Class_7\",INDEX('ER C7 FLT3'!$A$4:$J$640,MATCH($E25&$C25,'ER C7 FLT3'!$A$4:$A$640&'ER C7 FLT3'!$B$4:$B$640-1,1),7)),\nIF($H25=\"Class_6\",INDEX('ER C6 FLT3'!$A$4:$J$640,MATCH($E25&$C25,'ER C6 FLT3'!$A$4:$A$640&'ER C6 FLT3'!$B$4:$B$640-1,1),5)*IF($H25=\"Class_6\",INDEX('ER C6 FLT3'!$A$4:$L$640,MATCH($E25&$C25,'ER C6 FLT3'!$A$4:$A$640&'ER C6 FLT3'!$B$4:$B$640-1,1),7))))),IF($B25=\"2 Trucks\",IF(OR($H25=\"Class_8\",$N25=\"Replacement8HHD\",$AH25=\"CL7HHD\",$AJ25=\"CL7to8\"),INDEX('ER C8 FLT2'!$A$4:$J$640,MATCH($E25&$C25,'ER C8 FLT2'!$A$4:$A$640&'ER C8 FLT2'!$B$4:$B$640-1,1),5)*IF(OR($H25=\"Class_8\",$N25=\"Replacement8HHD\",$AH25=\"CL7HHD\",$AJ25=\"CL7to8\"),INDEX('ER C8 FLT2'!$A$4:$J$640,MATCH($E25&$C25,'ER C8 FLT2'!$A$4:$A$640&'ER C8 FLT2'!$B$4:$B$640-1,1),7)),IF($H25=\"Class_7\",INDEX('ER C7 FLT2'!$A$4:$J$640,MATCH($E25&$C25,'ER C7 FLT2'!$A$4:$A$640&'ER C7 FLT2'!$B$4:$B$640-1,1),5)*IF($H25=\"Class_7\",INDEX('ER C7 FLT2'!$A$4:$J$640,MATCH($E25&$C25,'ER C7 FLT2'!$A$4:$A$640&'ER C7 FLT2'!$B$4:$B$640-1,1),7)),IF($H25=\"Class_6\",INDEX('ER C6 FLT2'!$A$4:$J$640,MATCH($E25&$C25,'ER C6 FLT2'!$A$4:$A$640&'ER C6 FLT2'!$B$4:$B$640-1,1),5)*IF($H25=\"Class_6\",INDEX('ER C6 FLT2'!$A$4:$J$640,MATCH($E25&$C25,'ER C6 FLT2'!$A$4:$A$640&'ER C6 FLT2'!$B$4:$B$640-1,1),7))))),IF($B25=\"1 Truck\",\nIF(OR($H25=\"Class_8\",$N25=\"Replacement8HHD\",$AH25=\"CL7HHD\",$AJ25=\"CL7to8\"),INDEX('ER C8 FLT1'!$A$4:$J$640,MATCH($E25&$C25,'ER C8 FLT1'!$A$4:$A$640&'ER C8 FLT1'!$B$4:$B$640-1,1),5)*IF(OR($H25=\"Class_8\",$N25=\"Replacement8HHD\",$AH25=\"CL7HHD\",$AJ25=\"CL7to8\"),INDEX('ER C8 FLT1'!$A$4:$J$640,MATCH($E25&$C25,'ER C8 FLT1'!$A$4:$A$640&'ER C8 FLT1'!$B$4:$B$640-1,1),7)),IF($H25=\"Class_7\",INDEX('ER C7 FLT1'!$A$4:$J$640,MATCH($E25&$C25,'ER C7 FLT1'!$A$4:$A$640&'ER C7 FLT1'!$B$4:$B$640-1,1),5)*IF($H25=\"Class_7\",INDEX('ER C7 FLT1'!$A$4:$J$640,MATCH($E25&$C25,'ER C7 FLT1'!$A$4:$A$640&'ER C7 FLT1'!$B$4:$B$640-1,1),7)),\nIF($H25=\"Class_6\",INDEX('ER C6 FLT1'!$A$4:$J$640,MATCH($E25&$C25,'ER C6 FLT1'!$A$4:$A$640&'ER C6 FLT1'!$B$4:$B$640-1,1),5)*IF($H25=\"Class_6\",INDEX('ER C6 FLT1'!$A$4:$J$640,MATCH($E25&$C25,'ER C6 FLT1'!$A$4:$A$640&'ER C6 FLT1'!$B$4:$B$640-1,1),7))))))))*IF($F25=\"Level 1 PM + Mark I NOx\",0.75,1)*($Q25/453.6)","v":0},{"$f":"IF($B25=\"3+ Trucks\",IF(OR($H25=\"Class_8\",$N25=\"Replacement8HHD\",$AH25=\"CL7HHD\",$AJ25=\"CL7to8\"),INDEX('ER C8 FLT3'!$A$4:$J$640,MATCH($E25&$C25,'ER C8 FLT3'!$A$4:$A$640&'ER C8 FLT3'!$B$4:$B$640-2,1),5)*IF(OR($H25=\"Class_8\",$N25=\"Replacement8HHD\",$AH25=\"CL7HHD\",$AJ25=\"CL7to8\"),INDEX('ER C8 FLT3'!$A$4:$J$640,MATCH($E25&$C25,'ER C8 FLT3'!$A$4:$A$640&'ER C8 FLT3'!$B$4:$B$640-2,1),7)),IF($H25=\"Class_7\",INDEX('ER C7 FLT3'!$A$4:$J$640,MATCH($E25&$C25,'ER C7 FLT3'!$A$4:$A$640&'ER C7 FLT3'!$B$4:$B$640-2,1),5)*IF($H25=\"Class_7\",INDEX('ER C7 FLT3'!$A$4:$J$640,MATCH($E25&$C25,'ER C7 FLT3'!$A$4:$A$640&'ER C7 FLT3'!$B$4:$B$640-2,1),7)),\nIF($H25=\"Class_6\",INDEX('ER C6 FLT3'!$A$4:$J$640,MATCH($E25&$C25,'ER C6 FLT3'!$A$4:$A$640&'ER C6 FLT3'!$B$4:$B$640-2,1),5)*IF($H25=\"Class_6\",INDEX('ER C6 FLT3'!$A$4:$L$640,MATCH($E25&$C25,'ER C6 FLT3'!$A$4:$A$640&'ER C6 FLT3'!$B$4:$B$640-2,1),7))))),IF($B25=\"2 Trucks\",IF(OR($H25=\"Class_8\",$N25=\"Replacement8HHD\",$AH25=\"CL7HHD\",$AJ25=\"CL7to8\"),INDEX('ER C8 FLT2'!$A$4:$J$640,MATCH($E25&$C25,'ER C8 FLT2'!$A$4:$A$640&'ER C8 FLT2'!$B$4:$B$640-2,1),5)*IF(OR($H25=\"Class_8\",$N25=\"Replacement8HHD\",$AH25=\"CL7HHD\",$AJ25=\"CL7to8\"),INDEX('ER C8 FLT2'!$A$4:$J$640,MATCH($E25&$C25,'ER C8 FLT2'!$A$4:$A$640&'ER C8 FLT2'!$B$4:$B$640-2,1),7)),IF($H25=\"Class_7\",INDEX('ER C7 FLT2'!$A$4:$J$640,MATCH($E25&$C25,'ER C7 FLT2'!$A$4:$A$640&'ER C7 FLT2'!$B$4:$B$640-2,1),5)*IF($H25=\"Class_7\",INDEX('ER C7 FLT2'!$A$4:$J$640,MATCH($E25&$C25,'ER C7 FLT2'!$A$4:$A$640&'ER C7 FLT2'!$B$4:$B$640-2,1),7)),IF($H25=\"Class_6\",INDEX('ER C6 FLT2'!$A$4:$J$640,MATCH($E25&$C25,'ER C6 FLT2'!$A$4:$A$640&'ER C6 FLT2'!$B$4:$B$640-2,1),5)*IF($H25=\"Class_6\",INDEX('ER C6 FLT2'!$A$4:$J$640,MATCH($E25&$C25,'ER C6 FLT2'!$A$4:$A$640&'ER C6 FLT2'!$B$4:$B$640-2,1),7))))),IF($B25=\"1 Truck\",\nIF(OR($H25=\"Class_8\",$N25=\"Replacement8HHD\",$AH25=\"CL7HHD\",$AJ25=\"CL7to8\"),INDEX('ER C8 FLT1'!$A$4:$J$640,MATCH($E25&$C25,'ER C8 FLT1'!$A$4:$A$640&'ER C8 FLT1'!$B$4:$B$640-2,1),5)*IF(OR($H25=\"Class_8\",$N25=\"Replacement8HHD\",$AH25=\"CL7HHD\",$AJ25=\"CL7to8\"),INDEX('ER C8 FLT1'!$A$4:$J$640,MATCH($E25&$C25,'ER C8 FLT1'!$A$4:$A$640&'ER C8 FLT1'!$B$4:$B$640-2,1),7)),IF($H25=\"Class_7\",INDEX('ER C7 FLT1'!$A$4:$J$640,MATCH($E25&$C25,'ER C7 FLT1'!$A$4:$A$640&'ER C7 FLT1'!$B$4:$B$640-2,1),5)*IF($H25=\"Class_7\",INDEX('ER C7 FLT1'!$A$4:$J$640,MATCH($E25&$C25,'ER C7 FLT1'!$A$4:$A$640&'ER C7 FLT1'!$B$4:$B$640-2,1),7)),\nIF($H25=\"Class_6\",INDEX('ER C6 FLT1'!$A$4:$J$640,MATCH($E25&$C25,'ER C6 FLT1'!$A$4:$A$640&'ER C6 FLT1'!$B$4:$B$640-2,1),5)*IF($H25=\"Class_6\",INDEX('ER C6 FLT1'!$A$4:$J$640,MATCH($E25&$C25,'ER C6 FLT1'!$A$4:$A$640&'ER C6 FLT1'!$B$4:$B$640-2,1),7))))))))*IF($F25=\"Level 1 PM + Mark I NOx\",0.75,1)*($Q25/453.6)","v":0},{"$f":"IF($B25=\"3+ Trucks\",IF(OR($H25=\"Class_8\",$N25=\"Replacement8HHD\",$AH25=\"CL7HHD\",$AJ25=\"CL7to8\"),INDEX('ER C8 FLT3'!$A$4:$J$640,MATCH($E25&$C25,'ER C8 FLT3'!$A$4:$A$640&'ER C8 FLT3'!$B$4:$B$640-3,1),5)*IF(OR($H25=\"Class_8\",$N25=\"Replacement8HHD\",$AH25=\"CL7HHD\",$AJ25=\"CL7to8\"),INDEX('ER C8 FLT3'!$A$4:$J$640,MATCH($E25&$C25,'ER C8 FLT3'!$A$4:$A$640&'ER C8 FLT3'!$B$4:$B$640-3,1),7)),IF($H25=\"Class_7\",INDEX('ER C7 FLT3'!$A$4:$J$640,MATCH($E25&$C25,'ER C7 FLT3'!$A$4:$A$640&'ER C7 FLT3'!$B$4:$B$640-3,1),5)*IF($H25=\"Class_7\",INDEX('ER C7 FLT3'!$A$4:$J$640,MATCH($E25&$C25,'ER C7 FLT3'!$A$4:$A$640&'ER C7 FLT3'!$B$4:$B$640-3,1),7)),\nIF($H25=\"Class_6\",INDEX('ER C6 FLT3'!$A$4:$J$640,MATCH($E25&$C25,'ER C6 FLT3'!$A$4:$A$640&'ER C6 FLT3'!$B$4:$B$640-3,1),5)*IF($H25=\"Class_6\",INDEX('ER C6 FLT3'!$A$4:$L$640,MATCH($E25&$C25,'ER C6 FLT3'!$A$4:$A$640&'ER C6 FLT3'!$B$4:$B$640-3,1),7))))),IF($B25=\"2 Trucks\",IF(OR($H25=\"Class_8\",$N25=\"Replacement8HHD\",$AH25=\"CL7HHD\",$AJ25=\"CL7to8\"),INDEX('ER C8 FLT2'!$A$4:$J$640,MATCH($E25&$C25,'ER C8 FLT2'!$A$4:$A$640&'ER C8 FLT2'!$B$4:$B$640-3,1),5)*IF(OR($H25=\"Class_8\",$N25=\"Replacement8HHD\",$AH25=\"CL7HHD\",$AJ25=\"CL7to8\"),INDEX('ER C8 FLT2'!$A$4:$J$640,MATCH($E25&$C25,'ER C8 FLT2'!$A$4:$A$640&'ER C8 FLT2'!$B$4:$B$640-3,1),7)),IF($H25=\"Class_7\",INDEX('ER C7 FLT2'!$A$4:$J$640,MATCH($E25&$C25,'ER C7 FLT2'!$A$4:$A$640&'ER C7 FLT2'!$B$4:$B$640-3,1),5)*IF($H25=\"Class_7\",INDEX('ER C7 FLT2'!$A$4:$J$640,MATCH($E25&$C25,'ER C7 FLT2'!$A$4:$A$640&'ER C7 FLT2'!$B$4:$B$640-3,1),7)),IF($H25=\"Class_6\",INDEX('ER C6 FLT2'!$A$4:$J$640,MATCH($E25&$C25,'ER C6 FLT2'!$A$4:$A$640&'ER C6 FLT2'!$B$4:$B$640-3,1),5)*IF($H25=\"Class_6\",INDEX('ER C6 FLT2'!$A$4:$J$640,MATCH($E25&$C25,'ER C6 FLT2'!$A$4:$A$640&'ER C6 FLT2'!$B$4:$B$640-3,1),7))))),IF($B25=\"1 Truck\",\nIF(OR($H25=\"Class_8\",$N25=\"Replacement8HHD\",$AH25=\"CL7HHD\",$AJ25=\"CL7to8\"),INDEX('ER C8 FLT1'!$A$4:$J$640,MATCH($E25&$C25,'ER C8 FLT1'!$A$4:$A$640&'ER C8 FLT1'!$B$4:$B$640-3,1),5)*IF(OR($H25=\"Class_8\",$N25=\"Replacement8HHD\",$AH25=\"CL7HHD\",$AJ25=\"CL7to8\"),INDEX('ER C8 FLT1'!$A$4:$J$640,MATCH($E25&$C25,'ER C8 FLT1'!$A$4:$A$640&'ER C8 FLT1'!$B$4:$B$640-3,1),7)),IF($H25=\"Class_7\",INDEX('ER C7 FLT1'!$A$4:$J$640,MATCH($E25&$C25,'ER C7 FLT1'!$A$4:$A$640&'ER C7 FLT1'!$B$4:$B$640-3,1),5)*IF($H25=\"Class_7\",INDEX('ER C7 FLT1'!$A$4:$J$640,MATCH($E25&$C25,'ER C7 FLT1'!$A$4:$A$640&'ER C7 FLT1'!$B$4:$B$640-3,1),7)),\nIF($H25=\"Class_6\",INDEX('ER C6 FLT1'!$A$4:$J$640,MATCH($E25&$C25,'ER C6 FLT1'!$A$4:$A$640&'ER C6 FLT1'!$B$4:$B$640-3,1),5)*IF($H25=\"Class_6\",INDEX('ER C6 FLT1'!$A$4:$J$640,MATCH($E25&$C25,'ER C6 FLT1'!$A$4:$A$640&'ER C6 FLT1'!$B$4:$B$640-3,1),7))))))))*IF($F25=\"Level 1 PM + Mark I NOx\",0.75,1)*($Q25/453.6)","v":0},{"$f":"IF($B25=\"3+ Trucks\",IF(OR($H25=\"Class_8\",$N25=\"Replacement8HHD\",$AH25=\"CL7HHD\",$AJ25=\"CL7to8\"),INDEX('ER C8 FLT3'!$A$4:$J$640,MATCH($E25&$C25,'ER C8 FLT3'!$A$4:$A$640&'ER C8 FLT3'!$B$4:$B$640-4,1),5)*IF(OR($H25=\"Class_8\",$N25=\"Replacement8HHD\",$AH25=\"CL7HHD\",$AJ25=\"CL7to8\"),INDEX('ER C8 FLT3'!$A$4:$J$640,MATCH($E25&$C25,'ER C8 FLT3'!$A$4:$A$640&'ER C8 FLT3'!$B$4:$B$640-4,1),7)),IF($H25=\"Class_7\",INDEX('ER C7 FLT3'!$A$4:$J$640,MATCH($E25&$C25,'ER C7 FLT3'!$A$4:$A$640&'ER C7 FLT3'!$B$4:$B$640-4,1),5)*IF($H25=\"Class_7\",INDEX('ER C7 FLT3'!$A$4:$J$640,MATCH($E25&$C25,'ER C7 FLT3'!$A$4:$A$640&'ER C7 FLT3'!$B$4:$B$640-4,1),7)),\nIF($H25=\"Class_6\",INDEX('ER C6 FLT3'!$A$4:$J$640,MATCH($E25&$C25,'ER C6 FLT3'!$A$4:$A$640&'ER C6 FLT3'!$B$4:$B$640-4,1),5)*IF($H25=\"Class_6\",INDEX('ER C6 FLT3'!$A$4:$L$640,MATCH($E25&$C25,'ER C6 FLT3'!$A$4:$A$640&'ER C6 FLT3'!$B$4:$B$640-4,1),7))))),IF($B25=\"2 Trucks\",IF(OR($H25=\"Class_8\",$N25=\"Replacement8HHD\",$AH25=\"CL7HHD\",$AJ25=\"CL7to8\"),INDEX('ER C8 FLT2'!$A$4:$J$640,MATCH($E25&$C25,'ER C8 FLT2'!$A$4:$A$640&'ER C8 FLT2'!$B$4:$B$640-4,1),5)*IF(OR($H25=\"Class_8\",$N25=\"Replacement8HHD\",$AH25=\"CL7HHD\",$AJ25=\"CL7to8\"),INDEX('ER C8 FLT2'!$A$4:$J$640,MATCH($E25&$C25,'ER C8 FLT2'!$A$4:$A$640&'ER C8 FLT2'!$B$4:$B$640-4,1),7)),IF($H25=\"Class_7\",INDEX('ER C7 FLT2'!$A$4:$J$640,MATCH($E25&$C25,'ER C7 FLT2'!$A$4:$A$640&'ER C7 FLT2'!$B$4:$B$640-4,1),5)*IF($H25=\"Class_7\",INDEX('ER C7 FLT2'!$A$4:$J$640,MATCH($E25&$C25,'ER C7 FLT2'!$A$4:$A$640&'ER C7 FLT2'!$B$4:$B$640-4,1),7)),IF($H25=\"Class_6\",INDEX('ER C6 FLT2'!$A$4:$J$640,MATCH($E25&$C25,'ER C6 FLT2'!$A$4:$A$640&'ER C6 FLT2'!$B$4:$B$640-4,1),5)*IF($H25=\"Class_6\",INDEX('ER C6 FLT2'!$A$4:$J$640,MATCH($E25&$C25,'ER C6 FLT2'!$A$4:$A$640&'ER C6 FLT2'!$B$4:$B$640-4,1),7))))),IF($B25=\"1 Truck\",\nIF(OR($H25=\"Class_8\",$N25=\"Replacement8HHD\",$AH25=\"CL7HHD\",$AJ25=\"CL7to8\"),INDEX('ER C8 FLT1'!$A$4:$J$640,MATCH($E25&$C25,'ER C8 FLT1'!$A$4:$A$640&'ER C8 FLT1'!$B$4:$B$640-4,1),5)*IF(OR($H25=\"Class_8\",$N25=\"Replacement8HHD\",$AH25=\"CL7HHD\",$AJ25=\"CL7to8\"),INDEX('ER C8 FLT1'!$A$4:$J$640,MATCH($E25&$C25,'ER C8 FLT1'!$A$4:$A$640&'ER C8 FLT1'!$B$4:$B$640-4,1),7)),IF($H25=\"Class_7\",INDEX('ER C7 FLT1'!$A$4:$J$640,MATCH($E25&$C25,'ER C7 FLT1'!$A$4:$A$640&'ER C7 FLT1'!$B$4:$B$640-4,1),5)*IF($H25=\"Class_7\",INDEX('ER C7 FLT1'!$A$4:$J$640,MATCH($E25&$C25,'ER C7 FLT1'!$A$4:$A$640&'ER C7 FLT1'!$B$4:$B$640-4,1),7)),\nIF($H25=\"Class_6\",INDEX('ER C6 FLT1'!$A$4:$J$640,MATCH($E25&$C25,'ER C6 FLT1'!$A$4:$A$640&'ER C6 FLT1'!$B$4:$B$640-4,1),5)*IF($H25=\"Class_6\",INDEX('ER C6 FLT1'!$A$4:$J$640,MATCH($E25&$C25,'ER C6 FLT1'!$A$4:$A$640&'ER C6 FLT1'!$B$4:$B$640-4,1),7))))))))*IF($F25=\"Level 1 PM + Mark I NOx\",0.75,1)*($Q25/453.6)","v":0},{"$f":"IF($B25=\"3+ Trucks\",IF(OR($H25=\"Class_8\",$N25=\"Replacement8HHD\",$AH25=\"CL7HHD\",$AJ25=\"CL7to8\"),INDEX('ER C8 FLT3'!$A$4:$J$640,MATCH($E25&$C25,'ER C8 FLT3'!$A$4:$A$640&'ER C8 FLT3'!$B$4:$B$640,1),5),IF($H25=\"Class_7\",INDEX('ER C7 FLT3'!$A$4:$J$640,MATCH($E25&$C25,'ER C7 FLT3'!$A$4:$A$640&'ER C7 FLT3'!$B$4:$B$640,1),5),IF($H25=\"Class_6\",INDEX('ER C6 FLT3'!$A$4:$J$640,MATCH($E25&$C25,'ER C6 FLT3'!$A$4:$A$640&'ER C6 FLT3'!$B$4:$B$640,1),5)))),IF($B25=\"2 Trucks\",IF(OR($H25=\"Class_8\",$N25=\"Replacement8HHD\",$AH25=\"CL7HHD\",$AJ25=\"CL7to8\"),INDEX('ER C8 FLT2'!$A$4:$J$640,MATCH($E25&$C25,'ER C8 FLT2'!$A$4:$A$640&'ER C8 FLT2'!$B$4:$B$640,1),5),IF($H25=\"Class_7\",INDEX('ER C7 FLT2'!$A$4:$J$640,MATCH($E25&$C25,'ER C7 FLT2'!$A$4:$A$640&'ER C7 FLT2'!$B$4:$B$640,1),5),IF($H25=\"Class_6\",INDEX('ER C6 FLT2'!$A$4:$J$640,MATCH($E25&$C25,'ER C6 FLT2'!$A$4:$A$640&'ER C6 FLT2'!$B$4:$B$640,1),5)))),IF($B25=\"1 Truck\",IF(OR($H25=\"Class_8\",$N25=\"Replacement8HHD\",$AH25=\"CL7HHD\",$AJ25=\"CL7to8\"),INDEX('ER C8 FLT1'!$A$4:$J$640,MATCH($E25&$C25,'ER C8 FLT1'!$A$4:$A$640&'ER C8 FLT1'!$B$4:$B$640,1),5),IF($H25=\"Class_7\",INDEX('ER C7 FLT1'!$A$4:$J$640,MATCH($E25&$C25,'ER C7 FLT1'!$A$4:$A$640&'ER C7 FLT1'!$B$4:$B$640,1),5),IF($H25=\"Class_6\",INDEX('ER C6 FLT1'!$A$4:$J$640,MATCH($E25&$C25,'ER C6 FLT1'!$A$4:$A$640&'ER C6 FLT1'!$B$4:$B$640,1),5)))))))","v":false},{"$f":"IF($B25=\"3+ Trucks\",IF(OR($H25=\"Class_8\",$N25=\"Replacement8HHD\",$AH25=\"CL7HHD\",$AJ25=\"CL7to8\"),INDEX('ER C8 FLT3'!$A$4:$J$640,MATCH($E25&$C25,'ER C8 FLT3'!$A$4:$A$640&'ER C8 FLT3'!$B$4:$B$640-1,1),5),IF($H25=\"Class_7\",INDEX('ER C7 FLT3'!$A$4:$J$640,MATCH($E25&$C25,'ER C7 FLT3'!$A$4:$A$640&'ER C7 FLT3'!$B$4:$B$640-1,1),5),IF($H25=\"Class_6\",INDEX('ER C6 FLT3'!$A$4:$J$640,MATCH($E25&$C25,'ER C6 FLT3'!$A$4:$A$640&'ER C6 FLT3'!$B$4:$B$640-1,1),5)))),IF($B25=\"2 Trucks\",IF(OR($H25=\"Class_8\",$N25=\"Replacement8HHD\",$AH25=\"CL7HHD\",$AJ25=\"CL7to8\"),INDEX('ER C8 FLT2'!$A$4:$J$640,MATCH($E25&$C25,'ER C8 FLT2'!$A$4:$A$640&'ER C8 FLT2'!$B$4:$B$640-1,1),5),IF($H25=\"Class_7\",INDEX('ER C7 FLT2'!$A$4:$J$640,MATCH($E25&$C25,'ER C7 FLT2'!$A$4:$A$640&'ER C7 FLT2'!$B$4:$B$640-1,1),5),IF($H25=\"Class_6\",INDEX('ER C6 FLT2'!$A$4:$J$640,MATCH($E25&$C25,'ER C6 FLT2'!$A$4:$A$640&'ER C6 FLT2'!$B$4:$B$640-1,1),5)))),IF($B25=\"1 Truck\",IF(OR($H25=\"Class_8\",$N25=\"Replacement8HHD\",$AH25=\"CL7HHD\",$AJ25=\"CL7to8\"),INDEX('ER C8 FLT1'!$A$4:$J$640,MATCH($E25&$C25,'ER C8 FLT1'!$A$4:$A$640&'ER C8 FLT1'!$B$4:$B$640-1,1),5),IF($H25=\"Class_7\",INDEX('ER C7 FLT1'!$A$4:$J$640,MATCH($E25&$C25,'ER C7 FLT1'!$A$4:$A$640&'ER C7 FLT1'!$B$4:$B$640-1,1),5),IF($H25=\"Class_6\",INDEX('ER C6 FLT1'!$A$4:$J$640,MATCH($E25&$C25,'ER C6 FLT1'!$A$4:$A$640&'ER C6 FLT1'!$B$4:$B$640-1,1),5)))))))","v":false},{"$f":"IF($B25=\"3+ Trucks\",IF(OR($H25=\"Class_8\",$N25=\"Replacement8HHD\",$AH25=\"CL7HHD\",$AJ25=\"CL7to8\"),INDEX('ER C8 FLT3'!$A$4:$J$640,MATCH($E25&$C25,'ER C8 FLT3'!$A$4:$A$640&'ER C8 FLT3'!$B$4:$B$640-2,1),5),IF($H25=\"Class_7\",INDEX('ER C7 FLT3'!$A$4:$J$640,MATCH($E25&$C25,'ER C7 FLT3'!$A$4:$A$640&'ER C7 FLT3'!$B$4:$B$640-2,1),5),IF($H25=\"Class_6\",INDEX('ER C6 FLT3'!$A$4:$J$640,MATCH($E25&$C25,'ER C6 FLT3'!$A$4:$A$640&'ER C6 FLT3'!$B$4:$B$640-2,1),5)))),IF($B25=\"2 Trucks\",IF(OR($H25=\"Class_8\",$N25=\"Replacement8HHD\",$AH25=\"CL7HHD\",$AJ25=\"CL7to8\"),INDEX('ER C8 FLT2'!$A$4:$J$640,MATCH($E25&$C25,'ER C8 FLT2'!$A$4:$A$640&'ER C8 FLT2'!$B$4:$B$640-2,1),5),IF($H25=\"Class_7\",INDEX('ER C7 FLT2'!$A$4:$J$640,MATCH($E25&$C25,'ER C7 FLT2'!$A$4:$A$640&'ER C7 FLT2'!$B$4:$B$640-2,1),5),IF($H25=\"Class_6\",INDEX('ER C6 FLT2'!$A$4:$J$640,MATCH($E25&$C25,'ER C6 FLT2'!$A$4:$A$640&'ER C6 FLT2'!$B$4:$B$640-2,1),5)))),IF($B25=\"1 Truck\",IF(OR($H25=\"Class_8\",$N25=\"Replacement8HHD\",$AH25=\"CL7HHD\",$AJ25=\"CL7to8\"),INDEX('ER C8 FLT1'!$A$4:$J$640,MATCH($E25&$C25,'ER C8 FLT1'!$A$4:$A$640&'ER C8 FLT1'!$B$4:$B$640-2,1),5),IF($H25=\"Class_7\",INDEX('ER C7 FLT1'!$A$4:$J$640,MATCH($E25&$C25,'ER C7 FLT1'!$A$4:$A$640&'ER C7 FLT1'!$B$4:$B$640-2,1),5),IF($H25=\"Class_6\",INDEX('ER C6 FLT1'!$A$4:$J$640,MATCH($E25&$C25,'ER C6 FLT1'!$A$4:$A$640&'ER C6 FLT1'!$B$4:$B$640-2,1),5)))))))","v":false},{"$f":"IF($B25=\"3+ Trucks\",IF(OR($H25=\"Class_8\",$N25=\"Replacement8HHD\",$AH25=\"CL7HHD\",$AJ25=\"CL7to8\"),INDEX('ER C8 FLT3'!$A$4:$J$640,MATCH($E25&$C25,'ER C8 FLT3'!$A$4:$A$640&'ER C8 FLT3'!$B$4:$B$640-3,1),5),IF($H25=\"Class_7\",INDEX('ER C7 FLT3'!$A$4:$J$640,MATCH($E25&$C25,'ER C7 FLT3'!$A$4:$A$640&'ER C7 FLT3'!$B$4:$B$640-3,1),5),IF($H25=\"Class_6\",INDEX('ER C6 FLT3'!$A$4:$J$640,MATCH($E25&$C25,'ER C6 FLT3'!$A$4:$A$640&'ER C6 FLT3'!$B$4:$B$640-3,1),5)))),IF($B25=\"2 Trucks\",IF(OR($H25=\"Class_8\",$N25=\"Replacement8HHD\",$AH25=\"CL7HHD\",$AJ25=\"CL7to8\"),INDEX('ER C8 FLT2'!$A$4:$J$640,MATCH($E25&$C25,'ER C8 FLT2'!$A$4:$A$640&'ER C8 FLT2'!$B$4:$B$640-3,1),5),IF($H25=\"Class_7\",INDEX('ER C7 FLT2'!$A$4:$J$640,MATCH($E25&$C25,'ER C7 FLT2'!$A$4:$A$640&'ER C7 FLT2'!$B$4:$B$640-3,1),5),IF($H25=\"Class_6\",INDEX('ER C6 FLT2'!$A$4:$J$640,MATCH($E25&$C25,'ER C6 FLT2'!$A$4:$A$640&'ER C6 FLT2'!$B$4:$B$640-3,1),5)))),IF($B25=\"1 Truck\",IF(OR($H25=\"Class_8\",$N25=\"Replacement8HHD\",$AH25=\"CL7HHD\",$AJ25=\"CL7to8\"),INDEX('ER C8 FLT1'!$A$4:$J$640,MATCH($E25&$C25,'ER C8 FLT1'!$A$4:$A$640&'ER C8 FLT1'!$B$4:$B$640-3,1),5),IF($H25=\"Class_7\",INDEX('ER C7 FLT1'!$A$4:$J$640,MATCH($E25&$C25,'ER C7 FLT1'!$A$4:$A$640&'ER C7 FLT1'!$B$4:$B$640-3,1),5),IF($H25=\"Class_6\",INDEX('ER C6 FLT1'!$A$4:$J$640,MATCH($E25&$C25,'ER C6 FLT1'!$A$4:$A$640&'ER C6 FLT1'!$B$4:$B$640-3,1),5)))))))","v":false},{"$f":"IF($B25=\"3+ Trucks\",IF(OR($H25=\"Class_8\",$N25=\"Replacement8HHD\",$AH25=\"CL7HHD\",$AJ25=\"CL7to8\"),INDEX('ER C8 FLT3'!$A$4:$J$640,MATCH($E25&$C25,'ER C8 FLT3'!$A$4:$A$640&'ER C8 FLT3'!$B$4:$B$640-4,1),5),IF($H25=\"Class_7\",INDEX('ER C7 FLT3'!$A$4:$J$640,MATCH($E25&$C25,'ER C7 FLT3'!$A$4:$A$640&'ER C7 FLT3'!$B$4:$B$640-4,1),5),IF($H25=\"Class_6\",INDEX('ER C6 FLT3'!$A$4:$J$640,MATCH($E25&$C25,'ER C6 FLT3'!$A$4:$A$640&'ER C6 FLT3'!$B$4:$B$640-4,1),5)))),IF($B25=\"2 Trucks\",IF(OR($H25=\"Class_8\",$N25=\"Replacement8HHD\",$AH25=\"CL7HHD\",$AJ25=\"CL7to8\"),INDEX('ER C8 FLT2'!$A$4:$J$640,MATCH($E25&$C25,'ER C8 FLT2'!$A$4:$A$640&'ER C8 FLT2'!$B$4:$B$640-4,1),5),IF($H25=\"Class_7\",INDEX('ER C7 FLT2'!$A$4:$J$640,MATCH($E25&$C25,'ER C7 FLT2'!$A$4:$A$640&'ER C7 FLT2'!$B$4:$B$640-4,1),5),IF($H25=\"Class_6\",INDEX('ER C6 FLT2'!$A$4:$J$640,MATCH($E25&$C25,'ER C6 FLT2'!$A$4:$A$640&'ER C6 FLT2'!$B$4:$B$640-4,1),5)))),IF($B25=\"1 Truck\",IF(OR($H25=\"Class_8\",$N25=\"Replacement8HHD\",$AH25=\"CL7HHD\",$AJ25=\"CL7to8\"),INDEX('ER C8 FLT1'!$A$4:$J$640,MATCH($E25&$C25,'ER C8 FLT1'!$A$4:$A$640&'ER C8 FLT1'!$B$4:$B$640-4,1),5),IF($H25=\"Class_7\",INDEX('ER C7 FLT1'!$A$4:$J$640,MATCH($E25&$C25,'ER C7 FLT1'!$A$4:$A$640&'ER C7 FLT1'!$B$4:$B$640-4,1),5),IF($H25=\"Class_6\",INDEX('ER C6 FLT1'!$A$4:$J$640,MATCH($E25&$C25,'ER C6 FLT1'!$A$4:$A$640&'ER C6 FLT1'!$B$4:$B$640-4,1),5)))))))","v":false},{"$f":"IF(OR($R25=\"Diesel\",$R25=\"LNG/CNG\",$R25=\"Hybrid\",$R25=\"Electric w/ AB-118\"),IF($B25=\"3+ Trucks\",IF(OR($O25=\"Class_8\",$N25=\"Replacement8HHD\",$AI25=\"CL7HHD\"),INDEX('ER C8 FLT3'!$A$4:$J$640,MATCH(DropData!$J65&$C25,'ER C8 FLT3'!$A$4:$A$640&'ER C8 FLT3'!$B$4:$B$640,1),5)*IF(OR($O25=\"Class_8\",$N25=\"Replacement8HHD\",$AI25=\"CL7HHD\"),INDEX('ER C8 FLT3'!$A$4:$J$640,MATCH(DropData!$J65&$C25,'ER C8 FLT3'!$A$4:$A$640&'ER C8 FLT3'!$B$4:$B$640,1),7)),IF($O25=\"Class_7\",INDEX('ER C7 FLT3'!$A$4:$J$640,MATCH(DropData!$J65&$C25,'ER C7 FLT3'!$A$4:$A$640&'ER C7 FLT3'!$B$4:$B$640,1),5)*IF($O25=\"Class_7\",INDEX('ER C7 FLT3'!$A$4:$J$640,MATCH(DropData!$J65&$C25,'ER C7 FLT3'!$A$4:$A$640&'ER C7 FLT3'!$B$4:$B$640,1),7)),IF($O25=\"Class_6\",INDEX('ER C6 FLT3'!$A$4:$J$640,MATCH(DropData!$J65&$C25,'ER C6 FLT3'!$A$4:$A$640&'ER C6 FLT3'!$B$4:$B$640,1),5)*IF($O25=\"Class_6\",INDEX('ER C6 FLT3'!$A$4:$J$640,MATCH(DropData!$J65&$C25,'ER C6 FLT3'!$A$4:$A$640&'ER C6 FLT3'!$B$4:$B$640,1),7))))),IF($B25=\"2 Trucks\",IF(OR($O25=\"Class_8\",$N25=\"Replacement8HHD\",$AI25=\"CL7HHD\"),INDEX('ER C8 FLT2'!$A$4:$J$640,MATCH(DropData!$J65&$C25,'ER C8 FLT2'!$A$4:$A$640&'ER C8 FLT2'!$B$4:$B$640,1),5)*IF(OR($O25=\"Class_8\",$N25=\"Replacement8HHD\",$AI25=\"CL7HHD\"),INDEX('ER C8 FLT2'!$A$4:$J$640,MATCH(DropData!$J65&$C25,'ER C8 FLT2'!$A$4:$A$640&'ER C8 FLT2'!$B$4:$B$640,1),7)),IF($O25=\"Class_7\",INDEX('ER C7 FLT2'!$A$4:$J$640,MATCH(DropData!$J65&$C25,'ER C7 FLT2'!$A$4:$A$640&'ER C7 FLT2'!$B$4:$B$640,1),5)*IF($O25=\"Class_7\",INDEX('ER C7 FLT2'!$A$4:$J$640,MATCH(DropData!$J65&$C25,'ER C7 FLT2'!$A$4:$A$640&'ER C7 FLT2'!$B$4:$B$640,1),7)),IF($O25=\"Class_6\",INDEX('ER C6 FLT2'!$A$4:$J$640,MATCH(DropData!$J65&$C25,'ER C6 FLT2'!$A$4:$A$640&'ER C6 FLT2'!$B$4:$B$640,1),5)*IF($O25=\"Class_6\",INDEX('ER C6 FLT2'!$A$4:$J$640,MATCH(DropData!$J65&$C25,'ER C6 FLT2'!$A$4:$A$640&'ER C6 FLT2'!$B$4:$B$640,1),7))))),IF($B25=\"1 Truck\",IF(OR($O25=\"Class_8\",$N25=\"Replacement8HHD\",$AI25=\"CL7HHD\"),INDEX('ER C8 FLT1'!$A$4:$J$640,MATCH(DropData!$J65&$C25,'ER C8 FLT1'!$A$4:$A$640&'ER C8 FLT1'!$B$4:$B$640,1),5)*IF(OR($O25=\"Class_8\",$N25=\"Replacement8HHD\",$AI25=\"CL7HHD\"),INDEX('ER C8 FLT1'!$A$4:$J$640,MATCH(DropData!$J65&$C25,'ER C8 FLT1'!$A$4:$A$640&'ER C8 FLT1'!$B$4:$B$640,1),7)),IF($O25=\"Class_7\",INDEX('ER C7 FLT1'!$A$4:$J$640,MATCH(DropData!$J65&$C25,'ER C7 FLT1'!$A$4:$A$640&'ER C7 FLT1'!$B$4:$B$640,1),5)*IF($O25=\"Class_7\",INDEX('ER C7 FLT1'!$A$4:$J$640,MATCH(DropData!$J65&$C25,'ER C7 FLT1'!$A$4:$A$640&'ER C7 FLT1'!$B$4:$B$640,1),7)),IF($O25=\"Class_6\",INDEX('ER C6 FLT1'!$A$4:$J$640,MATCH(DropData!$J65&$C25,'ER C6 FLT1'!$A$4:$A$640&'ER C6 FLT1'!$B$4:$B$640,1),5)*IF($O25=\"Class_6\",INDEX('ER C6 FLT1'!$A$4:$J$640,MATCH(DropData!$J65&$C25,'ER C6 FLT1'!$A$4:$A$640&'ER C6 FLT1'!$B$4:$B$640,1),7)))))))),IF($R25=\"Electric\",INDEX('ER Electric'!$A$6:$E$44,MATCH($C25&$O25,'ER Electric'!$A$6:$A$44&'ER Electric'!$B$6:$B$44,1),4)))*(($Q25+$AC25)/453.6)","v":0},{"$f":"IF(OR($R25=\"Diesel\",$R25=\"LNG/CNG\",$R25=\"Hybrid\",$R25=\"Electric w/ AB-118\"),IF($B25=\"3+ Trucks\",IF(OR($O25=\"Class_8\",$N25=\"Replacement8HHD\",$AI25=\"CL7HHD\"),INDEX('ER C8 FLT3'!$A$4:$J$640,MATCH(DropData!$J65&$C25,'ER C8 FLT3'!$A$4:$A$640&'ER C8 FLT3'!$B$4:$B$640-1,1),5)*IF(OR($O25=\"Class_8\",$N25=\"Replacement8HHD\",$AI25=\"CL7HHD\"),INDEX('ER C8 FLT3'!$A$4:$J$640,MATCH(DropData!$J65&$C25,'ER C8 FLT3'!$A$4:$A$640&'ER C8 FLT3'!$B$4:$B$640-1,1),7)),IF($O25=\"Class_7\",INDEX('ER C7 FLT3'!$A$4:$J$640,MATCH(DropData!$J65&$C25,'ER C7 FLT3'!$A$4:$A$640&'ER C7 FLT3'!$B$4:$B$640-1,1),5)*IF($O25=\"Class_7\",INDEX('ER C7 FLT3'!$A$4:$J$640,MATCH(DropData!$J65&$C25,'ER C7 FLT3'!$A$4:$A$640&'ER C7 FLT3'!$B$4:$B$640-1,1),7)),IF($O25=\"Class_6\",INDEX('ER C6 FLT3'!$A$4:$J$640,MATCH(DropData!$J65&$C25,'ER C6 FLT3'!$A$4:$A$640&'ER C6 FLT3'!$B$4:$B$640-1,1),5)*IF($O25=\"Class_6\",INDEX('ER C6 FLT3'!$A$4:$J$640,MATCH(DropData!$J65&$C25,'ER C6 FLT3'!$A$4:$A$640&'ER C6 FLT3'!$B$4:$B$640-1,1),7))))),IF($B25=\"2 Trucks\",IF(OR($O25=\"Class_8\",$N25=\"Replacement8HHD\",$AI25=\"CL7HHD\"),INDEX('ER C8 FLT2'!$A$4:$J$640,MATCH(DropData!$J65&$C25,'ER C8 FLT2'!$A$4:$A$640&'ER C8 FLT2'!$B$4:$B$640-1,1),5)*IF(OR($O25=\"Class_8\",$N25=\"Replacement8HHD\",$AI25=\"CL7HHD\"),INDEX('ER C8 FLT2'!$A$4:$J$640,MATCH(DropData!$J65&$C25,'ER C8 FLT2'!$A$4:$A$640&'ER C8 FLT2'!$B$4:$B$640-1,1),7)),IF($O25=\"Class_7\",INDEX('ER C7 FLT2'!$A$4:$J$640,MATCH(DropData!$J65&$C25,'ER C7 FLT2'!$A$4:$A$640&'ER C7 FLT2'!$B$4:$B$640-1,1),5)*IF($O25=\"Class_7\",INDEX('ER C7 FLT2'!$A$4:$J$640,MATCH(DropData!$J65&$C25,'ER C7 FLT2'!$A$4:$A$640&'ER C7 FLT2'!$B$4:$B$640-1,1),7)),IF($O25=\"Class_6\",INDEX('ER C6 FLT2'!$A$4:$J$640,MATCH(DropData!$J65&$C25,'ER C6 FLT2'!$A$4:$A$640&'ER C6 FLT2'!$B$4:$B$640-1,1),5)*IF($O25=\"Class_6\",INDEX('ER C6 FLT2'!$A$4:$J$640,MATCH(DropData!$J65&$C25,'ER C6 FLT2'!$A$4:$A$640&'ER C6 FLT2'!$B$4:$B$640-1,1),7))))),IF($B25=\"1 Truck\",IF(OR($O25=\"Class_8\",$N25=\"Replacement8HHD\",$AI25=\"CL7HHD\"),INDEX('ER C8 FLT1'!$A$4:$J$640,MATCH(DropData!$J65&$C25,'ER C8 FLT1'!$A$4:$A$640&'ER C8 FLT1'!$B$4:$B$640-1,1),5)*IF(OR($O25=\"Class_8\",$N25=\"Replacement8HHD\",$AI25=\"CL7HHD\"),INDEX('ER C8 FLT1'!$A$4:$J$640,MATCH(DropData!$J65&$C25,'ER C8 FLT1'!$A$4:$A$640&'ER C8 FLT1'!$B$4:$B$640-1,1),7)),IF($O25=\"Class_7\",INDEX('ER C7 FLT1'!$A$4:$J$640,MATCH(DropData!$J65&$C25,'ER C7 FLT1'!$A$4:$A$640&'ER C7 FLT1'!$B$4:$B$640-1,1),5)*IF($O25=\"Class_7\",INDEX('ER C7 FLT1'!$A$4:$J$640,MATCH(DropData!$J65&$C25,'ER C7 FLT1'!$A$4:$A$640&'ER C7 FLT1'!$B$4:$B$640-1,1),7)),IF($O25=\"Class_6\",INDEX('ER C6 FLT1'!$A$4:$J$640,MATCH(DropData!$J65&$C25,'ER C6 FLT1'!$A$4:$A$640&'ER C6 FLT1'!$B$4:$B$640-1,1),5)*IF($O25=\"Class_6\",INDEX('ER C6 FLT1'!$A$4:$J$640,MATCH(DropData!$J65&$C25,'ER C6 FLT1'!$A$4:$A$640&'ER C6 FLT1'!$B$4:$B$640-1,1),7)))))))),IF($R25=\"Electric\",OFFSET(INDEX('ER Electric'!$A$6:$E$44,MATCH($C25&$O25,'ER Electric'!$A$6:$A$44&'ER Electric'!$B$6:$B$44,1),4),3,0)))*(($Q25+$AC25)/453.6)","v":0},{"$f":"IF(OR($R25=\"Diesel\",$R25=\"LNG/CNG\",$R25=\"Hybrid\",$R25=\"Electric w/ AB-118\"),IF($B25=\"3+ Trucks\",IF(OR($O25=\"Class_8\",$N25=\"Replacement8HHD\",$AI25=\"CL7HHD\"),INDEX('ER C8 FLT3'!$A$4:$J$640,MATCH(DropData!$J65&$C25,'ER C8 FLT3'!$A$4:$A$640&'ER C8 FLT3'!$B$4:$B$640-2,1),5)*IF(OR($O25=\"Class_8\",$N25=\"Replacement8HHD\",$AI25=\"CL7HHD\"),INDEX('ER C8 FLT3'!$A$4:$J$640,MATCH(DropData!$J65&$C25,'ER C8 FLT3'!$A$4:$A$640&'ER C8 FLT3'!$B$4:$B$640-2,1),7)),IF($O25=\"Class_7\",INDEX('ER C7 FLT3'!$A$4:$J$640,MATCH(DropData!$J65&$C25,'ER C7 FLT3'!$A$4:$A$640&'ER C7 FLT3'!$B$4:$B$640-2,1),5)*IF($O25=\"Class_7\",INDEX('ER C7 FLT3'!$A$4:$J$640,MATCH(DropData!$J65&$C25,'ER C7 FLT3'!$A$4:$A$640&'ER C7 FLT3'!$B$4:$B$640-2,1),7)),IF($O25=\"Class_6\",INDEX('ER C6 FLT3'!$A$4:$J$640,MATCH(DropData!$J65&$C25,'ER C6 FLT3'!$A$4:$A$640&'ER C6 FLT3'!$B$4:$B$640-2,1),5)*IF($O25=\"Class_6\",INDEX('ER C6 FLT3'!$A$4:$J$640,MATCH(DropData!$J65&$C25,'ER C6 FLT3'!$A$4:$A$640&'ER C6 FLT3'!$B$4:$B$640-2,1),7))))),IF($B25=\"2 Trucks\",IF(OR($O25=\"Class_8\",$N25=\"Replacement8HHD\",$AI25=\"CL7HHD\"),INDEX('ER C8 FLT2'!$A$4:$J$640,MATCH(DropData!$J65&$C25,'ER C8 FLT2'!$A$4:$A$640&'ER C8 FLT2'!$B$4:$B$640-2,1),5)*IF(OR($O25=\"Class_8\",$N25=\"Replacement8HHD\",$AI25=\"CL7HHD\"),INDEX('ER C8 FLT2'!$A$4:$J$640,MATCH(DropData!$J65&$C25,'ER C8 FLT2'!$A$4:$A$640&'ER C8 FLT2'!$B$4:$B$640-2,1),7)),IF($O25=\"Class_7\",INDEX('ER C7 FLT2'!$A$4:$J$640,MATCH(DropData!$J65&$C25,'ER C7 FLT2'!$A$4:$A$640&'ER C7 FLT2'!$B$4:$B$640-2,1),5)*IF($O25=\"Class_7\",INDEX('ER C7 FLT2'!$A$4:$J$640,MATCH(DropData!$J65&$C25,'ER C7 FLT2'!$A$4:$A$640&'ER C7 FLT2'!$B$4:$B$640-2,1),7)),IF($O25=\"Class_6\",INDEX('ER C6 FLT2'!$A$4:$J$640,MATCH(DropData!$J65&$C25,'ER C6 FLT2'!$A$4:$A$640&'ER C6 FLT2'!$B$4:$B$640-2,1),5)*IF($O25=\"Class_6\",INDEX('ER C6 FLT2'!$A$4:$J$640,MATCH(DropData!$J65&$C25,'ER C6 FLT2'!$A$4:$A$640&'ER C6 FLT2'!$B$4:$B$640-2,1),7))))),IF($B25=\"1 Truck\",IF(OR($O25=\"Class_8\",$N25=\"Replacement8HHD\",$AI25=\"CL7HHD\"),INDEX('ER C8 FLT1'!$A$4:$J$640,MATCH(DropData!$J65&$C25,'ER C8 FLT1'!$A$4:$A$640&'ER C8 FLT1'!$B$4:$B$640-2,1),5)*IF(OR($O25=\"Class_8\",$N25=\"Replacement8HHD\",$AI25=\"CL7HHD\"),INDEX('ER C8 FLT1'!$A$4:$J$640,MATCH(DropData!$J65&$C25,'ER C8 FLT1'!$A$4:$A$640&'ER C8 FLT1'!$B$4:$B$640-2,1),7)),IF($O25=\"Class_7\",INDEX('ER C7 FLT1'!$A$4:$J$640,MATCH(DropData!$J65&$C25,'ER C7 FLT1'!$A$4:$A$640&'ER C7 FLT1'!$B$4:$B$640-2,1),5)*IF($O25=\"Class_7\",INDEX('ER C7 FLT1'!$A$4:$J$640,MATCH(DropData!$J65&$C25,'ER C7 FLT1'!$A$4:$A$640&'ER C7 FLT1'!$B$4:$B$640-2,1),7)),IF($O25=\"Class_6\",INDEX('ER C6 FLT1'!$A$4:$J$640,MATCH(DropData!$J65&$C25,'ER C6 FLT1'!$A$4:$A$640&'ER C6 FLT1'!$B$4:$B$640-2,1),5)*IF($O25=\"Class_6\",INDEX('ER C6 FLT1'!$A$4:$J$640,MATCH(DropData!$J65&$C25,'ER C6 FLT1'!$A$4:$A$640&'ER C6 FLT1'!$B$4:$B$640-2,1),7)))))))),IF($R25=\"Electric\",OFFSET(INDEX('ER Electric'!$A$6:$E$44,MATCH($C25&$O25,'ER Electric'!$A$6:$A$44&'ER Electric'!$B$6:$B$44,1),4),6,0)))*(($Q25+$AC25)/453.6)","v":0},{"$f":"IF(OR($R25=\"Diesel\",$R25=\"LNG/CNG\",$R25=\"Hybrid\",$R25=\"Electric w/ AB-118\"),IF($B25=\"3+ Trucks\",IF(OR($O25=\"Class_8\",$N25=\"Replacement8HHD\",$AI25=\"CL7HHD\"),INDEX('ER C8 FLT3'!$A$4:$J$640,MATCH(DropData!$J65&$C25,'ER C8 FLT3'!$A$4:$A$640&'ER C8 FLT3'!$B$4:$B$640-3,1),5)*IF(OR($O25=\"Class_8\",$N25=\"Replacement8HHD\",$AI25=\"CL7HHD\"),INDEX('ER C8 FLT3'!$A$4:$J$640,MATCH(DropData!$J65&$C25,'ER C8 FLT3'!$A$4:$A$640&'ER C8 FLT3'!$B$4:$B$640-3,1),7)),IF($O25=\"Class_7\",INDEX('ER C7 FLT3'!$A$4:$J$640,MATCH(DropData!$J65&$C25,'ER C7 FLT3'!$A$4:$A$640&'ER C7 FLT3'!$B$4:$B$640-3,1),5)*IF($O25=\"Class_7\",INDEX('ER C7 FLT3'!$A$4:$J$640,MATCH(DropData!$J65&$C25,'ER C7 FLT3'!$A$4:$A$640&'ER C7 FLT3'!$B$4:$B$640-3,1),7)),IF($O25=\"Class_6\",INDEX('ER C6 FLT3'!$A$4:$J$640,MATCH(DropData!$J65&$C25,'ER C6 FLT3'!$A$4:$A$640&'ER C6 FLT3'!$B$4:$B$640-3,1),5)*IF($O25=\"Class_6\",INDEX('ER C6 FLT3'!$A$4:$J$640,MATCH(DropData!$J65&$C25,'ER C6 FLT3'!$A$4:$A$640&'ER C6 FLT3'!$B$4:$B$640-3,1),7))))),IF($B25=\"2 Trucks\",IF(OR($O25=\"Class_8\",$N25=\"Replacement8HHD\",$AI25=\"CL7HHD\"),INDEX('ER C8 FLT2'!$A$4:$J$640,MATCH(DropData!$J65&$C25,'ER C8 FLT2'!$A$4:$A$640&'ER C8 FLT2'!$B$4:$B$640-3,1),5)*IF(OR($O25=\"Class_8\",$N25=\"Replacement8HHD\",$AI25=\"CL7HHD\"),INDEX('ER C8 FLT2'!$A$4:$J$640,MATCH(DropData!$J65&$C25,'ER C8 FLT2'!$A$4:$A$640&'ER C8 FLT2'!$B$4:$B$640-3,1),7)),IF($O25=\"Class_7\",INDEX('ER C7 FLT2'!$A$4:$J$640,MATCH(DropData!$J65&$C25,'ER C7 FLT2'!$A$4:$A$640&'ER C7 FLT2'!$B$4:$B$640-3,1),5)*IF($O25=\"Class_7\",INDEX('ER C7 FLT2'!$A$4:$J$640,MATCH(DropData!$J65&$C25,'ER C7 FLT2'!$A$4:$A$640&'ER C7 FLT2'!$B$4:$B$640-3,1),7)),IF($O25=\"Class_6\",INDEX('ER C6 FLT2'!$A$4:$J$640,MATCH(DropData!$J65&$C25,'ER C6 FLT2'!$A$4:$A$640&'ER C6 FLT2'!$B$4:$B$640-3,1),5)*IF($O25=\"Class_6\",INDEX('ER C6 FLT2'!$A$4:$J$640,MATCH(DropData!$J65&$C25,'ER C6 FLT2'!$A$4:$A$640&'ER C6 FLT2'!$B$4:$B$640-3,1),7))))),IF($B25=\"1 Truck\",IF(OR($O25=\"Class_8\",$N25=\"Replacement8HHD\",$AI25=\"CL7HHD\"),INDEX('ER C8 FLT1'!$A$4:$J$640,MATCH(DropData!$J65&$C25,'ER C8 FLT1'!$A$4:$A$640&'ER C8 FLT1'!$B$4:$B$640-3,1),5)*IF(OR($O25=\"Class_8\",$N25=\"Replacement8HHD\",$AI25=\"CL7HHD\"),INDEX('ER C8 FLT1'!$A$4:$J$640,MATCH(DropData!$J65&$C25,'ER C8 FLT1'!$A$4:$A$640&'ER C8 FLT1'!$B$4:$B$640-3,1),7)),IF($O25=\"Class_7\",INDEX('ER C7 FLT1'!$A$4:$J$640,MATCH(DropData!$J65&$C25,'ER C7 FLT1'!$A$4:$A$640&'ER C7 FLT1'!$B$4:$B$640-3,1),5)*IF($O25=\"Class_7\",INDEX('ER C7 FLT1'!$A$4:$J$640,MATCH(DropData!$J65&$C25,'ER C7 FLT1'!$A$4:$A$640&'ER C7 FLT1'!$B$4:$B$640-3,1),7)),IF($O25=\"Class_6\",INDEX('ER C6 FLT1'!$A$4:$J$640,MATCH(DropData!$J65&$C25,'ER C6 FLT1'!$A$4:$A$640&'ER C6 FLT1'!$B$4:$B$640-3,1),5)*IF($O25=\"Class_6\",INDEX('ER C6 FLT1'!$A$4:$J$640,MATCH(DropData!$J65&$C25,'ER C6 FLT1'!$A$4:$A$640&'ER C6 FLT1'!$B$4:$B$640-3,1),7)))))))),IF($R25=\"Electric\",OFFSET(INDEX('ER Electric'!$A$6:$E$44,MATCH($C25&$O25,'ER Electric'!$A$6:$A$44&'ER Electric'!$B$6:$B$44,1),4),9,0)))*(($Q25+$AC25)/453.6)","v":0},{"$f":"IF(OR($R25=\"Diesel\",$R25=\"LNG/CNG\",$R25=\"Hybrid\",$R25=\"Electric w/ AB-118\"),IF($B25=\"3+ Trucks\",IF(OR($O25=\"Class_8\",$N25=\"Replacement8HHD\",$AI25=\"CL7HHD\"),INDEX('ER C8 FLT3'!$A$4:$J$640,MATCH(DropData!$J65&$C25,'ER C8 FLT3'!$A$4:$A$640&'ER C8 FLT3'!$B$4:$B$640-4,1),5)*IF(OR($O25=\"Class_8\",$N25=\"Replacement8HHD\",$AI25=\"CL7HHD\"),INDEX('ER C8 FLT3'!$A$4:$J$640,MATCH(DropData!$J65&$C25,'ER C8 FLT3'!$A$4:$A$640&'ER C8 FLT3'!$B$4:$B$640-4,1),7)),IF($O25=\"Class_7\",INDEX('ER C7 FLT3'!$A$4:$J$640,MATCH(DropData!$J65&$C25,'ER C7 FLT3'!$A$4:$A$640&'ER C7 FLT3'!$B$4:$B$640-4,1),5)*IF($O25=\"Class_7\",INDEX('ER C7 FLT3'!$A$4:$J$640,MATCH(DropData!$J65&$C25,'ER C7 FLT3'!$A$4:$A$640&'ER C7 FLT3'!$B$4:$B$640-4,1),7)),IF($O25=\"Class_6\",INDEX('ER C6 FLT3'!$A$4:$J$640,MATCH(DropData!$J65&$C25,'ER C6 FLT3'!$A$4:$A$640&'ER C6 FLT3'!$B$4:$B$640-4,1),5)*IF($O25=\"Class_6\",INDEX('ER C6 FLT3'!$A$4:$J$640,MATCH(DropData!$J65&$C25,'ER C6 FLT3'!$A$4:$A$640&'ER C6 FLT3'!$B$4:$B$640-4,1),7))))),IF($B25=\"2 Trucks\",IF(OR($O25=\"Class_8\",$N25=\"Replacement8HHD\",$AI25=\"CL7HHD\"),INDEX('ER C8 FLT2'!$A$4:$J$640,MATCH(DropData!$J65&$C25,'ER C8 FLT2'!$A$4:$A$640&'ER C8 FLT2'!$B$4:$B$640-4,1),5)*IF(OR($O25=\"Class_8\",$N25=\"Replacement8HHD\",$AI25=\"CL7HHD\"),INDEX('ER C8 FLT2'!$A$4:$J$640,MATCH(DropData!$J65&$C25,'ER C8 FLT2'!$A$4:$A$640&'ER C8 FLT2'!$B$4:$B$640-4,1),7)),IF($O25=\"Class_7\",INDEX('ER C7 FLT2'!$A$4:$J$640,MATCH(DropData!$J65&$C25,'ER C7 FLT2'!$A$4:$A$640&'ER C7 FLT2'!$B$4:$B$640-4,1),5)*IF($O25=\"Class_7\",INDEX('ER C7 FLT2'!$A$4:$J$640,MATCH(DropData!$J65&$C25,'ER C7 FLT2'!$A$4:$A$640&'ER C7 FLT2'!$B$4:$B$640-4,1),7)),IF($O25=\"Class_6\",INDEX('ER C6 FLT2'!$A$4:$J$640,MATCH(DropData!$J65&$C25,'ER C6 FLT2'!$A$4:$A$640&'ER C6 FLT2'!$B$4:$B$640-4,1),5)*IF($O25=\"Class_6\",INDEX('ER C6 FLT2'!$A$4:$J$640,MATCH(DropData!$J65&$C25,'ER C6 FLT2'!$A$4:$A$640&'ER C6 FLT2'!$B$4:$B$640-4,1),7))))),IF($B25=\"1 Truck\",IF(OR($O25=\"Class_8\",$N25=\"Replacement8HHD\",$AI25=\"CL7HHD\"),INDEX('ER C8 FLT1'!$A$4:$J$640,MATCH(DropData!$J65&$C25,'ER C8 FLT1'!$A$4:$A$640&'ER C8 FLT1'!$B$4:$B$640-4,1),5)*IF(OR($O25=\"Class_8\",$N25=\"Replacement8HHD\",$AI25=\"CL7HHD\"),INDEX('ER C8 FLT1'!$A$4:$J$640,MATCH(DropData!$J65&$C25,'ER C8 FLT1'!$A$4:$A$640&'ER C8 FLT1'!$B$4:$B$640-4,1),7)),IF($O25=\"Class_7\",INDEX('ER C7 FLT1'!$A$4:$J$640,MATCH(DropData!$J65&$C25,'ER C7 FLT1'!$A$4:$A$640&'ER C7 FLT1'!$B$4:$B$640-4,1),5)*IF($O25=\"Class_7\",INDEX('ER C7 FLT1'!$A$4:$J$640,MATCH(DropData!$J65&$C25,'ER C7 FLT1'!$A$4:$A$640&'ER C7 FLT1'!$B$4:$B$640-4,1),7)),IF($O25=\"Class_6\",INDEX('ER C6 FLT1'!$A$4:$J$640,MATCH(DropData!$J65&$C25,'ER C6 FLT1'!$A$4:$A$640&'ER C6 FLT1'!$B$4:$B$640-4,1),5)*IF($O25=\"Class_6\",INDEX('ER C6 FLT1'!$A$4:$J$640,MATCH(DropData!$J65&$C25,'ER C6 FLT1'!$A$4:$A$640&'ER C6 FLT1'!$B$4:$B$640-4,1),7)))))))),IF($R25=\"Electric\",OFFSET(INDEX('ER Electric'!$A$6:$E$44,MATCH($C25&$O25,'ER Electric'!$A$6:$A$44&'ER Electric'!$B$6:$B$44,1),4),12,0)))*(($Q25+$AC25)/453.6)","v":0},{"$f":"IF(OR($R25=\"Diesel\",$R25=\"LNG/CNG\",$R25=\"Hybrid\",$R25=\"Electric w/ AB-118\"),IF($B25=\"3+ Trucks\",IF(OR($O25=\"Class_8\",$N25=\"Replacement8HHD\",$AI25=\"CL7HHD\"),INDEX('ER C8 FLT3'!$A$4:$J$640,MATCH(DropData!$J65&$C25,'ER C8 FLT3'!$A$4:$A$640&'ER C8 FLT3'!$B$4:$B$640,1),5)*IF(OR($O25=\"Class_8\",$N25=\"Replacement8HHD\",$AI25=\"CL7HHD\"),INDEX('ER C8 FLT3'!$A$4:$J$640,MATCH(DropData!$J65&$C25,'ER C8 FLT3'!$A$4:$A$640&'ER C8 FLT3'!$B$4:$B$640,1),7)),IF($O25=\"Class_7\",INDEX('ER C7 FLT3'!$A$4:$J$640,MATCH(DropData!$J65&$C25,'ER C7 FLT3'!$A$4:$A$640&'ER C7 FLT3'!$B$4:$B$640,1),5)*IF($O25=\"Class_7\",INDEX('ER C7 FLT3'!$A$4:$J$640,MATCH(DropData!$J65&$C25,'ER C7 FLT3'!$A$4:$A$640&'ER C7 FLT3'!$B$4:$B$640,1),7)),IF($O25=\"Class_6\",INDEX('ER C6 FLT3'!$A$4:$J$640,MATCH(DropData!$J65&$C25,'ER C6 FLT3'!$A$4:$A$640&'ER C6 FLT3'!$B$4:$B$640,1),5)*IF($O25=\"Class_6\",INDEX('ER C6 FLT3'!$A$4:$J$640,MATCH(DropData!$J65&$C25,'ER C6 FLT3'!$A$4:$A$640&'ER C6 FLT3'!$B$4:$B$640,1),7))))),IF($B25=\"2 Trucks\",IF(OR($O25=\"Class_8\",$N25=\"Replacement8HHD\",$AI25=\"CL7HHD\"),INDEX('ER C8 FLT2'!$A$4:$J$640,MATCH(DropData!$J65&$C25,'ER C8 FLT2'!$A$4:$A$640&'ER C8 FLT2'!$B$4:$B$640,1),5)*IF(OR($O25=\"Class_8\",$N25=\"Replacement8HHD\",$AI25=\"CL7HHD\"),INDEX('ER C8 FLT2'!$A$4:$J$640,MATCH(DropData!$J65&$C25,'ER C8 FLT2'!$A$4:$A$640&'ER C8 FLT2'!$B$4:$B$640,1),7)),IF($O25=\"Class_7\",INDEX('ER C7 FLT2'!$A$4:$J$640,MATCH(DropData!$J65&$C25,'ER C7 FLT2'!$A$4:$A$640&'ER C7 FLT2'!$B$4:$B$640,1),5)*IF($O25=\"Class_7\",INDEX('ER C7 FLT2'!$A$4:$J$640,MATCH(DropData!$J65&$C25,'ER C7 FLT2'!$A$4:$A$640&'ER C7 FLT2'!$B$4:$B$640,1),7)),IF($O25=\"Class_6\",INDEX('ER C6 FLT2'!$A$4:$J$640,MATCH(DropData!$J65&$C25,'ER C6 FLT2'!$A$4:$A$640&'ER C6 FLT2'!$B$4:$B$640,1),5)*IF($O25=\"Class_6\",INDEX('ER C6 FLT2'!$A$4:$J$640,MATCH(DropData!$J65&$C25,'ER C6 FLT2'!$A$4:$A$640&'ER C6 FLT2'!$B$4:$B$640,1),7))))),IF($B25=\"1 Truck\",IF(OR($O25=\"Class_8\",$N25=\"Replacement8HHD\",$AI25=\"CL7HHD\"),INDEX('ER C8 FLT1'!$A$4:$J$640,MATCH(DropData!$J65&$C25,'ER C8 FLT1'!$A$4:$A$640&'ER C8 FLT1'!$B$4:$B$640,1),5)*IF(OR($O25=\"Class_8\",$N25=\"Replacement8HHD\",$AI25=\"CL7HHD\"),INDEX('ER C8 FLT1'!$A$4:$J$640,MATCH(DropData!$J65&$C25,'ER C8 FLT1'!$A$4:$A$640&'ER C8 FLT1'!$B$4:$B$640,1),7)),IF($O25=\"Class_7\",INDEX('ER C7 FLT1'!$A$4:$J$640,MATCH(DropData!$J65&$C25,'ER C7 FLT1'!$A$4:$A$640&'ER C7 FLT1'!$B$4:$B$640,1),5)*IF($O25=\"Class_7\",INDEX('ER C7 FLT1'!$A$4:$J$640,MATCH(DropData!$J65&$C25,'ER C7 FLT1'!$A$4:$A$640&'ER C7 FLT1'!$B$4:$B$640,1),7)),IF($O25=\"Class_6\",INDEX('ER C6 FLT1'!$A$4:$J$640,MATCH(DropData!$J65&$C25,'ER C6 FLT1'!$A$4:$A$640&'ER C6 FLT1'!$B$4:$B$640,1),5)*IF($O25=\"Class_6\",INDEX('ER C6 FLT1'!$A$4:$J$640,MATCH(DropData!$J65&$C25,'ER C6 FLT1'!$A$4:$A$640&'ER C6 FLT1'!$B$4:$B$640,1),7)))))))),IF($R25=\"Electric\",INDEX('ER Electric'!$A$6:$E$44,MATCH($C25&$O25,'ER Electric'!$A$6:$A$44&'ER Electric'!$B$6:$B$44,1),4)))","v":false},{"$f":"IF(OR($R25=\"Diesel\",$R25=\"LNG/CNG\",$R25=\"Hybrid\",$R25=\"Electric w/ AB-118\"),IF($B25=\"3+ Trucks\",IF(OR($O25=\"Class_8\",$N25=\"Replacement8HHD\",$AI25=\"CL7HHD\"),INDEX('ER C8 FLT3'!$A$4:$J$640,MATCH(DropData!$J65&$C25,'ER C8 FLT3'!$A$4:$A$640&'ER C8 FLT3'!$B$4:$B$640-1,1),5)*IF(OR($O25=\"Class_8\",$N25=\"Replacement8HHD\",$AI25=\"CL7HHD\"),INDEX('ER C8 FLT3'!$A$4:$J$640,MATCH(DropData!$J65&$C25,'ER C8 FLT3'!$A$4:$A$640&'ER C8 FLT3'!$B$4:$B$640-1,1),7)),IF($O25=\"Class_7\",INDEX('ER C7 FLT3'!$A$4:$J$640,MATCH(DropData!$J65&$C25,'ER C7 FLT3'!$A$4:$A$640&'ER C7 FLT3'!$B$4:$B$640-1,1),5)*IF($O25=\"Class_7\",INDEX('ER C7 FLT3'!$A$4:$J$640,MATCH(DropData!$J65&$C25,'ER C7 FLT3'!$A$4:$A$640&'ER C7 FLT3'!$B$4:$B$640-1,1),7)),IF($O25=\"Class_6\",INDEX('ER C6 FLT3'!$A$4:$J$640,MATCH(DropData!$J65&$C25,'ER C6 FLT3'!$A$4:$A$640&'ER C6 FLT3'!$B$4:$B$640-1,1),5)*IF($O25=\"Class_6\",INDEX('ER C6 FLT3'!$A$4:$J$640,MATCH(DropData!$J65&$C25,'ER C6 FLT3'!$A$4:$A$640&'ER C6 FLT3'!$B$4:$B$640-1,1),7))))),IF($B25=\"2 Trucks\",IF(OR($O25=\"Class_8\",$N25=\"Replacement8HHD\",$AI25=\"CL7HHD\"),INDEX('ER C8 FLT2'!$A$4:$J$640,MATCH(DropData!$J65&$C25,'ER C8 FLT2'!$A$4:$A$640&'ER C8 FLT2'!$B$4:$B$640-1,1),5)*IF(OR($O25=\"Class_8\",$N25=\"Replacement8HHD\",$AI25=\"CL7HHD\"),INDEX('ER C8 FLT2'!$A$4:$J$640,MATCH(DropData!$J65&$C25,'ER C8 FLT2'!$A$4:$A$640&'ER C8 FLT2'!$B$4:$B$640-1,1),7)),IF($O25=\"Class_7\",INDEX('ER C7 FLT2'!$A$4:$J$640,MATCH(DropData!$J65&$C25,'ER C7 FLT2'!$A$4:$A$640&'ER C7 FLT2'!$B$4:$B$640-1,1),5)*IF($O25=\"Class_7\",INDEX('ER C7 FLT2'!$A$4:$J$640,MATCH(DropData!$J65&$C25,'ER C7 FLT2'!$A$4:$A$640&'ER C7 FLT2'!$B$4:$B$640-1,1),7)),IF($O25=\"Class_6\",INDEX('ER C6 FLT2'!$A$4:$J$640,MATCH(DropData!$J65&$C25,'ER C6 FLT2'!$A$4:$A$640&'ER C6 FLT2'!$B$4:$B$640-1,1),5)*IF($O25=\"Class_6\",INDEX('ER C6 FLT2'!$A$4:$J$640,MATCH(DropData!$J65&$C25,'ER C6 FLT2'!$A$4:$A$640&'ER C6 FLT2'!$B$4:$B$640-1,1),7))))),IF($B25=\"1 Truck\",IF(OR($O25=\"Class_8\",$N25=\"Replacement8HHD\",$AI25=\"CL7HHD\"),INDEX('ER C8 FLT1'!$A$4:$J$640,MATCH(DropData!$J65&$C25,'ER C8 FLT1'!$A$4:$A$640&'ER C8 FLT1'!$B$4:$B$640-1,1),5)*IF(OR($O25=\"Class_8\",$N25=\"Replacement8HHD\",$AI25=\"CL7HHD\"),INDEX('ER C8 FLT1'!$A$4:$J$640,MATCH(DropData!$J65&$C25,'ER C8 FLT1'!$A$4:$A$640&'ER C8 FLT1'!$B$4:$B$640-1,1),7)),IF($O25=\"Class_7\",INDEX('ER C7 FLT1'!$A$4:$J$640,MATCH(DropData!$J65&$C25,'ER C7 FLT1'!$A$4:$A$640&'ER C7 FLT1'!$B$4:$B$640-1,1),5)*IF($O25=\"Class_7\",INDEX('ER C7 FLT1'!$A$4:$J$640,MATCH(DropData!$J65&$C25,'ER C7 FLT1'!$A$4:$A$640&'ER C7 FLT1'!$B$4:$B$640-1,1),7)),IF($O25=\"Class_6\",INDEX('ER C6 FLT1'!$A$4:$J$640,MATCH(DropData!$J65&$C25,'ER C6 FLT1'!$A$4:$A$640&'ER C6 FLT1'!$B$4:$B$640-1,1),5)*IF($O25=\"Class_6\",INDEX('ER C6 FLT1'!$A$4:$J$640,MATCH(DropData!$J65&$C25,'ER C6 FLT1'!$A$4:$A$640&'ER C6 FLT1'!$B$4:$B$640-1,1),7)))))))),IF($R25=\"Electric\",OFFSET(INDEX('ER Electric'!$A$6:$E$44,MATCH($C25&$O25,'ER Electric'!$A$6:$A$44&'ER Electric'!$B$6:$B$44,1),4),3,0)))","v":false},{"$f":"IF(OR($R25=\"Diesel\",$R25=\"LNG/CNG\",$R25=\"Hybrid\",$R25=\"Electric w/ AB-118\"),IF($B25=\"3+ Trucks\",IF(OR($O25=\"Class_8\",$N25=\"Replacement8HHD\",$AI25=\"CL7HHD\"),INDEX('ER C8 FLT3'!$A$4:$J$640,MATCH(DropData!$J65&$C25,'ER C8 FLT3'!$A$4:$A$640&'ER C8 FLT3'!$B$4:$B$640-2,1),5)*IF(OR($O25=\"Class_8\",$N25=\"Replacement8HHD\",$AI25=\"CL7HHD\"),INDEX('ER C8 FLT3'!$A$4:$J$640,MATCH(DropData!$J65&$C25,'ER C8 FLT3'!$A$4:$A$640&'ER C8 FLT3'!$B$4:$B$640-2,1),7)),IF($O25=\"Class_7\",INDEX('ER C7 FLT3'!$A$4:$J$640,MATCH(DropData!$J65&$C25,'ER C7 FLT3'!$A$4:$A$640&'ER C7 FLT3'!$B$4:$B$640-2,1),5)*IF($O25=\"Class_7\",INDEX('ER C7 FLT3'!$A$4:$J$640,MATCH(DropData!$J65&$C25,'ER C7 FLT3'!$A$4:$A$640&'ER C7 FLT3'!$B$4:$B$640-2,1),7)),IF($O25=\"Class_6\",INDEX('ER C6 FLT3'!$A$4:$J$640,MATCH(DropData!$J65&$C25,'ER C6 FLT3'!$A$4:$A$640&'ER C6 FLT3'!$B$4:$B$640-2,1),5)*IF($O25=\"Class_6\",INDEX('ER C6 FLT3'!$A$4:$J$640,MATCH(DropData!$J65&$C25,'ER C6 FLT3'!$A$4:$A$640&'ER C6 FLT3'!$B$4:$B$640-2,1),7))))),IF($B25=\"2 Trucks\",IF(OR($O25=\"Class_8\",$N25=\"Replacement8HHD\",$AI25=\"CL7HHD\"),INDEX('ER C8 FLT2'!$A$4:$J$640,MATCH(DropData!$J65&$C25,'ER C8 FLT2'!$A$4:$A$640&'ER C8 FLT2'!$B$4:$B$640-2,1),5)*IF(OR($O25=\"Class_8\",$N25=\"Replacement8HHD\",$AI25=\"CL7HHD\"),INDEX('ER C8 FLT2'!$A$4:$J$640,MATCH(DropData!$J65&$C25,'ER C8 FLT2'!$A$4:$A$640&'ER C8 FLT2'!$B$4:$B$640-2,1),7)),IF($O25=\"Class_7\",INDEX('ER C7 FLT2'!$A$4:$J$640,MATCH(DropData!$J65&$C25,'ER C7 FLT2'!$A$4:$A$640&'ER C7 FLT2'!$B$4:$B$640-2,1),5)*IF($O25=\"Class_7\",INDEX('ER C7 FLT2'!$A$4:$J$640,MATCH(DropData!$J65&$C25,'ER C7 FLT2'!$A$4:$A$640&'ER C7 FLT2'!$B$4:$B$640-2,1),7)),IF($O25=\"Class_6\",INDEX('ER C6 FLT2'!$A$4:$J$640,MATCH(DropData!$J65&$C25,'ER C6 FLT2'!$A$4:$A$640&'ER C6 FLT2'!$B$4:$B$640-2,1),5)*IF($O25=\"Class_6\",INDEX('ER C6 FLT2'!$A$4:$J$640,MATCH(DropData!$J65&$C25,'ER C6 FLT2'!$A$4:$A$640&'ER C6 FLT2'!$B$4:$B$640-2,1),7))))),IF($B25=\"1 Truck\",IF(OR($O25=\"Class_8\",$N25=\"Replacement8HHD\",$AI25=\"CL7HHD\"),INDEX('ER C8 FLT1'!$A$4:$J$640,MATCH(DropData!$J65&$C25,'ER C8 FLT1'!$A$4:$A$640&'ER C8 FLT1'!$B$4:$B$640-2,1),5)*IF(OR($O25=\"Class_8\",$N25=\"Replacement8HHD\",$AI25=\"CL7HHD\"),INDEX('ER C8 FLT1'!$A$4:$J$640,MATCH(DropData!$J65&$C25,'ER C8 FLT1'!$A$4:$A$640&'ER C8 FLT1'!$B$4:$B$640-2,1),7)),IF($O25=\"Class_7\",INDEX('ER C7 FLT1'!$A$4:$J$640,MATCH(DropData!$J65&$C25,'ER C7 FLT1'!$A$4:$A$640&'ER C7 FLT1'!$B$4:$B$640-2,1),5)*IF($O25=\"Class_7\",INDEX('ER C7 FLT1'!$A$4:$J$640,MATCH(DropData!$J65&$C25,'ER C7 FLT1'!$A$4:$A$640&'ER C7 FLT1'!$B$4:$B$640-2,1),7)),IF($O25=\"Class_6\",INDEX('ER C6 FLT1'!$A$4:$J$640,MATCH(DropData!$J65&$C25,'ER C6 FLT1'!$A$4:$A$640&'ER C6 FLT1'!$B$4:$B$640-2,1),5)*IF($O25=\"Class_6\",INDEX('ER C6 FLT1'!$A$4:$J$640,MATCH(DropData!$J65&$C25,'ER C6 FLT1'!$A$4:$A$640&'ER C6 FLT1'!$B$4:$B$640-2,1),7)))))))),IF($R25=\"Electric\",OFFSET(INDEX('ER Electric'!$A$6:$E$44,MATCH($C25&$O25,'ER Electric'!$A$6:$A$44&'ER Electric'!$B$6:$B$44,1),4),6,0)))","v":false},{"$f":"IF(OR($R25=\"Diesel\",$R25=\"LNG/CNG\",$R25=\"Hybrid\",$R25=\"Electric w/ AB-118\"),IF($B25=\"3+ Trucks\",IF(OR($O25=\"Class_8\",$N25=\"Replacement8HHD\",$AI25=\"CL7HHD\"),INDEX('ER C8 FLT3'!$A$4:$J$640,MATCH(DropData!$J65&$C25,'ER C8 FLT3'!$A$4:$A$640&'ER C8 FLT3'!$B$4:$B$640-3,1),5)*IF(OR($O25=\"Class_8\",$N25=\"Replacement8HHD\",$AI25=\"CL7HHD\"),INDEX('ER C8 FLT3'!$A$4:$J$640,MATCH(DropData!$J65&$C25,'ER C8 FLT3'!$A$4:$A$640&'ER C8 FLT3'!$B$4:$B$640-3,1),7)),IF($O25=\"Class_7\",INDEX('ER C7 FLT3'!$A$4:$J$640,MATCH(DropData!$J65&$C25,'ER C7 FLT3'!$A$4:$A$640&'ER C7 FLT3'!$B$4:$B$640-3,1),5)*IF($O25=\"Class_7\",INDEX('ER C7 FLT3'!$A$4:$J$640,MATCH(DropData!$J65&$C25,'ER C7 FLT3'!$A$4:$A$640&'ER C7 FLT3'!$B$4:$B$640-3,1),7)),IF($O25=\"Class_6\",INDEX('ER C6 FLT3'!$A$4:$J$640,MATCH(DropData!$J65&$C25,'ER C6 FLT3'!$A$4:$A$640&'ER C6 FLT3'!$B$4:$B$640-3,1),5)*IF($O25=\"Class_6\",INDEX('ER C6 FLT3'!$A$4:$J$640,MATCH(DropData!$J65&$C25,'ER C6 FLT3'!$A$4:$A$640&'ER C6 FLT3'!$B$4:$B$640-3,1),7))))),IF($B25=\"2 Trucks\",IF(OR($O25=\"Class_8\",$N25=\"Replacement8HHD\",$AI25=\"CL7HHD\"),INDEX('ER C8 FLT2'!$A$4:$J$640,MATCH(DropData!$J65&$C25,'ER C8 FLT2'!$A$4:$A$640&'ER C8 FLT2'!$B$4:$B$640-3,1),5)*IF(OR($O25=\"Class_8\",$N25=\"Replacement8HHD\",$AI25=\"CL7HHD\"),INDEX('ER C8 FLT2'!$A$4:$J$640,MATCH(DropData!$J65&$C25,'ER C8 FLT2'!$A$4:$A$640&'ER C8 FLT2'!$B$4:$B$640-3,1),7)),IF($O25=\"Class_7\",INDEX('ER C7 FLT2'!$A$4:$J$640,MATCH(DropData!$J65&$C25,'ER C7 FLT2'!$A$4:$A$640&'ER C7 FLT2'!$B$4:$B$640-3,1),5)*IF($O25=\"Class_7\",INDEX('ER C7 FLT2'!$A$4:$J$640,MATCH(DropData!$J65&$C25,'ER C7 FLT2'!$A$4:$A$640&'ER C7 FLT2'!$B$4:$B$640-3,1),7)),IF($O25=\"Class_6\",INDEX('ER C6 FLT2'!$A$4:$J$640,MATCH(DropData!$J65&$C25,'ER C6 FLT2'!$A$4:$A$640&'ER C6 FLT2'!$B$4:$B$640-3,1),5)*IF($O25=\"Class_6\",INDEX('ER C6 FLT2'!$A$4:$J$640,MATCH(DropData!$J65&$C25,'ER C6 FLT2'!$A$4:$A$640&'ER C6 FLT2'!$B$4:$B$640-3,1),7))))),IF($B25=\"1 Truck\",IF(OR($O25=\"Class_8\",$N25=\"Replacement8HHD\",$AI25=\"CL7HHD\"),INDEX('ER C8 FLT1'!$A$4:$J$640,MATCH(DropData!$J65&$C25,'ER C8 FLT1'!$A$4:$A$640&'ER C8 FLT1'!$B$4:$B$640-3,1),5)*IF(OR($O25=\"Class_8\",$N25=\"Replacement8HHD\",$AI25=\"CL7HHD\"),INDEX('ER C8 FLT1'!$A$4:$J$640,MATCH(DropData!$J65&$C25,'ER C8 FLT1'!$A$4:$A$640&'ER C8 FLT1'!$B$4:$B$640-3,1),7)),IF($O25=\"Class_7\",INDEX('ER C7 FLT1'!$A$4:$J$640,MATCH(DropData!$J65&$C25,'ER C7 FLT1'!$A$4:$A$640&'ER C7 FLT1'!$B$4:$B$640-3,1),5)*IF($O25=\"Class_7\",INDEX('ER C7 FLT1'!$A$4:$J$640,MATCH(DropData!$J65&$C25,'ER C7 FLT1'!$A$4:$A$640&'ER C7 FLT1'!$B$4:$B$640-3,1),7)),IF($O25=\"Class_6\",INDEX('ER C6 FLT1'!$A$4:$J$640,MATCH(DropData!$J65&$C25,'ER C6 FLT1'!$A$4:$A$640&'ER C6 FLT1'!$B$4:$B$640-3,1),5)*IF($O25=\"Class_6\",INDEX('ER C6 FLT1'!$A$4:$J$640,MATCH(DropData!$J65&$C25,'ER C6 FLT1'!$A$4:$A$640&'ER C6 FLT1'!$B$4:$B$640-3,1),7)))))))),IF($R25=\"Electric\",OFFSET(INDEX('ER Electric'!$A$6:$E$44,MATCH($C25&$O25,'ER Electric'!$A$6:$A$44&'ER Electric'!$B$6:$B$44,1),4),9,0)))","v":false},{"$f":"IF(OR($R25=\"Diesel\",$R25=\"LNG/CNG\",$R25=\"Hybrid\",$R25=\"Electric w/ AB-118\"),IF($B25=\"3+ Trucks\",IF(OR($O25=\"Class_8\",$N25=\"Replacement8HHD\",$AI25=\"CL7HHD\"),INDEX('ER C8 FLT3'!$A$4:$J$640,MATCH(DropData!$J65&$C25,'ER C8 FLT3'!$A$4:$A$640&'ER C8 FLT3'!$B$4:$B$640-4,1),5)*IF(OR($O25=\"Class_8\",$N25=\"Replacement8HHD\",$AI25=\"CL7HHD\"),INDEX('ER C8 FLT3'!$A$4:$J$640,MATCH(DropData!$J65&$C25,'ER C8 FLT3'!$A$4:$A$640&'ER C8 FLT3'!$B$4:$B$640-4,1),7)),IF($O25=\"Class_7\",INDEX('ER C7 FLT3'!$A$4:$J$640,MATCH(DropData!$J65&$C25,'ER C7 FLT3'!$A$4:$A$640&'ER C7 FLT3'!$B$4:$B$640-4,1),5)*IF($O25=\"Class_7\",INDEX('ER C7 FLT3'!$A$4:$J$640,MATCH(DropData!$J65&$C25,'ER C7 FLT3'!$A$4:$A$640&'ER C7 FLT3'!$B$4:$B$640-4,1),7)),IF($O25=\"Class_6\",INDEX('ER C6 FLT3'!$A$4:$J$640,MATCH(DropData!$J65&$C25,'ER C6 FLT3'!$A$4:$A$640&'ER C6 FLT3'!$B$4:$B$640-4,1),5)*IF($O25=\"Class_6\",INDEX('ER C6 FLT3'!$A$4:$J$640,MATCH(DropData!$J65&$C25,'ER C6 FLT3'!$A$4:$A$640&'ER C6 FLT3'!$B$4:$B$640-4,1),7))))),IF($B25=\"2 Trucks\",IF(OR($O25=\"Class_8\",$N25=\"Replacement8HHD\",$AI25=\"CL7HHD\"),INDEX('ER C8 FLT2'!$A$4:$J$640,MATCH(DropData!$J65&$C25,'ER C8 FLT2'!$A$4:$A$640&'ER C8 FLT2'!$B$4:$B$640-4,1),5)*IF(OR($O25=\"Class_8\",$N25=\"Replacement8HHD\",$AI25=\"CL7HHD\"),INDEX('ER C8 FLT2'!$A$4:$J$640,MATCH(DropData!$J65&$C25,'ER C8 FLT2'!$A$4:$A$640&'ER C8 FLT2'!$B$4:$B$640-4,1),7)),IF($O25=\"Class_7\",INDEX('ER C7 FLT2'!$A$4:$J$640,MATCH(DropData!$J65&$C25,'ER C7 FLT2'!$A$4:$A$640&'ER C7 FLT2'!$B$4:$B$640-4,1),5)*IF($O25=\"Class_7\",INDEX('ER C7 FLT2'!$A$4:$J$640,MATCH(DropData!$J65&$C25,'ER C7 FLT2'!$A$4:$A$640&'ER C7 FLT2'!$B$4:$B$640-4,1),7)),IF($O25=\"Class_6\",INDEX('ER C6 FLT2'!$A$4:$J$640,MATCH(DropData!$J65&$C25,'ER C6 FLT2'!$A$4:$A$640&'ER C6 FLT2'!$B$4:$B$640-4,1),5)*IF($O25=\"Class_6\",INDEX('ER C6 FLT2'!$A$4:$J$640,MATCH(DropData!$J65&$C25,'ER C6 FLT2'!$A$4:$A$640&'ER C6 FLT2'!$B$4:$B$640-4,1),7))))),IF($B25=\"1 Truck\",IF(OR($O25=\"Class_8\",$N25=\"Replacement8HHD\",$AI25=\"CL7HHD\"),INDEX('ER C8 FLT1'!$A$4:$J$640,MATCH(DropData!$J65&$C25,'ER C8 FLT1'!$A$4:$A$640&'ER C8 FLT1'!$B$4:$B$640-4,1),5)*IF(OR($O25=\"Class_8\",$N25=\"Replacement8HHD\",$AI25=\"CL7HHD\"),INDEX('ER C8 FLT1'!$A$4:$J$640,MATCH(DropData!$J65&$C25,'ER C8 FLT1'!$A$4:$A$640&'ER C8 FLT1'!$B$4:$B$640-4,1),7)),IF($O25=\"Class_7\",INDEX('ER C7 FLT1'!$A$4:$J$640,MATCH(DropData!$J65&$C25,'ER C7 FLT1'!$A$4:$A$640&'ER C7 FLT1'!$B$4:$B$640-4,1),5)*IF($O25=\"Class_7\",INDEX('ER C7 FLT1'!$A$4:$J$640,MATCH(DropData!$J65&$C25,'ER C7 FLT1'!$A$4:$A$640&'ER C7 FLT1'!$B$4:$B$640-4,1),7)),IF($O25=\"Class_6\",INDEX('ER C6 FLT1'!$A$4:$J$640,MATCH(DropData!$J65&$C25,'ER C6 FLT1'!$A$4:$A$640&'ER C6 FLT1'!$B$4:$B$640-4,1),5)*IF($O25=\"Class_6\",INDEX('ER C6 FLT1'!$A$4:$J$640,MATCH(DropData!$J65&$C25,'ER C6 FLT1'!$A$4:$A$640&'ER C6 FLT1'!$B$4:$B$640-4,1),7)))))))),IF($R25=\"Electric\",OFFSET(INDEX('ER Electric'!$A$6:$E$44,MATCH($C25&$O25,'ER Electric'!$A$6:$A$44&'ER Electric'!$B$6:$B$44,1),4),12,0)))","v":false},{"$f":"IF($C25<2015,1,2)","v":1},0,{"$f":"IF($C25<2015,1,2)","v":1},{"$f":"IFERROR(MAX(0,IF($B25=\"3+ Trucks\",IF($Z25=\"Class_8\",INDEX('ER C8 FLT3'!$A$4:$J$640,MATCH($W25&$C25,'ER C8 FLT3'!$A$4:$A$640&'ER C8 FLT3'!$B$4:$B$640,1),5)*IF($Z25=\"Class_8\",INDEX('ER C8 FLT3'!$A$4:$J$640,MATCH($W25&$C25,'ER C8 FLT3'!$A$4:$A$640&'ER C8 FLT3'!$B$4:$B$640,1),7)),IF($Z25=\"Class_7\",INDEX('ER C7 FLT3'!$A$4:$J$640,MATCH($W25&$C25,'ER C7 FLT3'!$A$4:$A$640&'ER C7 FLT3'!$B$4:$B$640,1),5)*IF($Z25=\"Class_7\",INDEX('ER C7 FLT3'!$A$4:$J$640,MATCH($W25&$C25,'ER C7 FLT3'!$A$4:$A$640&'ER C7 FLT3'!$B$4:$B$640,1),7)),\nIF($Z25=\"Class_6\",INDEX('ER C6 FLT3'!$A$4:$J$640,MATCH($W25&$C25,'ER C6 FLT3'!$A$4:$A$640&'ER C6 FLT3'!$B$4:$B$640,1),5)*IF($Z25=\"Class_6\",INDEX('ER C6 FLT3'!$A$4:$L$640,MATCH($W25&$C25,'ER C6 FLT3'!$A$4:$A$640&'ER C6 FLT3'!$B$4:$B$640,1),7))))),IF($B25=\"2 Trucks\",IF($Z25=\"Class_8\",INDEX('ER C8 FLT2'!$A$4:$J$640,MATCH($W25&$C25,'ER C8 FLT2'!$A$4:$A$640&'ER C8 FLT2'!$B$4:$B$640,1),5)*IF($Z25=\"Class_8\",INDEX('ER C8 FLT2'!$A$4:$J$640,MATCH($W25&$C25,'ER C8 FLT2'!$A$4:$A$640&'ER C8 FLT2'!$B$4:$B$640,1),7)),IF($Z25=\"Class_7\",INDEX('ER C7 FLT2'!$A$4:$J$640,MATCH($W25&$C25,'ER C7 FLT2'!$A$4:$A$640&'ER C7 FLT2'!$B$4:$B$640,1),5)*IF($Z25=\"Class_7\",INDEX('ER C7 FLT2'!$A$4:$J$640,MATCH($W25&$C25,'ER C7 FLT2'!$A$4:$A$640&'ER C7 FLT2'!$B$4:$B$640,1),7)),IF($Z25=\"Class_6\",INDEX('ER C6 FLT2'!$A$4:$J$640,MATCH($W25&$C25,'ER C6 FLT2'!$A$4:$A$640&'ER C6 FLT2'!$B$4:$B$640,1),5)*IF($Z25=\"Class_6\",INDEX('ER C6 FLT2'!$A$4:$J$640,MATCH($W25&$C25,'ER C6 FLT2'!$A$4:$A$640&'ER C6 FLT2'!$B$4:$B$640,1),7))))),IF($B25=\"1 Truck\",\nIF($Z25=\"Class_8\",INDEX('ER C8 FLT1'!$A$4:$J$640,MATCH($W25&$C25,'ER C8 FLT1'!$A$4:$A$640&'ER C8 FLT1'!$B$4:$B$640,1),5)*IF($Z25=\"Class_8\",INDEX('ER C8 FLT1'!$A$4:$J$640,MATCH($W25&$C25,'ER C8 FLT1'!$A$4:$A$640&'ER C8 FLT1'!$B$4:$B$640,1),7)),IF($Z25=\"Class_7\",INDEX('ER C7 FLT1'!$A$4:$J$640,MATCH($W25&$C25,'ER C7 FLT1'!$A$4:$A$640&'ER C7 FLT1'!$B$4:$B$640,1),5)*IF($Z25=\"Class_7\",INDEX('ER C7 FLT1'!$A$4:$J$640,MATCH($W25&$C25,'ER C7 FLT1'!$A$4:$A$640&'ER C7 FLT1'!$B$4:$B$640,1),7)),IF($Z25=\"Class_6\",INDEX('ER C6 FLT1'!$A$4:$J$640,MATCH($W25&$C25,'ER C6 FLT1'!$A$4:$A$640&'ER C6 FLT1'!$B$4:$B$640,1),5)*IF($Z25=\"Class_6\",INDEX('ER C6 FLT1'!$A$4:$J$640,MATCH($W25&$C25,'ER C6 FLT1'!$A$4:$A$640&'ER C6 FLT1'!$B$4:$B$640,1),7)))))))))*IF($X25=\"Level 3 PM + Mark I NOx\",0.75,1)*($AC25/453.6)-IF(CT25=0,CI25,0),\"0.00\")","v":0},{"$f":"IFERROR(MAX(0,CV25/CU25),\"0.00\")","v":0},{"$f":"IFERROR((CT25+CW25),\"0.00\")","v":0},0,{"$f":"IF($B25=\"3+ Trucks\",IF($Z25=\"Class_8\",INDEX('ER C8 FLT3'!$A$4:$J$640,MATCH($W25&$C25,'ER C8 FLT3'!$A$4:$A$640&'ER C8 FLT3'!$B$4:$B$640-1,1),5)*IF($Z25=\"Class_8\",INDEX('ER C8 FLT3'!$A$4:$J$640,MATCH($W25&$C25,'ER C8 FLT3'!$A$4:$A$640&'ER C8 FLT3'!$B$4:$B$640-1,1),7)),IF($Z25=\"Class_7\",INDEX('ER C7 FLT3'!$A$4:$J$640,MATCH($W25&$C25,'ER C7 FLT3'!$A$4:$A$640&'ER C7 FLT3'!$B$4:$B$640-1,1),5)*IF($Z25=\"Class_7\",INDEX('ER C7 FLT3'!$A$4:$J$640,MATCH($W25&$C25,'ER C7 FLT3'!$A$4:$A$640&'ER C7 FLT3'!$B$4:$B$640-1,1),7)),\nIF($Z25=\"Class_6\",INDEX('ER C6 FLT3'!$A$4:$J$640,MATCH($W25&$C25,'ER C6 FLT3'!$A$4:$A$640&'ER C6 FLT3'!$B$4:$B$640-1,1),5)*IF($Z25=\"Class_6\",INDEX('ER C6 FLT3'!$A$4:$L$640,MATCH($W25&$C25,'ER C6 FLT3'!$A$4:$A$640&'ER C6 FLT3'!$B$4:$B$640-1,1),7))))),IF($B25=\"2 Trucks\",IF($Z25=\"Class_8\",INDEX('ER C8 FLT2'!$A$4:$J$640,MATCH($W25&$C25,'ER C8 FLT2'!$A$4:$A$640&'ER C8 FLT2'!$B$4:$B$640-1,1),5)*IF($Z25=\"Class_8\",INDEX('ER C8 FLT2'!$A$4:$J$640,MATCH($W25&$C25,'ER C8 FLT2'!$A$4:$A$640&'ER C8 FLT2'!$B$4:$B$640-1,1),7)),IF($Z25=\"Class_7\",INDEX('ER C7 FLT2'!$A$4:$J$640,MATCH($W25&$C25,'ER C7 FLT2'!$A$4:$A$640&'ER C7 FLT2'!$B$4:$B$640-1,1),5)*IF($Z25=\"Class_7\",INDEX('ER C7 FLT2'!$A$4:$J$640,MATCH($W25&$C25,'ER C7 FLT2'!$A$4:$A$640&'ER C7 FLT2'!$B$4:$B$640-1,1),7)),IF($Z25=\"Class_6\",INDEX('ER C6 FLT2'!$A$4:$J$640,MATCH($W25&$C25,'ER C6 FLT2'!$A$4:$A$640&'ER C6 FLT2'!$B$4:$B$640-1,1),5)*IF($Z25=\"Class_6\",INDEX('ER C6 FLT2'!$A$4:$J$640,MATCH($W25&$C25,'ER C6 FLT2'!$A$4:$A$640&'ER C6 FLT2'!$B$4:$B$640-1,1),7))))),IF($B25=\"1 Truck\",\nIF($Z25=\"Class_8\",INDEX('ER C8 FLT1'!$A$4:$J$640,MATCH($W25&$C25,'ER C8 FLT1'!$A$4:$A$640&'ER C8 FLT1'!$B$4:$B$640-1,1),5)*IF($Z25=\"Class_8\",INDEX('ER C8 FLT1'!$A$4:$J$640,MATCH($W25&$C25,'ER C8 FLT1'!$A$4:$A$640&'ER C8 FLT1'!$B$4:$B$640-1,1),7)),IF($Z25=\"Class_7\",INDEX('ER C7 FLT1'!$A$4:$J$640,MATCH($W25&$C25,'ER C7 FLT1'!$A$4:$A$640&'ER C7 FLT1'!$B$4:$B$640-1,1),5)*IF($Z25=\"Class_7\",INDEX('ER C7 FLT1'!$A$4:$J$640,MATCH($W25&$C25,'ER C7 FLT1'!$A$4:$A$640&'ER C7 FLT1'!$B$4:$B$640-1,1),7)),\nIF($Z25=\"Class_6\",INDEX('ER C6 FLT1'!$A$4:$J$640,MATCH($W25&$C25,'ER C6 FLT1'!$A$4:$A$640&'ER C6 FLT1'!$B$4:$B$640-1,1),5)*IF($Z25=\"Class_6\",INDEX('ER C6 FLT1'!$A$4:$J$640,MATCH($W25&$C25,'ER C6 FLT1'!$A$4:$A$640&'ER C6 FLT1'!$B$4:$B$640-1,1),7))))))))*IF($X25=\"Level 3 PM + Mark I NOx\",0.75,1)*($AC25/453.6)-IF(CY25=0,CJ25,0)","v":0},{"$f":"MAX(0,CY25+CZ25)","v":0},0,{"$f":"IF($B25=\"3+ Trucks\",IF($Z25=\"Class_8\",INDEX('ER C8 FLT3'!$A$4:$J$640,MATCH($W25&$C25,'ER C8 FLT3'!$A$4:$A$640&'ER C8 FLT3'!$B$4:$B$640-2,1),5)*IF($Z25=\"Class_8\",INDEX('ER C8 FLT3'!$A$4:$J$640,MATCH($W25&$C25,'ER C8 FLT3'!$A$4:$A$640&'ER C8 FLT3'!$B$4:$B$640-2,1),7)),IF($Z25=\"Class_7\",INDEX('ER C7 FLT3'!$A$4:$J$640,MATCH($W25&$C25,'ER C7 FLT3'!$A$4:$A$640&'ER C7 FLT3'!$B$4:$B$640-2,1),5)*IF($Z25=\"Class_7\",INDEX('ER C7 FLT3'!$A$4:$J$640,MATCH($W25&$C25,'ER C7 FLT3'!$A$4:$A$640&'ER C7 FLT3'!$B$4:$B$640-2,1),7)),\nIF($Z25=\"Class_6\",INDEX('ER C6 FLT3'!$A$4:$J$640,MATCH($W25&$C25,'ER C6 FLT3'!$A$4:$A$640&'ER C6 FLT3'!$B$4:$B$640-2,1),5)*IF($Z25=\"Class_6\",INDEX('ER C6 FLT3'!$A$4:$L$640,MATCH($W25&$C25,'ER C6 FLT3'!$A$4:$A$640&'ER C6 FLT3'!$B$4:$B$640-2,1),7))))),IF($B25=\"2 Trucks\",IF($Z25=\"Class_8\",INDEX('ER C8 FLT2'!$A$4:$J$640,MATCH($W25&$C25,'ER C8 FLT2'!$A$4:$A$640&'ER C8 FLT2'!$B$4:$B$640-2,1),5)*IF($Z25=\"Class_8\",INDEX('ER C8 FLT2'!$A$4:$J$640,MATCH($W25&$C25,'ER C8 FLT2'!$A$4:$A$640&'ER C8 FLT2'!$B$4:$B$640-2,1),7)),IF($Z25=\"Class_7\",INDEX('ER C7 FLT2'!$A$4:$J$640,MATCH($W25&$C25,'ER C7 FLT2'!$A$4:$A$640&'ER C7 FLT2'!$B$4:$B$640-2,1),5)*IF($Z25=\"Class_7\",INDEX('ER C7 FLT2'!$A$4:$J$640,MATCH($W25&$C25,'ER C7 FLT2'!$A$4:$A$640&'ER C7 FLT2'!$B$4:$B$640-2,1),7)),IF($Z25=\"Class_6\",INDEX('ER C6 FLT2'!$A$4:$J$640,MATCH($W25&$C25,'ER C6 FLT2'!$A$4:$A$640&'ER C6 FLT2'!$B$4:$B$640-2,1),5)*IF($Z25=\"Class_6\",INDEX('ER C6 FLT2'!$A$4:$J$640,MATCH($W25&$C25,'ER C6 FLT2'!$A$4:$A$640&'ER C6 FLT2'!$B$4:$B$640-2,1),7))))),IF($B25=\"1 Truck\",\nIF($Z25=\"Class_8\",INDEX('ER C8 FLT1'!$A$4:$J$640,MATCH($W25&$C25,'ER C8 FLT1'!$A$4:$A$640&'ER C8 FLT1'!$B$4:$B$640-2,1),5)*IF($Z25=\"Class_8\",INDEX('ER C8 FLT1'!$A$4:$J$640,MATCH($W25&$C25,'ER C8 FLT1'!$A$4:$A$640&'ER C8 FLT1'!$B$4:$B$640-2,1),7)),IF($Z25=\"Class_7\",INDEX('ER C7 FLT1'!$A$4:$J$640,MATCH($W25&$C25,'ER C7 FLT1'!$A$4:$A$640&'ER C7 FLT1'!$B$4:$B$640-2,1),5)*IF($Z25=\"Class_7\",INDEX('ER C7 FLT1'!$A$4:$J$640,MATCH($W25&$C25,'ER C7 FLT1'!$A$4:$A$640&'ER C7 FLT1'!$B$4:$B$640-2,1),7)),\nIF($Z25=\"Class_6\",INDEX('ER C6 FLT1'!$A$4:$J$640,MATCH($W25&$C25,'ER C6 FLT1'!$A$4:$A$640&'ER C6 FLT1'!$B$4:$B$640-2,1),5)*IF($Z25=\"Class_6\",INDEX('ER C6 FLT1'!$A$4:$J$640,MATCH($W25&$C25,'ER C6 FLT1'!$A$4:$A$640&'ER C6 FLT1'!$B$4:$B$640-2,1),7))))))))*IF($X25=\"Level 3 PM + Mark I NOx\",0.75,1)*($AC25/453.6)-IF(DB25=0,CK25,0)","v":0},{"$f":"MAX(0,DB25+DC25)","v":0},0,{"$f":"IF($B25=\"3+ Trucks\",IF($Z25=\"Class_8\",INDEX('ER C8 FLT3'!$A$4:$J$640,MATCH($W25&$C25,'ER C8 FLT3'!$A$4:$A$640&'ER C8 FLT3'!$B$4:$B$640-3,1),5)*IF($Z25=\"Class_8\",INDEX('ER C8 FLT3'!$A$4:$J$640,MATCH($W25&$C25,'ER C8 FLT3'!$A$4:$A$640&'ER C8 FLT3'!$B$4:$B$640-3,1),7)),IF($Z25=\"Class_7\",INDEX('ER C7 FLT3'!$A$4:$J$640,MATCH($W25&$C25,'ER C7 FLT3'!$A$4:$A$640&'ER C7 FLT3'!$B$4:$B$640-3,1),5)*IF($Z25=\"Class_7\",INDEX('ER C7 FLT3'!$A$4:$J$640,MATCH($W25&$C25,'ER C7 FLT3'!$A$4:$A$640&'ER C7 FLT3'!$B$4:$B$640-3,1),7)),\nIF($Z25=\"Class_6\",INDEX('ER C6 FLT3'!$A$4:$J$640,MATCH($W25&$C25,'ER C6 FLT3'!$A$4:$A$640&'ER C6 FLT3'!$B$4:$B$640-3,1),5)*IF($Z25=\"Class_6\",INDEX('ER C6 FLT3'!$A$4:$L$640,MATCH($W25&$C25,'ER C6 FLT3'!$A$4:$A$640&'ER C6 FLT3'!$B$4:$B$640-3,1),7))))),IF($B25=\"2 Trucks\",IF($Z25=\"Class_8\",INDEX('ER C8 FLT2'!$A$4:$J$640,MATCH($W25&$C25,'ER C8 FLT2'!$A$4:$A$640&'ER C8 FLT2'!$B$4:$B$640-3,1),5)*IF($Z25=\"Class_8\",INDEX('ER C8 FLT2'!$A$4:$J$640,MATCH($W25&$C25,'ER C8 FLT2'!$A$4:$A$640&'ER C8 FLT2'!$B$4:$B$640-3,1),7)),IF($Z25=\"Class_7\",INDEX('ER C7 FLT2'!$A$4:$J$640,MATCH($W25&$C25,'ER C7 FLT2'!$A$4:$A$640&'ER C7 FLT2'!$B$4:$B$640-3,1),5)*IF($Z25=\"Class_7\",INDEX('ER C7 FLT2'!$A$4:$J$640,MATCH($W25&$C25,'ER C7 FLT2'!$A$4:$A$640&'ER C7 FLT2'!$B$4:$B$640-3,1),7)),IF($Z25=\"Class_6\",INDEX('ER C6 FLT2'!$A$4:$J$640,MATCH($W25&$C25,'ER C6 FLT2'!$A$4:$A$640&'ER C6 FLT2'!$B$4:$B$640-3,1),5)*IF($Z25=\"Class_6\",INDEX('ER C6 FLT2'!$A$4:$J$640,MATCH($W25&$C25,'ER C6 FLT2'!$A$4:$A$640&'ER C6 FLT2'!$B$4:$B$640-3,1),7))))),IF($B25=\"1 Truck\",\nIF($Z25=\"Class_8\",INDEX('ER C8 FLT1'!$A$4:$J$640,MATCH($W25&$C25,'ER C8 FLT1'!$A$4:$A$640&'ER C8 FLT1'!$B$4:$B$640-3,1),5)*IF($Z25=\"Class_8\",INDEX('ER C8 FLT1'!$A$4:$J$640,MATCH($W25&$C25,'ER C8 FLT1'!$A$4:$A$640&'ER C8 FLT1'!$B$4:$B$640-3,1),7)),IF($Z25=\"Class_7\",INDEX('ER C7 FLT1'!$A$4:$J$640,MATCH($W25&$C25,'ER C7 FLT1'!$A$4:$A$640&'ER C7 FLT1'!$B$4:$B$640-3,1),5)*IF($Z25=\"Class_7\",INDEX('ER C7 FLT1'!$A$4:$J$640,MATCH($W25&$C25,'ER C7 FLT1'!$A$4:$A$640&'ER C7 FLT1'!$B$4:$B$640-3,1),7)),\nIF($Z25=\"Class_6\",INDEX('ER C6 FLT1'!$A$4:$J$640,MATCH($W25&$C25,'ER C6 FLT1'!$A$4:$A$640&'ER C6 FLT1'!$B$4:$B$640-3,1),5)*IF($Z25=\"Class_6\",INDEX('ER C6 FLT1'!$A$4:$J$640,MATCH($W25&$C25,'ER C6 FLT1'!$A$4:$A$640&'ER C6 FLT1'!$B$4:$B$640-3,1),7))))))))*IF($X25=\"Level 3 PM + Mark I NOx\",0.75,1)*($AC25/453.6)-IF(DE25=0,CL25,0)","v":0},{"$f":"MAX(0,DE25+DF25)","v":0},0,{"$f":"IF($B25=\"3+ Trucks\",IF($Z25=\"Class_8\",INDEX('ER C8 FLT3'!$A$4:$J$640,MATCH($W25&$C25,'ER C8 FLT3'!$A$4:$A$640&'ER C8 FLT3'!$B$4:$B$640-4,1),5)*IF($Z25=\"Class_8\",INDEX('ER C8 FLT3'!$A$4:$J$640,MATCH($W25&$C25,'ER C8 FLT3'!$A$4:$A$640&'ER C8 FLT3'!$B$4:$B$640-4,1),7)),IF($Z25=\"Class_7\",INDEX('ER C7 FLT3'!$A$4:$J$640,MATCH($W25&$C25,'ER C7 FLT3'!$A$4:$A$640&'ER C7 FLT3'!$B$4:$B$640-4,1),5)*IF($Z25=\"Class_7\",INDEX('ER C7 FLT3'!$A$4:$J$640,MATCH($W25&$C25,'ER C7 FLT3'!$A$4:$A$640&'ER C7 FLT3'!$B$4:$B$640-4,1),7)),\nIF($Z25=\"Class_6\",INDEX('ER C6 FLT3'!$A$4:$J$640,MATCH($W25&$C25,'ER C6 FLT3'!$A$4:$A$640&'ER C6 FLT3'!$B$4:$B$640-4,1),5)*IF($Z25=\"Class_6\",INDEX('ER C6 FLT3'!$A$4:$L$640,MATCH($W25&$C25,'ER C6 FLT3'!$A$4:$A$640&'ER C6 FLT3'!$B$4:$B$640-4,1),7))))),IF($B25=\"2 Trucks\",IF($Z25=\"Class_8\",INDEX('ER C8 FLT2'!$A$4:$J$640,MATCH($W25&$C25,'ER C8 FLT2'!$A$4:$A$640&'ER C8 FLT2'!$B$4:$B$640-4,1),5)*IF($Z25=\"Class_8\",INDEX('ER C8 FLT2'!$A$4:$J$640,MATCH($W25&$C25,'ER C8 FLT2'!$A$4:$A$640&'ER C8 FLT2'!$B$4:$B$640-4,1),7)),IF($Z25=\"Class_7\",INDEX('ER C7 FLT2'!$A$4:$J$640,MATCH($W25&$C25,'ER C7 FLT2'!$A$4:$A$640&'ER C7 FLT2'!$B$4:$B$640-4,1),5)*IF($Z25=\"Class_7\",INDEX('ER C7 FLT2'!$A$4:$J$640,MATCH($W25&$C25,'ER C7 FLT2'!$A$4:$A$640&'ER C7 FLT2'!$B$4:$B$640-4,1),7)),IF($Z25=\"Class_6\",INDEX('ER C6 FLT2'!$A$4:$J$640,MATCH($W25&$C25,'ER C6 FLT2'!$A$4:$A$640&'ER C6 FLT2'!$B$4:$B$640-4,1),5)*IF($Z25=\"Class_6\",INDEX('ER C6 FLT2'!$A$4:$J$640,MATCH($W25&$C25,'ER C6 FLT2'!$A$4:$A$640&'ER C6 FLT2'!$B$4:$B$640-4,1),7))))),IF($B25=\"1 Truck\",\nIF($Z25=\"Class_8\",INDEX('ER C8 FLT1'!$A$4:$J$640,MATCH($W25&$C25,'ER C8 FLT1'!$A$4:$A$640&'ER C8 FLT1'!$B$4:$B$640-4,1),5)*IF($Z25=\"Class_8\",INDEX('ER C8 FLT1'!$A$4:$J$640,MATCH($W25&$C25,'ER C8 FLT1'!$A$4:$A$640&'ER C8 FLT1'!$B$4:$B$640-4,1),7)),IF($Z25=\"Class_7\",INDEX('ER C7 FLT1'!$A$4:$J$640,MATCH($W25&$C25,'ER C7 FLT1'!$A$4:$A$640&'ER C7 FLT1'!$B$4:$B$640-4,1),5)*IF($Z25=\"Class_7\",INDEX('ER C7 FLT1'!$A$4:$J$640,MATCH($W25&$C25,'ER C7 FLT1'!$A$4:$A$640&'ER C7 FLT1'!$B$4:$B$640-4,1),7)),\nIF($Z25=\"Class_6\",INDEX('ER C6 FLT1'!$A$4:$J$640,MATCH($W25&$C25,'ER C6 FLT1'!$A$4:$A$640&'ER C6 FLT1'!$B$4:$B$640-4,1),5)*IF($Z25=\"Class_6\",INDEX('ER C6 FLT1'!$A$4:$J$640,MATCH($W25&$C25,'ER C6 FLT1'!$A$4:$A$640&'ER C6 FLT1'!$B$4:$B$640-4,1),7))))))))*IF($X25=\"Level 3 PM + Mark I NOx\",0.75,1)*($AC25/453.6)-IF(DH25=0,CM25,0)","v":0},{"$f":"MAX(0,DH25+DI25)","v":0},{"$f":"MAX(0,CX25+DA25+DD25+DG25+DJ25)","v":0},{"$f":"IF($B25=\"3+ Trucks\",IF(OR($H25=\"Class_8\",$N25=\"Replacement8HHD\",$AH25=\"CL7HHD\",$AJ25=\"CL7to8\"),INDEX('ER C8 FLT3'!$A$4:$J$640,MATCH($E25&$C25,'ER C8 FLT3'!$A$4:$A$640&'ER C8 FLT3'!$B$4:$B$640,1),10),IF($H25=\"Class_7\",INDEX('ER C7 FLT3'!$A$4:$J$640,MATCH($E25&$C25,'ER C7 FLT3'!$A$4:$A$640&'ER C7 FLT3'!$B$4:$B$640,1),10),IF($H25=\"Class_6\",INDEX('ER C6 FLT3'!$A$4:$J$640,MATCH($E25&$C25,'ER C6 FLT3'!$A$4:$A$640&'ER C6 FLT3'!$B$4:$B$640,1),10)))),IF($B25=\"2 Trucks\",IF(OR($H25=\"Class_8\",$N25=\"Replacement8HHD\",$AH25=\"CL7HHD\",$AJ25=\"CL7to8\"),INDEX('ER C8 FLT2'!$A$4:$J$640,MATCH($E25&$C25,'ER C8 FLT2'!$A$4:$A$640&'ER C8 FLT2'!$B$4:$B$640,1),10),IF($H25=\"Class_7\",INDEX('ER C7 FLT2'!$A$4:$J$640,MATCH($E25&$C25,'ER C7 FLT2'!$A$4:$A$640&'ER C7 FLT2'!$B$4:$B$640,1),10),IF($H25=\"Class_6\",INDEX('ER C6 FLT2'!$A$4:$J$640,MATCH($E25&$C25,'ER C6 FLT2'!$A$4:$A$640&'ER C6 FLT2'!$B$4:$B$640,1),10)))),IF($B25=\"1 Truck\",\nIF(OR($H25=\"Class_8\",$N25=\"Replacement8HHD\",$AH25=\"CL7HHD\",$AJ25=\"CL7to8\"),INDEX('ER C8 FLT1'!$A$4:$J$640,MATCH($E25&$C25,'ER C8 FLT1'!$A$4:$A$640&'ER C8 FLT1'!$B$4:$B$640,1),10),IF($H25=\"Class_7\",INDEX('ER C7 FLT1'!$A$4:$J$640,MATCH($E25&$C25,'ER C7 FLT1'!$A$4:$A$640&'ER C7 FLT1'!$B$4:$B$640,1),10),\nIF($H25=\"Class_6\",INDEX('ER C6 FLT1'!$A$4:$J$640,MATCH($E25&$C25,'ER C6 FLT1'!$A$4:$A$640&'ER C6 FLT1'!$B$4:$B$640,1),10)))))))*($Q25/453.6)","v":0},{"$f":"IF($B25=\"3+ Trucks\",IF(OR($H25=\"Class_8\",$N25=\"Replacement8HHD\",$AH25=\"CL7HHD\",$AJ25=\"CL7to8\"),INDEX('ER C8 FLT3'!$A$4:$J$640,MATCH($E25&$C25,'ER C8 FLT3'!$A$4:$A$640&'ER C8 FLT3'!$B$4:$B$640-1,1),10),IF($H25=\"Class_7\",INDEX('ER C7 FLT3'!$A$4:$J$640,MATCH($E25&$C25,'ER C7 FLT3'!$A$4:$A$640&'ER C7 FLT3'!$B$4:$B$640-1,1),10),IF($H25=\"Class_6\",INDEX('ER C6 FLT3'!$A$4:$J$640,MATCH($E25&$C25,'ER C6 FLT3'!$A$4:$A$640&'ER C6 FLT3'!$B$4:$B$640-1,1),10)))),IF($B25=\"2 Trucks\",IF(OR($H25=\"Class_8\",$N25=\"Replacement8HHD\",$AH25=\"CL7HHD\",$AJ25=\"CL7to8\"),INDEX('ER C8 FLT2'!$A$4:$J$640,MATCH($E25&$C25,'ER C8 FLT2'!$A$4:$A$640&'ER C8 FLT2'!$B$4:$B$640-1,1),10),IF($H25=\"Class_7\",INDEX('ER C7 FLT2'!$A$4:$J$640,MATCH($E25&$C25,'ER C7 FLT2'!$A$4:$A$640&'ER C7 FLT2'!$B$4:$B$640-1,1),10),IF($H25=\"Class_6\",INDEX('ER C6 FLT2'!$A$4:$J$640,MATCH($E25&$C25,'ER C6 FLT2'!$A$4:$A$640&'ER C6 FLT2'!$B$4:$B$640-1,1),10)))),IF($B25=\"1 Truck\",\nIF(OR($H25=\"Class_8\",$N25=\"Replacement8HHD\",$AH25=\"CL7HHD\",$AJ25=\"CL7to8\"),INDEX('ER C8 FLT1'!$A$4:$J$640,MATCH($E25&$C25,'ER C8 FLT1'!$A$4:$A$640&'ER C8 FLT1'!$B$4:$B$640-1,1),10),IF($H25=\"Class_7\",INDEX('ER C7 FLT1'!$A$4:$J$640,MATCH($E25&$C25,'ER C7 FLT1'!$A$4:$A$640&'ER C7 FLT1'!$B$4:$B$640-1,1),10),\nIF($H25=\"Class_6\",INDEX('ER C6 FLT1'!$A$4:$J$640,MATCH($E25&$C25,'ER C6 FLT1'!$A$4:$A$640&'ER C6 FLT1'!$B$4:$B$640-1,1),10)))))))*($Q25/453.6)","v":0},{"$f":"IF($B25=\"3+ Trucks\",IF(OR($H25=\"Class_8\",$N25=\"Replacement8HHD\",$AH25=\"CL7HHD\",$AJ25=\"CL7to8\"),INDEX('ER C8 FLT3'!$A$4:$J$640,MATCH($E25&$C25,'ER C8 FLT3'!$A$4:$A$640&'ER C8 FLT3'!$B$4:$B$640-2,1),10),IF($H25=\"Class_7\",INDEX('ER C7 FLT3'!$A$4:$J$640,MATCH($E25&$C25,'ER C7 FLT3'!$A$4:$A$640&'ER C7 FLT3'!$B$4:$B$640-2,1),10),IF($H25=\"Class_6\",INDEX('ER C6 FLT3'!$A$4:$J$640,MATCH($E25&$C25,'ER C6 FLT3'!$A$4:$A$640&'ER C6 FLT3'!$B$4:$B$640-2,1),10)))),IF($B25=\"2 Trucks\",IF(OR($H25=\"Class_8\",$N25=\"Replacement8HHD\",$AH25=\"CL7HHD\",$AJ25=\"CL7to8\"),INDEX('ER C8 FLT2'!$A$4:$J$640,MATCH($E25&$C25,'ER C8 FLT2'!$A$4:$A$640&'ER C8 FLT2'!$B$4:$B$640-2,1),10),IF($H25=\"Class_7\",INDEX('ER C7 FLT2'!$A$4:$J$640,MATCH($E25&$C25,'ER C7 FLT2'!$A$4:$A$640&'ER C7 FLT2'!$B$4:$B$640-2,1),10),IF($H25=\"Class_6\",INDEX('ER C6 FLT2'!$A$4:$J$640,MATCH($E25&$C25,'ER C6 FLT2'!$A$4:$A$640&'ER C6 FLT2'!$B$4:$B$640-2,1),10)))),IF($B25=\"1 Truck\",\nIF(OR($H25=\"Class_8\",$N25=\"Replacement8HHD\",$AH25=\"CL7HHD\",$AJ25=\"CL7to8\"),INDEX('ER C8 FLT1'!$A$4:$J$640,MATCH($E25&$C25,'ER C8 FLT1'!$A$4:$A$640&'ER C8 FLT1'!$B$4:$B$640-2,1),10),IF($H25=\"Class_7\",INDEX('ER C7 FLT1'!$A$4:$J$640,MATCH($E25&$C25,'ER C7 FLT1'!$A$4:$A$640&'ER C7 FLT1'!$B$4:$B$640-2,1),10),\nIF($H25=\"Class_6\",INDEX('ER C6 FLT1'!$A$4:$J$640,MATCH($E25&$C25,'ER C6 FLT1'!$A$4:$A$640&'ER C6 FLT1'!$B$4:$B$640-2,1),10)))))))*($Q25/453.6)","v":0},{"$f":"IF($B25=\"3+ Trucks\",IF(OR($H25=\"Class_8\",$N25=\"Replacement8HHD\",$AH25=\"CL7HHD\",$AJ25=\"CL7to8\"),INDEX('ER C8 FLT3'!$A$4:$J$640,MATCH($E25&$C25,'ER C8 FLT3'!$A$4:$A$640&'ER C8 FLT3'!$B$4:$B$640-3,1),10),IF($H25=\"Class_7\",INDEX('ER C7 FLT3'!$A$4:$J$640,MATCH($E25&$C25,'ER C7 FLT3'!$A$4:$A$640&'ER C7 FLT3'!$B$4:$B$640-3,1),10),IF($H25=\"Class_6\",INDEX('ER C6 FLT3'!$A$4:$J$640,MATCH($E25&$C25,'ER C6 FLT3'!$A$4:$A$640&'ER C6 FLT3'!$B$4:$B$640-3,1),10)))),IF($B25=\"2 Trucks\",IF(OR($H25=\"Class_8\",$N25=\"Replacement8HHD\",$AH25=\"CL7HHD\",$AJ25=\"CL7to8\"),INDEX('ER C8 FLT2'!$A$4:$J$640,MATCH($E25&$C25,'ER C8 FLT2'!$A$4:$A$640&'ER C8 FLT2'!$B$4:$B$640-3,1),10),IF($H25=\"Class_7\",INDEX('ER C7 FLT2'!$A$4:$J$640,MATCH($E25&$C25,'ER C7 FLT2'!$A$4:$A$640&'ER C7 FLT2'!$B$4:$B$640-3,1),10),IF($H25=\"Class_6\",INDEX('ER C6 FLT2'!$A$4:$J$640,MATCH($E25&$C25,'ER C6 FLT2'!$A$4:$A$640&'ER C6 FLT2'!$B$4:$B$640-3,1),10)))),IF($B25=\"1 Truck\",\nIF(OR($H25=\"Class_8\",$N25=\"Replacement8HHD\",$AH25=\"CL7HHD\",$AJ25=\"CL7to8\"),INDEX('ER C8 FLT1'!$A$4:$J$640,MATCH($E25&$C25,'ER C8 FLT1'!$A$4:$A$640&'ER C8 FLT1'!$B$4:$B$640-3,1),10),IF($H25=\"Class_7\",INDEX('ER C7 FLT1'!$A$4:$J$640,MATCH($E25&$C25,'ER C7 FLT1'!$A$4:$A$640&'ER C7 FLT1'!$B$4:$B$640-3,1),10),\nIF($H25=\"Class_6\",INDEX('ER C6 FLT1'!$A$4:$J$640,MATCH($E25&$C25,'ER C6 FLT1'!$A$4:$A$640&'ER C6 FLT1'!$B$4:$B$640-3,1),10)))))))*($Q25/453.6)","v":0},{"$f":"IF($B25=\"3+ Trucks\",IF(OR($H25=\"Class_8\",$N25=\"Replacement8HHD\",$AH25=\"CL7HHD\",$AJ25=\"CL7to8\"),INDEX('ER C8 FLT3'!$A$4:$J$640,MATCH($E25&$C25,'ER C8 FLT3'!$A$4:$A$640&'ER C8 FLT3'!$B$4:$B$640-4,1),10),IF($H25=\"Class_7\",INDEX('ER C7 FLT3'!$A$4:$J$640,MATCH($E25&$C25,'ER C7 FLT3'!$A$4:$A$640&'ER C7 FLT3'!$B$4:$B$640-4,1),10),IF($H25=\"Class_6\",INDEX('ER C6 FLT3'!$A$4:$J$640,MATCH($E25&$C25,'ER C6 FLT3'!$A$4:$A$640&'ER C6 FLT3'!$B$4:$B$640-4,1),10)))),IF($B25=\"2 Trucks\",IF(OR($H25=\"Class_8\",$N25=\"Replacement8HHD\",$AH25=\"CL7HHD\",$AJ25=\"CL7to8\"),INDEX('ER C8 FLT2'!$A$4:$J$640,MATCH($E25&$C25,'ER C8 FLT2'!$A$4:$A$640&'ER C8 FLT2'!$B$4:$B$640-4,1),10),IF($H25=\"Class_7\",INDEX('ER C7 FLT2'!$A$4:$J$640,MATCH($E25&$C25,'ER C7 FLT2'!$A$4:$A$640&'ER C7 FLT2'!$B$4:$B$640-4,1),10),IF($H25=\"Class_6\",INDEX('ER C6 FLT2'!$A$4:$J$640,MATCH($E25&$C25,'ER C6 FLT2'!$A$4:$A$640&'ER C6 FLT2'!$B$4:$B$640-4,1),10)))),IF($B25=\"1 Truck\",\nIF(OR($H25=\"Class_8\",$N25=\"Replacement8HHD\",$AH25=\"CL7HHD\",$AJ25=\"CL7to8\"),INDEX('ER C8 FLT1'!$A$4:$J$640,MATCH($E25&$C25,'ER C8 FLT1'!$A$4:$A$640&'ER C8 FLT1'!$B$4:$B$640-4,1),10),IF($H25=\"Class_7\",INDEX('ER C7 FLT1'!$A$4:$J$640,MATCH($E25&$C25,'ER C7 FLT1'!$A$4:$A$640&'ER C7 FLT1'!$B$4:$B$640-4,1),10),\nIF($H25=\"Class_6\",INDEX('ER C6 FLT1'!$A$4:$J$640,MATCH($E25&$C25,'ER C6 FLT1'!$A$4:$A$640&'ER C6 FLT1'!$B$4:$B$640-4,1),10)))))))*($Q25/453.6)","v":0},{"$f":"IF($B25=\"3+ Trucks\",IF(OR($H25=\"Class_8\",$N25=\"Replacement8HHD\",$AH25=\"CL7HHD\",$AJ25=\"CL7to8\"),INDEX('ER C8 FLT3'!$A$4:$J$640,MATCH($E25&$C25,'ER C8 FLT3'!$A$4:$A$640&'ER C8 FLT3'!$B$4:$B$640,1),10),IF($H25=\"Class_7\",INDEX('ER C7 FLT3'!$A$4:$J$640,MATCH($E25&$C25,'ER C7 FLT3'!$A$4:$A$640&'ER C7 FLT3'!$B$4:$B$640,1),10),IF($H25=\"Class_6\",INDEX('ER C6 FLT3'!$A$4:$J$640,MATCH($E25&$C25,'ER C6 FLT3'!$A$4:$A$640&'ER C6 FLT3'!$B$4:$B$640,1),10)))),IF($B25=\"2 Trucks\",IF(OR($H25=\"Class_8\",$N25=\"Replacement8HHD\",$AH25=\"CL7HHD\",$AJ25=\"CL7to8\"),INDEX('ER C8 FLT2'!$A$4:$J$640,MATCH($E25&$C25,'ER C8 FLT2'!$A$4:$A$640&'ER C8 FLT2'!$B$4:$B$640,1),10),IF($H25=\"Class_7\",INDEX('ER C7 FLT2'!$A$4:$J$640,MATCH($E25&$C25,'ER C7 FLT2'!$A$4:$A$640&'ER C7 FLT2'!$B$4:$B$640,1),10),IF($H25=\"Class_6\",INDEX('ER C6 FLT2'!$A$4:$J$640,MATCH($E25&$C25,'ER C6 FLT2'!$A$4:$A$640&'ER C6 FLT2'!$B$4:$B$640,1),10)))),IF($B25=\"1 Truck\",\nIF(OR($H25=\"Class_8\",$N25=\"Replacement8HHD\",$AH25=\"CL7HHD\",$AJ25=\"CL7to8\"),INDEX('ER C8 FLT1'!$A$4:$J$640,MATCH($E25&$C25,'ER C8 FLT1'!$A$4:$A$640&'ER C8 FLT1'!$B$4:$B$640,1),10),IF($H25=\"Class_7\",INDEX('ER C7 FLT1'!$A$4:$J$640,MATCH($E25&$C25,'ER C7 FLT1'!$A$4:$A$640&'ER C7 FLT1'!$B$4:$B$640,1),10),IF($H25=\"Class_6\",INDEX('ER C6 FLT1'!$A$4:$J$640,MATCH($E25&$C25,'ER C6 FLT1'!$A$4:$A$640&'ER C6 FLT1'!$B$4:$B$640,1),10)))))))","v":false},{"$f":"IF($B25=\"3+ Trucks\",IF(OR($H25=\"Class_8\",$N25=\"Replacement8HHD\",$AH25=\"CL7HHD\",$AJ25=\"CL7to8\"),INDEX('ER C8 FLT3'!$A$4:$J$640,MATCH($E25&$C25,'ER C8 FLT3'!$A$4:$A$640&'ER C8 FLT3'!$B$4:$B$640-1,1),10),IF($H25=\"Class_7\",INDEX('ER C7 FLT3'!$A$4:$J$640,MATCH($E25&$C25,'ER C7 FLT3'!$A$4:$A$640&'ER C7 FLT3'!$B$4:$B$640-1,1),10),IF($H25=\"Class_6\",INDEX('ER C6 FLT3'!$A$4:$J$640,MATCH($E25&$C25,'ER C6 FLT3'!$A$4:$A$640&'ER C6 FLT3'!$B$4:$B$640-1,1),10)))),IF($B25=\"2 Trucks\",IF(OR($H25=\"Class_8\",$N25=\"Replacement8HHD\",$AH25=\"CL7HHD\",$AJ25=\"CL7to8\"),INDEX('ER C8 FLT2'!$A$4:$J$640,MATCH($E25&$C25,'ER C8 FLT2'!$A$4:$A$640&'ER C8 FLT2'!$B$4:$B$640-1,1),10),IF($H25=\"Class_7\",INDEX('ER C7 FLT2'!$A$4:$J$640,MATCH($E25&$C25,'ER C7 FLT2'!$A$4:$A$640&'ER C7 FLT2'!$B$4:$B$640-1,1),10),IF($H25=\"Class_6\",INDEX('ER C6 FLT2'!$A$4:$J$640,MATCH($E25&$C25,'ER C6 FLT2'!$A$4:$A$640&'ER C6 FLT2'!$B$4:$B$640-1,1),10)))),IF($B25=\"1 Truck\",\nIF(OR($H25=\"Class_8\",$N25=\"Replacement8HHD\",$AH25=\"CL7HHD\",$AJ25=\"CL7to8\"),INDEX('ER C8 FLT1'!$A$4:$J$640,MATCH($E25&$C25,'ER C8 FLT1'!$A$4:$A$640&'ER C8 FLT1'!$B$4:$B$640-1,1),10),IF($H25=\"Class_7\",INDEX('ER C7 FLT1'!$A$4:$J$640,MATCH($E25&$C25,'ER C7 FLT1'!$A$4:$A$640&'ER C7 FLT1'!$B$4:$B$640-1,1),10),IF($H25=\"Class_6\",INDEX('ER C6 FLT1'!$A$4:$J$640,MATCH($E25&$C25,'ER C6 FLT1'!$A$4:$A$640&'ER C6 FLT1'!$B$4:$B$640-1,1),10)))))))","v":false},{"$f":"IF($B25=\"3+ Trucks\",IF(OR($H25=\"Class_8\",$N25=\"Replacement8HHD\",$AH25=\"CL7HHD\",$AJ25=\"CL7to8\"),INDEX('ER C8 FLT3'!$A$4:$J$640,MATCH($E25&$C25,'ER C8 FLT3'!$A$4:$A$640&'ER C8 FLT3'!$B$4:$B$640-2,1),10),IF($H25=\"Class_7\",INDEX('ER C7 FLT3'!$A$4:$J$640,MATCH($E25&$C25,'ER C7 FLT3'!$A$4:$A$640&'ER C7 FLT3'!$B$4:$B$640-2,1),10),IF($H25=\"Class_6\",INDEX('ER C6 FLT3'!$A$4:$J$640,MATCH($E25&$C25,'ER C6 FLT3'!$A$4:$A$640&'ER C6 FLT3'!$B$4:$B$640-2,1),10)))),IF($B25=\"2 Trucks\",IF(OR($H25=\"Class_8\",$N25=\"Replacement8HHD\",$AH25=\"CL7HHD\",$AJ25=\"CL7to8\"),INDEX('ER C8 FLT2'!$A$4:$J$640,MATCH($E25&$C25,'ER C8 FLT2'!$A$4:$A$640&'ER C8 FLT2'!$B$4:$B$640-2,1),10),IF($H25=\"Class_7\",INDEX('ER C7 FLT2'!$A$4:$J$640,MATCH($E25&$C25,'ER C7 FLT2'!$A$4:$A$640&'ER C7 FLT2'!$B$4:$B$640-2,1),10),IF($H25=\"Class_6\",INDEX('ER C6 FLT2'!$A$4:$J$640,MATCH($E25&$C25,'ER C6 FLT2'!$A$4:$A$640&'ER C6 FLT2'!$B$4:$B$640-2,1),10)))),IF($B25=\"1 Truck\",\nIF(OR($H25=\"Class_8\",$N25=\"Replacement8HHD\",$AH25=\"CL7HHD\",$AJ25=\"CL7to8\"),INDEX('ER C8 FLT1'!$A$4:$J$640,MATCH($E25&$C25,'ER C8 FLT1'!$A$4:$A$640&'ER C8 FLT1'!$B$4:$B$640-2,1),10),IF($H25=\"Class_7\",INDEX('ER C7 FLT1'!$A$4:$J$640,MATCH($E25&$C25,'ER C7 FLT1'!$A$4:$A$640&'ER C7 FLT1'!$B$4:$B$640-2,1),10),IF($H25=\"Class_6\",INDEX('ER C6 FLT1'!$A$4:$J$640,MATCH($E25&$C25,'ER C6 FLT1'!$A$4:$A$640&'ER C6 FLT1'!$B$4:$B$640-2,1),10)))))))","v":false},{"$f":"IF($B25=\"3+ Trucks\",IF(OR($H25=\"Class_8\",$N25=\"Replacement8HHD\",$AH25=\"CL7HHD\",$AJ25=\"CL7to8\"),INDEX('ER C8 FLT3'!$A$4:$J$640,MATCH($E25&$C25,'ER C8 FLT3'!$A$4:$A$640&'ER C8 FLT3'!$B$4:$B$640-3,1),10),IF($H25=\"Class_7\",INDEX('ER C7 FLT3'!$A$4:$J$640,MATCH($E25&$C25,'ER C7 FLT3'!$A$4:$A$640&'ER C7 FLT3'!$B$4:$B$640-3,1),10),IF($H25=\"Class_6\",INDEX('ER C6 FLT3'!$A$4:$J$640,MATCH($E25&$C25,'ER C6 FLT3'!$A$4:$A$640&'ER C6 FLT3'!$B$4:$B$640-3,1),10)))),IF($B25=\"2 Trucks\",IF(OR($H25=\"Class_8\",$N25=\"Replacement8HHD\",$AH25=\"CL7HHD\",$AJ25=\"CL7to8\"),INDEX('ER C8 FLT2'!$A$4:$J$640,MATCH($E25&$C25,'ER C8 FLT2'!$A$4:$A$640&'ER C8 FLT2'!$B$4:$B$640-3,1),10),IF($H25=\"Class_7\",INDEX('ER C7 FLT2'!$A$4:$J$640,MATCH($E25&$C25,'ER C7 FLT2'!$A$4:$A$640&'ER C7 FLT2'!$B$4:$B$640-3,1),10),IF($H25=\"Class_6\",INDEX('ER C6 FLT2'!$A$4:$J$640,MATCH($E25&$C25,'ER C6 FLT2'!$A$4:$A$640&'ER C6 FLT2'!$B$4:$B$640-3,1),10)))),IF($B25=\"1 Truck\",\nIF(OR($H25=\"Class_8\",$N25=\"Replacement8HHD\",$AH25=\"CL7HHD\",$AJ25=\"CL7to8\"),INDEX('ER C8 FLT1'!$A$4:$J$640,MATCH($E25&$C25,'ER C8 FLT1'!$A$4:$A$640&'ER C8 FLT1'!$B$4:$B$640-3,1),10),IF($H25=\"Class_7\",INDEX('ER C7 FLT1'!$A$4:$J$640,MATCH($E25&$C25,'ER C7 FLT1'!$A$4:$A$640&'ER C7 FLT1'!$B$4:$B$640-3,1),10),IF($H25=\"Class_6\",INDEX('ER C6 FLT1'!$A$4:$J$640,MATCH($E25&$C25,'ER C6 FLT1'!$A$4:$A$640&'ER C6 FLT1'!$B$4:$B$640-3,1),10)))))))","v":false},{"$f":"IF($B25=\"3+ Trucks\",IF(OR($H25=\"Class_8\",$N25=\"Replacement8HHD\",$AH25=\"CL7HHD\",$AJ25=\"CL7to8\"),INDEX('ER C8 FLT3'!$A$4:$J$640,MATCH($E25&$C25,'ER C8 FLT3'!$A$4:$A$640&'ER C8 FLT3'!$B$4:$B$640-4,1),10),IF($H25=\"Class_7\",INDEX('ER C7 FLT3'!$A$4:$J$640,MATCH($E25&$C25,'ER C7 FLT3'!$A$4:$A$640&'ER C7 FLT3'!$B$4:$B$640-4,1),10),IF($H25=\"Class_6\",INDEX('ER C6 FLT3'!$A$4:$J$640,MATCH($E25&$C25,'ER C6 FLT3'!$A$4:$A$640&'ER C6 FLT3'!$B$4:$B$640-4,1),10)))),IF($B25=\"2 Trucks\",IF(OR($H25=\"Class_8\",$N25=\"Replacement8HHD\",$AH25=\"CL7HHD\",$AJ25=\"CL7to8\"),INDEX('ER C8 FLT2'!$A$4:$J$640,MATCH($E25&$C25,'ER C8 FLT2'!$A$4:$A$640&'ER C8 FLT2'!$B$4:$B$640-4,1),10),IF($H25=\"Class_7\",INDEX('ER C7 FLT2'!$A$4:$J$640,MATCH($E25&$C25,'ER C7 FLT2'!$A$4:$A$640&'ER C7 FLT2'!$B$4:$B$640-4,1),10),IF($H25=\"Class_6\",INDEX('ER C6 FLT2'!$A$4:$J$640,MATCH($E25&$C25,'ER C6 FLT2'!$A$4:$A$640&'ER C6 FLT2'!$B$4:$B$640-4,1),10)))),IF($B25=\"1 Truck\",\nIF(OR($H25=\"Class_8\",$N25=\"Replacement8HHD\",$AH25=\"CL7HHD\",$AJ25=\"CL7to8\"),INDEX('ER C8 FLT1'!$A$4:$J$640,MATCH($E25&$C25,'ER C8 FLT1'!$A$4:$A$640&'ER C8 FLT1'!$B$4:$B$640-4,1),10),IF($H25=\"Class_7\",INDEX('ER C7 FLT1'!$A$4:$J$640,MATCH($E25&$C25,'ER C7 FLT1'!$A$4:$A$640&'ER C7 FLT1'!$B$4:$B$640-4,1),10),IF($H25=\"Class_6\",INDEX('ER C6 FLT1'!$A$4:$J$640,MATCH($E25&$C25,'ER C6 FLT1'!$A$4:$A$640&'ER C6 FLT1'!$B$4:$B$640-4,1),10)))))))","v":false},{"$f":"IF(OR($R25=\"Diesel\",$R25=\"LNG/CNG\",$R25=\"Hybrid\",$R25=\"Electric w/ AB-118\"),IF($B25=\"3+ Trucks\",IF(OR($O25=\"Class_8\",$N25=\"Replacement8HHD\",$AI25=\"CL7HHD\"),INDEX('ER C8 FLT3'!$A$4:$J$640,MATCH(DropData!$J65&$C25,'ER C8 FLT3'!$A$4:$A$640&'ER C8 FLT3'!$B$4:$B$640,1),10),IF($O25=\"Class_7\",INDEX('ER C7 FLT3'!$A$4:$J$640,MATCH(DropData!$J65&$C25,'ER C7 FLT3'!$A$4:$A$640&'ER C7 FLT3'!$B$4:$B$640,1),10),IF($O25=\"Class_6\",INDEX('ER C6 FLT3'!$A$4:$J$640,MATCH(DropData!$J65&$C25,'ER C6 FLT3'!$A$4:$A$640&'ER C6 FLT3'!$B$4:$B$640,1),10)))),IF($B25=\"2 Trucks\",IF(OR($O25=\"Class_8\",$N25=\"Replacement8HHD\",$AI25=\"CL7HHD\"),INDEX('ER C8 FLT2'!$A$4:$J$640,MATCH(DropData!$J65&$C25,'ER C8 FLT2'!$A$4:$A$640&'ER C8 FLT2'!$B$4:$B$640,1),10),IF($O25=\"Class_7\",INDEX('ER C7 FLT2'!$A$4:$J$640,MATCH(DropData!$J65&$C25,'ER C7 FLT2'!$A$4:$A$640&'ER C7 FLT2'!$B$4:$B$640,1),10),IF($O25=\"Class_6\",INDEX('ER C6 FLT2'!$A$4:$J$640,MATCH(DropData!$J65&$C25,'ER C6 FLT2'!$A$4:$A$640&'ER C6 FLT2'!$B$4:$B$640,1),10)))),IF($B25=\"1 Truck\",IF(OR($O25=\"Class_8\",$N25=\"Replacement8HHD\",$AI25=\"CL7HHD\"),INDEX('ER C8 FLT1'!$A$4:$J$640,MATCH(DropData!$J65&$C25,'ER C8 FLT1'!$A$4:$A$640&'ER C8 FLT1'!$B$4:$B$640,1),10),IF($O25=\"Class_7\",INDEX('ER C7 FLT1'!$A$4:$J$640,MATCH(DropData!$J65&$C25,'ER C7 FLT1'!$A$4:$A$640&'ER C7 FLT1'!$B$4:$B$640,1),10),IF($O25=\"Class_6\",INDEX('ER C6 FLT1'!$A$4:$J$640,MATCH(DropData!$J65&$C25,'ER C6 FLT1'!$A$4:$A$640&'ER C6 FLT1'!$B$4:$B$640,1),10))))))),IF($R25=\"Electric\",INDEX('ER Electric'!$A$6:$E$44,MATCH($C25&$O25,'ER Electric'!$A$6:$A$44&'ER Electric'!$B$6:$B$44,1),5)))*(($Q25+$AC25)/453.6)","v":0},{"$f":"IF(OR($R25=\"Diesel\",$R25=\"LNG/CNG\",$R25=\"Hybrid\",$R25=\"Electric w/ AB-118\"),IF($B25=\"3+ Trucks\",IF(OR($O25=\"Class_8\",$N25=\"Replacement8HHD\",$AI25=\"CL7HHD\"),INDEX('ER C8 FLT3'!$A$4:$J$640,MATCH(DropData!$J65&$C25,'ER C8 FLT3'!$A$4:$A$640&'ER C8 FLT3'!$B$4:$B$640-1,1),10),IF($O25=\"Class_7\",INDEX('ER C7 FLT3'!$A$4:$J$640,MATCH(DropData!$J65&$C25,'ER C7 FLT3'!$A$4:$A$640&'ER C7 FLT3'!$B$4:$B$640-1,1),10),IF($O25=\"Class_6\",INDEX('ER C6 FLT3'!$A$4:$J$640,MATCH(DropData!$J65&$C25,'ER C6 FLT3'!$A$4:$A$640&'ER C6 FLT3'!$B$4:$B$640-1,1),10)))),IF($B25=\"2 Trucks\",IF(OR($O25=\"Class_8\",$N25=\"Replacement8HHD\",$AI25=\"CL7HHD\"),INDEX('ER C8 FLT2'!$A$4:$J$640,MATCH(DropData!$J65&$C25,'ER C8 FLT2'!$A$4:$A$640&'ER C8 FLT2'!$B$4:$B$640-1,1),10),IF($O25=\"Class_7\",INDEX('ER C7 FLT2'!$A$4:$J$640,MATCH(DropData!$J65&$C25,'ER C7 FLT2'!$A$4:$A$640&'ER C7 FLT2'!$B$4:$B$640-1,1),10),IF($O25=\"Class_6\",INDEX('ER C6 FLT2'!$A$4:$J$640,MATCH(DropData!$J65&$C25,'ER C6 FLT2'!$A$4:$A$640&'ER C6 FLT2'!$B$4:$B$640-1,1),10)))),IF($B25=\"1 Truck\",IF(OR($O25=\"Class_8\",$N25=\"Replacement8HHD\",$AI25=\"CL7HHD\"),INDEX('ER C8 FLT1'!$A$4:$J$640,MATCH(DropData!$J65&$C25,'ER C8 FLT1'!$A$4:$A$640&'ER C8 FLT1'!$B$4:$B$640-1,1),10),IF($O25=\"Class_7\",INDEX('ER C7 FLT1'!$A$4:$J$640,MATCH(DropData!$J65&$C25,'ER C7 FLT1'!$A$4:$A$640&'ER C7 FLT1'!$B$4:$B$640-1,1),10),IF($O25=\"Class_6\",INDEX('ER C6 FLT1'!$A$4:$J$640,MATCH(DropData!$J65&$C25,'ER C6 FLT1'!$A$4:$A$640&'ER C6 FLT1'!$B$4:$B$640-1,1),10))))))),IF($R25=\"Electric\",OFFSET(INDEX('ER Electric'!$A$6:$E$44,MATCH($C25&$O25,'ER Electric'!$A$6:$A$44&'ER Electric'!$B$6:$B$44,1),5),3,0)))*(($Q25+$AC25)/453.6)","v":0},{"$f":"IF(OR($R25=\"Diesel\",$R25=\"LNG/CNG\",$R25=\"Hybrid\",$R25=\"Electric w/ AB-118\"),IF($B25=\"3+ Trucks\",IF(OR($O25=\"Class_8\",$N25=\"Replacement8HHD\",$AI25=\"CL7HHD\"),INDEX('ER C8 FLT3'!$A$4:$J$640,MATCH(DropData!$J65&$C25,'ER C8 FLT3'!$A$4:$A$640&'ER C8 FLT3'!$B$4:$B$640-2,1),10),IF($O25=\"Class_7\",INDEX('ER C7 FLT3'!$A$4:$J$640,MATCH(DropData!$J65&$C25,'ER C7 FLT3'!$A$4:$A$640&'ER C7 FLT3'!$B$4:$B$640-2,1),10),IF($O25=\"Class_6\",INDEX('ER C6 FLT3'!$A$4:$J$640,MATCH(DropData!$J65&$C25,'ER C6 FLT3'!$A$4:$A$640&'ER C6 FLT3'!$B$4:$B$640-2,1),10)))),IF($B25=\"2 Trucks\",IF(OR($O25=\"Class_8\",$N25=\"Replacement8HHD\",$AI25=\"CL7HHD\"),INDEX('ER C8 FLT2'!$A$4:$J$640,MATCH(DropData!$J65&$C25,'ER C8 FLT2'!$A$4:$A$640&'ER C8 FLT2'!$B$4:$B$640-2,1),10),IF($O25=\"Class_7\",INDEX('ER C7 FLT2'!$A$4:$J$640,MATCH(DropData!$J65&$C25,'ER C7 FLT2'!$A$4:$A$640&'ER C7 FLT2'!$B$4:$B$640-2,1),10),IF($O25=\"Class_6\",INDEX('ER C6 FLT2'!$A$4:$J$640,MATCH(DropData!$J65&$C25,'ER C6 FLT2'!$A$4:$A$640&'ER C6 FLT2'!$B$4:$B$640-2,1),10)))),IF($B25=\"1 Truck\",IF(OR($O25=\"Class_8\",$N25=\"Replacement8HHD\",$AI25=\"CL7HHD\"),INDEX('ER C8 FLT1'!$A$4:$J$640,MATCH(DropData!$J65&$C25,'ER C8 FLT1'!$A$4:$A$640&'ER C8 FLT1'!$B$4:$B$640-2,1),10),IF($O25=\"Class_7\",INDEX('ER C7 FLT1'!$A$4:$J$640,MATCH(DropData!$J65&$C25,'ER C7 FLT1'!$A$4:$A$640&'ER C7 FLT1'!$B$4:$B$640-2,1),10),IF($O25=\"Class_6\",INDEX('ER C6 FLT1'!$A$4:$J$640,MATCH(DropData!$J65&$C25,'ER C6 FLT1'!$A$4:$A$640&'ER C6 FLT1'!$B$4:$B$640-2,1),10))))))),IF($R25=\"Electric\",OFFSET(INDEX('ER Electric'!$A$6:$E$44,MATCH($C25&$O25,'ER Electric'!$A$6:$A$44&'ER Electric'!$B$6:$B$44,1),5),6,0)))*(($Q25+$AC25)/453.6)","v":0},{"$f":"IF(OR($R25=\"Diesel\",$R25=\"LNG/CNG\",$R25=\"Hybrid\",$R25=\"Electric w/ AB-118\"),IF($B25=\"3+ Trucks\",IF(OR($O25=\"Class_8\",$N25=\"Replacement8HHD\",$AI25=\"CL7HHD\"),INDEX('ER C8 FLT3'!$A$4:$J$640,MATCH(DropData!$J65&$C25,'ER C8 FLT3'!$A$4:$A$640&'ER C8 FLT3'!$B$4:$B$640-3,1),10),IF($O25=\"Class_7\",INDEX('ER C7 FLT3'!$A$4:$J$640,MATCH(DropData!$J65&$C25,'ER C7 FLT3'!$A$4:$A$640&'ER C7 FLT3'!$B$4:$B$640-3,1),10),IF($O25=\"Class_6\",INDEX('ER C6 FLT3'!$A$4:$J$640,MATCH(DropData!$J65&$C25,'ER C6 FLT3'!$A$4:$A$640&'ER C6 FLT3'!$B$4:$B$640-3,1),10)))),IF($B25=\"2 Trucks\",IF(OR($O25=\"Class_8\",$N25=\"Replacement8HHD\",$AI25=\"CL7HHD\"),INDEX('ER C8 FLT2'!$A$4:$J$640,MATCH(DropData!$J65&$C25,'ER C8 FLT2'!$A$4:$A$640&'ER C8 FLT2'!$B$4:$B$640-3,1),10),IF($O25=\"Class_7\",INDEX('ER C7 FLT2'!$A$4:$J$640,MATCH(DropData!$J65&$C25,'ER C7 FLT2'!$A$4:$A$640&'ER C7 FLT2'!$B$4:$B$640-3,1),10),IF($O25=\"Class_6\",INDEX('ER C6 FLT2'!$A$4:$J$640,MATCH(DropData!$J65&$C25,'ER C6 FLT2'!$A$4:$A$640&'ER C6 FLT2'!$B$4:$B$640-3,1),10)))),IF($B25=\"1 Truck\",IF(OR($O25=\"Class_8\",$N25=\"Replacement8HHD\",$AI25=\"CL7HHD\"),INDEX('ER C8 FLT1'!$A$4:$J$640,MATCH(DropData!$J65&$C25,'ER C8 FLT1'!$A$4:$A$640&'ER C8 FLT1'!$B$4:$B$640-3,1),10),IF($O25=\"Class_7\",INDEX('ER C7 FLT1'!$A$4:$J$640,MATCH(DropData!$J65&$C25,'ER C7 FLT1'!$A$4:$A$640&'ER C7 FLT1'!$B$4:$B$640-3,1),10),IF($O25=\"Class_6\",INDEX('ER C6 FLT1'!$A$4:$J$640,MATCH(DropData!$J65&$C25,'ER C6 FLT1'!$A$4:$A$640&'ER C6 FLT1'!$B$4:$B$640-3,1),10))))))),IF($R25=\"Electric\",OFFSET(INDEX('ER Electric'!$A$6:$E$44,MATCH($C25&$O25,'ER Electric'!$A$6:$A$44&'ER Electric'!$B$6:$B$44,1),5),9,0)))*(($Q25+$AC25)/453.6)","v":0},{"$f":"IF(OR($R25=\"Diesel\",$R25=\"LNG/CNG\",$R25=\"Hybrid\",$R25=\"Electric w/ AB-118\"),IF($B25=\"3+ Trucks\",IF(OR($O25=\"Class_8\",$N25=\"Replacement8HHD\",$AI25=\"CL7HHD\"),INDEX('ER C8 FLT3'!$A$4:$J$640,MATCH(DropData!$J65&$C25,'ER C8 FLT3'!$A$4:$A$640&'ER C8 FLT3'!$B$4:$B$640-4,1),10),IF($O25=\"Class_7\",INDEX('ER C7 FLT3'!$A$4:$J$640,MATCH(DropData!$J65&$C25,'ER C7 FLT3'!$A$4:$A$640&'ER C7 FLT3'!$B$4:$B$640-4,1),10),IF($O25=\"Class_6\",INDEX('ER C6 FLT3'!$A$4:$J$640,MATCH(DropData!$J65&$C25,'ER C6 FLT3'!$A$4:$A$640&'ER C6 FLT3'!$B$4:$B$640-4,1),10)))),IF($B25=\"2 Trucks\",IF(OR($O25=\"Class_8\",$N25=\"Replacement8HHD\",$AI25=\"CL7HHD\"),INDEX('ER C8 FLT2'!$A$4:$J$640,MATCH(DropData!$J65&$C25,'ER C8 FLT2'!$A$4:$A$640&'ER C8 FLT2'!$B$4:$B$640-4,1),10),IF($O25=\"Class_7\",INDEX('ER C7 FLT2'!$A$4:$J$640,MATCH(DropData!$J65&$C25,'ER C7 FLT2'!$A$4:$A$640&'ER C7 FLT2'!$B$4:$B$640-4,1),10),IF($O25=\"Class_6\",INDEX('ER C6 FLT2'!$A$4:$J$640,MATCH(DropData!$J65&$C25,'ER C6 FLT2'!$A$4:$A$640&'ER C6 FLT2'!$B$4:$B$640-4,1),10)))),IF($B25=\"1 Truck\",IF(OR($O25=\"Class_8\",$N25=\"Replacement8HHD\",$AI25=\"CL7HHD\"),INDEX('ER C8 FLT1'!$A$4:$J$640,MATCH(DropData!$J65&$C25,'ER C8 FLT1'!$A$4:$A$640&'ER C8 FLT1'!$B$4:$B$640-4,1),10),IF($O25=\"Class_7\",INDEX('ER C7 FLT1'!$A$4:$J$640,MATCH(DropData!$J65&$C25,'ER C7 FLT1'!$A$4:$A$640&'ER C7 FLT1'!$B$4:$B$640-4,1),10),IF($O25=\"Class_6\",INDEX('ER C6 FLT1'!$A$4:$J$640,MATCH(DropData!$J65&$C25,'ER C6 FLT1'!$A$4:$A$640&'ER C6 FLT1'!$B$4:$B$640-4,1),10))))))),IF($R25=\"Electric\",OFFSET(INDEX('ER Electric'!$A$6:$E$44,MATCH($C25&$O25,'ER Electric'!$A$6:$A$44&'ER Electric'!$B$6:$B$44,1),5),12,0)))*(($Q25+$AC25)/453.6)","v":0},{"$f":"IF(OR($R25=\"Diesel\",$R25=\"LNG/CNG\",$R25=\"Hybrid\",$R25=\"Electric w/ AB-118\"),IF($B25=\"3+ Trucks\",IF(OR($O25=\"Class_8\",$N25=\"Replacement8HHD\",$AI25=\"CL7HHD\"),INDEX('ER C8 FLT3'!$A$4:$J$640,MATCH(DropData!$J65&$C25,'ER C8 FLT3'!$A$4:$A$640&'ER C8 FLT3'!$B$4:$B$640,1),10),IF($O25=\"Class_7\",INDEX('ER C7 FLT3'!$A$4:$J$640,MATCH(DropData!$J65&$C25,'ER C7 FLT3'!$A$4:$A$640&'ER C7 FLT3'!$B$4:$B$640,1),10),IF($O25=\"Class_6\",INDEX('ER C6 FLT3'!$A$4:$J$640,MATCH(DropData!$J65&$C25,'ER C6 FLT3'!$A$4:$A$640&'ER C6 FLT3'!$B$4:$B$640,1),10)))),IF($B25=\"2 Trucks\",IF(OR($O25=\"Class_8\",$N25=\"Replacement8HHD\",$AI25=\"CL7HHD\"),INDEX('ER C8 FLT2'!$A$4:$J$640,MATCH(DropData!$J65&$C25,'ER C8 FLT2'!$A$4:$A$640&'ER C8 FLT2'!$B$4:$B$640,1),10),IF($O25=\"Class_7\",INDEX('ER C7 FLT2'!$A$4:$J$640,MATCH(DropData!$J65&$C25,'ER C7 FLT2'!$A$4:$A$640&'ER C7 FLT2'!$B$4:$B$640,1),10),IF($O25=\"Class_6\",INDEX('ER C6 FLT2'!$A$4:$J$640,MATCH(DropData!$J65&$C25,'ER C6 FLT2'!$A$4:$A$640&'ER C6 FLT2'!$B$4:$B$640,1),10)))),IF($B25=\"1 Truck\",IF(OR($O25=\"Class_8\",$N25=\"Replacement8HHD\",$AI25=\"CL7HHD\"),INDEX('ER C8 FLT1'!$A$4:$J$640,MATCH(DropData!$J65&$C25,'ER C8 FLT1'!$A$4:$A$640&'ER C8 FLT1'!$B$4:$B$640,1),10),IF($O25=\"Class_7\",INDEX('ER C7 FLT1'!$A$4:$J$640,MATCH(DropData!$J65&$C25,'ER C7 FLT1'!$A$4:$A$640&'ER C7 FLT1'!$B$4:$B$640,1),10),IF($O25=\"Class_6\",INDEX('ER C6 FLT1'!$A$4:$J$640,MATCH(DropData!$J65&$C25,'ER C6 FLT1'!$A$4:$A$640&'ER C6 FLT1'!$B$4:$B$640,1),10))))))),IF($R25=\"Electric\",INDEX('ER Electric'!$A$6:$E$44,MATCH($C25&$O25,'ER Electric'!$A$6:$A$44&'ER Electric'!$B$6:$B$44,1),5)))","v":false},{"$f":"IF(OR($R25=\"Diesel\",$R25=\"LNG/CNG\",$R25=\"Hybrid\",$R25=\"Electric w/ AB-118\"),IF($B25=\"3+ Trucks\",IF(OR($O25=\"Class_8\",$N25=\"Replacement8HHD\",$AI25=\"CL7HHD\"),INDEX('ER C8 FLT3'!$A$4:$J$640,MATCH(DropData!$J65&$C25,'ER C8 FLT3'!$A$4:$A$640&'ER C8 FLT3'!$B$4:$B$640-1,1),10),IF($O25=\"Class_7\",INDEX('ER C7 FLT3'!$A$4:$J$640,MATCH(DropData!$J65&$C25,'ER C7 FLT3'!$A$4:$A$640&'ER C7 FLT3'!$B$4:$B$640-1,1),10),IF($O25=\"Class_6\",INDEX('ER C6 FLT3'!$A$4:$J$640,MATCH(DropData!$J65&$C25,'ER C6 FLT3'!$A$4:$A$640&'ER C6 FLT3'!$B$4:$B$640-1,1),10)))),IF($B25=\"2 Trucks\",IF(OR($O25=\"Class_8\",$N25=\"Replacement8HHD\",$AI25=\"CL7HHD\"),INDEX('ER C8 FLT2'!$A$4:$J$640,MATCH(DropData!$J65&$C25,'ER C8 FLT2'!$A$4:$A$640&'ER C8 FLT2'!$B$4:$B$640-1,1),10),IF($O25=\"Class_7\",INDEX('ER C7 FLT2'!$A$4:$J$640,MATCH(DropData!$J65&$C25,'ER C7 FLT2'!$A$4:$A$640&'ER C7 FLT2'!$B$4:$B$640-1,1),10),IF($O25=\"Class_6\",INDEX('ER C6 FLT2'!$A$4:$J$640,MATCH(DropData!$J65&$C25,'ER C6 FLT2'!$A$4:$A$640&'ER C6 FLT2'!$B$4:$B$640-1,1),10)))),IF($B25=\"1 Truck\",IF(OR($O25=\"Class_8\",$N25=\"Replacement8HHD\",$AI25=\"CL7HHD\"),INDEX('ER C8 FLT1'!$A$4:$J$640,MATCH(DropData!$J65&$C25,'ER C8 FLT1'!$A$4:$A$640&'ER C8 FLT1'!$B$4:$B$640-1,1),10),IF($O25=\"Class_7\",INDEX('ER C7 FLT1'!$A$4:$J$640,MATCH(DropData!$J65&$C25,'ER C7 FLT1'!$A$4:$A$640&'ER C7 FLT1'!$B$4:$B$640-1,1),10),IF($O25=\"Class_6\",INDEX('ER C6 FLT1'!$A$4:$J$640,MATCH(DropData!$J65&$C25,'ER C6 FLT1'!$A$4:$A$640&'ER C6 FLT1'!$B$4:$B$640-1,1),10))))))),IF($R25=\"Electric\",OFFSET(INDEX('ER Electric'!$A$6:$E$44,MATCH($C25&$O25,'ER Electric'!$A$6:$A$44&'ER Electric'!$B$6:$B$44,1),5),3,0)))","v":false},{"$f":"IF(OR($R25=\"Diesel\",$R25=\"LNG/CNG\",$R25=\"Hybrid\",$R25=\"Electric w/ AB-118\"),IF($B25=\"3+ Trucks\",IF(OR($O25=\"Class_8\",$N25=\"Replacement8HHD\",$AI25=\"CL7HHD\"),INDEX('ER C8 FLT3'!$A$4:$J$640,MATCH(DropData!$J65&$C25,'ER C8 FLT3'!$A$4:$A$640&'ER C8 FLT3'!$B$4:$B$640-2,1),10),IF($O25=\"Class_7\",INDEX('ER C7 FLT3'!$A$4:$J$640,MATCH(DropData!$J65&$C25,'ER C7 FLT3'!$A$4:$A$640&'ER C7 FLT3'!$B$4:$B$640-2,1),10),IF($O25=\"Class_6\",INDEX('ER C6 FLT3'!$A$4:$J$640,MATCH(DropData!$J65&$C25,'ER C6 FLT3'!$A$4:$A$640&'ER C6 FLT3'!$B$4:$B$640-2,1),10)))),IF($B25=\"2 Trucks\",IF(OR($O25=\"Class_8\",$N25=\"Replacement8HHD\",$AI25=\"CL7HHD\"),INDEX('ER C8 FLT2'!$A$4:$J$640,MATCH(DropData!$J65&$C25,'ER C8 FLT2'!$A$4:$A$640&'ER C8 FLT2'!$B$4:$B$640-2,1),10),IF($O25=\"Class_7\",INDEX('ER C7 FLT2'!$A$4:$J$640,MATCH(DropData!$J65&$C25,'ER C7 FLT2'!$A$4:$A$640&'ER C7 FLT2'!$B$4:$B$640-2,1),10),IF($O25=\"Class_6\",INDEX('ER C6 FLT2'!$A$4:$J$640,MATCH(DropData!$J65&$C25,'ER C6 FLT2'!$A$4:$A$640&'ER C6 FLT2'!$B$4:$B$640-2,1),10)))),IF($B25=\"1 Truck\",IF(OR($O25=\"Class_8\",$N25=\"Replacement8HHD\",$AI25=\"CL7HHD\"),INDEX('ER C8 FLT1'!$A$4:$J$640,MATCH(DropData!$J65&$C25,'ER C8 FLT1'!$A$4:$A$640&'ER C8 FLT1'!$B$4:$B$640-2,1),10),IF($O25=\"Class_7\",INDEX('ER C7 FLT1'!$A$4:$J$640,MATCH(DropData!$J65&$C25,'ER C7 FLT1'!$A$4:$A$640&'ER C7 FLT1'!$B$4:$B$640-2,1),10),IF($O25=\"Class_6\",INDEX('ER C6 FLT1'!$A$4:$J$640,MATCH(DropData!$J65&$C25,'ER C6 FLT1'!$A$4:$A$640&'ER C6 FLT1'!$B$4:$B$640-2,1),10))))))),IF($R25=\"Electric\",OFFSET(INDEX('ER Electric'!$A$6:$E$44,MATCH($C25&$O25,'ER Electric'!$A$6:$A$44&'ER Electric'!$B$6:$B$44,1),5),6,0)))","v":false},{"$f":"IF(OR($R25=\"Diesel\",$R25=\"LNG/CNG\",$R25=\"Hybrid\",$R25=\"Electric w/ AB-118\"),IF($B25=\"3+ Trucks\",IF(OR($O25=\"Class_8\",$N25=\"Replacement8HHD\",$AI25=\"CL7HHD\"),INDEX('ER C8 FLT3'!$A$4:$J$640,MATCH(DropData!$J65&$C25,'ER C8 FLT3'!$A$4:$A$640&'ER C8 FLT3'!$B$4:$B$640-3,1),10),IF($O25=\"Class_7\",INDEX('ER C7 FLT3'!$A$4:$J$640,MATCH(DropData!$J65&$C25,'ER C7 FLT3'!$A$4:$A$640&'ER C7 FLT3'!$B$4:$B$640-3,1),10),IF($O25=\"Class_6\",INDEX('ER C6 FLT3'!$A$4:$J$640,MATCH(DropData!$J65&$C25,'ER C6 FLT3'!$A$4:$A$640&'ER C6 FLT3'!$B$4:$B$640-3,1),10)))),IF($B25=\"2 Trucks\",IF(OR($O25=\"Class_8\",$N25=\"Replacement8HHD\",$AI25=\"CL7HHD\"),INDEX('ER C8 FLT2'!$A$4:$J$640,MATCH(DropData!$J65&$C25,'ER C8 FLT2'!$A$4:$A$640&'ER C8 FLT2'!$B$4:$B$640-3,1),10),IF($O25=\"Class_7\",INDEX('ER C7 FLT2'!$A$4:$J$640,MATCH(DropData!$J65&$C25,'ER C7 FLT2'!$A$4:$A$640&'ER C7 FLT2'!$B$4:$B$640-3,1),10),IF($O25=\"Class_6\",INDEX('ER C6 FLT2'!$A$4:$J$640,MATCH(DropData!$J65&$C25,'ER C6 FLT2'!$A$4:$A$640&'ER C6 FLT2'!$B$4:$B$640-3,1),10)))),IF($B25=\"1 Truck\",IF(OR($O25=\"Class_8\",$N25=\"Replacement8HHD\",$AI25=\"CL7HHD\"),INDEX('ER C8 FLT1'!$A$4:$J$640,MATCH(DropData!$J65&$C25,'ER C8 FLT1'!$A$4:$A$640&'ER C8 FLT1'!$B$4:$B$640-3,1),10),IF($O25=\"Class_7\",INDEX('ER C7 FLT1'!$A$4:$J$640,MATCH(DropData!$J65&$C25,'ER C7 FLT1'!$A$4:$A$640&'ER C7 FLT1'!$B$4:$B$640-3,1),10),IF($O25=\"Class_6\",INDEX('ER C6 FLT1'!$A$4:$J$640,MATCH(DropData!$J65&$C25,'ER C6 FLT1'!$A$4:$A$640&'ER C6 FLT1'!$B$4:$B$640-3,1),10))))))),IF($R25=\"Electric\",OFFSET(INDEX('ER Electric'!$A$6:$E$44,MATCH($C25&$O25,'ER Electric'!$A$6:$A$44&'ER Electric'!$B$6:$B$44,1),5),9,0)))","v":false},{"$f":"IF(OR($R25=\"Diesel\",$R25=\"LNG/CNG\",$R25=\"Hybrid\",$R25=\"Electric w/ AB-118\"),IF($B25=\"3+ Trucks\",IF(OR($O25=\"Class_8\",$N25=\"Replacement8HHD\",$AI25=\"CL7HHD\"),INDEX('ER C8 FLT3'!$A$4:$J$640,MATCH(DropData!$J65&$C25,'ER C8 FLT3'!$A$4:$A$640&'ER C8 FLT3'!$B$4:$B$640-4,1),10),IF($O25=\"Class_7\",INDEX('ER C7 FLT3'!$A$4:$J$640,MATCH(DropData!$J65&$C25,'ER C7 FLT3'!$A$4:$A$640&'ER C7 FLT3'!$B$4:$B$640-4,1),10),IF($O25=\"Class_6\",INDEX('ER C6 FLT3'!$A$4:$J$640,MATCH(DropData!$J65&$C25,'ER C6 FLT3'!$A$4:$A$640&'ER C6 FLT3'!$B$4:$B$640-4,1),10)))),IF($B25=\"2 Trucks\",IF(OR($O25=\"Class_8\",$N25=\"Replacement8HHD\",$AI25=\"CL7HHD\"),INDEX('ER C8 FLT2'!$A$4:$J$640,MATCH(DropData!$J65&$C25,'ER C8 FLT2'!$A$4:$A$640&'ER C8 FLT2'!$B$4:$B$640-4,1),10),IF($O25=\"Class_7\",INDEX('ER C7 FLT2'!$A$4:$J$640,MATCH(DropData!$J65&$C25,'ER C7 FLT2'!$A$4:$A$640&'ER C7 FLT2'!$B$4:$B$640-4,1),10),IF($O25=\"Class_6\",INDEX('ER C6 FLT2'!$A$4:$J$640,MATCH(DropData!$J65&$C25,'ER C6 FLT2'!$A$4:$A$640&'ER C6 FLT2'!$B$4:$B$640-4,1),10)))),IF($B25=\"1 Truck\",IF(OR($O25=\"Class_8\",$N25=\"Replacement8HHD\",$AI25=\"CL7HHD\"),INDEX('ER C8 FLT1'!$A$4:$J$640,MATCH(DropData!$J65&$C25,'ER C8 FLT1'!$A$4:$A$640&'ER C8 FLT1'!$B$4:$B$640-4,1),10),IF($O25=\"Class_7\",INDEX('ER C7 FLT1'!$A$4:$J$640,MATCH(DropData!$J65&$C25,'ER C7 FLT1'!$A$4:$A$640&'ER C7 FLT1'!$B$4:$B$640-4,1),10),IF($O25=\"Class_6\",INDEX('ER C6 FLT1'!$A$4:$J$640,MATCH(DropData!$J65&$C25,'ER C6 FLT1'!$A$4:$A$640&'ER C6 FLT1'!$B$4:$B$640-4,1),10))))))),IF($R25=\"Electric\",OFFSET(INDEX('ER Electric'!$A$6:$E$44,MATCH($C25&$O25,'ER Electric'!$A$6:$A$44&'ER Electric'!$B$6:$B$44,1),5),12,0)))","v":false},0,{"$f":"IF($B25=\"3+ Trucks\",IF($Z25=\"Class_8\",INDEX('ER C8 FLT3'!$A$4:$J$640,MATCH($W25&$C25,'ER C8 FLT3'!$A$4:$A$640&'ER C8 FLT3'!$B$4:$B$640,1),10),IF($Z25=\"Class_7\",INDEX('ER C7 FLT3'!$A$4:$J$640,MATCH($W25&$C25,'ER C7 FLT3'!$A$4:$A$640&'ER C7 FLT3'!$B$4:$B$640,1),10),IF($Z25=\"Class_6\",INDEX('ER C6 FLT3'!$A$4:$J$640,MATCH($W25&$C25,'ER C6 FLT3'!$A$4:$A$640&'ER C6 FLT3'!$B$4:$B$640,1),10)))),IF($B25=\"2 Trucks\",IF($Z25=\"Class_8\",INDEX('ER C8 FLT2'!$A$4:$J$640,MATCH($W25&$C25,'ER C8 FLT2'!$A$4:$A$640&'ER C8 FLT2'!$B$4:$B$640,1),10),IF($Z25=\"Class_7\",INDEX('ER C7 FLT2'!$A$4:$J$640,MATCH($W25&$C25,'ER C7 FLT2'!$A$4:$A$640&'ER C7 FLT2'!$B$4:$B$640,1),10),IF($Z25=\"Class_6\",INDEX('ER C6 FLT2'!$A$4:$J$640,MATCH($W25&$C25,'ER C6 FLT2'!$A$4:$A$640&'ER C6 FLT2'!$B$4:$B$640,1),10)))),IF($B25=\"1 Truck\",IF($Z25=\"Class_8\",INDEX('ER C8 FLT1'!$A$4:$J$640,MATCH($W25&$C25,'ER C8 FLT1'!$A$4:$A$640&'ER C8 FLT1'!$B$4:$B$640,1),10),IF($Z25=\"Class_7\",INDEX('ER C7 FLT1'!$A$4:$J$640,MATCH($W25&$C25,'ER C7 FLT1'!$A$4:$A$640&'ER C7 FLT1'!$B$4:$B$640,1),10)*IF($Z25=\"Class_7\",INDEX('ER C7 FLT1'!$A$4:$J$640,MATCH($W25&$C25,'ER C7 FLT1'!$A$4:$A$640&'ER C7 FLT1'!$B$4:$B$640,1),10)),IF($Z25=\"Class_6\",INDEX('ER C6 FLT1'!$A$4:$J$640,MATCH($W25&$C25,'ER C6 FLT1'!$A$4:$A$640&'ER C6 FLT1'!$B$4:$B$640,1),10)*IF($Z25=\"Class_6\",INDEX('ER C6 FLT1'!$A$4:$J$640,MATCH($W25&$C25,'ER C6 FLT1'!$A$4:$A$640&'ER C6 FLT1'!$B$4:$B$640,1),10))))))))*($AC25/453.6)","v":0},0,0,{"$f":"IF($B25=\"3+ Trucks\",IF($Z25=\"Class_8\",INDEX('ER C8 FLT3'!$A$4:$J$640,MATCH($W25&$C25,'ER C8 FLT3'!$A$4:$A$640&'ER C8 FLT3'!$B$4:$B$640-1,1),10),IF($Z25=\"Class_7\",INDEX('ER C7 FLT3'!$A$4:$J$640,MATCH($W25&$C25,'ER C7 FLT3'!$A$4:$A$640&'ER C7 FLT3'!$B$4:$B$640-1,1),10),IF($Z25=\"Class_6\",INDEX('ER C6 FLT3'!$A$4:$J$640,MATCH($W25&$C25,'ER C6 FLT3'!$A$4:$A$640&'ER C6 FLT3'!$B$4:$B$640-1,1),10)))),IF($B25=\"2 Trucks\",IF($Z25=\"Class_8\",INDEX('ER C8 FLT2'!$A$4:$J$640,MATCH($W25&$C25,'ER C8 FLT2'!$A$4:$A$640&'ER C8 FLT2'!$B$4:$B$640-1,1),10),IF($Z25=\"Class_7\",INDEX('ER C7 FLT2'!$A$4:$J$640,MATCH($W25&$C25,'ER C7 FLT2'!$A$4:$A$640&'ER C7 FLT2'!$B$4:$B$640-1,1),10),IF($Z25=\"Class_6\",INDEX('ER C6 FLT2'!$A$4:$J$640,MATCH($W25&$C25,'ER C6 FLT2'!$A$4:$A$640&'ER C6 FLT2'!$B$4:$B$640-1,1),10)))),IF($B25=\"1 Truck\",IF($Z25=\"Class_8\",INDEX('ER C8 FLT1'!$A$4:$J$640,MATCH($W25&$C25,'ER C8 FLT1'!$A$4:$A$640&'ER C8 FLT1'!$B$4:$B$640-1,1),10),IF($Z25=\"Class_7\",INDEX('ER C7 FLT1'!$A$4:$J$640,MATCH($W25&$C25,'ER C7 FLT1'!$A$4:$A$640&'ER C7 FLT1'!$B$4:$B$640-1,1),10)*IF($Z25=\"Class_7\",INDEX('ER C7 FLT1'!$A$4:$J$640,MATCH($W25&$C25,'ER C7 FLT1'!$A$4:$A$640&'ER C7 FLT1'!$B$4:$B$640-1,1),10)),IF($Z25=\"Class_6\",INDEX('ER C6 FLT1'!$A$4:$J$640,MATCH($W25&$C25,'ER C6 FLT1'!$A$4:$A$640&'ER C6 FLT1'!$B$4:$B$640-1,1),10)*IF($Z25=\"Class_6\",INDEX('ER C6 FLT1'!$A$4:$J$640,MATCH($W25&$C25,'ER C6 FLT1'!$A$4:$A$640&'ER C6 FLT1'!$B$4:$B$640-1,1),10))))))))*($AC25/453.6)","v":0},0,0,{"$f":"IF($B25=\"3+ Trucks\",IF($Z25=\"Class_8\",INDEX('ER C8 FLT3'!$A$4:$J$640,MATCH($W25&$C25,'ER C8 FLT3'!$A$4:$A$640&'ER C8 FLT3'!$B$4:$B$640-2,1),10),IF($Z25=\"Class_7\",INDEX('ER C7 FLT3'!$A$4:$J$640,MATCH($W25&$C25,'ER C7 FLT3'!$A$4:$A$640&'ER C7 FLT3'!$B$4:$B$640-2,1),10),IF($Z25=\"Class_6\",INDEX('ER C6 FLT3'!$A$4:$J$640,MATCH($W25&$C25,'ER C6 FLT3'!$A$4:$A$640&'ER C6 FLT3'!$B$4:$B$640-2,1),10)))),IF($B25=\"2 Trucks\",IF($Z25=\"Class_8\",INDEX('ER C8 FLT2'!$A$4:$J$640,MATCH($W25&$C25,'ER C8 FLT2'!$A$4:$A$640&'ER C8 FLT2'!$B$4:$B$640-2,1),10),IF($Z25=\"Class_7\",INDEX('ER C7 FLT2'!$A$4:$J$640,MATCH($W25&$C25,'ER C7 FLT2'!$A$4:$A$640&'ER C7 FLT2'!$B$4:$B$640-2,1),10),IF($Z25=\"Class_6\",INDEX('ER C6 FLT2'!$A$4:$J$640,MATCH($W25&$C25,'ER C6 FLT2'!$A$4:$A$640&'ER C6 FLT2'!$B$4:$B$640-2,1),10)))),IF($B25=\"1 Truck\",IF($Z25=\"Class_8\",INDEX('ER C8 FLT1'!$A$4:$J$640,MATCH($W25&$C25,'ER C8 FLT1'!$A$4:$A$640&'ER C8 FLT1'!$B$4:$B$640-2,1),10),IF($Z25=\"Class_7\",INDEX('ER C7 FLT1'!$A$4:$J$640,MATCH($W25&$C25,'ER C7 FLT1'!$A$4:$A$640&'ER C7 FLT1'!$B$4:$B$640-2,1),10)*IF($Z25=\"Class_7\",INDEX('ER C7 FLT1'!$A$4:$J$640,MATCH($W25&$C25,'ER C7 FLT1'!$A$4:$A$640&'ER C7 FLT1'!$B$4:$B$640-2,1),10)),IF($Z25=\"Class_6\",INDEX('ER C6 FLT1'!$A$4:$J$640,MATCH($W25&$C25,'ER C6 FLT1'!$A$4:$A$640&'ER C6 FLT1'!$B$4:$B$640-2,1),10)*IF($Z25=\"Class_6\",INDEX('ER C6 FLT1'!$A$4:$J$640,MATCH($W25&$C25,'ER C6 FLT1'!$A$4:$A$640&'ER C6 FLT1'!$B$4:$B$640-2,1),10))))))))*($AC25/453.6)","v":0},0,0,{"$f":"IF($B25=\"3+ Trucks\",IF($Z25=\"Class_8\",INDEX('ER C8 FLT3'!$A$4:$J$640,MATCH($W25&$C25,'ER C8 FLT3'!$A$4:$A$640&'ER C8 FLT3'!$B$4:$B$640-3,1),10),IF($Z25=\"Class_7\",INDEX('ER C7 FLT3'!$A$4:$J$640,MATCH($W25&$C25,'ER C7 FLT3'!$A$4:$A$640&'ER C7 FLT3'!$B$4:$B$640-3,1),10),IF($Z25=\"Class_6\",INDEX('ER C6 FLT3'!$A$4:$J$640,MATCH($W25&$C25,'ER C6 FLT3'!$A$4:$A$640&'ER C6 FLT3'!$B$4:$B$640-3,1),10)))),IF($B25=\"2 Trucks\",IF($Z25=\"Class_8\",INDEX('ER C8 FLT2'!$A$4:$J$640,MATCH($W25&$C25,'ER C8 FLT2'!$A$4:$A$640&'ER C8 FLT2'!$B$4:$B$640-3,1),10),IF($Z25=\"Class_7\",INDEX('ER C7 FLT2'!$A$4:$J$640,MATCH($W25&$C25,'ER C7 FLT2'!$A$4:$A$640&'ER C7 FLT2'!$B$4:$B$640-3,1),10),IF($Z25=\"Class_6\",INDEX('ER C6 FLT2'!$A$4:$J$640,MATCH($W25&$C25,'ER C6 FLT2'!$A$4:$A$640&'ER C6 FLT2'!$B$4:$B$640-3,1),10)))),IF($B25=\"1 Truck\",IF($Z25=\"Class_8\",INDEX('ER C8 FLT1'!$A$4:$J$640,MATCH($W25&$C25,'ER C8 FLT1'!$A$4:$A$640&'ER C8 FLT1'!$B$4:$B$640-3,1),10),IF($Z25=\"Class_7\",INDEX('ER C7 FLT1'!$A$4:$J$640,MATCH($W25&$C25,'ER C7 FLT1'!$A$4:$A$640&'ER C7 FLT1'!$B$4:$B$640-3,1),10)*IF($Z25=\"Class_7\",INDEX('ER C7 FLT1'!$A$4:$J$640,MATCH($W25&$C25,'ER C7 FLT1'!$A$4:$A$640&'ER C7 FLT1'!$B$4:$B$640-3,1),10)),IF($Z25=\"Class_6\",INDEX('ER C6 FLT1'!$A$4:$J$640,MATCH($W25&$C25,'ER C6 FLT1'!$A$4:$A$640&'ER C6 FLT1'!$B$4:$B$640-3,1),10)*IF($Z25=\"Class_6\",INDEX('ER C6 FLT1'!$A$4:$J$640,MATCH($W25&$C25,'ER C6 FLT1'!$A$4:$A$640&'ER C6 FLT1'!$B$4:$B$640-3,1),10))))))))*($AC25/453.6)","v":0},0,0,{"$f":"IF($B25=\"3+ Trucks\",IF($Z25=\"Class_8\",INDEX('ER C8 FLT3'!$A$4:$J$640,MATCH($W25&$C25,'ER C8 FLT3'!$A$4:$A$640&'ER C8 FLT3'!$B$4:$B$640-4,1),10),IF($Z25=\"Class_7\",INDEX('ER C7 FLT3'!$A$4:$J$640,MATCH($W25&$C25,'ER C7 FLT3'!$A$4:$A$640&'ER C7 FLT3'!$B$4:$B$640-4,1),10),IF($Z25=\"Class_6\",INDEX('ER C6 FLT3'!$A$4:$J$640,MATCH($W25&$C25,'ER C6 FLT3'!$A$4:$A$640&'ER C6 FLT3'!$B$4:$B$640-4,1),10)))),IF($B25=\"2 Trucks\",IF($Z25=\"Class_8\",INDEX('ER C8 FLT2'!$A$4:$J$640,MATCH($W25&$C25,'ER C8 FLT2'!$A$4:$A$640&'ER C8 FLT2'!$B$4:$B$640-4,1),10),IF($Z25=\"Class_7\",INDEX('ER C7 FLT2'!$A$4:$J$640,MATCH($W25&$C25,'ER C7 FLT2'!$A$4:$A$640&'ER C7 FLT2'!$B$4:$B$640-4,1),10),IF($Z25=\"Class_6\",INDEX('ER C6 FLT2'!$A$4:$J$640,MATCH($W25&$C25,'ER C6 FLT2'!$A$4:$A$640&'ER C6 FLT2'!$B$4:$B$640-4,1),10)))),IF($B25=\"1 Truck\",IF($Z25=\"Class_8\",INDEX('ER C8 FLT1'!$A$4:$J$640,MATCH($W25&$C25,'ER C8 FLT1'!$A$4:$A$640&'ER C8 FLT1'!$B$4:$B$640-4,1),10),IF($Z25=\"Class_7\",INDEX('ER C7 FLT1'!$A$4:$J$640,MATCH($W25&$C25,'ER C7 FLT1'!$A$4:$A$640&'ER C7 FLT1'!$B$4:$B$640-4,1),10)*IF($Z25=\"Class_7\",INDEX('ER C7 FLT1'!$A$4:$J$640,MATCH($W25&$C25,'ER C7 FLT1'!$A$4:$A$640&'ER C7 FLT1'!$B$4:$B$640-4,1),10)),IF($Z25=\"Class_6\",INDEX('ER C6 FLT1'!$A$4:$J$640,MATCH($W25&$C25,'ER C6 FLT1'!$A$4:$A$640&'ER C6 FLT1'!$B$4:$B$640-4,1),10)*IF($Z25=\"Class_6\",INDEX('ER C6 FLT1'!$A$4:$J$640,MATCH($W25&$C25,'ER C6 FLT1'!$A$4:$A$640&'ER C6 FLT1'!$B$4:$B$640-4,1),10))))))))*($AC25/453.6)","v":0},0,0]
[{"$f":"'Input data'!A37","v":"project 33"},{"$f":"'Input data'!B37","v":0},{"$f":"'Input data'!C37","v":0},{"$f":"'Input data'!D37","v":0},{"$f":"'Input data'!E37","v":0},{"$f":"'Input data'!F37","v":0},{"$f":"'Input data'!G37","v":0},{"$f":"'Input data'!H37","v":""},{"$f":"'Input data'!I37","v":0},{"$f":"'Input data'!J37","v":0},{"$f":"'Input data'!K37","v":0},{"$f":"'Input data'!AK37","v":false},{"$f":"'Input data'!M37","v":0},{"$f":"'Input data'!AJ37","v":0},{"$f":"'Input data'!L37","v":0},{"$f":"'Input data'!N37","v":0},{"$f":"'Input data'!O37","v":0},{"$f":"'Input data'!P37","v":0},{"$f":"'Input data'!Q37","v":0},{"$f":"'Input data'!R37","v":"0"},{"$f":"'Input data'!$S37","v":"No"},{"$f":"'Input data'!T37","v":"No"},{"$f":"'Input data'!U37","v":0},{"$f":"'Input data'!V37","v":0},{"$f":"'Input data'!W37","v":0},{"$f":"'Input data'!X37","v":""},{"$f":"'Input data'!Y37","v":0},{"$f":"'Input data'!Z37","v":0},{"$f":"'Input data'!AA37","v":0},null,null,{"$f":"'Input data'!AD37","v":0},{"$f":"'Input data'!AE37","v":false},{"$f":"'Input data'!AF37","v":false},{"$f":"'Input data'!AG37","v":false},{"$f":"'Input data'!AH37","v":false},null,{"$f":"IF($B39=\"3+ Trucks\",IF(OR($H39=\"Class_8\",$N39=\"Replacement8HHD\",$AH39=\"CL7HHD\",$AJ39=\"CL7to8\"),INDEX('ER C8 FLT3'!$A$4:$J$640,MATCH($E39&$C39,'ER C8 FLT3'!$A$4:$A$640&'ER C8 FLT3'!$B$4:$B$640,1),8)*IF(OR($H39=\"Class_8\",$N39=\"Replacement8HHD\",$AH39=\"CL7HHD\",$AJ39=\"CL7to8\"),INDEX('ER C8 FLT3'!$A$4:$J$640,MATCH($E39&$C39,'ER C8 FLT3'!$A$4:$A$640&'ER C8 FLT3'!$B$4:$B$640,1),9)),IF($H39=\"Class_7\",INDEX('ER C7 FLT3'!$A$4:$J$640,MATCH($E39&$C39,'ER C7 FLT3'!$A$4:$A$640&'ER C7 FLT3'!$B$4:$B$640,1),8)*IF($H39=\"Class_7\",INDEX('ER C7 FLT3'!$A$4:$J$640,MATCH($E39&$C39,'ER C7 FLT3'!$A$4:$A$640&'ER C7 FLT3'!$B$4:$B$640,1),9)),\nIF($H39=\"Class_6\",INDEX('ER C6 FLT3'!$A$4:$J$640,MATCH($E39&$C39,'ER C6 FLT3'!$A$4:$A$640&'ER C6 FLT3'!$B$4:$B$640,1),8)*IF($H39=\"Class_6\",INDEX('ER C6 FLT3'!$A$4:$L$640,MATCH($E39&$C39,'ER C6 FLT3'!$A$4:$A$640&'ER C6 FLT3'!$B$4:$B$640,1),9))))),IF($B39=\"2 Trucks\",IF(OR($H39=\"Class_8\",$N39=\"Replacement8HHD\",$AH39=\"CL7HHD\",$AJ39=\"CL7to8\"),INDEX('ER C8 FLT2'!$A$4:$J$640,MATCH($E39&$C39,'ER C8 FLT2'!$A$4:$A$640&'ER C8 FLT2'!$B$4:$B$640,1),8)*IF(OR($H39=\"Class_8\",$N39=\"Replacement8HHD\",$AH39=\"CL7HHD\",$AJ39=\"CL7to8\"),INDEX('ER C8 FLT2'!$A$4:$J$640,MATCH($E39&$C39,'ER C8 FLT2'!$A$4:$A$640&'ER C8 FLT2'!$B$4:$B$640,1),9)),IF($H39=\"Class_7\",INDEX('ER C7 FLT2'!$A$4:$J$640,MATCH($E39&$C39,'ER C7 FLT2'!$A$4:$A$640&'ER C7 FLT2'!$B$4:$B$640,1),8)*IF($H39=\"Class_7\",INDEX('ER C7 FLT2'!$A$4:$J$640,MATCH($E39&$C39,'ER C7 FLT2'!$A$4:$A$640&'ER C7 FLT2'!$B$4:$B$640,1),9)),IF($H39=\"Class_6\",INDEX('ER C6 FLT2'!$A$4:$J$640,MATCH($E39&$C39,'ER C6 FLT2'!$A$4:$A$640&'ER C6 FLT2'!$B$4:$B$640,1),8)*IF($H39=\"Class_6\",INDEX('ER C6 FLT2'!$A$4:$J$640,MATCH($E39&$C39,'ER C6 FLT2'!$A$4:$A$640&'ER C6 FLT2'!$B$4:$B$640,1),9))))),IF($B39=\"1 Truck\",\nIF(OR($H39=\"Class_8\",$N39=\"Replacement8HHD\",$AH39=\"CL7HHD\",$AJ39=\"CL7to8\"),INDEX('ER C8 FLT1'!$A$4:$J$640,MATCH($E39&$C39,'ER C8 FLT1'!$A$4:$A$640&'ER C8 FLT1'!$B$4:$B$640,1),8)*IF(OR($H39=\"Class_8\",$N39=\"Replacement8HHD\",$AH39=\"CL7HHD\",$AJ39=\"CL7to8\"),INDEX('ER C8 FLT1'!$A$4:$J$640,MATCH($E39&$C39,'ER C8 FLT1'!$A$4:$A$640&'ER C8 FLT1'!$B$4:$B$640,1),9)),IF($H39=\"Class_7\",INDEX('ER C7 FLT1'!$A$4:$J$640,MATCH($E39&$C39,'ER C7 FLT1'!$A$4:$A$640&'ER C7 FLT1'!$B$4:$B$640,1),8)*IF($H39=\"Class_7\",INDEX('ER C7 FLT1'!$A$4:$J$640,MATCH($E39&$C39,'ER C7 FLT1'!$A$4:$A$640&'ER C7 FLT1'!$B$4:$B$640,1),9)),\nIF($H39=\"Class_6\",INDEX('ER C6 FLT1'!$A$4:$J$640,MATCH($E39&$C39,'ER C6 FLT1'!$A$4:$A$640&'ER C6 FLT1'!$B$4:$B$640,1),8)*IF($H39=\"Class_6\",INDEX('ER C6 FLT1'!$A$4:$J$640,MATCH($E39&$C39,'ER C6 FLT1'!$A$4:$A$640&'ER C6 FLT1'!$B$4:$B$640,1),9))))))))*IF($F39=\"Level 1 PM\",0.75,IF($F39=\"Level 2 PM\",0.5,IF($F39=\"Level 3 PM\",0,IF($F39=\"Level 3 PM + Mark I NOx\",0,1))))*($Q39/453.6)","v":0},{"$f":"IF($B39=\"3+ Trucks\",IF(OR($H39=\"Class_8\",$N39=\"Replacement8HHD\",$AH39=\"CL7HHD\",$AJ39=\"CL7to8\"),INDEX('ER C8 FLT3'!$A$4:$J$640,MATCH($E39&$C39,'ER C8 FLT3'!$A$4:$A$640&'ER C8 FLT3'!$B$4:$B$640-1,1),8)*IF(OR($H39=\"Class_8\",$N39=\"Replacement8HHD\",$AH39=\"CL7HHD\",$AJ39=\"CL7to8\"),INDEX('ER C8 FLT3'!$A$4:$J$640,MATCH($E39&$C39,'ER C8 FLT3'!$A$4:$A$640&'ER C8 FLT3'!$B$4:$B$640-1,1),9)),IF($H39=\"Class_7\",INDEX('ER C7 FLT3'!$A$4:$J$640,MATCH($E39&$C39,'ER C7 FLT3'!$A$4:$A$640&'ER C7 FLT3'!$B$4:$B$640-1,1),8)*IF($H39=\"Class_7\",INDEX('ER C7 FLT3'!$A$4:$J$640,MATCH($E39&$C39,'ER C7 FLT3'!$A$4:$A$640&'ER C7 FLT3'!$B$4:$B$640-1,1),9)),\nIF($H39=\"Class_6\",INDEX('ER C6 FLT3'!$A$4:$J$640,MATCH($E39&$C39,'ER C6 FLT3'!$A$4:$A$640&'ER C6 FLT3'!$B$4:$B$640-1,1),8)*IF($H39=\"Class_6\",INDEX('ER C6 FLT3'!$A$4:$L$640,MATCH($E39&$C39,'ER C6 FLT3'!$A$4:$A$640&'ER C6 FLT3'!$B$4:$B$640-1,1),9))))),IF($B39=\"2 Trucks\",IF(OR($H39=\"Class_8\",$N39=\"Replacement8HHD\",$AH39=\"CL7HHD\",$AJ39=\"CL7to8\"),INDEX('ER C8 FLT2'!$A$4:$J$640,MATCH($E39&$C39,'ER C8 FLT2'!$A$4:$A$640&'ER C8 FLT2'!$B$4:$B$640-1,1),8)*IF(OR($H39=\"Class_8\",$N39=\"Replacement8HHD\",$AH39=\"CL7HHD\",$AJ39=\"CL7to8\"),INDEX('ER C8 FLT2'!$A$4:$J$640,MATCH($E39&$C39,'ER C8 FLT2'!$A$4:$A$640&'ER C8 FLT2'!$B$4:$B$640-1,1),9)),IF($H39=\"Class_7\",INDEX('ER C7 FLT2'!$A$4:$J$640,MATCH($E39&$C39,'ER C7 FLT2'!$A$4:$A$640&'ER C7 FLT2'!$B$4:$B$640-1,1),8)*IF($H39=\"Class_7\",INDEX('ER C7 FLT2'!$A$4:$J$640,MATCH($E39&$C39,'ER C7 FLT2'!$A$4:$A$640&'ER C7 FLT2'!$B$4:$B$640-1,1),9)),IF($H39=\"Class_6\",INDEX('ER C6 FLT2'!$A$4:$J$640,MATCH($E39&$C39,'ER C6 FLT2'!$A$4:$A$640&'ER C6 FLT2'!$B$4:$B$640-1,1),8)*IF($H39=\"Class_6\",INDEX('ER C6 FLT2'!$A$4:$J$640,MATCH($E39&$C39,'ER C6 FLT2'!$A$4:$A$640&'ER C6 FLT2'!$B$4:$B$640-1,1),9))))),IF($B39=\"1 Truck\",\nIF(OR($H39=\"Class_8\",$N39=\"Replacement8HHD\",$AH39=\"CL7HHD\",$AJ39=\"CL7to8\"),INDEX('ER C8 FLT1'!$A$4:$J$640,MATCH($E39&$C39,'ER C8 FLT1'!$A$4:$A$640&'ER C8 FLT1'!$B$4:$B$640-1,1),8)*IF(OR($H39=\"Class_8\",$N39=\"Replacement8HHD\",$AH39=\"CL7HHD\",$AJ39=\"CL7to8\"),INDEX('ER C8 FLT1'!$A$4:$J$640,MATCH($E39&$C39,'ER C8 FLT1'!$A$4:$A$640&'ER C8 FLT1'!$B$4:$B$640-1,1),9)),IF($H39=\"Class_7\",INDEX('ER C7 FLT1'!$A$4:$J$640,MATCH($E39&$C39,'ER C7 FLT1'!$A$4:$A$640&'ER C7 FLT1'!$B$4:$B$640-1,1),8)*IF($H39=\"Class_7\",INDEX('ER C7 FLT1'!$A$4:$J$640,MATCH($E39&$C39,'ER C7 FLT1'!$A$4:$A$640&'ER C7 FLT1'!$B$4:$B$640-1,1),9)),\nIF($H39=\"Class_6\",INDEX('ER C6 FLT1'!$A$4:$J$640,MATCH($E39&$C39,'ER C6 FLT1'!$A$4:$A$640&'ER C6 FLT1'!$B$4:$B$640-1,1),8)*IF($H39=\"Class_6\",INDEX('ER C6 FLT1'!$A$4:$J$640,MATCH($E39&$C39,'ER C6 FLT1'!$A$4:$A$640&'ER C6 FLT1'!$B$4:$B$640-1,1),9))))))))*IF($F39=\"Level 1 PM\",0.75,IF($F39=\"Level 2 PM\",0.5,IF($F39=\"Level 3 PM\",0,IF($F39=\"Level 3 PM + Mark I NOx\",0,1))))*($Q39/453.6)","v":0},{"$f":"IF($B39=\"3+ Trucks\",IF(OR($H39=\"Class_8\",$N39=\"Replacement8HHD\",$AH39=\"CL7HHD\",$AJ39=\"CL7to8\"),INDEX('ER C8 FLT3'!$A$4:$J$640,MATCH($E39&$C39,'ER C8 FLT3'!$A$4:$A$640&'ER C8 FLT3'!$B$4:$B$640-2,1),8)*IF(OR($H39=\"Class_8\",$N39=\"Replacement8HHD\",$AH39=\"CL7HHD\",$AJ39=\"CL7to8\"),INDEX('ER C8 FLT3'!$A$4:$J$640,MATCH($E39&$C39,'ER C8 FLT3'!$A$4:$A$640&'ER C8 FLT3'!$B$4:$B$640-2,1),9)),IF($H39=\"Class_7\",INDEX('ER C7 FLT3'!$A$4:$J$640,MATCH($E39&$C39,'ER C7 FLT3'!$A$4:$A$640&'ER C7 FLT3'!$B$4:$B$640-2,1),8)*IF($H39=\"Class_7\",INDEX('ER C7 FLT3'!$A$4:$J$640,MATCH($E39&$C39,'ER C7 FLT3'!$A$4:$A$640&'ER C7 FLT3'!$B$4:$B$640-2,1),9)),\nIF($H39=\"Class_6\",INDEX('ER C6 FLT3'!$A$4:$J$640,MATCH($E39&$C39,'ER C6 FLT3'!$A$4:$A$640&'ER C6 FLT3'!$B$4:$B$640-2,1),8)*IF($H39=\"Class_6\",INDEX('ER C6 FLT3'!$A$4:$L$640,MATCH($E39&$C39,'ER C6 FLT3'!$A$4:$A$640&'ER C6 FLT3'!$B$4:$B$640-2,1),9))))),IF($B39=\"2 Trucks\",IF(OR($H39=\"Class_8\",$N39=\"Replacement8HHD\",$AH39=\"CL7HHD\",$AJ39=\"CL7to8\"),INDEX('ER C8 FLT2'!$A$4:$J$640,MATCH($E39&$C39,'ER C8 FLT2'!$A$4:$A$640&'ER C8 FLT2'!$B$4:$B$640-2,1),8)*IF(OR($H39=\"Class_8\",$N39=\"Replacement8HHD\",$AH39=\"CL7HHD\",$AJ39=\"CL7to8\"),INDEX('ER C8 FLT2'!$A$4:$J$640,MATCH($E39&$C39,'ER C8 FLT2'!$A$4:$A$640&'ER C8 FLT2'!$B$4:$B$640-2,1),9)),IF($H39=\"Class_7\",INDEX('ER C7 FLT2'!$A$4:$J$640,MATCH($E39&$C39,'ER C7 FLT2'!$A$4:$A$640&'ER C7 FLT2'!$B$4:$B$640-2,1),8)*IF($H39=\"Class_7\",INDEX('ER C7 FLT2'!$A$4:$J$640,MATCH($E39&$C39,'ER C7 FLT2'!$A$4:$A$640&'ER C7 FLT2'!$B$4:$B$640-2,1),9)),IF($H39=\"Class_6\",INDEX('ER C6 FLT2'!$A$4:$J$640,MATCH($E39&$C39,'ER C6 FLT2'!$A$4:$A$640&'ER C6 FLT2'!$B$4:$B$640-2,1),8)*IF($H39=\"Class_6\",INDEX('ER C6 FLT2'!$A$4:$J$640,MATCH($E39&$C39,'ER C6 FLT2'!$A$4:$A$640&'ER C6 FLT2'!$B$4:$B$640-2,1),9))))),IF($B39=\"1 Truck\",\nIF(OR($H39=\"Class_8\",$N39=\"Replacement8HHD\",$AH39=\"CL7HHD\",$AJ39=\"CL7to8\"),INDEX('ER C8 FLT1'!$A$4:$J$640,MATCH($E39&$C39,'ER C8 FLT1'!$A$4:$A$640&'ER C8 FLT1'!$B$4:$B$640-2,1),8)*IF(OR($H39=\"Class_8\",$N39=\"Replacement8HHD\",$AH39=\"CL7HHD\",$AJ39=\"CL7to8\"),INDEX('ER C8 FLT1'!$A$4:$J$640,MATCH($E39&$C39,'ER C8 FLT1'!$A$4:$A$640&'ER C8 FLT1'!$B$4:$B$640-2,1),9)),IF($H39=\"Class_7\",INDEX('ER C7 FLT1'!$A$4:$J$640,MATCH($E39&$C39,'ER C7 FLT1'!$A$4:$A$640&'ER C7 FLT1'!$B$4:$B$640-2,1),8)*IF($H39=\"Class_7\",INDEX('ER C7 FLT1'!$A$4:$J$640,MATCH($E39&$C39,'ER C7 FLT1'!$A$4:$A$640&'ER C7 FLT1'!$B$4:$B$640-2,1),9)),\nIF($H39=\"Class_6\",INDEX('ER C6 FLT1'!$A$4:$J$640,MATCH($E39&$C39,'ER C6 FLT1'!$A$4:$A$640&'ER C6 FLT1'!$B$4:$B$640-2,1),8)*IF($H39=\"Class_6\",INDEX('ER C6 FLT1'!$A$4:$J$640,MATCH($E39&$C39,'ER C6 FLT1'!$A$4:$A$640&'ER C6 FLT1'!$B$4:$B$640-2,1),9))))))))*IF($F39=\"Level 1 PM\",0.75,IF($F39=\"Level 2 PM\",0.5,IF($F39=\"Level 3 PM\",0,IF($F39=\"Level 3 PM + Mark I NOx\",0,1))))*($Q39/453.6)","v":0},{"$f":"IF($B39=\"3+ Trucks\",IF(OR($H39=\"Class_8\",$N39=\"Replacement8HHD\",$AH39=\"CL7HHD\",$AJ39=\"CL7to8\"),INDEX('ER C8 FLT3'!$A$4:$J$640,MATCH($E39&$C39,'ER C8 FLT3'!$A$4:$A$640&'ER C8 FLT3'!$B$4:$B$640-3,1),8)*IF(OR($H39=\"Class_8\",$N39=\"Replacement8HHD\",$AH39=\"CL7HHD\",$AJ39=\"CL7to8\"),INDEX('ER C8 FLT3'!$A$4:$J$640,MATCH($E39&$C39,'ER C8 FLT3'!$A$4:$A$640&'ER C8 FLT3'!$B$4:$B$640-3,1),9)),IF($H39=\"Class_7\",INDEX('ER C7 FLT3'!$A$4:$J$640,MATCH($E39&$C39,'ER C7 FLT3'!$A$4:$A$640&'ER C7 FLT3'!$B$4:$B$640-3,1),8)*IF($H39=\"Class_7\",INDEX('ER C7 FLT3'!$A$4:$J$640,MATCH($E39&$C39,'ER C7 FLT3'!$A$4:$A$640&'ER C7 FLT3'!$B$4:$B$640-3,1),9)),\nIF($H39=\"Class_6\",INDEX('ER C6 FLT3'!$A$4:$J$640,MATCH($E39&$C39,'ER C6 FLT3'!$A$4:$A$640&'ER C6 FLT3'!$B$4:$B$640-3,1),8)*IF($H39=\"Class_6\",INDEX('ER C6 FLT3'!$A$4:$L$640,MATCH($E39&$C39,'ER C6 FLT3'!$A$4:$A$640&'ER C6 FLT3'!$B$4:$B$640-3,1),9))))),IF($B39=\"2 Trucks\",IF(OR($H39=\"Class_8\",$N39=\"Replacement8HHD\",$AH39=\"CL7HHD\",$AJ39=\"CL7to8\"),INDEX('ER C8 FLT2'!$A$4:$J$640,MATCH($E39&$C39,'ER C8 FLT2'!$A$4:$A$640&'ER C8 FLT2'!$B$4:$B$640-3,1),8)*IF(OR($H39=\"Class_8\",$N39=\"Replacement8HHD\",$AH39=\"CL7HHD\",$AJ39=\"CL7to8\"),INDEX('ER C8 FLT2'!$A$4:$J$640,MATCH($E39&$C39,'ER C8 FLT2'!$A$4:$A$640&'ER C8 FLT2'!$B$4:$B$640-3,1),9)),IF($H39=\"Class_7\",INDEX('ER C7 FLT2'!$A$4:$J$640,MATCH($E39&$C39,'ER C7 FLT2'!$A$4:$A$640&'ER C7 FLT2'!$B$4:$B$640-3,1),8)*IF($H39=\"Class_7\",INDEX('ER C7 FLT2'!$A$4:$J$640,MATCH($E39&$C39,'ER C7 FLT2'!$A$4:$A$640&'ER C7 FLT2'!$B$4:$B$640-3,1),9)),IF($H39=\"Class_6\",INDEX('ER C6 FLT2'!$A$4:$J$640,MATCH($E39&$C39,'ER C6 FLT2'!$A$4:$A$640&'ER C6 FLT2'!$B$4:$B$640-3,1),8)*IF($H39=\"Class_6\",INDEX('ER C6 FLT2'!$A$4:$J$640,MATCH($E39&$C39,'ER C6 FLT2'!$A$4:$A$640&'ER C6 FLT2'!$B$4:$B$640-3,1),9))))),IF($B39=\"1 Truck\",\nIF(OR($H39=\"Class_8\",$N39=\"Replacement8HHD\",$AH39=\"CL7HHD\",$AJ39=\"CL7to8\"),INDEX('ER C8 FLT1'!$A$4:$J$640,MATCH($E39&$C39,'ER C8 FLT1'!$A$4:$A$640&'ER C8 FLT1'!$B$4:$B$640-3,1),8)*IF(OR($H39=\"Class_8\",$N39=\"Replacement8HHD\",$AH39=\"CL7HHD\",$AJ39=\"CL7to8\"),INDEX('ER C8 FLT1'!$A$4:$J$640,MATCH($E39&$C39,'ER C8 FLT1'!$A$4:$A$640&'ER C8 FLT1'!$B$4:$B$640-3,1),9)),IF($H39=\"Class_7\",INDEX('ER C7 FLT1'!$A$4:$J$640,MATCH($E39&$C39,'ER C7 FLT1'!$A$4:$A$640&'ER C7 FLT1'!$B$4:$B$640-3,1),8)*IF($H39=\"Class_7\",INDEX('ER C7 FLT1'!$A$4:$J$640,MATCH($E39&$C39,'ER C7 FLT1'!$A$4:$A$640&'ER C7 FLT1'!$B$4:$B$640-3,1),9)),\nIF($H39=\"Class_6\",INDEX('ER C6 FLT1'!$A$4:$J$640,MATCH($E39&$C39,'ER C6 FLT1'!$A$4:$A$640&'ER C6 FLT1'!$B$4:$B$640-3,1),8)*IF($H39=\"Class_6\",INDEX('ER C6 FLT1'!$A$4:$J$640,MATCH($E39&$C39,'ER C6 FLT1'!$A$4:$A$640&'ER C6 FLT1'!$B$4:$B$640-3,1),9))))))))*IF($F39=\"Level 1 PM\",0.75,IF($F39=\"Level 2 PM\",0.5,IF($F39=\"Level 3 PM\",0,IF($F39=\"Level 3 PM + Mark I NOx\",0,1))))*($Q39/453.6)","v":0},{"$f":"IF($B39=\"3+ Trucks\",IF(OR($H39=\"Class_8\",$N39=\"Replacement8HHD\",$AH39=\"CL7HHD\",$AJ39=\"CL7to8\"),INDEX('ER C8 FLT3'!$A$4:$J$640,MATCH($E39&$C39,'ER C8 FLT3'!$A$4:$A$640&'ER C8 FLT3'!$B$4:$B$640-4,1),8)*IF(OR($H39=\"Class_8\",$N39=\"Replacement8HHD\",$AH39=\"CL7HHD\",$AJ39=\"CL7to8\"),INDEX('ER C8 FLT3'!$A$4:$J$640,MATCH($E39&$C39,'ER C8 FLT3'!$A$4:$A$640&'ER C8 FLT3'!$B$4:$B$640-4,1),9)),IF($H39=\"Class_7\",INDEX('ER C7 FLT3'!$A$4:$J$640,MATCH($E39&$C39,'ER C7 FLT3'!$A$4:$A$640&'ER C7 FLT3'!$B$4:$B$640-4,1),8)*IF($H39=\"Class_7\",INDEX('ER C7 FLT3'!$A$4:$J$640,MATCH($E39&$C39,'ER C7 FLT3'!$A$4:$A$640&'ER C7 FLT3'!$B$4:$B$640-4,1),9)),\nIF($H39=\"Class_6\",INDEX('ER C6 FLT3'!$A$4:$J$640,MATCH($E39&$C39,'ER C6 FLT3'!$A$4:$A$640&'ER C6 FLT3'!$B$4:$B$640-4,1),8)*IF($H39=\"Class_6\",INDEX('ER C6 FLT3'!$A$4:$L$640,MATCH($E39&$C39,'ER C6 FLT3'!$A$4:$A$640&'ER C6 FLT3'!$B$4:$B$640-4,1),9))))),IF($B39=\"2 Trucks\",IF(OR($H39=\"Class_8\",$N39=\"Replacement8HHD\",$AH39=\"CL7HHD\",$AJ39=\"CL7to8\"),INDEX('ER C8 FLT2'!$A$4:$J$640,MATCH($E39&$C39,'ER C8 FLT2'!$A$4:$A$640&'ER C8 FLT2'!$B$4:$B$640-4,1),8)*IF(OR($H39=\"Class_8\",$N39=\"Replacement8HHD\",$AH39=\"CL7HHD\",$AJ39=\"CL7to8\"),INDEX('ER C8 FLT2'!$A$4:$J$640,MATCH($E39&$C39,'ER C8 FLT2'!$A$4:$A$640&'ER C8 FLT2'!$B$4:$B$640-4,1),9)),IF($H39=\"Class_7\",INDEX('ER C7 FLT2'!$A$4:$J$640,MATCH($E39&$C39,'ER C7 FLT2'!$A$4:$A$640&'ER C7 FLT2'!$B$4:$B$640-4,1),8)*IF($H39=\"Class_7\",INDEX('ER C7 FLT2'!$A$4:$J$640,MATCH($E39&$C39,'ER C7 FLT2'!$A$4:$A$640&'ER C7 FLT2'!$B$4:$B$640-4,1),9)),IF($H39=\"Class_6\",INDEX('ER C6 FLT2'!$A$4:$J$640,MATCH($E39&$C39,'ER C6 FLT2'!$A$4:$A$640&'ER C6 FLT2'!$B$4:$B$640-4,1),8)*IF($H39=\"Class_6\",INDEX('ER C6 FLT2'!$A$4:$J$640,MATCH($E39&$C39,'ER C6 FLT2'!$A$4:$A$640&'ER C6 FLT2'!$B$4:$B$640-4,1),9))))),IF($B39=\"1 Truck\",\nIF(OR($H39=\"Class_8\",$N39=\"Replacement8HHD\",$AH39=\"CL7HHD\",$AJ39=\"CL7to8\"),INDEX('ER C8 FLT1'!$A$4:$J$640,MATCH($E39&$C39,'ER C8 FLT1'!$A$4:$A$640&'ER C8 FLT1'!$B$4:$B$640-4,1),8)*IF(OR($H39=\"Class_8\",$N39=\"Replacement8HHD\",$AH39=\"CL7HHD\",$AJ39=\"CL7to8\"),INDEX('ER C8 FLT1'!$A$4:$J$640,MATCH($E39&$C39,'ER C8 FLT1'!$A$4:$A$640&'ER C8 FLT1'!$B$4:$B$640-4,1),9)),IF($H39=\"Class_7\",INDEX('ER C7 FLT1'!$A$4:$J$640,MATCH($E39&$C39,'ER C7 FLT1'!$A$4:$A$640&'ER C7 FLT1'!$B$4:$B$640-4,1),8)*IF($H39=\"Class_7\",INDEX('ER C7 FLT1'!$A$4:$J$640,MATCH($E39&$C39,'ER C7 FLT1'!$A$4:$A$640&'ER C7 FLT1'!$B$4:$B$640-4,1),9)),\nIF($H39=\"Class_6\",INDEX('ER C6 FLT1'!$A$4:$J$640,MATCH($E39&$C39,'ER C6 FLT1'!$A$4:$A$640&'ER C6 FLT1'!$B$4:$B$640-4,1),8)*IF($H39=\"Class_6\",INDEX('ER C6 FLT1'!$A$4:$J$640,MATCH($E39&$C39,'ER C6 FLT1'!$A$4:$A$640&'ER C6 FLT1'!$B$4:$B$640-4,1),9))))))))*IF($F39=\"Level 1 PM\",0.75,IF($F39=\"Level 2 PM\",0.5,IF($F39=\"Level 3 PM\",0,IF($F39=\"Level 3 PM + Mark I NOx\",0,1))))*($Q39/453.6)","v":0},{"$f":"IF($B39=\"3+ Trucks\",IF(OR($H39=\"Class_8\",$N39=\"Replacement8HHD\",$AH39=\"CL7HHD\",$AJ39=\"CL7to8\"),INDEX('ER C8 FLT3'!$A$4:$J$640,MATCH($E39&$C39,'ER C8 FLT3'!$A$4:$A$640&'ER C8 FLT3'!$B$4:$B$640,1),8),IF($H39=\"Class_7\",INDEX('ER C7 FLT3'!$A$4:$J$640,MATCH($E39&$C39,'ER C7 FLT3'!$A$4:$A$640&'ER C7 FLT3'!$B$4:$B$640,1),8),IF($H39=\"Class_6\",INDEX('ER C6 FLT3'!$A$4:$J$640,MATCH($E39&$C39,'ER C6 FLT3'!$A$4:$A$640&'ER C6 FLT3'!$B$4:$B$640,1),8)))),IF($B39=\"2 Trucks\",IF(OR($H39=\"Class_8\",$N39=\"Replacement8HHD\",$AH39=\"CL7HHD\",$AJ39=\"CL7to8\"),INDEX('ER C8 FLT2'!$A$4:$J$640,MATCH($E39&$C39,'ER C8 FLT2'!$A$4:$A$640&'ER C8 FLT2'!$B$4:$B$640,1),8),IF($H39=\"Class_7\",INDEX('ER C7 FLT2'!$A$4:$J$640,MATCH($E39&$C39,'ER C7 FLT2'!$A$4:$A$640&'ER C7 FLT2'!$B$4:$B$640,1),8),IF($H39=\"Class_6\",INDEX('ER C6 FLT2'!$A$4:$J$640,MATCH($E39&$C39,'ER C6 FLT2'!$A$4:$A$640&'ER C6 FLT2'!$B$4:$B$640,1),8)))),IF($B39=\"1 Truck\",IF(OR($H39=\"Class_8\",$N39=\"Replacement8HHD\",$AH39=\"CL7HHD\",$AJ39=\"CL7to8\"),INDEX('ER C8 FLT1'!$A$4:$J$640,MATCH($E39&$C39,'ER C8 FLT1'!$A$4:$A$640&'ER C8 FLT1'!$B$4:$B$640,1),8),IF($H39=\"Class_7\",INDEX('ER C7 FLT1'!$A$4:$J$640,MATCH($E39&$C39,'ER C7 FLT1'!$A$4:$A$640&'ER C7 FLT1'!$B$4:$B$640,1),8),IF($H39=\"Class_6\",INDEX('ER C6 FLT1'!$A$4:$J$640,MATCH($E39&$C39,'ER C6 FLT1'!$A$4:$A$640&'ER C6 FLT1'!$B$4:$B$640,1),8)))))))","v":false},{"$f":"IF($B39=\"3+ Trucks\",IF(OR($H39=\"Class_8\",$N39=\"Replacement8HHD\",$AH39=\"CL7HHD\",$AJ39=\"CL7to8\"),INDEX('ER C8 FLT3'!$A$4:$J$640,MATCH($E39&$C39,'ER C8 FLT3'!$A$4:$A$640&'ER C8 FLT3'!$B$4:$B$640-1,1),8),IF($H39=\"Class_7\",INDEX('ER C7 FLT3'!$A$4:$J$640,MATCH($E39&$C39,'ER C7 FLT3'!$A$4:$A$640&'ER C7 FLT3'!$B$4:$B$640-1,1),8),IF($H39=\"Class_6\",INDEX('ER C6 FLT3'!$A$4:$J$640,MATCH($E39&$C39,'ER C6 FLT3'!$A$4:$A$640&'ER C6 FLT3'!$B$4:$B$640-1,1),8)))),IF($B39=\"2 Trucks\",IF(OR($H39=\"Class_8\",$N39=\"Replacement8HHD\",$AH39=\"CL7HHD\",$AJ39=\"CL7to8\"),INDEX('ER C8 FLT2'!$A$4:$J$640,MATCH($E39&$C39,'ER C8 FLT2'!$A$4:$A$640&'ER C8 FLT2'!$B$4:$B$640-1,1),8),IF($H39=\"Class_7\",INDEX('ER C7 FLT2'!$A$4:$J$640,MATCH($E39&$C39,'ER C7 FLT2'!$A$4:$A$640&'ER C7 FLT2'!$B$4:$B$640-1,1),8),IF($H39=\"Class_6\",INDEX('ER C6 FLT2'!$A$4:$J$640,MATCH($E39&$C39,'ER C6 FLT2'!$A$4:$A$640&'ER C6 FLT2'!$B$4:$B$640-1,1),8)))),IF($B39=\"1 Truck\",IF(OR($H39=\"Class_8\",$N39=\"Replacement8HHD\",$AH39=\"CL7HHD\",$AJ39=\"CL7to8\"),INDEX('ER C8 FLT1'!$A$4:$J$640,MATCH($E39&$C39,'ER C8 FLT1'!$A$4:$A$640&'ER C8 FLT1'!$B$4:$B$640-1,1),8),IF($H39=\"Class_7\",INDEX('ER C7 FLT1'!$A$4:$J$640,MATCH($E39&$C39,'ER C7 FLT1'!$A$4:$A$640&'ER C7 FLT1'!$B$4:$B$640-1,1),8),IF($H39=\"Class_6\",INDEX('ER C6 FLT1'!$A$4:$J$640,MATCH($E39&$C39,'ER C6 FLT1'!$A$4:$A$640&'ER C6 FLT1'!$B$4:$B$640-1,1),8)))))))","v":false},{"$f":"IF($B39=\"3+ Trucks\",IF(OR($H39=\"Class_8\",$N39=\"Replacement8HHD\",$AH39=\"CL7HHD\",$AJ39=\"CL7to8\"),INDEX('ER C8 FLT3'!$A$4:$J$640,MATCH($E39&$C39,'ER C8 FLT3'!$A$4:$A$640&'ER C8 FLT3'!$B$4:$B$640-2,1),8),IF($H39=\"Class_7\",INDEX('ER C7 FLT3'!$A$4:$J$640,MATCH($E39&$C39,'ER C7 FLT3'!$A$4:$A$640&'ER C7 FLT3'!$B$4:$B$640-2,1),8),IF($H39=\"Class_6\",INDEX('ER C6 FLT3'!$A$4:$J$640,MATCH($E39&$C39,'ER C6 FLT3'!$A$4:$A$640&'ER C6 FLT3'!$B$4:$B$640-2,1),8)))),IF($B39=\"2 Trucks\",IF(OR($H39=\"Class_8\",$N39=\"Replacement8HHD\",$AH39=\"CL7HHD\",$AJ39=\"CL7to8\"),INDEX('ER C8 FLT2'!$A$4:$J$640,MATCH($E39&$C39,'ER C8 FLT2'!$A$4:$A$640&'ER C8 FLT2'!$B$4:$B$640-2,1),8),IF($H39=\"Class_7\",INDEX('ER C7 FLT2'!$A$4:$J$640,MATCH($E39&$C39,'ER C7 FLT2'!$A$4:$A$640&'ER C7 FLT2'!$B$4:$B$640-2,1),8),IF($H39=\"Class_6\",INDEX('ER C6 FLT2'!$A$4:$J$640,MATCH($E39&$C39,'ER C6 FLT2'!$A$4:$A$640&'ER C6 FLT2'!$B$4:$B$640-2,1),8)))),IF($B39=\"1 Truck\",IF(OR($H39=\"Class_8\",$N39=\"Replacement8HHD\",$AH39=\"CL7HHD\",$AJ39=\"CL7to8\"),INDEX('ER C8 FLT1'!$A$4:$J$640,MATCH($E39&$C39,'ER C8 FLT1'!$A$4:$A$640&'ER C8 FLT1'!$B$4:$B$640-2,1),8),IF($H39=\"Class_7\",INDEX('ER C7 FLT1'!$A$4:$J$640,MATCH($E39&$C39,'ER C7 FLT1'!$A$4:$A$640&'ER C7 FLT1'!$B$4:$B$640-2,1),8),IF($H39=\"Class_6\",INDEX('ER C6 FLT1'!$A$4:$J$640,MATCH($E39&$C39,'ER C6 FLT1'!$A$4:$A$640&'ER C6 FLT1'!$B$4:$B$640-2,1),8)))))))","v":false},{"$f":"IF($B39=\"3+ Trucks\",IF(OR($H39=\"Class_8\",$N39=\"Replacement8HHD\",$AH39=\"CL7HHD\",$AJ39=\"CL7to8\"),INDEX('ER C8 FLT3'!$A$4:$J$640,MATCH($E39&$C39,'ER C8 FLT3'!$A$4:$A$640&'ER C8 FLT3'!$B$4:$B$640-3,1),8),IF($H39=\"Class_7\",INDEX('ER C7 FLT3'!$A$4:$J$640,MATCH($E39&$C39,'ER C7 FLT3'!$A$4:$A$640&'ER C7 FLT3'!$B$4:$B$640-3,1),8),IF($H39=\"Class_6\",INDEX('ER C6 FLT3'!$A$4:$J$640,MATCH($E39&$C39,'ER C6 FLT3'!$A$4:$A$640&'ER C6 FLT3'!$B$4:$B$640-3,1),8)))),IF($B39=\"2 Trucks\",IF(OR($H39=\"Class_8\",$N39=\"Replacement8HHD\",$AH39=\"CL7HHD\",$AJ39=\"CL7to8\"),INDEX('ER C8 FLT2'!$A$4:$J$640,MATCH($E39&$C39,'ER C8 FLT2'!$A$4:$A$640&'ER C8 FLT2'!$B$4:$B$640-3,1),8),IF($H39=\"Class_7\",INDEX('ER C7 FLT2'!$A$4:$J$640,MATCH($E39&$C39,'ER C7 FLT2'!$A$4:$A$640&'ER C7 FLT2'!$B$4:$B$640-3,1),8),IF($H39=\"Class_6\",INDEX('ER C6 FLT2'!$A$4:$J$640,MATCH($E39&$C39,'ER C6 FLT2'!$A$4:$A$640&'ER C6 FLT2'!$B$4:$B$640-3,1),8)))),IF($B39=\"1 Truck\",IF(OR($H39=\"Class_8\",$N39=\"Replacement8HHD\",$AH39=\"CL7HHD\",$AJ39=\"CL7to8\"),INDEX('ER C8 FLT1'!$A$4:$J$640,MATCH($E39&$C39,'ER C8 FLT1'!$A$4:$A$640&'ER C8 FLT1'!$B$4:$B$640-3,1),8),IF($H39=\"Class_7\",INDEX('ER C7 FLT1'!$A$4:$J$640,MATCH($E39&$C39,'ER C7 FLT1'!$A$4:$A$640&'ER C7 FLT1'!$B$4:$B$640-3,1),8),IF($H39=\"Class_6\",INDEX('ER C6 FLT1'!$A$4:$J$640,MATCH($E39&$C39,'ER C6 FLT1'!$A$4:$A$640&'ER C6 FLT1'!$B$4:$B$640-3,1),8)))))))","v":false},{"$f":"IF($B39=\"3+ Trucks\",IF(OR($H39=\"Class_8\",$N39=\"Replacement8HHD\",$AH39=\"CL7HHD\",$AJ39=\"CL7to8\"),INDEX('ER C8 FLT3'!$A$4:$J$640,MATCH($E39&$C39,'ER C8 FLT3'!$A$4:$A$640&'ER C8 FLT3'!$B$4:$B$640-4,1),8),IF($H39=\"Class_7\",INDEX('ER C7 FLT3'!$A$4:$J$640,MATCH($E39&$C39,'ER C7 FLT3'!$A$4:$A$640&'ER C7 FLT3'!$B$4:$B$640-4,1),8),IF($H39=\"Class_6\",INDEX('ER C6 FLT3'!$A$4:$J$640,MATCH($E39&$C39,'ER C6 FLT3'!$A$4:$A$640&'ER C6 FLT3'!$B$4:$B$640-4,1),8)))),IF($B39=\"2 Trucks\",IF(OR($H39=\"Class_8\",$N39=\"Replacement8HHD\",$AH39=\"CL7HHD\",$AJ39=\"CL7to8\"),INDEX('ER C8 FLT2'!$A$4:$J$640,MATCH($E39&$C39,'ER C8 FLT2'!$A$4:$A$640&'ER C8 FLT2'!$B$4:$B$640-4,1),8),IF($H39=\"Class_7\",INDEX('ER C7 FLT2'!$A$4:$J$640,MATCH($E39&$C39,'ER C7 FLT2'!$A$4:$A$640&'ER C7 FLT2'!$B$4:$B$640-4,1),8),IF($H39=\"Class_6\",INDEX('ER C6 FLT2'!$A$4:$J$640,MATCH($E39&$C39,'ER C6 FLT2'!$A$4:$A$640&'ER C6 FLT2'!$B$4:$B$640-4,1),8)))),IF($B39=\"1 Truck\",IF(OR($H39=\"Class_8\",$N39=\"Replacement8HHD\",$AH39=\"CL7HHD\",$AJ39=\"CL7to8\"),INDEX('ER C8 FLT1'!$A$4:$J$640,MATCH($E39&$C39,'ER C8 FLT1'!$A$4:$A$640&'ER C8 FLT1'!$B$4:$B$640-4,1),8),IF($H39=\"Class_7\",INDEX('ER C7 FLT1'!$A$4:$J$640,MATCH($E39&$C39,'ER C7 FLT1'!$A$4:$A$640&'ER C7 FLT1'!$B$4:$B$640-4,1),8),IF($H39=\"Class_6\",INDEX('ER C6 FLT1'!$A$4:$J$640,MATCH($E39&$C39,'ER C6 FLT1'!$A$4:$A$640&'ER C6 FLT1'!$B$4:$B$640-4,1),8)))))))","v":false},{"$f":"IF(OR($R39=\"Diesel\",$R39=\"LNG/CNG\",$R39=\"Hybrid\",$R39=\"Electric w/ AB-118\"),IF($B39=\"3+ Trucks\",IF(OR($O39=\"Class_8\",$N39=\"Replacement8HHD\",$AI39=\"CL7HHD\"),INDEX('ER C8 FLT3'!$A$4:$J$640,MATCH(DropData!$J79&$C39,'ER C8 FLT3'!$A$4:$A$640&'ER C8 FLT3'!$B$4:$B$640,1),8)*IF(OR($O39=\"Class_8\",$N39=\"Replacement8HHD\",$AI39=\"CL7HHD\"),INDEX('ER C8 FLT3'!$A$4:$J$640,MATCH(DropData!$J79&$C39,'ER C8 FLT3'!$A$4:$A$640&'ER C8 FLT3'!$B$4:$B$640,1),9)),IF($O39=\"Class_7\",INDEX('ER C7 FLT3'!$A$4:$J$640,MATCH(DropData!$J79&$C39,'ER C7 FLT3'!$A$4:$A$640&'ER C7 FLT3'!$B$4:$B$640,1),8)*IF($O39=\"Class_7\",INDEX('ER C7 FLT3'!$A$4:$J$640,MATCH(DropData!$J79&$C39,'ER C7 FLT3'!$A$4:$A$640&'ER C7 FLT3'!$B$4:$B$640,1),9)),\nIF($O39=\"Class_6\",INDEX('ER C6 FLT3'!$A$4:$J$640,MATCH(DropData!$J79&$C39,'ER C6 FLT3'!$A$4:$A$640&'ER C6 FLT3'!$B$4:$B$640,1),8)*IF($O39=\"Class_6\",INDEX('ER C6 FLT3'!$A$4:$J$640,MATCH(DropData!$J79&$C39,'ER C6 FLT3'!$A$4:$A$640&'ER C6 FLT3'!$B$4:$B$640,1),9))))),IF($B39=\"2 Trucks\",IF(OR($O39=\"Class_8\",$N39=\"Replacement8HHD\",$AI39=\"CL7HHD\"),INDEX('ER C8 FLT2'!$A$4:$J$640,MATCH(DropData!$J79&$C39,'ER C8 FLT2'!$A$4:$A$640&'ER C8 FLT2'!$B$4:$B$640,1),8)*IF(OR($O39=\"Class_8\",$N39=\"Replacement8HHD\",$AI39=\"CL7HHD\"),INDEX('ER C8 FLT2'!$A$4:$J$640,MATCH(DropData!$J79&$C39,'ER C8 FLT2'!$A$4:$A$640&'ER C8 FLT2'!$B$4:$B$640,1),9)),IF($O39=\"Class_7\",INDEX('ER C7 FLT2'!$A$4:$J$640,MATCH(DropData!$J79&$C39,'ER C7 FLT2'!$A$4:$A$640&'ER C7 FLT2'!$B$4:$B$640,1),8)*IF($O39=\"Class_7\",INDEX('ER C7 FLT2'!$A$4:$J$640,MATCH(DropData!$J79&$C39,'ER C7 FLT2'!$A$4:$A$640&'ER C7 FLT2'!$B$4:$B$640,1),9)),IF($O39=\"Class_6\",INDEX('ER C6 FLT2'!$A$4:$J$640,MATCH(DropData!$J79&$C39,'ER C6 FLT2'!$A$4:$A$640&'ER C6 FLT2'!$B$4:$B$640,1),8)*IF($O39=\"Class_6\",INDEX('ER C6 FLT2'!$A$4:$J$640,MATCH(DropData!$J79&$C39,'ER C6 FLT2'!$A$4:$A$640&'ER C6 FLT2'!$B$4:$B$640,1),9))))),IF($B39=\"1 Truck\",\nIF(OR($O39=\"Class_8\",$N39=\"Replacement8HHD\",$AI39=\"CL7HHD\"),INDEX('ER C8 FLT1'!$A$4:$J$640,MATCH(DropData!$J79&$C39,'ER C8 FLT1'!$A$4:$A$640&'ER C8 FLT1'!$B$4:$B$640,1),8)*IF(OR($O39=\"Class_8\",$N39=\"Replacement8HHD\",$AI39=\"CL7HHD\"),INDEX('ER C8 FLT1'!$A$4:$J$640,MATCH(DropData!$J79&$C39,'ER C8 FLT1'!$A$4:$A$640&'ER C8 FLT1'!$B$4:$B$640,1),9)),IF($O39=\"Class_7\",INDEX('ER C7 FLT1'!$A$4:$J$640,MATCH(DropData!$J79&$C39,'ER C7 FLT1'!$A$4:$A$640&'ER C7 FLT1'!$B$4:$B$640,1),8)*IF($O39=\"Class_7\",INDEX('ER C7 FLT1'!$A$4:$J$640,MATCH(DropData!$J79&$C39,'ER C7 FLT1'!$A$4:$A$640&'ER C7 FLT1'!$B$4:$B$640,1),9)),\nIF($O39=\"Class_6\",INDEX('ER C6 FLT1'!$A$4:$J$640,MATCH(DropData!$J79&$C39,'ER C6 FLT1'!$A$4:$A$640&'ER C6 FLT1'!$B$4:$B$640,1),8)*IF($O39=\"Class_6\",INDEX('ER C6 FLT1'!$A$4:$J$640,MATCH(DropData!$J79&$C39,'ER C6 FLT1'!$A$4:$A$640&'ER C6 FLT1'!$B$4:$B$640,1),9)))))))),IF($R39=\"Electric\",INDEX('ER Electric'!$A$6:$E$44,MATCH($C39&$O39,'ER Electric'!$A$6:$A$44&'ER Electric'!$B$6:$B$44,1),3),))*(($Q39+$AC39)/453.6)","v":0},{"$f":"IF(OR($R39=\"Diesel\",$R39=\"LNG/CNG\",$R39=\"Hybrid\",$R39=\"Electric w/ AB-118\"),IF($B39=\"3+ Trucks\",IF(OR($O39=\"Class_8\",$N39=\"Replacement8HHD\",$AI39=\"CL7HHD\"),INDEX('ER C8 FLT3'!$A$4:$J$640,MATCH(DropData!$J79&$C39,'ER C8 FLT3'!$A$4:$A$640&'ER C8 FLT3'!$B$4:$B$640-1,1),8)*IF(OR($O39=\"Class_8\",$N39=\"Replacement8HHD\",$AI39=\"CL7HHD\"),INDEX('ER C8 FLT3'!$A$4:$J$640,MATCH(DropData!$J79&$C39,'ER C8 FLT3'!$A$4:$A$640&'ER C8 FLT3'!$B$4:$B$640-1,1),9)),IF($O39=\"Class_7\",INDEX('ER C7 FLT3'!$A$4:$J$640,MATCH(DropData!$J79&$C39,'ER C7 FLT3'!$A$4:$A$640&'ER C7 FLT3'!$B$4:$B$640-1,1),8)*IF($O39=\"Class_7\",INDEX('ER C7 FLT3'!$A$4:$J$640,MATCH(DropData!$J79&$C39,'ER C7 FLT3'!$A$4:$A$640&'ER C7 FLT3'!$B$4:$B$640-1,1),9)),\nIF($O39=\"Class_6\",INDEX('ER C6 FLT3'!$A$4:$J$640,MATCH(DropData!$J79&$C39,'ER C6 FLT3'!$A$4:$A$640&'ER C6 FLT3'!$B$4:$B$640-1,1),8)*IF($O39=\"Class_6\",INDEX('ER C6 FLT3'!$A$4:$J$640,MATCH(DropData!$J79&$C39,'ER C6 FLT3'!$A$4:$A$640&'ER C6 FLT3'!$B$4:$B$640-1,1),9))))),IF($B39=\"2 Trucks\",IF(OR($O39=\"Class_8\",$N39=\"Replacement8HHD\",$AI39=\"CL7HHD\"),INDEX('ER C8 FLT2'!$A$4:$J$640,MATCH(DropData!$J79&$C39,'ER C8 FLT2'!$A$4:$A$640&'ER C8 FLT2'!$B$4:$B$640-1,1),8)*IF(OR($O39=\"Class_8\",$N39=\"Replacement8HHD\",$AI39=\"CL7HHD\"),INDEX('ER C8 FLT2'!$A$4:$J$640,MATCH(DropData!$J79&$C39,'ER C8 FLT2'!$A$4:$A$640&'ER C8 FLT2'!$B$4:$B$640-1,1),9)),IF($O39=\"Class_7\",INDEX('ER C7 FLT2'!$A$4:$J$640,MATCH(DropData!$J79&$C39,'ER C7 FLT2'!$A$4:$A$640&'ER C7 FLT2'!$B$4:$B$640-1,1),8)*IF($O39=\"Class_7\",INDEX('ER C7 FLT2'!$A$4:$J$640,MATCH(DropData!$J79&$C39,'ER C7 FLT2'!$A$4:$A$640&'ER C7 FLT2'!$B$4:$B$640-1,1),9)),IF($O39=\"Class_6\",INDEX('ER C6 FLT2'!$A$4:$J$640,MATCH(DropData!$J79&$C39,'ER C6 FLT2'!$A$4:$A$640&'ER C6 FLT2'!$B$4:$B$640-1,1),8)*IF($O39=\"Class_6\",INDEX('ER C6 FLT2'!$A$4:$J$640,MATCH(DropData!$J79&$C39,'ER C6 FLT2'!$A$4:$A$640&'ER C6 FLT2'!$B$4:$B$640-1,1),9))))),IF($B39=\"1 Truck\",\nIF(OR($O39=\"Class_8\",$N39=\"Replacement8HHD\",$AI39=\"CL7HHD\"),INDEX('ER C8 FLT1'!$A$4:$J$640,MATCH(DropData!$J79&$C39,'ER C8 FLT1'!$A$4:$A$640&'ER C8 FLT1'!$B$4:$B$640-1,1),8)*IF(OR($O39=\"Class_8\",$N39=\"Replacement8HHD\",$AI39=\"CL7HHD\"),INDEX('ER C8 FLT1'!$A$4:$J$640,MATCH(DropData!$J79&$C39,'ER C8 FLT1'!$A$4:$A$640&'ER C8 FLT1'!$B$4:$B$640-1,1),9)),IF($O39=\"Class_7\",INDEX('ER C7 FLT1'!$A$4:$J$640,MATCH(DropData!$J79&$C39,'ER C7 FLT1'!$A$4:$A$640&'ER C7 FLT1'!$B$4:$B$640-1,1),8)*IF($O39=\"Class_7\",INDEX('ER C7 FLT1'!$A$4:$J$640,MATCH(DropData!$J79&$C39,'ER C7 FLT1'!$A$4:$A$640&'ER C7 FLT1'!$B$4:$B$640-1,1),9)),\nIF($O39=\"Class_6\",INDEX('ER C6 FLT1'!$A$4:$J$640,MATCH(DropData!$J79&$C39,'ER C6 FLT1'!$A$4:$A$640&'ER C6 FLT1'!$B$4:$B$640-1,1),8)*IF($O39=\"Class_6\",INDEX('ER C6 FLT1'!$A$4:$J$640,MATCH(DropData!$J79&$C39,'ER C6 FLT1'!$A$4:$A$640&'ER C6 FLT1'!$B$4:$B$640-1,1),9)))))))),IF($R39=\"Electric\",OFFSET(INDEX('ER Electric'!$A$6:$E$44,MATCH($C39&$O39,'ER Electric'!$A$6:$A$44&'ER Electric'!$B$6:$B$44,1),3),3,0),))*(($Q39+$AC39)/453.6)","v":0},{"$f":"IF(OR($R39=\"Diesel\",$R39=\"LNG/CNG\",$R39=\"Hybrid\",$R39=\"Electric w/ AB-118\"),IF($B39=\"3+ Trucks\",IF(OR($O39=\"Class_8\",$N39=\"Replacement8HHD\",$AI39=\"CL7HHD\"),INDEX('ER C8 FLT3'!$A$4:$J$640,MATCH(DropData!$J79&$C39,'ER C8 FLT3'!$A$4:$A$640&'ER C8 FLT3'!$B$4:$B$640-2,1),8)*IF(OR($O39=\"Class_8\",$N39=\"Replacement8HHD\",$AI39=\"CL7HHD\"),INDEX('ER C8 FLT3'!$A$4:$J$640,MATCH(DropData!$J79&$C39,'ER C8 FLT3'!$A$4:$A$640&'ER C8 FLT3'!$B$4:$B$640-2,1),9)),IF($O39=\"Class_7\",INDEX('ER C7 FLT3'!$A$4:$J$640,MATCH(DropData!$J79&$C39,'ER C7 FLT3'!$A$4:$A$640&'ER C7 FLT3'!$B$4:$B$640-2,1),8)*IF($O39=\"Class_7\",INDEX('ER C7 FLT3'!$A$4:$J$640,MATCH(DropData!$J79&$C39,'ER C7 FLT3'!$A$4:$A$640&'ER C7 FLT3'!$B$4:$B$640-2,1),9)),\nIF($O39=\"Class_6\",INDEX('ER C6 FLT3'!$A$4:$J$640,MATCH(DropData!$J79&$C39,'ER C6 FLT3'!$A$4:$A$640&'ER C6 FLT3'!$B$4:$B$640-2,1),8)*IF($O39=\"Class_6\",INDEX('ER C6 FLT3'!$A$4:$J$640,MATCH(DropData!$J79&$C39,'ER C6 FLT3'!$A$4:$A$640&'ER C6 FLT3'!$B$4:$B$640-2,1),9))))),IF($B39=\"2 Trucks\",IF(OR($O39=\"Class_8\",$N39=\"Replacement8HHD\",$AI39=\"CL7HHD\"),INDEX('ER C8 FLT2'!$A$4:$J$640,MATCH(DropData!$J79&$C39,'ER C8 FLT2'!$A$4:$A$640&'ER C8 FLT2'!$B$4:$B$640-2,1),8)*IF(OR($O39=\"Class_8\",$N39=\"Replacement8HHD\",$AI39=\"CL7HHD\"),INDEX('ER C8 FLT2'!$A$4:$J$640,MATCH(DropData!$J79&$C39,'ER C8 FLT2'!$A$4:$A$640&'ER C8 FLT2'!$B$4:$B$640-2,1),9)),IF($O39=\"Class_7\",INDEX('ER C7 FLT2'!$A$4:$J$640,MATCH(DropData!$J79&$C39,'ER C7 FLT2'!$A$4:$A$640&'ER C7 FLT2'!$B$4:$B$640-2,1),8)*IF($O39=\"Class_7\",INDEX('ER C7 FLT2'!$A$4:$J$640,MATCH(DropData!$J79&$C39,'ER C7 FLT2'!$A$4:$A$640&'ER C7 FLT2'!$B$4:$B$640-2,1),9)),IF($O39=\"Class_6\",INDEX('ER C6 FLT2'!$A$4:$J$640,MATCH(DropData!$J79&$C39,'ER C6 FLT2'!$A$4:$A$640&'ER C6 FLT2'!$B$4:$B$640-2,1),8)*IF($O39=\"Class_6\",INDEX('ER C6 FLT2'!$A$4:$J$640,MATCH(DropData!$J79&$C39,'ER C6 FLT2'!$A$4:$A$640&'ER C6 FLT2'!$B$4:$B$640-2,1),9))))),IF($B39=\"1 Truck\",\nIF(OR($O39=\"Class_8\",$N39=\"Replacement8HHD\",$AI39=\"CL7HHD\"),INDEX('ER C8 FLT1'!$A$4:$J$640,MATCH(DropData!$J79&$C39,'ER C8 FLT1'!$A$4:$A$640&'ER C8 FLT1'!$B$4:$B$640-2,1),8)*IF(OR($O39=\"Class_8\",$N39=\"Replacement8HHD\",$AI39=\"CL7HHD\"),INDEX('ER C8 FLT1'!$A$4:$J$640,MATCH(DropData!$J79&$C39,'ER C8 FLT1'!$A$4:$A$640&'ER C8 FLT1'!$B$4:$B$640-2,1),9)),IF($O39=\"Class_7\",INDEX('ER C7 FLT1'!$A$4:$J$640,MATCH(DropData!$J79&$C39,'ER C7 FLT1'!$A$4:$A$640&'ER C7 FLT1'!$B$4:$B$640-2,1),8)*IF($O39=\"Class_7\",INDEX('ER C7 FLT1'!$A$4:$J$640,MATCH(DropData!$J79&$C39,'ER C7 FLT1'!$A$4:$A$640&'ER C7 FLT1'!$B$4:$B$640-2,1),9)),\nIF($O39=\"Class_6\",INDEX('ER C6 FLT1'!$A$4:$J$640,MATCH(DropData!$J79&$C39,'ER C6 FLT1'!$A$4:$A$640&'ER C6 FLT1'!$B$4:$B$640-2,1),8)*IF($O39=\"Class_6\",INDEX('ER C6 FLT1'!$A$4:$J$640,MATCH(DropData!$J79&$C39,'ER C6 FLT1'!$A$4:$A$640&'ER C6 FLT1'!$B$4:$B$640-2,1),9)))))))),IF($R39=\"Electric\",OFFSET(INDEX('ER Electric'!$A$6:$E$44,MATCH($C39&$O39,'ER Electric'!$A$6:$A$44&'ER Electric'!$B$6:$B$44,1),3),6,0),))*(($Q39+$AC39)/453.6)","v":0},{"$f":"IF(OR($R39=\"Diesel\",$R39=\"LNG/CNG\",$R39=\"Hybrid\",$R39=\"Electric w/ AB-118\"),IF($B39=\"3+ Trucks\",IF(OR($O39=\"Class_8\",$N39=\"Replacement8HHD\",$AI39=\"CL7HHD\"),INDEX('ER C8 FLT3'!$A$4:$J$640,MATCH(DropData!$J79&$C39,'ER C8 FLT3'!$A$4:$A$640&'ER C8 FLT3'!$B$4:$B$640-3,1),8)*IF(OR($O39=\"Class_8\",$N39=\"Replacement8HHD\",$AI39=\"CL7HHD\"),INDEX('ER C8 FLT3'!$A$4:$J$640,MATCH(DropData!$J79&$C39,'ER C8 FLT3'!$A$4:$A$640&'ER C8 FLT3'!$B$4:$B$640-3,1),9)),IF($O39=\"Class_7\",INDEX('ER C7 FLT3'!$A$4:$J$640,MATCH(DropData!$J79&$C39,'ER C7 FLT3'!$A$4:$A$640&'ER C7 FLT3'!$B$4:$B$640-3,1),8)*IF($O39=\"Class_7\",INDEX('ER C7 FLT3'!$A$4:$J$640,MATCH(DropData!$J79&$C39,'ER C7 FLT3'!$A$4:$A$640&'ER C7 FLT3'!$B$4:$B$640-3,1),9)),\nIF($O39=\"Class_6\",INDEX('ER C6 FLT3'!$A$4:$J$640,MATCH(DropData!$J79&$C39,'ER C6 FLT3'!$A$4:$A$640&'ER C6 FLT3'!$B$4:$B$640-3,1),8)*IF($O39=\"Class_6\",INDEX('ER C6 FLT3'!$A$4:$J$640,MATCH(DropData!$J79&$C39,'ER C6 FLT3'!$A$4:$A$640&'ER C6 FLT3'!$B$4:$B$640-3,1),9))))),IF($B39=\"2 Trucks\",IF(OR($O39=\"Class_8\",$N39=\"Replacement8HHD\",$AI39=\"CL7HHD\"),INDEX('ER C8 FLT2'!$A$4:$J$640,MATCH(DropData!$J79&$C39,'ER C8 FLT2'!$A$4:$A$640&'ER C8 FLT2'!$B$4:$B$640-3,1),8)*IF(OR($O39=\"Class_8\",$N39=\"Replacement8HHD\",$AI39=\"CL7HHD\"),INDEX('ER C8 FLT2'!$A$4:$J$640,MATCH(DropData!$J79&$C39,'ER C8 FLT2'!$A$4:$A$640&'ER C8 FLT2'!$B$4:$B$640-3,1),9)),IF($O39=\"Class_7\",INDEX('ER C7 FLT2'!$A$4:$J$640,MATCH(DropData!$J79&$C39,'ER C7 FLT2'!$A$4:$A$640&'ER C7 FLT2'!$B$4:$B$640-3,1),8)*IF($O39=\"Class_7\",INDEX('ER C7 FLT2'!$A$4:$J$640,MATCH(DropData!$J79&$C39,'ER C7 FLT2'!$A$4:$A$640&'ER C7 FLT2'!$B$4:$B$640-3,1),9)),IF($O39=\"Class_6\",INDEX('ER C6 FLT2'!$A$4:$J$640,MATCH(DropData!$J79&$C39,'ER C6 FLT2'!$A$4:$A$640&'ER C6 FLT2'!$B$4:$B$640-3,1),8)*IF($O39=\"Class_6\",INDEX('ER C6 FLT2'!$A$4:$J$640,MATCH(DropData!$J79&$C39,'ER C6 FLT2'!$A$4:$A$640&'ER C6 FLT2'!$B$4:$B$640-3,1),9))))),IF($B39=\"1 Truck\",\nIF(OR($O39=\"Class_8\",$N39=\"Replacement8HHD\",$AI39=\"CL7HHD\"),INDEX('ER C8 FLT1'!$A$4:$J$640,MATCH(DropData!$J79&$C39,'ER C8 FLT1'!$A$4:$A$640&'ER C8 FLT1'!$B$4:$B$640-3,1),8)*IF(OR($O39=\"Class_8\",$N39=\"Replacement8HHD\",$AI39=\"CL7HHD\"),INDEX('ER C8 FLT1'!$A$4:$J$640,MATCH(DropData!$J79&$C39,'ER C8 FLT1'!$A$4:$A$640&'ER C8 FLT1'!$B$4:$B$640-3,1),9)),IF($O39=\"Class_7\",INDEX('ER C7 FLT1'!$A$4:$J$640,MATCH(DropData!$J79&$C39,'ER C7 FLT1'!$A$4:$A$640&'ER C7 FLT1'!$B$4:$B$640-3,1),8)*IF($O39=\"Class_7\",INDEX('ER C7 FLT1'!$A$4:$J$640,MATCH(DropData!$J79&$C39,'ER C7 FLT1'!$A$4:$A$640&'ER C7 FLT1'!$B$4:$B$640-3,1),9)),\nIF($O39=\"Class_6\",INDEX('ER C6 FLT1'!$A$4:$J$640,MATCH(DropData!$J79&$C39,'ER C6 FLT1'!$A$4:$A$640&'ER C6 FLT1'!$B$4:$B$640-3,1),8)*IF($O39=\"Class_6\",INDEX('ER C6 FLT1'!$A$4:$J$640,MATCH(DropData!$J79&$C39,'ER C6 FLT1'!$A$4:$A$640&'ER C6 FLT1'!$B$4:$B$640-3,1),9)))))))),IF($R39=\"Electric\",OFFSET(INDEX('ER Electric'!$A$6:$E$44,MATCH($C39&$O39,'ER Electric'!$A$6:$A$44&'ER Electric'!$B$6:$B$44,1),3),9,0)))*(($Q39+$AC39)/453.6)","v":0},{"$f":"IF(OR($R39=\"Diesel\",$R39=\"LNG/CNG\",$R39=\"Hybrid\",$R39=\"Electric w/ AB-118\"),IF($B39=\"3+ Trucks\",IF(OR($O39=\"Class_8\",$N39=\"Replacement8HHD\",$AI39=\"CL7HHD\"),INDEX('ER C8 FLT3'!$A$4:$J$640,MATCH(DropData!$J79&$C39,'ER C8 FLT3'!$A$4:$A$640&'ER C8 FLT3'!$B$4:$B$640-4,1),8)*IF(OR($O39=\"Class_8\",$N39=\"Replacement8HHD\",$AI39=\"CL7HHD\"),INDEX('ER C8 FLT3'!$A$4:$J$640,MATCH(DropData!$J79&$C39,'ER C8 FLT3'!$A$4:$A$640&'ER C8 FLT3'!$B$4:$B$640-4,1),9)),IF($O39=\"Class_7\",INDEX('ER C7 FLT3'!$A$4:$J$640,MATCH(DropData!$J79&$C39,'ER C7 FLT3'!$A$4:$A$640&'ER C7 FLT3'!$B$4:$B$640-4,1),8)*IF($O39=\"Class_7\",INDEX('ER C7 FLT3'!$A$4:$J$640,MATCH(DropData!$J79&$C39,'ER C7 FLT3'!$A$4:$A$640&'ER C7 FLT3'!$B$4:$B$640-4,1),9)),\nIF($O39=\"Class_6\",INDEX('ER C6 FLT3'!$A$4:$J$640,MATCH(DropData!$J79&$C39,'ER C6 FLT3'!$A$4:$A$640&'ER C6 FLT3'!$B$4:$B$640-4,1),8)*IF($O39=\"Class_6\",INDEX('ER C6 FLT3'!$A$4:$J$640,MATCH(DropData!$J79&$C39,'ER C6 FLT3'!$A$4:$A$640&'ER C6 FLT3'!$B$4:$B$640-4,1),9))))),IF($B39=\"2 Trucks\",IF(OR($O39=\"Class_8\",$N39=\"Replacement8HHD\",$AI39=\"CL7HHD\"),INDEX('ER C8 FLT2'!$A$4:$J$640,MATCH(DropData!$J79&$C39,'ER C8 FLT2'!$A$4:$A$640&'ER C8 FLT2'!$B$4:$B$640-4,1),8)*IF(OR($O39=\"Class_8\",$N39=\"Replacement8HHD\",$AI39=\"CL7HHD\"),INDEX('ER C8 FLT2'!$A$4:$J$640,MATCH(DropData!$J79&$C39,'ER C8 FLT2'!$A$4:$A$640&'ER C8 FLT2'!$B$4:$B$640-4,1),9)),IF($O39=\"Class_7\",INDEX('ER C7 FLT2'!$A$4:$J$640,MATCH(DropData!$J79&$C39,'ER C7 FLT2'!$A$4:$A$640&'ER C7 FLT2'!$B$4:$B$640-4,1),8)*IF($O39=\"Class_7\",INDEX('ER C7 FLT2'!$A$4:$J$640,MATCH(DropData!$J79&$C39,'ER C7 FLT2'!$A$4:$A$640&'ER C7 FLT2'!$B$4:$B$640-4,1),9)),IF($O39=\"Class_6\",INDEX('ER C6 FLT2'!$A$4:$J$640,MATCH(DropData!$J79&$C39,'ER C6 FLT2'!$A$4:$A$640&'ER C6 FLT2'!$B$4:$B$640-4,1),8)*IF($O39=\"Class_6\",INDEX('ER C6 FLT2'!$A$4:$J$640,MATCH(DropData!$J79&$C39,'ER C6 FLT2'!$A$4:$A$640&'ER C6 FLT2'!$B$4:$B$640-4,1),9))))),IF($B39=\"1 Truck\",\nIF(OR($O39=\"Class_8\",$N39=\"Replacement8HHD\",$AI39=\"CL7HHD\"),INDEX('ER C8 FLT1'!$A$4:$J$640,MATCH(DropData!$J79&$C39,'ER C8 FLT1'!$A$4:$A$640&'ER C8 FLT1'!$B$4:$B$640-4,1),8)*IF(OR($O39=\"Class_8\",$N39=\"Replacement8HHD\",$AI39=\"CL7HHD\"),INDEX('ER C8 FLT1'!$A$4:$J$640,MATCH(DropData!$J79&$C39,'ER C8 FLT1'!$A$4:$A$640&'ER C8 FLT1'!$B$4:$B$640-4,1),9)),IF($O39=\"Class_7\",INDEX('ER C7 FLT1'!$A$4:$J$640,MATCH(DropData!$J79&$C39,'ER C7 FLT1'!$A$4:$A$640&'ER C7 FLT1'!$B$4:$B$640-4,1),8)*IF($O39=\"Class_7\",INDEX('ER C7 FLT1'!$A$4:$J$640,MATCH(DropData!$J79&$C39,'ER C7 FLT1'!$A$4:$A$640&'ER C7 FLT1'!$B$4:$B$640-4,1),9)),\nIF($O39=\"Class_6\",INDEX('ER C6 FLT1'!$A$4:$J$640,MATCH(DropData!$J79&$C39,'ER C6 FLT1'!$A$4:$A$640&'ER C6 FLT1'!$B$4:$B$640-4,1),8)*IF($O39=\"Class_6\",INDEX('ER C6 FLT1'!$A$4:$J$640,MATCH(DropData!$J79&$C39,'ER C6 FLT1'!$A$4:$A$640&'ER C6 FLT1'!$B$4:$B$640-4,1),9)))))))),IF($R39=\"Electric\",OFFSET(INDEX('ER Electric'!$A$6:$E$44,MATCH($C39&$O39,'ER Electric'!$A$6:$A$44&'ER Electric'!$B$6:$B$44,1),3),12,0),))*(($Q39+$AC39)/453.6)","v":0},{"$f":"IF(OR($R39=\"Diesel\",$R39=\"LNG/CNG\",$R39=\"Hybrid\",$R39=\"Electric w/ AB-118\"),IF($B39=\"3+ Trucks\",IF(OR($O39=\"Class_8\",$N39=\"Replacement8HHD\",$AI39=\"CL7HHD\"),INDEX('ER C8 FLT3'!$A$4:$J$640,MATCH(DropData!$J79&$C39,'ER C8 FLT3'!$A$4:$A$640&'ER C8 FLT3'!$B$4:$B$640,1),8)*IF(OR($O39=\"Class_8\",$N39=\"Replacement8HHD\",$AI39=\"CL7HHD\"),INDEX('ER C8 FLT3'!$A$4:$J$640,MATCH(DropData!$J79&$C39,'ER C8 FLT3'!$A$4:$A$640&'ER C8 FLT3'!$B$4:$B$640,1),9)),IF($O39=\"Class_7\",INDEX('ER C7 FLT3'!$A$4:$J$640,MATCH(DropData!$J79&$C39,'ER C7 FLT3'!$A$4:$A$640&'ER C7 FLT3'!$B$4:$B$640,1),8)*IF($O39=\"Class_7\",INDEX('ER C7 FLT3'!$A$4:$J$640,MATCH(DropData!$J79&$C39,'ER C7 FLT3'!$A$4:$A$640&'ER C7 FLT3'!$B$4:$B$640,1),9)),\nIF($O39=\"Class_6\",INDEX('ER C6 FLT3'!$A$4:$J$640,MATCH(DropData!$J79&$C39,'ER C6 FLT3'!$A$4:$A$640&'ER C6 FLT3'!$B$4:$B$640,1),8)*IF($O39=\"Class_6\",INDEX('ER C6 FLT3'!$A$4:$J$640,MATCH(DropData!$J79&$C39,'ER C6 FLT3'!$A$4:$A$640&'ER C6 FLT3'!$B$4:$B$640,1),9))))),IF($B39=\"2 Trucks\",IF(OR($O39=\"Class_8\",$N39=\"Replacement8HHD\",$AI39=\"CL7HHD\"),INDEX('ER C8 FLT2'!$A$4:$J$640,MATCH(DropData!$J79&$C39,'ER C8 FLT2'!$A$4:$A$640&'ER C8 FLT2'!$B$4:$B$640,1),8)*IF(OR($O39=\"Class_8\",$N39=\"Replacement8HHD\",$AI39=\"CL7HHD\"),INDEX('ER C8 FLT2'!$A$4:$J$640,MATCH(DropData!$J79&$C39,'ER C8 FLT2'!$A$4:$A$640&'ER C8 FLT2'!$B$4:$B$640,1),9)),IF($O39=\"Class_7\",INDEX('ER C7 FLT2'!$A$4:$J$640,MATCH(DropData!$J79&$C39,'ER C7 FLT2'!$A$4:$A$640&'ER C7 FLT2'!$B$4:$B$640,1),8)*IF($O39=\"Class_7\",INDEX('ER C7 FLT2'!$A$4:$J$640,MATCH(DropData!$J79&$C39,'ER C7 FLT2'!$A$4:$A$640&'ER C7 FLT2'!$B$4:$B$640,1),9)),IF($O39=\"Class_6\",INDEX('ER C6 FLT2'!$A$4:$J$640,MATCH(DropData!$J79&$C39,'ER C6 FLT2'!$A$4:$A$640&'ER C6 FLT2'!$B$4:$B$640,1),8)*IF($O39=\"Class_6\",INDEX('ER C6 FLT2'!$A$4:$J$640,MATCH(DropData!$J79&$C39,'ER C6 FLT2'!$A$4:$A$640&'ER C6 FLT2'!$B$4:$B$640,1),9))))),IF($B39=\"1 Truck\",\nIF(OR($O39=\"Class_8\",$N39=\"Replacement8HHD\",$AI39=\"CL7HHD\"),INDEX('ER C8 FLT1'!$A$4:$J$640,MATCH(DropData!$J79&$C39,'ER C8 FLT1'!$A$4:$A$640&'ER C8 FLT1'!$B$4:$B$640,1),8)*IF(OR($O39=\"Class_8\",$N39=\"Replacement8HHD\",$AI39=\"CL7HHD\"),INDEX('ER C8 FLT1'!$A$4:$J$640,MATCH(DropData!$J79&$C39,'ER C8 FLT1'!$A$4:$A$640&'ER C8 FLT1'!$B$4:$B$640,1),9)),IF($O39=\"Class_7\",INDEX('ER C7 FLT1'!$A$4:$J$640,MATCH(DropData!$J79&$C39,'ER C7 FLT1'!$A$4:$A$640&'ER C7 FLT1'!$B$4:$B$640,1),8)*IF($O39=\"Class_7\",INDEX('ER C7 FLT1'!$A$4:$J$640,MATCH(DropData!$J79&$C39,'ER C7 FLT1'!$A$4:$A$640&'ER C7 FLT1'!$B$4:$B$640,1),9)),IF($O39=\"Class_6\",INDEX('ER C6 FLT1'!$A$4:$J$640,MATCH(DropData!$J79&$C39,'ER C6 FLT1'!$A$4:$A$640&'ER C6 FLT1'!$B$4:$B$640,1),8)*IF($O39=\"Class_6\",INDEX('ER C6 FLT1'!$A$4:$J$640,MATCH(DropData!$J79&$C39,'ER C6 FLT1'!$A$4:$A$640&'ER C6 FLT1'!$B$4:$B$640,1),9)))))))),IF($R39=\"Electric\",INDEX('ER Electric'!$A$6:$E$44,MATCH($C39&$O39,'ER Electric'!$A$6:$A$44&'ER Electric'!$B$6:$B$44,1),3),))","v":0},{"$f":"IF(OR($R39=\"Diesel\",$R39=\"LNG/CNG\",$R39=\"Hybrid\",$R39=\"Electric w/ AB-118\"),IF($B39=\"3+ Trucks\",IF(OR($O39=\"Class_8\",$N39=\"Replacement8HHD\",$AI39=\"CL7HHD\"),INDEX('ER C8 FLT3'!$A$4:$J$640,MATCH(DropData!$J79&$C39,'ER C8 FLT3'!$A$4:$A$640&'ER C8 FLT3'!$B$4:$B$640-1,1),8)*IF(OR($O39=\"Class_8\",$N39=\"Replacement8HHD\",$AI39=\"CL7HHD\"),INDEX('ER C8 FLT3'!$A$4:$J$640,MATCH(DropData!$J79&$C39,'ER C8 FLT3'!$A$4:$A$640&'ER C8 FLT3'!$B$4:$B$640-1,1),9)),IF($O39=\"Class_7\",INDEX('ER C7 FLT3'!$A$4:$J$640,MATCH(DropData!$J79&$C39,'ER C7 FLT3'!$A$4:$A$640&'ER C7 FLT3'!$B$4:$B$640-1,1),8)*IF($O39=\"Class_7\",INDEX('ER C7 FLT3'!$A$4:$J$640,MATCH(DropData!$J79&$C39,'ER C7 FLT3'!$A$4:$A$640&'ER C7 FLT3'!$B$4:$B$640-1,1),9)),IF($O39=\"Class_6\",INDEX('ER C6 FLT3'!$A$4:$J$640,MATCH(DropData!$J79&$C39,'ER C6 FLT3'!$A$4:$A$640&'ER C6 FLT3'!$B$4:$B$640-1,1),8)*IF($O39=\"Class_6\",INDEX('ER C6 FLT3'!$A$4:$J$640,MATCH(DropData!$J79&$C39,'ER C6 FLT3'!$A$4:$A$640&'ER C6 FLT3'!$B$4:$B$640-1,1),9))))),IF($B39=\"2 Trucks\",IF(OR($O39=\"Class_8\",$N39=\"Replacement8HHD\",$AI39=\"CL7HHD\"),INDEX('ER C8 FLT2'!$A$4:$J$640,MATCH(DropData!$J79&$C39,'ER C8 FLT2'!$A$4:$A$640&'ER C8 FLT2'!$B$4:$B$640-1,1),8)*IF(OR($O39=\"Class_8\",$N39=\"Replacement8HHD\",$AI39=\"CL7HHD\"),INDEX('ER C8 FLT2'!$A$4:$J$640,MATCH(DropData!$J79&$C39,'ER C8 FLT2'!$A$4:$A$640&'ER C8 FLT2'!$B$4:$B$640-1,1),9)),IF($O39=\"Class_7\",INDEX('ER C7 FLT2'!$A$4:$J$640,MATCH(DropData!$J79&$C39,'ER C7 FLT2'!$A$4:$A$640&'ER C7 FLT2'!$B$4:$B$640-1,1),8)*IF($O39=\"Class_7\",INDEX('ER C7 FLT2'!$A$4:$J$640,MATCH(DropData!$J79&$C39,'ER C7 FLT2'!$A$4:$A$640&'ER C7 FLT2'!$B$4:$B$640-1,1),9)),IF($O39=\"Class_6\",INDEX('ER C6 FLT2'!$A$4:$J$640,MATCH(DropData!$J79&$C39,'ER C6 FLT2'!$A$4:$A$640&'ER C6 FLT2'!$B$4:$B$640-1,1),8)*IF($O39=\"Class_6\",INDEX('ER C6 FLT2'!$A$4:$J$640,MATCH(DropData!$J79&$C39,'ER C6 FLT2'!$A$4:$A$640&'ER C6 FLT2'!$B$4:$B$640-1,1),9))))),IF($B39=\"1 Truck\",IF(OR($O39=\"Class_8\",$N39=\"Replacement8HHD\",$AI39=\"CL7HHD\"),INDEX('ER C8 FLT1'!$A$4:$J$640,MATCH(DropData!$J79&$C39,'ER C8 FLT1'!$A$4:$A$640&'ER C8 FLT1'!$B$4:$B$640-1,1),8)*IF(OR($O39=\"Class_8\",$N39=\"Replacement8HHD\",$AI39=\"CL7HHD\"),INDEX('ER C8 FLT1'!$A$4:$J$640,MATCH(DropData!$J79&$C39,'ER C8 FLT1'!$A$4:$A$640&'ER C8 FLT1'!$B$4:$B$640-1,1),9)),IF($O39=\"Class_7\",INDEX('ER C7 FLT1'!$A$4:$J$640,MATCH(DropData!$J79&$C39,'ER C7 FLT1'!$A$4:$A$640&'ER C7 FLT1'!$B$4:$B$640-1,1),8)*IF($O39=\"Class_7\",INDEX('ER C7 FLT1'!$A$4:$J$640,MATCH(DropData!$J79&$C39,'ER C7 FLT1'!$A$4:$A$640&'ER C7 FLT1'!$B$4:$B$640-1,1),9)),IF($O39=\"Class_6\",INDEX('ER C6 FLT1'!$A$4:$J$640,MATCH(DropData!$J79&$C39,'ER C6 FLT1'!$A$4:$A$640&'ER C6 FLT1'!$B$4:$B$640-1,1),8)*IF($O39=\"Class_6\",INDEX('ER C6 FLT1'!$A$4:$J$640,MATCH(DropData!$J79&$C39,'ER C6 FLT1'!$A$4:$A$640&'ER C6 FLT1'!$B$4:$B$640-1,1),9)))))))),IF($R39=\"Electric\",OFFSET(INDEX('ER Electric'!$A$6:$E$44,MATCH($C39&$O39,'ER Electric'!$A$6:$A$44&'ER Electric'!$B$6:$B$44,1),3),3,0),))","v":0},{"$f":"IF(OR($R39=\"Diesel\",$R39=\"LNG/CNG\",$R39=\"Hybrid\",$R39=\"Electric w/ AB-118\"),IF($B39=\"3+ Trucks\",IF(OR($O39=\"Class_8\",$N39=\"Replacement8HHD\",$AI39=\"CL7HHD\"),INDEX('ER C8 FLT3'!$A$4:$J$640,MATCH(DropData!$J79&$C39,'ER C8 FLT3'!$A$4:$A$640&'ER C8 FLT3'!$B$4:$B$640-2,1),8)*IF(OR($O39=\"Class_8\",$N39=\"Replacement8HHD\",$AI39=\"CL7HHD\"),INDEX('ER C8 FLT3'!$A$4:$J$640,MATCH(DropData!$J79&$C39,'ER C8 FLT3'!$A$4:$A$640&'ER C8 FLT3'!$B$4:$B$640-2,1),9)),IF($O39=\"Class_7\",INDEX('ER C7 FLT3'!$A$4:$J$640,MATCH(DropData!$J79&$C39,'ER C7 FLT3'!$A$4:$A$640&'ER C7 FLT3'!$B$4:$B$640-2,1),8)*IF($O39=\"Class_7\",INDEX('ER C7 FLT3'!$A$4:$J$640,MATCH(DropData!$J79&$C39,'ER C7 FLT3'!$A$4:$A$640&'ER C7 FLT3'!$B$4:$B$640-2,1),9)),IF($O39=\"Class_6\",INDEX('ER C6 FLT3'!$A$4:$J$640,MATCH(DropData!$J79&$C39,'ER C6 FLT3'!$A$4:$A$640&'ER C6 FLT3'!$B$4:$B$640-2,1),8)*IF($O39=\"Class_6\",INDEX('ER C6 FLT3'!$A$4:$J$640,MATCH(DropData!$J79&$C39,'ER C6 FLT3'!$A$4:$A$640&'ER C6 FLT3'!$B$4:$B$640-2,1),9))))),IF($B39=\"2 Trucks\",IF(OR($O39=\"Class_8\",$N39=\"Replacement8HHD\",$AI39=\"CL7HHD\"),INDEX('ER C8 FLT2'!$A$4:$J$640,MATCH(DropData!$J79&$C39,'ER C8 FLT2'!$A$4:$A$640&'ER C8 FLT2'!$B$4:$B$640-2,1),8)*IF(OR($O39=\"Class_8\",$N39=\"Replacement8HHD\",$AI39=\"CL7HHD\"),INDEX('ER C8 FLT2'!$A$4:$J$640,MATCH(DropData!$J79&$C39,'ER C8 FLT2'!$A$4:$A$640&'ER C8 FLT2'!$B$4:$B$640-2,1),9)),IF($O39=\"Class_7\",INDEX('ER C7 FLT2'!$A$4:$J$640,MATCH(DropData!$J79&$C39,'ER C7 FLT2'!$A$4:$A$640&'ER C7 FLT2'!$B$4:$B$640-2,1),8)*IF($O39=\"Class_7\",INDEX('ER C7 FLT2'!$A$4:$J$640,MATCH(DropData!$J79&$C39,'ER C7 FLT2'!$A$4:$A$640&'ER C7 FLT2'!$B$4:$B$640-2,1),9)),IF($O39=\"Class_6\",INDEX('ER C6 FLT2'!$A$4:$J$640,MATCH(DropData!$J79&$C39,'ER C6 FLT2'!$A$4:$A$640&'ER C6 FLT2'!$B$4:$B$640-2,1),8)*IF($O39=\"Class_6\",INDEX('ER C6 FLT2'!$A$4:$J$640,MATCH(DropData!$J79&$C39,'ER C6 FLT2'!$A$4:$A$640&'ER C6 FLT2'!$B$4:$B$640-2,1),9))))),IF($B39=\"1 Truck\",IF(OR($O39=\"Class_8\",$N39=\"Replacement8HHD\",$AI39=\"CL7HHD\"),INDEX('ER C8 FLT1'!$A$4:$J$640,MATCH(DropData!$J79&$C39,'ER C8 FLT1'!$A$4:$A$640&'ER C8 FLT1'!$B$4:$B$640-2,1),8)*IF(OR($O39=\"Class_8\",$N39=\"Replacement8HHD\",$AI39=\"CL7HHD\"),INDEX('ER C8 FLT1'!$A$4:$J$640,MATCH(DropData!$J79&$C39,'ER C8 FLT1'!$A$4:$A$640&'ER C8 FLT1'!$B$4:$B$640-2,1),9)),IF($O39=\"Class_7\",INDEX('ER C7 FLT1'!$A$4:$J$640,MATCH(DropData!$J79&$C39,'ER C7 FLT1'!$A$4:$A$640&'ER C7 FLT1'!$B$4:$B$640-2,1),8)*IF($O39=\"Class_7\",INDEX('ER C7 FLT1'!$A$4:$J$640,MATCH(DropData!$J79&$C39,'ER C7 FLT1'!$A$4:$A$640&'ER C7 FLT1'!$B$4:$B$640-2,1),9)),IF($O39=\"Class_6\",INDEX('ER C6 FLT1'!$A$4:$J$640,MATCH(DropData!$J79&$C39,'ER C6 FLT1'!$A$4:$A$640&'ER C6 FLT1'!$B$4:$B$640-2,1),8)*IF($O39=\"Class_6\",INDEX('ER C6 FLT1'!$A$4:$J$640,MATCH(DropData!$J79&$C39,'ER C6 FLT1'!$A$4:$A$640&'ER C6 FLT1'!$B$4:$B$640-2,1),9)))))))),IF($R39=\"Electric\",OFFSET(INDEX('ER Electric'!$A$6:$E$44,MATCH($C39&$O39,'ER Electric'!$A$6:$A$44&'ER Electric'!$B$6:$B$44,1),3),6,0),))","v":0},{"$f":"IF(OR($R39=\"Diesel\",$R39=\"LNG/CNG\",$R39=\"Hybrid\",$R39=\"Electric w/ AB-118\"),IF($B39=\"3+ Trucks\",IF(OR($O39=\"Class_8\",$N39=\"Replacement8HHD\",$AI39=\"CL7HHD\"),INDEX('ER C8 FLT3'!$A$4:$J$640,MATCH(DropData!$J79&$C39,'ER C8 FLT3'!$A$4:$A$640&'ER C8 FLT3'!$B$4:$B$640-3,1),8)*IF(OR($O39=\"Class_8\",$N39=\"Replacement8HHD\",$AI39=\"CL7HHD\"),INDEX('ER C8 FLT3'!$A$4:$J$640,MATCH(DropData!$J79&$C39,'ER C8 FLT3'!$A$4:$A$640&'ER C8 FLT3'!$B$4:$B$640-3,1),9)),IF($O39=\"Class_7\",INDEX('ER C7 FLT3'!$A$4:$J$640,MATCH(DropData!$J79&$C39,'ER C7 FLT3'!$A$4:$A$640&'ER C7 FLT3'!$B$4:$B$640-3,1),8)*IF($O39=\"Class_7\",INDEX('ER C7 FLT3'!$A$4:$J$640,MATCH(DropData!$J79&$C39,'ER C7 FLT3'!$A$4:$A$640&'ER C7 FLT3'!$B$4:$B$640-3,1),9)),IF($O39=\"Class_6\",INDEX('ER C6 FLT3'!$A$4:$J$640,MATCH(DropData!$J79&$C39,'ER C6 FLT3'!$A$4:$A$640&'ER C6 FLT3'!$B$4:$B$640-3,1),8)*IF($O39=\"Class_6\",INDEX('ER C6 FLT3'!$A$4:$J$640,MATCH(DropData!$J79&$C39,'ER C6 FLT3'!$A$4:$A$640&'ER C6 FLT3'!$B$4:$B$640-3,1),9))))),IF($B39=\"2 Trucks\",IF(OR($O39=\"Class_8\",$N39=\"Replacement8HHD\",$AI39=\"CL7HHD\"),INDEX('ER C8 FLT2'!$A$4:$J$640,MATCH(DropData!$J79&$C39,'ER C8 FLT2'!$A$4:$A$640&'ER C8 FLT2'!$B$4:$B$640-3,1),8)*IF(OR($O39=\"Class_8\",$N39=\"Replacement8HHD\",$AI39=\"CL7HHD\"),INDEX('ER C8 FLT2'!$A$4:$J$640,MATCH(DropData!$J79&$C39,'ER C8 FLT2'!$A$4:$A$640&'ER C8 FLT2'!$B$4:$B$640-3,1),9)),IF($O39=\"Class_7\",INDEX('ER C7 FLT2'!$A$4:$J$640,MATCH(DropData!$J79&$C39,'ER C7 FLT2'!$A$4:$A$640&'ER C7 FLT2'!$B$4:$B$640-3,1),8)*IF($O39=\"Class_7\",INDEX('ER C7 FLT2'!$A$4:$J$640,MATCH(DropData!$J79&$C39,'ER C7 FLT2'!$A$4:$A$640&'ER C7 FLT2'!$B$4:$B$640-3,1),9)),IF($O39=\"Class_6\",INDEX('ER C6 FLT2'!$A$4:$J$640,MATCH(DropData!$J79&$C39,'ER C6 FLT2'!$A$4:$A$640&'ER C6 FLT2'!$B$4:$B$640-3,1),8)*IF($O39=\"Class_6\",INDEX('ER C6 FLT2'!$A$4:$J$640,MATCH(DropData!$J79&$C39,'ER C6 FLT2'!$A$4:$A$640&'ER C6 FLT2'!$B$4:$B$640-3,1),9))))),IF($B39=\"1 Truck\",IF(OR($O39=\"Class_8\",$N39=\"Replacement8HHD\",$AI39=\"CL7HHD\"),INDEX('ER C8 FLT1'!$A$4:$J$640,MATCH(DropData!$J79&$C39,'ER C8 FLT1'!$A$4:$A$640&'ER C8 FLT1'!$B$4:$B$640-3,1),8)*IF(OR($O39=\"Class_8\",$N39=\"Replacement8HHD\",$AI39=\"CL7HHD\"),INDEX('ER C8 FLT1'!$A$4:$J$640,MATCH(DropData!$J79&$C39,'ER C8 FLT1'!$A$4:$A$640&'ER C8 FLT1'!$B$4:$B$640-3,1),9)),IF($O39=\"Class_7\",INDEX('ER C7 FLT1'!$A$4:$J$640,MATCH(DropData!$J79&$C39,'ER C7 FLT1'!$A$4:$A$640&'ER C7 FLT1'!$B$4:$B$640-3,1),8)*IF($O39=\"Class_7\",INDEX('ER C7 FLT1'!$A$4:$J$640,MATCH(DropData!$J79&$C39,'ER C7 FLT1'!$A$4:$A$640&'ER C7 FLT1'!$B$4:$B$640-3,1),9)),IF($O39=\"Class_6\",INDEX('ER C6 FLT1'!$A$4:$J$640,MATCH(DropData!$J79&$C39,'ER C6 FLT1'!$A$4:$A$640&'ER C6 FLT1'!$B$4:$B$640-3,1),8)*IF($O39=\"Class_6\",INDEX('ER C6 FLT1'!$A$4:$J$640,MATCH(DropData!$J79&$C39,'ER C6 FLT1'!$A$4:$A$640&'ER C6 FLT1'!$B$4:$B$640-3,1),9)))))))),IF($R39=\"Electric\",OFFSET(INDEX('ER Electric'!$A$6:$E$44,MATCH($C39&$O39,'ER Electric'!$A$6:$A$44&'ER Electric'!$B$6:$B$44,1),3),9,0),))","v":0},{"$f":"IF(OR($R39=\"Diesel\",$R39=\"LNG/CNG\",$R39=\"Hybrid\",$R39=\"Electric w/ AB-118\"),IF($B39=\"3+ Trucks\",IF(OR($O39=\"Class_8\",$N39=\"Replacement8HHD\",$AI39=\"CL7HHD\"),INDEX('ER C8 FLT3'!$A$4:$J$640,MATCH(DropData!$J79&$C39,'ER C8 FLT3'!$A$4:$A$640&'ER C8 FLT3'!$B$4:$B$640-4,1),8)*IF(OR($O39=\"Class_8\",$N39=\"Replacement8HHD\",$AI39=\"CL7HHD\"),INDEX('ER C8 FLT3'!$A$4:$J$640,MATCH(DropData!$J79&$C39,'ER C8 FLT3'!$A$4:$A$640&'ER C8 FLT3'!$B$4:$B$640-4,1),9)),IF($O39=\"Class_7\",INDEX('ER C7 FLT3'!$A$4:$J$640,MATCH(DropData!$J79&$C39,'ER C7 FLT3'!$A$4:$A$640&'ER C7 FLT3'!$B$4:$B$640-4,1),8)*IF($O39=\"Class_7\",INDEX('ER C7 FLT3'!$A$4:$J$640,MATCH(DropData!$J79&$C39,'ER C7 FLT3'!$A$4:$A$640&'ER C7 FLT3'!$B$4:$B$640-4,1),9)),IF($O39=\"Class_6\",INDEX('ER C6 FLT3'!$A$4:$J$640,MATCH(DropData!$J79&$C39,'ER C6 FLT3'!$A$4:$A$640&'ER C6 FLT3'!$B$4:$B$640-4,1),8)*IF($O39=\"Class_6\",INDEX('ER C6 FLT3'!$A$4:$J$640,MATCH(DropData!$J79&$C39,'ER C6 FLT3'!$A$4:$A$640&'ER C6 FLT3'!$B$4:$B$640-4,1),9))))),IF($B39=\"2 Trucks\",IF(OR($O39=\"Class_8\",$N39=\"Replacement8HHD\",$AI39=\"CL7HHD\"),INDEX('ER C8 FLT2'!$A$4:$J$640,MATCH(DropData!$J79&$C39,'ER C8 FLT2'!$A$4:$A$640&'ER C8 FLT2'!$B$4:$B$640-4,1),8)*IF(OR($O39=\"Class_8\",$N39=\"Replacement8HHD\",$AI39=\"CL7HHD\"),INDEX('ER C8 FLT2'!$A$4:$J$640,MATCH(DropData!$J79&$C39,'ER C8 FLT2'!$A$4:$A$640&'ER C8 FLT2'!$B$4:$B$640-4,1),9)),IF($O39=\"Class_7\",INDEX('ER C7 FLT2'!$A$4:$J$640,MATCH(DropData!$J79&$C39,'ER C7 FLT2'!$A$4:$A$640&'ER C7 FLT2'!$B$4:$B$640-4,1),8)*IF($O39=\"Class_7\",INDEX('ER C7 FLT2'!$A$4:$J$640,MATCH(DropData!$J79&$C39,'ER C7 FLT2'!$A$4:$A$640&'ER C7 FLT2'!$B$4:$B$640-4,1),9)),IF($O39=\"Class_6\",INDEX('ER C6 FLT2'!$A$4:$J$640,MATCH(DropData!$J79&$C39,'ER C6 FLT2'!$A$4:$A$640&'ER C6 FLT2'!$B$4:$B$640-4,1),8)*IF($O39=\"Class_6\",INDEX('ER C6 FLT2'!$A$4:$J$640,MATCH(DropData!$J79&$C39,'ER C6 FLT2'!$A$4:$A$640&'ER C6 FLT2'!$B$4:$B$640-4,1),9))))),IF($B39=\"1 Truck\",IF(OR($O39=\"Class_8\",$N39=\"Replacement8HHD\",$AI39=\"CL7HHD\"),INDEX('ER C8 FLT1'!$A$4:$J$640,MATCH(DropData!$J79&$C39,'ER C8 FLT1'!$A$4:$A$640&'ER C8 FLT1'!$B$4:$B$640-4,1),8)*IF(OR($O39=\"Class_8\",$N39=\"Replacement8HHD\",$AI39=\"CL7HHD\"),INDEX('ER C8 FLT1'!$A$4:$J$640,MATCH(DropData!$J79&$C39,'ER C8 FLT1'!$A$4:$A$640&'ER C8 FLT1'!$B$4:$B$640-4,1),9)),IF($O39=\"Class_7\",INDEX('ER C7 FLT1'!$A$4:$J$640,MATCH(DropData!$J79&$C39,'ER C7 FLT1'!$A$4:$A$640&'ER C7 FLT1'!$B$4:$B$640-4,1),8)*IF($O39=\"Class_7\",INDEX('ER C7 FLT1'!$A$4:$J$640,MATCH(DropData!$J79&$C39,'ER C7 FLT1'!$A$4:$A$640&'ER C7 FLT1'!$B$4:$B$640-4,1),9)),IF($O39=\"Class_6\",INDEX('ER C6 FLT1'!$A$4:$J$640,MATCH(DropData!$J79&$C39,'ER C6 FLT1'!$A$4:$A$640&'ER C6 FLT1'!$B$4:$B$640-4,1),8)*IF($O39=\"Class_6\",INDEX('ER C6 FLT1'!$A$4:$J$640,MATCH(DropData!$J79&$C39,'ER C6 FLT1'!$A$4:$A$640&'ER C6 FLT1'!$B$4:$B$640-4,1),9)))))))),IF($R39=\"Electric\",OFFSET(INDEX('ER Electric'!$A$6:$E$44,MATCH($C39&$O39,'ER Electric'!$A$6:$A$44&'ER Electric'!$B$6:$B$44,1),3),12,0),))","v":0},{"$f":"IF($C39<2015,1,2)","v":1},0,{"$f":"IF($C39<2015,1,2)","v":1},{"$f":"IFERROR(IF($B39=\"3+ Trucks\",IF($Z39=\"Class_8\",INDEX('ER C8 FLT3'!$A$4:$J$640,MATCH($W39&$C39,'ER C8 FLT3'!$A$4:$A$640&'ER C8 FLT3'!$B$4:$B$640,1),8)*IF($Z39=\"Class_8\",INDEX('ER C8 FLT3'!$A$4:$J$640,MATCH($W39&$C39,'ER C8 FLT3'!$A$4:$A$640&'ER C8 FLT3'!$B$4:$B$640,1),9)),IF($Z39=\"Class_7\",INDEX('ER C7 FLT3'!$A$4:$J$640,MATCH($W39&$C39,'ER C7 FLT3'!$A$4:$A$640&'ER C7 FLT3'!$B$4:$B$640,1),8)*IF($Z39=\"Class_7\",INDEX('ER C7 FLT3'!$A$4:$J$640,MATCH($W39&$C39,'ER C7 FLT3'!$A$4:$A$640&'ER C7 FLT3'!$B$4:$B$640,1),9)),\nIF($Z39=\"Class_6\",INDEX('ER C6 FLT3'!$A$4:$J$640,MATCH($W39&$C39,'ER C6 FLT3'!$A$4:$A$640&'ER C6 FLT3'!$B$4:$B$640,1),8)*IF($Z39=\"Class_6\",INDEX('ER C6 FLT3'!$A$4:$L$640,MATCH($W39&$C39,'ER C6 FLT3'!$A$4:$A$640&'ER C6 FLT3'!$B$4:$B$640,1),9))))),IF($B39=\"2 Trucks\",IF($Z39=\"Class_8\",INDEX('ER C8 FLT2'!$A$4:$J$640,MATCH($W39&$C39,'ER C8 FLT2'!$A$4:$A$640&'ER C8 FLT2'!$B$4:$B$640,1),8)*IF($Z39=\"Class_8\",INDEX('ER C8 FLT2'!$A$4:$J$640,MATCH($W39&$C39,'ER C8 FLT2'!$A$4:$A$640&'ER C8 FLT2'!$B$4:$B$640,1),9)),IF($Z39=\"Class_7\",INDEX('ER C7 FLT2'!$A$4:$J$640,MATCH($W39&$C39,'ER C7 FLT2'!$A$4:$A$640&'ER C7 FLT2'!$B$4:$B$640,1),8)*IF($Z39=\"Class_7\",INDEX('ER C7 FLT2'!$A$4:$J$640,MATCH($W39&$C39,'ER C7 FLT2'!$A$4:$A$640&'ER C7 FLT2'!$B$4:$B$640,1),9)),IF($Z39=\"Class_6\",INDEX('ER C6 FLT2'!$A$4:$J$640,MATCH($W39&$C39,'ER C6 FLT2'!$A$4:$A$640&'ER C6 FLT2'!$B$4:$B$640,1),8)*IF($Z39=\"Class_6\",INDEX('ER C6 FLT2'!$A$4:$J$640,MATCH($W39&$C39,'ER C6 FLT2'!$A$4:$A$640&'ER C6 FLT2'!$B$4:$B$640,1),9))))),IF($B39=\"1 Truck\",\nIF($Z39=\"Class_8\",INDEX('ER C8 FLT1'!$A$4:$J$640,MATCH($W39&$C39,'ER C8 FLT1'!$A$4:$A$640&'ER C8 FLT1'!$B$4:$B$640,1),8)*IF($Z39=\"Class_8\",INDEX('ER C8 FLT1'!$A$4:$J$640,MATCH($W39&$C39,'ER C8 FLT1'!$A$4:$A$640&'ER C8 FLT1'!$B$4:$B$640,1),9)),IF($Z39=\"Class_7\",INDEX('ER C7 FLT1'!$A$4:$J$640,MATCH($W39&$C39,'ER C7 FLT1'!$A$4:$A$640&'ER C7 FLT1'!$B$4:$B$640,1),8)*IF($Z39=\"Class_7\",INDEX('ER C7 FLT1'!$A$4:$J$640,MATCH($W39&$C39,'ER C7 FLT1'!$A$4:$A$640&'ER C7 FLT1'!$B$4:$B$640,1),9)),\nIF($Z39=\"Class_6\",INDEX('ER C6 FLT1'!$A$4:$J$640,MATCH($W39&$C39,'ER C6 FLT1'!$A$4:$A$640&'ER C6 FLT1'!$B$4:$B$640,1),8)*IF($Z39=\"Class_6\",INDEX('ER C6 FLT1'!$A$4:$J$640,MATCH($W39&$C39,'ER C6 FLT1'!$A$4:$A$640&'ER C6 FLT1'!$B$4:$B$640,1),9))))))))*IF($X39=\"Level 1 PM\",0.75,IF($X39=\"Level 2 PM\",0.5,IF($X39=\"Level 3 PM\",0,IF($X39=\"Level 3 PM + Mark I NOx\",0,1))))*($AC39/453.6)-IF(BG39=0,AV39,0),\"0.00\")","v":0},{"$f":"IFERROR(MAX(0,BI39/BH39),\"0.00\")","v":0},{"$f":"IFERROR(MAX(0,BG39+BJ39),\"0.00\")","v":0},0,{"$f":"IF($B39=\"3+ Trucks\",IF($Z39=\"Class_8\",INDEX('ER C8 FLT3'!$A$4:$J$640,MATCH($W39&$C39,'ER C8 FLT3'!$A$4:$A$640&'ER C8 FLT3'!$B$4:$B$640-1,1),8)*IF($Z39=\"Class_8\",INDEX('ER C8 FLT3'!$A$4:$J$640,MATCH($W39&$C39,'ER C8 FLT3'!$A$4:$A$640&'ER C8 FLT3'!$B$4:$B$640-1,1),9)),IF($Z39=\"Class_7\",INDEX('ER C7 FLT3'!$A$4:$J$640,MATCH($W39&$C39,'ER C7 FLT3'!$A$4:$A$640&'ER C7 FLT3'!$B$4:$B$640-1,1),8)*IF($Z39=\"Class_7\",INDEX('ER C7 FLT3'!$A$4:$J$640,MATCH($W39&$C39,'ER C7 FLT3'!$A$4:$A$640&'ER C7 FLT3'!$B$4:$B$640-1,1),9)),\nIF($Z39=\"Class_6\",INDEX('ER C6 FLT3'!$A$4:$J$640,MATCH($W39&$C39,'ER C6 FLT3'!$A$4:$A$640&'ER C6 FLT3'!$B$4:$B$640-1,1),8)*IF($Z39=\"Class_6\",INDEX('ER C6 FLT3'!$A$4:$L$640,MATCH($W39&$C39,'ER C6 FLT3'!$A$4:$A$640&'ER C6 FLT3'!$B$4:$B$640-1,1),9))))),IF($B39=\"2 Trucks\",IF($Z39=\"Class_8\",INDEX('ER C8 FLT2'!$A$4:$J$640,MATCH($W39&$C39,'ER C8 FLT2'!$A$4:$A$640&'ER C8 FLT2'!$B$4:$B$640-1,1),8)*IF($Z39=\"Class_8\",INDEX('ER C8 FLT2'!$A$4:$J$640,MATCH($W39&$C39,'ER C8 FLT2'!$A$4:$A$640&'ER C8 FLT2'!$B$4:$B$640-1,1),9)),IF($Z39=\"Class_7\",INDEX('ER C7 FLT2'!$A$4:$J$640,MATCH($W39&$C39,'ER C7 FLT2'!$A$4:$A$640&'ER C7 FLT2'!$B$4:$B$640-1,1),8)*IF($Z39=\"Class_7\",INDEX('ER C7 FLT2'!$A$4:$J$640,MATCH($W39&$C39,'ER C7 FLT2'!$A$4:$A$640&'ER C7 FLT2'!$B$4:$B$640-1,1),9)),IF($Z39=\"Class_6\",INDEX('ER C6 FLT2'!$A$4:$J$640,MATCH($W39&$C39,'ER C6 FLT2'!$A$4:$A$640&'ER C6 FLT2'!$B$4:$B$640-1,1),8)*IF($Z39=\"Class_6\",INDEX('ER C6 FLT2'!$A$4:$J$640,MATCH($W39&$C39,'ER C6 FLT2'!$A$4:$A$640&'ER C6 FLT2'!$B$4:$B$640-1,1),9))))),IF($B39=\"1 Truck\",\nIF($Z39=\"Class_8\",INDEX('ER C8 FLT1'!$A$4:$J$640,MATCH($W39&$C39,'ER C8 FLT1'!$A$4:$A$640&'ER C8 FLT1'!$B$4:$B$640-1,1),8)*IF($Z39=\"Class_8\",INDEX('ER C8 FLT1'!$A$4:$J$640,MATCH($W39&$C39,'ER C8 FLT1'!$A$4:$A$640&'ER C8 FLT1'!$B$4:$B$640-1,1),9)),IF($Z39=\"Class_7\",INDEX('ER C7 FLT1'!$A$4:$J$640,MATCH($W39&$C39,'ER C7 FLT1'!$A$4:$A$640&'ER C7 FLT1'!$B$4:$B$640-1,1),8)*IF($Z39=\"Class_7\",INDEX('ER C7 FLT1'!$A$4:$J$640,MATCH($W39&$C39,'ER C7 FLT1'!$A$4:$A$640&'ER C7 FLT1'!$B$4:$B$640-1,1),9)),\nIF($Z39=\"Class_6\",INDEX('ER C6 FLT1'!$A$4:$J$640,MATCH($W39&$C39,'ER C6 FLT1'!$A$4:$A$640&'ER C6 FLT1'!$B$4:$B$640-1,1),8)*IF($Z39=\"Class_6\",INDEX('ER C6 FLT1'!$A$4:$J$640,MATCH($W39&$C39,'ER C6 FLT1'!$A$4:$A$640&'ER C6 FLT1'!$B$4:$B$640-1,1),9))))))))*IF($X39=\"Level 1 PM\",0.75,IF($X39=\"Level 2 PM\",0.5,IF($X39=\"Level 3 PM\",0,IF($X39=\"Level 3 PM + Mark I NOx\",0,1))))*($AC39/453.6)-IF(BL39=0,AW39,0)","v":0},0,{"$f":"MAX(0,AN39-AX39)","v":0},{"$f":"IF($B39=\"3+ Trucks\",IF($Z39=\"Class_8\",INDEX('ER C8 FLT3'!$A$4:$J$640,MATCH($W39&$C39,'ER C8 FLT3'!$A$4:$A$640&'ER C8 FLT3'!$B$4:$B$640-2,1),8)*IF($Z39=\"Class_8\",INDEX('ER C8 FLT3'!$A$4:$J$640,MATCH($W39&$C39,'ER C8 FLT3'!$A$4:$A$640&'ER C8 FLT3'!$B$4:$B$640-2,1),9)),IF($Z39=\"Class_7\",INDEX('ER C7 FLT3'!$A$4:$J$640,MATCH($W39&$C39,'ER C7 FLT3'!$A$4:$A$640&'ER C7 FLT3'!$B$4:$B$640-2,1),8)*IF($Z39=\"Class_7\",INDEX('ER C7 FLT3'!$A$4:$J$640,MATCH($W39&$C39,'ER C7 FLT3'!$A$4:$A$640&'ER C7 FLT3'!$B$4:$B$640-2,1),9)),\nIF($Z39=\"Class_6\",INDEX('ER C6 FLT3'!$A$4:$J$640,MATCH($W39&$C39,'ER C6 FLT3'!$A$4:$A$640&'ER C6 FLT3'!$B$4:$B$640-2,1),8)*IF($Z39=\"Class_6\",INDEX('ER C6 FLT3'!$A$4:$L$640,MATCH($W39&$C39,'ER C6 FLT3'!$A$4:$A$640&'ER C6 FLT3'!$B$4:$B$640-2,1),9))))),IF($B39=\"2 Trucks\",IF($Z39=\"Class_8\",INDEX('ER C8 FLT2'!$A$4:$J$640,MATCH($W39&$C39,'ER C8 FLT2'!$A$4:$A$640&'ER C8 FLT2'!$B$4:$B$640-2,1),8)*IF($Z39=\"Class_8\",INDEX('ER C8 FLT2'!$A$4:$J$640,MATCH($W39&$C39,'ER C8 FLT2'!$A$4:$A$640&'ER C8 FLT2'!$B$4:$B$640-2,1),9)),IF($Z39=\"Class_7\",INDEX('ER C7 FLT2'!$A$4:$J$640,MATCH($W39&$C39,'ER C7 FLT2'!$A$4:$A$640&'ER C7 FLT2'!$B$4:$B$640-2,1),8)*IF($Z39=\"Class_7\",INDEX('ER C7 FLT2'!$A$4:$J$640,MATCH($W39&$C39,'ER C7 FLT2'!$A$4:$A$640&'ER C7 FLT2'!$B$4:$B$640-2,1),9)),IF($Z39=\"Class_6\",INDEX('ER C6 FLT2'!$A$4:$J$640,MATCH($W39&$C39,'ER C6 FLT2'!$A$4:$A$640&'ER C6 FLT2'!$B$4:$B$640-2,1),8)*IF($Z39=\"Class_6\",INDEX('ER C6 FLT2'!$A$4:$J$640,MATCH($W39&$C39,'ER C6 FLT2'!$A$4:$A$640&'ER C6 FLT2'!$B$4:$B$640-2,1),9))))),IF($B39=\"1 Truck\",\nIF($Z39=\"Class_8\",INDEX('ER C8 FLT1'!$A$4:$J$640,MATCH($W39&$C39,'ER C8 FLT1'!$A$4:$A$640&'ER C8 FLT1'!$B$4:$B$640-2,1),8)*IF($Z39=\"Class_8\",INDEX('ER C8 FLT1'!$A$4:$J$640,MATCH($W39&$C39,'ER C8 FLT1'!$A$4:$A$640&'ER C8 FLT1'!$B$4:$B$640-2,1),9)),IF($Z39=\"Class_7\",INDEX('ER C7 FLT1'!$A$4:$J$640,MATCH($W39&$C39,'ER C7 FLT1'!$A$4:$A$640&'ER C7 FLT1'!$B$4:$B$640-2,1),8)*IF($Z39=\"Class_7\",INDEX('ER C7 FLT1'!$A$4:$J$640,MATCH($W39&$C39,'ER C7 FLT1'!$A$4:$A$640&'ER C7 FLT1'!$B$4:$B$640-2,1),9)),\nIF($Z39=\"Class_6\",INDEX('ER C6 FLT1'!$A$4:$J$640,MATCH($W39&$C39,'ER C6 FLT1'!$A$4:$A$640&'ER C6 FLT1'!$B$4:$B$640-2,1),8)*IF($Z39=\"Class_6\",INDEX('ER C6 FLT1'!$A$4:$J$640,MATCH($W39&$C39,'ER C6 FLT1'!$A$4:$A$640&'ER C6 FLT1'!$B$4:$B$640-2,1),9))))))))*IF($X39=\"Level 1 PM\",0.75,IF($X39=\"Level 2 PM\",0.5,IF($X39=\"Level 3 PM\",0,IF($X39=\"Level 3 PM + Mark I NOx\",0,1))))*($AC39/453.6)-IF(BO39=0,AX39,0)","v":0},0,{"$f":"MAX(0,AO39-AY39)","v":0},{"$f":"IF($B39=\"3+ Trucks\",IF($Z39=\"Class_8\",INDEX('ER C8 FLT3'!$A$4:$J$640,MATCH($W39&$C39,'ER C8 FLT3'!$A$4:$A$640&'ER C8 FLT3'!$B$4:$B$640-3,1),8)*IF($Z39=\"Class_8\",INDEX('ER C8 FLT3'!$A$4:$J$640,MATCH($W39&$C39,'ER C8 FLT3'!$A$4:$A$640&'ER C8 FLT3'!$B$4:$B$640-3,1),9)),IF($Z39=\"Class_7\",INDEX('ER C7 FLT3'!$A$4:$J$640,MATCH($W39&$C39,'ER C7 FLT3'!$A$4:$A$640&'ER C7 FLT3'!$B$4:$B$640-3,1),8)*IF($Z39=\"Class_7\",INDEX('ER C7 FLT3'!$A$4:$J$640,MATCH($W39&$C39,'ER C7 FLT3'!$A$4:$A$640&'ER C7 FLT3'!$B$4:$B$640-3,1),9)),\nIF($Z39=\"Class_6\",INDEX('ER C6 FLT3'!$A$4:$J$640,MATCH($W39&$C39,'ER C6 FLT3'!$A$4:$A$640&'ER C6 FLT3'!$B$4:$B$640-3,1),8)*IF($Z39=\"Class_6\",INDEX('ER C6 FLT3'!$A$4:$L$640,MATCH($W39&$C39,'ER C6 FLT3'!$A$4:$A$640&'ER C6 FLT3'!$B$4:$B$640-3,1),9))))),IF($B39=\"2 Trucks\",IF($Z39=\"Class_8\",INDEX('ER C8 FLT2'!$A$4:$J$640,MATCH($W39&$C39,'ER C8 FLT2'!$A$4:$A$640&'ER C8 FLT2'!$B$4:$B$640-3,1),8)*IF($Z39=\"Class_8\",INDEX('ER C8 FLT2'!$A$4:$J$640,MATCH($W39&$C39,'ER C8 FLT2'!$A$4:$A$640&'ER C8 FLT2'!$B$4:$B$640-3,1),9)),IF($Z39=\"Class_7\",INDEX('ER C7 FLT2'!$A$4:$J$640,MATCH($W39&$C39,'ER C7 FLT2'!$A$4:$A$640&'ER C7 FLT2'!$B$4:$B$640-3,1),8)*IF($Z39=\"Class_7\",INDEX('ER C7 FLT2'!$A$4:$J$640,MATCH($W39&$C39,'ER C7 FLT2'!$A$4:$A$640&'ER C7 FLT2'!$B$4:$B$640-3,1),9)),IF($Z39=\"Class_6\",INDEX('ER C6 FLT2'!$A$4:$J$640,MATCH($W39&$C39,'ER C6 FLT2'!$A$4:$A$640&'ER C6 FLT2'!$B$4:$B$640-3,1),8)*IF($Z39=\"Class_6\",INDEX('ER C6 FLT2'!$A$4:$J$640,MATCH($W39&$C39,'ER C6 FLT2'!$A$4:$A$640&'ER C6 FLT2'!$B$4:$B$640-3,1),9))))),IF($B39=\"1 Truck\",\nIF($Z39=\"Class_8\",INDEX('ER C8 FLT1'!$A$4:$J$640,MATCH($W39&$C39,'ER C8 FLT1'!$A$4:$A$640&'ER C8 FLT1'!$B$4:$B$640-3,1),8)*IF($Z39=\"Class_8\",INDEX('ER C8 FLT1'!$A$4:$J$640,MATCH($W39&$C39,'ER C8 FLT1'!$A$4:$A$640&'ER C8 FLT1'!$B$4:$B$640-3,1),9)),IF($Z39=\"Class_7\",INDEX('ER C7 FLT1'!$A$4:$J$640,MATCH($W39&$C39,'ER C7 FLT1'!$A$4:$A$640&'ER C7 FLT1'!$B$4:$B$640-3,1),8)*IF($Z39=\"Class_7\",INDEX('ER C7 FLT1'!$A$4:$J$640,MATCH($W39&$C39,'ER C7 FLT1'!$A$4:$A$640&'ER C7 FLT1'!$B$4:$B$640-3,1),9)),\nIF($Z39=\"Class_6\",INDEX('ER C6 FLT1'!$A$4:$J$640,MATCH($W39&$C39,'ER C6 FLT1'!$A$4:$A$640&'ER C6 FLT1'!$B$4:$B$640-3,1),8)*IF($Z39=\"Class_6\",INDEX('ER C6 FLT1'!$A$4:$J$640,MATCH($W39&$C39,'ER C6 FLT1'!$A$4:$A$640&'ER C6 FLT1'!$B$4:$B$640-3,1),9))))))))*IF($X39=\"Level 1 PM\",0.75,IF($X39=\"Level 2 PM\",0.5,IF($X39=\"Level 3 PM\",0,IF($X39=\"Level 3 PM + Mark I NOx\",0,1))))*($AC39/453.6)-IF(BR39=0,AY39,0)","v":0},0,{"$f":"MAX(0,AP39-AZ39)","v":0},{"$f":"IF($B39=\"3+ Trucks\",IF($Z39=\"Class_8\",INDEX('ER C8 FLT3'!$A$4:$J$640,MATCH($W39&$C39,'ER C8 FLT3'!$A$4:$A$640&'ER C8 FLT3'!$B$4:$B$640-4,1),8)*IF($Z39=\"Class_8\",INDEX('ER C8 FLT3'!$A$4:$J$640,MATCH($W39&$C39,'ER C8 FLT3'!$A$4:$A$640&'ER C8 FLT3'!$B$4:$B$640-4,1),9)),IF($Z39=\"Class_7\",INDEX('ER C7 FLT3'!$A$4:$J$640,MATCH($W39&$C39,'ER C7 FLT3'!$A$4:$A$640&'ER C7 FLT3'!$B$4:$B$640-4,1),8)*IF($Z39=\"Class_7\",INDEX('ER C7 FLT3'!$A$4:$J$640,MATCH($W39&$C39,'ER C7 FLT3'!$A$4:$A$640&'ER C7 FLT3'!$B$4:$B$640-4,1),9)),\nIF($Z39=\"Class_6\",INDEX('ER C6 FLT3'!$A$4:$J$640,MATCH($W39&$C39,'ER C6 FLT3'!$A$4:$A$640&'ER C6 FLT3'!$B$4:$B$640-4,1),8)*IF($Z39=\"Class_6\",INDEX('ER C6 FLT3'!$A$4:$L$640,MATCH($W39&$C39,'ER C6 FLT3'!$A$4:$A$640&'ER C6 FLT3'!$B$4:$B$640-4,1),9))))),IF($B39=\"2 Trucks\",IF($Z39=\"Class_8\",INDEX('ER C8 FLT2'!$A$4:$J$640,MATCH($W39&$C39,'ER C8 FLT2'!$A$4:$A$640&'ER C8 FLT2'!$B$4:$B$640-4,1),8)*IF($Z39=\"Class_8\",INDEX('ER C8 FLT2'!$A$4:$J$640,MATCH($W39&$C39,'ER C8 FLT2'!$A$4:$A$640&'ER C8 FLT2'!$B$4:$B$640-4,1),9)),IF($Z39=\"Class_7\",INDEX('ER C7 FLT2'!$A$4:$J$640,MATCH($W39&$C39,'ER C7 FLT2'!$A$4:$A$640&'ER C7 FLT2'!$B$4:$B$640-4,1),8)*IF($Z39=\"Class_7\",INDEX('ER C7 FLT2'!$A$4:$J$640,MATCH($W39&$C39,'ER C7 FLT2'!$A$4:$A$640&'ER C7 FLT2'!$B$4:$B$640-4,1),9)),IF($Z39=\"Class_6\",INDEX('ER C6 FLT2'!$A$4:$J$640,MATCH($W39&$C39,'ER C6 FLT2'!$A$4:$A$640&'ER C6 FLT2'!$B$4:$B$640-4,1),8)*IF($Z39=\"Class_6\",INDEX('ER C6 FLT2'!$A$4:$J$640,MATCH($W39&$C39,'ER C6 FLT2'!$A$4:$A$640&'ER C6 FLT2'!$B$4:$B$640-4,1),9))))),IF($B39=\"1 Truck\",\nIF($Z39=\"Class_8\",INDEX('ER C8 FLT1'!$A$4:$J$640,MATCH($W39&$C39,'ER C8 FLT1'!$A$4:$A$640&'ER C8 FLT1'!$B$4:$B$640-4,1),8)*IF($Z39=\"Class_8\",INDEX('ER C8 FLT1'!$A$4:$J$640,MATCH($W39&$C39,'ER C8 FLT1'!$A$4:$A$640&'ER C8 FLT1'!$B$4:$B$640-4,1),9)),IF($Z39=\"Class_7\",INDEX('ER C7 FLT1'!$A$4:$J$640,MATCH($W39&$C39,'ER C7 FLT1'!$A$4:$A$640&'ER C7 FLT1'!$B$4:$B$640-4,1),8)*IF($Z39=\"Class_7\",INDEX('ER C7 FLT1'!$A$4:$J$640,MATCH($W39&$C39,'ER C7 FLT1'!$A$4:$A$640&'ER C7 FLT1'!$B$4:$B$640-4,1),9)),\nIF($Z39=\"Class_6\",INDEX('ER C6 FLT1'!$A$4:$J$640,MATCH($W39&$C39,'ER C6 FLT1'!$A$4:$A$640&'ER C6 FLT1'!$B$4:$B$640-4,1),8)*IF($Z39=\"Class_6\",INDEX('ER C6 FLT1'!$A$4:$J$640,MATCH($W39&$C39,'ER C6 FLT1'!$A$4:$A$640&'ER C6 FLT1'!$B$4:$B$640-4,1),9))))))))*IF($X39=\"Level 1 PM\",0.75,IF($X39=\"Level 2 PM\",0.5,IF($X39=\"Level 3 PM\",0,IF($X39=\"Level 3 PM + Mark I NOx\",0,1))))*($AC39/453.6)-IF(BU39=0,AZ39,0)","v":0},{"$f":"MAX(0,BU39+BV39)","v":0},{"$f":"(MAX(0,BK39+BN39+BQ39+BT39+BW39))","v":0},{"$f":"IF($B39=\"3+ Trucks\",IF(OR($H39=\"Class_8\",$N39=\"Replacement8HHD\",$AH39=\"CL7HHD\",$AJ39=\"CL7to8\"),INDEX('ER C8 FLT3'!$A$4:$J$640,MATCH($E39&$C39,'ER C8 FLT3'!$A$4:$A$640&'ER C8 FLT3'!$B$4:$B$640,1),5)*IF(OR($H39=\"Class_8\",$N39=\"Replacement8HHD\",$AH39=\"CL7HHD\",$AJ39=\"CL7to8\"),INDEX('ER C8 FLT3'!$A$4:$J$640,MATCH($E39&$C39,'ER C8 FLT3'!$A$4:$A$640&'ER C8 FLT3'!$B$4:$B$640,1),7)),IF($H39=\"Class_7\",INDEX('ER C7 FLT3'!$A$4:$J$640,MATCH($E39&$C39,'ER C7 FLT3'!$A$4:$A$640&'ER C7 FLT3'!$B$4:$B$640,1),5)*IF($H39=\"Class_7\",INDEX('ER C7 FLT3'!$A$4:$J$640,MATCH($E39&$C39,'ER C7 FLT3'!$A$4:$A$640&'ER C7 FLT3'!$B$4:$B$640,1),7)),\nIF($H39=\"Class_6\",INDEX('ER C6 FLT3'!$A$4:$J$640,MATCH($E39&$C39,'ER C6 FLT3'!$A$4:$A$640&'ER C6 FLT3'!$B$4:$B$640,1),5)*IF($H39=\"Class_6\",INDEX('ER C6 FLT3'!$A$4:$L$640,MATCH($E39&$C39,'ER C6 FLT3'!$A$4:$A$640&'ER C6 FLT3'!$B$4:$B$640,1),7))))),IF($B39=\"2 Trucks\",IF(OR($H39=\"Class_8\",$N39=\"Replacement8HHD\",$AH39=\"CL7HHD\",$AJ39=\"CL7to8\"),INDEX('ER C8 FLT2'!$A$4:$J$640,MATCH($E39&$C39,'ER C8 FLT2'!$A$4:$A$640&'ER C8 FLT2'!$B$4:$B$640,1),5)*IF(OR($H39=\"Class_8\",$N39=\"Replacement8HHD\",$AH39=\"CL7HHD\",$AJ39=\"CL7to8\"),INDEX('ER C8 FLT2'!$A$4:$J$640,MATCH($E39&$C39,'ER C8 FLT2'!$A$4:$A$640&'ER C8 FLT2'!$B$4:$B$640,1),7)),IF($H39=\"Class_7\",INDEX('ER C7 FLT2'!$A$4:$J$640,MATCH($E39&$C39,'ER C7 FLT2'!$A$4:$A$640&'ER C7 FLT2'!$B$4:$B$640,1),5)*IF($H39=\"Class_7\",INDEX('ER C7 FLT2'!$A$4:$J$640,MATCH($E39&$C39,'ER C7 FLT2'!$A$4:$A$640&'ER C7 FLT2'!$B$4:$B$640,1),7)),IF($H39=\"Class_6\",INDEX('ER C6 FLT2'!$A$4:$J$640,MATCH($E39&$C39,'ER C6 FLT2'!$A$4:$A$640&'ER C6 FLT2'!$B$4:$B$640,1),5)*IF($H39=\"Class_6\",INDEX('ER C6 FLT2'!$A$4:$J$640,MATCH($E39&$C39,'ER C6 FLT2'!$A$4:$A$640&'ER C6 FLT2'!$B$4:$B$640,1),7))))),IF($B39=\"1 Truck\",\nIF(OR($H39=\"Class_8\",$N39=\"Replacement8HHD\",$AH39=\"CL7HHD\",$AJ39=\"CL7to8\"),INDEX('ER C8 FLT1'!$A$4:$J$640,MATCH($E39&$C39,'ER C8 FLT1'!$A$4:$A$640&'ER C8 FLT1'!$B$4:$B$640,1),5)*IF(OR($H39=\"Class_8\",$N39=\"Replacement8HHD\",$AH39=\"CL7HHD\",$AJ39=\"CL7to8\"),INDEX('ER C8 FLT1'!$A$4:$J$640,MATCH($E39&$C39,'ER C8 FLT1'!$A$4:$A$640&'ER C8 FLT1'!$B$4:$B$640,1),7)),IF($H39=\"Class_7\",INDEX('ER C7 FLT1'!$A$4:$J$640,MATCH($E39&$C39,'ER C7 FLT1'!$A$4:$A$640&'ER C7 FLT1'!$B$4:$B$640,1),5)*IF($H39=\"Class_7\",INDEX('ER C7 FLT1'!$A$4:$J$640,MATCH($E39&$C39,'ER C7 FLT1'!$A$4:$A$640&'ER C7 FLT1'!$B$4:$B$640,1),7)),\nIF($H39=\"Class_6\",INDEX('ER C6 FLT1'!$A$4:$J$640,MATCH($E39&$C39,'ER C6 FLT1'!$A$4:$A$640&'ER C6 FLT1'!$B$4:$B$640,1),5)*IF($H39=\"Class_6\",INDEX('ER C6 FLT1'!$A$4:$J$640,MATCH($E39&$C39,'ER C6 FLT1'!$A$4:$A$640&'ER C6 FLT1'!$B$4:$B$640,1),7))))))))*IF($F39=\"Level 1 PM + Mark I NOx\",0.75,1)*($Q39/453.6)","v":0},{"$f":"IF($B39=\"3+ Trucks\",IF(OR($H39=\"Class_8\",$N39=\"Replacement8HHD\",$AH39=\"CL7HHD\",$AJ39=\"CL7to8\"),INDEX('ER C8 FLT3'!$A$4:$J$640,MATCH($E39&$C39,'ER C8 FLT3'!$A$4:$A$640&'ER C8 FLT3'!$B$4:$B$640-1,1),5)*IF(OR($H39=\"Class_8\",$N39=\"Replacement8HHD\",$AH39=\"CL7HHD\",$AJ39=\"CL7to8\"),INDEX('ER C8 FLT3'!$A$4:$J$640,MATCH($E39&$C39,'ER C8 FLT3'!$A$4:$A$640&'ER C8 FLT3'!$B$4:$B$640-1,1),7)),IF($H39=\"Class_7\",INDEX('ER C7 FLT3'!$A$4:$J$640,MATCH($E39&$C39,'ER C7 FLT3'!$A$4:$A$640&'ER C7 FLT3'!$B$4:$B$640-1,1),5)*IF($H39=\"Class_7\",INDEX('ER C7 FLT3'!$A$4:$J$640,MATCH($E39&$C39,'ER C7 FLT3'!$A$4:$A$640&'ER C7 FLT3'!$B$4:$B$640-1,1),7)),\nIF($H39=\"Class_6\",INDEX('ER C6 FLT3'!$A$4:$J$640,MATCH($E39&$C39,'ER C6 FLT3'!$A$4:$A$640&'ER C6 FLT3'!$B$4:$B$640-1,1),5)*IF($H39=\"Class_6\",INDEX('ER C6 FLT3'!$A$4:$L$640,MATCH($E39&$C39,'ER C6 FLT3'!$A$4:$A$640&'ER C6 FLT3'!$B$4:$B$640-1,1),7))))),IF($B39=\"2 Trucks\",IF(OR($H39=\"Class_8\",$N39=\"Replacement8HHD\",$AH39=\"CL7HHD\",$AJ39=\"CL7to8\"),INDEX('ER C8 FLT2'!$A$4:$J$640,MATCH($E39&$C39,'ER C8 FLT2'!$A$4:$A$640&'ER C8 FLT2'!$B$4:$B$640-1,1),5)*IF(OR($H39=\"Class_8\",$N39=\"Replacement8HHD\",$AH39=\"CL7HHD\",$AJ39=\"CL7to8\"),INDEX('ER C8 FLT2'!$A$4:$J$640,MATCH($E39&$C39,'ER C8 FLT2'!$A$4:$A$640&'ER C8 FLT2'!$B$4:$B$640-1,1),7)),IF($H39=\"Class_7\",INDEX('ER C7 FLT2'!$A$4:$J$640,MATCH($E39&$C39,'ER C7 FLT2'!$A$4:$A$640&'ER C7 FLT2'!$B$4:$B$640-1,1),5)*IF($H39=\"Class_7\",INDEX('ER C7 FLT2'!$A$4:$J$640,MATCH($E39&$C39,'ER C7 FLT2'!$A$4:$A$640&'ER C7 FLT2'!$B$4:$B$640-1,1),7)),IF($H39=\"Class_6\",INDEX('ER C6 FLT2'!$A$4:$J$640,MATCH($E39&$C39,'ER C6 FLT2'!$A$4:$A$640&'ER C6 FLT2'!$B$4:$B$640-1,1),5)*IF($H39=\"Class_6\",INDEX('ER C6 FLT2'!$A$4:$J$640,MATCH($E39&$C39,'ER C6 FLT2'!$A$4:$A$640&'ER C6 FLT2'!$B$4:$B$640-1,1),7))))),IF($B39=\"1 Truck\",\nIF(OR($H39=\"Class_8\",$N39=\"Replacement8HHD\",$AH39=\"CL7HHD\",$AJ39=\"CL7to8\"),INDEX('ER C8 FLT1'!$A$4:$J$640,MATCH($E39&$C39,'ER C8 FLT1'!$A$4:$A$640&'ER C8 FLT1'!$B$4:$B$640-1,1),5)*IF(OR($H39=\"Class_8\",$N39=\"Replacement8HHD\",$AH39=\"CL7HHD\",$AJ39=\"CL7to8\"),INDEX('ER C8 FLT1'!$A$4:$J$640,MATCH($E39&$C39,'ER C8 FLT1'!$A$4:$A$640&'ER C8 FLT1'!$B$4:$B$640-1,1),7)),IF($H39=\"Class_7\",INDEX('ER C7 FLT1'!$A$4:$J$640,MATCH($E39&$C39,'ER C7 FLT1'!$A$4:$A$640&'ER C7 FLT1'!$B$4:$B$640-1,1),5)*IF($H39=\"Class_7\",INDEX('ER C7 FLT1'!$A$4:$J$640,MATCH($E39&$C39,'ER C7 FLT1'!$A$4:$A$640&'ER C7 FLT1'!$B$4:$B$640-1,1),7)),\nIF($H39=\"Class_6\",INDEX('ER C6 FLT1'!$A$4:$J$640,MATCH($E39&$C39,'ER C6 FLT1'!$A$4:$A$640&'ER C6 FLT1'!$B$4:$B$640-1,1),5)*IF($H39=\"Class_6\",INDEX('ER C6 FLT1'!$A$4:$J$640,MATCH($E39&$C39,'ER C6 FLT1'!$A$4:$A$640&'ER C6 FLT1'!$B$4:$B$640-1,1),7))))))))*IF($F39=\"Level 1 PM + Mark I NOx\",0.75,1)*($Q39/453.6)","v":0},{"$f":"IF($B39=\"3+ Trucks\",IF(OR($H39=\"Class_8\",$N39=\"Replacement8HHD\",$AH39=\"CL7HHD\",$AJ39=\"CL7to8\"),INDEX('ER C8 FLT3'!$A$4:$J$640,MATCH($E39&$C39,'ER C8 FLT3'!$A$4:$A$640&'ER C8 FLT3'!$B$4:$B$640-2,1),5)*IF(OR($H39=\"Class_8\",$N39=\"Replacement8HHD\",$AH39=\"CL7HHD\",$AJ39=\"CL7to8\"),INDEX('ER C8 FLT3'!$A$4:$J$640,MATCH($E39&$C39,'ER C8 FLT3'!$A$4:$A$640&'ER C8 FLT3'!$B$4:$B$640-2,1),7)),IF($H39=\"Class_7\",INDEX('ER C7 FLT3'!$A$4:$J$640,MATCH($E39&$C39,'ER C7 FLT3'!$A$4:$A$640&'ER C7 FLT3'!$B$4:$B$640-2,1),5)*IF($H39=\"Class_7\",INDEX('ER C7 FLT3'!$A$4:$J$640,MATCH($E39&$C39,'ER C7 FLT3'!$A$4:$A$640&'ER C7 FLT3'!$B$4:$B$640-2,1),7)),\nIF($H39=\"Class_6\",INDEX('ER C6 FLT3'!$A$4:$J$640,MATCH($E39&$C39,'ER C6 FLT3'!$A$4:$A$640&'ER C6 FLT3'!$B$4:$B$640-2,1),5)*IF($H39=\"Class_6\",INDEX('ER C6 FLT3'!$A$4:$L$640,MATCH($E39&$C39,'ER C6 FLT3'!$A$4:$A$640&'ER C6 FLT3'!$B$4:$B$640-2,1),7))))),IF($B39=\"2 Trucks\",IF(OR($H39=\"Class_8\",$N39=\"Replacement8HHD\",$AH39=\"CL7HHD\",$AJ39=\"CL7to8\"),INDEX('ER C8 FLT2'!$A$4:$J$640,MATCH($E39&$C39,'ER C8 FLT2'!$A$4:$A$640&'ER C8 FLT2'!$B$4:$B$640-2,1),5)*IF(OR($H39=\"Class_8\",$N39=\"Replacement8HHD\",$AH39=\"CL7HHD\",$AJ39=\"CL7to8\"),INDEX('ER C8 FLT2'!$A$4:$J$640,MATCH($E39&$C39,'ER C8 FLT2'!$A$4:$A$640&'ER C8 FLT2'!$B$4:$B$640-2,1),7)),IF($H39=\"Class_7\",INDEX('ER C7 FLT2'!$A$4:$J$640,MATCH($E39&$C39,'ER C7 FLT2'!$A$4:$A$640&'ER C7 FLT2'!$B$4:$B$640-2,1),5)*IF($H39=\"Class_7\",INDEX('ER C7 FLT2'!$A$4:$J$640,MATCH($E39&$C39,'ER C7 FLT2'!$A$4:$A$640&'ER C7 FLT2'!$B$4:$B$640-2,1),7)),IF($H39=\"Class_6\",INDEX('ER C6 FLT2'!$A$4:$J$640,MATCH($E39&$C39,'ER C6 FLT2'!$A$4:$A$640&'ER C6 FLT2'!$B$4:$B$640-2,1),5)*IF($H39=\"Class_6\",INDEX('ER C6 FLT2'!$A$4:$J$640,MATCH($E39&$C39,'ER C6 FLT2'!$A$4:$A$640&'ER C6 FLT2'!$B$4:$B$640-2,1),7))))),IF($B39=\"1 Truck\",\nIF(OR($H39=\"Class_8\",$N39=\"Replacement8HHD\",$AH39=\"CL7HHD\",$AJ39=\"CL7to8\"),INDEX('ER C8 FLT1'!$A$4:$J$640,MATCH($E39&$C39,'ER C8 FLT1'!$A$4:$A$640&'ER C8 FLT1'!$B$4:$B$640-2,1),5)*IF(OR($H39=\"Class_8\",$N39=\"Replacement8HHD\",$AH39=\"CL7HHD\",$AJ39=\"CL7to8\"),INDEX('ER C8 FLT1'!$A$4:$J$640,MATCH($E39&$C39,'ER C8 FLT1'!$A$4:$A$640&'ER C8 FLT1'!$B$4:$B$640-2,1),7)),IF($H39=\"Class_7\",INDEX('ER C7 FLT1'!$A$4:$J$640,MATCH($E39&$C39,'ER C7 FLT1'!$A$4:$A$640&'ER C7 FLT1'!$B$4:$B$640-2,1),5)*IF($H39=\"Class_7\",INDEX('ER C7 FLT1'!$A$4:$J$640,MATCH($E39&$C39,'ER C7 FLT1'!$A$4:$A$640&'ER C7 FLT1'!$B$4:$B$640-2,1),7)),\nIF($H39=\"Class_6\",INDEX('ER C6 FLT1'!$A$4:$J$640,MATCH($E39&$C39,'ER C6 FLT1'!$A$4:$A$640&'ER C6 FLT1'!$B$4:$B$640-2,1),5)*IF($H39=\"Class_6\",INDEX('ER C6 FLT1'!$A$4:$J$640,MATCH($E39&$C39,'ER C6 FLT1'!$A$4:$A$640&'ER C6 FLT1'!$B$4:$B$640-2,1),7))))))))*IF($F39=\"Level 1 PM + Mark I NOx\",0.75,1)*($Q39/453.6)","v":0},{"$f":"IF($B39=\"3+ Trucks\",IF(OR($H39=\"Class_8\",$N39=\"Replacement8HHD\",$AH39=\"CL7HHD\",$AJ39=\"CL7to8\"),INDEX('ER C8 FLT3'!$A$4:$J$640,MATCH($E39&$C39,'ER C8 FLT3'!$A$4:$A$640&'ER C8 FLT3'!$B$4:$B$640-3,1),5)*IF(OR($H39=\"Class_8\",$N39=\"Replacement8HHD\",$AH39=\"CL7HHD\",$AJ39=\"CL7to8\"),INDEX('ER C8 FLT3'!$A$4:$J$640,MATCH($E39&$C39,'ER C8 FLT3'!$A$4:$A$640&'ER C8 FLT3'!$B$4:$B$640-3,1),7)),IF($H39=\"Class_7\",INDEX('ER C7 FLT3'!$A$4:$J$640,MATCH($E39&$C39,'ER C7 FLT3'!$A$4:$A$640&'ER C7 FLT3'!$B$4:$B$640-3,1),5)*IF($H39=\"Class_7\",INDEX('ER C7 FLT3'!$A$4:$J$640,MATCH($E39&$C39,'ER C7 FLT3'!$A$4:$A$640&'ER C7 FLT3'!$B$4:$B$640-3,1),7)),\nIF($H39=\"Class_6\",INDEX('ER C6 FLT3'!$A$4:$J$640,MATCH($E39&$C39,'ER C6 FLT3'!$A$4:$A$640&'ER C6 FLT3'!$B$4:$B$640-3,1),5)*IF($H39=\"Class_6\",INDEX('ER C6 FLT3'!$A$4:$L$640,MATCH($E39&$C39,'ER C6 FLT3'!$A$4:$A$640&'ER C6 FLT3'!$B$4:$B$640-3,1),7))))),IF($B39=\"2 Trucks\",IF(OR($H39=\"Class_8\",$N39=\"Replacement8HHD\",$AH39=\"CL7HHD\",$AJ39=\"CL7to8\"),INDEX('ER C8 FLT2'!$A$4:$J$640,MATCH($E39&$C39,'ER C8 FLT2'!$A$4:$A$640&'ER C8 FLT2'!$B$4:$B$640-3,1),5)*IF(OR($H39=\"Class_8\",$N39=\"Replacement8HHD\",$AH39=\"CL7HHD\",$AJ39=\"CL7to8\"),INDEX('ER C8 FLT2'!$A$4:$J$640,MATCH($E39&$C39,'ER C8 FLT2'!$A$4:$A$640&'ER C8 FLT2'!$B$4:$B$640-3,1),7)),IF($H39=\"Class_7\",INDEX('ER C7 FLT2'!$A$4:$J$640,MATCH($E39&$C39,'ER C7 FLT2'!$A$4:$A$640&'ER C7 FLT2'!$B$4:$B$640-3,1),5)*IF($H39=\"Class_7\",INDEX('ER C7 FLT2'!$A$4:$J$640,MATCH($E39&$C39,'ER C7 FLT2'!$A$4:$A$640&'ER C7 FLT2'!$B$4:$B$640-3,1),7)),IF($H39=\"Class_6\",INDEX('ER C6 FLT2'!$A$4:$J$640,MATCH($E39&$C39,'ER C6 FLT2'!$A$4:$A$640&'ER C6 FLT2'!$B$4:$B$640-3,1),5)*IF($H39=\"Class_6\",INDEX('ER C6 FLT2'!$A$4:$J$640,MATCH($E39&$C39,'ER C6 FLT2'!$A$4:$A$640&'ER C6 FLT2'!$B$4:$B$640-3,1),7))))),IF($B39=\"1 Truck\",\nIF(OR($H39=\"Class_8\",$N39=\"Replacement8HHD\",$AH39=\"CL7HHD\",$AJ39=\"CL7to8\"),INDEX('ER C8 FLT1'!$A$4:$J$640,MATCH($E39&$C39,'ER C8 FLT1'!$A$4:$A$640&'ER C8 FLT1'!$B$4:$B$640-3,1),5)*IF(OR($H39=\"Class_8\",$N39=\"Replacement8HHD\",$AH39=\"CL7HHD\",$AJ39=\"CL7to8\"),INDEX('ER C8 FLT1'!$A$4:$J$640,MATCH($E39&$C39,'ER C8 FLT1'!$A$4:$A$640&'ER C8 FLT1'!$B$4:$B$640-3,1),7)),IF($H39=\"Class_7\",INDEX('ER C7 FLT1'!$A$4:$J$640,MATCH($E39&$C39,'ER C7 FLT1'!$A$4:$A$640&'ER C7 FLT1'!$B$4:$B$640-3,1),5)*IF($H39=\"Class_7\",INDEX('ER C7 FLT1'!$A$4:$J$640,MATCH($E39&$C39,'ER C7 FLT1'!$A$4:$A$640&'ER C7 FLT1'!$B$4:$B$640-3,1),7)),\nIF($H39=\"Class_6\",INDEX('ER C6 FLT1'!$A$4:$J$640,MATCH($E39&$C39,'ER C6 FLT1'!$A$4:$A$640&'ER C6 FLT1'!$B$4:$B$640-3,1),5)*IF($H39=\"Class_6\",INDEX('ER C6 FLT1'!$A$4:$J$640,MATCH($E39&$C39,'ER C6 FLT1'!$A$4:$A$640&'ER C6 FLT1'!$B$4:$B$640-3,1),7))))))))*IF($F39=\"Level 1 PM + Mark I NOx\",0.75,1)*($Q39/453.6)","v":0},{"$f":"IF($B39=\"3+ Trucks\",IF(OR($H39=\"Class_8\",$N39=\"Replacement8HHD\",$AH39=\"CL7HHD\",$AJ39=\"CL7to8\"),INDEX('ER C8 FLT3'!$A$4:$J$640,MATCH($E39&$C39,'ER C8 FLT3'!$A$4:$A$640&'ER C8 FLT3'!$B$4:$B$640-4,1),5)*IF(OR($H39=\"Class_8\",$N39=\"Replacement8HHD\",$AH39=\"CL7HHD\",$AJ39=\"CL7to8\"),INDEX('ER C8 FLT3'!$A$4:$J$640,MATCH($E39&$C39,'ER C8 FLT3'!$A$4:$A$640&'ER C8 FLT3'!$B$4:$B$640-4,1),7)),IF($H39=\"Class_7\",INDEX('ER C7 FLT3'!$A$4:$J$640,MATCH($E39&$C39,'ER C7 FLT3'!$A$4:$A$640&'ER C7 FLT3'!$B$4:$B$640-4,1),5)*IF($H39=\"Class_7\",INDEX('ER C7 FLT3'!$A$4:$J$640,MATCH($E39&$C39,'ER C7 FLT3'!$A$4:$A$640&'ER C7 FLT3'!$B$4:$B$640-4,1),7)),\nIF($H39=\"Class_6\",INDEX('ER C6 FLT3'!$A$4:$J$640,MATCH($E39&$C39,'ER C6 FLT3'!$A$4:$A$640&'ER C6 FLT3'!$B$4:$B$640-4,1),5)*IF($H39=\"Class_6\",INDEX('ER C6 FLT3'!$A$4:$L$640,MATCH($E39&$C39,'ER C6 FLT3'!$A$4:$A$640&'ER C6 FLT3'!$B$4:$B$640-4,1),7))))),IF($B39=\"2 Trucks\",IF(OR($H39=\"Class_8\",$N39=\"Replacement8HHD\",$AH39=\"CL7HHD\",$AJ39=\"CL7to8\"),INDEX('ER C8 FLT2'!$A$4:$J$640,MATCH($E39&$C39,'ER C8 FLT2'!$A$4:$A$640&'ER C8 FLT2'!$B$4:$B$640-4,1),5)*IF(OR($H39=\"Class_8\",$N39=\"Replacement8HHD\",$AH39=\"CL7HHD\",$AJ39=\"CL7to8\"),INDEX('ER C8 FLT2'!$A$4:$J$640,MATCH($E39&$C39,'ER C8 FLT2'!$A$4:$A$640&'ER C8 FLT2'!$B$4:$B$640-4,1),7)),IF($H39=\"Class_7\",INDEX('ER C7 FLT2'!$A$4:$J$640,MATCH($E39&$C39,'ER C7 FLT2'!$A$4:$A$640&'ER C7 FLT2'!$B$4:$B$640-4,1),5)*IF($H39=\"Class_7\",INDEX('ER C7 FLT2'!$A$4:$J$640,MATCH($E39&$C39,'ER C7 FLT2'!$A$4:$A$640&'ER C7 FLT2'!$B$4:$B$640-4,1),7)),IF($H39=\"Class_6\",INDEX('ER C6 FLT2'!$A$4:$J$640,MATCH($E39&$C39,'ER C6 FLT2'!$A$4:$A$640&'ER C6 FLT2'!$B$4:$B$640-4,1),5)*IF($H39=\"Class_6\",INDEX('ER C6 FLT2'!$A$4:$J$640,MATCH($E39&$C39,'ER C6 FLT2'!$A$4:$A$640&'ER C6 FLT2'!$B$4:$B$640-4,1),7))))),IF($B39=\"1 Truck\",\nIF(OR($H39=\"Class_8\",$N39=\"Replacement8HHD\",$AH39=\"CL7HHD\",$AJ39=\"CL7to8\"),INDEX('ER C8 FLT1'!$A$4:$J$640,MATCH($E39&$C39,'ER C8 FLT1'!$A$4:$A$640&'ER C8 FLT1'!$B$4:$B$640-4,1),5)*IF(OR($H39=\"Class_8\",$N39=\"Replacement8HHD\",$AH39=\"CL7HHD\",$AJ39=\"CL7to8\"),INDEX('ER C8 FLT1'!$A$4:$J$640,MATCH($E39&$C39,'ER C8 FLT1'!$A$4:$A$640&'ER C8 FLT1'!$B$4:$B$640-4,1),7)),IF($H39=\"Class_7\",INDEX('ER C7 FLT1'!$A$4:$J$640,MATCH($E39&$C39,'ER C7 FLT1'!$A$4:$A$640&'ER C7 FLT1'!$B$4:$B$640-4,1),5)*IF($H39=\"Class_7\",INDEX('ER C7 FLT1'!$A$4:$J$640,MATCH($E39&$C39,'ER C7 FLT1'!$A$4:$A$640&'ER C7 FLT1'!$B$4:$B$640-4,1),7)),\nIF($H39=\"Class_6\",INDEX('ER C6 FLT1'!$A$4:$J$640,MATCH($E39&$C39,'ER C6 FLT1'!$A$4:$A$640&'ER C6 FLT1'!$B$4:$B$640-4,1),5)*IF($H39=\"Class_6\",INDEX('ER C6 FLT1'!$A$4:$J$640,MATCH($E39&$C39,'ER C6 FLT1'!$A$4:$A$640&'ER C6 FLT1'!$B$4:$B$640-4,1),7))))))))*IF($F39=\"Level 1 PM + Mark I NOx\",0.75,1)*($Q39/453.6)","v":0},{"$f":"IF($B39=\"3+ Trucks\",IF(OR($H39=\"Class_8\",$N39=\"Replacement8HHD\",$AH39=\"CL7HHD\",$AJ39=\"CL7to8\"),INDEX('ER C8 FLT3'!$A$4:$J$640,MATCH($E39&$C39,'ER C8 FLT3'!$A$4:$A$640&'ER C8 FLT3'!$B$4:$B$640,1),5),IF($H39=\"Class_7\",INDEX('ER C7 FLT3'!$A$4:$J$640,MATCH($E39&$C39,'ER C7 FLT3'!$A$4:$A$640&'ER C7 FLT3'!$B$4:$B$640,1),5),IF($H39=\"Class_6\",INDEX('ER C6 FLT3'!$A$4:$J$640,MATCH($E39&$C39,'ER C6 FLT3'!$A$4:$A$640&'ER C6 FLT3'!$B$4:$B$640,1),5)))),IF($B39=\"2 Trucks\",IF(OR($H39=\"Class_8\",$N39=\"Replacement8HHD\",$AH39=\"CL7HHD\",$AJ39=\"CL7to8\"),INDEX('ER C8 FLT2'!$A$4:$J$640,MATCH($E39&$C39,'ER C8 FLT2'!$A$4:$A$640&'ER C8 FLT2'!$B$4:$B$640,1),5),IF($H39=\"Class_7\",INDEX('ER C7 FLT2'!$A$4:$J$640,MATCH($E39&$C39,'ER C7 FLT2'!$A$4:$A$640&'ER C7 FLT2'!$B$4:$B$640,1),5),IF($H39=\"Class_6\",INDEX('ER C6 FLT2'!$A$4:$J$640,MATCH($E39&$C39,'ER C6 FLT2'!$A$4:$A$640&'ER C6 FLT2'!$B$4:$B$640,1),5)))),IF($B39=\"1 Truck\",IF(OR($H39=\"Class_8\",$N39=\"Replacement8HHD\",$AH39=\"CL7HHD\",$AJ39=\"CL7to8\"),INDEX('ER C8 FLT1'!$A$4:$J$640,MATCH($E39&$C39,'ER C8 FLT1'!$A$4:$A$640&'ER C8 FLT1'!$B$4:$B$640,1),5),IF($H39=\"Class_7\",INDEX('ER C7 FLT1'!$A$4:$J$640,MATCH($E39&$C39,'ER C7 FLT1'!$A$4:$A$640&'ER C7 FLT1'!$B$4:$B$640,1),5),IF($H39=\"Class_6\",INDEX('ER C6 FLT1'!$A$4:$J$640,MATCH($E39&$C39,'ER C6 FLT1'!$A$4:$A$640&'ER C6 FLT1'!$B$4:$B$640,1),5)))))))","v":false},{"$f":"IF($B39=\"3+ Trucks\",IF(OR($H39=\"Class_8\",$N39=\"Replacement8HHD\",$AH39=\"CL7HHD\",$AJ39=\"CL7to8\"),INDEX('ER C8 FLT3'!$A$4:$J$640,MATCH($E39&$C39,'ER C8 FLT3'!$A$4:$A$640&'ER C8 FLT3'!$B$4:$B$640-1,1),5),IF($H39=\"Class_7\",INDEX('ER C7 FLT3'!$A$4:$J$640,MATCH($E39&$C39,'ER C7 FLT3'!$A$4:$A$640&'ER C7 FLT3'!$B$4:$B$640-1,1),5),IF($H39=\"Class_6\",INDEX('ER C6 FLT3'!$A$4:$J$640,MATCH($E39&$C39,'ER C6 FLT3'!$A$4:$A$640&'ER C6 FLT3'!$B$4:$B$640-1,1),5)))),IF($B39=\"2 Trucks\",IF(OR($H39=\"Class_8\",$N39=\"Replacement8HHD\",$AH39=\"CL7HHD\",$AJ39=\"CL7to8\"),INDEX('ER C8 FLT2'!$A$4:$J$640,MATCH($E39&$C39,'ER C8 FLT2'!$A$4:$A$640&'ER C8 FLT2'!$B$4:$B$640-1,1),5),IF($H39=\"Class_7\",INDEX('ER C7 FLT2'!$A$4:$J$640,MATCH($E39&$C39,'ER C7 FLT2'!$A$4:$A$640&'ER C7 FLT2'!$B$4:$B$640-1,1),5),IF($H39=\"Class_6\",INDEX('ER C6 FLT2'!$A$4:$J$640,MATCH($E39&$C39,'ER C6 FLT2'!$A$4:$A$640&'ER C6 FLT2'!$B$4:$B$640-1,1),5)))),IF($B39=\"1 Truck\",IF(OR($H39=\"Class_8\",$N39=\"Replacement8HHD\",$AH39=\"CL7HHD\",$AJ39=\"CL7to8\"),INDEX('ER C8 FLT1'!$A$4:$J$640,MATCH($E39&$C39,'ER C8 FLT1'!$A$4:$A$640&'ER C8 FLT1'!$B$4:$B$640-1,1),5),IF($H39=\"Class_7\",INDEX('ER C7 FLT1'!$A$4:$J$640,MATCH($E39&$C39,'ER C7 FLT1'!$A$4:$A$640&'ER C7 FLT1'!$B$4:$B$640-1,1),5),IF($H39=\"Class_6\",INDEX('ER C6 FLT1'!$A$4:$J$640,MATCH($E39&$C39,'ER C6 FLT1'!$A$4:$A$640&'ER C6 FLT1'!$B$4:$B$640-1,1),5)))))))","v":false},{"$f":"IF($B39=\"3+ Trucks\",IF(OR($H39=\"Class_8\",$N39=\"Replacement8HHD\",$AH39=\"CL7HHD\",$AJ39=\"CL7to8\"),INDEX('ER C8 FLT3'!$A$4:$J$640,MATCH($E39&$C39,'ER C8 FLT3'!$A$4:$A$640&'ER C8 FLT3'!$B$4:$B$640-2,1),5),IF($H39=\"Class_7\",INDEX('ER C7 FLT3'!$A$4:$J$640,MATCH($E39&$C39,'ER C7 FLT3'!$A$4:$A$640&'ER C7 FLT3'!$B$4:$B$640-2,1),5),IF($H39=\"Class_6\",INDEX('ER C6 FLT3'!$A$4:$J$640,MATCH($E39&$C39,'ER C6 FLT3'!$A$4:$A$640&'ER C6 FLT3'!$B$4:$B$640-2,1),5)))),IF($B39=\"2 Trucks\",IF(OR($H39=\"Class_8\",$N39=\"Replacement8HHD\",$AH39=\"CL7HHD\",$AJ39=\"CL7to8\"),INDEX('ER C8 FLT2'!$A$4:$J$640,MATCH($E39&$C39,'ER C8 FLT2'!$A$4:$A$640&'ER C8 FLT2'!$B$4:$B$640-2,1),5),IF($H39=\"Class_7\",INDEX('ER C7 FLT2'!$A$4:$J$640,MATCH($E39&$C39,'ER C7 FLT2'!$A$4:$A$640&'ER C7 FLT2'!$B$4:$B$640-2,1),5),IF($H39=\"Class_6\",INDEX('ER C6 FLT2'!$A$4:$J$640,MATCH($E39&$C39,'ER C6 FLT2'!$A$4:$A$640&'ER C6 FLT2'!$B$4:$B$640-2,1),5)))),IF($B39=\"1 Truck\",IF(OR($H39=\"Class_8\",$N39=\"Replacement8HHD\",$AH39=\"CL7HHD\",$AJ39=\"CL7to8\"),INDEX('ER C8 FLT1'!$A$4:$J$640,MATCH($E39&$C39,'ER C8 FLT1'!$A$4:$A$640&'ER C8 FLT1'!$B$4:$B$640-2,1),5),IF($H39=\"Class_7\",INDEX('ER C7 FLT1'!$A$4:$J$640,MATCH($E39&$C39,'ER C7 FLT1'!$A$4:$A$640&'ER C7 FLT1'!$B$4:$B$640-2,1),5),IF($H39=\"Class_6\",INDEX('ER C6 FLT1'!$A$4:$J$640,MATCH($E39&$C39,'ER C6 FLT1'!$A$4:$A$640&'ER C6 FLT1'!$B$4:$B$640-2,1),5)))))))","v":false},{"$f":"IF($B39=\"3+ Trucks\",IF(OR($H39=\"Class_8\",$N39=\"Replacement8HHD\",$AH39=\"CL7HHD\",$AJ39=\"CL7to8\"),INDEX('ER C8 FLT3'!$A$4:$J$640,MATCH($E39&$C39,'ER C8 FLT3'!$A$4:$A$640&'ER C8 FLT3'!$B$4:$B$640-3,1),5),IF($H39=\"Class_7\",INDEX('ER C7 FLT3'!$A$4:$J$640,MATCH($E39&$C39,'ER C7 FLT3'!$A$4:$A$640&'ER C7 FLT3'!$B$4:$B$640-3,1),5),IF($H39=\"Class_6\",INDEX('ER C6 FLT3'!$A$4:$J$640,MATCH($E39&$C39,'ER C6 FLT3'!$A$4:$A$640&'ER C6 FLT3'!$B$4:$B$640-3,1),5)))),IF($B39=\"2 Trucks\",IF(OR($H39=\"Class_8\",$N39=\"Replacement8HHD\",$AH39=\"CL7HHD\",$AJ39=\"CL7to8\"),INDEX('ER C8 FLT2'!$A$4:$J$640,MATCH($E39&$C39,'ER C8 FLT2'!$A$4:$A$640&'ER C8 FLT2'!$B$4:$B$640-3,1),5),IF($H39=\"Class_7\",INDEX('ER C7 FLT2'!$A$4:$J$640,MATCH($E39&$C39,'ER C7 FLT2'!$A$4:$A$640&'ER C7 FLT2'!$B$4:$B$640-3,1),5),IF($H39=\"Class_6\",INDEX('ER C6 FLT2'!$A$4:$J$640,MATCH($E39&$C39,'ER C6 FLT2'!$A$4:$A$640&'ER C6 FLT2'!$B$4:$B$640-3,1),5)))),IF($B39=\"1 Truck\",IF(OR($H39=\"Class_8\",$N39=\"Replacement8HHD\",$AH39=\"CL7HHD\",$AJ39=\"CL7to8\"),INDEX('ER C8 FLT1'!$A$4:$J$640,MATCH($E39&$C39,'ER C8 FLT1'!$A$4:$A$640&'ER C8 FLT1'!$B$4:$B$640-3,1),5),IF($H39=\"Class_7\",INDEX('ER C7 FLT1'!$A$4:$J$640,MATCH($E39&$C39,'ER C7 FLT1'!$A$4:$A$640&'ER C7 FLT1'!$B$4:$B$640-3,1),5),IF($H39=\"Class_6\",INDEX('ER C6 FLT1'!$A$4:$J$640,MATCH($E39&$C39,'ER C6 FLT1'!$A$4:$A$640&'ER C6 FLT1'!$B$4:$B$640-3,1),5)))))))","v":false},{"$f":"IF($B39=\"3+ Trucks\",IF(OR($H39=\"Class_8\",$N39=\"Replacement8HHD\",$AH39=\"CL7HHD\",$AJ39=\"CL7to8\"),INDEX('ER C8 FLT3'!$A$4:$J$640,MATCH($E39&$C39,'ER C8 FLT3'!$A$4:$A$640&'ER C8 FLT3'!$B$4:$B$640-4,1),5),IF($H39=\"Class_7\",INDEX('ER C7 FLT3'!$A$4:$J$640,MATCH($E39&$C39,'ER C7 FLT3'!$A$4:$A$640&'ER C7 FLT3'!$B$4:$B$640-4,1),5),IF($H39=\"Class_6\",INDEX('ER C6 FLT3'!$A$4:$J$640,MATCH($E39&$C39,'ER C6 FLT3'!$A$4:$A$640&'ER C6 FLT3'!$B$4:$B$640-4,1),5)))),IF($B39=\"2 Trucks\",IF(OR($H39=\"Class_8\",$N39=\"Replacement8HHD\",$AH39=\"CL7HHD\",$AJ39=\"CL7to8\"),INDEX('ER C8 FLT2'!$A$4:$J$640,MATCH($E39&$C39,'ER C8 FLT2'!$A$4:$A$640&'ER C8 FLT2'!$B$4:$B$640-4,1),5),IF($H39=\"Class_7\",INDEX('ER C7 FLT2'!$A$4:$J$640,MATCH($E39&$C39,'ER C7 FLT2'!$A$4:$A$640&'ER C7 FLT2'!$B$4:$B$640-4,1),5),IF($H39=\"Class_6\",INDEX('ER C6 FLT2'!$A$4:$J$640,MATCH($E39&$C39,'ER C6 FLT2'!$A$4:$A$640&'ER C6 FLT2'!$B$4:$B$640-4,1),5)))),IF($B39=\"1 Truck\",IF(OR($H39=\"Class_8\",$N39=\"Replacement8HHD\",$AH39=\"CL7HHD\",$AJ39=\"CL7to8\"),INDEX('ER C8 FLT1'!$A$4:$J$640,MATCH($E39&$C39,'ER C8 FLT1'!$A$4:$A$640&'ER C8 FLT1'!$B$4:$B$640-4,1),5),IF($H39=\"Class_7\",INDEX('ER C7 FLT1'!$A$4:$J$640,MATCH($E39&$C39,'ER C7 FLT1'!$A$4:$A$640&'ER C7 FLT1'!$B$4:$B$640-4,1),5),IF($H39=\"Class_6\",INDEX('ER C6 FLT1'!$A$4:$J$640,MATCH($E39&$C39,'ER C6 FLT1'!$A$4:$A$640&'ER C6 FLT1'!$B$4:$B$640-4,1),5)))))))","v":false},{"$f":"IF(OR($R39=\"Diesel\",$R39=\"LNG/CNG\",$R39=\"Hybrid\",$R39=\"Electric w/ AB-118\"),IF($B39=\"3+ Trucks\",IF(OR($O39=\"Class_8\",$N39=\"Replacement8HHD\",$AI39=\"CL7HHD\"),INDEX('ER C8 FLT3'!$A$4:$J$640,MATCH(DropData!$J79&$C39,'ER C8 FLT3'!$A$4:$A$640&'ER C8 FLT3'!$B$4:$B$640,1),5)*IF(OR($O39=\"Class_8\",$N39=\"Replacement8HHD\",$AI39=\"CL7HHD\"),INDEX('ER C8 FLT3'!$A$4:$J$640,MATCH(DropData!$J79&$C39,'ER C8 FLT3'!$A$4:$A$640&'ER C8 FLT3'!$B$4:$B$640,1),7)),IF($O39=\"Class_7\",INDEX('ER C7 FLT3'!$A$4:$J$640,MATCH(DropData!$J79&$C39,'ER C7 FLT3'!$A$4:$A$640&'ER C7 FLT3'!$B$4:$B$640,1),5)*IF($O39=\"Class_7\",INDEX('ER C7 FLT3'!$A$4:$J$640,MATCH(DropData!$J79&$C39,'ER C7 FLT3'!$A$4:$A$640&'ER C7 FLT3'!$B$4:$B$640,1),7)),IF($O39=\"Class_6\",INDEX('ER C6 FLT3'!$A$4:$J$640,MATCH(DropData!$J79&$C39,'ER C6 FLT3'!$A$4:$A$640&'ER C6 FLT3'!$B$4:$B$640,1),5)*IF($O39=\"Class_6\",INDEX('ER C6 FLT3'!$A$4:$J$640,MATCH(DropData!$J79&$C39,'ER C6 FLT3'!$A$4:$A$640&'ER C6 FLT3'!$B$4:$B$640,1),7))))),IF($B39=\"2 Trucks\",IF(OR($O39=\"Class_8\",$N39=\"Replacement8HHD\",$AI39=\"CL7HHD\"),INDEX('ER C8 FLT2'!$A$4:$J$640,MATCH(DropData!$J79&$C39,'ER C8 FLT2'!$A$4:$A$640&'ER C8 FLT2'!$B$4:$B$640,1),5)*IF(OR($O39=\"Class_8\",$N39=\"Replacement8HHD\",$AI39=\"CL7HHD\"),INDEX('ER C8 FLT2'!$A$4:$J$640,MATCH(DropData!$J79&$C39,'ER C8 FLT2'!$A$4:$A$640&'ER C8 FLT2'!$B$4:$B$640,1),7)),IF($O39=\"Class_7\",INDEX('ER C7 FLT2'!$A$4:$J$640,MATCH(DropData!$J79&$C39,'ER C7 FLT2'!$A$4:$A$640&'ER C7 FLT2'!$B$4:$B$640,1),5)*IF($O39=\"Class_7\",INDEX('ER C7 FLT2'!$A$4:$J$640,MATCH(DropData!$J79&$C39,'ER C7 FLT2'!$A$4:$A$640&'ER C7 FLT2'!$B$4:$B$640,1),7)),IF($O39=\"Class_6\",INDEX('ER C6 FLT2'!$A$4:$J$640,MATCH(DropData!$J79&$C39,'ER C6 FLT2'!$A$4:$A$640&'ER C6 FLT2'!$B$4:$B$640,1),5)*IF($O39=\"Class_6\",INDEX('ER C6 FLT2'!$A$4:$J$640,MATCH(DropData!$J79&$C39,'ER C6 FLT2'!$A$4:$A$640&'ER C6 FLT2'!$B$4:$B$640,1),7))))),IF($B39=\"1 Truck\",IF(OR($O39=\"Class_8\",$N39=\"Replacement8HHD\",$AI39=\"CL7HHD\"),INDEX('ER C8 FLT1'!$A$4:$J$640,MATCH(DropData!$J79&$C39,'ER C8 FLT1'!$A$4:$A$640&'ER C8 FLT1'!$B$4:$B$640,1),5)*IF(OR($O39=\"Class_8\",$N39=\"Replacement8HHD\",$AI39=\"CL7HHD\"),INDEX('ER C8 FLT1'!$A$4:$J$640,MATCH(DropData!$J79&$C39,'ER C8 FLT1'!$A$4:$A$640&'ER C8 FLT1'!$B$4:$B$640,1),7)),IF($O39=\"Class_7\",INDEX('ER C7 FLT1'!$A$4:$J$640,MATCH(DropData!$J79&$C39,'ER C7 FLT1'!$A$4:$A$640&'ER C7 FLT1'!$B$4:$B$640,1),5)*IF($O39=\"Class_7\",INDEX('ER C7 FLT1'!$A$4:$J$640,MATCH(DropData!$J79&$C39,'ER C7 FLT1'!$A$4:$A$640&'ER C7 FLT1'!$B$4:$B$640,1),7)),IF($O39=\"Class_6\",INDEX('ER C6 FLT1'!$A$4:$J$640,MATCH(DropData!$J79&$C39,'ER C6 FLT1'!$A$4:$A$640&'ER C6 FLT1'!$B$4:$B$640,1),5)*IF($O39=\"Class_6\",INDEX('ER C6 FLT1'!$A$4:$J$640,MATCH(DropData!$J79&$C39,'ER C6 FLT1'!$A$4:$A$640&'ER C6 FLT1'!$B$4:$B$640,1),7)))))))),IF($R39=\"Electric\",INDEX('ER Electric'!$A$6:$E$44,MATCH($C39&$O39,'ER Electric'!$A$6:$A$44&'ER Electric'!$B$6:$B$44,1),4)))*(($Q39+$AC39)/453.6)","v":0},{"$f":"IF(OR($R39=\"Diesel\",$R39=\"LNG/CNG\",$R39=\"Hybrid\",$R39=\"Electric w/ AB-118\"),IF($B39=\"3+ Trucks\",IF(OR($O39=\"Class_8\",$N39=\"Replacement8HHD\",$AI39=\"CL7HHD\"),INDEX('ER C8 FLT3'!$A$4:$J$640,MATCH(DropData!$J79&$C39,'ER C8 FLT3'!$A$4:$A$640&'ER C8 FLT3'!$B$4:$B$640-1,1),5)*IF(OR($O39=\"Class_8\",$N39=\"Replacement8HHD\",$AI39=\"CL7HHD\"),INDEX('ER C8 FLT3'!$A$4:$J$640,MATCH(DropData!$J79&$C39,'ER C8 FLT3'!$A$4:$A$640&'ER C8 FLT3'!$B$4:$B$640-1,1),7)),IF($O39=\"Class_7\",INDEX('ER C7 FLT3'!$A$4:$J$640,MATCH(DropData!$J79&$C39,'ER C7 FLT3'!$A$4:$A$640&'ER C7 FLT3'!$B$4:$B$640-1,1),5)*IF($O39=\"Class_7\",INDEX('ER C7 FLT3'!$A$4:$J$640,MATCH(DropData!$J79&$C39,'ER C7 FLT3'!$A$4:$A$640&'ER C7 FLT3'!$B$4:$B$640-1,1),7)),IF($O39=\"Class_6\",INDEX('ER C6 FLT3'!$A$4:$J$640,MATCH(DropData!$J79&$C39,'ER C6 FLT3'!$A$4:$A$640&'ER C6 FLT3'!$B$4:$B$640-1,1),5)*IF($O39=\"Class_6\",INDEX('ER C6 FLT3'!$A$4:$J$640,MATCH(DropData!$J79&$C39,'ER C6 FLT3'!$A$4:$A$640&'ER C6 FLT3'!$B$4:$B$640-1,1),7))))),IF($B39=\"2 Trucks\",IF(OR($O39=\"Class_8\",$N39=\"Replacement8HHD\",$AI39=\"CL7HHD\"),INDEX('ER C8 FLT2'!$A$4:$J$640,MATCH(DropData!$J79&$C39,'ER C8 FLT2'!$A$4:$A$640&'ER C8 FLT2'!$B$4:$B$640-1,1),5)*IF(OR($O39=\"Class_8\",$N39=\"Replacement8HHD\",$AI39=\"CL7HHD\"),INDEX('ER C8 FLT2'!$A$4:$J$640,MATCH(DropData!$J79&$C39,'ER C8 FLT2'!$A$4:$A$640&'ER C8 FLT2'!$B$4:$B$640-1,1),7)),IF($O39=\"Class_7\",INDEX('ER C7 FLT2'!$A$4:$J$640,MATCH(DropData!$J79&$C39,'ER C7 FLT2'!$A$4:$A$640&'ER C7 FLT2'!$B$4:$B$640-1,1),5)*IF($O39=\"Class_7\",INDEX('ER C7 FLT2'!$A$4:$J$640,MATCH(DropData!$J79&$C39,'ER C7 FLT2'!$A$4:$A$640&'ER C7 FLT2'!$B$4:$B$640-1,1),7)),IF($O39=\"Class_6\",INDEX('ER C6 FLT2'!$A$4:$J$640,MATCH(DropData!$J79&$C39,'ER C6 FLT2'!$A$4:$A$640&'ER C6 FLT2'!$B$4:$B$640-1,1),5)*IF($O39=\"Class_6\",INDEX('ER C6 FLT2'!$A$4:$J$640,MATCH(DropData!$J79&$C39,'ER C6 FLT2'!$A$4:$A$640&'ER C6 FLT2'!$B$4:$B$640-1,1),7))))),IF($B39=\"1 Truck\",IF(OR($O39=\"Class_8\",$N39=\"Replacement8HHD\",$AI39=\"CL7HHD\"),INDEX('ER C8 FLT1'!$A$4:$J$640,MATCH(DropData!$J79&$C39,'ER C8 FLT1'!$A$4:$A$640&'ER C8 FLT1'!$B$4:$B$640-1,1),5)*IF(OR($O39=\"Class_8\",$N39=\"Replacement8HHD\",$AI39=\"CL7HHD\"),INDEX('ER C8 FLT1'!$A$4:$J$640,MATCH(DropData!$J79&$C39,'ER C8 FLT1'!$A$4:$A$640&'ER C8 FLT1'!$B$4:$B$640-1,1),7)),IF($O39=\"Class_7\",INDEX('ER C7 FLT1'!$A$4:$J$640,MATCH(DropData!$J79&$C39,'ER C7 FLT1'!$A$4:$A$640&'ER C7 FLT1'!$B$4:$B$640-1,1),5)*IF($O39=\"Class_7\",INDEX('ER C7 FLT1'!$A$4:$J$640,MATCH(DropData!$J79&$C39,'ER C7 FLT1'!$A$4:$A$640&'ER C7 FLT1'!$B$4:$B$640-1,1),7)),IF($O39=\"Class_6\",INDEX('ER C6 FLT1'!$A$4:$J$640,MATCH(DropData!$J79&$C39,'ER C6 FLT1'!$A$4:$A$640&'ER C6 FLT1'!$B$4:$B$640-1,1),5)*IF($O39=\"Class_6\",INDEX('ER C6 FLT1'!$A$4:$J$640,MATCH(DropData!$J79&$C39,'ER C6 FLT1'!$A$4:$A$640&'ER C6 FLT1'!$B$4:$B$640-1,1),7)))))))),IF($R39=\"Electric\",OFFSET(INDEX('ER Electric'!$A$6:$E$44,MATCH($C39&$O39,'ER Electric'!$A$6:$A$44&'ER Electric'!$B$6:$B$44,1),4),3,0)))*(($Q39+$AC39)/453.6)","v":0},{"$f":"IF(OR($R39=\"Diesel\",$R39=\"LNG/CNG\",$R39=\"Hybrid\",$R39=\"Electric w/ AB-118\"),IF($B39=\"3+ Trucks\",IF(OR($O39=\"Class_8\",$N39=\"Replacement8HHD\",$AI39=\"CL7HHD\"),INDEX('ER C8 FLT3'!$A$4:$J$640,MATCH(DropData!$J79&$C39,'ER C8 FLT3'!$A$4:$A$640&'ER C8 FLT3'!$B$4:$B$640-2,1),5)*IF(OR($O39=\"Class_8\",$N39=\"Replacement8HHD\",$AI39=\"CL7HHD\"),INDEX('ER C8 FLT3'!$A$4:$J$640,MATCH(DropData!$J79&$C39,'ER C8 FLT3'!$A$4:$A$640&'ER C8 FLT3'!$B$4:$B$640-2,1),7)),IF($O39=\"Class_7\",INDEX('ER C7 FLT3'!$A$4:$J$640,MATCH(DropData!$J79&$C39,'ER C7 FLT3'!$A$4:$A$640&'ER C7 FLT3'!$B$4:$B$640-2,1),5)*IF($O39=\"Class_7\",INDEX('ER C7 FLT3'!$A$4:$J$640,MATCH(DropData!$J79&$C39,'ER C7 FLT3'!$A$4:$A$640&'ER C7 FLT3'!$B$4:$B$640-2,1),7)),IF($O39=\"Class_6\",INDEX('ER C6 FLT3'!$A$4:$J$640,MATCH(DropData!$J79&$C39,'ER C6 FLT3'!$A$4:$A$640&'ER C6 FLT3'!$B$4:$B$640-2,1),5)*IF($O39=\"Class_6\",INDEX('ER C6 FLT3'!$A$4:$J$640,MATCH(DropData!$J79&$C39,'ER C6 FLT3'!$A$4:$A$640&'ER C6 FLT3'!$B$4:$B$640-2,1),7))))),IF($B39=\"2 Trucks\",IF(OR($O39=\"Class_8\",$N39=\"Replacement8HHD\",$AI39=\"CL7HHD\"),INDEX('ER C8 FLT2'!$A$4:$J$640,MATCH(DropData!$J79&$C39,'ER C8 FLT2'!$A$4:$A$640&'ER C8 FLT2'!$B$4:$B$640-2,1),5)*IF(OR($O39=\"Class_8\",$N39=\"Replacement8HHD\",$AI39=\"CL7HHD\"),INDEX('ER C8 FLT2'!$A$4:$J$640,MATCH(DropData!$J79&$C39,'ER C8 FLT2'!$A$4:$A$640&'ER C8 FLT2'!$B$4:$B$640-2,1),7)),IF($O39=\"Class_7\",INDEX('ER C7 FLT2'!$A$4:$J$640,MATCH(DropData!$J79&$C39,'ER C7 FLT2'!$A$4:$A$640&'ER C7 FLT2'!$B$4:$B$640-2,1),5)*IF($O39=\"Class_7\",INDEX('ER C7 FLT2'!$A$4:$J$640,MATCH(DropData!$J79&$C39,'ER C7 FLT2'!$A$4:$A$640&'ER C7 FLT2'!$B$4:$B$640-2,1),7)),IF($O39=\"Class_6\",INDEX('ER C6 FLT2'!$A$4:$J$640,MATCH(DropData!$J79&$C39,'ER C6 FLT2'!$A$4:$A$640&'ER C6 FLT2'!$B$4:$B$640-2,1),5)*IF($O39=\"Class_6\",INDEX('ER C6 FLT2'!$A$4:$J$640,MATCH(DropData!$J79&$C39,'ER C6 FLT2'!$A$4:$A$640&'ER C6 FLT2'!$B$4:$B$640-2,1),7))))),IF($B39=\"1 Truck\",IF(OR($O39=\"Class_8\",$N39=\"Replacement8HHD\",$AI39=\"CL7HHD\"),INDEX('ER C8 FLT1'!$A$4:$J$640,MATCH(DropData!$J79&$C39,'ER C8 FLT1'!$A$4:$A$640&'ER C8 FLT1'!$B$4:$B$640-2,1),5)*IF(OR($O39=\"Class_8\",$N39=\"Replacement8HHD\",$AI39=\"CL7HHD\"),INDEX('ER C8 FLT1'!$A$4:$J$640,MATCH(DropData!$J79&$C39,'ER C8 FLT1'!$A$4:$A$640&'ER C8 FLT1'!$B$4:$B$640-2,1),7)),IF($O39=\"Class_7\",INDEX('ER C7 FLT1'!$A$4:$J$640,MATCH(DropData!$J79&$C39,'ER C7 FLT1'!$A$4:$A$640&'ER C7 FLT1'!$B$4:$B$640-2,1),5)*IF($O39=\"Class_7\",INDEX('ER C7 FLT1'!$A$4:$J$640,MATCH(DropData!$J79&$C39,'ER C7 FLT1'!$A$4:$A$640&'ER C7 FLT1'!$B$4:$B$640-2,1),7)),IF($O39=\"Class_6\",INDEX('ER C6 FLT1'!$A$4:$J$640,MATCH(DropData!$J79&$C39,'ER C6 FLT1'!$A$4:$A$640&'ER C6 FLT1'!$B$4:$B$640-2,1),5)*IF($O39=\"Class_6\",INDEX('ER C6 FLT1'!$A$4:$J$640,MATCH(DropData!$J79&$C39,'ER C6 FLT1'!$A$4:$A$640&'ER C6 FLT1'!$B$4:$B$640-2,1),7)))))))),IF($R39=\"Electric\",OFFSET(INDEX('ER Electric'!$A$6:$E$44,MATCH($C39&$O39,'ER Electric'!$A$6:$A$44&'ER Electric'!$B$6:$B$44,1),4),6,0)))*(($Q39+$AC39)/453.6)","v":0},{"$f":"IF(OR($R39=\"Diesel\",$R39=\"LNG/CNG\",$R39=\"Hybrid\",$R39=\"Electric w/ AB-118\"),IF($B39=\"3+ Trucks\",IF(OR($O39=\"Class_8\",$N39=\"Replacement8HHD\",$AI39=\"CL7HHD\"),INDEX('ER C8 FLT3'!$A$4:$J$640,MATCH(DropData!$J79&$C39,'ER C8 FLT3'!$A$4:$A$640&'ER C8 FLT3'!$B$4:$B$640-3,1),5)*IF(OR($O39=\"Class_8\",$N39=\"Replacement8HHD\",$AI39=\"CL7HHD\"),INDEX('ER C8 FLT3'!$A$4:$J$640,MATCH(DropData!$J79&$C39,'ER C8 FLT3'!$A$4:$A$640&'ER C8 FLT3'!$B$4:$B$640-3,1),7)),IF($O39=\"Class_7\",INDEX('ER C7 FLT3'!$A$4:$J$640,MATCH(DropData!$J79&$C39,'ER C7 FLT3'!$A$4:$A$640&'ER C7 FLT3'!$B$4:$B$640-3,1),5)*IF($O39=\"Class_7\",INDEX('ER C7 FLT3'!$A$4:$J$640,MATCH(DropData!$J79&$C39,'ER C7 FLT3'!$A$4:$A$640&'ER C7 FLT3'!$B$4:$B$640-3,1),7)),IF($O39=\"Class_6\",INDEX('ER C6 FLT3'!$A$4:$J$640,MATCH(DropData!$J79&$C39,'ER C6 FLT3'!$A$4:$A$640&'ER C6 FLT3'!$B$4:$B$640-3,1),5)*IF($O39=\"Class_6\",INDEX('ER C6 FLT3'!$A$4:$J$640,MATCH(DropData!$J79&$C39,'ER C6 FLT3'!$A$4:$A$640&'ER C6 FLT3'!$B$4:$B$640-3,1),7))))),IF($B39=\"2 Trucks\",IF(OR($O39=\"Class_8\",$N39=\"Replacement8HHD\",$AI39=\"CL7HHD\"),INDEX('ER C8 FLT2'!$A$4:$J$640,MATCH(DropData!$J79&$C39,'ER C8 FLT2'!$A$4:$A$640&'ER C8 FLT2'!$B$4:$B$640-3,1),5)*IF(OR($O39=\"Class_8\",$N39=\"Replacement8HHD\",$AI39=\"CL7HHD\"),INDEX('ER C8 FLT2'!$A$4:$J$640,MATCH(DropData!$J79&$C39,'ER C8 FLT2'!$A$4:$A$640&'ER C8 FLT2'!$B$4:$B$640-3,1),7)),IF($O39=\"Class_7\",INDEX('ER C7 FLT2'!$A$4:$J$640,MATCH(DropData!$J79&$C39,'ER C7 FLT2'!$A$4:$A$640&'ER C7 FLT2'!$B$4:$B$640-3,1),5)*IF($O39=\"Class_7\",INDEX('ER C7 FLT2'!$A$4:$J$640,MATCH(DropData!$J79&$C39,'ER C7 FLT2'!$A$4:$A$640&'ER C7 FLT2'!$B$4:$B$640-3,1),7)),IF($O39=\"Class_6\",INDEX('ER C6 FLT2'!$A$4:$J$640,MATCH(DropData!$J79&$C39,'ER C6 FLT2'!$A$4:$A$640&'ER C6 FLT2'!$B$4:$B$640-3,1),5)*IF($O39=\"Class_6\",INDEX('ER C6 FLT2'!$A$4:$J$640,MATCH(DropData!$J79&$C39,'ER C6 FLT2'!$A$4:$A$640&'ER C6 FLT2'!$B$4:$B$640-3,1),7))))),IF($B39=\"1 Truck\",IF(OR($O39=\"Class_8\",$N39=\"Replacement8HHD\",$AI39=\"CL7HHD\"),INDEX('ER C8 FLT1'!$A$4:$J$640,MATCH(DropData!$J79&$C39,'ER C8 FLT1'!$A$4:$A$640&'ER C8 FLT1'!$B$4:$B$640-3,1),5)*IF(OR($O39=\"Class_8\",$N39=\"Replacement8HHD\",$AI39=\"CL7HHD\"),INDEX('ER C8 FLT1'!$A$4:$J$640,MATCH(DropData!$J79&$C39,'ER C8 FLT1'!$A$4:$A$640&'ER C8 FLT1'!$B$4:$B$640-3,1),7)),IF($O39=\"Class_7\",INDEX('ER C7 FLT1'!$A$4:$J$640,MATCH(DropData!$J79&$C39,'ER C7 FLT1'!$A$4:$A$640&'ER C7 FLT1'!$B$4:$B$640-3,1),5)*IF($O39=\"Class_7\",INDEX('ER C7 FLT1'!$A$4:$J$640,MATCH(DropData!$J79&$C39,'ER C7 FLT1'!$A$4:$A$640&'ER C7 FLT1'!$B$4:$B$640-3,1),7)),IF($O39=\"Class_6\",INDEX('ER C6 FLT1'!$A$4:$J$640,MATCH(DropData!$J79&$C39,'ER C6 FLT1'!$A$4:$A$640&'ER C6 FLT1'!$B$4:$B$640-3,1),5)*IF($O39=\"Class_6\",INDEX('ER C6 FLT1'!$A$4:$J$640,MATCH(DropData!$J79&$C39,'ER C6 FLT1'!$A$4:$A$640&'ER C6 FLT1'!$B$4:$B$640-3,1),7)))))))),IF($R39=\"Electric\",OFFSET(INDEX('ER Electric'!$A$6:$E$44,MATCH($C39&$O39,'ER Electric'!$A$6:$A$44&'ER Electric'!$B$6:$B$44,1),4),9,0)))*(($Q39+$AC39)/453.6)","v":0},{"$f":"IF(OR($R39=\"Diesel\",$R39=\"LNG/CNG\",$R39=\"Hybrid\",$R39=\"Electric w/ AB-118\"),IF($B39=\"3+ Trucks\",IF(OR($O39=\"Class_8\",$N39=\"Replacement8HHD\",$AI39=\"CL7HHD\"),INDEX('ER C8 FLT3'!$A$4:$J$640,MATCH(DropData!$J79&$C39,'ER C8 FLT3'!$A$4:$A$640&'ER C8 FLT3'!$B$4:$B$640-4,1),5)*IF(OR($O39=\"Class_8\",$N39=\"Replacement8HHD\",$AI39=\"CL7HHD\"),INDEX('ER C8 FLT3'!$A$4:$J$640,MATCH(DropData!$J79&$C39,'ER C8 FLT3'!$A$4:$A$640&'ER C8 FLT3'!$B$4:$B$640-4,1),7)),IF($O39=\"Class_7\",INDEX('ER C7 FLT3'!$A$4:$J$640,MATCH(DropData!$J79&$C39,'ER C7 FLT3'!$A$4:$A$640&'ER C7 FLT3'!$B$4:$B$640-4,1),5)*IF($O39=\"Class_7\",INDEX('ER C7 FLT3'!$A$4:$J$640,MATCH(DropData!$J79&$C39,'ER C7 FLT3'!$A$4:$A$640&'ER C7 FLT3'!$B$4:$B$640-4,1),7)),IF($O39=\"Class_6\",INDEX('ER C6 FLT3'!$A$4:$J$640,MATCH(DropData!$J79&$C39,'ER C6 FLT3'!$A$4:$A$640&'ER C6 FLT3'!$B$4:$B$640-4,1),5)*IF($O39=\"Class_6\",INDEX('ER C6 FLT3'!$A$4:$J$640,MATCH(DropData!$J79&$C39,'ER C6 FLT3'!$A$4:$A$640&'ER C6 FLT3'!$B$4:$B$640-4,1),7))))),IF($B39=\"2 Trucks\",IF(OR($O39=\"Class_8\",$N39=\"Replacement8HHD\",$AI39=\"CL7HHD\"),INDEX('ER C8 FLT2'!$A$4:$J$640,MATCH(DropData!$J79&$C39,'ER C8 FLT2'!$A$4:$A$640&'ER C8 FLT2'!$B$4:$B$640-4,1),5)*IF(OR($O39=\"Class_8\",$N39=\"Replacement8HHD\",$AI39=\"CL7HHD\"),INDEX('ER C8 FLT2'!$A$4:$J$640,MATCH(DropData!$J79&$C39,'ER C8 FLT2'!$A$4:$A$640&'ER C8 FLT2'!$B$4:$B$640-4,1),7)),IF($O39=\"Class_7\",INDEX('ER C7 FLT2'!$A$4:$J$640,MATCH(DropData!$J79&$C39,'ER C7 FLT2'!$A$4:$A$640&'ER C7 FLT2'!$B$4:$B$640-4,1),5)*IF($O39=\"Class_7\",INDEX('ER C7 FLT2'!$A$4:$J$640,MATCH(DropData!$J79&$C39,'ER C7 FLT2'!$A$4:$A$640&'ER C7 FLT2'!$B$4:$B$640-4,1),7)),IF($O39=\"Class_6\",INDEX('ER C6 FLT2'!$A$4:$J$640,MATCH(DropData!$J79&$C39,'ER C6 FLT2'!$A$4:$A$640&'ER C6 FLT2'!$B$4:$B$640-4,1),5)*IF($O39=\"Class_6\",INDEX('ER C6 FLT2'!$A$4:$J$640,MATCH(DropData!$J79&$C39,'ER C6 FLT2'!$A$4:$A$640&'ER C6 FLT2'!$B$4:$B$640-4,1),7))))),IF($B39=\"1 Truck\",IF(OR($O39=\"Class_8\",$N39=\"Replacement8HHD\",$AI39=\"CL7HHD\"),INDEX('ER C8 FLT1'!$A$4:$J$640,MATCH(DropData!$J79&$C39,'ER C8 FLT1'!$A$4:$A$640&'ER C8 FLT1'!$B$4:$B$640-4,1),5)*IF(OR($O39=\"Class_8\",$N39=\"Replacement8HHD\",$AI39=\"CL7HHD\"),INDEX('ER C8 FLT1'!$A$4:$J$640,MATCH(DropData!$J79&$C39,'ER C8 FLT1'!$A$4:$A$640&'ER C8 FLT1'!$B$4:$B$640-4,1),7)),IF($O39=\"Class_7\",INDEX('ER C7 FLT1'!$A$4:$J$640,MATCH(DropData!$J79&$C39,'ER C7 FLT1'!$A$4:$A$640&'ER C7 FLT1'!$B$4:$B$640-4,1),5)*IF($O39=\"Class_7\",INDEX('ER C7 FLT1'!$A$4:$J$640,MATCH(DropData!$J79&$C39,'ER C7 FLT1'!$A$4:$A$640&'ER C7 FLT1'!$B$4:$B$640-4,1),7)),IF($O39=\"Class_6\",INDEX('ER C6 FLT1'!$A$4:$J$640,MATCH(DropData!$J79&$C39,'ER C6 FLT1'!$A$4:$A$640&'ER C6 FLT1'!$B$4:$B$640-4,1),5)*IF($O39=\"Class_6\",INDEX('ER C6 FLT1'!$A$4:$J$640,MATCH(DropData!$J79&$C39,'ER C6 FLT1'!$A$4:$A$640&'ER C6 FLT1'!$B$4:$B$640-4,1),7)))))))),IF($R39=\"Electric\",OFFSET(INDEX('ER Electric'!$A$6:$E$44,MATCH($C39&$O39,'ER Electric'!$A$6:$A$44&'ER Electric'!$B$6:$B$44,1),4),12,0)))*(($Q39+$AC39)/453.6)","v":0},{"$f":"IF(OR($R39=\"Diesel\",$R39=\"LNG/CNG\",$R39=\"Hybrid\",$R39=\"Electric w/ AB-118\"),IF($B39=\"3+ Trucks\",IF(OR($O39=\"Class_8\",$N39=\"Replacement8HHD\",$AI39=\"CL7HHD\"),INDEX('ER C8 FLT3'!$A$4:$J$640,MATCH(DropData!$J79&$C39,'ER C8 FLT3'!$A$4:$A$640&'ER C8 FLT3'!$B$4:$B$640,1),5)*IF(OR($O39=\"Class_8\",$N39=\"Replacement8HHD\",$AI39=\"CL7HHD\"),INDEX('ER C8 FLT3'!$A$4:$J$640,MATCH(DropData!$J79&$C39,'ER C8 FLT3'!$A$4:$A$640&'ER C8 FLT3'!$B$4:$B$640,1),7)),IF($O39=\"Class_7\",INDEX('ER C7 FLT3'!$A$4:$J$640,MATCH(DropData!$J79&$C39,'ER C7 FLT3'!$A$4:$A$640&'ER C7 FLT3'!$B$4:$B$640,1),5)*IF($O39=\"Class_7\",INDEX('ER C7 FLT3'!$A$4:$J$640,MATCH(DropData!$J79&$C39,'ER C7 FLT3'!$A$4:$A$640&'ER C7 FLT3'!$B$4:$B$640,1),7)),IF($O39=\"Class_6\",INDEX('ER C6 FLT3'!$A$4:$J$640,MATCH(DropData!$J79&$C39,'ER C6 FLT3'!$A$4:$A$640&'ER C6 FLT3'!$B$4:$B$640,1),5)*IF($O39=\"Class_6\",INDEX('ER C6 FLT3'!$A$4:$J$640,MATCH(DropData!$J79&$C39,'ER C6 FLT3'!$A$4:$A$640&'ER C6 FLT3'!$B$4:$B$640,1),7))))),IF($B39=\"2 Trucks\",IF(OR($O39=\"Class_8\",$N39=\"Replacement8HHD\",$AI39=\"CL7HHD\"),INDEX('ER C8 FLT2'!$A$4:$J$640,MATCH(DropData!$J79&$C39,'ER C8 FLT2'!$A$4:$A$640&'ER C8 FLT2'!$B$4:$B$640,1),5)*IF(OR($O39=\"Class_8\",$N39=\"Replacement8HHD\",$AI39=\"CL7HHD\"),INDEX('ER C8 FLT2'!$A$4:$J$640,MATCH(DropData!$J79&$C39,'ER C8 FLT2'!$A$4:$A$640&'ER C8 FLT2'!$B$4:$B$640,1),7)),IF($O39=\"Class_7\",INDEX('ER C7 FLT2'!$A$4:$J$640,MATCH(DropData!$J79&$C39,'ER C7 FLT2'!$A$4:$A$640&'ER C7 FLT2'!$B$4:$B$640,1),5)*IF($O39=\"Class_7\",INDEX('ER C7 FLT2'!$A$4:$J$640,MATCH(DropData!$J79&$C39,'ER C7 FLT2'!$A$4:$A$640&'ER C7 FLT2'!$B$4:$B$640,1),7)),IF($O39=\"Class_6\",INDEX('ER C6 FLT2'!$A$4:$J$640,MATCH(DropData!$J79&$C39,'ER C6 FLT2'!$A$4:$A$640&'ER C6 FLT2'!$B$4:$B$640,1),5)*IF($O39=\"Class_6\",INDEX('ER C6 FLT2'!$A$4:$J$640,MATCH(DropData!$J79&$C39,'ER C6 FLT2'!$A$4:$A$640&'ER C6 FLT2'!$B$4:$B$640,1),7))))),IF($B39=\"1 Truck\",IF(OR($O39=\"Class_8\",$N39=\"Replacement8HHD\",$AI39=\"CL7HHD\"),INDEX('ER C8 FLT1'!$A$4:$J$640,MATCH(DropData!$J79&$C39,'ER C8 FLT1'!$A$4:$A$640&'ER C8 FLT1'!$B$4:$B$640,1),5)*IF(OR($O39=\"Class_8\",$N39=\"Replacement8HHD\",$AI39=\"CL7HHD\"),INDEX('ER C8 FLT1'!$A$4:$J$640,MATCH(DropData!$J79&$C39,'ER C8 FLT1'!$A$4:$A$640&'ER C8 FLT1'!$B$4:$B$640,1),7)),IF($O39=\"Class_7\",INDEX('ER C7 FLT1'!$A$4:$J$640,MATCH(DropData!$J79&$C39,'ER C7 FLT1'!$A$4:$A$640&'ER C7 FLT1'!$B$4:$B$640,1),5)*IF($O39=\"Class_7\",INDEX('ER C7 FLT1'!$A$4:$J$640,MATCH(DropData!$J79&$C39,'ER C7 FLT1'!$A$4:$A$640&'ER C7 FLT1'!$B$4:$B$640,1),7)),IF($O39=\"Class_6\",INDEX('ER C6 FLT1'!$A$4:$J$640,MATCH(DropData!$J79&$C39,'ER C6 FLT1'!$A$4:$A$640&'ER C6 FLT1'!$B$4:$B$640,1),5)*IF($O39=\"Class_6\",INDEX('ER C6 FLT1'!$A$4:$J$640,MATCH(DropData!$J79&$C39,'ER C6 FLT1'!$A$4:$A$640&'ER C6 FLT1'!$B$4:$B$640,1),7)))))))),IF($R39=\"Electric\",INDEX('ER Electric'!$A$6:$E$44,MATCH($C39&$O39,'ER Electric'!$A$6:$A$44&'ER Electric'!$B$6:$B$44,1),4)))","v":false},{"$f":"IF(OR($R39=\"Diesel\",$R39=\"LNG/CNG\",$R39=\"Hybrid\",$R39=\"Electric w/ AB-118\"),IF($B39=\"3+ Trucks\",IF(OR($O39=\"Class_8\",$N39=\"Replacement8HHD\",$AI39=\"CL7HHD\"),INDEX('ER C8 FLT3'!$A$4:$J$640,MATCH(DropData!$J79&$C39,'ER C8 FLT3'!$A$4:$A$640&'ER C8 FLT3'!$B$4:$B$640-1,1),5)*IF(OR($O39=\"Class_8\",$N39=\"Replacement8HHD\",$AI39=\"CL7HHD\"),INDEX('ER C8 FLT3'!$A$4:$J$640,MATCH(DropData!$J79&$C39,'ER C8 FLT3'!$A$4:$A$640&'ER C8 FLT3'!$B$4:$B$640-1,1),7)),IF($O39=\"Class_7\",INDEX('ER C7 FLT3'!$A$4:$J$640,MATCH(DropData!$J79&$C39,'ER C7 FLT3'!$A$4:$A$640&'ER C7 FLT3'!$B$4:$B$640-1,1),5)*IF($O39=\"Class_7\",INDEX('ER C7 FLT3'!$A$4:$J$640,MATCH(DropData!$J79&$C39,'ER C7 FLT3'!$A$4:$A$640&'ER C7 FLT3'!$B$4:$B$640-1,1),7)),IF($O39=\"Class_6\",INDEX('ER C6 FLT3'!$A$4:$J$640,MATCH(DropData!$J79&$C39,'ER C6 FLT3'!$A$4:$A$640&'ER C6 FLT3'!$B$4:$B$640-1,1),5)*IF($O39=\"Class_6\",INDEX('ER C6 FLT3'!$A$4:$J$640,MATCH(DropData!$J79&$C39,'ER C6 FLT3'!$A$4:$A$640&'ER C6 FLT3'!$B$4:$B$640-1,1),7))))),IF($B39=\"2 Trucks\",IF(OR($O39=\"Class_8\",$N39=\"Replacement8HHD\",$AI39=\"CL7HHD\"),INDEX('ER C8 FLT2'!$A$4:$J$640,MATCH(DropData!$J79&$C39,'ER C8 FLT2'!$A$4:$A$640&'ER C8 FLT2'!$B$4:$B$640-1,1),5)*IF(OR($O39=\"Class_8\",$N39=\"Replacement8HHD\",$AI39=\"CL7HHD\"),INDEX('ER C8 FLT2'!$A$4:$J$640,MATCH(DropData!$J79&$C39,'ER C8 FLT2'!$A$4:$A$640&'ER C8 FLT2'!$B$4:$B$640-1,1),7)),IF($O39=\"Class_7\",INDEX('ER C7 FLT2'!$A$4:$J$640,MATCH(DropData!$J79&$C39,'ER C7 FLT2'!$A$4:$A$640&'ER C7 FLT2'!$B$4:$B$640-1,1),5)*IF($O39=\"Class_7\",INDEX('ER C7 FLT2'!$A$4:$J$640,MATCH(DropData!$J79&$C39,'ER C7 FLT2'!$A$4:$A$640&'ER C7 FLT2'!$B$4:$B$640-1,1),7)),IF($O39=\"Class_6\",INDEX('ER C6 FLT2'!$A$4:$J$640,MATCH(DropData!$J79&$C39,'ER C6 FLT2'!$A$4:$A$640&'ER C6 FLT2'!$B$4:$B$640-1,1),5)*IF($O39=\"Class_6\",INDEX('ER C6 FLT2'!$A$4:$J$640,MATCH(DropData!$J79&$C39,'ER C6 FLT2'!$A$4:$A$640&'ER C6 FLT2'!$B$4:$B$640-1,1),7))))),IF($B39=\"1 Truck\",IF(OR($O39=\"Class_8\",$N39=\"Replacement8HHD\",$AI39=\"CL7HHD\"),INDEX('ER C8 FLT1'!$A$4:$J$640,MATCH(DropData!$J79&$C39,'ER C8 FLT1'!$A$4:$A$640&'ER C8 FLT1'!$B$4:$B$640-1,1),5)*IF(OR($O39=\"Class_8\",$N39=\"Replacement8HHD\",$AI39=\"CL7HHD\"),INDEX('ER C8 FLT1'!$A$4:$J$640,MATCH(DropData!$J79&$C39,'ER C8 FLT1'!$A$4:$A$640&'ER C8 FLT1'!$B$4:$B$640-1,1),7)),IF($O39=\"Class_7\",INDEX('ER C7 FLT1'!$A$4:$J$640,MATCH(DropData!$J79&$C39,'ER C7 FLT1'!$A$4:$A$640&'ER C7 FLT1'!$B$4:$B$640-1,1),5)*IF($O39=\"Class_7\",INDEX('ER C7 FLT1'!$A$4:$J$640,MATCH(DropData!$J79&$C39,'ER C7 FLT1'!$A$4:$A$640&'ER C7 FLT1'!$B$4:$B$640-1,1),7)),IF($O39=\"Class_6\",INDEX('ER C6 FLT1'!$A$4:$J$640,MATCH(DropData!$J79&$C39,'ER C6 FLT1'!$A$4:$A$640&'ER C6 FLT1'!$B$4:$B$640-1,1),5)*IF($O39=\"Class_6\",INDEX('ER C6 FLT1'!$A$4:$J$640,MATCH(DropData!$J79&$C39,'ER C6 FLT1'!$A$4:$A$640&'ER C6 FLT1'!$B$4:$B$640-1,1),7)))))))),IF($R39=\"Electric\",OFFSET(INDEX('ER Electric'!$A$6:$E$44,MATCH($C39&$O39,'ER Electric'!$A$6:$A$44&'ER Electric'!$B$6:$B$44,1),4),3,0)))","v":false},{"$f":"IF(OR($R39=\"Diesel\",$R39=\"LNG/CNG\",$R39=\"Hybrid\",$R39=\"Electric w/ AB-118\"),IF($B39=\"3+ Trucks\",IF(OR($O39=\"Class_8\",$N39=\"Replacement8HHD\",$AI39=\"CL7HHD\"),INDEX('ER C8 FLT3'!$A$4:$J$640,MATCH(DropData!$J79&$C39,'ER C8 FLT3'!$A$4:$A$640&'ER C8 FLT3'!$B$4:$B$640-2,1),5)*IF(OR($O39=\"Class_8\",$N39=\"Replacement8HHD\",$AI39=\"CL7HHD\"),INDEX('ER C8 FLT3'!$A$4:$J$640,MATCH(DropData!$J79&$C39,'ER C8 FLT3'!$A$4:$A$640&'ER C8 FLT3'!$B$4:$B$640-2,1),7)),IF($O39=\"Class_7\",INDEX('ER C7 FLT3'!$A$4:$J$640,MATCH(DropData!$J79&$C39,'ER C7 FLT3'!$A$4:$A$640&'ER C7 FLT3'!$B$4:$B$640-2,1),5)*IF($O39=\"Class_7\",INDEX('ER C7 FLT3'!$A$4:$J$640,MATCH(DropData!$J79&$C39,'ER C7 FLT3'!$A$4:$A$640&'ER C7 FLT3'!$B$4:$B$640-2,1),7)),IF($O39=\"Class_6\",INDEX('ER C6 FLT3'!$A$4:$J$640,MATCH(DropData!$J79&$C39,'ER C6 FLT3'!$A$4:$A$640&'ER C6 FLT3'!$B$4:$B$640-2,1),5)*IF($O39=\"Class_6\",INDEX('ER C6 FLT3'!$A$4:$J$640,MATCH(DropData!$J79&$C39,'ER C6 FLT3'!$A$4:$A$640&'ER C6 FLT3'!$B$4:$B$640-2,1),7))))),IF($B39=\"2 Trucks\",IF(OR($O39=\"Class_8\",$N39=\"Replacement8HHD\",$AI39=\"CL7HHD\"),INDEX('ER C8 FLT2'!$A$4:$J$640,MATCH(DropData!$J79&$C39,'ER C8 FLT2'!$A$4:$A$640&'ER C8 FLT2'!$B$4:$B$640-2,1),5)*IF(OR($O39=\"Class_8\",$N39=\"Replacement8HHD\",$AI39=\"CL7HHD\"),INDEX('ER C8 FLT2'!$A$4:$J$640,MATCH(DropData!$J79&$C39,'ER C8 FLT2'!$A$4:$A$640&'ER C8 FLT2'!$B$4:$B$640-2,1),7)),IF($O39=\"Class_7\",INDEX('ER C7 FLT2'!$A$4:$J$640,MATCH(DropData!$J79&$C39,'ER C7 FLT2'!$A$4:$A$640&'ER C7 FLT2'!$B$4:$B$640-2,1),5)*IF($O39=\"Class_7\",INDEX('ER C7 FLT2'!$A$4:$J$640,MATCH(DropData!$J79&$C39,'ER C7 FLT2'!$A$4:$A$640&'ER C7 FLT2'!$B$4:$B$640-2,1),7)),IF($O39=\"Class_6\",INDEX('ER C6 FLT2'!$A$4:$J$640,MATCH(DropData!$J79&$C39,'ER C6 FLT2'!$A$4:$A$640&'ER C6 FLT2'!$B$4:$B$640-2,1),5)*IF($O39=\"Class_6\",INDEX('ER C6 FLT2'!$A$4:$J$640,MATCH(DropData!$J79&$C39,'ER C6 FLT2'!$A$4:$A$640&'ER C6 FLT2'!$B$4:$B$640-2,1),7))))),IF($B39=\"1 Truck\",IF(OR($O39=\"Class_8\",$N39=\"Replacement8HHD\",$AI39=\"CL7HHD\"),INDEX('ER C8 FLT1'!$A$4:$J$640,MATCH(DropData!$J79&$C39,'ER C8 FLT1'!$A$4:$A$640&'ER C8 FLT1'!$B$4:$B$640-2,1),5)*IF(OR($O39=\"Class_8\",$N39=\"Replacement8HHD\",$AI39=\"CL7HHD\"),INDEX('ER C8 FLT1'!$A$4:$J$640,MATCH(DropData!$J79&$C39,'ER C8 FLT1'!$A$4:$A$640&'ER C8 FLT1'!$B$4:$B$640-2,1),7)),IF($O39=\"Class_7\",INDEX('ER C7 FLT1'!$A$4:$J$640,MATCH(DropData!$J79&$C39,'ER C7 FLT1'!$A$4:$A$640&'ER C7 FLT1'!$B$4:$B$640-2,1),5)*IF($O39=\"Class_7\",INDEX('ER C7 FLT1'!$A$4:$J$640,MATCH(DropData!$J79&$C39,'ER C7 FLT1'!$A$4:$A$640&'ER C7 FLT1'!$B$4:$B$640-2,1),7)),IF($O39=\"Class_6\",INDEX('ER C6 FLT1'!$A$4:$J$640,MATCH(DropData!$J79&$C39,'ER C6 FLT1'!$A$4:$A$640&'ER C6 FLT1'!$B$4:$B$640-2,1),5)*IF($O39=\"Class_6\",INDEX('ER C6 FLT1'!$A$4:$J$640,MATCH(DropData!$J79&$C39,'ER C6 FLT1'!$A$4:$A$640&'ER C6 FLT1'!$B$4:$B$640-2,1),7)))))))),IF($R39=\"Electric\",OFFSET(INDEX('ER Electric'!$A$6:$E$44,MATCH($C39&$O39,'ER Electric'!$A$6:$A$44&'ER Electric'!$B$6:$B$44,1),4),6,0)))","v":false},{"$f":"IF(OR($R39=\"Diesel\",$R39=\"LNG/CNG\",$R39=\"Hybrid\",$R39=\"Electric w/ AB-118\"),IF($B39=\"3+ Trucks\",IF(OR($O39=\"Class_8\",$N39=\"Replacement8HHD\",$AI39=\"CL7HHD\"),INDEX('ER C8 FLT3'!$A$4:$J$640,MATCH(DropData!$J79&$C39,'ER C8 FLT3'!$A$4:$A$640&'ER C8 FLT3'!$B$4:$B$640-3,1),5)*IF(OR($O39=\"Class_8\",$N39=\"Replacement8HHD\",$AI39=\"CL7HHD\"),INDEX('ER C8 FLT3'!$A$4:$J$640,MATCH(DropData!$J79&$C39,'ER C8 FLT3'!$A$4:$A$640&'ER C8 FLT3'!$B$4:$B$640-3,1),7)),IF($O39=\"Class_7\",INDEX('ER C7 FLT3'!$A$4:$J$640,MATCH(DropData!$J79&$C39,'ER C7 FLT3'!$A$4:$A$640&'ER C7 FLT3'!$B$4:$B$640-3,1),5)*IF($O39=\"Class_7\",INDEX('ER C7 FLT3'!$A$4:$J$640,MATCH(DropData!$J79&$C39,'ER C7 FLT3'!$A$4:$A$640&'ER C7 FLT3'!$B$4:$B$640-3,1),7)),IF($O39=\"Class_6\",INDEX('ER C6 FLT3'!$A$4:$J$640,MATCH(DropData!$J79&$C39,'ER C6 FLT3'!$A$4:$A$640&'ER C6 FLT3'!$B$4:$B$640-3,1),5)*IF($O39=\"Class_6\",INDEX('ER C6 FLT3'!$A$4:$J$640,MATCH(DropData!$J79&$C39,'ER C6 FLT3'!$A$4:$A$640&'ER C6 FLT3'!$B$4:$B$640-3,1),7))))),IF($B39=\"2 Trucks\",IF(OR($O39=\"Class_8\",$N39=\"Replacement8HHD\",$AI39=\"CL7HHD\"),INDEX('ER C8 FLT2'!$A$4:$J$640,MATCH(DropData!$J79&$C39,'ER C8 FLT2'!$A$4:$A$640&'ER C8 FLT2'!$B$4:$B$640-3,1),5)*IF(OR($O39=\"Class_8\",$N39=\"Replacement8HHD\",$AI39=\"CL7HHD\"),INDEX('ER C8 FLT2'!$A$4:$J$640,MATCH(DropData!$J79&$C39,'ER C8 FLT2'!$A$4:$A$640&'ER C8 FLT2'!$B$4:$B$640-3,1),7)),IF($O39=\"Class_7\",INDEX('ER C7 FLT2'!$A$4:$J$640,MATCH(DropData!$J79&$C39,'ER C7 FLT2'!$A$4:$A$640&'ER C7 FLT2'!$B$4:$B$640-3,1),5)*IF($O39=\"Class_7\",INDEX('ER C7 FLT2'!$A$4:$J$640,MATCH(DropData!$J79&$C39,'ER C7 FLT2'!$A$4:$A$640&'ER C7 FLT2'!$B$4:$B$640-3,1),7)),IF($O39=\"Class_6\",INDEX('ER C6 FLT2'!$A$4:$J$640,MATCH(DropData!$J79&$C39,'ER C6 FLT2'!$A$4:$A$640&'ER C6 FLT2'!$B$4:$B$640-3,1),5)*IF($O39=\"Class_6\",INDEX('ER C6 FLT2'!$A$4:$J$640,MATCH(DropData!$J79&$C39,'ER C6 FLT2'!$A$4:$A$640&'ER C6 FLT2'!$B$4:$B$640-3,1),7))))),IF($B39=\"1 Truck\",IF(OR($O39=\"Class_8\",$N39=\"Replacement8HHD\",$AI39=\"CL7HHD\"),INDEX('ER C8 FLT1'!$A$4:$J$640,MATCH(DropData!$J79&$C39,'ER C8 FLT1'!$A$4:$A$640&'ER C8 FLT1'!$B$4:$B$640-3,1),5)*IF(OR($O39=\"Class_8\",$N39=\"Replacement8HHD\",$AI39=\"CL7HHD\"),INDEX('ER C8 FLT1'!$A$4:$J$640,MATCH(DropData!$J79&$C39,'ER C8 FLT1'!$A$4:$A$640&'ER C8 FLT1'!$B$4:$B$640-3,1),7)),IF($O39=\"Class_7\",INDEX('ER C7 FLT1'!$A$4:$J$640,MATCH(DropData!$J79&$C39,'ER C7 FLT1'!$A$4:$A$640&'ER C7 FLT1'!$B$4:$B$640-3,1),5)*IF($O39=\"Class_7\",INDEX('ER C7 FLT1'!$A$4:$J$640,MATCH(DropData!$J79&$C39,'ER C7 FLT1'!$A$4:$A$640&'ER C7 FLT1'!$B$4:$B$640-3,1),7)),IF($O39=\"Class_6\",INDEX('ER C6 FLT1'!$A$4:$J$640,MATCH(DropData!$J79&$C39,'ER C6 FLT1'!$A$4:$A$640&'ER C6 FLT1'!$B$4:$B$640-3,1),5)*IF($O39=\"Class_6\",INDEX('ER C6 FLT1'!$A$4:$J$640,MATCH(DropData!$J79&$C39,'ER C6 FLT1'!$A$4:$A$640&'ER C6 FLT1'!$B$4:$B$640-3,1),7)))))))),IF($R39=\"Electric\",OFFSET(INDEX('ER Electric'!$A$6:$E$44,MATCH($C39&$O39,'ER Electric'!$A$6:$A$44&'ER Electric'!$B$6:$B$44,1),4),9,0)))","v":false},{"$f":"IF(OR($R39=\"Diesel\",$R39=\"LNG/CNG\",$R39=\"Hybrid\",$R39=\"Electric w/ AB-118\"),IF($B39=\"3+ Trucks\",IF(OR($O39=\"Class_8\",$N39=\"Replacement8HHD\",$AI39=\"CL7HHD\"),INDEX('ER C8 FLT3'!$A$4:$J$640,MATCH(DropData!$J79&$C39,'ER C8 FLT3'!$A$4:$A$640&'ER C8 FLT3'!$B$4:$B$640-4,1),5)*IF(OR($O39=\"Class_8\",$N39=\"Replacement8HHD\",$AI39=\"CL7HHD\"),INDEX('ER C8 FLT3'!$A$4:$J$640,MATCH(DropData!$J79&$C39,'ER C8 FLT3'!$A$4:$A$640&'ER C8 FLT3'!$B$4:$B$640-4,1),7)),IF($O39=\"Class_7\",INDEX('ER C7 FLT3'!$A$4:$J$640,MATCH(DropData!$J79&$C39,'ER C7 FLT3'!$A$4:$A$640&'ER C7 FLT3'!$B$4:$B$640-4,1),5)*IF($O39=\"Class_7\",INDEX('ER C7 FLT3'!$A$4:$J$640,MATCH(DropData!$J79&$C39,'ER C7 FLT3'!$A$4:$A$640&'ER C7 FLT3'!$B$4:$B$640-4,1),7)),IF($O39=\"Class_6\",INDEX('ER C6 FLT3'!$A$4:$J$640,MATCH(DropData!$J79&$C39,'ER C6 FLT3'!$A$4:$A$640&'ER C6 FLT3'!$B$4:$B$640-4,1),5)*IF($O39=\"Class_6\",INDEX('ER C6 FLT3'!$A$4:$J$640,MATCH(DropData!$J79&$C39,'ER C6 FLT3'!$A$4:$A$640&'ER C6 FLT3'!$B$4:$B$640-4,1),7))))),IF($B39=\"2 Trucks\",IF(OR($O39=\"Class_8\",$N39=\"Replacement8HHD\",$AI39=\"CL7HHD\"),INDEX('ER C8 FLT2'!$A$4:$J$640,MATCH(DropData!$J79&$C39,'ER C8 FLT2'!$A$4:$A$640&'ER C8 FLT2'!$B$4:$B$640-4,1),5)*IF(OR($O39=\"Class_8\",$N39=\"Replacement8HHD\",$AI39=\"CL7HHD\"),INDEX('ER C8 FLT2'!$A$4:$J$640,MATCH(DropData!$J79&$C39,'ER C8 FLT2'!$A$4:$A$640&'ER C8 FLT2'!$B$4:$B$640-4,1),7)),IF($O39=\"Class_7\",INDEX('ER C7 FLT2'!$A$4:$J$640,MATCH(DropData!$J79&$C39,'ER C7 FLT2'!$A$4:$A$640&'ER C7 FLT2'!$B$4:$B$640-4,1),5)*IF($O39=\"Class_7\",INDEX('ER C7 FLT2'!$A$4:$J$640,MATCH(DropData!$J79&$C39,'ER C7 FLT2'!$A$4:$A$640&'ER C7 FLT2'!$B$4:$B$640-4,1),7)),IF($O39=\"Class_6\",INDEX('ER C6 FLT2'!$A$4:$J$640,MATCH(DropData!$J79&$C39,'ER C6 FLT2'!$A$4:$A$640&'ER C6 FLT2'!$B$4:$B$640-4,1),5)*IF($O39=\"Class_6\",INDEX('ER C6 FLT2'!$A$4:$J$640,MATCH(DropData!$J79&$C39,'ER C6 FLT2'!$A$4:$A$640&'ER C6 FLT2'!$B$4:$B$640-4,1),7))))),IF($B39=\"1 Truck\",IF(OR($O39=\"Class_8\",$N39=\"Replacement8HHD\",$AI39=\"CL7HHD\"),INDEX('ER C8 FLT1'!$A$4:$J$640,MATCH(DropData!$J79&$C39,'ER C8 FLT1'!$A$4:$A$640&'ER C8 FLT1'!$B$4:$B$640-4,1),5)*IF(OR($O39=\"Class_8\",$N39=\"Replacement8HHD\",$AI39=\"CL7HHD\"),INDEX('ER C8 FLT1'!$A$4:$J$640,MATCH(DropData!$J79&$C39,'ER C8 FLT1'!$A$4:$A$640&'ER C8 FLT1'!$B$4:$B$640-4,1),7)),IF($O39=\"Class_7\",INDEX('ER C7 FLT1'!$A$4:$J$640,MATCH(DropData!$J79&$C39,'ER C7 FLT1'!$A$4:$A$640&'ER C7 FLT1'!$B$4:$B$640-4,1),5)*IF($O39=\"Class_7\",INDEX('ER C7 FLT1'!$A$4:$J$640,MATCH(DropData!$J79&$C39,'ER C7 FLT1'!$A$4:$A$640&'ER C7 FLT1'!$B$4:$B$640-4,1),7)),IF($O39=\"Class_6\",INDEX('ER C6 FLT1'!$A$4:$J$640,MATCH(DropData!$J79&$C39,'ER C6 FLT1'!$A$4:$A$640&'ER C6 FLT1'!$B$4:$B$640-4,1),5)*IF($O39=\"Class_6\",INDEX('ER C6 FLT1'!$A$4:$J$640,MATCH(DropData!$J79&$C39,'ER C6 FLT1'!$A$4:$A$640&'ER C6 FLT1'!$B$4:$B$640-4,1),7)))))))),IF($R39=\"Electric\",OFFSET(INDEX('ER Electric'!$A$6:$E$44,MATCH($C39&$O39,'ER Electric'!$A$6:$A$44&'ER Electric'!$B$6:$B$44,1),4),12,0)))","v":false},{"$f":"IF($C39<2015,1,2)","v":1},0,{"$f":"IF($C39<2015,1,2)","v":1},{"$f":"IFERROR(MAX(0,IF($B39=\"3+ Trucks\",IF($Z39=\"Class_8\",INDEX('ER C8 FLT3'!$A$4:$J$640,MATCH($W39&$C39,'ER C8 FLT3'!$A$4:$A$640&'ER C8 FLT3'!$B$4:$B$640,1),5)*IF($Z39=\"Class_8\",INDEX('ER C8 FLT3'!$A$4:$J$640,MATCH($W39&$C39,'ER C8 FLT3'!$A$4:$A$640&'ER C8 FLT3'!$B$4:$B$640,1),7)),IF($Z39=\"Class_7\",INDEX('ER C7 FLT3'!$A$4:$J$640,MATCH($W39&$C39,'ER C7 FLT3'!$A$4:$A$640&'ER C7 FLT3'!$B$4:$B$640,1),5)*IF($Z39=\"Class_7\",INDEX('ER C7 FLT3'!$A$4:$J$640,MATCH($W39&$C39,'ER C7 FLT3'!$A$4:$A$640&'ER C7 FLT3'!$B$4:$B$640,1),7)),\nIF($Z39=\"Class_6\",INDEX('ER C6 FLT3'!$A$4:$J$640,MATCH($W39&$C39,'ER C6 FLT3'!$A$4:$A$640&'ER C6 FLT3'!$B$4:$B$640,1),5)*IF($Z39=\"Class_6\",INDEX('ER C6 FLT3'!$A$4:$L$640,MATCH($W39&$C39,'ER C6 FLT3'!$A$4:$A$640&'ER C6 FLT3'!$B$4:$B$640,1),7))))),IF($B39=\"2 Trucks\",IF($Z39=\"Class_8\",INDEX('ER C8 FLT2'!$A$4:$J$640,MATCH($W39&$C39,'ER C8 FLT2'!$A$4:$A$640&'ER C8 FLT2'!$B$4:$B$640,1),5)*IF($Z39=\"Class_8\",INDEX('ER C8 FLT2'!$A$4:$J$640,MATCH($W39&$C39,'ER C8 FLT2'!$A$4:$A$640&'ER C8 FLT2'!$B$4:$B$640,1),7)),IF($Z39=\"Class_7\",INDEX('ER C7 FLT2'!$A$4:$J$640,MATCH($W39&$C39,'ER C7 FLT2'!$A$4:$A$640&'ER C7 FLT2'!$B$4:$B$640,1),5)*IF($Z39=\"Class_7\",INDEX('ER C7 FLT2'!$A$4:$J$640,MATCH($W39&$C39,'ER C7 FLT2'!$A$4:$A$640&'ER C7 FLT2'!$B$4:$B$640,1),7)),IF($Z39=\"Class_6\",INDEX('ER C6 FLT2'!$A$4:$J$640,MATCH($W39&$C39,'ER C6 FLT2'!$A$4:$A$640&'ER C6 FLT2'!$B$4:$B$640,1),5)*IF($Z39=\"Class_6\",INDEX('ER C6 FLT2'!$A$4:$J$640,MATCH($W39&$C39,'ER C6 FLT2'!$A$4:$A$640&'ER C6 FLT2'!$B$4:$B$640,1),7))))),IF($B39=\"1 Truck\",\nIF($Z39=\"Class_8\",INDEX('ER C8 FLT1'!$A$4:$J$640,MATCH($W39&$C39,'ER C8 FLT1'!$A$4:$A$640&'ER C8 FLT1'!$B$4:$B$640,1),5)*IF($Z39=\"Class_8\",INDEX('ER C8 FLT1'!$A$4:$J$640,MATCH($W39&$C39,'ER C8 FLT1'!$A$4:$A$640&'ER C8 FLT1'!$B$4:$B$640,1),7)),IF($Z39=\"Class_7\",INDEX('ER C7 FLT1'!$A$4:$J$640,MATCH($W39&$C39,'ER C7 FLT1'!$A$4:$A$640&'ER C7 FLT1'!$B$4:$B$640,1),5)*IF($Z39=\"Class_7\",INDEX('ER C7 FLT1'!$A$4:$J$640,MATCH($W39&$C39,'ER C7 FLT1'!$A$4:$A$640&'ER C7 FLT1'!$B$4:$B$640,1),7)),IF($Z39=\"Class_6\",INDEX('ER C6 FLT1'!$A$4:$J$640,MATCH($W39&$C39,'ER C6 FLT1'!$A$4:$A$640&'ER C6 FLT1'!$B$4:$B$640,1),5)*IF($Z39=\"Class_6\",INDEX('ER C6 FLT1'!$A$4:$J$640,MATCH($W39&$C39,'ER C6 FLT1'!$A$4:$A$640&'ER C6 FLT1'!$B$4:$B$640,1),7)))))))))*IF($X39=\"Level 3 PM + Mark I NOx\",0.75,1)*($AC39/453.6)-IF(CT39=0,CI39,0),\"0.00\")","v":0},{"$f":"IFERROR(MAX(0,CV39/CU39),\"0.00\")","v":0},{"$f":"IFERROR((CT39+CW39),\"0.00\")","v":0},{"$f":"MAX(0,BZ39-CJ39)","v":0},{"$f":"IF($B39=\"3+ Trucks\",IF($Z39=\"Class_8\",INDEX('ER C8 FLT3'!$A$4:$J$640,MATCH($W39&$C39,'ER C8 FLT3'!$A$4:$A$640&'ER C8 FLT3'!$B$4:$B$640-1,1),5)*IF($Z39=\"Class_8\",INDEX('ER C8 FLT3'!$A$4:$J$640,MATCH($W39&$C39,'ER C8 FLT3'!$A$4:$A$640&'ER C8 FLT3'!$B$4:$B$640-1,1),7)),IF($Z39=\"Class_7\",INDEX('ER C7 FLT3'!$A$4:$J$640,MATCH($W39&$C39,'ER C7 FLT3'!$A$4:$A$640&'ER C7 FLT3'!$B$4:$B$640-1,1),5)*IF($Z39=\"Class_7\",INDEX('ER C7 FLT3'!$A$4:$J$640,MATCH($W39&$C39,'ER C7 FLT3'!$A$4:$A$640&'ER C7 FLT3'!$B$4:$B$640-1,1),7)),\nIF($Z39=\"Class_6\",INDEX('ER C6 FLT3'!$A$4:$J$640,MATCH($W39&$C39,'ER C6 FLT3'!$A$4:$A$640&'ER C6 FLT3'!$B$4:$B$640-1,1),5)*IF($Z39=\"Class_6\",INDEX('ER C6 FLT3'!$A$4:$L$640,MATCH($W39&$C39,'ER C6 FLT3'!$A$4:$A$640&'ER C6 FLT3'!$B$4:$B$640-1,1),7))))),IF($B39=\"2 Trucks\",IF($Z39=\"Class_8\",INDEX('ER C8 FLT2'!$A$4:$J$640,MATCH($W39&$C39,'ER C8 FLT2'!$A$4:$A$640&'ER C8 FLT2'!$B$4:$B$640-1,1),5)*IF($Z39=\"Class_8\",INDEX('ER C8 FLT2'!$A$4:$J$640,MATCH($W39&$C39,'ER C8 FLT2'!$A$4:$A$640&'ER C8 FLT2'!$B$4:$B$640-1,1),7)),IF($Z39=\"Class_7\",INDEX('ER C7 FLT2'!$A$4:$J$640,MATCH($W39&$C39,'ER C7 FLT2'!$A$4:$A$640&'ER C7 FLT2'!$B$4:$B$640-1,1),5)*IF($Z39=\"Class_7\",INDEX('ER C7 FLT2'!$A$4:$J$640,MATCH($W39&$C39,'ER C7 FLT2'!$A$4:$A$640&'ER C7 FLT2'!$B$4:$B$640-1,1),7)),IF($Z39=\"Class_6\",INDEX('ER C6 FLT2'!$A$4:$J$640,MATCH($W39&$C39,'ER C6 FLT2'!$A$4:$A$640&'ER C6 FLT2'!$B$4:$B$640-1,1),5)*IF($Z39=\"Class_6\",INDEX('ER C6 FLT2'!$A$4:$J$640,MATCH($W39&$C39,'ER C6 FLT2'!$A$4:$A$640&'ER C6 FLT2'!$B$4:$B$640-1,1),7))))),IF($B39=\"1 Truck\",\nIF($Z39=\"Class_8\",INDEX('ER C8 FLT1'!$A$4:$J$640,MATCH($W39&$C39,'ER C8 FLT1'!$A$4:$A$640&'ER C8 FLT1'!$B$4:$B$640-1,1),5)*IF($Z39=\"Class_8\",INDEX('ER C8 FLT1'!$A$4:$J$640,MATCH($W39&$C39,'ER C8 FLT1'!$A$4:$A$640&'ER C8 FLT1'!$B$4:$B$640-1,1),7)),IF($Z39=\"Class_7\",INDEX('ER C7 FLT1'!$A$4:$J$640,MATCH($W39&$C39,'ER C7 FLT1'!$A$4:$A$640&'ER C7 FLT1'!$B$4:$B$640-1,1),5)*IF($Z39=\"Class_7\",INDEX('ER C7 FLT1'!$A$4:$J$640,MATCH($W39&$C39,'ER C7 FLT1'!$A$4:$A$640&'ER C7 FLT1'!$B$4:$B$640-1,1),7)),\nIF($Z39=\"Class_6\",INDEX('ER C6 FLT1'!$A$4:$J$640,MATCH($W39&$C39,'ER C6 FLT1'!$A$4:$A$640&'ER C6 FLT1'!$B$4:$B$640-1,1),5)*IF($Z39=\"Class_6\",INDEX('ER C6 FLT1'!$A$4:$J$640,MATCH($W39&$C39,'ER C6 FLT1'!$A$4:$A$640&'ER C6 FLT1'!$B$4:$B$640-1,1),7))))))))*IF($X39=\"Level 3 PM + Mark I NOx\",0.75,1)*($AC39/453.6)-IF(CY39=0,CJ39,0)","v":0},{"$f":"MAX(0,CY39+CZ39)","v":0},{"$f":"MAX(0,CA39-CK39)","v":0},{"$f":"IF($B39=\"3+ Trucks\",IF($Z39=\"Class_8\",INDEX('ER C8 FLT3'!$A$4:$J$640,MATCH($W39&$C39,'ER C8 FLT3'!$A$4:$A$640&'ER C8 FLT3'!$B$4:$B$640-2,1),5)*IF($Z39=\"Class_8\",INDEX('ER C8 FLT3'!$A$4:$J$640,MATCH($W39&$C39,'ER C8 FLT3'!$A$4:$A$640&'ER C8 FLT3'!$B$4:$B$640-2,1),7)),IF($Z39=\"Class_7\",INDEX('ER C7 FLT3'!$A$4:$J$640,MATCH($W39&$C39,'ER C7 FLT3'!$A$4:$A$640&'ER C7 FLT3'!$B$4:$B$640-2,1),5)*IF($Z39=\"Class_7\",INDEX('ER C7 FLT3'!$A$4:$J$640,MATCH($W39&$C39,'ER C7 FLT3'!$A$4:$A$640&'ER C7 FLT3'!$B$4:$B$640-2,1),7)),\nIF($Z39=\"Class_6\",INDEX('ER C6 FLT3'!$A$4:$J$640,MATCH($W39&$C39,'ER C6 FLT3'!$A$4:$A$640&'ER C6 FLT3'!$B$4:$B$640-2,1),5)*IF($Z39=\"Class_6\",INDEX('ER C6 FLT3'!$A$4:$L$640,MATCH($W39&$C39,'ER C6 FLT3'!$A$4:$A$640&'ER C6 FLT3'!$B$4:$B$640-2,1),7))))),IF($B39=\"2 Trucks\",IF($Z39=\"Class_8\",INDEX('ER C8 FLT2'!$A$4:$J$640,MATCH($W39&$C39,'ER C8 FLT2'!$A$4:$A$640&'ER C8 FLT2'!$B$4:$B$640-2,1),5)*IF($Z39=\"Class_8\",INDEX('ER C8 FLT2'!$A$4:$J$640,MATCH($W39&$C39,'ER C8 FLT2'!$A$4:$A$640&'ER C8 FLT2'!$B$4:$B$640-2,1),7)),IF($Z39=\"Class_7\",INDEX('ER C7 FLT2'!$A$4:$J$640,MATCH($W39&$C39,'ER C7 FLT2'!$A$4:$A$640&'ER C7 FLT2'!$B$4:$B$640-2,1),5)*IF($Z39=\"Class_7\",INDEX('ER C7 FLT2'!$A$4:$J$640,MATCH($W39&$C39,'ER C7 FLT2'!$A$4:$A$640&'ER C7 FLT2'!$B$4:$B$640-2,1),7)),IF($Z39=\"Class_6\",INDEX('ER C6 FLT2'!$A$4:$J$640,MATCH($W39&$C39,'ER C6 FLT2'!$A$4:$A$640&'ER C6 FLT2'!$B$4:$B$640-2,1),5)*IF($Z39=\"Class_6\",INDEX('ER C6 FLT2'!$A$4:$J$640,MATCH($W39&$C39,'ER C6 FLT2'!$A$4:$A$640&'ER C6 FLT2'!$B$4:$B$640-2,1),7))))),IF($B39=\"1 Truck\",\nIF($Z39=\"Class_8\",INDEX('ER C8 FLT1'!$A$4:$J$640,MATCH($W39&$C39,'ER C8 FLT1'!$A$4:$A$640&'ER C8 FLT1'!$B$4:$B$640-2,1),5)*IF($Z39=\"Class_8\",INDEX('ER C8 FLT1'!$A$4:$J$640,MATCH($W39&$C39,'ER C8 FLT1'!$A$4:$A$640&'ER C8 FLT1'!$B$4:$B$640-2,1),7)),IF($Z39=\"Class_7\",INDEX('ER C7 FLT1'!$A$4:$J$640,MATCH($W39&$C39,'ER C7 FLT1'!$A$4:$A$640&'ER C7 FLT1'!$B$4:$B$640-2,1),5)*IF($Z39=\"Class_7\",INDEX('ER C7 FLT1'!$A$4:$J$640,MATCH($W39&$C39,'ER C7 FLT1'!$A$4:$A$640&'ER C7 FLT1'!$B$4:$B$640-2,1),7)),\nIF($Z39=\"Class_6\",INDEX('ER C6 FLT1'!$A$4:$J$640,MATCH($W39&$C39,'ER C6 FLT1'!$A$4:$A$640&'ER C6 FLT1'!$B$4:$B$640-2,1),5)*IF($Z39=\"Class_6\",INDEX('ER C6 FLT1'!$A$4:$J$640,MATCH($W39&$C39,'ER C6 FLT1'!$A$4:$A$640&'ER C6 FLT1'!$B$4:$B$640-2,1),7))))))))*IF($X39=\"Level 3 PM + Mark I NOx\",0.75,1)*($AC39/453.6)-IF(DB39=0,CK39,0)","v":0},{"$f":"MAX(0,DB39+DC39)","v":0},{"$f":"MAX(0,CB39-CL39)","v":0},{"$f":"IF($B39=\"3+ Trucks\",IF($Z39=\"Class_8\",INDEX('ER C8 FLT3'!$A$4:$J$640,MATCH($W39&$C39,'ER C8 FLT3'!$A$4:$A$640&'ER C8 FLT3'!$B$4:$B$640-3,1),5)*IF($Z39=\"Class_8\",INDEX('ER C8 FLT3'!$A$4:$J$640,MATCH($W39&$C39,'ER C8 FLT3'!$A$4:$A$640&'ER C8 FLT3'!$B$4:$B$640-3,1),7)),IF($Z39=\"Class_7\",INDEX('ER C7 FLT3'!$A$4:$J$640,MATCH($W39&$C39,'ER C7 FLT3'!$A$4:$A$640&'ER C7 FLT3'!$B$4:$B$640-3,1),5)*IF($Z39=\"Class_7\",INDEX('ER C7 FLT3'!$A$4:$J$640,MATCH($W39&$C39,'ER C7 FLT3'!$A$4:$A$640&'ER C7 FLT3'!$B$4:$B$640-3,1),7)),\nIF($Z39=\"Class_6\",INDEX('ER C6 FLT3'!$A$4:$J$640,MATCH($W39&$C39,'ER C6 FLT3'!$A$4:$A$640&'ER C6 FLT3'!$B$4:$B$640-3,1),5)*IF($Z39=\"Class_6\",INDEX('ER C6 FLT3'!$A$4:$L$640,MATCH($W39&$C39,'ER C6 FLT3'!$A$4:$A$640&'ER C6 FLT3'!$B$4:$B$640-3,1),7))))),IF($B39=\"2 Trucks\",IF($Z39=\"Class_8\",INDEX('ER C8 FLT2'!$A$4:$J$640,MATCH($W39&$C39,'ER C8 FLT2'!$A$4:$A$640&'ER C8 FLT2'!$B$4:$B$640-3,1),5)*IF($Z39=\"Class_8\",INDEX('ER C8 FLT2'!$A$4:$J$640,MATCH($W39&$C39,'ER C8 FLT2'!$A$4:$A$640&'ER C8 FLT2'!$B$4:$B$640-3,1),7)),IF($Z39=\"Class_7\",INDEX('ER C7 FLT2'!$A$4:$J$640,MATCH($W39&$C39,'ER C7 FLT2'!$A$4:$A$640&'ER C7 FLT2'!$B$4:$B$640-3,1),5)*IF($Z39=\"Class_7\",INDEX('ER C7 FLT2'!$A$4:$J$640,MATCH($W39&$C39,'ER C7 FLT2'!$A$4:$A$640&'ER C7 FLT2'!$B$4:$B$640-3,1),7)),IF($Z39=\"Class_6\",INDEX('ER C6 FLT2'!$A$4:$J$640,MATCH($W39&$C39,'ER C6 FLT2'!$A$4:$A$640&'ER C6 FLT2'!$B$4:$B$640-3,1),5)*IF($Z39=\"Class_6\",INDEX('ER C6 FLT2'!$A$4:$J$640,MATCH($W39&$C39,'ER C6 FLT2'!$A$4:$A$640&'ER C6 FLT2'!$B$4:$B$640-3,1),7))))),IF($B39=\"1 Truck\",\nIF($Z39=\"Class_8\",INDEX('ER C8 FLT1'!$A$4:$J$640,MATCH($W39&$C39,'ER C8 FLT1'!$A$4:$A$640&'ER C8 FLT1'!$B$4:$B$640-3,1),5)*IF($Z39=\"Class_8\",INDEX('ER C8 FLT1'!$A$4:$J$640,MATCH($W39&$C39,'ER C8 FLT1'!$A$4:$A$640&'ER C8 FLT1'!$B$4:$B$640-3,1),7)),IF($Z39=\"Class_7\",INDEX('ER C7 FLT1'!$A$4:$J$640,MATCH($W39&$C39,'ER C7 FLT1'!$A$4:$A$640&'ER C7 FLT1'!$B$4:$B$640-3,1),5)*IF($Z39=\"Class_7\",INDEX('ER C7 FLT1'!$A$4:$J$640,MATCH($W39&$C39,'ER C7 FLT1'!$A$4:$A$640&'ER C7 FLT1'!$B$4:$B$640-3,1),7)),\nIF($Z39=\"Class_6\",INDEX('ER C6 FLT1'!$A$4:$J$640,MATCH($W39&$C39,'ER C6 FLT1'!$A$4:$A$640&'ER C6 FLT1'!$B$4:$B$640-3,1),5)*IF($Z39=\"Class_6\",INDEX('ER C6 FLT1'!$A$4:$J$640,MATCH($W39&$C39,'ER C6 FLT1'!$A$4:$A$640&'ER C6 FLT1'!$B$4:$B$640-3,1),7))))))))*IF($X39=\"Level 3 PM + Mark I NOx\",0.75,1)*($AC39/453.6)-IF(DE39=0,CL39,0)","v":0},{"$f":"MAX(0,DE39+DF39)","v":0},{"$f":"MAX(0,CC39-CM39)","v":0},{"$f":"IF($B39=\"3+ Trucks\",IF($Z39=\"Class_8\",INDEX('ER C8 FLT3'!$A$4:$J$640,MATCH($W39&$C39,'ER C8 FLT3'!$A$4:$A$640&'ER C8 FLT3'!$B$4:$B$640-4,1),5)*IF($Z39=\"Class_8\",INDEX('ER C8 FLT3'!$A$4:$J$640,MATCH($W39&$C39,'ER C8 FLT3'!$A$4:$A$640&'ER C8 FLT3'!$B$4:$B$640-4,1),7)),IF($Z39=\"Class_7\",INDEX('ER C7 FLT3'!$A$4:$J$640,MATCH($W39&$C39,'ER C7 FLT3'!$A$4:$A$640&'ER C7 FLT3'!$B$4:$B$640-4,1),5)*IF($Z39=\"Class_7\",INDEX('ER C7 FLT3'!$A$4:$J$640,MATCH($W39&$C39,'ER C7 FLT3'!$A$4:$A$640&'ER C7 FLT3'!$B$4:$B$640-4,1),7)),\nIF($Z39=\"Class_6\",INDEX('ER C6 FLT3'!$A$4:$J$640,MATCH($W39&$C39,'ER C6 FLT3'!$A$4:$A$640&'ER C6 FLT3'!$B$4:$B$640-4,1),5)*IF($Z39=\"Class_6\",INDEX('ER C6 FLT3'!$A$4:$L$640,MATCH($W39&$C39,'ER C6 FLT3'!$A$4:$A$640&'ER C6 FLT3'!$B$4:$B$640-4,1),7))))),IF($B39=\"2 Trucks\",IF($Z39=\"Class_8\",INDEX('ER C8 FLT2'!$A$4:$J$640,MATCH($W39&$C39,'ER C8 FLT2'!$A$4:$A$640&'ER C8 FLT2'!$B$4:$B$640-4,1),5)*IF($Z39=\"Class_8\",INDEX('ER C8 FLT2'!$A$4:$J$640,MATCH($W39&$C39,'ER C8 FLT2'!$A$4:$A$640&'ER C8 FLT2'!$B$4:$B$640-4,1),7)),IF($Z39=\"Class_7\",INDEX('ER C7 FLT2'!$A$4:$J$640,MATCH($W39&$C39,'ER C7 FLT2'!$A$4:$A$640&'ER C7 FLT2'!$B$4:$B$640-4,1),5)*IF($Z39=\"Class_7\",INDEX('ER C7 FLT2'!$A$4:$J$640,MATCH($W39&$C39,'ER C7 FLT2'!$A$4:$A$640&'ER C7 FLT2'!$B$4:$B$640-4,1),7)),IF($Z39=\"Class_6\",INDEX('ER C6 FLT2'!$A$4:$J$640,MATCH($W39&$C39,'ER C6 FLT2'!$A$4:$A$640&'ER C6 FLT2'!$B$4:$B$640-4,1),5)*IF($Z39=\"Class_6\",INDEX('ER C6 FLT2'!$A$4:$J$640,MATCH($W39&$C39,'ER C6 FLT2'!$A$4:$A$640&'ER C6 FLT2'!$B$4:$B$640-4,1),7))))),IF($B39=\"1 Truck\",\nIF($Z39=\"Class_8\",INDEX('ER C8 FLT1'!$A$4:$J$640,MATCH($W39&$C39,'ER C8 FLT1'!$A$4:$A$640&'ER C8 FLT1'!$B$4:$B$640-4,1),5)*IF($Z39=\"Class_8\",INDEX('ER C8 FLT1'!$A$4:$J$640,MATCH($W39&$C39,'ER C8 FLT1'!$A$4:$A$640&'ER C8 FLT1'!$B$4:$B$640-4,1),7)),IF($Z39=\"Class_7\",INDEX('ER C7 FLT1'!$A$4:$J$640,MATCH($W39&$C39,'ER C7 FLT1'!$A$4:$A$640&'ER C7 FLT1'!$B$4:$B$640-4,1),5)*IF($Z39=\"Class_7\",INDEX('ER C7 FLT1'!$A$4:$J$640,MATCH($W39&$C39,'ER C7 FLT1'!$A$4:$A$640&'ER C7 FLT1'!$B$4:$B$640-4,1),7)),\nIF($Z39=\"Class_6\",INDEX('ER C6 FLT1'!$A$4:$J$640,MATCH($W39&$C39,'ER C6 FLT1'!$A$4:$A$640&'ER C6 FLT1'!$B$4:$B$640-4,1),5)*IF($Z39=\"Class_6\",INDEX('ER C6 FLT1'!$A$4:$J$640,MATCH($W39&$C39,'ER C6 FLT1'!$A$4:$A$640&'ER C6 FLT1'!$B$4:$B$640-4,1),7))))))))*IF($X39=\"Level 3 PM + Mark I NOx\",0.75,1)*($AC39/453.6)-IF(DH39=0,CM39,0)","v":0},{"$f":"MAX(0,DH39+DI39)","v":0},{"$f":"MAX(0,CX39+DA39+DD39+DG39+DJ39)","v":0},{"$f":"IF($B39=\"3+ Trucks\",IF(OR($H39=\"Class_8\",$N39=\"Replacement8HHD\",$AH39=\"CL7HHD\",$AJ39=\"CL7to8\"),INDEX('ER C8 FLT3'!$A$4:$J$640,MATCH($E39&$C39,'ER C8 FLT3'!$A$4:$A$640&'ER C8 FLT3'!$B$4:$B$640,1),10),IF($H39=\"Class_7\",INDEX('ER C7 FLT3'!$A$4:$J$640,MATCH($E39&$C39,'ER C7 FLT3'!$A$4:$A$640&'ER C7 FLT3'!$B$4:$B$640,1),10),IF($H39=\"Class_6\",INDEX('ER C6 FLT3'!$A$4:$J$640,MATCH($E39&$C39,'ER C6 FLT3'!$A$4:$A$640&'ER C6 FLT3'!$B$4:$B$640,1),10)))),IF($B39=\"2 Trucks\",IF(OR($H39=\"Class_8\",$N39=\"Replacement8HHD\",$AH39=\"CL7HHD\",$AJ39=\"CL7to8\"),INDEX('ER C8 FLT2'!$A$4:$J$640,MATCH($E39&$C39,'ER C8 FLT2'!$A$4:$A$640&'ER C8 FLT2'!$B$4:$B$640,1),10),IF($H39=\"Class_7\",INDEX('ER C7 FLT2'!$A$4:$J$640,MATCH($E39&$C39,'ER C7 FLT2'!$A$4:$A$640&'ER C7 FLT2'!$B$4:$B$640,1),10),IF($H39=\"Class_6\",INDEX('ER C6 FLT2'!$A$4:$J$640,MATCH($E39&$C39,'ER C6 FLT2'!$A$4:$A$640&'ER C6 FLT2'!$B$4:$B$640,1),10)))),IF($B39=\"1 Truck\",\nIF(OR($H39=\"Class_8\",$N39=\"Replacement8HHD\",$AH39=\"CL7HHD\",$AJ39=\"CL7to8\"),INDEX('ER C8 FLT1'!$A$4:$J$640,MATCH($E39&$C39,'ER C8 FLT1'!$A$4:$A$640&'ER C8 FLT1'!$B$4:$B$640,1),10),IF($H39=\"Class_7\",INDEX('ER C7 FLT1'!$A$4:$J$640,MATCH($E39&$C39,'ER C7 FLT1'!$A$4:$A$640&'ER C7 FLT1'!$B$4:$B$640,1),10),\nIF($H39=\"Class_6\",INDEX('ER C6 FLT1'!$A$4:$J$640,MATCH($E39&$C39,'ER C6 FLT1'!$A$4:$A$640&'ER C6 FLT1'!$B$4:$B$640,1),10)))))))*($Q39/453.6)","v":0},{"$f":"IF($B39=\"3+ Trucks\",IF(OR($H39=\"Class_8\",$N39=\"Replacement8HHD\",$AH39=\"CL7HHD\",$AJ39=\"CL7to8\"),INDEX('ER C8 FLT3'!$A$4:$J$640,MATCH($E39&$C39,'ER C8 FLT3'!$A$4:$A$640&'ER C8 FLT3'!$B$4:$B$640-1,1),10),IF($H39=\"Class_7\",INDEX('ER C7 FLT3'!$A$4:$J$640,MATCH($E39&$C39,'ER C7 FLT3'!$A$4:$A$640&'ER C7 FLT3'!$B$4:$B$640-1,1),10),IF($H39=\"Class_6\",INDEX('ER C6 FLT3'!$A$4:$J$640,MATCH($E39&$C39,'ER C6 FLT3'!$A$4:$A$640&'ER C6 FLT3'!$B$4:$B$640-1,1),10)))),IF($B39=\"2 Trucks\",IF(OR($H39=\"Class_8\",$N39=\"Replacement8HHD\",$AH39=\"CL7HHD\",$AJ39=\"CL7to8\"),INDEX('ER C8 FLT2'!$A$4:$J$640,MATCH($E39&$C39,'ER C8 FLT2'!$A$4:$A$640&'ER C8 FLT2'!$B$4:$B$640-1,1),10),IF($H39=\"Class_7\",INDEX('ER C7 FLT2'!$A$4:$J$640,MATCH($E39&$C39,'ER C7 FLT2'!$A$4:$A$640&'ER C7 FLT2'!$B$4:$B$640-1,1),10),IF($H39=\"Class_6\",INDEX('ER C6 FLT2'!$A$4:$J$640,MATCH($E39&$C39,'ER C6 FLT2'!$A$4:$A$640&'ER C6 FLT2'!$B$4:$B$640-1,1),10)))),IF($B39=\"1 Truck\",\nIF(OR($H39=\"Class_8\",$N39=\"Replacement8HHD\",$AH39=\"CL7HHD\",$AJ39=\"CL7to8\"),INDEX('ER C8 FLT1'!$A$4:$J$640,MATCH($E39&$C39,'ER C8 FLT1'!$A$4:$A$640&'ER C8 FLT1'!$B$4:$B$640-1,1),10),IF($H39=\"Class_7\",INDEX('ER C7 FLT1'!$A$4:$J$640,MATCH($E39&$C39,'ER C7 FLT1'!$A$4:$A$640&'ER C7 FLT1'!$B$4:$B$640-1,1),10),\nIF($H39=\"Class_6\",INDEX('ER C6 FLT1'!$A$4:$J$640,MATCH($E39&$C39,'ER C6 FLT1'!$A$4:$A$640&'ER C6 FLT1'!$B$4:$B$640-1,1),10)))))))*($Q39/453.6)","v":0},{"$f":"IF($B39=\"3+ Trucks\",IF(OR($H39=\"Class_8\",$N39=\"Replacement8HHD\",$AH39=\"CL7HHD\",$AJ39=\"CL7to8\"),INDEX('ER C8 FLT3'!$A$4:$J$640,MATCH($E39&$C39,'ER C8 FLT3'!$A$4:$A$640&'ER C8 FLT3'!$B$4:$B$640-2,1),10),IF($H39=\"Class_7\",INDEX('ER C7 FLT3'!$A$4:$J$640,MATCH($E39&$C39,'ER C7 FLT3'!$A$4:$A$640&'ER C7 FLT3'!$B$4:$B$640-2,1),10),IF($H39=\"Class_6\",INDEX('ER C6 FLT3'!$A$4:$J$640,MATCH($E39&$C39,'ER C6 FLT3'!$A$4:$A$640&'ER C6 FLT3'!$B$4:$B$640-2,1),10)))),IF($B39=\"2 Trucks\",IF(OR($H39=\"Class_8\",$N39=\"Replacement8HHD\",$AH39=\"CL7HHD\",$AJ39=\"CL7to8\"),INDEX('ER C8 FLT2'!$A$4:$J$640,MATCH($E39&$C39,'ER C8 FLT2'!$A$4:$A$640&'ER C8 FLT2'!$B$4:$B$640-2,1),10),IF($H39=\"Class_7\",INDEX('ER C7 FLT2'!$A$4:$J$640,MATCH($E39&$C39,'ER C7 FLT2'!$A$4:$A$640&'ER C7 FLT2'!$B$4:$B$640-2,1),10),IF($H39=\"Class_6\",INDEX('ER C6 FLT2'!$A$4:$J$640,MATCH($E39&$C39,'ER C6 FLT2'!$A$4:$A$640&'ER C6 FLT2'!$B$4:$B$640-2,1),10)))),IF($B39=\"1 Truck\",\nIF(OR($H39=\"Class_8\",$N39=\"Replacement8HHD\",$AH39=\"CL7HHD\",$AJ39=\"CL7to8\"),INDEX('ER C8 FLT1'!$A$4:$J$640,MATCH($E39&$C39,'ER C8 FLT1'!$A$4:$A$640&'ER C8 FLT1'!$B$4:$B$640-2,1),10),IF($H39=\"Class_7\",INDEX('ER C7 FLT1'!$A$4:$J$640,MATCH($E39&$C39,'ER C7 FLT1'!$A$4:$A$640&'ER C7 FLT1'!$B$4:$B$640-2,1),10),\nIF($H39=\"Class_6\",INDEX('ER C6 FLT1'!$A$4:$J$640,MATCH($E39&$C39,'ER C6 FLT1'!$A$4:$A$640&'ER C6 FLT1'!$B$4:$B$640-2,1),10)))))))*($Q39/453.6)","v":0},{"$f":"IF($B39=\"3+ Trucks\",IF(OR($H39=\"Class_8\",$N39=\"Replacement8HHD\",$AH39=\"CL7HHD\",$AJ39=\"CL7to8\"),INDEX('ER C8 FLT3'!$A$4:$J$640,MATCH($E39&$C39,'ER C8 FLT3'!$A$4:$A$640&'ER C8 FLT3'!$B$4:$B$640-3,1),10),IF($H39=\"Class_7\",INDEX('ER C7 FLT3'!$A$4:$J$640,MATCH($E39&$C39,'ER C7 FLT3'!$A$4:$A$640&'ER C7 FLT3'!$B$4:$B$640-3,1),10),IF($H39=\"Class_6\",INDEX('ER C6 FLT3'!$A$4:$J$640,MATCH($E39&$C39,'ER C6 FLT3'!$A$4:$A$640&'ER C6 FLT3'!$B$4:$B$640-3,1),10)))),IF($B39=\"2 Trucks\",IF(OR($H39=\"Class_8\",$N39=\"Replacement8HHD\",$AH39=\"CL7HHD\",$AJ39=\"CL7to8\"),INDEX('ER C8 FLT2'!$A$4:$J$640,MATCH($E39&$C39,'ER C8 FLT2'!$A$4:$A$640&'ER C8 FLT2'!$B$4:$B$640-3,1),10),IF($H39=\"Class_7\",INDEX('ER C7 FLT2'!$A$4:$J$640,MATCH($E39&$C39,'ER C7 FLT2'!$A$4:$A$640&'ER C7 FLT2'!$B$4:$B$640-3,1),10),IF($H39=\"Class_6\",INDEX('ER C6 FLT2'!$A$4:$J$640,MATCH($E39&$C39,'ER C6 FLT2'!$A$4:$A$640&'ER C6 FLT2'!$B$4:$B$640-3,1),10)))),IF($B39=\"1 Truck\",\nIF(OR($H39=\"Class_8\",$N39=\"Replacement8HHD\",$AH39=\"CL7HHD\",$AJ39=\"CL7to8\"),INDEX('ER C8 FLT1'!$A$4:$J$640,MATCH($E39&$C39,'ER C8 FLT1'!$A$4:$A$640&'ER C8 FLT1'!$B$4:$B$640-3,1),10),IF($H39=\"Class_7\",INDEX('ER C7 FLT1'!$A$4:$J$640,MATCH($E39&$C39,'ER C7 FLT1'!$A$4:$A$640&'ER C7 FLT1'!$B$4:$B$640-3,1),10),\nIF($H39=\"Class_6\",INDEX('ER C6 FLT1'!$A$4:$J$640,MATCH($E39&$C39,'ER C6 FLT1'!$A$4:$A$640&'ER C6 FLT1'!$B$4:$B$640-3,1),10)))))))*($Q39/453.6)","v":0},{"$f":"IF($B39=\"3+ Trucks\",IF(OR($H39=\"Class_8\",$N39=\"Replacement8HHD\",$AH39=\"CL7HHD\",$AJ39=\"CL7to8\"),INDEX('ER C8 FLT3'!$A$4:$J$640,MATCH($E39&$C39,'ER C8 FLT3'!$A$4:$A$640&'ER C8 FLT3'!$B$4:$B$640-4,1),10),IF($H39=\"Class_7\",INDEX('ER C7 FLT3'!$A$4:$J$640,MATCH($E39&$C39,'ER C7 FLT3'!$A$4:$A$640&'ER C7 FLT3'!$B$4:$B$640-4,1),10),IF($H39=\"Class_6\",INDEX('ER C6 FLT3'!$A$4:$J$640,MATCH($E39&$C39,'ER C6 FLT3'!$A$4:$A$640&'ER C6 FLT3'!$B$4:$B$640-4,1),10)))),IF($B39=\"2 Trucks\",IF(OR($H39=\"Class_8\",$N39=\"Replacement8HHD\",$AH39=\"CL7HHD\",$AJ39=\"CL7to8\"),INDEX('ER C8 FLT2'!$A$4:$J$640,MATCH($E39&$C39,'ER C8 FLT2'!$A$4:$A$640&'ER C8 FLT2'!$B$4:$B$640-4,1),10),IF($H39=\"Class_7\",INDEX('ER C7 FLT2'!$A$4:$J$640,MATCH($E39&$C39,'ER C7 FLT2'!$A$4:$A$640&'ER C7 FLT2'!$B$4:$B$640-4,1),10),IF($H39=\"Class_6\",INDEX('ER C6 FLT2'!$A$4:$J$640,MATCH($E39&$C39,'ER C6 FLT2'!$A$4:$A$640&'ER C6 FLT2'!$B$4:$B$640-4,1),10)))),IF($B39=\"1 Truck\",\nIF(OR($H39=\"Class_8\",$N39=\"Replacement8HHD\",$AH39=\"CL7HHD\",$AJ39=\"CL7to8\"),INDEX('ER C8 FLT1'!$A$4:$J$640,MATCH($E39&$C39,'ER C8 FLT1'!$A$4:$A$640&'ER C8 FLT1'!$B$4:$B$640-4,1),10),IF($H39=\"Class_7\",INDEX('ER C7 FLT1'!$A$4:$J$640,MATCH($E39&$C39,'ER C7 FLT1'!$A$4:$A$640&'ER C7 FLT1'!$B$4:$B$640-4,1),10),\nIF($H39=\"Class_6\",INDEX('ER C6 FLT1'!$A$4:$J$640,MATCH($E39&$C39,'ER C6 FLT1'!$A$4:$A$640&'ER C6 FLT1'!$B$4:$B$640-4,1),10)))))))*($Q39/453.6)","v":0},{"$f":"IF($B39=\"3+ Trucks\",IF(OR($H39=\"Class_8\",$N39=\"Replacement8HHD\",$AH39=\"CL7HHD\",$AJ39=\"CL7to8\"),INDEX('ER C8 FLT3'!$A$4:$J$640,MATCH($E39&$C39,'ER C8 FLT3'!$A$4:$A$640&'ER C8 FLT3'!$B$4:$B$640,1),10),IF($H39=\"Class_7\",INDEX('ER C7 FLT3'!$A$4:$J$640,MATCH($E39&$C39,'ER C7 FLT3'!$A$4:$A$640&'ER C7 FLT3'!$B$4:$B$640,1),10),IF($H39=\"Class_6\",INDEX('ER C6 FLT3'!$A$4:$J$640,MATCH($E39&$C39,'ER C6 FLT3'!$A$4:$A$640&'ER C6 FLT3'!$B$4:$B$640,1),10)))),IF($B39=\"2 Trucks\",IF(OR($H39=\"Class_8\",$N39=\"Replacement8HHD\",$AH39=\"CL7HHD\",$AJ39=\"CL7to8\"),INDEX('ER C8 FLT2'!$A$4:$J$640,MATCH($E39&$C39,'ER C8 FLT2'!$A$4:$A$640&'ER C8 FLT2'!$B$4:$B$640,1),10),IF($H39=\"Class_7\",INDEX('ER C7 FLT2'!$A$4:$J$640,MATCH($E39&$C39,'ER C7 FLT2'!$A$4:$A$640&'ER C7 FLT2'!$B$4:$B$640,1),10),IF($H39=\"Class_6\",INDEX('ER C6 FLT2'!$A$4:$J$640,MATCH($E39&$C39,'ER C6 FLT2'!$A$4:$A$640&'ER C6 FLT2'!$B$4:$B$640,1),10)))),IF($B39=\"1 Truck\",\nIF(OR($H39=\"Class_8\",$N39=\"Replacement8HHD\",$AH39=\"CL7HHD\",$AJ39=\"CL7to8\"),INDEX('ER C8 FLT1'!$A$4:$J$640,MATCH($E39&$C39,'ER C8 FLT1'!$A$4:$A$640&'ER C8 FLT1'!$B$4:$B$640,1),10),IF($H39=\"Class_7\",INDEX('ER C7 FLT1'!$A$4:$J$640,MATCH($E39&$C39,'ER C7 FLT1'!$A$4:$A$640&'ER C7 FLT1'!$B$4:$B$640,1),10),IF($H39=\"Class_6\",INDEX('ER C6 FLT1'!$A$4:$J$640,MATCH($E39&$C39,'ER C6 FLT1'!$A$4:$A$640&'ER C6 FLT1'!$B$4:$B$640,1),10)))))))","v":false},{"$f":"IF($B39=\"3+ Trucks\",IF(OR($H39=\"Class_8\",$N39=\"Replacement8HHD\",$AH39=\"CL7HHD\",$AJ39=\"CL7to8\"),INDEX('ER C8 FLT3'!$A$4:$J$640,MATCH($E39&$C39,'ER C8 FLT3'!$A$4:$A$640&'ER C8 FLT3'!$B$4:$B$640-1,1),10),IF($H39=\"Class_7\",INDEX('ER C7 FLT3'!$A$4:$J$640,MATCH($E39&$C39,'ER C7 FLT3'!$A$4:$A$640&'ER C7 FLT3'!$B$4:$B$640-1,1),10),IF($H39=\"Class_6\",INDEX('ER C6 FLT3'!$A$4:$J$640,MATCH($E39&$C39,'ER C6 FLT3'!$A$4:$A$640&'ER C6 FLT3'!$B$4:$B$640-1,1),10)))),IF($B39=\"2 Trucks\",IF(OR($H39=\"Class_8\",$N39=\"Replacement8HHD\",$AH39=\"CL7HHD\",$AJ39=\"CL7to8\"),INDEX('ER C8 FLT2'!$A$4:$J$640,MATCH($E39&$C39,'ER C8 FLT2'!$A$4:$A$640&'ER C8 FLT2'!$B$4:$B$640-1,1),10),IF($H39=\"Class_7\",INDEX('ER C7 FLT2'!$A$4:$J$640,MATCH($E39&$C39,'ER C7 FLT2'!$A$4:$A$640&'ER C7 FLT2'!$B$4:$B$640-1,1),10),IF($H39=\"Class_6\",INDEX('ER C6 FLT2'!$A$4:$J$640,MATCH($E39&$C39,'ER C6 FLT2'!$A$4:$A$640&'ER C6 FLT2'!$B$4:$B$640-1,1),10)))),IF($B39=\"1 Truck\",\nIF(OR($H39=\"Class_8\",$N39=\"Replacement8HHD\",$AH39=\"CL7HHD\",$AJ39=\"CL7to8\"),INDEX('ER C8 FLT1'!$A$4:$J$640,MATCH($E39&$C39,'ER C8 FLT1'!$A$4:$A$640&'ER C8 FLT1'!$B$4:$B$640-1,1),10),IF($H39=\"Class_7\",INDEX('ER C7 FLT1'!$A$4:$J$640,MATCH($E39&$C39,'ER C7 FLT1'!$A$4:$A$640&'ER C7 FLT1'!$B$4:$B$640-1,1),10),IF($H39=\"Class_6\",INDEX('ER C6 FLT1'!$A$4:$J$640,MATCH($E39&$C39,'ER C6 FLT1'!$A$4:$A$640&'ER C6 FLT1'!$B$4:$B$640-1,1),10)))))))","v":false},{"$f":"IF($B39=\"3+ Trucks\",IF(OR($H39=\"Class_8\",$N39=\"Replacement8HHD\",$AH39=\"CL7HHD\",$AJ39=\"CL7to8\"),INDEX('ER C8 FLT3'!$A$4:$J$640,MATCH($E39&$C39,'ER C8 FLT3'!$A$4:$A$640&'ER C8 FLT3'!$B$4:$B$640-2,1),10),IF($H39=\"Class_7\",INDEX('ER C7 FLT3'!$A$4:$J$640,MATCH($E39&$C39,'ER C7 FLT3'!$A$4:$A$640&'ER C7 FLT3'!$B$4:$B$640-2,1),10),IF($H39=\"Class_6\",INDEX('ER C6 FLT3'!$A$4:$J$640,MATCH($E39&$C39,'ER C6 FLT3'!$A$4:$A$640&'ER C6 FLT3'!$B$4:$B$640-2,1),10)))),IF($B39=\"2 Trucks\",IF(OR($H39=\"Class_8\",$N39=\"Replacement8HHD\",$AH39=\"CL7HHD\",$AJ39=\"CL7to8\"),INDEX('ER C8 FLT2'!$A$4:$J$640,MATCH($E39&$C39,'ER C8 FLT2'!$A$4:$A$640&'ER C8 FLT2'!$B$4:$B$640-2,1),10),IF($H39=\"Class_7\",INDEX('ER C7 FLT2'!$A$4:$J$640,MATCH($E39&$C39,'ER C7 FLT2'!$A$4:$A$640&'ER C7 FLT2'!$B$4:$B$640-2,1),10),IF($H39=\"Class_6\",INDEX('ER C6 FLT2'!$A$4:$J$640,MATCH($E39&$C39,'ER C6 FLT2'!$A$4:$A$640&'ER C6 FLT2'!$B$4:$B$640-2,1),10)))),IF($B39=\"1 Truck\",\nIF(OR($H39=\"Class_8\",$N39=\"Replacement8HHD\",$AH39=\"CL7HHD\",$AJ39=\"CL7to8\"),INDEX('ER C8 FLT1'!$A$4:$J$640,MATCH($E39&$C39,'ER C8 FLT1'!$A$4:$A$640&'ER C8 FLT1'!$B$4:$B$640-2,1),10),IF($H39=\"Class_7\",INDEX('ER C7 FLT1'!$A$4:$J$640,MATCH($E39&$C39,'ER C7 FLT1'!$A$4:$A$640&'ER C7 FLT1'!$B$4:$B$640-2,1),10),IF($H39=\"Class_6\",INDEX('ER C6 FLT1'!$A$4:$J$640,MATCH($E39&$C39,'ER C6 FLT1'!$A$4:$A$640&'ER C6 FLT1'!$B$4:$B$640-2,1),10)))))))","v":false},{"$f":"IF($B39=\"3+ Trucks\",IF(OR($H39=\"Class_8\",$N39=\"Replacement8HHD\",$AH39=\"CL7HHD\",$AJ39=\"CL7to8\"),INDEX('ER C8 FLT3'!$A$4:$J$640,MATCH($E39&$C39,'ER C8 FLT3'!$A$4:$A$640&'ER C8 FLT3'!$B$4:$B$640-3,1),10),IF($H39=\"Class_7\",INDEX('ER C7 FLT3'!$A$4:$J$640,MATCH($E39&$C39,'ER C7 FLT3'!$A$4:$A$640&'ER C7 FLT3'!$B$4:$B$640-3,1),10),IF($H39=\"Class_6\",INDEX('ER C6 FLT3'!$A$4:$J$640,MATCH($E39&$C39,'ER C6 FLT3'!$A$4:$A$640&'ER C6 FLT3'!$B$4:$B$640-3,1),10)))),IF($B39=\"2 Trucks\",IF(OR($H39=\"Class_8\",$N39=\"Replacement8HHD\",$AH39=\"CL7HHD\",$AJ39=\"CL7to8\"),INDEX('ER C8 FLT2'!$A$4:$J$640,MATCH($E39&$C39,'ER C8 FLT2'!$A$4:$A$640&'ER C8 FLT2'!$B$4:$B$640-3,1),10),IF($H39=\"Class_7\",INDEX('ER C7 FLT2'!$A$4:$J$640,MATCH($E39&$C39,'ER C7 FLT2'!$A$4:$A$640&'ER C7 FLT2'!$B$4:$B$640-3,1),10),IF($H39=\"Class_6\",INDEX('ER C6 FLT2'!$A$4:$J$640,MATCH($E39&$C39,'ER C6 FLT2'!$A$4:$A$640&'ER C6 FLT2'!$B$4:$B$640-3,1),10)))),IF($B39=\"1 Truck\",\nIF(OR($H39=\"Class_8\",$N39=\"Replacement8HHD\",$AH39=\"CL7HHD\",$AJ39=\"CL7to8\"),INDEX('ER C8 FLT1'!$A$4:$J$640,MATCH($E39&$C39,'ER C8 FLT1'!$A$4:$A$640&'ER C8 FLT1'!$B$4:$B$640-3,1),10),IF($H39=\"Class_7\",INDEX('ER C7 FLT1'!$A$4:$J$640,MATCH($E39&$C39,'ER C7 FLT1'!$A$4:$A$640&'ER C7 FLT1'!$B$4:$B$640-3,1),10),IF($H39=\"Class_6\",INDEX('ER C6 FLT1'!$A$4:$J$640,MATCH($E39&$C39,'ER C6 FLT1'!$A$4:$A$640&'ER C6 FLT1'!$B$4:$B$640-3,1),10)))))))","v":false},{"$f":"IF($B39=\"3+ Trucks\",IF(OR($H39=\"Class_8\",$N39=\"Replacement8HHD\",$AH39=\"CL7HHD\",$AJ39=\"CL7to8\"),INDEX('ER C8 FLT3'!$A$4:$J$640,MATCH($E39&$C39,'ER C8 FLT3'!$A$4:$A$640&'ER C8 FLT3'!$B$4:$B$640-4,1),10),IF($H39=\"Class_7\",INDEX('ER C7 FLT3'!$A$4:$J$640,MATCH($E39&$C39,'ER C7 FLT3'!$A$4:$A$640&'ER C7 FLT3'!$B$4:$B$640-4,1),10),IF($H39=\"Class_6\",INDEX('ER C6 FLT3'!$A$4:$J$640,MATCH($E39&$C39,'ER C6 FLT3'!$A$4:$A$640&'ER C6 FLT3'!$B$4:$B$640-4,1),10)))),IF($B39=\"2 Trucks\",IF(OR($H39=\"Class_8\",$N39=\"Replacement8HHD\",$AH39=\"CL7HHD\",$AJ39=\"CL7to8\"),INDEX('ER C8 FLT2'!$A$4:$J$640,MATCH($E39&$C39,'ER C8 FLT2'!$A$4:$A$640&'ER C8 FLT2'!$B$4:$B$640-4,1),10),IF($H39=\"Class_7\",INDEX('ER C7 FLT2'!$A$4:$J$640,MATCH($E39&$C39,'ER C7 FLT2'!$A$4:$A$640&'ER C7 FLT2'!$B$4:$B$640-4,1),10),IF($H39=\"Class_6\",INDEX('ER C6 FLT2'!$A$4:$J$640,MATCH($E39&$C39,'ER C6 FLT2'!$A$4:$A$640&'ER C6 FLT2'!$B$4:$B$640-4,1),10)))),IF($B39=\"1 Truck\",\nIF(OR($H39=\"Class_8\",$N39=\"Replacement8HHD\",$AH39=\"CL7HHD\",$AJ39=\"CL7to8\"),INDEX('ER C8 FLT1'!$A$4:$J$640,MATCH($E39&$C39,'ER C8 FLT1'!$A$4:$A$640&'ER C8 FLT1'!$B$4:$B$640-4,1),10),IF($H39=\"Class_7\",INDEX('ER C7 FLT1'!$A$4:$J$640,MATCH($E39&$C39,'ER C7 FLT1'!$A$4:$A$640&'ER C7 FLT1'!$B$4:$B$640-4,1),10),IF($H39=\"Class_6\",INDEX('ER C6 FLT1'!$A$4:$J$640,MATCH($E39&$C39,'ER C6 FLT1'!$A$4:$A$640&'ER C6 FLT1'!$B$4:$B$640-4,1),10)))))))","v":false},{"$f":"IF(OR($R39=\"Diesel\",$R39=\"LNG/CNG\",$R39=\"Hybrid\",$R39=\"Electric w/ AB-118\"),IF($B39=\"3+ Trucks\",IF(OR($O39=\"Class_8\",$N39=\"Replacement8HHD\",$AI39=\"CL7HHD\"),INDEX('ER C8 FLT3'!$A$4:$J$640,MATCH(DropData!$J79&$C39,'ER C8 FLT3'!$A$4:$A$640&'ER C8 FLT3'!$B$4:$B$640,1),10),IF($O39=\"Class_7\",INDEX('ER C7 FLT3'!$A$4:$J$640,MATCH(DropData!$J79&$C39,'ER C7 FLT3'!$A$4:$A$640&'ER C7 FLT3'!$B$4:$B$640,1),10),IF($O39=\"Class_6\",INDEX('ER C6 FLT3'!$A$4:$J$640,MATCH(DropData!$J79&$C39,'ER C6 FLT3'!$A$4:$A$640&'ER C6 FLT3'!$B$4:$B$640,1),10)))),IF($B39=\"2 Trucks\",IF(OR($O39=\"Class_8\",$N39=\"Replacement8HHD\",$AI39=\"CL7HHD\"),INDEX('ER C8 FLT2'!$A$4:$J$640,MATCH(DropData!$J79&$C39,'ER C8 FLT2'!$A$4:$A$640&'ER C8 FLT2'!$B$4:$B$640,1),10),IF($O39=\"Class_7\",INDEX('ER C7 FLT2'!$A$4:$J$640,MATCH(DropData!$J79&$C39,'ER C7 FLT2'!$A$4:$A$640&'ER C7 FLT2'!$B$4:$B$640,1),10),IF($O39=\"Class_6\",INDEX('ER C6 FLT2'!$A$4:$J$640,MATCH(DropData!$J79&$C39,'ER C6 FLT2'!$A$4:$A$640&'ER C6 FLT2'!$B$4:$B$640,1),10)))),IF($B39=\"1 Truck\",IF(OR($O39=\"Class_8\",$N39=\"Replacement8HHD\",$AI39=\"CL7HHD\"),INDEX('ER C8 FLT1'!$A$4:$J$640,MATCH(DropData!$J79&$C39,'ER C8 FLT1'!$A$4:$A$640&'ER C8 FLT1'!$B$4:$B$640,1),10),IF($O39=\"Class_7\",INDEX('ER C7 FLT1'!$A$4:$J$640,MATCH(DropData!$J79&$C39,'ER C7 FLT1'!$A$4:$A$640&'ER C7 FLT1'!$B$4:$B$640,1),10),IF($O39=\"Class_6\",INDEX('ER C6 FLT1'!$A$4:$J$640,MATCH(DropData!$J79&$C39,'ER C6 FLT1'!$A$4:$A$640&'ER C6 FLT1'!$B$4:$B$640,1),10))))))),IF($R39=\"Electric\",INDEX('ER Electric'!$A$6:$E$44,MATCH($C39&$O39,'ER Electric'!$A$6:$A$44&'ER Electric'!$B$6:$B$44,1),5)))*(($Q39+$AC39)/453.6)","v":0},{"$f":"IF(OR($R39=\"Diesel\",$R39=\"LNG/CNG\",$R39=\"Hybrid\",$R39=\"Electric w/ AB-118\"),IF($B39=\"3+ Trucks\",IF(OR($O39=\"Class_8\",$N39=\"Replacement8HHD\",$AI39=\"CL7HHD\"),INDEX('ER C8 FLT3'!$A$4:$J$640,MATCH(DropData!$J79&$C39,'ER C8 FLT3'!$A$4:$A$640&'ER C8 FLT3'!$B$4:$B$640-1,1),10),IF($O39=\"Class_7\",INDEX('ER C7 FLT3'!$A$4:$J$640,MATCH(DropData!$J79&$C39,'ER C7 FLT3'!$A$4:$A$640&'ER C7 FLT3'!$B$4:$B$640-1,1),10),IF($O39=\"Class_6\",INDEX('ER C6 FLT3'!$A$4:$J$640,MATCH(DropData!$J79&$C39,'ER C6 FLT3'!$A$4:$A$640&'ER C6 FLT3'!$B$4:$B$640-1,1),10)))),IF($B39=\"2 Trucks\",IF(OR($O39=\"Class_8\",$N39=\"Replacement8HHD\",$AI39=\"CL7HHD\"),INDEX('ER C8 FLT2'!$A$4:$J$640,MATCH(DropData!$J79&$C39,'ER C8 FLT2'!$A$4:$A$640&'ER C8 FLT2'!$B$4:$B$640-1,1),10),IF($O39=\"Class_7\",INDEX('ER C7 FLT2'!$A$4:$J$640,MATCH(DropData!$J79&$C39,'ER C7 FLT2'!$A$4:$A$640&'ER C7 FLT2'!$B$4:$B$640-1,1),10),IF($O39=\"Class_6\",INDEX('ER C6 FLT2'!$A$4:$J$640,MATCH(DropData!$J79&$C39,'ER C6 FLT2'!$A$4:$A$640&'ER C6 FLT2'!$B$4:$B$640-1,1),10)))),IF($B39=\"1 Truck\",IF(OR($O39=\"Class_8\",$N39=\"Replacement8HHD\",$AI39=\"CL7HHD\"),INDEX('ER C8 FLT1'!$A$4:$J$640,MATCH(DropData!$J79&$C39,'ER C8 FLT1'!$A$4:$A$640&'ER C8 FLT1'!$B$4:$B$640-1,1),10),IF($O39=\"Class_7\",INDEX('ER C7 FLT1'!$A$4:$J$640,MATCH(DropData!$J79&$C39,'ER C7 FLT1'!$A$4:$A$640&'ER C7 FLT1'!$B$4:$B$640-1,1),10),IF($O39=\"Class_6\",INDEX('ER C6 FLT1'!$A$4:$J$640,MATCH(DropData!$J79&$C39,'ER C6 FLT1'!$A$4:$A$640&'ER C6 FLT1'!$B$4:$B$640-1,1),10))))))),IF($R39=\"Electric\",OFFSET(INDEX('ER Electric'!$A$6:$E$44,MATCH($C39&$O39,'ER Electric'!$A$6:$A$44&'ER Electric'!$B$6:$B$44,1),5),3,0)))*(($Q39+$AC39)/453.6)","v":0},{"$f":"IF(OR($R39=\"Diesel\",$R39=\"LNG/CNG\",$R39=\"Hybrid\",$R39=\"Electric w/ AB-118\"),IF($B39=\"3+ Trucks\",IF(OR($O39=\"Class_8\",$N39=\"Replacement8HHD\",$AI39=\"CL7HHD\"),INDEX('ER C8 FLT3'!$A$4:$J$640,MATCH(DropData!$J79&$C39,'ER C8 FLT3'!$A$4:$A$640&'ER C8 FLT3'!$B$4:$B$640-2,1),10),IF($O39=\"Class_7\",INDEX('ER C7 FLT3'!$A$4:$J$640,MATCH(DropData!$J79&$C39,'ER C7 FLT3'!$A$4:$A$640&'ER C7 FLT3'!$B$4:$B$640-2,1),10),IF($O39=\"Class_6\",INDEX('ER C6 FLT3'!$A$4:$J$640,MATCH(DropData!$J79&$C39,'ER C6 FLT3'!$A$4:$A$640&'ER C6 FLT3'!$B$4:$B$640-2,1),10)))),IF($B39=\"2 Trucks\",IF(OR($O39=\"Class_8\",$N39=\"Replacement8HHD\",$AI39=\"CL7HHD\"),INDEX('ER C8 FLT2'!$A$4:$J$640,MATCH(DropData!$J79&$C39,'ER C8 FLT2'!$A$4:$A$640&'ER C8 FLT2'!$B$4:$B$640-2,1),10),IF($O39=\"Class_7\",INDEX('ER C7 FLT2'!$A$4:$J$640,MATCH(DropData!$J79&$C39,'ER C7 FLT2'!$A$4:$A$640&'ER C7 FLT2'!$B$4:$B$640-2,1),10),IF($O39=\"Class_6\",INDEX('ER C6 FLT2'!$A$4:$J$640,MATCH(DropData!$J79&$C39,'ER C6 FLT2'!$A$4:$A$640&'ER C6 FLT2'!$B$4:$B$640-2,1),10)))),IF($B39=\"1 Truck\",IF(OR($O39=\"Class_8\",$N39=\"Replacement8HHD\",$AI39=\"CL7HHD\"),INDEX('ER C8 FLT1'!$A$4:$J$640,MATCH(DropData!$J79&$C39,'ER C8 FLT1'!$A$4:$A$640&'ER C8 FLT1'!$B$4:$B$640-2,1),10),IF($O39=\"Class_7\",INDEX('ER C7 FLT1'!$A$4:$J$640,MATCH(DropData!$J79&$C39,'ER C7 FLT1'!$A$4:$A$640&'ER C7 FLT1'!$B$4:$B$640-2,1),10),IF($O39=\"Class_6\",INDEX('ER C6 FLT1'!$A$4:$J$640,MATCH(DropData!$J79&$C39,'ER C6 FLT1'!$A$4:$A$640&'ER C6 FLT1'!$B$4:$B$640-2,1),10))))))),IF($R39=\"Electric\",OFFSET(INDEX('ER Electric'!$A$6:$E$44,MATCH($C39&$O39,'ER Electric'!$A$6:$A$44&'ER Electric'!$B$6:$B$44,1),5),6,0)))*(($Q39+$AC39)/453.6)","v":0},{"$f":"IF(OR($R39=\"Diesel\",$R39=\"LNG/CNG\",$R39=\"Hybrid\",$R39=\"Electric w/ AB-118\"),IF($B39=\"3+ Trucks\",IF(OR($O39=\"Class_8\",$N39=\"Replacement8HHD\",$AI39=\"CL7HHD\"),INDEX('ER C8 FLT3'!$A$4:$J$640,MATCH(DropData!$J79&$C39,'ER C8 FLT3'!$A$4:$A$640&'ER C8 FLT3'!$B$4:$B$640-3,1),10),IF($O39=\"Class_7\",INDEX('ER C7 FLT3'!$A$4:$J$640,MATCH(DropData!$J79&$C39,'ER C7 FLT3'!$A$4:$A$640&'ER C7 FLT3'!$B$4:$B$640-3,1),10),IF($O39=\"Class_6\",INDEX('ER C6 FLT3'!$A$4:$J$640,MATCH(DropData!$J79&$C39,'ER C6 FLT3'!$A$4:$A$640&'ER C6 FLT3'!$B$4:$B$640-3,1),10)))),IF($B39=\"2 Trucks\",IF(OR($O39=\"Class_8\",$N39=\"Replacement8HHD\",$AI39=\"CL7HHD\"),INDEX('ER C8 FLT2'!$A$4:$J$640,MATCH(DropData!$J79&$C39,'ER C8 FLT2'!$A$4:$A$640&'ER C8 FLT2'!$B$4:$B$640-3,1),10),IF($O39=\"Class_7\",INDEX('ER C7 FLT2'!$A$4:$J$640,MATCH(DropData!$J79&$C39,'ER C7 FLT2'!$A$4:$A$640&'ER C7 FLT2'!$B$4:$B$640-3,1),10),IF($O39=\"Class_6\",INDEX('ER C6 FLT2'!$A$4:$J$640,MATCH(DropData!$J79&$C39,'ER C6 FLT2'!$A$4:$A$640&'ER C6 FLT2'!$B$4:$B$640-3,1),10)))),IF($B39=\"1 Truck\",IF(OR($O39=\"Class_8\",$N39=\"Replacement8HHD\",$AI39=\"CL7HHD\"),INDEX('ER C8 FLT1'!$A$4:$J$640,MATCH(DropData!$J79&$C39,'ER C8 FLT1'!$A$4:$A$640&'ER C8 FLT1'!$B$4:$B$640-3,1),10),IF($O39=\"Class_7\",INDEX('ER C7 FLT1'!$A$4:$J$640,MATCH(DropData!$J79&$C39,'ER C7 FLT1'!$A$4:$A$640&'ER C7 FLT1'!$B$4:$B$640-3,1),10),IF($O39=\"Class_6\",INDEX('ER C6 FLT1'!$A$4:$J$640,MATCH(DropData!$J79&$C39,'ER C6 FLT1'!$A$4:$A$640&'ER C6 FLT1'!$B$4:$B$640-3,1),10))))))),IF($R39=\"Electric\",OFFSET(INDEX('ER Electric'!$A$6:$E$44,MATCH($C39&$O39,'ER Electric'!$A$6:$A$44&'ER Electric'!$B$6:$B$44,1),5),9,0)))*(($Q39+$AC39)/453.6)","v":0},{"$f":"IF(OR($R39=\"Diesel\",$R39=\"LNG/CNG\",$R39=\"Hybrid\",$R39=\"Electric w/ AB-118\"),IF($B39=\"3+ Trucks\",IF(OR($O39=\"Class_8\",$N39=\"Replacement8HHD\",$AI39=\"CL7HHD\"),INDEX('ER C8 FLT3'!$A$4:$J$640,MATCH(DropData!$J79&$C39,'ER C8 FLT3'!$A$4:$A$640&'ER C8 FLT3'!$B$4:$B$640-4,1),10),IF($O39=\"Class_7\",INDEX('ER C7 FLT3'!$A$4:$J$640,MATCH(DropData!$J79&$C39,'ER C7 FLT3'!$A$4:$A$640&'ER C7 FLT3'!$B$4:$B$640-4,1),10),IF($O39=\"Class_6\",INDEX('ER C6 FLT3'!$A$4:$J$640,MATCH(DropData!$J79&$C39,'ER C6 FLT3'!$A$4:$A$640&'ER C6 FLT3'!$B$4:$B$640-4,1),10)))),IF($B39=\"2 Trucks\",IF(OR($O39=\"Class_8\",$N39=\"Replacement8HHD\",$AI39=\"CL7HHD\"),INDEX('ER C8 FLT2'!$A$4:$J$640,MATCH(DropData!$J79&$C39,'ER C8 FLT2'!$A$4:$A$640&'ER C8 FLT2'!$B$4:$B$640-4,1),10),IF($O39=\"Class_7\",INDEX('ER C7 FLT2'!$A$4:$J$640,MATCH(DropData!$J79&$C39,'ER C7 FLT2'!$A$4:$A$640&'ER C7 FLT2'!$B$4:$B$640-4,1),10),IF($O39=\"Class_6\",INDEX('ER C6 FLT2'!$A$4:$J$640,MATCH(DropData!$J79&$C39,'ER C6 FLT2'!$A$4:$A$640&'ER C6 FLT2'!$B$4:$B$640-4,1),10)))),IF($B39=\"1 Truck\",IF(OR($O39=\"Class_8\",$N39=\"Replacement8HHD\",$AI39=\"CL7HHD\"),INDEX('ER C8 FLT1'!$A$4:$J$640,MATCH(DropData!$J79&$C39,'ER C8 FLT1'!$A$4:$A$640&'ER C8 FLT1'!$B$4:$B$640-4,1),10),IF($O39=\"Class_7\",INDEX('ER C7 FLT1'!$A$4:$J$640,MATCH(DropData!$J79&$C39,'ER C7 FLT1'!$A$4:$A$640&'ER C7 FLT1'!$B$4:$B$640-4,1),10),IF($O39=\"Class_6\",INDEX('ER C6 FLT1'!$A$4:$J$640,MATCH(DropData!$J79&$C39,'ER C6 FLT1'!$A$4:$A$640&'ER C6 FLT1'!$B$4:$B$640-4,1),10))))))),IF($R39=\"Electric\",OFFSET(INDEX('ER Electric'!$A$6:$E$44,MATCH($C39&$O39,'ER Electric'!$A$6:$A$44&'ER Electric'!$B$6:$B$44,1),5),12,0)))*(($Q39+$AC39)/453.6)","v":0},{"$f":"IF(OR($R39=\"Diesel\",$R39=\"LNG/CNG\",$R39=\"Hybrid\",$R39=\"Electric w/ AB-118\"),IF($B39=\"3+ Trucks\",IF(OR($O39=\"Class_8\",$N39=\"Replacement8HHD\",$AI39=\"CL7HHD\"),INDEX('ER C8 FLT3'!$A$4:$J$640,MATCH(DropData!$J79&$C39,'ER C8 FLT3'!$A$4:$A$640&'ER C8 FLT3'!$B$4:$B$640,1),10),IF($O39=\"Class_7\",INDEX('ER C7 FLT3'!$A$4:$J$640,MATCH(DropData!$J79&$C39,'ER C7 FLT3'!$A$4:$A$640&'ER C7 FLT3'!$B$4:$B$640,1),10),IF($O39=\"Class_6\",INDEX('ER C6 FLT3'!$A$4:$J$640,MATCH(DropData!$J79&$C39,'ER C6 FLT3'!$A$4:$A$640&'ER C6 FLT3'!$B$4:$B$640,1),10)))),IF($B39=\"2 Trucks\",IF(OR($O39=\"Class_8\",$N39=\"Replacement8HHD\",$AI39=\"CL7HHD\"),INDEX('ER C8 FLT2'!$A$4:$J$640,MATCH(DropData!$J79&$C39,'ER C8 FLT2'!$A$4:$A$640&'ER C8 FLT2'!$B$4:$B$640,1),10),IF($O39=\"Class_7\",INDEX('ER C7 FLT2'!$A$4:$J$640,MATCH(DropData!$J79&$C39,'ER C7 FLT2'!$A$4:$A$640&'ER C7 FLT2'!$B$4:$B$640,1),10),IF($O39=\"Class_6\",INDEX('ER C6 FLT2'!$A$4:$J$640,MATCH(DropData!$J79&$C39,'ER C6 FLT2'!$A$4:$A$640&'ER C6 FLT2'!$B$4:$B$640,1),10)))),IF($B39=\"1 Truck\",IF(OR($O39=\"Class_8\",$N39=\"Replacement8HHD\",$AI39=\"CL7HHD\"),INDEX('ER C8 FLT1'!$A$4:$J$640,MATCH(DropData!$J79&$C39,'ER C8 FLT1'!$A$4:$A$640&'ER C8 FLT1'!$B$4:$B$640,1),10),IF($O39=\"Class_7\",INDEX('ER C7 FLT1'!$A$4:$J$640,MATCH(DropData!$J79&$C39,'ER C7 FLT1'!$A$4:$A$640&'ER C7 FLT1'!$B$4:$B$640,1),10),IF($O39=\"Class_6\",INDEX('ER C6 FLT1'!$A$4:$J$640,MATCH(DropData!$J79&$C39,'ER C6 FLT1'!$A$4:$A$640&'ER C6 FLT1'!$B$4:$B$640,1),10))))))),IF($R39=\"Electric\",INDEX('ER Electric'!$A$6:$E$44,MATCH($C39&$O39,'ER Electric'!$A$6:$A$44&'ER Electric'!$B$6:$B$44,1),5)))","v":false},{"$f":"IF(OR($R39=\"Diesel\",$R39=\"LNG/CNG\",$R39=\"Hybrid\",$R39=\"Electric w/ AB-118\"),IF($B39=\"3+ Trucks\",IF(OR($O39=\"Class_8\",$N39=\"Replacement8HHD\",$AI39=\"CL7HHD\"),INDEX('ER C8 FLT3'!$A$4:$J$640,MATCH(DropData!$J79&$C39,'ER C8 FLT3'!$A$4:$A$640&'ER C8 FLT3'!$B$4:$B$640-1,1),10),IF($O39=\"Class_7\",INDEX('ER C7 FLT3'!$A$4:$J$640,MATCH(DropData!$J79&$C39,'ER C7 FLT3'!$A$4:$A$640&'ER C7 FLT3'!$B$4:$B$640-1,1),10),IF($O39=\"Class_6\",INDEX('ER C6 FLT3'!$A$4:$J$640,MATCH(DropData!$J79&$C39,'ER C6 FLT3'!$A$4:$A$640&'ER C6 FLT3'!$B$4:$B$640-1,1),10)))),IF($B39=\"2 Trucks\",IF(OR($O39=\"Class_8\",$N39=\"Replacement8HHD\",$AI39=\"CL7HHD\"),INDEX('ER C8 FLT2'!$A$4:$J$640,MATCH(DropData!$J79&$C39,'ER C8 FLT2'!$A$4:$A$640&'ER C8 FLT2'!$B$4:$B$640-1,1),10),IF($O39=\"Class_7\",INDEX('ER C7 FLT2'!$A$4:$J$640,MATCH(DropData!$J79&$C39,'ER C7 FLT2'!$A$4:$A$640&'ER C7 FLT2'!$B$4:$B$640-1,1),10),IF($O39=\"Class_6\",INDEX('ER C6 FLT2'!$A$4:$J$640,MATCH(DropData!$J79&$C39,'ER C6 FLT2'!$A$4:$A$640&'ER C6 FLT2'!$B$4:$B$640-1,1),10)))),IF($B39=\"1 Truck\",IF(OR($O39=\"Class_8\",$N39=\"Replacement8HHD\",$AI39=\"CL7HHD\"),INDEX('ER C8 FLT1'!$A$4:$J$640,MATCH(DropData!$J79&$C39,'ER C8 FLT1'!$A$4:$A$640&'ER C8 FLT1'!$B$4:$B$640-1,1),10),IF($O39=\"Class_7\",INDEX('ER C7 FLT1'!$A$4:$J$640,MATCH(DropData!$J79&$C39,'ER C7 FLT1'!$A$4:$A$640&'ER C7 FLT1'!$B$4:$B$640-1,1),10),IF($O39=\"Class_6\",INDEX('ER C6 FLT1'!$A$4:$J$640,MATCH(DropData!$J79&$C39,'ER C6 FLT1'!$A$4:$A$640&'ER C6 FLT1'!$B$4:$B$640-1,1),10))))))),IF($R39=\"Electric\",OFFSET(INDEX('ER Electric'!$A$6:$E$44,MATCH($C39&$O39,'ER Electric'!$A$6:$A$44&'ER Electric'!$B$6:$B$44,1),5),3,0)))","v":false},{"$f":"IF(OR($R39=\"Diesel\",$R39=\"LNG/CNG\",$R39=\"Hybrid\",$R39=\"Electric w/ AB-118\"),IF($B39=\"3+ Trucks\",IF(OR($O39=\"Class_8\",$N39=\"Replacement8HHD\",$AI39=\"CL7HHD\"),INDEX('ER C8 FLT3'!$A$4:$J$640,MATCH(DropData!$J79&$C39,'ER C8 FLT3'!$A$4:$A$640&'ER C8 FLT3'!$B$4:$B$640-2,1),10),IF($O39=\"Class_7\",INDEX('ER C7 FLT3'!$A$4:$J$640,MATCH(DropData!$J79&$C39,'ER C7 FLT3'!$A$4:$A$640&'ER C7 FLT3'!$B$4:$B$640-2,1),10),IF($O39=\"Class_6\",INDEX('ER C6 FLT3'!$A$4:$J$640,MATCH(DropData!$J79&$C39,'ER C6 FLT3'!$A$4:$A$640&'ER C6 FLT3'!$B$4:$B$640-2,1),10)))),IF($B39=\"2 Trucks\",IF(OR($O39=\"Class_8\",$N39=\"Replacement8HHD\",$AI39=\"CL7HHD\"),INDEX('ER C8 FLT2'!$A$4:$J$640,MATCH(DropData!$J79&$C39,'ER C8 FLT2'!$A$4:$A$640&'ER C8 FLT2'!$B$4:$B$640-2,1),10),IF($O39=\"Class_7\",INDEX('ER C7 FLT2'!$A$4:$J$640,MATCH(DropData!$J79&$C39,'ER C7 FLT2'!$A$4:$A$640&'ER C7 FLT2'!$B$4:$B$640-2,1),10),IF($O39=\"Class_6\",INDEX('ER C6 FLT2'!$A$4:$J$640,MATCH(DropData!$J79&$C39,'ER C6 FLT2'!$A$4:$A$640&'ER C6 FLT2'!$B$4:$B$640-2,1),10)))),IF($B39=\"1 Truck\",IF(OR($O39=\"Class_8\",$N39=\"Replacement8HHD\",$AI39=\"CL7HHD\"),INDEX('ER C8 FLT1'!$A$4:$J$640,MATCH(DropData!$J79&$C39,'ER C8 FLT1'!$A$4:$A$640&'ER C8 FLT1'!$B$4:$B$640-2,1),10),IF($O39=\"Class_7\",INDEX('ER C7 FLT1'!$A$4:$J$640,MATCH(DropData!$J79&$C39,'ER C7 FLT1'!$A$4:$A$640&'ER C7 FLT1'!$B$4:$B$640-2,1),10),IF($O39=\"Class_6\",INDEX('ER C6 FLT1'!$A$4:$J$640,MATCH(DropData!$J79&$C39,'ER C6 FLT1'!$A$4:$A$640&'ER C6 FLT1'!$B$4:$B$640-2,1),10))))))),IF($R39=\"Electric\",OFFSET(INDEX('ER Electric'!$A$6:$E$44,MATCH($C39&$O39,'ER Electric'!$A$6:$A$44&'ER Electric'!$B$6:$B$44,1),5),6,0)))","v":false},{"$f":"IF(OR($R39=\"Diesel\",$R39=\"LNG/CNG\",$R39=\"Hybrid\",$R39=\"Electric w/ AB-118\"),IF($B39=\"3+ Trucks\",IF(OR($O39=\"Class_8\",$N39=\"Replacement8HHD\",$AI39=\"CL7HHD\"),INDEX('ER C8 FLT3'!$A$4:$J$640,MATCH(DropData!$J79&$C39,'ER C8 FLT3'!$A$4:$A$640&'ER C8 FLT3'!$B$4:$B$640-3,1),10),IF($O39=\"Class_7\",INDEX('ER C7 FLT3'!$A$4:$J$640,MATCH(DropData!$J79&$C39,'ER C7 FLT3'!$A$4:$A$640&'ER C7 FLT3'!$B$4:$B$640-3,1),10),IF($O39=\"Class_6\",INDEX('ER C6 FLT3'!$A$4:$J$640,MATCH(DropData!$J79&$C39,'ER C6 FLT3'!$A$4:$A$640&'ER C6 FLT3'!$B$4:$B$640-3,1),10)))),IF($B39=\"2 Trucks\",IF(OR($O39=\"Class_8\",$N39=\"Replacement8HHD\",$AI39=\"CL7HHD\"),INDEX('ER C8 FLT2'!$A$4:$J$640,MATCH(DropData!$J79&$C39,'ER C8 FLT2'!$A$4:$A$640&'ER C8 FLT2'!$B$4:$B$640-3,1),10),IF($O39=\"Class_7\",INDEX('ER C7 FLT2'!$A$4:$J$640,MATCH(DropData!$J79&$C39,'ER C7 FLT2'!$A$4:$A$640&'ER C7 FLT2'!$B$4:$B$640-3,1),10),IF($O39=\"Class_6\",INDEX('ER C6 FLT2'!$A$4:$J$640,MATCH(DropData!$J79&$C39,'ER C6 FLT2'!$A$4:$A$640&'ER C6 FLT2'!$B$4:$B$640-3,1),10)))),IF($B39=\"1 Truck\",IF(OR($O39=\"Class_8\",$N39=\"Replacement8HHD\",$AI39=\"CL7HHD\"),INDEX('ER C8 FLT1'!$A$4:$J$640,MATCH(DropData!$J79&$C39,'ER C8 FLT1'!$A$4:$A$640&'ER C8 FLT1'!$B$4:$B$640-3,1),10),IF($O39=\"Class_7\",INDEX('ER C7 FLT1'!$A$4:$J$640,MATCH(DropData!$J79&$C39,'ER C7 FLT1'!$A$4:$A$640&'ER C7 FLT1'!$B$4:$B$640-3,1),10),IF($O39=\"Class_6\",INDEX('ER C6 FLT1'!$A$4:$J$640,MATCH(DropData!$J79&$C39,'ER C6 FLT1'!$A$4:$A$640&'ER C6 FLT1'!$B$4:$B$640-3,1),10))))))),IF($R39=\"Electric\",OFFSET(INDEX('ER Electric'!$A$6:$E$44,MATCH($C39&$O39,'ER Electric'!$A$6:$A$44&'ER Electric'!$B$6:$B$44,1),5),9,0)))","v":false},{"$f":"IF(OR($R39=\"Diesel\",$R39=\"LNG/CNG\",$R39=\"Hybrid\",$R39=\"Electric w/ AB-118\"),IF($B39=\"3+ Trucks\",IF(OR($O39=\"Class_8\",$N39=\"Replacement8HHD\",$AI39=\"CL7HHD\"),INDEX('ER C8 FLT3'!$A$4:$J$640,MATCH(DropData!$J79&$C39,'ER C8 FLT3'!$A$4:$A$640&'ER C8 FLT3'!$B$4:$B$640-4,1),10),IF($O39=\"Class_7\",INDEX('ER C7 FLT3'!$A$4:$J$640,MATCH(DropData!$J79&$C39,'ER C7 FLT3'!$A$4:$A$640&'ER C7 FLT3'!$B$4:$B$640-4,1),10),IF($O39=\"Class_6\",INDEX('ER C6 FLT3'!$A$4:$J$640,MATCH(DropData!$J79&$C39,'ER C6 FLT3'!$A$4:$A$640&'ER C6 FLT3'!$B$4:$B$640-4,1),10)))),IF($B39=\"2 Trucks\",IF(OR($O39=\"Class_8\",$N39=\"Replacement8HHD\",$AI39=\"CL7HHD\"),INDEX('ER C8 FLT2'!$A$4:$J$640,MATCH(DropData!$J79&$C39,'ER C8 FLT2'!$A$4:$A$640&'ER C8 FLT2'!$B$4:$B$640-4,1),10),IF($O39=\"Class_7\",INDEX('ER C7 FLT2'!$A$4:$J$640,MATCH(DropData!$J79&$C39,'ER C7 FLT2'!$A$4:$A$640&'ER C7 FLT2'!$B$4:$B$640-4,1),10),IF($O39=\"Class_6\",INDEX('ER C6 FLT2'!$A$4:$J$640,MATCH(DropData!$J79&$C39,'ER C6 FLT2'!$A$4:$A$640&'ER C6 FLT2'!$B$4:$B$640-4,1),10)))),IF($B39=\"1 Truck\",IF(OR($O39=\"Class_8\",$N39=\"Replacement8HHD\",$AI39=\"CL7HHD\"),INDEX('ER C8 FLT1'!$A$4:$J$640,MATCH(DropData!$J79&$C39,'ER C8 FLT1'!$A$4:$A$640&'ER C8 FLT1'!$B$4:$B$640-4,1),10),IF($O39=\"Class_7\",INDEX('ER C7 FLT1'!$A$4:$J$640,MATCH(DropData!$J79&$C39,'ER C7 FLT1'!$A$4:$A$640&'ER C7 FLT1'!$B$4:$B$640-4,1),10),IF($O39=\"Class_6\",INDEX('ER C6 FLT1'!$A$4:$J$640,MATCH(DropData!$J79&$C39,'ER C6 FLT1'!$A$4:$A$640&'ER C6 FLT1'!$B$4:$B$640-4,1),10))))))),IF($R39=\"Electric\",OFFSET(INDEX('ER Electric'!$A$6:$E$44,MATCH($C39&$O39,'ER Electric'!$A$6:$A$44&'ER Electric'!$B$6:$B$44,1),5),12,0)))","v":false},0,{"$f":"IF($B39=\"3+ Trucks\",IF($Z39=\"Class_8\",INDEX('ER C8 FLT3'!$A$4:$J$640,MATCH($W39&$C39,'ER C8 FLT3'!$A$4:$A$640&'ER C8 FLT3'!$B$4:$B$640,1),10),IF($Z39=\"Class_7\",INDEX('ER C7 FLT3'!$A$4:$J$640,MATCH($W39&$C39,'ER C7 FLT3'!$A$4:$A$640&'ER C7 FLT3'!$B$4:$B$640,1),10),IF($Z39=\"Class_6\",INDEX('ER C6 FLT3'!$A$4:$J$640,MATCH($W39&$C39,'ER C6 FLT3'!$A$4:$A$640&'ER C6 FLT3'!$B$4:$B$640,1),10)))),IF($B39=\"2 Trucks\",IF($Z39=\"Class_8\",INDEX('ER C8 FLT2'!$A$4:$J$640,MATCH($W39&$C39,'ER C8 FLT2'!$A$4:$A$640&'ER C8 FLT2'!$B$4:$B$640,1),10),IF($Z39=\"Class_7\",INDEX('ER C7 FLT2'!$A$4:$J$640,MATCH($W39&$C39,'ER C7 FLT2'!$A$4:$A$640&'ER C7 FLT2'!$B$4:$B$640,1),10),IF($Z39=\"Class_6\",INDEX('ER C6 FLT2'!$A$4:$J$640,MATCH($W39&$C39,'ER C6 FLT2'!$A$4:$A$640&'ER C6 FLT2'!$B$4:$B$640,1),10)))),IF($B39=\"1 Truck\",IF($Z39=\"Class_8\",INDEX('ER C8 FLT1'!$A$4:$J$640,MATCH($W39&$C39,'ER C8 FLT1'!$A$4:$A$640&'ER C8 FLT1'!$B$4:$B$640,1),10),IF($Z39=\"Class_7\",INDEX('ER C7 FLT1'!$A$4:$J$640,MATCH($W39&$C39,'ER C7 FLT1'!$A$4:$A$640&'ER C7 FLT1'!$B$4:$B$640,1),10)*IF($Z39=\"Class_7\",INDEX('ER C7 FLT1'!$A$4:$J$640,MATCH($W39&$C39,'ER C7 FLT1'!$A$4:$A$640&'ER C7 FLT1'!$B$4:$B$640,1),10)),IF($Z39=\"Class_6\",INDEX('ER C6 FLT1'!$A$4:$J$640,MATCH($W39&$C39,'ER C6 FLT1'!$A$4:$A$640&'ER C6 FLT1'!$B$4:$B$640,1),10)*IF($Z39=\"Class_6\",INDEX('ER C6 FLT1'!$A$4:$J$640,MATCH($W39&$C39,'ER C6 FLT1'!$A$4:$A$640&'ER C6 FLT1'!$B$4:$B$640,1),10))))))))*($AC39/453.6)","v":0},0,0,{"$f":"IF($B39=\"3+ Trucks\",IF($Z39=\"Class_8\",INDEX('ER C8 FLT3'!$A$4:$J$640,MATCH($W39&$C39,'ER C8 FLT3'!$A$4:$A$640&'ER C8 FLT3'!$B$4:$B$640-1,1),10),IF($Z39=\"Class_7\",INDEX('ER C7 FLT3'!$A$4:$J$640,MATCH($W39&$C39,'ER C7 FLT3'!$A$4:$A$640&'ER C7 FLT3'!$B$4:$B$640-1,1),10),IF($Z39=\"Class_6\",INDEX('ER C6 FLT3'!$A$4:$J$640,MATCH($W39&$C39,'ER C6 FLT3'!$A$4:$A$640&'ER C6 FLT3'!$B$4:$B$640-1,1),10)))),IF($B39=\"2 Trucks\",IF($Z39=\"Class_8\",INDEX('ER C8 FLT2'!$A$4:$J$640,MATCH($W39&$C39,'ER C8 FLT2'!$A$4:$A$640&'ER C8 FLT2'!$B$4:$B$640-1,1),10),IF($Z39=\"Class_7\",INDEX('ER C7 FLT2'!$A$4:$J$640,MATCH($W39&$C39,'ER C7 FLT2'!$A$4:$A$640&'ER C7 FLT2'!$B$4:$B$640-1,1),10),IF($Z39=\"Class_6\",INDEX('ER C6 FLT2'!$A$4:$J$640,MATCH($W39&$C39,'ER C6 FLT2'!$A$4:$A$640&'ER C6 FLT2'!$B$4:$B$640-1,1),10)))),IF($B39=\"1 Truck\",IF($Z39=\"Class_8\",INDEX('ER C8 FLT1'!$A$4:$J$640,MATCH($W39&$C39,'ER C8 FLT1'!$A$4:$A$640&'ER C8 FLT1'!$B$4:$B$640-1,1),10),IF($Z39=\"Class_7\",INDEX('ER C7 FLT1'!$A$4:$J$640,MATCH($W39&$C39,'ER C7 FLT1'!$A$4:$A$640&'ER C7 FLT1'!$B$4:$B$640-1,1),10)*IF($Z39=\"Class_7\",INDEX('ER C7 FLT1'!$A$4:$J$640,MATCH($W39&$C39,'ER C7 FLT1'!$A$4:$A$640&'ER C7 FLT1'!$B$4:$B$640-1,1),10)),IF($Z39=\"Class_6\",INDEX('ER C6 FLT1'!$A$4:$J$640,MATCH($W39&$C39,'ER C6 FLT1'!$A$4:$A$640&'ER C6 FLT1'!$B$4:$B$640-1,1),10)*IF($Z39=\"Class_6\",INDEX('ER C6 FLT1'!$A$4:$J$640,MATCH($W39&$C39,'ER C6 FLT1'!$A$4:$A$640&'ER C6 FLT1'!$B$4:$B$640-1,1),10))))))))*($AC39/453.6)","v":0},0,0,{"$f":"IF($B39=\"3+ Trucks\",IF($Z39=\"Class_8\",INDEX('ER C8 FLT3'!$A$4:$J$640,MATCH($W39&$C39,'ER C8 FLT3'!$A$4:$A$640&'ER C8 FLT3'!$B$4:$B$640-2,1),10),IF($Z39=\"Class_7\",INDEX('ER C7 FLT3'!$A$4:$J$640,MATCH($W39&$C39,'ER C7 FLT3'!$A$4:$A$640&'ER C7 FLT3'!$B$4:$B$640-2,1),10),IF($Z39=\"Class_6\",INDEX('ER C6 FLT3'!$A$4:$J$640,MATCH($W39&$C39,'ER C6 FLT3'!$A$4:$A$640&'ER C6 FLT3'!$B$4:$B$640-2,1),10)))),IF($B39=\"2 Trucks\",IF($Z39=\"Class_8\",INDEX('ER C8 FLT2'!$A$4:$J$640,MATCH($W39&$C39,'ER C8 FLT2'!$A$4:$A$640&'ER C8 FLT2'!$B$4:$B$640-2,1),10),IF($Z39=\"Class_7\",INDEX('ER C7 FLT2'!$A$4:$J$640,MATCH($W39&$C39,'ER C7 FLT2'!$A$4:$A$640&'ER C7 FLT2'!$B$4:$B$640-2,1),10),IF($Z39=\"Class_6\",INDEX('ER C6 FLT2'!$A$4:$J$640,MATCH($W39&$C39,'ER C6 FLT2'!$A$4:$A$640&'ER C6 FLT2'!$B$4:$B$640-2,1),10)))),IF($B39=\"1 Truck\",IF($Z39=\"Class_8\",INDEX('ER C8 FLT1'!$A$4:$J$640,MATCH($W39&$C39,'ER C8 FLT1'!$A$4:$A$640&'ER C8 FLT1'!$B$4:$B$640-2,1),10),IF($Z39=\"Class_7\",INDEX('ER C7 FLT1'!$A$4:$J$640,MATCH($W39&$C39,'ER C7 FLT1'!$A$4:$A$640&'ER C7 FLT1'!$B$4:$B$640-2,1),10)*IF($Z39=\"Class_7\",INDEX('ER C7 FLT1'!$A$4:$J$640,MATCH($W39&$C39,'ER C7 FLT1'!$A$4:$A$640&'ER C7 FLT1'!$B$4:$B$640-2,1),10)),IF($Z39=\"Class_6\",INDEX('ER C6 FLT1'!$A$4:$J$640,MATCH($W39&$C39,'ER C6 FLT1'!$A$4:$A$640&'ER C6 FLT1'!$B$4:$B$640-2,1),10)*IF($Z39=\"Class_6\",INDEX('ER C6 FLT1'!$A$4:$J$640,MATCH($W39&$C39,'ER C6 FLT1'!$A$4:$A$640&'ER C6 FLT1'!$B$4:$B$640-2,1),10))))))))*($AC39/453.6)","v":0},0,0,{"$f":"IF($B39=\"3+ Trucks\",IF($Z39=\"Class_8\",INDEX('ER C8 FLT3'!$A$4:$J$640,MATCH($W39&$C39,'ER C8 FLT3'!$A$4:$A$640&'ER C8 FLT3'!$B$4:$B$640-3,1),10),IF($Z39=\"Class_7\",INDEX('ER C7 FLT3'!$A$4:$J$640,MATCH($W39&$C39,'ER C7 FLT3'!$A$4:$A$640&'ER C7 FLT3'!$B$4:$B$640-3,1),10),IF($Z39=\"Class_6\",INDEX('ER C6 FLT3'!$A$4:$J$640,MATCH($W39&$C39,'ER C6 FLT3'!$A$4:$A$640&'ER C6 FLT3'!$B$4:$B$640-3,1),10)))),IF($B39=\"2 Trucks\",IF($Z39=\"Class_8\",INDEX('ER C8 FLT2'!$A$4:$J$640,MATCH($W39&$C39,'ER C8 FLT2'!$A$4:$A$640&'ER C8 FLT2'!$B$4:$B$640-3,1),10),IF($Z39=\"Class_7\",INDEX('ER C7 FLT2'!$A$4:$J$640,MATCH($W39&$C39,'ER C7 FLT2'!$A$4:$A$640&'ER C7 FLT2'!$B$4:$B$640-3,1),10),IF($Z39=\"Class_6\",INDEX('ER C6 FLT2'!$A$4:$J$640,MATCH($W39&$C39,'ER C6 FLT2'!$A$4:$A$640&'ER C6 FLT2'!$B$4:$B$640-3,1),10)))),IF($B39=\"1 Truck\",IF($Z39=\"Class_8\",INDEX('ER C8 FLT1'!$A$4:$J$640,MATCH($W39&$C39,'ER C8 FLT1'!$A$4:$A$640&'ER C8 FLT1'!$B$4:$B$640-3,1),10),IF($Z39=\"Class_7\",INDEX('ER C7 FLT1'!$A$4:$J$640,MATCH($W39&$C39,'ER C7 FLT1'!$A$4:$A$640&'ER C7 FLT1'!$B$4:$B$640-3,1),10)*IF($Z39=\"Class_7\",INDEX('ER C7 FLT1'!$A$4:$J$640,MATCH($W39&$C39,'ER C7 FLT1'!$A$4:$A$640&'ER C7 FLT1'!$B$4:$B$640-3,1),10)),IF($Z39=\"Class_6\",INDEX('ER C6 FLT1'!$A$4:$J$640,MATCH($W39&$C39,'ER C6 FLT1'!$A$4:$A$640&'ER C6 FLT1'!$B$4:$B$640-3,1),10)*IF($Z39=\"Class_6\",INDEX('ER C6 FLT1'!$A$4:$J$640,MATCH($W39&$C39,'ER C6 FLT1'!$A$4:$A$640&'ER C6 FLT1'!$B$4:$B$640-3,1),10))))))))*($AC39/453.6)","v":0},0,0,{"$f":"IF($B39=\"3+ Trucks\",IF($Z39=\"Class_8\",INDEX('ER C8 FLT3'!$A$4:$J$640,MATCH($W39&$C39,'ER C8 FLT3'!$A$4:$A$640&'ER C8 FLT3'!$B$4:$B$640-4,1),10),IF($Z39=\"Class_7\",INDEX('ER C7 FLT3'!$A$4:$J$640,MATCH($W39&$C39,'ER C7 FLT3'!$A$4:$A$640&'ER C7 FLT3'!$B$4:$B$640-4,1),10),IF($Z39=\"Class_6\",INDEX('ER C6 FLT3'!$A$4:$J$640,MATCH($W39&$C39,'ER C6 FLT3'!$A$4:$A$640&'ER C6 FLT3'!$B$4:$B$640-4,1),10)))),IF($B39=\"2 Trucks\",IF($Z39=\"Class_8\",INDEX('ER C8 FLT2'!$A$4:$J$640,MATCH($W39&$C39,'ER C8 FLT2'!$A$4:$A$640&'ER C8 FLT2'!$B$4:$B$640-4,1),10),IF($Z39=\"Class_7\",INDEX('ER C7 FLT2'!$A$4:$J$640,MATCH($W39&$C39,'ER C7 FLT2'!$A$4:$A$640&'ER C7 FLT2'!$B$4:$B$640-4,1),10),IF($Z39=\"Class_6\",INDEX('ER C6 FLT2'!$A$4:$J$640,MATCH($W39&$C39,'ER C6 FLT2'!$A$4:$A$640&'ER C6 FLT2'!$B$4:$B$640-4,1),10)))),IF($B39=\"1 Truck\",IF($Z39=\"Class_8\",INDEX('ER C8 FLT1'!$A$4:$J$640,MATCH($W39&$C39,'ER C8 FLT1'!$A$4:$A$640&'ER C8 FLT1'!$B$4:$B$640-4,1),10),IF($Z39=\"Class_7\",INDEX('ER C7 FLT1'!$A$4:$J$640,MATCH($W39&$C39,'ER C7 FLT1'!$A$4:$A$640&'ER C7 FLT1'!$B$4:$B$640-4,1),10)*IF($Z39=\"Class_7\",INDEX('ER C7 FLT1'!$A$4:$J$640,MATCH($W39&$C39,'ER C7 FLT1'!$A$4:$A$640&'ER C7 FLT1'!$B$4:$B$640-4,1),10)),IF($Z39=\"Class_6\",INDEX('ER C6 FLT1'!$A$4:$J$640,MATCH($W39&$C39,'ER C6 FLT1'!$A$4:$A$640&'ER C6 FLT1'!$B$4:$B$640-4,1),10)*IF($Z39=\"Class_6\",INDEX('ER C6 FLT1'!$A$4:$J$640,MATCH($W39&$C39,'ER C6 FLT1'!$A$4:$A$640&'ER C6 FLT1'!$B$4:$B$640-4,1),10))))))))*($AC39/453.6)","v":0},0,0]
[{"$f":"'Input data'!A46","v":"project 42"},{"$f":"'Input data'!B46","v":0},{"$f":"'Input data'!C46","v":0},{"$f":"'Input data'!D46","v":0},{"$f":"'Input data'!E46","v":0},{"$f":"'Input data'!F46","v":0},{"$f":"'Input data'!G46","v":0},{"$f":"'Input data'!H46","v":""},{"$f":"'Input data'!I46","v":0},{"$f":"'Input data'!J46","v":0},{"$f":"'Input data'!K46","v":0},{"$f":"'Input data'!AK46","v":false},{"$f":"'Input data'!M46","v":0},{"$f":"'Input data'!AJ46","v":0},{"$f":"'Input data'!L46","v":0},{"$f":"'Input data'!N46","v":0},{"$f":"'Input data'!O46","v":0},{"$f":"'Input data'!P46","v":0},{"$f":"'Input data'!Q46","v":0},{"$f":"'Input data'!R46","v":"0"},{"$f":"'Input data'!$S46","v":"No"},{"$f":"'Input data'!T46","v":"No"},{"$f":"'Input data'!U46","v":0},{"$f":"'Input data'!V46","v":0},{"$f":"'Input data'!W46","v":0},{"$f":"'Input data'!X46","v":""},{"$f":"'Input data'!Y46","v":0},{"$f":"'Input data'!Z46","v":0},{"$f":"'Input data'!AA46","v":0},null,null,{"$f":"'Input data'!AD46","v":0},{"$f":"'Input data'!AE46","v":false},{"$f":"'Input data'!AF46","v":false},{"$f":"'Input data'!AG46","v":false},{"$f":"'Input data'!AH46","v":false},null,{"$f":"IF($B48=\"3+ Trucks\",IF(OR($H48=\"Class_8\",$N48=\"Replacement8HHD\",$AH48=\"CL7HHD\",$AJ48=\"CL7to8\"),INDEX('ER C8 FLT3'!$A$4:$J$640,MATCH($E48&$C48,'ER C8 FLT3'!$A$4:$A$640&'ER C8 FLT3'!$B$4:$B$640,1),8)*IF(OR($H48=\"Class_8\",$N48=\"Replacement8HHD\",$AH48=\"CL7HHD\",$AJ48=\"CL7to8\"),INDEX('ER C8 FLT3'!$A$4:$J$640,MATCH($E48&$C48,'ER C8 FLT3'!$A$4:$A$640&'ER C8 FLT3'!$B$4:$B$640,1),9)),IF($H48=\"Class_7\",INDEX('ER C7 FLT3'!$A$4:$J$640,MATCH($E48&$C48,'ER C7 FLT3'!$A$4:$A$640&'ER C7 FLT3'!$B$4:$B$640,1),8)*IF($H48=\"Class_7\",INDEX('ER C7 FLT3'!$A$4:$J$640,MATCH($E48&$C48,'ER C7 FLT3'!$A$4:$A$640&'ER C7 FLT3'!$B$4:$B$640,1),9)),\nIF($H48=\"Class_6\",INDEX('ER C6 FLT3'!$A$4:$J$640,MATCH($E48&$C48,'ER C6 FLT3'!$A$4:$A$640&'ER C6 FLT3'!$B$4:$B$640,1),8)*IF($H48=\"Class_6\",INDEX('ER C6 FLT3'!$A$4:$L$640,MATCH($E48&$C48,'ER C6 FLT3'!$A$4:$A$640&'ER C6 FLT3'!$B$4:$B$640,1),9))))),IF($B48=\"2 Trucks\",IF(OR($H48=\"Class_8\",$N48=\"Replacement8HHD\",$AH48=\"CL7HHD\",$AJ48=\"CL7to8\"),INDEX('ER C8 FLT2'!$A$4:$J$640,MATCH($E48&$C48,'ER C8 FLT2'!$A$4:$A$640&'ER C8 FLT2'!$B$4:$B$640,1),8)*IF(OR($H48=\"Class_8\",$N48=\"Replacement8HHD\",$AH48=\"CL7HHD\",$AJ48=\"CL7to8\"),INDEX('ER C8 FLT2'!$A$4:$J$640,MATCH($E48&$C48,'ER C8 FLT2'!$A$4:$A$640&'ER C8 FLT2'!$B$4:$B$640,1),9)),IF($H48=\"Class_7\",INDEX('ER C7 FLT2'!$A$4:$J$640,MATCH($E48&$C48,'ER C7 FLT2'!$A$4:$A$640&'ER C7 FLT2'!$B$4:$B$640,1),8)*IF($H48=\"Class_7\",INDEX('ER C7 FLT2'!$A$4:$J$640,MATCH($E48&$C48,'ER C7 FLT2'!$A$4:$A$640&'ER C7 FLT2'!$B$4:$B$640,1),9)),IF($H48=\"Class_6\",INDEX('ER C6 FLT2'!$A$4:$J$640,MATCH($E48&$C48,'ER C6 FLT2'!$A$4:$A$640&'ER C6 FLT2'!$B$4:$B$640,1),8)*IF($H48=\"Class_6\",INDEX('ER C6 FLT2'!$A$4:$J$640,MATCH($E48&$C48,'ER C6 FLT2'!$A$4:$A$640&'ER C6 FLT2'!$B$4:$B$640,1),9))))),IF($B48=\"1 Truck\",\nIF(OR($H48=\"Class_8\",$N48=\"Replacement8HHD\",$AH48=\"CL7HHD\",$AJ48=\"CL7to8\"),INDEX('ER C8 FLT1'!$A$4:$J$640,MATCH($E48&$C48,'ER C8 FLT1'!$A$4:$A$640&'ER C8 FLT1'!$B$4:$B$640,1),8)*IF(OR($H48=\"Class_8\",$N48=\"Replacement8HHD\",$AH48=\"CL7HHD\",$AJ48=\"CL7to8\"),INDEX('ER C8 FLT1'!$A$4:$J$640,MATCH($E48&$C48,'ER C8 FLT1'!$A$4:$A$640&'ER C8 FLT1'!$B$4:$B$640,1),9)),IF($H48=\"Class_7\",INDEX('ER C7 FLT1'!$A$4:$J$640,MATCH($E48&$C48,'ER C7 FLT1'!$A$4:$A$640&'ER C7 FLT1'!$B$4:$B$640,1),8)*IF($H48=\"Class_7\",INDEX('ER C7 FLT1'!$A$4:$J$640,MATCH($E48&$C48,'ER C7 FLT1'!$A$4:$A$640&'ER C7 FLT1'!$B$4:$B$640,1),9)),\nIF($H48=\"Class_6\",INDEX('ER C6 FLT1'!$A$4:$J$640,MATCH($E48&$C48,'ER C6 FLT1'!$A$4:$A$640&'ER C6 FLT1'!$B$4:$B$640,1),8)*IF($H48=\"Class_6\",INDEX('ER C6 FLT1'!$A$4:$J$640,MATCH($E48&$C48,'ER C6 FLT1'!$A$4:$A$640&'ER C6 FLT1'!$B$4:$B$640,1),9))))))))*IF($F48=\"Level 1 PM\",0.75,IF($F48=\"Level 2 PM\",0.5,IF($F48=\"Level 3 PM\",0,IF($F48=\"Level 3 PM + Mark I NOx\",0,1))))*($Q48/453.6)","v":0},{"$f":"IF($B48=\"3+ Trucks\",IF(OR($H48=\"Class_8\",$N48=\"Replacement8HHD\",$AH48=\"CL7HHD\",$AJ48=\"CL7to8\"),INDEX('ER C8 FLT3'!$A$4:$J$640,MATCH($E48&$C48,'ER C8 FLT3'!$A$4:$A$640&'ER C8 FLT3'!$B$4:$B$640-1,1),8)*IF(OR($H48=\"Class_8\",$N48=\"Replacement8HHD\",$AH48=\"CL7HHD\",$AJ48=\"CL7to8\"),INDEX('ER C8 FLT3'!$A$4:$J$640,MATCH($E48&$C48,'ER C8 FLT3'!$A$4:$A$640&'ER C8 FLT3'!$B$4:$B$640-1,1),9)),IF($H48=\"Class_7\",INDEX('ER C7 FLT3'!$A$4:$J$640,MATCH($E48&$C48,'ER C7 FLT3'!$A$4:$A$640&'ER C7 FLT3'!$B$4:$B$640-1,1),8)*IF($H48=\"Class_7\",INDEX('ER C7 FLT3'!$A$4:$J$640,MATCH($E48&$C48,'ER C7 FLT3'!$A$4:$A$640&'ER C7 FLT3'!$B$4:$B$640-1,1),9)),\nIF($H48=\"Class_6\",INDEX('ER C6 FLT3'!$A$4:$J$640,MATCH($E48&$C48,'ER C6 FLT3'!$A$4:$A$640&'ER C6 FLT3'!$B$4:$B$640-1,1),8)*IF($H48=\"Class_6\",INDEX('ER C6 FLT3'!$A$4:$L$640,MATCH($E48&$C48,'ER C6 FLT3'!$A$4:$A$640&'ER C6 FLT3'!$B$4:$B$640-1,1),9))))),IF($B48=\"2 Trucks\",IF(OR($H48=\"Class_8\",$N48=\"Replacement8HHD\",$AH48=\"CL7HHD\",$AJ48=\"CL7to8\"),INDEX('ER C8 FLT2'!$A$4:$J$640,MATCH($E48&$C48,'ER C8 FLT2'!$A$4:$A$640&'ER C8 FLT2'!$B$4:$B$640-1,1),8)*IF(OR($H48=\"Class_8\",$N48=\"Replacement8HHD\",$AH48=\"CL7HHD\",$AJ48=\"CL7to8\"),INDEX('ER C8 FLT2'!$A$4:$J$640,MATCH($E48&$C48,'ER C8 FLT2'!$A$4:$A$640&'ER C8 FLT2'!$B$4:$B$640-1,1),9)),IF($H48=\"Class_7\",INDEX('ER C7 FLT2'!$A$4:$J$640,MATCH($E48&$C48,'ER C7 FLT2'!$A$4:$A$640&'ER C7 FLT2'!$B$4:$B$640-1,1),8)*IF($H48=\"Class_7\",INDEX('ER C7 FLT2'!$A$4:$J$640,MATCH($E48&$C48,'ER C7 FLT2'!$A$4:$A$640&'ER C7 FLT2'!$B$4:$B$640-1,1),9)),IF($H48=\"Class_6\",INDEX('ER C6 FLT2'!$A$4:$J$640,MATCH($E48&$C48,'ER C6 FLT2'!$A$4:$A$640&'ER C6 FLT2'!$B$4:$B$640-1,1),8)*IF($H48=\"Class_6\",INDEX('ER C6 FLT2'!$A$4:$J$640,MATCH($E48&$C48,'ER C6 FLT2'!$A$4:$A$640&'ER C6 FLT2'!$B$4:$B$640-1,1),9))))),IF($B48=\"1 Truck\",\nIF(OR($H48=\"Class_8\",$N48=\"Replacement8HHD\",$AH48=\"CL7HHD\",$AJ48=\"CL7to8\"),INDEX('ER C8 FLT1'!$A$4:$J$640,MATCH($E48&$C48,'ER C8 FLT1'!$A$4:$A$640&'ER C8 FLT1'!$B$4:$B$640-1,1),8)*IF(OR($H48=\"Class_8\",$N48=\"Replacement8HHD\",$AH48=\"CL7HHD\",$AJ48=\"CL7to8\"),INDEX('ER C8 FLT1'!$A$4:$J$640,MATCH($E48&$C48,'ER C8 FLT1'!$A$4:$A$640&'ER C8 FLT1'!$B$4:$B$640-1,1),9)),IF($H48=\"Class_7\",INDEX('ER C7 FLT1'!$A$4:$J$640,MATCH($E48&$C48,'ER C7 FLT1'!$A$4:$A$640&'ER C7 FLT1'!$B$4:$B$640-1,1),8)*IF($H48=\"Class_7\",INDEX('ER C7 FLT1'!$A$4:$J$640,MATCH($E48&$C48,'ER C7 FLT1'!$A$4:$A$640&'ER C7 FLT1'!$B$4:$B$640-1,1),9)),\nIF($H48=\"Class_6\",INDEX('ER C6 FLT1'!$A$4:$J$640,MATCH($E48&$C48,'ER C6 FLT1'!$A$4:$A$640&'ER C6 FLT1'!$B$4:$B$640-1,1),8)*IF($H48=\"Class_6\",INDEX('ER C6 FLT1'!$A$4:$J$640,MATCH($E48&$C48,'ER C6 FLT1'!$A$4:$A$640&'ER C6 FLT1'!$B$4:$B$640-1,1),9))))))))*IF($F48=\"Level 1 PM\",0.75,IF($F48=\"Level 2 PM\",0.5,IF($F48=\"Level 3 PM\",0,IF($F48=\"Level 3 PM + Mark I NOx\",0,1))))*($Q48/453.6)","v":0},{"$f":"IF($B48=\"3+ Trucks\",IF(OR($H48=\"Class_8\",$N48=\"Replacement8HHD\",$AH48=\"CL7HHD\",$AJ48=\"CL7to8\"),INDEX('ER C8 FLT3'!$A$4:$J$640,MATCH($E48&$C48,'ER C8 FLT3'!$A$4:$A$640&'ER C8 FLT3'!$B$4:$B$640-2,1),8)*IF(OR($H48=\"Class_8\",$N48=\"Replacement8HHD\",$AH48=\"CL7HHD\",$AJ48=\"CL7to8\"),INDEX('ER C8 FLT3'!$A$4:$J$640,MATCH($E48&$C48,'ER C8 FLT3'!$A$4:$A$640&'ER C8 FLT3'!$B$4:$B$640-2,1),9)),IF($H48=\"Class_7\",INDEX('ER C7 FLT3'!$A$4:$J$640,MATCH($E48&$C48,'ER C7 FLT3'!$A$4:$A$640&'ER C7 FLT3'!$B$4:$B$640-2,1),8)*IF($H48=\"Class_7\",INDEX('ER C7 FLT3'!$A$4:$J$640,MATCH($E48&$C48,'ER C7 FLT3'!$A$4:$A$640&'ER C7 FLT3'!$B$4:$B$640-2,1),9)),\nIF($H48=\"Class_6\",INDEX('ER C6 FLT3'!$A$4:$J$640,MATCH($E48&$C48,'ER C6 FLT3'!$A$4:$A$640&'ER C6 FLT3'!$B$4:$B$640-2,1),8)*IF($H48=\"Class_6\",INDEX('ER C6 FLT3'!$A$4:$L$640,MATCH($E48&$C48,'ER C6 FLT3'!$A$4:$A$640&'ER C6 FLT3'!$B$4:$B$640-2,1),9))))),IF($B48=\"2 Trucks\",IF(OR($H48=\"Class_8\",$N48=\"Replacement8HHD\",$AH48=\"CL7HHD\",$AJ48=\"CL7to8\"),INDEX('ER C8 FLT2'!$A$4:$J$640,MATCH($E48&$C48,'ER C8 FLT2'!$A$4:$A$640&'ER C8 FLT2'!$B$4:$B$640-2,1),8)*IF(OR($H48=\"Class_8\",$N48=\"Replacement8HHD\",$AH48=\"CL7HHD\",$AJ48=\"CL7to8\"),INDEX('ER C8 FLT2'!$A$4:$J$640,MATCH($E48&$C48,'ER C8 FLT2'!$A$4:$A$640&'ER C8 FLT2'!$B$4:$B$640-2,1),9)),IF($H48=\"Class_7\",INDEX('ER C7 FLT2'!$A$4:$J$640,MATCH($E48&$C48,'ER C7 FLT2'!$A$4:$A$640&'ER C7 FLT2'!$B$4:$B$640-2,1),8)*IF($H48=\"Class_7\",INDEX('ER C7 FLT2'!$A$4:$J$640,MATCH($E48&$C48,'ER C7 FLT2'!$A$4:$A$640&'ER C7 FLT2'!$B$4:$B$640-2,1),9)),IF($H48=\"Class_6\",INDEX('ER C6 FLT2'!$A$4:$J$640,MATCH($E48&$C48,'ER C6 FLT2'!$A$4:$A$640&'ER C6 FLT2'!$B$4:$B$640-2,1),8)*IF($H48=\"Class_6\",INDEX('ER C6 FLT2'!$A$4:$J$640,MATCH($E48&$C48,'ER C6 FLT2'!$A$4:$A$640&'ER C6 FLT2'!$B$4:$B$640-2,1),9))))),IF($B48=\"1 Truck\",\nIF(OR($H48=\"Class_8\",$N48=\"Replacement8HHD\",$AH48=\"CL7HHD\",$AJ48=\"CL7to8\"),INDEX('ER C8 FLT1'!$A$4:$J$640,MATCH($E48&$C48,'ER C8 FLT1'!$A$4:$A$640&'ER C8 FLT1'!$B$4:$B$640-2,1),8)*IF(OR($H48=\"Class_8\",$N48=\"Replacement8HHD\",$AH48=\"CL7HHD\",$AJ48=\"CL7to8\"),INDEX('ER C8 FLT1'!$A$4:$J$640,MATCH($E48&$C48,'ER C8 FLT1'!$A$4:$A$640&'ER C8 FLT1'!$B$4:$B$640-2,1),9)),IF($H48=\"Class_7\",INDEX('ER C7 FLT1'!$A$4:$J$640,MATCH($E48&$C48,'ER C7 FLT1'!$A$4:$A$640&'ER C7 FLT1'!$B$4:$B$640-2,1),8)*IF($H48=\"Class_7\",INDEX('ER C7 FLT1'!$A$4:$J$640,MATCH($E48&$C48,'ER C7 FLT1'!$A$4:$A$640&'ER C7 FLT1'!$B$4:$B$640-2,1),9)),\nIF($H48=\"Class_6\",INDEX('ER C6 FLT1'!$A$4:$J$640,MATCH($E48&$C48,'ER C6 FLT1'!$A$4:$A$640&'ER C6 FLT1'!$B$4:$B$640-2,1),8)*IF($H48=\"Class_6\",INDEX('ER C6 FLT1'!$A$4:$J$640,MATCH($E48&$C48,'ER C6 FLT1'!$A$4:$A$640&'ER C6 FLT1'!$B$4:$B$640-2,1),9))))))))*IF($F48=\"Level 1 PM\",0.75,IF($F48=\"Level 2 PM\",0.5,IF($F48=\"Level 3 PM\",0,IF($F48=\"Level 3 PM + Mark I NOx\",0,1))))*($Q48/453.6)","v":0},{"$f":"IF($B48=\"3+ Trucks\",IF(OR($H48=\"Class_8\",$N48=\"Replacement8HHD\",$AH48=\"CL7HHD\",$AJ48=\"CL7to8\"),INDEX('ER C8 FLT3'!$A$4:$J$640,MATCH($E48&$C48,'ER C8 FLT3'!$A$4:$A$640&'ER C8 FLT3'!$B$4:$B$640-3,1),8)*IF(OR($H48=\"Class_8\",$N48=\"Replacement8HHD\",$AH48=\"CL7HHD\",$AJ48=\"CL7to8\"),INDEX('ER C8 FLT3'!$A$4:$J$640,MATCH($E48&$C48,'ER C8 FLT3'!$A$4:$A$640&'ER C8 FLT3'!$B$4:$B$640-3,1),9)),IF($H48=\"Class_7\",INDEX('ER C7 FLT3'!$A$4:$J$640,MATCH($E48&$C48,'ER C7 FLT3'!$A$4:$A$640&'ER C7 FLT3'!$B$4:$B$640-3,1),8)*IF($H48=\"Class_7\",INDEX('ER C7 FLT3'!$A$4:$J$640,MATCH($E48&$C48,'ER C7 FLT3'!$A$4:$A$640&'ER C7 FLT3'!$B$4:$B$640-3,1),9)),\nIF($H48=\"Class_6\",INDEX('ER C6 FLT3'!$A$4:$J$640,MATCH($E48&$C48,'ER C6 FLT3'!$A$4:$A$640&'ER C6 FLT3'!$B$4:$B$640-3,1),8)*IF($H48=\"Class_6\",INDEX('ER C6 FLT3'!$A$4:$L$640,MATCH($E48&$C48,'ER C6 FLT3'!$A$4:$A$640&'ER C6 FLT3'!$B$4:$B$640-3,1),9))))),IF($B48=\"2 Trucks\",IF(OR($H48=\"Class_8\",$N48=\"Replacement8HHD\",$AH48=\"CL7HHD\",$AJ48=\"CL7to8\"),INDEX('ER C8 FLT2'!$A$4:$J$640,MATCH($E48&$C48,'ER C8 FLT2'!$A$4:$A$640&'ER C8 FLT2'!$B$4:$B$640-3,1),8)*IF(OR($H48=\"Class_8\",$N48=\"Replacement8HHD\",$AH48=\"CL7HHD\",$AJ48=\"CL7to8\"),INDEX('ER C8 FLT2'!$A$4:$J$640,MATCH($E48&$C48,'ER C8 FLT2'!$A$4:$A$640&'ER C8 FLT2'!$B$4:$B$640-3,1),9)),IF($H48=\"Class_7\",INDEX('ER C7 FLT2'!$A$4:$J$640,MATCH($E48&$C48,'ER C7 FLT2'!$A$4:$A$640&'ER C7 FLT2'!$B$4:$B$640-3,1),8)*IF($H48=\"Class_7\",INDEX('ER C7 FLT2'!$A$4:$J$640,MATCH($E48&$C48,'ER C7 FLT2'!$A$4:$A$640&'ER C7 FLT2'!$B$4:$B$640-3,1),9)),IF($H48=\"Class_6\",INDEX('ER C6 FLT2'!$A$4:$J$640,MATCH($E48&$C48,'ER C6 FLT2'!$A$4:$A$640&'ER C6 FLT2'!$B$4:$B$640-3,1),8)*IF($H48=\"Class_6\",INDEX('ER C6 FLT2'!$A$4:$J$640,MATCH($E48&$C48,'ER C6 FLT2'!$A$4:$A$640&'ER C6 FLT2'!$B$4:$B$640-3,1),9))))),IF($B48=\"1 Truck\",\nIF(OR($H48=\"Class_8\",$N48=\"Replacement8HHD\",$AH48=\"CL7HHD\",$AJ48=\"CL7to8\"),INDEX('ER C8 FLT1'!$A$4:$J$640,MATCH($E48&$C48,'ER C8 FLT1'!$A$4:$A$640&'ER C8 FLT1'!$B$4:$B$640-3,1),8)*IF(OR($H48=\"Class_8\",$N48=\"Replacement8HHD\",$AH48=\"CL7HHD\",$AJ48=\"CL7to8\"),INDEX('ER C8 FLT1'!$A$4:$J$640,MATCH($E48&$C48,'ER C8 FLT1'!$A$4:$A$640&'ER C8 FLT1'!$B$4:$B$640-3,1),9)),IF($H48=\"Class_7\",INDEX('ER C7 FLT1'!$A$4:$J$640,MATCH($E48&$C48,'ER C7 FLT1'!$A$4:$A$640&'ER C7 FLT1'!$B$4:$B$640-3,1),8)*IF($H48=\"Class_7\",INDEX('ER C7 FLT1'!$A$4:$J$640,MATCH($E48&$C48,'ER C7 FLT1'!$A$4:$A$640&'ER C7 FLT1'!$B$4:$B$640-3,1),9)),\nIF($H48=\"Class_6\",INDEX('ER C6 FLT1'!$A$4:$J$640,MATCH($E48&$C48,'ER C6 FLT1'!$A$4:$A$640&'ER C6 FLT1'!$B$4:$B$640-3,1),8)*IF($H48=\"Class_6\",INDEX('ER C6 FLT1'!$A$4:$J$640,MATCH($E48&$C48,'ER C6 FLT1'!$A$4:$A$640&'ER C6 FLT1'!$B$4:$B$640-3,1),9))))))))*IF($F48=\"Level 1 PM\",0.75,IF($F48=\"Level 2 PM\",0.5,IF($F48=\"Level 3 PM\",0,IF($F48=\"Level 3 PM + Mark I NOx\",0,1))))*($Q48/453.6)","v":0},{"$f":"IF($B48=\"3+ Trucks\",IF(OR($H48=\"Class_8\",$N48=\"Replacement8HHD\",$AH48=\"CL7HHD\",$AJ48=\"CL7to8\"),INDEX('ER C8 FLT3'!$A$4:$J$640,MATCH($E48&$C48,'ER C8 FLT3'!$A$4:$A$640&'ER C8 FLT3'!$B$4:$B$640-4,1),8)*IF(OR($H48=\"Class_8\",$N48=\"Replacement8HHD\",$AH48=\"CL7HHD\",$AJ48=\"CL7to8\"),INDEX('ER C8 FLT3'!$A$4:$J$640,MATCH($E48&$C48,'ER C8 FLT3'!$A$4:$A$640&'ER C8 FLT3'!$B$4:$B$640-4,1),9)),IF($H48=\"Class_7\",INDEX('ER C7 FLT3'!$A$4:$J$640,MATCH($E48&$C48,'ER C7 FLT3'!$A$4:$A$640&'ER C7 FLT3'!$B$4:$B$640-4,1),8)*IF($H48=\"Class_7\",INDEX('ER C7 FLT3'!$A$4:$J$640,MATCH($E48&$C48,'ER C7 FLT3'!$A$4:$A$640&'ER C7 FLT3'!$B$4:$B$640-4,1),9)),\nIF($H48=\"Class_6\",INDEX('ER C6 FLT3'!$A$4:$J$640,MATCH($E48&$C48,'ER C6 FLT3'!$A$4:$A$640&'ER C6 FLT3'!$B$4:$B$640-4,1),8)*IF($H48=\"Class_6\",INDEX('ER C6 FLT3'!$A$4:$L$640,MATCH($E48&$C48,'ER C6 FLT3'!$A$4:$A$640&'ER C6 FLT3'!$B$4:$B$640-4,1),9))))),IF($B48=\"2 Trucks\",IF(OR($H48=\"Class_8\",$N48=\"Replacement8HHD\",$AH48=\"CL7HHD\",$AJ48=\"CL7to8\"),INDEX('ER C8 FLT2'!$A$4:$J$640,MATCH($E48&$C48,'ER C8 FLT2'!$A$4:$A$640&'ER C8 FLT2'!$B$4:$B$640-4,1),8)*IF(OR($H48=\"Class_8\",$N48=\"Replacement8HHD\",$AH48=\"CL7HHD\",$AJ48=\"CL7to8\"),INDEX('ER C8 FLT2'!$A$4:$J$640,MATCH($E48&$C48,'ER C8 FLT2'!$A$4:$A$640&'ER C8 FLT2'!$B$4:$B$640-4,1),9)),IF($H48=\"Class_7\",INDEX('ER C7 FLT2'!$A$4:$J$640,MATCH($E48&$C48,'ER C7 FLT2'!$A$4:$A$640&'ER C7 FLT2'!$B$4:$B$640-4,1),8)*IF($H48=\"Class_7\",INDEX('ER C7 FLT2'!$A$4:$J$640,MATCH($E48&$C48,'ER C7 FLT2'!$A$4:$A$640&'ER C7 FLT2'!$B$4:$B$640-4,1),9)),IF($H48=\"Class_6\",INDEX('ER C6 FLT2'!$A$4:$J$640,MATCH($E48&$C48,'ER C6 FLT2'!$A$4:$A$640&'ER C6 FLT2'!$B$4:$B$640-4,1),8)*IF($H48=\"Class_6\",INDEX('ER C6 FLT2'!$A$4:$J$640,MATCH($E48&$C48,'ER C6 FLT2'!$A$4:$A$640&'ER C6 FLT2'!$B$4:$B$640-4,1),9))))),IF($B48=\"1 Truck\",\nIF(OR($H48=\"Class_8\",$N48=\"Replacement8HHD\",$AH48=\"CL7HHD\",$AJ48=\"CL7to8\"),INDEX('ER C8 FLT1'!$A$4:$J$640,MATCH($E48&$C48,'ER C8 FLT1'!$A$4:$A$640&'ER C8 FLT1'!$B$4:$B$640-4,1),8)*IF(OR($H48=\"Class_8\",$N48=\"Replacement8HHD\",$AH48=\"CL7HHD\",$AJ48=\"CL7to8\"),INDEX('ER C8 FLT1'!$A$4:$J$640,MATCH($E48&$C48,'ER C8 FLT1'!$A$4:$A$640&'ER C8 FLT1'!$B$4:$B$640-4,1),9)),IF($H48=\"Class_7\",INDEX('ER C7 FLT1'!$A$4:$J$640,MATCH($E48&$C48,'ER C7 FLT1'!$A$4:$A$640&'ER C7 FLT1'!$B$4:$B$640-4,1),8)*IF($H48=\"Class_7\",INDEX('ER C7 FLT1'!$A$4:$J$640,MATCH($E48&$C48,'ER C7 FLT1'!$A$4:$A$640&'ER C7 FLT1'!$B$4:$B$640-4,1),9)),\nIF($H48=\"Class_6\",INDEX('ER C6 FLT1'!$A$4:$J$640,MATCH($E48&$C48,'ER C6 FLT1'!$A$4:$A$640&'ER C6 FLT1'!$B$4:$B$640-4,1),8)*IF($H48=\"Class_6\",INDEX('ER C6 FLT1'!$A$4:$J$640,MATCH($E48&$C48,'ER C6 FLT1'!$A$4:$A$640&'ER C6 FLT1'!$B$4:$B$640-4,1),9))))))))*IF($F48=\"Level 1 PM\",0.75,IF($F48=\"Level 2 PM\",0.5,IF($F48=\"Level 3 PM\",0,IF($F48=\"Level 3 PM + Mark I NOx\",0,1))))*($Q48/453.6)","v":0},{"$f":"IF($B48=\"3+ Trucks\",IF(OR($H48=\"Class_8\",$N48=\"Replacement8HHD\",$AH48=\"CL7HHD\",$AJ48=\"CL7to8\"),INDEX('ER C8 FLT3'!$A$4:$J$640,MATCH($E48&$C48,'ER C8 FLT3'!$A$4:$A$640&'ER C8 FLT3'!$B$4:$B$640,1),8),IF($H48=\"Class_7\",INDEX('ER C7 FLT3'!$A$4:$J$640,MATCH($E48&$C48,'ER C7 FLT3'!$A$4:$A$640&'ER C7 FLT3'!$B$4:$B$640,1),8),IF($H48=\"Class_6\",INDEX('ER C6 FLT3'!$A$4:$J$640,MATCH($E48&$C48,'ER C6 FLT3'!$A$4:$A$640&'ER C6 FLT3'!$B$4:$B$640,1),8)))),IF($B48=\"2 Trucks\",IF(OR($H48=\"Class_8\",$N48=\"Replacement8HHD\",$AH48=\"CL7HHD\",$AJ48=\"CL7to8\"),INDEX('ER C8 FLT2'!$A$4:$J$640,MATCH($E48&$C48,'ER C8 FLT2'!$A$4:$A$640&'ER C8 FLT2'!$B$4:$B$640,1),8),IF($H48=\"Class_7\",INDEX('ER C7 FLT2'!$A$4:$J$640,MATCH($E48&$C48,'ER C7 FLT2'!$A$4:$A$640&'ER C7 FLT2'!$B$4:$B$640,1),8),IF($H48=\"Class_6\",INDEX('ER C6 FLT2'!$A$4:$J$640,MATCH($E48&$C48,'ER C6 FLT2'!$A$4:$A$640&'ER C6 FLT2'!$B$4:$B$640,1),8)))),IF($B48=\"1 Truck\",IF(OR($H48=\"Class_8\",$N48=\"Replacement8HHD\",$AH48=\"CL7HHD\",$AJ48=\"CL7to8\"),INDEX('ER C8 FLT1'!$A$4:$J$640,MATCH($E48&$C48,'ER C8 FLT1'!$A$4:$A$640&'ER C8 FLT1'!$B$4:$B$640,1),8),IF($H48=\"Class_7\",INDEX('ER C7 FLT1'!$A$4:$J$640,MATCH($E48&$C48,'ER C7 FLT1'!$A$4:$A$640&'ER C7 FLT1'!$B$4:$B$640,1),8),IF($H48=\"Class_6\",INDEX('ER C6 FLT1'!$A$4:$J$640,MATCH($E48&$C48,'ER C6 FLT1'!$A$4:$A$640&'ER C6 FLT1'!$B$4:$B$640,1),8)))))))","v":false},{"$f":"IF($B48=\"3+ Trucks\",IF(OR($H48=\"Class_8\",$N48=\"Replacement8HHD\",$AH48=\"CL7HHD\",$AJ48=\"CL7to8\"),INDEX('ER C8 FLT3'!$A$4:$J$640,MATCH($E48&$C48,'ER C8 FLT3'!$A$4:$A$640&'ER C8 FLT3'!$B$4:$B$640-1,1),8),IF($H48=\"Class_7\",INDEX('ER C7 FLT3'!$A$4:$J$640,MATCH($E48&$C48,'ER C7 FLT3'!$A$4:$A$640&'ER C7 FLT3'!$B$4:$B$640-1,1),8),IF($H48=\"Class_6\",INDEX('ER C6 FLT3'!$A$4:$J$640,MATCH($E48&$C48,'ER C6 FLT3'!$A$4:$A$640&'ER C6 FLT3'!$B$4:$B$640-1,1),8)))),IF($B48=\"2 Trucks\",IF(OR($H48=\"Class_8\",$N48=\"Replacement8HHD\",$AH48=\"CL7HHD\",$AJ48=\"CL7to8\"),INDEX('ER C8 FLT2'!$A$4:$J$640,MATCH($E48&$C48,'ER C8 FLT2'!$A$4:$A$640&'ER C8 FLT2'!$B$4:$B$640-1,1),8),IF($H48=\"Class_7\",INDEX('ER C7 FLT2'!$A$4:$J$640,MATCH($E48&$C48,'ER C7 FLT2'!$A$4:$A$640&'ER C7 FLT2'!$B$4:$B$640-1,1),8),IF($H48=\"Class_6\",INDEX('ER C6 FLT2'!$A$4:$J$640,MATCH($E48&$C48,'ER C6 FLT2'!$A$4:$A$640&'ER C6 FLT2'!$B$4:$B$640-1,1),8)))),IF($B48=\"1 Truck\",IF(OR($H48=\"Class_8\",$N48=\"Replacement8HHD\",$AH48=\"CL7HHD\",$AJ48=\"CL7to8\"),INDEX('ER C8 FLT1'!$A$4:$J$640,MATCH($E48&$C48,'ER C8 FLT1'!$A$4:$A$640&'ER C8 FLT1'!$B$4:$B$640-1,1),8),IF($H48=\"Class_7\",INDEX('ER C7 FLT1'!$A$4:$J$640,MATCH($E48&$C48,'ER C7 FLT1'!$A$4:$A$640&'ER C7 FLT1'!$B$4:$B$640-1,1),8),IF($H48=\"Class_6\",INDEX('ER C6 FLT1'!$A$4:$J$640,MATCH($E48&$C48,'ER C6 FLT1'!$A$4:$A$640&'ER C6 FLT1'!$B$4:$B$640-1,1),8)))))))","v":false},{"$f":"IF($B48=\"3+ Trucks\",IF(OR($H48=\"Class_8\",$N48=\"Replacement8HHD\",$AH48=\"CL7HHD\",$AJ48=\"CL7to8\"),INDEX('ER C8 FLT3'!$A$4:$J$640,MATCH($E48&$C48,'ER C8 FLT3'!$A$4:$A$640&'ER C8 FLT3'!$B$4:$B$640-2,1),8),IF($H48=\"Class_7\",INDEX('ER C7 FLT3'!$A$4:$J$640,MATCH($E48&$C48,'ER C7 FLT3'!$A$4:$A$640&'ER C7 FLT3'!$B$4:$B$640-2,1),8),IF($H48=\"Class_6\",INDEX('ER C6 FLT3'!$A$4:$J$640,MATCH($E48&$C48,'ER C6 FLT3'!$A$4:$A$640&'ER C6 FLT3'!$B$4:$B$640-2,1),8)))),IF($B48=\"2 Trucks\",IF(OR($H48=\"Class_8\",$N48=\"Replacement8HHD\",$AH48=\"CL7HHD\",$AJ48=\"CL7to8\"),INDEX('ER C8 FLT2'!$A$4:$J$640,MATCH($E48&$C48,'ER C8 FLT2'!$A$4:$A$640&'ER C8 FLT2'!$B$4:$B$640-2,1),8),IF($H48=\"Class_7\",INDEX('ER C7 FLT2'!$A$4:$J$640,MATCH($E48&$C48,'ER C7 FLT2'!$A$4:$A$640&'ER C7 FLT2'!$B$4:$B$640-2,1),8),IF($H48=\"Class_6\",INDEX('ER C6 FLT2'!$A$4:$J$640,MATCH($E48&$C48,'ER C6 FLT2'!$A$4:$A$640&'ER C6 FLT2'!$B$4:$B$640-2,1),8)))),IF($B48=\"1 Truck\",IF(OR($H48=\"Class_8\",$N48=\"Replacement8HHD\",$AH48=\"CL7HHD\",$AJ48=\"CL7to8\"),INDEX('ER C8 FLT1'!$A$4:$J$640,MATCH($E48&$C48,'ER C8 FLT1'!$A$4:$A$640&'ER C8 FLT1'!$B$4:$B$640-2,1),8),IF($H48=\"Class_7\",INDEX('ER C7 FLT1'!$A$4:$J$640,MATCH($E48&$C48,'ER C7 FLT1'!$A$4:$A$640&'ER C7 FLT1'!$B$4:$B$640-2,1),8),IF($H48=\"Class_6\",INDEX('ER C6 FLT1'!$A$4:$J$640,MATCH($E48&$C48,'ER C6 FLT1'!$A$4:$A$640&'ER C6 FLT1'!$B$4:$B$640-2,1),8)))))))","v":false},{"$f":"IF($B48=\"3+ Trucks\",IF(OR($H48=\"Class_8\",$N48=\"Replacement8HHD\",$AH48=\"CL7HHD\",$AJ48=\"CL7to8\"),INDEX('ER C8 FLT3'!$A$4:$J$640,MATCH($E48&$C48,'ER C8 FLT3'!$A$4:$A$640&'ER C8 FLT3'!$B$4:$B$640-3,1),8),IF($H48=\"Class_7\",INDEX('ER C7 FLT3'!$A$4:$J$640,MATCH($E48&$C48,'ER C7 FLT3'!$A$4:$A$640&'ER C7 FLT3'!$B$4:$B$640-3,1),8),IF($H48=\"Class_6\",INDEX('ER C6 FLT3'!$A$4:$J$640,MATCH($E48&$C48,'ER C6 FLT3'!$A$4:$A$640&'ER C6 FLT3'!$B$4:$B$640-3,1),8)))),IF($B48=\"2 Trucks\",IF(OR($H48=\"Class_8\",$N48=\"Replacement8HHD\",$AH48=\"CL7HHD\",$AJ48=\"CL7to8\"),INDEX('ER C8 FLT2'!$A$4:$J$640,MATCH($E48&$C48,'ER C8 FLT2'!$A$4:$A$640&'ER C8 FLT2'!$B$4:$B$640-3,1),8),IF($H48=\"Class_7\",INDEX('ER C7 FLT2'!$A$4:$J$640,MATCH($E48&$C48,'ER C7 FLT2'!$A$4:$A$640&'ER C7 FLT2'!$B$4:$B$640-3,1),8),IF($H48=\"Class_6\",INDEX('ER C6 FLT2'!$A$4:$J$640,MATCH($E48&$C48,'ER C6 FLT2'!$A$4:$A$640&'ER C6 FLT2'!$B$4:$B$640-3,1),8)))),IF($B48=\"1 Truck\",IF(OR($H48=\"Class_8\",$N48=\"Replacement8HHD\",$AH48=\"CL7HHD\",$AJ48=\"CL7to8\"),INDEX('ER C8 FLT1'!$A$4:$J$640,MATCH($E48&$C48,'ER C8 FLT1'!$A$4:$A$640&'ER C8 FLT1'!$B$4:$B$640-3,1),8),IF($H48=\"Class_7\",INDEX('ER C7 FLT1'!$A$4:$J$640,MATCH($E48&$C48,'ER C7 FLT1'!$A$4:$A$640&'ER C7 FLT1'!$B$4:$B$640-3,1),8),IF($H48=\"Class_6\",INDEX('ER C6 FLT1'!$A$4:$J$640,MATCH($E48&$C48,'ER C6 FLT1'!$A$4:$A$640&'ER C6 FLT1'!$B$4:$B$640-3,1),8)))))))","v":false},{"$f":"IF($B48=\"3+ Trucks\",IF(OR($H48=\"Class_8\",$N48=\"Replacement8HHD\",$AH48=\"CL7HHD\",$AJ48=\"CL7to8\"),INDEX('ER C8 FLT3'!$A$4:$J$640,MATCH($E48&$C48,'ER C8 FLT3'!$A$4:$A$640&'ER C8 FLT3'!$B$4:$B$640-4,1),8),IF($H48=\"Class_7\",INDEX('ER C7 FLT3'!$A$4:$J$640,MATCH($E48&$C48,'ER C7 FLT3'!$A$4:$A$640&'ER C7 FLT3'!$B$4:$B$640-4,1),8),IF($H48=\"Class_6\",INDEX('ER C6 FLT3'!$A$4:$J$640,MATCH($E48&$C48,'ER C6 FLT3'!$A$4:$A$640&'ER C6 FLT3'!$B$4:$B$640-4,1),8)))),IF($B48=\"2 Trucks\",IF(OR($H48=\"Class_8\",$N48=\"Replacement8HHD\",$AH48=\"CL7HHD\",$AJ48=\"CL7to8\"),INDEX('ER C8 FLT2'!$A$4:$J$640,MATCH($E48&$C48,'ER C8 FLT2'!$A$4:$A$640&'ER C8 FLT2'!$B$4:$B$640-4,1),8),IF($H48=\"Class_7\",INDEX('ER C7 FLT2'!$A$4:$J$640,MATCH($E48&$C48,'ER C7 FLT2'!$A$4:$A$640&'ER C7 FLT2'!$B$4:$B$640-4,1),8),IF($H48=\"Class_6\",INDEX('ER C6 FLT2'!$A$4:$J$640,MATCH($E48&$C48,'ER C6 FLT2'!$A$4:$A$640&'ER C6 FLT2'!$B$4:$B$640-4,1),8)))),IF($B48=\"1 Truck\",IF(OR($H48=\"Class_8\",$N48=\"Replacement8HHD\",$AH48=\"CL7HHD\",$AJ48=\"CL7to8\"),INDEX('ER C8 FLT1'!$A$4:$J$640,MATCH($E48&$C48,'ER C8 FLT1'!$A$4:$A$640&'ER C8 FLT1'!$B$4:$B$640-4,1),8),IF($H48=\"Class_7\",INDEX('ER C7 FLT1'!$A$4:$J$640,MATCH($E48&$C48,'ER C7 FLT1'!$A$4:$A$640&'ER C7 FLT1'!$B$4:$B$640-4,1),8),IF($H48=\"Class_6\",INDEX('ER C6 FLT1'!$A$4:$J$640,MATCH($E48&$C48,'ER C6 FLT1'!$A$4:$A$640&'ER C6 FLT1'!$B$4:$B$640-4,1),8)))))))","v":false},{"$f":"IF(OR($R48=\"Diesel\",$R48=\"LNG/CNG\",$R48=\"Hybrid\",$R48=\"Electric w/ AB-118\"),IF($B48=\"3+ Trucks\",IF(OR($O48=\"Class_8\",$N48=\"Replacement8HHD\",$AI48=\"CL7HHD\"),INDEX('ER C8 FLT3'!$A$4:$J$640,MATCH(DropData!$J88&$C48,'ER C8 FLT3'!$A$4:$A$640&'ER C8 FLT3'!$B$4:$B$640,1),8)*IF(OR($O48=\"Class_8\",$N48=\"Replacement8HHD\",$AI48=\"CL7HHD\"),INDEX('ER C8 FLT3'!$A$4:$J$640,MATCH(DropData!$J88&$C48,'ER C8 FLT3'!$A$4:$A$640&'ER C8 FLT3'!$B$4:$B$640,1),9)),IF($O48=\"Class_7\",INDEX('ER C7 FLT3'!$A$4:$J$640,MATCH(DropData!$J88&$C48,'ER C7 FLT3'!$A$4:$A$640&'ER C7 FLT3'!$B$4:$B$640,1),8)*IF($O48=\"Class_7\",INDEX('ER C7 FLT3'!$A$4:$J$640,MATCH(DropData!$J88&$C48,'ER C7 FLT3'!$A$4:$A$640&'ER C7 FLT3'!$B$4:$B$640,1),9)),\nIF($O48=\"Class_6\",INDEX('ER C6 FLT3'!$A$4:$J$640,MATCH(DropData!$J88&$C48,'ER C6 FLT3'!$A$4:$A$640&'ER C6 FLT3'!$B$4:$B$640,1),8)*IF($O48=\"Class_6\",INDEX('ER C6 FLT3'!$A$4:$J$640,MATCH(DropData!$J88&$C48,'ER C6 FLT3'!$A$4:$A$640&'ER C6 FLT3'!$B$4:$B$640,1),9))))),IF($B48=\"2 Trucks\",IF(OR($O48=\"Class_8\",$N48=\"Replacement8HHD\",$AI48=\"CL7HHD\"),INDEX('ER C8 FLT2'!$A$4:$J$640,MATCH(DropData!$J88&$C48,'ER C8 FLT2'!$A$4:$A$640&'ER C8 FLT2'!$B$4:$B$640,1),8)*IF(OR($O48=\"Class_8\",$N48=\"Replacement8HHD\",$AI48=\"CL7HHD\"),INDEX('ER C8 FLT2'!$A$4:$J$640,MATCH(DropData!$J88&$C48,'ER C8 FLT2'!$A$4:$A$640&'ER C8 FLT2'!$B$4:$B$640,1),9)),IF($O48=\"Class_7\",INDEX('ER C7 FLT2'!$A$4:$J$640,MATCH(DropData!$J88&$C48,'ER C7 FLT2'!$A$4:$A$640&'ER C7 FLT2'!$B$4:$B$640,1),8)*IF($O48=\"Class_7\",INDEX('ER C7 FLT2'!$A$4:$J$640,MATCH(DropData!$J88&$C48,'ER C7 FLT2'!$A$4:$A$640&'ER C7 FLT2'!$B$4:$B$640,1),9)),IF($O48=\"Class_6\",INDEX('ER C6 FLT2'!$A$4:$J$640,MATCH(DropData!$J88&$C48,'ER C6 FLT2'!$A$4:$A$640&'ER C6 FLT2'!$B$4:$B$640,1),8)*IF($O48=\"Class_6\",INDEX('ER C6 FLT2'!$A$4:$J$640,MATCH(DropData!$J88&$C48,'ER C6 FLT2'!$A$4:$A$640&'ER C6 FLT2'!$B$4:$B$640,1),9))))),IF($B48=\"1 Truck\",\nIF(OR($O48=\"Class_8\",$N48=\"Replacement8HHD\",$AI48=\"CL7HHD\"),INDEX('ER C8 FLT1'!$A$4:$J$640,MATCH(DropData!$J88&$C48,'ER C8 FLT1'!$A$4:$A$640&'ER C8 FLT1'!$B$4:$B$640,1),8)*IF(OR($O48=\"Class_8\",$N48=\"Replacement8HHD\",$AI48=\"CL7HHD\"),INDEX('ER C8 FLT1'!$A$4:$J$640,MATCH(DropData!$J88&$C48,'ER C8 FLT1'!$A$4:$A$640&'ER C8 FLT1'!$B$4:$B$640,1),9)),IF($O48=\"Class_7\",INDEX('ER C7 FLT1'!$A$4:$J$640,MATCH(DropData!$J88&$C48,'ER C7 FLT1'!$A$4:$A$640&'ER C7 FLT1'!$B$4:$B$640,1),8)*IF($O48=\"Class_7\",INDEX('ER C7 FLT1'!$A$4:$J$640,MATCH(DropData!$J88&$C48,'ER C7 FLT1'!$A$4:$A$640&'ER C7 FLT1'!$B$4:$B$640,1),9)),\nIF($O48=\"Class_6\",INDEX('ER C6 FLT1'!$A$4:$J$640,MATCH(DropData!$J88&$C48,'ER C6 FLT1'!$A$4:$A$640&'ER C6 FLT1'!$B$4:$B$640,1),8)*IF($O48=\"Class_6\",INDEX('ER C6 FLT1'!$A$4:$J$640,MATCH(DropData!$J88&$C48,'ER C6 FLT1'!$A$4:$A$640&'ER C6 FLT1'!$B$4:$B$640,1),9)))))))),IF($R48=\"Electric\",INDEX('ER Electric'!$A$6:$E$44,MATCH($C48&$O48,'ER Electric'!$A$6:$A$44&'ER Electric'!$B$6:$B$44,1),3),))*(($Q48+$AC48)/453.6)","v":0},{"$f":"IF(OR($R48=\"Diesel\",$R48=\"LNG/CNG\",$R48=\"Hybrid\",$R48=\"Electric w/ AB-118\"),IF($B48=\"3+ Trucks\",IF(OR($O48=\"Class_8\",$N48=\"Replacement8HHD\",$AI48=\"CL7HHD\"),INDEX('ER C8 FLT3'!$A$4:$J$640,MATCH(DropData!$J88&$C48,'ER C8 FLT3'!$A$4:$A$640&'ER C8 FLT3'!$B$4:$B$640-1,1),8)*IF(OR($O48=\"Class_8\",$N48=\"Replacement8HHD\",$AI48=\"CL7HHD\"),INDEX('ER C8 FLT3'!$A$4:$J$640,MATCH(DropData!$J88&$C48,'ER C8 FLT3'!$A$4:$A$640&'ER C8 FLT3'!$B$4:$B$640-1,1),9)),IF($O48=\"Class_7\",INDEX('ER C7 FLT3'!$A$4:$J$640,MATCH(DropData!$J88&$C48,'ER C7 FLT3'!$A$4:$A$640&'ER C7 FLT3'!$B$4:$B$640-1,1),8)*IF($O48=\"Class_7\",INDEX('ER C7 FLT3'!$A$4:$J$640,MATCH(DropData!$J88&$C48,'ER C7 FLT3'!$A$4:$A$640&'ER C7 FLT3'!$B$4:$B$640-1,1),9)),\nIF($O48=\"Class_6\",INDEX('ER C6 FLT3'!$A$4:$J$640,MATCH(DropData!$J88&$C48,'ER C6 FLT3'!$A$4:$A$640&'ER C6 FLT3'!$B$4:$B$640-1,1),8)*IF($O48=\"Class_6\",INDEX('ER C6 FLT3'!$A$4:$J$640,MATCH(DropData!$J88&$C48,'ER C6 FLT3'!$A$4:$A$640&'ER C6 FLT3'!$B$4:$B$640-1,1),9))))),IF($B48=\"2 Trucks\",IF(OR($O48=\"Class_8\",$N48=\"Replacement8HHD\",$AI48=\"CL7HHD\"),INDEX('ER C8 FLT2'!$A$4:$J$640,MATCH(DropData!$J88&$C48,'ER C8 FLT2'!$A$4:$A$640&'ER C8 FLT2'!$B$4:$B$640-1,1),8)*IF(OR($O48=\"Class_8\",$N48=\"Replacement8HHD\",$AI48=\"CL7HHD\"),INDEX('ER C8 FLT2'!$A$4:$J$640,MATCH(DropData!$J88&$C48,'ER C8 FLT2'!$A$4:$A$640&'ER C8 FLT2'!$B$4:$B$640-1,1),9)),IF($O48=\"Class_7\",INDEX('ER C7 FLT2'!$A$4:$J$640,MATCH(DropData!$J88&$C48,'ER C7 FLT2'!$A$4:$A$640&'ER C7 FLT2'!$B$4:$B$640-1,1),8)*IF($O48=\"Class_7\",INDEX('ER C7 FLT2'!$A$4:$J$640,MATCH(DropData!$J88&$C48,'ER C7 FLT2'!$A$4:$A$640&'ER C7 FLT2'!$B$4:$B$640-1,1),9)),IF($O48=\"Class_6\",INDEX('ER C6 FLT2'!$A$4:$J$640,MATCH(DropData!$J88&$C48,'ER C6 FLT2'!$A$4:$A$640&'ER C6 FLT2'!$B$4:$B$640-1,1),8)*IF($O48=\"Class_6\",INDEX('ER C6 FLT2'!$A$4:$J$640,MATCH(DropData!$J88&$C48,'ER C6 FLT2'!$A$4:$A$640&'ER C6 FLT2'!$B$4:$B$640-1,1),9))))),IF($B48=\"1 Truck\",\nIF(OR($O48=\"Class_8\",$N48=\"Replacement8HHD\",$AI48=\"CL7HHD\"),INDEX('ER C8 FLT1'!$A$4:$J$640,MATCH(DropData!$J88&$C48,'ER C8 FLT1'!$A$4:$A$640&'ER C8 FLT1'!$B$4:$B$640-1,1),8)*IF(OR($O48=\"Class_8\",$N48=\"Replacement8HHD\",$AI48=\"CL7HHD\"),INDEX('ER C8 FLT1'!$A$4:$J$640,MATCH(DropData!$J88&$C48,'ER C8 FLT1'!$A$4:$A$640&'ER C8 FLT1'!$B$4:$B$640-1,1),9)),IF($O48=\"Class_7\",INDEX('ER C7 FLT1'!$A$4:$J$640,MATCH(DropData!$J88&$C48,'ER C7 FLT1'!$A$4:$A$640&'ER C7 FLT1'!$B$4:$B$640-1,1),8)*IF($O48=\"Class_7\",INDEX('ER C7 FLT1'!$A$4:$J$640,MATCH(DropData!$J88&$C48,'ER C7 FLT1'!$A$4:$A$640&'ER C7 FLT1'!$B$4:$B$640-1,1),9)),\nIF($O48=\"Class_6\",INDEX('ER C6 FLT1'!$A$4:$J$640,MATCH(DropData!$J88&$C48,'ER C6 FLT1'!$A$4:$A$640&'ER C6 FLT1'!$B$4:$B$640-1,1),8)*IF($O48=\"Class_6\",INDEX('ER C6 FLT1'!$A$4:$J$640,MATCH(DropData!$J88&$C48,'ER C6 FLT1'!$A$4:$A$640&'ER C6 FLT1'!$B$4:$B$640-1,1),9)))))))),IF($R48=\"Electric\",OFFSET(INDEX('ER Electric'!$A$6:$E$44,MATCH($C48&$O48,'ER Electric'!$A$6:$A$44&'ER Electric'!$B$6:$B$44,1),3),3,0),))*(($Q48+$AC48)/453.6)","v":0},{"$f":"IF(OR($R48=\"Diesel\",$R48=\"LNG/CNG\",$R48=\"Hybrid\",$R48=\"Electric w/ AB-118\"),IF($B48=\"3+ Trucks\",IF(OR($O48=\"Class_8\",$N48=\"Replacement8HHD\",$AI48=\"CL7HHD\"),INDEX('ER C8 FLT3'!$A$4:$J$640,MATCH(DropData!$J88&$C48,'ER C8 FLT3'!$A$4:$A$640&'ER C8 FLT3'!$B$4:$B$640-2,1),8)*IF(OR($O48=\"Class_8\",$N48=\"Replacement8HHD\",$AI48=\"CL7HHD\"),INDEX('ER C8 FLT3'!$A$4:$J$640,MATCH(DropData!$J88&$C48,'ER C8 FLT3'!$A$4:$A$640&'ER C8 FLT3'!$B$4:$B$640-2,1),9)),IF($O48=\"Class_7\",INDEX('ER C7 FLT3'!$A$4:$J$640,MATCH(DropData!$J88&$C48,'ER C7 FLT3'!$A$4:$A$640&'ER C7 FLT3'!$B$4:$B$640-2,1),8)*IF($O48=\"Class_7\",INDEX('ER C7 FLT3'!$A$4:$J$640,MATCH(DropData!$J88&$C48,'ER C7 FLT3'!$A$4:$A$640&'ER C7 FLT3'!$B$4:$B$640-2,1),9)),\nIF($O48=\"Class_6\",INDEX('ER C6 FLT3'!$A$4:$J$640,MATCH(DropData!$J88&$C48,'ER C6 FLT3'!$A$4:$A$640&'ER C6 FLT3'!$B$4:$B$640-2,1),8)*IF($O48=\"Class_6\",INDEX('ER C6 FLT3'!$A$4:$J$640,MATCH(DropData!$J88&$C48,'ER C6 FLT3'!$A$4:$A$640&'ER C6 FLT3'!$B$4:$B$640-2,1),9))))),IF($B48=\"2 Trucks\",IF(OR($O48=\"Class_8\",$N48=\"Replacement8HHD\",$AI48=\"CL7HHD\"),INDEX('ER C8 FLT2'!$A$4:$J$640,MATCH(DropData!$J88&$C48,'ER C8 FLT2'!$A$4:$A$640&'ER C8 FLT2'!$B$4:$B$640-2,1),8)*IF(OR($O48=\"Class_8\",$N48=\"Replacement8HHD\",$AI48=\"CL7HHD\"),INDEX('ER C8 FLT2'!$A$4:$J$640,MATCH(DropData!$J88&$C48,'ER C8 FLT2'!$A$4:$A$640&'ER C8 FLT2'!$B$4:$B$640-2,1),9)),IF($O48=\"Class_7\",INDEX('ER C7 FLT2'!$A$4:$J$640,MATCH(DropData!$J88&$C48,'ER C7 FLT2'!$A$4:$A$640&'ER C7 FLT2'!$B$4:$B$640-2,1),8)*IF($O48=\"Class_7\",INDEX('ER C7 FLT2'!$A$4:$J$640,MATCH(DropData!$J88&$C48,'ER C7 FLT2'!$A$4:$A$640&'ER C7 FLT2'!$B$4:$B$640-2,1),9)),IF($O48=\"Class_6\",INDEX('ER C6 FLT2'!$A$4:$J$640,MATCH(DropData!$J88&$C48,'ER C6 FLT2'!$A$4:$A$640&'ER C6 FLT2'!$B$4:$B$640-2,1),8)*IF($O48=\"Class_6\",INDEX('ER C6 FLT2'!$A$4:$J$640,MATCH(DropData!$J88&$C48,'ER C6 FLT2'!$A$4:$A$640&'ER C6 FLT2'!$B$4:$B$640-2,1),9))))),IF($B48=\"1 Truck\",\nIF(OR($O48=\"Class_8\",$N48=\"Replacement8HHD\",$AI48=\"CL7HHD\"),INDEX('ER C8 FLT1'!$A$4:$J$640,MATCH(DropData!$J88&$C48,'ER C8 FLT1'!$A$4:$A$640&'ER C8 FLT1'!$B$4:$B$640-2,1),8)*IF(OR($O48=\"Class_8\",$N48=\"Replacement8HHD\",$AI48=\"CL7HHD\"),INDEX('ER C8 FLT1'!$A$4:$J$640,MATCH(DropData!$J88&$C48,'ER C8 FLT1'!$A$4:$A$640&'ER C8 FLT1'!$B$4:$B$640-2,1),9)),IF($O48=\"Class_7\",INDEX('ER C7 FLT1'!$A$4:$J$640,MATCH(DropData!$J88&$C48,'ER C7 FLT1'!$A$4:$A$640&'ER C7 FLT1'!$B$4:$B$640-2,1),8)*IF($O48=\"Class_7\",INDEX('ER C7 FLT1'!$A$4:$J$640,MATCH(DropData!$J88&$C48,'ER C7 FLT1'!$A$4:$A$640&'ER C7 FLT1'!$B$4:$B$640-2,1),9)),\nIF($O48=\"Class_6\",INDEX('ER C6 FLT1'!$A$4:$J$640,MATCH(DropData!$J88&$C48,'ER C6 FLT1'!$A$4:$A$640&'ER C6 FLT1'!$B$4:$B$640-2,1),8)*IF($O48=\"Class_6\",INDEX('ER C6 FLT1'!$A$4:$J$640,MATCH(DropData!$J88&$C48,'ER C6 FLT1'!$A$4:$A$640&'ER C6 FLT1'!$B$4:$B$640-2,1),9)))))))),IF($R48=\"Electric\",OFFSET(INDEX('ER Electric'!$A$6:$E$44,MATCH($C48&$O48,'ER Electric'!$A$6:$A$44&'ER Electric'!$B$6:$B$44,1),3),6,0),))*(($Q48+$AC48)/453.6)","v":0},{"$f":"IF(OR($R48=\"Diesel\",$R48=\"LNG/CNG\",$R48=\"Hybrid\",$R48=\"Electric w/ AB-118\"),IF($B48=\"3+ Trucks\",IF(OR($O48=\"Class_8\",$N48=\"Replacement8HHD\",$AI48=\"CL7HHD\"),INDEX('ER C8 FLT3'!$A$4:$J$640,MATCH(DropData!$J88&$C48,'ER C8 FLT3'!$A$4:$A$640&'ER C8 FLT3'!$B$4:$B$640-3,1),8)*IF(OR($O48=\"Class_8\",$N48=\"Replacement8HHD\",$AI48=\"CL7HHD\"),INDEX('ER C8 FLT3'!$A$4:$J$640,MATCH(DropData!$J88&$C48,'ER C8 FLT3'!$A$4:$A$640&'ER C8 FLT3'!$B$4:$B$640-3,1),9)),IF($O48=\"Class_7\",INDEX('ER C7 FLT3'!$A$4:$J$640,MATCH(DropData!$J88&$C48,'ER C7 FLT3'!$A$4:$A$640&'ER C7 FLT3'!$B$4:$B$640-3,1),8)*IF($O48=\"Class_7\",INDEX('ER C7 FLT3'!$A$4:$J$640,MATCH(DropData!$J88&$C48,'ER C7 FLT3'!$A$4:$A$640&'ER C7 FLT3'!$B$4:$B$640-3,1),9)),\nIF($O48=\"Class_6\",INDEX('ER C6 FLT3'!$A$4:$J$640,MATCH(DropData!$J88&$C48,'ER C6 FLT3'!$A$4:$A$640&'ER C6 FLT3'!$B$4:$B$640-3,1),8)*IF($O48=\"Class_6\",INDEX('ER C6 FLT3'!$A$4:$J$640,MATCH(DropData!$J88&$C48,'ER C6 FLT3'!$A$4:$A$640&'ER C6 FLT3'!$B$4:$B$640-3,1),9))))),IF($B48=\"2 Trucks\",IF(OR($O48=\"Class_8\",$N48=\"Replacement8HHD\",$AI48=\"CL7HHD\"),INDEX('ER C8 FLT2'!$A$4:$J$640,MATCH(DropData!$J88&$C48,'ER C8 FLT2'!$A$4:$A$640&'ER C8 FLT2'!$B$4:$B$640-3,1),8)*IF(OR($O48=\"Class_8\",$N48=\"Replacement8HHD\",$AI48=\"CL7HHD\"),INDEX('ER C8 FLT2'!$A$4:$J$640,MATCH(DropData!$J88&$C48,'ER C8 FLT2'!$A$4:$A$640&'ER C8 FLT2'!$B$4:$B$640-3,1),9)),IF($O48=\"Class_7\",INDEX('ER C7 FLT2'!$A$4:$J$640,MATCH(DropData!$J88&$C48,'ER C7 FLT2'!$A$4:$A$640&'ER C7 FLT2'!$B$4:$B$640-3,1),8)*IF($O48=\"Class_7\",INDEX('ER C7 FLT2'!$A$4:$J$640,MATCH(DropData!$J88&$C48,'ER C7 FLT2'!$A$4:$A$640&'ER C7 FLT2'!$B$4:$B$640-3,1),9)),IF($O48=\"Class_6\",INDEX('ER C6 FLT2'!$A$4:$J$640,MATCH(DropData!$J88&$C48,'ER C6 FLT2'!$A$4:$A$640&'ER C6 FLT2'!$B$4:$B$640-3,1),8)*IF($O48=\"Class_6\",INDEX('ER C6 FLT2'!$A$4:$J$640,MATCH(DropData!$J88&$C48,'ER C6 FLT2'!$A$4:$A$640&'ER C6 FLT2'!$B$4:$B$640-3,1),9))))),IF($B48=\"1 Truck\",\nIF(OR($O48=\"Class_8\",$N48=\"Replacement8HHD\",$AI48=\"CL7HHD\"),INDEX('ER C8 FLT1'!$A$4:$J$640,MATCH(DropData!$J88&$C48,'ER C8 FLT1'!$A$4:$A$640&'ER C8 FLT1'!$B$4:$B$640-3,1),8)*IF(OR($O48=\"Class_8\",$N48=\"Replacement8HHD\",$AI48=\"CL7HHD\"),INDEX('ER C8 FLT1'!$A$4:$J$640,MATCH(DropData!$J88&$C48,'ER C8 FLT1'!$A$4:$A$640&'ER C8 FLT1'!$B$4:$B$640-3,1),9)),IF($O48=\"Class_7\",INDEX('ER C7 FLT1'!$A$4:$J$640,MATCH(DropData!$J88&$C48,'ER C7 FLT1'!$A$4:$A$640&'ER C7 FLT1'!$B$4:$B$640-3,1),8)*IF($O48=\"Class_7\",INDEX('ER C7 FLT1'!$A$4:$J$640,MATCH(DropData!$J88&$C48,'ER C7 FLT1'!$A$4:$A$640&'ER C7 FLT1'!$B$4:$B$640-3,1),9)),\nIF($O48=\"Class_6\",INDEX('ER C6 FLT1'!$A$4:$J$640,MATCH(DropData!$J88&$C48,'ER C6 FLT1'!$A$4:$A$640&'ER C6 FLT1'!$B$4:$B$640-3,1),8)*IF($O48=\"Class_6\",INDEX('ER C6 FLT1'!$A$4:$J$640,MATCH(DropData!$J88&$C48,'ER C6 FLT1'!$A$4:$A$640&'ER C6 FLT1'!$B$4:$B$640-3,1),9)))))))),IF($R48=\"Electric\",OFFSET(INDEX('ER Electric'!$A$6:$E$44,MATCH($C48&$O48,'ER Electric'!$A$6:$A$44&'ER Electric'!$B$6:$B$44,1),3),9,0)))*(($Q48+$AC48)/453.6)","v":0},{"$f":"IF(OR($R48=\"Diesel\",$R48=\"LNG/CNG\",$R48=\"Hybrid\",$R48=\"Electric w/ AB-118\"),IF($B48=\"3+ Trucks\",IF(OR($O48=\"Class_8\",$N48=\"Replacement8HHD\",$AI48=\"CL7HHD\"),INDEX('ER C8 FLT3'!$A$4:$J$640,MATCH(DropData!$J88&$C48,'ER C8 FLT3'!$A$4:$A$640&'ER C8 FLT3'!$B$4:$B$640-4,1),8)*IF(OR($O48=\"Class_8\",$N48=\"Replacement8HHD\",$AI48=\"CL7HHD\"),INDEX('ER C8 FLT3'!$A$4:$J$640,MATCH(DropData!$J88&$C48,'ER C8 FLT3'!$A$4:$A$640&'ER C8 FLT3'!$B$4:$B$640-4,1),9)),IF($O48=\"Class_7\",INDEX('ER C7 FLT3'!$A$4:$J$640,MATCH(DropData!$J88&$C48,'ER C7 FLT3'!$A$4:$A$640&'ER C7 FLT3'!$B$4:$B$640-4,1),8)*IF($O48=\"Class_7\",INDEX('ER C7 FLT3'!$A$4:$J$640,MATCH(DropData!$J88&$C48,'ER C7 FLT3'!$A$4:$A$640&'ER C7 FLT3'!$B$4:$B$640-4,1),9)),\nIF($O48=\"Class_6\",INDEX('ER C6 FLT3'!$A$4:$J$640,MATCH(DropData!$J88&$C48,'ER C6 FLT3'!$A$4:$A$640&'ER C6 FLT3'!$B$4:$B$640-4,1),8)*IF($O48=\"Class_6\",INDEX('ER C6 FLT3'!$A$4:$J$640,MATCH(DropData!$J88&$C48,'ER C6 FLT3'!$A$4:$A$640&'ER C6 FLT3'!$B$4:$B$640-4,1),9))))),IF($B48=\"2 Trucks\",IF(OR($O48=\"Class_8\",$N48=\"Replacement8HHD\",$AI48=\"CL7HHD\"),INDEX('ER C8 FLT2'!$A$4:$J$640,MATCH(DropData!$J88&$C48,'ER C8 FLT2'!$A$4:$A$640&'ER C8 FLT2'!$B$4:$B$640-4,1),8)*IF(OR($O48=\"Class_8\",$N48=\"Replacement8HHD\",$AI48=\"CL7HHD\"),INDEX('ER C8 FLT2'!$A$4:$J$640,MATCH(DropData!$J88&$C48,'ER C8 FLT2'!$A$4:$A$640&'ER C8 FLT2'!$B$4:$B$640-4,1),9)),IF($O48=\"Class_7\",INDEX('ER C7 FLT2'!$A$4:$J$640,MATCH(DropData!$J88&$C48,'ER C7 FLT2'!$A$4:$A$640&'ER C7 FLT2'!$B$4:$B$640-4,1),8)*IF($O48=\"Class_7\",INDEX('ER C7 FLT2'!$A$4:$J$640,MATCH(DropData!$J88&$C48,'ER C7 FLT2'!$A$4:$A$640&'ER C7 FLT2'!$B$4:$B$640-4,1),9)),IF($O48=\"Class_6\",INDEX('ER C6 FLT2'!$A$4:$J$640,MATCH(DropData!$J88&$C48,'ER C6 FLT2'!$A$4:$A$640&'ER C6 FLT2'!$B$4:$B$640-4,1),8)*IF($O48=\"Class_6\",INDEX('ER C6 FLT2'!$A$4:$J$640,MATCH(DropData!$J88&$C48,'ER C6 FLT2'!$A$4:$A$640&'ER C6 FLT2'!$B$4:$B$640-4,1),9))))),IF($B48=\"1 Truck\",\nIF(OR($O48=\"Class_8\",$N48=\"Replacement8HHD\",$AI48=\"CL7HHD\"),INDEX('ER C8 FLT1'!$A$4:$J$640,MATCH(DropData!$J88&$C48,'ER C8 FLT1'!$A$4:$A$640&'ER C8 FLT1'!$B$4:$B$640-4,1),8)*IF(OR($O48=\"Class_8\",$N48=\"Replacement8HHD\",$AI48=\"CL7HHD\"),INDEX('ER C8 FLT1'!$A$4:$J$640,MATCH(DropData!$J88&$C48,'ER C8 FLT1'!$A$4:$A$640&'ER C8 FLT1'!$B$4:$B$640-4,1),9)),IF($O48=\"Class_7\",INDEX('ER C7 FLT1'!$A$4:$J$640,MATCH(DropData!$J88&$C48,'ER C7 FLT1'!$A$4:$A$640&'ER C7 FLT1'!$B$4:$B$640-4,1),8)*IF($O48=\"Class_7\",INDEX('ER C7 FLT1'!$A$4:$J$640,MATCH(DropData!$J88&$C48,'ER C7 FLT1'!$A$4:$A$640&'ER C7 FLT1'!$B$4:$B$640-4,1),9)),\nIF($O48=\"Class_6\",INDEX('ER C6 FLT1'!$A$4:$J$640,MATCH(DropData!$J88&$C48,'ER C6 FLT1'!$A$4:$A$640&'ER C6 FLT1'!$B$4:$B$640-4,1),8)*IF($O48=\"Class_6\",INDEX('ER C6 FLT1'!$A$4:$J$640,MATCH(DropData!$J88&$C48,'ER C6 FLT1'!$A$4:$A$640&'ER C6 FLT1'!$B$4:$B$640-4,1),9)))))))),IF($R48=\"Electric\",OFFSET(INDEX('ER Electric'!$A$6:$E$44,MATCH($C48&$O48,'ER Electric'!$A$6:$A$44&'ER Electric'!$B$6:$B$44,1),3),12,0),))*(($Q48+$AC48)/453.6)","v":0},{"$f":"IF(OR($R48=\"Diesel\",$R48=\"LNG/CNG\",$R48=\"Hybrid\",$R48=\"Electric w/ AB-118\"),IF($B48=\"3+ Trucks\",IF(OR($O48=\"Class_8\",$N48=\"Replacement8HHD\",$AI48=\"CL7HHD\"),INDEX('ER C8 FLT3'!$A$4:$J$640,MATCH(DropData!$J88&$C48,'ER C8 FLT3'!$A$4:$A$640&'ER C8 FLT3'!$B$4:$B$640,1),8)*IF(OR($O48=\"Class_8\",$N48=\"Replacement8HHD\",$AI48=\"CL7HHD\"),INDEX('ER C8 FLT3'!$A$4:$J$640,MATCH(DropData!$J88&$C48,'ER C8 FLT3'!$A$4:$A$640&'ER C8 FLT3'!$B$4:$B$640,1),9)),IF($O48=\"Class_7\",INDEX('ER C7 FLT3'!$A$4:$J$640,MATCH(DropData!$J88&$C48,'ER C7 FLT3'!$A$4:$A$640&'ER C7 FLT3'!$B$4:$B$640,1),8)*IF($O48=\"Class_7\",INDEX('ER C7 FLT3'!$A$4:$J$640,MATCH(DropData!$J88&$C48,'ER C7 FLT3'!$A$4:$A$640&'ER C7 FLT3'!$B$4:$B$640,1),9)),\nIF($O48=\"Class_6\",INDEX('ER C6 FLT3'!$A$4:$J$640,MATCH(DropData!$J88&$C48,'ER C6 FLT3'!$A$4:$A$640&'ER C6 FLT3'!$B$4:$B$640,1),8)*IF($O48=\"Class_6\",INDEX('ER C6 FLT3'!$A$4:$J$640,MATCH(DropData!$J88&$C48,'ER C6 FLT3'!$A$4:$A$640&'ER C6 FLT3'!$B$4:$B$640,1),9))))),IF($B48=\"2 Trucks\",IF(OR($O48=\"Class_8\",$N48=\"Replacement8HHD\",$AI48=\"CL7HHD\"),INDEX('ER C8 FLT2'!$A$4:$J$640,MATCH(DropData!$J88&$C48,'ER C8 FLT2'!$A$4:$A$640&'ER C8 FLT2'!$B$4:$B$640,1),8)*IF(OR($O48=\"Class_8\",$N48=\"Replacement8HHD\",$AI48=\"CL7HHD\"),INDEX('ER C8 FLT2'!$A$4:$J$640,MATCH(DropData!$J88&$C48,'ER C8 FLT2'!$A$4:$A$640&'ER C8 FLT2'!$B$4:$B$640,1),9)),IF($O48=\"Class_7\",INDEX('ER C7 FLT2'!$A$4:$J$640,MATCH(DropData!$J88&$C48,'ER C7 FLT2'!$A$4:$A$640&'ER C7 FLT2'!$B$4:$B$640,1),8)*IF($O48=\"Class_7\",INDEX('ER C7 FLT2'!$A$4:$J$640,MATCH(DropData!$J88&$C48,'ER C7 FLT2'!$A$4:$A$640&'ER C7 FLT2'!$B$4:$B$640,1),9)),IF($O48=\"Class_6\",INDEX('ER C6 FLT2'!$A$4:$J$640,MATCH(DropData!$J88&$C48,'ER C6 FLT2'!$A$4:$A$640&'ER C6 FLT2'!$B$4:$B$640,1),8)*IF($O48=\"Class_6\",INDEX('ER C6 FLT2'!$A$4:$J$640,MATCH(DropData!$J88&$C48,'ER C6 FLT2'!$A$4:$A$640&'ER C6 FLT2'!$B$4:$B$640,1),9))))),IF($B48=\"1 Truck\",\nIF(OR($O48=\"Class_8\",$N48=\"Replacement8HHD\",$AI48=\"CL7HHD\"),INDEX('ER C8 FLT1'!$A$4:$J$640,MATCH(DropData!$J88&$C48,'ER C8 FLT1'!$A$4:$A$640&'ER C8 FLT1'!$B$4:$B$640,1),8)*IF(OR($O48=\"Class_8\",$N48=\"Replacement8HHD\",$AI48=\"CL7HHD\"),INDEX('ER C8 FLT1'!$A$4:$J$640,MATCH(DropData!$J88&$C48,'ER C8 FLT1'!$A$4:$A$640&'ER C8 FLT1'!$B$4:$B$640,1),9)),IF($O48=\"Class_7\",INDEX('ER C7 FLT1'!$A$4:$J$640,MATCH(DropData!$J88&$C48,'ER C7 FLT1'!$A$4:$A$640&'ER C7 FLT1'!$B$4:$B$640,1),8)*IF($O48=\"Class_7\",INDEX('ER C7 FLT1'!$A$4:$J$640,MATCH(DropData!$J88&$C48,'ER C7 FLT1'!$A$4:$A$640&'ER C7 FLT1'!$B$4:$B$640,1),9)),IF($O48=\"Class_6\",INDEX('ER C6 FLT1'!$A$4:$J$640,MATCH(DropData!$J88&$C48,'ER C6 FLT1'!$A$4:$A$640&'ER C6 FLT1'!$B$4:$B$640,1),8)*IF($O48=\"Class_6\",INDEX('ER C6 FLT1'!$A$4:$J$640,MATCH(DropData!$J88&$C48,'ER C6 FLT1'!$A$4:$A$640&'ER C6 FLT1'!$B$4:$B$640,1),9)))))))),IF($R48=\"Electric\",INDEX('ER Electric'!$A$6:$E$44,MATCH($C48&$O48,'ER Electric'!$A$6:$A$44&'ER Electric'!$B$6:$B$44,1),3),))","v":0},{"$f":"IF(OR($R48=\"Diesel\",$R48=\"LNG/CNG\",$R48=\"Hybrid\",$R48=\"Electric w/ AB-118\"),IF($B48=\"3+ Trucks\",IF(OR($O48=\"Class_8\",$N48=\"Replacement8HHD\",$AI48=\"CL7HHD\"),INDEX('ER C8 FLT3'!$A$4:$J$640,MATCH(DropData!$J88&$C48,'ER C8 FLT3'!$A$4:$A$640&'ER C8 FLT3'!$B$4:$B$640-1,1),8)*IF(OR($O48=\"Class_8\",$N48=\"Replacement8HHD\",$AI48=\"CL7HHD\"),INDEX('ER C8 FLT3'!$A$4:$J$640,MATCH(DropData!$J88&$C48,'ER C8 FLT3'!$A$4:$A$640&'ER C8 FLT3'!$B$4:$B$640-1,1),9)),IF($O48=\"Class_7\",INDEX('ER C7 FLT3'!$A$4:$J$640,MATCH(DropData!$J88&$C48,'ER C7 FLT3'!$A$4:$A$640&'ER C7 FLT3'!$B$4:$B$640-1,1),8)*IF($O48=\"Class_7\",INDEX('ER C7 FLT3'!$A$4:$J$640,MATCH(DropData!$J88&$C48,'ER C7 FLT3'!$A$4:$A$640&'ER C7 FLT3'!$B$4:$B$640-1,1),9)),IF($O48=\"Class_6\",INDEX('ER C6 FLT3'!$A$4:$J$640,MATCH(DropData!$J88&$C48,'ER C6 FLT3'!$A$4:$A$640&'ER C6 FLT3'!$B$4:$B$640-1,1),8)*IF($O48=\"Class_6\",INDEX('ER C6 FLT3'!$A$4:$J$640,MATCH(DropData!$J88&$C48,'ER C6 FLT3'!$A$4:$A$640&'ER C6 FLT3'!$B$4:$B$640-1,1),9))))),IF($B48=\"2 Trucks\",IF(OR($O48=\"Class_8\",$N48=\"Replacement8HHD\",$AI48=\"CL7HHD\"),INDEX('ER C8 FLT2'!$A$4:$J$640,MATCH(DropData!$J88&$C48,'ER C8 FLT2'!$A$4:$A$640&'ER C8 FLT2'!$B$4:$B$640-1,1),8)*IF(OR($O48=\"Class_8\",$N48=\"Replacement8HHD\",$AI48=\"CL7HHD\"),INDEX('ER C8 FLT2'!$A$4:$J$640,MATCH(DropData!$J88&$C48,'ER C8 FLT2'!$A$4:$A$640&'ER C8 FLT2'!$B$4:$B$640-1,1),9)),IF($O48=\"Class_7\",INDEX('ER C7 FLT2'!$A$4:$J$640,MATCH(DropData!$J88&$C48,'ER C7 FLT2'!$A$4:$A$640&'ER C7 FLT2'!$B$4:$B$640-1,1),8)*IF($O48=\"Class_7\",INDEX('ER C7 FLT2'!$A$4:$J$640,MATCH(DropData!$J88&$C48,'ER C7 FLT2'!$A$4:$A$640&'ER C7 FLT2'!$B$4:$B$640-1,1),9)),IF($O48=\"Class_6\",INDEX('ER C6 FLT2'!$A$4:$J$640,MATCH(DropData!$J88&$C48,'ER C6 FLT2'!$A$4:$A$640&'ER C6 FLT2'!$B$4:$B$640-1,1),8)*IF($O48=\"Class_6\",INDEX('ER C6 FLT2'!$A$4:$J$640,MATCH(DropData!$J88&$C48,'ER C6 FLT2'!$A$4:$A$640&'ER C6 FLT2'!$B$4:$B$640-1,1),9))))),IF($B48=\"1 Truck\",IF(OR($O48=\"Class_8\",$N48=\"Replacement8HHD\",$AI48=\"CL7HHD\"),INDEX('ER C8 FLT1'!$A$4:$J$640,MATCH(DropData!$J88&$C48,'ER C8 FLT1'!$A$4:$A$640&'ER C8 FLT1'!$B$4:$B$640-1,1),8)*IF(OR($O48=\"Class_8\",$N48=\"Replacement8HHD\",$AI48=\"CL7HHD\"),INDEX('ER C8 FLT1'!$A$4:$J$640,MATCH(DropData!$J88&$C48,'ER C8 FLT1'!$A$4:$A$640&'ER C8 FLT1'!$B$4:$B$640-1,1),9)),I